{"text_format":"1","workbook":"xlsx","n_sheets":17,"sheets":["RESUMO (2)","PLANILHA ORÇAMENTÁRIA","COMPOSIÇÃO CIVIL","BANCO DE DADOS DEZ-24  SERV","BANCO DE DADOS DEZ-24 INS","COMPOSIÇÕES","COMP. HIDRO ","COMP. ELETRICO ","COMP. SPDA ","COMP. LOG","COMP. INC","M.C. FUNDAÇÃO","MEM. DE CALCULO","CRONOGRAMA (2)","BDI","L SOCIAIS","BDI "],"not_rendered":{"charts":0,"images":13,"macros":1,"external_links":28,"defined_names":381,"comments":0,"pivot_tables":0},"unopened":[],"bounds":{"document_bytes":16777216,"sheet_cells":100000,"rows_first":2000,"rows_last":500,"rows_between":2000,"halvings":0,"cell_chars":16384,"cell_head_chars":4096},"cells_cut":0,"cells_raw":0,"read":"whole","date_system":"1900"}

{"sheet":"RESUMO (2)","index":0,"n_rows":42,"n_cols":10,"rows_kept":42,"cut":false,"hidden":false,"merged":[[9,0,9,3],[33,0,33,3],[34,0,34,3],[35,0,35,3],[0,0,0,3],[1,0,1,3],[2,0,2,3],[4,0,4,3],[5,0,5,3],[6,0,6,3]]}
[]
["R.N.DIAS CONSULTORIA E PROJETO ME"]
["CNPJ: 40.600.695/0001-67"]
[]
["Objeto: “REFORMA E AMPLIAÇÃO CIRETRAN PEDRA PRETA - MT\""]
["Endereço:  RUA AMAMBAL, S/N - PEDRA PRETA - MT"]
["Cidade:  PEDRA PRETA - MT"]
["BDI:",0.22226164190779008]
["Referência:","FONTE SINAPI DEZEMBRO/2024 SEM DESONERAÇÃO","Período:","180 dias"]
["PLANILHA RESUMO DO ORÇAMENTO"]
[{"$f":"'PLANILHA ORÇAMENTÁRIA'!F25","v":"1.0"},"ADMINISTRAÇÃO OBRA",{"$f":"'PLANILHA ORÇAMENTÁRIA'!N25","v":52536.77},{"$f":"C11/$C$32","v":4.7412971970487383E-2}]
[{"$f":"'PLANILHA ORÇAMENTÁRIA'!F28","v":"2.0"},"SERVIÇOS PRELIMINARES",{"$f":"'PLANILHA ORÇAMENTÁRIA'!N28","v":17947.54},{"$f":"C12/$C$32","v":1.6197155077466718E-2}]
[{"$f":"'PLANILHA ORÇAMENTÁRIA'!F36","v":"3.0"},"DEMOLIÇÕES E RETIRADAS",{"$f":"'PLANILHA ORÇAMENTÁRIA'!N36","v":34809.099999999991},3.1414243445455285E-2]
[{"$f":"'PLANILHA ORÇAMENTÁRIA'!F53","v":"4.0"},"MOVIMENTO DE TERRA",{"$f":"'PLANILHA ORÇAMENTÁRIA'!N53","v":20161.499999999996},1.8195192326878513E-2]
[{"$f":"'PLANILHA ORÇAMENTÁRIA'!F67","v":"5.0"},"FUNDAÇÃO",{"$f":"'PLANILHA ORÇAMENTÁRIA'!N67","v":44412.05},4.0080638413855368E-2]
[{"$f":"'PLANILHA ORÇAMENTÁRIA'!F87","v":"6.0"},"ESTRUTURA",{"$f":"'PLANILHA ORÇAMENTÁRIA'!N87","v":76297.580000000016},6.8856441344909855E-2]
[{"$f":"'PLANILHA ORÇAMENTÁRIA'!F114","v":"7.0"},"IMPERMEABILIZAÇÃO",{"$f":"'PLANILHA ORÇAMENTÁRIA'!N114","v":6967.13},6.287640816227221E-3]
[{"$f":"'PLANILHA ORÇAMENTÁRIA'!F120","v":"8.0"},"ALVENARIA, FECHAMENTOS E DIVISÓRIAS",{"$f":"'PLANILHA ORÇAMENTÁRIA'!N120","v":42373.380000000005},3.8240795508266132E-2]
[{"$f":"'PLANILHA ORÇAMENTÁRIA'!F137","v":"9.0"},"ESQUADRIAS",{"$f":"'PLANILHA ORÇAMENTÁRIA'!N137","v":79636.800000000003},7.1869994409997223E-2]
[{"$f":"'PLANILHA ORÇAMENTÁRIA'!F166","v":"10.0"},"COBERTURA",{"$f":"'PLANILHA ORÇAMENTÁRIA'!N166","v":128017.41},0.11553214771415128]
[{"$f":"'PLANILHA ORÇAMENTÁRIA'!F175","v":"11.0"},"REVESTIMENTO",{"$f":"'PLANILHA ORÇAMENTÁRIA'!N175","v":50531.5},4.560327163483182E-2]
[{"$f":"'PLANILHA ORÇAMENTÁRIA'!F187","v":"12.0"},"PISOS",{"$f":"'PLANILHA ORÇAMENTÁRIA'!N187","v":212854.72},0.19209545758420132]
[{"$f":"'PLANILHA ORÇAMENTÁRIA'!F200","v":"13.0"},"FORRO",{"$f":"'PLANILHA ORÇAMENTÁRIA'!N200","v":20298.919999999998},1.8319210050240349E-2]
[{"$f":"'PLANILHA ORÇAMENTÁRIA'!F204","v":"14.0"},"INSTALAÇÕES HIDROSSANITÁRIAS",{"$f":"'PLANILHA ORÇAMENTÁRIA'!N204","v":95691.279999999984},8.635871555217535E-2]
[{"$f":"'PLANILHA ORÇAMENTÁRIA'!F313","v":"15.0"},"INSTALAÇÕES ELÉTRICAS",{"$f":"'PLANILHA ORÇAMENTÁRIA'!N313","v":97974.040000000037},8.8418842885761947E-2]
[{"$f":"'PLANILHA ORÇAMENTÁRIA'!F407","v":"16.0"},"SPDA",{"$f":"'PLANILHA ORÇAMENTÁRIA'!N407","v":36313.68},3.2772084998473422E-2]
[{"$f":"'PLANILHA ORÇAMENTÁRIA'!F433","v":"17.0"},"LÓGICA",{"$f":"'PLANILHA ORÇAMENTÁRIA'!N433","v":38552.15},3.4792241840372475E-2]
[{"$f":"'PLANILHA ORÇAMENTÁRIA'!F494","v":"18.0"},"PREVENÇÃO E COMBATE A INCÊNDIO",{"$f":"'PLANILHA ORÇAMENTÁRIA'!N494","v":1424},1.2851203468727528E-3]
[{"$f":"'PLANILHA ORÇAMENTÁRIA'!F503","v":"19.0"},"PINTURAS",{"$f":"'PLANILHA ORÇAMENTÁRIA'!N503","v":41643.81},3.7582378899089192E-2]
[{"$f":"'PLANILHA ORÇAMENTÁRIA'!F523","v":"20.0"},"ACESSIBILIDADE",{"$f":"'PLANILHA ORÇAMENTÁRIA'!N523","v":3450.72},3.1141787102252428E-3]
[{"$f":"'PLANILHA ORÇAMENTÁRIA'!F526","v":"21.0"},"SERVIÇOS COMPLEMENTARES",{"$f":"'PLANILHA ORÇAMENTÁRIA'!N526","v":6173.35},5.5712764700610318E-3]
[null,"TOTAL",{"$f":"SUM(C11+C12+C13+C14+C15+C16+C17+C18+C19+C20+C21+C22+C23+C24+C25+C26+C27+C28+C29+C30+C31)","v":1108067.4300000002},{"$f":"D11+D12+D13+D14+D15+D16+D17+D18+D19+D20+D21+D22+D23+D24+D25+D26+D27+D28+D29+D30+D31","v":0.99999999999999989}]
[null,null,null,null,null,null,null,null,null,{"$f":"C32/6","v":184677.90500000003}]
["ROGÉRIO NOGUEIRA DIAS"]
["Arquiteto, Urbanista, Especialista em Engenharia de Segurança do Trabalho"]
["CAU A76801-4"]
[]
[]
[]
[]
[]
[null,null,null,null,null,null,1073103.7200000004]

{"sheet":"PLANILHA ORÇAMENTÁRIA","index":1,"n_rows":546,"n_cols":17,"rows_kept":546,"cut":false,"hidden":false,"merged":[[536,5,536,13],[537,5,537,13],[538,5,538,13],[17,10,17,12],[21,5,22,5],[21,6,22,6],[21,7,22,7],[21,8,22,8],[21,9,22,9],[21,10,22,10],[21,11,21,12],[532,11,532,13],[20,5,20,13],[18,6,18,9],[33,5,33,13],[18,10,18,12],[535,5,535,13],[4,12,4,13],[5,12,5,13],[16,10,16,12],[15,5,15,9],[15,10,15,12],[7,10,7,12],[16,6,16,9],[4,8,5,11],[6,8,6,11],[19,5,19,13],[21,13,22,13],[9,5,9,13],[10,5,10,13]]}
[]
[null,null,null,null,null,null,null,null,null,null,null,null,null,null,null,null,"OUTROS"]
[null,null,null,null,null,null,null,null,null,null,null,null,null,null,"CAIXA","DESONERADO"]
[null,null,null,null,null,null,null,null,null,null,null,null,null,null,"OUTROS","NÃO DESONERADO"]
[null,null,null,null,null,null,null,null,"R.N.DIAS CONSULTORIA E PROJETO ME",null,null,null,"Ref.: Tabela de Serviços\nSINAPI (JUNHO/2024)"]
[null,null,null,null,null,null,null,null,null,null,null,null,"NÃO DESONERADO"]
[null,null,null,null,null,null,null,null,"CNPJ: 40.600.695/0001-67",null,null,null,"BDI",{"$f":"'BDI '!G31","v":0.2223}]
[null,null,null,null,null,null,null,null,null,null,"BDI DIFERENCIADO",null,null,{"$f":"#REF!","v":{"$error":"#REF!"}}]
[]
[null,null,null,null,null,"R.N.DIAS CONSULTORIA E PROJETO ME"]
[null,null,null,null,null,"CNPJ: 40.600.695/0001-67"]
[]
[]
[]
[]
[null,null,null,null,null,"DADOS DA OBRA"]
[null,null,null,null,null,"Objeto:","REFORMA E AMPLIAÇÃO CIRETRAN PEDRA PRETA",null,null,null,"Prazo de Execução:",null,null,"180 DIAS"]
[null,null,null,null,null,"Endereço","RUA AMAMBAL, S/N - PEDRA PRETA - MT",null,null,null,"BDI:",null,null,{"$f":"'BDI '!G31","v":0.2223}]
[null,null,null,null,null,"Cidade:","PEDRA PRETA - MT",null,null,null,"DATA:",null,null,{"$f":"TODAY()","v":"2025-01-28"}]
[null,null,null,null,null,"FONTE SINAPI DEZEMBRO/2024 SEM DESONERAÇÃO"]
[null,null,null,null,null,"PLANILHA ORÇAMENTÁRIA"]
[null,null,null,null,null,"ITEM","CÓDIGO","FONTE","DESCRIÇÃO DO SERVIÇO","UN.","QUANT.","PREÇO UNITÁRIO",null,"P. TOTAL"]
[null,null,null,null,null,null,null,null,null,null,null,"SEM BDI","COM BDI"]
[]
[{"$f":"IF(LEN(D25),OFFSET(A25,-1,0)+1,OFFSET(A25,-1,0))","v":1},{"$f":"IF(OR(C25=1,D25=1),SUMIF($A$25:A25,A25,$C$25:C25),\"\")","v":0},{"$f":"IF(G25>0,1,\"\")","v":""},{"$f":"IF(AND(CONCATENATE(G25,I25,J25,K25,L25,M25,N25)=I25&N25,CONCATENATE(G25,I25,J25,K25,L25,M25,N25)<>\"\",N25<>\"\"),1,\"\")","v":1},null,{"$f":"IF(B25<>\"\",A25&\".\"&B25,\"\")","v":"1.0"},null,null,"ADMINISTRAÇÃO OBRA",null,null,null,null,{"$f":"SUM(N26)","v":52536.77}]
[{"$f":"IF(LEN(D26),OFFSET(A26,-1,0)+1,OFFSET(A26,-1,0))","v":1},{"$f":"IF(OR(C26=1,D26=1),SUMIF($A$25:A26,A26,$C$25:C26),\"\")","v":1},{"$f":"IF(G26>0,1,\"\")","v":1},{"$f":"IF(AND(CONCATENATE(G26,I26,J26,K26,L26,M26,N26)=I26&N26,CONCATENATE(G26,I26,J26,K26,L26,M26,N26)<>\"\",N26<>\"\"),1,\"\")","v":""},null,"1.1",{"$f":"'COMPOSIÇÃO CIVIL'!$B$17","v":"CIV 001"},{"$f":"IF(G26>=\"AMM\",\"PRÓPRIO\",\"SINAPI\")","v":"PRÓPRIO"},{"$f":"'COMPOSIÇÃO CIVIL'!C17","v":"ADMINISTRAÇÃO LOCAL"},{"$f":"'COMPOSIÇÃO CIVIL'!G17","v":"UN"},1,{"$f":"'COMPOSIÇÃO CIVIL'!G25","v":42981.899999999994},{"$f":"IF($Q$2=\"OUTROS\",TRUNC(L26*(1+$N$7),2),ROUND(L26*(1+$N$7),2))","v":52536.77},{"$f":"IF($Q$2=\"OUTROS\",TRUNC(M26*K26,2),ROUND(M26*K26,2))","v":52536.77},null,{"$f":"'COMPOSIÇÃO CIVIL'!H30","v":"VIGIA DIURNO COM ENCARGOS COMPLEMENTARES: 8HR*2DIAS*4SEMANAS*6MESES ENCARREGADO GERAL COM ENCARGOS COMPLEMENTARES: 8HR*4DIAS*4SEMANAS*6MESES TÉCNICO EM SEGURANÇA DO TRABALHO COM ENCARGOS COMPLEMENTARES: 1HR*1DIAS*3SEMANAS*6MESES MESTRE DE OBRAS COM ENCARGOS COMPLEMENTARES: 2HR*3DIAS*4SEMANAS*6MESES ENGENHEIRO CIVIL DE OBRA JUNIOR COM ENCARGOS COMPLEMENTARES: 1HR*1DIAS*4SEMANAS*6MESES"},{"$f":"F26","v":"1.1"}]
[1,{"$f":"IF(OR(C27=1,D27=1),SUMIF($A$25:A27,A27,$C$25:C27),\"\")","v":""},"","",null,""]
[2,{"$f":"IF(OR(C28=1,D28=1),SUMIF($A$25:A28,A28,$C$25:C28),\"\")","v":0},"",1,null,"2.0",null,null,"SERVIÇOS PRELIMINARES",null,null,null,null,{"$f":"SUM(N29:N32)","v":17947.54}]
[2,{"$f":"IF(OR(C29=1,D29=1),SUMIF($A$25:A29,A29,$C$25:C29),\"\")","v":1},1,"",null,{"$f":"IF(B29<>\"\",A29&\".\"&B29,\"\")","v":"2.1"},103689,{"$f":"IF(G29>=\"AMM\",\"PRÓPRIO\",\"SINAPI\")","v":"SINAPI"},{"$f":"VLOOKUP($G29,IF(LEFT($G29,3)=\"AMM\",COMPOSIÇÕES!$B$1:$E$4233,'BANCO DE DADOS DEZ-24  SERV'!$B$2:$F$7984),2,FALSE)","v":"FORNECIMENTO E INSTALAÇÃO DE PLACA DE OBRA COM CHAPA GALVANIZADA E ESTRUTURA DE MADEIRA. AF_03/2022_PS"},{"$f":"VLOOKUP($G29,IF(LEFT($G29,3)=\"AMM\",COMPOSIÇÕES!$B$1:$E$4233,'BANCO DE DADOS DEZ-24  SERV'!$B$2:$F$7984),3,FALSE)","v":"M2"},{"$f":"5*2.5","v":12.5},{"$f":"VLOOKUP($G29,IF(LEFT($G29,3)=\"AMM\",COMPOSIÇÕES!$B$1:$E$4233,'BANCO DE DADOS DEZ-24  SERV'!$B$2:$F$7984),4,FALSE)","v":462.17},{"$f":"IF($Q$2=\"OUTROS\",TRUNC(L29*(1+$N$7),2),ROUND(L29*(1+$N$7),2))","v":564.91},{"$f":"IF($Q$2=\"OUTROS\",TRUNC(M29*K29,2),ROUND(M29*K29,2))","v":7061.37},null,"5*2,5",{"$f":"F29","v":"2.1"}]
[{"$f":"IF(LEN(D30),OFFSET(A30,-1,0)+1,OFFSET(A30,-1,0))","v":2},{"$f":"IF(OR(C30=1,D30=1),SUMIF($A$25:A30,A30,$C$25:C30),\"\")","v":""},{"$f":"IF(G30>0,1,\"\")","v":""},{"$f":"IF(AND(CONCATENATE(G30,I30,J30,K30,L30,M30,N30)=I30&N30,CONCATENATE(G30,I30,J30,K30,L30,M30,N30)<>\"\",N30<>\"\"),1,\"\")","v":""},null,"",null,null,"ATERRO"]
[2,{"$f":"IF(OR(C31=1,D31=1),SUMIF($A$25:A31,A31,$C$25:C31),\"\")","v":2},1,{"$f":"IF(AND(CONCATENATE(G31,I31,J31,K31,L31,M31,N31)=I31&N31,CONCATENATE(G31,I31,J31,K31,L31,M31,N31)<>\"\",N31<>\"\"),1,\"\")","v":""},null,"2.2",94342,{"$f":"IF(G31>=\"AMM\",\"PRÓPRIO\",\"SINAPI\")","v":"SINAPI"},{"$f":"VLOOKUP($G31,IF(LEFT($G31,3)=\"AMM\",COMPOSIÇÕES!$B$1:$E$4233,'BANCO DE DADOS DEZ-24  SERV'!$B$2:$F$7984),2,FALSE)","v":"ATERRO MANUAL DE VALAS COM AREIA PARA ATERRO. AF_08/2023"},{"$f":"VLOOKUP($G31,IF(LEFT($G31,3)=\"AMM\",COMPOSIÇÕES!$B$1:$E$4233,'BANCO DE DADOS DEZ-24  SERV'!$B$2:$F$7984),3,FALSE)","v":"M3"},{"$f":"TRUNC(246.47*0.3,2)","v":73.94},{"$f":"VLOOKUP($G31,IF(LEFT($G31,3)=\"AMM\",COMPOSIÇÕES!$B$1:$E$4233,'BANCO DE DADOS DEZ-24  SERV'!$B$2:$F$7984),4,FALSE)","v":114},{"$f":"IF($Q$2=\"OUTROS\",TRUNC(L31*(1+$N$7),2),ROUND(L31*(1+$N$7),2))","v":139.34},{"$f":"IF($Q$2=\"OUTROS\",TRUNC(M31*K31,2),ROUND(M31*K31,2))","v":10302.790000000001},null,"246,47*0,3",{"$f":"F31","v":"2.2"}]
[2,{"$f":"IF(OR(C32=1,D32=1),SUMIF($A$25:A32,A32,$C$25:C32),\"\")","v":3},1,{"$f":"IF(AND(CONCATENATE(G32,I32,J32,K32,L32,M32,N32)=I32&N32,CONCATENATE(G32,I32,J32,K32,L32,M32,N32)<>\"\",N32<>\"\"),1,\"\")","v":""},null,"2.3",96386,{"$f":"IF(G32>=\"AMM\",\"PRÓPRIO\",\"SINAPI\")","v":"SINAPI"},{"$f":"VLOOKUP($G32,IF(LEFT($G32,3)=\"AMM\",COMPOSIÇÕES!$B$1:$E$4233,'BANCO DE DADOS DEZ-24  SERV'!$B$2:$F$7984),2,FALSE)","v":"EXECUÇÃO E COMPACTAÇÃO DE CORPO DE ATERRO (95% DE ENERGIA DO PROCTOR NORMAL) COM SOLO PREDOMINANTEMENTE ARENOSO ESPESSURA 15CM - EXCLUSIVE MATERIAL, ESCAVAÇÃO, CARGA E TRANSPORTE. AF_09/2024"},{"$f":"VLOOKUP($G32,IF(LEFT($G32,3)=\"AMM\",COMPOSIÇÕES!$B$1:$E$4233,'BANCO DE DADOS DEZ-24  SERV'!$B$2:$F$7984),3,FALSE)","v":"M3"},{"$f":"K31","v":73.94},{"$f":"VLOOKUP($G32,IF(LEFT($G32,3)=\"AMM\",COMPOSIÇÕES!$B$1:$E$4233,'BANCO DE DADOS DEZ-24  SERV'!$B$2:$F$7984),4,FALSE)","v":6.46},{"$f":"IF($Q$2=\"OUTROS\",TRUNC(L32*(1+$N$7),2),ROUND(L32*(1+$N$7),2))","v":7.89},{"$f":"IF($Q$2=\"OUTROS\",TRUNC(M32*K32,2),ROUND(M32*K32,2))","v":583.38},null,"246,47*0,3",{"$f":"F32","v":"2.3"}]
[2,{"$f":"IF(OR(C33=1,D33=1),SUMIF($A$25:A33,A33,$C$25:C33),\"\")","v":""},"","",null,{"$f":"IF(B33<>\"\",A33&\".\"&B33,\"\")","v":""}]
[2,{"$f":"IF(OR(C34=1,D34=1),SUMIF($A$25:A34,A34,$C$25:C34),\"\")","v":""},"","",null,"DETRAN"]
[2,{"$f":"IF(OR(C35=1,D35=1),SUMIF($A$25:A35,A35,$C$25:C35),\"\")","v":""},"","",null,{"$f":"IF(B35<>\"\",A35&\".\"&B35,\"\")","v":""}]
[3,{"$f":"IF(OR(C36=1,D36=1),SUMIF($A$25:A36,A36,$C$25:C36),\"\")","v":0},"",1,null,"3.0",null,null,"DEMOLIÇÕES E RETIRADAS",null,null,null,null,{"$f":"SUM(N37:N51)","v":34809.099999999991}]
[3,{"$f":"IF(OR(C37=1,D37=1),SUMIF($A$25:A37,A37,$C$25:C37),\"\")","v":1},1,"",null,"3.1",97622,{"$f":"IF(G37>=\"AMM\",\"PRÓPRIO\",\"SINAPI\")","v":"SINAPI"},{"$f":"VLOOKUP($G37,IF(LEFT($G37,3)=\"AMM\",COMPOSIÇÕES!$B$1:$E$4233,'BANCO DE DADOS DEZ-24  SERV'!$B$2:$F$7984),2,FALSE)","v":"DEMOLIÇÃO DE ALVENARIA DE BLOCO FURADO, DE FORMA MANUAL, SEM REAPROVEITAMENTO. AF_09/2023"},{"$f":"VLOOKUP($G37,IF(LEFT($G37,3)=\"AMM\",COMPOSIÇÕES!$B$1:$E$4233,'BANCO DE DADOS DEZ-24  SERV'!$B$2:$F$7984),3,FALSE)","v":"M3"},{"$f":"13.6","v":13.6},{"$f":"VLOOKUP($G37,IF(LEFT($G37,3)=\"AMM\",COMPOSIÇÕES!$B$1:$E$4233,'BANCO DE DADOS DEZ-24  SERV'!$B$2:$F$7984),4,FALSE)","v":53.68},{"$f":"IF($Q$2=\"OUTROS\",TRUNC(L37*(1+$N$7),2),ROUND(L37*(1+$N$7),2))","v":65.61},{"$f":"IF($Q$2=\"OUTROS\",TRUNC(M37*K37,2),ROUND(M37*K37,2))","v":892.29},null,"CONFORME PROJETO ARQUITETÔNICO",{"$f":"F37","v":"3.1"}]
[3,{"$f":"IF(OR(C38=1,D38=1),SUMIF($A$25:A38,A38,$C$25:C38),\"\")","v":2},1,"",null,"3.2",97631,"SINAPI",{"$f":"VLOOKUP($G38,IF(LEFT($G38,3)=\"AMM\",COMPOSIÇÕES!$B$1:$E$4233,'BANCO DE DADOS DEZ-24  SERV'!$B$2:$F$7984),2,FALSE)","v":"DEMOLIÇÃO DE ARGAMASSAS, DE FORMA MANUAL, SEM REAPROVEITAMENTO. AF_09/2023"},{"$f":"VLOOKUP($G38,IF(LEFT($G38,3)=\"AMM\",COMPOSIÇÕES!$B$1:$E$4233,'BANCO DE DADOS DEZ-24  SERV'!$B$2:$F$7984),3,FALSE)","v":"M2"},16.62,{"$f":"VLOOKUP($G38,IF(LEFT($G38,3)=\"AMM\",COMPOSIÇÕES!$B$1:$E$4233,'BANCO DE DADOS DEZ-24  SERV'!$B$2:$F$7984),4,FALSE)","v":10.8},13.2,219.38,null,"CONFORME PROJETO ARQUITETÔNICO","3.2"]
[3,{"$f":"IF(OR(C39=1,D39=1),SUMIF($A$25:A39,A39,$C$25:C39),\"\")","v":3},1,"",null,"3.3",97634,"SINAPI",{"$f":"VLOOKUP($G39,IF(LEFT($G39,3)=\"AMM\",COMPOSIÇÕES!$B$1:$E$4233,'BANCO DE DADOS DEZ-24  SERV'!$B$2:$F$7984),2,FALSE)","v":"DEMOLIÇÃO DE REVESTIMENTO CERÂMICO, DE FORMA MECANIZADA COM MARTELETE, SEM REAPROVEITAMENTO. AF_09/2023"},{"$f":"VLOOKUP($G39,IF(LEFT($G39,3)=\"AMM\",COMPOSIÇÕES!$B$1:$E$4233,'BANCO DE DADOS DEZ-24  SERV'!$B$2:$F$7984),3,FALSE)","v":"M2"},{"$f":"117.89+197.93","v":315.82},{"$f":"VLOOKUP($G39,IF(LEFT($G39,3)=\"AMM\",COMPOSIÇÕES!$B$1:$E$4233,'BANCO DE DADOS DEZ-24  SERV'!$B$2:$F$7984),4,FALSE)","v":6.04},7.38,2330.75,null,"REVESTIMENTO CERÂMICO 117,89 M2 + PISO CERÂMICO 197,93 M2","3.3"]
[3,{"$f":"IF(OR(C40=1,D40=1),SUMIF($A$25:A40,A40,$C$25:C40),\"\")","v":4},1,"",null,"3.4",104790,"SINAPI",{"$f":"VLOOKUP($G40,IF(LEFT($G40,3)=\"AMM\",COMPOSIÇÕES!$B$1:$E$4233,'BANCO DE DADOS DEZ-24  SERV'!$B$2:$F$7984),2,FALSE)","v":"DEMOLIÇÃO DE PISO DE CONCRETO SIMPLES, DE FORMA MECANIZADA COM MARTELETE, SEM REAPROVEITAMENTO. AF_09/2023"},{"$f":"VLOOKUP($G40,IF(LEFT($G40,3)=\"AMM\",COMPOSIÇÕES!$B$1:$E$4233,'BANCO DE DADOS DEZ-24  SERV'!$B$2:$F$7984),3,FALSE)","v":"M3"},134.62,{"$f":"VLOOKUP($G40,IF(LEFT($G40,3)=\"AMM\",COMPOSIÇÕES!$B$1:$E$4233,'BANCO DE DADOS DEZ-24  SERV'!$B$2:$F$7984),4,FALSE)","v":102.77},125.61,16909.61,null,"DEMOLIÇÃO DE LASTRO DE CONCRETO ","3.4"]
[3,{"$f":"IF(OR(C41=1,D41=1),SUMIF($A$25:A41,A41,$C$25:C41),\"\")","v":5},1,"",null,"3.5",97640,"SINAPI",{"$f":"VLOOKUP($G41,IF(LEFT($G41,3)=\"AMM\",COMPOSIÇÕES!$B$1:$E$4233,'BANCO DE DADOS DEZ-24  SERV'!$B$2:$F$7984),2,FALSE)","v":"REMOÇÃO DE FORROS DE DRYWALL, PVC E FIBROMINERAL, DE FORMA MANUAL, SEM REAPROVEITAMENTO. AF_09/2023"},{"$f":"VLOOKUP($G41,IF(LEFT($G41,3)=\"AMM\",COMPOSIÇÕES!$B$1:$E$4233,'BANCO DE DADOS DEZ-24  SERV'!$B$2:$F$7984),3,FALSE)","v":"M2"},238.19,{"$f":"VLOOKUP($G41,IF(LEFT($G41,3)=\"AMM\",COMPOSIÇÕES!$B$1:$E$4233,'BANCO DE DADOS DEZ-24  SERV'!$B$2:$F$7984),4,FALSE)","v":1.82},2.2200000000000002,528.78,null,"CONFORME PROJETO ARQUITETÔNICO","3.5"]
[3,{"$f":"IF(OR(C42=1,D42=1),SUMIF($A$25:A42,A42,$C$25:C42),\"\")","v":6},1,"",null,"3.6",97644,"SINAPI",{"$f":"VLOOKUP($G42,IF(LEFT($G42,3)=\"AMM\",COMPOSIÇÕES!$B$1:$E$4233,'BANCO DE DADOS DEZ-24  SERV'!$B$2:$F$7984),2,FALSE)","v":"REMOÇÃO DE PORTAS, DE FORMA MANUAL, SEM REAPROVEITAMENTO. AF_09/2023"},{"$f":"VLOOKUP($G42,IF(LEFT($G42,3)=\"AMM\",COMPOSIÇÕES!$B$1:$E$4233,'BANCO DE DADOS DEZ-24  SERV'!$B$2:$F$7984),3,FALSE)","v":"M2"},{"$f":"TRUNC(1.26*3+1.47*2+1.68*1+1.68*5+1.89*1+2.1*1+1.85*1+4.24*1+7.4*1,2)","v":34.28},{"$f":"VLOOKUP($G42,IF(LEFT($G42,3)=\"AMM\",COMPOSIÇÕES!$B$1:$E$4233,'BANCO DE DADOS DEZ-24  SERV'!$B$2:$F$7984),4,FALSE)","v":9.02},11.02,377.76,null,"REMOÇÃO DAS PORTAS CONFORME QUADRO DE PORTAS - DEMOLIR (1,26*3+1,47*2+1,68*1+1,68*5+1,89*1+2,1*1+1,85*1+4,24*1+7,4*1)","3.6"]
[3,{"$f":"IF(OR(C43=1,D43=1),SUMIF($A$25:A43,A43,$C$25:C43),\"\")","v":7},1,"",null,"3.7",97645,"SINAPI",{"$f":"VLOOKUP($G43,IF(LEFT($G43,3)=\"AMM\",COMPOSIÇÕES!$B$1:$E$4233,'BANCO DE DADOS DEZ-24  SERV'!$B$2:$F$7984),2,FALSE)","v":"REMOÇÃO DE JANELAS, DE FORMA MANUAL, SEM REAPROVEITAMENTO. AF_09/2023"},{"$f":"VLOOKUP($G43,IF(LEFT($G43,3)=\"AMM\",COMPOSIÇÕES!$B$1:$E$4233,'BANCO DE DADOS DEZ-24  SERV'!$B$2:$F$7984),3,FALSE)","v":"M2"},{"$f":"TRUNC(0.36*4+1.1+0.72*3+2.2*4,2)","v":13.5},{"$f":"VLOOKUP($G43,IF(LEFT($G43,3)=\"AMM\",COMPOSIÇÕES!$B$1:$E$4233,'BANCO DE DADOS DEZ-24  SERV'!$B$2:$F$7984),4,FALSE)","v":23.31},28.49,384.61,null,"REMOÇÃO DAS JANELAS CONFORME QUADRO DE JANELAS - DEMOLIR (0,36*4+1,1+0,72*3+2,2*4)","3.7"]
[3,{"$f":"IF(OR(C44=1,D44=1),SUMIF($A$25:A44,A44,$C$25:C44),\"\")","v":8},1,"",null,"3.8",97649,"SINAPI",{"$f":"VLOOKUP($G44,IF(LEFT($G44,3)=\"AMM\",COMPOSIÇÕES!$B$1:$E$4233,'BANCO DE DADOS DEZ-24  SERV'!$B$2:$F$7984),2,FALSE)","v":"REMOÇÃO DE TELHAS DE FIBROCIMENTO, METÁLICA E CERÂMICA, DE FORMA MECANIZADA, COM USO DE GUINDASTE, SEM REAPROVEITAMENTO. AF_09/2023"},{"$f":"VLOOKUP($G44,IF(LEFT($G44,3)=\"AMM\",COMPOSIÇÕES!$B$1:$E$4233,'BANCO DE DADOS DEZ-24  SERV'!$B$2:$F$7984),3,FALSE)","v":"M2"},{"$f":"TRUNC((6.9*8.75)+(10.8*17.15)+(2.43*4),2)","v":255.31},{"$f":"VLOOKUP($G44,IF(LEFT($G44,3)=\"AMM\",COMPOSIÇÕES!$B$1:$E$4233,'BANCO DE DADOS DEZ-24  SERV'!$B$2:$F$7984),4,FALSE)","v":4.3099999999999996},5.26,1342.93,null,"DEMOLIÇÃO DAS TELHAS DE FIBROCIMENTO E DAS TELHAS METÁLICAS ((6,9*8,75)+(10,8*17,15)+(2,43*4))","3.8"]
[3,{"$f":"IF(OR(C45=1,D45=1),SUMIF($A$25:A45,A45,$C$25:C45),\"\")","v":9},1,"",null,"3.9",97650,"SINAPI",{"$f":"VLOOKUP($G45,IF(LEFT($G45,3)=\"AMM\",COMPOSIÇÕES!$B$1:$E$4233,'BANCO DE DADOS DEZ-24  SERV'!$B$2:$F$7984),2,FALSE)","v":"REMOÇÃO DE TRAMA DE MADEIRA PARA COBERTURA, DE FORMA MANUAL, SEM REAPROVEITAMENTO. AF_09/2023"},{"$f":"VLOOKUP($G45,IF(LEFT($G45,3)=\"AMM\",COMPOSIÇÕES!$B$1:$E$4233,'BANCO DE DADOS DEZ-24  SERV'!$B$2:$F$7984),3,FALSE)","v":"M2"},{"$f":"K44","v":255.31},{"$f":"VLOOKUP($G45,IF(LEFT($G45,3)=\"AMM\",COMPOSIÇÕES!$B$1:$E$4233,'BANCO DE DADOS DEZ-24  SERV'!$B$2:$F$7984),4,FALSE)","v":7.24},8.84,2256.94,null,"ÁREA DE COBERTURA ((6,9*8,75)+(10,8*17,15)+(2,43*4))","3.9"]
[3,{"$f":"IF(OR(C46=1,D46=1),SUMIF($A$25:A46,A46,$C$25:C46),\"\")","v":10},1,"",null,"3.10",104803,"SINAPI",{"$f":"VLOOKUP($G46,IF(LEFT($G46,3)=\"AMM\",COMPOSIÇÕES!$B$1:$E$4233,'BANCO DE DADOS DEZ-24  SERV'!$B$2:$F$7984),2,FALSE)","v":"REMOÇÃO CALHAS E RUFOS, DE FORMA MANUAL, SEM REAPROVEITAMENTO. AF_09/2023"},{"$f":"VLOOKUP($G46,IF(LEFT($G46,3)=\"AMM\",COMPOSIÇÕES!$B$1:$E$4233,'BANCO DE DADOS DEZ-24  SERV'!$B$2:$F$7984),3,FALSE)","v":"M"},{"$f":"TRUNC(8.75*2+17.15*2,2)","v":51.8},{"$f":"VLOOKUP($G46,IF(LEFT($G46,3)=\"AMM\",COMPOSIÇÕES!$B$1:$E$4233,'BANCO DE DADOS DEZ-24  SERV'!$B$2:$F$7984),4,FALSE)","v":4.32},5.28,273.5,null,"8,75*2+17,15*2 - REMOÇÃO DE CALHAS","3.10"]
[3,{"$f":"IF(OR(C47=1,D47=1),SUMIF($A$25:A47,A47,$C$25:C47),\"\")","v":11},1,"",null,"3.11",97663,"SINAPI",{"$f":"VLOOKUP($G47,IF(LEFT($G47,3)=\"AMM\",COMPOSIÇÕES!$B$1:$E$4233,'BANCO DE DADOS DEZ-24  SERV'!$B$2:$F$7984),2,FALSE)","v":"REMOÇÃO DE LOUÇAS, DE FORMA MANUAL, SEM REAPROVEITAMENTO. AF_09/2023"},{"$f":"VLOOKUP($G47,IF(LEFT($G47,3)=\"AMM\",COMPOSIÇÕES!$B$1:$E$4233,'BANCO DE DADOS DEZ-24  SERV'!$B$2:$F$7984),3,FALSE)","v":"UN"},{"$f":"4+4+1+1","v":10},{"$f":"VLOOKUP($G47,IF(LEFT($G47,3)=\"AMM\",COMPOSIÇÕES!$B$1:$E$4233,'BANCO DE DADOS DEZ-24  SERV'!$B$2:$F$7984),4,FALSE)","v":12.01},14.67,146.69999999999999,null,"4 BACIAS SANITÁRIAS + 4 PIAS DE BANHEIRO + 1 PIA DE LAVANDERIA + 1 BANCADA DE COZINHA","3.11"]
[3,{"$f":"IF(OR(C48=1,D48=1),SUMIF($A$25:A48,A48,$C$25:C48),\"\")","v":12},1,"",null,"3.12",97664,"SINAPI",{"$f":"VLOOKUP($G48,IF(LEFT($G48,3)=\"AMM\",COMPOSIÇÕES!$B$1:$E$4233,'BANCO DE DADOS DEZ-24  SERV'!$B$2:$F$7984),2,FALSE)","v":"REMOÇÃO DE ACESSÓRIOS, DE FORMA MANUAL, SEM REAPROVEITAMENTO. AF_09/2023"},{"$f":"VLOOKUP($G48,IF(LEFT($G48,3)=\"AMM\",COMPOSIÇÕES!$B$1:$E$4233,'BANCO DE DADOS DEZ-24  SERV'!$B$2:$F$7984),3,FALSE)","v":"UN"},2,{"$f":"VLOOKUP($G48,IF(LEFT($G48,3)=\"AMM\",COMPOSIÇÕES!$B$1:$E$4233,'BANCO DE DADOS DEZ-24  SERV'!$B$2:$F$7984),4,FALSE)","v":1.5},1.83,3.66,null,"2 BARRAS DE APOIO - WC PCD","3.12"]
[3,{"$f":"IF(OR(C49=1,D49=1),SUMIF($A$25:A49,A49,$C$25:C49),\"\")","v":13},1,"",null,"3.13",97666,"SINAPI",{"$f":"VLOOKUP($G49,IF(LEFT($G49,3)=\"AMM\",COMPOSIÇÕES!$B$1:$E$4233,'BANCO DE DADOS DEZ-24  SERV'!$B$2:$F$7984),2,FALSE)","v":"REMOÇÃO DE METAIS SANITÁRIOS, DE FORMA MANUAL, SEM REAPROVEITAMENTO. AF_09/2023"},{"$f":"VLOOKUP($G49,IF(LEFT($G49,3)=\"AMM\",COMPOSIÇÕES!$B$1:$E$4233,'BANCO DE DADOS DEZ-24  SERV'!$B$2:$F$7984),3,FALSE)","v":"UN"},2,{"$f":"VLOOKUP($G49,IF(LEFT($G49,3)=\"AMM\",COMPOSIÇÕES!$B$1:$E$4233,'BANCO DE DADOS DEZ-24  SERV'!$B$2:$F$7984),4,FALSE)","v":8.75},10.69,21.38,null,"2 CHUVEIROS ","3.13"]
[3,{"$f":"IF(OR(C50=1,D50=1),SUMIF($A$25:A50,A50,$C$25:C50),\"\")","v":14},1,"",null,"3.14",{"$f":"'COMPOSIÇÃO CIVIL'!B36","v":"CIV 002"},{"$f":"IF(G50>=\"AMM\",\"PRÓPRIO\",\"SINAPI\")","v":"PRÓPRIO"},{"$f":"'COMPOSIÇÃO CIVIL'!C36","v":"DEMOLIÇÃO DE PISO DE ALTA RESISTÊNCIA"},{"$f":"'COMPOSIÇÃO CIVIL'!G36","v":"M2"},{"$f":"310.22","v":310.22000000000003},{"$f":"'COMPOSIÇÃO CIVIL'!G41","v":22.88},27.96,{"$f":"IF($Q$2=\"OUTROS\",TRUNC(M50*K50,2),ROUND(M50*K50,2))","v":8673.75},null,"DEMOLIÇÃO DE CALÇADA EM CONCRETO ",{"$f":"F50","v":"3.14"}]
[3,{"$f":"IF(OR(C51=1,D51=1),SUMIF($A$25:A51,A51,$C$25:C51),\"\")","v":15},1,"",null,"3.15",{"$f":"'COMPOSIÇÃO CIVIL'!B43","v":"CIV 003"},"PRÓPRIO",{"$f":"'COMPOSIÇÃO CIVIL'!C43","v":"REMOÇÃO DE ESTRUTURA METÁLICA CHUMBADA EM CONCRETO (ALAMBRADO, GUARDA-CORPO)"},{"$f":"'COMPOSIÇÃO CIVIL'!G43","v":"M2"},6,{"$f":"'COMPOSIÇÃO CIVIL'!G47","v":60.96},74.510000000000005,447.06,null,"REMOÇÃO DA ESTRUTURA METÁLICA COM REVESTIMENTO EM ACM","3.15"]
[3,{"$f":"IF(OR(C52=1,D52=1),SUMIF($A$25:A52,A52,$C$25:C52),\"\")","v":""},"","",null,{"$f":"IF(B52<>\"\",A52&\".\"&B52,\"\")","v":""}]
[4,{"$f":"IF(OR(C53=1,D53=1),SUMIF($A$25:A53,A53,$C$25:C53),\"\")","v":0},"",1,null,{"$f":"IF(B53<>\"\",A53&\".\"&B53,\"\")","v":"4.0"},null,null,"MOVIMENTO DE TERRA",null,null,null,null,{"$f":"SUM(N55:N65)","v":20161.499999999996}]
[4,{"$f":"IF(OR(C54=1,D54=1),SUMIF($A$25:A54,A54,$C$25:C54),\"\")","v":""},"","",null,"",null,null,"SAPATA OU BLOCO"]
[4,{"$f":"IF(OR(C55=1,D55=1),SUMIF($A$25:A55,A55,$C$25:C55),\"\")","v":1},1,"",null,"4.1",96523,{"$f":"IF(G55>=\"AMM\",\"PRÓPRIO\",\"SINAPI\")","v":"SINAPI"},{"$f":"VLOOKUP($G55,IF(LEFT($G55,3)=\"AMM\",COMPOSIÇÕES!$B$1:$E$4233,'BANCO DE DADOS DEZ-24  SERV'!$B$2:$F$7984),2,FALSE)","v":"ESCAVAÇÃO MANUAL PARA BLOCO DE COROAMENTO OU SAPATA (INCLUINDO ESCAVAÇÃO PARA COLOCAÇÃO DE FÔRMAS). AF_01/2024"},{"$f":"VLOOKUP($G55,IF(LEFT($G55,3)=\"AMM\",COMPOSIÇÕES!$B$1:$E$4233,'BANCO DE DADOS DEZ-24  SERV'!$B$2:$F$7984),3,FALSE)","v":"M3"},{"$f":"'M.C. FUNDAÇÃO'!K20","v":84.12},{"$f":"VLOOKUP($G55,IF(LEFT($G55,3)=\"AMM\",COMPOSIÇÕES!$B$1:$E$4233,'BANCO DE DADOS DEZ-24  SERV'!$B$2:$F$7984),4,FALSE)","v":88.26},{"$f":"IF($Q$2=\"OUTROS\",TRUNC(L55*(1+$N$7),2),ROUND(L55*(1+$N$7),2))","v":107.88},{"$f":"IF($Q$2=\"OUTROS\",TRUNC(M55*K55,2),ROUND(M55*K55,2))","v":9074.86},null,"CONFORME MEMORIAL DE CALCULO FUNDAÇÃO",{"$f":"F55","v":"4.1"}]
[4,{"$f":"IF(OR(C56=1,D56=1),SUMIF($A$25:A56,A56,$C$25:C56),\"\")","v":2},1,"",null,"4.2",104737,{"$f":"IF(G56>=\"AMM\",\"PRÓPRIO\",\"SINAPI\")","v":"SINAPI"},{"$f":"VLOOKUP($G56,IF(LEFT($G56,3)=\"AMM\",COMPOSIÇÕES!$B$1:$E$4233,'BANCO DE DADOS DEZ-24  SERV'!$B$2:$F$7984),2,FALSE)","v":"REATERRO MANUAL DE VALAS, COM PLACA VIBRATÓRIA. AF_08/2023"},{"$f":"VLOOKUP($G56,IF(LEFT($G56,3)=\"AMM\",COMPOSIÇÕES!$B$1:$E$4233,'BANCO DE DADOS DEZ-24  SERV'!$B$2:$F$7984),3,FALSE)","v":"M3"},{"$f":"TRUNC(K55-K70,2)","v":79.31},{"$f":"VLOOKUP($G56,IF(LEFT($G56,3)=\"AMM\",COMPOSIÇÕES!$B$1:$E$4233,'BANCO DE DADOS DEZ-24  SERV'!$B$2:$F$7984),4,FALSE)","v":20.67},{"$f":"IF($Q$2=\"OUTROS\",TRUNC(L56*(1+$N$7),2),ROUND(L56*(1+$N$7),2))","v":25.26},{"$f":"IF($Q$2=\"OUTROS\",TRUNC(M56*K56,2),ROUND(M56*K56,2))","v":2003.37},null,"[VOLUME DE ESCAVAÇÃO SAPATA OU BLOCO] - [VOLUME DE CONCRETO SAPATA OU BLOCO]",{"$f":"F56","v":"4.2"}]
[4,{"$f":"IF(OR(C57=1,D57=1),SUMIF($A$25:A57,A57,$C$25:C57),\"\")","v":3},1,"",null,"4.3",101616,{"$f":"IF(G57>=\"AMM\",\"PRÓPRIO\",\"SINAPI\")","v":"SINAPI"},{"$f":"VLOOKUP($G57,IF(LEFT($G57,3)=\"AMM\",COMPOSIÇÕES!$B$1:$E$4233,'BANCO DE DADOS DEZ-24  SERV'!$B$2:$F$7984),2,FALSE)","v":"PREPARO DE FUNDO DE VALA COM LARGURA MENOR QUE 1,5 M (ACERTO DO SOLO NATURAL). AF_08/2020"},{"$f":"VLOOKUP($G57,IF(LEFT($G57,3)=\"AMM\",COMPOSIÇÕES!$B$1:$E$4233,'BANCO DE DADOS DEZ-24  SERV'!$B$2:$F$7984),3,FALSE)","v":"M2"},{"$f":"'M.C. FUNDAÇÃO'!L20","v":20.260000000000002},{"$f":"VLOOKUP($G57,IF(LEFT($G57,3)=\"AMM\",COMPOSIÇÕES!$B$1:$E$4233,'BANCO DE DADOS DEZ-24  SERV'!$B$2:$F$7984),4,FALSE)","v":5.9},{"$f":"IF($Q$2=\"OUTROS\",TRUNC(L57*(1+$N$7),2),ROUND(L57*(1+$N$7),2))","v":7.21},{"$f":"IF($Q$2=\"OUTROS\",TRUNC(M57*K57,2),ROUND(M57*K57,2))","v":146.07},null,"CONFORME MEMORIAL DE CALCULO FUNDAÇÃO",{"$f":"F57","v":"4.3"}]
[4,{"$f":"IF(OR(C58=1,D58=1),SUMIF($A$25:A58,A58,$C$25:C58),\"\")","v":""},"","",null,"",null,null,"VIGA BALDRAME"]
[4,{"$f":"IF(OR(C59=1,D59=1),SUMIF($A$25:A59,A59,$C$25:C59),\"\")","v":4},1,"",null,"4.4",96527,{"$f":"IF(G59>=\"AMM\",\"PRÓPRIO\",\"SINAPI\")","v":"SINAPI"},{"$f":"VLOOKUP($G59,IF(LEFT($G59,3)=\"AMM\",COMPOSIÇÕES!$B$1:$E$4233,'BANCO DE DADOS DEZ-24  SERV'!$B$2:$F$7984),2,FALSE)","v":"ESCAVAÇÃO MANUAL PARA VIGA BALDRAME OU SAPATA CORRIDA (INCLUINDO ESCAVAÇÃO PARA COLOCAÇÃO DE FÔRMAS). AF_01/2024"},{"$f":"VLOOKUP($G59,IF(LEFT($G59,3)=\"AMM\",COMPOSIÇÕES!$B$1:$E$4233,'BANCO DE DADOS DEZ-24  SERV'!$B$2:$F$7984),3,FALSE)","v":"M3"},{"$f":"TRUNC(O59*(0.15+0.4)*0.45,2)","v":12.39},{"$f":"VLOOKUP($G59,IF(LEFT($G59,3)=\"AMM\",COMPOSIÇÕES!$B$1:$E$4233,'BANCO DE DADOS DEZ-24  SERV'!$B$2:$F$7984),4,FALSE)","v":97.14},{"$f":"IF($Q$2=\"OUTROS\",TRUNC(L59*(1+$N$7),2),ROUND(L59*(1+$N$7),2))","v":118.73},{"$f":"IF($Q$2=\"OUTROS\",TRUNC(M59*K59,2),ROUND(M59*K59,2))","v":1471.06},50.09,{"$f":"CONCATENATE(O59,\"*(0,15+0,4)*0,45  -  COMPRIMENTO TOTAL DAS VIGAS BALDRAMES * ( LARGURA DA VIGA + 40 CM, SENDO 20CM DE CADA LADO PARA COLOCAÇÃO DAS FÔRMAS) * ALTURA DA VIGA\")","v":"50,09*(0,15+0,4)*0,45  -  COMPRIMENTO TOTAL DAS VIGAS BALDRAMES * ( LARGURA DA VIGA + 40 CM, SENDO 20CM DE CADA LADO PARA COLOCAÇÃO DAS FÔRMAS) * ALTURA DA VIGA"},{"$f":"F59","v":"4.4"}]
[4,{"$f":"IF(OR(C60=1,D60=1),SUMIF($A$25:A60,A60,$C$25:C60),\"\")","v":5},1,"",null,"4.5",104737,{"$f":"IF(G60>=\"AMM\",\"PRÓPRIO\",\"SINAPI\")","v":"SINAPI"},{"$f":"VLOOKUP($G60,IF(LEFT($G60,3)=\"AMM\",COMPOSIÇÕES!$B$1:$E$4233,'BANCO DE DADOS DEZ-24  SERV'!$B$2:$F$7984),2,FALSE)","v":"REATERRO MANUAL DE VALAS, COM PLACA VIBRATÓRIA. AF_08/2023"},{"$f":"VLOOKUP($G60,IF(LEFT($G60,3)=\"AMM\",COMPOSIÇÕES!$B$1:$E$4233,'BANCO DE DADOS DEZ-24  SERV'!$B$2:$F$7984),3,FALSE)","v":"M3"},{"$f":"TRUNC(K59-K78,2)","v":4.25},{"$f":"VLOOKUP($G60,IF(LEFT($G60,3)=\"AMM\",COMPOSIÇÕES!$B$1:$E$4233,'BANCO DE DADOS DEZ-24  SERV'!$B$2:$F$7984),4,FALSE)","v":20.67},{"$f":"IF($Q$2=\"OUTROS\",TRUNC(L60*(1+$N$7),2),ROUND(L60*(1+$N$7),2))","v":25.26},{"$f":"IF($Q$2=\"OUTROS\",TRUNC(M60*K60,2),ROUND(M60*K60,2))","v":107.35},null,"[VOLUME DE ESCAVAÇÃO BALDRAME] - [VOLUME DE CONCRETO VIGAS BALDRAMES]",{"$f":"F60","v":"4.5"}]
[4,{"$f":"IF(OR(C61=1,D61=1),SUMIF($A$25:A61,A61,$C$25:C61),\"\")","v":6},1,"",null,"4.6",101616,{"$f":"IF(G61>=\"AMM\",\"PRÓPRIO\",\"SINAPI\")","v":"SINAPI"},{"$f":"VLOOKUP($G61,IF(LEFT($G61,3)=\"AMM\",COMPOSIÇÕES!$B$1:$E$4233,'BANCO DE DADOS DEZ-24  SERV'!$B$2:$F$7984),2,FALSE)","v":"PREPARO DE FUNDO DE VALA COM LARGURA MENOR QUE 1,5 M (ACERTO DO SOLO NATURAL). AF_08/2020"},{"$f":"VLOOKUP($G61,IF(LEFT($G61,3)=\"AMM\",COMPOSIÇÕES!$B$1:$E$4233,'BANCO DE DADOS DEZ-24  SERV'!$B$2:$F$7984),3,FALSE)","v":"M2"},{"$f":"TRUNC(O59*0.15,2)","v":7.51},{"$f":"VLOOKUP($G61,IF(LEFT($G61,3)=\"AMM\",COMPOSIÇÕES!$B$1:$E$4233,'BANCO DE DADOS DEZ-24  SERV'!$B$2:$F$7984),4,FALSE)","v":5.9},{"$f":"IF($Q$2=\"OUTROS\",TRUNC(L61*(1+$N$7),2),ROUND(L61*(1+$N$7),2))","v":7.21},{"$f":"IF($Q$2=\"OUTROS\",TRUNC(M61*K61,2),ROUND(M61*K61,2))","v":54.14},null,{"$f":"CONCATENATE(O59,\"*0,15  -  COMPRIMENTO TOTAL DAS VIGAS BALDRAMES * LARGURA\")","v":"50,09*0,15  -  COMPRIMENTO TOTAL DAS VIGAS BALDRAMES * LARGURA"},{"$f":"F61","v":"4.6"}]
[4,{"$f":"IF(OR(C62=1,D62=1),SUMIF($A$25:A62,A62,$C$25:C62),\"\")","v":""},"","",null,{"$f":"IF(B62<>\"\",A62&\".\"&B62,\"\")","v":""},null,null,"FOSSO"]
[4,{"$f":"IF(OR(C63=1,D63=1),SUMIF($A$25:A63,A63,$C$25:C63),\"\")","v":7},1,{"$f":"IF(AND(CONCATENATE(G63,I63,J63,K63,L63,M63,N63)=I63&N63,CONCATENATE(G63,I63,J63,K63,L63,M63,N63)<>\"\",N63<>\"\"),1,\"\")","v":""},null,"4.7",96526,{"$f":"IF(G63>=\"AMM\",\"PRÓPRIO\",\"SINAPI\")","v":"SINAPI"},{"$f":"VLOOKUP($G63,IF(LEFT($G63,3)=\"AMM\",COMPOSIÇÕES!$B$1:$E$4233,'BANCO DE DADOS DEZ-24  SERV'!$B$2:$F$7984),2,FALSE)","v":"ESCAVAÇÃO MANUAL PARA VIGA BALDRAME OU SAPATA CORRIDA (SEM ESCAVAÇÃO PARA COLOCAÇÃO DE FÔRMAS). AF_01/2024"},{"$f":"VLOOKUP($G63,IF(LEFT($G63,3)=\"AMM\",COMPOSIÇÕES!$B$1:$E$4233,'BANCO DE DADOS DEZ-24  SERV'!$B$2:$F$7984),3,FALSE)","v":"M3"},{"$f":"TRUNC(1.85*(2*(0.4+0.7+0.2+0.2+0.4+0.2+3.48+0.2+2.32+0.2)),2)","v":30.71},{"$f":"VLOOKUP($G63,IF(LEFT($G63,3)=\"AMM\",COMPOSIÇÕES!$B$1:$E$4233,'BANCO DE DADOS DEZ-24  SERV'!$B$2:$F$7984),4,FALSE)","v":190.65},{"$f":"IF($Q$2=\"OUTROS\",TRUNC(L63*(1+$N$7),2),ROUND(L63*(1+$N$7),2))","v":233.03},{"$f":"IF($Q$2=\"OUTROS\",TRUNC(M63*K63,2),ROUND(M63*K63,2))","v":7156.35},null,"1,85*(2*(0,4+0,7+0,2+0,2+0,4+0,2+3,48+0,2+2,32+0,2))",{"$f":"F63","v":"4.7"}]
[4,{"$f":"IF(OR(C64=1,D64=1),SUMIF($A$25:A64,A64,$C$25:C64),\"\")","v":8},1,"",null,{"$f":"IF(B64<>\"\",A64&\".\"&B64,\"\")","v":"4.8"},104737,{"$f":"IF(G64>=\"AMM\",\"PRÓPRIO\",\"SINAPI\")","v":"SINAPI"},{"$f":"VLOOKUP($G64,IF(LEFT($G64,3)=\"AMM\",COMPOSIÇÕES!$B$1:$E$4233,'BANCO DE DADOS DEZ-24  SERV'!$B$2:$F$7984),2,FALSE)","v":"REATERRO MANUAL DE VALAS, COM PLACA VIBRATÓRIA. AF_08/2023"},{"$f":"VLOOKUP($G64,IF(LEFT($G64,3)=\"AMM\",COMPOSIÇÕES!$B$1:$E$4233,'BANCO DE DADOS DEZ-24  SERV'!$B$2:$F$7984),3,FALSE)","v":"M3"},{"$f":"TRUNC(1.85*(2*(0.4+0.7+0.2+0.2+0.4+0.2+3.48+0.2+2.32+0.2))-1.85*(2*(0.7+0.2+0.2+0.2+3.48+0.2+2.32+0.2)),2)","v":2.96},{"$f":"VLOOKUP($G64,IF(LEFT($G64,3)=\"AMM\",COMPOSIÇÕES!$B$1:$E$4233,'BANCO DE DADOS DEZ-24  SERV'!$B$2:$F$7984),4,FALSE)","v":20.67},{"$f":"IF($Q$2=\"OUTROS\",TRUNC(L64*(1+$N$7),2),ROUND(L64*(1+$N$7),2))","v":25.26},{"$f":"IF($Q$2=\"OUTROS\",TRUNC(M64*K64,2),ROUND(M64*K64,2))","v":74.760000000000005},null,"1,85*(2*(0,4+0,7+0,2+0,2+0,4+0,2+3,48+0,2+2,32+0,2))-1,85*(2*(0,7+0,2+0,2+0,2+3,48+0,2+2,32+0,2))",{"$f":"F64","v":"4.8"}]
[4,{"$f":"IF(OR(C65=1,D65=1),SUMIF($A$25:A65,A65,$C$25:C65),\"\")","v":9},1,{"$f":"IF(AND(CONCATENATE(G65,I65,J65,K65,L65,M65,N65)=I65&N65,CONCATENATE(G65,I65,J65,K65,L65,M65,N65)<>\"\",N65<>\"\"),1,\"\")","v":""},null,"4.9",101616,{"$f":"IF(G65>=\"AMM\",\"PRÓPRIO\",\"SINAPI\")","v":"SINAPI"},{"$f":"VLOOKUP($G65,IF(LEFT($G65,3)=\"AMM\",COMPOSIÇÕES!$B$1:$E$4233,'BANCO DE DADOS DEZ-24  SERV'!$B$2:$F$7984),2,FALSE)","v":"PREPARO DE FUNDO DE VALA COM LARGURA MENOR QUE 1,5 M (ACERTO DO SOLO NATURAL). AF_08/2020"},{"$f":"VLOOKUP($G65,IF(LEFT($G65,3)=\"AMM\",COMPOSIÇÕES!$B$1:$E$4233,'BANCO DE DADOS DEZ-24  SERV'!$B$2:$F$7984),3,FALSE)","v":"M2"},{"$f":"TRUNC((0.4+0.7+0.2+0.2)*(0.4+0.2+3.48+0.2+2.32+0.2),2)","v":10.199999999999999},{"$f":"VLOOKUP($G65,IF(LEFT($G65,3)=\"AMM\",COMPOSIÇÕES!$B$1:$E$4233,'BANCO DE DADOS DEZ-24  SERV'!$B$2:$F$7984),4,FALSE)","v":5.9},{"$f":"IF($Q$2=\"OUTROS\",TRUNC(L65*(1+$N$7),2),ROUND(L65*(1+$N$7),2))","v":7.21},{"$f":"IF($Q$2=\"OUTROS\",TRUNC(M65*K65,2),ROUND(M65*K65,2))","v":73.540000000000006},null,"(0,4+0,7+0,2+0,2)*(0,4+0,2+3,48+0,2+2,32+0,2)",{"$f":"F65","v":"4.9"}]
[4,{"$f":"IF(OR(C66=1,D66=1),SUMIF($A$25:A66,A66,$C$25:C66),\"\")","v":""},"","",null,""]
[5,{"$f":"IF(OR(C67=1,D67=1),SUMIF($A$25:A67,A67,$C$25:C67),\"\")","v":0},"",1,null,"5.0",null,null,"FUNDAÇÃO",null,null,null,null,{"$f":"SUM(N68:N85)","v":44412.05}]
[5,{"$f":"IF(OR(C68=1,D68=1),SUMIF($A$25:A68,A68,$C$25:C68),\"\")","v":""},"","",null,"",null,null,"SAPATA"]
[5,{"$f":"IF(OR(C69=1,D69=1),SUMIF($A$25:A69,A69,$C$25:C69),\"\")","v":1},1,"",null,"5.1",96619,{"$f":"IF(G69>=\"AMM\",\"PRÓPRIO\",\"SINAPI\")","v":"SINAPI"},{"$f":"VLOOKUP($G69,IF(LEFT($G69,3)=\"AMM\",COMPOSIÇÕES!$B$1:$E$4233,'BANCO DE DADOS DEZ-24  SERV'!$B$2:$F$7984),2,FALSE)","v":"LASTRO DE CONCRETO MAGRO, APLICADO EM BLOCOS DE COROAMENTO OU SAPATAS, ESPESSURA DE 5 CM. AF_01/2024"},{"$f":"VLOOKUP($G69,IF(LEFT($G69,3)=\"AMM\",COMPOSIÇÕES!$B$1:$E$4233,'BANCO DE DADOS DEZ-24  SERV'!$B$2:$F$7984),3,FALSE)","v":"M2"},{"$f":"K57","v":20.260000000000002},{"$f":"VLOOKUP($G69,IF(LEFT($G69,3)=\"AMM\",COMPOSIÇÕES!$B$1:$E$4233,'BANCO DE DADOS DEZ-24  SERV'!$B$2:$F$7984),4,FALSE)","v":44.18},{"$f":"IF($Q$2=\"OUTROS\",TRUNC(L69*(1+$N$7),2),ROUND(L69*(1+$N$7),2))","v":54},{"$f":"IF($Q$2=\"OUTROS\",TRUNC(M69*K69,2),ROUND(M69*K69,2))","v":1094.04},null,"CONFORME PROJETO ESTRUTURAL",{"$f":"F69","v":"5.1"}]
[{"$f":"IF(LEN(D70),OFFSET(A70,-1,0)+1,OFFSET(A70,-1,0))","v":5},{"$f":"IF(OR(C70=1,D70=1),SUMIF($A$25:A70,A70,$C$25:C70),\"\")","v":2},{"$f":"IF(G70>0,1,\"\")","v":1},{"$f":"IF(AND(CONCATENATE(G70,I70,J70,K70,L70,M70,N70)=I70&N70,CONCATENATE(G70,I70,J70,K70,L70,M70,N70)<>\"\",N70<>\"\"),1,\"\")","v":""},null,"5.2",94965,"SINAPI",{"$f":"VLOOKUP($G70,IF(LEFT($G70,3)=\"AMM\",COMPOSIÇÕES!$B$1:$E$4233,'BANCO DE DADOS DEZ-24  SERV'!$B$2:$F$7984),2,FALSE)","v":"CONCRETO FCK = 25MPA, TRAÇO 1:2,3:2,7 (EM MASSA SECA DE CIMENTO/ AREIA MÉDIA/ BRITA 1) - PREPARO MECÂNICO COM BETONEIRA 400 L. AF_05/2021"},{"$f":"VLOOKUP($G70,IF(LEFT($G70,3)=\"AMM\",COMPOSIÇÕES!$B$1:$E$4233,'BANCO DE DADOS DEZ-24  SERV'!$B$2:$F$7984),3,FALSE)","v":"M3"},4.8099999999999996,{"$f":"VLOOKUP($G70,IF(LEFT($G70,3)=\"AMM\",COMPOSIÇÕES!$B$1:$E$4233,'BANCO DE DADOS DEZ-24  SERV'!$B$2:$F$7984),4,FALSE)","v":609.79999999999995},745.35,3585.13,null,"CONFORME PROJETO ESTRUTURAL","5.2"]
[5,{"$f":"IF(OR(C71=1,D71=1),SUMIF($A$25:A71,A71,$C$25:C71),\"\")","v":3},1,"",null,"5.3",103670,"SINAPI",{"$f":"VLOOKUP($G71,IF(LEFT($G71,3)=\"AMM\",COMPOSIÇÕES!$B$1:$E$4233,'BANCO DE DADOS DEZ-24  SERV'!$B$2:$F$7984),2,FALSE)","v":"LANÇAMENTO COM USO DE BALDES, ADENSAMENTO E ACABAMENTO DE CONCRETO EM ESTRUTURAS. AF_02/2022"},{"$f":"VLOOKUP($G71,IF(LEFT($G71,3)=\"AMM\",COMPOSIÇÕES!$B$1:$E$4233,'BANCO DE DADOS DEZ-24  SERV'!$B$2:$F$7984),3,FALSE)","v":"M3"},{"$f":"K70","v":4.8099999999999996},{"$f":"VLOOKUP($G71,IF(LEFT($G71,3)=\"AMM\",COMPOSIÇÕES!$B$1:$E$4233,'BANCO DE DADOS DEZ-24  SERV'!$B$2:$F$7984),4,FALSE)","v":277.20999999999998},338.83,1629.77,null,"CONFORME PROJETO ESTRUTURAL","5.3"]
[{"$f":"IF(LEN(D72),OFFSET(A72,-1,0)+1,OFFSET(A72,-1,0))","v":5},{"$f":"IF(OR(C72=1,D72=1),SUMIF($A$25:A72,A72,$C$25:C72),\"\")","v":4},{"$f":"IF(G72>0,1,\"\")","v":1},{"$f":"IF(AND(CONCATENATE(G72,I72,J72,K72,L72,M72,N72)=I72&N72,CONCATENATE(G72,I72,J72,K72,L72,M72,N72)<>\"\",N72<>\"\"),1,\"\")","v":""},null,{"$f":"IF(B72<>\"\",A72&\".\"&B72,\"\")","v":"5.4"},96535,"SINAPI",{"$f":"VLOOKUP($G72,IF(LEFT($G72,3)=\"AMM\",COMPOSIÇÕES!$B$1:$E$4233,'BANCO DE DADOS DEZ-24  SERV'!$B$2:$F$7984),2,FALSE)","v":"FABRICAÇÃO, MONTAGEM E DESMONTAGEM DE FÔRMA PARA SAPATA, EM MADEIRA SERRADA, E=25 MM, 4 UTILIZAÇÕES. AF_01/2024"},{"$f":"VLOOKUP($G72,IF(LEFT($G72,3)=\"AMM\",COMPOSIÇÕES!$B$1:$E$4233,'BANCO DE DADOS DEZ-24  SERV'!$B$2:$F$7984),3,FALSE)","v":"M2"},17.8,{"$f":"VLOOKUP($G72,IF(LEFT($G72,3)=\"AMM\",COMPOSIÇÕES!$B$1:$E$4233,'BANCO DE DADOS DEZ-24  SERV'!$B$2:$F$7984),4,FALSE)","v":131.58000000000001},{"$f":"IF($Q$2=\"OUTROS\",TRUNC(L72*(1+$N$7),2),ROUND(L72*(1+$N$7),2))","v":160.83000000000001},{"$f":"IF($Q$2=\"OUTROS\",TRUNC(M72*K72,2),ROUND(M72*K72,2))","v":2862.77},null,"CONFORME PROJETO ESTRUTURAL",{"$f":"F72","v":"5.4"}]
[5,{"$f":"IF(OR(C73=1,D73=1),SUMIF($A$25:A73,A73,$C$25:C73),\"\")","v":5},1,"",null,"5.5",104917,"SINAPI",{"$f":"VLOOKUP($G73,IF(LEFT($G73,3)=\"AMM\",COMPOSIÇÕES!$B$1:$E$4233,'BANCO DE DADOS DEZ-24  SERV'!$B$2:$F$7984),2,FALSE)","v":"ARMAÇÃO DE SAPATA ISOLADA, VIGA BALDRAME E SAPATA CORRIDA UTILIZANDO AÇO CA-50 DE 6,3 MM - MONTAGEM. AF_01/2024"},{"$f":"VLOOKUP($G73,IF(LEFT($G73,3)=\"AMM\",COMPOSIÇÕES!$B$1:$E$4233,'BANCO DE DADOS DEZ-24  SERV'!$B$2:$F$7984),3,FALSE)","v":"KG"},9,{"$f":"VLOOKUP($G73,IF(LEFT($G73,3)=\"AMM\",COMPOSIÇÕES!$B$1:$E$4233,'BANCO DE DADOS DEZ-24  SERV'!$B$2:$F$7984),4,FALSE)","v":16.239999999999998},19.850000000000001,178.65,null,"CONFORME PROJETO ESTRUTURAL","5.5"]
[5,{"$f":"IF(OR(C74=1,D74=1),SUMIF($A$25:A74,A74,$C$25:C74),\"\")","v":6},1,"",null,"5.6",104918,{"$f":"IF(G74>=\"AMM\",\"PRÓPRIO\",\"SINAPI\")","v":"SINAPI"},{"$f":"VLOOKUP($G74,IF(LEFT($G74,3)=\"AMM\",COMPOSIÇÕES!$B$1:$E$4233,'BANCO DE DADOS DEZ-24  SERV'!$B$2:$F$7984),2,FALSE)","v":"ARMAÇÃO DE SAPATA ISOLADA, VIGA BALDRAME E SAPATA CORRIDA UTILIZANDO AÇO CA-50 DE 8 MM - MONTAGEM. AF_01/2024"},{"$f":"VLOOKUP($G74,IF(LEFT($G74,3)=\"AMM\",COMPOSIÇÕES!$B$1:$E$4233,'BANCO DE DADOS DEZ-24  SERV'!$B$2:$F$7984),3,FALSE)","v":"KG"},205,{"$f":"VLOOKUP($G74,IF(LEFT($G74,3)=\"AMM\",COMPOSIÇÕES!$B$1:$E$4233,'BANCO DE DADOS DEZ-24  SERV'!$B$2:$F$7984),4,FALSE)","v":15.26},18.649999999999999,{"$f":"IF($Q$2=\"OUTROS\",TRUNC(M74*K74,2),ROUND(M74*K74,2))","v":3823.25},null,"CONFORME PROJETO ESTRUTURAL",{"$f":"F74","v":"5.6"}]
[5,{"$f":"IF(OR(C75=1,D75=1),SUMIF($A$25:A75,A75,$C$25:C75),\"\")","v":7},1,"",null,{"$f":"IF(B75<>\"\",A75&\".\"&B75,\"\")","v":"5.7"},104919,"SINAPI",{"$f":"VLOOKUP($G75,IF(LEFT($G75,3)=\"AMM\",COMPOSIÇÕES!$B$1:$E$4233,'BANCO DE DADOS DEZ-24  SERV'!$B$2:$F$7984),2,FALSE)","v":"ARMAÇÃO DE SAPATA ISOLADA, VIGA BALDRAME E SAPATA CORRIDA UTILIZANDO AÇO CA-50 DE 10 MM - MONTAGEM. AF_01/2024"},{"$f":"VLOOKUP($G75,IF(LEFT($G75,3)=\"AMM\",COMPOSIÇÕES!$B$1:$E$4233,'BANCO DE DADOS DEZ-24  SERV'!$B$2:$F$7984),3,FALSE)","v":"KG"},16,{"$f":"VLOOKUP($G75,IF(LEFT($G75,3)=\"AMM\",COMPOSIÇÕES!$B$1:$E$4233,'BANCO DE DADOS DEZ-24  SERV'!$B$2:$F$7984),4,FALSE)","v":13.7},16.739999999999998,267.83999999999997,null,"CONFORME PROJETO ESTRUTURAL","5.7"]
[{"$f":"IF(LEN(D76),OFFSET(A76,-1,0)+1,OFFSET(A76,-1,0))","v":5},{"$f":"IF(OR(C76=1,D76=1),SUMIF($A$25:A76,A76,$C$25:C76),\"\")","v":""},{"$f":"IF(G76>0,1,\"\")","v":""},{"$f":"IF(AND(CONCATENATE(G76,I76,J76,K76,L76,M76,N76)=I76&N76,CONCATENATE(G76,I76,J76,K76,L76,M76,N76)<>\"\",N76<>\"\"),1,\"\")","v":""},null,"",null,null,"VIGA BALDRAME "]
[5,{"$f":"IF(OR(C77=1,D77=1),SUMIF($A$25:A77,A77,$C$25:C77),\"\")","v":8},1,"",null,"5.8",94962,{"$f":"IF(G77>=\"AMM\",\"PRÓPRIO\",\"SINAPI\")","v":"SINAPI"},{"$f":"VLOOKUP($G77,IF(LEFT($G77,3)=\"AMM\",COMPOSIÇÕES!$B$1:$E$4233,'BANCO DE DADOS DEZ-24  SERV'!$B$2:$F$7984),2,FALSE)","v":"CONCRETO MAGRO PARA LASTRO, TRAÇO 1:4,5:4,5 (EM MASSA SECA DE CIMENTO/ AREIA MÉDIA/ BRITA 1) - PREPARO MECÂNICO COM BETONEIRA 400 L. AF_05/2021"},{"$f":"VLOOKUP($G77,IF(LEFT($G77,3)=\"AMM\",COMPOSIÇÕES!$B$1:$E$4233,'BANCO DE DADOS DEZ-24  SERV'!$B$2:$F$7984),3,FALSE)","v":"M3"},{"$f":"TRUNC(O77*0.05,2)","v":0.37},{"$f":"VLOOKUP($G77,IF(LEFT($G77,3)=\"AMM\",COMPOSIÇÕES!$B$1:$E$4233,'BANCO DE DADOS DEZ-24  SERV'!$B$2:$F$7984),4,FALSE)","v":480.22},{"$f":"IF($Q$2=\"OUTROS\",TRUNC(L77*(1+$N$7),2),ROUND(L77*(1+$N$7),2))","v":586.97},{"$f":"IF($Q$2=\"OUTROS\",TRUNC(M77*K77,2),ROUND(M77*K77,2))","v":217.17},{"$f":"K61","v":7.51},{"$f":"CONCATENATE(O77,\"*0,05  -  CONFORME PREPARO DE FUNDO DE VALA DAS VIGAS BALDRAMES * 0,05 CM DE ESPESSURA\")","v":"7,51*0,05  -  CONFORME PREPARO DE FUNDO DE VALA DAS VIGAS BALDRAMES * 0,05 CM DE ESPESSURA"},{"$f":"F77","v":"5.8"}]
[5,{"$f":"IF(OR(C78=1,D78=1),SUMIF($A$25:A78,A78,$C$25:C78),\"\")","v":9},1,"",null,{"$f":"IF(B78<>\"\",A78&\".\"&B78,\"\")","v":"5.9"},94965,{"$f":"IF(G78>=\"AMM\",\"PRÓPRIO\",\"SINAPI\")","v":"SINAPI"},{"$f":"VLOOKUP($G78,IF(LEFT($G78,3)=\"AMM\",COMPOSIÇÕES!$B$1:$E$4233,'BANCO DE DADOS DEZ-24  SERV'!$B$2:$F$7984),2,FALSE)","v":"CONCRETO FCK = 25MPA, TRAÇO 1:2,3:2,7 (EM MASSA SECA DE CIMENTO/ AREIA MÉDIA/ BRITA 1) - PREPARO MECÂNICO COM BETONEIRA 400 L. AF_05/2021"},{"$f":"VLOOKUP($G78,IF(LEFT($G78,3)=\"AMM\",COMPOSIÇÕES!$B$1:$E$4233,'BANCO DE DADOS DEZ-24  SERV'!$B$2:$F$7984),3,FALSE)","v":"M3"},8.14,{"$f":"VLOOKUP($G78,IF(LEFT($G78,3)=\"AMM\",COMPOSIÇÕES!$B$1:$E$4233,'BANCO DE DADOS DEZ-24  SERV'!$B$2:$F$7984),4,FALSE)","v":609.79999999999995},745.35,{"$f":"IF($Q$2=\"OUTROS\",TRUNC(M78*K78,2),ROUND(M78*K78,2))","v":6067.14},null,"CONFORME PROJETO ESTRUTURAL",{"$f":"F78","v":"5.9"}]
[5,{"$f":"IF(OR(C79=1,D79=1),SUMIF($A$25:A79,A79,$C$25:C79),\"\")","v":10},1,"",null,"5.10",103670,{"$f":"IF(G79>=\"AMM\",\"PRÓPRIO\",\"SINAPI\")","v":"SINAPI"},{"$f":"VLOOKUP($G79,IF(LEFT($G79,3)=\"AMM\",COMPOSIÇÕES!$B$1:$E$4233,'BANCO DE DADOS DEZ-24  SERV'!$B$2:$F$7984),2,FALSE)","v":"LANÇAMENTO COM USO DE BALDES, ADENSAMENTO E ACABAMENTO DE CONCRETO EM ESTRUTURAS. AF_02/2022"},{"$f":"VLOOKUP($G79,IF(LEFT($G79,3)=\"AMM\",COMPOSIÇÕES!$B$1:$E$4233,'BANCO DE DADOS DEZ-24  SERV'!$B$2:$F$7984),3,FALSE)","v":"M3"},{"$f":"K78","v":8.14},{"$f":"VLOOKUP($G79,IF(LEFT($G79,3)=\"AMM\",COMPOSIÇÕES!$B$1:$E$4233,'BANCO DE DADOS DEZ-24  SERV'!$B$2:$F$7984),4,FALSE)","v":277.20999999999998},338.83,{"$f":"IF($Q$2=\"OUTROS\",TRUNC(M79*K79,2),ROUND(M79*K79,2))","v":2758.07},null,"CONFORME PROJETO ESTRUTURAL",{"$f":"F79","v":"5.10"}]
[5,{"$f":"IF(OR(C80=1,D80=1),SUMIF($A$25:A80,A80,$C$25:C80),\"\")","v":11},1,"",null,"5.11",96536,"SINAPI",{"$f":"VLOOKUP($G80,IF(LEFT($G80,3)=\"AMM\",COMPOSIÇÕES!$B$1:$E$4233,'BANCO DE DADOS DEZ-24  SERV'!$B$2:$F$7984),2,FALSE)","v":"FABRICAÇÃO, MONTAGEM E DESMONTAGEM DE FÔRMA PARA VIGA BALDRAME, EM MADEIRA SERRADA, E=25 MM, 4 UTILIZAÇÕES. AF_01/2024"},{"$f":"VLOOKUP($G80,IF(LEFT($G80,3)=\"AMM\",COMPOSIÇÕES!$B$1:$E$4233,'BANCO DE DADOS DEZ-24  SERV'!$B$2:$F$7984),3,FALSE)","v":"M2"},102.26,{"$f":"VLOOKUP($G80,IF(LEFT($G80,3)=\"AMM\",COMPOSIÇÕES!$B$1:$E$4233,'BANCO DE DADOS DEZ-24  SERV'!$B$2:$F$7984),4,FALSE)","v":71.989999999999995},87.99,8997.85,null,"CONFORME PROJETO ESTRUTURAL","5.11"]
[5,{"$f":"IF(OR(C81=1,D81=1),SUMIF($A$25:A81,A81,$C$25:C81),\"\")","v":12},1,"",null,"5.12",104917,"SINAPI",{"$f":"VLOOKUP($G81,IF(LEFT($G81,3)=\"AMM\",COMPOSIÇÕES!$B$1:$E$4233,'BANCO DE DADOS DEZ-24  SERV'!$B$2:$F$7984),2,FALSE)","v":"ARMAÇÃO DE SAPATA ISOLADA, VIGA BALDRAME E SAPATA CORRIDA UTILIZANDO AÇO CA-50 DE 6,3 MM - MONTAGEM. AF_01/2024"},{"$f":"VLOOKUP($G81,IF(LEFT($G81,3)=\"AMM\",COMPOSIÇÕES!$B$1:$E$4233,'BANCO DE DADOS DEZ-24  SERV'!$B$2:$F$7984),3,FALSE)","v":"KG"},{"$f":"26+133","v":159},{"$f":"VLOOKUP($G81,IF(LEFT($G81,3)=\"AMM\",COMPOSIÇÕES!$B$1:$E$4233,'BANCO DE DADOS DEZ-24  SERV'!$B$2:$F$7984),4,FALSE)","v":16.239999999999998},19.850000000000001,3156.15,null,"CONFORME PROJETO ESTRUTURAL","5.12"]
[5,{"$f":"IF(OR(C82=1,D82=1),SUMIF($A$25:A82,A82,$C$25:C82),\"\")","v":13},1,"",null,"5.13",104918,"SINAPI",{"$f":"VLOOKUP($G82,IF(LEFT($G82,3)=\"AMM\",COMPOSIÇÕES!$B$1:$E$4233,'BANCO DE DADOS DEZ-24  SERV'!$B$2:$F$7984),2,FALSE)","v":"ARMAÇÃO DE SAPATA ISOLADA, VIGA BALDRAME E SAPATA CORRIDA UTILIZANDO AÇO CA-50 DE 8 MM - MONTAGEM. AF_01/2024"},{"$f":"VLOOKUP($G82,IF(LEFT($G82,3)=\"AMM\",COMPOSIÇÕES!$B$1:$E$4233,'BANCO DE DADOS DEZ-24  SERV'!$B$2:$F$7984),3,FALSE)","v":"KG"},{"$f":"76+226","v":302},{"$f":"VLOOKUP($G82,IF(LEFT($G82,3)=\"AMM\",COMPOSIÇÕES!$B$1:$E$4233,'BANCO DE DADOS DEZ-24  SERV'!$B$2:$F$7984),4,FALSE)","v":15.26},18.649999999999999,5632.3,null,"CONFORME PROJETO ESTRUTURAL","5.13"]
[5,{"$f":"IF(OR(C83=1,D83=1),SUMIF($A$25:A83,A83,$C$25:C83),\"\")","v":14},1,"",null,"5.14",104919,"SINAPI",{"$f":"VLOOKUP($G83,IF(LEFT($G83,3)=\"AMM\",COMPOSIÇÕES!$B$1:$E$4233,'BANCO DE DADOS DEZ-24  SERV'!$B$2:$F$7984),2,FALSE)","v":"ARMAÇÃO DE SAPATA ISOLADA, VIGA BALDRAME E SAPATA CORRIDA UTILIZANDO AÇO CA-50 DE 10 MM - MONTAGEM. AF_01/2024"},{"$f":"VLOOKUP($G83,IF(LEFT($G83,3)=\"AMM\",COMPOSIÇÕES!$B$1:$E$4233,'BANCO DE DADOS DEZ-24  SERV'!$B$2:$F$7984),3,FALSE)","v":"KG"},{"$f":"74+11","v":85},{"$f":"VLOOKUP($G83,IF(LEFT($G83,3)=\"AMM\",COMPOSIÇÕES!$B$1:$E$4233,'BANCO DE DADOS DEZ-24  SERV'!$B$2:$F$7984),4,FALSE)","v":13.7},16.739999999999998,1422.9,null,"CONFORME PROJETO ESTRUTURAL","5.14"]
[5,{"$f":"IF(OR(C84=1,D84=1),SUMIF($A$25:A84,A84,$C$25:C84),\"\")","v":15},1,"",null,"5.15",104921,"SINAPI",{"$f":"VLOOKUP($G84,IF(LEFT($G84,3)=\"AMM\",COMPOSIÇÕES!$B$1:$E$4233,'BANCO DE DADOS DEZ-24  SERV'!$B$2:$F$7984),2,FALSE)","v":"ARMAÇÃO DE BLOCO, SAPATA ISOLADA, VIGA BALDRAME E SAPATA CORRIDA UTILIZANDO AÇO CA-50 DE 16 MM - MONTAGEM. AF_01/2024"},{"$f":"VLOOKUP($G84,IF(LEFT($G84,3)=\"AMM\",COMPOSIÇÕES!$B$1:$E$4233,'BANCO DE DADOS DEZ-24  SERV'!$B$2:$F$7984),3,FALSE)","v":"KG"},{"$f":"16+106","v":122},{"$f":"VLOOKUP($G84,IF(LEFT($G84,3)=\"AMM\",COMPOSIÇÕES!$B$1:$E$4233,'BANCO DE DADOS DEZ-24  SERV'!$B$2:$F$7984),4,FALSE)","v":11.05},13.5,1647,null,"CONFORME PROJETO ESTRUTURAL","5.15"]
[5,{"$f":"IF(OR(C85=1,D85=1),SUMIF($A$25:A85,A85,$C$25:C85),\"\")","v":16},1,"",null,{"$f":"IF(B85<>\"\",A85&\".\"&B85,\"\")","v":"5.16"},104916,{"$f":"IF(G85>=\"AMM\",\"PRÓPRIO\",\"SINAPI\")","v":"SINAPI"},{"$f":"VLOOKUP($G85,IF(LEFT($G85,3)=\"AMM\",COMPOSIÇÕES!$B$1:$E$4233,'BANCO DE DADOS DEZ-24  SERV'!$B$2:$F$7984),2,FALSE)","v":"ARMAÇÃO DE SAPATA ISOLADA, VIGA BALDRAME E SAPATA CORRIDA UTILIZANDO AÇO CA-60 DE 5 MM - MONTAGEM. AF_01/2024"},{"$f":"VLOOKUP($G85,IF(LEFT($G85,3)=\"AMM\",COMPOSIÇÕES!$B$1:$E$4233,'BANCO DE DADOS DEZ-24  SERV'!$B$2:$F$7984),3,FALSE)","v":"KG"},{"$f":"44+7","v":51},{"$f":"VLOOKUP($G85,IF(LEFT($G85,3)=\"AMM\",COMPOSIÇÕES!$B$1:$E$4233,'BANCO DE DADOS DEZ-24  SERV'!$B$2:$F$7984),4,FALSE)","v":17.2},21.02,{"$f":"IF($Q$2=\"OUTROS\",TRUNC(M85*K85,2),ROUND(M85*K85,2))","v":1072.02},null,"CONFORME PROJETO ESTRUTURAL",{"$f":"F85","v":"5.16"}]
[5,{"$f":"IF(OR(C86=1,D86=1),SUMIF($A$25:A86,A86,$C$25:C86),\"\")","v":""},"","",null,""]
[6,{"$f":"IF(OR(C87=1,D87=1),SUMIF($A$25:A87,A87,$C$25:C87),\"\")","v":0},"",1,null,"6.0",null,null,"ESTRUTURA",null,null,null,null,{"$f":"SUM(N88:N112)","v":76297.580000000016}]
[6,{"$f":"IF(OR(C88=1,D88=1),SUMIF($A$25:A88,A88,$C$25:C88),\"\")","v":""},"","",null,"",null,null,"VIGAS "]
[6,{"$f":"IF(OR(C89=1,D89=1),SUMIF($A$25:A89,A89,$C$25:C89),\"\")","v":1},1,"",null,"6.1",94965,{"$f":"IF(G89>=\"AMM\",\"PRÓPRIO\",\"SINAPI\")","v":"SINAPI"},{"$f":"VLOOKUP($G89,IF(LEFT($G89,3)=\"AMM\",COMPOSIÇÕES!$B$1:$E$4233,'BANCO DE DADOS DEZ-24  SERV'!$B$2:$F$7984),2,FALSE)","v":"CONCRETO FCK = 25MPA, TRAÇO 1:2,3:2,7 (EM MASSA SECA DE CIMENTO/ AREIA MÉDIA/ BRITA 1) - PREPARO MECÂNICO COM BETONEIRA 400 L. AF_05/2021"},{"$f":"VLOOKUP($G89,IF(LEFT($G89,3)=\"AMM\",COMPOSIÇÕES!$B$1:$E$4233,'BANCO DE DADOS DEZ-24  SERV'!$B$2:$F$7984),3,FALSE)","v":"M3"},{"$f":"1.73+0.73+3.51","v":5.97},{"$f":"VLOOKUP($G89,IF(LEFT($G89,3)=\"AMM\",COMPOSIÇÕES!$B$1:$E$4233,'BANCO DE DADOS DEZ-24  SERV'!$B$2:$F$7984),4,FALSE)","v":609.79999999999995},{"$f":"IF($Q$2=\"OUTROS\",TRUNC(L89*(1+$N$7),2),ROUND(L89*(1+$N$7),2))","v":745.35},{"$f":"IF($Q$2=\"OUTROS\",TRUNC(M89*K89,2),ROUND(M89*K89,2))","v":4449.7299999999996},null,"CONFORME PROJETO ESTRUTURAL",{"$f":"F89","v":"6.1"}]
[6,{"$f":"IF(OR(C90=1,D90=1),SUMIF($A$25:A90,A90,$C$25:C90),\"\")","v":2},1,"",null,"6.2",103670,"SINAPI",{"$f":"VLOOKUP($G90,IF(LEFT($G90,3)=\"AMM\",COMPOSIÇÕES!$B$1:$E$4233,'BANCO DE DADOS DEZ-24  SERV'!$B$2:$F$7984),2,FALSE)","v":"LANÇAMENTO COM USO DE BALDES, ADENSAMENTO E ACABAMENTO DE CONCRETO EM ESTRUTURAS. AF_02/2022"},{"$f":"VLOOKUP($G90,IF(LEFT($G90,3)=\"AMM\",COMPOSIÇÕES!$B$1:$E$4233,'BANCO DE DADOS DEZ-24  SERV'!$B$2:$F$7984),3,FALSE)","v":"M3"},{"$f":"K89","v":5.97},{"$f":"VLOOKUP($G90,IF(LEFT($G90,3)=\"AMM\",COMPOSIÇÕES!$B$1:$E$4233,'BANCO DE DADOS DEZ-24  SERV'!$B$2:$F$7984),4,FALSE)","v":277.20999999999998},338.83,2022.81,null,"CONFORME PROJETO ESTRUTURAL","6.2"]
[6,{"$f":"IF(OR(C91=1,D91=1),SUMIF($A$25:A91,A91,$C$25:C91),\"\")","v":3},1,"",null,"6.3",92463,"SINAPI",{"$f":"VLOOKUP($G91,IF(LEFT($G91,3)=\"AMM\",COMPOSIÇÕES!$B$1:$E$4233,'BANCO DE DADOS DEZ-24  SERV'!$B$2:$F$7984),2,FALSE)","v":"MONTAGEM E DESMONTAGEM DE FÔRMA DE VIGA, ESCORAMENTO COM GARFO DE MADEIRA, PÉ-DIREITO SIMPLES, EM CHAPA DE MADEIRA RESINADA, 8 UTILIZAÇÕES. AF_09/2020"},{"$f":"VLOOKUP($G91,IF(LEFT($G91,3)=\"AMM\",COMPOSIÇÕES!$B$1:$E$4233,'BANCO DE DADOS DEZ-24  SERV'!$B$2:$F$7984),3,FALSE)","v":"M2"},{"$f":"24.26+11.32+55.88","v":91.460000000000008},{"$f":"VLOOKUP($G91,IF(LEFT($G91,3)=\"AMM\",COMPOSIÇÕES!$B$1:$E$4233,'BANCO DE DADOS DEZ-24  SERV'!$B$2:$F$7984),4,FALSE)","v":140.46},171.68,15701.85,null,"CONFORME PROJETO ESTRUTURAL","6.3"]
[6,{"$f":"IF(OR(C92=1,D92=1),SUMIF($A$25:A92,A92,$C$25:C92),\"\")","v":4},1,"",null,"6.4",92761,"SINAPI",{"$f":"VLOOKUP($G92,IF(LEFT($G92,3)=\"AMM\",COMPOSIÇÕES!$B$1:$E$4233,'BANCO DE DADOS DEZ-24  SERV'!$B$2:$F$7984),2,FALSE)","v":"ARMAÇÃO DE PILAR OU VIGA DE ESTRUTURA CONVENCIONAL DE CONCRETO ARMADO UTILIZANDO AÇO CA-50 DE 8,0 MM - MONTAGEM. AF_06/2022"},{"$f":"VLOOKUP($G92,IF(LEFT($G92,3)=\"AMM\",COMPOSIÇÕES!$B$1:$E$4233,'BANCO DE DADOS DEZ-24  SERV'!$B$2:$F$7984),3,FALSE)","v":"KG"},{"$f":"21+48","v":69},{"$f":"VLOOKUP($G92,IF(LEFT($G92,3)=\"AMM\",COMPOSIÇÕES!$B$1:$E$4233,'BANCO DE DADOS DEZ-24  SERV'!$B$2:$F$7984),4,FALSE)","v":13.5},16.5,1138.5,null,"CONFORME PROJETO ESTRUTURAL","6.4"]
[6,{"$f":"IF(OR(C93=1,D93=1),SUMIF($A$25:A93,A93,$C$25:C93),\"\")","v":5},1,"",null,"6.5",92762,"SINAPI",{"$f":"VLOOKUP($G93,IF(LEFT($G93,3)=\"AMM\",COMPOSIÇÕES!$B$1:$E$4233,'BANCO DE DADOS DEZ-24  SERV'!$B$2:$F$7984),2,FALSE)","v":"ARMAÇÃO DE PILAR OU VIGA DE ESTRUTURA CONVENCIONAL DE CONCRETO ARMADO UTILIZANDO AÇO CA-50 DE 10,0 MM - MONTAGEM. AF_06/2022"},{"$f":"VLOOKUP($G93,IF(LEFT($G93,3)=\"AMM\",COMPOSIÇÕES!$B$1:$E$4233,'BANCO DE DADOS DEZ-24  SERV'!$B$2:$F$7984),3,FALSE)","v":"KG"},{"$f":"106+128","v":234},{"$f":"VLOOKUP($G93,IF(LEFT($G93,3)=\"AMM\",COMPOSIÇÕES!$B$1:$E$4233,'BANCO DE DADOS DEZ-24  SERV'!$B$2:$F$7984),4,FALSE)","v":12.14},14.83,3470.22,null,"CONFORME PROJETO ESTRUTURAL","6.5"]
[6,{"$f":"IF(OR(C94=1,D94=1),SUMIF($A$25:A94,A94,$C$25:C94),\"\")","v":6},1,"",null,"6.6",92763,"SINAPI",{"$f":"VLOOKUP($G94,IF(LEFT($G94,3)=\"AMM\",COMPOSIÇÕES!$B$1:$E$4233,'BANCO DE DADOS DEZ-24  SERV'!$B$2:$F$7984),2,FALSE)","v":"ARMAÇÃO DE PILAR OU VIGA DE ESTRUTURA CONVENCIONAL DE CONCRETO ARMADO UTILIZANDO AÇO CA-50 DE 12,5 MM - MONTAGEM. AF_06/2022"},{"$f":"VLOOKUP($G94,IF(LEFT($G94,3)=\"AMM\",COMPOSIÇÕES!$B$1:$E$4233,'BANCO DE DADOS DEZ-24  SERV'!$B$2:$F$7984),3,FALSE)","v":"KG"},{"$f":"33","v":33},{"$f":"VLOOKUP($G94,IF(LEFT($G94,3)=\"AMM\",COMPOSIÇÕES!$B$1:$E$4233,'BANCO DE DADOS DEZ-24  SERV'!$B$2:$F$7984),4,FALSE)","v":10.25},12.52,413.16,null,"CONFORME PROJETO ESTRUTURAL","6.6"]
[6,{"$f":"IF(OR(C95=1,D95=1),SUMIF($A$25:A95,A95,$C$25:C95),\"\")","v":7},1,"",null,"6.7",92759,"SINAPI",{"$f":"VLOOKUP($G95,IF(LEFT($G95,3)=\"AMM\",COMPOSIÇÕES!$B$1:$E$4233,'BANCO DE DADOS DEZ-24  SERV'!$B$2:$F$7984),2,FALSE)","v":"ARMAÇÃO DE PILAR OU VIGA DE ESTRUTURA CONVENCIONAL DE CONCRETO ARMADO UTILIZANDO AÇO CA-60 DE 5,0 MM - MONTAGEM. AF_06/2022"},{"$f":"VLOOKUP($G95,IF(LEFT($G95,3)=\"AMM\",COMPOSIÇÕES!$B$1:$E$4233,'BANCO DE DADOS DEZ-24  SERV'!$B$2:$F$7984),3,FALSE)","v":"KG"},{"$f":"37+56","v":93},{"$f":"VLOOKUP($G95,IF(LEFT($G95,3)=\"AMM\",COMPOSIÇÕES!$B$1:$E$4233,'BANCO DE DADOS DEZ-24  SERV'!$B$2:$F$7984),4,FALSE)","v":14.78},18.059999999999999,1679.58,null,"CONFORME PROJETO ESTRUTURAL","6.7"]
[6,{"$f":"IF(OR(C96=1,D96=1),SUMIF($A$25:A96,A96,$C$25:C96),\"\")","v":""},"","",null,"",null,null,"PILAR"]
[6,{"$f":"IF(OR(C97=1,D97=1),SUMIF($A$25:A97,A97,$C$25:C97),\"\")","v":8},1,"",null,{"$f":"IF(B97<>\"\",A97&\".\"&B97,\"\")","v":"6.8"},103669,{"$f":"IF(G97>=\"AMM\",\"PRÓPRIO\",\"SINAPI\")","v":"SINAPI"},{"$f":"VLOOKUP($G97,IF(LEFT($G97,3)=\"AMM\",COMPOSIÇÕES!$B$1:$E$4233,'BANCO DE DADOS DEZ-24  SERV'!$B$2:$F$7984),2,FALSE)","v":"CONCRETAGEM DE PILARES, FCK = 25 MPA,  COM USO DE BALDES - LANÇAMENTO, ADENSAMENTO E ACABAMENTO. AF_02/2022"},{"$f":"VLOOKUP($G97,IF(LEFT($G97,3)=\"AMM\",COMPOSIÇÕES!$B$1:$E$4233,'BANCO DE DADOS DEZ-24  SERV'!$B$2:$F$7984),3,FALSE)","v":"M3"},{"$f":"2.76+3.33+0.72+0.93","v":7.7399999999999993},{"$f":"VLOOKUP($G97,IF(LEFT($G97,3)=\"AMM\",COMPOSIÇÕES!$B$1:$E$4233,'BANCO DE DADOS DEZ-24  SERV'!$B$2:$F$7984),4,FALSE)","v":1173.45},{"$f":"IF($Q$2=\"OUTROS\",TRUNC(L97*(1+$N$7),2),ROUND(L97*(1+$N$7),2))","v":1434.3},{"$f":"IF($Q$2=\"OUTROS\",TRUNC(M97*K97,2),ROUND(M97*K97,2))","v":11101.48},null,"CONFORME PROJETO ESTRUTURAL",{"$f":"F97","v":"6.8"}]
[6,{"$f":"IF(OR(C98=1,D98=1),SUMIF($A$25:A98,A98,$C$25:C98),\"\")","v":9},1,"",null,"6.9",92427,"SINAPI",{"$f":"VLOOKUP($G98,IF(LEFT($G98,3)=\"AMM\",COMPOSIÇÕES!$B$1:$E$4233,'BANCO DE DADOS DEZ-24  SERV'!$B$2:$F$7984),2,FALSE)","v":"MONTAGEM E DESMONTAGEM DE FÔRMA DE PILARES RETANGULARES E ESTRUTURAS SIMILARES, PÉ-DIREITO SIMPLES, EM CHAPA DE MADEIRA COMPENSADA RESINADA, 8 UTILIZAÇÕES. AF_09/2020"},{"$f":"VLOOKUP($G98,IF(LEFT($G98,3)=\"AMM\",COMPOSIÇÕES!$B$1:$E$4233,'BANCO DE DADOS DEZ-24  SERV'!$B$2:$F$7984),3,FALSE)","v":"M2"},{"$f":"50.6+59.86+12.8+16.68","v":139.94},{"$f":"VLOOKUP($G98,IF(LEFT($G98,3)=\"AMM\",COMPOSIÇÕES!$B$1:$E$4233,'BANCO DE DADOS DEZ-24  SERV'!$B$2:$F$7984),4,FALSE)","v":76.790000000000006},93.86,13134.76,null,"CONFORME PROJETO ESTRUTURAL","6.9"]
[{"$f":"IF(LEN(D99),OFFSET(A99,-1,0)+1,OFFSET(A99,-1,0))","v":6},{"$f":"IF(OR(C99=1,D99=1),SUMIF($A$25:A99,A99,$C$25:C99),\"\")","v":10},{"$f":"IF(G99>0,1,\"\")","v":1},{"$f":"IF(AND(CONCATENATE(G99,I99,J99,K99,L99,M99,N99)=I99&N99,CONCATENATE(G99,I99,J99,K99,L99,M99,N99)<>\"\",N99<>\"\"),1,\"\")","v":""},null,"6.10",92762,"SINAPI",{"$f":"VLOOKUP($G99,IF(LEFT($G99,3)=\"AMM\",COMPOSIÇÕES!$B$1:$E$4233,'BANCO DE DADOS DEZ-24  SERV'!$B$2:$F$7984),2,FALSE)","v":"ARMAÇÃO DE PILAR OU VIGA DE ESTRUTURA CONVENCIONAL DE CONCRETO ARMADO UTILIZANDO AÇO CA-50 DE 10,0 MM - MONTAGEM. AF_06/2022"},{"$f":"VLOOKUP($G99,IF(LEFT($G99,3)=\"AMM\",COMPOSIÇÕES!$B$1:$E$4233,'BANCO DE DADOS DEZ-24  SERV'!$B$2:$F$7984),3,FALSE)","v":"KG"},{"$f":"348+12","v":360},{"$f":"VLOOKUP($G99,IF(LEFT($G99,3)=\"AMM\",COMPOSIÇÕES!$B$1:$E$4233,'BANCO DE DADOS DEZ-24  SERV'!$B$2:$F$7984),4,FALSE)","v":12.14},14.83,5338.8,null,"CONFORME PROJETO ESTRUTURAL","6.10"]
[6,{"$f":"IF(OR(C100=1,D100=1),SUMIF($A$25:A100,A100,$C$25:C100),\"\")","v":11},1,"",null,"6.11",92763,"SINAPI",{"$f":"VLOOKUP($G100,IF(LEFT($G100,3)=\"AMM\",COMPOSIÇÕES!$B$1:$E$4233,'BANCO DE DADOS DEZ-24  SERV'!$B$2:$F$7984),2,FALSE)","v":"ARMAÇÃO DE PILAR OU VIGA DE ESTRUTURA CONVENCIONAL DE CONCRETO ARMADO UTILIZANDO AÇO CA-50 DE 12,5 MM - MONTAGEM. AF_06/2022"},{"$f":"VLOOKUP($G100,IF(LEFT($G100,3)=\"AMM\",COMPOSIÇÕES!$B$1:$E$4233,'BANCO DE DADOS DEZ-24  SERV'!$B$2:$F$7984),3,FALSE)","v":"KG"},481,{"$f":"VLOOKUP($G100,IF(LEFT($G100,3)=\"AMM\",COMPOSIÇÕES!$B$1:$E$4233,'BANCO DE DADOS DEZ-24  SERV'!$B$2:$F$7984),4,FALSE)","v":10.25},12.52,6022.12,null,"CONFORME PROJETO ESTRUTURAL","6.11"]
[{"$f":"IF(LEN(D101),OFFSET(A101,-1,0)+1,OFFSET(A101,-1,0))","v":6},{"$f":"IF(OR(C101=1,D101=1),SUMIF($A$25:A101,A101,$C$25:C101),\"\")","v":12},{"$f":"IF(G101>0,1,\"\")","v":1},{"$f":"IF(AND(CONCATENATE(G101,I101,J101,K101,L101,M101,N101)=I101&N101,CONCATENATE(G101,I101,J101,K101,L101,M101,N101)<>\"\",N101<>\"\"),1,\"\")","v":""},null,{"$f":"IF(B101<>\"\",A101&\".\"&B101,\"\")","v":"6.12"},92759,{"$f":"IF(G101>=\"AMM\",\"PRÓPRIO\",\"SINAPI\")","v":"SINAPI"},{"$f":"VLOOKUP($G101,IF(LEFT($G101,3)=\"AMM\",COMPOSIÇÕES!$B$1:$E$4233,'BANCO DE DADOS DEZ-24  SERV'!$B$2:$F$7984),2,FALSE)","v":"ARMAÇÃO DE PILAR OU VIGA DE ESTRUTURA CONVENCIONAL DE CONCRETO ARMADO UTILIZANDO AÇO CA-60 DE 5,0 MM - MONTAGEM. AF_06/2022"},{"$f":"VLOOKUP($G101,IF(LEFT($G101,3)=\"AMM\",COMPOSIÇÕES!$B$1:$E$4233,'BANCO DE DADOS DEZ-24  SERV'!$B$2:$F$7984),3,FALSE)","v":"KG"},{"$f":"133+4","v":137},{"$f":"VLOOKUP($G101,IF(LEFT($G101,3)=\"AMM\",COMPOSIÇÕES!$B$1:$E$4233,'BANCO DE DADOS DEZ-24  SERV'!$B$2:$F$7984),4,FALSE)","v":14.78},{"$f":"IF($Q$2=\"OUTROS\",TRUNC(L101*(1+$N$7),2),ROUND(L101*(1+$N$7),2))","v":18.059999999999999},{"$f":"IF($Q$2=\"OUTROS\",TRUNC(M101*K101,2),ROUND(M101*K101,2))","v":2474.2199999999998},null,"CONFORME PROJETO ESTRUTURAL",{"$f":"F101","v":"6.12"}]
[6,{"$f":"IF(OR(C102=1,D102=1),SUMIF($A$25:A102,A102,$C$25:C102),\"\")","v":13},1,"",null,"6.13",92760,"SINAPI",{"$f":"VLOOKUP($G102,IF(LEFT($G102,3)=\"AMM\",COMPOSIÇÕES!$B$1:$E$4233,'BANCO DE DADOS DEZ-24  SERV'!$B$2:$F$7984),2,FALSE)","v":"ARMAÇÃO DE PILAR OU VIGA DE ESTRUTURA CONVENCIONAL DE CONCRETO ARMADO UTILIZANDO AÇO CA-50 DE 6,3 MM - MONTAGEM. AF_06/2022"},{"$f":"VLOOKUP($G102,IF(LEFT($G102,3)=\"AMM\",COMPOSIÇÕES!$B$1:$E$4233,'BANCO DE DADOS DEZ-24  SERV'!$B$2:$F$7984),3,FALSE)","v":"KG"},115,{"$f":"VLOOKUP($G102,IF(LEFT($G102,3)=\"AMM\",COMPOSIÇÕES!$B$1:$E$4233,'BANCO DE DADOS DEZ-24  SERV'!$B$2:$F$7984),4,FALSE)","v":14.19},17.34,1994.1,null,"CONFORME PROJETO ESTRUTURAL","6.13"]
[{"$f":"IF(LEN(D103),OFFSET(A103,-1,0)+1,OFFSET(A103,-1,0))","v":6},{"$f":"IF(OR(C103=1,D103=1),SUMIF($A$25:A103,A103,$C$25:C103),\"\")","v":""},{"$f":"IF(G103>0,1,\"\")","v":""},{"$f":"IF(AND(CONCATENATE(G103,I103,J103,K103,L103,M103,N103)=I103&N103,CONCATENATE(G103,I103,J103,K103,L103,M103,N103)<>\"\",N103<>\"\"),1,\"\")","v":""},null,{"$f":"IF(B103<>\"\",A103&\".\"&B103,\"\")","v":""},null,null,"ESCADA"]
[6,{"$f":"IF(OR(C104=1,D104=1),SUMIF($A$25:A104,A104,$C$25:C104),\"\")","v":14},1,"",null,"6.14",94965,{"$f":"IF(G104>=\"AMM\",\"PRÓPRIO\",\"SINAPI\")","v":"SINAPI"},{"$f":"VLOOKUP($G104,IF(LEFT($G104,3)=\"AMM\",COMPOSIÇÕES!$B$1:$E$4233,'BANCO DE DADOS DEZ-24  SERV'!$B$2:$F$7984),2,FALSE)","v":"CONCRETO FCK = 25MPA, TRAÇO 1:2,3:2,7 (EM MASSA SECA DE CIMENTO/ AREIA MÉDIA/ BRITA 1) - PREPARO MECÂNICO COM BETONEIRA 400 L. AF_05/2021"},{"$f":"VLOOKUP($G104,IF(LEFT($G104,3)=\"AMM\",COMPOSIÇÕES!$B$1:$E$4233,'BANCO DE DADOS DEZ-24  SERV'!$B$2:$F$7984),3,FALSE)","v":"M3"},0.84,{"$f":"VLOOKUP($G104,IF(LEFT($G104,3)=\"AMM\",COMPOSIÇÕES!$B$1:$E$4233,'BANCO DE DADOS DEZ-24  SERV'!$B$2:$F$7984),4,FALSE)","v":609.79999999999995},{"$f":"IF($Q$2=\"OUTROS\",TRUNC(L104*(1+$N$7),2),ROUND(L104*(1+$N$7),2))","v":745.35},{"$f":"IF($Q$2=\"OUTROS\",TRUNC(M104*K104,2),ROUND(M104*K104,2))","v":626.09},null,"CONFORME PROJETO ESTRUTURAL",{"$f":"F104","v":"6.14"}]
[6,{"$f":"IF(OR(C105=1,D105=1),SUMIF($A$25:A105,A105,$C$25:C105),\"\")","v":15},1,"",null,"6.15",103670,"SINAPI",{"$f":"VLOOKUP($G105,IF(LEFT($G105,3)=\"AMM\",COMPOSIÇÕES!$B$1:$E$4233,'BANCO DE DADOS DEZ-24  SERV'!$B$2:$F$7984),2,FALSE)","v":"LANÇAMENTO COM USO DE BALDES, ADENSAMENTO E ACABAMENTO DE CONCRETO EM ESTRUTURAS. AF_02/2022"},{"$f":"VLOOKUP($G105,IF(LEFT($G105,3)=\"AMM\",COMPOSIÇÕES!$B$1:$E$4233,'BANCO DE DADOS DEZ-24  SERV'!$B$2:$F$7984),3,FALSE)","v":"M3"},{"$f":"K104","v":0.84},{"$f":"VLOOKUP($G105,IF(LEFT($G105,3)=\"AMM\",COMPOSIÇÕES!$B$1:$E$4233,'BANCO DE DADOS DEZ-24  SERV'!$B$2:$F$7984),4,FALSE)","v":277.20999999999998},338.83,284.61,null,"CONFORME PROJETO ESTRUTURAL",{"$f":"F105","v":"6.15"}]
[6,{"$f":"IF(OR(C106=1,D106=1),SUMIF($A$25:A106,A106,$C$25:C106),\"\")","v":16},1,"",null,"6.16",102044,"SINAPI",{"$f":"VLOOKUP($G106,IF(LEFT($G106,3)=\"AMM\",COMPOSIÇÕES!$B$1:$E$4233,'BANCO DE DADOS DEZ-24  SERV'!$B$2:$F$7984),2,FALSE)","v":"MONTAGEM E DESMONTAGEM DE FÔRMA PARA ESCADAS, COM 1 LANCE E LAJE PLANA, EM CHAPA DE MADEIRA COMPENSADA PLASTIFICADA, 8 UTILIZAÇÕES. AF_11/2020"},{"$f":"VLOOKUP($G106,IF(LEFT($G106,3)=\"AMM\",COMPOSIÇÕES!$B$1:$E$4233,'BANCO DE DADOS DEZ-24  SERV'!$B$2:$F$7984),3,FALSE)","v":"M2"},4.46,{"$f":"VLOOKUP($G106,IF(LEFT($G106,3)=\"AMM\",COMPOSIÇÕES!$B$1:$E$4233,'BANCO DE DADOS DEZ-24  SERV'!$B$2:$F$7984),4,FALSE)","v":253.48},309.82,1381.79,null,"CONFORME PROJETO ESTRUTURAL","6.16"]
[6,{"$f":"IF(OR(C107=1,D107=1),SUMIF($A$25:A107,A107,$C$25:C107),\"\")","v":17},1,"",null,"6.17",95944,"SINAPI",{"$f":"VLOOKUP($G107,IF(LEFT($G107,3)=\"AMM\",COMPOSIÇÕES!$B$1:$E$4233,'BANCO DE DADOS DEZ-24  SERV'!$B$2:$F$7984),2,FALSE)","v":"ARMAÇÃO DE ESCADA, DE UMA ESTRUTURA CONVENCIONAL DE CONCRETO ARMADO UTILIZANDO AÇO CA-50 DE 6,3 MM - MONTAGEM. AF_11/2020"},{"$f":"VLOOKUP($G107,IF(LEFT($G107,3)=\"AMM\",COMPOSIÇÕES!$B$1:$E$4233,'BANCO DE DADOS DEZ-24  SERV'!$B$2:$F$7984),3,FALSE)","v":"KG"},9,{"$f":"VLOOKUP($G107,IF(LEFT($G107,3)=\"AMM\",COMPOSIÇÕES!$B$1:$E$4233,'BANCO DE DADOS DEZ-24  SERV'!$B$2:$F$7984),4,FALSE)","v":20.440000000000001},24.98,224.82,null,"CONFORME PROJETO ESTRUTURAL","6.17"]
[6,{"$f":"IF(OR(C108=1,D108=1),SUMIF($A$25:A108,A108,$C$25:C108),\"\")","v":18},1,"",null,"6.18",95946,"SINAPI",{"$f":"VLOOKUP($G108,IF(LEFT($G108,3)=\"AMM\",COMPOSIÇÕES!$B$1:$E$4233,'BANCO DE DADOS DEZ-24  SERV'!$B$2:$F$7984),2,FALSE)","v":"ARMAÇÃO DE ESCADA, DE UMA ESTRUTURA CONVENCIONAL DE CONCRETO ARMADO UTILIZANDO AÇO CA-50 DE 10,0 MM - MONTAGEM. AF_11/2020"},{"$f":"VLOOKUP($G108,IF(LEFT($G108,3)=\"AMM\",COMPOSIÇÕES!$B$1:$E$4233,'BANCO DE DADOS DEZ-24  SERV'!$B$2:$F$7984),3,FALSE)","v":"KG"},16,{"$f":"VLOOKUP($G108,IF(LEFT($G108,3)=\"AMM\",COMPOSIÇÕES!$B$1:$E$4233,'BANCO DE DADOS DEZ-24  SERV'!$B$2:$F$7984),4,FALSE)","v":13.7},16.739999999999998,267.83999999999997,null,"CONFORME PROJETO ESTRUTURAL","6.18"]
[6,{"$f":"IF(OR(C109=1,D109=1),SUMIF($A$25:A109,A109,$C$25:C109),\"\")","v":""},"","",null,"",null,null,"LAJE MACIÇA"]
[6,{"$f":"IF(OR(C110=1,D110=1),SUMIF($A$25:A110,A110,$C$25:C110),\"\")","v":19},1,"",null,"6.19",103675,{"$f":"IF(G110>=\"AMM\",\"PRÓPRIO\",\"SINAPI\")","v":"SINAPI"},{"$f":"VLOOKUP($G110,IF(LEFT($G110,3)=\"AMM\",COMPOSIÇÕES!$B$1:$E$4233,'BANCO DE DADOS DEZ-24  SERV'!$B$2:$F$7984),2,FALSE)","v":"CONCRETAGEM DE VIGAS E LAJES, FCK=25 MPA, PARA LAJES MACIÇAS OU NERVURADAS COM USO DE BOMBA - LANÇAMENTO, ADENSAMENTO E ACABAMENTO. AF_02/2022_PS"},{"$f":"VLOOKUP($G110,IF(LEFT($G110,3)=\"AMM\",COMPOSIÇÕES!$B$1:$E$4233,'BANCO DE DADOS DEZ-24  SERV'!$B$2:$F$7984),3,FALSE)","v":"M3"},2.09,{"$f":"VLOOKUP($G110,IF(LEFT($G110,3)=\"AMM\",COMPOSIÇÕES!$B$1:$E$4233,'BANCO DE DADOS DEZ-24  SERV'!$B$2:$F$7984),4,FALSE)","v":884.09},{"$f":"IF($Q$2=\"OUTROS\",TRUNC(L110*(1+$N$7),2),ROUND(L110*(1+$N$7),2))","v":1080.6199999999999},{"$f":"IF($Q$2=\"OUTROS\",TRUNC(M110*K110,2),ROUND(M110*K110,2))","v":2258.4899999999998},null,"CONFORME PROJETO ESTRUTURAL",{"$f":"F110","v":"6.19"}]
[6,{"$f":"IF(OR(C111=1,D111=1),SUMIF($A$25:A111,A111,$C$25:C111),\"\")","v":20},1,"",null,"6.20",92522,"SINAPI",{"$f":"VLOOKUP($G111,IF(LEFT($G111,3)=\"AMM\",COMPOSIÇÕES!$B$1:$E$4233,'BANCO DE DADOS DEZ-24  SERV'!$B$2:$F$7984),2,FALSE)","v":"MONTAGEM E DESMONTAGEM DE FÔRMA DE LAJE MACIÇA, PÉ-DIREITO SIMPLES, EM CHAPA DE MADEIRA COMPENSADA RESINADA, 8 UTILIZAÇÕES. AF_09/2020"},{"$f":"VLOOKUP($G111,IF(LEFT($G111,3)=\"AMM\",COMPOSIÇÕES!$B$1:$E$4233,'BANCO DE DADOS DEZ-24  SERV'!$B$2:$F$7984),3,FALSE)","v":"M2"},17.43,{"$f":"VLOOKUP($G111,IF(LEFT($G111,3)=\"AMM\",COMPOSIÇÕES!$B$1:$E$4233,'BANCO DE DADOS DEZ-24  SERV'!$B$2:$F$7984),4,FALSE)","v":47.98},58.64,1022.09,null,"CONFORME PROJETO ESTRUTURAL",{"$f":"F111","v":"6.20"}]
[6,{"$f":"IF(OR(C112=1,D112=1),SUMIF($A$25:A112,A112,$C$25:C112),\"\")","v":21},1,"",null,"6.21",92769,"SINAPI",{"$f":"VLOOKUP($G112,IF(LEFT($G112,3)=\"AMM\",COMPOSIÇÕES!$B$1:$E$4233,'BANCO DE DADOS DEZ-24  SERV'!$B$2:$F$7984),2,FALSE)","v":"ARMAÇÃO DE LAJE DE ESTRUTURA CONVENCIONAL DE CONCRETO ARMADO UTILIZANDO AÇO CA-50 DE 6,3 MM - MONTAGEM. AF_06/2022"},{"$f":"VLOOKUP($G112,IF(LEFT($G112,3)=\"AMM\",COMPOSIÇÕES!$B$1:$E$4233,'BANCO DE DADOS DEZ-24  SERV'!$B$2:$F$7984),3,FALSE)","v":"KG"},77,{"$f":"VLOOKUP($G112,IF(LEFT($G112,3)=\"AMM\",COMPOSIÇÕES!$B$1:$E$4233,'BANCO DE DADOS DEZ-24  SERV'!$B$2:$F$7984),4,FALSE)","v":13.72},16.760000000000002,1290.52,null,"CONFORME PROJETO ESTRUTURAL","6.21"]
[6,{"$f":"IF(OR(C113=1,D113=1),SUMIF($A$25:A113,A113,$C$25:C113),\"\")","v":""},"","",null,{"$f":"IF(B113<>\"\",A113&\".\"&B113,\"\")","v":""}]
[7,{"$f":"IF(OR(C114=1,D114=1),SUMIF($A$25:A114,A114,$C$25:C114),\"\")","v":0},"",1,null,"7.0",null,null,"IMPERMEABILIZAÇÃO",null,null,null,null,{"$f":"SUM(N116:N118)","v":6967.13}]
[{"$f":"IF(LEN(D115),OFFSET(A115,-1,0)+1,OFFSET(A115,-1,0))","v":7},{"$f":"IF(OR(C115=1,D115=1),SUMIF($A$25:A115,A115,$C$25:C115),\"\")","v":""},{"$f":"IF(G115>0,1,\"\")","v":""},{"$f":"IF(AND(CONCATENATE(G115,I115,J115,K115,L115,M115,N115)=I115&N115,CONCATENATE(G115,I115,J115,K115,L115,M115,N115)<>\"\",N115<>\"\"),1,\"\")","v":""},null,{"$f":"IF(B115<>\"\",A115&\".\"&B115,\"\")","v":""},null,null,"VIGAS BALDRAMES"]
[7,{"$f":"IF(OR(C116=1,D116=1),SUMIF($A$25:A116,A116,$C$25:C116),\"\")","v":1},1,"",null,"7.1",98562,{"$f":"IF(G116>=\"AMM\",\"PRÓPRIO\",\"SINAPI\")","v":"SINAPI"},{"$f":"VLOOKUP($G116,IF(LEFT($G116,3)=\"AMM\",COMPOSIÇÕES!$B$1:$E$4233,'BANCO DE DADOS DEZ-24  SERV'!$B$2:$F$7984),2,FALSE)","v":"IMPERMEABILIZAÇÃO DE SUPERFÍCIE COM ARGAMASSA DE CIMENTO E AREIA, COM ADITIVO IMPERMEABILIZANTE, E = 1,5CM. AF_09/2023"},{"$f":"VLOOKUP($G116,IF(LEFT($G116,3)=\"AMM\",COMPOSIÇÕES!$B$1:$E$4233,'BANCO DE DADOS DEZ-24  SERV'!$B$2:$F$7984),3,FALSE)","v":"M2"},{"$f":"K80","v":102.26},{"$f":"VLOOKUP($G116,IF(LEFT($G116,3)=\"AMM\",COMPOSIÇÕES!$B$1:$E$4233,'BANCO DE DADOS DEZ-24  SERV'!$B$2:$F$7984),4,FALSE)","v":49.11},{"$f":"IF($Q$2=\"OUTROS\",TRUNC(L116*(1+$N$7),2),ROUND(L116*(1+$N$7),2))","v":60.02},{"$f":"IF($Q$2=\"OUTROS\",TRUNC(M116*K116,2),ROUND(M116*K116,2))","v":6137.64},null,"CONFORME ÁREA DE FÔRMA DAS VIGAS BALDRAMES",{"$f":"F116","v":"7.1"}]
[7,{"$f":"IF(OR(C117=1,D117=1),SUMIF($A$25:A117,A117,$C$25:C117),\"\")","v":""},"","",null,"",null,null,"LAJE "]
[7,{"$f":"IF(OR(C118=1,D118=1),SUMIF($A$25:A118,A118,$C$25:C118),\"\")","v":2},1,"",null,"7.2",98557,{"$f":"IF(G118>=\"AMM\",\"PRÓPRIO\",\"SINAPI\")","v":"SINAPI"},{"$f":"VLOOKUP($G118,IF(LEFT($G118,3)=\"AMM\",COMPOSIÇÕES!$B$1:$E$4233,'BANCO DE DADOS DEZ-24  SERV'!$B$2:$F$7984),2,FALSE)","v":"IMPERMEABILIZAÇÃO DE SUPERFÍCIE COM EMULSÃO ASFÁLTICA, 2 DEMÃOS. AF_09/2023"},{"$f":"VLOOKUP($G118,IF(LEFT($G118,3)=\"AMM\",COMPOSIÇÕES!$B$1:$E$4233,'BANCO DE DADOS DEZ-24  SERV'!$B$2:$F$7984),3,FALSE)","v":"M2"},{"$f":"K111","v":17.43},{"$f":"VLOOKUP($G118,IF(LEFT($G118,3)=\"AMM\",COMPOSIÇÕES!$B$1:$E$4233,'BANCO DE DADOS DEZ-24  SERV'!$B$2:$F$7984),4,FALSE)","v":38.94},{"$f":"IF($Q$2=\"OUTROS\",TRUNC(L118*(1+$N$7),2),ROUND(L118*(1+$N$7),2))","v":47.59},{"$f":"IF($Q$2=\"OUTROS\",TRUNC(M118*K118,2),ROUND(M118*K118,2))","v":829.49},null,"CONFORME ÁREA DE FÔRMA DAS LAJES",{"$f":"F118","v":"7.2"}]
[7,{"$f":"IF(OR(C119=1,D119=1),SUMIF($A$25:A119,A119,$C$25:C119),\"\")","v":""},"","",null,"",null,null,null,null,null,null,null,null,null,null,""]
[8,{"$f":"IF(OR(C120=1,D120=1),SUMIF($A$25:A120,A120,$C$25:C120),\"\")","v":0},"",1,null,"8.0",null,null,"ALVENARIA, FECHAMENTOS E DIVISÓRIAS",null,null,null,null,{"$f":"SUM(N122:N135)","v":42373.380000000005}]
[{"$f":"IF(LEN(D121),OFFSET(A121,-1,0)+1,OFFSET(A121,-1,0))","v":8},{"$f":"IF(OR(C121=1,D121=1),SUMIF($A$25:A121,A121,$C$25:C121),\"\")","v":""},{"$f":"IF(G121>0,1,\"\")","v":""},{"$f":"IF(AND(CONCATENATE(G121,I121,J121,K121,L121,M121,N121)=I121&N121,CONCATENATE(G121,I121,J121,K121,L121,M121,N121)<>\"\",N121<>\"\"),1,\"\")","v":""},null,"",null,null,"ALVENARIA"]
[8,{"$f":"IF(OR(C122=1,D122=1),SUMIF($A$25:A122,A122,$C$25:C122),\"\")","v":1},1,"",null,"8.1",103328,{"$f":"IF(G122>=\"AMM\",\"PRÓPRIO\",\"SINAPI\")","v":"SINAPI"},{"$f":"VLOOKUP($G122,IF(LEFT($G122,3)=\"AMM\",COMPOSIÇÕES!$B$1:$E$4233,'BANCO DE DADOS DEZ-24  SERV'!$B$2:$F$7984),2,FALSE)","v":"ALVENARIA DE VEDAÇÃO DE BLOCOS CERÂMICOS FURADOS NA HORIZONTAL DE 9X19X19 CM (ESPESSURA 9 CM) E ARGAMASSA DE ASSENTAMENTO COM PREPARO EM BETONEIRA. AF_12/2021"},{"$f":"VLOOKUP($G122,IF(LEFT($G122,3)=\"AMM\",COMPOSIÇÕES!$B$1:$E$4233,'BANCO DE DADOS DEZ-24  SERV'!$B$2:$F$7984),3,FALSE)","v":"M2"},202.34,{"$f":"VLOOKUP($G122,IF(LEFT($G122,3)=\"AMM\",COMPOSIÇÕES!$B$1:$E$4233,'BANCO DE DADOS DEZ-24  SERV'!$B$2:$F$7984),4,FALSE)","v":95.71},{"$f":"IF($Q$2=\"OUTROS\",TRUNC(L122*(1+$N$7),2),ROUND(L122*(1+$N$7),2))","v":116.98},{"$f":"IF($Q$2=\"OUTROS\",TRUNC(M122*K122,2),ROUND(M122*K122,2))","v":23669.73},null,"CONFORME PROJETO ARQUITETÔNICO",{"$f":"F122","v":"8.1"}]
[{"$f":"IF(LEN(D123),OFFSET(A123,-1,0)+1,OFFSET(A123,-1,0))","v":8},{"$f":"IF(OR(C123=1,D123=1),SUMIF($A$25:A123,A123,$C$25:C123),\"\")","v":""},{"$f":"IF(G123>0,1,\"\")","v":""},{"$f":"IF(AND(CONCATENATE(G123,I123,J123,K123,L123,M123,N123)=I123&N123,CONCATENATE(G123,I123,J123,K123,L123,M123,N123)<>\"\",N123<>\"\"),1,\"\")","v":""},null,{"$f":"IF(B123<>\"\",A123&\".\"&B123,\"\")","v":""},null,null,"ALVENARIA - COMPLEMENTAÇÃO DO MURO"]
[8,{"$f":"IF(OR(C124=1,D124=1),SUMIF($A$25:A124,A124,$C$25:C124),\"\")","v":2},1,"",null,{"$f":"IF(B124<>\"\",A124&\".\"&B124,\"\")","v":"8.2"},103328,{"$f":"IF(G124>=\"AMM\",\"PRÓPRIO\",\"SINAPI\")","v":"SINAPI"},{"$f":"VLOOKUP($G124,IF(LEFT($G124,3)=\"AMM\",COMPOSIÇÕES!$B$1:$E$4233,'BANCO DE DADOS DEZ-24  SERV'!$B$2:$F$7984),2,FALSE)","v":"ALVENARIA DE VEDAÇÃO DE BLOCOS CERÂMICOS FURADOS NA HORIZONTAL DE 9X19X19 CM (ESPESSURA 9 CM) E ARGAMASSA DE ASSENTAMENTO COM PREPARO EM BETONEIRA. AF_12/2021"},{"$f":"VLOOKUP($G124,IF(LEFT($G124,3)=\"AMM\",COMPOSIÇÕES!$B$1:$E$4233,'BANCO DE DADOS DEZ-24  SERV'!$B$2:$F$7984),3,FALSE)","v":"M2"},70.400000000000006,{"$f":"VLOOKUP($G124,IF(LEFT($G124,3)=\"AMM\",COMPOSIÇÕES!$B$1:$E$4233,'BANCO DE DADOS DEZ-24  SERV'!$B$2:$F$7984),4,FALSE)","v":95.71},{"$f":"IF($Q$2=\"OUTROS\",TRUNC(L124*(1+$N$7),2),ROUND(L124*(1+$N$7),2))","v":116.98},{"$f":"IF($Q$2=\"OUTROS\",TRUNC(M124*K124,2),ROUND(M124*K124,2))","v":8235.39},null,"ALVENARIA PARA COMPLEMENTO DA ALTURA DO MURO - CONFORME PROJETO ARQUITETÔNICO",{"$f":"F124","v":"8.2"}]
[8,{"$f":"IF(OR(C125=1,D125=1),SUMIF($A$25:A125,A125,$C$25:C125),\"\")","v":""},"","",null,"",null,null,"ALVENARIA - FOSSO"]
[{"$f":"IF(LEN(D126),OFFSET(A126,-1,0)+1,OFFSET(A126,-1,0))","v":8},{"$f":"IF(OR(C126=1,D126=1),SUMIF($A$25:A126,A126,$C$25:C126),\"\")","v":3},{"$f":"IF(G126>0,1,\"\")","v":1},{"$f":"IF(AND(CONCATENATE(G126,I126,J126,K126,L126,M126,N126)=I126&N126,CONCATENATE(G126,I126,J126,K126,L126,M126,N126)<>\"\",N126<>\"\"),1,\"\")","v":""},null,{"$f":"IF(B126<>\"\",A126&\".\"&B126,\"\")","v":"8.3"},89480,{"$f":"IF(G126>=\"AMM\",\"PRÓPRIO\",\"SINAPI\")","v":"SINAPI"},{"$f":"VLOOKUP($G126,IF(LEFT($G126,3)=\"AMM\",COMPOSIÇÕES!$B$1:$E$4233,'BANCO DE DADOS DEZ-24  SERV'!$B$2:$F$7984),2,FALSE)","v":"ALVENARIA DE BLOCOS DE CONCRETO ESTRUTURAL 14X19X29 CM (ESPESSURA 14 CM), FBK = 14 MPA, UTILIZANDO COLHER DE PEDREIRO. AF_10/2022"},{"$f":"VLOOKUP($G126,IF(LEFT($G126,3)=\"AMM\",COMPOSIÇÕES!$B$1:$E$4233,'BANCO DE DADOS DEZ-24  SERV'!$B$2:$F$7984),3,FALSE)","v":"M2"},{"$f":"TRUNC((1.68*3.48+(0.28*(1.52+1.35+1.17+1+0.82+0.65+0.48+0.3+0.13)))*2+(0.7*1.68),2)","v":17.02},{"$f":"VLOOKUP($G126,IF(LEFT($G126,3)=\"AMM\",COMPOSIÇÕES!$B$1:$E$4233,'BANCO DE DADOS DEZ-24  SERV'!$B$2:$F$7984),4,FALSE)","v":162.38},{"$f":"IF($Q$2=\"OUTROS\",TRUNC(L126*(1+$N$7),2),ROUND(L126*(1+$N$7),2))","v":198.47},{"$f":"IF($Q$2=\"OUTROS\",TRUNC(M126*K126,2),ROUND(M126*K126,2))","v":3377.95},null,"(1,68*3,48+(0,28*(1,52+1,35+1,17+1+0,82+0,65+0,48+0,3+0,13)))*2+(0,7*1,68)",{"$f":"F126","v":"8.3"}]
[8,{"$f":"IF(OR(C127=1,D127=1),SUMIF($A$25:A127,A127,$C$25:C127),\"\")","v":""},"","",null,{"$f":"IF(B127<>\"\",A127&\".\"&B127,\"\")","v":""},null,null,"ENCUNHAMENTO DE ALVENARIA"]
[8,{"$f":"IF(OR(C128=1,D128=1),SUMIF($A$25:A128,A128,$C$25:C128),\"\")","v":4},1,"",null,"8.4",93200,{"$f":"IF(G128>=\"AMM\",\"PRÓPRIO\",\"SINAPI\")","v":"SINAPI"},{"$f":"VLOOKUP($G128,IF(LEFT($G128,3)=\"AMM\",COMPOSIÇÕES!$B$1:$E$4233,'BANCO DE DADOS DEZ-24  SERV'!$B$2:$F$7984),2,FALSE)","v":"FIXAÇÃO (ENCUNHAMENTO) DE ALVENARIA DE VEDAÇÃO COM ARGAMASSA APLICADA COM BISNAGA. AF_03/2024"},{"$f":"VLOOKUP($G128,IF(LEFT($G128,3)=\"AMM\",COMPOSIÇÕES!$B$1:$E$4233,'BANCO DE DADOS DEZ-24  SERV'!$B$2:$F$7984),3,FALSE)","v":"M"},{"$f":"TRUNC(3.05*2+3.75*2+4*2+4+1.85+4.05,2)","v":31.5},{"$f":"VLOOKUP($G128,IF(LEFT($G128,3)=\"AMM\",COMPOSIÇÕES!$B$1:$E$4233,'BANCO DE DADOS DEZ-24  SERV'!$B$2:$F$7984),4,FALSE)","v":10.85},{"$f":"IF($Q$2=\"OUTROS\",TRUNC(L128*(1+$N$7),2),ROUND(L128*(1+$N$7),2))","v":13.26},{"$f":"IF($Q$2=\"OUTROS\",TRUNC(M128*K128,2),ROUND(M128*K128,2))","v":417.69},null,"3,05*2+3,75*2+4*2+4+1,85+4,05  **Encunhamento das paredes a construir ",{"$f":"F128","v":"8.4"}]
[8,{"$f":"IF(OR(C129=1,D129=1),SUMIF($A$25:A129,A129,$C$25:C129),\"\")","v":""},"","",null,"",null,null,"VERGAS E CONTRAVERGAS"]
[8,{"$f":"IF(OR(C130=1,D130=1),SUMIF($A$25:A130,A130,$C$25:C130),\"\")","v":5},1,"",null,"8.5",105023,{"$f":"IF(G130>=\"AMM\",\"PRÓPRIO\",\"SINAPI\")","v":"SINAPI"},{"$f":"VLOOKUP($G130,IF(LEFT($G130,3)=\"AMM\",COMPOSIÇÕES!$B$1:$E$4233,'BANCO DE DADOS DEZ-24  SERV'!$B$2:$F$7984),2,FALSE)","v":"VERGA MOLDADA IN LOCO EM CONCRETO, ESPESSURA DE *15* CM. AF_03/2024"},{"$f":"VLOOKUP($G130,IF(LEFT($G130,3)=\"AMM\",COMPOSIÇÕES!$B$1:$E$4233,'BANCO DE DADOS DEZ-24  SERV'!$B$2:$F$7984),3,FALSE)","v":"M"},{"$f":"TRUNC(((1.5+0.5)*2)+((2+0.5)*2)+((0.9+0.5)*3)+(1+0.5),2)","v":14.7},{"$f":"VLOOKUP($G130,IF(LEFT($G130,3)=\"AMM\",COMPOSIÇÕES!$B$1:$E$4233,'BANCO DE DADOS DEZ-24  SERV'!$B$2:$F$7984),4,FALSE)","v":65.3},{"$f":"IF($Q$2=\"OUTROS\",TRUNC(L130*(1+$N$7),2),ROUND(L130*(1+$N$7),2))","v":79.81},{"$f":"IF($Q$2=\"OUTROS\",TRUNC(M130*K130,2),ROUND(M130*K130,2))","v":1173.2},null,"((1,5+0,5)*2)+((2+0,5)*2)+((0,9+0,5)*3)+(1+0,5) **INCLUSO APENAS ESQUADRIAS ONDE TERÁ PAREDES NOVAS (2J10+2P15+1P5+1P14+2P5)",{"$f":"F130","v":"8.5"}]
[8,{"$f":"IF(OR(C131=1,D131=1),SUMIF($A$25:A131,A131,$C$25:C131),\"\")","v":6},1,"",null,"8.6",105029,"SINAPI",{"$f":"VLOOKUP($G131,IF(LEFT($G131,3)=\"AMM\",COMPOSIÇÕES!$B$1:$E$4233,'BANCO DE DADOS DEZ-24  SERV'!$B$2:$F$7984),2,FALSE)","v":"CONTRAVERGA MOLDADA IN LOCO EM CONCRETO, ESPESSURA DE *15* CM. AF_03/2024"},{"$f":"VLOOKUP($G131,IF(LEFT($G131,3)=\"AMM\",COMPOSIÇÕES!$B$1:$E$4233,'BANCO DE DADOS DEZ-24  SERV'!$B$2:$F$7984),3,FALSE)","v":"M"},{"$f":"TRUNC((1.5+0.5)*2,2)","v":4},{"$f":"VLOOKUP($G131,IF(LEFT($G131,3)=\"AMM\",COMPOSIÇÕES!$B$1:$E$4233,'BANCO DE DADOS DEZ-24  SERV'!$B$2:$F$7984),4,FALSE)","v":50.46},{"$f":"IF($Q$2=\"OUTROS\",TRUNC(L131*(1+$N$7),2),ROUND(L131*(1+$N$7),2))","v":61.67},246.68,null,"((1,5+0,5)*2) **INCLUSO APENAS ESQUADRIAS ONDE TERÁ PAREDES NOVAS (2J10)","8.6"]
[8,{"$f":"IF(OR(C132=1,D132=1),SUMIF($A$25:A132,A132,$C$25:C132),\"\")","v":""},"","",null,"",null,null,"DIVISÓRIAS"]
[8,{"$f":"IF(OR(C133=1,D133=1),SUMIF($A$25:A133,A133,$C$25:C133),\"\")","v":7},1,"",null,"8.7",{"$f":"'COMPOSIÇÃO CIVIL'!B49","v":"CIV 004"},{"$f":"IF(G133>=\"AMM\",\"PRÓPRIO\",\"SINAPI\")","v":"PRÓPRIO"},{"$f":"'COMPOSIÇÃO CIVIL'!C49","v":"PLACA CIMENTÍCIA E =6MM, PARA FECHAMENTO DA FACHADA (1 LADO/FACE), JUNTAS APARENTES, FIXADA EM ESTRUTURA METÁLICA, EXCLUSIVE ESTA (FORNECIMENTO E ASSENTAMENTO)"},{"$f":"'COMPOSIÇÃO CIVIL'!G49","v":"M2"},6.11,{"$f":"'COMPOSIÇÃO CIVIL'!G59","v":78.75},{"$f":"IF($Q$2=\"OUTROS\",TRUNC(L133*(1+$N$7),2),ROUND(L133*(1+$N$7),2))","v":96.25},{"$f":"IF($Q$2=\"OUTROS\",TRUNC(M133*K133,2),ROUND(M133*K133,2))","v":588.08000000000004},null,"CONFORME PROJETO ARQUITETÔNICO",{"$f":"F133","v":"8.7"}]
[{"$f":"IF(LEN(D134),OFFSET(A134,-1,0)+1,OFFSET(A134,-1,0))","v":8},{"$f":"IF(OR(C134=1,D134=1),SUMIF($A$25:A134,A134,$C$25:C134),\"\")","v":""},{"$f":"IF(G134>0,1,\"\")","v":""},{"$f":"IF(AND(CONCATENATE(G134,I134,J134,K134,L134,M134,N134)=I134&N134,CONCATENATE(G134,I134,J134,K134,L134,M134,N134)<>\"\",N134<>\"\"),1,\"\")","v":""},null,{"$f":"IF(B134<>\"\",A134&\".\"&B134,\"\")","v":""},null,null,"ACM"]
[8,{"$f":"IF(OR(C135=1,D135=1),SUMIF($A$25:A135,A135,$C$25:C135),\"\")","v":8},1,"",null,"8.8",{"$f":"'COMPOSIÇÃO CIVIL'!B65","v":"CIV 005"},{"$f":"IF(G135>=\"AMM\",\"PRÓPRIO\",\"SINAPI\")","v":"PRÓPRIO"},{"$f":"'COMPOSIÇÃO CIVIL'!C65","v":"FORNECIMENTO E INSTALAÇÃO DE REVESTIMENTO EM CHAPA DE ACM"},{"$f":"'COMPOSIÇÃO CIVIL'!G65","v":"M2"},6.18,{"$f":"'COMPOSIÇÃO CIVIL'!G77","v":617.53},{"$f":"IF($Q$2=\"OUTROS\",TRUNC(L135*(1+$N$7),2),ROUND(L135*(1+$N$7),2))","v":754.8},{"$f":"IF($Q$2=\"OUTROS\",TRUNC(M135*K135,2),ROUND(M135*K135,2))","v":4664.66},null,"CONFORME PROJETO ARQUITETÔNICO",{"$f":"F135","v":"8.8"}]
[8,{"$f":"IF(OR(C136=1,D136=1),SUMIF($A$25:A136,A136,$C$25:C136),\"\")","v":""},"","",null,""]
[9,{"$f":"IF(OR(C137=1,D137=1),SUMIF($A$25:A137,A137,$C$25:C137),\"\")","v":0},"",1,null,"9.0",null,null,"ESQUADRIAS",null,null,null,null,{"$f":"SUM(N139:N164)","v":79636.800000000003}]
[9,{"$f":"IF(OR(C138=1,D138=1),SUMIF($A$25:A138,A138,$C$25:C138),\"\")","v":""},"","",null,{"$f":"IF(B138<>\"\",A138&\".\"&B138,\"\")","v":""},null,null,"CONTRAMARCO"]
[9,{"$f":"IF(OR(C139=1,D139=1),SUMIF($A$25:A139,A139,$C$25:C139),\"\")","v":1},1,"",null,{"$f":"IF(B139<>\"\",A139&\".\"&B139,\"\")","v":"9.1"},94589,{"$f":"IF(G139>=\"AMM\",\"PRÓPRIO\",\"SINAPI\")","v":"SINAPI"},{"$f":"VLOOKUP($G139,IF(LEFT($G139,3)=\"AMM\",COMPOSIÇÕES!$B$1:$E$4233,'BANCO DE DADOS DEZ-24  SERV'!$B$2:$F$7984),2,FALSE)","v":"CONTRAMARCO DE ALUMÍNIO, FIXAÇÃO COM ARGAMASSA - FORNECIMENTO E INSTALAÇÃO. AF_11/2024"},{"$f":"VLOOKUP($G139,IF(LEFT($G139,3)=\"AMM\",COMPOSIÇÕES!$B$1:$E$4233,'BANCO DE DADOS DEZ-24  SERV'!$B$2:$F$7984),3,FALSE)","v":"M"},{"$f":"TRUNC(1.5*4+1.2*4,2)","v":10.8},{"$f":"VLOOKUP($G139,IF(LEFT($G139,3)=\"AMM\",COMPOSIÇÕES!$B$1:$E$4233,'BANCO DE DADOS DEZ-24  SERV'!$B$2:$F$7984),4,FALSE)","v":19.260000000000002},{"$f":"IF($Q$2=\"OUTROS\",TRUNC(L139*(1+$N$7),2),ROUND(L139*(1+$N$7),2))","v":23.54},{"$f":"IF($Q$2=\"OUTROS\",TRUNC(M139*K139,2),ROUND(M139*K139,2))","v":254.23},null,"1,5*4+1,2*4  **2 JANELAS J10",{"$f":"F139","v":"9.1"}]
[9,{"$f":"IF(OR(C140=1,D140=1),SUMIF($A$25:A140,A140,$C$25:C140),\"\")","v":""},"","",null,{"$f":"IF(B140<>\"\",A140&\".\"&B140,\"\")","v":""},null,null,"JANELAS EM ALUMÍNIO"]
[9,{"$f":"IF(OR(C141=1,D141=1),SUMIF($A$25:A141,A141,$C$25:C141),\"\")","v":2},1,"",null,"9.2",94569,{"$f":"IF(G141>=\"AMM\",\"PRÓPRIO\",\"SINAPI\")","v":"SINAPI"},{"$f":"VLOOKUP($G141,IF(LEFT($G141,3)=\"AMM\",COMPOSIÇÕES!$B$1:$E$4233,'BANCO DE DADOS DEZ-24  SERV'!$B$2:$F$7984),2,FALSE)","v":"JANELA DE ALUMÍNIO TIPO MAXIM-AR, COM VIDROS, BATENTE E FERRAGENS, EXCLUSIVE ALIZAR, ACABAMENTO E CONTRAMARCO, FIXAÇÃO COM PARAFUSO. FORNECIMENTO E INSTALAÇÃO. AF_11/2024"},{"$f":"VLOOKUP($G141,IF(LEFT($G141,3)=\"AMM\",COMPOSIÇÕES!$B$1:$E$4233,'BANCO DE DADOS DEZ-24  SERV'!$B$2:$F$7984),3,FALSE)","v":"M2"},{"$f":"TRUNC(0.72+0.36*7+1.1,2)","v":4.34},{"$f":"VLOOKUP($G141,IF(LEFT($G141,3)=\"AMM\",COMPOSIÇÕES!$B$1:$E$4233,'BANCO DE DADOS DEZ-24  SERV'!$B$2:$F$7984),4,FALSE)","v":628.75},{"$f":"IF($Q$2=\"OUTROS\",TRUNC(L141*(1+$N$7),2),ROUND(L141*(1+$N$7),2))","v":768.52},{"$f":"IF($Q$2=\"OUTROS\",TRUNC(M141*K141,2),ROUND(M141*K141,2))","v":3335.37},null,"1 UNIDADE DE J7 + 7 UNIDADES DE J8 + 1 UNIDADE DE J9",{"$f":"F141","v":"9.2"}]
[9,{"$f":"IF(OR(C142=1,D142=1),SUMIF($A$25:A142,A142,$C$25:C142),\"\")","v":""},"","",null,"",null,null,"JANELA EM VIDRO"]
[9,{"$f":"IF(OR(C143=1,D143=1),SUMIF($A$25:A143,A143,$C$25:C143),\"\")","v":3},1,"",null,"9.3",{"$f":"'COMPOSIÇÃO CIVIL'!B100","v":"CIV 006"},{"$f":"IF(G143>=\"AMM\",\"PRÓPRIO\",\"SINAPI\")","v":"PRÓPRIO"},{"$f":"'COMPOSIÇÃO CIVIL'!C100","v":"JANELA EM VIDRO TEMPERADO 8 MM, DE CORRER COM ESTRUTURA EM ALUMÍNIO"},{"$f":"'COMPOSIÇÃO CIVIL'!G100","v":"M2"},{"$f":"TRUNC(2*3+1.8*2+3,2)","v":12.6},{"$f":"'COMPOSIÇÃO CIVIL'!G107","v":692.41},{"$f":"IF($Q$2=\"OUTROS\",TRUNC(L143*(1+$N$7),2),ROUND(L143*(1+$N$7),2))","v":846.33},{"$f":"IF($Q$2=\"OUTROS\",TRUNC(M143*K143,2),ROUND(M143*K143,2))","v":10663.75},null,"3 UNIDADES DE J6 + 2 UNIDADES DE J10 + 1 UNIDADE DE J11",{"$f":"F143","v":"9.3"}]
[9,{"$f":"IF(OR(C144=1,D144=1),SUMIF($A$25:A144,A144,$C$25:C144),\"\")","v":""},"","",null,"",null,null,"PORTAS EM MADEIRA"]
[9,{"$f":"IF(OR(C145=1,D145=1),SUMIF($A$25:A145,A145,$C$25:C145),\"\")","v":4},1,"",null,"9.4",91312,{"$f":"IF(G145>=\"AMM\",\"PRÓPRIO\",\"SINAPI\")","v":"SINAPI"},{"$f":"VLOOKUP($G145,IF(LEFT($G145,3)=\"AMM\",COMPOSIÇÕES!$B$1:$E$4233,'BANCO DE DADOS DEZ-24  SERV'!$B$2:$F$7984),2,FALSE)","v":"KIT DE PORTA DE MADEIRA PARA PINTURA, SEMI-OCA (LEVE OU MÉDIA), PADRÃO POPULAR, 60X210CM, ESPESSURA DE 3,5CM, ITENS INCLUSOS: DOBRADIÇAS, MONTAGEM E INSTALAÇÃO DO BATENTE, FECHADURA COM EXECUÇÃO DO FURO - FORNECIMENTO E INSTALAÇÃO. AF_12/2019"},{"$f":"VLOOKUP($G145,IF(LEFT($G145,3)=\"AMM\",COMPOSIÇÕES!$B$1:$E$4233,'BANCO DE DADOS DEZ-24  SERV'!$B$2:$F$7984),3,FALSE)","v":"UN"},1,{"$f":"VLOOKUP($G145,IF(LEFT($G145,3)=\"AMM\",COMPOSIÇÕES!$B$1:$E$4233,'BANCO DE DADOS DEZ-24  SERV'!$B$2:$F$7984),4,FALSE)","v":870.15},{"$f":"IF($Q$2=\"OUTROS\",TRUNC(L145*(1+$N$7),2),ROUND(L145*(1+$N$7),2))","v":1063.58},{"$f":"IF($Q$2=\"OUTROS\",TRUNC(M145*K145,2),ROUND(M145*K145,2))","v":1063.58},null,"1 UNIDADE PORTA P1",{"$f":"F145","v":"9.4"}]
[{"$f":"IF(LEN(D146),OFFSET(A146,-1,0)+1,OFFSET(A146,-1,0))","v":9},{"$f":"IF(OR(C146=1,D146=1),SUMIF($A$25:A146,A146,$C$25:C146),\"\")","v":5},{"$f":"IF(G146>0,1,\"\")","v":1},{"$f":"IF(AND(CONCATENATE(G146,I146,J146,K146,L146,M146,N146)=I146&N146,CONCATENATE(G146,I146,J146,K146,L146,M146,N146)<>\"\",N146<>\"\"),1,\"\")","v":""},null,"9.5",91315,"SINAPI",{"$f":"VLOOKUP($G146,IF(LEFT($G146,3)=\"AMM\",COMPOSIÇÕES!$B$1:$E$4233,'BANCO DE DADOS DEZ-24  SERV'!$B$2:$F$7984),2,FALSE)","v":"KIT DE PORTA DE MADEIRA PARA PINTURA, SEMI-OCA (LEVE OU MÉDIA), PADRÃO POPULAR, 90X210CM, ESPESSURA DE 3,5CM, ITENS INCLUSOS: DOBRADIÇAS, MONTAGEM E INSTALAÇÃO DO BATENTE, FECHADURA COM EXECUÇÃO DO FURO - FORNECIMENTO E INSTALAÇÃO. AF_12/2019"},{"$f":"VLOOKUP($G146,IF(LEFT($G146,3)=\"AMM\",COMPOSIÇÕES!$B$1:$E$4233,'BANCO DE DADOS DEZ-24  SERV'!$B$2:$F$7984),3,FALSE)","v":"UN"},7,{"$f":"VLOOKUP($G146,IF(LEFT($G146,3)=\"AMM\",COMPOSIÇÕES!$B$1:$E$4233,'BANCO DE DADOS DEZ-24  SERV'!$B$2:$F$7984),4,FALSE)","v":992.03},{"$f":"IF($Q$2=\"OUTROS\",TRUNC(L146*(1+$N$7),2),ROUND(L146*(1+$N$7),2))","v":1212.55},8487.85,null,"7 UNIDADES - PORTA P13","9.5"]
[9,{"$f":"IF(OR(C147=1,D147=1),SUMIF($A$25:A147,A147,$C$25:C147),\"\")","v":6},1,"",null,"9.6",{"$f":"'COMPOSIÇÃO CIVIL'!B110","v":"CIV 007"},"PRÓPRIO",{"$f":"'COMPOSIÇÃO CIVIL'!C110","v":"KIT DE PORTA DE MADEIRA PARA PINTURA, SEMI-OCA (LEVE OU MÉDIA), PADRÃO POPULAR, 90X210CM, ESPESSURA DE 3,5CM, ITENS INCLUSOS: DOBRADIÇAS, MONTAGEM E INSTALAÇÃO DO BATENTE, FECHADURA COM EXECUÇÃO DO FURO - FORNECIMENTO E INSTALAÇÃO. AF_08/2015 - ADAPTADA PARA PNE"},{"$f":"'COMPOSIÇÃO CIVIL'!G110","v":"UN"},4,{"$f":"'COMPOSIÇÃO CIVIL'!G118","v":1341.83},{"$f":"IF($Q$2=\"OUTROS\",TRUNC(L147*(1+$N$7),2),ROUND(L147*(1+$N$7),2))","v":1640.11},6560.44,null,"4 UNIDADES - PORTA P5","9.6"]
[9,{"$f":"IF(OR(C148=1,D148=1),SUMIF($A$25:A148,A148,$C$25:C148),\"\")","v":7},1,"",null,"9.7",{"$f":"'COMPOSIÇÃO CIVIL'!B137","v":"CIV 008"},"PRÓPRIO",{"$f":"'COMPOSIÇÃO CIVIL'!C137","v":"KIT DE PORTA DE MADEIRA PARA PINTURA, SEMI-OCA (LEVE OU MÉDIA), PADRÃO POPULAR, 100X210CM, ESPESSURA DE 3,5CM, ITENS INCLUSOS: DOBRADIÇAS, MONTAGEM E INSTALAÇÃO DO BATENTE, FECHADURA COM EXECUÇÃO DO FURO - FORNECIMENTO E INSTALAÇÃO. AF_08/2015"},{"$f":"'COMPOSIÇÃO CIVIL'!G137","v":"UN"},1,{"$f":"'COMPOSIÇÃO CIVIL'!G144","v":1029.7399999999998},{"$f":"IF($Q$2=\"OUTROS\",TRUNC(L148*(1+$N$7),2),ROUND(L148*(1+$N$7),2))","v":1258.6500000000001},1258.6500000000001,null,"1 UNIDADE - PORTA P14","9.7"]
[9,{"$f":"IF(OR(C149=1,D149=1),SUMIF($A$25:A149,A149,$C$25:C149),\"\")","v":""},"","",null,"",null,null,"PORTAS EM AÇO"]
[9,{"$f":"IF(OR(C150=1,D150=1),SUMIF($A$25:A150,A150,$C$25:C150),\"\")","v":8},1,"",null,"9.8",{"$f":"'COMPOSIÇÃO CIVIL'!B287","v":"CIV 015"},{"$f":"IF(G150>=\"AMM\",\"PRÓPRIO\",\"SINAPI\")","v":"PRÓPRIO"},{"$f":"'COMPOSIÇÃO CIVIL'!C287","v":"PORTA EM AÇO DE ABRIR, 100X210CM - FORNECIMENTO E INSTALAÇÃO"},{"$f":"'COMPOSIÇÃO CIVIL'!G287","v":"M2"},1,{"$f":"'COMPOSIÇÃO CIVIL'!G295","v":1060.4000000000001},{"$f":"IF($Q$2=\"OUTROS\",TRUNC(L150*(1+$N$7),2),ROUND(L150*(1+$N$7),2))","v":1296.1199999999999},{"$f":"IF($Q$2=\"OUTROS\",TRUNC(M150*K150,2),ROUND(M150*K150,2))","v":1296.1199999999999},null,"1 UNIDADE - PORTA P6",{"$f":"F150","v":"9.8"}]
[9,{"$f":"IF(OR(C151=1,D151=1),SUMIF($A$25:A151,A151,$C$25:C151),\"\")","v":9},1,"",null,"9.9",94807,{"$f":"IF(G151>=\"AMM\",\"PRÓPRIO\",\"SINAPI\")","v":"SINAPI"},{"$f":"VLOOKUP($G151,IF(LEFT($G151,3)=\"AMM\",COMPOSIÇÕES!$B$1:$E$4233,'BANCO DE DADOS DEZ-24  SERV'!$B$2:$F$7984),2,FALSE)","v":"PORTA EM AÇO DE ABRIR TIPO VENEZIANA SEM GUARNIÇÃO, 87X210CM, FIXAÇÃO COM PARAFUSOS - FORNECIMENTO E INSTALAÇÃO. AF_12/2019"},{"$f":"VLOOKUP($G151,IF(LEFT($G151,3)=\"AMM\",COMPOSIÇÕES!$B$1:$E$4233,'BANCO DE DADOS DEZ-24  SERV'!$B$2:$F$7984),3,FALSE)","v":"UN"},1,{"$f":"VLOOKUP($G151,IF(LEFT($G151,3)=\"AMM\",COMPOSIÇÕES!$B$1:$E$4233,'BANCO DE DADOS DEZ-24  SERV'!$B$2:$F$7984),4,FALSE)","v":797.02},{"$f":"IF($Q$2=\"OUTROS\",TRUNC(L151*(1+$N$7),2),ROUND(L151*(1+$N$7),2))","v":974.19},{"$f":"IF($Q$2=\"OUTROS\",TRUNC(M151*K151,2),ROUND(M151*K151,2))","v":974.19},null,"1 UNIDADE - PORTA P2",{"$f":"F151","v":"9.9"}]
[9,{"$f":"IF(OR(C152=1,D152=1),SUMIF($A$25:A152,A152,$C$25:C152),\"\")","v":""},"","",null,"",null,null,"PORTAS EM VIDRO"]
[9,{"$f":"IF(OR(C153=1,D153=1),SUMIF($A$25:A153,A153,$C$25:C153),\"\")","v":10},1,"",null,"9.10",{"$f":"'COMPOSIÇÃO CIVIL'!B204","v":"CIV 009"},{"$f":"IF(G153>=\"AMM\",\"PRÓPRIO\",\"SINAPI\")","v":"PRÓPRIO"},{"$f":"'COMPOSIÇÃO CIVIL'!C204","v":"PORTA DE CORRER EM VIDRO TEMPERADO COM ESTRUTURA DE ALUMÍNIO"},{"$f":"'COMPOSIÇÃO CIVIL'!G204","v":"M2"},{"$f":"TRUNC(2*2.1*2+4*2.1*1,2)","v":16.8},{"$f":"'COMPOSIÇÃO CIVIL'!G211","v":803.48},{"$f":"IF($Q$2=\"OUTROS\",TRUNC(L153*(1+$N$7),2),ROUND(L153*(1+$N$7),2))","v":982.09},{"$f":"IF($Q$2=\"OUTROS\",TRUNC(M153*K153,2),ROUND(M153*K153,2))","v":16499.11},null,"2 UNIDADES - PORTA P15 + 1 UNIDADE - PORTA P10",{"$f":"F153","v":"9.10"}]
[9,{"$f":"IF(OR(C154=1,D154=1),SUMIF($A$25:A154,A154,$C$25:C154),\"\")","v":""},"","",null,"",null,null,"PORTÕES E GRADILS"]
[9,{"$f":"IF(OR(C155=1,D155=1),SUMIF($A$25:A155,A155,$C$25:C155),\"\")","v":11},1,"",null,{"$f":"IF(B155<>\"\",A155&\".\"&B155,\"\")","v":"9.11"},{"$f":"'COMPOSIÇÃO CIVIL'!B263","v":"CIV 013"},{"$f":"IF(G155>=\"AMM\",\"PRÓPRIO\",\"SINAPI\")","v":"PRÓPRIO"},{"$f":"'COMPOSIÇÃO CIVIL'!C263","v":"PORTÃO EM TUBO DE AÇO GALVANIZADO COM QUADRO DE DN 1 1/4\", E BARRAS VERTICAIS DE DN 1\" A CADA 10CM"},{"$f":"'COMPOSIÇÃO CIVIL'!G263","v":"M2"},{"$f":"10.49+2.1+7.4","v":19.990000000000002},{"$f":"'COMPOSIÇÃO CIVIL'!G275","v":541.05999999999995},{"$f":"IF($Q$2=\"OUTROS\",TRUNC(L155*(1+$N$7),2),ROUND(L155*(1+$N$7),2))","v":661.33},{"$f":"IF($Q$2=\"OUTROS\",TRUNC(M155*K155,2),ROUND(M155*K155,2))","v":13219.98},null,"PORTÃO P9 + P11 E P12",{"$f":"F155","v":"9.11"}]
[9,{"$f":"IF(OR(C156=1,D156=1),SUMIF($A$25:A156,A156,$C$25:C156),\"\")","v":""},"","",null,"",null,null,"FECHADURAS"]
[9,{"$f":"IF(OR(C157=1,D157=1),SUMIF($A$25:A157,A157,$C$25:C157),\"\")","v":12},1,"",null,"9.12",91305,{"$f":"IF(G157>=\"AMM\",\"PRÓPRIO\",\"SINAPI\")","v":"SINAPI"},{"$f":"VLOOKUP($G157,IF(LEFT($G157,3)=\"AMM\",COMPOSIÇÕES!$B$1:$E$4233,'BANCO DE DADOS DEZ-24  SERV'!$B$2:$F$7984),2,FALSE)","v":"FECHADURA DE EMBUTIR PARA PORTA DE BANHEIRO, COMPLETA, ACABAMENTO PADRÃO POPULAR, INCLUSO EXECUÇÃO DE FURO - FORNECIMENTO E INSTALAÇÃO. AF_12/2019"},{"$f":"VLOOKUP($G157,IF(LEFT($G157,3)=\"AMM\",COMPOSIÇÕES!$B$1:$E$4233,'BANCO DE DADOS DEZ-24  SERV'!$B$2:$F$7984),3,FALSE)","v":"UN"},{"$f":"2+2+1+2","v":7},{"$f":"VLOOKUP($G157,IF(LEFT($G157,3)=\"AMM\",COMPOSIÇÕES!$B$1:$E$4233,'BANCO DE DADOS DEZ-24  SERV'!$B$2:$F$7984),4,FALSE)","v":112.25},{"$f":"IF($Q$2=\"OUTROS\",TRUNC(L157*(1+$N$7),2),ROUND(L157*(1+$N$7),2))","v":137.19999999999999},{"$f":"IF($Q$2=\"OUTROS\",TRUNC(M157*K157,2),ROUND(M157*K157,2))","v":960.4},null,"2P5+2P13+P1+2P5",{"$f":"F157","v":"9.12"}]
[9,{"$f":"IF(OR(C158=1,D158=1),SUMIF($A$25:A158,A158,$C$25:C158),\"\")","v":13},1,"",null,"9.13",91306,"SINAPI",{"$f":"VLOOKUP($G158,IF(LEFT($G158,3)=\"AMM\",COMPOSIÇÕES!$B$1:$E$4233,'BANCO DE DADOS DEZ-24  SERV'!$B$2:$F$7984),2,FALSE)","v":"FECHADURA DE EMBUTIR PARA PORTAS INTERNAS, COMPLETA, ACABAMENTO PADRÃO MÉDIO, COM EXECUÇÃO DE FURO - FORNECIMENTO E INSTALAÇÃO. AF_12/2019"},{"$f":"VLOOKUP($G158,IF(LEFT($G158,3)=\"AMM\",COMPOSIÇÕES!$B$1:$E$4233,'BANCO DE DADOS DEZ-24  SERV'!$B$2:$F$7984),3,FALSE)","v":"UN"},{"$f":"1+2+1+1+5+1+1","v":12},{"$f":"VLOOKUP($G158,IF(LEFT($G158,3)=\"AMM\",COMPOSIÇÕES!$B$1:$E$4233,'BANCO DE DADOS DEZ-24  SERV'!$B$2:$F$7984),4,FALSE)","v":163.92},{"$f":"IF($Q$2=\"OUTROS\",TRUNC(L158*(1+$N$7),2),ROUND(L158*(1+$N$7),2))","v":200.35},2404.1999999999998,null,"P2+2P5+P6+P10+5P13+P14+P15","9.13"]
[{"$f":"IF(LEN(D159),OFFSET(A159,-1,0)+1,OFFSET(A159,-1,0))","v":9},{"$f":"IF(OR(C159=1,D159=1),SUMIF($A$25:A159,A159,$C$25:C159),\"\")","v":""},{"$f":"IF(G159>0,1,\"\")","v":""},{"$f":"IF(AND(CONCATENATE(G159,I159,J159,K159,L159,M159,N159)=I159&N159,CONCATENATE(G159,I159,J159,K159,L159,M159,N159)<>\"\",N159<>\"\"),1,\"\")","v":""},null,{"$f":"IF(B159<>\"\",A159&\".\"&B159,\"\")","v":""},null,null,"GRADIL METÁLICO"]
[9,{"$f":"IF(OR(C160=1,D160=1),SUMIF($A$25:A160,A160,$C$25:C160),\"\")","v":14},1,"",null,"9.14",{"$f":"'COMPOSIÇÃO CIVIL'!B213","v":"CIV 010"},{"$f":"IF(G160>=\"AMM\",\"PRÓPRIO\",\"SINAPI\")","v":"PRÓPRIO"},{"$f":"'COMPOSIÇÃO CIVIL'!C213","v":"GRADIL NYLOFOR3D, MALHA 20X5CM, Ø 5MM 250X203 CM, BELGO OU SIMILAR, INCLUSIVE POSTES (SECÇÃO 60X40MM E H=2,60M) E ACESSÓRIOS"},{"$f":"'COMPOSIÇÃO CIVIL'!G213","v":"M2"},{"$f":"TRUNC(2.1+9.1+15.71,2)","v":26.91},{"$f":"'COMPOSIÇÃO CIVIL'!G222","v":182.47},{"$f":"IF($Q$2=\"OUTROS\",TRUNC(L160*(1+$N$7),2),ROUND(L160*(1+$N$7),2))","v":223.03},{"$f":"IF($Q$2=\"OUTROS\",TRUNC(M160*K160,2),ROUND(M160*K160,2))","v":6001.73},null,"2,1+9,1+15,71",{"$f":"F160","v":"9.14"}]
[{"$f":"IF(LEN(D161),OFFSET(A161,-1,0)+1,OFFSET(A161,-1,0))","v":9},{"$f":"IF(OR(C161=1,D161=1),SUMIF($A$25:A161,A161,$C$25:C161),\"\")","v":""},{"$f":"IF(G161>0,1,\"\")","v":""},{"$f":"IF(AND(CONCATENATE(G161,I161,J161,K161,L161,M161,N161)=I161&N161,CONCATENATE(G161,I161,J161,K161,L161,M161,N161)<>\"\",N161<>\"\"),1,\"\")","v":""},null,{"$f":"IF(B161<>\"\",A161&\".\"&B161,\"\")","v":""},null,null,"SOLEIRA"]
[9,{"$f":"IF(OR(C162=1,D162=1),SUMIF($A$25:A162,A162,$C$25:C162),\"\")","v":15},1,"",null,"9.15",98689,{"$f":"IF(G162>=\"AMM\",\"PRÓPRIO\",\"SINAPI\")","v":"SINAPI"},{"$f":"VLOOKUP($G162,IF(LEFT($G162,3)=\"AMM\",COMPOSIÇÕES!$B$1:$E$4233,'BANCO DE DADOS DEZ-24  SERV'!$B$2:$F$7984),2,FALSE)","v":"SOLEIRA EM GRANITO, LARGURA 15 CM, ESPESSURA 2,0 CM. AF_09/2020"},{"$f":"VLOOKUP($G162,IF(LEFT($G162,3)=\"AMM\",COMPOSIÇÕES!$B$1:$E$4233,'BANCO DE DADOS DEZ-24  SERV'!$B$2:$F$7984),3,FALSE)","v":"M"},{"$f":"TRUNC(0.6+0.7+0.9*4+1+4+0.9*7+1+2*2+0.7,2)","v":21.9},{"$f":"VLOOKUP($G162,IF(LEFT($G162,3)=\"AMM\",COMPOSIÇÕES!$B$1:$E$4233,'BANCO DE DADOS DEZ-24  SERV'!$B$2:$F$7984),4,FALSE)","v":134.63},{"$f":"IF($Q$2=\"OUTROS\",TRUNC(L162*(1+$N$7),2),ROUND(L162*(1+$N$7),2))","v":164.55},{"$f":"IF($Q$2=\"OUTROS\",TRUNC(M162*K162,2),ROUND(M162*K162,2))","v":3603.64},null,"P1+P2+P5*4+P6+P10+P13*7+P14+P15*2+SERV1  **CALCULADO O COMPRIMENTO DA SOLEIRA DE CADA UMA DAS PORTAS",{"$f":"F162","v":"9.15"}]
[{"$f":"IF(LEN(D163),OFFSET(A163,-1,0)+1,OFFSET(A163,-1,0))","v":9},{"$f":"IF(OR(C163=1,D163=1),SUMIF($A$25:A163,A163,$C$25:C163),\"\")","v":""},{"$f":"IF(G163>0,1,\"\")","v":""},{"$f":"IF(AND(CONCATENATE(G163,I163,J163,K163,L163,M163,N163)=I163&N163,CONCATENATE(G163,I163,J163,K163,L163,M163,N163)<>\"\",N163<>\"\"),1,\"\")","v":""},null,{"$f":"IF(B163<>\"\",A163&\".\"&B163,\"\")","v":""},null,null,"PINGADEIRA"]
[9,{"$f":"IF(OR(C164=1,D164=1),SUMIF($A$25:A164,A164,$C$25:C164),\"\")","v":16},1,"",null,"9.16",101965,{"$f":"IF(G164>=\"AMM\",\"PRÓPRIO\",\"SINAPI\")","v":"SINAPI"},{"$f":"VLOOKUP($G164,IF(LEFT($G164,3)=\"AMM\",COMPOSIÇÕES!$B$1:$E$4233,'BANCO DE DADOS DEZ-24  SERV'!$B$2:$F$7984),2,FALSE)","v":"PEITORIL LINEAR EM GRANITO OU MÁRMORE, L = 15CM, COMPRIMENTO DE ATÉ 2M, ASSENTADO COM ARGAMASSA 1:6 COM ADITIVO. AF_11/2020"},{"$f":"VLOOKUP($G164,IF(LEFT($G164,3)=\"AMM\",COMPOSIÇÕES!$B$1:$E$4233,'BANCO DE DADOS DEZ-24  SERV'!$B$2:$F$7984),3,FALSE)","v":"M"},{"$f":"TRUNC(2*3+1.2+0.6*7+1+1.5*2+2.5,2)","v":17.899999999999999},{"$f":"VLOOKUP($G164,IF(LEFT($G164,3)=\"AMM\",COMPOSIÇÕES!$B$1:$E$4233,'BANCO DE DADOS DEZ-24  SERV'!$B$2:$F$7984),4,FALSE)","v":139.57},{"$f":"IF($Q$2=\"OUTROS\",TRUNC(L164*(1+$N$7),2),ROUND(L164*(1+$N$7),2))","v":170.59},{"$f":"IF($Q$2=\"OUTROS\",TRUNC(M164*K164,2),ROUND(M164*K164,2))","v":3053.56},null,"J6*3+J7+J8*7+J9+J10*2+J11  **CALCULADO O COMPRIMENTO DA PINGADEIRA DE CADA UMA DAS JANELAS",{"$f":"F164","v":"9.16"}]
[9,{"$f":"IF(OR(C165=1,D165=1),SUMIF($A$25:A165,A165,$C$25:C165),\"\")","v":""},"","",null,{"$f":"IF(B165<>\"\",A165&\".\"&B165,\"\")","v":""}]
[10,{"$f":"IF(OR(C166=1,D166=1),SUMIF($A$25:A166,A166,$C$25:C166),\"\")","v":0},"",1,null,{"$f":"IF(B166<>\"\",A166&\".\"&B166,\"\")","v":"10.0"},null,null,"COBERTURA",null,null,null,null,{"$f":"SUM(N167:N173)","v":128017.41}]
[10,{"$f":"IF(OR(C167=1,D167=1),SUMIF($A$25:A167,A167,$C$25:C167),\"\")","v":""},"","",null,{"$f":"IF(B167<>\"\",A167&\".\"&B167,\"\")","v":""},null,null,"ESTRUTURA METÁLICA"]
[10,{"$f":"IF(OR(C168=1,D168=1),SUMIF($A$25:A168,A168,$C$25:C168),\"\")","v":1},1,"",null,"10.1",92580,{"$f":"IF(G168>=\"AMM\",\"PRÓPRIO\",\"SINAPI\")","v":"SINAPI"},{"$f":"VLOOKUP($G168,IF(LEFT($G168,3)=\"AMM\",COMPOSIÇÕES!$B$1:$E$4233,'BANCO DE DADOS DEZ-24  SERV'!$B$2:$F$7984),2,FALSE)","v":"TRAMA DE AÇO COMPOSTA POR TERÇAS PARA TELHADOS DE ATÉ 2 ÁGUAS PARA TELHA ONDULADA DE FIBROCIMENTO, METÁLICA, PLÁSTICA OU TERMOACÚSTICA, INCLUSO TRANSPORTE VERTICAL. AF_07/2019"},{"$f":"VLOOKUP($G168,IF(LEFT($G168,3)=\"AMM\",COMPOSIÇÕES!$B$1:$E$4233,'BANCO DE DADOS DEZ-24  SERV'!$B$2:$F$7984),3,FALSE)","v":"M2"},{"$f":"TRUNC(11.25*13.85+11.25*17.15+2.36*3.84,2)","v":357.81},{"$f":"VLOOKUP($G168,IF(LEFT($G168,3)=\"AMM\",COMPOSIÇÕES!$B$1:$E$4233,'BANCO DE DADOS DEZ-24  SERV'!$B$2:$F$7984),4,FALSE)","v":46.12},{"$f":"IF($Q$2=\"OUTROS\",TRUNC(L168*(1+$N$7),2),ROUND(L168*(1+$N$7),2))","v":56.37},{"$f":"IF($Q$2=\"OUTROS\",TRUNC(M168*K168,2),ROUND(M168*K168,2))","v":20169.740000000002},null,"11,25m*13,85m+11,25m*17,15m+2,36m*3,84m",{"$f":"F168","v":"10.1"}]
[10,{"$f":"IF(OR(C169=1,D169=1),SUMIF($A$25:A169,A169,$C$25:C169),\"\")","v":2},1,"",null,"10.2",92618,"SINAPI",{"$f":"VLOOKUP($G169,IF(LEFT($G169,3)=\"AMM\",COMPOSIÇÕES!$B$1:$E$4233,'BANCO DE DADOS DEZ-24  SERV'!$B$2:$F$7984),2,FALSE)","v":"FABRICAÇÃO E INSTALAÇÃO DE TESOURA INTEIRA EM AÇO, VÃO DE 11 M, PARA TELHA ONDULADA DE FIBROCIMENTO, METÁLICA, PLÁSTICA OU TERMOACÚSTICA, INCLUSO IÇAMENTO. AF_07/2019"},{"$f":"VLOOKUP($G169,IF(LEFT($G169,3)=\"AMM\",COMPOSIÇÕES!$B$1:$E$4233,'BANCO DE DADOS DEZ-24  SERV'!$B$2:$F$7984),3,FALSE)","v":"UN"},{"$f":"5+6","v":11},{"$f":"VLOOKUP($G169,IF(LEFT($G169,3)=\"AMM\",COMPOSIÇÕES!$B$1:$E$4233,'BANCO DE DADOS DEZ-24  SERV'!$B$2:$F$7984),4,FALSE)","v":1869.43},{"$f":"IF($Q$2=\"OUTROS\",TRUNC(L169*(1+$N$7),2),ROUND(L169*(1+$N$7),2))","v":2285},25135,null,"11 TESOURAS INTEIRAS DE 11M DE COMPRIMENTO","10.2"]
[{"$f":"IF(LEN(D170),OFFSET(A170,-1,0)+1,OFFSET(A170,-1,0))","v":10},{"$f":"IF(OR(C170=1,D170=1),SUMIF($A$25:A170,A170,$C$25:C170),\"\")","v":""},{"$f":"IF(G170>0,1,\"\")","v":""},{"$f":"IF(AND(CONCATENATE(G170,I170,J170,K170,L170,M170,N170)=I170&N170,CONCATENATE(G170,I170,J170,K170,L170,M170,N170)<>\"\",N170<>\"\"),1,\"\")","v":""},null,"",null,null,"COBERTURA COM TELHA DE AÇO/ALUMÍNIO"]
[10,{"$f":"IF(OR(C171=1,D171=1),SUMIF($A$25:A171,A171,$C$25:C171),\"\")","v":3},1,"",null,"10.3",94213,{"$f":"IF(G171>=\"AMM\",\"PRÓPRIO\",\"SINAPI\")","v":"SINAPI"},{"$f":"VLOOKUP($G171,IF(LEFT($G171,3)=\"AMM\",COMPOSIÇÕES!$B$1:$E$4233,'BANCO DE DADOS DEZ-24  SERV'!$B$2:$F$7984),2,FALSE)","v":"TELHAMENTO COM TELHA DE AÇO/ALUMÍNIO E = 0,5 MM, COM ATÉ 2 ÁGUAS, INCLUSO IÇAMENTO. AF_07/2019"},{"$f":"VLOOKUP($G171,IF(LEFT($G171,3)=\"AMM\",COMPOSIÇÕES!$B$1:$E$4233,'BANCO DE DADOS DEZ-24  SERV'!$B$2:$F$7984),3,FALSE)","v":"M2"},{"$f":"TRUNC(5.8*2.2,2)","v":12.76},{"$f":"VLOOKUP($G171,IF(LEFT($G171,3)=\"AMM\",COMPOSIÇÕES!$B$1:$E$4233,'BANCO DE DADOS DEZ-24  SERV'!$B$2:$F$7984),4,FALSE)","v":66.62},{"$f":"IF($Q$2=\"OUTROS\",TRUNC(L171*(1+$N$7),2),ROUND(L171*(1+$N$7),2))","v":81.42},{"$f":"IF($Q$2=\"OUTROS\",TRUNC(M171*K171,2),ROUND(M171*K171,2))","v":1038.9100000000001},null,"5,80*2,20",{"$f":"F171","v":"10.3"}]
[10,{"$f":"IF(OR(C172=1,D172=1),SUMIF($A$25:A172,A172,$C$25:C172),\"\")","v":""},"","",null,"",null,null,"COBERTURA EM TELHA TERMOACUSTICA"]
[10,{"$f":"IF(OR(C173=1,D173=1),SUMIF($A$25:A173,A173,$C$25:C173),\"\")","v":4},1,"",null,"10.4",94216,{"$f":"IF(G173>=\"AMM\",\"PRÓPRIO\",\"SINAPI\")","v":"SINAPI"},{"$f":"VLOOKUP($G173,IF(LEFT($G173,3)=\"AMM\",COMPOSIÇÕES!$B$1:$E$4233,'BANCO DE DADOS DEZ-24  SERV'!$B$2:$F$7984),2,FALSE)","v":"TELHAMENTO COM TELHA METÁLICA TERMOACÚSTICA E = 30 MM, COM ATÉ 2 ÁGUAS, INCLUSO IÇAMENTO. AF_07/2019"},{"$f":"VLOOKUP($G173,IF(LEFT($G173,3)=\"AMM\",COMPOSIÇÕES!$B$1:$E$4233,'BANCO DE DADOS DEZ-24  SERV'!$B$2:$F$7984),3,FALSE)","v":"M2"},{"$f":"TRUNC(((10.65+0.6)*13.85)+((10.65+0.6)*17.15),2)","v":348.75},{"$f":"VLOOKUP($G173,IF(LEFT($G173,3)=\"AMM\",COMPOSIÇÕES!$B$1:$E$4233,'BANCO DE DADOS DEZ-24  SERV'!$B$2:$F$7984),4,FALSE)","v":191.6},{"$f":"IF($Q$2=\"OUTROS\",TRUNC(L173*(1+$N$7),2),ROUND(L173*(1+$N$7),2))","v":234.19},{"$f":"IF($Q$2=\"OUTROS\",TRUNC(M173*K173,2),ROUND(M173*K173,2))","v":81673.759999999995},null,"((10,65+0,60)*13,85)+((10,65+0,60)*17,15)",{"$f":"F173","v":"10.4"}]
[10,{"$f":"IF(OR(C174=1,D174=1),SUMIF($A$25:A174,A174,$C$25:C174),\"\")","v":""},"","",null,""]
[11,{"$f":"IF(OR(C175=1,D175=1),SUMIF($A$25:A175,A175,$C$25:C175),\"\")","v":0},"",1,null,"11.0",null,null,"REVESTIMENTO",null,null,null,null,{"$f":"SUM(N177:N185)","v":50531.5}]
[11,{"$f":"IF(OR(C176=1,D176=1),SUMIF($A$25:A176,A176,$C$25:C176),\"\")","v":""},"","",null,"",null,null,"PAREDE"]
[11,{"$f":"IF(OR(C177=1,D177=1),SUMIF($A$25:A177,A177,$C$25:C177),\"\")","v":1},1,"",null,"11.1",87879,{"$f":"IF(G177>=\"AMM\",\"PRÓPRIO\",\"SINAPI\")","v":"SINAPI"},{"$f":"VLOOKUP($G177,IF(LEFT($G177,3)=\"AMM\",COMPOSIÇÕES!$B$1:$E$4233,'BANCO DE DADOS DEZ-24  SERV'!$B$2:$F$7984),2,FALSE)","v":"CHAPISCO APLICADO EM ALVENARIAS E ESTRUTURAS DE CONCRETO INTERNAS, COM COLHER DE PEDREIRO.  ARGAMASSA TRAÇO 1:3 COM PREPARO EM BETONEIRA 400L. AF_10/2022"},{"$f":"VLOOKUP($G177,IF(LEFT($G177,3)=\"AMM\",COMPOSIÇÕES!$B$1:$E$4233,'BANCO DE DADOS DEZ-24  SERV'!$B$2:$F$7984),3,FALSE)","v":"M2"},{"$f":"K122*2","v":404.68},{"$f":"VLOOKUP($G177,IF(LEFT($G177,3)=\"AMM\",COMPOSIÇÕES!$B$1:$E$4233,'BANCO DE DADOS DEZ-24  SERV'!$B$2:$F$7984),4,FALSE)","v":4.5199999999999996},{"$f":"IF($Q$2=\"OUTROS\",TRUNC(L177*(1+$N$7),2),ROUND(L177*(1+$N$7),2))","v":5.52},{"$f":"IF($Q$2=\"OUTROS\",TRUNC(M177*K177,2),ROUND(M177*K177,2))","v":2233.83},null,"202,34 M2 DE ALVENARIA X 2 LADOS",{"$f":"F177","v":"11.1"}]
[11,{"$f":"IF(OR(C178=1,D178=1),SUMIF($A$25:A178,A178,$C$25:C178),\"\")","v":2},1,"",null,"11.2",87529,"SINAPI",{"$f":"VLOOKUP($G178,IF(LEFT($G178,3)=\"AMM\",COMPOSIÇÕES!$B$1:$E$4233,'BANCO DE DADOS DEZ-24  SERV'!$B$2:$F$7984),2,FALSE)","v":"MASSA ÚNICA, EM ARGAMASSA TRAÇO 1:2:8, PREPARO MECÂNICO, APLICADA MANUALMENTE EM PAREDES INTERNAS DE AMBIENTES COM ÁREA ENTRE 5M² E 10M², E = 17,5MM, COM TALISCAS. AF_03/2024"},{"$f":"VLOOKUP($G178,IF(LEFT($G178,3)=\"AMM\",COMPOSIÇÕES!$B$1:$E$4233,'BANCO DE DADOS DEZ-24  SERV'!$B$2:$F$7984),3,FALSE)","v":"M2"},{"$f":"K177","v":404.68},{"$f":"VLOOKUP($G178,IF(LEFT($G178,3)=\"AMM\",COMPOSIÇÕES!$B$1:$E$4233,'BANCO DE DADOS DEZ-24  SERV'!$B$2:$F$7984),4,FALSE)","v":35.15},{"$f":"IF($Q$2=\"OUTROS\",TRUNC(L178*(1+$N$7),2),ROUND(L178*(1+$N$7),2))","v":42.96},17385.05,null,{"$f":"P177","v":"202,34 M2 DE ALVENARIA X 2 LADOS"},"11.2"]
[11,{"$f":"IF(OR(C179=1,D179=1),SUMIF($A$25:A179,A179,$C$25:C179),\"\")","v":3},1,"",null,"11.3",{"$f":"'COMPOSIÇÃO CIVIL'!B304","v":"CIV 016"},"PRÓPRIO",{"$f":"'COMPOSIÇÃO CIVIL'!C304","v":"REVESTIMENTO CERÂMICO PARA PAREDES INTERNAS COM PLACAS TIPO ESMALTADA EXTRA DE DIMENSÕES 40X60 CM APLICADAS NA ALTURA INTEIRA DAS PAREDES. "},{"$f":"'COMPOSIÇÃO CIVIL'!G304","v":"M2"},172.61,{"$f":"'COMPOSIÇÃO CIVIL'!G313","v":106.35},{"$f":"IF($Q$2=\"OUTROS\",TRUNC(L179*(1+$N$7),2),ROUND(L179*(1+$N$7),2))","v":129.99},22437.57,null,"CONFORME PROJETO ARQUITETÔNICO","11.3"]
[{"$f":"IF(LEN(D180),OFFSET(A180,-1,0)+1,OFFSET(A180,-1,0))","v":11},{"$f":"IF(OR(C180=1,D180=1),SUMIF($A$25:A180,A180,$C$25:C180),\"\")","v":""},{"$f":"IF(G180>0,1,\"\")","v":""},{"$f":"IF(AND(CONCATENATE(G180,I180,J180,K180,L180,M180,N180)=I180&N180,CONCATENATE(G180,I180,J180,K180,L180,M180,N180)<>\"\",N180<>\"\"),1,\"\")","v":""},null,{"$f":"IF(B180<>\"\",A180&\".\"&B180,\"\")","v":""},null,null,"MURO"]
[11,{"$f":"IF(OR(C181=1,D181=1),SUMIF($A$25:A181,A181,$C$25:C181),\"\")","v":4},1,"",null,"11.4",87894,{"$f":"IF(G181>=\"AMM\",\"PRÓPRIO\",\"SINAPI\")","v":"SINAPI"},{"$f":"VLOOKUP($G181,IF(LEFT($G181,3)=\"AMM\",COMPOSIÇÕES!$B$1:$E$4233,'BANCO DE DADOS DEZ-24  SERV'!$B$2:$F$7984),2,FALSE)","v":"CHAPISCO APLICADO EM ALVENARIA (SEM PRESENÇA DE VÃOS) E ESTRUTURAS DE CONCRETO DE FACHADA, COM COLHER DE PEDREIRO.  ARGAMASSA TRAÇO 1:3 COM PREPARO EM BETONEIRA 400L. AF_10/2022"},{"$f":"VLOOKUP($G181,IF(LEFT($G181,3)=\"AMM\",COMPOSIÇÕES!$B$1:$E$4233,'BANCO DE DADOS DEZ-24  SERV'!$B$2:$F$7984),3,FALSE)","v":"M2"},{"$f":"K124*2","v":140.80000000000001},{"$f":"VLOOKUP($G181,IF(LEFT($G181,3)=\"AMM\",COMPOSIÇÕES!$B$1:$E$4233,'BANCO DE DADOS DEZ-24  SERV'!$B$2:$F$7984),4,FALSE)","v":6.78},{"$f":"IF($Q$2=\"OUTROS\",TRUNC(L181*(1+$N$7),2),ROUND(L181*(1+$N$7),2))","v":8.2799999999999994},{"$f":"IF($Q$2=\"OUTROS\",TRUNC(M181*K181,2),ROUND(M181*K181,2))","v":1165.82},null,"70,40 M2 DE ALVENARIA X 2 LADOS",{"$f":"F181","v":"11.4"}]
[{"$f":"IF(LEN(D182),OFFSET(A182,-1,0)+1,OFFSET(A182,-1,0))","v":11},{"$f":"IF(OR(C182=1,D182=1),SUMIF($A$25:A182,A182,$C$25:C182),\"\")","v":5},{"$f":"IF(G182>0,1,\"\")","v":1},{"$f":"IF(AND(CONCATENATE(G182,I182,J182,K182,L182,M182,N182)=I182&N182,CONCATENATE(G182,I182,J182,K182,L182,M182,N182)<>\"\",N182<>\"\"),1,\"\")","v":""},null,{"$f":"IF(B182<>\"\",A182&\".\"&B182,\"\")","v":"11.5"},87792,{"$f":"IF(G182>=\"AMM\",\"PRÓPRIO\",\"SINAPI\")","v":"SINAPI"},{"$f":"VLOOKUP($G182,IF(LEFT($G182,3)=\"AMM\",COMPOSIÇÕES!$B$1:$E$4233,'BANCO DE DADOS DEZ-24  SERV'!$B$2:$F$7984),2,FALSE)","v":"EMBOÇO OU MASSA ÚNICA EM ARGAMASSA TRAÇO 1:2:8, PREPARO MECÂNICO COM BETONEIRA 400 L, APLICADA MANUALMENTE EM PANOS CEGOS DE FACHADA (SEM PRESENÇA DE VÃOS), ESPESSURA DE 25 MM. AF_08/2022"},{"$f":"VLOOKUP($G182,IF(LEFT($G182,3)=\"AMM\",COMPOSIÇÕES!$B$1:$E$4233,'BANCO DE DADOS DEZ-24  SERV'!$B$2:$F$7984),3,FALSE)","v":"M2"},{"$f":"K181","v":140.80000000000001},{"$f":"VLOOKUP($G182,IF(LEFT($G182,3)=\"AMM\",COMPOSIÇÕES!$B$1:$E$4233,'BANCO DE DADOS DEZ-24  SERV'!$B$2:$F$7984),4,FALSE)","v":39.96},{"$f":"IF($Q$2=\"OUTROS\",TRUNC(L182*(1+$N$7),2),ROUND(L182*(1+$N$7),2))","v":48.84},{"$f":"IF($Q$2=\"OUTROS\",TRUNC(M182*K182,2),ROUND(M182*K182,2))","v":6876.67},null,{"$f":"P181","v":"70,40 M2 DE ALVENARIA X 2 LADOS"},{"$f":"F182","v":"11.5"}]
[11,{"$f":"IF(OR(C183=1,D183=1),SUMIF($A$25:A183,A183,$C$25:C183),\"\")","v":""},"","",null,"",null,null,"TETO"]
[11,{"$f":"IF(OR(C184=1,D184=1),SUMIF($A$25:A184,A184,$C$25:C184),\"\")","v":6},1,"",null,"11.6",87884,{"$f":"IF(G184>=\"AMM\",\"PRÓPRIO\",\"SINAPI\")","v":"SINAPI"},{"$f":"VLOOKUP($G184,IF(LEFT($G184,3)=\"AMM\",COMPOSIÇÕES!$B$1:$E$4233,'BANCO DE DADOS DEZ-24  SERV'!$B$2:$F$7984),2,FALSE)","v":"CHAPISCO APLICADO NO TETO OU EM ALVENARIA E ESTRUTURA, COM ROLO PARA TEXTURA ACRÍLICA. ARGAMASSA INDUSTRIALIZADA COM PREPARO MANUAL. AF_10/2022"},{"$f":"VLOOKUP($G184,IF(LEFT($G184,3)=\"AMM\",COMPOSIÇÕES!$B$1:$E$4233,'BANCO DE DADOS DEZ-24  SERV'!$B$2:$F$7984),3,FALSE)","v":"M2"},8,{"$f":"VLOOKUP($G184,IF(LEFT($G184,3)=\"AMM\",COMPOSIÇÕES!$B$1:$E$4233,'BANCO DE DADOS DEZ-24  SERV'!$B$2:$F$7984),4,FALSE)","v":13.55},{"$f":"IF($Q$2=\"OUTROS\",TRUNC(L184*(1+$N$7),2),ROUND(L184*(1+$N$7),2))","v":16.559999999999999},{"$f":"IF($Q$2=\"OUTROS\",TRUNC(M184*K184,2),ROUND(M184*K184,2))","v":132.47999999999999},null,"CONFORME PROJETO ARQUITETÔNICO",{"$f":"F184","v":"11.6"}]
[{"$f":"IF(LEN(D185),OFFSET(A185,-1,0)+1,OFFSET(A185,-1,0))","v":11},{"$f":"IF(OR(C185=1,D185=1),SUMIF($A$25:A185,A185,$C$25:C185),\"\")","v":7},{"$f":"IF(G185>0,1,\"\")","v":1},{"$f":"IF(AND(CONCATENATE(G185,I185,J185,K185,L185,M185,N185)=I185&N185,CONCATENATE(G185,I185,J185,K185,L185,M185,N185)<>\"\",N185<>\"\"),1,\"\")","v":""},null,{"$f":"IF(B185<>\"\",A185&\".\"&B185,\"\")","v":"11.7"},90408,{"$f":"IF(G185>=\"AMM\",\"PRÓPRIO\",\"SINAPI\")","v":"SINAPI"},{"$f":"VLOOKUP($G185,IF(LEFT($G185,3)=\"AMM\",COMPOSIÇÕES!$B$1:$E$4233,'BANCO DE DADOS DEZ-24  SERV'!$B$2:$F$7984),2,FALSE)","v":"MASSA ÚNICA, EM ARGAMASSA TRAÇO 1:2:8, PREPARO MECÂNICO, APLICADA MANUALMENTE EM TETO, E = 10MM, COM TALISCAS. AF_03/2024"},{"$f":"VLOOKUP($G185,IF(LEFT($G185,3)=\"AMM\",COMPOSIÇÕES!$B$1:$E$4233,'BANCO DE DADOS DEZ-24  SERV'!$B$2:$F$7984),3,FALSE)","v":"M2"},8,{"$f":"VLOOKUP($G185,IF(LEFT($G185,3)=\"AMM\",COMPOSIÇÕES!$B$1:$E$4233,'BANCO DE DADOS DEZ-24  SERV'!$B$2:$F$7984),4,FALSE)","v":30.69},{"$f":"IF($Q$2=\"OUTROS\",TRUNC(L185*(1+$N$7),2),ROUND(L185*(1+$N$7),2))","v":37.51},{"$f":"IF($Q$2=\"OUTROS\",TRUNC(M185*K185,2),ROUND(M185*K185,2))","v":300.08},null,"CONFORME PROJETO ARQUITETÔNICO",{"$f":"F185","v":"11.7"}]
[11,{"$f":"IF(OR(C186=1,D186=1),SUMIF($A$25:A186,A186,$C$25:C186),\"\")","v":""},"","",null,""]
[12,{"$f":"IF(OR(C187=1,D187=1),SUMIF($A$25:A187,A187,$C$25:C187),\"\")","v":0},"",1,null,"12.0",null,null,"PISOS",null,null,null,null,{"$f":"SUM(N188:N198)","v":212854.72}]
[12,{"$f":"IF(OR(C188=1,D188=1),SUMIF($A$25:A188,A188,$C$25:C188),\"\")","v":1},1,"",null,{"$f":"IF(B188<>\"\",A188&\".\"&B188,\"\")","v":"12.1"},{"$f":"'COMPOSIÇÃO CIVIL'!B246","v":"CIV 011"},{"$f":"IF(G188>=\"AMM\",\"PRÓPRIO\",\"SINAPI\")","v":"PRÓPRIO"},{"$f":"'COMPOSIÇÃO CIVIL'!C246","v":"REGULARIZAÇÃO MANUAL"},{"$f":"'COMPOSIÇÃO CIVIL'!G246","v":"M2"},{"$f":"TRUNC(310.22+657.43,2)","v":967.65},{"$f":"'COMPOSIÇÃO CIVIL'!G250","v":6.09},{"$f":"IF($Q$2=\"OUTROS\",TRUNC(L188*(1+$N$7),2),ROUND(L188*(1+$N$7),2))","v":7.44},{"$f":"IF($Q$2=\"OUTROS\",TRUNC(M188*K188,2),ROUND(M188*K188,2))","v":7199.31},null,"REGULARIZAÇÃO E CAOMPACTAÇÃO PARA A CALÇADA EXTERNA E PARA O LASTRO DE CONCRETO",{"$f":"F188","v":"12.1"}]
[12,{"$f":"IF(OR(C189=1,D189=1),SUMIF($A$25:A189,A189,$C$25:C189),\"\")","v":2},1,"",null,"12.2",97084,"SINAPI",{"$f":"VLOOKUP($G189,IF(LEFT($G189,3)=\"AMM\",COMPOSIÇÕES!$B$1:$E$4233,'BANCO DE DADOS DEZ-24  SERV'!$B$2:$F$7984),2,FALSE)","v":"COMPACTAÇÃO MECÂNICA DE SOLO PARA EXECUÇÃO DE RADIER, PISO DE CONCRETO OU LAJE SOBRE SOLO, COM COMPACTADOR DE SOLOS TIPO PLACA VIBRATÓRIA. AF_09/2021"},{"$f":"VLOOKUP($G189,IF(LEFT($G189,3)=\"AMM\",COMPOSIÇÕES!$B$1:$E$4233,'BANCO DE DADOS DEZ-24  SERV'!$B$2:$F$7984),3,FALSE)","v":"M2"},{"$f":"K188","v":967.65},{"$f":"VLOOKUP($G189,IF(LEFT($G189,3)=\"AMM\",COMPOSIÇÕES!$B$1:$E$4233,'BANCO DE DADOS DEZ-24  SERV'!$B$2:$F$7984),4,FALSE)","v":0.66},0.8,774.12,null,{"$f":"P188","v":"REGULARIZAÇÃO E CAOMPACTAÇÃO PARA A CALÇADA EXTERNA E PARA O LASTRO DE CONCRETO"},"12.2"]
[{"$f":"IF(LEN(D190),OFFSET(A190,-1,0)+1,OFFSET(A190,-1,0))","v":12},{"$f":"IF(OR(C190=1,D190=1),SUMIF($A$25:A190,A190,$C$25:C190),\"\")","v":3},{"$f":"IF(G190>0,1,\"\")","v":1},{"$f":"IF(AND(CONCATENATE(G190,I190,J190,K190,L190,M190,N190)=I190&N190,CONCATENATE(G190,I190,J190,K190,L190,M190,N190)<>\"\",N190<>\"\"),1,\"\")","v":""},null,"12.3",{"$f":"'COMPOSIÇÃO CIVIL'!B277","v":"CIV 014"},"PRÓPRIO",{"$f":"'COMPOSIÇÃO CIVIL'!C277","v":"REGULARIZAÇÃO DE PISO- FAROFA (1:3) E = 2 CM"},{"$f":"'COMPOSIÇÃO CIVIL'!G277","v":"M2"},{"$f":"K191+K192+K193","v":202.25},{"$f":"'COMPOSIÇÃO CIVIL'!G285","v":27.44},33.53,6781.44,null,"**AMBIENTES COM TROCA DE PISO","12.3"]
[12,{"$f":"IF(OR(C191=1,D191=1),SUMIF($A$25:A191,A191,$C$25:C191),\"\")","v":4},1,"",null,{"$f":"IF(B191<>\"\",A191&\".\"&B191,\"\")","v":"12.4"},104596,{"$f":"IF(G191>=\"AMM\",\"PRÓPRIO\",\"SINAPI\")","v":"SINAPI"},{"$f":"VLOOKUP($G191,IF(LEFT($G191,3)=\"AMM\",COMPOSIÇÕES!$B$1:$E$4233,'BANCO DE DADOS DEZ-24  SERV'!$B$2:$F$7984),2,FALSE)","v":"REVESTIMENTO CERÂMICO PARA PISO COM PLACAS TIPO PORCELANATO DE DIMENSÕES 80X80 CM APLICADA EM AMBIENTES DE ÁREA MENOR QUE 5 M². AF_02/2023_PE"},{"$f":"VLOOKUP($G191,IF(LEFT($G191,3)=\"AMM\",COMPOSIÇÕES!$B$1:$E$4233,'BANCO DE DADOS DEZ-24  SERV'!$B$2:$F$7984),3,FALSE)","v":"M2"},{"$f":"3.66*2+2.45+4.14*2+1.59+3.45*2+3.48","v":30.02},{"$f":"VLOOKUP($G191,IF(LEFT($G191,3)=\"AMM\",COMPOSIÇÕES!$B$1:$E$4233,'BANCO DE DADOS DEZ-24  SERV'!$B$2:$F$7984),4,FALSE)","v":165.41},202.18,{"$f":"IF($Q$2=\"OUTROS\",TRUNC(M191*K191,2),ROUND(M191*K191,2))","v":6069.44},null,"3,66*2+2,45+4,14*2+1,59+3,45*2+3,48",{"$f":"F191","v":"12.4"}]
[12,{"$f":"IF(OR(C192=1,D192=1),SUMIF($A$25:A192,A192,$C$25:C192),\"\")","v":5},1,"",null,"12.5",104597,"SINAPI",{"$f":"VLOOKUP($G192,IF(LEFT($G192,3)=\"AMM\",COMPOSIÇÕES!$B$1:$E$4233,'BANCO DE DADOS DEZ-24  SERV'!$B$2:$F$7984),2,FALSE)","v":"REVESTIMENTO CERÂMICO PARA PISO COM PLACAS TIPO PORCELANATO DE DIMENSÕES 80X80 CM APLICADA EM AMBIENTES DE ÁREA ENTRE 5 M² E 10 M². AF_02/2023_PE"},{"$f":"VLOOKUP($G192,IF(LEFT($G192,3)=\"AMM\",COMPOSIÇÕES!$B$1:$E$4233,'BANCO DE DADOS DEZ-24  SERV'!$B$2:$F$7984),3,FALSE)","v":"M2"},{"$f":"8.72+5.79+9.29","v":23.8},{"$f":"VLOOKUP($G192,IF(LEFT($G192,3)=\"AMM\",COMPOSIÇÕES!$B$1:$E$4233,'BANCO DE DADOS DEZ-24  SERV'!$B$2:$F$7984),4,FALSE)","v":151.25},184.87,4399.8999999999996,null,"8,72+5,79+9,29","12.5"]
[{"$f":"IF(LEN(D193),OFFSET(A193,-1,0)+1,OFFSET(A193,-1,0))","v":12},{"$f":"IF(OR(C193=1,D193=1),SUMIF($A$25:A193,A193,$C$25:C193),\"\")","v":6},{"$f":"IF(G193>0,1,\"\")","v":1},{"$f":"IF(AND(CONCATENATE(G193,I193,J193,K193,L193,M193,N193)=I193&N193,CONCATENATE(G193,I193,J193,K193,L193,M193,N193)<>\"\",N193<>\"\"),1,\"\")","v":""},null,{"$f":"IF(B193<>\"\",A193&\".\"&B193,\"\")","v":"12.6"},104598,"SINAPI",{"$f":"VLOOKUP($G193,IF(LEFT($G193,3)=\"AMM\",COMPOSIÇÕES!$B$1:$E$4233,'BANCO DE DADOS DEZ-24  SERV'!$B$2:$F$7984),2,FALSE)","v":"REVESTIMENTO CERÂMICO PARA PISO COM PLACAS TIPO PORCELANATO DE DIMENSÕES 80X80 CM APLICADA EM AMBIENTES DE ÁREA MAIOR QUE 10 M². AF_02/2023_PE"},{"$f":"VLOOKUP($G193,IF(LEFT($G193,3)=\"AMM\",COMPOSIÇÕES!$B$1:$E$4233,'BANCO DE DADOS DEZ-24  SERV'!$B$2:$F$7984),3,FALSE)","v":"M2"},{"$f":"TRUNC(14.17+15.39+14.53+52.44+11.2+11.2+19.2+10.3,2)","v":148.43},{"$f":"VLOOKUP($G193,IF(LEFT($G193,3)=\"AMM\",COMPOSIÇÕES!$B$1:$E$4233,'BANCO DE DADOS DEZ-24  SERV'!$B$2:$F$7984),4,FALSE)","v":139.87},170.96,{"$f":"IF($Q$2=\"OUTROS\",TRUNC(M193*K193,2),ROUND(M193*K193,2))","v":25375.59},null,"14,17+15,39+14,53+52,44+11,2+11,2+19,2+10,3","12.6"]
[12,{"$f":"IF(OR(C194=1,D194=1),SUMIF($A$25:A194,A194,$C$25:C194),\"\")","v":7},1,"",null,{"$f":"IF(B194<>\"\",A194&\".\"&B194,\"\")","v":"12.7"},{"$f":"'COMPOSIÇÃO CIVIL'!B252","v":"CIV 012"},{"$f":"IF(G194>=\"AMM\",\"PRÓPRIO\",\"SINAPI\")","v":"PRÓPRIO"},{"$f":"'COMPOSIÇÃO CIVIL'!C252","v":"RODAPÉ EM PORCELANATO DE 7CM DE ALTURA  DE DIMENSÕES 80X80CM"},{"$f":"'COMPOSIÇÃO CIVIL'!G252","v":"M"},{"$f":"TRUNC((4.05*2+3.5*2+4.05*2+3.8*2+4.05+2.9+1.51+0.33+0.96+2.3+4.1+4.8*2+4*2+4*2+2.8*2+6.3+4.78+4.15+4.15+8.3+1.35+17.15+1.25*2+6*2+2.75*2+4.35+0.95*2)-(0.9*2+0.6+0.9*3+1+0.9*2+1.5+4+1.5+1+1+0.9*6+2*2+0.9*2),2)","v":122.48},{"$f":"'COMPOSIÇÃO CIVIL'!G261","v":23.900000000000002},29.21,{"$f":"IF($Q$2=\"OUTROS\",TRUNC(M194*K194,2),ROUND(M194*K194,2))","v":3577.64},null,"(4,05*2+3,5*2+4,05*2+3,8*2+4,05+2,9+1,51+0,33+0,96+2,3+4,1+4,8*2+4*2+4*2+2,8*2+6,3+4,78+4,15+4,15+8,3+1,35+17,15+1,25*2+6*2+2,75*2+4,35+0,95*2)-(0,9*2+0,6+0,9*3+1+0,9*2+1,5+4+1,5+1+1+0,9*6+2*2+0,9*2)",{"$f":"F194","v":"12.7"}]
[12,{"$f":"IF(OR(C195=1,D195=1),SUMIF($A$25:A195,A195,$C$25:C195),\"\")","v":8},1,"",null,"12.8",94994,"SINAPI",{"$f":"VLOOKUP($G195,IF(LEFT($G195,3)=\"AMM\",COMPOSIÇÕES!$B$1:$E$4233,'BANCO DE DADOS DEZ-24  SERV'!$B$2:$F$7984),2,FALSE)","v":"EXECUÇÃO DE PASSEIO (CALÇADA) OU PISO DE CONCRETO COM CONCRETO MOLDADO IN LOCO, FEITO EM OBRA, ACABAMENTO CONVENCIONAL, ESPESSURA 8 CM, ARMADO. AF_08/2022"},{"$f":"VLOOKUP($G195,IF(LEFT($G195,3)=\"AMM\",COMPOSIÇÕES!$B$1:$E$4233,'BANCO DE DADOS DEZ-24  SERV'!$B$2:$F$7984),3,FALSE)","v":"M2"},{"$f":"K188","v":967.65},{"$f":"VLOOKUP($G195,IF(LEFT($G195,3)=\"AMM\",COMPOSIÇÕES!$B$1:$E$4233,'BANCO DE DADOS DEZ-24  SERV'!$B$2:$F$7984),4,FALSE)","v":112.63},137.66,133206.69,null,"CALÇADA EXTERNA + LASTRO DE CONCRETO DE 8CM","12.8"]
[{"$f":"IF(LEN(D196),OFFSET(A196,-1,0)+1,OFFSET(A196,-1,0))","v":12},{"$f":"IF(OR(C196=1,D196=1),SUMIF($A$25:A196,A196,$C$25:C196),\"\")","v":""},{"$f":"IF(G196>0,1,\"\")","v":""},{"$f":"IF(AND(CONCATENATE(G196,I196,J196,K196,L196,M196,N196)=I196&N196,CONCATENATE(G196,I196,J196,K196,L196,M196,N196)<>\"\",N196<>\"\"),1,\"\")","v":""},null,{"$f":"IF(B196<>\"\",A196&\".\"&B196,\"\")","v":""},null,null,"MEIO-FIO"]
[12,{"$f":"IF(OR(C197=1,D197=1),SUMIF($A$25:A197,A197,$C$25:C197),\"\")","v":9},1,"",null,{"$f":"IF(B197<>\"\",A197&\".\"&B197,\"\")","v":"12.9"},94266,{"$f":"IF(G197>=\"AMM\",\"PRÓPRIO\",\"SINAPI\")","v":"SINAPI"},{"$f":"VLOOKUP($G197,IF(LEFT($G197,3)=\"AMM\",COMPOSIÇÕES!$B$1:$E$4233,'BANCO DE DADOS DEZ-24  SERV'!$B$2:$F$7984),2,FALSE)","v":"GUIA (MEIO-FIO) CONCRETO, MOLDADA  IN LOCO  EM TRECHO CURVO COM EXTRUSORA, 15 CM BASE X 30 CM ALTURA. AF_01/2024"},{"$f":"VLOOKUP($G197,IF(LEFT($G197,3)=\"AMM\",COMPOSIÇÕES!$B$1:$E$4233,'BANCO DE DADOS DEZ-24  SERV'!$B$2:$F$7984),3,FALSE)","v":"M"},{"$f":"TRUNC(4.06/0.15,2)","v":27.06},{"$f":"VLOOKUP($G197,IF(LEFT($G197,3)=\"AMM\",COMPOSIÇÕES!$B$1:$E$4233,'BANCO DE DADOS DEZ-24  SERV'!$B$2:$F$7984),4,FALSE)","v":61.07},{"$f":"IF($Q$2=\"OUTROS\",TRUNC(L197*(1+$N$7),2),ROUND(L197*(1+$N$7),2))","v":74.64},{"$f":"IF($Q$2=\"OUTROS\",TRUNC(M197*K197,2),ROUND(M197*K197,2))","v":2019.75},null,"4,06/0,15  **METRO LINEAR DO MEIO-FIO",{"$f":"F197","v":"12.9"}]
[12,{"$f":"IF(OR(C198=1,D198=1),SUMIF($A$25:A198,A198,$C$25:C198),\"\")","v":10},1,"",null,"12.10",94265,"SINAPI",{"$f":"VLOOKUP($G198,IF(LEFT($G198,3)=\"AMM\",COMPOSIÇÕES!$B$1:$E$4233,'BANCO DE DADOS DEZ-24  SERV'!$B$2:$F$7984),2,FALSE)","v":"GUIA (MEIO-FIO) CONCRETO, MOLDADA  IN LOCO  EM TRECHO RETO COM EXTRUSORA, 15 CM BASE X 30 CM ALTURA. AF_01/2024"},{"$f":"VLOOKUP($G198,IF(LEFT($G198,3)=\"AMM\",COMPOSIÇÕES!$B$1:$E$4233,'BANCO DE DADOS DEZ-24  SERV'!$B$2:$F$7984),3,FALSE)","v":"M"},{"$f":"TRUNC(51.24/0.15,2)","v":341.6},{"$f":"VLOOKUP($G198,IF(LEFT($G198,3)=\"AMM\",COMPOSIÇÕES!$B$1:$E$4233,'BANCO DE DADOS DEZ-24  SERV'!$B$2:$F$7984),4,FALSE)","v":56.17},{"$f":"IF($Q$2=\"OUTROS\",TRUNC(L198*(1+$N$7),2),ROUND(L198*(1+$N$7),2))","v":68.650000000000006},{"$f":"IF($Q$2=\"OUTROS\",TRUNC(M198*K198,2),ROUND(M198*K198,2))","v":23450.84},null,"51,24/0,15  **METRO LINEAR DO MEIO-FIO",{"$f":"F198","v":"12.10"}]
[12,{"$f":"IF(OR(C199=1,D199=1),SUMIF($A$25:A199,A199,$C$25:C199),\"\")","v":""},"","",null,{"$f":"IF(B199<>\"\",A199&\".\"&B199,\"\")","v":""}]
[13,{"$f":"IF(OR(C200=1,D200=1),SUMIF($A$25:A200,A200,$C$25:C200),\"\")","v":0},"",1,null,"13.0",null,null,"FORRO",null,null,null,null,{"$f":"SUM(N201:N202)","v":20298.919999999998}]
[13,{"$f":"IF(OR(C201=1,D201=1),SUMIF($A$25:A201,A201,$C$25:C201),\"\")","v":1},1,"",null,"13.1",96113,{"$f":"IF(G201>=\"AMM\",\"PRÓPRIO\",\"SINAPI\")","v":"SINAPI"},{"$f":"VLOOKUP($G201,IF(LEFT($G201,3)=\"AMM\",COMPOSIÇÕES!$B$1:$E$4233,'BANCO DE DADOS DEZ-24  SERV'!$B$2:$F$7984),2,FALSE)","v":"FORRO EM PLACAS DE GESSO, PARA AMBIENTES COMERCIAIS. AF_08/2023_PS"},{"$f":"VLOOKUP($G201,IF(LEFT($G201,3)=\"AMM\",COMPOSIÇÕES!$B$1:$E$4233,'BANCO DE DADOS DEZ-24  SERV'!$B$2:$F$7984),3,FALSE)","v":"M2"},{"$f":"TRUNC(3.66*2+3.48+5.79+10.3+8.72+4.14*2+1.59+14.53+15.39+14.17+11.2+52.44+11.2+19.2+3.45*2,2)","v":190.51},{"$f":"VLOOKUP($G201,IF(LEFT($G201,3)=\"AMM\",COMPOSIÇÕES!$B$1:$E$4233,'BANCO DE DADOS DEZ-24  SERV'!$B$2:$F$7984),4,FALSE)","v":45.97},{"$f":"IF($Q$2=\"OUTROS\",TRUNC(L201*(1+$N$7),2),ROUND(L201*(1+$N$7),2))","v":56.18},{"$f":"IF($Q$2=\"OUTROS\",TRUNC(M201*K201,2),ROUND(M201*K201,2))","v":10702.85},null,"3,66*2+3,48+5,79+10,3+8,72+4,14*2+1,59+14,53+15,39+14,17+11,2+52,44+11,2+19,2+3,45*2",{"$f":"F201","v":"13.1"}]
[13,{"$f":"IF(OR(C202=1,D202=1),SUMIF($A$25:A202,A202,$C$25:C202),\"\")","v":2},1,"",null,"13.2",96116,"SINAPI",{"$f":"VLOOKUP($G202,IF(LEFT($G202,3)=\"AMM\",COMPOSIÇÕES!$B$1:$E$4233,'BANCO DE DADOS DEZ-24  SERV'!$B$2:$F$7984),2,FALSE)","v":"FORRO EM RÉGUAS DE PVC, FRISADO, PARA AMBIENTES COMERCIAIS, INCLUSIVE ESTRUTURA BIDIRECIONAL DE FIXAÇÃO. AF_08/2023_PS"},{"$f":"VLOOKUP($G202,IF(LEFT($G202,3)=\"AMM\",COMPOSIÇÕES!$B$1:$E$4233,'BANCO DE DADOS DEZ-24  SERV'!$B$2:$F$7984),3,FALSE)","v":"M2"},{"$f":"TRUNC(54.53+62.97+2.45+9.29,2)","v":129.24},{"$f":"VLOOKUP($G202,IF(LEFT($G202,3)=\"AMM\",COMPOSIÇÕES!$B$1:$E$4233,'BANCO DE DADOS DEZ-24  SERV'!$B$2:$F$7984),4,FALSE)","v":60.75},{"$f":"IF($Q$2=\"OUTROS\",TRUNC(L202*(1+$N$7),2),ROUND(L202*(1+$N$7),2))","v":74.25},9596.07,null,"54,53+62,97+2,45+9,29","13.2"]
[13,{"$f":"IF(OR(C203=1,D203=1),SUMIF($A$25:A203,A203,$C$25:C203),\"\")","v":""},"","",null,""]
[14,{"$f":"IF(OR(C204=1,D204=1),SUMIF($A$25:A204,A204,$C$25:C204),\"\")","v":0},"",1,null,"14.0",null,null,"INSTALAÇÕES HIDROSSANITÁRIAS",null,null,null,null,{"$f":"SUM(N205:N311)","v":95691.279999999984},"VER ITENS QUE VAI SER COTADO COM MÃO DE OBRA E COLOCAR BDI DIF"]
[14,{"$f":"IF(OR(C205=1,D205=1),SUMIF($A$25:A205,A205,$C$25:C205),\"\")","v":""},"","",null,"",null,null,"INSTALAÇÕES DE ÁGUA FRIA"]
[14,{"$f":"IF(OR(C206=1,D206=1),SUMIF($A$25:A206,A206,$C$25:C206),\"\")","v":""},"","",null,"",null,null,"ALIMENTAÇÃO"]
[14,{"$f":"IF(OR(C207=1,D207=1),SUMIF($A$25:A207,A207,$C$25:C207),\"\")","v":1},1,"",null,"14.1",95675,{"$f":"IF(G207>=\"AMM\",\"PRÓPRIO\",\"SINAPI\")","v":"SINAPI"},{"$f":"VLOOKUP($G207,IF(LEFT($G207,3)=\"AMM\",COMPOSIÇÕES!$B$1:$E$4233,'BANCO DE DADOS DEZ-24  SERV'!$B$2:$F$7984),2,FALSE)","v":"HIDRÔMETRO DN 3/4\", 5,0 M3/H - FORNECIMENTO E INSTALAÇÃO. AF_03/2024"},{"$f":"VLOOKUP($G207,IF(LEFT($G207,3)=\"AMM\",COMPOSIÇÕES!$B$1:$E$4233,'BANCO DE DADOS DEZ-24  SERV'!$B$2:$F$7984),3,FALSE)","v":"UN"},1,{"$f":"VLOOKUP($G207,IF(LEFT($G207,3)=\"AMM\",COMPOSIÇÕES!$B$1:$E$4233,'BANCO DE DADOS DEZ-24  SERV'!$B$2:$F$7984),4,FALSE)","v":146.97999999999999},{"$f":"IF($Q$2=\"OUTROS\",TRUNC(L207*(1+$N$7),2),ROUND(L207*(1+$N$7),2))","v":179.65},{"$f":"IF($Q$2=\"OUTROS\",TRUNC(M207*K207,2),ROUND(M207*K207,2))","v":179.65}]
[14,{"$f":"IF(OR(C208=1,D208=1),SUMIF($A$25:A208,A208,$C$25:C208),\"\")","v":2},1,"",null,"14.2",95634,"SINAPI",{"$f":"VLOOKUP($G208,IF(LEFT($G208,3)=\"AMM\",COMPOSIÇÕES!$B$1:$E$4233,'BANCO DE DADOS DEZ-24  SERV'!$B$2:$F$7984),2,FALSE)","v":"KIT CAVALETE PARA MEDIÇÃO DE ÁGUA - ENTRADA PRINCIPAL, EM PVC 20 MM (1/2\") - FORNECIMENTO E INSTALAÇÃO (EXCLUSIVE HIDRÔMETRO). AF_03/2024"},{"$f":"VLOOKUP($G208,IF(LEFT($G208,3)=\"AMM\",COMPOSIÇÕES!$B$1:$E$4233,'BANCO DE DADOS DEZ-24  SERV'!$B$2:$F$7984),3,FALSE)","v":"UN"},1,{"$f":"VLOOKUP($G208,IF(LEFT($G208,3)=\"AMM\",COMPOSIÇÕES!$B$1:$E$4233,'BANCO DE DADOS DEZ-24  SERV'!$B$2:$F$7984),4,FALSE)","v":189.01},{"$f":"IF($Q$2=\"OUTROS\",TRUNC(L208*(1+$N$7),2),ROUND(L208*(1+$N$7),2))","v":231.02},231.02]
[14,{"$f":"IF(OR(C209=1,D209=1),SUMIF($A$25:A209,A209,$C$25:C209),\"\")","v":3},1,"",null,"14.3",94796,"SINAPI",{"$f":"VLOOKUP($G209,IF(LEFT($G209,3)=\"AMM\",COMPOSIÇÕES!$B$1:$E$4233,'BANCO DE DADOS DEZ-24  SERV'!$B$2:$F$7984),2,FALSE)","v":"TORNEIRA DE BOIA PARA CAIXA D'ÁGUA, ROSCÁVEL, 3/4\" - FORNECIMENTO E INSTALAÇÃO. AF_08/2021"},{"$f":"VLOOKUP($G209,IF(LEFT($G209,3)=\"AMM\",COMPOSIÇÕES!$B$1:$E$4233,'BANCO DE DADOS DEZ-24  SERV'!$B$2:$F$7984),3,FALSE)","v":"UN"},2,{"$f":"VLOOKUP($G209,IF(LEFT($G209,3)=\"AMM\",COMPOSIÇÕES!$B$1:$E$4233,'BANCO DE DADOS DEZ-24  SERV'!$B$2:$F$7984),4,FALSE)","v":36.72},{"$f":"IF($Q$2=\"OUTROS\",TRUNC(L209*(1+$N$7),2),ROUND(L209*(1+$N$7),2))","v":44.88},89.76]
[14,{"$f":"IF(OR(C210=1,D210=1),SUMIF($A$25:A210,A210,$C$25:C210),\"\")","v":4},1,"",null,{"$f":"IF(B210<>\"\",A210&\".\"&B210,\"\")","v":"14.4"},{"$f":"'COMP. HIDRO '!B147","v":"HID 010"},"PRÓPRIO",{"$f":"'COMP. HIDRO '!C147","v":"RESERVATÓRIO EM POLIETILENO DE ALTA DENSIDADE (TIPO TANQUE) , V: 5.000 L - FORNECIMENTO E INSTALAÇÃO"},{"$f":"'COMP. HIDRO '!G147","v":"UN"},3,{"$f":"'COMP. HIDRO '!G153","v":4014.12},{"$f":"IF($Q$2=\"OUTROS\",TRUNC(L210*(1+$N$7),2),ROUND(L210*(1+$N$7),2))","v":4906.45},{"$f":"IF($Q$2=\"OUTROS\",TRUNC(M210*K210,2),ROUND(M210*K210,2))","v":14719.35}]
[14,{"$f":"IF(OR(C211=1,D211=1),SUMIF($A$25:A211,A211,$C$25:C211),\"\")","v":""},"","",null,"",null,null,"INSTALAÇÕES DE ÁGUA FRIA"]
[14,{"$f":"IF(OR(C212=1,D212=1),SUMIF($A$25:A212,A212,$C$25:C212),\"\")","v":""},"","",null,"",null,null,"TUBULAÇÃO - PVC SOLDÁVEL MARROM"]
[14,{"$f":"IF(OR(C213=1,D213=1),SUMIF($A$25:A213,A213,$C$25:C213),\"\")","v":5},1,"",null,"14.5",89402,{"$f":"IF(G213>=\"AMM\",\"PRÓPRIO\",\"SINAPI\")","v":"SINAPI"},{"$f":"VLOOKUP($G213,IF(LEFT($G213,3)=\"AMM\",COMPOSIÇÕES!$B$1:$E$4233,'BANCO DE DADOS DEZ-24  SERV'!$B$2:$F$7984),2,FALSE)","v":"TUBO, PVC, SOLDÁVEL, DE 25MM, INSTALADO EM RAMAL DE DISTRIBUIÇÃO DE ÁGUA - FORNECIMENTO E INSTALAÇÃO. AF_06/2022"},{"$f":"VLOOKUP($G213,IF(LEFT($G213,3)=\"AMM\",COMPOSIÇÕES!$B$1:$E$4233,'BANCO DE DADOS DEZ-24  SERV'!$B$2:$F$7984),3,FALSE)","v":"M"},42,{"$f":"VLOOKUP($G213,IF(LEFT($G213,3)=\"AMM\",COMPOSIÇÕES!$B$1:$E$4233,'BANCO DE DADOS DEZ-24  SERV'!$B$2:$F$7984),4,FALSE)","v":11.47},{"$f":"IF($Q$2=\"OUTROS\",TRUNC(L213*(1+$N$7),2),ROUND(L213*(1+$N$7),2))","v":14.01},{"$f":"IF($Q$2=\"OUTROS\",TRUNC(M213*K213,2),ROUND(M213*K213,2))","v":588.41999999999996}]
[14,{"$f":"IF(OR(C214=1,D214=1),SUMIF($A$25:A214,A214,$C$25:C214),\"\")","v":6},1,"",null,"14.6",89356,"SINAPI",{"$f":"VLOOKUP($G214,IF(LEFT($G214,3)=\"AMM\",COMPOSIÇÕES!$B$1:$E$4233,'BANCO DE DADOS DEZ-24  SERV'!$B$2:$F$7984),2,FALSE)","v":"TUBO, PVC, SOLDÁVEL, DE 25MM, INSTALADO EM RAMAL OU SUB-RAMAL DE ÁGUA - FORNECIMENTO E INSTALAÇÃO. AF_06/2022"},{"$f":"VLOOKUP($G214,IF(LEFT($G214,3)=\"AMM\",COMPOSIÇÕES!$B$1:$E$4233,'BANCO DE DADOS DEZ-24  SERV'!$B$2:$F$7984),3,FALSE)","v":"M"},27,{"$f":"VLOOKUP($G214,IF(LEFT($G214,3)=\"AMM\",COMPOSIÇÕES!$B$1:$E$4233,'BANCO DE DADOS DEZ-24  SERV'!$B$2:$F$7984),4,FALSE)","v":21.89},{"$f":"IF($Q$2=\"OUTROS\",TRUNC(L214*(1+$N$7),2),ROUND(L214*(1+$N$7),2))","v":26.75},722.25]
[14,{"$f":"IF(OR(C215=1,D215=1),SUMIF($A$25:A215,A215,$C$25:C215),\"\")","v":7},1,"",null,"14.7",89357,"SINAPI",{"$f":"VLOOKUP($G215,IF(LEFT($G215,3)=\"AMM\",COMPOSIÇÕES!$B$1:$E$4233,'BANCO DE DADOS DEZ-24  SERV'!$B$2:$F$7984),2,FALSE)","v":"TUBO, PVC, SOLDÁVEL, DE 32MM, INSTALADO EM RAMAL OU SUB-RAMAL DE ÁGUA - FORNECIMENTO E INSTALAÇÃO. AF_06/2022"},{"$f":"VLOOKUP($G215,IF(LEFT($G215,3)=\"AMM\",COMPOSIÇÕES!$B$1:$E$4233,'BANCO DE DADOS DEZ-24  SERV'!$B$2:$F$7984),3,FALSE)","v":"M"},14,{"$f":"VLOOKUP($G215,IF(LEFT($G215,3)=\"AMM\",COMPOSIÇÕES!$B$1:$E$4233,'BANCO DE DADOS DEZ-24  SERV'!$B$2:$F$7984),4,FALSE)","v":29.99},{"$f":"IF($Q$2=\"OUTROS\",TRUNC(L215*(1+$N$7),2),ROUND(L215*(1+$N$7),2))","v":36.65},513.1]
[14,{"$f":"IF(OR(C216=1,D216=1),SUMIF($A$25:A216,A216,$C$25:C216),\"\")","v":8},1,"",null,"14.8",89449,"SINAPI",{"$f":"VLOOKUP($G216,IF(LEFT($G216,3)=\"AMM\",COMPOSIÇÕES!$B$1:$E$4233,'BANCO DE DADOS DEZ-24  SERV'!$B$2:$F$7984),2,FALSE)","v":"TUBO, PVC, SOLDÁVEL, DE 50MM, INSTALADO EM PRUMADA DE ÁGUA - FORNECIMENTO E INSTALAÇÃO. AF_06/2022"},{"$f":"VLOOKUP($G216,IF(LEFT($G216,3)=\"AMM\",COMPOSIÇÕES!$B$1:$E$4233,'BANCO DE DADOS DEZ-24  SERV'!$B$2:$F$7984),3,FALSE)","v":"M"},28,{"$f":"VLOOKUP($G216,IF(LEFT($G216,3)=\"AMM\",COMPOSIÇÕES!$B$1:$E$4233,'BANCO DE DADOS DEZ-24  SERV'!$B$2:$F$7984),4,FALSE)","v":16.53},{"$f":"IF($Q$2=\"OUTROS\",TRUNC(L216*(1+$N$7),2),ROUND(L216*(1+$N$7),2))","v":20.2},565.6]
[14,{"$f":"IF(OR(C217=1,D217=1),SUMIF($A$25:A217,A217,$C$25:C217),\"\")","v":9},1,"",null,"14.9",89450,"SINAPI",{"$f":"VLOOKUP($G217,IF(LEFT($G217,3)=\"AMM\",COMPOSIÇÕES!$B$1:$E$4233,'BANCO DE DADOS DEZ-24  SERV'!$B$2:$F$7984),2,FALSE)","v":"TUBO, PVC, SOLDÁVEL, DE 60MM, INSTALADO EM PRUMADA DE ÁGUA - FORNECIMENTO E INSTALAÇÃO. AF_06/2022"},{"$f":"VLOOKUP($G217,IF(LEFT($G217,3)=\"AMM\",COMPOSIÇÕES!$B$1:$E$4233,'BANCO DE DADOS DEZ-24  SERV'!$B$2:$F$7984),3,FALSE)","v":"M"},22,{"$f":"VLOOKUP($G217,IF(LEFT($G217,3)=\"AMM\",COMPOSIÇÕES!$B$1:$E$4233,'BANCO DE DADOS DEZ-24  SERV'!$B$2:$F$7984),4,FALSE)","v":26.44},{"$f":"IF($Q$2=\"OUTROS\",TRUNC(L217*(1+$N$7),2),ROUND(L217*(1+$N$7),2))","v":32.31},710.82]
[14,{"$f":"IF(OR(C218=1,D218=1),SUMIF($A$25:A218,A218,$C$25:C218),\"\")","v":""},"","",null,"",null,null,"CONEXÕES - PVC SOLDÁVEL MARROM"]
[14,{"$f":"IF(OR(C219=1,D219=1),SUMIF($A$25:A219,A219,$C$25:C219),\"\")","v":10},1,"",null,"14.10",89381,{"$f":"IF(G219>=\"AMM\",\"PRÓPRIO\",\"SINAPI\")","v":"SINAPI"},{"$f":"VLOOKUP($G219,IF(LEFT($G219,3)=\"AMM\",COMPOSIÇÕES!$B$1:$E$4233,'BANCO DE DADOS DEZ-24  SERV'!$B$2:$F$7984),2,FALSE)","v":"LUVA COM BUCHA DE LATÃO, PVC, SOLDÁVEL, DN 25MM X 3/4 , INSTALADO EM RAMAL OU SUB-RAMAL DE ÁGUA - FORNECIMENTO E INSTALAÇÃO. AF_06/2022"},{"$f":"VLOOKUP($G219,IF(LEFT($G219,3)=\"AMM\",COMPOSIÇÕES!$B$1:$E$4233,'BANCO DE DADOS DEZ-24  SERV'!$B$2:$F$7984),3,FALSE)","v":"UN"},2,{"$f":"VLOOKUP($G219,IF(LEFT($G219,3)=\"AMM\",COMPOSIÇÕES!$B$1:$E$4233,'BANCO DE DADOS DEZ-24  SERV'!$B$2:$F$7984),4,FALSE)","v":11.57},{"$f":"IF($Q$2=\"OUTROS\",TRUNC(L219*(1+$N$7),2),ROUND(L219*(1+$N$7),2))","v":14.14},{"$f":"IF($Q$2=\"OUTROS\",TRUNC(M219*K219,2),ROUND(M219*K219,2))","v":28.28}]
[14,{"$f":"IF(OR(C220=1,D220=1),SUMIF($A$25:A220,A220,$C$25:C220),\"\")","v":11},1,"",null,"14.11",89362,"SINAPI",{"$f":"VLOOKUP($G220,IF(LEFT($G220,3)=\"AMM\",COMPOSIÇÕES!$B$1:$E$4233,'BANCO DE DADOS DEZ-24  SERV'!$B$2:$F$7984),2,FALSE)","v":"JOELHO 90 GRAUS, PVC, SOLDÁVEL, DN 25MM, INSTALADO EM RAMAL OU SUB-RAMAL DE ÁGUA - FORNECIMENTO E INSTALAÇÃO. AF_06/2022"},{"$f":"VLOOKUP($G220,IF(LEFT($G220,3)=\"AMM\",COMPOSIÇÕES!$B$1:$E$4233,'BANCO DE DADOS DEZ-24  SERV'!$B$2:$F$7984),3,FALSE)","v":"UN"},15,{"$f":"VLOOKUP($G220,IF(LEFT($G220,3)=\"AMM\",COMPOSIÇÕES!$B$1:$E$4233,'BANCO DE DADOS DEZ-24  SERV'!$B$2:$F$7984),4,FALSE)","v":9.0399999999999991},11.04,165.6]
[14,{"$f":"IF(OR(C221=1,D221=1),SUMIF($A$25:A221,A221,$C$25:C221),\"\")","v":12},1,"",null,"14.12",89408,"SINAPI",{"$f":"VLOOKUP($G221,IF(LEFT($G221,3)=\"AMM\",COMPOSIÇÕES!$B$1:$E$4233,'BANCO DE DADOS DEZ-24  SERV'!$B$2:$F$7984),2,FALSE)","v":"JOELHO 90 GRAUS, PVC, SOLDÁVEL, DN 25MM, INSTALADO EM RAMAL DE DISTRIBUIÇÃO DE ÁGUA - FORNECIMENTO E INSTALAÇÃO. AF_06/2022"},{"$f":"VLOOKUP($G221,IF(LEFT($G221,3)=\"AMM\",COMPOSIÇÕES!$B$1:$E$4233,'BANCO DE DADOS DEZ-24  SERV'!$B$2:$F$7984),3,FALSE)","v":"UN"},10,{"$f":"VLOOKUP($G221,IF(LEFT($G221,3)=\"AMM\",COMPOSIÇÕES!$B$1:$E$4233,'BANCO DE DADOS DEZ-24  SERV'!$B$2:$F$7984),4,FALSE)","v":8.2899999999999991},10.130000000000001,101.3]
[14,{"$f":"IF(OR(C222=1,D222=1),SUMIF($A$25:A222,A222,$C$25:C222),\"\")","v":13},1,"",null,"14.13",89367,"SINAPI",{"$f":"VLOOKUP($G222,IF(LEFT($G222,3)=\"AMM\",COMPOSIÇÕES!$B$1:$E$4233,'BANCO DE DADOS DEZ-24  SERV'!$B$2:$F$7984),2,FALSE)","v":"JOELHO 90 GRAUS, PVC, SOLDÁVEL, DN 32MM, INSTALADO EM RAMAL OU SUB-RAMAL DE ÁGUA - FORNECIMENTO E INSTALAÇÃO. AF_06/2022"},{"$f":"VLOOKUP($G222,IF(LEFT($G222,3)=\"AMM\",COMPOSIÇÕES!$B$1:$E$4233,'BANCO DE DADOS DEZ-24  SERV'!$B$2:$F$7984),3,FALSE)","v":"UN"},6,{"$f":"VLOOKUP($G222,IF(LEFT($G222,3)=\"AMM\",COMPOSIÇÕES!$B$1:$E$4233,'BANCO DE DADOS DEZ-24  SERV'!$B$2:$F$7984),4,FALSE)","v":12.42},15.18,91.08]
[14,{"$f":"IF(OR(C223=1,D223=1),SUMIF($A$25:A223,A223,$C$25:C223),\"\")","v":14},1,"",null,"14.14",89501,"SINAPI",{"$f":"VLOOKUP($G223,IF(LEFT($G223,3)=\"AMM\",COMPOSIÇÕES!$B$1:$E$4233,'BANCO DE DADOS DEZ-24  SERV'!$B$2:$F$7984),2,FALSE)","v":"JOELHO 90 GRAUS, PVC, SOLDÁVEL, DN 50MM, INSTALADO EM PRUMADA DE ÁGUA - FORNECIMENTO E INSTALAÇÃO. AF_06/2022"},{"$f":"VLOOKUP($G223,IF(LEFT($G223,3)=\"AMM\",COMPOSIÇÕES!$B$1:$E$4233,'BANCO DE DADOS DEZ-24  SERV'!$B$2:$F$7984),3,FALSE)","v":"UN"},15,{"$f":"VLOOKUP($G223,IF(LEFT($G223,3)=\"AMM\",COMPOSIÇÕES!$B$1:$E$4233,'BANCO DE DADOS DEZ-24  SERV'!$B$2:$F$7984),4,FALSE)","v":13.71},16.75,251.25]
[14,{"$f":"IF(OR(C224=1,D224=1),SUMIF($A$25:A224,A224,$C$25:C224),\"\")","v":15},1,"",null,"14.15",89505,"SINAPI",{"$f":"VLOOKUP($G224,IF(LEFT($G224,3)=\"AMM\",COMPOSIÇÕES!$B$1:$E$4233,'BANCO DE DADOS DEZ-24  SERV'!$B$2:$F$7984),2,FALSE)","v":"JOELHO 90 GRAUS, PVC, SOLDÁVEL, DN 60MM, INSTALADO EM PRUMADA DE ÁGUA - FORNECIMENTO E INSTALAÇÃO. AF_06/2022"},{"$f":"VLOOKUP($G224,IF(LEFT($G224,3)=\"AMM\",COMPOSIÇÕES!$B$1:$E$4233,'BANCO DE DADOS DEZ-24  SERV'!$B$2:$F$7984),3,FALSE)","v":"UN"},7,{"$f":"VLOOKUP($G224,IF(LEFT($G224,3)=\"AMM\",COMPOSIÇÕES!$B$1:$E$4233,'BANCO DE DADOS DEZ-24  SERV'!$B$2:$F$7984),4,FALSE)","v":37.979999999999997},46.42,324.94]
[14,{"$f":"IF(OR(C225=1,D225=1),SUMIF($A$25:A225,A225,$C$25:C225),\"\")","v":16},1,"",null,{"$f":"IF(B225<>\"\",A225&\".\"&B225,\"\")","v":"14.16"},103951,"SINAPI",{"$f":"VLOOKUP($G225,IF(LEFT($G225,3)=\"AMM\",COMPOSIÇÕES!$B$1:$E$4233,'BANCO DE DADOS DEZ-24  SERV'!$B$2:$F$7984),2,FALSE)","v":"JOELHO DE REDUÇÃO, 90 GRAUS, PVC, SOLDÁVEL, DN 32 MM X 25 MM, INSTALADO EM RAMAL OU SUB-RAMAL DE ÁGUA - FORNECIMENTO E INSTALAÇÃO. AF_06/2022"},{"$f":"VLOOKUP($G225,IF(LEFT($G225,3)=\"AMM\",COMPOSIÇÕES!$B$1:$E$4233,'BANCO DE DADOS DEZ-24  SERV'!$B$2:$F$7984),3,FALSE)","v":"UN"},2,{"$f":"VLOOKUP($G225,IF(LEFT($G225,3)=\"AMM\",COMPOSIÇÕES!$B$1:$E$4233,'BANCO DE DADOS DEZ-24  SERV'!$B$2:$F$7984),4,FALSE)","v":14.05},17.170000000000002,{"$f":"IF($Q$2=\"OUTROS\",TRUNC(M225*K225,2),ROUND(M225*K225,2))","v":34.340000000000003}]
[14,{"$f":"IF(OR(C226=1,D226=1),SUMIF($A$25:A226,A226,$C$25:C226),\"\")","v":17},1,"",null,"14.17",90373,"SINAPI",{"$f":"VLOOKUP($G226,IF(LEFT($G226,3)=\"AMM\",COMPOSIÇÕES!$B$1:$E$4233,'BANCO DE DADOS DEZ-24  SERV'!$B$2:$F$7984),2,FALSE)","v":"JOELHO 90 GRAUS COM BUCHA DE LATÃO, PVC, SOLDÁVEL, DN 25MM, X 1/2  INSTALADO EM RAMAL OU SUB-RAMAL DE ÁGUA - FORNECIMENTO E INSTALAÇÃO. AF_06/2022"},{"$f":"VLOOKUP($G226,IF(LEFT($G226,3)=\"AMM\",COMPOSIÇÕES!$B$1:$E$4233,'BANCO DE DADOS DEZ-24  SERV'!$B$2:$F$7984),3,FALSE)","v":"UN"},10,{"$f":"VLOOKUP($G226,IF(LEFT($G226,3)=\"AMM\",COMPOSIÇÕES!$B$1:$E$4233,'BANCO DE DADOS DEZ-24  SERV'!$B$2:$F$7984),4,FALSE)","v":12.17},14.87,148.69999999999999]
[14,{"$f":"IF(OR(C227=1,D227=1),SUMIF($A$25:A227,A227,$C$25:C227),\"\")","v":18},1,"",null,"14.18",89366,"SINAPI",{"$f":"VLOOKUP($G227,IF(LEFT($G227,3)=\"AMM\",COMPOSIÇÕES!$B$1:$E$4233,'BANCO DE DADOS DEZ-24  SERV'!$B$2:$F$7984),2,FALSE)","v":"JOELHO 90 GRAUS COM BUCHA DE LATÃO, PVC, SOLDÁVEL, DN 25MM, X 3/4  INSTALADO EM RAMAL OU SUB-RAMAL DE ÁGUA - FORNECIMENTO E INSTALAÇÃO. AF_06/2022"},{"$f":"VLOOKUP($G227,IF(LEFT($G227,3)=\"AMM\",COMPOSIÇÕES!$B$1:$E$4233,'BANCO DE DADOS DEZ-24  SERV'!$B$2:$F$7984),3,FALSE)","v":"UN"},1,{"$f":"VLOOKUP($G227,IF(LEFT($G227,3)=\"AMM\",COMPOSIÇÕES!$B$1:$E$4233,'BANCO DE DADOS DEZ-24  SERV'!$B$2:$F$7984),4,FALSE)","v":15.15},18.510000000000002,18.510000000000002]
[14,{"$f":"IF(OR(C228=1,D228=1),SUMIF($A$25:A228,A228,$C$25:C228),\"\")","v":19},1,"",null,{"$f":"IF(B228<>\"\",A228&\".\"&B228,\"\")","v":"14.19"},89398,"SINAPI",{"$f":"VLOOKUP($G228,IF(LEFT($G228,3)=\"AMM\",COMPOSIÇÕES!$B$1:$E$4233,'BANCO DE DADOS DEZ-24  SERV'!$B$2:$F$7984),2,FALSE)","v":"TE, PVC, SOLDÁVEL, DN 32MM, INSTALADO EM RAMAL OU SUB-RAMAL DE ÁGUA - FORNECIMENTO E INSTALAÇÃO. AF_06/2022"},{"$f":"VLOOKUP($G228,IF(LEFT($G228,3)=\"AMM\",COMPOSIÇÕES!$B$1:$E$4233,'BANCO DE DADOS DEZ-24  SERV'!$B$2:$F$7984),3,FALSE)","v":"UN"},2,{"$f":"VLOOKUP($G228,IF(LEFT($G228,3)=\"AMM\",COMPOSIÇÕES!$B$1:$E$4233,'BANCO DE DADOS DEZ-24  SERV'!$B$2:$F$7984),4,FALSE)","v":17.37},21.23,42.46]
[14,{"$f":"IF(OR(C229=1,D229=1),SUMIF($A$25:A229,A229,$C$25:C229),\"\")","v":20},1,"",null,"14.20",89625,"SINAPI",{"$f":"VLOOKUP($G229,IF(LEFT($G229,3)=\"AMM\",COMPOSIÇÕES!$B$1:$E$4233,'BANCO DE DADOS DEZ-24  SERV'!$B$2:$F$7984),2,FALSE)","v":"TE, PVC, SOLDÁVEL, DN 50MM, INSTALADO EM PRUMADA DE ÁGUA - FORNECIMENTO E INSTALAÇÃO. AF_06/2022"},{"$f":"VLOOKUP($G229,IF(LEFT($G229,3)=\"AMM\",COMPOSIÇÕES!$B$1:$E$4233,'BANCO DE DADOS DEZ-24  SERV'!$B$2:$F$7984),3,FALSE)","v":"UN"},10,{"$f":"VLOOKUP($G229,IF(LEFT($G229,3)=\"AMM\",COMPOSIÇÕES!$B$1:$E$4233,'BANCO DE DADOS DEZ-24  SERV'!$B$2:$F$7984),4,FALSE)","v":21.59},26.38,263.8]
[14,{"$f":"IF(OR(C230=1,D230=1),SUMIF($A$25:A230,A230,$C$25:C230),\"\")","v":21},1,"",null,"14.21",89628,"SINAPI",{"$f":"VLOOKUP($G230,IF(LEFT($G230,3)=\"AMM\",COMPOSIÇÕES!$B$1:$E$4233,'BANCO DE DADOS DEZ-24  SERV'!$B$2:$F$7984),2,FALSE)","v":"TE, PVC, SOLDÁVEL, DN 60MM, INSTALADO EM PRUMADA DE ÁGUA - FORNECIMENTO E INSTALAÇÃO. AF_06/2022"},{"$f":"VLOOKUP($G230,IF(LEFT($G230,3)=\"AMM\",COMPOSIÇÕES!$B$1:$E$4233,'BANCO DE DADOS DEZ-24  SERV'!$B$2:$F$7984),3,FALSE)","v":"UN"},3,{"$f":"VLOOKUP($G230,IF(LEFT($G230,3)=\"AMM\",COMPOSIÇÕES!$B$1:$E$4233,'BANCO DE DADOS DEZ-24  SERV'!$B$2:$F$7984),4,FALSE)","v":44.29},54.13,162.38999999999999]
[14,{"$f":"IF(OR(C231=1,D231=1),SUMIF($A$25:A231,A231,$C$25:C231),\"\")","v":""},"","",null,"",null,null,"BUCHAS/LUVAS DE REDUÇÃO - PVC SOLDÁVEL MARROM"]
[14,{"$f":"IF(OR(C232=1,D232=1),SUMIF($A$25:A232,A232,$C$25:C232),\"\")","v":22},1,"",null,"14.22",89579,{"$f":"IF(G232>=\"AMM\",\"PRÓPRIO\",\"SINAPI\")","v":"SINAPI"},{"$f":"VLOOKUP($G232,IF(LEFT($G232,3)=\"AMM\",COMPOSIÇÕES!$B$1:$E$4233,'BANCO DE DADOS DEZ-24  SERV'!$B$2:$F$7984),2,FALSE)","v":"LUVA DE REDUÇÃO, PVC, SOLDÁVEL, DN 50MM X 25MM, INSTALADO EM PRUMADA DE ÁGUA   FORNECIMENTO E INSTALAÇÃO. AF_06/2022"},{"$f":"VLOOKUP($G232,IF(LEFT($G232,3)=\"AMM\",COMPOSIÇÕES!$B$1:$E$4233,'BANCO DE DADOS DEZ-24  SERV'!$B$2:$F$7984),3,FALSE)","v":"UN"},9,{"$f":"VLOOKUP($G232,IF(LEFT($G232,3)=\"AMM\",COMPOSIÇÕES!$B$1:$E$4233,'BANCO DE DADOS DEZ-24  SERV'!$B$2:$F$7984),4,FALSE)","v":11.03},{"$f":"IF($Q$2=\"OUTROS\",TRUNC(L232*(1+$N$7),2),ROUND(L232*(1+$N$7),2))","v":13.48},{"$f":"IF($Q$2=\"OUTROS\",TRUNC(M232*K232,2),ROUND(M232*K232,2))","v":121.32}]
[14,{"$f":"IF(OR(C233=1,D233=1),SUMIF($A$25:A233,A233,$C$25:C233),\"\")","v":23},1,"",null,{"$f":"IF(B233<>\"\",A233&\".\"&B233,\"\")","v":"14.23"},{"$f":"'COMP. HIDRO '!B18","v":"HID 001"},"PRÓPRIO",{"$f":"'COMP. HIDRO '!C18","v":"BUCHA DE REDUCAO LONGA DE PVC RIGIDO SOLDAVEL, MARROM, Ø 50 X 32 MM - FORNECIMENTO E INSTALAÇÃO"},{"$f":"'COMP. HIDRO '!G18","v":"UN"},2,{"$f":"'COMP. HIDRO '!G27","v":21.53},{"$f":"IF($Q$2=\"OUTROS\",TRUNC(L233*(1+$N$7),2),ROUND(L233*(1+$N$7),2))","v":26.31},{"$f":"IF($Q$2=\"OUTROS\",TRUNC(M233*K233,2),ROUND(M233*K233,2))","v":52.62}]
[14,{"$f":"IF(OR(C234=1,D234=1),SUMIF($A$25:A234,A234,$C$25:C234),\"\")","v":24},1,"",null,"14.24",89605,"SINAPI",{"$f":"VLOOKUP($G234,IF(LEFT($G234,3)=\"AMM\",COMPOSIÇÕES!$B$1:$E$4233,'BANCO DE DADOS DEZ-24  SERV'!$B$2:$F$7984),2,FALSE)","v":"LUVA DE REDUÇÃO, PVC, SOLDÁVEL, DN 60MM X 50MM, INSTALADO EM PRUMADA DE ÁGUA - FORNECIMENTO E INSTALAÇÃO. AF_06/2022"},{"$f":"VLOOKUP($G234,IF(LEFT($G234,3)=\"AMM\",COMPOSIÇÕES!$B$1:$E$4233,'BANCO DE DADOS DEZ-24  SERV'!$B$2:$F$7984),3,FALSE)","v":"UN"},5,{"$f":"VLOOKUP($G234,IF(LEFT($G234,3)=\"AMM\",COMPOSIÇÕES!$B$1:$E$4233,'BANCO DE DADOS DEZ-24  SERV'!$B$2:$F$7984),4,FALSE)","v":19.32},{"$f":"IF($Q$2=\"OUTROS\",TRUNC(L234*(1+$N$7),2),ROUND(L234*(1+$N$7),2))","v":23.61},118.05]
[14,{"$f":"IF(OR(C235=1,D235=1),SUMIF($A$25:A235,A235,$C$25:C235),\"\")","v":""},"","",null,{"$f":"IF(B235<>\"\",A235&\".\"&B235,\"\")","v":""},null,null,"REGISTROS E VÁLVULAS"]
[14,{"$f":"IF(OR(C236=1,D236=1),SUMIF($A$25:A236,A236,$C$25:C236),\"\")","v":25},1,"",null,"14.25",89985,{"$f":"IF(G236>=\"AMM\",\"PRÓPRIO\",\"SINAPI\")","v":"SINAPI"},{"$f":"VLOOKUP($G236,IF(LEFT($G236,3)=\"AMM\",COMPOSIÇÕES!$B$1:$E$4233,'BANCO DE DADOS DEZ-24  SERV'!$B$2:$F$7984),2,FALSE)","v":"REGISTRO DE PRESSÃO BRUTO, LATÃO, ROSCÁVEL, 3/4\", COM ACABAMENTO E CANOPLA CROMADOS - FORNECIMENTO E INSTALAÇÃO. AF_08/2021"},{"$f":"VLOOKUP($G236,IF(LEFT($G236,3)=\"AMM\",COMPOSIÇÕES!$B$1:$E$4233,'BANCO DE DADOS DEZ-24  SERV'!$B$2:$F$7984),3,FALSE)","v":"UN"},2,{"$f":"VLOOKUP($G236,IF(LEFT($G236,3)=\"AMM\",COMPOSIÇÕES!$B$1:$E$4233,'BANCO DE DADOS DEZ-24  SERV'!$B$2:$F$7984),4,FALSE)","v":79.260000000000005},{"$f":"IF($Q$2=\"OUTROS\",TRUNC(L236*(1+$N$7),2),ROUND(L236*(1+$N$7),2))","v":96.87},{"$f":"IF($Q$2=\"OUTROS\",TRUNC(M236*K236,2),ROUND(M236*K236,2))","v":193.74}]
[14,{"$f":"IF(OR(C237=1,D237=1),SUMIF($A$25:A237,A237,$C$25:C237),\"\")","v":26},1,"",null,"14.26",89987,"SINAPI",{"$f":"VLOOKUP($G237,IF(LEFT($G237,3)=\"AMM\",COMPOSIÇÕES!$B$1:$E$4233,'BANCO DE DADOS DEZ-24  SERV'!$B$2:$F$7984),2,FALSE)","v":"REGISTRO DE GAVETA BRUTO, LATÃO, ROSCÁVEL, 3/4\", COM ACABAMENTO E CANOPLA CROMADOS - FORNECIMENTO E INSTALAÇÃO. AF_08/2021"},{"$f":"VLOOKUP($G237,IF(LEFT($G237,3)=\"AMM\",COMPOSIÇÕES!$B$1:$E$4233,'BANCO DE DADOS DEZ-24  SERV'!$B$2:$F$7984),3,FALSE)","v":"UN"},4,{"$f":"VLOOKUP($G237,IF(LEFT($G237,3)=\"AMM\",COMPOSIÇÕES!$B$1:$E$4233,'BANCO DE DADOS DEZ-24  SERV'!$B$2:$F$7984),4,FALSE)","v":83.41},101.95,407.8]
[14,{"$f":"IF(OR(C238=1,D238=1),SUMIF($A$25:A238,A238,$C$25:C238),\"\")","v":27},1,"",null,"14.27",94792,"SINAPI",{"$f":"VLOOKUP($G238,IF(LEFT($G238,3)=\"AMM\",COMPOSIÇÕES!$B$1:$E$4233,'BANCO DE DADOS DEZ-24  SERV'!$B$2:$F$7984),2,FALSE)","v":"REGISTRO DE GAVETA BRUTO, LATÃO, ROSCÁVEL, 1\", COM ACABAMENTO E CANOPLA CROMADOS - FORNECIMENTO E INSTALAÇÃO. AF_08/2021"},{"$f":"VLOOKUP($G238,IF(LEFT($G238,3)=\"AMM\",COMPOSIÇÕES!$B$1:$E$4233,'BANCO DE DADOS DEZ-24  SERV'!$B$2:$F$7984),3,FALSE)","v":"UN"},2,{"$f":"VLOOKUP($G238,IF(LEFT($G238,3)=\"AMM\",COMPOSIÇÕES!$B$1:$E$4233,'BANCO DE DADOS DEZ-24  SERV'!$B$2:$F$7984),4,FALSE)","v":101.59},124.17,248.34]
[14,{"$f":"IF(OR(C239=1,D239=1),SUMIF($A$25:A239,A239,$C$25:C239),\"\")","v":28},1,"",null,"14.28",94794,"SINAPI",{"$f":"VLOOKUP($G239,IF(LEFT($G239,3)=\"AMM\",COMPOSIÇÕES!$B$1:$E$4233,'BANCO DE DADOS DEZ-24  SERV'!$B$2:$F$7984),2,FALSE)","v":"REGISTRO DE GAVETA BRUTO, LATÃO, ROSCÁVEL, 1 1/2\", COM ACABAMENTO E CANOPLA CROMADOS - FORNECIMENTO E INSTALAÇÃO. AF_08/2021"},{"$f":"VLOOKUP($G239,IF(LEFT($G239,3)=\"AMM\",COMPOSIÇÕES!$B$1:$E$4233,'BANCO DE DADOS DEZ-24  SERV'!$B$2:$F$7984),3,FALSE)","v":"UN"},7,{"$f":"VLOOKUP($G239,IF(LEFT($G239,3)=\"AMM\",COMPOSIÇÕES!$B$1:$E$4233,'BANCO DE DADOS DEZ-24  SERV'!$B$2:$F$7984),4,FALSE)","v":147.59},180.39,1262.73]
[14,{"$f":"IF(OR(C240=1,D240=1),SUMIF($A$25:A240,A240,$C$25:C240),\"\")","v":29},1,"",null,"14.29",94490,"SINAPI",{"$f":"VLOOKUP($G240,IF(LEFT($G240,3)=\"AMM\",COMPOSIÇÕES!$B$1:$E$4233,'BANCO DE DADOS DEZ-24  SERV'!$B$2:$F$7984),2,FALSE)","v":"REGISTRO DE ESFERA, PVC, SOLDÁVEL, COM VOLANTE, DN  32 MM - FORNECIMENTO E INSTALAÇÃO. AF_08/2021"},{"$f":"VLOOKUP($G240,IF(LEFT($G240,3)=\"AMM\",COMPOSIÇÕES!$B$1:$E$4233,'BANCO DE DADOS DEZ-24  SERV'!$B$2:$F$7984),3,FALSE)","v":"UN"},2,{"$f":"VLOOKUP($G240,IF(LEFT($G240,3)=\"AMM\",COMPOSIÇÕES!$B$1:$E$4233,'BANCO DE DADOS DEZ-24  SERV'!$B$2:$F$7984),4,FALSE)","v":31.81},38.880000000000003,77.760000000000005]
[14,{"$f":"IF(OR(C241=1,D241=1),SUMIF($A$25:A241,A241,$C$25:C241),\"\")","v":30},1,"",null,"14.30",94492,"SINAPI",{"$f":"VLOOKUP($G241,IF(LEFT($G241,3)=\"AMM\",COMPOSIÇÕES!$B$1:$E$4233,'BANCO DE DADOS DEZ-24  SERV'!$B$2:$F$7984),2,FALSE)","v":"REGISTRO DE ESFERA, PVC, SOLDÁVEL, COM VOLANTE, DN  50 MM - FORNECIMENTO E INSTALAÇÃO. AF_08/2021"},{"$f":"VLOOKUP($G241,IF(LEFT($G241,3)=\"AMM\",COMPOSIÇÕES!$B$1:$E$4233,'BANCO DE DADOS DEZ-24  SERV'!$B$2:$F$7984),3,FALSE)","v":"UN"},2,{"$f":"VLOOKUP($G241,IF(LEFT($G241,3)=\"AMM\",COMPOSIÇÕES!$B$1:$E$4233,'BANCO DE DADOS DEZ-24  SERV'!$B$2:$F$7984),4,FALSE)","v":44.94},54.93,109.86]
[14,{"$f":"IF(OR(C242=1,D242=1),SUMIF($A$25:A242,A242,$C$25:C242),\"\")","v":31},1,"",null,"14.31",94493,"SINAPI",{"$f":"VLOOKUP($G242,IF(LEFT($G242,3)=\"AMM\",COMPOSIÇÕES!$B$1:$E$4233,'BANCO DE DADOS DEZ-24  SERV'!$B$2:$F$7984),2,FALSE)","v":"REGISTRO DE ESFERA, PVC, SOLDÁVEL, COM VOLANTE, DN  60 MM - FORNECIMENTO E INSTALAÇÃO. AF_08/2021"},{"$f":"VLOOKUP($G242,IF(LEFT($G242,3)=\"AMM\",COMPOSIÇÕES!$B$1:$E$4233,'BANCO DE DADOS DEZ-24  SERV'!$B$2:$F$7984),3,FALSE)","v":"UN"},3,{"$f":"VLOOKUP($G242,IF(LEFT($G242,3)=\"AMM\",COMPOSIÇÕES!$B$1:$E$4233,'BANCO DE DADOS DEZ-24  SERV'!$B$2:$F$7984),4,FALSE)","v":82.51},100.85,302.55]
[14,{"$f":"IF(OR(C243=1,D243=1),SUMIF($A$25:A243,A243,$C$25:C243),\"\")","v":32},1,"",null,"14.32",99635,"SINAPI",{"$f":"VLOOKUP($G243,IF(LEFT($G243,3)=\"AMM\",COMPOSIÇÕES!$B$1:$E$4233,'BANCO DE DADOS DEZ-24  SERV'!$B$2:$F$7984),2,FALSE)","v":"VÁLVULA DE DESCARGA METÁLICA, BASE 1 1/2\", ACABAMENTO METALICO CROMADO - FORNECIMENTO E INSTALAÇÃO. AF_08/2021"},{"$f":"VLOOKUP($G243,IF(LEFT($G243,3)=\"AMM\",COMPOSIÇÕES!$B$1:$E$4233,'BANCO DE DADOS DEZ-24  SERV'!$B$2:$F$7984),3,FALSE)","v":"UN"},7,{"$f":"VLOOKUP($G243,IF(LEFT($G243,3)=\"AMM\",COMPOSIÇÕES!$B$1:$E$4233,'BANCO DE DADOS DEZ-24  SERV'!$B$2:$F$7984),4,FALSE)","v":214.64},262.35000000000002,1836.45]
[14,{"$f":"IF(OR(C244=1,D244=1),SUMIF($A$25:A244,A244,$C$25:C244),\"\")","v":""},"","",null,"",null,null,"ADAPTADORES - PVC SOLDÁVEL MARROM"]
[14,{"$f":"IF(OR(C245=1,D245=1),SUMIF($A$25:A245,A245,$C$25:C245),\"\")","v":33},1,"",null,"14.33",89383,{"$f":"IF(G245>=\"AMM\",\"PRÓPRIO\",\"SINAPI\")","v":"SINAPI"},{"$f":"VLOOKUP($G245,IF(LEFT($G245,3)=\"AMM\",COMPOSIÇÕES!$B$1:$E$4233,'BANCO DE DADOS DEZ-24  SERV'!$B$2:$F$7984),2,FALSE)","v":"ADAPTADOR CURTO COM BOLSA E ROSCA PARA REGISTRO, PVC, SOLDÁVEL, DN 25MM X 3/4 , INSTALADO EM RAMAL OU SUB-RAMAL DE ÁGUA - FORNECIMENTO E INSTALAÇÃO. AF_06/2022"},{"$f":"VLOOKUP($G245,IF(LEFT($G245,3)=\"AMM\",COMPOSIÇÕES!$B$1:$E$4233,'BANCO DE DADOS DEZ-24  SERV'!$B$2:$F$7984),3,FALSE)","v":"UN"},8,{"$f":"VLOOKUP($G245,IF(LEFT($G245,3)=\"AMM\",COMPOSIÇÕES!$B$1:$E$4233,'BANCO DE DADOS DEZ-24  SERV'!$B$2:$F$7984),4,FALSE)","v":6.34},{"$f":"IF($Q$2=\"OUTROS\",TRUNC(L245*(1+$N$7),2),ROUND(L245*(1+$N$7),2))","v":7.74},{"$f":"IF($Q$2=\"OUTROS\",TRUNC(M245*K245,2),ROUND(M245*K245,2))","v":61.92}]
[14,{"$f":"IF(OR(C246=1,D246=1),SUMIF($A$25:A246,A246,$C$25:C246),\"\")","v":34},1,"",null,"14.34",89553,"SINAPI",{"$f":"VLOOKUP($G246,IF(LEFT($G246,3)=\"AMM\",COMPOSIÇÕES!$B$1:$E$4233,'BANCO DE DADOS DEZ-24  SERV'!$B$2:$F$7984),2,FALSE)","v":"ADAPTADOR CURTO COM BOLSA E ROSCA PARA REGISTRO, PVC, SOLDÁVEL, DN 32MM X 1 , INSTALADO EM PRUMADA DE ÁGUA - FORNECIMENTO E INSTALAÇÃO. AF_06/2022"},{"$f":"VLOOKUP($G246,IF(LEFT($G246,3)=\"AMM\",COMPOSIÇÕES!$B$1:$E$4233,'BANCO DE DADOS DEZ-24  SERV'!$B$2:$F$7984),3,FALSE)","v":"UN"},4,{"$f":"VLOOKUP($G246,IF(LEFT($G246,3)=\"AMM\",COMPOSIÇÕES!$B$1:$E$4233,'BANCO DE DADOS DEZ-24  SERV'!$B$2:$F$7984),4,FALSE)","v":5.55},6.78,27.12]
[14,{"$f":"IF(OR(C247=1,D247=1),SUMIF($A$25:A247,A247,$C$25:C247),\"\")","v":35},1,"",null,"14.35",89596,"SINAPI",{"$f":"VLOOKUP($G247,IF(LEFT($G247,3)=\"AMM\",COMPOSIÇÕES!$B$1:$E$4233,'BANCO DE DADOS DEZ-24  SERV'!$B$2:$F$7984),2,FALSE)","v":"ADAPTADOR CURTO COM BOLSA E ROSCA PARA REGISTRO, PVC, SOLDÁVEL, DN 50MM X 1.1/2 , INSTALADO EM PRUMADA DE ÁGUA - FORNECIMENTO E INSTALAÇÃO. AF_06/2022"},{"$f":"VLOOKUP($G247,IF(LEFT($G247,3)=\"AMM\",COMPOSIÇÕES!$B$1:$E$4233,'BANCO DE DADOS DEZ-24  SERV'!$B$2:$F$7984),3,FALSE)","v":"UN"},21,{"$f":"VLOOKUP($G247,IF(LEFT($G247,3)=\"AMM\",COMPOSIÇÕES!$B$1:$E$4233,'BANCO DE DADOS DEZ-24  SERV'!$B$2:$F$7984),4,FALSE)","v":9.9700000000000006},12.18,255.78]
[14,{"$f":"IF(OR(C248=1,D248=1),SUMIF($A$25:A248,A248,$C$25:C248),\"\")","v":36},1,"",null,"14.36",94703,"SINAPI",{"$f":"VLOOKUP($G248,IF(LEFT($G248,3)=\"AMM\",COMPOSIÇÕES!$B$1:$E$4233,'BANCO DE DADOS DEZ-24  SERV'!$B$2:$F$7984),2,FALSE)","v":"ADAPTADOR COM FLANGE E ANEL DE VEDAÇÃO, PVC, SOLDÁVEL, DN  25 MM X 3/4\", INSTALADO EM RESERVAÇÃO PREDIAL DE ÁGUA - FORNECIMENTO E INSTALAÇÃO. AF_04/2024"},{"$f":"VLOOKUP($G248,IF(LEFT($G248,3)=\"AMM\",COMPOSIÇÕES!$B$1:$E$4233,'BANCO DE DADOS DEZ-24  SERV'!$B$2:$F$7984),3,FALSE)","v":"UN"},2,{"$f":"VLOOKUP($G248,IF(LEFT($G248,3)=\"AMM\",COMPOSIÇÕES!$B$1:$E$4233,'BANCO DE DADOS DEZ-24  SERV'!$B$2:$F$7984),4,FALSE)","v":18.16},22.19,44.38]
[14,{"$f":"IF(OR(C249=1,D249=1),SUMIF($A$25:A249,A249,$C$25:C249),\"\")","v":37},1,"",null,"14.37",94704,"SINAPI",{"$f":"VLOOKUP($G249,IF(LEFT($G249,3)=\"AMM\",COMPOSIÇÕES!$B$1:$E$4233,'BANCO DE DADOS DEZ-24  SERV'!$B$2:$F$7984),2,FALSE)","v":"ADAPTADOR COM FLANGE E ANEL DE VEDAÇÃO, PVC, SOLDÁVEL, DN 32 MM X 1\", INSTALADO EM RESERVAÇÃO PREDIAL DE ÁGUA - FORNECIMENTO E INSTALAÇÃO. AF_04/2024"},{"$f":"VLOOKUP($G249,IF(LEFT($G249,3)=\"AMM\",COMPOSIÇÕES!$B$1:$E$4233,'BANCO DE DADOS DEZ-24  SERV'!$B$2:$F$7984),3,FALSE)","v":"UN"},4,{"$f":"VLOOKUP($G249,IF(LEFT($G249,3)=\"AMM\",COMPOSIÇÕES!$B$1:$E$4233,'BANCO DE DADOS DEZ-24  SERV'!$B$2:$F$7984),4,FALSE)","v":24.3},29.7,118.8]
[14,{"$f":"IF(OR(C250=1,D250=1),SUMIF($A$25:A250,A250,$C$25:C250),\"\")","v":38},1,"",null,"14.38",94706,"SINAPI",{"$f":"VLOOKUP($G250,IF(LEFT($G250,3)=\"AMM\",COMPOSIÇÕES!$B$1:$E$4233,'BANCO DE DADOS DEZ-24  SERV'!$B$2:$F$7984),2,FALSE)","v":"ADAPTADOR COM FLANGE E ANEL DE VEDAÇÃO, PVC, SOLDÁVEL, DN 50 MM X 1 1/2\", INSTALADO EM RESERVAÇÃO PREDIAL DE ÁGUA - FORNECIMENTO E INSTALAÇÃO. AF_04/2024"},{"$f":"VLOOKUP($G250,IF(LEFT($G250,3)=\"AMM\",COMPOSIÇÕES!$B$1:$E$4233,'BANCO DE DADOS DEZ-24  SERV'!$B$2:$F$7984),3,FALSE)","v":"UN"},4,{"$f":"VLOOKUP($G250,IF(LEFT($G250,3)=\"AMM\",COMPOSIÇÕES!$B$1:$E$4233,'BANCO DE DADOS DEZ-24  SERV'!$B$2:$F$7984),4,FALSE)","v":32.61},39.85,159.4]
[14,{"$f":"IF(OR(C251=1,D251=1),SUMIF($A$25:A251,A251,$C$25:C251),\"\")","v":39},1,"",null,"14.39",94707,"SINAPI",{"$f":"VLOOKUP($G251,IF(LEFT($G251,3)=\"AMM\",COMPOSIÇÕES!$B$1:$E$4233,'BANCO DE DADOS DEZ-24  SERV'!$B$2:$F$7984),2,FALSE)","v":"ADAPTADOR COM FLANGE E ANEL DE VEDAÇÃO, PVC, SOLDÁVEL, DN 60 MM X 2\", INSTALADO EM RESERVAÇÃO PREDIAL DE ÁGUA - FORNECIMENTO E INSTALAÇÃO. AF_04/2024"},{"$f":"VLOOKUP($G251,IF(LEFT($G251,3)=\"AMM\",COMPOSIÇÕES!$B$1:$E$4233,'BANCO DE DADOS DEZ-24  SERV'!$B$2:$F$7984),3,FALSE)","v":"UN"},3,{"$f":"VLOOKUP($G251,IF(LEFT($G251,3)=\"AMM\",COMPOSIÇÕES!$B$1:$E$4233,'BANCO DE DADOS DEZ-24  SERV'!$B$2:$F$7984),4,FALSE)","v":51.46},62.89,188.67]
[14,{"$f":"IF(OR(C252=1,D252=1),SUMIF($A$25:A252,A252,$C$25:C252),\"\")","v":""},"","",null,{"$f":"IF(B252<>\"\",A252&\".\"&B252,\"\")","v":""},null,null,"LOUÇAS, METAIS E ACESSÓRIOS"]
[14,{"$f":"IF(OR(C253=1,D253=1),SUMIF($A$25:A253,A253,$C$25:C253),\"\")","v":40},1,"",null,"14.40",100860,{"$f":"IF(G253>=\"AMM\",\"PRÓPRIO\",\"SINAPI\")","v":"SINAPI"},{"$f":"VLOOKUP($G253,IF(LEFT($G253,3)=\"AMM\",COMPOSIÇÕES!$B$1:$E$4233,'BANCO DE DADOS DEZ-24  SERV'!$B$2:$F$7984),2,FALSE)","v":"CHUVEIRO ELÉTRICO COMUM CORPO PLÁSTICO, TIPO DUCHA - FORNECIMENTO E INSTALAÇÃO. AF_01/2020"},{"$f":"VLOOKUP($G253,IF(LEFT($G253,3)=\"AMM\",COMPOSIÇÕES!$B$1:$E$4233,'BANCO DE DADOS DEZ-24  SERV'!$B$2:$F$7984),3,FALSE)","v":"UN"},2,{"$f":"VLOOKUP($G253,IF(LEFT($G253,3)=\"AMM\",COMPOSIÇÕES!$B$1:$E$4233,'BANCO DE DADOS DEZ-24  SERV'!$B$2:$F$7984),4,FALSE)","v":110.94},{"$f":"IF($Q$2=\"OUTROS\",TRUNC(L253*(1+$N$7),2),ROUND(L253*(1+$N$7),2))","v":135.6},{"$f":"IF($Q$2=\"OUTROS\",TRUNC(M253*K253,2),ROUND(M253*K253,2))","v":271.2}]
[{"$f":"IF(LEN(D254),OFFSET(A254,-1,0)+1,OFFSET(A254,-1,0))","v":14},{"$f":"IF(OR(C254=1,D254=1),SUMIF($A$25:A254,A254,$C$25:C254),\"\")","v":41},{"$f":"IF(G254>0,1,\"\")","v":1},{"$f":"IF(AND(CONCATENATE(G254,I254,J254,K254,L254,M254,N254)=I254&N254,CONCATENATE(G254,I254,J254,K254,L254,M254,N254)<>\"\",N254<>\"\"),1,\"\")","v":""},null,"14.41",95470,"SINAPI",{"$f":"VLOOKUP($G254,IF(LEFT($G254,3)=\"AMM\",COMPOSIÇÕES!$B$1:$E$4233,'BANCO DE DADOS DEZ-24  SERV'!$B$2:$F$7984),2,FALSE)","v":"VASO SANITARIO SIFONADO CONVENCIONAL COM LOUÇA BRANCA, INCLUSO CONJUNTO DE LIGAÇÃO PARA BACIA SANITÁRIA AJUSTÁVEL - FORNECIMENTO E INSTALAÇÃO. AF_01/2020"},{"$f":"VLOOKUP($G254,IF(LEFT($G254,3)=\"AMM\",COMPOSIÇÕES!$B$1:$E$4233,'BANCO DE DADOS DEZ-24  SERV'!$B$2:$F$7984),3,FALSE)","v":"UN"},3,{"$f":"VLOOKUP($G254,IF(LEFT($G254,3)=\"AMM\",COMPOSIÇÕES!$B$1:$E$4233,'BANCO DE DADOS DEZ-24  SERV'!$B$2:$F$7984),4,FALSE)","v":306.58999999999997},374.74,1124.22]
[14,{"$f":"IF(OR(C255=1,D255=1),SUMIF($A$25:A255,A255,$C$25:C255),\"\")","v":42},1,"",null,"14.42",95472,"SINAPI",{"$f":"VLOOKUP($G255,IF(LEFT($G255,3)=\"AMM\",COMPOSIÇÕES!$B$1:$E$4233,'BANCO DE DADOS DEZ-24  SERV'!$B$2:$F$7984),2,FALSE)","v":"VASO SANITARIO SIFONADO CONVENCIONAL PARA PCD SEM FURO FRONTAL COM LOUÇA BRANCA SEM ASSENTO, INCLUSO CONJUNTO DE LIGAÇÃO PARA BACIA SANITÁRIA AJUSTÁVEL - FORNECIMENTO E INSTALAÇÃO. AF_01/2020"},{"$f":"VLOOKUP($G255,IF(LEFT($G255,3)=\"AMM\",COMPOSIÇÕES!$B$1:$E$4233,'BANCO DE DADOS DEZ-24  SERV'!$B$2:$F$7984),3,FALSE)","v":"UN"},4,{"$f":"VLOOKUP($G255,IF(LEFT($G255,3)=\"AMM\",COMPOSIÇÕES!$B$1:$E$4233,'BANCO DE DADOS DEZ-24  SERV'!$B$2:$F$7984),4,FALSE)","v":776.1},948.62,3794.48]
[14,{"$f":"IF(OR(C256=1,D256=1),SUMIF($A$25:A256,A256,$C$25:C256),\"\")","v":43},1,"",null,"14.43",100849,"SINAPI",{"$f":"VLOOKUP($G256,IF(LEFT($G256,3)=\"AMM\",COMPOSIÇÕES!$B$1:$E$4233,'BANCO DE DADOS DEZ-24  SERV'!$B$2:$F$7984),2,FALSE)","v":"ASSENTO SANITÁRIO CONVENCIONAL - FORNECIMENTO E INSTALACAO. AF_01/2020"},{"$f":"VLOOKUP($G256,IF(LEFT($G256,3)=\"AMM\",COMPOSIÇÕES!$B$1:$E$4233,'BANCO DE DADOS DEZ-24  SERV'!$B$2:$F$7984),3,FALSE)","v":"UN"},7,{"$f":"VLOOKUP($G256,IF(LEFT($G256,3)=\"AMM\",COMPOSIÇÕES!$B$1:$E$4233,'BANCO DE DADOS DEZ-24  SERV'!$B$2:$F$7984),4,FALSE)","v":41.55},50.78,355.46]
[14,{"$f":"IF(OR(C257=1,D257=1),SUMIF($A$25:A257,A257,$C$25:C257),\"\")","v":44},1,"",null,"14.44",{"$f":"'COMP. HIDRO '!B33","v":"HID 002"},"PRÓPRIO",{"$f":"'COMP. HIDRO '!C33","v":"LAVATORIO DE CANTO EM LOUÇA BRANCA SUSPENSO - INCLUSO SIFÃO CROMADO, VÁLVULA EM METAL CROMADO E ENGATE FLEXÍVEL EM AÇO INOX 30CM - FORNECIMENTO E INSTALAÇÃO"},{"$f":"'COMP. HIDRO '!G33","v":"UN"},2,{"$f":"'COMP. HIDRO '!G44","v":566.05000000000007},691.88,1383.76]
[14,{"$f":"IF(OR(C258=1,D258=1),SUMIF($A$25:A258,A258,$C$25:C258),\"\")","v":45},1,"",null,"14.45",{"$f":"'COMP. HIDRO '!B47","v":"HID 003"},"PRÓPRIO",{"$f":"'COMP. HIDRO '!C47","v":"LAVATORIO/CUBA DE SOBREPOR RETANGULAR LOUCA BRANCA (INCLUSO SIFÃO EM METAL CROMADO, VÁLVULA EM METAL CROMADO E ENGATE FLEXÍVEL) - FORNECIMENTO E INSTALAÇÃO"},{"$f":"'COMP. HIDRO '!G47","v":"UN"},2,{"$f":"'COMP. HIDRO '!G58","v":850.93000000000006},1040.0899999999999,2080.1799999999998]
[14,{"$f":"IF(OR(C259=1,D259=1),SUMIF($A$25:A259,A259,$C$25:C259),\"\")","v":46},1,"",null,{"$f":"IF(B259<>\"\",A259&\".\"&B259,\"\")","v":"14.46"},86904,{"$f":"IF(G259>=\"AMM\",\"PRÓPRIO\",\"SINAPI\")","v":"SINAPI"},{"$f":"VLOOKUP($G259,IF(LEFT($G259,3)=\"AMM\",COMPOSIÇÕES!$B$1:$E$4233,'BANCO DE DADOS DEZ-24  SERV'!$B$2:$F$7984),2,FALSE)","v":"LAVATÓRIO LOUÇA BRANCA SUSPENSO, 29,5 X 39CM OU EQUIVALENTE, PADRÃO POPULAR - FORNECIMENTO E INSTALAÇÃO. AF_01/2020"},{"$f":"VLOOKUP($G259,IF(LEFT($G259,3)=\"AMM\",COMPOSIÇÕES!$B$1:$E$4233,'BANCO DE DADOS DEZ-24  SERV'!$B$2:$F$7984),3,FALSE)","v":"UN"},3,{"$f":"VLOOKUP($G259,IF(LEFT($G259,3)=\"AMM\",COMPOSIÇÕES!$B$1:$E$4233,'BANCO DE DADOS DEZ-24  SERV'!$B$2:$F$7984),4,FALSE)","v":147.04},179.72,{"$f":"IF($Q$2=\"OUTROS\",TRUNC(M259*K259,2),ROUND(M259*K259,2))","v":539.16}]
[14,{"$f":"IF(OR(C260=1,D260=1),SUMIF($A$25:A260,A260,$C$25:C260),\"\")","v":47},1,"",null,"14.47",86877,"SINAPI",{"$f":"VLOOKUP($G260,IF(LEFT($G260,3)=\"AMM\",COMPOSIÇÕES!$B$1:$E$4233,'BANCO DE DADOS DEZ-24  SERV'!$B$2:$F$7984),2,FALSE)","v":"VÁLVULA EM METAL CROMADO 1.1/2\" X 1.1/2\" PARA TANQUE OU LAVATÓRIO, COM OU SEM LADRÃO - FORNECIMENTO E INSTALAÇÃO. AF_01/2020"},{"$f":"VLOOKUP($G260,IF(LEFT($G260,3)=\"AMM\",COMPOSIÇÕES!$B$1:$E$4233,'BANCO DE DADOS DEZ-24  SERV'!$B$2:$F$7984),3,FALSE)","v":"UN"},3,{"$f":"VLOOKUP($G260,IF(LEFT($G260,3)=\"AMM\",COMPOSIÇÕES!$B$1:$E$4233,'BANCO DE DADOS DEZ-24  SERV'!$B$2:$F$7984),4,FALSE)","v":68.489999999999995},83.71,251.13]
[14,{"$f":"IF(OR(C261=1,D261=1),SUMIF($A$25:A261,A261,$C$25:C261),\"\")","v":48},1,"",null,"14.48",86883,"SINAPI",{"$f":"VLOOKUP($G261,IF(LEFT($G261,3)=\"AMM\",COMPOSIÇÕES!$B$1:$E$4233,'BANCO DE DADOS DEZ-24  SERV'!$B$2:$F$7984),2,FALSE)","v":"SIFÃO DO TIPO FLEXÍVEL EM PVC 1  X 1.1/2  - FORNECIMENTO E INSTALAÇÃO. AF_01/2020"},{"$f":"VLOOKUP($G261,IF(LEFT($G261,3)=\"AMM\",COMPOSIÇÕES!$B$1:$E$4233,'BANCO DE DADOS DEZ-24  SERV'!$B$2:$F$7984),3,FALSE)","v":"UN"},3,{"$f":"VLOOKUP($G261,IF(LEFT($G261,3)=\"AMM\",COMPOSIÇÕES!$B$1:$E$4233,'BANCO DE DADOS DEZ-24  SERV'!$B$2:$F$7984),4,FALSE)","v":14.32},17.5,52.5]
[14,{"$f":"IF(OR(C262=1,D262=1),SUMIF($A$25:A262,A262,$C$25:C262),\"\")","v":49},1,"",null,"14.49",86885,"SINAPI",{"$f":"VLOOKUP($G262,IF(LEFT($G262,3)=\"AMM\",COMPOSIÇÕES!$B$1:$E$4233,'BANCO DE DADOS DEZ-24  SERV'!$B$2:$F$7984),2,FALSE)","v":"ENGATE FLEXÍVEL EM PLÁSTICO BRANCO, 1/2\" X 40CM - FORNECIMENTO E INSTALAÇÃO. AF_01/2020"},{"$f":"VLOOKUP($G262,IF(LEFT($G262,3)=\"AMM\",COMPOSIÇÕES!$B$1:$E$4233,'BANCO DE DADOS DEZ-24  SERV'!$B$2:$F$7984),3,FALSE)","v":"UN"},8,{"$f":"VLOOKUP($G262,IF(LEFT($G262,3)=\"AMM\",COMPOSIÇÕES!$B$1:$E$4233,'BANCO DE DADOS DEZ-24  SERV'!$B$2:$F$7984),4,FALSE)","v":13.71},16.75,134]
[14,{"$f":"IF(OR(C263=1,D263=1),SUMIF($A$25:A263,A263,$C$25:C263),\"\")","v":50},1,"",null,"14.50",{"$f":"'COMP. HIDRO '!B62","v":"HID 004"},"PRÓPRIO",{"$f":"'COMP. HIDRO '!C62","v":"TORNEIRA CROMADA DE MESA PARA LAVATORIO TEMPORIZADA PRESSAO BICA BAIXA - FORNECIMENTO E INSTALAÇÃO"},{"$f":"'COMP. HIDRO '!G62","v":"UN"},7,{"$f":"'COMP. HIDRO '!G70","v":184.22},225.17,1576.19]
[14,{"$f":"IF(OR(C264=1,D264=1),SUMIF($A$25:A264,A264,$C$25:C264),\"\")","v":51},1,"",null,"14.51",86936,"SINAPI",{"$f":"VLOOKUP($G264,IF(LEFT($G264,3)=\"AMM\",COMPOSIÇÕES!$B$1:$E$4233,'BANCO DE DADOS DEZ-24  SERV'!$B$2:$F$7984),2,FALSE)","v":"CUBA DE EMBUTIR DE AÇO INOXIDÁVEL MÉDIA, INCLUSO VÁLVULA TIPO AMERICANA E SIFÃO TIPO GARRAFA EM METAL CROMADO - FORNECIMENTO E INSTALAÇÃO. AF_01/2020"},{"$f":"VLOOKUP($G264,IF(LEFT($G264,3)=\"AMM\",COMPOSIÇÕES!$B$1:$E$4233,'BANCO DE DADOS DEZ-24  SERV'!$B$2:$F$7984),3,FALSE)","v":"UN"},1,{"$f":"VLOOKUP($G264,IF(LEFT($G264,3)=\"AMM\",COMPOSIÇÕES!$B$1:$E$4233,'BANCO DE DADOS DEZ-24  SERV'!$B$2:$F$7984),4,FALSE)","v":514.23},628.54,628.54]
[14,{"$f":"IF(OR(C265=1,D265=1),SUMIF($A$25:A265,A265,$C$25:C265),\"\")","v":52},1,"",null,"14.52",86909,"SINAPI",{"$f":"VLOOKUP($G265,IF(LEFT($G265,3)=\"AMM\",COMPOSIÇÕES!$B$1:$E$4233,'BANCO DE DADOS DEZ-24  SERV'!$B$2:$F$7984),2,FALSE)","v":"TORNEIRA CROMADA TUBO MÓVEL, DE MESA, 1/2\" OU 3/4\", PARA PIA DE COZINHA, PADRÃO ALTO - FORNECIMENTO E INSTALAÇÃO. AF_01/2020"},{"$f":"VLOOKUP($G265,IF(LEFT($G265,3)=\"AMM\",COMPOSIÇÕES!$B$1:$E$4233,'BANCO DE DADOS DEZ-24  SERV'!$B$2:$F$7984),3,FALSE)","v":"UN"},1,{"$f":"VLOOKUP($G265,IF(LEFT($G265,3)=\"AMM\",COMPOSIÇÕES!$B$1:$E$4233,'BANCO DE DADOS DEZ-24  SERV'!$B$2:$F$7984),4,FALSE)","v":141.66},173.15,173.15]
[14,{"$f":"IF(OR(C266=1,D266=1),SUMIF($A$25:A266,A266,$C$25:C266),\"\")","v":53},1,"",null,{"$f":"IF(B266<>\"\",A266&\".\"&B266,\"\")","v":"14.53"},86919,{"$f":"IF(G266>=\"AMM\",\"PRÓPRIO\",\"SINAPI\")","v":"SINAPI"},{"$f":"VLOOKUP($G266,IF(LEFT($G266,3)=\"AMM\",COMPOSIÇÕES!$B$1:$E$4233,'BANCO DE DADOS DEZ-24  SERV'!$B$2:$F$7984),2,FALSE)","v":"TANQUE DE LOUÇA BRANCA COM COLUNA, 30L OU EQUIVALENTE, INCLUSO SIFÃO FLEXÍVEL EM PVC, VÁLVULA METÁLICA E TORNEIRA DE METAL CROMADO PADRÃO MÉDIO - FORNECIMENTO E INSTALAÇÃO. AF_01/2020"},{"$f":"VLOOKUP($G266,IF(LEFT($G266,3)=\"AMM\",COMPOSIÇÕES!$B$1:$E$4233,'BANCO DE DADOS DEZ-24  SERV'!$B$2:$F$7984),3,FALSE)","v":"UN"},1,{"$f":"VLOOKUP($G266,IF(LEFT($G266,3)=\"AMM\",COMPOSIÇÕES!$B$1:$E$4233,'BANCO DE DADOS DEZ-24  SERV'!$B$2:$F$7984),4,FALSE)","v":907.75},1109.54,{"$f":"IF($Q$2=\"OUTROS\",TRUNC(M266*K266,2),ROUND(M266*K266,2))","v":1109.54}]
[14,{"$f":"IF(OR(C267=1,D267=1),SUMIF($A$25:A267,A267,$C$25:C267),\"\")","v":""},"","",null,"",null,null,"INSTALAÇÕES DE ESGOTAMENTO SANITÁRIO"]
[14,{"$f":"IF(OR(C268=1,D268=1),SUMIF($A$25:A268,A268,$C$25:C268),\"\")","v":""},"","",null,"",null,null,"TUBULAÇÃO - PVC BRANCO - SÉRIE NORMAL - ESGOTO PREDIAL"]
[14,{"$f":"IF(OR(C269=1,D269=1),SUMIF($A$25:A269,A269,$C$25:C269),\"\")","v":54},1,"",null,"14.54",89711,{"$f":"IF(G269>=\"AMM\",\"PRÓPRIO\",\"SINAPI\")","v":"SINAPI"},{"$f":"VLOOKUP($G269,IF(LEFT($G269,3)=\"AMM\",COMPOSIÇÕES!$B$1:$E$4233,'BANCO DE DADOS DEZ-24  SERV'!$B$2:$F$7984),2,FALSE)","v":"TUBO PVC, SERIE NORMAL, ESGOTO PREDIAL, DN 40 MM, FORNECIDO E INSTALADO EM RAMAL DE DESCARGA OU RAMAL DE ESGOTO SANITÁRIO. AF_08/2022"},{"$f":"VLOOKUP($G269,IF(LEFT($G269,3)=\"AMM\",COMPOSIÇÕES!$B$1:$E$4233,'BANCO DE DADOS DEZ-24  SERV'!$B$2:$F$7984),3,FALSE)","v":"M"},11,{"$f":"VLOOKUP($G269,IF(LEFT($G269,3)=\"AMM\",COMPOSIÇÕES!$B$1:$E$4233,'BANCO DE DADOS DEZ-24  SERV'!$B$2:$F$7984),4,FALSE)","v":20.54},{"$f":"IF($Q$2=\"OUTROS\",TRUNC(L269*(1+$N$7),2),ROUND(L269*(1+$N$7),2))","v":25.1},{"$f":"IF($Q$2=\"OUTROS\",TRUNC(M269*K269,2),ROUND(M269*K269,2))","v":276.10000000000002}]
[14,{"$f":"IF(OR(C270=1,D270=1),SUMIF($A$25:A270,A270,$C$25:C270),\"\")","v":55},1,"",null,"14.55",89712,"SINAPI",{"$f":"VLOOKUP($G270,IF(LEFT($G270,3)=\"AMM\",COMPOSIÇÕES!$B$1:$E$4233,'BANCO DE DADOS DEZ-24  SERV'!$B$2:$F$7984),2,FALSE)","v":"TUBO PVC, SERIE NORMAL, ESGOTO PREDIAL, DN 50 MM, FORNECIDO E INSTALADO EM RAMAL DE DESCARGA OU RAMAL DE ESGOTO SANITÁRIO. AF_08/2022"},{"$f":"VLOOKUP($G270,IF(LEFT($G270,3)=\"AMM\",COMPOSIÇÕES!$B$1:$E$4233,'BANCO DE DADOS DEZ-24  SERV'!$B$2:$F$7984),3,FALSE)","v":"M"},15,{"$f":"VLOOKUP($G270,IF(LEFT($G270,3)=\"AMM\",COMPOSIÇÕES!$B$1:$E$4233,'BANCO DE DADOS DEZ-24  SERV'!$B$2:$F$7984),4,FALSE)","v":26.22},{"$f":"IF($Q$2=\"OUTROS\",TRUNC(L270*(1+$N$7),2),ROUND(L270*(1+$N$7),2))","v":32.04},480.6]
[14,{"$f":"IF(OR(C271=1,D271=1),SUMIF($A$25:A271,A271,$C$25:C271),\"\")","v":56},1,"",null,"14.56",89798,"SINAPI",{"$f":"VLOOKUP($G271,IF(LEFT($G271,3)=\"AMM\",COMPOSIÇÕES!$B$1:$E$4233,'BANCO DE DADOS DEZ-24  SERV'!$B$2:$F$7984),2,FALSE)","v":"TUBO PVC, SERIE NORMAL, ESGOTO PREDIAL, DN 50 MM, FORNECIDO E INSTALADO EM PRUMADA DE ESGOTO SANITÁRIO OU VENTILAÇÃO. AF_08/2022"},{"$f":"VLOOKUP($G271,IF(LEFT($G271,3)=\"AMM\",COMPOSIÇÕES!$B$1:$E$4233,'BANCO DE DADOS DEZ-24  SERV'!$B$2:$F$7984),3,FALSE)","v":"M"},31,{"$f":"VLOOKUP($G271,IF(LEFT($G271,3)=\"AMM\",COMPOSIÇÕES!$B$1:$E$4233,'BANCO DE DADOS DEZ-24  SERV'!$B$2:$F$7984),4,FALSE)","v":13.38},{"$f":"IF($Q$2=\"OUTROS\",TRUNC(L271*(1+$N$7),2),ROUND(L271*(1+$N$7),2))","v":16.350000000000001},506.85]
[14,{"$f":"IF(OR(C272=1,D272=1),SUMIF($A$25:A272,A272,$C$25:C272),\"\")","v":57},1,"",null,"14.57",89714,"SINAPI",{"$f":"VLOOKUP($G272,IF(LEFT($G272,3)=\"AMM\",COMPOSIÇÕES!$B$1:$E$4233,'BANCO DE DADOS DEZ-24  SERV'!$B$2:$F$7984),2,FALSE)","v":"TUBO PVC, SERIE NORMAL, ESGOTO PREDIAL, DN 100 MM, FORNECIDO E INSTALADO EM RAMAL DE DESCARGA OU RAMAL DE ESGOTO SANITÁRIO. AF_08/2022"},{"$f":"VLOOKUP($G272,IF(LEFT($G272,3)=\"AMM\",COMPOSIÇÕES!$B$1:$E$4233,'BANCO DE DADOS DEZ-24  SERV'!$B$2:$F$7984),3,FALSE)","v":"M"},110,{"$f":"VLOOKUP($G272,IF(LEFT($G272,3)=\"AMM\",COMPOSIÇÕES!$B$1:$E$4233,'BANCO DE DADOS DEZ-24  SERV'!$B$2:$F$7984),4,FALSE)","v":36.51},{"$f":"IF($Q$2=\"OUTROS\",TRUNC(L272*(1+$N$7),2),ROUND(L272*(1+$N$7),2))","v":44.62},4908.2]
[14,{"$f":"IF(OR(C273=1,D273=1),SUMIF($A$25:A273,A273,$C$25:C273),\"\")","v":""},"","",null,{"$f":"IF(B273<>\"\",A273&\".\"&B273,\"\")","v":""},null,null,"CONEXÕES - PVC BRANCO - SÉRIE NORMAL - ESGOTO PREDIAL"]
[14,{"$f":"IF(OR(C274=1,D274=1),SUMIF($A$25:A274,A274,$C$25:C274),\"\")","v":58},1,"",null,"14.58",89753,{"$f":"IF(G274>=\"AMM\",\"PRÓPRIO\",\"SINAPI\")","v":"SINAPI"},{"$f":"VLOOKUP($G274,IF(LEFT($G274,3)=\"AMM\",COMPOSIÇÕES!$B$1:$E$4233,'BANCO DE DADOS DEZ-24  SERV'!$B$2:$F$7984),2,FALSE)","v":"LUVA SIMPLES, PVC, SERIE NORMAL, ESGOTO PREDIAL, DN 50 MM, JUNTA ELÁSTICA, FORNECIDO E INSTALADO EM RAMAL DE DESCARGA OU RAMAL DE ESGOTO SANITÁRIO. AF_08/2022"},{"$f":"VLOOKUP($G274,IF(LEFT($G274,3)=\"AMM\",COMPOSIÇÕES!$B$1:$E$4233,'BANCO DE DADOS DEZ-24  SERV'!$B$2:$F$7984),3,FALSE)","v":"UN"},22,{"$f":"VLOOKUP($G274,IF(LEFT($G274,3)=\"AMM\",COMPOSIÇÕES!$B$1:$E$4233,'BANCO DE DADOS DEZ-24  SERV'!$B$2:$F$7984),4,FALSE)","v":9.19},{"$f":"IF($Q$2=\"OUTROS\",TRUNC(L274*(1+$N$7),2),ROUND(L274*(1+$N$7),2))","v":11.23},{"$f":"IF($Q$2=\"OUTROS\",TRUNC(M274*K274,2),ROUND(M274*K274,2))","v":247.06}]
[14,{"$f":"IF(OR(C275=1,D275=1),SUMIF($A$25:A275,A275,$C$25:C275),\"\")","v":59},1,"",null,"14.59",89778,"SINAPI",{"$f":"VLOOKUP($G275,IF(LEFT($G275,3)=\"AMM\",COMPOSIÇÕES!$B$1:$E$4233,'BANCO DE DADOS DEZ-24  SERV'!$B$2:$F$7984),2,FALSE)","v":"LUVA SIMPLES, PVC, SERIE NORMAL, ESGOTO PREDIAL, DN 100 MM, JUNTA ELÁSTICA, FORNECIDO E INSTALADO EM RAMAL DE DESCARGA OU RAMAL DE ESGOTO SANITÁRIO. AF_08/2022"},{"$f":"VLOOKUP($G275,IF(LEFT($G275,3)=\"AMM\",COMPOSIÇÕES!$B$1:$E$4233,'BANCO DE DADOS DEZ-24  SERV'!$B$2:$F$7984),3,FALSE)","v":"UN"},19,{"$f":"VLOOKUP($G275,IF(LEFT($G275,3)=\"AMM\",COMPOSIÇÕES!$B$1:$E$4233,'BANCO DE DADOS DEZ-24  SERV'!$B$2:$F$7984),4,FALSE)","v":17.920000000000002},21.9,416.1]
[14,{"$f":"IF(OR(C276=1,D276=1),SUMIF($A$25:A276,A276,$C$25:C276),\"\")","v":60},1,"",null,"14.60",{"$f":"'COMP. HIDRO '!B74","v":"HID 005"},"PRÓPRIO",{"$f":"'COMP. HIDRO '!C74","v":"TERMINAL DE VENTILAÇÃO - DN 50 MM - FORNECIMENTO E INSTALAÇÃO"},{"$f":"'COMP. HIDRO '!G74","v":"UN"},4,{"$f":"'COMP. HIDRO '!G83","v":13.939999999999998},17.03,68.12]
[14,{"$f":"IF(OR(C277=1,D277=1),SUMIF($A$25:A277,A277,$C$25:C277),\"\")","v":61},1,"",null,"14.61",89724,"SINAPI",{"$f":"VLOOKUP($G277,IF(LEFT($G277,3)=\"AMM\",COMPOSIÇÕES!$B$1:$E$4233,'BANCO DE DADOS DEZ-24  SERV'!$B$2:$F$7984),2,FALSE)","v":"JOELHO 90 GRAUS, PVC, SERIE NORMAL, ESGOTO PREDIAL, DN 40 MM, JUNTA SOLDÁVEL, FORNECIDO E INSTALADO EM RAMAL DE DESCARGA OU RAMAL DE ESGOTO SANITÁRIO. AF_08/2022"},{"$f":"VLOOKUP($G277,IF(LEFT($G277,3)=\"AMM\",COMPOSIÇÕES!$B$1:$E$4233,'BANCO DE DADOS DEZ-24  SERV'!$B$2:$F$7984),3,FALSE)","v":"UN"},8,{"$f":"VLOOKUP($G277,IF(LEFT($G277,3)=\"AMM\",COMPOSIÇÕES!$B$1:$E$4233,'BANCO DE DADOS DEZ-24  SERV'!$B$2:$F$7984),4,FALSE)","v":10.08},12.32,98.56]
[14,{"$f":"IF(OR(C278=1,D278=1),SUMIF($A$25:A278,A278,$C$25:C278),\"\")","v":62},1,"",null,"14.62",89731,"SINAPI",{"$f":"VLOOKUP($G278,IF(LEFT($G278,3)=\"AMM\",COMPOSIÇÕES!$B$1:$E$4233,'BANCO DE DADOS DEZ-24  SERV'!$B$2:$F$7984),2,FALSE)","v":"JOELHO 90 GRAUS, PVC, SERIE NORMAL, ESGOTO PREDIAL, DN 50 MM, JUNTA ELÁSTICA, FORNECIDO E INSTALADO EM RAMAL DE DESCARGA OU RAMAL DE ESGOTO SANITÁRIO. AF_08/2022"},{"$f":"VLOOKUP($G278,IF(LEFT($G278,3)=\"AMM\",COMPOSIÇÕES!$B$1:$E$4233,'BANCO DE DADOS DEZ-24  SERV'!$B$2:$F$7984),3,FALSE)","v":"UN"},12,{"$f":"VLOOKUP($G278,IF(LEFT($G278,3)=\"AMM\",COMPOSIÇÕES!$B$1:$E$4233,'BANCO DE DADOS DEZ-24  SERV'!$B$2:$F$7984),4,FALSE)","v":14.72},17.989999999999998,215.88]
[14,{"$f":"IF(OR(C279=1,D279=1),SUMIF($A$25:A279,A279,$C$25:C279),\"\")","v":63},1,"",null,"14.63",89732,"SINAPI",{"$f":"VLOOKUP($G279,IF(LEFT($G279,3)=\"AMM\",COMPOSIÇÕES!$B$1:$E$4233,'BANCO DE DADOS DEZ-24  SERV'!$B$2:$F$7984),2,FALSE)","v":"JOELHO 45 GRAUS, PVC, SERIE NORMAL, ESGOTO PREDIAL, DN 50 MM, JUNTA ELÁSTICA, FORNECIDO E INSTALADO EM RAMAL DE DESCARGA OU RAMAL DE ESGOTO SANITÁRIO. AF_08/2022"},{"$f":"VLOOKUP($G279,IF(LEFT($G279,3)=\"AMM\",COMPOSIÇÕES!$B$1:$E$4233,'BANCO DE DADOS DEZ-24  SERV'!$B$2:$F$7984),3,FALSE)","v":"UN"},6,{"$f":"VLOOKUP($G279,IF(LEFT($G279,3)=\"AMM\",COMPOSIÇÕES!$B$1:$E$4233,'BANCO DE DADOS DEZ-24  SERV'!$B$2:$F$7984),4,FALSE)","v":15.45},18.88,113.28]
[14,{"$f":"IF(OR(C280=1,D280=1),SUMIF($A$25:A280,A280,$C$25:C280),\"\")","v":64},1,"",null,"14.64",89810,"SINAPI",{"$f":"VLOOKUP($G280,IF(LEFT($G280,3)=\"AMM\",COMPOSIÇÕES!$B$1:$E$4233,'BANCO DE DADOS DEZ-24  SERV'!$B$2:$F$7984),2,FALSE)","v":"JOELHO 45 GRAUS, PVC, SERIE NORMAL, ESGOTO PREDIAL, DN 100 MM, JUNTA ELÁSTICA, FORNECIDO E INSTALADO EM PRUMADA DE ESGOTO SANITÁRIO OU VENTILAÇÃO. AF_08/2022"},{"$f":"VLOOKUP($G280,IF(LEFT($G280,3)=\"AMM\",COMPOSIÇÕES!$B$1:$E$4233,'BANCO DE DADOS DEZ-24  SERV'!$B$2:$F$7984),3,FALSE)","v":"UN"},3,{"$f":"VLOOKUP($G280,IF(LEFT($G280,3)=\"AMM\",COMPOSIÇÕES!$B$1:$E$4233,'BANCO DE DADOS DEZ-24  SERV'!$B$2:$F$7984),4,FALSE)","v":29.43},35.97,107.91]
[14,{"$f":"IF(OR(C281=1,D281=1),SUMIF($A$25:A281,A281,$C$25:C281),\"\")","v":65},1,"",null,"14.65",89728,"SINAPI",{"$f":"VLOOKUP($G281,IF(LEFT($G281,3)=\"AMM\",COMPOSIÇÕES!$B$1:$E$4233,'BANCO DE DADOS DEZ-24  SERV'!$B$2:$F$7984),2,FALSE)","v":"CURVA CURTA 90 GRAUS, PVC, SERIE NORMAL, ESGOTO PREDIAL, DN 40 MM, JUNTA SOLDÁVEL, FORNECIDO E INSTALADO EM RAMAL DE DESCARGA OU RAMAL DE ESGOTO SANITÁRIO. AF_08/2022"},{"$f":"VLOOKUP($G281,IF(LEFT($G281,3)=\"AMM\",COMPOSIÇÕES!$B$1:$E$4233,'BANCO DE DADOS DEZ-24  SERV'!$B$2:$F$7984),3,FALSE)","v":"UN"},10,{"$f":"VLOOKUP($G281,IF(LEFT($G281,3)=\"AMM\",COMPOSIÇÕES!$B$1:$E$4233,'BANCO DE DADOS DEZ-24  SERV'!$B$2:$F$7984),4,FALSE)","v":13.01},15.9,159]
[14,{"$f":"IF(OR(C282=1,D282=1),SUMIF($A$25:A282,A282,$C$25:C282),\"\")","v":66},1,"",null,"14.66",89733,"SINAPI",{"$f":"VLOOKUP($G282,IF(LEFT($G282,3)=\"AMM\",COMPOSIÇÕES!$B$1:$E$4233,'BANCO DE DADOS DEZ-24  SERV'!$B$2:$F$7984),2,FALSE)","v":"CURVA CURTA 90 GRAUS, PVC, SERIE NORMAL, ESGOTO PREDIAL, DN 50 MM, JUNTA ELÁSTICA, FORNECIDO E INSTALADO EM RAMAL DE DESCARGA OU RAMAL DE ESGOTO SANITÁRIO. AF_08/2022"},{"$f":"VLOOKUP($G282,IF(LEFT($G282,3)=\"AMM\",COMPOSIÇÕES!$B$1:$E$4233,'BANCO DE DADOS DEZ-24  SERV'!$B$2:$F$7984),3,FALSE)","v":"UN"},1,{"$f":"VLOOKUP($G282,IF(LEFT($G282,3)=\"AMM\",COMPOSIÇÕES!$B$1:$E$4233,'BANCO DE DADOS DEZ-24  SERV'!$B$2:$F$7984),4,FALSE)","v":23.21},28.36,28.36]
[14,{"$f":"IF(OR(C283=1,D283=1),SUMIF($A$25:A283,A283,$C$25:C283),\"\")","v":67},1,"",null,"14.67",89748,"SINAPI",{"$f":"VLOOKUP($G283,IF(LEFT($G283,3)=\"AMM\",COMPOSIÇÕES!$B$1:$E$4233,'BANCO DE DADOS DEZ-24  SERV'!$B$2:$F$7984),2,FALSE)","v":"CURVA CURTA 90 GRAUS, PVC, SERIE NORMAL, ESGOTO PREDIAL, DN 100 MM, JUNTA ELÁSTICA, FORNECIDO E INSTALADO EM RAMAL DE DESCARGA OU RAMAL DE ESGOTO SANITÁRIO. AF_08/2022"},{"$f":"VLOOKUP($G283,IF(LEFT($G283,3)=\"AMM\",COMPOSIÇÕES!$B$1:$E$4233,'BANCO DE DADOS DEZ-24  SERV'!$B$2:$F$7984),3,FALSE)","v":"UN"},7,{"$f":"VLOOKUP($G283,IF(LEFT($G283,3)=\"AMM\",COMPOSIÇÕES!$B$1:$E$4233,'BANCO DE DADOS DEZ-24  SERV'!$B$2:$F$7984),4,FALSE)","v":42.54},51.99,363.93]
[14,{"$f":"IF(OR(C284=1,D284=1),SUMIF($A$25:A284,A284,$C$25:C284),\"\")","v":68},1,"",null,"14.68",89784,"SINAPI",{"$f":"VLOOKUP($G284,IF(LEFT($G284,3)=\"AMM\",COMPOSIÇÕES!$B$1:$E$4233,'BANCO DE DADOS DEZ-24  SERV'!$B$2:$F$7984),2,FALSE)","v":"TE, PVC, SERIE NORMAL, ESGOTO PREDIAL, DN 50 X 50 MM, JUNTA ELÁSTICA, FORNECIDO E INSTALADO EM RAMAL DE DESCARGA OU RAMAL DE ESGOTO SANITÁRIO. AF_08/2022"},{"$f":"VLOOKUP($G284,IF(LEFT($G284,3)=\"AMM\",COMPOSIÇÕES!$B$1:$E$4233,'BANCO DE DADOS DEZ-24  SERV'!$B$2:$F$7984),3,FALSE)","v":"UN"},13,{"$f":"VLOOKUP($G284,IF(LEFT($G284,3)=\"AMM\",COMPOSIÇÕES!$B$1:$E$4233,'BANCO DE DADOS DEZ-24  SERV'!$B$2:$F$7984),4,FALSE)","v":23.96},29.28,380.64]
[14,{"$f":"IF(OR(C285=1,D285=1),SUMIF($A$25:A285,A285,$C$25:C285),\"\")","v":69},1,"",null,"14.69",89796,"SINAPI",{"$f":"VLOOKUP($G285,IF(LEFT($G285,3)=\"AMM\",COMPOSIÇÕES!$B$1:$E$4233,'BANCO DE DADOS DEZ-24  SERV'!$B$2:$F$7984),2,FALSE)","v":"TE, PVC, SERIE NORMAL, ESGOTO PREDIAL, DN 100 X 100 MM, JUNTA ELÁSTICA, FORNECIDO E INSTALADO EM RAMAL DE DESCARGA OU RAMAL DE ESGOTO SANITÁRIO. AF_08/2022"},{"$f":"VLOOKUP($G285,IF(LEFT($G285,3)=\"AMM\",COMPOSIÇÕES!$B$1:$E$4233,'BANCO DE DADOS DEZ-24  SERV'!$B$2:$F$7984),3,FALSE)","v":"UN"},1,{"$f":"VLOOKUP($G285,IF(LEFT($G285,3)=\"AMM\",COMPOSIÇÕES!$B$1:$E$4233,'BANCO DE DADOS DEZ-24  SERV'!$B$2:$F$7984),4,FALSE)","v":43.24},52.85,52.85]
[14,{"$f":"IF(OR(C286=1,D286=1),SUMIF($A$25:A286,A286,$C$25:C286),\"\")","v":70},1,"",null,"14.70",{"$f":"'COMP. HIDRO '!B87","v":"HID 006"},"PRÓPRIO",{"$f":"'COMP. HIDRO '!C87","v":"JUNCAO SIMPLES PVC RIGIDO C/ ANEIS PARA ESGOTO PRIMARIO DN 100X50MM - FORNECIMENTO E INSTALAÇÃO"},{"$f":"'COMP. HIDRO '!G87","v":"UN"},5,{"$f":"'COMP. HIDRO '!G97","v":49.71},60.76,303.8]
[14,{"$f":"IF(OR(C287=1,D287=1),SUMIF($A$25:A287,A287,$C$25:C287),\"\")","v":71},1,"",null,"14.71",89797,"SINAPI",{"$f":"VLOOKUP($G287,IF(LEFT($G287,3)=\"AMM\",COMPOSIÇÕES!$B$1:$E$4233,'BANCO DE DADOS DEZ-24  SERV'!$B$2:$F$7984),2,FALSE)","v":"JUNÇÃO SIMPLES, PVC, SERIE NORMAL, ESGOTO PREDIAL, DN 100 X 100 MM, JUNTA ELÁSTICA, FORNECIDO E INSTALADO EM RAMAL DE DESCARGA OU RAMAL DE ESGOTO SANITÁRIO. AF_08/2022"},{"$f":"VLOOKUP($G287,IF(LEFT($G287,3)=\"AMM\",COMPOSIÇÕES!$B$1:$E$4233,'BANCO DE DADOS DEZ-24  SERV'!$B$2:$F$7984),3,FALSE)","v":"UN"},4,{"$f":"VLOOKUP($G287,IF(LEFT($G287,3)=\"AMM\",COMPOSIÇÕES!$B$1:$E$4233,'BANCO DE DADOS DEZ-24  SERV'!$B$2:$F$7984),4,FALSE)","v":51.31},62.71,250.84]
[14,{"$f":"IF(OR(C288=1,D288=1),SUMIF($A$25:A288,A288,$C$25:C288),\"\")","v":""},"","",null,{"$f":"IF(B288<>\"\",A288&\".\"&B288,\"\")","v":""},null,null,"REDUÇÕES EXCÊNTRICAS - PVC BRANCO - SÉRIE NORMAL - ESGOTO PREDIAL"]
[14,{"$f":"IF(OR(C289=1,D289=1),SUMIF($A$25:A289,A289,$C$25:C289),\"\")","v":72},1,"",null,"14.72",{"$f":"'COMP. HIDRO '!B101","v":"HID 007"},{"$f":"IF(G289>=\"AMM\",\"PRÓPRIO\",\"SINAPI\")","v":"PRÓPRIO"},{"$f":"'COMP. HIDRO '!C101","v":"REDUCAO EXCENTRICA PVC RIGIDO C/ ANEIS, PARA ESGOTO PRIMÁRIO  DN 100 X 50MM - FORNECIMENTO E INSTALAÇÃO"},{"$f":"'COMP. HIDRO '!G101","v":"UN"},3,{"$f":"'COMP. HIDRO '!G110","v":21.65},{"$f":"IF($Q$2=\"OUTROS\",TRUNC(L289*(1+$N$7),2),ROUND(L289*(1+$N$7),2))","v":26.46},{"$f":"IF($Q$2=\"OUTROS\",TRUNC(M289*K289,2),ROUND(M289*K289,2))","v":79.38}]
[14,{"$f":"IF(OR(C290=1,D290=1),SUMIF($A$25:A290,A290,$C$25:C290),\"\")","v":""},"","",null,"",null,null,"ACESSÓRIOS"]
[14,{"$f":"IF(OR(C291=1,D291=1),SUMIF($A$25:A291,A291,$C$25:C291),\"\")","v":73},1,"",null,"14.73",89709,{"$f":"IF(G291>=\"AMM\",\"PRÓPRIO\",\"SINAPI\")","v":"SINAPI"},{"$f":"VLOOKUP($G291,IF(LEFT($G291,3)=\"AMM\",COMPOSIÇÕES!$B$1:$E$4233,'BANCO DE DADOS DEZ-24  SERV'!$B$2:$F$7984),2,FALSE)","v":"RALO SIFONADO, PVC, DN 100 X 40 MM, JUNTA SOLDÁVEL, FORNECIDO E INSTALADO EM RAMAL DE DESCARGA OU EM RAMAL DE ESGOTO SANITÁRIO. AF_08/2022"},{"$f":"VLOOKUP($G291,IF(LEFT($G291,3)=\"AMM\",COMPOSIÇÕES!$B$1:$E$4233,'BANCO DE DADOS DEZ-24  SERV'!$B$2:$F$7984),3,FALSE)","v":"UN"},2,{"$f":"VLOOKUP($G291,IF(LEFT($G291,3)=\"AMM\",COMPOSIÇÕES!$B$1:$E$4233,'BANCO DE DADOS DEZ-24  SERV'!$B$2:$F$7984),4,FALSE)","v":20.3},{"$f":"IF($Q$2=\"OUTROS\",TRUNC(L291*(1+$N$7),2),ROUND(L291*(1+$N$7),2))","v":24.81},{"$f":"IF($Q$2=\"OUTROS\",TRUNC(M291*K291,2),ROUND(M291*K291,2))","v":49.62}]
[14,{"$f":"IF(OR(C292=1,D292=1),SUMIF($A$25:A292,A292,$C$25:C292),\"\")","v":74},1,"",null,"14.74",{"$f":"'COMP. HIDRO '!B114","v":"HID 008"},"PRÓPRIO",{"$f":"'COMP. HIDRO '!C114","v":"CAIXA SIFONADA PVC, 150 X 150 X 50 MM, COM GRELHA DE ALUMÍNIO DO TIPO ESCAMOTEÁVEL - FORNECIMENTO E INSTALAÇÃO"},{"$f":"'COMP. HIDRO '!G114","v":"UN"},8,{"$f":"'COMP. HIDRO '!G122","v":86.21},{"$f":"IF($Q$2=\"OUTROS\",TRUNC(L292*(1+$N$7),2),ROUND(L292*(1+$N$7),2))","v":105.37},842.96]
[14,{"$f":"IF(OR(C293=1,D293=1),SUMIF($A$25:A293,A293,$C$25:C293),\"\")","v":""},"","",null,{"$f":"IF(B293<>\"\",A293&\".\"&B293,\"\")","v":""},null,null,"ESTRUTURAS DE PASSAGEM/INSPEÇÃO"]
[14,{"$f":"IF(OR(C294=1,D294=1),SUMIF($A$25:A294,A294,$C$25:C294),\"\")","v":75},1,"",null,"14.75",97902,{"$f":"IF(G294>=\"AMM\",\"PRÓPRIO\",\"SINAPI\")","v":"SINAPI"},{"$f":"VLOOKUP($G294,IF(LEFT($G294,3)=\"AMM\",COMPOSIÇÕES!$B$1:$E$4233,'BANCO DE DADOS DEZ-24  SERV'!$B$2:$F$7984),2,FALSE)","v":"CAIXA ENTERRADA HIDRÁULICA RETANGULAR EM ALVENARIA COM TIJOLOS CERÂMICOS MACIÇOS, DIMENSÕES INTERNAS: 0,6X0,6X0,6 M PARA REDE DE ESGOTO. AF_12/2020"},{"$f":"VLOOKUP($G294,IF(LEFT($G294,3)=\"AMM\",COMPOSIÇÕES!$B$1:$E$4233,'BANCO DE DADOS DEZ-24  SERV'!$B$2:$F$7984),3,FALSE)","v":"UN"},10,{"$f":"VLOOKUP($G294,IF(LEFT($G294,3)=\"AMM\",COMPOSIÇÕES!$B$1:$E$4233,'BANCO DE DADOS DEZ-24  SERV'!$B$2:$F$7984),4,FALSE)","v":584.99},{"$f":"IF($Q$2=\"OUTROS\",TRUNC(L294*(1+$N$7),2),ROUND(L294*(1+$N$7),2))","v":715.03},{"$f":"IF($Q$2=\"OUTROS\",TRUNC(M294*K294,2),ROUND(M294*K294,2))","v":7150.3}]
[14,{"$f":"IF(OR(C295=1,D295=1),SUMIF($A$25:A295,A295,$C$25:C295),\"\")","v":76},1,"",null,"14.76",98102,"SINAPI",{"$f":"VLOOKUP($G295,IF(LEFT($G295,3)=\"AMM\",COMPOSIÇÕES!$B$1:$E$4233,'BANCO DE DADOS DEZ-24  SERV'!$B$2:$F$7984),2,FALSE)","v":"CAIXA DE GORDURA SIMPLES, CIRCULAR, EM CONCRETO PRÉ-MOLDADO, DIÂMETRO INTERNO = 0,4 M, ALTURA INTERNA = 0,4 M. AF_12/2020"},{"$f":"VLOOKUP($G295,IF(LEFT($G295,3)=\"AMM\",COMPOSIÇÕES!$B$1:$E$4233,'BANCO DE DADOS DEZ-24  SERV'!$B$2:$F$7984),3,FALSE)","v":"UN"},1,{"$f":"VLOOKUP($G295,IF(LEFT($G295,3)=\"AMM\",COMPOSIÇÕES!$B$1:$E$4233,'BANCO DE DADOS DEZ-24  SERV'!$B$2:$F$7984),4,FALSE)","v":184.95},{"$f":"IF($Q$2=\"OUTROS\",TRUNC(L295*(1+$N$7),2),ROUND(L295*(1+$N$7),2))","v":226.06},226.06]
[14,{"$f":"IF(OR(C296=1,D296=1),SUMIF($A$25:A296,A296,$C$25:C296),\"\")","v":""},"","",null,"",null,null,"SISTEMA DE TRATAMENTO DE EFLUENTES"]
[14,{"$f":"IF(OR(C297=1,D297=1),SUMIF($A$25:A297,A297,$C$25:C297),\"\")","v":""},"","",null,{"$f":"IF(B297<>\"\",A297&\".\"&B297,\"\")","v":""},null,null,"SISTEMA DE TRATAMENTO DE ESGOTO - EXECUÇÃO DO TANQUE SÉPTICO - DIMENSÕES E UNIDADES DE ACORDO COM O PROJETO"]
[14,{"$f":"IF(OR(C298=1,D298=1),SUMIF($A$25:A298,A298,$C$25:C298),\"\")","v":77},1,"",null,"14.77",98055,{"$f":"IF(G298>=\"AMM\",\"PRÓPRIO\",\"SINAPI\")","v":"SINAPI"},{"$f":"VLOOKUP($G298,IF(LEFT($G298,3)=\"AMM\",COMPOSIÇÕES!$B$1:$E$4233,'BANCO DE DADOS DEZ-24  SERV'!$B$2:$F$7984),2,FALSE)","v":"TANQUE SÉPTICO CIRCULAR, EM CONCRETO PRÉ-MOLDADO, DIÂMETRO INTERNO = 2,38 M, ALTURA INTERNA = 2,50 M, VOLUME ÚTIL: 10009,8 L (PARA 69 CONTRIBUINTES). AF_12/2020_PA"},{"$f":"VLOOKUP($G298,IF(LEFT($G298,3)=\"AMM\",COMPOSIÇÕES!$B$1:$E$4233,'BANCO DE DADOS DEZ-24  SERV'!$B$2:$F$7984),3,FALSE)","v":"UN"},1,{"$f":"VLOOKUP($G298,IF(LEFT($G298,3)=\"AMM\",COMPOSIÇÕES!$B$1:$E$4233,'BANCO DE DADOS DEZ-24  SERV'!$B$2:$F$7984),4,FALSE)","v":6574.68},{"$f":"IF($Q$2=\"OUTROS\",TRUNC(L298*(1+$N$7),2),ROUND(L298*(1+$N$7),2))","v":8036.23},{"$f":"IF($Q$2=\"OUTROS\",TRUNC(M298*K298,2),ROUND(M298*K298,2))","v":8036.23}]
[14,{"$f":"IF(OR(C299=1,D299=1),SUMIF($A$25:A299,A299,$C$25:C299),\"\")","v":78},1,"",null,"14.78",98060,"SINAPI",{"$f":"VLOOKUP($G299,IF(LEFT($G299,3)=\"AMM\",COMPOSIÇÕES!$B$1:$E$4233,'BANCO DE DADOS DEZ-24  SERV'!$B$2:$F$7984),2,FALSE)","v":"FILTRO ANAERÓBIO CIRCULAR, EM CONCRETO PRÉ-MOLDADO, DIÂMETRO INTERNO = 2,38 M, ALTURA INTERNA = 1,50 M, VOLUME ÚTIL: 5338,6 L (PARA 34 CONTRIBUINTES). AF_12/2020_PA"},{"$f":"VLOOKUP($G299,IF(LEFT($G299,3)=\"AMM\",COMPOSIÇÕES!$B$1:$E$4233,'BANCO DE DADOS DEZ-24  SERV'!$B$2:$F$7984),3,FALSE)","v":"UN"},1,{"$f":"VLOOKUP($G299,IF(LEFT($G299,3)=\"AMM\",COMPOSIÇÕES!$B$1:$E$4233,'BANCO DE DADOS DEZ-24  SERV'!$B$2:$F$7984),4,FALSE)","v":5802.54},{"$f":"IF($Q$2=\"OUTROS\",TRUNC(L299*(1+$N$7),2),ROUND(L299*(1+$N$7),2))","v":7092.44},7092.44]
[14,{"$f":"IF(OR(C300=1,D300=1),SUMIF($A$25:A300,A300,$C$25:C300),\"\")","v":79},1,"",null,"14.79",98063,"SINAPI",{"$f":"VLOOKUP($G300,IF(LEFT($G300,3)=\"AMM\",COMPOSIÇÕES!$B$1:$E$4233,'BANCO DE DADOS DEZ-24  SERV'!$B$2:$F$7984),2,FALSE)","v":"SUMIDOURO CIRCULAR, EM CONCRETO PRÉ-MOLDADO, DIÂMETRO INTERNO = 2,38 M, ALTURA INTERNA = 2,50 M, ÁREA DE INFILTRAÇÃO: 21,3 M² (PARA 8 CONTRIBUINTES). AF_12/2020_PA"},{"$f":"VLOOKUP($G300,IF(LEFT($G300,3)=\"AMM\",COMPOSIÇÕES!$B$1:$E$4233,'BANCO DE DADOS DEZ-24  SERV'!$B$2:$F$7984),3,FALSE)","v":"UN"},2,{"$f":"VLOOKUP($G300,IF(LEFT($G300,3)=\"AMM\",COMPOSIÇÕES!$B$1:$E$4233,'BANCO DE DADOS DEZ-24  SERV'!$B$2:$F$7984),4,FALSE)","v":4906.6000000000004},{"$f":"IF($Q$2=\"OUTROS\",TRUNC(L300*(1+$N$7),2),ROUND(L300*(1+$N$7),2))","v":5997.33},11994.66]
[14,{"$f":"IF(OR(C301=1,D301=1),SUMIF($A$25:A301,A301,$C$25:C301),\"\")","v":""},"","",null,{"$f":"IF(B301<>\"\",A301&\".\"&B301,\"\")","v":""},null,null,"INSTALAÇÕES DE DRENAGEM PLUVIAL"]
[14,{"$f":"IF(OR(C302=1,D302=1),SUMIF($A$25:A302,A302,$C$25:C302),\"\")","v":""},"","",null,"",null,null,"TUBULAÇÃO - PVC BRANCO SÉRIE R - ÁGUA PLUVIAL"]
[14,{"$f":"IF(OR(C303=1,D303=1),SUMIF($A$25:A303,A303,$C$25:C303),\"\")","v":80},1,"",null,"14.80",89576,{"$f":"IF(G303>=\"AMM\",\"PRÓPRIO\",\"SINAPI\")","v":"SINAPI"},{"$f":"VLOOKUP($G303,IF(LEFT($G303,3)=\"AMM\",COMPOSIÇÕES!$B$1:$E$4233,'BANCO DE DADOS DEZ-24  SERV'!$B$2:$F$7984),2,FALSE)","v":"TUBO PVC, SÉRIE R, ÁGUA PLUVIAL, DN 75 MM, FORNECIDO E INSTALADO EM CONDUTORES VERTICAIS DE ÁGUAS PLUVIAIS. AF_06/2022"},{"$f":"VLOOKUP($G303,IF(LEFT($G303,3)=\"AMM\",COMPOSIÇÕES!$B$1:$E$4233,'BANCO DE DADOS DEZ-24  SERV'!$B$2:$F$7984),3,FALSE)","v":"M"},1,{"$f":"VLOOKUP($G303,IF(LEFT($G303,3)=\"AMM\",COMPOSIÇÕES!$B$1:$E$4233,'BANCO DE DADOS DEZ-24  SERV'!$B$2:$F$7984),4,FALSE)","v":26.5},{"$f":"IF($Q$2=\"OUTROS\",TRUNC(L303*(1+$N$7),2),ROUND(L303*(1+$N$7),2))","v":32.39},{"$f":"IF($Q$2=\"OUTROS\",TRUNC(M303*K303,2),ROUND(M303*K303,2))","v":32.39}]
[14,{"$f":"IF(OR(C304=1,D304=1),SUMIF($A$25:A304,A304,$C$25:C304),\"\")","v":81},1,"",null,"14.81",89511,"SINAPI",{"$f":"VLOOKUP($G304,IF(LEFT($G304,3)=\"AMM\",COMPOSIÇÕES!$B$1:$E$4233,'BANCO DE DADOS DEZ-24  SERV'!$B$2:$F$7984),2,FALSE)","v":"TUBO PVC, SÉRIE R, ÁGUA PLUVIAL, DN 75 MM, FORNECIDO E INSTALADO EM RAMAL DE ENCAMINHAMENTO. AF_06/2022"},{"$f":"VLOOKUP($G304,IF(LEFT($G304,3)=\"AMM\",COMPOSIÇÕES!$B$1:$E$4233,'BANCO DE DADOS DEZ-24  SERV'!$B$2:$F$7984),3,FALSE)","v":"M"},10,{"$f":"VLOOKUP($G304,IF(LEFT($G304,3)=\"AMM\",COMPOSIÇÕES!$B$1:$E$4233,'BANCO DE DADOS DEZ-24  SERV'!$B$2:$F$7984),4,FALSE)","v":37.880000000000003},{"$f":"IF($Q$2=\"OUTROS\",TRUNC(L304*(1+$N$7),2),ROUND(L304*(1+$N$7),2))","v":46.3},463]
[14,{"$f":"IF(OR(C305=1,D305=1),SUMIF($A$25:A305,A305,$C$25:C305),\"\")","v":""},"","",null,"",null,null,"CONEXÕES - PVC BRANCO SÉRIE R - ÁGUA PLUVIAL"]
[14,{"$f":"IF(OR(C306=1,D306=1),SUMIF($A$25:A306,A306,$C$25:C306),\"\")","v":82},1,"",null,{"$f":"IF(B306<>\"\",A306&\".\"&B306,\"\")","v":"14.82"},89522,{"$f":"IF(G306>=\"AMM\",\"PRÓPRIO\",\"SINAPI\")","v":"SINAPI"},{"$f":"VLOOKUP($G306,IF(LEFT($G306,3)=\"AMM\",COMPOSIÇÕES!$B$1:$E$4233,'BANCO DE DADOS DEZ-24  SERV'!$B$2:$F$7984),2,FALSE)","v":"JOELHO 90 GRAUS, PVC, SERIE R, ÁGUA PLUVIAL, DN 75 MM, JUNTA ELÁSTICA, FORNECIDO E INSTALADO EM RAMAL DE ENCAMINHAMENTO. AF_06/2022"},{"$f":"VLOOKUP($G306,IF(LEFT($G306,3)=\"AMM\",COMPOSIÇÕES!$B$1:$E$4233,'BANCO DE DADOS DEZ-24  SERV'!$B$2:$F$7984),3,FALSE)","v":"UN"},1,{"$f":"VLOOKUP($G306,IF(LEFT($G306,3)=\"AMM\",COMPOSIÇÕES!$B$1:$E$4233,'BANCO DE DADOS DEZ-24  SERV'!$B$2:$F$7984),4,FALSE)","v":29.53},{"$f":"IF($Q$2=\"OUTROS\",TRUNC(L306*(1+$N$7),2),ROUND(L306*(1+$N$7),2))","v":36.090000000000003},{"$f":"IF($Q$2=\"OUTROS\",TRUNC(M306*K306,2),ROUND(M306*K306,2))","v":36.090000000000003}]
[14,{"$f":"IF(OR(C307=1,D307=1),SUMIF($A$25:A307,A307,$C$25:C307),\"\")","v":""},"","",null,"",null,null,"ACESSÓRIOS"]
[14,{"$f":"IF(OR(C308=1,D308=1),SUMIF($A$25:A308,A308,$C$25:C308),\"\")","v":83},1,"",null,"14.83",101979,{"$f":"IF(G308>=\"AMM\",\"PRÓPRIO\",\"SINAPI\")","v":"SINAPI"},{"$f":"VLOOKUP($G308,IF(LEFT($G308,3)=\"AMM\",COMPOSIÇÕES!$B$1:$E$4233,'BANCO DE DADOS DEZ-24  SERV'!$B$2:$F$7984),2,FALSE)","v":"CHAPIM (RUFO CAPA) EM AÇO GALVANIZADO, CORTE 33. AF_11/2020"},{"$f":"VLOOKUP($G308,IF(LEFT($G308,3)=\"AMM\",COMPOSIÇÕES!$B$1:$E$4233,'BANCO DE DADOS DEZ-24  SERV'!$B$2:$F$7984),3,FALSE)","v":"M"},76,{"$f":"VLOOKUP($G308,IF(LEFT($G308,3)=\"AMM\",COMPOSIÇÕES!$B$1:$E$4233,'BANCO DE DADOS DEZ-24  SERV'!$B$2:$F$7984),4,FALSE)","v":48.99},{"$f":"IF($Q$2=\"OUTROS\",TRUNC(L308*(1+$N$7),2),ROUND(L308*(1+$N$7),2))","v":59.88},{"$f":"IF($Q$2=\"OUTROS\",TRUNC(M308*K308,2),ROUND(M308*K308,2))","v":4550.88}]
[14,{"$f":"IF(OR(C309=1,D309=1),SUMIF($A$25:A309,A309,$C$25:C309),\"\")","v":84},1,"",null,"14.84",100327,"SINAPI",{"$f":"VLOOKUP($G309,IF(LEFT($G309,3)=\"AMM\",COMPOSIÇÕES!$B$1:$E$4233,'BANCO DE DADOS DEZ-24  SERV'!$B$2:$F$7984),2,FALSE)","v":"RUFO EXTERNO/INTERNO EM CHAPA DE AÇO GALVANIZADO NÚMERO 26, CORTE DE 33 CM, INCLUSO IÇAMENTO. AF_07/2019"},{"$f":"VLOOKUP($G309,IF(LEFT($G309,3)=\"AMM\",COMPOSIÇÕES!$B$1:$E$4233,'BANCO DE DADOS DEZ-24  SERV'!$B$2:$F$7984),3,FALSE)","v":"M"},83,{"$f":"VLOOKUP($G309,IF(LEFT($G309,3)=\"AMM\",COMPOSIÇÕES!$B$1:$E$4233,'BANCO DE DADOS DEZ-24  SERV'!$B$2:$F$7984),4,FALSE)","v":64.239999999999995},{"$f":"IF($Q$2=\"OUTROS\",TRUNC(L309*(1+$N$7),2),ROUND(L309*(1+$N$7),2))","v":78.52},6517.16]
[14,{"$f":"IF(OR(C310=1,D310=1),SUMIF($A$25:A310,A310,$C$25:C310),\"\")","v":85},1,"",null,"14.85",94228,"SINAPI",{"$f":"VLOOKUP($G310,IF(LEFT($G310,3)=\"AMM\",COMPOSIÇÕES!$B$1:$E$4233,'BANCO DE DADOS DEZ-24  SERV'!$B$2:$F$7984),2,FALSE)","v":"CALHA EM CHAPA DE AÇO GALVANIZADO NÚMERO 24, DESENVOLVIMENTO DE 50 CM, INCLUSO TRANSPORTE VERTICAL. AF_07/2019"},{"$f":"VLOOKUP($G310,IF(LEFT($G310,3)=\"AMM\",COMPOSIÇÕES!$B$1:$E$4233,'BANCO DE DADOS DEZ-24  SERV'!$B$2:$F$7984),3,FALSE)","v":"M"},5,{"$f":"VLOOKUP($G310,IF(LEFT($G310,3)=\"AMM\",COMPOSIÇÕES!$B$1:$E$4233,'BANCO DE DADOS DEZ-24  SERV'!$B$2:$F$7984),4,FALSE)","v":95.91},{"$f":"IF($Q$2=\"OUTROS\",TRUNC(L310*(1+$N$7),2),ROUND(L310*(1+$N$7),2))","v":117.23},586.15]
[14,{"$f":"IF(OR(C311=1,D311=1),SUMIF($A$25:A311,A311,$C$25:C311),\"\")","v":86},1,"",null,"14.86",{"$f":"'COMP. HIDRO '!B138","v":"HID 009"},"PRÓPRIO",{"$f":"'COMP. HIDRO '!C138","v":"RALO HEMISFÉRICO EM FERRO FUNDIDO, DN 75 MM, PARA LAJES/ CALHAS - FORNECIMENTO E INSTALAÇÃO"},{"$f":"'COMP. HIDRO '!G138","v":"UN"},1,{"$f":"'COMP. HIDRO '!G145","v":34.739999999999995},{"$f":"IF($Q$2=\"OUTROS\",TRUNC(L311*(1+$N$7),2),ROUND(L311*(1+$N$7),2))","v":42.46},42.46]
[14,{"$f":"IF(OR(C312=1,D312=1),SUMIF($A$25:A312,A312,$C$25:C312),\"\")","v":""},"","",null,{"$f":"IF(B312<>\"\",A312&\".\"&B312,\"\")","v":""}]
[15,{"$f":"IF(OR(C313=1,D313=1),SUMIF($A$25:A313,A313,$C$25:C313),\"\")","v":0},"",1,null,{"$f":"IF(B313<>\"\",A313&\".\"&B313,\"\")","v":"15.0"},null,null,"INSTALAÇÕES ELÉTRICAS",null,null,null,null,{"$f":"SUM(N314:N406)","v":97974.040000000037}]
[15,{"$f":"IF(OR(C314=1,D314=1),SUMIF($A$25:A314,A314,$C$25:C314),\"\")","v":1},1,"",null,{"$f":"IF(B314<>\"\",A314&\".\"&B314,\"\")","v":"15.1"},91926,{"$f":"IF(G314>=\"AMM\",\"PRÓPRIO\",\"SINAPI\")","v":"SINAPI"},{"$f":"VLOOKUP($G314,IF(LEFT($G314,3)=\"AMM\",COMPOSIÇÕES!$B$1:$E$4233,'BANCO DE DADOS DEZ-24  SERV'!$B$2:$F$7984),2,FALSE)","v":"CABO DE COBRE FLEXÍVEL ISOLADO, 2,5 MM², ANTI-CHAMA 450/750 V, PARA CIRCUITOS TERMINAIS - FORNECIMENTO E INSTALAÇÃO. AF_03/2023"},{"$f":"VLOOKUP($G314,IF(LEFT($G314,3)=\"AMM\",COMPOSIÇÕES!$B$1:$E$4233,'BANCO DE DADOS DEZ-24  SERV'!$B$2:$F$7984),3,FALSE)","v":"M"},1866,{"$f":"VLOOKUP($G314,IF(LEFT($G314,3)=\"AMM\",COMPOSIÇÕES!$B$1:$E$4233,'BANCO DE DADOS DEZ-24  SERV'!$B$2:$F$7984),4,FALSE)","v":4.49},{"$f":"IF($Q$2=\"OUTROS\",TRUNC(L314*(1+$N$7),2),ROUND(L314*(1+$N$7),2))","v":5.48},{"$f":"IF($Q$2=\"OUTROS\",TRUNC(M314*K314,2),ROUND(M314*K314,2))","v":10225.68}]
[15,{"$f":"IF(OR(C315=1,D315=1),SUMIF($A$25:A315,A315,$C$25:C315),\"\")","v":2},1,"",null,{"$f":"IF(B315<>\"\",A315&\".\"&B315,\"\")","v":"15.2"},91928,"SINAPI",{"$f":"VLOOKUP($G315,IF(LEFT($G315,3)=\"AMM\",COMPOSIÇÕES!$B$1:$E$4233,'BANCO DE DADOS DEZ-24  SERV'!$B$2:$F$7984),2,FALSE)","v":"CABO DE COBRE FLEXÍVEL ISOLADO, 4 MM², ANTI-CHAMA 450/750 V, PARA CIRCUITOS TERMINAIS - FORNECIMENTO E INSTALAÇÃO. AF_03/2023"},{"$f":"VLOOKUP($G315,IF(LEFT($G315,3)=\"AMM\",COMPOSIÇÕES!$B$1:$E$4233,'BANCO DE DADOS DEZ-24  SERV'!$B$2:$F$7984),3,FALSE)","v":"M"},770,{"$f":"VLOOKUP($G315,IF(LEFT($G315,3)=\"AMM\",COMPOSIÇÕES!$B$1:$E$4233,'BANCO DE DADOS DEZ-24  SERV'!$B$2:$F$7984),4,FALSE)","v":7},8.5500000000000007,{"$f":"IF($Q$2=\"OUTROS\",TRUNC(M315*K315,2),ROUND(M315*K315,2))","v":6583.5}]
[15,{"$f":"IF(OR(C316=1,D316=1),SUMIF($A$25:A316,A316,$C$25:C316),\"\")","v":3},1,"",null,{"$f":"IF(B316<>\"\",A316&\".\"&B316,\"\")","v":"15.3"},91930,"SINAPI",{"$f":"VLOOKUP($G316,IF(LEFT($G316,3)=\"AMM\",COMPOSIÇÕES!$B$1:$E$4233,'BANCO DE DADOS DEZ-24  SERV'!$B$2:$F$7984),2,FALSE)","v":"CABO DE COBRE FLEXÍVEL ISOLADO, 6 MM², ANTI-CHAMA 450/750 V, PARA CIRCUITOS TERMINAIS - FORNECIMENTO E INSTALAÇÃO. AF_03/2023"},{"$f":"VLOOKUP($G316,IF(LEFT($G316,3)=\"AMM\",COMPOSIÇÕES!$B$1:$E$4233,'BANCO DE DADOS DEZ-24  SERV'!$B$2:$F$7984),3,FALSE)","v":"M"},90,{"$f":"VLOOKUP($G316,IF(LEFT($G316,3)=\"AMM\",COMPOSIÇÕES!$B$1:$E$4233,'BANCO DE DADOS DEZ-24  SERV'!$B$2:$F$7984),4,FALSE)","v":9.7899999999999991},11.96,{"$f":"IF($Q$2=\"OUTROS\",TRUNC(M316*K316,2),ROUND(M316*K316,2))","v":1076.4000000000001}]
[15,{"$f":"IF(OR(C317=1,D317=1),SUMIF($A$25:A317,A317,$C$25:C317),\"\")","v":4},1,"",null,"15.4",92980,"SINAPI",{"$f":"VLOOKUP($G317,IF(LEFT($G317,3)=\"AMM\",COMPOSIÇÕES!$B$1:$E$4233,'BANCO DE DADOS DEZ-24  SERV'!$B$2:$F$7984),2,FALSE)","v":"CABO DE COBRE FLEXÍVEL ISOLADO, 10 MM², ANTI-CHAMA 0,6/1,0 KV, PARA DISTRIBUIÇÃO - FORNECIMENTO E INSTALAÇÃO. AF_10/2020"},{"$f":"VLOOKUP($G317,IF(LEFT($G317,3)=\"AMM\",COMPOSIÇÕES!$B$1:$E$4233,'BANCO DE DADOS DEZ-24  SERV'!$B$2:$F$7984),3,FALSE)","v":"M"},116,{"$f":"VLOOKUP($G317,IF(LEFT($G317,3)=\"AMM\",COMPOSIÇÕES!$B$1:$E$4233,'BANCO DE DADOS DEZ-24  SERV'!$B$2:$F$7984),4,FALSE)","v":11.44},13.98,1621.68]
[{"$f":"IF(LEN(D318),OFFSET(A318,-1,0)+1,OFFSET(A318,-1,0))","v":15},{"$f":"IF(OR(C318=1,D318=1),SUMIF($A$25:A318,A318,$C$25:C318),\"\")","v":5},{"$f":"IF(G318>0,1,\"\")","v":1},{"$f":"IF(AND(CONCATENATE(G318,I318,J318,K318,L318,M318,N318)=I318&N318,CONCATENATE(G318,I318,J318,K318,L318,M318,N318)<>\"\",N318<>\"\"),1,\"\")","v":""},null,"15.5",92982,"SINAPI",{"$f":"VLOOKUP($G318,IF(LEFT($G318,3)=\"AMM\",COMPOSIÇÕES!$B$1:$E$4233,'BANCO DE DADOS DEZ-24  SERV'!$B$2:$F$7984),2,FALSE)","v":"CABO DE COBRE FLEXÍVEL ISOLADO, 16 MM², ANTI-CHAMA 0,6/1,0 KV, PARA DISTRIBUIÇÃO - FORNECIMENTO E INSTALAÇÃO. AF_10/2020"},{"$f":"VLOOKUP($G318,IF(LEFT($G318,3)=\"AMM\",COMPOSIÇÕES!$B$1:$E$4233,'BANCO DE DADOS DEZ-24  SERV'!$B$2:$F$7984),3,FALSE)","v":"M"},40,{"$f":"VLOOKUP($G318,IF(LEFT($G318,3)=\"AMM\",COMPOSIÇÕES!$B$1:$E$4233,'BANCO DE DADOS DEZ-24  SERV'!$B$2:$F$7984),4,FALSE)","v":18.13},22.16,886.4]
[15,{"$f":"IF(OR(C319=1,D319=1),SUMIF($A$25:A319,A319,$C$25:C319),\"\")","v":6},1,"",null,"15.6",92988,"SINAPI",{"$f":"VLOOKUP($G319,IF(LEFT($G319,3)=\"AMM\",COMPOSIÇÕES!$B$1:$E$4233,'BANCO DE DADOS DEZ-24  SERV'!$B$2:$F$7984),2,FALSE)","v":"CABO DE COBRE FLEXÍVEL ISOLADO, 50 MM², ANTI-CHAMA 0,6/1,0 KV, PARA REDE ENTERRADA DE DISTRIBUIÇÃO DE ENERGIA ELÉTRICA - FORNECIMENTO E INSTALAÇÃO. AF_12/2021"},{"$f":"VLOOKUP($G319,IF(LEFT($G319,3)=\"AMM\",COMPOSIÇÕES!$B$1:$E$4233,'BANCO DE DADOS DEZ-24  SERV'!$B$2:$F$7984),3,FALSE)","v":"M"},15,{"$f":"VLOOKUP($G319,IF(LEFT($G319,3)=\"AMM\",COMPOSIÇÕES!$B$1:$E$4233,'BANCO DE DADOS DEZ-24  SERV'!$B$2:$F$7984),4,FALSE)","v":60.03},73.37,1100.55]
[15,{"$f":"IF(OR(C320=1,D320=1),SUMIF($A$25:A320,A320,$C$25:C320),\"\")","v":7},1,"",null,"15.7",92992,"SINAPI",{"$f":"VLOOKUP($G320,IF(LEFT($G320,3)=\"AMM\",COMPOSIÇÕES!$B$1:$E$4233,'BANCO DE DADOS DEZ-24  SERV'!$B$2:$F$7984),2,FALSE)","v":"CABO DE COBRE FLEXÍVEL ISOLADO, 95 MM², ANTI-CHAMA 0,6/1,0 KV, PARA REDE ENTERRADA DE DISTRIBUIÇÃO DE ENERGIA ELÉTRICA - FORNECIMENTO E INSTALAÇÃO. AF_12/2021"},{"$f":"VLOOKUP($G320,IF(LEFT($G320,3)=\"AMM\",COMPOSIÇÕES!$B$1:$E$4233,'BANCO DE DADOS DEZ-24  SERV'!$B$2:$F$7984),3,FALSE)","v":"M"},60,{"$f":"VLOOKUP($G320,IF(LEFT($G320,3)=\"AMM\",COMPOSIÇÕES!$B$1:$E$4233,'BANCO DE DADOS DEZ-24  SERV'!$B$2:$F$7984),4,FALSE)","v":107.66},131.59,7895.4]
[15,{"$f":"IF(OR(C321=1,D321=1),SUMIF($A$25:A321,A321,$C$25:C321),\"\")","v":8},1,"",null,"15.8",91953,"SINAPI",{"$f":"VLOOKUP($G321,IF(LEFT($G321,3)=\"AMM\",COMPOSIÇÕES!$B$1:$E$4233,'BANCO DE DADOS DEZ-24  SERV'!$B$2:$F$7984),2,FALSE)","v":"INTERRUPTOR SIMPLES (1 MÓDULO), 10A/250V, INCLUINDO SUPORTE E PLACA - FORNECIMENTO E INSTALAÇÃO. AF_03/2023"},{"$f":"VLOOKUP($G321,IF(LEFT($G321,3)=\"AMM\",COMPOSIÇÕES!$B$1:$E$4233,'BANCO DE DADOS DEZ-24  SERV'!$B$2:$F$7984),3,FALSE)","v":"UN"},12,{"$f":"VLOOKUP($G321,IF(LEFT($G321,3)=\"AMM\",COMPOSIÇÕES!$B$1:$E$4233,'BANCO DE DADOS DEZ-24  SERV'!$B$2:$F$7984),4,FALSE)","v":28.55},34.89,418.68]
[15,{"$f":"IF(OR(C322=1,D322=1),SUMIF($A$25:A322,A322,$C$25:C322),\"\")","v":9},1,"",null,"15.9",91959,"SINAPI",{"$f":"VLOOKUP($G322,IF(LEFT($G322,3)=\"AMM\",COMPOSIÇÕES!$B$1:$E$4233,'BANCO DE DADOS DEZ-24  SERV'!$B$2:$F$7984),2,FALSE)","v":"INTERRUPTOR SIMPLES (2 MÓDULOS), 10A/250V, INCLUINDO SUPORTE E PLACA - FORNECIMENTO E INSTALAÇÃO. AF_03/2023"},{"$f":"VLOOKUP($G322,IF(LEFT($G322,3)=\"AMM\",COMPOSIÇÕES!$B$1:$E$4233,'BANCO DE DADOS DEZ-24  SERV'!$B$2:$F$7984),3,FALSE)","v":"UN"},8,{"$f":"VLOOKUP($G322,IF(LEFT($G322,3)=\"AMM\",COMPOSIÇÕES!$B$1:$E$4233,'BANCO DE DADOS DEZ-24  SERV'!$B$2:$F$7984),4,FALSE)","v":43.55},53.23,425.84]
[15,{"$f":"IF(OR(C323=1,D323=1),SUMIF($A$25:A323,A323,$C$25:C323),\"\")","v":10},1,"",null,"15.10",91967,"SINAPI",{"$f":"VLOOKUP($G323,IF(LEFT($G323,3)=\"AMM\",COMPOSIÇÕES!$B$1:$E$4233,'BANCO DE DADOS DEZ-24  SERV'!$B$2:$F$7984),2,FALSE)","v":"INTERRUPTOR SIMPLES (3 MÓDULOS), 10A/250V, INCLUINDO SUPORTE E PLACA - FORNECIMENTO E INSTALAÇÃO. AF_03/2023"},{"$f":"VLOOKUP($G323,IF(LEFT($G323,3)=\"AMM\",COMPOSIÇÕES!$B$1:$E$4233,'BANCO DE DADOS DEZ-24  SERV'!$B$2:$F$7984),3,FALSE)","v":"UN"},1,{"$f":"VLOOKUP($G323,IF(LEFT($G323,3)=\"AMM\",COMPOSIÇÕES!$B$1:$E$4233,'BANCO DE DADOS DEZ-24  SERV'!$B$2:$F$7984),4,FALSE)","v":58.56},71.569999999999993,71.569999999999993]
[15,{"$f":"IF(OR(C324=1,D324=1),SUMIF($A$25:A324,A324,$C$25:C324),\"\")","v":11},1,"",null,"15.11",91992,"SINAPI",{"$f":"VLOOKUP($G324,IF(LEFT($G324,3)=\"AMM\",COMPOSIÇÕES!$B$1:$E$4233,'BANCO DE DADOS DEZ-24  SERV'!$B$2:$F$7984),2,FALSE)","v":"TOMADA ALTA DE EMBUTIR (1 MÓDULO), 2P+T 10 A, INCLUINDO SUPORTE E PLACA - FORNECIMENTO E INSTALAÇÃO. AF_03/2023"},{"$f":"VLOOKUP($G324,IF(LEFT($G324,3)=\"AMM\",COMPOSIÇÕES!$B$1:$E$4233,'BANCO DE DADOS DEZ-24  SERV'!$B$2:$F$7984),3,FALSE)","v":"UN"},10,{"$f":"VLOOKUP($G324,IF(LEFT($G324,3)=\"AMM\",COMPOSIÇÕES!$B$1:$E$4233,'BANCO DE DADOS DEZ-24  SERV'!$B$2:$F$7984),4,FALSE)","v":43.06},52.63,526.29999999999995]
[15,{"$f":"IF(OR(C325=1,D325=1),SUMIF($A$25:A325,A325,$C$25:C325),\"\")","v":12},1,"",null,"15.12",91993,"SINAPI",{"$f":"VLOOKUP($G325,IF(LEFT($G325,3)=\"AMM\",COMPOSIÇÕES!$B$1:$E$4233,'BANCO DE DADOS DEZ-24  SERV'!$B$2:$F$7984),2,FALSE)","v":"TOMADA ALTA DE EMBUTIR (1 MÓDULO), 2P+T 20 A, INCLUINDO SUPORTE E PLACA - FORNECIMENTO E INSTALAÇÃO. AF_03/2023"},{"$f":"VLOOKUP($G325,IF(LEFT($G325,3)=\"AMM\",COMPOSIÇÕES!$B$1:$E$4233,'BANCO DE DADOS DEZ-24  SERV'!$B$2:$F$7984),3,FALSE)","v":"UN"},2,{"$f":"VLOOKUP($G325,IF(LEFT($G325,3)=\"AMM\",COMPOSIÇÕES!$B$1:$E$4233,'BANCO DE DADOS DEZ-24  SERV'!$B$2:$F$7984),4,FALSE)","v":45.2},55.24,110.48]
[15,{"$f":"IF(OR(C326=1,D326=1),SUMIF($A$25:A326,A326,$C$25:C326),\"\")","v":13},1,"",null,"15.13",91996,"SINAPI",{"$f":"VLOOKUP($G326,IF(LEFT($G326,3)=\"AMM\",COMPOSIÇÕES!$B$1:$E$4233,'BANCO DE DADOS DEZ-24  SERV'!$B$2:$F$7984),2,FALSE)","v":"TOMADA MÉDIA DE EMBUTIR (1 MÓDULO), 2P+T 10 A, INCLUINDO SUPORTE E PLACA - FORNECIMENTO E INSTALAÇÃO. AF_03/2023"},{"$f":"VLOOKUP($G326,IF(LEFT($G326,3)=\"AMM\",COMPOSIÇÕES!$B$1:$E$4233,'BANCO DE DADOS DEZ-24  SERV'!$B$2:$F$7984),3,FALSE)","v":"UN"},9,{"$f":"VLOOKUP($G326,IF(LEFT($G326,3)=\"AMM\",COMPOSIÇÕES!$B$1:$E$4233,'BANCO DE DADOS DEZ-24  SERV'!$B$2:$F$7984),4,FALSE)","v":33.619999999999997},41.09,369.81]
[15,{"$f":"IF(OR(C327=1,D327=1),SUMIF($A$25:A327,A327,$C$25:C327),\"\")","v":14},1,"",null,"15.14",92005,"SINAPI",{"$f":"VLOOKUP($G327,IF(LEFT($G327,3)=\"AMM\",COMPOSIÇÕES!$B$1:$E$4233,'BANCO DE DADOS DEZ-24  SERV'!$B$2:$F$7984),2,FALSE)","v":"TOMADA MÉDIA DE EMBUTIR (2 MÓDULOS), 2P+T 20 A, INCLUINDO SUPORTE E PLACA - FORNECIMENTO E INSTALAÇÃO. AF_03/2023"},{"$f":"VLOOKUP($G327,IF(LEFT($G327,3)=\"AMM\",COMPOSIÇÕES!$B$1:$E$4233,'BANCO DE DADOS DEZ-24  SERV'!$B$2:$F$7984),3,FALSE)","v":"UN"},2,{"$f":"VLOOKUP($G327,IF(LEFT($G327,3)=\"AMM\",COMPOSIÇÕES!$B$1:$E$4233,'BANCO DE DADOS DEZ-24  SERV'!$B$2:$F$7984),4,FALSE)","v":57.97},70.849999999999994,141.69999999999999]
[15,{"$f":"IF(OR(C328=1,D328=1),SUMIF($A$25:A328,A328,$C$25:C328),\"\")","v":15},1,"",null,"15.15",92004,"SINAPI",{"$f":"VLOOKUP($G328,IF(LEFT($G328,3)=\"AMM\",COMPOSIÇÕES!$B$1:$E$4233,'BANCO DE DADOS DEZ-24  SERV'!$B$2:$F$7984),2,FALSE)","v":"TOMADA MÉDIA DE EMBUTIR (2 MÓDULOS), 2P+T 10 A, INCLUINDO SUPORTE E PLACA - FORNECIMENTO E INSTALAÇÃO. AF_03/2023"},{"$f":"VLOOKUP($G328,IF(LEFT($G328,3)=\"AMM\",COMPOSIÇÕES!$B$1:$E$4233,'BANCO DE DADOS DEZ-24  SERV'!$B$2:$F$7984),3,FALSE)","v":"UN"},6,{"$f":"VLOOKUP($G328,IF(LEFT($G328,3)=\"AMM\",COMPOSIÇÕES!$B$1:$E$4233,'BANCO DE DADOS DEZ-24  SERV'!$B$2:$F$7984),4,FALSE)","v":53.69},65.62,393.72]
[15,{"$f":"IF(OR(C329=1,D329=1),SUMIF($A$25:A329,A329,$C$25:C329),\"\")","v":16},1,"",null,"15.16",92000,"SINAPI",{"$f":"VLOOKUP($G329,IF(LEFT($G329,3)=\"AMM\",COMPOSIÇÕES!$B$1:$E$4233,'BANCO DE DADOS DEZ-24  SERV'!$B$2:$F$7984),2,FALSE)","v":"TOMADA BAIXA DE EMBUTIR (1 MÓDULO), 2P+T 10 A, INCLUINDO SUPORTE E PLACA - FORNECIMENTO E INSTALAÇÃO. AF_03/2023"},{"$f":"VLOOKUP($G329,IF(LEFT($G329,3)=\"AMM\",COMPOSIÇÕES!$B$1:$E$4233,'BANCO DE DADOS DEZ-24  SERV'!$B$2:$F$7984),3,FALSE)","v":"UN"},60,{"$f":"VLOOKUP($G329,IF(LEFT($G329,3)=\"AMM\",COMPOSIÇÕES!$B$1:$E$4233,'BANCO DE DADOS DEZ-24  SERV'!$B$2:$F$7984),4,FALSE)","v":29.97},36.630000000000003,2197.8000000000002]
[15,{"$f":"IF(OR(C330=1,D330=1),SUMIF($A$25:A330,A330,$C$25:C330),\"\")","v":17},1,"",null,"15.17",92001,"SINAPI",{"$f":"VLOOKUP($G330,IF(LEFT($G330,3)=\"AMM\",COMPOSIÇÕES!$B$1:$E$4233,'BANCO DE DADOS DEZ-24  SERV'!$B$2:$F$7984),2,FALSE)","v":"TOMADA BAIXA DE EMBUTIR (1 MÓDULO), 2P+T 20 A, INCLUINDO SUPORTE E PLACA - FORNECIMENTO E INSTALAÇÃO. AF_03/2023"},{"$f":"VLOOKUP($G330,IF(LEFT($G330,3)=\"AMM\",COMPOSIÇÕES!$B$1:$E$4233,'BANCO DE DADOS DEZ-24  SERV'!$B$2:$F$7984),3,FALSE)","v":"UN"},2,{"$f":"VLOOKUP($G330,IF(LEFT($G330,3)=\"AMM\",COMPOSIÇÕES!$B$1:$E$4233,'BANCO DE DADOS DEZ-24  SERV'!$B$2:$F$7984),4,FALSE)","v":32.11},39.24,78.48]
[15,{"$f":"IF(OR(C331=1,D331=1),SUMIF($A$25:A331,A331,$C$25:C331),\"\")","v":18},1,"",null,"15.18",93654,"SINAPI",{"$f":"VLOOKUP($G331,IF(LEFT($G331,3)=\"AMM\",COMPOSIÇÕES!$B$1:$E$4233,'BANCO DE DADOS DEZ-24  SERV'!$B$2:$F$7984),2,FALSE)","v":"DISJUNTOR MONOPOLAR TIPO DIN, CORRENTE NOMINAL DE 16A - FORNECIMENTO E INSTALAÇÃO. AF_10/2020"},{"$f":"VLOOKUP($G331,IF(LEFT($G331,3)=\"AMM\",COMPOSIÇÕES!$B$1:$E$4233,'BANCO DE DADOS DEZ-24  SERV'!$B$2:$F$7984),3,FALSE)","v":"UN"},8,{"$f":"VLOOKUP($G331,IF(LEFT($G331,3)=\"AMM\",COMPOSIÇÕES!$B$1:$E$4233,'BANCO DE DADOS DEZ-24  SERV'!$B$2:$F$7984),4,FALSE)","v":12.96},15.84,126.72]
[15,{"$f":"IF(OR(C332=1,D332=1),SUMIF($A$25:A332,A332,$C$25:C332),\"\")","v":19},1,"",null,"15.19",93655,"SINAPI",{"$f":"VLOOKUP($G332,IF(LEFT($G332,3)=\"AMM\",COMPOSIÇÕES!$B$1:$E$4233,'BANCO DE DADOS DEZ-24  SERV'!$B$2:$F$7984),2,FALSE)","v":"DISJUNTOR MONOPOLAR TIPO DIN, CORRENTE NOMINAL DE 20A - FORNECIMENTO E INSTALAÇÃO. AF_10/2020"},{"$f":"VLOOKUP($G332,IF(LEFT($G332,3)=\"AMM\",COMPOSIÇÕES!$B$1:$E$4233,'BANCO DE DADOS DEZ-24  SERV'!$B$2:$F$7984),3,FALSE)","v":"UN"},21,{"$f":"VLOOKUP($G332,IF(LEFT($G332,3)=\"AMM\",COMPOSIÇÕES!$B$1:$E$4233,'BANCO DE DADOS DEZ-24  SERV'!$B$2:$F$7984),4,FALSE)","v":14.25},17.41,365.61]
[15,{"$f":"IF(OR(C333=1,D333=1),SUMIF($A$25:A333,A333,$C$25:C333),\"\")","v":20},1,"",null,{"$f":"IF(B333<>\"\",A333&\".\"&B333,\"\")","v":"15.20"},93656,{"$f":"IF(G333>=\"AMM\",\"PRÓPRIO\",\"SINAPI\")","v":"SINAPI"},{"$f":"VLOOKUP($G333,IF(LEFT($G333,3)=\"AMM\",COMPOSIÇÕES!$B$1:$E$4233,'BANCO DE DADOS DEZ-24  SERV'!$B$2:$F$7984),2,FALSE)","v":"DISJUNTOR MONOPOLAR TIPO DIN, CORRENTE NOMINAL DE 25A - FORNECIMENTO E INSTALAÇÃO. AF_10/2020"},{"$f":"VLOOKUP($G333,IF(LEFT($G333,3)=\"AMM\",COMPOSIÇÕES!$B$1:$E$4233,'BANCO DE DADOS DEZ-24  SERV'!$B$2:$F$7984),3,FALSE)","v":"UN"},2,{"$f":"VLOOKUP($G333,IF(LEFT($G333,3)=\"AMM\",COMPOSIÇÕES!$B$1:$E$4233,'BANCO DE DADOS DEZ-24  SERV'!$B$2:$F$7984),4,FALSE)","v":14.25},17.41,{"$f":"IF($Q$2=\"OUTROS\",TRUNC(M333*K333,2),ROUND(M333*K333,2))","v":34.82}]
[15,{"$f":"IF(OR(C334=1,D334=1),SUMIF($A$25:A334,A334,$C$25:C334),\"\")","v":21},1,"",null,"15.21",93661,"SINAPI",{"$f":"VLOOKUP($G334,IF(LEFT($G334,3)=\"AMM\",COMPOSIÇÕES!$B$1:$E$4233,'BANCO DE DADOS DEZ-24  SERV'!$B$2:$F$7984),2,FALSE)","v":"DISJUNTOR BIPOLAR TIPO DIN, CORRENTE NOMINAL DE 16A - FORNECIMENTO E INSTALAÇÃO. AF_10/2020"},{"$f":"VLOOKUP($G334,IF(LEFT($G334,3)=\"AMM\",COMPOSIÇÕES!$B$1:$E$4233,'BANCO DE DADOS DEZ-24  SERV'!$B$2:$F$7984),3,FALSE)","v":"UN"},2,{"$f":"VLOOKUP($G334,IF(LEFT($G334,3)=\"AMM\",COMPOSIÇÕES!$B$1:$E$4233,'BANCO DE DADOS DEZ-24  SERV'!$B$2:$F$7984),4,FALSE)","v":61.09},74.67,149.34]
[15,{"$f":"IF(OR(C335=1,D335=1),SUMIF($A$25:A335,A335,$C$25:C335),\"\")","v":22},1,"",null,"15.22",93662,"SINAPI",{"$f":"VLOOKUP($G335,IF(LEFT($G335,3)=\"AMM\",COMPOSIÇÕES!$B$1:$E$4233,'BANCO DE DADOS DEZ-24  SERV'!$B$2:$F$7984),2,FALSE)","v":"DISJUNTOR BIPOLAR TIPO DIN, CORRENTE NOMINAL DE 20A - FORNECIMENTO E INSTALAÇÃO. AF_10/2020"},{"$f":"VLOOKUP($G335,IF(LEFT($G335,3)=\"AMM\",COMPOSIÇÕES!$B$1:$E$4233,'BANCO DE DADOS DEZ-24  SERV'!$B$2:$F$7984),3,FALSE)","v":"UN"},9,{"$f":"VLOOKUP($G335,IF(LEFT($G335,3)=\"AMM\",COMPOSIÇÕES!$B$1:$E$4233,'BANCO DE DADOS DEZ-24  SERV'!$B$2:$F$7984),4,FALSE)","v":63.66},77.81,700.29]
[15,{"$f":"IF(OR(C336=1,D336=1),SUMIF($A$25:A336,A336,$C$25:C336),\"\")","v":23},1,"",null,{"$f":"IF(B336<>\"\",A336&\".\"&B336,\"\")","v":"15.23"},93664,{"$f":"IF(G336>=\"AMM\",\"PRÓPRIO\",\"SINAPI\")","v":"SINAPI"},{"$f":"VLOOKUP($G336,IF(LEFT($G336,3)=\"AMM\",COMPOSIÇÕES!$B$1:$E$4233,'BANCO DE DADOS DEZ-24  SERV'!$B$2:$F$7984),2,FALSE)","v":"DISJUNTOR BIPOLAR TIPO DIN, CORRENTE NOMINAL DE 32A - FORNECIMENTO E INSTALAÇÃO. AF_10/2020"},{"$f":"VLOOKUP($G336,IF(LEFT($G336,3)=\"AMM\",COMPOSIÇÕES!$B$1:$E$4233,'BANCO DE DADOS DEZ-24  SERV'!$B$2:$F$7984),3,FALSE)","v":"UN"},2,{"$f":"VLOOKUP($G336,IF(LEFT($G336,3)=\"AMM\",COMPOSIÇÕES!$B$1:$E$4233,'BANCO DE DADOS DEZ-24  SERV'!$B$2:$F$7984),4,FALSE)","v":66.709999999999994},81.53,{"$f":"IF($Q$2=\"OUTROS\",TRUNC(M336*K336,2),ROUND(M336*K336,2))","v":163.06}]
[15,{"$f":"IF(OR(C337=1,D337=1),SUMIF($A$25:A337,A337,$C$25:C337),\"\")","v":24},1,"",null,"15.24",93672,"SINAPI",{"$f":"VLOOKUP($G337,IF(LEFT($G337,3)=\"AMM\",COMPOSIÇÕES!$B$1:$E$4233,'BANCO DE DADOS DEZ-24  SERV'!$B$2:$F$7984),2,FALSE)","v":"DISJUNTOR TRIPOLAR TIPO DIN, CORRENTE NOMINAL DE 40A - FORNECIMENTO E INSTALAÇÃO. AF_10/2020"},{"$f":"VLOOKUP($G337,IF(LEFT($G337,3)=\"AMM\",COMPOSIÇÕES!$B$1:$E$4233,'BANCO DE DADOS DEZ-24  SERV'!$B$2:$F$7984),3,FALSE)","v":"UN"},2,{"$f":"VLOOKUP($G337,IF(LEFT($G337,3)=\"AMM\",COMPOSIÇÕES!$B$1:$E$4233,'BANCO DE DADOS DEZ-24  SERV'!$B$2:$F$7984),4,FALSE)","v":92.14},112.62,225.24]
[15,{"$f":"IF(OR(C338=1,D338=1),SUMIF($A$25:A338,A338,$C$25:C338),\"\")","v":25},1,"",null,"15.25",101894,"SINAPI",{"$f":"VLOOKUP($G338,IF(LEFT($G338,3)=\"AMM\",COMPOSIÇÕES!$B$1:$E$4233,'BANCO DE DADOS DEZ-24  SERV'!$B$2:$F$7984),2,FALSE)","v":"DISJUNTOR TRIPOLAR TIPO NEMA, CORRENTE NOMINAL DE 60 ATÉ 100A - FORNECIMENTO E INSTALAÇÃO. AF_10/2020"},{"$f":"VLOOKUP($G338,IF(LEFT($G338,3)=\"AMM\",COMPOSIÇÕES!$B$1:$E$4233,'BANCO DE DADOS DEZ-24  SERV'!$B$2:$F$7984),3,FALSE)","v":"UN"},2,{"$f":"VLOOKUP($G338,IF(LEFT($G338,3)=\"AMM\",COMPOSIÇÕES!$B$1:$E$4233,'BANCO DE DADOS DEZ-24  SERV'!$B$2:$F$7984),4,FALSE)","v":163.75},200.15,400.3]
[15,{"$f":"IF(OR(C339=1,D339=1),SUMIF($A$25:A339,A339,$C$25:C339),\"\")","v":26},1,"",null,"15.26",101896,"SINAPI",{"$f":"VLOOKUP($G339,IF(LEFT($G339,3)=\"AMM\",COMPOSIÇÕES!$B$1:$E$4233,'BANCO DE DADOS DEZ-24  SERV'!$B$2:$F$7984),2,FALSE)","v":"DISJUNTOR TERMOMAGNÉTICO TRIPOLAR , CORRENTE NOMINAL DE 200A - FORNECIMENTO E INSTALAÇÃO. AF_10/2020"},{"$f":"VLOOKUP($G339,IF(LEFT($G339,3)=\"AMM\",COMPOSIÇÕES!$B$1:$E$4233,'BANCO DE DADOS DEZ-24  SERV'!$B$2:$F$7984),3,FALSE)","v":"UN"},1,{"$f":"VLOOKUP($G339,IF(LEFT($G339,3)=\"AMM\",COMPOSIÇÕES!$B$1:$E$4233,'BANCO DE DADOS DEZ-24  SERV'!$B$2:$F$7984),4,FALSE)","v":669.76},818.64,818.64]
[15,{"$f":"IF(OR(C340=1,D340=1),SUMIF($A$25:A340,A340,$C$25:C340),\"\")","v":27},1,"",null,"15.27",91936,"SINAPI",{"$f":"VLOOKUP($G340,IF(LEFT($G340,3)=\"AMM\",COMPOSIÇÕES!$B$1:$E$4233,'BANCO DE DADOS DEZ-24  SERV'!$B$2:$F$7984),2,FALSE)","v":"CAIXA OCTOGONAL 4\" X 4\", PVC, INSTALADA EM LAJE - FORNECIMENTO E INSTALAÇÃO. AF_03/2023"},{"$f":"VLOOKUP($G340,IF(LEFT($G340,3)=\"AMM\",COMPOSIÇÕES!$B$1:$E$4233,'BANCO DE DADOS DEZ-24  SERV'!$B$2:$F$7984),3,FALSE)","v":"UN"},68,{"$f":"VLOOKUP($G340,IF(LEFT($G340,3)=\"AMM\",COMPOSIÇÕES!$B$1:$E$4233,'BANCO DE DADOS DEZ-24  SERV'!$B$2:$F$7984),4,FALSE)","v":17.55},21.45,1458.6]
[15,{"$f":"IF(OR(C341=1,D341=1),SUMIF($A$25:A341,A341,$C$25:C341),\"\")","v":28},1,"",null,"15.28",91939,"SINAPI",{"$f":"VLOOKUP($G341,IF(LEFT($G341,3)=\"AMM\",COMPOSIÇÕES!$B$1:$E$4233,'BANCO DE DADOS DEZ-24  SERV'!$B$2:$F$7984),2,FALSE)","v":"CAIXA RETANGULAR 4\" X 2\" ALTA (2,00 M DO PISO), PVC, INSTALADA EM PAREDE - FORNECIMENTO E INSTALAÇÃO. AF_03/2023"},{"$f":"VLOOKUP($G341,IF(LEFT($G341,3)=\"AMM\",COMPOSIÇÕES!$B$1:$E$4233,'BANCO DE DADOS DEZ-24  SERV'!$B$2:$F$7984),3,FALSE)","v":"UN"},21,{"$f":"VLOOKUP($G341,IF(LEFT($G341,3)=\"AMM\",COMPOSIÇÕES!$B$1:$E$4233,'BANCO DE DADOS DEZ-24  SERV'!$B$2:$F$7984),4,FALSE)","v":30.04},36.71,770.91]
[15,{"$f":"IF(OR(C342=1,D342=1),SUMIF($A$25:A342,A342,$C$25:C342),\"\")","v":29},1,"",null,"15.29",91940,"SINAPI",{"$f":"VLOOKUP($G342,IF(LEFT($G342,3)=\"AMM\",COMPOSIÇÕES!$B$1:$E$4233,'BANCO DE DADOS DEZ-24  SERV'!$B$2:$F$7984),2,FALSE)","v":"CAIXA RETANGULAR 4\" X 2\" MÉDIA (1,30 M DO PISO), PVC, INSTALADA EM PAREDE - FORNECIMENTO E INSTALAÇÃO. AF_03/2023"},{"$f":"VLOOKUP($G342,IF(LEFT($G342,3)=\"AMM\",COMPOSIÇÕES!$B$1:$E$4233,'BANCO DE DADOS DEZ-24  SERV'!$B$2:$F$7984),3,FALSE)","v":"UN"},38,{"$f":"VLOOKUP($G342,IF(LEFT($G342,3)=\"AMM\",COMPOSIÇÕES!$B$1:$E$4233,'BANCO DE DADOS DEZ-24  SERV'!$B$2:$F$7984),4,FALSE)","v":17.45},21.32,810.16]
[15,{"$f":"IF(OR(C343=1,D343=1),SUMIF($A$25:A343,A343,$C$25:C343),\"\")","v":30},1,"",null,"15.30",91941,"SINAPI",{"$f":"VLOOKUP($G343,IF(LEFT($G343,3)=\"AMM\",COMPOSIÇÕES!$B$1:$E$4233,'BANCO DE DADOS DEZ-24  SERV'!$B$2:$F$7984),2,FALSE)","v":"CAIXA RETANGULAR 4\" X 2\" BAIXA (0,30 M DO PISO), PVC, INSTALADA EM PAREDE - FORNECIMENTO E INSTALAÇÃO. AF_03/2023"},{"$f":"VLOOKUP($G343,IF(LEFT($G343,3)=\"AMM\",COMPOSIÇÕES!$B$1:$E$4233,'BANCO DE DADOS DEZ-24  SERV'!$B$2:$F$7984),3,FALSE)","v":"UN"},62,{"$f":"VLOOKUP($G343,IF(LEFT($G343,3)=\"AMM\",COMPOSIÇÕES!$B$1:$E$4233,'BANCO DE DADOS DEZ-24  SERV'!$B$2:$F$7984),4,FALSE)","v":11.27},13.77,853.74]
[15,{"$f":"IF(OR(C344=1,D344=1),SUMIF($A$25:A344,A344,$C$25:C344),\"\")","v":31},1,"",null,{"$f":"IF(B344<>\"\",A344&\".\"&B344,\"\")","v":"15.31"},104758,"SINAPI",{"$f":"VLOOKUP($G344,IF(LEFT($G344,3)=\"AMM\",COMPOSIÇÕES!$B$1:$E$4233,'BANCO DE DADOS DEZ-24  SERV'!$B$2:$F$7984),2,FALSE)","v":"FURO MANUAL EM ALVENARIA, PARA INSTALAÇÕES ELÉTRICAS, DIÂMETROS MENORES OU IGUAIS A 40 MM. AF_09/2023"},{"$f":"VLOOKUP($G344,IF(LEFT($G344,3)=\"AMM\",COMPOSIÇÕES!$B$1:$E$4233,'BANCO DE DADOS DEZ-24  SERV'!$B$2:$F$7984),3,FALSE)","v":"UN"},121,{"$f":"VLOOKUP($G344,IF(LEFT($G344,3)=\"AMM\",COMPOSIÇÕES!$B$1:$E$4233,'BANCO DE DADOS DEZ-24  SERV'!$B$2:$F$7984),4,FALSE)","v":14.34},17.52,{"$f":"IF($Q$2=\"OUTROS\",TRUNC(M344*K344,2),ROUND(M344*K344,2))","v":2119.92}]
[15,{"$f":"IF(OR(C345=1,D345=1),SUMIF($A$25:A345,A345,$C$25:C345),\"\")","v":32},1,"",null,"15.32",91854,"SINAPI",{"$f":"VLOOKUP($G345,IF(LEFT($G345,3)=\"AMM\",COMPOSIÇÕES!$B$1:$E$4233,'BANCO DE DADOS DEZ-24  SERV'!$B$2:$F$7984),2,FALSE)","v":"ELETRODUTO FLEXÍVEL CORRUGADO, PVC, DN 25 MM (3/4\"), PARA CIRCUITOS TERMINAIS, INSTALADO EM PAREDE - FORNECIMENTO E INSTALAÇÃO. AF_03/2023"},{"$f":"VLOOKUP($G345,IF(LEFT($G345,3)=\"AMM\",COMPOSIÇÕES!$B$1:$E$4233,'BANCO DE DADOS DEZ-24  SERV'!$B$2:$F$7984),3,FALSE)","v":"M"},110,{"$f":"VLOOKUP($G345,IF(LEFT($G345,3)=\"AMM\",COMPOSIÇÕES!$B$1:$E$4233,'BANCO DE DADOS DEZ-24  SERV'!$B$2:$F$7984),4,FALSE)","v":9.15},11.18,1229.8]
[15,{"$f":"IF(OR(C346=1,D346=1),SUMIF($A$25:A346,A346,$C$25:C346),\"\")","v":33},1,"",null,"15.33",91863,"SINAPI",{"$f":"VLOOKUP($G346,IF(LEFT($G346,3)=\"AMM\",COMPOSIÇÕES!$B$1:$E$4233,'BANCO DE DADOS DEZ-24  SERV'!$B$2:$F$7984),2,FALSE)","v":"ELETRODUTO RÍGIDO ROSCÁVEL, PVC, DN 25 MM (3/4\"), PARA CIRCUITOS TERMINAIS, INSTALADO EM FORRO - FORNECIMENTO E INSTALAÇÃO. AF_03/2023"},{"$f":"VLOOKUP($G346,IF(LEFT($G346,3)=\"AMM\",COMPOSIÇÕES!$B$1:$E$4233,'BANCO DE DADOS DEZ-24  SERV'!$B$2:$F$7984),3,FALSE)","v":"M"},185,{"$f":"VLOOKUP($G346,IF(LEFT($G346,3)=\"AMM\",COMPOSIÇÕES!$B$1:$E$4233,'BANCO DE DADOS DEZ-24  SERV'!$B$2:$F$7984),4,FALSE)","v":10.81},{"$f":"IF($Q$2=\"OUTROS\",TRUNC(L346*(1+$N$7),2),ROUND(L346*(1+$N$7),2))","v":13.21},2443.85]
[15,{"$f":"IF(OR(C347=1,D347=1),SUMIF($A$25:A347,A347,$C$25:C347),\"\")","v":34},1,"",null,"15.34",91864,"SINAPI",{"$f":"VLOOKUP($G347,IF(LEFT($G347,3)=\"AMM\",COMPOSIÇÕES!$B$1:$E$4233,'BANCO DE DADOS DEZ-24  SERV'!$B$2:$F$7984),2,FALSE)","v":"ELETRODUTO RÍGIDO ROSCÁVEL, PVC, DN 32 MM (1\"), PARA CIRCUITOS TERMINAIS, INSTALADO EM FORRO - FORNECIMENTO E INSTALAÇÃO. AF_03/2023"},{"$f":"VLOOKUP($G347,IF(LEFT($G347,3)=\"AMM\",COMPOSIÇÕES!$B$1:$E$4233,'BANCO DE DADOS DEZ-24  SERV'!$B$2:$F$7984),3,FALSE)","v":"M"},10,{"$f":"VLOOKUP($G347,IF(LEFT($G347,3)=\"AMM\",COMPOSIÇÕES!$B$1:$E$4233,'BANCO DE DADOS DEZ-24  SERV'!$B$2:$F$7984),4,FALSE)","v":14.62},17.87,178.7]
[15,{"$f":"IF(OR(C348=1,D348=1),SUMIF($A$25:A348,A348,$C$25:C348),\"\")","v":35},1,"",null,"15.35",91871,"SINAPI",{"$f":"VLOOKUP($G348,IF(LEFT($G348,3)=\"AMM\",COMPOSIÇÕES!$B$1:$E$4233,'BANCO DE DADOS DEZ-24  SERV'!$B$2:$F$7984),2,FALSE)","v":"ELETRODUTO RÍGIDO ROSCÁVEL, PVC, DN 25 MM (3/4\"), PARA CIRCUITOS TERMINAIS, INSTALADO EM PAREDE - FORNECIMENTO E INSTALAÇÃO. AF_03/2023"},{"$f":"VLOOKUP($G348,IF(LEFT($G348,3)=\"AMM\",COMPOSIÇÕES!$B$1:$E$4233,'BANCO DE DADOS DEZ-24  SERV'!$B$2:$F$7984),3,FALSE)","v":"M"},82,{"$f":"VLOOKUP($G348,IF(LEFT($G348,3)=\"AMM\",COMPOSIÇÕES!$B$1:$E$4233,'BANCO DE DADOS DEZ-24  SERV'!$B$2:$F$7984),4,FALSE)","v":13.63},16.649999999999999,1365.3]
[15,{"$f":"IF(OR(C349=1,D349=1),SUMIF($A$25:A349,A349,$C$25:C349),\"\")","v":36},1,"",null,"15.36",91872,"SINAPI",{"$f":"VLOOKUP($G349,IF(LEFT($G349,3)=\"AMM\",COMPOSIÇÕES!$B$1:$E$4233,'BANCO DE DADOS DEZ-24  SERV'!$B$2:$F$7984),2,FALSE)","v":"ELETRODUTO RÍGIDO ROSCÁVEL, PVC, DN 32 MM (1\"), PARA CIRCUITOS TERMINAIS, INSTALADO EM PAREDE - FORNECIMENTO E INSTALAÇÃO. AF_03/2023"},{"$f":"VLOOKUP($G349,IF(LEFT($G349,3)=\"AMM\",COMPOSIÇÕES!$B$1:$E$4233,'BANCO DE DADOS DEZ-24  SERV'!$B$2:$F$7984),3,FALSE)","v":"M"},8,{"$f":"VLOOKUP($G349,IF(LEFT($G349,3)=\"AMM\",COMPOSIÇÕES!$B$1:$E$4233,'BANCO DE DADOS DEZ-24  SERV'!$B$2:$F$7984),4,FALSE)","v":17.440000000000001},21.31,170.48]
[15,{"$f":"IF(OR(C350=1,D350=1),SUMIF($A$25:A350,A350,$C$25:C350),\"\")","v":37},1,"",null,"15.37",91890,"SINAPI",{"$f":"VLOOKUP($G350,IF(LEFT($G350,3)=\"AMM\",COMPOSIÇÕES!$B$1:$E$4233,'BANCO DE DADOS DEZ-24  SERV'!$B$2:$F$7984),2,FALSE)","v":"CURVA 90 GRAUS PARA ELETRODUTO, PVC, ROSCÁVEL, DN 25 MM (3/4\"), PARA CIRCUITOS TERMINAIS, INSTALADA EM FORRO - FORNECIMENTO E INSTALAÇÃO. AF_03/2023"},{"$f":"VLOOKUP($G350,IF(LEFT($G350,3)=\"AMM\",COMPOSIÇÕES!$B$1:$E$4233,'BANCO DE DADOS DEZ-24  SERV'!$B$2:$F$7984),3,FALSE)","v":"UN"},50,{"$f":"VLOOKUP($G350,IF(LEFT($G350,3)=\"AMM\",COMPOSIÇÕES!$B$1:$E$4233,'BANCO DE DADOS DEZ-24  SERV'!$B$2:$F$7984),4,FALSE)","v":13.04},15.93,796.5]
[15,{"$f":"IF(OR(C351=1,D351=1),SUMIF($A$25:A351,A351,$C$25:C351),\"\")","v":38},1,"",null,"15.38",91893,"SINAPI",{"$f":"VLOOKUP($G351,IF(LEFT($G351,3)=\"AMM\",COMPOSIÇÕES!$B$1:$E$4233,'BANCO DE DADOS DEZ-24  SERV'!$B$2:$F$7984),2,FALSE)","v":"CURVA 90 GRAUS PARA ELETRODUTO, PVC, ROSCÁVEL, DN 32 MM (1\"), PARA CIRCUITOS TERMINAIS, INSTALADA EM FORRO - FORNECIMENTO E INSTALAÇÃO. AF_03/2023"},{"$f":"VLOOKUP($G351,IF(LEFT($G351,3)=\"AMM\",COMPOSIÇÕES!$B$1:$E$4233,'BANCO DE DADOS DEZ-24  SERV'!$B$2:$F$7984),3,FALSE)","v":"UN"},3,{"$f":"VLOOKUP($G351,IF(LEFT($G351,3)=\"AMM\",COMPOSIÇÕES!$B$1:$E$4233,'BANCO DE DADOS DEZ-24  SERV'!$B$2:$F$7984),4,FALSE)","v":16.260000000000002},19.87,59.61]
[15,{"$f":"IF(OR(C352=1,D352=1),SUMIF($A$25:A352,A352,$C$25:C352),\"\")","v":39},1,"",null,"15.39",91875,"SINAPI",{"$f":"VLOOKUP($G352,IF(LEFT($G352,3)=\"AMM\",COMPOSIÇÕES!$B$1:$E$4233,'BANCO DE DADOS DEZ-24  SERV'!$B$2:$F$7984),2,FALSE)","v":"LUVA PARA ELETRODUTO, PVC, ROSCÁVEL, DN 25 MM (3/4\"), PARA CIRCUITOS TERMINAIS, INSTALADA EM FORRO - FORNECIMENTO E INSTALAÇÃO. AF_03/2023"},{"$f":"VLOOKUP($G352,IF(LEFT($G352,3)=\"AMM\",COMPOSIÇÕES!$B$1:$E$4233,'BANCO DE DADOS DEZ-24  SERV'!$B$2:$F$7984),3,FALSE)","v":"UN"},101,{"$f":"VLOOKUP($G352,IF(LEFT($G352,3)=\"AMM\",COMPOSIÇÕES!$B$1:$E$4233,'BANCO DE DADOS DEZ-24  SERV'!$B$2:$F$7984),4,FALSE)","v":7.96},9.7200000000000006,981.72]
[15,{"$f":"IF(OR(C353=1,D353=1),SUMIF($A$25:A353,A353,$C$25:C353),\"\")","v":40},1,"",null,"15.40",91876,"SINAPI",{"$f":"VLOOKUP($G353,IF(LEFT($G353,3)=\"AMM\",COMPOSIÇÕES!$B$1:$E$4233,'BANCO DE DADOS DEZ-24  SERV'!$B$2:$F$7984),2,FALSE)","v":"LUVA PARA ELETRODUTO, PVC, ROSCÁVEL, DN 32 MM (1\"), PARA CIRCUITOS TERMINAIS, INSTALADA EM FORRO - FORNECIMENTO E INSTALAÇÃO. AF_03/2023"},{"$f":"VLOOKUP($G353,IF(LEFT($G353,3)=\"AMM\",COMPOSIÇÕES!$B$1:$E$4233,'BANCO DE DADOS DEZ-24  SERV'!$B$2:$F$7984),3,FALSE)","v":"UN"},3,{"$f":"VLOOKUP($G353,IF(LEFT($G353,3)=\"AMM\",COMPOSIÇÕES!$B$1:$E$4233,'BANCO DE DADOS DEZ-24  SERV'!$B$2:$F$7984),4,FALSE)","v":9.6},11.73,35.19]
[15,{"$f":"IF(OR(C354=1,D354=1),SUMIF($A$25:A354,A354,$C$25:C354),\"\")","v":41},1,"",null,"15.41",95801,"SINAPI",{"$f":"VLOOKUP($G354,IF(LEFT($G354,3)=\"AMM\",COMPOSIÇÕES!$B$1:$E$4233,'BANCO DE DADOS DEZ-24  SERV'!$B$2:$F$7984),2,FALSE)","v":"CONDULETE DE ALUMÍNIO, TIPO X, PARA ELETRODUTO DE AÇO GALVANIZADO DN 20 MM (3/4''), APARENTE - FORNECIMENTO E INSTALAÇÃO. AF_10/2022"},{"$f":"VLOOKUP($G354,IF(LEFT($G354,3)=\"AMM\",COMPOSIÇÕES!$B$1:$E$4233,'BANCO DE DADOS DEZ-24  SERV'!$B$2:$F$7984),3,FALSE)","v":"UN"},12,{"$f":"VLOOKUP($G354,IF(LEFT($G354,3)=\"AMM\",COMPOSIÇÕES!$B$1:$E$4233,'BANCO DE DADOS DEZ-24  SERV'!$B$2:$F$7984),4,FALSE)","v":37.24},45.51,546.12]
[15,{"$f":"IF(OR(C355=1,D355=1),SUMIF($A$25:A355,A355,$C$25:C355),\"\")","v":42},1,"",null,"15.42",95802,"SINAPI",{"$f":"VLOOKUP($G355,IF(LEFT($G355,3)=\"AMM\",COMPOSIÇÕES!$B$1:$E$4233,'BANCO DE DADOS DEZ-24  SERV'!$B$2:$F$7984),2,FALSE)","v":"CONDULETE DE ALUMÍNIO, TIPO X, PARA ELETRODUTO DE AÇO GALVANIZADO DN 25 MM (1''), APARENTE - FORNECIMENTO E INSTALAÇÃO. AF_10/2022"},{"$f":"VLOOKUP($G355,IF(LEFT($G355,3)=\"AMM\",COMPOSIÇÕES!$B$1:$E$4233,'BANCO DE DADOS DEZ-24  SERV'!$B$2:$F$7984),3,FALSE)","v":"UN"},10,{"$f":"VLOOKUP($G355,IF(LEFT($G355,3)=\"AMM\",COMPOSIÇÕES!$B$1:$E$4233,'BANCO DE DADOS DEZ-24  SERV'!$B$2:$F$7984),4,FALSE)","v":46.22},56.49,564.9]
[15,{"$f":"IF(OR(C356=1,D356=1),SUMIF($A$25:A356,A356,$C$25:C356),\"\")","v":43},1,"",null,"15.43",97607,"SINAPI",{"$f":"VLOOKUP($G356,IF(LEFT($G356,3)=\"AMM\",COMPOSIÇÕES!$B$1:$E$4233,'BANCO DE DADOS DEZ-24  SERV'!$B$2:$F$7984),2,FALSE)","v":"LUMINÁRIA ARANDELA TIPO TARTARUGA, DE SOBREPOR, COM 1 LÂMPADA LED DE 6 W, SEM REATOR - FORNECIMENTO E INSTALAÇÃO. AF_09/2024"},{"$f":"VLOOKUP($G356,IF(LEFT($G356,3)=\"AMM\",COMPOSIÇÕES!$B$1:$E$4233,'BANCO DE DADOS DEZ-24  SERV'!$B$2:$F$7984),3,FALSE)","v":"UN"},9,{"$f":"VLOOKUP($G356,IF(LEFT($G356,3)=\"AMM\",COMPOSIÇÕES!$B$1:$E$4233,'BANCO DE DADOS DEZ-24  SERV'!$B$2:$F$7984),4,FALSE)","v":111.82},136.66999999999999,1230.03]
[15,{"$f":"IF(OR(C357=1,D357=1),SUMIF($A$25:A357,A357,$C$25:C357),\"\")","v":44},1,"",null,{"$f":"IF(B357<>\"\",A357&\".\"&B357,\"\")","v":"15.44"},101879,{"$f":"IF(G357>=\"AMM\",\"PRÓPRIO\",\"SINAPI\")","v":"SINAPI"},{"$f":"VLOOKUP($G357,IF(LEFT($G357,3)=\"AMM\",COMPOSIÇÕES!$B$1:$E$4233,'BANCO DE DADOS DEZ-24  SERV'!$B$2:$F$7984),2,FALSE)","v":"QUADRO DE DISTRIBUIÇÃO DE ENERGIA EM CHAPA DE AÇO GALVANIZADO, DE EMBUTIR, COM BARRAMENTO TRIFÁSICO, PARA 24 DISJUNTORES DIN 100A - FORNECIMENTO E INSTALAÇÃO. AF_10/2020"},{"$f":"VLOOKUP($G357,IF(LEFT($G357,3)=\"AMM\",COMPOSIÇÕES!$B$1:$E$4233,'BANCO DE DADOS DEZ-24  SERV'!$B$2:$F$7984),3,FALSE)","v":"UN"},1,{"$f":"VLOOKUP($G357,IF(LEFT($G357,3)=\"AMM\",COMPOSIÇÕES!$B$1:$E$4233,'BANCO DE DADOS DEZ-24  SERV'!$B$2:$F$7984),4,FALSE)","v":658.34},804.68,{"$f":"IF($Q$2=\"OUTROS\",TRUNC(M357*K357,2),ROUND(M357*K357,2))","v":804.68}]
[15,{"$f":"IF(OR(C358=1,D358=1),SUMIF($A$25:A358,A358,$C$25:C358),\"\")","v":45},1,"",null,"15.45",101881,"SINAPI",{"$f":"VLOOKUP($G358,IF(LEFT($G358,3)=\"AMM\",COMPOSIÇÕES!$B$1:$E$4233,'BANCO DE DADOS DEZ-24  SERV'!$B$2:$F$7984),2,FALSE)","v":"QUADRO DE DISTRIBUIÇÃO DE ENERGIA EM CHAPA DE AÇO GALVANIZADO, DE EMBUTIR, COM BARRAMENTO TRIFÁSICO, PARA 40 DISJUNTORES DIN 100A - FORNECIMENTO E INSTALAÇÃO. AF_10/2020"},{"$f":"VLOOKUP($G358,IF(LEFT($G358,3)=\"AMM\",COMPOSIÇÕES!$B$1:$E$4233,'BANCO DE DADOS DEZ-24  SERV'!$B$2:$F$7984),3,FALSE)","v":"UN"},1,{"$f":"VLOOKUP($G358,IF(LEFT($G358,3)=\"AMM\",COMPOSIÇÕES!$B$1:$E$4233,'BANCO DE DADOS DEZ-24  SERV'!$B$2:$F$7984),4,FALSE)","v":1091.19},1333.76,1333.76]
[15,{"$f":"IF(OR(C359=1,D359=1),SUMIF($A$25:A359,A359,$C$25:C359),\"\")","v":46},1,"",null,"15.46",90447,"SINAPI",{"$f":"VLOOKUP($G359,IF(LEFT($G359,3)=\"AMM\",COMPOSIÇÕES!$B$1:$E$4233,'BANCO DE DADOS DEZ-24  SERV'!$B$2:$F$7984),2,FALSE)","v":"RASGO LINEAR MANUAL EM ALVENARIA, PARA ELETRODUTOS, DIÂMETROS MENORES OU IGUAIS A 40 MM. AF_09/2023"},{"$f":"VLOOKUP($G359,IF(LEFT($G359,3)=\"AMM\",COMPOSIÇÕES!$B$1:$E$4233,'BANCO DE DADOS DEZ-24  SERV'!$B$2:$F$7984),3,FALSE)","v":"M"},200,{"$f":"VLOOKUP($G359,IF(LEFT($G359,3)=\"AMM\",COMPOSIÇÕES!$B$1:$E$4233,'BANCO DE DADOS DEZ-24  SERV'!$B$2:$F$7984),4,FALSE)","v":7.7},9.41,1882]
[15,{"$f":"IF(OR(C360=1,D360=1),SUMIF($A$25:A360,A360,$C$25:C360),\"\")","v":47},1,"",null,"15.47",103288,"SINAPI",{"$f":"VLOOKUP($G360,IF(LEFT($G360,3)=\"AMM\",COMPOSIÇÕES!$B$1:$E$4233,'BANCO DE DADOS DEZ-24  SERV'!$B$2:$F$7984),2,FALSE)","v":"RASGO E CHUMBAMENTO EM ALVENARIA PARA TUBOS DE SPLIT PAREDE DE 9000 A 24000 BTUS/H. AF_11/2021"},{"$f":"VLOOKUP($G360,IF(LEFT($G360,3)=\"AMM\",COMPOSIÇÕES!$B$1:$E$4233,'BANCO DE DADOS DEZ-24  SERV'!$B$2:$F$7984),3,FALSE)","v":"UN"},9,{"$f":"VLOOKUP($G360,IF(LEFT($G360,3)=\"AMM\",COMPOSIÇÕES!$B$1:$E$4233,'BANCO DE DADOS DEZ-24  SERV'!$B$2:$F$7984),4,FALSE)","v":14.51},17.73,159.57]
[15,{"$f":"IF(OR(C361=1,D361=1),SUMIF($A$25:A361,A361,$C$25:C361),\"\")","v":48},1,"",null,"15.48",97669,"SINAPI",{"$f":"VLOOKUP($G361,IF(LEFT($G361,3)=\"AMM\",COMPOSIÇÕES!$B$1:$E$4233,'BANCO DE DADOS DEZ-24  SERV'!$B$2:$F$7984),2,FALSE)","v":"ELETRODUTO FLEXÍVEL CORRUGADO, PEAD, DN 90 (3\"), PARA REDE ENTERRADA DE DISTRIBUIÇÃO DE ENERGIA ELÉTRICA - FORNECIMENTO E INSTALAÇÃO. AF_12/2021"},{"$f":"VLOOKUP($G361,IF(LEFT($G361,3)=\"AMM\",COMPOSIÇÕES!$B$1:$E$4233,'BANCO DE DADOS DEZ-24  SERV'!$B$2:$F$7984),3,FALSE)","v":"M"},15,{"$f":"VLOOKUP($G361,IF(LEFT($G361,3)=\"AMM\",COMPOSIÇÕES!$B$1:$E$4233,'BANCO DE DADOS DEZ-24  SERV'!$B$2:$F$7984),4,FALSE)","v":16.579999999999998},20.260000000000002,303.89999999999998]
[15,{"$f":"IF(OR(C362=1,D362=1),SUMIF($A$25:A362,A362,$C$25:C362),\"\")","v":49},1,"",null,"15.49",97887,"SINAPI",{"$f":"VLOOKUP($G362,IF(LEFT($G362,3)=\"AMM\",COMPOSIÇÕES!$B$1:$E$4233,'BANCO DE DADOS DEZ-24  SERV'!$B$2:$F$7984),2,FALSE)","v":"CAIXA ENTERRADA ELÉTRICA RETANGULAR, EM ALVENARIA COM TIJOLOS CERÂMICOS MACIÇOS, FUNDO COM BRITA, DIMENSÕES INTERNAS: 0,4X0,4X0,4 M. AF_12/2020"},{"$f":"VLOOKUP($G362,IF(LEFT($G362,3)=\"AMM\",COMPOSIÇÕES!$B$1:$E$4233,'BANCO DE DADOS DEZ-24  SERV'!$B$2:$F$7984),3,FALSE)","v":"UN"},1,{"$f":"VLOOKUP($G362,IF(LEFT($G362,3)=\"AMM\",COMPOSIÇÕES!$B$1:$E$4233,'BANCO DE DADOS DEZ-24  SERV'!$B$2:$F$7984),4,FALSE)","v":270.57},330.71,330.71]
[15,{"$f":"IF(OR(C363=1,D363=1),SUMIF($A$25:A363,A363,$C$25:C363),\"\")","v":50},1,"",null,{"$f":"IF(B363<>\"\",A363&\".\"&B363,\"\")","v":"15.50"},97888,{"$f":"IF(G363>=\"AMM\",\"PRÓPRIO\",\"SINAPI\")","v":"SINAPI"},{"$f":"VLOOKUP($G363,IF(LEFT($G363,3)=\"AMM\",COMPOSIÇÕES!$B$1:$E$4233,'BANCO DE DADOS DEZ-24  SERV'!$B$2:$F$7984),2,FALSE)","v":"CAIXA ENTERRADA ELÉTRICA RETANGULAR, EM ALVENARIA COM TIJOLOS CERÂMICOS MACIÇOS, FUNDO COM BRITA, DIMENSÕES INTERNAS: 0,6X0,6X0,6 M. AF_12/2020"},{"$f":"VLOOKUP($G363,IF(LEFT($G363,3)=\"AMM\",COMPOSIÇÕES!$B$1:$E$4233,'BANCO DE DADOS DEZ-24  SERV'!$B$2:$F$7984),3,FALSE)","v":"UN"},1,{"$f":"VLOOKUP($G363,IF(LEFT($G363,3)=\"AMM\",COMPOSIÇÕES!$B$1:$E$4233,'BANCO DE DADOS DEZ-24  SERV'!$B$2:$F$7984),4,FALSE)","v":523.41},639.76,{"$f":"IF($Q$2=\"OUTROS\",TRUNC(M363*K363,2),ROUND(M363*K363,2))","v":639.76}]
[15,{"$f":"IF(OR(C364=1,D364=1),SUMIF($A$25:A364,A364,$C$25:C364),\"\")","v":51},1,"",null,"15.51",93358,"SINAPI",{"$f":"VLOOKUP($G364,IF(LEFT($G364,3)=\"AMM\",COMPOSIÇÕES!$B$1:$E$4233,'BANCO DE DADOS DEZ-24  SERV'!$B$2:$F$7984),2,FALSE)","v":"ESCAVAÇÃO MANUAL DE VALA. AF_09/2024"},{"$f":"VLOOKUP($G364,IF(LEFT($G364,3)=\"AMM\",COMPOSIÇÕES!$B$1:$E$4233,'BANCO DE DADOS DEZ-24  SERV'!$B$2:$F$7984),3,FALSE)","v":"M3"},2.25,{"$f":"VLOOKUP($G364,IF(LEFT($G364,3)=\"AMM\",COMPOSIÇÕES!$B$1:$E$4233,'BANCO DE DADOS DEZ-24  SERV'!$B$2:$F$7984),4,FALSE)","v":80.38},98.24,221.04]
[15,{"$f":"IF(OR(C365=1,D365=1),SUMIF($A$25:A365,A365,$C$25:C365),\"\")","v":52},1,"",null,"15.52",93382,"SINAPI",{"$f":"VLOOKUP($G365,IF(LEFT($G365,3)=\"AMM\",COMPOSIÇÕES!$B$1:$E$4233,'BANCO DE DADOS DEZ-24  SERV'!$B$2:$F$7984),2,FALSE)","v":"REATERRO MANUAL DE VALAS, COM COMPACTADOR DE SOLOS DE PERCUSSÃO. AF_08/2023"},{"$f":"VLOOKUP($G365,IF(LEFT($G365,3)=\"AMM\",COMPOSIÇÕES!$B$1:$E$4233,'BANCO DE DADOS DEZ-24  SERV'!$B$2:$F$7984),3,FALSE)","v":"M3"},2.25,{"$f":"VLOOKUP($G365,IF(LEFT($G365,3)=\"AMM\",COMPOSIÇÕES!$B$1:$E$4233,'BANCO DE DADOS DEZ-24  SERV'!$B$2:$F$7984),4,FALSE)","v":23.73},29,65.25]
[15,{"$f":"IF(OR(C366=1,D366=1),SUMIF($A$25:A366,A366,$C$25:C366),\"\")","v":53},1,"",null,"15.53",96985,"SINAPI",{"$f":"VLOOKUP($G366,IF(LEFT($G366,3)=\"AMM\",COMPOSIÇÕES!$B$1:$E$4233,'BANCO DE DADOS DEZ-24  SERV'!$B$2:$F$7984),2,FALSE)","v":"HASTE DE ATERRAMENTO, DIÂMETRO 5/8\", COM 3 METROS - FORNECIMENTO E INSTALAÇÃO. AF_08/2023"},{"$f":"VLOOKUP($G366,IF(LEFT($G366,3)=\"AMM\",COMPOSIÇÕES!$B$1:$E$4233,'BANCO DE DADOS DEZ-24  SERV'!$B$2:$F$7984),3,FALSE)","v":"UN"},3,{"$f":"VLOOKUP($G366,IF(LEFT($G366,3)=\"AMM\",COMPOSIÇÕES!$B$1:$E$4233,'BANCO DE DADOS DEZ-24  SERV'!$B$2:$F$7984),4,FALSE)","v":66.38},81.13,243.39]
[15,{"$f":"IF(OR(C367=1,D367=1),SUMIF($A$25:A367,A367,$C$25:C367),\"\")","v":54},1,"",null,"15.54",98111,"SINAPI",{"$f":"VLOOKUP($G367,IF(LEFT($G367,3)=\"AMM\",COMPOSIÇÕES!$B$1:$E$4233,'BANCO DE DADOS DEZ-24  SERV'!$B$2:$F$7984),2,FALSE)","v":"CAIXA DE INSPEÇÃO PARA ATERRAMENTO, CIRCULAR, EM POLIETILENO, DIÂMETRO INTERNO = 0,3 M. AF_12/2020"},{"$f":"VLOOKUP($G367,IF(LEFT($G367,3)=\"AMM\",COMPOSIÇÕES!$B$1:$E$4233,'BANCO DE DADOS DEZ-24  SERV'!$B$2:$F$7984),3,FALSE)","v":"UN"},1,{"$f":"VLOOKUP($G367,IF(LEFT($G367,3)=\"AMM\",COMPOSIÇÕES!$B$1:$E$4233,'BANCO DE DADOS DEZ-24  SERV'!$B$2:$F$7984),4,FALSE)","v":51.21},62.59,62.59]
[15,{"$f":"IF(OR(C368=1,D368=1),SUMIF($A$25:A368,A368,$C$25:C368),\"\")","v":55},1,"",null,"15.55",96562,"SINAPI",{"$f":"VLOOKUP($G368,IF(LEFT($G368,3)=\"AMM\",COMPOSIÇÕES!$B$1:$E$4233,'BANCO DE DADOS DEZ-24  SERV'!$B$2:$F$7984),2,FALSE)","v":"SUPORTE PARA ELETROCALHA LISA OU PERFURADA EM AÇO GALVANIZADO, LARGURA 400 MM, EM PERFILADO COM COMPRIMENTO DE 45 CM FIXADO EM LAJE, POR METRO DE ELETROCALHA FIXADA. AF_09/2023"},{"$f":"VLOOKUP($G368,IF(LEFT($G368,3)=\"AMM\",COMPOSIÇÕES!$B$1:$E$4233,'BANCO DE DADOS DEZ-24  SERV'!$B$2:$F$7984),3,FALSE)","v":"M"},6.7,{"$f":"VLOOKUP($G368,IF(LEFT($G368,3)=\"AMM\",COMPOSIÇÕES!$B$1:$E$4233,'BANCO DE DADOS DEZ-24  SERV'!$B$2:$F$7984),4,FALSE)","v":48.72},59.55,398.98]
[15,{"$f":"IF(OR(C369=1,D369=1),SUMIF($A$25:A369,A369,$C$25:C369),\"\")","v":56},1,"",null,{"$f":"IF(B369<>\"\",A369&\".\"&B369,\"\")","v":"15.56"},104751,{"$f":"IF(G369>=\"AMM\",\"PRÓPRIO\",\"SINAPI\")","v":"SINAPI"},{"$f":"VLOOKUP($G369,IF(LEFT($G369,3)=\"AMM\",COMPOSIÇÕES!$B$1:$E$4233,'BANCO DE DADOS DEZ-24  SERV'!$B$2:$F$7984),2,FALSE)","v":"CONECTOR GRAMPO PARALELO METÁLICO, PARA SPDA, PARA CABOS DE 6 A 50 MM2 - FORNECIMENTO E INSTALAÇÃO. AF_08/2023"},{"$f":"VLOOKUP($G369,IF(LEFT($G369,3)=\"AMM\",COMPOSIÇÕES!$B$1:$E$4233,'BANCO DE DADOS DEZ-24  SERV'!$B$2:$F$7984),3,FALSE)","v":"UN"},3,{"$f":"VLOOKUP($G369,IF(LEFT($G369,3)=\"AMM\",COMPOSIÇÕES!$B$1:$E$4233,'BANCO DE DADOS DEZ-24  SERV'!$B$2:$F$7984),4,FALSE)","v":19.63},23.99,{"$f":"IF($Q$2=\"OUTROS\",TRUNC(M369*K369,2),ROUND(M369*K369,2))","v":71.97}]
[{"$f":"IF(LEN(D370),OFFSET(A370,-1,0)+1,OFFSET(A370,-1,0))","v":15},{"$f":"IF(OR(C370=1,D370=1),SUMIF($A$25:A370,A370,$C$25:C370),\"\")","v":""},{"$f":"IF(G370>0,1,\"\")","v":""},{"$f":"IF(AND(CONCATENATE(G370,I370,J370,K370,L370,M370,N370)=I370&N370,CONCATENATE(G370,I370,J370,K370,L370,M370,N370)<>\"\",N370<>\"\"),1,\"\")","v":""},null,{"$f":"IF(B370<>\"\",A370&\".\"&B370,\"\")","v":""},null,null,"COMPOSIÇÕES ELÉTRICA"]
[15,{"$f":"IF(OR(C371=1,D371=1),SUMIF($A$25:A371,A371,$C$25:C371),\"\")","v":57},1,"",null,"15.57",{"$f":"'COMP. ELETRICO '!B17","v":"ELE 001"},{"$f":"IF(G371>=\"AMM\",\"PRÓPRIO\",\"SINAPI\")","v":"PRÓPRIO"},{"$f":"'COMP. ELETRICO '!C17","v":"FORNECIMENTO E INSTALAÇÃO DE DISPOSITIVO DPS CLASSE II, 1 POLO, TENSAO MAXIMA DE 175 V, CORRENTE MAXIMA DE *45* KA (TIPO AC)                                                                                                                                                                                                                                                                                                                                                                                                           "},{"$f":"'COMP. ELETRICO '!G17","v":"UN"},16,{"$f":"'COMP. ELETRICO '!G24","v":115.52000000000001},{"$f":"IF($Q$2=\"OUTROS\",TRUNC(L371*(1+$N$7),2),ROUND(L371*(1+$N$7),2))","v":141.19999999999999},{"$f":"IF($Q$2=\"OUTROS\",TRUNC(M371*K371,2),ROUND(M371*K371,2))","v":2259.1999999999998}]
[15,{"$f":"IF(OR(C372=1,D372=1),SUMIF($A$25:A372,A372,$C$25:C372),\"\")","v":58},1,"",null,{"$f":"IF(B372<>\"\",A372&\".\"&B372,\"\")","v":"15.58"},{"$f":"'COMP. ELETRICO '!B26","v":"ELE 002"},"PRÓPRIO",{"$f":"'COMP. ELETRICO '!C26","v":"FORNECIMENTO E INSTALAÇÃO DE PLACA DE SINALIZAÇÃO DE ENERGIA (20X20CM)"},{"$f":"'COMP. ELETRICO '!G26","v":"UN"},3,{"$f":"'COMP. ELETRICO '!G34","v":25.92},31.68,{"$f":"IF($Q$2=\"OUTROS\",TRUNC(M372*K372,2),ROUND(M372*K372,2))","v":95.04}]
[15,{"$f":"IF(OR(C373=1,D373=1),SUMIF($A$25:A373,A373,$C$25:C373),\"\")","v":59},1,"",null,{"$f":"IF(B373<>\"\",A373&\".\"&B373,\"\")","v":"15.59"},{"$f":"'COMP. ELETRICO '!B36","v":"ELE 003"},{"$f":"IF(G373>=\"AMM\",\"PRÓPRIO\",\"SINAPI\")","v":"PRÓPRIO"},{"$f":"'COMP. ELETRICO '!C36","v":"FORNECIMENTO E INSTALAÇÃO DE DISPOSITIVO DR, 4 POLOS, SENSIBILIDADE DE 30 MA, CORRENTE DE 40 A, TIPO AC                                                                                                                                                                                                                                                                                                                                                                                                                                "},{"$f":"'COMP. ELETRICO '!G36","v":"UN"},1,{"$f":"'COMP. ELETRICO '!G43","v":193.56},236.58,{"$f":"IF($Q$2=\"OUTROS\",TRUNC(M373*K373,2),ROUND(M373*K373,2))","v":236.58}]
[{"$f":"IF(LEN(D374),OFFSET(A374,-1,0)+1,OFFSET(A374,-1,0))","v":15},{"$f":"IF(OR(C374=1,D374=1),SUMIF($A$25:A374,A374,$C$25:C374),\"\")","v":60},{"$f":"IF(G374>0,1,\"\")","v":1},{"$f":"IF(AND(CONCATENATE(G374,I374,J374,K374,L374,M374,N374)=I374&N374,CONCATENATE(G374,I374,J374,K374,L374,M374,N374)<>\"\",N374<>\"\"),1,\"\")","v":""},null,"15.60",{"$f":"'COMP. ELETRICO '!B45","v":"ELE 004"},"PRÓPRIO",{"$f":"'COMP. ELETRICO '!C45","v":"FORNECIMENTO E INSTALAÇÃO DE ABRACADEIRA TIPO D 3/4\" C/ PARAFUSO\""},{"$f":"'COMP. ELETRICO '!G45","v":"UN"},124,{"$f":"'COMP. ELETRICO '!G51","v":8.7200000000000006},10.65,1320.6]
[15,{"$f":"IF(OR(C375=1,D375=1),SUMIF($A$25:A375,A375,$C$25:C375),\"\")","v":61},1,"",null,"15.61",{"$f":"'COMP. ELETRICO '!B53","v":"ELE 005"},"PRÓPRIO",{"$f":"'COMP. ELETRICO '!C53","v":"FORNECIMENTO E INSTALAÇÃO DE ABRACADEIRA EM ACO PARA AMARRACAO DE ELETRODUTOS, TIPO D, COM 1\" E PARAFUSO DE FIXACAO                                                                                                                                                                                                                                                                                                                                                                                                                    "},{"$f":"'COMP. ELETRICO '!G53","v":"UN"},7,{"$f":"'COMP. ELETRICO '!G59","v":9.0399999999999991},11.04,77.28]
[15,{"$f":"IF(OR(C376=1,D376=1),SUMIF($A$25:A376,A376,$C$25:C376),\"\")","v":62},1,"",null,"15.62",{"$f":"'COMP. ELETRICO '!B61","v":"ELE 006"},"PRÓPRIO",{"$f":"'COMP. ELETRICO '!C61","v":"FORNECIMENTO E INSTALAÇÃO DE CAIXA DE PASSAGEM METALICA, DE SOBREPOR, COM TAMPA APARAFUSADA, DIMENSOES 15 X 15 X *10* CM                                                                                                                                                                                                                                                                                                                                                                                                               "},{"$f":"'COMP. ELETRICO '!G61","v":"UN"},3,{"$f":"'COMP. ELETRICO '!G68","v":54.73},66.89,200.67]
[15,{"$f":"IF(OR(C377=1,D377=1),SUMIF($A$25:A377,A377,$C$25:C377),\"\")","v":63},1,"",null,"15.63",{"$f":"'COMP. ELETRICO '!B71","v":"ELE 007"},"PRÓPRIO",{"$f":"'COMP. ELETRICO '!C71","v":"FORNECIMENTO E INSTALAÇÃO DE CAIXA DE PASSAGEM METALICA DE SOBREPOR COM TAMPA PARAFUSADA, DIMENSOES 20 X 20 X 10 CM                                                                                                                                                                                                                                                                                                                                                                                                                    "},{"$f":"'COMP. ELETRICO '!G71","v":"UN"},1,{"$f":"'COMP. ELETRICO '!G78","v":67.03},81.93,81.93]
[15,{"$f":"IF(OR(C378=1,D378=1),SUMIF($A$25:A378,A378,$C$25:C378),\"\")","v":64},1,"",null,"15.64",{"$f":"'COMP. ELETRICO '!B81","v":"ELE 008"},"PRÓPRIO",{"$f":"'COMP. ELETRICO '!C81","v":"ARAME DE AÇO GALVANIZADO No. 12 BWG "},{"$f":"'COMP. ELETRICO '!G81","v":"M"},300,{"$f":"'COMP. ELETRICO '!G88","v":2.97},3.63,1089]
[15,{"$f":"IF(OR(C379=1,D379=1),SUMIF($A$25:A379,A379,$C$25:C379),\"\")","v":65},1,"",null,"15.65",{"$f":"'COMP. ELETRICO '!B90","v":"ELE 009"},"PRÓPRIO",{"$f":"'COMP. ELETRICO '!C90","v":"FORNECIMENTO E INSTALAÇAO DE PADRÃO DE ENTRADA DE ENERGIA CATEGORIA \"T6\" (ENERGISA)"},{"$f":"'COMP. ELETRICO '!G90","v":"UN"},1,{"$f":"'COMP. ELETRICO '!G97","v":10942.08},13374.5,13374.5]
[15,{"$f":"IF(OR(C380=1,D380=1),SUMIF($A$25:A380,A380,$C$25:C380),\"\")","v":66},1,"",null,"15.66",{"$f":"'COMP. ELETRICO '!B106","v":"ELE 010"},"PRÓPRIO",{"$f":"'COMP. ELETRICO '!C106","v":"FORNECIMENTO E INSTALAÇÃO DE BUCHA EM ALUMINIO, COM ROSCA, DE 3/4\", PARA ELETRODUTO                                                                                                                                                                                                                                                                                                                                                                                                                                                    "},{"$f":"'COMP. ELETRICO '!G106","v":"UN"},10,{"$f":"'COMP. ELETRICO '!G114","v":2.2699999999999996},2.77,27.7]
[15,{"$f":"IF(OR(C381=1,D381=1),SUMIF($A$25:A381,A381,$C$25:C381),\"\")","v":67},1,"",null,"15.67",{"$f":"'COMP. ELETRICO '!B116","v":"ELE 011"},"PRÓPRIO",{"$f":"'COMP. ELETRICO '!C116","v":"FORNECIMENTO E INSTALAÇÃO DE BUCHA EM ALUMINIO, COM ROSCA, DE 1\", PARA ELETRODUTO                                                                                                                                                                                                                                                                                                                                                                                                                                                      "},{"$f":"'COMP. ELETRICO '!G116","v":"UN"},8,{"$f":"'COMP. ELETRICO '!G124","v":2.6899999999999995},3.28,26.24]
[15,{"$f":"IF(OR(C382=1,D382=1),SUMIF($A$25:A382,A382,$C$25:C382),\"\")","v":68},1,"",null,{"$f":"IF(B382<>\"\",A382&\".\"&B382,\"\")","v":"15.68"},{"$f":"'COMP. ELETRICO '!B126","v":"ELE 012"},"PRÓPRIO",{"$f":"'COMP. ELETRICO '!C126","v":"FORNECIMENTO E INSTALAÇÃO DE LUMINÁRIA PLAFON DE  LED QUADRADA EMBUTIR , BRANCO FRIO,POTÊNCIA 24W ; BIVOLT;FLUXO LUMINOSO (lm) 3360lm;TEMPERATURA DA COR Branco Frio 3000K - 6000K;ÍNDICE DE REPRODUÇÃO DE COR (IRC)>70;BIVOLT"},{"$f":"'COMP. ELETRICO '!G126","v":"UN"},8,{"$f":"'COMP. ELETRICO '!G133","v":58.72},71.77,574.16]
[15,{"$f":"IF(OR(C383=1,D383=1),SUMIF($A$25:A383,A383,$C$25:C383),\"\")","v":69},1,"",null,"15.69",{"$f":"'COMP. ELETRICO '!B142","v":"ELE 013"},"PRÓPRIO",{"$f":"'COMP. ELETRICO '!C142","v":"MURETA MEDIÇÃO ALVEN. 1 1/2 V.(35CM) REBOC.C/PINTURA ACRÍL. E LAJE CONC. 20MPA MALHA 8.0MM CADA 10CM REVEST.C/ARGAMASSA 1:3 C/ IMPERMEABILIZANTE"},{"$f":"'COMP. ELETRICO '!G142","v":"M2"},3,{"$f":"'COMP. ELETRICO '!G173","v":580.8499999999998},709.97,2129.91]
[15,{"$f":"IF(OR(C384=1,D384=1),SUMIF($A$25:A384,A384,$C$25:C384),\"\")","v":70},1,"",null,"15.70",{"$f":"'COMP. ELETRICO '!B175","v":"ELE 014"},"PRÓPRIO",{"$f":"'COMP. ELETRICO '!C175","v":"CABO DE COBRE NU 50MM2 - FORNECIMENTO E INSTALACAO"},{"$f":"'COMP. ELETRICO '!G175","v":"M"},8,{"$f":"'COMP. ELETRICO '!G182","v":68.850000000000009},84.15,673.2]
[15,{"$f":"IF(OR(C385=1,D385=1),SUMIF($A$25:A385,A385,$C$25:C385),\"\")","v":71},1,"",null,"15.71",{"$f":"'COMP. ELETRICO '!B184","v":"ELE 015"},"PRÓPRIO",{"$f":"'COMP. ELETRICO '!C184","v":"TERMINAL OU CONECTOR DE PRESSAO - PARA CABO 10MM2 - FORNECIMENTO E INSTALACAO"},{"$f":"'COMP. ELETRICO '!G184","v":"UN"},10,{"$f":"'COMP. ELETRICO '!G191","v":14.120000000000001},17.25,172.5]
[15,{"$f":"IF(OR(C386=1,D386=1),SUMIF($A$25:A386,A386,$C$25:C386),\"\")","v":72},1,"",null,"15.72",{"$f":"'COMP. ELETRICO '!B193","v":"ELE 016"},"PRÓPRIO",{"$f":"'COMP. ELETRICO '!C193","v":"TERMINAL OU CONECTOR DE PRESSAO - PARA CABO 16MM2 - FORNECIMENTO E INSTALACAO"},{"$f":"'COMP. ELETRICO '!G193","v":"UN"},10,{"$f":"'COMP. ELETRICO '!G200","v":14},17.11,171.1]
[15,{"$f":"IF(OR(C387=1,D387=1),SUMIF($A$25:A387,A387,$C$25:C387),\"\")","v":73},1,"",null,"15.73",{"$f":"'COMP. ELETRICO '!B202","v":"ELE 017"},"PRÓPRIO",{"$f":"'COMP. ELETRICO '!C202","v":"TERMINAL OU CONECTOR DE PRESSAO - PARA CABO 50MM2 - FORNECIMENTO E INSTALACAO"},{"$f":"'COMP. ELETRICO '!G202","v":"UN"},2,{"$f":"'COMP. ELETRICO '!G209","v":19.149999999999999},23.4,{"$f":"IF($Q$2=\"OUTROS\",TRUNC(M387*K387,2),ROUND(M387*K387,2))","v":46.8}]
[15,{"$f":"IF(OR(C388=1,D388=1),SUMIF($A$25:A388,A388,$C$25:C388),\"\")","v":74},1,"",null,"15.74",{"$f":"'COMP. ELETRICO '!B211","v":"ELE 018"},{"$f":"IF(G388>=\"AMM\",\"PRÓPRIO\",\"SINAPI\")","v":"PRÓPRIO"},{"$f":"'COMP. ELETRICO '!C211","v":"TERMINAL OU CONECTOR DE PRESSAO - PARA CABO 95MM2 - FORNECIMENTO E INSTALACAO"},{"$f":"'COMP. ELETRICO '!G211","v":"UN"},8,{"$f":"'COMP. ELETRICO '!G218","v":28.83},35.229999999999997,281.83999999999997]
[15,{"$f":"IF(OR(C389=1,D389=1),SUMIF($A$25:A389,A389,$C$25:C389),\"\")","v":75},1,"",null,"15.75",{"$f":"'COMP. ELETRICO '!B220","v":"ELE 019"},"PRÓPRIO",{"$f":"'COMP. ELETRICO '!C220","v":"FORNECIMENTO E INSTALAÇÃO DE QUADRO DE DISTRIBUICAO COM BARRAMENTO TRIFASICO, DE SOBREPOR, EM CHAPA DE ACO GALVANIZADO, PARA *42* DISJUNTORES DIN, 100 A                                                                                                                                                                                                                                                                                                                                                                               "},{"$f":"'COMP. ELETRICO '!G220","v":"UN"},1,{"$f":"'COMP. ELETRICO '!G229","v":1621.5900000000001},1982.06,1982.06]
[15,{"$f":"IF(OR(C390=1,D390=1),SUMIF($A$25:A390,A390,$C$25:C390),\"\")","v":76},1,"",null,"15.76",{"$f":"'COMP. ELETRICO '!B232","v":"ELE 020"},"PRÓPRIO",{"$f":"'COMP. ELETRICO '!C232","v":"FORNECIMENTO E INSTALAÇÃO DE QUADRO DE DISTRIBUIÇÃO TIPO SOBREPOR COM 70 POSIÇÕES, BARRAMENTO PRINCIPAL 225A, NEUTRO E TERRA - NORMA DIN"},{"$f":"'COMP. ELETRICO '!G232","v":"UN"},1,{"$f":"'COMP. ELETRICO '!G241","v":2272.54},2777.72,2777.72]
[{"$f":"IF(LEN(D391),OFFSET(A391,-1,0)+1,OFFSET(A391,-1,0))","v":15},{"$f":"IF(OR(C391=1,D391=1),SUMIF($A$25:A391,A391,$C$25:C391),\"\")","v":77},{"$f":"IF(G391>0,1,\"\")","v":1},{"$f":"IF(AND(CONCATENATE(G391,I391,J391,K391,L391,M391,N391)=I391&N391,CONCATENATE(G391,I391,J391,K391,L391,M391,N391)<>\"\",N391<>\"\"),1,\"\")","v":""},null,{"$f":"IF(B391<>\"\",A391&\".\"&B391,\"\")","v":"15.77"},{"$f":"'COMP. ELETRICO '!B251","v":"ELE 021"},"PRÓPRIO",{"$f":"'COMP. ELETRICO '!C251","v":"FORNECIMENTO E INSTALAÇÃO DE TOMADA DUPLA 2x 2P+T, ABNT, 10 A, PARA PISO, COM ESPELHO EM METAL E CAIXA EM AÇO ESMALTADA"},{"$f":"'COMP. ELETRICO '!G251","v":"UN"},4,{"$f":"'COMP. ELETRICO '!G260","v":95.710000000000008},116.98,{"$f":"IF($Q$2=\"OUTROS\",TRUNC(M391*K391,2),ROUND(M391*K391,2))","v":467.92}]
[15,{"$f":"IF(OR(C392=1,D392=1),SUMIF($A$25:A392,A392,$C$25:C392),\"\")","v":78},1,"",null,"15.78",{"$f":"'COMP. LOG'!B53","v":"LOG 004"},"PRÓPRIO",{"$f":"'COMP. LOG'!C53","v":"FORNECIMENTO E INSTALAÇÃO DE ELETRODUTO FLEXIVEL, EM FITA DE ACO GALVANIZADO, REVESTIDO COM PVC PRETO, DIAMETRO EXTERNO DE 32 MM, DN = 1\", TIPO SEALTUBO                                                                                                                                                                                                                                                                                                                                                                               "},{"$f":"'COMP. LOG'!G53","v":"UN"},10,{"$f":"'COMP. LOG'!G60","v":29.71},36.31,363.1]
[15,{"$f":"IF(OR(C393=1,D393=1),SUMIF($A$25:A393,A393,$C$25:C393),\"\")","v":79},1,"",null,{"$f":"IF(B393<>\"\",A393&\".\"&B393,\"\")","v":"15.79"},{"$f":"'COMP. LOG'!B495","v":"LOG 033"},{"$f":"IF(G393>=\"AMM\",\"PRÓPRIO\",\"SINAPI\")","v":"PRÓPRIO"},{"$f":"'COMP. LOG'!C495","v":"FORNECIMENTO E INSTALAÇÃO DE ELETROCALHA PERFURADA GALVANIZADA DE #200 X 100MM"},{"$f":"'COMP. LOG'!G495","v":"M"},50,{"$f":"'COMP. LOG'!G502","v":79.44},97.09,4854.5]
[15,{"$f":"IF(OR(C394=1,D394=1),SUMIF($A$25:A394,A394,$C$25:C394),\"\")","v":80},1,"",null,"15.80",{"$f":"'COMP. LOG'!B348","v":"LOG 024"},"PRÓPRIO",{"$f":"'COMP. LOG'!C348","v":"FORNECIMENTO E INSTALAÇÃO DE EMENDA INTERNA PARA ELETROCALHA PERFURADA GALVANIZADA DE 200 X 100MM"},{"$f":"'COMP. LOG'!G348","v":"UN"},16,{"$f":"'COMP. LOG'!G355","v":16.89},20.64,330.24]
[15,{"$f":"IF(OR(C395=1,D395=1),SUMIF($A$25:A395,A395,$C$25:C395),\"\")","v":81},1,"",null,{"$f":"IF(B395<>\"\",A395&\".\"&B395,\"\")","v":"15.81"},{"$f":"'COMP. LOG'!B364","v":"LOG 025"},{"$f":"IF(G395>=\"AMM\",\"PRÓPRIO\",\"SINAPI\")","v":"PRÓPRIO"},{"$f":"'COMP. LOG'!C364","v":"FORNECIMENTO E INSTALAÇÃO DE CURVA HORIZONTAL #200 X 100MM PARA ELETROCALHA METALICA, COM ÂNGULO 90º"},{"$f":"'COMP. LOG'!G364","v":"UN"},1,{"$f":"'COMP. LOG'!G371","v":55.31},67.599999999999994,67.599999999999994]
[15,{"$f":"IF(OR(C396=1,D396=1),SUMIF($A$25:A396,A396,$C$25:C396),\"\")","v":82},1,"",null,{"$f":"IF(B396<>\"\",A396&\".\"&B396,\"\")","v":"15.82"},{"$f":"'COMP. LOG'!B380","v":"LOG 026"},{"$f":"IF(G396>=\"AMM\",\"PRÓPRIO\",\"SINAPI\")","v":"PRÓPRIO"},{"$f":"'COMP. LOG'!C380","v":"FORNECIMENTO E INSTALAÇÃO DE SUPORTE VERTICAL 200 X 100 MM PARA FIXAÇÃO DE ELETROCALHA METÁLICA"},{"$f":"'COMP. LOG'!G380","v":"UN"},30,{"$f":"'COMP. LOG'!G387","v":19.96},24.39,{"$f":"IF($Q$2=\"OUTROS\",TRUNC(M396*K396,2),ROUND(M396*K396,2))","v":731.7}]
[15,{"$f":"IF(OR(C397=1,D397=1),SUMIF($A$25:A397,A397,$C$25:C397),\"\")","v":83},1,"",null,{"$f":"IF(B397<>\"\",A397&\".\"&B397,\"\")","v":"15.83"},{"$f":"'COMP. LOG'!B396","v":"LOG 027"},{"$f":"IF(G397>=\"AMM\",\"PRÓPRIO\",\"SINAPI\")","v":"PRÓPRIO"},{"$f":"'COMP. LOG'!C396","v":"FORNECIMENTO E INSTALAÇÃO DE TÊ HORIZONTAL 200 X 100 MM PARA ELETROCALHA METÁLICA"},{"$f":"'COMP. LOG'!G396","v":"UN"},4,{"$f":"'COMP. LOG'!G403","v":77.400000000000006},94.6,378.4]
[15,{"$f":"IF(OR(C398=1,D398=1),SUMIF($A$25:A398,A398,$C$25:C398),\"\")","v":84},1,"",null,"15.84",{"$f":"'COMP. LOG'!B412","v":"LOG 028"},"PRÓPRIO",{"$f":"'COMP. LOG'!C412","v":"FORNECIMENTO E INSTALAÇÃO DE CURVA DE INVERSÃO 200 X 100 MM PARA ELETROCALHA METÁLICA"},{"$f":"'COMP. LOG'!G412","v":"UN"},2,{"$f":"'COMP. LOG'!G419","v":52.59},64.28,128.56]
[15,{"$f":"IF(OR(C399=1,D399=1),SUMIF($A$25:A399,A399,$C$25:C399),\"\")","v":85},1,"",null,{"$f":"IF(B399<>\"\",A399&\".\"&B399,\"\")","v":"15.85"},{"$f":"'COMP. LOG'!B428","v":"LOG 029"},{"$f":"IF(G399>=\"AMM\",\"PRÓPRIO\",\"SINAPI\")","v":"PRÓPRIO"},{"$f":"'COMP. LOG'!C428","v":"FORNECIMENTO E INSTALAÇÃO DE CRUZETA 200 X 100 MM PARA ELETROCALHA METÁLICA LISA ZINCADA"},{"$f":"'COMP. LOG'!G428","v":"UN"},1,{"$f":"'COMP. LOG'!G435","v":87.679999999999993},107.17,{"$f":"IF($Q$2=\"OUTROS\",TRUNC(M399*K399,2),ROUND(M399*K399,2))","v":107.17}]
[15,{"$f":"IF(OR(C400=1,D400=1),SUMIF($A$25:A400,A400,$C$25:C400),\"\")","v":86},1,"",null,{"$f":"IF(B400<>\"\",A400&\".\"&B400,\"\")","v":"15.86"},{"$f":"'COMP. LOG'!B444","v":"LOG 030"},{"$f":"IF(G400>=\"AMM\",\"PRÓPRIO\",\"SINAPI\")","v":"PRÓPRIO"},{"$f":"'COMP. LOG'!C444","v":"FORNECIMENTO E INSTALAÇÃO DE VERGALHÃO ROSCA TOTAL 5/16'' (TIRANTE) "},{"$f":"'COMP. LOG'!G444","v":"M"},90,{"$f":"'COMP. LOG'!G451","v":21.47},26.24,2361.6]
[{"$f":"IF(LEN(D401),OFFSET(A401,-1,0)+1,OFFSET(A401,-1,0))","v":15},{"$f":"IF(OR(C401=1,D401=1),SUMIF($A$25:A401,A401,$C$25:C401),\"\")","v":87},{"$f":"IF(G401>0,1,\"\")","v":1},{"$f":"IF(AND(CONCATENATE(G401,I401,J401,K401,L401,M401,N401)=I401&N401,CONCATENATE(G401,I401,J401,K401,L401,M401,N401)<>\"\",N401<>\"\"),1,\"\")","v":""},null,{"$f":"IF(B401<>\"\",A401&\".\"&B401,\"\")","v":"15.87"},{"$f":"'COMP. LOG'!B467","v":"LOG 031"},{"$f":"IF(G401>=\"AMM\",\"PRÓPRIO\",\"SINAPI\")","v":"PRÓPRIO"},{"$f":"'COMP. LOG'!C467","v":"FORNECIMENTO E INSTALAÇÃO DE CANTONEIRA ZZ"},{"$f":"'COMP. LOG'!G467","v":"UN"},30,{"$f":"'COMP. LOG'!G474","v":10.999999999999998},13.44,{"$f":"IF($Q$2=\"OUTROS\",TRUNC(M401*K401,2),ROUND(M401*K401,2))","v":403.2}]
[15,{"$f":"IF(OR(C402=1,D402=1),SUMIF($A$25:A402,A402,$C$25:C402),\"\")","v":88},1,"",null,"15.88",{"$f":"'COMP. LOG'!B90","v":"LOG 008"},"PRÓPRIO",{"$f":"'COMP. LOG'!C90","v":"FORNECIMENTO E INSTALAÇÃO DE  SAÍDA HORIZONTAL PARA ELETRODUTO 1\""},{"$f":"'COMP. LOG'!G90","v":"UN"},4,{"$f":"'COMP. LOG'!G97","v":11.16},13.64,54.56]
[15,{"$f":"IF(OR(C403=1,D403=1),SUMIF($A$25:A403,A403,$C$25:C403),\"\")","v":89},1,"",null,{"$f":"IF(B403<>\"\",A403&\".\"&B403,\"\")","v":"15.89"},{"$f":"'COMP. LOG'!B106","v":"LOG 009"},{"$f":"IF(G403>=\"AMM\",\"PRÓPRIO\",\"SINAPI\")","v":"PRÓPRIO"},{"$f":"'COMP. LOG'!C106","v":"FORNECIMENTO E INSTALAÇÃO DE  SAÍDA HORIZONTAL PARA ELETRODUTO 3/4\""},{"$f":"'COMP. LOG'!G106","v":"UN"},8,{"$f":"'COMP. LOG'!G113","v":8.34},10.19,81.52]
[15,{"$f":"IF(OR(C404=1,D404=1),SUMIF($A$25:A404,A404,$C$25:C404),\"\")","v":90},1,"",null,"15.90",{"$f":"'COMP. ELETRICO '!B270","v":"ELE 022"},"PRÓPRIO",{"$f":"'COMP. ELETRICO '!C270","v":"FORNECIMENTO E INSTALAÇÃO DE CONECTOR DE ALUMINIO TIPO PRENSA CABO, BITOLA 3/4\", PARA CABOS DE DIAMETRO DE 17,5 A 20 MM                                                                                                                                                                                                                                                                                                                                                                                                                "},{"$f":"'COMP. ELETRICO '!G270","v":"UN"},20,{"$f":"'COMP. ELETRICO '!G276","v":20.25},24.75,495]
[15,{"$f":"IF(OR(C405=1,D405=1),SUMIF($A$25:A405,A405,$C$25:C405),\"\")","v":91},1,"",null,"15.91",{"$f":"'COMP. ELETRICO '!B278","v":"ELE 023"},"PRÓPRIO",{"$f":"'COMP. ELETRICO '!C278","v":"FORNECIMENTO E INSTALAÇÃO DE CONECTOR DE ALUMINIO TIPO PRENSA CABO, BITOLA 1\", PARA CABOS DE DIAMETRO DE 22,5 A 25 MM                                                                                                                                                                                                                                                                                                                                                                                                                  "},{"$f":"'COMP. ELETRICO '!G278","v":"UN"},10,{"$f":"'COMP. ELETRICO '!G284","v":25.349999999999998},30.98,{"$f":"IF($Q$2=\"OUTROS\",TRUNC(M405*K405,2),ROUND(M405*K405,2))","v":309.8}]
[15,{"$f":"IF(OR(C406=1,D406=1),SUMIF($A$25:A406,A406,$C$25:C406),\"\")","v":""},"","",null,""]
[16,{"$f":"IF(OR(C407=1,D407=1),SUMIF($A$25:A407,A407,$C$25:C407),\"\")","v":0},"",1,null,{"$f":"IF(B407<>\"\",A407&\".\"&B407,\"\")","v":"16.0"},null,null,"SPDA",null,null,null,null,{"$f":"SUM(N408:N431)","v":36313.68}]
[16,{"$f":"IF(OR(C408=1,D408=1),SUMIF($A$25:A408,A408,$C$25:C408),\"\")","v":1},1,"",null,"16.1",92988,{"$f":"IF(G408>=\"AMM\",\"PRÓPRIO\",\"SINAPI\")","v":"SINAPI"},{"$f":"VLOOKUP($G408,IF(LEFT($G408,3)=\"AMM\",COMPOSIÇÕES!$B$1:$E$4233,'BANCO DE DADOS DEZ-24  SERV'!$B$2:$F$7984),2,FALSE)","v":"CABO DE COBRE FLEXÍVEL ISOLADO, 50 MM², ANTI-CHAMA 0,6/1,0 KV, PARA REDE ENTERRADA DE DISTRIBUIÇÃO DE ENERGIA ELÉTRICA - FORNECIMENTO E INSTALAÇÃO. AF_12/2021"},{"$f":"VLOOKUP($G408,IF(LEFT($G408,3)=\"AMM\",COMPOSIÇÕES!$B$1:$E$4233,'BANCO DE DADOS DEZ-24  SERV'!$B$2:$F$7984),3,FALSE)","v":"M"},2,{"$f":"VLOOKUP($G408,IF(LEFT($G408,3)=\"AMM\",COMPOSIÇÕES!$B$1:$E$4233,'BANCO DE DADOS DEZ-24  SERV'!$B$2:$F$7984),4,FALSE)","v":60.03},{"$f":"IF($Q$2=\"OUTROS\",TRUNC(L408*(1+$N$7),2),ROUND(L408*(1+$N$7),2))","v":73.37},{"$f":"IF($Q$2=\"OUTROS\",TRUNC(M408*K408,2),ROUND(M408*K408,2))","v":146.74}]
[16,{"$f":"IF(OR(C409=1,D409=1),SUMIF($A$25:A409,A409,$C$25:C409),\"\")","v":2},1,"",null,"16.2",91872,"SINAPI",{"$f":"VLOOKUP($G409,IF(LEFT($G409,3)=\"AMM\",COMPOSIÇÕES!$B$1:$E$4233,'BANCO DE DADOS DEZ-24  SERV'!$B$2:$F$7984),2,FALSE)","v":"ELETRODUTO RÍGIDO ROSCÁVEL, PVC, DN 32 MM (1\"), PARA CIRCUITOS TERMINAIS, INSTALADO EM PAREDE - FORNECIMENTO E INSTALAÇÃO. AF_03/2023"},{"$f":"VLOOKUP($G409,IF(LEFT($G409,3)=\"AMM\",COMPOSIÇÕES!$B$1:$E$4233,'BANCO DE DADOS DEZ-24  SERV'!$B$2:$F$7984),3,FALSE)","v":"M"},24,{"$f":"VLOOKUP($G409,IF(LEFT($G409,3)=\"AMM\",COMPOSIÇÕES!$B$1:$E$4233,'BANCO DE DADOS DEZ-24  SERV'!$B$2:$F$7984),4,FALSE)","v":17.440000000000001},21.31,511.44]
[16,{"$f":"IF(OR(C410=1,D410=1),SUMIF($A$25:A410,A410,$C$25:C410),\"\")","v":3},1,"",null,"16.3",96985,"SINAPI",{"$f":"VLOOKUP($G410,IF(LEFT($G410,3)=\"AMM\",COMPOSIÇÕES!$B$1:$E$4233,'BANCO DE DADOS DEZ-24  SERV'!$B$2:$F$7984),2,FALSE)","v":"HASTE DE ATERRAMENTO, DIÂMETRO 5/8\", COM 3 METROS - FORNECIMENTO E INSTALAÇÃO. AF_08/2023"},{"$f":"VLOOKUP($G410,IF(LEFT($G410,3)=\"AMM\",COMPOSIÇÕES!$B$1:$E$4233,'BANCO DE DADOS DEZ-24  SERV'!$B$2:$F$7984),3,FALSE)","v":"UN"},27,{"$f":"VLOOKUP($G410,IF(LEFT($G410,3)=\"AMM\",COMPOSIÇÕES!$B$1:$E$4233,'BANCO DE DADOS DEZ-24  SERV'!$B$2:$F$7984),4,FALSE)","v":66.38},81.13,2190.5100000000002]
[16,{"$f":"IF(OR(C411=1,D411=1),SUMIF($A$25:A411,A411,$C$25:C411),\"\")","v":4},1,"",null,"16.4",98111,"SINAPI",{"$f":"VLOOKUP($G411,IF(LEFT($G411,3)=\"AMM\",COMPOSIÇÕES!$B$1:$E$4233,'BANCO DE DADOS DEZ-24  SERV'!$B$2:$F$7984),2,FALSE)","v":"CAIXA DE INSPEÇÃO PARA ATERRAMENTO, CIRCULAR, EM POLIETILENO, DIÂMETRO INTERNO = 0,3 M. AF_12/2020"},{"$f":"VLOOKUP($G411,IF(LEFT($G411,3)=\"AMM\",COMPOSIÇÕES!$B$1:$E$4233,'BANCO DE DADOS DEZ-24  SERV'!$B$2:$F$7984),3,FALSE)","v":"UN"},8,{"$f":"VLOOKUP($G411,IF(LEFT($G411,3)=\"AMM\",COMPOSIÇÕES!$B$1:$E$4233,'BANCO DE DADOS DEZ-24  SERV'!$B$2:$F$7984),4,FALSE)","v":51.21},62.59,500.72]
[16,{"$f":"IF(OR(C412=1,D412=1),SUMIF($A$25:A412,A412,$C$25:C412),\"\")","v":5},1,"",null,{"$f":"IF(B412<>\"\",A412&\".\"&B412,\"\")","v":"16.5"},96973,"SINAPI",{"$f":"VLOOKUP($G412,IF(LEFT($G412,3)=\"AMM\",COMPOSIÇÕES!$B$1:$E$4233,'BANCO DE DADOS DEZ-24  SERV'!$B$2:$F$7984),2,FALSE)","v":"CORDOALHA DE COBRE NU 35 MM², NÃO ENTERRADA, COM ISOLADOR - FORNECIMENTO E INSTALAÇÃO. AF_08/2023"},{"$f":"VLOOKUP($G412,IF(LEFT($G412,3)=\"AMM\",COMPOSIÇÕES!$B$1:$E$4233,'BANCO DE DADOS DEZ-24  SERV'!$B$2:$F$7984),3,FALSE)","v":"M"},186,{"$f":"VLOOKUP($G412,IF(LEFT($G412,3)=\"AMM\",COMPOSIÇÕES!$B$1:$E$4233,'BANCO DE DADOS DEZ-24  SERV'!$B$2:$F$7984),4,FALSE)","v":72.3},88.37,{"$f":"IF($Q$2=\"OUTROS\",TRUNC(M412*K412,2),ROUND(M412*K412,2))","v":16436.82}]
[16,{"$f":"IF(OR(C413=1,D413=1),SUMIF($A$25:A413,A413,$C$25:C413),\"\")","v":6},1,"",null,"16.6",96977,{"$f":"IF(G413>=\"AMM\",\"PRÓPRIO\",\"SINAPI\")","v":"SINAPI"},{"$f":"VLOOKUP($G413,IF(LEFT($G413,3)=\"AMM\",COMPOSIÇÕES!$B$1:$E$4233,'BANCO DE DADOS DEZ-24  SERV'!$B$2:$F$7984),2,FALSE)","v":"CORDOALHA DE COBRE NU 50 MM², ENTERRADA - FORNECIMENTO E INSTALAÇÃO. AF_08/2023"},{"$f":"VLOOKUP($G413,IF(LEFT($G413,3)=\"AMM\",COMPOSIÇÕES!$B$1:$E$4233,'BANCO DE DADOS DEZ-24  SERV'!$B$2:$F$7984),3,FALSE)","v":"M"},110,{"$f":"VLOOKUP($G413,IF(LEFT($G413,3)=\"AMM\",COMPOSIÇÕES!$B$1:$E$4233,'BANCO DE DADOS DEZ-24  SERV'!$B$2:$F$7984),4,FALSE)","v":62.47},76.349999999999994,8398.5]
[16,{"$f":"IF(OR(C414=1,D414=1),SUMIF($A$25:A414,A414,$C$25:C414),\"\")","v":7},1,"",null,"16.7",104751,"SINAPI",{"$f":"VLOOKUP($G414,IF(LEFT($G414,3)=\"AMM\",COMPOSIÇÕES!$B$1:$E$4233,'BANCO DE DADOS DEZ-24  SERV'!$B$2:$F$7984),2,FALSE)","v":"CONECTOR GRAMPO PARALELO METÁLICO, PARA SPDA, PARA CABOS DE 6 A 50 MM2 - FORNECIMENTO E INSTALAÇÃO. AF_08/2023"},{"$f":"VLOOKUP($G414,IF(LEFT($G414,3)=\"AMM\",COMPOSIÇÕES!$B$1:$E$4233,'BANCO DE DADOS DEZ-24  SERV'!$B$2:$F$7984),3,FALSE)","v":"UN"},8,{"$f":"VLOOKUP($G414,IF(LEFT($G414,3)=\"AMM\",COMPOSIÇÕES!$B$1:$E$4233,'BANCO DE DADOS DEZ-24  SERV'!$B$2:$F$7984),4,FALSE)","v":19.63},23.99,191.92]
[16,{"$f":"IF(OR(C415=1,D415=1),SUMIF($A$25:A415,A415,$C$25:C415),\"\")","v":8},1,"",null,"16.8",104750,"SINAPI",{"$f":"VLOOKUP($G415,IF(LEFT($G415,3)=\"AMM\",COMPOSIÇÕES!$B$1:$E$4233,'BANCO DE DADOS DEZ-24  SERV'!$B$2:$F$7984),2,FALSE)","v":"CONECTOR GRAMPO METÁLICO TIPO OLHAL, PARA SPDA, PARA HASTE DE ATERRAMENTO DE 5/8'' E CABOS DE 10 A 50 MM2 - FORNECIMENTO E INSTALAÇÃO. AF_08/2023"},{"$f":"VLOOKUP($G415,IF(LEFT($G415,3)=\"AMM\",COMPOSIÇÕES!$B$1:$E$4233,'BANCO DE DADOS DEZ-24  SERV'!$B$2:$F$7984),3,FALSE)","v":"UN"},27,{"$f":"VLOOKUP($G415,IF(LEFT($G415,3)=\"AMM\",COMPOSIÇÕES!$B$1:$E$4233,'BANCO DE DADOS DEZ-24  SERV'!$B$2:$F$7984),4,FALSE)","v":14.21},17.36,468.72]
[16,{"$f":"IF(OR(C416=1,D416=1),SUMIF($A$25:A416,A416,$C$25:C416),\"\")","v":9},1,"",null,"16.9",104752,"SINAPI",{"$f":"VLOOKUP($G416,IF(LEFT($G416,3)=\"AMM\",COMPOSIÇÕES!$B$1:$E$4233,'BANCO DE DADOS DEZ-24  SERV'!$B$2:$F$7984),2,FALSE)","v":"CONECTOR SPLIT-BOLT, PARA SPDA, PARA CABOS ATÉ 35 MM2 - FORNECIMENTO E INSTALAÇÃO. AF_08/2023"},{"$f":"VLOOKUP($G416,IF(LEFT($G416,3)=\"AMM\",COMPOSIÇÕES!$B$1:$E$4233,'BANCO DE DADOS DEZ-24  SERV'!$B$2:$F$7984),3,FALSE)","v":"UN"},8,{"$f":"VLOOKUP($G416,IF(LEFT($G416,3)=\"AMM\",COMPOSIÇÕES!$B$1:$E$4233,'BANCO DE DADOS DEZ-24  SERV'!$B$2:$F$7984),4,FALSE)","v":21.73},26.56,212.48]
[16,{"$f":"IF(OR(C417=1,D417=1),SUMIF($A$25:A417,A417,$C$25:C417),\"\")","v":10},1,"",null,{"$f":"IF(B417<>\"\",A417&\".\"&B417,\"\")","v":"16.10"},104753,"SINAPI",{"$f":"VLOOKUP($G417,IF(LEFT($G417,3)=\"AMM\",COMPOSIÇÕES!$B$1:$E$4233,'BANCO DE DADOS DEZ-24  SERV'!$B$2:$F$7984),2,FALSE)","v":"CONECTOR SPLIT-BOLT, PARA SPDA, PARA CABOS ATÉ 50 MM2 - FORNECIMENTO E INSTALAÇÃO. AF_08/2023"},{"$f":"VLOOKUP($G417,IF(LEFT($G417,3)=\"AMM\",COMPOSIÇÕES!$B$1:$E$4233,'BANCO DE DADOS DEZ-24  SERV'!$B$2:$F$7984),3,FALSE)","v":"UN"},8,{"$f":"VLOOKUP($G417,IF(LEFT($G417,3)=\"AMM\",COMPOSIÇÕES!$B$1:$E$4233,'BANCO DE DADOS DEZ-24  SERV'!$B$2:$F$7984),4,FALSE)","v":26.84},32.799999999999997,{"$f":"IF($Q$2=\"OUTROS\",TRUNC(M417*K417,2),ROUND(M417*K417,2))","v":262.39999999999998}]
[16,{"$f":"IF(OR(C418=1,D418=1),SUMIF($A$25:A418,A418,$C$25:C418),\"\")","v":11},1,"",null,{"$f":"IF(B418<>\"\",A418&\".\"&B418,\"\")","v":"16.11"},93358,"SINAPI",{"$f":"VLOOKUP($G418,IF(LEFT($G418,3)=\"AMM\",COMPOSIÇÕES!$B$1:$E$4233,'BANCO DE DADOS DEZ-24  SERV'!$B$2:$F$7984),2,FALSE)","v":"ESCAVAÇÃO MANUAL DE VALA. AF_09/2024"},{"$f":"VLOOKUP($G418,IF(LEFT($G418,3)=\"AMM\",COMPOSIÇÕES!$B$1:$E$4233,'BANCO DE DADOS DEZ-24  SERV'!$B$2:$F$7984),3,FALSE)","v":"M3"},16.5,{"$f":"VLOOKUP($G418,IF(LEFT($G418,3)=\"AMM\",COMPOSIÇÕES!$B$1:$E$4233,'BANCO DE DADOS DEZ-24  SERV'!$B$2:$F$7984),4,FALSE)","v":80.38},98.24,{"$f":"IF($Q$2=\"OUTROS\",TRUNC(M418*K418,2),ROUND(M418*K418,2))","v":1620.96}]
[16,{"$f":"IF(OR(C419=1,D419=1),SUMIF($A$25:A419,A419,$C$25:C419),\"\")","v":12},1,"",null,{"$f":"IF(B419<>\"\",A419&\".\"&B419,\"\")","v":"16.12"},93382,{"$f":"IF(G419>=\"AMM\",\"PRÓPRIO\",\"SINAPI\")","v":"SINAPI"},{"$f":"VLOOKUP($G419,IF(LEFT($G419,3)=\"AMM\",COMPOSIÇÕES!$B$1:$E$4233,'BANCO DE DADOS DEZ-24  SERV'!$B$2:$F$7984),2,FALSE)","v":"REATERRO MANUAL DE VALAS, COM COMPACTADOR DE SOLOS DE PERCUSSÃO. AF_08/2023"},{"$f":"VLOOKUP($G419,IF(LEFT($G419,3)=\"AMM\",COMPOSIÇÕES!$B$1:$E$4233,'BANCO DE DADOS DEZ-24  SERV'!$B$2:$F$7984),3,FALSE)","v":"M3"},16.5,{"$f":"VLOOKUP($G419,IF(LEFT($G419,3)=\"AMM\",COMPOSIÇÕES!$B$1:$E$4233,'BANCO DE DADOS DEZ-24  SERV'!$B$2:$F$7984),4,FALSE)","v":23.73},29,{"$f":"IF($Q$2=\"OUTROS\",TRUNC(M419*K419,2),ROUND(M419*K419,2))","v":478.5}]
[16,{"$f":"IF(OR(C420=1,D420=1),SUMIF($A$25:A420,A420,$C$25:C420),\"\")","v":""},"","",null,"",null,null,"COMPOSIÇÕES SPDA"]
[16,{"$f":"IF(OR(C421=1,D421=1),SUMIF($A$25:A421,A421,$C$25:C421),\"\")","v":13},1,"",null,"16.13",{"$f":"'COMP. SPDA '!B20","v":"SPDA 001"},{"$f":"IF(G421>=\"AMM\",\"PRÓPRIO\",\"SINAPI\")","v":"PRÓPRIO"},{"$f":"'COMP. SPDA '!C20","v":"FORNECIMENTO E INSTALAÇÃO DE CAIXA DE EQUALIZAÇÃO DE EMBUTIR, COM BARRAMENTO E 9 TERMINAIS, APROX. 26X26X10 CM"},{"$f":"'COMP. SPDA '!G20","v":"UN"},1,{"$f":"'COMP. SPDA '!G26","v":419.99},{"$f":"IF($Q$2=\"OUTROS\",TRUNC(L421*(1+$N$7),2),ROUND(L421*(1+$N$7),2))","v":513.35},{"$f":"IF($Q$2=\"OUTROS\",TRUNC(M421*K421,2),ROUND(M421*K421,2))","v":513.35}]
[16,{"$f":"IF(OR(C422=1,D422=1),SUMIF($A$25:A422,A422,$C$25:C422),\"\")","v":14},1,"",null,"16.14",{"$f":"'COMP. SPDA '!B35","v":"SPDA 002"},"PRÓPRIO",{"$f":"'COMP. SPDA '!C35","v":"FORNECIMENTO E INSTALAÇÃO DE CONECTOR DE MEDIÇÃO C/ 2 PARAFUSOS"},{"$f":"'COMP. SPDA '!G35","v":"UN"},8,{"$f":"'COMP. SPDA '!G42","v":28.99},35.43,283.44]
[16,{"$f":"IF(OR(C423=1,D423=1),SUMIF($A$25:A423,A423,$C$25:C423),\"\")","v":15},1,"",null,"16.15",{"$f":"'COMP. SPDA '!B51","v":"SPDA 003"},"PRÓPRIO",{"$f":"'COMP. SPDA '!C51","v":"FORNECIMENTO E INSTALAÇÃO DE SOLDA EXOTÉRMICA CABO-HASTE COM CARTUCHO Nº 90 E MOLDE CABO 35mm²- HASTE 5/8\" "},{"$f":"'COMP. SPDA '!G51","v":"UN"},8,{"$f":"'COMP. SPDA '!G60","v":34.61},42.3,338.4]
[16,{"$f":"IF(OR(C424=1,D424=1),SUMIF($A$25:A424,A424,$C$25:C424),\"\")","v":16},1,"",null,"16.16",{"$f":"'COMP. SPDA '!B83","v":"SPDA 004"},"PRÓPRIO",{"$f":"'COMP. SPDA '!C83","v":"FORNECIMENTO E INSTALAÇÃO DE SOLDA EXOTÉRMICA CABO-HASTE COM CARTUCHO Nº115 E MOLDE CABO 50mm²-  HASTE 5/8\" "},{"$f":"'COMP. SPDA '!G83","v":"UN"},27,{"$f":"'COMP. SPDA '!G92","v":41},50.11,1352.97]
[16,{"$f":"IF(OR(C425=1,D425=1),SUMIF($A$25:A425,A425,$C$25:C425),\"\")","v":17},1,"",null,"16.17",{"$f":"'COMP. SPDA '!B115","v":"SPDA 005"},"PRÓPRIO",{"$f":"'COMP. SPDA '!C115","v":"FORNECIMENTO E INSTALAÇÃO DE SOLDA EXOTÉRMICA CABO-CABO COM CARTUCHO Nº 32 E MOLDE TIPO \"T\" CABO 35mm²- CABO 35mm²"},{"$f":"'COMP. SPDA '!G115","v":"UN"},10,{"$f":"'COMP. SPDA '!G124","v":23.68},28.94,289.39999999999998]
[16,{"$f":"IF(OR(C426=1,D426=1),SUMIF($A$25:A426,A426,$C$25:C426),\"\")","v":18},1,"",null,"16.18",{"$f":"'COMP. SPDA '!B147","v":"SPDA 006"},"PRÓPRIO",{"$f":"'COMP. SPDA '!C147","v":"FORNECIMENTO E INSTALAÇÃO DE ABRACADEIRA EM ACO PARA AMARRACAO DE ELETRODUTOS, TIPO D, COM 1\" E PARAFUSO DE FIXACAO                                                                                                                                                                                                                                                                                                                                                                                                                    "},{"$f":"'COMP. SPDA '!G147","v":"UN"},32,{"$f":"'COMP. SPDA '!G153","v":9.0399999999999991},11.04,353.28]
[16,{"$f":"IF(OR(C427=1,D427=1),SUMIF($A$25:A427,A427,$C$25:C427),\"\")","v":19},1,"",null,"16.19",{"$f":"'COMP. SPDA '!B155","v":"SPDA 007"},"PRÓPRIO",{"$f":"'COMP. SPDA '!C155","v":"FORNECIMENTO E INSTALAÇÃO DE SOLDA EXOTÉRMICA CABO-CABO, CABO DE 35mm²  TIPO \"X\"(COM MOLDE)"},{"$f":"'COMP. SPDA '!G155","v":"UN"},6,{"$f":"'COMP. SPDA '!G164","v":36.6},44.73,268.38]
[16,{"$f":"IF(OR(C428=1,D428=1),SUMIF($A$25:A428,A428,$C$25:C428),\"\")","v":20},1,"",null,"16.20",{"$f":"'COMP. SPDA '!B187","v":"SPDA 008"},"PRÓPRIO",{"$f":"'COMP. SPDA '!C187","v":"FORNECIMENTO E INSTALAÇÃO DE REBITE POP EM ALUMÍNIO 4 X 16MM"},{"$f":"'COMP. SPDA '!G187","v":"UN"},138,{"$f":"'COMP. SPDA '!G193","v":1.61},1.96,270.48]
[16,{"$f":"IF(OR(C429=1,D429=1),SUMIF($A$25:A429,A429,$C$25:C429),\"\")","v":21},1,"",null,"16.21",{"$f":"'COMP. SPDA '!B202","v":"SPDA 009"},"PRÓPRIO",{"$f":"'COMP. SPDA '!C202","v":"FORNECIMENTO E INSTALAÇÃO DE PRESILHA DE LATÃO 35MM²"},{"$f":"'COMP. SPDA '!G202","v":"UN"},84,{"$f":"'COMP. SPDA '!G210","v":4.6199999999999992},5.64,473.76]
[{"$f":"IF(LEN(D430),OFFSET(A430,-1,0)+1,OFFSET(A430,-1,0))","v":16},{"$f":"IF(OR(C430=1,D430=1),SUMIF($A$25:A430,A430,$C$25:C430),\"\")","v":22},{"$f":"IF(G430>0,1,\"\")","v":1},{"$f":"IF(AND(CONCATENATE(G430,I430,J430,K430,L430,M430,N430)=I430&N430,CONCATENATE(G430,I430,J430,K430,L430,M430,N430)<>\"\",N430<>\"\"),1,\"\")","v":""},null,"16.22",{"$f":"'COMP. SPDA '!B222","v":"SPDA 10"},"PRÓPRIO",{"$f":"'COMP. SPDA '!C222","v":"TERMINAL OU CONECTOR DE PRESSAO - PARA CABO 50MM2 - FORNECIMENTO E INSTALACAO"},{"$f":"'COMP. SPDA '!G222","v":"UN"},1,{"$f":"'COMP. SPDA '!G229","v":19.149999999999999},23.4,{"$f":"IF($Q$2=\"OUTROS\",TRUNC(M430*K430,2),ROUND(M430*K430,2))","v":23.4}]
[16,{"$f":"IF(OR(C431=1,D431=1),SUMIF($A$25:A431,A431,$C$25:C431),\"\")","v":23},1,"",null,{"$f":"IF(B431<>\"\",A431&\".\"&B431,\"\")","v":"16.23"},{"$f":"'COMP. SPDA '!B231","v":"SPDA 11"},"PRÓPRIO",{"$f":"'COMP. SPDA '!C231","v":"TERMINAL AEREO EM ACO GALVANIZADO COM BASE DE FIXACAO H = 30CM"},{"$f":"'COMP. SPDA '!G231","v":"UN"},27,{"$f":"'COMP. SPDA '!G238","v":22.04},26.93,{"$f":"IF($Q$2=\"OUTROS\",TRUNC(M431*K431,2),ROUND(M431*K431,2))","v":727.11}]
[16,{"$f":"IF(OR(C432=1,D432=1),SUMIF($A$25:A432,A432,$C$25:C432),\"\")","v":""},"","",null,""]
[17,{"$f":"IF(OR(C433=1,D433=1),SUMIF($A$25:A433,A433,$C$25:C433),\"\")","v":0},"",1,null,{"$f":"IF(B433<>\"\",A433&\".\"&B433,\"\")","v":"17.0"},null,null,"LÓGICA",null,null,null,null,{"$f":"SUM(N434:N492)","v":38552.15}]
[17,{"$f":"IF(OR(C434=1,D434=1),SUMIF($A$25:A434,A434,$C$25:C434),\"\")","v":1},1,"",null,{"$f":"IF(B434<>\"\",A434&\".\"&B434,\"\")","v":"17.1"},98307,{"$f":"IF(G434>=\"AMM\",\"PRÓPRIO\",\"SINAPI\")","v":"SINAPI"},{"$f":"VLOOKUP($G434,IF(LEFT($G434,3)=\"AMM\",COMPOSIÇÕES!$B$1:$E$4233,'BANCO DE DADOS DEZ-24  SERV'!$B$2:$F$7984),2,FALSE)","v":"TOMADA DE REDE RJ45 - FORNECIMENTO E INSTALAÇÃO. AF_11/2019"},{"$f":"VLOOKUP($G434,IF(LEFT($G434,3)=\"AMM\",COMPOSIÇÕES!$B$1:$E$4233,'BANCO DE DADOS DEZ-24  SERV'!$B$2:$F$7984),3,FALSE)","v":"UN"},12,{"$f":"VLOOKUP($G434,IF(LEFT($G434,3)=\"AMM\",COMPOSIÇÕES!$B$1:$E$4233,'BANCO DE DADOS DEZ-24  SERV'!$B$2:$F$7984),4,FALSE)","v":45.03},{"$f":"IF($Q$2=\"OUTROS\",TRUNC(L434*(1+$N$7),2),ROUND(L434*(1+$N$7),2))","v":55.04},{"$f":"IF($Q$2=\"OUTROS\",TRUNC(M434*K434,2),ROUND(M434*K434,2))","v":660.48}]
[17,{"$f":"IF(OR(C435=1,D435=1),SUMIF($A$25:A435,A435,$C$25:C435),\"\")","v":2},1,"",null,"17.2",98297,"SINAPI",{"$f":"VLOOKUP($G435,IF(LEFT($G435,3)=\"AMM\",COMPOSIÇÕES!$B$1:$E$4233,'BANCO DE DADOS DEZ-24  SERV'!$B$2:$F$7984),2,FALSE)","v":"CABO ELETRÔNICO CATEGORIA 6, INSTALADO EM EDIFICAÇÃO INSTITUCIONAL - FORNECIMENTO E INSTALAÇÃO. AF_11/2019"},{"$f":"VLOOKUP($G435,IF(LEFT($G435,3)=\"AMM\",COMPOSIÇÕES!$B$1:$E$4233,'BANCO DE DADOS DEZ-24  SERV'!$B$2:$F$7984),3,FALSE)","v":"M"},600,{"$f":"VLOOKUP($G435,IF(LEFT($G435,3)=\"AMM\",COMPOSIÇÕES!$B$1:$E$4233,'BANCO DE DADOS DEZ-24  SERV'!$B$2:$F$7984),4,FALSE)","v":11.46},14,8400]
[17,{"$f":"IF(OR(C436=1,D436=1),SUMIF($A$25:A436,A436,$C$25:C436),\"\")","v":3},1,"",null,{"$f":"IF(B436<>\"\",A436&\".\"&B436,\"\")","v":"17.3"},98304,{"$f":"IF(G436>=\"AMM\",\"PRÓPRIO\",\"SINAPI\")","v":"SINAPI"},{"$f":"VLOOKUP($G436,IF(LEFT($G436,3)=\"AMM\",COMPOSIÇÕES!$B$1:$E$4233,'BANCO DE DADOS DEZ-24  SERV'!$B$2:$F$7984),2,FALSE)","v":"PATCH PANEL 48 PORTAS, CATEGORIA 6 - FORNECIMENTO E INSTALAÇÃO. AF_11/2019"},{"$f":"VLOOKUP($G436,IF(LEFT($G436,3)=\"AMM\",COMPOSIÇÕES!$B$1:$E$4233,'BANCO DE DADOS DEZ-24  SERV'!$B$2:$F$7984),3,FALSE)","v":"UN"},1,{"$f":"VLOOKUP($G436,IF(LEFT($G436,3)=\"AMM\",COMPOSIÇÕES!$B$1:$E$4233,'BANCO DE DADOS DEZ-24  SERV'!$B$2:$F$7984),4,FALSE)","v":3654.6},4467.01,{"$f":"IF($Q$2=\"OUTROS\",TRUNC(M436*K436,2),ROUND(M436*K436,2))","v":4467.01}]
[17,{"$f":"IF(OR(C437=1,D437=1),SUMIF($A$25:A437,A437,$C$25:C437),\"\")","v":4},1,"",null,"17.4",98305,"SINAPI",{"$f":"VLOOKUP($G437,IF(LEFT($G437,3)=\"AMM\",COMPOSIÇÕES!$B$1:$E$4233,'BANCO DE DADOS DEZ-24  SERV'!$B$2:$F$7984),2,FALSE)","v":"RACK FECHADO PARA SERVIDOR - FORNECIMENTO E INSTALAÇÃO. AF_11/2019"},{"$f":"VLOOKUP($G437,IF(LEFT($G437,3)=\"AMM\",COMPOSIÇÕES!$B$1:$E$4233,'BANCO DE DADOS DEZ-24  SERV'!$B$2:$F$7984),3,FALSE)","v":"UN"},1,{"$f":"VLOOKUP($G437,IF(LEFT($G437,3)=\"AMM\",COMPOSIÇÕES!$B$1:$E$4233,'BANCO DE DADOS DEZ-24  SERV'!$B$2:$F$7984),4,FALSE)","v":2683.94},3280.57,3280.57]
[17,{"$f":"IF(OR(C438=1,D438=1),SUMIF($A$25:A438,A438,$C$25:C438),\"\")","v":5},1,"",null,{"$f":"IF(B438<>\"\",A438&\".\"&B438,\"\")","v":"17.5"},98306,{"$f":"IF(G438>=\"AMM\",\"PRÓPRIO\",\"SINAPI\")","v":"SINAPI"},{"$f":"VLOOKUP($G438,IF(LEFT($G438,3)=\"AMM\",COMPOSIÇÕES!$B$1:$E$4233,'BANCO DE DADOS DEZ-24  SERV'!$B$2:$F$7984),2,FALSE)","v":"BLOCO DE ENGATE RÁPIDO PARA BASTIDOR TIPO M10 - FORNECIMENTO E INSTALAÇÃO. AF_11/2019"},{"$f":"VLOOKUP($G438,IF(LEFT($G438,3)=\"AMM\",COMPOSIÇÕES!$B$1:$E$4233,'BANCO DE DADOS DEZ-24  SERV'!$B$2:$F$7984),3,FALSE)","v":"UN"},2,{"$f":"VLOOKUP($G438,IF(LEFT($G438,3)=\"AMM\",COMPOSIÇÕES!$B$1:$E$4233,'BANCO DE DADOS DEZ-24  SERV'!$B$2:$F$7984),4,FALSE)","v":61.8},75.53,{"$f":"IF($Q$2=\"OUTROS\",TRUNC(M438*K438,2),ROUND(M438*K438,2))","v":151.06}]
[17,{"$f":"IF(OR(C439=1,D439=1),SUMIF($A$25:A439,A439,$C$25:C439),\"\")","v":6},1,"",null,{"$f":"IF(B439<>\"\",A439&\".\"&B439,\"\")","v":"17.6"},100556,{"$f":"IF(G439>=\"AMM\",\"PRÓPRIO\",\"SINAPI\")","v":"SINAPI"},{"$f":"VLOOKUP($G439,IF(LEFT($G439,3)=\"AMM\",COMPOSIÇÕES!$B$1:$E$4233,'BANCO DE DADOS DEZ-24  SERV'!$B$2:$F$7984),2,FALSE)","v":"CAIXA DE PASSAGEM PARA TELEFONE 15X15X10CM (SOBREPOR), FORNECIMENTO E INSTALACAO. AF_11/2019"},{"$f":"VLOOKUP($G439,IF(LEFT($G439,3)=\"AMM\",COMPOSIÇÕES!$B$1:$E$4233,'BANCO DE DADOS DEZ-24  SERV'!$B$2:$F$7984),3,FALSE)","v":"UN"},1,{"$f":"VLOOKUP($G439,IF(LEFT($G439,3)=\"AMM\",COMPOSIÇÕES!$B$1:$E$4233,'BANCO DE DADOS DEZ-24  SERV'!$B$2:$F$7984),4,FALSE)","v":43.36},52.99,{"$f":"IF($Q$2=\"OUTROS\",TRUNC(M439*K439,2),ROUND(M439*K439,2))","v":52.99}]
[17,{"$f":"IF(OR(C440=1,D440=1),SUMIF($A$25:A440,A440,$C$25:C440),\"\")","v":7},1,"",null,{"$f":"IF(B440<>\"\",A440&\".\"&B440,\"\")","v":"17.7"},101795,{"$f":"IF(G440>=\"AMM\",\"PRÓPRIO\",\"SINAPI\")","v":"SINAPI"},{"$f":"VLOOKUP($G440,IF(LEFT($G440,3)=\"AMM\",COMPOSIÇÕES!$B$1:$E$4233,'BANCO DE DADOS DEZ-24  SERV'!$B$2:$F$7984),2,FALSE)","v":"CAIXA ENTERRADA PARA INSTALAÇÕES TELEFÔNICAS TIPO R1, EM ALVENARIA COM BLOCOS DE CONCRETO, DIMENSÕES INTERNAS: 0,35X0,60X0,60 M, EXCLUINDO TAMPÃO. AF_12/2020"},{"$f":"VLOOKUP($G440,IF(LEFT($G440,3)=\"AMM\",COMPOSIÇÕES!$B$1:$E$4233,'BANCO DE DADOS DEZ-24  SERV'!$B$2:$F$7984),3,FALSE)","v":"UN"},1,{"$f":"VLOOKUP($G440,IF(LEFT($G440,3)=\"AMM\",COMPOSIÇÕES!$B$1:$E$4233,'BANCO DE DADOS DEZ-24  SERV'!$B$2:$F$7984),4,FALSE)","v":611.07000000000005},746.91,{"$f":"IF($Q$2=\"OUTROS\",TRUNC(M440*K440,2),ROUND(M440*K440,2))","v":746.91}]
[17,{"$f":"IF(OR(C441=1,D441=1),SUMIF($A$25:A441,A441,$C$25:C441),\"\")","v":8},1,"",null,{"$f":"IF(B441<>\"\",A441&\".\"&B441,\"\")","v":"17.8"},101798,{"$f":"IF(G441>=\"AMM\",\"PRÓPRIO\",\"SINAPI\")","v":"SINAPI"},{"$f":"VLOOKUP($G441,IF(LEFT($G441,3)=\"AMM\",COMPOSIÇÕES!$B$1:$E$4233,'BANCO DE DADOS DEZ-24  SERV'!$B$2:$F$7984),2,FALSE)","v":"TAMPA PARA CAIXA TIPO R1, EM FERRO FUNDIDO, DIMENSÕES INTERNAS: 0,40 X 0,60 M - FORNECIMENTO E INSTALAÇÃO. AF_12/2020"},{"$f":"VLOOKUP($G441,IF(LEFT($G441,3)=\"AMM\",COMPOSIÇÕES!$B$1:$E$4233,'BANCO DE DADOS DEZ-24  SERV'!$B$2:$F$7984),3,FALSE)","v":"UN"},1,{"$f":"VLOOKUP($G441,IF(LEFT($G441,3)=\"AMM\",COMPOSIÇÕES!$B$1:$E$4233,'BANCO DE DADOS DEZ-24  SERV'!$B$2:$F$7984),4,FALSE)","v":253.08},309.33,{"$f":"IF($Q$2=\"OUTROS\",TRUNC(M441*K441,2),ROUND(M441*K441,2))","v":309.33}]
[17,{"$f":"IF(OR(C442=1,D442=1),SUMIF($A$25:A442,A442,$C$25:C442),\"\")","v":9},1,"",null,"17.9",98276,"SINAPI",{"$f":"VLOOKUP($G442,IF(LEFT($G442,3)=\"AMM\",COMPOSIÇÕES!$B$1:$E$4233,'BANCO DE DADOS DEZ-24  SERV'!$B$2:$F$7984),2,FALSE)","v":"CABO TELEFÔNICO CI-50 10 PARES INSTALADO EM PRUMADA - FORNECIMENTO E INSTALAÇÃO. AF_11/2019"},{"$f":"VLOOKUP($G442,IF(LEFT($G442,3)=\"AMM\",COMPOSIÇÕES!$B$1:$E$4233,'BANCO DE DADOS DEZ-24  SERV'!$B$2:$F$7984),3,FALSE)","v":"M"},20,{"$f":"VLOOKUP($G442,IF(LEFT($G442,3)=\"AMM\",COMPOSIÇÕES!$B$1:$E$4233,'BANCO DE DADOS DEZ-24  SERV'!$B$2:$F$7984),4,FALSE)","v":10.38},12.68,253.6]
[17,{"$f":"IF(OR(C443=1,D443=1),SUMIF($A$25:A443,A443,$C$25:C443),\"\")","v":10},1,"",null,{"$f":"IF(B443<>\"\",A443&\".\"&B443,\"\")","v":"17.10"},98400,{"$f":"IF(G443>=\"AMM\",\"PRÓPRIO\",\"SINAPI\")","v":"SINAPI"},{"$f":"VLOOKUP($G443,IF(LEFT($G443,3)=\"AMM\",COMPOSIÇÕES!$B$1:$E$4233,'BANCO DE DADOS DEZ-24  SERV'!$B$2:$F$7984),2,FALSE)","v":"CABO TELEFÔNICO CTP-APL-50 10 PARES INSTALADO EM ENTRADA DE EDIFICAÇÃO - FORNECIMENTO E INSTALAÇÃO. AF_11/2019"},{"$f":"VLOOKUP($G443,IF(LEFT($G443,3)=\"AMM\",COMPOSIÇÕES!$B$1:$E$4233,'BANCO DE DADOS DEZ-24  SERV'!$B$2:$F$7984),3,FALSE)","v":"M"},25,{"$f":"VLOOKUP($G443,IF(LEFT($G443,3)=\"AMM\",COMPOSIÇÕES!$B$1:$E$4233,'BANCO DE DADOS DEZ-24  SERV'!$B$2:$F$7984),4,FALSE)","v":16.57},20.25,{"$f":"IF($Q$2=\"OUTROS\",TRUNC(M443*K443,2),ROUND(M443*K443,2))","v":506.25}]
[17,{"$f":"IF(OR(C444=1,D444=1),SUMIF($A$25:A444,A444,$C$25:C444),\"\")","v":11},1,"",null,"17.11",100561,"SINAPI",{"$f":"VLOOKUP($G444,IF(LEFT($G444,3)=\"AMM\",COMPOSIÇÕES!$B$1:$E$4233,'BANCO DE DADOS DEZ-24  SERV'!$B$2:$F$7984),2,FALSE)","v":"QUADRO DE DISTRIBUICAO PARA TELEFONE N.3, 40X40X12CM EM CHAPA METALICA, DE EMBUTIR, SEM ACESSORIOS, PADRAO TELEBRAS, FORNECIMENTO E INSTALAÇÃO. AF_11/2019"},{"$f":"VLOOKUP($G444,IF(LEFT($G444,3)=\"AMM\",COMPOSIÇÕES!$B$1:$E$4233,'BANCO DE DADOS DEZ-24  SERV'!$B$2:$F$7984),3,FALSE)","v":"UN"},1,{"$f":"VLOOKUP($G444,IF(LEFT($G444,3)=\"AMM\",COMPOSIÇÕES!$B$1:$E$4233,'BANCO DE DADOS DEZ-24  SERV'!$B$2:$F$7984),4,FALSE)","v":217.14},265.41000000000003,265.41000000000003]
[17,{"$f":"IF(OR(C445=1,D445=1),SUMIF($A$25:A445,A445,$C$25:C445),\"\")","v":12},1,"",null,"17.12",91864,"SINAPI",{"$f":"VLOOKUP($G445,IF(LEFT($G445,3)=\"AMM\",COMPOSIÇÕES!$B$1:$E$4233,'BANCO DE DADOS DEZ-24  SERV'!$B$2:$F$7984),2,FALSE)","v":"ELETRODUTO RÍGIDO ROSCÁVEL, PVC, DN 32 MM (1\"), PARA CIRCUITOS TERMINAIS, INSTALADO EM FORRO - FORNECIMENTO E INSTALAÇÃO. AF_03/2023"},{"$f":"VLOOKUP($G445,IF(LEFT($G445,3)=\"AMM\",COMPOSIÇÕES!$B$1:$E$4233,'BANCO DE DADOS DEZ-24  SERV'!$B$2:$F$7984),3,FALSE)","v":"M"},6,{"$f":"VLOOKUP($G445,IF(LEFT($G445,3)=\"AMM\",COMPOSIÇÕES!$B$1:$E$4233,'BANCO DE DADOS DEZ-24  SERV'!$B$2:$F$7984),4,FALSE)","v":14.62},17.87,107.22]
[17,{"$f":"IF(OR(C446=1,D446=1),SUMIF($A$25:A446,A446,$C$25:C446),\"\")","v":13},1,"",null,"17.13",91872,"SINAPI",{"$f":"VLOOKUP($G446,IF(LEFT($G446,3)=\"AMM\",COMPOSIÇÕES!$B$1:$E$4233,'BANCO DE DADOS DEZ-24  SERV'!$B$2:$F$7984),2,FALSE)","v":"ELETRODUTO RÍGIDO ROSCÁVEL, PVC, DN 32 MM (1\"), PARA CIRCUITOS TERMINAIS, INSTALADO EM PAREDE - FORNECIMENTO E INSTALAÇÃO. AF_03/2023"},{"$f":"VLOOKUP($G446,IF(LEFT($G446,3)=\"AMM\",COMPOSIÇÕES!$B$1:$E$4233,'BANCO DE DADOS DEZ-24  SERV'!$B$2:$F$7984),3,FALSE)","v":"M"},3,{"$f":"VLOOKUP($G446,IF(LEFT($G446,3)=\"AMM\",COMPOSIÇÕES!$B$1:$E$4233,'BANCO DE DADOS DEZ-24  SERV'!$B$2:$F$7984),4,FALSE)","v":17.440000000000001},21.31,63.93]
[17,{"$f":"IF(OR(C447=1,D447=1),SUMIF($A$25:A447,A447,$C$25:C447),\"\")","v":14},1,"",null,{"$f":"IF(B447<>\"\",A447&\".\"&B447,\"\")","v":"17.14"},91863,{"$f":"IF(G447>=\"AMM\",\"PRÓPRIO\",\"SINAPI\")","v":"SINAPI"},{"$f":"VLOOKUP($G447,IF(LEFT($G447,3)=\"AMM\",COMPOSIÇÕES!$B$1:$E$4233,'BANCO DE DADOS DEZ-24  SERV'!$B$2:$F$7984),2,FALSE)","v":"ELETRODUTO RÍGIDO ROSCÁVEL, PVC, DN 25 MM (3/4\"), PARA CIRCUITOS TERMINAIS, INSTALADO EM FORRO - FORNECIMENTO E INSTALAÇÃO. AF_03/2023"},{"$f":"VLOOKUP($G447,IF(LEFT($G447,3)=\"AMM\",COMPOSIÇÕES!$B$1:$E$4233,'BANCO DE DADOS DEZ-24  SERV'!$B$2:$F$7984),3,FALSE)","v":"M"},21,{"$f":"VLOOKUP($G447,IF(LEFT($G447,3)=\"AMM\",COMPOSIÇÕES!$B$1:$E$4233,'BANCO DE DADOS DEZ-24  SERV'!$B$2:$F$7984),4,FALSE)","v":10.81},13.21,{"$f":"IF($Q$2=\"OUTROS\",TRUNC(M447*K447,2),ROUND(M447*K447,2))","v":277.41000000000003}]
[17,{"$f":"IF(OR(C448=1,D448=1),SUMIF($A$25:A448,A448,$C$25:C448),\"\")","v":15},1,"",null,{"$f":"IF(B448<>\"\",A448&\".\"&B448,\"\")","v":"17.15"},91871,"SINAPI",{"$f":"VLOOKUP($G448,IF(LEFT($G448,3)=\"AMM\",COMPOSIÇÕES!$B$1:$E$4233,'BANCO DE DADOS DEZ-24  SERV'!$B$2:$F$7984),2,FALSE)","v":"ELETRODUTO RÍGIDO ROSCÁVEL, PVC, DN 25 MM (3/4\"), PARA CIRCUITOS TERMINAIS, INSTALADO EM PAREDE - FORNECIMENTO E INSTALAÇÃO. AF_03/2023"},{"$f":"VLOOKUP($G448,IF(LEFT($G448,3)=\"AMM\",COMPOSIÇÕES!$B$1:$E$4233,'BANCO DE DADOS DEZ-24  SERV'!$B$2:$F$7984),3,FALSE)","v":"M"},7,{"$f":"VLOOKUP($G448,IF(LEFT($G448,3)=\"AMM\",COMPOSIÇÕES!$B$1:$E$4233,'BANCO DE DADOS DEZ-24  SERV'!$B$2:$F$7984),4,FALSE)","v":13.63},16.649999999999999,{"$f":"IF($Q$2=\"OUTROS\",TRUNC(M448*K448,2),ROUND(M448*K448,2))","v":116.55}]
[17,{"$f":"IF(OR(C449=1,D449=1),SUMIF($A$25:A449,A449,$C$25:C449),\"\")","v":16},1,"",null,{"$f":"IF(B449<>\"\",A449&\".\"&B449,\"\")","v":"17.16"},91893,{"$f":"IF(G449>=\"AMM\",\"PRÓPRIO\",\"SINAPI\")","v":"SINAPI"},{"$f":"VLOOKUP($G449,IF(LEFT($G449,3)=\"AMM\",COMPOSIÇÕES!$B$1:$E$4233,'BANCO DE DADOS DEZ-24  SERV'!$B$2:$F$7984),2,FALSE)","v":"CURVA 90 GRAUS PARA ELETRODUTO, PVC, ROSCÁVEL, DN 32 MM (1\"), PARA CIRCUITOS TERMINAIS, INSTALADA EM FORRO - FORNECIMENTO E INSTALAÇÃO. AF_03/2023"},{"$f":"VLOOKUP($G449,IF(LEFT($G449,3)=\"AMM\",COMPOSIÇÕES!$B$1:$E$4233,'BANCO DE DADOS DEZ-24  SERV'!$B$2:$F$7984),3,FALSE)","v":"UN"},3,{"$f":"VLOOKUP($G449,IF(LEFT($G449,3)=\"AMM\",COMPOSIÇÕES!$B$1:$E$4233,'BANCO DE DADOS DEZ-24  SERV'!$B$2:$F$7984),4,FALSE)","v":16.260000000000002},19.87,{"$f":"IF($Q$2=\"OUTROS\",TRUNC(M449*K449,2),ROUND(M449*K449,2))","v":59.61}]
[17,{"$f":"IF(OR(C450=1,D450=1),SUMIF($A$25:A450,A450,$C$25:C450),\"\")","v":17},1,"",null,{"$f":"IF(B450<>\"\",A450&\".\"&B450,\"\")","v":"17.17"},91890,{"$f":"IF(G450>=\"AMM\",\"PRÓPRIO\",\"SINAPI\")","v":"SINAPI"},{"$f":"VLOOKUP($G450,IF(LEFT($G450,3)=\"AMM\",COMPOSIÇÕES!$B$1:$E$4233,'BANCO DE DADOS DEZ-24  SERV'!$B$2:$F$7984),2,FALSE)","v":"CURVA 90 GRAUS PARA ELETRODUTO, PVC, ROSCÁVEL, DN 25 MM (3/4\"), PARA CIRCUITOS TERMINAIS, INSTALADA EM FORRO - FORNECIMENTO E INSTALAÇÃO. AF_03/2023"},{"$f":"VLOOKUP($G450,IF(LEFT($G450,3)=\"AMM\",COMPOSIÇÕES!$B$1:$E$4233,'BANCO DE DADOS DEZ-24  SERV'!$B$2:$F$7984),3,FALSE)","v":"UN"},12,{"$f":"VLOOKUP($G450,IF(LEFT($G450,3)=\"AMM\",COMPOSIÇÕES!$B$1:$E$4233,'BANCO DE DADOS DEZ-24  SERV'!$B$2:$F$7984),4,FALSE)","v":13.04},15.93,{"$f":"IF($Q$2=\"OUTROS\",TRUNC(M450*K450,2),ROUND(M450*K450,2))","v":191.16}]
[17,{"$f":"IF(OR(C451=1,D451=1),SUMIF($A$25:A451,A451,$C$25:C451),\"\")","v":18},1,"",null,{"$f":"IF(B451<>\"\",A451&\".\"&B451,\"\")","v":"17.18"},91876,{"$f":"IF(G451>=\"AMM\",\"PRÓPRIO\",\"SINAPI\")","v":"SINAPI"},{"$f":"VLOOKUP($G451,IF(LEFT($G451,3)=\"AMM\",COMPOSIÇÕES!$B$1:$E$4233,'BANCO DE DADOS DEZ-24  SERV'!$B$2:$F$7984),2,FALSE)","v":"LUVA PARA ELETRODUTO, PVC, ROSCÁVEL, DN 32 MM (1\"), PARA CIRCUITOS TERMINAIS, INSTALADA EM FORRO - FORNECIMENTO E INSTALAÇÃO. AF_03/2023"},{"$f":"VLOOKUP($G451,IF(LEFT($G451,3)=\"AMM\",COMPOSIÇÕES!$B$1:$E$4233,'BANCO DE DADOS DEZ-24  SERV'!$B$2:$F$7984),3,FALSE)","v":"UN"},3,{"$f":"VLOOKUP($G451,IF(LEFT($G451,3)=\"AMM\",COMPOSIÇÕES!$B$1:$E$4233,'BANCO DE DADOS DEZ-24  SERV'!$B$2:$F$7984),4,FALSE)","v":9.6},11.73,{"$f":"IF($Q$2=\"OUTROS\",TRUNC(M451*K451,2),ROUND(M451*K451,2))","v":35.19}]
[17,{"$f":"IF(OR(C452=1,D452=1),SUMIF($A$25:A452,A452,$C$25:C452),\"\")","v":19},1,"",null,"17.19",91875,"SINAPI",{"$f":"VLOOKUP($G452,IF(LEFT($G452,3)=\"AMM\",COMPOSIÇÕES!$B$1:$E$4233,'BANCO DE DADOS DEZ-24  SERV'!$B$2:$F$7984),2,FALSE)","v":"LUVA PARA ELETRODUTO, PVC, ROSCÁVEL, DN 25 MM (3/4\"), PARA CIRCUITOS TERMINAIS, INSTALADA EM FORRO - FORNECIMENTO E INSTALAÇÃO. AF_03/2023"},{"$f":"VLOOKUP($G452,IF(LEFT($G452,3)=\"AMM\",COMPOSIÇÕES!$B$1:$E$4233,'BANCO DE DADOS DEZ-24  SERV'!$B$2:$F$7984),3,FALSE)","v":"UN"},16,{"$f":"VLOOKUP($G452,IF(LEFT($G452,3)=\"AMM\",COMPOSIÇÕES!$B$1:$E$4233,'BANCO DE DADOS DEZ-24  SERV'!$B$2:$F$7984),4,FALSE)","v":7.96},9.7200000000000006,155.52000000000001]
[17,{"$f":"IF(OR(C453=1,D453=1),SUMIF($A$25:A453,A453,$C$25:C453),\"\")","v":20},1,"",null,{"$f":"IF(B453<>\"\",A453&\".\"&B453,\"\")","v":"17.20"},96562,{"$f":"IF(G453>=\"AMM\",\"PRÓPRIO\",\"SINAPI\")","v":"SINAPI"},{"$f":"VLOOKUP($G453,IF(LEFT($G453,3)=\"AMM\",COMPOSIÇÕES!$B$1:$E$4233,'BANCO DE DADOS DEZ-24  SERV'!$B$2:$F$7984),2,FALSE)","v":"SUPORTE PARA ELETROCALHA LISA OU PERFURADA EM AÇO GALVANIZADO, LARGURA 400 MM, EM PERFILADO COM COMPRIMENTO DE 45 CM FIXADO EM LAJE, POR METRO DE ELETROCALHA FIXADA. AF_09/2023"},{"$f":"VLOOKUP($G453,IF(LEFT($G453,3)=\"AMM\",COMPOSIÇÕES!$B$1:$E$4233,'BANCO DE DADOS DEZ-24  SERV'!$B$2:$F$7984),3,FALSE)","v":"M"},4.5999999999999996,{"$f":"VLOOKUP($G453,IF(LEFT($G453,3)=\"AMM\",COMPOSIÇÕES!$B$1:$E$4233,'BANCO DE DADOS DEZ-24  SERV'!$B$2:$F$7984),4,FALSE)","v":48.72},59.55,{"$f":"IF($Q$2=\"OUTROS\",TRUNC(M453*K453,2),ROUND(M453*K453,2))","v":273.93}]
[17,{"$f":"IF(OR(C454=1,D454=1),SUMIF($A$25:A454,A454,$C$25:C454),\"\")","v":21},1,"",null,{"$f":"IF(B454<>\"\",A454&\".\"&B454,\"\")","v":"17.21"},97886,{"$f":"IF(G454>=\"AMM\",\"PRÓPRIO\",\"SINAPI\")","v":"SINAPI"},{"$f":"VLOOKUP($G454,IF(LEFT($G454,3)=\"AMM\",COMPOSIÇÕES!$B$1:$E$4233,'BANCO DE DADOS DEZ-24  SERV'!$B$2:$F$7984),2,FALSE)","v":"CAIXA ENTERRADA ELÉTRICA RETANGULAR, EM ALVENARIA COM TIJOLOS CERÂMICOS MACIÇOS, FUNDO COM BRITA, DIMENSÕES INTERNAS: 0,3X0,3X0,3 M. AF_12/2020"},{"$f":"VLOOKUP($G454,IF(LEFT($G454,3)=\"AMM\",COMPOSIÇÕES!$B$1:$E$4233,'BANCO DE DADOS DEZ-24  SERV'!$B$2:$F$7984),3,FALSE)","v":"UN"},1,{"$f":"VLOOKUP($G454,IF(LEFT($G454,3)=\"AMM\",COMPOSIÇÕES!$B$1:$E$4233,'BANCO DE DADOS DEZ-24  SERV'!$B$2:$F$7984),4,FALSE)","v":171.96},210.18,{"$f":"IF($Q$2=\"OUTROS\",TRUNC(M454*K454,2),ROUND(M454*K454,2))","v":210.18}]
[17,{"$f":"IF(OR(C455=1,D455=1),SUMIF($A$25:A455,A455,$C$25:C455),\"\")","v":22},1,"",null,"17.22",95801,"SINAPI",{"$f":"VLOOKUP($G455,IF(LEFT($G455,3)=\"AMM\",COMPOSIÇÕES!$B$1:$E$4233,'BANCO DE DADOS DEZ-24  SERV'!$B$2:$F$7984),2,FALSE)","v":"CONDULETE DE ALUMÍNIO, TIPO X, PARA ELETRODUTO DE AÇO GALVANIZADO DN 20 MM (3/4''), APARENTE - FORNECIMENTO E INSTALAÇÃO. AF_10/2022"},{"$f":"VLOOKUP($G455,IF(LEFT($G455,3)=\"AMM\",COMPOSIÇÕES!$B$1:$E$4233,'BANCO DE DADOS DEZ-24  SERV'!$B$2:$F$7984),3,FALSE)","v":"UN"},12,{"$f":"VLOOKUP($G455,IF(LEFT($G455,3)=\"AMM\",COMPOSIÇÕES!$B$1:$E$4233,'BANCO DE DADOS DEZ-24  SERV'!$B$2:$F$7984),4,FALSE)","v":37.24},45.51,546.12]
[17,{"$f":"IF(OR(C456=1,D456=1),SUMIF($A$25:A456,A456,$C$25:C456),\"\")","v":23},1,"",null,"17.23",95802,"SINAPI",{"$f":"VLOOKUP($G456,IF(LEFT($G456,3)=\"AMM\",COMPOSIÇÕES!$B$1:$E$4233,'BANCO DE DADOS DEZ-24  SERV'!$B$2:$F$7984),2,FALSE)","v":"CONDULETE DE ALUMÍNIO, TIPO X, PARA ELETRODUTO DE AÇO GALVANIZADO DN 25 MM (1''), APARENTE - FORNECIMENTO E INSTALAÇÃO. AF_10/2022"},{"$f":"VLOOKUP($G456,IF(LEFT($G456,3)=\"AMM\",COMPOSIÇÕES!$B$1:$E$4233,'BANCO DE DADOS DEZ-24  SERV'!$B$2:$F$7984),3,FALSE)","v":"UN"},4,{"$f":"VLOOKUP($G456,IF(LEFT($G456,3)=\"AMM\",COMPOSIÇÕES!$B$1:$E$4233,'BANCO DE DADOS DEZ-24  SERV'!$B$2:$F$7984),4,FALSE)","v":46.22},56.49,225.96]
[17,{"$f":"IF(OR(C457=1,D457=1),SUMIF($A$25:A457,A457,$C$25:C457),\"\")","v":24},1,"",null,{"$f":"IF(B457<>\"\",A457&\".\"&B457,\"\")","v":"17.24"},91854,"SINAPI",{"$f":"VLOOKUP($G457,IF(LEFT($G457,3)=\"AMM\",COMPOSIÇÕES!$B$1:$E$4233,'BANCO DE DADOS DEZ-24  SERV'!$B$2:$F$7984),2,FALSE)","v":"ELETRODUTO FLEXÍVEL CORRUGADO, PVC, DN 25 MM (3/4\"), PARA CIRCUITOS TERMINAIS, INSTALADO EM PAREDE - FORNECIMENTO E INSTALAÇÃO. AF_03/2023"},{"$f":"VLOOKUP($G457,IF(LEFT($G457,3)=\"AMM\",COMPOSIÇÕES!$B$1:$E$4233,'BANCO DE DADOS DEZ-24  SERV'!$B$2:$F$7984),3,FALSE)","v":"M"},20,{"$f":"VLOOKUP($G457,IF(LEFT($G457,3)=\"AMM\",COMPOSIÇÕES!$B$1:$E$4233,'BANCO DE DADOS DEZ-24  SERV'!$B$2:$F$7984),4,FALSE)","v":9.15},11.18,{"$f":"IF($Q$2=\"OUTROS\",TRUNC(M457*K457,2),ROUND(M457*K457,2))","v":223.6}]
[17,{"$f":"IF(OR(C458=1,D458=1),SUMIF($A$25:A458,A458,$C$25:C458),\"\")","v":25},1,"",null,"17.25",91856,"SINAPI",{"$f":"VLOOKUP($G458,IF(LEFT($G458,3)=\"AMM\",COMPOSIÇÕES!$B$1:$E$4233,'BANCO DE DADOS DEZ-24  SERV'!$B$2:$F$7984),2,FALSE)","v":"ELETRODUTO FLEXÍVEL CORRUGADO, PVC, DN 32 MM (1\"), PARA CIRCUITOS TERMINAIS, INSTALADO EM PAREDE - FORNECIMENTO E INSTALAÇÃO. AF_03/2023"},{"$f":"VLOOKUP($G458,IF(LEFT($G458,3)=\"AMM\",COMPOSIÇÕES!$B$1:$E$4233,'BANCO DE DADOS DEZ-24  SERV'!$B$2:$F$7984),3,FALSE)","v":"M"},6,{"$f":"VLOOKUP($G458,IF(LEFT($G458,3)=\"AMM\",COMPOSIÇÕES!$B$1:$E$4233,'BANCO DE DADOS DEZ-24  SERV'!$B$2:$F$7984),4,FALSE)","v":11.77},14.38,86.28]
[17,{"$f":"IF(OR(C459=1,D459=1),SUMIF($A$25:A459,A459,$C$25:C459),\"\")","v":26},1,"",null,"17.26",92867,"SINAPI",{"$f":"VLOOKUP($G459,IF(LEFT($G459,3)=\"AMM\",COMPOSIÇÕES!$B$1:$E$4233,'BANCO DE DADOS DEZ-24  SERV'!$B$2:$F$7984),2,FALSE)","v":"CAIXA RETANGULAR 4\" X 2\" ALTA (2,00 M DO PISO), METÁLICA, INSTALADA EM PAREDE - FORNECIMENTO E INSTALAÇÃO. AF_03/2023"},{"$f":"VLOOKUP($G459,IF(LEFT($G459,3)=\"AMM\",COMPOSIÇÕES!$B$1:$E$4233,'BANCO DE DADOS DEZ-24  SERV'!$B$2:$F$7984),3,FALSE)","v":"UN"},1,{"$f":"VLOOKUP($G459,IF(LEFT($G459,3)=\"AMM\",COMPOSIÇÕES!$B$1:$E$4233,'BANCO DE DADOS DEZ-24  SERV'!$B$2:$F$7984),4,FALSE)","v":29.29},35.799999999999997,35.799999999999997]
[17,{"$f":"IF(OR(C460=1,D460=1),SUMIF($A$25:A460,A460,$C$25:C460),\"\")","v":27},1,"",null,{"$f":"IF(B460<>\"\",A460&\".\"&B460,\"\")","v":"17.27"},92868,{"$f":"IF(G460>=\"AMM\",\"PRÓPRIO\",\"SINAPI\")","v":"SINAPI"},{"$f":"VLOOKUP($G460,IF(LEFT($G460,3)=\"AMM\",COMPOSIÇÕES!$B$1:$E$4233,'BANCO DE DADOS DEZ-24  SERV'!$B$2:$F$7984),2,FALSE)","v":"CAIXA RETANGULAR 4\" X 2\" MÉDIA (1,30 M DO PISO), METÁLICA, INSTALADA EM PAREDE - FORNECIMENTO E INSTALAÇÃO. AF_03/2023"},{"$f":"VLOOKUP($G460,IF(LEFT($G460,3)=\"AMM\",COMPOSIÇÕES!$B$1:$E$4233,'BANCO DE DADOS DEZ-24  SERV'!$B$2:$F$7984),3,FALSE)","v":"UN"},4,{"$f":"VLOOKUP($G460,IF(LEFT($G460,3)=\"AMM\",COMPOSIÇÕES!$B$1:$E$4233,'BANCO DE DADOS DEZ-24  SERV'!$B$2:$F$7984),4,FALSE)","v":16.7},20.41,{"$f":"IF($Q$2=\"OUTROS\",TRUNC(M460*K460,2),ROUND(M460*K460,2))","v":81.64}]
[17,{"$f":"IF(OR(C461=1,D461=1),SUMIF($A$25:A461,A461,$C$25:C461),\"\")","v":28},1,"",null,{"$f":"IF(B461<>\"\",A461&\".\"&B461,\"\")","v":"17.28"},92869,"SINAPI",{"$f":"VLOOKUP($G461,IF(LEFT($G461,3)=\"AMM\",COMPOSIÇÕES!$B$1:$E$4233,'BANCO DE DADOS DEZ-24  SERV'!$B$2:$F$7984),2,FALSE)","v":"CAIXA RETANGULAR 4\" X 2\" BAIXA (0,30 M DO PISO), METÁLICA, INSTALADA EM PAREDE - FORNECIMENTO E INSTALAÇÃO. AF_03/2023"},{"$f":"VLOOKUP($G461,IF(LEFT($G461,3)=\"AMM\",COMPOSIÇÕES!$B$1:$E$4233,'BANCO DE DADOS DEZ-24  SERV'!$B$2:$F$7984),3,FALSE)","v":"UN"},5,{"$f":"VLOOKUP($G461,IF(LEFT($G461,3)=\"AMM\",COMPOSIÇÕES!$B$1:$E$4233,'BANCO DE DADOS DEZ-24  SERV'!$B$2:$F$7984),4,FALSE)","v":10.52},12.85,{"$f":"IF($Q$2=\"OUTROS\",TRUNC(M461*K461,2),ROUND(M461*K461,2))","v":64.25}]
[17,{"$f":"IF(OR(C462=1,D462=1),SUMIF($A$25:A462,A462,$C$25:C462),\"\")","v":29},1,"",null,"17.29",90447,"SINAPI",{"$f":"VLOOKUP($G462,IF(LEFT($G462,3)=\"AMM\",COMPOSIÇÕES!$B$1:$E$4233,'BANCO DE DADOS DEZ-24  SERV'!$B$2:$F$7984),2,FALSE)","v":"RASGO LINEAR MANUAL EM ALVENARIA, PARA ELETRODUTOS, DIÂMETROS MENORES OU IGUAIS A 40 MM. AF_09/2023"},{"$f":"VLOOKUP($G462,IF(LEFT($G462,3)=\"AMM\",COMPOSIÇÕES!$B$1:$E$4233,'BANCO DE DADOS DEZ-24  SERV'!$B$2:$F$7984),3,FALSE)","v":"M"},36,{"$f":"VLOOKUP($G462,IF(LEFT($G462,3)=\"AMM\",COMPOSIÇÕES!$B$1:$E$4233,'BANCO DE DADOS DEZ-24  SERV'!$B$2:$F$7984),4,FALSE)","v":7.7},9.41,338.76]
[17,{"$f":"IF(OR(C463=1,D463=1),SUMIF($A$25:A463,A463,$C$25:C463),\"\")","v":30},1,"",null,{"$f":"IF(B463<>\"\",A463&\".\"&B463,\"\")","v":"17.30"},97667,{"$f":"IF(G463>=\"AMM\",\"PRÓPRIO\",\"SINAPI\")","v":"SINAPI"},{"$f":"VLOOKUP($G463,IF(LEFT($G463,3)=\"AMM\",COMPOSIÇÕES!$B$1:$E$4233,'BANCO DE DADOS DEZ-24  SERV'!$B$2:$F$7984),2,FALSE)","v":"ELETRODUTO FLEXÍVEL CORRUGADO, PEAD, DN 50 (1 1/2\"), PARA REDE ENTERRADA DE DISTRIBUIÇÃO DE ENERGIA ELÉTRICA - FORNECIMENTO E INSTALAÇÃO. AF_12/2021"},{"$f":"VLOOKUP($G463,IF(LEFT($G463,3)=\"AMM\",COMPOSIÇÕES!$B$1:$E$4233,'BANCO DE DADOS DEZ-24  SERV'!$B$2:$F$7984),3,FALSE)","v":"M"},25,{"$f":"VLOOKUP($G463,IF(LEFT($G463,3)=\"AMM\",COMPOSIÇÕES!$B$1:$E$4233,'BANCO DE DADOS DEZ-24  SERV'!$B$2:$F$7984),4,FALSE)","v":7.85},9.59,{"$f":"IF($Q$2=\"OUTROS\",TRUNC(M463*K463,2),ROUND(M463*K463,2))","v":239.75}]
[17,{"$f":"IF(OR(C464=1,D464=1),SUMIF($A$25:A464,A464,$C$25:C464),\"\")","v":31},1,"",null,"17.31",93358,"SINAPI",{"$f":"VLOOKUP($G464,IF(LEFT($G464,3)=\"AMM\",COMPOSIÇÕES!$B$1:$E$4233,'BANCO DE DADOS DEZ-24  SERV'!$B$2:$F$7984),2,FALSE)","v":"ESCAVAÇÃO MANUAL DE VALA. AF_09/2024"},{"$f":"VLOOKUP($G464,IF(LEFT($G464,3)=\"AMM\",COMPOSIÇÕES!$B$1:$E$4233,'BANCO DE DADOS DEZ-24  SERV'!$B$2:$F$7984),3,FALSE)","v":"M3"},3.75,{"$f":"VLOOKUP($G464,IF(LEFT($G464,3)=\"AMM\",COMPOSIÇÕES!$B$1:$E$4233,'BANCO DE DADOS DEZ-24  SERV'!$B$2:$F$7984),4,FALSE)","v":80.38},98.24,368.4]
[17,{"$f":"IF(OR(C465=1,D465=1),SUMIF($A$25:A465,A465,$C$25:C465),\"\")","v":32},1,"",null,"17.32",93382,"SINAPI",{"$f":"VLOOKUP($G465,IF(LEFT($G465,3)=\"AMM\",COMPOSIÇÕES!$B$1:$E$4233,'BANCO DE DADOS DEZ-24  SERV'!$B$2:$F$7984),2,FALSE)","v":"REATERRO MANUAL DE VALAS, COM COMPACTADOR DE SOLOS DE PERCUSSÃO. AF_08/2023"},{"$f":"VLOOKUP($G465,IF(LEFT($G465,3)=\"AMM\",COMPOSIÇÕES!$B$1:$E$4233,'BANCO DE DADOS DEZ-24  SERV'!$B$2:$F$7984),3,FALSE)","v":"M3"},3.75,{"$f":"VLOOKUP($G465,IF(LEFT($G465,3)=\"AMM\",COMPOSIÇÕES!$B$1:$E$4233,'BANCO DE DADOS DEZ-24  SERV'!$B$2:$F$7984),4,FALSE)","v":23.73},29,108.75]
[17,{"$f":"IF(OR(C466=1,D466=1),SUMIF($A$25:A466,A466,$C$25:C466),\"\")","v":""},"","",null,"",null,null,"COMPOSIÇÕES LÓGICA"]
[17,{"$f":"IF(OR(C467=1,D467=1),SUMIF($A$25:A467,A467,$C$25:C467),\"\")","v":33},1,"",null,"17.33",{"$f":"'COMP. LOG'!$B$20","v":"LOG 001"},{"$f":"IF(G467>=\"AMM\",\"PRÓPRIO\",\"SINAPI\")","v":"PRÓPRIO"},{"$f":"'COMP. LOG'!C20","v":"FORNECIMENTO E INSTALAÇÃO DE ESPELHO PARA CAIXA 4X2\" COM DUAS SAIDAS RJ45 (FEMEA), CAT 6"},{"$f":"'COMP. LOG'!G20","v":"UN"},6,{"$f":"'COMP. LOG'!G26","v":6.82},{"$f":"IF($Q$2=\"OUTROS\",TRUNC(L467*(1+$N$7),2),ROUND(L467*(1+$N$7),2))","v":8.33},{"$f":"IF($Q$2=\"OUTROS\",TRUNC(M467*K467,2),ROUND(M467*K467,2))","v":49.98}]
[17,{"$f":"IF(OR(C468=1,D468=1),SUMIF($A$25:A468,A468,$C$25:C468),\"\")","v":34},1,"",null,"17.34",{"$f":"'COMP. LOG'!$B$35","v":"LOG 002"},"PRÓPRIO",{"$f":"'COMP. LOG'!C35","v":"FORNECIMENTO E INSTALAÇÃO DE CONECTOR / TOMADA FEMEA RJ 45, CATEGORIA 6 (CAT 6) PARA CABOS                                                                                                                                                                                                                                                                                                                                                                                                                                             "},{"$f":"'COMP. LOG'!G35","v":"UN"},12,{"$f":"'COMP. LOG'!G42","v":49.400000000000006},60.38,724.56]
[17,{"$f":"IF(OR(C469=1,D469=1),SUMIF($A$25:A469,A469,$C$25:C469),\"\")","v":35},1,"",null,{"$f":"IF(B469<>\"\",A469&\".\"&B469,\"\")","v":"17.35"},{"$f":"'COMP. LOG'!B44","v":"LOG 003"},{"$f":"IF(G469>=\"AMM\",\"PRÓPRIO\",\"SINAPI\")","v":"PRÓPRIO"},{"$f":"'COMP. LOG'!C44","v":"FORNECIMENTO E INSTALAÇÃO DE CONECTOR MACHO RJ 45, CATEGORIA 6 (CAT 6) PARA CABOS                                                                                                                                                                                                                                                                                                                                                                                                                                                      "},{"$f":"'COMP. LOG'!G44","v":"UN"},29,{"$f":"'COMP. LOG'!G51","v":9.4499999999999993},11.55,{"$f":"IF($Q$2=\"OUTROS\",TRUNC(M469*K469,2),ROUND(M469*K469,2))","v":334.95}]
[17,{"$f":"IF(OR(C470=1,D470=1),SUMIF($A$25:A470,A470,$C$25:C470),\"\")","v":36},1,"",null,"17.36",{"$f":"'COMP. LOG'!$B$53","v":"LOG 004"},"PRÓPRIO",{"$f":"'COMP. LOG'!C53","v":"FORNECIMENTO E INSTALAÇÃO DE ELETRODUTO FLEXIVEL, EM FITA DE ACO GALVANIZADO, REVESTIDO COM PVC PRETO, DIAMETRO EXTERNO DE 32 MM, DN = 1\", TIPO SEALTUBO                                                                                                                                                                                                                                                                                                                                                                               "},{"$f":"'COMP. LOG'!G53","v":"UN"},10,{"$f":"'COMP. LOG'!G60","v":29.71},36.31,363.1]
[17,{"$f":"IF(OR(C471=1,D471=1),SUMIF($A$25:A471,A471,$C$25:C471),\"\")","v":37},1,"",null,{"$f":"IF(B471<>\"\",A471&\".\"&B471,\"\")","v":"17.37"},{"$f":"'COMP. LOG'!B62","v":"LOG 005"},{"$f":"IF(G471>=\"AMM\",\"PRÓPRIO\",\"SINAPI\")","v":"PRÓPRIO"},{"$f":"'COMP. LOG'!C62","v":"FORNECIMENTO E INSTALAÇÃO DE ELETRODUTO FLEXIVEL PLANO EM PEAD, COR PRETA E LARANJA, DIAMETRO 32 MM                                                                                                                                                                                                                                                                                                                                                                                                                                    "},{"$f":"'COMP. LOG'!G62","v":"UN"},10,{"$f":"'COMP. LOG'!G69","v":37.770000000000003},46.16,{"$f":"IF($Q$2=\"OUTROS\",TRUNC(M471*K471,2),ROUND(M471*K471,2))","v":461.6}]
[17,{"$f":"IF(OR(C472=1,D472=1),SUMIF($A$25:A472,A472,$C$25:C472),\"\")","v":38},1,"",null,"17.38",{"$f":"'COMP. LOG'!$B$72","v":"LOG 006"},"PRÓPRIO",{"$f":"'COMP. LOG'!C72","v":"FORNECIMENTO E INSTALAÇÃO DE PATCH CORD (CABO DE REDE), CATEGORIA 6 (CAT 6) UTP, 23 AWG, 4 PARES, EXTENSAO DE 2,50 M                                                                                                                                                                                                                                                                                                                                                                                                                   "},{"$f":"'COMP. LOG'!G72","v":"UN"},1,{"$f":"'COMP. LOG'!G79","v":55.24},67.510000000000005,67.510000000000005]
[{"$f":"IF(LEN(D473),OFFSET(A473,-1,0)+1,OFFSET(A473,-1,0))","v":17},{"$f":"IF(OR(C473=1,D473=1),SUMIF($A$25:A473,A473,$C$25:C473),\"\")","v":39},{"$f":"IF(G473>0,1,\"\")","v":1},{"$f":"IF(AND(CONCATENATE(G473,I473,J473,K473,L473,M473,N473)=I473&N473,CONCATENATE(G473,I473,J473,K473,L473,M473,N473)<>\"\",N473<>\"\"),1,\"\")","v":""},null,"17.39",{"$f":"'COMP. LOG'!$B$81","v":"LOG 007"},"PRÓPRIO",{"$f":"'COMP. LOG'!C81","v":"FORNECIMENTO E INSTALAÇÃO DE PATCH CORD (CABO DE REDE), CATEGORIA 6 (CAT 6) UTP, 23 AWG, 4 PARES, EXTENSAO DE 1,50 M                                                                                                                                                                                                                                                                                                                                                                                                                   "},{"$f":"'COMP. LOG'!G81","v":"UN"},28,{"$f":"'COMP. LOG'!G88","v":43.28},52.9,1481.2]
[17,{"$f":"IF(OR(C474=1,D474=1),SUMIF($A$25:A474,A474,$C$25:C474),\"\")","v":40},1,"",null,"17.40",{"$f":"'COMP. LOG'!$B$90","v":"LOG 008"},"PRÓPRIO",{"$f":"'COMP. LOG'!C90","v":"FORNECIMENTO E INSTALAÇÃO DE  SAÍDA HORIZONTAL PARA ELETRODUTO 1\""},{"$f":"'COMP. LOG'!G90","v":"UN"},1,{"$f":"'COMP. LOG'!G97","v":11.16},13.64,13.64]
[17,{"$f":"IF(OR(C475=1,D475=1),SUMIF($A$25:A475,A475,$C$25:C475),\"\")","v":41},1,"",null,"17.41",{"$f":"'COMP. LOG'!B106","v":"LOG 009"},"PRÓPRIO",{"$f":"'COMP. LOG'!C106","v":"FORNECIMENTO E INSTALAÇÃO DE  SAÍDA HORIZONTAL PARA ELETRODUTO 3/4\""},{"$f":"'COMP. LOG'!G106","v":"UN"},8,{"$f":"'COMP. LOG'!G113","v":8.34},10.19,81.52]
[17,{"$f":"IF(OR(C476=1,D476=1),SUMIF($A$25:A476,A476,$C$25:C476),\"\")","v":42},1,"",null,{"$f":"IF(B476<>\"\",A476&\".\"&B476,\"\")","v":"17.42"},{"$f":"'COMP. LOG'!B122","v":"LOG 010"},{"$f":"IF(G476>=\"AMM\",\"PRÓPRIO\",\"SINAPI\")","v":"PRÓPRIO"},{"$f":"'COMP. LOG'!C122","v":"FORNECIMENTO E INSTALAÇÃO DE SWITCH 48P 10/100/1000"},{"$f":"'COMP. LOG'!G122","v":"UN"},1,{"$f":"'COMP. LOG'!G129","v":4200.59},5134.38,{"$f":"IF($Q$2=\"OUTROS\",TRUNC(M476*K476,2),ROUND(M476*K476,2))","v":5134.38}]
[17,{"$f":"IF(OR(C477=1,D477=1),SUMIF($A$25:A477,A477,$C$25:C477),\"\")","v":43},1,"",null,"17.43",{"$f":"'COMP. LOG'!$B$139","v":"LOG 011"},"PRÓPRIO",{"$f":"'COMP. LOG'!C139","v":"FORNECIMENTO E INSTALAÇÃO DE VOICE PAINEL 30 POSIÇÕES RJ45, CAT 6."},{"$f":"'COMP. LOG'!G139","v":"UN"},1,{"$f":"'COMP. LOG'!G145","v":412.33},503.99,503.99]
[17,{"$f":"IF(OR(C478=1,D478=1),SUMIF($A$25:A478,A478,$C$25:C478),\"\")","v":44},1,"",null,"17.44",{"$f":"'COMP. LOG'!$B$154","v":"LOG 012"},"PRÓPRIO",{"$f":"'COMP. LOG'!C154","v":"FORNECIMENTO E INSTALAÇÃO DE CENTRAL TELEFONICA PABX, CAPACIDADE DE 2 LINHAS E 8 RAMAIS"},{"$f":"'COMP. LOG'!G154","v":"UN"},1,{"$f":"'COMP. LOG'!G161","v":1777.95},2173.1799999999998,2173.1799999999998]
[17,{"$f":"IF(OR(C479=1,D479=1),SUMIF($A$25:A479,A479,$C$25:C479),\"\")","v":45},1,"",null,"17.45",{"$f":"'COMP. LOG'!$B$170","v":"LOG 013"},"PRÓPRIO",{"$f":"'COMP. LOG'!C170","v":"FORNECIMENTO E INSTALAÇÃO DE GUIA DE CABOS HORIZONTAIS FECHADOS"},{"$f":"'COMP. LOG'!G170","v":"UN"},1,{"$f":"'COMP. LOG'!G176","v":45.44},55.54,55.54]
[17,{"$f":"IF(OR(C480=1,D480=1),SUMIF($A$25:A480,A480,$C$25:C480),\"\")","v":46},1,"",null,"17.46",{"$f":"'COMP. LOG'!$B$185","v":"LOG 014"},"PRÓPRIO",{"$f":"'COMP. LOG'!C185","v":"FORNECIMENTO E INSTALAÇÃO DE RÉGUA DE TOMADAS PARA RACK - 8 TOMADAS 2P+T 10A - 1U"},{"$f":"'COMP. LOG'!G185","v":"UN"},1,{"$f":"'COMP. LOG'!G192","v":127.56000000000002},155.91,155.91]
[17,{"$f":"IF(OR(C481=1,D481=1),SUMIF($A$25:A481,A481,$C$25:C481),\"\")","v":47},1,"",null,"17.47",{"$f":"'COMP. LOG'!$B$201","v":"LOG 015"},"PRÓPRIO",{"$f":"'COMP. LOG'!C201","v":"FORNECIMENTO E INSTALAÇÃO DE TOMADA RJ45 DUPLA COM CAIXA DE PASSAGEM 4x2\" PARA EMBUTIR NO PISO, COM ESPELHO CROMADO"},{"$f":"'COMP. LOG'!G201","v":"UN"},4,{"$f":"'COMP. LOG'!G208","v":61.760000000000005},75.48,301.92]
[17,{"$f":"IF(OR(C482=1,D482=1),SUMIF($A$25:A482,A482,$C$25:C482),\"\")","v":48},1,"",null,"17.48",{"$f":"'COMP. LOG'!$B$217","v":"LOG 016"},"PRÓPRIO",{"$f":"'COMP. LOG'!C217","v":"FORNECIMENTO E INSTALAÇÃO DE Tê HORIZONTAL PARA ELETROCALHA PERFURADA GALVANIZADA DE #100 X 50MM"},{"$f":"'COMP. LOG'!G217","v":"UN"},12,{"$f":"'COMP. LOG'!G224","v":50.1},61.23,{"$f":"IF($Q$2=\"OUTROS\",TRUNC(M482*K482,2),ROUND(M482*K482,2))","v":734.76}]
[17,{"$f":"IF(OR(C483=1,D483=1),SUMIF($A$25:A483,A483,$C$25:C483),\"\")","v":49},1,"",null,"17.49",{"$f":"'COMP. LOG'!$B$233","v":"LOG 017"},"PRÓPRIO",{"$f":"'COMP. LOG'!C233","v":"FORNECIMENTO E INSTALAÇÃO DE Tê VERTICAL PARA ELETROCALHA PERFURADA GALVANIZADA DE 100 X 50mm"},{"$f":"'COMP. LOG'!G233","v":"UN"},1,{"$f":"'COMP. LOG'!G240","v":48.89},59.75,59.75]
[17,{"$f":"IF(OR(C484=1,D484=1),SUMIF($A$25:A484,A484,$C$25:C484),\"\")","v":50},1,"",null,"17.50",{"$f":"'COMP. LOG'!$B$250","v":"LOG 018"},"PRÓPRIO",{"$f":"'COMP. LOG'!C250","v":"FORNECIMENTO E INSTALAÇÃO DE EMENDA INTERNA PARA ELETROCLHA PERFURADA GALVANIZADA DE 100 X 50 X 3000mm"},{"$f":"'COMP. LOG'!G250","v":"UN"},11,{"$f":"'COMP. LOG'!G257","v":12.989999999999998},15.87,174.57]
[17,{"$f":"IF(OR(C485=1,D485=1),SUMIF($A$25:A485,A485,$C$25:C485),\"\")","v":51},1,"",null,"17.51",{"$f":"'COMP. LOG'!$B$266","v":"LOG 019"},"PRÓPRIO",{"$f":"'COMP. LOG'!C266","v":"FORNECIMENTO E INSTALAÇÃO DE TERMINAL DE FECHAMENTO PARA ELETROCALHA PERFURADA GALVANIZADA DE 100 X 50 3000mm"},{"$f":"'COMP. LOG'!G266","v":"UN"},4,{"$f":"'COMP. LOG'!G273","v":19.850000000000001},24.26,97.04]
[17,{"$f":"IF(OR(C486=1,D486=1),SUMIF($A$25:A486,A486,$C$25:C486),\"\")","v":52},1,"",null,{"$f":"IF(B486<>\"\",A486&\".\"&B486,\"\")","v":"17.52"},{"$f":"'COMP. LOG'!$B$283","v":"LOG 020"},"PRÓPRIO",{"$f":"'COMP. LOG'!C283","v":"FORNECIMENTO E INSTALAÇÃO DE SUSPENSÃO VERTICAL PARA ELETROCALHA PERFURADA #100 X 50 mm"},{"$f":"'COMP. LOG'!G283","v":"UN"},20,{"$f":"'COMP. LOG'!G290","v":14.169999999999998},17.309999999999999,346.2]
[17,{"$f":"IF(OR(C487=1,D487=1),SUMIF($A$25:A487,A487,$C$25:C487),\"\")","v":53},1,"",null,"17.53",{"$f":"'COMP. LOG'!$B$299","v":"LOG 021"},"PRÓPRIO",{"$f":"'COMP. LOG'!C299","v":"FORNECIMENTO E INSTALAÇÃO DE CURVA HORIZONTAL  90º PARA ELETROCALHA PERFURADA #100 X 50MM"},{"$f":"'COMP. LOG'!G299","v":"UN"},1,{"$f":"'COMP. LOG'!G306","v":30.13},36.82,36.82]
[17,{"$f":"IF(OR(C488=1,D488=1),SUMIF($A$25:A488,A488,$C$25:C488),\"\")","v":54},1,"",null,"17.54",{"$f":"'COMP. LOG'!$B$316","v":"LOG 022"},"PRÓPRIO",{"$f":"'COMP. LOG'!C316","v":"FORNECIMENTO E INSTALAÇÃO DE CURVA DE INVERSÃO PARA ELETROCALHA DE #100 X 50MM"},{"$f":"'COMP. LOG'!G316","v":"UN"},1,{"$f":"'COMP. LOG'!G323","v":42.269999999999996},51.66,51.66]
[17,{"$f":"IF(OR(C489=1,D489=1),SUMIF($A$25:A489,A489,$C$25:C489),\"\")","v":55},1,"",null,"17.55",{"$f":"'COMP. LOG'!$B$332","v":"LOG 023"},"PRÓPRIO",{"$f":"'COMP. LOG'!C332","v":"FORNECIMENTO E INSTALAÇÃO DE CRUZETA RETA 90º EM \"X\" PARA ELETROCALHA DE #100 X 50MM"},{"$f":"'COMP. LOG'!G332","v":"UN"},1,{"$f":"'COMP. LOG'!G339","v":50.34},61.53,61.53]
[17,{"$f":"IF(OR(C490=1,D490=1),SUMIF($A$25:A490,A490,$C$25:C490),\"\")","v":56},1,"",null,"17.56",{"$f":"'COMP. LOG'!$B$444","v":"LOG 030"},"PRÓPRIO",{"$f":"'COMP. LOG'!C444","v":"FORNECIMENTO E INSTALAÇÃO DE VERGALHÃO ROSCA TOTAL 5/16'' (TIRANTE) "},{"$f":"'COMP. LOG'!G444","v":"M"},36,{"$f":"'COMP. LOG'!G451","v":21.47},26.24,944.64]
[17,{"$f":"IF(OR(C491=1,D491=1),SUMIF($A$25:A491,A491,$C$25:C491),\"\")","v":57},1,"",null,"17.57",{"$f":"'COMP. LOG'!$B$467","v":"LOG 031"},"PRÓPRIO",{"$f":"'COMP. LOG'!C467","v":"FORNECIMENTO E INSTALAÇÃO DE CANTONEIRA ZZ"},{"$f":"'COMP. LOG'!G467","v":"UN"},12,{"$f":"'COMP. LOG'!G474","v":10.999999999999998},13.44,161.28]
[17,{"$f":"IF(OR(C492=1,D492=1),SUMIF($A$25:A492,A492,$C$25:C492),\"\")","v":58},1,"",null,{"$f":"IF(B492<>\"\",A492&\".\"&B492,\"\")","v":"17.58"},{"$f":"'COMP. LOG'!B483","v":"LOG 032"},{"$f":"IF(G492>=\"AMM\",\"PRÓPRIO\",\"SINAPI\")","v":"PRÓPRIO"},{"$f":"'COMP. LOG'!C483","v":"FORNECIMENTO E INSTALAÇÃO DE TOMADA PARA REDE LÓGICA, RJ45, COM CAIXA DE ALUMINIO SOBREPOR, APARENTE -  PARA SALA DE INFORMATICA"},{"$f":"'COMP. LOG'!G483","v":"CJ"},6,{"$f":"'COMP. LOG'!G493","v":146.9},179.55,{"$f":"IF($Q$2=\"OUTROS\",TRUNC(M492*K492,2),ROUND(M492*K492,2))","v":1077.3}]
[{"$f":"IF(LEN(D493),OFFSET(A493,-1,0)+1,OFFSET(A493,-1,0))","v":17},{"$f":"IF(OR(C493=1,D493=1),SUMIF($A$25:A493,A493,$C$25:C493),\"\")","v":""},{"$f":"IF(G493>0,1,\"\")","v":""},{"$f":"IF(AND(CONCATENATE(G493,I493,J493,K493,L493,M493,N493)=I493&N493,CONCATENATE(G493,I493,J493,K493,L493,M493,N493)<>\"\",N493<>\"\"),1,\"\")","v":""},null,{"$f":"IF(B493<>\"\",A493&\".\"&B493,\"\")","v":""}]
[18,{"$f":"IF(OR(C494=1,D494=1),SUMIF($A$25:A494,A494,$C$25:C494),\"\")","v":0},"",1,null,"18.0",null,null,"PREVENÇÃO E COMBATE A INCÊNDIO",null,null,null,null,{"$f":"SUM(N495:N501)","v":1424}]
[18,{"$f":"IF(OR(C495=1,D495=1),SUMIF($A$25:A495,A495,$C$25:C495),\"\")","v":""},"","",null,"",null,null,"PREVENTIVOS DE INCÊNDIO"]
[18,{"$f":"IF(OR(C496=1,D496=1),SUMIF($A$25:A496,A496,$C$25:C496),\"\")","v":1},1,"",null,{"$f":"IF(B496<>\"\",A496&\".\"&B496,\"\")","v":"18.1"},102513,{"$f":"IF(G496>=\"AMM\",\"PRÓPRIO\",\"SINAPI\")","v":"SINAPI"},{"$f":"VLOOKUP($G496,IF(LEFT($G496,3)=\"AMM\",COMPOSIÇÕES!$B$1:$E$4233,'BANCO DE DADOS DEZ-24  SERV'!$B$2:$F$7984),2,FALSE)","v":"PINTURA DE SÍMBOLOS E TEXTOS COM TINTA ACRÍLICA, DEMARCAÇÃO COM FITA ADESIVA E APLICAÇÃO COM ROLO. AF_05/2021"},{"$f":"VLOOKUP($G496,IF(LEFT($G496,3)=\"AMM\",COMPOSIÇÕES!$B$1:$E$4233,'BANCO DE DADOS DEZ-24  SERV'!$B$2:$F$7984),3,FALSE)","v":"M2"},1,{"$f":"VLOOKUP($G496,IF(LEFT($G496,3)=\"AMM\",COMPOSIÇÕES!$B$1:$E$4233,'BANCO DE DADOS DEZ-24  SERV'!$B$2:$F$7984),4,FALSE)","v":45.15},{"$f":"IF($Q$2=\"OUTROS\",TRUNC(L496*(1+$N$7),2),ROUND(L496*(1+$N$7),2))","v":55.18},{"$f":"IF($Q$2=\"OUTROS\",TRUNC(M496*K496,2),ROUND(M496*K496,2))","v":55.18}]
[18,{"$f":"IF(OR(C497=1,D497=1),SUMIF($A$25:A497,A497,$C$25:C497),\"\")","v":2},1,"",null,{"$f":"IF(B497<>\"\",A497&\".\"&B497,\"\")","v":"18.2"},{"$f":"'COMP. INC'!$B$28","v":"INC 002"},"PRÓPRIO",{"$f":"'COMP. INC'!C28","v":"FORNECIMENTO E INSTALAÇÃO DE PLACA DE SINALIZACAO DE SEGURANCA CONTRA INCENDIO, FOTOLUMINESCENTE, QUADRADA, *14 X 14* CM, EM PVC *2* MM ANTI-CHAMAS (SIMBOLOS, CORES E PICTOGRAMAS CONFORME NBR 16820)                                                                                                                                                                                                                                                                                                                                 "},{"$f":"'COMP. INC'!G28","v":"UN"},3,{"$f":"'COMP. INC'!G34","v":10},12.22,{"$f":"IF($Q$2=\"OUTROS\",TRUNC(M497*K497,2),ROUND(M497*K497,2))","v":36.659999999999997}]
[18,{"$f":"IF(OR(C498=1,D498=1),SUMIF($A$25:A498,A498,$C$25:C498),\"\")","v":3},1,"",null,"18.3",97599,"SINAPI",{"$f":"VLOOKUP($G498,IF(LEFT($G498,3)=\"AMM\",COMPOSIÇÕES!$B$1:$E$4233,'BANCO DE DADOS DEZ-24  SERV'!$B$2:$F$7984),2,FALSE)","v":"LUMINÁRIA DE EMERGÊNCIA, COM 30 LÂMPADAS LED DE 2 W, SEM REATOR - FORNECIMENTO E INSTALAÇÃO. AF_09/2024"},{"$f":"VLOOKUP($G498,IF(LEFT($G498,3)=\"AMM\",COMPOSIÇÕES!$B$1:$E$4233,'BANCO DE DADOS DEZ-24  SERV'!$B$2:$F$7984),3,FALSE)","v":"UN"},10,{"$f":"VLOOKUP($G498,IF(LEFT($G498,3)=\"AMM\",COMPOSIÇÕES!$B$1:$E$4233,'BANCO DE DADOS DEZ-24  SERV'!$B$2:$F$7984),4,FALSE)","v":15.93},19.47,{"$f":"IF($Q$2=\"OUTROS\",TRUNC(M498*K498,2),ROUND(M498*K498,2))","v":194.7}]
[18,{"$f":"IF(OR(C499=1,D499=1),SUMIF($A$25:A499,A499,$C$25:C499),\"\")","v":4},1,"",null,{"$f":"IF(B499<>\"\",A499&\".\"&B499,\"\")","v":"18.4"},{"$f":"'COMP. INC'!$B$36","v":"INC 003"},"PRÓPRIO",{"$f":"'COMP. INC'!C36","v":"FORNECIMENTO E INSTALAÇÃO DE PLACA SINILIZAÇÃO M1"},{"$f":"'COMP. INC'!G36","v":"UN"},1,{"$f":"'COMP. INC'!G42","v":22.61},27.63,{"$f":"IF($Q$2=\"OUTROS\",TRUNC(M499*K499,2),ROUND(M499*K499,2))","v":27.63}]
[18,{"$f":"IF(OR(C500=1,D500=1),SUMIF($A$25:A500,A500,$C$25:C500),\"\")","v":5},1,"",null,"18.5",{"$f":"'COMP. INC'!$B$20","v":"INC 001"},"PRÓPRIO",{"$f":"'COMP. INC'!C20","v":"FORNECIMENTO E INSTALAÇÃO DE PLACA DE SINALIZACAO DE SEGURANCA CONTRA INCENDIO, FOTOLUMINESCENTE, RETANGULAR, *13 X 26* CM, EM PVC *2* MM ANTI-CHAMAS (SIMBOLOS, CORES E PICTOGRAMAS CONFORME NBR 16820)                                                                                                                                                                                                                                                                                                                               "},{"$f":"'COMP. INC'!G20","v":"UN"},11,{"$f":"'COMP. INC'!G26","v":14.009999999999998},17.12,188.32]
[18,{"$f":"IF(OR(C501=1,D501=1),SUMIF($A$25:A501,A501,$C$25:C501),\"\")","v":6},1,"",null,"18.6",101909,"SINAPI",{"$f":"VLOOKUP($G501,IF(LEFT($G501,3)=\"AMM\",COMPOSIÇÕES!$B$1:$E$4233,'BANCO DE DADOS DEZ-24  SERV'!$B$2:$F$7984),2,FALSE)","v":"EXTINTOR DE INCÊNDIO PORTÁTIL COM CARGA DE PQS DE 6 KG, CLASSE BC - FORNECIMENTO E INSTALAÇÃO. AF_10/2020_PE"},{"$f":"VLOOKUP($G501,IF(LEFT($G501,3)=\"AMM\",COMPOSIÇÕES!$B$1:$E$4233,'BANCO DE DADOS DEZ-24  SERV'!$B$2:$F$7984),3,FALSE)","v":"UN"},3,{"$f":"VLOOKUP($G501,IF(LEFT($G501,3)=\"AMM\",COMPOSIÇÕES!$B$1:$E$4233,'BANCO DE DADOS DEZ-24  SERV'!$B$2:$F$7984),4,FALSE)","v":251.31},307.17,921.51]
[{"$f":"IF(LEN(D502),OFFSET(A502,-1,0)+1,OFFSET(A502,-1,0))","v":18},{"$f":"IF(OR(C502=1,D502=1),SUMIF($A$25:A502,A502,$C$25:C502),\"\")","v":""},{"$f":"IF(G502>0,1,\"\")","v":""},{"$f":"IF(AND(CONCATENATE(G502,I502,J502,K502,L502,M502,N502)=I502&N502,CONCATENATE(G502,I502,J502,K502,L502,M502,N502)<>\"\",N502<>\"\"),1,\"\")","v":""},null,{"$f":"IF(B502<>\"\",A502&\".\"&B502,\"\")","v":""}]
[19,{"$f":"IF(OR(C503=1,D503=1),SUMIF($A$25:A503,A503,$C$25:C503),\"\")","v":0},"",1,null,"19.0",null,null,"PINTURAS",null,null,null,null,{"$f":"SUM(N505:N521)","v":41643.81}]
[19,{"$f":"IF(OR(C504=1,D504=1),SUMIF($A$25:A504,A504,$C$25:C504),\"\")","v":""},"","",null,{"$f":"IF(B504<>\"\",A504&\".\"&B504,\"\")","v":""},null,null,"ESQUADRIAS"]
[19,{"$f":"IF(OR(C505=1,D505=1),SUMIF($A$25:A505,A505,$C$25:C505),\"\")","v":1},1,"",null,"19.1",100725,{"$f":"IF(G505>=\"AMM\",\"PRÓPRIO\",\"SINAPI\")","v":"SINAPI"},{"$f":"VLOOKUP($G505,IF(LEFT($G505,3)=\"AMM\",COMPOSIÇÕES!$B$1:$E$4233,'BANCO DE DADOS DEZ-24  SERV'!$B$2:$F$7984),2,FALSE)","v":"PINTURA COM TINTA ALQUÍDICA DE FUNDO E ACABAMENTO (ESMALTE SINTÉTICO GRAFITE) PULVERIZADA SOBRE SUPERFÍCIES METÁLICAS (EXCETO PERFIL) EXECUTADO EM OBRA (POR DEMÃO). AF_01/2020_PE"},{"$f":"VLOOKUP($G505,IF(LEFT($G505,3)=\"AMM\",COMPOSIÇÕES!$B$1:$E$4233,'BANCO DE DADOS DEZ-24  SERV'!$B$2:$F$7984),3,FALSE)","v":"M2"},{"$f":"TRUNC(1.47*2+2.1*2,2)","v":7.14},{"$f":"VLOOKUP($G505,IF(LEFT($G505,3)=\"AMM\",COMPOSIÇÕES!$B$1:$E$4233,'BANCO DE DADOS DEZ-24  SERV'!$B$2:$F$7984),4,FALSE)","v":23.27},{"$f":"IF($Q$2=\"OUTROS\",TRUNC(L505*(1+$N$7),2),ROUND(L505*(1+$N$7),2))","v":28.44},{"$f":"IF($Q$2=\"OUTROS\",TRUNC(M505*K505,2),ROUND(M505*K505,2))","v":203.06},null,"1,47*2+2,1*2  **PINTURA DAS ESQUADRIAS EM AÇO ",{"$f":"F505","v":"19.1"}]
[{"$f":"IF(LEN(D506),OFFSET(A506,-1,0)+1,OFFSET(A506,-1,0))","v":19},{"$f":"IF(OR(C506=1,D506=1),SUMIF($A$25:A506,A506,$C$25:C506),\"\")","v":""},{"$f":"IF(G506>0,1,\"\")","v":""},{"$f":"IF(AND(CONCATENATE(G506,I506,J506,K506,L506,M506,N506)=I506&N506,CONCATENATE(G506,I506,J506,K506,L506,M506,N506)<>\"\",N506<>\"\"),1,\"\")","v":""},null,"",null,null,"PISOS"]
[19,{"$f":"IF(OR(C507=1,D507=1),SUMIF($A$25:A507,A507,$C$25:C507),\"\")","v":2},1,"",null,"19.2",102507,{"$f":"IF(G507>=\"AMM\",\"PRÓPRIO\",\"SINAPI\")","v":"SINAPI"},{"$f":"VLOOKUP($G507,IF(LEFT($G507,3)=\"AMM\",COMPOSIÇÕES!$B$1:$E$4233,'BANCO DE DADOS DEZ-24  SERV'!$B$2:$F$7984),2,FALSE)","v":"PINTURA DE DEMARCAÇÃO DE VAGA COM TINTA EPÓXI, E = 10 CM, APLICAÇÃO MANUAL. AF_05/2021"},{"$f":"VLOOKUP($G507,IF(LEFT($G507,3)=\"AMM\",COMPOSIÇÕES!$B$1:$E$4233,'BANCO DE DADOS DEZ-24  SERV'!$B$2:$F$7984),3,FALSE)","v":"M"},{"$f":"TRUNC(5*10+2.5*11,2)","v":77.5},{"$f":"VLOOKUP($G507,IF(LEFT($G507,3)=\"AMM\",COMPOSIÇÕES!$B$1:$E$4233,'BANCO DE DADOS DEZ-24  SERV'!$B$2:$F$7984),4,FALSE)","v":5.9},{"$f":"IF($Q$2=\"OUTROS\",TRUNC(L507*(1+$N$7),2),ROUND(L507*(1+$N$7),2))","v":7.21},{"$f":"IF($Q$2=\"OUTROS\",TRUNC(M507*K507,2),ROUND(M507*K507,2))","v":558.77},null,"5*10+2,5*11",{"$f":"F507","v":"19.2"}]
[19,{"$f":"IF(OR(C508=1,D508=1),SUMIF($A$25:A508,A508,$C$25:C508),\"\")","v":3},1,"",null,"19.3",102513,"SINAPI",{"$f":"VLOOKUP($G508,IF(LEFT($G508,3)=\"AMM\",COMPOSIÇÕES!$B$1:$E$4233,'BANCO DE DADOS DEZ-24  SERV'!$B$2:$F$7984),2,FALSE)","v":"PINTURA DE SÍMBOLOS E TEXTOS COM TINTA ACRÍLICA, DEMARCAÇÃO COM FITA ADESIVA E APLICAÇÃO COM ROLO. AF_05/2021"},{"$f":"VLOOKUP($G508,IF(LEFT($G508,3)=\"AMM\",COMPOSIÇÕES!$B$1:$E$4233,'BANCO DE DADOS DEZ-24  SERV'!$B$2:$F$7984),3,FALSE)","v":"M2"},{"$f":"TRUNC(5*1.2+1.6*0.61+1.7*1.7+1.57*0.71*16+1.35*0.4*4+2*1.69+1.7*0.4+0.25*1.49+1.67*0.4,2)","v":34.96},{"$f":"VLOOKUP($G508,IF(LEFT($G508,3)=\"AMM\",COMPOSIÇÕES!$B$1:$E$4233,'BANCO DE DADOS DEZ-24  SERV'!$B$2:$F$7984),4,FALSE)","v":45.15},{"$f":"IF($Q$2=\"OUTROS\",TRUNC(L508*(1+$N$7),2),ROUND(L508*(1+$N$7),2))","v":55.18},1929.09,null,"5*1,2+1,6*0,61+1,7*1,7+1,57*0,71*16+1,35*0,4*4+2*1,69+1,7*0,4+0,25*1,49+1,67*0,4","19.3"]
[19,{"$f":"IF(OR(C509=1,D509=1),SUMIF($A$25:A509,A509,$C$25:C509),\"\")","v":""},"","",null,"",null,null,"PAREDES "]
[{"$f":"IF(LEN(D510),OFFSET(A510,-1,0)+1,OFFSET(A510,-1,0))","v":19},{"$f":"IF(OR(C510=1,D510=1),SUMIF($A$25:A510,A510,$C$25:C510),\"\")","v":""},{"$f":"IF(G510>0,1,\"\")","v":""},{"$f":"IF(AND(CONCATENATE(G510,I510,J510,K510,L510,M510,N510)=I510&N510,CONCATENATE(G510,I510,J510,K510,L510,M510,N510)<>\"\",N510<>\"\"),1,\"\")","v":""},null,{"$f":"IF(B510<>\"\",A510&\".\"&B510,\"\")","v":""},null,null,"PAREDES INTERNAS"]
[19,{"$f":"IF(OR(C511=1,D511=1),SUMIF($A$25:A511,A511,$C$25:C511),\"\")","v":4},1,"",null,"19.4",88495,{"$f":"IF(G511>=\"AMM\",\"PRÓPRIO\",\"SINAPI\")","v":"SINAPI"},{"$f":"VLOOKUP($G511,IF(LEFT($G511,3)=\"AMM\",COMPOSIÇÕES!$B$1:$E$4233,'BANCO DE DADOS DEZ-24  SERV'!$B$2:$F$7984),2,FALSE)","v":"EMASSAMENTO COM MASSA LÁTEX, APLICAÇÃO EM PAREDE, UMA DEMÃO, LIXAMENTO MANUAL. AF_04/2023"},{"$f":"VLOOKUP($G511,IF(LEFT($G511,3)=\"AMM\",COMPOSIÇÕES!$B$1:$E$4233,'BANCO DE DADOS DEZ-24  SERV'!$B$2:$F$7984),3,FALSE)","v":"M2"},{"$f":"TRUNC((2.7*(16.16+15.7+15.1+17.6+13.6+19.3+30.3+9.71+12.99))+(2.34*(4+1.25+1.25))+(2.85*(0.95*2+4.35))-(2+1.26+1.89+2.8+2+1.89+0.72+1.89+2+1.89+1.89*2+1.89+2.1+1.5*2.12+2.1+1.89*4+2.4+2.8+1.89*2+3+8.4+1.5*2.12+1.8*2+4.2*2+8.4+1.89*2),2)","v":352.57},{"$f":"VLOOKUP($G511,IF(LEFT($G511,3)=\"AMM\",COMPOSIÇÕES!$B$1:$E$4233,'BANCO DE DADOS DEZ-24  SERV'!$B$2:$F$7984),4,FALSE)","v":10.83},{"$f":"IF($Q$2=\"OUTROS\",TRUNC(L511*(1+$N$7),2),ROUND(L511*(1+$N$7),2))","v":13.23},{"$f":"IF($Q$2=\"OUTROS\",TRUNC(M511*K511,2),ROUND(M511*K511,2))","v":4664.5},null,"(2,7*(16,16+15,7+15,1+17,6+13,6+19,3+30,3+9,71+12,99))+(2,34*(4+1,25+1,25))+(2,85*(0,95*2+4,35))-(2+1,26+1,89+2,8+2+1,89+0,72+1,89+2+1,89+1,89*2+1,89+2,1+1,5*2,12+2,1+1,89*4+2,4+2,8+1,89*2+3+8,4+1,5*2,12+1,8*2+4,2*2+8,4+1,89*2)",{"$f":"F511","v":"19.4"}]
[19,{"$f":"IF(OR(C512=1,D512=1),SUMIF($A$25:A512,A512,$C$25:C512),\"\")","v":5},1,"",null,"19.5",88489,"SINAPI",{"$f":"VLOOKUP($G512,IF(LEFT($G512,3)=\"AMM\",COMPOSIÇÕES!$B$1:$E$4233,'BANCO DE DADOS DEZ-24  SERV'!$B$2:$F$7984),2,FALSE)","v":"PINTURA LÁTEX ACRÍLICA PREMIUM, APLICAÇÃO MANUAL EM PAREDES, DUAS DEMÃOS. AF_04/2023"},{"$f":"VLOOKUP($G512,IF(LEFT($G512,3)=\"AMM\",COMPOSIÇÕES!$B$1:$E$4233,'BANCO DE DADOS DEZ-24  SERV'!$B$2:$F$7984),3,FALSE)","v":"M2"},{"$f":"K511","v":352.57},{"$f":"VLOOKUP($G512,IF(LEFT($G512,3)=\"AMM\",COMPOSIÇÕES!$B$1:$E$4233,'BANCO DE DADOS DEZ-24  SERV'!$B$2:$F$7984),4,FALSE)","v":12.23},{"$f":"IF($Q$2=\"OUTROS\",TRUNC(L512*(1+$N$7),2),ROUND(L512*(1+$N$7),2))","v":14.94},5267.39,null,{"$f":"P511","v":"(2,7*(16,16+15,7+15,1+17,6+13,6+19,3+30,3+9,71+12,99))+(2,34*(4+1,25+1,25))+(2,85*(0,95*2+4,35))-(2+1,26+1,89+2,8+2+1,89+0,72+1,89+2+1,89+1,89*2+1,89+2,1+1,5*2,12+2,1+1,89*4+2,4+2,8+1,89*2+3+8,4+1,5*2,12+1,8*2+4,2*2+8,4+1,89*2)"},"19.5"]
[19,{"$f":"IF(OR(C513=1,D513=1),SUMIF($A$25:A513,A513,$C$25:C513),\"\")","v":""},"","",null,"",null,null,"PAREDES EXTERNAS"]
[{"$f":"IF(LEN(D514),OFFSET(A514,-1,0)+1,OFFSET(A514,-1,0))","v":19},{"$f":"IF(OR(C514=1,D514=1),SUMIF($A$25:A514,A514,$C$25:C514),\"\")","v":6},{"$f":"IF(G514>0,1,\"\")","v":1},{"$f":"IF(AND(CONCATENATE(G514,I514,J514,K514,L514,M514,N514)=I514&N514,CONCATENATE(G514,I514,J514,K514,L514,M514,N514)<>\"\",N514<>\"\"),1,\"\")","v":""},null,{"$f":"IF(B514<>\"\",A514&\".\"&B514,\"\")","v":"19.6"},88495,{"$f":"IF(G514>=\"AMM\",\"PRÓPRIO\",\"SINAPI\")","v":"SINAPI"},{"$f":"VLOOKUP($G514,IF(LEFT($G514,3)=\"AMM\",COMPOSIÇÕES!$B$1:$E$4233,'BANCO DE DADOS DEZ-24  SERV'!$B$2:$F$7984),2,FALSE)","v":"EMASSAMENTO COM MASSA LÁTEX, APLICAÇÃO EM PAREDE, UMA DEMÃO, LIXAMENTO MANUAL. AF_04/2023"},{"$f":"VLOOKUP($G514,IF(LEFT($G514,3)=\"AMM\",COMPOSIÇÕES!$B$1:$E$4233,'BANCO DE DADOS DEZ-24  SERV'!$B$2:$F$7984),3,FALSE)","v":"M2"},{"$f":"K515","v":318.35000000000002},{"$f":"VLOOKUP($G514,IF(LEFT($G514,3)=\"AMM\",COMPOSIÇÕES!$B$1:$E$4233,'BANCO DE DADOS DEZ-24  SERV'!$B$2:$F$7984),4,FALSE)","v":10.83},{"$f":"IF($Q$2=\"OUTROS\",TRUNC(L514*(1+$N$7),2),ROUND(L514*(1+$N$7),2))","v":13.23},{"$f":"IF($Q$2=\"OUTROS\",TRUNC(M514*K514,2),ROUND(M514*K514,2))","v":4211.7700000000004},null,"(3,61*(10,8*2+2,75*2))+(3,92*(10,8+17,45+10,8+7,4+0,45+5,8+0,45+4,1))+(0,97*(10,65+13,85+17,15+10,65))-(4,2*2+1,8*2+0,36*2+4,35*2,79+2,1+2+0,36*2+2,38*4+3+0,72+2*2+0,36+1,1+2,95*2,12)",{"$f":"F514","v":"19.6"}]
[19,{"$f":"IF(OR(C515=1,D515=1),SUMIF($A$25:A515,A515,$C$25:C515),\"\")","v":7},1,"",null,{"$f":"IF(B515<>\"\",A515&\".\"&B515,\"\")","v":"19.7"},95305,"SINAPI",{"$f":"VLOOKUP($G515,IF(LEFT($G515,3)=\"AMM\",COMPOSIÇÕES!$B$1:$E$4233,'BANCO DE DADOS DEZ-24  SERV'!$B$2:$F$7984),2,FALSE)","v":"TEXTURA ACRÍLICA, APLICAÇÃO MANUAL EM PAREDE, UMA DEMÃO. AF_04/2023"},{"$f":"VLOOKUP($G515,IF(LEFT($G515,3)=\"AMM\",COMPOSIÇÕES!$B$1:$E$4233,'BANCO DE DADOS DEZ-24  SERV'!$B$2:$F$7984),3,FALSE)","v":"M2"},{"$f":"TRUNC((3.61*(10.8*2+2.75*2))+(3.92*(10.8+17.45+10.8+7.4+0.45+5.8+0.45+4.1))+(0.97*(10.65+13.85+17.15+10.65))-(4.2*2+1.8*2+0.36*2+4.35*2.79+2.1+2+0.36*2+2.38*4+3+0.72+2*2+0.36+1.1+2.95*2.12),2)","v":318.35000000000002},{"$f":"VLOOKUP($G515,IF(LEFT($G515,3)=\"AMM\",COMPOSIÇÕES!$B$1:$E$4233,'BANCO DE DADOS DEZ-24  SERV'!$B$2:$F$7984),4,FALSE)","v":12.97},{"$f":"IF($Q$2=\"OUTROS\",TRUNC(L515*(1+$N$7),2),ROUND(L515*(1+$N$7),2))","v":15.85},{"$f":"IF($Q$2=\"OUTROS\",TRUNC(M515*K515,2),ROUND(M515*K515,2))","v":5045.84},null,{"$f":"P514","v":"(3,61*(10,8*2+2,75*2))+(3,92*(10,8+17,45+10,8+7,4+0,45+5,8+0,45+4,1))+(0,97*(10,65+13,85+17,15+10,65))-(4,2*2+1,8*2+0,36*2+4,35*2,79+2,1+2+0,36*2+2,38*4+3+0,72+2*2+0,36+1,1+2,95*2,12)"},{"$f":"F515","v":"19.7"}]
[{"$f":"IF(LEN(D516),OFFSET(A516,-1,0)+1,OFFSET(A516,-1,0))","v":19},{"$f":"IF(OR(C516=1,D516=1),SUMIF($A$25:A516,A516,$C$25:C516),\"\")","v":""},{"$f":"IF(G516>0,1,\"\")","v":""},{"$f":"IF(AND(CONCATENATE(G516,I516,J516,K516,L516,M516,N516)=I516&N516,CONCATENATE(G516,I516,J516,K516,L516,M516,N516)<>\"\",N516<>\"\"),1,\"\")","v":""},null,{"$f":"IF(B516<>\"\",A516&\".\"&B516,\"\")","v":""},null,null,"MURO"]
[19,{"$f":"IF(OR(C517=1,D517=1),SUMIF($A$25:A517,A517,$C$25:C517),\"\")","v":8},1,"",null,"19.8",88485,{"$f":"IF(G517>=\"AMM\",\"PRÓPRIO\",\"SINAPI\")","v":"SINAPI"},{"$f":"VLOOKUP($G517,IF(LEFT($G517,3)=\"AMM\",COMPOSIÇÕES!$B$1:$E$4233,'BANCO DE DADOS DEZ-24  SERV'!$B$2:$F$7984),2,FALSE)","v":"FUNDO SELADOR ACRÍLICO, APLICAÇÃO MANUAL EM PAREDE, UMA DEMÃO. AF_04/2023"},{"$f":"VLOOKUP($G517,IF(LEFT($G517,3)=\"AMM\",COMPOSIÇÕES!$B$1:$E$4233,'BANCO DE DADOS DEZ-24  SERV'!$B$2:$F$7984),3,FALSE)","v":"M2"},{"$f":"K181","v":140.80000000000001},{"$f":"VLOOKUP($G517,IF(LEFT($G517,3)=\"AMM\",COMPOSIÇÕES!$B$1:$E$4233,'BANCO DE DADOS DEZ-24  SERV'!$B$2:$F$7984),4,FALSE)","v":3.3},{"$f":"IF($Q$2=\"OUTROS\",TRUNC(L517*(1+$N$7),2),ROUND(L517*(1+$N$7),2))","v":4.03},{"$f":"IF($Q$2=\"OUTROS\",TRUNC(M517*K517,2),ROUND(M517*K517,2))","v":567.41999999999996},null,{"$f":"P181","v":"70,40 M2 DE ALVENARIA X 2 LADOS"},{"$f":"F517","v":"19.8"}]
[19,{"$f":"IF(OR(C518=1,D518=1),SUMIF($A$25:A518,A518,$C$25:C518),\"\")","v":9},1,"",null,{"$f":"IF(B518<>\"\",A518&\".\"&B518,\"\")","v":"19.9"},95305,"SINAPI",{"$f":"VLOOKUP($G518,IF(LEFT($G518,3)=\"AMM\",COMPOSIÇÕES!$B$1:$E$4233,'BANCO DE DADOS DEZ-24  SERV'!$B$2:$F$7984),2,FALSE)","v":"TEXTURA ACRÍLICA, APLICAÇÃO MANUAL EM PAREDE, UMA DEMÃO. AF_04/2023"},{"$f":"VLOOKUP($G518,IF(LEFT($G518,3)=\"AMM\",COMPOSIÇÕES!$B$1:$E$4233,'BANCO DE DADOS DEZ-24  SERV'!$B$2:$F$7984),3,FALSE)","v":"M2"},{"$f":"TRUNC(((2.5*(3.15+26.35+50+35+29.56+4.15))-(7.4*2))*2,2)","v":711.45},{"$f":"VLOOKUP($G518,IF(LEFT($G518,3)=\"AMM\",COMPOSIÇÕES!$B$1:$E$4233,'BANCO DE DADOS DEZ-24  SERV'!$B$2:$F$7984),4,FALSE)","v":12.97},{"$f":"IF($Q$2=\"OUTROS\",TRUNC(L518*(1+$N$7),2),ROUND(L518*(1+$N$7),2))","v":15.85},{"$f":"IF($Q$2=\"OUTROS\",TRUNC(M518*K518,2),ROUND(M518*K518,2))","v":11276.48},null,"((2,5*(3,15+26,35+50+35+29,56+4,15))-(7,4*2))*2",{"$f":"F518","v":"19.9"}]
[19,{"$f":"IF(OR(C519=1,D519=1),SUMIF($A$25:A519,A519,$C$25:C519),\"\")","v":""},"","",null,"",null,null,"TETO"]
[19,{"$f":"IF(OR(C520=1,D520=1),SUMIF($A$25:A520,A520,$C$25:C520),\"\")","v":10},1,"",null,"19.10",88494,{"$f":"IF(G520>=\"AMM\",\"PRÓPRIO\",\"SINAPI\")","v":"SINAPI"},{"$f":"VLOOKUP($G520,IF(LEFT($G520,3)=\"AMM\",COMPOSIÇÕES!$B$1:$E$4233,'BANCO DE DADOS DEZ-24  SERV'!$B$2:$F$7984),2,FALSE)","v":"EMASSAMENTO COM MASSA LÁTEX, APLICAÇÃO EM TETO, UMA DEMÃO, LIXAMENTO MANUAL. AF_04/2023"},{"$f":"VLOOKUP($G520,IF(LEFT($G520,3)=\"AMM\",COMPOSIÇÕES!$B$1:$E$4233,'BANCO DE DADOS DEZ-24  SERV'!$B$2:$F$7984),3,FALSE)","v":"M2"},{"$f":"K201","v":190.51},{"$f":"VLOOKUP($G520,IF(LEFT($G520,3)=\"AMM\",COMPOSIÇÕES!$B$1:$E$4233,'BANCO DE DADOS DEZ-24  SERV'!$B$2:$F$7984),4,FALSE)","v":19.63},{"$f":"IF($Q$2=\"OUTROS\",TRUNC(L520*(1+$N$7),2),ROUND(L520*(1+$N$7),2))","v":23.99},{"$f":"IF($Q$2=\"OUTROS\",TRUNC(M520*K520,2),ROUND(M520*K520,2))","v":4570.33},null,"ÁREA DO FORRO DE GESSO - CONFORME PROJETO ARQUITETÔNICO",{"$f":"F520","v":"19.10"}]
[19,{"$f":"IF(OR(C521=1,D521=1),SUMIF($A$25:A521,A521,$C$25:C521),\"\")","v":11},1,"",null,"19.11",88488,{"$f":"IF(G521>=\"AMM\",\"PRÓPRIO\",\"SINAPI\")","v":"SINAPI"},{"$f":"VLOOKUP($G521,IF(LEFT($G521,3)=\"AMM\",COMPOSIÇÕES!$B$1:$E$4233,'BANCO DE DADOS DEZ-24  SERV'!$B$2:$F$7984),2,FALSE)","v":"PINTURA LÁTEX ACRÍLICA PREMIUM, APLICAÇÃO MANUAL EM TETO, DUAS DEMÃOS. AF_04/2023"},{"$f":"VLOOKUP($G521,IF(LEFT($G521,3)=\"AMM\",COMPOSIÇÕES!$B$1:$E$4233,'BANCO DE DADOS DEZ-24  SERV'!$B$2:$F$7984),3,FALSE)","v":"M2"},{"$f":"K520","v":190.51},{"$f":"VLOOKUP($G521,IF(LEFT($G521,3)=\"AMM\",COMPOSIÇÕES!$B$1:$E$4233,'BANCO DE DADOS DEZ-24  SERV'!$B$2:$F$7984),4,FALSE)","v":14.39},{"$f":"IF($Q$2=\"OUTROS\",TRUNC(L521*(1+$N$7),2),ROUND(L521*(1+$N$7),2))","v":17.579999999999998},{"$f":"IF($Q$2=\"OUTROS\",TRUNC(M521*K521,2),ROUND(M521*K521,2))","v":3349.16},null,{"$f":"P520","v":"ÁREA DO FORRO DE GESSO - CONFORME PROJETO ARQUITETÔNICO"},{"$f":"F521","v":"19.11"}]
[{"$f":"IF(LEN(D522),OFFSET(A522,-1,0)+1,OFFSET(A522,-1,0))","v":19},{"$f":"IF(OR(C522=1,D522=1),SUMIF($A$25:A522,A522,$C$25:C522),\"\")","v":""},{"$f":"IF(G522>0,1,\"\")","v":""},{"$f":"IF(AND(CONCATENATE(G522,I522,J522,K522,L522,M522,N522)=I522&N522,CONCATENATE(G522,I522,J522,K522,L522,M522,N522)<>\"\",N522<>\"\"),1,\"\")","v":""},null,{"$f":"IF(B522<>\"\",A522&\".\"&B522,\"\")","v":""}]
[20,{"$f":"IF(OR(C523=1,D523=1),SUMIF($A$25:A523,A523,$C$25:C523),\"\")","v":0},"",1,null,"20.0",null,null,"ACESSIBILIDADE",null,null,null,null,{"$f":"SUM(N524:N524)","v":3450.72}]
[20,{"$f":"IF(OR(C524=1,D524=1),SUMIF($A$25:A524,A524,$C$25:C524),\"\")","v":1},1,"",null,{"$f":"IF(B524<>\"\",A524&\".\"&B524,\"\")","v":"20.1"},100868,{"$f":"IF(G524>=\"AMM\",\"PRÓPRIO\",\"SINAPI\")","v":"SINAPI"},{"$f":"VLOOKUP($G524,IF(LEFT($G524,3)=\"AMM\",COMPOSIÇÕES!$B$1:$E$4233,'BANCO DE DADOS DEZ-24  SERV'!$B$2:$F$7984),2,FALSE)","v":"BARRA DE APOIO RETA, EM ACO INOX POLIDO, COMPRIMENTO 80 CM,  FIXADA NA PAREDE - FORNECIMENTO E INSTALAÇÃO. AF_01/2020"},{"$f":"VLOOKUP($G524,IF(LEFT($G524,3)=\"AMM\",COMPOSIÇÕES!$B$1:$E$4233,'BANCO DE DADOS DEZ-24  SERV'!$B$2:$F$7984),3,FALSE)","v":"UN"},{"$f":"2+2+2+2","v":8},{"$f":"VLOOKUP($G524,IF(LEFT($G524,3)=\"AMM\",COMPOSIÇÕES!$B$1:$E$4233,'BANCO DE DADOS DEZ-24  SERV'!$B$2:$F$7984),4,FALSE)","v":352.9},{"$f":"IF($Q$2=\"OUTROS\",TRUNC(L524*(1+$N$7),2),ROUND(L524*(1+$N$7),2))","v":431.34},{"$f":"IF($Q$2=\"OUTROS\",TRUNC(M524*K524,2),ROUND(M524*K524,2))","v":3450.72},null,"4 BARRAS DE APOIO NOS BANHEIROS PCD EXTERNO + 4 BARRAS DE APOIO NOS BANHEIROS PCD INTERNOS",{"$f":"F524","v":"20.1"}]
[20,{"$f":"IF(OR(C525=1,D525=1),SUMIF($A$25:A525,A525,$C$25:C525),\"\")","v":""},"","",null,{"$f":"IF(B525<>\"\",A525&\".\"&B525,\"\")","v":""}]
[21,{"$f":"IF(OR(C526=1,D526=1),SUMIF($A$25:A526,A526,$C$25:C526),\"\")","v":0},"",1,null,"21.0",null,null,"SERVIÇOS COMPLEMENTARES",null,null,null,null,{"$f":"SUM(N527:N531)","v":6173.35}]
[21,{"$f":"IF(OR(C527=1,D527=1),SUMIF($A$25:A527,A527,$C$25:C527),\"\")","v":1},1,"",null,"21.1",{"$f":"'COMPOSIÇÃO CIVIL'!B315","v":"CIV 017"},{"$f":"IF(G527>=\"AMM\",\"PRÓPRIO\",\"SINAPI\")","v":"PRÓPRIO"},{"$f":"'COMPOSIÇÃO CIVIL'!C315","v":"FORNECIMENTO E INSTALAÇÃO DE BANCADA DE GRANITO POLIDO TIPO ANDORINHA "},{"$f":"'COMPOSIÇÃO CIVIL'!G315","v":"M2"},2.71,{"$f":"'COMPOSIÇÃO CIVIL'!G324","v":891.2},{"$f":"IF($Q$2=\"OUTROS\",TRUNC(L527*(1+$N$7),2),ROUND(L527*(1+$N$7),2))","v":1089.31},{"$f":"IF($Q$2=\"OUTROS\",TRUNC(M527*K527,2),ROUND(M527*K527,2))","v":2952.03},null,"CONFORME PROJETO ARQUITETÔNICO",{"$f":"F527","v":"21.1"}]
[21,{"$f":"IF(OR(C528=1,D528=1),SUMIF($A$25:A528,A528,$C$25:C528),\"\")","v":2},1,"",null,{"$f":"IF(B528<>\"\",A528&\".\"&B528,\"\")","v":"21.2"},100862,{"$f":"IF(G528>=\"AMM\",\"PRÓPRIO\",\"SINAPI\")","v":"SINAPI"},{"$f":"VLOOKUP($G528,IF(LEFT($G528,3)=\"AMM\",COMPOSIÇÕES!$B$1:$E$4233,'BANCO DE DADOS DEZ-24  SERV'!$B$2:$F$7984),2,FALSE)","v":"SUPORTE MÃO FRANCESA EM ACO, ABAS IGUAIS 40 CM, CAPACIDADE MINIMA 70 KG, BRANCO - FORNECIMENTO E INSTALAÇÃO. AF_01/2020"},{"$f":"VLOOKUP($G528,IF(LEFT($G528,3)=\"AMM\",COMPOSIÇÕES!$B$1:$E$4233,'BANCO DE DADOS DEZ-24  SERV'!$B$2:$F$7984),3,FALSE)","v":"UN"},8,{"$f":"VLOOKUP($G528,IF(LEFT($G528,3)=\"AMM\",COMPOSIÇÕES!$B$1:$E$4233,'BANCO DE DADOS DEZ-24  SERV'!$B$2:$F$7984),4,FALSE)","v":36.700000000000003},{"$f":"IF($Q$2=\"OUTROS\",TRUNC(L528*(1+$N$7),2),ROUND(L528*(1+$N$7),2))","v":44.85},{"$f":"IF($Q$2=\"OUTROS\",TRUNC(M528*K528,2),ROUND(M528*K528,2))","v":358.8},null,"4 BANCADAS",{"$f":"F528","v":"21.2"}]
[21,{"$f":"IF(OR(C529=1,D529=1),SUMIF($A$25:A529,A529,$C$25:C529),\"\")","v":3},1,"",null,"21.3",99803,"SINAPI",{"$f":"VLOOKUP($G529,IF(LEFT($G529,3)=\"AMM\",COMPOSIÇÕES!$B$1:$E$4233,'BANCO DE DADOS DEZ-24  SERV'!$B$2:$F$7984),2,FALSE)","v":"LIMPEZA DE PISO CERÂMICO OU PORCELANATO COM PANO ÚMIDO. AF_04/2019"},{"$f":"VLOOKUP($G529,IF(LEFT($G529,3)=\"AMM\",COMPOSIÇÕES!$B$1:$E$4233,'BANCO DE DADOS DEZ-24  SERV'!$B$2:$F$7984),3,FALSE)","v":"M2"},{"$f":"K191+K192+K193","v":202.25},{"$f":"VLOOKUP($G529,IF(LEFT($G529,3)=\"AMM\",COMPOSIÇÕES!$B$1:$E$4233,'BANCO DE DADOS DEZ-24  SERV'!$B$2:$F$7984),4,FALSE)","v":1.97},{"$f":"IF($Q$2=\"OUTROS\",TRUNC(L529*(1+$N$7),2),ROUND(L529*(1+$N$7),2))","v":2.4},485.4,null,"CONFORME ÁREA DE PISO PORCELANATO","21.3"]
[21,{"$f":"IF(OR(C530=1,D530=1),SUMIF($A$25:A530,A530,$C$25:C530),\"\")","v":4},1,"",null,"21.4",99806,"SINAPI",{"$f":"VLOOKUP($G530,IF(LEFT($G530,3)=\"AMM\",COMPOSIÇÕES!$B$1:$E$4233,'BANCO DE DADOS DEZ-24  SERV'!$B$2:$F$7984),2,FALSE)","v":"LIMPEZA DE REVESTIMENTO CERÂMICO EM PAREDE COM PANO ÚMIDO AF_04/2019"},{"$f":"VLOOKUP($G530,IF(LEFT($G530,3)=\"AMM\",COMPOSIÇÕES!$B$1:$E$4233,'BANCO DE DADOS DEZ-24  SERV'!$B$2:$F$7984),3,FALSE)","v":"M2"},{"$f":"K179","v":172.61},{"$f":"VLOOKUP($G530,IF(LEFT($G530,3)=\"AMM\",COMPOSIÇÕES!$B$1:$E$4233,'BANCO DE DADOS DEZ-24  SERV'!$B$2:$F$7984),4,FALSE)","v":0.81},{"$f":"IF($Q$2=\"OUTROS\",TRUNC(L530*(1+$N$7),2),ROUND(L530*(1+$N$7),2))","v":0.99},170.88,null,"CONFORME ÁREA DE REVESTIMENTO CERAMICO EM PAREDE","21.4"]
[21,{"$f":"IF(OR(C531=1,D531=1),SUMIF($A$25:A531,A531,$C$25:C531),\"\")","v":5},1,"",null,"21.5",99814,"SINAPI",{"$f":"VLOOKUP($G531,IF(LEFT($G531,3)=\"AMM\",COMPOSIÇÕES!$B$1:$E$4233,'BANCO DE DADOS DEZ-24  SERV'!$B$2:$F$7984),2,FALSE)","v":"LIMPEZA DE SUPERFÍCIE COM JATO DE ALTA PRESSÃO. AF_04/2019"},{"$f":"VLOOKUP($G531,IF(LEFT($G531,3)=\"AMM\",COMPOSIÇÕES!$B$1:$E$4233,'BANCO DE DADOS DEZ-24  SERV'!$B$2:$F$7984),3,FALSE)","v":"M2"},{"$f":"K195","v":967.65},{"$f":"VLOOKUP($G531,IF(LEFT($G531,3)=\"AMM\",COMPOSIÇÕES!$B$1:$E$4233,'BANCO DE DADOS DEZ-24  SERV'!$B$2:$F$7984),4,FALSE)","v":1.87},{"$f":"IF($Q$2=\"OUTROS\",TRUNC(L531*(1+$N$7),2),ROUND(L531*(1+$N$7),2))","v":2.2799999999999998},2206.2399999999998,null,"CONFORME ÁREA DE CALÇADA EXTERNA","21.5"]
[]
[null,null,null,null,null,null,null,null,null,null,null,{"$f":"SUM($N$25:OFFSET(L533,-1,2))/2","v":1108067.4300000002}]
[]
[]
[]
[null,null,null,null,null,"ROGÉRIO NOGUEIRA DIAS"]
[null,null,null,null,null,"Arquiteto, Urbanista, Especialista em Engenharia de Segurança do Trabalho"]
[null,null,null,null,null,"CAU A76801-4"]
[]
[null,null,null,null,null,null,null,null,null,null,null,null,null,913366.91000000015]
[]
[]
[]
[null,null,null,null,null,null,null,null,null,null,null,null,null,{"$f":"SUM(N25:N531)","v":2216134.8600000003}]
[null,null,null,null,null,null,null,null,null,null,null,null,null,{"$f":"N545/2","v":1108067.4300000002}]

{"sheet":"COMPOSIÇÃO CIVIL","index":2,"n_rows":331,"n_cols":8,"rows_kept":331,"cut":false,"hidden":false,"merged":[[8,1,8,3],[10,1,10,2],[13,1,13,6],[11,1,11,6],[247,1,247,6],[109,2,109,5],[207,1,207,6],[203,2,203,5],[199,4,199,6],[180,4,180,6],[176,3,176,6],[221,1,221,4],[238,2,238,5],[223,2,223,5],[143,1,143,4],[59,1,59,6],[60,1,60,6],[61,1,61,6],[62,1,62,6],[129,2,129,5],[76,1,76,4],[85,2,85,5],[92,2,92,5],[101,1,101,6],[124,1,124,6],[111,1,111,6],[210,1,210,4],[205,1,205,6],[157,3,157,6],[173,1,173,4],[164,1,164,6],[156,1,156,6],[106,1,107,4],[158,4,158,6],[320,1,320,6],[157,1,157,2],[103,1,103,6],[160,4,160,6],[162,2,162,5],[169,1,169,6],[151,1,151,6],[145,2,145,5],[154,1,154,4],[159,4,159,6],[175,1,175,6],[177,4,177,6],[176,1,176,2],[181,4,181,6],[178,4,178,6],[179,4,179,6],[212,2,212,5],[230,2,230,5],[236,1,236,6],[218,1,218,6],[249,1,249,2],[262,2,262,5],[274,1,274,4],[214,1,214,6],[251,2,251,5],[182,4,182,6],[197,4,197,6],[190,1,190,6],[195,1,195,6],[196,1,196,2],[196,3,196,6],[200,4,200,6],[201,4,201,6],[193,1,193,4],[185,2,185,5],[187,1,187,6],[198,4,198,6],[183,4,183,6],[33,4,33,6],[37,1,37,6],[46,1,46,4],[42,2,42,5],[44,1,44,6],[117,1,117,4],[147,1,147,6],[136,2,136,5],[99,2,99,5],[33,1,33,2],[35,2,35,5],[78,2,78,5],[40,1,40,4],[66,1,66,6],[64,2,64,5],[55,1,55,6],[48,2,48,5],[58,1,58,4],[50,1,50,6],[73,1,73,6],[119,2,119,5],[121,1,121,6],[138,1,138,6],[127,1,127,4],[14,1,14,6],[16,2,16,5],[24,1,24,4],[18,1,18,6],[27,4,27,6],[28,1,28,6],[32,1,32,2],[26,1,26,6],[29,1,29,2],[29,4,29,6],[30,1,30,2],[30,4,30,6],[31,1,31,2],[31,4,31,6],[27,1,27,2],[32,4,32,6],[328,1,328,6],[329,1,329,6],[330,1,330,6],[305,1,305,6],[309,1,309,6],[312,1,312,2],[327,1,327,9],[253,1,253,6],[257,1,257,6],[260,1,260,4],[286,2,286,5],[288,1,288,6],[291,1,291,6],[294,1,294,2],[296,2,296,5],[303,2,303,5],[323,1,323,4],[264,1,264,6],[269,1,269,6],[276,2,276,5],[278,1,278,6],[281,1,281,6],[284,1,284,4],[316,1,316,6]]}
[]
[]
[]
[null,"R.N.DIAS CONSULTORIA E PROJETO ME"]
[null,"CNPJ: 40.600.695/0001-67"]
[]
[]
[]
[null,"DADOS DA OBRA"]
[null,"Objeto: “REFORMA E AMPLIAÇÃO CIRETRAN PEDRA PRETA - MT\"",null,null,null,"BDI:","22,23%"]
[null,"Endereço:  RUA AMAMBAL, S/N - PEDRA PRETA - MT",null,null,null,"DATA:",{"$f":"TODAY()","v":"2025-01-28"}]
[null,"Cidade: PEDRA PRETA - MT"]
[]
[null,{"$f":"'PLANILHA ORÇAMENTÁRIA'!F20","v":"FONTE SINAPI DEZEMBRO/2024 SEM DESONERAÇÃO"}]
[null,"COMPOSIÇÃO DE CUSTOS UNITÁRIOS - CIVIL"]
[]
[null,"CIV 001","ADMINISTRAÇÃO LOCAL",null,null,null,"UN",{"$f":"G25","v":42981.899999999994}]
[null,"SINAPI ou Cot. De Mercado","COMPONENTES","UN","Quantidade","Custos\nUnit. (R$)","Custos\nTotal (R$)"]
[null,"MÃO DE OBRA"]
["SERVIÇO",100289,{"$f":"IF($A20=\"INSUMO\",VLOOKUP($B20,'BANCO DE DADOS DEZ-24 INS'!$A:$D,2,FALSE),VLOOKUP($B20,'BANCO DE DADOS DEZ-24  SERV'!$B:$E,2,FALSE))","v":"VIGIA DIURNO COM ENCARGOS COMPLEMENTARES"},{"$f":"IF($A20=\"INSUMO\",VLOOKUP($B20,'BANCO DE DADOS DEZ-24 INS'!$A:$D,3,FALSE),VLOOKUP($B20,'BANCO DE DADOS DEZ-24  SERV'!$B:$E,3,FALSE))","v":"H"},{"$f":"8*2*4*6","v":384},{"$f":"IF($A20=\"INSUMO\",VLOOKUP($B20,'BANCO DE DADOS DEZ-24 INS'!$A:$D,4,FALSE),VLOOKUP($B20,'BANCO DE DADOS DEZ-24  SERV'!$B:$E,4,FALSE))","v":20.59},{"$f":"TRUNC(E20*F20,2)","v":7906.56}]
["SERVIÇO",90776,{"$f":"IF($A21=\"INSUMO\",VLOOKUP($B21,'BANCO DE DADOS DEZ-24 INS'!$A:$D,2,FALSE),VLOOKUP($B21,'BANCO DE DADOS DEZ-24  SERV'!$B:$E,2,FALSE))","v":"ENCARREGADO GERAL COM ENCARGOS COMPLEMENTARES"},{"$f":"IF($A21=\"INSUMO\",VLOOKUP($B21,'BANCO DE DADOS DEZ-24 INS'!$A:$D,3,FALSE),VLOOKUP($B21,'BANCO DE DADOS DEZ-24  SERV'!$B:$E,3,FALSE))","v":"H"},{"$f":"8*4*4*6","v":768},{"$f":"IF($A21=\"INSUMO\",VLOOKUP($B21,'BANCO DE DADOS DEZ-24 INS'!$A:$D,4,FALSE),VLOOKUP($B21,'BANCO DE DADOS DEZ-24  SERV'!$B:$E,4,FALSE))","v":29.84},22917.119999999999]
["SERVIÇO",100309,{"$f":"IF($A22=\"INSUMO\",VLOOKUP($B22,'BANCO DE DADOS DEZ-24 INS'!$A:$D,2,FALSE),VLOOKUP($B22,'BANCO DE DADOS DEZ-24  SERV'!$B:$E,2,FALSE))","v":"TÉCNICO EM SEGURANÇA DO TRABALHO COM ENCARGOS COMPLEMENTARES"},{"$f":"IF($A22=\"INSUMO\",VLOOKUP($B22,'BANCO DE DADOS DEZ-24 INS'!$A:$D,3,FALSE),VLOOKUP($B22,'BANCO DE DADOS DEZ-24  SERV'!$B:$E,3,FALSE))","v":"H"},{"$f":"1*1*3*6","v":18},{"$f":"IF($A22=\"INSUMO\",VLOOKUP($B22,'BANCO DE DADOS DEZ-24 INS'!$A:$D,4,FALSE),VLOOKUP($B22,'BANCO DE DADOS DEZ-24  SERV'!$B:$E,4,FALSE))","v":29.71},534.78]
["SERVIÇO",90780,{"$f":"IF($A23=\"INSUMO\",VLOOKUP($B23,'BANCO DE DADOS DEZ-24 INS'!$A:$D,2,FALSE),VLOOKUP($B23,'BANCO DE DADOS DEZ-24  SERV'!$B:$E,2,FALSE))","v":"MESTRE DE OBRAS COM ENCARGOS COMPLEMENTARES"},{"$f":"IF($A23=\"INSUMO\",VLOOKUP($B23,'BANCO DE DADOS DEZ-24 INS'!$A:$D,3,FALSE),VLOOKUP($B23,'BANCO DE DADOS DEZ-24  SERV'!$B:$E,3,FALSE))","v":"H"},{"$f":"2*3*4*6","v":144},{"$f":"IF($A23=\"INSUMO\",VLOOKUP($B23,'BANCO DE DADOS DEZ-24 INS'!$A:$D,4,FALSE),VLOOKUP($B23,'BANCO DE DADOS DEZ-24  SERV'!$B:$E,4,FALSE))","v":61.24},{"$f":"TRUNC(E23*F23,2)","v":8818.56}]
["SERVIÇO",90777,{"$f":"IF($A24=\"INSUMO\",VLOOKUP($B24,'BANCO DE DADOS DEZ-24 INS'!$A:$D,2,FALSE),VLOOKUP($B24,'BANCO DE DADOS DEZ-24  SERV'!$B:$E,2,FALSE))","v":"ENGENHEIRO CIVIL DE OBRA JUNIOR COM ENCARGOS COMPLEMENTARES"},{"$f":"IF($A24=\"INSUMO\",VLOOKUP($B24,'BANCO DE DADOS DEZ-24 INS'!$A:$D,3,FALSE),VLOOKUP($B24,'BANCO DE DADOS DEZ-24  SERV'!$B:$E,3,FALSE))","v":"H"},{"$f":"1*1*4*6","v":24},{"$f":"IF($A24=\"INSUMO\",VLOOKUP($B24,'BANCO DE DADOS DEZ-24 INS'!$A:$D,4,FALSE),VLOOKUP($B24,'BANCO DE DADOS DEZ-24  SERV'!$B:$E,4,FALSE))","v":116.87},{"$f":"TRUNC(E24*F24,2)","v":2804.88}]
[null,null,null,null,null,"Total",{"$f":"SUM(G20:G24)","v":42981.899999999994}]
[]
[null,"MEMÓRIA DE CÁLCULO - ADMINISTRAÇÃO LOCAL"]
[null,"COMPONENTES",null,"UN","CÁLCULO"]
[null,"M A T E R I A L"]
[null,{"$f":"C20","v":"VIGIA DIURNO COM ENCARGOS COMPLEMENTARES"},null,null,"8HR*2DIAS*4SEMANAS*6MESES",null,null,{"$f":"CONCATENATE(B30,\":\",\" \",E30,\" \",B31,\":\",\" \",E31,\" \",B32,\":\",\" \",E32,\" \",B33,\":\",\" \",E33,\" \",B34,\":\",\" \",E34)","v":"VIGIA DIURNO COM ENCARGOS COMPLEMENTARES: 8HR*2DIAS*4SEMANAS*6MESES ENCARREGADO GERAL COM ENCARGOS COMPLEMENTARES: 8HR*4DIAS*4SEMANAS*6MESES TÉCNICO EM SEGURANÇA DO TRABALHO COM ENCARGOS COMPLEMENTARES: 1HR*1DIAS*3SEMANAS*6MESES MESTRE DE OBRAS COM ENCARGOS COMPLEMENTARES: 2HR*3DIAS*4SEMANAS*6MESES ENGENHEIRO CIVIL DE OBRA JUNIOR COM ENCARGOS COMPLEMENTARES: 1HR*1DIAS*4SEMANAS*6MESES"}]
[null,{"$f":"C21","v":"ENCARREGADO GERAL COM ENCARGOS COMPLEMENTARES"},null,null,"8HR*4DIAS*4SEMANAS*6MESES"]
[null,{"$f":"C22","v":"TÉCNICO EM SEGURANÇA DO TRABALHO COM ENCARGOS COMPLEMENTARES"},null,null,"1HR*1DIAS*3SEMANAS*6MESES"]
[null,{"$f":"C23","v":"MESTRE DE OBRAS COM ENCARGOS COMPLEMENTARES"},null,null,"2HR*3DIAS*4SEMANAS*6MESES"]
[null,{"$f":"C24","v":"ENGENHEIRO CIVIL DE OBRA JUNIOR COM ENCARGOS COMPLEMENTARES"},null,null,"1HR*1DIAS*4SEMANAS*6MESES"]
[]
[null,"CIV 002","DEMOLIÇÃO DE PISO DE ALTA RESISTÊNCIA",null,null,null,"M2",{"$f":"G41","v":22.88}]
[null,"SINAPI ou Cot. De Mercado","COMPONENTES","UN","Quantidade","Custos\nUnit. (R$)","Custos\nTotal (R$)"]
[null,"M Ã O   D E   O B R A"]
["SERVIÇO",88309,{"$f":"IF($A39=\"INSUMO\",VLOOKUP($B39,'BANCO DE DADOS DEZ-24 INS'!$A:$D,2,FALSE),VLOOKUP($B39,'BANCO DE DADOS DEZ-24  SERV'!$B:$E,2,FALSE))","v":"PEDREIRO COM ENCARGOS COMPLEMENTARES"},{"$f":"IF($A39=\"INSUMO\",VLOOKUP($B39,'BANCO DE DADOS DEZ-24 INS'!$A:$D,3,FALSE),VLOOKUP($B39,'BANCO DE DADOS DEZ-24  SERV'!$B:$E,3,FALSE))","v":"H"},0.1,{"$f":"IF($A39=\"INSUMO\",VLOOKUP($B39,'BANCO DE DADOS DEZ-24 INS'!$A:$D,4,FALSE),VLOOKUP($B39,'BANCO DE DADOS DEZ-24  SERV'!$B:$E,4,FALSE))","v":25.62},{"$f":"F39*E39","v":2.5620000000000003}]
["SERVIÇO",88316,{"$f":"IF($A40=\"INSUMO\",VLOOKUP($B40,'BANCO DE DADOS DEZ-24 INS'!$A:$D,2,FALSE),VLOOKUP($B40,'BANCO DE DADOS DEZ-24  SERV'!$B:$E,2,FALSE))","v":"SERVENTE COM ENCARGOS COMPLEMENTARES"},{"$f":"IF($A40=\"INSUMO\",VLOOKUP($B40,'BANCO DE DADOS DEZ-24 INS'!$A:$D,3,FALSE),VLOOKUP($B40,'BANCO DE DADOS DEZ-24  SERV'!$B:$E,3,FALSE))","v":"H"},1,{"$f":"IF($A40=\"INSUMO\",VLOOKUP($B40,'BANCO DE DADOS DEZ-24 INS'!$A:$D,4,FALSE),VLOOKUP($B40,'BANCO DE DADOS DEZ-24  SERV'!$B:$E,4,FALSE))","v":20.32},{"$f":"F40*E40","v":20.32}]
[null,"**COMPOSIÇÃO BASEADA NA TABELA ORSE - CÓDIGO 3240 - (NOVEMBRO/2023)",null,null,null,"TOTAL",{"$f":"TRUNC(SUM(G38:G40),2)","v":22.88}]
[]
[null,"CIV 003","REMOÇÃO DE ESTRUTURA METÁLICA CHUMBADA EM CONCRETO (ALAMBRADO, GUARDA-CORPO)",null,null,null,"M2",{"$f":"G47","v":60.96}]
[null,"SINAPI ou Cot. De Mercado","COMPONENTES","UN","Quantidade","Custos\nUnit. (R$)","Custos\nTotal (R$)"]
[null,"MÃO DE OBRA"]
["SERVIÇO",88316,{"$f":"IF($A46=\"INSUMO\",VLOOKUP($B46,'BANCO DE DADOS DEZ-24 INS'!$A:$D,2,FALSE),VLOOKUP($B46,'BANCO DE DADOS DEZ-24  SERV'!$B:$E,2,FALSE))","v":"SERVENTE COM ENCARGOS COMPLEMENTARES"},{"$f":"IF($A46=\"INSUMO\",VLOOKUP($B46,'BANCO DE DADOS DEZ-24 INS'!$A:$D,3,FALSE),VLOOKUP($B46,'BANCO DE DADOS DEZ-24  SERV'!$B:$E,3,FALSE))","v":"H"},3,{"$f":"IF($A46=\"INSUMO\",VLOOKUP($B46,'BANCO DE DADOS DEZ-24 INS'!$A:$D,4,FALSE),VLOOKUP($B46,'BANCO DE DADOS DEZ-24  SERV'!$B:$E,4,FALSE))","v":20.32},{"$f":"TRUNC(E46*F46,2)","v":60.96}]
[null,"**COMPOSIÇÃO BASEADA NA TABELA ORSE - CÓDIGO 00227 - (NOVEMBRO/2023)",null,null,null,"Total",{"$f":"TRUNC(SUM(G45:G46),2)","v":60.96}]
[]
[null,"CIV 004","PLACA CIMENTÍCIA E =6MM, PARA FECHAMENTO DA FACHADA (1 LADO/FACE), JUNTAS APARENTES, FIXADA EM ESTRUTURA METÁLICA, EXCLUSIVE ESTA (FORNECIMENTO E ASSENTAMENTO)",null,null,null,"M2",{"$f":"G59","v":78.75}]
[null,"SINAPI ou Cot. De Mercado","COMPONENTES","UN","Quantidade","Custos\nUnit. (R$)","Custos\nTotal (R$)"]
[null,"MATERIAIS"]
["INSUMO",40547,{"$f":"IF($A52=\"INSUMO\",VLOOKUP($B52,'BANCO DE DADOS DEZ-24 INS'!$A:$D,2,FALSE),VLOOKUP($B52,'BANCO DE DADOS DEZ-24  SERV'!$B:$E,2,FALSE))","v":"PARAFUSO ZINCADO, AUTOBROCANTE, FLANGEADO, 4,2 MM X 19 MM                                                                                                                                                                                                                                                                                                                                                                                                                                                 "},{"$f":"IF($A52=\"INSUMO\",VLOOKUP($B52,'BANCO DE DADOS DEZ-24 INS'!$A:$D,3,FALSE),VLOOKUP($B52,'BANCO DE DADOS DEZ-24  SERV'!$B:$E,3,FALSE))","v":"CENTO "},0.15,{"$f":"IF($A52=\"INSUMO\",VLOOKUP($B52,'BANCO DE DADOS DEZ-24 INS'!$A:$D,4,FALSE),VLOOKUP($B52,'BANCO DE DADOS DEZ-24  SERV'!$B:$E,4,FALSE))","v":28.03},{"$f":"TRUNC(E52*F52,2)","v":4.2}]
["INSUMO",44073,{"$f":"IF($A53=\"INSUMO\",VLOOKUP($B53,'BANCO DE DADOS DEZ-24 INS'!$A:$D,2,FALSE),VLOOKUP($B53,'BANCO DE DADOS DEZ-24  SERV'!$B:$E,2,FALSE))","v":"TARUGO DELIMITADOR DE PROFUNDIDADE EM ESPUMA DE POLIETILENO DE BAIXA DENSIDADE 10 MM, CINZA                                                                                                                                                                                                                                                                                                                                                                                                               "},{"$f":"IF($A53=\"INSUMO\",VLOOKUP($B53,'BANCO DE DADOS DEZ-24 INS'!$A:$D,3,FALSE),VLOOKUP($B53,'BANCO DE DADOS DEZ-24  SERV'!$B:$E,3,FALSE))","v":"M     "},1.23,{"$f":"IF($A53=\"INSUMO\",VLOOKUP($B53,'BANCO DE DADOS DEZ-24 INS'!$A:$D,4,FALSE),VLOOKUP($B53,'BANCO DE DADOS DEZ-24  SERV'!$B:$E,4,FALSE))","v":0.72},{"$f":"TRUNC(E53*F53,2)","v":0.88}]
["INSUMO",142,{"$f":"IF($A54=\"INSUMO\",VLOOKUP($B54,'BANCO DE DADOS DEZ-24 INS'!$A:$D,2,FALSE),VLOOKUP($B54,'BANCO DE DADOS DEZ-24  SERV'!$B:$E,2,FALSE))","v":"SELANTE ELASTICO MONOCOMPONENTE A BASE DE POLIURETANO (PU) PARA JUNTAS DIVERSAS                                                                                                                                                                                                                                                                                                                                                                                                                           "},{"$f":"IF($A54=\"INSUMO\",VLOOKUP($B54,'BANCO DE DADOS DEZ-24 INS'!$A:$D,3,FALSE),VLOOKUP($B54,'BANCO DE DADOS DEZ-24  SERV'!$B:$E,3,FALSE))","v":"310ML "},0.1226,{"$f":"IF($A54=\"INSUMO\",VLOOKUP($B54,'BANCO DE DADOS DEZ-24 INS'!$A:$D,4,FALSE),VLOOKUP($B54,'BANCO DE DADOS DEZ-24  SERV'!$B:$E,4,FALSE))","v":36.4},{"$f":"TRUNC(E54*F54,2)","v":4.46}]
["INSUMO",11063,{"$f":"IF($A55=\"INSUMO\",VLOOKUP($B55,'BANCO DE DADOS DEZ-24 INS'!$A:$D,2,FALSE),VLOOKUP($B55,'BANCO DE DADOS DEZ-24  SERV'!$B:$E,2,FALSE))","v":"PLACA CIMENTICIA LISA E = 6 MM, DE 1,20 X *2,50* M (SEM AMIANTO)                                                                                                                                                                                                                                                                                                                                                                                                                                          "},{"$f":"IF($A55=\"INSUMO\",VLOOKUP($B55,'BANCO DE DADOS DEZ-24 INS'!$A:$D,3,FALSE),VLOOKUP($B55,'BANCO DE DADOS DEZ-24  SERV'!$B:$E,3,FALSE))","v":"M2    "},1.05,{"$f":"IF($A55=\"INSUMO\",VLOOKUP($B55,'BANCO DE DADOS DEZ-24 INS'!$A:$D,4,FALSE),VLOOKUP($B55,'BANCO DE DADOS DEZ-24  SERV'!$B:$E,4,FALSE))","v":32.75},{"$f":"TRUNC(E55*F55,2)","v":34.380000000000003}]
[null,"MÃO DE OBRA"]
["SERVIÇO",88309,{"$f":"IF($A57=\"INSUMO\",VLOOKUP($B57,'BANCO DE DADOS DEZ-24 INS'!$A:$D,2,FALSE),VLOOKUP($B57,'BANCO DE DADOS DEZ-24  SERV'!$B:$E,2,FALSE))","v":"PEDREIRO COM ENCARGOS COMPLEMENTARES"},{"$f":"IF($A57=\"INSUMO\",VLOOKUP($B57,'BANCO DE DADOS DEZ-24 INS'!$A:$D,3,FALSE),VLOOKUP($B57,'BANCO DE DADOS DEZ-24  SERV'!$B:$E,3,FALSE))","v":"H"},0.7,{"$f":"IF($A57=\"INSUMO\",VLOOKUP($B57,'BANCO DE DADOS DEZ-24 INS'!$A:$D,4,FALSE),VLOOKUP($B57,'BANCO DE DADOS DEZ-24  SERV'!$B:$E,4,FALSE))","v":25.62},{"$f":"TRUNC(E57*F57,2)","v":17.93}]
["SERVIÇO",88261,{"$f":"IF($A58=\"INSUMO\",VLOOKUP($B58,'BANCO DE DADOS DEZ-24 INS'!$A:$D,2,FALSE),VLOOKUP($B58,'BANCO DE DADOS DEZ-24  SERV'!$B:$E,2,FALSE))","v":"CARPINTEIRO DE ESQUADRIA COM ENCARGOS COMPLEMENTARES"},{"$f":"IF($A58=\"INSUMO\",VLOOKUP($B58,'BANCO DE DADOS DEZ-24 INS'!$A:$D,3,FALSE),VLOOKUP($B58,'BANCO DE DADOS DEZ-24  SERV'!$B:$E,3,FALSE))","v":"H"},0.7,{"$f":"IF($A58=\"INSUMO\",VLOOKUP($B58,'BANCO DE DADOS DEZ-24 INS'!$A:$D,4,FALSE),VLOOKUP($B58,'BANCO DE DADOS DEZ-24  SERV'!$B:$E,4,FALSE))","v":24.15},{"$f":"TRUNC(E58*F58,2)","v":16.899999999999999}]
[null,"**COMPOSIÇÃO BASEADA NA TABELA ORSE CÓDIGO 12828 - (NOVEMBRO/2023)",null,null,null,"Total",{"$f":"TRUNC(SUM(G52:G58),2)","v":78.75}]
[null,"O INSUMO DE CÓDIGO 40547 (PARAFUSO ZINCADO) POSSUI UNIDADE DE MEDIDA DIFERENTE DA REFERÊNCIA UTILIZADA PARA ELABORAÇÃO DESTA COMPOSIÇÃO, PORTANTO SE FAZ NECESSÁRIA A CONVERSÃO DE UNIDADES CONFORME APRESENTADO NO CÁLCULO ABAIXO."]
[null,"1 CENTO ----------- 100UN\nX -------------- 15UN\nx: 0,15 CENTO                                                                                                                                                                                                                                                                                                                                                                   "]
[null,"O INSUMO DE CÓDIGO 142 (SELANTE ELASTICO) POSSUI UNIDADE DE MEDIDA DIFERENTE DA REFERÊNCIA UTILIZADA PARA ELABORAÇÃO DESTA COMPOSIÇÃO, PORTANTO SE FAZ NECESSÁRIA A CONVERSÃO DE UNIDADES CONFORME APRESENTADO NO CÁLCULO ABAIXO."]
[null,"1 KG ----------- 1000 ML\n0,038 KG -------------- X                                                                                                                                                                                                                                                                                                 X: 38 ML                                                                                                                                                                                                                                                                                                                                                                                                                     310 ML ----------- 1 UND\n38 ML ---------- X\nX: 0,1226 UND"]
[]
[null,"CIV 005","FORNECIMENTO E INSTALAÇÃO DE REVESTIMENTO EM CHAPA DE ACM",null,null,null,"M2",{"$f":"G77","v":617.53}]
[null,"SINAPI ou Cot. De Mercado","COMPONENTES","UN","Quantidade","Custos\nUnit. (R$)","Custos\nTotal (R$)"]
[null,"M A T E R I A L"]
["INSUMO","COTAÇÃO",{"$f":"C79","v":"PARAFUSO AUTOBROCANTE 12X38MM COM ARRUELA DE VEDAÇÃO"},{"$f":"G79","v":"UN"},6.2725,{"$f":"D84","v":0.32107599999999997},{"$f":"TRUNC(E68*F68,2)","v":2.0099999999999998}]
["INSUMO",5104,{"$f":"IF($A69=\"INSUMO\",VLOOKUP($B69,'BANCO DE DADOS DEZ-24 INS'!$A:$D,2,FALSE),VLOOKUP($B69,'BANCO DE DADOS DEZ-24  SERV'!$B:$E,2,FALSE))","v":"REBITE DE REPUXO EM ALUMINIO VAZADO, DIAMETRO 3,2 X 8 MM DE COMPRIMENTO (1KG = 1025 UNIDADES)                                                                                                                                                                                                                                                                                                                                                                                                             "},{"$f":"IF($A69=\"INSUMO\",VLOOKUP($B69,'BANCO DE DADOS DEZ-24 INS'!$A:$D,3,FALSE),VLOOKUP($B69,'BANCO DE DADOS DEZ-24  SERV'!$B:$E,3,FALSE))","v":"KG    "},1.5054000000000001,{"$f":"IF($A69=\"INSUMO\",VLOOKUP($B69,'BANCO DE DADOS DEZ-24 INS'!$A:$D,4,FALSE),VLOOKUP($B69,'BANCO DE DADOS DEZ-24  SERV'!$B:$E,4,FALSE))","v":71.89},108.22]
["INSUMO",39961,{"$f":"IF($A70=\"INSUMO\",VLOOKUP($B70,'BANCO DE DADOS DEZ-24 INS'!$A:$D,2,FALSE),VLOOKUP($B70,'BANCO DE DADOS DEZ-24  SERV'!$B:$E,2,FALSE))","v":"SILICONE ACETICO USO GERAL INCOLOR 280 G                                                                                                                                                                                                                                                                                                                                                                                                                                                                  "},{"$f":"IF($A70=\"INSUMO\",VLOOKUP($B70,'BANCO DE DADOS DEZ-24 INS'!$A:$D,3,FALSE),VLOOKUP($B70,'BANCO DE DADOS DEZ-24  SERV'!$B:$E,3,FALSE))","v":"UN    "},2.1249500000000001,{"$f":"IF($A70=\"INSUMO\",VLOOKUP($B70,'BANCO DE DADOS DEZ-24 INS'!$A:$D,4,FALSE),VLOOKUP($B70,'BANCO DE DADOS DEZ-24  SERV'!$B:$E,4,FALSE))","v":24.05},51.1]
["INSUMO",44073,{"$f":"IF($A71=\"INSUMO\",VLOOKUP($B71,'BANCO DE DADOS DEZ-24 INS'!$A:$D,2,FALSE),VLOOKUP($B71,'BANCO DE DADOS DEZ-24  SERV'!$B:$E,2,FALSE))","v":"TARUGO DELIMITADOR DE PROFUNDIDADE EM ESPUMA DE POLIETILENO DE BAIXA DENSIDADE 10 MM, CINZA                                                                                                                                                                                                                                                                                                                                                                                                               "},{"$f":"IF($A71=\"INSUMO\",VLOOKUP($B71,'BANCO DE DADOS DEZ-24 INS'!$A:$D,3,FALSE),VLOOKUP($B71,'BANCO DE DADOS DEZ-24  SERV'!$B:$E,3,FALSE))","v":"M     "},1.2749999999999999,{"$f":"IF($A71=\"INSUMO\",VLOOKUP($B71,'BANCO DE DADOS DEZ-24 INS'!$A:$D,4,FALSE),VLOOKUP($B71,'BANCO DE DADOS DEZ-24  SERV'!$B:$E,4,FALSE))","v":0.72},0.91]
["INSUMO",{"$f":"B93","v":"COTAÇÃO"},{"$f":"C93","v":"PLACA EM ACM (POR M2)"},{"$f":"G93","v":"M2"},1.3,{"$f":"D98","v":62.295081967213122},80.98]
["INSUMO",592,{"$f":"IF($A73=\"INSUMO\",VLOOKUP($B73,'BANCO DE DADOS DEZ-24 INS'!$A:$D,2,FALSE),VLOOKUP($B73,'BANCO DE DADOS DEZ-24  SERV'!$B:$E,2,FALSE))","v":"CANTONEIRA EM ALUMINIO, ABAS IGUAIS, LARGURA DE 25,40 MM (1\"), ESPESSURA DE 3,17 MM (1/8\") E PESO LINEAR DE APROXIMADAMENTE 0,408 KG/M                                                                                                                                                                                                                                                                                                                                                                    "},{"$f":"IF($A73=\"INSUMO\",VLOOKUP($B73,'BANCO DE DADOS DEZ-24 INS'!$A:$D,3,FALSE),VLOOKUP($B73,'BANCO DE DADOS DEZ-24  SERV'!$B:$E,3,FALSE))","v":"KG    "},2.4834999999999998,{"$f":"IF($A73=\"INSUMO\",VLOOKUP($B73,'BANCO DE DADOS DEZ-24 INS'!$A:$D,4,FALSE),VLOOKUP($B73,'BANCO DE DADOS DEZ-24  SERV'!$B:$E,4,FALSE))","v":37.799999999999997},93.87]
[null,"MÃO DE OBRA"]
["SERVIÇO",88315,{"$f":"IF($A75=\"INSUMO\",VLOOKUP($B75,'BANCO DE DADOS DEZ-24 INS'!$A:$D,2,FALSE),VLOOKUP($B75,'BANCO DE DADOS DEZ-24  SERV'!$B:$E,2,FALSE))","v":"SERRALHEIRO COM ENCARGOS COMPLEMENTARES"},{"$f":"IF($A75=\"INSUMO\",VLOOKUP($B75,'BANCO DE DADOS DEZ-24 INS'!$A:$D,3,FALSE),VLOOKUP($B75,'BANCO DE DADOS DEZ-24  SERV'!$B:$E,3,FALSE))","v":"H"},2.5175000000000001,{"$f":"IF($A75=\"INSUMO\",VLOOKUP($B75,'BANCO DE DADOS DEZ-24 INS'!$A:$D,4,FALSE),VLOOKUP($B75,'BANCO DE DADOS DEZ-24  SERV'!$B:$E,4,FALSE))","v":25.4},{"$f":"TRUNC(E75*F75,2)","v":63.94}]
["SERVIÇO",88251,{"$f":"IF($A76=\"INSUMO\",VLOOKUP($B76,'BANCO DE DADOS DEZ-24 INS'!$A:$D,2,FALSE),VLOOKUP($B76,'BANCO DE DADOS DEZ-24  SERV'!$B:$E,2,FALSE))","v":"AUXILIAR DE SERRALHEIRO COM ENCARGOS COMPLEMENTARES"},{"$f":"IF($A76=\"INSUMO\",VLOOKUP($B76,'BANCO DE DADOS DEZ-24 INS'!$A:$D,3,FALSE),VLOOKUP($B76,'BANCO DE DADOS DEZ-24  SERV'!$B:$E,3,FALSE))","v":"H"},10.069900000000001,{"$f":"IF($A76=\"INSUMO\",VLOOKUP($B76,'BANCO DE DADOS DEZ-24 INS'!$A:$D,4,FALSE),VLOOKUP($B76,'BANCO DE DADOS DEZ-24  SERV'!$B:$E,4,FALSE))","v":21.5},{"$f":"TRUNC(E76*F76,2)","v":216.5}]
[null,"*COMPOSIÇÃO BASEADA NA TABELA CPOS (MAIO/2023), CÓDIGO21.03.151",null,null,null,"TOTAL",{"$f":"SUM(G67:G76)","v":617.53}]
[]
[null,"COTAÇÃO","PARAFUSO AUTOBROCANTE 12X38MM COM ARRUELA DE VEDAÇÃO",null,null,null,"UN"]
[null,"DATA","NOME DA EMPRESA FORNECEDORA","VALOR COTADO","CNPJ","TELEFONE","CONTATO"]
[null,"2024-08-15","TONINHO PARAFUSOS",0.32,"02.900.216/0001-39","(65)3027-1606","HOBERT"]
[null,"2024-08-16","FERMAT",0.36580000000000001,"03.658.692/0005-81","(65) 3644-5555","CLEBERSON"]
[null,"2024-08-20","MOTTA",0.32107599999999997,"01.390.442/0007-40","(65) 3316-3000","JULIO"]
[null,null,"VALOR ACATADO MEDIANA",{"$f":"IF(COUNT(D80:D83)=3,MEDIAN(D81:D83),SMALL(D81:D83,1))","v":0.32107599999999997}]
[]
[null,"COTAÇÃO","PLACA EM ACM 1,22 M X 5,00 M",null,null,null,"UN"]
[null,"DATA","NOME DA EMPRESA FORNECEDORA","VALOR COTADO","CNPJ","TELEFONE","CONTATO"]
[null,"2024-07-31","UNITRAMA",380,"15.502.632/0005-54","(65) 3023-9727","MARCELO"]
[null,"2024-08-08","NOVO TEMPO DIGITAL",426.16,"09.386.637/0002-13","(65) 4052-9910","DAIANE"]
[null,"2024-07-31","BRASLUM",380,"08.626.189/0001-34","(65) 3622-2433","RAFAEL"]
[null,null,"VALOR ACATADO MEDIANA",{"$f":"IF(COUNT(D87:D90)=3,MEDIAN(D88:D90),SMALL(D88:D90,1))","v":380}]
[]
[null,"COTAÇÃO","PLACA EM ACM (POR M2)",null,null,null,"M2"]
[null,"DATA","NOME DA EMPRESA FORNECEDORA","VALOR COTADO","CNPJ","TELEFONE","CONTATO"]
[null,{"$f":"B88","v":"2024-07-31"},{"$f":"C88","v":"UNITRAMA"},{"$f":"D88/(1.22*5)","v":62.295081967213122},{"$f":"E88","v":"15.502.632/0005-54"},{"$f":"F88","v":"(65) 3023-9727"},"MARCELO"]
[null,{"$f":"B89","v":"2024-08-08"},"NOVO TEMPO DIGITAL",null,{"$f":"E89","v":"09.386.637/0002-13"},"(65) 4052-9910","DAIANE"]
[null,"2024-07-31","BRASLUM",null,"08.626.189/0001-34","(65) 3622-2433","RAFAEL"]
[null,null,"VALOR ACATADO MEDIANA",{"$f":"IF(COUNT(D94:D97)=3,MEDIAN(D95:D97),SMALL(D95:D97,1))","v":62.295081967213122}]
[]
[null,"CIV 006","JANELA EM VIDRO TEMPERADO 8 MM, DE CORRER COM ESTRUTURA EM ALUMÍNIO",null,null,null,"M2",{"$f":"G107","v":692.41}]
[null,"SINAPI ou Cot. De Mercado","COMPONENTES","UN","Quantidade","Custos\nUnit. (R$)","Custos\nTotal (R$)"]
[null,"MATERIAIS"]
["SERVIÇO",102180,{"$f":"IF($A103=\"INSUMO\",VLOOKUP($B103,'BANCO DE DADOS DEZ-24 INS'!$A:$D,2,FALSE),VLOOKUP($B103,'BANCO DE DADOS DEZ-24  SERV'!$B:$E,2,FALSE))","v":"INSTALAÇÃO DE VIDRO TEMPERADO, E = 8 MM, ENCAIXADO EM PERFIL U. AF_01/2021_PS"},{"$f":"IF($A103=\"INSUMO\",VLOOKUP($B103,'BANCO DE DADOS DEZ-24 INS'!$A:$D,3,FALSE),VLOOKUP($B103,'BANCO DE DADOS DEZ-24  SERV'!$B:$E,3,FALSE))","v":"M2"},1.05,{"$f":"IF($A103=\"INSUMO\",VLOOKUP($B103,'BANCO DE DADOS DEZ-24 INS'!$A:$D,4,FALSE),VLOOKUP($B103,'BANCO DE DADOS DEZ-24  SERV'!$B:$E,4,FALSE))","v":506.31},{"$f":"TRUNC(E103*F103,2)","v":531.62}]
[null," "]
["SERVIÇO",88309,{"$f":"IF($A105=\"INSUMO\",VLOOKUP($B105,'BANCO DE DADOS DEZ-24 INS'!$A:$D,2,FALSE),VLOOKUP($B105,'BANCO DE DADOS DEZ-24  SERV'!$B:$E,2,FALSE))","v":"PEDREIRO COM ENCARGOS COMPLEMENTARES"},{"$f":"IF($A105=\"INSUMO\",VLOOKUP($B105,'BANCO DE DADOS DEZ-24 INS'!$A:$D,3,FALSE),VLOOKUP($B105,'BANCO DE DADOS DEZ-24  SERV'!$B:$E,3,FALSE))","v":"H"},3.5,{"$f":"IF($A105=\"INSUMO\",VLOOKUP($B105,'BANCO DE DADOS DEZ-24 INS'!$A:$D,4,FALSE),VLOOKUP($B105,'BANCO DE DADOS DEZ-24  SERV'!$B:$E,4,FALSE))","v":25.62},{"$f":"TRUNC(E105*F105,2)","v":89.67}]
["SERVIÇO",88316,{"$f":"IF($A106=\"INSUMO\",VLOOKUP($B106,'BANCO DE DADOS DEZ-24 INS'!$A:$D,2,FALSE),VLOOKUP($B106,'BANCO DE DADOS DEZ-24  SERV'!$B:$E,2,FALSE))","v":"SERVENTE COM ENCARGOS COMPLEMENTARES"},{"$f":"IF($A106=\"INSUMO\",VLOOKUP($B106,'BANCO DE DADOS DEZ-24 INS'!$A:$D,3,FALSE),VLOOKUP($B106,'BANCO DE DADOS DEZ-24  SERV'!$B:$E,3,FALSE))","v":"H"},3.5,{"$f":"IF($A106=\"INSUMO\",VLOOKUP($B106,'BANCO DE DADOS DEZ-24 INS'!$A:$D,4,FALSE),VLOOKUP($B106,'BANCO DE DADOS DEZ-24  SERV'!$B:$E,4,FALSE))","v":20.32},{"$f":"TRUNC(E106*F106,2)","v":71.12}]
[null,"**COMPOSIÇÃO BASEADA NA TCPO - CÓDIGO  08.820.8.3.3 - ESTA COMPOSIÇÃO VISA SUPRIR A IMPOSSIBILIDADE DE ELABORAÇÃO DE COMPOSIÇÃO EXATA PARA TODAS AS DIMENSÕES POSSÍVEIS PARA ESSE SERVIÇO, AUXILIANDO ASSIM O ORÇAMENTISTA A ESTIMAR O CUSTO PARA QUALQUER DIMENSÃO DE ESQUADRIA DESEJADA.",null,null,null,"Total",{"$f":"TRUNC(SUM(G103:G106),2)","v":692.41}]
[]
[]
[null,"CIV 007","KIT DE PORTA DE MADEIRA PARA PINTURA, SEMI-OCA (LEVE OU MÉDIA), PADRÃO POPULAR, 90X210CM, ESPESSURA DE 3,5CM, ITENS INCLUSOS: DOBRADIÇAS, MONTAGEM E INSTALAÇÃO DO BATENTE, FECHADURA COM EXECUÇÃO DO FURO - FORNECIMENTO E INSTALAÇÃO. AF_08/2015 - ADAPTADA PARA PNE",null,null,null,"UN",{"$f":"G118","v":1341.83}]
[null,"SINAPI ou Cot. De Mercado","COMPONENTES","UN","Quantidade","Custos\nUnit. (R$)","Custos\nTotal (R$)"]
[null,"MATERIAIS"]
["SERVIÇO",90823,{"$f":"IF($A113=\"INSUMO\",VLOOKUP($B113,'BANCO DE DADOS DEZ-24 INS'!$A:$D,2,FALSE),VLOOKUP($B113,'BANCO DE DADOS DEZ-24  SERV'!$B:$E,2,FALSE))","v":"PORTA DE MADEIRA PARA PINTURA, SEMI-OCA (LEVE OU MÉDIA), 90X210CM, ESPESSURA DE 3,5CM, INCLUSO DOBRADIÇAS - FORNECIMENTO E INSTALAÇÃO. AF_12/2019"},{"$f":"IF($A113=\"INSUMO\",VLOOKUP($B113,'BANCO DE DADOS DEZ-24 INS'!$A:$D,3,FALSE),VLOOKUP($B113,'BANCO DE DADOS DEZ-24  SERV'!$B:$E,3,FALSE))","v":"UN"},1,{"$f":"IF($A113=\"INSUMO\",VLOOKUP($B113,'BANCO DE DADOS DEZ-24 INS'!$A:$D,4,FALSE),VLOOKUP($B113,'BANCO DE DADOS DEZ-24  SERV'!$B:$E,4,FALSE))","v":454.7},{"$f":"TRUNC(E113*F113,2)","v":454.7}]
["SERVIÇO",91292,{"$f":"IF($A114=\"INSUMO\",VLOOKUP($B114,'BANCO DE DADOS DEZ-24 INS'!$A:$D,2,FALSE),VLOOKUP($B114,'BANCO DE DADOS DEZ-24  SERV'!$B:$E,2,FALSE))","v":"BATENTE PARA PORTA DE MADEIRA, FIXAÇÃO COM ARGAMASSA, PADRÃO POPULAR. FORNECIMENTO E INSTALAÇÃO. AF_12/2019"},{"$f":"IF($A114=\"INSUMO\",VLOOKUP($B114,'BANCO DE DADOS DEZ-24 INS'!$A:$D,3,FALSE),VLOOKUP($B114,'BANCO DE DADOS DEZ-24  SERV'!$B:$E,3,FALSE))","v":"UN"},1,{"$f":"IF($A114=\"INSUMO\",VLOOKUP($B114,'BANCO DE DADOS DEZ-24 INS'!$A:$D,4,FALSE),VLOOKUP($B114,'BANCO DE DADOS DEZ-24  SERV'!$B:$E,4,FALSE))","v":337.88},{"$f":"TRUNC(E114*F114,2)","v":337.88}]
["SERVIÇO",91304,{"$f":"IF($A115=\"INSUMO\",VLOOKUP($B115,'BANCO DE DADOS DEZ-24 INS'!$A:$D,2,FALSE),VLOOKUP($B115,'BANCO DE DADOS DEZ-24  SERV'!$B:$E,2,FALSE))","v":"FECHADURA DE EMBUTIR COM CILINDRO, EXTERNA, COMPLETA, ACABAMENTO PADRÃO POPULAR, INCLUSO EXECUÇÃO DE FURO - FORNECIMENTO E INSTALAÇÃO. AF_12/2019"},{"$f":"IF($A115=\"INSUMO\",VLOOKUP($B115,'BANCO DE DADOS DEZ-24 INS'!$A:$D,3,FALSE),VLOOKUP($B115,'BANCO DE DADOS DEZ-24  SERV'!$B:$E,3,FALSE))","v":"UN"},1,{"$f":"IF($A115=\"INSUMO\",VLOOKUP($B115,'BANCO DE DADOS DEZ-24 INS'!$A:$D,4,FALSE),VLOOKUP($B115,'BANCO DE DADOS DEZ-24  SERV'!$B:$E,4,FALSE))","v":111.12},{"$f":"TRUNC(E115*F115,2)","v":111.12}]
["SERVIÇO",100660,{"$f":"IF($A116=\"INSUMO\",VLOOKUP($B116,'BANCO DE DADOS DEZ-24 INS'!$A:$D,2,FALSE),VLOOKUP($B116,'BANCO DE DADOS DEZ-24  SERV'!$B:$E,2,FALSE))","v":"ALIZAR DE 5X1,5CM PARA PORTA FIXADO COM PREGOS, PADRÃO POPULAR - FORNECIMENTO E INSTALAÇÃO. AF_12/2019"},{"$f":"IF($A116=\"INSUMO\",VLOOKUP($B116,'BANCO DE DADOS DEZ-24 INS'!$A:$D,3,FALSE),VLOOKUP($B116,'BANCO DE DADOS DEZ-24  SERV'!$B:$E,3,FALSE))","v":"M"},10.199999999999999,{"$f":"IF($A116=\"INSUMO\",VLOOKUP($B116,'BANCO DE DADOS DEZ-24 INS'!$A:$D,4,FALSE),VLOOKUP($B116,'BANCO DE DADOS DEZ-24  SERV'!$B:$E,4,FALSE))","v":8.66},{"$f":"TRUNC(E116*F116,2)","v":88.33}]
["INSUMO",{"$f":"B120","v":"COMP 01"},{"$f":"C120","v":"PUXADOR PARA PCD, FIXADO NA PORTA - FORNECIMENTO E INSTALAÇÃO - LARGURA 40CM"},{"$f":"G120","v":"UN"},1,{"$f":"G128","v":349.8},{"$f":"TRUNC(E117*F117,2)","v":349.8}]
[null,"**COMPOSIÇÃO BASEADA NA TABELA SINAPI, CÓDIGO 91315 - (NOVEMBRO/2023) (PORTA) E ADICIONADO A COMP 01 PARA A BARRA DE APOIO",null,null,null,"Total",{"$f":"SUM(G113:G117)","v":1341.83}]
[]
[null,"COMP 01","PUXADOR PARA PCD, FIXADO NA PORTA - FORNECIMENTO E INSTALAÇÃO - LARGURA 40CM",null,null,null,"UN"]
[null,"SINAPI/SINFRA\nou Cot. De Mercado","COMPONENTES","UN","Quantidade","Custos\nUnit. (R$)","Custos\nTotal (R$)"]
[null,"MATERIAIS"]
["INSUMO",4351,{"$f":"IF($A123=\"INSUMO\",VLOOKUP($B123,'BANCO DE DADOS DEZ-24 INS'!$A:$D,2,FALSE),VLOOKUP($B123,'BANCO DE DADOS DEZ-24  SERV'!$B:$E,2,FALSE))","v":"PARAFUSO NIQUELADO 3 1/2\" COM ACABAMENTO CROMADO PARA FIXAR PECA SANITARIA, INCLUI PORCA CEGA, ARRUELA E BUCHA DE NYLON TAMANHO S-8                                                                                                                                                                                                                                                                                                                                                                       "},{"$f":"IF($A123=\"INSUMO\",VLOOKUP($B123,'BANCO DE DADOS DEZ-24 INS'!$A:$D,3,FALSE),VLOOKUP($B123,'BANCO DE DADOS DEZ-24  SERV'!$B:$E,3,FALSE))","v":"UN    "},6,{"$f":"IF($A123=\"INSUMO\",VLOOKUP($B123,'BANCO DE DADOS DEZ-24 INS'!$A:$D,4,FALSE),VLOOKUP($B123,'BANCO DE DADOS DEZ-24  SERV'!$B:$E,4,FALSE))","v":17.100000000000001},{"$f":"TRUNC(E123*F123,2)","v":102.6}]
["INSUMO","COTAÇÃO",{"$f":"C130","v":"BARRA DE APOIO RETA, COMPRIMENTO 40CM, DIAMETRO MINIMO 3 CM"},{"$f":"G130","v":"UN"},1,{"$f":"D135","v":216.9},{"$f":"TRUNC(E124*F124,2)","v":216.9}]
[null,"MÃO DE OBRA"]
["SERVIÇO",88267,{"$f":"IF($A126=\"INSUMO\",VLOOKUP($B126,'BANCO DE DADOS DEZ-24 INS'!$A:$D,2,FALSE),VLOOKUP($B126,'BANCO DE DADOS DEZ-24  SERV'!$B:$E,2,FALSE))","v":"ENCANADOR OU BOMBEIRO HIDRÁULICO COM ENCARGOS COMPLEMENTARES"},{"$f":"IF($A126=\"INSUMO\",VLOOKUP($B126,'BANCO DE DADOS DEZ-24 INS'!$A:$D,3,FALSE),VLOOKUP($B126,'BANCO DE DADOS DEZ-24  SERV'!$B:$E,3,FALSE))","v":"H"},0.94850000000000001,{"$f":"IF($A126=\"INSUMO\",VLOOKUP($B126,'BANCO DE DADOS DEZ-24 INS'!$A:$D,4,FALSE),VLOOKUP($B126,'BANCO DE DADOS DEZ-24  SERV'!$B:$E,4,FALSE))","v":25.55},{"$f":"TRUNC(E126*F126,2)","v":24.23}]
["SERVIÇO",88316,{"$f":"IF($A127=\"INSUMO\",VLOOKUP($B127,'BANCO DE DADOS DEZ-24 INS'!$A:$D,2,FALSE),VLOOKUP($B127,'BANCO DE DADOS DEZ-24  SERV'!$B:$E,2,FALSE))","v":"SERVENTE COM ENCARGOS COMPLEMENTARES"},{"$f":"IF($A127=\"INSUMO\",VLOOKUP($B127,'BANCO DE DADOS DEZ-24 INS'!$A:$D,3,FALSE),VLOOKUP($B127,'BANCO DE DADOS DEZ-24  SERV'!$B:$E,3,FALSE))","v":"H"},0.29880000000000001,{"$f":"IF($A127=\"INSUMO\",VLOOKUP($B127,'BANCO DE DADOS DEZ-24 INS'!$A:$D,4,FALSE),VLOOKUP($B127,'BANCO DE DADOS DEZ-24  SERV'!$B:$E,4,FALSE))","v":20.32},{"$f":"TRUNC(E127*F127,2)","v":6.07}]
[null,"**COMPOSIÇÃO BASEADA NA TABELA SINAPI CÓD 100874 - (NOVEMBRO/2023) FOI ALTERADO A BARRA PARA 40 CM CONFORME NORMA",null,null,null,"Total",{"$f":"SUM(G123:G127)","v":349.8}]
[]
[null,"COTAÇÃO","BARRA DE APOIO RETA, COMPRIMENTO 40CM, DIAMETRO MINIMO 3 CM",null,null,null,"UN"]
[null,"DATA","NOME DA EMPRESA FORNECEDORA","VALOR COTADO","CNPJ","TELEFONE","CONTATO"]
[null,"2024-07-25","BEIRA RIO",333.9,"20.939.127/0002-69","(65) 3028-3000","KETHYLE "]
[null,"2024-07-22","CASTELO",216.9,"02.623.245/0001-09","(65) 3688-3500","ADILSON"]
[null,"2024-07-23","CASTELLI",126.5,"11.000.062/0001-10","(65) 3614-3500","KATIA"]
[null,null,"VALOR ACATADO MEDIANA",{"$f":"IF(COUNT(D131:D134)=3,MEDIAN(D132:D134),SMALL(D132:D134,1))","v":216.9}]
[]
[null,"CIV 008","KIT DE PORTA DE MADEIRA PARA PINTURA, SEMI-OCA (LEVE OU MÉDIA), PADRÃO POPULAR, 100X210CM, ESPESSURA DE 3,5CM, ITENS INCLUSOS: DOBRADIÇAS, MONTAGEM E INSTALAÇÃO DO BATENTE, FECHADURA COM EXECUÇÃO DO FURO - FORNECIMENTO E INSTALAÇÃO. AF_08/2015",null,null,null,"UN",{"$f":"G144","v":1029.7399999999998}]
[null,"SINAPI ou Cot. De Mercado","COMPONENTES","UN","Quantidade","Custos\nUnit. (R$)","Custos\nTotal (R$)"]
[null,"MATERIAIS"]
["SERVIÇO",{"$f":"B146","v":"COMP 01"},{"$f":"C146","v":"PORTA DE MADEIRA PARA PINTURA, SEMI-OCA (LEVE OU MÉDIA), 100X210CM, ESPESSURA DE 3,5CM, INCLUSO DOBRADIÇAS - FORNECIMENTO E INSTALAÇÃO. AF_08/2015"},{"$f":"G146","v":"UN"},1,{"$f":"G155","v":473.5},{"$f":"TRUNC(E140*F140,2)","v":473.5}]
["SERVIÇO",{"$f":"B163","v":"COMP 02"},{"$f":"C163","v":"BATENTE PARA PORTA DE MADEIRA, FIXAÇÃO COM ARGAMASSA, PADRÃO POPULAR. FORNECIMENTO E INSTALAÇÃO. AF_12/2019_P"},{"$f":"G163","v":"UN"},1,{"$f":"G174","v":347.31},{"$f":"TRUNC(E141*F141,2)","v":347.31}]
["SERVIÇO",{"$f":"B186","v":"COMP 03"},{"$f":"C186","v":"ALIZAR / GUARNIÇÃO DE 5X1,5CM PARA PORTA DE 100X210CM FIXADO COM PREGOS, PADRÃO POPULAR - FORNECIMENTO E INSTALAÇÃO. AF_08/2015_P"},{"$f":"G186","v":"M"},10.199999999999999,{"$f":"G194","v":9.59},{"$f":"TRUNC(E142*F142,2)","v":97.81}]
["SERVIÇO",91304,{"$f":"IF($A143=\"INSUMO\",VLOOKUP($B143,'BANCO DE DADOS DEZ-24 INS'!$A:$D,2,FALSE),VLOOKUP($B143,'BANCO DE DADOS DEZ-24  SERV'!$B:$E,2,FALSE))","v":"FECHADURA DE EMBUTIR COM CILINDRO, EXTERNA, COMPLETA, ACABAMENTO PADRÃO POPULAR, INCLUSO EXECUÇÃO DE FURO - FORNECIMENTO E INSTALAÇÃO. AF_12/2019"},{"$f":"IF($A143=\"INSUMO\",VLOOKUP($B143,'BANCO DE DADOS DEZ-24 INS'!$A:$D,3,FALSE),VLOOKUP($B143,'BANCO DE DADOS DEZ-24  SERV'!$B:$E,3,FALSE))","v":"UN"},1,{"$f":"IF($A143=\"INSUMO\",VLOOKUP($B143,'BANCO DE DADOS DEZ-24 INS'!$A:$D,4,FALSE),VLOOKUP($B143,'BANCO DE DADOS DEZ-24  SERV'!$B:$E,4,FALSE))","v":111.12},{"$f":"TRUNC(E143*F143,2)","v":111.12}]
[null,"**COMPOSIÇÃO BASEADA NA TABELA SINAPI, (NOVEMBRO/2023) - CÓDIGO 91315",null,null,null,"Total",{"$f":"SUM(G140:G143)","v":1029.7399999999998}]
[]
[null,"COMP 01","PORTA DE MADEIRA PARA PINTURA, SEMI-OCA (LEVE OU MÉDIA), 100X210CM, ESPESSURA DE 3,5CM, INCLUSO DOBRADIÇAS - FORNECIMENTO E INSTALAÇÃO. AF_08/2015",null,null,null,"UN"]
[null,"SINAPI ou Cot. De Mercado","COMPONENTES","UN","Quantidade","Custos\nUnit. (R$)","Custos\nTotal (R$)"]
[null,"MATERIAIS"]
["INSUMO",2432,{"$f":"IF($A149=\"INSUMO\",VLOOKUP($B149,'BANCO DE DADOS DEZ-24 INS'!$A:$D,2,FALSE),VLOOKUP($B149,'BANCO DE DADOS DEZ-24  SERV'!$B:$E,2,FALSE))","v":"DOBRADICA EM ACO/FERRO, 3 1/2\" X 3\", E= 1,9 A 2 MM, COM ANEL, CROMADO OU ZINCADO, TAMPA BOLA, COM PARAFUSOS                                                                                                                                                                                                                                                                                                                                                                                               "},{"$f":"IF($A149=\"INSUMO\",VLOOKUP($B149,'BANCO DE DADOS DEZ-24 INS'!$A:$D,3,FALSE),VLOOKUP($B149,'BANCO DE DADOS DEZ-24  SERV'!$B:$E,3,FALSE))","v":"UN    "},3,{"$f":"IF($A149=\"INSUMO\",VLOOKUP($B149,'BANCO DE DADOS DEZ-24 INS'!$A:$D,4,FALSE),VLOOKUP($B149,'BANCO DE DADOS DEZ-24  SERV'!$B:$E,4,FALSE))","v":22.18},{"$f":"TRUNC(E149*F149,2)","v":66.540000000000006}]
["INSUMO",4982,{"$f":"IF($A150=\"INSUMO\",VLOOKUP($B150,'BANCO DE DADOS DEZ-24 INS'!$A:$D,2,FALSE),VLOOKUP($B150,'BANCO DE DADOS DEZ-24  SERV'!$B:$E,2,FALSE))","v":"PORTA DE ABRIR / GIRO, DE MADEIRA FOLHA MEDIA (NBR 15930) DE 1000 X 2100 MM, DE 35 MM A 40 MM DE ESPESSURA, NUCLEO SEMI-SOLIDO (SARRAFEADO), CAPA LISA EM HDF, ACABAMENTO EM PRIMER PARA PINTURA                                                                                                                                                                                                                                                                                                          "},{"$f":"IF($A150=\"INSUMO\",VLOOKUP($B150,'BANCO DE DADOS DEZ-24 INS'!$A:$D,3,FALSE),VLOOKUP($B150,'BANCO DE DADOS DEZ-24  SERV'!$B:$E,3,FALSE))","v":"UN    "},1,{"$f":"IF($A150=\"INSUMO\",VLOOKUP($B150,'BANCO DE DADOS DEZ-24 INS'!$A:$D,4,FALSE),VLOOKUP($B150,'BANCO DE DADOS DEZ-24  SERV'!$B:$E,4,FALSE))","v":341.84},{"$f":"TRUNC(E150*F150,2)","v":341.84}]
["INSUMO",11055,{"$f":"IF($A151=\"INSUMO\",VLOOKUP($B151,'BANCO DE DADOS DEZ-24 INS'!$A:$D,2,FALSE),VLOOKUP($B151,'BANCO DE DADOS DEZ-24  SERV'!$B:$E,2,FALSE))","v":"PARAFUSO ROSCA SOBERBA ZINCADO CABECA CHATA FENDA SIMPLES 3,5 X 25 MM (1 \")                                                                                                                                                                                                                                                                                                                                                                                                                               "},{"$f":"IF($A151=\"INSUMO\",VLOOKUP($B151,'BANCO DE DADOS DEZ-24 INS'!$A:$D,3,FALSE),VLOOKUP($B151,'BANCO DE DADOS DEZ-24  SERV'!$B:$E,3,FALSE))","v":"UN    "},19.8,{"$f":"IF($A151=\"INSUMO\",VLOOKUP($B151,'BANCO DE DADOS DEZ-24 INS'!$A:$D,4,FALSE),VLOOKUP($B151,'BANCO DE DADOS DEZ-24  SERV'!$B:$E,4,FALSE))","v":0.06},{"$f":"TRUNC(E151*F151,2)","v":1.18}]
[null,"MÃO DE OBRA"]
["SERVIÇO",88261,{"$f":"IF($A153=\"INSUMO\",VLOOKUP($B153,'BANCO DE DADOS DEZ-24 INS'!$A:$D,2,FALSE),VLOOKUP($B153,'BANCO DE DADOS DEZ-24  SERV'!$B:$E,2,FALSE))","v":"CARPINTEIRO DE ESQUADRIA COM ENCARGOS COMPLEMENTARES"},{"$f":"IF($A153=\"INSUMO\",VLOOKUP($B153,'BANCO DE DADOS DEZ-24 INS'!$A:$D,3,FALSE),VLOOKUP($B153,'BANCO DE DADOS DEZ-24  SERV'!$B:$E,3,FALSE))","v":"H"},{"$f":"E160","v":1.8640000000000001},{"$f":"IF($A153=\"INSUMO\",VLOOKUP($B153,'BANCO DE DADOS DEZ-24 INS'!$A:$D,4,FALSE),VLOOKUP($B153,'BANCO DE DADOS DEZ-24  SERV'!$B:$E,4,FALSE))","v":24.15},{"$f":"TRUNC(E153*F153,2)","v":45.01}]
["SERVIÇO",88316,{"$f":"IF($A154=\"INSUMO\",VLOOKUP($B154,'BANCO DE DADOS DEZ-24 INS'!$A:$D,2,FALSE),VLOOKUP($B154,'BANCO DE DADOS DEZ-24  SERV'!$B:$E,2,FALSE))","v":"SERVENTE COM ENCARGOS COMPLEMENTARES"},{"$f":"IF($A154=\"INSUMO\",VLOOKUP($B154,'BANCO DE DADOS DEZ-24 INS'!$A:$D,3,FALSE),VLOOKUP($B154,'BANCO DE DADOS DEZ-24  SERV'!$B:$E,3,FALSE))","v":"H"},{"$f":"E161","v":0.93200000000000005},{"$f":"IF($A154=\"INSUMO\",VLOOKUP($B154,'BANCO DE DADOS DEZ-24 INS'!$A:$D,4,FALSE),VLOOKUP($B154,'BANCO DE DADOS DEZ-24  SERV'!$B:$E,4,FALSE))","v":20.32},{"$f":"TRUNC(E154*F154,2)","v":18.93}]
[null,"**COMPOSIÇÃO BASEADA NA TABELA SINAPI, (NOVEMBRO/2023) - CÓDIGO 90823.  CONFORME MEMORIAL DE CÁLCULO ABAIXO.",null,null,null,"Total",{"$f":"SUM(G149:G154)","v":473.5}]
[]
[null,"MEMÓRIA DE CÁLCULO - PORTA DE MADEIRA PARA PINTURA, SEMI-OCA (LEVE OU MÉDIA), 100X210CM"]
[null,"MATERIAIS E SERVIÇOS  ADUELA / MARCO / BATENTE PARA PORTA DE 90X210CM (90819)",null,"MATERIAIS E SERVIÇOS  ADUELA / MARCO / BATENTE PARA PORTA"]
[null,"M2 (120*210)",{"$f":"90*210","v":18900},"M2 (100*210)",{"$f":"100*210","v":21000}]
[null,"PEDREIRO",1.6779999999999999,{"$f":"B160","v":"PEDREIRO"},{"$f":"TRUNC(($E$159*C160)/$C$159,3)","v":1.8640000000000001}]
[null,"SERVENTE",0.83899999999999997,{"$f":"B160","v":"PEDREIRO"},{"$f":"TRUNC(($E$159*C161)/$C$159,3)","v":0.93200000000000005}]
[]
[null,"COMP 02","BATENTE PARA PORTA DE MADEIRA, FIXAÇÃO COM ARGAMASSA, PADRÃO POPULAR. FORNECIMENTO E INSTALAÇÃO. AF_12/2019_P",null,null,null,"UN"]
[null,"SINAPI ou Cot. De Mercado","COMPONENTES","UN","Quantidade","Custos\nUnit. (R$)","Custos\nTotal (R$)"]
[null,"MATERIAIS"]
["INSUMO",39027,{"$f":"IF($A166=\"INSUMO\",VLOOKUP($B166,'BANCO DE DADOS DEZ-24 INS'!$A:$D,2,FALSE),VLOOKUP($B166,'BANCO DE DADOS DEZ-24  SERV'!$B:$E,2,FALSE))","v":"PREGO DE ACO POLIDO COM CABECA 19  X 36 (3 1/4  X  9)                                                                                                                                                                                                                                                                                                                                                                                                                                                     "},{"$f":"IF($A166=\"INSUMO\",VLOOKUP($B166,'BANCO DE DADOS DEZ-24 INS'!$A:$D,3,FALSE),VLOOKUP($B166,'BANCO DE DADOS DEZ-24  SERV'!$B:$E,3,FALSE))","v":"KG    "},{"$f":"E179","v":0.222},{"$f":"IF($A166=\"INSUMO\",VLOOKUP($B166,'BANCO DE DADOS DEZ-24 INS'!$A:$D,4,FALSE),VLOOKUP($B166,'BANCO DE DADOS DEZ-24  SERV'!$B:$E,4,FALSE))","v":19.16},{"$f":"TRUNC(E166*F166,2)","v":4.25}]
["INSUMO",7319,{"$f":"IF($A167=\"INSUMO\",VLOOKUP($B167,'BANCO DE DADOS DEZ-24 INS'!$A:$D,2,FALSE),VLOOKUP($B167,'BANCO DE DADOS DEZ-24  SERV'!$B:$E,2,FALSE))","v":"TINTA ASFALTICA IMPERMEABILIZANTE DISPERSA EM AGUA, PARA MATERIAIS CIMENTICIOS                                                                                                                                                                                                                                                                                                                                                                                                                            "},{"$f":"IF($A167=\"INSUMO\",VLOOKUP($B167,'BANCO DE DADOS DEZ-24 INS'!$A:$D,3,FALSE),VLOOKUP($B167,'BANCO DE DADOS DEZ-24  SERV'!$B:$E,3,FALSE))","v":"L     "},{"$f":"E180","v":0.185},{"$f":"IF($A167=\"INSUMO\",VLOOKUP($B167,'BANCO DE DADOS DEZ-24 INS'!$A:$D,4,FALSE),VLOOKUP($B167,'BANCO DE DADOS DEZ-24  SERV'!$B:$E,4,FALSE))","v":11.44},{"$f":"TRUNC(E167*F167,2)","v":2.11}]
["SERVIÇO",88629,{"$f":"IF($A168=\"INSUMO\",VLOOKUP($B168,'BANCO DE DADOS DEZ-24 INS'!$A:$D,2,FALSE),VLOOKUP($B168,'BANCO DE DADOS DEZ-24  SERV'!$B:$E,2,FALSE))","v":"ARGAMASSA TRAÇO 1:3 (EM VOLUME DE CIMENTO E AREIA MÉDIA ÚMIDA), PREPARO MANUAL. AF_08/2019"},{"$f":"IF($A168=\"INSUMO\",VLOOKUP($B168,'BANCO DE DADOS DEZ-24 INS'!$A:$D,3,FALSE),VLOOKUP($B168,'BANCO DE DADOS DEZ-24  SERV'!$B:$E,3,FALSE))","v":"M3"},{"$f":"E181","v":2.4E-2},{"$f":"IF($A168=\"INSUMO\",VLOOKUP($B168,'BANCO DE DADOS DEZ-24 INS'!$A:$D,4,FALSE),VLOOKUP($B168,'BANCO DE DADOS DEZ-24  SERV'!$B:$E,4,FALSE))","v":767.22},{"$f":"TRUNC(E168*F168,2)","v":18.41}]
["SERVIÇO",91287,{"$f":"IF($A169=\"INSUMO\",VLOOKUP($B169,'BANCO DE DADOS DEZ-24 INS'!$A:$D,2,FALSE),VLOOKUP($B169,'BANCO DE DADOS DEZ-24  SERV'!$B:$E,2,FALSE))","v":"BATENTE PARA PORTA DE MADEIRA, PADRÃO POPULAR - FORNECIMENTO E MONTAGEM. AF_12/2019"},{"$f":"IF($A169=\"INSUMO\",VLOOKUP($B169,'BANCO DE DADOS DEZ-24 INS'!$A:$D,3,FALSE),VLOOKUP($B169,'BANCO DE DADOS DEZ-24  SERV'!$B:$E,3,FALSE))","v":"UN"},1,{"$f":"IF($A169=\"INSUMO\",VLOOKUP($B169,'BANCO DE DADOS DEZ-24 INS'!$A:$D,4,FALSE),VLOOKUP($B169,'BANCO DE DADOS DEZ-24  SERV'!$B:$E,4,FALSE))","v":247.38},{"$f":"TRUNC(E169*F169,2)","v":247.38}]
[null,"MÃO DE OBRA"]
["SERVIÇO",88261,{"$f":"IF($A171=\"INSUMO\",VLOOKUP($B171,'BANCO DE DADOS DEZ-24 INS'!$A:$D,2,FALSE),VLOOKUP($B171,'BANCO DE DADOS DEZ-24  SERV'!$B:$E,2,FALSE))","v":"CARPINTEIRO DE ESQUADRIA COM ENCARGOS COMPLEMENTARES"},{"$f":"IF($A171=\"INSUMO\",VLOOKUP($B171,'BANCO DE DADOS DEZ-24 INS'!$A:$D,3,FALSE),VLOOKUP($B171,'BANCO DE DADOS DEZ-24  SERV'!$B:$E,3,FALSE))","v":"H"},{"$f":"E182","v":0.61299999999999999},{"$f":"IF($A171=\"INSUMO\",VLOOKUP($B171,'BANCO DE DADOS DEZ-24 INS'!$A:$D,4,FALSE),VLOOKUP($B171,'BANCO DE DADOS DEZ-24  SERV'!$B:$E,4,FALSE))","v":24.15},{"$f":"TRUNC(E171*F171,2)","v":14.8}]
["SERVIÇO",88309,{"$f":"IF($A172=\"INSUMO\",VLOOKUP($B172,'BANCO DE DADOS DEZ-24 INS'!$A:$D,2,FALSE),VLOOKUP($B172,'BANCO DE DADOS DEZ-24  SERV'!$B:$E,2,FALSE))","v":"PEDREIRO COM ENCARGOS COMPLEMENTARES"},{"$f":"IF($A172=\"INSUMO\",VLOOKUP($B172,'BANCO DE DADOS DEZ-24 INS'!$A:$D,3,FALSE),VLOOKUP($B172,'BANCO DE DADOS DEZ-24  SERV'!$B:$E,3,FALSE))","v":"H"},{"$f":"E183","v":1.5129999999999999},{"$f":"IF($A172=\"INSUMO\",VLOOKUP($B172,'BANCO DE DADOS DEZ-24 INS'!$A:$D,4,FALSE),VLOOKUP($B172,'BANCO DE DADOS DEZ-24  SERV'!$B:$E,4,FALSE))","v":25.62},{"$f":"TRUNC(E172*F172,2)","v":38.76}]
["SERVIÇO",88316,{"$f":"IF($A173=\"INSUMO\",VLOOKUP($B173,'BANCO DE DADOS DEZ-24 INS'!$A:$D,2,FALSE),VLOOKUP($B173,'BANCO DE DADOS DEZ-24  SERV'!$B:$E,2,FALSE))","v":"SERVENTE COM ENCARGOS COMPLEMENTARES"},{"$f":"IF($A173=\"INSUMO\",VLOOKUP($B173,'BANCO DE DADOS DEZ-24 INS'!$A:$D,3,FALSE),VLOOKUP($B173,'BANCO DE DADOS DEZ-24  SERV'!$B:$E,3,FALSE))","v":"H"},{"$f":"E184","v":1.0629999999999999},{"$f":"IF($A173=\"INSUMO\",VLOOKUP($B173,'BANCO DE DADOS DEZ-24 INS'!$A:$D,4,FALSE),VLOOKUP($B173,'BANCO DE DADOS DEZ-24  SERV'!$B:$E,4,FALSE))","v":20.32},{"$f":"TRUNC(E173*F173,2)","v":21.6}]
[null,"**COMPOSIÇÃO BASEADA NA TABELA SINAPI, (NOVEMBRO/2023) - CÓDIGO 91292,CONFORME MEMORIAL DE CÁLCULO ABAIXO.",null,null,null,"Total",{"$f":"SUM(G166:G173)","v":347.31}]
[]
[null,"MEMÓRIA DE CÁLCULO - ADUELA / MARCO / BATENTE PARA PORTA DE 100X210CM, PADRÃO POPULAR - FORNECIMENTO E MONTAGEM"]
[null,"MATERIAIS E SERVIÇOS  ADUELA / MARCO / BATENTE PARA PORTA DE 90X210CM (90819)",null,"MATERIAIS E SERVIÇOS  ADUELA / MARCO / BATENTE PARA PORTA"]
[null,"M2 (120*210)",{"$f":"90*210","v":18900},"M2 (100*210)",{"$f":"100*210","v":21000}]
[null,"PREGO",0.2,{"$f":"B179","v":"PREGO"},{"$f":"TRUNC(($E$178*C179)/$C$178,3)","v":0.222}]
[null,"TINTA ASFALTICA",0.1671,"TINTA ASFALTICA",0.185]
[null,"ARGAMASSA",2.23E-2,"ARGAMASSA",2.4E-2]
[null,"CARPINTEIRO",0.55200000000000005,"CARPINTEIRO",0.61299999999999999]
[null,"PEDREIRO",1.3620000000000001,"PEDREIRO",1.5129999999999999]
[null,"SERVENTE",0.95699999999999996,"SERVENTE",1.0629999999999999]
[]
[null,"COMP 03","ALIZAR / GUARNIÇÃO DE 5X1,5CM PARA PORTA DE 100X210CM FIXADO COM PREGOS, PADRÃO POPULAR - FORNECIMENTO E INSTALAÇÃO. AF_08/2015_P",null,null,null,"M"]
[null,"SINAPI ou Cot. De Mercado","COMPONENTES","UN","Quantidade","Custos\nUnit. (R$)","Custos\nTotal (R$)"]
[null,"MATERIAIS"]
["INSUMO",20007,{"$f":"IF($A189=\"INSUMO\",VLOOKUP($B189,'BANCO DE DADOS DEZ-24 INS'!$A:$D,2,FALSE),VLOOKUP($B189,'BANCO DE DADOS DEZ-24  SERV'!$B:$E,2,FALSE))","v":"GUARNICAO / ALIZAR / VISTA LISA EM MADEIRA MACICA, PARA PORTA, E = *1* CM, L = *5* CM, PINUS /EUCALIPTO / VIROLA OU EQUIVALENTE DA REGIAO                                                                                                                                                                                                                                                                                                                                                                 "},{"$f":"IF($A189=\"INSUMO\",VLOOKUP($B189,'BANCO DE DADOS DEZ-24 INS'!$A:$D,3,FALSE),VLOOKUP($B189,'BANCO DE DADOS DEZ-24  SERV'!$B:$E,3,FALSE))","v":"M     "},{"$f":"E199","v":1.292},{"$f":"IF($A189=\"INSUMO\",VLOOKUP($B189,'BANCO DE DADOS DEZ-24 INS'!$A:$D,4,FALSE),VLOOKUP($B189,'BANCO DE DADOS DEZ-24  SERV'!$B:$E,4,FALSE))","v":5.34},{"$f":"TRUNC(E189*F189,2)","v":6.89}]
["INSUMO",39026,{"$f":"IF($A190=\"INSUMO\",VLOOKUP($B190,'BANCO DE DADOS DEZ-24 INS'!$A:$D,2,FALSE),VLOOKUP($B190,'BANCO DE DADOS DEZ-24  SERV'!$B:$E,2,FALSE))","v":"PREGO DE ACO POLIDO SEM CABECA 15 X 15 (1 1/4 X 13)                                                                                                                                                                                                                                                                                                                                                                                                                                                       "},{"$f":"IF($A190=\"INSUMO\",VLOOKUP($B190,'BANCO DE DADOS DEZ-24 INS'!$A:$D,3,FALSE),VLOOKUP($B190,'BANCO DE DADOS DEZ-24  SERV'!$B:$E,3,FALSE))","v":"KG    "},{"$f":"E200","v":6.6600000000000001E-3},{"$f":"IF($A190=\"INSUMO\",VLOOKUP($B190,'BANCO DE DADOS DEZ-24 INS'!$A:$D,4,FALSE),VLOOKUP($B190,'BANCO DE DADOS DEZ-24  SERV'!$B:$E,4,FALSE))","v":21.56},{"$f":"TRUNC(E190*F190,2)","v":0.14000000000000001}]
[null,"MÃO DE OBRA"]
["SERVIÇO",88261,{"$f":"IF($A192=\"INSUMO\",VLOOKUP($B192,'BANCO DE DADOS DEZ-24 INS'!$A:$D,2,FALSE),VLOOKUP($B192,'BANCO DE DADOS DEZ-24  SERV'!$B:$E,2,FALSE))","v":"CARPINTEIRO DE ESQUADRIA COM ENCARGOS COMPLEMENTARES"},{"$f":"IF($A192=\"INSUMO\",VLOOKUP($B192,'BANCO DE DADOS DEZ-24 INS'!$A:$D,3,FALSE),VLOOKUP($B192,'BANCO DE DADOS DEZ-24  SERV'!$B:$E,3,FALSE))","v":"H"},{"$f":"E201","v":7.4999999999999997E-2},{"$f":"IF($A192=\"INSUMO\",VLOOKUP($B192,'BANCO DE DADOS DEZ-24 INS'!$A:$D,4,FALSE),VLOOKUP($B192,'BANCO DE DADOS DEZ-24  SERV'!$B:$E,4,FALSE))","v":24.15},{"$f":"TRUNC(E192*F192,2)","v":1.81}]
["SERVIÇO",88316,{"$f":"IF($A193=\"INSUMO\",VLOOKUP($B193,'BANCO DE DADOS DEZ-24 INS'!$A:$D,2,FALSE),VLOOKUP($B193,'BANCO DE DADOS DEZ-24  SERV'!$B:$E,2,FALSE))","v":"SERVENTE COM ENCARGOS COMPLEMENTARES"},{"$f":"IF($A193=\"INSUMO\",VLOOKUP($B193,'BANCO DE DADOS DEZ-24 INS'!$A:$D,3,FALSE),VLOOKUP($B193,'BANCO DE DADOS DEZ-24  SERV'!$B:$E,3,FALSE))","v":"H"},{"$f":"E202","v":3.6999999999999998E-2},{"$f":"IF($A193=\"INSUMO\",VLOOKUP($B193,'BANCO DE DADOS DEZ-24 INS'!$A:$D,4,FALSE),VLOOKUP($B193,'BANCO DE DADOS DEZ-24  SERV'!$B:$E,4,FALSE))","v":20.32},{"$f":"TRUNC(E193*F193,2)","v":0.75}]
[null,"**COMPOSIÇÃO BASEADA NA TABELA SINAPI, (NOVEMBRO/2023) - CÓDIGO 100660 ,CONFORME MEMORIAL DE CÁLCULO ABAIXO.",null,null,null,"Total",{"$f":"SUM(G189:G193)","v":9.59}]
[]
[null,"MEMÓRIA DE CÁLCULO - ALIZAR / GUARNIÇÃO DE 5X1,5CM PARA PORTA DE 100X210CM FIXADO COM PREGOS"]
[null,"MATERIAIS E SERVIÇOS  ADUELA / MARCO / BATENTE PARA PORTA DE 90X210CM",null,"MATERIAIS E SERVIÇOS  ADUELA / MARCO / BATENTE PARA PORTA"]
[null,"M2 (90*210)",{"$f":"90*210","v":18900},"M2 (100*210)",{"$f":"100*210","v":21000}]
[null,"GUARNIÇÃO",1.163,{"$f":"B199","v":"GUARNIÇÃO"},{"$f":"TRUNC(($E$198*C199)/$C$198,3)","v":1.292}]
[null,"PREGO 18 X 27",6.0000000000000001E-3,{"$f":"B200","v":"PREGO 18 X 27"},{"$f":"TRUNC(($E$198*C200)/$C$198,5)","v":6.6600000000000001E-3}]
[null,"CARPINTEIRO",6.8000000000000005E-2,{"$f":"B201","v":"CARPINTEIRO"},{"$f":"TRUNC(($E$198*C201)/$C$198,3)","v":7.4999999999999997E-2}]
[null,"SERVENTE",3.4000000000000002E-2,{"$f":"B202","v":"SERVENTE"},{"$f":"TRUNC(($E$198*C202)/$C$198,3)","v":3.6999999999999998E-2}]
[]
[null,"CIV 009","PORTA DE CORRER EM VIDRO TEMPERADO COM ESTRUTURA DE ALUMÍNIO",null,null,null,"M2",{"$f":"G211","v":803.48}]
[null,"SINAPI ou Cot. De Mercado","COMPONENTES","UN","Quantidade","Custos\nUnit. (R$)","Custos\nTotal (R$)"]
[null,"MATERIAIS"]
["SERVIÇO",102181,{"$f":"IF($A207=\"INSUMO\",VLOOKUP($B207,'BANCO DE DADOS DEZ-24 INS'!$A:$D,2,FALSE),VLOOKUP($B207,'BANCO DE DADOS DEZ-24  SERV'!$B:$E,2,FALSE))","v":"INSTALAÇÃO DE VIDRO TEMPERADO, E = 10 MM, ENCAIXADO EM PERFIL U. AF_01/2021_PS"},{"$f":"IF($A207=\"INSUMO\",VLOOKUP($B207,'BANCO DE DADOS DEZ-24 INS'!$A:$D,3,FALSE),VLOOKUP($B207,'BANCO DE DADOS DEZ-24  SERV'!$B:$E,3,FALSE))","v":"M2"},1.05,{"$f":"IF($A207=\"INSUMO\",VLOOKUP($B207,'BANCO DE DADOS DEZ-24 INS'!$A:$D,4,FALSE),VLOOKUP($B207,'BANCO DE DADOS DEZ-24  SERV'!$B:$E,4,FALSE))","v":612.09},{"$f":"TRUNC(E207*F207,2)","v":642.69000000000005}]
[null,"MÃO DE OBRA"]
["SERVIÇO",88309,{"$f":"IF($A209=\"INSUMO\",VLOOKUP($B209,'BANCO DE DADOS DEZ-24 INS'!$A:$D,2,FALSE),VLOOKUP($B209,'BANCO DE DADOS DEZ-24  SERV'!$B:$E,2,FALSE))","v":"PEDREIRO COM ENCARGOS COMPLEMENTARES"},{"$f":"IF($A209=\"INSUMO\",VLOOKUP($B209,'BANCO DE DADOS DEZ-24 INS'!$A:$D,3,FALSE),VLOOKUP($B209,'BANCO DE DADOS DEZ-24  SERV'!$B:$E,3,FALSE))","v":"H"},3.5,{"$f":"IF($A209=\"INSUMO\",VLOOKUP($B209,'BANCO DE DADOS DEZ-24 INS'!$A:$D,4,FALSE),VLOOKUP($B209,'BANCO DE DADOS DEZ-24  SERV'!$B:$E,4,FALSE))","v":25.62},{"$f":"TRUNC(E209*F209,2)","v":89.67}]
["SERVIÇO",88316,{"$f":"IF($A210=\"INSUMO\",VLOOKUP($B210,'BANCO DE DADOS DEZ-24 INS'!$A:$D,2,FALSE),VLOOKUP($B210,'BANCO DE DADOS DEZ-24  SERV'!$B:$E,2,FALSE))","v":"SERVENTE COM ENCARGOS COMPLEMENTARES"},{"$f":"IF($A210=\"INSUMO\",VLOOKUP($B210,'BANCO DE DADOS DEZ-24 INS'!$A:$D,3,FALSE),VLOOKUP($B210,'BANCO DE DADOS DEZ-24  SERV'!$B:$E,3,FALSE))","v":"H"},3.5,{"$f":"IF($A210=\"INSUMO\",VLOOKUP($B210,'BANCO DE DADOS DEZ-24 INS'!$A:$D,4,FALSE),VLOOKUP($B210,'BANCO DE DADOS DEZ-24  SERV'!$B:$E,4,FALSE))","v":20.32},{"$f":"TRUNC(E210*F210,2)","v":71.12}]
[null,"**COMPOSIÇÃO BASEADA NA TCPO 13ª EDIÇÃO - CÓDIGO 08 820.8.3.3. ESTA COMPOSIÇÃO VISA SUPRIR A IMPOSSIBILIDADE DE ELABORAÇÃO DE COMPOSIÇÃO EXATA PARA TODAS AS DIMENSÕES POSSÍVEIS PARA ESTE SERVIÇO, AUXILIANDO ASSIM O ORÇAMENTISTA A ESTIMAR O CUSTO PARA QUALQUER DIMENSÃO DE ESQUADRIA DESEJADA.",null,null,null,"Total",{"$f":"SUM(G207:G210)","v":803.48}]
[]
[null,"CIV 010","GRADIL NYLOFOR3D, MALHA 20X5CM, Ø 5MM 250X203 CM, BELGO OU SIMILAR, INCLUSIVE POSTES (SECÇÃO 60X40MM E H=2,60M) E ACESSÓRIOS",null,null,null,"M2",{"$f":"G222","v":182.47}]
[null,"SINAPI ou Cot. De Mercado","COMPONENTES","UN","Quantidade","Custos\nUnit. (R$)","Custos\nTotal (R$)"]
[null,"MATERIAIS"]
["SERVIÇO","COTAÇÃO",{"$f":"C224","v":"GRADIL NYLOFOR3D, MALHA 20X5CM, Ø 5MM 250X203 CM, BELGO OU SIMILAR"},"PÇ",0.19700000000000001,{"$f":"D229","v":425.45299999999997},{"$f":"TRUNC(E216*F216,2)","v":83.81}]
["SERVIÇO","COTAÇÃO",{"$f":"C231","v":"POSTE DE GRADIL NYLOFOR 3D COM TAMPA, H=2,60M, SEÇÃO DE 40X60MM, BELGO OU SIMILAR"},"PÇ",0.24629999999999999,{"$f":"D236","v":178.28},{"$f":"TRUNC(E217*F217,2)","v":43.91}]
["SERVIÇO","COTAÇÃO",{"$f":"C239","v":"FIXADOR POLIAMIDA 40 X 60MM, PARA POSTE NYLOFOR, BELGO OU SIMILAR"},"PÇ",1.5,{"$f":"D244","v":5.8769999999999998},{"$f":"TRUNC(E218*F218,2)","v":8.81}]
[null,"MÃO DE OBRA"]
["SERVIÇO",88309,{"$f":"IF($A220=\"INSUMO\",VLOOKUP($B220,'BANCO DE DADOS DEZ-24 INS'!$A:$D,2,FALSE),VLOOKUP($B220,'BANCO DE DADOS DEZ-24  SERV'!$B:$E,2,FALSE))","v":"PEDREIRO COM ENCARGOS COMPLEMENTARES"},{"$f":"IF($A220=\"INSUMO\",VLOOKUP($B220,'BANCO DE DADOS DEZ-24 INS'!$A:$D,3,FALSE),VLOOKUP($B220,'BANCO DE DADOS DEZ-24  SERV'!$B:$E,3,FALSE))","v":"H"},1,{"$f":"IF($A220=\"INSUMO\",VLOOKUP($B220,'BANCO DE DADOS DEZ-24 INS'!$A:$D,4,FALSE),VLOOKUP($B220,'BANCO DE DADOS DEZ-24  SERV'!$B:$E,4,FALSE))","v":25.62},{"$f":"TRUNC(E220*F220,2)","v":25.62}]
["SERVIÇO",88316,{"$f":"IF($A221=\"INSUMO\",VLOOKUP($B221,'BANCO DE DADOS DEZ-24 INS'!$A:$D,2,FALSE),VLOOKUP($B221,'BANCO DE DADOS DEZ-24  SERV'!$B:$E,2,FALSE))","v":"SERVENTE COM ENCARGOS COMPLEMENTARES"},{"$f":"IF($A221=\"INSUMO\",VLOOKUP($B221,'BANCO DE DADOS DEZ-24 INS'!$A:$D,3,FALSE),VLOOKUP($B221,'BANCO DE DADOS DEZ-24  SERV'!$B:$E,3,FALSE))","v":"H"},1,{"$f":"IF($A221=\"INSUMO\",VLOOKUP($B221,'BANCO DE DADOS DEZ-24 INS'!$A:$D,4,FALSE),VLOOKUP($B221,'BANCO DE DADOS DEZ-24  SERV'!$B:$E,4,FALSE))","v":20.32},{"$f":"TRUNC(E221*F221,2)","v":20.32}]
[null,"**COMPOSIÇÃO BASEADA NO ORSE, CÓD. 10812 - (NOVEMBRO/2023)",null,null,null,"Total",{"$f":"SUM(G216:G221)","v":182.47}]
[]
[null,"COTAÇÃO","GRADIL NYLOFOR3D, MALHA 20X5CM, Ø 5MM 250X203 CM, BELGO OU SIMILAR",null,null,null,"PÇ"]
[null,"DATA","NOME DA EMPRESA FORNECEDORA","VALOR COTADO","CNPJ","TELEFONE","CONTATO"]
[null,"2024-08-20","AÇOFER",405.23,"03.989.217/0013-06","(65) 3646-4422","SARA"]
[null,"2024-08-23","PERFILADOS MILTIAÇO",425.45299999999997,"02.019.067/0001-65","(65)3634-3050","GRASIELE"]
[null,"2024-08-20","BELGO CERCAS",452.37,"09.356.111/0001-00","(65) 3025-7130","DOUGLAS"]
[null,null,"VALOR ACATADO MEDIANA",{"$f":"IF(COUNT(D226:D228)=3,MEDIAN(D226:D228),SMALL(D226:D228,1))","v":425.45299999999997}]
[]
[null,"COTAÇÃO","POSTE DE GRADIL NYLOFOR 3D COM TAMPA, H=2,60M, SEÇÃO DE 40X60MM, BELGO OU SIMILAR",null,null,null,"PÇ"]
[null,"DATA","NOME DA EMPRESA FORNECEDORA","VALOR COTADO","CNPJ","TELEFONE","CONTATO"]
[null,"2024-08-20","AÇOFER",120.23,"03.989.217/0013-06","(65) 3646-4422","SARA"]
[null,"2024-08-23","PERFILADOS MILTIAÇO",222.28399999999999,"02.019.067/0001-65","(65)3634-3050","GRASIELE"]
[null,"2024-08-20","BELGO CERCAS",178.28,"09.356.111/0001-00","(65) 3025-7130","DOUGLAS"]
[null,null,"VALOR ACATADO MEDIANA",{"$f":"IF(COUNT(D232:D235)=3,MEDIAN(D233:D235),SMALL(D233:D235,1))","v":178.28}]
[null,"** A EMPRESA AÇOFER APRESENTOU OS VALORES DE R$ 146,82 PARA O POSTE E R$ 2,47 PARA A TAMPA"]
[]
[null,"COTAÇÃO","FIXADOR POLIAMIDA 40 X 60MM, PARA POSTE NYLOFOR, BELGO OU SIMILAR",null,null,null,{"$f":"G231","v":"PÇ"}]
[null,"DATA","NOME DA EMPRESA FORNECEDORA","VALOR COTADO","CNPJ","TELEFONE","CONTATO"]
[null,"2024-08-20","AÇOFER",7.09,"03.989.217/0013-06","(65) 3646-4422","SARA"]
[null,"2024-08-23","PERFILADOS MILTIAÇO",5.8769999999999998,"02.019.067/0001-65","(65)3634-3050","GRASIELE"]
[null,"2024-08-20","BELGO CERCAS",5.32,"09.356.111/0001-00","(65) 3025-7130","DOUGLAS"]
[null,null,"VALOR ACATADO MEDIANA",{"$f":"IF(COUNT(D240:D243)=3,MEDIAN(D241:D243),SMALL(D241:D243,1))","v":5.8769999999999998}]
[]
[null,"CIV 011","REGULARIZAÇÃO MANUAL",null,null,null,"M2",{"$f":"G250","v":6.09}]
[null,"SINAPI ou Cot. De Mercado","COMPONENTES","UN","Quantidade","Custos\nUnit. (R$)","Custos\nTotal (R$)"]
[null,"MÃO DE OBRA"]
["SERVIÇO",88316,{"$f":"IF($A249=\"INSUMO\",VLOOKUP($B249,'BANCO DE DADOS DEZ-24 INS'!$A:$D,2,FALSE),VLOOKUP($B249,'BANCO DE DADOS DEZ-24  SERV'!$B:$E,2,FALSE))","v":"SERVENTE COM ENCARGOS COMPLEMENTARES"},{"$f":"IF($A249=\"INSUMO\",VLOOKUP($B249,'BANCO DE DADOS DEZ-24 INS'!$A:$D,3,FALSE),VLOOKUP($B249,'BANCO DE DADOS DEZ-24  SERV'!$B:$E,3,FALSE))","v":"H"},0.3,{"$f":"IF($A249=\"INSUMO\",VLOOKUP($B249,'BANCO DE DADOS DEZ-24 INS'!$A:$D,4,FALSE),VLOOKUP($B249,'BANCO DE DADOS DEZ-24  SERV'!$B:$E,4,FALSE))","v":20.32},{"$f":"TRUNC(E249*F249,2)","v":6.09}]
[null,"**COMPOSIÇÃO BASEADA NA TABELA ORSE CÓD 05103 - (NOVEMBRO/2023)",null,null,null,"Total",{"$f":"TRUNC(SUM(G248:G249),2)","v":6.09}]
[]
[null,"CIV 012","RODAPÉ EM PORCELANATO DE 7CM DE ALTURA  DE DIMENSÕES 80X80CM",null,null,null,"M",{"$f":"G261","v":23.900000000000002}]
[null,"SINAPI ou Cot. De Mercado","COMPONENTES","UN","Quantidade","Custos\nUnit. (R$)","Custos\nTotal (R$)"]
[null,"MATERIAIS"]
["INSUMO",45190,{"$f":"IF($A255=\"INSUMO\",VLOOKUP($B255,'BANCO DE DADOS DEZ-24 INS'!$A:$D,2,FALSE),VLOOKUP($B255,'BANCO DE DADOS DEZ-24  SERV'!$B:$E,2,FALSE))","v":"PISO EM PORCELANATO, RETIFICADO, LISO, MONOCOLOR, ACETINADO OU POLIDO, FORMATO MAIOR QUE 2500 ATE 6400 CM2                                                                                                                                                                                                                                                                                                                                                                                                "},{"$f":"IF($A255=\"INSUMO\",VLOOKUP($B255,'BANCO DE DADOS DEZ-24 INS'!$A:$D,3,FALSE),VLOOKUP($B255,'BANCO DE DADOS DEZ-24  SERV'!$B:$E,3,FALSE))","v":"M2    "},0.23630000000000001,{"$f":"IF($A255=\"INSUMO\",VLOOKUP($B255,'BANCO DE DADOS DEZ-24 INS'!$A:$D,4,FALSE),VLOOKUP($B255,'BANCO DE DADOS DEZ-24  SERV'!$B:$E,4,FALSE))","v":82.4},{"$f":"TRUNC(E255*F255,2)","v":19.47}]
["INSUMO",1381,{"$f":"IF($A256=\"INSUMO\",VLOOKUP($B256,'BANCO DE DADOS DEZ-24 INS'!$A:$D,2,FALSE),VLOOKUP($B256,'BANCO DE DADOS DEZ-24  SERV'!$B:$E,2,FALSE))","v":"ARGAMASSA COLANTE AC I PARA CERAMICAS                                                                                                                                                                                                                                                                                                                                                                                                                                                                     "},{"$f":"IF($A256=\"INSUMO\",VLOOKUP($B256,'BANCO DE DADOS DEZ-24 INS'!$A:$D,3,FALSE),VLOOKUP($B256,'BANCO DE DADOS DEZ-24  SERV'!$B:$E,3,FALSE))","v":"KG    "},0.63919999999999999,{"$f":"IF($A256=\"INSUMO\",VLOOKUP($B256,'BANCO DE DADOS DEZ-24 INS'!$A:$D,4,FALSE),VLOOKUP($B256,'BANCO DE DADOS DEZ-24  SERV'!$B:$E,4,FALSE))","v":1.2},{"$f":"TRUNC(E256*F256,2)","v":0.76}]
["INSUMO",34357,{"$f":"IF($A257=\"INSUMO\",VLOOKUP($B257,'BANCO DE DADOS DEZ-24 INS'!$A:$D,2,FALSE),VLOOKUP($B257,'BANCO DE DADOS DEZ-24  SERV'!$B:$E,2,FALSE))","v":"REJUNTE CIMENTICIO, QUALQUER COR                                                                                                                                                                                                                                                                                                                                                                                                                                                                          "},{"$f":"IF($A257=\"INSUMO\",VLOOKUP($B257,'BANCO DE DADOS DEZ-24 INS'!$A:$D,3,FALSE),VLOOKUP($B257,'BANCO DE DADOS DEZ-24  SERV'!$B:$E,3,FALSE))","v":"KG    "},8.7800000000000003E-2,{"$f":"IF($A257=\"INSUMO\",VLOOKUP($B257,'BANCO DE DADOS DEZ-24 INS'!$A:$D,4,FALSE),VLOOKUP($B257,'BANCO DE DADOS DEZ-24  SERV'!$B:$E,4,FALSE))","v":7.04},{"$f":"TRUNC(E257*F257,2)","v":0.61}]
[null,"MÃO DE OBRA"]
["SERVIÇO",88256,{"$f":"IF($A259=\"INSUMO\",VLOOKUP($B259,'BANCO DE DADOS DEZ-24 INS'!$A:$D,2,FALSE),VLOOKUP($B259,'BANCO DE DADOS DEZ-24  SERV'!$B:$E,2,FALSE))","v":"AZULEJISTA OU LADRILHISTA COM ENCARGOS COMPLEMENTARES"},{"$f":"IF($A259=\"INSUMO\",VLOOKUP($B259,'BANCO DE DADOS DEZ-24 INS'!$A:$D,3,FALSE),VLOOKUP($B259,'BANCO DE DADOS DEZ-24  SERV'!$B:$E,3,FALSE))","v":"H"},9.3399999999999997E-2,{"$f":"IF($A259=\"INSUMO\",VLOOKUP($B259,'BANCO DE DADOS DEZ-24 INS'!$A:$D,4,FALSE),VLOOKUP($B259,'BANCO DE DADOS DEZ-24  SERV'!$B:$E,4,FALSE))","v":25.47},{"$f":"TRUNC(E259*F259,2)","v":2.37}]
["SERVIÇO",88316,{"$f":"IF($A260=\"INSUMO\",VLOOKUP($B260,'BANCO DE DADOS DEZ-24 INS'!$A:$D,2,FALSE),VLOOKUP($B260,'BANCO DE DADOS DEZ-24  SERV'!$B:$E,2,FALSE))","v":"SERVENTE COM ENCARGOS COMPLEMENTARES"},{"$f":"IF($A260=\"INSUMO\",VLOOKUP($B260,'BANCO DE DADOS DEZ-24 INS'!$A:$D,3,FALSE),VLOOKUP($B260,'BANCO DE DADOS DEZ-24  SERV'!$B:$E,3,FALSE))","v":"H"},3.4299999999999997E-2,{"$f":"IF($A260=\"INSUMO\",VLOOKUP($B260,'BANCO DE DADOS DEZ-24 INS'!$A:$D,4,FALSE),VLOOKUP($B260,'BANCO DE DADOS DEZ-24  SERV'!$B:$E,4,FALSE))","v":20.32},{"$f":"TRUNC(E260*F260,2)","v":0.69}]
[null,"**COMPOSIÇÃO BASEADA NA TABELA SINAPI - CÓDIGO104619 - (NOVEMBRO/2023)",null,null,null,"Total",{"$f":"SUM(G255:G260)","v":23.900000000000002}]
[]
[null,"CIV 013","PORTÃO EM TUBO DE AÇO GALVANIZADO COM QUADRO DE DN 1 1/4\", E BARRAS VERTICAIS DE DN 1\" A CADA 10CM",null,null,null,"M2",{"$f":"G275","v":541.05999999999995}]
[null,"SINAPI ou Cot. De Mercado","COMPONENTES","UN","Quantidade","Custos\nUnit. (R$)","Custos\nTotal (R$)"]
[null,"M A T E R I A L"]
["INSUMO",21010,{"$f":"IF($A266=\"INSUMO\",VLOOKUP($B266,'BANCO DE DADOS DEZ-24 INS'!$A:$D,2,FALSE),VLOOKUP($B266,'BANCO DE DADOS DEZ-24  SERV'!$B:$E,2,FALSE))","v":"TUBO ACO GALVANIZADO COM COSTURA, CLASSE LEVE, DN 25 MM (1\"), E = 2,65 MM, *2,11* KG/M (NBR 5580)                                                                                                                                                                                                                                                                                                                                                                                                         "},{"$f":"IF($A266=\"INSUMO\",VLOOKUP($B266,'BANCO DE DADOS DEZ-24 INS'!$A:$D,3,FALSE),VLOOKUP($B266,'BANCO DE DADOS DEZ-24  SERV'!$B:$E,3,FALSE))","v":"M     "},9,{"$f":"IF($A266=\"INSUMO\",VLOOKUP($B266,'BANCO DE DADOS DEZ-24 INS'!$A:$D,4,FALSE),VLOOKUP($B266,'BANCO DE DADOS DEZ-24  SERV'!$B:$E,4,FALSE))","v":32.35},{"$f":"TRUNC(E266*F266,2)","v":291.14999999999998}]
["INSUMO",10997,{"$f":"IF($A267=\"INSUMO\",VLOOKUP($B267,'BANCO DE DADOS DEZ-24 INS'!$A:$D,2,FALSE),VLOOKUP($B267,'BANCO DE DADOS DEZ-24  SERV'!$B:$E,2,FALSE))","v":"ELETRODO REVESTIDO AWS - E7018, DIAMETRO IGUAL A 4,00 MM                                                                                                                                                                                                                                                                                                                                                                                                                                                  "},{"$f":"IF($A267=\"INSUMO\",VLOOKUP($B267,'BANCO DE DADOS DEZ-24 INS'!$A:$D,3,FALSE),VLOOKUP($B267,'BANCO DE DADOS DEZ-24  SERV'!$B:$E,3,FALSE))","v":"KG    "},0.42,{"$f":"IF($A267=\"INSUMO\",VLOOKUP($B267,'BANCO DE DADOS DEZ-24 INS'!$A:$D,4,FALSE),VLOOKUP($B267,'BANCO DE DADOS DEZ-24  SERV'!$B:$E,4,FALSE))","v":40},{"$f":"TRUNC(E267*F267,2)","v":16.8}]
["INSUMO",21011,{"$f":"IF($A268=\"INSUMO\",VLOOKUP($B268,'BANCO DE DADOS DEZ-24 INS'!$A:$D,2,FALSE),VLOOKUP($B268,'BANCO DE DADOS DEZ-24  SERV'!$B:$E,2,FALSE))","v":"TUBO ACO GALVANIZADO COM COSTURA, CLASSE LEVE, DN 32 MM (1 1/4\"), E = 2,65 MM, *2,71* KG/M (NBR 5580)                                                                                                                                                                                                                                                                                                                                                                                                     "},{"$f":"IF($A268=\"INSUMO\",VLOOKUP($B268,'BANCO DE DADOS DEZ-24 INS'!$A:$D,3,FALSE),VLOOKUP($B268,'BANCO DE DADOS DEZ-24  SERV'!$B:$E,3,FALSE))","v":"M     "},1.98,{"$f":"IF($A268=\"INSUMO\",VLOOKUP($B268,'BANCO DE DADOS DEZ-24 INS'!$A:$D,4,FALSE),VLOOKUP($B268,'BANCO DE DADOS DEZ-24  SERV'!$B:$E,4,FALSE))","v":47.15},{"$f":"TRUNC(E268*F268,2)","v":93.35}]
["SERVIÇO",100490,{"$f":"IF($A269=\"INSUMO\",VLOOKUP($B269,'BANCO DE DADOS DEZ-24 INS'!$A:$D,2,FALSE),VLOOKUP($B269,'BANCO DE DADOS DEZ-24  SERV'!$B:$E,2,FALSE))","v":"ARGAMASSA TRAÇO 1:4 (EM VOLUME DE CIMENTO E AREIA MÉDIA ÚMIDA), PREPARO MECÂNICO COM BETONEIRA 600 L. AF_08/2019"},{"$f":"IF($A269=\"INSUMO\",VLOOKUP($B269,'BANCO DE DADOS DEZ-24 INS'!$A:$D,3,FALSE),VLOOKUP($B269,'BANCO DE DADOS DEZ-24  SERV'!$B:$E,3,FALSE))","v":"M3"},8.0000000000000004E-4,{"$f":"IF($A269=\"INSUMO\",VLOOKUP($B269,'BANCO DE DADOS DEZ-24 INS'!$A:$D,4,FALSE),VLOOKUP($B269,'BANCO DE DADOS DEZ-24  SERV'!$B:$E,4,FALSE))","v":583.36},{"$f":"TRUNC(E269*F269,2)","v":0.46}]
[null,"M Ã O   D E   O B R A "]
["SERVIÇO",88309,{"$f":"IF($A271=\"INSUMO\",VLOOKUP($B271,'BANCO DE DADOS DEZ-24 INS'!$A:$D,2,FALSE),VLOOKUP($B271,'BANCO DE DADOS DEZ-24  SERV'!$B:$E,2,FALSE))","v":"PEDREIRO COM ENCARGOS COMPLEMENTARES"},{"$f":"IF($A271=\"INSUMO\",VLOOKUP($B271,'BANCO DE DADOS DEZ-24 INS'!$A:$D,3,FALSE),VLOOKUP($B271,'BANCO DE DADOS DEZ-24  SERV'!$B:$E,3,FALSE))","v":"H"},1,{"$f":"IF($A271=\"INSUMO\",VLOOKUP($B271,'BANCO DE DADOS DEZ-24 INS'!$A:$D,4,FALSE),VLOOKUP($B271,'BANCO DE DADOS DEZ-24  SERV'!$B:$E,4,FALSE))","v":25.62},{"$f":"TRUNC(E271*F271,2)","v":25.62}]
["SERVIÇO",88315,{"$f":"IF($A272=\"INSUMO\",VLOOKUP($B272,'BANCO DE DADOS DEZ-24 INS'!$A:$D,2,FALSE),VLOOKUP($B272,'BANCO DE DADOS DEZ-24  SERV'!$B:$E,2,FALSE))","v":"SERRALHEIRO COM ENCARGOS COMPLEMENTARES"},{"$f":"IF($A272=\"INSUMO\",VLOOKUP($B272,'BANCO DE DADOS DEZ-24 INS'!$A:$D,3,FALSE),VLOOKUP($B272,'BANCO DE DADOS DEZ-24  SERV'!$B:$E,3,FALSE))","v":"H"},2,{"$f":"IF($A272=\"INSUMO\",VLOOKUP($B272,'BANCO DE DADOS DEZ-24 INS'!$A:$D,4,FALSE),VLOOKUP($B272,'BANCO DE DADOS DEZ-24  SERV'!$B:$E,4,FALSE))","v":25.4},{"$f":"TRUNC(E272*F272,2)","v":50.8}]
["SERVIÇO",88316,{"$f":"IF($A273=\"INSUMO\",VLOOKUP($B273,'BANCO DE DADOS DEZ-24 INS'!$A:$D,2,FALSE),VLOOKUP($B273,'BANCO DE DADOS DEZ-24  SERV'!$B:$E,2,FALSE))","v":"SERVENTE COM ENCARGOS COMPLEMENTARES"},{"$f":"IF($A273=\"INSUMO\",VLOOKUP($B273,'BANCO DE DADOS DEZ-24 INS'!$A:$D,3,FALSE),VLOOKUP($B273,'BANCO DE DADOS DEZ-24  SERV'!$B:$E,3,FALSE))","v":"H"},0.5,{"$f":"IF($A273=\"INSUMO\",VLOOKUP($B273,'BANCO DE DADOS DEZ-24 INS'!$A:$D,4,FALSE),VLOOKUP($B273,'BANCO DE DADOS DEZ-24  SERV'!$B:$E,4,FALSE))","v":20.32},{"$f":"TRUNC(E273*F273,2)","v":10.16}]
["SERVIÇO",88317,{"$f":"IF($A274=\"INSUMO\",VLOOKUP($B274,'BANCO DE DADOS DEZ-24 INS'!$A:$D,2,FALSE),VLOOKUP($B274,'BANCO DE DADOS DEZ-24  SERV'!$B:$E,2,FALSE))","v":"SOLDADOR COM ENCARGOS COMPLEMENTARES"},{"$f":"IF($A274=\"INSUMO\",VLOOKUP($B274,'BANCO DE DADOS DEZ-24 INS'!$A:$D,3,FALSE),VLOOKUP($B274,'BANCO DE DADOS DEZ-24  SERV'!$B:$E,3,FALSE))","v":"H"},2,{"$f":"IF($A274=\"INSUMO\",VLOOKUP($B274,'BANCO DE DADOS DEZ-24 INS'!$A:$D,4,FALSE),VLOOKUP($B274,'BANCO DE DADOS DEZ-24  SERV'!$B:$E,4,FALSE))","v":26.36},{"$f":"TRUNC(E274*F274,2)","v":52.72}]
[null,"**COMPOSIÇÃO BASEADA NO ORSE, CÓD. 08702 - (NOVEMBRO/2023)",null,null,null,"TOTAL",{"$f":"TRUNC(SUM(G266:G274),2)","v":541.05999999999995}]
[]
[null,"CIV 014","REGULARIZAÇÃO DE PISO- FAROFA (1:3) E = 2 CM",null,null,null,"M2",{"$f":"G285","v":27.44}]
[null,"SINAPI ou Cot. De Mercado","COMPONENTES","UN","Quantidade","Custos\nUnit. (R$)","Custos\nTotal (R$)"]
[null,"M A T E R I A L"]
["INSUMO",34753,{"$f":"IF($A280=\"INSUMO\",VLOOKUP($B280,'BANCO DE DADOS DEZ-24 INS'!$A:$D,2,FALSE),VLOOKUP($B280,'BANCO DE DADOS DEZ-24  SERV'!$B:$E,2,FALSE))","v":"CIMENTO PORTLAND POZOLANICO CP IV-32                                                                                                                                                                                                                                                                                                                                                                                                                                                                      "},{"$f":"IF($A280=\"INSUMO\",VLOOKUP($B280,'BANCO DE DADOS DEZ-24 INS'!$A:$D,3,FALSE),VLOOKUP($B280,'BANCO DE DADOS DEZ-24  SERV'!$B:$E,3,FALSE))","v":"KG    "},11.879300000000001,{"$f":"IF($A280=\"INSUMO\",VLOOKUP($B280,'BANCO DE DADOS DEZ-24 INS'!$A:$D,4,FALSE),VLOOKUP($B280,'BANCO DE DADOS DEZ-24  SERV'!$B:$E,4,FALSE))","v":0.91},{"$f":"TRUNC(E280*F280,2)","v":10.81}]
["INSUMO",370,{"$f":"IF($A281=\"INSUMO\",VLOOKUP($B281,'BANCO DE DADOS DEZ-24 INS'!$A:$D,2,FALSE),VLOOKUP($B281,'BANCO DE DADOS DEZ-24  SERV'!$B:$E,2,FALSE))","v":"AREIA MEDIA - POSTO JAZIDA/FORNECEDOR (RETIRADO NA JAZIDA, SEM TRANSPORTE)                                                                                                                                                                                                                                                                                                                                                                                                                                "},{"$f":"IF($A281=\"INSUMO\",VLOOKUP($B281,'BANCO DE DADOS DEZ-24 INS'!$A:$D,3,FALSE),VLOOKUP($B281,'BANCO DE DADOS DEZ-24  SERV'!$B:$E,3,FALSE))","v":"M3    "},2.52E-2,{"$f":"IF($A281=\"INSUMO\",VLOOKUP($B281,'BANCO DE DADOS DEZ-24 INS'!$A:$D,4,FALSE),VLOOKUP($B281,'BANCO DE DADOS DEZ-24  SERV'!$B:$E,4,FALSE))","v":130},{"$f":"TRUNC(E281*F281,2)","v":3.27}]
[null,"M Ã O   D E   O B R A"]
["SERVIÇO",88309,{"$f":"IF($A283=\"INSUMO\",VLOOKUP($B283,'BANCO DE DADOS DEZ-24 INS'!$A:$D,2,FALSE),VLOOKUP($B283,'BANCO DE DADOS DEZ-24  SERV'!$B:$E,2,FALSE))","v":"PEDREIRO COM ENCARGOS COMPLEMENTARES"},{"$f":"IF($A283=\"INSUMO\",VLOOKUP($B283,'BANCO DE DADOS DEZ-24 INS'!$A:$D,3,FALSE),VLOOKUP($B283,'BANCO DE DADOS DEZ-24  SERV'!$B:$E,3,FALSE))","v":"H"},0.22620000000000001,{"$f":"IF($A283=\"INSUMO\",VLOOKUP($B283,'BANCO DE DADOS DEZ-24 INS'!$A:$D,4,FALSE),VLOOKUP($B283,'BANCO DE DADOS DEZ-24  SERV'!$B:$E,4,FALSE))","v":25.62},{"$f":"TRUNC(E283*F283,2)","v":5.79}]
["SERVIÇO",88316,{"$f":"IF($A284=\"INSUMO\",VLOOKUP($B284,'BANCO DE DADOS DEZ-24 INS'!$A:$D,2,FALSE),VLOOKUP($B284,'BANCO DE DADOS DEZ-24  SERV'!$B:$E,2,FALSE))","v":"SERVENTE COM ENCARGOS COMPLEMENTARES"},{"$f":"IF($A284=\"INSUMO\",VLOOKUP($B284,'BANCO DE DADOS DEZ-24 INS'!$A:$D,3,FALSE),VLOOKUP($B284,'BANCO DE DADOS DEZ-24  SERV'!$B:$E,3,FALSE))","v":"H"},0.373,{"$f":"IF($A284=\"INSUMO\",VLOOKUP($B284,'BANCO DE DADOS DEZ-24 INS'!$A:$D,4,FALSE),VLOOKUP($B284,'BANCO DE DADOS DEZ-24  SERV'!$B:$E,4,FALSE))","v":20.32},{"$f":"TRUNC(E284*F284,2)","v":7.57}]
[null,"**COMPOSIÇÃO BASEADA NA COMPOSIÇÃO ANALÍTICA DA AGETOP CIVIL - CÓDIG120101 - OUTUBRO/2023",null,null,null,"TOTAL",{"$f":"TRUNC(SUM(G280:G284),2)","v":27.44}]
[]
[null,"CIV 015","PORTA EM AÇO DE ABRIR, 100X210CM - FORNECIMENTO E INSTALAÇÃO",null,null,null,"M2",{"$f":"G295","v":1060.4000000000001}]
[null,"SINAPI ou Cot. De Mercado","COMPONENTES","UN","Quantidade","Custos\nUnit. (R$)","Custos\nTotal (R$)"]
[null,"MATERIAIS"]
["INSUMO",{"$f":"B297","v":"COTAÇÃO"},{"$f":"C297","v":"PORTA 100X210CM"},{"$f":"G297","v":"M2"},1,{"$f":"D302","v":1000},{"$f":"TRUNC(E290*F290,2)","v":1000}]
["SERVIÇO",87296,{"$f":"IF($A291=\"INSUMO\",VLOOKUP($B291,'BANCO DE DADOS DEZ-24 INS'!$A:$D,2,FALSE),VLOOKUP($B291,'BANCO DE DADOS DEZ-24  SERV'!$B:$E,2,FALSE))","v":"ARGAMASSA TRAÇO 1:3:12 (EM VOLUME DE CIMENTO, CAL E AREIA MÉDIA ÚMIDA) PARA EMBOÇO/MASSA ÚNICA/ASSENTAMENTO DE ALVENARIA DE VEDAÇÃO, PREPARO MECÂNICO COM BETONEIRA 600 L. AF_08/2019"},{"$f":"IF($A291=\"INSUMO\",VLOOKUP($B291,'BANCO DE DADOS DEZ-24 INS'!$A:$D,3,FALSE),VLOOKUP($B291,'BANCO DE DADOS DEZ-24  SERV'!$B:$E,3,FALSE))","v":"M3"},3.0000000000000001E-3,{"$f":"IF($A291=\"INSUMO\",VLOOKUP($B291,'BANCO DE DADOS DEZ-24 INS'!$A:$D,4,FALSE),VLOOKUP($B291,'BANCO DE DADOS DEZ-24  SERV'!$B:$E,4,FALSE))","v":552.47},{"$f":"TRUNC(E291*F291,2)","v":1.65}]
[null,"MÃO DE OBRA"]
["SERVIÇO",88309,{"$f":"IF($A293=\"INSUMO\",VLOOKUP($B293,'BANCO DE DADOS DEZ-24 INS'!$A:$D,2,FALSE),VLOOKUP($B293,'BANCO DE DADOS DEZ-24  SERV'!$B:$E,2,FALSE))","v":"PEDREIRO COM ENCARGOS COMPLEMENTARES"},{"$f":"IF($A293=\"INSUMO\",VLOOKUP($B293,'BANCO DE DADOS DEZ-24 INS'!$A:$D,3,FALSE),VLOOKUP($B293,'BANCO DE DADOS DEZ-24  SERV'!$B:$E,3,FALSE))","v":"H"},1.5,{"$f":"IF($A293=\"INSUMO\",VLOOKUP($B293,'BANCO DE DADOS DEZ-24 INS'!$A:$D,4,FALSE),VLOOKUP($B293,'BANCO DE DADOS DEZ-24  SERV'!$B:$E,4,FALSE))","v":25.62},{"$f":"TRUNC(E293*F293,2)","v":38.43}]
["SERVIÇO",88316,{"$f":"IF($A294=\"INSUMO\",VLOOKUP($B294,'BANCO DE DADOS DEZ-24 INS'!$A:$D,2,FALSE),VLOOKUP($B294,'BANCO DE DADOS DEZ-24  SERV'!$B:$E,2,FALSE))","v":"SERVENTE COM ENCARGOS COMPLEMENTARES"},{"$f":"IF($A294=\"INSUMO\",VLOOKUP($B294,'BANCO DE DADOS DEZ-24 INS'!$A:$D,3,FALSE),VLOOKUP($B294,'BANCO DE DADOS DEZ-24  SERV'!$B:$E,3,FALSE))","v":"H"},1,{"$f":"IF($A294=\"INSUMO\",VLOOKUP($B294,'BANCO DE DADOS DEZ-24 INS'!$A:$D,4,FALSE),VLOOKUP($B294,'BANCO DE DADOS DEZ-24  SERV'!$B:$E,4,FALSE))","v":20.32},{"$f":"TRUNC(E294*F294,2)","v":20.32}]
[null,"**COMPOSIÇÃO BASEADA NO ORSE, CÓDIGO 4895 - NOVEMBRO/2023",null,null,null,"Total",{"$f":"TRUNC(SUM(G290:G294),2)","v":1060.4000000000001}]
[]
[null,"COTAÇÃO","PORTA 100X210CM",null,null,null,"M2"]
[null,"DATA","NOME DA EMPRESA FORNECEDORA","VALOR COTADO","CNPJ","TELEFONE","CONTATO"]
[null,"2024-08-28","DARA SOLUÇÃO",1300,"45.807.126/0001-00","(66) 99600-2088","DAMIÃO"]
[null,"2024-08-26","CMM MODERNA",950,"17.411.436/0001-76","(66) 99642-6682","DIONES"]
[null,"2024-08-26","CM SERRALHERIA",1000,"32.667.252/0001-65","(66) 99694-1930","CHARLES"]
[null,null,"VALOR ACATADO MEDIANA",{"$f":"IF(COUNT(D299:D301)=3,MEDIAN(D299:D301),SMALL(D299:D301,1))","v":1000}]
[]
[null,"CIV 016","REVESTIMENTO CERÂMICO PARA PAREDES INTERNAS COM PLACAS TIPO ESMALTADA EXTRA DE DIMENSÕES 40X60 CM APLICADAS NA ALTURA INTEIRA DAS PAREDES. ",null,null,null,"M2",{"$f":"G313","v":106.35}]
[null,"SINAPI ou Cot. De Mercado","COMPONENTES","UN","Quantidade","Custos\nUnit. (R$)","Custos\nTotal (R$)"]
[null,"MATERIAIS"]
["INSUMO",1381,{"$f":"IF($A307=\"INSUMO\",VLOOKUP($B307,'BANCO DE DADOS DEZ-24 INS'!$A:$D,2,FALSE),VLOOKUP($B307,'BANCO DE DADOS DEZ-24  SERV'!$B:$E,2,FALSE))","v":"ARGAMASSA COLANTE AC I PARA CERAMICAS                                                                                                                                                                                                                                                                                                                                                                                                                                                                     "},{"$f":"IF($A307=\"INSUMO\",VLOOKUP($B307,'BANCO DE DADOS DEZ-24 INS'!$A:$D,3,FALSE),VLOOKUP($B307,'BANCO DE DADOS DEZ-24  SERV'!$B:$E,3,FALSE))","v":"KG    "},6.85,{"$f":"IF($A307=\"INSUMO\",VLOOKUP($B307,'BANCO DE DADOS DEZ-24 INS'!$A:$D,4,FALSE),VLOOKUP($B307,'BANCO DE DADOS DEZ-24  SERV'!$B:$E,4,FALSE))","v":1.2},{"$f":"TRUNC(E307*F307,2)","v":8.2200000000000006}]
["INSUMO",34357,{"$f":"IF($A308=\"INSUMO\",VLOOKUP($B308,'BANCO DE DADOS DEZ-24 INS'!$A:$D,2,FALSE),VLOOKUP($B308,'BANCO DE DADOS DEZ-24  SERV'!$B:$E,2,FALSE))","v":"REJUNTE CIMENTICIO, QUALQUER COR                                                                                                                                                                                                                                                                                                                                                                                                                                                                          "},{"$f":"IF($A308=\"INSUMO\",VLOOKUP($B308,'BANCO DE DADOS DEZ-24 INS'!$A:$D,3,FALSE),VLOOKUP($B308,'BANCO DE DADOS DEZ-24  SERV'!$B:$E,3,FALSE))","v":"KG    "},0.14099999999999999,{"$f":"IF($A308=\"INSUMO\",VLOOKUP($B308,'BANCO DE DADOS DEZ-24 INS'!$A:$D,4,FALSE),VLOOKUP($B308,'BANCO DE DADOS DEZ-24  SERV'!$B:$E,4,FALSE))","v":7.04},{"$f":"TRUNC(E308*F308,2)","v":0.99}]
["INSUMO",10515,{"$f":"IF($A309=\"INSUMO\",VLOOKUP($B309,'BANCO DE DADOS DEZ-24 INS'!$A:$D,2,FALSE),VLOOKUP($B309,'BANCO DE DADOS DEZ-24  SERV'!$B:$E,2,FALSE))","v":"REVESTIMENTO EM CERAMICA ESMALTADA, FORMATO MAIOR A 2025 CM2                                                                                                                                                                                                                                                                                                                                                                                                                                              "},{"$f":"IF($A309=\"INSUMO\",VLOOKUP($B309,'BANCO DE DADOS DEZ-24 INS'!$A:$D,3,FALSE),VLOOKUP($B309,'BANCO DE DADOS DEZ-24  SERV'!$B:$E,3,FALSE))","v":"M2    "},1.0864,{"$f":"IF($A309=\"INSUMO\",VLOOKUP($B309,'BANCO DE DADOS DEZ-24 INS'!$A:$D,4,FALSE),VLOOKUP($B309,'BANCO DE DADOS DEZ-24  SERV'!$B:$E,4,FALSE))","v":65.97},{"$f":"TRUNC(E309*F309,2)","v":71.66}]
[null,"MÃO DE OBRA"]
["SERVIÇO",88256,{"$f":"IF($A311=\"INSUMO\",VLOOKUP($B311,'BANCO DE DADOS DEZ-24 INS'!$A:$D,2,FALSE),VLOOKUP($B311,'BANCO DE DADOS DEZ-24  SERV'!$B:$E,2,FALSE))","v":"AZULEJISTA OU LADRILHISTA COM ENCARGOS COMPLEMENTARES"},{"$f":"IF($A311=\"INSUMO\",VLOOKUP($B311,'BANCO DE DADOS DEZ-24 INS'!$A:$D,3,FALSE),VLOOKUP($B311,'BANCO DE DADOS DEZ-24  SERV'!$B:$E,3,FALSE))","v":"H"},0.74070000000000003,{"$f":"IF($A311=\"INSUMO\",VLOOKUP($B311,'BANCO DE DADOS DEZ-24 INS'!$A:$D,4,FALSE),VLOOKUP($B311,'BANCO DE DADOS DEZ-24  SERV'!$B:$E,4,FALSE))","v":25.47},{"$f":"TRUNC(E311*F311,2)","v":18.86}]
["SERVIÇO",88316,{"$f":"IF($A312=\"INSUMO\",VLOOKUP($B312,'BANCO DE DADOS DEZ-24 INS'!$A:$D,2,FALSE),VLOOKUP($B312,'BANCO DE DADOS DEZ-24  SERV'!$B:$E,2,FALSE))","v":"SERVENTE COM ENCARGOS COMPLEMENTARES"},{"$f":"IF($A312=\"INSUMO\",VLOOKUP($B312,'BANCO DE DADOS DEZ-24 INS'!$A:$D,3,FALSE),VLOOKUP($B312,'BANCO DE DADOS DEZ-24  SERV'!$B:$E,3,FALSE))","v":"H"},0.32590000000000002,{"$f":"IF($A312=\"INSUMO\",VLOOKUP($B312,'BANCO DE DADOS DEZ-24 INS'!$A:$D,4,FALSE),VLOOKUP($B312,'BANCO DE DADOS DEZ-24  SERV'!$B:$E,4,FALSE))","v":20.32},{"$f":"TRUNC(E312*F312,2)","v":6.62}]
[null,"**COMPOSIÇÃO BASEADA NO ORSE, CÓDIGO 4895 - NOVEMBRO/2023",null,null,null,"Total",{"$f":"TRUNC(SUM(G307:G312),2)","v":106.35}]
[]
[null,"CIV 017","FORNECIMENTO E INSTALAÇÃO DE BANCADA DE GRANITO POLIDO TIPO ANDORINHA ",null,null,null,"M2",{"$f":"G324","v":891.2}]
[null,"SINAPI ou Cot. De Mercado","COMPONENTES","UN","Quantidade","Custos\nUnit. (R$)","Custos\nTotal (R$)"]
[null,"MATERIAIS"]
["INSUMO",11795,{"$f":"IF($A318=\"INSUMO\",VLOOKUP($B318,'BANCO DE DADOS DEZ-24 INS'!$A:$D,2,FALSE),VLOOKUP($B318,'BANCO DE DADOS DEZ-24  SERV'!$B:$E,2,FALSE))","v":"GRANITO PARA BANCADA, POLIDO, TIPO ANDORINHA/ QUARTZ/ CASTELO/ CORUMBA OU OUTROS EQUIVALENTES DA REGIAO, E= *2,5* CM                                                                                                                                                                                                                                                                                                                                                                                      "},{"$f":"IF($A318=\"INSUMO\",VLOOKUP($B318,'BANCO DE DADOS DEZ-24 INS'!$A:$D,3,FALSE),VLOOKUP($B318,'BANCO DE DADOS DEZ-24  SERV'!$B:$E,3,FALSE))","v":"M2    "},1,{"$f":"IF($A318=\"INSUMO\",VLOOKUP($B318,'BANCO DE DADOS DEZ-24 INS'!$A:$D,4,FALSE),VLOOKUP($B318,'BANCO DE DADOS DEZ-24  SERV'!$B:$E,4,FALSE))","v":790.94},{"$f":"TRUNC(E318*F318,2)","v":790.94}]
["INSUMO",370,{"$f":"IF($A319=\"INSUMO\",VLOOKUP($B319,'BANCO DE DADOS DEZ-24 INS'!$A:$D,2,FALSE),VLOOKUP($B319,'BANCO DE DADOS DEZ-24  SERV'!$B:$E,2,FALSE))","v":"AREIA MEDIA - POSTO JAZIDA/FORNECEDOR (RETIRADO NA JAZIDA, SEM TRANSPORTE)                                                                                                                                                                                                                                                                                                                                                                                                                                "},{"$f":"IF($A319=\"INSUMO\",VLOOKUP($B319,'BANCO DE DADOS DEZ-24 INS'!$A:$D,3,FALSE),VLOOKUP($B319,'BANCO DE DADOS DEZ-24  SERV'!$B:$E,3,FALSE))","v":"M3    "},0.05,{"$f":"IF($A319=\"INSUMO\",VLOOKUP($B319,'BANCO DE DADOS DEZ-24 INS'!$A:$D,4,FALSE),VLOOKUP($B319,'BANCO DE DADOS DEZ-24  SERV'!$B:$E,4,FALSE))","v":130},{"$f":"TRUNC(E319*F319,2)","v":6.5}]
["INSUMO",1379,{"$f":"IF($A320=\"INSUMO\",VLOOKUP($B320,'BANCO DE DADOS DEZ-24 INS'!$A:$D,2,FALSE),VLOOKUP($B320,'BANCO DE DADOS DEZ-24  SERV'!$B:$E,2,FALSE))","v":"CIMENTO PORTLAND COMPOSTO CP II-32                                                                                                                                                                                                                                                                                                                                                                                                                                                                        "},{"$f":"IF($A320=\"INSUMO\",VLOOKUP($B320,'BANCO DE DADOS DEZ-24 INS'!$A:$D,3,FALSE),VLOOKUP($B320,'BANCO DE DADOS DEZ-24  SERV'!$B:$E,3,FALSE))","v":"KG    "},2,{"$f":"IF($A320=\"INSUMO\",VLOOKUP($B320,'BANCO DE DADOS DEZ-24 INS'!$A:$D,4,FALSE),VLOOKUP($B320,'BANCO DE DADOS DEZ-24  SERV'!$B:$E,4,FALSE))","v":0.94},{"$f":"TRUNC(E320*F320,2)","v":1.88}]
[null,"MÃO DE OBRA"]
["SERVIÇO",88309,{"$f":"IF($A322=\"INSUMO\",VLOOKUP($B322,'BANCO DE DADOS DEZ-24 INS'!$A:$D,2,FALSE),VLOOKUP($B322,'BANCO DE DADOS DEZ-24  SERV'!$B:$E,2,FALSE))","v":"PEDREIRO COM ENCARGOS COMPLEMENTARES"},{"$f":"IF($A322=\"INSUMO\",VLOOKUP($B322,'BANCO DE DADOS DEZ-24 INS'!$A:$D,3,FALSE),VLOOKUP($B322,'BANCO DE DADOS DEZ-24  SERV'!$B:$E,3,FALSE))","v":"H"},2,{"$f":"IF($A322=\"INSUMO\",VLOOKUP($B322,'BANCO DE DADOS DEZ-24 INS'!$A:$D,4,FALSE),VLOOKUP($B322,'BANCO DE DADOS DEZ-24  SERV'!$B:$E,4,FALSE))","v":25.62},{"$f":"TRUNC(E322*F322,2)","v":51.24}]
["SERVIÇO",88316,{"$f":"IF($A323=\"INSUMO\",VLOOKUP($B323,'BANCO DE DADOS DEZ-24 INS'!$A:$D,2,FALSE),VLOOKUP($B323,'BANCO DE DADOS DEZ-24  SERV'!$B:$E,2,FALSE))","v":"SERVENTE COM ENCARGOS COMPLEMENTARES"},{"$f":"IF($A323=\"INSUMO\",VLOOKUP($B323,'BANCO DE DADOS DEZ-24 INS'!$A:$D,3,FALSE),VLOOKUP($B323,'BANCO DE DADOS DEZ-24  SERV'!$B:$E,3,FALSE))","v":"H"},2,{"$f":"IF($A323=\"INSUMO\",VLOOKUP($B323,'BANCO DE DADOS DEZ-24 INS'!$A:$D,4,FALSE),VLOOKUP($B323,'BANCO DE DADOS DEZ-24  SERV'!$B:$E,4,FALSE))","v":20.32},{"$f":"TRUNC(E323*F323,2)","v":40.64}]
[null,"**COMPOSIÇÃO BASEADA NA TABELA AGESUL, CÓD 2001003023 - JUNHO/2023",null,null,null,"Total",{"$f":"TRUNC(SUM(G318:G323),2)","v":891.2}]
[]
[]
[]
[]
[null,"ROGÉRIO NOGUEIRA DIAS"]
[null,"Arquiteto, Urbanista, Especialista em Engenharia de Segurança do Trabalho"]
[null,"CAU A76801-4"]

{"sheet":"BANCO DE DADOS DEZ-24  SERV","index":3,"n_rows":7830,"n_cols":11,"rows_kept":7830,"cut":false,"hidden":true,"merged":[]}
[null,"Código","Descrição","Unidade","Preço",null,null,"DESONERADO","NÃO DESONERADO"]
[null,97141,"ASSENTAMENTO DE TUBO DE FERRO FUNDIDO PARA REDE DE ÁGUA, DN 80 MM, JUNTA ELÁSTICA, INSTALADO EM LOCAL COM NÍVEL ALTO DE INTERFERÊNCIAS (NÃO INCLUI FORNECIMENTO). AF_05/2024","M",{"$f":"IF($K$2=$H$1,H2,I2)","v":4.07},{"$f":"IF(LEN($B2)=7,CONCATENATE(MID($B2,1,6),\"00\",RIGHT($B2,1)),IF(LEN($B2)=8,CONCATENATE(MID($B2,1,6),\"0\",RIGHT($B2,2)),$B2))","v":97141},null,3.84,4.07,null,{"$f":"'PLANILHA ORÇAMENTÁRIA'!M6","v":"NÃO DESONERADO"}]
[null,97142,"ASSENTAMENTO DE TUBO DE FERRO FUNDIDO PARA REDE DE ÁGUA, DN 100 MM, JUNTA ELÁSTICA, INSTALADO EM LOCAL COM NÍVEL ALTO DE INTERFERÊNCIAS (NÃO INCLUI FORNECIMENTO). AF_05/2024","M",{"$f":"IF($K$2=$H$1,H3,I3)","v":4.67},{"$f":"IF(LEN($B3)=7,CONCATENATE(MID($B3,1,6),\"00\",RIGHT($B3,1)),IF(LEN($B3)=8,CONCATENATE(MID($B3,1,6),\"0\",RIGHT($B3,2)),$B3))","v":97142},null,4.41,4.67]
[null,97143,"ASSENTAMENTO DE TUBO DE FERRO FUNDIDO PARA REDE DE ÁGUA, DN 150 MM, JUNTA ELÁSTICA, INSTALADO EM LOCAL COM NÍVEL ALTO DE INTERFERÊNCIAS (NÃO INCLUI FORNECIMENTO). AF_05/2024","M",6.13,97143,null,5.76,6.13]
[null,97144,"ASSENTAMENTO DE TUBO DE FERRO FUNDIDO PARA REDE DE ÁGUA, DN 200 MM, JUNTA ELÁSTICA, INSTALADO EM LOCAL COM NÍVEL ALTO DE INTERFERÊNCIAS (NÃO INCLUI FORNECIMENTO). AF_05/2024","M",7.6,97144,null,7.13,7.6]
[null,97145,"ASSENTAMENTO DE TUBO DE FERRO FUNDIDO PARA REDE DE ÁGUA, DN 250 MM, JUNTA ELÁSTICA, INSTALADO EM LOCAL COM NÍVEL ALTO DE INTERFERÊNCIAS (NÃO INCLUI FORNECIMENTO). AF_05/2024","M",9.08,97145,null,8.52,9.08]
[null,97146,"ASSENTAMENTO DE TUBO DE FERRO FUNDIDO PARA REDE DE ÁGUA, DN 300 MM, JUNTA ELÁSTICA, INSTALADO EM LOCAL COM NÍVEL ALTO DE INTERFERÊNCIAS (NÃO INCLUI FORNECIMENTO). AF_05/2024","M",10.59,97146,null,9.9,10.59]
[null,97147,"ASSENTAMENTO DE TUBO DE FERRO FUNDIDO PARA REDE DE ÁGUA, DN 350 MM, JUNTA ELÁSTICA, INSTALADO EM LOCAL COM NÍVEL ALTO DE INTERFERÊNCIAS (NÃO INCLUI FORNECIMENTO). AF_05/2024","M",12.08,97147,null,11.3,12.08]
[null,97148,"ASSENTAMENTO DE TUBO DE FERRO FUNDIDO PARA REDE DE ÁGUA, DN 400 MM, JUNTA ELÁSTICA, INSTALADO EM LOCAL COM NÍVEL ALTO DE INTERFERÊNCIAS (NÃO INCLUI FORNECIMENTO). AF_05/2024","M",13.57,97148,null,12.68,13.57]
[null,97149,"ASSENTAMENTO DE TUBO DE FERRO FUNDIDO PARA REDE DE ÁGUA, DN 450 MM, JUNTA ELÁSTICA, INSTALADO EM LOCAL COM NÍVEL ALTO DE INTERFERÊNCIAS (NÃO INCLUI FORNECIMENTO). AF_05/2024","M",15.09,97149,null,14.11,15.09]
[null,97150,"ASSENTAMENTO DE TUBO DE FERRO FUNDIDO PARA REDE DE ÁGUA, DN 500 MM, JUNTA ELÁSTICA, INSTALADO EM LOCAL COM NÍVEL ALTO DE INTERFERÊNCIAS (NÃO INCLUI FORNECIMENTO). AF_05/2024","M",19.91,97150,null,18.82,19.91]
[null,97151,"ASSENTAMENTO DE TUBO DE FERRO FUNDIDO PARA REDE DE ÁGUA, DN 600 MM, JUNTA ELÁSTICA, INSTALADO EM LOCAL COM NÍVEL ALTO DE INTERFERÊNCIAS (NÃO INCLUI FORNECIMENTO). AF_05/2024","M",23.45,97151,null,22.15,23.45]
[null,97152,"ASSENTAMENTO DE TUBO DE FERRO FUNDIDO PARA REDE DE ÁGUA, DN 700 MM, JUNTA ELÁSTICA, INSTALADO EM LOCAL COM NÍVEL ALTO DE INTERFERÊNCIAS (NÃO INCLUI FORNECIMENTO). AF_05/2024","M",26.67,97152,null,25.17,26.67]
[null,97153,"ASSENTAMENTO DE TUBO DE FERRO FUNDIDO PARA REDE DE ÁGUA, DN 800 MM, JUNTA ELÁSTICA, INSTALADO EM LOCAL COM NÍVEL ALTO DE INTERFERÊNCIAS (NÃO INCLUI FORNECIMENTO). AF_05/2024","M",30.1,97153,null,28.38,30.1]
[null,97154,"ASSENTAMENTO DE TUBO DE FERRO FUNDIDO PARA REDE DE ÁGUA, DN 900 MM, JUNTA ELÁSTICA, INSTALADO EM LOCAL COM NÍVEL ALTO DE INTERFERÊNCIAS (NÃO INCLUI FORNECIMENTO). AF_05/2024","M",33.57,97154,null,31.63,33.57]
[null,97155,"ASSENTAMENTO DE TUBO DE FERRO FUNDIDO PARA REDE DE ÁGUA, DN 1000 MM, JUNTA ELÁSTICA, INSTALADO EM LOCAL COM NÍVEL ALTO DE INTERFERÊNCIAS (NÃO INCLUI FORNECIMENTO). AF_05/2024","M",37.049999999999997,97155,null,34.92,37.049999999999997]
[null,97156,"ASSENTAMENTO DE TUBO DE FERRO FUNDIDO PARA REDE DE ÁGUA, DN 1200 MM, JUNTA ELÁSTICA, INSTALADO EM LOCAL COM NÍVEL ALTO DE INTERFERÊNCIAS (NÃO INCLUI FORNECIMENTO). AF_05/2024","M",44.47,97156,null,41.92,44.47]
[null,97157,"ASSENTAMENTO DE TUBO DE FERRO FUNDIDO PARA REDE DE ÁGUA, DN 80 MM, JUNTA ELÁSTICA, INSTALADO EM LOCAL COM NÍVEL BAIXO DE INTERFERÊNCIAS (NÃO INCLUI FORNECIMENTO). AF_05/2024","M",3.09,97157,null,2.92,3.09]
[null,97158,"ASSENTAMENTO DE TUBO DE FERRO FUNDIDO PARA REDE DE ÁGUA, DN 100 MM, JUNTA ELÁSTICA, INSTALADO EM LOCAL COM NÍVEL BAIXO DE INTERFERÊNCIAS (NÃO INCLUI FORNECIMENTO). AF_05/2024","M",3.59,97158,null,3.37,3.59]
[null,97159,"ASSENTAMENTO DE TUBO DE FERRO FUNDIDO PARA REDE DE ÁGUA, DN 150 MM, JUNTA ELÁSTICA, INSTALADO EM LOCAL COM NÍVEL BAIXO DE INTERFERÊNCIAS (NÃO INCLUI FORNECIMENTO). AF_05/2024","M",4.8,97159,null,4.49,4.8]
[null,97160,"ASSENTAMENTO DE TUBO DE FERRO FUNDIDO PARA REDE DE ÁGUA, DN 200 MM, JUNTA ELÁSTICA, INSTALADO EM LOCAL COM NÍVEL BAIXO DE INTERFERÊNCIAS (NÃO INCLUI FORNECIMENTO). AF_05/2024","M",6,97160,null,5.62,6]
[null,97161,"ASSENTAMENTO DE TUBO DE FERRO FUNDIDO PARA REDE DE ÁGUA, DN 250 MM, JUNTA ELÁSTICA, INSTALADO EM LOCAL COM NÍVEL BAIXO DE INTERFERÊNCIAS (NÃO INCLUI FORNECIMENTO). AF_05/2024","M",7.22,97161,null,6.77,7.22]
[null,97162,"ASSENTAMENTO DE TUBO DE FERRO FUNDIDO PARA REDE DE ÁGUA, DN 300 MM, JUNTA ELÁSTICA, INSTALADO EM LOCAL COM NÍVEL BAIXO DE INTERFERÊNCIAS (NÃO INCLUI FORNECIMENTO). AF_05/2024","M",8.4600000000000009,97162,null,7.91,8.4600000000000009]
[null,97163,"ASSENTAMENTO DE TUBO DE FERRO FUNDIDO PARA REDE DE ÁGUA, DN 350 MM, JUNTA ELÁSTICA, INSTALADO EM LOCAL COM NÍVEL BAIXO DE INTERFERÊNCIAS (NÃO INCLUI FORNECIMENTO). AF_05/2024","M",9.69,97163,null,9.0500000000000007,9.69]
[null,97164,"ASSENTAMENTO DE TUBO DE FERRO FUNDIDO PARA REDE DE ÁGUA, DN 400 MM, JUNTA ELÁSTICA, INSTALADO EM LOCAL COM NÍVEL BAIXO DE INTERFERÊNCIAS (NÃO INCLUI FORNECIMENTO). AF_05/2024","M",10.94,97164,null,10.210000000000001,10.94]
[null,97165,"ASSENTAMENTO DE TUBO DE FERRO FUNDIDO PARA REDE DE ÁGUA, DN 450 MM, JUNTA ELÁSTICA, INSTALADO EM LOCAL COM NÍVEL BAIXO DE INTERFERÊNCIAS (NÃO INCLUI FORNECIMENTO). AF_05/2024","M",12.2,97165,null,11.38,12.2]
[null,97166,"ASSENTAMENTO DE TUBO DE FERRO FUNDIDO PARA REDE DE ÁGUA, DN 500 MM, JUNTA ELÁSTICA, INSTALADO EM LOCAL COM NÍVEL BAIXO DE INTERFERÊNCIAS (NÃO INCLUI FORNECIMENTO). AF_05/2024","M",15.67,97166,null,14.76,15.67]
[null,97167,"ASSENTAMENTO DE TUBO DE FERRO FUNDIDO PARA REDE DE ÁGUA, DN 600 MM, JUNTA ELÁSTICA, INSTALADO EM LOCAL COM NÍVEL BAIXO DE INTERFERÊNCIAS (NÃO INCLUI FORNECIMENTO). AF_05/2024","M",18.53,97167,null,17.440000000000001,18.53]
[null,97168,"ASSENTAMENTO DE TUBO DE FERRO FUNDIDO PARA REDE DE ÁGUA, DN 700 MM, JUNTA ELÁSTICA, INSTALADO EM LOCAL COM NÍVEL BAIXO DE INTERFERÊNCIAS (NÃO INCLUI FORNECIMENTO). AF_05/2024","M",21.08,97168,null,19.82,21.08]
[null,97169,"ASSENTAMENTO DE TUBO DE FERRO FUNDIDO PARA REDE DE ÁGUA, DN 800 MM, JUNTA ELÁSTICA, INSTALADO EM LOCAL COM NÍVEL BAIXO DE INTERFERÊNCIAS (NÃO INCLUI FORNECIMENTO). AF_05/2024","M",23.81,97169,null,22.39,23.81]
[null,97170,"ASSENTAMENTO DE TUBO DE FERRO FUNDIDO PARA REDE DE ÁGUA, DN 900 MM, JUNTA ELÁSTICA, INSTALADO EM LOCAL COM NÍVEL BAIXO DE INTERFERÊNCIAS (NÃO INCLUI FORNECIMENTO). AF_05/2024","M",26.6,97170,null,24.99,26.6]
[null,97171,"ASSENTAMENTO DE TUBO DE FERRO FUNDIDO PARA REDE DE ÁGUA, DN 1000 MM, JUNTA ELÁSTICA, INSTALADO EM LOCAL COM NÍVEL BAIXO DE INTERFERÊNCIAS (NÃO INCLUI FORNECIMENTO). AF_05/2024","M",29.4,97171,null,27.61,29.4]
[null,97172,"ASSENTAMENTO DE TUBO DE FERRO FUNDIDO PARA REDE DE ÁGUA, DN 1200 MM, JUNTA ELÁSTICA, INSTALADO EM LOCAL COM NÍVEL BAIXO DE INTERFERÊNCIAS (NÃO INCLUI FORNECIMENTO). AF_05/2024","M",35.47,97172,null,33.33,35.47]
[null,105249,"ASSENTAMENTO DE CONEXÃO 2 ACESSOS ALINHADOS DE FERRO FUNDIDO PARA REDE DE ÁGUA, DN 1200, JUNTA ELÁSTICA, INSTALADO EM LOCAL COM NÍVEL ALTO DE INTERFERÊNCIAS (NÃO INCLUI FORNECIMENTO). AF_05/2024","UN",101.41,105249,null,96.18,101.41]
[null,105250,"ASSENTAMENTO DE CONEXÃO 2 ACESSOS INCLINADOS DE FERRO FUNDIDO PARA REDE DE ÁGUA, DN 80, JUNTA ELÁSTICA, INSTALADO EM LOCAL COM NÍVEL ALTO DE INTERFERÊNCIAS (NÃO INCLUI FORNECIMENTO). AF_05/2024","UN",13.02,105250,null,12.33,13.02]
[null,105251,"ASSENTAMENTO DE CONEXÃO 2 ACESSOS INCLINADOS DE FERRO FUNDIDO PARA REDE DE ÁGUA, DN 100, JUNTA ELÁSTICA, INSTALADO EM LOCAL COM NÍVEL ALTO DE INTERFERÊNCIAS (NÃO INCLUI FORNECIMENTO). AF_05/2024","UN",14.91,105251,null,14.09,14.91]
[null,105252,"ASSENTAMENTO DE CONEXÃO 2 ACESSOS INCLINADOS DE FERRO FUNDIDO PARA REDE DE ÁGUA, DN 150, JUNTA ELÁSTICA, INSTALADO EM LOCAL COM NÍVEL ALTO DE INTERFERÊNCIAS (NÃO INCLUI FORNECIMENTO). AF_05/2024","UN",19.57,105252,null,18.440000000000001,19.57]
[null,105253,"ASSENTAMENTO DE CONEXÃO 2 ACESSOS INCLINADOS DE FERRO FUNDIDO PARA REDE DE ÁGUA, DN 200, JUNTA ELÁSTICA, INSTALADO EM LOCAL COM NÍVEL ALTO DE INTERFERÊNCIAS (NÃO INCLUI FORNECIMENTO). AF_05/2024","UN",24.24,105253,null,22.78,24.24]
[null,105254,"ASSENTAMENTO DE CONEXÃO 2 ACESSOS INCLINADOS DE FERRO FUNDIDO PARA REDE DE ÁGUA, DN 250, JUNTA ELÁSTICA, INSTALADO EM LOCAL COM NÍVEL ALTO DE INTERFERÊNCIAS (NÃO INCLUI FORNECIMENTO). AF_05/2024","UN",29.08,105254,null,27.31,29.08]
[null,105255,"ASSENTAMENTO DE CONEXÃO 2 ACESSOS INCLINADOS DE FERRO FUNDIDO PARA REDE DE ÁGUA, DN 300, JUNTA ELÁSTICA, INSTALADO EM LOCAL COM NÍVEL ALTO DE INTERFERÊNCIAS (NÃO INCLUI FORNECIMENTO). AF_05/2024","UN",33.92,105255,null,31.82,33.92]
[null,105256,"ASSENTAMENTO DE CONEXÃO 2 ACESSOS INCLINADOS DE FERRO FUNDIDO PARA REDE DE ÁGUA, DN 350, JUNTA ELÁSTICA, INSTALADO EM LOCAL COM NÍVEL ALTO DE INTERFERÊNCIAS (NÃO INCLUI FORNECIMENTO). AF_05/2024","UN",38.729999999999997,105256,null,36.31,38.729999999999997]
[null,105257,"ASSENTAMENTO DE CONEXÃO 2 ACESSOS INCLINADOS DE FERRO FUNDIDO PARA REDE DE ÁGUA, DN 400, JUNTA ELÁSTICA, INSTALADO EM LOCAL COM NÍVEL ALTO DE INTERFERÊNCIAS (NÃO INCLUI FORNECIMENTO). AF_05/2024","UN",43.54,105257,null,40.81,43.54]
[null,105258,"ASSENTAMENTO DE CONEXÃO 2 ACESSOS ALINHADOS DE FERRO FUNDIDO PARA REDE DE ÁGUA, DN 400, JUNTA ELÁSTICA, INSTALADO EM LOCAL COM NÍVEL BAIXO DE INTERFERÊNCIAS (NÃO INCLUI FORNECIMENTO). AF_05/2024","UN",null,105258,null,23.31,24.81]
[null,105259,"ASSENTAMENTO DE CONEXÃO 3 ACESSOS DE FERRO FUNDIDO PARA REDE DE ÁGUA, DN 100, JUNTA ELÁSTICA, INSTALADO EM LOCAL COM NÍVEL BAIXO DE INTERFERÊNCIAS (NÃO INCLUI FORNECIMENTO). AF_05/2024","UN",16.14,105259,null,15.28,16.14]
[null,105261,"ASSENTAMENTO DE CONEXÃO 2 ACESSOS ALINHADOS DE FERRO FUNDIDO PARA REDE DE ÁGUA, DN 450, JUNTA ELÁSTICA, INSTALADO EM LOCAL COM NÍVEL BAIXO DE INTERFERÊNCIAS (NÃO INCLUI FORNECIMENTO). AF_05/2024","UN",27.79,105261,null,26.11,27.79]
[null,105262,"ASSENTAMENTO DE CONEXÃO 2 ACESSOS ALINHADOS DE FERRO FUNDIDO PARA REDE DE ÁGUA, DN 500, JUNTA ELÁSTICA, INSTALADO EM LOCAL COM NÍVEL BAIXO DE INTERFERÊNCIAS (NÃO INCLUI FORNECIMENTO). AF_05/2024","UN",35.29,105262,null,33.42,35.29]
[null,105263,"ASSENTAMENTO DE CONEXÃO 2 ACESSOS ALINHADOS DE FERRO FUNDIDO PARA REDE DE ÁGUA, DN 600, JUNTA ELÁSTICA, INSTALADO EM LOCAL COM NÍVEL BAIXO DE INTERFERÊNCIAS (NÃO INCLUI FORNECIMENTO). AF_05/2024","UN",41.94,105263,null,39.72,41.94]
[null,105264,"ASSENTAMENTO DE CONEXÃO 2 ACESSOS ALINHADOS DE FERRO FUNDIDO PARA REDE DE ÁGUA, DN 700, JUNTA ELÁSTICA, INSTALADO EM LOCAL COM NÍVEL BAIXO DE INTERFERÊNCIAS (NÃO INCLUI FORNECIMENTO). AF_05/2024","UN",47.73,105264,null,45.14,47.73]
[null,105265,"ASSENTAMENTO DE CONEXÃO 2 ACESSOS ALINHADOS DE FERRO FUNDIDO PARA REDE DE ÁGUA, DN 800, JUNTA ELÁSTICA, INSTALADO EM LOCAL COM NÍVEL BAIXO DE INTERFERÊNCIAS (NÃO INCLUI FORNECIMENTO). AF_05/2024","UN",53.83,105265,null,50.89,53.83]
[null,105266,"ASSENTAMENTO DE CONEXÃO 2 ACESSOS ALINHADOS DE FERRO FUNDIDO PARA REDE DE ÁGUA, DN 900, JUNTA ELÁSTICA, INSTALADO EM LOCAL COM NÍVEL BAIXO DE INTERFERÊNCIAS (NÃO INCLUI FORNECIMENTO). AF_05/2024","UN",60.18,105266,null,56.89,60.18]
[null,105267,"ASSENTAMENTO DE CONEXÃO 2 ACESSOS ALINHADOS DE FERRO FUNDIDO PARA REDE DE ÁGUA, DN 1000, JUNTA ELÁSTICA, INSTALADO EM LOCAL COM NÍVEL BAIXO DE INTERFERÊNCIAS (NÃO INCLUI FORNECIMENTO). AF_05/2024","UN",66.650000000000006,105267,null,63,66.650000000000006]
[null,105268,"ASSENTAMENTO DE CONEXÃO 2 ACESSOS ALINHADOS DE FERRO FUNDIDO PARA REDE DE ÁGUA, DN 1200, JUNTA ELÁSTICA, INSTALADO EM LOCAL COM NÍVEL BAIXO DE INTERFERÊNCIAS (NÃO INCLUI FORNECIMENTO). AF_05/2024","UN",82.92,105268,null,78.55,82.92]
[null,105269,"ASSENTAMENTO DE CONEXÃO 2 ACESSOS INCLINADOS DE FERRO FUNDIDO PARA REDE DE ÁGUA, DN 80, JUNTA ELÁSTICA, INSTALADO EM LOCAL COM NÍVEL BAIXO DE INTERFERÊNCIAS (NÃO INCLUI FORNECIMENTO). AF_05/2024","UN",10,105269,null,9.48,10]
[null,105270,"ASSENTAMENTO DE CONEXÃO 2 ACESSOS INCLINADOS DE FERRO FUNDIDO PARA REDE DE ÁGUA, DN 450, JUNTA ELÁSTICA, INSTALADO EM LOCAL COM NÍVEL ALTO DE INTERFERÊNCIAS (NÃO INCLUI FORNECIMENTO). AF_05/2024","UN",48.52,105270,null,45.46,48.52]
[null,105271,"ASSENTAMENTO DE CONEXÃO 2 ACESSOS INCLINADOS DE FERRO FUNDIDO PARA REDE DE ÁGUA, DN 500, JUNTA ELÁSTICA, INSTALADO EM LOCAL COM NÍVEL ALTO DE INTERFERÊNCIAS (NÃO INCLUI FORNECIMENTO). AF_05/2024","UN",63.61,105271,null,60.25,63.61]
[null,105272,"ASSENTAMENTO DE CONEXÃO 2 ACESSOS INCLINADOS DE FERRO FUNDIDO PARA REDE DE ÁGUA, DN 600, JUNTA ELÁSTICA, INSTALADO EM LOCAL COM NÍVEL ALTO DE INTERFERÊNCIAS (NÃO INCLUI FORNECIMENTO). AF_05/2024","UN",75.08,105272,null,71.069999999999993,75.08]
[null,105273,"ASSENTAMENTO DE CONEXÃO 2 ACESSOS INCLINADOS DE FERRO FUNDIDO PARA REDE DE ÁGUA, DN 700, JUNTA ELÁSTICA, INSTALADO EM LOCAL COM NÍVEL ALTO DE INTERFERÊNCIAS (NÃO INCLUI FORNECIMENTO). AF_05/2024","UN",85.66,105273,null,81.02,85.66]
[null,105274,"ASSENTAMENTO DE CONEXÃO 2 ACESSOS INCLINADOS DE FERRO FUNDIDO PARA REDE DE ÁGUA, DN 800, JUNTA ELÁSTICA, INSTALADO EM LOCAL COM NÍVEL ALTO DE INTERFERÊNCIAS (NÃO INCLUI FORNECIMENTO). AF_05/2024","UN",96.59,105274,null,91.31,96.59]
[null,105275,"ASSENTAMENTO DE CONEXÃO 2 ACESSOS INCLINADOS DE FERRO FUNDIDO PARA REDE DE ÁGUA, DN 900, JUNTA ELÁSTICA, INSTALADO EM LOCAL COM NÍVEL ALTO DE INTERFERÊNCIAS (NÃO INCLUI FORNECIMENTO). AF_05/2024","UN",107.73,105275,null,101.83,107.73]
[null,105276,"ASSENTAMENTO DE CONEXÃO 2 ACESSOS INCLINADOS DE FERRO FUNDIDO PARA REDE DE ÁGUA, DN 1000, JUNTA ELÁSTICA, INSTALADO EM LOCAL COM NÍVEL ALTO DE INTERFERÊNCIAS (NÃO INCLUI FORNECIMENTO). AF_05/2024","UN",119.03,105276,null,112.48,119.03]
[null,105277,"ASSENTAMENTO DE CONEXÃO 2 ACESSOS INCLINADOS DE FERRO FUNDIDO PARA REDE DE ÁGUA, DN 1200, JUNTA ELÁSTICA, INSTALADO EM LOCAL COM NÍVEL ALTO DE INTERFERÊNCIAS (NÃO INCLUI FORNECIMENTO). AF_05/2024","UN",144.91999999999999,105277,null,137.07,144.91999999999999]
[null,105278,"ASSENTAMENTO DE CONEXÃO 3 ACESSOS DE FERRO FUNDIDO PARA REDE DE ÁGUA, DN 80, JUNTA ELÁSTICA, INSTALADO EM LOCAL COM NÍVEL ALTO DE INTERFERÊNCIAS (NÃO INCLUI FORNECIMENTO). AF_05/2024","UN",17.940000000000001,105278,null,17.02,17.940000000000001]
[null,105279,"ASSENTAMENTO DE CONEXÃO 3 ACESSOS DE FERRO FUNDIDO PARA REDE DE ÁGUA, DN 100, JUNTA ELÁSTICA, INSTALADO EM LOCAL COM NÍVEL ALTO DE INTERFERÊNCIAS (NÃO INCLUI FORNECIMENTO). AF_05/2024","UN",20.58,105279,null,19.489999999999998,20.58]
[null,105280,"ASSENTAMENTO DE CONEXÃO 3 ACESSOS DE FERRO FUNDIDO PARA REDE DE ÁGUA, DN 150, JUNTA ELÁSTICA, INSTALADO EM LOCAL COM NÍVEL ALTO DE INTERFERÊNCIAS (NÃO INCLUI FORNECIMENTO). AF_05/2024","UN",27.01,105280,null,25.48,27.01]
[null,105281,"ASSENTAMENTO DE CONEXÃO 3 ACESSOS DE FERRO FUNDIDO PARA REDE DE ÁGUA, DN 200, JUNTA ELÁSTICA, INSTALADO EM LOCAL COM NÍVEL ALTO DE INTERFERÊNCIAS (NÃO INCLUI FORNECIMENTO). AF_05/2024","UN",33.44,105281,null,31.49,33.44]
[null,105282,"ASSENTAMENTO DE CONEXÃO 2 ACESSOS INCLINADOS DE FERRO FUNDIDO PARA REDE DE ÁGUA, DN 100, JUNTA ELÁSTICA, INSTALADO EM LOCAL COM NÍVEL BAIXO DE INTERFERÊNCIAS (NÃO INCLUI FORNECIMENTO). AF_05/2024","UN",11.58,105282,null,10.94,11.58]
[null,105283,"ASSENTAMENTO DE CONEXÃO 3 ACESSOS DE FERRO FUNDIDO PARA REDE DE ÁGUA, DN 150, JUNTA ELÁSTICA, INSTALADO EM LOCAL COM NÍVEL BAIXO DE INTERFERÊNCIAS (NÃO INCLUI FORNECIMENTO). AF_05/2024","UN",{"$f":"IF($K$2=$H$1,H67,I67)","v":21.5},{"$f":"IF(LEN($B67)=7,CONCATENATE(MID($B67,1,6),\"00\",RIGHT($B67,1)),IF(LEN($B67)=8,CONCATENATE(MID($B67,1,6),\"0\",RIGHT($B67,2)),$B67))","v":105283},null,20.29,21.5]
[null,105284,"ASSENTAMENTO DE CONEXÃO 3 ACESSOS DE FERRO FUNDIDO PARA REDE DE ÁGUA, DN 250, JUNTA ELÁSTICA, INSTALADO EM LOCAL COM NÍVEL ALTO DE INTERFERÊNCIAS (NÃO INCLUI FORNECIMENTO). AF_05/2024","UN",40.22,105284,null,37.85,40.22]
[null,105297,"ASSENTAMENTO DE CONEXÃO 2 ACESSOS ALINHADOS DE FERRO FUNDIDO PARA REDE DE ÁGUA, DN 80, JUNTA ELÁSTICA, INSTALADO EM LOCAL COM NÍVEL ALTO DE INTERFERÊNCIAS (NÃO INCLUI FORNECIMENTO). AF_05/2024","UN",8.9600000000000009,105297,null,8.5,8.9600000000000009]
[null,105298,"ASSENTAMENTO DE CONEXÃO 2 ACESSOS INCLINADOS DE FERRO FUNDIDO PARA REDE DE ÁGUA, DN 150, JUNTA ELÁSTICA, INSTALADO EM LOCAL COM NÍVEL BAIXO DE INTERFERÊNCIAS (NÃO INCLUI FORNECIMENTO). AF_05/2024","UN",15.43,105298,null,14.51,15.43]
[null,105299,"ASSENTAMENTO DE CONEXÃO 2 ACESSOS INCLINADOS DE FERRO FUNDIDO PARA REDE DE ÁGUA, DN 200, JUNTA ELÁSTICA, INSTALADO EM LOCAL COM NÍVEL BAIXO DE INTERFERÊNCIAS (NÃO INCLUI FORNECIMENTO). AF_05/2024","UN",19.309999999999999,105299,null,18.13,19.309999999999999]
[null,105300,"ASSENTAMENTO DE CONEXÃO 2 ACESSOS INCLINADOS DE FERRO FUNDIDO PARA REDE DE ÁGUA, DN 250, JUNTA ELÁSTICA, INSTALADO EM LOCAL COM NÍVEL BAIXO DE INTERFERÊNCIAS (NÃO INCLUI FORNECIMENTO). AF_05/2024","UN",23.34,105300,null,21.9,23.34]
[null,105301,"ASSENTAMENTO DE CONEXÃO 2 ACESSOS INCLINADOS DE FERRO FUNDIDO PARA REDE DE ÁGUA, DN 300, JUNTA ELÁSTICA, INSTALADO EM LOCAL COM NÍVEL BAIXO DE INTERFERÊNCIAS (NÃO INCLUI FORNECIMENTO). AF_05/2024","UN",27.38,105301,null,25.66,27.38]
[null,105302,"ASSENTAMENTO DE CONEXÃO 2 ACESSOS INCLINADOS DE FERRO FUNDIDO PARA REDE DE ÁGUA, DN 350, JUNTA ELÁSTICA, INSTALADO EM LOCAL COM NÍVEL BAIXO DE INTERFERÊNCIAS (NÃO INCLUI FORNECIMENTO). AF_05/2024","UN",31.41,105302,null,29.41,31.41]
[null,105303,"ASSENTAMENTO DE CONEXÃO 2 ACESSOS INCLINADOS DE FERRO FUNDIDO PARA REDE DE ÁGUA, DN 400, JUNTA ELÁSTICA, INSTALADO EM LOCAL COM NÍVEL BAIXO DE INTERFERÊNCIAS (NÃO INCLUI FORNECIMENTO). AF_05/2024","UN",35.42,105303,null,33.159999999999997,35.42]
[null,105304,"ASSENTAMENTO DE CONEXÃO 2 ACESSOS INCLINADOS DE FERRO FUNDIDO PARA REDE DE ÁGUA, DN 450, JUNTA ELÁSTICA, INSTALADO EM LOCAL COM NÍVEL BAIXO DE INTERFERÊNCIAS (NÃO INCLUI FORNECIMENTO). AF_05/2024","UN",39.6,105304,null,37.07,39.6]
[null,105305,"ASSENTAMENTO DE CONEXÃO 2 ACESSOS INCLINADOS DE FERRO FUNDIDO PARA REDE DE ÁGUA, DN 500, JUNTA ELÁSTICA, INSTALADO EM LOCAL COM NÍVEL BAIXO DE INTERFERÊNCIAS (NÃO INCLUI FORNECIMENTO). AF_05/2024","UN",50.58,105305,null,47.79,50.58]
[null,105306,"ASSENTAMENTO DE CONEXÃO 2 ACESSOS INCLINADOS DE FERRO FUNDIDO PARA REDE DE ÁGUA, DN 600, JUNTA ELÁSTICA, INSTALADO EM LOCAL COM NÍVEL BAIXO DE INTERFERÊNCIAS (NÃO INCLUI FORNECIMENTO). AF_05/2024","UN",59.93,105306,null,56.61,59.93]
[null,105307,"ASSENTAMENTO DE CONEXÃO 2 ACESSOS INCLINADOS DE FERRO FUNDIDO PARA REDE DE ÁGUA, DN 700, JUNTA ELÁSTICA, INSTALADO EM LOCAL COM NÍVEL BAIXO DE INTERFERÊNCIAS (NÃO INCLUI FORNECIMENTO). AF_05/2024","UN",68.430000000000007,105307,null,64.569999999999993,68.430000000000007]
[null,105317,"ASSENTAMENTO DE CONEXÃO 2 ACESSOS ALINHADOS DE FERRO FUNDIDO PARA REDE DE ÁGUA, DN 300, JUNTA ELÁSTICA, INSTALADO EM LOCAL COM NÍVEL BAIXO DE INTERFERÊNCIAS (NÃO INCLUI FORNECIMENTO). AF_05/2024","UN",19.12,105317,null,17.98,19.12]
[null,105318,"ASSENTAMENTO DE CONEXÃO 2 ACESSOS ALINHADOS DE FERRO FUNDIDO PARA REDE DE ÁGUA, DN 350, JUNTA ELÁSTICA, INSTALADO EM LOCAL COM NÍVEL BAIXO DE INTERFERÊNCIAS (NÃO INCLUI FORNECIMENTO). AF_05/2024","UN",21.96,105318,null,20.63,21.96]
[null,105319,"ASSENTAMENTO DE CONEXÃO 3 ACESSOS DE FERRO FUNDIDO PARA REDE DE ÁGUA, DN 200, JUNTA ELÁSTICA, INSTALADO EM LOCAL COM NÍVEL BAIXO DE INTERFERÊNCIAS (NÃO INCLUI FORNECIMENTO). AF_05/2024","UN",26.86,105319,null,25.28,26.86]
[null,105320,"ASSENTAMENTO DE CONEXÃO 3 ACESSOS DE FERRO FUNDIDO PARA REDE DE ÁGUA, DN 250, JUNTA ELÁSTICA, INSTALADO EM LOCAL COM NÍVEL BAIXO DE INTERFERÊNCIAS (NÃO INCLUI FORNECIMENTO). AF_05/2024","UN",32.590000000000003,105320,null,30.66,32.590000000000003]
[null,105321,"ASSENTAMENTO DE CONEXÃO 3 ACESSOS DE FERRO FUNDIDO PARA REDE DE ÁGUA, DN 300, JUNTA ELÁSTICA, INSTALADO EM LOCAL COM NÍVEL BAIXO DE INTERFERÊNCIAS (NÃO INCLUI FORNECIMENTO). AF_05/2024","UN",38.28,105321,null,35.99,38.28]
[null,105322,"ASSENTAMENTO DE CONEXÃO 3 ACESSOS DE FERRO FUNDIDO PARA REDE DE ÁGUA, DN 350, JUNTA ELÁSTICA, INSTALADO EM LOCAL COM NÍVEL BAIXO DE INTERFERÊNCIAS (NÃO INCLUI FORNECIMENTO). AF_05/2024","UN",43.95,105322,null,41.3,43.95]
[null,105323,"ASSENTAMENTO DE CONEXÃO 3 ACESSOS DE FERRO FUNDIDO PARA REDE DE ÁGUA, DN 400, JUNTA ELÁSTICA, INSTALADO EM LOCAL COM NÍVEL BAIXO DE INTERFERÊNCIAS (NÃO INCLUI FORNECIMENTO). AF_05/2024","UN",49.62,105323,null,46.62,49.62]
[null,105324,"ASSENTAMENTO DE CONEXÃO 3 ACESSOS DE FERRO FUNDIDO PARA REDE DE ÁGUA, DN 450, JUNTA ELÁSTICA, INSTALADO EM LOCAL COM NÍVEL BAIXO DE INTERFERÊNCIAS (NÃO INCLUI FORNECIMENTO). AF_05/2024","UN",55.6,105324,null,52.25,55.6]
[null,105325,"ASSENTAMENTO DE CONEXÃO 3 ACESSOS DE FERRO FUNDIDO PARA REDE DE ÁGUA, DN 500, JUNTA ELÁSTICA, INSTALADO EM LOCAL COM NÍVEL BAIXO DE INTERFERÊNCIAS (NÃO INCLUI FORNECIMENTO). AF_05/2024","UN",70.58,105325,null,66.86,70.58]
[null,105326,"ASSENTAMENTO DE CONEXÃO 3 ACESSOS DE FERRO FUNDIDO PARA REDE DE ÁGUA, DN 600, JUNTA ELÁSTICA, INSTALADO EM LOCAL COM NÍVEL BAIXO DE INTERFERÊNCIAS (NÃO INCLUI FORNECIMENTO). AF_05/2024","UN",83.9,105326,null,79.47,83.9]
[null,105340,"ASSENTAMENTO DE CONEXÃO 2 ACESSOS INCLINADOS DE FERRO FUNDIDO PARA REDE DE ÁGUA, DN 800, JUNTA ELÁSTICA, INSTALADO EM LOCAL COM NÍVEL BAIXO DE INTERFERÊNCIAS (NÃO INCLUI FORNECIMENTO). AF_05/2024","UN",77.260000000000005,105340,null,72.84,77.260000000000005]
[null,105341,"ASSENTAMENTO DE CONEXÃO 2 ACESSOS INCLINADOS DE FERRO FUNDIDO PARA REDE DE ÁGUA, DN 1000, JUNTA ELÁSTICA, INSTALADO EM LOCAL COM NÍVEL BAIXO DE INTERFERÊNCIAS (NÃO INCLUI FORNECIMENTO). AF_05/2024","UN",95.51,105341,null,90.03,95.51]
[null,105342,"ASSENTAMENTO DE CONEXÃO 2 ACESSOS INCLINADOS DE FERRO FUNDIDO PARA REDE DE ÁGUA, DN 1200, JUNTA ELÁSTICA, INSTALADO EM LOCAL COM NÍVEL BAIXO DE INTERFERÊNCIAS (NÃO INCLUI FORNECIMENTO). AF_05/2024","UN",117.2,105342,null,110.64,117.2]
[null,105343,"ASSENTAMENTO DE CONEXÃO 3 ACESSOS DE FERRO FUNDIDO PARA REDE DE ÁGUA, DN 80, JUNTA ELÁSTICA, INSTALADO EM LOCAL COM NÍVEL BAIXO DE INTERFERÊNCIAS (NÃO INCLUI FORNECIMENTO). AF_05/2024","UN",13.91,105343,null,13.2,13.91]
[null,105344,"ASSENTAMENTO DE CONEXÃO 3 ACESSOS DE FERRO FUNDIDO PARA REDE DE ÁGUA, DN 700, JUNTA ELÁSTICA, INSTALADO EM LOCAL COM NÍVEL BAIXO DE INTERFERÊNCIAS (NÃO INCLUI FORNECIMENTO). AF_05/2024","UN",95.46,105344,null,90.3,95.46]
[null,105345,"ASSENTAMENTO DE CONEXÃO 3 ACESSOS DE FERRO FUNDIDO PARA REDE DE ÁGUA, DN 900, JUNTA ELÁSTICA, INSTALADO EM LOCAL COM NÍVEL BAIXO DE INTERFERÊNCIAS (NÃO INCLUI FORNECIMENTO). AF_05/2024","UN",120.36,105345,null,113.77,120.36]
[null,105346,"ASSENTAMENTO DE CONEXÃO 3 ACESSOS DE FERRO FUNDIDO PARA REDE DE ÁGUA, DN 1000, JUNTA ELÁSTICA, INSTALADO EM LOCAL COM NÍVEL BAIXO DE INTERFERÊNCIAS (NÃO INCLUI FORNECIMENTO). AF_05/2024","UN",133.32,105346,null,126.02,133.32]
[null,105347,"ASSENTAMENTO DE CONEXÃO 3 ACESSOS DE FERRO FUNDIDO PARA REDE DE ÁGUA, DN 1200, JUNTA ELÁSTICA, INSTALADO EM LOCAL COM NÍVEL BAIXO DE INTERFERÊNCIAS (NÃO INCLUI FORNECIMENTO). AF_05/2024","UN",165.85,105347,null,157.12,165.85]
[null,105348,"ASSENTAMENTO DE CONEXÃO 3 ACESSOS DE FERRO FUNDIDO PARA REDE DE ÁGUA, DN 300, JUNTA ELÁSTICA, INSTALADO EM LOCAL COM NÍVEL ALTO DE INTERFERÊNCIAS (NÃO INCLUI FORNECIMENTO). AF_05/2024","UN",46.98,105348,null,44.19,46.98]
[null,105349,"ASSENTAMENTO DE CONEXÃO 3 ACESSOS DE FERRO FUNDIDO PARA REDE DE ÁGUA, DN 350, JUNTA ELÁSTICA, INSTALADO EM LOCAL COM NÍVEL ALTO DE INTERFERÊNCIAS (NÃO INCLUI FORNECIMENTO). AF_05/2024","UN",53.72,105349,null,50.5,53.72]
[null,105350,"ASSENTAMENTO DE CONEXÃO 3 ACESSOS DE FERRO FUNDIDO PARA REDE DE ÁGUA, DN 400, JUNTA ELÁSTICA, INSTALADO EM LOCAL COM NÍVEL ALTO DE INTERFERÊNCIAS (NÃO INCLUI FORNECIMENTO). AF_05/2024","UN",60.46,105350,null,56.82,60.46]
[null,105351,"ASSENTAMENTO DE CONEXÃO 3 ACESSOS DE FERRO FUNDIDO PARA REDE DE ÁGUA, DN 450, JUNTA ELÁSTICA, INSTALADO EM LOCAL COM NÍVEL ALTO DE INTERFERÊNCIAS (NÃO INCLUI FORNECIMENTO). AF_05/2024","UN",67.510000000000005,105351,null,63.44,67.510000000000005]
[null,105352,"ASSENTAMENTO DE CONEXÃO 3 ACESSOS DE FERRO FUNDIDO PARA REDE DE ÁGUA, DN 500, JUNTA ELÁSTICA, INSTALADO EM LOCAL COM NÍVEL ALTO DE INTERFERÊNCIAS (NÃO INCLUI FORNECIMENTO). AF_05/2024","UN",87.97,105352,null,83.49,87.97]
[null,105353,"ASSENTAMENTO DE CONEXÃO 3 ACESSOS DE FERRO FUNDIDO PARA REDE DE ÁGUA, DN 600, JUNTA ELÁSTICA, INSTALADO EM LOCAL COM NÍVEL ALTO DE INTERFERÊNCIAS (NÃO INCLUI FORNECIMENTO). AF_05/2024","UN",104.09,105353,null,98.75,104.09]
[null,105354,"ASSENTAMENTO DE CONEXÃO 3 ACESSOS DE FERRO FUNDIDO PARA REDE DE ÁGUA, DN 700, JUNTA ELÁSTICA, INSTALADO EM LOCAL COM NÍVEL ALTO DE INTERFERÊNCIAS (NÃO INCLUI FORNECIMENTO). AF_05/2024","UN",118.45,105354,null,112.25,118.45]
[null,105355,"ASSENTAMENTO DE CONEXÃO 3 ACESSOS DE FERRO FUNDIDO PARA REDE DE ÁGUA, DN 800, JUNTA ELÁSTICA, INSTALADO EM LOCAL COM NÍVEL ALTO DE INTERFERÊNCIAS (NÃO INCLUI FORNECIMENTO). AF_05/2024","UN",133.46,105355,null,126.41,133.46]
[null,105356,"ASSENTAMENTO DE CONEXÃO 3 ACESSOS DE FERRO FUNDIDO PARA REDE DE ÁGUA, DN 900, JUNTA ELÁSTICA, INSTALADO EM LOCAL COM NÍVEL ALTO DE INTERFERÊNCIAS (NÃO INCLUI FORNECIMENTO). AF_05/2024","UN",148.94,105356,null,141.04,148.94]
[null,105357,"ASSENTAMENTO DE CONEXÃO 3 ACESSOS DE FERRO FUNDIDO PARA REDE DE ÁGUA, DN 1000, JUNTA ELÁSTICA, INSTALADO EM LOCAL COM NÍVEL ALTO DE INTERFERÊNCIAS (NÃO INCLUI FORNECIMENTO). AF_05/2024","UN",164.7,105357,null,155.94999999999999,164.7]
[null,105358,"ASSENTAMENTO DE CONEXÃO 3 ACESSOS DE FERRO FUNDIDO PARA REDE DE ÁGUA, DN 1200, JUNTA ELÁSTICA, INSTALADO EM LOCAL COM NÍVEL ALTO DE INTERFERÊNCIAS (NÃO INCLUI FORNECIMENTO). AF_05/2024","UN",202.82,105358,null,192.38,202.82]
[null,105369,"FORNECIMENTO E ASSENTAMENTO DE TE RANHURADO EM FERRO FUNDIDO, DN 80 (3\") PARA REDE DE ÁGUA, INSTALADO EM LOCAL COM NÍVEL ALTO DE INTERFERÊNCIAS (INCLUI FORNECIMENTO). AF_05/2024","UN",71.819999999999993,105369,null,70.900000000000006,71.819999999999993]
[null,105377,"FORNECIMENTO E ASSENTAMENTO DE CURVA 45 GRAUS RANHURADA EM FERRO FUNDIDO, DN 80 MM (3\") PARA REDE DE ÁGUA, INSTALADO EM LOCAL COM NÍVEL ALTO DE INTERFERÊNCIAS (INCLUI FORNECIMENTO). AF_05/2024","UN",45.16,105377,null,44.47,45.16]
[null,105378,"ASSENTAMENTO DE CONEXÃO 2 ACESSOS ALINHADOS DE FERRO FUNDIDO PARA REDE DE ÁGUA, DN 100, JUNTA ELÁSTICA, INSTALADO EM LOCAL COM NÍVEL ALTO DE INTERFERÊNCIAS (NÃO INCLUI FORNECIMENTO). AF_05/2024","UN",10.28,105378,null,9.74,10.28]
[null,105379,"ASSENTAMENTO DE CONEXÃO 2 ACESSOS ALINHADOS DE FERRO FUNDIDO PARA REDE DE ÁGUA, DN 150, JUNTA ELÁSTICA, INSTALADO EM LOCAL COM NÍVEL ALTO DE INTERFERÊNCIAS (NÃO INCLUI FORNECIMENTO). AF_05/2024","UN",13.48,105379,null,12.73,13.48]
[null,105380,"ASSENTAMENTO DE CONEXÃO 2 ACESSOS ALINHADOS DE FERRO FUNDIDO PARA REDE DE ÁGUA, DN 1000, JUNTA ELÁSTICA, INSTALADO EM LOCAL COM NÍVEL ALTO DE INTERFERÊNCIAS (NÃO INCLUI FORNECIMENTO). AF_05/2024","UN",82.34,105380,null,77.959999999999994,82.34]
[null,105388,"ASSENTAMENTO DE CONEXÃO 2 ACESSOS ALINHADOS DE FERRO FUNDIDO PARA REDE DE ÁGUA, DN 150, JUNTA ELÁSTICA, INSTALADO EM LOCAL COM NÍVEL BAIXO DE INTERFERÊNCIAS (NÃO INCLUI FORNECIMENTO). AF_05/2024","UN",10.73,105388,null,10.130000000000001,10.73]
[null,105389,"ASSENTAMENTO DE CONEXÃO 2 ACESSOS ALINHADOS DE FERRO FUNDIDO PARA REDE DE ÁGUA, DN 200, JUNTA ELÁSTICA, INSTALADO EM LOCAL COM NÍVEL BAIXO DE INTERFERÊNCIAS (NÃO INCLUI FORNECIMENTO). AF_05/2024","UN",13.41,105389,null,12.62,13.41]
[null,105390,"ASSENTAMENTO DE CONEXÃO 2 ACESSOS INCLINADOS DE FERRO FUNDIDO PARA REDE DE ÁGUA, DN 900, JUNTA ELÁSTICA, INSTALADO EM LOCAL COM NÍVEL BAIXO DE INTERFERÊNCIAS (NÃO INCLUI FORNECIMENTO). AF_05/2024","UN",86.31,105390,null,81.36,86.31]
[null,105391,"ASSENTAMENTO DE CONEXÃO 3 ACESSOS DE FERRO FUNDIDO PARA REDE DE ÁGUA, DN 800, JUNTA ELÁSTICA, INSTALADO EM LOCAL COM NÍVEL BAIXO DE INTERFERÊNCIAS (NÃO INCLUI FORNECIMENTO). AF_05/2024","UN",107.67,105391,null,101.8,107.67]
[null,105392,"ASSENTAMENTO DE CONEXÃO 2 ACESSOS ALINHADOS DE FERRO FUNDIDO PARA REDE DE ÁGUA, DN 200, JUNTA ELÁSTICA, INSTALADO EM LOCAL COM NÍVEL ALTO DE INTERFERÊNCIAS (NÃO INCLUI FORNECIMENTO). AF_05/2024","UN",16.71,105392,null,15.73,16.71]
[null,105393,"ASSENTAMENTO DE CONEXÃO 2 ACESSOS ALINHADOS DE FERRO FUNDIDO PARA REDE DE ÁGUA, DN 250, JUNTA ELÁSTICA, INSTALADO EM LOCAL COM NÍVEL ALTO DE INTERFERÊNCIAS (NÃO INCLUI FORNECIMENTO). AF_05/2024","UN",20.11,105393,null,18.920000000000002,20.11]
[null,105394,"ASSENTAMENTO DE CONEXÃO 2 ACESSOS ALINHADOS DE FERRO FUNDIDO PARA REDE DE ÁGUA, DN 300, JUNTA ELÁSTICA, INSTALADO EM LOCAL COM NÍVEL ALTO DE INTERFERÊNCIAS (NÃO INCLUI FORNECIMENTO). AF_05/2024","UN",23.47,105394,null,22.08,23.47]
[null,105395,"ASSENTAMENTO DE CONEXÃO 2 ACESSOS ALINHADOS DE FERRO FUNDIDO PARA REDE DE ÁGUA, DN 350, JUNTA ELÁSTICA, INSTALADO EM LOCAL COM NÍVEL ALTO DE INTERFERÊNCIAS (NÃO INCLUI FORNECIMENTO). AF_05/2024","UN",26.84,105395,null,25.23,26.84]
[null,105396,"ASSENTAMENTO DE CONEXÃO 2 ACESSOS ALINHADOS DE FERRO FUNDIDO PARA REDE DE ÁGUA, DN 400, JUNTA ELÁSTICA, INSTALADO EM LOCAL COM NÍVEL ALTO DE INTERFERÊNCIAS (NÃO INCLUI FORNECIMENTO). AF_05/2024","UN",30.23,105396,null,28.4,30.23]
[null,105397,"ASSENTAMENTO DE CONEXÃO 2 ACESSOS ALINHADOS DE FERRO FUNDIDO PARA REDE DE ÁGUA, DN 450, JUNTA ELÁSTICA, INSTALADO EM LOCAL COM NÍVEL ALTO DE INTERFERÊNCIAS (NÃO INCLUI FORNECIMENTO). AF_05/2024","UN",33.74,105397,null,31.71,33.74]
[null,105398,"ASSENTAMENTO DE CONEXÃO 2 ACESSOS ALINHADOS DE FERRO FUNDIDO PARA REDE DE ÁGUA, DN 500, JUNTA ELÁSTICA, INSTALADO EM LOCAL COM NÍVEL ALTO DE INTERFERÊNCIAS (NÃO INCLUI FORNECIMENTO). AF_05/2024","UN",43.98,105398,null,41.73,43.98]
[null,105399,"ASSENTAMENTO DE CONEXÃO 2 ACESSOS ALINHADOS DE FERRO FUNDIDO PARA REDE DE ÁGUA, DN 600, JUNTA ELÁSTICA, INSTALADO EM LOCAL COM NÍVEL ALTO DE INTERFERÊNCIAS (NÃO INCLUI FORNECIMENTO). AF_05/2024","UN",52.02,105399,null,49.36,52.02]
[null,105400,"ASSENTAMENTO DE CONEXÃO 2 ACESSOS ALINHADOS DE FERRO FUNDIDO PARA REDE DE ÁGUA, DN 700, JUNTA ELÁSTICA, INSTALADO EM LOCAL COM NÍVEL ALTO DE INTERFERÊNCIAS (NÃO INCLUI FORNECIMENTO). AF_05/2024","UN",59.21,105400,null,56.13,59.21]
[null,105401,"ASSENTAMENTO DE CONEXÃO 2 ACESSOS ALINHADOS DE FERRO FUNDIDO PARA REDE DE ÁGUA, DN 800, JUNTA ELÁSTICA, INSTALADO EM LOCAL COM NÍVEL ALTO DE INTERFERÊNCIAS (NÃO INCLUI FORNECIMENTO). AF_05/2024","UN",66.709999999999994,105401,null,63.2,66.709999999999994]
[null,105402,"ASSENTAMENTO DE CONEXÃO 2 ACESSOS ALINHADOS DE FERRO FUNDIDO PARA REDE DE ÁGUA, DN 900, JUNTA ELÁSTICA, INSTALADO EM LOCAL COM NÍVEL ALTO DE INTERFERÊNCIAS (NÃO INCLUI FORNECIMENTO). AF_05/2024","UN",74.459999999999994,105402,null,70.52,74.459999999999994]
[null,97173,"ASSENTAMENTO DE TUBO DE AÇO CARBONO PARA REDE DE ÁGUA, DN 600 MM (24\"), JUNTA SOLDADA, INSTALADO EM LOCAL COM NÍVEL ALTO DE INTERFERÊNCIAS (NÃO INCLUI FORNECIMENTO). AF_05/2024","M",37.94,97173,null,35.75,37.94]
[null,97174,"ASSENTAMENTO DE TUBO DE AÇO CARBONO PARA REDE DE ÁGUA, DN 700 MM (28\"), JUNTA SOLDADA, INSTALADO EM LOCAL COM NÍVEL ALTO DE INTERFERÊNCIAS (NÃO INCLUI FORNECIMENTO). AF_05/2024","M",44.98,97174,null,42.33,44.98]
[null,97175,"ASSENTAMENTO DE TUBO DE AÇO CARBONO PARA REDE DE ÁGUA, DN 800 MM (32\"), JUNTA SOLDADA, INSTALADO EM LOCAL COM NÍVEL ALTO DE INTERFERÊNCIAS (NÃO INCLUI FORNECIMENTO). AF_05/2024","M",{"$f":"IF($K$2=$H$1,H131,I131)","v":52.03},{"$f":"IF(LEN($B131)=7,CONCATENATE(MID($B131,1,6),\"00\",RIGHT($B131,1)),IF(LEN($B131)=8,CONCATENATE(MID($B131,1,6),\"0\",RIGHT($B131,2)),$B131))","v":97175},null,48.92,52.03]
[null,97176,"ASSENTAMENTO DE TUBO DE AÇO CARBONO PARA REDE DE ÁGUA, DN 900 MM (36\"), JUNTA SOLDADA, INSTALADO EM LOCAL COM NÍVEL ALTO DE INTERFERÊNCIAS (NÃO INCLUI FORNECIMENTO). AF_05/2024","M",59.1,97176,null,55.51,59.1]
[null,97177,"ASSENTAMENTO DE TUBO DE AÇO CARBONO PARA REDE DE ÁGUA, DN 1000 MM (40\") OU DN 1100 MM (44\"), JUNTA SOLDADA, INSTALADO EM LOCAL COM NÍVEL ALTO DE INTERFERÊNCIAS (NÃO INCLUI FORNECIMENTO). AF_05/2024","M",66.14,97177,null,62.13,66.14]
[null,97178,"ASSENTAMENTO DE TUBO DE AÇO CARBONO PARA REDE DE ÁGUA, DN 1200 MM (48\") OU DN 1300 MM (52\"), JUNTA SOLDADA, INSTALADO EM LOCAL COM NÍVEL ALTO DE INTERFERÊNCIAS (NÃO INCLUI FORNECIMENTO). AF_05/2024","M",80.25,97178,null,75.319999999999993,80.25]
[null,97179,"ASSENTAMENTO DE TUBO DE AÇO CARBONO PARA REDE DE ÁGUA, DN 1400 MM (56'') OU DN 1500 MM (60\"), JUNTA SOLDADA, INSTALADO EM LOCAL COM NÍVEL ALTO DE INTERFERÊNCIAS (NÃO INCLUI FORNECIMENTO). AF_05/2024","M",94.36,97179,null,88.52,94.36]
[null,97180,"ASSENTAMENTO DE TUBO DE AÇO CARBONO PARA REDE DE ÁGUA, DN 1600 MM (64\") OU DN 1700 MM (68\"), JUNTA SOLDADA, INSTALADO EM LOCAL COM NÍVEL ALTO DE INTERFERÊNCIAS (NÃO INCLUI FORNECIMENTO). AF_05/2024","M",108.47,97180,null,101.72,108.47]
[null,97181,"ASSENTAMENTO DE TUBO DE AÇO CARBONO PARA REDE DE ÁGUA, DN 1800 MM (72\") OU DN 1900 MM (76\"), JUNTA SOLDADA, INSTALADO EM LOCAL COM NÍVEL ALTO DE INTERFERÊNCIAS (NÃO INCLUI FORNECIMENTO). AF_05/2024","M",122.59,97181,null,114.92,122.59]
[null,97182,"ASSENTAMENTO DE TUBO DE AÇO CARBONO PARA REDE DE ÁGUA, DN 2000 MM (80\") OU DN 2100 MM (84\"), JUNTA SOLDADA, INSTALADO EM LOCAL COM NÍVEL ALTO DE INTERFERÊNCIAS (NÃO INCLUI FORNECIMENTO). AF_05/2024","M",141.01,97182,null,132.44,141.01]
[null,97183,"ASSENTAMENTO DE TUBO DE AÇO CARBONO PARA REDE DE ÁGUA, DN 600 MM (24\"), JUNTA SOLDADA, INSTALADO EM LOCAL COM NÍVEL BAIXO DE INTERFERÊNCIAS (NÃO INCLUI FORNECIMENTO). AF_05/2024","M",33.89,97183,null,31.84,33.89]
[null,97184,"ASSENTAMENTO DE TUBO DE AÇO CARBONO PARA REDE DE ÁGUA, DN 700 MM (28\"), JUNTA SOLDADA, INSTALADO EM LOCAL COM NÍVEL BAIXO DE INTERFERÊNCIAS (NÃO INCLUI FORNECIMENTO). AF_05/2024","M",40.24,97184,null,37.78,40.24]
[null,97185,"ASSENTAMENTO DE TUBO DE AÇO CARBONO PARA REDE DE ÁGUA, DN 800 MM (32\"), JUNTA SOLDADA, INSTALADO EM LOCAL COM NÍVEL BAIXO DE INTERFERÊNCIAS (NÃO INCLUI FORNECIMENTO). AF_05/2024","M",46.63,97185,null,43.73,46.63]
[null,97186,"ASSENTAMENTO DE TUBO DE AÇO CARBONO PARA REDE DE ÁGUA, DN 900 MM (36\"), JUNTA SOLDADA, INSTALADO EM LOCAL COM NÍVEL BAIXO DE INTERFERÊNCIAS (NÃO INCLUI FORNECIMENTO). AF_05/2024","M",53,97186,null,49.68,53]
[null,97187,"ASSENTAMENTO DE TUBO DE AÇO CARBONO PARA REDE DE ÁGUA, DN 1000 MM (40\") OU DN 1100 MM (44\"), JUNTA SOLDADA, INSTALADO EM LOCAL COM NÍVEL BAIXO DE INTERFERÊNCIAS (NÃO INCLUI FORNECIMENTO). AF_05/2024","M",59.36,97187,null,55.63,59.36]
[null,97188,"ASSENTAMENTO DE TUBO DE AÇO CARBONO PARA REDE DE ÁGUA, DN 1200 MM (48\") OU DN 1300 MM (52\"), JUNTA SOLDADA, INSTALADO EM LOCAL COM NÍVEL BAIXO DE INTERFERÊNCIAS (NÃO INCLUI FORNECIMENTO). AF_05/2024","M",72.12,97188,null,67.540000000000006,72.12]
[null,97189,"ASSENTAMENTO DE TUBO DE AÇO CARBONO PARA REDE DE ÁGUA, DN 1400 MM (56'') OU DN 1500 MM (60\"), JUNTA SOLDADA, INSTALADO EM LOCAL COM NÍVEL BAIXO DE INTERFERÊNCIAS (NÃO INCLUI FORNECIMENTO). AF_05/2024","M",84.87,97189,null,79.44,84.87]
[null,97190,"ASSENTAMENTO DE TUBO DE AÇO CARBONO PARA REDE DE ÁGUA, DN 1600 MM (64\") OU DN 1700 MM (68\"), JUNTA SOLDADA, INSTALADO EM LOCAL COM NÍVEL BAIXO DE INTERFERÊNCIAS (NÃO INCLUI FORNECIMENTO). AF_05/2024","M",97.6,97190,null,91.34,97.6]
[null,97191,"ASSENTAMENTO DE TUBO DE AÇO CARBONO PARA REDE DE ÁGUA, DN 1800 MM (72\") OU DN 1900 MM (76\"), JUNTA SOLDADA, INSTALADO EM LOCAL COM NÍVEL BAIXO DE INTERFERÊNCIAS (NÃO INCLUI FORNECIMENTO). AF_05/2024","M",110.35,97191,null,103.24,110.35]
[null,97192,"ASSENTAMENTO DE TUBO DE AÇO CARBONO PARA REDE DE ÁGUA, DN 2000 MM (80\") OU DN 2100 MM (84\"), JUNTA SOLDADA, INSTALADO EM LOCAL COM NÍVEL BAIXO DE INTERFERÊNCIAS (NÃO INCLUI FORNECIMENTO). AF_05/2024","M",126.42,97192,null,118.46,126.42]
[null,90694,"TUBO DE PVC PARA REDE COLETORA DE ESGOTO DE PAREDE MACIÇA, DN 100 MM, JUNTA ELÁSTICA - FORNECIMENTO E ASSENTAMENTO. AF_01/2021","M",45.31,90694,null,45.06,45.31]
[null,90695,"TUBO DE PVC PARA REDE COLETORA DE ESGOTO DE PAREDE MACIÇA, DN 150 MM, JUNTA ELÁSTICA  - FORNECIMENTO E ASSENTAMENTO. AF_01/2021","M",86.67,90695,null,86.37,86.67]
[null,90696,"TUBO DE PVC PARA REDE COLETORA DE ESGOTO DE PAREDE MACIÇA, DN 200 MM, JUNTA ELÁSTICA - FORNECIMENTO E ASSENTAMENTO. AF_01/2021","M",145.27000000000001,90696,null,144.91999999999999,145.27000000000001]
[null,90697,"TUBO DE PVC PARA REDE COLETORA DE ESGOTO DE PAREDE MACIÇA, DN 250 MM, JUNTA ELÁSTICA  - FORNECIMENTO E ASSENTAMENTO. AF_01/2021","M",225.83,90697,null,225.44,225.83]
[null,90698,"TUBO DE PVC PARA REDE COLETORA DE ESGOTO DE PAREDE MACIÇA, DN 300 MM, JUNTA ELÁSTICA,  FORNECIMENTO E ASSENTAMENTO. AF_01/2021","M",345.66,90698,null,345.22,345.66]
[null,90699,"TUBO DE PVC PARA REDE COLETORA DE ESGOTO DE PAREDE MACIÇA, DN 350 MM, JUNTA ELÁSTICA  - FORNECIMENTO E ASSENTAMENTO. AF_01/2021","M",486.93,90699,null,486.44,486.93]
[null,90700,"TUBO DE PVC PARA REDE COLETORA DE ESGOTO DE PAREDE MACIÇA, DN 400 MM, JUNTA ELÁSTICA  FORNECIMENTO E ASSENTAMENTO. AF_01/2021","M",569.23,90700,null,568.83000000000004,569.23]
[null,90701,"TUBO DE PVC CORRUGADO DE DUPLA PAREDE PARA REDE COLETORA DE ESGOTO, DN 150 MM, JUNTA ELÁSTICA - FORNECIMENTO E ASSENTAMENTO. AF_01/2021","M",67.959999999999994,90701,null,67.63,67.959999999999994]
[null,90702,"TUBO DE PVC CORRUGADO DE DUPLA PAREDE PARA REDE COLETORA DE ESGOTO, DN 200 MM, JUNTA ELÁSTICA - FORNECIMENTO E ASSENTAMENTO. AF_01/2021","M",113.02,90702,null,112.64,113.02]
[null,90703,"TUBO DE PVC CORRUGADO DE DUPLA PAREDE PARA REDE COLETORA DE ESGOTO, DN 250 MM, JUNTA ELÁSTICA - FORNECIMENTO E ASSENTAMENTO. AF_01/2021","M",177.81,90703,null,177.39,177.81]
[null,90704,"TUBO DE PVC CORRUGADO DE DUPLA PAREDE PARA REDE COLETORA DE ESGOTO, DN 300 MM, JUNTA ELÁSTICA - FORNECIMENTO E ASSENTAMENTO. AF_01/2021","M",265.3,90704,null,264.83,265.3]
[null,90705,"TUBO DE PVC CORRUGADO DE DUPLA PAREDE PARA REDE COLETORA DE ESGOTO, DN 350 MM, JUNTA ELÁSTICA - FORNECIMENTO E ASSENTAMENTO. AF_01/2021","M",346.12,90705,null,345.61,346.12]
[null,90706,"TUBO DE PVC CORRUGADO DE DUPLA PAREDE PARA REDE COLETORA DE ESGOTO, DN 400 MM, JUNTA ELÁSTICA - FORNECIMENTO E ASSENTAMENTO. AF_01/2021","M",459.67,90706,null,459.21,459.67]
[null,90708,"TUBO DE PEAD CORRUGADO DE DUPLA PAREDE PARA REDE COLETORA DE ESGOTO, DN 600 MM, JUNTA ELÁSTICA INTEGRADA - FORNECIMENTO E ASSENTAMENTO. AF_01/2021","M",667.29,90708,null,666.68,667.29]
[null,90724,"JUNTA ARGAMASSADA ENTRE TUBO DN 100 MM E O POÇO DE VISITA/ CAIXA DE CONCRETO OU ALVENARIA EM REDES DE ESGOTO. AF_01/2021","UN",18.98,90724,null,17.260000000000002,18.98]
[null,90725,"JUNTA ARGAMASSADA ENTRE TUBO DN 150 MM E O POÇO DE VISITA/ CAIXA DE CONCRETO OU ALVENARIA EM REDES DE ESGOTO. AF_01/2021","UN",23.43,90725,null,21.33,23.43]
[null,90726,"JUNTA ARGAMASSADA ENTRE TUBO DN 200 MM E O POÇO/ CAIXA DE CONCRETO OU ALVENARIA EM REDES DE ESGOTO. AF_01/2021","UN",27.97,90726,null,25.47,27.97]
[null,90727,"JUNTA ARGAMASSADA ENTRE TUBO DN 250 MM E O POÇO DE VISITA/ CAIXA DE CONCRETO OU ALVENARIA EM REDES DE ESGOTO. AF_01/2021","UN",32.409999999999997,90727,null,29.54,32.409999999999997]
[null,90728,"JUNTA ARGAMASSADA ENTRE TUBO DN 300 MM E O POÇO DE VISITA/ CAIXA DE CONCRETO OU ALVENARIA EM REDES DE ESGOTO. AF_01/2021","UN",36.869999999999997,90728,null,33.6,36.869999999999997]
[null,90729,"JUNTA ARGAMASSADA ENTRE TUBO DN 350 MM E O POÇO DE VISITA/ CAIXA DE CONCRETO OU ALVENARIA EM REDES DE ESGOTO. AF_01/2021","UN",41.33,90729,null,37.67,41.33]
[null,90730,"JUNTA ARGAMASSADA ENTRE TUBO DN 400 MM E O POÇO DE VISITA/ CAIXA DE CONCRETO OU ALVENARIA EM REDES DE ESGOTO. AF_01/2021","UN",45.78,90730,null,41.73,45.78]
[null,90731,"JUNTA ARGAMASSADA ENTRE TUBO DN 450 MM E O POÇO DE VISITA/ CAIXA DE CONCRETO OU ALVENARIA EM REDES DE ESGOTO. AF_01/2021","UN",50.23,90731,null,45.8,50.23]
[null,90732,"JUNTA ARGAMASSADA ENTRE TUBO DN 600 MM E O POÇO DE VISITA/ CAIXA DE CONCRETO OU ALVENARIA EM REDES DE ESGOTO. AF_01/2021","UN",63.59,90732,null,58,63.59]
[null,90733,"ASSENTAMENTO DE TUBO DE PVC PARA REDE COLETORA DE ESGOTO DE PAREDE MACIÇA, DN 100 MM, JUNTA ELÁSTICA (NÃO INCLUI FORNECIMENTO). AF_01/2021","M",2.6,90733,null,2.35,2.6]
[null,90734,"ASSENTAMENTO DE TUBO DE PVC PARA REDE COLETORA DE ESGOTO DE PAREDE MACIÇA, DN 150 MM, JUNTA ELÁSTICA,  (NÃO INCLUI FORNECIMENTO). AF_01/2021","M",3.08,90734,null,2.78,3.08]
[null,90735,"ASSENTAMENTO DE TUBO DE PVC PARA REDE COLETORA DE ESGOTO DE PAREDE MACIÇA, DN 200 MM, JUNTA ELÁSTICA (NÃO INCLUI FORNECIMENTO). AF_01/2021","M",3.56,90735,null,3.21,3.56]
[null,90736,"ASSENTAMENTO DE TUBO DE PVC PARA REDE COLETORA DE ESGOTO DE PAREDE MACIÇA, DN 250 MM, JUNTA ELÁSTICA (NÃO INCLUI FORNECIMENTO). AF_01/2021","M",4.04,90736,null,3.65,4.04]
[null,90737,"ASSENTAMENTO DE TUBO DE PVC PARA REDE COLETORA DE ESGOTO DE PAREDE MACIÇA, DN 300 MM, JUNTA ELÁSTICA  (NÃO INCLUI FORNECIMENTO). AF_01/2021","M",4.5199999999999996,90737,null,4.08,4.5199999999999996]
[null,90738,"ASSENTAMENTO DE TUBO DE PVC PARA REDE COLETORA DE ESGOTO DE PAREDE MACIÇA, DN 350 MM, JUNTA ELÁSTICA (NÃO INCLUI FORNECIMENTO). AF_01/2021","M",5.01,90738,null,4.5199999999999996,5.01]
[null,90739,"ASSENTAMENTO DE TUBO DE PVC PARA REDE COLETORA DE ESGOTO DE PAREDE MACIÇA, DN 400 MM, JUNTA ELÁSTICA (NÃO INCLUI FORNECIMENTO). AF_01/2021","M",8,90739,null,7.6,8]
[null,90740,"ASSENTAMENTO DE TUBO DE PVC CORRUGADO DE DUPLA PAREDE PARA REDE COLETORA DE ESGOTO, DN 150 MM, JUNTA ELÁSTICA (NÃO INCLUI FORNECIMENTO). AF_01/2021","M",3.43,90740,null,3.1,3.43]
[null,90741,"ASSENTAMENTO DE TUBO DE PVC CORRUGADO DE DUPLA PAREDE PARA REDE COLETORA DE ESGOTO, DN 200 MM, JUNTA ELÁSTICA (NÃO INCLUI FORNECIMENTO). AF_01/2021","M",3.91,90741,null,3.53,3.91]
[null,90742,"ASSENTAMENTO DE TUBO DE PVC CORRUGADO DE DUPLA PAREDE PARA REDE COLETORA DE ESGOTO, DN 250 MM, JUNTA ELÁSTICA (NÃO INCLUI FORNECIMENTO). AF_01/2021","M",4.3899999999999997,90742,null,3.97,4.3899999999999997]
[null,90743,"ASSENTAMENTO DE TUBO DE PVC CORRUGADO DE DUPLA PAREDE PARA REDE COLETORA DE ESGOTO, DN 300 MM, JUNTA ELÁSTICA (NÃO INCLUI FORNECIMENTO). AF_01/2021","M",4.87,90743,null,4.4000000000000004,4.87]
[null,90744,"ASSENTAMENTO DE TUBO DE PVC CORRUGADO DE DUPLA PAREDE PARA REDE COLETORA DE ESGOTO, DN 350 MM, JUNTA ELÁSTICA (NÃO INCLUI FORNECIMENTO). AF_01/2021","M",5.35,90744,null,4.84,5.35]
[null,90745,"ASSENTAMENTO DE TUBO DE PVC CORRUGADO DE DUPLA PAREDE PARA REDE COLETORA DE ESGOTO, DN 400 MM, JUNTA ELÁSTICA  (NÃO INCLUI FORNECIMENTO). AF_01/2021","M",8.94,90745,null,8.48,8.94]
[null,90746,"ASSENTAMENTO DE TUBO DE PEAD CORRUGADO DE DUPLA PAREDE PARA REDE COLETORA DE ESGOTO, DN 450 MM, JUNTA ELÁSTICA INTEGRADA (NÃO INCLUI FORNECIMENTO). AF_01/2021","M",2.81,90746,null,2.54,2.81]
[null,90747,"ASSENTAMENTO DE TUBO DE PEAD CORRUGADO DE DUPLA PAREDE PARA REDE COLETORA DE ESGOTO, DN 600 MM, JUNTA ELÁSTICA INTEGRADA (NÃO INCLUI FORNECIMENTO). AF_01/2021","M",15.43,90747,null,14.82,15.43]
[null,94869,"TUBO DE PEAD CORRUGADO DE DUPLA PAREDE PARA REDE COLETORA DE ESGOTO, DN 250 MM, JUNTA ELÁSTICA INTEGRADA - FORNECIMENTO E ASSENTAMENTO. AF_01/2021","M",117.64,94869,null,117.57,117.64]
[null,94870,"ASSENTAMENTO DE TUBO DE PEAD CORRUGADO DE DUPLA PAREDE PARA REDE COLETORA DE ESGOTO, DN 250 MM, JUNTA ELÁSTICA INTEGRADA (NÃO INCLUI FORNECIMENTO). AF_01/2021","M",1.88,94870,null,1.81,1.88]
[null,94871,"TUBO DE PEAD CORRUGADO DE DUPLA PAREDE PARA REDE COLETORA DE ESGOTO, DN 300 MM, JUNTA ELÁSTICA INTEGRADA - FORNECIMENTO E ASSENTAMENTO. AF_01/2021","M",183.86,94871,null,183.76,183.86]
[null,94872,"ASSENTAMENTO DE TUBO DE PEAD CORRUGADO DE DUPLA PAREDE PARA REDE COLETORA DE ESGOTO, DN 300 MM, JUNTA ELÁSTICA INTEGRADA  (NÃO INCLUI FORNECIMENTO). AF_01/2021","M",2.5099999999999998,94872,null,2.41,2.5099999999999998]
[null,94875,"TUBO DE PEAD CORRUGADO DE DUPLA PAREDE PARA REDE COLETORA DE ESGOTO, DN 800 MM, JUNTA ELÁSTICA INTEGRADA - FORNECIMENTO E ASSENTAMENTO. AF_01/2021","M",1083.3499999999999,94875,null,1082.43,1083.3499999999999]
[null,94876,"ASSENTAMENTO DE TUBO DE PEAD CORRUGADO DE DUPLA PAREDE PARA REDE COLETORA DE ESGOTO, DN 800 MM, JUNTA ELÁSTICA INTEGRADA  (NÃO INCLUI FORNECIMENTO). AF_01/2021","M",26.65,94876,null,25.73,26.65]
[null,94878,"ASSENTAMENTO DE TUBO DE PEAD CORRUGADO DE DUPLA PAREDE PARA REDE COLETORA DE ESGOTO, DN 900 MM, JUNTA ELÁSTICA INTEGRADA (NÃO INCLUI FORNECIMENTO). AF_01/2021","M",30.71,94878,null,29.62,30.71]
[null,94879,"TUBO DE PEAD CORRUGADO DE DUPLA PAREDE PARA REDE COLETORA DE ESGOTO, DN 1000 MM, JUNTA ELÁSTICA INTEGRADA - FORNECIMENTO E ASSENTAMENTO. AF_01/2021","M",1668.02,94879,null,1666.69,1668.02]
[null,94880,"ASSENTAMENTO DE TUBO DE PEAD CORRUGADO DE DUPLA PAREDE PARA REDE COLETORA DE ESGOTO, DN 1000 MM, JUNTA ELÁSTICA INTEGRADA (NÃO INCLUI FORNECIMENTO). AF_01/2021","M",{"$f":"IF($K$2=$H$1,H195,I195)","v":40.18},{"$f":"IF(LEN($B195)=7,CONCATENATE(MID($B195,1,6),\"00\",RIGHT($B195,1)),IF(LEN($B195)=8,CONCATENATE(MID($B195,1,6),\"0\",RIGHT($B195,2)),$B195))","v":94880},null,38.85,40.18]
[null,94881,"TUBO DE PEAD CORRUGADO DE DUPLA PAREDE PARA REDE COLETORA DE ESGOTO, DN 1200 MM, JUNTA ELÁSTICA INTEGRADA - FORNECIMENTO E ASSENTAMENTO. AF_01/2021","M",2296.21,94881,null,2294.63,2296.21]
[null,94882,"ASSENTAMENTO DE TUBO DE PEAD CORRUGADO DE DUPLA PAREDE PARA REDE COLETORA DE ESGOTO, DN 1200 MM, JUNTA ELÁSTICA INTEGRADA (NÃO INCLUI FORNECIMENTO). AF_01/2021","M",46.43,94882,null,44.85,46.43]
[null,94884,"ASSENTAMENTO DE TUBO DE PEAD CORRUGADO DE DUPLA PAREDE PARA REDE COLETORA DE ESGOTO, DN 1500 MM, JUNTA ELÁSTICA INTEGRADA (NÃO INCLUI FORNECIMENTO). AF_01/2021","M",59.11,94884,null,57.03,59.11]
[null,97121,"ASSENTAMENTO DE TUBO DE PVC PBA PARA REDE DE ÁGUA, DN 50 MM, JUNTA ELÁSTICA INTEGRADA, INSTALADO EM LOCAL COM NÍVEL ALTO DE INTERFERÊNCIAS (NÃO INCLUI FORNECIMENTO). AF_05/2024","M",2.34,97121,null,2.13,2.34]
[null,97122,"ASSENTAMENTO DE TUBO DE PVC PBA PARA REDE DE ÁGUA, DN 75 MM, JUNTA ELÁSTICA INTEGRADA, INSTALADO EM LOCAL COM NÍVEL ALTO DE INTERFERÊNCIAS (NÃO INCLUI FORNECIMENTO). AF_05/2024","M",2.84,97122,null,2.59,2.84]
[null,97123,"ASSENTAMENTO DE TUBO DE PVC PBA PARA REDE DE ÁGUA, DN 100 MM, JUNTA ELÁSTICA INTEGRADA, INSTALADO EM LOCAL COM NÍVEL ALTO DE INTERFERÊNCIAS (NÃO INCLUI FORNECIMENTO). AF_05/2024","M",3.3,97123,null,3.01,3.3]
[null,97124,"ASSENTAMENTO DE TUBO DE PVC PBA PARA REDE DE ÁGUA, DN 50 MM, JUNTA ELÁSTICA INTEGRADA, INSTALADO EM LOCAL COM NÍVEL BAIXO DE INTERFERÊNCIAS (NÃO INCLUI FORNECIMENTO). AF_05/2024","M",1.92,97124,null,1.75,1.92]
[null,97125,"ASSENTAMENTO DE TUBO DE PVC PBA PARA REDE DE ÁGUA, DN 75 MM, JUNTA ELÁSTICA INTEGRADA, INSTALADO EM LOCAL COM NÍVEL BAIXO DE INTERFERÊNCIAS (NÃO INCLUI FORNECIMENTO). AF_05/2024","M",2.34,97125,null,2.14,2.34]
[null,97126,"ASSENTAMENTO DE TUBO DE PVC PBA PARA REDE DE ÁGUA, DN 100 MM, JUNTA ELÁSTICA INTEGRADA, INSTALADO EM LOCAL COM NÍVEL BAIXO DE INTERFERÊNCIAS (NÃO INCLUI FORNECIMENTO). AF_05/2024","M",2.73,97126,null,2.4900000000000002,2.73]
[null,102264,"TUBO DE PVC BRANCO PARA REDE COLETORA DE ESGOTO CONDOMINIAL DE PAREDE MACIÇA, DN 100 MM, JUNTA ELÁSTICA - FORNECIMENTO E ASSENTAMENTO. AF_01/2021","M",19.25,102264,null,19.010000000000002,19.25]
[null,102265,"JUNTA ARGAMASSADA ENTRE TUBO DN 800 MM E O POÇO DE VISITA/ CAIXA DE CONCRETO OU ALVENARIA EM REDES DE ESGOTO. AF_01/2021","UN",81.400000000000006,102265,null,74.260000000000005,81.400000000000006]
[null,102266,"JUNTA ARGAMASSADA ENTRE TUBO DN 900 MM E O POÇO DE VISITA/ CAIXA DE CONCRETO OU ALVENARIA EM REDES DE ESGOTO. AF_01/2021","UN",90.32,102266,null,82.39,90.32]
[null,102267,"JUNTA ARGAMASSADA ENTRE TUBO DN 1000 MM E O POÇO DE VISITA/ CAIXA DE CONCRETO OU ALVENARIA EM REDES DE ESGOTO. AF_01/2021","UN",103.75,102267,null,94.66,103.75]
[null,102268,"JUNTA ARGAMASSADA ENTRE TUBO DN 1200 MM E O POÇO DE VISITA/ CAIXA DE CONCRETO OU ALVENARIA EM REDES DE ESGOTO. AF_01/2021","UN",117.11,102268,null,106.87,117.11]
[null,102269,"JUNTA ARGAMASSADA ENTRE TUBO DN 1500 MM E O POÇO DE VISITA/ CAIXA DE CONCRETO OU ALVENARIA EM REDES DE ESGOTO. AF_01/2021","UN",143.84,102269,null,131.26,143.84]
[null,105260,"ASSENTAMENTO E FORNECIMENTO DE TUBO DE PVC PBA PARA REDE DE ÁGUA, DN 50, JUNTA ELÁSTICA INTEGRADA, INSTALADO EM LOCAL COM NÍVEL ALTO DE INTERFERÊNCIAS (INCLUI FORNECIMENTO). AF_05/2024","UN",20.5,105260,null,20.29,20.5]
[null,105285,"ASSENTAMENTO E FORNECIMENTO DE TUBO DE PVC PBA PARA REDE DE ÁGUA, DN 50, JUNTA ELÁSTICA INTEGRADA, INSTALADO EM LOCAL COM NÍVEL BAIXO DE INTERFERÊNCIAS (INCLUI FORNECIMENTO). AF_05/2024","UN",20.079999999999998,105285,null,19.91,20.079999999999998]
[null,105286,"ASSENTAMENTO E FORNECIMENTO DE LUVA SIMPLES, PVC PBA, JE, DN 50 / DE 60 MM, PARA REDE AGUA, JUNTA ELÁSTICA INTEGRADA, INSTALADO EM LOCAL COM NÍVEL ALTO DE INTERFERÊNCIAS (INCLUI FORNECIMENTO). AF_05/2024","UN",23.98,105286,null,23.13,23.98]
[null,105287,"ASSENTAMENTO E FORNECIMENTO DE LUVA SIMPLES, PVC PBA, JE, DN 50 / DE 60 MM, PARA REDE AGUA, JUNTA ELÁSTICA INTEGRADA, INSTALADO EM LOCAL COM NÍVEL BAIXO DE INTERFERÊNCIAS (INCLUI FORNECIMENTO). AF_05/2024","UN",22.3,105287,null,21.59,22.3]
[null,105288,"ASSENTAMENTO E FORNECIMENTO DE LUVA SIMPLES, PVC PBA, JE, DN 75 / DE 85 MM, PARA REDE AGUA, JUNTA ELÁSTICA INTEGRADA, INSTALADO EM LOCAL COM NÍVEL ALTO DE INTERFERÊNCIAS (INCLUI FORNECIMENTO). AF_05/2024","UN",39.450000000000003,105288,null,38.44,39.450000000000003]
[null,105289,"ASSENTAMENTO E FORNECIMENTO DE LUVA SIMPLES, PVC PBA, JE, DN 75 / DE 85 MM, PARA REDE AGUA, JUNTA ELÁSTICA INTEGRADA, INSTALADO EM LOCAL COM NÍVEL BAIXO DE INTERFERÊNCIAS (INCLUI FORNECIMENTO). AF_05/2024","UN",37.450000000000003,105289,null,36.630000000000003,37.450000000000003]
[null,105290,"ASSENTAMENTO E FORNECIMENTO DE LUVA SIMPLES, PVC PBA, JE, DN 100 / DE 110 MM, PARA REDE AGUA, JUNTA ELÁSTICA INTEGRADA, INSTALADO EM LOCAL COM NÍVEL ALTO DE INTERFERÊNCIAS (INCLUI FORNECIMENTO). AF_05/2024","UN",52.98,105290,null,51.81,52.98]
[null,105291,"ASSENTAMENTO E FORNECIMENTO DE LUVA SIMPLES, PVC PBA, JE, DN 100 / DE 110 MM, PARA REDE AGUA, JUNTA ELÁSTICA INTEGRADA, INSTALADO EM LOCAL COM NÍVEL BAIXO DE INTERFERÊNCIAS (INCLUI FORNECIMENTO). AF_05/2024","UN",50.67,105291,null,49.73,50.67]
[null,105292,"ASSENTAMENTO E FORNECIMENTO DE CURVA PVC PBA, JE, PB, 45 GRAUS, DN 50 / DE 60 MM, PARA REDE AGUA, JUNTA ELÁSTICA INTEGRADA, INSTALADO EM LOCAL COM NÍVEL ALTO DE INTERFERÊNCIAS (INCLUI FORNECIMENTO). AF_05/2024","UN",39.770000000000003,105292,null,38.49,39.770000000000003]
[null,105293,"ASSENTAMENTO E FORNECIMENTO DE CURVA PVC PBA, JE, PB, 45 GRAUS, DN 50 / DE 60 MM, PARA REDE AGUA, JUNTA ELÁSTICA INTEGRADA, INSTALADO EM LOCAL COM NÍVEL BAIXO DE INTERFERÊNCIAS (INCLUI FORNECIMENTO). AF_05/2024","UN",37.25,105293,null,36.200000000000003,37.25]
[null,105294,"ASSENTAMENTO E FORNECIMENTO DE CURVA PVC PBA, JE, PB, 45 GRAUS, DN 75 / DE 85 MM, PARA REDE AGUA, JUNTA ELÁSTICA INTEGRADA, INSTALADO EM LOCAL COM NÍVEL ALTO DE INTERFERÊNCIAS (INCLUI FORNECIMENTO). AF_05/2024","UN",80.34,105294,null,78.819999999999993,80.34]
[null,105295,"ASSENTAMENTO E FORNECIMENTO DE CURVA PVC PBA, JE, PB, 45 GRAUS, DN 75 / DE 85 MM, PARA REDE AGUA, JUNTA ELÁSTICA INTEGRADA, INSTALADO EM LOCAL COM NÍVEL BAIXO DE INTERFERÊNCIAS (INCLUI FORNECIMENTO). AF_05/2024","UN",77.349999999999994,105295,null,76.11,77.349999999999994]
[null,105296,"ASSENTAMENTO E FORNECIMENTO DE CURVA PVC PBA, JE, PB, 45 GRAUS, DN 100 / DE 110 MM, PARA REDE AGUA, JUNTA ELÁSTICA INTEGRADA, INSTALADO EM LOCAL COM NÍVEL ALTO DE INTERFERÊNCIAS (INCLUI FORNECIMENTO). AF_05/2024","UN",137.19,105296,null,135.44,137.19]
[null,105308,"ASSENTAMENTO DE TUBO DE PVC PBA PARA REDE DE ÁGUA, DN 125, JUNTA ELÁSTICA INTEGRADA, INSTALADO EM LOCAL COM NÍVEL ALTO DE INTERFERÊNCIAS (NÃO INCLUI FORNECIMENTO). AF_05/2024","M",3.84,105308,null,3.52,3.84]
[null,105309,"ASSENTAMENTO DE TUBO DE PVC PBA PARA REDE DE ÁGUA, DN 140, JUNTA ELÁSTICA INTEGRADA, INSTALADO EM LOCAL COM NÍVEL ALTO DE INTERFERÊNCIAS (NÃO INCLUI FORNECIMENTO). AF_05/2024","M",4.1399999999999997,105309,null,3.8,4.1399999999999997]
[null,105310,"ASSENTAMENTO DE TUBO DE PVC PBA PARA REDE DE ÁGUA, DN 180, JUNTA ELÁSTICA INTEGRADA, INSTALADO EM LOCAL COM NÍVEL ALTO DE INTERFERÊNCIAS (NÃO INCLUI FORNECIMENTO). AF_05/2024","M",4.88,105310,null,4.47,4.88]
[null,105311,"ASSENTAMENTO DE TUBO DE PVC DEFOFO OU PRFV OU RPVC PARA REDE DE ÁGUA, DN 100, JUNTA ELÁSTICA INTEGRADA, INSTALADO EM LOCAL COM NÍVEL ALTO DE INTERFERÊNCIAS (NÃO INCLUI FORNECIMENTO). AF_05/2024","M",3.07,105311,null,2.8,3.07]
[null,105312,"ASSENTAMENTO DE TUBO DE PVC PBA PARA REDE DE ÁGUA, DN 125, JUNTA ELÁSTICA INTEGRADA, INSTALADO EM LOCAL COM NÍVEL BAIXO DE INTERFERÊNCIAS (NÃO INCLUI FORNECIMENTO). AF_05/2024","M",3.19,105312,null,2.94,3.19]
[null,105313,"ASSENTAMENTO DE TUBO DE PVC PBA PARA REDE DE ÁGUA, DN 140, JUNTA ELÁSTICA INTEGRADA, INSTALADO EM LOCAL COM NÍVEL BAIXO DE INTERFERÊNCIAS (NÃO INCLUI FORNECIMENTO). AF_05/2024","M",3.45,105313,null,3.17,3.45]
[null,105314,"ASSENTAMENTO DE TUBO DE PVC PBA PARA REDE DE ÁGUA, DN 180, JUNTA ELÁSTICA INTEGRADA, INSTALADO EM LOCAL COM NÍVEL BAIXO DE INTERFERÊNCIAS (NÃO INCLUI FORNECIMENTO). AF_05/2024","M",4.08,105314,null,3.74,4.08]
[null,105315,"ASSENTAMENTO DE CONEXÃO 2 ACESSOS ALINHADOS DE PVC PBA PARA REDE DE ÁGUA, DN 50, JUNTA ELÁSTICA INTEGRADA, INSTALADO EM LOCAL COM NÍVEL BAIXO DE INTERFERÊNCIAS (NÃO INCLUI FORNECIMENTO). AF_05/2024","UN",8.0500000000000007,105315,null,7.34,8.0500000000000007]
[null,105316,"ASSENTAMENTO DE CONEXÃO 2 ACESSOS ALINHADOS DE FERRO FUNDIDO PARA REDE DE ÁGUA, DN 250, JUNTA ELÁSTICA, INSTALADO EM LOCAL COM NÍVEL BAIXO DE INTERFERÊNCIAS (NÃO INCLUI FORNECIMENTO). AF_05/2024","UN",16.29,105316,null,15.32,16.29]
[null,105327,"ASSENTAMENTO E FORNECIMENTO DE TUBO DE PVC PBA PARA REDE DE ÁGUA, DN 75, JUNTA ELÁSTICA INTEGRADA, INSTALADO EM LOCAL COM NÍVEL ALTO DE INTERFERÊNCIAS (INCLUI FORNECIMENTO). AF_05/2024","UN",38.51,105327,null,38.26,38.51]
[null,105328,"ASSENTAMENTO E FORNECIMENTO DE TUBO DE PVC PBA PARA REDE DE ÁGUA, DN 75, JUNTA ELÁSTICA INTEGRADA, INSTALADO EM LOCAL COM NÍVEL BAIXO DE INTERFERÊNCIAS (INCLUI FORNECIMENTO). AF_05/2024","UN",38.01,105328,null,37.81,38.01]
[null,105329,"ASSENTAMENTO E FORNECIMENTO DE TUBO DE PVC PBA PARA REDE DE ÁGUA, DN 100, JUNTA ELÁSTICA INTEGRADA, INSTALADO EM LOCAL COM NÍVEL ALTO DE INTERFERÊNCIAS (INCLUI FORNECIMENTO). AF_05/2024","UN",62.89,105329,null,62.6,62.89]
[null,105330,"ASSENTAMENTO E FORNECIMENTO DE TUBO DE PVC PBA PARA REDE DE ÁGUA, DN 100, JUNTA ELÁSTICA INTEGRADA, INSTALADO EM LOCAL COM NÍVEL BAIXO DE INTERFERÊNCIAS (INCLUI FORNECIMENTO). AF_05/2024","UN",62.32,105330,null,62.08,62.32]
[null,105331,"ASSENTAMENTO E FORNECIMENTO DE TUBO DE PVC DEFOFO OU PRFV OU RPVC PARA REDE DE ÁGUA, DN 100, JUNTA ELÁSTICA INTEGRADA, INSTALADO EM LOCAL COM NÍVEL ALTO DE INTERFERÊNCIAS (INCLUI FORNECIMENTO). AF_05/2024","M",44.52,105331,null,44.25,44.52]
[null,105332,"ASSENTAMENTO E FORNECIMENTO DE TUBO DE PVC DEFOFO OU PRFV OU RPVC PARA REDE DE ÁGUA, DN 100, JUNTA ELÁSTICA INTEGRADA, INSTALADO EM LOCAL COM NÍVEL BAIXO DE INTERFERÊNCIAS (INCLUI FORNECIMENTO). AF_05/2024","M",43.99,105332,null,43.77,43.99]
[null,105333,"ASSENTAMENTO E FORNECIMENTO DE TUBO DE PVC DEFOFO PARA REDE DE ÁGUA, DN 200, JUNTA ELÁSTICA INTEGRADA, INSTALADO EM LOCAL COM NÍVEL ALTO DE INTERFERÊNCIAS (INCLUI FORNECIMENTO). AF_05/2024","M",197.36,105333,null,196.81,197.36]
[null,105334,"ASSENTAMENTO E FORNECIMENTO DE TUBO DE PVC DEFOFO PARA REDE DE ÁGUA, DN 200, JUNTA ELÁSTICA INTEGRADA, INSTALADO EM LOCAL COM NÍVEL BAIXO DE INTERFERÊNCIAS (INCLUI FORNECIMENTO). AF_05/2024","M",195.45,105334,null,195.03,195.45]
[null,105335,"ASSENTAMENTO E FORNECIMENTO DE TUBO DE PVC DEFOFO PARA REDE DE ÁGUA, DN 250, JUNTA ELÁSTICA INTEGRADA, INSTALADO EM LOCAL COM NÍVEL ALTO DE INTERFERÊNCIAS (INCLUI FORNECIMENTO). AF_05/2024","M",297.64999999999998,105335,null,297.01,297.64999999999998]
[null,105336,"ASSENTAMENTO E FORNECIMENTO DE TUBO DE PVC DEFOFO PARA REDE DE ÁGUA, DN 250, JUNTA ELÁSTICA INTEGRADA, INSTALADO EM LOCAL COM NÍVEL BAIXO DE INTERFERÊNCIAS (INCLUI FORNECIMENTO). AF_05/2024","M",295.39,105336,null,294.91000000000003,295.39]
[null,105337,"ASSENTAMENTO E FORNECIMENTO DE TUBO DE PVC DEFOFO PARA REDE DE ÁGUA, DN 300, JUNTA ELÁSTICA INTEGRADA, INSTALADO EM LOCAL COM NÍVEL ALTO DE INTERFERÊNCIAS (INCLUI FORNECIMENTO). AF_05/2024","M",420.09,105337,null,419.34,420.09]
[null,105338,"ASSENTAMENTO E FORNECIMENTO DE TUBO DE PVC DEFOFO PARA REDE DE ÁGUA, DN 300, JUNTA ELÁSTICA INTEGRADA, INSTALADO EM LOCAL COM NÍVEL BAIXO DE INTERFERÊNCIAS (INCLUI FORNECIMENTO). AF_05/2024","M",417.47,105338,null,416.91,417.47]
[null,105339,"ASSENTAMENTO DE TUBO DE PVC DEFOFO OU PRFV OU RPVC PARA REDE DE ÁGUA, DN 100, JUNTA ELÁSTICA INTEGRADA, INSTALADO EM LOCAL COM NÍVEL BAIXO DE INTERFERÊNCIAS (NÃO INCLUI FORNECIMENTO). AF_05/2024","M",2.54,105339,null,2.3199999999999998,2.54]
[null,105359,"ASSENTAMENTO DE CONEXÃO 2 ACESSOS ALINHADOS DE PVC PBA PARA REDE DE ÁGUA, DN 50, JUNTA ELÁSTICA INTEGRADA, INSTALADO EM LOCAL COM NÍVEL ALTO DE INTERFERÊNCIAS (NÃO INCLUI FORNECIMENTO). AF_05/2024","UN",9.73,105359,null,8.8800000000000008,9.73]
[null,105360,"ASSENTAMENTO DE CONEXÃO 2 ACESSOS ALINHADOS DE PVC PBA PARA REDE DE ÁGUA, DN 75, JUNTA ELÁSTICA INTEGRADA, INSTALADO EM LOCAL COM NÍVEL ALTO DE INTERFERÊNCIAS (NÃO INCLUI FORNECIMENTO). AF_05/2024","UN",11.96,105360,null,10.95,11.96]
[null,105361,"ASSENTAMENTO DE CONEXÃO 2 ACESSOS ALINHADOS DE PVC PBA PARA REDE DE ÁGUA, DN 100, JUNTA ELÁSTICA INTEGRADA, INSTALADO EM LOCAL COM NÍVEL ALTO DE INTERFERÊNCIAS (NÃO INCLUI FORNECIMENTO). AF_05/2024","UN",13.97,105361,null,12.8,13.97]
[null,105362,"ASSENTAMENTO DE CONEXÃO 2 ACESSOS INCLINADOS DE PVC PBA PARA REDE DE ÁGUA, DN 50, JUNTA ELÁSTICA INTEGRADA, INSTALADO EM LOCAL COM NÍVEL ALTO DE INTERFERÊNCIAS (NÃO INCLUI FORNECIMENTO). AF_05/2024","UN",14.2,105362,null,12.92,14.2]
[null,105363,"ASSENTAMENTO DE CONEXÃO 2 ACESSOS INCLINADOS DE PVC PBA PARA REDE DE ÁGUA, DN 75, JUNTA ELÁSTICA INTEGRADA, INSTALADO EM LOCAL COM NÍVEL ALTO DE INTERFERÊNCIAS (NÃO INCLUI FORNECIMENTO). AF_05/2024","UN",17.239999999999998,105363,null,15.72,17.239999999999998]
[null,105364,"ASSENTAMENTO DE CONEXÃO 2 ACESSOS INCLINADOS DE PVC PBA PARA REDE DE ÁGUA, DN 100, JUNTA ELÁSTICA INTEGRADA, INSTALADO EM LOCAL COM NÍVEL ALTO DE INTERFERÊNCIAS (NÃO INCLUI FORNECIMENTO). AF_05/2024","UN",20.07,105364,null,18.32,20.07]
[null,105365,"ASSENTAMENTO DE CONEXÃO 3 ACESSOS DE PVC PBA PARA REDE DE ÁGUA, DN 50, JUNTA ELÁSTICA INTEGRADA, INSTALADO EM LOCAL COM NÍVEL ALTO DE INTERFERÊNCIAS (NÃO INCLUI FORNECIMENTO). AF_05/2024","UN",19.47,105365,null,17.75,19.47]
[null,105366,"ASSENTAMENTO DE CONEXÃO 3 ACESSOS DE PVC PBA PARA REDE DE ÁGUA, DN 75, JUNTA ELÁSTICA INTEGRADA, INSTALADO EM LOCAL COM NÍVEL ALTO DE INTERFERÊNCIAS (NÃO INCLUI FORNECIMENTO). AF_05/2024","UN",23.9,105366,null,21.89,23.9]
[null,105367,"ASSENTAMENTO DE CONEXÃO 3 ACESSOS DE PVC PBA PARA REDE DE ÁGUA, DN 100, JUNTA ELÁSTICA INTEGRADA, INSTALADO EM LOCAL COM NÍVEL ALTO DE INTERFERÊNCIAS (NÃO INCLUI FORNECIMENTO). AF_05/2024","UN",27.96,105367,null,25.62,27.96]
[null,105368,"FORNECIMENTO E ASSENTAMENTO DE CURVA 45 GRAUS RANHURADA EM FERRO FUNDIDO, DN 80 MM (3\") PARA REDE DE ÁGUA, INSTALADO EM LOCAL COM NÍVEL BAIXO DE INTERFERÊNCIAS (INCLUI FORNECIMENTO). AF_05/2024","UN",42.14,105368,null,41.62,42.14]
[null,105370,"FORNECIMENTO E ASSENTAMENTO DE TE RANHURADO EM FERRO FUNDIDO, DN 80 (3\") PARA REDE DE ÁGUA, INSTALADO EM LOCAL COM NÍVEL BAIXO DE INTERFERÊNCIAS (INCLUI FORNECIMENTO). AF_05/2024","UN",67.790000000000006,105370,null,67.08,67.790000000000006]
[null,105371,"ASSENTAMENTO DE CONEXÃO 3 ACESSOS DE PVC PBA PARA REDE DE ÁGUA, DN 100, JUNTA ELÁSTICA INTEGRADA, INSTALADO EM LOCAL COM NÍVEL BAIXO DE INTERFERÊNCIAS (NÃO INCLUI FORNECIMENTO). AF_05/2024","UN",23.35,105371,null,21.46,23.35]
[null,105372,"ASSENTAMENTO DE CONEXÃO 2 ACESSOS ALINHADOS DE FERRO FUNDIDO PARA REDE DE ÁGUA, DN 80, JUNTA ELÁSTICA, INSTALADO EM LOCAL COM NÍVEL BAIXO DE INTERFERÊNCIAS (NÃO INCLUI FORNECIMENTO). AF_05/2024","UN",6.95,105372,null,6.59,6.95]
[null,105373,"ASSENTAMENTO DE CONEXÃO 2 ACESSOS ALINHADOS DE FERRO FUNDIDO PARA REDE DE ÁGUA, DN 100, JUNTA ELÁSTICA, INSTALADO EM LOCAL COM NÍVEL BAIXO DE INTERFERÊNCIAS (NÃO INCLUI FORNECIMENTO). AF_05/2024","UN",{"$f":"IF($K$2=$H$1,H259,I259)","v":8.06},{"$f":"IF(LEN($B259)=7,CONCATENATE(MID($B259,1,6),\"00\",RIGHT($B259,1)),IF(LEN($B259)=8,CONCATENATE(MID($B259,1,6),\"0\",RIGHT($B259,2)),$B259))","v":105373},null,7.63,8.06]
[null,105374,"ASSENTAMENTO E FORNECIMENTO DE CURVA PVC PBA, JE, PB, 45 GRAUS, DN 100 / DE 110 MM, PARA REDE AGUA, JUNTA ELÁSTICA INTEGRADA, INSTALADO EM LOCAL COM NÍVEL BAIXO DE INTERFERÊNCIAS (INCLUI FORNECIMENTO). AF_05/2024","UN",133.74,105374,null,132.32,133.74]
[null,105375,"ASSENTAMENTO E FORNECIMENTO DE TE DE REDUCAO, PVC PBA, BBB, JE, DN 100 X 50 / DE 110 X 60 MM, PARA REDE AGUA, JUNTA ELÁSTICA INTEGRADA, INSTALADO EM LOCAL COM NÍVEL ALTO DE INTERFERÊNCIAS (INCLUI FORNECIMENTO). AF_05/2024","UN",107.26,105375,null,104.92,107.26]
[null,105376,"ASSENTAMENTO E FORNECIMENTO DE TE DE REDUCAO, PVC PBA, BBB, JE, DN 100 X 50 / DE 110 X 60 MM, PARA REDE AGUA, JUNTA ELÁSTICA INTEGRADA, INSTALADO EM LOCAL COM NÍVEL BAIXO DE INTERFERÊNCIAS (INCLUI FORNECIMENTO). AF_05/2024","UN",102.65,105376,null,100.76,102.65]
[null,105381,"ASSENTAMENTO DE CONEXÃO 2 ACESSOS ALINHADOS DE PVC PBA PARA REDE DE ÁGUA, DN 75, JUNTA ELÁSTICA INTEGRADA, INSTALADO EM LOCAL COM NÍVEL BAIXO DE INTERFERÊNCIAS (NÃO INCLUI FORNECIMENTO). AF_05/2024","UN",9.9600000000000009,105381,null,9.14,9.9600000000000009]
[null,105382,"ASSENTAMENTO DE CONEXÃO 2 ACESSOS ALINHADOS DE PVC PBA PARA REDE DE ÁGUA, DN 100, JUNTA ELÁSTICA INTEGRADA, INSTALADO EM LOCAL COM NÍVEL BAIXO DE INTERFERÊNCIAS (NÃO INCLUI FORNECIMENTO). AF_05/2024","UN",11.66,105382,null,10.72,11.66]
[null,105383,"ASSENTAMENTO DE CONEXÃO 2 ACESSOS INCLINADOS DE PVC PBA PARA REDE DE ÁGUA, DN 50, JUNTA ELÁSTICA INTEGRADA, INSTALADO EM LOCAL COM NÍVEL BAIXO DE INTERFERÊNCIAS (NÃO INCLUI FORNECIMENTO). AF_05/2024","UN",11.68,105383,null,10.63,11.68]
[null,105384,"ASSENTAMENTO DE CONEXÃO 2 ACESSOS INCLINADOS DE PVC PBA PARA REDE DE ÁGUA, DN 75, JUNTA ELÁSTICA INTEGRADA, INSTALADO EM LOCAL COM NÍVEL BAIXO DE INTERFERÊNCIAS (NÃO INCLUI FORNECIMENTO). AF_05/2024","UN",14.25,105384,null,13.01,14.25]
[null,105385,"ASSENTAMENTO DE CONEXÃO 2 ACESSOS INCLINADOS DE PVC PBA PARA REDE DE ÁGUA, DN 100, JUNTA ELÁSTICA INTEGRADA, INSTALADO EM LOCAL COM NÍVEL BAIXO DE INTERFERÊNCIAS (NÃO INCLUI FORNECIMENTO). AF_05/2024","UN",16.62,105385,null,15.2,16.62]
[null,105386,"ASSENTAMENTO DE CONEXÃO 3 ACESSOS DE PVC PBA PARA REDE DE ÁGUA, DN 50, JUNTA ELÁSTICA INTEGRADA, INSTALADO EM LOCAL COM NÍVEL BAIXO DE INTERFERÊNCIAS (NÃO INCLUI FORNECIMENTO). AF_05/2024","UN",16.100000000000001,105386,null,14.7,16.100000000000001]
[null,105387,"ASSENTAMENTO DE CONEXÃO 3 ACESSOS DE PVC PBA PARA REDE DE ÁGUA, DN 75, JUNTA ELÁSTICA INTEGRADA, INSTALADO EM LOCAL COM NÍVEL BAIXO DE INTERFERÊNCIAS (NÃO INCLUI FORNECIMENTO). AF_05/2024","UN",19.920000000000002,105387,null,18.27,19.920000000000002]
[null,92833,"TUBO DE CONCRETO PARA REDES COLETORAS DE ESGOTO SANITÁRIO, DIÂMETRO DE 300 MM, JUNTA ELÁSTICA, INSTALADO EM LOCAL COM BAIXO NÍVEL DE INTERFERÊNCIAS - FORNECIMENTO E ASSENTAMENTO. AF_03/2024","M",225.27,92833,null,224.77,225.27]
[null,92834,"ASSENTAMENTO DE TUBO DE CONCRETO PARA REDES COLETORAS DE ESGOTO SANITÁRIO, DIÂMETRO DE 300 MM, JUNTA ELÁSTICA, INSTALADO EM LOCAL COM BAIXO NÍVEL DE INTERFERÊNCIAS (NÃO INCLUI FORNECIMENTO). AF_03/2024","M",19.37,92834,null,18.87,19.37]
[null,92835,"TUBO DE CONCRETO PARA REDES COLETORAS DE ESGOTO SANITÁRIO, DIÂMETRO DE 400 MM, JUNTA ELÁSTICA, INSTALADO EM LOCAL COM BAIXO NÍVEL DE INTERFERÊNCIAS - FORNECIMENTO E ASSENTAMENTO. AF_03/2024","M",236.6,92835,null,235.89,236.6]
[null,92836,"ASSENTAMENTO DE TUBO DE CONCRETO PARA REDES COLETORAS DE ESGOTO SANITÁRIO, DIÂMETRO DE 400 MM, JUNTA ELÁSTICA, INSTALADO EM LOCAL COM BAIXO NÍVEL DE INTERFERÊNCIAS (NÃO INCLUI FORNECIMENTO). AF_03/2024","M",25.41,92836,null,24.7,25.41]
[null,92837,"TUBO DE CONCRETO PARA REDES COLETORAS DE ESGOTO SANITÁRIO, DIÂMETRO DE 500 MM, JUNTA ELÁSTICA, INSTALADO EM LOCAL COM BAIXO NÍVEL DE INTERFERÊNCIAS - FORNECIMENTO E ASSENTAMENTO. AF_03/2024","M",422.5,92837,null,421.57,422.5]
[null,92838,"ASSENTAMENTO DE TUBO DE CONCRETO PARA REDES COLETORAS DE ESGOTO SANITÁRIO, DIÂMETRO DE 500 MM, JUNTA ELÁSTICA, INSTALADO EM LOCAL COM BAIXO NÍVEL DE INTERFERÊNCIAS (NÃO INCLUI FORNECIMENTO). AF_03/2024","M",31.81,92838,null,30.88,31.81]
[null,92839,"TUBO DE CONCRETO PARA REDES COLETORAS DE ESGOTO SANITÁRIO, DIÂMETRO DE 600 MM, JUNTA ELÁSTICA, INSTALADO EM LOCAL COM BAIXO NÍVEL DE INTERFERÊNCIAS - FORNECIMENTO E ASSENTAMENTO. AF_03/2024","M",517.94000000000005,92839,null,516.79,517.94000000000005]
[null,92840,"ASSENTAMENTO DE TUBO DE CONCRETO PARA REDES COLETORAS DE ESGOTO SANITÁRIO, DIÂMETRO DE 600 MM, JUNTA ELÁSTICA, INSTALADO EM LOCAL COM BAIXO NÍVEL DE INTERFERÊNCIAS (NÃO INCLUI FORNECIMENTO). AF_03/2024","M",38.54,92840,null,37.39,38.54]
[null,92841,"TUBO DE CONCRETO PARA REDES COLETORAS DE ESGOTO SANITÁRIO, DIÂMETRO DE 700 MM, JUNTA ELÁSTICA, INSTALADO EM LOCAL COM BAIXO NÍVEL DE INTERFERÊNCIAS - FORNECIMENTO E ASSENTAMENTO. AF_03/2024","M",674.76,92841,null,673.4,674.76]
[null,92842,"ASSENTAMENTO DE TUBO DE CONCRETO PARA REDES COLETORAS DE ESGOTO SANITÁRIO, DIÂMETRO DE 700 MM, JUNTA ELÁSTICA, INSTALADO EM LOCAL COM BAIXO NÍVEL DE INTERFERÊNCIAS (NÃO INCLUI FORNECIMENTO). AF_03/2024","M",48.59,92842,null,47.23,48.59]
[null,92843,"TUBO DE CONCRETO PARA REDES COLETORAS DE ESGOTO SANITÁRIO, DIÂMETRO DE 800 MM, JUNTA ELÁSTICA, INSTALADO EM LOCAL COM BAIXO NÍVEL DE INTERFERÊNCIAS - FORNECIMENTO E ASSENTAMENTO. AF_03/2024","M",697.89,92843,null,696.32,697.89]
[null,92844,"ASSENTAMENTO DE TUBO DE CONCRETO PARA REDES COLETORAS DE ESGOTO SANITÁRIO, DIÂMETRO DE 800 MM, JUNTA ELÁSTICA, INSTALADO EM LOCAL COM BAIXO NÍVEL DE INTERFERÊNCIAS (NÃO INCLUI FORNECIMENTO). AF_03/2024","M",57.88,92844,null,56.31,57.88]
[null,92845,"TUBO DE CONCRETO PARA REDES COLETORAS DE ESGOTO SANITÁRIO, DIÂMETRO DE 900 MM, JUNTA ELÁSTICA, INSTALADO EM LOCAL COM BAIXO NÍVEL DE INTERFERÊNCIAS - FORNECIMENTO E ASSENTAMENTO. AF_03/2024","M",1036.8599999999999,92845,null,1035.07,1036.8599999999999]
[null,92846,"ASSENTAMENTO DE TUBO DE CONCRETO PARA REDES COLETORAS DE ESGOTO SANITÁRIO, DIÂMETRO DE 900 MM, JUNTA ELÁSTICA, INSTALADO EM LOCAL COM BAIXO NÍVEL DE INTERFERÊNCIAS (NÃO INCLUI FORNECIMENTO). AF_03/2024","M",66.44,92846,null,64.650000000000006,66.44]
[null,92847,"TUBO DE CONCRETO PARA REDES COLETORAS DE ESGOTO SANITÁRIO, DIÂMETRO DE 1000 MM, JUNTA ELÁSTICA, INSTALADO EM LOCAL COM BAIXO NÍVEL DE INTERFERÊNCIAS - FORNECIMENTO E ASSENTAMENTO. AF_03/2024","M",1062.83,92847,null,1060.82,1062.83]
[null,92848,"ASSENTAMENTO DE TUBO DE CONCRETO PARA REDES COLETORAS DE ESGOTO SANITÁRIO, DIÂMETRO DE 1000 MM, JUNTA ELÁSTICA, INSTALADO EM LOCAL COM BAIXO NÍVEL DE INTERFERÊNCIAS (NÃO INCLUI FORNECIMENTO). AF_03/2024","M",78.680000000000007,92848,null,76.67,78.680000000000007]
[null,92849,"TUBO DE CONCRETO PARA REDES COLETORAS DE ESGOTO SANITÁRIO, DIÂMETRO DE 300 MM, JUNTA ELÁSTICA, INSTALADO EM LOCAL COM ALTO NÍVEL DE INTERFERÊNCIAS - FORNECIMENTO E ASSENTAMENTO. AF_03/2024","M",227.47,92849,null,226.85,227.47]
[null,92850,"ASSENTAMENTO DE TUBO DE CONCRETO PARA REDES COLETORAS DE ESGOTO SANITÁRIO, DIÂMETRO DE 300 MM, JUNTA ELÁSTICA, INSTALADO EM LOCAL COM ALTO NÍVEL DE INTERFERÊNCIAS (NÃO INCLUI FORNECIMENTO). AF_03/2024","M",21.57,92850,null,20.95,21.57]
[null,92851,"TUBO DE CONCRETO PARA REDES COLETORAS DE ESGOTO SANITÁRIO, DIÂMETRO DE 400 MM, JUNTA ELÁSTICA, INSTALADO EM LOCAL COM ALTO NÍVEL DE INTERFERÊNCIAS - FORNECIMENTO E ASSENTAMENTO. AF_03/2024","M",239.73,92851,null,238.84,239.73]
[null,92852,"ASSENTAMENTO DE TUBO DE CONCRETO PARA REDES COLETORAS DE ESGOTO SANITÁRIO, DIÂMETRO DE 400 MM, JUNTA ELÁSTICA, INSTALADO EM LOCAL COM ALTO NÍVEL DE INTERFERÊNCIAS (NÃO INCLUI FORNECIMENTO). AF_03/2024","M",28.54,92852,null,27.65,28.54]
[null,92853,"TUBO DE CONCRETO PARA REDES COLETORAS DE ESGOTO SANITÁRIO, DIÂMETRO DE 500 MM, JUNTA ELÁSTICA, INSTALADO EM LOCAL COM ALTO NÍVEL DE INTERFERÊNCIAS - FORNECIMENTO E ASSENTAMENTO. AF_03/2024","M",426.56,92853,null,425.43,426.56]
[null,92854,"ASSENTAMENTO DE TUBO DE CONCRETO PARA REDES COLETORAS DE ESGOTO SANITÁRIO, DIÂMETRO DE 500 MM, JUNTA ELÁSTICA, INSTALADO EM LOCAL COM ALTO NÍVEL DE INTERFERÊNCIAS (NÃO INCLUI FORNECIMENTO). AF_03/2024","M",35.869999999999997,92854,null,34.74,35.869999999999997]
[null,92855,"TUBO DE CONCRETO PARA REDES COLETORAS DE ESGOTO SANITÁRIO, DIÂMETRO DE 600 MM, JUNTA ELÁSTICA, INSTALADO EM LOCAL COM ALTO NÍVEL DE INTERFERÊNCIAS - FORNECIMENTO E ASSENTAMENTO. AF_03/2024","M",522.92999999999995,92855,null,521.52,522.92999999999995]
[null,92856,"ASSENTAMENTO DE TUBO DE CONCRETO PARA REDES COLETORAS DE ESGOTO SANITÁRIO, DIÂMETRO DE 600 MM, JUNTA ELÁSTICA, INSTALADO EM LOCAL COM ALTO NÍVEL DE INTERFERÊNCIAS (NÃO INCLUI FORNECIMENTO). AF_03/2024","M",43.53,92856,null,42.12,43.53]
[null,92857,"TUBO DE CONCRETO PARA REDES COLETORAS DE ESGOTO SANITÁRIO, DIÂMETRO DE 700 MM, JUNTA ELÁSTICA, INSTALADO EM LOCAL COM ALTO NÍVEL DE INTERFERÊNCIAS - FORNECIMENTO E ASSENTAMENTO. AF_03/2024","M",680.71,92857,null,679.04,680.71]
[null,92858,"ASSENTAMENTO DE TUBO DE CONCRETO PARA REDES COLETORAS DE ESGOTO SANITÁRIO, DIÂMETRO DE 700 MM, JUNTA ELÁSTICA, INSTALADO EM LOCAL COM ALTO NÍVEL DE INTERFERÊNCIAS (NÃO INCLUI FORNECIMENTO). AF_03/2024","M",54.54,92858,null,52.87,54.54]
[null,92859,"TUBO DE CONCRETO PARA REDES COLETORAS DE ESGOTO SANITÁRIO, DIÂMETRO DE 800 MM, JUNTA ELÁSTICA, INSTALADO EM LOCAL COM ALTO NÍVEL DE INTERFERÊNCIAS - FORNECIMENTO E ASSENTAMENTO. AF_03/2024","M",704.79,92859,null,702.85,704.79]
[null,92860,"ASSENTAMENTO DE TUBO DE CONCRETO PARA REDES COLETORAS DE ESGOTO SANITÁRIO, DIÂMETRO DE 800 MM, JUNTA ELÁSTICA, INSTALADO EM LOCAL COM ALTO NÍVEL DE INTERFERÊNCIAS (NÃO INCLUI FORNECIMENTO). AF_03/2024","M",64.78,92860,null,62.84,64.78]
[null,92861,"TUBO DE CONCRETO PARA REDES COLETORAS DE ESGOTO SANITÁRIO, DIÂMETRO DE 900 MM, JUNTA ELÁSTICA, INSTALADO EM LOCAL COM ALTO NÍVEL DE INTERFERÊNCIAS - FORNECIMENTO E ASSENTAMENTO. AF_03/2024","M",1044.67,92861,null,1042.49,1044.67]
[null,92862,"ASSENTAMENTO DE TUBO DE CONCRETO PARA REDES COLETORAS DE ESGOTO SANITÁRIO, DIÂMETRO DE 900 MM, JUNTA ELÁSTICA, INSTALADO EM LOCAL COM ALTO NÍVEL DE INTERFERÊNCIAS (NÃO INCLUI FORNECIMENTO). AF_03/2024","M",74.25,92862,null,72.069999999999993,74.25]
[null,92863,"TUBO DE CONCRETO PARA REDES COLETORAS DE ESGOTO SANITÁRIO, DIÂMETRO DE 1000 MM, JUNTA ELÁSTICA, INSTALADO EM LOCAL COM ALTO NÍVEL DE INTERFERÊNCIAS - FORNECIMENTO E ASSENTAMENTO. AF_03/2024","M",1071.5899999999999,92863,null,1069.1300000000001,1071.5899999999999]
[null,92864,"ASSENTAMENTO DE TUBO DE CONCRETO PARA REDES COLETORAS DE ESGOTO SANITÁRIO, DIÂMETRO DE 1000 MM, JUNTA ELÁSTICA, INSTALADO EM LOCAL COM ALTO NÍVEL DE INTERFERÊNCIAS (NÃO INCLUI FORNECIMENTO). AF_03/2024","M",87.44,92864,null,84.98,87.44]
[null,92210,"TUBO DE CONCRETO PARA REDES COLETORAS DE ÁGUAS PLUVIAIS, DIÂMETRO DE 400 MM, JUNTA RÍGIDA, INSTALADO EM LOCAL COM BAIXO NÍVEL DE INTERFERÊNCIAS - FORNECIMENTO E ASSENTAMENTO. AF_03/2024","M",160.63999999999999,92210,null,159.09,160.63999999999999]
[null,92211,"TUBO DE CONCRETO PARA REDES COLETORAS DE ÁGUAS PLUVIAIS, DIÂMETRO DE 500 MM, JUNTA RÍGIDA, INSTALADO EM LOCAL COM BAIXO NÍVEL DE INTERFERÊNCIAS - FORNECIMENTO E ASSENTAMENTO. AF_03/2024","M",195.09,92211,null,193.12,195.09]
[null,92212,"TUBO DE CONCRETO PARA REDES COLETORAS DE ÁGUAS PLUVIAIS, DIÂMETRO DE 600 MM, JUNTA RÍGIDA, INSTALADO EM LOCAL COM BAIXO NÍVEL DE INTERFERÊNCIAS - FORNECIMENTO E ASSENTAMENTO. AF_03/2024","M",300.55,92212,null,298.12,300.55]
[null,92213,"TUBO DE CONCRETO PARA REDES COLETORAS DE ÁGUAS PLUVIAIS, DIÂMETRO DE 700 MM, JUNTA RÍGIDA, INSTALADO EM LOCAL COM BAIXO NÍVEL DE INTERFERÊNCIAS - FORNECIMENTO E ASSENTAMENTO. AF_03/2024","M",401.4,92213,null,398.55,401.4]
[null,92214,"TUBO DE CONCRETO PARA REDES COLETORAS DE ÁGUAS PLUVIAIS, DIÂMETRO DE 800 MM, JUNTA RÍGIDA, INSTALADO EM LOCAL COM BAIXO NÍVEL DE INTERFERÊNCIAS - FORNECIMENTO E ASSENTAMENTO. AF_03/2024","M",486.97,92214,null,483.66,486.97]
[null,92215,"TUBO DE CONCRETO PARA REDES COLETORAS DE ÁGUAS PLUVIAIS, DIÂMETRO DE 900 MM, JUNTA RÍGIDA, INSTALADO EM LOCAL COM BAIXO NÍVEL DE INTERFERÊNCIAS - FORNECIMENTO E ASSENTAMENTO. AF_03/2024","M",559.54999999999995,92215,null,555.76,559.54999999999995]
[null,92216,"TUBO DE CONCRETO PARA REDES COLETORAS DE ÁGUAS PLUVIAIS, DIÂMETRO DE 1000 MM, JUNTA RÍGIDA, INSTALADO EM LOCAL COM BAIXO NÍVEL DE INTERFERÊNCIAS - FORNECIMENTO E ASSENTAMENTO. AF_03/2024","M",579.52,92216,null,575.28,579.52]
[null,92219,"TUBO DE CONCRETO PARA REDES COLETORAS DE ÁGUAS PLUVIAIS, DIÂMETRO DE 400 MM, JUNTA RÍGIDA, INSTALADO EM LOCAL COM ALTO NÍVEL DE INTERFERÊNCIAS - FORNECIMENTO E ASSENTAMENTO. AF_03/2024","M",163.77000000000001,92219,null,162.08000000000001,163.77000000000001]
[null,92220,"TUBO DE CONCRETO PARA REDES COLETORAS DE ÁGUAS PLUVIAIS, DIÂMETRO DE 500 MM, JUNTA RÍGIDA, INSTALADO EM LOCAL COM ALTO NÍVEL DE INTERFERÊNCIAS - FORNECIMENTO E ASSENTAMENTO. AF_03/2024","M",199.16,92220,null,196.98,199.16]
[null,92221,"TUBO DE CONCRETO PARA REDES COLETORAS DE ÁGUAS PLUVIAIS, DIÂMETRO DE 600 MM, JUNTA RÍGIDA, INSTALADO EM LOCAL COM ALTO NÍVEL DE INTERFERÊNCIAS - FORNECIMENTO E ASSENTAMENTO. AF_03/2024","M",305.52999999999997,92221,null,302.85000000000002,305.52999999999997]
[null,92222,"TUBO DE CONCRETO PARA REDES COLETORAS DE ÁGUAS PLUVIAIS, DIÂMETRO DE 700 MM, JUNTA RÍGIDA, INSTALADO EM LOCAL COM ALTO NÍVEL DE INTERFERÊNCIAS - FORNECIMENTO E ASSENTAMENTO. AF_03/2024","M",407.34,92222,null,404.17,407.34]
[null,92223,"TUBO DE CONCRETO PARA REDES COLETORAS DE ÁGUAS PLUVIAIS, DIÂMETRO DE 800 MM, JUNTA RÍGIDA, INSTALADO EM LOCAL COM ALTO NÍVEL DE INTERFERÊNCIAS - FORNECIMENTO E ASSENTAMENTO. AF_03/2024","M",493.83,92223,null,490.17,493.83]
[null,92224,"TUBO DE CONCRETO PARA REDES COLETORAS DE ÁGUAS PLUVIAIS, DIÂMETRO DE 900 MM, JUNTA RÍGIDA, INSTALADO EM LOCAL COM ALTO NÍVEL DE INTERFERÊNCIAS - FORNECIMENTO E ASSENTAMENTO. AF_03/2024","M",567.37,92224,null,563.17999999999995,567.37]
[null,92226,"TUBO DE CONCRETO PARA REDES COLETORAS DE ÁGUAS PLUVIAIS, DIÂMETRO DE 1000 MM, JUNTA RÍGIDA, INSTALADO EM LOCAL COM ALTO NÍVEL DE INTERFERÊNCIAS - FORNECIMENTO E ASSENTAMENTO. AF_03/2024","M",588.29,92226,null,583.59,588.29]
[null,92808,"ASSENTAMENTO DE TUBO DE CONCRETO PARA REDES COLETORAS DE ÁGUAS PLUVIAIS, DIÂMETRO DE 300 MM, JUNTA RÍGIDA, INSTALADO EM LOCAL COM BAIXO NÍVEL DE INTERFERÊNCIAS (NÃO INCLUI FORNECIMENTO). AF_03/2024","M",22.03,92808,null,20.92,22.03]
[null,92809,"ASSENTAMENTO DE TUBO DE CONCRETO PARA REDES COLETORAS DE ÁGUAS PLUVIAIS, DIÂMETRO DE 400 MM, JUNTA RÍGIDA, INSTALADO EM LOCAL COM BAIXO NÍVEL DE INTERFERÊNCIAS (NÃO INCLUI FORNECIMENTO). AF_03/2024","M",30.76,92809,null,29.21,30.76]
[null,92810,"ASSENTAMENTO DE TUBO DE CONCRETO PARA REDES COLETORAS DE ÁGUAS PLUVIAIS, DIÂMETRO DE 500 MM, JUNTA RÍGIDA, INSTALADO EM LOCAL COM BAIXO NÍVEL DE INTERFERÊNCIAS (NÃO INCLUI FORNECIMENTO). AF_03/2024","M",39.869999999999997,92810,null,37.9,39.869999999999997]
[null,92811,"ASSENTAMENTO DE TUBO DE CONCRETO PARA REDES COLETORAS DE ÁGUAS PLUVIAIS, DIÂMETRO DE 600 MM, JUNTA RÍGIDA, INSTALADO EM LOCAL COM BAIXO NÍVEL DE INTERFERÊNCIAS (NÃO INCLUI FORNECIMENTO). AF_03/2024","M",49.23,92811,null,46.8,49.23]
[null,92812,"ASSENTAMENTO DE TUBO DE CONCRETO PARA REDES COLETORAS DE ÁGUAS PLUVIAIS, DIÂMETRO DE 700 MM, JUNTA RÍGIDA, INSTALADO EM LOCAL COM BAIXO NÍVEL DE INTERFERÊNCIAS (NÃO INCLUI FORNECIMENTO). AF_03/2024","M",58.86,92812,null,56.01,58.86]
[null,92813,"ASSENTAMENTO DE TUBO DE CONCRETO PARA REDES COLETORAS DE ÁGUAS PLUVIAIS, DIÂMETRO DE 800 MM, JUNTA RÍGIDA, INSTALADO EM LOCAL COM BAIXO NÍVEL DE INTERFERÊNCIAS (NÃO INCLUI FORNECIMENTO). AF_03/2024","M",68.819999999999993,92813,null,65.510000000000005,68.819999999999993]
[null,92814,"ASSENTAMENTO DE TUBO DE CONCRETO PARA REDES COLETORAS DE ÁGUAS PLUVIAIS, DIÂMETRO DE 900 MM, JUNTA RÍGIDA, INSTALADO EM LOCAL COM BAIXO NÍVEL DE INTERFERÊNCIAS (NÃO INCLUI FORNECIMENTO). AF_03/2024","M",79.09,92814,null,75.3,79.09]
[null,92815,"ASSENTAMENTO DE TUBO DE CONCRETO PARA REDES COLETORAS DE ÁGUAS PLUVIAIS, DIÂMETRO DE 1000 MM, JUNTA RÍGIDA, INSTALADO EM LOCAL COM BAIXO NÍVEL DE INTERFERÊNCIAS (NÃO INCLUI FORNECIMENTO). AF_03/2024","M",{"$f":"IF($K$2=$H$1,H323,I323)","v":89.56},{"$f":"IF(LEN($B323)=7,CONCATENATE(MID($B323,1,6),\"00\",RIGHT($B323,1)),IF(LEN($B323)=8,CONCATENATE(MID($B323,1,6),\"0\",RIGHT($B323,2)),$B323))","v":92815},null,85.32,89.56]
[null,92816,"TUBO DE CONCRETO PARA REDES COLETORAS DE ÁGUAS PLUVIAIS, DIÂMETRO DE 1200 MM, JUNTA RÍGIDA, INSTALADO EM LOCAL COM BAIXO NÍVEL DE INTERFERÊNCIAS - FORNECIMENTO E ASSENTAMENTO. AF_03/2024","M",843.26,92816,null,838.06,843.26]
[null,92817,"ASSENTAMENTO DE TUBO DE CONCRETO PARA REDES COLETORAS DE ÁGUAS PLUVIAIS, DIÂMETRO DE 1200 MM, JUNTA RÍGIDA, INSTALADO EM LOCAL COM BAIXO NÍVEL DE INTERFERÊNCIAS (NÃO INCLUI FORNECIMENTO). AF_03/2024","M",111.48,92817,null,106.28,111.48]
[null,92818,"TUBO DE CONCRETO PARA REDES COLETORAS DE ÁGUAS PLUVIAIS, DIÂMETRO DE 1500 MM, JUNTA RÍGIDA, INSTALADO EM LOCAL COM BAIXO NÍVEL DE INTERFERÊNCIAS - FORNECIMENTO E ASSENTAMENTO. AF_03/2024","M",1206.6600000000001,92818,null,1199.97,1206.6600000000001]
[null,92819,"ASSENTAMENTO DE TUBO DE CONCRETO PARA REDES COLETORAS DE ÁGUAS PLUVIAIS, DIÂMETRO DE 1500 MM, JUNTA RÍGIDA, INSTALADO EM LOCAL COM BAIXO NÍVEL DE INTERFERÊNCIAS (NÃO INCLUI FORNECIMENTO). AF_03/2024","M",146.47999999999999,92819,null,139.79,146.47999999999999]
[null,92820,"ASSENTAMENTO DE TUBO DE CONCRETO PARA REDES COLETORAS DE ÁGUAS PLUVIAIS, DIÂMETRO DE 300 MM, JUNTA RÍGIDA, INSTALADO EM LOCAL COM ALTO NÍVEL DE INTERFERÊNCIAS (NÃO INCLUI FORNECIMENTO). AF_03/2024","M",24.23,92820,null,23.01,24.23]
[null,92821,"ASSENTAMENTO DE TUBO DE CONCRETO PARA REDES COLETORAS DE ÁGUAS PLUVIAIS, DIÂMETRO DE 400 MM, JUNTA RÍGIDA, INSTALADO EM LOCAL COM ALTO NÍVEL DE INTERFERÊNCIAS (NÃO INCLUI FORNECIMENTO). AF_03/2024","M",33.89,92821,null,32.200000000000003,33.89]
[null,92822,"ASSENTAMENTO DE TUBO DE CONCRETO PARA REDES COLETORAS DE ÁGUAS PLUVIAIS, DIÂMETRO DE 500 MM, JUNTA RÍGIDA, INSTALADO EM LOCAL COM ALTO NÍVEL DE INTERFERÊNCIAS (NÃO INCLUI FORNECIMENTO). AF_03/2024","M",43.94,92822,null,41.76,43.94]
[null,92824,"ASSENTAMENTO DE TUBO DE CONCRETO PARA REDES COLETORAS DE ÁGUAS PLUVIAIS, DIÂMETRO DE 600 MM, JUNTA RÍGIDA, INSTALADO EM LOCAL COM ALTO NÍVEL DE INTERFERÊNCIAS (NÃO INCLUI FORNECIMENTO). AF_03/2024","M",54.21,92824,null,51.53,54.21]
[null,92825,"ASSENTAMENTO DE TUBO DE CONCRETO PARA REDES COLETORAS DE ÁGUAS PLUVIAIS, DIÂMETRO DE 700 MM, JUNTA RÍGIDA, INSTALADO EM LOCAL COM ALTO NÍVEL DE INTERFERÊNCIAS (NÃO INCLUI FORNECIMENTO). AF_03/2024","M",64.8,92825,null,61.63,64.8]
[null,92826,"ASSENTAMENTO DE TUBO DE CONCRETO PARA REDES COLETORAS DE ÁGUAS PLUVIAIS, DIÂMETRO DE 800 MM, JUNTA RÍGIDA, INSTALADO EM LOCAL COM ALTO NÍVEL DE INTERFERÊNCIAS (NÃO INCLUI FORNECIMENTO). AF_03/2024","M",75.680000000000007,92826,null,72.02,75.680000000000007]
[null,92827,"ASSENTAMENTO DE TUBO DE CONCRETO PARA REDES COLETORAS DE ÁGUAS PLUVIAIS, DIÂMETRO DE 900 MM, JUNTA RÍGIDA, INSTALADO EM LOCAL COM ALTO NÍVEL DE INTERFERÊNCIAS (NÃO INCLUI FORNECIMENTO). AF_03/2024","M",86.91,92827,null,82.72,86.91]
[null,92828,"ASSENTAMENTO DE TUBO DE CONCRETO PARA REDES COLETORAS DE ÁGUAS PLUVIAIS, DIÂMETRO DE 1000 MM, JUNTA RÍGIDA, INSTALADO EM LOCAL COM ALTO NÍVEL DE INTERFERÊNCIAS (NÃO INCLUI FORNECIMENTO). AF_03/2024","M",98.33,92828,null,93.63,98.33]
[null,92829,"TUBO DE CONCRETO PARA REDES COLETORAS DE ÁGUAS PLUVIAIS, DIÂMETRO DE 1200 MM, JUNTA RÍGIDA, INSTALADO EM LOCAL COM ALTO NÍVEL DE INTERFERÊNCIAS - FORNECIMENTO E ASSENTAMENTO. AF_03/2024","M",853.88,92829,null,848.14,853.88]
[null,92830,"ASSENTAMENTO DE TUBO DE CONCRETO PARA REDES COLETORAS DE ÁGUAS PLUVIAIS, DIÂMETRO DE 1200 MM, JUNTA RÍGIDA, INSTALADO EM LOCAL COM ALTO NÍVEL DE INTERFERÊNCIAS (NÃO INCLUI FORNECIMENTO). AF_03/2024","M",122.1,92830,null,116.36,122.1]
[null,92831,"TUBO DE CONCRETO PARA REDES COLETORAS DE ÁGUAS PLUVIAIS, DIÂMETRO DE 1500 MM, JUNTA RÍGIDA, INSTALADO EM LOCAL COM ALTO NÍVEL DE INTERFERÊNCIAS - FORNECIMENTO E ASSENTAMENTO. AF_03/2024","M",1220.0899999999999,92831,null,1212.72,1220.0899999999999]
[null,92832,"ASSENTAMENTO DE TUBO DE CONCRETO PARA REDES COLETORAS DE ÁGUAS PLUVIAIS, DIÂMETRO DE 1500 MM, JUNTA RÍGIDA, INSTALADO EM LOCAL COM ALTO NÍVEL DE INTERFERÊNCIAS (NÃO INCLUI FORNECIMENTO). AF_03/2024","M",159.91,92832,null,152.54,159.91]
[null,95565,"TUBO DE CONCRETO PARA REDES COLETORAS DE ÁGUAS PLUVIAIS, DIÂMETRO DE 300MM, JUNTA RÍGIDA, INSTALADO EM LOCAL COM BAIXO NÍVEL DE INTERFERÊNCIAS - FORNECIMENTO E ASSENTAMENTO. AF_03/2024","M",137.12,95565,null,136.01,137.12]
[null,95566,"TUBO DE CONCRETO PARA REDES COLETORAS DE ÁGUAS PLUVIAIS, DIÂMETRO DE 300MM, JUNTA RÍGIDA, INSTALADO EM LOCAL COM ALTO NÍVEL DE INTERFERÊNCIAS - FORNECIMENTO E ASSENTAMENTO. AF_03/2024","M",139.32,95566,null,138.1,139.32]
[null,95567,"TUBO DE CONCRETO (SIMPLES) PARA REDES COLETORAS DE ÁGUAS PLUVIAIS, DIÂMETRO DE 300 MM, JUNTA RÍGIDA, INSTALADO EM LOCAL COM BAIXO NÍVEL DE INTERFERÊNCIAS - FORNECIMENTO E ASSENTAMENTO. AF_03/2024","M",85.89,95567,null,84.78,85.89]
[null,95568,"TUBO DE CONCRETO (SIMPLES) PARA REDES COLETORAS DE ÁGUAS PLUVIAIS, DIÂMETRO DE 400 MM, JUNTA RÍGIDA, INSTALADO EM LOCAL COM BAIXO NÍVEL DE INTERFERÊNCIAS - FORNECIMENTO E ASSENTAMENTO. AF_03/2024","M",106.21,95568,null,104.66,106.21]
[null,95569,"TUBO DE CONCRETO (SIMPLES) PARA REDES COLETORAS DE ÁGUAS PLUVIAIS, DIÂMETRO DE 500 MM, JUNTA RÍGIDA, INSTALADO EM LOCAL COM BAIXO NÍVEL DE INTERFERÊNCIAS - FORNECIMENTO E ASSENTAMENTO. AF_03/2024","M",152.18,95569,null,150.21,152.18]
[null,95570,"TUBO DE CONCRETO (SIMPLES) PARA REDES COLETORAS DE ÁGUAS PLUVIAIS, DIÂMETRO DE 300 MM, JUNTA RÍGIDA, INSTALADO EM LOCAL COM ALTO NÍVEL DE INTERFERÊNCIAS - FORNECIMENTO E ASSENTAMENTO. AF_03/2024","M",88.09,95570,null,86.87,88.09]
[null,95571,"TUBO DE CONCRETO (SIMPLES) PARA REDES COLETORAS DE ÁGUAS PLUVIAIS, DIÂMETRO DE 400 MM, JUNTA RÍGIDA, INSTALADO EM LOCAL COM ALTO NÍVEL DE INTERFERÊNCIAS - FORNECIMENTO E ASSENTAMENTO. AF_03/2024","M",109.34,95571,null,107.65,109.34]
[null,95572,"TUBO DE CONCRETO (SIMPLES) PARA REDES COLETORAS DE ÁGUAS PLUVIAIS, DIÂMETRO DE 500 MM, JUNTA RÍGIDA, INSTALADO EM LOCAL COM ALTO NÍVEL DE INTERFERÊNCIAS - FORNECIMENTO E ASSENTAMENTO. AF_03/2024","M",156.25,95572,null,154.07,156.25]
[null,97127,"ASSENTAMENTO DE TUBO DE PVC DEFOFO OU PRFV OU RPVC PARA REDE DE ÁGUA, DN 150 MM, JUNTA ELÁSTICA INTEGRADA, INSTALADO EM LOCAL COM NÍVEL ALTO DE INTERFERÊNCIAS (NÃO INCLUI FORNECIMENTO). AF_05/2024","M",4.04,97127,null,3.7,4.04]
[null,97128,"ASSENTAMENTO DE TUBO DE PVC DEFOFO OU PRFV OU RPVC PARA REDE DE ÁGUA, DN 200 MM, JUNTA ELÁSTICA INTEGRADA, INSTALADO EM LOCAL COM NÍVEL ALTO DE INTERFERÊNCIAS (NÃO INCLUI FORNECIMENTO). AF_05/2024","M",8.3000000000000007,97128,null,7.75,8.3000000000000007]
[null,97129,"ASSENTAMENTO DE TUBO DE PVC DEFOFO OU PRFV OU RPVC PARA REDE DE ÁGUA, DN 250 MM, JUNTA ELÁSTICA INTEGRADA, INSTALADO EM LOCAL COM NÍVEL ALTO DE INTERFERÊNCIAS (NÃO INCLUI FORNECIMENTO). AF_05/2024","M",9.83,97129,null,9.19,9.83]
[null,97130,"ASSENTAMENTO DE TUBO DE PVC DEFOFO OU PRFV OU RPVC PARA REDE DE ÁGUA, DN 300 MM, JUNTA ELÁSTICA INTEGRADA, INSTALADO EM LOCAL COM NÍVEL ALTO DE INTERFERÊNCIAS (NÃO INCLUI FORNECIMENTO). AF_05/2024","M",11.39,97130,null,10.64,11.39]
[null,97131,"ASSENTAMENTO DE TUBO DE PVC DEFOFO OU PRFV OU RPVC PARA REDE DE ÁGUA, DN 350 MM, JUNTA ELÁSTICA INTEGRADA, INSTALADO EM LOCAL COM NÍVEL ALTO DE INTERFERÊNCIAS (NÃO INCLUI FORNECIMENTO). AF_05/2024","M",12.94,97131,null,12.08,12.94]
[null,97132,"ASSENTAMENTO DE TUBO DE PVC DEFOFO OU PRFV OU RPVC PARA REDE DE ÁGUA, DN 400 MM, JUNTA ELÁSTICA INTEGRADA, INSTALADO EM LOCAL COM NÍVEL ALTO DE INTERFERÊNCIAS (NÃO INCLUI FORNECIMENTO). AF_05/2024","M",14.48,97132,null,13.54,14.48]
[null,97133,"ASSENTAMENTO DE TUBO DE PVC DEFOFO OU PRFV OU RPVC PARA REDE DE ÁGUA, DN 500 MM, JUNTA ELÁSTICA INTEGRADA, INSTALADO EM LOCAL COM NÍVEL ALTO DE INTERFERÊNCIAS (NÃO INCLUI FORNECIMENTO). AF_05/2024","M",17.579999999999998,97133,null,16.43,17.579999999999998]
[null,97134,"ASSENTAMENTO DE TUBO DE PVC DEFOFO OU PRFV OU RPVC PARA REDE DE ÁGUA, DN 150 MM, JUNTA ELÁSTICA INTEGRADA, INSTALADO EM LOCAL COM NÍVEL BAIXO DE INTERFERÊNCIAS (NÃO INCLUI FORNECIMENTO). AF_05/2024","M",3.37,97134,null,3.09,3.37]
[null,97135,"ASSENTAMENTO DE TUBO DE PVC DEFOFO OU PRFV OU RPVC PARA REDE DE ÁGUA, DN 200 MM, JUNTA ELÁSTICA INTEGRADA, INSTALADO EM LOCAL COM NÍVEL BAIXO DE INTERFERÊNCIAS (NÃO INCLUI FORNECIMENTO). AF_05/2024","M",6.39,97135,null,5.97,6.39]
[null,97136,"ASSENTAMENTO DE TUBO DE PVC DEFOFO OU PRFV OU RPVC PARA REDE DE ÁGUA, DN 250 MM, JUNTA ELÁSTICA INTEGRADA, INSTALADO EM LOCAL COM NÍVEL BAIXO DE INTERFERÊNCIAS (NÃO INCLUI FORNECIMENTO). AF_05/2024","M",7.57,97136,null,7.09,7.57]
[null,97137,"ASSENTAMENTO DE TUBO DE PVC DEFOFO OU PRFV OU RPVC PARA REDE DE ÁGUA, DN 300 MM, JUNTA ELÁSTICA INTEGRADA, INSTALADO EM LOCAL COM NÍVEL BAIXO DE INTERFERÊNCIAS (NÃO INCLUI FORNECIMENTO). AF_05/2024","M",8.77,97137,null,8.2100000000000009,8.77]
[null,97138,"ASSENTAMENTO DE TUBO DE PVC DEFOFO OU PRFV OU RPVC PARA REDE DE ÁGUA, DN 350 MM, JUNTA ELÁSTICA INTEGRADA, INSTALADO EM LOCAL COM NÍVEL BAIXO DE INTERFERÊNCIAS (NÃO INCLUI FORNECIMENTO). AF_05/2024","M",9.98,97138,null,9.32,9.98]
[null,97139,"ASSENTAMENTO DE TUBO DE PVC DEFOFO OU PRFV OU RPVC PARA REDE DE ÁGUA, DN 400 MM, JUNTA ELÁSTICA INTEGRADA, INSTALADO EM LOCAL COM NÍVEL BAIXO DE INTERFERÊNCIAS (NÃO INCLUI FORNECIMENTO). AF_05/2024","M",11.17,97139,null,10.46,11.17]
[null,97140,"ASSENTAMENTO DE TUBO DE PVC DEFOFO OU PRFV OU RPVC PARA REDE DE ÁGUA, DN 500 MM, JUNTA ELÁSTICA INTEGRADA, INSTALADO EM LOCAL COM NÍVEL BAIXO DE INTERFERÊNCIAS (NÃO INCLUI FORNECIMENTO). AF_05/2024","M",13.56,97140,null,12.69,13.56]
[null,103089,"ASSENTAMENTO DE TUBO DE FERRO FUNDIDO PARA REDE DE ÁGUA, DN 80 MM, JUNTA FLANGEADA (NÃO INCLUI O FORNECIMENTO). AF_09/2021","M",11.69,103089,null,11.07,11.69]
[null,103090,"ASSENTAMENTO DE TUBO DE FERRO FUNDIDO PARA REDE DE ÁGUA, DN 100 MM, JUNTA FLANGEADA (NÃO INCLUI O FORNECIMENTO). AF_09/2021","M",13.96,103090,null,13.2,13.96]
[null,103091,"ASSENTAMENTO DE TUBO DE FERRO FUNDIDO PARA REDE DE ÁGUA, DN 150 MM, JUNTA FLANGEADA (NÃO INCLUI O FORNECIMENTO). AF_09/2021","M",19.600000000000001,103091,null,18.489999999999998,19.600000000000001]
[null,103092,"ASSENTAMENTO DE TUBO DE FERRO FUNDIDO PARA REDE DE ÁGUA, DN 200 MM, JUNTA FLANGEADA (NÃO INCLUI O FORNECIMENTO). AF_09/2021","M",25.24,103092,null,23.8,25.24]
[null,103093,"ASSENTAMENTO DE TUBO DE FERRO FUNDIDO PARA REDE DE ÁGUA, DN 250 MM, JUNTA FLANGEADA (NÃO INCLUI O FORNECIMENTO). AF_09/2021","M",38.58,103093,null,36.369999999999997,38.58]
[null,103094,"ASSENTAMENTO DE TUBO DE FERRO FUNDIDO PARA REDE DE ÁGUA, DN 300 MM, JUNTA FLANGEADA (NÃO INCLUI O FORNECIMENTO). AF_09/2021","M",44.25,103094,null,41.71,44.25]
[null,103095,"ASSENTAMENTO DE TUBO DE FERRO FUNDIDO PARA REDE DE ÁGUA, DN 350 MM, JUNTA FLANGEADA (NÃO INCLUI O FORNECIMENTO). AF_09/2021","M",57.56,103095,null,54.26,57.56]
[null,103096,"ASSENTAMENTO DE TUBO DE FERRO FUNDIDO PARA REDE DE ÁGUA, DN 400 MM, JUNTA FLANGEADA (NÃO INCLUI O FORNECIMENTO). AF_09/2021","M",63.22,103096,null,59.59,63.22]
[null,103097,"ASSENTAMENTO DE TUBO DE FERRO FUNDIDO PARA REDE DE ÁGUA, DN 450 MM, JUNTA FLANGEADA (NÃO INCLUI O FORNECIMENTO). AF_09/2021","M",76.540000000000006,103097,null,72.16,76.540000000000006]
[null,103098,"ASSENTAMENTO DE TUBO DE FERRO FUNDIDO PARA REDE DE ÁGUA, DN 500 MM, JUNTA FLANGEADA (NÃO INCLUI O FORNECIMENTO). AF_09/2021","M",82.21,103098,null,77.489999999999995,82.21]
[null,103099,"ASSENTAMENTO DE TUBO DE FERRO FUNDIDO PARA REDE DE ÁGUA, DN 600 MM, JUNTA FLANGEADA (NÃO INCLUI O FORNECIMENTO). AF_09/2021","M",93.49,103099,null,88.1,93.49]
[null,103100,"ASSENTAMENTO DE TUBO DE FERRO FUNDIDO PARA REDE DE ÁGUA, DN 700 MM, JUNTA FLANGEADA (NÃO INCLUI O FORNECIMENTO). AF_09/2021","M",99.73,103100,null,93.96,99.73]
[null,103101,"ASSENTAMENTO DE TUBO DE FERRO FUNDIDO PARA REDE DE ÁGUA, DN 800 MM, JUNTA FLANGEADA (NÃO INCLUI O FORNECIMENTO). AF_09/2021","M",109.82,103101,null,103.45,109.82]
[null,103102,"ASSENTAMENTO DE TUBO DE FERRO FUNDIDO PARA REDE DE ÁGUA, DN 900 MM, JUNTA FLANGEADA (NÃO INCLUI O FORNECIMENTO). AF_09/2021","M",126.47,103102,null,119.15,126.47]
[null,103103,"ASSENTAMENTO DE TUBO DE FERRO FUNDIDO PARA REDE DE ÁGUA, DN 1000 MM, JUNTA FLANGEADA (NÃO INCLUI O FORNECIMENTO). AF_09/2021","M",136.56,103103,null,128.63,136.56]
[null,103104,"ASSENTAMENTO DE TUBO DE FERRO FUNDIDO PARA REDE DE ÁGUA, DN 1200 MM, JUNTA FLANGEADA (NÃO INCLUI O FORNECIMENTO). AF_09/2021","M",163.30000000000001,103104,null,153.81,163.30000000000001]
[null,103105,"ASSENTAMENTO DE CONEXÃO COM 2 ACESSOS, FERRO FUNDIDO PARA REDE DE ÁGUA, DN  80 MM, JUNTA FLANGEADA (NÃO INCLUI O FORNECIMENTO). AF_09/2021","UN",49.8,103105,null,47.56,49.8]
[null,103106,"ASSENTAMENTO DE CONEXÃO COM 2 ACESSOS, FERRO FUNDIDO PARA REDE DE ÁGUA, DN  100 MM, JUNTA FLANGEADA (NÃO INCLUI O FORNECIMENTO). AF_09/2021","UN",59.31,103106,null,56.53,59.31]
[null,103107,"ASSENTAMENTO DE CONEXÃO COM 2 ACESSOS, FERRO FUNDIDO PARA REDE DE ÁGUA, DN  150 MM, JUNTA FLANGEADA (NÃO INCLUI O FORNECIMENTO). AF_09/2021","UN",83.04,103107,null,78.94,83.04]
[null,103108,"ASSENTAMENTO DE CONEXÃO COM 2 ACESSOS, FERRO FUNDIDO PARA REDE DE ÁGUA, DN  200 MM, JUNTA FLANGEADA (NÃO INCLUI O FORNECIMENTO). AF_09/2021","UN",106.77,103108,null,101.35,106.77]
[null,103109,"ASSENTAMENTO DE CONEXÃO COM 2 ACESSOS, FERRO FUNDIDO PARA REDE DE ÁGUA, DN  250 MM, JUNTA FLANGEADA (NÃO INCLUI O FORNECIMENTO). AF_09/2021","UN",175.09,103109,null,165.85,175.09]
[null,103110,"ASSENTAMENTO DE CONEXÃO COM 2 ACESSOS, FERRO FUNDIDO PARA REDE DE ÁGUA, DN  300 MM, JUNTA FLANGEADA (NÃO INCLUI O FORNECIMENTO). AF_09/2021","UN",198.83,103110,null,188.27,198.83]
[null,103111,"ASSENTAMENTO DE CONEXÃO COM 2 ACESSOS, FERRO FUNDIDO PARA REDE DE ÁGUA, DN  350 MM, JUNTA FLANGEADA (NÃO INCLUI O FORNECIMENTO). AF_09/2021","UN",267.14999999999998,103111,null,252.79,267.14999999999998]
[null,103112,"ASSENTAMENTO DE CONEXÃO COM 2 ACESSOS, FERRO FUNDIDO PARA REDE DE ÁGUA, DN  400 MM, JUNTA FLANGEADA (NÃO INCLUI O FORNECIMENTO). AF_09/2021","UN",290.87,103112,null,275.19,290.87]
[null,103113,"ASSENTAMENTO DE CONEXÃO COM 2 ACESSOS, FERRO FUNDIDO PARA REDE DE ÁGUA, DN  450 MM, JUNTA FLANGEADA (NÃO INCLUI O FORNECIMENTO). AF_09/2021","UN",359.2,103113,null,339.69,359.2]
[null,103114,"ASSENTAMENTO DE CONEXÃO COM 2 ACESSOS, FERRO FUNDIDO PARA REDE DE ÁGUA, DN  500 MM, JUNTA FLANGEADA (NÃO INCLUI O FORNECIMENTO). AF_09/2021","UN",{"$f":"IF($K$2=$H$1,H387,I387)","v":382.92},{"$f":"IF(LEN($B387)=7,CONCATENATE(MID($B387,1,6),\"00\",RIGHT($B387,1)),IF(LEN($B387)=8,CONCATENATE(MID($B387,1,6),\"0\",RIGHT($B387,2)),$B387))","v":103114},null,362.1,382.92]
[null,103115,"ASSENTAMENTO DE CONEXÃO COM 2 ACESSOS, FERRO FUNDIDO PARA REDE DE ÁGUA, DN  600 MM, JUNTA FLANGEADA (NÃO INCLUI O FORNECIMENTO). AF_09/2021","UN",430.39,103115,null,406.93,430.39]
[null,103116,"ASSENTAMENTO DE CONEXÃO COM 2 ACESSOS, FERRO FUNDIDO PARA REDE DE ÁGUA, DN  700 MM, JUNTA FLANGEADA (NÃO INCLUI O FORNECIMENTO). AF_09/2021","UN",522.45000000000005,103116,null,493.84,522.45000000000005]
[null,103117,"ASSENTAMENTO DE CONEXÃO COM 2 ACESSOS, FERRO FUNDIDO PARA REDE DE ÁGUA, DN  800 MM, JUNTA FLANGEADA (NÃO INCLUI O FORNECIMENTO). AF_09/2021","UN",569.91,103117,null,538.66,569.91]
[null,103118,"ASSENTAMENTO DE CONEXÃO COM 2 ACESSOS, FERRO FUNDIDO PARA REDE DE ÁGUA, DN  900 MM, JUNTA FLANGEADA (NÃO INCLUI O FORNECIMENTO). AF_09/2021","UN",661.97,103118,null,625.58000000000004,661.97]
[null,103119,"ASSENTAMENTO DE CONEXÃO COM 2 ACESSOS, FERRO FUNDIDO PARA REDE DE ÁGUA, DN  1000 MM, JUNTA FLANGEADA (NÃO INCLUI O FORNECIMENTO). AF_09/2021","UN",709.43,103119,null,670.4,709.43]
[null,103120,"ASSENTAMENTO DE CONEXÃO COM 2 ACESSOS, FERRO FUNDIDO PARA REDE DE ÁGUA, DN  1200 MM, JUNTA FLANGEADA (NÃO INCLUI O FORNECIMENTO). AF_09/2021","UN",848.95,103120,null,802.14,848.95]
[null,103121,"ASSENTAMENTO DE CONEXÃO COM 3 ACESSOS, FERRO FUNDIDO PARA REDE DE ÁGUA, DN  80 MM, JUNTA FLANGEADA (NÃO INCLUI O FORNECIMENTO). AF_09/2021","UN",65.19,103121,null,62.08,65.19]
[null,103122,"ASSENTAMENTO DE CONEXÃO COM 3 ACESSOS, FERRO FUNDIDO PARA REDE DE ÁGUA, DN  100 MM, JUNTA FLANGEADA (NÃO INCLUI O FORNECIMENTO). AF_09/2021","UN",79.41,103122,null,75.510000000000005,79.41]
[null,103123,"ASSENTAMENTO DE CONEXÃO COM 3 ACESSOS, FERRO FUNDIDO PARA REDE DE ÁGUA, DN  150 MM, JUNTA FLANGEADA (NÃO INCLUI O FORNECIMENTO). AF_09/2021","UN",115.03,103123,null,109.14,115.03]
[null,103124,"ASSENTAMENTO DE CONEXÃO COM 3 ACESSOS, FERRO FUNDIDO PARA REDE DE ÁGUA, DN  200 MM, JUNTA FLANGEADA (NÃO INCLUI O FORNECIMENTO). AF_09/2021","UN",150.59,103124,null,142.74,150.59]
[null,103125,"ASSENTAMENTO DE CONEXÃO COM 3 ACESSOS, FERRO FUNDIDO PARA REDE DE ÁGUA, DN  250 MM, JUNTA FLANGEADA (NÃO INCLUI O FORNECIMENTO). AF_09/2021","UN",253.1,103125,null,239.52,253.1]
[null,103126,"ASSENTAMENTO DE CONEXÃO COM 3 ACESSOS, FERRO FUNDIDO PARA REDE DE ÁGUA, DN  300 MM, JUNTA FLANGEADA (NÃO INCLUI O FORNECIMENTO). AF_09/2021","UN",288.69,103126,null,273.12,288.69]
[null,103127,"ASSENTAMENTO DE CONEXÃO COM 3 ACESSOS, FERRO FUNDIDO PARA REDE DE ÁGUA, DN  350 MM, JUNTA FLANGEADA (NÃO INCLUI O FORNECIMENTO). AF_09/2021","UN",391.19,103127,null,369.9,391.19]
[null,103128,"ASSENTAMENTO DE CONEXÃO COM 3 ACESSOS, FERRO FUNDIDO PARA REDE DE ÁGUA, DN  400 MM, JUNTA FLANGEADA (NÃO INCLUI O FORNECIMENTO). AF_09/2021","UN",426.78,103128,null,403.51,426.78]
[null,103129,"ASSENTAMENTO DE CONEXÃO COM 3 ACESSOS, FERRO FUNDIDO PARA REDE DE ÁGUA, DN  450 MM, JUNTA FLANGEADA (NÃO INCLUI O FORNECIMENTO). AF_09/2021","UN",529.27,103129,null,500.29,529.27]
[null,103130,"ASSENTAMENTO DE CONEXÃO COM 3 ACESSOS, FERRO FUNDIDO PARA REDE DE ÁGUA, DN  500 MM, JUNTA FLANGEADA (NÃO INCLUI O FORNECIMENTO). AF_09/2021","UN",564.86,103130,null,533.89,564.86]
[null,103131,"ASSENTAMENTO DE CONEXÃO COM 3 ACESSOS, FERRO FUNDIDO PARA REDE DE ÁGUA, DN  600 MM, JUNTA FLANGEADA (NÃO INCLUI O FORNECIMENTO). AF_09/2021","UN",636.04999999999995,103131,null,601.11,636.04999999999995]
[null,103132,"ASSENTAMENTO DE CONEXÃO COM 3 ACESSOS, FERRO FUNDIDO PARA REDE DE ÁGUA, DN  700 MM, JUNTA FLANGEADA (NÃO INCLUI O FORNECIMENTO). AF_09/2021","UN",774.12,103132,null,731.48,774.12]
[null,103133,"ASSENTAMENTO DE CONEXÃO COM 3 ACESSOS, FERRO FUNDIDO PARA REDE DE ÁGUA, DN  800 MM, JUNTA FLANGEADA (NÃO INCLUI O FORNECIMENTO). AF_09/2021","UN",845.33,103133,null,798.71,845.33]
[null,103134,"ASSENTAMENTO DE CONEXÃO COM 3 ACESSOS, FERRO FUNDIDO PARA REDE DE ÁGUA, DN  900 MM, JUNTA FLANGEADA (NÃO INCLUI O FORNECIMENTO). AF_09/2021","UN",983.41,103134,null,929.09,983.41]
[null,103135,"ASSENTAMENTO DE CONEXÃO COM 3 ACESSOS, FERRO FUNDIDO PARA REDE DE ÁGUA, DN  1000 MM, JUNTA FLANGEADA (NÃO INCLUI O FORNECIMENTO). AF_09/2021","UN",1054.5999999999999,103135,null,996.32,1054.5999999999999]
[null,103136,"ASSENTAMENTO DE CONEXÃO COM 3 ACESSOS, FERRO FUNDIDO PARA REDE DE ÁGUA, DN  1200 MM, JUNTA FLANGEADA (NÃO INCLUI O FORNECIMENTO). AF_09/2021","UN",1263.8900000000001,103136,null,1193.93,1263.8900000000001]
[null,103137,"ASSENTAMENTO DE CONEXÃO COM 1 ACESSO, FERRO FUNDIDO PARA REDE DE ÁGUA, DN  80 MM, JUNTA FLANGEADA (NÃO INCLUI O FORNECIMENTO). AF_09/2021","UN",34.46,103137,null,33.07,34.46]
[null,103138,"ASSENTAMENTO DE CONEXÃO COM 1 ACESSO, FERRO FUNDIDO PARA REDE DE ÁGUA, DN  100 MM, JUNTA FLANGEADA (NÃO INCLUI O FORNECIMENTO). AF_09/2021","UN",39.200000000000003,103138,null,37.549999999999997,39.200000000000003]
[null,103139,"ASSENTAMENTO DE CONEXÃO COM 1 ACESSO, FERRO FUNDIDO PARA REDE DE ÁGUA, DN  150 MM, JUNTA FLANGEADA (NÃO INCLUI O FORNECIMENTO). AF_09/2021","UN",51.08,103139,null,48.77,51.08]
[null,103140,"ASSENTAMENTO DE CONEXÃO COM 1 ACESSO, FERRO FUNDIDO PARA REDE DE ÁGUA, DN  200 MM, JUNTA FLANGEADA (NÃO INCLUI O FORNECIMENTO). AF_09/2021","UN",62.94,103140,null,59.96,62.94]
[null,103141,"ASSENTAMENTO DE CONEXÃO COM 1 ACESSO, FERRO FUNDIDO PARA REDE DE ÁGUA, DN  250 MM, JUNTA FLANGEADA (NÃO INCLUI O FORNECIMENTO). AF_09/2021","UN",97.11,103141,null,92.23,97.11]
[null,103142,"ASSENTAMENTO DE CONEXÃO COM 1 ACESSO, FERRO FUNDIDO PARA REDE DE ÁGUA, DN  300 MM, JUNTA FLANGEADA (NÃO INCLUI O FORNECIMENTO). AF_09/2021","UN",108.96,103142,null,103.41,108.96]
[null,103143,"ASSENTAMENTO DE CONEXÃO COM 1 ACESSO, FERRO FUNDIDO PARA REDE DE ÁGUA, DN  350 MM, JUNTA FLANGEADA (NÃO INCLUI O FORNECIMENTO). AF_09/2021","UN",143.13999999999999,103143,null,135.66999999999999,143.13999999999999]
[null,103144,"ASSENTAMENTO DE CONEXÃO COM 1 ACESSO, FERRO FUNDIDO PARA REDE DE ÁGUA, DN  400 MM, JUNTA FLANGEADA (NÃO INCLUI O FORNECIMENTO). AF_09/2021","UN",154.99,103144,null,146.87,154.99]
[null,103145,"ASSENTAMENTO DE CONEXÃO COM 1 ACESSO, FERRO FUNDIDO PARA REDE DE ÁGUA, DN  450 MM, JUNTA FLANGEADA (NÃO INCLUI O FORNECIMENTO). AF_09/2021","UN",189.15,103145,null,179.14,189.15]
[null,103146,"ASSENTAMENTO DE CONEXÃO COM 1 ACESSO, FERRO FUNDIDO PARA REDE DE ÁGUA, DN  500 MM, JUNTA FLANGEADA (NÃO INCLUI O FORNECIMENTO). AF_09/2021","UN",201.01,103146,null,190.33,201.01]
[null,103147,"ASSENTAMENTO DE CONEXÃO COM 1 ACESSO, FERRO FUNDIDO PARA REDE DE ÁGUA, DN  600 MM, JUNTA FLANGEADA (NÃO INCLUI O FORNECIMENTO). AF_09/2021","UN",224.74,103147,null,212.74,224.74]
[null,103148,"ASSENTAMENTO DE CONEXÃO COM 1 ACESSO, FERRO FUNDIDO PARA REDE DE ÁGUA, DN  700 MM, JUNTA FLANGEADA (NÃO INCLUI O FORNECIMENTO). AF_09/2021","UN",270.77,103148,null,256.20999999999998,270.77]
[null,103149,"ASSENTAMENTO DE CONEXÃO COM 1 ACESSO, FERRO FUNDIDO PARA REDE DE ÁGUA, DN  800 MM, JUNTA FLANGEADA (NÃO INCLUI O FORNECIMENTO). AF_09/2021","UN",294.51,103149,null,278.61,294.51]
[null,103150,"ASSENTAMENTO DE CONEXÃO COM 1 ACESSO, FERRO FUNDIDO PARA REDE DE ÁGUA, DN  900 MM, JUNTA FLANGEADA (NÃO INCLUI O FORNECIMENTO). AF_09/2021","UN",340.49,103150,null,322.02,340.49]
[null,103151,"ASSENTAMENTO DE CONEXÃO COM 1 ACESSO, FERRO FUNDIDO PARA REDE DE ÁGUA, DN  1000 MM, JUNTA FLANGEADA (NÃO INCLUI O FORNECIMENTO). AF_09/2021","UN",364.26,103151,null,344.48,364.26]
[null,103152,"ASSENTAMENTO DE CONEXÃO COM 1 ACESSO, FERRO FUNDIDO PARA REDE DE ÁGUA, DN  1200 MM, JUNTA FLANGEADA (NÃO INCLUI O FORNECIMENTO). AF_09/2021","UN",434.03,103152,null,410.36,434.03]
[null,103372,"TUBO PEAD LISO PARA REDE DE ÁGUA OU ESGOTO, DIÂMETRO DE 20 MM, JUNTA SOLDADA (NÃO INCLUI A EXECUÇÃO DE SOLDA) - FORNECIMENTO E ASSENTAMENTO. AF_12/2021","M",5.23,103372,null,5.22,5.23]
[null,103373,"TUBO PEAD LISO PARA REDE DE ÁGUA OU ESGOTO, DIÂMETRO DE 32 MM, JUNTA SOLDADA (NÃO INCLUI A EXECUÇÃO DE SOLDA) - FORNECIMENTO E ASSENTAMENTO. AF_12/2021","M",10.27,103373,null,10.25,10.27]
[null,103376,"TUBO PEAD LISO PARA REDE DE ÁGUA OU ESGOTO, DIÂMETRO DE 110 MM, JUNTA SOLDADA (NÃO INCLUI A EXECUÇÃO DE SOLDA) - FORNECIMENTO E ASSENTAMENTO. AF_12/2021","M",122.87,103376,null,122.78,122.87]
[null,103377,"TUBO PEAD LISO PARA REDE DE ÁGUA OU ESGOTO, DIÂMETRO DE 160 MM, JUNTA SOLDADA (NÃO INCLUI A EXECUÇÃO DE SOLDA) - FORNECIMENTO E ASSENTAMENTO. AF_12/2021","M",263.05,103377,null,262.92,263.05]
[null,103379,"TUBO PEAD LISO PARA REDE DE ÁGUA OU ESGOTO, DIÂMETRO DE 200 MM, JUNTA SOLDADA (NÃO INCLUI A EXECUÇÃO DE SOLDA) - FORNECIMENTO E ASSENTAMENTO. AF_12/2021","M",409.62,103379,null,409.43,409.62]
[null,103383,"TUBO PEAD LISO PARA REDE DE ÁGUA OU ESGOTO, DIÂMETRO DE 315 MM, JUNTA SOLDADA (NÃO INCLUI A EXECUÇÃO DE SOLDA) - FORNECIMENTO E ASSENTAMENTO. AF_12/2021","M",1005.38,103383,null,1005.16,1005.38]
[null,103385,"TUBO PEAD LISO PARA REDE DE ÁGUA OU ESGOTO, DIÂMETRO DE 400 MM, JUNTA SOLDADA (NÃO INCLUI A EXECUÇÃO DE SOLDA) - FORNECIMENTO E ASSENTAMENTO. AF_12/2021","M",1621.23,103385,null,1620.77,1621.23]
[null,103387,"TUBO PEAD LISO PARA REDE DE ÁGUA OU ESGOTO, DIÂMETRO DE 500 MM, JUNTA SOLDADA (NÃO INCLUI A EXECUÇÃO DE SOLDA) - FORNECIMENTO E ASSENTAMENTO. AF_12/2021","M",2843.98,103387,null,2843.26,2843.98]
[null,103389,"TUBO PEAD LISO PARA REDE DE ÁGUA OU ESGOTO, DIÂMETRO DE 630 MM, JUNTA SOLDADA (NÃO INCLUI A EXECUÇÃO DE SOLDA) - FORNECIMENTO E ASSENTAMENTO. AF_12/2021","M",4229.4399999999996,103389,null,4228.3900000000003,4229.4399999999996]
[null,103391,"TUBO PEAD LISO PARA REDE DE ÁGUA OU ESGOTO, DIÂMETRO DE 800 MM, JUNTA SOLDADA (NÃO INCLUI A EXECUÇÃO DE SOLDA) - FORNECIMENTO E ASSENTAMENTO. AF_12/2021","M",2788.08,103391,null,2786.58,2788.08]
[null,103392,"TUBO PEAD LISO PARA REDE DE ÁGUA OU ESGOTO, DIÂMETRO DE 900 MM, JUNTA SOLDADA (NÃO INCLUI A EXECUÇÃO DE SOLDA) - FORNECIMENTO E ASSENTAMENTO. AF_12/2021","M",4555.46,103392,null,4553.71,4555.46]
[null,103393,"TUBO PEAD LISO PARA REDE DE ÁGUA OU ESGOTO, DIÂMETRO DE 1000 MM, JUNTA SOLDADA (NÃO INCLUI A EXECUÇÃO DE SOLDA) - FORNECIMENTO E ASSENTAMENTO. AF_12/2021","M",5024.6400000000003,103393,null,5022.6400000000003,5024.6400000000003]
[null,103397,"ASSENTAMENTO DE CONEXÃO COM 2 ACESSOS, EM PEAD LISO PARA REDE DE ÁGUA OU ESGOTO, DIÂMETRO DE 20 MM, JUNTA SOLDADA (NÃO INCLUI O FORNECIMENTO E EXECUÇÃO DE SOLDA). AF_12/2021","UN",3.16,103397,null,2.85,3.16]
[null,103398,"ASSENTAMENTO DE CONEXÃO COM 2 ACESSOS, EM PEAD LISO PARA REDE DE ÁGUA OU ESGOTO, DIÂMETRO DE 32 MM, JUNTA SOLDADA (NÃO INCLUI O FORNECIMENTO E EXECUÇÃO DE SOLDA). AF_12/2021","UN",5.07,103398,null,4.57,5.07]
[null,103399,"ASSENTAMENTO DE CONEXÃO COM 2 ACESSOS, EM PEAD LISO PARA REDE DE ÁGUA OU ESGOTO, DIÂMETRO DE 63 MM, JUNTA SOLDADA (NÃO INCLUI O FORNECIMENTO E EXECUÇÃO DE SOLDA). AF_12/2021","UN",9.99,103399,null,9.02,9.99]
[null,103400,"ASSENTAMENTO DE CONEXÃO COM 2 ACESSOS, EM PEAD LISO PARA REDE DE ÁGUA OU ESGOTO, DIÂMETRO DE 90 MM, JUNTA SOLDADA (NÃO INCLUI O FORNECIMENTO E EXECUÇÃO DE SOLDA). AF_12/2021","UN",14.26,103400,null,12.88,14.26]
[null,103401,"ASSENTAMENTO DE CONEXÃO COM 2 ACESSOS, EM PEAD LISO PARA REDE DE ÁGUA OU ESGOTO, DIÂMETRO DE 110 MM, JUNTA SOLDADA (NÃO INCLUI O FORNECIMENTO E EXECUÇÃO DE SOLDA). AF_12/2021","UN",17.440000000000001,103401,null,15.75,17.440000000000001]
[null,103402,"ASSENTAMENTO DE CONEXÃO COM 2 ACESSOS, EM PEAD LISO PARA REDE DE ÁGUA OU ESGOTO, DIÂMETRO DE 160 MM, JUNTA SOLDADA (NÃO INCLUI O FORNECIMENTO E EXECUÇÃO DE SOLDA). AF_12/2021","UN",25.37,103402,null,22.93,25.37]
[null,103403,"ASSENTAMENTO DE CONEXÃO COM 2 ACESSOS, EM PEAD LISO PARA REDE DE ÁGUA OU ESGOTO, DIÂMETRO DE 180 MM, JUNTA SOLDADA (NÃO INCLUI O FORNECIMENTO E EXECUÇÃO DE SOLDA). AF_12/2021","UN",28.54,103403,null,25.79,28.54]
[null,103404,"ASSENTAMENTO DE CONEXÃO COM 2 ACESSOS, EM PEAD LISO PARA REDE DE ÁGUA OU ESGOTO, DIÂMETRO DE 200 MM, JUNTA SOLDADA (NÃO INCLUI O FORNECIMENTO E EXECUÇÃO DE SOLDA). AF_12/2021","UN",31.72,103404,null,28.65,31.72]
[null,103405,"ASSENTAMENTO DE CONEXÃO COM 2 ACESSOS, EM PEAD LISO PARA REDE DE ÁGUA OU ESGOTO, DIÂMETRO DE 225 MM, JUNTA SOLDADA (NÃO INCLUI O FORNECIMENTO E EXECUÇÃO DE SOLDA). AF_12/2021","UN",35.68,103405,null,32.24,35.68]
[null,103406,"ASSENTAMENTO DE CONEXÃO COM 2 ACESSOS, EM PEAD LISO PARA REDE DE ÁGUA OU ESGOTO, DIÂMETRO DE 250 MM, JUNTA SOLDADA (NÃO INCLUI O FORNECIMENTO E EXECUÇÃO DE SOLDA). AF_12/2021","UN",39.64,103406,null,35.83,39.64]
[null,103407,"ASSENTAMENTO DE CONEXÃO COM 2 ACESSOS, EM PEAD LISO PARA REDE DE ÁGUA OU ESGOTO, DIÂMETRO DE 280 MM, JUNTA SOLDADA (NÃO INCLUI O FORNECIMENTO E EXECUÇÃO DE SOLDA). AF_12/2021","UN",44.4,103407,null,40.119999999999997,44.4]
[null,103408,"ASSENTAMENTO DE CONEXÃO COM 2 ACESSOS, EM PEAD LISO PARA REDE DE ÁGUA OU ESGOTO, DIÂMETRO DE 315 MM, JUNTA SOLDADA (NÃO INCLUI O FORNECIMENTO E EXECUÇÃO DE SOLDA). AF_12/2021","UN",49.96,103408,null,45.14,49.96]
[null,103409,"ASSENTAMENTO DE CONEXÃO COM 2 ACESSOS, EM PEAD LISO PARA REDE DE ÁGUA OU ESGOTO, DIÂMETRO DE 355 MM, JUNTA SOLDADA (NÃO INCLUI O FORNECIMENTO E EXECUÇÃO DE SOLDA). AF_12/2021","UN",56.3,103409,null,50.88,56.3]
[null,103410,"ASSENTAMENTO DE CONEXÃO COM 2 ACESSOS, EM PEAD LISO PARA REDE DE ÁGUA OU ESGOTO, DIÂMETRO DE 400 MM, JUNTA SOLDADA (NÃO INCLUI O FORNECIMENTO E EXECUÇÃO DE SOLDA). AF_12/2021","UN",{"$f":"IF($K$2=$H$1,H451,I451)","v":63.44},{"$f":"IF(LEN($B451)=7,CONCATENATE(MID($B451,1,6),\"00\",RIGHT($B451,1)),IF(LEN($B451)=8,CONCATENATE(MID($B451,1,6),\"0\",RIGHT($B451,2)),$B451))","v":103410},null,57.32,63.44]
[null,103411,"ASSENTAMENTO DE CONEXÃO COM 3 ACESSOS, EM PEAD LISO PARA REDE DE ÁGUA OU ESGOTO, DIÂMETRO DE 20 MM, JUNTA SOLDADA (NÃO INCLUI O FORNECIMENTO E EXECUÇÃO DE SOLDA). AF_12/2021","UN",6.34,103411,null,5.72,6.34]
[null,103412,"ASSENTAMENTO DE CONEXÃO COM 3 ACESSOS, EM PEAD LISO PARA REDE DE ÁGUA OU ESGOTO, DIÂMETRO DE 32 MM, JUNTA SOLDADA (NÃO INCLUI O FORNECIMENTO E EXECUÇÃO DE SOLDA). AF_12/2021","UN",10.14,103412,null,9.16,10.14]
[null,103413,"ASSENTAMENTO DE CONEXÃO COM 3 ACESSOS, EM PEAD LISO PARA REDE DE ÁGUA OU ESGOTO, DIÂMETRO DE 63 MM, JUNTA SOLDADA (NÃO INCLUI O FORNECIMENTO E EXECUÇÃO DE SOLDA). AF_12/2021","UN",19.98,103413,null,18.05,19.98]
[null,103414,"ASSENTAMENTO DE CONEXÃO COM 3 ACESSOS, EM PEAD LISO PARA REDE DE ÁGUA OU ESGOTO, DIÂMETRO DE 90 MM, JUNTA SOLDADA (NÃO INCLUI O FORNECIMENTO E EXECUÇÃO DE SOLDA). AF_12/2021","UN",28.54,103414,null,25.79,28.54]
[null,103415,"ASSENTAMENTO DE CONEXÃO COM 3 ACESSOS, EM PEAD LISO PARA REDE DE ÁGUA OU ESGOTO, DIÂMETRO DE 110 MM, JUNTA SOLDADA (NÃO INCLUI O FORNECIMENTO E EXECUÇÃO DE SOLDA). AF_12/2021","UN",34.89,103415,null,31.52,34.89]
[null,103416,"ASSENTAMENTO DE CONEXÃO COM 3 ACESSOS, EM PEAD LISO PARA REDE DE ÁGUA OU ESGOTO, DIÂMETRO DE 160 MM, JUNTA SOLDADA (NÃO INCLUI O FORNECIMENTO E EXECUÇÃO DE SOLDA). AF_12/2021","UN",50.75,103416,null,45.86,50.75]
[null,103417,"ASSENTAMENTO DE CONEXÃO COM 3 ACESSOS, EM PEAD LISO PARA REDE DE ÁGUA OU ESGOTO, DIÂMETRO DE 180 MM, JUNTA SOLDADA (NÃO INCLUI O FORNECIMENTO E EXECUÇÃO DE SOLDA). AF_12/2021","UN",57.1,103417,null,51.58,57.1]
[null,103418,"ASSENTAMENTO DE CONEXÃO COM 3 ACESSOS, EM PEAD LISO PARA REDE DE ÁGUA OU ESGOTO, DIÂMETRO DE 200 MM, JUNTA SOLDADA (NÃO INCLUI O FORNECIMENTO E EXECUÇÃO DE SOLDA). AF_12/2021","UN",63.44,103418,null,57.32,63.44]
[null,103419,"ASSENTAMENTO DE CONEXÃO COM 3 ACESSOS, EM PEAD LISO PARA REDE DE ÁGUA OU ESGOTO, DIÂMETRO DE 225 MM, JUNTA SOLDADA (NÃO INCLUI O FORNECIMENTO E EXECUÇÃO DE SOLDA). AF_12/2021","UN",71.38,103419,null,64.489999999999995,71.38]
[null,103420,"ASSENTAMENTO DE CONEXÃO COM 3 ACESSOS, EM PEAD LISO PARA REDE DE ÁGUA OU ESGOTO, DIÂMETRO DE 250 MM, JUNTA SOLDADA (NÃO INCLUI O FORNECIMENTO E EXECUÇÃO DE SOLDA). AF_12/2021","UN",79.3,103420,null,71.66,79.3]
[null,103421,"ASSENTAMENTO DE CONEXÃO COM 3 ACESSOS, EM PEAD LISO PARA REDE DE ÁGUA OU ESGOTO, DIÂMETRO DE 280 MM, JUNTA SOLDADA (NÃO INCLUI O FORNECIMENTO E EXECUÇÃO DE SOLDA). AF_12/2021","UN",88.83,103421,null,80.25,88.83]
[null,103422,"ASSENTAMENTO DE CONEXÃO COM 3 ACESSOS, EM PEAD LISO PARA REDE DE ÁGUA OU ESGOTO, DIÂMETRO DE 315 MM, JUNTA SOLDADA (NÃO INCLUI O FORNECIMENTO E EXECUÇÃO DE SOLDA). AF_12/2021","UN",99.93,103422,null,90.28,99.93]
[null,103423,"ASSENTAMENTO DE CONEXÃO COM 3 ACESSOS, EM PEAD LISO PARA REDE DE ÁGUA OU ESGOTO, DIÂMETRO DE 355 MM, JUNTA SOLDADA (NÃO INCLUI O FORNECIMENTO E EXECUÇÃO DE SOLDA). AF_12/2021","UN",112.62,103423,null,101.76,112.62]
[null,103424,"ASSENTAMENTO DE CONEXÃO COM 3 ACESSOS, EM PEAD LISO PARA REDE DE ÁGUA OU ESGOTO, DIÂMETRO DE 400 MM, JUNTA SOLDADA (NÃO INCLUI O FORNECIMENTO E EXECUÇÃO DE SOLDA). AF_12/2021","UN",126.89,103424,null,114.66,126.89]
[null,103425,"LUVA, EM PEAD LISO PARA REDE DE ÁGUA OU ESGOTO, DIÂMETRO DE 20 MM, JUNTA SOLDADA POR ELETROFUSÃO (NÃO INCLUI A EXECUÇÃO DE SOLDA). AF_12/2021","UN",14.63,103425,null,14.32,14.63]
[null,103426,"LUVA, EM PEAD LISO PARA REDE DE ÁGUA OU ESGOTO, DIÂMETRO DE 32 MM, JUNTA SOLDADA POR ELETROFUSÃO (NÃO INCLUI A EXECUÇÃO DE SOLDA). AF_12/2021","UN",17.43,103426,null,16.93,17.43]
[null,103427,"LUVA, EM PEAD LISO PARA REDE DE ÁGUA OU ESGOTO, DIÂMETRO DE 63 MM, JUNTA SOLDADA POR ELETROFUSÃO (NÃO INCLUI A EXECUÇÃO DE SOLDA). AF_12/2021","UN",34.94,103427,null,33.97,34.94]
[null,103428,"LUVA, EM PEAD LISO PARA REDE DE ÁGUA OU ESGOTO, DIÂMETRO DE 200 MM, JUNTA SOLDADA POR ELETROFUSÃO (NÃO INCLUI A EXECUÇÃO DE SOLDA). AF_12/2021","UN",236.86,103428,null,233.79,236.86]
[null,103429,"LUVA, EM PEAD LISO PARA REDE DE ÁGUA OU ESGOTO, DIÂMETRO DE 400 MM, JUNTA SOLDADA POR ELETROFUSÃO (NÃO INCLUI A EXECUÇÃO DE SOLDA). AF_12/2021","UN",2657.62,103429,null,2651.5,2657.62]
[null,103430,"COTOVELO 45 GRAUS, EM PEAD LISO PARA REDE DE ÁGUA OU ESGOTO, DIÂMETRO DE 32 MM, JUNTA SOLDADA POR ELETROFUSÃO (NÃO INCLUI A EXECUÇÃO DE SOLDA). AF_12/2021","UN",31.62,103430,null,31.12,31.62]
[null,103431,"COTOVELO 45 GRAUS, EM PEAD LISO PARA REDE DE ÁGUA OU ESGOTO, DIÂMETRO DE 63 MM, JUNTA SOLDADA POR ELETROFUSÃO (NÃO INCLUI A EXECUÇÃO DE SOLDA). AF_12/2021","UN",55.32,103431,null,54.35,55.32]
[null,103432,"COTOVELO 45 GRAUS, EM PEAD LISO PARA REDE DE ÁGUA OU ESGOTO, DIÂMETRO DE 200 MM, JUNTA SOLDADA POR ELETROFUSÃO (NÃO INCLUI A EXECUÇÃO DE SOLDA). AF_12/2021","UN",1509.17,103432,null,1506.1,1509.17]
[null,103433,"COTOVELO 90 GRAUS, EM PEAD LISO PARA REDE DE ÁGUA OU ESGOTO, DIÂMETRO DE 20 MM, JUNTA SOLDADA POR ELETROFUSÃO (NÃO INCLUI A EXECUÇÃO DE SOLDA). AF_12/2021","UN",31.48,103433,null,31.17,31.48]
[null,103434,"COTOVELO 90 GRAUS, EM PEAD LISO PARA REDE DE ÁGUA OU ESGOTO, DIÂMETRO DE 32 MM, JUNTA SOLDADA POR ELETROFUSÃO (NÃO INCLUI A EXECUÇÃO DE SOLDA). AF_12/2021","UN",43.48,103434,null,42.98,43.48]
[null,103435,"COTOVELO 90 GRAUS, EM PEAD LISO PARA REDE DE ÁGUA OU ESGOTO, DIÂMETRO DE 63 MM, JUNTA SOLDADA POR ELETROFUSÃO (NÃO INCLUI A EXECUÇÃO DE SOLDA). AF_12/2021","UN",80.849999999999994,103435,null,79.88,80.849999999999994]
[null,103436,"COTOVELO 90 GRAUS, POLIETILENO DE ALTA DENSIDADE (PEAD) PARA REDE DE ÁGUA OU ESGOTO, DIÂMETRO DE 200 MM, JUNTA SOLDADA POR ELETROFUSÃO (NÃO INCLUI A EXECUÇÃO DE SOLDA). AF_12/2021","UN",2138.7600000000002,103436,null,2135.69,2138.7600000000002]
[null,103437,"TÊ DE SERVIÇO, EM PEAD LISO PARA REDE DE ÁGUA OU ESGOTO, DIÂMETRO DE 63 X 20 MM, JUNTA SOLDADA POR ELETROFUSÃO (NÃO INCLUI A EXECUÇÃO DE SOLDA). AF_12/2021","UN",167.81,103437,null,165.88,167.81]
[null,103438,"TÊ DE SERVIÇO, EM PEAD LISO PARA REDE DE ÁGUA OU ESGOTO, DIÂMETRO DE 63 X 32 MM, JUNTA SOLDADA POR ELETROFUSÃO (NÃO INCLUI A EXECUÇÃO DE SOLDA). AF_12/2021","UN",167.81,103438,null,165.88,167.81]
[null,103439,"TÊ DE SERVIÇO, EM PEAD LISO PARA REDE DE ÁGUA OU ESGOTO, DIÂMETRO DE 63 X 63 MM, JUNTA SOLDADA POR ELETROFUSÃO (NÃO INCLUI A EXECUÇÃO DE SOLDA). AF_12/2021","UN",198.04,103439,null,196.11,198.04]
[null,103440,"TÊ DE SERVIÇO, EM PEAD LISO PARA REDE DE ÁGUA OU ESGOTO, DIÂMETRO DE 200 X 20 MM, JUNTA SOLDADA POR ELETROFUSÃO (NÃO INCLUI A EXECUÇÃO DE SOLDA). AF_12/2021","UN",376.42,103440,null,370.3,376.42]
[null,103441,"TÊ DE SERVIÇO, EM PEAD LISO PARA REDE DE ÁGUA OU ESGOTO, DIÂMETRO DE 200 X 32 MM, JUNTA SOLDADA POR ELETROFUSÃO (NÃO INCLUI A EXECUÇÃO DE SOLDA). AF_12/2021","UN",381.32,103441,null,375.2,381.32]
[null,103442,"TÊ DE SERVIÇO, EM PEAD LISO PARA REDE DE ÁGUA OU ESGOTO, DIÂMETRO DE 200 X 63 MM, JUNTA SOLDADA POR ELETROFUSÃO (NÃO INCLUI A EXECUÇÃO DE SOLDA). AF_12/2021","UN",499.47,103442,null,493.35,499.47]
[null,98441,"PAREDE DE MADEIRA COMPENSADA PARA CONSTRUÇÃO TEMPORÁRIA EM CHAPA SIMPLES, EXTERNA, SEM VÃO. AF_03/2024","M2",113.04,98441,null,109.44,113.04]
[null,98443,"PAREDE DE MADEIRA COMPENSADA PARA CONSTRUÇÃO TEMPORÁRIA EM CHAPA SIMPLES, INTERNA, SEM VÃO. AF_03/2024","M2",93.42,98443,null,91.52,93.42]
[null,98445,"PAREDE DE MADEIRA COMPENSADA PARA CONSTRUÇÃO TEMPORÁRIA EM CHAPA SIMPLES, EXTERNA, COM ÁREA LÍQUIDA MAIOR OU IGUAL A 6 M², COM VÃO. AF_03/2024","M2",130.46,98445,null,125.95,130.46]
[null,98446,"PAREDE DE MADEIRA COMPENSADA PARA CONSTRUÇÃO TEMPORÁRIA EM CHAPA SIMPLES, EXTERNA, COM ÁREA LÍQUIDA MENOR QUE 6 M², COM VÃO. AF_03/2024","M2",161.54,98446,null,155.05000000000001,161.54]
[null,98447,"PAREDE DE MADEIRA COMPENSADA PARA CONSTRUÇÃO TEMPORÁRIA EM CHAPA SIMPLES, INTERNA, COM ÁREA LÍQUIDA MAIOR OU IGUAL A 6 M², COM VÃO. AF_03/2024","M2",107.7,98447,null,105.15,107.7]
[null,98448,"PAREDE DE MADEIRA COMPENSADA PARA CONSTRUÇÃO TEMPORÁRIA EM CHAPA SIMPLES, INTERNA, COM ÁREA LÍQUIDA MENOR QUE 6 M², COM VÃO. AF_03/2024","M2",133.59,98448,null,129.66,133.59]
[null,98449,"PAREDE DE MADEIRA COMPENSADA PARA CONSTRUÇÃO TEMPORÁRIA EM CHAPA DUPLA, EXTERNA, SEM VÃO. AF_03/2024","M2",165.95,98449,null,161.94,165.95]
[null,98451,"PAREDE DE MADEIRA COMPENSADA PARA CONSTRUÇÃO TEMPORÁRIA EM CHAPA DUPLA, INTERNA, SEM VÃO. AF_03/2024","M2",143.81,98451,null,141.74,143.81]
[null,98453,"PAREDE DE MADEIRA COMPENSADA PARA CONSTRUÇÃO TEMPORÁRIA EM CHAPA DUPLA, EXTERNA, COM ÁREA LÍQUIDA MAIOR OU IGUAL A QUE 6 M², COM VÃO. AF_03/2024","M2",187.05,98453,null,181.75,187.05]
[null,98454,"PAREDE DE MADEIRA COMPENSADA PARA CONSTRUÇÃO TEMPORÁRIA EM CHAPA DUPLA, EXTERNA, COM ÁREA LÍQUIDA MENOR QUE 6 M², COM VÃO. AF_03/2024","M2",225.14,98454,null,217.18,225.14]
[null,98455,"PAREDE DE MADEIRA COMPENSADA PARA CONSTRUÇÃO TEMPORÁRIA EM CHAPA DUPLA, INTERNA, COM ÁREA LÍQUIDA MAIOR OU IGUAL A 6 M², COM VÃO. AF_03/2024","M2",161.05000000000001,98455,null,158.07,161.05000000000001]
[null,98456,"PAREDE DE MADEIRA COMPENSADA PARA CONSTRUÇÃO TEMPORÁRIA EM CHAPA DUPLA, INTERNA, COM ÁREA LÍQUIDA MENOR QUE 6 M², COM VÃO. AF_03/2024","M2",194.33,98456,null,189.24,194.33]
[null,98458,"TAPUME COM COMPENSADO DE MADEIRA. AF_03/2024","M2",115.03,98458,null,111.66,115.03]
[null,98459,"TAPUME COM TELHA METÁLICA. AF_03/2024","M2",92.89,98459,null,89.76,92.89]
[null,98460,"PISO PARA CONSTRUÇÃO TEMPORÁRIA EM MADEIRA, SEM REAPROVEITAMENTO. AF_03/2024","M2",80.22,98460,null,78.180000000000007,80.22]
[null,98461,"ESTRUTURA DE MADEIRA PROVISÓRIA PARA SUPORTE DE CAIXA DÁGUA ELEVADA DE 1000 LITROS. AF_03/2024","UN",6638.83,98461,null,6489.76,6638.83]
[null,98462,"ESTRUTURA DE MADEIRA PROVISÓRIA PARA SUPORTE DE CAIXA DÁGUA ELEVADA DE 3000 LITROS. AF_03/2024","UN",11235.29,98462,null,10976.35,11235.29]
[null,105113,"ESTRUTURA DE MADEIRA PROVISÓRIA PARA SUPORTE DE CAIXA D'ÁGUA ELEVADA DE 2000 LITROS. AF_03/2024","UN",8752.61,105113,null,8554.51,8752.61]
[null,105114,"EXECUÇÃO DOS APOIOS PARA CONTÊINER OU MÓDULO HABITÁVEL. AF_03/2024","M3",1898.91,105114,null,1803.72,1898.91]
[null,105115,"INSTALAÇÃO E DESINSTALAÇÃO MECANIZADA DE CONTÊINER OU MÓDULO HABITÁVEL DE USOS DIVERSOS. AF_03/2024","UN",126.08,105115,null,119.1,126.08]
[null,105116,"INSTALAÇÃO E DESINSTALAÇÃO MANUAL DE CONTÊINER OU MÓDULO HABITÁVEL PEQUENO. AF_03/2024","UN",10.64,105116,null,9.5500000000000007,10.64]
[null,105126,"INSTALAÇÃO DE CONCERTINA SIMPLES, ESPIRAL DE 300 MM. AF_03/2024","M",31.21,105126,null,30.73,31.21]
[null,105127,"INSTALAÇÃO DE CONCERTINA DUPLA CLIPADA, ESPIRAL DE 300 MM. AF_03/2024","M",27.88,105127,null,27.49,27.88]
[null,105128,"INSTALAÇÃO DE CONCERTINA FLAT, ESPIRAL DE 300 MM. AF_03/2024","M",91.39,105128,null,89.18,91.39]
[null,105130,"EXECUÇÃO DE PILARETES PARA TAPUMES E CONSTRUÇÕES TEMPORÁRIAS. AF_03/2024","M",30.41,105130,null,28.75,30.41]
[null,5631,"ESCAVADEIRA HIDRÁULICA SOBRE ESTEIRAS, CAÇAMBA 0,80 M3, PESO OPERACIONAL 17 T, POTENCIA BRUTA 111 HP - CHP DIURNO. AF_06/2014","CHP",207.95,5631,null,205.31,207.95]
[null,5678,"RETROESCAVADEIRA SOBRE RODAS COM CARREGADEIRA, TRAÇÃO 4X4, POTÊNCIA LÍQ. 88 HP, CAÇAMBA CARREG. CAP. MÍN. 1 M3, CAÇAMBA RETRO CAP. 0,26 M3, PESO OPERACIONAL MÍN. 6.674 KG, PROFUNDIDADE ESCAVAÇÃO MÁX. 4,37 M - CHP DIURNO. AF_06/2014","CHP",141.63999999999999,5678,null,139,141.63999999999999]
[null,5680,"RETROESCAVADEIRA SOBRE RODAS COM CARREGADEIRA, TRAÇÃO 4X2, POTÊNCIA LÍQ. 79 HP, CAÇAMBA CARREG. CAP. MÍN. 1 M3, CAÇAMBA RETRO CAP. 0,20 M3, PESO OPERACIONAL MÍN. 6.570 KG, PROFUNDIDADE ESCAVAÇÃO MÁX. 4,37 M - CHP DIURNO. AF_06/2014","CHP",129.1,5680,null,126.46,129.1]
[null,5684,"ROLO COMPACTADOR VIBRATÓRIO DE UM CILINDRO AÇO LISO, POTÊNCIA 80 HP, PESO OPERACIONAL MÁXIMO 8,1 T, IMPACTO DINÂMICO 16,15 / 9,5 T, LARGURA DE TRABALHO 1,68 M - CHP DIURNO. AF_06/2014","CHP",161.56,5684,null,159.32,161.56]
[null,5689,"GRADE DE DISCO CONTROLE REMOTO REBOCÁVEL, COM 24 DISCOS 24 X 6 MM COM PNEUS PARA TRANSPORTE - CHP DIURNO. AF_06/2014","CHP",6.32,5689,null,6.32,6.32]
[null,5795,"MARTELETE OU ROMPEDOR PNEUMÁTICO MANUAL, 28 KG, COM SILENCIADOR - CHP DIURNO. AF_07/2016","CHP",23.96,5795,null,22,23.96]
[null,5811,"CAMINHÃO BASCULANTE 6 M3, PESO BRUTO TOTAL 16.000 KG, CARGA ÚTIL MÁXIMA 13.071 KG, DISTÂNCIA ENTRE EIXOS 4,80 M, POTÊNCIA 230 CV INCLUSIVE CAÇAMBA METÁLICA - CHP DIURNO. AF_06/2014","CHP",{"$f":"IF($K$2=$H$1,H515,I515)","v":212.31},{"$f":"IF(LEN($B515)=7,CONCATENATE(MID($B515,1,6),\"00\",RIGHT($B515,1)),IF(LEN($B515)=8,CONCATENATE(MID($B515,1,6),\"0\",RIGHT($B515,2)),$B515))","v":5811},null,208.58,212.31]
[null,5823,"USINA DE CONCRETO FIXA, CAPACIDADE NOMINAL DE 90 A 120 M3/H, SEM SILO - CHP DIURNO. AF_07/2016","CHP",213.5,5823,null,202.34,213.5]
[null,5824,"CAMINHÃO TOCO, PBT 16.000 KG, CARGA ÚTIL MÁX. 10.685 KG, DIST. ENTRE EIXOS 4,8 M, POTÊNCIA 189 CV, INCLUSIVE CARROCERIA FIXA ABERTA DE MADEIRA P/ TRANSPORTE GERAL DE CARGA SECA, DIMEN. APROX. 2,5 X 7,00 X 0,50 M - CHP DIURNO. AF_06/2014","CHP",224.35,5824,null,220.76,224.35]
[null,5835,"VIBROACABADORA DE ASFALTO SOBRE ESTEIRAS, LARGURA DE PAVIMENTAÇÃO 1,90 M A 5,30 M, POTÊNCIA 105 HP CAPACIDADE 450 T/H - CHP DIURNO. AF_11/2014","CHP",369.11,5835,null,366.85,369.11]
[null,5839,"VASSOURA MECÂNICA REBOCÁVEL COM ESCOVA CILÍNDRICA, LARGURA ÚTIL DE VARRIMENTO DE 2,44 M - CHP DIURNO. AF_06/2014","CHP",9.33,5839,null,9.33,9.33]
[null,5843,"TRATOR DE PNEUS, POTÊNCIA 122 CV, TRAÇÃO 4X4, PESO COM LASTRO DE 4.510 KG - CHP DIURNO. AF_06/2014","CHP",169.73,5843,null,167.41,169.73]
[null,5847,"TRATOR DE ESTEIRAS, POTÊNCIA 170 HP, PESO OPERACIONAL 19 T, CAÇAMBA 5,2 M3 - CHP DIURNO. AF_06/2014","CHP",272.23,5847,null,269.91000000000003,272.23]
[null,5851,"TRATOR DE ESTEIRAS, POTÊNCIA 150 HP, PESO OPERACIONAL 16,7 T, COM RODA MOTRIZ ELEVADA E LÂMINA 3,18 M3 - CHP DIURNO. AF_06/2014","CHP",260.06,5851,null,257.74,260.06]
[null,5855,"TRATOR DE ESTEIRAS, POTÊNCIA 347 HP, PESO OPERACIONAL 38,5 T, COM LÂMINA 8,70 M3 - CHP DIURNO. AF_06/2014","CHP",708.24,5855,null,705.92,708.24]
[null,5863,"ROLO COMPACTADOR VIBRATÓRIO REBOCÁVEL, CILINDRO DE AÇO LISO, POTÊNCIA DE TRAÇÃO DE 65 CV, PESO 4,7 T, IMPACTO DINÂMICO 18,3 T, LARGURA DE TRABALHO 1,67 M - CHP DIURNO. AF_02/2016","CHP",24.36,5863,null,24.36,24.36]
[null,5867,"ROLO COMPACTADOR VIBRATÓRIO TANDEM AÇO LISO, POTÊNCIA 58 HP, PESO SEM/COM LASTRO 6,5 / 9,4 T, LARGURA DE TRABALHO 1,2 M - CHP DIURNO. AF_06/2014","CHP",163,5867,null,160.76,163]
[null,5875,"RETROESCAVADEIRA SOBRE RODAS COM CARREGADEIRA, TRAÇÃO 4X4, POTÊNCIA LÍQ. 72 HP, CAÇAMBA CARREG. CAP. MÍN. 0,79 M3, CAÇAMBA RETRO CAP. 0,18 M3, PESO OPERACIONAL MÍN. 7.140 KG, PROFUNDIDADE ESCAVAÇÃO MÁX. 4,50 M - CHP DIURNO. AF_06/2014","CHP",129.71,5875,null,127.07,129.71]
[null,5879,"ROLO COMPACTADOR VIBRATÓRIO PÉ DE CARNEIRO, OPERADO POR CONTROLE REMOTO, POTÊNCIA 12,5 KW, PESO OPERACIONAL 1,675 T, LARGURA DE TRABALHO 0,85 M - CHP DIURNO. AF_02/2016","CHP",144.05000000000001,5879,null,141.81,144.05000000000001]
[null,5882,"USINA DE LAMA ASFÁLTICA, PROD 30 A 50 T/H, SILO DE AGREGADO 7 M3, RESERVATÓRIOS PARA EMULSÃO E ÁGUA DE 2,3 M3 CADA, MISTURADOR TIPO PUG MILL A SER MONTADO SOBRE CAMINHÃO - CHP DIURNO. AF_10/2014","CHP",124.06,5882,null,122.08,124.06]
[null,5890,"CAMINHÃO TOCO, PESO BRUTO TOTAL 14.300 KG, CARGA ÚTIL MÁXIMA 9590 KG, DISTÂNCIA ENTRE EIXOS 4,76 M, POTÊNCIA 185 CV (NÃO INCLUI CARROCERIA) - CHP DIURNO. AF_06/2014","CHP",211.22,5890,null,207.63,211.22]
[null,5894,"CAMINHÃO TOCO, PESO BRUTO TOTAL 16.000 KG, CARGA ÚTIL MÁXIMA DE 10.685 KG, DISTÂNCIA ENTRE EIXOS 4,80 M, POTÊNCIA 189 CV EXCLUSIVE CARROCERIA - CHP DIURNO. AF_06/2014","CHP",219.75,5894,null,216.16,219.75]
[null,5901,"CAMINHÃO PIPA 10.000 L TRUCADO, PESO BRUTO TOTAL 23.000 KG, CARGA ÚTIL MÁXIMA 15.935 KG, DISTÂNCIA ENTRE EIXOS 4,8 M, POTÊNCIA 230 CV, INCLUSIVE TANQUE DE AÇO PARA TRANSPORTE DE ÁGUA - CHP DIURNO. AF_06/2014","CHP",328.69,5901,null,325.10000000000002,328.69]
[null,5909,"ESPARGIDOR DE ASFALTO PRESSURIZADO COM TANQUE DE 2500 L, REBOCÁVEL COM MOTOR A GASOLINA POTÊNCIA 3,4 HP - CHP DIURNO. AF_07/2014","CHP",32.9,5909,null,30.92,32.9]
[null,5921,"GRADE DE DISCO REBOCÁVEL COM 20 DISCOS 24\" X 6 MM COM PNEUS PARA TRANSPORTE - CHP DIURNO. AF_06/2014","CHP",4.96,5921,null,4.96,4.96]
[null,5928,"GUINDAUTO HIDRÁULICO, CAPACIDADE MÁXIMA DE CARGA 6200 KG, MOMENTO MÁXIMO DE CARGA 11,7 TM, ALCANCE MÁXIMO HORIZONTAL 9,70 M, INCLUSIVE CAMINHÃO TOCO PBT 16.000 KG, POTÊNCIA DE 189 CV - CHP DIURNO. AF_06/2014","CHP",287.89999999999998,5928,null,283.8,287.89999999999998]
[null,5932,"MOTONIVELADORA POTÊNCIA BÁSICA LÍQUIDA (PRIMEIRA MARCHA) 125 HP, PESO BRUTO 13032 KG, LARGURA DA LÂMINA DE 3,7 M - CHP DIURNO. AF_06/2014","CHP",254.6,5932,null,251.36,254.6]
[null,5940,"PÁ CARREGADEIRA SOBRE RODAS, POTÊNCIA LÍQUIDA 128 HP, CAPACIDADE DA CAÇAMBA 1,7 A 2,8 M3, PESO OPERACIONAL 11632 KG - CHP DIURNO. AF_06/2014","CHP",162.68,5940,null,160.41999999999999,162.68]
[null,5944,"PÁ CARREGADEIRA SOBRE RODAS, POTÊNCIA 197 HP, CAPACIDADE DA CAÇAMBA 2,5 A 3,5 M3, PESO OPERACIONAL 18338 KG - CHP DIURNO. AF_06/2014","CHP",224.57,5944,null,222.31,224.57]
[null,5953,"COMPRESSOR DE AR REBOCÁVEL, VAZÃO 189 PCM, PRESSÃO EFETIVA DE TRABALHO 102 PSI, MOTOR DIESEL, POTÊNCIA 63 CV - CHP DIURNO. AF_06/2015","CHP",62.56,5953,null,62.56,62.56]
[null,6259,"CAMINHÃO PIPA 6.000 L, PESO BRUTO TOTAL 13.000 KG, DISTÂNCIA ENTRE EIXOS 4,80 M, POTÊNCIA 189 CV INCLUSIVE TANQUE DE AÇO PARA TRANSPORTE DE ÁGUA, CAPACIDADE 6 M3 - CHP DIURNO. AF_06/2014","CHP",265.56,6259,null,261.97000000000003,265.56]
[null,6879,"ROLO COMPACTADOR DE PNEUS ESTÁTICO, PRESSÃO VARIÁVEL, POTÊNCIA 111 HP, PESO SEM/COM LASTRO 9,5 / 26 T, LARGURA DE TRABALHO 1,90 M - CHP DIURNO. AF_07/2014","CHP",214.64,6879,null,212.4,214.64]
[null,7030,"TANQUE DE ASFALTO ESTACIONÁRIO COM SERPENTINA, CAPACIDADE 30.000 L - CHP DIURNO. AF_05/2023","CHP",279.67,7030,null,279.67,279.67]
[null,7042,"MOTOBOMBA TRASH (PARA ÁGUA SUJA) AUTO ESCORVANTE, MOTOR GASOLINA DE 6,41 HP, DIÂMETROS DE SUCÇÃO X RECALQUE: 3\" X 3\", HM/Q = 10 MCA / 60 M3/H A 23 MCA / 0 M3/H - CHP DIURNO. AF_10/2014","CHP",25.63,7042,null,25.63,25.63]
[null,7049,"ROLO COMPACTADOR PE DE CARNEIRO VIBRATORIO, POTENCIA 125 HP, PESO OPERACIONAL SEM/COM LASTRO 11,95 / 13,30 T, IMPACTO DINAMICO 38,5 / 22,5 T, LARGURA DE TRABALHO 2,15 M - CHP DIURNO. AF_06/2014","CHP",226.35,7049,null,224.11,226.35]
[null,67826,"CAMINHÃO BASCULANTE 6 M3 TOCO, PESO BRUTO TOTAL 16.000 KG, CARGA ÚTIL MÁXIMA 11.130 KG, DISTÂNCIA ENTRE EIXOS 5,36 M, POTÊNCIA 185 CV, INCLUSIVE CAÇAMBA METÁLICA - CHP DIURNO. AF_06/2014","CHP",194.24,67826,null,190.51,194.24]
[null,73417,"GRUPO GERADOR ESTACIONÁRIO, MOTOR DIESEL POTÊNCIA 170 KVA - CHP DIURNO. AF_02/2016","CHP",199.29,73417,null,199.29,199.29]
[null,73436,"ROLO COMPACTADOR VIBRATÓRIO PÉ DE CARNEIRO PARA SOLOS, POTÊNCIA 80 HP, PESO OPERACIONAL SEM/COM LASTRO 7,4 / 8,8 T, LARGURA DE TRABALHO 1,68 M - CHP DIURNO. AF_02/2016","CHP",164.84,73436,null,162.6,164.84]
[null,73467,"CAMINHÃO TOCO, PBT 14.300 KG, CARGA ÚTIL MÁX. 9.710 KG, DIST. ENTRE EIXOS 3,56 M, POTÊNCIA 185 CV, INCLUSIVE CARROCERIA FIXA ABERTA DE MADEIRA P/ TRANSPORTE GERAL DE CARGA SECA, DIMEN. APROX. 2,50 X 6,50 X 0,50 M - CHP DIURNO. AF_06/2014","CHP",258,73467,null,254.41,258]
[null,73536,"MOTOBOMBA CENTRÍFUGA, MOTOR A GASOLINA, POTÊNCIA 5,42 HP, BOCAIS 1 1/2\" X 1\", DIÂMETRO ROTOR 143 MM HM/Q = 6 MCA / 16,8 M3/H A 38 MCA / 6,6 M3/H - CHP DIURNO. AF_06/2014","CHP",21.7,73536,null,21.7,21.7]
[null,83362,"ESPARGIDOR DE ASFALTO PRESSURIZADO, TANQUE 6 M3 COM ISOLAÇÃO TÉRMICA, AQUECIDO COM 2 MAÇARICOS, COM BARRA ESPARGIDORA 3,60 M, MONTADO SOBRE CAMINHÃO  TOCO, PBT 14.300 KG, POTÊNCIA 185 CV - CHP DIURNO. AF_05/2023","CHP",275.2,83362,null,271.61,275.2]
[null,83765,"GRUPO DE SOLDAGEM COM GERADOR A DIESEL 60 CV PARA SOLDA ELÉTRICA, SOBRE 04 RODAS, COM MOTOR 4 CILINDROS 600 A - CHP DIURNO. AF_02/2016","CHP",100.08,83765,null,97.44,100.08]
[null,87445,"BETONEIRA CAPACIDADE NOMINAL 400 L, CAPACIDADE DE MISTURA 310 L, MOTOR A DIESEL POTÊNCIA 5,0 HP, SEM CARREGADOR - CHP DIURNO. AF_05/2023","CHP",5.53,87445,null,5.53,5.53]
[null,88386,"MISTURADOR DE ARGAMASSA, EIXO HORIZONTAL, CAPACIDADE DE MISTURA 300 KG, MOTOR ELÉTRICO POTÊNCIA 5 CV - CHP DIURNO. AF_05/2023","CHP",5.46,88386,null,5.46,5.46]
[null,88393,"MISTURADOR DE ARGAMASSA, EIXO HORIZONTAL, CAPACIDADE DE MISTURA 600 KG, MOTOR ELÉTRICO POTÊNCIA 7,5 CV - CHP DIURNO. AF_05/2023","CHP",7.53,88393,null,7.53,7.53]
[null,88399,"MISTURADOR DE ARGAMASSA, EIXO HORIZONTAL, CAPACIDADE DE MISTURA 160 KG, MOTOR ELÉTRICO POTÊNCIA 3 CV - CHP DIURNO. AF_05/2023","CHP",4.03,88399,null,4.03,4.03]
[null,88418,"PROJETOR DE ARGAMASSA, CAPACIDADE DE PROJEÇÃO 1,5 M3/H, ALCANCE DE 30 ATÉ 60 M, MOTOR ELÉTRICO POTÊNCIA 7,5 HP - CHP DIURNO. AF_06/2014","CHP",15.34,88418,null,15.34,15.34]
[null,88433,"PROJETOR DE ARGAMASSA, CAPACIDADE DE PROJEÇÃO 2 M3/H, ALCANCE ATÉ 50 M, MOTOR ELÉTRICO POTÊNCIA 7,5 HP - CHP DIURNO. AF_06/2014","CHP",19.97,88433,null,19.97,19.97]
[null,88830,"BETONEIRA CAPACIDADE NOMINAL DE 400 L, CAPACIDADE DE MISTURA 280 L, MOTOR ELÉTRICO TRIFÁSICO POTÊNCIA DE 2 CV, SEM CARREGADOR - CHP DIURNO. AF_05/2023","CHP",2.13,88830,null,2.13,2.13]
[null,88843,"TRATOR DE ESTEIRAS, POTÊNCIA 125 HP, PESO OPERACIONAL 12,9 T, COM LÂMINA 2,7 M3 - CHP DIURNO. AF_10/2014","CHP",216.68,88843,null,214.36,216.68]
[null,88907,"ESCAVADEIRA HIDRÁULICA SOBRE ESTEIRAS, CAÇAMBA 1,20 M3, PESO OPERACIONAL 21 T, POTÊNCIA BRUTA 155 HP - CHP DIURNO. AF_06/2014","CHP",249.86,88907,null,247.22,249.86]
[null,89021,"BOMBA SUBMERSÍVEL ELÉTRICA TRIFÁSICA, POTÊNCIA 2,96 HP, Ø ROTOR 144 MM SEMI-ABERTO, BOCAL DE SAÍDA Ø 2\", HM/Q = 2 MCA / 38,8 M3/H A 28 MCA / 5 M3/H - CHP DIURNO. AF_06/2014","CHP",2.84,89021,null,2.84,2.84]
[null,89028,"TANQUE DE ASFALTO ESTACIONÁRIO COM MAÇARICO, CAPACIDADE 20.000 L - CHP DIURNO. AF_05/2023","CHP",188.22,89028,null,188.22,188.22]
[null,89032,"TRATOR DE ESTEIRAS, POTÊNCIA 100 HP, PESO OPERACIONAL 9,4 T, COM LÂMINA 2,19 M3 - CHP DIURNO. AF_06/2014","CHP",195.27,89032,null,192.95,195.27]
[null,89035,"TRATOR DE PNEUS, POTÊNCIA 85 CV, TRAÇÃO 4X4, PESO COM LASTRO DE 4.675 KG - CHP DIURNO. AF_06/2014","CHP",126.53,89035,null,124.21,126.53]
[null,89225,"BETONEIRA CAPACIDADE NOMINAL DE 600 L, CAPACIDADE DE MISTURA 360 L, MOTOR ELÉTRICO TRIFÁSICO POTÊNCIA DE 4 CV, SEM CARREGADOR - CHP DIURNO. AF_05/2023","CHP",5.97,89225,null,5.97,5.97]
[null,89234,"FRESADORA DE ASFALTO A FRIO SOBRE RODAS, LARGURA FRESAGEM DE 1,0 M, POTÊNCIA 208 HP - CHP DIURNO. AF_11/2014","CHP",566.79999999999995,89234,null,564.54,566.79999999999995]
[null,89242,"FRESADORA DE ASFALTO A FRIO SOBRE RODAS, LARGURA FRESAGEM DE 2,0 M, POTÊNCIA 550 HP - CHP DIURNO. AF_11/2014","CHP",1349.23,89242,null,1346.97,1349.23]
[null,89250,"RECICLADORA DE ASFALTO A FRIO SOBRE RODAS, LARGURA FRESAGEM DE 2,0 M, POTÊNCIA 422 HP - CHP DIURNO. AF_11/2014","CHP",1167.5999999999999,89250,null,1165.3399999999999,1167.5999999999999]
[null,89257,"VIBROACABADORA DE ASFALTO SOBRE ESTEIRAS, LARGURA DE PAVIMENTAÇÃO 2,13 M A 4,55 M, POTÊNCIA 100 HP CAPACIDADE 400 T/H - CHP DIURNO. AF_11/2014","CHP",318.66000000000003,89257,null,316.39999999999998,318.66000000000003]
[null,89272,"GUINDASTE HIDRÁULICO AUTOPROPELIDO, COM LANÇA TELESCÓPICA 28,80 M, CAPACIDADE MÁXIMA 30 T, POTÊNCIA 97 KW, TRAÇÃO 4 X 4 - CHP DIURNO. AF_11/2014","CHP",217.32,89272,null,214.57,217.32]
[null,89278,"BETONEIRA CAPACIDADE NOMINAL DE 600 L, CAPACIDADE DE MISTURA 440 L, MOTOR A DIESEL POTÊNCIA 10 HP, COM CARREGADOR - CHP DIURNO. AF_05/2023","CHP",13.03,89278,null,13.03,13.03]
[null,89843,"BATE-ESTACAS POR GRAVIDADE, POTÊNCIA DE 160 HP, PESO DO MARTELO ATÉ 3 TONELADAS - CHP DIURNO. AF_11/2014","CHP",205.63,89843,null,201.27,205.63]
[null,89876,"CAMINHÃO BASCULANTE 14 M3, COM CAVALO MECÂNICO DE CAPACIDADE MÁXIMA DE TRAÇÃO COMBINADO DE 36000 KG, POTÊNCIA 286 CV, INCLUSIVE SEMIREBOQUE COM CAÇAMBA METÁLICA - CHP DIURNO. AF_12/2014","CHP",345.36,89876,null,341.63,345.36]
[null,89883,"CAMINHÃO BASCULANTE 18 M3, COM CAVALO MECÂNICO DE CAPACIDADE MÁXIMA DE TRAÇÃO COMBINADO DE 45000 KG, POTÊNCIA 330 CV, INCLUSIVE SEMIREBOQUE COM CAÇAMBA METÁLICA - CHP DIURNO. AF_12/2014","CHP",381.59,89883,null,377.86,381.59]
[null,90586,"VIBRADOR DE IMERSÃO, DIÂMETRO DE PONTEIRA 45MM, MOTOR ELÉTRICO TRIFÁSICO POTÊNCIA DE 2 CV - CHP DIURNO. AF_06/2015","CHP",1.41,90586,null,1.41,1.41]
[null,90625,"PERFURATRIZ MANUAL, TORQUE MÁXIMO 83 N.M, POTÊNCIA 5 CV, COM DIÂMETRO MÁXIMO 4\" - CHP DIURNO. AF_06/2015","CHP",9.7799999999999994,90625,null,9.7799999999999994,9.7799999999999994]
[null,90631,"PERFURATRIZ SOBRE ESTEIRA, TORQUE MÁXIMO 600 KGF, PESO MÉDIO 1000 KG, POTÊNCIA 20 HP, DIÂMETRO MÁXIMO 10\" - CHP DIURNO. AF_06/2015","CHP",156.47999999999999,90631,null,154.16,156.47999999999999]
[null,90637,"MISTURADOR DUPLO HORIZONTAL DE ALTA TURBULÊNCIA, CAPACIDADE / VOLUME 2 X 500 LITROS, MOTORES ELÉTRICOS MÍNIMO 5 CV CADA, PARA NATA CIMENTO, ARGAMASSA E OUTROS - CHP DIURNO. AF_06/2015","CHP",16.88,90637,null,16.88,16.88]
[null,90643,"BOMBA TRIPLEX, PARA INJEÇÃO DE NATA DE CIMENTO, VAZÃO MÁXIMA DE 100 LITROS/MINUTO, PRESSÃO MÁXIMA DE 70 BAR - CHP DIURNO. AF_06/2015","CHP",28.4,90643,null,28.4,28.4]
[null,90650,"BOMBA CENTRÍFUGA MONOESTÁGIO COM MOTOR ELÉTRICO MONOFÁSICO, POTÊNCIA 15 HP, DIÂMETRO DO ROTOR 173 MM, HM/Q = 30 MCA / 90 M3/H A 45 MCA / 55 M3/H - CHP DIURNO. AF_06/2015","CHP",{"$f":"IF($K$2=$H$1,H579,I579)","v":12.1},{"$f":"IF(LEN($B579)=7,CONCATENATE(MID($B579,1,6),\"00\",RIGHT($B579,1)),IF(LEN($B579)=8,CONCATENATE(MID($B579,1,6),\"0\",RIGHT($B579,2)),$B579))","v":90650},null,12.1,12.1]
[null,90656,"BOMBA DE PROJEÇÃO DE CONCRETO SECO, POTÊNCIA 10 CV, VAZÃO 3 M3/H - CHP DIURNO. AF_06/2015","CHP",16.72,90656,null,16.72,16.72]
[null,90662,"BOMBA DE PROJEÇÃO DE CONCRETO SECO, POTÊNCIA 10 CV, VAZÃO 6 M3/H - CHP DIURNO. AF_06/2015","CHP",17.43,90662,null,17.43,17.43]
[null,90668,"PROJETOR PNEUMÁTICO DE ARGAMASSA PARA CHAPISCO E REBOCO COM RECIPIENTE ACOPLADO, TIPO CANEQUINHA, COM COMPRESSOR DE AR REBOCÁVEL VAZÃO 89 PCM E MOTOR DIESEL DE 20 CV - CHP DIURNO. AF_05/2023","CHP",33.58,90668,null,33.58,33.58]
[null,90674,"PERFURATRIZ COM TORRE METÁLICA PARA EXECUÇÃO DE ESTACA HÉLICE CONTÍNUA, PROFUNDIDADE MÁXIMA DE 30 M, DIÂMETRO MÁXIMO DE 800 MM, POTÊNCIA INSTALADA DE 268 HP, MESA ROTATIVA COM TORQUE MÁXIMO DE 170 KNM - CHP DIURNO. AF_06/2015","CHP",747.37,90674,null,745.05,747.37]
[null,90680,"PERFURATRIZ HIDRÁULICA SOBRE CAMINHÃO COM TRADO CURTO ACOPLADO, PROFUNDIDADE MÁXIMA DE 20 M, DIÂMETRO MÁXIMO DE 1500 MM, POTÊNCIA INSTALADA DE 137 HP, MESA ROTATIVA COM TORQUE MÁXIMO DE 30 KNM - CHP DIURNO. AF_06/2015","CHP",392.74,90680,null,390.42,392.74]
[null,90686,"MANIPULADOR TELESCÓPICO, POTÊNCIA DE 85 HP, CAPACIDADE DE CARGA DE 3.500 KG, ALTURA MÁXIMA DE ELEVAÇÃO DE 12,3 M - CHP DIURNO. AF_05/2023","CHP",172.46,90686,null,170.2,172.46]
[null,90692,"MINICARREGADEIRA SOBRE RODAS, POTÊNCIA LÍQUIDA DE 47 HP, CAPACIDADE NOMINAL DE OPERAÇÃO DE 646 KG - CHP DIURNO. AF_06/2015","CHP",133.41,90692,null,131.15,133.41]
[null,90964,"COMPRESSOR DE AR REBOCÁVEL, VAZÃO 89 PCM, PRESSÃO EFETIVA DE TRABALHO 102 PSI, MOTOR DIESEL, POTÊNCIA 20 CV - CHP DIURNO. AF_06/2015","CHP",33.49,90964,null,33.49,33.49]
[null,90972,"COMPRESSOR DE AR REBOCAVEL, VAZÃO 250 PCM, PRESSAO DE TRABALHO 102 PSI, MOTOR A DIESEL POTÊNCIA 81 CV - CHP DIURNO. AF_06/2015","CHP",81.150000000000006,90972,null,81.150000000000006,81.150000000000006]
[null,90979,"COMPRESSOR DE AR REBOCÁVEL, VAZÃO 748 PCM, PRESSÃO EFETIVA DE TRABALHO 102 PSI, MOTOR DIESEL, POTÊNCIA 210 CV - CHP DIURNO. AF_06/2015","CHP",209.55,90979,null,209.55,209.55]
[null,90999,"COMPRESSOR DE AR REBOCAVEL, VAZÃO 400 PCM, PRESSAO DE TRABALHO 102 PSI, MOTOR A DIESEL POTÊNCIA 110 CV - CHP DIURNO. AF_06/2015","CHP",107.14,90999,null,107.14,107.14]
[null,91031,"CAMINHÃO TRUCADO (C/ TERCEIRO EIXO) ELETRÔNICO - POTÊNCIA 231CV - PBT = 22000KG - DIST. ENTRE EIXOS 5170 MM - INCLUI CARROCERIA FIXA ABERTA DE MADEIRA - CHP DIURNO. AF_06/2015","CHP",268.58999999999997,91031,null,265,268.58999999999997]
[null,91277,"PLACA VIBRATÓRIA REVERSÍVEL COM MOTOR 4 TEMPOS A GASOLINA, FORÇA CENTRÍFUGA DE 25 KN (2500 KGF), POTÊNCIA 5,5 CV - CHP DIURNO. AF_08/2015","CHP",10.38,91277,null,10.38,10.38]
[null,91283,"CORTADORA DE PISO COM MOTOR 4 TEMPOS A GASOLINA, POTÊNCIA DE 13 HP, COM DISCO DE CORTE DIAMANTADO SEGMENTADO PARA CONCRETO, DIÂMETRO DE 350 MM, FURO DE 1\" (14 X 1\") - CHP DIURNO. AF_08/2015","CHP",11.2,91283,null,11.2,11.2]
[null,91386,"CAMINHÃO BASCULANTE 10 M3, TRUCADO CABINE SIMPLES, PESO BRUTO TOTAL 23.000 KG, CARGA ÚTIL MÁXIMA 15.935 KG, DISTÂNCIA ENTRE EIXOS 4,80 M, POTÊNCIA 230 CV INCLUSIVE CAÇAMBA METÁLICA - CHP DIURNO. AF_06/2014","CHP",277.86,91386,null,274.13,277.86]
[null,91533,"COMPACTADOR DE SOLOS DE PERCUSSÃO (SOQUETE) COM MOTOR A GASOLINA 4 TEMPOS, POTÊNCIA 4 CV - CHP DIURNO. AF_08/2015","CHP",30.28,91533,null,27.96,30.28]
[null,91634,"GUINDAUTO HIDRÁULICO, CAPACIDADE MÁXIMA DE CARGA 6500 KG, MOMENTO MÁXIMO DE CARGA 5,8 TM, ALCANCE MÁXIMO HORIZONTAL 7,60 M, INCLUSIVE CAMINHÃO TOCO PBT 9.700 KG, POTÊNCIA DE 160 CV - CHP DIURNO. AF_08/2015","CHP",244.85,91634,null,240.75,244.85]
[null,91645,"CAMINHÃO DE TRANSPORTE DE MATERIAL ASFÁLTICO 30.000 L, COM CAVALO MECÂNICO DE CAPACIDADE MÁXIMA DE TRAÇÃO COMBINADO DE 66.000 KG, POTÊNCIA 360 CV, INCLUSIVE TANQUE DE ASFALTO COM SERPENTINA - CHP DIURNO. AF_08/2015","CHP",492.07,91645,null,487.61,492.07]
[null,91692,"SERRA CIRCULAR DE BANCADA COM MOTOR ELÉTRICO POTÊNCIA DE 5HP, COM COIFA PARA DISCO 10\" - CHP DIURNO. AF_08/2015","CHP",23.35,91692,null,21.03,23.35]
[null,92043,"DISTRIBUIDOR DE AGREGADOS REBOCAVEL, CAPACIDADE 1,9 M³, LARGURA DE TRABALHO 3,66 M - CHP DIURNO. AF_11/2015","CHP",13.19,92043,null,13.19,13.19]
[null,92106,"CAMINHÃO PARA EQUIPAMENTO DE LIMPEZA A SUCÇÃO, COM CAMINHÃO TRUCADO DE PESO BRUTO TOTAL 23000 KG, CARGA ÚTIL MÁXIMA 15935 KG, DISTÂNCIA ENTRE EIXOS 4,80 M, POTÊNCIA 230 CV, INCLUSIVE LIMPADORA A SUCÇÃO, TANQUE 12000 L - CHP DIURNO. AF_05/2023","CHP",367.47,92106,null,363.88,367.47]
[null,92112,"PENEIRA ROTATIVA COM MOTOR ELÉTRICO TRIFÁSICO DE 2 CV, CILINDRO DE 1 M X 0,60 M, COM FUROS DE 3,17 MM - CHP DIURNO. AF_05/2023","CHP",3.87,92112,null,3.87,3.87]
[null,92118,"DOSADOR DE AREIA, CAPACIDADE DE 26 LITROS - CHP DIURNO. AF_05/2023","CHP",0.49,92118,null,0.49,0.49]
[null,92138,"CAMINHONETE COM MOTOR A DIESEL, POTÊNCIA 180 CV, CABINE DUPLA, 4X4 - CHP DIURNO. AF_11/2015","CHP",97.87,92138,null,94.88,97.87]
[null,92145,"CAMINHONETE CABINE SIMPLES COM MOTOR 1.6 FLEX, CÂMBIO MANUAL, POTÊNCIA 101/104 CV, 2 PORTAS - CHP DIURNO. AF_11/2015","CHP",80.66,92145,null,77.67,80.66]
[null,92242,"CAMINHÃO DE TRANSPORTE DE MATERIAL ASFÁLTICO 20.000 L, COM CAVALO MECÂNICO DE CAPACIDADE MÁXIMA DE TRAÇÃO COMBINADO DE 45.000 KG, POTÊNCIA 330 CV, INCLUSIVE TANQUE DE ASFALTO COM MAÇARICO - CHP DIURNO. AF_12/2015","CHP",427.62,92242,null,423.16,427.62]
[null,92716,"APARELHO PARA CORTE E SOLDA OXI-ACETILENO SOBRE RODAS, INCLUSIVE CILINDROS E MAÇARICOS - CHP DIURNO. AF_05/2023","CHP",136.16999999999999,92716,null,136.16999999999999,136.16999999999999]
[null,92960,"MÁQUINA EXTRUSORA DE CONCRETO PARA GUIAS E SARJETAS, MOTOR A DIESEL, POTÊNCIA 14 CV - CHP DIURNO. AF_12/2015","CHP",19.66,92960,null,19.66,19.66]
[null,92966,"MARTELO PERFURADOR PNEUMÁTICO MANUAL, HASTE 25 X 75 MM, 21 KG - CHP DIURNO. AF_12/2015","CHP",24.09,92966,null,22.13,24.09]
[null,93224,"PERFURATRIZ COM TORRE METÁLICA PARA EXECUÇÃO DE ESTACA HÉLICE CONTÍNUA, PROFUNDIDADE MÁXIMA DE 32 M, DIÂMETRO MÁXIMO DE 1000 MM, POTÊNCIA INSTALADA DE 350 HP, MESA ROTATIVA COM TORQUE MÁXIMO DE 263 KNM - CHP DIURNO. AF_01/2016","CHP",1106.06,93224,null,1103.74,1106.06]
[null,93233,"BETONEIRA CAPACIDADE NOMINAL 400 L, CAPACIDADE DE MISTURA 310 L, MOTOR A GASOLINA POTÊNCIA 5,5 HP, SEM CARREGADOR - CHP DIURNO. AF_02/2016","CHP",5.83,93233,null,5.83,5.83]
[null,93272,"GRUA ASCENSIONAL, LANCA DE 30 M, CAPACIDADE DE 1,0 T A 30 M, ALTURA ATE 39 M - CHP DIURNO. AF_05/2023","CHP",98.04,93272,null,95.29,98.04]
[null,93281,"GUINCHO ELÉTRICO DE COLUNA, CAPACIDADE 400 KG, COM MOTO FREIO, MOTOR TRIFÁSICO DE 1,25 CV - CHP DIURNO. AF_03/2016","CHP",22.43,93281,null,20.22,22.43]
[null,93287,"GUINDASTE HIDRÁULICO AUTOPROPELIDO, COM LANÇA TELESCÓPICA 40 M, CAPACIDADE MÁXIMA 60 T, POTÊNCIA 260 KW - CHP DIURNO. AF_03/2016","CHP",350.38,93287,null,347.63,350.38]
[null,93402,"GUINDAUTO HIDRÁULICO, CAPACIDADE MÁXIMA DE CARGA 3300 KG, MOMENTO MÁXIMO DE CARGA 5,8 TM, ALCANCE MÁXIMO HORIZONTAL 7,60 M, INCLUSIVE CAMINHÃO TOCO PBT 16.000 KG, POTÊNCIA DE 189 CV - CHP DIURNO. AF_03/2016","CHP",281.85000000000002,93402,null,277.75,281.85000000000002]
[null,93408,"MÁQUINA JATO DE PRESSAO PORTÁTIL, CAMARA DE 1 SAIDA, CAPACIDADE 280 L, DIAMETRO 670 MM, BICO DE JATO CURTO VENTURI DE 5/16\" , MANGUEIRA DE 1\" COM COMPRESSOR DE AR REBOCÁVEL 189 PCM E MOTOR DIESEL 63 CV - CHP DIURNO. AF_05/2023","CHP",87.2,93408,null,85.27,87.2]
[null,93415,"GERADOR PORTÁTIL MONOFÁSICO, POTÊNCIA 5500 VA, MOTOR A GASOLINA, POTÊNCIA DO MOTOR 13 CV - CHP DIURNO. AF_03/2016","CHP",11.97,93415,null,11.97,11.97]
[null,93421,"GRUPO GERADOR REBOCÁVEL, POTÊNCIA 66 KVA, MOTOR A DIESEL - CHP DIURNO. AF_03/2016","CHP",80.03,93421,null,80.03,80.03]
[null,93427,"GRUPO GERADOR ESTACIONÁRIO, POTÊNCIA 150 KVA, MOTOR A DIESEL- CHP DIURNO. AF_03/2016","CHP",181.44,93427,null,181.44,181.44]
[null,93433,"USINA DE MISTURA ASFÁLTICA À QUENTE, TIPO CONTRA FLUXO, PROD 40 A 80 TON/HORA - CHP DIURNO. AF_05/2023","CHP",2758.95,93433,null,2747.79,2758.95]
[null,93439,"USINA DE ASFALTO À FRIO, CAPACIDADE DE 40 A 60 TON/HORA, ELÉTRICA POTÊNCIA 30 CV - CHP DIURNO. AF_05/2023","CHP",248.4,93439,null,237.24,248.4]
[null,95121,"USINA MISTURADORA DE SOLOS, CAPACIDADE DE 200 A 500 TON/H, POTENCIA 75KW - CHP DIURNO. AF_07/2016","CHP",350.99,95121,null,339.83,350.99]
[null,95127,"DISTRIBUIDOR DE AGREGADOS AUTOPROPELIDO, CAP 3 M3, A DIESEL, POTÊNCIA 176CV - CHP DIURNO. AF_07/2016","CHP",218.22,95127,null,215.9,218.22]
[null,95133,"MÁQUINA DEMARCADORA DE FAIXA DE TRÁFEGO À FRIO, AUTOPROPELIDA, POTÊNCIA 38 HP - CHP DIURNO. AF_07/2016","CHP",176.65,95133,null,174.39,176.65]
[null,95139,"TALHA MANUAL DE CORRENTE, CAPACIDADE DE 2 TON. COM ELEVAÇÃO DE 3 M - CHP DIURNO. AF_07/2016","CHP",0.06,95139,null,0.06,0.06]
[null,95212,"GRUA ASCENCIONAL, LANCA DE 42 M, CAPACIDADE DE 1,5 T A 30 M, ALTURA ATE 39 M - CHP DIURNO. AF_05/2023","CHP",160.82,95212,null,158.07,160.82]
[null,95258,"MARTELO DEMOLIDOR PNEUMÁTICO MANUAL, 32 KG - CHP DIURNO. AF_09/2016","CHP",23.41,95258,null,21.45,23.41]
[null,95264,"COMPACTADOR DE SOLOS DE PERCUSÃO (SOQUETE) COM MOTOR A GASOLINA, POTÊNCIA 3 CV - CHP DIURNO. AF_09/2016","CHP",6.59,95264,null,6.59,6.59]
[null,95270,"RÉGUA VIBRATÓRIA DUPLA PARA CONCRETO, PESO DE 60KG, COMPRIMENTO 4 M, COM MOTOR A GASOLINA, POTÊNCIA 5,5 HP - CHP DIURNO. AF_09/2016","CHP",9.9499999999999993,95270,null,9.9499999999999993,9.9499999999999993]
[null,95276,"POLIDORA DE PISO (POLITRIZ), PESO DE 100KG, DIÂMETRO 450 MM, MOTOR ELÉTRICO, POTÊNCIA 4 HP - CHP DIURNO. AF_05/2023","CHP",3.67,95276,null,3.67,3.67]
[null,95282,"DESEMPENADEIRA DE CONCRETO, PESO DE 78 KG, 4 PÁS, MOTOR A GASOLINA, POTÊNCIA 5,5 HP - CHP DIURNO. AF_05/2023","CHP",10.17,95282,null,10.17,10.17]
[null,95620,"PERFURATRIZ PNEUMATICA MANUAL DE PESO MEDIO, MARTELETE, 18KG, COMPRIMENTO MÁXIMO DE CURSO DE 6 M, DIAMETRO DO PISTAO DE 5,5 CM - CHP DIURNO. AF_11/2016","CHP",22.63,95620,null,20.67,22.63]
[null,95631,"ROLO COMPACTADOR VIBRATORIO TANDEM, ACO LISO, POTENCIA 125 HP, PESO SEM/COM LASTRO 10,20/11,65 T, LARGURA DE TRABALHO 1,73 M - CHP DIURNO. AF_11/2016","CHP",235.13,95631,null,232.89,235.13]
[null,95702,"PERFURATRIZ MANUAL, TORQUE MAXIMO 55 KGF.M, POTENCIA 5 CV, COM DIAMETRO MAXIMO 8 1/2\" - CHP DIURNO. AF_11/2016","CHP",39.39,95702,null,37.07,39.39]
[null,95708,"PERFURATRIZ SOBRE ESTEIRA, TORQUE MÁXIMO 600 KGF, POTÊNCIA ENTRE 50 E 60 HP, DIÂMETRO MÁXIMO 10\" - CHP DIURNO. AF_11/2016","CHP",160.56,95708,null,158.24,160.56]
[null,95720,"ESCAVADEIRA HIDRAULICA SOBRE ESTEIRA, EQUIPADA COM CLAMSHELL, COM CAPACIDADE DA CAÇAMBA ENTRE 1,20 E 1,50 M3, PESO OPERACIONAL ENTRE 20,00 E 22,00 TON, POTENCIA LIQUIDA ENTRE 150 E 160 HP - CHP DIURNO. AF_11/2016","CHP",279.38,95720,null,276.74,279.38]
[null,95872,"GRUPO GERADOR COM CARENAGEM, MOTOR DIESEL POTÊNCIA STANDART ENTRE 250 E 260 KVA - CHP DIURNO. AF_12/2016","CHP",307.62,95872,null,307.62,307.62]
[null,96013,"TRATOR DE PNEUS COM POTÊNCIA DE 122 CV, TRAÇÃO 4X4, COM VASSOURA MECÂNICA ACOPLADA - CHP DIURNO. AF_02/2017","CHP",178.03,96013,null,175.71,178.03]
[null,96020,"TRATOR DE PNEUS COM POTÊNCIA DE 122 CV, TRAÇÃO 4X4, COM GRADE DE DISCOS ACOPLADA - CHP DIURNO. AF_02/2017","CHP",177.56,96020,null,175.24,177.56]
[null,96028,"TRATOR DE PNEUS COM POTÊNCIA DE 85 CV, TRAÇÃO 4X4, COM GRADE DE DISCOS ACOPLADA - CHP DIURNO. AF_02/2017","CHP",134.4,96028,null,132.08000000000001,134.4]
[null,96035,"CAMINHÃO BASCULANTE 10 M3, TRUCADO, POTÊNCIA 230 CV, INCLUSIVE CAÇAMBA METÁLICA, COM DISTRIBUIDOR DE AGREGADOS ACOPLADO - CHP DIURNO. AF_02/2017","CHP",291.56,96035,null,287.83,291.56]
[null,96157,"TRATOR DE PNEUS COM POTÊNCIA DE 85 CV, TRAÇÃO 4X4, COM VASSOURA MECÂNICA ACOPLADA - CHP DIURNO. AF_03/2017","CHP",134.87,96157,null,132.55000000000001,134.87]
[null,96158,"MINICARREGADEIRA SOBRE RODAS POTENCIA 47HP CAPACIDADE OPERACAO 646 KG, COM VASSOURA MECÂNICA ACOPLADA - CHP DIURNO. AF_03/2017","CHP",142.74,96158,null,140.47999999999999,142.74]
[null,96245,"MINIESCAVADEIRA SOBRE ESTEIRAS, POTÊNCIA LÍQUIDA DE *30* HP, PESO OPERACIONAL DE *3.500* KG - CHP DIURNO. AF_04/2017","CHP",{"$f":"IF($K$2=$H$1,H643,I643)","v":119.29},{"$f":"IF(LEN($B643)=7,CONCATENATE(MID($B643,1,6),\"00\",RIGHT($B643,1)),IF(LEN($B643)=8,CONCATENATE(MID($B643,1,6),\"0\",RIGHT($B643,2)),$B643))","v":96245},null,116.65,119.29]
[null,96463,"ROLO COMPACTADOR DE PNEUS, ESTÁTICO, PRESSÃO VARIÁVEL, POTÊNCIA 110 HP, PESO SEM/COM LASTRO 10,8/27 T, LARGURA DE ROLAGEM 2,30 M - CHP DIURNO. AF_06/2017","CHP",221.78,96463,null,219.54,221.78]
[null,98764,"INVERSOR DE SOLDA MONOFÁSICO DE 160 A, POTÊNCIA DE 5400 W, TENSÃO DE 220 V, PARA SOLDA COM ELETRODOS DE 2,0 A 4,0 MM E PROCESSO TIG - CHP DIURNO. AF_06/2018","CHP",5.07,98764,null,5.07,5.07]
[null,99833,"LAVADORA DE ALTA PRESSAO (LAVA-JATO) PARA AGUA FRIA, PRESSAO DE OPERACAO ENTRE 1400 E 1900 LIB/POL2, VAZAO MAXIMA ENTRE 400 E 700 L/H - CHP DIURNO. AF_05/2023","CHP",5.05,99833,null,5.05,5.05]
[null,100641,"USINA DE MISTURA ASFÁLTICA À QUENTE, TIPO CONTRA FLUXO, PROD 100 A 140 TON/HORA - CHP DIURNO. AF_12/2019","CHP",5015.97,100641,null,5012.7299999999996,5015.97]
[null,100647,"USINA DE ASFALTO, TIPO GRAVIMÉTRICA, PROD 150 TON/HORA - CHP DIURNO. AF_12/2019","CHP",6816.83,100647,null,6813.59,6816.83]
[null,102275,"MARTELO DEMOLIDOR ELÉTRICO, COM POTÊNCIA DE 2.000 W, 1.000 IMPACTOS POR MINUTO, PESO DE 30 KG - CHP DIURNO. AF_01/2021","CHP",23.02,102275,null,21.06,23.02]
[null,102874,"PERFURATRIZ HIDRÁULICA SOBRE ESTEIRA, TORQUE MÁXIMO 161 KNM, PROFUNDIDADE MÁXIMA 54 M, DIÂMETRO MÁXIMO 1500 MM, POTÊNCIA MOTOR 268 HP - CHP DIURNO. AF_04/2019","CHP",1023.47,102874,null,1021.15,1023.47]
[null,102880,"PERFURATRIZ PARA EXECUÇÃO DE ESTACAS SECANTES, TIPO HÉLICE CONTÍNUA COM CABEÇOTE DUPLO E TUBO METÁLICO - CHP DIURNO. AF_04/2019","CHP",1427.7,102880,null,1425.38,1427.7]
[null,102964,"PERFURATRIZ HIDRÁULICA SOBRE ESTEIRA, TORQUE MÁXIMO 98 KNM, PROFUNDIDADE MÁXIMA 25 M, DIÂMETRO MÁXIMO 115 MM, POTÊNCIA MOTOR 190 HP - CHP DIURNO. AF_02/2021","CHP",482.89,102964,null,480.57,482.89]
[null,102976,"PERFURATRIZ ROTATIVA SOBRE ESTEIRA, TORQUE MAXIMO 2500 KGM, POTENCIA 110 HP, MOTOR DIESEL- CHP DIURNO. AF_05/2017","CHP",272.56,102976,null,270.24,272.56]
[null,103224,"PERFURATRIZ PARA FURO DIRECIONAL HORIZONTAL (HDD) COM CAPACIDADE ATÉ 89 KN, POTÊNCIA 24,8 HP A 80 HP (INCLUSO FERRAMENTAS E LOCALIZADOR) - CHP DIURNO. AF_05/2023","CHP",431,103224,null,428.68,431]
[null,103230,"PERFURATRIZ PARA FURO DIRECIONAL HORIZONTAL (HDD) COM CAPACIDADE DE 90 KN A 200 KN, POTÊNCIA 100 HP A 160 HP (INCLUSO FERRAMENTAS E LOCALIZADOR) - CHP DIURNO. AF_05/2023","CHP",967.63,103230,null,965.31,967.63]
[null,103236,"PERFURATRIZ PARA FURO DIRECIONAL HORIZONTAL (HDD) COM CAPACIDADE DE 201 KN A 560 KN, POTÊNCIA 200 HP A 260 HP (INCLUSO FERRAMENTAS E LOCALIZADOR) - CHP DIURNO. AF_05/2023","CHP",1326.89,103236,null,1324.57,1326.89]
[null,104091,"TERMOFUSORA PARA TUBOS E CONEXÕES EM PPR COM DIÂMETROS DE 20 A 63 MM, POTÊNCIA DE 800 W, TENSAO 220 V - CHP DIURNO. AF_05/2022","CHP",0.87,104091,null,0.87,0.87]
[null,104097,"TERMOFUSORA PARA TUBOS E CONEXÕES EM PPR COM DIÂMETROS DE 75 A 110 MM, POTÊNCIA DE *1100* W, TENSÃO 220 V - CHP DIURNO. AF_05/2022","CHP",1.22,104097,null,1.22,1.22]
[null,104695,"PERFURATRIZ DE COROA DIAMANTADA PARA CONCRETO, DIÂMETRO ATÉ 250 MM, MOTOR ELÉTRICO 220 V, POTÊNCIA 2.500 W - CHP DIURNO. AF_05/2023","CHP",26.31,104695,null,23.99,26.31]
[null,104716,"ESCAVADEIRA HIDRÁULICA DE BRAÇO LONGO (LONGO ALCANCE) SOBRE ESTEIRAS, CAÇAMBA 0,52 M3, PESO OPERACIONAL 24 T, POTÊNCIA LÍQUIDA 155 HP  - CHP DIURNO. AF_06/2023","CHP",269.67,104716,null,267.02999999999997,269.67]
[null,5632,"ESCAVADEIRA HIDRÁULICA SOBRE ESTEIRAS, CAÇAMBA 0,80 M3, PESO OPERACIONAL 17 T, POTENCIA BRUTA 111 HP - CHI DIURNO. AF_06/2014","CHI",82.81,5632,null,80.17,82.81]
[null,5679,"RETROESCAVADEIRA SOBRE RODAS COM CARREGADEIRA, TRAÇÃO 4X4, POTÊNCIA LÍQ. 88 HP, CAÇAMBA CARREG. CAP. MÍN. 1 M3, CAÇAMBA RETRO CAP. 0,26 M3, PESO OPERACIONAL MÍN. 6.674 KG, PROFUNDIDADE ESCAVAÇÃO MÁX. 4,37 M - CHI DIURNO. AF_06/2014","CHI",56.5,5679,null,53.86,56.5]
[null,5681,"RETROESCAVADEIRA SOBRE RODAS COM CARREGADEIRA, TRAÇÃO 4X2, POTÊNCIA LÍQ. 79 HP, CAÇAMBA CARREG. CAP. MÍN. 1 M3, CAÇAMBA RETRO CAP. 0,20 M3, PESO OPERACIONAL MÍN. 6.570 KG, PROFUNDIDADE ESCAVAÇÃO MÁX. 4,37 M - CHI DIURNO. AF_06/2014","CHI",52.92,5681,null,50.28,52.92]
[null,5685,"ROLO COMPACTADOR VIBRATÓRIO DE UM CILINDRO AÇO LISO, POTÊNCIA 80 HP, PESO OPERACIONAL MÁXIMO 8,1 T, IMPACTO DINÂMICO 16,15 / 9,5 T, LARGURA DE TRABALHO 1,68 M - CHI DIURNO. AF_06/2014","CHI",61.86,5685,null,59.62,61.86]
[null,5690,"GRADE DE DISCO CONTROLE REMOTO REBOCÁVEL, COM 24 DISCOS 24\" X 6 MM COM PNEUS PARA TRANSPORTE - CHI DIURNO. AF_06/2014","CHI",4.09,5690,null,4.09,4.09]
[null,5806,"MOTOBOMBA CENTRÍFUGA, MOTOR A GASOLINA, POTÊNCIA 5,42 HP, BOCAIS 1 1/2\" X 1\", DIÂMETRO ROTOR 143 MM HM/Q = 6 MCA / 16,8 M3/H A 38 MCA / 6,6 M3/H - CHI DIURNO. AF_06/2014","CHI",0.27,5806,null,0.27,0.27]
[null,5826,"CAMINHÃO TOCO, PBT 16.000 KG, CARGA ÚTIL MÁX. 10.685 KG, DIST. ENTRE EIXOS 4,8 M, POTÊNCIA 189 CV, INCLUSIVE CARROCERIA FIXA ABERTA DE MADEIRA P/ TRANSPORTE GERAL DE CARGA SECA, DIMEN. APROX. 2,5 X 7,00 X 0,50 M - CHI DIURNO. AF_06/2014","CHI",64.400000000000006,5826,null,60.81,64.400000000000006]
[null,5829,"USINA DE CONCRETO FIXA, CAPACIDADE NOMINAL DE 90 A 120 M3/H, SEM SILO - CHI DIURNO. AF_07/2016","CHI",152.66,5829,null,141.5,152.66]
[null,5837,"VIBROACABADORA DE ASFALTO SOBRE ESTEIRAS, LARGURA DE PAVIMENTAÇÃO 1,90 M A 5,30 M, POTÊNCIA 105 HP CAPACIDADE 450 T/H - CHI DIURNO. AF_11/2014","CHI",137.84,5837,null,135.58000000000001,137.84]
[null,5841,"VASSOURA MECÂNICA REBOCÁVEL COM ESCOVA CILÍNDRICA, LARGURA ÚTIL DE VARRIMENTO DE 2,44 M - CHI DIURNO. AF_06/2014","CHI",4.6900000000000004,5841,null,4.6900000000000004,4.6900000000000004]
[null,5845,"TRATOR DE PNEUS, POTÊNCIA 122 CV, TRAÇÃO 4X4, PESO COM LASTRO DE 4.510 KG - CHI DIURNO. AF_06/2014","CHI",47.07,5845,null,44.75,47.07]
[null,5849,"TRATOR DE ESTEIRAS, POTÊNCIA 170 HP, PESO OPERACIONAL 19 T, CAÇAMBA 5,2 M3 - CHI DIURNO. AF_06/2014","CHI",84.05,5849,null,81.73,84.05]
[null,5853,"TRATOR DE ESTEIRAS, POTÊNCIA 150 HP, PESO OPERACIONAL 16,7 T, COM RODA MOTRIZ ELEVADA E LÂMINA 3,18 M3 - CHI DIURNO. AF_06/2014","CHI",84.44,5853,null,82.12,84.44]
[null,5857,"TRATOR DE ESTEIRAS, POTÊNCIA 347 HP, PESO OPERACIONAL 38,5 T, COM LÂMINA 8,70 M3 - CHI DIURNO. AF_06/2014","CHI",227.15,5857,null,224.83,227.15]
[null,5865,"ROLO COMPACTADOR VIBRATÓRIO REBOCÁVEL, CILINDRO DE AÇO LISO, POTÊNCIA DE TRAÇÃO DE 65 CV, PESO 4,7 T, IMPACTO DINÂMICO 18,3 T, LARGURA DE TRABALHO 1,67 M - CHI DIURNO. AF_02/2016","CHI",12.26,5865,null,12.26,12.26]
[null,5869,"ROLO COMPACTADOR VIBRATÓRIO TANDEM AÇO LISO, POTÊNCIA 58 HP, PESO SEM/COM LASTRO 6,5 / 9,4 T, LARGURA DE TRABALHO 1,2 M - CHI DIURNO. AF_06/2014","CHI",71.13,5869,null,68.89,71.13]
[null,5877,"RETROESCAVADEIRA SOBRE RODAS COM CARREGADEIRA, TRAÇÃO 4X4, POTÊNCIA LÍQ. 72 HP, CAÇAMBA CARREG. CAP. MÍN. 0,79 M3, CAÇAMBA RETRO CAP. 0,18 M3, PESO OPERACIONAL MÍN. 7.140 KG, PROFUNDIDADE ESCAVAÇÃO MÁX. 4,50 M - CHI DIURNO. AF_06/2014","CHI",55.36,5877,null,52.72,55.36]
[null,5881,"ROLO COMPACTADOR VIBRATÓRIO PÉ DE CARNEIRO, OPERADO POR CONTROLE REMOTO, POTÊNCIA 12,5 KW, PESO OPERACIONAL 1,675 T, LARGURA DE TRABALHO 0,85 M - CHI DIURNO. AF_02/2016","CHI",76.760000000000005,5881,null,74.52,76.760000000000005]
[null,5884,"USINA DE LAMA ASFÁLTICA, PROD 30 A 50 T/H, SILO DE AGREGADO 7 M3, RESERVATÓRIOS PARA EMULSÃO E ÁGUA DE 2,3 M3 CADA, MISTURADOR TIPO PUG MILL A SER MONTADO SOBRE CAMINHÃO - CHI DIURNO. AF_10/2014","CHI",52.52,5884,null,50.54,52.52]
[null,5892,"CAMINHÃO TOCO, PESO BRUTO TOTAL 14.300 KG, CARGA ÚTIL MÁXIMA 9590 KG, DISTÂNCIA ENTRE EIXOS 4,76 M, POTÊNCIA 185 CV (NÃO INCLUI CARROCERIA) - CHI DIURNO. AF_06/2014","CHI",59.27,5892,null,55.68,59.27]
[null,5896,"CAMINHÃO TOCO, PESO BRUTO TOTAL 16.000 KG, CARGA ÚTIL MÁXIMA DE 10.685 KG, DISTÂNCIA ENTRE EIXOS 4,80 M, POTÊNCIA 189 CV EXCLUSIVE CARROCERIA - CHI DIURNO. AF_06/2014","CHI",62,5896,null,58.41,62]
[null,5903,"CAMINHÃO PIPA 10.000 L TRUCADO, PESO BRUTO TOTAL 23.000 KG, CARGA ÚTIL MÁXIMA 15.935 KG, DISTÂNCIA ENTRE EIXOS 4,8 M, POTÊNCIA 230 CV, INCLUSIVE TANQUE DE AÇO PARA TRANSPORTE DE ÁGUA - CHI DIURNO. AF_06/2014","CHI",76.400000000000006,5903,null,72.81,76.400000000000006]
[null,5911,"ESPARGIDOR DE ASFALTO PRESSURIZADO COM TANQUE DE 2500 L, REBOCÁVEL COM MOTOR A GASOLINA POTÊNCIA 3,4 HP - CHI DIURNO. AF_07/2014","CHI",25.31,5911,null,23.33,25.31]
[null,5923,"GRADE DE DISCO REBOCÁVEL COM 20 DISCOS 24\" X 6 MM COM PNEUS PARA TRANSPORTE - CHI DIURNO. AF_06/2014","CHI",3.21,5923,null,3.21,3.21]
[null,5930,"GUINDAUTO HIDRÁULICO, CAPACIDADE MÁXIMA DE CARGA 6200 KG, MOMENTO MÁXIMO DE CARGA 11,7 TM, ALCANCE MÁXIMO HORIZONTAL 9,70 M, INCLUSIVE CAMINHÃO TOCO PBT 16.000 KG, POTÊNCIA DE 189 CV - CHI DIURNO. AF_06/2014","CHI",76.739999999999995,5930,null,72.64,76.739999999999995]
[null,5934,"MOTONIVELADORA POTÊNCIA BÁSICA LÍQUIDA (PRIMEIRA MARCHA) 125 HP, PESO BRUTO 13032 KG, LARGURA DA LÂMINA DE 3,7 M - CHI DIURNO. AF_06/2014","CHI",92.08,5934,null,88.84,92.08]
[null,5942,"PÁ CARREGADEIRA SOBRE RODAS, POTÊNCIA LÍQUIDA 128 HP, CAPACIDADE DA CAÇAMBA 1,7 A 2,8 M3, PESO OPERACIONAL 11632 KG - CHI DIURNO. AF_06/2014","CHI",68.459999999999994,5942,null,66.2,68.459999999999994]
[null,5946,"PÁ CARREGADEIRA SOBRE RODAS, POTÊNCIA 197 HP, CAPACIDADE DA CAÇAMBA 2,5 A 3,5 M3, PESO OPERACIONAL 18338 KG - CHI DIURNO. AF_06/2014","CHI",86.65,5946,null,84.39,86.65]
[null,5952,"MARTELETE OU ROMPEDOR PNEUMÁTICO MANUAL, 28 KG, COM SILENCIADOR - CHI DIURNO. AF_07/2016","CHI",21.51,5952,null,19.55,21.51]
[null,5954,"COMPRESSOR DE AR REBOCÁVEL, VAZÃO 189 PCM, PRESSÃO EFETIVA DE TRABALHO 102 PSI, MOTOR DIESEL, POTÊNCIA 63 CV - CHI DIURNO. AF_06/2015","CHI",6.74,5954,null,6.74,6.74]
[null,5961,"CAMINHÃO BASCULANTE 6 M3, PESO BRUTO TOTAL 16.000 KG, CARGA ÚTIL MÁXIMA 13.071 KG, DISTÂNCIA ENTRE EIXOS 4,80 M, POTÊNCIA 230 CV INCLUSIVE CAÇAMBA METÁLICA - CHI DIURNO. AF_06/2014","CHI",66.69,5961,null,62.96,66.69]
[null,6260,"CAMINHÃO PIPA 6.000 L, PESO BRUTO TOTAL 13.000 KG, DISTÂNCIA ENTRE EIXOS 4,80 M, POTÊNCIA 189 CV INCLUSIVE TANQUE DE AÇO PARA TRANSPORTE DE ÁGUA, CAPACIDADE 6 M3 - CHI DIURNO. AF_06/2014","CHI",63.76,6260,null,60.17,63.76]
[null,6880,"ROLO COMPACTADOR DE PNEUS ESTÁTICO, PRESSÃO VARIÁVEL, POTÊNCIA 111 HP, PESO SEM/COM LASTRO 9,5 / 26 T, LARGURA DE TRABALHO 1,90 M - CHI DIURNO. AF_07/2014","CHI",84.75,6880,null,82.51,84.75]
[null,7031,"TANQUE DE ASFALTO ESTACIONÁRIO COM SERPENTINA, CAPACIDADE 30.000 L - CHI DIURNO. AF_05/2023","CHI",6.33,7031,null,6.33,6.33]
[null,7043,"MOTOBOMBA TRASH (PARA ÁGUA SUJA) AUTO ESCORVANTE, MOTOR GASOLINA DE 6,41 HP, DIÂMETROS DE SUCÇÃO X RECALQUE: 3\" X 3\", HM/Q = 10 MCA / 60 M3/H A 23 MCA / 0 M3/H - CHI DIURNO. AF_10/2014","CHI",0.33,7043,null,0.33,0.33]
[null,7050,"ROLO COMPACTADOR PE DE CARNEIRO VIBRATORIO, POTENCIA 125 HP, PESO OPERACIONAL SEM/COM LASTRO 11,95 / 13,30 T, IMPACTO DINAMICO 38,5 / 22,5 T, LARGURA DE TRABALHO 2,15 M - CHI DIURNO. AF_06/2014","CHI",77.64,7050,null,75.400000000000006,77.64]
[null,67827,"CAMINHÃO BASCULANTE 6 M3 TOCO, PESO BRUTO TOTAL 16.000 KG, CARGA ÚTIL MÁXIMA 11.130 KG, DISTÂNCIA ENTRE EIXOS 5,36 M, POTÊNCIA 185 CV, INCLUSIVE CAÇAMBA METÁLICA - CHI DIURNO. AF_06/2014","CHI",67.900000000000006,67827,null,64.17,67.900000000000006]
[null,73395,"GRUPO GERADOR ESTACIONÁRIO, MOTOR DIESEL POTÊNCIA 170 KVA - CHI DIURNO. AF_02/2016","CHI",9.67,73395,null,9.67,9.67]
[null,83766,"GRUPO DE SOLDAGEM COM GERADOR A DIESEL 60 CV PARA SOLDA ELÉTRICA, SOBRE 04 RODAS, COM MOTOR 4 CILINDROS 600 A - CHI DIURNO. AF_02/2016","CHI",39.229999999999997,83766,null,36.590000000000003,39.229999999999997]
[null,87446,"BETONEIRA CAPACIDADE NOMINAL 400 L, CAPACIDADE DE MISTURA 310 L, MOTOR A DIESEL POTÊNCIA 5,0 HP, SEM CARREGADOR - CHI DIURNO. AF_05/2023","CHI",0.57999999999999996,87446,null,0.57999999999999996,0.57999999999999996]
[null,88392,"MISTURADOR DE ARGAMASSA, EIXO HORIZONTAL, CAPACIDADE DE MISTURA 300 KG, MOTOR ELÉTRICO POTÊNCIA 5 CV - CHI DIURNO. AF_05/2023","CHI",1.1399999999999999,88392,null,1.1399999999999999,1.1399999999999999]
[null,88398,"MISTURADOR DE ARGAMASSA, EIXO HORIZONTAL, CAPACIDADE DE MISTURA 600 KG, MOTOR ELÉTRICO POTÊNCIA 7,5 CV - CHI DIURNO. AF_05/2023","CHI",1.35,88398,null,1.35,1.35]
[null,88404,"MISTURADOR DE ARGAMASSA, EIXO HORIZONTAL, CAPACIDADE DE MISTURA 160 KG, MOTOR ELÉTRICO POTÊNCIA 3 CV - CHI DIURNO. AF_05/2023","CHI",1.08,88404,null,1.08,1.08]
[null,88430,"PROJETOR DE ARGAMASSA, CAPACIDADE DE PROJEÇÃO 1,5 M3/H, ALCANCE DE 30 ATÉ 60 M, MOTOR ELÉTRICO POTÊNCIA 7,5 HP - CHI DIURNO. AF_06/2014","CHI",7.05,88430,null,7.05,7.05]
[null,88438,"PROJETOR DE ARGAMASSA, CAPACIDADE DE PROJEÇÃO 2 M3/H, ALCANCE ATÉ 50 M, MOTOR ELÉTRICO POTÊNCIA 7,5 HP - CHI DIURNO. AF_06/2014","CHI",9.35,88438,null,9.35,9.35]
[null,88831,"BETONEIRA CAPACIDADE NOMINAL DE 400 L, CAPACIDADE DE MISTURA 280 L, MOTOR ELÉTRICO TRIFÁSICO POTÊNCIA DE 2 CV, SEM CARREGADOR - CHI DIURNO. AF_05/2023","CHI",0.43,88831,null,0.43,0.43]
[null,88844,"TRATOR DE ESTEIRAS, POTÊNCIA 125 HP, PESO OPERACIONAL 12,9 T, COM LÂMINA 2,7 M3 - CHI DIURNO. AF_10/2014","CHI",{"$f":"IF($K$2=$H$1,H707,I707)","v":72.349999999999994},{"$f":"IF(LEN($B707)=7,CONCATENATE(MID($B707,1,6),\"00\",RIGHT($B707,1)),IF(LEN($B707)=8,CONCATENATE(MID($B707,1,6),\"0\",RIGHT($B707,2)),$B707))","v":88844},null,70.03,72.349999999999994]
[null,88908,"ESCAVADEIRA HIDRÁULICA SOBRE ESTEIRAS, CAÇAMBA 1,20 M3, PESO OPERACIONAL 21 T, POTÊNCIA BRUTA 155 HP - CHI DIURNO. AF_06/2014","CHI",90.52,88908,null,87.88,90.52]
[null,89022,"BOMBA SUBMERSÍVEL ELÉTRICA TRIFÁSICA, POTÊNCIA 2,96 HP, Ø ROTOR 144 MM SEMI-ABERTO, BOCAL DE SAÍDA Ø 2\", HM/Q = 2 MCA / 38,8 M3/H A 28 MCA / 5 M3/H - CHI DIURNO. AF_06/2014","CHI",0.43,89022,null,0.43,0.43]
[null,89027,"TANQUE DE ASFALTO ESTACIONÁRIO COM MAÇARICO, CAPACIDADE 20.000 L - CHI DIURNO. AF_05/2023","CHI",5.14,89027,null,5.14,5.14]
[null,89031,"TRATOR DE ESTEIRAS, POTÊNCIA 100 HP, PESO OPERACIONAL 9,4 T, COM LÂMINA 2,19 M3 - CHI DIURNO. AF_06/2014","CHI",70.09,89031,null,67.77,70.09]
[null,89036,"TRATOR DE PNEUS, POTÊNCIA 85 CV, TRAÇÃO 4X4, PESO COM LASTRO DE 4.675 KG - CHI DIURNO. AF_06/2014","CHI",40.270000000000003,89036,null,37.950000000000003,40.270000000000003]
[null,89218,"BATE-ESTACAS POR GRAVIDADE, POTÊNCIA DE 160 HP, PESO DO MARTELO ATÉ 3 TONELADAS - CHI DIURNO. AF_11/2014","CHI",80.63,89218,null,76.27,80.63]
[null,89226,"BETONEIRA CAPACIDADE NOMINAL DE 600 L, CAPACIDADE DE MISTURA 360 L, MOTOR ELÉTRICO TRIFÁSICO POTÊNCIA DE 4 CV, SEM CARREGADOR - CHI DIURNO. AF_05/2023","CHI",1.76,89226,null,1.76,1.76]
[null,89235,"FRESADORA DE ASFALTO A FRIO SOBRE RODAS, LARGURA FRESAGEM DE 1,0 M, POTÊNCIA 208 HP - CHI DIURNO. AF_11/2014","CHI",178.27,89235,null,176.01,178.27]
[null,89243,"FRESADORA DE ASFALTO A FRIO SOBRE RODAS, LARGURA FRESAGEM DE 2,0 M, POTÊNCIA 550 HP - CHI DIURNO. AF_11/2014","CHI",387.87,89243,null,385.61,387.87]
[null,89251,"RECICLADORA DE ASFALTO A FRIO SOBRE RODAS, LARGURA FRESAGEM DE 2,0 M, POTÊNCIA 422 HP - CHI DIURNO. AF_11/2014","CHI",339.84,89251,null,337.58,339.84]
[null,89258,"VIBROACABADORA DE ASFALTO SOBRE ESTEIRAS, LARGURA DE PAVIMENTAÇÃO 2,13 M A 4,55 M, POTÊNCIA 100 HP, CAPACIDADE 400 T/H - CHI DIURNO. AF_11/2014","CHI",116.81,89258,null,114.55,116.81]
[null,89273,"GUINDASTE HIDRÁULICO AUTOPROPELIDO, COM LANÇA TELESCÓPICA 28,80 M, CAPACIDADE MÁXIMA 30 T, POTÊNCIA 97 KW, TRAÇÃO 4 X 4 - CHI DIURNO. AF_11/2014","CHI",103.12,89273,null,100.37,103.12]
[null,89279,"BETONEIRA CAPACIDADE NOMINAL DE 600 L, CAPACIDADE DE MISTURA 440 L, MOTOR A DIESEL POTÊNCIA 10 HP, COM CARREGADOR - CHI DIURNO. AF_05/2023","CHI",2.13,89279,null,2.13,2.13]
[null,89877,"CAMINHÃO BASCULANTE 14 M3, COM CAVALO MECÂNICO DE CAPACIDADE MÁXIMA DE TRAÇÃO COMBINADO DE 36000 KG, POTÊNCIA 286 CV, INCLUSIVE SEMIREBOQUE COM CAÇAMBA METÁLICA - CHI DIURNO. AF_12/2014","CHI",92.65,89877,null,88.92,92.65]
[null,89884,"CAMINHÃO BASCULANTE 18 M3, COM CAVALO MECÂNICO DE CAPACIDADE MÁXIMA DE TRAÇÃO COMBINADO DE 45000 KG, POTÊNCIA 330 CV, INCLUSIVE SEMIREBOQUE COM CAÇAMBA METÁLICA - CHI DIURNO. AF_12/2014","CHI",96.5,89884,null,92.77,96.5]
[null,90587,"VIBRADOR DE IMERSÃO, DIÂMETRO DE PONTEIRA 45MM, MOTOR ELÉTRICO TRIFÁSICO POTÊNCIA DE 2 CV - CHI DIURNO. AF_06/2015","CHI",0.53,90587,null,0.53,0.53]
[null,90626,"PERFURATRIZ MANUAL, TORQUE MÁXIMO 83 N.M, POTÊNCIA 5 CV, COM DIÂMETRO MÁXIMO 4\" - CHI DIURNO. AF_06/2015","CHI",3.21,90626,null,3.21,3.21]
[null,90632,"PERFURATRIZ SOBRE ESTEIRA, TORQUE MÁXIMO 600 KGF, PESO MÉDIO 1000 KG, POTÊNCIA 20 HP, DIÂMETRO MÁXIMO 10\" - CHI DIURNO. AF_06/2015","CHI",88.76,90632,null,86.44,88.76]
[null,90638,"MISTURADOR DUPLO HORIZONTAL DE ALTA TURBULÊNCIA, CAPACIDADE / VOLUME 2 X 500 LITROS, MOTORES ELÉTRICOS MÍNIMO 5 CV CADA, PARA NATA CIMENTO, ARGAMASSA E OUTROS - CHI DIURNO. AF_06/2015","CHI",5.43,90638,null,5.43,5.43]
[null,90644,"BOMBA TRIPLEX, PARA INJEÇÃO DE NATA DE CIMENTO, VAZÃO MÁXIMA DE 100 LITROS/MINUTO, PRESSÃO MÁXIMA DE 70 BAR - CHI DIURNO. AF_06/2015","CHI",8.1,90644,null,8.1,8.1]
[null,90651,"BOMBA CENTRÍFUGA MONOESTÁGIO COM MOTOR ELÉTRICO MONOFÁSICO, POTÊNCIA 15 HP, DIÂMETRO DO ROTOR 173 MM, HM/Q = 30 MCA / 90 M3/H A 45 MCA / 55 M3/H - CHI DIURNO. AF_06/2015","CHI",0.97,90651,null,0.97,0.97]
[null,90657,"BOMBA DE PROJEÇÃO DE CONCRETO SECO, POTÊNCIA 10 CV, VAZÃO 3 M3/H - CHI DIURNO. AF_06/2015","CHI",5.27,90657,null,5.27,5.27]
[null,90663,"BOMBA DE PROJEÇÃO DE CONCRETO SECO, POTÊNCIA 10 CV, VAZÃO 6 M3/H - CHI DIURNO. AF_06/2015","CHI",5.65,90663,null,5.65,5.65]
[null,90669,"PROJETOR PNEUMÁTICO DE ARGAMASSA PARA CHAPISCO E REBOCO COM RECIPIENTE ACOPLADO, TIPO CANEQUINHA, COM COMPRESSOR DE AR REBOCÁVEL VAZÃO 89 PCM E MOTOR DIESEL DE 20 CV - CHI DIURNO. AF_05/2023","CHI",9.0399999999999991,90669,null,9.0399999999999991,9.0399999999999991]
[null,90675,"PERFURATRIZ COM TORRE METÁLICA PARA EXECUÇÃO DE ESTACA HÉLICE CONTÍNUA, PROFUNDIDADE MÁXIMA DE 30 M, DIÂMETRO MÁXIMO DE 800 MM, POTÊNCIA INSTALADA DE 268 HP, MESA ROTATIVA COM TORQUE MÁXIMO DE 170 KNM - CHI DIURNO. AF_06/2015","CHI",324.19,90675,null,321.87,324.19]
[null,90681,"PERFURATRIZ HIDRÁULICA SOBRE CAMINHÃO COM TRADO CURTO ACOPLADO, PROFUNDIDADE MÁXIMA DE 20 M, DIÂMETRO MÁXIMO DE 1500 MM, POTÊNCIA INSTALADA DE 137 HP, MESA ROTATIVA COM TORQUE MÁXIMO DE 30 KNM - CHI DIURNO. AF_06/2015","CHI",160.63999999999999,90681,null,158.32,160.63999999999999]
[null,90687,"MANIPULADOR TELESCÓPICO, POTÊNCIA DE 85 HP, CAPACIDADE DE CARGA DE 3.500 KG, ALTURA MÁXIMA DE ELEVAÇÃO DE 12,3 M - CHI DIURNO. AF_05/2023","CHI",69.959999999999994,90687,null,67.7,69.959999999999994]
[null,90693,"MINICARREGADEIRA SOBRE RODAS, POTÊNCIA LÍQUIDA DE 47 HP, CAPACIDADE NOMINAL DE OPERAÇÃO DE 646 KG - CHI DIURNO. AF_06/2015","CHI",55.86,90693,null,53.6,55.86]
[null,90965,"COMPRESSOR DE AR REBOCÁVEL, VAZÃO 89 PCM, PRESSÃO EFETIVA DE TRABALHO 102 PSI, MOTOR DIESEL, POTÊNCIA 20 CV - CHI DIURNO. AF_06/2015","CHI",9,90965,null,9,9]
[null,90973,"COMPRESSOR DE AR REBOCAVEL, VAZÃO 250 PCM, PRESSAO DE TRABALHO 102 PSI, MOTOR A DIESEL POTÊNCIA 81 CV - CHI DIURNO. AF_06/2015","CHI",9.0299999999999994,90973,null,9.0299999999999994,9.0299999999999994]
[null,90982,"COMPRESSOR DE AR REBOCÁVEL, VAZÃO 748 PCM, PRESSÃO EFETIVA DE TRABALHO 102 PSI, MOTOR DIESEL, POTÊNCIA 210 CV - CHI DIURNO. AF_06/2015","CHI",22.94,90982,null,22.94,22.94]
[null,91001,"COMPRESSOR DE AR REBOCAVEL, VAZÃO 400 PCM, PRESSAO DE TRABALHO 102 PSI, MOTOR A DIESEL POTÊNCIA 110 CV - CHI DIURNO. AF_06/2015","CHI",10.71,91001,null,10.71,10.71]
[null,91032,"CAMINHÃO TRUCADO (C/ TERCEIRO EIXO) ELETRÔNICO - POTÊNCIA 231CV - PBT = 22000KG - DIST. ENTRE EIXOS 5170 MM - INCLUI CARROCERIA FIXA ABERTA DE MADEIRA - CHI DIURNO. AF_06/2015","CHI",70.2,91032,null,66.61,70.2]
[null,91278,"PLACA VIBRATÓRIA REVERSÍVEL COM MOTOR 4 TEMPOS A GASOLINA, FORÇA CENTRÍFUGA DE 25 KN (2500 KGF), POTÊNCIA 5,5 CV - CHI DIURNO. AF_08/2015","CHI",0.76,91278,null,0.76,0.76]
[null,91285,"CORTADORA DE PISO COM MOTOR 4 TEMPOS A GASOLINA, POTÊNCIA DE 13 HP, COM DISCO DE CORTE DIAMANTADO SEGMENTADO PARA CONCRETO, DIÂMETRO DE 350 MM, FURO DE 1\" (14 X 1\") - CHI DIURNO. AF_08/2015","CHI",1.1200000000000001,91285,null,1.1200000000000001,1.1200000000000001]
[null,91387,"CAMINHÃO BASCULANTE 10 M3, TRUCADO CABINE SIMPLES, PESO BRUTO TOTAL 23.000 KG, CARGA ÚTIL MÁXIMA 15.935 KG, DISTÂNCIA ENTRE EIXOS 4,80 M, POTÊNCIA 230 CV INCLUSIVE CAÇAMBA METÁLICA - CHI DIURNO. AF_06/2014","CHI",77.47,91387,null,73.739999999999995,77.47]
[null,91395,"CAMINHÃO TOCO, PBT 14.300 KG, CARGA ÚTIL MÁX. 9.710 KG, DIST. ENTRE EIXOS 3,56 M, POTÊNCIA 185 CV, INCLUSIVE CARROCERIA FIXA ABERTA DE MADEIRA P/ TRANSPORTE GERAL DE CARGA SECA, DIMEN. APROX. 2,50 X 6,50 X 0,50 M - CHI DIURNO. AF_06/2014","CHI",61.51,91395,null,57.92,61.51]
[null,91486,"ESPARGIDOR DE ASFALTO PRESSURIZADO, TANQUE 6 M3 COM ISOLAÇÃO TÉRMICA, AQUECIDO COM 2 MAÇARICOS, COM BARRA ESPARGIDORA 3,60 M, MONTADO SOBRE CAMINHÃO  TOCO, PBT 14.300 KG, POTÊNCIA 185 CV - CHI DIURNO. AF_05/2023","CHI",70.97,91486,null,67.38,70.97]
[null,91534,"COMPACTADOR DE SOLOS DE PERCUSSÃO (SOQUETE) COM MOTOR A GASOLINA 4 TEMPOS, POTÊNCIA 4 CV - CHI DIURNO. AF_08/2015","CHI",22.83,91534,null,20.51,22.83]
[null,91635,"GUINDAUTO HIDRÁULICO, CAPACIDADE MÁXIMA DE CARGA 6500 KG, MOMENTO MÁXIMO DE CARGA 5,8 TM, ALCANCE MÁXIMO HORIZONTAL 7,60 M, INCLUSIVE CAMINHÃO TOCO PBT 9.700 KG, POTÊNCIA DE 160 CV - CHI DIURNO. AF_08/2015","CHI",68.25,91635,null,64.150000000000006,68.25]
[null,91646,"CAMINHÃO DE TRANSPORTE DE MATERIAL ASFÁLTICO 30.000 L, COM CAVALO MECÂNICO DE CAPACIDADE MÁXIMA DE TRAÇÃO COMBINADO DE 66.000 KG, POTÊNCIA 360 CV, INCLUSIVE TANQUE DE ASFALTO COM SERPENTINA - CHI DIURNO. AF_08/2015","CHI",103.14,91646,null,98.68,103.14]
[null,91693,"SERRA CIRCULAR DE BANCADA COM MOTOR ELÉTRICO POTÊNCIA DE 5HP, COM COIFA PARA DISCO 10\" - CHI DIURNO. AF_08/2015","CHI",21.84,91693,null,19.52,21.84]
[null,92044,"DISTRIBUIDOR DE AGREGADOS REBOCAVEL, CAPACIDADE 1,9 M³, LARGURA DE TRABALHO 3,66 M - CHI DIURNO. AF_11/2015","CHI",7.8,92044,null,7.8,7.8]
[null,92107,"CAMINHÃO PARA EQUIPAMENTO DE LIMPEZA A SUCÇÃO COM CAMINHÃO TRUCADO DE PESO BRUTO TOTAL 23000 KG, CARGA ÚTIL MÁXIMA 15935 KG, DISTÂNCIA ENTRE EIXOS 4,80 M, POTÊNCIA 230 CV, INCLUSIVE LIMPADORA A SUCÇÃO, TANQUE 12000 L - CHI DIURNO. AF_05/2023","CHI",96.05,92107,null,92.46,96.05]
[null,92113,"PENEIRA ROTATIVA COM MOTOR ELÉTRICO TRIFÁSICO DE 2 CV, CILINDRO DE 1 M X 0,60 M, COM FUROS DE 3,17 MM - CHI DIURNO. AF_05/2023","CHI",1.26,92113,null,1.26,1.26]
[null,92119,"DOSADOR DE AREIA, CAPACIDADE DE 26 LITROS - CHI DIURNO. AF_05/2023","CHI",0.31,92119,null,0.31,0.31]
[null,92139,"CAMINHONETE COM MOTOR A DIESEL, POTÊNCIA 180 CV, CABINE DUPLA, 4X4 - CHI DIURNO. AF_11/2015","CHI",45.19,92139,null,42.2,45.19]
[null,92146,"CAMINHONETE CABINE SIMPLES COM MOTOR 1.6 FLEX, CÂMBIO MANUAL, POTÊNCIA 101/104 CV, 2 PORTAS - CHI DIURNO. AF_11/2015","CHI",33.619999999999997,92146,null,30.63,33.619999999999997]
[null,92243,"CAMINHÃO DE TRANSPORTE DE MATERIAL ASFÁLTICO 20.000 L, COM CAVALO MECÂNICO DE CAPACIDADE MÁXIMA DE TRAÇÃO COMBINADO DE 45.000 KG, POTÊNCIA 330 CV, INCLUSIVE TANQUE DE ASFALTO COM MAÇARICO - CHI DIURNO. AF_12/2015","CHI",85.42,92243,null,80.959999999999994,85.42]
[null,92717,"APARELHO PARA CORTE E SOLDA OXI-ACETILENO SOBRE RODAS, INCLUSIVE CILINDROS E MAÇARICOS - CHI DIURNO. AF_05/2023","CHI",0.28000000000000003,92717,null,0.28000000000000003,0.28000000000000003]
[null,92961,"MÁQUINA EXTRUSORA DE CONCRETO PARA GUIAS E SARJETAS, MOTOR A DIESEL, POTÊNCIA 14 CV - CHI DIURNO. AF_12/2015","CHI",5.29,92961,null,5.29,5.29]
[null,92967,"MARTELO PERFURADOR PNEUMÁTICO MANUAL, HASTE 25 X 75 MM, 21 KG - CHI DIURNO. AF_12/2015","CHI",21.57,92967,null,19.61,21.57]
[null,93225,"PERFURATRIZ COM TORRE METÁLICA PARA EXECUÇÃO DE ESTACA HÉLICE CONTÍNUA, PROFUNDIDADE MÁXIMA DE 32 M, DIÂMETRO MÁXIMO DE 1000 MM, POTÊNCIA INSTALADA DE 350 HP, MESA ROTATIVA COM TORQUE MÁXIMO DE 263 KNM - CHI DIURNO. AF_01/2016","CHI",485.52,93225,null,483.2,485.52]
[null,93234,"BETONEIRA CAPACIDADE NOMINAL 400 L, CAPACIDADE DE MISTURA 310 L, MOTOR A GASOLINA POTÊNCIA 5,5 HP, SEM CARREGADOR - CHI DIURNO. AF_02/2016","CHI",0.54,93234,null,0.54,0.54]
[null,93244,"ROLO COMPACTADOR VIBRATÓRIO PÉ DE CARNEIRO PARA SOLOS, POTÊNCIA 80 HP, PESO OPERACIONAL SEM/COM LASTRO 7,4 / 8,8 T, LARGURA DE TRABALHO 1,68 M - CHI DIURNO. AF_02/2016","CHI",63.54,93244,null,61.3,63.54]
[null,93274,"GRUA ASCENSIONAL, LANÇA DE 30 M, CAPACIDADE DE 1,0 T A 30 M, ALTURA ATÉ 39 M - CHI DIURNO. AF_05/2023","CHI",62.01,93274,null,59.26,62.01]
[null,93282,"GUINCHO ELÉTRICO DE COLUNA, CAPACIDADE 400 KG, COM MOTO FREIO, MOTOR TRIFÁSICO DE 1,25 CV - CHI DIURNO. AF_03/2016","CHI",21.34,93282,null,19.13,21.34]
[null,93288,"GUINDASTE HIDRÁULICO AUTOPROPELIDO, COM LANÇA TELESCÓPICA 40 M, CAPACIDADE MÁXIMA 60 T, POTÊNCIA 260 KW - CHI DIURNO. AF_03/2016","CHI",175.18,93288,null,172.43,175.18]
[null,93403,"GUINDAUTO HIDRÁULICO, CAPACIDADE MÁXIMA DE CARGA 3300 KG, MOMENTO MÁXIMO DE CARGA 5,8 TM, ALCANCE MÁXIMO HORIZONTAL 7,60 M, INCLUSIVE CAMINHÃO TOCO PBT 16.000 KG, POTÊNCIA DE 189 CV - CHI DIURNO. AF_03/2016","CHI",73.58,93403,null,69.48,73.58]
[null,93409,"MÁQUINA JATO DE PRESSAO PORTÁTIL, CAMARA DE 1 SAIDA, CAPACIDADE 280 L, DIAMETRO 670 MM, BICO DE JATO CURTO VENTURI DE 5/16\" , MANGUEIRA DE 1\" COM COMPRESSOR DE AR REBOCÁVEL 189 PCM E MOTOR DIESEL 63 CV - CHI DIURNO. AF_05/2023","CHI",28.62,93409,null,26.69,28.62]
[null,93416,"GERADOR PORTÁTIL MONOFÁSICO, POTÊNCIA 5500 VA, MOTOR A GASOLINA, POTÊNCIA DO MOTOR 13 CV - CHI DIURNO. AF_03/2016","CHI",0.46,93416,null,0.46,0.46]
[null,93422,"GRUPO GERADOR REBOCÁVEL, POTÊNCIA 66 KVA, MOTOR A DIESEL - CHI DIURNO. AF_03/2016","CHI",6.07,93422,null,6.07,6.07]
[null,93428,"GRUPO GERADOR ESTACIONÁRIO, POTÊNCIA 150 KVA, MOTOR A DIESEL- CHI DIURNO. AF_03/2016","CHI",8.6,93428,null,8.6,8.6]
[null,93434,"USINA DE MISTURA ASFÁLTICA À QUENTE, TIPO CONTRA FLUXO, PROD 40 A 80 TON/HORA - CHI DIURNO. AF_05/2023","CHI",{"$f":"IF($K$2=$H$1,H771,I771)","v":315.75},{"$f":"IF(LEN($B771)=7,CONCATENATE(MID($B771,1,6),\"00\",RIGHT($B771,1)),IF(LEN($B771)=8,CONCATENATE(MID($B771,1,6),\"0\",RIGHT($B771,2)),$B771))","v":93434},null,304.58999999999997,315.75]
[null,93440,"USINA DE ASFALTO À FRIO, CAPACIDADE DE 40 A 60 TON/HORA, ELÉTRICA POTÊNCIA 30 CV - CHI DIURNO. AF_05/2023","CHI",121.62,93440,null,110.46,121.62]
[null,95122,"USINA MISTURADORA DE SOLOS, CAPACIDADE DE 200 A 500 TON/H, POTENCIA 75KW - CHI DIURNO. AF_07/2016","CHI",204.48,95122,null,193.32,204.48]
[null,95128,"DISTRIBUIDOR DE AGREGADOS AUTOPROPELIDO, CAP 3 M3, A DIESEL, POTÊNCIA 176CV - CHI DIURNO. AF_07/2016","CHI",45.1,95128,null,42.78,45.1]
[null,95140,"TALHA MANUAL DE CORRENTE, CAPACIDADE DE 2 TON. COM ELEVAÇÃO DE 3 M - CHI DIURNO. AF_07/2016","CHI",0.04,95140,null,0.04,0.04]
[null,95213,"GRUA ASCENCIONAL, LANÇA DE 42 M, CAPACIDADE DE 1,5 T A 30 M, ALTURA ATÉ 39 M - CHI DIURNO. AF_05/2023","CHI",91.71,95213,null,88.96,91.71]
[null,95259,"MARTELO DEMOLIDOR PNEUMÁTICO MANUAL, 32 KG - CHI DIURNO. AF_09/2016","CHI",21.24,95259,null,19.28,21.24]
[null,95265,"COMPACTADOR DE SOLOS DE PERCUSÃO (SOQUETE) COM MOTOR A GASOLINA, POTÊNCIA 3 CV - CHI DIURNO. AF_09/2016","CHI",0.9,95265,null,0.9,0.9]
[null,95271,"RÉGUA VIBRATÓRIA DUPLA PARA CONCRETO, PESO DE 60KG, COMPRIMENTO 4 M, COM MOTOR A GASOLINA, POTÊNCIA 5,5 HP - CHI DIURNO. AF_09/2016","CHI",0.6,95271,null,0.6,0.6]
[null,95277,"POLIDORA DE PISO (POLITRIZ), PESO DE 100KG, DIÂMETRO 450 MM, MOTOR ELÉTRICO, POTÊNCIA 4 HP - CHI DIURNO. AF_05/2023","CHI",0.6,95277,null,0.6,0.6]
[null,95283,"DESEMPENADEIRA DE CONCRETO, PESO DE 78 KG, 4 PÁS, MOTOR A GASOLINA, POTÊNCIA 5,5 HP - CHI DIURNO. AF_05/2023","CHI",0.72,95283,null,0.72,0.72]
[null,95621,"PERFURATRIZ PNEUMATICA MANUAL DE PESO MEDIO, MARTELETE, 18KG, COMPRIMENTO MÁXIMO DE CURSO DE 6 M, DIAMETRO DO PISTAO DE 5,5 CM - CHI DIURNO. AF_11/2016","CHI",20.85,95621,null,18.89,20.85]
[null,95632,"ROLO COMPACTADOR VIBRATORIO TANDEM, ACO LISO, POTENCIA 125 HP, PESO SEM/COM LASTRO 10,20/11,65 T, LARGURA DE TRABALHO 1,73 M - CHI DIURNO. AF_11/2016","CHI",82.02,95632,null,79.78,82.02]
[null,95703,"PERFURATRIZ MANUAL, TORQUE MAXIMO 55 KGF.M, POTENCIA 5 CV, COM DIAMETRO MAXIMO 8 1/2\" - CHI DIURNO. AF_11/2016","CHI",28.84,95703,null,26.52,28.84]
[null,95709,"PERFURATRIZ SOBRE ESTEIRA, TORQUE MÁXIMO 600 KGF, POTÊNCIA ENTRE 50 E 60 HP, DIÂMETRO MÁXIMO 10\" - CHI DIURNO. AF_11/2016","CHI",89.42,95709,null,87.1,89.42]
[null,95721,"ESCAVADEIRA HIDRAULICA SOBRE ESTEIRA, EQUIPADA COM CLAMSHELL, COM CAPACIDADE DA CAÇAMBA ENTRE 1,20 E 1,50 M3, PESO OPERACIONAL ENTRE 20,00 E 22,00 TON, POTENCIA LIQUIDA ENTRE 150 E 160 HP - CHI DIURNO. AF_11/2016","CHI",105.36,95721,null,102.72,105.36]
[null,95873,"GRUPO GERADOR COM CARENAGEM, MOTOR DIESEL POTÊNCIA STANDART ENTRE 250 E 260 KVA - CHI DIURNO. AF_12/2016","CHI",13.75,95873,null,13.75,13.75]
[null,96014,"TRATOR DE PNEUS COM POTÊNCIA DE 122 CV, TRAÇÃO 4X4, COM VASSOURA MECÂNICA ACOPLADA - CHI DIURNO. AF_02/2017","CHI",51.5,96014,null,49.18,51.5]
[null,96021,"TRATOR DE PNEUS COM POTÊNCIA DE 122 CV, TRAÇÃO 4X4, COM GRADE DE DISCOS ACOPLADA - CHI DIURNO. AF_02/2017","CHI",51.25,96021,null,48.93,51.25]
[null,96029,"TRATOR DE PNEUS COM POTÊNCIA DE 85 CV, TRAÇÃO 4X4, COM GRADE DE DISCOS ACOPLADA - CHI DIURNO. AF_02/2017","CHI",44.49,96029,null,42.17,44.49]
[null,96036,"CAMINHÃO BASCULANTE 10 M3, TRUCADO, POTÊNCIA 230 CV, INCLUSIVE CAÇAMBA METÁLICA, COM DISTRIBUIDOR DE AGREGADOS ACOPLADO - CHI DIURNO. AF_02/2017","CHI",85.78,96036,null,82.05,85.78]
[null,96155,"TRATOR DE PNEUS COM POTÊNCIA DE 85 CV, TRAÇÃO 4X4, COM VASSOURA MECÂNICA ACOPLADA - CHI DIURNO. AF_02/2017","CHI",44.74,96155,null,42.42,44.74]
[null,96156,"MINICARREGADEIRA SOBRE RODAS POTENCIA 47HP CAPACIDADE OPERACAO 646 KG, COM VASSOURA MECÂNICA ACOPLADA - CHI DIURNO. AF_03/2017","CHI",60.55,96156,null,58.29,60.55]
[null,96159,"MÁQUINA DEMARCADORA DE FAIXA DE TRÁFEGO À FRIO, AUTOPROPELIDA, POTÊNCIA 38 HP - CHI DIURNO. AF_07/2016","CHI",86.64,96159,null,84.38,86.64]
[null,96246,"MINIESCAVADEIRA SOBRE ESTEIRAS, POTÊNCIA LÍQUIDA DE *30* HP, PESO OPERACIONAL DE *3.500* KG - CHI DIURNO. AF_04/2017","CHI",62.89,96246,null,60.25,62.89]
[null,96464,"ROLO COMPACTADOR DE PNEUS, ESTÁTICO, PRESSÃO VARIÁVEL, POTÊNCIA 110 HP, PESO SEM/COM LASTRO 10,8/27 T, LARGURA DE ROLAGEM 2,30 M - CHI DIURNO. AF_06/2017","CHI",88.65,96464,null,86.41,88.65]
[null,98765,"INVERSOR DE SOLDA MONOFÁSICO DE 160 A, POTÊNCIA DE 5400 W, TENSÃO DE 220 V, PARA SOLDA COM ELETRODOS DE 2,0 A 4,0 MM E PROCESSO TIG - CHI DIURNO. AF_06/2018","CHI",0.1,98765,null,0.1,0.1]
[null,99834,"LAVADORA DE ALTA PRESSAO (LAVA-JATO) PARA AGUA FRIA, PRESSAO DE OPERACAO ENTRE 1400 E 1900 LIB/POL2, VAZAO MAXIMA ENTRE 400 E 700 L/H - CHI DIURNO. AF_05/2023","CHI",0.24,99834,null,0.24,0.24]
[null,100642,"USINA DE MISTURA ASFÁLTICA À QUENTE, TIPO CONTRA FLUXO, PROD 100 A 140 TON/HORA - CHI DIURNO. AF_12/2019","CHI",281.43,100642,null,278.19,281.43]
[null,100648,"USINA DE ASFALTO, TIPO GRAVIMÉTRICA, PROD 150 TON/HORA - CHI DIURNO. AF_12/2019","CHI",564.32000000000005,100648,null,561.08000000000004,564.32000000000005]
[null,102274,"MARTELO DEMOLIDOR ELÉTRICO, COM POTÊNCIA DE 2.000 W, 1.000 IMPACTOS POR MINUTO, PESO DE 30 KG -  CHI DIURNO. AF_01/2021","CHI",20.149999999999999,102274,null,18.190000000000001,20.149999999999999]
[null,102875,"PERFURATRIZ HIDRÁULICA SOBRE ESTEIRA, TORQUE MÁXIMO 161 KNM, PROFUNDIDADE MÁXIMA 54 M, DIÂMETRO MÁXIMO 1500 MM, POTÊNCIA MOTOR 268 HP - CHI DIURNO. AF_04/2019","CHI",463.49,102875,null,461.17,463.49]
[null,102881,"PERFURATRIZ PARA EXECUÇÃO DE ESTACAS SECANTES, TIPO HÉLICE CONTÍNUA COM CABEÇOTE DUPLO E TUBO METÁLICO - CHI DIURNO. AF_04/2019","CHI",635.64,102881,null,633.32000000000005,635.64]
[null,102965,"PERFURATRIZ HIDRÁULICA SOBRE ESTEIRA, TORQUE MÁXIMO 98 KNM, PROFUNDIDADE MÁXIMA 25 M, DIÂMETRO MÁXIMO 115 MM, POTÊNCIA MOTOR 190 HP - CHI DIURNO. AF_02/2021","CHI",236.12,102965,null,233.8,236.12]
[null,102975,"PERFURATRIZ ROTATIVA SOBRE ESTEIRA, TORQUE MAXIMO 2500 KGM, POTENCIA 110 HP, MOTOR DIESEL - CHI DIURNO. AF_05/2017","CHI",136.82,102975,null,134.5,136.82]
[null,103225,"PERFURATRIZ PARA FURO DIRECIONAL HORIZONTAL (HDD) COM CAPACIDADE ATÉ 89 KN, POTÊNCIA 24,8 HP A 80 HP (INCLUSO FERRAMENTAS E LOCALIZADOR) - CHI DIURNO. AF_05/2023","CHI",209.46,103225,null,207.14,209.46]
[null,103231,"PERFURATRIZ PARA FURO DIRECIONAL HORIZONTAL (HDD) COM CAPACIDADE DE 90 KN A 200 KN, POTÊNCIA 100 HP A 160 HP (INCLUSO FERRAMENTAS E LOCALIZADOR) - CHI DIURNO. AF_05/2023","CHI",452.46,103231,null,450.14,452.46]
[null,103237,"PERFURATRIZ PARA FURO DIRECIONAL HORIZONTAL (HDD) COM CAPACIDADE DE 201 KN A 560 KN, POTÊNCIA 200 HP A 260 HP (INCLUSO FERRAMENTAS E LOCALIZADOR) - CHI DIURNO. AF_05/2023","CHI",610.77,103237,null,608.45000000000005,610.77]
[null,104092,"TERMOFUSORA PARA TUBOS E CONEXÕES EM PPR COM DIÂMETROS DE 20 A 63 MM, POTÊNCIA DE 800 W, TENSAO 220 V - CHI DIURNO. AF_05/2022","CHI",7.0000000000000007E-2,104092,null,7.0000000000000007E-2,7.0000000000000007E-2]
[null,104098,"TERMOFUSORA PARA TUBOS E CONEXÕES EM PPR COM DIÂMETROS DE 75 A 110 MM, POTÊNCIA DE *1100* W, TENSÃO 220 V - CHI DIURNO. AF_05/2022","CHI",0.11,104098,null,0.11,0.11]
[null,104696,"PERFURATRIZ DE COROA DIAMANTADA PARA CONCRETO, DIÂMETRO ATÉ 250 MM, MOTOR ELÉTRICO 220 V, POTÊNCIA 2.500 W - CHI DIURNO. AF_05/2023","CHI",22.88,104696,null,20.56,22.88]
[null,104717,"ESCAVADEIRA HIDRÁULICA DE BRAÇO LONGO (LONGO ALCANCE) SOBRE ESTEIRAS, CAÇAMBA 0,52 M3, PESO OPERACIONAL 24 T, POTÊNCIA LÍQUIDA 155 HP - CHI DIURNO. AF_06/2023","CHI",100.48,104717,null,97.84,100.48]
[null,5089,"ROLO COMPACTADOR VIBRATÓRIO PÉ DE CARNEIRO PARA SOLOS, POTÊNCIA 80 HP, PESO OPERACIONAL SEM/COM LASTRO 7,4 / 8,8 T, LARGURA DE TRABALHO 1,68 M - MANUTENÇÃO. AF_02/2016","H",41.71,5089,null,41.71,41.71]
[null,5627,"ESCAVADEIRA HIDRÁULICA SOBRE ESTEIRAS, CAÇAMBA 0,80 M3, PESO OPERACIONAL 17 T, POTENCIA BRUTA 111 HP - DEPRECIAÇÃO. AF_06/2014","H",46.35,5627,null,46.35,46.35]
[null,5628,"ESCAVADEIRA HIDRÁULICA SOBRE ESTEIRAS, CAÇAMBA 0,80 M3, PESO OPERACIONAL 17 T, POTENCIA BRUTA 111 HP - JUROS. AF_06/2014","H",12.25,5628,null,12.25,12.25]
[null,5629,"ESCAVADEIRA HIDRÁULICA SOBRE ESTEIRAS, CAÇAMBA 0,80 M3, PESO OPERACIONAL 17 T, POTENCIA BRUTA 111 HP - MANUTENÇÃO. AF_06/2014","H",57.94,5629,null,57.94,57.94]
[null,5630,"ESCAVADEIRA HIDRÁULICA SOBRE ESTEIRAS, CAÇAMBA 0,80 M3, PESO OPERACIONAL 17 T, POTENCIA BRUTA 111 HP - MATERIAIS NA OPERAÇÃO. AF_06/2014","H",67.2,5630,null,67.2,67.2]
[null,5658,"GRADE DE DISCO CONTROLE REMOTO REBOCÁVEL, COM 24 DISCOS 24\" X 6 MM COM PNEUS PARA TRANSPORTE - MANUTENÇÃO. AF_06/2014","H",2.23,5658,null,2.23,2.23]
[null,5664,"RETROESCAVADEIRA SOBRE RODAS COM CARREGADEIRA, TRAÇÃO 4X4, POTÊNCIA LÍQ. 88 HP, CAÇAMBA CARREG. CAP. MÍN. 1 M3, CAÇAMBA RETRO CAP. 0,26 M3, PESO OPERACIONAL MÍN. 6.674 KG, PROFUNDIDADE ESCAVAÇÃO MÁX. 4,37 M - MANUTENÇÃO. AF_06/2014","H",31.92,5664,null,31.92,31.92]
[null,5667,"RETROESCAVADEIRA SOBRE RODAS COM CARREGADEIRA, TRAÇÃO 4X2, POTÊNCIA LÍQ. 79 HP, CAÇAMBA CARREG. CAP. MÍN. 1 M3, CAÇAMBA RETRO CAP. 0,20 M3, PESO OPERACIONAL MÍN. 6.570 KG, PROFUNDIDADE ESCAVAÇÃO MÁX. 4,37 M - MANUTENÇÃO. AF_06/2014","H",28.39,5667,null,28.39,28.39]
[null,5668,"RETROESCAVADEIRA SOBRE RODAS COM CARREGADEIRA, TRAÇÃO 4X2, POTÊNCIA LÍQ. 79 HP, CAÇAMBA CARREG. CAP. MÍN. 1 M3, CAÇAMBA RETRO CAP. 0,20 M3, PESO OPERACIONAL MÍN. 6.570 KG, PROFUNDIDADE ESCAVAÇÃO MÁX. 4,37 M - MATERIAIS NA OPERAÇÃO. AF_06/2014","H",47.79,5668,null,47.79,47.79]
[null,5674,"ROLO COMPACTADOR VIBRATÓRIO DE UM CILINDRO AÇO LISO, POTÊNCIA 80 HP, PESO OPERACIONAL MÁXIMO 8,1 T, IMPACTO DINÂMICO 16,15 / 9,5 T, LARGURA DE TRABALHO 1,68 M - MANUTENÇÃO. AF_06/2014","H",40.11,5674,null,40.11,40.11]
[null,5692,"MOTOBOMBA CENTRÍFUGA, MOTOR A GASOLINA, POTÊNCIA 5,42 HP, BOCAIS 1 1/2\" X 1\", DIÂMETRO ROTOR 143 MM HM/Q = 6 MCA / 16,8 M3/H A 38 MCA / 6,6 M3/H - MANUTENÇÃO. AF_06/2014","H",0.24,5692,null,0.24,0.24]
[null,5693,"MOTOBOMBA CENTRÍFUGA, MOTOR A GASOLINA, POTÊNCIA 5,42 HP, BOCAIS 1 1/2\" X 1\", DIÂMETRO ROTOR 143 MM HM/Q = 6 MCA / 16,8 M3/H A 38 MCA / 6,6 M3/H - MATERIAIS NA OPERAÇÃO. AF_06/2014","H",21.19,5693,null,21.19,21.19]
[null,5695,"CAMINHÃO BASCULANTE 6 M3, PESO BRUTO TOTAL 16.000 KG, CARGA ÚTIL MÁXIMA 13.071 KG, DISTÂNCIA ENTRE EIXOS 4,80 M, POTÊNCIA 230 CV INCLUSIVE CAÇAMBA METÁLICA - MANUTENÇÃO. AF_06/2014","H",39.979999999999997,5695,null,39.979999999999997,39.979999999999997]
[null,5703,"USINA DE CONCRETO FIXA, CAPACIDADE NOMINAL DE 90 A 120 M3/H, SEM SILO - MATERIAIS NA OPERAÇÃO. AF_07/2016","H",25.22,5703,null,25.22,25.22]
[null,5705,"CAMINHÃO TOCO, PBT 16.000 KG, CARGA ÚTIL MÁX. 10.685 KG, DIST. ENTRE EIXOS 4,8 M, POTÊNCIA 189 CV, INCLUSIVE CARROCERIA FIXA ABERTA DE MADEIRA P/ TRANSPORTE GERAL DE CARGA SECA, DIMEN. APROX. 2,5 X 7,00 X 0,50 M - MANUTENÇÃO. AF_06/2014","H",38.46,5705,null,38.46,38.46]
[null,5707,"USINA MISTURADORA DE SOLOS, CAPACIDADE DE 200 A 500 TON/H, POTENCIA 75KW - MANUTENÇÃO. AF_07/2016","H",78.94,5707,null,78.94,78.94]
[null,5710,"VIBROACABADORA DE ASFALTO SOBRE ESTEIRAS, LARGURA DE PAVIMENTAÇÃO 1,90 M A 5,30 M, POTÊNCIA 105 HP CAPACIDADE 450 T/H - MANUTENÇÃO. AF_11/2014","H",138.41999999999999,5710,null,138.41999999999999,138.41999999999999]
[null,5711,"VIBROACABADORA DE ASFALTO SOBRE ESTEIRAS, LARGURA DE PAVIMENTAÇÃO 1,90 M A 5,30 M, POTÊNCIA 105 HP CAPACIDADE 450 T/H - MATERIAIS NA OPERAÇÃO. AF_11/2014","H",92.85,5711,null,92.85,92.85]
[null,5714,"TRATOR DE PNEUS, POTÊNCIA 85 CV, TRAÇÃO 4X4, PESO COM LASTRO DE 4.675 KG - MANUTENÇÃO. AF_06/2014","H",16,5714,null,16,16]
[null,5715,"TRATOR DE PNEUS, POTÊNCIA 85 CV, TRAÇÃO 4X4, PESO COM LASTRO DE 4.675 KG - MATERIAIS NA OPERAÇÃO. AF_06/2014","H",70.260000000000005,5715,null,70.260000000000005,70.260000000000005]
[null,5718,"TRATOR DE ESTEIRAS, POTÊNCIA 170 HP, PESO OPERACIONAL 19 T, CAÇAMBA 5,2 M3 - MATERIAIS NA OPERAÇÃO. AF_06/2014","H",110.82,5718,null,110.82,110.82]
[null,5721,"TRATOR DE ESTEIRAS, POTÊNCIA 150 HP, PESO OPERACIONAL 16,7 T, COM RODA MOTRIZ ELEVADA E LÂMINA 3,18 M3 - MATERIAIS NA OPERAÇÃO. AF_06/2014","H",97.78,5721,null,97.78,97.78]
[null,5722,"TRATOR DE ESTEIRAS, POTÊNCIA 347 HP, PESO OPERACIONAL 38,5 T, COM LÂMINA 8,70 M3 - MATERIAIS NA OPERAÇÃO. AF_06/2014","H",{"$f":"IF($K$2=$H$1,H835,I835)","v":226.13},{"$f":"IF(LEN($B835)=7,CONCATENATE(MID($B835,1,6),\"00\",RIGHT($B835,1)),IF(LEN($B835)=8,CONCATENATE(MID($B835,1,6),\"0\",RIGHT($B835,2)),$B835))","v":5722},null,226.13,226.13]
[null,5724,"TRATOR DE ESTEIRAS, POTÊNCIA 100 HP, PESO OPERACIONAL 9,4 T, COM LÂMINA 2,19 M3 - MANUTENÇÃO. AF_06/2014","H",60.04,5724,null,60.04,60.04]
[null,5727,"ROLO COMPACTADOR VIBRATÓRIO REBOCÁVEL, CILINDRO DE AÇO LISO, POTÊNCIA DE TRAÇÃO DE 65 CV, PESO 4,7 T, IMPACTO DINÂMICO 18,3 T, LARGURA DE TRABALHO 1,67 M - MANUTENÇÃO. AF_02/2016","H",12.1,5727,null,12.1,12.1]
[null,5729,"ROLO COMPACTADOR VIBRATÓRIO TANDEM AÇO LISO, POTÊNCIA 58 HP, PESO SEM/COM LASTRO 6,5 / 9,4 T, LARGURA DE TRABALHO 1,2 M - MANUTENÇÃO. AF_06/2014","H",49.26,5729,null,49.26,49.26]
[null,5730,"ROLO COMPACTADOR VIBRATÓRIO TANDEM AÇO LISO, POTÊNCIA 58 HP, PESO SEM/COM LASTRO 6,5 / 9,4 T, LARGURA DE TRABALHO 1,2 M - MATERIAIS NA OPERAÇÃO. AF_06/2014","H",42.61,5730,null,42.61,42.61]
[null,5735,"RETROESCAVADEIRA SOBRE RODAS COM CARREGADEIRA, TRAÇÃO 4X4, POTÊNCIA LÍQ. 72 HP, CAÇAMBA CARREG. CAP. MÍN. 0,79 M3, CAÇAMBA RETRO CAP. 0,18 M3, PESO OPERACIONAL MÍN. 7.140 KG, PROFUNDIDADE ESCAVAÇÃO MÁX. 4,50 M - MANUTENÇÃO. AF_06/2014","H",30.8,5735,null,30.8,30.8]
[null,5736,"RETROESCAVADEIRA SOBRE RODAS COM CARREGADEIRA, TRAÇÃO 4X4, POTÊNCIA LÍQ. 72 HP, CAÇAMBA CARREG. CAP. MÍN. 0,79 M3, CAÇAMBA RETRO CAP. 0,18 M3, PESO OPERACIONAL MÍN. 7.140 KG, PROFUNDIDADE ESCAVAÇÃO MÁX. 4,50 M - MATERIAIS NA OPERAÇÃO. AF_06/2014","H",43.55,5736,null,43.55,43.55]
[null,5738,"ROLO COMPACTADOR VIBRATÓRIO PÉ DE CARNEIRO, OPERADO POR CONTROLE REMOTO, POTÊNCIA 12,5 KW, PESO OPERACIONAL 1,675 T, LARGURA DE TRABALHO 0,85 M - DEPRECIAÇÃO. AF_02/2016","H",43.8,5738,null,43.8,43.8]
[null,5739,"ROLO COMPACTADOR VIBRATÓRIO PÉ DE CARNEIRO, OPERADO POR CONTROLE REMOTO, POTÊNCIA 12,5 KW, PESO OPERACIONAL 1,675 T, LARGURA DE TRABALHO 0,85 M - MANUTENÇÃO. AF_02/2016","H",54.81,5739,null,54.81,54.81]
[null,5741,"USINA DE LAMA ASFÁLTICA, PROD 30 A 50 T/H, SILO DE AGREGADO 7 M3, RESERVATÓRIOS PARA EMULSÃO E ÁGUA DE 2,3 M3 CADA, MISTURADOR TIPO PUG MILL A SER MONTADO SOBRE CAMINHÃO - MANUTENÇÃO. AF_10/2014","H",42.78,5741,null,42.78,42.78]
[null,5742,"USINA DE LAMA ASFÁLTICA, PROD 30 A 50 T/H, SILO DE AGREGADO 7 M3, RESERVATÓRIOS PARA EMULSÃO E ÁGUA DE 2,3 M3 CADA, MISTURADOR TIPO PUG MILL A SER MONTADO SOBRE CAMINHÃO - MATERIAIS NA OPERAÇÃO. AF_10/2014","H",28.76,5742,null,28.76,28.76]
[null,5747,"CAMINHÃO PIPA 6.000 L, PESO BRUTO TOTAL 13.000 KG, DISTÂNCIA ENTRE EIXOS 4,80 M, POTÊNCIA 189 CV INCLUSIVE TANQUE DE AÇO PARA TRANSPORTE DE ÁGUA, CAPACIDADE 6 M3 - MATERIAIS NA OPERAÇÃO. AF_06/2014","H",164.92,5747,null,164.92,164.92]
[null,5751,"CAMINHÃO TOCO, PESO BRUTO TOTAL 14.300 KG, CARGA ÚTIL MÁXIMA 9590 KG, DISTÂNCIA ENTRE EIXOS 4,76 M, POTÊNCIA 185 CV (NÃO INCLUI CARROCERIA) - MANUTENÇÃO. AF_06/2014","H",33.020000000000003,5751,null,33.020000000000003,33.020000000000003]
[null,5754,"CAMINHÃO TOCO, PESO BRUTO TOTAL 16.000 KG, CARGA ÚTIL MÁXIMA DE 10.685 KG, DISTÂNCIA ENTRE EIXOS 4,80 M, POTÊNCIA 189 CV EXCLUSIVE CARROCERIA - MANUTENÇÃO. AF_06/2014","H",36.26,5754,null,36.26,36.26]
[null,5763,"CAMINHÃO PIPA 10.000 L TRUCADO, PESO BRUTO TOTAL 23.000 KG, CARGA ÚTIL MÁXIMA 15.935 KG, DISTÂNCIA ENTRE EIXOS 4,8 M, POTÊNCIA 230 CV, INCLUSIVE TANQUE DE AÇO PARA TRANSPORTE DE ÁGUA - MANUTENÇÃO. AF_06/2014","H",51.62,5763,null,51.62,51.62]
[null,5765,"ESPARGIDOR DE ASFALTO PRESSURIZADO COM TANQUE DE 2500 L, REBOCÁVEL COM MOTOR A GASOLINA POTÊNCIA 3,4 HP - MANUTENÇÃO. AF_07/2014","H",4.6399999999999997,5765,null,4.6399999999999997,4.6399999999999997]
[null,5766,"ESPARGIDOR DE ASFALTO PRESSURIZADO COM TANQUE DE 2500 L, REBOCÁVEL COM MOTOR A GASOLINA POTÊNCIA 3,4 HP - MATERIAIS NA OPERAÇÃO. AF_07/2014","H",2.95,5766,null,2.95,2.95]
[null,5779,"MOTONIVELADORA POTÊNCIA BÁSICA LÍQUIDA (PRIMEIRA MARCHA) 125 HP, PESO BRUTO 13032 KG, LARGURA DA LÂMINA DE 3,7 M - MANUTENÇÃO. AF_06/2014","H",75.23,5779,null,75.23,75.23]
[null,5787,"PÁ CARREGADEIRA SOBRE RODAS, POTÊNCIA 197 HP, CAPACIDADE DA CAÇAMBA 2,5 A 3,5 M3, PESO OPERACIONAL 18338 KG - MATERIAIS NA OPERAÇÃO. AF_06/2014","H",73.38,5787,null,73.38,73.38]
[null,5797,"COMPRESSOR DE AR REBOCÁVEL, VAZÃO 189 PCM, PRESSÃO EFETIVA DE TRABALHO 102 PSI, MOTOR DIESEL, POTÊNCIA 63 CV - MANUTENÇÃO. AF_06/2015","H",6.65,5797,null,6.65,6.65]
[null,5800,"BOMBA SUBMERSÍVEL ELÉTRICA TRIFÁSICA, POTÊNCIA 2,96 HP, Ø ROTOR 144 MM SEMI-ABERTO, BOCAL DE SAÍDA Ø 2\", HM/Q = 2 MCA / 38,8 M3/H A 28 MCA / 5 M3/H - MANUTENÇÃO. AF_06/2014","H",0.38,5800,null,0.38,0.38]
[null,7032,"TANQUE DE ASFALTO ESTACIONÁRIO COM SERPENTINA, CAPACIDADE 30.000 L - DEPRECIAÇÃO. AF_05/2023","H",4.7,7032,null,4.7,4.7]
[null,7033,"TANQUE DE ASFALTO ESTACIONÁRIO COM SERPENTINA, CAPACIDADE 30.000 L - JUROS. AF_05/2023","H",1.63,7033,null,1.63,1.63]
[null,7034,"TANQUE DE ASFALTO ESTACIONÁRIO COM SERPENTINA, CAPACIDADE 30.000 L - MANUTENÇÃO. AF_05/2023","H",5.88,7034,null,5.88,5.88]
[null,7035,"TANQUE DE ASFALTO ESTACIONÁRIO COM SERPENTINA, CAPACIDADE 30.000 L - MATERIAIS NA OPERAÇÃO. AF_05/2023","H",267.45999999999998,7035,null,267.45999999999998,267.45999999999998]
[null,7038,"ROLO COMPACTADOR DE PNEUS ESTÁTICO, PRESSÃO VARIÁVEL, POTÊNCIA 111 HP, PESO SEM/COM LASTRO 9,5 / 26 T, LARGURA DE TRABALHO 1,90 M - DEPRECIAÇÃO. AF_07/2014","H",50.1,7038,null,50.1,50.1]
[null,7039,"ROLO COMPACTADOR DE PNEUS ESTÁTICO, PRESSÃO VARIÁVEL, POTÊNCIA 111 HP, PESO SEM/COM LASTRO 9,5 / 26 T, LARGURA DE TRABALHO 1,90 M - JUROS. AF_07/2014","H",13.44,7039,null,13.44,13.44]
[null,7040,"ROLO COMPACTADOR DE PNEUS ESTÁTICO, PRESSÃO VARIÁVEL, POTÊNCIA 111 HP, PESO SEM/COM LASTRO 9,5 / 26 T, LARGURA DE TRABALHO 1,90 M - MANUTENÇÃO. AF_07/2014","H",62.69,7040,null,62.69,62.69]
[null,7044,"MOTOBOMBA TRASH (PARA ÁGUA SUJA) AUTO ESCORVANTE, MOTOR GASOLINA DE 6,41 HP, DIÂMETROS DE SUCÇÃO X RECALQUE: 3\" X 3\", HM/Q = 10 MCA / 60 M3/H A 23 MCA / 0 M3/H - DEPRECIAÇÃO. AF_10/2014","H",0.27,7044,null,0.27,0.27]
[null,7045,"MOTOBOMBA TRASH (PARA ÁGUA SUJA) AUTO ESCORVANTE, MOTOR GASOLINA DE 6,41 HP, DIÂMETROS DE SUCÇÃO X RECALQUE: 3\" X 3\", HM/Q = 10 MCA / 60 M3/H A 23 MCA / 0 M3/H - JUROS. AF_10/2014","H",0.06,7045,null,0.06,0.06]
[null,7046,"MOTOBOMBA TRASH (PARA ÁGUA SUJA) AUTO ESCORVANTE, MOTOR GASOLINA DE 6,41 HP, DIÂMETROS DE SUCÇÃO X RECALQUE: 3\" X 3\", HM/Q = 10 MCA / 60 M3/H A 23 MCA / 0 M3/H - MANUTENÇÃO. AF_10/2014","H",0.3,7046,null,0.3,0.3]
[null,7047,"MOTOBOMBA TRASH (PARA ÁGUA SUJA) AUTO ESCORVANTE, MOTOR GASOLINA DE 6,41 HP, DIÂMETROS DE SUCÇÃO X RECALQUE: 3\" X 3\", HM/Q = 10 MCA / 60 M3/H A 23 MCA / 0 M3/H - MATERIAIS NA OPERAÇÃO. AF_10/2014","H",25,7047,null,25,25]
[null,7051,"ROLO COMPACTADOR PE DE CARNEIRO VIBRATORIO, POTENCIA 125 HP, PESO OPERACIONAL SEM/COM LASTRO 11,95 / 13,30 T, IMPACTO DINAMICO 38,5 / 22,5 T, LARGURA DE TRABALHO 2,15 M - DEPRECIAÇÃO. AF_06/2014","H",44.43,7051,null,44.43,44.43]
[null,7052,"ROLO COMPACTADOR PE DE CARNEIRO VIBRATORIO, POTENCIA 125 HP, PESO OPERACIONAL SEM/COM LASTRO 11,95 / 13,30 T, IMPACTO DINAMICO 38,5 / 22,5 T, LARGURA DE TRABALHO 2,15 M - JUROS. AF_06/2014","H",12,7052,null,12,12]
[null,7053,"ROLO COMPACTADOR PE DE CARNEIRO VIBRATORIO, POTENCIA 125 HP, PESO OPERACIONAL SEM/COM LASTRO 11,95 / 13,30 T, IMPACTO DINAMICO 38,5 / 22,5 T, LARGURA DE TRABALHO 2,15 M - MANUTENÇÃO. AF_06/2014","H",55.61,7053,null,55.61,55.61]
[null,7054,"ROLO COMPACTADOR PE DE CARNEIRO VIBRATORIO, POTENCIA 125 HP, PESO OPERACIONAL SEM/COM LASTRO 11,95 / 13,30 T, IMPACTO DINAMICO 38,5 / 22,5 T, LARGURA DE TRABALHO 2,15 M - MATERIAIS NA OPERAÇÃO. AF_06/2014","H",93.1,7054,null,93.1,93.1]
[null,7058,"CAMINHÃO BASCULANTE 6 M3 TOCO, PESO BRUTO TOTAL 16.000 KG, CARGA ÚTIL MÁXIMA 11.130 KG, DISTÂNCIA ENTRE EIXOS 5,36 M, POTÊNCIA 185 CV, INCLUSIVE CAÇAMBA METÁLICA - DEPRECIAÇÃO. AF_06/2014","H",22.94,7058,null,22.94,22.94]
[null,7059,"CAMINHÃO BASCULANTE 6 M3 TOCO, PESO BRUTO TOTAL 16.000 KG, CARGA ÚTIL MÁXIMA 11.130 KG, DISTÂNCIA ENTRE EIXOS 5,36 M, POTÊNCIA 185 CV, INCLUSIVE CAÇAMBA METÁLICA - JUROS. AF_06/2014","H",8.83,7059,null,8.83,8.83]
[null,7060,"CAMINHÃO BASCULANTE 6 M3 TOCO, PESO BRUTO TOTAL 16.000 KG, CARGA ÚTIL MÁXIMA 11.130 KG, DISTÂNCIA ENTRE EIXOS 5,36 M, POTÊNCIA 185 CV, INCLUSIVE CAÇAMBA METÁLICA - MANUTENÇÃO. AF_06/2014","H",41.36,7060,null,41.36,41.36]
[null,7061,"CAMINHÃO BASCULANTE 6 M3 TOCO, PESO BRUTO TOTAL 16.000 KG, CARGA ÚTIL MÁXIMA 11.130 KG, DISTÂNCIA ENTRE EIXOS 5,36 M, POTÊNCIA 185 CV, INCLUSIVE CAÇAMBA METÁLICA - MATERIAIS NA OPERAÇÃO. AF_06/2014","H",84.98,7061,null,84.98,84.98]
[null,7063,"TRATOR DE PNEUS, POTÊNCIA 122 CV, TRAÇÃO 4X4, PESO COM LASTRO DE 4.510 KG - DEPRECIAÇÃO. AF_06/2014","H",19.96,7063,null,19.96,19.96]
[null,7064,"TRATOR DE PNEUS, POTÊNCIA 122 CV, TRAÇÃO 4X4, PESO COM LASTRO DE 4.510 KG - JUROS. AF_06/2014","H",5.39,7064,null,5.39,5.39]
[null,7065,"TRATOR DE PNEUS, POTÊNCIA 122 CV, TRAÇÃO 4X4, PESO COM LASTRO DE 4.510 KG - MANUTENÇÃO. AF_06/2014","H",21.83,7065,null,21.83,21.83]
[null,7066,"TRATOR DE PNEUS, POTÊNCIA 122 CV, TRAÇÃO 4X4, PESO COM LASTRO DE 4.510 KG - MATERIAIS NA OPERAÇÃO. AF_06/2014","H",100.83,7066,null,100.83,100.83]
[null,53786,"RETROESCAVADEIRA SOBRE RODAS COM CARREGADEIRA, TRAÇÃO 4X4, POTÊNCIA LÍQ. 88 HP, CAÇAMBA CARREG. CAP. MÍN. 1 M3, CAÇAMBA RETRO CAP. 0,26 M3, PESO OPERACIONAL MÍN. 6.674 KG, PROFUNDIDADE ESCAVAÇÃO MÁX. 4,37 M - MATERIAIS NA OPERAÇÃO. AF_06/2014","H",53.22,53786,null,53.22,53.22]
[null,53788,"ROLO COMPACTADOR VIBRATÓRIO DE UM CILINDRO AÇO LISO, POTÊNCIA 80 HP, PESO OPERACIONAL MÁXIMO 8,1 T, IMPACTO DINÂMICO 16,15 / 9,5 T, LARGURA DE TRABALHO 1,68 M - MATERIAIS NA OPERAÇÃO. AF_06/2014","H",59.59,53788,null,59.59,59.59]
[null,53792,"CAMINHÃO BASCULANTE 6 M3, PESO BRUTO TOTAL 16.000 KG, CARGA ÚTIL MÁXIMA 13.071 KG, DISTÂNCIA ENTRE EIXOS 4,80 M, POTÊNCIA 230 CV INCLUSIVE CAÇAMBA METÁLICA - MATERIAIS NA OPERAÇÃO. AF_06/2014","H",105.64,53792,null,105.64,105.64]
[null,53794,"USINA DE CONCRETO FIXA, CAPACIDADE NOMINAL DE 90 A 120 M3/H, SEM SILO - MANUTENÇÃO. AF_07/2016","H",35.619999999999997,53794,null,35.619999999999997,35.619999999999997]
[null,53797,"CAMINHÃO TOCO, PBT 16.000 KG, CARGA ÚTIL MÁX. 10.685 KG, DIST. ENTRE EIXOS 4,8 M, POTÊNCIA 189 CV, INCLUSIVE CARROCERIA FIXA ABERTA DE MADEIRA P/ TRANSPORTE GERAL DE CARGA SECA, DIMEN. APROX. 2,5 X 7,00 X 0,50 M - MATERIAIS NA OPERAÇÃO. AF_06/2014","H",121.49,53797,null,121.49,121.49]
[null,53804,"VASSOURA MECÂNICA REBOCÁVEL COM ESCOVA CILÍNDRICA, LARGURA ÚTIL DE VARRIMENTO DE 2,44 M - MANUTENÇÃO. AF_06/2014","H",4.6399999999999997,53804,null,4.6399999999999997,4.6399999999999997]
[null,53806,"TRATOR DE ESTEIRAS, POTÊNCIA 170 HP, PESO OPERACIONAL 19 T, CAÇAMBA 5,2 M3 - MANUTENÇÃO. AF_06/2014","H",77.36,53806,null,77.36,77.36]
[null,53810,"TRATOR DE ESTEIRAS, POTÊNCIA 150 HP, PESO OPERACIONAL 16,7 T, COM RODA MOTRIZ ELEVADA E LÂMINA 3,18 M3 - MANUTENÇÃO. AF_06/2014","H",77.84,53810,null,77.84,77.84]
[null,53814,"TRATOR DE ESTEIRAS, POTÊNCIA 347 HP, PESO OPERACIONAL 38,5 T, COM LÂMINA 8,70 M3 - MANUTENÇÃO. AF_06/2014","H",254.96,53814,null,254.96,254.96]
[null,53817,"TRATOR DE ESTEIRAS, POTÊNCIA 100 HP, PESO OPERACIONAL 9,4 T, COM LÂMINA 2,19 M3 - MATERIAIS NA OPERAÇÃO. AF_06/2014","H",65.14,53817,null,65.14,65.14]
[null,53818,"ROLO COMPACTADOR VIBRATÓRIO REBOCÁVEL, CILINDRO DE AÇO LISO, POTÊNCIA DE TRAÇÃO DE 65 CV, PESO 4,7 T, IMPACTO DINÂMICO 18,3 T, LARGURA DE TRABALHO 1,67 M - DEPRECIAÇÃO. AF_02/2016","H",9.67,53818,null,9.67,9.67]
[null,53827,"CAMINHÃO TOCO, PESO BRUTO TOTAL 14.300 KG, CARGA ÚTIL MÁXIMA 9590 KG, DISTÂNCIA ENTRE EIXOS 4,76 M, POTÊNCIA 185 CV (NÃO INCLUI CARROCERIA) - MATERIAIS NA OPERAÇÃO. AF_06/2014","H",118.93,53827,null,118.93,118.93]
[null,53829,"CAMINHÃO TOCO, PESO BRUTO TOTAL 16.000 KG, CARGA ÚTIL MÁXIMA DE 10.685 KG, DISTÂNCIA ENTRE EIXOS 4,80 M, POTÊNCIA 189 CV EXCLUSIVE CARROCERIA - MATERIAIS NA OPERAÇÃO. AF_06/2014","H",121.49,53829,null,121.49,121.49]
[null,53831,"CAMINHÃO PIPA 10.000 L TRUCADO, PESO BRUTO TOTAL 23.000 KG, CARGA ÚTIL MÁXIMA 15.935 KG, DISTÂNCIA ENTRE EIXOS 4,8 M, POTÊNCIA 230 CV, INCLUSIVE TANQUE DE AÇO PARA TRANSPORTE DE ÁGUA - MATERIAIS NA OPERAÇÃO. AF_06/2014","H",200.67,53831,null,200.67,200.67]
[null,53840,"GRADE DE DISCO REBOCÁVEL COM 20 DISCOS 24\" X 6 MM COM PNEUS PARA TRANSPORTE - DEPRECIAÇÃO. AF_06/2014","H",2.52,53840,null,2.52,2.52]
[null,53841,"GRADE DE DISCO REBOCÁVEL COM 20 DISCOS 24\" X 6 MM COM PNEUS PARA TRANSPORTE - MANUTENÇÃO. AF_06/2014","H",1.75,53841,null,1.75,1.75]
[null,53849,"MOTONIVELADORA POTÊNCIA BÁSICA LÍQUIDA (PRIMEIRA MARCHA) 125 HP, PESO BRUTO 13032 KG, LARGURA DA LÂMINA DE 3,7 M - MATERIAIS NA OPERAÇÃO. AF_06/2014","H",87.29,53849,null,87.29,87.29]
[null,53857,"PÁ CARREGADEIRA SOBRE RODAS, POTÊNCIA LÍQUIDA 128 HP, CAPACIDADE DA CAÇAMBA 1,7 A 2,8 M3, PESO OPERACIONAL 11632 KG - MANUTENÇÃO. AF_06/2014","H",46.55,53857,null,46.55,46.55]
[null,53858,"PÁ CARREGADEIRA SOBRE RODAS, POTÊNCIA LÍQUIDA 128 HP, CAPACIDADE DA CAÇAMBA 1,7 A 2,8 M3, PESO OPERACIONAL 11632 KG - MATERIAIS NA OPERAÇÃO. AF_06/2014","H",47.67,53858,null,47.67,47.67]
[null,53861,"PÁ CARREGADEIRA SOBRE RODAS, POTÊNCIA 197 HP, CAPACIDADE DA CAÇAMBA 2,5 A 3,5 M3, PESO OPERACIONAL 18338 KG - MANUTENÇÃO. AF_06/2014","H",64.540000000000006,53861,null,64.540000000000006,64.540000000000006]
[null,53863,"MARTELETE OU ROMPEDOR PNEUMÁTICO MANUAL, 28 KG, COM SILENCIADOR - MANUTENÇÃO. AF_07/2016","H",{"$f":"IF($K$2=$H$1,H899,I899)","v":2.4500000000000002},{"$f":"IF(LEN($B899)=7,CONCATENATE(MID($B899,1,6),\"00\",RIGHT($B899,1)),IF(LEN($B899)=8,CONCATENATE(MID($B899,1,6),\"0\",RIGHT($B899,2)),$B899))","v":53863},null,2.4500000000000002,2.4500000000000002]
[null,53865,"COMPRESSOR DE AR REBOCÁVEL, VAZÃO 189 PCM, PRESSÃO EFETIVA DE TRABALHO 102 PSI, MOTOR DIESEL, POTÊNCIA 63 CV - MATERIAIS NA OPERAÇÃO. AF_06/2015","H",49.17,53865,null,49.17,49.17]
[null,53866,"BOMBA SUBMERSÍVEL ELÉTRICA TRIFÁSICA, POTÊNCIA 2,96 HP, Ø ROTOR 144 MM SEMI-ABERTO, BOCAL DE SAÍDA Ø 2\", HM/Q = 2 MCA / 38,8 M3/H A 28 MCA / 5 M3/H - MATERIAIS NA OPERAÇÃO. AF_06/2014","H",2.0299999999999998,53866,null,2.0299999999999998,2.0299999999999998]
[null,53882,"CAMINHÃO PIPA 6.000 L, PESO BRUTO TOTAL 13.000 KG, DISTÂNCIA ENTRE EIXOS 4,80 M, POTÊNCIA 189 CV INCLUSIVE TANQUE DE AÇO PARA TRANSPORTE DE ÁGUA, CAPACIDADE 6 M3 - MANUTENÇÃO. AF_06/2014","H",36.880000000000003,53882,null,36.880000000000003,36.880000000000003]
[null,55263,"ROLO COMPACTADOR DE PNEUS ESTÁTICO, PRESSÃO VARIÁVEL, POTÊNCIA 111 HP, PESO SEM/COM LASTRO 9,5 / 26 T, LARGURA DE TRABALHO 1,90 M - MATERIAIS NA OPERAÇÃO. AF_07/2014","H",67.2,55263,null,67.2,67.2]
[null,73303,"GRUPO GERADOR ESTACIONÁRIO, MOTOR DIESEL POTÊNCIA 170 KVA - DEPRECIAÇÃO. AF_02/2016","H",7.15,73303,null,7.15,7.15]
[null,73307,"GRUPO GERADOR ESTACIONÁRIO, MOTOR DIESEL POTÊNCIA 170 KVA - MANUTENÇÃO. AF_02/2016","H",6.38,73307,null,6.38,6.38]
[null,73309,"ROLO COMPACTADOR VIBRATÓRIO PÉ DE CARNEIRO PARA SOLOS, POTÊNCIA 80 HP, PESO OPERACIONAL SEM/COM LASTRO 7,4 / 8,8 T, LARGURA DE TRABALHO 1,68 M - DEPRECIAÇÃO. AF_02/2016","H",33.33,73309,null,33.33,33.33]
[null,73311,"GRUPO GERADOR ESTACIONÁRIO, MOTOR DIESEL POTÊNCIA 170 KVA - MATERIAIS NA OPERAÇÃO. AF_02/2016","H",185.76,73311,null,185.76,185.76]
[null,73313,"ROLO COMPACTADOR VIBRATÓRIO PÉ DE CARNEIRO PARA SOLOS, POTÊNCIA 80 HP, PESO OPERACIONAL SEM/COM LASTRO 7,4 / 8,8 T, LARGURA DE TRABALHO 1,68 M - JUROS. AF_02/2016","H",9,73313,null,9,9]
[null,73315,"ROLO COMPACTADOR VIBRATÓRIO PÉ DE CARNEIRO PARA SOLOS, POTÊNCIA 80 HP, PESO OPERACIONAL SEM/COM LASTRO 7,4 / 8,8 T, LARGURA DE TRABALHO 1,68 M - MATERIAIS NA OPERAÇÃO. AF_02/2016","H",59.59,73315,null,59.59,59.59]
[null,73335,"CAMINHÃO TOCO, PBT 14.300 KG, CARGA ÚTIL MÁX. 9.710 KG, DIST. ENTRE EIXOS 3,56 M, POTÊNCIA 185 CV, INCLUSIVE CARROCERIA FIXA ABERTA DE MADEIRA P/ TRANSPORTE GERAL DE CARGA SECA, DIMEN. APROX. 2,50 X 6,50 X 0,50 M - MANUTENÇÃO. AF_06/2014","H",35.07,73335,null,35.07,35.07]
[null,73340,"CAMINHÃO TOCO, PBT 14.300 KG, CARGA ÚTIL MÁX. 9.710 KG, DIST. ENTRE EIXOS 3,56 M, POTÊNCIA 185 CV, INCLUSIVE CARROCERIA FIXA ABERTA DE MADEIRA P/ TRANSPORTE GERAL DE CARGA SECA, DIMEN. APROX. 2,50 X 6,50 X 0,50 M - MATERIAIS NA OPERAÇÃO. AF_06/2014","H",161.41999999999999,73340,null,161.41999999999999,161.41999999999999]
[null,83361,"ESPARGIDOR DE ASFALTO PRESSURIZADO, TANQUE 6 M3 COM ISOLAÇÃO TÉRMICA, AQUECIDO COM 2 MAÇARICOS, COM BARRA ESPARGIDORA 3,60 M, MONTADO SOBRE CAMINHÃO  TOCO, PBT 14.300 KG, POTÊNCIA 185 CV - MANUTENÇÃO. AF_08/2015","H",42.81,83361,null,42.81,42.81]
[null,83761,"GRUPO DE SOLDAGEM COM GERADOR A DIESEL 60 CV PARA SOLDA ELÉTRICA, SOBRE 04 RODAS, COM MOTOR 4 CILINDROS 600 A - DEPRECIAÇÃO. AF_02/2016","H",9.52,83761,null,9.52,9.52]
[null,83762,"GRUPO DE SOLDAGEM COM GERADOR A DIESEL 60 CV PARA SOLDA ELÉTRICA, SOBRE 04 RODAS, COM MOTOR 4 CILINDROS 600 A - MANUTENÇÃO. AF_02/2016","H",8.5,83762,null,8.5,8.5]
[null,83763,"GRUPO DE SOLDAGEM COM GERADOR A DIESEL 60 CV PARA SOLDA ELÉTRICA, SOBRE 04 RODAS, COM MOTOR 4 CILINDROS 600 A - MATERIAIS NA OPERAÇÃO. AF_02/2016","H",52.35,83763,null,52.35,52.35]
[null,83764,"GRUPO DE SOLDAGEM COM GERADOR A DIESEL 60 CV PARA SOLDA ELÉTRICA, SOBRE 04 RODAS, COM MOTOR 4 CILINDROS 600 A - JUROS. AF_02/2016","H",3.35,83764,null,3.35,3.35]
[null,87026,"GRADE DE DISCO REBOCÁVEL COM 20 DISCOS 24\" X 6 MM COM PNEUS PARA TRANSPORTE - JUROS. AF_06/2014","H",0.69,87026,null,0.69,0.69]
[null,87441,"BETONEIRA CAPACIDADE NOMINAL 400 L, CAPACIDADE DE MISTURA 310 L, MOTOR A DIESEL POTÊNCIA 5,0 CV, SEM CARREGADOR - DEPRECIAÇÃO. AF_05/2023","H",0.47,87441,null,0.47,0.47]
[null,87442,"BETONEIRA CAPACIDADE NOMINAL 400 L, CAPACIDADE DE MISTURA 310 L, MOTOR A DIESEL POTÊNCIA 5,0 CV, SEM CARREGADOR - JUROS. AF_05/2023","H",0.11,87442,null,0.11,0.11]
[null,87443,"BETONEIRA CAPACIDADE NOMINAL 400 L, CAPACIDADE DE MISTURA 310 L, MOTOR A DIESEL POTÊNCIA 5,0 CV, SEM CARREGADOR - MANUTENÇÃO. AF_05/2023","H",0.59,87443,null,0.59,0.59]
[null,87444,"BETONEIRA CAPACIDADE NOMINAL 400 L, CAPACIDADE DE MISTURA 310 L, MOTOR A DIESEL POTÊNCIA 5,0 CV, SEM CARREGADOR - MATERIAIS NA OPERAÇÃO. AF_05/2023","H",4.3600000000000003,87444,null,4.3600000000000003,4.3600000000000003]
[null,88387,"MISTURADOR DE ARGAMASSA, EIXO HORIZONTAL, CAPACIDADE DE MISTURA 300 KG, MOTOR ELÉTRICO POTÊNCIA 5 CV - DEPRECIAÇÃO. AF_05/2023","H",0.93,88387,null,0.93,0.93]
[null,88389,"MISTURADOR DE ARGAMASSA, EIXO HORIZONTAL, CAPACIDADE DE MISTURA 300 KG, MOTOR ELÉTRICO POTÊNCIA 5 CV - JUROS. AF_05/2023","H",0.21,88389,null,0.21,0.21]
[null,88390,"MISTURADOR DE ARGAMASSA, EIXO HORIZONTAL, CAPACIDADE DE MISTURA 300 KG, MOTOR ELÉTRICO POTÊNCIA 5 CV - MANUTENÇÃO. AF_05/2023","H",1.01,88390,null,1.01,1.01]
[null,88391,"MISTURADOR DE ARGAMASSA, EIXO HORIZONTAL, CAPACIDADE DE MISTURA 300 KG, MOTOR ELÉTRICO POTÊNCIA 5 CV - MATERIAIS NA OPERAÇÃO. AF_05/2023","H",3.31,88391,null,3.31,3.31]
[null,88394,"MISTURADOR DE ARGAMASSA, EIXO HORIZONTAL, CAPACIDADE DE MISTURA 600 KG, MOTOR ELÉTRICO POTÊNCIA 7,5 CV - DEPRECIAÇÃO. AF_05/2023","H",1.1000000000000001,88394,null,1.1000000000000001,1.1000000000000001]
[null,88395,"MISTURADOR DE ARGAMASSA, EIXO HORIZONTAL, CAPACIDADE DE MISTURA 600 KG, MOTOR ELÉTRICO POTÊNCIA 7,5 CV - JUROS. AF_05/2023","H",0.25,88395,null,0.25,0.25]
[null,88396,"MISTURADOR DE ARGAMASSA, EIXO HORIZONTAL, CAPACIDADE DE MISTURA 600 KG, MOTOR ELÉTRICO POTÊNCIA 7,5 CV - MANUTENÇÃO. AF_05/2023","H",1.21,88396,null,1.21,1.21]
[null,88397,"MISTURADOR DE ARGAMASSA, EIXO HORIZONTAL, CAPACIDADE DE MISTURA 600 KG, MOTOR ELÉTRICO POTÊNCIA 7,5 CV - MATERIAIS NA OPERAÇÃO. AF_05/2023","H",4.97,88397,null,4.97,4.97]
[null,88400,"MISTURADOR DE ARGAMASSA, EIXO HORIZONTAL, CAPACIDADE DE MISTURA 160 KG, MOTOR ELÉTRICO POTÊNCIA 3 CV - DEPRECIAÇÃO. AF_05/2023","H",0.88,88400,null,0.88,0.88]
[null,88401,"MISTURADOR DE ARGAMASSA, EIXO HORIZONTAL, CAPACIDADE DE MISTURA 160 KG, MOTOR ELÉTRICO POTÊNCIA 3 CV - JUROS. AF_05/2023","H",0.2,88401,null,0.2,0.2]
[null,88402,"MISTURADOR DE ARGAMASSA, EIXO HORIZONTAL, CAPACIDADE DE MISTURA 160 KG, MOTOR ELÉTRICO POTÊNCIA 3 CV - MANUTENÇÃO. AF_05/2023","H",0.96,88402,null,0.96,0.96]
[null,88403,"MISTURADOR DE ARGAMASSA, EIXO HORIZONTAL, CAPACIDADE DE MISTURA 160 KG, MOTOR ELÉTRICO POTÊNCIA 3 CV - MATERIAIS NA OPERAÇÃO. AF_05/2023","H",1.99,88403,null,1.99,1.99]
[null,88419,"PROJETOR DE ARGAMASSA, CAPACIDADE DE PROJEÇÃO 1,5 M3/H, ALCANCE DE 30 ATÉ 60 M, MOTOR ELÉTRICO POTÊNCIA 7,5 HP - DEPRECIAÇÃO. AF_06/2014","H",5.73,88419,null,5.73,5.73]
[null,88422,"PROJETOR DE ARGAMASSA, CAPACIDADE DE PROJEÇÃO 1,5 M3/H, ALCANCE DE 30 ATÉ 60 M, MOTOR ELÉTRICO POTÊNCIA 7,5 HP - JUROS. AF_06/2014","H",1.32,88422,null,1.32,1.32]
[null,88425,"PROJETOR DE ARGAMASSA, CAPACIDADE DE PROJEÇÃO 1,5 M3/H, ALCANCE DE 30 ATÉ 60 M, MOTOR ELÉTRICO POTÊNCIA 7,5 HP - MANUTENÇÃO. AF_06/2014","H",7.17,88425,null,7.17,7.17]
[null,88427,"PROJETOR DE ARGAMASSA, CAPACIDADE DE PROJEÇÃO 1,5 M3/H, ALCANCE DE 30 ATÉ 60 M, MOTOR ELÉTRICO POTÊNCIA 7,5 HP - MATERIAIS NA OPERAÇÃO. AF_06/2014","H",1.1200000000000001,88427,null,1.1200000000000001,1.1200000000000001]
[null,88434,"PROJETOR DE ARGAMASSA, CAPACIDADE DE PROJEÇÃO 2 M3/H, ALCANCE ATÉ 50 M, MOTOR ELÉTRICO POTÊNCIA 7,5 HP - DEPRECIAÇÃO. AF_06/2014","H",7.6,88434,null,7.6,7.6]
[null,88435,"PROJETOR DE ARGAMASSA, CAPACIDADE DE PROJEÇÃO 2 M3/H, ALCANCE ATÉ 50 M, MOTOR ELÉTRICO POTÊNCIA 7,5 HP - JUROS. AF_06/2014","H",1.75,88435,null,1.75,1.75]
[null,88436,"PROJETOR DE ARGAMASSA, CAPACIDADE DE PROJEÇÃO 2 M3/H, ALCANCE ATÉ 50 M, MOTOR ELÉTRICO POTÊNCIA 7,5 HP - MANUTENÇÃO. AF_06/2014","H",9.5,88436,null,9.5,9.5]
[null,88437,"PROJETOR DE ARGAMASSA, CAPACIDADE DE PROJEÇÃO 2 M3/H, ALCANCE ATÉ 50 M, MOTOR ELÉTRICO POTÊNCIA 7,5 HP - MATERIAIS NA OPERAÇÃO. AF_06/2014","H",1.1200000000000001,88437,null,1.1200000000000001,1.1200000000000001]
[null,88569,"ESPARGIDOR DE ASFALTO PRESSURIZADO COM TANQUE DE 2500 L, REBOCÁVEL COM MOTOR A GASOLINA POTÊNCIA 3,4 HP - DEPRECIAÇÃO. AF_07/2014","H",3.71,88569,null,3.71,3.71]
[null,88570,"ESPARGIDOR DE ASFALTO PRESSURIZADO COM TANQUE DE 2500 L, REBOCÁVEL COM MOTOR A GASOLINA POTÊNCIA 3,4 HP - JUROS. AF_07/2014","H",1.28,88570,null,1.28,1.28]
[null,88826,"BETONEIRA CAPACIDADE NOMINAL DE 400 L, CAPACIDADE DE MISTURA 280 L, MOTOR ELÉTRICO TRIFÁSICO POTÊNCIA DE 2 CV, SEM CARREGADOR - DEPRECIAÇÃO. AF_05/2023","H",0.35,88826,null,0.35,0.35]
[null,88827,"BETONEIRA CAPACIDADE NOMINAL DE 400 L, CAPACIDADE DE MISTURA 280 L, MOTOR ELÉTRICO TRIFÁSICO POTÊNCIA DE 2 CV, SEM CARREGADOR - JUROS. AF_05/2023","H",0.08,88827,null,0.08,0.08]
[null,88828,"BETONEIRA CAPACIDADE NOMINAL DE 400 L, CAPACIDADE DE MISTURA 280 L, MOTOR ELÉTRICO TRIFÁSICO POTÊNCIA DE 2 CV, SEM CARREGADOR - MANUTENÇÃO. AF_05/2023","H",0.38,88828,null,0.38,0.38]
[null,88829,"BETONEIRA CAPACIDADE NOMINAL DE 400 L, CAPACIDADE DE MISTURA 280 L, MOTOR ELÉTRICO TRIFÁSICO POTÊNCIA DE 2 CV, SEM CARREGADOR - MATERIAIS NA OPERAÇÃO. AF_05/2023","H",1.32,88829,null,1.32,1.32]
[null,88839,"TRATOR DE ESTEIRAS, POTÊNCIA 125 HP, PESO OPERACIONAL 12,9 T, COM LÂMINA 2,7 M3 - DEPRECIAÇÃO. AF_10/2014","H",35.15,88839,null,35.15,35.15]
[null,88840,"TRATOR DE ESTEIRAS, POTÊNCIA 125 HP, PESO OPERACIONAL 12,9 T, COM LÂMINA 2,7 M3 - JUROS. AF_10/2014","H",15.48,88840,null,15.48,15.48]
[null,88841,"TRATOR DE ESTEIRAS, POTÊNCIA 125 HP, PESO OPERACIONAL 12,9 T, COM LÂMINA 2,7 M3 - MANUTENÇÃO. AF_10/2014","H",62.84,88841,null,62.84,62.84]
[null,88842,"TRATOR DE ESTEIRAS, POTÊNCIA 125 HP, PESO OPERACIONAL 12,9 T, COM LÂMINA 2,7 M3 - MATERIAIS NA OPERAÇÃO. AF_10/2014","H",81.489999999999995,88842,null,81.489999999999995,81.489999999999995]
[null,88847,"USINA DE LAMA ASFÁLTICA, PROD 30 A 50 T/H, SILO DE AGREGADO 7 M3, RESERVATÓRIOS PARA EMULSÃO E ÁGUA DE 2,3 M3 CADA, MISTURADOR TIPO PUG MILL A SER MONTADO SOBRE CAMINHÃO - DEPRECIAÇÃO. AF_10/2014","H",22.82,88847,null,22.82,22.82]
[null,88848,"USINA DE LAMA ASFÁLTICA, PROD 30 A 50 T/H, SILO DE AGREGADO 7 M3, RESERVATÓRIOS PARA EMULSÃO E ÁGUA DE 2,3 M3 CADA, MISTURADOR TIPO PUG MILL A SER MONTADO SOBRE CAMINHÃO - JUROS. AF_10/2014","H",9.3800000000000008,88848,null,9.3800000000000008,9.3800000000000008]
[null,88853,"MOTOBOMBA CENTRÍFUGA, MOTOR A GASOLINA, POTÊNCIA 5,42 HP, BOCAIS 1 1/2\" X 1\", DIÂMETRO ROTOR 143 MM HM/Q = 6 MCA / 16,8 M3/H A 38 MCA / 6,6 M3/H - DEPRECIAÇÃO. AF_06/2014","H",0.22,88853,null,0.22,0.22]
[null,88854,"MOTOBOMBA CENTRÍFUGA, MOTOR A GASOLINA, POTÊNCIA 5,42 HP, BOCAIS 1 1/2\" X 1\", DIÂMETRO ROTOR 143 MM HM/Q = 6 MCA / 16,8 M3/H A 38 MCA / 6,6 M3/H - JUROS. AF_06/2014","H",0.05,88854,null,0.05,0.05]
[null,88855,"GRADE DE DISCO CONTROLE REMOTO REBOCÁVEL, COM 24 DISCOS 24\" X 6 MM COM PNEUS PARA TRANSPORTE - DEPRECIAÇÃO. AF_06/2014","H",3.21,88855,null,3.21,3.21]
[null,88856,"GRADE DE DISCO CONTROLE REMOTO REBOCÁVEL, COM 24 DISCOS 24\" X 6 MM COM PNEUS PARA TRANSPORTE - JUROS. AF_06/2014","H",0.88,88856,null,0.88,0.88]
[null,88857,"RETROESCAVADEIRA SOBRE RODAS COM CARREGADEIRA, TRAÇÃO 4X4, POTÊNCIA LÍQ. 88 HP, CAÇAMBA CARREG. CAP. MÍN. 1 M3, CAÇAMBA RETRO CAP. 0,26 M3, PESO OPERACIONAL MÍN. 6.674 KG, PROFUNDIDADE ESCAVAÇÃO MÁX. 4,37 M - DEPRECIAÇÃO. AF_06/2014","H",25.54,88857,null,25.54,25.54]
[null,88858,"RETROESCAVADEIRA SOBRE RODAS COM CARREGADEIRA, TRAÇÃO 4X4, POTÊNCIA LÍQ. 88 HP, CAÇAMBA CARREG. CAP. MÍN. 1 M3, CAÇAMBA RETRO CAP. 0,26 M3, PESO OPERACIONAL MÍN. 6.674 KG, PROFUNDIDADE ESCAVAÇÃO MÁX. 4,37 M - JUROS. AF_06/2014","H",6.75,88858,null,6.75,6.75]
[null,88859,"RETROESCAVADEIRA SOBRE RODAS COM CARREGADEIRA, TRAÇÃO 4X2, POTÊNCIA LÍQ. 79 HP, CAÇAMBA CARREG. CAP. MÍN. 1 M3, CAÇAMBA RETRO CAP. 0,20 M3, PESO OPERACIONAL MÍN. 6.570 KG, PROFUNDIDADE ESCAVAÇÃO MÁX. 4,37 M - DEPRECIAÇÃO. AF_06/2014","H",22.71,88859,null,22.71,22.71]
[null,88860,"RETROESCAVADEIRA SOBRE RODAS COM CARREGADEIRA, TRAÇÃO 4X2, POTÊNCIA LÍQ. 79 HP, CAÇAMBA CARREG. CAP. MÍN. 1 M3, CAÇAMBA RETRO CAP. 0,20 M3, PESO OPERACIONAL MÍN. 6.570 KG, PROFUNDIDADE ESCAVAÇÃO MÁX. 4,37 M - JUROS. AF_06/2014","H",6,88860,null,6,6]
[null,88900,"ESCAVADEIRA HIDRÁULICA SOBRE ESTEIRAS, CAÇAMBA 1,20 M3, PESO OPERACIONAL 21 T, POTÊNCIA BRUTA 155 HP - DEPRECIAÇÃO. AF_06/2014","H",52.45,88900,null,52.45,52.45]
[null,88902,"ESCAVADEIRA HIDRÁULICA SOBRE ESTEIRAS, CAÇAMBA 1,20 M3, PESO OPERACIONAL 21 T, POTÊNCIA BRUTA 155 HP - JUROS. AF_06/2014","H",{"$f":"IF($K$2=$H$1,H963,I963)","v":13.86},{"$f":"IF(LEN($B963)=7,CONCATENATE(MID($B963,1,6),\"00\",RIGHT($B963,1)),IF(LEN($B963)=8,CONCATENATE(MID($B963,1,6),\"0\",RIGHT($B963,2)),$B963))","v":88902},null,13.86,13.86]
[null,88903,"ESCAVADEIRA HIDRÁULICA SOBRE ESTEIRAS, CAÇAMBA 1,20 M3, PESO OPERACIONAL 21 T, POTÊNCIA BRUTA 155 HP - MANUTENÇÃO. AF_06/2014","H",65.56,88903,null,65.56,65.56]
[null,88904,"ESCAVADEIRA HIDRÁULICA SOBRE ESTEIRAS, CAÇAMBA 1,20 M3, PESO OPERACIONAL 21 T, POTÊNCIA BRUTA 155 HP - MATERIAIS NA OPERAÇÃO. AF_06/2014","H",93.78,88904,null,93.78,93.78]
[null,89009,"TRATOR DE ESTEIRAS, POTÊNCIA 150 HP, PESO OPERACIONAL 16,7 T, COM RODA MOTRIZ ELEVADA E LÂMINA 3,18 M3 - DEPRECIAÇÃO. AF_06/2014","H",43.54,89009,null,43.54,43.54]
[null,89010,"TRATOR DE ESTEIRAS, POTÊNCIA 150 HP, PESO OPERACIONAL 16,7 T, COM RODA MOTRIZ ELEVADA E LÂMINA 3,18 M3 - JUROS. AF_06/2014","H",19.18,89010,null,19.18,19.18]
[null,89011,"RETROESCAVADEIRA SOBRE RODAS COM CARREGADEIRA, TRAÇÃO 4X4, POTÊNCIA LÍQ. 72 HP, CAÇAMBA CARREG. CAP. MÍN. 0,79 M3, CAÇAMBA RETRO CAP. 0,18 M3, PESO OPERACIONAL MÍN. 7.140 KG, PROFUNDIDADE ESCAVAÇÃO MÁX. 4,50 M - DEPRECIAÇÃO. AF_06/2014","H",24.64,89011,null,24.64,24.64]
[null,89012,"RETROESCAVADEIRA SOBRE RODAS COM CARREGADEIRA, TRAÇÃO 4X4, POTÊNCIA LÍQ. 72 HP, CAÇAMBA CARREG. CAP. MÍN. 0,79 M3, CAÇAMBA RETRO CAP. 0,18 M3, PESO OPERACIONAL MÍN. 7.140 KG, PROFUNDIDADE ESCAVAÇÃO MÁX. 4,50 M - JUROS. AF_06/2014","H",6.51,89012,null,6.51,6.51]
[null,89013,"TRATOR DE ESTEIRAS, POTÊNCIA 347 HP, PESO OPERACIONAL 38,5 T, COM LÂMINA 8,70 M3 - DEPRECIAÇÃO. AF_06/2014","H",142.61000000000001,89013,null,142.61000000000001,142.61000000000001]
[null,89014,"TRATOR DE ESTEIRAS, POTÊNCIA 347 HP, PESO OPERACIONAL 38,5 T, COM LÂMINA 8,70 M3 - JUROS. AF_06/2014","H",62.82,89014,null,62.82,62.82]
[null,89015,"VASSOURA MECÂNICA REBOCÁVEL COM ESCOVA CILÍNDRICA, LARGURA ÚTIL DE VARRIMENTO DE 2,44 M - DEPRECIAÇÃO. AF_06/2014","H",3.71,89015,null,3.71,3.71]
[null,89016,"VASSOURA MECÂNICA REBOCÁVEL COM ESCOVA CILÍNDRICA, LARGURA ÚTIL DE VARRIMENTO DE 2,44 M - JUROS. AF_06/2014","H",0.98,89016,null,0.98,0.98]
[null,89017,"TRATOR DE ESTEIRAS, POTÊNCIA 170 HP, PESO OPERACIONAL 19 T, CAÇAMBA 5,2 M3 - DEPRECIAÇÃO. AF_06/2014","H",43.27,89017,null,43.27,43.27]
[null,89018,"TRATOR DE ESTEIRAS, POTÊNCIA 170 HP, PESO OPERACIONAL 19 T, CAÇAMBA 5,2 M3 - JUROS. AF_06/2014","H",19.059999999999999,89018,null,19.059999999999999,19.059999999999999]
[null,89019,"BOMBA SUBMERSÍVEL ELÉTRICA TRIFÁSICA, POTÊNCIA 2,96 HP, Ø ROTOR 144 MM SEMI-ABERTO, BOCAL DE SAÍDA Ø 2\", HM/Q = 2 MCA / 38,8 M3/H A 28 MCA / 5 M3/H - DEPRECIAÇÃO. AF_06/2014","H",0.35,89019,null,0.35,0.35]
[null,89020,"BOMBA SUBMERSÍVEL ELÉTRICA TRIFÁSICA, POTÊNCIA 2,96 HP, Ø ROTOR 144 MM SEMI-ABERTO, BOCAL DE SAÍDA Ø 2\", HM/Q = 2 MCA / 38,8 M3/H A 28 MCA / 5 M3/H - JUROS. AF_06/2014","H",0.08,89020,null,0.08,0.08]
[null,89023,"TANQUE DE ASFALTO ESTACIONÁRIO COM MAÇARICO, CAPACIDADE 20.000 L - DEPRECIAÇÃO. AF_05/2023","H",3.82,89023,null,3.82,3.82]
[null,89024,"TANQUE DE ASFALTO ESTACIONÁRIO COM MAÇARICO, CAPACIDADE 20.000 L - JUROS. AF_05/2023","H",1.32,89024,null,1.32,1.32]
[null,89025,"TANQUE DE ASFALTO ESTACIONÁRIO COM MAÇARICO, CAPACIDADE 20.000 L - MANUTENÇÃO. AF_05/2023","H",4.78,89025,null,4.78,4.78]
[null,89026,"TANQUE DE ASFALTO ESTACIONÁRIO COM MAÇARICO, CAPACIDADE 20.000 L - MATERIAIS NA OPERAÇÃO. AF_05/2023","H",178.3,89026,null,178.3,178.3]
[null,89029,"TRATOR DE ESTEIRAS, POTÊNCIA 100 HP, PESO OPERACIONAL 9,4 T, COM LÂMINA 2,19 M3 - DEPRECIAÇÃO. AF_06/2014","H",33.58,89029,null,33.58,33.58]
[null,89030,"TRATOR DE ESTEIRAS, POTÊNCIA 100 HP, PESO OPERACIONAL 9,4 T, COM LÂMINA 2,19 M3 - JUROS. AF_06/2014","H",14.79,89030,null,14.79,14.79]
[null,89033,"TRATOR DE PNEUS, POTÊNCIA 85 CV, TRAÇÃO 4X4, PESO COM LASTRO DE 4.675 KG - DEPRECIAÇÃO. AF_06/2014","H",14.63,89033,null,14.63,14.63]
[null,89034,"TRATOR DE PNEUS, POTÊNCIA 85 CV, TRAÇÃO 4X4, PESO COM LASTRO DE 4.675 KG - JUROS. AF_06/2014","H",3.92,89034,null,3.92,3.92]
[null,89128,"PÁ CARREGADEIRA SOBRE RODAS, POTÊNCIA LÍQUIDA 128 HP, CAPACIDADE DA CAÇAMBA 1,7 A 2,8 M3, PESO OPERACIONAL 11632 KG - DEPRECIAÇÃO. AF_06/2014","H",37.24,89128,null,37.24,37.24]
[null,89129,"PÁ CARREGADEIRA SOBRE RODAS, POTÊNCIA LÍQUIDA 128 HP, CAPACIDADE DA CAÇAMBA 1,7 A 2,8 M3, PESO OPERACIONAL 11632 KG - JUROS. AF_06/2014","H",9.84,89129,null,9.84,9.84]
[null,89130,"PÁ CARREGADEIRA SOBRE RODAS, POTÊNCIA 197 HP, CAPACIDADE DA CAÇAMBA 2,5 A 3,5 M3, PESO OPERACIONAL 18338 KG - DEPRECIAÇÃO. AF_06/2014","H",51.63,89130,null,51.63,51.63]
[null,89131,"PÁ CARREGADEIRA SOBRE RODAS, POTÊNCIA 197 HP, CAPACIDADE DA CAÇAMBA 2,5 A 3,5 M3, PESO OPERACIONAL 18338 KG - JUROS. AF_06/2014","H",13.64,89131,null,13.64,13.64]
[null,89210,"ROLO COMPACTADOR VIBRATÓRIO DE UM CILINDRO AÇO LISO, POTÊNCIA 80 HP, PESO OPERACIONAL MÁXIMO 8,1 T, IMPACTO DINÂMICO 16,15 / 9,5 T, LARGURA DE TRABALHO 1,68 M - DEPRECIAÇÃO. AF_06/2014","H",32.049999999999997,89210,null,32.049999999999997,32.049999999999997]
[null,89211,"ROLO COMPACTADOR VIBRATÓRIO DE UM CILINDRO AÇO LISO, POTÊNCIA 80 HP, PESO OPERACIONAL MÁXIMO 8,1 T, IMPACTO DINÂMICO 16,15 / 9,5 T, LARGURA DE TRABALHO 1,68 M - JUROS. AF_06/2014","H",8.6,89211,null,8.6,8.6]
[null,89212,"BATE-ESTACAS POR GRAVIDADE, POTÊNCIA DE 160 HP, PESO DO MARTELO ATÉ 3 TONELADAS - DEPRECIAÇÃO. AF_11/2014","H",30,89212,null,30,30]
[null,89213,"BATE-ESTACAS POR GRAVIDADE, POTÊNCIA DE 160 HP, PESO DO MARTELO ATÉ 3 TONELADAS - JUROS. AF_11/2014","H",9.25,89213,null,9.25,9.25]
[null,89214,"BATE-ESTACAS POR GRAVIDADE, POTÊNCIA DE 160 HP, PESO DO MARTELO ATÉ 3 TONELADAS - MANUTENÇÃO. AF_11/2014","H",28.16,89214,null,28.16,28.16]
[null,89215,"BATE-ESTACAS POR GRAVIDADE, POTÊNCIA DE 160 HP, PESO DO MARTELO ATÉ 3 TONELADAS - MATERIAIS NA OPERAÇÃO. AF_11/2014","H",96.84,89215,null,96.84,96.84]
[null,89221,"BETONEIRA CAPACIDADE NOMINAL DE 600 L, CAPACIDADE DE MISTURA 360 L, MOTOR ELÉTRICO TRIFÁSICO POTÊNCIA DE 4 CV, SEM CARREGADOR - DEPRECIAÇÃO. AF_05/2023","H",1.43,89221,null,1.43,1.43]
[null,89222,"BETONEIRA CAPACIDADE NOMINAL DE 600 L, CAPACIDADE DE MISTURA 360 L, MOTOR ELÉTRICO TRIFÁSICO POTÊNCIA DE 4 CV, SEM CARREGADOR - JUROS. AF_05/2023","H",0.33,89222,null,0.33,0.33]
[null,89223,"BETONEIRA CAPACIDADE NOMINAL DE 600 L, CAPACIDADE DE MISTURA 360 L, MOTOR ELÉTRICO TRIFÁSICO POTÊNCIA DE 4 CV, SEM CARREGADOR - MANUTENÇÃO. AF_05/2023","H",1.56,89223,null,1.56,1.56]
[null,89224,"BETONEIRA CAPACIDADE NOMINAL DE 600 L, CAPACIDADE DE MISTURA 360 L, MOTOR ELÉTRICO TRIFÁSICO POTÊNCIA DE 4 CV, SEM CARREGADOR - MATERIAIS NA OPERAÇÃO. AF_05/2023","H",2.65,89224,null,2.65,2.65]
[null,89228,"MOTONIVELADORA POTÊNCIA BÁSICA LÍQUIDA (PRIMEIRA MARCHA) 125 HP, PESO BRUTO 13032 KG, LARGURA DA LÂMINA DE 3,7 M - DEPRECIAÇÃO. AF_06/2014","H",46.8,89228,null,46.8,46.8]
[null,89229,"MOTONIVELADORA POTÊNCIA BÁSICA LÍQUIDA (PRIMEIRA MARCHA) 125 HP, PESO BRUTO 13032 KG, LARGURA DA LÂMINA DE 3,7 M - JUROS. AF_06/2014","H",16.489999999999998,89229,null,16.489999999999998,16.489999999999998]
[null,89230,"FRESADORA DE ASFALTO A FRIO SOBRE RODAS, LARGURA FRESAGEM DE 1,0 M, POTÊNCIA 208 HP - DEPRECIAÇÃO. AF_11/2014","H",120.11,89230,null,120.11,120.11]
[null,89231,"FRESADORA DE ASFALTO A FRIO SOBRE RODAS, LARGURA FRESAGEM DE 1,0 M, POTÊNCIA 208 HP - JUROS. AF_11/2014","H",36.78,89231,null,36.78,36.78]
[null,89232,"FRESADORA DE ASFALTO A FRIO SOBRE RODAS, LARGURA FRESAGEM DE 1,0 M, POTÊNCIA 208 HP - MANUTENÇÃO. AF_11/2014","H",214.25,89232,null,214.25,214.25]
[null,89233,"FRESADORA DE ASFALTO A FRIO SOBRE RODAS, LARGURA FRESAGEM DE 1,0 M, POTÊNCIA 208 HP - MATERIAIS NA OPERAÇÃO. AF_11/2014","H",174.28,89233,null,174.28,174.28]
[null,89236,"FRESADORA DE ASFALTO A FRIO SOBRE RODAS, LARGURA FRESAGEM DE 2,0 M, POTÊNCIA 550 HP - DEPRECIAÇÃO. AF_11/2014","H",280.58,89236,null,280.58,280.58]
[null,89237,"FRESADORA DE ASFALTO A FRIO SOBRE RODAS, LARGURA FRESAGEM DE 2,0 M, POTÊNCIA 550 HP - JUROS. AF_11/2014","H",85.91,89237,null,85.91,85.91]
[null,89238,"FRESADORA DE ASFALTO A FRIO SOBRE RODAS, LARGURA FRESAGEM DE 2,0 M, POTÊNCIA 550 HP - MANUTENÇÃO. AF_11/2014","H",500.48,89238,null,500.48,500.48]
[null,89239,"FRESADORA DE ASFALTO A FRIO SOBRE RODAS, LARGURA FRESAGEM DE 2,0 M, POTÊNCIA 550 HP - MATERIAIS NA OPERAÇÃO. AF_11/2014","H",460.88,89239,null,460.88,460.88]
[null,89240,"VIBROACABADORA DE ASFALTO SOBRE ESTEIRAS, LARGURA DE PAVIMENTAÇÃO 1,90 M A 5,30 M, POTÊNCIA 105 HP CAPACIDADE 450 T/H - DEPRECIAÇÃO. AF_11/2014","H",86.11,89240,null,86.11,86.11]
[null,89241,"VIBROACABADORA DE ASFALTO SOBRE ESTEIRAS, LARGURA DE PAVIMENTAÇÃO 1,90 M A 5,30 M, POTÊNCIA 105 HP CAPACIDADE 450 T/H - JUROS. AF_11/2014","H",30.35,89241,null,30.35,30.35]
[null,89246,"RECICLADORA DE ASFALTO A FRIO SOBRE RODAS, LARGURA FRESAGEM DE 2,0 M, POTÊNCIA 422 HP - DEPRECIAÇÃO. AF_11/2014","H",243.81,89246,null,243.81,243.81]
[null,89247,"RECICLADORA DE ASFALTO A FRIO SOBRE RODAS, LARGURA FRESAGEM DE 2,0 M, POTÊNCIA 422 HP - JUROS. AF_11/2014","H",74.650000000000006,89247,null,74.650000000000006,74.650000000000006]
[null,89248,"RECICLADORA DE ASFALTO A FRIO SOBRE RODAS, LARGURA FRESAGEM DE 2,0 M, POTÊNCIA 422 HP - MANUTENÇÃO. AF_11/2014","H",434.89,89248,null,434.89,434.89]
[null,89249,"RECICLADORA DE ASFALTO A FRIO SOBRE RODAS, LARGURA FRESAGEM DE 2,0 M, POTÊNCIA 422 HP - MATERIAIS NA OPERAÇÃO. AF_11/2014","H",392.87,89249,null,392.87,392.87]
[null,89253,"VIBROACABADORA DE ASFALTO SOBRE ESTEIRAS, LARGURA DE PAVIMENTAÇÃO 2,13 M A 4,55 M, POTÊNCIA 100 HP, CAPACIDADE 400 T/H - DEPRECIAÇÃO. AF_11/2014","H",70.56,89253,null,70.56,70.56]
[null,89254,"VIBROACABADORA DE ASFALTO SOBRE ESTEIRAS, LARGURA DE PAVIMENTAÇÃO 2,13 M A 4,55 M, POTÊNCIA 100 HP, CAPACIDADE 400 T/H - JUROS. AF_11/2014","H",24.87,89254,null,24.87,24.87]
[null,89255,"VIBROACABADORA DE ASFALTO SOBRE ESTEIRAS, LARGURA DE PAVIMENTAÇÃO 2,13 M A 4,55 M, POTÊNCIA 100 HP, CAPACIDADE 400 T/H - MANUTENÇÃO. AF_11/2014","H",113.43,89255,null,113.43,113.43]
[null,89256,"VIBROACABADORA DE ASFALTO SOBRE ESTEIRAS, LARGURA DE PAVIMENTAÇÃO 2,13 M A 4,55 M, POTÊNCIA 100 HP, CAPACIDADE 400 T/H - MATERIAIS NA OPERAÇÃO. AF_11/2014","H",88.42,89256,null,88.42,88.42]
[null,89259,"GUINDAUTO HIDRÁULICO, CAPACIDADE MÁXIMA DE CARGA 6200 KG, MOMENTO MÁXIMO DE CARGA 11,7 TM, ALCANCE MÁXIMO HORIZONTAL 9,70 M, INCLUSIVE CAMINHÃO TOCO PBT 16.000 KG, POTÊNCIA DE 189 CV - DEPRECIAÇÃO. AF_06/2014","H",27.32,89259,null,27.32,27.32]
[null,89260,"GUINDAUTO HIDRÁULICO, CAPACIDADE MÁXIMA DE CARGA 6200 KG, MOMENTO MÁXIMO DE CARGA 11,7 TM, ALCANCE MÁXIMO HORIZONTAL 9,70 M, INCLUSIVE CAMINHÃO TOCO PBT 16.000 KG, POTÊNCIA DE 189 CV - JUROS. AF_06/2014","H",10.029999999999999,89260,null,10.029999999999999,10.029999999999999]
[null,89262,"GUINDAUTO HIDRÁULICO, CAPACIDADE MÁXIMA DE CARGA 6200 KG, MOMENTO MÁXIMO DE CARGA 11,7 TM, ALCANCE MÁXIMO HORIZONTAL 9,70 M, INCLUSIVE CAMINHÃO TOCO PBT 16.000 KG, POTÊNCIA DE 189 CV - MANUTENÇÃO. AF_06/2014","H",46.24,89262,null,46.24,46.24]
[null,89264,"CAMINHÃO TOCO, PBT 16.000 KG, CARGA ÚTIL MÁX. 10.685 KG, DIST. ENTRE EIXOS 4,8 M, POTÊNCIA 189 CV, INCLUSIVE CARROCERIA FIXA ABERTA DE MADEIRA P/ TRANSPORTE GERAL DE CARGA SECA, DIMEN. APROX. 2,5 X 7,00 X 0,50 M - DEPRECIAÇÃO. AF_06/2014","H",21.1,89264,null,21.1,21.1]
[null,89265,"CAMINHÃO TOCO, PBT 16.000 KG, CARGA ÚTIL MÁX. 10.685 KG, DIST. ENTRE EIXOS 4,8 M, POTÊNCIA 189 CV, INCLUSIVE CARROCERIA FIXA ABERTA DE MADEIRA P/ TRANSPORTE GERAL DE CARGA SECA, DIMEN. APROX. 2,5 X 7,00 X 0,50 M - JUROS. AF_06/2014","H",8.41,89265,null,8.41,8.41]
[null,89266,"CAMINHÃO TOCO, PBT 16.000 KG, CARGA ÚTIL MÁX. 10.685 KG, DIST. ENTRE EIXOS 4,8 M, POTÊNCIA 189 CV, INCLUSIVE CARROCERIA FIXA ABERTA DE MADEIRA P/ TRANSPORTE GERAL DE CARGA SECA, DIMEN. APROX. 2,5 X 7,00 X 0,50 M - IMPOSTOS E SEGUROS. AF_06/2014","H",3.39,89266,null,3.39,3.39]
[null,89267,"GUINDASTE HIDRÁULICO AUTOPROPELIDO, COM LANÇA TELESCÓPICA 28,80 M, CAPACIDADE MÁXIMA 30 T, POTÊNCIA 97 KW, TRAÇÃO 4 X 4 - DEPRECIAÇÃO. AF_11/2014","H",52.21,89267,null,52.21,52.21]
[null,89268,"GUINDASTE HIDRÁULICO AUTOPROPELIDO, COM LANÇA TELESCÓPICA 28,80 M, CAPACIDADE MÁXIMA 30 T, POTÊNCIA 97 KW, TRAÇÃO 4 X 4 - JUROS. AF_11/2014","H",{"$f":"IF($K$2=$H$1,H1027,I1027)","v":18.399999999999999},{"$f":"IF(LEN($B1027)=7,CONCATENATE(MID($B1027,1,6),\"00\",RIGHT($B1027,1)),IF(LEN($B1027)=8,CONCATENATE(MID($B1027,1,6),\"0\",RIGHT($B1027,2)),$B1027))","v":89268},null,18.399999999999999,18.399999999999999]
[null,89269,"GUINDASTE HIDRÁULICO AUTOPROPELIDO, COM LANÇA TELESCÓPICA 28,80 M, CAPACIDADE MÁXIMA 30 T, POTÊNCIA 97 KW, TRAÇÃO 4 X 4 - IMPOSTOS E SEGUROS. AF_11/2014","H",7.44,89269,null,7.44,7.44]
[null,89270,"GUINDASTE HIDRÁULICO AUTOPROPELIDO, COM LANÇA TELESCÓPICA 28,80 M, CAPACIDADE MÁXIMA 30 T, POTÊNCIA 97 KW, TRAÇÃO 4 X 4 - MANUTENÇÃO. AF_11/2014","H",83.94,89270,null,83.94,83.94]
[null,89271,"GUINDASTE HIDRÁULICO AUTOPROPELIDO, COM LANÇA TELESCÓPICA 28,80 M, CAPACIDADE MÁXIMA 30 T, POTÊNCIA 97 KW, TRAÇÃO 4 X 4 - MATERIAIS NA OPERAÇÃO. AF_11/2014","H",30.26,89271,null,30.26,30.26]
[null,89274,"BETONEIRA CAPACIDADE NOMINAL DE 600 L, CAPACIDADE DE MISTURA 440 L, MOTOR A DIESEL POTÊNCIA 10 CV, COM CARREGADOR - DEPRECIAÇÃO. AF_05/2023","H",1.73,89274,null,1.73,1.73]
[null,89275,"BETONEIRA CAPACIDADE NOMINAL DE 600 L, CAPACIDADE DE MISTURA 440 L, MOTOR A DIESEL POTÊNCIA 10 CV, COM CARREGADOR - JUROS. AF_05/2023","H",0.4,89275,null,0.4,0.4]
[null,89276,"BETONEIRA CAPACIDADE NOMINAL DE 600 L, CAPACIDADE DE MISTURA 440 L, MOTOR A DIESEL POTÊNCIA 10 CV, COM CARREGADOR - MANUTENÇÃO. AF_05/2023","H",2.17,89276,null,2.17,2.17]
[null,89277,"BETONEIRA CAPACIDADE NOMINAL DE 600 L, CAPACIDADE DE MISTURA 440 L, MOTOR A DIESEL POTÊNCIA 10 CV, COM CARREGADOR - MATERIAIS NA OPERAÇÃO. AF_05/2023","H",8.73,89277,null,8.73,8.73]
[null,89280,"ROLO COMPACTADOR VIBRATÓRIO TANDEM AÇO LISO, POTÊNCIA 58 HP, PESO SEM/COM LASTRO 6,5 / 9,4 T, LARGURA DE TRABALHO 1,2 M - DEPRECIAÇÃO. AF_06/2014","H",39.36,89280,null,39.36,39.36]
[null,89281,"ROLO COMPACTADOR VIBRATÓRIO TANDEM AÇO LISO, POTÊNCIA 58 HP, PESO SEM/COM LASTRO 6,5 / 9,4 T, LARGURA DE TRABALHO 1,2 M - JUROS. AF_06/2014","H",10.56,89281,null,10.56,10.56]
[null,89870,"CAMINHÃO BASCULANTE 14 M3, COM CAVALO MECÂNICO DE CAPACIDADE MÁXIMA DE TRAÇÃO COMBINADO DE 36000 KG, POTÊNCIA 286 CV, INCLUSIVE SEMIREBOQUE COM CAÇAMBA METÁLICA - DEPRECIAÇÃO. AF_12/2014","H",40.21,89870,null,40.21,40.21]
[null,89871,"CAMINHÃO BASCULANTE 14 M3, COM CAVALO MECÂNICO DE CAPACIDADE MÁXIMA DE TRAÇÃO COMBINADO DE 36000 KG, POTÊNCIA 286 CV, INCLUSIVE SEMIREBOQUE COM CAÇAMBA METÁLICA - JUROS. AF_12/2014","H",14.15,89871,null,14.15,14.15]
[null,89872,"CAMINHÃO BASCULANTE 14 M3, COM CAVALO MECÂNICO DE CAPACIDADE MÁXIMA DE TRAÇÃO COMBINADO DE 36000 KG, POTÊNCIA 286 CV, INCLUSIVE SEMIREBOQUE COM CAÇAMBA METÁLICA - IMPOSTOS E SEGUROS. AF_12/2014","H",5.72,89872,null,5.72,5.72]
[null,89873,"CAMINHÃO BASCULANTE 14 M3, COM CAVALO MECÂNICO DE CAPACIDADE MÁXIMA DE TRAÇÃO COMBINADO DE 36000 KG, POTÊNCIA 286 CV, INCLUSIVE SEMIREBOQUE COM CAÇAMBA METÁLICA - MANUTENÇÃO. AF_12/2014","H",68.819999999999993,89873,null,68.819999999999993,68.819999999999993]
[null,89874,"CAMINHÃO BASCULANTE 14 M3, COM CAVALO MECÂNICO DE CAPACIDADE MÁXIMA DE TRAÇÃO COMBINADO DE 36000 KG, POTÊNCIA 286 CV, INCLUSIVE SEMIREBOQUE COM CAÇAMBA METÁLICA - MATERIAIS NA OPERAÇÃO. AF_12/2014","H",183.89,89874,null,183.89,183.89]
[null,89878,"CAMINHÃO BASCULANTE 18 M3, COM CAVALO MECÂNICO DE CAPACIDADE MÁXIMA DE TRAÇÃO COMBINADO DE 45000 KG, POTÊNCIA 330 CV, INCLUSIVE SEMIREBOQUE COM CAÇAMBA METÁLICA - DEPRECIAÇÃO. AF_12/2014","H",43.03,89878,null,43.03,43.03]
[null,89879,"CAMINHÃO BASCULANTE 18 M3, COM CAVALO MECÂNICO DE CAPACIDADE MÁXIMA DE TRAÇÃO COMBINADO DE 45000 KG, POTÊNCIA 330 CV, INCLUSIVE SEMIREBOQUE COM CAÇAMBA METÁLICA - JUROS. AF_12/2014","H",14.89,89879,null,14.89,14.89]
[null,89880,"CAMINHÃO BASCULANTE 18 M3, COM CAVALO MECÂNICO DE CAPACIDADE MÁXIMA DE TRAÇÃO COMBINADO DE 45000 KG, POTÊNCIA 330 CV, INCLUSIVE SEMIREBOQUE COM CAÇAMBA METÁLICA - IMPOSTOS E SEGUROS. AF_12/2014","H",6.01,89880,null,6.01,6.01]
[null,89881,"CAMINHÃO BASCULANTE 18 M3, COM CAVALO MECÂNICO DE CAPACIDADE MÁXIMA DE TRAÇÃO COMBINADO DE 45000 KG, POTÊNCIA 330 CV, INCLUSIVE SEMIREBOQUE COM CAÇAMBA METÁLICA - MANUTENÇÃO. AF_12/2014","H",72.930000000000007,89881,null,72.930000000000007,72.930000000000007]
[null,89882,"CAMINHÃO BASCULANTE 18 M3, COM CAVALO MECÂNICO DE CAPACIDADE MÁXIMA DE TRAÇÃO COMBINADO DE 45000 KG, POTÊNCIA 330 CV, INCLUSIVE SEMIREBOQUE COM CAÇAMBA METÁLICA - MATERIAIS NA OPERAÇÃO. AF_12/2014","H",212.16,89882,null,212.16,212.16]
[null,90582,"VIBRADOR DE IMERSÃO, DIÂMETRO DE PONTEIRA 45MM, MOTOR ELÉTRICO TRIFÁSICO POTÊNCIA DE 2 CV - DEPRECIAÇÃO. AF_06/2015","H",0.43,90582,null,0.43,0.43]
[null,90583,"VIBRADOR DE IMERSÃO, DIÂMETRO DE PONTEIRA 45MM, MOTOR ELÉTRICO TRIFÁSICO POTÊNCIA DE 2 CV - JUROS. AF_06/2015","H",0.1,90583,null,0.1,0.1]
[null,90584,"VIBRADOR DE IMERSÃO, DIÂMETRO DE PONTEIRA 45MM, MOTOR ELÉTRICO TRIFÁSICO POTÊNCIA DE 2 CV - MANUTENÇÃO. AF_06/2015","H",0.33,90584,null,0.33,0.33]
[null,90585,"VIBRADOR DE IMERSÃO, DIÂMETRO DE PONTEIRA 45MM, MOTOR ELÉTRICO TRIFÁSICO POTÊNCIA DE 2 CV - MATERIAIS NA OPERAÇÃO. AF_06/2015","H",0.55000000000000004,90585,null,0.55000000000000004,0.55000000000000004]
[null,90621,"PERFURATRIZ MANUAL, TORQUE MÁXIMO 83 N.M, POTÊNCIA 5 CV, COM DIÂMETRO MÁXIMO 4\" - DEPRECIAÇÃO. AF_06/2015","H",2.61,90621,null,2.61,2.61]
[null,90622,"PERFURATRIZ MANUAL, TORQUE MÁXIMO 83 N.M, POTÊNCIA 5 CV, COM DIÂMETRO MÁXIMO 4\" - JUROS. AF_06/2015","H",0.6,90622,null,0.6,0.6]
[null,90623,"PERFURATRIZ MANUAL, TORQUE MÁXIMO 83 N.M, POTÊNCIA 5 CV, COM DIÂMETRO MÁXIMO 4\" - MANUTENÇÃO. AF_06/2015","H",3.26,90623,null,3.26,3.26]
[null,90624,"PERFURATRIZ MANUAL, TORQUE MÁXIMO 83 N.M, POTÊNCIA 5 CV, COM DIÂMETRO MÁXIMO 4\" - MATERIAIS NA OPERAÇÃO. AF_06/2015","H",3.31,90624,null,3.31,3.31]
[null,90627,"PERFURATRIZ SOBRE ESTEIRA, TORQUE MÁXIMO 600 KGF, PESO MÉDIO 1000 KG, POTÊNCIA 20 HP, DIÂMETRO MÁXIMO 10\" - DEPRECIAÇÃO. AF_06/2015","H",52.86,90627,null,52.86,52.86]
[null,90628,"PERFURATRIZ SOBRE ESTEIRA, TORQUE MÁXIMO 600 KGF, PESO MÉDIO 1000 KG, POTÊNCIA 20 HP, DIÂMETRO MÁXIMO 10\" - JUROS. AF_06/2015","H",14.18,90628,null,14.18,14.18]
[null,90629,"PERFURATRIZ SOBRE ESTEIRA, TORQUE MÁXIMO 600 KGF, PESO MÉDIO 1000 KG, POTÊNCIA 20 HP, DIÂMETRO MÁXIMO 10\" - MANUTENÇÃO. AF_06/2015","H",66.150000000000006,90629,null,66.150000000000006,66.150000000000006]
[null,90630,"PERFURATRIZ SOBRE ESTEIRA, TORQUE MÁXIMO 600 KGF, PESO MÉDIO 1000 KG, POTÊNCIA 20 HP, DIÂMETRO MÁXIMO 10\" - MATERIAIS NA OPERAÇÃO. AF_06/2015","H",1.57,90630,null,1.57,1.57]
[null,90633,"MISTURADOR DUPLO HORIZONTAL DE ALTA TURBULÊNCIA, CAPACIDADE / VOLUME 2 X 500 LITROS, MOTORES ELÉTRICOS MÍNIMO 5 CV CADA, PARA NATA CIMENTO, ARGAMASSA E OUTROS - DEPRECIAÇÃO. AF_06/2015","H",4.41,90633,null,4.41,4.41]
[null,90634,"MISTURADOR DUPLO HORIZONTAL DE ALTA TURBULÊNCIA, CAPACIDADE / VOLUME 2 X 500 LITROS, MOTORES ELÉTRICOS MÍNIMO 5 CV CADA, PARA NATA CIMENTO, ARGAMASSA E OUTROS - JUROS. AF_06/2015","H",1.02,90634,null,1.02,1.02]
[null,90635,"MISTURADOR DUPLO HORIZONTAL DE ALTA TURBULÊNCIA, CAPACIDADE / VOLUME 2 X 500 LITROS, MOTORES ELÉTRICOS MÍNIMO 5 CV CADA, PARA NATA CIMENTO, ARGAMASSA E OUTROS - MANUTENÇÃO. AF_06/2015","H",4.82,90635,null,4.82,4.82]
[null,90636,"MISTURADOR DUPLO HORIZONTAL DE ALTA TURBULÊNCIA, CAPACIDADE / VOLUME 2 X 500 LITROS, MOTORES ELÉTRICOS MÍNIMO 5 CV CADA, PARA NATA CIMENTO, ARGAMASSA E OUTROS - MATERIAIS NA OPERAÇÃO. AF_06/2015","H",6.63,90636,null,6.63,6.63]
[null,90639,"BOMBA TRIPLEX, PARA INJEÇÃO DE NATA DE CIMENTO, VAZÃO MÁXIMA DE 100 LITROS/MINUTO, PRESSÃO MÁXIMA DE 70 BAR - DEPRECIAÇÃO. AF_06/2015","H",6.58,90639,null,6.58,6.58]
[null,90640,"BOMBA TRIPLEX, PARA INJEÇÃO DE NATA DE CIMENTO, VAZÃO MÁXIMA DE 100 LITROS/MINUTO, PRESSÃO MÁXIMA DE 70 BAR - JUROS. AF_06/2015","H",1.52,90640,null,1.52,1.52]
[null,90641,"BOMBA TRIPLEX, PARA INJEÇÃO DE NATA DE CIMENTO, VAZÃO MÁXIMA DE 100 LITROS/MINUTO, PRESSÃO MÁXIMA DE 70 BAR - MANUTENÇÃO. AF_06/2015","H",7.2,90641,null,7.2,7.2]
[null,90642,"BOMBA TRIPLEX, PARA INJEÇÃO DE NATA DE CIMENTO, VAZÃO MÁXIMA DE 100 LITROS/MINUTO, PRESSÃO MÁXIMA DE 70 BAR - MATERIAIS NA OPERAÇÃO. AF_06/2015","H",13.1,90642,null,13.1,13.1]
[null,90646,"BOMBA CENTRÍFUGA MONOESTÁGIO COM MOTOR ELÉTRICO MONOFÁSICO, POTÊNCIA 15 HP, DIÂMETRO DO ROTOR 173 MM, HM/Q = 30 MCA / 90 M3/H A 45 MCA / 55 M3/H - DEPRECIAÇÃO. AF_06/2015","H",0.79,90646,null,0.79,0.79]
[null,90647,"BOMBA CENTRÍFUGA MONOESTÁGIO COM MOTOR ELÉTRICO MONOFÁSICO, POTÊNCIA 15 HP, DIÂMETRO DO ROTOR 173 MM, HM/Q = 30 MCA / 90 M3/H A 45 MCA / 55 M3/H - JUROS. AF_06/2015","H",0.18,90647,null,0.18,0.18]
[null,90648,"BOMBA CENTRÍFUGA MONOESTÁGIO COM MOTOR ELÉTRICO MONOFÁSICO, POTÊNCIA 15 HP, DIÂMETRO DO ROTOR 173 MM, HM/Q = 30 MCA / 90 M3/H A 45 MCA / 55 M3/H - MANUTENÇÃO. AF_06/2015","H",0.86,90648,null,0.86,0.86]
[null,90649,"BOMBA CENTRÍFUGA MONOESTÁGIO COM MOTOR ELÉTRICO MONOFÁSICO, POTÊNCIA 15 HP, DIÂMETRO DO ROTOR 173 MM, HM/Q = 30 MCA / 90 M3/H A 45 MCA / 55 M3/H - MATERIAIS NA OPERAÇÃO. AF_06/2015","H",10.27,90649,null,10.27,10.27]
[null,90652,"BOMBA DE PROJEÇÃO DE CONCRETO SECO, POTÊNCIA 10 CV, VAZÃO 3 M3/H - DEPRECIAÇÃO. AF_06/2015","H",4.28,90652,null,4.28,4.28]
[null,90653,"BOMBA DE PROJEÇÃO DE CONCRETO SECO, POTÊNCIA 10 CV, VAZÃO 3 M3/H - JUROS. AF_06/2015","H",0.99,90653,null,0.99,0.99]
[null,90654,"BOMBA DE PROJEÇÃO DE CONCRETO SECO, POTÊNCIA 10 CV, VAZÃO 3 M3/H - MANUTENÇÃO. AF_06/2015","H",4.6900000000000004,90654,null,4.6900000000000004,4.6900000000000004]
[null,90655,"BOMBA DE PROJEÇÃO DE CONCRETO SECO, POTÊNCIA 10 CV, VAZÃO 3 M3/H - MATERIAIS NA OPERAÇÃO. AF_06/2015","H",6.76,90655,null,6.76,6.76]
[null,90658,"BOMBA DE PROJEÇÃO DE CONCRETO SECO, POTÊNCIA 10 CV, VAZÃO 6 M3/H - DEPRECIAÇÃO. AF_06/2015","H",4.59,90658,null,4.59,4.59]
[null,90659,"BOMBA DE PROJEÇÃO DE CONCRETO SECO, POTÊNCIA 10 CV, VAZÃO 6 M3/H - JUROS. AF_06/2015","H",1.06,90659,null,1.06,1.06]
[null,90660,"BOMBA DE PROJEÇÃO DE CONCRETO SECO, POTÊNCIA 10 CV, VAZÃO 6 M3/H - MANUTENÇÃO. AF_06/2015","H",5.0199999999999996,90660,null,5.0199999999999996,5.0199999999999996]
[null,90661,"BOMBA DE PROJEÇÃO DE CONCRETO SECO, POTÊNCIA 10 CV, VAZÃO 6 M3/H - MATERIAIS NA OPERAÇÃO. AF_06/2015","H",6.76,90661,null,6.76,6.76]
[null,90664,"PROJETOR PNEUMÁTICO DE ARGAMASSA PARA CHAPISCO E REBOCO COM RECIPIENTE ACOPLADO, TIPO CANEQUINHA, COM COMPRESSOR DE AR REBOCÁVEL VAZÃO 89 PCM E MOTOR DIESEL DE 20 CV - DEPRECIAÇÃO. AF_05/2023","H",7.14,90664,null,7.14,7.14]
[null,90665,"PROJETOR PNEUMÁTICO DE ARGAMASSA PARA CHAPISCO E REBOCO COM RECIPIENTE ACOPLADO, TIPO CANEQUINHA, COM COMPRESSOR DE AR REBOCÁVEL VAZÃO 89 PCM E MOTOR DIESEL DE 20 CV - JUROS. AF_05/2023","H",1.9,90665,null,1.9,1.9]
[null,90666,"PROJETOR PNEUMÁTICO DE ARGAMASSA PARA CHAPISCO E REBOCO COM RECIPIENTE ACOPLADO, TIPO CANEQUINHA, COM COMPRESSOR DE AR REBOCÁVEL VAZÃO 89 PCM E MOTOR DIESEL DE 20 CV - MANUTENÇÃO. AF_05/2023","H",8.94,90666,null,8.94,8.94]
[null,90667,"PROJETOR PNEUMÁTICO DE ARGAMASSA PARA CHAPISCO E REBOCO COM RECIPIENTE ACOPLADO, TIPO CANEQUINHA, COM COMPRESSOR DE AR REBOCÁVEL VAZÃO 89 PCM E MOTOR DIESEL DE 20 CV - MATERIAIS NA OPERAÇÃO. AF_05/2023","H",15.6,90667,null,15.6,15.6]
[null,90670,"PERFURATRIZ COM TORRE METÁLICA PARA EXECUÇÃO DE ESTACA HÉLICE CONTÍNUA, PROFUNDIDADE MÁXIMA DE 30 M, DIÂMETRO MÁXIMO DE 800 MM, POTÊNCIA INSTALADA DE 268 HP, MESA ROTATIVA COM TORQUE MÁXIMO DE 170 KNM - DEPRECIAÇÃO. AF_06/2015","H",238.49,90670,null,238.49,238.49]
[null,90671,"PERFURATRIZ COM TORRE METÁLICA PARA EXECUÇÃO DE ESTACA HÉLICE CONTÍNUA, PROFUNDIDADE MÁXIMA DE 30 M, DIÂMETRO MÁXIMO DE 800 MM, POTÊNCIA INSTALADA DE 268 HP, MESA ROTATIVA COM TORQUE MÁXIMO DE 170 KNM - JUROS. AF_06/2015","H",63.98,90671,null,63.98,63.98]
[null,90672,"PERFURATRIZ COM TORRE METÁLICA PARA EXECUÇÃO DE ESTACA HÉLICE CONTÍNUA, PROFUNDIDADE MÁXIMA DE 30 M, DIÂMETRO MÁXIMO DE 800 MM, POTÊNCIA INSTALADA DE 268 HP, MESA ROTATIVA COM TORQUE MÁXIMO DE 170 KNM - MANUTENÇÃO. AF_06/2015","H",298.45,90672,null,298.45,298.45]
[null,90673,"PERFURATRIZ COM TORRE METÁLICA PARA EXECUÇÃO DE ESTACA HÉLICE CONTÍNUA, PROFUNDIDADE MÁXIMA DE 30 M, DIÂMETRO MÁXIMO DE 800 MM, POTÊNCIA INSTALADA DE 268 HP, MESA ROTATIVA COM TORQUE MÁXIMO DE 170 KNM - MATERIAIS NA OPERAÇÃO. AF_06/2015","H",124.73,90673,null,124.73,124.73]
[null,90676,"PERFURATRIZ HIDRÁULICA SOBRE CAMINHÃO COM TRADO CURTO ACOPLADO, PROFUNDIDADE MÁXIMA DE 20 M, DIÂMETRO MÁXIMO DE 1500 MM, POTÊNCIA INSTALADA DE 137 HP, MESA ROTATIVA COM TORQUE MÁXIMO DE 30 KNM - DEPRECIAÇÃO. AF_06/2015","H",97.51,90676,null,97.51,97.51]
[null,90677,"PERFURATRIZ HIDRÁULICA SOBRE CAMINHÃO COM TRADO CURTO ACOPLADO, PROFUNDIDADE MÁXIMA DE 20 M, DIÂMETRO MÁXIMO DE 1500 MM, POTÊNCIA INSTALADA DE 137 HP, MESA ROTATIVA COM TORQUE MÁXIMO DE 30 KNM - JUROS. AF_06/2015","H",29.47,90677,null,29.47,29.47]
[null,90678,"PERFURATRIZ HIDRÁULICA SOBRE CAMINHÃO COM TRADO CURTO ACOPLADO, PROFUNDIDADE MÁXIMA DE 20 M, DIÂMETRO MÁXIMO DE 1500 MM, POTÊNCIA INSTALADA DE 137 HP, MESA ROTATIVA COM TORQUE MÁXIMO DE 30 KNM - MANUTENÇÃO. AF_06/2015","H",136.44999999999999,90678,null,136.44999999999999,136.44999999999999]
[null,90679,"PERFURATRIZ HIDRÁULICA SOBRE CAMINHÃO COM TRADO CURTO ACOPLADO, PROFUNDIDADE MÁXIMA DE 20 M, DIÂMETRO MÁXIMO DE 1500 MM, POTÊNCIA INSTALADA DE 137 HP, MESA ROTATIVA COM TORQUE MÁXIMO DE 30 KNM - MATERIAIS NA OPERAÇÃO. AF_06/2015","H",95.65,90679,null,95.65,95.65]
[null,90682,"MANIPULADOR TELESCÓPICO, POTÊNCIA DE 85 HP, CAPACIDADE DE CARGA DE 3.500 KG, ALTURA MÁXIMA DE ELEVAÇÃO DE 12,3 M - DEPRECIAÇÃO. AF_05/2023","H",{"$f":"IF($K$2=$H$1,H1091,I1091)","v":39.46},{"$f":"IF(LEN($B1091)=7,CONCATENATE(MID($B1091,1,6),\"00\",RIGHT($B1091,1)),IF(LEN($B1091)=8,CONCATENATE(MID($B1091,1,6),\"0\",RIGHT($B1091,2)),$B1091))","v":90682},null,39.46,39.46]
[null,90683,"MANIPULADOR TELESCÓPICO, POTÊNCIA DE 85 HP, CAPACIDADE DE CARGA DE 3.500 KG, ALTURA MÁXIMA DE ELEVAÇÃO DE 12,3 M - JUROS. AF_05/2023","H",9.1199999999999992,90683,null,9.1199999999999992,9.1199999999999992]
[null,90684,"MANIPULADOR TELESCÓPICO, POTÊNCIA DE 85 HP, CAPACIDADE DE CARGA DE 3.500 KG, ALTURA MÁXIMA DE ELEVAÇÃO DE 12,3 M - MANUTENÇÃO. AF_05/2023","H",43.16,90684,null,43.16,43.16]
[null,90685,"MANIPULADOR TELESCÓPICO, POTÊNCIA DE 85 HP, CAPACIDADE DE CARGA DE 3.500 KG, ALTURA MÁXIMA DE ELEVAÇÃO DE 12,3 M - MATERIAIS NA OPERAÇÃO. AF_05/2023","H",59.34,90685,null,59.34,59.34]
[null,90688,"MINICARREGADEIRA SOBRE RODAS, POTÊNCIA LÍQUIDA DE 47 HP, CAPACIDADE NOMINAL DE OPERAÇÃO DE 646 KG - DEPRECIAÇÃO. AF_06/2015","H",28.8,90688,null,28.8,28.8]
[null,90689,"MINICARREGADEIRA SOBRE RODAS, POTÊNCIA LÍQUIDA DE 47 HP, CAPACIDADE NOMINAL DE OPERAÇÃO DE 646 KG - JUROS. AF_06/2015","H",5.68,90689,null,5.68,5.68]
[null,90690,"MINICARREGADEIRA SOBRE RODAS, POTÊNCIA LÍQUIDA DE 47 HP, CAPACIDADE NOMINAL DE OPERAÇÃO DE 646 KG - MANUTENÇÃO. AF_06/2015","H",36,90690,null,36,36]
[null,90691,"MINICARREGADEIRA SOBRE RODAS, POTÊNCIA LÍQUIDA DE 47 HP, CAPACIDADE NOMINAL DE OPERAÇÃO DE 646 KG - MATERIAIS NA OPERAÇÃO. AF_06/2015","H",41.55,90691,null,41.55,41.55]
[null,90957,"COMPRESSOR DE AR REBOCÁVEL, VAZÃO 189 PCM, PRESSÃO EFETIVA DE TRABALHO 102 PSI, MOTOR DIESEL, POTÊNCIA 63 CV - DEPRECIAÇÃO. AF_06/2015","H",5.32,90957,null,5.32,5.32]
[null,90958,"COMPRESSOR DE AR REBOCÁVEL, VAZÃO 189 PCM, PRESSÃO EFETIVA DE TRABALHO 102 PSI, MOTOR DIESEL, POTÊNCIA 63 CV - JUROS. AF_06/2015","H",1.42,90958,null,1.42,1.42]
[null,90960,"COMPRESSOR DE AR REBOCÁVEL, VAZÃO 89 PCM, PRESSÃO EFETIVA DE TRABALHO 102 PSI, MOTOR DIESEL, POTÊNCIA 20 CV - DEPRECIAÇÃO. AF_06/2015","H",7.1,90960,null,7.1,7.1]
[null,90961,"COMPRESSOR DE AR REBOCÁVEL, VAZÃO 89 PCM, PRESSÃO EFETIVA DE TRABALHO 102 PSI, MOTOR DIESEL, POTÊNCIA 20 CV - JUROS. AF_06/2015","H",1.9,90961,null,1.9,1.9]
[null,90962,"COMPRESSOR DE AR REBOCÁVEL, VAZÃO 89 PCM, PRESSÃO EFETIVA DE TRABALHO 102 PSI, MOTOR DIESEL, POTÊNCIA 20 CV - MANUTENÇÃO. AF_06/2015","H",8.89,90962,null,8.89,8.89]
[null,90963,"COMPRESSOR DE AR REBOCÁVEL, VAZÃO 89 PCM, PRESSÃO EFETIVA DE TRABALHO 102 PSI, MOTOR DIESEL, POTÊNCIA 20 CV - MATERIAIS NA OPERAÇÃO. AF_06/2015","H",15.6,90963,null,15.6,15.6]
[null,90968,"COMPRESSOR DE AR REBOCAVEL, VAZÃO 250 PCM, PRESSAO DE TRABALHO 102 PSI, MOTOR A DIESEL POTÊNCIA 81 CV - DEPRECIAÇÃO. AF_06/2015","H",7.12,90968,null,7.12,7.12]
[null,90969,"COMPRESSOR DE AR REBOCAVEL, VAZÃO 250 PCM, PRESSAO DE TRABALHO 102 PSI, MOTOR A DIESEL POTÊNCIA 81 CV - JUROS. AF_06/2015","H",1.91,90969,null,1.91,1.91]
[null,90970,"COMPRESSOR DE AR REBOCAVEL, VAZÃO 250 PCM, PRESSAO DE TRABALHO 102 PSI, MOTOR A DIESEL POTÊNCIA 81 CV - MANUTENÇÃO. AF_06/2015","H",8.91,90970,null,8.91,8.91]
[null,90971,"COMPRESSOR DE AR REBOCAVEL, VAZÃO 250 PCM, PRESSAO DE TRABALHO 102 PSI, MOTOR A DIESEL POTÊNCIA 81 CV - MATERIAIS NA OPERAÇÃO. AF_06/2015","H",63.21,90971,null,63.21,63.21]
[null,90975,"COMPRESSOR DE AR REBOCÁVEL, VAZÃO 748 PCM, PRESSÃO EFETIVA DE TRABALHO 102 PSI, MOTOR DIESEL, POTÊNCIA 210 CV - DEPRECIAÇÃO. AF_06/2015","H",18.09,90975,null,18.09,18.09]
[null,90976,"COMPRESSOR DE AR REBOCÁVEL, VAZÃO 748 PCM, PRESSÃO EFETIVA DE TRABALHO 102 PSI, MOTOR DIESEL, POTÊNCIA 210 CV - JUROS. AF_06/2015","H",4.8499999999999996,90976,null,4.8499999999999996,4.8499999999999996]
[null,90977,"COMPRESSOR DE AR REBOCÁVEL, VAZÃO 748 PCM, PRESSÃO EFETIVA DE TRABALHO 102 PSI, MOTOR DIESEL, POTÊNCIA 210 CV - MANUTENÇÃO. AF_06/2015","H",22.63,90977,null,22.63,22.63]
[null,90978,"COMPRESSOR DE AR REBOCÁVEL, VAZÃO 748 PCM, PRESSÃO EFETIVA DE TRABALHO 102 PSI, MOTOR DIESEL, POTÊNCIA 210 CV - MATERIAIS NA OPERAÇÃO. AF_06/2015","H",163.98,90978,null,163.98,163.98]
[null,90992,"COMPRESSOR DE AR REBOCAVEL, VAZÃO 400 PCM, PRESSAO DE TRABALHO 102 PSI, MOTOR A DIESEL POTÊNCIA 110 CV - DEPRECIAÇÃO. AF_06/2015","H",8.4499999999999993,90992,null,8.4499999999999993,8.4499999999999993]
[null,90993,"COMPRESSOR DE AR REBOCAVEL, VAZÃO 400 PCM, PRESSAO DE TRABALHO 102 PSI, MOTOR A DIESEL POTÊNCIA 110 CV - JUROS. AF_06/2015","H",2.2599999999999998,90993,null,2.2599999999999998,2.2599999999999998]
[null,90994,"COMPRESSOR DE AR REBOCAVEL, VAZÃO 400 PCM, PRESSAO DE TRABALHO 102 PSI, MOTOR A DIESEL POTÊNCIA 110 CV - MANUTENÇÃO. AF_06/2015","H",10.57,90994,null,10.57,10.57]
[null,90995,"COMPRESSOR DE AR REBOCAVEL, VAZÃO 400 PCM, PRESSAO DE TRABALHO 102 PSI, MOTOR A DIESEL POTÊNCIA 110 CV - MATERIAIS NA OPERAÇÃO. AF_06/2015","H",85.86,90995,null,85.86,85.86]
[null,91021,"PERFURATRIZ HIDRÁULICA SOBRE CAMINHÃO COM TRADO CURTO ACOPLADO, PROFUNDIDADE MÁXIMA DE 20 M, DIÂMETRO MÁXIMO DE 1500 MM, POTÊNCIA INSTALADA DE 137 HP, MESA ROTATIVA COM TORQUE MÁXIMO DE 30 KNM - IMPOSTOS E SEGUROS. AF_06/2015","H",11.94,91021,null,11.94,11.94]
[null,91026,"CAMINHÃO TRUCADO (C/ TERCEIRO EIXO) ELETRÔNICO - POTÊNCIA 231CV - PBT = 22000KG - DIST. ENTRE EIXOS 5170 MM - INCLUI CARROCERIA FIXA ABERTA DE MADEIRA - DEPRECIAÇÃO. AF_06/2015","H",24.76,91026,null,24.76,24.76]
[null,91027,"CAMINHÃO TRUCADO (C/ TERCEIRO EIXO) ELETRÔNICO - POTÊNCIA 231CV - PBT = 22000KG - DIST. ENTRE EIXOS 5170 MM - INCLUI CARROCERIA FIXA ABERTA DE MADEIRA - JUROS. AF_06/2015","H",9.93,91027,null,9.93,9.93]
[null,91028,"CAMINHÃO TRUCADO (C/ TERCEIRO EIXO) ELETRÔNICO - POTÊNCIA 231CV - PBT = 22000KG - DIST. ENTRE EIXOS 5170 MM - INCLUI CARROCERIA FIXA ABERTA DE MADEIRA - IMPOSTOS E SEGUROS. AF_06/2015","H",4.01,91028,null,4.01,4.01]
[null,91029,"CAMINHÃO TRUCADO (C/ TERCEIRO EIXO) ELETRÔNICO - POTÊNCIA 231CV - PBT = 22000KG - DIST. ENTRE EIXOS 5170 MM - INCLUI CARROCERIA FIXA ABERTA DE MADEIRA - MANUTENÇÃO. AF_06/2015","H",45.39,91029,null,45.39,45.39]
[null,91030,"CAMINHÃO TRUCADO (C/ TERCEIRO EIXO) ELETRÔNICO - POTÊNCIA 231CV - PBT = 22000KG - DIST. ENTRE EIXOS 5170 MM - INCLUI CARROCERIA FIXA ABERTA DE MADEIRA - MATERIAIS NA OPERAÇÃO. AF_06/2015","H",153,91030,null,153,153]
[null,91273,"PLACA VIBRATÓRIA REVERSÍVEL COM MOTOR 4 TEMPOS A GASOLINA, FORÇA CENTRÍFUGA DE 25 KN (2500 KGF), POTÊNCIA 5,5 CV - DEPRECIAÇÃO. AF_08/2015","H",0.6,91273,null,0.6,0.6]
[null,91274,"PLACA VIBRATÓRIA REVERSÍVEL COM MOTOR 4 TEMPOS A GASOLINA, FORÇA CENTRÍFUGA DE 25 KN (2500 KGF), POTÊNCIA 5,5 CV - JUROS. AF_08/2015","H",0.16,91274,null,0.16,0.16]
[null,91275,"PLACA VIBRATÓRIA REVERSÍVEL COM MOTOR 4 TEMPOS A GASOLINA, FORÇA CENTRÍFUGA DE 25 KN (2500 KGF), POTÊNCIA 5,5 CV - MANUTENÇÃO. AF_08/2015","H",0.75,91275,null,0.75,0.75]
[null,91276,"PLACA VIBRATÓRIA REVERSÍVEL COM MOTOR 4 TEMPOS A GASOLINA, FORÇA CENTRÍFUGA DE 25 KN (2500 KGF), POTÊNCIA 5,5 CV - MATERIAIS NA OPERAÇÃO. AF_08/2015","H",8.8699999999999992,91276,null,8.8699999999999992,8.8699999999999992]
[null,91279,"CORTADORA DE PISO COM MOTOR 4 TEMPOS A GASOLINA, POTÊNCIA DE 13 HP, COM DISCO DE CORTE DIAMANTADO SEGMENTADO PARA CONCRETO, DIÂMETRO DE 350 MM, FURO DE 1\" (14 X 1\") - DEPRECIAÇÃO. AF_08/2015","H",0.92,91279,null,0.92,0.92]
[null,91280,"CORTADORA DE PISO COM MOTOR 4 TEMPOS A GASOLINA, POTÊNCIA DE 13 HP, COM DISCO DE CORTE DIAMANTADO SEGMENTADO PARA CONCRETO, DIÂMETRO DE 350 MM, FURO DE 1\" (14 X 1\") - JUROS. AF_08/2015","H",0.2,91280,null,0.2,0.2]
[null,91281,"CORTADORA DE PISO COM MOTOR 4 TEMPOS A GASOLINA, POTÊNCIA DE 13 HP, COM DISCO DE CORTE DIAMANTADO SEGMENTADO PARA CONCRETO, DIÂMETRO DE 350 MM, FURO DE 1\" (14 X 1\") - MANUTENÇÃO. AF_08/2015","H",1.1499999999999999,91281,null,1.1499999999999999,1.1499999999999999]
[null,91282,"CORTADORA DE PISO COM MOTOR 4 TEMPOS A GASOLINA, POTÊNCIA DE 13 HP, COM DISCO DE CORTE DIAMANTADO SEGMENTADO PARA CONCRETO, DIÂMETRO DE 350 MM, FURO DE 1\" (14 X 1\") - MATERIAIS NA OPERAÇÃO. AF_08/2015","H",8.93,91282,null,8.93,8.93]
[null,91354,"CAMINHÃO TOCO, PESO BRUTO TOTAL 14.300 KG, CARGA ÚTIL MÁXIMA 9590 KG, DISTÂNCIA ENTRE EIXOS 4,76 M, POTÊNCIA 185 CV (NÃO INCLUI CARROCERIA) - DEPRECIAÇÃO. AF_06/2014","H",17.61,91354,null,17.61,17.61]
[null,91355,"CAMINHÃO TOCO, PESO BRUTO TOTAL 14.300 KG, CARGA ÚTIL MÁXIMA 9590 KG, DISTÂNCIA ENTRE EIXOS 4,76 M, POTÊNCIA 185 CV (NÃO INCLUI CARROCERIA) - JUROS. AF_06/2014","H",7.24,91355,null,7.24,7.24]
[null,91356,"CAMINHÃO TOCO, PESO BRUTO TOTAL 14.300 KG, CARGA ÚTIL MÁXIMA 9590 KG, DISTÂNCIA ENTRE EIXOS 4,76 M, POTÊNCIA 185 CV (NÃO INCLUI CARROCERIA) - IMPOSTOS E SEGUROS. AF_06/2014","H",2.92,91356,null,2.92,2.92]
[null,91359,"CAMINHÃO PIPA 6.000 L, PESO BRUTO TOTAL 13.000 KG, DISTÂNCIA ENTRE EIXOS 4,80 M, POTÊNCIA 189 CV INCLUSIVE TANQUE DE AÇO PARA TRANSPORTE DE ÁGUA, CAPACIDADE 6 M3 - DEPRECIAÇÃO. AF_06/2014","H",20.99,91359,null,20.99,20.99]
[null,91360,"CAMINHÃO PIPA 6.000 L, PESO BRUTO TOTAL 13.000 KG, DISTÂNCIA ENTRE EIXOS 4,80 M, POTÊNCIA 189 CV INCLUSIVE TANQUE DE AÇO PARA TRANSPORTE DE ÁGUA, CAPACIDADE 6 M3 - JUROS. AF_06/2014","H",8.0299999999999994,91360,null,8.0299999999999994,8.0299999999999994]
[null,91361,"CAMINHÃO PIPA 6.000 L, PESO BRUTO TOTAL 13.000 KG, DISTÂNCIA ENTRE EIXOS 4,80 M, POTÊNCIA 189 CV INCLUSIVE TANQUE DE AÇO PARA TRANSPORTE DE ÁGUA, CAPACIDADE 6 M3 - IMPOSTOS E SEGUROS. AF_06/2014","H",3.24,91361,null,3.24,3.24]
[null,91367,"CAMINHÃO BASCULANTE 6 M3, PESO BRUTO TOTAL 16.000 KG, CARGA ÚTIL MÁXIMA 13.071 KG, DISTÂNCIA ENTRE EIXOS 4,80 M, POTÊNCIA 230 CV INCLUSIVE CAÇAMBA METÁLICA - DEPRECIAÇÃO. AF_06/2014","H",22.18,91367,null,22.18,22.18]
[null,91368,"CAMINHÃO BASCULANTE 6 M3, PESO BRUTO TOTAL 16.000 KG, CARGA ÚTIL MÁXIMA 13.071 KG, DISTÂNCIA ENTRE EIXOS 4,80 M, POTÊNCIA 230 CV INCLUSIVE CAÇAMBA METÁLICA - JUROS. AF_06/2014","H",8.51,91368,null,8.51,8.51]
[null,91369,"CAMINHÃO BASCULANTE 6 M3, PESO BRUTO TOTAL 16.000 KG, CARGA ÚTIL MÁXIMA 13.071 KG, DISTÂNCIA ENTRE EIXOS 4,80 M, POTÊNCIA 230 CV INCLUSIVE CAÇAMBA METÁLICA - IMPOSTOS E SEGUROS. AF_06/2014","H",3.43,91369,null,3.43,3.43]
[null,91375,"CAMINHÃO TOCO, PESO BRUTO TOTAL 16.000 KG, CARGA ÚTIL MÁXIMA DE 10.685 KG, DISTÂNCIA ENTRE EIXOS 4,80 M, POTÊNCIA 189 CV EXCLUSIVE CARROCERIA - DEPRECIAÇÃO. AF_06/2014","H",19.34,91375,null,19.34,19.34]
[null,91376,"CAMINHÃO TOCO, PESO BRUTO TOTAL 16.000 KG, CARGA ÚTIL MÁXIMA DE 10.685 KG, DISTÂNCIA ENTRE EIXOS 4,80 M, POTÊNCIA 189 CV EXCLUSIVE CARROCERIA - JUROS. AF_06/2014","H",7.95,91376,null,7.95,7.95]
[null,91377,"CAMINHÃO TOCO, PESO BRUTO TOTAL 16.000 KG, CARGA ÚTIL MÁXIMA DE 10.685 KG, DISTÂNCIA ENTRE EIXOS 4,80 M, POTÊNCIA 189 CV EXCLUSIVE CARROCERIA - IMPOSTOS E SEGUROS. AF_06/2014","H",3.21,91377,null,3.21,3.21]
[null,91380,"CAMINHÃO BASCULANTE 10 M3, TRUCADO CABINE SIMPLES, PESO BRUTO TOTAL 23.000 KG, CARGA ÚTIL MÁXIMA 15.935 KG, DISTÂNCIA ENTRE EIXOS 4,80 M, POTÊNCIA 230 CV INCLUSIVE CAÇAMBA METÁLICA - DEPRECIAÇÃO. AF_06/2014","H",29.18,91380,null,29.18,29.18]
[null,91381,"CAMINHÃO BASCULANTE 10 M3, TRUCADO CABINE SIMPLES, PESO BRUTO TOTAL 23.000 KG, CARGA ÚTIL MÁXIMA 15.935 KG, DISTÂNCIA ENTRE EIXOS 4,80 M, POTÊNCIA 230 CV INCLUSIVE CAÇAMBA METÁLICA - JUROS. AF_06/2014","H",11.2,91381,null,11.2,11.2]
[null,91382,"CAMINHÃO BASCULANTE 10 M3, TRUCADO CABINE SIMPLES, PESO BRUTO TOTAL 23.000 KG, CARGA ÚTIL MÁXIMA 15.935 KG, DISTÂNCIA ENTRE EIXOS 4,80 M, POTÊNCIA 230 CV INCLUSIVE CAÇAMBA METÁLICA - IMPOSTOS E SEGUROS. AF_06/2014","H",4.5199999999999996,91382,null,4.5199999999999996,4.5199999999999996]
[null,91383,"CAMINHÃO BASCULANTE 10 M3, TRUCADO CABINE SIMPLES, PESO BRUTO TOTAL 23.000 KG, CARGA ÚTIL MÁXIMA 15.935 KG, DISTÂNCIA ENTRE EIXOS 4,80 M, POTÊNCIA 230 CV INCLUSIVE CAÇAMBA METÁLICA - MANUTENÇÃO. AF_06/2014","H",52.51,91383,null,52.51,52.51]
[null,91384,"CAMINHÃO BASCULANTE 10 M3, TRUCADO CABINE SIMPLES, PESO BRUTO TOTAL 23.000 KG, CARGA ÚTIL MÁXIMA 15.935 KG, DISTÂNCIA ENTRE EIXOS 4,80 M, POTÊNCIA 230 CV INCLUSIVE CAÇAMBA METÁLICA - MATERIAIS NA OPERAÇÃO. AF_06/2014","H",147.88,91384,null,147.88,147.88]
[null,91390,"CAMINHÃO TOCO, PBT 14.300 KG, CARGA ÚTIL MÁX. 9.710 KG, DIST. ENTRE EIXOS 3,56 M, POTÊNCIA 185 CV, INCLUSIVE CARROCERIA FIXA ABERTA DE MADEIRA P/ TRANSPORTE GERAL DE CARGA SECA, DIMEN. APROX. 2,50 X 6,50 X 0,50 M - DEPRECIAÇÃO. AF_06/2014","H",19.25,91390,null,19.25,19.25]
[null,91391,"CAMINHÃO TOCO, PBT 14.300 KG, CARGA ÚTIL MÁX. 9.710 KG, DIST. ENTRE EIXOS 3,56 M, POTÊNCIA 185 CV, INCLUSIVE CARROCERIA FIXA ABERTA DE MADEIRA P/ TRANSPORTE GERAL DE CARGA SECA, DIMEN. APROX. 2,50 X 6,50 X 0,50 M - JUROS. AF_06/2014","H",7.67,91391,null,7.67,7.67]
[null,91392,"CAMINHÃO TOCO, PBT 14.300 KG, CARGA ÚTIL MÁX. 9.710 KG, DIST. ENTRE EIXOS 3,56 M, POTÊNCIA 185 CV, INCLUSIVE CARROCERIA FIXA ABERTA DE MADEIRA P/ TRANSPORTE GERAL DE CARGA SECA, DIMEN. APROX. 2,50 X 6,50 X 0,50 M - IMPOSTOS E SEGUROS. AF_06/2014","H",3.09,91392,null,3.09,3.09]
[null,91396,"CAMINHÃO PIPA 10.000 L TRUCADO, PESO BRUTO TOTAL 23.000 KG, CARGA ÚTIL MÁXIMA 15.935 KG, DISTÂNCIA ENTRE EIXOS 4,8 M, POTÊNCIA 230 CV, INCLUSIVE TANQUE DE AÇO PARA TRANSPORTE DE ÁGUA - DEPRECIAÇÃO. AF_06/2014","H",29.11,91396,null,29.11,29.11]
[null,91397,"CAMINHÃO PIPA 10.000 L TRUCADO, PESO BRUTO TOTAL 23.000 KG, CARGA ÚTIL MÁXIMA 15.935 KG, DISTÂNCIA ENTRE EIXOS 4,8 M, POTÊNCIA 230 CV, INCLUSIVE TANQUE DE AÇO PARA TRANSPORTE DE ÁGUA - JUROS. AF_06/2014","H",11.25,91397,null,11.25,11.25]
[null,91398,"CAMINHÃO PIPA 10.000 L TRUCADO, PESO BRUTO TOTAL 23.000 KG, CARGA ÚTIL MÁXIMA 15.935 KG, DISTÂNCIA ENTRE EIXOS 4,8 M, POTÊNCIA 230 CV, INCLUSIVE TANQUE DE AÇO PARA TRANSPORTE DE ÁGUA - IMPOSTOS E SEGUROS. AF_06/2014","H",4.54,91398,null,4.54,4.54]
[null,91402,"CAMINHÃO BASCULANTE 6 M3 TOCO, PESO BRUTO TOTAL 16.000 KG, CARGA ÚTIL MÁXIMA 11.130 KG, DISTÂNCIA ENTRE EIXOS 5,36 M, POTÊNCIA 185 CV, INCLUSIVE CAÇAMBA METÁLICA - IMPOSTOS E SEGUROS. AF_06/2014","H",3.56,91402,null,3.56,3.56]
[null,91466,"GUINDAUTO HIDRÁULICO, CAPACIDADE MÁXIMA DE CARGA 6200 KG, MOMENTO MÁXIMO DE CARGA 11,7 TM, ALCANCE MÁXIMO HORIZONTAL 9,70 M, INCLUSIVE CAMINHÃO TOCO PBT 16.000 KG, POTÊNCIA DE 189 CV - IMPOSTOS E SEGUROS. AF_08/2015","H",{"$f":"IF($K$2=$H$1,H1155,I1155)","v":4.05},{"$f":"IF(LEN($B1155)=7,CONCATENATE(MID($B1155,1,6),\"00\",RIGHT($B1155,1)),IF(LEN($B1155)=8,CONCATENATE(MID($B1155,1,6),\"0\",RIGHT($B1155,2)),$B1155))","v":91466},null,4.05,4.05]
[null,91467,"GUINDAUTO HIDRÁULICO, CAPACIDADE MÁXIMA DE CARGA 6200 KG, MOMENTO MÁXIMO DE CARGA 11,7 TM, ALCANCE MÁXIMO HORIZONTAL 9,70 M, INCLUSIVE CAMINHÃO TOCO PBT 16.000 KG, POTÊNCIA DE 189 CV - MATERIAIS NA OPERAÇÃO. AF_08/2015","H",164.92,91467,null,164.92,164.92]
[null,91468,"ESPARGIDOR DE ASFALTO PRESSURIZADO, TANQUE 6 M3 COM ISOLAÇÃO TÉRMICA, AQUECIDO COM 2 MAÇARICOS, COM BARRA ESPARGIDORA 3,60 M, MONTADO SOBRE CAMINHÃO  TOCO, PBT 14.300 KG, POTÊNCIA 185 CV - DEPRECIAÇÃO. AF_05/2023","H",25.48,91468,null,25.48,25.48]
[null,91469,"ESPARGIDOR DE ASFALTO PRESSURIZADO, TANQUE 6 M3 COM ISOLAÇÃO TÉRMICA, AQUECIDO COM 2 MAÇARICOS, COM BARRA ESPARGIDORA 3,60 M, MONTADO SOBRE CAMINHÃO  TOCO, PBT 14.300 KG, POTÊNCIA 185 CV - JUROS. AF_05/2023","H",9.9700000000000006,91469,null,9.9700000000000006,9.9700000000000006]
[null,91484,"ESPARGIDOR DE ASFALTO PRESSURIZADO, TANQUE 6 M3 COM ISOLAÇÃO TÉRMICA, AQUECIDO COM 2 MAÇARICOS, COM BARRA ESPARGIDORA 3,60 M, MONTADO SOBRE CAMINHÃO  TOCO, PBT 14.300 KG, POTÊNCIA 185 CV - IMPOSTOS E SEGUROS. AF_05/2023","H",4.0199999999999996,91484,null,4.0199999999999996,4.0199999999999996]
[null,91485,"ESPARGIDOR DE ASFALTO PRESSURIZADO, TANQUE 6 M3 COM ISOLAÇÃO TÉRMICA, AQUECIDO COM 2 MAÇARICOS, COM BARRA ESPARGIDORA 3,60 M, MONTADO SOBRE CAMINHÃO  TOCO, PBT 14.300 KG, POTÊNCIA 185 CV - MATERIAIS NA OPERAÇÃO. AF_05/2023","H",161.41999999999999,91485,null,161.41999999999999,161.41999999999999]
[null,91529,"COMPACTADOR DE SOLOS DE PERCUSSÃO (SOQUETE) COM MOTOR A GASOLINA 4 TEMPOS, POTÊNCIA 4 CV - DEPRECIAÇÃO. AF_08/2015","H",0.88,91529,null,0.88,0.88]
[null,91530,"COMPACTADOR DE SOLOS DE PERCUSSÃO (SOQUETE) COM MOTOR A GASOLINA 4 TEMPOS, POTÊNCIA 4 CV - JUROS. AF_08/2015","H",0.23,91530,null,0.23,0.23]
[null,91531,"COMPACTADOR DE SOLOS DE PERCUSSÃO (SOQUETE) COM MOTOR A GASOLINA 4 TEMPOS, POTÊNCIA 4 CV - MANUTENÇÃO. AF_08/2015","H",1.1100000000000001,91531,null,1.1100000000000001,1.1100000000000001]
[null,91532,"COMPACTADOR DE SOLOS DE PERCUSSÃO (SOQUETE) COM MOTOR A GASOLINA 4 TEMPOS, POTÊNCIA 4 CV - MATERIAIS NA OPERAÇÃO. AF_08/2015","H",6.34,91532,null,6.34,6.34]
[null,91629,"GUINDAUTO HIDRÁULICO, CAPACIDADE MÁXIMA DE CARGA 6500 KG, MOMENTO MÁXIMO DE CARGA 5,8 TM, ALCANCE MÁXIMO HORIZONTAL 7,60 M, INCLUSIVE CAMINHÃO TOCO PBT 9.700 KG, POTÊNCIA DE 160 CV - DEPRECIAÇÃO. AF_08/2015","H",21.63,91629,null,21.63,21.63]
[null,91630,"GUINDAUTO HIDRÁULICO, CAPACIDADE MÁXIMA DE CARGA 6500 KG, MOMENTO MÁXIMO DE CARGA 5,8 TM, ALCANCE MÁXIMO HORIZONTAL 7,60 M, INCLUSIVE CAMINHÃO TOCO PBT 9.700 KG, POTÊNCIA DE 160 CV - JUROS. AF_08/2015","H",8.0399999999999991,91630,null,8.0399999999999991,8.0399999999999991]
[null,91631,"GUINDAUTO HIDRÁULICO, CAPACIDADE MÁXIMA DE CARGA 6500 KG, MOMENTO MÁXIMO DE CARGA 5,8 TM, ALCANCE MÁXIMO HORIZONTAL 7,60 M, INCLUSIVE CAMINHÃO TOCO PBT 9.700 KG, POTÊNCIA DE 160 CV - IMPOSTOS E SEGUROS. AF_08/2015","H",3.24,91631,null,3.24,3.24]
[null,91632,"GUINDAUTO HIDRÁULICO, CAPACIDADE MÁXIMA DE CARGA 6500 KG, MOMENTO MÁXIMO DE CARGA 5,8 TM, ALCANCE MÁXIMO HORIZONTAL 7,60 M, INCLUSIVE CAMINHÃO TOCO PBT 9.700 KG, POTÊNCIA DE 160 CV - MANUTENÇÃO. AF_08/2015","H",37.020000000000003,91632,null,37.020000000000003,37.020000000000003]
[null,91633,"GUINDAUTO HIDRÁULICO, CAPACIDADE MÁXIMA DE CARGA 6500 KG, MOMENTO MÁXIMO DE CARGA 5,8 TM, ALCANCE MÁXIMO HORIZONTAL 7,60 M, INCLUSIVE CAMINHÃO TOCO PBT 9.700 KG, POTÊNCIA DE 160 CV - MATERIAIS NA OPERAÇÃO. AF_08/2015","H",139.58000000000001,91633,null,139.58000000000001,139.58000000000001]
[null,91640,"CAMINHÃO DE TRANSPORTE DE MATERIAL ASFÁLTICO 30.000 L, COM CAVALO MECÂNICO DE CAPACIDADE MÁXIMA DE TRAÇÃO COMBINADO DE 66.000 KG, POTÊNCIA 360 CV, INCLUSIVE TANQUE DE ASFALTO COM SERPENTINA - DEPRECIAÇÃO. AF_08/2015","H",41.47,91640,null,41.47,41.47]
[null,91641,"CAMINHÃO DE TRANSPORTE DE MATERIAL ASFÁLTICO 30.000 L, COM CAVALO MECÂNICO DE CAPACIDADE MÁXIMA DE TRAÇÃO COMBINADO DE 66.000 KG, POTÊNCIA 360 CV, INCLUSIVE TANQUE DE ASFALTO COM SERPENTINA - JUROS. AF_08/2015","H",16.739999999999998,91641,null,16.739999999999998,16.739999999999998]
[null,91642,"CAMINHÃO DE TRANSPORTE DE MATERIAL ASFÁLTICO 30.000 L, COM CAVALO MECÂNICO DE CAPACIDADE MÁXIMA DE TRAÇÃO COMBINADO DE 66.000 KG, POTÊNCIA 360 CV, INCLUSIVE TANQUE DE ASFALTO COM SERPENTINA - IMPOSTOS E SEGUROS. AF_08/2015","H",6.77,91642,null,6.77,6.77]
[null,91643,"CAMINHÃO DE TRANSPORTE DE MATERIAL ASFÁLTICO 30.000 L, COM CAVALO MECÂNICO DE CAPACIDADE MÁXIMA DE TRAÇÃO COMBINADO DE 66.000 KG, POTÊNCIA 360 CV, INCLUSIVE TANQUE DE ASFALTO COM SERPENTINA - MANUTENÇÃO. AF_08/2015","H",74.81,91643,null,74.81,74.81]
[null,91644,"CAMINHÃO DE TRANSPORTE DE MATERIAL ASFÁLTICO 30.000 L, COM CAVALO MECÂNICO DE CAPACIDADE MÁXIMA DE TRAÇÃO COMBINADO DE 66.000 KG, POTÊNCIA 360 CV, INCLUSIVE TANQUE DE ASFALTO COM SERPENTINA - MATERIAIS NA OPERAÇÃO. AF_08/2015","H",314.12,91644,null,314.12,314.12]
[null,91688,"SERRA CIRCULAR DE BANCADA COM MOTOR ELÉTRICO POTÊNCIA DE 5HP, COM COIFA PARA DISCO 10\" - DEPRECIAÇÃO. AF_08/2015","H",0.1,91688,null,0.1,0.1]
[null,91689,"SERRA CIRCULAR DE BANCADA COM MOTOR ELÉTRICO POTÊNCIA DE 5HP, COM COIFA PARA DISCO 10\" - JUROS. AF_08/2015","H",0.02,91689,null,0.02,0.02]
[null,91690,"SERRA CIRCULAR DE BANCADA COM MOTOR ELÉTRICO POTÊNCIA DE 5HP, COM COIFA PARA DISCO 10\" - MANUTENÇÃO. AF_08/2015","H",7.0000000000000007E-2,91690,null,7.0000000000000007E-2,7.0000000000000007E-2]
[null,91691,"SERRA CIRCULAR DE BANCADA COM MOTOR ELÉTRICO POTÊNCIA DE 5HP, COM COIFA PARA DISCO 10\" - MATERIAIS NA OPERAÇÃO. AF_08/2015","H",1.44,91691,null,1.44,1.44]
[null,92040,"DISTRIBUIDOR DE AGREGADOS REBOCAVEL, CAPACIDADE 1,9 M³, LARGURA DE TRABALHO 3,66 M - DEPRECIAÇÃO. AF_11/2015","H",6.47,92040,null,6.47,6.47]
[null,92041,"DISTRIBUIDOR DE AGREGADOS REBOCAVEL, CAPACIDADE 1,9 M³, LARGURA DE TRABALHO 3,66 M - JUROS. AF_11/2015","H",1.33,92041,null,1.33,1.33]
[null,92042,"DISTRIBUIDOR DE AGREGADOS REBOCAVEL, CAPACIDADE 1,9 M³, LARGURA DE TRABALHO 3,66 M - MANUTENÇÃO. AF_11/2015","H",5.39,92042,null,5.39,5.39]
[null,92101,"CAMINHÃO PARA EQUIPAMENTO DE LIMPEZA A SUCÇÃO COM CAMINHÃO TRUCADO DE PESO BRUTO TOTAL 23000 KG, CARGA ÚTIL MÁXIMA 15935 KG, DISTÂNCIA ENTRE EIXOS 4,80 M, POTÊNCIA 230 CV, INCLUSIVE LIMPADORA A SUCÇÃO, TANQUE 12000 L - DEPRECIAÇÃO. AF_05/2023","H",44.82,92101,null,44.82,44.82]
[null,92102,"CAMINHÃO PARA EQUIPAMENTO DE LIMPEZA A SUCÇÃO COM CAMINHÃO TRUCADO DE PESO BRUTO TOTAL 23000 KG, CARGA ÚTIL MÁXIMA 15935 KG, DISTÂNCIA ENTRE EIXOS 4,80 M, POTÊNCIA 230 CV, INCLUSIVE LIMPADORA A SUCÇÃO, TANQUE 12000 L - JUROS. AF_05/2023","H",14.05,92102,null,14.05,14.05]
[null,92103,"CAMINHÃO PARA EQUIPAMENTO DE LIMPEZA A SUCÇÃO COM CAMINHÃO TRUCADO DE PESO BRUTO TOTAL 23000 KG, CARGA ÚTIL MÁXIMA 15935 KG, DISTÂNCIA ENTRE EIXOS 4,80 M, POTÊNCIA 230 CV, INCLUSIVE LIMPADORA A SUCÇÃO, TANQUE 12000 L - IMPOSTOS E SEGUROS. AF_05/2023","H",5.68,92103,null,5.68,5.68]
[null,92104,"CAMINHÃO PARA EQUIPAMENTO DE LIMPEZA A SUCÇÃO COM CAMINHÃO TRUCADO DE PESO BRUTO TOTAL 23000 KG, CARGA ÚTIL MÁXIMA 15935 KG, DISTÂNCIA ENTRE EIXOS 4,80 M, POTÊNCIA 230 CV, INCLUSIVE LIMPADORA A SUCÇÃO, TANQUE 12000 L - MANUTENÇÃO. AF_05/2023","H",70.75,92104,null,70.75,70.75]
[null,92105,"CAMINHÃO PARA EQUIPAMENTO DE LIMPEZA A SUCÇÃO COM CAMINHÃO TRUCADO DE PESO BRUTO TOTAL 23000 KG, CARGA ÚTIL MÁX. 15935 KG, DISTÂNCIA ENTRE EIXOS 4,80 M, POTÊNCIA 230 CV, INCLUSIVE LIMPADORA A SUCÇÃO, TANQUE 12000 L - MATERIAIS NA OPERAÇÃO. AF_05/2023","H",200.67,92105,null,200.67,200.67]
[null,92108,"PENEIRA ROTATIVA COM MOTOR ELÉTRICO TRIFÁSICO DE 2 CV, CILINDRO DE 1 M X 0,60 M, COM FUROS DE 3,17 MM - DEPRECIAÇÃO. AF_05/2023","H",1.03,92108,null,1.03,1.03]
[null,92109,"PENEIRA ROTATIVA COM MOTOR ELÉTRICO TRIFÁSICO DE 2 CV, CILINDRO DE 1 M X 0,60 M, COM FUROS DE 3,17 MM - JUROS. AF_05/2023","H",0.23,92109,null,0.23,0.23]
[null,92110,"PENEIRA ROTATIVA COM MOTOR ELÉTRICO TRIFÁSICO DE 2 CV, CILINDRO DE 1 M X 0,60 M, COM FUROS DE 3,17 MM - MANUTENÇÃO. AF_05/2023","H",1.29,92110,null,1.29,1.29]
[null,92111,"PENEIRA ROTATIVA COM MOTOR ELÉTRICO TRIFÁSICO DE 2 CV, CILINDRO DE 1 M X 0,60 M, COM FUROS DE 3,17 MM - MATERIAIS NA OPERAÇÃO. AF_05/2023","H",1.32,92111,null,1.32,1.32]
[null,92114,"DOSADOR DE AREIA, CAPACIDADE DE 26 LITROS - DEPRECIAÇÃO. AF_05/2023","H",0.26,92114,null,0.26,0.26]
[null,92115,"DOSADOR DE AREIA, CAPACIDADE DE 26 LITROS - JUROS. AF_05/2023","H",0.05,92115,null,0.05,0.05]
[null,92116,"DOSADOR DE AREIA, CAPACIDADE DE 26 LITROS - MANUTENÇÃO. AF_05/2023","H",0.18,92116,null,0.18,0.18]
[null,92133,"CAMINHONETE COM MOTOR A DIESEL, POTÊNCIA 180 CV, CABINE DUPLA, 4X4 - DEPRECIAÇÃO. AF_11/2015","H",12.74,92133,null,12.74,12.74]
[null,92134,"CAMINHONETE COM MOTOR A DIESEL, POTÊNCIA 180 CV, CABINE DUPLA, 4X4 - JUROS. AF_11/2015","H",3.93,92134,null,3.93,3.93]
[null,92135,"CAMINHONETE COM MOTOR A DIESEL, POTÊNCIA 180 CV, CABINE DUPLA, 4X4 - IMPOSTOS E SEGUROS. AF_11/2015","H",1.59,92135,null,1.59,1.59]
[null,92136,"CAMINHONETE COM MOTOR A DIESEL, POTÊNCIA 180 CV, CABINE DUPLA, 4X4 - MANUTENÇÃO. AF_11/2015","H",15.93,92136,null,15.93,15.93]
[null,92137,"CAMINHONETE COM MOTOR A DIESEL, POTÊNCIA 180 CV, CABINE DUPLA, 4X4 - MATERIAIS NA OPERAÇÃO. AF_11/2015","H",36.75,92137,null,36.75,36.75]
[null,92140,"CAMINHONETE CABINE SIMPLES COM MOTOR 1.6 FLEX, CÂMBIO MANUAL, POTÊNCIA 101/104 CV, 2 PORTAS - DEPRECIAÇÃO. AF_11/2015","H",4.67,92140,null,4.67,4.67]
[null,92141,"CAMINHONETE CABINE SIMPLES COM MOTOR 1.6 FLEX, CÂMBIO MANUAL, POTÊNCIA 101/104 CV, 2 PORTAS - JUROS. AF_11/2015","H",1.44,92141,null,1.44,1.44]
[null,92142,"CAMINHONETE CABINE SIMPLES COM MOTOR 1.6 FLEX, CÂMBIO MANUAL, POTÊNCIA 101/104 CV, 2 PORTAS - IMPOSTOS E SEGUROS. AF_11/2015","H",0.57999999999999996,92142,null,0.57999999999999996,0.57999999999999996]
[null,92143,"CAMINHONETE CABINE SIMPLES COM MOTOR 1.6 FLEX, CÂMBIO MANUAL, POTÊNCIA 101/104 CV, 2 PORTAS - MANUTENÇÃO. AF_11/2015","H",5.83,92143,null,5.83,5.83]
[null,92144,"CAMINHONETE CABINE SIMPLES COM MOTOR 1.6 FLEX, CÂMBIO MANUAL, POTÊNCIA 101/104 CV, 2 PORTAS - MATERIAIS NA OPERAÇÃO. AF_11/2015","H",41.21,92144,null,41.21,41.21]
[null,92237,"CAMINHÃO DE TRANSPORTE DE MATERIAL ASFÁLTICO 20.000 L, COM CAVALO MECÂNICO DE CAPACIDADE MÁXIMA DE TRAÇÃO COMBINADO DE 45.000 KG, POTÊNCIA 330 CV, INCLUSIVE TANQUE DE ASFALTO COM MAÇARICO - DEPRECIAÇÃO. AF_12/2015","H",30.19,92237,null,30.19,30.19]
[null,92238,"CAMINHÃO DE TRANSPORTE DE MATERIAL ASFÁLTICO 20.000 L, COM CAVALO MECÂNICO DE CAPACIDADE MÁXIMA DE TRAÇÃO COMBINADO DE 45.000 KG, POTÊNCIA 330 CV, INCLUSIVE TANQUE DE ASFALTO COM MAÇARICO - JUROS. AF_12/2015","H",12.16,92238,null,12.16,12.16]
[null,92239,"CAMINHÃO DE TRANSPORTE DE MATERIAL ASFÁLTICO 20.000 L, COM CAVALO MECÂNICO DE CAPACIDADE MÁXIMA DE TRAÇÃO COMBINADO DE 45.000 KG, POTÊNCIA 330 CV, INCLUSIVE TANQUE DE ASFALTO COM MAÇARICO - IMPOSTOS E SEGUROS. AF_12/2015","H",4.91,92239,null,4.91,4.91]
[null,92240,"CAMINHÃO DE TRANSPORTE DE MATERIAL ASFÁLTICO 20.000 L, COM CAVALO MECÂNICO DE CAPACIDADE MÁXIMA DE TRAÇÃO COMBINADO DE 45.000 KG, POTÊNCIA 330 CV, INCLUSIVE TANQUE DE ASFALTO COM MAÇARICO - MANUTENÇÃO. AF_12/2015","H",54.23,92240,null,54.23,54.23]
[null,92241,"CAMINHÃO DE TRANSPORTE DE MATERIAL ASFÁLTICO 20.000 L, COM CAVALO MECÂNICO DE CAPACIDADE MÁXIMA DE TRAÇÃO COMBINADO DE 45.000 KG, POTÊNCIA 330 CV, INCLUSIVE TANQUE DE ASFALTO COM MAÇARICO - MATERIAIS NA OPERAÇÃO. AF_12/2015","H",287.97000000000003,92241,null,287.97000000000003,287.97000000000003]
[null,92712,"APARELHO PARA CORTE E SOLDA OXI-ACETILENO SOBRE RODAS, INCLUSIVE CILINDROS E MAÇARICOS - DEPRECIAÇÃO. AF_05/2023","H",0.23,92712,null,0.23,0.23]
[null,92713,"APARELHO PARA CORTE E SOLDA OXI-ACETILENO SOBRE RODAS, INCLUSIVE CILINDROS E MAÇARICOS - JUROS. AF_05/2023","H",0.05,92713,null,0.05,0.05]
[null,92714,"APARELHO PARA CORTE E SOLDA OXI-ACETILENO SOBRE RODAS, INCLUSIVE CILINDROS E MAÇARICOS - MANUTENÇÃO. AF_05/2023","H",0.28999999999999998,92714,null,0.28999999999999998,0.28999999999999998]
[null,92715,"APARELHO PARA CORTE E SOLDA OXI-ACETILENO SOBRE RODAS, INCLUSIVE CILINDROS E MAÇARICOS - MATERIAIS NA OPERAÇÃO. AF_05/2023","H",135.6,92715,null,135.6,135.6]
[null,92956,"MÁQUINA EXTRUSORA DE CONCRETO PARA GUIAS E SARJETAS, MOTOR A DIESEL, POTÊNCIA 14 CV - DEPRECIAÇÃO. AF_12/2015","H",4.3,92956,null,4.3,4.3]
[null,92957,"MÁQUINA EXTRUSORA DE CONCRETO PARA GUIAS E SARJETAS, MOTOR A DIESEL, POTÊNCIA 14 CV - JUROS. AF_12/2015","H",0.99,92957,null,0.99,0.99]
[null,92958,"MÁQUINA EXTRUSORA DE CONCRETO PARA GUIAS E SARJETAS, MOTOR A DIESEL, POTÊNCIA 14 CV - MANUTENÇÃO. AF_12/2015","H",4.7,92958,null,4.7,4.7]
[null,92959,"MÁQUINA EXTRUSORA DE CONCRETO PARA GUIAS E SARJETAS, MOTOR A DIESEL, POTÊNCIA 14 CV - MATERIAIS NA OPERAÇÃO. AF_12/2015","H",9.67,92959,null,9.67,9.67]
[null,92963,"MARTELO PERFURADOR PNEUMÁTICO MANUAL, HASTE 25 X 75 MM, 21 KG - DEPRECIAÇÃO. AF_12/2015","H",2.0099999999999998,92963,null,2.0099999999999998,2.0099999999999998]
[null,92964,"MARTELO PERFURADOR PNEUMÁTICO MANUAL, HASTE 25 X 75 MM, 21 KG - JUROS. AF_12/2015","H",0.46,92964,null,0.46,0.46]
[null,92965,"MARTELO PERFURADOR PNEUMÁTICO MANUAL, HASTE 25 X 75 MM, 21 KG - MANUTENÇÃO. AF_12/2015","H",{"$f":"IF($K$2=$H$1,H1219,I1219)","v":2.52},{"$f":"IF(LEN($B1219)=7,CONCATENATE(MID($B1219,1,6),\"00\",RIGHT($B1219,1)),IF(LEN($B1219)=8,CONCATENATE(MID($B1219,1,6),\"0\",RIGHT($B1219,2)),$B1219))","v":92965},null,2.52,2.52]
[null,93220,"PERFURATRIZ COM TORRE METÁLICA PARA EXECUÇÃO DE ESTACA HÉLICE CONTÍNUA, PROFUNDIDADE MÁXIMA DE 32 M, DIÂMETRO MÁXIMO DE 1000 MM, POTÊNCIA INSTALADA DE 350 HP, MESA ROTATIVA COM TORQUE MÁXIMO DE 263 KNM - DEPRECIAÇÃO. AF_01/2016","H",365.69,93220,null,365.69,365.69]
[null,93221,"PERFURATRIZ COM TORRE METÁLICA PARA EXECUÇÃO DE ESTACA HÉLICE CONTÍNUA, PROFUNDIDADE MÁXIMA DE 32 M, DIÂMETRO MÁXIMO DE 1000 MM, POTÊNCIA INSTALADA DE 350 HP, MESA ROTATIVA COM TORQUE MÁXIMO DE 263 KNM - JUROS. AF_01/2016","H",98.11,93221,null,98.11,98.11]
[null,93222,"PERFURATRIZ COM TORRE METÁLICA PARA EXECUÇÃO DE ESTACA HÉLICE CONTÍNUA, PROFUNDIDADE MÁXIMA DE 32 M, DIÂMETRO MÁXIMO DE 1000 MM, POTÊNCIA INSTALADA DE 350 HP, MESA ROTATIVA COM TORQUE MÁXIMO DE 263 KNM - MANUTENÇÃO. AF_01/2016","H",457.62,93222,null,457.62,457.62]
[null,93223,"PERFURATRIZ COM TORRE METÁLICA PARA EXECUÇÃO DE ESTACA HÉLICE CONTÍNUA, PROFUNDIDADE MÁXIMA DE 32 M, DIÂMETRO MÁXIMO DE 1000 MM, POTÊNCIA INSTALADA DE 350 HP, MESA ROTATIVA COM TORQUE MÁXIMO DE 263 KNM - MATERIAIS NA OPERAÇÃO. AF_01/2016","H",162.91999999999999,93223,null,162.91999999999999,162.91999999999999]
[null,93229,"BETONEIRA CAPACIDADE NOMINAL 400 L, CAPACIDADE DE MISTURA 310 L, MOTOR A GASOLINA POTÊNCIA 5,5 CV, SEM CARREGADOR - DEPRECIAÇÃO. AF_02/2016","H",0.44,93229,null,0.44,0.44]
[null,93230,"BETONEIRA CAPACIDADE NOMINAL 400 L, CAPACIDADE DE MISTURA 310 L, MOTOR A GASOLINA POTÊNCIA 5,5 CV, SEM CARREGADOR - JUROS. AF_02/2016","H",0.1,93230,null,0.1,0.1]
[null,93231,"BETONEIRA CAPACIDADE NOMINAL 400 L, CAPACIDADE DE MISTURA 310 L, MOTOR A GASOLINA POTÊNCIA 5,5 CV, SEM CARREGADOR - MANUTENÇÃO. AF_02/2016","H",0.55000000000000004,93231,null,0.55000000000000004,0.55000000000000004]
[null,93232,"BETONEIRA CAPACIDADE NOMINAL 400 L, CAPACIDADE DE MISTURA 310 L, MOTOR A GASOLINA POTÊNCIA 5,5 CV, SEM CARREGADOR - MATERIAIS NA OPERAÇÃO. AF_02/2016","H",4.74,93232,null,4.74,4.74]
[null,93235,"GRUPO GERADOR ESTACIONÁRIO, MOTOR DIESEL POTÊNCIA 170 KVA - JUROS. AF_02/2016","H",2.52,93235,null,2.52,2.52]
[null,93238,"ROLO COMPACTADOR VIBRATÓRIO REBOCÁVEL, CILINDRO DE AÇO LISO, POTÊNCIA DE TRAÇÃO DE 65 CV, PESO 4,7 T, IMPACTO DINÂMICO 18,3 T, LARGURA DE TRABALHO 1,67 M - JUROS. AF_02/2016","H",2.59,93238,null,2.59,2.59]
[null,93239,"ROLO COMPACTADOR VIBRATÓRIO PÉ DE CARNEIRO, OPERADO POR CONTROLE REMOTO, POTÊNCIA 12,5 KW, PESO OPERACIONAL 1,675 T, LARGURA DE TRABALHO 0,85 M - JUROS. AF_02/2016","H",11.75,93239,null,11.75,11.75]
[null,93240,"ROLO COMPACTADOR VIBRATÓRIO PÉ DE CARNEIRO, OPERADO POR CONTROLE REMOTO, POTÊNCIA 12,5 KW, PESO OPERACIONAL 1,675 T, LARGURA DE TRABALHO 0,85 M - MATERIAIS NA OPERAÇÃO. AF_02/2016","H",12.48,93240,null,12.48,12.48]
[null,93267,"GRUA ASCENCIONAL, LANÇA DE 30 M, CAPACIDADE DE 1,0 T A 30 M, ALTURA ATÉ 39 M   DEPRECIAÇÃO. AF_05/2023","H",26.87,93267,null,26.87,26.87]
[null,93269,"GRUA ASCENCIONAL, LANÇA DE 30 M, CAPACIDADE DE 1,0 T A 30 M, ALTURA ATÉ 39 M   JUROS. AF_05/2023","H",10.07,93269,null,10.07,10.07]
[null,93270,"GRUA ASCENCIONAL, LANÇA DE 30 M, CAPACIDADE DE 1,0 T A 30 M, ALTURA ATÉ 39 M   MANUTENÇÃO. AF_05/2023","H",26.12,93270,null,26.12,26.12]
[null,93271,"GRUA ASCENCIONAL, LANÇA DE 30 M, CAPACIDADE DE 1,0 T A 30 M, ALTURA ATÉ 39 M   MATERIAIS NA OPERAÇÃO. AF_05/2023","H",9.91,93271,null,9.91,9.91]
[null,93277,"GUINCHO ELÉTRICO DE COLUNA, CAPACIDADE 400 KG, COM MOTO FREIO, MOTOR TRIFÁSICO DE 1,25 CV - DEPRECIAÇÃO. AF_03/2016","H",0.28999999999999998,93277,null,0.28999999999999998,0.28999999999999998]
[null,93278,"GUINCHO ELÉTRICO DE COLUNA, CAPACIDADE 400 KG, COM MOTO FREIO, MOTOR TRIFÁSICO DE 1,25 CV - JUROS. AF_03/2016","H",0.06,93278,null,0.06,0.06]
[null,93279,"GUINCHO ELÉTRICO DE COLUNA, CAPACIDADE 400 KG, COM MOTO FREIO, MOTOR TRIFÁSICO DE 1,25 CV - MANUTENÇÃO. AF_03/2016","H",0.27,93279,null,0.27,0.27]
[null,93280,"GUINCHO ELÉTRICO DE COLUNA, CAPACIDADE 400 KG, COM MOTO FREIO, MOTOR TRIFÁSICO DE 1,25 CV - MATERIAIS NA OPERAÇÃO. AF_03/2016","H",0.82,93280,null,0.82,0.82]
[null,93283,"GUINDASTE HIDRÁULICO AUTOPROPELIDO, COM LANÇA TELESCÓPICA 40 M, CAPACIDADE MÁXIMA 60 T, POTÊNCIA 260 KW - DEPRECIAÇÃO. AF_03/2016","H",100.42,93283,null,100.42,100.42]
[null,93284,"GUINDASTE HIDRÁULICO AUTOPROPELIDO, COM LANÇA TELESCÓPICA 40 M, CAPACIDADE MÁXIMA 60 T, POTÊNCIA 260 KW - JUROS. AF_03/2016","H",35.39,93284,null,35.39,35.39]
[null,93285,"GUINDASTE HIDRÁULICO AUTOPROPELIDO, COM LANÇA TELESCÓPICA 40 M, CAPACIDADE MÁXIMA 60 T, POTÊNCIA 260 KW - MANUTENÇÃO. AF_03/2016","H",161.41999999999999,93285,null,161.41999999999999,161.41999999999999]
[null,93286,"GUINDASTE HIDRÁULICO AUTOPROPELIDO, COM LANÇA TELESCÓPICA 40 M, CAPACIDADE MÁXIMA 60 T, POTÊNCIA 260 KW - MATERIAIS NA OPERAÇÃO. AF_03/2016","H",13.78,93286,null,13.78,13.78]
[null,93296,"GUINDASTE HIDRÁULICO AUTOPROPELIDO, COM LANÇA TELESCÓPICA 40 M, CAPACIDADE MÁXIMA 60 T, POTÊNCIA 260 KW - IMPOSTOS E SEGUROS. AF_03/2016","H",14.3,93296,null,14.3,14.3]
[null,93397,"GUINDAUTO HIDRÁULICO, CAPACIDADE MÁXIMA DE CARGA 3300 KG, MOMENTO MÁXIMO DE CARGA 5,8 TM, ALCANCE MÁXIMO HORIZONTAL 7,60 M, INCLUSIVE CAMINHÃO TOCO PBT 16.000 KG, POTÊNCIA DE 189 CV - DEPRECIAÇÃO. AF_03/2016","H",25.01,93397,null,25.01,25.01]
[null,93398,"GUINDAUTO HIDRÁULICO, CAPACIDADE MÁXIMA DE CARGA 3300 KG, MOMENTO MÁXIMO DE CARGA 5,8 TM, ALCANCE MÁXIMO HORIZONTAL 7,60 M, INCLUSIVE CAMINHÃO TOCO PBT 16.000 KG, POTÊNCIA DE 189 CV - JUROS. AF_03/2016","H",9.43,93398,null,9.43,9.43]
[null,93399,"GUINDAUTO HIDRÁULICO, CAPACIDADE MÁXIMA DE CARGA 3300 KG, MOMENTO MÁXIMO DE CARGA 5,8 TM, ALCANCE MÁXIMO HORIZONTAL 7,60 M, INCLUSIVE CAMINHÃO TOCO PBT 16.000 KG, POTÊNCIA DE 189 CV - IMPOSTOS E SEGUROS. AF_03/2016","H",3.8,93399,null,3.8,3.8]
[null,93400,"GUINDAUTO HIDRÁULICO, CAPACIDADE MÁXIMA DE CARGA 3300 KG, MOMENTO MÁXIMO DE CARGA 5,8 TM, ALCANCE MÁXIMO HORIZONTAL 7,60 M, INCLUSIVE CAMINHÃO TOCO PBT 16.000 KG, POTÊNCIA DE 189 CV - MANUTENÇÃO. AF_03/2016","H",43.35,93400,null,43.35,43.35]
[null,93401,"GUINDAUTO HIDRÁULICO, CAPACIDADE MÁXIMA DE CARGA 3300 KG, MOMENTO MÁXIMO DE CARGA 5,8 TM, ALCANCE MÁXIMO HORIZONTAL 7,60 M, INCLUSIVE CAMINHÃO TOCO PBT 16.000 KG, POTÊNCIA DE 189 CV - MATERIAIS NA OPERAÇÃO. AF_03/2016","H",164.92,93401,null,164.92,164.92]
[null,93404,"MÁQUINA JATO DE PRESSAO PORTÁTIL, CAMARA DE 1 SAIDA, CAPACIDADE 280 L, DIAMETRO 670 MM, BICO DE JATO CURTO VENTURI DE 5/16\" , MANGUEIRA DE 1\" COM COMPRESSOR DE AR REBOCÁVEL 189 PCM E MOTOR DIESEL 63 CV - DEPRECIAÇÃO. AF_05/2023","H",7.84,93404,null,7.84,7.84]
[null,93405,"MÁQUINA JATO DE PRESSAO PORTÁTIL, CAMARA DE 1 SAIDA, CAPACIDADE 280 L, DIAMETRO 670 MM, BICO DE JATO CURTO VENTURI DE 5/16\" , MANGUEIRA DE 1\" COM COMPRESSOR DE AR REBOCÁVEL 189 PCM E MOTOR DIESEL 63 CV - JUROS. AF_05/2023","H",2,93405,null,2,2]
[null,93406,"MÁQUINA JATO DE PRESSAO PORTÁTIL, CAMARA DE 1 SAIDA, CAPACIDADE 280 L, DIAMETRO 670 MM, BICO DE JATO CURTO VENTURI DE 5/16\" , MANGUEIRA DE 1\" COM COMPRESSOR DE AR REBOCÁVEL 189 PCM E MOTOR DIESEL 63 CV - MANUTENÇÃO. AF_05/2023","H",9.41,93406,null,9.41,9.41]
[null,93407,"MÁQUINA JATO DE PRESSAO PORTÁTIL, CAMARA DE 1 SAIDA, CAPACIDADE 280 L, DIAMETRO 670 MM, BICO DE JATO CURTO VENTURI DE 5/16\" , MANGUEIRA DE 1\" COM COMPRESSOR DE AR REBOCÁVEL 189 PCM E MOTOR DIESEL 63 CV - MATERIAIS NA OPERAÇÃO. AF_05/2023","H",49.17,93407,null,49.17,49.17]
[null,93411,"GERADOR PORTÁTIL MONOFÁSICO, POTÊNCIA 5500 VA, MOTOR A GASOLINA, POTÊNCIA DO MOTOR 13 CV - DEPRECIAÇÃO. AF_03/2016","H",0.34,93411,null,0.34,0.34]
[null,93412,"GERADOR PORTÁTIL MONOFÁSICO, POTÊNCIA 5500 VA, MOTOR A GASOLINA, POTÊNCIA DO MOTOR 13 CV - JUROS. AF_03/2016","H",0.12,93412,null,0.12,0.12]
[null,93413,"GERADOR PORTÁTIL MONOFÁSICO, POTÊNCIA 5500 VA, MOTOR A GASOLINA, POTÊNCIA DO MOTOR 13 CV - MANUTENÇÃO. AF_03/2016","H",0.3,93413,null,0.3,0.3]
[null,93414,"GERADOR PORTÁTIL MONOFÁSICO, POTÊNCIA 5500 VA, MOTOR A GASOLINA, POTÊNCIA DO MOTOR 13 CV - MATERIAIS NA OPERAÇÃO. AF_03/2016","H",11.21,93414,null,11.21,11.21]
[null,93417,"GRUPO GERADOR REBOCÁVEL, POTÊNCIA 66 KVA, MOTOR A DIESEL - DEPRECIAÇÃO. AF_03/2016","H",4.49,93417,null,4.49,4.49]
[null,93418,"GRUPO GERADOR REBOCÁVEL, POTÊNCIA 66 KVA, MOTOR A DIESEL - JUROS. AF_03/2016","H",1.58,93418,null,1.58,1.58]
[null,93419,"GRUPO GERADOR REBOCÁVEL, POTÊNCIA 66 KVA, MOTOR A DIESEL - MANUTENÇÃO. AF_03/2016","H",4.01,93419,null,4.01,4.01]
[null,93420,"GRUPO GERADOR REBOCÁVEL, POTÊNCIA 66 KVA, MOTOR A DIESEL - MATERIAIS NA OPERAÇÃO. AF_03/2016","H",69.95,93420,null,69.95,69.95]
[null,93423,"GRUPO GERADOR ESTACIONÁRIO, POTÊNCIA 150 KVA, MOTOR A DIESEL- DEPRECIAÇÃO. AF_03/2016","H",6.36,93423,null,6.36,6.36]
[null,93424,"GRUPO GERADOR ESTACIONÁRIO, POTÊNCIA 150 KVA, MOTOR A DIESEL- JUROS. AF_03/2016","H",2.2400000000000002,93424,null,2.2400000000000002,2.2400000000000002]
[null,93425,"GRUPO GERADOR ESTACIONÁRIO, POTÊNCIA 150 KVA, MOTOR A DIESEL- MANUTENÇÃO. AF_03/2016","H",5.68,93425,null,5.68,5.68]
[null,93426,"GRUPO GERADOR ESTACIONÁRIO, POTÊNCIA 150 KVA, MOTOR A DIESEL- MATERIAIS NA OPERAÇÃO. AF_03/2016","H",167.16,93426,null,167.16,167.16]
[null,93429,"USINA DE MISTURA ASFÁLTICA À QUENTE, TIPO CONTRA FLUXO, PROD 40 A 80 TON/HORA - DEPRECIAÇÃO. AF_05/2023","H",157.32,93429,null,157.32,157.32]
[null,93430,"USINA DE MISTURA ASFÁLTICA À QUENTE, TIPO CONTRA FLUXO, PROD 40 A 80 TON/HORA - JUROS. AF_05/2023","H",48.36,93430,null,48.36,48.36]
[null,93431,"USINA DE MISTURA ASFÁLTICA À QUENTE, TIPO CONTRA FLUXO, PROD 40 A 80 TON/HORA - MANUTENÇÃO. AF_05/2023","H",196.8,93431,null,196.8,196.8]
[null,93432,"USINA DE MISTURA ASFÁLTICA À QUENTE, TIPO CONTRA FLUXO, PROD 40 A 80 TON/HORA - MATERIAIS NA OPERAÇÃO. AF_05/2023","H",2246.4,93432,null,2246.4,2246.4]
[null,93435,"USINA DE ASFALTO À FRIO, CAPACIDADE DE 40 A 60 TON/HORA, ELÉTRICA POTÊNCIA 30 CV - DEPRECIAÇÃO. AF_05/2023","H",8.83,93435,null,8.83,8.83]
[null,93436,"USINA DE ASFALTO À FRIO, CAPACIDADE DE 40 A 60 TON/HORA, ELÉTRICA POTÊNCIA 30 CV - JUROS. AF_05/2023","H",2.72,93436,null,2.72,2.72]
[null,93437,"USINA DE ASFALTO À FRIO, CAPACIDADE DE 40 A 60 TON/HORA, ELÉTRICA POTÊNCIA 30 CV - MANUTENÇÃO. AF_05/2023","H",9.66,93437,null,9.66,9.66]
[null,93438,"USINA DE ASFALTO À FRIO, CAPACIDADE DE 40 A 60 TON/HORA, ELÉTRICA POTÊNCIA 30 CV - MATERIAIS NA OPERAÇÃO. AF_05/2023","H",117.12,93438,null,117.12,117.12]
[null,95114,"MARTELETE OU ROMPEDOR PNEUMÁTICO MANUAL, 28 KG, COM SILENCIADOR - DEPRECIAÇÃO. AF_07/2016","H",1.96,95114,null,1.96,1.96]
[null,95115,"MARTELETE OU ROMPEDOR PNEUMÁTICO MANUAL, 28 KG, COM SILENCIADOR - JUROS. AF_07/2016","H",0.45,95115,null,0.45,0.45]
[null,95116,"USINA DE CONCRETO FIXA, CAPACIDADE NOMINAL DE 90 A 120 M3/H, SEM SILO - DEPRECIAÇÃO. AF_07/2016","H",32.549999999999997,95116,null,32.549999999999997,32.549999999999997]
[null,95117,"USINA DE CONCRETO FIXA, CAPACIDADE NOMINAL DE 90 A 120 M3/H, SEM SILO - JUROS. AF_07/2016","H",10.039999999999999,95117,null,10.039999999999999,10.039999999999999]
[null,95118,"USINA MISTURADORA DE SOLOS, CAPACIDADE DE 200 A 500 TON/H, POTENCIA 75KW - DEPRECIAÇÃO. AF_07/2016","H",72.150000000000006,95118,null,72.150000000000006,72.150000000000006]
[null,95119,"USINA MISTURADORA DE SOLOS, CAPACIDADE DE 200 A 500 TON/H, POTENCIA 75KW - JUROS. AF_07/2016","H",22.26,95119,null,22.26,22.26]
[null,95120,"USINA MISTURADORA DE SOLOS, CAPACIDADE DE 200 A 500 TON/H, POTENCIA 75KW - MATERIAIS NA OPERAÇÃO. AF_07/2016","H",67.569999999999993,95120,null,67.569999999999993,67.569999999999993]
[null,95123,"DISTRIBUIDOR DE AGREGADOS AUTOPROPELIDO, CAP 3 M3, A DIESEL, POTÊNCIA 176CV - DEPRECIAÇÃO. AF_07/2016","H",17.87,95123,null,17.87,17.87]
[null,95124,"DISTRIBUIDOR DE AGREGADOS AUTOPROPELIDO, C/AP 3 M3, A DIESEL, POTÊNCIA 176CV - JUROS. AF_07/2016","H",5.51,95124,null,5.51,5.51]
[null,95125,"DISTRIBUIDOR DE AGREGADOS AUTOPROPELIDO, CAP 3 M3, A DIESEL, POTÊNCIA 176CV - MANUTENÇÃO. AF_07/2016","H",{"$f":"IF($K$2=$H$1,H1283,I1283)","v":19.559999999999999},{"$f":"IF(LEN($B1283)=7,CONCATENATE(MID($B1283,1,6),\"00\",RIGHT($B1283,1)),IF(LEN($B1283)=8,CONCATENATE(MID($B1283,1,6),\"0\",RIGHT($B1283,2)),$B1283))","v":95125},null,19.559999999999999,19.559999999999999]
[null,95126,"DISTRIBUIDOR DE AGREGADOS AUTOPROPELIDO, CAP 3 M3, A DIESEL, POTÊNCIA 176CV - MATERIAIS NA OPERAÇÃO. AF_07/2016","H",153.56,95126,null,153.56,153.56]
[null,95129,"MÁQUINA DEMARCADORA DE FAIXA DE TRÁFEGO À FRIO, AUTOPROPELIDA, POTÊNCIA 38 HP - DEPRECIAÇÃO. AF_07/2016","H",47.9,95129,null,47.9,47.9]
[null,95130,"MÁQUINA DEMARCADORA DE FAIXA DE TRÁFEGO À FRIO, AUTOPROPELIDA, POTÊNCIA 38 HP - JUROS. AF_07/2016","H",17.36,95130,null,17.36,17.36]
[null,95131,"MÁQUINA DEMARCADORA DE FAIXA DE TRÁFEGO À FRIO, AUTOPROPELIDA, POTÊNCIA 38 HP - MANUTENÇÃO. AF_07/2016","H",56.38,95131,null,56.38,56.38]
[null,95132,"MÁQUINA DEMARCADORA DE FAIXA DE TRÁFEGO À FRIO, AUTOPROPELIDA, POTÊNCIA 38 HP - MATERIAIS NA OPERAÇÃO. AF_07/2016","H",33.630000000000003,95132,null,33.630000000000003,33.630000000000003]
[null,95136,"TALHA MANUAL DE CORRENTE, CAPACIDADE DE 2 TON. COM ELEVAÇÃO DE 3 M - DEPRECIAÇÃO. AF_07/2016","H",0.03,95136,null,0.03,0.03]
[null,95137,"TALHA MANUAL DE CORRENTE, CAPACIDADE DE 2 TON. COM ELEVAÇÃO DE 3 M - JUROS. AF_07/2016","H",0.01,95137,null,0.01,0.01]
[null,95138,"TALHA MANUAL DE CORRENTE, CAPACIDADE DE 2 TON. COM ELEVAÇÃO DE 3 M - MANUTENÇÃO. AF_07/2016","H",0.02,95138,null,0.02,0.02]
[null,95208,"GRUA ASCENCIONAL, LANÇA DE 42 M, CAPACIDADE DE 1,5 T A 30 M, ALTURA ATÉ 39 M   DEPRECIAÇÃO. AF_05/2023","H",54.13,95208,null,54.13,54.13]
[null,95209,"GRUA ASCENCIONAL, LANCA DE 42 M, CAPACIDADE DE 1,5 T A 30 M, ALTURA ATE 39 M   JUROS. AF_05/2023","H",12.51,95209,null,12.51,12.51]
[null,95210,"GRUA ASCENCIONAL, LANCA DE 42 M, CAPACIDADE DE 1,5 T A 30 M, ALTURA ATE 39 M   MANUTENÇÃO. AF_05/2023","H",59.2,95210,null,59.2,59.2]
[null,95211,"GRUA ASCENCIONAL, LANCA DE 42 M, CAPACIDADE DE 1,5 T A 30 M, ALTURA ATE 39 M   MATERIAIS NA OPERAÇÃO. AF_05/2023","H",9.91,95211,null,9.91,9.91]
[null,95217,"PULVERIZADOR DE TINTA ELÉTRICO/MÁQUINA DE PINTURA AIRLESS, VAZÃO 2 L/MIN - MATERIAIS NA OPERAÇÃO. AF_05/2023","H",0.66,95217,null,0.66,0.66]
[null,95255,"MARTELO DEMOLIDOR PNEUMÁTICO MANUAL, 32 KG - DEPRECIAÇÃO. AF_09/2016","H",1.74,95255,null,1.74,1.74]
[null,95256,"MARTELO DEMOLIDOR PNEUMÁTICO MANUAL, 32 KG - JUROS. AF_09/2016","H",0.4,95256,null,0.4,0.4]
[null,95257,"MARTELO DEMOLIDOR PNEUMÁTICO MANUAL, 32 KG - MANUTENÇÃO. AF_09/2016","H",2.17,95257,null,2.17,2.17]
[null,95260,"COMPACTADOR DE SOLOS DE PERCUSÃO (SOQUETE) COM MOTOR A GASOLINA, POTÊNCIA 3 CV - DEPRECIAÇÃO. AF_09/2016","H",0.71,95260,null,0.71,0.71]
[null,95261,"COMPACTADOR DE SOLOS DE PERCUSÃO (SOQUETE) COM MOTOR A GASOLINA, POTÊNCIA 3 CV - JUROS. AF_09/2016","H",0.19,95261,null,0.19,0.19]
[null,95262,"COMPACTADOR DE SOLOS DE PERCUSÃO (SOQUETE) COM MOTOR A GASOLINA, POTÊNCIA 3 CV - MANUTENÇÃO. AF_09/2016","H",0.89,95262,null,0.89,0.89]
[null,95263,"COMPACTADOR DE SOLOS DE PERCUSÃO (SOQUETE) COM MOTOR A GASOLINA, POTÊNCIA 3 CV - MATERIAIS NA OPERAÇÃO. AF_09/2016","H",4.8,95263,null,4.8,4.8]
[null,95266,"RÉGUA VIBRATÓRIA DUPLA PARA CONCRETO, PESO DE 60KG, COMPRIMENTO 4 M, COM MOTOR A GASOLINA, POTÊNCIA 5,5 HP - DEPRECIAÇÃO. AF_09/2016","H",0.5,95266,null,0.5,0.5]
[null,95267,"RÉGUA VIBRATÓRIA DUPLA PARA CONCRETO, PESO DE 60KG, COMPRIMENTO 4 M, COM MOTOR A GASOLINA, POTÊNCIA 5,5 HP - JUROS. AF_09/2016","H",0.1,95267,null,0.1,0.1]
[null,95268,"RÉGUA VIBRATÓRIA DUPLA PARA CONCRETO, PESO DE 60KG, COMPRIMENTO 4 M, COM MOTOR A GASOLINA, POTÊNCIA 5,5 HP - MANUTENÇÃO. AF_09/2016","H",0.48,95268,null,0.48,0.48]
[null,95269,"RÉGUA VIBRATÓRIA DUPLA PARA CONCRETO, PESO DE 60KG, COMPRIMENTO 4 M, COM MOTOR A GASOLINA, POTÊNCIA 5,5 HP - MATERIAIS NA OPERAÇÃO. AF_09/2016","H",8.8699999999999992,95269,null,8.8699999999999992,8.8699999999999992]
[null,95272,"POLIDORA DE PISO (POLITRIZ), PESO DE 100KG, DIÂMETRO 450 MM, MOTOR ELÉTRICO, POTÊNCIA 4 HP - DEPRECIAÇÃO. AF_05/2023","H",0.49,95272,null,0.49,0.49]
[null,95273,"POLIDORA DE PISO (POLITRIZ), PESO DE 100KG, DIÂMETRO 450 MM, MOTOR ELÉTRICO, POTÊNCIA 4 HP - JUROS. AF_05/2023","H",0.11,95273,null,0.11,0.11]
[null,95274,"POLIDORA DE PISO (POLITRIZ), PESO DE 100KG, DIÂMETRO 450 MM, MOTOR ELÉTRICO, POTÊNCIA 4 HP - MANUTENÇÃO. AF_05/2023","H",0.38,95274,null,0.38,0.38]
[null,95275,"POLIDORA DE PISO (POLITRIZ), PESO DE 100KG, DIÂMETRO 450 MM, MOTOR ELÉTRICO, POTÊNCIA 4 HP - MATERIAIS NA OPERAÇÃO. AF_05/2023","H",2.69,95275,null,2.69,2.69]
[null,95278,"DESEMPENADEIRA DE CONCRETO, PESO DE 78 KG, 4 PÁS, MOTOR A GASOLINA, POTÊNCIA 5,5 HP - DEPRECIAÇÃO. AF_05/2023","H",0.6,95278,null,0.6,0.6]
[null,95279,"DESEMPENADEIRA DE CONCRETO, PESO DE 78 KG, 4 PÁS, MOTOR A GASOLINA, POTÊNCIA 5,5 HP - JUROS. AF_05/2023","H",0.12,95279,null,0.12,0.12]
[null,95280,"DESEMPENADEIRA DE CONCRETO, PESO DE 78 KG, 4 PÁS, MOTOR A GASOLINA, POTÊNCIA 5,5 HP - MANUTENÇÃO. AF_05/2023","H",0.57999999999999996,95280,null,0.57999999999999996,0.57999999999999996]
[null,95281,"DESEMPENADEIRA DE CONCRETO, PESO DE 78 KG, 4 PÁS, MOTOR A GASOLINA, POTÊNCIA 5,5 HP   MATERIAIS NA OPERAÇÃO. AF_05/2023","H",8.8699999999999992,95281,null,8.8699999999999992,8.8699999999999992]
[null,95617,"PERFURATRIZ PNEUMATICA MANUAL DE PESO MEDIO, MARTELETE, 18KG, COMPRIMENTO MÁXIMO DE CURSO DE 6 M, DIAMETRO DO PISTAO DE 5,5 CM - DEPRECIAÇÃO. AF_11/2016","H",1.42,95617,null,1.42,1.42]
[null,95618,"PERFURATRIZ PNEUMATICA MANUAL DE PESO MEDIO, MARTELETE, 18KG, COMPRIMENTO MÁXIMO DE CURSO DE 6 M, DIAMETRO DO PISTAO DE 5,5 CM - JUROS. AF_11/2016","H",0.33,95618,null,0.33,0.33]
[null,95619,"PERFURATRIZ PNEUMATICA MANUAL DE PESO MEDIO, MARTELETE, 18KG, COMPRIMENTO MÁXIMO DE CURSO DE 6 M, DIAMETRO DO PISTAO DE 5,5 CM - MANUTENÇÃO. AF_11/2016","H",1.78,95619,null,1.78,1.78]
[null,95627,"ROLO COMPACTADOR VIBRATORIO TANDEM, ACO LISO, POTENCIA 125 HP, PESO SEM/COM LASTRO 10,20/11,65 T, LARGURA DE TRABALHO 1,73 M - DEPRECIAÇÃO. AF_11/2016","H",47.95,95627,null,47.95,47.95]
[null,95628,"ROLO COMPACTADOR VIBRATORIO TANDEM, ACO LISO, POTENCIA 125 HP, PESO SEM/COM LASTRO 10,20/11,65 T, LARGURA DE TRABALHO 1,73 M - JUROS. AF_11/2016","H",12.86,95628,null,12.86,12.86]
[null,95629,"ROLO COMPACTADOR VIBRATORIO TANDEM, ACO LISO, POTENCIA 125 HP, PESO SEM/COM LASTRO 10,20/11,65 T, LARGURA DE TRABALHO 1,73 M - MANUTENÇÃO. AF_11/2016","H",60.01,95629,null,60.01,60.01]
[null,95630,"ROLO COMPACTADOR VIBRATORIO TANDEM, ACO LISO, POTENCIA 125 HP, PESO SEM/COM LASTRO 10,20/11,65 T, LARGURA DE TRABALHO 1,73 M - MATERIAIS NA OPERAÇÃO. AF_11/2016","H",93.1,95630,null,93.1,93.1]
[null,95698,"PERFURATRIZ MANUAL, TORQUE MAXIMO 55 KGF.M, POTENCIA 5 CV, COM DIAMETRO MAXIMO 8 1/2\" - DEPRECIAÇÃO. AF_11/2016","H",5.79,95698,null,5.79,5.79]
[null,95699,"PERFURATRIZ MANUAL, TORQUE MAXIMO 55 KGF.M, POTENCIA 5 CV, COM DIAMETRO MAXIMO 8 1/2\" - JUROS. AF_11/2016","H",1.33,95699,null,1.33,1.33]
[null,95700,"PERFURATRIZ MANUAL, TORQUE MAXIMO 55 KGF.M, POTENCIA 5 CV, COM DIAMETRO MAXIMO 8 1/2\" - MANUTENÇÃO. AF_11/2016","H",7.24,95700,null,7.24,7.24]
[null,95701,"PERFURATRIZ MANUAL, TORQUE MAXIMO 55 KGF.M, POTENCIA 5 CV, COM DIAMETRO MAXIMO 8 1/2\" - MATERIAIS NA OPERAÇÃO. AF_11/2016","H",3.31,95701,null,3.31,3.31]
[null,95704,"PERFURATRIZ SOBRE ESTEIRA, TORQUE MÁXIMO 600 KGF, POTÊNCIA ENTRE 50 E 60 HP, DIÂMETRO MÁXIMO 10\" - DEPRECIAÇÃO. AF_11/2016","H",53.38,95704,null,53.38,53.38]
[null,95705,"PERFURATRIZ SOBRE ESTEIRA, TORQUE MÁXIMO 600 KGF, POTÊNCIA ENTRE 50 E 60 HP, DIÂMETRO MÁXIMO 10\" - JUROS. AF_11/2016","H",14.32,95705,null,14.32,14.32]
[null,95706,"PERFURATRIZ SOBRE ESTEIRA, TORQUE MÁXIMO 600 KGF, POTÊNCIA ENTRE 50 E 60 HP, DIÂMETRO MÁXIMO 10\" - MANUTENÇÃO. AF_11/2016","H",66.8,95706,null,66.8,66.8]
[null,95707,"PERFURATRIZ SOBRE ESTEIRA, TORQUE MÁXIMO 600 KGF, POTÊNCIA ENTRE 50 E 60 HP, DIÂMETRO MÁXIMO 10\" - MATERIAIS NA OPERAÇÃO. AF_11/2016","H",4.34,95707,null,4.34,4.34]
[null,95716,"ESCAVADEIRA HIDRAULICA SOBRE ESTEIRA, EQUIPADA COM CLAMSHELL, COM CAPACIDADE DA CAÇAMBA ENTRE 1,20 E 1,50 M3, PESO OPERACIONAL ENTRE 20,00 E 22,00 TON, POTENCIA LIQUIDA ENTRE 150 E 160 HP - DEPRECIAÇÃO. AF_11/2016","H",64.19,95716,null,64.19,64.19]
[null,95717,"ESCAVADEIRA HIDRAULICA SOBRE ESTEIRA, EQUIPADA COM CLAMSHELL, COM CAPACIDADE DA CAÇAMBA ENTRE 1,20 E 1,50 M3, PESO OPERACIONAL ENTRE 20,00 E 22,00 TON, POTENCIA LIQUIDA ENTRE 150 E 160 HP - JUROS. AF_11/2016","H",16.96,95717,null,16.96,16.96]
[null,95718,"ESCAVADEIRA HIDRAULICA SOBRE ESTEIRA, EQUIPADA COM CLAMSHELL, COM CAPACIDADE DA CAÇAMBA ENTRE 1,20 E 1,50 M3, PESO OPERACIONAL ENTRE 20,00 E 22,00 TON, POTENCIA LIQUIDA ENTRE 150 E 160 HP - MANUTENÇÃO. AF_11/2016","H",80.239999999999995,95718,null,80.239999999999995,80.239999999999995]
[null,95719,"ESCAVADEIRA HIDRAULICA SOBRE ESTEIRA, EQUIPADA COM CLAMSHELL, COM CAPACIDADE DA CAÇAMBA ENTRE 1,20 E 1,50 M3, PESO OPERACIONAL ENTRE 20,00 E 22,00 TON, POTENCIA LIQUIDA ENTRE 150 E 160 HP - MATERIAIS NA OPERAÇÃO. AF_11/2016","H",93.78,95719,null,93.78,93.78]
[null,95869,"GRUPO GERADOR COM CARENAGEM, MOTOR DIESEL POTÊNCIA STANDART ENTRE 250 E 260 KVA - JUROS. AF_12/2016","H",3.58,95869,null,3.58,3.58]
[null,95870,"GRUPO GERADOR COM CARENAGEM, MOTOR DIESEL POTÊNCIA STANDART ENTRE 250 E 260 KVA - MANUTENÇÃO. AF_12/2016","H",9.08,95870,null,9.08,9.08]
[null,95871,"GRUPO GERADOR COM CARENAGEM, MOTOR DIESEL POTÊNCIA STANDART ENTRE 250 E 260 KVA - MATERIAIS NA OPERAÇÃO. AF_12/2016","H",284.79000000000002,95871,null,284.79000000000002,284.79000000000002]
[null,95874,"GRUPO GERADOR COM CARENAGEM, MOTOR DIESEL POTÊNCIA STANDART ENTRE 250 E 260 KVA - DEPRECIAÇÃO. AF_12/2016","H",10.17,95874,null,10.17,10.17]
[null,96008,"TRATOR DE PNEUS COM POTÊNCIA DE 122 CV, TRAÇÃO 4X4, COM VASSOURA MECÂNICA ACOPLADA - DEPRECIAÇÃO. AF_02/2017","H",23.49,96008,null,23.49,23.49]
[null,96009,"TRATOR DE PNEUS COM POTÊNCIA DE 122 CV, TRAÇÃO 4X4, COM VASSOURA MECÂNICA ACOPLADA - JUROS. AF_02/2017","H",6.29,96009,null,6.29,6.29]
[null,96011,"TRATOR DE PNEUS COM POTÊNCIA DE 122 CV, TRAÇÃO 4X4, COM VASSOURA MECÂNICA ACOPLADA - MANUTENÇÃO. AF_02/2017","H",25.7,96011,null,25.7,25.7]
[null,96012,"TRATOR DE PNEUS COM POTÊNCIA DE 122 CV, TRAÇÃO 4X4, COM VASSOURA MECÂNICA ACOPLADA - MATERIAIS NA OPERAÇÃO. AF_02/2017","H",100.83,96012,null,100.83,100.83]
[null,96015,"TRATOR DE PNEUS COM POTÊNCIA DE 122 CV, TRAÇÃO 4X4, COM GRADE DE DISCOS ACOPLADA - DEPRECIAÇÃO. AF_02/2017","H",23.29,96015,null,23.29,23.29]
[null,96016,"TRATOR DE PNEUS COM POTÊNCIA DE 122 CV, TRAÇÃO 4X4, COM GRADE DE DISCOS ACOPLADA - JUROS. AF_02/2017","H",6.24,96016,null,6.24,6.24]
[null,96018,"TRATOR DE PNEUS COM POTÊNCIA DE 122 CV, TRAÇÃO 4X4, COM GRADE DE DISCOS ACOPLADA - MANUTENÇÃO. AF_02/2017","H",25.48,96018,null,25.48,25.48]
[null,96019,"TRATOR DE PNEUS COM POTÊNCIA DE 122 CV, TRAÇÃO 4X4, COM GRADE DE DISCOS ACOPLADA - MATERIAIS NA OPERAÇÃO. AF_02/2017","H",100.83,96019,null,100.83,100.83]
[null,96023,"TRATOR DE PNEUS COM POTÊNCIA DE 85 CV, TRAÇÃO 4X4, COM GRADE DE DISCOS ACOPLADA - DEPRECIAÇÃO. AF_02/2017","H",{"$f":"IF($K$2=$H$1,H1347,I1347)","v":17.96},{"$f":"IF(LEN($B1347)=7,CONCATENATE(MID($B1347,1,6),\"00\",RIGHT($B1347,1)),IF(LEN($B1347)=8,CONCATENATE(MID($B1347,1,6),\"0\",RIGHT($B1347,2)),$B1347))","v":96023},null,17.96,17.96]
[null,96024,"TRATOR DE PNEUS COM POTÊNCIA DE 85 CV, TRAÇÃO 4X4, COM GRADE DE DISCOS ACOPLADA - JUROS. AF_02/2017","H",4.8099999999999996,96024,null,4.8099999999999996,4.8099999999999996]
[null,96026,"TRATOR DE PNEUS COM POTÊNCIA DE 85 CV, TRAÇÃO 4X4, COM GRADE DE DISCOS ACOPLADA - MANUTENÇÃO. AF_02/2017","H",19.649999999999999,96026,null,19.649999999999999,19.649999999999999]
[null,96027,"TRATOR DE PNEUS COM POTÊNCIA DE 85 CV, TRAÇÃO 4X4, COM GRADE DE DISCOS ACOPLADA - MATERIAIS NA OPERAÇÃO. AF_02/2017","H",70.260000000000005,96027,null,70.260000000000005,70.260000000000005]
[null,96030,"CAMINHÃO BASCULANTE 10 M3, TRUCADO, POTÊNCIA 230 CV, INCLUSIVE CAÇAMBA METÁLICA, COM DISTRIBUIDOR DE AGREGADOS ACOPLADO - DEPRECIAÇÃO. AF_02/2017","H",35.65,96030,null,35.65,35.65]
[null,96031,"CAMINHÃO BASCULANTE 10 M3, TRUCADO, POTÊNCIA 230 CV, INCLUSIVE CAÇAMBA METÁLICA, COM DISTRIBUIDOR DE AGREGADOS ACOPLADO - JUROS. AF_02/2017","H",12.53,96031,null,12.53,12.53]
[null,96032,"CAMINHÃO BASCULANTE 10 M3, TRUCADO, POTÊNCIA 230 CV, INCLUSIVE CAÇAMBA METÁLICA, COM DISTRIBUIDOR DE AGREGADOS ACOPLADO - IMPOSTOS E SEGUROS. AF_02/2017","H",5.03,96032,null,5.03,5.03]
[null,96033,"CAMINHÃO BASCULANTE 10 M3, TRUCADO, POTÊNCIA 230 CV, INCLUSIVE CAÇAMBA METÁLICA, COM DISTRIBUIDOR DE AGREGADOS ACOPLADO - MANUTENÇÃO. AF_02/2017","H",57.9,96033,null,57.9,57.9]
[null,96034,"CAMINHÃO BASCULANTE 10 M3, TRUCADO, POTÊNCIA 230 CV, INCLUSIVE CAÇAMBA METÁLICA, COM DISTRIBUIDOR DE AGREGADOS ACOPLADO - MATERIAIS NA OPERAÇÃO. AF_02/2017","H",147.88,96034,null,147.88,147.88]
[null,96053,"TRATOR DE PNEUS COM POTÊNCIA DE 85 CV, TRAÇÃO 4X4, COM VASSOURA MECÂNICA ACOPLADA - DEPRECIAÇÃO. AF_03/2017","H",18.16,96053,null,18.16,18.16]
[null,96054,"MINICARREGADEIRA SOBRE RODAS POTENCIA 47HP CAPACIDADE OPERACAO 646 KG, COM VASSOURA MECÂNICA ACOPLADA - DEPRECIAÇÃO. AF_03/2017","H",32.51,96054,null,32.51,32.51]
[null,96055,"TRATOR DE PNEUS COM POTÊNCIA DE 85 CV, TRAÇÃO 4X4, COM VASSOURA MECÂNICA ACOPLADA - JUROS. AF_03/2017","H",4.8600000000000003,96055,null,4.8600000000000003,4.8600000000000003]
[null,96056,"TRATOR DE PNEUS COM POTÊNCIA DE 85 CV, TRAÇÃO 4X4, COM VASSOURA MECÂNICA ACOPLADA - MANUTENÇÃO. AF_03/2017","H",19.87,96056,null,19.87,19.87]
[null,96057,"TRATOR DE PNEUS COM POTÊNCIA DE 85 CV, TRAÇÃO 4X4, COM VASSOURA MECÂNICA ACOPLADA - MATERIAIS NA OPERAÇÃO. AF_03/2017","H",70.260000000000005,96057,null,70.260000000000005,70.260000000000005]
[null,96060,"MINICARREGADEIRA SOBRE RODAS POTENCIA 47HP CAPACIDADE OPERACAO 646 KG, COM VASSOURA MECÂNICA ACOPLADA - JUROS. AF_03/2017","H",6.66,96060,null,6.66,6.66]
[null,96061,"MINICARREGADEIRA SOBRE RODAS POTENCIA 47HP CAPACIDADE OPERACAO 646 KG, COM VASSOURA MECÂNICA ACOPLADA - MANUTENÇÃO. AF_03/2017","H",40.64,96061,null,40.64,40.64]
[null,96062,"MINICARREGADEIRA SOBRE RODAS POTENCIA 47HP CAPACIDADE OPERACAO 646 KG, COM VASSOURA MECÂNICA ACOPLADA - MATERIAIS NA OPERAÇÃO. AF_03/2017","H",41.55,96062,null,41.55,41.55]
[null,96241,"MINIESCAVADEIRA SOBRE ESTEIRAS, POTÊNCIA LÍQUIDA DE *30* HP, PESO OPERACIONAL DE *3.500* KG - DEPRECIAÇÃO. AF_04/2017","H",30.6,96241,null,30.6,30.6]
[null,96242,"MINIESCAVADEIRA SOBRE ESTEIRAS, POTÊNCIA LÍQUIDA DE *30* HP, PESO OPERACIONAL DE *3.500* KG - JUROS. AF_04/2017","H",8.08,96242,null,8.08,8.08]
[null,96243,"MINIESCAVADEIRA SOBRE ESTEIRAS, POTÊNCIA LÍQUIDA DE *30* HP, PESO OPERACIONAL DE *3.500* KG - MANUTENÇÃO. AF_04/2017","H",38.25,96243,null,38.25,38.25]
[null,96244,"MINIESCAVADEIRA SOBRE ESTEIRAS, POTÊNCIA LÍQUIDA DE *30* HP, PESO OPERACIONAL DE *3.500* KG - MATERIAIS NA OPERAÇÃO. AF_04/2017","H",18.149999999999999,96244,null,18.149999999999999,18.149999999999999]
[null,96301,"PERFURATRIZ ROTATIVA SOBRE ESTEIRA, TORQUE MAXIMO 2500 KGM, POTENCIA 110 HP, MOTOR DIESEL - MATERIAIS NA OPERAÇÃO. AF_05/2017","H",51.23,96301,null,51.23,51.23]
[null,96457,"ROLO COMPACTADOR DE PNEUS, ESTÁTICO, PRESSÃO VARIÁVEL, POTÊNCIA 110 HP, PESO SEM/COM LASTRO 10,8/27 T, LARGURA DE ROLAGEM 2,30 M - MATERIAIS NA OPERAÇÃO. AF_06/2017","H",66.58,96457,null,66.58,66.58]
[null,96458,"ROLO COMPACTADOR DE PNEUS, ESTÁTICO, PRESSÃO VARIÁVEL, POTÊNCIA 110 HP, PESO SEM/COM LASTRO 10,8/27 T, LARGURA DE ROLAGEM 2,30 M - MANUTENÇÃO. AF_06/2017","H",66.55,96458,null,66.55,66.55]
[null,96459,"ROLO COMPACTADOR DE PNEUS, ESTÁTICO, PRESSÃO VARIÁVEL, POTÊNCIA 110 HP, PESO SEM/COM LASTRO 10,8/27 T, LARGURA DE ROLAGEM 2,30 M - JUROS. AF_06/2017","H",14.26,96459,null,14.26,14.26]
[null,96460,"ROLO COMPACTADOR DE PNEUS, ESTÁTICO, PRESSÃO VARIÁVEL, POTÊNCIA 110 HP, PESO SEM/COM LASTRO 10,8/27 T, LARGURA DE ROLAGEM 2,30 M - DEPRECIAÇÃO. AF_06/2017","H",53.18,96460,null,53.18,53.18]
[null,98760,"INVERSOR DE SOLDA MONOFÁSICO DE 160 A, POTÊNCIA DE 5400 W, TENSÃO DE 220 V, PARA SOLDA COM ELETRODOS DE 2,0 A 4,0 MM E PROCESSO TIG - DEPRECIAÇÃO. AF_06/2018","H",0.08,98760,null,0.08,0.08]
[null,98761,"INVERSOR DE SOLDA MONOFÁSICO DE 160 A, POTÊNCIA DE 5400 W, TENSÃO DE 220 V, PARA SOLDA COM ELETRODOS DE 2,0 A 4,0 MM E PROCESSO TIG - JUROS. AF_06/2018","H",0.02,98761,null,0.02,0.02]
[null,98762,"INVERSOR DE SOLDA MONOFÁSICO DE 160 A, POTÊNCIA DE 5400 W, TENSÃO DE 220 V, PARA SOLDA COM ELETRODOS DE 2,0 A 4,0 MM E PROCESSO TIG - MANUTENÇÃO. AF_06/2018","H",0.11,98762,null,0.11,0.11]
[null,98763,"INVERSOR DE SOLDA MONOFÁSICO DE 160 A, POTÊNCIA DE 5400 W, TENSÃO DE 220 V, PARA SOLDA COM ELETRODOS DE 2,0 A 4,0 MM E PROCESSO TIG - MATERIAIS NA OPERAÇÃO. AF_06/2018","H",4.8600000000000003,98763,null,4.8600000000000003,4.8600000000000003]
[null,99829,"LAVADORA DE ALTA PRESSAO (LAVA-JATO) PARA AGUA FRIA, PRESSAO DE OPERACAO ENTRE 1400 E 1900 LIB/POL2, VAZAO MAXIMA ENTRE 400 E 700 L/H - DEPRECIAÇÃO. AF_05/2023","H",0.2,99829,null,0.2,0.2]
[null,99830,"LAVADORA DE ALTA PRESSAO (LAVA-JATO) PARA AGUA FRIA, PRESSAO DE OPERACAO ENTRE 1400 E 1900 LIB/POL2, VAZAO MAXIMA ENTRE 400 E 700 L/H - JUROS. AF_05/2023","H",0.04,99830,null,0.04,0.04]
[null,99831,"LAVADORA DE ALTA PRESSAO (LAVA-JATO) PARA AGUA FRIA, PRESSAO DE OPERACAO ENTRE 1400 E 1900 LIB/POL2, VAZAO MAXIMA ENTRE 400 E 700 L/H - MANUTENÇÃO. AF_05/2023","H",0.13,99831,null,0.13,0.13]
[null,99832,"LAVADORA DE ALTA PRESSAO (LAVA-JATO) PARA AGUA FRIA, PRESSAO DE OPERACAO ENTRE 1400 E 1900 LIB/POL2, VAZAO MAXIMA ENTRE 400 E 700 L/H - MATERIAIS NA OPERAÇÃO. AF_05/2023","H",4.68,99832,null,4.68,4.68]
[null,100637,"USINA DE MISTURA ASFÁLTICA À QUENTE, TIPO CONTRA FLUXO, PROD 100 A 140 TON/HORA - DEPRECIAÇÃO. AF_12/2019","H",193.24,100637,null,193.24,193.24]
[null,100638,"USINA DE MISTURA ASFÁLTICA À QUENTE, TIPO CONTRA FLUXO, PROD 100 A 140 TON/HORA - JUROS. AF_12/2019","H",59.4,100638,null,59.4,59.4]
[null,100639,"USINA DE MISTURA ASFÁLTICA À QUENTE, TIPO CONTRA FLUXO, PROD 100 A 140 TON/HORA - MANUTENÇÃO. AF_12/2019","H",241.74,100639,null,241.74,241.74]
[null,100640,"USINA DE MISTURA ASFÁLTICA À QUENTE, TIPO CONTRA FLUXO, PROD 100 A 140 TON/HORA - MATERIAIS NA OPERAÇÃO. AF_12/2019","H",4492.8,100640,null,4492.8,4492.8]
[null,100643,"USINA DE ASFALTO, TIPO GRAVIMÉTRICA, PROD 150 TON/HORA - DEPRECIAÇÃO. AF_12/2019","H",395.96,100643,null,395.96,395.96]
[null,100644,"USINA DE ASFALTO, TIPO GRAVIMÉTRICA, PROD 150 TON/HORA - JUROS. AF_12/2019","H",139.57,100644,null,139.57,139.57]
[null,100645,"USINA DE ASFALTO, TIPO GRAVIMÉTRICA, PROD 150 TON/HORA - MANUTENÇÃO. AF_12/2019","H",636.51,100645,null,636.51,636.51]
[null,100646,"USINA DE ASFALTO, TIPO GRAVIMÉTRICA, PROD 150 TON/HORA - MATERIAIS NA OPERAÇÃO. AF_12/2019","H",5616,100646,null,5616,5616]
[null,102270,"MARTELO DEMOLIDOR ELÉTRICO, COM POTÊNCIA DE 2.000 W, 1.000 IMPACTOS POR MINUTO, PESO DE 30 KG - DEPRECIAÇÃO. AF_01/2021","H",0.86,102270,null,0.86,0.86]
[null,102271,"MARTELO DEMOLIDOR ELÉTRICO, COM POTÊNCIA DE 2.000 W, 1.000 IMPACTOS POR MINUTO, PESO DE 30 KG - JUROS. AF_01/2021","H",0.19,102271,null,0.19,0.19]
[null,102272,"MARTELO DEMOLIDOR ELÉTRICO, COM POTÊNCIA DE 2.000 W, 1.000 IMPACTOS POR MINUTO, PESO DE 30 KG - MANUTENÇÃO. AF_01/2021","H",1.07,102272,null,1.07,1.07]
[null,102273,"MARTELO DEMOLIDOR ELÉTRICO, COM POTÊNCIA DE 2.000 W, 1.000 IMPACTOS POR MINUTO, PESO DE 30 KG - MATERIAIS NA OPERAÇÃO. AF_01/2021","H",1.8,102273,null,1.8,1.8]
[null,102809,"CALDEIRA A GÁS COM TERMOSTATO, CAPACIDADE 100 LITROS - MATERIAIS NA OPERAÇÃO. AF_05/2023","H",18.8,102809,null,18.8,18.8]
[null,102815,"CENTRAL DE LAMA BENTONÍTICA (DEPÓSITO DE BENTONITA, MISTURADOR DE ALTA TURBULÊNCIA, SILOS DE ARMAZENAMENTO DE LAMA E ÁGUA, LABORATÓRIO DE CONTROLE DE QUALIDADE DA LAMA) - MATERIAIS NA OPERAÇÃO. AF_04/2019","H",3.6,102815,null,3.6,3.6]
[null,102826,"CONJUNTO MACACO E BOMBA HIDRÁULICA PARA PROTENSAO DE CORDOALHAS, ESFORÇO MAXIMO DE 115 TONELADAS - MATERIAIS NA OPERAÇÃO. AF_05/2023","H",6.76,102826,null,6.76,6.76]
[" ",102832,"CONJUNTO CILINDRO E BOMBA HIDRÁULICA PARA PROTENSÃO DE MONOBARRAS PARA TIRANTES, ESFORÇO MÁXIMO DE 30 TONELADAS  - MATERIAIS NA OPERAÇÃO. AF_05/2023","H",9.01,102832,null,9.01,9.01]
[null,102843,"GUINDASTE HIDRAULICO AUTOPROPELIDO, COM LANÇA TRELIÇADA 40 M, CAPACIDADE MÁXIMA 75 T, EQUIPADO COM CLAMSHELL - MATERIAIS NA OPERAÇÃO. AF_04/2019","H",140.4,102843,null,140.4,140.4]
[null,102849,"GUINDASTE SOBRE ESTEIRAS, COM LANÇA TRELIÇADA 40 M, CAPACIDADE MÁXIMA 75 T - MATERIAIS NA OPERAÇÃO. AF_04/2019","H",68.64,102849,null,68.64,68.64]
[null,102855,"GUINDASTE SOBRE ESTEIRAS, COM LANÇA TRELIÇADA 40 M, CAPACIDADE MÁXIMA 75 T, EQUIPADO COM CLAMSHELL - MATERIAIS NA OPERAÇÃO. AF_04/2019","H",68.64,102855,null,68.64,68.64]
[null,102861,"MÁQUINA FORMER DOBRAS DIVERSAS: 220V/380V TRIFÁSICO OU MONOFÁSICO, CAPACIDADE 0,5-1,27MM, MOTOR 2CV - MATERIAIS NA OPERAÇÃO. AF_05/2023","H",1.32,102861,null,1.32,1.32]
[null,102867,"MÁQUINA SOLDA ARCO COM PISTOLA DE SOLDAGEM PARA STUD BOLT DE 5 MM A 22 MM - MATERIAIS NA OPERAÇÃO. AF_05/2023","H",0.72,102867,null,0.72,0.72]
[null,102870,"PERFURATRIZ HIDRÁULICA SOBRE ESTEIRA, TORQUE MÁXIMO 161 KNM, PROFUNDIDADE MÁXIMA 54 M, DIÂMETRO MÁXIMO 1500 MM, POTÊNCIA MOTOR 268 HP - DEPRECIAÇÃO. AF_04/2019","H",347.81,102870,null,347.81,347.81]
[null,102871,"PERFURATRIZ HIDRÁULICA SOBRE ESTEIRA, TORQUE MÁXIMO 161 KNM, PROFUNDIDADE MÁXIMA 54 M, DIÂMETRO MÁXIMO 1500 MM, POTÊNCIA MOTOR 268 HP - JUROS. AF_04/2019","H",93.96,102871,null,93.96,93.96]
[null,102872,"PERFURATRIZ HIDRÁULICA SOBRE ESTEIRA, TORQUE MÁXIMO 161 KNM, PROFUNDIDADE MÁXIMA 54 M, DIÂMETRO MÁXIMO 1500 MM, POTÊNCIA MOTOR 268 HP - MANUTENÇÃO. AF_04/2019","H",435.25,102872,null,435.25,435.25]
[null,102873,"PERFURATRIZ HIDRÁULICA SOBRE ESTEIRA, TORQUE MÁXIMO 161 KNM, PROFUNDIDADE MÁXIMA 54 M, DIÂMETRO MÁXIMO 1500 MM, POTÊNCIA MOTOR 268 HP - MATERIAIS NA OPERAÇÃO. AF_04/2019","H",124.73,102873,null,124.73,124.73]
[null,102876,"PERFURATRIZ PARA EXECUÇÃO DE ESTACAS SECANTES, TIPO HÉLICE CONTÍNUA COM CABEÇOTE DUPLO E TUBO METÁLICO - DEPRECIAÇÃO. AF_04/2019","H",483.34,102876,null,483.34,483.34]
[null,102877,"PERFURATRIZ PARA EXECUÇÃO DE ESTACAS SECANTES, TIPO HÉLICE CONTÍNUA COM CABEÇOTE DUPLO E TUBO METÁLICO - JUROS. AF_04/2019","H",130.58000000000001,102877,null,130.58000000000001,130.58000000000001]
[null,102878,"PERFURATRIZ PARA EXECUÇÃO DE ESTACAS SECANTES, TIPO HÉLICE CONTÍNUA COM CABEÇOTE DUPLO E TUBO METÁLICO - MANUTENÇÃO. AF_04/2019","H",604.86,102878,null,604.86,604.86]
[null,102879,"PERFURATRIZ PARA EXECUÇÃO DE ESTACAS SECANTES, TIPO HÉLICE CONTÍNUA COM CABEÇOTE DUPLO E TUBO METÁLICO - MATERIAIS NA OPERAÇÃO. AF_04/2019","H",187.2,102879,null,187.2,187.2]
[null,102885,"PLATAFORMA ELEVATÓRIA - MATERIAIS NA OPERAÇÃO. AF_04/2019","H",1.35,102885,null,1.35,1.35]
[null,102891,"PÓRTICO ROLANTE MONOVIGA, PERFIL I, 4 PERNAS, CAPACIDADE 5 T  - MATERIAIS NA OPERAÇÃO. AF_04/2019","H",{"$f":"IF($K$2=$H$1,H1411,I1411)","v":1.35},{"$f":"IF(LEN($B1411)=7,CONCATENATE(MID($B1411,1,6),\"00\",RIGHT($B1411,1)),IF(LEN($B1411)=8,CONCATENATE(MID($B1411,1,6),\"0\",RIGHT($B1411,2)),$B1411))","v":102891},null,1.35,1.35]
[null,102897,"ESCAVADEIRA HIDRÁULICA SOBRE ESTEIRA, PESO OPERACIONAL ENTRE 22,00 E 23,50 T, POTÊNCIA NOMINAL 139 HP, COM MARTELO ROMPEDOR HIDRÁULICO 1700 KG - MATERIAIS NA OPERAÇÃO. AF_04/2019","H",93.78,102897,null,93.78,93.78]
[null,102903,"TORRE, COMPOSTA POR GUINCHO MECÂNICO, GUINCHO MANUAL, CABOS DE AÇO, PITEIRA E SOQUETE  - MATERIAIS NA OPERAÇÃO. AF_05/2023","H",12.16,102903,null,12.16,12.16]
[null,102909,"UNIDADE DOSADORA AIRLESS TIPO HOT SPRAY - MATERIAIS NA OPERAÇÃO. AF_05/2023","H",4.32,102909,null,4.32,4.32]
[null,102915,"ENCERADEIRA INDUSTRIAL, 400 MM, 220V, 1 HP - MATERIAIS NA OPERAÇÃO. AF_05/2023","H",0.66,102915,null,0.66,0.66]
[null,102927,"SERRA FITA HORIZONTAL, ELÉTRICA, COM CONTROLE HIDRÁULICO, PAINEL DE COMANDO EM 24 V, MOTOR ELÉTRICO 1,5 CV, DIMENSÕES DA FITA 3880 X 27 X 0,9 MM, TRIFÁSICA - MATERIAIS NA OPERAÇÃO. AF_05/2023","H",0.99,102927,null,0.99,0.99]
[null,102933,"FURADEIRA ELETROMAGNÉTICA, VELOCIDADE (SEM CARGA/ COM CARGA) 450/ 270 RPM, ESPESSURA MÁXIMA DA CHAPA A SER FURADA 50 MM, PORÇA DE ADESÃO MAGNÉTICA 17000 N, POTÊNCIA 1100 W, ALIMENTÇÃO 220 - 60 HZ, MONOFÁSICA - MATERIAIS NA OPERAÇÃO. AF_08/2019","H",0.99,102933,null,0.99,0.99]
[null,102939,"MÁQUINA METALEIRA UNIVERSAL MODELO IW 110/180 BTD - MATERIAIS NA OPERAÇÃO. AF_05/2023","H",9.91,102939,null,9.91,9.91]
[null,102945,"TARTARUGA DE OXICORTE CG1, MONOFÁSICA, 220 V, FREQUÊNCIA 50 HZ, VELOCIDADE DE CORTE (MM/MIN) 50 A 750, DIÂMETRO MÍNIMO DO COMPASSO MM 200 - MATERIAIS NA OPERAÇÃO. AF_05/2023","H",0.02,102945,null,0.02,0.02]
[null,102951,"BETONEIRA CAPACIDADE NOMINAL DE 250 L, CAPACIDADE DE MISTURA DE 175 L, MOTOR ELÉTRICO MONOFÁSICO POTÊNCIA 1CV - MATERIAIS NA OPERAÇÃO. AF_05/2023","H",0.66,102951,null,0.66,0.66]
[null,102957,"RETROESCAVADEIRA SOBRE RODAS COM CARREGADEIRA , PESO OPERACIONAL MÍN. 6,674, POTÊNCIA LÍQ 88 HP, COM MARTELO ROMPEDOR HIDRÁULICO ENTRE  275 A 362 KG - MATERIAIS NA OPERAÇÃO. AF_02/2021","H",40.99,102957,null,40.99,40.99]
[null,102960,"PERFURATRIZ HIDRÁULICA SOBRE ESTEIRA, TORQUE MÁXIMO 98 KNM, PROFUNDIDADE MÁXIMA 25 M, DIÂMETRO MÁXIMO 115 MM, POTÊNCIA MOTOR 190 HP - DEPRECIAÇÃO. AF_02/2021","H",168.8,102960,null,168.8,168.8]
[null,102961,"PERFURATRIZ HIDRÁULICA SOBRE ESTEIRA, TORQUE MÁXIMO 98 KNM, PROFUNDIDADE MÁXIMA 25 M, DIÂMETRO MÁXIMO 115 MM, POTÊNCIA MOTOR 190 HP - JUROS. AF_02/2021","H",45.6,102961,null,45.6,45.6]
[null,102962,"PERFURATRIZ HIDRÁULICA SOBRE ESTEIRA, TORQUE MÁXIMO 98 KNM, PROFUNDIDADE MÁXIMA 25 M, DIÂMETRO MÁXIMO 115 MM, POTÊNCIA MOTOR 190 HP - MANUTENÇÃO. AF_02/2021","H",158.35,102962,null,158.35,158.35]
[null,102963,"PERFURATRIZ HIDRÁULICA SOBRE ESTEIRA, TORQUE MÁXIMO 98 KNM, PROFUNDIDADE MÁXIMA 25 M, DIÂMETRO MÁXIMO 115 MM, POTÊNCIA MOTOR 190 HP - MATERIAIS NA OPERAÇÃO. AF_02/2021","H",88.42,102963,null,88.42,88.42]
[null,102969,"COMPRESSOR DE AR, VAZAO DE 10 PCM, RESERVATORIO 100 L, PRESSAO DE TRABALHO ENTRE 6,9 E 9,7 BAR, POTENCIA 2 HP, TENSAO 110/220 V - MATERIAIS NA OPERAÇÃO. AF_05/2023","H",0.15,102969,null,0.15,0.15]
[null,102972,"PERFURATRIZ ROTATIVA SOBRE ESTEIRA, TORQUE MAXIMO 2500 KGM, POTENCIA 110 HP, MOTOR DIESEL - DEPRECIAÇÃO. AF_05/2017","H",90.09,102972,null,90.09,90.09]
[null,102973,"PERFURATRIZ ROTATIVA SOBRE ESTEIRA, TORQUE MAXIMO 2500 KGM, POTENCIA 110 HP, MOTOR DIESEL - JUROS. AF_05/2017","H",25.01,102973,null,25.01,25.01]
[null,102974,"PERFURATRIZ ROTATIVA SOBRE ESTEIRA, TORQUE MAXIMO 2500 KGM, POTENCIA 110 HP, MOTOR DIESEL - MANUTENÇÃO. AF_05/2017","H",84.51,102974,null,84.51,84.51]
[null,102985,"MÁQUINA DEMARCADORA DE FAIXA DE TRÁFEGO À FRIO, TRAÇÃO MANUAL, 4 CV, PRESSÃO MAX 3300 PSI, TANQUE 20 L - MATERIAIS NA OPERAÇÃO. AF_06/2021","H",15.6,102985,null,15.6,15.6]
[null,103156,"MÁQUINA PARA SOLDA POR ELETROFUSÃO PARA TUBOS DE POLIETILENO DE ALTA DENSIDADE (PEAD) COM DIÂMETRO EXTERNO DE 20 A 800 MM, POTÊNCIA ENTRE 2750 E 3000 W - MATERIAIS NA OPERAÇÃO. AF_05/2023","H",2.52,103156,null,2.52,2.52]
[null,103162,"MÁQUINA PARA SOLDA POR ELETROFUSÃO PARA TUBOS DE POLIETILENO DE ALTA DENSIDADE (PEAD) COM DIÂMETRO EXTERNO DE 20 A 1600 MM, POTÊNCIA DE 3500 W - MATERIAIS NA OPERAÇÃO. AF_05/2023","H",0.71,103162,null,0.71,0.71]
[null,103168,"MÁQUINA PARA SOLDA POR TERMOFUSÃO PARA TUBOS DE POLIETILENO DE ALTA DENSIDADE (PEAD) COM DIÂMETRO EXTERNO DE 90 A 315 MM, POTÊNCIA ENTRE 2500 E 5350 W - MATERIAIS NA OPERAÇÃO. AF_05/2023","H",0.8,103168,null,0.8,0.8]
[null,103174,"MÁQUINA PARA SOLDA POR TERMOFUSÃO PARA TUBOS DE POLIETILENO DE ALTA DENSIDADE (PEAD) COM DIÂMETRO EXTERNO DE 315 A 630 MM, POTÊNCIA ENTRE 8000 E 12350 W - MATERIAIS NA OPERAÇÃO. AF_05/2023","H",2.0099999999999998,103174,null,2.0099999999999998,2.0099999999999998]
[null,103180,"MÁQUINA PARA SOLDA POR TERMOFUSÃO PARA TUBOS DE POLIETILENO DE ALTA DENSIDADE (PEAD) COM DIÂMETRO EXTERNO DE 710 A 1200 MM, POTÊNCIA ENTRE 16000 E 29500 W - MATERIAIS NA OPERAÇÃO. AF_05/2023","H",4.63,103180,null,4.63,4.63]
[null,103220,"PERFURATRIZ PARA FURO DIRECIONAL HORIZONTAL (HDD) COM CAPACIDADE ATÉ 89 KN, POTÊNCIA 24,8 HP A 80 HP (INCLUSO FERRAMENTAS E LOCALIZADOR) - DEPRECIAÇÃO. AF_05/2023","H",147.81,103220,null,147.81,147.81]
[null,103221,"PERFURATRIZ PARA FURO DIRECIONAL HORIZONTAL (HDD) COM CAPACIDADE ATÉ 89 KN, POTÊNCIA 24,8 HP A 80 HP (INCLUSO FERRAMENTAS E LOCALIZADOR) - JUROS. AF_05/2023","H",39.93,103221,null,39.93,39.93]
[null,103222,"PERFURATRIZ PARA FURO DIRECIONAL HORIZONTAL (HDD) COM CAPACIDADE ATÉ 89 KN, POTÊNCIA 24,8 HP A 80 HP (INCLUSO FERRAMENTAS E LOCALIZADOR) - MANUTENÇÃO. AF_05/2023","H",184.98,103222,null,184.98,184.98]
[null,103223,"PERFURATRIZ PARA FURO DIRECIONAL HORIZONTAL (HDD) COM CAPACIDADE ATÉ 89 KN, POTÊNCIA 24,8 HP A 80 HP (INCLUSO FERRAMENTAS E LOCALIZADOR) - MATERIAIS NA OPERAÇÃO. AF_05/2023","H",36.56,103223,null,36.56,36.56]
[null,103226,"PERFURATRIZ PARA FURO DIRECIONAL HORIZONTAL (HDD) COM CAPACIDADE DE 90 KN A 200 KN, POTÊNCIA 100 HP A 160 HP (INCLUSO FERRAMENTAS E LOCALIZADOR) - DEPRECIAÇÃO. AF_05/2023","H",339.12,103226,null,339.12,339.12]
[null,103227,"PERFURATRIZ PARA FURO DIRECIONAL HORIZONTAL (HDD) COM CAPACIDADE DE 90 KN A 200 KN, POTÊNCIA 100 HP A 160 HP (INCLUSO FERRAMENTAS E LOCALIZADOR) - JUROS. AF_05/2023","H",91.62,103227,null,91.62,91.62]
[null,103228,"PERFURATRIZ PARA FURO DIRECIONAL HORIZONTAL (HDD) COM CAPACIDADE DE 90 KN A 200 KN, POTÊNCIA 100 HP A 160 HP (INCLUSO FERRAMENTAS E LOCALIZADOR - MANUTENÇÃO. AF_05/2023","H",424.38,103228,null,424.38,424.38]
[null,103229,"PERFURATRIZ PARA FURO DIRECIONAL HORIZONTAL (HDD) COM CAPACIDADE DE 90 KN A 200 KN, POTÊNCIA 100 HP A 160 HP (INCLUSO FERRAMENTAS E LOCALIZADOR) - MATERIAIS NA OPERAÇÃO. AF_05/2023","H",90.79,103229,null,90.79,90.79]
[null,103232,"PERFURATRIZ PARA FURO DIRECIONAL HORIZONTAL (HDD) COM CAPACIDADE DE 201 KN A 560 KN, POTÊNCIA 200 HP A 260 HP (INCLUSO FERRAMENTAS E LOCALIZADOR) - DEPRECIAÇÃO. AF_05/2023","H",463.76,103232,null,463.76,463.76]
[null,103233,"PERFURATRIZ PARA FURO DIRECIONAL HORIZONTAL (HDD) COM CAPACIDADE DE 201 KN A 560 KN, POTÊNCIA 200 HP A 260 HP (INCLUSO FERRAMENTAS E LOCALIZADOR) - JUROS. AF_05/2023","H",125.29,103233,null,125.29,125.29]
[null,103234,"PERFURATRIZ PARA FURO DIRECIONAL HORIZONTAL (HDD) COM CAPACIDADE DE 201 KN A 560 KN, POTÊNCIA 200 HP A 260 HP (INCLUSO FERRAMENTAS E LOCALIZADOR) - MANUTENÇÃO. AF_05/2023","H",609.05999999999995,103234,null,609.05999999999995,609.05999999999995]
[null,103235,"PERFURATRIZ PARA FURO DIRECIONAL HORIZONTAL (HDD) COM CAPACIDADE DE 201 KN A 560 KN, POTÊNCIA 200 HP A 260 HP (INCLUSO FERRAMENTAS E LOCALIZADOR) - MATERIAIS NA OPERAÇÃO. AF_05/2023","H",107.06,103235,null,107.06,107.06]
[null,103241,"MISTURADOR PARA PREPARO DE LAMA ESTABILIZANTE COM CAPACIDADE DE *4000* L, COM BOMBA CENTRÍFUGA 5,5 HP A 23,07 HP, PARA SISTEMA DE FURO DIRECIONAL - MATERIAIS NA OPERAÇÃO. AF_05/2023","H",12.43,103241,null,12.43,12.43]
[null,103660,"VARREDEIRA DE GRAMA SINTÉTICA A GASOLINA, 2,4 CV, 4 TEMPOS - MATERIAIS NA OPERAÇÃO. AF_05/2023","H",11.95,103660,null,11.95,11.95]
[null,103666,"BATE ESTACA PARA INSTALAÇÃO DE DEFENSAS METÁLICAS (GUARD RAIL) FIXO, INCLUSIVE CAMINHÃO TOCO PBT 9.700 KG, POTÊNCIA DE 160 CV - MATERIAIS NA OPERAÇÃO. AF_05/2023","H",141.52000000000001,103666,null,141.52000000000001,141.52000000000001]
[null,103792,"MINI GUINDASTE ARANHA SOBRE ESTEIRAS E LANCA TELESCÓPICA, CAPACIDADE MÁXIMA DE CARGA 3,0 TON, RAIO MÁXIMO DE TRABALHO 8,25 M, ALTURA DE LANÇA DO SOLO 9,2 M, 55 M DE CABO DE AÇO 8 MM, MOTOR ELÉTRICO 220/380 VOLTS - MATERIAIS NA OPERAÇÃO. AF_03/2022","H",4.96,103792,null,4.96,4.96]
[null,103937,"CONJUNTO MACACO HIDRÁULICO E CENTRAL DE BOMBEAMENTO MOTORIZADO 1,8 KW PARA PROTENSÃO DE MONOCABOS PARA CONCRETO PROTENDIDO, ESFORÇO MÁXIMO DE 20 TONELADAS  - MATERIAIS NA OPERAÇÃO. AF_05/2022","H",1.62,103937,null,1.62,1.62]
[null,103943,"CONJUNTO MACACO HIDRÁULICO E CENTRAL DE BOMBEAMENTO MOTORIZADO 1,8 KW PARA PROTENSÃO DE MONOCABOS PARA CONCRETO PROTENDIDO, ESFORÇO MÁXIMO DE 30 TONELADAS  - MATERIAIS NA OPERAÇÃO. AF_05/2022","H",1.62,103943,null,1.62,1.62]
[null,104087,"TERMOFUSORA PARA TUBOS E CONEXÕES EM PPR COM DIÂMETROS DE 20 A 63 MM, POTÊNCIA DE 800 W, TENSAO 220 V - DEPRECIAÇÃO. AF_05/2022","H",0.06,104087,null,0.06,0.06]
[null,104088,"TERMOFUSORA PARA TUBOS E CONEXÕES EM PPR COM DIÂMETROS DE 20 A 63 MM, POTÊNCIA DE 800 W, TENSAO 220 V - JUROS. AF_05/2022","H",0.01,104088,null,0.01,0.01]
[null,104089,"TERMOFUSORA PARA TUBOS E CONEXÕES EM PPR COM DIÂMETROS DE 20 A 63 MM, POTÊNCIA DE 800 W, TENSAO 220 V - MANUTENÇÃO. AF_05/2022","H",0.08,104089,null,0.08,0.08]
[null,104090,"TERMOFUSORA PARA TUBOS E CONEXÕES EM PPR COM DIÂMETROS DE 20 A 63 MM, POTÊNCIA DE 800 W, TENSAO 220 V - MATERIAIS NA OPERAÇÃO. AF_05/2022","H",0.72,104090,null,0.72,0.72]
[null,104093,"TERMOFUSORA PARA TUBOS E CONEXÕES EM PPR COM DIÂMETROS DE 75 A 110 MM, POTÊNCIA DE *1100* W, TENSÃO 220 V - DEPRECIAÇÃO. AF_05/2022","H",0.09,104093,null,0.09,0.09]
[null,104094,"TERMOFUSORA PARA TUBOS E CONEXÕES EM PPR COM DIÂMETROS DE 75 A 110 MM, POTÊNCIA DE *1100* W, TENSÃO 220 V - JUROS. AF_05/2022","H",0.02,104094,null,0.02,0.02]
[null,104095,"TERMOFUSORA PARA TUBOS E CONEXÕES EM PPR COM DIÂMETROS DE 75 A 110 MM, POTÊNCIA DE *1100* W, TENSÃO 220 V - MANUTENÇÃO. AF_05/2022","H",0.12,104095,null,0.12,0.12]
[null,104096,"TERMOFUSORA PARA TUBOS E CONEXÕES EM PPR COM DIÂMETROS DE 75 A 110 MM, POTÊNCIA DE *1100* W, TENSÃO 220 V - MATERIAIS NA OPERAÇÃO. AF_05/2022","H",0.99,104096,null,0.99,0.99]
[null,104519,"LIXADEIRA DE PAREDE, COM LED, POTÊNCIA 750 W, FREQUÊNCIA 60 HZ, VELOCIDADE 1000 A 2100 RPM, DIÂMETRO DA LIXA 225 MM - MATERIAIS NA OPERAÇÃO. AF_12/2022","H",0.67,104519,null,0.67,0.67]
[null,104655,"MARTELETE PERFURADOR/ ROMPEDOR ELÉTRICO, POTÊNCIA 800 W, 220 V - MATERIAIS NA OPERAÇÃO. AF_05/2023","H",0.72,104655,null,0.72,0.72]
[null,104687,"GRUPO GERADOR DIESEL, COM CARENAGEM, POTÊNCIA STANDART ENTRE 400 E 460 KVA, VELOCIDADE DE 1800 RPM, FREQUÊNCIA DE 60 HZ - MATERIAIS NA OPERAÇÃO. AF_05/2023","H",468.74,104687,null,468.74,468.74]
[null,104691,"PERFURATRIZ DE COROA DIAMANTADA PARA CONCRETO, DIÂMETRO ATÉ 250 MM, MOTOR ELÉTRICO 220 V, POTÊNCIA 2.500 W - DEPRECIAÇÃO. AF_05/2023","H",0.95,104691,null,0.95,0.95]
[null,104692,"PERFURATRIZ DE COROA DIAMANTADA PARA CONCRETO, DIÂMETRO ATÉ 250 MM, MOTOR ELÉTRICO 220 V, POTÊNCIA 2.500 W - JUROS. AF_05/2023","H",0.21,104692,null,0.21,0.21]
[null,104693,"PERFURATRIZ DE COROA DIAMANTADA PARA CONCRETO, DIÂMETRO ATÉ 250 MM, MOTOR ELÉTRICO 220 V, POTÊNCIA 2.500 W - MANUTENÇÃO. AF_05/2023","H",1.18,104693,null,1.18,1.18]
[null,104694,"PERFURATRIZ DE COROA DIAMANTADA PARA CONCRETO, DIÂMETRO ATÉ 250 MM, MOTOR ELÉTRICO 220 V, POTÊNCIA 2.500 W - MATERIAIS NA OPERAÇÃO. AF_05/2023","H",2.25,104694,null,2.25,2.25]
[null,104703,"CAMINHÃO TANQUE PARA HIDROSSEMEADURA, COM CAPACIDADE DE 8.000 LITROS, INCLUINDO BOMBA PARA LANÇAMENTO COM MOTOR DIESEL COM POTÊNCIA DE 105 CV - MATERIAIS NA OPERAÇÃO. AF_06/2023","H",96.47,104703,null,96.47,96.47]
[null,104709,"GUINDASTE HIDRÁULICO AUTOPROPELIDO, COM LANÇA TRELICADA 41 M, CAPACIDADE MÁXIMA DE ELEVAÇÃO 43 T, POTÊNCIA 230 KW, EQUIPADO COM CAÇAMBA DE ARRASTO (DRAGLINE) DE 0,76 M3 - MATERIAIS NA OPERAÇÃO. AF_06/2023","H",1219.92,104709,null,1219.92,1219.92]
[null,104712,"ESCAVADEIRA HIDRÁULICA DE BRAÇO LONGO (LONGO ALCANCE) SOBRE ESTEIRAS, CAÇAMBA 0,52 M3, PESO OPERACIONAL 24 T, POTÊNCIA LÍQUIDA 155 HP - DEPRECIAÇÃO. AF_06/2023","H",60.33,104712,null,60.33,60.33]
[null,104713,"ESCAVADEIRA HIDRÁULICA DE BRAÇO LONGO (LONGO ALCANCE) SOBRE ESTEIRAS, CAÇAMBA 0,52 M3, PESO OPERACIONAL 24 T, POTÊNCIA LÍQUIDA 155 HP - JUROS. AF_06/2023","H",15.94,104713,null,15.94,15.94]
[null,104714,"ESCAVADEIRA HIDRÁULICA DE BRAÇO LONGO (LONGO ALCANCE) SOBRE ESTEIRAS, CAÇAMBA 0,52 M3, PESO OPERACIONAL 24 T, POTÊNCIA LÍQUIDA 155 HP - MANUTENÇÃO. AF_06/2023","H",75.41,104714,null,75.41,75.41]
[null,104715,"ESCAVADEIRA HIDRÁULICA DE BRAÇO LONGO (LONGO ALCANCE) SOBRE ESTEIRAS, CAÇAMBA 0,52 M3, PESO OPERACIONAL 24 T, POTÊNCIA LÍQUIDA 155 HP  - MATERIAIS NA OPERAÇÃO. AF_06/2023","H",93.78,104715,null,93.78,93.78]
[null,104906,"GUINDASTE HIDRÁULICO RODOVIÁRIO, LANCA TELESCÓPICA DE *50+20* M, CAPACIDADE MÁXIMA DE 90T, 4 EIXOS, POTÊNCIA 330 KW, MOTOR DIESEL - MATERIAIS NA OPERAÇÃO. AF_01/2024","H",{"$f":"IF($K$2=$H$1,H1475,I1475)","v":102.96},{"$f":"IF(LEN($B1475)=7,CONCATENATE(MID($B1475,1,6),\"00\",RIGHT($B1475,1)),IF(LEN($B1475)=8,CONCATENATE(MID($B1475,1,6),\"0\",RIGHT($B1475,2)),$B1475))","v":104906},null,102.96,102.96]
[null,104912,"GUINDASTE DERRICK, LANÇA DE *20* M, CARGA MÁXIMA 10T, POTÊNCIA 45 KW - MATERIAIS NA OPERAÇÃO. AF_01/2024","H",40.54,104912,null,40.54,40.54]
[null,92259,"INSTALAÇÃO DE TESOURA (INTEIRA OU MEIA), BIAPOIADA, EM MADEIRA NÃO APARELHADA, PARA VÃOS MAIORES OU IGUAIS A 3,0 M E MENORES QUE 6,0 M, INCLUSO IÇAMENTO. AF_07/2019","UN",428.54,92259,null,415.61,428.54]
[null,92260,"INSTALAÇÃO DE TESOURA (INTEIRA OU MEIA), BIAPOIADA, EM MADEIRA NÃO APARELHADA, PARA VÃOS MAIORES OU IGUAIS A 6,0 M E MENORES QUE 8,0 M, INCLUSO IÇAMENTO. AF_07/2019","UN",488.92,92260,null,469.71,488.92]
[null,92261,"INSTALAÇÃO DE TESOURA (INTEIRA OU MEIA), BIAPOIADA, EM MADEIRA NÃO APARELHADA, PARA VÃOS MAIORES OU IGUAIS A 8,0 M E MENORES QUE 10,0 M, INCLUSO IÇAMENTO. AF_07/2019","UN",547.44000000000005,92261,null,522.17999999999995,547.44000000000005]
[null,92262,"INSTALAÇÃO DE TESOURA (INTEIRA OU MEIA), BIAPOIADA, EM MADEIRA NÃO APARELHADA, PARA VÃOS MAIORES OU IGUAIS A 10,0 M E MENORES QUE 12,0 M, INCLUSO IÇAMENTO. AF_07/2019","UN",641.66999999999996,92262,null,606.65,641.66999999999996]
[null,92539,"TRAMA DE MADEIRA COMPOSTA POR RIPAS, CAIBROS E TERÇAS PARA TELHADOS DE ATÉ 2 ÁGUAS PARA TELHA DE ENCAIXE DE CERÂMICA OU DE CONCRETO, INCLUSO TRANSPORTE VERTICAL. AF_07/2019","M2",69,92539,null,66.95,69]
[null,92540,"TRAMA DE MADEIRA COMPOSTA POR RIPAS, CAIBROS E TERÇAS PARA TELHADOS DE MAIS QUE 2 ÁGUAS PARA TELHA DE ENCAIXE DE CERÂMICA OU DE CONCRETO, INCLUSO TRANSPORTE VERTICAL. AF_07/2019","M2",78,92540,null,75.040000000000006,78]
[null,92541,"TRAMA DE MADEIRA COMPOSTA POR RIPAS, CAIBROS E TERÇAS PARA TELHADOS DE ATÉ 2 ÁGUAS PARA TELHA CERÂMICA CAPA-CANAL, INCLUSO TRANSPORTE VERTICAL. AF_07/2019","M2",74.319999999999993,92541,null,72.19,74.319999999999993]
[null,92542,"TRAMA DE MADEIRA COMPOSTA POR RIPAS, CAIBROS E TERÇAS PARA TELHADOS DE MAIS QUE 2 ÁGUAS PARA TELHA CERÂMICA CAPA-CANAL, INCLUSO TRANSPORTE VERTICAL. AF_07/2019","M2",90.57,92542,null,87.5,90.57]
[null,92543,"TRAMA DE MADEIRA COMPOSTA POR TERÇAS PARA TELHADOS DE ATÉ 2 ÁGUAS PARA TELHA ONDULADA DE FIBROCIMENTO, METÁLICA, PLÁSTICA OU TERMOACÚSTICA, INCLUSO TRANSPORTE VERTICAL. AF_07/2019","M2",20.63,92543,null,20.149999999999999,20.63]
[null,92544,"TRAMA DE MADEIRA COMPOSTA POR TERÇAS PARA TELHADOS DE ATÉ 2 ÁGUAS PARA TELHA ESTRUTURAL DE FIBROCIMENTO, INCLUSO TRANSPORTE VERTICAL. AF_07/2019","M2",16.399999999999999,92544,null,16.02,16.399999999999999]
[null,92545,"FABRICAÇÃO E INSTALAÇÃO DE TESOURA INTEIRA EM MADEIRA NÃO APARELHADA, VÃO DE 3 M, PARA TELHA CERÂMICA OU DE CONCRETO, INCLUSO IÇAMENTO. AF_07/2019","UN",930.73,92545,null,894.34,930.73]
[null,92546,"FABRICAÇÃO E INSTALAÇÃO DE TESOURA INTEIRA EM MADEIRA NÃO APARELHADA, VÃO DE 4 M, PARA TELHA CERÂMICA OU DE CONCRETO, INCLUSO IÇAMENTO. AF_07/2019","UN",1143.83,92546,null,1095.7,1143.83]
[null,92547,"FABRICAÇÃO E INSTALAÇÃO DE TESOURA INTEIRA EM MADEIRA NÃO APARELHADA, VÃO DE 5 M, PARA TELHA CERÂMICA OU DE CONCRETO, INCLUSO IÇAMENTO. AF_07/2019","UN",1207.06,92547,null,1158.93,1207.06]
[null,92548,"FABRICAÇÃO E INSTALAÇÃO DE TESOURA INTEIRA EM MADEIRA NÃO APARELHADA, VÃO DE 6 M, PARA TELHA CERÂMICA OU DE CONCRETO, INCLUSO IÇAMENTO. AF_07/2019","UN",1342.86,92548,null,1288.45,1342.86]
[null,92549,"FABRICAÇÃO E INSTALAÇÃO DE TESOURA INTEIRA EM MADEIRA NÃO APARELHADA, VÃO DE 7 M, PARA TELHA CERÂMICA OU DE CONCRETO, INCLUSO IÇAMENTO. AF_07/2019","UN",1684.38,92549,null,1606.51,1684.38]
[null,92550,"FABRICAÇÃO E INSTALAÇÃO DE TESOURA INTEIRA EM MADEIRA NÃO APARELHADA, VÃO DE 8 M, PARA TELHA CERÂMICA OU DE CONCRETO, INCLUSO IÇAMENTO. AF_07/2019","UN",2089.38,92550,null,2005.46,2089.38]
[null,92551,"FABRICAÇÃO E INSTALAÇÃO DE TESOURA INTEIRA EM MADEIRA NÃO APARELHADA, VÃO DE 9 M, PARA TELHA CERÂMICA OU DE CONCRETO, INCLUSO IÇAMENTO. AF_07/2019","UN",2170.5100000000002,92551,null,2086.59,2170.5100000000002]
[null,92552,"FABRICAÇÃO E INSTALAÇÃO DE TESOURA INTEIRA EM MADEIRA NÃO APARELHADA, VÃO DE 10 M, PARA TELHA CERÂMICA OU DE CONCRETO, INCLUSO IÇAMENTO. AF_07/2019","UN",2358.06,92552,null,2264.38,2358.06]
[null,92553,"FABRICAÇÃO E INSTALAÇÃO DE TESOURA INTEIRA EM MADEIRA NÃO APARELHADA, VÃO DE 11 M, PARA TELHA CERÂMICA OU DE CONCRETO, INCLUSO IÇAMENTO. AF_07/2019","UN",2708.78,92553,null,2591.62,2708.78]
[null,92554,"FABRICAÇÃO E INSTALAÇÃO DE TESOURA INTEIRA EM MADEIRA NÃO APARELHADA, VÃO DE 12 M, PARA TELHA CERÂMICA OU DE CONCRETO, INCLUSO IÇAMENTO. AF_07/2019","UN",2801.74,92554,null,2684.58,2801.74]
[null,92555,"FABRICAÇÃO E INSTALAÇÃO DE TESOURA INTEIRA EM MADEIRA NÃO APARELHADA, VÃO DE 3 M, PARA TELHA ONDULADA DE FIBROCIMENTO, METÁLICA, PLÁSTICA OU TERMOACÚSTICA, INCLUSO IÇAMENTO. AF_07/2019","UN",918.54,92555,null,882.15,918.54]
[null,92556,"FABRICAÇÃO E INSTALAÇÃO DE TESOURA INTEIRA EM MADEIRA NÃO APARELHADA, VÃO DE 4 M, PARA TELHA ONDULADA DE FIBROCIMENTO, METÁLICA, PLÁSTICA OU TERMOACÚSTICA, INCLUSO IÇAMENTO. AF_07/2019","UN",1122.47,92556,null,1074.3399999999999,1122.47]
[null,92557,"FABRICAÇÃO E INSTALAÇÃO DE TESOURA INTEIRA EM MADEIRA NÃO APARELHADA, VÃO DE 5 M, PARA TELHA ONDULADA DE FIBROCIMENTO, METÁLICA, PLÁSTICA OU TERMOACÚSTICA, INCLUSO IÇAMENTO. AF_07/2019","UN",1185.69,92557,null,1137.56,1185.69]
[null,92558,"FABRICAÇÃO E INSTALAÇÃO DE TESOURA INTEIRA EM MADEIRA NÃO APARELHADA, VÃO DE 6 M, PARA TELHA ONDULADA DE FIBROCIMENTO, METÁLICA, PLÁSTICA OU TERMOACÚSTICA, INCLUSO IÇAMENTO. AF_07/2019","UN",1330.66,92558,null,1276.25,1330.66]
[null,92559,"FABRICAÇÃO E INSTALAÇÃO DE TESOURA INTEIRA EM MADEIRA NÃO APARELHADA, VÃO DE 7 M, PARA TELHA ONDULADA DE FIBROCIMENTO, METÁLICA, PLÁSTICA OU TERMOACÚSTICA, INCLUSO IÇAMENTO. AF_07/2019","UN",1661.67,92559,null,1583.8,1661.67]
[null,92560,"FABRICAÇÃO E INSTALAÇÃO DE TESOURA INTEIRA EM MADEIRA NÃO APARELHADA, VÃO DE 8 M, PARA TELHA ONDULADA DE FIBROCIMENTO, METÁLICA, PLÁSTICA OU TERMOACÚSTICA, INCLUSO IÇAMENTO. AF_07/2019","UN",2058.4499999999998,92560,null,1974.53,2058.4499999999998]
[null,92561,"FABRICAÇÃO E INSTALAÇÃO DE TESOURA INTEIRA EM MADEIRA NÃO APARELHADA, VÃO DE 9 M, PARA TELHA ONDULADA DE FIBROCIMENTO, METÁLICA, PLÁSTICA OU TERMOACÚSTICA, INCLUSO IÇAMENTO. AF_07/2019","UN",2140.41,92561,null,2056.4899999999998,2140.41]
[null,92562,"FABRICAÇÃO E INSTALAÇÃO DE TESOURA INTEIRA EM MADEIRA NÃO APARELHADA, VÃO DE 10 M, PARA TELHA ONDULADA DE FIBROCIMENTO, METÁLICA, PLÁSTICA OU TERMOACÚSTICA, INCLUSO IÇAMENTO. AF_07/2019","UN",2306.6,92562,null,2212.92,2306.6]
[null,92563,"FABRICAÇÃO E INSTALAÇÃO DE TESOURA INTEIRA EM MADEIRA NÃO APARELHADA, VÃO DE 11 M, PARA TELHA ONDULADA DE FIBROCIMENTO, METÁLICA, PLÁSTICA OU TERMOACÚSTICA, INCLUSO IÇAMENTO. AF_07/2019","UN",2648.6,92563,null,2531.44,2648.6]
[null,92564,"FABRICAÇÃO E INSTALAÇÃO DE TESOURA INTEIRA EM MADEIRA NÃO APARELHADA, VÃO DE 12 M, PARA TELHA ONDULADA DE FIBROCIMENTO, METÁLICA, PLÁSTICA OU TERMOACÚSTICA, INCLUSO IÇAMENTO. AF_07/2019","UN",2728.03,92564,null,2610.87,2728.03]
[null,100379,"FABRICAÇÃO E INSTALAÇÃO DE PONTALETES DE MADEIRA NÃO APARELHADA PARA TELHADOS COM ATÉ 2 ÁGUAS E COM TELHA CERÂMICA OU DE CONCRETO EM EDIFÍCIO RESIDENCIAL TÉRREO, INCLUSO TRANSPORTE VERTICAL. AF_07/2019","M2",34.78,100379,null,33.47,34.78]
[null,100380,"FABRICAÇÃO E INSTALAÇÃO DE PONTALETES DE MADEIRA NÃO APARELHADA PARA TELHADOS COM ATÉ 2 ÁGUAS E COM TELHA CERÂMICA OU DE CONCRETO EM EDIFÍCIO RESIDENCIAL DE MÚLTIPLOS PAVIMENTOS, INCLUSO TRANSPORTE VERTICAL. AF_07/2019","M2",46.06,100380,null,43.97,46.06]
[null,100381,"FABRICAÇÃO E INSTALAÇÃO DE PONTALETES DE MADEIRA NÃO APARELHADA PARA TELHADOS COM ATÉ 2 ÁGUAS E COM TELHA CERÂMICA OU DE CONCRETO EM EDIFÍCIO INSTITUCIONAL TÉRREO, INCLUSO TRANSPORTE VERTICAL. AF_07/2019","M2",51.77,100381,null,49.16,51.77]
[null,100383,"FABRICAÇÃO E INSTALAÇÃO DE PONTALETES DE MADEIRA NÃO APARELHADA PARA TELHADOS COM ATÉ 2 ÁGUAS E COM TELHA ONDULADA DE FIBROCIMENTO, ALUMÍNIO OU PLÁSTICA EM EDIFÍCIO RESIDENCIAL DE MÚLTIPLOS PAVIMENTOS, INCLUSO TRANSPORTE VERTICAL. AF_07/2019","M2",22.98,100383,null,22.4,22.98]
[null,100384,"FABRICAÇÃO E INSTALAÇÃO DE PONTALETES DE MADEIRA NÃO APARELHADA PARA TELHADOS COM ATÉ 2 ÁGUAS E COM TELHA ONDULADA DE FIBROCIMENTO, ALUMÍNIO OU PLÁSTICA EM EDIFÍCIO INSTITUCIONAL TÉRREO, INCLUSO TRANSPORTE VERTICAL. AF_07/2019","M2",24.22,100384,null,23.49,24.22]
[null,100385,"FABRICAÇÃO E INSTALAÇÃO DE PONTALETES DE MADEIRA NÃO APARELHADA PARA TELHADOS COM MAIS QUE 2 ÁGUAS E COM TELHA CERÂMICA OU DE CONCRETO EM EDIFÍCIO RESIDENCIAL TÉRREO, INCLUSO TRANSPORTE VERTICAL. AF_07/2019","M2",31.1,100385,null,30.12,31.1]
[null,100386,"FABRICAÇÃO E INSTALAÇÃO DE PONTALETES DE MADEIRA NÃO APARELHADA PARA TELHADOS COM MAIS QUE 2 ÁGUAS E COM TELHA CERÂMICA OU DE CONCRETO EM EDIFÍCIO RESIDENCIAL DE MÚLTIPLOS PAVIMENTOS. AF_07/2019","M2",39.92,100386,null,38.450000000000003,39.92]
[null,100387,"FABRICAÇÃO E INSTALAÇÃO DE PONTALETES DE MADEIRA NÃO APARELHADA PARA TELHADOS COM MAIS QUE 2 ÁGUAS E COM TELHA CERÂMICA OU DE CONCRETO EM EDIFÍCIO INSTITUCIONAL TÉRREO, INCLUSO TRANSPORTE VERTICAL. AF_07/2019","M2",48.72,100387,null,46.82,48.72]
[null,100388,"RETIRADA E RECOLOCAÇÃO DE RIPA EM TELHADOS DE ATÉ 2 ÁGUAS COM TELHA CERÂMICA OU DE CONCRETO DE ENCAIXE, INCLUSO TRANSPORTE VERTICAL. AF_07/2019","M2",17.71,100388,null,16.71,17.71]
[null,100389,"RETIRADA E RECOLOCAÇÃO DE CAIBRO EM TELHADOS DE ATÉ 2 ÁGUAS COM TELHA CERÂMICA OU DE CONCRETO DE ENCAIXE, INCLUSO TRANSPORTE VERTICAL. AF_07/2019","M2",16.04,100389,null,14.95,16.04]
[null,100390,"RETIRADA E RECOLOCAÇÃO DE RIPA EM TELHADOS DE MAIS DE 2 ÁGUAS COM TELHA CERÂMICA OU DE CONCRETO DE ENCAIXE, INCLUSO TRANSPORTE VERTICAL. AF_07/2019","M2",21.29,100390,null,19.91,21.29]
[null,100391,"RETIRADA E RECOLOCAÇÃO DE CAIBRO EM TELHADOS DE MAIS DE 2 ÁGUAS COM TELHA CERÂMICA OU DE CONCRETO DE ENCAIXE, INCLUSO TRANSPORTE VERTICAL. AF_07/2019","M2",18.46,100391,null,17.12,18.46]
[null,100392,"RETIRADA E RECOLOCAÇÃO DE RIPA EM TELHADOS DE ATÉ 2 ÁGUAS COM TELHA CERÂMICA CAPA-CANAL, INCLUSO TRANSPORTE VERTICAL. AF_07/2019","M2",13.98,100392,null,13.2,13.98]
[null,100393,"RETIRADA E RECOLOCAÇÃO DE CAIBRO EM TELHADOS DE ATÉ 2 ÁGUAS COM TELHA CERÂMICA CAPA-CANAL, INCLUSO TRANSPORTE VERTICAL. AF_07/2019","M2",18.41,100393,null,17.16,18.41]
[null,100394,"RETIRADA E RECOLOCAÇÃO DE RIPA EM TELHADOS DE MAIS DE 2 ÁGUAS COM TELHA CERÂMICA CAPA-CANAL, INCLUSO TRANSPORTE VERTICAL. AF_07/2019","M2",16.760000000000002,100394,null,15.7,16.760000000000002]
[null,100395,"RETIRADA E RECOLOCAÇÃO DE CAIBRO EM TELHADOS DE MAIS DE 2 ÁGUAS COM TELHA CERÂMICA CAPA-CANAL, INCLUSO TRANSPORTE VERTICAL. AF_07/2019","M2",21.99,100395,null,20.38,21.99]
[null,94189,"TELHAMENTO COM TELHA DE CONCRETO DE ENCAIXE, COM ATÉ 2 ÁGUAS, INCLUSO TRANSPORTE VERTICAL. AF_07/2019","M2",45.47,94189,null,44.99,45.47]
[null,94192,"TELHAMENTO COM TELHA DE CONCRETO DE ENCAIXE, COM MAIS DE 2 ÁGUAS, INCLUSO TRANSPORTE VERTICAL. AF_07/2019","M2",47.92,94192,null,47.19,47.92]
[null,94195,"TELHAMENTO COM TELHA CERÂMICA DE ENCAIXE, TIPO PORTUGUESA, COM ATÉ 2 ÁGUAS, INCLUSO TRANSPORTE VERTICAL. AF_07/2019","M2",64.510000000000005,94195,null,63.66,64.510000000000005]
[null,94198,"TELHAMENTO COM TELHA CERÂMICA DE ENCAIXE, TIPO PORTUGUESA, COM MAIS DE 2 ÁGUAS, INCLUSO TRANSPORTE VERTICAL. AF_07/2019","M2",67.739999999999995,94198,null,66.569999999999993,67.739999999999995]
[null,94201,"TELHAMENTO COM TELHA CERÂMICA CAPA-CANAL, TIPO COLONIAL, COM ATÉ 2 ÁGUAS, INCLUSO TRANSPORTE VERTICAL. AF_07/2019","M2",90.35,94201,null,89.01,90.35]
[null,94204,"TELHAMENTO COM TELHA CERÂMICA CAPA-CANAL, TIPO COLONIAL, COM MAIS DE 2 ÁGUAS, INCLUSO TRANSPORTE VERTICAL. AF_07/2019","M2",95.86,94204,null,93.96,95.86]
[null,94224,"EMBOÇAMENTO COM ARGAMASSA TRAÇO 1:2:9 (CIMENTO, CAL E AREIA). AF_07/2019","M",25.06,94224,null,22.99,25.06]
[null,94226,"SUBCOBERTURA COM MANTA PLÁSTICA REVESTIDA POR PELÍCULA DE ALUMÍNO, INCLUSO TRANSPORTE VERTICAL. AF_07/2019","M2",20.260000000000002,94226,null,19.420000000000002,20.260000000000002]
[null,94232,"AMARRAÇÃO DE TELHAS CERÂMICAS OU DE CONCRETO. AF_07/2019","UN",2.69,94232,null,2.42,2.69]
[null,94440,"TELHAMENTO COM TELHA CERÂMICA DE ENCAIXE, TIPO FRANCESA, COM ATÉ 2 ÁGUAS, INCLUSO TRANSPORTE VERTICAL. AF_07/2019","M2",64.510000000000005,94440,null,63.66,64.510000000000005]
[null,94441,"TELHAMENTO COM TELHA CERÂMICA DE ENCAIXE, TIPO FRANCESA, COM MAIS DE 2 ÁGUAS, INCLUSO TRANSPORTE VERTICAL. AF_07/2019","M2",67.739999999999995,94441,null,66.569999999999993,67.739999999999995]
[null,94442,"TELHAMENTO COM TELHA CERÂMICA DE ENCAIXE, TIPO ROMANA, COM ATÉ 2 ÁGUAS, INCLUSO TRANSPORTE VERTICAL. AF_07/2019","M2",64.510000000000005,94442,null,63.66,64.510000000000005]
[null,94443,"TELHAMENTO COM TELHA CERÂMICA DE ENCAIXE, TIPO ROMANA, COM MAIS DE 2 ÁGUAS, INCLUSO TRANSPORTE VERTICAL. AF_07/2019","M2",67.739999999999995,94443,null,66.569999999999993,67.739999999999995]
[null,94445,"TELHAMENTO COM TELHA CERÂMICA CAPA-CANAL, TIPO PLAN, COM ATÉ 2 ÁGUAS, INCLUSO TRANSPORTE VERTICAL. AF_07/2019","M2",90.35,94445,null,89.01,90.35]
[null,94446,"TELHAMENTO COM TELHA CERÂMICA CAPA-CANAL, TIPO PLAN, COM MAIS DE 2 ÁGUAS, INCLUSO TRANSPORTE VERTICAL. AF_07/2019","M2",95.86,94446,null,93.96,95.86]
[null,94447,"TELHAMENTO COM TELHA CERÂMICA CAPA-CANAL, TIPO PAULISTA, COM ATÉ 2 ÁGUAS, INCLUSO TRANSPORTE VERTICAL. AF_07/2019","M2",90.35,94447,null,89.01,90.35]
[null,94448,"TELHAMENTO COM TELHA CERÂMICA CAPA-CANAL, TIPO PAULISTA, COM MAIS DE 2 ÁGUAS, INCLUSO TRANSPORTE VERTICAL. AF_07/2019","M2",{"$f":"IF($K$2=$H$1,H1539,I1539)","v":95.86},{"$f":"IF(LEN($B1539)=7,CONCATENATE(MID($B1539,1,6),\"00\",RIGHT($B1539,1)),IF(LEN($B1539)=8,CONCATENATE(MID($B1539,1,6),\"0\",RIGHT($B1539,2)),$B1539))","v":94448},null,93.96,95.86]
[null,94207,"TELHAMENTO COM TELHA ONDULADA DE FIBROCIMENTO E = 6 MM, COM RECOBRIMENTO LATERAL DE 1/4 DE ONDA PARA TELHADO COM INCLINAÇÃO MAIOR QUE 10°, COM ATÉ 2 ÁGUAS, INCLUSO IÇAMENTO. AF_07/2019","M2",48.38,94207,null,47.77,48.38]
[null,94210,"TELHAMENTO COM TELHA ONDULADA DE FIBROCIMENTO E = 6 MM, COM RECOBRIMENTO LATERAL DE 1 1/4 DE ONDA PARA TELHADO COM INCLINAÇÃO MÁXIMA DE 10°, COM ATÉ 2 ÁGUAS, INCLUSO IÇAMENTO. AF_07/2019","M2",51.43,94210,null,50.73,51.43]
[null,94218,"TELHAMENTO COM TELHA ESTRUTURAL DE FIBROCIMENTO E= 8 MM, COM ATÉ 2 ÁGUAS, INCLUSO IÇAMENTO. AF_07/2019_PS","M2",128.16,94218,null,127.47,128.16]
[null,94213,"TELHAMENTO COM TELHA DE AÇO/ALUMÍNIO E = 0,5 MM, COM ATÉ 2 ÁGUAS, INCLUSO IÇAMENTO. AF_07/2019","M2",66.62,94213,null,66.17,66.62]
[null,94216,"TELHAMENTO COM TELHA METÁLICA TERMOACÚSTICA E = 30 MM, COM ATÉ 2 ÁGUAS, INCLUSO IÇAMENTO. AF_07/2019","M2",191.6,94216,null,191.32,191.6]
[null,94219,"CUMEEIRA E ESPIGÃO PARA TELHA CERÂMICA EMBOÇADA COM ARGAMASSA TRAÇO 1:2:9 (CIMENTO, CAL E AREIA), PARA TELHADOS COM MAIS DE 2 ÁGUAS, INCLUSO TRANSPORTE VERTICAL. AF_07/2019","M",43.52,94219,null,41.87,43.52]
[null,94220,"CUMEEIRA E ESPIGÃO PARA TELHA DE CONCRETO EMBOÇADA COM ARGAMASSA TRAÇO 1:2:9 (CIMENTO, CAL E AREIA), PARA TELHADOS COM MAIS DE 2 ÁGUAS, INCLUSO TRANSPORTE VERTICAL. AF_07/2019","M",60.02,94220,null,58.37,60.02]
[null,94221,"CUMEEIRA PARA TELHA CERÂMICA EMBOÇADA COM ARGAMASSA TRAÇO 1:2:9 (CIMENTO, CAL E AREIA) PARA TELHADOS COM ATÉ 2 ÁGUAS, INCLUSO TRANSPORTE VERTICAL. AF_07/2019","M",37.130000000000003,94221,null,36.130000000000003,37.130000000000003]
[null,94222,"CUMEEIRA PARA TELHA DE CONCRETO EMBOÇADA COM ARGAMASSA TRAÇO 1:2:9 (CIMENTO, CAL E AREIA) PARA TELHADOS COM ATÉ 2 ÁGUAS, INCLUSO TRANSPORTE VERTICAL. AF_07/2019","M",53.63,94222,null,52.63,53.63]
[null,94223,"CUMEEIRA PARA TELHA DE FIBROCIMENTO ONDULADA E = 6 MM, INCLUSO ACESSÓRIOS DE FIXAÇÃO E IÇAMENTO. AF_07/2019","M",82.55,94223,null,82.22,82.55]
[null,94451,"CUMEEIRA PARA TELHA DE FIBROCIMENTO ESTRUTURAL E = 6 MM, INCLUSO ACESSÓRIOS DE FIXAÇÃO E IÇAMENTO. AF_07/2019","M",92.53,94451,null,92.2,92.53]
[null,100325,"CUMEEIRA SHED PARA TELHA ONDULADA DE FIBROCIMENTO, E = 6 MM, INCLUSO ACESSÓRIOS DE FIXAÇÃO E IÇAMENTO. AF_07/2019","M",89.89,100325,null,89.65,89.89]
[null,100327,"RUFO EXTERNO/INTERNO EM CHAPA DE AÇO GALVANIZADO NÚMERO 26, CORTE DE 33 CM, INCLUSO IÇAMENTO. AF_07/2019","M",64.239999999999995,100327,null,63.32,64.239999999999995]
[null,100328,"RETIRADA E RECOLOCAÇÃO DE  TELHA CERÂMICA DE ENCAIXE, COM ATÉ DUAS ÁGUAS, INCLUSO IÇAMENTO. AF_07/2019","M2",19.190000000000001,100328,null,18.38,19.190000000000001]
[null,100329,"RETIRADA E RECOLOCAÇÃO DE  TELHA CERÂMICA DE ENCAIXE, COM MAIS DE DUAS ÁGUAS, INCLUSO IÇAMENTO. AF_07/2019","M2",22.44,100329,null,21.31,22.44]
[null,100330,"RETIRADA E RECOLOCAÇÃO DE  TELHA CERÂMICA CAPA-CANAL, COM ATÉ DUAS ÁGUAS, INCLUSO IÇAMENTO. AF_07/2019","M2",26.13,100330,null,25.04,26.13]
[null,100331,"RETIRADA E RECOLOCAÇÃO DE  TELHA CERÂMICA CAPA-CANAL, COM MAIS DE DUAS ÁGUAS, INCLUSO IÇAMENTO. AF_07/2019","M2",31.66,100331,null,30.02,31.66]
[null,100434,"CALHA DE BEIRAL, SEMICIRCULAR DE PVC, DIAMETRO 125 MM, INCLUINDO CABECEIRAS, EMENDAS, BOCAIS, SUPORTES E VEDAÇÕES, EXCLUINDO CONDUTORES, INCLUSO TRANSPORTE VERTICAL. AF_07/2019","M",161.37,100434,null,160.38999999999999,161.37]
[null,100435,"RUFO EM FIBROCIMENTO PARA TELHA ONDULADA E = 6 MM, ABA DE 26 CM, INCLUSO TRANSPORTE VERTICAL, EXCETO CONTRARRUFO. AF_07/2019","M",65.209999999999994,100435,null,64.569999999999993,65.209999999999994]
[null,94227,"CALHA EM CHAPA DE AÇO GALVANIZADO NÚMERO 24, DESENVOLVIMENTO DE 33 CM, INCLUSO TRANSPORTE VERTICAL. AF_07/2019","M",70.77,94227,null,69.650000000000006,70.77]
[null,94228,"CALHA EM CHAPA DE AÇO GALVANIZADO NÚMERO 24, DESENVOLVIMENTO DE 50 CM, INCLUSO TRANSPORTE VERTICAL. AF_07/2019","M",95.91,94228,null,94.39,95.91]
[null,94229,"CALHA EM CHAPA DE AÇO GALVANIZADO NÚMERO 24, DESENVOLVIMENTO DE 100 CM, INCLUSO TRANSPORTE VERTICAL. AF_07/2019","M",185.94,94229,null,183.21,185.94]
[null,94231,"RUFO EM CHAPA DE AÇO GALVANIZADO NÚMERO 24, CORTE DE 25 CM, INCLUSO TRANSPORTE VERTICAL. AF_07/2019","M",57.07,94231,null,56.29,57.07]
[null,94449,"TELHAMENTO COM TELHA ONDULADA DE FIBRA DE VIDRO E = 0,6 MM, PARA TELHADO COM INCLINAÇÃO MAIOR QUE 10°, COM ATÉ 2 ÁGUAS, INCLUSO IÇAMENTO. AF_07/2019","M2",63.01,94449,null,62.4,63.01]
[null,92255,"INSTALAÇÃO DE TESOURA (INTEIRA OU MEIA), EM AÇO, PARA VÃOS MAIORES OU IGUAIS A 3,0 M E MENORES QUE 6,0 M, INCLUSO IÇAMENTO. AF_07/2019","UN",183.13,92255,null,173.41,183.13]
[null,92256,"INSTALAÇÃO DE TESOURA (INTEIRA OU MEIA), EM AÇO, PARA VÃOS MAIORES OU IGUAIS A 6,0 M E MENORES QUE 8,0 M, INCLUSO IÇAMENTO. AF_07/2019","UN",223.72,92256,null,209.72,223.72]
[null,92257,"INSTALAÇÃO DE TESOURA (INTEIRA OU MEIA), EM AÇO, PARA VÃOS MAIORES OU IGUAIS A 8,0 M E MENORES QUE 10,0 M, INCLUSO IÇAMENTO. AF_07/2019","UN",263.88,92257,null,245.65,263.88]
[null,92258,"INSTALAÇÃO DE TESOURA (INTEIRA OU MEIA), EM AÇO, PARA VÃOS MAIORES OU IGUAIS A 10,0 M E MENORES QUE 12,0 M, INCLUSO IÇAMENTO. AF_07/2019","UN",328.46,92258,null,303.43,328.46]
[null,92568,"TRAMA DE AÇO COMPOSTA POR RIPAS, CAIBROS E TERÇAS PARA TELHADOS DE ATÉ 2 ÁGUAS PARA TELHA DE ENCAIXE DE CERÂMICA OU DE CONCRETO, INCLUSO TRANSPORTE VERTICAL. AF_07/2019","M2",123.78,92568,null,122.51,123.78]
[null,92569,"TRAMA DE AÇO COMPOSTA POR RIPAS E CAIBROS PARA TELHADOS DE ATÉ 2 ÁGUAS PARA TELHA DE ENCAIXE DE CERÂMICA OU DE CONCRETO, INCLUSO TRANSPORTE VERTICAL. AF_07/2019","M2",68.69,92569,null,68.150000000000006,68.69]
[null,92570,"TRAMA DE AÇO COMPOSTA POR RIPAS PARA TELHADOS DE ATÉ 2 ÁGUAS PARA TELHA DE ENCAIXE DE CERÂMICA OU DE CONCRETO, INCLUSO TRANSPORTE VERTICAL. AF_07/2019","M2",43.34,92570,null,43.07,43.34]
[null,92571,"TRAMA DE AÇO COMPOSTA POR RIPAS, CAIBROS E TERÇAS PARA TELHADOS DE MAIS DE 2 ÁGUAS PARA TELHA DE ENCAIXE DE CERÂMICA OU DE CONCRETO, INCLUSO TRANSPORTE VERTICAL. AF_07/2019","M2",131.69,92571,null,129.68,131.69]
[null,92572,"TRAMA DE AÇO COMPOSTA POR RIPAS E CAIBROS PARA TELHADOS DE MAIS DE 2 ÁGUAS PARA TELHA DE ENCAIXE DE CERÂMICA OU DE CONCRETO, INCLUSO TRANSPORTE VERTICAL. AF_07/2019","M2",78.680000000000007,92572,null,77.67,78.680000000000007]
[null,92573,"TRAMA DE AÇO COMPOSTA POR RIPAS PARA TELHADOS DE MAIS DE 2 ÁGUAS PARA TELHA DE ENCAIXE DE CERÂMICA OU DE CONCRETO, INCLUSO TRANSPORTE VERTICAL, INCLUSO TRANSPORTE VERTICAL. AF_07/2019","M2",46.7,92573,null,46.11,46.7]
[null,92574,"TRAMA DE AÇO COMPOSTA POR RIPAS, CAIBROS E TERÇAS PARA TELHADOS DE ATÉ 2 ÁGUAS PARA TELHA CERÂMICA CAPA-CANAL, INCLUSO TRANSPORTE VERTICAL. AF_07/2019","M2",125.81,92574,null,124.44,125.81]
[null,92575,"TRAMA DE AÇO COMPOSTA POR RIPAS E CAIBROS PARA TELHADOS DE ATÉ 2 ÁGUAS PARA TELHA CERÂMICA CAPA-CANAL, INCLUSO TRANSPORTE VERTICAL. AF_07/2019","M2",62.93,92575,null,62.37,62.93]
[null,92576,"TRAMA DE AÇO COMPOSTA POR RIPAS PARA TELHADOS DE ATÉ 2 ÁGUAS PARA TELHA CERÂMICA CAPA-CANAL, INCLUSO TRANSPORTE VERTICAL. AF_07/2019","M2",34.26,92576,null,34.06,34.26]
[null,92577,"TRAMA DE AÇO COMPOSTA POR RIPAS, CAIBROS E TERÇAS PARA TELHADOS DE MAIS DE 2 ÁGUAS PARA TELHA CERÂMICA CAPA-CANAL, INCLUSO TRANSPORTE VERTICAL. AF_07/2019","M2",134.13,92577,null,132.01,134.13]
[null,92578,"TRAMA DE AÇO COMPOSTA POR RIPAS E CAIBROS PARA TELHADOS DE MAIS DE 2 ÁGUAS PARA TELHA CERÂMICA CAPA-CANAL, INCLUSO TRANSPORTE VERTICAL. AF_07/2019","M2",67.569999999999993,92578,null,66.599999999999994,67.569999999999993]
[null,92579,"TRAMA DE AÇO COMPOSTA POR RIPAS PARA TELHADOS DE MAIS DE 2 ÁGUAS PARA TELHA CERÂMICA CAPA-CANAL, INCLUSO TRANSPORTE VERTICAL. AF_07/2019","M2",36.93,92579,null,36.47,36.93]
[null,92580,"TRAMA DE AÇO COMPOSTA POR TERÇAS PARA TELHADOS DE ATÉ 2 ÁGUAS PARA TELHA ONDULADA DE FIBROCIMENTO, METÁLICA, PLÁSTICA OU TERMOACÚSTICA, INCLUSO TRANSPORTE VERTICAL. AF_07/2019","M2",46.12,92580,null,45.35,46.12]
[null,92581,"TRAMA DE AÇO COMPOSTA POR TERÇAS PARA TELHADOS DE ATÉ 2 ÁGUAS PARA TELHA ESTRUTURAL DE FIBROCIMENTO, INCLUSO TRANSPORTE VERTICAL. AF_07/2019","M2",48.09,92581,null,47.39,48.09]
[null,92582,"FABRICAÇÃO E INSTALAÇÃO DE TESOURA INTEIRA EM AÇO, VÃO DE 3 M, PARA TELHA CERÂMICA OU DE CONCRETO, INCLUSO IÇAMENTO. AF_07/2019","UN",681.92,92582,null,668.14,681.92]
[null,92584,"FABRICAÇÃO E INSTALAÇÃO DE TESOURA INTEIRA EM AÇO, VÃO DE 4 M, PARA TELHA CERÂMICA OU DE CONCRETO, INCLUSO IÇAMENTO. AF_07/2019","UN",797.98,92584,null,784.2,797.98]
[null,92586,"FABRICAÇÃO E INSTALAÇÃO DE TESOURA INTEIRA EM AÇO, VÃO DE 5 M, PARA TELHA CERÂMICA OU DE CONCRETO, INCLUSO IÇAMENTO. AF_07/2019","UN",914.03,92586,null,900.25,914.03]
[null,92588,"FABRICAÇÃO E INSTALAÇÃO DE TESOURA INTEIRA EM AÇO, VÃO DE 6 M, PARA TELHA CERÂMICA OU DE CONCRETO, INCLUSO IÇAMENTO. AF_07/2019","UN",1154.42,92588,null,1134.33,1154.42]
[null,92590,"FABRICAÇÃO E INSTALAÇÃO DE TESOURA INTEIRA EM AÇO, VÃO DE 7 M, PARA TELHA CERÂMICA OU DE CONCRETO, INCLUSO IÇAMENTO. AF_07/2019","UN",1270.47,92590,null,1250.3800000000001,1270.47]
[null,92592,"FABRICAÇÃO E INSTALAÇÃO DE TESOURA INTEIRA EM AÇO, VÃO DE 8 M, PARA TELHA CERÂMICA OU DE CONCRETO, INCLUSO IÇAMENTO. AF_07/2019","UN",1426.69,92592,null,1402.37,1426.69]
[null,92594,"FABRICAÇÃO E INSTALAÇÃO DE TESOURA INTEIRA EM AÇO, VÃO DE 9 M, PARA TELHA CERÂMICA OU DE CONCRETO, INCLUSO IÇAMENTO. AF_07/2019","UN",1655.84,92594,null,1629.5,1655.84]
[null,92596,"FABRICAÇÃO E INSTALAÇÃO DE TESOURA INTEIRA EM AÇO, VÃO DE 10 M, PARA TELHA CERÂMICA OU DE CONCRETO, INCLUSO IÇAMENTO. AF_07/2019","UN",1841.44,92596,null,1808.3,1841.44]
[null,92598,"FABRICAÇÃO E INSTALAÇÃO DE TESOURA INTEIRA EM AÇO, VÃO DE 11 M, PARA TELHA CERÂMICA OU DE CONCRETO, INCLUSO IÇAMENTO. AF_07/2019","UN",1957.49,92598,null,1924.35,1957.49]
[null,92600,"FABRICAÇÃO E INSTALAÇÃO DE TESOURA INTEIRA EM AÇO, VÃO DE 12 M, PARA TELHA CERÂMICA OU DE CONCRETO, INCLUSO IÇAMENTO. AF_07/2019","UN",2102.9,92600,null,2069.7600000000002,2102.9]
[null,92602,"FABRICAÇÃO E INSTALAÇÃO DE TESOURA INTEIRA EM AÇO, VÃO DE 3 M, PARA TELHA ONDULADA DE FIBROCIMENTO, METÁLICA, PLÁSTICA OU TERMOACÚSTICA, INCLUSO IÇAMENTO. AF_07/2019","UN",681.92,92602,null,668.14,681.92]
[null,92604,"FABRICAÇÃO E INSTALAÇÃO DE TESOURA INTEIRA EM AÇO, VÃO DE 4 M, PARA TELHA ONDULADA DE FIBROCIMENTO, METÁLICA, PLÁSTICA OU TERMOACÚSTICA, INCLUSO IÇAMENTO. AF_07/2019","UN",768.62,92604,null,754.84,768.62]
[null,92606,"FABRICAÇÃO E INSTALAÇÃO DE TESOURA INTEIRA EM AÇO, VÃO DE 5 M, PARA TELHA ONDULADA DE FIBROCIMENTO, METÁLICA, PLÁSTICA OU TERMOACÚSTICA, INCLUSO IÇAMENTO. AF_07/2019","UN",884.68,92606,null,870.9,884.68]
[null,92608,"FABRICAÇÃO E INSTALAÇÃO DE TESOURA INTEIRA EM AÇO, VÃO DE 6 M, PARA TELHA ONDULADA DE FIBROCIMENTO, METÁLICA, PLÁSTICA OU TERMOACÚSTICA, INCLUSO IÇAMENTO. AF_07/2019","UN",1095.71,92608,null,1075.6199999999999,1095.71]
[null,92610,"FABRICAÇÃO E INSTALAÇÃO DE TESOURA INTEIRA EM AÇO, VÃO DE 7 M, PARA TELHA ONDULADA DE FIBROCIMENTO, METÁLICA, PLÁSTICA OU TERMOACÚSTICA, INCLUSO IÇAMENTO. AF_07/2019","UN",1211.77,92610,null,1191.68,1211.77]
[null,92612,"FABRICAÇÃO E INSTALAÇÃO DE TESOURA INTEIRA EM AÇO, VÃO DE 8 M, PARA TELHA ONDULADA DE FIBROCIMENTO, METÁLICA, PLÁSTICA OU TERMOACÚSTICA, INCLUSO IÇAMENTO, INCLUSO IÇAMENTO. AF_07/2019","UN",1367.98,92612,null,1343.66,1367.98]
[null,92614,"FABRICAÇÃO E INSTALAÇÃO DE TESOURA INTEIRA EM AÇO, VÃO DE 9 M, PARA TELHA ONDULADA DE FIBROCIMENTO, METÁLICA, PLÁSTICA OU TERMOACÚSTICA, INCLUSO IÇAMENTO. AF_07/2019","UN",1538.43,92614,null,1512.09,1538.43]
[null,92616,"FABRICAÇÃO E INSTALAÇÃO DE TESOURA INTEIRA EM AÇO, VÃO DE 10 M, PARA TELHA ONDULADA DE FIBROCIMENTO, METÁLICA, PLÁSTICA OU TERMOACÚSTICA, INCLUSO IÇAMENTO. AF_07/2019","UN",1753.38,92616,null,1720.24,1753.38]
[null,92618,"FABRICAÇÃO E INSTALAÇÃO DE TESOURA INTEIRA EM AÇO, VÃO DE 11 M, PARA TELHA ONDULADA DE FIBROCIMENTO, METÁLICA, PLÁSTICA OU TERMOACÚSTICA, INCLUSO IÇAMENTO. AF_07/2019","UN",1869.43,92618,null,1836.29,1869.43]
[null,92620,"FABRICAÇÃO E INSTALAÇÃO DE TESOURA INTEIRA EM AÇO, VÃO DE 12 M, PARA TELHA ONDULADA DE FIBROCIMENTO, METÁLICA, PLÁSTICA OU TERMOACÚSTICA, INCLUSO IÇAMENTO. AF_07/2019","UN",1985.48,92620,null,1952.34,1985.48]
[null,100357,"FABRICAÇÃO E INSTALAÇÃO DE MEIA TESOURA DE MADEIRA NÃO APARELHADA, COM VÃO DE 3 M, PARA TELHA CERÂMICA OU DE CONCRETO, INCLUSO IÇAMENTO. AF_07/2019","UN",964.56,100357,null,928.17,964.56]
[null,100358,"FABRICAÇÃO E INSTALAÇÃO DE MEIA TESOURA DE MADEIRA NÃO APARELHADA, COM VÃO DE 4 M, PARA TELHA CERÂMICA OU DE CONCRETO, INCLUSO IÇAMENTO. AF_07/2019","UN",{"$f":"IF($K$2=$H$1,H1603,I1603)","v":1310.3499999999999},{"$f":"IF(LEN($B1603)=7,CONCATENATE(MID($B1603,1,6),\"00\",RIGHT($B1603,1)),IF(LEN($B1603)=8,CONCATENATE(MID($B1603,1,6),\"0\",RIGHT($B1603,2)),$B1603))","v":100358},null,1250.48,1310.3499999999999]
[null,100359,"FABRICAÇÃO E INSTALAÇÃO DE MEIA TESOURA DE MADEIRA NÃO APARELHADA, COM VÃO DE 5 M, PARA TELHA CERÂMICA OU DE CONCRETO, INCLUSO IÇAMENTO. AF_07/2019","UN",1374.79,100359,null,1314.92,1374.79]
[null,100360,"FABRICAÇÃO E INSTALAÇÃO DE MEIA TESOURA DE MADEIRA NÃO APARELHADA, COM VÃO DE 6 M, PARA TELHA CERÂMICA OU DE CONCRETO, INCLUSO IÇAMENTO. AF_07/2019","UN",1523.16,100360,null,1457.01,1523.16]
[null,100361,"FABRICAÇÃO E INSTALAÇÃO DE MEIA TESOURA DE MADEIRA NÃO APARELHADA, COM VÃO DE 7 M, PARA TELHA CERÂMICA OU DE CONCRETO, INCLUSO IÇAMENTO. AF_07/2019","UN",1895.99,100361,null,1806.38,1895.99]
[null,100362,"FABRICAÇÃO E INSTALAÇÃO DE MEIA TESOURA DE MADEIRA NÃO APARELHADA, COM VÃO DE 8 M, PARA TELHA CERÂMICA OU DE CONCRETO, INCLUSO IÇAMENTO. AF_07/2019","UN",2560.8000000000002,100362,null,2465.14,2560.8000000000002]
[null,100363,"FABRICAÇÃO E INSTALAÇÃO DE MEIA TESOURA DE MADEIRA NÃO APARELHADA, COM VÃO DE 9 M, PARA TELHA CERÂMICA OU DE CONCRETO, INCLUSO IÇAMENTO. AF_07/2019","UN",2640.4,100363,null,2544.7399999999998,2640.4]
[null,100364,"FABRICAÇÃO E INSTALAÇÃO DE MEIA TESOURA DE MADEIRA NÃO APARELHADA, COM VÃO DE 10 M, PARA TELHA CERÂMICA OU DE CONCRETO, INCLUSO IÇAMENTO. AF_07/2019","UN",2861.84,100364,null,2756.42,2861.84]
[null,100365,"FABRICAÇÃO E INSTALAÇÃO DE MEIA TESOURA DE MADEIRA NÃO APARELHADA, COM VÃO DE 11 M, PARA TELHA CERÂMICA OU DE CONCRETO, INCLUSO IÇAMENTO. AF_07/2019","UN",3283,100365,null,3154.1,3283]
[null,100366,"FABRICAÇÃO E INSTALAÇÃO DE MEIA TESOURA DE MADEIRA NÃO APARELHADA, COM VÃO DE 12 M, PARA TELHA CERÂMICA OU DE CONCRETO, INCLUSO IÇAMENTO. AF_07/2019","UN",3493.95,100366,null,3365.05,3493.95]
[null,100367,"FABRICAÇÃO E INSTALAÇÃO DE MEIA TESOURA DE MADEIRA NÃO APARELHADA, COM VÃO DE 3 M, PARA TELHA ONDULADA DE FIBROCIMENTO, ALUMÍNIO, PLÁSTICA OU TERMOACÚSTICA, INCLUSO IÇAMENTO. AF_07/2019","UN",940.17,100367,null,903.78,940.17]
[null,100368,"FABRICAÇÃO E INSTALAÇÃO DE MEIA TESOURA DE MADEIRA NÃO APARELHADA, COM VÃO DE 4 M, PARA TELHA ONDULADA DE FIBROCIMENTO, ALUMÍNIO, PLÁSTICA OU TERMOACÚSTICA, INCLUSO IÇAMENTO. AF_07/2019","UN",1280.25,100368,null,1220.3800000000001,1280.25]
[null,100369,"FABRICAÇÃO E INSTALAÇÃO DE MEIA TESOURA DE MADEIRA NÃO APARELHADA, COM VÃO DE 5 M, PARA TELHA ONDULADA DE FIBROCIMENTO, ALUMÍNIO, PLÁSTICA OU TERMOACÚSTICA, INCLUSO IÇAMENTO. AF_07/2019","UN",1344.7,100369,null,1284.83,1344.7]
[null,100370,"FABRICAÇÃO E INSTALAÇÃO DE MEIA TESOURA DE MADEIRA NÃO APARELHADA, COM VÃO DE 6 M, PARA TELHA ONDULADA DE FIBROCIMENTO, ALUMÍNIO, PLÁSTICA OU TERMOACÚSTICA, INCLUSO IÇAMENTO. AF_07/2019","UN",1586.28,100370,null,1520.13,1586.28]
[null,100371,"FABRICAÇÃO E INSTALAÇÃO DE MEIA TESOURA DE MADEIRA NÃO APARELHADA, COM VÃO DE 7 M, PARA TELHA ONDULADA DE FIBROCIMENTO, ALUMÍNIO, PLÁSTICA OU TERMOACÚSTICA, INCLUSO IÇAMENTO. AF_07/2019","UN",1815.74,100371,null,1726.13,1815.74]
[null,100372,"FABRICAÇÃO E INSTALAÇÃO DE MEIA TESOURA DE MADEIRA NÃO APARELHADA, COM VÃO DE 8 M, PARA TELHA ONDULADA DE FIBROCIMENTO, ALUMÍNIO, PLÁSTICA OU TERMOACÚSTICA, INCLUSO IÇAMENTO. AF_07/2019","UN",2423.31,100372,null,2327.65,2423.31]
[null,100373,"FABRICAÇÃO E INSTALAÇÃO DE MEIA TESOURA DE MADEIRA NÃO APARELHADA, COM VÃO DE 9 M, PARA TELHA ONDULADA DE FIBROCIMENTO, ALUMÍNIO, PLÁSTICA OU TERMOACÚSTICA, INCLUSO IÇAMENTO. AF_07/2019","UN",2501.3000000000002,100373,null,2405.64,2501.3000000000002]
[null,100374,"FABRICAÇÃO E INSTALAÇÃO DE MEIA TESOURA DE MADEIRA NÃO APARELHADA, COM VÃO DE 10 M, PARA TELHA ONDULADA DE FIBROCIMENTO, ALUMÍNIO, PLÁSTICA OU TERMOACÚSTICA, INCLUSO IÇAMENTO. AF_07/2019","UN",2677.88,100374,null,2572.46,2677.88]
[null,100375,"FABRICAÇÃO E INSTALAÇÃO DE MEIA TESOURA DE MADEIRA NÃO APARELHADA, COM VÃO DE 11 M, PARA TELHA ONDULADA DE FIBROCIMENTO, ALUMÍNIO, PLÁSTICA OU TERMOACÚSTICA, INCLUSO IÇAMENTO. AF_07/2019","UN",3009.75,100375,null,2880.85,3009.75]
[null,100376,"FABRICAÇÃO E INSTALAÇÃO DE MEIA TESOURA DE MADEIRA NÃO APARELHADA, COM VÃO DE 12 M, PARA TELHA ONDULADA DE FIBROCIMENTO, ALUMÍNIO, PLÁSTICA OU TERMOACÚSTICA, INCLUSO IÇAMENTO. AF_07/2019","UN",2951.56,100376,null,2822.66,2951.56]
[null,100377,"FABRICAÇÃO E INSTALAÇÃO DE TESOURA (INTEIRA OU MEIA) EM AÇO, VÃOS MAIORES OU IGUAIS A 3,0 M E MENORES OU IGUAL A 6,0 M, INCLUSO IÇAMENTO. AF_07/2019","KG",11.33,100377,null,11.15,11.33]
[null,100378,"FABRICAÇÃO E INSTALAÇÃO DE TESOURA (INTEIRA OU MEIA) EM AÇO, VÃOS MAIORES QUE 6,0 M E MENORES QUE 12,0 M, INCLUSO IÇAMENTO. AF_07/2019","KG",10.49,100378,null,10.33,10.49]
[null,100382,"FABRICAÇÃO E INSTALAÇÃO DE PONTALETES DE MADEIRA NÃO APARELHADA PARA TELHADOS COM ATÉ 2 ÁGUAS E COM TELHA ONDULADA DE FIBROCIMENTO, ALUMÍNIO OU PLÁSTICA EM EDIFÍCIO RESIDENCIAL TÉRREO, INCLUSO TRANSPORTE VERTICAL. AF_07/2019","M2",21.18,100382,null,20.68,21.18]
[null,104314,"TRAMA DE AÇO COMPOSTA POR TERÇAS PARA TELHADOS DE ATÉ 2 ÁGUAS PARA TELHA ONDULADA DE FIBROCIMENTO, METÁLICA, PLÁSTICA OU TERMOACÚSTICA, INCLUSO TRANSPORTE VERTICAL (EM KG). AF_07/2019","KG",10.62,104314,null,10.45,10.62]
[null,94444,"TELHAMENTO COM TELHA DE ENCAIXE, TIPO FRANCESA DE VIDRO, COM ATÉ 2 ÁGUAS, INCLUSO TRANSPORTE VERTICAL. AF_07/2019","M2",948.06,94444,null,947.21,948.06]
[null,104482,"ESGOTAMENTO DE VALA COM BOMBA SUBMERSÍVEL. AF_12/2022","H",27.71,104482,null,24.91,27.71]
[null,104184,"INSTALAÇÃO E DESINSTALAÇÃO DE REGISTRO DE PVC PARA SISTEMA DE REBAIXAMENTO DE LENÇOL FREÁTICO POR PONTEIRAS FILTRANTES. AF_12/2022","UN",28.02,104184,null,25.8,28.02]
[null,104185,"INSTALAÇÃO E DESINSTALAÇÃO DE CONJUNTO DE BOMBAS, À VÁCUO E CENTRÍFUGA, PARA SISTEMA DE REBAIXAMENTO DE LENÇOL FREÁTICO POR PONTEIRAS FILTRANTES (EXCLUI O FORNECIMENTO DE BOMBAS). AF_12/2022","UN",23.31,104185,null,20.87,23.31]
[null,104186,"PERFURAÇÃO DE SOLO PARA SISTEMA DE REBAIXAMENTO DE LENÇOL FREÁTICO POR POÇOS PROFUNDOS, DIÂMETRO DO POÇO DE 400 MM. AF_12/2022","M",267.29000000000002,104186,null,263.14,267.29000000000002]
[null,104187,"INSTALAÇÃO E RETIRADA DE REVESTIMENTO METÁLICO PARA PERFURAÇÃO DE SOLO PARA SISTEMA DE REBAIXAMENTO DE LENÇOL FREÁTICO POR PORÇOS PROFUNDOS, DIÂMETRO DO POÇO DE 400 MM. AF_12/2022","M",1457.52,104187,null,1453.72,1457.52]
[null,104189,"INSTALAÇÃO DE MATERIAL GRANULAR FILTRANTE PARA SISTEMA DE REBAIXAMENTO DE LENÇOL FREÁTICO POR POÇOS PROFUNDOSA, DIÂMETRO DO POÇO DE 400 MM. AF_12/2022","M3",180.59,104189,null,176.79,180.59]
[null,104190,"INSTALAÇÃO E DESINSTALAÇÃO DE SISTEMA DE BOMBA PARA SISTEMA DE REBAIXAMENTO DE LENÇOL FREÁTICO POR POÇOS PROFUNDOS (EXCLUI O FORNECIMENTO DE BOMBA). AF_12/2022","UN",625.34,104190,null,561.55999999999995,625.34]
[null,102661,"DRENO SUBSUPERFICIAL (SEÇÃO 0,40 X 0,40 M), COM TUBO DE PEAD CORRUGADO PERFURADO, DN 100 MM, ENCHIMENTO COM AREIA. AF_07/2021","M",40.64,102661,null,40.020000000000003,40.64]
[null,102662,"DRENO SUBSUPERFICIAL (SEÇÃO 0,40 X 0,40 M), COM TUBO DE PVC CORRUGADO RÍGIDO PERFURADO, DN 100 MM, ENCHIMENTO COM AREIA. AF_07/2021","M",94.03,102662,null,93.18,94.03]
[null,102663,"DRENO SUBSUPERFICIAL (SEÇÃO 0,40 X 0,40 M), COM TUBO DE CONCRETO SIMPLES POROSO, DN 200 MM, ENCHIMENTO COM AREIA. AF_07/2021","M",68.94,102663,null,68,68.94]
[null,102664,"DRENO SUBSUPERFICIAL (SEÇÃO 0,40 X 0,40 M), CEGO, ENCHIMENTO DE BRITA, ENVOLVIDO COM MANTA GEOTÊXTIL. AF_07/2021","M",58.9,102664,null,58.29,58.9]
[null,102665,"DRENO SUBSUPERFICIAL (SEÇÃO 0,40 X 0,40 M), CEGO, ENCHIMENTO DE BRITA. AF_07/2021","M",35.380000000000003,102665,null,34.82,35.380000000000003]
[null,102666,"DRENO SUBSUPERFICIAL (SEÇÃO 0,40 X 0,40 M), COM TUBO DE PEAD CORRUGADO PERFURADO, DN 100 MM, ENCHIMENTO COM BRITA, ENVOLVIDO COM MANTA GEOTÊXTIL. AF_07/2021","M",69.73,102666,null,69.09,69.73]
[null,102668,"DRENO SUBSUPERFICIAL (SEÇÃO 0,40 X 0,40 M), COM TUBO DE PVC CORRUGADO RÍGIDO PERFURADO, DN 100 MM, ENCHIMENTO COM BRITA, ENVOLVIDO COM MANTA GEOTÊXTIL. AF_07/2021","M",123.12,102668,null,122.23,123.12]
[null,102669,"DRENO SUBSUPERFICIAL (SEÇÃO 0,40 X 0,40 M), COM TUBO DE CONCRETO SIMPLES POROSO, DN 200 MM, ENCHIMENTO COM BRITA, ENVOLVIDO COM MANTA GEOTÊXTIL. AF_07/2021","M",97.17,102669,null,96.19,97.17]
[null,102670,"DRENO PROFUNDO (SEÇÃO 0,50 X 1,50 M), COM TUBO DE PEAD CORRUGADO PERFURADO, DN 100 MM, ENCHIMENTO COM AREIA, COM SELO DE ARGILA. AF_07/2021","M",125.77,102670,null,124.59,125.77]
[null,102672,"DRENO PROFUNDO (SEÇÃO 0,50 X 1,50 M), COM TUBO DE PVC CORRUGADO RÍGIDO PERFURADO, DN 100 MM, ENCHIMENTO COM AREIA, COM SELO DE ARGILA. AF_07/2021","M",192.05,102672,null,189.88,192.05]
[null,102673,"DRENO PROFUNDO (SEÇÃO 0,50 X 1,50 M), COM TUBO DE CONCRETO SIMPLES POROSO, DN 200 MM, ENCHIMENTO COM AREIA, COM SELO DE ARGILA. AF_07/2021","M",178.96,102673,null,176.11,178.96]
[null,102674,"DRENO PROFUNDO (SEÇÃO 0,50 X 1,50 M), COM TUBO DE PEAD CORRUGADO PERFURADO, DN 100 MM, ENCHIMENTO COM AREIA. AF_07/2021","M",139.61000000000001,102674,null,138.58000000000001,139.61000000000001]
[null,102676,"DRENO PROFUNDO (SEÇÃO 0,50 X 1,50 M), COM TUBO DE PVC CORRUGADO RÍGIDO PERFURADO, DN 100 MM, ENCHIMENTO COM AREIA. AF_07/2021","M",196.17,102676,null,194.74,196.17]
[null,102677,"DRENO PROFUNDO (SEÇÃO 0,50 X 1,50 M), COM TUBO DE CONCRETO SIMPLES POROSO, DN 200 MM, ENCHIMENTO COM AREIA. AF_07/2021","M",173.38,102677,null,171.72,173.38]
[null,102678,"DRENO PROFUNDO (SEÇÃO 0,50 X 1,50 M), CEGO, ENCHIMENTO DE BRITA, ENVOLVIDO COM MANTA GEOTÊXTIL, COM SELO DE ARGILA. AF_07/2021","M",180.11,102678,null,178.98,180.11]
[null,102679,"DRENO PROFUNDO (SEÇÃO 0,50 X 1,50 M), CEGO, ENCHIMENTO DE BRITA, ENVOLVIDO COM MANTA GEOTÊXTIL. AF_07/2021","M",202.04,102679,null,201.02,202.04]
[null,102680,"DRENO PROFUNDO (SEÇÃO 0,50 X 1,50 M), COM TUBO DE PEAD CORRUGADO PERFURADO, DN 100 MM, ENCHIMENTO COM BRITA, ENVOLVIDO COM MANTA GEOTÊXTIL, COM SELO DE ARGILA. AF_07/2021","M",192.06,102680,null,190.82,192.06]
[null,102681,"DRENO PROFUNDO (SEÇÃO 0,50 X 1,50 M), COM TUBO DE PVC CORRUGADO RÍGIDO PERFURADO, DN 100 MM, ENCHIMENTO COM BRITA, ENVOLVIDO COM MANTA GEOTÊXTIL, COM SELO DE ARGILA. AF_07/2021","M",248.62,102681,null,246.99,248.62]
[null,102683,"DRENO PROFUNDO (SEÇÃO 0,50 X 1,50 M), COM TUBO DE CONCRETO SIMPLES POROSO, DN 200 MM, ENCHIMENTO COM BRITA, ENVOLVIDO COM MANTA GEOTÊXTIL, COM SELO DE ARGILA. AF_07/2021","M",230.5,102683,null,228.52,230.5]
[null,102684,"DRENO PROFUNDO (SEÇÃO 0,50 X 1,50 M), COM TUBO DE PEAD CORRUGADO PERFURADO, DN 100 MM, ENCHIMENTO COM BRITA, ENVOLVIDO COM MANTA GEOTÊXTIL. AF_07/2021","M",213.98,102684,null,212.86,213.98]
[null,102685,"DRENO PROFUNDO (SEÇÃO 0,50 X 1,50 M), COM TUBO DE PVC CORRUGADO RÍGIDO PERFURADO, DN 100 MM, ENCHIMENTO COM BRITA, ENVOLVIDO COM MANTA GEOTÊXTIL. AF_07/2021","M",270.52999999999997,102685,null,269.02,270.52999999999997]
[null,102687,"DRENO PROFUNDO (SEÇÃO 0,50 X 1,50 M), COM TUBO DE CONCRETO SIMPLES POROSO, DN 200 MM, ENCHIMENTO COM BRITA, ENVOLVIDO COM MANTA GEOTÊXTIL. AF_07/2021","M",246.88,102687,null,245.14,246.88]
[null,102688,"DRENO ESPINHA DE PEIXE (SEÇÃO 0,40 X 0,40 M), COM TUBO DE PEAD CORRUGADO PERFURADO, DN 100 MM, ENCHIMENTO COM AREIA, INCLUSIVE CONEXÕES. AF_07/2021","M",46.44,102688,null,45.51,46.44]
[null,102689,"DRENO ESPINHA DE PEIXE (SEÇÃO 0,40 X 0,40 M), COM TUBO DE PVC CORRUGADO RÍGIDO PERFURADO, DN 100 MM, ENCHIMENTO COM AREIA, INCLUSIVE CONEXÕES. AF_07/2021","M",97.4,102689,null,96.39,97.4]
[null,102690,"DRENO ESPINHA DE PEIXE (SEÇÃO (0,40 X 0,40 M), COM TUBO DE PEAD CORRUGADO PERFURADO, DN 100 MM, ENCHIMENTO COM BRITA, ENVOLVIDO COM MANTA GEOTÊXTIL, INCLUSIVE CONEXÕES. AF_07/2021","M",75.53,102690,null,74.56,75.53]
[null,102693,"DRENO ESPINHA DE PEIXE (SEÇÃO 0,40 X 0,40 M), COM TUBO DE PVC CORRUGADO RÍGIDO PERFURADO, DN 100 MM, ENCHIMENTO COM BRITA, ENVOLVIDO COM MANTA GEOTÊXTIL, INCLUSIVE CONEXÕES. AF_07/2021","M",126.5,102693,null,125.45,126.5]
[null,102694,"DRENO ESPINHA DE PEIXE (SEÇÃO 0,50 X 0,80 M), COM TUBO DE PEAD CORRUGADO PERFURADO, DN 100 MM, ENCHIMENTO COM AREIA, INCLUSIVE CONEXÕES. AF_07/2021","M",90.16,102694,null,89.04,90.16]
[null,102696,"DRENO ESPINHA DE PEIXE (SEÇÃO 0,50 X 0,80 M), COM TUBO DE PVC CORRUGADO RÍGIDO PERFURADO, DN 100 MM, ENCHIMENTO COM AREIA, INCLUSIVE CONEXÕES. AF_07/2021","M",140.97999999999999,102696,null,139.72999999999999,140.97999999999999]
[null,102697,"DRENO ESPINHA DE PEIXE (SEÇÃO 0,50 X 0,80 M), COM TUBO DE PEAD CORRUGADO PERFURADO, DN 100 MM, ENCHIMENTO COM BRITA, ENVOLVIDO COM MANTA GEOTÊXTIL, INCLUSIVE CONEXÕES. AF_07/2021","M",136.72999999999999,102697,null,135.53,136.72999999999999]
[null,102703,"DRENO ESPINHA DE PEIXE (SEÇÃO 0,50 X 0,80 M), COM TUBO DE PVC CORRUGADO RÍGIDO PERFURADO, DN 100 MM, ENCHIMENTO COM BRITA, ENVOLVIDO COM MANTA GEOTÊXTIL, INCLUSIVE CONEXÕES. AF_07/2021","M",187.56,102703,null,186.23,187.56]
[null,102704,"TUBO DE PEAD CORRUGADO PERFURADO, DN 100 MM, PARA DRENO - FORNECIMENTO E ASSENTAMENTO. AF_07/2021","M",12.17,102704,null,12.13,12.17]
[null,102705,"TUBO DE PVC CORRUGADO RÍGIDO PERFURADO, DN 100 MM, PARA DRENO - FORNECIMENTO E ASSENTAMENTO. AF_07/2021","M",62.04,102705,null,62,62.04]
[null,102707,"TUBO DE CONCRETO SIMPLES POROSO, DN 200 MM, PARA DRENO - FORNECIMENTO E ASSENTAMENTO. AF_07/2021","M",44.98,102707,null,44.51,44.98]
[null,102708,"LUVA DE PVC, SÉRIE NORMAL, PARA ESGOTO PREDIAL, DN 100 MM, INSTALADA EM DRENO  - FORNECIMENTO E INSTALAÇÃO. AF_07/2021","UN",{"$f":"IF($K$2=$H$1,H1667,I1667)","v":23.12},{"$f":"IF(LEN($B1667)=7,CONCATENATE(MID($B1667,1,6),\"00\",RIGHT($B1667,1)),IF(LEN($B1667)=8,CONCATENATE(MID($B1667,1,6),\"0\",RIGHT($B1667,2)),$B1667))","v":102708},null,21.48,23.12]
[null,102710,"JUNÇÃO SIMPLES DE PVC, 45 GRAUS, SÉRIE NORMAL, PARA ESGOTO PREDIAL, DN 100 MM, INSTALADA EM DRENO - FORNECIMENTO E INSTALAÇÃO. AF_07/2021","UN",57.24,102710,null,53.95,57.24]
[null,102711,"JUNÇÃO DUPLA DE PVC, SÉRIE NORMAL, PARA ESGOTO PREDIAL, DN 100 X 100 X 100 MM, INSTALADA EM DRENO  - FORNECIMENTO E INSTALAÇÃO. AF_07/2021","UN",75.209999999999994,102711,null,71.92,75.209999999999994]
[null,102712,"GEOTÊXTIL NÃO TECIDO 100% POLIÉSTER, RESISTÊNCIA A TRAÇÃO DE 9 KN/M (RT - 9), INSTALADO EM DRENO - FORNECIMENTO E INSTALAÇÃO. AF_07/2021","M2",9.14,102712,null,9.1,9.14]
[null,102713,"GEOTÊXTIL NÃO TECIDO 100% POLIÉSTER, RESISTÊNCIA A TRAÇÃO DE 14 KN/M (RT - 14), INSTALADO EM DRENO - FORNECIMENTO E INSTALAÇÃO. AF_07/2021","M2",12.57,102713,null,12.53,12.57]
[null,102715,"GEOTÊXTIL NÃO TECIDO 100% POLIÉSTER, RESISTÊNCIA A TRAÇÃO DE 26 KN/M (RT - 26), INSTALADO EM DRENO - FORNECIMENTO E INSTALAÇÃO. AF_07/2021","M2",24.9,102715,null,24.86,24.9]
[null,102716,"ENCHIMENTO DE AREIA PARA DRENO, LANÇAMENTO MECANIZADO. AF_07/2021","M3",167.71,102716,null,166.5,167.71]
[null,102717,"ENCHIMENTO DE BRITA PARA DRENO, LANÇAMENTO MECANIZADO. AF_07/2021","M3",204.36,102717,null,203.15,204.36]
[null,102718,"ENCHIMENTO DE AREIA PARA DRENO, LANÇAMENTO MANUAL. AF_07/2021","M3",176.97,102718,null,173.77,176.97]
[null,102719,"ENCHIMENTO DE BRITA PARA DRENO, LANÇAMENTO MANUAL. AF_07/2021","M3",213.62,102719,null,210.42,213.62]
[null,102722,"DRENO EM MURO DE CONTENÇÃO, EXECUTADO NO PÉ DO MURO, COM TUBO DE PEAD CORRUGADO FLEXÍVEL PERFURADO, ENCHIMENTO COM BRITA, ENVOLVIDO COM MANTA GEOTÊXTIL. AF_07/2021","M",59.1,102722,null,58.04,59.1]
[null,102723,"DRENO EM MURO DE CONTENÇÃO, EXECUTADO NO PÉ DO MURO, COM TUBO DE PVC CORRUGADO RÍGIDO PERFURADO, ENCHIMENTO COM BRITA, ENVOLVIDO COM MANTA GEOTÊXTIL. AF_07/2021","M",108.97,102723,null,107.91,108.97]
[null,102724,"DRENO BARBACÃ, DN 100 MM, COM MATERIAL DRENANTE. AF_07/2021","UN",30.86,102724,null,29.85,30.86]
[null,102725,"DRENO BARBACÃ, DN 75 MM, COM MATERIAL DRENANTE. AF_07/2021","UN",30.28,102725,null,29.27,30.28]
[null,102726,"DRENO BARBACÃ, DN 50 MM, COM MATERIAL DRENANTE. AF_07/2021","UN",28.39,102726,null,27.38,28.39]
[null,103653,"GEOTÊXTIL NÃO TECIDO 100% POLIÉSTER, RESISTÊNCIA A TRAÇÃO DE 31 KN/M (RT-31), INSTALADO EM DRENO - FORNECIMENTO E INSTALAÇÃO. AF_07/2021","M2",29.75,103653,null,29.71,29.75]
[null,92743,"MURO DE GABIÃO, ENCHIMENTO COM PEDRA DE MÃO TIPO RACHÃO, DE GRAVIDADE, COM GAIOLAS DE COMPRIMENTO IGUAL A 2 M, PARA MUROS COM ALTURA MENOR OU IGUAL A 4 M - FORNECIMENTO E EXECUÇÃO. AF_03/2024","M3",720.27,92743,null,704.33,720.27]
[null,92744,"MURO DE GABIÃO, ENCHIMENTO COM PEDRA DE MÃO TIPO RACHÃO, DE GRAVIDADE, COM GAIOLAS DE COMPRIMENTO IGUAL A 5 M, PARA MUROS COM ALTURA MENOR OU IGUAL A 4 M - FORNECIMENTO E EXECUÇÃO. AF_03/2024","M3",685.42,92744,null,676.55,685.42]
[null,92745,"MURO DE GABIÃO, ENCHIMENTO COM PEDRA DE MÃO TIPO RACHÃO, DE GRAVIDADE, COM GAIOLAS DE COMPRIMENTO IGUAL A 2 M, PARA MUROS COM ALTURA MAIOR QUE 4 M E MENOR OU IGUAL A 6 M - FORNECIMENTO E EXECUÇÃO. AF_03/2024","M3",859.48,92745,null,840.92,859.48]
[null,92746,"MURO DE GABIÃO, ENCHIMENTO COM PEDRA DE MÃO TIPO RACHÃO, DE GRAVIDADE, COM GAIOLAS DE COMPRIMENTO IGUAL A 5 M, PARA MUROS COM ALTURA MAIOR QUE 4 M E MENOR OU IGUAL A 6 M - FORNECIMENTO E EXECUÇÃO. AF_03/2024","M3",796.44,92746,null,784.49,796.44]
[null,92747,"MURO DE GABIÃO, ENCHIMENTO COM PEDRA DE MÃO TIPO RACHÃO, DE GRAVIDADE, COM GAIOLAS DE COMPRIMENTO IGUAL A 2 M, PARA MUROS COM ALTURA MAIOR QUE 6 M E MENOR OU IGUAL A 10 M - FORNECIMENTO E EXECUÇÃO. AF_03/2024","M3",945.8,92747,null,925.24,945.8]
[null,92748,"MURO DE GABIÃO, ENCHIMENTO COM PEDRA DE MÃO TIPO RACHÃO, DE GRAVIDADE, COM GAIOLAS DE COMPRIMENTO IGUAL A 5 M, PARA MUROS COM ALTURA MAIOR QUE 6 M E MENOR OU IGUAL A 10 M- FORNECIMENTO E EXECUÇÃO. AF_03/2024","M3",863.45,92748,null,849.46,863.45]
[null,92749,"MURO DE GABIÃO, ENCHIMENTO COM PEDRA DE MÃO TIPO RACHÃO, COM SOLO REFORÇADO, PARA MUROS COM ALTURA MENOR OU IGUAL A 4 M - FORNECIMENTO E EXECUÇÃO. AF_03/2024","M3",999.77,92749,null,981.43,999.77]
[null,92750,"MURO DE GABIÃO, ENCHIMENTO COM PEDRA DE MÃO TIPO RACHÃO, COM SOLO REFORÇADO, PARA MUROS COM ALTURA MAIOR QUE 4 M E MENOR OU IGUAL A 12 M - FORNECIMENTO E EXECUÇÃO. AF_03/2024","M3",1623.17,92750,null,1597.62,1623.17]
[null,92751,"MURO DE GABIÃO, ENCHIMENTO COM PEDRA DE MÃO TIPO RACHÃO, COM SOLO REFORÇADO, PARA MUROS COM ALTURA MAIOR QUE 12 M E MENOR OU IGUAL A 20 M - FORNECIMENTO E EXECUÇÃO. AF_03/2024","M3",1987.93,92751,null,1958.09,1987.93]
[null,92752,"MURO DE GABIÃO, ENCHIMENTO COM PEDRA DE MÃO TIPO RACHÃO, COM SOLO REFORÇADO, PARA MUROS COM ALTURA MAIOR QUE 20 M E MENOR OU IGUAL A 28 M - FORNECIMENTO E EXECUÇÃO. AF_03/2024","M3",2350.4,92752,null,2316.4299999999998,2350.4]
[null,92753,"MURO DE GABIÃO, ENCHIMENTO COM RESÍDUO DE CONSTRUÇÃO E DEMOLIÇÃO, DE GRAVIDADE, COM GAIOLA TRAPEZOIDAL DE COMPRIMENTO IGUAL A 2 M, PARA MUROS COM ALTURA MENOR OU IGUAL A 2 M - FORNECIMENTO E EXECUÇÃO. AF_03/2024","M3",615.4,92753,null,602.46,615.4]
[null,92754,"MURO DE GABIÃO, ENCHIMENTO COM RESÍDUO DE CONSTRUÇÃO E DEMOLIÇÃO, DE GRAVIDADE, COM GAIOLA TRAPEZOIDAL DE COMPRIMENTO IGUAL A 2 M, PARA MUROS COM ALTURA MAIOR QUE 2 M E MENOR OU IGUAL A 4 M - FORNECIMENTO E EXECUÇÃO. AF_03/2024","M3",599.97,92754,null,585.74,599.97]
[null,92755,"PROTEÇÃO SUPERFICIAL DE CANAL EM GABIÃO TIPO COLCHÃO, ALTURA DE 17 CENTÍMETROS, ENCHIMENTO COM PEDRA DE MÃO TIPO RACHÃO - FORNECIMENTO E EXECUÇÃO. AF_03/2024","M2",249.72,92755,null,244.04,249.72]
[null,92756,"PROTEÇÃO SUPERFICIAL DE CANAL EM GABIÃO TIPO COLCHÃO, ALTURA DE 23 CENTÍMETROS, ENCHIMENTO COM PEDRA DE MÃO TIPO RACHÃO - FORNECIMENTO E EXECUÇÃO. AF_03/2024","M2",288.82,92756,null,282.05,288.82]
[null,92757,"PROTEÇÃO SUPERFICIAL DE CANAL EM GABIÃO TIPO COLCHÃO, ALTURA DE 30 CENTÍMETROS, ENCHIMENTO COM PEDRA DE MÃO TIPO RACHÃO - FORNECIMENTO E EXECUÇÃO. AF_03/2024","M2",335.61,92757,null,327.55,335.61]
[null,92758,"PROTEÇÃO SUPERFICIAL DE CANAL EM GABIÃO TIPO SACO, DIÂMETRO DE 65 CENTÍMETROS, ENCHIMENTO MANUAL COM PEDRA DE MÃO TIPO RACHÃO - FORNECIMENTO E EXECUÇÃO. AF_03/2024","M3",751.74,92758,null,743.92,751.74]
[null,91069,"EXECUÇÃO DE REVESTIMENTO DE CONCRETO PROJETADO COM ESPESSURA DE 7 CM, ARMADO COM TELA, INCLINAÇÃO MENOR QUE 90°, APLICAÇÃO CONTÍNUA, UTILIZANDO EQUIPAMENTO DE PROJEÇÃO COM 6 M³/H DE CAPACIDADE. AF_07/2024","M2",208.8,91069,null,198.54,208.8]
[null,91070,"EXECUÇÃO DE REVESTIMENTO DE CONCRETO PROJETADO COM ESPESSURA DE 10 CM, ARMADO COM TELA, INCLINAÇÃO MENOR QUE 90°, APLICAÇÃO CONTÍNUA, UTILIZANDO EQUIPAMENTO DE PROJEÇÃO COM 6 M³/H DE CAPACIDADE. AF_07/2024","M2",222.25,91070,null,211.87,222.25]
[null,91071,"EXECUÇÃO DE REVESTIMENTO DE CONCRETO PROJETADO COM ESPESSURA DE 7 CM, ARMADO COM TELA, INCLINAÇÃO DE 90°, APLICAÇÃO CONTÍNUA, UTILIZANDO EQUIPAMENTO DE PROJEÇÃO COM 6 M³/H DE CAPACIDADE. AF_07/2024","M2",318.70999999999998,91071,null,296.2,318.70999999999998]
[null,91072,"EXECUÇÃO DE REVESTIMENTO DE CONCRETO PROJETADO COM ESPESSURA DE 10 CM, ARMADO COM TELA, INCLINAÇÃO DE 90°, APLICAÇÃO CONTÍNUA, UTILIZANDO EQUIPAMENTO DE PROJEÇÃO COM 6 M³/H DE CAPACIDADE. AF_07/2024","M2",330.01,91072,null,307.54000000000002,330.01]
[null,91073,"EXECUÇÃO DE REVESTIMENTO DE CONCRETO PROJETADO COM ESPESSURA DE 7 CM, ARMADO COM TELA, INCLINAÇÃO MENOR QUE 90°, APLICAÇÃO CONTÍNUA, UTILIZANDO EQUIPAMENTO DE PROJEÇÃO COM 3 M³/H DE CAPACIDADE. AF_07/2024","M2",264.55,91073,null,249.85,264.55]
[null,91074,"EXECUÇÃO DE REVESTIMENTO DE CONCRETO PROJETADO COM ESPESSURA DE 10 CM, ARMADO COM TELA, INCLINAÇÃO MENOR QUE 90°, APLICAÇÃO CONTÍNUA, UTILIZANDO EQUIPAMENTO DE PROJEÇÃO COM 3 M³/H DE CAPACIDADE. AF_07/2024","M2",255.17,91074,null,242.17,255.17]
[null,91075,"EXECUÇÃO DE REVESTIMENTO DE CONCRETO PROJETADO COM ESPESSURA DE 7 CM, ARMADO COM TELA, INCLINAÇÃO DE 90°, APLICAÇÃO CONTÍNUA, UTILIZANDO EQUIPAMENTO DE PROJEÇÃO COM 3 M³/H DE CAPACIDADE. AF_07/2024","M2",401.21,91075,null,372.04,401.21]
[null,91076,"EXECUÇÃO DE REVESTIMENTO DE CONCRETO PROJETADO COM ESPESSURA DE 10 CM, ARMADO COM TELA, INCLINAÇÃO DE 90°, APLICAÇÃO CONTÍNUA, UTILIZANDO EQUIPAMENTO DE PROJEÇÃO COM 3 M³/H DE CAPACIDADE. AF_07/2024","M2",372.75,91076,null,346.81,372.75]
[null,91077,"EXECUÇÃO DE REVESTIMENTO DE CONCRETO PROJETADO COM ESPESSURA DE 7 CM, ARMADO COM FIBRAS DE AÇO, INCLINAÇÃO MENOR QUE 90°, APLICAÇÃO CONTÍNUA, UTILIZANDO EQUIPAMENTO DE PROJEÇÃO COM 6 M³/H DE CAPACIDADE. AF_07/2024","M2",191.21,91077,null,185.24,191.21]
[null,91078,"EXECUÇÃO DE REVESTIMENTO DE CONCRETO PROJETADO COM ESPESSURA DE 10 CM, ARMADO COM FIBRAS DE AÇO, INCLINAÇÃO MENOR QUE 90°, APLICAÇÃO CONTÍNUA, UTILIZANDO EQUIPAMENTO DE PROJEÇÃO COM 6 M³/H DE CAPACIDADE. AF_07/2024","M2",210.54,91078,null,204.62,210.54]
[null,91079,"EXECUÇÃO DE REVESTIMENTO DE CONCRETO PROJETADO COM ESPESSURA DE 7 CM, ARMADO COM FIBRAS DE AÇO, INCLINAÇÃO DE 90°, APLICAÇÃO CONTÍNUA, UTILIZANDO EQUIPAMENTO DE PROJEÇÃO COM 6 M³/H DE CAPACIDADE. AF_07/2024","M2",206.05,91079,null,198.77,206.05]
[null,91080,"EXECUÇÃO DE REVESTIMENTO DE CONCRETO PROJETADO COM ESPESSURA DE 10 CM, ARMADO COM FIBRAS DE AÇO, INCLINAÇÃO DE 90°, APLICAÇÃO CONTÍNUA, UTILIZANDO EQUIPAMENTO DE PROJEÇÃO COM 6 M³/H DE CAPACIDADE. AF_07/2024","M2",221.89,91080,null,214.94,221.89]
[null,91081,"EXECUÇÃO DE REVESTIMENTO DE CONCRETO PROJETADO COM ESPESSURA DE 7 CM, ARMADO COM FIBRAS DE AÇO, INCLINAÇÃO MENOR QUE 90°, APLICAÇÃO CONTÍNUA, UTILIZANDO EQUIPAMENTO DE PROJEÇÃO COM 3 M³/H DE CAPACIDADE. AF_07/2024","M2",270.31,91081,null,258.06,270.31]
[null,91082,"EXECUÇÃO DE REVESTIMENTO DE CONCRETO PROJETADO COM ESPESSURA DE 10 CM, ARMADO COM FIBRAS DE AÇO, INCLINAÇÃO MENOR QUE 90°, APLICAÇÃO CONTÍNUA, UTILIZANDO EQUIPAMENTO DE PROJEÇÃO COM 3 M³/H DE CAPACIDADE. AF_07/2024","M2",251.19,91082,null,242.02,251.19]
[null,91083,"EXECUÇÃO DE REVESTIMENTO DE CONCRETO PROJETADO COM ESPESSURA DE 7 CM, ARMADO COM FIBRAS DE AÇO, INCLINAÇÃO DE 90°, APLICAÇÃO CONTÍNUA, UTILIZANDO EQUIPAMENTO DE PROJEÇÃO COM 3 M³/H DE CAPACIDADE. AF_07/2024","M2",332.93,91083,null,315.38,332.93]
[null,91084,"EXECUÇÃO DE REVESTIMENTO DE CONCRETO PROJETADO COM ESPESSURA DE 10 CM, ARMADO COM FIBRAS DE AÇO, INCLINAÇÃO DE 90°, APLICAÇÃO CONTÍNUA, UTILIZANDO EQUIPAMENTO DE PROJEÇÃO COM 3 M³/H DE CAPACIDADE. AF_07/2024","M2",275.89,91084,null,264.57,275.89]
[null,91086,"EXECUÇÃO DE REVESTIMENTO DE CONCRETO PROJETADO COM ESPESSURA DE 7 CM, ARMADO COM TELA, INCLINAÇÃO MENOR QUE 90°, APLICAÇÃO DESCONTÍNUA, UTILIZANDO EQUIPAMENTO DE PROJEÇÃO COM 6 M³/H DE CAPACIDADE. AF_07/2024","M2",226.81,91086,null,214.34,226.81]
[null,91087,"EXECUÇÃO DE REVESTIMENTO DE CONCRETO PROJETADO COM ESPESSURA DE 10 CM, ARMADO COM TELA, INCLINAÇÃO MENOR QUE 90°, APLICAÇÃO DESCONTÍNUA, UTILIZANDO EQUIPAMENTO DE PROJEÇÃO COM 6 M³/H DE CAPACIDADE. AF_07/2024","M2",241.77,91087,null,229.06,241.77]
[null,91088,"EXECUÇÃO DE REVESTIMENTO DE CONCRETO PROJETADO COM ESPESSURA DE 7 CM, ARMADO COM TELA, INCLINAÇÃO DE 90°, APLICAÇÃO DESCONTÍNUA, UTILIZANDO EQUIPAMENTO DE PROJEÇÃO COM 6 M³/H DE CAPACIDADE. AF_07/2024","M2",336.97,91088,null,312.20999999999998,336.97]
[null,91089,"EXECUÇÃO DE REVESTIMENTO DE CONCRETO PROJETADO COM ESPESSURA DE 10 CM, ARMADO COM TELA, INCLINAÇÃO DE 90°, APLICAÇÃO DESCONTÍNUA, UTILIZANDO EQUIPAMENTO DE PROJEÇÃO COM 6 M³/H DE CAPACIDADE. AF_07/2024","M2",350.56,91089,null,325.62,350.56]
[null,91090,"EXECUÇÃO DE REVESTIMENTO DE CONCRETO PROJETADO COM ESPESSURA DE 7 CM, ARMADO COM TELA, INCLINAÇÃO MENOR QUE 90°, APLICAÇÃO DESCONTÍNUA, UTILIZANDO EQUIPAMENTO DE PROJEÇÃO COM 3 M³/H DE CAPACIDADE. AF_07/2024","M2",268.89999999999998,91090,null,253.09,268.89999999999998]
[null,91091,"EXECUÇÃO DE REVESTIMENTO DE CONCRETO PROJETADO COM ESPESSURA DE 10 CM, ARMADO COM TELA, INCLINAÇÃO MENOR QUE 90°, APLICAÇÃO DESCONTÍNUA, UTILIZANDO EQUIPAMENTO DE PROJEÇÃO COM 3 M³/H DE CAPACIDADE. AF_07/2024","M2",269.23,91091,null,254.32,269.23]
[null,91092,"EXECUÇÃO DE REVESTIMENTO DE CONCRETO PROJETADO COM ESPESSURA DE 7 CM, ARMADO COM TELA, INCLINAÇÃO DE 90°, APLICAÇÃO DESCONTÍNUA, UTILIZANDO EQUIPAMENTO DE PROJEÇÃO COM 3 M³/H DE CAPACIDADE. AF_07/2024","M2",396.15,91092,null,366.57,396.15]
[null,91093,"EXECUÇÃO DE REVESTIMENTO DE CONCRETO PROJETADO COM ESPESSURA DE 10 CM, ARMADO COM TELA, INCLINAÇÃO DE 90°, APLICAÇÃO DESCONTÍNUA, UTILIZANDO EQUIPAMENTO DE PROJEÇÃO COM 3 M³/H DE CAPACIDADE. AF_07/2024","M2",385.51,91093,null,357.74,385.51]
[null,91094,"EXECUÇÃO DE REVESTIMENTO DE CONCRETO PROJETADO COM ESPESSURA DE 7 CM, ARMADO COM FIBRAS DE AÇO, INCLINAÇÃO MENOR QUE 90°, APLICAÇÃO DESCONTÍNUA, UTILIZANDO EQUIPAMENTO DE PROJEÇÃO COM 6 M³/H DE CAPACIDADE. AF_07/2024","M2",183.53,91094,null,178.16,183.53]
[null,91095,"EXECUÇÃO DE REVESTIMENTO DE CONCRETO PROJETADO COM ESPESSURA DE 10 CM, ARMADO COM FIBRAS DE AÇO, INCLINAÇÃO MENOR QUE 90°, APLICAÇÃO DESCONTÍNUA, UTILIZANDO EQUIPAMENTO DE PROJEÇÃO COM 6 M³/H DE CAPACIDADE. AF_07/2024","M2",205.11,91095,null,199.61,205.11]
[null,91096,"EXECUÇÃO DE REVESTIMENTO DE CONCRETO PROJETADO COM ESPESSURA DE 7 CM, ARMADO COM FIBRAS DE AÇO, INCLINAÇÃO DE 90°, APLICAÇÃO DESCONTÍNUA, UTILIZANDO EQUIPAMENTO DE PROJEÇÃO COM 6 M³/H DE CAPACIDADE. AF_07/2024","M2",195.71,91096,null,189.27,195.71]
[null,91097,"EXECUÇÃO DE REVESTIMENTO DE CONCRETO PROJETADO COM ESPESSURA DE 10 CM, ARMADO COM FIBRAS DE AÇO, INCLINAÇÃO DE 90°, APLICAÇÃO DESCONTÍNUA, UTILIZANDO EQUIPAMENTO DE PROJEÇÃO COM 6 M³/H DE CAPACIDADE. AF_07/2024","M2",215.02,91097,null,208.63,215.02]
[null,91098,"EXECUÇÃO DE REVESTIMENTO DE CONCRETO PROJETADO COM ESPESSURA DE 7 CM, ARMADO COM FIBRAS DE AÇO, INCLINAÇÃO MENOR QUE 90°, APLICAÇÃO DESCONTÍNUA, UTILIZANDO EQUIPAMENTO DE PROJEÇÃO COM 3 M³/H DE CAPACIDADE. AF_07/2024","M2",240.09,91098,null,230.23,240.09]
[null,91099,"EXECUÇÃO DE REVESTIMENTO DE CONCRETO PROJETADO COM ESPESSURA DE 10 CM, ARMADO COM FIBRAS DE AÇO, INCLINAÇÃO MENOR QUE 90°, APLICAÇÃO DESCONTÍNUA, UTILIZANDO EQUIPAMENTO DE PROJEÇÃO COM 3 M³/H DE CAPACIDADE. AF_07/2024","M2",238.27,91099,null,230.13,238.27]
[null,91100,"EXECUÇÃO DE REVESTIMENTO DE CONCRETO PROJETADO COM ESPESSURA DE 7 CM, ARMADO COM FIBRAS DE AÇO, INCLINAÇÃO DE 90°, APLICAÇÃO DESCONTÍNUA, UTILIZANDO EQUIPAMENTO DE PROJEÇÃO COM 3 M³/H DE CAPACIDADE. AF_07/2024","M2",279.66000000000003,91100,null,266.41000000000003,279.66000000000003]
[null,91101,"EXECUÇÃO DE REVESTIMENTO DE CONCRETO PROJETADO COM ESPESSURA DE 10 CM, ARMADO COM FIBRAS DE AÇO, INCLINAÇÃO DE 90°, APLICAÇÃO DESCONTÍNUA, UTILIZANDO EQUIPAMENTO DE PROJEÇÃO COM 3 M³/H DE CAPACIDADE. AF_07/2024","M2",257.67,91101,null,247.78,257.67]
[null,93957,"EXECUÇÃO DE GRAMPO PARA SOLO GRAMPEADO COM COMPRIMENTO MENOR OU IGUAL A 6 M, DIÂMETRO DE 10 CM, PERFURAÇÃO COM EQUIPAMENTO MANUAL E ARMADURA COM DIÂMETRO DE 20 MM. AF_07/2024","M",{"$f":"IF($K$2=$H$1,H1731,I1731)","v":329.85},{"$f":"IF(LEN($B1731)=7,CONCATENATE(MID($B1731,1,6),\"00\",RIGHT($B1731,1)),IF(LEN($B1731)=8,CONCATENATE(MID($B1731,1,6),\"0\",RIGHT($B1731,2)),$B1731))","v":93957},null,305.67,329.85]
[null,93959,"EXECUÇÃO DE GRAMPO PARA SOLO GRAMPEADO COM COMPRIMENTO MAIOR QUE 6 M E MENOR OU IGUAL A 10 M, DIÂMETRO DE 10 CM, PERFURAÇÃO COM EQUIPAMENTO MANUAL E ARMADURA COM DIÂMETRO DE 20 MM. AF_07/2024","M",267.63,93959,null,248.49,267.63]
[null,93961,"EXECUÇÃO DE GRAMPO PARA SOLO GRAMPEADO COM COMPRIMENTO MAIOR QUE 10 M, DIÂMETRO DE 10 CM, PERFURAÇÃO COM EQUIPAMENTO MANUAL E ARMADURA COM DIÂMETRO DE 20 MM. AF_07/2024","M",241.36,93961,null,224.32,241.36]
[null,93967,"EXECUÇÃO DE GRAMPO PARA SOLO GRAMPEADO COM COMPRIMENTO MENOR OU IGUAL A 6 M, DIÂMETRO DE 7 CM, PERFURAÇÃO COM EQUIPAMENTO MANUAL E ARMADURA COM DIÂMETRO DE 20 MM. AF_07/2024","M",275.19,93967,null,255.65,275.19]
[null,93969,"EXECUÇÃO DE GRAMPO PARA SOLO GRAMPEADO COM COMPRIMENTO MAIOR QUE 6 M E MENOR OU IGUAL A 10 M, DIÂMETRO DE 7 CM, PERFURAÇÃO COM EQUIPAMENTO MANUAL E ARMADURA COM DIÂMETRO DE 20 MM. AF_07/2024","M",223.61,93969,null,208.26,223.61]
[null,93971,"EXECUÇÃO DE GRAMPO PARA SOLO GRAMPEADO COM COMPRIMENTO MAIOR QUE 10 M, DIÂMETRO DE 7 CM, PERFURAÇÃO COM EQUIPAMENTO MANUAL E ARMADURA COM DIÂMETRO DE 20 MM. AF_07/2024","M",202.52,93971,null,188.86,202.52]
[null,95108,"EXECUÇÃO DE PROTEÇÃO DA CABEÇA DO TIRANTE COM USO DE FÔRMAS METÁLICAS, 50 UTILIZAÇÕES, E CONCRETO FCK =15 MPA. AF_11/2023","UN",37.61,95108,null,35,37.61]
[null,100341,"FABRICAÇÃO, MONTAGEM E DESMONTAGEM DE FÔRMA PARA CORTINA DE CONTENÇÃO, EM CHAPA DE MADEIRA COMPENSADA PLASTIFICADA, E = 18 MM, 10 UTILIZAÇÕES. AF_11/2024","M2",46.94,100341,null,45.02,46.94]
[null,100342,"ARMAÇÃO DE CORTINA DE CONTENÇÃO EM CONCRETO ARMADO, COM AÇO CA-50 DE 6,3 MM - MONTAGEM. AF_11/2024","KG",17.559999999999999,100342,null,16.88,17.559999999999999]
[null,100343,"ARMAÇÃO DE CORTINA DE CONTENÇÃO EM CONCRETO ARMADO, COM AÇO CA-50 DE 8 MM - MONTAGEM. AF_11/2024","KG",15.89,100343,null,15.43,15.89]
[null,100344,"ARMAÇÃO DE CORTINA DE CONTENÇÃO EM CONCRETO ARMADO, COM AÇO CA-50 DE 10 MM - MONTAGEM. AF_11/2024","KG",13.38,100344,null,13.1,13.38]
[null,100345,"ARMAÇÃO DE CORTINA DE CONTENÇÃO EM CONCRETO ARMADO, COM AÇO CA-50 DE 12,5 MM - MONTAGEM. AF_11/2024","KG",10.64,100345,null,10.5,10.64]
[null,100346,"ARMAÇÃO DE CORTINA DE CONTENÇÃO EM CONCRETO ARMADO, COM AÇO CA-50 DE 16 MM - MONTAGEM. AF_11/2024","KG",10.25,100346,null,10.15,10.25]
[null,100347,"ARMAÇÃO DE CORTINA DE CONTENÇÃO EM CONCRETO ARMADO, COM AÇO CA-50 DE 20 MM - MONTAGEM. AF_11/2024","KG",11.63,100347,null,11.55,11.63]
[null,100348,"ARMAÇÃO DE CORTINA DE CONTENÇÃO EM CONCRETO ARMADO, COM AÇO CA-50 DE 25 MM - MONTAGEM. AF_11/2024","KG",11.47,100348,null,11.42,11.47]
[null,100349,"CONCRETAGEM DE CORTINA DE CONTENÇÃO, ATRAVÉS DE BOMBA - LANÇAMENTO, ADENSAMENTO E ACABAMENTO. AF_11/2024","M3",898.08,100349,null,895.24,898.08]
[null,104841,"EXECUÇÃO DE PERFURAÇÃO PARA TIRANTE, COMPRIMENTO MAIOR OU IGUAL A 14 M E MENOR QUE 22 M, COM DIÂMETRO DE FURO DE 100 MM EXECUTADO COM HASTE E TUBOS DE REVESTIMENTO UTILIZANDO PERFURATRIZ SOBRE ESTEIRA. AF_11/2023","M",85.64,104841,null,83.17,85.64]
[null,104842,"EXECUÇÃO DE PERFURAÇÃO PARA TIRANTE, COMPRIMENTO MAIOR OU IGUAL A 22 M E MENOR QUE 30 M, COM DIÂMETRO DE FURO DE 100 MM EXECUTADO COM HASTE E TUBOS DE REVESTIMENTO UTILIZANDO PERFURATRIZ SOBRE ESTEIRA. AF_11/2023","M",73.59,104842,null,71.58,73.59]
[null,104843,"EXECUÇÃO DE PERFURAÇÃO PARA TIRANTE, COMPRIMENTO MAIOR OU IGUAL A 6 M E MENOR QUE 14 M, COM DIÂMETRO DE FURO DE 150 MM EXECUTADO COM HASTE E TUBOS DE REVESTIMENTO UTILIZANDO PERFURATRIZ SOBRE ESTEIRA. AF_11/2023","M",116.48,104843,null,112.81,116.48]
[null,104844,"EXECUÇÃO DE PERFURAÇÃO PARA TIRANTE, COMPRIMENTO MAIOR OU IGUAL A 14 M E MENOR QUE 22 M, COM DIÂMETRO DE FURO DE 150 MM EXECUTADO COM HASTE E TUBOS DE REVESTIMENTO UTILIZANDO PERFURATRIZ SOBRE ESTEIRA. AF_11/2023","M",94.25,104844,null,91.44,94.25]
[null,104845,"EXECUÇÃO DE PERFURAÇÃO PARA TIRANTE, COMPRIMENTO MAIOR OU IGUAL A 6 M E MENOR QUE 14 M, COM DIÂMETRO DE FURO DE 200 MM EXECUTADO COM HASTE E TUBOS DE REVESTIMENTO UTILIZANDO PERFURATRIZ SOBRE ESTEIRA. AF_11/2023","M",132.38,104845,null,128.12,132.38]
[null,104846,"EXECUÇÃO DE PERFURAÇÃO PARA TIRANTE, COMPRIMENTO MAIOR OU IGUAL A 14 M E MENOR QUE 22 M, COM DIÂMETRO DE FURO DE 200 MM EXECUTADO COM HASTE E TUBOS DE REVESTIMENTO UTILIZANDO PERFURATRIZ SOBRE ESTEIRA. AF_11/2023","M",107.02,104846,null,103.72,107.02]
[null,104847,"EXECUÇÃO DE PERFURAÇÃO PARA TIRANTE, COMPRIMENTO MAIOR OU IGUAL A 22 M E MENOR QUE 30 M, COM DIÂMETRO DE FURO DE 200 MM EXECUTADO COM HASTE E TUBOS DE REVESTIMENTO UTILIZANDO PERFURATRIZ SOBRE ESTEIRA. AF_11/2023","M",91.41,104847,null,88.73,91.41]
[null,104848,"EXECUÇÃO DE PERFURAÇÃO PARA TIRANTE, COMPRIMENTO MAIOR OU IGUAL A 6 M E MENOR QUE 14 M, COM DIÂMETRO DE FURO DE 100 MM EXECUTADO COM HASTE UTILIZANDO PERFURATRIZ MANUAL SOBRE BASE DE MONTAGEM. AF_11/2023","M",69.53,104848,null,67.34,69.53]
[null,104849,"EXECUÇÃO DE PERFURAÇÃO PARA TIRANTE, COMPRIMENTO MAIOR OU IGUAL A 14 M E MENOR QUE 22 M, COM DIÂMETRO DE FURO DE 100 MM EXECUTADO COM HASTE UTILIZANDO PERFURATRIZ MANUAL SOBRE BASE DE MONTAGEM. AF_11/2023","M",60.14,104849,null,58.39,60.14]
[null,104850,"EXECUÇÃO DE PERFURAÇÃO PARA TIRANTE, COMPRIMENTO MAIOR OU IGUAL A 22 M E MENOR QUE 30 M, COM DIÂMETRO DE FURO DE 100 MM EXECUTADO COM HASTE UTILIZANDO PERFURATRIZ MANUAL SOBRE BASE DE MONTAGEM. AF_11/2023","M",53.84,104850,null,52.38,53.84]
[null,104851,"EXECUÇÃO DE PERFURAÇÃO PARA TIRANTE, COMPRIMENTO MAIOR OU IGUAL A 6 M E MENOR QUE 14 M, COM DIÂMETRO DE FURO DE 150 MM EXECUTADO COM HASTE UTILIZANDO PERFURATRIZ MANUAL SOBRE BASE DE MONTAGEM. AF_11/2023","M",76.77,104851,null,74.260000000000005,76.77]
[null,104852,"EXECUÇÃO DE PERFURAÇÃO PARA TIRANTE, COMPRIMENTO MAIOR OU IGUAL A 14 M E MENOR QUE 22 M, COM DIÂMETRO DE FURO DE 150 MM EXECUTADO COM HASTE UTILIZANDO PERFURATRIZ MANUAL SOBRE BASE DE MONTAGEM. AF_11/2023","M",65.959999999999994,104852,null,63.94,65.959999999999994]
[null,104853,"EXECUÇÃO DE PERFURAÇÃO PARA TIRANTE, COMPRIMENTO MAIOR OU IGUAL A 22 M E MENOR QUE 30 M, COM DIÂMETRO DE FURO DE 150 MM EXECUTADO COM HASTE UTILIZANDO PERFURATRIZ MANUAL SOBRE BASE DE MONTAGEM. AF_11/2023","M",58.71,104853,null,57.03,58.71]
[null,104854,"EXECUÇÃO DE PERFURAÇÃO PARA TIRANTE, COMPRIMENTO MAIOR OU IGUAL A 14 M E MENOR QUE 22 M, COM DIÂMETRO DE FURO DE 200 MM EXECUTADO COM HASTE UTILIZANDO PERFURATRIZ MANUAL SOBRE BASE DE MONTAGEM. AF_11/2023","M",74.61,104854,null,72.209999999999994,74.61]
[null,104855,"EXECUÇÃO DE PERFURAÇÃO PARA TIRANTE, COMPRIMENTO MAIOR OU IGUAL A 22 M E MENOR QUE 30 M, COM DIÂMETRO DE FURO DE 200 MM EXECUTADO COM HASTE UTILIZANDO PERFURATRIZ MANUAL SOBRE BASE DE MONTAGEM. AF_11/2023","M",65.91,104855,null,63.91,65.91]
[null,104875,"PERFURAÇÃO DE PAREDE DIAFRAGMA COM COROA DIAMANTADA DE DIÂMETRO DE 102 MM. AF_11/2023","M",107.49,104875,null,96.98,107.49]
[null,104876,"PERFURAÇÃO DE CORTINA PRÉ-MOLDADA COM MARTELETE ROMPEDOR. AF_11/2023","UN",21.05,104876,null,19.010000000000002,21.05]
[null,104877,"EXECUÇÃO DE LONGARINA, PARA TIRANTES PROVISÓRIOS, COM PERFIL METÁLICO, INCLUINDO CUNHA E SOLIDARIZAÇÃO. AF_11/2023","UN",614.88,104877,null,605.19000000000005,614.88]
[null,104878,"EXECUÇÃO DE LONGARINA, PARA TIRANTES PERMANENTES, COM PERFIL METÁLICO, INCLUINDO CUNHA E SOLIDARIZAÇÃO. AF_11/2023","UN",2317.2800000000002,104878,null,2307.59,2317.2800000000002]
[null,104879,"EXECUÇÃO DE PERFURAÇÃO PARA TIRANTE, COMPRIMENTO MAIOR OU IGUAL A 22 M E MENOR QUE 30 M, COM DIÂMETRO DE FURO DE 150 MM EXECUTADO COM HASTE E TUBOS DE REVESTIMENTO UTILIZANDO PERFURATRIZ SOBRE ESTEIRA. AF_11/2023","M",80.790000000000006,104879,null,78.510000000000005,80.790000000000006]
[null,104880,"EXECUÇÃO DE PERFURAÇÃO PARA TIRANTE, COMPRIMENTO MAIOR OU IGUAL A 6 M E MENOR QUE 14 M, COM DIÂMETRO DE FURO DE 200 MM EXECUTADO COM HASTE UTILIZANDO PERFURATRIZ MANUAL SOBRE BASE DE MONTAGEM. AF_11/2023","M",87.54,104880,null,84.54,87.54]
[null,104886,"EXECUÇÃO DE PERFURAÇÃO PARA TIRANTE, COMPRIMENTO MAIOR OU IGUAL A 6 M E MENOR QUE 14 M, COM DIÂMETRO DE FURO DE 100 MM EXECUTADO COM HASTE UTILIZANDO PERFURATRIZ SOBRE ESTEIRA. AF_11/2023","M",52.87,104886,null,51.67,52.87]
[null,104887,"EXECUÇÃO DE PERFURAÇÃO PARA TIRANTE, COMPRIMENTO MAIOR OU IGUAL A 14 M E MENOR QUE 22 M, COM DIÂMETRO DE FURO DE 100 MM EXECUTADO COM HASTE UTILIZANDO PERFURATRIZ SOBRE ESTEIRA. AF_11/2023","M",46.87,104887,null,45.9,46.87]
[null,104888,"EXECUÇÃO DE PERFURAÇÃO PARA TIRANTE, COMPRIMENTO MAIOR OU IGUAL A 22 M E MENOR QUE 30 M, COM DIÂMETRO DE FURO DE 100 MM EXECUTADO COM HASTE UTILIZANDO PERFURATRIZ SOBRE ESTEIRA. AF_11/2023","M",42.8,104888,null,42,42.8]
[null,104889,"EXECUÇÃO DE PERFURAÇÃO PARA TIRANTE, COMPRIMENTO MAIOR OU IGUAL A 6 M E MENOR QUE 14 M, COM DIÂMETRO DE FURO DE 200 MM EXECUTADO COM HASTE UTILIZANDO PERFURATRIZ SOBRE ESTEIRA. AF_11/2023","M",60.88,104889,null,59.39,60.88]
[null,104890,"EXECUÇÃO DE PERFURAÇÃO PARA TIRANTE, COMPRIMENTO MAIOR OU IGUAL A 14 M E MENOR QUE 22 M, COM DIÂMETRO DE FURO DE 200 MM EXECUTADO COM HASTE UTILIZANDO PERFURATRIZ SOBRE ESTEIRA. AF_11/2023","M",53.33,104890,null,52.11,53.33]
[null,104891,"EXECUÇÃO DE PERFURAÇÃO PARA TIRANTE, COMPRIMENTO MAIOR OU IGUAL A 22 M E MENOR QUE 30 M, COM DIÂMETRO DE FURO DE 200 MM EXECUTADO COM HASTE UTILIZANDO PERFURATRIZ SOBRE ESTEIRA. AF_11/2023","M",48.25,104891,null,47.23,48.25]
[null,104892,"EXECUÇÃO DE PERFURAÇÃO PARA TIRANTE, COMPRIMENTO MAIOR OU IGUAL A 6 M E MENOR QUE 14 M, COM DIÂMETRO DE FURO DE 100 MM EXECUTADO COM HASTE E TUBOS DE REVESTIMENTO UTILIZANDO PERFURATRIZ SOBRE ESTEIRA. AF_11/2023","M",105.77,104892,null,102.51,105.77]
[null,102989,"CANALETA MEIA CANA PRÉ-MOLDADA DE CONCRETO (D = 20 CM) - FORNECIMENTO E INSTALAÇÃO. AF_08/2021","M",37.86,102989,null,36.72,37.86]
[null,102990,"CANALETA MEIA CANA PRÉ-MOLDADA DE CONCRETO (D = 30 CM) - FORNECIMENTO E INSTALAÇÃO. AF_08/2021","M",46.07,102990,null,44.73,46.07]
[null,102991,"CANALETA MEIA CANA PRÉ-MOLDADA DE CONCRETO (D = 40 CM) - FORNECIMENTO E INSTALAÇÃO. AF_08/2021","M",59.71,102991,null,58.01,59.71]
[null,102992,"CANALETA MEIA CANA PRÉ-MOLDADA DE CONCRETO (D = 50 CM) - FORNECIMENTO E INSTALAÇÃO. AF_08/2021","M",88.11,102992,null,86.2,88.11]
[null,102993,"CANALETA MEIA CANA PRÉ-MOLDADA DE CONCRETO (D = 60 CM) - FORNECIMENTO E INSTALAÇÃO. AF_08/2021","M",114.68,102993,null,112.12,114.68]
[null,102994,"CANALETA MEIA CANA PRÉ-MOLDADA DE CONCRETO (D = 80 CM) - FORNECIMENTO E INSTALAÇÃO. AF_08/2021","M",196.25,102994,null,193.26,196.25]
[null,102995,"EXECUÇÃO DE CANALETA DE CONCRETO MOLDADO IN LOCO, ESPESSURA DE 0,07 M, GEOMETRIA TRAPEZOIDAL (DIMENSÕES INTERNAS: B=0,6 M; B=0,147 M; H=0,2 M). AF_08/2021","M",60.6,102995,null,58.58,60.6]
[null,102996,"EXECUÇÃO DE CANALETA DE CONCRETO MOLDADO IN LOCO, ESPESSURA DE 0,07 M, GEOMETRIA TRAPEZOIDAL (DIMENSÕES INTERNAS: B=0,9 M; B=0,246 M; H=0,3 M). AF_08/2021","M",85.83,102996,null,83.02,85.83]
[null,102997,"EXECUÇÃO DE CANALETA DE CONCRETO MOLDADO IN LOCO, ESPESSURA DE 0,08 M, GEOMETRIA TRAPEZOIDAL (DIMENSÕES INTERNAS: B=1M; B=0,5 M; H=0,25 M). AF_08/2021","M",115.75,102997,null,112.34,115.75]
[null,102998,"EXECUÇÃO DE CANALETA DE CONCRETO MOLDADO IN LOCO, ESPESSURA DE 0,08 M, GEOMETRIA TRAPEZOIDAL (DIMENSÕES INTERNAS: B=1,074 M; B=0,534 M; H=0,27 M). AF_08/2021","M",110.28,102998,null,106.92,110.28]
[null,102999,"EXECUÇÃO DE CANALETA DE CONCRETO MOLDADO IN LOCO, ESPESSURA DE 0,08 M, GEOMETRIA TRAPEZOIDAL (DIMENSÕES INTERNAS: B=1,4 M; B=0,7 M; H=0,35 M). AF_08/2021","M",139.6,102999,null,135.38999999999999,139.6]
[null,103000,"EXECUÇÃO DE CANALETA DE CONCRETO MOLDADO IN LOCO, ESPESSURA DE 0,08 M, GEOMETRIA TRAPEZOIDAL (DIMENSÕES INTERNAS: B=1,474 M; B=0,934 M; H=0,27 M). AF_08/2021","M",140.19999999999999,103000,null,135.97,140.19999999999999]
[null,103001,"GRELHA DE FERRO FUNDIDO SIMPLES COM REQUADRO, 150 X 1000 MM, ASSENTADA COM ARGAMASSA 1 : 3 CIMENTO: AREIA - FORNECIMENTO E INSTALAÇÃO. AF_08/2021","UN",162.61000000000001,103001,null,160.41,162.61000000000001]
[null,103002,"GRELHA DE FERRO FUNDIDO SIMPLES COM REQUADRO, 200 X 1000 MM, ASSENTADA COM ARGAMASSA 1 : 3 CIMENTO: AREIA - FORNECIMENTO E INSTALAÇÃO. AF_08/2021","UN",200.94,103002,null,198.65,200.94]
[null,103003,"GRELHA DE FERRO FUNDIDO SIMPLES COM REQUADRO, 300 X 1000 MM, ASSENTADA COM ARGAMASSA 1 : 3 CIMENTO: AREIA - FORNECIMENTO E INSTALAÇÃO. AF_08/2021","UN",277.67,103003,null,275.18,277.67]
[null,103005,"CAIXA COM GRELHA RETANGULAR DE FERRO FUNDIDO, EM ALVENARIA COM TIJOLOS CERÂMICOS MACIÇOS, DIMENSÕES INTERNAS: 0,15 X 1,00 X 0,3 M. AF_08/2021","UN",548.97,103005,null,531.09,548.97]
[null,103006,"CAIXA COM GRELHA RETANGULAR DE FERRO FUNDIDO, EM ALVENARIA COM TIJOLOS CERÂMICOS MACIÇOS, DIMENSÕES INTERNAS: 0,20 X 1,00 X 0,4 M. AF_08/2021","UN",760.04,103006,null,735.5,760.04]
[null,103007,"CAIXA COM GRELHA RETANGULAR DE FERRO FUNDIDO, EM ALVENARIA COM TIJOLOS CERÂMICOS MACIÇOS, DIMENSÕES INTERNAS: 0,30 X 1,00 X 0,5 M. AF_08/2021","UN",995.97,103007,null,964.76,995.97]
[null,97933,"CAIXA COM GRELHA SIMPLES RETANGULAR, EM CONCRETO PRÉ-MOLDADO, DIMENSÕES INTERNAS: 0,6X1,0X1,0 M. AF_12/2020","UN",1143.46,97933,null,1140.07,1143.46]
[null,97934,"CAIXA COM GRELHA DUPLA RETANGULAR, EM CONCRETO PRÉ-MOLDADO, DIMENSÕES INTERNAS: 0,5X2,2X1,0 M. AF_12/2020","UN",2516.12,97934,null,2463.5500000000002,2516.12]
[null,97935,"CAIXA PARA BOCA DE LOBO SIMPLES RETANGULAR, EM CONCRETO PRÉ-MOLDADO, DIMENSÕES INTERNAS: 0,6X1,0X1,2 M. AF_12/2020","UN",{"$f":"IF($K$2=$H$1,H1795,I1795)","v":932.76},{"$f":"IF(LEN($B1795)=7,CONCATENATE(MID($B1795,1,6),\"00\",RIGHT($B1795,1)),IF(LEN($B1795)=8,CONCATENATE(MID($B1795,1,6),\"0\",RIGHT($B1795,2)),$B1795))","v":97935},null,916.94,932.76]
[null,97936,"CAIXA PARA BOCA DE LOBO DUPLA RETANGULAR, EM CONCRETO PRÉ-MOLDADO, DIMENSÕES INTERNAS: 0,6X2,2X1,2 M. AF_12/2020","UN",2124.6999999999998,97936,null,2045.74,2124.6999999999998]
[null,97947,"CAIXA COM GRELHA SIMPLES RETANGULAR, EM ALVENARIA COM TIJOLOS CERÂMICOS MACIÇOS, DIMENSÕES INTERNAS: 0,5X1X1 M. AF_12/2020","UN",1918.9,97947,null,1861.49,1918.9]
[null,97948,"CAIXA COM GRELHA DUPLA RETANGULAR, EM ALVENARIA COM TIJOLOS CERÂMICOS MACIÇOS, DIMENSÕES INTERNAS: 0,5X2,2X1 M. AF_12/2020","UN",3528.59,97948,null,3424.3,3528.59]
[null,97949,"CAIXA PARA BOCA DE LOBO SIMPLES RETANGULAR, EM ALVENARIA COM TIJOLOS CERÂMICOS MACIÇOS, DIMENSÕES INTERNAS: 0,6X1X1,2 M. AF_12/2020","UN",1924.95,97949,null,1846.98,1924.95]
[null,97950,"CAIXA PARA BOCA DE LOBO DUPLA RETANGULAR, EM ALVENARIA COM TIJOLOS CERÂMICOS MACIÇOS, DIMENSÕES INTERNAS: 0,6X2,2X1,2 M. AF_12/2020","UN",3379.58,97950,null,3240.91,3379.58]
[null,97951,"CAIXA PARA BOCA DE LOBO COMBINADA COM GRELHA RETANGULAR, EM ALVENARIA COM TIJOLOS CERÂMICOS MACIÇOS, DIMENSÕES INTERNAS: 1,3X1X1,2 M. AF_12/2020","UN",3087.36,97951,null,2981.44,3087.36]
[null,97952,"CAIXA PARA BOCA DE LOBO DUPLA COMBINADA COM GRELHA RETANGULAR, EM ALVENARIA COM TIJOLOS CERÂMICOS MACIÇOS, DIMENSÕES INTERNAS: 1,3X2,2X1,2 M. AF_12/2020","UN",5328.31,97952,null,5147.7299999999996,5328.31]
[null,97953,"CAIXA COM GRELHA SIMPLES RETANGULAR, EM ALVENARIA COM BLOCOS DE CONCRETO, DIMENSÕES INTERNAS: 0,5X1X1 M. AF_12/2020","UN",1465.81,97953,null,1426.73,1465.81]
[null,97955,"CAIXA COM GRELHA DUPLA RETANGULAR, EM ALVENARIA COM BLOCOS DE CONCRETO, DIMENSÕES INTERNAS: 0,5X2,2X1 M. AF_12/2020","UN",3204.48,97955,null,3123.91,3204.48]
[null,97956,"CAIXA PARA BOCA DE LOBO SIMPLES RETANGULAR, EM ALVENARIA COM BLOCOS DE CONCRETO, DIMENSÕES INTERNAS: 0,6X1X1,2 M. AF_12/2020","UN",1583.76,97956,null,1524.5,1583.76]
[null,97957,"CAIXA PARA BOCA DE LOBO DUPLA RETANGULAR, EM ALVENARIA COM BLOCOS DE CONCRETO, DIMENSÕES INTERNAS: 0,6X2,2X1,2 M. AF_12/2020","UN",2822.33,97957,null,2713.14,2822.33]
[null,97961,"CAIXA PARA BOCA DE LOBO COMBINADA COM GRELHA RETANGULAR, EM ALVENARIA COM BLOCOS DE CONCRETO, DIMENSÕES INTERNAS: 1,3X1X1,2 M. AF_12/2020","UN",2573.0700000000002,97961,null,2492.8200000000002,2573.0700000000002]
[null,97973,"CAIXA PARA BOCA DE LOBO DUPLA COMBINADA COM GRELHA RETANGULAR, EM ALVENARIA COM BLOCOS DE CONCRETO, DIMENSÕES INTERNAS: 1,3X2,2X1,2 M. AF_12/2020","UN",4823.6899999999996,97973,null,4677.51,4823.6899999999996]
[null,97974,"POÇO DE INSPEÇÃO CIRCULAR PARA ESGOTO, EM CONCRETO PRÉ-MOLDADO, DIÂMETRO INTERNO = 0,60 M, PROFUNDIDADE = 0,90 M, EXCLUINDO TAMPÃO. AF_12/2020_PA","UN",517.41999999999996,97974,null,507.43,517.41999999999996]
[null,97975,"POÇO DE INSPEÇÃO CIRCULAR PARA ESGOTO, EM CONCRETO PRÉ-MOLDADO, DIÂMETRO INTERNO = 0,60 M, PROFUNDIDADE = 1,40 M, EXCLUINDO TAMPÃO. AF_12/2020_PA","UN",672.29,97975,null,661.23,672.29]
[null,97976,"POÇO DE INSPEÇÃO CIRCULAR PARA ESGOTO, EM ALVENARIA COM TIJOLOS CERÂMICOS MACIÇOS, DIÂMETRO INTERNO = 0,60 M, PROFUNDIDADE = 0,95 M, EXCLUINDO TAMPÃO. AF_12/2020_PA","UN",1206.68,97976,null,1158.42,1206.68]
[null,97977,"POÇO DE INSPEÇÃO CIRCULAR PARA ESGOTO, EM ALVENARIA COM TIJOLOS CERÂMICOS MACIÇOS, DIÂMETRO INTERNO = 0,60 M, PROFUNDIDADE = 1,45 M, EXCLUINDO TAMPÃO. AF_12/2020_PA","UN",1720.69,97977,null,1649.63,1720.69]
[null,97978,"BASE PARA POÇO DE VISITA CIRCULAR PARA ESGOTO, EM CONCRETO PRÉ-MOLDADO, DIÂMETRO INTERNO = 0,80 M, PROFUNDIDADE = 1,35 M, EXCLUINDO TAMPÃO. AF_12/2020_PA","UN",1028.98,97978,null,1003.75,1028.98]
[null,97980,"BASE PARA POÇO DE VISITA CIRCULAR PARA  ESGOTO, EM ALVENARIA COM TIJOLOS CERÂMICOS MACIÇOS, DIÂMETRO INTERNO = 0,80 M, PROFUNDIDADE = 1,40 M, EXCLUINDO TAMPÃO. AF_12/2020_PA","UN",2227.41,97980,null,2138.96,2227.41]
[null,97981,"ACRÉSCIMO PARA POÇO DE VISITA CIRCULAR PARA ESGOTO, EM ALVENARIA COM TIJOLOS CERÂMICOS MACIÇOS, DIÂMETRO INTERNO = 0,8 M. AF_12/2020","M",1263.0899999999999,97981,null,1205.21,1263.0899999999999]
[null,97983,"ACRÉSCIMO PARA POÇO DE VISITA CIRCULAR PARA ESGOTO, EM CONCRETO PRÉ-MOLDADO, DIÂMETRO INTERNO = 1 M. AF_12/2020","M",545.87,97983,null,542.16,545.87]
[null,97985,"ACRÉSCIMO PARA POÇO DE VISITA CIRCULAR PARA  ESGOTO, EM ALVENARIA COM TIJOLOS CERÂMICOS MACIÇOS, DIÂMETRO INTERNO = 1 M. AF_12/2020","M",1519.26,97985,null,1448.51,1519.26]
[null,97987,"ACRÉSCIMO PARA POÇO DE VISITA CIRCULAR PARA ESGOTO, EM CONCRETO PRÉ-MOLDADO, DIÂMETRO INTERNO = 1,2 M. AF_12/2020","M",727.68,97987,null,723.32,727.68]
[null,97988,"BASE PARA POÇO DE VISITA CIRCULAR PARA  ESGOTO, EM ALVENARIA COM TIJOLOS CERÂMICOS MACIÇOS, DIÂMETRO INTERNO = 1,20 M, PROFUNDIDADE = 1,40 M, EXCLUINDO TAMPÃO. AF_12/2020_PA","UN",3285.61,97988,null,3161.22,3285.61]
[null,97989,"ACRÉSCIMO PARA POÇO DE VISITA CIRCULAR PARA ESGOTO, EM ALVENARIA COM TIJOLOS CERÂMICOS MACIÇOS, DIÂMETRO INTERNO = 1,2 M. AF_12/2020","M",1775.37,97989,null,1691.77,1775.37]
[null,97991,"ACRÉSCIMO PARA POÇO DE VISITA CIRCULAR PARA  ESGOTO, EM CONCRETO PRÉ-MOLDADO, DIÂMETRO INTERNO = 1,5 M. AF_12/2020","M",998.35,97991,null,992.78,998.35]
[null,97992,"BASE PARA POÇO DE VISITA CIRCULAR PARA ESGOTO, EM ALVENARIA COM TIJOLOS CERÂMICOS MACIÇOS, DIÂMETRO INTERNO = 1,50 M, PROFUNDIDADE = 1,40 M, EXCLUINDO TAMPÃO. AF_12/2020_PA","UN",4229.26,97992,null,4075.4,4229.26]
[null,97993,"ACRÉSCIMO PARA POÇO DE VISITA CIRCULAR PARA  ESGOTO, EM ALVENARIA COM TIJOLOS CERÂMICOS MACIÇOS, DIÂMETRO INTERNO = 1,5 M. AF_12/2020","M",2159.69,97993,null,2056.79,2159.69]
[null,97994,"BASE PARA POÇO DE VISITA RETANGULAR PARA  ESGOTO, EM ALVENARIA COM BLOCOS DE CONCRETO, DIMENSÕES INTERNAS = 1X1 M, PROFUNDIDADE = 1,40 M, EXCLUINDO TAMPÃO. AF_12/2020_PA","UN",2807.43,97994,null,2701.85,2807.43]
[null,97995,"ACRÉSCIMO PARA POÇO DE VISITA RETANGULAR PARA ESGOTO, EM ALVENARIA COM BLOCOS DE CONCRETO, DIMENSÕES INTERNAS = 1X1 M. AF_12/2020","M",1388.75,97995,null,1325.27,1388.75]
[null,97996,"BASE PARA POÇO DE VISITA RETANGULAR PARA ESGOTO, EM ALVENARIA COM BLOCOS DE CONCRETO, DIMENSÕES INTERNAS = 1X1,5 M, PROFUNDIDADE = 1,40 M, EXCLUINDO TAMPÃO. AF_12/2020_PA","UN",3557.6,97996,null,3425.31,3557.6]
[null,97997,"ACRÉSCIMO PARA POÇO DE VISITA RETANGULAR PARA ESGOTO, EM ALVENARIA COM BLOCOS DE CONCRETO, DIMENSÕES INTERNAS = 1X1,5 M. AF_12/2020","M",1658.9,97997,null,1582.83,1658.9]
[null,97999,"ACRÉSCIMO PARA POÇO DE VISITA RETANGULAR PARA ESGOTO, EM ALVENARIA COM BLOCOS DE CONCRETO, DIMENSÕES INTERNAS = 1X2 M. AF_12/2020","M",1929.13,97999,null,1840.49,1929.13]
[null,98001,"ACRÉSCIMO PARA POÇO DE VISITA RETANGULAR PARA ESGOTO, EM ALVENARIA COM BLOCOS DE CONCRETO, DIMENSÕES INTERNAS = 1X2,5 M. AF_12/2020","M",2199.29,98001,null,2098.04,2199.29]
[null,98002,"BASE PARA POÇO DE VISITA RETANGULAR PARA ESGOTO, EM ALVENARIA COM BLOCOS DE CONCRETO, DIMENSÕES INTERNAS = 1X3 M, PROFUNDIDADE = 1,40 M, EXCLUINDO TAMPÃO. AF_12/2020_PA","UN",5843.82,98002,null,5631.37,5843.82]
[null,98003,"ACRÉSCIMO PARA POÇO DE VISITA RETANGULAR PARA ESGOTO, EM ALVENARIA COM BLOCOS DE CONCRETO, DIMENSÕES INTERNAS = 1X3 M. AF_12/2020","M",2469.5100000000002,98003,null,2355.69,2469.5100000000002]
[null,98005,"ACRÉSCIMO PARA POÇO DE VISITA RETANGULAR PARA ESGOTO, EM ALVENARIA COM BLOCOS DE CONCRETO, DIMENSÕES INTERNAS = 1X3,5 M. AF_12/2020","M",2739.75,98005,null,2613.35,2739.75]
[null,98006,"BASE PARA POÇO DE VISITA RETANGULAR PARA ESGOTO, EM ALVENARIA COM BLOCOS DE CONCRETO, DIMENSÕES INTERNAS = 1X4 M, PROFUNDIDADE = 1,40 M, EXCLUINDO TAMPÃO. AF_12/2020_PA","UN",7353.17,98006,null,7087.3,7353.17]
[null,98007,"ACRÉSCIMO PARA POÇO DE VISITA RETANGULAR PARA ESGOTO, EM ALVENARIA COM BLOCOS DE CONCRETO, DIMENSÕES INTERNAS = 1X4 M. AF_12/2020","M",3009.9,98007,null,2870.9,3009.9]
[null,98008,"BASE PARA POÇO DE VISITA RETANGULAR PARA ESGOTO, EM ALVENARIA COM BLOCOS DE CONCRETO, DIMENSÕES INTERNAS = 1,5X1,5 M, PROFUNDIDADE = 1,45 M, EXCLUINDO TAMPÃO . AF_12/2020_PA","UN",4422.6000000000004,98008,null,4264.4799999999996,4422.6000000000004]
[null,98009,"ACRÉSCIMO PARA POÇO DE VISITA RETANGULAR PARA ESGOTO, EM ALVENARIA COM BLOCOS DE CONCRETO, DIMENSÕES INTERNAS = 1,5X1,5 M. AF_12/2020","M",1929.13,98009,null,1840.49,1929.13]
[null,98010,"BASE PARA POÇO DE VISITA RETANGULAR PARA ESGOTO, EM ALVENARIA COM BLOCOS DE CONCRETO, DIMENSÕES INTERNAS = 1,5X2 M, PROFUNDIDADE = 1,40 M, EXCLUINDO TAMPÃO. AF_12/2020_PA","UN",5404,98010,null,5214.3500000000004,5404]
[null,98011,"ACRÉSCIMO PARA POÇO DE VISITA RETANGULAR PARA ESGOTO, EM ALVENARIA COM BLOCOS DE CONCRETO, DIMENSÕES INTERNAS = 1,5X2 M. AF_12/2020","M",2199.29,98011,null,2098.04,2199.29]
[null,98012,"BASE PARA POÇO DE VISITA RETANGULAR PARA ESGOTO, EM ALVENARIA COM BLOCOS DE CONCRETO, DIMENSÕES INTERNAS = 1,5X2,5 M, PROFUNDIDADE = 1,40 M, EXCLUINDO TAMPÃO. AF_12/2020_PA","UN",6356.94,98012,null,6135.76,6356.94]
[null,98013,"ACRÉSCIMO PARA POÇO DE VISITA RETANGULAR PARA ESGOTO, EM ALVENARIA COM BLOCOS DE CONCRETO, DIMENSÕES INTERNAS = 1,5X2,5 M. AF_12/2020","M",2469.5100000000002,98013,null,2355.69,2469.5100000000002]
[null,98014,"BASE PARA POÇO DE VISITA RETANGULAR PARA ESGOTO, EM ALVENARIA COM BLOCOS DE CONCRETO, DIMENSÕES INTERNAS = 1,5X3 M, PROFUNDIDADE = 1,40 M, EXCLUINDO TAMPÃO. AF_12/2020_PA","UN",7309.82,98014,null,7057.15,7309.82]
[null,98015,"ACRÉSCIMO PARA POÇO DE VISITA RETANGULAR PARA ESGOTO, EM ALVENARIA COM BLOCOS DE CONCRETO, DIMENSÕES INTERNAS = 1,5X3 M. AF_12/2020","M",2739.75,98015,null,2613.35,2739.75]
[null,98016,"BASE PARA POÇO DE VISITA RETANGULAR PARA ESGOTO, EM ALVENARIA COM BLOCOS DE CONCRETO, DIMENSÕES INTERNAS = 1,5X3,5 M, PROFUNDIDADE = 1,40 M, EXCLUINDO TAMPÃO. AF_12/2020_PA","UN",8262.7999999999993,98016,null,7978.61,8262.7999999999993]
[null,98017,"ACRÉSCIMO PARA POÇO DE VISITA RETANGULAR PARA ESGOTO, EM ALVENARIA COM BLOCOS DE CONCRETO, DIMENSÕES INTERNAS = 1,5X3,5 M. AF_12/2020","M",3009.9,98017,null,2870.9,3009.9]
[null,98018,"BASE PARA POÇO DE VISITA RETANGULAR PARA ESGOTO, EM ALVENARIA COM BLOCOS DE CONCRETO, DIMENSÕES INTERNAS = 1,5X4 M, PROFUNDIDADE = 1,40 M, EXCLUINDO TAMPÃO. AF_12/2020_PA","UN",9215.67,98018,null,8899.98,9215.67]
[null,98019,"ACRÉSCIMO PARA POÇO DE VISITA RETANGULAR PARA ESGOTO, EM ALVENARIA COM BLOCOS DE CONCRETO, DIMENSÕES INTERNAS = 1,5X4 M. AF_12/2020","M",3305.52,98019,null,3152.95,3305.52]
[null,98020,"BASE PARA POÇO DE VISITA RETANGULAR PARA ESGOTO, EM ALVENARIA COM BLOCOS DE CONCRETO, DIMENSÕES INTERNAS = 2X2 M, PROFUNDIDADE = 1,40 M, EXCLUINDO TAMPÃO. AF_12/2020_PA","UN",6543.26,98020,null,6316.86,6543.26]
[null,98021,"ACRÉSCIMO PARA POÇO DE VISITA RETANGULAR PARA ESGOTO, EM ALVENARIA COM BLOCOS DE CONCRETO, DIMENSÕES INTERNAS = 2X2 M. AF_12/2020","M",2494.98,98021,null,2380.17,2494.98]
[null,98022,"BASE PARA POÇO DE VISITA RETANGULAR PARA ESGOTO, EM ALVENARIA COM BLOCOS DE CONCRETO, DIMENSÕES INTERNAS = 2X2,5 M, PROFUNDIDADE = 1,40 M, EXCLUINDO TAMPÃO. AF_12/2020_PA","UN",7680.24,98022,null,7417.56,7680.24]
[null,98023,"ACRÉSCIMO PARA POÇO DE VISITA RETANGULAR PARA ESGOTO, EM ALVENARIA COM BLOCOS DE CONCRETO, DIMENSÕES INTERNAS = 2X2,5 M. AF_12/2020","M",2765.14,98023,null,2637.76,2765.14]
[null,98024,"BASE PARA POÇO DE VISITA RETANGULAR PARA ESGOTO, EM ALVENARIA COM BLOCOS DE CONCRETO, DIMENSÕES INTERNAS = 2X3 M, PROFUNDIDADE = 1,40 M, EXCLUINDO TAMPÃO. AF_12/2020_PA","UN",8880.19,98024,null,8581.23,8880.19]
[null,98025,"ACRÉSCIMO PARA POÇO DE VISITA RETANGULAR PARA ESGOTO, EM ALVENARIA COM BLOCOS DE CONCRETO, DIMENSÕES INTERNAS = 2X3 M. AF_12/2020","M",3035.37,98025,null,2895.38,3035.37]
[null,98026,"BASE PARA POÇO DE VISITA RETANGULAR PARA ESGOTO, EM ALVENARIA COM BLOCOS DE CONCRETO, DIMENSÕES INTERNAS = 2X3,5 M, PROFUNDIDADE = 1,40 M, EXCLUINDO TAMPÃO. AF_12/2020_PA","UN",10025.1,98026,null,9689.8799999999992,10025.1]
[null,98027,"ACRÉSCIMO PARA POÇO DE VISITA RETANGULAR PARA ESGOTO, EM ALVENARIA COM BLOCOS DE CONCRETO, DIMENSÕES INTERNAS = 2X3,5 M. AF_12/2020","M",3305.52,98027,null,3152.95,3305.52]
[null,98028,"BASE PARA POÇO DE VISITA RETANGULAR PARA ESGOTO, EM ALVENARIA COM BLOCOS DE CONCRETO, DIMENSÕES INTERNAS = 2X4 M, PROFUNDIDADE = 1,40 M, EXCLUINDO TAMPÃO. AF_12/2020_PA","UN",11170.08,98028,null,10798.55,11170.08]
[null,98029,"ACRÉSCIMO PARA POÇO DE VISITA RETANGULAR PARA ESGOTO, EM ALVENARIA COM BLOCOS DE CONCRETO, DIMENSÕES INTERNAS = 2X4 M. AF_12/2020","M",3580.94,98029,null,3415.59,3580.94]
[null,98030,"BASE PARA POÇO DE VISITA RETANGULAR PARA ESGOTO, EM ALVENARIA COM BLOCOS DE CONCRETO, DIMENSÕES INTERNAS = 2,5X2,5 M, PROFUNDIDADE = 1,40 M, EXCLUINDO TAMPÃO. AF_12/2020_PA","UN",9117.49,98030,null,8821.34,9117.49]
[null,98031,"ACRÉSCIMO PARA POÇO DE VISITA RETANGULAR PARA ESGOTO, EM ALVENARIA COM BLOCOS DE CONCRETO, DIMENSÕES INTERNAS = 2,5X2,5 M. AF_12/2020","M",3040.68,98031,null,2900.49,3040.68]
[null,98032,"BASE PARA POÇO DE VISITA RETANGULAR PARA ESGOTO, EM ALVENARIA COM BLOCOS DE CONCRETO, DIMENSÕES INTERNAS = 2,5X3 M, PROFUNDIDADE = 1,40 M, EXCLUINDO TAMPÃO. AF_12/2020_PA","UN",{"$f":"IF($K$2=$H$1,H1859,I1859)","v":10504.67},{"$f":"IF(LEN($B1859)=7,CONCATENATE(MID($B1859,1,6),\"00\",RIGHT($B1859,1)),IF(LEN($B1859)=8,CONCATENATE(MID($B1859,1,6),\"0\",RIGHT($B1859,2)),$B1859))","v":98032},null,10167.36,10504.67]
[null,98033,"ACRÉSCIMO PARA POÇO DE VISITA RETANGULAR PARA ESGOTO, EM ALVENARIA COM BLOCOS DE CONCRETO, DIMENSÕES INTERNAS = 2,5X3 M. AF_12/2020","M",3310.84,98033,null,3158.06,3310.84]
[null,98034,"BASE PARA POÇO DE VISITA RETANGULAR PARA ESGOTO, EM ALVENARIA COM BLOCOS DE CONCRETO, DIMENSÕES INTERNAS = 2,5X3,5 M, PROFUNDIDADE = 1,40 M, EXCLUINDO TAMPÃO. AF_12/2020_PA","UN",11891.86,98034,null,11513.36,11891.86]
[null,98035,"ACRÉSCIMO PARA POÇO DE VISITA RETANGULAR PARA ESGOTO, EM ALVENARIA COM BLOCOS DE CONCRETO, DIMENSÕES INTERNAS = 2,5X3,5 M. AF_12/2020","M",3580.94,98035,null,3415.59,3580.94]
[null,98036,"BASE PARA POÇO DE VISITA RETANGULAR PARA ESGOTO, EM ALVENARIA COM BLOCOS DE CONCRETO, DIMENSÕES INTERNAS = 2,5X4 M, PROFUNDIDADE = 1,40 M, EXCLUINDO TAMPÃO. AF_12/2020_PA","UN",13279.06,98036,null,12859.4,13279.06]
[null,98037,"ACRÉSCIMO PARA POÇO DE VISITA RETANGULAR PARA ESGOTO, EM ALVENARIA COM BLOCOS DE CONCRETO, DIMENSÕES INTERNAS = 2,5X4 M. AF_12/2020","M",3856.41,98037,null,3678.28,3856.41]
[null,98038,"BASE PARA POÇO DE VISITA RETANGULAR PARA ESGOTO, EM ALVENARIA COM BLOCOS DE CONCRETO, DIMENSÕES INTERNAS = 3X3 M, PROFUNDIDADE = 1,40 M, EXCLUINDO TAMPÃO. AF_12/2020_PA","UN",12153.27,98038,null,11769.9,12153.27]
[null,98039,"ACRÉSCIMO PARA POÇO DE VISITA RETANGULAR PARA ESGOTO, EM ALVENARIA COM BLOCOS DE CONCRETO, DIMENSÕES INTERNAS = 3X3 M. AF_12/2020","M",3586.26,98039,null,3420.7,3586.26]
[null,98040,"BASE PARA POÇO DE VISITA RETANGULAR PARA ESGOTO, EM ALVENARIA COM BLOCOS DE CONCRETO, DIMENSÕES INTERNAS = 3X3,5 M, PROFUNDIDADE = 1,40 M, EXCLUINDO TAMPÃO. AF_12/2020_PA","UN",13751.44,98040,null,13322.11,13751.44]
[null,98041,"ACRÉSCIMO PARA POÇO DE VISITA RETANGULAR PARA ESGOTO, EM ALVENARIA COM BLOCOS DE CONCRETO, DIMENSÕES INTERNAS = 3X3,5 M. AF_12/2020","M",3856.41,98041,null,3678.28,3856.41]
[null,98042,"BASE PARA POÇO DE VISITA RETANGULAR PARA ESGOTO, EM ALVENARIA COM BLOCOS DE CONCRETO, DIMENSÕES INTERNAS = 3X4 M, PROFUNDIDADE = 1,40 M, EXCLUINDO TAMPÃO. AF_12/2020_PA","UN",15349.68,98042,null,14874.35,15349.68]
[null,98043,"ACRÉSCIMO PARA POÇO DE VISITA RETANGULAR PARA ESGOTO, EM ALVENARIA COM BLOCOS DE CONCRETO, DIMENSÕES INTERNAS = 3X4 M. AF_12/2020","M",4131.96,98043,null,3941.02,4131.96]
[null,98044,"BASE PARA POÇO DE VISITA RETANGULAR PARA ESGOTO, EM ALVENARIA COM BLOCOS DE CONCRETO, DIMENSÕES INTERNAS = 3,5X3,5 M, PROFUNDIDADE = 1,40 M, EXCLUINDO TAMPÃO. AF_12/2020_PA","UN",15611.16,98044,null,15130.95,15611.16]
[null,98045,"ACRÉSCIMO PARA POÇO DE VISITA RETANGULAR PARA ESGOTO, EM ALVENARIA COM BLOCOS DE CONCRETO, DIMENSÕES INTERNAS = 3,5X3,5 M. AF_12/2020","M",4131.96,98045,null,3941.02,4131.96]
[null,98046,"BASE PARA POÇO DE VISITA RETANGULAR PARA ESGOTO, EM ALVENARIA COM BLOCOS DE CONCRETO, DIMENSÕES INTERNAS = 3,5X4 M, PROFUNDIDADE = 1,40 M, EXCLUINDO TAMPÃO. AF_12/2020_PA","UN",17420.14,98046,null,16889.22,17420.14]
[null,98047,"ACRÉSCIMO PARA POÇO DE VISITA RETANGULAR PARA ESGOTO, EM ALVENARIA COM BLOCOS DE CONCRETO, DIMENSÕES INTERNAS = 3,5X4 M. AF_12/2020","M",4407.42,98047,null,4203.6899999999996,4407.42]
[null,98048,"BASE PARA POÇO DE VISITA RETANGULAR PARA ESGOTO, EM ALVENARIA COM BLOCOS DE CONCRETO, DIMENSÕES INTERNAS = 4X4 M, PROFUNDIDADE = 1,45 M, EXCLUINDO TAMPÃO. AF_12/2020_PA","UN",19490.8,98048,null,18904.189999999999,19490.8]
[null,98049,"ACRÉSCIMO PARA POÇO DE VISITA RETANGULAR PARA ESGOTO, EM ALVENARIA COM BLOCOS DE CONCRETO, DIMENSÕES INTERNAS = 4X4 M. AF_12/2020","M",4631.03,98049,null,4416.5200000000004,4631.03]
[null,98050,"CHAMINÉ CIRCULAR PARA POÇO DE VISITA PARA ESGOTO, EM CONCRETO PRÉ-MOLDADO, DIÂMETRO INTERNO = 0,6 M. AF_12/2020","M",302.20999999999998,98050,null,300.31,302.20999999999998]
[null,98051,"CHAMINÉ CIRCULAR PARA POÇO DE VISITA PARA ESGOTO, EM ALVENARIA COM TIJOLOS CERÂMICOS MACIÇOS, DIÂMETRO INTERNO = 0,6 M. AF_12/2020","M",1012.56,98051,null,967.19,1012.56]
[null,98405,"BASE PARA POÇO DE VISITA CIRCULAR PARA  ESGOTO, EM ALVENARIA COM TIJOLOS CERÂMICOS MACIÇOS, DIÂMETRO INTERNO = 1,0 M, PROFUNDIDADE = 1,40 M, EXCLUINDO TAMPÃO. AF_12/2020_PA","UN",2754.52,98405,null,2647.52,2754.52]
[null,98406,"BASE PARA POÇO DE VISITA RETANGULAR PARA ESGOTO, EM ALVENARIA COM BLOCOS DE CONCRETO, DIMENSÕES INTERNAS = 1X3,5 M, PROFUNDIDADE = 1,40 M, EXCLUINDO TAMPÃO. AF_12/2020_PA","UN",6598.48,98406,null,6359.31,6598.48]
[null,98407,"BASE PARA POÇO DE VISITA RETANGULAR PARA ESGOTO, EM ALVENARIA COM BLOCOS DE CONCRETO, DIMENSÕES INTERNAS = 1X2 M, PROFUNDIDADE = 1,40 M, EXCLUINDO TAMPÃO. AF_12/2020_PA","UN",4307.66,98407,null,4148.6499999999996,4307.66]
[null,98408,"BASE PARA POÇO DE VISITA RETANGULAR PARA ESGOTO, EM ALVENARIA COM BLOCOS DE CONCRETO, DIMENSÕES INTERNAS = 1X2,5 M, PROFUNDIDADE = 1,40 M, EXCLUINDO TAMPÃO. AF_12/2020_PA","UN",5057.8100000000004,98408,null,4872.08,5057.8100000000004]
[null,98409,"ACRÉSCIMO PARA POÇO DE VISITA CIRCULAR PARA ESGOTO, EM CONCRETO PRÉ-MOLDADO, DIÂMETRO INTERNO = 0,8 M. AF_12/2020","M",412.74,98409,null,409.62,412.74]
[null,98410,"BASE PARA POÇO DE VISITA CIRCULAR PARA ESGOTO, EM CONCRETO PRÉ-MOLDADO, DIÂMETRO INTERNO = 1,0 M, PROFUNDIDADE = 1,35 M, EXCLUINDO TAMPÃO. AF_12/2020_PA","UN",1337.92,98410,null,1311.92,1337.92]
[null,99240,"ACRÉSCIMO PARA POÇO DE VISITA CIRCULAR PARA DRENAGEM, EM CONCRETO PRÉ-MOLDADO, DIÂMETRO INTERNO = 1,2 M. AF_12/2020","M",724.1,99240,null,719.75,724.1]
[null,99241,"ACRÉSCIMO PARA POÇO DE VISITA RETANGULAR PARA DRENAGEM, EM ALVENARIA COM BLOCOS DE CONCRETO, DIMENSÕES INTERNAS = 1,5X1,5 M. AF_12/2020","M",1853.98,99241,null,1765.66,1853.98]
[null,99242,"BASE PARA POÇO DE VISITA CIRCULAR PARA DRENAGEM, EM ALVENARIA COM TIJOLOS CERÂMICOS MACIÇOS, DIÂMETRO INTERNO = 1,2 M, PROFUNDIDADE = 1,40 M, EXCLUINDO TAMPÃO. AF_12/2020_PA","UN",3183.43,99242,null,3059.47,3183.43]
[null,99243,"ACRÉSCIMO PARA POÇO DE VISITA CIRCULAR PARA DRENAGEM, EM ALVENARIA COM TIJOLOS CERÂMICOS MACIÇOS, DIÂMETRO INTERNO = 1,2 M. AF_12/2020","M",1678.6,99243,null,1595.41,1678.6]
[null,99244,"BASE PARA POÇO DE VISITA RETANGULAR PARA DRENAGEM, EM ALVENARIA COM BLOCOS DE CONCRETO, DIMENSÕES INTERNAS = 1,5X2 M, PROFUNDIDADE = 1,40 M, EXCLUINDO TAMPÃO. AF_12/2020_PA","UN",5281.23,99244,null,5092.1000000000004,5281.23]
[null,99246,"ACRÉSCIMO PARA POÇO DE VISITA CIRCULAR PARA DRENAGEM, EM CONCRETO PRÉ-MOLDADO, DIÂMETRO INTERNO = 1,5 M. AF_12/2020","M",993.46,99246,null,987.91,993.46]
[null,99247,"ACRÉSCIMO PARA POÇO DE VISITA RETANGULAR PARA DRENAGEM, EM ALVENARIA COM BLOCOS DE CONCRETO, DIMENSÕES INTERNAS = 1,5X2 M. AF_12/2020","M",2113.1,99247,null,2012.22,2113.1]
[null,99248,"BASE PARA POÇO DE VISITA CIRCULAR PARA DRENAGEM, EM ALVENARIA COM TIJOLOS CERÂMICOS MACIÇOS, DIÂMETRO INTERNO = 1,50 M, PROFUNDIDADE = 1,40 M, EXCLUINDO TAMPÃO. AF_12/2020_PA","UN",4105.9399999999996,99248,null,3952.6,4105.9399999999996]
[null,99249,"ACRÉSCIMO PARA POÇO DE VISITA CIRCULAR PARA DRENAGEM, EM ALVENARIA COM TIJOLOS CERÂMICOS MACIÇOS, DIÂMETRO INTERNO = 1,5 M. AF_12/2020","M",2047.85,99249,null,1945.42,2047.85]
[null,99252,"BASE PARA POÇO DE VISITA RETANGULAR PARA DRENAGEM, EM ALVENARIA COM BLOCOS DE CONCRETO, DIMENSÕES INTERNAS = 1X1 M, PROFUNDIDADE = 1,40 M, EXCLUINDO TAMPÃO. AF_12/2020_PA","UN",2743.44,99252,null,2638.13,2743.44]
[null,99254,"ACRÉSCIMO PARA POÇO DE VISITA RETANGULAR PARA DRENAGEM, EM ALVENARIA COM BLOCOS DE CONCRETO, DIMENSÕES INTERNAS = 1X1 M. AF_12/2020","M",1335.7,99254,null,1272.44,1335.7]
[null,99256,"BASE PARA POÇO DE VISITA RETANGULAR PARA DRENAGEM, EM ALVENARIA COM BLOCOS DE CONCRETO, DIMENSÕES INTERNAS = 1,5X2,5 M, PROFUNDIDADE = 1,40 M, EXCLUINDO TAMPÃO. AF_12/2020_PA","UN",6212.04,99256,null,5991.47,6212.04]
[null,99259,"BASE PARA POÇO DE VISITA RETANGULAR PARA DRENAGEM, EM ALVENARIA COM BLOCOS DE CONCRETO, DIMENSÕES INTERNAS = 1X1,5 M, PROFUNDIDADE = 1,40 M, EXCLUINDO TAMPÃO. AF_12/2020_PA","UN",3475.94,99259,null,3343.99,3475.94]
[null,99261,"ACRÉSCIMO PARA POÇO DE VISITA RETANGULAR PARA DRENAGEM, EM ALVENARIA COM BLOCOS DE CONCRETO, DIMENSÕES INTERNAS = 1X1,5 M. AF_12/2020","M",1594.81,99261,null,1519.01,1594.81]
[null,99263,"ACRÉSCIMO PARA POÇO DE VISITA RETANGULAR PARA DRENAGEM, EM ALVENARIA COM BLOCOS DE CONCRETO, DIMENSÕES INTERNAS = 1,5X2,5 M. AF_12/2020","M",2372.27,99263,null,2258.85,2372.27]
[null,99265,"BASE PARA POÇO DE VISITA RETANGULAR PARA DRENAGEM, EM ALVENARIA COM BLOCOS DE CONCRETO, DIMENSÕES INTERNAS = 1X2 M, PROFUNDIDADE = 1,40 M, EXCLUINDO TAMPÃO. AF_12/2020_PA","UN",4208.3500000000004,99265,null,4049.75,4208.3500000000004]
[null,99266,"ACRÉSCIMO PARA POÇO DE VISITA RETANGULAR PARA DRENAGEM, EM ALVENARIA COM BLOCOS DE CONCRETO, DIMENSÕES INTERNAS = 1X2 M. AF_12/2020","M",1853.98,99266,null,1765.66,1853.98]
[null,99267,"BASE PARA POÇO DE VISITA RETANGULAR PARA DRENAGEM, EM ALVENARIA COM BLOCOS DE CONCRETO, DIMENSÕES INTERNAS = 1X2,5 M, PROFUNDIDADE = 1,40 M, EXCLUINDO TAMPÃO. AF_12/2020_PA","UN",4940.83,99267,null,4755.6000000000004,4940.83]
[null,99268,"POÇO DE INSPEÇÃO CIRCULAR PARA DRENAGEM, EM CONCRETO PRÉ-MOLDADO, DIÂMETRO INTERNO = 0,60 M, PROFUNDIDADE = 0,90 M, EXCLUINDO TAMPÃO. AF_12/2020_PA","UN",512.85,99268,null,502.88,512.85]
[null,99269,"ACRÉSCIMO PARA POÇO DE VISITA RETANGULAR PARA DRENAGEM, EM ALVENARIA COM BLOCOS DE CONCRETO, DIMENSÕES INTERNAS = 1X2,5 M. AF_12/2020","M",2113.1,99269,null,2012.22,2113.1]
[null,99270,"POÇO DE INSPEÇÃO CIRCULAR PARA DRENAGEM, EM CONCRETO PRÉ-MOLDADO, DIÂMETRO INTERNO = 0,60 M, PROFUNDIDADE = 1,40 M, EXCLUINDO TAMPÃO. AF_12/2020_PA","UN",666.94,99270,null,655.91,666.94]
[null,99271,"BASE PARA POÇO DE VISITA RETANGULAR PARA DRENAGEM, EM ALVENARIA COM BLOCOS DE CONCRETO, DIMENSÕES INTERNAS = 1,5X3 M, PROFUNDIDADE = 1,40 M, EXCLUINDO TAMPÃO. AF_12/2020_PA","UN",7142.77,99271,null,6890.81,7142.77]
[null,99272,"POÇO DE INSPEÇÃO CIRCULAR PARA DRENAGEM, EM ALVENARIA COM TIJOLOS CERÂMICOS MACIÇOS, DIÂMETRO INTERNO = 0,60 M, PROFUNDIDADE = 0,95 M, EXCLUINDO TAMPÃO. AF_12/2020_PA","UN",1160.69,99272,null,1112.6199999999999,1160.69]
[null,99273,"POÇO DE INSPEÇÃO CIRCULAR PARA DRENAGEM, EM ALVENARIA COM TIJOLOS CERÂMICOS MACIÇOS, DIÂMETRO INTERNO = 0,60 M, PROFUNDIDADE = 1,45 M, EXCLUINDO TAMPÃO. AF_12/2020_PA","UN",1639.15,99273,null,1568.44,1639.15]
[null,99274,"BASE PARA POÇO DE VISITA RETANGULAR PARA DRENAGEM, EM ALVENARIA COM BLOCOS DE CONCRETO, DIMENSÕES INTERNAS = 1X3 M, PROFUNDIDADE = 1,40 M, EXCLUINDO TAMPÃO. AF_12/2020_PA","UN",5709.18,99274,null,5497.31,5709.18]
[null,99275,"BASE PARA POÇO DE VISITA CIRCULAR PARA DRENAGEM, EM CONCRETO PRÉ-MOLDADO, DIÂMETRO INTERNO = 0,80 M, PROFUNDIDADE = 1,35 M, EXCLUINDO TAMPÃO. AF_12/2020_PA","UN",1020,99275,null,994.81,1020]
[null,99276,"ACRÉSCIMO PARA POÇO DE VISITA RETANGULAR PARA DRENAGEM, EM ALVENARIA COM BLOCOS DE CONCRETO, DIMENSÕES INTERNAS = 1,5X3 M. AF_12/2020","M",2631.45,99276,null,2505.5,2631.45]
[null,99277,"ACRÉSCIMO PARA POÇO DE VISITA RETANGULAR PARA DRENAGEM, EM ALVENARIA COM BLOCOS DE CONCRETO, DIMENSÕES INTERNAS = 1X3 M. AF_12/2020","M",2372.27,99277,null,2258.85,2372.27]
[null,99278,"ACRÉSCIMO PARA POÇO DE VISITA CIRCULAR PARA DRENAGEM, EM CONCRETO PRÉ-MOLDADO, DIÂMETRO INTERNO = 0,8 M. AF_12/2020","M",410.56,99278,null,407.46,410.56]
[null,99279,"BASE PARA POÇO DE VISITA RETANGULAR PARA DRENAGEM, EM ALVENARIA COM BLOCOS DE CONCRETO, DIMENSÕES INTERNAS = 1X3,5 M, PROFUNDIDADE = 1,40 M, EXCLUINDO TAMPÃO. AF_12/2020_PA","UN",6446.18,99279,null,6207.66,6446.18]
[null,99280,"BASE PARA POÇO DE VISITA CIRCULAR PARA DRENAGEM, EM ALVENARIA COM TIJOLOS CERÂMICOS MACIÇOS, DIÂMETRO INTERNO = 0,80 M, PROFUNDIDADE = 1,40 M, EXCLUINDO TAMPÃO. AF_12/2020_PA","UN",2146.8200000000002,99280,null,2058.7199999999998,2146.8200000000002]
[null,99281,"ACRÉSCIMO PARA POÇO DE VISITA RETANGULAR PARA DRENAGEM, EM ALVENARIA COM BLOCOS DE CONCRETO, DIMENSÕES INTERNAS = 1X3,5 M. AF_12/2020","M",2631.45,99281,null,2505.5,2631.45]
[null,99282,"ACRÉSCIMO PARA POÇO DE VISITA RETANGULAR PARA DRENAGEM, EM ALVENARIA COM BLOCOS DE CONCRETO, DIMENSÕES INTERNAS = 2,5X2,5 M. AF_12/2020","M",2917.31,99282,null,2777.65,2917.31]
[null,99283,"ACRÉSCIMO PARA POÇO DE VISITA CIRCULAR PARA DRENAGEM, EM ALVENARIA COM TIJOLOS CERÂMICOS MACIÇOS, DIÂMETRO INTERNO = 0,8 M. AF_12/2020","M",1186.3800000000001,99283,null,1128.82,1186.3800000000001]
[null,99284,"BASE PARA POÇO DE VISITA RETANGULAR PARA DRENAGEM, EM ALVENARIA COM BLOCOS DE CONCRETO, DIMENSÕES INTERNAS = 1,5X3,5 M, PROFUNDIDADE = 1,40 M, EXCLUINDO TAMPÃO. AF_12/2020_PA","UN",8073.61,99284,null,7790.22,8073.61]
[null,99285,"BASE PARA POÇO DE VISITA CIRCULAR PARA DRENAGEM, EM CONCRETO PRÉ-MOLDADO, DIÂMETRO INTERNO = 1,0 M, PROFUNDIDADE = 1,35 M, EXCLUINDO TAMPÃO. AF_05/2018_PA","UN",1383.05,99285,null,1352.97,1383.05]
[null,99286,"BASE PARA POÇO DE VISITA RETANGULAR PARA DRENAGEM, EM ALVENARIA COM BLOCOS DE CONCRETO, DIMENSÕES INTERNAS = 1X4 M, PROFUNDIDADE = 1,40 M, EXCLUINDO TAMPÃO. AF_12/2020_PA","UN",7183.22,99286,null,6918.07,7183.22]
[null,99287,"BASE PARA POÇO DE VISITA RETANGULAR PARA DRENAGEM, EM ALVENARIA COM BLOCOS DE CONCRETO, DIMENSÕES INTERNAS = 2,5X3 M, PROFUNDIDADE = 1,40 M, EXCLUINDO TAMPÃO. AF_12/2020_PA","UN",10263.879999999999,99287,null,9927.59,10263.879999999999]
[null,99288,"ACRÉSCIMO PARA POÇO DE VISITA CIRCULAR PARA DRENAGEM, EM CONCRETO PRÉ-MOLDADO, DIÂMETRO INTERNO = 1 M. AF_12/2020","M",{"$f":"IF($K$2=$H$1,H1923,I1923)","v":543.02},{"$f":"IF(LEN($B1923)=7,CONCATENATE(MID($B1923,1,6),\"00\",RIGHT($B1923,1)),IF(LEN($B1923)=8,CONCATENATE(MID($B1923,1,6),\"0\",RIGHT($B1923,2)),$B1923))","v":99288},null,539.32000000000005,543.02]
[null,99289,"ACRÉSCIMO PARA POÇO DE VISITA RETANGULAR PARA DRENAGEM, EM ALVENARIA COM BLOCOS DE CONCRETO, DIMENSÕES INTERNAS = 1X4 M. AF_12/2020","M",2890.55,99289,null,2752.06,2890.55]
[null,99290,"BASE PARA POÇO DE VISITA RETANGULAR PARA DRENAGEM, EM ALVENARIA COM BLOCOS DE CONCRETO, DIMENSÕES INTERNAS = 1,5X1,5 M, PROFUNDIDADE = 1,40 M, EXCLUINDO TAMPÃO. AF_12/2020_PA","UN",4321.9799999999996,99290,null,4164.28,4321.9799999999996]
[null,99291,"ACRÉSCIMO PARA POÇO DE VISITA RETANGULAR PARA DRENAGEM, EM ALVENARIA COM BLOCOS DE CONCRETO, DIMENSÕES INTERNAS = 1,5X3,5 M. AF_12/2020","M",2890.55,99291,null,2752.06,2890.55]
[null,99292,"BASE PARA POÇO DE VISITA CIRCULAR PARA DRENAGEM, EM ALVENARIA COM TIJOLOS CERÂMICOS MACIÇOS, DIÂMETRO INTERNO = 1,0 M, PROFUNDIDADE = 1,40 M, EXCLUINDO TAMPÃO. AF_12/2020_PA","UN",2662.63,99292,null,2556.0300000000002,2662.63]
[null,99293,"ACRÉSCIMO PARA POÇO DE VISITA CIRCULAR PARA DRENAGEM, EM ALVENARIA COM TIJOLOS CERÂMICOS MACIÇOS, DIÂMETRO INTERNO = 1 M. AF_12/2020","M",1432.52,99293,null,1362.14,1432.52]
[null,99294,"BASE PARA POÇO DE VISITA RETANGULAR PARA DRENAGEM, EM ALVENARIA COM BLOCOS DE CONCRETO, DIMENSÕES INTERNAS = 1,5X4 M, PROFUNDIDADE = 1,40 M, EXCLUINDO TAMPÃO. AF_12/2020_PA","UN",9004.35,99294,null,8689.56,9004.35]
[null,99296,"ACRÉSCIMO PARA POÇO DE VISITA RETANGULAR PARA DRENAGEM, EM ALVENARIA COM BLOCOS DE CONCRETO, DIMENSÕES INTERNAS = 2,5X3 M. AF_12/2020","M",3176.43,99296,null,3024.22,3176.43]
[null,99297,"ACRÉSCIMO PARA POÇO DE VISITA RETANGULAR PARA DRENAGEM, EM ALVENARIA COM BLOCOS DE CONCRETO, DIMENSÕES INTERNAS = 1,5X4 M. AF_12/2020","M",3171.81,99297,null,3019.8,3171.81]
[null,99298,"BASE PARA POÇO DE VISITA RETANGULAR PARA DRENAGEM, EM ALVENARIA COM BLOCOS DE CONCRETO, DIMENSÕES INTERNAS = 2,5X3,5 M, PROFUNDIDADE = 1,40 M, EXCLUINDO TAMPÃO. AF_12/2020_PA","UN",11618.72,99298,null,11241.37,11618.72]
[null,99299,"ACRÉSCIMO PARA POÇO DE VISITA RETANGULAR PARA DRENAGEM, EM ALVENARIA COM BLOCOS DE CONCRETO, DIMENSÕES INTERNAS = 2,5X3,5 M. AF_12/2020","M",3435.48,99299,null,3270.74,3435.48]
[null,99300,"BASE PARA POÇO DE VISITA RETANGULAR PARA DRENAGEM, EM ALVENARIA COM BLOCOS DE CONCRETO, DIMENSÕES INTERNAS = 2,5X4 M, PROFUNDIDADE = 1,40 M, EXCLUINDO TAMPÃO. AF_12/2020_PA","UN",12973.57,99300,null,12555.2,12973.57]
[null,99301,"BASE PARA POÇO DE VISITA RETANGULAR PARA DRENAGEM, EM ALVENARIA COM BLOCOS DE CONCRETO, DIMENSÕES INTERNAS = 2X2 M, PROFUNDIDADE = 1,40 M, EXCLUINDO TAMPÃO. AF_12/2020_PA","UN",6393.7,99301,null,6167.94,6393.7]
[null,99302,"ACRÉSCIMO PARA POÇO DE VISITA RETANGULAR PARA DRENAGEM, EM ALVENARIA COM BLOCOS DE CONCRETO, DIMENSÕES INTERNAS = 2,5X4 M. AF_12/2020","M",3699.21,99302,null,3521.74,3699.21]
[null,99303,"BASE PARA POÇO DE VISITA RETANGULAR PARA DRENAGEM, EM ALVENARIA COM BLOCOS DE CONCRETO, DIMENSÕES INTERNAS = 3X3 M, PROFUNDIDADE = 1,40 M, EXCLUINDO TAMPÃO. AF_12/2020_PA","UN",11873.94,99303,null,11491.76,11873.94]
[null,99304,"ACRÉSCIMO PARA POÇO DE VISITA RETANGULAR PARA DRENAGEM, EM ALVENARIA COM BLOCOS DE CONCRETO, DIMENSÕES INTERNAS = 3X3 M. AF_12/2020","M",3440.1,99304,null,3275.16,3440.1]
[null,99305,"BASE PARA POÇO DE VISITA RETANGULAR PARA DRENAGEM, EM ALVENARIA COM BLOCOS DE CONCRETO, DIMENSÕES INTERNAS = 3X3,5 M, PROFUNDIDADE = 1,40 M, EXCLUINDO TAMPÃO. AF_12/2020_PA","UN",13435.04,99305,null,13007.06,13435.04]
[null,99306,"ACRÉSCIMO PARA POÇO DE VISITA RETANGULAR PARA DRENAGEM, EM ALVENARIA COM BLOCOS DE CONCRETO, DIMENSÕES INTERNAS = 3X3,5 M. AF_12/2020","M",3699.21,99306,null,3521.74,3699.21]
[null,99307,"ACRÉSCIMO PARA POÇO DE VISITA RETANGULAR PARA DRENAGEM, EM ALVENARIA COM BLOCOS DE CONCRETO, DIMENSÕES INTERNAS = 2X2 M. AF_12/2020","M",2394.41,99307,null,2280.02,2394.41]
[null,99308,"BASE PARA POÇO DE VISITA RETANGULAR PARA DRENAGEM, EM ALVENARIA COM BLOCOS DE CONCRETO, DIMENSÕES INTERNAS = 3X4 M, PROFUNDIDADE = 1,40 M, EXCLUINDO TAMPÃO. AF_12/2020_PA","UN",14996.21,99308,null,14522.39,14996.21]
[null,99309,"ACRÉSCIMO PARA POÇO DE VISITA RETANGULAR PARA DRENAGEM, EM ALVENARIA COM BLOCOS DE CONCRETO, DIMENSÕES INTERNAS = 3X4 M. AF_12/2020","M",3963.01,99309,null,3772.78,3963.01]
[null,99310,"BASE PARA POÇO DE VISITA RETANGULAR PARA DRENAGEM, EM ALVENARIA COM BLOCOS DE CONCRETO, DIMENSÕES INTERNAS = 3,5X3,5 M, PROFUNDIDADE = 1,40 M, EXCLUINDO TAMPÃO. AF_12/2020_PA","UN",15251.49,99310,null,14772.82,15251.49]
[null,99311,"ACRÉSCIMO PARA POÇO DE VISITA RETANGULAR PARA DRENAGEM, EM ALVENARIA COM BLOCOS DE CONCRETO, DIMENSÕES INTERNAS = 3,5X3,5 M. AF_12/2020","M",3963.01,99311,null,3772.78,3963.01]
[null,99312,"BASE PARA POÇO DE VISITA RETANGULAR PARA DRENAGEM, EM ALVENARIA COM BLOCOS DE CONCRETO, DIMENSÕES INTERNAS = 2X2,5 M, PROFUNDIDADE = 1,40 M, EXCLUINDO TAMPÃO. AF_12/2020_PA","UN",7504.61,99312,null,7242.68,7504.61]
[null,99313,"BASE PARA POÇO DE VISITA RETANGULAR PARA DRENAGEM, EM ALVENARIA COM BLOCOS DE CONCRETO, DIMENSÕES INTERNAS = 3,5X4 M, PROFUNDIDADE = 1,40 M, EXCLUINDO TAMPÃO. AF_12/2020_PA","UN",17018.71,99313,null,16489.490000000002,17018.71]
[null,99314,"ACRÉSCIMO PARA POÇO DE VISITA RETANGULAR PARA DRENAGEM, EM ALVENARIA COM BLOCOS DE CONCRETO, DIMENSÕES INTERNAS = 3,5X4 M. AF_12/2020","M",4226.7299999999996,99314,null,4023.77,4226.7299999999996]
[null,99315,"BASE PARA POÇO DE VISITA RETANGULAR PARA DRENAGEM, EM ALVENARIA COM BLOCOS DE CONCRETO, DIMENSÕES INTERNAS = 4X4 M, PROFUNDIDADE = 1,40 M, EXCLUINDO TAMPÃO. AF_12/2020_PA","UN",19041.400000000001,99315,null,18456.7,19041.400000000001]
[null,99317,"ACRÉSCIMO PARA POÇO DE VISITA RETANGULAR PARA DRENAGEM, EM ALVENARIA COM BLOCOS DE CONCRETO, DIMENSÕES INTERNAS = 2X2,5 M. AF_12/2020","M",2653.52,99317,null,2526.61,2653.52]
[null,99318,"CHAMINÉ CIRCULAR PARA POÇO DE VISITA PARA DRENAGEM, EM CONCRETO PRÉ-MOLDADO, DIÂMETRO INTERNO = 0,6 M. AF_12/2020","M",301.23,99318,null,299.33999999999997,301.23]
[null,99319,"CHAMINÉ CIRCULAR PARA POÇO DE VISITA PARA DRENAGEM, EM ALVENARIA COM TIJOLOS CERÂMICOS MACIÇOS, DIÂMETRO INTERNO = 0,6 M. AF_12/2020","M",948.4,99319,null,903.3,948.4]
[null,99320,"BASE PARA POÇO DE VISITA RETANGULAR PARA DRENAGEM, EM ALVENARIA COM BLOCOS DE CONCRETO, DIMENSÕES INTERNAS = 2X3 M, PROFUNDIDADE = 1,40 M, EXCLUINDO TAMPÃO. AF_12/2020_PA","UN",8678.4699999999993,99320,null,8380.36,8678.4699999999993]
[null,99321,"ACRÉSCIMO PARA POÇO DE VISITA RETANGULAR PARA DRENAGEM, EM ALVENARIA COM BLOCOS DE CONCRETO, DIMENSÕES INTERNAS = 2X3 M. AF_12/2020","M",2912.69,99321,null,2773.23,2912.69]
[null,99322,"BASE PARA POÇO DE VISITA RETANGULAR PARA DRENAGEM, EM ALVENARIA COM BLOCOS DE CONCRETO, DIMENSÕES INTERNAS = 2X3,5 M, PROFUNDIDADE = 1,40 M, EXCLUINDO TAMPÃO. AF_12/2020_PA","UN",9797.31,99322,null,9463.0499999999993,9797.31]
[null,99323,"ACRÉSCIMO PARA POÇO DE VISITA RETANGULAR PARA DRENAGEM, EM ALVENARIA COM BLOCOS DE CONCRETO, DIMENSÕES INTERNAS = 2X3,5 M. AF_12/2020","M",3171.81,99323,null,3019.8,3171.81]
[null,99324,"BASE PARA POÇO DE VISITA RETANGULAR PARA DRENAGEM, EM ALVENARIA COM BLOCOS DE CONCRETO, DIMENSÕES INTERNAS = 2X4 M, PROFUNDIDADE = 1,40 M, EXCLUINDO TAMPÃO. AF_12/2020_PA","UN",10916.2,99324,null,10545.75,10916.2]
[null,99325,"ACRÉSCIMO PARA POÇO DE VISITA RETANGULAR PARA DRENAGEM, EM ALVENARIA COM BLOCOS DE CONCRETO, DIMENSÕES INTERNAS = 2X4 M. AF_12/2020","M",3435.48,99325,null,3270.74,3435.48]
[null,99326,"BASE PARA POÇO DE VISITA RETANGULAR PARA DRENAGEM, EM ALVENARIA COM BLOCOS DE CONCRETO, DIMENSÕES INTERNAS = 2,5X2,5 M, PROFUNDIDADE = 1,40 M, EXCLUINDO TAMPÃO. AF_12/2020_PA","UN",8909.0499999999993,99326,null,8613.7900000000009,8909.0499999999993]
[null,99327,"ACRÉSCIMO PARA POÇO DE VISITA RETANGULAR PARA DRENAGEM, EM ALVENARIA COM BLOCOS DE CONCRETO, DIMENSÕES INTERNAS = 4X4 M. AF_12/2020","M",4445.37,99327,null,4231.6499999999996,4445.37]
[null,101800,"CAIXA COM GRELHA RETANGULAR DE FERRO FUNDIDO, EM ALVENARIA COM TIJOLOS CERÂMICOS MACIÇOS, DIMENSÕES INTERNAS: 0,30 X 1,00 X 1,00. AF_12/2020","UN",1448.59,101800,null,1400.28,1448.59]
[null,101801,"CAIXA COM GRELHA RETANGULAR DE FERRO FUNDIDO, EM ALVENARIA COM BLOCOS DE CONCRETO, DIMENSÕES INTERNAS: 0,30 X 1,00 X 1,00. AF_12/2020","UN",988.02,101801,null,957.93,988.02]
[null,101806,"CAIXA ENTERRADA DISTRIBUIDORA DE VAZÃO (SUMIDOUROS MÚLTIPLOS), RETANGULAR, EM ALVENARIA COM TIJOLOS MACIÇOS, DIMENSÕES INTERNAS: 0,60 X 0,60 X H=0,50 M. AF_12/2020","UN",562.99,101806,null,532.62,562.99]
[null,101807,"CAIXA ENTERRADA DISTRIBUIDORA DE VAZÃO (SUMIDOUROS MÚLTIPLOS), RETANGULAR, EM ALVENARIA COM BLOCOS DE CONCRETO, DIMENSÕES INTERNAS: 0,60 X 0,60 X H=0,50 M. AF_12/2020","UN",512.27,101807,null,484.71,512.27]
[null,101808,"CAIXA ENTERRADA DISTRIBUIDORA DE VAZÃO (SUMIDOUROS MÚLTIPLOS), RETANGULAR, EM CONCRETO PRÉ-MOLDADO, DIMENSÕES INTERNAS: 0,60 X 0,60 X H=0,50 M. AF_12/2020","UN",569.16,101808,null,562.48,569.16]
[null,101809,"BASE PARA POCO DE VISITA RETANGULAR PARA ESGOTO E DRENAGEM, EM CONCRETO ESTRUTURAL, DIMENSÕES INTERNAS DE 90X150 M, PROFUNDIDADE DE 1,25 M, EXCLUINDO TAMPÃO. AF_12/2020_PA","UN",3166.17,101809,null,3057.73,3166.17]
[null,102139,"BASE PARA POÇO DE VISITA CIRCULAR PARA  ESGOTO, EM CONCRETO PRÉ-MOLDADO, DIÂMETRO INTERNO = 1,20 M, PROFUNDIDADE = 1,60 M, EXCLUINDO TAMPÃO. AF_12/2020_PA","UN",1850.12,102139,null,1816.15,1850.12]
[null,102141,"BASE PARA POÇO DE VISITA CIRCULAR PARA  ESGOTO, EM CONCRETO PRÉ-MOLDADO, DIÂMETRO INTERNO = 1,50 M, PROFUNDIDADE = 1,35 M, EXCLUINDO TAMPÃO. AF_12/2020_PA","UN",2870.55,102141,null,2821.71,2870.55]
[null,102142,"BASE PARA POÇO DE VISITA CIRCULAR PARA DRENAGEM, EM CONCRETO PRÉ-MOLDADO, DIÂMETRO INTERNO = 1,50 M, PROFUNDIDADE = 1,35 M, EXCLUINDO TAMPÃO. AF_12/2020_PA","UN",2830.02,102142,null,2781.34,2830.02]
[null,102457,"BASE PARA POÇO DE VISITA CIRCULAR PARA DRENAGEM, EM CONCRETO PRÉ-MOLDADO, DIÂMETRO INTERNO = 1,20 M, PROFUNDIDADE = 1,60 M, EXCLUINDO TAMPÃO. AF_05/2021_PA","UN",1765.06,102457,null,1733.14,1765.06]
[null,94263,"GUIA (MEIO-FIO) CONCRETO, MOLDADA  IN LOCO  EM TRECHO RETO COM EXTRUSORA, 13 CM BASE X 22 CM ALTURA. AF_01/2024","M",39.51,94263,null,37.94,39.51]
[null,94264,"GUIA (MEIO-FIO) CONCRETO, MOLDADA  IN LOCO  EM TRECHO CURVO COM EXTRUSORA, 13 CM BASE X 22 CM ALTURA. AF_01/2024","M",43.8,94264,null,41.84,43.8]
[null,94265,"GUIA (MEIO-FIO) CONCRETO, MOLDADA  IN LOCO  EM TRECHO RETO COM EXTRUSORA, 15 CM BASE X 30 CM ALTURA. AF_01/2024","M",56.17,94265,null,54.48,56.17]
[null,94266,"GUIA (MEIO-FIO) CONCRETO, MOLDADA  IN LOCO  EM TRECHO CURVO COM EXTRUSORA, 15 CM BASE X 30 CM ALTURA. AF_01/2024","M",61.07,94266,null,58.93,61.07]
[null,94267,"GUIA (MEIO-FIO) E SARJETA CONJUGADOS DE CONCRETO, MOLDADA  IN LOCO  EM TRECHO RETO COM EXTRUSORA, 45 CM BASE (15 CM BASE DA GUIA + 30 CM BASE DA SARJETA) X 22 CM ALTURA. AF_01/2024","M",68.58,94267,null,66.790000000000006,68.58]
[null,94268,"GUIA (MEIO-FIO) E SARJETA CONJUGADOS DE CONCRETO, MOLDADA  IN LOCO  EM TRECHO CURVO COM EXTRUSORA, 45 CM BASE (15 CM BASE DA GUIA + 30 CM BASE DA SARJETA) X 22 CM ALTURA. AF_01/2024","M",73.98,94268,null,71.7,73.98]
[null,94269,"GUIA (MEIO-FIO) E SARJETA CONJUGADOS DE CONCRETO, MOLDADA  IN LOCO  EM TRECHO RETO COM EXTRUSORA, 60 CM BASE (15 CM BASE DA GUIA + 45 CM BASE DA SARJETA) X 26 CM ALTURA. AF_01/2024","M",100.59,94269,null,98.41,100.59]
[null,94270,"GUIA (MEIO-FIO) E SARJETA CONJUGADOS DE CONCRETO, MOLDADA IN LOCO  EM TRECHO CURVO COM EXTRUSORA, 60 CM BASE (15 CM BASE DA GUIA + 45 CM BASE DA SARJETA) X 26 CM ALTURA. AF_01/2024","M",108.1,94270,null,105.23,108.1]
[null,94271,"GUIA (MEIO-FIO) E SARJETA CONJUGADOS DE CONCRETO, MOLDADA  IN LOCO  EM TRECHO RETO COM EXTRUSORA, 65 CM BASE (15 CM BASE DA GUIA + 50 CM BASE DA SARJETA) X 26 CM ALTURA. AF_01/2024","M",123.05,94271,null,120.41,123.05]
[null,94272,"GUIA (MEIO-FIO) E SARJETA CONJUGADOS DE CONCRETO, MOLDADA  IN LOCO  EM TRECHO CURVO COM EXTRUSORA, 65 CM BASE (15 CM BASE DA GUIA + 50 CM BASE DA SARJETA) X 26 CM ALTURA. AF_01/2024","M",133.07,94272,null,129.52000000000001,133.07]
[null,94273,"ASSENTAMENTO DE GUIA (MEIO-FIO) EM TRECHO RETO, CONFECCIONADA EM CONCRETO PRÉ-FABRICADO, DIMENSÕES 100X15X13X30 CM (COMPRIMENTO X BASE INFERIOR X BASE SUPERIOR X ALTURA). AF_01/2024","M",57.69,94273,null,56.59,57.69]
[null,94274,"ASSENTAMENTO DE GUIA (MEIO-FIO) EM TRECHO CURVO, CONFECCIONADA EM CONCRETO PRÉ-FABRICADO, DIMENSÕES 100X15X13X30 CM (COMPRIMENTO X BASE INFERIOR X BASE SUPERIOR X ALTURA). AF_01/2024","M",60.28,94274,null,58.92,60.28]
[null,94275,"ASSENTAMENTO DE GUIA (MEIO-FIO) EM TRECHO RETO, CONFECCIONADA EM CONCRETO PRÉ-FABRICADO, DIMENSÕES 100X15X13X20 CM (COMPRIMENTO X BASE INFERIOR X BASE SUPERIOR X ALTURA). AF_01/2024","M",52.33,94275,null,51.3,52.33]
[null,94276,"ASSENTAMENTO DE GUIA (MEIO-FIO) EM TRECHO CURVO, CONFECCIONADA EM CONCRETO PRÉ-FABRICADO, DIMENSÕES 100X15X13X20 CM (COMPRIMENTO X BASE INFERIOR X BASE SUPERIOR X ALTURA). AF_01/2024","M",54.91,94276,null,53.63,54.91]
[null,94277,"ASSENTAMENTO DE GUIA (MEIO-FIO) EM TRECHO RETO, CONFECCIONADA EM CONCRETO PRÉ-FABRICADO, DIMENSÕES 80X08X08X25 CM (COMPRIMENTO X BASE INFERIOR X BASE SUPERIOR X ALTURA). AF_01/2024","M",45.78,94277,null,44.82,45.78]
[null,94278,"ASSENTAMENTO DE GUIA (MEIO-FIO) EM TRECHO CURVO, CONFECCIONADA EM CONCRETO PRÉ-FABRICADO, DIMENSÕES 80X08X08X25 CM (COMPRIMENTO X BASE INFERIOR X BASE SUPERIOR X ALTURA). AF_01/2024","M",48.37,94278,null,47.15,48.37]
[null,94279,"ASSENTAMENTO DE GUIA (MEIO-FIO) EM TRECHO RETO, CONFECCIONADA EM CONCRETO PRÉ-FABRICADO, DIMENSÕES 39X6,5X6,5X19 CM (COMPRIMENTO X BASE INFERIOR X BASE SUPERIOR X ALTURA), PARA DELIMITAÇÃO DE JARDINS, PRAÇAS OU PASSEIOS. AF_01/2024","M",{"$f":"IF($K$2=$H$1,H1987,I1987)","v":56.33},{"$f":"IF(LEN($B1987)=7,CONCATENATE(MID($B1987,1,6),\"00\",RIGHT($B1987,1)),IF(LEN($B1987)=8,CONCATENATE(MID($B1987,1,6),\"0\",RIGHT($B1987,2)),$B1987))","v":94279},null,55.43,56.33]
[null,94280,"ASSENTAMENTO DE GUIA (MEIO-FIO) EM TRECHO CURVO, CONFECCIONADA EM CONCRETO PRÉ-FABRICADO, DIMENSÕES 39X6,5X6,5X19 CM (COMPRIMENTO X BASE INFERIOR X BASE SUPERIOR X ALTURA), PARA DELIMITAÇÃO DE JARDINS, PRAÇAS OU PASSEIOS. AF_01/2024","M",58.92,94280,null,57.75,58.92]
[null,94281,"EXECUÇÃO DE SARJETA DE CONCRETO USINADO, MOLDADA  IN LOCO  EM TRECHO RETO, 30 CM BASE X 15 CM ALTURA. AF_01/2024","M",54.68,94281,null,53.51,54.68]
[null,94282,"EXECUÇÃO DE SARJETA DE CONCRETO USINADO, MOLDADA  IN LOCO  EM TRECHO CURVO, 30 CM BASE X 15 CM ALTURA. AF_01/2024","M",61.51,94282,null,59.65,61.51]
[null,94283,"EXECUÇÃO DE SARJETA DE CONCRETO USINADO, MOLDADA  IN LOCO  EM TRECHO RETO, 45 CM BASE X 15 CM ALTURA. AF_01/2024","M",75.98,94283,null,74.69,75.98]
[null,94284,"EXECUÇÃO DE SARJETA DE CONCRETO USINADO, MOLDADA  IN LOCO  EM TRECHO CURVO, 45 CM BASE X 15 CM ALTURA. AF_01/2024","M",82.81,94284,null,80.84,82.81]
[null,94285,"EXECUÇÃO DE SARJETA DE CONCRETO USINADO, MOLDADA  IN LOCO  EM TRECHO RETO, 60 CM BASE X 15 CM ALTURA. AF_01/2024","M",99.4,94285,null,97.76,99.4]
[null,94286,"EXECUÇÃO DE SARJETA DE CONCRETO USINADO, MOLDADA  IN LOCO  EM TRECHO CURVO, 60 CM BASE X 15 CM ALTURA. AF_01/2024","M",106.25,94286,null,103.91,106.25]
[null,94287,"EXECUÇÃO DE SARJETA DE CONCRETO USINADO, MOLDADA  IN LOCO  EM TRECHO RETO, 30 CM BASE X 10 CM ALTURA. AF_01/2024","M",40.200000000000003,94287,null,39.119999999999997,40.200000000000003]
[null,94288,"EXECUÇÃO DE SARJETA DE CONCRETO USINADO, MOLDADA  IN LOCO  EM TRECHO CURVO, 30 CM BASE X 10 CM ALTURA. AF_01/2024","M",46.29,94288,null,44.59,46.29]
[null,94289,"EXECUÇÃO DE SARJETA DE CONCRETO USINADO, MOLDADA  IN LOCO  EM TRECHO RETO, 45 CM BASE X 10 CM ALTURA. AF_01/2024","M",53.95,94289,null,52.85,53.95]
[null,94290,"EXECUÇÃO DE SARJETA DE CONCRETO USINADO, MOLDADA  IN LOCO  EM TRECHO CURVO, 45 CM BASE X 10 CM ALTURA. AF_01/2024","M",60.04,94290,null,58.32,60.04]
[null,94291,"EXECUÇÃO DE SARJETA DE CONCRETO USINADO, MOLDADA  IN LOCO  EM TRECHO RETO, 60 CM BASE X 10 CM ALTURA. AF_01/2024","M",68.2,94291,null,67.02,68.2]
[null,94292,"EXECUÇÃO DE SARJETA DE CONCRETO USINADO, MOLDADA  IN LOCO  EM TRECHO CURVO, 60 CM BASE X 10 CM ALTURA. AF_01/2024","M",74.28,94292,null,72.489999999999995,74.28]
[null,94293,"EXECUÇÃO DE SARJETÃO DE CONCRETO USINADO, MOLDADA  IN LOCO  EM TRECHO RETO, 100 CM BASE X 20 CM ALTURA. AF_01/2024","M",223.2,94293,null,219.61,223.2]
[null,94294,"EXECUÇÃO DE ESCORAS DE CONCRETO PARA CONTENÇÃO DE GUIAS PRÉ-FABRICADAS. AF_01/2024","M",9.42,94294,null,9.19,9.42]
[null,104491,"ADUELA/ GALERIA FECHADA PRE-MOLDADA DE CONCRETO ARMADO, SECAO QUADRANGULAR INTERNA DE 1,50 X 1,50 M (L X A), MISULA DE 20 X 20 CM, C = 1,00 M, ESPESSURA MIN = 15 CM, TB-45 E FCK DO CONCRETO = 30 MPA   FORNECIMENTO E ASSENTAMENTO. AF_01/2023","M",4177.76,104491,null,4171.2700000000004,4177.76]
[null,104492,"ADUELA/ GALERIA FECHADA PRE-MOLDADA DE CONCRETO ARMADO, SECAO QUADRANGULAR INTERNA DE 2,00 X 2,00 M (L X A), MISULA DE 20 X 20 CM, C = 1,00 M, ESPESSURA MIN = 15 CM, TB-45 E FCK DO CONCRETO = 30 MPA   FORNECIMENTO E ASSENTAMENTO. AF_01/2023","M",5224.8100000000004,104492,null,5216.83,5224.8100000000004]
[null,104494,"ADUELA/ GALERIA FECHADA PRE-MOLDADA DE CONCRETO ARMADO, SECAO QUADRANGULAR INTERNA DE 2,50 X 2,50 M (L X A), MISULA DE 20 X 20 CM, C = 1,00 M, ESPESSURA MIN = 15 CM, TB-45 E FCK DO CONCRETO = 30 MPA   FORNECIMENTO E ASSENTAMENTO. AF_01/2023","M",7060.54,104494,null,7051.12,7060.54]
[null,104497,"ADUELA/ GALERIA FECHADA PRE-MOLDADA DE CONCRETO ARMADO, SECAO QUADRANGULAR INTERNA DE 3,00 X 3,00 M (L X A), MISULA DE 20 X 20 CM, C = 1,00 M, ESPESSURA MIN = 20 CM, TB-45 E FCK DO CONCRETO = 30 MPA   FORNECIMENTO E ASSENTAMENTO. AF_01/2023","M",8460.9699999999993,104497,null,8448.83,8460.9699999999993]
[null,104515,"APLICAÇÃO DE MANTA GEOTÊXTIL NAS JUNTAS RÍGIDAS DE ADUELAS PRÉ-MOLDADAS DE CONCRETO ARMADO. AF_01/2023","M2",25.69,104515,null,25.65,25.69]
[null,102727,"FABRICAÇÃO, MONTAGEM E DESMONTAGEM DE FÔRMA PARA BOCA PARA BUEIRO, EM CHAPA DE MADEIRA COMPENSADA RESINADA, E = 17 MM, 2 UTILIZAÇÕES. AF_07/2021","M2",114.59,102727,null,110.26,114.59]
[null,102728,"ARMAÇÃO DE MURO ALA E MURO TESTA UTILIZANDO AÇO CA-50 DE 6,3 MM - MONTAGEM. AF_07/2021","KG",15.4,102728,null,14.95,15.4]
[null,102729,"ARMAÇÃO DE MURO ALA E MURO TESTA UTILIZANDO AÇO CA-50 DE 8 MM - MONTAGEM. AF_07/2021","KG",14.48,102729,null,14.16,14.48]
[null,102730,"ARMAÇÃO DE MURO ALA E MURO TESTA UTILIZANDO AÇO CA-50 DE 10 MM - MONTAGEM. AF_07/2021","KG",12.95,102730,null,12.73,12.95]
[null,102731,"ARMAÇÃO DE MURO ALA E MURO TESTA UTILIZANDO AÇO CA-50 DE 12,5 MM - MONTAGEM. AF_07/2021","KG",10.92,102731,null,10.75,10.92]
[null,102732,"ARMAÇÃO DE MURO ALA E MURO TESTA UTILIZANDO AÇO CA-50 DE 16 MM - MONTAGEM. AF_07/2021","KG",10.35,102732,null,10.24,10.35]
[null,102733,"ARMAÇÃO DE MURO ALA E MURO TESTA UTILIZANDO AÇO CA-50 DE 20 MM - MONTAGEM. AF_07/2021","KG",11.59,102733,null,11.51,11.59]
[null,102734,"ARMAÇÃO DE SOLEIRA UTILIZANDO AÇO CA-50 DE 6,3 MM - MONTAGEM. AF_07/2021","KG",14.55,102734,null,14.21,14.55]
[null,102735,"ARMAÇÃO DE SOLEIRA UTILIZANDO AÇO CA-50 DE 8 MM - MONTAGEM. AF_07/2021","KG",13.73,102735,null,13.5,13.73]
[null,102736,"CONCRETAGEM DE BOCA PARA BUEIRO, FCK = 20 MPA, COM USO DE BOMBA - LANÇAMENTO, ADENSAMENTO E ACABAMENTO. AF_07/2021","M3",861.77,102736,null,857.43,861.77]
[null,102737,"BOCA PARA BUEIRO SIMPLES TUBULAR D = 40 CM EM CONCRETO, ALAS COM ESCONSIDADE DE 0°, INCLUINDO FÔRMAS E MATERIAIS. AF_07/2021","UN",1268.48,102737,null,1238.48,1268.48]
[null,102738,"BOCA PARA BUEIRO SIMPLES TUBULAR D = 60 CM EM CONCRETO, ALAS COM ESCONSIDADE DE 0°, INCLUINDO FÔRMAS E MATERIAIS. AF_07/2021","UN",2596.75,102738,null,2537.98,2596.75]
[null,102739,"BOCA PARA BUEIRO SIMPLES TUBULAR D = 80 CM EM CONCRETO, ALAS COM ESCONSIDADE DE 0°, INCLUINDO FÔRMAS E MATERIAIS. AF_07/2021","UN",4345.8599999999997,102739,null,4249.82,4345.8599999999997]
[null,102740,"BOCA PARA BUEIRO SIMPLES TUBULAR D = 100 CM EM CONCRETO, ALAS COM ESCONSIDADE DE 0°, INCLUINDO FÔRMAS E MATERIAIS. AF_07/2021","UN",6511.21,102740,null,6370.61,6511.21]
[null,102741,"BOCA PARA BUEIRO SIMPLES TUBULAR D = 120 CM EM CONCRETO, ALAS COM ESCONSIDADE DE 0°, INCLUINDO FÔRMAS E MATERIAIS. AF_07/2021","UN",9136.07,102741,null,8943.19,9136.07]
[null,102742,"BOCA PARA BUEIRO SIMPLES TUBULAR D = 150 CM EM CONCRETO, ALAS COM ESCONSIDADE DE 0°, INCLUINDO FÔRMAS E MATERIAIS. AF_07/2021","UN",15815.67,102742,null,15489.68,15815.67]
[null,102743,"BOCA PARA BUEIRO DUPLO TUBULAR D = 80 CM EM CONCRETO, ALAS COM ESCONSIDADE DE 0°, INCLUINDO FÔRMAS E MATERIAIS. AF_07/2021","UN",5277.24,102743,null,5161.2700000000004,5277.24]
[null,102744,"BOCA PARA BUEIRO DUPLO TUBULAR D = 100 CM EM CONCRETO, ALAS COM ESCONSIDADE DE 0°, INCLUINDO FÔRMAS E MATERIAIS. AF_07/2021","UN",7901.6,102744,null,7732.12,7901.6]
[null,102745,"BOCA PARA BUEIRO DUPLO TUBULAR D = 120 CM EM CONCRETO, ALAS COM ESCONSIDADE DE 0°, INCLUINDO FÔRMAS E MATERIAIS. AF_07/2021","UN",11101.56,102745,null,10868.99,11101.56]
[null,102746,"BOCA PARA BUEIRO DUPLO TUBULAR D = 150 CM EM CONCRETO, ALAS COM ESCONSIDADE DE 0°, INCLUINDO FÔRMAS E MATERIAIS. AF_07/2021","UN",19241.189999999999,102746,null,18848.259999999998,19241.189999999999]
[null,102747,"BOCA PARA BUEIRO TRIPLO TUBULAR D = 100 CM EM CONCRETO, ALAS COM ESCONSIDADE DE 0°, INCLUINDO FÔRMAS E MATERIAIS. AF_07/2021","UN",9818.4599999999991,102747,null,9610.59,9818.4599999999991]
[null,102748,"BOCA PARA BUEIRO TRIPLO TUBULAR D = 120 CM EM CONCRETO, ALAS COM ESCONSIDADE DE 0°, INCLUINDO FÔRMAS E MATERIAIS. AF_07/2021","UN",13734.91,102748,null,13450.61,13734.91]
[null,102749,"BOCA PARA BUEIRO TRIPLO TUBULAR D = 150 CM EM CONCRETO, ALAS COM ESCONSIDADE DE 0°, INCLUINDO FÔRMAS E MATERIAIS. AF_07/2021","UN",23577.39,102749,null,23101.72,23577.39]
[null,102750,"BOCA PARA BUEIRO SIMPLES TUBULAR D = 60 CM EM CONCRETO, ALAS COM ESCONSIDADE DE 30°, INCLUINDO FÔRMAS E MATERIAIS. AF_07/2021","UN",3165.82,102750,null,3095.37,3165.82]
[null,102751,"BOCA PARA BUEIRO SIMPLES TUBULAR D = 80 CM EM CONCRETO, ALAS COM ESCONSIDADE DE 30°, INCLUINDO FÔRMAS E MATERIAIS. AF_07/2021","UN",5496.81,102751,null,5379.68,5496.81]
[null,102752,"BOCA PARA BUEIRO SIMPLES TUBULAR D = 100 CM EM CONCRETO, ALAS COM ESCONSIDADE DE 30°, INCLUINDO FÔRMAS E MATERIAIS. AF_07/2021","UN",8753.6299999999992,102752,null,8573.16,8753.6299999999992]
[null,102753,"BOCA PARA BUEIRO SIMPLES TUBULAR D = 120 CM EM CONCRETO, ALAS COM ESCONSIDADE DE 30°, INCLUINDO FÔRMAS E MATERIAIS. AF_07/2021","UN",12953.59,102753,null,12694.33,12953.59]
[null,102754,"BOCA PARA BUEIRO SIMPLES TUBULAR D = 150 CM EM CONCRETO, ALAS COM ESCONSIDADE DE 30°, INCLUINDO FÔRMAS E MATERIAIS. AF_07/2021","UN",24622.85,102754,null,24144.66,24622.85]
[null,102755,"BOCA PARA BUEIRO DUPLO TUBULAR D = 100 CM EM CONCRETO, ALAS COM ESCONSIDADE DE 30°, INCLUINDO FÔRMAS E MATERIAIS. AF_07/2021","UN",12244.11,102755,null,11997.89,12244.11]
[null,102756,"BOCA PARA BUEIRO DUPLO TUBULAR D = 120 CM EM CONCRETO, ALAS COM ESCONSIDADE DE 30°, INCLUINDO FÔRMAS E MATERIAIS. AF_07/2021","UN",18176.29,102756,null,17821.73,18176.29]
[null,102757,"BOCA PARA BUEIRO DUPLO TUBULAR D = 150 CM EM CONCRETO, ALAS COM ESCONSIDADE DE 30°, INCLUINDO FÔRMAS E MATERIAIS. AF_07/2021","UN",33809.64,102757,null,33170.04,33809.64]
[null,102758,"BOCA PARA BUEIRO TRIPLO TUBULAR D = 100 CM EM CONCRETO, ALAS COM ESCONSIDADE DE 30°, INCLUINDO FÔRMAS E MATERIAIS. AF_07/2021","UN",15748.95,102758,null,15436.54,15748.95]
[null,102759,"BOCA PARA BUEIRO TRIPLO TUBULAR D = 120 CM EM CONCRETO, ALAS COM ESCONSIDADE DE 30°, INCLUINDO FÔRMAS E MATERIAIS. AF_07/2021","UN",23420.799999999999,102759,null,22970.33,23420.799999999999]
[null,102760,"BOCA PARA BUEIRO TRIPLO TUBULAR D = 150 CM EM CONCRETO, ALAS COM ESCONSIDADE DE 30°, INCLUINDO FÔRMAS E MATERIAIS. AF_07/2021","UN",43163.360000000001,102760,null,42358.21,43163.360000000001]
[null,102761,"BOCA PARA BUEIRO SIMPLES CELULAR 150 X 150 CM EM CONCRETO, ALAS COM ESCONSIDADE DE 30°, INCLUINDO FÔRMAS E MATERIAIS. AF_07/2021","UN",15076.05,102761,null,14722.91,15076.05]
[null,102762,"BOCA PARA BUEIRO SIMPLES CELULAR 200 X 200 CM EM CONCRETO, ALAS COM ESCONSIDADE DE 30°, INCLUINDO FÔRMAS E MATERIAIS. AF_07/2021","UN",23370.91,102762,null,22864.58,23370.91]
[null,102763,"BOCA PARA BUEIRO SIMPLES CELULAR 250 X 250 CM EM CONCRETO, ALAS COM ESCONSIDADE DE 30°, INCLUINDO FÔRMAS E MATERIAIS. AF_07/2021","UN",32446.52,102763,null,31764.400000000001,32446.52]
[null,102764,"BOCA PARA BUEIRO SIMPLES CELULAR 300 X 300 CM EM CONCRETO, ALAS COM ESCONSIDADE DE 30°, INCLUINDO FÔRMAS E MATERIAIS. AF_07/2021","UN",45888.11,102764,null,44995.8,45888.11]
[null,102765,"BOCA PARA BUEIRO DUPLO CELULAR 150 X 150 CM EM CONCRETO, ALAS COM ESCONSIDADE DE 30°, INCLUINDO FÔRMAS E MATERIAIS. AF_07/2021","UN",18857.439999999999,102765,null,18419.599999999999,18857.439999999999]
[null,102766,"BOCA PARA BUEIRO DUPLO CELULAR 200 X 200 CM EM CONCRETO, ALAS COM ESCONSIDADE DE 30°, INCLUINDO FÔRMAS E MATERIAIS. AF_07/2021","UN",28475.040000000001,102766,null,27862.46,28475.040000000001]
[null,102767,"BOCA PARA BUEIRO DUPLO CELULAR 250 X 250 CM EM CONCRETO, ALAS COM ESCONSIDADE DE 30°, INCLUINDO FÔRMAS E MATERIAIS. AF_07/2021","UN",39722.19,102767,null,38894.239999999998,39722.19]
[null,102768,"BOCA PARA BUEIRO DUPLO CELULAR 300 X 300 CM EM CONCRETO, ALAS COM ESCONSIDADE DE 30°, INCLUINDO FÔRMAS E MATERIAIS. AF_07/2021","UN",55660.38,102768,null,54589.82,55660.38]
[null,102769,"BOCA PARA BUEIRO TRIPLO CELULAR 150 X 150 CM EM CONCRETO, ALAS COM ESCONSIDADE DE 30°, INCLUINDO FÔRMAS E MATERIAIS. AF_07/2021","UN",21897.11,102769,null,21401.33,21897.11]
[null,102770,"BOCA PARA BUEIRO TRIPLO CELULAR 200 X 200 CM EM CONCRETO, ALAS COM ESCONSIDADE DE 30°, INCLUINDO FÔRMAS E MATERIAIS. AF_07/2021","UN",{"$f":"IF($K$2=$H$1,H2051,I2051)","v":33636.14},{"$f":"IF(LEN($B2051)=7,CONCATENATE(MID($B2051,1,6),\"00\",RIGHT($B2051,1)),IF(LEN($B2051)=8,CONCATENATE(MID($B2051,1,6),\"0\",RIGHT($B2051,2)),$B2051))","v":102770},null,32916.949999999997,33636.14]
[null,102771,"BOCA PARA BUEIRO TRIPLO CELULAR 250 X 250 CM EM CONCRETO, ALAS COM ESCONSIDADE DE 30°, INCLUINDO FÔRMAS E MATERIAIS. AF_07/2021","UN",46904.88,102771,null,45933.29,46904.88]
[null,102772,"BOCA PARA BUEIRO TRIPLO CELULAR 300 X 300 CM EM CONCRETO, ALAS COM ESCONSIDADE DE 30°, INCLUINDO FÔRMAS E MATERIAIS. AF_07/2021","UN",66067.78,102772,null,64810.33,66067.78]
[null,102773,"BOCA PARA BUEIRO SIMPLES TUBULAR D = 40 CM EM GABIÃO, ALAS COM ESCONSIDADE DE 45°, INCLUINDO FÔRMAS E MATERIAIS. AF_07/2021","UN",8650.36,102773,null,8455.14,8650.36]
[null,102774,"BOCA PARA BUEIRO SIMPLES TUBULAR D = 60 CM EM GABIÃO, ALAS COM ESCONSIDADE DE 45°, INCLUINDO FÔRMAS E MATERIAIS. AF_07/2021","UN",8650.36,102774,null,8455.14,8650.36]
[null,102775,"BOCA PARA BUEIRO SIMPLES TUBULAR D = 80 CM EM GABIÃO, ALAS COM ESCONSIDADE DE 45°, INCLUINDO FÔRMAS E MATERIAIS. AF_07/2021","UN",12971.98,102775,null,12681.12,12971.98]
[null,102776,"BOCA PARA BUEIRO SIMPLES TUBULAR D = 100 CM EM GABIÃO, ALAS COM ESCONSIDADE DE 45°, INCLUINDO FÔRMAS E MATERIAIS. AF_07/2021","UN",12971.98,102776,null,12681.12,12971.98]
[null,102777,"BOCA PARA BUEIRO SIMPLES TUBULAR D = 120 CM EM GABIÃO, ALAS COM ESCONSIDADE DE 45°, INCLUINDO FÔRMAS E MATERIAIS. AF_07/2021","UN",19671.91,102777,null,19232.02,19671.91]
[null,102778,"BOCA PARA BUEIRO SIMPLES TUBULAR D = 150 CM EM GABIÃO, ALAS COM ESCONSIDADE DE 45°, INCLUINDO FÔRMAS E MATERIAIS. AF_07/2021","UN",29469.200000000001,102778,null,28965.42,29469.200000000001]
[null,102779,"BOCA PARA BUEIRO DUPLO TUBULAR D = 40 CM EM GABIÃO, ALAS COM ESCONSIDADE DE 45°, INCLUINDO FÔRMAS E MATERIAIS. AF_07/2021","UN",8650.36,102779,null,8455.14,8650.36]
[null,102780,"BOCA PARA BUEIRO DUPLO TUBULAR D = 60 CM EM GABIÃO, ALAS COM ESCONSIDADE DE 45°, INCLUINDO FÔRMAS E MATERIAIS. AF_07/2021","UN",9948.27,102780,null,9723.57,9948.27]
[null,102781,"BOCA PARA BUEIRO DUPLO TUBULAR D = 80 CM EM GABIÃO, ALAS COM ESCONSIDADE DE 45°, INCLUINDO FÔRMAS E MATERIAIS. AF_07/2021","UN",14810.09,102781,null,14477.79,14810.09]
[null,102782,"BOCA PARA BUEIRO DUPLO TUBULAR D = 100 CM EM GABIÃO, ALAS COM ESCONSIDADE DE 45°, INCLUINDO FÔRMAS E MATERIAIS. AF_07/2021","UN",16508.8,102782,null,16163.35,16508.8]
[null,102783,"BOCA PARA BUEIRO DUPLO TUBULAR D = 120 CM EM GABIÃO, ALAS COM ESCONSIDADE DE 45°, INCLUINDO FÔRMAS E MATERIAIS. AF_07/2021","UN",21910.83,102783,null,21445.83,21910.83]
[null,102784,"BOCA PARA BUEIRO DUPLO TUBULAR D = 150 CM EM GABIÃO, ALAS COM ESCONSIDADE DE 45°, INCLUINDO FÔRMAS E MATERIAIS. AF_07/2021","UN",34367.85,102784,null,33832.120000000003,34367.85]
[null,102785,"BOCA PARA BUEIRO TRIPLO TUBULAR D = 40 CM EM GABIÃO, ALAS COM ESCONSIDADE DE 45°, INCLUINDO FÔRMAS E MATERIAIS. AF_07/2021","UN",9948.27,102785,null,9723.57,9948.27]
[null,102786,"BOCA PARA BUEIRO TRIPLO TUBULAR D = 60 CM EM GABIÃO, ALAS COM ESCONSIDADE DE 45°, INCLUINDO FÔRMAS E MATERIAIS. AF_07/2021","UN",11106.78,102786,null,10880.88,11106.78]
[null,102787,"BOCA PARA BUEIRO TRIPLO TUBULAR D = 80 CM EM GABIÃO, ALAS COM ESCONSIDADE DE 45°, INCLUINDO FÔRMAS E MATERIAIS. AF_07/2021","UN",16508.8,102787,null,16163.35,16508.8]
[null,102788,"BOCA PARA BUEIRO TRIPLO TUBULAR D = 100 CM EM GABIÃO, ALAS COM ESCONSIDADE DE 45°, INCLUINDO FÔRMAS E MATERIAIS. AF_07/2021","UN",18181.37,102788,null,17828.07,18181.37]
[null,102789,"BOCA PARA BUEIRO TRIPLO TUBULAR D = 120 CM EM GABIÃO, ALAS COM ESCONSIDADE DE 45°, INCLUINDO FÔRMAS E MATERIAIS. AF_07/2021","UN",23992.92,102789,null,23534.62,23992.92]
[null,102790,"BOCA PARA BUEIRO TRIPLO TUBULAR D = 150 CM EM GABIÃO, ALAS COM ESCONSIDADE DE 45°, INCLUINDO FÔRMAS E MATERIAIS. AF_07/2021","UN",39702.120000000003,102790,null,39046.07,39702.120000000003]
[null,102791,"BOCA PARA BUEIRO SIMPLES CELULAR 150 X 150 CM EM GABIÃO, ALAS COM ESCONSIDADE DE 45°, INCLUINDO FÔRMAS E MATERIAIS. AF_07/2021","UN",31792.63,102791,null,31142.95,31792.63]
[null,102792,"BOCA PARA BUEIRO SIMPLES CELULAR 200 X 200 CM EM GABIÃO, ALAS COM ESCONSIDADE DE 45°, INCLUINDO FÔRMAS E MATERIAIS. AF_07/2021","UN",51842.13,102792,null,50838.68,51842.13]
[null,102793,"BOCA PARA BUEIRO SIMPLES CELULAR 250 X 250 CM EM GABIÃO, ALAS COM ESCONSIDADE DE 45°, INCLUINDO FÔRMAS E MATERIAIS. AF_07/2021","UN",69904.460000000006,102793,null,68636.95,69904.460000000006]
[null,102794,"BOCA PARA BUEIRO SIMPLES CELULAR 300 X 300 CM EM GABIÃO, ALAS COM ESCONSIDADE DE 45°, INCLUINDO FÔRMAS E MATERIAIS. AF_07/2021","UN",100407.56,102794,null,98632.8,100407.56]
[null,102795,"BOCA PARA BUEIRO DUPLO CELULAR 150 X 150 CM EM GABIÃO, ALAS COM ESCONSIDADE DE 45°, INCLUINDO FÔRMAS E MATERIAIS. AF_07/2021","UN",33868.26,102795,null,33173.519999999997,33868.26]
[null,102796,"BOCA PARA BUEIRO DUPLO CELULAR 200 X 200 CM EM GABIÃO, ALAS COM ESCONSIDADE DE 45°, INCLUINDO FÔRMAS E MATERIAIS. AF_07/2021","UN",54785.83,102796,null,53729.96,54785.83]
[null,102797,"BOCA PARA BUEIRO DUPLO CELULAR 250 X 250 CM EM GABIÃO, ALAS COM ESCONSIDADE DE 45°, INCLUINDO FÔRMAS E MATERIAIS. AF_07/2021","UN",77673.850000000006,102797,null,76212.600000000006,77673.850000000006]
[null,102798,"BOCA PARA BUEIRO DUPLO CELULAR 300 X 300 CM EM GABIÃO, ALAS COM ESCONSIDADE DE 45°, INCLUINDO FÔRMAS E MATERIAIS. AF_07/2021","UN",95250.15,102798,null,93489.74,95250.15]
[null,102799,"BOCA PARA BUEIRO TRIPLO CELULAR 150 X 150 CM EM GABIÃO, ALAS COM ESCONSIDADE DE 45°, INCLUINDO FÔRMAS E MATERIAIS. AF_07/2021","UN",34588.53,102799,null,33877.85,34588.53]
[null,102800,"BOCA PARA BUEIRO TRIPLO CELULAR 200 X 200 CM EM GABIÃO, ALAS COM ESCONSIDADE DE 45°, INCLUINDO FÔRMAS E MATERIAIS. AF_07/2021","UN",60087.839999999997,102800,null,58924.2,60087.839999999997]
[null,102801,"BOCA PARA BUEIRO TRIPLO CELULAR 250 X 250 CM EM GABIÃO, ALAS COM ESCONSIDADE DE 45°, INCLUINDO FÔRMAS E MATERIAIS. AF_07/2021","UN",84169.22,102801,null,82591.94,84169.22]
[null,102802,"BOCA PARA BUEIRO TRIPLO CELULAR 300 X 300 CM EM GABIÃO, ALAS COM ESCONSIDADE DE 45°, INCLUINDO FÔRMAS E MATERIAIS. AF_07/2021","UN",101027.19,102802,null,99151.78,101027.19]
[null,101570,"ESCORAMENTO DE VALA, TIPO PONTALETEAMENTO, COM PROFUNDIDADE DE 0 A 1,5 M, LARGURA MENOR QUE 1,5 M. AF_08/2020","M2",21.51,101570,null,19.91,21.51]
[null,101571,"ESCORAMENTO DE VALA, TIPO PONTALETEAMENTO, COM PROFUNDIDADE DE 0 A 1,5 M, LARGURA MAIOR OU IGUAL A 1,5 M E MENOR QUE 2,5 M. AF_08/2020","M2",29.6,101571,null,27.23,29.6]
[null,101572,"ESCORAMENTO DE VALA, TIPO PONTALETEAMENTO, COM PROFUNDIDADE DE 1,5 A 3,0 M, LARGURA MENOR QUE 1,5 M. AF_08/2020","M2",16.86,101572,null,15.67,16.86]
[null,101573,"ESCORAMENTO DE VALA, TIPO PONTALETEAMENTO, COM PROFUNDIDADE DE 1,5 A 3,0 M, LARGURA MAIOR OU IGUAL A 1,5 M E MENOR QUE 2,5 M. AF_08/2020","M2",24.94,101573,null,22.99,24.94]
[null,101574,"ESCORAMENTO DE VALA, TIPO PONTALETEAMENTO, COM PROFUNDIDADE DE 3,0 A 4,5 M, LARGURA MENOR QUE 1,5 M. AF_08/2020","M2",12.89,101574,null,12.11,12.89]
[null,101575,"ESCORAMENTO DE VALA, TIPO PONTALETEAMENTO, COM PROFUNDIDADE DE 3,0 A 4,5 M, LARGURA MAIOR OU IGUAL A 1,5 M E MENOR QUE 2,5 M. AF_08/2020","M2",21.17,101575,null,19.63,21.17]
[null,101576,"ESCORAMENTO DE VALA, TIPO DESCONTÍNUO, COM PROFUNDIDADE DE 0 A 1,5 M, LARGURA MENOR QUE 1,5 M. AF_08/2020","M2",37.369999999999997,101576,null,35.299999999999997,37.369999999999997]
[null,101577,"ESCORAMENTO DE VALA, TIPO DESCONTÍNUO, COM PROFUNDIDADE DE 0 A 1,5 M, LARGURA MAIOR OU IGUAL A 1,5 M E MENOR QUE 2,5 M. AF_08/2020","M2",47.68,101577,null,44.6,47.68]
[null,101578,"ESCORAMENTO DE VALA, TIPO DESCONTÍNUO, COM PROFUNDIDADE DE 1,5 M A 3,0 M, LARGURA MENOR QUE 1,5 M. AF_08/2020","M2",30.72,101578,null,29.17,30.72]
[null,101579,"ESCORAMENTO DE VALA, TIPO DESCONTÍNUO, COM PROFUNDIDADE DE 1,5 A 3,0 M, LARGURA MAIOR OU IGUAL A 1,5 M E MENOR QUE 2,5 M. AF_08/2020","M2",41.03,101579,null,38.479999999999997,41.03]
[null,101580,"ESCORAMENTO DE VALA, TIPO DESCONTÍNUO, COM PROFUNDIDADE DE 3,0 A 4,5 M, LARGURA MENOR QUE 1,5 M. AF_08/2020","M2",26.87,101580,null,25.86,26.87]
[null,101581,"ESCORAMENTO DE VALA, TIPO DESCONTÍNUO, COM PROFUNDIDADE DE 3,0 A 4,5 M, LARGURA MAIOR OU IGUAL A 1,5 E MENOR QUE 2,5 M. AF_08/2020","M2",37.380000000000003,101581,null,35.369999999999997,37.380000000000003]
[null,101582,"ESCORAMENTO DE VALA, TIPO CONTÍNUO, COM PROFUNDIDADE DE 0 A 1,5 M, LARGURA MENOR QUE 1,5 M. AF_08/2020","M2",61.11,101582,null,57.82,61.11]
[null,101583,"ESCORAMENTO DE VALA, TIPO CONTÍNUO, COM PROFUNDIDADE DE 0 A 1,5 M, LARGURA MAIOR OU IGUAL A 1,5 M E MENOR QUE 2,5 M. AF_08/2020","M2",77.08,101583,null,72.209999999999994,77.08]
[null,101584,"ESCORAMENTO DE VALA, TIPO CONTÍNUO, COM PROFUNDIDADE DE 1,5 M A 3,0 M, LARGURA MENOR QUE 1,5 M. AF_08/2020","M2",49.95,101584,null,47.51,49.95]
[null,101585,"ESCORAMENTO DE VALA, TIPO CONTÍNUO, COM PROFUNDIDADE DE 1,5 A 3,0 M, LARGURA MAIOR OU IGUAL A 1,5 M E MENOR QUE 2,5 M. AF_08/2020","M2",65.92,101585,null,61.9,65.92]
[null,101586,"ESCORAMENTO DE VALA, TIPO CONTÍNUO, COM PROFUNDIDADE DE 3,0 A 4,5 M, LARGURA MENOR QUE 1,5 M. AF_08/2020","M2",42.7,101586,null,41.1,42.7]
[null,101587,"ESCORAMENTO DE VALA, TIPO CONTÍNUO, COM PROFUNDIDADE DE 3,0 A 4,5 M, LARGURA MAIOR OU IGUAL A 1,5 E MENOR QUE 2,5 M. AF_08/2020","M2",58.87,101587,null,55.69,58.87]
[null,101588,"ESCORAMENTO DE VALA, TIPO CONTÍNUO COM PERFIL METÁLICO \"U\", COM PROFUNDIDADE DE 0 A 1,5 M, LARGURA MENOR QUE 1,5 M. AF_08/2020","M2",88.76,101588,null,84.87,88.76]
[null,101589,"ESCORAMENTO DE VALA,TIPO CONTÍNUO COM PERFIL METÁLICO \"U\", COM PROFUNDIDADE DE 0 A 1,5 M, LARGURA MAIOR OU IGUAL A 1,5 E MENOR QUE 2,5 M. AF_08/2020","M2",129.66999999999999,101589,null,123.91,129.66999999999999]
[null,101590,"ESCORAMENTO DE VALA, TIPO CONTÍNUO COM PERFIL METÁLICO \"U\", COM PROFUNDIDADE DE 1,5 A 3,0 M, LARGURA MENOR QUE 1,5 M. AF_08/2020","M2",67.11,101590,null,64.22,67.11]
[null,101591,"ESCORAMENTO DE VALA, TIPO CONTÍNUO COM PERFIL METÁLICO \"U\", COM PROFUNDIDADE DE 1,5 A 3,0 M, LARGURA MAIOR OU IGUAL 1,5 M E MENOR QUE 2,5 M. AF_08/2020","M2",108,101591,null,103.25,108]
[null,101592,"ESCORAMENTO DE VALA, TIPO CONTÍNUO COM PERFIL METÁLICO \"U\", COM PROFUNDIDADE DE 3,0 A 4,5 M, LARGURA MENOR QUE 1,5 M. AF_08/2020","M2",46.93,101592,null,45.05,46.93]
[null,101593,"ESCORAMENTO DE VALA, TIPO CONTÍNUO COM PERFIL METÁLICO \"U\", COM PROFUNDIDADE DE 3,0 A 4,5 M, LARGURA MAIOR OU IGUAL A 1,5 M E MENOR QUE 2,5 M. AF_08/2020","M2",88.01,101593,null,84.26,88.01]
[null,101600,"ESCORAMENTO DE VALA, TIPO BLINDAGEM, COM PROFUNDIDADE DE 0 A 1,5 M, LARGURA MENOR QUE 1,5 M - EXECUÇÃO, NÃO INCLUI MATERIAL. AF_08/2020","M2",16.71,101600,null,15.93,16.71]
[null,101601,"ESCORAMENTO DE VALA, TIPO BLINDAGEM COM PROFUNDIDADE DE 0 A 1,5 M, LARGURA MAIOR OU IGUAL A 1,5 M E MENOR QUE 2,5 M - EXECUÇÃO, NÃO INCLUI MATERIAL. AF_08/2020","M2",24.73,101601,null,23.59,24.73]
[null,101602,"ESCORAMENTO DE VALA, TIPO BLINDAGEM, COM PROFUNDIDADE DE 1,5 A 3,0 M, LARGURA MENOR QUE 1,5 M - EXECUÇÃO, NÃO INCLUI MATERIAL. AF_08/2020","M2",12.38,101602,null,11.81,12.38]
[null,101603,"ESCORAMENTO DE VALA, TIPO BLINDAGEM, COM PROFUNDIDADE DE 1,5 A 3,0 M, LARGURA MAIOR OU IGUAL A 1,5 M E MENOR QUE 2,5 M - EXECUÇÃO, NÃO INCLUI MATERIAL. AF_08/2020","M2",20.420000000000002,101603,null,19.47,20.420000000000002]
[null,101604,"ESCORAMENTO DE VALA, TIPO BLINDAGEM, COM PROFUNDIDADE DE 3,0 A 4,5 M, LARGURA MENOR QUE 1,5 M - EXECUÇÃO, NÃO INCLUI MATERIAL. AF_08/2020","M2",8.11,101604,null,7.73,8.11]
[null,101605,"ESCORAMENTO DE VALA, TIPO BLINDAGEM, COM PROFUNDIDADE DE 3,0 A 4,5 M, LARGURA MAIOR OU IGUAL A 1,5 M E MENOR QUE 2,5 M - EXECUÇÃO, NÃO INCLUI MATERIAL. AF_08/2020","M2",16.13,101605,null,15.39,16.13]
[null,90788,"KIT DE PORTA-PRONTA DE MADEIRA EM ACABAMENTO MELAMÍNICO BRANCO, FOLHA LEVE OU MÉDIA, 60X210CM, EXCLUSIVE FECHADURA, FIXAÇÃO COM PREENCHIMENTO PARCIAL DE ESPUMA EXPANSIVA - FORNECIMENTO E INSTALAÇÃO. AF_12/2019","UN",896.87,90788,null,895.27,896.87]
[null,90789,"KIT DE PORTA-PRONTA DE MADEIRA EM ACABAMENTO MELAMÍNICO BRANCO, FOLHA LEVE OU MÉDIA, 70X210CM, EXCLUSIVE FECHADURA, FIXAÇÃO COM PREENCHIMENTO PARCIAL DE ESPUMA EXPANSIVA - FORNECIMENTO E INSTALAÇÃO. AF_12/2019","UN",{"$f":"IF($K$2=$H$1,H2115,I2115)","v":898.52},{"$f":"IF(LEN($B2115)=7,CONCATENATE(MID($B2115,1,6),\"00\",RIGHT($B2115,1)),IF(LEN($B2115)=8,CONCATENATE(MID($B2115,1,6),\"0\",RIGHT($B2115,2)),$B2115))","v":90789},null,896.75,898.52]
[null,90790,"KIT DE PORTA-PRONTA DE MADEIRA EM ACABAMENTO MELAMÍNICO BRANCO, FOLHA LEVE OU MÉDIA, 80X210CM, EXCLUSIVE FECHADURA, FIXAÇÃO COM PREENCHIMENTO PARCIAL DE ESPUMA EXPANSIVA - FORNECIMENTO E INSTALAÇÃO. AF_12/2019","UN",926.57,90790,null,924.64,926.57]
[null,90791,"KIT DE PORTA-PRONTA DE MADEIRA EM ACABAMENTO MELAMÍNICO BRANCO, FOLHA PESADA OU SUPERPESADA, 80X210CM, FIXAÇÃO COM PREENCHIMENTO PARCIAL DE ESPUMA EXPANSIVA - FORNECIMENTO E INSTALAÇÃO. AF_12/2019","UN",1085.4000000000001,90791,null,1082.78,1085.4000000000001]
[null,90793,"KIT DE PORTA-PRONTA DE MADEIRA EM ACABAMENTO MELAMÍNICO BRANCO, FOLHA PESADA OU SUPERPESADA, 90X210CM, FIXAÇÃO COM PREENCHIMENTO TOTAL DE ESPUMA EXPANSIVA - FORNECIMENTO E INSTALAÇÃO. AF_12/2019","UN",1148.5,90793,null,1145.27,1148.5]
[null,90794,"KIT DE PORTA-PRONTA DE MADEIRA EM ACABAMENTO MELAMÍNICO BRANCO, FOLHA LEVE OU MÉDIA, E BATENTE METÁLICO, 60X210CM, FIXAÇÃO COM ARGAMASSA - FORNECIMENTO E INSTALAÇÃO. AF_12/2019","UN",769.57,90794,null,762.75,769.57]
[null,90795,"KIT DE PORTA-PRONTA DE MADEIRA EM ACABAMENTO MELAMÍNICO BRANCO, FOLHA LEVE OU MÉDIA, E BATENTE METÁLICO, 70X210CM, FIXAÇÃO COM ARGAMASSA - FORNECIMENTO E INSTALAÇÃO. AF_12/2019","UN",776.64,90795,null,769.13,776.64]
[null,90796,"KIT DE PORTA-PRONTA DE MADEIRA EM ACABAMENTO MELAMÍNICO BRANCO, FOLHA LEVE OU MÉDIA, E BATENTE METÁLICO, 80X210CM, FIXAÇÃO COM ARGAMASSA - FORNECIMENTO E INSTALAÇÃO. AF_12/2019","UN",783.73,90796,null,775.49,783.73]
[null,90797,"KIT DE PORTA-PRONTA DE MADEIRA EM ACABAMENTO MELAMÍNICO BRANCO, FOLHA LEVE OU MÉDIA, E BATENTE METÁLICO, 90X210CM, FIXAÇÃO COM ARGAMASSA - FORNECIMENTO E INSTALAÇÃO. AF_12/2019","UN",790.79,90797,null,781.87,790.79]
[null,90798,"KIT DE PORTA-PRONTA DE MADEIRA EM ACABAMENTO MELAMÍNICO BRANCO, FOLHA PESADA OU SUPERPESADA, E BATENTE METÁLICO, 80X210CM, FIXAÇÃO COM ARGAMASSA - FORNECIMENTO E INSTALAÇÃO. AF_12/2019","UN",1149.6099999999999,90798,null,1140.3499999999999,1149.6099999999999]
[null,90799,"KIT DE PORTA-PRONTA DE MADEIRA EM ACABAMENTO MELAMÍNICO BRANCO, FOLHA PESADA OU SUPERPESADA, E BATENTE METÁLICO, 90X210CM, FIXAÇÃO COM ARGAMASSA - FORNECIMENTO E INSTALAÇÃO. AF_12/2019","UN",1185.8599999999999,90799,null,1175.82,1185.8599999999999]
[null,90801,"BATENTE PARA PORTA DE MADEIRA, PADRÃO MÉDIO - FORNECIMENTO E MONTAGEM. AF_12/2019","UN",340.76,90801,null,331.25,340.76]
[null,90806,"BATENTE PARA PORTA DE MADEIRA, FIXAÇÃO COM ARGAMASSA, PADRÃO MÉDIO - FORNECIMENTO E INSTALAÇÃO. AF_12/2019","UN",431.26,90806,null,414.47,431.26]
[null,90820,"PORTA DE MADEIRA PARA PINTURA, SEMI-OCA (LEVE OU MÉDIA), 60X210CM, ESPESSURA DE 3,5CM, INCLUSO DOBRADIÇAS - FORNECIMENTO E INSTALAÇÃO. AF_12/2019","UN",336.89,90820,null,332.42,336.89]
[null,90821,"PORTA DE MADEIRA PARA PINTURA, SEMI-OCA (LEVE OU MÉDIA), 70X210CM, ESPESSURA DE 3,5CM, INCLUSO DOBRADIÇAS - FORNECIMENTO E INSTALAÇÃO. AF_12/2019","UN",343.41,90821,null,338.49,343.41]
[null,90822,"PORTA DE MADEIRA PARA PINTURA, SEMI-OCA (LEVE OU MÉDIA), 80X210CM, ESPESSURA DE 3,5CM, INCLUSO DOBRADIÇAS - FORNECIMENTO E INSTALAÇÃO. AF_12/2019","UN",368.51,90822,null,363.13,368.51]
[null,90823,"PORTA DE MADEIRA PARA PINTURA, SEMI-OCA (LEVE OU MÉDIA), 90X210CM, ESPESSURA DE 3,5CM, INCLUSO DOBRADIÇAS - FORNECIMENTO E INSTALAÇÃO. AF_12/2019","UN",454.7,90823,null,448.86,454.7]
[null,90824,"PORTA DE MADEIRA PARA PINTURA, SEMI-OCA (PESADA OU SUPERPESADA), 80X210CM, ESPESSURA DE 3,5CM, INCLUSO DOBRADIÇAS - FORNECIMENTO E INSTALAÇÃO. AF_12/2019","UN",652.85,90824,null,645.38,652.85]
[null,90825,"PORTA DE MADEIRA, MACIÇA (PESADA OU SUPERPESADA), 90X210CM, ESPESSURA DE 3,5CM, INCLUSO DOBRADIÇAS - FORNECIMENTO E INSTALAÇÃO. AF_12/2019","UN",727.76,90825,null,719.65,727.76]
[null,90830,"FECHADURA DE EMBUTIR COM CILINDRO, EXTERNA, COMPLETA, ACABAMENTO PADRÃO MÉDIO, INCLUSO EXECUÇÃO DE FURO - FORNECIMENTO E INSTALAÇÃO. AF_12/2019","UN",186.22,90830,null,182.73,186.22]
[null,90831,"FECHADURA DE EMBUTIR PARA PORTA DE BANHEIRO, COMPLETA, ACABAMENTO PADRÃO MÉDIO, INCLUSO EXECUÇÃO DE FURO - FORNECIMENTO E INSTALAÇÃO. AF_12/2019","UN",163.92,90831,null,161.25,163.92]
[null,90841,"KIT DE PORTA DE MADEIRA PARA PINTURA, SEMI-OCA (LEVE OU MÉDIA), PADRÃO MÉDIO, 60X210CM, ESPESSURA DE 3,5CM, ITENS INCLUSOS: DOBRADIÇAS, MONTAGEM E INSTALAÇÃO DO BATENTE, FECHADURA COM EXECUÇÃO DO FURO - FORNECIMENTO E INSTALAÇÃO. AF_12/2019","UN",1055.43,90841,null,1029.19,1055.43]
[null,90842,"KIT DE PORTA DE MADEIRA PARA PINTURA, SEMI-OCA (LEVE OU MÉDIA), PADRÃO MÉDIO, 70X210CM, ESPESSURA DE 3,5CM, ITENS INCLUSOS: DOBRADIÇAS, MONTAGEM E INSTALAÇÃO DO BATENTE, FECHADURA COM EXECUÇÃO DO FURO - FORNECIMENTO E INSTALAÇÃO. AF_12/2019","UN",1064.52,90842,null,1037.78,1064.52]
[null,90843,"KIT DE PORTA DE MADEIRA PARA PINTURA, SEMI-OCA (LEVE OU MÉDIA), PADRÃO MÉDIO, 80X210CM, ESPESSURA DE 3,5CM, ITENS INCLUSOS: DOBRADIÇAS, MONTAGEM E INSTALAÇÃO DO BATENTE, FECHADURA COM EXECUÇÃO DO FURO - FORNECIMENTO E INSTALAÇÃO. AF_12/2019","UN",1114.49,90843,null,1086.43,1114.49]
[null,90844,"KIT DE PORTA DE MADEIRA PARA PINTURA, SEMI-OCA (LEVE OU MÉDIA), PADRÃO MÉDIO, 90X210CM, ESPESSURA DE 3,5CM, ITENS INCLUSOS: DOBRADIÇAS, MONTAGEM E INSTALAÇÃO DO BATENTE, FECHADURA COM EXECUÇÃO DO FURO - FORNECIMENTO E INSTALAÇÃO. AF_12/2019","UN",1203.25,90844,null,1174.68,1203.25]
[null,90845,"KIT DE PORTA DE MADEIRA PARA PINTURA, SEMI-OCA (PESADA OU SUPERPESADA), PADRÃO MÉDIO, 80X210CM, ESPESSURA DE 3,5CM, ITENS INCLUSOS: DOBRADIÇAS, MONTAGEM E INSTALAÇÃO DO BATENTE, FECHADURA COM EXECUÇÃO DO FURO - FORNECIMENTO E INSTALAÇÃO. AF_12/2019","UN",1398.83,90845,null,1368.68,1398.83]
[null,90846,"KIT DE PORTA DE MADEIRA PARA PINTURA, SEMI-OCA (PESADA OU SUPERPESADA), PADRÃO MÉDIO, 90X210CM, ESPESSURA DE 3,5CM, ITENS INCLUSOS: DOBRADIÇAS, MONTAGEM E INSTALAÇÃO DO BATENTE, FECHADURA COM EXECUÇÃO DO FURO - FORNECIMENTO E INSTALAÇÃO. AF_12/2019","UN",1476.31,90846,null,1445.47,1476.31]
[null,90847,"KIT DE PORTA DE MADEIRA PARA PINTURA, SEMI-OCA (LEVE OU MÉDIA), PADRÃO MÉDIO, 60X210CM, ESPESSURA DE 3,5CM, ITENS INCLUSOS: DOBRADIÇAS, MONTAGEM E INSTALAÇÃO DO BATENTE, SEM FECHADURA - FORNECIMENTO E INSTALAÇÃO. AF_12/2019","UN",891.51,90847,null,867.94,891.51]
[null,90848,"KIT DE PORTA DE MADEIRA PARA PINTURA, SEMI-OCA (LEVE OU MÉDIA), PADRÃO MÉDIO, 70X210CM, ESPESSURA DE 3,5CM, ITENS INCLUSOS: DOBRADIÇAS, MONTAGEM E INSTALAÇÃO DO BATENTE, SEM FECHADURA - FORNECIMENTO E INSTALAÇÃO. AF_12/2019","UN",900.6,90848,null,876.53,900.6]
[null,90849,"KIT DE PORTA DE MADEIRA PARA PINTURA, SEMI-OCA (LEVE OU MÉDIA), PADRÃO MÉDIO, 80X210CM, ESPESSURA DE 3,5CM, ITENS INCLUSOS: DOBRADIÇAS, MONTAGEM E INSTALAÇÃO DO BATENTE, SEM FECHADURA - FORNECIMENTO E INSTALAÇÃO. AF_12/2019","UN",928.27,90849,null,903.7,928.27]
[null,90850,"KIT DE PORTA DE MADEIRA PARA PINTURA, SEMI-OCA (LEVE OU MÉDIA), PADRÃO MÉDIO, 90X210CM, ESPESSURA DE 3,5CM, ITENS INCLUSOS: DOBRADIÇAS, MONTAGEM E INSTALAÇÃO DO BATENTE, SEM FECHADURA - FORNECIMENTO E INSTALAÇÃO. AF_12/2019","UN",1017.03,90850,null,991.95,1017.03]
[null,90851,"KIT DE PORTA DE MADEIRA PARA PINTURA, SEMI-OCA (PESADA OU SUPERPESADA), PADRÃO MÉDIO, 80X210CM, ESPESSURA DE 3,5CM, ITENS INCLUSOS: DOBRADIÇAS, MONTAGEM E INSTALAÇÃO DO BATENTE, SEM FECHADURA - FORNECIMENTO E INSTALAÇÃO. AF_12/2019","UN",1212.6099999999999,90851,null,1185.95,1212.6099999999999]
[null,90852,"KIT DE PORTA DE MADEIRA PARA PINTURA, SEMI-OCA (PESADA OU SUPERPESADA), PADRÃO MÉDIO, 90X210CM, ESPESSURA DE 3,5CM, ITENS INCLUSOS: DOBRADIÇAS, MONTAGEM E INSTALAÇÃO DO BATENTE, SEM FECHADURA - FORNECIMENTO E INSTALAÇÃO. AF_12/2019","UN",1290.0899999999999,90852,null,1262.74,1290.0899999999999]
[null,91009,"PORTA DE MADEIRA PARA VERNIZ, SEMI-OCA (LEVE OU MÉDIA), 60X210CM, ESPESSURA DE 3,5CM, INCLUSO DOBRADIÇAS - FORNECIMENTO E INSTALAÇÃO. AF_12/2019","UN",349.12,91009,null,344.65,349.12]
[null,91010,"PORTA DE MADEIRA PARA VERNIZ, SEMI-OCA (LEVE OU MÉDIA), 70X210CM, ESPESSURA DE 3,5CM, INCLUSO DOBRADIÇAS - FORNECIMENTO E INSTALAÇÃO. AF_12/2019","UN",356.22,91010,null,351.3,356.22]
[null,91011,"PORTA DE MADEIRA PARA VERNIZ, SEMI-OCA (LEVE OU MÉDIA), 80X210CM, ESPESSURA DE 3,5CM, INCLUSO DOBRADIÇAS - FORNECIMENTO E INSTALAÇÃO. AF_12/2019","UN",418.16,91011,null,412.78,418.16]
[null,91012,"PORTA DE MADEIRA PARA VERNIZ, SEMI-OCA (LEVE OU MÉDIA), 90X210CM, ESPESSURA DE 3,5CM, INCLUSO DOBRADIÇAS - FORNECIMENTO E INSTALAÇÃO. AF_12/2019","UN",465.54,91012,null,459.7,465.54]
[null,91013,"KIT DE PORTA DE MADEIRA PARA VERNIZ, SEMI-OCA (LEVE OU MÉDIA), PADRÃO MÉDIO, 60X210CM, ESPESSURA DE 3,5CM, ITENS INCLUSOS: DOBRADIÇAS, MONTAGEM E INSTALAÇÃO DO BATENTE, SEM FECHADURA - FORNECIMENTO E INSTALAÇÃO. AF_12/2019","UN",903.74,91013,null,880.17,903.74]
[null,91014,"KIT DE PORTA DE MADEIRA PARA VERNIZ, SEMI-OCA (LEVE OU MÉDIA), PADRÃO MÉDIO, 70X210CM, ESPESSURA DE 3,5CM, ITENS INCLUSOS: DOBRADIÇAS, MONTAGEM E INSTALAÇÃO DO BATENTE, SEM FECHADURA - FORNECIMENTO E INSTALAÇÃO. AF_12/2019","UN",913.41,91014,null,889.34,913.41]
[null,91015,"KIT DE PORTA DE MADEIRA PARA VERNIZ, SEMI-OCA (LEVE OU MÉDIA), PADRÃO MÉDIO, 80X210CM, ESPESSURA DE 3,5CM, ITENS INCLUSOS: DOBRADIÇAS, MONTAGEM E INSTALAÇÃO DO BATENTE, SEM FECHADURA - FORNECIMENTO E INSTALAÇÃO. AF_12/2019","UN",977.92,91015,null,953.35,977.92]
[null,91016,"KIT DE PORTA DE MADEIRA PARA VERNIZ, SEMI-OCA (LEVE OU MÉDIA), PADRÃO MÉDIO, 90X210CM, ESPESSURA DE 3,5CM, ITENS INCLUSOS: DOBRADIÇAS, MONTAGEM E INSTALAÇÃO DO BATENTE, SEM FECHADURA - FORNECIMENTO E INSTALAÇÃO. AF_12/2019","UN",1027.8699999999999,91016,null,1002.79,1027.8699999999999]
[null,91287,"BATENTE PARA PORTA DE MADEIRA, PADRÃO POPULAR - FORNECIMENTO E MONTAGEM. AF_12/2019","UN",247.38,91287,null,237.83,247.38]
[null,91292,"BATENTE PARA PORTA DE MADEIRA, FIXAÇÃO COM ARGAMASSA, PADRÃO POPULAR. FORNECIMENTO E INSTALAÇÃO. AF_12/2019","UN",337.88,91292,null,321.05,337.88]
[null,91295,"PORTA DE MADEIRA FRISADA, SEMI-OCA (LEVE OU MÉDIA), 60X210CM, ESPESSURA DE 3CM, INCLUSO DOBRADIÇAS - FORNECIMENTO E INSTALAÇÃO. AF_12/2019","UN",359.71,91295,null,355.24,359.71]
[null,91296,"PORTA DE MADEIRA FRISADA, SEMI-OCA (LEVE OU MÉDIA), 70X210CM, ESPESSURA DE 3CM, INCLUSO DOBRADIÇAS - FORNECIMENTO E INSTALAÇÃO. AF_12/2019","UN",385.81,91296,null,380.89,385.81]
[null,91297,"PORTA DE MADEIRA FRISADA, SEMI-OCA (LEVE OU MÉDIA), 80X210CM, ESPESSURA DE 3,5CM, INCLUSO DOBRADIÇAS - FORNECIMENTO E INSTALAÇÃO. AF_12/2019","UN",425.22,91297,null,419.84,425.22]
[null,91298,"PORTA DE MADEIRA TIPO VENEZIANA, 80X210CM, ESPESSURA DE 3CM, INCLUSO DOBRADIÇAS - FORNECIMENTO E INSTALAÇÃO. AF_12/2019","UN",886.49,91298,null,881.11,886.49]
[null,91299,"PORTA DE MADEIRA, TIPO MEXICANA, MACIÇA (PESADA OU SUPERPESADA), 80X210CM, ESPESSURA DE 3,5CM, INCLUSO DOBRADIÇAS - FORNECIMENTO E INSTALAÇÃO. AF_12/2019","UN",1241.58,91299,null,1234.1099999999999,1241.58]
[null,91304,"FECHADURA DE EMBUTIR COM CILINDRO, EXTERNA, COMPLETA, ACABAMENTO PADRÃO POPULAR, INCLUSO EXECUÇÃO DE FURO - FORNECIMENTO E INSTALAÇÃO. AF_12/2019","UN",111.12,91304,null,107.63,111.12]
[null,91305,"FECHADURA DE EMBUTIR PARA PORTA DE BANHEIRO, COMPLETA, ACABAMENTO PADRÃO POPULAR, INCLUSO EXECUÇÃO DE FURO - FORNECIMENTO E INSTALAÇÃO. AF_12/2019","UN",112.25,91305,null,109.58,112.25]
[null,91306,"FECHADURA DE EMBUTIR PARA PORTAS INTERNAS, COMPLETA, ACABAMENTO PADRÃO MÉDIO, COM EXECUÇÃO DE FURO - FORNECIMENTO E INSTALAÇÃO. AF_12/2019","UN",163.92,91306,null,161.25,163.92]
[null,91307,"FECHADURA DE EMBUTIR PARA PORTAS INTERNAS, COMPLETA, ACABAMENTO PADRÃO POPULAR, COM EXECUÇÃO DE FURO - FORNECIMENTO E INSTALAÇÃO. AF_12/2019","UN",94.82,91307,null,92.15,94.82]
[null,91312,"KIT DE PORTA DE MADEIRA PARA PINTURA, SEMI-OCA (LEVE OU MÉDIA), PADRÃO POPULAR, 60X210CM, ESPESSURA DE 3,5CM, ITENS INCLUSOS: DOBRADIÇAS, MONTAGEM E INSTALAÇÃO DO BATENTE, FECHADURA COM EXECUÇÃO DO FURO - FORNECIMENTO E INSTALAÇÃO. AF_12/2019","UN",870.15,91312,null,843.88,870.15]
[null,91313,"KIT DE PORTA DE MADEIRA PARA PINTURA, SEMI-OCA (LEVE OU MÉDIA), PADRÃO POPULAR, 70X210CM, ESPESSURA DE 3,5CM, ITENS INCLUSOS: DOBRADIÇAS, MONTAGEM E INSTALAÇÃO DO BATENTE, FECHADURA COM EXECUÇÃO DO FURO - FORNECIMENTO E INSTALAÇÃO. AF_12/2019","UN",860.97,91313,null,834.2,860.97]
[null,91314,"KIT DE PORTA DE MADEIRA PARA PINTURA, SEMI-OCA (LEVE OU MÉDIA), PADRÃO POPULAR, 80X210CM, ESPESSURA DE 3,5CM, ITENS INCLUSOS: DOBRADIÇAS, MONTAGEM E INSTALAÇÃO DO BATENTE, FECHADURA COM EXECUÇÃO DO FURO - FORNECIMENTO E INSTALAÇÃO. AF_12/2019","UN",904.11,91314,null,876.01,904.11]
[null,91315,"KIT DE PORTA DE MADEIRA PARA PINTURA, SEMI-OCA (LEVE OU MÉDIA), PADRÃO POPULAR, 90X210CM, ESPESSURA DE 3,5CM, ITENS INCLUSOS: DOBRADIÇAS, MONTAGEM E INSTALAÇÃO DO BATENTE, FECHADURA COM EXECUÇÃO DO FURO - FORNECIMENTO E INSTALAÇÃO. AF_12/2019","UN",992.03,91315,null,963.42,992.03]
[null,91316,"KIT DE PORTA DE MADEIRA PARA PINTURA, SEMI-OCA (PESADA OU SUPERPESADA), PADRÃO POPULAR, 80X210CM, ESPESSURA DE 3,5CM, ITENS INCLUSOS: DOBRADIÇAS, MONTAGEM E INSTALAÇÃO DO BATENTE, FECHADURA COM EXECUÇÃO DO FURO - FORNECIMENTO E INSTALAÇÃO. AF_12/2019","UN",1188.45,91316,null,1158.26,1188.45]
[null,91317,"KIT DE PORTA DE MADEIRA PARA PINTURA, SEMI-OCA (PESADA OU SUPERPESADA), PADRÃO POPULAR, 90X210CM, ESPESSURA DE 3,5CM, ITENS INCLUSOS: DOBRADIÇAS, MONTAGEM E INSTALAÇÃO DO BATENTE, FECHADURA COM EXECUÇÃO DO FURO - FORNECIMENTO E INSTALAÇÃO. AF_12/2019","UN",1265.0899999999999,91317,null,1234.21,1265.0899999999999]
[null,91318,"KIT DE PORTA DE MADEIRA PARA PINTURA, SEMI-OCA (LEVE OU MÉDIA), PADRÃO POPULAR, 60X210CM, ESPESSURA DE 3,5CM, ITENS INCLUSOS: DOBRADIÇAS, MONTAGEM E INSTALAÇÃO DO BATENTE, SEM FECHADURA - FORNECIMENTO E INSTALAÇÃO. AF_12/2019","UN",757.9,91318,null,734.3,757.9]
[null,91319,"KIT DE PORTA DE MADEIRA PARA PINTURA, SEMI-OCA (LEVE OU MÉDIA), PADRÃO POPULAR, 70X210CM, ESPESSURA DE 3,5CM, ITENS INCLUSOS: DOBRADIÇAS, MONTAGEM E INSTALAÇÃO DO BATENTE, SEM FECHADURA - FORNECIMENTO E INSTALAÇÃO. AF_12/2019","UN",766.15,91319,null,742.05,766.15]
[null,91320,"KIT DE PORTA DE MADEIRA PARA PINTURA, SEMI-OCA (LEVE OU MÉDIA), PADRÃO POPULAR, 80X210CM, ESPESSURA DE 3,5CM, ITENS INCLUSOS: DOBRADIÇAS, MONTAGEM E INSTALAÇÃO DO BATENTE, SEM FECHADURA - FORNECIMENTO E INSTALAÇÃO. AF_12/2019","UN",792.99,91320,null,768.38,792.99]
[null,91321,"KIT DE PORTA DE MADEIRA PARA PINTURA, SEMI-OCA (LEVE OU MÉDIA), PADRÃO POPULAR, 90X210CM, ESPESSURA DE 3,5CM, ITENS INCLUSOS: DOBRADIÇAS, MONTAGEM E INSTALAÇÃO DO BATENTE, SEM FECHADURA - FORNECIMENTO E INSTALAÇÃO. AF_12/2019","UN",880.91,91321,null,855.79,880.91]
[null,91322,"KIT DE PORTA DE MADEIRA PARA PINTURA, SEMI-OCA (PESADA OU SUPERPESADA), PADRÃO POPULAR, 80X210CM, ESPESSURA DE 3,5CM, ITENS INCLUSOS: DOBRADIÇAS, MONTAGEM E INSTALAÇÃO DO BATENTE, SEM FECHADURA - FORNECIMENTO E INSTALAÇÃO. AF_12/2019","UN",1077.33,91322,null,1050.6300000000001,1077.33]
[null,91323,"KIT DE PORTA DE MADEIRA PARA PINTURA, SEMI-OCA (PESADA OU SUPERPESADA), PADRÃO POPULAR, 90X210CM, ESPESSURA DE 3,5CM, ITENS INCLUSOS: DOBRADIÇAS, MONTAGEM E INSTALAÇÃO DO BATENTE, SEM FECHADURA - FORNECIMENTO E INSTALAÇÃO. AF_12/2019","UN",1153.97,91323,null,1126.58,1153.97]
[null,91324,"KIT DE PORTA DE MADEIRA PARA VERNIZ, SEMI-OCA (LEVE OU MÉDIA), PADRÃO POPULAR, 60X210CM, ESPESSURA DE 3,5CM, ITENS INCLUSOS: DOBRADIÇAS, MONTAGEM E INSTALAÇÃO DO BATENTE, SEM FECHADURA - FORNECIMENTO E INSTALAÇÃO. AF_12/2019","UN",770.13,91324,null,746.53,770.13]
[null,91325,"KIT DE PORTA DE MADEIRA PARA VERNIZ, SEMI-OCA (LEVE OU MÉDIA), PADRÃO POPULAR, 70X210CM, ESPESSURA DE 3,5CM, ITENS INCLUSOS: DOBRADIÇAS, MONTAGEM E INSTALAÇÃO DO BATENTE, SEM FECHADURA - FORNECIMENTO E INSTALAÇÃO. AF_12/2019","UN",{"$f":"IF($K$2=$H$1,H2179,I2179)","v":778.96},{"$f":"IF(LEN($B2179)=7,CONCATENATE(MID($B2179,1,6),\"00\",RIGHT($B2179,1)),IF(LEN($B2179)=8,CONCATENATE(MID($B2179,1,6),\"0\",RIGHT($B2179,2)),$B2179))","v":91325},null,754.86,778.96]
[null,91326,"KIT DE PORTA DE MADEIRA PARA VERNIZ, SEMI-OCA (LEVE OU MÉDIA), PADRÃO POPULAR, 80X210CM, ESPESSURA DE 3,5CM, ITENS INCLUSOS: DOBRADIÇAS, MONTAGEM E INSTALAÇÃO DO BATENTE, SEM FECHADURA - FORNECIMENTO E INSTALAÇÃO. AF_12/2019","UN",842.64,91326,null,818.03,842.64]
[null,91327,"KIT DE PORTA DE MADEIRA PARA VERNIZ, SEMI-OCA (LEVE OU MÉDIA), PADRÃO POPULAR, 90X210CM, ESPESSURA DE 3,5CM, ITENS INCLUSOS: DOBRADIÇAS, MONTAGEM E INSTALAÇÃO DO BATENTE, SEM FECHADURA - FORNECIMENTO E INSTALAÇÃO. AF_12/2019","UN",891.75,91327,null,866.63,891.75]
[null,91328,"KIT DE PORTA DE MADEIRA FRISADA, SEMI-OCA (LEVE OU MÉDIA), PADRÃO MÉDIO 60X210CM, ESPESSURA DE 3CM, ITENS INCLUSOS: DOBRADIÇAS, MONTAGEM E INSTALAÇÃO DO BATENTE, SEM FECHADURA - FORNECIMENTO E INSTALAÇÃO. AF_12/2019","UN",914.33,91328,null,890.76,914.33]
[null,91329,"KIT DE PORTA DE MADEIRA FRISADA, SEMI-OCA (LEVE OU MÉDIA), PADRÃO POPULAR, 60X210CM, ESPESSURA DE 3CM, ITENS INCLUSOS: DOBRADIÇAS, MONTAGEM E INSTALAÇÃO DO BATENTE, SEM FECHADURA - FORNECIMENTO E INSTALAÇÃO. AF_12/2019","UN",780.72,91329,null,757.12,780.72]
[null,91330,"KIT DE PORTA DE MADEIRA FRISADA, SEMI-OCA (LEVE OU MÉDIA), PADRÃO MÉDIO, 70X210CM, ESPESSURA DE 3CM, ITENS INCLUSOS: DOBRADIÇAS, MONTAGEM E INSTALAÇÃO DO BATENTE, SEM FECHADURA - FORNECIMENTO E INSTALAÇÃO. AF_12/2019","UN",943,91330,null,918.93,943]
[null,91331,"KIT DE PORTA DE MADEIRA FRISADA, SEMI-OCA (LEVE OU MÉDIA), PADRÃO POPULAR, 70X210CM, ESPESSURA DE 3CM, ITENS INCLUSOS: DOBRADIÇAS, MONTAGEM E INSTALAÇÃO DO BATENTE, SEM FECHADURA - FORNECIMENTO E INSTALAÇÃO. AF_12/2019","UN",808.55,91331,null,784.45,808.55]
[null,91332,"KIT DE PORTA DE MADEIRA FRISADA, SEMI-OCA (LEVE OU MÉDIA), PADRÃO MÉDIO, 80X210CM, ESPESSURA DE 3,5CM, ITENS INCLUSOS: DOBRADIÇAS, MONTAGEM E INSTALAÇÃO DO BATENTE, SEM FECHADURA - FORNECIMENTO E INSTALAÇÃO. AF_12/2019","UN",984.98,91332,null,960.41,984.98]
[null,91333,"KIT DE PORTA DE MADEIRA FRISADA, SEMI-OCA (LEVE OU MÉDIA), PADRÃO POPULAR, 80X210CM, ESPESSURA DE 3,5CM, ITENS INCLUSOS: DOBRADIÇAS, MONTAGEM E INSTALAÇÃO DO BATENTE, SEM FECHADURA - FORNECIMENTO E INSTALAÇÃO. AF_12/2019","UN",849.7,91333,null,825.09,849.7]
[null,91334,"KIT DE PORTA DE MADEIRA TIPO VENEZIANA, PADRÃO MÉDIO, 80X210CM, ESPESSURA DE 3CM, ITENS INCLUSOS: DOBRADIÇAS, MONTAGEM E INSTALAÇÃO DO BATENTE, SEM FECHADURA - FORNECIMENTO E INSTALAÇÃO. AF_12/2019","UN",1446.25,91334,null,1421.68,1446.25]
[null,91335,"KIT DE PORTA DE MADEIRA TIPO VENEZIANA, PADRÃO POPULAR, 80X210CM, ESPESSURA DE 3CM, ITENS INCLUSOS: DOBRADIÇAS, MONTAGEM E INSTALAÇÃO DO BATENTE, SEM FECHADURA - FORNECIMENTO E INSTALAÇÃO. AF_12/2019","UN",1310.97,91335,null,1286.3599999999999,1310.97]
[null,91336,"KIT DE PORTA DE MADEIRA TIPO MEXICANA, MACIÇA (PESADA OU SUPERPESADA), PADRÃO MÉDIO, 80X210CM, ESPESSURA DE 3CM, ITENS INCLUSOS: DOBRADIÇAS, MONTAGEM E INSTALAÇÃO DO BATENTE, SEM FECHADURA - FORNECIMENTO E INSTALAÇÃO. AF_12/2019","UN",1801.34,91336,null,1774.68,1801.34]
[null,91337,"KIT DE PORTA DE MADEIRA TIPO MEXICANA, MACIÇA (PESADA OU SUPERPESADA), PADRÃO POPULAR, 80X210CM, ESPESSURA DE 3CM, ITENS INCLUSOS: DOBRADIÇAS, MONTAGEM E INSTALAÇÃO DO BATENTE, SEM FECHADURA - FORNECIMENTO E INSTALAÇÃO. AF_12/2019","UN",1666.06,91337,null,1639.36,1666.06]
[null,100659,"ALIZAR DE 5X1,5CM PARA PORTA FIXADO COM PREGOS, PADRÃO MÉDIO - FORNECIMENTO E INSTALAÇÃO. AF_12/2019","M",12.85,100659,null,12.61,12.85]
[null,100660,"ALIZAR DE 5X1,5CM PARA PORTA FIXADO COM PREGOS, PADRÃO POPULAR - FORNECIMENTO E INSTALAÇÃO. AF_12/2019","M",8.66,100660,null,8.42,8.66]
[null,100675,"KIT DE PORTA-PRONTA DE MADEIRA EM ACABAMENTO MELAMÍNICO BRANCO, FOLHA LEVE OU MÉDIA, 90X210, EXCLUSIVE FECHADURA, FIXAÇÃO COM PREENCHIMENTO TOTAL DE ESPUMA EXPANSIVA - FORNECIMENTO E INSTALAÇÃO. AF_12/2019","UN",1024.42,100675,null,1022.05,1024.42]
[null,100676,"BATENTE PARA PORTA COM BANDEIRA, FIXAÇÃO COM PARAFUSO E BUCHA. AF_12/2019","UN",204.14,100676,null,196.57,204.14]
[null,100678,"KIT DE PORTA DE MADEIRA PARA VERNIZ, SEMI-OCA (LEVE OU MÉDIA), PADRÃO MÉDIO, 60X210CM, ESPESSURA DE 3,5CM, ITENS INCLUSOS: DOBRADIÇAS, MONTAGEM E INSTALAÇÃO DE BATENTE, FECHADURA COM EXECUÇÃO DO FURO - FORNECIMENTO E INSTALAÇÃO. AF_12/2019","UN",1067.6600000000001,100678,null,1041.42,1067.6600000000001]
[null,100679,"KIT DE PORTA DE MADEIRA PARA VERNIZ, SEMI-OCA (LEVE OU MÉDIA), PADRÃO POPULAR, 60X210CM, ESPESSURA DE 3,5CM, ITENS INCLUSOS: DOBRADIÇAS, MONTAGEM E INSTALAÇÃO DE BATENTE, FECHADURA COM EXECUÇÃO DO FURO - FORNECIMENTO E INSTALAÇÃO. AF_12/2019","UN",882.38,100679,null,856.11,882.38]
[null,100680,"KIT DE PORTA DE MADEIRA PARA VERNIZ, SEMI-OCA (LEVE OU MÉDIA), PADRÃO MÉDIO, 70X210CM, ESPESSURA DE 3,5CM, ITENS INCLUSOS: DOBRADIÇAS, MONTAGEM E INSTALAÇÃO DE BATENTE, FECHADURA COM EXECUÇÃO DO FURO - FORNECIMENTO E INSTALAÇÃO. AF_12/2019","UN",1077.33,100680,null,1050.5899999999999,1077.33]
[null,100681,"KIT DE PORTA DE MADEIRA FRISADA, SEMI-OCA (LEVE OU MÉDIA), PADRÃO MÉDIO, 70X210CM, ESPESSURA DE 3CM, ITENS INCLUSOS: DOBRADIÇAS, MONTAGEM E INSTALAÇÃO DE BATENTE, FECHADURA COM EXECUÇÃO DO FURO - FORNECIMENTO E INSTALAÇÃO. AF_12/2019","UN",1106.92,100681,null,1080.18,1106.92]
[null,100682,"KIT DE PORTA DE MADEIRA FRISADA, SEMI-OCA (LEVE OU MÉDIA), PADRÃO POPULAR, 70X210CM, ESPESSURA DE 3CM, ITENS INCLUSOS: DOBRADIÇAS, MONTAGEM E INSTALAÇÃO DE BATENTE, FECHADURA COM EXECUÇÃO DO FURO - FORNECIMENTO E INSTALAÇÃO. AF_12/2019","UN",903.37,100682,null,876.6,903.37]
[null,100683,"KIT DE PORTA DE MADEIRA PARA VERNIZ, SEMI-OCA (LEVE OU MÉDIA), PADRÃO MÉDIO, 80X210CM, ESPESSURA DE 3,5CM, ITENS INCLUSOS: DOBRADIÇAS, MONTAGEM E INSTALAÇÃO DE BATENTE, FECHADURA COM EXECUÇÃO DO FURO - FORNECIMENTO E INSTALAÇÃO. AF_12/2019","UN",1164.1400000000001,100683,null,1136.08,1164.1400000000001]
[null,100684,"KIT DE PORTA DE MADEIRA PARA VERNIZ, SEMI-OCA (LEVE OU MÉDIA), PADRÃO POPULAR, 80X210CM, ESPESSURA DE 3,5CM, ITENS INCLUSOS: DOBRADIÇAS, MONTAGEM E INSTALAÇÃO DE BATENTE, FECHADURA COM EXECUÇÃO DO FURO - FORNECIMENTO E INSTALAÇÃO. AF_12/2019","UN",953.76,100684,null,925.66,953.76]
[null,100685,"KIT DE PORTA DE MADEIRA PARA VERNIZ, SEMI-OCA (LEVE OU MÉDIA), PADRÃO MÉDIO, 90X210CM, ESPESSURA DE 3,5CM, ITENS INCLUSOS: DOBRADIÇAS, MONTAGEM E INSTALAÇÃO DE BATENTE, FECHADURA COM EXECUÇÃO DO FURO - FORNECIMENTO E INSTALAÇÃO. AF_12/2019","UN",1214.0899999999999,100685,null,1185.52,1214.0899999999999]
[null,100686,"KIT DE PORTA DE MADEIRA PARA VERNIZ, SEMI-OCA (LEVE OU MÉDIA), PADRÃO POPULAR, 90X210CM, ESPESSURA DE 3CM, ITENS INCLUSOS: DOBRADIÇAS, MONTAGEM E INSTALAÇÃO DE BATENTE, FECHADURA COM EXECUÇÃO DO FURO - FORNECIMENTO E INSTALAÇÃO. AF_12/2019","UN",1002.87,100686,null,974.26,1002.87]
[null,100687,"KIT DE PORTA DE MADEIRA FRISADA, SEMI-OCA (LEVE OU MÉDIA), PADRÃO MÉDIO, 60X210CM, ESPESSURA DE 3,5CM, ITENS INCLUSOS: DOBRADIÇAS, MONTAGEM E INSTALAÇÃO DE BATENTE, FECHADURA COM EXECUÇÃO DO FURO - FORNECIMENTO E INSTALAÇÃO. AF_12/2019","UN",1078.25,100687,null,1052.01,1078.25]
[null,100688,"KIT DE PORTA DE MADEIRA FRISADA, SEMI-OCA (LEVE OU MÉDIA), PADRÃO POPULAR, 60X210CM, ESPESSURA DE 3CM, ITENS INCLUSOS: DOBRADIÇAS, MONTAGEM E INSTALAÇÃO DE BATENTE, FECHADURA COM EXECUÇÃO DO FURO - FORNECIMENTO E INSTALAÇÃO. AF_12/2019","UN",892.97,100688,null,866.7,892.97]
[null,100689,"KIT DE PORTA DE MADEIRA FRISADA, SEMI-OCA (LEVE OU MÉDIA), PADRÃO MÉDIO, 80X210CM, ESPESSURA DE 3,5CM, ITENS INCLUSOS: DOBRADIÇAS, MONTAGEM E INSTALAÇÃO DE BATENTE, FECHADURA COM EXECUÇÃO DO FURO - FORNECIMENTO E INSTALAÇÃO. AF_12/2019","UN",1171.2,100689,null,1143.1400000000001,1171.2]
[null,100690,"KIT DE PORTA DE MADEIRA FRISADA, SEMI-OCA (LEVE OU MÉDIA), PADRÃO POPULAR, 80X210CM, ESPESSURA DE 3,5CM, ITENS INCLUSOS: DOBRADIÇAS, MONTAGEM E INSTALAÇÃO DE BATENTE, FECHADURA COM EXECUÇÃO DO FURO - FORNECIMENTO E INSTALAÇÃO. AF_12/2019","UN",960.82,100690,null,932.72,960.82]
[null,100691,"KIT DE PORTA DE MADEIRA TIPO VENEZIANA, 80X210CM (ESPESSURA DE 3CM), PADRÃO MÉDIO, ITENS INCLUSOS: DOBRADIÇAS, MONTAGEM E INSTALAÇÃO DE BATENTE, FECHADURA COM EXECUÇÃO DO FURO - FORNECIMENTO E INSTALAÇÃO. AF_12/2019","UN",1632.47,100691,null,1604.41,1632.47]
[null,100692,"KIT DE PORTA DE MADEIRA TIPO VENEZIANA, 80X210CM (ESPESSURA DE 3CM), PADRÃO POPULAR, ITENS INCLUSOS: DOBRADIÇAS, MONTAGEM E INSTALAÇÃO DE BATENTE, FECHADURA COM EXECUÇÃO DO FURO - FORNECIMENTO E INSTALAÇÃO. AF_12/2019","UN",1422.09,100692,null,1393.99,1422.09]
[null,100693,"KIT DE PORTA DE MADEIRA TIPO MEXICANA, MACIÇA (PESADA OU SUPERPESADA), PADRÃO MÉDIO, 80X210CM, ESPESSURA DE 3,5CM, ITENS INCLUSOS: DOBRADIÇAS, MONTAGEM E INSTALAÇÃO DE BATENTE, FECHADURA COM EXECUÇÃO DO FURO - FORNECIMENTO E INSTALAÇÃO. AF_12/2019","UN",1987.56,100693,null,1957.41,1987.56]
[null,100694,"KIT DE PORTA DE MADEIRA TIPO MEXICANA, MACIÇA (PESADA OU SUPERPESADA), PADRÃO POPULAR, 80X210CM, ESPESSURA DE 3,5CM, ITENS INCLUSOS: DOBRADIÇAS, MONTAGEM E INSTALAÇÃO DE BATENTE, FECHADURA COM EXECUÇÃO DO FURO - FORNECIMENTO E INSTALAÇÃO. AF_12/2019","UN",1777.18,100694,null,1746.99,1777.18]
[null,100695,"RECOLOCAÇÃO DE FOLHAS DE PORTA DE MADEIRA LEVE OU MÉDIA DE 60CM DE LARGURA, CONSIDERANDO REAPROVEITAMENTO DO MATERIAL. AF_12/2019","UN",56.01,100695,null,50.45,56.01]
[null,100696,"RECOLOCAÇÃO DE FOLHAS DE PORTA DE MADEIRA LEVE OU MÉDIA DE 70CM DE LARGURA, CONSIDERANDO REAPROVEITAMENTO DO MATERIAL. AF_12/2019","UN",62.32,100696,null,56.13,62.32]
[null,100697,"RECOLOCAÇÃO DE FOLHAS DE PORTA DE MADEIRA LEVE OU MÉDIA DE 80CM DE LARGURA, CONSIDERANDO REAPROVEITAMENTO DO MATERIAL. AF_12/2019","UN",68.69,100697,null,61.86,68.69]
[null,100698,"RECOLOCAÇÃO DE FOLHAS DE PORTA DE MADEIRA LEVE OU MÉDIA DE 90CM DE LARGURA, CONSIDERANDO REAPROVEITAMENTO DO MATERIAL. AF_12/2019","UN",75.03,100698,null,67.56,75.03]
[null,100699,"RECOLOCAÇÃO DE FOLHAS DE PORTA DE MADEIRA PESADA OU SUPERPESADA DE 80CM DE LARGURA, CONSIDERANDO REAPROVEITAMENTO DO MATERIAL. AF_12/2019","UN",89.24,100699,null,80.33,89.24]
[null,100700,"PORTA DE MADEIRA COMPENSADA LISA PARA PINTURA, 120X210X3,5CM, 2 FOLHAS, INCLUSO ADUELA 2A, ALIZAR 2A E DOBRADIÇAS. AF_12/2019","UN",898.02,100700,null,880.46,898.02]
[null,100712,"KIT DE PORTA DE MADEIRA PARA VERNIZ, SEMI-OCA (LEVE OU MÉDIA), PADRÃO POPULAR, 70X210CM, ESPESSURA DE 3,5CM, ITENS INCLUSOS: DOBRADIÇAS, MONTAGEM E INSTALAÇÃO DE BATENTE, FECHADURA COM EXECUÇÃO DO FURO - FORNECIMENTO E INSTALAÇÃO. AF_12/2019","UN",873.78,100712,null,847.01,873.78]
[null,100665,"JANELA DE MADEIRA (CEDRINHO/ANGELIM OU EQUIV.) DE ABRIR COM 4 FOLHAS (2 VENEZIANAS E 2 GUILHOTINAS), COM BATENTE, ALIZAR E FERRAGENS, EXCLUSIVE VIDROS, ACABAMENTO E CONTRAMARCO, FIXAÇÃO C/ PARAFUSO E ESPUMA - FORNECIMENTO E INSTALAÇÃO. AF_11/2024","M2",778.35,100665,null,771.94,778.35]
[null,100666,"JANELA DE MADEIRA (PINUS/EUCALIPTO OU EQUIV.) DE ABRIR COM 4 FOLHAS (2 VENEZIANAS E 2 GUILHOTINAS), COM BATENTE, ALIZAR E FERRAGENS, EXCLUSIVE VIDROS, ACABAMENTO E CONTRAMARCO, FIXAÇÃO C/ PARAFUSO E ESPUMA - FORNECIMENTO E INSTALAÇÃO. AF_11/2024","M2",620,100666,null,613.59,620]
[null,100667,"JANELA DE MADEIRA (IMBUIA/CEDRO OU EQUIV.) DE ABRIR COM 4 FOLHAS (2 VENEZIANAS E 2 GUILHOTINAS), COM BATENTE, ALIZAR E FERRAGENS, EXCLUSIVE VIDROS, ACABAMENTO E CONTRAMARCO, FIXAÇÃO C/ PARAFUSO E ESPUMA - FORNECIMENTO E INSTALAÇÃO. AF_11/2024","M2",1002.22,100667,null,995.81,1002.22]
[null,100668,"JANELA DE MADEIRA (CEDRINHO/ANGELIM OU EQUIV.) TIPO MAXIM-AR, PARA VIDRO, COM BATENTE, ALIZAR E FERRAGENS, EXCLUSIVE VIDRO, ACABAMENTO E CONTRAMARCO, FIXAÇÃO C/ PARAFUSO E ESPUMA - FORNECIMENTO E INSTALAÇÃO. AF_11/2024","M2",1159.46,100668,null,1144.71,1159.46]
[null,100669,"JANELA DE MADEIRA (PINUS/EUCALIPTO OU EQUIV.) TIPO BASCULANTE COM 2 FOLHAS PARA VIDRO, COM BATENTE, ALIZAR E FERRAGENS, EXCLUSIVE VIDROS, ACABAMENTO E CONTRAMARCO, FIXAÇÃO C/ PARAFUSO E ESPUMA - FORNECIMENTO E INSTALAÇÃO. AF_11/2024","M2",805.62,100669,null,790.87,805.62]
[null,100670,"JANELA DE MADEIRA (CEDRINHO/ANGELIM OU EQUIV.) DE CORRER COM 6 FOLHAS (4 VENEZ. FIXAS E 2 DE CORRER), COM BATENTE, ALIZAR E FERRAGENS, EXCLUSIVE VIDROS, ACABAMENTO E CONTRAMARCO, FIXAÇÃO C/ PARAFUSO E ESPUMA - FORNECIMENTO E INSTALAÇÃO. AF_11/2024","M2",969.72,100670,null,964.12,969.72]
[null,100671,"JANELA DE MADEIRA (IMBUIA/CEDRO OU EQUIV) DE CORRER COM 6 FOLHAS (4 VENEZ. FIXAS E 2 DE CORRER), COM BATENTE, ALIZAR E FERRAGENS, EXCLUSIVE VIDROS, ACABAMENTO E CONTRAMARCO, FIXAÇÃO C/ PARAFUSO E ESPUMA - FORNECIMENTO E INSTALAÇÃO. AF_11/2024","M2",1197.46,100671,null,1191.8599999999999,1197.46]
[null,100672,"JANELA DE MADEIRA (PINUS/EUCALIPTO OU EQUIV.) DE CORRER COM 6 FOLHAS (4 VENEZ. FIXAS E 2 DE CORRER), COM BATENTE, ALIZAR E FERRAGENS, EXCLUSIVE VIDROS, ACABAMENTO E CONTRAMARCO, FIXAÇÃO C/ PARAFUSO E ESPUMA - FORNECIMENTO E INSTALAÇÃO. AF_11/2024","M2",782.27,100672,null,776.67,782.27]
[null,100701,"PORTA DE FERRO, DE ABRIR, TIPO GRADE COM CHAPA, COM GUARNIÇÕES. AF_12/2019","M2",759.88,100701,null,757.99,759.88]
[null,94559,"JANELA DE AÇO TIPO BASCULANTE PARA VIDROS, COM BATENTE, FERRAGENS E PINTURA ANTICORROSIVA, EXCLUSIVE VIDROS, ACABAMENTO, ALIZAR E CONTRAMARCO, FIXAÇÃO COM ARGAMASSA. FORNECIMENTO E INSTALAÇÃO. AF_11/2024","M2",684.45,94559,null,665.43,684.45]
[null,94562,"JANELA DE AÇO DE CORRER COM 4 FOLHAS PARA VIDRO, COM BATENTE, FERRAGENS E PINTURA ANTICORROSIVA, EXCLUSIVE VIDROS, ALIZAR E CONTRAMARCO, FIXAÇÃO COM ARGAMASSA. FORNECIMENTO E INSTALAÇÃO. AF_11/2024","M2",592.23,94562,null,587.07000000000005,592.23]
[null,94587,"CONTRAMARCO DE AÇO, FIXAÇÃO COM ARGAMASSA - FORNECIMENTO E INSTALAÇÃO. AF_11/2024","M",62.84,94587,null,60.29,62.84]
[null,94588,"CONTRAMARCO DE AÇO, FIXAÇÃO COM PARAFUSO - FORNECIMENTO E INSTALAÇÃO. AF_11/2024","M",73.430000000000007,94588,null,70.2,73.430000000000007]
[null,105813,"JANELA DE AÇO GALVANIZADO TIPO MAXIM-AR, COM BATENTE, FERRAGENS, PINTURA ANTICORROSIVA E GRADE, 1 FOLHA, EXCLUSIVE ALIZAR E CONTRAMARCO, FIXAÇÃO COM ARGAMASSA - FORNECIMENTO E INSTALAÇÃO. AF_11/2024","M2",990.06,105813,null,971.09,990.06]
[null,99837,"GUARDA-CORPO DE AÇO GALVANIZADO DE 1,10M, MONTANTES TUBULARES DE 1.1/4\" ESPAÇADOS DE 1,20M, TRAVESSA SUPERIOR DE 1.1/2\", GRADIL FORMADO POR TUBOS HORIZONTAIS DE 1\" E VERTICAIS DE 3/4\", FIXADO COM CHUMBADOR MECÂNICO. AF_04/2019_PS","M",571.25,99837,null,547.11,571.25]
[null,99839,"GUARDA-CORPO DE AÇO GALVANIZADO DE 1,10M DE ALTURA, MONTANTES TUBULARES DE 1.1/2  ESPAÇADOS DE 1,20M, TRAVESSA SUPERIOR DE 2 , GRADIL FORMADO POR BARRAS CHATAS EM FERRO DE 32X4,8MM, FIXADO COM CHUMBADOR MECÂNICO. AF_04/2019_PS","M",481.89,99839,null,456.56,481.89]
[null,99841,"GUARDA-CORPO PANORÂMICO COM PERFIS DE ALUMÍNIO E VIDRO LAMINADO 8 MM, FIXADO COM CHUMBADOR MECÂNICO. AF_04/2019_PS","M",1482.35,99841,null,1467.66,1482.35]
[null,99855,"CORRIMÃO SIMPLES, DIÂMETRO EXTERNO = 1 1/2\", EM AÇO GALVANIZADO. AF_04/2019_PS","M",102.8,99855,null,98.65,102.8]
[null,99857,"CORRIMÃO SIMPLES, DIÂMETRO EXTERNO = 1 1/2\", EM ALUMÍNIO. AF_04/2019_PS","M",86.22,99857,null,80.400000000000006,86.22]
[null,99861,"GRADIL EM FERRO FIXADO EM VÃOS DE JANELAS, FORMADO POR BARRAS CHATAS DE 25X4,8 MM. AF_04/2019","M2",599.82000000000005,99861,null,562.54999999999995,599.82000000000005]
[null,99862,"GRADIL EM ALUMÍNIO FIXADO EM VÃOS DE JANELAS, FORMADO POR TUBOS DE 3/4\". AF_04/2019","M2",577.98,99862,null,539.27,577.98]
[null,90838,"PORTA CORTA-FOGO 90X210X4CM - FORNECIMENTO E INSTALAÇÃO. AF_12/2019","UN",1891.32,90838,null,1877.93,1891.32]
[null,91338,"PORTA DE ALUMÍNIO DE ABRIR COM LAMBRI, COM GUARNIÇÃO, FIXAÇÃO COM PARAFUSOS - FORNECIMENTO E INSTALAÇÃO. AF_12/2019","M2",837.96,91338,null,836.66,837.96]
[null,91341,"PORTA EM ALUMÍNIO DE ABRIR TIPO VENEZIANA COM GUARNIÇÃO, FIXAÇÃO COM PARAFUSOS - FORNECIMENTO E INSTALAÇÃO. AF_12/2019","M2",{"$f":"IF($K$2=$H$1,H2243,I2243)","v":651.80999999999995},{"$f":"IF(LEN($B2243)=7,CONCATENATE(MID($B2243,1,6),\"00\",RIGHT($B2243,1)),IF(LEN($B2243)=8,CONCATENATE(MID($B2243,1,6),\"0\",RIGHT($B2243,2)),$B2243))","v":91341},null,650.41,651.80999999999995]
[null,94805,"PORTA DE ALUMÍNIO DE ABRIR PARA VIDRO SEM GUARNIÇÃO, 87X210CM, FIXAÇÃO COM PARAFUSOS, INCLUSIVE VIDROS - FORNECIMENTO E INSTALAÇÃO. AF_12/2019","UN",835.27,94805,null,832.9,835.27]
[null,94806,"PORTA EM AÇO DE ABRIR PARA VIDRO SEM GUARNIÇÃO, 87X210CM, FIXAÇÃO COM PARAFUSOS, EXCLUSIVE VIDROS - FORNECIMENTO E INSTALAÇÃO. AF_12/2019","UN",876.75,94806,null,873.39,876.75]
[null,94807,"PORTA EM AÇO DE ABRIR TIPO VENEZIANA SEM GUARNIÇÃO, 87X210CM, FIXAÇÃO COM PARAFUSOS - FORNECIMENTO E INSTALAÇÃO. AF_12/2019","UN",797.02,94807,null,793.47,797.02]
[null,100702,"PORTA DE CORRER DE ALUMÍNIO, COM DUAS FOLHAS PARA VIDRO, INCLUSO VIDRO LISO INCOLOR, FECHADURA E PUXADOR, SEM ALIZAR. AF_12/2019","M2",462.64,100702,null,461.61,462.64]
[null,102188,"MOLA HIDRAULICA DE PISO PARA PORTA DE VIDRO TEMPERADO. AF_01/2021","UN",1030.47,102188,null,1022.84,1030.47]
[null,102189,"JOGO DE FERRAGENS CROMADAS PARA PORTA DE VIDRO TEMPERADO, UMA FOLHA COMPOSTO DE DOBRADICAS SUPERIOR E INFERIOR, TRINCO, FECHADURA, CONTRA FECHADURA COM CAPUCHINHO SEM MOLA E PUXADOR. AF_01/2021","UN",262.67,102189,null,254.19,262.67]
[null,100703,"PUXADOR CENTRAL PARA ESQUADRIA DE MADEIRA. AF_12/2019","UN",36,100703,null,34.85,36]
[null,100704,"PORTA CADEADO ZINCADO OXIDADO PRETO COM CADEADO DE AÇO INOX, LARGURA DE *50* MM. AF_12/2019","UN",77.97,100704,null,76.13,77.97]
[null,100705,"TARJETA TIPO LIVRE/OCUPADO PARA PORTA DE BANHEIRO. AF_12/2019","UN",86.94,100705,null,83.76,86.94]
[null,100706,"CREMONA EM LATÃO CROMADO OU POLIDO, COMPLETA. AF_12/2019","UN",74.06,100706,null,69.94,74.06]
[null,100707,"FECHO DE EMBUTIR TIPO UNHA 22CM. AF_12/2019","UN",164.9,100707,null,160.97,164.9]
[null,100708,"FECHO DE EMBUTIR TIPO UNHA 40CM. AF_12/2019","UN",207.99,100708,null,203.65,207.99]
[null,100709,"DOBRADIÇA EM AÇO/FERRO, 3\" X 21/2\", E=1,9 A 2MM, SEN ANEL, CROMADO OU ZINCADO, TAMPA BOLA, COM PARAFUSOS. AF_12/2019","UN",44.32,100709,null,41.13,44.32]
[null,100710,"DOBRADIÇA TIPO VAI E VEM EM LATÃO POLIDO 3\". AF_12/2019","UN",110.29,100710,null,106.03,110.29]
[null,102151,"INSTALAÇÃO DE VIDRO LISO INCOLOR, E = 3 MM, EM ESQUADRIA DE MADEIRA, FIXADO COM BAGUETE. AF_01/2021","M2",242.95,102151,null,240.24,242.95]
[null,102152,"INSTALAÇÃO DE VIDRO LISO, E = 4 MM, EM ESQUADRIA DE MADEIRA, FIXADO COM BAGUETE. AF_01/2021","M2",271.7,102152,null,268.99,271.7]
[null,102153,"INSTALAÇÃO DE VIDRO LISO FUME, E = 4 MM, EM ESQUADRIA DE MADEIRA, FIXADO COM BAGUETE. AF_01/2021","M2",348.36,102153,null,345.65,348.36]
[null,102154,"INSTALAÇÃO DE VIDRO LISO INCOLOR, E = 5 MM, EM ESQUADRIA DE MADEIRA, FIXADO COM BAGUETE. AF_01/2021","M2",301.89,102154,null,299.72000000000003,301.89]
[null,102155,"INSTALAÇÃO DE VIDRO LISO FUME, E = 5 MM, EM ESQUADRIA DE MADEIRA, FIXADO COM BAGUETE. AF_01/2021","M2",364.6,102155,null,362.43,364.6]
[null,102156,"INSTALAÇÃO DE VIDRO LISO INCOLOR, E = 6 MM, EM ESQUADRIA DE MADEIRA, FIXADO COM BAGUETE. AF_01/2021","M2",351.57,102156,null,349.92,351.57]
[null,102157,"INSTALAÇÃO DE VIDRO LISO FUME, E = 6 MM, EM ESQUADRIA DE MADEIRA, FIXADO COM BAGUETE. AF_01/2021","M2",485.74,102157,null,484.09,485.74]
[null,102158,"INSTALAÇÃO DE VIDRO LISO INCOLOR, E = 8 MM, EM ESQUADRIA DE MADEIRA, FIXADO COM BAGUETE. AF_01/2021","M2",494.45,102158,null,493.22,494.45]
[null,102159,"INSTALAÇÃO DE VIDRO LISO INCOLOR, E = 10 MM, EM ESQUADRIA DE MADEIRA, FIXADO COM BAGUETE. AF_01/2021","M2",591.74,102159,null,590.65,591.74]
[null,102160,"INSTALAÇÃO DE VIDRO IMPRESSO, E = 4 MM, EM ESQUADRIA DE MADEIRA, FIXADO COM BAGUETE. AF_01/2021","M2",233.36,102160,null,230.65,233.36]
[null,102161,"INSTALAÇÃO DE VIDRO LISO INCOLOR, E = 3 MM, EM ESQUADRIA DE ALUMÍNIO OU PVC, FIXADO COM BAGUETE. AF_01/2021_PS","M2",352.94,102161,null,349.65,352.94]
[null,102162,"INSTALAÇÃO DE VIDRO LISO INCOLOR, E = 4 MM, EM ESQUADRIA DE ALUMÍNIO OU PVC, FIXADO COM BAGUETE. AF_01/2021_PS","M2",381.69,102162,null,378.4,381.69]
[null,102163,"INSTALAÇÃO DE VIDRO LISO FUME, E = 4 MM, EM ESQUADRIA DE ALUMÍNIO OU PVC, FIXADO COM BAGUETE. AF_01/2021_PS","M2",458.35,102163,null,455.06,458.35]
[null,102164,"INSTALAÇÃO DE VIDRO LISO INCOLOR, E = 5 MM, EM ESQUADRIA DE ALUMÍNIO OU PVC, FIXADO COM BAGUETE. AF_01/2021_PS","M2",391.65,102164,null,389.02,391.65]
[null,102165,"INSTALAÇÃO DE VIDRO LISO FUME, E = 5 MM, EM ESQUADRIA DE ALUMÍNIO OU PVC, FIXADO COM BAGUETE. AF_01/2021_PS","M2",454.36,102165,null,451.73,454.36]
[null,102166,"INSTALAÇÃO DE VIDRO LISO INCOLOR, E = 6 MM, EM ESQUADRIA DE ALUMÍNIO OU PVC, FIXADO COM BAGUETE. AF_01/2021_PS","M2",421.08,102166,null,419.08,421.08]
[null,102167,"INSTALAÇÃO DE VIDRO LISO FUME, E = 6 MM, EM ESQUADRIA DE ALUMÍNIO OU PVC, FIXADO COM BAGUETE. AF_01/2021_PS","M2",555.25,102167,null,553.25,555.25]
[null,102168,"INSTALAÇÃO DE VIDRO LISO INCOLOR, E = 8 MM, EM ESQUADRIA DE ALUMÍNIO OU PVC, FIXADO COM BAGUETE. AF_01/2021_PS","M2",545.97,102168,null,544.47,545.97]
[null,102169,"INSTALAÇÃO DE VIDRO LISO INCOLOR, E = 10 MM, EM ESQUADRIA DE ALUMÍNIO OU PVC, FIXADO COM BAGUETE. AF_01/2021_PS","M2",636.58000000000004,102169,null,635.28,636.58000000000004]
[null,102170,"INSTALAÇÃO DE VIDRO IMPRESSO, E = 4 MM, EM ESQUADRIA DE ALUMÍNIO OU PVC, FIXADO COM BAGUETE. AF_01/2021_PS","M2",343.35,102170,null,340.06,343.35]
[null,102171,"INSTALAÇÃO DE VIDRO ARAMADO, E = 6 MM, EM ESQUADRIA DE ALUMÍNIO OU PVC, FIXADO COM BAGUETE. AF_01/2021_PS","M2",698.32,102171,null,695.69,698.32]
[null,102172,"INSTALAÇÃO DE VIDRO ARAMADO, E = 7 MM, EM ESQUADRIA DE ALUMÍNIO OU PVC, FIXADO COM BAGUETE. AF_01/2021_PS","M2",689.41,102172,null,687.41,689.41]
[null,102176,"INSTALAÇÃO DE VIDRO LAMINADO, E = 8 MM (4+4), ENCAIXADO EM PERFIL U. AF_01/2021_PS","M2",1270.1500000000001,102176,null,1263.1600000000001,1270.1500000000001]
[null,102177,"INSTALAÇÃO DE VIDRO LAMINADO, E = 12 MM (4+4+4), ENCAIXADO EM PERFIL U. AF_01/2021_PS","M2",2641.57,102177,null,2635.21,2641.57]
[null,102178,"INSTALAÇÃO DE VIDRO LAMINADO, E = 15 MM (5+5+5), ENCAIXADO EM PERFIL U. AF_01/2021_PS","M2",3048.54,102178,null,3042.72,3048.54]
[null,102179,"INSTALAÇÃO DE VIDRO TEMPERADO, E = 6 MM, ENCAIXADO EM PERFIL U. AF_01/2021_PS","M2",426.83,102179,null,420.18,426.83]
[null,102180,"INSTALAÇÃO DE VIDRO TEMPERADO, E = 8 MM, ENCAIXADO EM PERFIL U. AF_01/2021_PS","M2",506.31,102180,null,499.97,506.31]
[null,102181,"INSTALAÇÃO DE VIDRO TEMPERADO, E = 10 MM, ENCAIXADO EM PERFIL U. AF_01/2021_PS","M2",612.09,102181,null,606.14,612.09]
[null,102182,"PORTA PIVOTANTE DE VIDRO TEMPERADO, 90X210 CM, ESPESSURA 10 MM, INCLUSIVE ACESSÓRIOS. AF_01/2021","UN",1287.57,102182,null,1279.52,1287.57]
[null,102183,"PORTA PIVOTANTE DE VIDRO TEMPERADO, 2 FOLHAS DE 90X210 CM, ESPESSURA DE 10MM, INCLUSIVE ACESSÓRIOS. AF_01/2021","UN",2586.21,102183,null,2569.0100000000002,2586.21]
[null,102184,"PORTA DE ABRIR COM MOLA HIDRÁULICA, EM VIDRO TEMPERADO, 90X210 CM, ESPESSURA 10 MM, INCLUSIVE ACESSÓRIOS. AF_01/2021","UN",2297.46,102184,null,2283.81,2297.46]
[null,102185,"PORTA DE ABRIR COM MOLA HIDRÁULICA, EM VIDRO TEMPERADO, 2 FOLHAS DE 90X210 CM, ESPESSURA DD 10MM, INCLUSIVE ACESSÓRIOS. AF_01/2021","UN",4605.68,102185,null,4577.32,4605.68]
[null,102190,"REMOÇÃO DE VIDRO LISO COMUM DE ESQUADRIA COM BAGUETE DE MADEIRA. AF_01/2021","M2",17.010000000000002,102190,null,15.33,17.010000000000002]
[null,102191,"REMOÇÃO DE VIDRO LISO COMUM DE ESQUADRIA COM BAGUETE DE ALUMÍNIO OU PVC. AF_01/2021","M2",20.68,102191,null,18.63,20.68]
[null,102192,"REMOÇÃO DE VIDRO TEMPERADO FIXADO EM PERFIL U. AF_01/2021","M2",14.75,102192,null,13.29,14.75]
[null,94569,"JANELA DE ALUMÍNIO TIPO MAXIM-AR, COM VIDROS, BATENTE E FERRAGENS, EXCLUSIVE ALIZAR, ACABAMENTO E CONTRAMARCO, FIXAÇÃO COM PARAFUSO. FORNECIMENTO E INSTALAÇÃO. AF_11/2024","M2",628.75,94569,null,625.04999999999995,628.75]
[null,94570,"JANELA DE ALUMÍNIO DE CORRER COM 2 FOLHAS PARA VIDROS, COM VIDROS, BATENTE, ACABAMENTO COM ACETATO OU BRILHANTE E FERRAGENS, EXCLUSIVE ALIZAR E CONTRAMARCO, FIXAÇÃO COM PARAFUSO. FORNECIMENTO E INSTALAÇÃO. AF_11/2024","M2",333.1,94570,null,331.96,333.1]
[null,94572,"JANELA DE ALUMÍNIO DE CORRER COM 3 FOLHAS (2 VENEZIANAS E 1 PARA VIDRO), COM VIDROS, BATENTE E FERRAGENS, EXCLUSIVE ACABAMENTO, ALIZAR E CONTRAMARCO, FIXAÇÃO COM PARAFUSO. FORNECIMENTO E INSTALAÇÃO. AF_11/2024","M2",475.77,94572,null,474.07,475.77]
[null,94573,"JANELA DE ALUMÍNIO DE CORRER COM 4 FOLHAS PARA VIDROS, COM VIDROS, BATENTE E FERRAGENS, EXCLUSIVE ACABAMENTO, ALIZAR E CONTRAMARCO, FIXAÇÃO COM PARAFUSO. FORNECIMENTO E INSTALAÇÃO. AF_11/2024","M2",370.74,94573,null,369.59,370.74]
[null,94589,"CONTRAMARCO DE ALUMÍNIO, FIXAÇÃO COM ARGAMASSA - FORNECIMENTO E INSTALAÇÃO. AF_11/2024","M",19.260000000000002,94589,null,18.13,19.260000000000002]
[null,94590,"CONTRAMARCO DE ALUMÍNIO, FIXAÇÃO COM PARAFUSO - FORNECIMENTO E INSTALAÇÃO. AF_11/2024","M",25.92,94590,null,24.51,25.92]
[null,100674,"JANELA FIXA DE ALUMÍNIO PARA VIDRO, COM VIDRO, BATENTE E FERRAGENS, EXCLUSIVE ACABAMENTO, ALIZAR E CONTRAMARCO, FIXAÇÃO COM PARAFUSO - FORNECIMENTO E INSTALAÇÃO. AF_11/2024","M2",723.54,100674,null,720.82,723.54]
[null,105812,"GUARNIÇÃO DE ALUMÍNIO - FORNECIMENTO E INSTALAÇÃO. AF_11/2024","M",29.06,105812,null,28.82,29.06]
[null,101096,"TUBULÃO A CÉU ABERTO, DIÂMETRO DO FUSTE DE 70CM, ESCAVAÇÃO MANUAL, SEM ALARGAMENTO DE BASE, CONCRETO FEITO EM OBRA E LANÇADO COM JERICA. AF_05/2020_PA","M3",1377.75,101096,null,1315.73,1377.75]
[null,101097,"TUBULÃO A CÉU ABERTO, DIÂMETRO DO FUSTE DE 80CM, ESCAVAÇÃO MANUAL, SEM ALARGAMENTO DE BASE, CONCRETO FEITO EM OBRA E LANÇADO COM JERICA. AF_05/2020_PA","M3",1313.56,101097,null,1258.06,1313.56]
[null,101098,"TUBULÃO A CÉU ABERTO, DIÂMETRO DO FUSTE DE 100CM, ESCAVAÇÃO MANUAL, SEM ALARGAMENTO DE BASE, CONCRETO FEITO EM OBRA E LANÇADO COM JERICA. AF_05/2020_PA","M3",1232.8399999999999,101098,null,1186.31,1232.8399999999999]
[null,101099,"TUBULÃO A CÉU ABERTO, DIÂMETRO DO FUSTE DE 120CM, ESCAVAÇÃO MANUAL, SEM ALARGAMENTO DE BASE, CONCRETO FEITO EM OBRA E LANÇADO COM JERICA. AF_05/2020_PA","M3",1138.96,101099,null,1098.43,1138.96]
[null,101100,"TUBULÃO A CÉU ABERTO, DIÂMETRO DO FUSTE DE 70CM, ESCAVAÇÃO MECÂNICA, SEM ALARGAMENTO DE BASE, CONCRETO FEITO EM OBRA E LANÇADO COM JERICA. AF_05/2020_PA","M3",1081.25,101100,null,1062.25,1081.25]
[null,101101,"TUBULÃO A CÉU ABERTO, DIÂMETRO DO FUSTE DE 80CM, ESCAVAÇÃO MECÂNICA, SEM ALARGAMENTO DE BASE, CONCRETO FEITO EM OBRA E LANÇADO COM JERICA (EXCLUSIVE MOBILIZAÇÃO E DESMOBILIZAÇÃO). AF_05/2020_PA","M3",1057.99,101101,null,1039.99,1057.99]
[null,101102,"TUBULÃO A CÉU ABERTO, DIÂMETRO DO FUSTE DE 100CM, ESCAVAÇÃO MECÂNICA, SEM ALARGAMENTO DE BASE, CONCRETO FEITO EM OBRA E LANÇADO COM JERICA (EXCLUSIVE MOBILIZAÇÃO E DESMOBILIZAÇÃO). AF_05/2020_PA","M3",{"$f":"IF($K$2=$H$1,H2307,I2307)","v":1033.78},{"$f":"IF(LEN($B2307)=7,CONCATENATE(MID($B2307,1,6),\"00\",RIGHT($B2307,1)),IF(LEN($B2307)=8,CONCATENATE(MID($B2307,1,6),\"0\",RIGHT($B2307,2)),$B2307))","v":101102},null,1017.2,1033.78]
[null,101103,"TUBULÃO A CÉU ABERTO, DIÂMETRO DO FUSTE DE 120CM, ESCAVAÇÃO MECÂNICA, SEM ALARGAMENTO DE BASE, CONCRETO FEITO EM OBRA E LANÇADO COM JERICA (EXCLUSIVE MOBILIZAÇÃO E DESMOBILIZAÇÃO). AF_05/2020_PA","M3",976.58,101103,null,961.1,976.58]
[null,101104,"TUBULÃO A CÉU ABERTO, DIÂMETRO DO FUSTE DE 70CM, ESCAVAÇÃO MANUAL, SEM ALARGAMENTO DE BASE, CONCRETO USINADO E LANÇADO COM BOMBA OU DIRETAMENTE DO CAMINHÃO (EXCLUSIVE BOMBEAMENTO). AF_05/2020_PA","M3",1505.13,101104,null,1453.96,1505.13]
[null,101105,"TUBULÃO A CÉU ABERTO, DIÂMETRO DO FUSTE DE 80CM, ESCAVAÇÃO MANUAL, SEM ALARGAMENTO DE BASE, CONCRETO USINADO E LANÇADO COM BOMBA OU DIRETAMENTE DO CAMINHÃO (EXCLUSIVE BOMBEAMENTO). AF_05/2020_PA","M3",1439.06,101105,null,1394.2,1439.06]
[null,101106,"TUBULÃO A CÉU ABERTO, DIÂMETRO DO FUSTE DE 100CM, ESCAVAÇÃO MANUAL, SEM ALARGAMENTO DE BASE, CONCRETO USINADO E LANÇADO COM BOMBA OU DIRETAMENTE DO CAMINHÃO (EXCLUSIVE BOMBEAMENTO). AF_05/2020_PA","M3",1355.93,101106,null,1319.69,1355.93]
[null,101107,"TUBULÃO A CÉU ABERTO, DIÂMETRO DO FUSTE DE 120CM, ESCAVAÇÃO MANUAL, SEM ALARGAMENTO DE BASE, CONCRETO USINADO E LANÇADO COM BOMBA OU DIRETAMENTE DO CAMINHÃO (EXCLUSIVE BOMBEAMENTO). AF_05/2020_PA","M3",1258.26,101107,null,1227.6300000000001,1258.26]
[null,101108,"TUBULÃO A CÉU ABERTO, DIÂMETRO DO FUSTE DE 70CM, ESCAVAÇÃO MECÂNICA, SEM ALARGAMENTO DE BASE, CONCRETO USINADO E LANÇADO COM BOMBA OU DIRETAMENTE DO CAMINHÃO (EXCLUSIVE BOMBEAMENTO, MOBILIZAÇÃO E DESMOBILIZAÇÃO). AF_05/2020_PA","M3",1203.31,101108,null,1195.83,1203.31]
[null,101109,"TUBULÃO A CÉU ABERTO, DIÂMETRO DO FUSTE DE 80CM, ESCAVAÇÃO MECÂNICA, SEM ALARGAMENTO DE BASE, CONCRETO USINADO E LANÇADO COM BOMBA OU DIRETAMENTE DO CAMINHÃO (EXCLUSIVE BOMBEAMENTO, MOBILIZAÇÃO E DESMOBILIZAÇÃO). AF_05/2020_PA","M3",1178.44,101109,null,1171.71,1178.44]
[null,101110,"TUBULÃO A CÉU ABERTO, DIÂMETRO DO FUSTE DE 100CM, ESCAVAÇÃO MECÂNICA, SEM ALARGAMENTO DE BASE, CONCRETO USINADO E LANÇADO COM BOMBA OU DIRETAMENTE DO CAMINHÃO (EXCLUSIVE BOMBEAMENTO, MOBILIZAÇÃO E DESMOBILIZAÇÃO). AF_05/2020_PA","M3",1152.43,101110,null,1146.7,1152.43]
[null,101111,"TUBULÃO A CÉU ABERTO, DIÂMETRO DO FUSTE DE 120CM, ESCAVAÇÃO MECÂNICA, SEM ALARGAMENTO DE BASE, CONCRETO USINADO E LANÇADO COM BOMBA OU DIRETAMENTE DO CAMINHÃO (EXCLUSIVE BOMBEAMENTO, MOBILIZAÇÃO E DESMOBILIZAÇÃO). AF_05/2020_PA","M3",1092.05,101111,null,1086.95,1092.05]
[null,101112,"ALARGAMENTO DE BASE DE TUBULÃO A CÉU ABERTO, ESCAVAÇÃO MANUAL, CONCRETO FEITO EM OBRA E LANÇADO COM JERICA. AF_05/2020","M3",1031.2,101112,null,993.51,1031.2]
[null,101113,"ALARGAMENTO DE BASE DE TUBULÃO A CÉU ABERTO, ESCAVAÇÃO MANUAL, CONCRETO USINADO E LANÇADO COM BOMBA OU DIRETAMENTE DO CAMINHÃO (EXCLUSIVE BOMBEAMENTO). AF_05/2020","M3",1164.97,101113,null,1137.8599999999999,1164.97]
[null,95601,"ARRASAMENTO MECANICO DE ESTACA DE CONCRETO ARMADO, DIAMETROS DE ATÉ 40 CM. AF_05/2021","UN",15.14,95601,null,13.71,15.14]
[null,95602,"ARRASAMENTO MECANICO DE ESTACA DE CONCRETO ARMADO, DIAMETROS DE 41 CM A 60 CM. AF_05/2021","UN",24.24,95602,null,21.95,24.24]
[null,95603,"ARRASAMENTO MECANICO DE ESTACA DE CONCRETO ARMADO, DIAMETROS DE 61 CM A 80 CM. AF_05/2021","UN",41.36,95603,null,37.46,41.36]
[null,95604,"ARRASAMENTO MECANICO DE ESTACA DE CONCRETO ARMADO, DIAMETROS DE 81 CM A 100 CM. AF_05/2021","UN",64.180000000000007,95604,null,58.13,64.180000000000007]
[null,95605,"ARRASAMENTO MECANICO DE ESTACA DE CONCRETO ARMADO, DIAMETROS DE 101 CM A 150 CM. AF_05/2021","UN",117.86,95605,null,106.74,117.86]
[null,95607,"ARRASAMENTO MECÂNICO DE ESTACA METÁLICA, PERFIL LAMINADO TIPO  I  FAMÍLIA 250. AF_05/2021","UN",26.17,95607,null,25.04,26.17]
[null,95608,"ARRASAMENTO MECÂNICO DE ESTACA METÁLICA, PERFIL LAMINADO TIPO  H - FAMÍLIA 250. AF_05/2021","UN",37.96,95608,null,36.33,37.96]
[null,95609,"ARRASAMENTO MECÂNICO DE ESTACA METÁLICA, PERFIL LAMINADO TIPO  H - FAMÍLIA 310. AF_05/2021","UN",48.13,95609,null,46.07,48.13]
[null,100651,"ESTACA HÉLICE CONTÍNUA, DIÂMETRO DE 30 CM, INCLUSO CONCRETO FCK=30MPA E ARMADURA MÍNIMA (EXCLUSIVE BOMBEAMENTO, MOBILIZAÇÃO E DESMOBILIZAÇÃO). AF_12/2019_PA","M",169.18,100651,null,167.78,169.18]
[null,100652,"ESTACA HÉLICE CONTÍNUA , DIÂMETRO DE 50 CM, INCLUSO CONCRETO FCK=30MPA E ARMADURA MÍNIMA (EXCLUSIVE BOMBEAMENTO, MOBILIZAÇÃO E DESMOBILIZAÇÃO). AF_12/2019_PA","M",336.25,100652,null,334.37,336.25]
[null,100653,"ESTACA HÉLICE CONTÍNUA, DIÂMETRO DE 70 CM, INCLUSO CONCRETO FCK=30MPA E ARMADURA MÍNIMA (EXCLUSIVE BOMBEAMENTO, MOBILIZAÇÃO E DESMOBILIZAÇÃO). AF_12/2019_PA","M",568.88,100653,null,566.51,568.88]
[null,100654,"ESTACA HÉLICE CONTÍNUA, DIÂMETRO DE 80 CM, INCLUSO CONCRETO FCK=30MPA E ARMADURA MÍNIMA (EXCLUSIVE BOMBEAMENTO, MOBILIZAÇÃO E DESMOBILIZAÇÃO). AF_12/2019_PA","M",756.72,100654,null,753.96,756.72]
[null,100655,"ESTACA HÉLICE CONTÍNUA, DIÂMETRO DE 90 CM, INCLUSO CONCRETO FCK=30MPA E ARMADURA MÍNIMA (EXCLUSIVE BOMBEAMENTO, MOBILIZAÇÃO E DESMOBILIZAÇÃO). AF_12/2019_PA","M",886.82,100655,null,884.42,886.82]
[null,100656,"ESTACA PRÉ-MOLDADA DE CONCRETO, SEÇÃO QUADRADA, CAPACIDADE DE 25 TONELADAS, INCLUSO EMENDA (EXCLUSIVE MOBILIZAÇÃO E DESMOBILIZAÇÃO). AF_12/2019","M",112.44,100656,null,111.03,112.44]
[null,100657,"ESTACA PRÉ-MOLDADA DE CONCRETO SEÇÃO QUADRADA, CAPACIDADE DE 50 TONELADAS, INCLUSO EMENDA (EXCLUSIVE MOBILIZAÇÃO E DESMOBILIZAÇÃO). AF_12/2019","M",145.69999999999999,100657,null,144.21,145.69999999999999]
[null,100658,"ESTACA PRÉ-MOLDADA DE CONCRETO CENTRIFUGADO, SEÇÃO CIRCULAR, CAPACIDADE DE 100 TONELADAS, INCLUSO EMENDA (EXCLUSIVE MOBILIZAÇÃO E DESMOBILIZAÇÃO). AF_12/2019","M",338.49,100658,null,336.45,338.49]
[null,100889,"ESTACA METÁLICA PARA FUNDAÇÃO, UTILIZANDO PERFIL LAMINADO HP250X62 (EXCLUSIVE MOBILIZAÇÃO E DESMOBILIZAÇÃO). AF_01/2020","KG",11.91,100889,null,11.88,11.91]
[null,100890,"ESTACA METÁLICA PARA FUNDAÇÃO, UTILIZANDO PERFIL LAMINADO HP310X79 (EXCLUSIVE MOBILIZAÇÃO E DESMOBILIZAÇÃO). AF_01/2020","KG",11.75,100890,null,11.72,11.75]
[null,100892,"ESTACA METÁLICA PARA CONTENÇÃO, UTILIZANDO PERFIL LAMINADO W250X32,7 (EXCLUSIVE MOBILIZAÇÃO E DESMOBILIZAÇÃO). AF_01/2020","KG",12.32,100892,null,12.26,12.32]
[null,100893,"ESTACA METÁLICA PARA CONTENÇÃO, UTILIZANDO PERFIL LAMINADO W250X38,5 (EXCLUSIVE MOBILIZAÇÃO E DESMOBILIZAÇÃO). AF_01/2020","KG",12.16,100893,null,12.11,12.16]
[null,100894,"ESTACA METÁLICA PARA CONTENÇÃO, UTILIZANDO PERFIL LAMINADO W250X44,8 (EXCLUSIVE MOBILIZAÇÃO E DESMOBILIZAÇÃO). AF_01/2020","KG",12.06,100894,null,12,12.06]
[null,100896,"ESTACA ESCAVADA MECANICAMENTE, SEM FLUIDO ESTABILIZANTE, COM 25CM DE DIÂMETRO, CONCRETO LANÇADO POR CAMINHÃO BETONEIRA (EXCLUSIVE MOBILIZAÇÃO E DESMOBILIZAÇÃO). AF_01/2020_PA","M",72.650000000000006,100896,null,71.88,72.650000000000006]
[null,100897,"ESTACA ESCAVADA MECANICAMENTE, SEM FLUIDO ESTABILIZANTE, COM 40CM DE DIÂMETRO, CONCRETO LANÇADO POR CAMINHÃO BETONEIRA (EXCLUSIVE MOBILIZAÇÃO E DESMOBILIZAÇÃO). AF_01/2020_PA","M",149.29,100897,null,148.33000000000001,149.29]
[null,100898,"ESTACA ESCAVADA MECANICAMENTE, SEM FLUIDO ESTABILIZANTE, COM 60CM DE DIÂMETRO, CONCRETO LANÇADO POR CAMINHÃO BETONEIRA (EXCLUSIVE MOBILIZAÇÃO E DESMOBILIZAÇÃO). AF_01/2020_PA","M",298.45999999999998,100898,null,297.24,298.45999999999998]
[null,100899,"ESTACA ESCAVADA MECANICAMENTE, SEM FLUIDO ESTABILIZANTE, COM 25CM DE DIÂMETRO, CONCRETO LANÇADO MANUALMENTE (EXCLUSIVE MOBILIZAÇÃO E DESMOBILIZAÇÃO). AF_01/2020_PA","M",95.02,100899,null,91.94,95.02]
[null,100900,"ESTACA ESCAVADA MECANICAMENTE, SEM FLUIDO ESTABILIZANTE, COM 60CM DE DIÂMETRO, CONCRETO LANÇADO POR BOMBA LANÇA (EXCLUSIVE BOMBEAMENTO, MOBILIZAÇÃO E DESMOBILIZAÇÃO). AF_01/2020_PA","M",344.61,100900,null,342.98,344.61]
[null,101173,"ESTACA BROCA DE CONCRETO, DIÂMETRO DE 20CM, ESCAVAÇÃO MANUAL COM TRADO CONCHA, COM ARMADURA DE ARRANQUE. AF_05/2020","M",64.66,101173,null,61.72,64.66]
[null,101174,"ESTACA BROCA DE CONCRETO, DIÂMETRO DE 25CM, ESCAVAÇÃO MANUAL COM TRADO CONCHA, COM ARMADURA DE ARRANQUE. AF_05/2020","M",90.22,101174,null,85.68,90.22]
[null,101175,"ESTACA BROCA DE CONCRETO, DIÂMETRO DE 30CM, ESCAVAÇÃO MANUAL COM TRADO CONCHA, COM ARMADURA DE ARRANQUE. AF_05/2020","M",123.37,101175,null,117.19,123.37]
[null,101176,"ESTACA BROCA DE CONCRETO, DIÂMETRO DE 30CM, ESCAVAÇÃO MANUAL COM TRADO CONCHA, INTEIRAMENTE ARMADA. AF_05/2020_PA","M",153.04,101176,null,146.21,153.04]
[null,102521,"ARRASAMENTO MECÂNICO DE ESTACA BARRETE DE CONCRETO ARMADO, SEÇÃO DE 0,40 X 2,50 M. AF_05/2021","UN",97.22,102521,null,88.04,97.22]
[null,102522,"ARRASAMENTO MECÂNICO DE ESTACA BARRETE DE CONCRETO ARMADO, SEÇÃO DE 0,60 X 2,50 M. AF_05/2021","UN",142.63,102522,null,129.18,142.63]
[null,102523,"ARRASAMENTO MECÂNICO DE ESTACA BARRETE DE CONCRETO ARMADO, SEÇÃO DE 0,80 X 2,50 M. AF_05/2021","UN",188.05,102523,null,170.29,188.05]
[null,95240,"LASTRO DE CONCRETO MAGRO, APLICADO EM PISOS, LAJES SOBRE SOLO OU RADIERS, ESPESSURA DE 3 CM. AF_01/2024","M2",21.29,95240,null,20.53,21.29]
[null,95241,"LASTRO DE CONCRETO MAGRO, APLICADO EM PISOS, LAJES SOBRE SOLO OU RADIERS, ESPESSURA DE 5 CM. AF_01/2024","M2",41.38,95241,null,40.049999999999997,41.38]
[null,96616,"LASTRO DE CONCRETO MAGRO, APLICADO EM BLOCOS DE COROAMENTO OU SAPATAS. AF_01/2024","M3",883.87,96616,null,851.44,883.87]
[null,96617,"LASTRO DE CONCRETO MAGRO, APLICADO EM BLOCOS DE COROAMENTO OU SAPATAS, ESPESSURA DE 3 CM. AF_01/2024","M2",22.02,96617,null,21.18,22.02]
[null,96619,"LASTRO DE CONCRETO MAGRO, APLICADO EM BLOCOS DE COROAMENTO OU SAPATAS, ESPESSURA DE 5 CM. AF_01/2024","M2",44.18,96619,null,42.56,44.18]
[null,96620,"LASTRO DE CONCRETO MAGRO, APLICADO EM PISOS, LAJES SOBRE SOLO OU RADIERS. AF_01/2024","M3",827.87,96620,null,801.19,827.87]
[null,96621,"LASTRO COM MATERIAL GRANULAR, APLICAÇÃO EM BLOCOS DE COROAMENTO, ESPESSURA DE *5 CM*. AF_01/2024","M3",306.85000000000002,96621,null,298.82,306.85000000000002]
[null,96622,"LASTRO COM MATERIAL GRANULAR, APLICADO EM PISOS OU LAJES SOBRE SOLO, ESPESSURA DE *5 CM*. AF_01/2024","M3",293.33999999999997,96622,null,286.64,293.33999999999997]
[null,96623,"LASTRO COM MATERIAL GRANULAR, APLICADO EM BLOCOS DE COROAMENTO, ESPESSURA DE *10 CM*. AF_01/2024","M3",263.54000000000002,96623,null,256.74,263.54000000000002]
[null,96624,"LASTRO COM MATERIAL GRANULAR (PEDRA BRITADA N.2), APLICADO EM PISOS OU LAJES SOBRE SOLO, ESPESSURA DE *10 CM*. AF_01/2024","M3",250.03,96624,null,244.55,250.03]
[null,97082,"ESCAVAÇÃO MANUAL DE VIGA DE BORDA PARA RADIER. AF_09/2021","M3",59,97082,null,53.25,59]
[null,97083,"COMPACTAÇÃO MECÂNICA DE SOLO PARA EXECUÇÃO DE RADIER, PISO DE CONCRETO OU LAJE SOBRE SOLO, COM COMPACTADOR DE SOLOS A PERCUSSÃO. AF_09/2021","M2",3.14,97083,null,2.85,3.14]
[null,97084,"COMPACTAÇÃO MECÂNICA DE SOLO PARA EXECUÇÃO DE RADIER, PISO DE CONCRETO OU LAJE SOBRE SOLO, COM COMPACTADOR DE SOLOS TIPO PLACA VIBRATÓRIA. AF_09/2021","M2",0.66,97084,null,0.59,0.66]
[null,97086,"FABRICAÇÃO, MONTAGEM E DESMONTAGEM DE FORMA PARA RADIER, PISO DE CONCRETO OU LAJE SOBRE SOLO, EM MADEIRA SERRADA, 4 UTILIZAÇÕES. AF_09/2021","M2",120.94,97086,null,111.64,120.94]
[null,97087,"CAMADA SEPARADORA PARA EXECUÇÃO DE RADIER, PISO DE CONCRETO OU LAJE SOBRE SOLO, EM LONA PLÁSTICA. AF_09/2021","M2",3.1,97087,null,3.06,3.1]
[null,97088,"ARMAÇÃO PARA EXECUÇÃO DE RADIER, PISO DE CONCRETO OU LAJE SOBRE SOLO, COM USO DE TELA Q-92. AF_09/2021","KG",20.51,97088,null,20.37,20.51]
[null,97089,"ARMAÇÃO PARA EXECUÇÃO DE RADIER, PISO DE CONCRETO OU LAJE SOBRE SOLO, COM USO DE TELA Q-113. AF_09/2021","KG",18.75,97089,null,18.63,18.75]
[null,97090,"ARMAÇÃO PARA EXECUÇÃO DE RADIER, PISO DE CONCRETO OU LAJE SOBRE SOLO, COM USO DE TELA Q-138. AF_09/2021","KG",18.43,97090,null,18.329999999999998,18.43]
[null,97091,"ARMAÇÃO PARA EXECUÇÃO DE RADIER, PISO DE CONCRETO OU LAJE SOBRE SOLO, COM USO DE TELA Q-159. AF_09/2021","KG",17.88,97091,null,17.78,17.88]
[null,97092,"ARMAÇÃO PARA EXECUÇÃO DE RADIER, PISO DE CONCRETO OU LAJE SOBRE SOLO, COM USO DE TELA Q-196. AF_09/2021","KG",{"$f":"IF($K$2=$H$1,H2371,I2371)","v":17.309999999999999},{"$f":"IF(LEN($B2371)=7,CONCATENATE(MID($B2371,1,6),\"00\",RIGHT($B2371,1)),IF(LEN($B2371)=8,CONCATENATE(MID($B2371,1,6),\"0\",RIGHT($B2371,2)),$B2371))","v":97092},null,17.23,17.309999999999999]
[null,97093,"ARMAÇÃO PARA EXECUÇÃO DE RADIER, PISO DE CONCRETO OU LAJE SOBRE SOLO, COM USO DE TELA Q-283. AF_09/2021","KG",16.260000000000002,97093,null,16.190000000000001,16.260000000000002]
[null,97096,"CONCRETAGEM DE RADIER, PISO DE CONCRETO OU LAJE SOBRE SOLO, FCK 30 MPA - LANÇAMENTO, ADENSAMENTO E ACABAMENTO. AF_09/2021","M3",855.66,97096,null,853.75,855.66]
[null,97097,"ACABAMENTO POLIDO PARA PISO DE CONCRETO ARMADO OU LAJE SOBRE SOLO DE ALTA RESISTÊNCIA. AF_09/2021","M2",39.68,97097,null,39.44,39.68]
[null,97101,"EXECUÇÃO DE RADIER, ESPESSURA DE 10 CM, FCK = 30 MPA, COM USO DE FORMAS EM MADEIRA SERRADA. AF_09/2021","M2",226.72,97101,null,224.19,226.72]
[null,97102,"EXECUÇÃO DE RADIER, ESPESSURA DE 15 CM, FCK = 30 MPA, COM USO DE FORMAS EM MADEIRA SERRADA. AF_09/2021","M2",285.51,97102,null,282.7,285.51]
[null,97103,"EXECUÇÃO DE RADIER, ESPESSURA DE 20 CM, FCK = 30 MPA, COM USO DE FORMAS EM MADEIRA SERRADA. AF_09/2021","M2",339.74,97103,null,336.58,339.74]
[null,100322,"LASTRO COM MATERIAL GRANULAR (PEDRA BRITADA N.3), APLICADO EM PISOS OU LAJES SOBRE SOLO, ESPESSURA DE *10 CM*. AF_01/2024","M3",238.17,100322,null,232.69,238.17]
[null,100323,"LASTRO COM MATERIAL GRANULAR (AREIA MÉDIA), APLICADO EM PISOS OU LAJES SOBRE SOLO, ESPESSURA DE *10 CM*. AF_01/2024","M3",208.38,100323,null,202.9,208.38]
[null,100324,"LASTRO COM MATERIAL GRANULAR (PEDRA BRITADA N.1 E PEDRA BRITADA N.2), APLICADO EM PISOS OU LAJES SOBRE SOLO, ESPESSURA DE *10 CM*. AF_01/2024","M3",249.5,100324,null,244.02,249.5]
[null,103072,"EXECUÇÃO DE RADIER, ESPESSURA DE 25 CM, FCK = 30 MPA, COM USO DE FORMAS EM MADEIRA SERRADA. AF_09/2021","M2",402.49,103072,null,399.05,402.49]
[null,103073,"EXECUÇÃO DE RADIER, ESPESSURA DE 30 CM, FCK = 30 MPA, COM USO DE FORMAS EM MADEIRA SERRADA. AF_09/2021","M2",485.71,103073,null,481.87,485.71]
[null,103074,"EXECUÇÃO DE PISO DE CONCRETO, SEM ACABAMENTO SUPERFICIAL, ESPESSURA DE 15 CM, FCK = 30 MPA, COM USO DE FORMAS EM MADEIRA SERRADA. AF_09/2021","M2",225.5,103074,null,223.16,225.5]
[null,103075,"EXECUÇÃO DE PISO DE CONCRETO, COM ACABAMENTO SUPERFICIAL, ESPESSURA DE 15 CM, FCK = 30 MPA, COM USO DE FORMAS EM MADEIRA SERRADA. AF_09/2021","M2",265.18,103075,null,262.60000000000002,265.18]
[null,103076,"EXECUÇÃO DE LAJE SOBRE SOLO, ESPESSURA DE 10 CM, FCK = 30 MPA, COM USO DE FORMAS EM MADEIRA SERRADA. AF_09/2021","M2",193.97,103076,null,191.72,193.97]
[null,103077,"EXECUÇÃO DE LAJE SOBRE SOLO, ESPESSURA DE 15 CM, FCK = 30 MPA, COM USO DE FORMAS EM MADEIRA SERRADA. AF_09/2021","M2",252.76,103077,null,250.23,252.76]
[null,103078,"EXECUÇÃO DE LAJE SOBRE SOLO, ESPESSURA DE 20 CM, FCK = 30 MPA, COM USO DE FORMAS EM MADEIRA SERRADA. AF_09/2021","M2",306.99,103078,null,304.11,306.99]
[null,103079,"EXECUÇÃO DE LAJE SOBRE SOLO, ESPESSURA DE 25 CM, FCK = 30 MPA, COM USO DE FORMAS EM MADEIRA SERRADA. AF_09/2021","M2",369.74,103079,null,366.58,369.74]
[null,103080,"EXECUÇÃO DE LAJE SOBRE SOLO, ESPESSURA DE 30 CM, FCK = 30 MPA, COM USO DE FORMAS EM MADEIRA SERRADA. AF_09/2021","M2",452.96,103080,null,449.4,452.96]
[null,92263,"FABRICAÇÃO DE FÔRMA PARA PILARES E ESTRUTURAS SIMILARES, EM CHAPA DE MADEIRA COMPENSADA RESINADA, E = 17 MM. AF_09/2020","M2",206.65,92263,null,202.27,206.65]
[null,92264,"FABRICAÇÃO DE FÔRMA PARA PILARES E ESTRUTURAS SIMILARES, EM CHAPA DE MADEIRA COMPENSADA PLASTIFICADA, E = 18 MM. AF_09/2020","M2",273.49,92264,null,269.11,273.49]
[null,92265,"FABRICAÇÃO DE FÔRMA PARA VIGAS, EM CHAPA DE MADEIRA COMPENSADA RESINADA, E = 17 MM. AF_09/2020","M2",149.44,92265,null,145.94,149.44]
[null,92266,"FABRICAÇÃO DE FÔRMA PARA VIGAS, EM CHAPA DE MADEIRA COMPENSADA PLASTIFICADA, E = 18 MM. AF_09/2020","M2",206.77,92266,null,203.27,206.77]
[null,92267,"FABRICAÇÃO DE FÔRMA PARA LAJES, EM CHAPA DE MADEIRA COMPENSADA RESINADA, E = 17 MM. AF_09/2020","M2",76.55,92267,null,76.459999999999994,76.55]
[null,92268,"FABRICAÇÃO DE FÔRMA PARA LAJES, EM CHAPA DE MADEIRA COMPENSADA PLASTIFICADA, E = 18 MM. AF_09/2020","M2",129.08000000000001,92268,null,128.99,129.08000000000001]
[null,92269,"FABRICAÇÃO DE FÔRMA PARA PILARES E ESTRUTURAS SIMILARES, EM MADEIRA SERRADA, E=25 MM. AF_09/2020","M2",168.88,92269,null,166.4,168.88]
[null,92270,"FABRICAÇÃO DE FÔRMA PARA VIGAS, COM MADEIRA SERRADA, E = 25 MM. AF_09/2020","M2",155.36000000000001,92270,null,152.24,155.36000000000001]
[null,92271,"FABRICAÇÃO DE FÔRMA PARA LAJES, EM MADEIRA SERRADA, E=25 MM. AF_09/2020","M2",92.09,92271,null,92.04,92.09]
[null,92272,"FABRICAÇÃO DE ESCORAS DE VIGA DO TIPO GARFO, EM MADEIRA. AF_09/2020","M",49.16,92272,null,48.61,49.16]
[null,92273,"FABRICAÇÃO DE ESCORAS DO TIPO PONTALETE, EM MADEIRA, PARA PÉ-DIREITO SIMPLES. AF_09/2020","M",19.14,92273,null,18.77,19.14]
[null,92409,"MONTAGEM E DESMONTAGEM DE FÔRMA DE PILARES RETANGULARES E ESTRUTURAS SIMILARES, PÉ-DIREITO SIMPLES, EM MADEIRA SERRADA, 1 UTILIZAÇÃO. AF_09/2020","M2",261.22000000000003,92409,null,249.53,261.22000000000003]
[null,92411,"MONTAGEM E DESMONTAGEM DE FÔRMA DE PILARES RETANGULARES E ESTRUTURAS SIMILARES, PÉ-DIREITO SIMPLES, EM MADEIRA SERRADA, 2 UTILIZAÇÕES. AF_09/2020","M2",168.11,92411,null,158.72,168.11]
[null,92413,"MONTAGEM E DESMONTAGEM DE FÔRMA DE PILARES RETANGULARES E ESTRUTURAS SIMILARES, PÉ-DIREITO SIMPLES, EM MADEIRA SERRADA, 4 UTILIZAÇÕES. AF_09/2020","M2",107.07,92413,null,100.17,107.07]
[null,92415,"MONTAGEM E DESMONTAGEM DE FÔRMA DE PILARES RETANGULARES E ESTRUTURAS SIMILARES, PÉ-DIREITO SIMPLES, EM CHAPA DE MADEIRA COMPENSADA RESINADA, 2 UTILIZAÇÕES. AF_09/2020","M2",166.84,92415,null,161.13,166.84]
[null,92417,"MONTAGEM E DESMONTAGEM DE FÔRMA DE PILARES RETANGULARES E ESTRUTURAS SIMILARES, PÉ-DIREITO DUPLO, EM CHAPA DE MADEIRA COMPENSADA RESINADA, 2 UTILIZAÇÕES. AF_09/2020","M2",188.08,92417,null,180.16,188.08]
[null,92419,"MONTAGEM E DESMONTAGEM DE FÔRMA DE PILARES RETANGULARES E ESTRUTURAS SIMILARES, PÉ-DIREITO SIMPLES, EM CHAPA DE MADEIRA COMPENSADA RESINADA, 4 UTILIZAÇÕES. AF_09/2020","M2",105.14,92419,null,101.36,105.14]
[null,92421,"MONTAGEM E DESMONTAGEM DE FÔRMA DE PILARES RETANGULARES E ESTRUTURAS SIMILARES, PÉ-DIREITO DUPLO, EM CHAPA DE MADEIRA COMPENSADA RESINADA, 4 UTILIZAÇÕES. AF_09/2020","M2",121.43,92421,null,115.96,121.43]
[null,92423,"MONTAGEM E DESMONTAGEM DE FÔRMA DE PILARES RETANGULARES E ESTRUTURAS SIMILARES, PÉ-DIREITO SIMPLES, EM CHAPA DE MADEIRA COMPENSADA RESINADA, 6 UTILIZAÇÕES. AF_09/2020","M2",86.32,92423,null,83.22,86.32]
[null,92425,"MONTAGEM E DESMONTAGEM DE FÔRMA DE PILARES RETANGULARES E ESTRUTURAS SIMILARES, PÉ-DIREITO DUPLO, EM CHAPA DE MADEIRA COMPENSADA RESINADA, 6 UTILIZAÇÕES. AF_09/2020","M2",100.48,92425,null,95.9,100.48]
[null,92427,"MONTAGEM E DESMONTAGEM DE FÔRMA DE PILARES RETANGULARES E ESTRUTURAS SIMILARES, PÉ-DIREITO SIMPLES, EM CHAPA DE MADEIRA COMPENSADA RESINADA, 8 UTILIZAÇÕES. AF_09/2020","M2",76.790000000000006,92427,null,74.03,76.790000000000006]
[null,92429,"MONTAGEM E DESMONTAGEM DE FÔRMA DE PILARES RETANGULARES E ESTRUTURAS SIMILARES, PÉ-DIREITO DUPLO, EM CHAPA DE MADEIRA COMPENSADA RESINADA, 8 UTILIZAÇÕES. AF_09/2020","M2",89.9,92429,null,85.79,89.9]
[null,92431,"MONTAGEM E DESMONTAGEM DE FÔRMA DE PILARES RETANGULARES E ESTRUTURAS SIMILARES, PÉ-DIREITO SIMPLES, EM CHAPA DE MADEIRA COMPENSADA PLASTIFICADA, 10 UTILIZAÇÕES. AF_09/2020","M2",73.47,92431,null,71.010000000000005,73.47]
[null,92433,"MONTAGEM E DESMONTAGEM DE FÔRMA DE PILARES RETANGULARES E ESTRUTURAS SIMILARES, PÉ-DIREITO DUPLO, EM CHAPA DE MADEIRA COMPENSADA PLASTIFICADA, 10 UTILIZAÇÕES. AF_09/2020","M2",85.93,92433,null,82.17,85.93]
[null,92435,"MONTAGEM E DESMONTAGEM DE FÔRMA DE PILARES RETANGULARES E ESTRUTURAS SIMILARES, PÉ-DIREITO SIMPLES, EM CHAPA DE MADEIRA COMPENSADA PLASTIFICADA, 12 UTILIZAÇÕES. AF_09/2020","M2",69.790000000000006,92435,null,67.45,69.790000000000006]
[null,92437,"MONTAGEM E DESMONTAGEM DE FÔRMA DE PILARES RETANGULARES E ESTRUTURAS SIMILARES, PÉ-DIREITO DUPLO, EM CHAPA DE MADEIRA COMPENSADA PLASTIFICADA, 12 UTILIZAÇÕES. AF_09/2020","M2",81.83,92437,null,78.239999999999995,81.83]
[null,92439,"MONTAGEM E DESMONTAGEM DE FÔRMA DE PILARES RETANGULARES E ESTRUTURAS SIMILARES, PÉ-DIREITO SIMPLES, EM CHAPA DE MADEIRA COMPENSADA PLASTIFICADA, 14 UTILIZAÇÕES. AF_09/2020","M2",67.150000000000006,92439,null,64.87,67.150000000000006]
[null,92441,"MONTAGEM E DESMONTAGEM DE FÔRMA DE PILARES RETANGULARES E ESTRUTURAS SIMILARES, PÉ-DIREITO DUPLO, EM CHAPA DE MADEIRA COMPENSADA PLASTIFICADA, 14 UTILIZAÇÕES. AF_09/2020","M2",78.88,92441,null,75.400000000000006,78.88]
[null,92443,"MONTAGEM E DESMONTAGEM DE FÔRMA DE PILARES RETANGULARES E ESTRUTURAS SIMILARES, PÉ-DIREITO SIMPLES, EM CHAPA DE MADEIRA COMPENSADA PLASTIFICADA, 18 UTILIZAÇÕES. AF_09/2020","M2",61.3,92443,null,59.2,61.3]
[null,92445,"MONTAGEM E DESMONTAGEM DE FÔRMA DE PILARES RETANGULARES E ESTRUTURAS SIMILARES, PÉ-DIREITO DUPLO, EM CHAPA DE MADEIRA COMPENSADA PLASTIFICADA, 18 UTILIZAÇÕES. AF_09/2020","M2",72.62,92445,null,69.34,72.62]
[null,92446,"MONTAGEM E DESMONTAGEM DE FÔRMA DE VIGA, ESCORAMENTO COM PONTALETE DE MADEIRA, PÉ-DIREITO SIMPLES, EM MADEIRA SERRADA, 1 UTILIZAÇÃO. AF_09/2020","M2",279.58999999999997,92446,null,268.27,279.58999999999997]
[null,92447,"MONTAGEM E DESMONTAGEM DE FÔRMA DE VIGA, ESCORAMENTO COM PONTALETE DE MADEIRA, PÉ-DIREITO SIMPLES, EM MADEIRA SERRADA, 2 UTILIZAÇÕES. AF_09/2020","M2",196.53,92447,null,187.8,196.53]
[null,92448,"MONTAGEM E DESMONTAGEM DE FÔRMA DE VIGA, ESCORAMENTO COM PONTALETE DE MADEIRA, PÉ-DIREITO SIMPLES, EM MADEIRA SERRADA, 4 UTILIZAÇÕES. AF_09/2020","M2",157.26,92448,null,150.15,157.26]
[null,92449,"MONTAGEM E DESMONTAGEM DE FÔRMA DE VIGA, ESCORAMENTO COM GARFO DE MADEIRA, PÉ-DIREITO DUPLO, EM CHAPA DE MADEIRA RESINADA, 2 UTILIZAÇÕES. AF_09/2020","M2",333,92449,null,323.79000000000002,333]
[null,92450,"MONTAGEM E DESMONTAGEM DE FÔRMA DE VIGA, ESCORAMENTO METÁLICO, PÉ-DIREITO DUPLO, EM CHAPA DE MADEIRA RESINADA, 2 UTILIZAÇÕES. AF_09/2020","M2",396.47,92450,null,387.14,396.47]
[null,92451,"MONTAGEM E DESMONTAGEM DE FÔRMA DE VIGA, ESCORAMENTO COM GARFO DE MADEIRA, PÉ-DIREITO SIMPLES, EM CHAPA DE MADEIRA RESINADA, 2 UTILIZAÇÕES. AF_09/2020","M2",224.43,92451,null,217.84,224.43]
[null,92452,"MONTAGEM E DESMONTAGEM DE FÔRMA DE VIGA, ESCORAMENTO METÁLICO, PÉ-DIREITO SIMPLES, EM CHAPA DE MADEIRA RESINADA, 2 UTILIZAÇÕES. AF_09/2020","M2",219.02,92452,null,211.46,219.02]
[null,92453,"MONTAGEM E DESMONTAGEM DE FÔRMA DE VIGA, ESCORAMENTO COM GARFO DE MADEIRA, PÉ-DIREITO DUPLO, EM CHAPA DE MADEIRA RESINADA, 4 UTILIZAÇÕES. AF_09/2020","M2",285.64999999999998,92453,null,277.67,285.64999999999998]
[null,92454,"MONTAGEM E DESMONTAGEM DE FÔRMA DE VIGA, ESCORAMENTO METÁLICO, PÉ-DIREITO DUPLO, EM CHAPA DE MADEIRA RESINADA, 4 UTILIZAÇÕES. AF_09/2020","M2",359.61,92454,null,351.55,359.61]
[null,92455,"MONTAGEM E DESMONTAGEM DE FÔRMA DE VIGA, ESCORAMENTO COM GARFO DE MADEIRA, PÉ-DIREITO SIMPLES, EM CHAPA DE MADEIRA RESINADA, 4 UTILIZAÇÕES. AF_09/2020","M2",183.61,92455,null,178.08,183.61]
[null,92456,"MONTAGEM E DESMONTAGEM DE FÔRMA DE VIGA, ESCORAMENTO METÁLICO, PÉ-DIREITO SIMPLES, EM CHAPA DE MADEIRA RESINADA, 4 UTILIZAÇÕES. AF_09/2020","M2",181.05,92456,null,174.64,181.05]
[null,92457,"MONTAGEM E DESMONTAGEM DE FÔRMA DE VIGA, ESCORAMENTO COM GARFO DE MADEIRA, PÉ-DIREITO DUPLO, EM CHAPA DE MADEIRA RESINADA, 6 UTILIZAÇÕES. AF_09/2020","M2",247.27,92457,null,240.23,247.27]
[null,92458,"MONTAGEM E DESMONTAGEM DE FÔRMA DE VIGA, ESCORAMENTO METÁLICO, PÉ-DIREITO DUPLO, EM CHAPA DE MADEIRA RESINADA, 6 UTILIZAÇÕES. AF_09/2020","M2",337.3,92458,null,330.15,337.3]
[null,92459,"MONTAGEM E DESMONTAGEM DE FÔRMA DE VIGA, ESCORAMENTO COM GARFO DE MADEIRA, PÉ-DIREITO SIMPLES, EM CHAPA DE MADEIRA RESINADA, 6 UTILIZAÇÕES. AF_09/2020","M2",155.09,92459,null,150.30000000000001,155.09]
[null,92460,"MONTAGEM E DESMONTAGEM DE FÔRMA DE VIGA, ESCORAMENTO METÁLICO, PÉ-DIREITO SIMPLES, EM CHAPA DE MADEIRA RESINADA, 6 UTILIZAÇÕES. AF_09/2020","M2",150.58000000000001,92460,null,144.96,150.58000000000001]
[null,92461,"MONTAGEM E DESMONTAGEM DE FÔRMA DE VIGA, ESCORAMENTO COM GARFO DE MADEIRA, PÉ-DIREITO DUPLO, EM CHAPA DE MADEIRA RESINADA, 8 UTILIZAÇÕES. AF_09/2020","M2",{"$f":"IF($K$2=$H$1,H2435,I2435)","v":228.27},{"$f":"IF(LEN($B2435)=7,CONCATENATE(MID($B2435,1,6),\"00\",RIGHT($B2435,1)),IF(LEN($B2435)=8,CONCATENATE(MID($B2435,1,6),\"0\",RIGHT($B2435,2)),$B2435))","v":92461},null,221.84,228.27]
[null,92462,"MONTAGEM E DESMONTAGEM DE FÔRMA DE VIGA, ESCORAMENTO METÁLICO, PÉ-DIREITO DUPLO, EM CHAPA DE MADEIRA RESINADA, 8 UTILIZAÇÕES. AF_09/2020","M2",323.70999999999998,92462,null,317.25,323.70999999999998]
[null,92463,"MONTAGEM E DESMONTAGEM DE FÔRMA DE VIGA, ESCORAMENTO COM GARFO DE MADEIRA, PÉ-DIREITO SIMPLES, EM CHAPA DE MADEIRA RESINADA, 8 UTILIZAÇÕES. AF_09/2020","M2",140.46,92463,null,136.15,140.46]
[null,92464,"MONTAGEM E DESMONTAGEM DE FÔRMA DE VIGA, ESCORAMENTO METÁLICO, PÉ-DIREITO SIMPLES, EM CHAPA DE MADEIRA RESINADA, 8 UTILIZAÇÕES. AF_09/2020","M2",144.9,92464,null,139.85,144.9]
[null,92465,"MONTAGEM E DESMONTAGEM DE FÔRMA DE VIGA, ESCORAMENTO COM GARFO DE MADEIRA, PÉ-DIREITO DUPLO, EM CHAPA DE MADEIRA PLASTIFICADA, 10 UTILIZAÇÕES. AF_09/2020","M2",180.46,92465,null,175.08,180.46]
[null,92466,"MONTAGEM E DESMONTAGEM DE FÔRMA DE VIGA, ESCORAMENTO METÁLICO, PÉ-DIREITO DUPLO, EM CHAPA DE MADEIRA PLASTIFICADA, 10 UTILIZAÇÕES. AF_09/2020","M2",318.41000000000003,92466,null,312.62,318.41000000000003]
[null,92467,"MONTAGEM E DESMONTAGEM DE FÔRMA DE VIGA, ESCORAMENTO COM GARFO DE MADEIRA, PÉ-DIREITO SIMPLES, EM CHAPA DE MADEIRA PLASTIFICADA, 10 UTILIZAÇÕES. AF_09/2020","M2",115.48,92467,null,111.86,115.48]
[null,92468,"MONTAGEM E DESMONTAGEM DE FÔRMA DE VIGA, ESCORAMENTO METÁLICO, PÉ-DIREITO SIMPLES, EM CHAPA DE MADEIRA PLASTIFICADA, 10 UTILIZAÇÕES. AF_09/2020","M2",139.6,92468,null,135.11000000000001,139.6]
[null,92469,"MONTAGEM E DESMONTAGEM DE FÔRMA DE VIGA, ESCORAMENTO COM GARFO DE MADEIRA, PÉ-DIREITO DUPLO, EM CHAPA DE MADEIRA PLASTIFICADA, 12 UTILIZAÇÕES. AF_09/2020","M2",163.75,92469,null,158.82,163.75]
[null,92470,"MONTAGEM E DESMONTAGEM DE FÔRMA DE VIGA, ESCORAMENTO METÁLICO, PÉ-DIREITO DUPLO, EM CHAPA DE MADEIRA PLASTIFICADA, 12 UTILIZAÇÕES. AF_09/2020","M2",311.11,92470,null,305.77,311.11]
[null,92471,"MONTAGEM E DESMONTAGEM DE FÔRMA DE VIGA, ESCORAMENTO COM GARFO DE MADEIRA, PÉ-DIREITO SIMPLES, EM CHAPA DE MADEIRA PLASTIFICADA, 12 UTILIZAÇÕES. AF_09/2020","M2",104.91,92471,null,101.59,104.91]
[null,92472,"MONTAGEM E DESMONTAGEM DE FÔRMA DE VIGA, ESCORAMENTO METÁLICO, PÉ-DIREITO SIMPLES, EM CHAPA DE MADEIRA PLASTIFICADA, 12 UTILIZAÇÕES. AF_09/2020","M2",132.97999999999999,92472,null,128.84,132.97999999999999]
[null,92473,"MONTAGEM E DESMONTAGEM DE FÔRMA DE VIGA, ESCORAMENTO COM GARFO DE MADEIRA, PÉ-DIREITO DUPLO, EM CHAPA DE MADEIRA PLASTIFICADA, 14 UTILIZAÇÕES. AF_09/2020","M2",150.35,92473,null,145.83000000000001,150.35]
[null,92474,"MONTAGEM E DESMONTAGEM DE FÔRMA DE VIGA, ESCORAMENTO METÁLICO, PÉ-DIREITO DUPLO, EM CHAPA DE MADEIRA PLASTIFICADA, 14 UTILIZAÇÕES. AF_09/2020","M2",304.92,92474,null,299.99,304.92]
[null,92475,"MONTAGEM E DESMONTAGEM DE FÔRMA DE VIGA, ESCORAMENTO COM GARFO DE MADEIRA, PÉ-DIREITO SIMPLES, EM CHAPA DE MADEIRA PLASTIFICADA, 14 UTILIZAÇÕES. AF_09/2020","M2",96.42,92475,null,93.36,96.42]
[null,92476,"MONTAGEM E DESMONTAGEM DE FÔRMA DE VIGA, ESCORAMENTO METÁLICO, PÉ-DIREITO SIMPLES, EM CHAPA DE MADEIRA PLASTIFICADA, 14 UTILIZAÇÕES. AF_09/2020","M2",127.45,92476,null,123.63,127.45]
[null,92477,"MONTAGEM E DESMONTAGEM DE FÔRMA DE VIGA, ESCORAMENTO COM GARFO DE MADEIRA, PÉ-DIREITO DUPLO, EM CHAPA DE MADEIRA PLASTIFICADA, 18 UTILIZAÇÕES. AF_09/2020","M2",121.31,92477,null,117.54,121.31]
[null,92478,"MONTAGEM E DESMONTAGEM DE FÔRMA DE VIGA, ESCORAMENTO METÁLICO, PÉ-DIREITO DUPLO, EM CHAPA DE MADEIRA PLASTIFICADA, 18 UTILIZAÇÕES. AF_09/2020","M2",292.43,92478,null,288.25,292.43]
[null,92479,"MONTAGEM E DESMONTAGEM DE FÔRMA DE VIGA, ESCORAMENTO COM GARFO DE MADEIRA, PÉ-DIREITO SIMPLES, EM CHAPA DE MADEIRA PLASTIFICADA, 18 UTILIZAÇÕES. AF_09/2020","M2",77.989999999999995,92479,null,75.459999999999994,77.989999999999995]
[null,92480,"MONTAGEM E DESMONTAGEM DE FÔRMA DE VIGA, ESCORAMENTO METÁLICO, PÉ-DIREITO SIMPLES, EM CHAPA DE MADEIRA PLASTIFICADA, 18 UTILIZAÇÕES. AF_09/2020","M2",116.13,92480,null,112.9,116.13]
[null,92482,"MONTAGEM E DESMONTAGEM DE FÔRMA DE LAJE MACIÇA, PÉ-DIREITO SIMPLES, EM MADEIRA SERRADA, 1 UTILIZAÇÃO. AF_09/2020","M2",300.20999999999998,92482,null,287.61,300.20999999999998]
[null,92484,"MONTAGEM E DESMONTAGEM DE FÔRMA DE LAJE MACIÇA, PÉ-DIREITO SIMPLES, EM MADEIRA SERRADA, 2 UTILIZAÇÕES. AF_09/2020","M2",210.47,92484,null,200.06,210.47]
[null,92486,"MONTAGEM E DESMONTAGEM DE FÔRMA DE LAJE MACIÇA, PÉ-DIREITO SIMPLES, EM MADEIRA SERRADA, 4 UTILIZAÇÕES. AF_09/2020","M2",152.54,92486,null,143.91,152.54]
[null,92488,"MONTAGEM E DESMONTAGEM DE FÔRMA DE LAJE NERVURADA COM CUBETA E ASSOALHO, PÉ-DIREITO DUPLO, EM CHAPA DE MADEIRA COMPENSADA RESINADA, 8 UTILIZAÇÕES. AF_09/2020","M2",126.33,92488,null,121.64,126.33]
[null,92490,"MONTAGEM E DESMONTAGEM DE FÔRMA DE LAJE NERVURADA COM CUBETA E ASSOALHO, PÉ-DIREITO SIMPLES, EM CHAPA DE MADEIRA COMPENSADA RESINADA, 8 UTILIZAÇÕES. AF_09/2020","M2",81.13,92490,null,77.78,81.13]
[null,92492,"MONTAGEM E DESMONTAGEM DE FÔRMA DE LAJE NERVURADA COM CUBETA E ASSOALHO, PÉ-DIREITO DUPLO, EM CHAPA DE MADEIRA COMPENSADA RESINADA, 10 UTILIZAÇÕES. AF_09/2020","M2",120.15,92492,null,115.81,120.15]
[null,92494,"MONTAGEM E DESMONTAGEM DE FÔRMA DE LAJE NERVURADA COM CUBETA E ASSOALHO, PÉ-DIREITO SIMPLES, EM CHAPA DE MADEIRA COMPENSADA RESINADA, 10 UTILIZAÇÕES. AF_09/2020","M2",75.959999999999994,92494,null,72.849999999999994,75.959999999999994]
[null,92496,"MONTAGEM E DESMONTAGEM DE FÔRMA DE LAJE NERVURADA COM CUBETA E ASSOALHO, PÉ-DIREITO DUPLO, EM CHAPA DE MADEIRA COMPENSADA RESINADA, 12 UTILIZAÇÕES. AF_09/2020","M2",115.12,92496,null,111.11,115.12]
[null,92498,"MONTAGEM E DESMONTAGEM DE FÔRMA DE LAJE NERVURADA COM CUBETA E ASSOALHO, PÉ-DIREITO SIMPLES, EM CHAPA DE MADEIRA COMPENSADA RESINADA, 12 UTILIZAÇÕES. AF_09/2020","M2",71.790000000000006,92498,null,68.930000000000007,71.790000000000006]
[null,92500,"MONTAGEM E DESMONTAGEM DE FÔRMA DE LAJE NERVURADA COM CUBETA E ASSOALHO, PÉ-DIREITO DUPLO, EM CHAPA DE MADEIRA COMPENSADA RESINADA, 14 UTILIZAÇÕES. AF_09/2020","M2",111.34,92500,null,107.65,111.34]
[null,92502,"MONTAGEM E DESMONTAGEM DE FÔRMA DE LAJE NERVURADA COM CUBETA E ASSOALHO, PÉ-DIREITO SIMPLES, EM CHAPA DE MADEIRA COMPENSADA RESINADA, 14 UTILIZAÇÕES. AF_09/2020","M2",68.86,92502,null,66.209999999999994,68.86]
[null,92504,"MONTAGEM E DESMONTAGEM DE FÔRMA DE LAJE NERVURADA COM CUBETA E ASSOALHO, PÉ-DIREITO DUPLO, EM CHAPA DE MADEIRA COMPENSADA RESINADA, 18 UTILIZAÇÕES. AF_09/2020","M2",104.35,92504,null,101.19,104.35]
[null,92506,"MONTAGEM E DESMONTAGEM DE FÔRMA DE LAJE NERVURADA COM CUBETA E ASSOALHO, PÉ-DIREITO SIMPLES, EM CHAPA DE MADEIRA COMPENSADA RESINADA, 18 UTILIZAÇÕES. AF_09/2020","M2",63.32,92506,null,61.07,63.32]
[null,92508,"MONTAGEM E DESMONTAGEM DE FÔRMA DE LAJE MACIÇA, PÉ-DIREITO DUPLO, EM CHAPA DE MADEIRA COMPENSADA RESINADA, 2 UTILIZAÇÕES. AF_09/2020","M2",128.37,92508,null,124.73,128.37]
[null,92510,"MONTAGEM E DESMONTAGEM DE FÔRMA DE LAJE MACIÇA, PÉ-DIREITO SIMPLES, EM CHAPA DE MADEIRA COMPENSADA RESINADA, 2 UTILIZAÇÕES. AF_09/2020","M2",81.430000000000007,92510,null,79.3,81.430000000000007]
[null,92512,"MONTAGEM E DESMONTAGEM DE FÔRMA DE LAJE MACIÇA, PÉ-DIREITO DUPLO, EM CHAPA DE MADEIRA COMPENSADA RESINADA, 4 UTILIZAÇÕES. AF_09/2020","M2",107.71,92512,null,104.34,107.71]
[null,92514,"MONTAGEM E DESMONTAGEM DE FÔRMA DE LAJE MACIÇA, PÉ-DIREITO SIMPLES, EM CHAPA DE MADEIRA COMPENSADA RESINADA, 4 UTILIZAÇÕES. AF_09/2020","M2",61.85,92514,null,59.89,61.85]
[null,92515,"MONTAGEM E DESMONTAGEM DE FÔRMA DE LAJE MACIÇA, PÉ-DIREITO DUPLO, EM CHAPA DE MADEIRA COMPENSADA RESINADA, 6 UTILIZAÇÕES. AF_09/2020","M2",97.94,92515,null,94.84,97.94]
[null,92518,"MONTAGEM E DESMONTAGEM DE FÔRMA DE LAJE MACIÇA, PÉ-DIREITO SIMPLES, EM CHAPA DE MADEIRA COMPENSADA RESINADA, 6 UTILIZAÇÕES. AF_09/2020","M2",53.11,92518,null,51.31,53.11]
[null,92520,"MONTAGEM E DESMONTAGEM DE FÔRMA DE LAJE MACIÇA, PÉ-DIREITO DUPLO, EM CHAPA DE MADEIRA COMPENSADA RESINADA, 8 UTILIZAÇÕES. AF_09/2020","M2",91.86,92520,null,89,91.86]
[null,92522,"MONTAGEM E DESMONTAGEM DE FÔRMA DE LAJE MACIÇA, PÉ-DIREITO SIMPLES, EM CHAPA DE MADEIRA COMPENSADA RESINADA, 8 UTILIZAÇÕES. AF_09/2020","M2",47.98,92522,null,46.31,47.98]
[null,92524,"MONTAGEM E DESMONTAGEM DE FÔRMA DE LAJE MACIÇA, PÉ-DIREITO DUPLO, EM CHAPA DE MADEIRA COMPENSADA PLASTIFICADA, 10 UTILIZAÇÕES. AF_09/2020","M2",92.37,92524,null,89.73,92.37]
[null,92526,"MONTAGEM E DESMONTAGEM DE FÔRMA DE LAJE MACIÇA, PÉ-DIREITO SIMPLES, EM CHAPA DE MADEIRA COMPENSADA PLASTIFICADA, 10 UTILIZAÇÕES. AF_09/2020","M2",49.38,92526,null,47.84,49.38]
[null,92528,"MONTAGEM E DESMONTAGEM DE FÔRMA DE LAJE MACIÇA, PÉ-DIREITO DUPLO, EM CHAPA DE MADEIRA COMPENSADA PLASTIFICADA, 12 UTILIZAÇÕES. AF_09/2020","M2",88.63,92528,null,86.2,88.63]
[null,92530,"MONTAGEM E DESMONTAGEM DE FÔRMA DE LAJE MACIÇA, PÉ-DIREITO SIMPLES, EM CHAPA DE MADEIRA COMPENSADA PLASTIFICADA, 12 UTILIZAÇÕES. AF_09/2020","M2",46.46,92530,null,45.03,46.46]
[null,92532,"MONTAGEM E DESMONTAGEM DE FÔRMA DE LAJE MACIÇA, PÉ-DIREITO DUPLO, EM CHAPA DE MADEIRA COMPENSADA PLASTIFICADA, 14 UTILIZAÇÕES. AF_09/2020","M2",85.47,92532,null,83.21,85.47]
[null,92534,"MONTAGEM E DESMONTAGEM DE FÔRMA DE LAJE MACIÇA, PÉ-DIREITO SIMPLES, EM CHAPA DE MADEIRA COMPENSADA PLASTIFICADA, 14 UTILIZAÇÕES. AF_09/2020","M2",44.02,92534,null,42.71,44.02]
[null,92536,"MONTAGEM E DESMONTAGEM DE FÔRMA DE LAJE MACIÇA, PÉ-DIREITO DUPLO, EM CHAPA DE MADEIRA COMPENSADA PLASTIFICADA, 18 UTILIZAÇÕES. AF_09/2020","M2",79.209999999999994,92536,null,77.290000000000006,79.209999999999994]
[null,92538,"MONTAGEM E DESMONTAGEM DE FÔRMA DE LAJE MACIÇA, PÉ-DIREITO SIMPLES, EM CHAPA DE MADEIRA COMPENSADA PLASTIFICADA, 18 UTILIZAÇÕES. AF_09/2020","M2",39.07,92538,null,37.96,39.07]
[null,96252,"FABRICAÇÃO DE FÔRMA PARA PILARES CIRCULARES, EM CHAPA DE MADEIRA COMPENSADA RESINADA, PÉ-DIREITO SIMPLES. AF_05/2024","M2",200.81,96252,null,198.57,200.81]
[null,96258,"MONTAGEM E DESMONTAGEM DE FÔRMA DE PILARES CIRCULARES, PÉ-DIREITO SIMPLES, EM MADEIRA, 2 UTILIZAÇÕES. AF_05/2024","M2",163.71,96258,null,157.26,163.71]
[null,96529,"FABRICAÇÃO, MONTAGEM E DESMONTAGEM DE FÔRMA PARA SAPATA, EM MADEIRA SERRADA, E=25 MM, 1 UTILIZAÇÃO. AF_01/2024","M2",279.26,96529,null,265.44,279.26]
[null,96530,"FABRICAÇÃO, MONTAGEM E DESMONTAGEM DE FÔRMA PARA VIGA BALDRAME, EM MADEIRA SERRADA, E=25 MM, 1 UTILIZAÇÃO. AF_01/2024","M2",169.69,96530,null,164.37,169.69]
[null,96531,"FABRICAÇÃO, MONTAGEM E DESMONTAGEM DE FÔRMA PARA BLOCO DE COROAMENTO, EM MADEIRA SERRADA, E=25 MM, 2 UTILIZAÇÕES. AF_01/2024","M2",117.65,96531,null,112.34,117.65]
[null,96532,"FABRICAÇÃO, MONTAGEM E DESMONTAGEM DE FÔRMA PARA SAPATA, EM MADEIRA SERRADA, E=25 MM, 2 UTILIZAÇÕES. AF_01/2024","M2",182.11,96532,null,171.17,182.11]
[null,96533,"FABRICAÇÃO, MONTAGEM E DESMONTAGEM DE FÔRMA PARA VIGA BALDRAME, EM MADEIRA SERRADA, E=25 MM, 2 UTILIZAÇÕES. AF_01/2024","M2",105.44,96533,null,100.96,105.44]
[null,96534,"FABRICAÇÃO, MONTAGEM E DESMONTAGEM DE FÔRMA PARA BLOCO DE COROAMENTO, EM MADEIRA SERRADA, E=25 MM, 4 UTILIZAÇÕES. AF_01/2024","M2",82.24,96534,null,77.34,82.24]
[null,96535,"FABRICAÇÃO, MONTAGEM E DESMONTAGEM DE FÔRMA PARA SAPATA, EM MADEIRA SERRADA, E=25 MM, 4 UTILIZAÇÕES. AF_01/2024","M2",131.58000000000001,96535,null,122.15,131.58000000000001]
[null,96536,"FABRICAÇÃO, MONTAGEM E DESMONTAGEM DE FÔRMA PARA VIGA BALDRAME, EM MADEIRA SERRADA, E=25 MM, 4 UTILIZAÇÕES. AF_01/2024","M2",71.989999999999995,96536,null,67.959999999999994,71.989999999999995]
[null,96537,"FABRICAÇÃO, MONTAGEM E DESMONTAGEM DE FÔRMA PARA BLOCO DE COROAMENTO, EM CHAPA DE MADEIRA COMPENSADA RESINADA, E=17 MM, 2 UTILIZAÇÕES. AF_01/2024","M2",205.66,96537,null,196.52,205.66]
[null,96538,"FABRICAÇÃO, MONTAGEM E DESMONTAGEM DE FÔRMA PARA SAPATA, EM CHAPA DE MADEIRA COMPENSADA RESINADA, E=17 MM, 2 UTILIZAÇÕES. AF_01/2024","M2",255.84,96538,null,240.63,255.84]
[null,96539,"FABRICAÇÃO, MONTAGEM E DESMONTAGEM DE FÔRMA PARA VIGA BALDRAME, EM CHAPA DE MADEIRA COMPENSADA RESINADA, E=17 MM, 2 UTILIZAÇÕES. AF_01/2024","M2",143.57,96539,null,136.58000000000001,143.57]
[null,96540,"FABRICAÇÃO, MONTAGEM E DESMONTAGEM DE FÔRMA PARA BLOCO DE COROAMENTO, EM CHAPA DE MADEIRA COMPENSADA RESINADA, E=17 MM, 4 UTILIZAÇÕES. AF_01/2024","M2",138.31,96540,null,130.49,138.31]
[null,96541,"FABRICAÇÃO, MONTAGEM E DESMONTAGEM DE FÔRMA PARA SAPATA, EM CHAPA DE MADEIRA COMPENSADA RESINADA, E=17 MM, 4 UTILIZAÇÕES. AF_01/2024","M2",181.14,96541,null,168.54,181.14]
[null,96542,"FABRICAÇÃO, MONTAGEM E DESMONTAGEM DE FÔRMA PARA VIGA BALDRAME, EM CHAPA DE MADEIRA COMPENSADA RESINADA, E=17 MM, 4 UTILIZAÇÕES. AF_01/2024","M2",{"$f":"IF($K$2=$H$1,H2499,I2499)","v":101.07},{"$f":"IF(LEN($B2499)=7,CONCATENATE(MID($B2499,1,6),\"00\",RIGHT($B2499,1)),IF(LEN($B2499)=8,CONCATENATE(MID($B2499,1,6),\"0\",RIGHT($B2499,2)),$B2499))","v":96542},null,94.83,101.07]
[null,96543,"ARMAÇÃO DE BLOCO UTILIZANDO AÇO CA-60 DE 5 MM - MONTAGEM. AF_01/2024","KG",20.170000000000002,96543,null,19.12,20.170000000000002]
[null,101791,"FABRICAÇÃO DE ESCORAS DO TIPO PONTALETE, EM MADEIRA, PARA PÉ-DIREITO DUPLO. AF_09/2020","M",35.33,101791,null,35.130000000000003,35.33]
[null,101792,"ESCORAMENTO DE FÔRMAS DE LAJE EM MADEIRA NÃO APARELHADA, PÉ-DIREITO SIMPLES, INCLUSO TRAVAMENTO, 4 UTILIZAÇÕES. AF_09/2020","M3",18.13,101792,null,17.399999999999999,18.13]
[null,101793,"ESCORAMENTO DE FÔRMAS DE LAJE EM MADEIRA NÃO APARELHADA, PÉ-DIREITO DUPLO, INCLUSO TRAVAMENTO, 4 UTILIZAÇÕES. AF_09/2020","M3",29.76,101793,null,28.77,29.76]
[null,101969,"FABRICAÇÃO DE FÔRMA PARA ESCADAS, COM 2 LANCES EM \"U\" E LAJE PLANA, EM CHAPA DE MADEIRA COMPENSADA PLASTIFICADA, E=18 MM. AF_11/2020","M2",256.27999999999997,101969,null,253.51,256.27999999999997]
[null,101971,"FABRICAÇÃO DE FÔRMA PARA ESCADAS, COM 2 LANCES EM \"U\" E LAJE PLANA, EM CHAPA DE MADEIRA COMPENSADA RESINADA, E= 17 MM. AF_11/2020","M2",196.35,101971,null,193.58,196.35]
[null,101973,"FABRICAÇÃO DE FÔRMA PARA ESCADAS, COM 2 LANCES EM \"U\" E LAJE PLANA, EM MADEIRA SERRADA, E=25 MM. AF_11/2020","M2",191.8,101973,null,188.8,191.8]
[null,101974,"MONTAGEM E DESMONTAGEM DE FÔRMA PARA ESCADAS, COM 2 LANCES EM \"U\" E LAJE PLANA, EM MADEIRA SERRADA, 1 UTILIZAÇÃO. AF_11/2020","M2",468.14,101974,null,444.72,468.14]
[null,101975,"MONTAGEM E DESMONTAGEM DE FÔRMA PARA ESCADAS, COM 2 LANCES EM \"U\"  E LAJE PLANA, EM MADEIRA SERRADA, 2 UTILIZAÇÕES. AF_11/2020","M2",398.91,101975,null,380.3,398.91]
[null,101977,"MONTAGEM E DESMONTAGEM DE FÔRMA PARA ESCADAS, COM 2 LANCES EM \"U\" E LAJE PLANA, EM CHAPA DE MADEIRA COMPENSADA RESINADA, 2 UTILIZAÇÕES. AF_11/2020","M2",353.02,101977,null,336.9,353.02]
[null,101980,"MONTAGEM E DESMONTAGEM DE FÔRMA PARA ESCADAS, COM 2 LANCES EM \"U\" E LAJE PLANA, EM CHAPA DE MADEIRA COMPENSADA RESINADA, 4 UTILIZAÇÕES. AF_11/2020","M2",338.52,101980,null,325.58,338.52]
[null,101981,"MONTAGEM E DESMONTAGEM DE FÔRMA PARA ESCADAS, COM 2 LANCES EM \"U\" E LAJE PLANA, EM CHAPA DE MADEIRA COMPENSADA PLASTIFICADA, 6 UTILIZAÇÕES. AF_11/2020","M2",295.14,101981,null,284.19,295.14]
[null,101982,"MONTAGEM E DESMONTAGEM DE FÔRMA PARA ESCADAS, COM 2 LANCES EM \"U\" E LAJE PLANA, EM CHAPA DE MADEIRA COMPENSADA PLASTIFICADA, 8 UTILIZAÇÕES. AF_11/2020","M2",261.89,101982,null,251.76,261.89]
[null,101983,"MONTAGEM E DESMONTAGEM DE FÔRMA PARA ESCADAS, COM 2 LANCES EM \"U\" E LAJE PLANA, EM CHAPA DE MADEIRA COMPENSADA PLASTIFICADA, 10 UTILIZAÇÕES. AF_11/2020","M2",240.9,101983,null,231.31,240.9]
[null,101985,"FABRICAÇÃO DE FÔRMA PARA ESCADAS, COM 2 LANCES EM \"U\" E LAJE CASCATA, EM CHAPA DE MADEIRA COMPENSADA PLASTIFICADA, E=18 MM. AF_11/2020","M2",266.85000000000002,101985,null,263.62,266.85000000000002]
[null,101986,"FABRICAÇÃO DE FÔRMA PARA ESCADAS, COM 2 LANCES EM \"U\" E LAJE CASCATA, EM CHAPA DE MADEIRA COMPENSADA RESINADA, E= 17 MM. AF_11/2020","M2",190.65,101986,null,187.42,190.65]
[null,101987,"FABRICAÇÃO DE FÔRMA PARA ESCADAS, COM 2 LANCES EM \"U\" E LAJE CASCATA, EM MADEIRA SERRADA, E=25 MM. AF_11/2020","M2",219.62,101987,null,216.46,219.62]
[null,101988,"FABRICAÇÃO DE FÔRMA PARA ESCADAS, COM 2 LANCES EM \"L\" E LAJE PLANA, EM CHAPA DE MADEIRA COMPENSADA PLASTIFICADA, E=18 MM. AF_11/2020","M2",263.8,101988,null,260.49,263.8]
[null,101989,"FABRICAÇÃO DE FÔRMA PARA ESCADAS, COM 2 LANCES EM \"L\" E LAJE PLANA, EM CHAPA DE MADEIRA COMPENSADA RESINADA, E= 17 MM. AF_11/2020","M2",204.62,101989,null,201.31,204.62]
[null,101990,"FABRICAÇÃO DE FÔRMA PARA ESCADAS, COM 2 LANCES EM \"L\" E LAJE PLANA, EM MADEIRA SERRADA, E=25 MM. AF_11/2020","M2",206.06,101990,null,202.79,206.06]
[null,101991,"FABRICAÇÃO DE FÔRMA PARA ESCADAS, COM 2 LANCES EM \"L\" E LAJE CASCATA, EM CHAPA DE MADEIRA COMPENSADA PLASTIFICADA, E=18 MM. AF_11/2020","M2",264.64,101991,null,260.95,264.64]
[null,101992,"FABRICAÇÃO DE FÔRMA PARA ESCADAS, COM 2 LANCES EM \"L\" E LAJE CASCATA, EM CHAPA DE MADEIRA COMPENSADA RESINADA, E= 17 MM. AF_11/2020","M2",191.8,101992,null,188.11,191.8]
[null,101993,"FABRICAÇÃO DE FÔRMA PARA ESCADAS, COM 2 LANCES EM \"L\" E LAJE CASCATA, EM MADEIRA SERRADA, E=25 MM. AF_11/2020","M2",256.05,101993,null,252.66,256.05]
[null,101994,"FABRICAÇÃO DE FÔRMA PARA ESCADAS, COM 1 LANCE E LAJE PLANA, EM CHAPA DE MADEIRA COMPENSADA PLASTIFICADA, E=18 MM. AF_11/2020","M2",282.26,101994,null,279.19,282.26]
[null,101995,"FABRICAÇÃO DE FÔRMA PARA ESCADAS, COM 1 LANCE E LAJE PLANA, EM CHAPA DE MADEIRA COMPENSADA RESINADA, E= 17 MM. AF_11/2020","M2",215.82,101995,null,212.75,215.82]
[null,101996,"FABRICAÇÃO DE FÔRMA PARA ESCADAS, COM 1 LANCE E LAJE PLANA, EM MADEIRA SERRADA, E=25 MM. AF_11/2020","M2",220.71,101996,null,217.46,220.71]
[null,101997,"FABRICAÇÃO DE FÔRMA PARA ESCADAS, COM 1 LANCE E LAJE CASCATA, EM CHAPA DE MADEIRA COMPENSADA PLASTIFICADA, E=18 MM. AF_11/2020","M2",264.5,101997,null,260.83999999999997,264.5]
[null,101998,"FABRICAÇÃO DE FÔRMA PARA ESCADAS, COM 1 LANCE E LAJE CASCATA, EM CHAPA DE MADEIRA COMPENSADA RESINADA, E= 17 MM. AF_11/2020","M2",190,101998,null,186.34,190]
[null,101999,"FABRICAÇÃO DE FÔRMA PARA ESCADAS, COM 1 LANCE E LAJE CASCATA, EM MADEIRA SERRADA, E=25 MM. AF_11/2020","M2",273.54000000000002,101999,null,270.08,273.54000000000002]
[null,102000,"MONTAGEM E DESMONTAGEM DE FÔRMA PARA ESCADAS, COM 2 LANCES EM \"U\" E LAJE CASCATA, EM MADEIRA SERRADA, 1 UTILIZAÇÃO. AF_11/2020","M2",461.77,102000,null,438.89,461.77]
[null,102001,"MONTAGEM E DESMONTAGEM DE FÔRMA PARA ESCADAS, COM 2 LANCES EM \"U\" E LAJE CASCATA, EM MADEIRA SERRADA, 2 UTILIZAÇÕES. AF_11/2020","M2",397.34,102001,null,379.18,397.34]
[null,102002,"MONTAGEM E DESMONTAGEM DE FÔRMA PARA ESCADAS, COM 2 LANCES EM \"U\" E LAJE CASCATA, EM CHAPA DE MADEIRA COMPENSADA RESINADA, 2 UTILIZAÇÕES. AF_11/2020","M2",337.79,102002,null,321.19,337.79]
[null,102003,"MONTAGEM E DESMONTAGEM DE FÔRMA PARA ESCADAS, COM 2 LANCES EM \"U\" E LAJE CASCATA, EM CHAPA DE MADEIRA COMPENSADA RESINADA, 4 UTILIZAÇÕES. AF_11/2020","M2",321.08999999999997,102003,null,307.60000000000002,321.08999999999997]
[null,102004,"MONTAGEM E DESMONTAGEM DE FÔRMA PARA ESCADAS, COM 2 LANCES EM \"U\" E LAJE CASCATA, EM CHAPA DE MADEIRA COMPENSADA PLASTIFICADA, 6 UTILIZAÇÕES. AF_11/2020","M2",286.47000000000003,102004,null,275.19,286.47000000000003]
[null,102005,"MONTAGEM E DESMONTAGEM DE FÔRMA PARA ESCADAS, COM 2 LANCES EM \"U\" E LAJE CASCATA, EM CHAPA DE MADEIRA COMPENSADA PLASTIFICADA, 8 UTILIZAÇÕES. AF_11/2020","M2",252.05,102005,null,241.66,252.05]
[null,102006,"MONTAGEM E DESMONTAGEM DE FÔRMA PARA ESCADAS, COM 2 LANCES EM \"U\" E LAJE CASCATA, EM CHAPA DE MADEIRA COMPENSADA PLASTIFICADA, 10 UTILIZAÇÕES. AF_11/2020","M2",230.33,102006,null,220.49,230.33]
[null,102007,"MONTAGEM E DESMONTAGEM DE FÔRMA PARA ESCADAS, COM 2 LANCES EM \"L\" E LAJE PLANA, EM MADEIRA SERRADA, 1 UTILIZAÇÃO. AF_11/2020","M2",458.31,102007,null,434.96,458.31]
[null,102008,"MONTAGEM E DESMONTAGEM DE FÔRMA PARA ESCADAS, COM 2 LANCES EM \"L\" E LAJE PLANA, EM MADEIRA SERRADA, 2 UTILIZAÇÕES. AF_11/2020","M2",383.72,102008,null,365.28,383.72]
[null,102009,"MONTAGEM E DESMONTAGEM DE FÔRMA PARA ESCADAS, COM 2 LANCES EM \"L\" E LAJE PLANA, EM CHAPA DE MADEIRA COMPENSADA RESINADA, 2 UTILIZAÇÕES. AF_11/2020","M2",352.34,102009,null,335.79,352.34]
[null,102010,"MONTAGEM E DESMONTAGEM DE FÔRMA PARA ESCADAS, COM 2 LANCES EM \"L\" E LAJE PLANA, EM CHAPA DE MADEIRA COMPENSADA RESINADA, 4 UTILIZAÇÕES. AF_11/2020","M2",333.85,102010,null,320.52,333.85]
[null,102011,"MONTAGEM E DESMONTAGEM DE FÔRMA PARA ESCADAS, COM 2 LANCES EM \"L\" E LAJE PLANA, EM CHAPA DE MADEIRA COMPENSADA PLASTIFICADA, 6 UTILIZAÇÕES. AF_11/2020","M2",288.11,102011,null,276.92,288.11]
[null,102012,"MONTAGEM E DESMONTAGEM DE FÔRMA PARA ESCADAS, COM 2 LANCES EM \"L\" E LAJE PLANA, EM CHAPA DE MADEIRA COMPENSADA PLASTIFICADA, 8 UTILIZAÇÕES. AF_11/2020","M2",254.03,102012,null,243.73,254.03]
[null,102013,"MONTAGEM E DESMONTAGEM DE FÔRMA PARA ESCADAS, COM 2 LANCES EM \"L\" E LAJE PLANA, EM CHAPA DE MADEIRA COMPENSADA PLASTIFICADA, 10 UTILIZAÇÕES. AF_11/2020","M2",235.15,102013,null,225.39,235.15]
[null,102014,"MONTAGEM E DESMONTAGEM DE FÔRMA PARA ESCADAS, COM 2 LANCES EM \"L\" E LAJE CASCATA, EM MADEIRA SERRADA, 1 UTILIZAÇÃO. AF_11/2020","M2",497.67,102014,null,474.6,497.67]
[null,102015,"MONTAGEM E DESMONTAGEM DE FÔRMA PARA ESCADAS, COM 2 LANCES EM \"L\" E LAJE CASCATA, EM MADEIRA SERRADA, 2 UTILIZAÇÕES. AF_11/2020","M2",417.42,102015,null,399.14,417.42]
[null,102016,"MONTAGEM E DESMONTAGEM DE FÔRMA PARA ESCADAS, COM 2 LANCES EM \"L\" E LAJE CASCATA, EM CHAPA DE MADEIRA COMPENSADA RESINADA, 2 UTILIZAÇÕES. AF_11/2020","M2",332.78,102016,null,315.83,332.78]
[null,102017,"MONTAGEM E DESMONTAGEM DE FÔRMA PARA ESCADAS, COM 2 LANCES EM \"L\" E LAJE CASCATA, EM CHAPA DE MADEIRA COMPENSADA RESINADA, 4 UTILIZAÇÕES. AF_11/2020","M2",313.14999999999998,102017,null,299.35000000000002,313.14999999999998]
[null,102036,"MONTAGEM E DESMONTAGEM DE FÔRMA PARA ESCADAS, COM 2 LANCES EM \"L\" E LAJE CASCATA, EM CHAPA DE MADEIRA COMPENSADA PLASTIFICADA, 6 UTILIZAÇÕES. AF_11/2020","M2",276.63,102036,null,265.17,276.63]
[null,102037,"MONTAGEM E DESMONTAGEM DE FÔRMA PARA ESCADAS, COM 2 LANCES EM \"L\" E LAJE CASCATA, EM CHAPA DE MADEIRA COMPENSADA PLASTIFICADA, 8 UTILIZAÇÕES. AF_11/2020","M2",242.46,102037,null,231.92,242.46]
[null,102038,"MONTAGEM E DESMONTAGEM DE FÔRMA PARA ESCADAS, COM 2 LANCES EM \"L\" E LAJE CASCATA, EM CHAPA DE MADEIRA COMPENSADA PLASTIFICADA, 10 UTILIZAÇÕES. AF_11/2020","M2",223.53,102038,null,213.56,223.53]
[null,102039,"MONTAGEM E DESMONTAGEM DE FÔRMA PARA ESCADAS, COM 1 LANCE E LAJE PLANA, EM MADEIRA SERRADA, 1 UTILIZAÇÃO. AF_11/2020","M2",477.33,102039,null,454,477.33]
[null,102040,"MONTAGEM E DESMONTAGEM DE FÔRMA PARA ESCADAS, COM 1 LANCE E LAJE PLANA, EM MADEIRA SERRADA, 2 UTILIZAÇÕES. AF_11/2020","M2",398.45,102040,null,380.07,398.45]
[null,102041,"MONTAGEM E DESMONTAGEM DE FÔRMA PARA ESCADAS, COM 1 LANCE E LAJE PLANA, EM CHAPA DE MADEIRA COMPENSADA RESINADA, 2 UTILIZAÇÕES. AF_11/2020","M2",354.12,102041,null,337.85,354.12]
[null,102042,"MONTAGEM E DESMONTAGEM DE FÔRMA PARA ESCADAS, COM 1 LANCE E LAJE PLANA, EM CHAPA DE MADEIRA COMPENSADA RESINADA, 4 UTILIZAÇÕES. AF_11/2020","M2",331.46,102042,null,318.44,331.46]
[null,102043,"MONTAGEM E DESMONTAGEM DE FÔRMA PARA ESCADAS, COM 1 LANCE E LAJE PLANA, EM CHAPA DE MADEIRA COMPENSADA PLASTIFICADA, 6 UTILIZAÇÕES. AF_11/2020","M2",286.77,102043,null,275.77,286.77]
[null,102044,"MONTAGEM E DESMONTAGEM DE FÔRMA PARA ESCADAS, COM 1 LANCE E LAJE PLANA, EM CHAPA DE MADEIRA COMPENSADA PLASTIFICADA, 8 UTILIZAÇÕES. AF_11/2020","M2",253.48,102044,null,243.31,253.48]
[null,102045,"MONTAGEM E DESMONTAGEM DE FÔRMA PARA ESCADAS, COM 1 LANCE E LAJE PLANA, EM CHAPA DE MADEIRA COMPENSADA PLASTIFICADA, 10 UTILIZAÇÕES. AF_11/2020","M2",233.5,102045,null,223.85,233.5]
[null,102046,"MONTAGEM E DESMONTAGEM DE FÔRMA PARA ESCADAS, COM 1 LANCE E LAJE CASCATA, EM MADEIRA SERRADA, 1 UTILIZAÇÃO. AF_11/2020","M2",502.67,102046,null,479.74,502.67]
[null,102047,"MONTAGEM E DESMONTAGEM DE FÔRMA PARA ESCADAS, COM 1 LANCE E LAJE CASCATA, EM MADEIRA SERRADA, 2 UTILIZAÇÕES. AF_11/2020","M2",428.36,102047,null,410.25,428.36]
[null,102048,"MONTAGEM E DESMONTAGEM DE FÔRMA PARA ESCADAS, COM 1 LANCE E LAJE CASCATA, EM CHAPA DE MADEIRA COMPENSADA RESINADA, 2 UTILIZAÇÕES. AF_11/2020","M2",321.54000000000002,102048,null,304.64,321.54000000000002]
[null,102049,"MONTAGEM E DESMONTAGEM DE FÔRMA PARA ESCADAS, COM 1 LANCE E LAJE CASCATA, EM CHAPA DE MADEIRA COMPENSADA RESINADA, 4 UTILIZAÇÕES. AF_11/2020","M2",296.56,102049,null,282.85000000000002,296.56]
[null,102050,"MONTAGEM E DESMONTAGEM DE FÔRMA PARA ESCADAS, COM 1 LANCE E LAJE CASCATA, EM CHAPA DE MADEIRA COMPENSADA PLASTIFICADA, 6 UTILIZAÇÕES. AF_11/2020","M2",262.75,102050,null,251.34,262.75]
[null,102051,"MONTAGEM E DESMONTAGEM DE FÔRMA PARA ESCADAS, COM 1 LANCE E LAJE CASCATA, EM CHAPA DE MADEIRA COMPENSADA PLASTIFICADA, 8 UTILIZAÇÕES. AF_11/2020","M2",228.6,102051,null,218.1,228.6]
[null,102052,"MONTAGEM E DESMONTAGEM DE FÔRMA PARA ESCADAS, COM 1 LANCE E LAJE CASCATA, EM CHAPA DE MADEIRA COMPENSADA PLASTIFICADA, 10 UTILIZAÇÕES. AF_11/2020","M2",{"$f":"IF($K$2=$H$1,H2563,I2563)","v":209.68},{"$f":"IF(LEN($B2563)=7,CONCATENATE(MID($B2563,1,6),\"00\",RIGHT($B2563,1)),IF(LEN($B2563)=8,CONCATENATE(MID($B2563,1,6),\"0\",RIGHT($B2563,2)),$B2563))","v":102052},null,199.74,209.68]
[null,102059,"MONTAGEM E DESMONTAGEM DE FÔRMA PARA ESCADA DUPLA COM 2 LANCES EM \"X\" E LAJE PLANA, EM MADEIRA SERRADA, 1 UTILIZAÇÃO. AF_11/2020","M2",447.42,102059,null,426.24,447.42]
[null,102060,"MONTAGEM E DESMONTAGEM DE FÔRMA PARA ESCADA DUPLA COM 2 LANCES EM \"X\" E LAJE PLANA, EM MADEIRA SERRADA, 2 UTILIZAÇÕES. AF_11/2020","M2",376.79,102060,null,359.99,376.79]
[null,102061,"MONTAGEM E DESMONTAGEM DE FÔRMA PARA ESCADA DUPLA COM 2 LANCES EM \"X\" E LAJE PLANA, EM CHAPA DE MADEIRA COMPENSADA RESINADA, 2 UTILIZAÇÕES. AF_11/2020","M2",333.95,102061,null,319.8,333.95]
[null,102062,"MONTAGEM E DESMONTAGEM DE FÔRMA PARA ESCADA DUPLA COM 2 LANCES EM \"X\" E LAJE PLANA, EM CHAPA DE MADEIRA COMPENSADA RESINADA, 4 UTILIZAÇÕES. AF_11/2020","M2",320.36,102062,null,308.92,320.36]
[null,102063,"MONTAGEM E DESMONTAGEM DE FÔRMA PARA ESCADA DUPLA COM 2 LANCES EM \"X\" E LAJE PLANA, EM CHAPA DE MADEIRA COMPENSADA PLASTIFICADA, 6 UTILIZAÇÕES. AF_11/2020","M2",276.82,102063,null,267.27999999999997,276.82]
[null,102064,"MONTAGEM E DESMONTAGEM DE FÔRMA PARA ESCADA DUPLA COM 2 LANCES EM \"X\" E LAJE PLANA, EM CHAPA DE MADEIRA COMPENSADA PLASTIFICADA, 8 UTILIZAÇÕES. AF_11/2020","M2",242.88,102064,null,234.12,242.88]
[null,102065,"MONTAGEM E DESMONTAGEM DE FÔRMA PARA ESCADA DUPLA COM 2 LANCES EM \"X\" E LAJE PLANA, EM CHAPA DE MADEIRA COMPENSADA PLASTIFICADA, 10 UTILIZAÇÕES. AF_11/2020","M2",224.14,102065,null,215.83,224.14]
[null,102066,"MONTAGEM E DESMONTAGEM DE FÔRMA PARA ESCADA DUPLA COM 2 LANCES EM \"X\" E LAJE CASCATA, EM MADEIRA SERRADA, 1 UTILIZAÇÃO. AF_11/2020","M2",453.15,102066,null,432.3,453.15]
[null,102067,"MONTAGEM E DESMONTAGEM DE FÔRMA PARA ESCADA DUPLA COM 2 LANCES EM \"X\" E LAJE CASCATA, EM MADEIRA SERRADA, 2 UTILIZAÇÕES. AF_11/2020","M2",388.01,102067,null,371.42,388.01]
[null,102068,"MONTAGEM E DESMONTAGEM DE FÔRMA PARA ESCADA DUPLA COM 2 LANCES EM \"X\" E LAJE CASCATA, EM CHAPA DE MADEIRA COMPENSADA RESINADA, 2 UTILIZAÇÕES. AF_11/2020","M2",302.08,102068,null,287.64999999999998,302.08]
[null,102069,"MONTAGEM E DESMONTAGEM DE FÔRMA PARA ESCADA DUPLA COM 2 LANCES EM \"X\" E LAJE CASCATA, EM CHAPA DE MADEIRA COMPENSADA RESINADA, 4 UTILIZAÇÕES. AF_11/2020","M2",287.39,102069,null,275.61,287.39]
[null,102070,"MONTAGEM E DESMONTAGEM DE FÔRMA PARA ESCADA DUPLA COM 2 LANCES EM \"X\" E LAJE CASCATA, EM CHAPA DE MADEIRA COMPENSADA PLASTIFICADA, 6 UTILIZAÇÕES. AF_11/2020","M2",254.86,102070,null,245.12,254.86]
[null,102071,"MONTAGEM E DESMONTAGEM DE FÔRMA PARA ESCADA DUPLA COM 2 LANCES EM \"X\" E LAJE CASCATA, EM CHAPA DE MADEIRA COMPENSADA PLASTIFICADA, 8 UTILIZAÇÕES. AF_11/2020","M2",222.9,102071,null,213.97,222.9]
[null,102072,"MONTAGEM E DESMONTAGEM DE FÔRMA PARA ESCADA DUPLA COM 2 LANCES EM \"X\" E LAJE CASCATA, EM CHAPA DE MADEIRA COMPENSADA PLASTIFICADA, 10 UTILIZAÇÕES. AF_11/2020","M2",212.05,102072,null,203.7,212.05]
[null,102073,"ESCADA EM CONCRETO ARMADO MOLDADO IN LOCO, FCK 25 MPA, COM 1 LANCE E LAJE PLANA, FÔRMA EM CHAPA DE MADEIRA COMPENSADA RESINADA. AF_11/2020_PA","M3",4350.32,102073,null,4218.75,4350.32]
[null,102074,"ESCADA EM CONCRETO ARMADO MOLDADO IN LOCO, FCK 25 MPA, COM 2 LANCES EM  U  E LAJE PLANA, FÔRMA EM CHAPA DE MADEIRA COMPENSADA RESINADA. AF_11/2020_PA","M3",5142.42,102074,null,4994.7700000000004,5142.42]
[null,102075,"ESCADA EM CONCRETO ARMADO MOLDADO IN LOCO, FCK 25 MPA, COM 2 LANCES EM  L  E LAJE PLANA, FÔRMA EM CHAPA DE MADEIRA COMPENSADA RESINADA. AF_11/2020_PA","M3",5286.96,102075,null,5133.71,5286.96]
[null,102076,"ESCADA EM CONCRETO ARMADO MOLDADO IN LOCO, FCK 25 MPA, COM 2 LANCES EM  X  E LAJE PLANA, FÔRMA EM CHAPA DE MADEIRA COMPENSADA RESINADA. AF_11/2020_PA","M3",5482.78,102076,null,5333.2,5482.78]
[null,102077,"ESCADA EM CONCRETO ARMADO MOLDADO IN LOCO, FCK 25 MPA, COM 1 LANCE E LAJE CASCATA, FÔRMA EM CHAPA DE MADEIRA COMPENSADA RESINADA. AF_11/2020_PA","M3",5795.75,102077,null,5598.19,5795.75]
[null,102078,"ESCADA EM CONCRETO ARMADO MOLDADO IN LOCO, FCK 25 MPA, COM 2 LANCES EM  U  E LAJE CASCATA, FÔRMA EM CHAPA DE MADEIRA COMPENSADA RESINADA. AF_11/2020_PA","M3",6032.96,102078,null,5838.22,6032.96]
[null,102079,"ESCADA EM CONCRETO ARMADO MOLDADO IN LOCO, FCK 25 MPA, COM 2 LANCES EM  L  E LAJE CASCATA, FÔRMA EM CHAPA DE MADEIRA COMPENSADA RESINADA. AF_11/2020_PA","M3",5726.23,102079,null,5540.17,5726.23]
[null,102080,"ESCADA EM CONCRETO ARMADO MOLDADO IN LOCO, FCK 25 MPA, COM 2 LANCES EM  X  E LAJE CASCATA, FÔRMA EM CHAPA DE MADEIRA COMPENSADA RESINADA. AF_11/2020_PA","M3",5040.4399999999996,102080,null,4891.4799999999996,5040.4399999999996]
[null,102086,"FABRICAÇÃO DE FÔRMA PARA ESCADA DUPLA COM 2 LANCES EM \"X\" E LAJE PLANA, EM CHAPA DE MADEIRA COMPENSADA PLASTIFICADA, E=18 MM. AF_11/2020","M2",269.89999999999998,102086,null,266.81,269.89999999999998]
[null,102087,"FABRICAÇÃO DE FÔRMA PARA ESCADA DUPLA COM 2 LANCES EM \"X\" E LAJE PLANA, EM CHAPA DE MADEIRA COMPENSADA RESINADA, E= 17 MM. AF_11/2020","M2",207.76,102087,null,204.67,207.76]
[null,102088,"FABRICAÇÃO DE FÔRMA PARA ESCADA DUPLA COM 2 LANCES EM X E LAJE PLANA, EM MADEIRA SERRADA, E=25 MM. AF_11/2020","M2",206.28,102088,null,203.06,206.28]
[null,102089,"FABRICAÇÃO DE FÔRMA PARA ESCADA DUPLA COM 2 LANCES EM \"X\" E LAJE CASCATA, EM CHAPA DE MADEIRA COMPENSADA PLASTIFICADA, E=18 MM. AF_11/2020","M2",251.86,102089,null,248.53,251.86]
[null,102090,"FABRICAÇÃO DE FÔRMA PARA ESCADA DUPLA COM 2 LANCES EM \"X\" E LAJE CASCATA, EM CHAPA DE MADEIRA COMPENSADA RESINADA, E= 17 MM. AF_11/2020","M2",181.37,102090,null,178.04,181.37]
[null,102091,"FABRICAÇÃO DE FÔRMA PARA ESCADA DUPLA COM 2 LANCES EM X E LAJE CASCATA, EM MADEIRA SERRADA, E=25 MM. AF_11/2020","M2",233.29,102091,null,229.92,233.29]
[null,103760,"MONTAGEM E DESMONTAGEM DE FÔRMA DE LAJE MACIÇA, PÉ-DIREITO SIMPLES, EM CHAPA DE MADEIRA COMPENSADA RESINADA E CIMBRAMENTO DE MADEIRA, 2 UTILIZAÇÕES. AF_03/2022","M2",125.76,103760,null,122.3,125.76]
[null,103761,"MONTAGEM E DESMONTAGEM DE FÔRMA DE LAJE MACIÇA, PÉ-DIREITO SIMPLES, EM CHAPA DE MADEIRA COMPENSADA RESINADA E CIMBRAMENTO DE MADEIRA, 4 UTILIZAÇÕES. AF_03/2022","M2",86.07,103761,null,82.88,86.07]
[null,103762,"MONTAGEM E DESMONTAGEM DE FÔRMA DE LAJE MACIÇA, PÉ-DIREITO SIMPLES, EM CHAPA DE MADEIRA COMPENSADA RESINADA E CIMBRAMENTO DE MADEIRA, 6 UTILIZAÇÕES. AF_03/2022","M2",72.489999999999995,103762,null,69.56,72.489999999999995]
[null,103763,"MONTAGEM E DESMONTAGEM DE FÔRMA DE LAJE MACIÇA, PÉ-DIREITO SIMPLES, EM CHAPA DE MADEIRA COMPENSADA RESINADA E CIMBRAMENTO DE MADEIRA, 8 UTILIZAÇÕES. AF_03/2022","M2",63.73,103763,null,61.01,63.73]
[null,104925,"FABRICAÇÃO, MONTAGEM E DESMONTAGEM DE FÔRMA PARA SAPATA CORRIDA, EM MADEIRA SERRADA, E=25 MM, 1 UTILIZAÇÃO. AF_01/2024","M2",191.43,104925,null,185.77,191.43]
[null,104926,"FABRICAÇÃO, MONTAGEM E DESMONTAGEM DE FÔRMA PARA SAPATA CORRIDA, EM MADEIRA SERRADA, E=25 MM, 2 UTILIZAÇÕES. AF_01/2024","M2",117.07,104926,null,112.43,117.07]
[null,104927,"FABRICAÇÃO, MONTAGEM E DESMONTAGEM DE FÔRMA PARA SAPATA CORRIDA, EM MADEIRA SERRADA, E=25 MM, 4 UTILIZAÇÕES. AF_01/2024","M2",78.42,104927,null,74.28,78.42]
[null,104928,"FABRICAÇÃO, MONTAGEM E DESMONTAGEM DE FÔRMA PARA SAPATA CORRIDA, EM CHAPA DE MADEIRA COMPENSADA RESINADA, E=17 MM, 2 UTILIZAÇÕES. AF_01/2024","M2",162.22,104928,null,154.09,162.22]
[null,104929,"FABRICAÇÃO, MONTAGEM E DESMONTAGEM DE FÔRMA PARA SAPATA CORRIDA, EM CHAPA DE MADEIRA COMPENSADA RESINADA, E=17 MM, 4 UTILIZAÇÕES. AF_01/2024","M2",96.9,104929,null,91.51,96.9]
[null,105403,"FABRICAÇÃO DE FÔRMA PARA PILARES CIRCULARES, EM CHAPA DE MADEIRA COMPENSADA RESINADA, PÉ-DIREITO DUPLO. AF_05/2024","M2",245.6,105403,null,243.13,245.6]
[null,105406,"MONTAGEM E DESMONTAGEM DE FÔRMA DE PILARES CIRCULARES, PÉ-DIREITO DUPLO, EM MADEIRA, 2 UTILIZAÇÕES. AF_05/2024","M2",227.33,105406,null,218.61,227.33]
[null,89996,"ARMAÇÃO VERTICAL DE ALVENARIA ESTRUTURAL; DIÂMETRO DE 10,0 MM. AF_09/2021","KG",11.55,89996,null,11.29,11.55]
[null,89997,"ARMAÇÃO VERTICAL DE ALVENARIA ESTRUTURAL; DIÂMETRO DE 12,5 MM. AF_09/2021","KG",9.4499999999999993,89997,null,9.2799999999999994,9.4499999999999993]
[null,89998,"ARMAÇÃO DE CINTA DE ALVENARIA ESTRUTURAL; DIÂMETRO DE 10,0 MM. AF_09/2021","KG",11.03,89998,null,10.84,11.03]
[null,89999,"ARMAÇÃO DE VERGA E CONTRAVERGA DE ALVENARIA ESTRUTURAL; DIÂMETRO DE 8,0 MM. AF_09/2021","KG",16.77,89999,null,16.04,16.77]
[null,90000,"ARMAÇÃO DE VERGA E CONTRAVERGA DE ALVENARIA ESTRUTURAL; DIÂMETRO DE 10,0 MM. AF_09/2021","KG",13.66,90000,null,13.2,13.66]
[null,91593,"ARMAÇÃO DO SISTEMA DE PAREDES DE CONCRETO, EXECUTADA EM PAREDES DE EDIFICAÇÕES MULTIFAMILIARES, TELA Q-138. AF_12/2024_PS","KG",13.58,91593,null,13.54,13.58]
[null,91594,"ARMAÇÃO DO SISTEMA DE PAREDES DE CONCRETO, EXECUTADA EM PAREDES DE EDIFICAÇÕES UNIFAMILIARES OU MULTIFAMILIARES, TELA Q-92. AF_12/2024_PS","KG",13.6,91594,null,13.55,13.6]
[null,91595,"ARMAÇÃO DO SISTEMA DE PAREDES DE CONCRETO, EXECUTADA EM PAREDES DE EDIFICAÇÕES UNIFAMILIARES, TELA Q-61. AF_12/2024_PS","KG",13.79,91595,null,13.73,13.79]
[null,91596,"ARMAÇÃO DO SISTEMA DE PAREDES DE CONCRETO, EXECUTADA COMO ARMADURA POSITIVA DE LAJES, TELA Q-138. AF_12/2024","KG",13.56,91596,null,13.52,13.56]
[null,91597,"ARMAÇÃO DO SISTEMA DE PAREDES DE CONCRETO, EXECUTADA COMO ARMADURA NEGATIVA DE LAJES, TELA T-196. AF_12/2024","KG",9.9,91597,null,9.86,9.9]
[null,91598,"ARMAÇÃO DO SISTEMA DE PAREDES DE CONCRETO, EXECUTADA COMO ARMADURA POSITIVA DE LAJES, TELA Q-113. AF_12/2024","KG",13.09,91598,null,13.06,13.09]
[null,91599,"ARMAÇÃO DO SISTEMA DE PAREDES DE CONCRETO, EXECUTADA COMO ARMADURA NEGATIVA DE LAJES, TELA L-159. AF_12/2024","KG",10.26,91599,null,10.23,10.26]
[null,91600,"ARMAÇÃO DO SISTEMA DE PAREDES DE CONCRETO, EXECUTADA EM PLATIBANDAS, TELA Q-92. AF_12/2024_PS","KG",14.68,91600,null,14.54,14.68]
[null,91601,"ARMAÇÃO DO SISTEMA DE PAREDES DE CONCRETO, EXECUTADA COMO REFORÇO, VERGALHÃO DE 6,3 MM DE DIÂMETRO. AF_12/2024","KG",13.26,91601,null,13.01,13.26]
[null,91602,"ARMAÇÃO DO SISTEMA DE PAREDES DE CONCRETO, EXECUTADA COMO REFORÇO, VERGALHÃO DE 8,0 MM DE DIÂMETRO. AF_12/2024","KG",12.47,91602,null,12.32,12.47]
[null,91603,"ARMAÇÃO DO SISTEMA DE PAREDES DE CONCRETO, EXECUTADA COMO REFORÇO, VERGALHÃO DE 10,0 MM DE DIÂMETRO. AF_12/2024","KG",11.23,91603,null,11.14,11.23]
[null,92759,"ARMAÇÃO DE PILAR OU VIGA DE ESTRUTURA CONVENCIONAL DE CONCRETO ARMADO UTILIZANDO AÇO CA-60 DE 5,0 MM - MONTAGEM. AF_06/2022","KG",14.78,92759,null,14.29,14.78]
[null,92760,"ARMAÇÃO DE PILAR OU VIGA DE ESTRUTURA CONVENCIONAL DE CONCRETO ARMADO UTILIZANDO AÇO CA-50 DE 6,3 MM - MONTAGEM. AF_06/2022","KG",14.19,92760,null,13.87,14.19]
[null,92761,"ARMAÇÃO DE PILAR OU VIGA DE ESTRUTURA CONVENCIONAL DE CONCRETO ARMADO UTILIZANDO AÇO CA-50 DE 8,0 MM - MONTAGEM. AF_06/2022","KG",13.5,92761,null,13.28,13.5]
[null,92762,"ARMAÇÃO DE PILAR OU VIGA DE ESTRUTURA CONVENCIONAL DE CONCRETO ARMADO UTILIZANDO AÇO CA-50 DE 10,0 MM - MONTAGEM. AF_06/2022","KG",12.14,92762,null,12,12.14]
[null,92763,"ARMAÇÃO DE PILAR OU VIGA DE ESTRUTURA CONVENCIONAL DE CONCRETO ARMADO UTILIZANDO AÇO CA-50 DE 12,5 MM - MONTAGEM. AF_06/2022","KG",10.25,92763,null,10.15,10.25]
[null,92764,"ARMAÇÃO DE PILAR OU VIGA DE ESTRUTURA CONVENCIONAL DE CONCRETO ARMADO UTILIZANDO AÇO CA-50 DE 16,0 MM - MONTAGEM. AF_06/2022","KG",9.9499999999999993,92764,null,9.89,9.9499999999999993]
[null,92765,"ARMAÇÃO DE PILAR OU VIGA DE ESTRUTURA CONVENCIONAL DE CONCRETO ARMADO UTILIZANDO AÇO CA-50 DE 20,0 MM - MONTAGEM. AF_06/2022","KG",11.4,92765,null,11.34,11.4]
[null,92766,"ARMAÇÃO DE PILAR OU VIGA DE ESTRUTURA CONVENCIONAL DE CONCRETO ARMADO UTILIZANDO AÇO CA-50 DE 25,0 MM - MONTAGEM. AF_06/2022","KG",11.29,92766,null,11.25,11.29]
[null,92767,"ARMAÇÃO DE LAJE DE ESTRUTURA CONVENCIONAL DE CONCRETO ARMADO UTILIZANDO AÇO CA-60 DE 4,2 MM - MONTAGEM. AF_06/2022","KG",{"$f":"IF($K$2=$H$1,H2627,I2627)","v":16.09},{"$f":"IF(LEN($B2627)=7,CONCATENATE(MID($B2627,1,6),\"00\",RIGHT($B2627,1)),IF(LEN($B2627)=8,CONCATENATE(MID($B2627,1,6),\"0\",RIGHT($B2627,2)),$B2627))","v":92767},null,15.52,16.09]
[null,92768,"ARMAÇÃO DE LAJE DE ESTRUTURA CONVENCIONAL DE CONCRETO ARMADO UTILIZANDO AÇO CA-60 DE 5,0 MM - MONTAGEM. AF_06/2022","KG",14.31,92768,null,13.89,14.31]
[null,92769,"ARMAÇÃO DE LAJE DE ESTRUTURA CONVENCIONAL DE CONCRETO ARMADO UTILIZANDO AÇO CA-50 DE 6,3 MM - MONTAGEM. AF_06/2022","KG",13.72,92769,null,13.44,13.72]
[null,92770,"ARMAÇÃO DE LAJE DE ESTRUTURA CONVENCIONAL DE CONCRETO ARMADO UTILIZANDO AÇO CA-50 DE 8,0 MM - MONTAGEM. AF_06/2022","KG",13.05,92770,null,12.87,13.05]
[null,92771,"ARMAÇÃO DE LAJE DE ESTRUTURA CONVENCIONAL DE CONCRETO ARMADO UTILIZANDO AÇO CA-50 DE 10,0 MM - MONTAGEM. AF_06/2022","KG",11.72,92771,null,11.61,11.72]
[null,92772,"ARMAÇÃO DE LAJE DE ESTRUTURA CONVENCIONAL DE CONCRETO ARMADO UTILIZANDO AÇO CA-50 DE 12,5 MM - MONTAGEM. AF_06/2022","KG",9.86,92772,null,9.8000000000000007,9.86]
[null,92773,"ARMAÇÃO DE LAJE DE ESTRUTURA CONVENCIONAL DE CONCRETO ARMADO UTILIZANDO AÇO CA-50 DE 16,0 MM - MONTAGEM. AF_06/2022","KG",9.6999999999999993,92773,null,9.65,9.6999999999999993]
[null,92774,"ARMAÇÃO DE LAJE DE ESTRUTURA CONVENCIONAL DE CONCRETO ARMADO UTILIZANDO AÇO CA-50 DE 20,0 MM - MONTAGEM. AF_06/2022","KG",11.25,92774,null,11.21,11.25]
[null,92798,"CORTE E DOBRA DE AÇO CA-50, DIÂMETRO DE 25,0 MM. AF_06/2022","KG",10.39,92798,null,10.39,10.39]
[null,92799,"CORTE E DOBRA DE AÇO CA-60, DIÂMETRO DE 4,2 MM. AF_06/2022","KG",11.9,92799,null,11.63,11.9]
[null,92800,"CORTE E DOBRA DE AÇO CA-60, DIÂMETRO DE 5,0 MM. AF_06/2022","KG",10.89,92800,null,10.72,10.89]
[null,92801,"CORTE E DOBRA DE AÇO CA-50, DIÂMETRO DE 6,3 MM. AF_06/2022","KG",11.16,92801,null,11.07,11.16]
[null,92802,"CORTE E DOBRA DE AÇO CA-50, DIÂMETRO DE 8,0 MM. AF_06/2022","KG",11.18,92802,null,11.13,11.18]
[null,92803,"CORTE E DOBRA DE AÇO CA-50, DIÂMETRO DE 10,0 MM. AF_06/2022","KG",10.36,92803,null,10.33,10.36]
[null,92804,"CORTE E DOBRA DE AÇO CA-50, DIÂMETRO DE 12,5 MM. AF_06/2022","KG",8.8800000000000008,92804,null,8.86,8.8800000000000008]
[null,92805,"CORTE E DOBRA DE AÇO CA-50, DIÂMETRO DE 16,0 MM. AF_06/2022","KG",8.81,92805,null,8.8000000000000007,8.81]
[null,92806,"CORTE E DOBRA DE AÇO CA-50, DIÂMETRO DE 20,0 MM. AF_06/2022","KG",10.4,92806,null,10.39,10.4]
[null,92875,"CORTE E DOBRA DE AÇO CA-25, DIÂMETRO DE 6,3 MM. AF_06/2022","KG",10.53,92875,null,10.41,10.53]
[null,92876,"CORTE E DOBRA DE AÇO CA-25, DIÂMETRO DE 8,0 MM. AF_06/2022","KG",10.32,92876,null,10.26,10.32]
[null,92877,"CORTE E DOBRA DE AÇO CA-25, DIÂMETRO DE 10,0 MM. AF_06/2022","KG",11.2,92877,null,11.17,11.2]
[null,92878,"CORTE E DOBRA DE AÇO CA-25, DIÂMETRO DE 12,5 MM. AF_06/2022","KG",11.05,92878,null,11.02,11.05]
[null,92879,"CORTE E DOBRA DE AÇO CA-25, DIÂMETRO DE 16,0 MM. AF_06/2022","KG",10.95,92879,null,10.94,10.95]
[null,92880,"CORTE E DOBRA DE AÇO CA-25, DIÂMETRO DE 20,0 MM. AF_06/2022","KG",11.21,92880,null,11.2,11.21]
[null,92881,"CORTE E DOBRA DE AÇO CA-25, DIÂMETRO DE 25,0 MM. AF_06/2022","KG",11.18,92881,null,11.18,11.18]
[null,92882,"ARMAÇÃO UTILIZANDO AÇO CA-25 DE 6,3 MM - MONTAGEM. AF_06/2022","KG",14.02,92882,null,13.62,14.02]
[null,92883,"ARMAÇÃO UTILIZANDO AÇO CA-25 DE 8,0 MM - MONTAGEM. AF_06/2022","KG",13.06,92883,null,12.79,13.06]
[null,92884,"ARMAÇÃO UTILIZANDO AÇO CA-25 DE 10,0 MM - MONTAGEM. AF_06/2022","KG",13.38,92884,null,13.19,13.38]
[null,92885,"ARMAÇÃO UTILIZANDO AÇO CA-25 DE 12,5 MM - MONTAGEM. AF_06/2022","KG",12.79,92885,null,12.64,12.79]
[null,92886,"ARMAÇÃO UTILIZANDO AÇO CA-25 DE 16,0 MM - MONTAGEM. AF_06/2022","KG",12.29,92886,null,12.2,12.29]
[null,92887,"ARMAÇÃO UTILIZANDO AÇO CA-25 DE 20,0 MM - MONTAGEM. AF_06/2022","KG",12.27,92887,null,12.21,12.27]
[null,92888,"ARMAÇÃO UTILIZANDO AÇO CA-25 DE 25,0 MM - MONTAGEM. AF_06/2022","KG",12.01,92888,null,11.98,12.01]
[null,92915,"ARMAÇÃO DE ESTRUTURAS DIVERSAS DE CONCRETO ARMADO, EXCETO VIGAS, PILARES, LAJES E FUNDAÇÕES, UTILIZANDO AÇO CA-60 DE 5,0 MM - MONTAGEM. AF_06/2022","KG",17.27,92915,null,16.53,17.27]
[null,92916,"ARMAÇÃO DE ESTRUTURAS DIVERSAS DE CONCRETO ARMADO, EXCETO VIGAS, PILARES, LAJES E FUNDAÇÕES, UTILIZANDO AÇO CA-50 DE 6,3 MM - MONTAGEM. AF_06/2022","KG",16.04,92916,null,15.53,16.04]
[null,92917,"ARMAÇÃO DE ESTRUTURAS DIVERSAS DE CONCRETO ARMADO, EXCETO VIGAS, PILARES, LAJES E FUNDAÇÕES, UTILIZANDO AÇO CA-50 DE 8,0 MM - MONTAGEM. AF_06/2022","KG",14.81,92917,null,14.47,14.81]
[null,92919,"ARMAÇÃO DE ESTRUTURAS DIVERSAS DE CONCRETO ARMADO, EXCETO VIGAS, PILARES, LAJES E FUNDAÇÕES, UTILIZANDO AÇO CA-50 DE 10,0 MM - MONTAGEM. AF_06/2022","KG",13.06,92919,null,12.82,13.06]
[null,92921,"ARMAÇÃO DE ESTRUTURAS DIVERSAS DE CONCRETO ARMADO, EXCETO VIGAS, PILARES, LAJES E FUNDAÇÕES, UTILIZANDO AÇO CA-50 DE 12,5 MM - MONTAGEM. AF_06/2022","KG",10.84,92921,null,10.68,10.84]
[null,92922,"ARMAÇÃO DE ESTRUTURAS DIVERSAS DE CONCRETO ARMADO, EXCETO VIGAS, PILARES, LAJES E FUNDAÇÕES, UTILIZANDO AÇO CA-50 DE 16,0 MM - MONTAGEM. AF_06/2022","KG",10.41,92922,null,10.29,10.41]
[null,92923,"ARMAÇÃO DE ESTRUTURAS DIVERSAS DE CONCRETO ARMADO, EXCETO VIGAS, PILARES, LAJES E FUNDAÇÕES, UTILIZANDO AÇO CA-50 DE 20,0 MM - MONTAGEM. AF_06/2022","KG",11.75,92923,null,11.66,11.75]
[null,92924,"ARMAÇÃO DE ESTRUTURAS DIVERSAS DE CONCRETO ARMADO, EXCETO VIGAS, PILARES, LAJES E FUNDAÇÕES, UTILIZANDO AÇO CA-50 DE 25,0 MM - MONTAGEM. AF_06/2022","KG",11.56,92924,null,11.5,11.56]
[null,95448,"CORTE E DOBRA DE AÇO CA-50, DIÂMETRO DE 32 MM. AF_06/2022","KG",11.41,95448,null,11.41,11.41]
[null,95576,"MONTAGEM DE ARMADURA DE ESTACAS, DIÂMETRO = 8,0 MM. AF_09/2021_PS","KG",13.68,95576,null,13.44,13.68]
[null,95577,"MONTAGEM DE ARMADURA DE ESTACAS, DIÂMETRO = 10,0 MM. AF_09/2021_PS","KG",11.81,95577,null,11.68,11.81]
[null,95578,"MONTAGEM DE ARMADURA DE ESTACAS, DIÂMETRO = 12,5 MM. AF_09/2021_PS","KG",9.89,95578,null,9.82,9.89]
[null,95579,"MONTAGEM DE ARMADURA DE ESTACAS, DIÂMETRO = 16,0 MM. AF_09/2021_PS","KG",9.59,95579,null,9.56,9.59]
[null,95580,"MONTAGEM DE ARMADURA DE ESTACAS, DIÂMETRO = 20,0 MM. AF_09/2021_PS","KG",11.1,95580,null,11.07,11.1]
[null,95581,"MONTAGEM DE ARMADURA DE ESTACAS, DIÂMETRO = 25,0 MM. AF_09/2021_PS","KG",11.06,95581,null,11.03,11.06]
[null,95582,"MONTAGEM DE ARMADURA DE ESTACAS, DIÂMETRO = 32,0 MM. AF_09/2021_PS","KG",12.06,95582,null,12.03,12.06]
[null,95583,"MONTAGEM DE ARMADURA TRANSVERSAL DE ESTACAS DE SEÇÃO CIRCULAR, DIÂMETRO = 5,0 MM. AF_09/2021_PS","KG",16.48,95583,null,15.8,16.48]
[null,95584,"MONTAGEM DE ARMADURA TRANSVERSAL DE ESTACAS DE SEÇÃO CIRCULAR, DIÂMETRO = 6,30 MM. AF_09/2021_PS","KG",14.89,95584,null,14.48,14.89]
[null,95592,"MONTAGEM DE ARMADURA TRANVERSAL DE ESTACAS DE SEÇÃO RETANGULAR, DIÂMETRO = 5,0 MM. AF_09/2021_PS","KG",16.48,95592,null,15.8,16.48]
[null,95593,"MONTAGEM DE ARMADURA TRANSVERSAL DE ESTACAS DE SEÇÃO RETANGULAR, DIÂMETRO = 6,30 MM. AF_09/2021_PS","KG",14.89,95593,null,14.48,14.89]
[null,95943,"ARMAÇÃO DE ESCADA, DE UMA ESTRUTURA CONVENCIONAL DE CONCRETO ARMADO UTILIZANDO AÇO CA-60 DE 5,0 MM - MONTAGEM. AF_11/2020","KG",22.19,95943,null,20.94,22.19]
[null,95944,"ARMAÇÃO DE ESCADA, DE UMA ESTRUTURA CONVENCIONAL DE CONCRETO ARMADO UTILIZANDO AÇO CA-50 DE 6,3 MM - MONTAGEM. AF_11/2020","KG",20.440000000000001,95944,null,19.46,20.440000000000001]
[null,95945,"ARMAÇÃO DE ESCADA, DE UMA ESTRUTURA CONVENCIONAL DE CONCRETO ARMADO UTILIZANDO AÇO CA-50 DE 8,0 MM - MONTAGEM. AF_11/2020","KG",16.899999999999999,95945,null,16.329999999999998,16.899999999999999]
[null,95946,"ARMAÇÃO DE ESCADA, DE UMA ESTRUTURA CONVENCIONAL DE CONCRETO ARMADO UTILIZANDO AÇO CA-50 DE 10,0 MM - MONTAGEM. AF_11/2020","KG",13.7,95946,null,13.39,13.7]
[null,95947,"ARMAÇÃO DE ESCADA, DE UMA ESTRUTURA CONVENCIONAL DE CONCRETO ARMADO UTILIZANDO AÇO CA-50 DE 12,5 MM - MONTAGEM. AF_11/2020","KG",10.7,95947,null,10.55,10.7]
[null,95948,"ARMAÇÃO DE ESCADA, DE UMA ESTRUTURA CONVENCIONAL DE CONCRETO ARMADO UTILIZANDO AÇO CA-50 DE 16,0 MM - MONTAGEM. AF_11/2020","KG",9.58,95948,null,9.5399999999999991,9.58]
[null,96544,"ARMAÇÃO DE BLOCO UTILIZANDO AÇO CA-50 DE 6,3 MM - MONTAGEM. AF_01/2024","KG",18.47,96544,null,17.71,18.47]
[null,96545,"ARMAÇÃO DE BLOCO UTILIZANDO AÇO CA-50 DE 8 MM - MONTAGEM. AF_01/2024","KG",16.89,96545,null,16.32,16.89]
[null,96546,"ARMAÇÃO DE BLOCO UTILIZANDO AÇO CA-50 DE 10 MM - MONTAGEM. AF_01/2024","KG",14.89,96546,null,14.47,14.89]
[null,100064,"ARMAÇÃO DO SISTEMA DE PAREDES DE CONCRETO, EXECUTADA COMO ARMADURA POSITIVA DE LAJES, TELA Q-159. AF_12/2024","KG",13.49,100064,null,13.46,13.49]
[null,100066,"ARMAÇÃO DO SISTEMA DE PAREDES DE CONCRETO, EXECUTADA COMO ARMADURA POSITIVA DE LAJES, TELA Q-196. AF_12/2024","KG",13.56,100066,null,13.53,13.56]
[null,100067,"ARMAÇÃO DO SISTEMA DE PAREDES DE CONCRETO, EXECUTADA COMO REFORÇO, VERGALHÃO DE 5,0 MM DE DIÂMETRO. AF_12/2024","KG",12.74,100067,null,12.44,12.74]
[null,100068,"ARMAÇÃO DO SISTEMA DE PAREDES DE CONCRETO, EXECUTADA COMO REFORÇO, VERGALHÃO DE 12,5 MM DE DIÂMETRO. AF_12/2024","KG",9.67,100068,null,9.6,9.67]
[null,102920,"ARMAÇÃO DE CINTA DE ALVENARIA ESTRUTURAL; DIÂMETRO DE 12,5 MM. AF_09/2021","KG",{"$f":"IF($K$2=$H$1,H2691,I2691)","v":9.1199999999999992},{"$f":"IF(LEN($B2691)=7,CONCATENATE(MID($B2691,1,6),\"00\",RIGHT($B2691,1)),IF(LEN($B2691)=8,CONCATENATE(MID($B2691,1,6),\"0\",RIGHT($B2691,2)),$B2691))","v":102920},null,9,9.1199999999999992]
[null,102921,"ARMAÇÃO VERTICAL DE ALVENARIA ESTRUTURAL; DIÂMETRO DE 16,0 MM. AF_09/2021","KG",8.84,102921,null,8.74,8.84]
[null,102922,"ARMAÇÃO DE VERGA E CONTRAVERGA DE ALVENARIA ESTRUTURAL; DIÂMETRO DE 16,0 MM. AF_09/2021","KG",9.67,102922,null,9.48,9.67]
[null,102923,"ARMAÇÃO DE CINTA DE ALVENARIA ESTRUTURAL; DIÂMETRO DE 16,0 MM. AF_09/2021","KG",8.64,102923,null,8.56,8.64]
[null,103088,"ARMAÇÃO DE VERGA E CONTRAVERGA DE ALVENARIA ESTRUTURAL; DIÂMETRO DE 12,5 MM. AF_09/2021","KG",10.8,103088,null,10.5,10.8]
[null,104104,"ARMAÇÃO DE ESTRUTURAS DIVERSAS DE CONCRETO ARMADO, EXCETO VIGAS, PILARES, LAJES E FUNDAÇÕES, UTILIZANDO AÇO CA-50 DE 32,0 MM - MONTAGEM. AF_06/2022","KG",12.21,104104,null,12.18,12.21]
[null,104105,"ARMAÇÃO DE PILAR OU VIGA DE ESTRUTURA CONVENCIONAL DE CONCRETO ARMADO UTILIZANDO AÇO CA-50 DE 32,0 MM. AF_06/2022","KG",12.22,104105,null,12.18,12.22]
[null,104106,"ARMAÇÃO DE PILAR OU VIGA DE ESTRUTURA DE CONCRETO ARMADO EMBUTIDA EM ALVENARIA DE VEDAÇÃO UTILIZANDO AÇO CA-50 DE 16,0 MM - MONTAGEM. AF_06/2022","KG",11.01,104106,null,10.83,11.01]
[null,104107,"ARMAÇÃO DE PILAR OU VIGA DE ESTRUTURA DE CONCRETO ARMADO EMBUTIDA EM ALVENARIA DE VEDAÇÃO UTILIZANDO AÇO CA-50 DE 12,5 MM - MONTAGEM. AF_06/2022","KG",11.65,104107,null,11.41,11.65]
[null,104108,"ARMAÇÃO DE PILAR OU VIGA DE ESTRUTURA DE CONCRETO ARMADO EMBUTIDA EM ALVENARIA DE VEDAÇÃO UTILIZANDO AÇO CA-50 DE 10,0 MM - MONTAGEM. AF_06/2022","KG",13.77,104108,null,13.46,13.77]
[null,104109,"ARMAÇÃO DE PILAR OU VIGA DE ESTRUTURA DE CONCRETO ARMADO EMBUTIDA EM ALVENARIA DE VEDAÇÃO UTILIZANDO AÇO CA-50 DE 8,0 MM - MONTAGEM. AF_06/2022","KG",16.57,104109,null,16.04,16.57]
[null,104110,"ARMAÇÃO DE PILAR OU VIGA DE ESTRUTURA DE CONCRETO ARMADO EMBUTIDA EM ALVENARIA DE VEDAÇÃO UTILIZANDO AÇO CA-50 DE 6,3 MM - MONTAGEM. AF_06/2022","KG",18.52,104110,null,17.75,18.52]
[null,104111,"ARMAÇÃO DE PILAR OU VIGA DE ESTRUTURA DE CONCRETO ARMADO EMBUTIDA EM ALVENARIA DE VEDAÇÃO UTILIZANDO AÇO CA-60 DE 5,0 MM - MONTAGEM. AF_06/2022","KG",20.63,104111,null,19.54,20.63]
[null,104915,"ARMAÇÃO DE BLOCO E SAPATA UTILIZANDO AÇO CA-50 DE 25 MM - MONTAGEM. AF_01/2024","KG",11.35,104915,null,11.31,11.35]
[null,104917,"ARMAÇÃO DE SAPATA ISOLADA, VIGA BALDRAME E SAPATA CORRIDA UTILIZANDO AÇO CA-50 DE 6,3 MM - MONTAGEM. AF_01/2024","KG",16.239999999999998,104917,null,15.7,16.239999999999998]
[null,104918,"ARMAÇÃO DE SAPATA ISOLADA, VIGA BALDRAME E SAPATA CORRIDA UTILIZANDO AÇO CA-50 DE 8 MM - MONTAGEM. AF_01/2024","KG",15.26,104918,null,14.86,15.26]
[null,104919,"ARMAÇÃO DE SAPATA ISOLADA, VIGA BALDRAME E SAPATA CORRIDA UTILIZANDO AÇO CA-50 DE 10 MM - MONTAGEM. AF_01/2024","KG",13.7,104919,null,13.4,13.7]
[null,104920,"ARMAÇÃO DE BLOCO, SAPATA ISOLADA, VIGA BALDRAME E SAPATA CORRIDA UTILIZANDO AÇO CA-50 DE 12,5 MM - MONTAGEM. AF_01/2024","KG",11.64,104920,null,11.4,11.64]
[null,104921,"ARMAÇÃO DE BLOCO, SAPATA ISOLADA, VIGA BALDRAME E SAPATA CORRIDA UTILIZANDO AÇO CA-50 DE 16 MM - MONTAGEM. AF_01/2024","KG",11.05,104921,null,10.87,11.05]
[null,104922,"ARMAÇÃO DE BLOCO, SAPATA ISOLADA E SAPATA CORRIDA UTILIZANDO AÇO CA-50 DE 20 MM - MONTAGEM. AF_01/2024","KG",12.3,104922,null,12.15,12.3]
[null,105814,"ARMAÇÃO DO SISTEMA DE PAREDES DE CONCRETO, EXECUTADA EM PAREDES DE EDIFICAÇÕES MULTIFAMILIARES, TELA Q-283. AF_12/2024_PS","KG",13.36,105814,null,13.34,13.36]
[null,89993,"GRAUTEAMENTO VERTICAL EM ALVENARIA ESTRUTURAL. AF_09/2021","M3",1155.48,89993,null,1112.3900000000001,1155.48]
[null,89994,"GRAUTEAMENTO DE CINTA INTERMEDIÁRIA OU DE CONTRAVERGA EM ALVENARIA ESTRUTURAL. AF_09/2021","M3",1020.34,89994,null,991.02,1020.34]
[null,89995,"GRAUTEAMENTO DE CINTA SUPERIOR OU DE VERGA EM ALVENARIA ESTRUTURAL. AF_09/2021","M3",1120.9100000000001,89995,null,1081.3399999999999,1120.9100000000001]
[null,90278,"GRAUTE FGK=15 MPA; TRAÇO 1:0,04:2,2:2,5 (EM MASSA SECA DE CIMENTO/CAL/AREIA GROSSA/BRITA 0) - PREPARO MECÂNICO COM BETONEIRA 400 L. AF_09/2021","M3",628.23,90278,null,620.65,628.23]
[null,90279,"GRAUTE FGK=20 MPA; TRAÇO 1:0,04:1,8:2,1 (EM MASSA SECA DE CIMENTO/ CAL/ AREIA GROSSA/ BRITA 0) - PREPARO MECÂNICO COM BETONEIRA 400 L. AF_09/2021","M3",690.37,90279,null,682.07,690.37]
[null,90280,"GRAUTE FGK=25 MPA; TRAÇO 1:0,02:1,3:1,6 (EM MASSA SECA DE CIMENTO/ CAL/ AREIA GROSSA/ BRITA 0) - PREPARO MECÂNICO COM BETONEIRA 400 L. AF_09/2021","M3",766.5,90280,null,758.2,766.5]
[null,90281,"GRAUTE FGK=30 MPA; TRAÇO 1:0,02:0,9:1,2 (EM MASSA SECA DE CIMENTO/ CAL/ AREIA GROSSA/ BRITA 0) - PREPARO MECÂNICO COM BETONEIRA 400 L. AF_09/2021","M3",891.14,90281,null,883.03,891.14]
[null,90282,"GRAUTE FGK=15 MPA; TRAÇO 1:2,2:2,5:0,3 (EM MASSA SECA DE CIMENTO/ AREIA GROSSA/ BRITA 0/ ADITIVO) - PREPARO MECÂNICO COM BETONEIRA 400 L. AF_09/2021","M3",619.29,90282,null,611.96,619.29]
[null,90283,"GRAUTE FGK=20 MPA; TRAÇO 1:1,8:2,1:0,4 (EM MASSA SECA DE CIMENTO/ AREIA GROSSA/ BRITA 0/ ADITIVO) - PREPARO MECÂNICO COM BETONEIRA 400 L. AF_09/2021","M3",681.98,90283,null,673.98,681.98]
[null,90284,"GRAUTE FGK=25 MPA; TRAÇO 1:1,3:1,6:0,4 (EM MASSA SECA DE CIMENTO/ AREIA GROSSA/ BRITA 0/ ADITIVO) - PREPARO MECÂNICO COM BETONEIRA 400 L. AF_09/2021","M3",762.1,90284,null,754.09,762.1]
[null,90285,"GRAUTE FGK=30 MPA; TRAÇO 1:0,9:1,2:0,6 (EM MASSA SECA DE CIMENTO/ AREIA GROSSA/ BRITA 0/ ADITIVO) - PREPARO MECÂNICO COM BETONEIRA 400 L. AF_09/2021","M3",893.6,90285,null,885.7,893.6]
[null,94962,"CONCRETO MAGRO PARA LASTRO, TRAÇO 1:4,5:4,5 (EM MASSA SECA DE CIMENTO/ AREIA MÉDIA/ BRITA 1) - PREPARO MECÂNICO COM BETONEIRA 400 L. AF_05/2021","M3",480.22,94962,null,472.58,480.22]
[null,94963,"CONCRETO FCK = 15MPA, TRAÇO 1:3,4:3,5 (EM MASSA SECA DE CIMENTO/ AREIA MÉDIA/ BRITA 1) - PREPARO MECÂNICO COM BETONEIRA 400 L. AF_05/2021","M3",534.32000000000005,94963,null,526.72,534.32000000000005]
[null,94964,"CONCRETO FCK = 20MPA, TRAÇO 1:2,7:3 (EM MASSA SECA DE CIMENTO/ AREIA MÉDIA/ BRITA 1) - PREPARO MECÂNICO COM BETONEIRA 400 L. AF_05/2021","M3",583.21,94964,null,574.94000000000005,583.21]
[null,94965,"CONCRETO FCK = 25MPA, TRAÇO 1:2,3:2,7 (EM MASSA SECA DE CIMENTO/ AREIA MÉDIA/ BRITA 1) - PREPARO MECÂNICO COM BETONEIRA 400 L. AF_05/2021","M3",609.79999999999995,94965,null,602.25,609.79999999999995]
[null,94966,"CONCRETO FCK = 30MPA, TRAÇO 1:2,1:2,5 (EM MASSA SECA DE CIMENTO/ AREIA MÉDIA/ BRITA 1) - PREPARO MECÂNICO COM BETONEIRA 400 L. AF_05/2021","M3",631.17999999999995,94966,null,623.67999999999995,631.17999999999995]
[null,94967,"CONCRETO FCK = 40MPA, TRAÇO 1:1,6:1,9 (EM MASSA SECA DE CIMENTO/ AREIA MÉDIA/ BRITA 1) - PREPARO MECÂNICO COM BETONEIRA 400 L. AF_05/2021","M3",719.16,94967,null,711.2,719.16]
[null,94968,"CONCRETO MAGRO PARA LASTRO, TRAÇO 1:4,5:4,5 (EM MASSA SECA DE CIMENTO/ AREIA MÉDIA/ BRITA 1) - PREPARO MECÂNICO COM BETONEIRA 600 L. AF_05/2021","M3",478.49,94968,null,471.63,478.49]
[null,94969,"CONCRETO FCK = 15MPA, TRAÇO 1:3,4:3,5 (EM MASSA SECA DE CIMENTO/ AREIA MÉDIA/ BRITA 1) - PREPARO MECÂNICO COM BETONEIRA 600 L. AF_05/2021","M3",529.32000000000005,94969,null,522.69000000000005,529.32000000000005]
[null,94970,"CONCRETO FCK = 20MPA, TRAÇO 1:2,7:3 (EM MASSA SECA DE CIMENTO/ AREIA MÉDIA/ BRITA 1) - PREPARO MECÂNICO COM BETONEIRA 600 L. AF_05/2021","M3",572.79,94970,null,566.17999999999995,572.79]
[null,94971,"CONCRETO FCK = 25MPA, TRAÇO 1:2,3:2,7 (EM MASSA SECA DE CIMENTO/ AREIA MÉDIA/ BRITA 1) - PREPARO MECÂNICO COM BETONEIRA 600 L. AF_05/2021","M3",605.23,94971,null,598.77,605.23]
[null,94972,"CONCRETO FCK = 30MPA, TRAÇO 1:2,1:2,5 (EM MASSA SECA DE CIMENTO/ AREIA MÉDIA/ BRITA 1) - PREPARO MECÂNICO COM BETONEIRA 600 L. AF_05/2021","M3",626.54999999999995,94972,null,620.14,626.54999999999995]
[null,94973,"CONCRETO FCK = 40MPA, TRAÇO 1:1,6:1,9 (EM MASSA SECA DE CIMENTO/ AREIA MÉDIA/ BRITA 1) - PREPARO MECÂNICO COM BETONEIRA 600 L. AF_05/2021","M3",713.2,94973,null,706.59,713.2]
[null,94974,"CONCRETO MAGRO PARA LASTRO, TRAÇO 1:4,5:4,5 (EM MASSA SECA DE CIMENTO/ AREIA MÉDIA/ BRITA 1) - PREPARO MANUAL. AF_05/2021","M3",542.5,94974,null,530.05999999999995,542.5]
[null,94975,"CONCRETO FCK = 15MPA, TRAÇO 1:3,4:3,5 (EM MASSA SECA DE CIMENTO/ AREIA MÉDIA/ BRITA 1) - PREPARO MANUAL. AF_05/2021","M3",590.45000000000005,94975,null,578.16,590.45000000000005]
[null,96555,"CONCRETAGEM DE BLOCO DE COROAMENTO OU VIGA BALDRAME, FCK 30 MPA, COM USO DE JERICA - LANÇAMENTO, ADENSAMENTO E ACABAMENTO. AF_01/2024","M3",848.52,96555,null,828.91,848.52]
[null,96556,"CONCRETAGEM DE SAPATA, FCK 30 MPA, COM USO DE JERICA - LANÇAMENTO, ADENSAMENTO E ACABAMENTO. AF_01/2024","M3",993.91,96556,null,961.29,993.91]
[null,96557,"CONCRETAGEM DE BLOCO DE COROAMENTO OU VIGA BALDRAME, FCK 30 MPA, COM USO DE BOMBA - LANÇAMENTO, ADENSAMENTO E ACABAMENTO. AF_01/2024","M3",989.76,96557,null,987.87,989.76]
[null,96558,"CONCRETAGEM DE SAPATA, FCK 30 MPA, COM USO DE BOMBA - LANÇAMENTO, ADENSAMENTO E ACABAMENTO. AF_01/2024","M3",1027.78,96558,null,1024.47,1027.78]
[null,99235,"CONCRETAGEM DE EDIFICAÇÕES (PAREDES E LAJES) FEITAS COM SISTEMA DE FÔRMAS MANUSEÁVEIS, COM CONCRETO USINADO AUTOADENSÁVEL FCK 25 MPA - LANÇAMENTO E ACABAMENTO. AF_09/2024","M3",902.49,99235,null,900.72,902.49]
[null,99431,"CONCRETAGEM DE LAJES EM EDIFICAÇÕES UNIFAMILIARES FEITAS COM SISTEMA DE FÔRMAS MANUSEÁVEIS, COM CONCRETO USINADO BOMBEÁVEL FCK 25 MPA - LANÇAMENTO, ADENSAMENTO E ACABAMENTO. AF_09/2024","M3",1002.68,99431,null,999.96,1002.68]
[null,99432,"CONCRETAGEM DE PAREDES EM EDIFICAÇÕES UNIFAMILIARES FEITAS COM SISTEMA DE FÔRMAS MANUSEÁVEIS, COM CONCRETO USINADO BOMBEÁVEL FCK 25 MPA - LANÇAMENTO, ADENSAMENTO E ACABAMENTO. AF_09/2024","M3",980.63,99432,null,978.09,980.63]
[null,99433,"CONCRETAGEM DE PLATIBANDA EM EDIFICAÇÕES UNIFAMILIARES FEITAS COM SISTEMA DE FÔRMAS MANUSEÁVEIS, COM CONCRETO USINADO BOMBEÁVEL FCK 25 MPA - LANÇAMENTO, ADENSAMENTO E ACABAMENTO. AF_09/2024","M3",1056.8399999999999,99433,null,1052.76,1056.8399999999999]
[null,99434,"CONCRETAGEM DE LAJES EM EDIFICAÇÕES MULTIFAMILIARES FEITAS COM SISTEMA DE FÔRMAS MANUSEÁVEIS, COM CONCRETO USINADO BOMBEÁVEL FCK 25 MPA - LANÇAMENTO, ADENSAMENTO E ACABAMENTO. AF_09/2024","M3",1006.03,99434,null,1002.97,1006.03]
[null,99435,"CONCRETAGEM DE PAREDES EM EDIFICAÇÕES MULTIFAMILIARES FEITAS COM SISTEMA DE FÔRMAS MANUSEÁVEIS, COM CONCRETO USINADO BOMBEÁVEL FCK 25 MPA - LANÇAMENTO, ADENSAMENTO E ACABAMENTO. AF_09/2024","M3",983.04,99435,null,980.24,983.04]
[null,99436,"CONCRETAGEM DE PLATIBANDA EM EDIFICAÇÕES MULTIFAMILIARES FEITAS COM SISTEMA DE FÔRMAS MANUSEÁVEIS, COM CONCRETO USINADO BOMBEÁVEL FCK 25 MPA - LANÇAMENTO, ADENSAMENTO E ACABAMENTO. AF_09/2024","M3",1075.96,99436,null,1069.93,1075.96]
[null,99437,"CONCRETAGEM DE PLATIBANDA EM EDIFICAÇÕES UNIFAMILIARES FEITAS COM SISTEMA DE FÔRMAS MANUSEÁVEIS, COM CONCRETO USINADO AUTOADENSÁVEL FCK 25 MPA - LANÇAMENTO E ACABAMENTO. AF_09/2024","M3",957.84,99437,null,955.55,957.84]
[null,99438,"CONCRETAGEM DE PLATIBANDA EM EDIFICAÇÕES MULTIFAMILIARES FEITAS COM SISTEMA DE FÔRMAS MANUSEÁVEIS, COM CONCRETO USINADO AUTOADENSÁVEL FCK 25 MPA - LANÇAMENTO E ACABAMENTO. AF_09/2024","M3",964.14,99438,null,961.21,964.14]
[null,99439,"CONCRETAGEM DE EDIFICAÇÕES (PAREDES E LAJES) FEITAS COM SISTEMA DE FÔRMAS MANUSEÁVEIS, COM CONCRETO USINADO BOMBEÁVEL FCK 25 MPA - LANÇAMENTO, ADENSAMENTO E ACABAMENTO. AF_09/2024","M3",989.6,99439,null,986.78,989.6]
[null,102473,"CONCRETO MAGRO PARA LASTRO, TRAÇO 1:4,5:4,5 (EM MASSA SECA DE CIMENTO/ AREIA MÉDIA/ SEIXO ROLADO) - PREPARO MECÂNICO COM BETONEIRA 400 L. AF_05/2021","M3",715.49,102473,null,707.69,715.49]
[null,102474,"CONCRETO FCK = 15MPA, TRAÇO 1:3,4:3,4 (EM MASSA SECA DE CIMENTO/ AREIA MÉDIA/ SEIXO ROLADO) - PREPARO MECÂNICO COM BETONEIRA 400 L. AF_05/2021","M3",763.68,102474,null,755.93,763.68]
[null,102475,"CONCRETO FCK = 20MPA, TRAÇO 1:2,6:2,9 (EM MASSA SECA DE CIMENTO/ AREIA MÉDIA/ SEIXO ROLADO) - PREPARO MECÂNICO COM BETONEIRA 400 L. AF_05/2021","M3",819.73,102475,null,811.2,819.73]
[null,102476,"CONCRETO FCK = 25MPA, TRAÇO 1:2,2:2,5 (EM MASSA SECA DE CIMENTO/ AREIA MÉDIA/ SEIXO ROLADO) - PREPARO MECÂNICO COM BETONEIRA 400 L. AF_05/2021","M3",846.57,102476,null,839.23,846.57]
[null,102477,"CONCRETO FCK = 30MPA, TRAÇO 1:1,9:2,3 (EM MASSA SECA DE CIMENTO/ AREIA MÉDIA/ SEIXO ROLADO) - PREPARO MECÂNICO COM BETONEIRA 400 L. AF_05/2021","M3",{"$f":"IF($K$2=$H$1,H2755,I2755)","v":889.77},{"$f":"IF(LEN($B2755)=7,CONCATENATE(MID($B2755,1,6),\"00\",RIGHT($B2755,1)),IF(LEN($B2755)=8,CONCATENATE(MID($B2755,1,6),\"0\",RIGHT($B2755,2)),$B2755))","v":102477},null,881.67,889.77]
[null,102478,"CONCRETO FCK = 40MPA, TRAÇO 1:1,4:1,8 (EM MASSA SECA DE CIMENTO/ AREIA MÉDIA/ SEIXO ROLADO) - PREPARO MECÂNICO COM BETONEIRA 400 L. AF_05/2021","M3",956.13,102478,null,948.79,956.13]
[null,102479,"CONCRETO MAGRO PARA LASTRO, TRAÇO 1:4,5:4,5 (EM MASSA SECA DE CIMENTO/ AREIA MÉDIA/ SEIXO ROLADO) - PREPARO MECÂNICO COM BETONEIRA 600 L. AF_05/2021","M3",714.97,102479,null,707.99,714.97]
[null,102480,"CONCRETO FCK = 15MPA, TRAÇO 1:3,4:3,4 (EM MASSA SECA DE CIMENTO/ AREIA MÉDIA/ SEIXO ROLADO) - PREPARO MECÂNICO COM BETONEIRA 600 L. AF_05/2021","M3",759.52,102480,null,752.76,759.52]
[null,102481,"CONCRETO FCK = 20MPA, TRAÇO 1:2,6:2,9 (EM MASSA SECA DE CIMENTO/ AREIA MÉDIA/ SEIXO ROLADO) - PREPARO MECÂNICO COM BETONEIRA 600 L. AF_05/2021","M3",810.47,102481,null,803.67,810.47]
[null,102482,"CONCRETO FCK = 25MPA, TRAÇO 1:2,2:2,5 (EM MASSA SECA DE CIMENTO/ AREIA MÉDIA/ SEIXO ROLADO) - PREPARO MECÂNICO COM BETONEIRA 600 L. AF_05/2021","M3",846.5,102482,null,840,846.5]
[null,102483,"CONCRETO FCK = 30MPA, TRAÇO 1:1,9:2,3 (EM MASSA SECA DE CIMENTO/ AREIA MÉDIA/ SEIXO ROLADO) - PREPARO MECÂNICO COM BETONEIRA 600 L. AF_05/2021","M3",886.53,102483,null,879.81,886.53]
[null,102484,"CONCRETO FCK = 40MPA, TRAÇO 1:1,4:1,8 (EM MASSA SECA DE CIMENTO/ AREIA MÉDIA/ SEIXO ROLADO) - PREPARO MECÂNICO COM BETONEIRA 600 L. AF_05/2021","M3",957.45,102484,null,950.73,957.45]
[null,102485,"CONCRETO MAGRO PARA LASTRO, TRAÇO 1:4,5:4,5 (EM MASSA SECA DE CIMENTO/ AREIA MÉDIA/ SEIXO ROLADO) - PREPARO MANUAL. AF_05/2021","M3",783.73,102485,null,771.25,783.73]
[null,102486,"CONCRETO FCK = 15MPA, TRAÇO 1:3,4:3,4 (EM MASSA SECA DE CIMENTO/ AREIA MÉDIA/ SEIXO ROLADO) - PREPARO MANUAL. AF_05/2021","M3",822.41,102486,null,810.06,822.41]
[null,102487,"CONCRETO CICLÓPICO FCK = 15MPA, 30% PEDRA DE MÃO EM VOLUME REAL, INCLUSIVE LANÇAMENTO. AF_05/2021","M3",675.05,102487,null,651.66999999999996,675.05]
[null,103183,"CONCRETAGEM DE ESCADAS EM EDIFICAÇÕES MULTIFAMILIARES FEITAS COM SISTEMA DE FÔRMAS MANUSEÁVEIS COM CONCRETO USINADO BOMBEÁVEL, FCK 25 MPA - LANÇAMENTO, ADENSAMENTO E ACABAMENTO. AF_09/2024","M3",1056.18,103183,null,1046.5999999999999,1056.18]
[null,103184,"CONCRETAGEM DE ESCADAS EM EDIFICAÇÕES MULTIFAMILIARES FEITAS COM SISTEMA DE FÔRMAS MANUSEÁVEIS COM CONCRETO USINADO AUTOADENSÁVEL, FCK 25 MPA - LANÇAMENTO E ACABAMENTO. AF_09/2024","M3",921.62,103184,null,917.87,921.62]
[null,103669,"CONCRETAGEM DE PILARES, FCK = 25 MPA,  COM USO DE BALDES - LANÇAMENTO, ADENSAMENTO E ACABAMENTO. AF_02/2022","M3",1173.45,103669,null,1145.79,1173.45]
[null,103670,"LANÇAMENTO COM USO DE BALDES, ADENSAMENTO E ACABAMENTO DE CONCRETO EM ESTRUTURAS. AF_02/2022","M3",277.20999999999998,103670,null,249.55,277.20999999999998]
[null,103671,"CONCRETAGEM DE PILARES, FCK = 25 MPA, COM USO DE GRUA - LANÇAMENTO, ADENSAMENTO E ACABAMENTO. AF_02/2022","M3",941.18,103671,null,936.69,941.18]
[null,103672,"CONCRETAGEM DE PILARES, FCK = 25 MPA, COM USO DE BOMBA - LANÇAMENTO, ADENSAMENTO E ACABAMENTO. AF_02/2022_PS","M3",883.55,103672,null,879.7,883.55]
[null,103673,"LANÇAMENTO COM USO DE BOMBA, ADENSAMENTO E ACABAMENTO DE CONCRETO EM ESTRUTURAS. AF_02/2022","M3",38.9,103673,null,35.049999999999997,38.9]
[null,103674,"CONCRETAGEM DE VIGAS E LAJES, FCK=25 MPA, PARA LAJES PREMOLDADAS COM USO DE BOMBA - LANÇAMENTO, ADENSAMENTO E ACABAMENTO. AF_02/2022_PS","M3",902.58,103674,null,896.75,902.58]
[null,103675,"CONCRETAGEM DE VIGAS E LAJES, FCK=25 MPA, PARA LAJES MACIÇAS OU NERVURADAS COM USO DE BOMBA - LANÇAMENTO, ADENSAMENTO E ACABAMENTO. AF_02/2022_PS","M3",884.09,103675,null,880.11,884.09]
[null,103676,"CONCRETAGEM DE VIGAS E LAJES, FCK=25 MPA, PARA LAJES PREMOLDADAS COM JERICAS EM ELEVADOR DE CABO EM EDIFICAÇÃO DE MULTIPAVIMENTOS ATÉ 16 ANDARES - LANÇAMENTO, ADENSAMENTO E ACABAMENTO. AF_02/2022","M3",1225.9100000000001,103676,null,1193.0999999999999,1225.9100000000001]
[null,103677,"CONCRETAGEM DE VIGAS E LAJES, FCK=25 MPA, PARA LAJES MACIÇAS OU NERVURADAS COM JERICAS EM ELEVADOR DE CABO EM EDIFICAÇÃO DE MULTIPAVIMENTOS ATÉ 16 ANDARES  - LANÇAMENTO, ADENSAMENTO E ACABAMENTO. AF_02/2022","M3",1067.1199999999999,103677,null,1050.1199999999999,1067.1199999999999]
[null,103678,"CONCRETAGEM DE VIGAS E LAJES, FCK=25 MPA, PARA LAJES PREMOLDADAS COM JERICAS EM CREMALHEIRA EM EDIFICAÇÃO DE MULTIPAVIMENTOS ATÉ 16 ANDARES  - LANÇAMENTO, ADENSAMENTO E ACABAMENTO. AF_02/2022","M3",1137.1300000000001,103678,null,1113.25,1137.1300000000001]
[null,103679,"CONCRETAGEM DE VIGAS E LAJES, FCK=25 MPA, PARA LAJES MACIÇAS OU NERVURADAS COM JERICAS EM CREMALHEIRA EM EDIFICAÇÃO DE MULTIPAVIMENTOS ATÉ 16 ANDARES - LANÇAMENTO, ADENSAMENTO E ACABAMENTO. AF_02/2022","M3",1027.72,103679,null,1014.69,1027.72]
[null,103680,"CONCRETAGEM DE VIGAS E LAJES, FCK=25 MPA, PARA LAJES PREMOLDADAS COM GRUA DE CAÇAMBA DE 350 L EM EDIFICAÇÃO DE MULTIPAVIMENTOS ATÉ 16 ANDARES - LANÇAMENTO, ADENSAMENTO E ACABAMENTO. AF_02/2022","M3",1072.05,103680,null,1054.21,1072.05]
[null,103681,"CONCRETAGEM DE VIGAS E LAJES, FCK=25 MPA, PARA LAJES MACIÇAS OU NERVURADAS COM GRUA DE CAÇAMBA DE 500 L EM EDIFICAÇÃO DE MULTIPAVIMENTOS ATÉ 16 ANDARES - LANÇAMENTO, ADENSAMENTO E ACABAMENTO. AF_02/2022","M3",965.45,103681,null,958.43,965.45]
[null,103682,"CONCRETAGEM DE VIGAS E LAJES, FCK=25 MPA, PARA QUALQUER TIPO DE LAJE COM BALDES EM EDIFICAÇÃO TÉRREA - LANÇAMENTO, ADENSAMENTO E ACABAMENTO. AF_02/2022","M3",1190.05,103682,null,1160.73,1190.05]
[null,103683,"CONCRETAGEM DE VIGAS E LAJES, FCK=25 MPA, PARA QUALQUER TIPO DE LAJE COM BALDES EM EDIFICAÇÃO DE MULTIPAVIMENTOS ATÉ 04 ANDARES - LANÇAMENTO, ADENSAMENTO E ACABAMENTO. AF_02/2022","M3",1459.06,103683,null,1402.88,1459.06]
[null,103684,"CONCRETAGEM DE RESERVATÓRIOS, FCK=25 MPA, COM USO DE BOMBA - LANÇAMENTO, ADENSAMENTO E ACABAMENTO. AF_02/2022_PS","M3",900.06,103684,null,894.47,900.06]
[null,103685,"CONCRETAGEM DE MURETAS, FCK=25 MPA, COM USO DE BOMBA - LANÇAMENTO, ADENSAMENTO E ACABAMENTO. AF_02/2022_PS","M3",888.36,103685,null,883.95,888.36]
[null,103686,"CONCRETAGEM DE ESCADAS, FCK=25 MPA, COM USO DE BOMBA - LANÇAMENTO, ADENSAMENTO E ACABAMENTO. AF_02/2022_PS","M3",944.44,103686,null,934.18,944.44]
[null,103687,"CONCRETAGEM DE PILARES, FCK=25 MPA, COM USO DE JERICAS EM ELEVADOR DE CABO - LANÇAMENTO, ADENSAMENTO E ACABAMENTO. AF_02/2022","M3",1288.53,103687,null,1249.32,1288.53]
[null,103688,"CONCRETAGEM DE PILARES, FCK=25 MPA, COM USO DE JERICAS EM CREMALHEIRA - LANÇAMENTO, ADENSAMENTO E ACABAMENTO. AF_02/2022","M3",1061.08,103688,null,1044.6500000000001,1061.08]
[null,104916,"ARMAÇÃO DE SAPATA ISOLADA, VIGA BALDRAME E SAPATA CORRIDA UTILIZANDO AÇO CA-60 DE 5 MM - MONTAGEM. AF_01/2024","KG",17.2,104916,null,16.46,17.2]
[null,104923,"CONCRETAGEM DE SAPATA CORRIDA, FCK 30 MPA, COM USO DE JERICA - LANÇAMENTO, ADENSAMENTO E ACABAMENTO. AF_01/2024","M3",904.29,104923,null,880.79,904.29]
[null,104924,"CONCRETAGEM DE SAPATA CORRIDA, FCK 30 MPA, COM USO DE BOMBA - LANÇAMENTO, ADENSAMENTO E ACABAMENTO. AF_01/2024","M3",1019.46,104924,null,1016.97,1019.46]
[null,101963,"LAJE PRÉ-MOLDADA UNIDIRECIONAL, BIAPOIADA, PARA PISO, ENCHIMENTO EM CERÂMICA, VIGOTA CONVENCIONAL, ALTURA TOTAL DA LAJE (ENCHIMENTO+CAPA) = (8+4). AF_11/2020_PA","M2",195.58,101963,null,192.2,195.58]
[null,101964,"LAJE PRÉ-MOLDADA UNIDIRECIONAL, BIAPOIADA, PARA FORRO, ENCHIMENTO EM CERÂMICA, VIGOTA CONVENCIONAL, ALTURA TOTAL DA LAJE (ENCHIMENTO+CAPA) = (8+3). AF_11/2020_PA","M2",180.88,101964,null,177.68,180.88]
[null,101165,"ALVENARIA DE EMBASAMENTO COM BLOCO ESTRUTURAL DE CONCRETO, DE 14X19X29CM E ARGAMASSA DE ASSENTAMENTO COM PREPARO EM BETONEIRA. AF_05/2020","M3",1010.2,101165,null,971.46,1010.2]
[null,101166,"ALVENARIA DE EMBASAMENTO COM BLOCO ESTRUTURAL DE CERÂMICA, DE 14X19X29CM E ARGAMASSA DE ASSENTAMENTO COM PREPARO EM BETONEIRA. AF_05/2020","M3",708,101166,null,676.28,708]
[null,98575,"TRATAMENTO DE JUNTA DE DILATAÇÃO, COM TARUGO DE POLIETILENO E SELANTE PU, INCLUSO PREENCHIMENTO COM ESPUMA EXPANSIVA PU. AF_09/2023","M",67.2,98575,null,63.12,67.2]
[null,98576,"TRATAMENTO DE JUNTA DE DILATAÇÃO COM MANTA ASFÁLTICA ADERIDA COM MAÇARICO. AF_09/2023","M",26.59,98576,null,26.51,26.59]
[null,98577,"TRATAMENTO DE JUNTA SERRADA, COM TARUGO DE POLIETILENO E SELANTE À BASE DE SILICONE. AF_09/2023","M",44.29,98577,null,40.700000000000003,44.29]
[null,93184,"VERGA PRÉ-MOLDADA COM ATÉ 1,5 M DE VÃO, ESPESSURA DE *20* CM. AF_03/2024","M",29.9,93184,null,29.22,29.9]
[null,93187,"VERGA MOLDADA IN LOCO EM CONCRETO, ESPESSURA DE *20* CM. AF_03/2024","M",77.23,93187,null,74.25,77.23]
[null,93191,"VERGA MOLDADA IN LOCO COM UTILIZAÇÃO DE BLOCOS CANALETA, ESPESSURA DE *20* CM. AF_03/2024","M",75.44,93191,null,73.37,75.44]
[null,93194,"CONTRAVERGA PRÉ-MOLDADA, ESPESSURA DE *20* CM. AF_03/2024","M",29.24,93194,null,28.59,29.24]
[null,93197,"CONTRAVERGA MOLDADA IN LOCO EM CONCRETO, ESPESSURA DE *20* CM. AF_03/2024","M",59.08,93197,null,57.23,59.08]
[null,93199,"CONTRAVERGA MOLDADA IN LOCO COM UTILIZAÇÃO DE BLOCOS CANALETA, ESPESSURA DE *20* CM. AF_03/2024","M",54.71,93199,null,53.33,54.71]
[null,93200,"FIXAÇÃO (ENCUNHAMENTO) DE ALVENARIA DE VEDAÇÃO COM ARGAMASSA APLICADA COM BISNAGA. AF_03/2024","M",10.85,93200,null,9.93,10.85]
[null,93202,"FIXAÇÃO (ENCUNHAMENTO) DE ALVENARIA DE VEDAÇÃO COM TIJOLO MACIÇO. AF_03/2024","M",28.19,93202,null,26.45,28.19]
[null,93203,"FIXAÇÃO (ENCUNHAMENTO) DE ALVENARIA DE VEDAÇÃO COM ESPUMA DE POLIURETANO EXPANSIVA. AF_03/2024","M",16.62,93203,null,16.47,16.62]
[null,93205,"CINTA DE AMARRAÇÃO DE ALVENARIA MOLDADA IN LOCO COM UTILIZAÇÃO DE BLOCOS CANALETA, ESPESSURA DE *20* CM. AF_03/2024","M",73.989999999999995,93205,null,71.84,73.989999999999995]
[null,105021,"VERGA PRÉ-MOLDADA COM ATÉ 1,5 M DE VÃO, ESPESSURA DE *15* CM. AF_03/2024","M",25.59,105021,null,24.98,25.59]
[null,105022,"VERGA PRÉ-MOLDADA COM ATÉ 1,5 M DE VÃO, ESPESSURA DE *10* CM. AF_03/2024","M",22.12,105022,null,21.59,22.12]
[null,105023,"VERGA MOLDADA IN LOCO EM CONCRETO, ESPESSURA DE *15* CM. AF_03/2024","M",65.3,105023,null,62.83,65.3]
[null,105024,"VERGA MOLDADA IN LOCO EM CONCRETO, ESPESSURA DE *10* CM. AF_03/2024","M",53.34,105024,null,51.41,53.34]
[null,105025,"VERGA MOLDADA IN LOCO COM UTILIZAÇÃO DE BLOCOS CANALETA, ESPESSURA DE *15* CM. AF_03/2024","M",62.41,105025,null,60.77,62.41]
[null,105026,"VERGA MOLDADA IN LOCO COM UTILIZAÇÃO DE BLOCOS CANALETA, ESPESSURA DE *10* CM. AF_03/2024","M",44.01,105026,null,42.94,44.01]
[null,105027,"CONTRAVERGA PRÉ-MOLDADA, ESPESSURA DE *15* CM. AF_03/2024","M",25.26,105027,null,24.68,25.26]
[null,105028,"CONTRAVERGA PRÉ-MOLDADA, ESPESSURA DE *10* CM. AF_03/2024","M",21.82,105028,null,21.3,21.82]
[null,105029,"CONTRAVERGA MOLDADA IN LOCO EM CONCRETO, ESPESSURA DE *15* CM. AF_03/2024","M",50.46,105029,null,48.92,50.46]
[null,105030,"CONTRAVERGA MOLDADA IN LOCO EM CONCRETO, ESPESSURA DE *10* CM. AF_03/2024","M",41.86,105030,null,40.64,41.86]
[null,105031,"CONTRAVERGA MOLDADA IN LOCO COM UTILIZAÇÃO DE BLOCOS CANALETA, ESPESSURA DE *15* CM. AF_03/2024","M",51.9,105031,null,50.82,51.9]
[null,105032,"CONTRAVERGA MOLDADA IN LOCO COM UTILIZAÇÃO DE BLOCOS CANALETA, ESPESSURA DE *10* CM. AF_03/2024","M",{"$f":"IF($K$2=$H$1,H2819,I2819)","v":35.270000000000003},{"$f":"IF(LEN($B2819)=7,CONCATENATE(MID($B2819,1,6),\"00\",RIGHT($B2819,1)),IF(LEN($B2819)=8,CONCATENATE(MID($B2819,1,6),\"0\",RIGHT($B2819,2)),$B2819))","v":105032},null,34.58,35.270000000000003]
[null,105033,"CINTA DE AMARRAÇÃO DE ALVENARIA MOLDADA IN LOCO COM UTILIZAÇÃO DE BLOCOS CANALETA, ESPESSURA DE *15* CM. AF_03/2024","M",61.33,105033,null,59.58,61.33]
[null,105034,"CINTA DE AMARRAÇÃO DE ALVENARIA MOLDADA IN LOCO COM UTILIZAÇÃO DE BLOCOS CANALETA, ESPESSURA DE *10* CM. AF_03/2024","M",43.66,105034,null,42.4,43.66]
[null,105035,"VERGA PRÉ-FABRICADA COM ATÉ 1,5 M DE VÃO, ESPESSURA DE *20* CM. AF_03/2024","M",66.14,105035,null,61.94,66.14]
[null,105036,"VERGA PRÉ-FABRICADA COM ATÉ 1,5 M DE VÃO, ESPESSURA DE *15* CM. AF_03/2024","M",47.65,105036,null,44.61,47.65]
[null,105037,"VERGA PRÉ-FABRICADA COM ATÉ 1,5 M DE VÃO, ESPESSURA DE *10* CM. AF_03/2024","M",32.24,105037,null,30.18,32.24]
[null,105038,"CONTRAVERGA PRÉ-FABRICADA, ESPESSURA DE *20* CM. AF_03/2024","M",65.97,105038,null,61.79,65.97]
[null,105039,"CONTRAVERGA PRÉ-FABRICADA, ESPESSURA DE *15* CM. AF_03/2024","M",47.46,105039,null,44.44,47.46]
[null,105040,"CONTRAVERGA PRÉ-FABRICADA, ESPESSURA DE *10* CM. AF_03/2024","M",32.090000000000003,105040,null,30.04,32.090000000000003]
[null,97733,"PEÇA RETANGULAR PRÉ-MOLDADA, VOLUME DE CONCRETO DE ATÉ 10 LITROS, TAXA DE AÇO APROXIMADA DE 30KG/M³. AF_03/2024","M3",3429.18,97733,null,3217.71,3429.18]
[null,97734,"PEÇA RETANGULAR PRÉ-MOLDADA, VOLUME DE CONCRETO DE 10 A 30 LITROS, TAXA DE AÇO APROXIMADA DE 30KG/M³. AF_03/2024","M3",3003.14,97734,null,2813.56,3003.14]
[null,97735,"PEÇA RETANGULAR PRÉ-MOLDADA, VOLUME DE CONCRETO DE 30 A 100 LITROS, TAXA DE AÇO APROXIMADA DE 30KG/M³. AF_03/2024","M3",2504.11,97735,null,2362.88,2504.11]
[null,97736,"PEÇA RETANGULAR PRÉ-MOLDADA, VOLUME DE CONCRETO ACIMA DE 100 LITROS, TAXA DE AÇO APROXIMADA DE 30KG/M³. AF_03/2024","M3",1616.38,97736,null,1563.47,1616.38]
[null,97737,"PEÇA RETANGULAR PRÉ-MOLDADA, VOLUME DE CONCRETO DE 30 A 70 LITROS, TAXA DE AÇO APROXIMADA DE 70KG/M³. AF_03/2024","M3",3327.41,97737,null,3158.19,3327.41]
[null,97738,"PEÇA CIRCULAR PRÉ-MOLDADA, VOLUME DE CONCRETO DE 10 A 30 LITROS, TAXA DE FIBRA DE POLIPROPILENO APROXIMADA DE 6 KG/M³. AF_03/2024_PS","M3",4197.1499999999996,97738,null,3968.93,4197.1499999999996]
[null,97739,"PEÇA CIRCULAR PRÉ-MOLDADA, VOLUME DE CONCRETO DE 30 A 100 LITROS, TAXA DE AÇO APROXIMADA DE 30KG/M³. AF_03/2024","M3",3092.94,97739,null,2943.9,3092.94]
[null,97740,"PEÇA CIRCULAR PRÉ-MOLDADA, VOLUME DE CONCRETO ACIMA DE 100 LITROS, TAXA DE AÇO APROXIMADA DE 30KG/M³. AF_03/2024","M3",2298.14,97740,null,2228.4899999999998,2298.14]
[null,98615,"CONTENÇÃO EM CORTINA COM ESTACAS ESPAÇADAS COM 30 CM DE DIÂMETRO E PROFUNDIDADE MENOR OU IGUAL A 10 M. AF_06/2018","M2",177.42,98615,null,175.28,177.42]
[null,98616,"CONTENÇÃO EM CORTINA COM ESTACAS ESPAÇADAS COM 30 CM DE DIÂMETRO E PROFUNDIDADE MAIOR QUE 10 M E MENOR OU IGUAL A 15 M. AF_06/2018","M2",144.54,98616,null,143.21,144.54]
[null,98617,"CONTENÇÃO EM CORTINA COM ESTACAS ESPAÇADAS COM 30 CM DE DIÂMETRO E PROFUNDIDADE MAIOR QUE 15 M. AF_06/2018","M2",135.85,98617,null,134.83000000000001,135.85]
[null,98618,"CONTENÇÃO EM CORTINA COM ESTACAS ESPAÇADAS COM 40 CM DE DIÂMETRO E PROFUNDIDADE MENOR OU IGUAL A 10 M. AF_06/2018","M2",185.35,98618,null,183.79,185.35]
[null,98619,"CONTENÇÃO EM CORTINA COM ESTACAS ESPAÇADAS COM 40 CM DE DIÂMETRO E PROFUNDIDADE MAIOR QUE 10 M E MENOR OU IGUAL A 15 M. AF_06/2018","M2",172.15,98619,null,171.03,172.15]
[null,98620,"CONTENÇÃO EM CORTINA COM ESTACAS ESPAÇADAS COM 40 CM DE DIÂMETRO E PROFUNDIDADE MAIOR QUE 15 M. AF_06/2018","M2",165.49,98620,null,164.59,165.49]
[null,98621,"CONTENÇÃO EM CORTINA COM ESTACAS ESPAÇADAS COM 50 CM DE DIÂMETRO E PROFUNDIDADE MENOR OU IGUAL A 10 M. AF_06/2018","M2",214.62,98621,null,213.27,214.62]
[null,98622,"CONTENÇÃO EM CORTINA COM ESTACAS ESPAÇADAS COM 50 CM DE DIÂMETRO E PROFUNDIDADE MAIOR QUE 10 M E MENOR OU IGUAL A 15 M. AF_06/2018","M2",203.99,98622,null,202.98,203.99]
[null,98623,"CONTENÇÃO EM CORTINA COM ESTACAS ESPAÇADAS COM 50 CM DE DIÂMETRO E PROFUNDIDADE MAIOR QUE 15 M. AF_06/2018","M2",198.55,98623,null,197.69,198.55]
[null,98624,"CONTENÇÃO EM CORTINA COM ESTACAS ESPAÇADAS COM 60 CM DE DIÂMETRO E PROFUNDIDADE MENOR OU IGUAL A 10 M. AF_06/2018","M2",245.63,98624,null,244.4,245.63]
[null,98625,"CONTENÇÃO EM CORTINA COM ESTACAS ESPAÇADAS COM 60 CM DE DIÂMETRO E PROFUNDIDADE MAIOR QUE 10 M E MENOR OU IGUAL A 15 M. AF_06/2018","M2",236.6,98625,null,235.64,236.6]
[null,98626,"CONTENÇÃO EM CORTINA COM ESTACAS ESPAÇADAS COM 60 CM DE DIÂMETRO E PROFUNDIDADE MAIOR QUE 15 M. AF_06/2018","M2",231.9,98626,null,231.08,231.9]
[null,98627,"CONTENÇÃO EM CORTINA COM ESTACAS SECANTES COM 40 CM DE DIÂMETRO E PROFUNDIDADE MENOR OU IGUAL A 10 M. AF_06/2018","M2",703.12,98627,null,692.85,703.12]
[null,98628,"CONTENÇÃO EM CORTINA COM ESTACAS SECANTES COM 40 CM DE DIÂMETRO E PROFUNDIDADE MAIOR QUE 10 M E MENOR OU IGUAL A 15 M. AF_06/2018","M2",614.85,98628,null,605.62,614.85]
[null,98629,"CONTENÇÃO EM CORTINA COM ESTACAS SECANTES COM 40 CM DE DIÂMETRO E PROFUNDIDADE MAIOR QUE 15 M. AF_06/2018","M2",570.51,98629,null,561.79999999999995,570.51]
[null,98630,"CONTENÇÃO EM CORTINA COM ESTACAS SECANTES COM 50 CM DE DIÂMETRO E PROFUNDIDADE MENOR OU IGUAL A 10 M. AF_06/2018","M2",752.01,98630,null,740.72,752.01]
[null,98632,"CONTENÇÃO EM CORTINA COM ESTACAS SECANTES COM 50 CM DE DIÂMETRO E PROFUNDIDADE MAIOR QUE 15 M. AF_06/2018","M2",646.25,98632,null,636.17999999999995,646.25]
[null,98655,"EXECUÇÃO DE MURETA GUIA PARA CONTENÇÃO/ FUNDAÇÃO COM 30 CM DE ESPESSURA. AF_06/2018","M",745.42,98655,null,722.56,745.42]
[null,98656,"EXECUÇÃO DE MURETA GUIA PARA CONTENÇÃO/ FUNDAÇÃO COM 40 CM DE ESPESSURA. AF_06/2018","M",758.88,98656,null,735.82,758.88]
[null,98657,"EXECUÇÃO DE MURETA GUIA PARA CONTENÇÃO/ FUNDAÇÃO COM 50 CM DE ESPESSURA. AF_06/2018","M",772.36,98657,null,749.1,772.36]
[null,98658,"EXECUÇÃO DE MURETA GUIA PARA CONTENÇÃO/ FUNDAÇÃO COM 60 CM DE ESPESSURA. AF_06/2018","M",785.81,98658,null,762.36,785.81]
[null,98659,"EXECUÇÃO DE MURETA GUIA PARA CONTENÇÃO/ FUNDAÇÃO COM 80 CM DE ESPESSURA. AF_06/2018","M",812.73,98659,null,788.89,812.73]
[null,98746,"SOLDA DE TOPO EM CHAPA/PERFIL/TUBO DE AÇO CHANFRADO, ESPESSURA=1/4''. AF_06/2018","M",65.849999999999994,98746,null,61.73,65.849999999999994]
[null,98749,"SOLDA DE TOPO EM CHAPA/PERFIL/TUBO DE AÇO CHANFRADO, ESPESSURA=5/16''. AF_06/2018","M",80.010000000000005,98749,null,75.73,80.010000000000005]
[null,98750,"SOLDA DE TOPO EM CHAPA/PERFIL/TUBO DE AÇO CHANFRADO, ESPESSURA=3/8''. AF_06/2018","M",97.27,98750,null,92.86,97.27]
[null,98751,"SOLDA DE TOPO EM CHAPA/PERFIL/TUBO DE AÇO CHANFRADO, ESPESSURA=1/2''. AF_06/2018","M",142.36000000000001,98751,null,137.63,142.36000000000001]
[null,98752,"SOLDA DE TOPO EM CHAPA/PERFIL/TUBO DE AÇO CHANFRADO, ESPESSURA=5/8''. AF_06/2018","M",196.83,98752,null,191.81,196.83]
[null,98753,"SOLDA DE TOPO EM CHAPA/PERFIL/TUBO DE AÇO CHANFRADO, ESPESSURA=3/4''. AF_06/2018","M",264.72000000000003,98753,null,259.41000000000003,264.72000000000003]
[null,100763,"VIGA METÁLICA EM PERFIL LAMINADO OU SOLDADO EM AÇO ESTRUTURAL, COM CONEXÕES PARAFUSADAS, INCLUSOS MÃO DE OBRA, TRANSPORTE E IÇAMENTO UTILIZANDO GUINDASTE - FORNECIMENTO E INSTALAÇÃO. AF_01/2020_PSA","KG",15.64,100763,null,15.52,15.64]
[null,100764,"VIGA METÁLICA EM PERFIL LAMINADO OU SOLDADO EM AÇO ESTRUTURAL, COM CONEXÕES SOLDADAS, INCLUSOS MÃO DE OBRA, TRANSPORTE E IÇAMENTO UTILIZANDO GUINDASTE - FORNECIMENTO E INSTALAÇÃO. AF_01/2020_PA","KG",15.37,100764,null,15.25,15.37]
[null,100765,"PILAR METÁLICO PERFIL LAMINADO/SOLDADO EM AÇO ESTRUTURAL, COM CONEXÕES PARAFUSADAS, INCLUSOS MÃO DE OBRA, TRANSPORTE E IÇAMENTO UTILIZANDO GUINDASTE - FORNECIMENTO E INSTALAÇÃO. AF_01/2020_PSA","KG",13.92,100765,null,13.86,13.92]
[null,100766,"PILAR METÁLICO PERFIL LAMINADO OU SOLDADO EM AÇO ESTRUTURAL, COM CONEXÕES SOLDADAS, INCLUSOS MÃO DE OBRA, TRANSPORTE E IÇAMENTO UTILIZANDO GUINDASTE - FORNECIMENTO E INSTALAÇÃO. AF_01/2020_PA","KG",14.07,100766,null,13.97,14.07]
[null,100767,"CONTRAVENTAMENTO COM CANTONEIRAS DE AÇO, ABAS IGUAIS, COM CONEXÕES PARAFUSADAS, INCLUSOS MÃO DE OBRA, TRANSPORTE E IÇAMENTO UTILIZANDO TALHA MANUAL, PARA EDIFÍCIOS DE ATÉ 2 PAVIMENTOS - FORNECIMENTO E INSTALAÇÃO. AF_01/2020_PSA","KG",16.03,100767,null,15.63,16.03]
[null,100768,"CONTRAVENTAMENTO COM CANTONEIRAS DE AÇO, ABAS IGUAIS, COM CONEXÕES SOLDADAS, INCLUSOS MÃO DE OBRA, TRANSPORTE E IÇAMENTO UTILIZANDO TALHA MANUAL, PARA EDIFÍCIOS DE ATÉ 2 PAVIMENTOS - FORNECIMENTO E INSTALAÇÃO. AF_01/2020_PA","KG",15.27,100768,null,14.86,15.27]
[null,100769,"CONTRAVENTAMENTO COM CANTONEIRAS DE AÇO, ABAS IGUAIS, COM CONEXÕES PARAFUSADAS, INCLUSOS MÃO DE OBRA, TRANSPORTE E IÇAMENTO UTILIZANDO GUINDASTE, PARA EDIFÍCIOS DE 3 A 5 PAVIMENTOS - FORNECIMENTO E INSTALAÇÃO. AF_01/2020_PSA","KG",22.12,100769,null,21.81,22.12]
[null,100770,"CONTRAVENTAMENTO COM CANTONEIRAS DE AÇO, ABAS IGUAIS, COM CONEXÕES SOLDADAS, INCLUSOS MÃO DE OBRA, TRANSPORTE E IÇAMENTO UTILIZANDO GUINDASTE, PARA EDIFÍCIOS DE 3 A 5 PAVIMENTOS - FORNECIMENTO E INSTALAÇÃO. AF_01/2020_PA","KG",21.12,100770,null,20.79,21.12]
[null,100771,"CONTRAVENTAMENTO COM CANTONEIRAS DE AÇO, ABAS IGUAIS, COM CONEXÕES PARAFUSADAS, INCLUSOS MÃO DE OBRA, TRANSPORTE E IÇAMENTO UTILIZANDO GRUA, PARA EDIFÍCIOS DE 6 A 10 PAVIMENTOS - FORNECIMENTO E INSTALAÇÃO. AF_01/2020_PSA","KG",16.97,100771,null,16.690000000000001,16.97]
[null,100772,"CONTRAVENTAMENTO COM CANTONEIRAS DE AÇO, ABAS IGUAIS, COM CONEXÕES SOLDADAS, INCLUSOS MÃO DE OBRA, TRANSPORTE E IÇAMENTO UTILIZANDO GRUA, PARA EDIFÍCIOS DE 6 A 10 PAVIMENTOS - FORNECIMENTO E INSTALAÇÃO. AF_01/2020_PA","KG",16.07,100772,null,15.76,16.07]
[null,100773,"ESTRUTURA TRELIÇADA DE COBERTURA, TIPO ARCO, COM LIGAÇÕES SOLDADAS, INCLUSOS PERFIS METÁLICOS, CHAPAS METÁLICAS, MÃO DE OBRA E TRANSPORTE COM GUINDASTE - FORNECIMENTO E INSTALAÇÃO. AF_01/2020_PSA","KG",18.940000000000001,100773,null,18.79,18.940000000000001]
[null,100774,"ESTRUTURA TRELIÇADA DE COBERTURA, TIPO SHED, COM LIGAÇÕES SOLDADAS, INCLUSOS PERFIS METÁLICOS, CHAPAS METÁLICAS, MÃO DE OBRA E TRANSPORTE COM GUINDASTE - FORNECIMENTO E INSTALAÇÃO. AF_01/2020_PSA","KG",11.3,100774,null,11.26,11.3]
[null,100775,"ESTRUTURA TRELIÇADA DE COBERTURA, TIPO FINK, COM LIGAÇÕES SOLDADAS, INCLUSOS PERFIS METÁLICOS, CHAPAS METÁLICAS, MÃO DE OBRA E TRANSPORTE COM GUINDASTE - FORNECIMENTO E INSTALAÇÃO. AF_01/2020_PSA","KG",12.72,100775,null,12.63,12.72]
[null,100776,"ESTRUTURA TRELIÇADA DE COBERTURA, TIPO ARCO, COM LIGAÇÕES PARAFUSADAS, INCLUSOS PERFIS METÁLICOS, CHAPAS METÁLICAS, MÃO DE OBRA E TRANSPORTE COM GUINDASTE - FORNECIMENTO E INSTALAÇÃO. AF_01/2020_PSA","KG",19.04,100776,null,18.91,19.04]
[null,100777,"ESTRUTURA TRELIÇADA DE COBERTURA, TIPO SHED, COM LIGAÇÕES PARAFUSADAS, INCLUSOS PERFIS METÁLICOS, CHAPAS METÁLICAS, MÃO DE OBRA E TRANSPORTE COM GUINDASTE - FORNECIMENTO E INSTALAÇÃO. AF_01/2020_PSA","KG",11.26,100777,null,11.22,11.26]
[null,100778,"ESTRUTURA TRELIÇADA DE COBERTURA, TIPO FINK, COM LIGAÇÕES PARAFUSADAS, INCLUSOS PERFIS METÁLICOS, CHAPAS METÁLICAS, MÃO DE OBRA E TRANSPORTE COM GUINDASTE - FORNECIMENTO E INSTALAÇÃO. AF_01/2020_PSA","KG",12.68,100778,null,12.61,12.68]
[null,103795,"FABRICAÇÃO, MONTAGEM E DESMONTAGEM DE FÔRMA PARA ESCADA HIDRÁULICA, EM CHAPA DE MADEIRA COMPENSADA RESINADA, E = 17 MM, 3 UTILIZAÇÕES. AF_08/2022","M2",94.98,103795,null,90.91,94.98]
[null,103796,"FABRICAÇÃO, MONTAGEM E DESMONTAGEM DE FÔRMA PARA BACIA DE DISSIPAÇÃO, EM MADEIRA SERRADA, E = 25 MM, 2 UTILIZAÇÕES. AF_08/2022","M2",72.069999999999993,103796,null,70.62,72.069999999999993]
[null,103797,"ARMAÇÃO DE DESCIDA D'ÁGUA UTILIZANDO AÇO CA-60 DE 5 MM - MONTAGEM. AF_08/2022","KG",16.72,103797,null,16,16.72]
[null,103798,"CONCRETAGEM DE DISSIPADOR DE ENERGIA, CONCRETO USINADO, FCK = 20 MPA, COM USO DE BOMBA - LANÇAMENTO, ADENSAMENTO E ACABAMENTO. AF_08/2022","M3",{"$f":"IF($K$2=$H$1,H2883,I2883)","v":878.04},{"$f":"IF(LEN($B2883)=7,CONCATENATE(MID($B2883,1,6),\"00\",RIGHT($B2883,1)),IF(LEN($B2883)=8,CONCATENATE(MID($B2883,1,6),\"0\",RIGHT($B2883,2)),$B2883))","v":103798},null,872.12,878.04]
[null,103799,"PEDRA DE MÃO FIXADA COM CONCRETO PARA BACIA DE DISSIPAÇÃO, 40% DE CONCRETO EM VOLUME, FCK = 20 MPA, COM USO DE JERICA E PREPARO EM BETONEIRA DE 600 L - AREIA, BRITA E PEDRA DE MÃO COMERCIAIS - LANÇAMENTO, ADENSAMENTO E ACABAMENTO. AF_08/2022","M3",512.66999999999996,103799,null,497.7,512.66999999999996]
[null,103800,"PEDRA ARGAMASSADA COM CIMENTO E AREIA 1:3, 40% DE ARGAMASSA EM VOLUME - AREIA E PEDRA DE MÃO COMERCIAIS - FORNECIMENTO E ASSENTAMENTO. AF_08/2022","M3",598.45000000000005,103800,null,578.91999999999996,598.45000000000005]
[null,103801,"CONCRETAGEM DE DISSIPADOR DE ENERGIA, FCK = 20 MPA, COM USO DE JERICAS E PREPARO EM BETONEIRA DE 600 L - AREIA E BRITA COMERCIAIS - LANÇAMENTO, ADENSAMENTO E ACABAMENTO. AF_08/2022","M3",754.86,103801,null,735.36,754.86]
[null,103925,"ESCADA HIDRÁULICA, LARGURA ATÉ 1M, TIPO DESCIDA D'ÁGUA DE CORTE OU ATERRO EM DEGRAUS (DCD 02, 04 E DAD 02), EM CONCRETO USINADO, FCK = 20 MPA, LANÇADO COM BOMBA, INCLUINDO ARMAÇÃO, MATERIAIS E FÔRMAS (3 UTILIZAÇÕES). AF_08/2022","M3",2007.82,103925,null,1953.86,2007.82]
[null,103926,"ESCADA HIDRÁULICA, LARGURA DE 1 A 4,1 M, TIPO DESCIDA D'ÁGUA DE ATERRO EM DEGRAUS (DAD 04, 06, 08, 10, 12, 14, 16, 18), EM CONCRETO USINADO, FCK = 20 MPA, LANÇADO COM BOMBA, INCLUINDO ARMAÇÃO, MATERIAIS E FÔRMAS (3 UTILIZAÇÕES). AF_08/2022","M3",1656.72,103926,null,1617.82,1656.72]
[null,103928,"BACIA DE DISSIPAÇÃO, TIPO BACIA EM PEDRA DE MÃO ARGAMASSADA (DES 01, 02, 03, 04), LANÇADO MANUALMENTE, INCLUINDO MATERIAIS E FÔRMAS (2 UTILIZAÇÕES). AF_08/2022","M3",598.45000000000005,103928,null,578.91999999999996,598.45000000000005]
[null,103929,"BACIA DE DISSIPAÇÃO, TIPO BACIA COM DENTES DE CONCRETO (01), COM PREPARO MANUAL, FCK = 20 MPA, LANÇADO MANUALMENTE, INCLUINDO MATERIAIS E FÔRMAS (2 UTILIZAÇÕES). AF_08/2022","M3",1475.63,103929,null,1441.63,1475.63]
[null,103930,"BACIA DE DISSIPAÇÃO, LARGURA ATÉ 1 M, TIPO BACIA EM PEDRA DE MÃO FIXADA COM CONCRETO (DEB 01, 02), COM PREPARO MANUAL, FCK = 20 MPA, LANÇADO MANUALMENTE, INCLUINDO MATERIAIS E FÔRMAS (2 UTILIZAÇÕES). AF_08/2022","M3",921.56,103930,null,898.53,921.56]
[null,103931,"BACIA DE DISSIPAÇÃO, LARGURA DE 1 A 4 M, TIPO BACIA EM PEDRA DE MÃO FIXADA COM CONCRETO (DEB 03, 04, 05, 06), COM PREPARO MANUAL, FCK = 20 MPA, LANÇADO MANUALMENTE, INCLUINDO MATERIAIS E FÔRMAS (2 UTILIZAÇÕES). AF_08/2022","M3",679.97,103931,null,661.76,679.97]
[null,103932,"BACIA DE DISSIPAÇÃO, LARGURA DE 4 A 9,2 M, TIPO BACIA EM PEDRA DE MÃO FIXADA COM CONCRETO (DEB 07, 08, 09, 10, 11, 12, 13), COM PREPARO MANUAL, FCK = 20 MPA, LANÇADO MANUALMENTE, INCLUINDO MATERIAIS E FÔRMAS (2 UTILIZAÇÕES). AF_08/2022","M3",644.58000000000004,103932,null,627.07000000000005,644.58000000000004]
[null,103933,"DESCIDA D'ÁGUA RÁPIDA (DAR 03), EM CONCRETO USINADO, FCK = 20 MPA, LANÇADO COM BOMBA, INCLUINDO ARMAÇÃO, MATERIAIS E FÔRMAS (2 UTILIZAÇÕES). AF_08/2022","M3",1875.02,103933,null,1839.4,1875.02]
[null,105041,"VIGA DE MADEIRA SERRADA, PINUS OU EQUIVALENTE DA REGIÃO, SEÇÃO RETANGULAR 7,5 X 10 CM. AF_03/2024","M",57.26,105041,null,55.48,57.26]
[null,105042,"PILAR DE MADEIRA ROLIÇA, EUCALIPTO OU EQUIVALENTE DA REGIÃO, FIXADO COM VERGALHÃO, DIÂMETRO DE 12 A 15 CM, APOIO ARTICULADO, COMPRIMENTO DE 3 M. AF_03/2024","M",65.61,105042,null,63.43,65.61]
[null,105045,"VIGA DE MADEIRA SERRADA, PINUS OU EQUIVALENTE DA REGIÃO, SEÇÃO RETANGULAR 7,5 X 15 CM. AF_03/2024","M",67.400000000000006,105045,null,65.52,67.400000000000006]
[null,105046,"PILAR DE MADEIRA ROLIÇA, EUCALIPTO OU EQUIVALENTE DA REGIÃO, FIXADO COM VERGALHÃO, DIÂMETRO DE 12 A 15 CM, APOIO ARTICULADO, COMPRIMENTO DE 6 M. AF_03/2024","M",55.94,105046,null,54.58,55.94]
[null,105050,"PILAR DE MADEIRA ROLIÇA, EUCALIPTO OU EQUIVALENTE DA REGIÃO, FIXADO COM VERGALHÃO, DIÂMETRO DE 21 A 29 CM, APOIO ARTICULADO, COMPRIMENTO DE 3 M. AF_03/2024","M",211.95,105050,null,209.73,211.95]
[null,105053,"PILAR DE MADEIRA ROLIÇA, EUCALIPTO OU EQUIVALENTE DA REGIÃO, FIXADO COM VERGALHÃO, DIÂMETRO DE 21 A 29 CM, APOIO ARTICULADO, COMPRIMENTO DE 6 M. AF_03/2024","M",202.4,105053,null,201.01,202.4]
[null,105056,"PILAR DE MADEIRA ROLIÇA, EUCALIPTO OU EQUIVALENTE DA REGIÃO, FIXADO COM VERGALHÃO, DIÂMETRO DE 30 A 34 CM, APOIO ARTICULADO, COMPRIMENTO DE 3 M. AF_03/2024","M",294.35000000000002,105056,null,292.08999999999997,294.35000000000002]
[null,105058,"PILAR DE MADEIRA ROLIÇA, EUCALIPTO OU EQUIVALENTE DA REGIÃO, FIXADO COM VERGALHÃO, DIÂMETRO DE 30 A 34 CM, APOIO ARTICULADO, COMPRIMENTO DE 6 M. AF_03/2024","M",285.44,105058,null,283.94,285.44]
[null,105061,"PILAR DE MADEIRA SERRADA, MAÇARANDUBA OU EQUIVALENTE DA REGIÃO, NÃO APARELHADO, FIXADO COM VERGALHÃO, SEÇÃO QUADRADA 10 X 10 CM, APOIO ARTICULADO, COMPRIMENTO DE 3 M. AF_03/2024","M",85.13,105061,null,82.42,85.13]
[null,105064,"PILAR DE MADEIRA SERRADA, MAÇARANDUBA OU EQUIVALENTE DA REGIÃO, NÃO APARELHADO, FIXADO COM VERGALHÃO, SEÇÃO QUADRADA 10 X 10 CM, APOIO ARTICULADO, COMPRIMENTO DE 6 M. AF_03/2024","M",72.88,105064,null,71.260000000000005,72.88]
[null,105068,"PILAR DE MADEIRA SERRADA, MAÇARANDUBA OU EQUIVALENTE DA REGIÃO, NÃO APARELHADO, FIXADO COM VERGALHÃO, SEÇÃO QUADRADA 15 X 15 CM, APOIO ARTICULADO, COMPRIMENTO DE 3 M. AF_03/2024","M",139.01,105068,null,136.30000000000001,139.01]
[null,105071,"PILAR DE MADEIRA SERRADA, MAÇARANDUBA OU EQUIVALENTE DA REGIÃO, NÃO APARELHADO, FIXADO COM VERGALHÃO, SEÇÃO QUADRADA 15 X 15 CM, APOIO ARTICULADO, COMPRIMENTO DE 6 M. AF_03/2024","M",126.77,105071,null,125.15,126.77]
[null,105074,"PILAR DE MADEIRA SERRADA, MAÇARANDUBA OU EQUIVALENTE DA REGIÃO, NÃO APARELHADO, FIXADO COM VERGALHÃO, SEÇÃO QUADRADA 20 X 20 CM, APOIO ARTICULADO, COMPRIMENTO DE 3 M. AF_03/2024","M",214.41,105074,null,211.67,214.41]
[null,105077,"PILAR DE MADEIRA SERRADA, MAÇARANDUBA OU EQUIVALENTE DA REGIÃO, NÃO APARELHADO, FIXADO COM VERGALHÃO, SEÇÃO QUADRADA 20 X 20 CM, APOIO ARTICULADO, COMPRIMENTO DE 6 M. AF_03/2024","M",202.22,105077,null,200.58,202.22]
[null,105080,"VIGA DE MADEIRA SERRADA, MAÇARANDUBA OU EQUIVALENTE DA REGIÃO, APARELHADA, SEÇÃO RETANGULAR 6 X 12 CM. AF_03/2024","M",57.13,105080,null,55.37,57.13]
[null,105081,"VIGA DE MADEIRA SERRADA, MAÇARANDUBA OU EQUIVALENTE DA REGIÃO, APARELHADA, SEÇÃO RETANGULAR 6 X 16 CM. AF_03/2024","M",65.69,105081,null,63.84,65.69]
[null,105082,"VIGA DE MADEIRA SERRADA, MAÇARANDUBA OU EQUIVALENTE DA REGIÃO, NÃO APARELHADA, SEÇÃO RETANGULAR 6 X 12 CM. AF_03/2024","M",59.43,105082,null,57.67,59.43]
[null,105083,"VIGA DE MADEIRA SERRADA, MAÇARANDUBA OU EQUIVALENTE DA REGIÃO, NÃO APARELHADA, SEÇÃO RETANGULAR 6 X 16 CM. AF_03/2024","M",66.73,105083,null,64.88,66.73]
[null,105084,"VIGA DE MADEIRA SERRADA, MAÇARANDUBA OU EQUIVALENTE DA REGIÃO, NÃO APARELHADA, SEÇÃO RETANGULAR 6 X 20 CM. AF_03/2024","M",82.22,105084,null,80.31,82.22]
[null,105085,"VIGA DE MADEIRA SERRADA, MAÇARANDUBA OU EQUIVALENTE DA REGIÃO, NÃO APARELHADA, SEÇÃO RETANGULAR 8 X 16 CM. AF_03/2024","M",85.82,105085,null,83.88,85.82]
[null,105086,"VIGA DE MADEIRA SERRADA, MAÇARANDUBA OU EQUIVALENTE DA REGIÃO, NÃO APARELHADA, SEÇÃO RETANGULAR 6 X 25 CM. AF_03/2024","M",76.64,105086,null,74.66,76.64]
[null,105087,"VIGA DE MADEIRA SERRADA, MAÇARANDUBA OU EQUIVALENTE DA REGIÃO, NÃO APARELHADA, SEÇÃO RETANGULAR 6 X 30 CM. AF_03/2024","M",85.78,105087,null,83.7,85.78]
[null,105088,"VIGA DE MADEIRA SERRADA, MAÇARANDUBA OU EQUIVALENTE DA REGIÃO, NÃO APARELHADA, SEÇÃO RETANGULAR 6 X 40 CM. AF_03/2024","M",152.77000000000001,105088,null,150.53,152.77000000000001]
[null,105089,"VIGA DE MADEIRA SERRADA, MAÇARANDUBA OU EQUIVALENTE DA REGIÃO, APARELHADA, SEÇÃO RETANGULAR 8 X 30 CM. AF_03/2024","M",141.22999999999999,105089,null,138.99,141.22999999999999]
[null,105090,"PISO DE MADEIRA, SOBRE VIGOTAS DE MADEIRA SEÇÃO 7,5 X 15 CM. AF_03/2024","M2",483.28,105090,null,480.65,483.28]
[null,105091,"VIGA DE MADEIRA SERRADA, MAÇARANDUBA OU EQUIVALENTE DA REGIÃO, APARELHADA, SEÇÃO RETANGULAR 7,5 X 23 CM. AF_03/2024","M",112.49,105091,null,110.44,112.49]
[null,105092,"VIGA DE MADEIRA SERRADA, MAÇARANDUBA OU EQUIVALENTE DA REGIÃO, NÃO APARELHADA, SEÇÃO RETANGULAR 7,5 X 23 CM. AF_03/2024","M",122.11,105092,null,120.06,122.11]
[null,105093,"VIGA DE MADEIRA SERRADA, MAÇARANDUBA OU EQUIVALENTE DA REGIÃO, NÃO APARELHADA, SEÇÃO RETANGULAR 8 X 30 CM. AF_03/2024","M",123.93,105093,null,121.69,123.93]
[null,105095,"PILAR DE MADEIRA ROLIÇA, EUCALIPTO OU EQUIVALENTE DA REGIÃO, FIXADO COM VERGALHÃO, DIÂMETRO DE 16 A 20 CM, APOIO ARTICULADO, COMPRIMENTO DE 3 M. AF_03/2024","M",99.86,105095,null,97.67,99.86]
[null,105098,"PILAR DE MADEIRA ROLIÇA, EUCALIPTO OU EQUIVALENTE DA REGIÃO, FIXADO COM VERGALHÃO, DIÂMETRO DE 16 A 20 CM, APOIO ARTICULADO, COMPRIMENTO DE 6 M. AF_03/2024","M",90.21,105098,null,88.84,90.21]
[null,105099,"VIGA DE MADEIRA ROLIÇA, EUCALIPTO OU EQUIVALENTE DA REGIÃO, DIÂMETRO DE 12 A 15 CM. AF_03/2024","M",78.400000000000006,105099,null,75.39,78.400000000000006]
[null,105100,"VIGA DE MADEIRA ROLIÇA, EUCALIPTO OU EQUIVALENTE DA REGIÃO, DIÂMETRO DE 16 A 20 CM. AF_03/2024","M",115.15,105100,null,111.89,115.15]
[null,105101,"VIGA DE MADEIRA ROLIÇA, EUCALIPTO OU EQUIVALENTE DA REGIÃO, DIÂMETRO DE 21 A 29 CM. AF_03/2024","M",232.48,105101,null,228.64,232.48]
[null,105102,"VIGA DE MADEIRA ROLIÇA, EUCALIPTO OU EQUIVALENTE DA REGIÃO, DIÂMETRO DE 30 A 34 CM. AF_03/2024","M",321.70999999999998,105102,null,317.14,321.70999999999998]
[null,98562,"IMPERMEABILIZAÇÃO DE SUPERFÍCIE COM ARGAMASSA DE CIMENTO E AREIA, COM ADITIVO IMPERMEABILIZANTE, E = 1,5CM. AF_09/2023","M2",49.11,98562,null,45.85,49.11]
[null,98555,"IMPERMEABILIZAÇÃO DE SUPERFÍCIE COM ARGAMASSA POLIMÉRICA / MEMBRANA ACRÍLICA, 3 DEMÃOS. AF_09/2023","M2",28.89,98555,null,27.2,28.89]
[null,98556,"IMPERMEABILIZAÇÃO DE SUPERFÍCIE COM ARGAMASSA POLIMÉRICA / MEMBRANA ACRÍLICA, 4 DEMÃOS, REFORÇADA COM VÉU DE POLIÉSTER (MAV). AF_09/2023","M2",53.73,98556,null,50.95,53.73]
[null,98558,"TRATAMENTO DE RALO OU PONTO EMERGENTE COM ARGAMASSA POLIMÉRICA / MEMBRANA ACRÍLICA REFORÇADO COM TELA DE POLIÉSTER (MAV). AF_09/2023","UN",9.01,98558,null,8.6300000000000008,9.01]
[null,98559,"TRATAMENTO DE RODAPÉ COM TELA DE POLIÉSTER. AF_09/2023","M",4.6900000000000004,98559,null,4.5199999999999996,4.6900000000000004]
[null,98546,"IMPERMEABILIZAÇÃO DE SUPERFÍCIE COM MANTA ASFÁLTICA, UMA CAMADA, INCLUSIVE APLICAÇÃO DE PRIMER ASFÁLTICO, E=4MM. AF_09/2023","M2",128.9,98546,null,126.28,128.9]
[null,98547,"IMPERMEABILIZAÇÃO DE SUPERFÍCIE COM MANTA ASFÁLTICA, DUAS CAMADAS, INCLUSIVE APLICAÇÃO DE PRIMER ASFÁLTICO, E=3MM E E=4MM. AF_09/2023","M2",211.18,98547,null,206.99,211.18]
[null,98553,"IMPERMEABILIZAÇÃO DE SUPERFÍCIE COM MEMBRANA À BASE DE POLIURETANO, 2 DEMÃOS. AF_09/2023","M2",171.49,98553,null,170.08,171.49]
[null,98554,"IMPERMEABILIZAÇÃO DE SUPERFÍCIE COM MEMBRANA À BASE DE RESINA ACRÍLICA, 3 DEMÃOS. AF_09/2023","M2",45.25,98554,null,43.65,45.25]
[null,98557,"IMPERMEABILIZAÇÃO DE SUPERFÍCIE COM EMULSÃO ASFÁLTICA, 2 DEMÃOS. AF_09/2023","M2",38.94,98557,null,37.74,38.94]
[null,98563,"PROTEÇÃO MECÂNICA DE SUPERFÍCIE HORIZONTAL COM ARGAMASSA DE CIMENTO E AREIA, TRAÇO 1:3, E=2CM. AF_09/2023","M2",39.22,98563,null,37.22,39.22]
[null,98564,"PROTEÇÃO MECÂNICA DE SUPERFÍCIE VERTICAL COM ARGAMASSA DE CIMENTO E AREIA, TRAÇO 1:3, E=2CM. AF_09/2023","M2",52.05,98564,null,49.86,52.05]
[null,98565,"PROTEÇÃO MECÂNICA DE SUPERFICIE HORIZONTAL COM ARGAMASSA DE CIMENTO E AREIA, TRAÇO 1:3, E=3CM. AF_09/2023","M2",55.66,98565,null,52.7,55.66]
[null,98566,"PROTEÇÃO MECÂNICA DE SUPERFÍCIE VERTICAL COM ARGAMASSA DE CIMENTO E AREIA, TRAÇO 1:3, E=3CM. AF_09/2023","M2",68.489999999999995,98566,null,65.34,68.489999999999995]
[null,98567,"PROTEÇÃO MECÂNICA DE SUPERFICIE HORIZONTAL COM ARGAMASSA DE CIMENTO E AREIA, TRAÇO 1:3, E=4CM. AF_09/2023","M2",71.19,98567,null,67.28,71.19]
[null,98568,"PROTEÇÃO MECÂNICA DE SUPERFÍCIE VERTICAL COM ARGAMASSA DE CIMENTO E AREIA, TRAÇO 1:3, E=4CM. AF_09/2023","M2",84.02,98568,null,79.930000000000007,84.02]
[null,98569,"PROTEÇÃO MECÂNICA DE SUPERFICIE HORIZONTAL COM ARGAMASSA DE CIMENTO E AREIA, TRAÇO 1:3, E=5CM. AF_09/2023","M2",87.64,98569,null,82.76,87.64]
[null,98570,"PROTEÇÃO MECÂNICA DE SUPERFÍCIE VERTICAL COM ARGAMASSA DE CIMENTO E AREIA, TRAÇO 1:3, E=5CM. AF_09/2023","M2",100.47,98570,null,95.41,100.47]
[null,98571,"PROTEÇÃO MECÂNICA DE SUPERFICIE HORIZONTAL COM CONCRETO 15 MPA, E=4CM. AF_09/2023","M2",{"$f":"IF($K$2=$H$1,H2947,I2947)","v":51.42},{"$f":"IF(LEN($B2947)=7,CONCATENATE(MID($B2947,1,6),\"00\",RIGHT($B2947,1)),IF(LEN($B2947)=8,CONCATENATE(MID($B2947,1,6),\"0\",RIGHT($B2947,2)),$B2947))","v":98571},null,49.34,51.42]
[null,98572,"PROTEÇÃO MECÂNICA DE SUPERFICIE HORIZONTAL COM CONCRETO 15 MPA, E=5CM. AF_09/2023","M2",63.04,98572,null,60.44,63.04]
[null,98573,"PROTEÇÃO MECÂNICA DE SUPERFÍCIE VERTICAL COM CONCRETO 15 MPA, E=5CM. AF_09/2023","M2",75.34,98573,null,72.61,75.34]
[null,91831,"ELETRODUTO FLEXÍVEL CORRUGADO, PVC, DN 20 MM (1/2\"), PARA CIRCUITOS TERMINAIS, INSTALADO EM FORRO - FORNECIMENTO E INSTALAÇÃO. AF_03/2023_PA","M",16.59,91831,null,15.51,16.59]
[null,91833,"ELETRODUTO FLEXÍVEL CORRUGADO REFORÇADO, PVC, DN 20 MM (1/2\"), PARA CIRCUITOS TERMINAIS, INSTALADO EM FORRO - FORNECIMENTO E INSTALAÇÃO. AF_03/2023_PA","M",17.18,91833,null,16.100000000000001,17.18]
[null,91834,"ELETRODUTO FLEXÍVEL CORRUGADO, PVC, DN 25 MM (3/4\"), PARA CIRCUITOS TERMINAIS, INSTALADO EM FORRO - FORNECIMENTO E INSTALAÇÃO. AF_03/2023_PA","M",17.34,91834,null,16.2,17.34]
[null,91835,"ELETRODUTO FLEXÍVEL CORRUGADO REFORÇADO, PVC, DN 25 MM (3/4\"), PARA CIRCUITOS TERMINAIS, INSTALADO EM FORRO - FORNECIMENTO E INSTALAÇÃO. AF_03/2023_PA","M",18.84,91835,null,17.7,18.84]
[null,91836,"ELETRODUTO FLEXÍVEL CORRUGADO, PVC, DN 32 MM (1\"), PARA CIRCUITOS TERMINAIS, INSTALADO EM FORRO - FORNECIMENTO E INSTALAÇÃO. AF_03/2023_PA","M",20.07,91836,null,18.850000000000001,20.07]
[null,91837,"ELETRODUTO FLEXÍVEL CORRUGADO REFORÇADO, PVC, DN 32 MM (1\"), PARA CIRCUITOS TERMINAIS, INSTALADO EM FORRO - FORNECIMENTO E INSTALAÇÃO. AF_03/2023_PA","M",23.57,91837,null,22.35,23.57]
[null,91839,"ELETRODUTO FLEXÍVEL LISO, PEAD, DN 32 MM (1\"), PARA CIRCUITOS TERMINAIS, INSTALADO EM FORRO - FORNECIMENTO E INSTALAÇÃO. AF_03/2023_PA","M",17.809999999999999,91839,null,16.59,17.809999999999999]
[null,91840,"ELETRODUTO FLEXÍVEL CORRUGADO, PEAD, DN 40 MM (1 1/4\"), PARA CIRCUITOS TERMINAIS, INSTALADO EM FORRO - FORNECIMENTO E INSTALAÇÃO. AF_03/2023_PA","M",20.05,91840,null,18.739999999999998,20.05]
[null,91841,"ELETRODUTO FLEXÍVEL LISO, PEAD, DN 40 MM (1 1/4\"), PARA CIRCUITOS TERMINAIS, INSTALADO EM FORRO - FORNECIMENTO E INSTALAÇÃO. AF_03/2023_PA","M",19.43,91841,null,18.12,19.43]
[null,91843,"ELETRODUTO FLEXÍVEL CORRUGADO REFORÇADO, PVC, DN 20 MM (1/2\"), PARA CIRCUITOS TERMINAIS, INSTALADO EM LAJE - FORNECIMENTO E INSTALAÇÃO. AF_03/2023","M",6.21,91843,null,5.91,6.21]
[null,91845,"ELETRODUTO FLEXÍVEL CORRUGADO REFORÇADO, PVC, DN 25 MM (3/4\"), PARA CIRCUITOS TERMINAIS, INSTALADO EM LAJE - FORNECIMENTO E INSTALAÇÃO. AF_03/2023","M",7.84,91845,null,7.49,7.84]
[null,91847,"ELETRODUTO FLEXÍVEL CORRUGADO REFORÇADO, PVC, DN 32 MM (1\"), PARA CIRCUITOS TERMINAIS, INSTALADO EM LAJE - FORNECIMENTO E INSTALAÇÃO. AF_03/2023","M",12.61,91847,null,12.19,12.61]
[null,91849,"ELETRODUTO FLEXÍVEL LISO, PEAD, DN 32 MM (1\"), PARA CIRCUITOS TERMINAIS, INSTALADO EM LAJE - FORNECIMENTO E INSTALAÇÃO. AF_03/2023","M",6.85,91849,null,6.43,6.85]
[null,91850,"ELETRODUTO FLEXÍVEL CORRUGADO, PEAD, DN 40 MM (1 1/4\"), PARA CIRCUITOS TERMINAIS, INSTALADO EM LAJE - FORNECIMENTO E INSTALAÇÃO. AF_03/2023","M",9.0500000000000007,91850,null,8.5299999999999994,9.0500000000000007]
[null,91851,"ELETRODUTO FLEXÍVEL LISO, PEAD, DN 40 MM (1 1/4\"), PARA CIRCUITOS TERMINAIS, INSTALADO EM LAJE - FORNECIMENTO E INSTALAÇÃO. AF_03/2023","M",8.43,91851,null,7.91,8.43]
[null,91852,"ELETRODUTO FLEXÍVEL CORRUGADO, PVC, DN 20 MM (1/2\"), PARA CIRCUITOS TERMINAIS, INSTALADO EM PAREDE - FORNECIMENTO E INSTALAÇÃO. AF_03/2023","M",8.4600000000000009,91852,null,7.85,8.4600000000000009]
[null,91853,"ELETRODUTO FLEXÍVEL CORRUGADO REFORÇADO, PVC, DN 20 MM (1/2\"), PARA CIRCUITOS TERMINAIS, INSTALADO EM PAREDE - FORNECIMENTO E INSTALAÇÃO. AF_03/2023","M",9,91853,null,8.39,9]
[null,91854,"ELETRODUTO FLEXÍVEL CORRUGADO, PVC, DN 25 MM (3/4\"), PARA CIRCUITOS TERMINAIS, INSTALADO EM PAREDE - FORNECIMENTO E INSTALAÇÃO. AF_03/2023","M",9.15,91854,null,8.48,9.15]
[null,91855,"ELETRODUTO FLEXÍVEL CORRUGADO REFORÇADO, PVC, DN 25 MM (3/4\"), PARA CIRCUITOS TERMINAIS, INSTALADO EM PAREDE - FORNECIMENTO E INSTALAÇÃO. AF_03/2023","M",10.54,91855,null,9.8699999999999992,10.54]
[null,91856,"ELETRODUTO FLEXÍVEL CORRUGADO, PVC, DN 32 MM (1\"), PARA CIRCUITOS TERMINAIS, INSTALADO EM PAREDE - FORNECIMENTO E INSTALAÇÃO. AF_03/2023","M",11.77,91856,null,11.02,11.77]
[null,91857,"ELETRODUTO FLEXÍVEL CORRUGADO REFORÇADO, PVC, DN 32 MM (1\"), PARA CIRCUITOS TERMINAIS, INSTALADO EM PAREDE - FORNECIMENTO E INSTALAÇÃO. AF_03/2023","M",15,91857,null,14.25,15]
[null,91859,"ELETRODUTO FLEXÍVEL LISO, PEAD, DN 32 MM (1\"), PARA CIRCUITOS TERMINAIS, INSTALADO EM PAREDE - FORNECIMENTO E INSTALAÇÃO. AF_03/2023","M",9.68,91859,null,8.93,9.68]
[null,91860,"ELETRODUTO FLEXÍVEL CORRUGADO, PEAD, DN 40 MM (1 1/4\"), PARA CIRCUITOS TERMINAIS, INSTALADO EM PAREDE - FORNECIMENTO E INSTALAÇÃO. AF_03/2023","M",11.76,91860,null,10.94,11.76]
[null,91861,"ELETRODUTO FLEXÍVEL LISO, PEAD, DN 40 MM (1 1/4\"), PARA CIRCUITOS TERMINAIS, INSTALADO EM PAREDE - FORNECIMENTO E INSTALAÇÃO. AF_03/2023","M",11.19,91861,null,10.37,11.19]
[null,91862,"ELETRODUTO RÍGIDO ROSCÁVEL, PVC, DN 20 MM (1/2\"), PARA CIRCUITOS TERMINAIS, INSTALADO EM FORRO - FORNECIMENTO E INSTALAÇÃO. AF_03/2023","M",9.14,91862,null,8.61,9.14]
[null,91863,"ELETRODUTO RÍGIDO ROSCÁVEL, PVC, DN 25 MM (3/4\"), PARA CIRCUITOS TERMINAIS, INSTALADO EM FORRO - FORNECIMENTO E INSTALAÇÃO. AF_03/2023","M",10.81,91863,null,10.220000000000001,10.81]
[null,91864,"ELETRODUTO RÍGIDO ROSCÁVEL, PVC, DN 32 MM (1\"), PARA CIRCUITOS TERMINAIS, INSTALADO EM FORRO - FORNECIMENTO E INSTALAÇÃO. AF_03/2023","M",14.62,91864,null,13.92,14.62]
[null,91865,"ELETRODUTO RÍGIDO ROSCÁVEL, PVC, DN 40 MM (1 1/4\"), PARA CIRCUITOS TERMINAIS, INSTALADO EM FORRO - FORNECIMENTO E INSTALAÇÃO. AF_03/2023","M",18.350000000000001,91865,null,17.54,18.350000000000001]
[null,91866,"ELETRODUTO RÍGIDO ROSCÁVEL, PVC, DN 20 MM (1/2\"), PARA CIRCUITOS TERMINAIS, INSTALADO EM LAJE - FORNECIMENTO E INSTALAÇÃO. AF_03/2023","M",7.95,91866,null,7.56,7.95]
[null,91867,"ELETRODUTO RÍGIDO ROSCÁVEL, PVC, DN 25 MM (3/4\"), PARA CIRCUITOS TERMINAIS, INSTALADO EM LAJE - FORNECIMENTO E INSTALAÇÃO. AF_03/2023","M",9.6300000000000008,91867,null,9.16,9.6300000000000008]
[null,91868,"ELETRODUTO RÍGIDO ROSCÁVEL, PVC, DN 32 MM (1\"), PARA CIRCUITOS TERMINAIS, INSTALADO EM LAJE - FORNECIMENTO E INSTALAÇÃO. AF_03/2023","M",13.45,91868,null,12.88,13.45]
[null,91869,"ELETRODUTO RÍGIDO ROSCÁVEL, PVC, DN 40 MM (1 1/4\"), PARA CIRCUITOS TERMINAIS, INSTALADO EM LAJE - FORNECIMENTO E INSTALAÇÃO. AF_03/2023","M",17.13,91869,null,16.46,17.13]
[null,91870,"ELETRODUTO RÍGIDO ROSCÁVEL, PVC, DN 20 MM (1/2\"), PARA CIRCUITOS TERMINAIS, INSTALADO EM PAREDE - FORNECIMENTO E INSTALAÇÃO. AF_03/2023","M",11.95,91870,null,11.15,11.95]
[null,91871,"ELETRODUTO RÍGIDO ROSCÁVEL, PVC, DN 25 MM (3/4\"), PARA CIRCUITOS TERMINAIS, INSTALADO EM PAREDE - FORNECIMENTO E INSTALAÇÃO. AF_03/2023","M",13.63,91871,null,12.75,13.63]
[null,91872,"ELETRODUTO RÍGIDO ROSCÁVEL, PVC, DN 32 MM (1\"), PARA CIRCUITOS TERMINAIS, INSTALADO EM PAREDE - FORNECIMENTO E INSTALAÇÃO. AF_03/2023","M",17.440000000000001,91872,null,16.46,17.440000000000001]
[null,91873,"ELETRODUTO RÍGIDO ROSCÁVEL, PVC, DN 40 MM (1 1/4\"), PARA CIRCUITOS TERMINAIS, INSTALADO EM PAREDE - FORNECIMENTO E INSTALAÇÃO. AF_03/2023","M",21.12,91873,null,20.03,21.12]
[null,93008,"ELETRODUTO RÍGIDO ROSCÁVEL, PVC, DN 50 MM (1 1/2\"), PARA REDE ENTERRADA DE DISTRIBUIÇÃO DE ENERGIA ELÉTRICA - FORNECIMENTO E INSTALAÇÃO. AF_12/2021","M",17.91,93008,null,17.34,17.91]
[null,93009,"ELETRODUTO RÍGIDO ROSCÁVEL, PVC, DN 60 MM (2\"), PARA REDE ENTERRADA DE DISTRIBUIÇÃO DE ENERGIA ELÉTRICA - FORNECIMENTO E INSTALAÇÃO. AF_12/2021","M",26.64,93009,null,26,26.64]
[null,93010,"ELETRODUTO RÍGIDO ROSCÁVEL, PVC, DN 75 MM (2 1/2\"), PARA REDE ENTERRADA DE DISTRIBUIÇÃO DE ENERGIA ELÉTRICA - FORNECIMENTO E INSTALAÇÃO. AF_12/2021","M",37.21,93010,null,36.450000000000003,37.21]
[null,93011,"ELETRODUTO RÍGIDO ROSCÁVEL, PVC, DN 85 MM (3\"), PARA REDE ENTERRADA DE DISTRIBUIÇÃO DE ENERGIA ELÉTRICA - FORNECIMENTO E INSTALAÇÃO. AF_12/2021","M",45.57,93011,null,44.72,45.57]
[null,93012,"ELETRODUTO RÍGIDO ROSCÁVEL, PVC, DN 110 MM (4\"), PARA REDE ENTERRADA DE DISTRIBUIÇÃO DE ENERGIA ELÉTRICA - FORNECIMENTO E INSTALAÇÃO. AF_12/2021","M",69.069999999999993,93012,null,68.010000000000005,69.069999999999993]
[null,95726,"ELETRODUTO RÍGIDO SOLDÁVEL, PVC, DN 20 MM (1/2\"), APARENTE - FORNECIMENTO E INSTALAÇÃO. AF_10/2022_PA","M",15.6,95726,null,14.59,15.6]
[null,95727,"ELETRODUTO RÍGIDO SOLDÁVEL, PVC, DN 25 MM (3/4\"), APARENTE - FORNECIMENTO E INSTALAÇÃO. AF_10/2022_PA","M",19.04,95727,null,17.75,19.04]
[null,95728,"ELETRODUTO RÍGIDO SOLDÁVEL, PVC, DN 32 MM (1\"), APARENTE - FORNECIMENTO E INSTALAÇÃO. AF_10/2022_PA","M",24.64,95728,null,22.94,24.64]
[null,97667,"ELETRODUTO FLEXÍVEL CORRUGADO, PEAD, DN 50 (1 1/2\"), PARA REDE ENTERRADA DE DISTRIBUIÇÃO DE ENERGIA ELÉTRICA - FORNECIMENTO E INSTALAÇÃO. AF_12/2021","M",7.85,97667,null,7.51,7.85]
[null,97668,"ELETRODUTO FLEXÍVEL CORRUGADO, PEAD, DN 63 (2\"), PARA REDE ENTERRADA DE DISTRIBUIÇÃO DE ENERGIA ELÉTRICA - FORNECIMENTO E INSTALAÇÃO. AF_12/2021","M",11.19,97668,null,10.71,11.19]
[null,97669,"ELETRODUTO FLEXÍVEL CORRUGADO, PEAD, DN 90 (3\"), PARA REDE ENTERRADA DE DISTRIBUIÇÃO DE ENERGIA ELÉTRICA - FORNECIMENTO E INSTALAÇÃO. AF_12/2021","M",16.579999999999998,97669,null,15.82,16.579999999999998]
[null,97670,"ELETRODUTO FLEXÍVEL CORRUGADO, PEAD, DN 100 (4\"), PARA REDE ENTERRADA DE DISTRIBUIÇÃO DE ENERGIA ELÉTRICA - FORNECIMENTO E INSTALAÇÃO. AF_12/2021","M",21.24,97670,null,20.38,21.24]
[null,91874,"LUVA PARA ELETRODUTO, PVC, ROSCÁVEL, DN 20 MM (1/2\"), PARA CIRCUITOS TERMINAIS, INSTALADA EM FORRO - FORNECIMENTO E INSTALAÇÃO. AF_03/2023","UN",6.76,91874,null,6.16,6.76]
[null,91875,"LUVA PARA ELETRODUTO, PVC, ROSCÁVEL, DN 25 MM (3/4\"), PARA CIRCUITOS TERMINAIS, INSTALADA EM FORRO - FORNECIMENTO E INSTALAÇÃO. AF_03/2023","UN",7.96,91875,null,7.28,7.96]
[null,91876,"LUVA PARA ELETRODUTO, PVC, ROSCÁVEL, DN 32 MM (1\"), PARA CIRCUITOS TERMINAIS, INSTALADA EM FORRO - FORNECIMENTO E INSTALAÇÃO. AF_03/2023","UN",9.6,91876,null,8.81,9.6]
[null,91877,"LUVA PARA ELETRODUTO, PVC, ROSCÁVEL, DN 40 MM (1 1/4\"), PARA CIRCUITOS TERMINAIS, INSTALADA EM FORRO - FORNECIMENTO E INSTALAÇÃO. AF_03/2023","UN",11.89,91877,null,10.96,11.89]
[null,91878,"LUVA PARA ELETRODUTO, PVC, ROSCÁVEL, DN 20 MM (1/2\"), PARA CIRCUITOS TERMINAIS, INSTALADA EM LAJE - FORNECIMENTO E INSTALAÇÃO. AF_03/2023","UN",5.36,91878,null,4.8899999999999997,5.36]
[null,91879,"LUVA PARA ELETRODUTO, PVC, ROSCÁVEL, DN 25 MM (3/4\"), PARA CIRCUITOS TERMINAIS, INSTALADA EM LAJE - FORNECIMENTO E INSTALAÇÃO. AF_03/2023","UN",6.56,91879,null,6.01,6.56]
[null,91880,"LUVA PARA ELETRODUTO, PVC, ROSCÁVEL, DN 32 MM (1\"), PARA CIRCUITOS TERMINAIS, INSTALADA EM LAJE - FORNECIMENTO E INSTALAÇÃO. AF_03/2023","UN",8.19,91880,null,7.54,8.19]
[null,91881,"LUVA PARA ELETRODUTO, PVC, ROSCÁVEL, DN 40 MM (1 1/4\"), PARA CIRCUITOS TERMINAIS, INSTALADA EM LAJE - FORNECIMENTO E INSTALAÇÃO. AF_03/2023","UN",10.47,91881,null,9.69,10.47]
[null,91882,"LUVA PARA ELETRODUTO, PVC, ROSCÁVEL, DN 20 MM (1/2\"), PARA CIRCUITOS TERMINAIS, INSTALADA EM PAREDE - FORNECIMENTO E INSTALAÇÃO. AF_03/2023","UN",9.68,91882,null,8.7899999999999991,9.68]
[null,91884,"LUVA PARA ELETRODUTO, PVC, ROSCÁVEL, DN 25 MM (3/4\"), PARA CIRCUITOS TERMINAIS, INSTALADA EM PAREDE - FORNECIMENTO E INSTALAÇÃO. AF_03/2023","UN",10.88,91884,null,9.9,10.88]
[null,91885,"LUVA PARA ELETRODUTO, PVC, ROSCÁVEL, DN 32 MM (1\"), PARA CIRCUITOS TERMINAIS, INSTALADA EM PAREDE - FORNECIMENTO E INSTALAÇÃO. AF_03/2023","UN",12.47,91885,null,11.38,12.47]
[null,91886,"LUVA PARA ELETRODUTO, PVC, ROSCÁVEL, DN 40 MM (1 1/4\"), PARA CIRCUITOS TERMINAIS, INSTALADA EM PAREDE - FORNECIMENTO E INSTALAÇÃO. AF_03/2023","UN",14.7,91886,null,13.49,14.7]
[null,91887,"CURVA 90 GRAUS PARA ELETRODUTO, PVC, ROSCÁVEL, DN 20 MM (1/2\"), PARA CIRCUITOS TERMINAIS, INSTALADA EM FORRO - FORNECIMENTO E INSTALAÇÃO. AF_03/2023","UN",11.83,91887,null,10.92,11.83]
[null,91889,"CURVA 180 GRAUS PARA ELETRODUTO, PVC, ROSCÁVEL, DN 20 MM (1/2\"), PARA CIRCUITOS TERMINAIS, INSTALADA EM FORRO - FORNECIMENTO E INSTALAÇÃO. AF_03/2023","UN",{"$f":"IF($K$2=$H$1,H3011,I3011)","v":11.5},{"$f":"IF(LEN($B3011)=7,CONCATENATE(MID($B3011,1,6),\"00\",RIGHT($B3011,1)),IF(LEN($B3011)=8,CONCATENATE(MID($B3011,1,6),\"0\",RIGHT($B3011,2)),$B3011))","v":91889},null,10.59,11.5]
[null,91890,"CURVA 90 GRAUS PARA ELETRODUTO, PVC, ROSCÁVEL, DN 25 MM (3/4\"), PARA CIRCUITOS TERMINAIS, INSTALADA EM FORRO - FORNECIMENTO E INSTALAÇÃO. AF_03/2023","UN",13.04,91890,null,12.01,13.04]
[null,91892,"CURVA 180 GRAUS PARA ELETRODUTO, PVC, ROSCÁVEL, DN 25 MM (3/4\"), PARA CIRCUITOS TERMINAIS, INSTALADA EM FORRO - FORNECIMENTO E INSTALAÇÃO. AF_03/2023","UN",15.2,91892,null,14.17,15.2]
[null,91893,"CURVA 90 GRAUS PARA ELETRODUTO, PVC, ROSCÁVEL, DN 32 MM (1\"), PARA CIRCUITOS TERMINAIS, INSTALADA EM FORRO - FORNECIMENTO E INSTALAÇÃO. AF_03/2023","UN",16.260000000000002,91893,null,15.06,16.260000000000002]
[null,91895,"CURVA 180 GRAUS PARA ELETRODUTO, PVC, ROSCÁVEL, DN 32 MM (1\"), PARA CIRCUITOS TERMINAIS, INSTALADA EM FORRO - FORNECIMENTO E INSTALAÇÃO. AF_03/2023","UN",18.46,91895,null,17.260000000000002,18.46]
[null,91896,"CURVA 90 GRAUS PARA ELETRODUTO, PVC, ROSCÁVEL, DN 40 MM (1 1/4\"), PARA CIRCUITOS TERMINAIS, INSTALADA EM FORRO - FORNECIMENTO E INSTALAÇÃO. AF_03/2023","UN",18.690000000000001,91896,null,17.3,18.690000000000001]
[null,91898,"CURVA 180 GRAUS PARA ELETRODUTO, PVC, ROSCÁVEL, DN 40 MM (1 1/4\"), PARA CIRCUITOS TERMINAIS, INSTALADA EM FORRO - FORNECIMENTO E INSTALAÇÃO. AF_03/2023","UN",21.04,91898,null,19.649999999999999,21.04]
[null,91899,"CURVA 90 GRAUS PARA ELETRODUTO, PVC, ROSCÁVEL, DN 20 MM (1/2\"), PARA CIRCUITOS TERMINAIS, INSTALADA EM LAJE - FORNECIMENTO E INSTALAÇÃO. AF_03/2023","UN",9.6999999999999993,91899,null,9,9.6999999999999993]
[null,91901,"CURVA 180 GRAUS PARA ELETRODUTO, PVC, ROSCÁVEL, DN 20 MM (1/2\"), PARA CIRCUITOS TERMINAIS, INSTALADA EM LAJE - FORNECIMENTO E INSTALAÇÃO. AF_03/2023","UN",9.3699999999999992,91901,null,8.67,9.3699999999999992]
[null,91902,"CURVA 90 GRAUS PARA ELETRODUTO, PVC, ROSCÁVEL, DN 25 MM (3/4\"), PARA CIRCUITOS TERMINAIS, INSTALADA EM LAJE - FORNECIMENTO E INSTALAÇÃO. AF_03/2023","UN",10.9,91902,null,10.09,10.9]
[null,91904,"CURVA 180 GRAUS PARA ELETRODUTO, PVC, ROSCÁVEL, DN 25 MM (3/4\"), PARA CIRCUITOS TERMINAIS, INSTALADA EM LAJE - FORNECIMENTO E INSTALAÇÃO. AF_03/2023","UN",13.06,91904,null,12.25,13.06]
[null,91905,"CURVA 90 GRAUS PARA ELETRODUTO, PVC, ROSCÁVEL, DN 32 MM (1\"), PARA CIRCUITOS TERMINAIS, INSTALADA EM LAJE - FORNECIMENTO E INSTALAÇÃO. AF_03/2023","UN",14.11,91905,null,13.14,14.11]
[null,91907,"CURVA 180 GRAUS PARA ELETRODUTO, PVC, ROSCÁVEL, DN 32 MM (1\"), PARA CIRCUITOS TERMINAIS, INSTALADA EM LAJE - FORNECIMENTO E INSTALAÇÃO. AF_03/2023","UN",16.309999999999999,91907,null,15.34,16.309999999999999]
[null,91908,"CURVA 90 GRAUS PARA ELETRODUTO, PVC, ROSCÁVEL, DN 40 MM (1 1/4\"), PARA CIRCUITOS TERMINAIS, INSTALADA EM LAJE - FORNECIMENTO E INSTALAÇÃO. AF_03/2023","UN",16.600000000000001,91908,null,15.43,16.600000000000001]
[null,91910,"CURVA 180 GRAUS PARA ELETRODUTO, PVC, ROSCÁVEL, DN 40 MM (1 1/4\"), PARA CIRCUITOS TERMINAIS, INSTALADA EM LAJE - FORNECIMENTO E INSTALAÇÃO. AF_03/2023","UN",18.95,91910,null,17.78,18.95]
[null,91911,"CURVA 90 GRAUS PARA ELETRODUTO, PVC, ROSCÁVEL, DN 20 MM (1/2\"), PARA CIRCUITOS TERMINAIS, INSTALADA EM PAREDE - FORNECIMENTO E INSTALAÇÃO. AF_03/2023","UN",16.21,91911,null,14.86,16.21]
[null,91913,"CURVA 180 GRAUS PARA ELETRODUTO, PVC, ROSCÁVEL, DN 20 MM (1/2\"), PARA CIRCUITOS TERMINAIS, INSTALADA EM PAREDE - FORNECIMENTO E INSTALAÇÃO. AF_03/2023","UN",15.88,91913,null,14.53,15.88]
[null,91914,"CURVA 90 GRAUS PARA ELETRODUTO, PVC, ROSCÁVEL, DN 25 MM (3/4\"), PARA CIRCUITOS TERMINAIS, INSTALADA EM PAREDE - FORNECIMENTO E INSTALAÇÃO. AF_03/2023","UN",17.37,91914,null,15.9,17.37]
[null,91916,"CURVA 180 GRAUS PARA ELETRODUTO, PVC, ROSCÁVEL, DN 25 MM (3/4\"), PARA CIRCUITOS TERMINAIS, INSTALADA EM PAREDE - FORNECIMENTO E INSTALAÇÃO. AF_03/2023","UN",19.53,91916,null,18.059999999999999,19.53]
[null,91917,"CURVA 90 GRAUS PARA ELETRODUTO, PVC, ROSCÁVEL, DN 32 MM (1\"), PARA CIRCUITOS TERMINAIS, INSTALADA EM PAREDE - FORNECIMENTO E INSTALAÇÃO. AF_03/2023","UN",20.54,91917,null,18.899999999999999,20.54]
[null,91919,"CURVA 180 GRAUS PARA ELETRODUTO, PVC, ROSCÁVEL, DN 32 MM (1\"), PARA CIRCUITOS TERMINAIS, INSTALADA EM PAREDE - FORNECIMENTO E INSTALAÇÃO. AF_03/2023","UN",22.74,91919,null,21.1,22.74]
[null,91920,"CURVA 90 GRAUS PARA ELETRODUTO, PVC, ROSCÁVEL, DN 40 MM (1 1/4\"), PARA CIRCUITOS TERMINAIS, INSTALADA EM PAREDE - FORNECIMENTO E INSTALAÇÃO. AF_03/2023","UN",22.92,91920,null,21.1,22.92]
[null,91922,"CURVA 180 GRAUS PARA ELETRODUTO, PVC, ROSCÁVEL, DN 40 MM (1 1/4\"), PARA CIRCUITOS TERMINAIS, INSTALADA EM PAREDE - FORNECIMENTO E INSTALAÇÃO. AF_03/2023","UN",25.27,91922,null,23.45,25.27]
[null,93013,"LUVA PARA ELETRODUTO, PVC, ROSCÁVEL, DN 50 MM (1 1/2\"), PARA REDE ENTERRADA DE DISTRIBUIÇÃO DE ENERGIA ELÉTRICA - FORNECIMENTO E INSTALAÇÃO. AF_12/2021","UN",14.81,93013,null,13.69,14.81]
[null,93014,"LUVA PARA ELETRODUTO, PVC, ROSCÁVEL, DN 60 MM (2\"), PARA REDE ENTERRADA DE DISTRIBUIÇÃO DE ENERGIA ELÉTRICA - FORNECIMENTO E INSTALAÇÃO. AF_12/2021","UN",18.2,93014,null,16.91,18.2]
[null,93015,"LUVA PARA ELETRODUTO, PVC, ROSCÁVEL, DN 75 MM (2 1/2\"), PARA REDE ENTERRADA DE DISTRIBUIÇÃO DE ENERGIA ELÉTRICA - FORNECIMENTO E INSTALAÇÃO. AF_12/2021","UN",27.59,93015,null,26.06,27.59]
[null,93016,"LUVA PARA ELETRODUTO, PVC, ROSCÁVEL, DN 85 MM (3\"), PARA REDE ENTERRADA DE DISTRIBUIÇÃO DE ENERGIA ELÉTRICA - FORNECIMENTO E INSTALAÇÃO. AF_12/2021","UN",33.54,93016,null,31.83,33.54]
[null,93017,"LUVA PARA ELETRODUTO, PVC, ROSCÁVEL, DN 110 MM (4\"), PARA REDE ENTERRADA DE DISTRIBUIÇÃO DE ENERGIA ELÉTRICA - FORNECIMENTO E INSTALAÇÃO. AF_12/2021","UN",50.43,93017,null,48.31,50.43]
[null,93018,"CURVA 90 GRAUS PARA ELETRODUTO, PVC, ROSCÁVEL, DN 50 MM (1 1/2\"), PARA REDE ENTERRADA DE DISTRIBUIÇÃO DE ENERGIA ELÉTRICA - FORNECIMENTO E INSTALAÇÃO. AF_12/2021","UN",22.62,93018,null,20.95,22.62]
[null,93020,"CURVA 90 GRAUS PARA ELETRODUTO, PVC, ROSCÁVEL, DN 60 MM (2\"), PARA REDE ENTERRADA DE DISTRIBUIÇÃO DE ENERGIA ELÉTRICA - FORNECIMENTO E INSTALAÇÃO. AF_12/2021","UN",29,93020,null,27.07,29]
[null,93022,"CURVA 90 GRAUS PARA ELETRODUTO, PVC, ROSCÁVEL, DN 75 MM (2 1/2\"), PARA REDE ENTERRADA DE DISTRIBUIÇÃO DE ENERGIA ELÉTRICA - FORNECIMENTO E INSTALAÇÃO. AF_12/2021","UN",48.48,93022,null,46.18,48.48]
[null,93024,"CURVA 90 GRAUS PARA ELETRODUTO, PVC, ROSCÁVEL, DN 85 MM (3\"), PARA REDE ENTERRADA DE DISTRIBUIÇÃO DE ENERGIA ELÉTRICA - FORNECIMENTO E INSTALAÇÃO. AF_12/2021","UN",50.97,93024,null,48.42,50.97]
[null,93026,"CURVA 90 GRAUS PARA ELETRODUTO, PVC, ROSCÁVEL, DN 110 MM (4\"), PARA REDE ENTERRADA DE DISTRIBUIÇÃO DE ENERGIA ELÉTRICA - FORNECIMENTO E INSTALAÇÃO. AF_12/2021","UN",83.37,93026,null,80.180000000000007,83.37]
[null,97559,"CURVA 135 GRAUS PARA ELETRODUTO, PVC, ROSCÁVEL, DN 25 MM (3/4\"), PARA CIRCUITOS TERMINAIS, INSTALADA EM FORRO - FORNECIMENTO E INSTALAÇÃO. AF_03/2023","UN",12.8,97559,null,11.77,12.8]
[null,97562,"CURVA 135 GRAUS PARA ELETRODUTO, PVC, ROSCÁVEL, DN 25 MM (3/4\"), PARA CIRCUITOS TERMINAIS, INSTALADA EM LAJE - FORNECIMENTO E INSTALAÇÃO. AF_03/2023","UN",10.66,97562,null,9.85,10.66]
[null,97564,"CURVA 135 GRAUS PARA ELETRODUTO, PVC, ROSCÁVEL, DN 25 MM (3/4\"), PARA CIRCUITOS TERMINAIS, INSTALADA EM PAREDE - FORNECIMENTO E INSTALAÇÃO. AF_03/2023","UN",17.13,97564,null,15.66,17.13]
[null,104395,"CONDULETE DE PVC, TIPO E, PARA ELETRODUTO DE PVC SOLDÁVEL DN 20 MM (1/2''), APARENTE - FORNECIMENTO E INSTALAÇÃO. AF_10/2022","UN",21.2,104395,null,20.12,21.2]
[null,91924,"CABO DE COBRE FLEXÍVEL ISOLADO, 1,5 MM², ANTI-CHAMA 450/750 V, PARA CIRCUITOS TERMINAIS - FORNECIMENTO E INSTALAÇÃO. AF_03/2023","M",3.07,91924,null,2.95,3.07]
[null,91925,"CABO DE COBRE FLEXÍVEL ISOLADO, 1,5 MM², ANTI-CHAMA 0,6/1,0 KV, PARA CIRCUITOS TERMINAIS - FORNECIMENTO E INSTALAÇÃO. AF_03/2023","M",3.74,91925,null,3.62,3.74]
[null,91926,"CABO DE COBRE FLEXÍVEL ISOLADO, 2,5 MM², ANTI-CHAMA 450/750 V, PARA CIRCUITOS TERMINAIS - FORNECIMENTO E INSTALAÇÃO. AF_03/2023","M",4.49,91926,null,4.3499999999999996,4.49]
[null,91927,"CABO DE COBRE FLEXÍVEL ISOLADO, 2,5 MM², ANTI-CHAMA 0,6/1,0 KV, PARA CIRCUITOS TERMINAIS - FORNECIMENTO E INSTALAÇÃO. AF_03/2023","M",5.07,91927,null,4.93,5.07]
[null,91928,"CABO DE COBRE FLEXÍVEL ISOLADO, 4 MM², ANTI-CHAMA 450/750 V, PARA CIRCUITOS TERMINAIS - FORNECIMENTO E INSTALAÇÃO. AF_03/2023","M",7,91928,null,6.81,7]
[null,91929,"CABO DE COBRE FLEXÍVEL ISOLADO, 4 MM², ANTI-CHAMA 0,6/1,0 KV, PARA CIRCUITOS TERMINAIS - FORNECIMENTO E INSTALAÇÃO. AF_03/2023","M",7.5,91929,null,7.31,7.5]
[null,91930,"CABO DE COBRE FLEXÍVEL ISOLADO, 6 MM², ANTI-CHAMA 450/750 V, PARA CIRCUITOS TERMINAIS - FORNECIMENTO E INSTALAÇÃO. AF_03/2023","M",9.7899999999999991,91930,null,9.5299999999999994,9.7899999999999991]
[null,91931,"CABO DE COBRE FLEXÍVEL ISOLADO, 6 MM², ANTI-CHAMA 0,6/1,0 KV, PARA CIRCUITOS TERMINAIS - FORNECIMENTO E INSTALAÇÃO. AF_03/2023","M",10.61,91931,null,10.35,10.61]
[null,91932,"CABO DE COBRE FLEXÍVEL ISOLADO, 10 MM², ANTI-CHAMA 450/750 V, PARA CIRCUITOS TERMINAIS - FORNECIMENTO E INSTALAÇÃO. AF_03/2023","M",17.649999999999999,91932,null,17.28,17.649999999999999]
[null,91933,"CABO DE COBRE FLEXÍVEL ISOLADO, 10 MM², ANTI-CHAMA 0,6/1,0 KV, PARA CIRCUITOS TERMINAIS - FORNECIMENTO E INSTALAÇÃO. AF_03/2023","M",17.010000000000002,91933,null,16.64,17.010000000000002]
[null,91934,"CABO DE COBRE FLEXÍVEL ISOLADO, 16 MM², ANTI-CHAMA 450/750 V, PARA CIRCUITOS TERMINAIS - FORNECIMENTO E INSTALAÇÃO. AF_03/2023","M",25.48,91934,null,24.91,25.48]
[null,91935,"CABO DE COBRE FLEXÍVEL ISOLADO, 16 MM², ANTI-CHAMA 0,6/1,0 KV, PARA CIRCUITOS TERMINAIS - FORNECIMENTO E INSTALAÇÃO. AF_03/2023","M",26.74,91935,null,26.17,26.74]
[null,92979,"CABO DE COBRE FLEXÍVEL ISOLADO, 10 MM², ANTI-CHAMA 450/750 V, PARA DISTRIBUIÇÃO - FORNECIMENTO E INSTALAÇÃO. AF_10/2020","M",11.98,92979,null,11.93,11.98]
[null,92980,"CABO DE COBRE FLEXÍVEL ISOLADO, 10 MM², ANTI-CHAMA 0,6/1,0 KV, PARA DISTRIBUIÇÃO - FORNECIMENTO E INSTALAÇÃO. AF_10/2020","M",11.44,92980,null,11.39,11.44]
[null,92981,"CABO DE COBRE FLEXÍVEL ISOLADO, 16 MM², ANTI-CHAMA 450/750 V, PARA DISTRIBUIÇÃO - FORNECIMENTO E INSTALAÇÃO. AF_10/2020","M",17.100000000000001,92981,null,17.04,17.100000000000001]
[null,92982,"CABO DE COBRE FLEXÍVEL ISOLADO, 16 MM², ANTI-CHAMA 0,6/1,0 KV, PARA DISTRIBUIÇÃO - FORNECIMENTO E INSTALAÇÃO. AF_10/2020","M",18.13,92982,null,18.07,18.13]
[null,92984,"CABO DE COBRE FLEXÍVEL ISOLADO, 25 MM², ANTI-CHAMA 0,6/1,0 KV, PARA REDE ENTERRADA DE DISTRIBUIÇÃO DE ENERGIA ELÉTRICA - FORNECIMENTO E INSTALAÇÃO. AF_12/2021","M",29.77,92984,null,29.47,29.77]
[null,92986,"CABO DE COBRE FLEXÍVEL ISOLADO, 35 MM², ANTI-CHAMA 0,6/1,0 KV, PARA REDE ENTERRADA DE DISTRIBUIÇÃO DE ENERGIA ELÉTRICA - FORNECIMENTO E INSTALAÇÃO. AF_12/2021","M",41.26,92986,null,40.909999999999997,41.26]
[null,92988,"CABO DE COBRE FLEXÍVEL ISOLADO, 50 MM², ANTI-CHAMA 0,6/1,0 KV, PARA REDE ENTERRADA DE DISTRIBUIÇÃO DE ENERGIA ELÉTRICA - FORNECIMENTO E INSTALAÇÃO. AF_12/2021","M",60.03,92988,null,59.62,60.03]
[null,92990,"CABO DE COBRE FLEXÍVEL ISOLADO, 70 MM², ANTI-CHAMA 0,6/1,0 KV, PARA REDE ENTERRADA DE DISTRIBUIÇÃO DE ENERGIA ELÉTRICA - FORNECIMENTO E INSTALAÇÃO. AF_12/2021","M",83.22,92990,null,82.72,83.22]
[null,92992,"CABO DE COBRE FLEXÍVEL ISOLADO, 95 MM², ANTI-CHAMA 0,6/1,0 KV, PARA REDE ENTERRADA DE DISTRIBUIÇÃO DE ENERGIA ELÉTRICA - FORNECIMENTO E INSTALAÇÃO. AF_12/2021","M",107.66,92992,null,107.05,107.66]
[null,92994,"CABO DE COBRE FLEXÍVEL ISOLADO, 120 MM², ANTI-CHAMA 0,6/1,0 KV, PARA REDE ENTERRADA DE DISTRIBUIÇÃO DE ENERGIA ELÉTRICA - FORNECIMENTO E INSTALAÇÃO. AF_12/2021","M",140.02000000000001,92994,null,139.30000000000001,140.02000000000001]
[null,92996,"CABO DE COBRE FLEXÍVEL ISOLADO, 150 MM², ANTI-CHAMA 0,6/1,0 KV, PARA REDE ENTERRADA DE DISTRIBUIÇÃO DE ENERGIA ELÉTRICA - FORNECIMENTO E INSTALAÇÃO. AF_12/2021","M",169.44,92996,null,168.59,169.44]
[null,92998,"CABO DE COBRE FLEXÍVEL ISOLADO, 185 MM², ANTI-CHAMA 0,6/1,0 KV, PARA REDE ENTERRADA DE DISTRIBUIÇÃO DE ENERGIA ELÉTRICA - FORNECIMENTO E INSTALAÇÃO. AF_12/2021","M",207.72,92998,null,206.71,207.72]
[null,93000,"CABO DE COBRE FLEXÍVEL ISOLADO, 240 MM², ANTI-CHAMA 0,6/1,0 KV, PARA REDE ENTERRADA DE DISTRIBUIÇÃO DE ENERGIA ELÉTRICA - FORNECIMENTO E INSTALAÇÃO. AF_12/2021","M",275.14999999999998,93000,null,273.89,275.14999999999998]
[null,93002,"CABO DE COBRE FLEXÍVEL ISOLADO, 300 MM², ANTI-CHAMA 0,6/1,0 KV, PARA REDE ENTERRADA DE DISTRIBUIÇÃO DE ENERGIA ELÉTRICA - FORNECIMENTO E INSTALAÇÃO. AF_12/2021","M",355.95,93002,null,354.43,355.95]
[null,101884,"CABO DE COBRE ISOLADO, 10 MM², ANTI-CHAMA 450/750 V, INSTALADO EM ELETROCALHA OU PERFILADO - FORNECIMENTO E INSTALAÇÃO. AF_10/2020","M",11.73,101884,null,11.71,11.73]
[null,101885,"CABO DE COBRE ISOLADO, 10 MM², ANTI-CHAMA 0,6/1 KV, INSTALADO EM ELETROCALHA OU PERFILADO - FORNECIMENTO E INSTALAÇÃO. AF_10/2020","M",{"$f":"IF($K$2=$H$1,H3075,I3075)","v":11.19},{"$f":"IF(LEN($B3075)=7,CONCATENATE(MID($B3075,1,6),\"00\",RIGHT($B3075,1)),IF(LEN($B3075)=8,CONCATENATE(MID($B3075,1,6),\"0\",RIGHT($B3075,2)),$B3075))","v":101885},null,11.17,11.19]
[null,101886,"CABO DE COBRE ISOLADO, 16 MM², ANTI-CHAMA 450/750 V, INSTALADO EM ELETROCALHA OU PERFILADO - FORNECIMENTO E INSTALAÇÃO. AF_10/2020","M",16.809999999999999,101886,null,16.78,16.809999999999999]
[null,101887,"CABO DE COBRE ISOLADO, 16 MM², ANTI-CHAMA 0,6/1 KV, INSTALADO EM ELETROCALHA OU PERFILADO - FORNECIMENTO E INSTALAÇÃO. AF_10/2020","M",17.84,101887,null,17.809999999999999,17.84]
[null,101888,"CABO DE COBRE ISOLADO, 25 MM², ANTI-CHAMA 450/750 V, INSTALADO EM ELETROCALHA OU PERFILADO - FORNECIMENTO E INSTALAÇÃO. AF_10/2020","M",26.36,101888,null,26.3,26.36]
[null,101889,"CABO DE COBRE ISOLADO, 25 MM², ANTI-CHAMA 0,6/1 KV, INSTALADO EM ELETROCALHA OU PERFILADO - FORNECIMENTO E INSTALAÇÃO. AF_10/2020","M",27.71,101889,null,27.65,27.71]
[null,91936,"CAIXA OCTOGONAL 4\" X 4\", PVC, INSTALADA EM LAJE - FORNECIMENTO E INSTALAÇÃO. AF_03/2023","UN",17.55,91936,null,16.45,17.55]
[null,91937,"CAIXA OCTOGONAL 3\" X 3\", PVC, INSTALADA EM LAJE - FORNECIMENTO E INSTALAÇÃO. AF_03/2023","UN",15.47,91937,null,14.37,15.47]
[null,91939,"CAIXA RETANGULAR 4\" X 2\" ALTA (2,00 M DO PISO), PVC, INSTALADA EM PAREDE - FORNECIMENTO E INSTALAÇÃO. AF_03/2023","UN",30.04,91939,null,27.28,30.04]
[null,91940,"CAIXA RETANGULAR 4\" X 2\" MÉDIA (1,30 M DO PISO), PVC, INSTALADA EM PAREDE - FORNECIMENTO E INSTALAÇÃO. AF_03/2023","UN",17.45,91940,null,15.97,17.45]
[null,91941,"CAIXA RETANGULAR 4\" X 2\" BAIXA (0,30 M DO PISO), PVC, INSTALADA EM PAREDE - FORNECIMENTO E INSTALAÇÃO. AF_03/2023","UN",11.27,91941,null,10.43,11.27]
[null,91942,"CAIXA RETANGULAR 4\" X 4\" ALTA (2,00 M DO PISO), PVC, INSTALADA EM PAREDE - FORNECIMENTO E INSTALAÇÃO. AF_03/2023","UN",33.78,91942,null,30.92,33.78]
[null,91943,"CAIXA RETANGULAR 4\" X 4\" MÉDIA (1,30 M DO PISO), PVC, INSTALADA EM PAREDE - FORNECIMENTO E INSTALAÇÃO. AF_03/2023","UN",20.74,91943,null,19.22,20.74]
[null,91944,"CAIXA RETANGULAR 4\" X 4\" BAIXA (0,30 M DO PISO), PVC, INSTALADA EM PAREDE - FORNECIMENTO E INSTALAÇÃO. AF_03/2023","UN",14.32,91944,null,13.46,14.32]
[null,92865,"CAIXA OCTOGONAL 4\" X 4\", METÁLICA, INSTALADA EM LAJE - FORNECIMENTO E INSTALAÇÃO. AF_03/2023","UN",14.73,92865,null,13.63,14.73]
[null,92866,"CAIXA SEXTAVADA 3\" X 3\", METÁLICA, INSTALADA EM LAJE - FORNECIMENTO E INSTALAÇÃO. AF_03/2023","UN",12.59,92866,null,11.49,12.59]
[null,92867,"CAIXA RETANGULAR 4\" X 2\" ALTA (2,00 M DO PISO), METÁLICA, INSTALADA EM PAREDE - FORNECIMENTO E INSTALAÇÃO. AF_03/2023","UN",29.29,92867,null,26.53,29.29]
[null,92868,"CAIXA RETANGULAR 4\" X 2\" MÉDIA (1,30 M DO PISO), METÁLICA, INSTALADA EM PAREDE - FORNECIMENTO E INSTALAÇÃO. AF_03/2023","UN",16.7,92868,null,15.22,16.7]
[null,92869,"CAIXA RETANGULAR 4\" X 2\" BAIXA (0,30 M DO PISO), METÁLICA, INSTALADA EM PAREDE - FORNECIMENTO E INSTALAÇÃO. AF_03/2023","UN",10.52,92869,null,9.68,10.52]
[null,92870,"CAIXA RETANGULAR 4\" X 4\" ALTA (2,00 M DO PISO), METÁLICA, INSTALADA EM PAREDE - FORNECIMENTO E INSTALAÇÃO. AF_03/2023","UN",32.53,92870,null,29.67,32.53]
[null,92871,"CAIXA RETANGULAR 4\" X 4\" MÉDIA (1,30 M DO PISO), METÁLICA, INSTALADA EM PAREDE - FORNECIMENTO E INSTALAÇÃO. AF_03/2023","UN",19.489999999999998,92871,null,17.97,19.489999999999998]
[null,92872,"CAIXA RETANGULAR 4\" X 4\" BAIXA (0,30 M DO PISO), METÁLICA, INSTALADA EM PAREDE - FORNECIMENTO E INSTALAÇÃO. AF_03/2023","UN",13.07,92872,null,12.21,13.07]
[null,95777,"CONDULETE DE ALUMÍNIO, TIPO B, PARA ELETRODUTO DE AÇO GALVANIZADO DN 20 MM (3/4''), APARENTE - FORNECIMENTO E INSTALAÇÃO. AF_10/2022","UN",24.39,95777,null,23.25,24.39]
[null,95778,"CONDULETE DE ALUMÍNIO, TIPO C, PARA ELETRODUTO DE AÇO GALVANIZADO DN 20 MM (3/4''), APARENTE - FORNECIMENTO E INSTALAÇÃO. AF_10/2022","UN",27.24,95778,null,25.89,27.24]
[null,95779,"CONDULETE DE ALUMÍNIO, TIPO E, PARA ELETRODUTO DE AÇO GALVANIZADO DN 20 MM (3/4''), APARENTE - FORNECIMENTO E INSTALAÇÃO. AF_10/2022","UN",22.57,95779,null,21.43,22.57]
[null,95780,"CONDULETE DE ALUMÍNIO, TIPO B, PARA ELETRODUTO DE AÇO GALVANIZADO DN 25 MM (1''), APARENTE - FORNECIMENTO E INSTALAÇÃO. AF_10/2022","UN",29.23,95780,null,27.96,29.23]
[null,95781,"CONDULETE DE ALUMÍNIO, TIPO C, PARA ELETRODUTO DE AÇO GALVANIZADO DN 25 MM (1''), APARENTE - FORNECIMENTO E INSTALAÇÃO. AF_10/2022","UN",33.1,95781,null,31.5,33.1]
[null,95782,"CONDULETE DE ALUMÍNIO, TIPO E, ELETRODUTO DE AÇO GALVANIZADO DN 25 MM (1''), APARENTE - FORNECIMENTO E INSTALAÇÃO. AF_10/2022","UN",31.32,95782,null,30.05,31.32]
[null,95785,"CONDULETE DE ALUMÍNIO, TIPO E, PARA ELETRODUTO DE AÇO GALVANIZADO DN 32 MM (1 1/4''), APARENTE - FORNECIMENTO E INSTALAÇÃO. AF_10/2022","UN",37.24,95785,null,35.799999999999997,37.24]
[null,95787,"CONDULETE DE ALUMÍNIO, TIPO LR, PARA ELETRODUTO DE AÇO GALVANIZADO DN 20 MM (3/4''), APARENTE - FORNECIMENTO E INSTALAÇÃO. AF_10/2022","UN",27.08,95787,null,25.51,27.08]
[null,95789,"CONDULETE DE ALUMÍNIO, TIPO LR, PARA ELETRODUTO DE AÇO GALVANIZADO DN 25 MM (1''), APARENTE - FORNECIMENTO E INSTALAÇÃO. AF_10/2022","UN",37.29,95789,null,35.340000000000003,37.29]
[null,95791,"CONDULETE DE ALUMÍNIO, TIPO LR, PARA ELETRODUTO DE AÇO GALVANIZADO DN 32 MM (1 1/4''), APARENTE - FORNECIMENTO E INSTALAÇÃO. AF_10/2022","UN",52.27,95791,null,49.8,52.27]
[null,95795,"CONDULETE DE ALUMÍNIO, TIPO T, PARA ELETRODUTO DE AÇO GALVANIZADO DN 20 MM (3/4''), APARENTE - FORNECIMENTO E INSTALAÇÃO. AF_10/2022","UN",30.92,95795,null,29.14,30.92]
[null,95796,"CONDULETE DE ALUMÍNIO, TIPO T, PARA ELETRODUTO DE AÇO GALVANIZADO DN 25 MM (1''), APARENTE - FORNECIMENTO E INSTALAÇÃO. AF_10/2022","UN",43.85,95796,null,41.57,43.85]
[null,95797,"CONDULETE DE ALUMÍNIO, TIPO T, PARA ELETRODUTO DE AÇO GALVANIZADO DN 32 MM (1 1/4''), APARENTE - FORNECIMENTO E INSTALAÇÃO. AF_10/2022","UN",60.98,95797,null,58.01,60.98]
[null,95801,"CONDULETE DE ALUMÍNIO, TIPO X, PARA ELETRODUTO DE AÇO GALVANIZADO DN 20 MM (3/4''), APARENTE - FORNECIMENTO E INSTALAÇÃO. AF_10/2022","UN",37.24,95801,null,35.24,37.24]
[null,95802,"CONDULETE DE ALUMÍNIO, TIPO X, PARA ELETRODUTO DE AÇO GALVANIZADO DN 25 MM (1''), APARENTE - FORNECIMENTO E INSTALAÇÃO. AF_10/2022","UN",46.22,95802,null,43.61,46.22]
[null,95803,"CONDULETE DE ALUMÍNIO, TIPO X, PARA ELETRODUTO DE AÇO GALVANIZADO DN 32 MM (1 1/4''), APARENTE - FORNECIMENTO E INSTALAÇÃO. AF_10/2022","UN",67.790000000000006,95803,null,64.31,67.790000000000006]
[null,95804,"CONDULETE DE PVC, TIPO B, PARA ELETRODUTO DE PVC SOLDÁVEL DN 20 MM (1/2''), APARENTE - FORNECIMENTO E INSTALAÇÃO. AF_10/2022","UN",21.7,95804,null,20.62,21.7]
[null,95805,"CONDULETE DE PVC, TIPO B, PARA ELETRODUTO DE PVC SOLDÁVEL DN 25 MM (3/4''), APARENTE - FORNECIMENTO E INSTALAÇÃO. AF_10/2022","UN",22.91,95805,null,21.72,22.91]
[null,95806,"CONDULETE DE PVC, TIPO B, PARA ELETRODUTO DE PVC SOLDÁVEL DN 32 MM (1''), APARENTE - FORNECIMENTO E INSTALAÇÃO. AF_10/2022","UN",25.12,95806,null,23.75,25.12]
[null,95807,"CONDULETE DE PVC, TIPO LL, PARA ELETRODUTO DE PVC SOLDÁVEL DN 20 MM (1/2''), APARENTE - FORNECIMENTO E INSTALAÇÃO. AF_10/2022","UN",25.49,95807,null,24.14,25.49]
[null,95808,"CONDULETE DE PVC, TIPO LL, PARA ELETRODUTO DE PVC SOLDÁVEL DN 25 MM (3/4''), APARENTE - FORNECIMENTO E INSTALAÇÃO. AF_10/2022","UN",29.12,95808,null,27.41,29.12]
[null,95809,"CONDULETE DE PVC, TIPO LL, PARA ELETRODUTO DE PVC SOLDÁVEL DN 32 MM (1''), APARENTE - FORNECIMENTO E INSTALAÇÃO. AF_10/2022","UN",36.200000000000003,95809,null,33.97,36.200000000000003]
[null,95810,"CONDULETE DE PVC, TIPO LB, PARA ELETRODUTO DE PVC SOLDÁVEL DN 20 MM (1/2''), APARENTE - FORNECIMENTO E INSTALAÇÃO. AF_10/2022","UN",16.09,95810,null,15.68,16.09]
[null,95811,"CONDULETE DE PVC, TIPO LB, PARA ELETRODUTO DE PVC SOLDÁVEL DN 25 MM (3/4''), APARENTE - FORNECIMENTO E INSTALAÇÃO. AF_10/2022","UN",19.72,95811,null,18.940000000000001,19.72]
[null,95812,"CONDULETE DE PVC, TIPO LB, PARA ELETRODUTO DE PVC SOLDÁVEL DN 32 MM (1''), APARENTE - FORNECIMENTO E INSTALAÇÃO. AF_10/2022","UN",26.8,95812,null,25.5,26.8]
[null,95813,"CONDULETE DE PVC, TIPO TB, PARA ELETRODUTO DE PVC SOLDÁVEL DN 20 MM (1/2''), APARENTE - FORNECIMENTO E INSTALAÇÃO. AF_10/2022","UN",18.670000000000002,95813,null,18.12,18.670000000000002]
[null,95814,"CONDULETE DE PVC, TIPO TB, PARA ELETRODUTO DE PVC SOLDÁVEL DN 25 MM (3/4''), APARENTE - FORNECIMENTO E INSTALAÇÃO. AF_10/2022","UN",23.52,95814,null,22.47,23.52]
[null,95815,"CONDULETE DE PVC, TIPO TB, PARA ELETRODUTO DE PVC SOLDÁVEL DN 32 MM (1''), APARENTE - FORNECIMENTO E INSTALAÇÃO. AF_10/2022","UN",34.56,95815,null,32.82,34.56]
[null,95816,"CONDULETE DE PVC, TIPO X, PARA ELETRODUTO DE PVC SOLDÁVEL DN 20 MM (1/2''), APARENTE - FORNECIMENTO E INSTALAÇÃO. AF_10/2022","UN",30.92,95816,null,29.3,30.92]
[null,95817,"CONDULETE DE PVC, TIPO X, PARA ELETRODUTO DE PVC SOLDÁVEL DN 25 MM (3/4\"), APARENTE - FORNECIMENTO E INSTALAÇÃO. AF_10/2022","UN",36.479999999999997,95817,null,34.25,36.479999999999997]
[null,95818,"CONDULETE DE PVC, TIPO X, PARA ELETRODUTO DE PVC SOLDÁVEL DN 32 MM (1''), APARENTE - FORNECIMENTO E INSTALAÇÃO. AF_10/2022","UN",50.71,95818,null,47.61,50.71]
[null,97881,"CAIXA ENTERRADA ELÉTRICA RETANGULAR, EM CONCRETO PRÉ-MOLDADO, FUNDO COM BRITA, DIMENSÕES INTERNAS: 0,3X0,3X0,3 M. AF_12/2020","UN",143,97881,null,140.46,143]
[null,97882,"CAIXA ENTERRADA ELÉTRICA RETANGULAR, EM CONCRETO PRÉ-MOLDADO, FUNDO COM BRITA, DIMENSÕES INTERNAS: 0,4X0,4X0,4 M. AF_12/2020","UN",225.93,97882,null,222.3,225.93]
[null,97883,"CAIXA ENTERRADA ELÉTRICA RETANGULAR, EM CONCRETO PRÉ-MOLDADO, FUNDO COM BRITA, DIMENSÕES INTERNAS: 0,6X0,6X0,5 M. AF_12/2020","UN",436.49,97883,null,430.21,436.49]
[null,97884,"CAIXA ENTERRADA ELÉTRICA RETANGULAR, EM CONCRETO PRÉ-MOLDADO, FUNDO COM BRITA, DIMENSÕES INTERNAS: 0,8X0,8X0,5 M. AF_12/2020","UN",856.64,97884,null,846.11,856.64]
[null,97885,"CAIXA ENTERRADA ELÉTRICA RETANGULAR, EM CONCRETO PRÉ-MOLDADO, FUNDO COM BRITA, DIMENSÕES INTERNAS: 1X1X0,5 M. AF_12/2020","UN",1320.21,97885,null,1306,1320.21]
[null,97886,"CAIXA ENTERRADA ELÉTRICA RETANGULAR, EM ALVENARIA COM TIJOLOS CERÂMICOS MACIÇOS, FUNDO COM BRITA, DIMENSÕES INTERNAS: 0,3X0,3X0,3 M. AF_12/2020","UN",171.96,97886,null,162.5,171.96]
[null,97887,"CAIXA ENTERRADA ELÉTRICA RETANGULAR, EM ALVENARIA COM TIJOLOS CERÂMICOS MACIÇOS, FUNDO COM BRITA, DIMENSÕES INTERNAS: 0,4X0,4X0,4 M. AF_12/2020","UN",270.57,97887,null,255.75,270.57]
[null,97888,"CAIXA ENTERRADA ELÉTRICA RETANGULAR, EM ALVENARIA COM TIJOLOS CERÂMICOS MACIÇOS, FUNDO COM BRITA, DIMENSÕES INTERNAS: 0,6X0,6X0,6 M. AF_12/2020","UN",523.41,97888,null,495.74,523.41]
[null,97889,"CAIXA ENTERRADA ELÉTRICA RETANGULAR, EM ALVENARIA COM TIJOLOS CERÂMICOS MACIÇOS, FUNDO COM BRITA, DIMENSÕES INTERNAS: 0,8X0,8X0,6 M. AF_12/2020","UN",710.1,97889,null,672.53,710.1]
[null,97890,"CAIXA ENTERRADA ELÉTRICA RETANGULAR, EM ALVENARIA COM TIJOLOS CERÂMICOS MACIÇOS, FUNDO COM BRITA, DIMENSÕES INTERNAS: 1X1X0,6 M. AF_12/2020","UN",817.05,97890,null,778.71,817.05]
[null,97891,"CAIXA ENTERRADA ELÉTRICA RETANGULAR, EM ALVENARIA COM BLOCOS DE CONCRETO, FUNDO COM BRITA, DIMENSÕES INTERNAS: 0,4X0,4X0,4 M. AF_12/2020","UN",209.32,97891,null,197.77,209.32]
[null,97892,"CAIXA ENTERRADA ELÉTRICA RETANGULAR, EM ALVENARIA COM BLOCOS DE CONCRETO, FUNDO COM BRITA, DIMENSÕES INTERNAS: 0,6X0,6X0,6 M. AF_12/2020","UN",393.94,97892,null,373.2,393.94]
[null,97893,"CAIXA ENTERRADA ELÉTRICA RETANGULAR, EM ALVENARIA COM BLOCOS DE CONCRETO, FUNDO COM BRITA, DIMENSÕES INTERNAS: 0,8X0,8X0,6 M. AF_12/2020","UN",{"$f":"IF($K$2=$H$1,H3139,I3139)","v":544.96},{"$f":"IF(LEN($B3139)=7,CONCATENATE(MID($B3139,1,6),\"00\",RIGHT($B3139,1)),IF(LEN($B3139)=8,CONCATENATE(MID($B3139,1,6),\"0\",RIGHT($B3139,2)),$B3139))","v":97893},null,516.21,544.96]
[null,97894,"CAIXA ENTERRADA ELÉTRICA RETANGULAR, EM ALVENARIA COM BLOCOS DE CONCRETO, FUNDO COM BRITA, DIMENSÕES INTERNAS: 1X1X0,6 M. AF_12/2020","UN",616.95000000000005,97894,null,589.30999999999995,616.95000000000005]
[null,104396,"CONDULETE DE PVC, TIPO E, PARA ELETRODUTO DE PVC SOLDÁVEL DN 25 MM (3/4''), APARENTE - FORNECIMENTO E INSTALAÇÃO. AF_10/2022","UN",21.57,104396,null,20.38,21.57]
[null,104397,"CONDULETE DE PVC, TIPO E, PARA ELETRODUTO DE PVC SOLDÁVEL DN 32 MM (1''), APARENTE - FORNECIMENTO E INSTALAÇÃO. AF_10/2022","UN",25.76,104397,null,24.39,25.76]
[null,104398,"CONDULETE DE PVC, TIPO LR, PARA ELETRODUTO DE PVC SOLDÁVEL DN 20 MM (1/2''), APARENTE - FORNECIMENTO E INSTALAÇÃO. AF_10/2022","UN",25.48,104398,null,24.13,25.48]
[null,104399,"CONDULETE DE PVC, TIPO LR, PARA ELETRODUTO DE PVC SOLDÁVEL DN 25 MM (3/4''), APARENTE - FORNECIMENTO E INSTALAÇÃO. AF_10/2022","UN",27.77,104399,null,26.06,27.77]
[null,104400,"CONDULETE DE PVC, TIPO LR, PARA ELETRODUTO DE PVC SOLDÁVEL DN 32 MM (1''), APARENTE - FORNECIMENTO E INSTALAÇÃO. AF_10/2022","UN",35.619999999999997,104400,null,33.39,35.619999999999997]
[null,104401,"CONDULETE DE PVC, TIPO C, PARA ELETRODUTO DE PVC SOLDÁVEL DN 20 MM (1/2''), APARENTE - FORNECIMENTO E INSTALAÇÃO. AF_10/2022","UN",24.14,104401,null,22.94,24.14]
[null,104402,"CONDULETE DE PVC, TIPO C, PARA ELETRODUTO DE PVC SOLDÁVEL DN 25 MM (3/4''), APARENTE - FORNECIMENTO E INSTALAÇÃO. AF_10/2022","UN",25.23,104402,null,23.77,25.23]
[null,104403,"CONDULETE DE PVC, TIPO C, PARA ELETRODUTO DE PVC SOLDÁVEL DN 32 MM (1''), APARENTE - FORNECIMENTO E INSTALAÇÃO. AF_10/2022","UN",31.38,104403,null,29.57,31.38]
[null,104404,"CONDULETE DE PVC, TIPO T, PARA ELETRODUTO DE PVC SOLDÁVEL DN 25 MM (3/4''), APARENTE - FORNECIMENTO E INSTALAÇÃO. AF_10/2022","UN",32.5,104404,null,30.52,32.5]
[null,104405,"CONDULETE DE PVC, TIPO T, PARA ELETRODUTO DE PVC SOLDÁVEL DN 32 MM (1''), APARENTE - FORNECIMENTO E INSTALAÇÃO. AF_10/2022","UN",43.96,104405,null,41.29,43.96]
[null,93653,"DISJUNTOR MONOPOLAR TIPO DIN, CORRENTE NOMINAL DE 10A - FORNECIMENTO E INSTALAÇÃO. AF_10/2020","UN",12.36,93653,null,12.19,12.36]
[null,93654,"DISJUNTOR MONOPOLAR TIPO DIN, CORRENTE NOMINAL DE 16A - FORNECIMENTO E INSTALAÇÃO. AF_10/2020","UN",12.96,93654,null,12.73,12.96]
[null,93655,"DISJUNTOR MONOPOLAR TIPO DIN, CORRENTE NOMINAL DE 20A - FORNECIMENTO E INSTALAÇÃO. AF_10/2020","UN",14.25,93655,null,13.93,14.25]
[null,93656,"DISJUNTOR MONOPOLAR TIPO DIN, CORRENTE NOMINAL DE 25A - FORNECIMENTO E INSTALAÇÃO. AF_10/2020","UN",14.25,93656,null,13.93,14.25]
[null,93657,"DISJUNTOR MONOPOLAR TIPO DIN, CORRENTE NOMINAL DE 32A - FORNECIMENTO E INSTALAÇÃO. AF_10/2020","UN",15.78,93657,null,15.32,15.78]
[null,93658,"DISJUNTOR MONOPOLAR TIPO DIN, CORRENTE NOMINAL DE 40A - FORNECIMENTO E INSTALAÇÃO. AF_10/2020","UN",22.62,93658,null,21.95,22.62]
[null,93659,"DISJUNTOR MONOPOLAR TIPO DIN, CORRENTE NOMINAL DE 50A - FORNECIMENTO E INSTALAÇÃO. AF_10/2020","UN",25.64,93659,null,24.7,25.64]
[null,93660,"DISJUNTOR BIPOLAR TIPO DIN, CORRENTE NOMINAL DE 10A - FORNECIMENTO E INSTALAÇÃO. AF_10/2020","UN",59.88,93660,null,59.53,59.88]
[null,93661,"DISJUNTOR BIPOLAR TIPO DIN, CORRENTE NOMINAL DE 16A - FORNECIMENTO E INSTALAÇÃO. AF_10/2020","UN",61.09,93661,null,60.62,61.09]
[null,93662,"DISJUNTOR BIPOLAR TIPO DIN, CORRENTE NOMINAL DE 20A - FORNECIMENTO E INSTALAÇÃO. AF_10/2020","UN",63.66,93662,null,63.01,63.66]
[null,93663,"DISJUNTOR BIPOLAR TIPO DIN, CORRENTE NOMINAL DE 25A - FORNECIMENTO E INSTALAÇÃO. AF_10/2020","UN",63.66,93663,null,63.01,63.66]
[null,93664,"DISJUNTOR BIPOLAR TIPO DIN, CORRENTE NOMINAL DE 32A - FORNECIMENTO E INSTALAÇÃO. AF_10/2020","UN",66.709999999999994,93664,null,65.8,66.709999999999994]
[null,93665,"DISJUNTOR BIPOLAR TIPO DIN, CORRENTE NOMINAL DE 40A - FORNECIMENTO E INSTALAÇÃO. AF_10/2020","UN",70.489999999999995,93665,null,69.14,70.489999999999995]
[null,93666,"DISJUNTOR BIPOLAR TIPO DIN, CORRENTE NOMINAL DE 50A - FORNECIMENTO E INSTALAÇÃO. AF_10/2020","UN",76.510000000000005,93666,null,74.63,76.510000000000005]
[null,93667,"DISJUNTOR TRIPOLAR TIPO DIN, CORRENTE NOMINAL DE 10A - FORNECIMENTO E INSTALAÇÃO. AF_10/2020","UN",74.989999999999995,93667,null,74.459999999999994,74.989999999999995]
[null,93668,"DISJUNTOR TRIPOLAR TIPO DIN, CORRENTE NOMINAL DE 16A - FORNECIMENTO E INSTALAÇÃO. AF_10/2020","UN",76.8,93668,null,76.099999999999994,76.8]
[null,93669,"DISJUNTOR TRIPOLAR TIPO DIN, CORRENTE NOMINAL DE 20A - FORNECIMENTO E INSTALAÇÃO. AF_10/2020","UN",80.67,93669,null,79.680000000000007,80.67]
[null,93670,"DISJUNTOR TRIPOLAR TIPO DIN, CORRENTE NOMINAL DE 25A - FORNECIMENTO E INSTALAÇÃO. AF_10/2020","UN",80.67,93670,null,79.680000000000007,80.67]
[null,93671,"DISJUNTOR TRIPOLAR TIPO DIN, CORRENTE NOMINAL DE 32A - FORNECIMENTO E INSTALAÇÃO. AF_10/2020","UN",85.23,93671,null,83.86,85.23]
[null,93672,"DISJUNTOR TRIPOLAR TIPO DIN, CORRENTE NOMINAL DE 40A - FORNECIMENTO E INSTALAÇÃO. AF_10/2020","UN",92.14,93672,null,90.12,92.14]
[null,93673,"DISJUNTOR TRIPOLAR TIPO DIN, CORRENTE NOMINAL DE 50A - FORNECIMENTO E INSTALAÇÃO. AF_10/2020","UN",101.19,93673,null,98.36,101.19]
[null,97359,"QUADRO DE MEDIÇÃO GERAL DE ENERGIA COM 8 MEDIDORES - FORNECIMENTO E INSTALAÇÃO. AF_10/2020","UN",3861.33,97359,null,3843.1,3861.33]
[null,97360,"QUADRO DE MEDIÇÃO GERAL DE ENERGIA COM 12 MEDIDORES - FORNECIMENTO E INSTALAÇÃO. AF_10/2020","UN",7449.5,97360,null,7422.17,7449.5]
[null,97361,"QUADRO DE MEDIÇÃO GERAL DE ENERGIA COM 16 MEDIDORES - FORNECIMENTO E INSTALAÇÃO. AF_10/2020","UN",9932.68,97361,null,9896.2199999999993,9932.68]
[null,97362,"QUADRO DE MEDIÇÃO GERAL DE ENERGIA PARA BARRAMENTO BLINDADO COM 4 MEDIDORES - FORNECIMENTO E INSTALAÇÃO. AF_10/2020","UN",2124.81,97362,null,2120.58,2124.81]
[null,101875,"QUADRO DE DISTRIBUIÇÃO DE ENERGIA EM CHAPA DE AÇO GALVANIZADO, DE EMBUTIR, COM BARRAMENTO TRIFÁSICO, PARA 12 DISJUNTORES DIN 100A - FORNECIMENTO E INSTALAÇÃO. AF_10/2020","UN",454.19,101875,null,451.53,454.19]
[null,101876,"QUADRO DE DISTRIBUIÇÃO DE ENERGIA EM PVC, DE EMBUTIR, SEM BARRAMENTO, PARA 6 DISJUNTORES - FORNECIMENTO E INSTALAÇÃO. AF_10/2020","UN",85.74,101876,null,84.02,85.74]
[null,101877,"QUADRO DE DISTRIBUIÇÃO DE ENERGIA EM PVC, DE EMBUTIR, SEM BARRAMENTO, PARA 3 DISJUNTORES - FORNECIMENTO E INSTALAÇÃO. AF_10/2020","UN",58.86,101877,null,57.33,58.86]
[null,101878,"QUADRO DE DISTRIBUIÇÃO DE ENERGIA EM CHAPA DE AÇO GALVANIZADO, DE SOBREPOR, COM BARRAMENTO TRIFÁSICO, PARA 18 DISJUNTORES DIN 100A - FORNECIMENTO E INSTALAÇÃO. AF_10/2020","UN",621.61,101878,null,614.02,621.61]
[null,101879,"QUADRO DE DISTRIBUIÇÃO DE ENERGIA EM CHAPA DE AÇO GALVANIZADO, DE EMBUTIR, COM BARRAMENTO TRIFÁSICO, PARA 24 DISJUNTORES DIN 100A - FORNECIMENTO E INSTALAÇÃO. AF_10/2020","UN",658.34,101879,null,655.36,658.34]
[null,101880,"QUADRO DE DISTRIBUIÇÃO DE ENERGIA EM CHAPA DE AÇO GALVANIZADO, DE EMBUTIR, COM BARRAMENTO TRIFÁSICO, PARA 30 DISJUNTORES DIN 150A - FORNECIMENTO E INSTALAÇÃO. AF_10/2020","UN",757.99,101880,null,754.42,757.99]
[null,101881,"QUADRO DE DISTRIBUIÇÃO DE ENERGIA EM CHAPA DE AÇO GALVANIZADO, DE EMBUTIR, COM BARRAMENTO TRIFÁSICO, PARA 40 DISJUNTORES DIN 100A - FORNECIMENTO E INSTALAÇÃO. AF_10/2020","UN",1091.19,101881,null,1087.5899999999999,1091.19]
[null,101882,"QUADRO DE DISTRIBUIÇÃO DE ENERGIA EM CHAPA DE AÇO GALVANIZADO, DE EMBUTIR, COM BARRAMENTO TRIFÁSICO, PARA 30 DISJUNTORES DIN 225A - FORNECIMENTO E INSTALAÇÃO. AF_10/2020","UN",1550.5,101882,null,1546.91,1550.5]
[null,101883,"QUADRO DE DISTRIBUIÇÃO DE ENERGIA EM CHAPA DE AÇO GALVANIZADO, DE EMBUTIR, COM BARRAMENTO TRIFÁSICO, PARA 18 DISJUNTORES DIN 100A - FORNECIMENTO E INSTALAÇÃO. AF_10/2020","UN",627.44000000000005,101883,null,624.48,627.44000000000005]
[null,101890,"DISJUNTOR MONOPOLAR TIPO NEMA, CORRENTE NOMINAL DE 10 ATÉ 30A - FORNECIMENTO E INSTALAÇÃO. AF_10/2020","UN",17.03,101890,null,16.71,17.03]
[null,101891,"DISJUNTOR MONOPOLAR TIPO NEMA, CORRENTE NOMINAL DE 35 ATÉ 50A - FORNECIMENTO E INSTALAÇÃO. AF_10/2020","UN",29.11,101891,null,28.44,29.11]
[null,101892,"DISJUNTOR BIPOLAR TIPO NEMA, CORRENTE NOMINAL DE 10 ATÉ 50A - FORNECIMENTO E INSTALAÇÃO. AF_10/2020","UN",75.33,101892,null,74.680000000000007,75.33]
[null,101893,"DISJUNTOR TRIPOLAR TIPO NEMA, CORRENTE NOMINAL DE 10 ATÉ 50A - FORNECIMENTO E INSTALAÇÃO. AF_10/2020","UN",96.41,101893,null,95.42,96.41]
[null,101894,"DISJUNTOR TRIPOLAR TIPO NEMA, CORRENTE NOMINAL DE 60 ATÉ 100A - FORNECIMENTO E INSTALAÇÃO. AF_10/2020","UN",163.75,101894,null,159.84,163.75]
[null,101895,"DISJUNTOR TERMOMAGNÉTICO TRIPOLAR , CORRENTE NOMINAL DE 125A - FORNECIMENTO E INSTALAÇÃO. AF_10/2020","UN",445.33,101895,null,438.74,445.33]
[null,101896,"DISJUNTOR TERMOMAGNÉTICO TRIPOLAR , CORRENTE NOMINAL DE 200A - FORNECIMENTO E INSTALAÇÃO. AF_10/2020","UN",669.76,101896,null,663.17,669.76]
[null,101897,"DISJUNTOR TERMOMAGNÉTICO TRIPOLAR , CORRENTE NOMINAL DE 250A - FORNECIMENTO E INSTALAÇÃO. AF_10/2020","UN",1069.8800000000001,101897,null,1063.29,1069.8800000000001]
[null,101898,"DISJUNTOR TERMOMAGNÉTICO TRIPOLAR , CORRENTE NOMINAL DE 400A - FORNECIMENTO E INSTALAÇÃO. AF_10/2020","UN",1429.35,101898,null,1422.76,1429.35]
[null,101899,"DISJUNTOR TERMOMAGNÉTICO TRIPOLAR , CORRENTE NOMINAL DE 600A - FORNECIMENTO E INSTALAÇÃO. AF_10/2020","UN",2284.39,101899,null,2277.8000000000002,2284.39]
[null,101900,"DISJUNTOR BAIXA TENSÃO TRIPOLAR A SECO  800A/600V - FORNECIMENTO E INSTALAÇÃO. AF_10/2020","UN",4760.96,101900,null,4754.37,4760.96]
[null,101901,"CONTATOR TRIPOLAR I NOMINAL 12A - FORNECIMENTO E INSTALAÇÃO. AF_10/2020","UN",158.4,101901,null,157.69999999999999,158.4]
[null,101902,"CONTATOR TRIPOLAR I NOMINAL 22A - FORNECIMENTO E INSTALAÇÃO. AF_10/2020","UN",195.69,101902,null,194.7,195.69]
[null,101903,"CONTATOR TRIPOLAR I NOMINAL 38A - FORNECIMENTO E INSTALAÇÃO. AF_10/2020","UN",407.63,101903,null,405.61,407.63]
[null,101904,"CONTATOR TRIPOLAR I NOMIMAL 95A - FORNECIMENTO E INSTALAÇÃO. AF_10/2020","UN",1500.04,101904,null,1496.13,1500.04]
[null,101938,"CAIXA DE PROTEÇÃO PARA MEDIDOR MONOFÁSICO DE EMBUTIR - FORNECIMENTO E INSTALAÇÃO. AF_10/2020","UN",115.34,101938,null,113.18,115.34]
[null,101946,"QUADRO DE MEDIÇÃO GERAL DE ENERGIA PARA 1 MEDIDOR DE SOBREPOR - FORNECIMENTO E INSTALAÇÃO. AF_10/2020","UN",164.43,101946,null,156.84,164.43]
[null,91945,"SUPORTE PARAFUSADO COM PLACA DE ENCAIXE 4\" X 2\" ALTO (2,00 M DO PISO) PARA PONTO ELÉTRICO - FORNECIMENTO E INSTALAÇÃO. AF_03/2023","UN",13.41,91945,null,12.48,13.41]
[null,91946,"SUPORTE PARAFUSADO COM PLACA DE ENCAIXE 4\" X 2\" MÉDIO (1,30 M DO PISO) PARA PONTO ELÉTRICO - FORNECIMENTO E INSTALAÇÃO. AF_03/2023","UN",{"$f":"IF($K$2=$H$1,H3203,I3203)","v":10.55},{"$f":"IF(LEN($B3203)=7,CONCATENATE(MID($B3203,1,6),\"00\",RIGHT($B3203,1)),IF(LEN($B3203)=8,CONCATENATE(MID($B3203,1,6),\"0\",RIGHT($B3203,2)),$B3203))","v":91946},null,9.91,10.55]
[null,91947,"SUPORTE PARAFUSADO COM PLACA DE ENCAIXE 4\" X 2\" BAIXO (0,30 M DO PISO) PARA PONTO ELÉTRICO - FORNECIMENTO E INSTALAÇÃO. AF_03/2023","UN",8.74,91947,null,8.2899999999999991,8.74]
[null,91949,"SUPORTE PARAFUSADO COM PLACA DE ENCAIXE 4\" X 4\" ALTO (2,00 M DO PISO) PARA PONTO ELÉTRICO - FORNECIMENTO E INSTALAÇÃO. AF_03/2023","UN",19,91949,null,17.899999999999999,19]
[null,91950,"SUPORTE PARAFUSADO COM PLACA DE ENCAIXE 4\" X 4\" MÉDIO (1,30 M DO PISO) PARA PONTO ELÉTRICO - FORNECIMENTO E INSTALAÇÃO. AF_03/2023","UN",15.5,91950,null,14.75,15.5]
[null,91951,"SUPORTE PARAFUSADO COM PLACA DE ENCAIXE 4\" X 4\" BAIXO (0,30 M DO PISO) PARA PONTO ELÉTRICO - FORNECIMENTO E INSTALAÇÃO. AF_03/2023","UN",13.4,91951,null,12.87,13.4]
[null,91952,"INTERRUPTOR SIMPLES (1 MÓDULO), 10A/250V, SEM SUPORTE E SEM PLACA - FORNECIMENTO E INSTALAÇÃO. AF_03/2023","UN",18,91952,null,16.850000000000001,18]
[null,91953,"INTERRUPTOR SIMPLES (1 MÓDULO), 10A/250V, INCLUINDO SUPORTE E PLACA - FORNECIMENTO E INSTALAÇÃO. AF_03/2023","UN",28.55,91953,null,26.76,28.55]
[null,91954,"INTERRUPTOR PARALELO (1 MÓDULO), 10A/250V, SEM SUPORTE E SEM PLACA - FORNECIMENTO E INSTALAÇÃO. AF_03/2023","UN",24.17,91954,null,22.59,24.17]
[null,91955,"INTERRUPTOR PARALELO (1 MÓDULO), 10A/250V, INCLUINDO SUPORTE E PLACA - FORNECIMENTO E INSTALAÇÃO. AF_03/2023","UN",34.72,91955,null,32.5,34.72]
[null,91956,"INTERRUPTOR SIMPLES (1 MÓDULO) COM INTERRUPTOR PARALELO (1 MÓDULO), 10A/250V, SEM SUPORTE E SEM PLACA - FORNECIMENTO E INSTALAÇÃO. AF_03/2023","UN",39.119999999999997,91956,null,36.700000000000003,39.119999999999997]
[null,91957,"INTERRUPTOR SIMPLES (1 MÓDULO) COM INTERRUPTOR PARALELO (1 MÓDULO), 10A/250V, INCLUINDO SUPORTE E PLACA - FORNECIMENTO E INSTALAÇÃO. AF_03/2023","UN",49.67,91957,null,46.61,49.67]
[null,91958,"INTERRUPTOR SIMPLES (2 MÓDULOS), 10A/250V, SEM SUPORTE E SEM PLACA - FORNECIMENTO E INSTALAÇÃO. AF_03/2023","UN",33,91958,null,31,33]
[null,91959,"INTERRUPTOR SIMPLES (2 MÓDULOS), 10A/250V, INCLUINDO SUPORTE E PLACA - FORNECIMENTO E INSTALAÇÃO. AF_03/2023","UN",43.55,91959,null,40.909999999999997,43.55]
[null,91960,"INTERRUPTOR PARALELO (2 MÓDULOS), 10A/250V, SEM SUPORTE E SEM PLACA - FORNECIMENTO E INSTALAÇÃO. AF_03/2023","UN",45.34,91960,null,42.48,45.34]
[null,91961,"INTERRUPTOR PARALELO (2 MÓDULOS), 10A/250V, INCLUINDO SUPORTE E PLACA - FORNECIMENTO E INSTALAÇÃO. AF_03/2023","UN",55.89,91961,null,52.39,55.89]
[null,91962,"INTERRUPTOR SIMPLES (1 MÓDULO) COM INTERRUPTOR PARALELO (2 MÓDULOS), 10A/250V, SEM SUPORTE E SEM PLACA - FORNECIMENTO E INSTALAÇÃO. AF_03/2023","UN",60.28,91962,null,56.59,60.28]
[null,91963,"INTERRUPTOR SIMPLES (1 MÓDULO) COM INTERRUPTOR PARALELO (2 MÓDULOS), 10A/250V, INCLUINDO SUPORTE E PLACA - FORNECIMENTO E INSTALAÇÃO. AF_03/2023","UN",70.83,91963,null,66.5,70.83]
[null,91964,"INTERRUPTOR SIMPLES (2 MÓDULOS) COM INTERRUPTOR PARALELO (1 MÓDULO), 10A/250V, SEM SUPORTE E SEM PLACA - FORNECIMENTO E INSTALAÇÃO. AF_03/2023","UN",54.12,91964,null,50.85,54.12]
[null,91965,"INTERRUPTOR SIMPLES (2 MÓDULOS) COM INTERRUPTOR PARALELO (1 MÓDULO), 10A/250V, INCLUINDO SUPORTE E PLACA - FORNECIMENTO E INSTALAÇÃO. AF_03/2023","UN",64.67,91965,null,60.76,64.67]
[null,91966,"INTERRUPTOR SIMPLES (3 MÓDULOS), 10A/250V, SEM SUPORTE E SEM PLACA - FORNECIMENTO E INSTALAÇÃO. AF_03/2023","UN",48.01,91966,null,45.15,48.01]
[null,91967,"INTERRUPTOR SIMPLES (3 MÓDULOS), 10A/250V, INCLUINDO SUPORTE E PLACA - FORNECIMENTO E INSTALAÇÃO. AF_03/2023","UN",58.56,91967,null,55.06,58.56]
[null,91968,"INTERRUPTOR PARALELO (3 MÓDULOS), 10A/250V, SEM SUPORTE E SEM PLACA - FORNECIMENTO E INSTALAÇÃO. AF_03/2023","UN",66.44,91968,null,62.33,66.44]
[null,91969,"INTERRUPTOR PARALELO (3 MÓDULOS), 10A/250V, INCLUINDO SUPORTE E PLACA - FORNECIMENTO E INSTALAÇÃO. AF_03/2023","UN",76.989999999999995,91969,null,72.239999999999995,76.989999999999995]
[null,91970,"INTERRUPTOR SIMPLES (3 MÓDULOS) COM INTERRUPTOR PARALELO (1 MÓDULO), 10A/250V, SEM SUPORTE E SEM PLACA - FORNECIMENTO E INSTALAÇÃO. AF_03/2023","UN",69.459999999999994,91970,null,65.31,69.459999999999994]
[null,91971,"INTERRUPTOR SIMPLES (3 MÓDULOS) COM INTERRUPTOR PARALELO (1 MÓDULO), 10A/250V, INCLUINDO SUPORTE E PLACA - FORNECIMENTO E INSTALAÇÃO. AF_03/2023","UN",84.96,91971,null,80.06,84.96]
[null,91972,"INTERRUPTOR SIMPLES (2 MÓDULOS) COM INTERRUPTOR PARALELO (2 MÓDULOS), 10A/250V, SEM SUPORTE E SEM PLACA - FORNECIMENTO E INSTALAÇÃO. AF_03/2023","UN",75.67,91972,null,71.09,75.67]
[null,91973,"INTERRUPTOR SIMPLES (2 MÓDULOS) COM INTERRUPTOR PARALELO (2 MÓDULOS), 10A/250V, INCLUINDO SUPORTE E PLACA - FORNECIMENTO E INSTALAÇÃO. AF_03/2023","UN",91.17,91973,null,85.84,91.17]
[null,91974,"INTERRUPTOR SIMPLES (4 MÓDULOS), 10A/250V, SEM SUPORTE E SEM PLACA - FORNECIMENTO E INSTALAÇÃO. AF_03/2023","UN",63.29,91974,null,59.57,63.29]
[null,91975,"INTERRUPTOR SIMPLES (4 MÓDULOS), 10A/250V, INCLUINDO SUPORTE E PLACA - FORNECIMENTO E INSTALAÇÃO. AF_03/2023","UN",78.790000000000006,91975,null,74.319999999999993,78.790000000000006]
[null,91976,"INTERRUPTOR SIMPLES (6 MÓDULOS), 10A/250V, SEM SUPORTE E SEM PLACA - FORNECIMENTO E INSTALAÇÃO. AF_03/2023","UN",93.34,91976,null,87.92,93.34]
[null,91977,"INTERRUPTOR SIMPLES (6 MÓDULOS), 10A/250V, INCLUINDO SUPORTE E PLACA - FORNECIMENTO E INSTALAÇÃO. AF_03/2023","UN",108.84,91977,null,102.67,108.84]
[null,91978,"INTERRUPTOR INTERMEDIÁRIO (1 MÓDULO), 10A/250V, SEM SUPORTE E SEM PLACA - FORNECIMENTO E INSTALAÇÃO. AF_03/2023","UN",38.159999999999997,91978,null,36.159999999999997,38.159999999999997]
[null,91979,"INTERRUPTOR INTERMEDIÁRIO (1 MÓDULO), 10A/250V, INCLUINDO SUPORTE E PLACA - FORNECIMENTO E INSTALAÇÃO. AF_03/2023","UN",48.71,91979,null,46.07,48.71]
[null,91980,"INTERRUPTOR BIPOLAR (1 MÓDULO), 10A/250V, SEM SUPORTE E SEM PLACA - FORNECIMENTO E INSTALAÇÃO. AF_03/2023","UN",36.979999999999997,91980,null,34.979999999999997,36.979999999999997]
[null,91981,"INTERRUPTOR BIPOLAR (1 MÓDULO), 10A/250V, INCLUINDO SUPORTE E PLACA - FORNECIMENTO E INSTALAÇÃO. AF_03/2023","UN",47.53,91981,null,44.89,47.53]
[null,91982,"DIMMER ROTATIVO (1 MÓDULO), 220V/600W, SEM SUPORTE E SEM PLACA - FORNECIMENTO E INSTALAÇÃO. AF_03/2023","UN",86.18,91982,null,85.03,86.18]
[null,91983,"DIMMER ROTATIVO (1 MÓDULO), 220V/600W, INCLUINDO SUPORTE E PLACA - FORNECIMENTO E INSTALAÇÃO. AF_03/2023","UN",96.73,91983,null,94.94,96.73]
[null,91984,"INTERRUPTOR PULSADOR CAMPAINHA (1 MÓDULO), 10A/250V, SEM SUPORTE E SEM PLACA - FORNECIMENTO E INSTALAÇÃO. AF_03/2023","UN",16.91,91984,null,15.76,16.91]
[null,91985,"INTERRUPTOR PULSADOR CAMPAINHA (1 MÓDULO), 10A/250V, INCLUINDO SUPORTE E PLACA - FORNECIMENTO E INSTALAÇÃO. AF_03/2023","UN",27.46,91985,null,25.67,27.46]
[null,91986,"CAMPAINHA CIGARRA (1 MÓDULO), 10A/250V, SEM SUPORTE E SEM PLACA - FORNECIMENTO E INSTALAÇÃO. AF_03/2023","UN",35.58,91986,null,33.79,35.58]
[null,91987,"CAMPAINHA CIGARRA (1 MÓDULO), 10A/250V, INCLUINDO SUPORTE E PLACA - FORNECIMENTO E INSTALAÇÃO. AF_03/2023","UN",46.13,91987,null,43.7,46.13]
[null,91988,"INTERRUPTOR PULSADOR MINUTERIA (1 MÓDULO), 10A/250V, SEM SUPORTE E SEM PLACA - FORNECIMENTO E INSTALAÇÃO. AF_03/2023","UN",20.87,91988,null,19.72,20.87]
[null,91989,"INTERRUPTOR PULSADOR MINUTERIA (1 MÓDULO), 10A/250V, INCLUINDO SUPORTE E PLACA - FORNECIMENTO E INSTALAÇÃO. AF_03/2023","UN",31.42,91989,null,29.63,31.42]
[null,91990,"TOMADA ALTA DE EMBUTIR (1 MÓDULO), 2P+T 10 A, SEM SUPORTE E SEM PLACA - FORNECIMENTO E INSTALAÇÃO. AF_03/2023","UN",32.51,91990,null,29.96,32.51]
[null,91991,"TOMADA ALTA DE EMBUTIR (1 MÓDULO), 2P+T 20 A, SEM SUPORTE E SEM PLACA - FORNECIMENTO E INSTALAÇÃO. AF_03/2023","UN",34.65,91991,null,32.1,34.65]
[null,91992,"TOMADA ALTA DE EMBUTIR (1 MÓDULO), 2P+T 10 A, INCLUINDO SUPORTE E PLACA - FORNECIMENTO E INSTALAÇÃO. AF_03/2023","UN",43.06,91992,null,39.869999999999997,43.06]
[null,91993,"TOMADA ALTA DE EMBUTIR (1 MÓDULO), 2P+T 20 A, INCLUINDO SUPORTE E PLACA - FORNECIMENTO E INSTALAÇÃO. AF_03/2023","UN",45.2,91993,null,42.01,45.2]
[null,91994,"TOMADA MÉDIA DE EMBUTIR (1 MÓDULO), 2P+T 10 A, SEM SUPORTE E SEM PLACA - FORNECIMENTO E INSTALAÇÃO. AF_03/2023","UN",23.07,91994,null,21.49,23.07]
[null,91995,"TOMADA MÉDIA DE EMBUTIR (1 MÓDULO), 2P+T 20 A, SEM SUPORTE E SEM PLACA - FORNECIMENTO E INSTALAÇÃO. AF_03/2023","UN",25.21,91995,null,23.63,25.21]
[null,91996,"TOMADA MÉDIA DE EMBUTIR (1 MÓDULO), 2P+T 10 A, INCLUINDO SUPORTE E PLACA - FORNECIMENTO E INSTALAÇÃO. AF_03/2023","UN",33.619999999999997,91996,null,31.4,33.619999999999997]
[null,91997,"TOMADA MÉDIA DE EMBUTIR (1 MÓDULO), 2P+T 20 A, INCLUINDO SUPORTE E PLACA - FORNECIMENTO E INSTALAÇÃO. AF_03/2023","UN",35.76,91997,null,33.54,35.76]
[null,91998,"TOMADA BAIXA DE EMBUTIR (1 MÓDULO), 2P+T 10 A, SEM SUPORTE E SEM PLACA - FORNECIMENTO E INSTALAÇÃO. AF_03/2023","UN",19.420000000000002,91998,null,18.21,19.420000000000002]
[null,91999,"TOMADA BAIXA DE EMBUTIR (1 MÓDULO), 2P+T 20 A, SEM SUPORTE E SEM PLACA - FORNECIMENTO E INSTALAÇÃO. AF_03/2023","UN",21.56,91999,null,20.350000000000001,21.56]
[null,92000,"TOMADA BAIXA DE EMBUTIR (1 MÓDULO), 2P+T 10 A, INCLUINDO SUPORTE E PLACA - FORNECIMENTO E INSTALAÇÃO. AF_03/2023","UN",29.97,92000,null,28.12,29.97]
[null,92001,"TOMADA BAIXA DE EMBUTIR (1 MÓDULO), 2P+T 20 A, INCLUINDO SUPORTE E PLACA - FORNECIMENTO E INSTALAÇÃO. AF_03/2023","UN",32.11,92001,null,30.26,32.11]
[null,92002,"TOMADA MÉDIA DE EMBUTIR (2 MÓDULOS), 2P+T 10 A, SEM SUPORTE E SEM PLACA - FORNECIMENTO E INSTALAÇÃO. AF_03/2023","UN",43.14,92002,null,40.28,43.14]
[null,92003,"TOMADA MÉDIA DE EMBUTIR (2 MÓDULOS), 2P+T 20 A, SEM SUPORTE E SEM PLACA - FORNECIMENTO E INSTALAÇÃO. AF_03/2023","UN",47.42,92003,null,44.56,47.42]
[null,92004,"TOMADA MÉDIA DE EMBUTIR (2 MÓDULOS), 2P+T 10 A, INCLUINDO SUPORTE E PLACA - FORNECIMENTO E INSTALAÇÃO. AF_03/2023","UN",53.69,92004,null,50.19,53.69]
[null,92005,"TOMADA MÉDIA DE EMBUTIR (2 MÓDULOS), 2P+T 20 A, INCLUINDO SUPORTE E PLACA - FORNECIMENTO E INSTALAÇÃO. AF_03/2023","UN",57.97,92005,null,54.47,57.97]
[null,92006,"TOMADA BAIXA DE EMBUTIR (2 MÓDULOS), 2P+T 10 A, SEM SUPORTE E SEM PLACA - FORNECIMENTO E INSTALAÇÃO. AF_03/2023","UN",35.79,92006,null,33.69,35.79]
[null,92007,"TOMADA BAIXA DE EMBUTIR (2 MÓDULOS), 2P+T 20 A, SEM SUPORTE E SEM PLACA - FORNECIMENTO E INSTALAÇÃO. AF_03/2023","UN",40.07,92007,null,37.97,40.07]
[null,92008,"TOMADA BAIXA DE EMBUTIR (2 MÓDULOS), 2P+T 10 A, INCLUINDO SUPORTE E PLACA - FORNECIMENTO E INSTALAÇÃO. AF_03/2023","UN",46.34,92008,null,43.6,46.34]
[null,92009,"TOMADA BAIXA DE EMBUTIR (2 MÓDULOS), 2P+T 20 A, INCLUINDO SUPORTE E PLACA - FORNECIMENTO E INSTALAÇÃO. AF_03/2023","UN",50.62,92009,null,47.88,50.62]
[null,92010,"TOMADA MÉDIA DE EMBUTIR (3 MÓDULOS), 2P+T 10 A, SEM SUPORTE E SEM PLACA - FORNECIMENTO E INSTALAÇÃO. AF_03/2023","UN",63.14,92010,null,59.03,63.14]
[null,92011,"TOMADA MÉDIA DE EMBUTIR (3 MÓDULOS), 2P+T 20 A, SEM SUPORTE E SEM PLACA - FORNECIMENTO E INSTALAÇÃO. AF_03/2023","UN",{"$f":"IF($K$2=$H$1,H3267,I3267)","v":69.56},{"$f":"IF(LEN($B3267)=7,CONCATENATE(MID($B3267,1,6),\"00\",RIGHT($B3267,1)),IF(LEN($B3267)=8,CONCATENATE(MID($B3267,1,6),\"0\",RIGHT($B3267,2)),$B3267))","v":92011},null,65.45,69.56]
[null,92012,"TOMADA MÉDIA DE EMBUTIR (3 MÓDULOS), 2P+T 10 A, INCLUINDO SUPORTE E PLACA - FORNECIMENTO E INSTALAÇÃO. AF_03/2023","UN",73.69,92012,null,68.94,73.69]
[null,92013,"TOMADA MÉDIA DE EMBUTIR (3 MÓDULOS), 2P+T 20 A, INCLUINDO SUPORTE E PLACA - FORNECIMENTO E INSTALAÇÃO. AF_03/2023","UN",80.11,92013,null,75.36,80.11]
[null,92014,"TOMADA BAIXA DE EMBUTIR (3 MÓDULOS), 2P+T 10 A, SEM SUPORTE E SEM PLACA - FORNECIMENTO E INSTALAÇÃO. AF_03/2023","UN",52.15,92014,null,49.16,52.15]
[null,92015,"TOMADA BAIXA DE EMBUTIR (3 MÓDULOS), 2P+T 20 A, SEM SUPORTE E SEM PLACA - FORNECIMENTO E INSTALAÇÃO. AF_03/2023","UN",58.57,92015,null,55.58,58.57]
[null,92016,"TOMADA BAIXA DE EMBUTIR (3 MÓDULOS), 2P+T 10 A, INCLUINDO SUPORTE E PLACA - FORNECIMENTO E INSTALAÇÃO. AF_03/2023","UN",62.7,92016,null,59.07,62.7]
[null,92017,"TOMADA BAIXA DE EMBUTIR (3 MÓDULOS), 2P+T 20 A, INCLUINDO SUPORTE E PLACA - FORNECIMENTO E INSTALAÇÃO. AF_03/2023","UN",69.12,92017,null,65.489999999999995,69.12]
[null,92018,"TOMADA BAIXA DE EMBUTIR (4 MÓDULOS), 2P+T 10 A, SEM SUPORTE E SEM PLACA - FORNECIMENTO E INSTALAÇÃO. AF_03/2023","UN",69.05,92018,null,65.12,69.05]
[null,92019,"TOMADA BAIXA DE EMBUTIR (4 MÓDULOS), 2P+T 10 A, INCLUINDO SUPORTE E PLACA - FORNECIMENTO E INSTALAÇÃO. AF_03/2023","UN",84.55,92019,null,79.87,84.55]
[null,92020,"TOMADA BAIXA DE EMBUTIR (6 MÓDULOS), 2P+T 10 A, SEM SUPORTE E SEM PLACA - FORNECIMENTO E INSTALAÇÃO. AF_03/2023","UN",102.03,92020,null,96.29,102.03]
[null,92021,"TOMADA BAIXA DE EMBUTIR (6 MÓDULOS), 2P+T 10 A, INCLUINDO SUPORTE E PLACA - FORNECIMENTO E INSTALAÇÃO. AF_03/2023","UN",117.53,92021,null,111.04,117.53]
[null,92022,"INTERRUPTOR SIMPLES (1 MÓDULO) COM 1 TOMADA DE EMBUTIR 2P+T 10 A, SEM SUPORTE E SEM PLACA - FORNECIMENTO E INSTALAÇÃO. AF_03/2023","UN",38.020000000000003,92022,null,35.6,38.020000000000003]
[null,92023,"INTERRUPTOR SIMPLES (1 MÓDULO) COM 1 TOMADA DE EMBUTIR 2P+T 10 A, INCLUINDO SUPORTE E PLACA - FORNECIMENTO E INSTALAÇÃO. AF_03/2023","UN",48.57,92023,null,45.51,48.57]
[null,92024,"INTERRUPTOR SIMPLES (1 MÓDULO) COM 2 TOMADAS DE EMBUTIR 2P+T 10 A, SEM SUPORTE E SEM PLACA - FORNECIMENTO E INSTALAÇÃO. AF_03/2023","UN",58.08,92024,null,54.39,58.08]
[null,92025,"INTERRUPTOR SIMPLES (1 MÓDULO) COM 2 TOMADAS DE EMBUTIR 2P+T 10 A, INCLUINDO SUPORTE E PLACA - FORNECIMENTO E INSTALAÇÃO. AF_03/2023","UN",68.63,92025,null,64.3,68.63]
[null,92026,"INTERRUPTOR SIMPLES (2 MÓDULOS) COM 1 TOMADA DE EMBUTIR 2P+T 10 A, SEM SUPORTE E SEM PLACA - FORNECIMENTO E INSTALAÇÃO. AF_03/2023","UN",53.02,92026,null,49.75,53.02]
[null,92027,"INTERRUPTOR SIMPLES (2 MÓDULOS) COM 1 TOMADA DE EMBUTIR 2P+T 10 A, INCLUINDO SUPORTE E PLACA - FORNECIMENTO E INSTALAÇÃO. AF_03/2023","UN",63.57,92027,null,59.66,63.57]
[null,92028,"INTERRUPTOR PARALELO (1 MÓDULO) COM 1 TOMADA DE EMBUTIR 2P+T 10 A, SEM SUPORTE E SEM PLACA - FORNECIMENTO E INSTALAÇÃO. AF_03/2023","UN",44.24,92028,null,41.38,44.24]
[null,92029,"INTERRUPTOR PARALELO (1 MÓDULO) COM 1 TOMADA DE EMBUTIR 2P+T 10 A, INCLUINDO SUPORTE E PLACA - FORNECIMENTO E INSTALAÇÃO. AF_03/2023","UN",54.79,92029,null,51.29,54.79]
[null,92030,"INTERRUPTOR PARALELO (1 MÓDULO) COM 2 TOMADAS DE EMBUTIR 2P+T 10 A, SEM SUPORTE E SEM PLACA - FORNECIMENTO E INSTALAÇÃO. AF_03/2023","UN",64.239999999999995,92030,null,60.13,64.239999999999995]
[null,92031,"INTERRUPTOR PARALELO (1 MÓDULO) COM 2 TOMADAS DE EMBUTIR 2P+T 10 A, INCLUINDO SUPORTE E PLACA - FORNECIMENTO E INSTALAÇÃO. AF_03/2023","UN",74.790000000000006,92031,null,70.040000000000006,74.790000000000006]
[null,92032,"INTERRUPTOR PARALELO (2 MÓDULOS) COM 1 TOMADA DE EMBUTIR 2P+T 10 A, SEM SUPORTE E SEM PLACA - FORNECIMENTO E INSTALAÇÃO. AF_03/2023","UN",65.34,92032,null,61.23,65.34]
[null,92033,"INTERRUPTOR PARALELO (2 MÓDULOS) COM 1 TOMADA DE EMBUTIR 2P+T 10 A, INCLUINDO SUPORTE E PLACA - FORNECIMENTO E INSTALAÇÃO. AF_03/2023","UN",75.89,92033,null,71.14,75.89]
[null,92034,"INTERRUPTOR SIMPLES (1 MÓDULO), INTERRUPTOR PARALELO (1 MÓDULO) E 1 TOMADA DE EMBUTIR 2P+T 10 A, SEM SUPORTE E SEM PLACA - FORNECIMENTO E INSTALAÇÃO. AF_03/2023","UN",59.18,92034,null,55.49,59.18]
[null,92035,"INTERRUPTOR SIMPLES (1 MÓDULO), INTERRUPTOR PARALELO (1 MÓDULO) E 1 TOMADA DE EMBUTIR 2P+T 10 A, INCLUINDO SUPORTE E PLACA - FORNECIMENTO E INSTALAÇÃO. AF_03/2023","UN",69.73,92035,null,65.400000000000006,69.73]
[null,97595,"SENSOR DE PRESENÇA COM FOTOCÉLULA, FIXAÇÃO EM PAREDE - FORNECIMENTO E INSTALAÇÃO. AF_09/2024","UN",107.39,97595,null,105.2,107.39]
[null,97596,"SENSOR DE PRESENÇA SEM FOTOCÉLULA, FIXAÇÃO EM PAREDE - FORNECIMENTO E INSTALAÇÃO. AF_09/2024","UN",74.45,97596,null,72.260000000000005,74.45]
[null,97597,"SENSOR DE PRESENÇA COM FOTOCÉLULA, FIXAÇÃO EM TETO - FORNECIMENTO E INSTALAÇÃO. AF_09/2024","UN",75.540000000000006,97597,null,73.930000000000007,75.540000000000006]
[null,97598,"SENSOR DE PRESENÇA SEM FOTOCÉLULA, FIXAÇÃO EM TETO - FORNECIMENTO E INSTALAÇÃO. AF_09/2024","UN",71.33,97598,null,69.72,71.33]
[null,97599,"LUMINÁRIA DE EMERGÊNCIA, COM 30 LÂMPADAS LED DE 2 W, SEM REATOR - FORNECIMENTO E INSTALAÇÃO. AF_09/2024","UN",15.93,97599,null,15.32,15.93]
[null,97609,"LÂMPADA COMPACTA DE LED 6 W, BASE E27 - FORNECIMENTO E INSTALAÇÃO. AF_09/2024","UN",11.96,97609,null,11.39,11.96]
[null,97610,"LÂMPADA COMPACTA DE LED 10 W, BASE E27 - FORNECIMENTO E INSTALAÇÃO. AF_09/2024","UN",12.49,97610,null,11.92,12.49]
[null,100902,"LÂMPADA TUBULAR LED DE 9/10 W, COM SOQUETE, BASE G13 - FORNECIMENTO E INSTALAÇÃO. AF_09/2024_PS","UN",24.84,100902,null,23.45,24.84]
[null,100903,"LÂMPADA TUBULAR LED DE 18/20 W, COM SOQUETE, BASE G13 - FORNECIMENTO E INSTALAÇÃO. AF_09/2024_PS","UN",27.16,100903,null,25.77,27.16]
[null,103782,"LUMINÁRIA TIPO PLAFON CIRCULAR, DE SOBREPOR, COM LED DE 12/13 W - FORNECIMENTO E INSTALAÇÃO. AF_09/2024","UN",25.35,103782,null,23.67,25.35]
[null,105554,"LÂMPADA TUBULAR LED 9/10W SEM SOQUETE - FORNECIMENTO E INSTALAÇÃO. AF_09/2024","UN",13.35,105554,null,12.51,13.35]
[null,101489,"ENTRADA DE ENERGIA ELÉTRICA, AÉREA, MONOFÁSICA, COM CAIXA DE SOBREPOR, CABO DE 10 MM2 E DISJUNTOR DIN 50A (NÃO INCLUSO O POSTE DE CONCRETO). AF_07/2020_PS","UN",1442.64,101489,null,1399.26,1442.64]
[null,101490,"ENTRADA DE ENERGIA ELÉTRICA, AÉREA, MONOFÁSICA, COM CAIXA DE SOBREPOR, CABO DE 16 MM2 E DISJUNTOR DIN 50A (NÃO INCLUSO O POSTE DE CONCRETO). AF_07/2020_PS","UN",1549.67,101490,null,1504.09,1549.67]
[null,101491,"ENTRADA DE ENERGIA ELÉTRICA, AÉREA, MONOFÁSICA, COM CAIXA DE SOBREPOR, CABO DE 25 MM2 E DISJUNTOR DIN 50A (NÃO INCLUSO O POSTE DE CONCRETO). AF_07/2020_PS","UN",1583,101491,null,1540.39,1583]
[null,101492,"ENTRADA DE ENERGIA ELÉTRICA, AÉREA, MONOFÁSICA, COM CAIXA DE SOBREPOR, CABO DE 35 MM2 E DISJUNTOR DIN 50A (NÃO INCLUSO O POSTE DE CONCRETO). AF_07/2020_PS","UN",1738.79,101492,null,1694.49,1738.79]
[null,101493,"ENTRADA DE ENERGIA ELÉTRICA, AÉREA, MONOFÁSICA, COM CAIXA DE EMBUTIR, CABO DE 10 MM2 E DISJUNTOR DIN 50A (NÃO INCLUSO O POSTE DE CONCRETO). AF_07/2020_PS","UN",1428.75,101493,null,1387.2,1428.75]
[null,101494,"ENTRADA DE ENERGIA ELÉTRICA, AÉREA, MONOFÁSICA, COM CAIXA DE EMBUTIR, CABO DE 16 MM2 E DISJUNTOR DIN 50A (NÃO INCLUSO O POSTE DE CONCRETO). AF_07/2020_PS","UN",1535.78,101494,null,1492.03,1535.78]
[null,101495,"ENTRADA DE ENERGIA ELÉTRICA, AÉREA, MONOFÁSICA, COM CAIXA DE EMBUTIR, CABO DE 25 MM2 E DISJUNTOR DIN 50A (NÃO INCLUSO O POSTE DE CONCRETO). AF_07/2020_PS","UN",1569.11,101495,null,1528.33,1569.11]
[null,101496,"ENTRADA DE ENERGIA ELÉTRICA, AÉREA, MONOFÁSICA, COM CAIXA DE EMBUTIR, CABO DE 35 MM2 E DISJUNTOR DIN 50A (NÃO INCLUSO O POSTE DE CONCRETO). AF_07/2020_PS","UN",1724.9,101496,null,1682.43,1724.9]
[null,101497,"ENTRADA DE ENERGIA ELÉTRICA, AÉREA, BIFÁSICA, COM CAIXA DE SOBREPOR, CABO DE 10 MM2 E DISJUNTOR DIN 50A (NÃO INCLUSO O POSTE DE CONCRETO). AF_07/2020_PS","UN",1712.77,101497,null,1666.36,1712.77]
[null,101498,"ENTRADA DE ENERGIA ELÉTRICA, AÉREA, BIFÁSICA, COM CAIXA DE SOBREPOR, CABO DE 16 MM2 E DISJUNTOR DIN 50A (NÃO INCLUSO O POSTE DE CONCRETO). AF_07/2020_PS","UN",1874.78,101498,null,1825.04,1874.78]
[null,101499,"ENTRADA DE ENERGIA ELÉTRICA, AÉREA, BIFÁSICA, COM CAIXA DE SOBREPOR, CABO DE 25 MM2 E DISJUNTOR DIN 50A (NÃO INCLUSO O POSTE DE CONCRETO). AF_07/2020_PS","UN",1925.23,101499,null,1879.98,1925.23]
[null,101500,"ENTRADA DE ENERGIA ELÉTRICA, AÉREA, BIFÁSICA, COM CAIXA DE SOBREPOR, CABO DE 35 MM2 E DISJUNTOR DIN 50A (NÃO INCLUSO O POSTE DE CONCRETO). AF_07/2020_PS","UN",2145.9299999999998,101500,null,2098.7199999999998,2145.9299999999998]
[null,101501,"ENTRADA DE ENERGIA ELÉTRICA, AÉREA, BIFÁSICA, COM CAIXA DE EMBUTIR, CABO DE 10 MM2 E DISJUNTOR DIN 50A (NÃO INCLUSO O POSTE DE CONCRETO). AF_07/2020_PS","UN",1707.11,101501,null,1662.16,1707.11]
[null,101502,"ENTRADA DE ENERGIA ELÉTRICA, AÉREA, BIFÁSICA, COM CAIXA DE EMBUTIR, CABO DE 16 MM2 E DISJUNTOR DIN 50A (NÃO INCLUSO O POSTE DE CONCRETO). AF_07/2020_PS","UN",1869.12,101502,null,1820.84,1869.12]
[null,101503,"ENTRADA DE ENERGIA ELÉTRICA, AÉREA, BIFÁSICA, COM CAIXA DE EMBUTIR, CABO DE 25 MM2 E DISJUNTOR DIN 50A (NÃO INCLUSO O POSTE DE CONCRETO). AF_07/2020_PS","UN",1919.57,101503,null,1875.78,1919.57]
[null,101504,"ENTRADA DE ENERGIA ELÉTRICA, AÉREA, BIFÁSICA, COM CAIXA DE EMBUTIR, CABO DE 35 MM2 E DISJUNTOR DIN 50A (NÃO INCLUSO O POSTE DE CONCRETO). AF_07/2020_PS","UN",2140.27,101504,null,2094.52,2140.27]
[null,101505,"ENTRADA DE ENERGIA ELÉTRICA, AÉREA, TRIFÁSICA, COM CAIXA DE SOBREPOR, CABO DE 10 MM2 E DISJUNTOR DIN 50A (NÃO INCLUSO O POSTE DE CONCRETO). AF_07/2020_PS","UN",1831.86,101505,null,1782.44,1831.86]
[null,101506,"ENTRADA DE ENERGIA ELÉTRICA, AÉREA, TRIFÁSICA, COM CAIXA DE SOBREPOR, CABO DE 16 MM2 E DISJUNTOR DIN 50A (NÃO INCLUSO O POSTE DE CONCRETO). AF_07/2020_PS","UN",2047.86,101506,null,1994.01,2047.86]
[null,101507,"ENTRADA DE ENERGIA ELÉTRICA, AÉREA, TRIFÁSICA, COM CAIXA DE SOBREPOR, CABO DE 25 MM2 E DISJUNTOR DIN 50A (NÃO INCLUSO O POSTE DE CONCRETO). AF_07/2020_PS","UN",2115.13,101507,null,2067.27,2115.13]
[null,101508,"ENTRADA DE ENERGIA ELÉTRICA, AÉREA, TRIFÁSICA, COM CAIXA DE SOBREPOR, CABO DE 35 MM2 E DISJUNTOR DIN 50A (NÃO INCLUSO O POSTE DE CONCRETO). AF_07/2020_PS","UN",2399.61,101508,null,2349.5,2399.61]
[null,101509,"ENTRADA DE ENERGIA ELÉTRICA, AÉREA, TRIFÁSICA, COM CAIXA DE EMBUTIR, CABO DE 10 MM2 E DISJUNTOR DIN 50A (NÃO INCLUSO O POSTE DE CONCRETO). AF_07/2020","UN",1931.22,101509,null,1883.19,1931.22]
[null,101510,"ENTRADA DE ENERGIA ELÉTRICA, AÉREA, TRIFÁSICA, COM CAIXA DE EMBUTIR, CABO DE 16 MM2 E DISJUNTOR DIN 50A (NÃO INCLUSO O POSTE DE CONCRETO). AF_07/2020","UN",2147.2199999999998,101510,null,2094.7600000000002,2147.2199999999998]
[null,101511,"ENTRADA DE ENERGIA ELÉTRICA, AÉREA, TRIFÁSICA, COM CAIXA DE EMBUTIR, CABO DE 25 MM2 E DISJUNTOR DIN 50A (NÃO INCLUSO O POSTE DE CONCRETO). AF_07/2020","UN",2214.4899999999998,101511,null,2168.02,2214.4899999999998]
[null,101512,"ENTRADA DE ENERGIA ELÉTRICA, AÉREA, TRIFÁSICA, COM CAIXA DE EMBUTIR, CABO DE 35 MM2 E DISJUNTOR DIN 50A (NÃO INCLUSO O POSTE DE CONCRETO). AF_07/2020","UN",2498.9699999999998,101512,null,2450.25,2498.9699999999998]
[null,101513,"ENTRADA DE ENERGIA ELÉTRICA, SUBTERRÂNEA, MONOFÁSICA, COM CAIXA DE SOBREPOR, CABO DE 10 MM2 E DISJUNTOR DIN 50A (NÃO INCLUSA MURETA DE ALVENARIA). AF_07/2020_PS","UN",770.22,101513,null,751.02,770.22]
[null,101514,"ENTRADA DE ENERGIA ELÉTRICA, SUBTERRÂNEA, MONOFÁSICA, COM CAIXA DE SOBREPOR, CABO DE 16 MM2 E DISJUNTOR DIN 50A (NÃO INCLUSA MURETA DE ALVENARIA). AF_07/2020_PS","UN",898.65,101514,null,876.82,898.65]
[null,101515,"ENTRADA DE ENERGIA ELÉTRICA, SUBTERRÂNEA, MONOFÁSICA, COM CAIXA DE SOBREPOR, CABO DE 25 MM2 E DISJUNTOR DIN 50A (NÃO INCLUSA MURETA DE ALVENARIA). AF_07/2020_PS","UN",938.65,101515,null,920.38,938.65]
[null,101516,"ENTRADA DE ENERGIA ELÉTRICA, SUBTERRÂNEA, MONOFÁSICA, COM CAIXA DE SOBREPOR, CABO DE 35 MM2 E DISJUNTOR DIN 50A (NÃO INCLUSA MURETA DE ALVENARIA). AF_07/2020_PS","UN",1090.32,101516,null,1071.3900000000001,1090.32]
[null,101517,"ENTRADA DE ENERGIA ELÉTRICA, SUBTERRÂNEA, MONOFÁSICA, COM CAIXA DE EMBUTIR, CABO DE 10 MM2 E DISJUNTOR DIN 50A (NÃO INCLUSA MURETA DE ALVENARIA). AF_07/2020_PS","UN",{"$f":"IF($K$2=$H$1,H3331,I3331)","v":756.32},{"$f":"IF(LEN($B3331)=7,CONCATENATE(MID($B3331,1,6),\"00\",RIGHT($B3331,1)),IF(LEN($B3331)=8,CONCATENATE(MID($B3331,1,6),\"0\",RIGHT($B3331,2)),$B3331))","v":101517},null,738.96,756.32]
[null,101518,"ENTRADA DE ENERGIA ELÉTRICA, SUBTERRÂNEA, MONOFÁSICA, COM CAIXA DE EMBUTIR, CABO DE 16 MM2 E DISJUNTOR DIN 50A (NÃO INCLUSA MURETA DE ALVENARIA). AF_07/2020_PS","UN",884.75,101518,null,864.76,884.75]
[null,101519,"ENTRADA DE ENERGIA ELÉTRICA, SUBTERRÂNEA, MONOFÁSICA, COM CAIXA DE EMBUTIR, CABO DE 25 MM2 E DISJUNTOR DIN 50A (NÃO INCLUSA MURETA DE ALVENARIA). AF_07/2020_PS","UN",924.75,101519,null,908.32,924.75]
[null,101520,"ENTRADA DE ENERGIA ELÉTRICA, SUBTERRÂNEA, MONOFÁSICA, COM CAIXA DE EMBUTIR, CABO DE 35 MM2 E DISJUNTOR DIN 50A (NÃO INCLUSA MURETA DE ALVENARIA). AF_07/2020_PS","UN",1076.42,101520,null,1059.33,1076.42]
[null,101521,"ENTRADA DE ENERGIA ELÉTRICA, SUBTERRÂNEA, BIFÁSICA, COM CAIXA DE SOBREPOR, CABO DE 10 MM2 E DISJUNTOR DIN 50A (NÃO INCLUSA MURETA DE ALVENARIA). AF_07/2020_PS","UN",1056.51,101521,null,1033.94,1056.51]
[null,101522,"ENTRADA DE ENERGIA ELÉTRICA, SUBTERRÂNEA, BIFÁSICA, COM CAIXA DE SOBREPOR, CABO DE 16 MM2 E DISJUNTOR DIN 50A (NÃO INCLUSA MURETA DE ALVENARIA). AF_07/2020_PS","UN",1249.17,101522,null,1222.6300000000001,1249.17]
[null,101523,"ENTRADA DE ENERGIA ELÉTRICA, SUBTERRÂNEA, BIFÁSICA, COM CAIXA DE SOBREPOR, CABO DE 25 MM2 E DISJUNTOR DIN 50A (NÃO INCLUSA MURETA DE ALVENARIA). AF_07/2020_PS","UN",1309.1600000000001,101523,null,1287.97,1309.1600000000001]
[null,101524,"ENTRADA DE ENERGIA ELÉTRICA, SUBTERRÂNEA, BIFÁSICA, COM CAIXA DE SOBREPOR, CABO DE 35 MM2 E DISJUNTOR DIN 50A (NÃO INCLUSA MURETA DE ALVENARIA). AF_07/2020_PS","UN",1536.66,101524,null,1514.48,1536.66]
[null,101525,"ENTRADA DE ENERGIA ELÉTRICA, SUBTERRÂNEA, BIFÁSICA, COM CAIXA DE EMBUTIR, CABO DE 10 MM2 E DISJUNTOR DIN 50A (NÃO INCLUSA MURETA DE ALVENARIA). AF_07/2020_PS","UN",1050.8499999999999,101525,null,1029.73,1050.8499999999999]
[null,101526,"ENTRADA DE ENERGIA ELÉTRICA, SUBTERRÂNEA, BIFÁSICA, COM CAIXA DE EMBUTIR, CABO DE 16 MM2 E DISJUNTOR DIN 50A (NÃO INCLUSA MURETA DE ALVENARIA). AF_07/2020_PS","UN",1243.51,101526,null,1218.42,1243.51]
[null,101527,"ENTRADA DE ENERGIA ELÉTRICA, SUBTERRÂNEA, BIFÁSICA, COM CAIXA DE EMBUTIR, CABO DE 25 MM2 E DISJUNTOR DIN 50A (NÃO INCLUSA MURETA DE ALVENARIA). AF_07/2020_PS","UN",1303.5,101527,null,1283.76,1303.5]
[null,101528,"ENTRADA DE ENERGIA ELÉTRICA, SUBTERRÂNEA, BIFÁSICA, COM CAIXA DE EMBUTIR, CABO DE 35 MM2 E DISJUNTOR DIN 50A (NÃO INCLUSA MURETA DE ALVENARIA). AF_07/2020_PS","UN",1531,101528,null,1510.27,1531]
[null,101529,"ENTRADA DE ENERGIA ELÉTRICA, SUBTERRÂNEA, TRIFÁSICA, COM CAIXA DE SOBREPOR, CABO DE 10 MM2 E DISJUNTOR DIN 50A (NÃO INCLUSA MURETA DE ALVENARIA). AF_07/2020_PS","UN",1193.46,101529,null,1167.49,1193.46]
[null,101530,"ENTRADA DE ENERGIA ELÉTRICA, SUBTERRÂNEA, TRIFÁSICA, COM CAIXA DE SOBREPOR, CABO DE 16 MM2 E DISJUNTOR DIN 50A (NÃO INCLUSA MURETA DE ALVENARIA). AF_07/2020_PS","UN",1450.33,101530,null,1419.08,1450.33]
[null,101531,"ENTRADA DE ENERGIA ELÉTRICA, SUBTERRÂNEA, TRIFÁSICA, COM CAIXA DE SOBREPOR, CABO DE 25 MM2 E DISJUNTOR DIN 50A (NÃO INCLUSA MURETA DE ALVENARIA). AF_07/2020_PS","UN",1530.32,101531,null,1506.2,1530.32]
[null,101532,"ENTRADA DE ENERGIA ELÉTRICA, SUBTERRÂNEA, TRIFÁSICA, COM CAIXA DE SOBREPOR, CABO DE 35 MM2 E DISJUNTOR DIN 50A (NÃO INCLUSA MURETA DE ALVENARIA). AF_07/2020_PS","UN",1833.66,101532,null,1808.22,1833.66]
[null,101533,"ENTRADA DE ENERGIA ELÉTRICA, SUBTERRÂNEA, TRIFÁSICA, COM CAIXA DE EMBUTIR, CABO DE 10 MM2 E DISJUNTOR DIN 50A (NÃO INCLUSA MURETA DE ALVENARIA). AF_07/2020","UN",1292.82,101533,null,1268.23,1292.82]
[null,101534,"ENTRADA DE ENERGIA ELÉTRICA, SUBTERRÂNEA, TRIFÁSICA, COM CAIXA DE EMBUTIR, CABO DE 16 MM2 E DISJUNTOR DIN 50A (NÃO INCLUSA MURETA DE ALVENARIA). AF_07/2020","UN",1549.69,101534,null,1519.82,1549.69]
[null,101535,"ENTRADA DE ENERGIA ELÉTRICA, SUBTERRÂNEA, TRIFÁSICA, COM CAIXA DE EMBUTIR, CABO DE 25 MM2 E DISJUNTOR DIN 50A (NÃO INCLUSA MURETA DE ALVENARIA). AF_07/2020","UN",1629.68,101535,null,1606.94,1629.68]
[null,101536,"ENTRADA DE ENERGIA ELÉTRICA, SUBTERRÂNEA, TRIFÁSICA, COM CAIXA DE EMBUTIR, CABO DE 35 MM2 E DISJUNTOR DIN 50A (NÃO INCLUSA MURETA DE ALVENARIA). AF_07/2020","UN",1933.02,101536,null,1908.96,1933.02]
[null,101537,"APARELHO SINALIZADOR DE SAÍDA DE GARAGEM, COM CÉLULA FOTOELÉTRICA - FORNECIMENTO E INSTALAÇÃO. AF_07/2020","UN",82.89,101537,null,78.84,82.89]
[null,101538,"ARMAÇÃO SECUNDÁRIA, COM 1 ESTRIBO E 1 ISOLADOR - FORNECIMENTO E INSTALAÇÃO. AF_07/2020","UN",55.96,101538,null,54.82,55.96]
[null,101539,"ARMAÇÃO SECUNDÁRIA, COM 2 ESTRIBOS E 2 ISOLADORES - FORNECIMENTO E INSTALAÇÃO. AF_07/2020","UN",90.82,101539,null,88.55,90.82]
[null,101540,"ARMAÇÃO SECUNDÁRIA, COM 3 ESTRIBOS E 3 ISOLADORES - FORNECIMENTO E INSTALAÇÃO. AF_07/2020","UN",154.99,101540,null,151.59,154.99]
[null,101541,"ARMAÇÃO SECUNDÁRIA, COM 4 ESTRIBOS E 4 ISOLADORES - FORNECIMENTO E INSTALAÇÃO. AF_07/2020","UN",201.71,101541,null,197.17,201.71]
[null,101542,"ARMAÇÃO SECUNDÁRIA, COM 1 ESTRIBO, SEM ISOLADOR - FORNECIMENTO E INSTALAÇÃO. AF_07/2020","UN",41.79,101542,null,40.840000000000003,41.79]
[null,101543,"ARMAÇÃO SECUNDÁRIA, COM 2 ESTRIBOS, SEM ISOLADOR - FORNECIMENTO E INSTALAÇÃO. AF_07/2020","UN",73.38,101543,null,71.48,73.38]
[null,101544,"ARMAÇÃO SECUNDÁRIA, COM 3 ESTRIBOS, SEM ISOLADOR - FORNECIMENTO E INSTALAÇÃO. AF_07/2020","UN",118.21,101544,null,115.37,118.21]
[null,101545,"ARMAÇÃO SECUNDÁRIA, COM 4 ESTRIBOS, SEM ISOLADOR - FORNECIMENTO E INSTALAÇÃO. AF_07/2020","UN",173,101545,null,169.2,173]
[null,101546,"ISOLADOR, TIPO PINO, PARA TENSÃO 15 KV - FORNECIMENTO E INSTALAÇÃO. AF_07/2020","UN",31.35,101546,null,31.15,31.35]
[null,101547,"ISOLADOR, TIPO DISCO, PARA TENSÃO 15 KV - FORNECIMENTO E INSTALAÇÃO. AF_07/2020","UN",98.34,101547,null,98.14,98.34]
[null,101548,"ISOLADOR, TIPO ROLDANA, PARA BAIXA TENSÃO - FORNECIMENTO E INSTALAÇÃO. AF_07/2020","UN",7.72,101548,null,7.52,7.72]
[null,101549,"GRAMPO PARALELO METÁLICO, PARA REDES AÉREAS DE DISTRIBUIÇÃO DE ENERGIA ELÉTRICA DE BAIXA TENSÃO - FORNECIMENTO E INSTALAÇÃO. AF_07/2020","UN",16.39,101549,null,15.79,16.39]
[null,101553,"ALÇA PREFORMADA DE DISTRIBUIÇÃO, EM  AÇO GALVANIZADO, AWG 1 - FORNECIMENTO E INSTALAÇÃO. AF_07/2020","UN",19.66,101553,null,19.18,19.66]
[null,101554,"ALÇA PREFORMADA DE DISTRIBUIÇÃO, EM  AÇO GALVANIZADO, AWG 2 - FORNECIMENTO E INSTALAÇÃO. AF_07/2020","UN",13.67,101554,null,13.19,13.67]
[null,101555,"ALÇA PREFORMADA DE DISTRIBUIÇÃO, EM  AÇO GALVANIZADO, AWG 4 - FORNECIMENTO E INSTALAÇÃO. AF_07/2020","UN",8.2100000000000009,101555,null,7.73,8.2100000000000009]
[null,101556,"ALÇA PREFORMADA DE DISTRIBUIÇÃO, EM  AÇO GALVANIZADO, AWG 6 - FORNECIMENTO E INSTALAÇÃO. AF_07/2020","UN",7.35,101556,null,6.87,7.35]
[null,101560,"CABO DE COBRE FLEXÍVEL ISOLADO, 10 MM², 0,6/1,0 KV, PARA REDE AÉREA DE DISTRIBUIÇÃO DE ENERGIA ELÉTRICA DE BAIXA TENSÃO - FORNECIMENTO E INSTALAÇÃO. AF_07/2020","M",11.18,101560,null,11.17,11.18]
[null,101561,"CABO DE COBRE FLEXÍVEL ISOLADO, 16 MM², 0,6/1,0 KV, PARA REDE AÉREA DE DISTRIBUIÇÃO DE ENERGIA ELÉTRICA DE BAIXA TENSÃO - FORNECIMENTO E INSTALAÇÃO. AF_07/2020","M",17.77,101561,null,17.760000000000002,17.77]
[null,101562,"CABO DE COBRE FLEXÍVEL ISOLADO, 25 MM², 0,6/1,0 KV, PARA REDE AÉREA DE DISTRIBUIÇÃO DE ENERGIA ELÉTRICA DE BAIXA TENSÃO - FORNECIMENTO E INSTALAÇÃO. AF_07/2020","M",27.51,101562,null,27.5,27.51]
[null,101563,"CABO DE COBRE FLEXÍVEL ISOLADO, 35 MM², 0,6/1,0 KV, PARA REDE AÉREA DE DISTRIBUIÇÃO DE ENERGIA ELÉTRICA DE BAIXA TENSÃO - FORNECIMENTO E INSTALAÇÃO. AF_07/2020","M",38.86,101563,null,38.85,38.86]
[null,101564,"CABO DE COBRE FLEXÍVEL ISOLADO, 50 MM², 0,6/1,0 KV, PARA REDE AÉREA DE DISTRIBUIÇÃO DE ENERGIA ELÉTRICA DE BAIXA TENSÃO - FORNECIMENTO E INSTALAÇÃO. AF_07/2020","M",57.43,101564,null,57.42,57.43]
[null,101565,"CABO DE COBRE FLEXÍVEL ISOLADO, 70 MM², 0,6/1,0 KV, PARA REDE AÉREA DE DISTRIBUIÇÃO DE ENERGIA ELÉTRICA DE BAIXA TENSÃO - FORNECIMENTO E INSTALAÇÃO. AF_07/2020","M",80.31,101565,null,80.3,80.31]
[null,101567,"CABO DE COBRE FLEXÍVEL ISOLADO, 95 MM², 0,6/1,0 KV, PARA REDE AÉREA DE DISTRIBUIÇÃO DE ENERGIA ELÉTRICA DE BAIXA TENSÃO - FORNECIMENTO E INSTALAÇÃO. AF_07/2020","M",104.25,101567,null,104.24,104.25]
[null,101568,"CABO DE COBRE FLEXÍVEL ISOLADO, 120 MM², 0,6/1,0 KV, PARA REDE AÉREA DE DISTRIBUIÇÃO DE ENERGIA ELÉTRICA DE BAIXA TENSÃO - FORNECIMENTO E INSTALAÇÃO. AF_07/2020","M",136.31,101568,null,136.30000000000001,136.31]
[null,101630,"SUBSTITUIÇÃO DE REATOR PARA ILUMINAÇÃO PÚBLICA (NÃO INCLUI FORNECIMENTO). AF_08/2020","UN",82.24,101630,null,79.88,82.24]
[null,101632,"RELÉ FOTOELÉTRICO PARA COMANDO DE ILUMINAÇÃO EXTERNA 1000 W - FORNECIMENTO E INSTALAÇÃO. AF_08/2020","UN",39.979999999999997,101632,null,39.909999999999997,39.979999999999997]
[null,101633,"SUBSTITUIÇÃO DE RELÉ FOTOELÉTRICO PARA COMANDO DE ILUMINAÇÃO EXTERNA 1000 W - FORNECIMENTO E INSTALAÇÃO. AF_08/2020","UN",109.55,101633,null,108.4,109.55]
[null,101636,"BRAÇO PARA ILUMINAÇÃO PÚBLICA, EM TUBO DE AÇO GALVANIZADO, COMPRIMENTO DE 1,50 M, PARA FIXAÇÃO EM POSTE DE CONCRETO - FORNECIMENTO E INSTALAÇÃO. AF_08/2020","UN",159.04,101636,null,154.72,159.04]
[null,101637,"BRAÇO PARA ILUMINAÇÃO PÚBLICA, EM TUBO DE AÇO GALVANIZADO, COMPRIMENTO DE 1,50 M, PARA FIXAÇÃO EM POSTE METÁLICO - FORNECIMENTO E INSTALAÇÃO. AF_08/2020","UN",153.19999999999999,101637,null,148.88,153.19999999999999]
[null,101651,"SUBSTITUIÇÃO DE LÂMPADA PARA ILUMINAÇÃO PÚBLICA (NÃO INCLUI FORNECIMENTO). AF_08/2020","UN",71.58,101651,null,70.31,71.58]
[null,101653,"LUMINÁRIA ABERTA PARA ILUMINAÇÃO PÚBLICA, PARA LÂMPADA VAPOR DE MERCÚRIO ATÉ 400 W E MISTA ATÉ 500 W, COM BRAÇO EM TUBO DE AÇO GALV 1\", COMPRIMENTO DE 1,50 M, PARA POSTE DE CONCRETO - FORNECIMENTO E INSTALAÇÃO (EXCLUSIVE LÂMPADA E REATOR). AF_08/2020","UN",290.64,101653,null,282.27,290.64]
[null,101654,"LUMINÁRIA DE LED PARA ILUMINAÇÃO PÚBLICA, DE 33 W ATÉ 50 W - FORNECIMENTO E INSTALAÇÃO. AF_08/2020","UN",183.2,101654,null,181.03,183.2]
[null,101655,"LUMINÁRIA DE LED PARA ILUMINAÇÃO PÚBLICA, DE 51 W ATÉ 67 W - FORNECIMENTO E INSTALAÇÃO. AF_08/2020","UN",270.11,101655,null,267.94,270.11]
[null,101656,"LUMINÁRIA DE LED PARA ILUMINAÇÃO PÚBLICA, DE 68 W ATÉ 97 W - FORNECIMENTO E INSTALAÇÃO. AF_08/2020","UN",290.39999999999998,101656,null,288.23,290.39999999999998]
[null,101657,"LUMINÁRIA DE LED PARA ILUMINAÇÃO PÚBLICA, DE 98 W ATÉ 137 W - FORNECIMENTO E INSTALAÇÃO. AF_08/2020","UN",333.63,101657,null,331.46,333.63]
[null,101658,"LUMINÁRIA DE LED PARA ILUMINAÇÃO PÚBLICA, DE 138 W ATÉ 180 W - FORNECIMENTO E INSTALAÇÃO. AF_08/2020","UN",422.51,101658,null,420.34,422.51]
[null,101659,"LUMINÁRIA DE LED PARA ILUMINAÇÃO PÚBLICA, DE 181 W ATÉ 239 W - FORNECIMENTO E INSTALAÇÃO. AF_08/2020","UN",477.8,101659,null,475.63,477.8]
[null,101660,"LUMINÁRIA DE LED PARA ILUMINAÇÃO PÚBLICA, DE 240 W ATÉ 350 W - FORNECIMENTO E INSTALAÇÃO. AF_08/2020","UN",738.76,101660,null,736.59,738.76]
[null,101661,"SUBSTITUIÇÃO DE LUMINÁRIA DE VAPOR DE MERCÚRIO/VAPOR DE SÓDIO POR LUMINÁRIA DE LED PARA ILUMINAÇÃO PÚBLICA (NÃO INCLUI FORNECIMENTO). AF_08/2020","UN",119.74,101661,null,113.55,119.74]
[null,101663,"ABRAÇADEIRA DE FIXAÇÃO DE BRAÇOS DE LUMINÁRIAS DE 2\" - FORNECIMENTO E INSTALAÇÃO. AF_08/2020","UN",25.82,101663,null,23.98,25.82]
[null,101664,"ABRAÇADEIRA DE FIXAÇÃO DE BRAÇOS DE LUMINÁRIAS DE 3\" - FORNECIMENTO E INSTALAÇÃO. AF_08/2020","UN",26.98,101664,null,25.14,26.98]
[null,101665,"ABRAÇADEIRA DE FIXAÇÃO DE BRAÇOS DE LUMINÁRIAS DE 4\" - FORNECIMENTO E INSTALAÇÃO. AF_08/2020","UN",31.96,101665,null,30.12,31.96]
[null,100578,"ASSENTAMENTO DE POSTE DE CONCRETO COM COMPRIMENTO NOMINAL DE 9 M, CARGA NOMINAL MENOR OU IGUAL A 1000 DAN, ENGASTAMENTO SIMPLES COM 1,5 M DE SOLO (NÃO INCLUI FORNECIMENTO). AF_11/2019","UN",522.46,100578,null,508.24,522.46]
[null,100579,"ASSENTAMENTO DE POSTE DE CONCRETO COM COMPRIMENTO NOMINAL DE 10 M, CARGA NOMINAL MENOR OU IGUAL A 1000 DAN, ENGASTAMENTO SIMPLES COM 1,6 M DE SOLO (NÃO INCLUI FORNECIMENTO). AF_11/2019","UN",{"$f":"IF($K$2=$H$1,H3395,I3395)","v":573.63},{"$f":"IF(LEN($B3395)=7,CONCATENATE(MID($B3395,1,6),\"00\",RIGHT($B3395,1)),IF(LEN($B3395)=8,CONCATENATE(MID($B3395,1,6),\"0\",RIGHT($B3395,2)),$B3395))","v":100579},null,558.34,573.63]
[null,100580,"ASSENTAMENTO DE POSTE DE CONCRETO COM COMPRIMENTO NOMINAL DE 10 M, CARGA NOMINAL MAIOR QUE 1000 DAN, ENGASTAMENTO SIMPLES COM 1,6 M DE SOLO (NÃO INCLUI FORNECIMENTO). AF_11/2019","UN",620.61,100580,null,600.70000000000005,620.61]
[null,100581,"ASSENTAMENTO DE POSTE DE CONCRETO COM COMPRIMENTO NOMINAL DE 10,5 M, CARGA NOMINAL MENOR OU IGUAL A 1000 DAN, ENGASTAMENTO SIMPLES COM 1,65 M DE SOLO (NÃO INCLUI FORNECIMENTO). AF_11/2019","UN",598.99,100581,null,583.17999999999995,598.99]
[null,100582,"ASSENTAMENTO DE POSTE DE CONCRETO COM COMPRIMENTO NOMINAL DE 10,5 M, CARGA NOMINAL MAIOR QUE 1000 DAN, ENGASTAMENTO SIMPLES COM 1,65 M DE SOLO (NÃO INCLUI FORNECIMENTO). AF_11/2019","UN",683.58,100582,null,659.4,683.58]
[null,100583,"ASSENTAMENTO DE POSTE DE CONCRETO COM COMPRIMENTO NOMINAL DE 11 M, CARGA NOMINAL MENOR OU IGUAL A 1000 DAN, ENGASTAMENTO SIMPLES COM 1,7 M DE SOLO (NÃO INCLUI FORNECIMENTO). AF_11/2019","UN",625.91999999999996,100583,null,609.46,625.91999999999996]
[null,100584,"ASSENTAMENTO DE POSTE DE CONCRETO COM COMPRIMENTO NOMINAL DE 11 M, CARGA NOMINAL MAIOR QUE 1000 DAN, ENGASTAMENTO SIMPLES COM 1,7 M DE SOLO (NÃO INCLUI FORNECIMENTO). AF_11/2019","UN",676.85,100584,null,655.38,676.85]
[null,100585,"ASSENTAMENTO DE POSTE DE CONCRETO COM COMPRIMENTO NOMINAL DE 12 M, CARGA NOMINAL MENOR OU IGUAL A 1000 DAN, ENGASTAMENTO SIMPLES COM 1,8 M DE SOLO (NÃO INCLUI FORNECIMENTO). AF_11/2019","UN",678.44,100585,null,660.78,678.44]
[null,100586,"ASSENTAMENTO DE POSTE DE CONCRETO COM COMPRIMENTO NOMINAL DE 12 M, CARGA NOMINAL MAIOR QUE 1000 DAN, ENGASTAMENTO SIMPLES COM 1,8 M DE SOLO (NÃO INCLUI FORNECIMENTO). AF_11/2019","UN",759.67,100586,null,734.06,759.67]
[null,100587,"ASSENTAMENTO DE POSTE DE CONCRETO COM COMPRIMENTO NOMINAL DE 13 M, CARGA NOMINAL MENOR OU IGUAL A 1000 DAN, ENGASTAMENTO SIMPLES COM 1,9 M DE SOLO (NÃO INCLUI FORNECIMENTO). AF_11/2019","UN",732.53,100587,null,713.51,732.53]
[null,100588,"ASSENTAMENTO DE POSTE DE CONCRETO COM COMPRIMENTO NOMINAL DE 13 M, CARGA NOMINAL MAIOR QUE 1000 DAN, ENGASTAMENTO SIMPLES COM 1,9 M DE SOLO (NÃO INCLUI FORNECIMENTO). AF_11/2019","UN",795.7,100588,null,770.5,795.7]
[null,100589,"ASSENTAMENTO DE POSTE DE CONCRETO COM COMPRIMENTO NOMINAL DE 13,5 M, CARGA NOMINAL MENOR OU IGUAL A 1000 DAN, ENGASTAMENTO SIMPLES COM 1,95 M DE SOLO (NÃO INCLUI FORNECIMENTO). AF_11/2019","UN",803.15,100589,null,779.06,803.15]
[null,100590,"ASSENTAMENTO DE POSTE DE CONCRETO COM COMPRIMENTO NOMINAL DE 13,5 M, CARGA NOMINAL MAIOR QUE 1000 DAN, ENGASTAMENTO SIMPLES COM 1,95 M DE SOLO (NÃO INCLUI FORNECIMENTO). AF_11/2019","UN",865.39,100590,null,835.11,865.39]
[null,100591,"ASSENTAMENTO DE POSTE DE CONCRETO COM COMPRIMENTO NOMINAL DE 14 M, CARGA NOMINAL MENOR OU IGUAL A 1000 DAN, ENGASTAMENTO SIMPLES COM 2 M DE SOLO (NÃO INCLUI FORNECIMENTO). AF_11/2019","UN",803.3,100591,null,781.33,803.3]
[null,100592,"ASSENTAMENTO DE POSTE DE CONCRETO COM COMPRIMENTO NOMINAL DE 14 M, CARGA NOMINAL MAIOR QUE 1000 DAN, ENGASTAMENTO SIMPLES COM 2 M DE SOLO (NÃO INCLUI FORNECIMENTO). AF_11/2019","UN",854.92,100592,null,827.85,854.92]
[null,100593,"ASSENTAMENTO DE POSTE DE CONCRETO COM COMPRIMENTO NOMINAL DE 15 M, CARGA NOMINAL MENOR OU IGUAL A 1000 DAN, ENGASTAMENTO SIMPLES COM 2,1 M DE SOLO (NÃO INCLUI FORNECIMENTO). AF_11/2019","UN",860.26,100593,null,836.65,860.26]
[null,100594,"ASSENTAMENTO DE POSTE DE CONCRETO COM COMPRIMENTO NOMINAL DE 15 M, CARGA NOMINAL MAIOR QUE 1000 DAN, ENGASTAMENTO SIMPLES COM 2,1 M DE SOLO (NÃO INCLUI FORNECIMENTO). AF_11/2019","UN",947.91,100594,null,915.72,947.91]
[null,100595,"ASSENTAMENTO DE POSTE DE CONCRETO COM COMPRIMENTO NOMINAL DE 18 M, CARGA NOMINAL MENOR OU IGUAL A 1000 DAN, ENGASTAMENTO SIMPLES COM 2,4 M DE SOLO (NÃO INCLUI FORNECIMENTO). AF_11/2019","UN",1031.02,100595,null,1002.47,1031.02]
[null,100596,"ASSENTAMENTO DE POSTE DE CONCRETO COM COMPRIMENTO NOMINAL DE 18 M, CARGA NOMINAL MAIOR QUE 1000 DAN, ENGASTAMENTO SIMPLES COM 2,4 M DE SOLO (NÃO INCLUI FORNECIMENTO). AF_11/2019","UN",1149.42,100596,null,1109.3499999999999,1149.42]
[null,100597,"ASSENTAMENTO DE POSTE DE CONCRETO COM COMPRIMENTO NOMINAL DE 20 M, CARGA NOMINAL MENOR OU IGUAL A 1000 DAN, ENGASTAMENTO SIMPLES COM 2,6 M DE SOLO (NÃO INCLUI FORNECIMENTO). AF_11/2019","UN",1185.0899999999999,100597,null,1149.31,1185.0899999999999]
[null,100598,"ASSENTAMENTO DE POSTE DE CONCRETO COM COMPRIMENTO NOMINAL DE 20 M, CARGA NOMINAL MAIOR QUE 1000, ENGASTAMENTO SIMPLES COM 2,6 M DE SOLO (NÃO INCLUI FORNECIMENTO). AF_11/2019","UN",1282.73,100598,null,1237.44,1282.73]
[null,100599,"ASSENTAMENTO DE POSTE DE CONCRETO COM COMPRIMENTO NOMINAL DE 9 M, CARGA NOMINAL DE 150 DAN, ENGASTAMENTO BASE CONCRETADA COM 1 M DE CONCRETO E 0,5 M DE SOLO (NÃO INCLUI FORNECIMENTO). AF_11/2019","UN",557.83000000000004,100599,null,545.98,557.83000000000004]
[null,100600,"ASSENTAMENTO DE POSTE DE CONCRETO COM COMPRIMENTO NOMINAL DE 9 M, CARGA NOMINAL DE 300 DAN, ENGASTAMENTO BASE CONCRETADA COM 1 M DE CONCRETO E 0,5 M DE SOLO (NÃO INCLUI FORNECIMENTO). AF_11/2019","UN",661.06,100600,null,643.82000000000005,661.06]
[null,100601,"ASSENTAMENTO DE POSTE DE CONCRETO COM COMPRIMENTO NOMINAL DE 9 M, CARGA NOMINAL DE 400 DAN, ENGASTAMENTO BASE CONCRETADA COM 1 M DE CONCRETO E 0,5 M DE SOLO (NÃO INCLUI FORNECIMENTO). AF_11/2019","UN",841.09,100601,null,815.8,841.09]
[null,100602,"ASSENTAMENTO DE POSTE DE CONCRETO COM COMPRIMENTO NOMINAL DE 9 M, CARGA NOMINAL DE 600 DAN, ENGASTAMENTO BASE CONCRETADA COM 1 M DE CONCRETO E 0,5 M DE SOLO (NÃO INCLUI FORNECIMENTO). AF_11/2019","UN",1065.6199999999999,100602,null,1030.27,1065.6199999999999]
[null,100603,"ASSENTAMENTO DE POSTE DE CONCRETO COM COMPRIMENTO NOMINAL DE 9 M, CARGA NOMINAL DE 1000 DAN, ENGASTAMENTO BASE CONCRETADA COM 1 M DE CONCRETO E 0,5 M DE SOLO (NÃO INCLUI FORNECIMENTO). AF_11/2019","UN",1641.17,100603,null,1579.59,1641.17]
[null,100604,"ASSENTAMENTO DE POSTE DE CONCRETO COM COMPRIMENTO NOMINAL DE 10 M, CARGA NOMINAL DE 300 DAN, ENGASTAMENTO BASE CONCRETADA COM 1 M DE CONCRETO E 0,6 M DE SOLO (NÃO INCLUI FORNECIMENTO). AF_11/2019","UN",701.44,100604,null,683.65,701.44]
[null,100605,"ASSENTAMENTO DE POSTE DE CONCRETO COM COMPRIMENTO NOMINAL DE 10 M, CARGA NOMINAL DE 600 DAN, ENGASTAMENTO BASE CONCRETADA COM 1 M DE CONCRETO E 0,6 M DE SOLO (NÃO INCLUI FORNECIMENTO). AF_11/2019","UN",1114.3599999999999,100605,null,1077.55,1114.3599999999999]
[null,100606,"ASSENTAMENTO DE POSTE DE CONCRETO COM COMPRIMENTO NOMINAL DE 10 M, CARGA NOMINAL DE 1000 DAN, ENGASTAMENTO BASE CONCRETADA COM 1 M DE CONCRETO E 0,6 M DE SOLO (NÃO INCLUI FORNECIMENTO). AF_11/2019","UN",1700.55,100606,null,1636.29,1700.55]
[null,100607,"ASSENTAMENTO DE POSTE DE CONCRETO COM COMPRIMENTO NOMINAL DE 10,5 M, CARGA NOMINAL DE 300 DAN, ENGASTAMENTO BASE CONCRETADA COM 1 M DE CONCRETO E 0,65 M DE SOLO (NÃO INCLUI FORNECIMENTO). AF_11/2019","UN",720.57,100607,null,702.53,720.57]
[null,100608,"ASSENTAMENTO DE POSTE DE CONCRETO COM COMPRIMENTO NOMINAL DE 10,5 M, CARGA NOMINAL DE 600 DAN, ENGASTAMENTO BASE CONCRETADA COM 1 M DE CONCRETO E 0,65 M DE SOLO (NÃO INCLUI FORNECIMENTO). AF_11/2019","UN",1138.3699999999999,100608,null,1100.8499999999999,1138.3699999999999]
[null,100609,"ASSENTAMENTO DE POSTE DE CONCRETO COM COMPRIMENTO NOMINAL DE 10,5 M, CARGA NOMINAL DE 1000 DAN, ENGASTAMENTO BASE CONCRETADA COM 1 M DE CONCRETO E 0,65 M DE SOLO (NÃO INCLUI FORNECIMENTO). AF_11/2019","UN",1732.16,100609,null,1666.41,1732.16]
[null,100610,"ASSENTAMENTO DE POSTE DE CONCRETO COM COMPRIMENTO NOMINAL DE 11 M, CARGA NOMINAL DE 300 DAN, ENGASTAMENTO BASE CONCRETADA COM 1 M DE CONCRETO E 0,7 M DE SOLO (NÃO INCLUI FORNECIMENTO). AF_11/2019","UN",739.68,100610,null,721.41,739.68]
[null,100611,"ASSENTAMENTO DE POSTE DE CONCRETO COM COMPRIMENTO NOMINAL DE 11 M, CARGA NOMINAL DE 400 DAN, ENGASTAMENTO BASE CONCRETADA COM 1 M DE CONCRETO E 0,7 M DE SOLO (NÃO INCLUI FORNECIMENTO). AF_11/2019","UN",927.07,100611,null,899.94,927.07]
[null,100612,"ASSENTAMENTO DE POSTE DE CONCRETO COM COMPRIMENTO NOMINAL DE 11 M, CARGA NOMINAL DE 600 DAN, ENGASTAMENTO BASE CONCRETADA COM 1 M DE CONCRETO E 0,7 M DE SOLO (NÃO INCLUI FORNECIMENTO). AF_11/2019","UN",1161.92,100612,null,1123.73,1161.92]
[null,100613,"ASSENTAMENTO DE POSTE DE CONCRETO COM COMPRIMENTO NOMINAL DE 11 M, CARGA NOMINAL DE 1000 DAN, ENGASTAMENTO BASE CONCRETADA COM 1 M DE CONCRETO E 0,7 M DE SOLO (NÃO INCLUI FORNECIMENTO). AF_11/2019","UN",1762.93,100613,null,1695.7,1762.93]
[null,100614,"ASSENTAMENTO DE POSTE DE CONCRETO COM COMPRIMENTO NOMINAL DE 12 M, CARGA NOMINAL DE 400 DAN, ENGASTAMENTO BASE CONCRETADA COM 1 M DE CONCRETO E 0,8 M DE SOLO (NÃO INCLUI FORNECIMENTO). AF_11/2019","UN",969.29,100614,null,941.3,969.29]
[null,100615,"ASSENTAMENTO DE POSTE DE CONCRETO COM COMPRIMENTO NOMINAL DE 12 M, CARGA NOMINAL DE 600 DAN, ENGASTAMENTO BASE CONCRETADA COM 1 M DE CONCRETO E 0,8 M DE SOLO (NÃO INCLUI FORNECIMENTO). AF_11/2019","UN",1208.57,100615,null,1169,1208.57]
[null,100616,"ASSENTAMENTO DE POSTE DE CONCRETO COM COMPRIMENTO NOMINAL DE 12 M, CARGA NOMINAL DE 1000 DAN, ENGASTAMENTO BASE CONCRETADA COM 1 M DE CONCRETO E 0,8 M DE SOLO (NÃO INCLUI FORNECIMENTO). AF_11/2019","UN",1827.32,100616,null,1756.88,1827.32]
[null,100617,"ASSENTAMENTO DE POSTE DE CONCRETO COM COMPRIMENTO NOMINAL DE 13 M, CARGA NOMINAL DE 600 DAN, ENGASTAMENTO BASE CONCRETADA COM 1 M DE CONCRETO E 0,9 M DE SOLO (NÃO INCLUI FORNECIMENTO). AF_11/2019","UN",1254.93,100617,null,1213.98,1254.93]
[null,100618,"ASSENTAMENTO DE POSTE DE CONCRETO COM COMPRIMENTO NOMINAL DE 13 M, CARGA NOMINAL DE 1000 DAN, ENGASTAMENTO BASE CONCRETADA COM 1 M DE CONCRETO E 0,9 M DE SOLO - SOMENTE INSTALAÇÃO, SEM FORNECIMENTO. AF_11/2019","UN",1900.11,100618,null,1826.72,1900.11]
[null,100619,"POSTE DECORATIVO PARA JARDIM EM AÇO TUBULAR, H = *2,5* M, SEM LUMINÁRIA - FORNECIMENTO E INSTALAÇÃO. AF_11/2019","UN",563.07000000000005,100619,null,551.14,563.07000000000005]
[null,100620,"POSTE DE AÇO CONICO CONTÍNUO CURVO SIMPLES, FLANGEADO, H=9M, INCLUSIVE LUMINÁRIA, SEM LÂMPADA - FORNECIMENTO E INSTALACAO. AF_11/2019","UN",2687.84,100620,null,2679.86,2687.84]
[null,100621,"POSTE DE AÇO CONICO CONTÍNUO CURVO DUPLO, FLANGEADO, H=9M, INCLUSIVE LUMINÁRIAS, SEM LÂMPADAS - FORNECIMENTO E INSTALACAO. AF_11/2019","UN",3126.04,100621,null,3114.8,3126.04]
[null,100622,"POSTE DE AÇO CONICO CONTÍNUO CURVO SIMPLES, ENGASTADO, H=9M, INCLUSIVE LUMINÁRIA, SEM LÂMPADA - FORNECIMENTO E INSTALACAO. AF_11/2019","UN",2387.5700000000002,100622,null,2374.44,2387.5700000000002]
[null,100623,"POSTE DE AÇO CONICO CONTÍNUO CURVO DUPLO, ENGASTADO, H=9M, INCLUSIVE LUMINÁRIAS, SEM LÂMPADAS - FORNECIMENTO E INSTALACAO. AF_11/2019","UN",2572.37,100623,null,2555.98,2572.37]
[null,97605,"LUMINÁRIA ARANDELA TIPO MEIA LUA, DE SOBREPOR, COM 1 LÂMPADA LED DE 6 W, SEM REATOR - FORNECIMENTO E INSTALAÇÃO. AF_09/2024","UN",88.24,97605,null,86.9,88.24]
[null,97607,"LUMINÁRIA ARANDELA TIPO TARTARUGA, DE SOBREPOR, COM 1 LÂMPADA LED DE 6 W, SEM REATOR - FORNECIMENTO E INSTALAÇÃO. AF_09/2024","UN",111.82,97607,null,109.81,111.82]
[null,102102,"TRANSFORMADOR DE DISTRIBUIÇÃO, 30 KVA, TRIFÁSICO, 60 HZ, CLASSE 15 KV, IMERSO EM ÓLEO MINERAL, INSTALAÇÃO EM POSTE (NÃO INCLUSO SUPORTE) - FORNECIMENTO E INSTALAÇÃO. AF_12/2020","UN",20291.830000000002,102102,null,20247.77,20291.830000000002]
[null,102103,"TRANSFORMADOR DE DISTRIBUIÇÃO, 45 KVA, TRIFÁSICO, 60 HZ, CLASSE 15 KV, IMERSO EM ÓLEO MINERAL, INSTALAÇÃO EM POSTE (NÃO INCLUSO SUPORTE) - FORNECIMENTO E INSTALAÇÃO. AF_12/2020","UN",22623.58,102103,null,22578.74,22623.58]
[null,102104,"TRANSFORMADOR DE DISTRIBUIÇÃO, 75 KVA, TRIFÁSICO, 60 HZ, CLASSE 15 KV, IMERSO EM ÓLEO MINERAL, INSTALAÇÃO EM POSTE (NÃO INCLUSO SUPORTE) - FORNECIMENTO E INSTALAÇÃO. AF_12/2020","UN",29138.09,102104,null,29091.91,29138.09]
[null,102105,"TRANSFORMADOR DE DISTRIBUIÇÃO, 112,5 KVA, TRIFÁSICO, 60 HZ, CLASSE 15 KV, IMERSO EM ÓLEO MINERAL, INSTALAÇÃO EM POSTE (NÃO INCLUSO SUPORTE) - FORNECIMENTO E INSTALAÇÃO. AF_12/2020","UN",35907.68,102105,null,35860.160000000003,35907.68]
[null,102106,"TRANSFORMADOR DE DISTRIBUIÇÃO, 150 KVA, TRIFÁSICO, 60 HZ, CLASSE 15 KV, IMERSO EM ÓLEO MINERAL, INSTALAÇÃO EM POSTE (NÃO INCLUSO SUPORTE) - FORNECIMENTO E INSTALAÇÃO. AF_12/2020","UN",45163.71,102106,null,45115.41,45163.71]
[null,102107,"TRANSFORMADOR DE DISTRIBUIÇÃO, 225 KVA, TRIFÁSICO, 60 HZ, CLASSE 15 KV, IMERSO EM ÓLEO MINERAL, INSTALAÇÃO EM POSTE (NÃO INCLUSO SUPORTE) - FORNECIMENTO E INSTALAÇÃO. AF_12/2020","UN",63189.52,102107,null,63138.32,63189.52]
[null,102108,"TRANSFORMADOR DE DISTRIBUIÇÃO, 300 KVA, TRIFÁSICO, 60 HZ, CLASSE 15 KV, IMERSO EM ÓLEO MINERAL, INSTALAÇÃO EM POSTE (NÃO INCLUSO SUPORTE) - FORNECIMENTO E INSTALAÇÃO. AF_12/2020","UN",73653.09,102108,null,73600.11,73653.09]
[null,102109,"SUPORTE PARA TRANSFORMADOR EM POSTE DE CONCRETO CIRCULAR - FORNECIMENTO E INSTALAÇÃO. AF_12/2020","UN",72.66,102109,null,70.45,72.66]
[null,102110,"SUPORTE PARA TRANSFORMADOR EM POSTE DE CONCRETO DUPLO T - FORNECIMENTO E INSTALAÇÃO. AF_12/2020","UN",244.36,102110,null,242.15,244.36]
[null,103654,"TRANSFORMADOR DE DISTRIBUIÇÃO, 500KVA, TRIFÁSICO, 60 HZ, CLASSE 15 KV, IMERSO EM ÓLEO MINERAL, INSTALAÇÃO EM SOLO (NÃO INCLUSO ABRIGO) - FORNECIMENTO E INSTALAÇÃO. AF_02/2022","UN",119732.57,103654,null,119679.6,119732.57]
[null,103655,"TRANSFORMADOR DE DISTRIBUIÇÃO, 750 KVA, TRIFÁSICO, 60 HZ, CLASSE 15 KV, IMERSO EM ÓLEO MINERAL, INSTALAÇÃO EM SOLO (NÃO INCLUSO ABRIGO) - FORNECIMENTO E INSTALAÇÃO. AF_02/2022","UN",164125.49,103655,null,164063.47,164125.49]
[null,103656,"TRANSFORMADOR DE DISTRIBUIÇÃO, 1000 KVA, TRIFÁSICO, 60 HZ, CLASSE 15 KV, IMERSO EM ÓLEO MINERAL, INSTALAÇÃO EM SOLO (NÃO INCLUSO ABRIGO) - FORNECIMENTO E INSTALAÇÃO. AF_02/2022","UN",229632.64000000001,103656,null,229561.60000000001,229632.64000000001]
[null,96973,"CORDOALHA DE COBRE NU 35 MM², NÃO ENTERRADA, COM ISOLADOR - FORNECIMENTO E INSTALAÇÃO. AF_08/2023","M",72.3,96973,null,70.03,72.3]
[null,96974,"CORDOALHA DE COBRE NU 50 MM², NÃO ENTERRADA, COM ISOLADOR - FORNECIMENTO E INSTALAÇÃO. AF_08/2023","M",93.87,96974,null,91.24,93.87]
[null,96975,"CORDOALHA DE COBRE NU 70 MM², NÃO ENTERRADA, COM ISOLADOR - FORNECIMENTO E INSTALAÇÃO. AF_08/2023","M",116.64,96975,null,113.69,116.64]
[null,96976,"CORDOALHA DE COBRE NU 95 MM², NÃO ENTERRADA, COM ISOLADOR - FORNECIMENTO E INSTALAÇÃO. AF_08/2023","M",154.82,96976,null,151.57,154.82]
[null,96977,"CORDOALHA DE COBRE NU 50 MM², ENTERRADA - FORNECIMENTO E INSTALAÇÃO. AF_08/2023","M",62.47,96977,null,62.31,62.47]
[null,96978,"CORDOALHA DE COBRE NU 70 MM², ENTERRADA - FORNECIMENTO E INSTALAÇÃO. AF_08/2023","M",{"$f":"IF($K$2=$H$1,H3459,I3459)","v":82.34},{"$f":"IF(LEN($B3459)=7,CONCATENATE(MID($B3459,1,6),\"00\",RIGHT($B3459,1)),IF(LEN($B3459)=8,CONCATENATE(MID($B3459,1,6),\"0\",RIGHT($B3459,2)),$B3459))","v":96978},null,82.15,82.34]
[null,96979,"CORDOALHA DE COBRE NU 95 MM², ENTERRADA - FORNECIMENTO E INSTALAÇÃO. AF_08/2023","M",117.9,96979,null,117.67,117.9]
[null,96984,"ELETRODUTO PVC RÍGIDO, DIÂMETRO 40MM, COM 3 METROS, PARA SPDA - FORNECIMENTO E INSTALAÇÃO. AF_08/2023","UN",54.9,96984,null,51.19,54.9]
[null,96985,"HASTE DE ATERRAMENTO, DIÂMETRO 5/8\", COM 3 METROS - FORNECIMENTO E INSTALAÇÃO. AF_08/2023","UN",66.38,96985,null,65.150000000000006,66.38]
[null,96986,"HASTE DE ATERRAMENTO, DIÂMETRO 3/4\", COM 3 METROS - FORNECIMENTO E INSTALAÇÃO. AF_08/2023","UN",99.22,96986,null,97.29,99.22]
[null,96987,"BASE METÁLICA PARA MASTRO 1 ½\"  PARA SPDA - FORNECIMENTO E INSTALAÇÃO. AF_08/2023","UN",129.22999999999999,96987,null,123.35,129.22999999999999]
[null,96988,"MASTRO 1 ½\", COM 3 METROS, PARA SPDA - FORNECIMENTO E INSTALAÇÃO. AF_08/2023","UN",198.24,96988,null,197.41,198.24]
[null,96989,"CAPTOR TIPO FRANKLIN PARA SPDA - FORNECIMENTO E INSTALAÇÃO. AF_08/2023","UN",166.02,96989,null,165.35,166.02]
[null,98463,"SUPORTE ISOLADOR PARA FIXAÇÃO DA CORDOALHA DE COBRE EM ALVENARIA OU CONCRETO - FORNECIMENTO E INSTALAÇÃO. AF_08/2023","UN",26.25,98463,null,24.7,26.25]
[null,104746,"MINI CAPTOR PARA SPDA - FORNECIMENTO E INSTALAÇÃO. AF_08/2023","UN",28.95,104746,null,27.99,28.95]
[null,104749,"CONECTOR GRAMPO METÁLICO TIPO OLHAL, PARA SPDA, PARA HASTE DE ATERRAMENTO DE 3/4'' E CABOS DE 10 A 50 MM2 - FORNECIMENTO E INSTALAÇÃO. AF_08/2023","UN",17.37,104749,null,16.43,17.37]
[null,104750,"CONECTOR GRAMPO METÁLICO TIPO OLHAL, PARA SPDA, PARA HASTE DE ATERRAMENTO DE 5/8'' E CABOS DE 10 A 50 MM2 - FORNECIMENTO E INSTALAÇÃO. AF_08/2023","UN",14.21,104750,null,13.27,14.21]
[null,104751,"CONECTOR GRAMPO PARALELO METÁLICO, PARA SPDA, PARA CABOS DE 6 A 50 MM2 - FORNECIMENTO E INSTALAÇÃO. AF_08/2023","UN",19.63,104751,null,18.690000000000001,19.63]
[null,104752,"CONECTOR SPLIT-BOLT, PARA SPDA, PARA CABOS ATÉ 35 MM2 - FORNECIMENTO E INSTALAÇÃO. AF_08/2023","UN",21.73,104752,null,20.79,21.73]
[null,104753,"CONECTOR SPLIT-BOLT, PARA SPDA, PARA CABOS ATÉ 50 MM2 - FORNECIMENTO E INSTALAÇÃO. AF_08/2023","UN",26.84,104753,null,25.9,26.84]
[null,104754,"CONECTOR SPLIT-BOLT, PARA SPDA, PARA CABOS ATÉ 70 MM2 - FORNECIMENTO E INSTALAÇÃO. AF_08/2023","UN",35.590000000000003,104754,null,34.65,35.590000000000003]
[null,104755,"CONECTOR SPLIT-BOLT, PARA SPDA, PARA CABOS ATÉ 95 MM2 - FORNECIMENTO E INSTALAÇÃO. AF_08/2023","UN",49.17,104755,null,48.23,49.17]
[null,103490,"PLACA DE CONCRETO PRÉ-MOLDADO COMO PROTEÇÃO MECÂNICA ADICIONAL NO REATERRO PARA REDE ENTERRADA DE DISTRIBUIÇÃO DE ENERGIA ELÉTRICA - FORNECIMENTO E INSTALAÇÃO. AF_12/2021","M3",3151.74,103490,null,2946.95,3151.74]
[null,103491,"CONCRETAGEM COMO PROTEÇÃO MECÂNICA ADICIONAL NO REATERRO PARA REDE ENTERRADA DE DISTRIBUIÇÃO DE ENERGIA ELÉTRICA - FORNECIMENTO E INSTALAÇÃO. AF_12/2021","M3",660.36,103491,null,634.88,660.36]
[null,104758,"FURO MANUAL EM ALVENARIA, PARA INSTALAÇÕES ELÉTRICAS, DIÂMETROS MENORES OU IGUAIS A 40 MM. AF_09/2023","UN",14.34,104758,null,12.86,14.34]
[null,104759,"FURO MANUAL EM ALVENARIA, PARA INSTALAÇÕES ELÉTRICAS, DIÂMETROS MAIORES QUE 40 MM E MENORES OU IGUAIS A 75 MM. AF_09/2023","UN",38.25,104759,null,34.270000000000003,38.25]
[null,104760,"FURO MANUAL EM ALVENARIA, PARA INSTALAÇÕES ELÉTRICAS, DIÂMETROS MAIORES QUE 75 MM E MENORES OU IGUAIS A 100 MM. AF_09/2023","UN",55.87,104760,null,50.07,55.87]
[null,104761,"FURO MECANIZADO EM CONCRETO, COM MARTELO DEMOLIDOR, PARA INSTALAÇÕES ELÉTRICAS, DIÂMETROS MENORES OU IGUAIS A 40 MM. AF_09/2023","UN",7.96,104761,null,7.21,7.96]
[null,104762,"FURO MECANIZADO EM CONCRETO, COM MARTELO DEMOLIDOR, PARA INSTALAÇÕES ELÉTRICAS, DIÂMETROS MAIORES QUE 40 MM E MENORES OU IGUAIS A 75 MM. AF_09/2023","UN",21.24,104762,null,19.23,21.24]
[null,104763,"FURO MECANIZADO EM CONCRETO, COM MARTELO DEMOLIDOR, PARA INSTALAÇÕES ELÉTRICAS, DIÂMETROS MAIORES QUE 75 MM E MENORES OU IGUAIS A 150 MM. AF_09/2023","UN",31.02,104763,null,28.09,31.02]
[null,104764,"SUPORTE PARA 2 ELETRODUTOS, ESPAÇADO A CADA 80 CM, EM PERFILADO COM COMPRIMENTO DE 25 CM FIXADO EM LAJE, POR METRO DE ELETRODUTO FIXADO. AF_09/2023","M",19.72,104764,null,18.850000000000001,19.72]
[null,104765,"SUPORTE PARA 4 ELETRODUTOS, ESPAÇADO A CADA 80 CM, EM PERFILADO COM COMPRIMENTO DE 42 CM FIXADO EM LAJE, POR METRO DE ELETRODUTO FIXADO. AF_09/2023","M",15.7,104765,null,14.7,15.7]
[null,104766,"CHUMBAMENTO LINEAR EM ALVENARIA PARA ELETRODUTOS COM DIÂMETROS MENORES OU IGUAIS A 40 MM. AF_09/2023","M",15.46,104766,null,14.17,15.46]
[null,104768,"FURO MECANIZADO EM ALVENARIA, PARA INSTALAÇÕES ELÉTRICAS, DIÂMETROS MENORES OU IGUAIS A 40 MM. AF_09/2023","UN",0.6,104768,null,0.54,0.6]
[null,104770,"FURO MECANIZADO EM ALVENARIA, PARA INSTALAÇÕES ELÉTRICAS, DIÂMETROS MAIORES QUE 40 MM E MENORES OU IGUAIS A 75 MM. AF_09/2023","UN",1.62,104770,null,1.45,1.62]
[null,104772,"FURO MECANIZADO EM ALVENARIA, PARA INSTALAÇÕES ELÉTRICAS, DIÂMETROS MAIORES QUE 75 MM E MENORES OU IGUAIS A 100 MM. AF_09/2023","UN",2.36,104772,null,2.12,2.36]
[null,104774,"FURO MECANIZADO EM CONCRETO, COM PERFURATRIZ, PARA INSTALAÇÕES ELÉTRICAS, DIÂMETROS MENORES OU IGUAIS A 40 MM. AF_09/2023","UN",2.17,104774,null,1.98,2.17]
[null,104776,"FURO MECANIZADO EM CONCRETO, COM PERFURATRIZ, PARA INSTALAÇÕES ELÉTRICAS, DIÂMETROS MAIORES QUE 40 MM E MENORES OU IGUAIS A 75 MM. AF_09/2023","UN",5.79,104776,null,5.27,5.79]
[null,104778,"FURO MECANIZADO EM CONCRETO, COM PERFURATRIZ, PARA INSTALAÇÕES ELÉTRICAS, DIÂMETROS MAIORES QUE 75 MM E MENORES OU IGUAIS A 150 MM. AF_09/2023","UN",8.48,104778,null,7.71,8.48]
[null,104780,"RASGO LINEAR MECANIZADO EM ALVENARIA, PARA ELETRODUTOS, DIÂMETROS MENORES OU IGUAIS A 40 MM. AF_09/2023","M",4.79,104780,null,4.3,4.79]
[null,104785,"FIXAÇÃO DE ELETRODUTOS, DIÂMETROS MENORES OU IGUAIS A 40 MM, COM ABRAÇADEIRA METÁLICA RÍGIDA TIPO D COM PARAFUSO DE FIXAÇÃO 1 1/4\", FIXADA DIRETAMENTE NA LAJE OU PAREDE. AF_09/2023","M",12.11,104785,null,11.46,12.11]
[null,96765,"ABRIGO PARA HIDRANTE, 90X60X17CM, COM REGISTRO GLOBO ANGULAR 45 GRAUS 2 1/2\", ADAPTADOR STORZ 2 1/2\", MANGUEIRA DE INCÊNDIO 20M, REDUÇÃO 2 1/2\" X 1 1/2\" E ESGUICHO EM LATÃO 1 1/2\" - FORNECIMENTO E INSTALAÇÃO. AF_10/2020","UN",1435.84,96765,null,1421.02,1435.84]
[null,101905,"EXTINTOR DE INCÊNDIO PORTÁTIL COM CARGA DE ÁGUA PRESSURIZADA DE 10 L, CLASSE A - FORNECIMENTO E INSTALAÇÃO. AF_10/2020_PE","UN",222.71,101905,null,220.48,222.71]
[null,101906,"EXTINTOR DE INCÊNDIO PORTÁTIL COM CARGA DE CO2 DE 4 KG, CLASSE BC - FORNECIMENTO E INSTALAÇÃO. AF_10/2020_PE","UN",656.05,101906,null,653.82000000000005,656.05]
[null,101907,"EXTINTOR DE INCÊNDIO PORTÁTIL COM CARGA DE CO2 DE 6 KG, CLASSE BC - FORNECIMENTO E INSTALAÇÃO. AF_10/2020_PE","UN",708.85,101907,null,706.62,708.85]
[null,101908,"EXTINTOR DE INCÊNDIO PORTÁTIL COM CARGA DE PQS DE 4 KG, CLASSE BC - FORNECIMENTO E INSTALAÇÃO. AF_10/2020_PE","UN",216.11,101908,null,213.88,216.11]
[null,101909,"EXTINTOR DE INCÊNDIO PORTÁTIL COM CARGA DE PQS DE 6 KG, CLASSE BC - FORNECIMENTO E INSTALAÇÃO. AF_10/2020_PE","UN",251.31,101909,null,249.08,251.31]
[null,101910,"EXTINTOR DE INCÊNDIO PORTÁTIL COM CARGA DE PQS DE 8 KG, CLASSE BC - FORNECIMENTO E INSTALAÇÃO. AF_10/2020_PE","UN",295.3,101910,null,293.07,295.3]
[null,101911,"EXTINTOR DE INCÊNDIO PORTÁTIL COM CARGA DE PQS DE 12 KG, CLASSE BC - FORNECIMENTO E INSTALAÇÃO. AF_10/2020_PE","UN",339.29,101911,null,337.06,339.29]
[null,101912,"ABRIGO PARA HIDRANTE, 75X45X17CM, COM REGISTRO GLOBO ANGULAR 45 GRAUS 2 1/2\", ADAPTADOR STORZ 2 1/2\", MANGUEIRA DE INCÊNDIO 15M 2 1/2\" E ESGUICHO EM LATÃO 2 1/2\" - FORNECIMENTO E INSTALAÇÃO. AF_10/2020","UN",1895.2,101912,null,1879.38,1895.2]
[null,101913,"CAIXA DE INCÊNDIO 45X75X17CM - FORNECIMENTO E INSTALAÇÃO. AF_10/2020","UN",342.09,101913,null,336.79,342.09]
[null,101914,"CAIXA DE INCÊNDIO 60X90X17CM - FORNECIMENTO E INSTALAÇÃO. AF_10/2020","UN",436.07,101914,null,429.45,436.07]
[null,101915,"CONJUNTO DE MANGUEIRA PARA COMBATE A INCÊNDIO EM FIBRA DE POLIESTER PURA, COM 1.1/2\", REVESTIDA INTERNAMENTE, COMPRIMENTO DE 15M - FORNECIMENTO E INSTALAÇÃO. AF_10/2020","UN",429.07,101915,null,428.38,429.07]
[null,101916,"HIDRANTE SUBTERRÂNEO PREDIAL (COM CURVA LONGA E CAIXA), DN 75 MM - FORNECIMENTO E INSTALAÇÃO. AF_10/2020","UN",3372.02,101916,null,3350.35,3372.02]
[null,101917,"MANÔMETRO 0 A 200 PSI (0 A 14 KGF/CM2), D = 50MM - FORNECIMENTO E INSTALAÇÃO. AF_10/2020","UN",161.85,101917,null,157.74,161.85]
[null,98261,"CABO TELEFÔNICO CCI-50 1 PAR, INSTALADO EM ENTRADA DE EDIFICAÇÃO - FORNECIMENTO E INSTALAÇÃO. AF_11/2019","M",3.97,98261,null,3.67,3.97]
[null,98262,"CABO TELEFÔNICO CCI-50 2 PARES, SEM BLINDAGEM, INSTALADO EM ENTRADA DE EDIFICAÇÃO - FORNECIMENTO E INSTALAÇÃO. AF_11/2019","M",5.05,98262,null,4.7300000000000004,5.05]
[null,98263,"CABO TELEFÔNICO CCI-50 3 PARES, SEM BLINDAGEM, INSTALADO EM ENTRADA DE EDIFICAÇÃO - FORNECIMENTO E INSTALAÇÃO. AF_11/2019","M",5.28,98263,null,4.95,5.28]
[null,98264,"CABO TELEFÔNICO CCI-50 4 PARES, SEM BLINDAGEM, INSTALADO EM ENTRADA DE EDIFICAÇÃO - FORNECIMENTO E INSTALAÇÃO. AF_11/2019","M",6.44,98264,null,6.09,6.44]
[null,98265,"CABO TELEFÔNICO CCI-50 5 PARES, SEM BLINDAGEM, INSTALADO EM ENTRADA DE EDIFICAÇÃO - FORNECIMENTO E INSTALAÇÃO. AF_11/2019","M",7.21,98265,null,6.86,7.21]
[null,98266,"CABO TELEFÔNICO CCI-50 6 PARES, SEM BLINDAGEM, INSTALADO EM ENTRADA DE EDIFICAÇÃO - FORNECIMENTO E INSTALAÇÃO. AF_11/2019","M",8.2799999999999994,98266,null,7.92,8.2799999999999994]
[null,98267,"CABO TELEFÔNICO CI-50 10 PARES INSTALADO EM ENTRADA DE EDIFICAÇÃO - FORNECIMENTO E INSTALAÇÃO. AF_11/2019","M",13.31,98267,null,12.85,13.31]
[null,98268,"CABO TELEFÔNICO CI-50 20 PARES INSTALADO EM ENTRADA DE EDIFICAÇÃO - FORNECIMENTO E INSTALAÇÃO. AF_11/2019","M",21.87,98268,null,21.35,21.87]
[null,98269,"CABO TELEFÔNICO CI-50 30 PARES INSTALADO EM ENTRADA DE EDIFICAÇÃO - FORNECIMENTO E INSTALAÇÃO. AF_11/2019","M",30.16,98269,null,29.59,30.16]
[null,98270,"CABO TELEFÔNICO CI-50 50 PARES INSTALADO EM ENTRADA DE EDIFICAÇÃO - FORNECIMENTO E INSTALAÇÃO. AF_11/2019","M",45.95,98270,null,45.32,45.95]
[null,98271,"CABO TELEFÔNICO CI-50 75 PARES INSTALADO EM ENTRADA DE EDIFICAÇÃO - FORNECIMENTO E INSTALAÇÃO. AF_11/2019","M",65,98271,null,64.31,65]
[null,98272,"CABO TELEFÔNICO CI-50 200 PARES INSTALADO EM ENTRADA DE EDIFICAÇÃO - FORNECIMENTO E INSTALAÇÃO. AF_11/2019","M",150.43,98272,null,149.49,150.43]
[null,98273,"CABO TELEFÔNICO CCI-50 4 PARES, SEM BLINDAGEM, INSTALADO EM PRUMADA - FORNECIMENTO E INSTALAÇÃO. AF_11/2019","M",3.51,98273,null,3.47,3.51]
[null,98274,"CABO TELEFÔNICO CCI-50 5 PARES, SEM BLINDAGEM, INSTALADO EM PRUMADA - FORNECIMENTO E INSTALAÇÃO. AF_11/2019","M",4.2699999999999996,98274,null,4.22,4.2699999999999996]
[null,98275,"CABO TELEFÔNICO CCI-50 6 PARES, SEM BLINDAGEM, INSTALADO EM PRUMADA - FORNECIMENTO E INSTALAÇÃO. AF_11/2019","M",{"$f":"IF($K$2=$H$1,H3523,I3523)","v":5.34},{"$f":"IF(LEN($B3523)=7,CONCATENATE(MID($B3523,1,6),\"00\",RIGHT($B3523,1)),IF(LEN($B3523)=8,CONCATENATE(MID($B3523,1,6),\"0\",RIGHT($B3523,2)),$B3523))","v":98275},null,5.29,5.34]
[null,98276,"CABO TELEFÔNICO CI-50 10 PARES INSTALADO EM PRUMADA - FORNECIMENTO E INSTALAÇÃO. AF_11/2019","M",10.38,98276,null,10.220000000000001,10.38]
[null,98277,"CABO TELEFÔNICO CI-50 20 PARES INSTALADO EM PRUMADA - FORNECIMENTO E INSTALAÇÃO. AF_11/2019","M",18.95,98277,null,18.72,18.95]
[null,98278,"CABO TELEFÔNICO CI-50 30 PARES INSTALADO EM PRUMADA - FORNECIMENTO E INSTALAÇÃO. AF_11/2019","M",27.23,98278,null,26.97,27.23]
[null,98279,"CABO TELEFÔNICO CI-50 50 PARES INSTALADO EM PRUMADA - FORNECIMENTO E INSTALAÇÃO. AF_11/2019","M",43.01,98279,null,42.69,43.01]
[null,98280,"CABO TELEFÔNICO CCI-50 1 PAR, SEM BLINDAGEM, INSTALADO EM DISTRIBUIÇÃO DE EDIFICAÇÃO RESIDENCIAL - FORNECIMENTO E INSTALAÇÃO. AF_11/2019","M",7.74,98280,null,7.05,7.74]
[null,98281,"CABO TELEFÔNICO CCI-50 2 PARES, SEM BLINDAGEM, INSTALADO EM DISTRIBUIÇÃO DE EDIFICAÇÃO RESIDENCIAL - FORNECIMENTO E INSTALAÇÃO. AF_11/2019","M",8.81,98281,null,8.1199999999999992,8.81]
[null,98282,"CABO TELEFÔNICO CCI-50 3 PARES, SEM BLINDAGEM, INSTALADO EM DISTRIBUIÇÃO DE EDIFICAÇÃO RESIDENCIAL - FORNECIMENTO E INSTALAÇÃO. AF_11/2019","M",9.0500000000000007,98282,null,8.34,9.0500000000000007]
[null,98283,"CABO TELEFÔNICO CCI-50 4 PARES, SEM BLINDAGEM, INSTALADO EM DISTRIBUIÇÃO DE EDIFICAÇÃO RESIDENCIAL - FORNECIMENTO E INSTALAÇÃO. AF_11/2019","M",10.199999999999999,98283,null,9.4700000000000006,10.199999999999999]
[null,98284,"CABO TELEFÔNICO CCI-50 5 PARES, SEM BLINDAGEM, INSTALADO EM DISTRIBUIÇÃO DE EDIFICAÇÃO RESIDENCIAL - FORNECIMENTO E INSTALAÇÃO. AF_11/2019","M",10.98,98284,null,10.24,10.98]
[null,98285,"CABO TELEFÔNICO CCI-50 6 PARES, SEM BLINDAGEM, INSTALADO EM DISTRIBUIÇÃO DE EDIFICAÇÃO RESIDENCIAL - FORNECIMENTO E INSTALAÇÃO. AF_11/2019","M",12.05,98285,null,11.3,12.05]
[null,98286,"CABO TELEFÔNICO CI-50 10 PARES INSTALADO EM DISTRIBUIÇÃO DE EDIFICAÇÃO RESIDENCIAL - FORNECIMENTO E INSTALAÇÃO. AF_11/2019","M",17.079999999999998,98286,null,16.239999999999998,17.079999999999998]
[null,98287,"CABO TELEFÔNICO CCI-50 1 PAR, SEM BLINDAGEM, INSTALADO EM DISTRIBUIÇÃO DE EDIFICAÇÃO INSTITUCIONAL - FORNECIMENTO E INSTALAÇÃO. AF_11/2019","M",1.71,98287,null,1.64,1.71]
[null,98288,"CABO TELEFÔNICO CCI-50 2 PARES, SEM BLINDAGEM, INSTALADO EM DISTRIBUIÇÃO DE EDIFICAÇÃO INSTITUCIONAL - FORNECIMENTO E INSTALAÇÃO. AF_11/2019","M",2.78,98288,null,2.7,2.78]
[null,98289,"CABO TELEFÔNICO CCI-50 3 PARES, SEM BLINDAGEM, INSTALADO EM DISTRIBUIÇÃO DE EDIFICAÇÃO INSTITUCIONAL - FORNECIMENTO E INSTALAÇÃO. AF_11/2019","M",3.02,98289,null,2.91,3.02]
[null,98290,"CABO TELEFÔNICO CCI-50 4 PARES, SEM BLINDAGEM, INSTALADO EM DISTRIBUIÇÃO DE EDIFICAÇÃO INSTITUCIONAL - FORNECIMENTO E INSTALAÇÃO. AF_11/2019","M",4.17,98290,null,4.0599999999999996,4.17]
[null,98291,"CABO TELEFÔNICO CCI-50 5 PARES, SEM BLINDAGEM, INSTALADO EM DISTRIBUIÇÃO DE EDIFICAÇÃO INSTITUCIONAL - FORNECIMENTO E INSTALAÇÃO. AF_11/2019","M",4.95,98291,null,4.83,4.95]
[null,98292,"CABO TELEFÔNICO CCI-50 6 PARES, SEM BLINDAGEM, INSTALADO EM DISTRIBUIÇÃO DE EDIFICAÇÃO INSTITUCIONAL - FORNECIMENTO E INSTALAÇÃO. AF_11/2019","M",6.02,98292,null,5.89,6.02]
[null,98293,"CABO TELEFÔNICO CI-50 10 PARES INSTALADO EM DISTRIBUIÇÃO DE EDIFICAÇÃO INSTITUCIONAL - FORNECIMENTO E INSTALAÇÃO. AF_11/2019","M",11.05,98293,null,10.82,11.05]
[null,98400,"CABO TELEFÔNICO CTP-APL-50 10 PARES INSTALADO EM ENTRADA DE EDIFICAÇÃO - FORNECIMENTO E INSTALAÇÃO. AF_11/2019","M",16.57,98400,null,16.11,16.57]
[null,98401,"CABO TELEFÔNICO CTP-APL-50 20 PARES INSTALADO EM ENTRADA DE EDIFICAÇÃO - FORNECIMENTO E INSTALAÇÃO. AF_11/2019","M",26.38,98401,null,25.86,26.38]
[null,98402,"CABO TELEFÔNICO CTP-APL-50 30 PARES INSTALADO EM ENTRADA DE EDIFICAÇÃO - FORNECIMENTO E INSTALAÇÃO. AF_11/2019","M",30.86,98402,null,30.29,30.86]
[null,100556,"CAIXA DE PASSAGEM PARA TELEFONE 15X15X10CM (SOBREPOR), FORNECIMENTO E INSTALACAO. AF_11/2019","UN",43.36,100556,null,41.64,43.36]
[null,100557,"CAIXA DE PASSAGEM PARA TELEFONE 80X80X15CM (SOBREPOR) FORNECIMENTO E INSTALACAO. AF_11/2019","UN",546.26,100557,null,541.12,546.26]
[null,100560,"QUADRO DE DISTRIBUIÇÃO PARA TELEFONE N.2, 20X20X12CM EM CHAPA METALICA, DE EMBUTIR, SEM ACESSORIOS, PADRÃO TELEBRAS, FORNECIMENTO E INSTALAÇÃO. AF_11/2019","UN",118.13,100560,null,113.66,118.13]
[null,100561,"QUADRO DE DISTRIBUICAO PARA TELEFONE N.3, 40X40X12CM EM CHAPA METALICA, DE EMBUTIR, SEM ACESSORIOS, PADRAO TELEBRAS, FORNECIMENTO E INSTALAÇÃO. AF_11/2019","UN",217.14,100561,null,212.02,217.14]
[null,100562,"QUADRO DE DISTRIBUICAO PARA TELEFONE N.4, 60X60X12CM EM CHAPA METALICA, DE EMBUTIR, SEM ACESSORIOS, PADRAO TELEBRAS, FORNECIMENTO E INSTALAÇÃO. AF_11/2019","UN",337.15,100562,null,331.32,337.15]
[null,100563,"QUADRO DE DISTRIBUIÇÃO PARA TELEFONE N.5, 80X80X12CM EM CHAPA METALICA, SEM ACESSORIOS, PADRAO TELEBRAS, FORNECIMENTO E INSTALAÇÃO. AF_11/2019","UN",486.93,100563,null,480.28,486.93]
[null,101795,"CAIXA ENTERRADA PARA INSTALAÇÕES TELEFÔNICAS TIPO R1, EM ALVENARIA COM BLOCOS DE CONCRETO, DIMENSÕES INTERNAS: 0,35X0,60X0,60 M, EXCLUINDO TAMPÃO. AF_12/2020","UN",611.07000000000005,101795,null,585.24,611.07000000000005]
[null,101798,"TAMPA PARA CAIXA TIPO R1, EM FERRO FUNDIDO, DIMENSÕES INTERNAS: 0,40 X 0,60 M - FORNECIMENTO E INSTALAÇÃO. AF_12/2020","UN",253.08,101798,null,248.79,253.08]
[null,101799,"TAMPA PARA CAIXA TIPO R2 E R3, EM FERRO FUNDIDO, DIMENSÕES INTERNAS: 0,55 X 1,10 M - FORNECIMENTO E INSTALAÇÃO. AF_12/2020","UN",602.29999999999995,101799,null,595.22,602.29999999999995]
[null,98397,"PINTURA ANTICORROSIVA DE DUTO METÁLICO. AF_03/2024","M2",9.67,98397,null,9.14,9.67]
[null,103244,"AR CONDICIONADO SPLIT INVERTER, HI-WALL (PAREDE), 9000 BTU/H, CICLO FRIO - FORNECIMENTO E INSTALAÇÃO. AF_11/2021_PE","UN",3140.29,103244,null,3128.49,3140.29]
[null,103245,"AR CONDICIONADO SPLIT ON/OFF, HI-WALL (PAREDE), 9000 BTUS/H, CICLO FRIO - FORNECIMENTO E INSTALAÇÃO. AF_11/2021_PE","UN",2459.06,103245,null,2447.2600000000002,2459.06]
[null,103246,"AR CONDICIONADO SPLIT ON/OFF, HI-WALL (PAREDE), 9000 BTUS/H, CICLO QUENTE/FRIO - FORNECIMENTO E INSTALAÇÃO. AF_11/2021_PE","UN",2689.44,103246,null,2677.64,2689.44]
[null,103247,"AR CONDICIONADO SPLIT INVERTER, HI-WALL (PAREDE), 12000 BTU/H, CICLO FRIO - FORNECIMENTO E INSTALAÇÃO. AF_11/2021_PE","UN",3494.62,103247,null,3482.82,3494.62]
[null,103248,"AR CONDICIONADO SPLIT ON/OFF, HI-WALL (PAREDE), 12000 BTUS/H, CICLO FRIO - FORNECIMENTO E INSTALAÇÃO. AF_11/2021_PE","UN",2840.29,103248,null,2828.49,2840.29]
[null,103249,"AR CONDICIONADO SPLIT ON/OFF, HI-WALL (PAREDE), 12000 BTUS/H, CICLO QUENTE/FRIO - FORNECIMENTO E INSTALAÇÃO. AF_11/2021_PE","UN",3057.71,103249,null,3045.91,3057.71]
[null,103250,"AR CONDICIONADO SPLIT INVERTER, HI-WALL (PAREDE), 18000 BTU/H, CICLO FRIO - FORNECIMENTO E INSTALAÇÃO. AF_11/2021_PE","UN",5109.75,103250,null,5096.9799999999996,5109.75]
[null,103251,"AR CONDICIONADO SPLIT ON/OFF, HI-WALL (PAREDE), 18000 BTUS/H, CICLO FRIO - FORNECIMENTO E INSTALAÇÃO. AF_11/2021_PE","UN",4016.91,103251,null,4004.14,4016.91]
[null,103252,"AR CONDICIONADO SPLIT ON/OFF, HI-WALL (PAREDE), 18000 BTUS/H, CICLO QUENTE/FRIO - FORNECIMENTO E INSTALAÇÃO. AF_11/2021_PE","UN",4457.62,103252,null,4444.8500000000004,4457.62]
[null,103253,"AR CONDICIONADO SPLIT INVERTER, HI-WALL (PAREDE), 24000 BTU/H, CICLO FRIO - FORNECIMENTO E INSTALAÇÃO. AF_11/2021_PE","UN",6995.08,103253,null,6981.75,6995.08]
[null,103254,"AR CONDICIONADO SPLIT ON/OFF, HI-WALL (PAREDE), 24000 BTUS/H, CICLO FRIO - FORNECIMENTO E INSTALAÇÃO. AF_11/2021_PE","UN",5208.3999999999996,103254,null,5195.07,5208.3999999999996]
[null,103255,"AR CONDICIONADO SPLIT ON/OFF, HI-WALL (PAREDE), 24000 BTUS/H, CICLO QUENTE/FRIO - FORNECIMENTO E INSTALAÇÃO. AF_11/2021_PE","UN",5838.79,103255,null,5825.46,5838.79]
[null,103256,"AR CONDICIONADO SPLIT INVERTER, PISO TETO, 18000 BTU/H, CICLO FRIO - FORNECIMENTO E INSTALAÇÃO. AF_11/2021_PSE","UN",13033.85,103256,null,13014.26,13033.85]
[null,103257,"AR CONDICIONADO SPLIT ON/OFF, PISO TETO, 18.000 BTU/H, CICLO FRIO - FORNECIMENTO E INSTALAÇÃO. AF_11/2021_PSE","UN",7396.7,103257,null,7377.11,7396.7]
[null,103258,"AR CONDICIONADO SPLIT INVERTER, PISO TETO, 24000 BTU/H, CICLO FRIO - FORNECIMENTO E INSTALAÇÃO. AF_11/2021_PSE","UN",14583.84,103258,null,14563.74,14583.84]
[null,103259,"AR CONDICIONADO SPLIT ON/OFF, PISO TETO, 24.000 BTU/H, CICLO FRIO - FORNECIMENTO E INSTALAÇÃO. AF_11/2021_PSE","UN",7800.16,103259,null,7780.06,7800.16]
[null,103260,"AR CONDICIONADO SPLIT INVERTER, PISO TETO, 24000 BTU/H, QUENTE/FRIO - FORNECIMENTO E INSTALAÇÃO. AF_11/2021_PSE","UN",8016.03,103260,null,7995.93,8016.03]
[null,103261,"AR CONDICIONADO SPLIT INVERTER, PISO TETO, 36000 BTU/H, CICLO FRIO - FORNECIMENTO E INSTALAÇÃO. AF_11/2021_PSE","UN",16459.47,103261,null,16437.400000000001,16459.47]
[null,103262,"AR CONDICIONADO SPLIT ON/OFF, PISO TETO, 36.000 BTU/H, CICLO FRIO - FORNECIMENTO E INSTALAÇÃO. AF_11/2021_PSE","UN",10278.620000000001,103262,null,10256.549999999999,10278.620000000001]
[null,103263,"AR CONDICIONADO SPLIT INVERTER, PISO TETO, 48000 BTU/H, CICLO FRIO - FORNECIMENTO E INSTALAÇÃO. AF_11/2021_PE","UN",22809.07,103263,null,22781.18,22809.07]
[null,103264,"AR CONDICIONADO SPLIT ON/OFF, PISO TETO, 48.000 BTU/H, CICLO FRIO - FORNECIMENTO E INSTALAÇÃO. AF_11/2021_PE","UN",12689.24,103264,null,12661.35,12689.24]
[null,103265,"AR CONDICIONADO SPLIT INVERTER, PISO TETO, APRESENTANDO ENTRE 54000 E 58000 BTU/H, CICLO FRIO - FORNECIMENTO E INSTALAÇÃO. AF_11/2021_PE","UN",27545.97,103265,null,27518.080000000002,27545.97]
[null,103266,"AR CONDICIONADO SPLIT ON/OFF, PISO TETO, 60.000 BTU/H, CICLO FRIO - FORNECIMENTO E INSTALAÇÃO. AF_11/2021_PE","UN",14198.77,103266,null,14170.88,14198.77]
[null,103267,"AR CONDICIONADO SPLIT ON/OFF, CASSETE (TETO), FRIO 4 VIAS 18000 BTU/H - FORNECIMENTO E INSTALAÇÃO. AF_11/2021_PE","UN",8095.84,103267,null,8075.75,8095.84]
[null,103268,"AR CONDICIONADO SPLIT ON/OFF, CASSETE (TETO), 18000 BTU/H, CICLO QUENTE/FRIO - FORNECIMENTO E INSTALAÇÃO. AF_11/2021_PE","UN",9633.43,103268,null,9613.34,9633.43]
[null,103269,"AR CONDICIONADO SPLIT ON/OFF, CASSETE (TETO), FRIO 4 VIAS 24000 BTU/H - FORNECIMENTO E INSTALAÇÃO. AF_11/2021_PE","UN",9975.6200000000008,103269,null,9954.73,9975.6200000000008]
[null,103270,"AR CONDICIONADO SPLIT ON/OFF, CASSETE (TETO), 24000 BTU/H, CICLO QUENTE/FRIO - FORNECIMENTO E INSTALAÇÃO. AF_11/2021_PE","UN",10359.73,103270,null,10338.84,10359.73]
[null,103271,"AR CONDICIONADO SPLIT ON/OFF, CASSETE (TETO), FRIO 4 VIAS 36000 BTU/H - FORNECIMENTO E INSTALAÇÃO. AF_11/2021_PE","UN",14716.93,103271,null,14692.88,14716.93]
[null,103272,"AR CONDICIONADO SPLIT ON/OFF, CASSETE (TETO), 36000 BTU/H, CICLO QUENTE/FRIO - FORNECIMENTO E INSTALAÇÃO. AF_11/2021_PE","UN",15205.39,103272,null,15181.34,15205.39]
[null,103273,"AR CONDICIONADO SPLIT ON/OFF, CASSETE (TETO), FRIO 4 VIAS 48000 BTU/H - FORNECIMENTO E INSTALAÇÃO. AF_11/2021_PE","UN",15545.37,103273,null,15515.28,15545.37]
[null,103274,"AR CONDICIONADO SPLIT ON/OFF, CASSETE (TETO), 48000 BTU/H, CICLO QUENTE/FRIO - FORNECIMENTO E INSTALAÇÃO. AF_11/2021_PE","UN",17842.68,103274,null,17812.59,17842.68]
[null,103275,"AR CONDICIONADO SPLIT ON/OFF, CASSETE (TETO), FRIO 4 VIAS 60000 BTU/H - FORNECIMENTO E INSTALAÇÃO. AF_11/2021_PE","UN",17748.900000000001,103275,null,17718.810000000001,17748.900000000001]
[null,103276,"AR CONDICIONADO SPLIT ON/OFF, CASSETE (TETO), 60000 BTU/H, CICLO QUENTE/FRIO - FORNECIMENTO E INSTALAÇÃO. AF_11/2021_PE","UN",{"$f":"IF($K$2=$H$1,H3587,I3587)","v":18637.419999999998},{"$f":"IF(LEN($B3587)=7,CONCATENATE(MID($B3587,1,6),\"00\",RIGHT($B3587,1)),IF(LEN($B3587)=8,CONCATENATE(MID($B3587,1,6),\"0\",RIGHT($B3587,2)),$B3587))","v":103276},null,18607.330000000002,18637.419999999998]
[null,103277,"AR CONDICIONADO SPLITÃO 10 TR - FORNECIMENTO E INSTALAÇÃO. AF_11/2021_PE","UN",34500.550000000003,103277,null,34463.949999999997,34500.550000000003]
[null,103278,"AR CONDICIONADO SPLITÃO 15 TR - FORNECIMENTO E INSTALAÇÃO. AF_11/2021_PE","UN",44257.47,103278,null,44219.839999999997,44257.47]
[null,103288,"RASGO E CHUMBAMENTO EM ALVENARIA PARA TUBOS DE SPLIT PAREDE DE 9000 A 24000 BTUS/H. AF_11/2021","UN",14.51,103288,null,13.17,14.51]
[null,103289,"TUBO EM COBRE FLEXÍVEL, DN 1/4\", COM ISOLAMENTO, INSTALADO EM FORRO, PARA RAMAL DE ALIMENTAÇÃO DE AR CONDICIONADO, INCLUSO FIXADOR. AF_11/2021_PA","M",31.1,103289,null,30.63,31.1]
[null,103290,"TUBO EM COBRE FLEXÍVEL, DN 3/8\", COM ISOLAMENTO, INSTALADO EM FORRO, PARA RAMAL DE ALIMENTAÇÃO DE AR CONDICIONADO, INCLUSO FIXADOR. AF_11/2021_PA","M",47.76,103290,null,47.27,47.76]
[null,103291,"TUBO EM COBRE FLEXÍVEL, DN 1/2\", COM ISOLAMENTO, INSTALADO EM FORRO, PARA RAMAL DE ALIMENTAÇÃO DE AR CONDICIONADO, INCLUSO FIXADOR. AF_11/2021_PA","M",59.9,103291,null,59.37,59.9]
[null,103292,"TUBO EM COBRE FLEXÍVEL, DN 5/8\", COM ISOLAMENTO, INSTALADO EM FORRO, PARA RAMAL DE ALIMENTAÇÃO DE AR CONDICIONADO, INCLUSO FIXADOR. AF_11/2021_PA","M",72.23,103292,null,71.69,72.23]
[null,101936,"INSTALAÇÃO DE TUBOS E CONEXÕES, EM AÇO/FERRO GALVANIZADO, PARA O CENTRO DE MEDIÇÃO DE GÁS DE EDIFÍCIO RESIDENCIAL, COM 4 PAVIMENTOS, 16 UNIDADES HABITACIONAIS, DN 32 (1 1/4\") - FORNECIMENTO E INSTALAÇÃO. AF_10/2020","UN",7335.73,101936,null,6975.33,7335.73]
[null,101937,"INSTALAÇÃO DE TUBOS E CONEXÕES, EM AÇO/FERRO GALVANIZADO, PARA O CENTRO DE MEDIÇÃO DE GÁS DE EDIFÍCIO RESIDENCIAL, COM 4 PAVIMENTOS, 16 UNIDADES HABITACIONAIS, DN 50 (2\") - FORNECIMENTO E INSTALAÇÃO. AF_10/2020","UN",13385.69,101937,null,12606.31,13385.69]
[null,98294,"CABO ELETRÔNICO CATEGORIA 5E, INSTALADO EM EDIFICAÇÃO RESIDENCIAL - FORNECIMENTO E INSTALAÇÃO. AF_11/2019","M",8.64,98294,null,8.5500000000000007,8.64]
[null,98295,"CABO ELETRÔNICO CATEGORIA 5E, INSTALADO EM EDIFICAÇÃO INSTITUCIONAL - FORNECIMENTO E INSTALAÇÃO. AF_11/2019","M",7.95,98295,null,7.93,7.95]
[null,98296,"CABO ELETRÔNICO CATEGORIA 6, INSTALADO EM EDIFICAÇÃO RESIDENCIAL - FORNECIMENTO E INSTALAÇÃO. AF_11/2019","M",12.55,98296,null,12.42,12.55]
[null,98297,"CABO ELETRÔNICO CATEGORIA 6, INSTALADO EM EDIFICAÇÃO INSTITUCIONAL - FORNECIMENTO E INSTALAÇÃO. AF_11/2019","M",11.46,98297,null,11.43,11.46]
[null,98298,"CABO ELETRÔNICO CATEGORIA 6A, INSTALADO EM EDIFICAÇÃO RESIDENCIAL - FORNECIMENTO E INSTALAÇÃO. AF_11/2019","M",31.26,98298,null,31.1,31.26]
[null,98299,"CABO ELETRÔNICO CATEGORIA 6A, INSTALADO EM EDIFICAÇÃO INSTITUCIONAL - FORNECIMENTO E INSTALAÇÃO. AF_11/2019","M",29.92,98299,null,29.89,29.92]
[null,98300,"CABO COAXIAL RG6 95% - FORNECIMENTO E INSTALAÇÃO. AF_11/2019","M",6.32,98300,null,5.94,6.32]
[null,98301,"PATCH PANEL 24 PORTAS, CATEGORIA 5E - FORNECIMENTO E INSTALAÇÃO. AF_11/2019","UN",625.27,98301,null,594.39,625.27]
[null,98302,"PATCH PANEL 24 PORTAS, CATEGORIA 6 - FORNECIMENTO E INSTALAÇÃO. AF_11/2019","UN",1168.43,98302,null,1137.55,1168.43]
[null,98304,"PATCH PANEL 48 PORTAS, CATEGORIA 6 - FORNECIMENTO E INSTALAÇÃO. AF_11/2019","UN",3654.6,98304,null,3593.23,3654.6]
[null,98305,"RACK FECHADO PARA SERVIDOR - FORNECIMENTO E INSTALAÇÃO. AF_11/2019","UN",2683.94,98305,null,2678.83,2683.94]
[null,98306,"BLOCO DE ENGATE RÁPIDO PARA BASTIDOR TIPO M10 - FORNECIMENTO E INSTALAÇÃO. AF_11/2019","UN",61.8,98306,null,58.41,61.8]
[null,98307,"TOMADA DE REDE RJ45 - FORNECIMENTO E INSTALAÇÃO. AF_11/2019","UN",45.03,98307,null,44,45.03]
[null,98308,"TOMADA PARA TELEFONE RJ11 - FORNECIMENTO E INSTALAÇÃO. AF_11/2019","UN",29.86,98308,null,28.83,29.86]
[null,98593,"PATCH PANEL 48 PORTAS, CATEGORIA 5E - FORNECIMENTO E INSTALAÇÃO. AF_11/2019","UN",2547.08,98593,null,2485.71,2547.08]
[null,100553,"CABO COAXIAL RG11 95% - FORNECIMENTO E INSTALAÇÃO. AF_11/2019","M",32.619999999999997,100553,null,32.25,32.619999999999997]
[null,100554,"CABO COAXIAL RG59 95% - FORNECIMENTO E INSTALAÇÃO. AF_11/2019","M",6.03,100554,null,5.68,6.03]
[null,100555,"RACK ABERTO EM COLUNA 44U PARA SERVIDOR - FORNECIMENTO E INSTALAÇÃO. AF_11/2019","UN",1344.38,100555,null,1339.27,1344.38]
[null,89355,"TUBO, PVC, SOLDÁVEL, DE 20MM, INSTALADO EM RAMAL OU SUB-RAMAL DE ÁGUA - FORNECIMENTO E INSTALAÇÃO. AF_06/2022","M",18.98,89355,null,17.39,18.98]
[null,89356,"TUBO, PVC, SOLDÁVEL, DE 25MM, INSTALADO EM RAMAL OU SUB-RAMAL DE ÁGUA - FORNECIMENTO E INSTALAÇÃO. AF_06/2022","M",21.89,89356,null,20.05,21.89]
[null,89357,"TUBO, PVC, SOLDÁVEL, DE 32MM, INSTALADO EM RAMAL OU SUB-RAMAL DE ÁGUA - FORNECIMENTO E INSTALAÇÃO. AF_06/2022","M",29.99,89357,null,27.78,29.99]
[null,89401,"TUBO, PVC, SOLDÁVEL, DE 20MM, INSTALADO EM RAMAL DE DISTRIBUIÇÃO DE ÁGUA - FORNECIMENTO E INSTALAÇÃO. AF_06/2022","M",9.9700000000000006,89401,null,9.3000000000000007,9.9700000000000006]
[null,89402,"TUBO, PVC, SOLDÁVEL, DE 25MM, INSTALADO EM RAMAL DE DISTRIBUIÇÃO DE ÁGUA - FORNECIMENTO E INSTALAÇÃO. AF_06/2022","M",11.47,89402,null,10.7,11.47]
[null,89403,"TUBO, PVC, SOLDÁVEL, DE 32MM, INSTALADO EM RAMAL DE DISTRIBUIÇÃO DE ÁGUA - FORNECIMENTO E INSTALAÇÃO. AF_06/2022","M",17.559999999999999,89403,null,16.64,17.559999999999999]
[null,89446,"TUBO, PVC, SOLDÁVEL, DE 25MM, INSTALADO EM PRUMADA DE ÁGUA - FORNECIMENTO E INSTALAÇÃO. AF_06/2022","M",4.91,89446,null,4.82,4.91]
[null,89447,"TUBO, PVC, SOLDÁVEL, DE 32MM, INSTALADO EM PRUMADA DE ÁGUA - FORNECIMENTO E INSTALAÇÃO. AF_06/2022","M",9.76,89447,null,9.64,9.76]
[null,89448,"TUBO, PVC, SOLDÁVEL, DE 40MM, INSTALADO EM PRUMADA DE ÁGUA - FORNECIMENTO E INSTALAÇÃO. AF_06/2022","M",14.92,89448,null,14.78,14.92]
[null,89449,"TUBO, PVC, SOLDÁVEL, DE 50MM, INSTALADO EM PRUMADA DE ÁGUA - FORNECIMENTO E INSTALAÇÃO. AF_06/2022","M",16.53,89449,null,16.36,16.53]
[null,89450,"TUBO, PVC, SOLDÁVEL, DE 60MM, INSTALADO EM PRUMADA DE ÁGUA - FORNECIMENTO E INSTALAÇÃO. AF_06/2022","M",26.44,89450,null,26.25,26.44]
[null,89451,"TUBO, PVC, SOLDÁVEL, DE 75MM, INSTALADO EM PRUMADA DE ÁGUA - FORNECIMENTO E INSTALAÇÃO. AF_06/2022","M",43.04,89451,null,42.79,43.04]
[null,89452,"TUBO, PVC, SOLDÁVEL, DE 85MM, INSTALADO EM PRUMADA DE ÁGUA - FORNECIMENTO E INSTALAÇÃO. AF_06/2022","M",59.24,89452,null,58.97,59.24]
[null,89508,"TUBO PVC, SÉRIE R, ÁGUA PLUVIAL, DN 40 MM, FORNECIDO E INSTALADO EM RAMAL DE ENCAMINHAMENTO. AF_06/2022","M",16.37,89508,null,15.65,16.37]
[null,89509,"TUBO PVC, SÉRIE R, ÁGUA PLUVIAL, DN 50 MM, FORNECIDO E INSTALADO EM RAMAL DE ENCAMINHAMENTO. AF_06/2022","M",22.16,89509,null,21.24,22.16]
[null,89511,"TUBO PVC, SÉRIE R, ÁGUA PLUVIAL, DN 75 MM, FORNECIDO E INSTALADO EM RAMAL DE ENCAMINHAMENTO. AF_06/2022","M",37.880000000000003,89511,null,36.46,37.880000000000003]
[null,89512,"TUBO PVC, SÉRIE R, ÁGUA PLUVIAL, DN 100 MM, FORNECIDO E INSTALADO EM RAMAL DE ENCAMINHAMENTO. AF_06/2022","M",47.97,89512,null,46.01,47.97]
[null,89576,"TUBO PVC, SÉRIE R, ÁGUA PLUVIAL, DN 75 MM, FORNECIDO E INSTALADO EM CONDUTORES VERTICAIS DE ÁGUAS PLUVIAIS. AF_06/2022","M",26.5,89576,null,26.26,26.5]
[null,89578,"TUBO PVC, SÉRIE R, ÁGUA PLUVIAL, DN 100 MM, FORNECIDO E INSTALADO EM CONDUTORES VERTICAIS DE ÁGUAS PLUVIAIS. AF_06/2022","M",32.840000000000003,89578,null,32.47,32.840000000000003]
[null,89580,"TUBO PVC, SÉRIE R, ÁGUA PLUVIAL, DN 150 MM, FORNECIDO E INSTALADO EM CONDUTORES VERTICAIS DE ÁGUAS PLUVIAIS. AF_06/2022","M",68,89580,null,67.36,68]
[null,89633,"TUBO, CPVC, SOLDÁVEL, DN 15MM, INSTALADO EM RAMAL OU SUB-RAMAL DE ÁGUA - FORNECIMENTO E INSTALAÇÃO. AF_06/2022","M",25.84,89633,null,24.5,25.84]
[null,89634,"TUBO, CPVC, SOLDÁVEL, DN 22MM, INSTALADO EM RAMAL OU SUB-RAMAL DE ÁGUA - FORNECIMENTO E INSTALAÇÃO. AF_06/2022","M",37.020000000000003,89634,null,35.33,37.020000000000003]
[null,89635,"TUBO, CPVC, SOLDÁVEL, DN 28MM, INSTALADO EM RAMAL OU SUB-RAMAL DE ÁGUA - FORNECIMENTO E INSTALAÇÃO. AF_06/2022","M",54.98,89635,null,52.97,54.98]
[null,89636,"TUBO, CPVC, SOLDÁVEL, DN 35MM, INSTALADO EM RAMAL OU SUB-RAMAL DE ÁGUA   FORNECIMENTO E INSTALAÇÃO. AF_06/2022","M",69.36,89636,null,66.989999999999995,69.36]
[null,89711,"TUBO PVC, SERIE NORMAL, ESGOTO PREDIAL, DN 40 MM, FORNECIDO E INSTALADO EM RAMAL DE DESCARGA OU RAMAL DE ESGOTO SANITÁRIO. AF_08/2022","M",20.54,89711,null,19.12,20.54]
[null,89712,"TUBO PVC, SERIE NORMAL, ESGOTO PREDIAL, DN 50 MM, FORNECIDO E INSTALADO EM RAMAL DE DESCARGA OU RAMAL DE ESGOTO SANITÁRIO. AF_08/2022","M",26.22,89712,null,24.66,26.22]
[null,89713,"TUBO PVC, SERIE NORMAL, ESGOTO PREDIAL, DN 75 MM, FORNECIDO E INSTALADO EM RAMAL DE DESCARGA OU RAMAL DE ESGOTO SANITÁRIO. AF_08/2022","M",32.72,89713,null,30.86,32.72]
[null,89714,"TUBO PVC, SERIE NORMAL, ESGOTO PREDIAL, DN 100 MM, FORNECIDO E INSTALADO EM RAMAL DE DESCARGA OU RAMAL DE ESGOTO SANITÁRIO. AF_08/2022","M",36.51,89714,null,34.35,36.51]
[null,89716,"TUBO, CPVC, SOLDÁVEL, DN 22MM, INSTALADO EM RAMAL DE DISTRIBUIÇÃO DE ÁGUA - FORNECIMENTO E INSTALAÇÃO. AF_06/2022","M",27.58,89716,null,26.87,27.58]
[null,89717,"TUBO, CPVC, SOLDÁVEL, DN 28MM, INSTALADO EM RAMAL DE DISTRIBUIÇÃO DE ÁGUA - FORNECIMENTO E INSTALAÇÃO. AF_06/2022","M",43.84,89717,null,43.01,43.84]
[null,89770,"TUBO, CPVC, SOLDÁVEL, DN 35MM, INSTALADO EM PRUMADA DE ÁGUA   FORNECIMENTO E INSTALAÇÃO. AF_06/2022","M",48,89770,null,47.88,48]
[null,89771,"TUBO, CPVC, SOLDÁVEL, DN 42MM, INSTALADO EM PRUMADA DE ÁGUA   FORNECIMENTO E INSTALAÇÃO. AF_06/2022","M",64.09,89771,null,63.95,64.09]
[null,89773,"TUBO, CPVC, SOLDÁVEL, DN 73MM, INSTALADO EM PRUMADA DE ÁGUA   FORNECIMENTO E INSTALAÇÃO. AF_06/2022","M",150.72,89773,null,150.47999999999999,150.72]
[null,89775,"TUBO, CPVC, SOLDÁVEL, DN 89MM, INSTALADO EM PRUMADA DE ÁGUA   FORNECIMENTO E INSTALAÇÃO. AF_06/2022","M",235.75,89775,null,235.47,235.75]
[null,89798,"TUBO PVC, SERIE NORMAL, ESGOTO PREDIAL, DN 50 MM, FORNECIDO E INSTALADO EM PRUMADA DE ESGOTO SANITÁRIO OU VENTILAÇÃO. AF_08/2022","M",13.38,89798,null,13.17,13.38]
[null,89799,"TUBO PVC, SERIE NORMAL, ESGOTO PREDIAL, DN 75 MM, FORNECIDO E INSTALADO EM PRUMADA DE ESGOTO SANITÁRIO OU VENTILAÇÃO. AF_08/2022","M",22.05,89799,null,21.31,22.05]
[null,89800,"TUBO PVC, SERIE NORMAL, ESGOTO PREDIAL, DN 100 MM, FORNECIDO E INSTALADO EM PRUMADA DE ESGOTO SANITÁRIO OU VENTILAÇÃO. AF_08/2022","M",{"$f":"IF($K$2=$H$1,H3651,I3651)","v":28.07},{"$f":"IF(LEN($B3651)=7,CONCATENATE(MID($B3651,1,6),\"00\",RIGHT($B3651,1)),IF(LEN($B3651)=8,CONCATENATE(MID($B3651,1,6),\"0\",RIGHT($B3651,2)),$B3651))","v":89800},null,26.79,28.07]
[null,89848,"TUBO PVC, SERIE NORMAL, ESGOTO PREDIAL, DN 100 MM, FORNECIDO E INSTALADO EM SUBCOLETOR AÉREO DE ESGOTO SANITÁRIO. AF_08/2022","M",26.97,89848,null,25.8,26.97]
[null,89849,"TUBO PVC, SERIE NORMAL, ESGOTO PREDIAL, DN 150 MM, FORNECIDO E INSTALADO EM SUBCOLETOR AÉREO DE ESGOTO SANITÁRIO. AF_08/2022","M",55.83,89849,null,54.31,55.83]
[null,89865,"TUBO, PVC, SOLDÁVEL, DE 25MM, INSTALADO EM DRENO DE AR-CONDICIONADO - FORNECIMENTO E INSTALAÇÃO. AF_08/2022","M",15.92,89865,null,14.67,15.92]
[null,92275,"TUBO EM COBRE RÍGIDO, DN 22 MM, CLASSE E, SEM ISOLAMENTO, INSTALADO EM PRUMADA DE HIDRÁULICA PREDIAL - FORNECIMENTO E INSTALAÇÃO. AF_04/2022","M",56.41,92275,null,56.2,56.41]
[null,92276,"TUBO EM COBRE RÍGIDO, DN 28 MM, CLASSE E, SEM ISOLAMENTO, INSTALADO EM PRUMADA DE HIDRÁULICA PREDIAL - FORNECIMENTO E INSTALAÇÃO. AF_04/2022","M",71.63,92276,null,71.36,71.63]
[null,92277,"TUBO EM COBRE RÍGIDO, DN 35 MM, CLASSE E, SEM ISOLAMENTO, INSTALADO EM PRUMADA DE HIDRÁULICA PREDIAL - FORNECIMENTO E INSTALAÇÃO. AF_04/2022","M",103.54,92277,null,103.2,103.54]
[null,92278,"TUBO EM COBRE RÍGIDO, DN 42 MM, CLASSE E, SEM ISOLAMENTO, INSTALADO EM PRUMADA DE HIDRÁULICA PREDIAL - FORNECIMENTO E INSTALAÇÃO. AF_04/2022","M",139.35,92278,null,138.93,139.35]
[null,92279,"TUBO EM COBRE RÍGIDO, DN 54 MM, CLASSE E, SEM ISOLAMENTO, INSTALADO EM PRUMADA DE HIDRÁULICA PREDIAL - FORNECIMENTO E INSTALAÇÃO. AF_04/2022","M",201.47,92279,null,200.93,201.47]
[null,92280,"TUBO EM COBRE RÍGIDO, DN 66 MM, CLASSE E, SEM ISOLAMENTO, INSTALADO EM PRUMADA DE HIDRÁULICA PREDIAL - FORNECIMENTO E INSTALAÇÃO. AF_04/2022","M",282.91000000000003,92280,null,282.24,282.91000000000003]
[null,92281,"TUBO EM COBRE RÍGIDO, DN 22 MM, CLASSE E, COM ISOLAMENTO, INSTALADO EM PRUMADA DE HIDRÁULICA PREDIAL - FORNECIMENTO E INSTALAÇÃO. AF_04/2022","M",108.34,92281,null,108.02,108.34]
[null,92282,"TUBO EM COBRE RÍGIDO, DN 28 MM, CLASSE E, COM ISOLAMENTO, INSTALADO EM PRUMADA DE HIDRÁULICA PREDIAL - FORNECIMENTO E INSTALAÇÃO. AF_04/2022","M",125.65,92282,null,125.28,125.65]
[null,92283,"TUBO EM COBRE RÍGIDO, DN 35 MM, CLASSE E, COM ISOLAMENTO, INSTALADO EM PRUMADA DE HIDRÁULICA PREDIAL - FORNECIMENTO E INSTALAÇÃO. AF_04/2022","M",171.73,92283,null,171.29,171.73]
[null,92284,"TUBO EM COBRE RÍGIDO, DN 42 MM, CLASSE E, COM ISOLAMENTO, INSTALADO EM PRUMADA DE HIDRÁULICA PREDIAL - FORNECIMENTO E INSTALAÇÃO. AF_04/2022","M",217.05,92284,null,216.53,217.05]
[null,92285,"TUBO EM COBRE RÍGIDO, DN 54 MM, CLASSE E, COM ISOLAMENTO, INSTALADO EM PRUMADA DE HIDRÁULICA PREDIAL - FORNECIMENTO E INSTALAÇÃO. AF_04/2022","M",294.27999999999997,92285,null,293.64,294.27999999999997]
[null,92286,"TUBO EM COBRE RÍGIDO, DN 66 MM, CLASSE E, COM ISOLAMENTO, INSTALADO EM PRUMADA DE HIDRÁULICA PREDIAL - FORNECIMENTO E INSTALAÇÃO. AF_04/2022","M",377,92286,null,376.23,377]
[null,92305,"TUBO EM COBRE RÍGIDO, DN 15 MM, CLASSE E, SEM ISOLAMENTO, INSTALADO EM RAMAL DE DISTRIBUIÇÃO DE HIDRÁULICA PREDIAL - FORNECIMENTO E INSTALAÇÃO. AF_04/2022","M",37.92,92305,null,37.25,37.92]
[null,92306,"TUBO EM COBRE RÍGIDO, DN 22 MM, CLASSE E, SEM ISOLAMENTO, INSTALADO EM RAMAL DE DISTRIBUIÇÃO DE HIDRÁULICA PREDIAL - FORNECIMENTO E INSTALAÇÃO. AF_04/2022","M",61.65,92306,null,60.89,61.65]
[null,92307,"TUBO EM COBRE RÍGIDO, DN 28 MM, CLASSE E, SEM ISOLAMENTO, INSTALADO EM RAMAL DE DISTRIBUIÇÃO DE HIDRÁULICA PREDIAL - FORNECIMENTO E INSTALAÇÃO. AF_04/2022","M",77.12,92307,null,76.27,77.12]
[null,92308,"TUBO EM COBRE RÍGIDO, DN 15 MM, CLASSE E, COM ISOLAMENTO, INSTALADO EM RAMAL DE DISTRIBUIÇÃO DE HIDRÁULICA PREDIAL - FORNECIMENTO E INSTALAÇÃO. AF_04/2022","M",51.8,92308,null,50.76,51.8]
[null,92309,"TUBO EM COBRE RÍGIDO, DN 22 MM, CLASSE E, COM ISOLAMENTO, INSTALADO EM RAMAL DE DISTRIBUIÇÃO DE HIDRÁULICA PREDIAL - FORNECIMENTO E INSTALAÇÃO. AF_04/2022","M",116.19,92309,null,115.05,116.19]
[null,92310,"TUBO EM COBRE RÍGIDO, DN 28 MM, CLASSE E, COM ISOLAMENTO, INSTALADO EM RAMAL DE DISTRIBUIÇÃO DE HIDRÁULICA PREDIAL - FORNECIMENTO E INSTALAÇÃO. AF_04/2022","M",133.75,92310,null,132.52000000000001,133.75]
[null,92320,"TUBO EM COBRE RÍGIDO, DN 15 MM, CLASSE E, SEM ISOLAMENTO, INSTALADO EM RAMAL E SUB-RAMAL DE HIDRÁULICA PREDIAL - FORNECIMENTO E INSTALAÇÃO. AF_04/2022","M",48.69,92320,null,46.89,48.69]
[null,92321,"TUBO EM COBRE RÍGIDO, DN 22 MM, CLASSE E, SEM ISOLAMENTO, INSTALADO EM RAMAL E SUB-RAMAL DE HIDRÁULICA PREDIAL - FORNECIMENTO E INSTALAÇÃO. AF_04/2022","M",80.2,92321,null,77.489999999999995,80.2]
[null,92322,"TUBO EM COBRE RÍGIDO, DN 28 MM, CLASSE E, SEM ISOLAMENTO, INSTALADO EM RAMAL E SUB-RAMAL DE HIDRÁULICA PREDIAL - FORNECIMENTO E INSTALAÇÃO. AF_04/2022","M",102.33,92322,null,98.83,102.33]
[null,92323,"TUBO EM COBRE RÍGIDO, DN 15 MM, CLASSE E, COM ISOLAMENTO, INSTALADO EM RAMAL E SUB-RAMAL DE HIDRÁULICA PREDIAL - FORNECIMENTO E INSTALAÇÃO. AF_04/2022","M",59.98,92323,null,58.08,59.98]
[null,92324,"TUBO EM COBRE RÍGIDO, DN 22 MM, CLASSE E, COM ISOLAMENTO, INSTALADO EM RAMAL E SUB-RAMAL DE HIDRÁULICA PREDIAL - FORNECIMENTO E INSTALAÇÃO. AF_04/2022","M",132.15,92324,null,129.34,132.15]
[null,92325,"TUBO EM COBRE RÍGIDO, DN 28 MM, CLASSE E, COM ISOLAMENTO, INSTALADO EM RAMAL E SUB-RAMAL DE HIDRÁULICA PREDIAL - FORNECIMENTO E INSTALAÇÃO. AF_04/2022","M",156.38999999999999,92325,null,152.78,156.38999999999999]
[null,92335,"TUBO DE AÇO GALVANIZADO COM COSTURA, CLASSE MÉDIA, CONEXÃO RANHURADA, DN 50 (2\"), INSTALADO EM PRUMADAS - FORNECIMENTO E INSTALAÇÃO. AF_10/2020","M",90.47,92335,null,89.17,90.47]
[null,92336,"TUBO DE AÇO GALVANIZADO COM COSTURA, CLASSE MÉDIA, CONEXÃO RANHURADA, DN 65 (2 1/2\"), INSTALADO EM PRUMADAS - FORNECIMENTO E INSTALAÇÃO. AF_10/2020","M",111.17,92336,null,109.67,111.17]
[null,92337,"TUBO DE AÇO GALVANIZADO COM COSTURA, CLASSE MÉDIA, CONEXÃO RANHURADA, DN 80 (3\"), INSTALADO EM PRUMADAS - FORNECIMENTO E INSTALAÇÃO. AF_10/2020","M",146.56,92337,null,144.87,146.56]
[null,92338,"TUBO DE AÇO PRETO SEM COSTURA, CONEXÃO SOLDADA, DN 50 (2\"), INSTALADO EM PRUMADAS - FORNECIMENTO E INSTALAÇÃO. AF_10/2020","M",136.28,92338,null,133.44,136.28]
[null,92339,"TUBO DE AÇO PRETO SEM COSTURA, CONEXÃO SOLDADA, DN 65 (2 1/2\"), INSTALADO EM PRUMADAS - FORNECIMENTO E INSTALAÇÃO. AF_10/2020","M",206.73,92339,null,203.58,206.73]
[null,92341,"TUBO DE AÇO GALVANIZADO COM COSTURA, CLASSE MÉDIA, DN 50 (2\"), CONEXÃO ROSQUEADA, INSTALADO EM PRUMADAS - FORNECIMENTO E INSTALAÇÃO. AF_10/2020","M",100.34,92341,null,98.01,100.34]
[null,92342,"TUBO DE AÇO GALVANIZADO COM COSTURA, CLASSE MÉDIA, DN 65 (2 1/2\"), CONEXÃO ROSQUEADA, INSTALADO EM PRUMADAS - FORNECIMENTO E INSTALAÇÃO. AF_10/2020","M",121.11,92342,null,118.58,121.11]
[null,92343,"TUBO DE AÇO GALVANIZADO COM COSTURA, CLASSE MÉDIA, DN 80 (3\"), CONEXÃO ROSQUEADA, INSTALADO EM PRUMADAS - FORNECIMENTO E INSTALAÇÃO. AF_10/2020","M",156.59,92343,null,153.85,156.59]
[null,92359,"TUBO DE AÇO PRETO SEM COSTURA, CONEXÃO SOLDADA, DN 25 (1\"), INSTALADO EM REDE DE ALIMENTAÇÃO PARA HIDRANTE - FORNECIMENTO E INSTALAÇÃO. AF_10/2020","M",64.31,92359,null,63.94,64.31]
[null,92360,"TUBO DE AÇO PRETO SEM COSTURA, CONEXÃO SOLDADA, DN 32 (1 1/4\"), INSTALADO EM REDE DE ALIMENTAÇÃO PARA HIDRANTE - FORNECIMENTO E INSTALAÇÃO. AF_10/2020","M",85.98,92360,null,85.5,85.98]
[null,92361,"TUBO DE AÇO PRETO SEM COSTURA, CONEXÃO SOLDADA, DN 50 (2\"), INSTALADO EM REDE DE ALIMENTAÇÃO PARA HIDRANTE - FORNECIMENTO E INSTALAÇÃO. AF_10/2020","M",116.04,92361,null,115.29,116.04]
[null,92362,"TUBO DE AÇO PRETO SEM COSTURA, CONEXÃO SOLDADA, DN 65 (2 1/2\"), INSTALADO EM REDE DE ALIMENTAÇÃO PARA HIDRANTE - FORNECIMENTO E INSTALAÇÃO. AF_10/2020","M",185.68,92362,null,184.71,185.68]
[null,92364,"TUBO DE AÇO GALVANIZADO COM COSTURA, CLASSE MÉDIA, DN 32 (1 1/4\"), CONEXÃO ROSQUEADA, INSTALADO EM REDE DE ALIMENTAÇÃO PARA HIDRANTE - FORNECIMENTO E INSTALAÇÃO. AF_10/2020","M",54.9,92364,null,54.03,54.9]
[null,92365,"TUBO DE AÇO GALVANIZADO COM COSTURA, CLASSE MÉDIA, DN 40 (1 1/2\"), CONEXÃO ROSQUEADA, INSTALADO EM REDE DE ALIMENTAÇÃO PARA HIDRANTE - FORNECIMENTO E INSTALAÇÃO. AF_10/2020","M",63.18,92365,null,62.24,63.18]
[null,92366,"TUBO DE AÇO GALVANIZADO COM COSTURA, CLASSE MÉDIA, DN 50 (2\"), CONEXÃO ROSQUEADA, INSTALADO EM REDE DE ALIMENTAÇÃO PARA HIDRANTE - FORNECIMENTO E INSTALAÇÃO. AF_10/2020","M",88.12,92366,null,87.07,88.12]
[null,92367,"TUBO DE AÇO GALVANIZADO COM COSTURA, CLASSE MÉDIA, DN 65 (2 1/2\"), CONEXÃO ROSQUEADA, INSTALADO EM REDE DE ALIMENTAÇÃO PARA HIDRANTE - FORNECIMENTO E INSTALAÇÃO. AF_10/2020","M",108.33,92367,null,107.14,108.33]
[null,92368,"TUBO DE AÇO GALVANIZADO COM COSTURA, CLASSE MÉDIA, DN 80 (3\"), CONEXÃO ROSQUEADA, INSTALADO EM REDE DE ALIMENTAÇÃO PARA HIDRANTE - FORNECIMENTO E INSTALAÇÃO. AF_10/2020","M",143.31,92368,null,141.96,143.31]
[null,92645,"TUBO DE AÇO PRETO SEM COSTURA, CONEXÃO SOLDADA, DN 25 (1\"), INSTALADO EM REDE DE ALIMENTAÇÃO PARA SPRINKLER - FORNECIMENTO E INSTALAÇÃO. AF_10/2020","M",67.959999999999994,92645,null,67.209999999999994,67.959999999999994]
[null,92646,"TUBO DE AÇO PRETO SEM COSTURA, CONEXÃO SOLDADA, DN 32 (1 1/4\"), INSTALADO EM REDE DE ALIMENTAÇÃO PARA SPRINKLER - FORNECIMENTO E INSTALAÇÃO. AF_10/2020","M",89.63,92646,null,88.77,89.63]
[null,92648,"TUBO DE AÇO PRETO SEM COSTURA, CONEXÃO SOLDADA, DN 40 (1 1/2\"), INSTALADO EM REDE DE ALIMENTAÇÃO PARA SPRINKLER - FORNECIMENTO E INSTALAÇÃO. AF_10/2020","M",98.08,92648,null,97.11,98.08]
[null,92649,"TUBO DE AÇO PRETO SEM COSTURA, CONEXÃO SOLDADA, DN 50 (2\"), INSTALADO EM REDE DE ALIMENTAÇÃO PARA SPRINKLER - FORNECIMENTO E INSTALAÇÃO. AF_10/2020","M",119.68,92649,null,118.55,119.68]
[null,92650,"TUBO DE AÇO PRETO SEM COSTURA, CONEXÃO SOLDADA, DN 65 (2 1/2\"), INSTALADO EM REDE DE ALIMENTAÇÃO PARA SPRINKLER - FORNECIMENTO E INSTALAÇÃO. AF_10/2020","M",189.32,92650,null,187.97,189.32]
[null,92652,"TUBO DE AÇO GALVANIZADO COM COSTURA, CLASSE MÉDIA, CONEXÃO ROSQUEADA, DN 32 (1 1/4\"), INSTALADO EM REDE DE ALIMENTAÇÃO PARA SPRINKLER - FORNECIMENTO E INSTALAÇÃO. AF_10/2020","M",59.41,92652,null,58.07,59.41]
[null,92653,"TUBO DE AÇO GALVANIZADO COM COSTURA, CLASSE MÉDIA, CONEXÃO ROSQUEADA, DN 40 (1 1/2\"), INSTALADO EM REDE DE ALIMENTAÇÃO PARA SPRINKLER - FORNECIMENTO E INSTALAÇÃO. AF_10/2020","M",67.739999999999995,92653,null,66.31,67.739999999999995]
[null,92654,"TUBO DE AÇO GALVANIZADO COM COSTURA, CLASSE MÉDIA, CONEXÃO ROSQUEADA, DN 50 (2\"), INSTALADO EM REDE DE ALIMENTAÇÃO PARA SPRINKLER - FORNECIMENTO E INSTALAÇÃO. AF_10/2020","M",92.67,92654,null,91.15,92.67]
[null,92655,"TUBO DE AÇO GALVANIZADO COM COSTURA, CLASSE MÉDIA, CONEXÃO ROSQUEADA, DN 65 (2 1/2\"), INSTALADO EM REDE DE ALIMENTAÇÃO PARA SPRINKLER - FORNECIMENTO E INSTALAÇÃO. AF_10/2020","M",112.98,92655,null,111.3,112.98]
[null,92656,"TUBO DE AÇO GALVANIZADO COM COSTURA, CLASSE MÉDIA, CONEXÃO ROSQUEADA, DN 80 (3\"), INSTALADO EM REDE DE ALIMENTAÇÃO PARA SPRINKLER - FORNECIMENTO E INSTALAÇÃO. AF_10/2020","M",147.94999999999999,92656,null,146.12,147.94999999999999]
[null,92687,"TUBO DE AÇO GALVANIZADO COM COSTURA, CLASSE MÉDIA, CONEXÃO ROSQUEADA, DN 15 (1/2\"), INSTALADO EM RAMAIS E SUB-RAMAIS DE GÁS - FORNECIMENTO E INSTALAÇÃO. AF_10/2020","M",27.73,92687,null,26.89,27.73]
[null,92688,"TUBO DE AÇO GALVANIZADO COM COSTURA, CLASSE MÉDIA, CONEXÃO ROSQUEADA, DN 20 (3/4\"), INSTALADO EM RAMAIS E SUB-RAMAIS DE GÁS - FORNECIMENTO E INSTALAÇÃO. AF_10/2020","M",38.71,92688,null,37.270000000000003,38.71]
[null,92689,"TUBO DE AÇO PRETO SEM COSTURA, CLASSE MÉDIA, CONEXÃO SOLDADA, DN 15 (1/2\"), INSTALADO EM RAMAIS E SUB-RAMAIS DE GÁS - FORNECIMENTO E INSTALAÇÃO. AF_10/2020","M",47.82,92689,null,46.96,47.82]
[null,92690,"TUBO DE AÇO PRETO SEM COSTURA, CLASSE MÉDIA, CONEXÃO SOLDADA, DN 20 (3/4\"), INSTALADO EM RAMAIS E SUB-RAMAIS DE GÁS - FORNECIMENTO E INSTALAÇÃO. AF_10/2020","M",68.19,92690,null,66.709999999999994,68.19]
[null,92691,"TUBO DE AÇO PRETO SEM COSTURA, CLASSE MÉDIA, CONEXÃO SOLDADA, DN 25 (1\"), INSTALADO EM RAMAIS  E SUB-RAMAIS DE GÁS - FORNECIMENTO E INSTALAÇÃO. AF_10/2020","M",88.5,92691,null,85.62,88.5]
[null,94462,"TUBO DE AÇO GALVANIZADO COM COSTURA, CLASSE MÉDIA, DN 50 MM (2\"), CONEXÃO ROSQUEADA, INSTALADO EM RESERVAÇÃO PREDIAL DE ÁGUA - FORNECIMENTO E INSTALAÇÃO. AF_04/2024","M",95.72,94462,null,93.87,95.72]
[null,94463,"TUBO DE AÇO GALVANIZADO COM COSTURA, CLASSE MÉDIA, DN 65 MM (2 1/2\"), CONEXÃO ROSQUEADA, INSTALADO EM RESERVAÇÃO PREDIAL DE ÁGUA - FORNECIMENTO E INSTALAÇÃO. AF_04/2024","M",117.5,94463,null,115.34,117.5]
[null,94464,"TUBO DE AÇO GALVANIZADO COM COSTURA, CLASSE MÉDIA, DN 80 MM (3\"), CONEXÃO ROSQUEADA, INSTALADO EM RESERVAÇÃO PREDIAL DE ÁGUA - FORNECIMENTO E INSTALAÇÃO. AF_04/2024","M",154.72999999999999,94464,null,152.19,154.72999999999999]
[null,94602,"TUBO EM COBRE RÍGIDO, DN 54 MM, CLASSE E, SEM ISOLAMENTO, INSTALADO EM RESERVAÇÃO PREDIAL DE ÁGUA - FORNECIMENTO E INSTALAÇÃO. AF_04/2024","M",219.37,94602,null,216.96,219.37]
[null,94603,"TUBO EM COBRE RÍGIDO, DN 66 MM, CLASSE E, SEM ISOLAMENTO, INSTALADO EM RESERVAÇÃO PREDIAL DE ÁGUA - FORNECIMENTO E INSTALAÇÃO. AF_04/2024","M",{"$f":"IF($K$2=$H$1,H3715,I3715)","v":300.61},{"$f":"IF(LEN($B3715)=7,CONCATENATE(MID($B3715,1,6),\"00\",RIGHT($B3715,1)),IF(LEN($B3715)=8,CONCATENATE(MID($B3715,1,6),\"0\",RIGHT($B3715,2)),$B3715))","v":94603},null,298.11,300.61]
[null,94604,"TUBO EM COBRE RÍGIDO, DN 79 MM, CLASSE E, SEM ISOLAMENTO, INSTALADO EM RESERVAÇÃO PREDIAL DE ÁGUA - FORNECIMENTO E INSTALAÇÃO. AF_04/2024","M",429.41,94604,null,426.79,429.41]
[null,94605,"TUBO EM COBRE RÍGIDO, DN 104 MM, CLASSE E, SEM ISOLAMENTO, INSTALADO EM RESERVAÇÃO PREDIAL DE ÁGUA - FORNECIMENTO E INSTALAÇÃO. AF_04/2024","M",623.34,94605,null,620.5,623.34]
[null,94648,"TUBO, PVC, SOLDÁVEL, DE  25MM, INSTALADO EM RESERVAÇÃO PREDIAL DE ÁGUA - FORNECIMENTO E INSTALAÇÃO. AF_04/2024","M",6.16,94648,null,5.93,6.16]
[null,94649,"TUBO, PVC, SOLDÁVEL, DE 32MM, INSTALADO EM RESERVAÇÃO PREDIAL DE ÁGUA - FORNECIMENTO E INSTALAÇÃO. AF_04/2024","M",11.47,94649,null,11.17,11.47]
[null,94650,"TUBO, PVC, SOLDÁVEL, DE 40MM, INSTALADO EM RESERVAÇÃO PREDIAL DE ÁGUA - FORNECIMENTO E INSTALAÇÃO. AF_04/2024","M",17.38,94650,null,16.989999999999998,17.38]
[null,94651,"TUBO, PVC, SOLDÁVEL, DE 50MM, INSTALADO EM RESERVAÇÃO PREDIAL DE ÁGUA - FORNECIMENTO E INSTALAÇÃO. AF_04/2024","M",20.190000000000001,94651,null,19.64,20.190000000000001]
[null,94652,"TUBO, PVC, SOLDÁVEL, DE 60MM, INSTALADO EM RESERVAÇÃO PREDIAL DE ÁGUA - FORNECIMENTO E INSTALAÇÃO. AF_04/2024","M",31.65,94652,null,30.91,31.65]
[null,94653,"TUBO, PVC, SOLDÁVEL, DE 75MM, INSTALADO EM RESERVAÇÃO PREDIAL DE ÁGUA - FORNECIMENTO E INSTALAÇÃO. AF_04/2024","M",51.16,94653,null,50.06,51.16]
[null,94654,"TUBO, PVC, SOLDÁVEL, DE 85MM, INSTALADO EM RESERVAÇÃO PREDIAL DE ÁGUA - FORNECIMENTO E INSTALAÇÃO. AF_04/2024","M",69.73,94654,null,68.37,69.73]
[null,94655,"TUBO, PVC, SOLDÁVEL, DE 110MM, INSTALADO EM RESERVAÇÃO PREDIAL DE ÁGUA - FORNECIMENTO E INSTALAÇÃO. AF_04/2024","M",109.81,94655,null,107.6,109.81]
[null,94716,"TUBO, CPVC, SOLDÁVEL, DN 22 MM, INSTALADO EM RESERVAÇÃO PREDIAL DE ÁGUA - FORNECIMENTO E INSTALAÇÃO. AF_04/2024","M",22.74,94716,null,22.54,22.74]
[null,94717,"TUBO, CPVC, SOLDÁVEL, DN 28 MM, INSTALADO EM RESERVAÇÃO PREDIAL DE ÁGUA - FORNECIMENTO E INSTALAÇÃO. AF_04/2024","M",38.28,94717,null,38.03,38.28]
[null,94718,"TUBO, CPVC, SOLDÁVEL, DN 35 MM, INSTALADO EM RESERVAÇÃO PREDIAL DE ÁGUA - FORNECIMENTO E INSTALAÇÃO. AF_04/2024","M",49.99,94718,null,49.67,49.99]
[null,94719,"TUBO, CPVC, SOLDÁVEL, DN 42 MM, INSTALADO EM RESERVAÇÃO PREDIAL DE ÁGUA - FORNECIMENTO E INSTALAÇÃO. AF_04/2024","M",66.75,94719,null,66.319999999999993,66.75]
[null,94720,"TUBO, CPVC, SOLDÁVEL, DN 54 MM, INSTALADO EM RESERVAÇÃO PREDIAL DE ÁGUA - FORNECIMENTO E INSTALAÇÃO. AF_04/2024","M",97.74,94720,null,97.12,97.74]
[null,94721,"TUBO, CPVC, SOLDÁVEL, DN 73 MM, INSTALADO EM RESERVAÇÃO PREDIAL DE ÁGUA - FORNECIMENTO E INSTALAÇÃO. AF_04/2024","M",158.38,94721,null,157.34,158.38]
[null,94722,"TUBO, CPVC, SOLDÁVEL, DN 89 MM, INSTALADO EM RESERVAÇÃO PREDIAL DE ÁGUA - FORNECIMENTO E INSTALAÇÃO. AF_04/2024","M",247.23,94722,null,245.74,247.23]
[null,94723,"TUBO, CPVC, SOLDÁVEL, DN 114 MM, INSTALADO EM RESERVAÇÃO PREDIAL DE ÁGUA - FORNECIMENTO E INSTALAÇÃO. AF_04/2024","M",466.1,94723,null,463.73,466.1]
[null,95697,"TUBO DE AÇO PRETO SEM COSTURA, CONEXÃO SOLDADA, DN 40 (1 1/2\"), INSTALADO EM REDE DE ALIMENTAÇÃO PARA HIDRANTE - FORNECIMENTO E INSTALAÇÃO. AF_10/2020","M",94.44,95697,null,93.84,94.44]
[null,96635,"TUBO, PPR, DN 25, CLASSE PN 20,  INSTALADO EM RAMAL OU SUB-RAMAL DE ÁGUA   FORNECIMENTO E INSTALAÇÃO. AF_08/2022","M",37.64,96635,null,35.020000000000003,37.64]
[null,96636,"TUBO, PPR, DN 25, CLASSE PN 25 INSTALADO EM RAMAL OU SUB-RAMAL DE ÁGUA   FORNECIMENTO E INSTALAÇÃO. AF_08/2022","M",39.869999999999997,96636,null,37.159999999999997,39.869999999999997]
[null,96644,"TUBO, PPR, DN 25, CLASSE PN 20,  INSTALADO EM RAMAL DE DISTRIBUIÇÃO DE ÁGUA   FORNECIMENTO E INSTALAÇÃO. AF_08/2022","M",20.350000000000001,96644,null,19.52,20.350000000000001]
[null,96645,"TUBO, PPR, DN 32, CLASSE PN 12,  INSTALADO EM RAMAL DE DISTRIBUIÇÃO DE ÁGUA   FORNECIMENTO E INSTALAÇÃO. AF_08/2022","M",18.07,96645,null,17.25,18.07]
[null,96646,"TUBO, PPR, DN 40, CLASSE PN 12,  INSTALADO EM RAMAL DE DISTRIBUIÇÃO DE ÁGUA   FORNECIMENTO E INSTALAÇÃO. AF_08/2022","M",22.05,96646,null,21.17,22.05]
[null,96647,"TUBO, PPR, DN 25, CLASSE PN 25,  INSTALADO EM RAMAL DE DISTRIBUIÇÃO DE ÁGUA   FORNECIMENTO E INSTALAÇÃO. AF_08/2022","M",22.08,96647,null,21.22,22.08]
[null,96648,"TUBO, PPR, DN 32, CLASSE PN 25,  INSTALADO EM RAMAL DE DISTRIBUIÇÃO DE ÁGUA   FORNECIMENTO E INSTALAÇÃO. AF_08/2022","M",27.19,96648,null,26.28,27.19]
[null,96649,"TUBO, PPR, DN 40, CLASSE PN 25,  INSTALADO EM RAMAL DE DISTRIBUIÇÃO DE ÁGUA   FORNECIMENTO E INSTALAÇÃO. AF_08/2022","M",35.869999999999997,96649,null,34.909999999999997,35.869999999999997]
[null,96668,"TUBO, PPR, DN 25, CLASSE PN 20,  INSTALADO EM PRUMADA DE ÁGUA   FORNECIMENTO E INSTALAÇÃO. AF_08/2022","M",15.76,96668,null,15.4,15.76]
[null,96669,"TUBO, PPR, DN 32, CLASSE PN 12,  INSTALADO EM PRUMADA DE ÁGUA   FORNECIMENTO E INSTALAÇÃO. AF_08/2022","M",15.61,96669,null,15.04,15.61]
[null,96670,"TUBO, PPR, DN 40, CLASSE PN 12,  INSTALADO EM PRUMADA DE ÁGUA   FORNECIMENTO E INSTALAÇÃO. AF_08/2022","M",20.28,96670,null,19.59,20.28]
[null,96671,"TUBO, PPR, DN 50, CLASSE PN 12,  INSTALADO EM PRUMADA DE ÁGUA   FORNECIMENTO E INSTALAÇÃO. AF_08/2022","M",30.59,96671,null,29.76,30.59]
[null,96672,"TUBO, PPR, DN 63, CLASSE PN 12,  INSTALADO EM PRUMADA DE ÁGUA   FORNECIMENTO E INSTALAÇÃO. AF_08/2022","M",46.5,96672,null,45.47,46.5]
[null,96673,"TUBO, PPR, DN 75, CLASSE PN 12,  INSTALADO EM PRUMADA DE ÁGUA   FORNECIMENTO E INSTALAÇÃO. AF_08/2022","M",58.6,96673,null,57.39,58.6]
[null,96674,"TUBO, PPR, DN 90, CLASSE PN 12,  INSTALADO EM PRUMADA DE ÁGUA   FORNECIMENTO E INSTALAÇÃO. AF_08/2022","M",94.51,96674,null,93.07,94.51]
[null,96675,"TUBO, PPR, DN 110, CLASSE PN 12,  INSTALADO EM PRUMADA DE ÁGUA   FORNECIMENTO E INSTALAÇÃO. AF_08/2022","M",137.22999999999999,96675,null,135.51,137.22999999999999]
[null,96676,"TUBO, PPR, DN 25, CLASSE PN 25,  INSTALADO EM PRUMADA DE ÁGUA   FORNECIMENTO E INSTALAÇÃO. AF_08/2022","M",19.97,96676,null,19.329999999999998,19.97]
[null,96677,"TUBO, PPR, DN 32, CLASSE PN 25,  INSTALADO EM PRUMADA DE ÁGUA   FORNECIMENTO E INSTALAÇÃO. AF_08/2022","M",26,96677,null,25.22,26]
[null,96678,"TUBO, PPR, DN 40, CLASSE PN 25,  INSTALADO EM PRUMADA DE ÁGUA   FORNECIMENTO E INSTALAÇÃO. AF_08/2022","M",35.74,96678,null,34.799999999999997,35.74]
[null,96679,"TUBO, PPR, DN 50, CLASSE PN 25,  INSTALADO EM PRUMADA DE ÁGUA   FORNECIMENTO E INSTALAÇÃO. AF_08/2022","M",53.15,96679,null,52,53.15]
[null,96680,"TUBO, PPR, DN 63, CLASSE PN 25,  INSTALADO EM PRUMADA DE ÁGUA   FORNECIMENTO E INSTALAÇÃO. AF_08/2022","M",87.68,96680,null,86.28,87.68]
[null,96681,"TUBO, PPR, DN 75, CLASSE PN 25,  INSTALADO EM PRUMADA DE ÁGUA   FORNECIMENTO E INSTALAÇÃO. AF_08/2022","M",117.88,96681,null,116.25,117.88]
[null,96682,"TUBO, PPR, DN 90, CLASSE PN 25,  INSTALADO EM PRUMADA DE ÁGUA   FORNECIMENTO E INSTALAÇÃO. AF_08/2022","M",194.15,96682,null,192.2,194.15]
[null,96683,"TUBO, PPR, DN 110, CLASSE PN 25,  INSTALADO EM PRUMADA DE ÁGUA   FORNECIMENTO E INSTALAÇÃO. AF_08/2022","M",266.33999999999997,96683,null,263.99,266.33999999999997]
[null,96718,"TUBO, PPR, DN 20 MM, CLASSE PN 20,  INSTALADO EM RESERVAÇÃO PREDIAL DE ÁGUA - FORNECIMENTO E INSTALAÇÃO. AF_04/2024","M",12.88,96718,null,12.49,12.88]
[null,96719,"TUBO, PPR, DN 25 MM, CLASSE PN 20,  INSTALADO EM RESERVAÇÃO PREDIAL DE ÁGUA - FORNECIMENTO E INSTALAÇÃO. AF_04/2024","M",16.5,96719,null,16.07,16.5]
[null,96720,"TUBO, PPR, DN 32 MM, CLASSE PN 12,  INSTALADO EM RESERVAÇÃO PREDIAL DE ÁGUA - FORNECIMENTO E INSTALAÇÃO. AF_04/2024","M",14.96,96720,null,14.46,14.96]
[null,96721,"TUBO, PPR, DN 40 MM, CLASSE PN 12,  INSTALADO EM RESERVAÇÃO PREDIAL DE ÁGUA - FORNECIMENTO E INSTALAÇÃO. AF_04/2024","M",19.45,96721,null,18.850000000000001,19.45]
[null,96722,"TUBO, PPR, DN 50 MM, CLASSE PN 12,  INSTALADO EM RESERVAÇÃO PREDIAL DE ÁGUA - FORNECIMENTO E INSTALAÇÃO. AF_04/2024","M",29.84,96722,null,29.08,29.84]
[null,96723,"TUBO, PPR, DN 63 MM, CLASSE PN 12,  INSTALADO EM RESERVAÇÃO PREDIAL DE ÁGUA - FORNECIMENTO E INSTALAÇÃO. AF_04/2024","M",46.36,96723,null,45.35,46.36]
[null,96724,"TUBO, PPR, DN 75 MM, CLASSE PN 12,  INSTALADO EM RESERVAÇÃO PREDIAL DE ÁGUA - FORNECIMENTO E INSTALAÇÃO. AF_04/2024","M",59.53,96724,null,58.23,59.53]
[null,96725,"TUBO, PPR, DN 90 MM, CLASSE PN 12,  INSTALADO EM RESERVAÇÃO PREDIAL DE ÁGUA - FORNECIMENTO E INSTALAÇÃO. AF_04/2024","M",97.43,96725,null,95.71,97.43]
[null,96726,"TUBO, PPR, DN 110 MM, CLASSE PN 12,  INSTALADO EM RESERVAÇÃO PREDIAL DE ÁGUA - FORNECIMENTO E INSTALAÇÃO. AF_04/2024","M",144.01,96726,null,141.59,144.01]
[null,96727,"TUBO, PPR, DN 20 MM, CLASSE PN 25,  INSTALADO EM RESERVAÇÃO PREDIAL DE ÁGUA - FORNECIMENTO E INSTALAÇÃO. AF_04/2024","M",14.66,96727,null,14.18,14.66]
[null,96728,"TUBO, PPR, DN 25 MM, CLASSE PN 25,  INSTALADO EM RESERVAÇÃO PREDIAL DE ÁGUA - FORNECIMENTO E INSTALAÇÃO. AF_04/2024","M",18.96,96728,null,18.41,18.96]
[null,96729,"TUBO, PPR, DN 32 MM, CLASSE PN 25,  INSTALADO EM RESERVAÇÃO PREDIAL DE ÁGUA - FORNECIMENTO E INSTALAÇÃO. AF_04/2024","M",24.44,96729,null,23.82,24.44]
[null,96730,"TUBO, PPR, DN 40 MM, CLASSE PN 25,  INSTALADO EM RESERVAÇÃO PREDIAL DE ÁGUA - FORNECIMENTO E INSTALAÇÃO. AF_04/2024","M",33.81,96730,null,33.07,33.81]
[null,96731,"TUBO, PPR, DN 50 MM, CLASSE PN 25,  INSTALADO EM RESERVAÇÃO PREDIAL DE ÁGUA - FORNECIMENTO E INSTALAÇÃO. AF_04/2024","M",51.13,96731,null,50.2,51.13]
[null,96732,"TUBO, PPR, DN 63 MM, CLASSE PN 25,  INSTALADO EM RESERVAÇÃO PREDIAL DE ÁGUA - FORNECIMENTO E INSTALAÇÃO. AF_04/2024","M",86.16,96732,null,84.91,86.16]
[null,96733,"TUBO, PPR, DN 75 MM, CLASSE PN 25,  INSTALADO EM RESERVAÇÃO PREDIAL DE ÁGUA - FORNECIMENTO E INSTALAÇÃO. AF_04/2024","M",117.43,96733,null,115.83,117.43]
[null,96734,"TUBO, PPR, DN 90 MM, CLASSE PN 25,  INSTALADO EM RESERVAÇÃO PREDIAL DE ÁGUA - FORNECIMENTO E INSTALAÇÃO. AF_04/2024","M",195.88,96734,null,193.76,195.88]
[null,96735,"TUBO, PPR, DN 110 MM, CLASSE PN 25,  INSTALADO EM RESERVAÇÃO PREDIAL DE ÁGUA - FORNECIMENTO E INSTALAÇÃO. AF_04/2024","M",272.41000000000003,96735,null,269.43,272.41000000000003]
[null,96798,"TUBO, PEX, MONOCAMADA, DN 16, INSTALADO EM RAMAL/SUB-RAMAL OU DISTRIBUIÇÃO DE ÁGUA - FORNECIMENTO E INSTALAÇÃO. AF_02/2023","M",7.51,96798,null,7.22,7.51]
[null,96799,"TUBO, PEX, MONOCAMADA, DN 20, INSTALADO EM RAMAL/SUB-RAMAL OU DISTRIBUIÇÃO DE ÁGUA - FORNECIMENTO E INSTALAÇÃO. AF_02/2023","M",9.6300000000000008,96799,null,9.26,9.6300000000000008]
[null,96800,"TUBO, PEX, MONOCAMADA, DN 25, INSTALADO EM RAMAL/SUB-RAMAL OU DISTRIBUIÇÃO DE ÁGUA - FORNECIMENTO E INSTALAÇÃO. AF_02/2023","M",{"$f":"IF($K$2=$H$1,H3779,I3779)","v":13.13},{"$f":"IF(LEN($B3779)=7,CONCATENATE(MID($B3779,1,6),\"00\",RIGHT($B3779,1)),IF(LEN($B3779)=8,CONCATENATE(MID($B3779,1,6),\"0\",RIGHT($B3779,2)),$B3779))","v":96800},null,12.68,13.13]
[null,96801,"TUBO, PEX, MONOCAMADA, DN 32, INSTALADO EM RAMAL/SUB-RAMAL OU DISTRIBUIÇÃO DE ÁGUA - FORNECIMENTO E INSTALAÇÃO. AF_02/2023","M",19.96,96801,null,19.37,19.96]
[null,97327,"TUBO EM COBRE FLEXÍVEL, DN 1/4\", COM ISOLAMENTO, INSTALADO EM RAMAL DE ALIMENTAÇÃO DE AR CONDICIONADO COM CONDENSADORA INDIVIDUAL   FORNECIMENTO E INSTALAÇÃO. AF_12/2015","M",26.05,97327,null,25.8,26.05]
[null,97328,"TUBO EM COBRE FLEXÍVEL, DN 3/8\", COM ISOLAMENTO, INSTALADO EM RAMAL DE ALIMENTAÇÃO DE AR CONDICIONADO COM CONDENSADORA INDIVIDUAL - FORNECIMENTO E INSTALAÇÃO. AF_12/2015","M",42.67,97328,null,42.39,42.67]
[null,97329,"TUBO EM COBRE FLEXÍVEL, DN 1/2\", COM ISOLAMENTO, INSTALADO EM RAMAL DE ALIMENTAÇÃO DE AR CONDICIONADO COM CONDENSADORA INDIVIDUAL - FORNECIMENTO E INSTALAÇÃO. AF_12/2015","M",54.71,97329,null,54.42,54.71]
[null,97330,"TUBO EM COBRE FLEXÍVEL, DN 5/8\", COM ISOLAMENTO, INSTALADO EM RAMAL DE ALIMENTAÇÃO DE AR CONDICIONADO COM CONDENSADORA INDIVIDUAL - FORNECIMENTO E INSTALAÇÃO. AF_12/2015","M",67,97330,null,66.69,67]
[null,97331,"TUBO EM COBRE FLEXÍVEL, DN 1/4\", COM ISOLAMENTO, INSTALADO EM RAMAL DE ALIMENTAÇÃO DE AR CONDICIONADO COM CONDENSADORA CENTRAL - FORNECIMENTO E INSTALAÇÃO. AF_12/2015","M",26.38,97331,null,26.09,26.38]
[null,97332,"TUBO EM COBRE FLEXÍVEL, DN 3/8\", COM ISOLAMENTO, INSTALADO EM RAMAL DE ALIMENTAÇÃO DE AR CONDICIONADO COM CONDENSADORA CENTRAL - FORNECIMENTO E INSTALAÇÃO. AF_12/2015","M",43.04,97332,null,42.73,43.04]
[null,97333,"TUBO EM COBRE FLEXÍVEL, DN 1/2\", COM ISOLAMENTO, INSTALADO EM RAMAL DE ALIMENTAÇÃO DE AR CONDICIONADO COM CONDENSADORA CENTRAL - FORNECIMENTO E INSTALAÇÃO. AF_12/2015","M",55.18,97333,null,54.83,55.18]
[null,97334,"TUBO EM COBRE FLEXÍVEL, DN 5/8\", COM ISOLAMENTO, INSTALADO EM RAMAL DE ALIMENTAÇÃO DE AR CONDICIONADO COM CONDENSADORA CENTRAL   FORNECIMENTO E INSTALAÇÃO. AF_12/2015","M",67.510000000000005,97334,null,67.150000000000006,67.510000000000005]
[null,97335,"TUBO EM COBRE RÍGIDO, DN 22 MM, CLASSE A, SEM ISOLAMENTO, INSTALADO EM PRUMADA DE GÁS COMBUSTÍVEL - FORNECIMENTO E INSTALAÇÃO. AF_04/2022","M",81.23,97335,null,81.02,81.23]
[null,97336,"TUBO EM COBRE RÍGIDO, DN 28 MM, CLASSE A, SEM ISOLAMENTO, INSTALADO EM PRUMADA DE GÁS COMBUSTÍVEL - FORNECIMENTO E INSTALAÇÃO. AF_04/2022","M",103.37,97336,null,103.1,103.37]
[null,97337,"TUBO EM COBRE RÍGIDO, DN 35 MM, CLASSE A, SEM ISOLAMENTO, INSTALADO EM PRUMADA DE GÁS COMBUSTÍVEL - FORNECIMENTO E INSTALAÇÃO. AF_04/2022","M",155.47999999999999,97337,null,155.13999999999999,155.47999999999999]
[null,97338,"TUBO EM COBRE RÍGIDO, DN 42 MM, CLASSE A, SEM ISOLAMENTO, INSTALADO EM PRUMADA DE GÁS COMBUSTÍVEL - FORNECIMENTO E INSTALAÇÃO. AF_04/2022","M",187.08,97338,null,186.66,187.08]
[null,97339,"TUBO EM COBRE RÍGIDO, DN 54 MM, CLASSE A, SEM ISOLAMENTO, INSTALADO EM PRUMADA DE GÁS COMBUSTÍVEL - FORNECIMENTO E INSTALAÇÃO. AF_04/2022","M",201.47,97339,null,200.93,201.47]
[null,97340,"TUBO EM COBRE RÍGIDO, DN 66 MM, CLASSE A, SEM ISOLAMENTO, INSTALADO EM PRUMADA DE GÁS COMBUSTÍVEL - FORNECIMENTO E INSTALAÇÃO. AF_04/2022","M",202.66,97340,null,201.99,202.66]
[null,97498,"TUBO DE AÇO GALVANIZADO COM COSTURA, CLASSE MÉDIA, DN 25 (1\"), CONEXÃO ROSQUEADA, INSTALADO EM REDE DE ALIMENTAÇÃO PARA HIDRANTE - FORNECIMENTO E INSTALAÇÃO. AF_10/2020","M",44.54,97498,null,43.75,44.54]
[null,97535,"TUBO DE AÇO GALVANIZADO COM COSTURA, CLASSE MÉDIA, CONEXÃO ROSQUEADA, DN 25 (1\"), INSTALADO EM REDE DE ALIMENTAÇÃO PARA SPRINKLER - FORNECIMENTO E INSTALAÇÃO. AF_10/2020","M",49.05,97535,null,47.78,49.05]
[null,97536,"TUBO DE AÇO GALVANIZADO COM COSTURA, CLASSE MÉDIA, CONEXÃO ROSQUEADA, DN 25 (1\"), INSTALADO EM RAMAIS  E SUB-RAMAIS DE GÁS - FORNECIMENTO E INSTALAÇÃO. AF_10/2020","M",59.42,97536,null,57.06,59.42]
[null,100788,"KIT CAVALETE PARA GÁS - SEM MEDIDOR OU REGULADOR - ENTRADA INDIVIDUAL PRINCIPAL, EM AÇO GALVANIZADO DN 15 E 25 MM (1/2\" E 1\") - FORNECIMENTO E INSTALAÇÃO. AF_01/2020","UN",623.48,100788,null,605.04,623.48]
[null,100791,"TUBO, PEX, MULTICAMADA, DN 16, INSTALADO EM IMPLANTAÇÃO DE INSTALAÇÕES DE GÁS - FORNECIMENTO E INSTALAÇÃO. AF_01/2020","M",16.260000000000002,100791,null,15.48,16.260000000000002]
[null,100792,"TUBO, PEX, MULTICAMADA, DN 20, INSTALADO EM IMPLANTAÇÃO DE INSTALAÇÕES DE GÁS - FORNECIMENTO E INSTALAÇÃO. AF_01/2020","M",23.36,100792,null,22.44,23.36]
[null,100793,"TUBO, PEX, MULTICAMADA, DN 26, INSTALADO EM IMPLANTAÇÃO DE INSTALAÇÕES DE GÁS - FORNECIMENTO E INSTALAÇÃO. AF_01/2020","M",30.72,100793,null,29.62,30.72]
[null,100794,"TUBO, PEX, MULTICAMADA, DN 32, INSTALADO EM IMPLANTAÇÃO DE INSTALAÇÕES DE GÁS - FORNECIMENTO E INSTALAÇÃO. AF_01/2020","M",41.15,100794,null,39.81,41.15]
[null,100799,"TUBO, PEX, MULTICAMADA, COM TUBO LUVA, DN 16, INSTALADO EM IMPLANTAÇÃO DE INSTALAÇÕES DE GÁS - FORNECIMENTO E INSTALAÇÃO. AF_01/2020","M",16.72,100799,null,15.89,16.72]
[null,100800,"TUBO, PEX, MULTICAMADA, COM TUBO LUVA, DN 20, INSTALADO EM IMPLANTAÇÃO DE INSTALAÇÕES DE GÁS - FORNECIMENTO E INSTALAÇÃO. AF_01/2020","M",23.82,100800,null,22.85,23.82]
[null,100801,"TUBO, PEX, MULTICAMADA, COM TUBO LUVA, DN 26, INSTALADO EM IMPLANTAÇÃO DE INSTALAÇÕES DE GÁS - FORNECIMENTO E INSTALAÇÃO. AF_01/2020","M",31.19,100801,null,30.04,31.19]
[null,100802,"TUBO, PEX, MULTICAMADA, COM TUBO LUVA, DN 32, INSTALADO EM IMPLANTAÇÃO DE INSTALAÇÕES DE GÁS - FORNECIMENTO E INSTALAÇÃO. AF_01/2020","M",41.61,100802,null,40.22,41.61]
[null,100803,"TUBO, PEX, MULTICAMADA, DN 16, INSTALADO EM RAMAL INTERNO DE INSTALAÇÕES DE GÁS - FORNECIMENTO E INSTALAÇÃO. AF_01/2020","M",15.31,100803,null,14.64,15.31]
[null,100804,"TUBO, PEX, MULTICAMADA, DN 20, INSTALADO EM RAMAL INTERNO DE INSTALAÇÕES DE GÁS - FORNECIMENTO E INSTALAÇÃO. AF_01/2020","M",22.24,100804,null,21.44,22.24]
[null,100805,"TUBO, PEX, MULTICAMADA, DN 26, INSTALADO EM RAMAL INTERNO DE INSTALAÇÕES DE GÁS - FORNECIMENTO E INSTALAÇÃO. AF_01/2020","M",29.38,100805,null,28.43,29.38]
[null,100806,"TUBO, PEX, MULTICAMADA, DN 32, INSTALADO EM RAMAL INTERNO DE INSTALAÇÕES DE GÁS - FORNECIMENTO E INSTALAÇÃO. AF_01/2020","M",39.51,100806,null,38.33,39.51]
[null,100807,"TUBO, PEX, MULTICAMADA, COM TUBO LUVA, DN 16, INSTALADO EM RAMAL INTERNO DE INSTALAÇÕES DE GÁS - FORNECIMENTO E INSTALAÇÃO. AF_01/2020","M",22.09,100807,null,20.69,22.09]
[null,100808,"TUBO, PEX, MULTICAMADA, COM TUBO LUVA, DN 20, INSTALADO EM RAMAL INTERNO DE INSTALAÇÕES DE GÁS - FORNECIMENTO E INSTALAÇÃO. AF_01/2020","M",30.2,100808,null,28.54,30.2]
[null,100809,"TUBO, PEX, MULTICAMADA, COM TUBO LUVA, DN 26, INSTALADO EM RAMAL INTERNO DE INSTALAÇÕES DE GÁS - FORNECIMENTO E INSTALAÇÃO. AF_01/2020","M",38.799999999999997,100809,null,36.85,38.799999999999997]
[null,100810,"TUBO, PEX, MULTICAMADA, COM TUBO LUVA, DN 32, INSTALADO EM RAMAL INTERNO DE INSTALAÇÕES DE GÁS - FORNECIMENTO E INSTALAÇÃO. AF_01/2020","M",50.99,100810,null,48.59,50.99]
[null,101918,"TUBO DE AÇO GALVANIZADO COM COSTURA, CLASSE MÉDIA, DN 100 (4\"), CONEXÃO ROSQUEADA, INSTALADO EM PRUMADAS - FORNECIMENTO E INSTALAÇÃO. AF_10/2020","M",208.6,101918,null,205.57,208.6]
[null,101919,"UNIÃO, EM FERRO GALVANIZADO, 4\", CONEXÃO ROSQUEADA, INSTALADO EM PRUMADAS - FORNECIMENTO E INSTALAÇÃO. AF_10/2020","UN",337.41,101919,null,333.32,337.41]
[null,101920,"LUVA, EM FERRO GALVANIZADO, 4\", CONEXÃO ROSQUEADA, INSTALADO EM PRUMADAS - FORNECIMENTO E INSTALAÇÃO. AF_10/2020","UN",163.69,101920,null,159.6,163.69]
[null,101921,"LUVA DE REDUÇÃO, EM FERRO GALVANIZADO, 4\" X 2 1/2\", CONEXÃO ROSQUEADA, INSTALADO EM PRUMADAS - FORNECIMENTO E INSTALAÇÃO. AF_10/2020","UN",186.06,101921,null,181.97,186.06]
[null,101922,"LUVA DE REDUÇÃO, EM FERRO GALVANIZADO, 4\" X 2\", CONEXÃO ROSQUEADA, INSTALADO EM PRUMADAS - FORNECIMENTO E INSTALAÇÃO. AF_10/2020","UN",186.06,101922,null,181.97,186.06]
[null,101923,"LUVA DE REDUÇÃO, EM FERRO GALVANIZADO, 4\" X 3\", CONEXÃO ROSQUEADA, INSTALADO EM PRUMADAS - FORNECIMENTO E INSTALAÇÃO. AF_10/2020","UN",186.06,101923,null,181.97,186.06]
[null,101924,"NIPLE, EM FERRO GALVANIZADO, 4\", CONEXÃO ROSQUEADA, INSTALADO EM PRUMADAS - FORNECIMENTO E INSTALAÇÃO. AF_10/2020","UN",154.33000000000001,101924,null,150.24,154.33000000000001]
[null,101925,"JOELHO 90°, EM FERRO GALVANIZADO, 4\", CONEXÃO ROSQUEADA, INSTALADO EM PRUMADAS - FORNECIMENTO E INSTALAÇÃO. AF_10/2020","UN",257.14999999999998,101925,null,251.01,257.14999999999998]
[null,101926,"TÊ, EM FERRO GALVANIZADO, 4\", CONEXÃO ROSQUEADA, INSTALADO EM PRUMADAS - FORNECIMENTO E INSTALAÇÃO. AF_10/2020","UN",331.88,101926,null,323.7,331.88]
[null,101927,"TUBO DE AÇO GALVANIZADO COM COSTURA, CLASSE MÉDIA, DN 100 (4\"), CONEXÃO ROSQUEADA, INSTALADO EM REDE DE ALIMENTAÇÃO PARA HIDRANTE - FORNECIMENTO E INSTALAÇÃO. AF_10/2020","M",194.54,101927,null,192.99,194.54]
[null,101928,"UNIÃO, EM FERRO GALVANIZADO, 4\", CONEXÃO ROSQUEADA, INSTALADO EM REDE DE ALIMENTAÇÃO PARA HIDRANTE - FORNECIMENTO E INSTALAÇÃO. AF_10/2020","UN",342.79,101928,null,338.14,342.79]
[null,101929,"LUVA, EM FERRO GALVANIZADO, 4\", CONEXÃO ROSQUEADA, INSTALADO EM REDE DE ALIMENTAÇÃO PARA HIDRANTE - FORNECIMENTO E INSTALAÇÃO. AF_10/2020","UN",169.07,101929,null,164.42,169.07]
[null,101930,"LUVA DE REDUÇÃO, EM FERRO GALVANIZADO, 4\" X 2 1/2\", CONEXÃO ROSQUEADA, INSTALADO EM REDE DE ALIMENTAÇÃO PARA HIDRANTE - FORNECIMENTO E INSTALAÇÃO. AF_10/2020","UN",191.44,101930,null,186.79,191.44]
[null,101931,"LUVA DE REDUÇÃO, EM FERRO GALVANIZADO, 4\" X 2\", CONEXÃO ROSQUEADA, INSTALADO EM REDE DE ALIMENTAÇÃO PARA HIDRANTE - FORNECIMENTO E INSTALAÇÃO. AF_10/2020","UN",191.44,101931,null,186.79,191.44]
[null,101932,"LUVA DE REDUÇÃO, EM FERRO GALVANIZADO, 4\" X 3\", CONEXÃO ROSQUEADA, INSTALADO EM REDE DE ALIMENTAÇÃO PARA HIDRANTE - FORNECIMENTO E INSTALAÇÃO. AF_10/2020","UN",191.44,101932,null,186.79,191.44]
[null,101933,"NIPLE, EM FERRO GALVANIZADO, 4\", CONEXÃO ROSQUEADA, INSTALADO EM REDE DE ALIMENTAÇÃO PARA HIDRANTE - FORNECIMENTO E INSTALAÇÃO. AF_10/2020","UN",159.71,101933,null,155.06,159.71]
[null,101934,"JOELHO 90°, EM FERRO GALVANIZADO, 4\", CONEXÃO ROSQUEADA, INSTALADO EM REDE DE ALIMENTAÇÃO PARA HIDRANTE - FORNECIMENTO E INSTALAÇÃO. AF_10/2020","UN",265.23,101934,null,258.24,265.23]
[null,101935,"TÊ, EM FERRO GALVANIZADO, 4\", CONEXÃO ROSQUEADA, INSTALADO EM REDE DE ALIMENTAÇÃO PARA HIDRANTE - FORNECIMENTO E INSTALAÇÃO. AF_10/2020","UN",342.65,101935,null,333.34,342.65]
[null,103802,"TUBO EM COBRE RÍGIDO, DN 15 MM, CLASSE E, SEM ISOLAMENTO, INSTALADO EM RAMAL E SUB-RAMAL DE GÁS COMBUSTÍVEL - FORNECIMENTO E INSTALAÇÃO. AF_04/2022","M",39.979999999999997,103802,null,39.1,39.979999999999997]
[null,103803,"TUBO EM COBRE RÍGIDO, DN 22 MM, CLASSE E, SEM ISOLAMENTO, INSTALADO EM RAMAL E SUB-RAMAL DE GÁS COMBUSTÍVEL - FORNECIMENTO E INSTALAÇÃO. AF_04/2022","M",68.73,103803,null,67.22,68.73]
[null,103804,"TUBO EM COBRE RÍGIDO, DN 28 MM, CLASSE E, SEM ISOLAMENTO, INSTALADO EM RAMAL E SUB-RAMAL DE GÁS COMBUSTÍVEL - FORNECIMENTO E INSTALAÇÃO. AF_04/2022","M",83.36,103804,null,81.849999999999994,83.36]
[null,103835,"TUBO EM COBRE RÍGIDO, DN 15 MM, CLASSE A, SEM ISOLAMENTO, INSTALADO EM RAMAL E SUB-RAMAL DE GÁS MEDICINAL - FORNECIMENTO E INSTALAÇÃO. AF_04/2022","M",62.45,103835,null,61.03,62.45]
[null,103836,"TUBO EM COBRE RÍGIDO, DN 22 MM, CLASSE A, SEM ISOLAMENTO, INSTALADO EM RAMAL E SUB-RAMAL DE GÁS MEDICINAL - FORNECIMENTO E INSTALAÇÃO. AF_04/2022","M",97.2,103836,null,95.31,97.2]
[null,103837,"TUBO EM COBRE RÍGIDO, DN 28 MM, CLASSE A, SEM ISOLAMENTO, INSTALADO EM RAMAL E SUB-RAMAL DE GÁS MEDICINAL - FORNECIMENTO E INSTALAÇÃO. AF_04/2022","M",122.61,103837,null,120.31,122.61]
[null,103868,"TUBO EM COBRE RÍGIDO, DN 15 MM, CLASSE E, SEM ISOLAMENTO, INSTALADO EM RAMAL E SUB-RAMAL DE AQUECIMENTO SOLAR - FORNECIMENTO E INSTALAÇÃO. AF_04/2022","M",49.27,103868,null,47.41,49.27]
[null,103869,"TUBO EM COBRE RÍGIDO, DN 22 MM, CLASSE E, SEM ISOLAMENTO, INSTALADO EM RAMAL E SUB-RAMAL DE AQUECIMENTO SOLAR - FORNECIMENTO E INSTALAÇÃO. AF_04/2022","M",75.239999999999995,103869,null,73.040000000000006,75.239999999999995]
[null,103870,"TUBO EM COBRE RÍGIDO, DN 28 MM, CLASSE E, SEM ISOLAMENTO, INSTALADO EM RAMAL E SUB-RAMAL DE AQUECIMENTO SOLAR - FORNECIMENTO E INSTALAÇÃO. AF_04/2022","M",92.6,103870,null,90.13,92.6]
[null,103871,"TUBO EM COBRE RÍGIDO, DN 15 MM, CLASSE E, COM ISOLAMENTO, INSTALADO EM RAMAL E SUB-RAMAL DE AQUECIMENTO SOLAR - FORNECIMENTO E INSTALAÇÃO. AF_04/2022","M",60.46,103871,null,58.52,60.46]
[null,103872,"TUBO EM COBRE RÍGIDO, DN 22 MM, CLASSE E, COM ISOLAMENTO, INSTALADO EM RAMAL E SUB-RAMAL DE AQUECIMENTO SOLAR - FORNECIMENTO E INSTALAÇÃO. AF_04/2022","M",{"$f":"IF($K$2=$H$1,H3843,I3843)","v":127.08},{"$f":"IF(LEN($B3843)=7,CONCATENATE(MID($B3843,1,6),\"00\",RIGHT($B3843,1)),IF(LEN($B3843)=8,CONCATENATE(MID($B3843,1,6),\"0\",RIGHT($B3843,2)),$B3843))","v":103872},null,124.8,127.08]
[null,103873,"TUBO EM COBRE RÍGIDO, DN 28 MM, CLASSE E, COM ISOLAMENTO, INSTALADO EM RAMAL E SUB-RAMAL DE AQUECIMENTO SOLAR - FORNECIMENTO E INSTALAÇÃO. AF_04/2022","M",146.55000000000001,103873,null,143.97999999999999,146.55000000000001]
[null,103978,"TUBO, PVC, SOLDÁVEL, DE 40MM, INSTALADO EM RAMAL DE DISTRIBUIÇÃO DE ÁGUA - FORNECIMENTO E INSTALAÇÃO. AF_06/2022","M",24.08,103978,null,22.98,24.08]
[null,103979,"TUBO, PVC, SOLDÁVEL, DE 50MM, INSTALADO EM RAMAL DE DISTRIBUIÇÃO DE ÁGUA - FORNECIMENTO E INSTALAÇÃO. AF_06/2022","M",27.44,103979,null,26.14,27.44]
[null,104021,"TUBO, CPVC, SOLDÁVEL, DN 42MM, INSTALADO EM RAMAL DE DISTRIBUIÇÃO DE ÁGUA - FORNECIMENTO E INSTALAÇÃO. AF_06/2022","M",73.540000000000006,104021,null,72.400000000000006,73.540000000000006]
[null,104166,"TUBO PVC, SÉRIE R, ÁGUA PLUVIAL, DN 150 MM, FORNECIDO E INSTALADO EM RAMAL DE ENCAMINHAMENTO. AF_06/2022","M",73.52,104166,null,72.28,73.52]
[null,104194,"TUBO, PPR, DN 20, CLASSE PN20, INSTALADO EM RAMAL OU SUB-RAMAL DE ÁGUA - FORNECIMENTO E INSTALAÇÃO. AF_08/2022","M",19.7,104194,null,18.600000000000001,19.7]
[null,104195,"TUBO, PPR, DN 20, CLASSE PN25, INSTALADO EM RAMAL OU SUB-RAMAL DE ÁGUA - FORNECIMENTO E INSTALAÇÃO. AF_08/2022","M",20.92,104195,null,19.79,20.92]
[null,104315,"TUBO, PVC, SOLDÁVEL, DE 20MM, INSTALADO EM DRENO DE AR CONDICIONADO - FORNECIMENTO E INSTALAÇÃO. AF_08/2022","M",14.86,104315,null,13.67,14.86]
[null,104316,"TUBO, PVC, SOLDÁVEL, DE 32MM, INSTALADO EM DRENO DE AR CONDICIONADO - FORNECIMENTO E INSTALAÇÃO. AF_08/2022","M",21.42,104316,null,20.079999999999998,21.42]
[null,105138,"BUCHA DE REDUÇÃO PVC, SOLDÁVEL, LONGA, DN 60 X 25 MM, INSTALADO EM RESERVAÇÃO PREDIAL DE ÁGUA - FORNECIMENTO E INSTALAÇÃO. AF_04/2024","UN",15.95,105138,null,15.55,15.95]
[null,105139,"BUCHA DE REDUÇÃO PVC, SOLDÁVEL, LONGA, DN 60 X 32 MM, INSTALADO EM RESERVAÇÃO PREDIAL DE ÁGUA - FORNECIMENTO E INSTALAÇÃO. AF_04/2024","UN",18.72,105139,null,18.3,18.72]
[null,105140,"BUCHA DE REDUÇÃO PVC, SOLDÁVEL, LONGA, DN 60 X 50 MM, INSTALADO EM RESERVAÇÃO PREDIAL DE ÁGUA - FORNECIMENTO E INSTALAÇÃO. AF_04/2024","UN",24.06,105140,null,23.52,24.06]
[null,105141,"BUCHA DE REDUÇÃO PVC, SOLDÁVEL, LONGA, DN 75 X 50 MM, INSTALADO EM RESERVAÇÃO PREDIAL DE ÁGUA - FORNECIMENTO E INSTALAÇÃO. AF_04/2024","UN",28.68,105141,null,28,28.68]
[null,105142,"LUVA DE REDUÇÃO SOLDÁVEL, PVC, DN 32 MM X 25 MM, INSTALADO EM RESERVAÇÃO PREDIAL DE ÁGUA - FORNECIMENTO E INSTALAÇÃO. AF_04/2024","UN",6.38,105142,null,6.17,6.38]
[null,105143,"LUVA DE REDUÇÃO SOLDÁVEL, PVC, DN 40 MM X 32 MM, INSTALADO EM RESERVAÇÃO PREDIAL DE ÁGUA - FORNECIMENTO E INSTALAÇÃO. AF_04/2024","UN",9.51,105143,null,9.23,9.51]
[null,105144,"LUVA DE REDUÇÃO SOLDÁVEL, PVC, DN 60 MM X 50 MM, INSTALADO EM RESERVAÇÃO PREDIAL DE ÁGUA - FORNECIMENTO E INSTALAÇÃO. AF_04/2024","UN",20.12,105144,null,19.579999999999998,20.12]
[null,105145,"LUVA DE REDUÇÃO, SOLDÁVEL, PVC, DN 50 X 25 MM, INSTALADO EM RESERVAÇÃO PREDIAL DE ÁGUA - FORNECIMENTO E INSTALAÇÃO. AF_04/2024","UN",11.02,105145,null,10.7,11.02]
[null,105153,"JOELHO PPR 45 GRAUS, SOLDÁVEL, DN 63 MM, INSTALADO EM RESERVAÇÃO PREDIAL DE ÁGUA - FORNECIMENTO E INSTALAÇÃO. AF_04/2024","UN",46.04,105153,null,44.79,46.04]
[null,89358,"JOELHO 90 GRAUS, PVC, SOLDÁVEL, DN 20MM, INSTALADO EM RAMAL OU SUB-RAMAL DE ÁGUA - FORNECIMENTO E INSTALAÇÃO. AF_06/2022","UN",7.58,89358,null,6.94,7.58]
[null,89359,"JOELHO 45 GRAUS, PVC, SOLDÁVEL, DN 20MM, INSTALADO EM RAMAL OU SUB-RAMAL DE ÁGUA - FORNECIMENTO E INSTALAÇÃO. AF_06/2022","UN",8.08,89359,null,7.44,8.08]
[null,89360,"CURVA 90 GRAUS, PVC, SOLDÁVEL, DN 20MM, INSTALADO EM RAMAL OU SUB-RAMAL DE ÁGUA - FORNECIMENTO E INSTALAÇÃO. AF_06/2022","UN",8.99,89360,null,8.35,8.99]
[null,89361,"CURVA 45 GRAUS, PVC, SOLDÁVEL, DN 20MM, INSTALADO EM RAMAL OU SUB-RAMAL DE ÁGUA - FORNECIMENTO E INSTALAÇÃO. AF_06/2022","UN",9.0500000000000007,89361,null,8.41,9.0500000000000007]
[null,89362,"JOELHO 90 GRAUS, PVC, SOLDÁVEL, DN 25MM, INSTALADO EM RAMAL OU SUB-RAMAL DE ÁGUA - FORNECIMENTO E INSTALAÇÃO. AF_06/2022","UN",9.0399999999999991,89362,null,8.3000000000000007,9.0399999999999991]
[null,89363,"JOELHO 45 GRAUS, PVC, SOLDÁVEL, DN 25MM, INSTALADO EM RAMAL OU SUB-RAMAL DE ÁGUA - FORNECIMENTO E INSTALAÇÃO. AF_06/2022","UN",9.75,89363,null,9.01,9.75]
[null,89364,"CURVA 90 GRAUS, PVC, SOLDÁVEL, DN 25MM, INSTALADO EM RAMAL OU SUB-RAMAL DE ÁGUA - FORNECIMENTO E INSTALAÇÃO. AF_06/2022","UN",11.12,89364,null,10.38,11.12]
[null,89365,"CURVA 45 GRAUS, PVC, SOLDÁVEL, DN 25MM, INSTALADO EM RAMAL OU SUB-RAMAL DE ÁGUA - FORNECIMENTO E INSTALAÇÃO. AF_06/2022","UN",10.63,89365,null,9.89,10.63]
[null,89366,"JOELHO 90 GRAUS COM BUCHA DE LATÃO, PVC, SOLDÁVEL, DN 25MM, X 3/4  INSTALADO EM RAMAL OU SUB-RAMAL DE ÁGUA - FORNECIMENTO E INSTALAÇÃO. AF_06/2022","UN",15.15,89366,null,14.46,15.15]
[null,89367,"JOELHO 90 GRAUS, PVC, SOLDÁVEL, DN 32MM, INSTALADO EM RAMAL OU SUB-RAMAL DE ÁGUA - FORNECIMENTO E INSTALAÇÃO. AF_06/2022","UN",12.42,89367,null,11.54,12.42]
[null,89368,"JOELHO 45 GRAUS, PVC, SOLDÁVEL, DN 32MM, INSTALADO EM RAMAL OU SUB-RAMAL DE ÁGUA - FORNECIMENTO E INSTALAÇÃO. AF_06/2022","UN",14.01,89368,null,13.13,14.01]
[null,89369,"CURVA 90 GRAUS, PVC, SOLDÁVEL, DN 32MM, INSTALADO EM RAMAL OU SUB-RAMAL DE ÁGUA - FORNECIMENTO E INSTALAÇÃO. AF_06/2022","UN",16.14,89369,null,15.26,16.14]
[null,89370,"CURVA 45 GRAUS, PVC, SOLDÁVEL, DN 32MM, INSTALADO EM RAMAL OU SUB-RAMAL DE ÁGUA - FORNECIMENTO E INSTALAÇÃO. AF_06/2022","UN",14.31,89370,null,13.43,14.31]
[null,89371,"LUVA, PVC, SOLDÁVEL, DN 20MM, INSTALADO EM RAMAL OU SUB-RAMAL DE ÁGUA - FORNECIMENTO E INSTALAÇÃO. AF_06/2022","UN",5.72,89371,null,5.3,5.72]
[null,89372,"LUVA DE CORRER, PVC, SOLDÁVEL, DN 20MM, INSTALADO EM RAMAL OU SUB-RAMAL DE ÁGUA - FORNECIMENTO E INSTALAÇÃO. AF_06/2022","UN",14.79,89372,null,14.37,14.79]
[null,89373,"LUVA DE REDUÇÃO, PVC, SOLDÁVEL, DN 25MM X 20MM, INSTALADO EM RAMAL OU SUB-RAMAL DE ÁGUA - FORNECIMENTO E INSTALAÇÃO. AF_06/2022","UN",6.81,89373,null,6.35,6.81]
[null,89374,"LUVA COM BUCHA DE LATÃO, PVC, SOLDÁVEL, DN 20MM X 1/2\", INSTALADO EM RAMAL OU SUB-RAMAL DE ÁGUA - FORNECIMENTO E INSTALAÇÃO. AF_06/2022","UN",9.4499999999999993,89374,null,9.06,9.4499999999999993]
[null,89375,"UNIÃO, PVC, SOLDÁVEL, DN 20MM, INSTALADO EM RAMAL OU SUB-RAMAL DE ÁGUA - FORNECIMENTO E INSTALAÇÃO. AF_06/2022","UN",11.12,89375,null,10.7,11.12]
[null,89376,"ADAPTADOR CURTO COM BOLSA E ROSCA PARA REGISTRO, PVC, SOLDÁVEL, DN 20MM X 1/2 , INSTALADO EM RAMAL OU SUB-RAMAL DE ÁGUA - FORNECIMENTO E INSTALAÇÃO. AF_06/2022","UN",5.44,89376,null,5.05,5.44]
[null,89377,"CURVA DE TRANSPOSIÇÃO, PVC, SOLDÁVEL, DN 20MM, INSTALADO EM RAMAL OU SUB-RAMAL DE ÁGUA - FORNECIMENTO E INSTALAÇÃO. AF_06/2022","UN",9.5500000000000007,89377,null,9.1300000000000008,9.5500000000000007]
[null,89378,"LUVA, PVC, SOLDÁVEL, DN 25MM, INSTALADO EM RAMAL OU SUB-RAMAL DE ÁGUA - FORNECIMENTO E INSTALAÇÃO. AF_06/2022","UN",6.76,89378,null,6.27,6.76]
[null,89379,"LUVA DE CORRER, PVC, SOLDÁVEL, DN 25MM, INSTALADO EM RAMAL OU SUB-RAMAL DE ÁGUA - FORNECIMENTO E INSTALAÇÃO. AF_12/2014","UN",17.39,89379,null,16.899999999999999,17.39]
[null,89380,"LUVA DE REDUÇÃO, PVC, SOLDÁVEL, DN 32MM X 25MM, INSTALADO EM RAMAL OU SUB-RAMAL DE ÁGUA - FORNECIMENTO E INSTALAÇÃO. AF_06/2022","UN",9.56,89380,null,9.02,9.56]
[null,89381,"LUVA COM BUCHA DE LATÃO, PVC, SOLDÁVEL, DN 25MM X 3/4 , INSTALADO EM RAMAL OU SUB-RAMAL DE ÁGUA - FORNECIMENTO E INSTALAÇÃO. AF_06/2022","UN",11.57,89381,null,11.11,11.57]
[null,89382,"UNIÃO, PVC, SOLDÁVEL, DN 25MM, INSTALADO EM RAMAL OU SUB-RAMAL DE ÁGUA - FORNECIMENTO E INSTALAÇÃO. AF_06/2022","UN",13.38,89382,null,12.89,13.38]
[null,89383,"ADAPTADOR CURTO COM BOLSA E ROSCA PARA REGISTRO, PVC, SOLDÁVEL, DN 25MM X 3/4 , INSTALADO EM RAMAL OU SUB-RAMAL DE ÁGUA - FORNECIMENTO E INSTALAÇÃO. AF_06/2022","UN",6.34,89383,null,5.88,6.34]
[null,89384,"CURVA DE TRANSPOSIÇÃO, PVC, SOLDÁVEL, DN 25MM, INSTALADO EM RAMAL OU SUB-RAMAL DE ÁGUA   FORNECIMENTO E INSTALAÇÃO. AF_06/2022","UN",12.17,89384,null,11.68,12.17]
[null,89385,"LUVA SOLDÁVEL E COM ROSCA, PVC, SOLDÁVEL, DN 25MM X 3/4 , INSTALADO EM RAMAL OU SUB-RAMAL DE ÁGUA - FORNECIMENTO E INSTALAÇÃO. AF_06/2022","UN",6.92,89385,null,6.46,6.92]
[null,89386,"LUVA, PVC, SOLDÁVEL, DN 32MM, INSTALADO EM RAMAL OU SUB-RAMAL DE ÁGUA - FORNECIMENTO E INSTALAÇÃO. AF_06/2022","UN",9.2200000000000006,89386,null,8.6300000000000008,9.2200000000000006]
[null,89387,"LUVA DE CORRER, PVC, SOLDÁVEL, DN 32MM, INSTALADO EM RAMAL OU SUB-RAMAL DE ÁGUA   FORNECIMENTO E INSTALAÇÃO. AF_06/2022","UN",27.59,89387,null,27,27.59]
[null,89389,"LUVA SOLDÁVEL E COM ROSCA, PVC, SOLDÁVEL, DN 32MM X 1 , INSTALADO EM RAMAL OU SUB-RAMAL DE ÁGUA - FORNECIMENTO E INSTALAÇÃO. AF_06/2022","UN",10.85,89389,null,10.31,10.85]
[null,89390,"UNIÃO, PVC, SOLDÁVEL, DN 32MM, INSTALADO EM RAMAL OU SUB-RAMAL DE ÁGUA - FORNECIMENTO E INSTALAÇÃO. AF_06/2022","UN",19.79,89390,null,19.2,19.79]
[null,89391,"ADAPTADOR CURTO COM BOLSA E ROSCA PARA REGISTRO, PVC, SOLDÁVEL, DN 32MM X 1 , INSTALADO EM RAMAL OU SUB-RAMAL DE ÁGUA - FORNECIMENTO E INSTALAÇÃO. AF_06/2022","UN",8.35,89391,null,7.81,8.35]
[null,89392,"CURVA DE TRANSPOSIÇÃO, PVC, SOLDÁVEL, DN 32MM, INSTALADO EM RAMAL OU SUB-RAMAL DE ÁGUA   FORNECIMENTO E INSTALAÇÃO. AF_06/2022","UN",22.59,89392,null,22,22.59]
[null,89393,"TE, PVC, SOLDÁVEL, DN 20MM, INSTALADO EM RAMAL OU SUB-RAMAL DE ÁGUA - FORNECIMENTO E INSTALAÇÃO. AF_06/2022","UN",10.53,89393,null,9.68,10.53]
[null,89394,"TÊ COM BUCHA DE LATÃO NA BOLSA CENTRAL, PVC, SOLDÁVEL, DN 20MM X 1/2 , INSTALADO EM RAMAL OU SUB-RAMAL DE ÁGUA - FORNECIMENTO E INSTALAÇÃO. AF_06/2022","UN",17.36,89394,null,16.57,17.36]
[null,89395,"TE, PVC, SOLDÁVEL, DN 25MM, INSTALADO EM RAMAL OU SUB-RAMAL DE ÁGUA - FORNECIMENTO E INSTALAÇÃO. AF_06/2022","UN",12.49,89395,null,11.5,12.49]
[null,89396,"TÊ COM BUCHA DE LATÃO NA BOLSA CENTRAL, PVC, SOLDÁVEL, DN 25MM X 1/2 , INSTALADO EM RAMAL OU SUB-RAMAL DE ÁGUA - FORNECIMENTO E INSTALAÇÃO. AF_06/2022","UN",19.05,89396,null,18.2,19.05]
[null,89397,"TÊ DE REDUÇÃO, PVC, SOLDÁVEL, DN 25MM X 20MM, INSTALADO EM RAMAL OU SUB-RAMAL DE ÁGUA - FORNECIMENTO E INSTALAÇÃO. AF_06/2022","UN",14.01,89397,null,13.09,14.01]
[null,89398,"TE, PVC, SOLDÁVEL, DN 32MM, INSTALADO EM RAMAL OU SUB-RAMAL DE ÁGUA - FORNECIMENTO E INSTALAÇÃO. AF_06/2022","UN",17.37,89398,null,16.18,17.37]
[null,89399,"TÊ COM BUCHA DE LATÃO NA BOLSA CENTRAL, PVC, SOLDÁVEL, DN 32MM X 3/4 , INSTALADO EM RAMAL OU SUB-RAMAL DE ÁGUA - FORNECIMENTO E INSTALAÇÃO. AF_06/2022","UN",23.1,89399,null,22.12,23.1]
[null,89400,"TÊ DE REDUÇÃO, PVC, SOLDÁVEL, DN 32MM X 25MM, INSTALADO EM RAMAL OU SUB-RAMAL DE ÁGUA - FORNECIMENTO E INSTALAÇÃO. AF_06/2022","UN",18.809999999999999,89400,null,17.73,18.809999999999999]
[null,89404,"JOELHO 90 GRAUS, PVC, SOLDÁVEL, DN 20MM, INSTALADO EM RAMAL DE DISTRIBUIÇÃO DE ÁGUA - FORNECIMENTO E INSTALAÇÃO. AF_06/2022","UN",6.93,89404,null,6.36,6.93]
[null,89405,"JOELHO 45 GRAUS, PVC, SOLDÁVEL, DN 20MM, INSTALADO EM RAMAL DE DISTRIBUIÇÃO DE ÁGUA - FORNECIMENTO E INSTALAÇÃO. AF_06/2022","UN",7.43,89405,null,6.86,7.43]
[null,89406,"CURVA 90 GRAUS, PVC, SOLDÁVEL, DN 20MM, INSTALADO EM RAMAL DE DISTRIBUIÇÃO DE ÁGUA - FORNECIMENTO E INSTALAÇÃO. AF_06/2022","UN",8.34,89406,null,7.77,8.34]
[null,89407,"CURVA 45 GRAUS, PVC, SOLDÁVEL, DN 20MM, INSTALADO EM RAMAL DE DISTRIBUIÇÃO DE ÁGUA - FORNECIMENTO E INSTALAÇÃO. AF_06/2022","UN",{"$f":"IF($K$2=$H$1,H3907,I3907)","v":8.4},{"$f":"IF(LEN($B3907)=7,CONCATENATE(MID($B3907,1,6),\"00\",RIGHT($B3907,1)),IF(LEN($B3907)=8,CONCATENATE(MID($B3907,1,6),\"0\",RIGHT($B3907,2)),$B3907))","v":89407},null,7.83,8.4]
[null,89408,"JOELHO 90 GRAUS, PVC, SOLDÁVEL, DN 25MM, INSTALADO EM RAMAL DE DISTRIBUIÇÃO DE ÁGUA - FORNECIMENTO E INSTALAÇÃO. AF_06/2022","UN",8.2899999999999991,89408,null,7.62,8.2899999999999991]
[null,89409,"JOELHO 45 GRAUS, PVC, SOLDÁVEL, DN 25MM, INSTALADO EM RAMAL DE DISTRIBUIÇÃO DE ÁGUA - FORNECIMENTO E INSTALAÇÃO. AF_06/2022","UN",9,89409,null,8.33,9]
[null,89410,"CURVA 90 GRAUS, PVC, SOLDÁVEL, DN 25MM, INSTALADO EM RAMAL DE DISTRIBUIÇÃO DE ÁGUA - FORNECIMENTO E INSTALAÇÃO. AF_06/2022","UN",10.37,89410,null,9.6999999999999993,10.37]
[null,89411,"CURVA 45 GRAUS, PVC, SOLDÁVEL, DN 25MM, INSTALADO EM RAMAL DE DISTRIBUIÇÃO DE ÁGUA - FORNECIMENTO E INSTALAÇÃO. AF_06/2022","UN",9.8800000000000008,89411,null,9.2100000000000009,9.8800000000000008]
[null,89412,"JOELHO 90 GRAUS, PVC, SOLDÁVEL, DN 25MM, X 3/4  INSTALADO EM RAMAL DE DISTRIBUIÇÃO DE ÁGUA - FORNECIMENTO E INSTALAÇÃO. AF_06/2022","UN",9.24,89412,null,8.6199999999999992,9.24]
[null,89413,"JOELHO 90 GRAUS, PVC, SOLDÁVEL, DN 32MM, INSTALADO EM RAMAL DE DISTRIBUIÇÃO DE ÁGUA - FORNECIMENTO E INSTALAÇÃO. AF_06/2022","UN",11.52,89413,null,10.72,11.52]
[null,89414,"JOELHO 45 GRAUS, PVC, SOLDÁVEL, DN 32MM, INSTALADO EM RAMAL DE DISTRIBUIÇÃO DE ÁGUA - FORNECIMENTO E INSTALAÇÃO. AF_06/2022","UN",13.11,89414,null,12.31,13.11]
[null,89415,"CURVA 90 GRAUS, PVC, SOLDÁVEL, DN 32MM, INSTALADO EM RAMAL DE DISTRIBUIÇÃO DE ÁGUA - FORNECIMENTO E INSTALAÇÃO. AF_06/2022","UN",15.24,89415,null,14.44,15.24]
[null,89416,"CURVA 45 GRAUS, PVC, SOLDÁVEL, DN 32MM, INSTALADO EM RAMAL DE DISTRIBUIÇÃO DE ÁGUA - FORNECIMENTO E INSTALAÇÃO. AF_06/2022","UN",13.41,89416,null,12.61,13.41]
[null,89417,"LUVA, PVC, SOLDÁVEL, DN 20MM, INSTALADO EM RAMAL DE DISTRIBUIÇÃO DE ÁGUA - FORNECIMENTO E INSTALAÇÃO. AF_06/2022","UN",5.28,89417,null,4.9000000000000004,5.28]
[null,89418,"LUVA DE CORRER, PVC, SOLDÁVEL, DN 20MM, INSTALADO EM RAMAL DE DISTRIBUIÇÃO DE ÁGUA - FORNECIMENTO E INSTALAÇÃO. AF_06/2022","UN",14.35,89418,null,13.97,14.35]
[null,89419,"LUVA DE REDUÇÃO, PVC, SOLDÁVEL, DN 25MM X 20MM, INSTALADO EM RAMAL DE DISTRIBUIÇÃO DE ÁGUA - FORNECIMENTO E INSTALAÇÃO. AF_06/2022","UN",6.33,89419,null,5.92,6.33]
[null,89421,"UNIÃO, PVC, SOLDÁVEL, DN 20MM, INSTALADO EM RAMAL DE DISTRIBUIÇÃO DE ÁGUA - FORNECIMENTO E INSTALAÇÃO. AF_06/2022","UN",10.68,89421,null,10.3,10.68]
[null,89423,"CURVA DE TRANSPOSIÇÃO, PVC, SOLDÁVEL, DN 20MM, INSTALADO EM RAMAL DE DISTRIBUIÇÃO DE ÁGUA   FORNECIMENTO E INSTALAÇÃO. AF_06/2022","UN",9.11,89423,null,8.73,9.11]
[null,89424,"LUVA, PVC, SOLDÁVEL, DN 25MM, INSTALADO EM RAMAL DE DISTRIBUIÇÃO DE ÁGUA - FORNECIMENTO E INSTALAÇÃO. AF_06/2022","UN",6.26,89424,null,5.82,6.26]
[null,89425,"LUVA DE CORRER, PVC, SOLDÁVEL, DN 25MM, INSTALADO EM RAMAL DE DISTRIBUIÇÃO DE ÁGUA - FORNECIMENTO E INSTALAÇÃO. AF_06/2022","UN",16.89,89425,null,16.45,16.89]
[null,89426,"LUVA DE REDUÇÃO, PVC, SOLDÁVEL, DN 32MM X 25MM, INSTALADO EM RAMAL DE DISTRIBUIÇÃO DE ÁGUA - FORNECIMENTO E INSTALAÇÃO. AF_06/2022","UN",9,89426,null,8.52,9]
[null,89427,"LUVA COM BUCHA DE LATÃO, PVC, SOLDÁVEL, DN 25MM X 3/4 , INSTALADO EM RAMAL DE DISTRIBUIÇÃO DE ÁGUA - FORNECIMENTO E INSTALAÇÃO. AF_06/2022","UN",11.09,89427,null,10.68,11.09]
[null,89428,"UNIÃO, PVC, SOLDÁVEL, DN 25MM, INSTALADO EM RAMAL DE DISTRIBUIÇÃO DE ÁGUA - FORNECIMENTO E INSTALAÇÃO. AF_06/2022","UN",12.88,89428,null,12.44,12.88]
[null,89429,"ADAPTADOR CURTO COM BOLSA E ROSCA PARA REGISTRO, PVC, SOLDÁVEL, DN 25MM X 3/4 , INSTALADO EM RAMAL DE DISTRIBUIÇÃO DE ÁGUA - FORNECIMENTO E INSTALAÇÃO. AF_06/2022","UN",5.86,89429,null,5.45,5.86]
[null,89430,"CURVA DE TRANSPOSIÇÃO, PVC, SOLDÁVEL, DN 25MM, INSTALADO EM RAMAL DE DISTRIBUIÇÃO DE ÁGUA   FORNECIMENTO E INSTALAÇÃO. AF_06/2022","UN",11.67,89430,null,11.23,11.67]
[null,89431,"LUVA, PVC, SOLDÁVEL, DN 32MM, INSTALADO EM RAMAL DE DISTRIBUIÇÃO DE ÁGUA - FORNECIMENTO E INSTALAÇÃO. AF_06/2022","UN",8.6199999999999992,89431,null,8.09,8.6199999999999992]
[null,89432,"LUVA DE CORRER, PVC, SOLDÁVEL, DN 32MM, INSTALADO EM RAMAL DE DISTRIBUIÇÃO DE ÁGUA   FORNECIMENTO E INSTALAÇÃO. AF_06/2022","UN",26.99,89432,null,26.46,26.99]
[null,89433,"LUVA DE REDUÇÃO, PVC, SOLDÁVEL, DN 40MM X 32MM, INSTALADO EM RAMAL DE DISTRIBUIÇÃO DE ÁGUA - FORNECIMENTO E INSTALAÇÃO. AF_06/2022","UN",12.36,89433,null,11.78,12.36]
[null,89434,"LUVA SOLDÁVEL E COM ROSCA, PVC, SOLDÁVEL, DN 32MM X 1 , INSTALADO EM RAMAL DE DISTRIBUIÇÃO DE ÁGUA - FORNECIMENTO E INSTALAÇÃO. AF_06/2022","UN",10.29,89434,null,9.81,10.29]
[null,89435,"UNIÃO, PVC, SOLDÁVEL, DN 32MM, INSTALADO EM RAMAL DE DISTRIBUIÇÃO DE ÁGUA - FORNECIMENTO E INSTALAÇÃO. AF_06/2022","UN",19.190000000000001,89435,null,18.66,19.190000000000001]
[null,89436,"ADAPTADOR CURTO COM BOLSA E ROSCA PARA REGISTRO, PVC, SOLDÁVEL, DN 32MM X 1 , INSTALADO EM RAMAL DE DISTRIBUIÇÃO DE ÁGUA - FORNECIMENTO E INSTALAÇÃO. AF_06/2022","UN",7.79,89436,null,7.31,7.79]
[null,89437,"CURVA DE TRANSPOSIÇÃO, PVC, SOLDÁVEL, DN 32MM, INSTALADO EM RAMAL DE DISTRIBUIÇÃO DE ÁGUA   FORNECIMENTO E INSTALAÇÃO. AF_06/2022","UN",21.99,89437,null,21.46,21.99]
[null,89438,"TE, PVC, SOLDÁVEL, DN 20MM, INSTALADO EM RAMAL DE DISTRIBUIÇÃO DE ÁGUA - FORNECIMENTO E INSTALAÇÃO. AF_06/2022","UN",9.65,89438,null,8.89,9.65]
[null,89439,"TÊ SOLDÁVEL E COM ROSCA NA BOLSA CENTRAL, PVC, SOLDÁVEL, DN 20MM X 1/2 , INSTALADO EM RAMAL DE DISTRIBUIÇÃO DE ÁGUA - FORNECIMENTO E INSTALAÇÃO. AF_06/2022","UN",11.01,89439,null,10.25,11.01]
[null,89440,"TE, PVC, SOLDÁVEL, DN 25MM, INSTALADO EM RAMAL DE DISTRIBUIÇÃO DE ÁGUA - FORNECIMENTO E INSTALAÇÃO. AF_06/2022","UN",11.49,89440,null,10.61,11.49]
[null,89442,"TÊ DE REDUÇÃO, PVC, SOLDÁVEL, DN 25MM X 20MM, INSTALADO EM RAMAL DE DISTRIBUIÇÃO DE ÁGUA - FORNECIMENTO E INSTALAÇÃO. AF_06/2022","UN",13.07,89442,null,12.24,13.07]
[null,89443,"TE, PVC, SOLDÁVEL, DN 32MM, INSTALADO EM RAMAL DE DISTRIBUIÇÃO DE ÁGUA - FORNECIMENTO E INSTALAÇÃO. AF_06/2022","UN",16.170000000000002,89443,null,15.11,16.170000000000002]
[null,89444,"TÊ COM BUCHA DE LATÃO NA BOLSA CENTRAL, PVC, SOLDÁVEL, DN 32MM X 3/4 , INSTALADO EM RAMAL DE DISTRIBUIÇÃO DE ÁGUA - FORNECIMENTO E INSTALAÇÃO. AF_06/2022","UN",22.5,89444,null,21.59,22.5]
[null,89445,"TÊ DE REDUÇÃO, PVC, SOLDÁVEL, DN 32MM X 25MM, INSTALADO EM RAMAL DE DISTRIBUIÇÃO DE ÁGUA - FORNECIMENTO E INSTALAÇÃO. AF_06/2022","UN",17.71,89445,null,16.75,17.71]
[null,89481,"JOELHO 90 GRAUS, PVC, SOLDÁVEL, DN 25MM, INSTALADO EM PRUMADA DE ÁGUA - FORNECIMENTO E INSTALAÇÃO. AF_06/2022","UN",5.19,89481,null,4.84,5.19]
[null,89485,"JOELHO 45 GRAUS, PVC, SOLDÁVEL, DN 25MM, INSTALADO EM PRUMADA DE ÁGUA - FORNECIMENTO E INSTALAÇÃO. AF_06/2022","UN",5.9,89485,null,5.55,5.9]
[null,89489,"CURVA 90 GRAUS, PVC, SOLDÁVEL, DN 25MM, INSTALADO EM PRUMADA DE ÁGUA - FORNECIMENTO E INSTALAÇÃO. AF_06/2022","UN",7.27,89489,null,6.92,7.27]
[null,89490,"CURVA 45 GRAUS, PVC, SOLDÁVEL, DN 25MM, INSTALADO EM PRUMADA DE ÁGUA - FORNECIMENTO E INSTALAÇÃO. AF_06/2022","UN",6.78,89490,null,6.43,6.78]
[null,89492,"JOELHO 90 GRAUS, PVC, SOLDÁVEL, DN 32MM, INSTALADO EM PRUMADA DE ÁGUA - FORNECIMENTO E INSTALAÇÃO. AF_06/2022","UN",7.91,89492,null,7.49,7.91]
[null,89493,"JOELHO 45 GRAUS, PVC, SOLDÁVEL, DN 32MM, INSTALADO EM PRUMADA DE ÁGUA - FORNECIMENTO E INSTALAÇÃO. AF_06/2022","UN",9.5,89493,null,9.08,9.5]
[null,89494,"CURVA 90 GRAUS, PVC, SOLDÁVEL, DN 32MM, INSTALADO EM PRUMADA DE ÁGUA - FORNECIMENTO E INSTALAÇÃO. AF_06/2022","UN",11.63,89494,null,11.21,11.63]
[null,89496,"CURVA 45 GRAUS, PVC, SOLDÁVEL, DN 32MM, INSTALADO EM PRUMADA DE ÁGUA - FORNECIMENTO E INSTALAÇÃO. AF_06/2022","UN",9.8000000000000007,89496,null,9.3800000000000008,9.8000000000000007]
[null,89497,"JOELHO 90 GRAUS, PVC, SOLDÁVEL, DN 40MM, INSTALADO EM PRUMADA DE ÁGUA - FORNECIMENTO E INSTALAÇÃO. AF_06/2022","UN",12.46,89497,null,11.94,12.46]
[null,89498,"JOELHO 45 GRAUS, PVC, SOLDÁVEL, DN 40MM, INSTALADO EM PRUMADA DE ÁGUA - FORNECIMENTO E INSTALAÇÃO. AF_06/2022","UN",12.51,89498,null,11.99,12.51]
[null,89499,"CURVA 90 GRAUS, PVC, SOLDÁVEL, DN 40MM, INSTALADO EM PRUMADA DE ÁGUA - FORNECIMENTO E INSTALAÇÃO. AF_06/2022","UN",18.11,89499,null,17.59,18.11]
[null,89500,"CURVA 45 GRAUS, PVC, SOLDÁVEL, DN 40MM, INSTALADO EM PRUMADA DE ÁGUA - FORNECIMENTO E INSTALAÇÃO. AF_06/2022","UN",12.02,89500,null,11.5,12.02]
[null,89501,"JOELHO 90 GRAUS, PVC, SOLDÁVEL, DN 50MM, INSTALADO EM PRUMADA DE ÁGUA - FORNECIMENTO E INSTALAÇÃO. AF_06/2022","UN",13.71,89501,null,13.09,13.71]
[null,89502,"JOELHO 45 GRAUS, PVC, SOLDÁVEL, DN 50MM, INSTALADO EM PRUMADA DE ÁGUA - FORNECIMENTO E INSTALAÇÃO. AF_06/2022","UN",16.010000000000002,89502,null,15.39,16.010000000000002]
[null,89503,"CURVA 90 GRAUS, PVC, SOLDÁVEL, DN 50MM, INSTALADO EM PRUMADA DE ÁGUA - FORNECIMENTO E INSTALAÇÃO. AF_06/2022","UN",21.14,89503,null,20.52,21.14]
[null,89504,"CURVA 45 GRAUS, PVC, SOLDÁVEL, DN 50MM, INSTALADO EM PRUMADA DE ÁGUA - FORNECIMENTO E INSTALAÇÃO. AF_06/2022","UN",17.66,89504,null,17.04,17.66]
[null,89505,"JOELHO 90 GRAUS, PVC, SOLDÁVEL, DN 60MM, INSTALADO EM PRUMADA DE ÁGUA - FORNECIMENTO E INSTALAÇÃO. AF_06/2022","UN",37.979999999999997,89505,null,37.24,37.979999999999997]
[null,89506,"JOELHO 45 GRAUS, PVC, SOLDÁVEL, DN 60MM, INSTALADO EM PRUMADA DE ÁGUA - FORNECIMENTO E INSTALAÇÃO. AF_06/2022","UN",36.369999999999997,89506,null,35.630000000000003,36.369999999999997]
[null,89507,"CURVA 90 GRAUS, PVC, SOLDÁVEL, DN 60MM, INSTALADO EM PRUMADA DE ÁGUA - FORNECIMENTO E INSTALAÇÃO. AF_06/2022","UN",42.73,89507,null,41.99,42.73]
[null,89510,"CURVA 45 GRAUS, PVC, SOLDÁVEL, DN 60MM, INSTALADO EM PRUMADA DE ÁGUA - FORNECIMENTO E INSTALAÇÃO. AF_06/2022","UN",25.09,89510,null,24.35,25.09]
[null,89513,"JOELHO 90 GRAUS, PVC, SOLDÁVEL, DN 75MM, INSTALADO EM PRUMADA DE ÁGUA - FORNECIMENTO E INSTALAÇÃO. AF_06/2022","UN",93.71,89513,null,92.82,93.71]
[null,89514,"JOELHO 90 GRAUS, PVC, SERIE R, ÁGUA PLUVIAL, DN 40 MM, JUNTA SOLDÁVEL, FORNECIDO E INSTALADO EM RAMAL DE ENCAMINHAMENTO. AF_06/2022","UN",8.2799999999999994,89514,null,8.0500000000000007,8.2799999999999994]
[null,89515,"JOELHO 45 GRAUS, PVC, SOLDÁVEL, DN 75MM, INSTALADO EM PRUMADA DE ÁGUA - FORNECIMENTO E INSTALAÇÃO. AF_06/2022","UN",75.12,89515,null,74.23,75.12]
[null,89516,"JOELHO 45 GRAUS, PVC, SERIE R, ÁGUA PLUVIAL, DN 40 MM, JUNTA SOLDÁVEL, FORNECIDO E INSTALADO EM RAMAL DE ENCAMINHAMENTO. AF_06/2022","UN",8.3699999999999992,89516,null,8.14,8.3699999999999992]
[null,89517,"CURVA 90 GRAUS, PVC, SOLDÁVEL, DN 75MM, INSTALADO EM PRUMADA DE ÁGUA - FORNECIMENTO E INSTALAÇÃO. AF_06/2022","UN",63.26,89517,null,62.37,63.26]
[null,89518,"JOELHO 90 GRAUS, PVC, SERIE R, ÁGUA PLUVIAL, DN 50 MM, JUNTA ELÁSTICA, FORNECIDO E INSTALADO EM RAMAL DE ENCAMINHAMENTO. AF_06/2022","UN",15.23,89518,null,14.94,15.23]
[null,89519,"CURVA 45 GRAUS, PVC, SOLDÁVEL, DN 75MM, INSTALADO EM PRUMADA DE ÁGUA - FORNECIMENTO E INSTALAÇÃO. AF_06/2022","UN",43.53,89519,null,42.64,43.53]
[null,89520,"JOELHO 45 GRAUS, PVC, SERIE R, ÁGUA PLUVIAL, DN 50 MM, JUNTA ELÁSTICA, FORNECIDO E INSTALADO EM RAMAL DE ENCAMINHAMENTO. AF_06/2022","UN",15.96,89520,null,15.67,15.96]
[null,89521,"JOELHO 90 GRAUS, PVC, SOLDÁVEL, DN 85MM, INSTALADO EM PRUMADA DE ÁGUA - FORNECIMENTO E INSTALAÇÃO. AF_06/2022","UN",{"$f":"IF($K$2=$H$1,H3971,I3971)","v":111.77},{"$f":"IF(LEN($B3971)=7,CONCATENATE(MID($B3971,1,6),\"00\",RIGHT($B3971,1)),IF(LEN($B3971)=8,CONCATENATE(MID($B3971,1,6),\"0\",RIGHT($B3971,2)),$B3971))","v":89521},null,110.76,111.77]
[null,89522,"JOELHO 90 GRAUS, PVC, SERIE R, ÁGUA PLUVIAL, DN 75 MM, JUNTA ELÁSTICA, FORNECIDO E INSTALADO EM RAMAL DE ENCAMINHAMENTO. AF_06/2022","UN",29.53,89522,null,29.07,29.53]
[null,89523,"JOELHO 45 GRAUS, PVC, SOLDÁVEL, DN 85MM, INSTALADO EM PRUMADA DE ÁGUA - FORNECIMENTO E INSTALAÇÃO. AF_06/2022","UN",91.86,89523,null,90.85,91.86]
[null,89524,"JOELHO 45 GRAUS, PVC, SERIE R, ÁGUA PLUVIAL, DN 75 MM, JUNTA ELÁSTICA, FORNECIDO E INSTALADO EM RAMAL DE ENCAMINHAMENTO. AF_06/2022","UN",29.99,89524,null,29.53,29.99]
[null,89525,"CURVA 90 GRAUS, PVC, SOLDÁVEL, DN 85MM, INSTALADO EM PRUMADA DE ÁGUA - FORNECIMENTO E INSTALAÇÃO. AF_06/2022","UN",79.489999999999995,89525,null,78.48,79.489999999999995]
[null,89526,"CURVA 87 GRAUS E 30 MINUTOS, PVC, SERIE R, ÁGUA PLUVIAL, DN 75 MM, JUNTA ELÁSTICA, FORNECIDO E INSTALADO EM RAMAL DE ENCAMINHAMENTO. AF_06/2022","UN",38.450000000000003,89526,null,37.99,38.450000000000003]
[null,89527,"CURVA 45 GRAUS, PVC, SOLDÁVEL, DN 85MM, INSTALADO EM PRUMADA DE ÁGUA - FORNECIMENTO E INSTALAÇÃO. AF_06/2022","UN",52.49,89527,null,51.48,52.49]
[null,89528,"LUVA, PVC, SOLDÁVEL, DN 25MM, INSTALADO EM PRUMADA DE ÁGUA - FORNECIMENTO E INSTALAÇÃO. AF_06/2022","UN",4.18,89528,null,3.95,4.18]
[null,89529,"JOELHO 90 GRAUS, PVC, SERIE R, ÁGUA PLUVIAL, DN 100 MM, JUNTA ELÁSTICA, FORNECIDO E INSTALADO EM RAMAL DE ENCAMINHAMENTO. AF_06/2022","UN",36.770000000000003,89529,null,36.14,36.770000000000003]
[null,89530,"LUVA DE CORRER, PVC, SOLDÁVEL, DN 25MM, INSTALADO EM PRUMADA DE ÁGUA - FORNECIMENTO E INSTALAÇÃO. AF_06/2022","UN",14.81,89530,null,14.58,14.81]
[null,89531,"JOELHO 45 GRAUS, PVC, SERIE R, ÁGUA PLUVIAL, DN 100 MM, JUNTA ELÁSTICA, FORNECIDO E INSTALADO EM RAMAL DE ENCAMINHAMENTO. AF_06/2022","UN",37.799999999999997,89531,null,37.17,37.799999999999997]
[null,89532,"LUVA DE REDUÇÃO, PVC, SOLDÁVEL, DN 32MM X 25MM, INSTALADO EM PRUMADA DE ÁGUA - FORNECIMENTO E INSTALAÇÃO. AF_06/2022","UN",6.76,89532,null,6.51,6.76]
[null,89535,"CURVA 87 GRAUS E 30 MINUTOS, PVC, SERIE R, ÁGUA PLUVIAL, DN 100 MM, JUNTA ELÁSTICA, FORNECIDO E INSTALADO EM RAMAL DE ENCAMINHAMENTO. AF_06/2022","UN",42.23,89535,null,41.6,42.23]
[null,89536,"UNIÃO, PVC, SOLDÁVEL, DN 25MM, INSTALADO EM PRUMADA DE ÁGUA - FORNECIMENTO E INSTALAÇÃO. AF_06/2022","UN",10.8,89536,null,10.57,10.8]
[null,89540,"CURVA DE TRANSPOSIÇÃO, PVC, SOLDÁVEL, DN 25MM, INSTALADO EM PRUMADA DE ÁGUA  - FORNECIMENTO E INSTALAÇÃO. AF_06/2022","UN",9.59,89540,null,9.36,9.59]
[null,89541,"LUVA, PVC, SOLDÁVEL, DN 32MM, INSTALADO EM PRUMADA DE ÁGUA - FORNECIMENTO E INSTALAÇÃO. AF_06/2022","UN",6.21,89541,null,5.93,6.21]
[null,89542,"LUVA DE CORRER, PVC, SOLDÁVEL, DN 32MM, INSTALADO EM PRUMADA DE ÁGUA - FORNECIMENTO E INSTALAÇÃO. AF_06/2022","UN",24.58,89542,null,24.3,24.58]
[null,89544,"LUVA SIMPLES, PVC, SERIE R, ÁGUA PLUVIAL, DN 40 MM, JUNTA SOLDÁVEL, FORNECIDO E INSTALADO EM RAMAL DE ENCAMINHAMENTO. AF_06/2022","UN",8.5399999999999991,89544,null,8.39,8.5399999999999991]
[null,89545,"LUVA SIMPLES, PVC, SERIE R, ÁGUA PLUVIAL, DN 50 MM, JUNTA ELÁSTICA, FORNECIDO E INSTALADO EM RAMAL DE ENCAMINHAMENTO. AF_06/2022","UN",16.809999999999999,89545,null,16.62,16.809999999999999]
[null,89546,"BUCHA DE REDUÇÃO LONGA, PVC, SERIE R, ÁGUA PLUVIAL, DN 50 X 40 MM, JUNTA ELÁSTICA, FORNECIDO E INSTALADO EM RAMAL DE ENCAMINHAMENTO. AF_06/2022","UN",11.25,89546,null,11.07,11.25]
[null,89547,"LUVA SIMPLES, PVC, SERIE R, ÁGUA PLUVIAL, DN 75 MM, JUNTA ELÁSTICA, FORNECIDO E INSTALADO EM RAMAL DE ENCAMINHAMENTO. AF_06/2022","UN",22.53,89547,null,22.21,22.53]
[null,89548,"LUVA DE CORRER, PVC, SERIE R, ÁGUA PLUVIAL, DN 75 MM, JUNTA ELÁSTICA, FORNECIDO E INSTALADO EM RAMAL DE ENCAMINHAMENTO. AF_06/2022","UN",22.99,89548,null,22.67,22.99]
[null,89549,"REDUÇÃO EXCÊNTRICA, PVC, SERIE R, ÁGUA PLUVIAL, DN 75 X 50 MM, JUNTA ELÁSTICA, FORNECIDO E INSTALADO EM RAMAL DE ENCAMINHAMENTO. AF_06/2022","UN",19.07,89549,null,18.82,19.07]
[null,89550,"TÊ DE INSPEÇÃO, PVC, SERIE R, ÁGUA PLUVIAL, DN 75 MM, JUNTA ELÁSTICA, FORNECIDO E INSTALADO EM RAMAL DE ENCAMINHAMENTO. AF_06/2022","UN",40.72,89550,null,40.4,40.72]
[null,89551,"LUVA SOLDÁVEL E COM ROSCA, PVC, SOLDÁVEL, DN 32MM X 1 , INSTALADO EM PRUMADA DE ÁGUA - FORNECIMENTO E INSTALAÇÃO. AF_06/2022","UN",8.0500000000000007,89551,null,7.8,8.0500000000000007]
[null,89552,"UNIÃO, PVC, SOLDÁVEL, DN 32MM, INSTALADO EM PRUMADA DE ÁGUA - FORNECIMENTO E INSTALAÇÃO. AF_06/2022","UN",16.78,89552,null,16.5,16.78]
[null,89553,"ADAPTADOR CURTO COM BOLSA E ROSCA PARA REGISTRO, PVC, SOLDÁVEL, DN 32MM X 1 , INSTALADO EM PRUMADA DE ÁGUA - FORNECIMENTO E INSTALAÇÃO. AF_06/2022","UN",5.55,89553,null,5.3,5.55]
[null,89554,"LUVA SIMPLES, PVC, SERIE R, ÁGUA PLUVIAL, DN 100 MM, JUNTA ELÁSTICA, FORNECIDO E INSTALADO EM RAMAL DE ENCAMINHAMENTO. AF_06/2022","UN",28.71,89554,null,28.29,28.71]
[null,89555,"CURVA DE TRANSPOSIÇÃO, PVC, SOLDÁVEL, DN 32MM, INSTALADO EM PRUMADA DE ÁGUA   FORNECIMENTO E INSTALAÇÃO. AF_06/2022","UN",19.579999999999998,89555,null,19.3,19.579999999999998]
[null,89556,"LUVA DE CORRER, PVC, SERIE R, ÁGUA PLUVIAL, DN 100 MM, JUNTA ELÁSTICA, FORNECIDO E INSTALADO EM RAMAL DE ENCAMINHAMENTO. AF_06/2022","UN",39.89,89556,null,39.47,39.89]
[null,89557,"REDUÇÃO EXCÊNTRICA, PVC, SERIE R, ÁGUA PLUVIAL, DN 100 X 75 MM, JUNTA ELÁSTICA, FORNECIDO E INSTALADO EM RAMAL DE ENCAMINHAMENTO. AF_06/2022","UN",31.72,89557,null,31.36,31.72]
[null,89558,"LUVA, PVC, SOLDÁVEL, DN 40MM, INSTALADO EM PRUMADA DE ÁGUA - FORNECIMENTO E INSTALAÇÃO. AF_06/2022","UN",9.3000000000000007,89558,null,8.9600000000000009,9.3000000000000007]
[null,89559,"TÊ DE INSPEÇÃO, PVC, SERIE R, ÁGUA PLUVIAL, DN 100 MM, JUNTA ELÁSTICA, FORNECIDO E INSTALADO EM RAMAL DE ENCAMINHAMENTO. AF_06/2022","UN",66.099999999999994,89559,null,65.680000000000007,66.099999999999994]
[null,89560,"LUVA DE CORRER, PVC, SOLDÁVEL, DN 40MM, INSTALADO EM PRUMADA DE ÁGUA   FORNECIMENTO E INSTALAÇÃO. AF_06/2022","UN",31.5,89560,null,31.16,31.5]
[null,89561,"JUNÇÃO SIMPLES, PVC, SERIE R, ÁGUA PLUVIAL, DN 40 MM, JUNTA SOLDÁVEL, FORNECIDO E INSTALADO EM RAMAL DE ENCAMINHAMENTO. AF_06/2022","UN",14.74,89561,null,14.43,14.74]
[null,89562,"LUVA DE REDUÇÃO, PVC, SOLDÁVEL, DN 40MM X 32MM, INSTALADO EM PRUMADA DE ÁGUA - FORNECIMENTO E INSTALAÇÃO. AF_06/2022","UN",9.75,89562,null,9.44,9.75]
[null,89563,"JUNÇÃO SIMPLES, PVC, SERIE R, ÁGUA PLUVIAL, DN 50 MM, JUNTA ELÁSTICA, FORNECIDO E INSTALADO EM RAMAL DE ENCAMINHAMENTO. AF_06/2022","UN",34.479999999999997,89563,null,34.090000000000003,34.479999999999997]
[null,89564,"LUVA COM ROSCA, PVC, SOLDÁVEL, DN 40MM X 1.1/4 , INSTALADO EM PRUMADA DE ÁGUA - FORNECIMENTO E INSTALAÇÃO. AF_06/2022","UN",14.38,89564,null,14.07,14.38]
[null,89565,"JUNÇÃO SIMPLES, PVC, SERIE R, ÁGUA PLUVIAL, DN 75 X 75 MM, JUNTA ELÁSTICA, FORNECIDO E INSTALADO EM RAMAL DE ENCAMINHAMENTO. AF_06/2022","UN",55.33,89565,null,54.71,55.33]
[null,89566,"TÊ, PVC, SERIE R, ÁGUA PLUVIAL, DN 75 MM, JUNTA ELÁSTICA, FORNECIDO E INSTALADO EM RAMAL DE ENCAMINHAMENTO. AF_06/2022","UN",47.02,89566,null,46.4,47.02]
[null,89567,"JUNÇÃO SIMPLES, PVC, SERIE R, ÁGUA PLUVIAL, DN 100 X 100 MM, JUNTA ELÁSTICA, FORNECIDO E INSTALADO EM RAMAL DE ENCAMINHAMENTO. AF_06/2022","UN",79.36,89567,null,78.52,79.36]
[null,89568,"UNIÃO, PVC, SOLDÁVEL, DN 40MM, INSTALADO EM PRUMADA DE ÁGUA - FORNECIMENTO E INSTALAÇÃO. AF_06/2022","UN",29.25,89568,null,28.91,29.25]
[null,89569,"JUNÇÃO SIMPLES, PVC, SERIE R, ÁGUA PLUVIAL, DN 100 X 75 MM, JUNTA ELÁSTICA, FORNECIDO E INSTALADO EM RAMAL DE ENCAMINHAMENTO. AF_06/2022","UN",92.35,89569,null,91.59,92.35]
[null,89570,"ADAPTADOR CURTO COM BOLSA E ROSCA PARA REGISTRO, PVC, SOLDÁVEL, DN 40MM X 1.1/2 , INSTALADO EM PRUMADA DE ÁGUA - FORNECIMENTO E INSTALAÇÃO. AF_06/2022","UN",10.72,89570,null,10.4,10.72]
[null,89571,"TÊ, PVC, SERIE R, ÁGUA PLUVIAL, DN 100 X 100 MM, JUNTA ELÁSTICA, FORNECIDO E INSTALADO EM RAMAL DE ENCAMINHAMENTO. AF_06/2022","UN",68.89,89571,null,68.05,68.89]
[null,89572,"ADAPTADOR CURTO COM BOLSA E ROSCA PARA REGISTRO, PVC, SOLDÁVEL, DN 40MM X 1.1/4 , INSTALADO EM PRUMADA DE ÁGUA - FORNECIMENTO E INSTALAÇÃO. AF_06/2022","UN",8.2799999999999994,89572,null,7.97,8.2799999999999994]
[null,89573,"TÊ, PVC, SERIE R, ÁGUA PLUVIAL, DN 100 X 75 MM, JUNTA ELÁSTICA, FORNECIDO E INSTALADO EM RAMAL DE ENCAMINHAMENTO. AF_06/2022","UN",75.41,89573,null,74.650000000000006,75.41]
[null,89574,"JUNÇÃO DUPLA, PVC, SERIE R, ÁGUA PLUVIAL, DN 100 X 100 X 100 MM, JUNTA ELÁSTICA, FORNECIDO E INSTALADO EM RAMAL DE ENCAMINHAMENTO. AF_06/2022","UN",152.41999999999999,89574,null,151.16999999999999,152.41999999999999]
[null,89575,"LUVA, PVC, SOLDÁVEL, DN 50MM, INSTALADO EM PRUMADA DE ÁGUA - FORNECIMENTO E INSTALAÇÃO. AF_06/2022","UN",11.17,89575,null,10.76,11.17]
[null,89577,"LUVA DE CORRER, PVC, SOLDÁVEL, DN 50MM, INSTALADO EM PRUMADA DE ÁGUA - FORNECIMENTO E INSTALAÇÃO. AF_06/2022","UN",33.49,89577,null,33.08,33.49]
[null,89579,"LUVA DE REDUÇÃO, PVC, SOLDÁVEL, DN 50MM X 25MM, INSTALADO EM PRUMADA DE ÁGUA   FORNECIMENTO E INSTALAÇÃO. AF_06/2022","UN",11.03,89579,null,10.71,11.03]
[null,89581,"JOELHO 90 GRAUS, PVC, SERIE R, ÁGUA PLUVIAL, DN 75 MM, JUNTA ELÁSTICA, FORNECIDO E INSTALADO EM CONDUTORES VERTICAIS DE ÁGUAS PLUVIAIS. AF_06/2022","UN",33.229999999999997,89581,null,32.39,33.229999999999997]
[null,89582,"JOELHO 45 GRAUS, PVC, SERIE R, ÁGUA PLUVIAL, DN 75 MM, JUNTA ELÁSTICA, FORNECIDO E INSTALADO EM CONDUTORES VERTICAIS DE ÁGUAS PLUVIAIS. AF_06/2022","UN",33.69,89582,null,32.85,33.69]
[null,89583,"CURVA 87 GRAUS E 30 MINUTOS, PVC, SERIE R, ÁGUA PLUVIAL, DN 75 MM, JUNTA ELÁSTICA, FORNECIDO E INSTALADO EM CONDUTORES VERTICAIS DE ÁGUAS PLUVIAIS. AF_06/2022","UN",42.15,89583,null,41.31,42.15]
[null,89584,"JOELHO 90 GRAUS, PVC, SERIE R, ÁGUA PLUVIAL, DN 100 MM, JUNTA ELÁSTICA, FORNECIDO E INSTALADO EM CONDUTORES VERTICAIS DE ÁGUAS PLUVIAIS. AF_06/2022","UN",43.46,89584,null,42.13,43.46]
[null,89585,"JOELHO 45 GRAUS, PVC, SERIE R, ÁGUA PLUVIAL, DN 100 MM, JUNTA ELÁSTICA, FORNECIDO E INSTALADO EM CONDUTORES VERTICAIS DE ÁGUAS PLUVIAIS. AF_06/2022","UN",44.49,89585,null,43.16,44.49]
[null,89587,"CURVA 87 GRAUS E 30 MINUTOS, PVC, SERIE R, ÁGUA PLUVIAL, DN 100 MM, JUNTA ELÁSTICA, FORNECIDO E INSTALADO EM CONDUTORES VERTICAIS DE ÁGUAS PLUVIAIS. AF_06/2022","UN",48.92,89587,null,47.59,48.92]
[null,89590,"JOELHO 90 GRAUS, PVC, SERIE R, ÁGUA PLUVIAL, DN 150 MM, JUNTA ELÁSTICA, FORNECIDO E INSTALADO EM CONDUTORES VERTICAIS DE ÁGUAS PLUVIAIS. AF_06/2022","UN",131.34,89590,null,129.04,131.34]
[null,89591,"JOELHO 45 GRAUS, PVC, SERIE R, ÁGUA PLUVIAL, DN 150 MM, JUNTA ELÁSTICA, FORNECIDO E INSTALADO EM CONDUTORES VERTICAIS DE ÁGUAS PLUVIAIS. AF_06/2022","UN",128.18,89591,null,125.88,128.18]
[null,89592,"CURVA 87 GRAUS E 30 MINUTOS, PVC, SERIE R, ÁGUA PLUVIAL, DN 150 MM, JUNTA ELÁSTICA, FORNECIDO E INSTALADO EM CONDUTORES VERTICAIS DE ÁGUAS PLUVIAIS. AF_06/2022","UN",155.91,89592,null,153.61000000000001,155.91]
[null,89593,"LUVA COM ROSCA, PVC, SOLDÁVEL, DN 50MM X 1.1/2 , INSTALADO EM PRUMADA DE ÁGUA - FORNECIMENTO E INSTALAÇÃO. AF_06/2022","UN",22.71,89593,null,22.36,22.71]
[null,89594,"UNIÃO, PVC, SOLDÁVEL, DN 50MM, INSTALADO EM PRUMADA DE ÁGUA - FORNECIMENTO E INSTALAÇÃO. AF_06/2022","UN",32.630000000000003,89594,null,32.22,32.630000000000003]
[null,89595,"ADAPTADOR CURTO COM BOLSA E ROSCA PARA REGISTRO, PVC, SOLDÁVEL, DN 50MM X 1.1/4 , INSTALADO EM PRUMADA DE ÁGUA - FORNECIMENTO E INSTALAÇÃO. AF_06/2022","UN",13.51,89595,null,13.17,13.51]
[null,89596,"ADAPTADOR CURTO COM BOLSA E ROSCA PARA REGISTRO, PVC, SOLDÁVEL, DN 50MM X 1.1/2 , INSTALADO EM PRUMADA DE ÁGUA - FORNECIMENTO E INSTALAÇÃO. AF_06/2022","UN",9.9700000000000006,89596,null,9.6199999999999992,9.9700000000000006]
[null,89597,"LUVA, PVC, SOLDÁVEL, DN 60MM, INSTALADO EM PRUMADA DE ÁGUA - FORNECIMENTO E INSTALAÇÃO. AF_06/2022","UN",{"$f":"IF($K$2=$H$1,H4035,I4035)","v":21.26},{"$f":"IF(LEN($B4035)=7,CONCATENATE(MID($B4035,1,6),\"00\",RIGHT($B4035,1)),IF(LEN($B4035)=8,CONCATENATE(MID($B4035,1,6),\"0\",RIGHT($B4035,2)),$B4035))","v":89597},null,20.77,21.26]
[null,89598,"LUVA DE CORRER, PVC, SOLDÁVEL, DN 60MM, INSTALADO EM PRUMADA DE ÁGUA   FORNECIMENTO E INSTALAÇÃO. AF_06/2022","UN",45.14,89598,null,44.65,45.14]
[null,89599,"LUVA SIMPLES, PVC, SERIE R, ÁGUA PLUVIAL, DN 75 MM, JUNTA ELÁSTICA, FORNECIDO E INSTALADO EM CONDUTORES VERTICAIS DE ÁGUAS PLUVIAIS. AF_06/2022","UN",25,89599,null,24.44,25]
[null,89600,"LUVA DE CORRER, PVC, SERIE R, ÁGUA PLUVIAL, DN 75 MM, JUNTA ELÁSTICA, FORNECIDO E INSTALADO EM CONDUTORES VERTICAIS DE ÁGUAS PLUVIAIS. AF_06/2022","UN",25.45,89600,null,24.89,25.45]
[null,89605,"LUVA DE REDUÇÃO, PVC, SOLDÁVEL, DN 60MM X 50MM, INSTALADO EM PRUMADA DE ÁGUA - FORNECIMENTO E INSTALAÇÃO. AF_06/2022","UN",19.32,89605,null,18.86,19.32]
[null,89609,"UNIÃO, PVC, SOLDÁVEL, DN 60MM, INSTALADO EM PRUMADA DE ÁGUA - FORNECIMENTO E INSTALAÇÃO. AF_06/2022","UN",75.239999999999995,89609,null,74.75,75.239999999999995]
[null,89610,"ADAPTADOR CURTO COM BOLSA E ROSCA PARA REGISTRO, PVC, SOLDÁVEL, DN 60MM X 2 , INSTALADO EM PRUMADA DE ÁGUA - FORNECIMENTO E INSTALAÇÃO. AF_06/2022","UN",18.34,89610,null,17.88,18.34]
[null,89611,"LUVA, PVC, SOLDÁVEL, DN 75MM, INSTALADO EM PRUMADA DE ÁGUA - FORNECIMENTO E INSTALAÇÃO. AF_06/2022","UN",30.1,89611,null,29.5,30.1]
[null,89612,"UNIÃO, PVC, SOLDÁVEL, DN 75MM, INSTALADO EM PRUMADA DE ÁGUA - FORNECIMENTO E INSTALAÇÃO. AF_06/2022","UN",147.12,89612,null,146.52000000000001,147.12]
[null,89613,"ADAPTADOR CURTO COM BOLSA E ROSCA PARA REGISTRO, PVC, SOLDÁVEL, DN 75MM X 2.1/2\", INSTALADO EM PRUMADA DE ÁGUA - FORNECIMENTO E INSTALAÇÃO. AF_12/2014","UN",28.43,89613,null,27.88,28.43]
[null,89614,"LUVA, PVC, SOLDÁVEL, DN 85MM, INSTALADO EM PRUMADA DE ÁGUA - FORNECIMENTO E INSTALAÇÃO. AF_06/2022","UN",54.85,89614,null,54.17,54.85]
[null,89615,"UNIÃO, PVC, SOLDÁVEL, DN 85MM, INSTALADO EM PRUMADA DE ÁGUA - FORNECIMENTO E INSTALAÇÃO. AF_06/2022","UN",173.84,89615,null,173.16,173.84]
[null,89616,"ADAPTADOR CURTO COM BOLSA E ROSCA PARA REGISTRO, PVC, SOLDÁVEL, DN 85MM X 3 , INSTALADO EM PRUMADA DE ÁGUA - FORNECIMENTO E INSTALAÇÃO. AF_06/2022","UN",37.97,89616,null,37.340000000000003,37.97]
[null,89617,"TE, PVC, SOLDÁVEL, DN 25MM, INSTALADO EM PRUMADA DE ÁGUA - FORNECIMENTO E INSTALAÇÃO. AF_06/2022","UN",7.36,89617,null,6.9,7.36]
[null,89620,"TE, PVC, SOLDÁVEL, DN 32MM, INSTALADO EM PRUMADA DE ÁGUA - FORNECIMENTO E INSTALAÇÃO. AF_06/2022","UN",11.39,89620,null,10.82,11.39]
[null,89622,"TÊ DE REDUÇÃO, PVC, SOLDÁVEL, DN 32MM X 25MM, INSTALADO EM PRUMADA DE ÁGUA - FORNECIMENTO E INSTALAÇÃO. AF_06/2022","UN",13.26,89622,null,12.74,13.26]
[null,89623,"TE, PVC, SOLDÁVEL, DN 40MM, INSTALADO EM PRUMADA DE ÁGUA - FORNECIMENTO E INSTALAÇÃO. AF_06/2022","UN",18.239999999999998,89623,null,17.57,18.239999999999998]
[null,89624,"TÊ DE REDUÇÃO, PVC, SOLDÁVEL, DN 40MM X 32MM, INSTALADO EM PRUMADA DE ÁGUA - FORNECIMENTO E INSTALAÇÃO. AF_06/2022","UN",16.84,89624,null,16.21,16.84]
[null,89625,"TE, PVC, SOLDÁVEL, DN 50MM, INSTALADO EM PRUMADA DE ÁGUA - FORNECIMENTO E INSTALAÇÃO. AF_06/2022","UN",21.59,89625,null,20.77,21.59]
[null,89626,"TÊ DE REDUÇÃO, PVC, SOLDÁVEL, DN 50MM X 40MM, INSTALADO EM PRUMADA DE ÁGUA - FORNECIMENTO E INSTALAÇÃO. AF_06/2022","UN",27.91,89626,null,27.15,27.91]
[null,89627,"TÊ DE REDUÇÃO, PVC, SOLDÁVEL, DN 50MM X 25MM, INSTALADO EM PRUMADA DE ÁGUA - FORNECIMENTO E INSTALAÇÃO. AF_06/2022","UN",18.87,89627,null,18.23,18.87]
[null,89628,"TE, PVC, SOLDÁVEL, DN 60MM, INSTALADO EM PRUMADA DE ÁGUA - FORNECIMENTO E INSTALAÇÃO. AF_06/2022","UN",44.29,89628,null,43.31,44.29]
[null,89629,"TE, PVC, SOLDÁVEL, DN 75MM, INSTALADO EM PRUMADA DE ÁGUA - FORNECIMENTO E INSTALAÇÃO. AF_06/2022","UN",74,89629,null,72.8,74]
[null,89630,"TE DE REDUÇÃO, PVC, SOLDÁVEL, DN 75MM X 50MM, INSTALADO EM PRUMADA DE ÁGUA - FORNECIMENTO E INSTALAÇÃO. AF_06/2022","UN",56.16,89630,null,55.15,56.16]
[null,89631,"TE, PVC, SOLDÁVEL, DN 85MM, INSTALADO EM PRUMADA DE ÁGUA - FORNECIMENTO E INSTALAÇÃO. AF_06/2022","UN",96.88,89631,null,95.53,96.88]
[null,89632,"TE DE REDUÇÃO, PVC, SOLDÁVEL, DN 85MM X 60MM, INSTALADO EM PRUMADA DE ÁGUA - FORNECIMENTO E INSTALAÇÃO. AF_06/2022","UN",111.07,89632,null,109.91,111.07]
[null,89637,"JOELHO 90 GRAUS, CPVC, SOLDÁVEL, DN 15MM, INSTALADO EM RAMAL OU SUB-RAMAL DE ÁGUA - FORNECIMENTO E INSTALAÇÃO. AF_06/2022","UN",10.91,89637,null,10.38,10.91]
[null,89638,"JOELHO 45 GRAUS, CPVC, SOLDÁVEL, DN 15MM, INSTALADO EM RAMAL OU SUB-RAMAL DE ÁGUA - FORNECIMENTO E INSTALAÇÃO. AF_06/2022","UN",11.86,89638,null,11.33,11.86]
[null,89639,"CURVA 90 GRAUS, CPVC, SOLDÁVEL, DN 15MM, INSTALADO EM RAMAL OU SUB-RAMAL DE ÁGUA - FORNECIMENTO E INSTALAÇÃO. AF_06/2022","UN",12.54,89639,null,12.01,12.54]
[null,89640,"JOELHO DE TRANSIÇÃO, 90 GRAUS, CPVC, SOLDÁVEL, DN 15MM X 1/2\", INSTALADO EM RAMAL OU SUB-RAMAL DE ÁGUA - FORNECIMENTO E INSTALAÇÃO. AF_06/2022","UN",19.79,89640,null,19.260000000000002,19.79]
[null,89641,"JOELHO 90 GRAUS, CPVC, SOLDÁVEL, DN 22MM, INSTALADO EM RAMAL OU SUB-RAMAL DE ÁGUA - FORNECIMENTO E INSTALAÇÃO. AF_06/2022","UN",14.16,89641,null,13.49,14.16]
[null,89642,"JOELHO 45 GRAUS, CPVC, SOLDÁVEL, DN 22MM, INSTALADO EM RAMAL OU SUB-RAMAL DE ÁGUA - FORNECIMENTO E INSTALAÇÃO. AF_06/2022","UN",15.84,89642,null,15.17,15.84]
[null,89643,"CURVA 90 GRAUS, CPVC, SOLDÁVEL, DN 22MM, INSTALADO EM RAMAL OU SUB-RAMAL DE ÁGUA - FORNECIMENTO E INSTALAÇÃO. AF_06/2022","UN",17.18,89643,null,16.510000000000002,17.18]
[null,89644,"JOELHO DE TRANSIÇÃO, 90 GRAUS, CPVC, SOLDÁVEL, DN 22MM X 1/2\", INSTALADO EM RAMAL OU SUB-RAMAL DE ÁGUA - FORNECIMENTO E INSTALAÇÃO. AF_06/2022","UN",24.21,89644,null,23.59,24.21]
[null,89645,"JOELHO DE TRANSIÇÃO, 90 GRAUS, CPVC, SOLDÁVEL, DN 22MM X 3/4\", INSTALADO EM RAMAL OU SUB-RAMAL DE ÁGUA - FORNECIMENTO E INSTALAÇÃO. AF_06/2022","UN",33.9,89645,null,33.24,33.9]
[null,89646,"JOELHO 90 GRAUS, CPVC, SOLDÁVEL, DN 28MM, INSTALADO EM RAMAL OU SUB-RAMAL DE ÁGUA - FORNECIMENTO E INSTALAÇÃO. AF_06/2022","UN",21.51,89646,null,20.71,21.51]
[null,89647,"JOELHO 45 GRAUS, CPVC, SOLDÁVEL, DN 28MM, INSTALADO EM RAMAL OU SUB-RAMAL DE ÁGUA   FORNECIMENTO E INSTALAÇÃO. AF_06/2022","UN",20.82,89647,null,20.02,20.82]
[null,89648,"CURVA 90 GRAUS, CPVC, SOLDÁVEL, DN 28MM, INSTALADO EM RAMAL OU SUB-RAMAL DE ÁGUA   FORNECIMENTO E INSTALAÇÃO. AF_06/2022","UN",26.05,89648,null,25.25,26.05]
[null,89649,"JOELHO 90 GRAUS, CPVC, SOLDÁVEL, DN 35MM, INSTALADO EM RAMAL OU SUB-RAMAL DE ÁGUA   FORNECIMENTO E INSTALAÇÃO. AF_06/2022","UN",31.72,89649,null,30.77,31.72]
[null,89650,"JOELHO 45 GRAUS, CPVC, SOLDÁVEL, DN 35MM, INSTALADO EM RAMAL OU SUB-RAMAL DE ÁGUA   FORNECIMENTO E INSTALAÇÃO. AF_06/2022","UN",30,89650,null,29.05,30]
[null,89651,"LUVA, CPVC, SOLDÁVEL, DN 15MM, INSTALADO EM RAMAL OU SUB-RAMAL DE ÁGUA - FORNECIMENTO E INSTALAÇÃO. AF_06/2022","UN",7.45,89651,null,7.1,7.45]
[null,89652,"LUVA DE CORRER, CPVC, SOLDÁVEL, DN 15MM, INSTALADO EM RAMAL OU SUB-RAMAL DE ÁGUA   FORNECIMENTO E INSTALAÇÃO. AF_06/2022","UN",12.78,89652,null,12.43,12.78]
[null,89653,"LUVA DE TRANSIÇÃO, CPVC, SOLDÁVEL, DN15MM X 1/2\", INSTALADO EM RAMAL OU SUB-RAMAL DE ÁGUA - FORNECIMENTO E INSTALAÇÃO. AF_06/2022","UN",18.18,89653,null,17.829999999999998,18.18]
[null,89654,"UNIÃO, CPVC, SOLDÁVEL, DN15MM, INSTALADO EM RAMAL OU SUB-RAMAL DE ÁGUA   FORNECIMENTO E INSTALAÇÃO. AF_06/2022","UN",21.07,89654,null,20.72,21.07]
[null,89655,"CONECTOR, CPVC, SOLDÁVEL, DN 15MM X 1/2 , INSTALADO EM RAMAL OU SUB-RAMAL DE ÁGUA   FORNECIMENTO E INSTALAÇÃO. AF_06/2022","UN",25.12,89655,null,24.77,25.12]
[null,89656,"ADAPTADOR, CPVC, SOLDÁVEL, DN15MM, INSTALADO EM RAMAL OU SUB-RAMAL DE ÁGUA   FORNECIMENTO E INSTALAÇÃO. AF_06/2022","UN",23.4,89656,null,23.05,23.4]
[null,89657,"CURVA DE TRANSPOSIÇÃO, CPVC, SOLDÁVEL, DN15MM, INSTALADO EM RAMAL OU SUB-RAMAL DE ÁGUA   FORNECIMENTO E INSTALAÇÃO. AF_06/2022","UN",14.48,89657,null,14.13,14.48]
[null,89658,"LUVA, CPVC, SOLDÁVEL, DN 22MM, INSTALADO EM RAMAL OU SUB-RAMAL DE ÁGUA   FORNECIMENTO E INSTALAÇÃO. AF_06/2022","UN",9.98,89658,null,9.5299999999999994,9.98]
[null,89659,"LUVA DE CORRER, CPVC, SOLDÁVEL, DN 22MM, INSTALADO EM RAMAL OU SUB-RAMAL DE ÁGUA   FORNECIMENTO E INSTALAÇÃO. AF_06/2022","UN",18.03,89659,null,17.579999999999998,18.03]
[null,89660,"LUVA DE TRANSIÇÃO, CPVC, SOLDÁVEL, DN22MM X 25MM, INSTALADO EM RAMAL OU SUB-RAMAL DE ÁGUA - FORNECIMENTO E INSTALAÇÃO. AF_06/2022","UN",10.14,89660,null,9.66,10.14]
[null,89661,"UNIÃO, CPVC, SOLDÁVEL, DN22MM, INSTALADO EM RAMAL OU SUB-RAMAL DE ÁGUA   FORNECIMENTO E INSTALAÇÃO. AF_06/2022","UN",24.63,89661,null,24.18,24.63]
[null,89662,"CONECTOR, CPVC, SOLDÁVEL, DN 22MM X 1/2 , INSTALADO EM RAMAL OU SUB-RAMAL DE ÁGUA   FORNECIMENTO E INSTALAÇÃO. AF_06/2022","UN",32.56,89662,null,32.15,32.56]
[null,89663,"ADAPTADOR, CPVC, SOLDÁVEL, DN22MM, INSTALADO EM RAMAL OU SUB-RAMAL DE ÁGUA   FORNECIMENTO E INSTALAÇÃO. AF_06/2022","UN",31.42,89663,null,30.97,31.42]
[null,89664,"CURVA DE TRANSPOSIÇÃO, CPVC, SOLDÁVEL, DN22MM, INSTALADO EM RAMAL OU SUB-RAMAL DE ÁGUA   FORNECIMENTO E INSTALAÇÃO. AF_06/2022","UN",17.95,89664,null,17.5,17.95]
[null,89666,"BUCHA DE REDUÇÃO, CPVC, SOLDÁVEL, DN22MM X 15MM, INSTALADO EM RAMAL OU SUB-RAMAL DE ÁGUA   FORNECIMENTO E INSTALAÇÃO. AF_06/2022","UN",7.72,89666,null,7.31,7.72]
[null,89667,"TÊ DE INSPEÇÃO, PVC, SERIE R, ÁGUA PLUVIAL, DN 75 MM, JUNTA ELÁSTICA, FORNECIDO E INSTALADO EM CONDUTORES VERTICAIS DE ÁGUAS PLUVIAIS. AF_06/2022","UN",43.18,89667,null,42.62,43.18]
[null,89668,"CONECTOR, CPVC, SOLDÁVEL, DN22MM X 3/4\", INSTALADO EM RAMAL OU SUB-RAMAL DE ÁGUA - FORNECIMENTO E INSTALAÇÃO. AF_06/2022","UN",30.67,89668,null,30.23,30.67]
[null,89669,"LUVA SIMPLES, PVC, SERIE R, ÁGUA PLUVIAL, DN 100 MM, JUNTA ELÁSTICA, FORNECIDO E INSTALADO EM CONDUTORES VERTICAIS DE ÁGUAS PLUVIAIS. AF_06/2022","UN",33.22,89669,null,32.33,33.22]
[null,89670,"LUVA, CPVC, SOLDÁVEL, DN 28MM, INSTALADO EM RAMAL OU SUB-RAMAL DE ÁGUA   FORNECIMENTO E INSTALAÇÃO. AF_06/2022","UN",14.9,89670,null,14.37,14.9]
[null,89671,"LUVA DE CORRER, PVC, SERIE R, ÁGUA PLUVIAL, DN 100 MM, JUNTA ELÁSTICA, FORNECIDO E INSTALADO EM CONDUTORES VERTICAIS DE ÁGUAS PLUVIAIS. AF_06/2022","UN",44.35,89671,null,43.46,44.35]
[null,89672,"LUVA DE CORRER, CPVC, SOLDÁVEL, DN 28MM, INSTALADO EM RAMAL OU SUB-RAMAL DE ÁGUA   FORNECIMENTO E INSTALAÇÃO. AF_06/2022","UN",24.91,89672,null,24.38,24.91]
[null,89673,"REDUÇÃO EXCÊNTRICA, PVC, SERIE R, ÁGUA PLUVIAL, DN 100 X 75 MM, JUNTA ELÁSTICA, FORNECIDO E INSTALADO EM CONDUTORES VERTICAIS DE ÁGUAS PLUVIAIS. AF_06/2022","UN",35.19,89673,null,34.46,35.19]
[null,89674,"UNIÃO, CPVC, SOLDÁVEL, DN28MM, INSTALADO EM RAMAL OU SUB-RAMAL DE ÁGUA   FORNECIMENTO E INSTALAÇÃO. AF_06/2022","UN",32.14,89674,null,31.61,32.14]
[null,89675,"TÊ DE INSPEÇÃO, PVC, SERIE R, ÁGUA PLUVIAL, DN 100 MM, JUNTA ELÁSTICA, FORNECIDO E INSTALADO EM CONDUTORES VERTICAIS DE ÁGUAS PLUVIAIS. AF_06/2022","UN",70.56,89675,null,69.67,70.56]
[null,89676,"CONECTOR, CPVC, SOLDÁVEL, DN 28MM X 1 , INSTALADO EM RAMAL OU SUB-RAMAL DE ÁGUA   FORNECIMENTO E INSTALAÇÃO. AF_06/2022","UN",{"$f":"IF($K$2=$H$1,H4099,I4099)","v":38.65},{"$f":"IF(LEN($B4099)=7,CONCATENATE(MID($B4099,1,6),\"00\",RIGHT($B4099,1)),IF(LEN($B4099)=8,CONCATENATE(MID($B4099,1,6),\"0\",RIGHT($B4099,2)),$B4099))","v":89676},null,38.14,38.65]
[null,89677,"LUVA SIMPLES, PVC, SERIE R, ÁGUA PLUVIAL, DN 150 MM, JUNTA ELÁSTICA, FORNECIDO E INSTALADO EM CONDUTORES VERTICAIS DE ÁGUAS PLUVIAIS. AF_06/2022","UN",76.86,89677,null,75.33,76.86]
[null,89678,"BUCHA DE REDUÇÃO, CPVC, SOLDÁVEL, DN28MM X 22MM, INSTALADO EM RAMAL OU SUB-RAMAL DE ÁGUA   FORNECIMENTO E INSTALAÇÃO. AF_06/2022","UN",12.67,89678,null,12.17,12.67]
[null,89679,"LUVA DE CORRER, PVC, SERIE R, ÁGUA PLUVIAL, DN 150 MM, JUNTA ELÁSTICA, FORNECIDO E INSTALADO EM CONDUTORES VERTICAIS DE ÁGUAS PLUVIAIS. AF_06/2022","UN",121.79,89679,null,120.26,121.79]
[null,89680,"LUVA, CPVC, SOLDÁVEL, DN 35MM, INSTALADO EM RAMAL OU SUB-RAMAL DE ÁGUA   FORNECIMENTO E INSTALAÇÃO. AF_06/2022","UN",23.74,89680,null,23.11,23.74]
[null,89681,"REDUÇÃO EXCÊNTRICA, PVC, SERIE R, ÁGUA PLUVIAL, DN 150 X 100 MM, JUNTA ELÁSTICA, FORNECIDO E INSTALADO EM CONDUTORES VERTICAIS DE ÁGUAS PLUVIAIS. AF_06/2022","UN",88.69,89681,null,87.48,88.69]
[null,89682,"LUVA DE CORRER, CPVC, SOLDÁVEL, DN 35MM, INSTALADO EM RAMAL OU SUB-RAMAL DE ÁGUA   FORNECIMENTO E INSTALAÇÃO. AF_06/2022","UN",33.18,89682,null,32.549999999999997,33.18]
[null,89683,"TÊ DE INSPEÇÃO, PVC, SERIE R, ÁGUA PLUVIAL, DN 150 X 100 MM, JUNTA ELÁSTICA, FORNECIDO E INSTALADO EM CONDUTORES VERTICAIS DE ÁGUAS PLUVIAIS. AF_06/2022","UN",277.27999999999997,89683,null,275.75,277.27999999999997]
[null,89684,"UNIÃO, CPVC, SOLDÁVEL, DN35MM, INSTALADO EM RAMAL OU SUB-RAMAL DE ÁGUA   FORNECIMENTO E INSTALAÇÃO. AF_06/2022","UN",46.7,89684,null,46.07,46.7]
[null,89685,"JUNÇÃO SIMPLES, PVC, SERIE R, ÁGUA PLUVIAL, DN 75 X 75 MM, JUNTA ELÁSTICA, FORNECIDO E INSTALADO EM CONDUTORES VERTICAIS DE ÁGUAS PLUVIAIS. AF_06/2022","UN",60.26,89685,null,59.14,60.26]
[null,89686,"CONECTOR, CPVC, SOLDÁVEL, DN 35MM X 1 1/4 , INSTALADO EM RAMAL OU SUB-RAMAL DE ÁGUA   FORNECIMENTO E INSTALAÇÃO. AF_06/2022","UN",59.18,89686,null,58.57,59.18]
[null,89687,"TÊ, PVC, SERIE R, ÁGUA PLUVIAL, DN 75 X 75 MM, JUNTA ELÁSTICA, FORNECIDO E INSTALADO EM CONDUTORES VERTICAIS DE ÁGUAS PLUVIAIS. AF_06/2022","UN",51.95,89687,null,50.83,51.95]
[null,89689,"BUCHA DE REDUÇÃO, CPVC, SOLDÁVEL, DN35MM X 28MM, INSTALADO EM RAMAL OU SUB-RAMAL DE ÁGUA   FORNECIMENTO E INSTALAÇÃO. AF_06/2022","UN",39.520000000000003,89689,null,38.94,39.520000000000003]
[null,89690,"JUNÇÃO SIMPLES, PVC, SERIE R, ÁGUA PLUVIAL, DN 100 X 100 MM, JUNTA ELÁSTICA, FORNECIDO E INSTALADO EM CONDUTORES VERTICAIS DE ÁGUAS PLUVIAIS. AF_06/2022","UN",88.29,89690,null,86.51,88.29]
[null,89691,"TE, CPVC, SOLDÁVEL, DN 15MM, INSTALADO EM RAMAL OU SUB-RAMAL DE ÁGUA - FORNECIMENTO E INSTALAÇÃO. AF_06/2022","UN",14.09,89691,null,13.38,14.09]
[null,89692,"JUNÇÃO SIMPLES, PVC, SERIE R, ÁGUA PLUVIAL, DN 100 X 75 MM, JUNTA ELÁSTICA, FORNECIDO E INSTALADO EM CONDUTORES VERTICAIS DE ÁGUAS PLUVIAIS. AF_06/2022","UN",99.94,89692,null,98.38,99.94]
[null,89693,"TÊ, PVC, SERIE R, ÁGUA PLUVIAL, DN 100 X 100 MM, JUNTA ELÁSTICA, FORNECIDO E INSTALADO EM CONDUTORES VERTICAIS DE ÁGUAS PLUVIAIS. AF_06/2022","UN",77.819999999999993,89693,null,76.040000000000006,77.819999999999993]
[null,89694,"TE DE TRANSIÇÃO, CPVC, SOLDÁVEL, DN 15MM X 1/2 , INSTALADO EM RAMAL OU SUB-RAMAL DE ÁGUA   FORNECIMENTO E INSTALAÇÃO. AF_06/2022","UN",20.93,89694,null,20.22,20.93]
[null,89695,"TÊ MISTURADOR, CPVC, SOLDÁVEL, DN15MM, INSTALADO EM RAMAL OU SUB-RAMAL DE ÁGUA   FORNECIMENTO E INSTALAÇÃO. AF_06/2022","UN",17.77,89695,null,17.059999999999999,17.77]
[null,89696,"TÊ, PVC, SERIE R, ÁGUA PLUVIAL, DN 100 X 75 MM, JUNTA ELÁSTICA, FORNECIDO E INSTALADO EM CONDUTORES VERTICAIS DE ÁGUAS PLUVIAIS. AF_06/2022","UN",83,89696,null,81.44,83]
[null,89697,"TE, CPVC, SOLDÁVEL, DN 22MM, INSTALADO EM RAMAL OU SUB-RAMAL DE ÁGUA - FORNECIMENTO E INSTALAÇÃO. AF_06/2022","UN",18.5,89697,null,17.59,18.5]
[null,89698,"JUNÇÃO SIMPLES, PVC, SERIE R, ÁGUA PLUVIAL, DN 150 X 150 MM, JUNTA ELÁSTICA, FORNECIDO E INSTALADO EM CONDUTORES VERTICAIS DE ÁGUAS PLUVIAIS. AF_06/2022","UN",260.92,89698,null,257.85000000000002,260.92]
[null,89699,"JUNÇÃO SIMPLES, PVC, SERIE R, ÁGUA PLUVIAL, DN 150 X 100 MM, JUNTA ELÁSTICA, FORNECIDO E INSTALADO EM CONDUTORES VERTICAIS DE ÁGUAS PLUVIAIS. AF_06/2022","UN",197.14,89699,null,194.5,197.14]
[null,89700,"TE DE TRANSIÇÃO, CPVC, SOLDÁVEL, DN 22MM X 1/2 , INSTALADO EM RAMAL OU SUB-RAMAL DE ÁGUA   FORNECIMENTO E INSTALAÇÃO. AF_06/2022","UN",23.99,89700,null,23.17,23.99]
[null,89701,"TÊ, PVC, SERIE R, ÁGUA PLUVIAL, DN 150 X 150 MM, JUNTA ELÁSTICA, FORNECIDO E INSTALADO EM CONDUTORES VERTICAIS DE ÁGUAS PLUVIAIS. AF_06/2022","UN",193.7,89701,null,190.63,193.7]
[null,89702,"TÊ MISTURADOR, CPVC, SOLDÁVEL, DN22MM, INSTALADO EM RAMAL OU SUB-RAMAL DE ÁGUA   FORNECIMENTO E INSTALAÇÃO. AF_06/2022","UN",22.98,89702,null,22.07,22.98]
[null,89703,"TE MISTURADOR DE TRANSIÇÃO, CPVC, SOLDÁVEL, DN 22MM X 3/4\", INSTALADO EM RAMAL OU SUB-RAMAL DE ÁGUA - FORNECIMENTO E INSTALAÇÃO. AF_06/2022","UN",49.97,89703,null,49.09,49.97]
[null,89704,"TÊ, PVC, SERIE R, ÁGUA PLUVIAL, DN 150 X 100 MM, JUNTA ELÁSTICA, FORNECIDO E INSTALADO EM CONDUTORES VERTICAIS DE ÁGUAS PLUVIAIS. AF_06/2022","UN",149.76,89704,null,147.12,149.76]
[null,89705,"TÊ, CPVC, SOLDÁVEL, DN28MM, INSTALADO EM RAMAL OU SUB-RAMAL DE ÁGUA   FORNECIMENTO E INSTALAÇÃO. AF_06/2022","UN",26.77,89705,null,25.71,26.77]
[null,89706,"TÊ, CPVC, SOLDÁVEL, DN35MM, INSTALADO EM RAMAL OU SUB-RAMAL DE ÁGUA   FORNECIMENTO E INSTALAÇÃO. AF_06/2022","UN",59.07,89706,null,57.81,59.07]
[null,89718,"TUBO, CPVC, SOLDÁVEL, DN 35MM, INSTALADO EM RAMAL DE DISTRIBUIÇÃO DE ÁGUA   FORNECIMENTO E INSTALAÇÃO. AF_06/2022","M",56.25,89718,null,55.26,56.25]
[null,89719,"JOELHO 90 GRAUS, CPVC, SOLDÁVEL, DN 22MM, INSTALADO EM RAMAL DE DISTRIBUIÇÃO DE ÁGUA   FORNECIMENTO E INSTALAÇÃO. AF_06/2022","UN",13.47,89719,null,12.87,13.47]
[null,89720,"JOELHO 45 GRAUS, CPVC, SOLDÁVEL, DN 22MM, INSTALADO EM RAMAL DE DISTRIBUIÇÃO DE ÁGUA   FORNECIMENTO E INSTALAÇÃO. AF_06/2022","UN",15.15,89720,null,14.55,15.15]
[null,89721,"CURVA 90 GRAUS, CPVC, SOLDÁVEL, DN 22MM, INSTALADO EM RAMAL DE DISTRIBUIÇÃO DE ÁGUA - FORNECIMENTO E INSTALAÇÃO. AF_06/2022","UN",16.489999999999998,89721,null,15.89,16.489999999999998]
[null,89723,"JOELHO 90 GRAUS, CPVC, SOLDÁVEL, DN 28MM, INSTALADO EM RAMAL DE DISTRIBUIÇÃO DE ÁGUA   FORNECIMENTO E INSTALAÇÃO. AF_06/2022","UN",20.69,89723,null,19.98,20.69]
[null,89724,"JOELHO 90 GRAUS, PVC, SERIE NORMAL, ESGOTO PREDIAL, DN 40 MM, JUNTA SOLDÁVEL, FORNECIDO E INSTALADO EM RAMAL DE DESCARGA OU RAMAL DE ESGOTO SANITÁRIO. AF_08/2022","UN",10.08,89724,null,9.4600000000000009,10.08]
[null,89725,"JOELHO 45 GRAUS, CPVC, SOLDÁVEL, DN 28MM, INSTALADO EM RAMAL DE DISTRIBUIÇÃO DE ÁGUA   FORNECIMENTO E INSTALAÇÃO. AF_06/2022","UN",20,89725,null,19.29,20]
[null,89726,"JOELHO 45 GRAUS, PVC, SERIE NORMAL, ESGOTO PREDIAL, DN 40 MM, JUNTA SOLDÁVEL, FORNECIDO E INSTALADO EM RAMAL DE DESCARGA OU RAMAL DE ESGOTO SANITÁRIO. AF_08/2022","UN",10.31,89726,null,9.69,10.31]
[null,89727,"CURVA 90 GRAUS, CPVC, SOLDÁVEL, DN 28MM, INSTALADO EM RAMAL DE DISTRIBUIÇÃO DE ÁGUA   FORNECIMENTO E INSTALAÇÃO. AF_06/2022","UN",25.23,89727,null,24.52,25.23]
[null,89728,"CURVA CURTA 90 GRAUS, PVC, SERIE NORMAL, ESGOTO PREDIAL, DN 40 MM, JUNTA SOLDÁVEL, FORNECIDO E INSTALADO EM RAMAL DE DESCARGA OU RAMAL DE ESGOTO SANITÁRIO. AF_08/2022","UN",13.01,89728,null,12.39,13.01]
[null,89729,"JOELHO 90 GRAUS, CPVC, SOLDÁVEL, DN 35MM, INSTALADO EM RAMAL DE DISTRIBUIÇÃO DE ÁGUA   FORNECIMENTO E INSTALAÇÃO. AF_06/2022","UN",30.77,89729,null,29.93,30.77]
[null,89730,"CURVA LONGA 90 GRAUS, PVC, SERIE NORMAL, ESGOTO PREDIAL, DN 40 MM, JUNTA SOLDÁVEL, FORNECIDO E INSTALADO EM RAMAL DE DESCARGA OU RAMAL DE ESGOTO SANITÁRIO. AF_08/2022","UN",14.92,89730,null,14.3,14.92]
[null,89731,"JOELHO 90 GRAUS, PVC, SERIE NORMAL, ESGOTO PREDIAL, DN 50 MM, JUNTA ELÁSTICA, FORNECIDO E INSTALADO EM RAMAL DE DESCARGA OU RAMAL DE ESGOTO SANITÁRIO. AF_08/2022","UN",14.72,89731,null,14.05,14.72]
[null,89732,"JOELHO 45 GRAUS, PVC, SERIE NORMAL, ESGOTO PREDIAL, DN 50 MM, JUNTA ELÁSTICA, FORNECIDO E INSTALADO EM RAMAL DE DESCARGA OU RAMAL DE ESGOTO SANITÁRIO. AF_08/2022","UN",15.45,89732,null,14.78,15.45]
[null,89733,"CURVA CURTA 90 GRAUS, PVC, SERIE NORMAL, ESGOTO PREDIAL, DN 50 MM, JUNTA ELÁSTICA, FORNECIDO E INSTALADO EM RAMAL DE DESCARGA OU RAMAL DE ESGOTO SANITÁRIO. AF_08/2022","UN",23.21,89733,null,22.54,23.21]
[null,89734,"JOELHO 45 GRAUS, CPVC, SOLDÁVEL, DN 35MM, INSTALADO EM RAMAL DE DISTRIBUIÇÃO DE ÁGUA   FORNECIMENTO E INSTALAÇÃO. AF_06/2022","UN",29.05,89734,null,28.21,29.05]
[null,89735,"CURVA LONGA 90 GRAUS, PVC, SERIE NORMAL, ESGOTO PREDIAL, DN 50 MM, JUNTA ELÁSTICA, FORNECIDO E INSTALADO EM RAMAL DE DESCARGA OU RAMAL DE ESGOTO SANITÁRIO. AF_08/2022","UN",25.4,89735,null,24.73,25.4]
[null,89736,"LUVA, CPVC, SOLDÁVEL, DN 22MM, INSTALADO EM RAMAL DE DISTRIBUIÇÃO DE ÁGUA   FORNECIMENTO E INSTALAÇÃO. AF_06/2022","UN",9.52,89736,null,9.1199999999999992,9.52]
[null,89737,"JOELHO 90 GRAUS, PVC, SERIE NORMAL, ESGOTO PREDIAL, DN 75 MM, JUNTA ELÁSTICA, FORNECIDO E INSTALADO EM RAMAL DE DESCARGA OU RAMAL DE ESGOTO SANITÁRIO. AF_08/2022","UN",22.44,89737,null,21.63,22.44]
[null,89738,"LUVA DE CORRER, CPVC, SOLDÁVEL, DN 22MM, INSTALADO EM RAMAL DE DISTRIBUIÇÃO DE ÁGUA   FORNECIMENTO E INSTALAÇÃO. AF_12/2014","UN",17.57,89738,null,17.170000000000002,17.57]
[null,89739,"JOELHO 45 GRAUS, PVC, SERIE NORMAL, ESGOTO PREDIAL, DN 75 MM, JUNTA ELÁSTICA, FORNECIDO E INSTALADO EM RAMAL DE DESCARGA OU RAMAL DE ESGOTO SANITÁRIO. AF_08/2022","UN",23.42,89739,null,22.61,23.42]
[null,89740,"LUVA DE TRANSIÇÃO, CPVC, SOLDÁVEL, DN 22MM X 25MM, INSTALADO EM RAMAL DE DISTRIBUIÇÃO DE ÁGUA   FORNECIMENTO E INSTALAÇÃO. AF_06/2022","UN",9.66,89740,null,9.24,9.66]
[null,89741,"UNIÃO, CPVC, SOLDÁVEL, DN 22MM, INSTALADO EM RAMAL DE DISTRIBUIÇÃO DE ÁGUA   FORNECIMENTO E INSTALAÇÃO. AF_06/2022","UN",24.17,89741,null,23.77,24.17]
[null,89742,"CURVA CURTA 90 GRAUS, PVC, SERIE NORMAL, ESGOTO PREDIAL, DN 75 MM, JUNTA ELÁSTICA, FORNECIDO E INSTALADO EM RAMAL DE DESCARGA OU RAMAL DE ESGOTO SANITÁRIO. AF_08/2022","UN",39.58,89742,null,38.770000000000003,39.58]
[null,89743,"CURVA LONGA 90 GRAUS, PVC, SERIE NORMAL, ESGOTO PREDIAL, DN 75 MM, JUNTA ELÁSTICA, FORNECIDO E INSTALADO EM RAMAL DE DESCARGA OU RAMAL DE ESGOTO SANITÁRIO. AF_08/2022","UN",60.24,89743,null,59.43,60.24]
[null,89744,"JOELHO 90 GRAUS, PVC, SERIE NORMAL, ESGOTO PREDIAL, DN 100 MM, JUNTA ELÁSTICA, FORNECIDO E INSTALADO EM RAMAL DE DESCARGA OU RAMAL DE ESGOTO SANITÁRIO. AF_08/2022","UN",27.45,89744,null,26.51,27.45]
[null,89746,"JOELHO 45 GRAUS, PVC, SERIE NORMAL, ESGOTO PREDIAL, DN 100 MM, JUNTA ELÁSTICA, FORNECIDO E INSTALADO EM RAMAL DE DESCARGA OU RAMAL DE ESGOTO SANITÁRIO. AF_08/2022","UN",28.29,89746,null,27.35,28.29]
[null,89747,"ADAPTADOR, CPVC, SOLDÁVEL, DN 22MM, INSTALADO EM RAMAL DE DISTRIBUIÇÃO DE ÁGUA   FORNECIMENTO E INSTALAÇÃO. AF_06/2022","UN",30.96,89747,null,30.56,30.96]
[null,89748,"CURVA CURTA 90 GRAUS, PVC, SERIE NORMAL, ESGOTO PREDIAL, DN 100 MM, JUNTA ELÁSTICA, FORNECIDO E INSTALADO EM RAMAL DE DESCARGA OU RAMAL DE ESGOTO SANITÁRIO. AF_08/2022","UN",42.54,89748,null,41.6,42.54]
[null,89749,"CURVA DE TRANSPOSIÇÃO, CPVC, SOLDÁVEL, DN 22MM, INSTALADO EM RAMAL DE DISTRIBUIÇÃO DE ÁGUA   FORNECIMENTO E INSTALAÇÃO. AF_06/2022","UN",17.489999999999998,89749,null,17.09,17.489999999999998]
[null,89750,"CURVA LONGA 90 GRAUS, PVC, SERIE NORMAL, ESGOTO PREDIAL, DN 100 MM, JUNTA ELÁSTICA, FORNECIDO E INSTALADO EM RAMAL DE DESCARGA OU RAMAL DE ESGOTO SANITÁRIO. AF_08/2022","UN",77.72,89750,null,76.78,77.72]
[null,89752,"LUVA SIMPLES, PVC, SERIE NORMAL, ESGOTO PREDIAL, DN 40 MM, JUNTA SOLDÁVEL, FORNECIDO E INSTALADO EM RAMAL DE DESCARGA OU RAMAL DE ESGOTO SANITÁRIO. AF_08/2022","UN",7.6,89752,null,7.18,7.6]
[null,89753,"LUVA SIMPLES, PVC, SERIE NORMAL, ESGOTO PREDIAL, DN 50 MM, JUNTA ELÁSTICA, FORNECIDO E INSTALADO EM RAMAL DE DESCARGA OU RAMAL DE ESGOTO SANITÁRIO. AF_08/2022","UN",9.19,89753,null,8.74,9.19]
[null,89754,"LUVA DE CORRER, PVC, SERIE NORMAL, ESGOTO PREDIAL, DN 50 MM, JUNTA ELÁSTICA, FORNECIDO E INSTALADO EM RAMAL DE DESCARGA OU RAMAL DE ESGOTO SANITÁRIO. AF_08/2022","UN",20.82,89754,null,20.37,20.82]
[null,89755,"LUVA, CPVC, SOLDÁVEL, DN 28MM, INSTALADO EM RAMAL DE DISTRIBUIÇÃO DE ÁGUA   FORNECIMENTO E INSTALAÇÃO. AF_06/2022","UN",{"$f":"IF($K$2=$H$1,H4163,I4163)","v":14.36},{"$f":"IF(LEN($B4163)=7,CONCATENATE(MID($B4163,1,6),\"00\",RIGHT($B4163,1)),IF(LEN($B4163)=8,CONCATENATE(MID($B4163,1,6),\"0\",RIGHT($B4163,2)),$B4163))","v":89755},null,13.88,14.36]
[null,89756,"LUVA DE CORRER, CPVC, SOLDÁVEL, DN 28MM, INSTALADO EM RAMAL DE DISTRIBUIÇÃO DE ÁGUA   FORNECIMENTO E INSTALAÇÃO. AF_06/2022","UN",24.37,89756,null,23.89,24.37]
[null,89757,"UNIÃO, CPVC, SOLDÁVEL, DN 28MM, INSTALADO EM RAMAL DE DISTRIBUIÇÃO DE ÁGUA   FORNECIMENTO E INSTALAÇÃO. AF_06/2022","UN",31.6,89757,null,31.12,31.6]
[null,89758,"CONECTOR, CPVC, SOLDÁVEL, DN 28MM X 1 , INSTALADO EM RAMAL DE DISTRIBUIÇÃO DE ÁGUA   FORNECIMENTO E INSTALAÇÃO. AF_06/2022","UN",38.659999999999997,89758,null,38.200000000000003,38.659999999999997]
[null,89759,"BUCHA DE REDUÇÃO, CPVC, SOLDÁVEL, DN 28MM X 22MM, INSTALADO EM RAMAL DE DISTRIBUIÇÃO DE ÁGUA - FORNECIMENTO E INSTALAÇÃO. AF_06/2022","UN",12.16,89759,null,11.72,12.16]
[null,89760,"LUVA, CPVC, SOLDÁVEL, DN 35MM, INSTALADO EM RAMAL DE DISTRIBUIÇÃO DE ÁGUA - FORNECIMENTO E INSTALAÇÃO. AF_06/2022","UN",23.11,89760,null,22.55,23.11]
[null,89761,"LUVA DE CORRER, CPVC, SOLDÁVEL, DN 35MM, INSTALADO EM RAMAL DE DISTRIBUIÇÃO DE ÁGUA - FORNECIMENTO E INSTALAÇÃO. AF_06/2022","UN",32.549999999999997,89761,null,31.99,32.549999999999997]
[null,89762,"UNIÃO, CPVC, SOLDÁVEL, DN35MM, INSTALADO EM RAMAL DE DISTRIBUIÇÃO DE ÁGUA - FORNECIMENTO E INSTALAÇÃO. AF_06/2022","UN",46.07,89762,null,45.51,46.07]
[null,89763,"CONECTOR, CPVC, SOLDÁVEL, DN 35MM X 1 1/4 , INSTALADO EM RAMAL DE DISTRIBUIÇÃO DE ÁGUA - FORNECIMENTO E INSTALAÇÃO. AF_06/2022","UN",58.56,89763,null,58.02,58.56]
[null,89764,"BUCHA DE REDUÇÃO, CPVC, SOLDÁVEL, DN35MM X 28MM, INSTALADO EM RAMAL DE DISTRIBUIÇÃO DE ÁGUA - FORNECIMENTO E INSTALAÇÃO. AF_06/2022","UN",38.93,89764,null,38.409999999999997,38.93]
[null,89765,"TE, CPVC, SOLDÁVEL, DN 22MM, INSTALADO EM RAMAL DE DISTRIBUIÇÃO DE ÁGUA - FORNECIMENTO E INSTALAÇÃO. AF_06/2022","UN",17.57,89765,null,16.760000000000002,17.57]
[null,89767,"TÊ MISTURADOR, CPVC, SOLDÁVEL, DN 22MM, INSTALADO EM RAMAL DE DISTRIBUIÇÃO DE ÁGUA - FORNECIMENTO E INSTALAÇÃO. AF_06/2022","UN",22.05,89767,null,21.24,22.05]
[null,89768,"TÊ, CPVC, SOLDÁVEL, DN 28MM, INSTALADO EM RAMAL DE DISTRIBUIÇÃO DE ÁGUA - FORNECIMENTO E INSTALAÇÃO. AF_06/2022","UN",25.7,89768,null,24.74,25.7]
[null,89769,"TÊ, CPVC, SOLDÁVEL, DN35MM, INSTALADO EM RAMAL DE DISTRIBUIÇÃO DE ÁGUA - FORNECIMENTO E INSTALAÇÃO. AF_06/2022","UN",57.81,89769,null,56.68,57.81]
[null,89772,"TUBO, CPVC, SOLDÁVEL, DN 54MM, INSTALADO EM PRUMADA DE ÁGUA   FORNECIMENTO E INSTALAÇÃO. AF_06/2022","M",93.52,89772,null,93.34,93.52]
[null,89774,"LUVA SIMPLES, PVC, SERIE NORMAL, ESGOTO PREDIAL, DN 75 MM, JUNTA ELÁSTICA, FORNECIDO E INSTALADO EM RAMAL DE DESCARGA OU RAMAL DE ESGOTO SANITÁRIO. AF_08/2022","UN",15.52,89774,null,14.99,15.52]
[null,89776,"LUVA DE CORRER, PVC, SERIE NORMAL, ESGOTO PREDIAL, DN 75 MM, JUNTA ELÁSTICA, FORNECIDO E INSTALADO EM RAMAL DE DESCARGA OU RAMAL DE ESGOTO SANITÁRIO. AF_08/2022","UN",25.46,89776,null,24.93,25.46]
[null,89777,"JOELHO 90 GRAUS, CPVC, SOLDÁVEL, DN 35MM, INSTALADO EM PRUMADA DE ÁGUA   FORNECIMENTO E INSTALAÇÃO. AF_06/2022","UN",27.04,89777,null,26.58,27.04]
[null,89778,"LUVA SIMPLES, PVC, SERIE NORMAL, ESGOTO PREDIAL, DN 100 MM, JUNTA ELÁSTICA, FORNECIDO E INSTALADO EM RAMAL DE DESCARGA OU RAMAL DE ESGOTO SANITÁRIO. AF_08/2022","UN",17.920000000000002,89778,null,17.29,17.920000000000002]
[null,89779,"LUVA DE CORRER, PVC, SERIE NORMAL, ESGOTO PREDIAL, DN 100 MM, JUNTA ELÁSTICA, FORNECIDO E INSTALADO EM RAMAL DE DESCARGA OU RAMAL DE ESGOTO SANITÁRIO. AF_08/2022","UN",34.67,89779,null,34.04,34.67]
[null,89780,"JOELHO 45 GRAUS, CPVC, SOLDÁVEL, DN 35MM, INSTALADO EM PRUMADA DE ÁGUA - FORNECIMENTO E INSTALAÇÃO. AF_06/2022","UN",25.32,89780,null,24.86,25.32]
[null,89781,"JOELHO 90 GRAUS, CPVC, SOLDÁVEL, DN 42MM, INSTALADO EM PRUMADA DE ÁGUA   FORNECIMENTO E INSTALAÇÃO. AF_06/2022","UN",38.29,89781,null,37.76,38.29]
[null,89782,"TE, PVC, SERIE NORMAL, ESGOTO PREDIAL, DN 40 X 40 MM, JUNTA SOLDÁVEL, FORNECIDO E INSTALADO EM RAMAL DE DESCARGA OU RAMAL DE ESGOTO SANITÁRIO. AF_08/2022","UN",14.67,89782,null,13.85,14.67]
[null,89783,"JUNÇÃO SIMPLES, PVC, SERIE NORMAL, ESGOTO PREDIAL, DN 40 MM, JUNTA SOLDÁVEL, FORNECIDO E INSTALADO EM RAMAL DE DESCARGA OU RAMAL DE ESGOTO SANITÁRIO. AF_08/2022","UN",14.77,89783,null,13.95,14.77]
[null,89784,"TE, PVC, SERIE NORMAL, ESGOTO PREDIAL, DN 50 X 50 MM, JUNTA ELÁSTICA, FORNECIDO E INSTALADO EM RAMAL DE DESCARGA OU RAMAL DE ESGOTO SANITÁRIO. AF_08/2022","UN",23.96,89784,null,23.07,23.96]
[null,89785,"JUNÇÃO SIMPLES, PVC, SERIE NORMAL, ESGOTO PREDIAL, DN 50 X 50 MM, JUNTA ELÁSTICA, FORNECIDO E INSTALADO EM RAMAL DE DESCARGA OU RAMAL DE ESGOTO SANITÁRIO. AF_08/2022","UN",26.31,89785,null,25.42,26.31]
[null,89786,"TE, PVC, SERIE NORMAL, ESGOTO PREDIAL, DN 75 X 75 MM, JUNTA ELÁSTICA, FORNECIDO E INSTALADO EM RAMAL DE DESCARGA OU RAMAL DE ESGOTO SANITÁRIO. AF_08/2022","UN",38.590000000000003,89786,null,37.520000000000003,38.590000000000003]
[null,89787,"JOELHO 45 GRAUS, CPVC, SOLDÁVEL, DN 42MM, INSTALADO EM PRUMADA DE ÁGUA   FORNECIMENTO E INSTALAÇÃO. AF_06/2022","UN",37.869999999999997,89787,null,37.340000000000003,37.869999999999997]
[null,89788,"JOELHO 90 GRAUS, CPVC, SOLDÁVEL, DN 54MM, INSTALADO EM PRUMADA DE ÁGUA   FORNECIMENTO E INSTALAÇÃO. AF_06/2022","UN",82.98,89788,null,82.32,82.98]
[null,89789,"JOELHO 45 GRAUS, CPVC, SOLDÁVEL, DN 54MM, INSTALADO EM PRUMADA DE ÁGUA   FORNECIMENTO E INSTALAÇÃO. AF_06/2022","UN",70.459999999999994,89789,null,69.8,70.459999999999994]
[null,89790,"JOELHO 90 GRAUS, CPVC, SOLDÁVEL, DN 73MM, INSTALADO EM PRUMADA DE ÁGUA   FORNECIMENTO E INSTALAÇÃO. AF_06/2022","UN",165.59,89790,null,164.72,165.59]
[null,89791,"JOELHO 45 GRAUS, CPVC, SOLDÁVEL, DN 73MM, INSTALADO EM PRUMADA DE ÁGUA   FORNECIMENTO E INSTALAÇÃO. AF_06/2022","UN",159.93,89791,null,159.06,159.93]
[null,89792,"JOELHO 90 GRAUS, CPVC, SOLDÁVEL, DN 89MM, INSTALADO EM PRUMADA DE ÁGUA   FORNECIMENTO E INSTALAÇÃO. AF_06/2022","UN",196.2,89792,null,195.14,196.2]
[null,89793,"JOELHO 45 GRAUS, CPVC, SOLDÁVEL, DN 89MM, INSTALADO EM PRUMADA DE ÁGUA   FORNECIMENTO E INSTALAÇÃO. AF_06/2022","UN",231.44,89793,null,230.38,231.44]
[null,89794,"LUVA, CPVC, SOLDÁVEL, DN 35MM, INSTALADO EM PRUMADA DE ÁGUA   FORNECIMENTO E INSTALAÇÃO. AF_06/2022","UN",20.64,89794,null,20.34,20.64]
[null,89795,"JUNÇÃO SIMPLES, PVC, SERIE NORMAL, ESGOTO PREDIAL, DN 75 X 75 MM, JUNTA ELÁSTICA, FORNECIDO E INSTALADO EM RAMAL DE DESCARGA OU RAMAL DE ESGOTO SANITÁRIO. AF_08/2022","UN",40.67,89795,null,39.6,40.67]
[null,89796,"TE, PVC, SERIE NORMAL, ESGOTO PREDIAL, DN 100 X 100 MM, JUNTA ELÁSTICA, FORNECIDO E INSTALADO EM RAMAL DE DESCARGA OU RAMAL DE ESGOTO SANITÁRIO. AF_08/2022","UN",43.24,89796,null,41.98,43.24]
[null,89797,"JUNÇÃO SIMPLES, PVC, SERIE NORMAL, ESGOTO PREDIAL, DN 100 X 100 MM, JUNTA ELÁSTICA, FORNECIDO E INSTALADO EM RAMAL DE DESCARGA OU RAMAL DE ESGOTO SANITÁRIO. AF_08/2022","UN",51.31,89797,null,50.05,51.31]
[null,89801,"JOELHO 90 GRAUS, PVC, SERIE NORMAL, ESGOTO PREDIAL, DN 50 MM, JUNTA ELÁSTICA, FORNECIDO E INSTALADO EM PRUMADA DE ESGOTO SANITÁRIO OU VENTILAÇÃO. AF_08/2022","UN",9.9,89801,null,9.74,9.9]
[null,89802,"JOELHO 45 GRAUS, PVC, SERIE NORMAL, ESGOTO PREDIAL, DN 50 MM, JUNTA ELÁSTICA, FORNECIDO E INSTALADO EM PRUMADA DE ESGOTO SANITÁRIO OU VENTILAÇÃO. AF_08/2022","UN",10.63,89802,null,10.47,10.63]
[null,89803,"CURVA CURTA 90 GRAUS, PVC, SERIE NORMAL, ESGOTO PREDIAL, DN 50 MM, JUNTA ELÁSTICA, FORNECIDO E INSTALADO EM PRUMADA DE ESGOTO SANITÁRIO OU VENTILAÇÃO. AF_08/2022","UN",18.39,89803,null,18.23,18.39]
[null,89804,"CURVA LONGA 90 GRAUS, PVC, SERIE NORMAL, ESGOTO PREDIAL, DN 50 MM, JUNTA ELÁSTICA, FORNECIDO E INSTALADO EM PRUMADA DE ESGOTO SANITÁRIO OU VENTILAÇÃO. AF_08/2022","UN",20.58,89804,null,20.420000000000002,20.58]
[null,89805,"JOELHO 90 GRAUS, PVC, SERIE NORMAL, ESGOTO PREDIAL, DN 75 MM, JUNTA ELÁSTICA, FORNECIDO E INSTALADO EM PRUMADA DE ESGOTO SANITÁRIO OU VENTILAÇÃO. AF_08/2022","UN",20.6,89805,null,19.989999999999998,20.6]
[null,89806,"JOELHO 45 GRAUS, PVC, SERIE NORMAL, ESGOTO PREDIAL, DN 75 MM, JUNTA ELÁSTICA, FORNECIDO E INSTALADO EM PRUMADA DE ESGOTO SANITÁRIO OU VENTILAÇÃO. AF_08/2022","UN",21.58,89806,null,20.97,21.58]
[null,89807,"CURVA CURTA 90 GRAUS, PVC, SERIE NORMAL, ESGOTO PREDIAL, DN 75 MM, JUNTA ELÁSTICA, FORNECIDO E INSTALADO EM PRUMADA DE ESGOTO SANITÁRIO OU VENTILAÇÃO. AF_08/2022","UN",37.74,89807,null,37.130000000000003,37.74]
[null,89808,"CURVA LONGA 90 GRAUS, PVC, SERIE NORMAL, ESGOTO PREDIAL, DN 75 MM, JUNTA ELÁSTICA, FORNECIDO E INSTALADO EM PRUMADA DE ESGOTO SANITÁRIO OU VENTILAÇÃO. AF_08/2022","UN",58.4,89808,null,57.79,58.4]
[null,89809,"JOELHO 90 GRAUS, PVC, SERIE NORMAL, ESGOTO PREDIAL, DN 100 MM, JUNTA ELÁSTICA, FORNECIDO E INSTALADO EM PRUMADA DE ESGOTO SANITÁRIO OU VENTILAÇÃO. AF_08/2022","UN",28.59,89809,null,27.54,28.59]
[null,89810,"JOELHO 45 GRAUS, PVC, SERIE NORMAL, ESGOTO PREDIAL, DN 100 MM, JUNTA ELÁSTICA, FORNECIDO E INSTALADO EM PRUMADA DE ESGOTO SANITÁRIO OU VENTILAÇÃO. AF_08/2022","UN",29.43,89810,null,28.38,29.43]
[null,89811,"CURVA CURTA 90 GRAUS, PVC, SERIE NORMAL, ESGOTO PREDIAL, DN 100 MM, JUNTA ELÁSTICA, FORNECIDO E INSTALADO EM PRUMADA DE ESGOTO SANITÁRIO OU VENTILAÇÃO. AF_08/2022","UN",43.68,89811,null,42.63,43.68]
[null,89812,"CURVA LONGA 90 GRAUS, PVC, SERIE NORMAL, ESGOTO PREDIAL, DN 100 MM, JUNTA ELÁSTICA, FORNECIDO E INSTALADO EM PRUMADA DE ESGOTO SANITÁRIO OU VENTILAÇÃO. AF_08/2022","UN",78.86,89812,null,77.81,78.86]
[null,89813,"LUVA SIMPLES, PVC, SERIE NORMAL, ESGOTO PREDIAL, DN 50 MM, JUNTA ELÁSTICA, FORNECIDO E INSTALADO EM PRUMADA DE ESGOTO SANITÁRIO OU VENTILAÇÃO. AF_08/2022","UN",5.9,89813,null,5.78,5.9]
[null,89814,"LUVA DE CORRER, PVC, SERIE NORMAL, ESGOTO PREDIAL, DN 50 MM, JUNTA ELÁSTICA, FORNECIDO E INSTALADO EM PRUMADA DE ESGOTO SANITÁRIO OU VENTILAÇÃO. AF_08/2022","UN",17.61,89814,null,17.489999999999998,17.61]
[null,89815,"LUVA DE CORRER, CPVC, SOLDÁVEL, DN 35MM, INSTALADO EM PRUMADA DE ÁGUA   FORNECIMENTO E INSTALAÇÃO. AF_06/2022","UN",30.08,89815,null,29.78,30.08]
[null,89816,"UNIÃO, CPVC, SOLDÁVEL, DN35MM, INSTALADO EM PRUMADA DE ÁGUA   FORNECIMENTO E INSTALAÇÃO. AF_06/2022","UN",43.6,89816,null,43.3,43.6]
[null,89817,"LUVA SIMPLES, PVC, SERIE NORMAL, ESGOTO PREDIAL, DN 75 MM, JUNTA ELÁSTICA, FORNECIDO E INSTALADO EM PRUMADA DE ESGOTO SANITÁRIO OU VENTILAÇÃO. AF_08/2022","UN",14.26,89817,null,13.85,14.26]
[null,89818,"CONECTOR, CPVC, SOLDÁVEL, DN 35MM X 1 1/4 , INSTALADO EM PRUMADA DE ÁGUA   FORNECIMENTO E INSTALAÇÃO. AF_06/2022","UN",56.16,89818,null,55.86,56.16]
[null,89819,"LUVA DE CORRER, PVC, SERIE NORMAL, ESGOTO PREDIAL, DN 75 MM, JUNTA ELÁSTICA, FORNECIDO E INSTALADO EM PRUMADA DE ESGOTO SANITÁRIO OU VENTILAÇÃO. AF_08/2022","UN",24.24,89819,null,23.83,24.24]
[null,89821,"LUVA SIMPLES, PVC, SERIE NORMAL, ESGOTO PREDIAL, DN 100 MM, JUNTA ELÁSTICA, FORNECIDO E INSTALADO EM PRUMADA DE ESGOTO SANITÁRIO OU VENTILAÇÃO. AF_08/2022","UN",18.670000000000002,89821,null,17.98,18.670000000000002]
[null,89822,"LUVA, CPVC, SOLDÁVEL, DN 42MM, INSTALADO EM PRUMADA DE ÁGUA   FORNECIMENTO E INSTALAÇÃO. AF_06/2022","UN",26.98,89822,null,26.62,26.98]
[null,89823,"LUVA DE CORRER, PVC, SERIE NORMAL, ESGOTO PREDIAL, DN 100 MM, JUNTA ELÁSTICA, FORNECIDO E INSTALADO EM PRUMADA DE ESGOTO SANITÁRIO OU VENTILAÇÃO. AF_08/2022","UN",35.42,89823,null,34.729999999999997,35.42]
[null,89824,"LUVA DE CORRER, CPVC, SOLDÁVEL, DN 42MM, INSTALADO EM PRUMADA DE ÁGUA   FORNECIMENTO E INSTALAÇÃO. AF_06/2022","UN",40.86,89824,null,40.5,40.86]
[null,89825,"TE, PVC, SERIE NORMAL, ESGOTO PREDIAL, DN 50 X 50 MM, JUNTA ELÁSTICA, FORNECIDO E INSTALADO EM PRUMADA DE ESGOTO SANITÁRIO OU VENTILAÇÃO. AF_08/2022","UN",17.54,89825,null,17.32,17.54]
[null,89826,"LUVA DE TRANSIÇÃO, CPVC, SOLDÁVEL, DN42MM X 1.1/2 , INSTALADO EM PRUMADA DE ÁGUA   FORNECIMENTO E INSTALAÇÃO. AF_06/2022","UN",132.9,89826,null,132.58000000000001,132.9]
[null,89827,"JUNÇÃO SIMPLES, PVC, SERIE NORMAL, ESGOTO PREDIAL, DN 50 X 50 MM, JUNTA ELÁSTICA, FORNECIDO E INSTALADO EM PRUMADA DE ESGOTO SANITÁRIO OU VENTILAÇÃO. AF_08/2022","UN",19.89,89827,null,19.670000000000002,19.89]
[null,89828,"UNIÃO, CPVC, SOLDÁVEL, DN42MM, INSTALADO EM PRUMADA DE ÁGUA   FORNECIMENTO E INSTALAÇÃO. AF_06/2022","UN",{"$f":"IF($K$2=$H$1,H4227,I4227)","v":63.49},{"$f":"IF(LEN($B4227)=7,CONCATENATE(MID($B4227,1,6),\"00\",RIGHT($B4227,1)),IF(LEN($B4227)=8,CONCATENATE(MID($B4227,1,6),\"0\",RIGHT($B4227,2)),$B4227))","v":89828},null,63.13,63.49]
[null,89829,"TE, PVC, SERIE NORMAL, ESGOTO PREDIAL, DN 75 X 75 MM, JUNTA ELÁSTICA, FORNECIDO E INSTALADO EM PRUMADA DE ESGOTO SANITÁRIO OU VENTILAÇÃO. AF_08/2022","UN",36.15,89829,null,35.33,36.15]
[null,89830,"JUNÇÃO SIMPLES, PVC, SERIE NORMAL, ESGOTO PREDIAL, DN 75 X 75 MM, JUNTA ELÁSTICA, FORNECIDO E INSTALADO EM PRUMADA DE ESGOTO SANITÁRIO OU VENTILAÇÃO. AF_08/2022","UN",38.229999999999997,89830,null,37.409999999999997,38.229999999999997]
[null,89831,"CONECTOR, CPVC, SOLDÁVEL, DN 42MM X 1.1/2 , INSTALADO EM PRUMADA DE ÁGUA   FORNECIMENTO E INSTALAÇÃO. AF_06/2022","UN",67.83,89831,null,67.510000000000005,67.83]
[null,89832,"BUCHA DE REDUÇÃO, CPVC, SOLDÁVEL, DN 42MM X 22MM, INSTALADO EM RAMAL DE DISTRIBUIÇÃO DE ÁGUA - FORNECIMENTO E INSTALAÇÃO. AF_06/2022","UN",43.39,89832,null,42.86,43.39]
[null,89833,"TE, PVC, SERIE NORMAL, ESGOTO PREDIAL, DN 100 X 100 MM, JUNTA ELÁSTICA, FORNECIDO E INSTALADO EM PRUMADA DE ESGOTO SANITÁRIO OU VENTILAÇÃO. AF_08/2022","UN",44.75,89833,null,43.35,44.75]
[null,89834,"JUNÇÃO SIMPLES, PVC, SERIE NORMAL, ESGOTO PREDIAL, DN 100 X 100 MM, JUNTA ELÁSTICA, FORNECIDO E INSTALADO EM PRUMADA DE ESGOTO SANITÁRIO OU VENTILAÇÃO. AF_08/2022","UN",52.82,89834,null,51.42,52.82]
[null,89835,"LUVA, CPVC, SOLDÁVEL, DN 54MM, INSTALADO EM PRUMADA DE ÁGUA   FORNECIMENTO E INSTALAÇÃO. AF_06/2022","UN",46.38,89835,null,45.94,46.38]
[null,89836,"LUVA DE TRANSIÇÃO, CPVC, SOLDÁVEL, DN 54MM X 2 , INSTALADO EM PRUMADA DE ÁGUA   FORNECIMENTO E INSTALAÇÃO. AF_06/2022","UN",208.99,89836,null,208.55,208.99]
[null,89837,"UNIÃO, CPVC, SOLDÁVEL, DN 54MM, INSTALADO EM PRUMADA DE ÁGUA   FORNECIMENTO E INSTALAÇÃO. AF_06/2022","UN",140.19999999999999,89837,null,139.76,140.19999999999999]
[null,89838,"LUVA, CPVC, SOLDÁVEL, DN 73MM, INSTALADO EM PRUMADA DE ÁGUA   FORNECIMENTO E INSTALAÇÃO. AF_06/2022","UN",160.54,89838,null,159.94999999999999,160.54]
[null,89839,"UNIÃO, CPVC, SOLDÁVEL, DN 73MM, INSTALADO EM PRUMADA DE ÁGUA   FORNECIMENTO E INSTALAÇÃO. AF_06/2022","UN",182.02,89839,null,181.43,182.02]
[null,89840,"LUVA, CPVC, SOLDÁVEL, DN 89MM, INSTALADO EM PRUMADA DE ÁGUA   FORNECIMENTO E INSTALAÇÃO. AF_06/2022","UN",189.64,89840,null,188.93,189.64]
[null,89841,"UNIÃO, CPVC, SOLDÁVEL, DN 89MM, INSTALADO EM PRUMADA DE ÁGUA   FORNECIMENTO E INSTALAÇÃO. AF_06/2022","UN",276.77,89841,null,276.06,276.77]
[null,89842,"TÊ, CPVC, SOLDÁVEL, DN 35MM, INSTALADO EM PRUMADA DE ÁGUA   FORNECIMENTO E INSTALAÇÃO. AF_06/2022","UN",52.86,89842,null,52.26,52.86]
[null,89844,"TE, CPVC, SOLDÁVEL, DN  42MM, INSTALADO EM PRUMADA DE ÁGUA   FORNECIMENTO E INSTALAÇÃO. AF_06/2022","UN",66.58,89844,null,65.87,66.58]
[null,89845,"TÊ, CPVC, SOLDÁVEL, DN 54 MM, INSTALADO EM PRUMADA DE ÁGUA   FORNECIMENTO E INSTALAÇÃO. AF_06/2022","UN",104.39,89845,null,103.49,104.39]
[null,89846,"TÊ, CPVC, SOLDÁVEL, DN 73MM, INSTALADO EM PRUMADA DE ÁGUA   FORNECIMENTO E INSTALAÇÃO. AF_06/2022","UN",223.03,89846,null,221.85,223.03]
[null,89847,"TÊ, CPVC, SOLDÁVEL, DN 89MM, INSTALADO EM PRUMADA DE ÁGUA   FORNECIMENTO E INSTALAÇÃO. AF_06/2022","UN",266.94,89847,null,265.52999999999997,266.94]
[null,89850,"JOELHO 90 GRAUS, PVC, SERIE NORMAL, ESGOTO PREDIAL, DN 100 MM, JUNTA ELÁSTICA, FORNECIDO E INSTALADO EM SUBCOLETOR AÉREO DE ESGOTO SANITÁRIO. AF_08/2022","UN",31.39,89850,null,30.04,31.39]
[null,89851,"JOELHO 45 GRAUS, PVC, SERIE NORMAL, ESGOTO PREDIAL, DN 100 MM, JUNTA ELÁSTICA, FORNECIDO E INSTALADO EM SUBCOLETOR AÉREO DE ESGOTO SANITÁRIO. AF_08/2022","UN",32.229999999999997,89851,null,30.88,32.229999999999997]
[null,89852,"CURVA CURTA 90 GRAUS, PVC, SERIE NORMAL, ESGOTO PREDIAL, DN 100 MM, JUNTA ELÁSTICA, FORNECIDO E INSTALADO EM SUBCOLETOR AÉREO DE ESGOTO SANITÁRIO. AF_08/2022","UN",46.48,89852,null,45.13,46.48]
[null,89853,"CURVA LONGA 90 GRAUS, PVC, SERIE NORMAL, ESGOTO PREDIAL, DN 100 MM, JUNTA ELÁSTICA, FORNECIDO E INSTALADO EM SUBCOLETOR AÉREO DE ESGOTO SANITÁRIO. AF_08/2022","UN",81.66,89853,null,80.31,81.66]
[null,89854,"JOELHO 90 GRAUS, PVC, SERIE NORMAL, ESGOTO PREDIAL, DN 150 MM, JUNTA ELÁSTICA, FORNECIDO E INSTALADO EM SUBCOLETOR AÉREO DE ESGOTO SANITÁRIO. AF_08/2022","UN",105.61,89854,null,103.84,105.61]
[null,89855,"JOELHO 45 GRAUS, PVC, SERIE NORMAL, ESGOTO PREDIAL, DN 150 MM, JUNTA ELÁSTICA, FORNECIDO E INSTALADO EM SUBCOLETOR AÉREO DE ESGOTO SANITÁRIO. AF_08/2022","UN",110.84,89855,null,109.07,110.84]
[null,89856,"LUVA SIMPLES, PVC, SERIE NORMAL, ESGOTO PREDIAL, DN 100 MM, JUNTA ELÁSTICA, FORNECIDO E INSTALADO EM SUBCOLETOR AÉREO DE ESGOTO SANITÁRIO. AF_08/2022","UN",20.55,89856,null,19.649999999999999,20.55]
[null,89857,"LUVA DE CORRER, PVC, SERIE NORMAL, ESGOTO PREDIAL, DN 100 MM, JUNTA ELÁSTICA, FORNECIDO E INSTALADO EM SUBCOLETOR AÉREO DE ESGOTO SANITÁRIO. AF_08/2022","UN",37.29,89857,null,36.39,37.29]
[null,89860,"TE, PVC, SERIE NORMAL, ESGOTO PREDIAL, DN 100 X 100 MM, JUNTA ELÁSTICA, FORNECIDO E INSTALADO EM SUBCOLETOR AÉREO DE ESGOTO SANITÁRIO. AF_08/2022","UN",48.48,89860,null,46.68,48.48]
[null,89861,"JUNÇÃO SIMPLES, PVC, SERIE NORMAL, ESGOTO PREDIAL, DN 100 X 100 MM, JUNTA ELÁSTICA, FORNECIDO E INSTALADO EM SUBCOLETOR AÉREO DE ESGOTO SANITÁRIO. AF_08/2022","UN",56.55,89861,null,54.75,56.55]
[null,89866,"JOELHO 90 GRAUS, PVC, SOLDÁVEL, DN 25MM, INSTALADO EM DRENO DE AR-CONDICIONADO - FORNECIMENTO E INSTALAÇÃO. AF_08/2022","UN",7.04,89866,null,6.5,7.04]
[null,89867,"JOELHO 45 GRAUS, PVC, SOLDÁVEL, DN 25MM, INSTALADO EM DRENO DE AR-CONDICIONADO - FORNECIMENTO E INSTALAÇÃO. AF_08/2022","UN",7.75,89867,null,7.21,7.75]
[null,89868,"LUVA, PVC, SOLDÁVEL, DN 25MM, INSTALADO EM DRENO DE AR-CONDICIONADO - FORNECIMENTO E INSTALAÇÃO. AF_08/2022","UN",5.41,89868,null,5.05,5.41]
[null,89869,"TE, PVC, SOLDÁVEL, DN 25MM, INSTALADO EM DRENO DE AR-CONDICIONADO - FORNECIMENTO E INSTALAÇÃO. AF_08/2022","UN",9.82,89869,null,9.1,9.82]
[null,89979,"LUVA COM BUCHA DE LATÃO, PVC, SOLDÁVEL, DN 32MM X 1 , INSTALADO EM RAMAL OU SUB-RAMAL DE ÁGUA   FORNECIMENTO E INSTALAÇÃO. AF_06/2022","UN",22.72,89979,null,22.18,22.72]
[null,89981,"LUVA SOLDÁVEL E COM BUCHA DE LATÃO, PVC, SOLDÁVEL, DN 32MM X 1 , INSTALADO EM PRUMADA DE ÁGUA   FORNECIMENTO E INSTALAÇÃO. AF_06/2022","UN",19.920000000000002,89981,null,19.670000000000002,19.920000000000002]
[null,90373,"JOELHO 90 GRAUS COM BUCHA DE LATÃO, PVC, SOLDÁVEL, DN 25MM, X 1/2  INSTALADO EM RAMAL OU SUB-RAMAL DE ÁGUA - FORNECIMENTO E INSTALAÇÃO. AF_06/2022","UN",12.17,90373,null,11.53,12.17]
[null,90374,"TÊ COM BUCHA DE LATÃO NA BOLSA CENTRAL, PVC, SOLDÁVEL, DN 25MM X 3/4 , INSTALADO EM RAMAL OU SUB-RAMAL DE ÁGUA - FORNECIMENTO E INSTALAÇÃO. AF_06/2022","UN",20.63,90374,null,19.71,20.63]
[null,92287,"COTOVELO EM COBRE, DN 22 MM, 90 GRAUS, SEM ANEL DE SOLDA, INSTALADO EM PRUMADA DE HIDRÁULICA PREDIAL - FORNECIMENTO E INSTALAÇÃO. AF_04/2022","UN",17.41,92287,null,16.97,17.41]
[null,92288,"COTOVELO EM COBRE, DN 28 MM, 90 GRAUS, SEM ANEL DE SOLDA, INSTALADO EM PRUMADA DE HIDRÁULICA PREDIAL - FORNECIMENTO E INSTALAÇÃO. AF_04/2022","UN",27.55,92288,null,26.98,27.55]
[null,92289,"COTOVELO EM COBRE, DN 35 MM, 90 GRAUS, SEM ANEL DE SOLDA, INSTALADO EM PRUMADA DE HIDRÁULICA PREDIAL - FORNECIMENTO E INSTALAÇÃO. AF_04/2022","UN",49.01,92289,null,48.32,49.01]
[null,92290,"COTOVELO EM COBRE, DN 42 MM, 90 GRAUS, SEM ANEL DE SOLDA, INSTALADO EM PRUMADA DE HIDRÁULICA PREDIAL - FORNECIMENTO E INSTALAÇÃO. AF_04/2022","UN",74.430000000000007,92290,null,73.58,74.430000000000007]
[null,92291,"COTOVELO EM COBRE, DN 54 MM, 90 GRAUS, SEM ANEL DE SOLDA, INSTALADO EM PRUMADA DE HIDRÁULICA PREDIAL - FORNECIMENTO E INSTALAÇÃO. AF_04/2022","UN",115.49,92291,null,114.39,115.49]
[null,92292,"COTOVELO EM COBRE, DN 66 MM, 90 GRAUS, SEM ANEL DE SOLDA, INSTALADO EM PRUMADA DE HIDRÁULICA PREDIAL - FORNECIMENTO E INSTALAÇÃO. AF_04/2022","UN",359.34,92292,null,357.99,359.34]
[null,92293,"LUVA EM COBRE, DN 22 MM, SEM ANEL DE SOLDA, INSTALADO EM PRUMADA DE HIDRÁULICA PREDIAL - FORNECIMENTO E INSTALAÇÃO. AF_04/2022","UN",9.86,92293,null,9.57,9.86]
[null,92294,"LUVA EM COBRE, DN 28 MM, SEM ANEL DE SOLDA, INSTALADO EM PRUMADA DE HIDRÁULICA PREDIAL - FORNECIMENTO E INSTALAÇÃO. AF_04/2022","UN",16.78,92294,null,16.399999999999999,16.78]
[null,92295,"LUVA EM COBRE, DN 35 MM, SEM ANEL DE SOLDA, INSTALADO EM PRUMADA DE HIDRÁULICA PREDIAL - FORNECIMENTO E INSTALAÇÃO. AF_04/2022","UN",31.79,92295,null,31.32,31.79]
[null,92296,"LUVA EM COBRE, DN 42 MM, SEM ANEL DE SOLDA, INSTALADO EM PRUMADA DE HIDRÁULICA PREDIAL - FORNECIMENTO E INSTALAÇÃO. AF_04/2022","UN",42.16,92296,null,41.6,42.16]
[null,92297,"LUVA EM COBRE, DN 54 MM, SEM ANEL DE SOLDA, INSTALADO EM PRUMADA DE HIDRÁULICA PREDIAL - FORNECIMENTO E INSTALAÇÃO. AF_04/2022","UN",65.53,92297,null,64.8,65.53]
[null,92298,"LUVA EM COBRE, DN 66 MM, SEM ANEL DE SOLDA, INSTALADO EM PRUMADA DE HIDRÁULICA PREDIAL - FORNECIMENTO E INSTALAÇÃO. AF_04/2022","UN",184.98,92298,null,184.08,184.98]
[null,92299,"TE EM COBRE, DN 22 MM, SEM ANEL DE SOLDA, INSTALADO EM PRUMADA DE HIDRÁULICA PREDIAL - FORNECIMENTO E INSTALAÇÃO. AF_04/2022","UN",22.91,92299,null,22.32,22.91]
[null,92300,"TE EM COBRE, DN 28 MM, SEM ANEL DE SOLDA, INSTALADO EM PRUMADA DE HIDRÁULICA PREDIAL - FORNECIMENTO E INSTALAÇÃO. AF_04/2022","UN",34.99,92300,null,34.24,34.99]
[null,92301,"TE EM COBRE, DN 35 MM, SEM ANEL DE SOLDA, INSTALADO EM PRUMADA DE HIDRÁULICA PREDIAL - FORNECIMENTO E INSTALAÇÃO. AF_04/2022","UN",69.67,92301,null,68.73,69.67]
[null,92302,"TE EM COBRE, DN 42 MM, SEM ANEL DE SOLDA, INSTALADO EM PRUMADA DE HIDRÁULICA PREDIAL - FORNECIMENTO E INSTALAÇÃO. AF_04/2022","UN",92.13,92302,null,91,92.13]
[null,92303,"TE EM COBRE, DN 54 MM, SEM ANEL DE SOLDA, INSTALADO EM PRUMADA DE HIDRÁULICA PREDIAL - FORNECIMENTO E INSTALAÇÃO. AF_04/2022","UN",169.58,92303,null,168.11,169.58]
[null,92304,"TE EM COBRE, DN 66 MM, SEM ANEL DE SOLDA, INSTALADO EM PRUMADA DE HIDRÁULICA PREDIAL - FORNECIMENTO E INSTALAÇÃO. AF_04/2022","UN",441.76,92304,null,439.95,441.76]
[null,92311,"COTOVELO EM COBRE, DN 15 MM, 90 GRAUS, SEM ANEL DE SOLDA, INSTALADO EM RAMAL DE DISTRIBUIÇÃO   FORNECIMENTO E INSTALAÇÃO. AF_04/2022","UN",12.68,92311,null,12.01,12.68]
[null,92312,"COTOVELO EM COBRE, DN 22 MM, 90 GRAUS, SEM ANEL DE SOLDA, INSTALADO EM RAMAL DE DISTRIBUIÇÃO DE HIDRÁULICA PREDIAL - FORNECIMENTO E INSTALAÇÃO. AF_04/2022","UN",21.33,92312,null,20.49,21.33]
[null,92313,"COTOVELO EM COBRE, DN 28 MM, 90 GRAUS, SEM ANEL DE SOLDA, INSTALADO EM RAMAL DE DISTRIBUIÇÃO DE HIDRÁULICA PREDIAL - FORNECIMENTO E INSTALAÇÃO. AF_04/2022","UN",31.16,92313,null,30.22,31.16]
[null,92314,"LUVA EM COBRE, DN 15 MM, SEM ANEL DE SOLDA, INSTALADO EM RAMAL DE DISTRIBUIÇÃO DE HIDRÁULICA PREDIAL - FORNECIMENTO E INSTALAÇÃO. AF_04/2022","UN",8.48,92314,null,8,8.48]
[null,92315,"LUVA EM COBRE, DN 22 MM, SEM ANEL DE SOLDA, INSTALADO EM RAMAL DE DISTRIBUIÇÃO DE HIDRÁULICA PREDIAL - FORNECIMENTO E INSTALAÇÃO. AF_04/2022","UN",12.49,92315,null,11.92,12.49]
[null,92316,"LUVA EM COBRE, DN 28 MM, SEM ANEL DE SOLDA, INSTALADO EM RAMAL DE DISTRIBUIÇÃO DE HIDRÁULICA PREDIAL - FORNECIMENTO E INSTALAÇÃO. AF_04/2022","UN",19.2,92316,null,18.579999999999998,19.2]
[null,92317,"TE EM COBRE, DN 15 MM, SEM ANEL DE SOLDA, INSTALADO EM RAMAL DE DISTRIBUIÇÃO DE HIDRÁULICA PREDIAL - FORNECIMENTO E INSTALAÇÃO. AF_04/2022","UN",17.78,92317,null,16.809999999999999,17.78]
[null,92318,"TE EM COBRE, DN 22 MM, SEM ANEL DE SOLDA, INSTALADO EM RAMAL DE DISTRIBUIÇÃO DE HIDRÁULICA PREDIAL - FORNECIMENTO E INSTALAÇÃO. AF_04/2022","UN",28.14,92318,null,27.02,28.14]
[null,92319,"TE EM COBRE, DN 28 MM, SEM ANEL DE SOLDA, INSTALADO EM RAMAL DE DISTRIBUIÇÃO DE HIDRÁULICA PREDIAL - FORNECIMENTO E INSTALAÇÃO. AF_04/2022","UN",39.83,92319,null,38.58,39.83]
[null,92326,"COTOVELO EM COBRE, DN 15 MM, 90 GRAUS, SEM ANEL DE SOLDA, INSTALADO EM RAMAL E SUB-RAMAL DE HIDRÁULICA PREDIAL - FORNECIMENTO E INSTALAÇÃO. AF_04/2022","UN",{"$f":"IF($K$2=$H$1,H4291,I4291)","v":13.34},{"$f":"IF(LEN($B4291)=7,CONCATENATE(MID($B4291,1,6),\"00\",RIGHT($B4291,1)),IF(LEN($B4291)=8,CONCATENATE(MID($B4291,1,6),\"0\",RIGHT($B4291,2)),$B4291))","v":92326},null,12.58,13.34]
[null,92327,"COTOVELO EM COBRE, DN 22 MM, 90 GRAUS, SEM ANEL DE SOLDA, INSTALADO EM RAMAL E SUB-RAMAL DE HIDRÁULICA PREDIAL - FORNECIMENTO E INSTALAÇÃO. AF_04/2022","UN",24.25,92327,null,23.11,24.25]
[null,92328,"COTOVELO EM COBRE, DN 28 MM, 90 GRAUS, SEM ANEL DE SOLDA, INSTALADO EM RAMAL E SUB-RAMAL DE HIDRÁULICA PREDIAL - FORNECIMENTO E INSTALAÇÃO. AF_04/2022","UN",36.369999999999997,92328,null,34.9,36.369999999999997]
[null,92329,"LUVA EM COBRE, DN 15 MM, SEM ANEL DE SOLDA, INSTALADO EM RAMAL E SUB-RAMAL DE HIDRÁULICA PREDIAL - FORNECIMENTO E INSTALAÇÃO. AF_04/2022","UN",8.65,92329,null,8.15,8.65]
[null,92330,"LUVA EM COBRE, DN 22 MM, SEM ANEL DE SOLDA, INSTALADO EM RAMAL E SUB-RAMAL DE HIDRÁULICA PREDIAL - FORNECIMENTO E INSTALAÇÃO. AF_04/2022","UN",14.46,92330,null,13.69,14.46]
[null,92331,"LUVA EM COBRE, DN 28 MM, SEM ANEL DE SOLDA, INSTALADO EM RAMAL E SUB-RAMAL DE HIDRÁULICA PREDIAL - FORNECIMENTO E INSTALAÇÃO. AF_04/2022","UN",22.7,92331,null,21.72,22.7]
[null,92332,"TE EM COBRE, DN 15 MM, SEM ANEL DE SOLDA, INSTALADO EM RAMAL E SUB-RAMAL DE HIDRÁULICA PREDIAL - FORNECIMENTO E INSTALAÇÃO. AF_04/2022","UN",18.11,92332,null,17.11,18.11]
[null,92333,"TE EM COBRE, DN 22 MM, SEM ANEL DE SOLDA, INSTALADO EM RAMAL E SUB-RAMAL DE HIDRÁULICA PREDIAL - FORNECIMENTO E INSTALAÇÃO. AF_04/2022","UN",32.04,92333,null,30.51,32.04]
[null,92334,"TE EM COBRE, DN 28 MM, SEM ANEL DE SOLDA, INSTALADO EM RAMAL E SUB-RAMAL DE HIDRÁULICA PREDIAL - FORNECIMENTO E INSTALAÇÃO. AF_04/2022","UN",46.77,92334,null,44.81,46.77]
[null,92344,"NIPLE, EM FERRO GALVANIZADO, DN 50 (2\"), CONEXÃO ROSQUEADA, INSTALADO EM PRUMADAS - FORNECIMENTO E INSTALAÇÃO. AF_10/2020","UN",59.03,92344,null,55.88,59.03]
[null,92345,"LUVA, EM FERRO GALVANIZADO, DN 50 (2\"), CONEXÃO ROSQUEADA, INSTALADO EM PRUMADAS - FORNECIMENTO E INSTALAÇÃO. AF_10/2020","UN",59.01,92345,null,55.86,59.01]
[null,92346,"NIPLE, EM FERRO GALVANIZADO, DN 65 (2 1/2\"), CONEXÃO ROSQUEADA, INSTALADO EM PRUMADAS - FORNECIMENTO E INSTALAÇÃO. AF_10/2020","UN",76.95,92346,null,73.53,76.95]
[null,92347,"LUVA, EM FERRO GALVANIZADO, DN 65 (2 1/2\"), CONEXÃO ROSQUEADA, INSTALADO EM PRUMADAS - FORNECIMENTO E INSTALAÇÃO. AF_10/2020","UN",85.29,92347,null,81.87,85.29]
[null,92348,"NIPLE, EM FERRO GALVANIZADO, DN 80 (3\"), CONEXÃO ROSQUEADA, INSTALADO EM PRUMADAS - FORNECIMENTO E INSTALAÇÃO. AF_10/2020","UN",107.02,92348,null,103.33,107.02]
[null,92349,"LUVA, EM FERRO GALVANIZADO, DN 80 (3\"), CONEXÃO ROSQUEADA, INSTALADO EM PRUMADAS - FORNECIMENTO E INSTALAÇÃO. AF_10/2020","UN",114.44,92349,null,110.75,114.44]
[null,92350,"JOELHO 45 GRAUS, EM FERRO GALVANIZADO, DN 50 (2\"), CONEXÃO ROSQUEADA, INSTALADO EM PRUMADAS - FORNECIMENTO E INSTALAÇÃO. AF_10/2020","UN",87.82,92350,null,83.1,87.82]
[null,92351,"JOELHO 90 GRAUS, EM FERRO GALVANIZADO, DN 50 (2\"), CONEXÃO ROSQUEADA, INSTALADO EM PRUMADAS - FORNECIMENTO E INSTALAÇÃO. AF_10/2020","UN",85.96,92351,null,81.239999999999995,85.96]
[null,92352,"JOELHO 45 GRAUS, EM FERRO GALVANIZADO, DN 65 (2 1/2\"), CONEXÃO ROSQUEADA, INSTALADO EM PRUMADAS - FORNECIMENTO E INSTALAÇÃO. AF_10/2020","UN",131.4,92352,null,126.27,131.4]
[null,92353,"JOELHO 90 GRAUS, EM FERRO GALVANIZADO, DN 65 (2 1/2\"), CONEXÃO ROSQUEADA, INSTALADO EM PRUMADAS - FORNECIMENTO E INSTALAÇÃO. AF_10/2020","UN",123.24,92353,null,118.11,123.24]
[null,92354,"JOELHO 45 GRAUS, EM FERRO GALVANIZADO, DN 80 (3\"), CONEXÃO ROSQUEADA, INSTALADO EM PRUMADAS - FORNECIMENTO E INSTALAÇÃO. AF_10/2020","UN",173.29,92354,null,167.74,173.29]
[null,92355,"JOELHO 90 GRAUS, EM FERRO GALVANIZADO, DN 80 (3\"), CONEXÃO ROSQUEADA, INSTALADO EM PRUMADAS - FORNECIMENTO E INSTALAÇÃO. AF_10/2020","UN",157.56,92355,null,152.01,157.56]
[null,92356,"TÊ, EM FERRO GALVANIZADO, DN 50 (2\"), CONEXÃO ROSQUEADA, INSTALADO EM PRUMADAS - FORNECIMENTO E INSTALAÇÃO. AF_10/2020","UN",114.6,92356,null,108.31,114.6]
[null,92357,"TÊ, EM FERRO GALVANIZADO, DN 65 (2 1/2\"), CONEXÃO ROSQUEADA, INSTALADO EM PRUMADAS - FORNECIMENTO E INSTALAÇÃO. AF_10/2020","UN",168.45,92357,null,161.6,168.45]
[null,92358,"TÊ, EM FERRO GALVANIZADO, DN 80 (3\"), CONEXÃO ROSQUEADA, INSTALADO EM PRUMADAS - FORNECIMENTO E INSTALAÇÃO. AF_10/2020","UN",208.58,92358,null,201.18,208.58]
[null,92369,"NIPLE, EM FERRO GALVANIZADO, DN 25 (1\"), CONEXÃO ROSQUEADA, INSTALADO EM REDE DE ALIMENTAÇÃO PARA HIDRANTE - FORNECIMENTO E INSTALAÇÃO. AF_10/2020","UN",32.42,92369,null,30.03,32.42]
[null,92370,"LUVA, EM FERRO GALVANIZADO, DN 25 (1\"), CONEXÃO ROSQUEADA, INSTALADO EM REDE DE ALIMENTAÇÃO PARA HIDRANTE - FORNECIMENTO E INSTALAÇÃO. AF_10/2020","UN",33.92,92370,null,31.53,33.92]
[null,92371,"NIPLE, EM FERRO GALVANIZADO, DN 32 (1 1/4\"), CONEXÃO ROSQUEADA, INSTALADO EM REDE DE ALIMENTAÇÃO PARA HIDRANTE - FORNECIMENTO E INSTALAÇÃO. AF_10/2020","UN",38.950000000000003,92371,null,36.35,38.950000000000003]
[null,92372,"LUVA, EM FERRO GALVANIZADO, DN 32 (1 1/4\"), CONEXÃO ROSQUEADA, INSTALADO EM REDE DE ALIMENTAÇÃO PARA HIDRANTE - FORNECIMENTO E INSTALAÇÃO. AF_10/2020","UN",40.340000000000003,92372,null,37.74,40.340000000000003]
[null,92373,"NIPLE, EM FERRO GALVANIZADO, DN 40 (1 1/2\"), CONEXÃO ROSQUEADA, INSTALADO EM REDE DE ALIMENTAÇÃO PARA HIDRANTE - FORNECIMENTO E INSTALAÇÃO. AF_10/2020","UN",45.83,92373,null,42.98,45.83]
[null,92374,"LUVA, EM FERRO GALVANIZADO, DN 40 (1 1/2\"), CONEXÃO ROSQUEADA, INSTALADO EM REDE DE ALIMENTAÇÃO PARA HIDRANTE - FORNECIMENTO E INSTALAÇÃO. AF_10/2020","UN",46.1,92374,null,43.25,46.1]
[null,92375,"NIPLE, EM FERRO GALVANIZADO, DN 50 (2\"), CONEXÃO ROSQUEADA, INSTALADO EM REDE DE ALIMENTAÇÃO PARA HIDRANTE - FORNECIMENTO E INSTALAÇÃO. AF_10/2020","UN",58.99,92375,null,55.85,58.99]
[null,92376,"LUVA, EM FERRO GALVANIZADO, DN 50 (2\"), CONEXÃO ROSQUEADA, INSTALADO EM REDE DE ALIMENTAÇÃO PARA HIDRANTE - FORNECIMENTO E INSTALAÇÃO. AF_10/2020","UN",58.97,92376,null,55.83,58.97]
[null,92377,"NIPLE, EM FERRO GALVANIZADO, DN 65 (2 1/2\"), CONEXÃO ROSQUEADA, INSTALADO EM REDE DE ALIMENTAÇÃO PARA HIDRANTE - FORNECIMENTO E INSTALAÇÃO. AF_10/2020","UN",78.53,92377,null,74.94,78.53]
[null,92378,"LUVA, EM FERRO GALVANIZADO, DN 65 (2 1/2\"), CONEXÃO ROSQUEADA, INSTALADO EM REDE DE ALIMENTAÇÃO PARA HIDRANTE - FORNECIMENTO E INSTALAÇÃO. AF_10/2020","UN",86.87,92378,null,83.28,86.87]
[null,92379,"NIPLE, EM FERRO GALVANIZADO, DN 80 (3\"), CONEXÃO ROSQUEADA, INSTALADO EM REDE DE ALIMENTAÇÃO PARA HIDRANTE - FORNECIMENTO E INSTALAÇÃO. AF_10/2020","UN",110.28,92379,null,106.23,110.28]
[null,92380,"LUVA, EM FERRO GALVANIZADO, DN 80 (3\"), CONEXÃO ROSQUEADA, INSTALADO EM REDE DE ALIMENTAÇÃO PARA HIDRANTE - FORNECIMENTO E INSTALAÇÃO. AF_10/2020","UN",117.7,92380,null,113.65,117.7]
[null,92381,"JOELHO 45 GRAUS, EM FERRO GALVANIZADO, DN 25 (1\"), CONEXÃO ROSQUEADA, INSTALADO EM REDE DE ALIMENTAÇÃO PARA HIDRANTE - FORNECIMENTO E INSTALAÇÃO. AF_10/2020","UN",49.05,92381,null,45.47,49.05]
[null,92382,"JOELHO 90 GRAUS, EM FERRO GALVANIZADO, DN 25 (1\"), CONEXÃO ROSQUEADA, INSTALADO EM REDE DE ALIMENTAÇÃO PARA HIDRANTE - FORNECIMENTO E INSTALAÇÃO. AF_10/2020","UN",47.06,92382,null,43.48,47.06]
[null,92383,"JOELHO 45 GRAUS, EM FERRO GALVANIZADO, DN 32 (1 1/4\"), CONEXÃO ROSQUEADA, INSTALADO EM REDE DE ALIMENTAÇÃO PARA HIDRANTE - FORNECIMENTO E INSTALAÇÃO. AF_10/2020","UN",61.27,92383,null,57.37,61.27]
[null,92384,"JOELHO 90 GRAUS, EM FERRO GALVANIZADO, DN 32 (1 1/4\"), CONEXÃO ROSQUEADA, INSTALADO EM REDE DE ALIMENTAÇÃO PARA HIDRANTE - FORNECIMENTO E INSTALAÇÃO. AF_10/2020","UN",57.31,92384,null,53.41,57.31]
[null,92385,"JOELHO 45 GRAUS, EM FERRO GALVANIZADO, DN 40 (1 1/2\"), CONEXÃO ROSQUEADA, INSTALADO EM REDE DE ALIMENTAÇÃO PARA HIDRANTE - FORNECIMENTO E INSTALAÇÃO. AF_10/2020","UN",70.06,92385,null,65.8,70.06]
[null,92386,"JOELHO 90 GRAUS, EM FERRO GALVANIZADO, DN 40 (1 1/2\"), CONEXÃO ROSQUEADA, INSTALADO EM REDE DE ALIMENTAÇÃO PARA HIDRANTE - FORNECIMENTO E INSTALAÇÃO. AF_10/2020","UN",67.33,92386,null,63.07,67.33]
[null,92387,"JOELHO 45 GRAUS, EM FERRO GALVANIZADO, DN 50 (2\"), CONEXÃO ROSQUEADA, INSTALADO EM REDE DE ALIMENTAÇÃO PARA HIDRANTE - FORNECIMENTO E INSTALAÇÃO. AF_10/2020","UN",87.73,92387,null,83.03,87.73]
[null,92388,"JOELHO 90 GRAUS, EM FERRO GALVANIZADO, DN 50 (2\"), CONEXÃO ROSQUEADA, INSTALADO EM REDE DE ALIMENTAÇÃO PARA HIDRANTE - FORNECIMENTO E INSTALAÇÃO. AF_10/2020","UN",85.87,92388,null,81.17,85.87]
[null,92389,"JOELHO 45 GRAUS, EM FERRO GALVANIZADO, DN 65 (2 1/2\"), CONEXÃO ROSQUEADA, INSTALADO EM REDE DE ALIMENTAÇÃO PARA HIDRANTE - FORNECIMENTO E INSTALAÇÃO. AF_10/2020","UN",133.82,92389,null,128.44,133.82]
[null,92390,"JOELHO 90 GRAUS, EM FERRO GALVANIZADO, DN 65 (2 1/2\"), CONEXÃO ROSQUEADA, INSTALADO EM REDE DE ALIMENTAÇÃO PARA HIDRANTE - FORNECIMENTO E INSTALAÇÃO. AF_10/2020","UN",125.66,92390,null,120.28,125.66]
[null,92635,"JOELHO 45 GRAUS, EM FERRO GALVANIZADO, CONEXÃO ROSQUEADA, DN 80 (3\"), INSTALADO EM REDE DE ALIMENTAÇÃO PARA HIDRANTE - FORNECIMENTO E INSTALAÇÃO. AF_10/2020","UN",178.17,92635,null,172.1,178.17]
[null,92636,"JOELHO 90 GRAUS, EM FERRO GALVANIZADO, CONEXÃO ROSQUEADA, DN 80 (3\"), INSTALADO EM REDE DE ALIMENTAÇÃO PARA HIDRANTE - FORNECIMENTO E INSTALAÇÃO. AF_10/2020","UN",162.44,92636,null,156.37,162.44]
[null,92637,"TÊ, EM FERRO GALVANIZADO, CONEXÃO ROSQUEADA, DN 25 (1\"), INSTALADO EM REDE DE ALIMENTAÇÃO PARA HIDRANTE - FORNECIMENTO E INSTALAÇÃO. AF_10/2020","UN",63.52,92637,null,58.74,63.52]
[null,92638,"TÊ, EM FERRO GALVANIZADO, CONEXÃO ROSQUEADA, DN 32 (1 1/4\"), INSTALADO EM REDE DE ALIMENTAÇÃO PARA HIDRANTE - FORNECIMENTO E INSTALAÇÃO. AF_10/2020","UN",76.930000000000007,92638,null,71.73,76.930000000000007]
[null,92639,"TÊ, EM FERRO GALVANIZADO, CONEXÃO ROSQUEADA, DN 40 (1 1/2\"), INSTALADO EM REDE DE ALIMENTAÇÃO PARA HIDRANTE - FORNECIMENTO E INSTALAÇÃO. AF_10/2020","UN",88.74,92639,null,83.05,88.74]
[null,92640,"TÊ, EM FERRO GALVANIZADO, CONEXÃO ROSQUEADA, DN 50 (2\"), INSTALADO EM REDE DE ALIMENTAÇÃO PARA HIDRANTE - FORNECIMENTO E INSTALAÇÃO. AF_10/2020","UN",114.47,92640,null,108.19,114.47]
[null,92642,"TÊ, EM FERRO GALVANIZADO, CONEXÃO ROSQUEADA, DN 65 (2 1/2\"), INSTALADO EM REDE DE ALIMENTAÇÃO PARA HIDRANTE - FORNECIMENTO E INSTALAÇÃO. AF_10/2020","UN",171.61,92642,null,164.43,171.61]
[null,92644,"TÊ, EM FERRO GALVANIZADO, CONEXÃO ROSQUEADA, DN 80 (3\"), INSTALADO EM REDE DE ALIMENTAÇÃO PARA HIDRANTE - FORNECIMENTO E INSTALAÇÃO. AF_10/2020","UN",215.09,92644,null,207,215.09]
[null,92657,"NIPLE, EM FERRO GALVANIZADO, CONEXÃO ROSQUEADA, DN 25 (1\"), INSTALADO EM REDE DE ALIMENTAÇÃO PARA SPRINKLER - FORNECIMENTO E INSTALAÇÃO. AF_10/2020","UN",23.64,92657,null,22.17,23.64]
[null,92658,"LUVA, EM FERRO GALVANIZADO, CONEXÃO ROSQUEADA, DN 25 (1\"), INSTALADO EM REDE DE ALIMENTAÇÃO PARA SPRINKLER - FORNECIMENTO E INSTALAÇÃO. AF_10/2020","UN",25.14,92658,null,23.67,25.14]
[null,92659,"NIPLE, EM FERRO GALVANIZADO, CONEXÃO ROSQUEADA, DN 32 (1 1/4\"), INSTALADO EM REDE DE ALIMENTAÇÃO PARA SPRINKLER - FORNECIMENTO E INSTALAÇÃO. AF_10/2020","UN",28.96,92659,null,27.41,28.96]
[null,92660,"LUVA, EM FERRO GALVANIZADO, CONEXÃO ROSQUEADA, DN 32 (1 1/4\"), INSTALADO EM REDE DE ALIMENTAÇÃO PARA SPRINKLER - FORNECIMENTO E INSTALAÇÃO. AF_10/2020","UN",30.35,92660,null,28.8,30.35]
[null,92661,"NIPLE, EM FERRO GALVANIZADO, CONEXÃO ROSQUEADA, DN 40 (1 1/2\"), INSTALADO EM REDE DE ALIMENTAÇÃO PARA SPRINKLER - FORNECIMENTO E INSTALAÇÃO. AF_10/2020","UN",34.450000000000003,92661,null,32.799999999999997,34.450000000000003]
[null,92662,"LUVA, EM FERRO GALVANIZADO, CONEXÃO ROSQUEADA, DN 40 (1 1/2\"), INSTALADO EM REDE DE ALIMENTAÇÃO PARA SPRINKLER - FORNECIMENTO E INSTALAÇÃO. AF_10/2020","UN",34.72,92662,null,33.07,34.72]
[null,92663,"NIPLE, EM FERRO GALVANIZADO, CONEXÃO ROSQUEADA, DN 50 (2\"), INSTALADO EM REDE DE ALIMENTAÇÃO PARA SPRINKLER - FORNECIMENTO E INSTALAÇÃO. AF_10/2020","UN",45.88,92663,null,44.12,45.88]
[null,92664,"LUVA, EM FERRO GALVANIZADO, CONEXÃO ROSQUEADA, DN 50 (2\"), INSTALADO EM REDE DE ALIMENTAÇÃO PARA SPRINKLER - FORNECIMENTO E INSTALAÇÃO. AF_10/2020","UN",45.86,92664,null,44.1,45.86]
[null,92665,"NIPLE, EM FERRO GALVANIZADO, CONEXÃO ROSQUEADA, DN 65 (2 1/2\"), INSTALADO EM REDE DE ALIMENTAÇÃO PARA SPRINKLER - FORNECIMENTO E INSTALAÇÃO. AF_10/2020","UN",62.82,92665,null,60.88,62.82]
[null,92666,"LUVA, EM FERRO GALVANIZADO, CONEXÃO ROSQUEADA, DN 65 (2 1/2\"), INSTALADO EM REDE DE ALIMENTAÇÃO PARA SPRINKLER - FORNECIMENTO E INSTALAÇÃO. AF_10/2020","UN",71.16,92666,null,69.22,71.16]
[null,92667,"NIPLE, EM FERRO GALVANIZADO, CONEXÃO ROSQUEADA, DN 80 (3\"), INSTALADO EM REDE DE ALIMENTAÇÃO PARA SPRINKLER - FORNECIMENTO E INSTALAÇÃO. AF_10/2020","UN",{"$f":"IF($K$2=$H$1,H4355,I4355)","v":92.02},{"$f":"IF(LEN($B4355)=7,CONCATENATE(MID($B4355,1,6),\"00\",RIGHT($B4355,1)),IF(LEN($B4355)=8,CONCATENATE(MID($B4355,1,6),\"0\",RIGHT($B4355,2)),$B4355))","v":92667},null,89.89,92.02]
[null,92668,"LUVA, EM FERRO GALVANIZADO, CONEXÃO ROSQUEADA, DN 80 (3\"), INSTALADO EM REDE DE ALIMENTAÇÃO PARA SPRINKLER - FORNECIMENTO E INSTALAÇÃO. AF_10/2020","UN",99.44,92668,null,97.31,99.44]
[null,92669,"JOELHO 45 GRAUS, EM FERRO GALVANIZADO, CONEXÃO ROSQUEADA, DN 25 (1\"), INSTALADO EM REDE DE ALIMENTAÇÃO PARA SPRINKLER - FORNECIMENTO E INSTALAÇÃO. AF_10/2020","UN",35.86,92669,null,33.659999999999997,35.86]
[null,92670,"JOELHO 90 GRAUS, EM FERRO GALVANIZADO, CONEXÃO ROSQUEADA, DN 25 (1\"), INSTALADO EM REDE DE ALIMENTAÇÃO PARA SPRINKLER - FORNECIMENTO E INSTALAÇÃO. AF_10/2020","UN",33.869999999999997,92670,null,31.67,33.869999999999997]
[null,92671,"JOELHO 45 GRAUS, EM FERRO GALVANIZADO, CONEXÃO ROSQUEADA, DN 32 (1 1/4\"), INSTALADO EM REDE DE ALIMENTAÇÃO PARA SPRINKLER - FORNECIMENTO E INSTALAÇÃO. AF_10/2020","UN",46.3,92671,null,43.98,46.3]
[null,92672,"JOELHO 90 GRAUS, EM FERRO GALVANIZADO, CONEXÃO ROSQUEADA, DN 32 (1 1/4\"), INSTALADO EM REDE DE ALIMENTAÇÃO PARA SPRINKLER - FORNECIMENTO E INSTALAÇÃO. AF_10/2020","UN",42.34,92672,null,40.020000000000003,42.34]
[null,92673,"JOELHO 45 GRAUS, EM FERRO GALVANIZADO, CONEXÃO ROSQUEADA, DN 40 (1 1/2\"), INSTALADO EM REDE DE ALIMENTAÇÃO PARA SPRINKLER - FORNECIMENTO E INSTALAÇÃO. AF_10/2020","UN",53,92673,null,50.53,53]
[null,92674,"JOELHO 90 GRAUS, EM FERRO GALVANIZADO, CONEXÃO ROSQUEADA, DN 40 (1 1/2\"), INSTALADO EM REDE DE ALIMENTAÇÃO PARA SPRINKLER - FORNECIMENTO E INSTALAÇÃO. AF_10/2020","UN",50.27,92674,null,47.8,50.27]
[null,92675,"JOELHO 45 GRAUS, EM FERRO GALVANIZADO, CONEXÃO ROSQUEADA, DN 50 (2\"), INSTALADO EM REDE DE ALIMENTAÇÃO PARA SPRINKLER - FORNECIMENTO E INSTALAÇÃO. AF_10/2020","UN",68.12,92675,null,65.48,68.12]
[null,92676,"JOELHO 90 GRAUS, EM FERRO GALVANIZADO, CONEXÃO ROSQUEADA, DN 50 (2\"), INSTALADO EM REDE DE ALIMENTAÇÃO PARA SPRINKLER - FORNECIMENTO E INSTALAÇÃO. AF_10/2020","UN",66.260000000000005,92676,null,63.62,66.260000000000005]
[null,92677,"JOELHO 45 GRAUS, EM FERRO GALVANIZADO, CONEXÃO ROSQUEADA, DN 65 (2 1/2\"), INSTALADO EM REDE DE ALIMENTAÇÃO PARA SPRINKLER - FORNECIMENTO E INSTALAÇÃO. AF_10/2020","UN",110.31,92677,null,107.39,110.31]
[null,92678,"JOELHO 90 GRAUS, EM FERRO GALVANIZADO, CONEXÃO ROSQUEADA, DN 65 (2 1/2\"), INSTALADO EM REDE DE ALIMENTAÇÃO PARA SPRINKLER - FORNECIMENTO E INSTALAÇÃO. AF_10/2020","UN",102.15,92678,null,99.23,102.15]
[null,92679,"JOELHO 45 GRAUS, EM FERRO GALVANIZADO, CONEXÃO ROSQUEADA, DN 80 (3\"), INSTALADO EM REDE DE ALIMENTAÇÃO PARA SPRINKLER - FORNECIMENTO E INSTALAÇÃO. AF_10/2020","UN",150.80000000000001,92679,null,147.6,150.80000000000001]
[null,92680,"JOELHO 90 GRAUS, EM FERRO GALVANIZADO, CONEXÃO ROSQUEADA, DN 80 (3\"), INSTALADO EM REDE DE ALIMENTAÇÃO PARA SPRINKLER - FORNECIMENTO E INSTALAÇÃO. AF_10/2020","UN",135.07,92680,null,131.87,135.07]
[null,92681,"TÊ, EM FERRO GALVANIZADO, CONEXÃO ROSQUEADA, DN 25 (1\"), INSTALADO EM REDE DE ALIMENTAÇÃO PARA SPRINKLER - FORNECIMENTO E INSTALAÇÃO. AF_10/2020","UN",45.91,92681,null,42.98,45.91]
[null,92682,"TÊ, EM FERRO GALVANIZADO, CONEXÃO ROSQUEADA, DN 32 (1 1/4\"), INSTALADO EM REDE DE ALIMENTAÇÃO PARA SPRINKLER - FORNECIMENTO E INSTALAÇÃO. AF_10/2020","UN",56.9,92682,null,53.8,56.9]
[null,92683,"TÊ, EM FERRO GALVANIZADO, CONEXÃO ROSQUEADA, DN 40 (1 1/2\"), INSTALADO EM REDE DE ALIMENTAÇÃO PARA SPRINKLER - FORNECIMENTO E INSTALAÇÃO. AF_10/2020","UN",66.010000000000005,92683,null,62.72,66.010000000000005]
[null,92684,"TÊ, EM FERRO GALVANIZADO, CONEXÃO ROSQUEADA, DN 50 (2\"), INSTALADO EM REDE DE ALIMENTAÇÃO PARA SPRINKLER - FORNECIMENTO E INSTALAÇÃO. AF_10/2020","UN",88.3,92684,null,84.77,88.3]
[null,92685,"TÊ, EM FERRO GALVANIZADO, CONEXÃO ROSQUEADA, DN 65 (2 1/2\"), INSTALADO EM REDE DE ALIMENTAÇÃO PARA SPRINKLER - FORNECIMENTO E INSTALAÇÃO. AF_10/2020","UN",140.29,92685,null,136.4,140.29]
[null,92686,"TÊ, EM FERRO GALVANIZADO, CONEXÃO ROSQUEADA, DN 80 (3\"), INSTALADO EM REDE DE ALIMENTAÇÃO PARA SPRINKLER - FORNECIMENTO E INSTALAÇÃO. AF_10/2020","UN",178.56,92686,null,174.31,178.56]
[null,92692,"NIPLE, EM FERRO GALVANIZADO, CONEXÃO ROSQUEADA, DN 15 (1/2\"), INSTALADO EM RAMAIS E SUB-RAMAIS DE GÁS - FORNECIMENTO E INSTALAÇÃO. AF_10/2020","UN",12.79,92692,null,11.95,12.79]
[null,92693,"LUVA, EM FERRO GALVANIZADO, CONEXÃO ROSQUEADA, DN 15 (1/2\"), INSTALADO EM RAMAIS E SUB-RAMAIS DE GÁS - FORNECIMENTO E INSTALAÇÃO. AF_10/2020","UN",13.12,92693,null,12.28,13.12]
[null,92694,"NIPLE, EM FERRO GALVANIZADO, CONEXÃO ROSQUEADA, DN 20 (3/4\"), INSTALADO EM RAMAIS E SUB-RAMAIS DE GÁS - FORNECIMENTO E INSTALAÇÃO. AF_10/2020","UN",20.39,92694,null,18.95,20.39]
[null,92695,"LUVA, EM FERRO GALVANIZADO, CONEXÃO ROSQUEADA, DN 20 (3/4\"), INSTALADO EM RAMAIS E SUB-RAMAIS DE GÁS - FORNECIMENTO E INSTALAÇÃO. AF_10/2020","UN",20.73,92695,null,19.29,20.73]
[null,92696,"NIPLE, EM FERRO GALVANIZADO, CONEXÃO ROSQUEADA, DN 25 (1\"), INSTALADO EM RAMAIS E SUB-RAMAIS DE GÁS - FORNECIMENTO E INSTALAÇÃO. AF_10/2020","UN",32.049999999999997,92696,null,29.69,32.049999999999997]
[null,92697,"LUVA, EM FERRO GALVANIZADO, CONEXÃO ROSQUEADA, DN 25 (1\"), INSTALADO EM RAMAIS E SUB-RAMAIS DE GÁS - FORNECIMENTO E INSTALAÇÃO. AF_10/2020","UN",33.549999999999997,92697,null,31.19,33.549999999999997]
[null,92698,"JOELHO 45 GRAUS, EM FERRO GALVANIZADO, CONEXÃO ROSQUEADA, DN 15 (1/2\"), INSTALADO EM RAMAIS E SUB-RAMAIS DE GÁS - FORNECIMENTO E INSTALAÇÃO. AF_10/2020","UN",18.91,92698,null,17.649999999999999,18.91]
[null,92699,"JOELHO 90 GRAUS, EM FERRO GALVANIZADO, CONEXÃO ROSQUEADA, DN 15 (1/2\"), INSTALADO EM RAMAIS E SUB-RAMAIS DE GÁS - FORNECIMENTO E INSTALAÇÃO. AF_10/2020","UN",17.82,92699,null,16.559999999999999,17.82]
[null,92700,"JOELHO 45 GRAUS, EM FERRO GALVANIZADO, CONEXÃO ROSQUEADA, DN 20 (3/4\"), INSTALADO EM RAMAIS E SUB-RAMAIS DE GÁS - FORNECIMENTO E INSTALAÇÃO. AF_10/2020","UN",30.94,92700,null,28.78,30.94]
[null,92701,"JOELHO 90 GRAUS, EM FERRO GALVANIZADO, CONEXÃO ROSQUEADA, DN 20 (3/4\"), INSTALADO EM RAMAIS E SUB-RAMAIS DE GÁS - FORNECIMENTO E INSTALAÇÃO. AF_10/2020","UN",29.33,92701,null,27.17,29.33]
[null,92702,"JOELHO 45 GRAUS, EM FERRO GALVANIZADO, CONEXÃO ROSQUEADA, DN 25 (1\"), INSTALADO EM RAMAIS E SUB-RAMAIS DE GÁS - FORNECIMENTO E INSTALAÇÃO. AF_10/2020","UN",48.54,92702,null,45.01,48.54]
[null,92703,"JOELHO 90 GRAUS, EM FERRO GALVANIZADO, CONEXÃO ROSQUEADA, DN 25 (1\"), INSTALADO EM RAMAIS E SUB-RAMAIS DE GÁS - FORNECIMENTO E INSTALAÇÃO. AF_10/2020","UN",46.55,92703,null,43.02,46.55]
[null,92704,"TÊ, EM FERRO GALVANIZADO, CONEXÃO ROSQUEADA, DN 15 (1/2\"), INSTALADO EM RAMAIS E SUB-RAMAIS DE GÁS - FORNECIMENTO E INSTALAÇÃO. AF_10/2020","UN",24,92704,null,22.31,24]
[null,92705,"TÊ, EM FERRO GALVANIZADO, CONEXÃO ROSQUEADA, DN 20 (3/4\"), INSTALADO EM RAMAIS E SUB-RAMAIS DE GÁS - FORNECIMENTO E INSTALAÇÃO. AF_10/2020","UN",38.81,92705,null,35.92,38.81]
[null,92706,"TÊ, EM FERRO GALVANIZADO, CONEXÃO ROSQUEADA, DN 25 (1\"), INSTALADO EM RAMAIS E SUB-RAMAIS DE GÁS - FORNECIMENTO E INSTALAÇÃO. AF_10/2020","UN",62.82,92706,null,58.12,62.82]
[null,92889,"UNIÃO, EM FERRO GALVANIZADO, DN 50 (2\"), CONEXÃO ROSQUEADA, INSTALADO EM PRUMADAS - FORNECIMENTO E INSTALAÇÃO. AF_10/2020","UN",113.16,92889,null,110.01,113.16]
[null,92890,"UNIÃO, EM FERRO GALVANIZADO, DN 65 (2 1/2\"), CONEXÃO ROSQUEADA, INSTALADO EM PRUMADAS - FORNECIMENTO E INSTALAÇÃO. AF_10/2020","UN",170.04,92890,null,166.62,170.04]
[null,92891,"UNIÃO, EM FERRO GALVANIZADO, DN 80 (3\"), CONEXÃO ROSQUEADA, INSTALADO EM PRUMADAS - FORNECIMENTO E INSTALAÇÃO. AF_10/2020","UN",247.87,92891,null,244.18,247.87]
[null,92892,"UNIÃO, EM FERRO GALVANIZADO, DN 25 (1\"), CONEXÃO ROSQUEADA, INSTALADO EM REDE DE ALIMENTAÇÃO PARA HIDRANTE - FORNECIMENTO E INSTALAÇÃO. AF_10/2020","UN",50.03,92892,null,47.64,50.03]
[null,92893,"UNIÃO, EM FERRO GALVANIZADO, DN 32 (1 1/4\"), CONEXÃO ROSQUEADA, INSTALADO EM REDE DE ALIMENTAÇÃO PARA HIDRANTE - FORNECIMENTO E INSTALAÇÃO. AF_10/2020","UN",70.3,92893,null,67.7,70.3]
[null,92894,"UNIÃO, EM FERRO GALVANIZADO, DN 40 (1 1/2\"), CONEXÃO ROSQUEADA, INSTALADO EM REDE DE ALIMENTAÇÃO PARA HIDRANTE - FORNECIMENTO E INSTALAÇÃO. AF_10/2020","UN",83.7,92894,null,80.849999999999994,83.7]
[null,92895,"UNIÃO, EM FERRO GALVANIZADO, DN 50 (2\"), CONEXÃO ROSQUEADA, INSTALADO EM REDE DE ALIMENTAÇÃO PARA HIDRANTE - FORNECIMENTO E INSTALAÇÃO. AF_10/2020","UN",113.12,92895,null,109.98,113.12]
[null,92896,"UNIÃO, EM FERRO GALVANIZADO, DN 65 (2 1/2\"), CONEXÃO ROSQUEADA, INSTALADO EM REDE DE ALIMENTAÇÃO PARA HIDRANTE - FORNECIMENTO E INSTALAÇÃO. AF_10/2020","UN",171.62,92896,null,168.03,171.62]
[null,92897,"UNIÃO, EM FERRO GALVANIZADO, DN 80 (3\"), CONEXÃO ROSQUEADA, INSTALADO EM REDE DE ALIMENTAÇÃO PARA HIDRANTE - FORNECIMENTO E INSTALAÇÃO. AF_10/2020","UN",251.13,92897,null,247.08,251.13]
[null,92898,"UNIÃO, EM FERRO GALVANIZADO, CONEXÃO ROSQUEADA, DN 25 (1\"), INSTALADO EM REDE DE ALIMENTAÇÃO PARA SPRINKLER - FORNECIMENTO E INSTALAÇÃO. AF_10/2020","UN",41.25,92898,null,39.78,41.25]
[null,92899,"UNIÃO, EM FERRO GALVANIZADO, CONEXÃO ROSQUEADA, DN 32 (1 1/4\"), INSTALADO EM REDE DE ALIMENTAÇÃO PARA SPRINKLER - FORNECIMENTO E INSTALAÇÃO. AF_10/2020","UN",60.31,92899,null,58.76,60.31]
[null,92900,"UNIÃO, EM FERRO GALVANIZADO, CONEXÃO ROSQUEADA, DN 40 (1 1/2\"), INSTALADO EM REDE DE ALIMENTAÇÃO PARA SPRINKLER - FORNECIMENTO E INSTALAÇÃO. AF_10/2020","UN",72.319999999999993,92900,null,70.67,72.319999999999993]
[null,92901,"UNIÃO, EM FERRO GALVANIZADO, CONEXÃO ROSQUEADA, DN 50 (2\"), INSTALADO EM REDE DE ALIMENTAÇÃO PARA SPRINKLER - FORNECIMENTO E INSTALAÇÃO. AF_10/2020","UN",100.01,92901,null,98.25,100.01]
[null,92902,"UNIÃO, EM FERRO GALVANIZADO, CONEXÃO ROSQUEADA, DN 65 (2 1/2\"), INSTALADO EM REDE DE ALIMENTAÇÃO PARA SPRINKLER - FORNECIMENTO E INSTALAÇÃO. AF_10/2020","UN",155.91,92902,null,153.97,155.91]
[null,92903,"UNIÃO, EM FERRO GALVANIZADO, CONEXÃO ROSQUEADA, DN 80 (3\"), INSTALADO EM REDE DE ALIMENTAÇÃO PARA SPRINKLER - FORNECIMENTO E INSTALAÇÃO. AF_10/2020","UN",232.87,92903,null,230.74,232.87]
[null,92904,"UNIÃO, EM FERRO GALVANIZADO, CONEXÃO ROSQUEADA, DN 15 (1/2\"), INSTALADO EM RAMAIS E SUB-RAMAIS DE GÁS - FORNECIMENTO E INSTALAÇÃO. AF_10/2020","UN",27.92,92904,null,27.08,27.92]
[null,92905,"UNIÃO, EM FERRO GALVANIZADO, CONEXÃO ROSQUEADA, DN 20 (3/4\"), INSTALADO EM RAMAIS E SUB-RAMAIS DE GÁS - FORNECIMENTO E INSTALAÇÃO. AF_10/2020","UN",40.14,92905,null,38.700000000000003,40.14]
[null,92906,"UNIÃO, EM FERRO GALVANIZADO, CONEXÃO ROSQUEADA, DN 25 (1\"), INSTALADO EM RAMAIS E SUB-RAMAIS DE GÁS - FORNECIMENTO E INSTALAÇÃO. AF_10/2020","UN",49.66,92906,null,47.3,49.66]
[null,92907,"LUVA DE REDUÇÃO, EM FERRO GALVANIZADO, 2\" X 1 1/2\", CONEXÃO ROSQUEADA, INSTALADO EM PRUMADAS - FORNECIMENTO E INSTALAÇÃO. AF_10/2020","UN",62.16,92907,null,59.01,62.16]
[null,92908,"LUVA DE REDUÇÃO, EM FERRO GALVANIZADO, 2\" X 1 1/4\", CONEXÃO ROSQUEADA, INSTALADO EM PRUMADAS - FORNECIMENTO E INSTALAÇÃO. AF_10/2020","UN",62.16,92908,null,59.01,62.16]
[null,92909,"LUVA DE REDUÇÃO, EM FERRO GALVANIZADO, 2\" X 1\", CONEXÃO ROSQUEADA, INSTALADO EM PRUMADAS - FORNECIMENTO E INSTALAÇÃO. AF_10/2020","UN",62.16,92909,null,59.01,62.16]
[null,92910,"LUVA DE REDUÇÃO, EM FERRO GALVANIZADO, 2 1/2\" X 1 1/2\", CONEXÃO ROSQUEADA, INSTALADO EM PRUMADAS - FORNECIMENTO E INSTALAÇÃO. AF_10/2020","UN",88.81,92910,null,85.39,88.81]
[null,92911,"LUVA DE REDUÇÃO, EM FERRO GALVANIZADO, 2 1/2\" X 2\", CONEXÃO ROSQUEADA, INSTALADO EM PRUMADAS - FORNECIMENTO E INSTALAÇÃO. AF_10/2020","UN",88.81,92911,null,85.39,88.81]
[null,92912,"LUVA DE REDUÇÃO, EM FERRO GALVANIZADO, 3\" X 1 1/2\", CONEXÃO ROSQUEADA, INSTALADO EM PRUMADAS - FORNECIMENTO E INSTALAÇÃO. AF_10/2020","UN",117.88,92912,null,114.46,117.88]
[null,92913,"LUVA DE REDUÇÃO, EM FERRO GALVANIZADO, 3\" X 2 1/2\", CONEXÃO ROSQUEADA, INSTALADO EM PRUMADAS - FORNECIMENTO E INSTALAÇÃO. AF_10/2020","UN",120.59,92913,null,116.9,120.59]
[null,92914,"LUVA DE REDUÇÃO, EM FERRO GALVANIZADO, 3\" X 2\", CONEXÃO ROSQUEADA, INSTALADO EM PRUMADAS - FORNECIMENTO E INSTALAÇÃO. AF_10/2020","UN",120.59,92914,null,116.9,120.59]
[null,92918,"LUVA DE REDUÇÃO, EM FERRO GALVANIZADO, 1\" X 1/2\", CONEXÃO ROSQUEADA, INSTALADO EM REDE DE ALIMENTAÇÃO PARA HIDRANTE - FORNECIMENTO E INSTALAÇÃO. AF_10/2020","UN",33.79,92918,null,31.4,33.79]
[null,92920,"LUVA DE REDUÇÃO, EM FERRO GALVANIZADO, 1\" X 3/4\", CONEXÃO ROSQUEADA, INSTALADO EM REDE DE ALIMENTAÇÃO PARA HIDRANTE - FORNECIMENTO E INSTALAÇÃO. AF_10/2020","UN",34,92920,null,31.61,34]
[null,92925,"LUVA DE REDUÇÃO, EM FERRO GALVANIZADO, 1 1/4\" X 1\", CONEXÃO ROSQUEADA, INSTALADO EM REDE DE ALIMENTAÇÃO PARA HIDRANTE - FORNECIMENTO E INSTALAÇÃO. AF_10/2020","UN",41.46,92925,null,38.86,41.46]
[null,92926,"LUVA DE REDUÇÃO, EM FERRO GALVANIZADO, 1 1/4\" X 1/2\", CONEXÃO ROSQUEADA, INSTALADO EM REDE DE ALIMENTAÇÃO PARA HIDRANTE - FORNECIMENTO E INSTALAÇÃO. AF_10/2020","UN",{"$f":"IF($K$2=$H$1,H4419,I4419)","v":41.45},{"$f":"IF(LEN($B4419)=7,CONCATENATE(MID($B4419,1,6),\"00\",RIGHT($B4419,1)),IF(LEN($B4419)=8,CONCATENATE(MID($B4419,1,6),\"0\",RIGHT($B4419,2)),$B4419))","v":92926},null,38.85,41.45]
[null,92927,"LUVA DE REDUÇÃO, EM FERRO GALVANIZADO, 1 1/4\" X 3/4\", CONEXÃO ROSQUEADA, INSTALADO EM REDE DE ALIMENTAÇÃO PARA HIDRANTE - FORNECIMENTO E INSTALAÇÃO. AF_10/2020","UN",41.45,92927,null,38.85,41.45]
[null,92928,"LUVA DE REDUÇÃO, EM FERRO GALVANIZADO, 1 1/2\" X 1 1/4\", CONEXÃO ROSQUEADA, INSTALADO EM REDE DE ALIMENTAÇÃO PARA HIDRANTE - FORNECIMENTO E INSTALAÇÃO. AF_10/2020","UN",47.26,92928,null,44.41,47.26]
[null,92929,"LUVA DE REDUÇÃO, EM FERRO GALVANIZADO, 1 1/2\" X 1\", CONEXÃO ROSQUEADA, INSTALADO EM REDE DE ALIMENTAÇÃO PARA HIDRANTE - FORNECIMENTO E INSTALAÇÃO. AF_10/2020","UN",47.26,92929,null,44.41,47.26]
[null,92930,"LUVA DE REDUÇÃO, EM FERRO GALVANIZADO, 1 1/2\" X 3/4\", CONEXÃO ROSQUEADA, INSTALADO EM REDE DE ALIMENTAÇÃO PARA HIDRANTE - FORNECIMENTO E INSTALAÇÃO. AF_10/2020","UN",47.26,92930,null,44.41,47.26]
[null,92931,"LUVA DE REDUÇÃO, EM FERRO GALVANIZADO, 2\" X 1 1/2\", CONEXÃO ROSQUEADA, INSTALADO EM REDE DE ALIMENTAÇÃO PARA HIDRANTE - FORNECIMENTO E INSTALAÇÃO. AF_10/2020","UN",62.12,92931,null,58.98,62.12]
[null,92932,"LUVA DE REDUÇÃO, EM FERRO GALVANIZADO, 2\" X 1 1/4\", CONEXÃO ROSQUEADA, INSTALADO EM REDE DE ALIMENTAÇÃO PARA HIDRANTE - FORNECIMENTO E INSTALAÇÃO. AF_10/2020","UN",62.12,92932,null,58.98,62.12]
[null,92933,"LUVA DE REDUÇÃO, EM FERRO GALVANIZADO, 2\" X 1\", CONEXÃO ROSQUEADA, INSTALADO EM REDE DE ALIMENTAÇÃO PARA HIDRANTE - FORNECIMENTO E INSTALAÇÃO. AF_10/2020","UN",62.12,92933,null,58.98,62.12]
[null,92934,"LUVA DE REDUÇÃO, EM FERRO GALVANIZADO, 2 1/2\" X 1 1/2\", CONEXÃO ROSQUEADA, INSTALADO EM REDE DE ALIMENTAÇÃO PARA HIDRANTE - FORNECIMENTO E INSTALAÇÃO. AF_10/2020","UN",90.39,92934,null,86.8,90.39]
[null,92935,"LUVA DE REDUÇÃO, EM FERRO GALVANIZADO, 2 1/2\" X 2\", CONEXÃO ROSQUEADA, INSTALADO EM REDE DE ALIMENTAÇÃO PARA HIDRANTE - FORNECIMENTO E INSTALAÇÃO. AF_10/2020","UN",90.39,92935,null,86.8,90.39]
[null,92936,"LUVA DE REDUÇÃO, EM FERRO GALVANIZADO, 3\" X 2 1/2\", CONEXÃO ROSQUEADA, INSTALADO EM REDE DE ALIMENTAÇÃO PARA HIDRANTE - FORNECIMENTO E INSTALAÇÃO. AF_10/2020","UN",123.85,92936,null,119.8,123.85]
[null,92937,"LUVA DE REDUÇÃO, EM FERRO GALVANIZADO, 3\" X 2\", CONEXÃO ROSQUEADA, INSTALADO EM REDE DE ALIMENTAÇÃO PARA HIDRANTE - FORNECIMENTO E INSTALAÇÃO. AF_10/2020","UN",123.85,92937,null,119.8,123.85]
[null,92938,"LUVA DE REDUÇÃO, EM FERRO GALVANIZADO, 1\" X 1/2\", CONEXÃO ROSQUEADA, INSTALADO EM REDE DE ALIMENTAÇÃO PARA SPRINKLER - FORNECIMENTO E INSTALAÇÃO. AF_10/2020","UN",25.01,92938,null,23.54,25.01]
[null,92939,"LUVA DE REDUÇÃO, EM FERRO GALVANIZADO, 1\" X 3/4\", CONEXÃO ROSQUEADA, INSTALADO EM REDE DE ALIMENTAÇÃO PARA SPRINKLER - FORNECIMENTO E INSTALAÇÃO. AF_10/2020","UN",25.22,92939,null,23.75,25.22]
[null,92940,"LUVA DE REDUÇÃO, EM FERRO GALVANIZADO, 1 1/4\" X 1\", CONEXÃO ROSQUEADA, INSTALADO EM REDE DE ALIMENTAÇÃO PARA SPRINKLER - FORNECIMENTO E INSTALAÇÃO. AF_10/2020","UN",31.47,92940,null,29.92,31.47]
[null,92941,"LUVA DE REDUÇÃO, EM FERRO GALVANIZADO, 1 1/4\" X 1/2\", CONEXÃO ROSQUEADA, INSTALADO EM REDE DE ALIMENTAÇÃO PARA SPRINKLER - FORNECIMENTO E INSTALAÇÃO. AF_10/2020","UN",31.46,92941,null,29.91,31.46]
[null,92942,"LUVA DE REDUÇÃO, EM FERRO GALVANIZADO, 1 1/4\" X 3/4\", CONEXÃO ROSQUEADA, INSTALADO EM REDE DE ALIMENTAÇÃO PARA SPRINKLER - FORNECIMENTO E INSTALAÇÃO. AF_10/2020","UN",31.46,92942,null,29.91,31.46]
[null,92943,"LUVA DE REDUÇÃO, EM FERRO GALVANIZADO, 1 1/2\" X 1 1/4\", CONEXÃO ROSQUEADA, INSTALADO EM REDE DE ALIMENTAÇÃO PARA SPRINKLER - FORNECIMENTO E INSTALAÇÃO. AF_10/2020","UN",35.880000000000003,92943,null,34.229999999999997,35.880000000000003]
[null,92944,"LUVA DE REDUÇÃO, EM FERRO GALVANIZADO, 1 1/2\" X 1\", CONEXÃO ROSQUEADA, INSTALADO EM REDE DE ALIMENTAÇÃO PARA SPRINKLER - FORNECIMENTO E INSTALAÇÃO. AF_10/2020","UN",35.880000000000003,92944,null,34.229999999999997,35.880000000000003]
[null,92945,"LUVA DE REDUÇÃO, EM FERRO GALVANIZADO, 1 1/2\" X 3/4\", CONEXÃO ROSQUEADA, INSTALADO EM REDE DE ALIMENTAÇÃO PARA SPRINKLER - FORNECIMENTO E INSTALAÇÃO. AF_10/2020","UN",35.880000000000003,92945,null,34.229999999999997,35.880000000000003]
[null,92946,"LUVA DE REDUÇÃO, EM FERRO GALVANIZADO, 2\" X 1 1/2\", CONEXÃO ROSQUEADA, INSTALADO EM REDE DE ALIMENTAÇÃO PARA SPRINKLER - FORNECIMENTO E INSTALAÇÃO. AF_10/2020","UN",49.01,92946,null,47.25,49.01]
[null,92947,"LUVA DE REDUÇÃO, EM FERRO GALVANIZADO, 2\" X 1 1/4\", CONEXÃO ROSQUEADA, INSTALADO EM REDE DE ALIMENTAÇÃO PARA SPRINKLER - FORNECIMENTO E INSTALAÇÃO. AF_10/2020","UN",49.01,92947,null,47.25,49.01]
[null,92948,"LUVA DE REDUÇÃO, EM FERRO GALVANIZADO, 2\" X 1\", CONEXÃO ROSQUEADA, INSTALADO EM REDE DE ALIMENTAÇÃO PARA SPRINKLER - FORNECIMENTO E INSTALAÇÃO. AF_10/2020","UN",49.01,92948,null,47.25,49.01]
[null,92949,"LUVA DE REDUÇÃO, EM FERRO GALVANIZADO, 2 1/2\" X 1 1/2\", CONEXÃO ROSQUEADA, INSTALADO EM REDE DE ALIMENTAÇÃO PARA SPRINKLER - FORNECIMENTO E INSTALAÇÃO. AF_10/2020","UN",74.680000000000007,92949,null,72.739999999999995,74.680000000000007]
[null,92950,"LUVA DE REDUÇÃO, EM FERRO GALVANIZADO, 2 1/2\" X 2\", CONEXÃO ROSQUEADA, INSTALADO EM REDE DE ALIMENTAÇÃO PARA SPRINKLER - FORNECIMENTO E INSTALAÇÃO. AF_10/2020","UN",74.680000000000007,92950,null,72.739999999999995,74.680000000000007]
[null,92951,"LUVA DE REDUÇÃO, EM FERRO GALVANIZADO, 3\" X 2 1/2\", CONEXÃO ROSQUEADA, INSTALADO EM REDE DE ALIMENTAÇÃO PARA SPRINKLER - FORNECIMENTO E INSTALAÇÃO. AF_10/2020","UN",105.59,92951,null,103.46,105.59]
[null,92952,"LUVA DE REDUÇÃO, EM FERRO GALVANIZADO, 3\" X 2\", CONEXÃO ROSQUEADA, INSTALADO EM REDE DE ALIMENTAÇÃO PARA SPRINKLER - FORNECIMENTO E INSTALAÇÃO. AF_10/2020","UN",105.59,92952,null,103.46,105.59]
[null,92953,"LUVA DE REDUÇÃO, EM FERRO GALVANIZADO, 3/4\" X 1/2\", CONEXÃO ROSQUEADA, INSTALADO EM RAMAIS E SUB-RAMAIS DE GÁS - FORNECIMENTO E INSTALAÇÃO. AF_10/2020","UN",21.81,92953,null,20.37,21.81]
[null,93050,"LUVA PASSANTE EM COBRE, DN 22 MM, SEM ANEL DE SOLDA, INSTALADO EM PRUMADA DE HIDRÁULICA PREDIAL - FORNECIMENTO E INSTALAÇÃO. AF_04/2022","UN",11.19,93050,null,10.9,11.19]
[null,93052,"JUNTA DE EXPANSÃO EM COBRE, DN 22 MM, PONTA X PONTA, INSTALADO EM PRUMADA DE HIDRÁULICA PREDIAL - FORNECIMENTO E INSTALAÇÃO. AF_04/2022","UN",523.75,93052,null,523.46,523.75]
[null,93054,"CONECTOR EM BRONZE/LATÃO, DN 22 MM X 3/4\", SEM ANEL DE SOLDA, BOLSA X ROSCA F, INSTALADO EM PRUMADA DE HIDRÁULICA PREDIAL - FORNECIMENTO E INSTALAÇÃO. AF_04/2022","UN",22.35,93054,null,21.94,22.35]
[null,93055,"CURVA DE TRANSPOSIÇÃO EM BRONZE/LATÃO, DN 22 MM, SEM ANEL DE SOLDA, BOLSA X BOLSA, INSTALADO EM PRUMADA DE HIDRÁULICA PREDIAL - FORNECIMENTO E INSTALAÇÃO. AF_04/2022","UN",45.14,93055,null,44.85,45.14]
[null,93056,"LUVA PASSANTE EM COBRE, DN 28 MM, SEM ANEL DE SOLDA, INSTALADO EM PRUMADA DE HIDRÁULICA PREDIAL - FORNECIMENTO E INSTALAÇÃO. AF_04/2022","UN",16.78,93056,null,16.399999999999999,16.78]
[null,93057,"BUCHA DE REDUÇÃO EM COBRE, DN 28 MM X 22 MM, SEM ANEL DE SOLDA, PONTA X BOLSA, INSTALADO EM PRUMADA DE HIDRÁULICA PREDIAL - FORNECIMENTO E INSTALAÇÃO. AF_04/2022","UN",13.93,93057,null,13.59,13.93]
[null,93058,"JUNTA DE EXPANSÃO EM COBRE, DN 28 MM, PONTA X PONTA, INSTALADO EM PRUMADA DE HIDRÁULICA PREDIAL - FORNECIMENTO E INSTALAÇÃO. AF_04/2022","UN",576.16999999999996,93058,null,575.79,576.16999999999996]
[null,93059,"CONECTOR EM BRONZE/LATÃO, DN 28 MM X 1/2\", SEM ANEL DE SOLDA, BOLSA X ROSCA F, INSTALADO EM PRUMADA DE HIDRÁULICA PREDIAL - FORNECIMENTO E INSTALAÇÃO. AF_04/2022","UN",29.3,93059,null,28.94,29.3]
[null,93060,"CURVA DE TRANSPOSIÇÃO EM BRONZE/LATÃO, DN 28 MM, SEM ANEL DE SOLDA, BOLSA X BOLSA, INSTALADO EM PRUMADA DE HIDRÁULICA PREDIAL - FORNECIMENTO E INSTALAÇÃO. AF_04/2022","UN",79.19,93060,null,78.81,79.19]
[null,93061,"LUVA PASSANTE EM COBRE, DN 35 MM, SEM ANEL DE SOLDA, INSTALADO EM PRUMADA DE HIDRÁULICA PREDIAL - FORNECIMENTO E INSTALAÇÃO. AF_04/2022","UN",31.92,93061,null,31.45,31.92]
[null,93062,"BUCHA DE REDUÇÃO EM COBRE, DN 35 MM X 28 MM, SEM ANEL DE SOLDA, PONTA X BOLSA, INSTALADO EM PRUMADA DE HIDRÁULICA PREDIAL - FORNECIMENTO E INSTALAÇÃO. AF_04/2022","UN",26.91,93062,null,26.48,26.91]
[null,93063,"JUNTA DE EXPANSÃO EM BRONZE/LATÃO, DN 35 MM, PONTA X PONTA, INSTALADO EM PRUMADA DE HIDRÁULICA PREDIAL - FORNECIMENTO E INSTALAÇÃO. AF_04/2022","UN",660.22,93063,null,659.75,660.22]
[null,93064,"LUVA PASSANTE EM COBRE, DN 42 MM, SEM ANEL DE SOLDA, INSTALADO EM PRUMADA DE HIDRÁULICA PREDIAL - FORNECIMENTO E INSTALAÇÃO. AF_04/2022","UN",49.08,93064,null,48.52,49.08]
[null,93065,"BUCHA DE REDUÇÃO EM COBRE, DN 42 MM X 35 MM, SEM ANEL DE SOLDA, PONTA X BOLSA, INSTALADO EM PRUMADA DE HIDRÁULICA PREDIAL - FORNECIMENTO E INSTALAÇÃO. AF_04/2022","UN",44.09,93065,null,43.57,44.09]
[null,93066,"JUNTA DE EXPANSÃO EM BRONZE/LATÃO, DN 42 MM, PONTA X PONTA, INSTALADO EM PRUMADA DE HIDRÁULICA PREDIAL - FORNECIMENTO E INSTALAÇÃO. AF_04/2022","UN",828.54,93066,null,827.98,828.54]
[null,93067,"LUVA PASSANTE EM COBRE, DN 54 MM, SEM ANEL DE SOLDA, INSTALADO EM PRUMADA DE HIDRÁULICA PREDIAL - FORNECIMENTO E INSTALAÇÃO. AF_04/2022","UN",73.06,93067,null,72.33,73.06]
[null,93068,"BUCHA DE REDUÇÃO EM COBRE, DN 54 MM X 42 MM, SEM ANEL DE SOLDA, PONTA X BOLSA, INSTALADO EM PRUMADA DE HIDRÁULICA PREDIAL - FORNECIMENTO E INSTALAÇÃO. AF_04/2022","UN",62.11,93068,null,61.47,62.11]
[null,93069,"JUNTA DE EXPANSÃO EM BRONZE/LATÃO, DN 54 MM, PONTA X PONTA, INSTALADO EM PRUMADA DE HIDRÁULICA PREDIAL - FORNECIMENTO E INSTALAÇÃO. AF_04/2022","UN",1148.52,93069,null,1147.79,1148.52]
[null,93070,"LUVA PASSANTE EM COBRE, DN 66 MM, SEM ANEL DE SOLDA, INSTALADO EM PRUMADA DE HIDRÁULICA PREDIAL - FORNECIMENTO E INSTALAÇÃO. AF_04/2022","UN",184.98,93070,null,184.08,184.98]
[null,93071,"BUCHA DE REDUÇÃO EM COBRE, DN 66 MM X 54 MM, SEM ANEL DE SOLDA, PONTA X BOLSA, INSTALADO EM PRUMADA DE HIDRÁULICA PREDIAL - FORNECIMENTO E INSTALAÇÃO. AF_04/2022","UN",170.06,93071,null,169.25,170.06]
[null,93072,"JUNTA DE EXPANSÃO EM BRONZE/LATÃO, DN 66 MM, PONTA X PONTA, INSTALADO EM PRUMADA DE HIDRÁULICA PREDIAL - FORNECIMENTO E INSTALAÇÃO. AF_04/2022","UN",1515.79,93072,null,1514.89,1515.79]
[null,93074,"CURVA EM COBRE, DN 15 MM, 45 GRAUS, SEM ANEL DE SOLDA, BOLSA X BOLSA, INSTALADO EM RAMAL DE DISTRIBUIÇÃO DE HIDRÁULICA PREDIAL - FORNECIMENTO E INSTALAÇÃO. AF_04/2022","UN",13.06,93074,null,12.33,13.06]
[null,93075,"COTOVELO EM BRONZE/LATÃO, DN 15 MM X 1/2\", 90 GRAUS, SEM ANEL DE SOLDA, BOLSA X ROSCA F, INSTALADO EM RAMAL DE DISTRIBUIÇÃO DE HIDRÁULICA PREDIAL - FORNECIMENTO E INSTALAÇÃO. AF_04/2022","UN",19.52,93075,null,18.989999999999998,19.52]
[null,93076,"CURVA EM COBRE, DN 22 MM, 45 GRAUS, SEM ANEL DE SOLDA, BOLSA X BOLSA, INSTALADO EM RAMAL DE DISTRIBUIÇÃO DE HIDRÁULICA PREDIAL - FORNECIMENTO E INSTALAÇÃO. AF_04/2022","UN",21.04,93076,null,20.2,21.04]
[null,93077,"COTOVELO EM BRONZE/LATÃO, DN 22 MM X 1/2\", 90 GRAUS, SEM ANEL DE SOLDA, BOLSA X ROSCA F, INSTALADO EM RAMAL DE DISTRIBUIÇÃO DE HIDRÁULICA PREDIAL - FORNECIMENTO E INSTALAÇÃO. AF_04/2022","UN",27.74,93077,null,27.14,27.74]
[null,93078,"COTOVELO EM BRONZE/LATÃO, DN 22 MM X 3/4\", 90 GRAUS, SEM ANEL DE SOLDA, BOLSA X ROSCA F, INSTALADO EM RAMAL DE DISTRIBUIÇÃO DE HIDRÁULICA PREDIAL - FORNECIMENTO E INSTALAÇÃO. AF_04/2022","UN",31.2,93078,null,30.51,31.2]
[null,93079,"CURVA EM COBRE, DN 28 MM, 45 GRAUS, SEM ANEL DE SOLDA, BOLSA X BOLSA, INSTALADO EM RAMAL DE DISTRIBUIÇÃO DE HIDRÁULICA PREDIAL - FORNECIMENTO E INSTALAÇÃO. AF_04/2022","UN",29.38,93079,null,28.44,29.38]
[null,93080,"LUVA PASSANTE EM COBRE, DN 15 MM, SEM ANEL DE SOLDA, INSTALADO EM RAMAL DE DISTRIBUIÇÃO DE HIDRÁULICA PREDIAL - FORNECIMENTO E INSTALAÇÃO. AF_04/2022","UN",8.51,93080,null,8.0299999999999994,8.51]
[null,93081,"CONECTOR EM BRONZE/LATÃO, DN 15 MM X 1/2\", SEM ANEL DE SOLDA, BOLSA X ROSCA F, INSTALADO EM RAMAL DE DISTRIBUIÇÃO DE HIDRÁULICA PREDIAL - FORNECIMENTO E INSTALAÇÃO. AF_04/2022","UN",18.47,93081,null,18.05,18.47]
[null,93082,"CURVA DE TRANSPOSIÇÃO EM BRONZE/LATÃO, DN 15 MM, SEM ANEL DE SOLDA, BOLSA X BOLSA, INSTALADO EM RAMAL DE DISTRIBUIÇÃO DE HIDRÁULICA PREDIAL - FORNECIMENTO E INSTALAÇÃO. AF_04/2022","UN",23.95,93082,null,23.47,23.95]
[null,93083,"JUNTA DE EXPANSÃO EM COBRE, DN 15 MM, PONTA X PONTA, INSTALADO EM RAMAL DE DISTRIBUIÇÃO DE HIDRÁULICA PREDIAL - FORNECIMENTO E INSTALAÇÃO. AF_04/2022","UN",453.4,93083,null,452.92,453.4]
[null,93084,"LUVA PASSANTE EM COBRE, DN 22 MM, SEM ANEL DE SOLDA, INSTALADO EM RAMAL DE DISTRIBUIÇÃO DE HIDRÁULICA PREDIAL - FORNECIMENTO E INSTALAÇÃO. AF_04/2022","UN",13.82,93084,null,13.25,13.82]
[null,93085,"BUCHA DE REDUÇÃO EM COBRE, DN 22 MM X 15 MM, SEM ANEL DE SOLDA, PONTA X BOLSA, INSTALADO EM RAMAL DE DISTRIBUIÇÃO DE HIDRÁULICA PREDIAL - FORNECIMENTO E INSTALAÇÃO. AF_04/2022","UN",14.74,93085,null,13.96,14.74]
[null,93086,"JUNTA DE EXPANSÃO EM COBRE, DN 22 MM, PONTA X PONTA, INSTALADO EM RAMAL DE DISTRIBUIÇÃO DE HIDRÁULICA PREDIAL - FORNECIMENTO E INSTALAÇÃO. AF_04/2022","UN",526.38,93086,null,525.80999999999995,526.38]
[null,93087,"CONECTOR EM BRONZE/LATÃO, DN 22 MM X 1/2\", SEM ANEL DE SOLDA, BOLSA X ROSCA F, INSTALADO EM RAMAL DE DISTRIBUIÇÃO DE HIDRÁULICA PREDIAL - FORNECIMENTO E INSTALAÇÃO. AF_04/2022","UN",19.350000000000001,93087,null,18.89,19.350000000000001]
[null,93088,"CONECTOR EM BRONZE/LATÃO, DN 22 MM X 3/4\", SEM ANEL DE SOLDA, BOLSA X ROSCA F, INSTALADO EM RAMAL DE DISTRIBUIÇÃO DE HIDRÁULICA PREDIAL - FORNECIMENTO E INSTALAÇÃO. AF_04/2022","UN",23.97,93088,null,23.42,23.97]
[null,93089,"CURVA DE TRANSPOSIÇÃO EM BRONZE/LATÃO, DN 22 MM, SEM ANEL DE SOLDA, BOLSA X BOLSA, INSTALADO EM RAMAL DE DISTRIBUIÇÃO DE HIDRÁULICA PREDIAL - FORNECIMENTO E INSTALAÇÃO. AF_04/2022","UN",{"$f":"IF($K$2=$H$1,H4483,I4483)","v":47.77},{"$f":"IF(LEN($B4483)=7,CONCATENATE(MID($B4483,1,6),\"00\",RIGHT($B4483,1)),IF(LEN($B4483)=8,CONCATENATE(MID($B4483,1,6),\"0\",RIGHT($B4483,2)),$B4483))","v":93089},null,47.2,47.77]
[null,93090,"LUVA PASSANTE EM COBRE, DN 28 MM, SEM ANEL DE SOLDA, INSTALADO EM RAMAL DE DISTRIBUIÇÃO DE HIDRÁULICA PREDIAL - FORNECIMENTO E INSTALAÇÃO. AF_04/2022","UN",19.2,93090,null,18.579999999999998,19.2]
[null,93091,"BUCHA DE REDUÇÃO EM COBRE, DN 28 MM X 22 MM, SEM ANEL DE SOLDA, INSTALADO EM RAMAL DE DISTRIBUIÇÃO DE HIDRÁULICA PREDIAL - FORNECIMENTO E INSTALAÇÃO. AF_04/2022","UN",16.46,93091,null,15.87,16.46]
[null,93092,"JUNTA DE EXPANSÃO EM COBRE, DN 28 MM, PONTA X PONTA, INSTALADO EM RAMAL DE DISTRIBUIÇÃO DE HIDRÁULICA PREDIAL - FORNECIMENTO E INSTALAÇÃO. AF_04/2022","UN",578.59,93092,null,577.97,578.59]
[null,93093,"CONECTOR EM BRONZE/LATÃO, DN 28 MM X 1/2\", SEM ANEL DE SOLDA, BOLSA X ROSCA F, INSTALADO EM RAMAL DE DISTRIBUIÇÃO DE HIDRÁULICA PREDIAL - FORNECIMENTO E INSTALAÇÃO. AF_04/2022","UN",30.51,93093,null,30.02,30.51]
[null,93094,"CURVA DE TRANSPOSIÇÃO EM BRONZE/LATÃO, DN 28 MM, SEM ANEL DE SOLDA, BOLSA X BOLSA, INSTALADO EM RAMAL DE DISTRIBUIÇÃO DE HIDRÁULICA PREDIAL - FORNECIMENTO E INSTALAÇÃO. AF_04/2022","UN",81.61,93094,null,80.989999999999995,81.61]
[null,93097,"CURVA EM COBRE, DN 15 MM, 45 GRAUS, SEM ANEL DE SOLDA, BOLSA X BOLSA, INSTALADO EM RAMAL E SUB-RAMAL DE HIDRÁULICA PREDIAL - FORNECIMENTO E INSTALAÇÃO. AF_04/2022","UN",13.32,93097,null,12.56,13.32]
[null,93098,"COTOVELO EM BRONZE/LATÃO, DN 15 MM X 1/2\", 90 GRAUS, SEM ANEL DE SOLDA, BOLSA X ROSCA F, INSTALADO EM RAMAL E SUB-RAMAL DE HIDRÁULICA PREDIAL - FORNECIMENTO E INSTALAÇÃO. AF_04/2022","UN",19.66,93098,null,19.100000000000001,19.66]
[null,93099,"CURVA EM COBRE, DN 22 MM, 45 GRAUS, SEM ANEL DE SOLDA, BOLSA X BOLSA, INSTALADO EM RAMAL E SUB-RAMAL DE HIDRÁULICA PREDIAL - FORNECIMENTO E INSTALAÇÃO. AF_04/2022","UN",23.96,93099,null,22.82,23.96]
[null,93100,"COTOVELO EM BRONZE/LATÃO, DN 22 MM X 1/2\", 90 GRAUS, SEM ANEL DE SOLDA, BOLSA X ROSCA F, INSTALADO EM RAMAL E SUB-RAMAL DE HIDRÁULICA PREDIAL - FORNECIMENTO E INSTALAÇÃO. AF_04/2022","UN",29.19,93100,null,28.45,29.19]
[null,93101,"COTOVELO EM BRONZE/LATÃO, DN 22 MM X 3/4\", 90 GRAUS, SEM ANEL DE SOLDA, BOLSA X ROSCA F, INSTALADO EM RAMAL E SUB-RAMAL DE HIDRÁULICA PREDIAL - FORNECIMENTO E INSTALAÇÃO. AF_04/2022","UN",32.659999999999997,93101,null,31.82,32.659999999999997]
[null,93102,"CURVA EM COBRE, DN 28 MM, 45 GRAUS, SEM ANEL DE SOLDA, BOLSA X BOLSA, INSTALADO EM RAMAL E SUB-RAMAL DE HIDRÁULICA PREDIAL - FORNECIMENTO E INSTALAÇÃO. AF_04/2022","UN",34.590000000000003,93102,null,33.119999999999997,34.590000000000003]
[null,93103,"LUVA PASSANTE EM COBRE, DN 15 MM, SEM ANEL DE SOLDA, INSTALADO EM RAMAL E SUB-RAMAL DE HIDRÁULICA PREDIAL - FORNECIMENTO E INSTALAÇÃO. AF_04/2022","UN",8.68,93103,null,8.18,8.68]
[null,93104,"CONECTOR EM BRONZE/LATÃO, DN 15 MM X 1/2\", SEM ANEL DE SOLDA, BOLSA X ROSCA F, INSTALADO EM RAMAL E SUB-RAMAL DE HIDRÁULICA PREDIAL - FORNECIMENTO E INSTALAÇÃO. AF_04/2022","UN",18.559999999999999,93104,null,18.13,18.559999999999999]
[null,93105,"CURVA DE TRANSPOSIÇÃO EM BRONZE/LATÃO, DN 15 MM, SEM ANEL DE SOLDA, BOLSA X BOLSA, INSTALADO EM RAMAL E SUB-RAMAL DE HIDRÁULICA PREDIAL - FORNECIMENTO E INSTALAÇÃO. AF_04/2022","UN",24.12,93105,null,23.62,24.12]
[null,93106,"JUNTA DE EXPANSÃO EM COBRE, DN 15 MM, PONTA X PONTA, INSTALADO EM RAMAL E SUB-RAMAL DE HIDRÁULICA PREDIAL - FORNECIMENTO E INSTALAÇÃO. AF_04/2022","UN",453.57,93106,null,453.07,453.57]
[null,93107,"LUVA PASSANTE EM COBRE, DN 22 MM, SEM ANEL DE SOLDA, INSTALADO EM RAMAL E SUB-RAMAL DE HIDRÁULICA PREDIAL - FORNECIMENTO E INSTALAÇÃO. AF_04/2022","UN",15.79,93107,null,15.02,15.79]
[null,93108,"BUCHA DE REDUÇÃO EM COBRE, DN 22 MM X 15 MM, SEM ANEL DE SOLDA, PONTA X BOLSA, INSTALADO EM RAMAL E SUB-RAMAL DE HIDRÁULICA PREDIAL - FORNECIMENTO E INSTALAÇÃO. AF_04/2022","UN",13.3,93108,null,12.68,13.3]
[null,93109,"JUNTA DE EXPANSÃO EM COBRE, DN 22 MM, PONTA X PONTA, INSTALADO EM RAMAL E SUB-RAMAL DE HIDRÁULICA PREDIAL - FORNECIMENTO E INSTALAÇÃO. AF_04/2022","UN",528.35,93109,null,527.58000000000004,528.35]
[null,93110,"CONECTOR EM BRONZE/LATÃO, DN 22 MM X 1/2\", SEM ANEL DE SOLDA, BOLSA X ROSCA F, INSTALADO EM RAMAL E SUB-RAMAL DE HIDRÁULICA PREDIAL - FORNECIMENTO E INSTALAÇÃO. AF_04/2022","UN",20.34,93110,null,19.78,20.34]
[null,93111,"CONECTOR EM BRONZE/LATÃO, DN 22 MM X 3/4\", SEM ANEL DE SOLDA, BOLSA X ROSCA F, INSTALADO EM RAMAL E SUB-RAMAL DE HIDRÁULICA PREDIAL - FORNECIMENTO E INSTALAÇÃO. AF_04/2022","UN",24.65,93111,null,24,24.65]
[null,93112,"CURVA DE TRANSPOSIÇÃO EM BRONZE/LATÃO, DN 22 MM, SEM ANEL DE SOLDA, BOLSA X BOLSA, INSTALADO EM RAMAL E SUB-RAMAL DE HIDRÁULICA PREDIAL - FORNECIMENTO E INSTALAÇÃO. AF_04/2022","UN",49.74,93112,null,48.97,49.74]
[null,93113,"LUVA PASSANTE EM COBRE, DN 28 MM, SEM ANEL DE SOLDA, INSTALADO EM RAMAL E SUB-RAMAL  DE HIDRÁULICA PREDIAL - FORNECIMENTO E INSTALAÇÃO. AF_04/2022","UN",22.7,93113,null,21.72,22.7]
[null,93114,"CONECTOR EM BRONZE/LATÃO, DN 28 MM X 1/2\", SEM ANEL DE SOLDA, BOLSA X ROSCA F, INSTALADO EM RAMAL E SUB-RAMAL DE HIDRÁULICA PREDIAL - FORNECIMENTO E INSTALAÇÃO. AF_04/2022","UN",32.26,93114,null,31.59,32.26]
[null,93115,"CURVA DE TRANSPOSIÇÃO EM BRONZE/LATÃO, DN 28 MM, SEM ANEL DE SOLDA, BOLSA X BOLSA, INSTALADO EM RAMAL E SUB-RAMAL DE HIDRÁULICA PREDIAL - FORNECIMENTO E INSTALAÇÃO. AF_04/2022","UN",85.11,93115,null,84.13,85.11]
[null,93116,"JUNTA DE EXPANSÃO EM COBRE, DN 28 MM, PONTA X PONTA, INSTALADO EM RAMAL E SUB-RAMAL DE HIDRÁULICA PREDIAL - FORNECIMENTO E INSTALAÇÃO. AF_04/2022","UN",582.09,93116,null,581.11,582.09]
[null,93117,"TE DUPLA CURVA EM BRONZE/LATÃO, DN 1/2\" X 15 MM X 1/2\", SEM ANEL DE SOLDA, ROSCA F X BOLSA X ROSCA F, INSTALADO EM RAMAL E SUB-RAMAL DE HIDRÁULICA PREDIAL - FORNECIMENTO E INSTALAÇÃO. AF_04/2022","UN",58.12,93117,null,57.43,58.12]
[null,93118,"TE DUPLA CURVA EM BRONZE/LATÃO, DN 3/4\" X 22 MM X 3/4\", SEM ANEL DE SOLDA, ROSCA F X BOLSA X ROSCA F, INSTALADO EM RAMAL E SUB-RAMAL DE HIDRÁULICA PREDIAL - FORNECIMENTO E INSTALAÇÃO. AF_04/2022","UN",85.66,93118,null,84.62,85.66]
[null,93119,"CURVA EM COBRE, DN 22 MM, 45 GRAUS, SEM ANEL DE SOLDA, BOLSA X BOLSA, INSTALADO EM PRUMADA DE HIDRÁULICA PREDIAL - FORNECIMENTO E INSTALAÇÃO. AF_04/2022","UN",17.12,93119,null,16.68,17.12]
[null,93120,"COTOVELO EM BRONZE/LATÃO, DN 22 MM X 1/2\", 90 GRAUS, SEM ANEL DE SOLDA, BOLSA X ROSCA F, INSTALADO EM PRUMADA DE HIDRÁULICA PREDIAL - FORNECIMENTO E INSTALAÇÃO. AF_04/2022","UN",25.78,93120,null,25.39,25.78]
[null,93121,"COTOVELO EM BRONZE/LATÃO, DN 22 MM X 3/4\", 90 GRAUS, SEM ANEL DE SOLDA, BOLSA X ROSCA F, INSTALADO EM PRUMADA DE HIDRÁULICA PREDIAL - FORNECIMENTO E INSTALAÇÃO. AF_04/2022","UN",29.24,93121,null,28.76,29.24]
[null,93122,"CURVA EM COBRE, DN 28 MM, 45 GRAUS, SEM ANEL DE SOLDA, BOLSA X BOLSA, INSTALADO EM PRUMADA DE HIDRÁULICA PREDIAL - FORNECIMENTO E INSTALAÇÃO. AF_04/2022","UN",25.77,93122,null,25.2,25.77]
[null,93123,"CURVA EM COBRE, DN 35 MM, 45 GRAUS, SEM ANEL DE SOLDA, BOLSA X BOLSA, INSTALADO EM PRUMADA DE HIDRÁULICA PREDIAL -  FORNECIMENTO E INSTALAÇÃO. AF_04/2022","UN",57.77,93123,null,57.08,57.77]
[null,93124,"CURVA EM COBRE, DN 42 MM, 45 GRAUS, SEM ANEL DE SOLDA, BOLSA X BOLSA, INSTALADO EM PRUMADA DE HIDRÁULICA PREDIAL - FORNECIMENTO E INSTALAÇÃO. AF_04/2022","UN",90.86,93124,null,90.01,90.86]
[null,93125,"CURVA EM COBRE, DN 54 MM, 45 GRAUS, SEM ANEL DE SOLDA, BOLSA X BOLSA, INSTALADO EM PRUMADA DE HIDRÁULICA PREDIAL - FORNECIMENTO E INSTALAÇÃO. AF_04/2022","UN",133.69999999999999,93125,null,132.6,133.69999999999999]
[null,93126,"CURVA EM COBRE, DN 66 MM, 45 GRAUS, SEM ANEL DE SOLDA, BOLSA X BOLSA, INSTALADO EM PRUMADA DE HIDRÁULICA PREDIAL - FORNECIMENTO E INSTALAÇÃO. AF_04/2022","UN",296.02999999999997,93126,null,294.68,296.02999999999997]
[null,93133,"BUCHA DE REDUÇÃO EM COBRE, DN 28 MM X 22 MM, SEM ANEL DE SOLDA, INSTALADO EM RAMAL E SUB-RAMAL DE HIDRÁULICA PREDIAL - FORNECIMENTO E INSTALAÇÃO. AF_04/2022","UN",19.190000000000001,93133,null,18.32,19.190000000000001]
[null,94465,"LUVA, EM FERRO GALVANIZADO, CONEXÃO ROSQUEADA, DN 50 MM (2\"), INSTALADO EM RESERVAÇÃO PREDIAL DE ÁGUA - FORNECIMENTO E INSTALAÇÃO. AF_04/2024","UN",43.59,94465,null,42.06,43.59]
[null,94466,"NIPLE, EM FERRO GALVANIZADO, CONEXÃO ROSQUEADA, DN 50 MM (2\"), INSTALADO EM RESERVAÇÃO PREDIAL DE ÁGUA - FORNECIMENTO E INSTALAÇÃO. AF_04/2024","UN",43.61,94466,null,42.08,43.61]
[null,94467,"LUVA, EM FERRO GALVANIZADO, CONEXÃO ROSQUEADA, DN 65 MM (2 1/2\"), INSTALADO EM RESERVAÇÃO PREDIAL DE ÁGUA - FORNECIMENTO E INSTALAÇÃO. AF_04/2024","UN",69.680000000000007,94467,null,67.900000000000006,69.680000000000007]
[null,94468,"NIPLE, EM FERRO GALVANIZADO, CONEXÃO ROSQUEADA, DN 65 MM (2 1/2\"), INSTALADO EM RESERVAÇÃO PREDIAL DE ÁGUA - FORNECIMENTO E INSTALAÇÃO. AF_04/2024","UN",61.34,94468,null,59.56,61.34]
[null,94469,"LUVA, EM FERRO GALVANIZADO, CONEXÃO ROSQUEADA, DN 80 MM (3\"), INSTALADO EM RESERVAÇÃO PREDIAL DE ÁGUA - FORNECIMENTO E INSTALAÇÃO. AF_04/2024","UN",99.31,94469,null,97.2,99.31]
[null,94470,"NIPLE, EM FERRO GALVANIZADO, CONEXÃO ROSQUEADA, DN 80 MM (3\"), INSTALADO EM RESERVAÇÃO PREDIAL DE ÁGUA - FORNECIMENTO E INSTALAÇÃO. AF_04/2024","UN",91.89,94470,null,89.78,91.89]
[null,94471,"COTOVELO 90 GRAUS, EM FERRO GALVANIZADO, CONEXÃO ROSQUEADA, DN 50 MM (2\"), INSTALADO EM RESERVAÇÃO PREDIAL DE ÁGUA - FORNECIMENTO E INSTALAÇÃO. AF_04/2024","UN",62.85,94471,null,60.56,62.85]
[null,94472,"COTOVELO 45 GRAUS, EM FERRO GALVANIZADO, CONEXÃO ROSQUEADA, DN 50 MM (2\"), INSTALADO EM RESERVAÇÃO PREDIAL DE ÁGUA - FORNECIMENTO E INSTALAÇÃO. AF_04/2024","UN",64.709999999999994,94472,null,62.42,64.709999999999994]
[null,94473,"COTOVELO 90 GRAUS, EM FERRO GALVANIZADO, CONEXÃO ROSQUEADA, DN 65 MM (2 1/2\"), INSTALADO EM RESERVAÇÃO PREDIAL DE ÁGUA - FORNECIMENTO E INSTALAÇÃO. AF_04/2024","UN",99.88,94473,null,97.2,99.88]
[null,94474,"COTOVELO 45 GRAUS, EM FERRO GALVANIZADO, CONEXÃO ROSQUEADA, DN 65 MM (2 1/2\"), INSTALADO EM RESERVAÇÃO PREDIAL DE ÁGUA - FORNECIMENTO E INSTALAÇÃO. AF_04/2024","UN",108.04,94474,null,105.36,108.04]
[null,94475,"COTOVELO 90 GRAUS, EM FERRO GALVANIZADO, CONEXÃO ROSQUEADA, DN 80 MM (3\"), INSTALADO EM RESERVAÇÃO PREDIAL DE ÁGUA - FORNECIMENTO E INSTALAÇÃO. AF_04/2024","UN",134.85,94475,null,131.68,134.85]
[null,94476,"COTOVELO 45 GRAUS, EM FERRO GALVANIZADO, CONEXÃO ROSQUEADA, DN 80 MM (3\"), INSTALADO EM RESERVAÇÃO PREDIAL DE ÁGUA - FORNECIMENTO E INSTALAÇÃO. AF_04/2024","UN",150.58000000000001,94476,null,147.41,150.58000000000001]
[null,94477,"TÊ, EM FERRO GALVANIZADO, CONEXÃO ROSQUEADA, DN 50 MM (2\"), INSTALADO EM RESERVAÇÃO PREDIAL DE ÁGUA - FORNECIMENTO E INSTALAÇÃO. AF_04/2024","UN",83.75,94477,null,80.7,83.75]
[null,94478,"TÊ, EM FERRO GALVANIZADO, CONEXÃO ROSQUEADA, DN 65 MM (2 1/2\"), INSTALADO EM RESERVAÇÃO PREDIAL DE ÁGUA - FORNECIMENTO E INSTALAÇÃO. AF_04/2024","UN",137.27000000000001,94478,null,133.69,137.27000000000001]
[null,94479,"TÊ, EM FERRO GALVANIZADO, CONEXÃO ROSQUEADA, DN 80 MM (3\"), INSTALADO EM RESERVAÇÃO PREDIAL DE ÁGUA - FORNECIMENTO E INSTALAÇÃO. AF_04/2024","UN",178.24,94479,null,174.03,178.24]
[null,94606,"LUVA EM COBRE, DN 54 MM, SEM ANEL DE SOLDA, INSTALADO EM RESERVAÇÃO PREDIAL DE ÁGUA - FORNECIMENTO E INSTALAÇÃO. AF_04/2024","UN",77.47,94606,null,75.48,77.47]
[null,94608,"LUVA EM COBRE, DN 66 MM, SEM ANEL DE SOLDA, INSTALADO EM RESERVAÇÃO PREDIAL DE ÁGUA - FORNECIMENTO E INSTALAÇÃO. AF_04/2024","UN",196.09,94608,null,194.01,196.09]
[null,94610,"LUVA EM COBRE, DN 79 MM, SEM ANEL DE SOLDA, INSTALADO EM RESERVAÇÃO PREDIAL DE ÁGUA - FORNECIMENTO E INSTALAÇÃO. AF_04/2024","UN",287.42,94610,null,285.25,287.42]
[null,94612,"LUVA DE COBRE, DN 104 MM, SEM ANEL DE SOLDA, INSTALADO EM RESERVAÇÃO PREDIAL DE ÁGUA - FORNECIMENTO E INSTALAÇÃO. AF_04/2024","UN",408.99,94612,null,406.65,408.99]
[null,94614,"COTOVELO EM COBRE, DN 54 MM, 90 GRAUS, SEM ANEL DE SOLDA, INSTALADO EM RESERVAÇÃO PREDIAL DE ÁGUA - FORNECIMENTO E INSTALAÇÃO. AF_04/2024","UN",132.41999999999999,94614,null,129.44,132.41999999999999]
[null,94615,"CURVA EM COBRE, DN 54 MM, 45 GRAUS, SEM ANEL DE SOLDA, BOLSA X BOLSA, INSTALADO EM RESERVAÇÃO PREDIAL DE ÁGUA - FORNECIMENTO E INSTALAÇÃO. AF_04/2024","UN",150.63,94615,null,147.65,150.63]
[null,94616,"COTOVELO EM COBRE, DN 66 MM, 90 GRAUS, SEM ANEL DE SOLDA, INSTALADO EM RESERVAÇÃO PREDIAL DE ÁGUA - FORNECIMENTO E INSTALAÇÃO. AF_04/2024","UN",374.77,94616,null,371.66,374.77]
[null,94617,"CURVA EM COBRE, DN 66 MM, 45 GRAUS, SEM ANEL DE SOLDA, BOLSA X BOLSA, INSTALADO EM RESERVAÇÃO PREDIAL DE ÁGUA - FORNECIMENTO E INSTALAÇÃO. AF_04/2024","UN",311.45999999999998,94617,null,308.35000000000002,311.45999999999998]
[null,94618,"COTOVELO EM COBRE, DN 79 MM, 90 GRAUS, SEM ANEL DE SOLDA, INSTALADO EM RESERVAÇÃO PREDIAL DE ÁGUA - FORNECIMENTO E INSTALAÇÃO. AF_04/2024","UN",364.11,94618,null,360.85,364.11]
[null,94620,"COTOVELO EM COBRE, DN 104 MM, 90 GRAUS, SEM ANEL DE SOLDA, INSTALADO EM RESERVAÇÃO PREDIAL DE ÁGUA - FORNECIMENTO E INSTALAÇÃO. AF_04/2024","UN",843.01,94620,null,839.5,843.01]
[null,94622,"TE EM COBRE, DN 54 MM, SEM ANEL DE SOLDA, INSTALADO EM RESERVAÇÃO PREDIAL DE ÁGUA - FORNECIMENTO E INSTALAÇÃO. AF_04/2024","UN",193.43,94622,null,189.45,193.43]
[null,94623,"TE EM COBRE, DN 66 MM, SEM ANEL DE SOLDA, INSTALADO EM RESERVAÇÃO PREDIAL DE ÁGUA - FORNECIMENTO E INSTALAÇÃO. AF_04/2024","UN",463.97,94623,null,459.82,463.97]
[null,94624,"TE EM COBRE, DN 79 MM, SEM ANEL DE SOLDA, INSTALADO EM RESERVAÇÃO PREDIAL DE ÁGUA - FORNECIMENTO E INSTALAÇÃO. AF_04/2024","UN",{"$f":"IF($K$2=$H$1,H4547,I4547)","v":700.12},{"$f":"IF(LEN($B4547)=7,CONCATENATE(MID($B4547,1,6),\"00\",RIGHT($B4547,1)),IF(LEN($B4547)=8,CONCATENATE(MID($B4547,1,6),\"0\",RIGHT($B4547,2)),$B4547))","v":94624},null,695.79,700.12]
[null,94625,"TE EM COBRE, DN 104 MM, SEM ANEL DE SOLDA, INSTALADO EM RESERVAÇÃO PREDIAL DE ÁGUA - FORNECIMENTO E INSTALAÇÃO. AF_04/2024","UN",1469.37,94625,null,1464.68,1469.37]
[null,94656,"ADAPTADOR CURTO COM BOLSA E ROSCA PARA REGISTRO, PVC, SOLDÁVEL, DN  25 MM X 3/4\", INSTALADO EM RESERVAÇÃO PREDIAL DE ÁGUA - FORNECIMENTO E INSTALAÇÃO. AF_04/2024","UN",3.27,94656,null,3.08,3.27]
[null,94657,"LUVA PVC, SOLDÁVEL, DN  25 MM, INSTALADO EM RESERVAÇÃO PREDIAL DE ÁGUA - FORNECIMENTO E INSTALAÇÃO. AF_04/2024","UN",3.77,94657,null,3.58,3.77]
[null,94658,"ADAPTADOR CURTO COM BOLSA E ROSCA PARA REGISTRO, PVC, SOLDÁVEL, DN 32 MM X 1\", INSTALADO EM RESERVAÇÃO PREDIAL DE ÁGUA - FORNECIMENTO E INSTALAÇÃO. AF_04/2024","UN",4.9000000000000004,94658,null,4.66,4.9000000000000004]
[null,94659,"LUVA PVC, SOLDÁVEL, DN 32 MM, INSTALADO EM RESERVAÇÃO PREDIAL DE ÁGUA - FORNECIMENTO E INSTALAÇÃO. AF_04/2024","UN",5.85,94659,null,5.61,5.85]
[null,94660,"ADAPTADOR CURTO COM BOLSA E ROSCA PARA REGISTRO, PVC, SOLDÁVEL, DN 40 MM X 1 1/4\", INSTALADO EM RESERVAÇÃO PREDIAL DE ÁGUA - FORNECIMENTO E INSTALAÇÃO. AF_04/2024","UN",7.72,94660,null,7.38,7.72]
[null,94661,"LUVA, PVC, SOLDÁVEL, DN 40 MM, INSTALADO EM RESERVAÇÃO PREDIAL DE ÁGUA - FORNECIMENTO E INSTALAÇÃO. AF_04/2024","UN",9.18,94661,null,8.84,9.18]
[null,94662,"ADAPTADOR CURTO COM BOLSA E ROSCA PARA REGISTRO, PVC, SOLDÁVEL, DN 50 MM X 1 1/2\", INSTALADO EM RESERVAÇÃO PREDIAL DE ÁGUA - FORNECIMENTO E INSTALAÇÃO. AF_04/2024","UN",10.17,94662,null,9.7100000000000009,10.17]
[null,94663,"LUVA, PVC, SOLDÁVEL, DN 50 MM, INSTALADO EM RESERVAÇÃO PREDIAL DE ÁGUA - FORNECIMENTO E INSTALAÇÃO. AF_04/2024","UN",11.56,94663,null,11.1,11.56]
[null,94664,"ADAPTADOR CURTO COM BOLSA E ROSCA PARA REGISTRO, PVC, SOLDÁVEL, DN 60 MM X 2\", INSTALADO EM RESERVAÇÃO PREDIAL DE ÁGUA - FORNECIMENTO E INSTALAÇÃO. AF_04/2024","UN",18.420000000000002,94664,null,17.82,18.420000000000002]
[null,94665,"LUVA, PVC, SOLDÁVEL, DN 60 MM, INSTALADO EM RESERVAÇÃO PREDIAL DE ÁGUA - FORNECIMENTO E INSTALAÇÃO. AF_04/2024","UN",22.43,94665,null,21.83,22.43]
[null,94666,"ADAPTADOR CURTO COM BOLSA E ROSCA PARA REGISTRO, PVC, SOLDÁVEL, DN 75 MM X 2 1/2\", INSTALADO EM RESERVAÇÃO PREDIAL DE ÁGUA - FORNECIMENTO E INSTALAÇÃO. AF_04/2024","UN",29.93,94666,null,29.02,29.93]
[null,94667,"LUVA, PVC, SOLDÁVEL, DN 75 MM, INSTALADO EM RESERVAÇÃO PREDIAL DE ÁGUA - FORNECIMENTO E INSTALAÇÃO. AF_04/2024","UN",33.020000000000003,94667,null,32.11,33.020000000000003]
[null,94668,"ADAPTADOR CURTO COM BOLSA E ROSCA PARA REGISTRO, PVC, SOLDÁVEL, DN 85 MM X 3\", INSTALADO EM RESERVAÇÃO PREDIAL DE ÁGUA - FORNECIMENTO E INSTALAÇÃO. AF_04/2024","UN",39.75,94668,null,38.61,39.75]
[null,94669,"LUVA, PVC, SOLDÁVEL, DN 85 MM, INSTALADO EM RESERVAÇÃO PREDIAL DE ÁGUA - FORNECIMENTO E INSTALAÇÃO. AF_04/2024","UN",59.25,94669,null,58.11,59.25]
[null,94670,"ADAPTADOR CURTO COM BOLSA E ROSCA PARA REGISTRO, PVC, SOLDÁVEL, DN 110 MM X 4\", INSTALADO EM RESERVAÇÃO PREDIAL DE ÁGUA - FORNECIMENTO E INSTALAÇÃO. AF_04/2024","UN",62.99,94670,null,61.16,62.99]
[null,94671,"LUVA, PVC, SOLDÁVEL, DN 110 MM, INSTALADO EM RESERVAÇÃO PREDIAL DE ÁGUA - FORNECIMENTO E INSTALAÇÃO. AF_04/2024","UN",96.85,94671,null,95.02,96.85]
[null,94672,"JOELHO 90 GRAUS COM BUCHA DE LATÃO, PVC, SOLDÁVEL, DN  25 MM X 3/4\", INSTALADO EM RESERVAÇÃO PREDIAL DE ÁGUA - FORNECIMENTO E INSTALAÇÃO. AF_04/2024","UN",5.58,94672,null,5.3,5.58]
[null,94673,"CURVA 90 GRAUS, PVC, SOLDÁVEL, DN  25 MM, INSTALADO EM RESERVAÇÃO PREDIAL DE ÁGUA - FORNECIMENTO E INSTALAÇÃO. AF_04/2024","UN",6.66,94673,null,6.38,6.66]
[null,94674,"JOELHO 90 GRAUS, PVC, SOLDÁVEL, DN 32 MM INSTALADO EM RESERVAÇÃO PREDIAL DE ÁGUA - FORNECIMENTO E INSTALAÇÃO. AF_04/2024","UN",7.4,94674,null,7.04,7.4]
[null,94675,"CURVA 90 GRAUS, PVC, SOLDÁVEL, DN 32 MM, INSTALADO EM RESERVAÇÃO PREDIAL DE ÁGUA - FORNECIMENTO E INSTALAÇÃO. AF_04/2024","UN",11.12,94675,null,10.76,11.12]
[null,94676,"JOELHO 90 GRAUS, PVC, SOLDÁVEL, DN 40 MM INSTALADO EM RESERVAÇÃO PREDIAL DE ÁGUA - FORNECIMENTO E INSTALAÇÃO. AF_04/2024","UN",12.25,94676,null,11.76,12.25]
[null,94677,"CURVA 90 GRAUS, PVC, SOLDÁVEL, DN 40 MM, INSTALADO EM RESERVAÇÃO PREDIAL DE ÁGUA - FORNECIMENTO E INSTALAÇÃO. AF_04/2024","UN",17.899999999999999,94677,null,17.41,17.899999999999999]
[null,94678,"JOELHO 90 GRAUS, PVC, SOLDÁVEL, DN 50 MM INSTALADO EM RESERVAÇÃO PREDIAL DE ÁGUA - FORNECIMENTO E INSTALAÇÃO. AF_04/2024","UN",14.31,94678,null,13.63,14.31]
[null,94679,"CURVA 90 GRAUS, PVC, SOLDÁVEL, DN 50 MM, INSTALADO EM RESERVAÇÃO PREDIAL DE ÁGUA - FORNECIMENTO E INSTALAÇÃO. AF_04/2024","UN",21.74,94679,null,21.06,21.74]
[null,94680,"JOELHO 90 GRAUS, PVC, SOLDÁVEL, DN 60 MM INSTALADO EM RESERVAÇÃO PREDIAL DE ÁGUA - FORNECIMENTO E INSTALAÇÃO. AF_04/2024","UN",39.729999999999997,94680,null,38.81,39.729999999999997]
[null,94681,"CURVA 90 GRAUS, PVC, SOLDÁVEL, DN 60 MM, INSTALADO EM RESERVAÇÃO PREDIAL DE ÁGUA - FORNECIMENTO E INSTALAÇÃO. AF_04/2024","UN",44.48,94681,null,43.56,44.48]
[null,94682,"JOELHO 90 GRAUS, PVC, SOLDÁVEL, DN 75 MM INSTALADO EM RESERVAÇÃO PREDIAL DE ÁGUA - FORNECIMENTO E INSTALAÇÃO. AF_04/2024","UN",98.04,94682,null,96.68,98.04]
[null,94683,"CURVA 90 GRAUS, PVC, SOLDÁVEL, DN 75 MM, INSTALADO EM RESERVAÇÃO PREDIAL DE ÁGUA - FORNECIMENTO E INSTALAÇÃO. AF_04/2024","UN",67.59,94683,null,66.23,67.59]
[null,94684,"JOELHO 90 GRAUS, PVC, SOLDÁVEL, DN 85 MM INSTALADO EM RESERVAÇÃO PREDIAL DE ÁGUA - FORNECIMENTO E INSTALAÇÃO. AF_04/2024","UN",118.34,94684,null,116.63,118.34]
[null,94685,"CURVA 90 GRAUS, PVC, SOLDÁVEL, DN 85 MM, INSTALADO EM RESERVAÇÃO PREDIAL DE ÁGUA - FORNECIMENTO E INSTALAÇÃO. AF_04/2024","UN",86.06,94685,null,84.35,86.06]
[null,94686,"JOELHO 90 GRAUS, PVC, SOLDÁVEL, DN 110 MM INSTALADO EM RESERVAÇÃO PREDIAL DE ÁGUA - FORNECIMENTO E INSTALAÇÃO. AF_04/2024","UN",227.62,94686,null,224.87,227.62]
[null,94687,"CURVA 90 GRAUS, PVC, SOLDÁVEL, DN 110 MM, INSTALADO EM RESERVAÇÃO PREDIAL DE ÁGUA - FORNECIMENTO E INSTALAÇÃO. AF_04/2024","UN",206.2,94687,null,203.45,206.2]
[null,94688,"TÊ, PVC, SOLDÁVEL, DN  25 MM INSTALADO EM RESERVAÇÃO PREDIAL DE ÁGUA - FORNECIMENTO E INSTALAÇÃO. AF_04/2024","UN",6.53,94688,null,6.16,6.53]
[null,94689,"TÊ COM BUCHA DE LATÃO NA BOLSA CENTRAL, PVC, SOLDÁVEL, DN  25 MM X 3/4\", INSTALADO EM RESERVAÇÃO PREDIAL DE ÁGUA - FORNECIMENTO E INSTALAÇÃO. AF_04/2024","UN",8.76,94689,null,8.39,8.76]
[null,94690,"TÊ, PVC, SOLDÁVEL, DN 32 MM INSTALADO EM RESERVAÇÃO PREDIAL DE ÁGUA - FORNECIMENTO E INSTALAÇÃO. AF_04/2024","UN",10.67,94690,null,10.18,10.67]
[null,94691,"TÊ DE REDUÇÃO, PVC, SOLDÁVEL, DN 32 MM X  25 MM, INSTALADO EM RESERVAÇÃO PREDIAL DE ÁGUA - FORNECIMENTO E INSTALAÇÃO. AF_04/2024","UN",12.67,94691,null,12.21,12.67]
[null,94692,"TÊ, PVC, SOLDÁVEL, DN 40 MM INSTALADO EM RESERVAÇÃO PREDIAL DE ÁGUA - FORNECIMENTO E INSTALAÇÃO. AF_04/2024","UN",17.95,94692,null,17.29,17.95]
[null,94693,"TÊ DE REDUÇÃO, PVC, SOLDÁVEL, DN 40 MM X 32 MM, INSTALADO EM RESERVAÇÃO PREDIAL DE ÁGUA - FORNECIMENTO E INSTALAÇÃO. AF_04/2024","UN",16.579999999999998,94693,null,15.98,16.579999999999998]
[null,94694,"TÊ, PVC, SOLDÁVEL, DN 50 MM INSTALADO EM RESERVAÇÃO PREDIAL DE ÁGUA - FORNECIMENTO E INSTALAÇÃO. AF_04/2024","UN",22.39,94694,null,21.47,22.39]
[null,94695,"TÊ DE REDUÇÃO, PVC, SOLDÁVEL, DN 50 MM X 40 MM, INSTALADO EM RESERVAÇÃO PREDIAL DE ÁGUA - FORNECIMENTO E INSTALAÇÃO. AF_04/2024","UN",28.81,94695,null,27.98,28.81]
[null,94696,"TÊ, PVC, SOLDÁVEL, DN 60 MM INSTALADO EM RESERVAÇÃO PREDIAL DE ÁGUA - FORNECIMENTO E INSTALAÇÃO. AF_04/2024","UN",46.66,94696,null,45.43,46.66]
[null,94697,"TÊ, PVC, SOLDÁVEL, DN 75 MM INSTALADO EM RESERVAÇÃO PREDIAL DE ÁGUA - FORNECIMENTO E INSTALAÇÃO. AF_04/2024","UN",79.78,94697,null,77.97,79.78]
[null,94698,"TÊ DE REDUÇÃO, PVC, SOLDÁVEL, DN 75 MM X 50 MM, INSTALADO EM RESERVAÇÃO PREDIAL DE ÁGUA - FORNECIMENTO E INSTALAÇÃO. AF_04/2024","UN",61.66,94698,null,60.15,61.66]
[null,94699,"TÊ, PVC, SOLDÁVEL, DN 85 MM INSTALADO EM RESERVAÇÃO PREDIAL DE ÁGUA - FORNECIMENTO E INSTALAÇÃO. AF_04/2024","UN",105.63,94699,null,103.36,105.63]
[null,94700,"TÊ DE REDUÇÃO, PVC, SOLDÁVEL, DN 85 MM X 60 MM, INSTALADO EM RESERVAÇÃO PREDIAL DE ÁGUA - FORNECIMENTO E INSTALAÇÃO. AF_04/2024","UN",119.21,94700,null,117.29,119.21]
[null,94701,"TÊ, PVC, SOLDÁVEL, DN 110 MM INSTALADO EM RESERVAÇÃO PREDIAL DE ÁGUA - FORNECIMENTO E INSTALAÇÃO. AF_04/2024","UN",205.62,94701,null,201.96,205.62]
[null,94702,"TÊ DE REDUÇÃO, PVC, SOLDÁVEL, DN 110 MM X 60 MM, INSTALADO EM RESERVAÇÃO PREDIAL DE ÁGUA - FORNECIMENTO E INSTALAÇÃO. AF_04/2024","UN",171.34,94702,null,168.49,171.34]
[null,94703,"ADAPTADOR COM FLANGE E ANEL DE VEDAÇÃO, PVC, SOLDÁVEL, DN  25 MM X 3/4\", INSTALADO EM RESERVAÇÃO PREDIAL DE ÁGUA - FORNECIMENTO E INSTALAÇÃO. AF_04/2024","UN",18.16,94703,null,17.52,18.16]
[null,94704,"ADAPTADOR COM FLANGE E ANEL DE VEDAÇÃO, PVC, SOLDÁVEL, DN 32 MM X 1\", INSTALADO EM RESERVAÇÃO PREDIAL DE ÁGUA - FORNECIMENTO E INSTALAÇÃO. AF_04/2024","UN",24.3,94704,null,23.63,24.3]
[null,94705,"ADAPTADOR COM FLANGE E ANEL DE VEDAÇÃO, PVC, SOLDÁVEL, DN 40 MM X 1 1/4\", INSTALADO EM RESERVAÇÃO PREDIAL DE ÁGUA - FORNECIMENTO E INSTALAÇÃO. AF_04/2024","UN",33.24,94705,null,32.549999999999997,33.24]
[null,94706,"ADAPTADOR COM FLANGE E ANEL DE VEDAÇÃO, PVC, SOLDÁVEL, DN 50 MM X 1 1/2\", INSTALADO EM RESERVAÇÃO PREDIAL DE ÁGUA - FORNECIMENTO E INSTALAÇÃO. AF_04/2024","UN",32.61,94706,null,31.89,32.61]
[null,94707,"ADAPTADOR COM FLANGE E ANEL DE VEDAÇÃO, PVC, SOLDÁVEL, DN 60 MM X 2\", INSTALADO EM RESERVAÇÃO PREDIAL DE ÁGUA - FORNECIMENTO E INSTALAÇÃO. AF_04/2024","UN",51.46,94707,null,50.71,51.46]
[null,94713,"ADAPTADOR COM FLANGES LIVRES, PVC, SOLDÁVEL, DN 75 MM X 2 1/2\", INSTALADO EM RESERVAÇÃO PREDIAL DE ÁGUA - FORNECIMENTO E INSTALAÇÃO. AF_04/2024","UN",212.81,94713,null,211.48,212.81]
[null,94714,"ADAPTADOR COM FLANGES LIVRES, PVC, SOLDÁVEL, DN 85 MM X 3\", INSTALADO EM RESERVAÇÃO PREDIAL DE ÁGUA - FORNECIMENTO E INSTALAÇÃO. AF_04/2024","UN",298.67,94714,null,297.3,298.67]
[null,94715,"ADAPTADOR COM FLANGES LIVRES, PVC, SOLDÁVEL, DN 110 MM X 4\", INSTALADO EM RESERVAÇÃO PREDIAL DE ÁGUA - FORNECIMENTO E INSTALAÇÃO. AF_04/2024","UN",265.83999999999997,94715,null,264.36,265.83999999999997]
[null,94724,"CONECTOR, CPVC, SOLDÁVEL, DN 22 MM X 3/4\", INSTALADO EM RESERVAÇÃO PREDIAL DE ÁGUA - FORNECIMENTO E INSTALAÇÃO. AF_04/2024","UN",26.56,94724,null,26.39,26.56]
[null,94725,"LUVA, CPVC, SOLDÁVEL, DN 22 MM, INSTALADO EM RESERVAÇÃO PREDIAL DE ÁGUA - FORNECIMENTO E INSTALAÇÃO. AF_04/2024","UN",7.25,94725,null,7.08,7.25]
[null,94726,"CONECTOR, CPVC, SOLDÁVEL, DN 28 MM X 1\", INSTALADO EM RESERVAÇÃO PREDIAL DE ÁGUA - FORNECIMENTO E INSTALAÇÃO. AF_04/2024","UN",34.25,94726,null,34.049999999999997,34.25]
[null,94727,"LUVA, CPVC, SOLDÁVEL, DN 28 MM, INSTALADO EM RESERVAÇÃO PREDIAL DE ÁGUA - FORNECIMENTO E INSTALAÇÃO. AF_04/2024","UN",11.79,94727,null,11.59,11.79]
[null,94728,"CONECTOR, CPVC, SOLDÁVEL, DN 35 MM X 1 1/4\", INSTALADO EM RESERVAÇÃO PREDIAL DE ÁGUA - FORNECIMENTO E INSTALAÇÃO. AF_04/2024","UN",53.48,94728,null,53.2,53.48]
[null,94729,"LUVA, CPVC, SOLDÁVEL, DN 35 MM, INSTALADO EM RESERVAÇÃO PREDIAL DE ÁGUA - FORNECIMENTO E INSTALAÇÃO. AF_04/2024","UN",20.350000000000001,94729,null,20.07,20.350000000000001]
[null,94730,"CONECTOR, CPVC, SOLDÁVEL, DN 42 MM X 1 1/2\", INSTALADO EM RESERVAÇÃO PREDIAL DE ÁGUA - FORNECIMENTO E INSTALAÇÃO. AF_04/2024","UN",65.53,94730,null,65.17,65.53]
[null,94731,"LUVA, CPVC, SOLDÁVEL, DN 42 MM, INSTALADO EM RESERVAÇÃO PREDIAL DE ÁGUA - FORNECIMENTO E INSTALAÇÃO. AF_04/2024","UN",{"$f":"IF($K$2=$H$1,H4611,I4611)","v":26.93},{"$f":"IF(LEN($B4611)=7,CONCATENATE(MID($B4611,1,6),\"00\",RIGHT($B4611,1)),IF(LEN($B4611)=8,CONCATENATE(MID($B4611,1,6),\"0\",RIGHT($B4611,2)),$B4611))","v":94731},null,26.57,26.93]
[null,94732,"CONECTOR, CPVC, SOLDÁVEL, DN 54 MM X 2\", INSTALADO EM RESERVAÇÃO PREDIAL DE ÁGUA - FORNECIMENTO E INSTALAÇÃO. AF_04/2024","UN",105.04,94732,null,104.53,105.04]
[null,94733,"LUVA, CPVC, SOLDÁVEL, DN 54 MM, INSTALADO EM RESERVAÇÃO PREDIAL DE ÁGUA - FORNECIMENTO E INSTALAÇÃO. AF_04/2024","UN",47.07,94733,null,46.56,47.07]
[null,94734,"CONECTOR, CPVC, SOLDÁVEL, DN 73 MM X 2 1/2\", INSTALADO EM RESERVAÇÃO PREDIAL DE ÁGUA - FORNECIMENTO E INSTALAÇÃO. AF_04/2024","UN",383.65,94734,null,382.79,383.65]
[null,94736,"CONECTOR, CPVC, SOLDÁVEL, DN 89 MM X 3\", INSTALADO EM RESERVAÇÃO PREDIAL DE ÁGUA - FORNECIMENTO E INSTALAÇÃO. AF_04/2024","UN",557.94000000000005,94736,null,556.71,557.94000000000005]
[null,94737,"LUVA, CPVC, SOLDÁVEL, DN 89 MM, INSTALADO EM RESERVAÇÃO PREDIAL DE ÁGUA - FORNECIMENTO E INSTALAÇÃO. AF_04/2024","UN",194.65,94737,null,193.42,194.65]
[null,94738,"CONECTOR, CPVC, SOLDÁVEL, DN 114 MM X 4\", INSTALADO EM RESERVAÇÃO PREDIAL DE ÁGUA - FORNECIMENTO E INSTALAÇÃO. AF_04/2024","UN",1681.88,94738,null,1679.92,1681.88]
[null,94739,"LUVA, CPVC, SOLDÁVEL, DN 114 MM, INSTALADO EM RESERVAÇÃO PREDIAL DE ÁGUA - FORNECIMENTO E INSTALAÇÃO. AF_04/2024","UN",239.31,94739,null,237.35,239.31]
[null,94740,"JOELHO 90 GRAUS, CPVC, SOLDÁVEL, DN 22 MM, INSTALADO EM RESERVAÇÃO PREDIAL DE ÁGUA - FORNECIMENTO E INSTALAÇÃO. AF_04/2024","UN",10.07,94740,null,9.82,10.07]
[null,94741,"CURVA 90 GRAUS, CPVC, SOLDÁVEL, DN 22 MM, INSTALADO EM RESERVAÇÃO PREDIAL DE ÁGUA - FORNECIMENTO E INSTALAÇÃO. AF_04/2024","UN",13.09,94741,null,12.84,13.09]
[null,94742,"JOELHO 90 GRAUS, CPVC, SOLDÁVEL, DN 28 MM, INSTALADO EM RESERVAÇÃO PREDIAL DE ÁGUA - FORNECIMENTO E INSTALAÇÃO. AF_04/2024","UN",16.87,94742,null,16.55,16.87]
[null,94743,"CURVA 90 GRAUS, CPVC, SOLDÁVEL, DN 28 MM, INSTALADO EM RESERVAÇÃO PREDIAL DE ÁGUA - FORNECIMENTO E INSTALAÇÃO. AF_04/2024","UN",21.41,94743,null,21.09,21.41]
[null,94744,"JOELHO 90 GRAUS, CPVC, SOLDÁVEL, DN 35 MM, INSTALADO EM RESERVAÇÃO PREDIAL DE ÁGUA - FORNECIMENTO E INSTALAÇÃO. AF_04/2024","UN",26.62,94744,null,26.21,26.62]
[null,94746,"JOELHO 90 GRAUS, CPVC, SOLDÁVEL, DN 42 MM, INSTALADO EM RESERVAÇÃO PREDIAL DE ÁGUA - FORNECIMENTO E INSTALAÇÃO. AF_04/2024","UN",38.22,94746,null,37.69,38.22]
[null,94748,"JOELHO 90 GRAUS, CPVC, SOLDÁVEL, DN 54 MM, INSTALADO EM RESERVAÇÃO PREDIAL DE ÁGUA - FORNECIMENTO E INSTALAÇÃO. AF_04/2024","UN",84,94748,null,83.23,84]
[null,94750,"JOELHO 90 GRAUS, CPVC, SOLDÁVEL, DN 73 MM, INSTALADO EM RESERVAÇÃO PREDIAL DE ÁGUA - FORNECIMENTO E INSTALAÇÃO. AF_04/2024","UN",169.52,94750,null,168.23,169.52]
[null,94752,"JOELHO 90 GRAUS, CPVC, SOLDÁVEL, DN 89 MM, INSTALADO EM RESERVAÇÃO PREDIAL DE ÁGUA - FORNECIMENTO E INSTALAÇÃO. AF_04/2024","UN",203.74,94752,null,201.89,203.74]
[null,94754,"JOELHO 90 GRAUS, CPVC, SOLDÁVEL, DN 114 MM, INSTALADO EM RESERVAÇÃO PREDIAL DE ÁGUA - FORNECIMENTO E INSTALAÇÃO. AF_04/2024","UN",291.76,94754,null,288.82,291.76]
[null,94756,"TE, CPVC, SOLDÁVEL, DN 22 MM, INSTALADO EM RESERVAÇÃO PREDIAL DE ÁGUA - FORNECIMENTO E INSTALAÇÃO. AF_04/2024","UN",13.04,94756,null,12.7,13.04]
[null,94757,"TE, CPVC, SOLDÁVEL, DN 28 MM, INSTALADO EM RESERVAÇÃO PREDIAL DE ÁGUA - FORNECIMENTO E INSTALAÇÃO. AF_04/2024","UN",20.58,94757,null,20.16,20.58]
[null,94758,"TE, CPVC, SOLDÁVEL, DN 35 MM, INSTALADO EM RESERVAÇÃO PREDIAL DE ÁGUA - FORNECIMENTO E INSTALAÇÃO. AF_04/2024","UN",52.27,94758,null,51.73,52.27]
[null,94759,"TE, CPVC, SOLDÁVEL, DN 42 MM, INSTALADO EM RESERVAÇÃO PREDIAL DE ÁGUA - FORNECIMENTO E INSTALAÇÃO. AF_04/2024","UN",66.47,94759,null,65.77,66.47]
[null,94760,"TE, CPVC, SOLDÁVEL, DN 54 MM, INSTALADO EM RESERVAÇÃO PREDIAL DE ÁGUA - FORNECIMENTO E INSTALAÇÃO. AF_04/2024","UN",105.72,94760,null,104.69,105.72]
[null,94761,"TE, CPVC, SOLDÁVEL, DN 73 MM, INSTALADO EM RESERVAÇÃO PREDIAL DE ÁGUA - FORNECIMENTO E INSTALAÇÃO. AF_04/2024","UN",228.26,94761,null,226.54,228.26]
[null,94762,"TE, CPVC, SOLDÁVEL, DN 89 MM, INSTALADO EM RESERVAÇÃO PREDIAL DE ÁGUA - FORNECIMENTO E INSTALAÇÃO. AF_04/2024","UN",277,94762,null,274.52999999999997,277]
[null,94763,"TE, CPVC, SOLDÁVEL, DN 114 MM, INSTALADO EM RESERVAÇÃO PREDIAL DE ÁGUA - FORNECIMENTO E INSTALAÇÃO. AF_04/2024","UN",363.85,94763,null,359.93,363.85]
[null,94764,"ADAPTADOR COM FLANGE E ANEL DE VEDAÇÃO, CPVC, ROSCÁVEL, DN 15 MM, INSTALADO EM RESERVAÇÃO PREDIAL DE ÁGUA - FORNECIMENTO E INSTALAÇÃO. AF_04/2024","UN",37.049999999999997,94764,null,36.42,37.049999999999997]
[null,94765,"ADAPTADOR COM FLANGE E ANEL DE VEDAÇÃO, CPVC, ROSCÁVEL, DN 22 MM, INSTALADO EM RESERVAÇÃO PREDIAL DE ÁGUA - FORNECIMENTO E INSTALAÇÃO. AF_04/2024","UN",40.94,94765,null,40.299999999999997,40.94]
[null,94766,"ADAPTADOR COM FLANGE E ANEL DE VEDAÇÃO, CPVC, ROSCÁVEL, DN 28 MM, INSTALADO EM RESERVAÇÃO PREDIAL DE ÁGUA - FORNECIMENTO E INSTALAÇÃO. AF_04/2024","UN",45.9,94766,null,45.26,45.9]
[null,94767,"ADAPTADOR COM FLANGE E ANEL DE VEDAÇÃO, CPVC, ROSCÁVEL, DN 35 MM, INSTALADO EM RESERVAÇÃO PREDIAL DE ÁGUA - FORNECIMENTO E INSTALAÇÃO. AF_04/2024","UN",68.5,94767,null,67.83,68.5]
[null,94768,"ADAPTADOR COM FLANGE E ANEL DE VEDAÇÃO, CPVC, ROSCÁVEL, DN 42 MM, INSTALADO EM RESERVAÇÃO PREDIAL DE ÁGUA - FORNECIMENTO E INSTALAÇÃO. AF_04/2024","UN",77.72,94768,null,77.03,77.72]
[null,94769,"ADAPTADOR COM FLANGE E ANEL DE VEDAÇÃO, CPVC, ROSCÁVEL, DN 54 MM, INSTALADO EM RESERVAÇÃO PREDIAL DE ÁGUA - FORNECIMENTO E INSTALAÇÃO. AF_04/2024","UN",104.1,94769,null,103.38,104.1]
[null,94783,"ADAPTADOR COM FLANGE E ANEL DE VEDAÇÃO, PVC, SOLDÁVEL, DN  20 MM X 1/2\", INSTALADO EM RESERVAÇÃO PREDIAL DE ÁGUA - FORNECIMENTO E INSTALAÇÃO. AF_04/2024","UN",16.96,94783,null,16.32,16.96]
[null,94863,"LUVA, CPVC, SOLDÁVEL, DN 73 MM, INSTALADO EM RESERVAÇÃO PREDIAL DE ÁGUA - FORNECIMENTO E INSTALAÇÃO. AF_04/2024","UN",163.16,94863,null,162.30000000000001,163.16]
[null,95237,"LUVA COM BUCHA DE LATÃO, PVC, SOLDÁVEL, DN 32MM X 1 , INSTALADO EM RAMAL DE DISTRIBUIÇÃO DE ÁGUA   FORNECIMENTO E INSTALAÇÃO. AF_06/2022","UN",22.16,95237,null,21.68,22.16]
[null,95693,"LUVA SIMPLES, PVC, SÉRIE NORMAL, ESGOTO PREDIAL, DN 150 MM, JUNTA ELÁSTICA, FORNECIDO E INSTALADO EM SUBCOLETOR AÉREO DE ESGOTO SANITÁRIO. AF_08/2022","UN",50.86,95693,null,49.69,50.86]
[null,95694,"CURVA 90 GRAUS, PVC, SERIE R, ÁGUA PLUVIAL, DN 100 MM, JUNTA ELÁSTICA, FORNECIDO E INSTALADO EM RAMAL DE ENCAMINHAMENTO. AF_06/2022","UN",52.92,95694,null,52.29,52.92]
[null,95695,"CURVA 90 GRAUS, PVC, SERIE R, ÁGUA PLUVIAL, DN 100 MM, JUNTA ELÁSTICA, FORNECIDO E INSTALADO EM CONDUTORES VERTICAIS DE ÁGUAS PLUVIAIS. AF_06/2022","UN",59.61,95695,null,58.28,59.61]
[null,95696,"SPRINKLER TIPO PENDENTE, 68 °C, UNIÃO POR ROSCA DN 15 (1/2\") - FORNECIMENTO E INSTALAÇÃO. AF_10/2020","UN",40.520000000000003,95696,null,40.18,40.520000000000003]
[null,96637,"JOELHO 90 GRAUS, PPR, DN 25 MM, CLASSE PN 25, INSTALADO EM RAMAL OU SUB-RAMAL DE ÁGUA   FORNECIMENTO E INSTALAÇÃO. AF_08/2022","UN",14.47,96637,null,13.2,14.47]
[null,96638,"JOELHO 45 GRAUS, PPR, DN 25 MM, CLASSE PN 25, INSTALADO EM RAMAL OU SUB-RAMAL DE ÁGUA   FORNECIMENTO E INSTALAÇÃO. AF_08/2022","UN",14.81,96638,null,13.54,14.81]
[null,96639,"LUVA, PPR, DN 25 MM, CLASSE PN 25, INSTALADO EM RAMAL OU SUB-RAMAL DE ÁGUA   FORNECIMENTO E INSTALAÇÃO. AF_08/2022","UN",10.06,96639,null,9.2200000000000006,10.06]
[null,96640,"CONECTOR MACHO, PPR, 25 X 1/2  , CLASSE PN 25, INSTALADO EM RAMAL OU SUB-RAMAL DE ÁGUA   FORNECIMENTO E INSTALAÇÃO. AF_08/2022","UN",22.76,96640,null,22.16,22.76]
[null,96641,"CONECTOR FÊMEA, PPR, 25 X 1/2  , CLASSE PN 25, INSTALADO EM RAMAL OU SUB-RAMAL DE ÁGUA   FORNECIMENTO E INSTALAÇÃO. AF_08/2022","UN",15.28,96641,null,14.68,15.28]
[null,96642,"TÊ NORMAL, PPR, DN 25 MM, CLASSE PN 25, INSTALADO EM RAMAL OU SUB-RAMAL DE ÁGUA   FORNECIMENTO E INSTALAÇÃO. AF_08/2022","UN",19.05,96642,null,17.36,19.05]
[null,96643,"TÊ MISTURADOR, PPR, 25 X 3/4   , CLASSE PN 25, INSTALADO EM RAMAL OU SUB-RAMAL DE ÁGUA   FORNECIMENTO E INSTALAÇÃO. AF_08/2022","UN",39.97,96643,null,38.78,39.97]
[null,96650,"JOELHO 90 GRAUS, PPR, DN 25 MM, CLASSE PN 25, INSTALADO EM RAMAL DE DISTRIBUIÇÃO   FORNECIMENTO E INSTALAÇÃO. AF_08/2022","UN",8.06,96650,null,7.45,8.06]
[null,96651,"JOELHO 45 GRAUS, PPR, DN 25 MM, CLASSE PN 25, INSTALADO EM RAMAL DE DISTRIBUIÇÃO DE ÁGUA   FORNECIMENTO E INSTALAÇÃO. AF_08/2022","UN",8.4,96651,null,7.79,8.4]
[null,96652,"JOELHO 90 GRAUS, PPR, DN 32 MM, CLASSE PN 25, INSTALADO EM RAMAL DE DISTRIBUIÇÃO - FORNECIMENTO E INSTALAÇÃO. AF_08/2022","UN",9.5299999999999994,96652,null,8.89,9.5299999999999994]
[null,96653,"JOELHO 45 GRAUS, PPR, DN 32 MM, CLASSE PN 25, INSTALADO EM RAMAL DE DISTRIBUIÇÃO DE ÁGUA - FORNECIMENTO E INSTALAÇÃO. AF_08/2022","UN",12.43,96653,null,11.79,12.43]
[null,96654,"JOELHO 90 GRAUS, PPR, DN 40 MM, CLASSE PN 25, INSTALADO EM RAMAL DE DISTRIBUIÇÃO - FORNECIMENTO E INSTALAÇÃO. AF_08/2022","UN",14.12,96654,null,13.45,14.12]
[null,96655,"JOELHO 45 GRAUS, PPR, DN 40 MM, CLASSE PN 25, INSTALADO EM RAMAL DE DISTRIBUIÇÃO DE ÁGUA - FORNECIMENTO E INSTALAÇÃO. AF_08/2022","UN",18.850000000000001,96655,null,18.18,18.850000000000001]
[null,96656,"LUVA, PPR, DN 25 MM, CLASSE PN 25, INSTALADO EM RAMAL DE DISTRIBUIÇÃO DE ÁGUA   FORNECIMENTO E INSTALAÇÃO. AF_08/2022","UN",5.79,96656,null,5.38,5.79]
[null,96657,"CONECTOR MACHO, PPR, 25 X 1/2, CLASSE PN 25, INSTALADO EM RAMAL DE DISTRIBUIÇÃO DE ÁGUA   FORNECIMENTO E INSTALAÇÃO. AF_08/2022","UN",20.86,96657,null,20.45,20.86]
[null,96658,"CONECTOR FÊMEA, PPR, 25 X 1/2  , CLASSE PN 25, INSTALADO EM RAMAL DE DISTRIBUIÇÃO DE ÁGUA   FORNECIMENTO E INSTALAÇÃO. AF_08/2022","UN",13.38,96658,null,12.97,13.38]
[null,96659,"LUVA, PPR, DN 32 MM, CLASSE PN 25, INSTALADO EM RAMAL DE DISTRIBUIÇÃO DE ÁGUA   FORNECIMENTO E INSTALAÇÃO. AF_08/2022","UN",7.51,96659,null,7.08,7.51]
[null,96660,"CONECTOR MACHO, PPR, 32 X 3/4\", CLASSE PN 25, INSTALADO EM RAMAL DE DISTRIBUIÇÃO DE ÁGUA   FORNECIMENTO E INSTALAÇÃO. AF_08/2022","UN",28.27,96660,null,27.86,28.27]
[null,96661,"CONECTOR FÊMEA, PPR, 32 X 3/4\", CLASSE PN 25, INSTALADO EM RAMAL DE DISTRIBUIÇÃO DE ÁGUA   FORNECIMENTO E INSTALAÇÃO. AF_08/2022","UN",28,96661,null,27.59,28]
[null,96662,"BUCHA DE REDUÇÃO, PPR, 32 X 25, CLASSE PN 25, INSTALADO EM RAMAL DE DISTRIBUIÇÃO DE ÁGUA   FORNECIMENTO E INSTALAÇÃO. AF_08/2022","UN",8.32,96662,null,7.91,8.32]
[null,96663,"LUVA, PPR, DN 40 MM, CLASSE PN 25, INSTALADO EM RAMAL DE DISTRIBUIÇÃO DE ÁGUA   FORNECIMENTO E INSTALAÇÃO. AF_08/2022","UN",14.03,96663,null,13.58,14.03]
[null,96664,"BUCHA DE REDUÇÃO, PPR, 40 X 25, CLASSE PN 25, INSTALADO EM RAMAL DE DISTRIBUIÇÃO DE ÁGUA   FORNECIMENTO E INSTALAÇÃO. AF_08/2022","UN",15.39,96664,null,14.97,15.39]
[null,96665,"TÊ NORMAL, PPR, DN 25 MM, CLASSE PN 25, INSTALADO EM RAMAL DE DISTRIBUIÇÃO DE ÁGUA   FORNECIMENTO E INSTALAÇÃO. AF_08/2022","UN",10.5,96665,null,9.69,10.5]
[null,96666,"TÊ NORMAL, PPR, DN 32 MM, CLASSE PN 25, INSTALADO EM RAMAL DE DISTRIBUIÇÃO DE ÁGUA   FORNECIMENTO E INSTALAÇÃO. AF_08/2022","UN",14.97,96666,null,14.11,14.97]
[null,96667,"TÊ NORMAL, PPR, DN 40 MM, CLASSE PN 25, INSTALADO EM RAMAL DE DISTRIBUIÇÃO DE ÁGUA   FORNECIMENTO E INSTALAÇÃO. AF_08/2022","UN",21.01,96667,null,20.12,21.01]
[null,96684,"JOELHO 90 GRAUS, PPR, DN 25 MM, CLASSE PN 25, INSTALADO EM PRUMADA DE ÁGUA   FORNECIMENTO E INSTALAÇÃO . AF_08/2022","UN",{"$f":"IF($K$2=$H$1,H4675,I4675)","v":10.37},{"$f":"IF(LEN($B4675)=7,CONCATENATE(MID($B4675,1,6),\"00\",RIGHT($B4675,1)),IF(LEN($B4675)=8,CONCATENATE(MID($B4675,1,6),\"0\",RIGHT($B4675,2)),$B4675))","v":96684},null,9.52,10.37]
[null,96685,"JOELHO 45 GRAUS, PPR, DN 25 MM, CLASSE PN 25, INSTALADO EM PRUMADA DE ÁGUA   FORNECIMENTO E INSTALAÇÃO . AF_08/2022","UN",10.71,96685,null,9.86,10.71]
[null,96686,"JOELHO 90 GRAUS, PPR, DN 32 MM, CLASSE PN 25, INSTALADO EM PRUMADA DE ÁGUA   FORNECIMENTO E INSTALAÇÃO . AF_08/2022","UN",13.32,96686,null,12.29,13.32]
[null,96687,"JOELHO 45 GRAUS, PPR, DN 32 MM, CLASSE PN 25, INSTALADO EM PRUMADA DE ÁGUA   FORNECIMENTO E INSTALAÇÃO . AF_08/2022","UN",16.22,96687,null,15.19,16.22]
[null,96688,"JOELHO 90 GRAUS, PPR, DN 40 MM, CLASSE PN 25, INSTALADO EM PRUMADA DE ÁGUA   FORNECIMENTO E INSTALAÇÃO . AF_08/2022","UN",19.61,96688,null,18.37,19.61]
[null,96689,"JOELHO 45 GRAUS, PPR, DN 40 MM, CLASSE PN 25, INSTALADO EM PRUMADA DE ÁGUA   FORNECIMENTO E INSTALAÇÃO . AF_08/2022","UN",24.34,96689,null,23.1,24.34]
[null,96690,"JOELHO 90 GRAUS, PPR, DN 50 MM, CLASSE PN 25, INSTALADO EM PRUMADA DE ÁGUA   FORNECIMENTO E INSTALAÇÃO . AF_08/2022","UN",27.2,96690,null,25.69,27.2]
[null,96691,"JOELHO 45 GRAUS, PPR, DN 50 MM, CLASSE PN 25, INSTALADO EM PRUMADA DE ÁGUA   FORNECIMENTO E INSTALAÇÃO . AF_08/2022","UN",34.69,96691,null,33.18,34.69]
[null,96692,"JOELHO 90 GRAUS, PPR, DN 63 MM, CLASSE PN 25, INSTALADO EM PRUMADA DE ÁGUA   FORNECIMENTO E INSTALAÇÃO . AF_08/2022","UN",38.4,96692,null,36.549999999999997,38.4]
[null,96693,"JOELHO 45 GRAUS, PPR, DN 63 MM, CLASSE PN 25, INSTALADO EM PRUMADA DE ÁGUA   FORNECIMENTO E INSTALAÇÃO . AF_08/2022","UN",51.76,96693,null,49.91,51.76]
[null,96694,"JOELHO 90 GRAUS, PPR, DN 75 MM, CLASSE PN 25, INSTALADO EM PRUMADA DE ÁGUA   FORNECIMENTO E INSTALAÇÃO . AF_08/2022","UN",80.650000000000006,96694,null,78.489999999999995,80.650000000000006]
[null,96695,"JOELHO 45 GRAUS, PPR, DN 75 MM, CLASSE PN 25, INSTALADO EM PRUMADA DE ÁGUA   FORNECIMENTO E INSTALAÇÃO . AF_08/2022","UN",88.8,96695,null,86.64,88.8]
[null,96696,"JOELHO 90 GRAUS, PPR, DN 90 MM, CLASSE PN 25, INSTALADO EM PRUMADA DE ÁGUA   FORNECIMENTO E INSTALAÇÃO . AF_08/2022","UN",100.64,96696,null,98.08,100.64]
[null,96697,"JOELHO 90 GRAUS, PPR, DN 110 MM, CLASSE PN 25, INSTALADO EM PRUMADA DE ÁGUA   FORNECIMENTO E INSTALAÇÃO . AF_08/2022","UN",295.83,96697,null,292.73,295.83]
[null,96698,"LUVA, PPR, DN 25 MM, CLASSE PN 25, INSTALADO EM PRUMADA DE ÁGUA   FORNECIMENTO E INSTALAÇÃO . AF_08/2022","UN",7.33,96698,null,6.77,7.33]
[null,96699,"CONECTOR MACHO, PPR, 25 X 1/2\", CLASSE PN 25, INSTALADO EM PRUMADA DE ÁGUA   FORNECIMENTO E INSTALAÇÃO . AF_08/2022","UN",22.4,96699,null,21.84,22.4]
[null,96700,"CONECTOR FÊMEA, PPR, 25 X 1/2\", CLASSE PN 25, INSTALADO EM PRUMADA DE ÁGUA   FORNECIMENTO E INSTALAÇÃO . AF_08/2022","UN",14.92,96700,null,14.36,14.92]
[null,96701,"LUVA, PPR, DN 32 MM, CLASSE PN 25, INSTALADO EM PRUMADA DE ÁGUA   FORNECIMENTO E INSTALAÇÃO. AF_08/2022","UN",10.029999999999999,96701,null,9.35,10.029999999999999]
[null,96702,"BUCHA DE REDUÇÃO, PPR, 32 X 25, CLASSE PN 25, INSTALADO EM PRUMADA DE ÁGUA   FORNECIMENTO E INSTALAÇÃO . AF_08/2022","UN",10.36,96702,null,9.73,10.36]
[null,96703,"LUVA, PPR, DN 40 MM, CLASSE PN 25, INSTALADO EM PRUMADA DE ÁGUA   FORNECIMENTO E INSTALAÇÃO. AF_08/2022","UN",17.7,96703,null,16.86,17.7]
[null,96704,"BUCHA DE REDUÇÃO, PPR, 40 X 25, CLASSE PN 25, INSTALADO EM PRUMADA DE ÁGUA   FORNECIMENTO E INSTALAÇÃO . AF_08/2022","UN",17.989999999999998,96704,null,17.29,17.989999999999998]
[null,96705,"LUVA, PPR, DN 50 MM, CLASSE PN 25, INSTALADO EM PRUMADA DE ÁGUA   FORNECIMENTO E INSTALAÇÃO. AF_08/2022","UN",21.47,96705,null,20.46,21.47]
[null,96706,"LUVA, PPR, DN 63 MM, CLASSE PN 25, INSTALADO EM PRUMADA DE ÁGUA   FORNECIMENTO E INSTALAÇÃO. AF_08/2022","UN",31.71,96706,null,30.47,31.71]
[null,96707,"LUVA, PPR, DN 75 MM, CLASSE PN 25, INSTALADO EM PRUMADA DE ÁGUA   FORNECIMENTO E INSTALAÇÃO. AF_08/2022","UN",50.74,96707,null,49.29,50.74]
[null,96708,"LUVA, PPR, DN 90 MM, CLASSE PN 25, INSTALADO EM PRUMADA DE ÁGUA   FORNECIMENTO E INSTALAÇÃO. AF_08/2022","UN",76.7,96708,null,74.989999999999995,76.7]
[null,96709,"LUVA, PPR, DN 110 MM, CLASSE PN 25, INSTALADO EM PRUMADA DE ÁGUA   FORNECIMENTO E INSTALAÇÃO. AF_08/2022","UN",97.81,96709,null,95.75,97.81]
[null,96710,"TÊ NORMAL, PPR, DN 25 MM, CLASSE PN 25, INSTALADO EM PRUMADA DE ÁGUA   FORNECIMENTO E INSTALAÇÃO . AF_08/2022","UN",13.58,96710,null,12.45,13.58]
[null,96711,"TÊ NORMAL, PPR, DN 32 MM, CLASSE PN 25, INSTALADO EM PRUMADA DE ÁGUA   FORNECIMENTO E INSTALAÇÃO . AF_08/2022","UN",20.03,96711,null,18.66,20.03]
[null,96712,"TÊ NORMAL, PPR, DN 40 MM, CLASSE PN 25, INSTALADO EM PRUMADA DE ÁGUA   FORNECIMENTO E INSTALAÇÃO . AF_08/2022","UN",28.35,96712,null,26.68,28.35]
[null,96713,"TÊ NORMAL, PPR, DN 50 MM, CLASSE PN 25, INSTALADO EM PRUMADA DE ÁGUA   FORNECIMENTO E INSTALAÇÃO . AF_08/2022","UN",43.22,96713,null,41.2,43.22]
[null,96714,"TÊ NORMAL, PPR, DN 63 MM, CLASSE PN 25, INSTALADO EM PRUMADA DE ÁGUA   FORNECIMENTO E INSTALAÇÃO . AF_08/2022","UN",61.3,96714,null,58.83,61.3]
[null,96715,"TÊ NORMAL, PPR, DN 75 MM, CLASSE PN 25, INSTALADO EM PRUMADA DE ÁGUA   FORNECIMENTO E INSTALAÇÃO . AF_08/2022","UN",108.47,96715,null,105.58,108.47]
[null,96716,"TÊ NORMAL, PPR, DN 90 MM, CLASSE PN 25, INSTALADO EM PRUMADA DE ÁGUA   FORNECIMENTO E INSTALAÇÃO . AF_08/2022","UN",141.1,96716,null,137.68,141.1]
[null,96717,"TÊ NORMAL, PPR, DN 110 MM, CLASSE PN 25, INSTALADO EM PRUMADA DE ÁGUA   FORNECIMENTO E INSTALAÇÃO . AF_08/2022","UN",269.77999999999997,96717,null,265.64999999999998,269.77999999999997]
[null,96736,"LUVA, PPR, DN 20 MM, INSTALADO EM RESERVAÇÃO PREDIAL DE ÁGUA - FORNECIMENTO E INSTALAÇÃO. AF_04/2024","UN",5.24,96736,null,4.92,5.24]
[null,96737,"LUVA, PPR, DN 25 MM, INSTALADO EM RESERVAÇÃO PREDIAL DE ÁGUA - FORNECIMENTO E INSTALAÇÃO. AF_04/2024","UN",5.37,96737,null,5.01,5.37]
[null,96738,"CONECTOR MACHO, PPR, 25 MM X 1/2'', INSTALADO EM RESERVAÇÃO PREDIAL DE ÁGUA - FORNECIMENTO E INSTALAÇÃO. AF_04/2024","UN",20.48,96738,null,20.12,20.48]
[null,96739,"LUVA, PPR, DN 32 MM, CLASSE PN 25, INSTALADO EM RESERVAÇÃO PREDIAL DE ÁGUA - FORNECIMENTO E INSTALAÇÃO. AF_04/2024","UN",7.43,96739,null,7.01,7.43]
[null,96740,"CONECTOR MACHO, PPR, 32 MM X 3/4'', INSTALADO EM RESERVAÇÃO PREDIAL DE ÁGUA - FORNECIMENTO E INSTALAÇÃO. AF_04/2024","UN",28.34,96740,null,27.92,28.34]
[null,96741,"LUVA, PPR, DN 40 MM, CLASSE PN 25, INSTALADO EM RESERVAÇÃO PREDIAL DE ÁGUA - FORNECIMENTO E INSTALAÇÃO. AF_04/2024","UN",14.53,96741,null,14.03,14.53]
[null,96742,"LUVA, PPR, DN 50 MM, CLASSE PN 25, INSTALADO EM RESERVAÇÃO PREDIAL DE ÁGUA - FORNECIMENTO E INSTALAÇÃO. AF_04/2024","UN",17.84,96742,null,17.21,17.84]
[null,96743,"LUVA, PPR, DN 63 MM, CLASSE PN 25, INSTALADO EM RESERVAÇÃO PREDIAL DE ÁGUA - FORNECIMENTO E INSTALAÇÃO. AF_04/2024","UN",27.89,96743,null,27.05,27.89]
[null,96744,"LUVA, PPR, DN 75 MM, CLASSE PN 25, INSTALADO EM RESERVAÇÃO PREDIAL DE ÁGUA - FORNECIMENTO E INSTALAÇÃO. AF_04/2024","UN",47.15,96744,null,46.07,47.15]
[null,96745,"LUVA, PPR, DN 90 MM, CLASSE PN 25, INSTALADO EM RESERVAÇÃO PREDIAL DE ÁGUA - FORNECIMENTO E INSTALAÇÃO. AF_04/2024","UN",73.98,96745,null,72.55,73.98]
[null,96746,"LUVA, PPR, DN 110 MM, CLASSE PN 25, INSTALADO EM RESERVAÇÃO PREDIAL DE ÁGUA - FORNECIMENTO E INSTALAÇÃO. AF_04/2024","UN",97.22,96746,null,95.22,97.22]
[null,96747,"JOELHO 90 GRAUS, PPR, DN 20 MM, INSTALADO EM RESERVAÇÃO PREDIAL DE ÁGUA - FORNECIMENTO E INSTALAÇÃO. AF_04/2024","UN",6.4,96747,null,5.91,6.4]
[null,96748,"JOELHO 90 GRAUS, PPR, DN 25 MM, INSTALADO EM RESERVAÇÃO PREDIAL DE ÁGUA - FORNECIMENTO E INSTALAÇÃO. AF_04/2024","UN",7.43,96748,null,6.89,7.43]
[null,96749,"JOELHO 90 GRAUS, PPR, DN 32 MM, INSTALADO EM RESERVAÇÃO PREDIAL DE ÁGUA - FORNECIMENTO E INSTALAÇÃO. AF_04/2024","UN",9.42,96749,null,8.8000000000000007,9.42]
[null,96750,"JOELHO 90 GRAUS, PPR, DN 40 MM, INSTALADO EM RESERVAÇÃO PREDIAL DE ÁGUA - FORNECIMENTO E INSTALAÇÃO. AF_04/2024","UN",14.86,96750,null,14.11,14.86]
[null,96751,"JOELHO 90 GRAUS, PPR, DN 50 MM, INSTALADO EM RESERVAÇÃO PREDIAL DE ÁGUA - FORNECIMENTO E INSTALAÇÃO. AF_04/2024","UN",21.75,96751,null,20.81,21.75]
[null,96752,"JOELHO 90 GRAUS, PPR, DN 63 MM, INSTALADO EM RESERVAÇÃO PREDIAL DE ÁGUA - FORNECIMENTO E INSTALAÇÃO. AF_04/2024","UN",32.68,96752,null,31.43,32.68]
[null,96753,"JOELHO 90 GRAUS, PPR, DN 75 MM, INSTALADO EM RESERVAÇÃO PREDIAL DE ÁGUA - FORNECIMENTO E INSTALAÇÃO. AF_04/2024","UN",75.28,96753,null,73.66,75.28]
[null,96754,"JOELHO 90 GRAUS, PPR, DN 90 MM, INSTALADO EM RESERVAÇÃO PREDIAL DE ÁGUA - FORNECIMENTO E INSTALAÇÃO. AF_04/2024","UN",96.56,96754,null,94.42,96.56]
[null,96755,"JOELHO 90 GRAUS, PPR, DN 110 MM, INSTALADO EM RESERVAÇÃO PREDIAL DE ÁGUA - FORNECIMENTO E INSTALAÇÃO. AF_04/2024","UN",294.94,96755,null,291.92,294.94]
[null,96758,"TÊ, PPR, DN 32 MM, INSTALADO EM RESERVAÇÃO PREDIAL DE ÁGUA - FORNECIMENTO E INSTALAÇÃO. AF_04/2024","UN",14.83,96758,null,14,14.83]
[null,96759,"TÊ, PPR, DN 40 MM, INSTALADO EM RESERVAÇÃO PREDIAL DE ÁGUA - FORNECIMENTO E INSTALAÇÃO. AF_04/2024","UN",22.01,96759,null,21.02,22.01]
[null,96760,"TÊ, PPR, DN 50 MM, INSTALADO EM RESERVAÇÃO PREDIAL DE ÁGUA - FORNECIMENTO E INSTALAÇÃO. AF_04/2024","UN",35.97,96760,null,34.71,35.97]
[null,96761,"TÊ, PPR, DN 63 MM, INSTALADO EM RESERVAÇÃO PREDIAL DE ÁGUA - FORNECIMENTO E INSTALAÇÃO. AF_04/2024","UN",53.66,96761,null,51.99,53.66]
[null,96762,"TÊ, PPR, DN 75 MM, INSTALADO EM RESERVAÇÃO PREDIAL DE ÁGUA - FORNECIMENTO E INSTALAÇÃO. AF_04/2024","UN",101.28,96762,null,99.13,101.28]
[null,96763,"TÊ, PPR, DN 90 MM, INSTALADO EM RESERVAÇÃO PREDIAL DE ÁGUA - FORNECIMENTO E INSTALAÇÃO. AF_04/2024","UN",135.66,96763,null,132.80000000000001,135.66]
[null,96764,"TÊ, PPR, DN 110 MM, INSTALADO EM RESERVAÇÃO PREDIAL DE ÁGUA - FORNECIMENTO E INSTALAÇÃO. AF_04/2024","UN",268.60000000000002,96764,null,264.58999999999997,268.60000000000002]
[null,96802,"KIT CHASSI PEX, PRÉ-FABRICADO, PARA CHUVEIRO, INCLUSO QUADRO METÁLICO, TUBOS, REGISTROS DE PRESSÃO E CONEXÕES POR CRIMPAGEM - FORNECIMENTO E INSTALAÇÃO. AF_02/2023","UN",420.37,96802,null,418.46,420.37]
[null,96803,"KIT CHASSI PEX, PRÉ-FABRICADO, PARA COZINHA COM CUBA SIMPLES, INCLUSO QUADRO METÁLICO, TUBOS E CONEXÕES POR CRIMPAGEM - FORNECIMENTO E INSTALAÇÃO. AF_02/2023","UN",74.709999999999994,96803,null,73.13,74.709999999999994]
[null,96804,"KIT CHASSI PEX, PRÉ-FABRICADO, PARA ÁREA DE SERVIÇO COM TANQUE E MÁQUINA DE LAVAR ROUPA, INCLUSO QUADRO METÁLICO, TUBOS E CONEXÕES POR CRIMPAGEM - FORNECIMENTO E INSTALAÇÃO. AF_02/2023","UN",118.51,96804,null,114.76,118.51]
[null,96805,"KIT CHASSI PEX, PRÉ-FABRICADO, PARA CHUVEIRO, INCLUSO QUADRO METÁLICO, TUBOS, REGISTROS DE PRESSÃO E CONEXÕES POR ANEL DESLIZANTE - FORNECIMENTO E INSTALAÇÃO. AF_02/2023","UN",{"$f":"IF($K$2=$H$1,H4739,I4739)","v":214.92},{"$f":"IF(LEN($B4739)=7,CONCATENATE(MID($B4739,1,6),\"00\",RIGHT($B4739,1)),IF(LEN($B4739)=8,CONCATENATE(MID($B4739,1,6),\"0\",RIGHT($B4739,2)),$B4739))","v":96805},null,212.36,214.92]
[null,96806,"KIT CHASSI PEX, PRÉ-FABRICADO, PARA COZINHA COM CUBA SIMPLES, INCLUSO QUADRO METÁLICO, TUBOS E CONEXÕES POR ANEL DESLIZANTE - FORNECIMENTO E INSTALAÇÃO. AF_02/2023","UN",80.86,96806,null,78.63,80.86]
[null,96807,"KIT CHASSI PEX, PRÉ-FABRICADO, PARA ÁREA DE SERVIÇO COM TANQUE E MÁQUINA DE LAVAR ROUPA, INCLUSO QUADRO METÁLICO, TUBOS E CONEXÕES POR ANEL DESLIZANTE - FORNECIMENTO E INSTALAÇÃO. AF_02/2023","UN",128.61000000000001,96807,null,124.23,128.61000000000001]
[null,96808,"UNIÃO METÁLICA PARA INSTALAÇÕES EM PEX ÁGUA, DN 16 MM, COM ANEL DESLIZANTE - FORNECIMENTO E INSTALAÇÃO. AF_02/2023","UN",15.98,96808,null,15.13,15.98]
[null,96809,"CONEXÃO FIXA, ROSCA FÊMEA, METÁLICA, PARA INSTALAÇÕES EM PEX ÁGUA, DN 16 MM X 1/2\", COM ANEL DESLIZANTE. FORNECIMENTO E INSTALAÇÃO. AF_02/2023","UN",17.760000000000002,96809,null,16.91,17.760000000000002]
[null,96810,"CONEXÃO MÓVEL, ROSCA FÊMEA, METÁLICA, PARA INSTALAÇÕES EM PEX ÁGUA, DN 16 MM X 3/4\", COM ANEL DESLIZANTE. FORNECIMENTO E INSTALAÇÃO. AF_02/2023","UN",19.25,96810,null,18.29,19.25]
[null,96811,"UNIÃO METÁLICA PARA INSTALAÇÕES EM PEX ÁGUA, DN 20 MM, COM ANEL DESLIZANTE - FORNECIMENTO E INSTALAÇÃO. AF_02/2023","UN",20.28,96811,null,19.27,20.28]
[null,96812,"CONEXÃO FIXA, ROSCA FÊMEA, METÁLICA, PARA INSTALAÇÕES EM PEX ÁGUA, DN 20 MM X 1/2\", COM ANEL DESLIZANTE. FORNECIMENTO E INSTALAÇÃO. AF_02/2023","UN",18.48,96812,null,17.579999999999998,18.48]
[null,96813,"CONEXÃO FIXA, ROSCA FÊMEA, METÁLICA, PARA INSTALAÇÕES EM PEX ÁGUA, DN 20 MM X 3/4\", COM ANEL DESLIZANTE. FORNECIMENTO E INSTALAÇÃO. AF_02/2023","UN",21.11,96813,null,20.100000000000001,21.11]
[null,96814,"UNIÃO DE REDUÇÃO, METÁLICA, PARA INSTALAÇÕES EM PEX ÁGUA, DN 20 X 16 MM, CONEXÃO POR ANEL DESLIZANTE - FORNECIMENTO E INSTALAÇÃO. AF_02/2023","UN",15.23,96814,null,14.54,15.23]
[null,96815,"UNIÃO METÁLICA PARA INSTALAÇÕES EM PEX ÁGUA, DN 25 MM, COM ANEL DESLIZANTE - FORNECIMENTO E INSTALAÇÃO. AF_02/2023","UN",32.020000000000003,96815,null,30.82,32.020000000000003]
[null,96816,"CONEXÃO FIXA, ROSCA FÊMEA, METÁLICA, PARA INSTALAÇÕES EM PEX ÁGUA, DN 25 MM X 3/4\", COM ANEL DESLIZANTE - FORNECIMENTO E INSTALAÇÃO. AF_02/2023","UN",23.93,96816,null,22.84,23.93]
[null,96817,"CONEXÃO FIXA, ROSCA FÊMEA, METÁLICA, PARA INSTALAÇÕES EM PEX ÁGUA, DN 25 MM X 1\", COM ANEL DESLIZANTE - FORNECIMENTO E INSTALAÇÃO. AF_02/2023","UN",32.29,96817,null,31.09,32.29]
[null,96818,"UNIÃO DE REDUÇÃO, METÁLICA, PARA INSTALAÇÕES EM PEX ÁGUA, DN 25 X 16 MM, CONEXÃO POR ANEL DESLIZANTE - FORNECIMENTO E INSTALAÇÃO. AF_02/2023","UN",20.73,96818,null,19.97,20.73]
[null,96819,"UNIÃO DE REDUÇÃO, METÁLICA, PARA INSTALAÇÕES EM PEX ÁGUA, DN 25 X 20 MM, CONEXÃO POR ANEL DESLIZANTE - FORNECIMENTO E INSTALAÇÃO. AF_02/2023","UN",22.22,96819,null,21.4,22.22]
[null,96820,"UNIÃO METÁLICA PARA INSTALAÇÕES EM PEX ÁGUA, DN 32 MM, COM ANEL DESLIZANTE - FORNECIMENTO E INSTALAÇÃO. AF_02/2023","UN",38.46,96820,null,36.979999999999997,38.46]
[null,96821,"CONEXÃO FIXA, ROSCA FÊMEA, METÁLICA, PARA INSTALAÇÕES EM PEX ÁGUA, DN 32 MM X 1\", COM ANEL DESLIZANTE - FORNECIMENTO E INSTALAÇÃO. AF_02/2023","UN",35.99,96821,null,34.68,35.99]
[null,96822,"UNIÃO DE REDUÇÃO, METÁLICA, PARA INSTALAÇÕES EM PEX ÁGUA, DN 32 X 25 MM, CONEXÃO POR ANEL DESLIZANTE - FORNECIMENTO E INSTALAÇÃO. AF_02/2023","UN",29.29,96822,null,28.29,29.29]
[null,96823,"LUVA PARA INSTALAÇÕES EM PEX ÁGUA, DN 16 MM, CONEXÃO POR CRIMPAGEM - FORNECIMENTO E INSTALAÇÃO. AF_02/2023","UN",10.79,96823,null,10.35,10.79]
[null,96824,"CONEXÃO FIXA, ROSCA FÊMEA, PARA INSTALAÇÕES EM PEX ÁGUA, DN 16MM X 1/2\", CONEXÃO POR CRIMPAGEM - FORNECIMENTO E INSTALAÇÃO. AF_02/2023","UN",16.72,96824,null,15.97,16.72]
[null,96826,"LUVA PARA INSTALAÇÕES EM PEX ÁGUA, DN 20 MM, CONEXÃO POR CRIMPAGEM - FORNECIMENTO E INSTALAÇÃO. AF_02/2023","UN",12.48,96826,null,11.96,12.48]
[null,96827,"CONEXÃO FIXA, ROSCA FÊMEA, PARA INSTALAÇÕES EM PEX ÁGUA, DN 20MM X 1/2\", CONEXÃO POR CRIMPAGEM - FORNECIMENTO E INSTALAÇÃO. AF_02/2023","UN",18.239999999999998,96827,null,17.45,18.239999999999998]
[null,96828,"CONEXÃO FIXA, ROSCA FÊMEA, PARA INSTALAÇÕES EM PEX ÁGUA, DN 20MM X 3/4\", CONEXÃO POR CRIMPAGEM - FORNECIMENTO E INSTALAÇÃO. AF_02/2023","UN",22.63,96828,null,21.74,22.63]
[null,96829,"LUVA DE REDUÇÃO PARA INSTALAÇÕES EM PEX ÁGUA, DN 20 X 16 MM, CONEXÃO POR CRIMPAGEM - FORNECIMENTO E INSTALAÇÃO. AF_02/2023","UN",17.87,96829,null,17.39,17.87]
[null,96830,"LUVA PARA INSTALAÇÕES EM PEX ÁGUA, DN 25 MM, CONEXÃO POR CRIMPAGEM - FORNECIMENTO E INSTALAÇÃO. AF_02/2023","UN",19.97,96830,null,19.350000000000001,19.97]
[null,96832,"CONEXÃO FIXA, ROSCA FÊMEA, PARA INSTALAÇÕES EM PEX ÁGUA, DN 25MM X 3/4\", CONEXÃO POR CRIMPAGEM - FORNECIMENTO E INSTALAÇÃO. AF_02/2023","UN",28.72,96832,null,27.77,28.72]
[null,96833,"LUVA DE REDUÇÃO PARA INSTALAÇÕES EM PEX ÁGUA, DN 25 X 16 MM, CONEXÃO POR CRIMPAGEM - FORNECIMENTO E INSTALAÇÃO. AF_02/2023","UN",22.93,96833,null,22.38,22.93]
[null,96834,"LUVA PARA INSTALAÇÕES EM PEX ÁGUA, DN 32 MM, CONEXÃO POR CRIMPAGEM - FORNECIMENTO E INSTALAÇÃO. AF_02/2023","UN",27.17,96834,null,26.4,27.17]
[null,96836,"LUVA DE REDUÇÃO PARA INSTALAÇÕES EM PEX ÁGUA, DN 32 X 25 MM, CONEXÃO POR CRIMPAGEM - FORNECIMENTO E INSTALAÇÃO. AF_02/2023","UN",32.9,96836,null,32.200000000000003,32.9]
[null,96837,"JOELHO 90 GRAUS, METÁLICO, PARA INSTALAÇÕES EM PEX ÁGUA, DN 16 MM, CONEXÃO POR ANEL DESLIZANTE - FORNECIMENTO E INSTALAÇÃO. AF_02/2023","UN",19.79,96837,null,18.829999999999998,19.79]
[null,96838,"JOELHO 90 GRAUS, ROSCA FÊMEA TERMINAL, METÁLICO, PARA INSTALAÇÕES EM PEX ÁGUA, DN 16MM X 1/2\", CONEXÃO POR ANEL DESLIZANTE - FORNECIMENTO E INSTALAÇÃO. AF_02/2023","UN",23.63,96838,null,22.34,23.63]
[null,96839,"JOELHO, ROSCA FÊMEA, COM BASE FIXA, METÁLICO, PARA INSTALAÇÕES EM PEX ÁGUA, DN 16MM X 1/2\", CONEXÃO POR ANEL DESLIZANTE - FORNECIMENTO E INSTALAÇÃO. AF_02/2023","UN",24.5,96839,null,23.21,24.5]
[null,96840,"JOELHO 90 GRAUS, METÁLICO, PARA INSTALAÇÕES EM PEX ÁGUA, DN 20 MM, CONEXÃO POR ANEL DESLIZANTE - FORNECIMENTO E INSTALAÇÃO. AF_02/2023","UN",23.91,96840,null,22.77,23.91]
[null,96841,"JOELHO 90 GRAUS, ROSCA FÊMEA TERMINAL, METÁLICO, PARA INSTALAÇÕES EM PEX ÁGUA, DN 20 MM X 1/2\", CONEXÃO POR ANEL DESLIZANTE - FORNECIMENTO E INSTALAÇÃO. AF_02/2023","UN",26.3,96841,null,24.95,26.3]
[null,96842,"JOELHO 90 GRAUS, ROSCA FÊMEA TERMINAL, METÁLICO, PARA INSTALAÇÕES EM PEX ÁGUA, DN 20 MM X 3/4\", CONEXÃO POR ANEL DESLIZANTE - FORNECIMENTO E INSTALAÇÃO. AF_02/2023","UN",30.2,96842,null,28.69,30.2]
[null,96843,"JOELHO ROSCA FÊMEA, COM BASE FIXA, METÁLICO, PARA INSTALAÇÕES EM PEX ÁGUA, DN 20MM X 1/2\", CONEXÃO POR ANEL DESLIZANTE - FORNECIMENTO E INSTALAÇÃO. AF_02/2023","UN",27.48,96843,null,26.13,27.48]
[null,96844,"JOELHO ROSCA FÊMEA, MÓVEL, METÁLICO, PARA INSTALAÇÕES EM PEX ÁGUA, DN 20MM X 3/4\", CONEXÃO POR ANEL DESLIZANTE - FORNECIMENTO E INSTALAÇÃO. AF_02/2023","UN",31.72,96844,null,30.21,31.72]
[null,96845,"JOELHO 90 GRAUS, METÁLICO, PARA INSTALAÇÕES EM PEX ÁGUA, DN 25 MM, CONEXÃO POR ANEL DESLIZANTE - FORNECIMENTO E INSTALAÇÃO. AF_02/2023","UN",38.270000000000003,96845,null,36.92,38.270000000000003]
[null,96846,"JOELHO 90 GRAUS, ROSCA FÊMEA TERMINAL, METÁLICO, PARA INSTALAÇÕES EM PEX ÁGUA, DN 25 MM X 3/4\", CONEXÃO POR ANEL DESLIZANTE - FORNECIMENTO E INSTALAÇÃO. AF_02/2023","UN",35.43,96846,null,33.799999999999997,35.43]
[null,96847,"JOELHO ROSCA FÊMEA, COM BASE FIXA, METÁLICO, PARA INSTALAÇÕES EM PEX ÁGUA, DN 25MM X 3/4\", CONEXÃO POR ANEL DESLIZANTE - FORNECIMENTO E INSTALAÇÃO. AF_02/2023","UN",34.909999999999997,96847,null,33.28,34.909999999999997]
[null,96848,"JOELHO 90 GRAUS, METÁLICO, PARA INSTALAÇÕES EM PEX ÁGUA, DN 32 MM, CONEXÃO POR ANEL DESLIZANTE - FORNECIMENTO E INSTALAÇÃO. AF_02/2023","UN",50.99,96848,null,49.33,50.99]
[null,96849,"JOELHO 90 GRAUS, PARA INSTALAÇÕES EM PEX ÁGUA, DN 16 MM, CONEXÃO POR CRIMPAGEM - FORNECIMENTO E INSTALAÇÃO. AF_02/2023","UN",15.91,96849,null,15.24,15.91]
[null,96850,"JOELHO 90 GRAUS, ROSCA FÊMEA TERMINAL, PARA INSTALAÇÕES EM PEX ÁGUA, DN 16MM X 1/2\", CONEXÃO POR CRIMPAGEM - FORNECIMENTO E INSTALAÇÃO. AF_02/2023","UN",22.12,96850,null,20.99,22.12]
[null,96852,"JOELHO 90 GRAUS, PARA INSTALAÇÕES EM PEX ÁGUA, DN 20 MM, CONEXÃO POR CRIMPAGEM - FORNECIMENTO E INSTALAÇÃO. AF_02/2023","UN",20.34,96852,null,19.55,20.34]
[null,96853,"JOELHO 90 GRAUS, ROSCA FÊMEA TERMINAL, PARA INSTALAÇÕES EM PEX ÁGUA, DN 20MM X 1/2\", CONEXÃO POR CRIMPAGEM - FORNECIMENTO E INSTALAÇÃO. AF_02/2023","UN",23.8,96853,null,22.62,23.8]
[null,96854,"JOELHO 90 GRAUS, ROSCA FÊMEA TERMINAL, PARA INSTALAÇÕES EM PEX ÁGUA, DN 20MM X 3/4\", CONEXÃO POR CRIMPAGEM - FORNECIMENTO E INSTALAÇÃO. AF_02/2023","UN",29.51,96854,null,28.16,29.51]
[null,96855,"JOELHO 90 GRAUS, PARA INSTALAÇÕES EM PEX ÁGUA, DN 25 MM, CONEXÃO POR CRIMPAGEM - FORNECIMENTO E INSTALAÇÃO. AF_02/2023","UN",32.32,96855,null,31.38,32.32]
[null,96856,"JOELHO 90 GRAUS, ROSCA FÊMEA TERMINAL, PARA INSTALAÇÕES EM PEX ÁGUA, DN 25MM X 1/2\", CONEXÃO POR CRIMPAGEM - FORNECIMENTO E INSTALAÇÃO. AF_02/2023","UN",34.229999999999997,96856,null,32.97,34.229999999999997]
[null,96860,"TÊ, METÁLICO, PARA INSTALAÇÕES EM PEX ÁGUA, DN 16 MM, CONEXÃO POR ANEL DESLIZANTE - FORNECIMENTO E INSTALAÇÃO. AF_02/2023","UN",28.42,96860,null,27.16,28.42]
[null,96861,"TÊ, ROSCA FÊMEA, METÁLICO, PARA INSTALAÇÕES EM PEX ÁGUA, DN 16 MM X ½\", CONEXÃO POR ANEL DESLIZANTE - FORNECIMENTO E INSTALAÇÃO. AF_02/2023","UN",36,96861,null,34.44,36]
[null,96862,"TÊ, METÁLICO, PARA INSTALAÇÕES EM PEX ÁGUA, DN 20 MM, CONEXÃO POR ANEL DESLIZANTE - FORNECIMENTO E INSTALAÇÃO. AF_02/2023","UN",35.03,96862,null,33.520000000000003,35.03]
[null,96863,"TÊ, ROSCA FÊMEA, METÁLICO, PARA INSTALAÇÕES EM PEX ÁGUA, DN 20 MM X 1/2\", CONEXÃO POR ANEL DESLIZANTE - FORNECIMENTO E INSTALAÇÃO. AF_02/2023","UN",36.72,96863,null,35.01,36.72]
[null,96864,"TÊ, METÁLICO, PARA INSTALAÇÕES EM PEX ÁGUA, DN 25 MM, CONEXÃO POR ANEL DESLIZANTE - FORNECIMENTO E INSTALAÇÃO. AF_02/2023","UN",49.96,96864,null,48.17,49.96]
[null,96865,"TÊ, ROSCA FÊMEA, METÁLICO, PARA INSTALAÇÕES EM PEX ÁGUA, DN 25 MM X 3/4\", CONEXÃO POR ANEL DESLIZANTE - FORNECIMENTO E INSTALAÇÃO. AF_02/2023","UN",43.29,96865,null,41.25,43.29]
[null,96866,"TÊ, METÁLICO, PARA INSTALAÇÕES EM PEX ÁGUA, DN 32 MM, CONEXÃO POR ANEL DESLIZANTE - FORNECIMENTO E INSTALAÇÃO. AF_02/2023","UN",65.2,96866,null,62.98,65.2]
[null,96868,"TÊ, PARA INSTALAÇÕES EM PEX ÁGUA, DN 16 MM, CONEXÃO POR CRIMPAGEM - FORNECIMENTO E INSTALAÇÃO. AF_02/2023","UN",18.48,96868,null,17.600000000000001,18.48]
[null,96869,"TÊ, PARA INSTALAÇÕES EM PEX ÁGUA, DN 20 MM, CONEXÃO POR CRIMPAGEM - FORNECIMENTO E INSTALAÇÃO. AF_02/2023","UN",28.78,96869,null,27.73,28.78]
[null,96870,"TÊ, PARA INSTALAÇÕES EM PEX ÁGUA, DN 25 MM, CONEXÃO POR CRIMPAGEM - FORNECIMENTO E INSTALAÇÃO. AF_02/2023","UN",43.68,96870,null,42.43,43.68]
[null,96871,"TÊ, PARA INSTALAÇÕES EM PEX ÁGUA, DN 32 MM, CONEXÃO POR CRIMPAGEM - FORNECIMENTO E INSTALAÇÃO. AF_02/2023","UN",49.78,96871,null,48.23,49.78]
[null,96872,"DISTRIBUIDOR 2 SAÍDAS, METÁLICO, PARA INSTALAÇÕES EM PEX ÁGUA, ENTRADA DE 3/4\" X 2 SAÍDAS DE 1/2\", CONEXÃO POR ANEL DESLIZANTE - FORNECIMENTO E INSTALAÇÃO. AF_02/2023","UN",45.63,96872,null,43.86,45.63]
[null,96873,"DISTRIBUIDOR 2 SAÍDAS, METÁLICO, PARA INSTALAÇÕES EM PEX ÁGUA, ENTRADA DE 1\" X 2 SAÍDAS DE 1/2\", CONEXÃO POR ANEL DESLIZANTE - FORNECIMENTO E INSTALAÇÃO. AF_02/2023","UN",61.33,96873,null,59.34,61.33]
[null,96874,"DISTRIBUIDOR 3 SAÍDAS, METÁLICO, PARA INSTALAÇÕES EM PEX ÁGUA, ENTRADA DE 3/4\" X 3 SAÍDAS DE 1/2\", CONEXÃO POR ANEL DESLIZANTE - FORNECIMENTO E INSTALAÇÃO. AF_02/2023","UN",55.58,96874,null,53.5,55.58]
[null,96875,"DISTRIBUIDOR 3 SAÍDAS, METÁLICO, PARA INSTALAÇÕES EM PEX ÁGUA, ENTRADA DE 1\" X 3 SAÍDAS DE 1/2\", CONEXÃO POR ANEL DESLIZANTE - FORNECIMENTO E INSTALAÇÃO. AF_02/2023","UN",73.58,96875,null,71.28,73.58]
[null,96876,"DISTRIBUIDOR 2 SAÍDAS, PARA INSTALAÇÕES EM PEX ÁGUA, ENTRADA DE 32 MM X 2 SAÍDAS DE 16 MM, CONEXÃO POR CRIMPAGEM FORNECIMENTO E INSTALAÇÃO. AF_02/2023","UN",172.01,96876,null,169.91,172.01]
[null,96878,"DISTRIBUIDOR 2 SAÍDAS, PARA INSTALAÇÕES EM PEX ÁGUA, ENTRADA DE 32 MM X 2 SAÍDAS DE 25 MM, CONEXÃO POR CRIMPAGEM - FORNECIMENTO E INSTALAÇÃO. AF_02/2023","UN",{"$f":"IF($K$2=$H$1,H4803,I4803)","v":193.67},{"$f":"IF(LEN($B4803)=7,CONCATENATE(MID($B4803,1,6),\"00\",RIGHT($B4803,1)),IF(LEN($B4803)=8,CONCATENATE(MID($B4803,1,6),\"0\",RIGHT($B4803,2)),$B4803))","v":96878},null,191.38,193.67]
[null,96879,"DISTRIBUIDOR 3 SAÍDAS, PARA INSTALAÇÕES EM PEX ÁGUA, ENTRADA DE 32 MM X 3 SAÍDAS DE 16 MM, CONEXÃO POR CRIMPAGEM - FORNECIMENTO E INSTALAÇÃO. AF_02/2023","UN",187.4,96879,null,185.07,187.4]
[null,96881,"DISTRIBUIDOR 3 SAÍDAS, PARA INSTALAÇÕES EM PEX ÁGUA, ENTRADA DE 32 MM X 3 SAÍDAS DE 25 MM, CONEXÃO POR CRIMPAGEM - FORNECIMENTO E INSTALAÇÃO. AF_02/2023","UN",223.17,96881,null,220.57,223.17]
[null,97430,"ACOPLAMENTO RÍGIDO EM AÇO, CONEXÃO RANHURADA, DN 50 (2\"), INSTALADO EM PRUMADAS - FORNECIMENTO E INSTALAÇÃO. AF_10/2020","UN",39.1,97430,null,37.36,39.1]
[null,97431,"ACOPLAMENTO RÍGIDO EM AÇO, CONEXÃO RANHURADA, DN 65 (2 1/2\"), INSTALADO EM PRUMADAS - FORNECIMENTO E INSTALAÇÃO. AF_10/2020","UN",43.63,97431,null,41.62,43.63]
[null,97432,"ACOPLAMENTO RÍGIDO EM AÇO, CONEXÃO RANHURADA, DN 80 (3\"), INSTALADO EM PRUMADAS - FORNECIMENTO E INSTALAÇÃO. AF_10/2020","UN",49.23,97432,null,46.95,49.23]
[null,97433,"CURVA 45 GRAUS, EM AÇO, CONEXÃO RANHURADA, DN 50 (2\"), INSTALADO EM PRUMADAS - FORNECIMENTO E INSTALAÇÃO. AF_10/2020","UN",89.4,97433,null,86.78,89.4]
[null,97434,"CURVA 90 GRAUS, EM AÇO, CONEXÃO RANHURADA, DN 50 (2\"), INSTALADO EM PRUMADAS - FORNECIMENTO E INSTALAÇÃO. AF_10/2020","UN",91.09,97434,null,88.47,91.09]
[null,97435,"CURVA 45 GRAUS, EM AÇO, CONEXÃO RANHURADA, DN 65 (2 1/2\"), INSTALADO EM PRUMADAS - FORNECIMENTO E INSTALAÇÃO. AF_10/2020","UN",104.61,97435,null,101.6,104.61]
[null,97436,"CURVA 90 GRAUS, EM AÇO, CONEXÃO RANHURADA, DN 65 (2 1/2\"), INSTALADO EM PRUMADAS - FORNECIMENTO E INSTALAÇÃO. AF_10/2020","UN",107.84,97436,null,104.83,107.84]
[null,97437,"CURVA 45 GRAUS, EM AÇO, CONEXÃO RANHURADA, DN 80 (3\"), INSTALADO EM PRUMADAS - FORNECIMENTO E INSTALAÇÃO. AF_10/2020","UN",119.73,97437,null,116.31,119.73]
[null,97438,"CURVA 90 GRAUS, EM AÇO, CONEXÃO RANHURADA, DN 80 (3\"), INSTALADO EM PRUMADAS - FORNECIMENTO E INSTALAÇÃO. AF_10/2020","UN",123.19,97438,null,119.77,123.19]
[null,97439,"TÊ, EM AÇO, CONEXÃO RANHURADA, DN 50 (2\"), INSTALADO EM PRUMADAS - FORNECIMENTO E INSTALAÇÃO. AF_10/2020","UN",135.33000000000001,97439,null,131.84,135.33000000000001]
[null,97440,"TÊ, EM AÇO, CONEXÃO RANHURADA, DN 65 (2 1/2\"), INSTALADO EM PRUMADAS - FORNECIMENTO E INSTALAÇÃO. AF_10/2020","UN",162.29,97440,null,158.28,162.29]
[null,97442,"TÊ, EM AÇO, CONEXÃO RANHURADA, DN 80 (3\"), INSTALADO EM PRUMADAS - FORNECIMENTO E INSTALAÇÃO. AF_10/2020","UN",179.16,97442,null,174.6,179.16]
[null,97443,"LUVA, EM AÇO, CONEXÃO SOLDADA, DN 50 (2\"), INSTALADO EM PRUMADAS - FORNECIMENTO E INSTALAÇÃO. AF_10/2020","UN",110.75,97443,null,106.92,110.75]
[null,97444,"LUVA COM REDUÇÃO, EM AÇO, CONEXÃO SOLDADA, DN 50 X 40 MM (2  X 1 1/2\"), INSTALADO EM PRUMADAS - FORNECIMENTO E INSTALAÇÃO. AF_10/2020","UN",131.13999999999999,97444,null,127.31,131.13999999999999]
[null,97446,"LUVA, EM AÇO, CONEXÃO SOLDADA, DN 65 (2 1/2\"), INSTALADO EM PRUMADAS - FORNECIMENTO E INSTALAÇÃO. AF_10/2020","UN",229.7,97446,null,225.46,229.7]
[null,97447,"LUVA COM REDUÇÃO, EM AÇO, CONEXÃO SOLDADA, DN 65 X 50 MM (2 1/2\" X 2\"), INSTALADO EM PRUMADAS - FORNECIMENTO E INSTALAÇÃO. AF_10/2020","UN",229.7,97447,null,225.46,229.7]
[null,97449,"LUVA, EM AÇO, CONEXÃO SOLDADA, DN 80 (3\"), INSTALADO EM PRUMADAS - FORNECIMENTO E INSTALAÇÃO. AF_10/2020","UN",244.56,97449,null,239.88,244.56]
[null,97450,"LUVA COM REDUÇÃO, EM AÇO, CONEXÃO SOLDADA, DN 80 X 65 MM (3\" X 2 1/2\"), INSTALADO EM PRUMADAS - FORNECIMENTO E INSTALAÇÃO. AF_10/2020","UN",300.08,97450,null,295.39999999999998,300.08]
[null,97452,"CURVA 45 GRAUS, EM AÇO, CONEXÃO SOLDADA, DN 50 (2\"), INSTALADO EM PRUMADAS - FORNECIMENTO E INSTALAÇÃO. AF_10/2020","UN",182.75,97452,null,176.98,182.75]
[null,97453,"CURVA 90 GRAUS, EM AÇO, CONEXÃO SOLDADA, DN 50 (2\"), INSTALADO EM PRUMADAS - FORNECIMENTO E INSTALAÇÃO. AF_10/2020","UN",194.39,97453,null,188.62,194.39]
[null,97454,"CURVA 45 GRAUS, EM AÇO, CONEXÃO SOLDADA, DN 65 (2 1/2\"), INSTALADO EM PRUMADAS - FORNECIMENTO E INSTALAÇÃO. AF_10/2020","UN",315.01,97454,null,308.63,315.01]
[null,97455,"CURVA 90 GRAUS, EM AÇO, CONEXÃO SOLDADA, DN 65 (2 1/2\"), INSTALADO EM PRUMADAS - FORNECIMENTO E INSTALAÇÃO. AF_10/2020","UN",333.62,97455,null,327.24,333.62]
[null,97456,"CURVA 45 GRAUS, EM AÇO, CONEXÃO SOLDADA, DN 80 (3\"), INSTALADO EM PRUMADAS - FORNECIMENTO E INSTALAÇÃO. AF_10/2020","UN",721.8,97456,null,714.8,721.8]
[null,97457,"CURVA 90 GRAUS, EM AÇO, CONEXÃO SOLDADA, DN 80 (3\"), INSTALADO EM PRUMADAS - FORNECIMENTO E INSTALAÇÃO. AF_10/2020","UN",638.30999999999995,97457,null,631.30999999999995,638.30999999999995]
[null,97458,"TÊ, EM AÇO, CONEXÃO SOLDADA, DN 50 (2\"), INSTALADO EM PRUMADAS - FORNECIMENTO E INSTALAÇÃO. AF_10/2020","UN",290.45,97458,null,282.77,290.45]
[null,97459,"TÊ, EM AÇO, CONEXÃO SOLDADA, DN 65 (2 1/2\"), INSTALADO EM PRUMADAS - FORNECIMENTO E INSTALAÇÃO. AF_10/2020","UN",503.65,97459,null,495.14,503.65]
[null,97460,"TÊ, EM AÇO, CONEXÃO SOLDADA, DN 80 (3\"), INSTALADO EM PRUMADAS - FORNECIMENTO E INSTALAÇÃO. AF_10/2020","UN",778.29,97460,null,768.96,778.29]
[null,97461,"LUVA, EM AÇO, CONEXÃO SOLDADA, DN 25 (1\"), INSTALADO EM REDE DE ALIMENTAÇÃO PARA HIDRANTE - FORNECIMENTO E INSTALAÇÃO. AF_10/2020","UN",35.04,97461,null,33.909999999999997,35.04]
[null,97462,"LUVA COM REDUÇÃO, EM AÇO, CONEXÃO SOLDADA, DN 25 X 20 MM (1  X 3/4\"), INSTALADO EM REDE DE ALIMENTAÇÃO PARA HIDRANTE - FORNECIMENTO E INSTALAÇÃO. AF_10/2020","UN",29.07,97462,null,27.94,29.07]
[null,97464,"LUVA, EM AÇO, CONEXÃO SOLDADA, DN 32 (1 1/4\"), INSTALADO EM REDE DE ALIMENTAÇÃO PARA HIDRANTE - FORNECIMENTO E INSTALAÇÃO. AF_10/2020","UN",50.65,97464,null,49.2,50.65]
[null,97465,"LUVA COM REDUÇÃO, EM AÇO, CONEXÃO SOLDADA, DN 32 X 25 MM (1 1/4\"  X 1\"), INSTALADO EM REDE DE ALIMENTAÇÃO PARA HIDRANTE - FORNECIMENTO E INSTALAÇÃO. AF_10/2020","UN",60.72,97465,null,59.27,60.72]
[null,97467,"LUVA, EM AÇO, CONEXÃO SOLDADA, DN 40 (1 1/2\"), INSTALADO EM REDE DE ALIMENTAÇÃO PARA HIDRANTE - FORNECIMENTO E INSTALAÇÃO. AF_10/2020","UN",64.3,97467,null,62.49,64.3]
[null,97468,"LUVA COM REDUÇÃO, EM AÇO, CONEXÃO SOLDADA, DN 40  X 32 MM (1 1/2\" X 1 1/4\"), INSTALADO EM REDE DE ALIMENTAÇÃO PARA HIDRANTE - FORNECIMENTO E INSTALAÇÃO. AF_10/2020","UN",77.2,97468,null,75.39,77.2]
[null,97470,"LUVA, EM AÇO, CONEXÃO SOLDADA, DN 50 (2\"), INSTALADO EM REDE DE ALIMENTAÇÃO PARA HIDRANTE - FORNECIMENTO E INSTALAÇÃO. AF_10/2020","UN",95.38,97470,null,93.13,95.38]
[null,97471,"LUVA COM REDUÇÃO, EM AÇO, CONEXÃO SOLDADA, DN 50 X 40 MM (2\" X 1 1/2\"), INSTALADO EM REDE DE ALIMENTAÇÃO PARA HIDRANTE - FORNECIMENTO E INSTALAÇÃO. AF_10/2020","UN",115.77,97471,null,113.52,115.77]
[null,97474,"LUVA, EM AÇO, CONEXÃO SOLDADA, DN 65 (2 1/2\"), INSTALADO EM REDE DE ALIMENTAÇÃO PARA HIDRANTE - FORNECIMENTO E INSTALAÇÃO. AF_10/2020","UN",175.75,97474,null,172.82,175.75]
[null,97475,"LUVA COM REDUÇÃO, EM AÇO, CONEXÃO SOLDADA, DN 65 X 50 MM (2 1/2\" X 2\"), INSTALADO EM REDE DE ALIMENTAÇÃO PARA HIDRANTE - FORNECIMENTO E INSTALAÇÃO. AF_10/2020","UN",216.96,97475,null,214.03,216.96]
[null,97477,"LUVA, EM AÇO, CONEXÃO SOLDADA, DN 80 (3\"), INSTALADO EM REDE DE ALIMENTAÇÃO PARA HIDRANTE - FORNECIMENTO E INSTALAÇÃO. AF_10/2020","UN",234.42,97477,null,230.8,234.42]
[null,97478,"LUVA COM REDUÇÃO, EM AÇO, CONEXÃO SOLDADA, DN 80 X 65 MM (3\" X 2 1/2\"), INSTALADO EM REDE DE ALIMENTAÇÃO PARA HIDRANTE - FORNECIMENTO E INSTALAÇÃO. AF_10/2020","UN",289.94,97478,null,286.32,289.94]
[null,97479,"CURVA 45 GRAUS, EM AÇO, CONEXÃO SOLDADA, DN 25 (1\"), INSTALADO EM REDE DE ALIMENTAÇÃO PARA HIDRANTE - FORNECIMENTO E INSTALAÇÃO. AF_10/2020","UN",56.59,97479,null,54.9,56.59]
[null,97480,"CURVA 90 GRAUS, EM AÇO, CONEXÃO SOLDADA, DN 25 (1\"), INSTALADO EM REDE DE ALIMENTAÇÃO PARA HIDRANTE - FORNECIMENTO E INSTALAÇÃO. AF_10/2020","UN",56.59,97480,null,54.9,56.59]
[null,97481,"CURVA 45 GRAUS, EM AÇO, CONEXÃO SOLDADA, DN 32 (1 1/4\"), INSTALADO EM REDE DE ALIMENTAÇÃO PARA HIDRANTE - FORNECIMENTO E INSTALAÇÃO. AF_10/2020","UN",82.3,97481,null,80.14,82.3]
[null,97482,"CURVA 90 GRAUS, EM AÇO, CONEXÃO SOLDADA, DN 32 (1 1/4\"), INSTALADO EM REDE DE ALIMENTAÇÃO PARA HIDRANTE - FORNECIMENTO E INSTALAÇÃO. AF_10/2020","UN",82.3,97482,null,80.14,82.3]
[null,97483,"CURVA 45 GRAUS, EM AÇO, CONEXÃO SOLDADA, DN 40 (1 1/2\"), INSTALADO EM REDE DE ALIMENTAÇÃO PARA HIDRANTE - FORNECIMENTO E INSTALAÇÃO. AF_10/2020","UN",115.57,97483,null,112.86,115.57]
[null,97484,"CURVA 90 GRAUS, EM AÇO, CONEXÃO SOLDADA, DN 40 (1 1/2\"), INSTALADO EM REDE DE ALIMENTAÇÃO PARA HIDRANTE - FORNECIMENTO E INSTALAÇÃO. AF_10/2020","UN",115.57,97484,null,112.86,115.57]
[null,97485,"CURVA 45 GRAUS, EM AÇO, CONEXÃO SOLDADA, DN 50 (2\"), INSTALADO EM REDE DE ALIMENTAÇÃO PARA HIDRANTE - FORNECIMENTO E INSTALAÇÃO. AF_10/2020","UN",159.72999999999999,97485,null,156.35,159.72999999999999]
[null,97486,"CURVA 90 GRAUS, EM AÇO, CONEXÃO SOLDADA, DN 50 (2\"), INSTALADO EM REDE DE ALIMENTAÇÃO PARA HIDRANTE - FORNECIMENTO E INSTALAÇÃO. AF_10/2020","UN",171.37,97486,null,167.99,171.37]
[null,97487,"CURVA 45 GRAUS, EM AÇO, CONEXÃO SOLDADA, DN 65 (2 1/2\"), INSTALADO EM REDE DE ALIMENTAÇÃO PARA HIDRANTE - FORNECIMENTO E INSTALAÇÃO. AF_10/2020","UN",295.92,97487,null,291.52,295.92]
[null,97488,"CURVA 90 GRAUS, EM AÇO, CONEXÃO SOLDADA, DN 65 (2 1/2\"), INSTALADO EM REDE DE ALIMENTAÇÃO PARA HIDRANTE - FORNECIMENTO E INSTALAÇÃO. AF_10/2020","UN",314.52999999999997,97488,null,310.13,314.52999999999997]
[null,97489,"CURVA 45 GRAUS, EM AÇO, CONEXÃO SOLDADA, DN 80 (3\"), INSTALADO EM REDE DE ALIMENTAÇÃO PARA HIDRANTE - FORNECIMENTO E INSTALAÇÃO. AF_10/2020","UN",706.58,97489,null,701.15,706.58]
[null,97490,"CURVA 90 GRAUS, EM AÇO, CONEXÃO SOLDADA, DN 80 (3\"), INSTALADO EM REDE DE ALIMENTAÇÃO PARA HIDRANTE - FORNECIMENTO E INSTALAÇÃO. AF_10/2020","UN",623.09,97490,null,617.66,623.09]
[null,97491,"TÊ, EM AÇO, CONEXÃO SOLDADA, DN 25 (1\"), INSTALADO EM REDE DE ALIMENTAÇÃO PARA HIDRANTE - FORNECIMENTO E INSTALAÇÃO. AF_10/2020","UN",87.8,97491,null,85.55,87.8]
[null,97492,"TÊ, EM AÇO, CONEXÃO SOLDADA, DN 32 (1 1/4\"), INSTALADO EM REDE DE ALIMENTAÇÃO PARA HIDRANTE - FORNECIMENTO E INSTALAÇÃO. AF_10/2020","UN",129.22999999999999,97492,null,126.33,129.22999999999999]
[null,97493,"TÊ, EM AÇO, CONEXÃO SOLDADA, DN 40 (1 1/2\"), INSTALADO EM REDE DE ALIMENTAÇÃO PARA HIDRANTE - FORNECIMENTO E INSTALAÇÃO. AF_10/2020","UN",166.75,97493,null,163.13,166.75]
[null,97494,"TÊ, EM AÇO, CONEXÃO SOLDADA, DN 50 (2\"), INSTALADO EM REDE DE ALIMENTAÇÃO PARA HIDRANTE - FORNECIMENTO E INSTALAÇÃO. AF_10/2020","UN",259.72000000000003,97494,null,255.21,259.72000000000003]
[null,97495,"TÊ, EM AÇO, CONEXÃO SOLDADA, DN 65 (2 1/2\"), INSTALADO EM REDE DE ALIMENTAÇÃO PARA HIDRANTE - FORNECIMENTO E INSTALAÇÃO. AF_10/2020","UN",478.15,97495,null,472.28,478.15]
[null,97496,"TÊ, EM AÇO, CONEXÃO SOLDADA, DN 80 (3\"), INSTALADO EM REDE DE ALIMENTAÇÃO PARA HIDRANTE - FORNECIMENTO E INSTALAÇÃO. AF_10/2020","UN",758.03,97496,null,750.8,758.03]
[null,97499,"LUVA, EM AÇO, CONEXÃO SOLDADA, DN 25 (1\"), INSTALADO EM REDE DE ALIMENTAÇÃO PARA SPRINKLER - FORNECIMENTO E INSTALAÇÃO. AF_10/2020","UN",32.56,97499,null,31.69,32.56]
[null,97500,"LUVA COM REDUÇÃO, EM AÇO, CONEXÃO SOLDADA, DN 25 X 20 MM (1\" X 3/4\"), INSTALADO EM REDE DE ALIMENTAÇÃO PARA SPRINKLER - FORNECIMENTO E INSTALAÇÃO. AF_10/2020","UN",26.59,97500,null,25.72,26.59]
[null,97502,"LUVA, EM AÇO, CONEXÃO SOLDADA, DN 32 (1 1/4\"), INSTALADO EM REDE DE ALIMENTAÇÃO PARA SPRINKLER - FORNECIMENTO E INSTALAÇÃO. AF_10/2020","UN",46.05,97502,null,45.09,46.05]
[null,97503,"LUVA COM REDUÇÃO, EM AÇO, CONEXÃO SOLDADA, DN 32 X 25 MM (1 1/4\"  X 1\"), INSTALADO EM REDE DE ALIMENTAÇÃO PARA SPRINKLER - FORNECIMENTO E INSTALAÇÃO. AF_10/2020","UN",56.35,97503,null,55.36,56.35]
[null,97505,"LUVA, EM AÇO, CONEXÃO SOLDADA, DN 40 (1 1/2\"), INSTALADO EM REDE DE ALIMENTAÇÃO PARA SPRINKLER - FORNECIMENTO E INSTALAÇÃO. AF_10/2020","UN",{"$f":"IF($K$2=$H$1,H4867,I4867)","v":57.81},{"$f":"IF(LEN($B4867)=7,CONCATENATE(MID($B4867,1,6),\"00\",RIGHT($B4867,1)),IF(LEN($B4867)=8,CONCATENATE(MID($B4867,1,6),\"0\",RIGHT($B4867,2)),$B4867))","v":97505},null,56.68,57.81]
[null,97506,"LUVA COM REDUÇÃO, EM AÇO, CONEXÃO SOLDADA, DN 40  X 32 MM (1 1/2\" X 1 1/4\"), INSTALADO EM REDE DE ALIMENTAÇÃO PARA SPRINKLER - FORNECIMENTO E INSTALAÇÃO. AF_10/2020","UN",70.709999999999994,97506,null,69.58,70.709999999999994]
[null,97508,"LUVA, EM AÇO, CONEXÃO SOLDADA, DN 50 (2\"), INSTALADO EM REDE DE ALIMENTAÇÃO PARA SPRINKLER - FORNECIMENTO E INSTALAÇÃO. AF_10/2020","UN",86.21,97508,null,84.89,86.21]
[null,97509,"LUVA COM REDUÇÃO, EM AÇO, CONEXÃO SOLDADA, DN 50 X 40 MM (2\" X 1 1/2\"), INSTALADO EM REDE DE ALIMENTAÇÃO PARA SPRINKLER - FORNECIMENTO E INSTALAÇÃO. AF_10/2020","UN",106.6,97509,null,105.28,106.6]
[null,97511,"LUVA, EM AÇO, CONEXÃO SOLDADA, DN 65 (2 1/2\"), INSTALADO EM REDE DE ALIMENTAÇÃO PARA SPRINKLER - FORNECIMENTO E INSTALAÇÃO. AF_10/2020","UN",162.56,97511,null,160.99,162.56]
[null,97512,"LUVA COM REDUÇÃO, EM AÇO, CONEXÃO SOLDADA, DN 65 X 50 MM (2 1/2\" X 2\"), INSTALADO EM REDE DE ALIMENTAÇÃO PARA SPRINKLER - FORNECIMENTO E INSTALAÇÃO. AF_10/2020","UN",203.77,97512,null,202.2,203.77]
[null,97514,"LUVA, EM AÇO, CONEXÃO SOLDADA, DN 80 (3\"), INSTALADO EM REDE DE ALIMENTAÇÃO PARA SPRINKLER - FORNECIMENTO E INSTALAÇÃO. AF_10/2020","UN",217.09,97514,null,215.27,217.09]
[null,97515,"LUVA COM REDUÇÃO, EM AÇO, CONEXÃO SOLDADA, DN 80 X 65 MM (3\" X 2 1/2\"), INSTALADO EM REDE DE ALIMENTAÇÃO PARA SPRINKLER - FORNECIMENTO E INSTALAÇÃO. AF_10/2020","UN",272.61,97515,null,270.79000000000002,272.61]
[null,97517,"CURVA 45 GRAUS, EM AÇO, CONEXÃO SOLDADA, DN 25 (1\"), INSTALADO EM REDE DE ALIMENTAÇÃO PARA SPRINKLER - FORNECIMENTO E INSTALAÇÃO. AF_10/2020","UN",52.88,97517,null,51.56,52.88]
[null,97518,"CURVA 90 GRAUS, EM AÇO, CONEXÃO SOLDADA, DN 25 (1\"), INSTALADO EM REDE DE ALIMENTAÇÃO PARA SPRINKLER - FORNECIMENTO E INSTALAÇÃO. AF_10/2020","UN",52.88,97518,null,51.56,52.88]
[null,97519,"CURVA 45 GRAUS, EM AÇO, CONEXÃO SOLDADA, DN 32 (1 1/4\"), INSTALADO EM REDE DE ALIMENTAÇÃO PARA SPRINKLER - FORNECIMENTO E INSTALAÇÃO. AF_10/2020","UN",75.739999999999995,97519,null,74.260000000000005,75.739999999999995]
[null,97520,"CURVA 90 GRAUS, EM AÇO, CONEXÃO SOLDADA, DN 32 (1 1/4\"), INSTALADO EM REDE DE ALIMENTAÇÃO PARA SPRINKLER - FORNECIMENTO E INSTALAÇÃO. AF_10/2020","UN",75.739999999999995,97520,null,74.260000000000005,75.739999999999995]
[null,97521,"CURVA 45 GRAUS, EM AÇO, CONEXÃO SOLDADA, DN 40 (1 1/2\"), INSTALADO EM REDE DE ALIMENTAÇÃO PARA SPRINKLER - FORNECIMENTO E INSTALAÇÃO. AF_10/2020","UN",105.81,97521,null,104.12,105.81]
[null,97522,"CURVA 90 GRAUS, EM AÇO, CONEXÃO SOLDADA, DN 40 (1 1/2\"), INSTALADO EM REDE DE ALIMENTAÇÃO PARA SPRINKLER - FORNECIMENTO E INSTALAÇÃO. AF_10/2020","UN",105.81,97522,null,104.12,105.81]
[null,97523,"CURVA 45 GRAUS, EM AÇO, CONEXÃO SOLDADA, DN 50 (2\"), INSTALADO EM REDE DE ALIMENTAÇÃO PARA SPRINKLER - FORNECIMENTO E INSTALAÇÃO. AF_10/2020","UN",145.96,97523,null,144.01,145.96]
[null,97524,"CURVA 90 GRAUS, EM AÇO, CONEXÃO SOLDADA, DN 50 (2\"), INSTALADO EM REDE DE ALIMENTAÇÃO PARA SPRINKLER - FORNECIMENTO E INSTALAÇÃO. AF_10/2020","UN",157.6,97524,null,155.65,157.6]
[null,97525,"CURVA 45 GRAUS, EM AÇO, CONEXÃO SOLDADA, DN 65 (2 1/2\"), INSTALADO EM REDE DE ALIMENTAÇÃO PARA SPRINKLER - FORNECIMENTO E INSTALAÇÃO. AF_10/2020","UN",276.04000000000002,97525,null,273.69,276.04000000000002]
[null,97526,"CURVA 90 GRAUS, EM AÇO, CONEXÃO SOLDADA, DN 65 (2 1/2\"), INSTALADO EM REDE DE ALIMENTAÇÃO PARA SPRINKLER - FORNECIMENTO E INSTALAÇÃO. AF_10/2020","UN",294.64999999999998,97526,null,292.3,294.64999999999998]
[null,97527,"CURVA 45 GRAUS, EM AÇO, CONEXÃO SOLDADA, DN 80 (3\"), INSTALADO EM REDE DE ALIMENTAÇÃO PARA SPRINKLER - FORNECIMENTO E INSTALAÇÃO. AF_10/2020","UN",680.65,97527,null,677.9,680.65]
[null,97528,"CURVA 90 GRAUS, EM AÇO, CONEXÃO SOLDADA, DN 80 (3\"), INSTALADO EM REDE DE ALIMENTAÇÃO PARA SPRINKLER - FORNECIMENTO E INSTALAÇÃO. AF_10/2020","UN",597.16,97528,null,594.41,597.16]
[null,97529,"TÊ, EM AÇO, CONEXÃO SOLDADA, DN 25 (1\"), INSTALADO EM REDE DE ALIMENTAÇÃO PARA SPRINKLER - FORNECIMENTO E INSTALAÇÃO. AF_10/2020","UN",82.92,97529,null,81.17,82.92]
[null,97530,"TÊ, EM AÇO, CONEXÃO SOLDADA, DN 32 (1 1/4\"), INSTALADO EM REDE DE ALIMENTAÇÃO PARA SPRINKLER - FORNECIMENTO E INSTALAÇÃO. AF_10/2020","UN",120.48,97530,null,118.5,120.48]
[null,97531,"TÊ, EM AÇO, CONEXÃO SOLDADA, DN 40 (1 1/2\"), INSTALADO EM REDE DE ALIMENTAÇÃO PARA SPRINKLER - FORNECIMENTO E INSTALAÇÃO. AF_10/2020","UN",153.71,97531,null,151.44,153.71]
[null,97532,"TÊ, EM AÇO, CONEXÃO SOLDADA, DN 50 (2\"), INSTALADO EM REDE DE ALIMENTAÇÃO PARA SPRINKLER - FORNECIMENTO E INSTALAÇÃO. AF_10/2020","UN",241.37,97532,null,238.74,241.37]
[null,97533,"TÊ, EM AÇO, CONEXÃO SOLDADA, DN 65 (2 1/2\"), INSTALADO EM REDE DE ALIMENTAÇÃO PARA SPRINKLER - FORNECIMENTO E INSTALAÇÃO. AF_10/2020","UN",455.58,97533,null,452.04,455.58]
[null,97534,"TÊ, EM AÇO, CONEXÃO SOLDADA, DN 80 (3\"), INSTALADO EM REDE DE ALIMENTAÇÃO PARA SPRINKLER - FORNECIMENTO E INSTALAÇÃO. AF_10/2020","UN",723.44,97534,null,719.79,723.44]
[null,97537,"LUVA, EM AÇO, CONEXÃO SOLDADA, DN 15 (1/2\"), INSTALADO EM RAMAIS E SUB-RAMAIS DE GÁS - FORNECIMENTO E INSTALAÇÃO. AF_10/2020","UN",24.2,97537,null,23.34,24.2]
[null,97540,"LUVA, EM AÇO, CONEXÃO SOLDADA, DN 20 (3/4\"), INSTALADO EM RAMAIS E SUB-RAMAIS DE GÁS - FORNECIMENTO E INSTALAÇÃO. AF_10/2020","UN",32.19,97540,null,30.71,32.19]
[null,97541,"LUVA COM REDUÇÃO, EM AÇO, CONEXÃO SOLDADA, DN 20 X 15 MM (3/4\" X 1/2\"), INSTALADO EM RAMAIS E SUB-RAMAIS DE GÁS - FORNECIMENTO E INSTALAÇÃO. AF_10/2020","UN",27.23,97541,null,25.75,27.23]
[null,97543,"LUVA, EM AÇO, CONEXÃO SOLDADA, DN 25 (1\"), INSTALADO EM RAMAIS E SUB-RAMAIS DE GÁS - FORNECIMENTO E INSTALAÇÃO. AF_10/2020","UN",51.87,97543,null,48.99,51.87]
[null,97544,"LUVA COM REDUÇÃO, EM AÇO, CONEXÃO SOLDADA, DN 25 X 20 MM (1\" X 3/4\"), INSTALADO EM RAMAIS E SUB-RAMAIS DE GÁS - FORNECIMENTO E INSTALAÇÃO. AF_10/2020","UN",45.9,97544,null,43.02,45.9]
[null,97546,"CURVA 45 GRAUS, EM AÇO, CONEXÃO SOLDADA, DN 15 (1/2\"), INSTALADO EM RAMAIS E SUB-RAMAIS DE GÁS - FORNECIMENTO E INSTALAÇÃO. AF_10/2020","UN",33.74,97546,null,32.450000000000003,33.74]
[null,97547,"CURVA 90 GRAUS, EM AÇO, CONEXÃO SOLDADA, DN 15 (1/2\"), INSTALADO EM RAMAIS E SUB-RAMAIS DE GÁS - FORNECIMENTO E INSTALAÇÃO. AF_10/2020","UN",33.74,97547,null,32.450000000000003,33.74]
[null,97548,"CURVA 45 GRAUS, EM AÇO, CONEXÃO SOLDADA, DN 20 (3/4\"), INSTALADO EM RAMAIS E SUB-RAMAIS DE GÁS - FORNECIMENTO E INSTALAÇÃO. AF_10/2020","UN",49.71,97548,null,47.5,49.71]
[null,97549,"CURVA 90 GRAUS, EM AÇO, CONEXÃO SOLDADA, DN 20 (3/4\"), INSTALADO EM RAMAIS E SUB-RAMAIS DE GÁS - FORNECIMENTO E INSTALAÇÃO. AF_10/2020","UN",49.71,97549,null,47.5,49.71]
[null,97550,"CURVA 45 GRAUS, EM AÇO, CONEXÃO SOLDADA, DN 25 (1\"), INSTALADO EM RAMAIS E SUB-RAMAIS DE GÁS - FORNECIMENTO E INSTALAÇÃO. AF_10/2020","UN",81.86,97550,null,77.56,81.86]
[null,97551,"CURVA 90 GRAUS, EM AÇO, CONEXÃO SOLDADA, DN 25 (1\"), INSTALADO EM RAMAIS E SUB-RAMAIS DE GÁS - FORNECIMENTO E INSTALAÇÃO. AF_10/2020","UN",81.86,97551,null,77.56,81.86]
[null,97552,"TÊ, EM AÇO, CONEXÃO SOLDADA, DN 15 (1/2\"), INSTALADO EM RAMAIS E SUB-RAMAIS DE GÁS - FORNECIMENTO E INSTALAÇÃO. AF_10/2020","UN",49.33,97552,null,47.61,49.33]
[null,97553,"TÊ, EM AÇO, CONEXÃO SOLDADA, DN 20 (3/4\"), INSTALADO EM RAMAIS E SUB-RAMAIS DE GÁS - FORNECIMENTO E INSTALAÇÃO. AF_10/2020","UN",70.61,97553,null,67.650000000000006,70.61]
[null,97554,"TÊ, EM AÇO, CONEXÃO SOLDADA, DN 25 (1\"), INSTALADO EM RAMAIS E SUB-RAMAIS DE GÁS - FORNECIMENTO E INSTALAÇÃO. AF_10/2020","UN",121.6,97554,null,115.85,121.6]
[null,98602,"CONECTOR EM BRONZE/LATÃO, DN 22 MM X 1/2\", SEM ANEL DE SOLDA, BOLSA X ROSCA F, INSTALADO EM PRUMADA DE HIDRÁULICA PREDIAL - FORNECIMENTO E INSTALAÇÃO. AF_04/2022","UN",18.04,98602,null,17.72,18.04]
[null,103805,"COTOVELO EM COBRE, DN 15 MM, 90 GRAUS, SEM ANEL DE SOLDA, INSTALADO EM RAMAL E SUB-RAMAL DE GÁS COMBUSTÍVEL - FORNECIMENTO E INSTALAÇÃO. AF_04/2022","UN",17.52,103805,null,16.34,17.52]
[null,103806,"CURVA EM COBRE, DN 15 MM, 45 GRAUS, SEM ANEL DE SOLDA, BOLSA X BOLSA, INSTALADO EM RAMAL E SUB-RAMAL DE GÁS COMBUSTÍVEL - FORNECIMENTO E INSTALAÇÃO. AF_04/2022","UN",17.489999999999998,103806,null,16.309999999999999,17.489999999999998]
[null,103807,"COTOVELO EM BRONZE/LATÃO, DN 15 MM X 1/2\", 90 GRAUS, SEM ANEL DE SOLDA, BOLSA X ROSCA F, INSTALADO EM RAMAL E SUB-RAMAL DE GÁS COMBUSTÍVEL - FORNECIMENTO E INSTALAÇÃO. AF_04/2022","UN",21.75,103807,null,20.97,21.75]
[null,103808,"COTOVELO EM COBRE, DN 22 MM, 90 GRAUS, SEM ANEL DE SOLDA, INSTALADO EM RAMAL E SUB-RAMAL DE GÁS COMBUSTÍVEL - FORNECIMENTO E INSTALAÇÃO. AF_04/2022","UN",32.89,103808,null,30.87,32.89]
[null,103809,"CURVA EM COBRE, DN 22 MM, 45 GRAUS, SEM ANEL DE SOLDA, BOLSA X BOLSA, INSTALADO EM RAMAL E SUB-RAMAL DE GÁS COMBUSTÍVEL - FORNECIMENTO E INSTALAÇÃO. AF_04/2022","UN",32.6,103809,null,30.58,32.6]
[null,103810,"COTOVELO EM BRONZE/LATÃO, DN 22 MM X 1/2\", 90 GRAUS, SEM ANEL DE SOLDA, BOLSA X ROSCA F, INSTALADO EM RAMAL E SUB-RAMAL DE GÁS COMBUSTÍVEL - FORNECIMENTO E INSTALAÇÃO. AF_04/2022","UN",33.520000000000003,103810,null,32.33,33.520000000000003]
[null,103811,"COTOVELO EM BRONZE/LATÃO, DN 22 MM X 3/4\", 90 GRAUS, SEM ANEL DE SOLDA, BOLSA X ROSCA F, INSTALADO EM RAMAL E SUB-RAMAL DE GÁS COMBUSTÍVEL - FORNECIMENTO E INSTALAÇÃO. AF_04/2022","UN",36.979999999999997,103811,null,35.700000000000003,36.979999999999997]
[null,103812,"COTOVELO EM COBRE, DN 28 MM, 90 GRAUS, SEM ANEL DE SOLDA, INSTALADO EM RAMAL E SUB-RAMAL DE GÁS COMBUSTÍVEL - FORNECIMENTO E INSTALAÇÃO. AF_04/2022","UN",48.83,103812,null,46.07,48.83]
[null,103813,"CURVA EM COBRE, DN 28 MM, 45 GRAUS, SEM ANEL DE SOLDA, BOLSA X BOLSA, INSTALADO EM RAMAL E SUB-RAMAL DE GÁS COMBUSTÍVEL - FORNECIMENTO E INSTALAÇÃO. AF_04/2022","UN",47.05,103813,null,44.29,47.05]
[null,103814,"LUVA EM COBRE, DN 15 MM, SEM ANEL DE SOLDA, INSTALADO EM RAMAL E SUB-RAMAL DE GÁS COMBUSTÍVEL - FORNECIMENTO E INSTALAÇÃO. AF_04/2022","UN",11.46,103814,null,10.68,11.46]
[null,103815,"LUVA PASSANTE EM COBRE, DN 15 MM, SEM ANEL DE SOLDA, INSTALADO EM RAMAL E SUB-RAMAL DE GÁS COMBUSTÍVEL - FORNECIMENTO E INSTALAÇÃO. AF_04/2022","UN",11.49,103815,null,10.71,11.49]
[null,103816,"CURVA DE TRANSPOSIÇÃO EM BRONZE/LATÃO, DN 15 MM, SEM ANEL DE SOLDA, BOLSA X BOLSA, INSTALADO EM RAMAL E SUB-RAMAL DE GÁS COMBUSTÍVEL - FORNECIMENTO E INSTALAÇÃO. AF_04/2022","UN",26.93,103816,null,26.15,26.93]
[null,103817,"JUNTA DE EXPANSÃO EM COBRE, DN 15 MM, PONTA X PONTA, INSTALADO EM RAMAL E SUB-RAMAL DE GÁS COMBUSTÍVEL - FORNECIMENTO E INSTALAÇÃO. AF_04/2022","UN",456.38,103817,null,455.6,456.38]
[null,103818,"CONECTOR EM BRONZE/LATÃO, DN 15 MM X 1/2\", SEM ANEL DE SOLDA, BOLSA X ROSCA F, INSTALADO EM RAMAL E SUB-RAMAL DE GÁS COMBUSTÍVEL - FORNECIMENTO E INSTALAÇÃO. AF_04/2022","UN",19.96,103818,null,19.39,19.96]
[null,103819,"LUVA EM COBRE, DN 22 MM, SEM ANEL DE SOLDA, INSTALADO EM RAMAL E SUB-RAMAL DE GÁS COMBUSTÍVEL - FORNECIMENTO E INSTALAÇÃO. AF_04/2022","UN",20.28,103819,null,18.920000000000002,20.28]
[null,103820,"LUVA PASSANTE EM COBRE, DN 22 MM, SEM ANEL DE SOLDA, INSTALADO EM RAMAL E SUB-RAMAL DE GÁS COMBUSTÍVEL - FORNECIMENTO E INSTALAÇÃO. AF_04/2022","UN",21.61,103820,null,20.25,21.61]
[null,103821,"JUNTA DE EXPANSÃO EM COBRE, DN 22 MM, PONTA X PONTA, INSTALADO EM RAMAL E SUB-RAMAL DE GÁS COMBUSTÍVEL - FORNECIMENTO E INSTALAÇÃO. AF_04/2022","UN",534.16999999999996,103821,null,532.80999999999995,534.16999999999996]
[null,103822,"CURVA DE TRANSPOSIÇÃO EM BRONZE/LATÃO, DN 22 MM, SEM ANEL DE SOLDA, BOLSA X BOLSA, INSTALADO EM RAMAL E SUB-RAMAL DE GÁS COMBUSTÍVEL - FORNECIMENTO E INSTALAÇÃO. AF_04/2022","UN",55.56,103822,null,54.2,55.56]
[null,103823,"BUCHA DE REDUÇÃO EM COBRE, DN 22 MM X 15 MM, SEM ANEL DE SOLDA, PONTA X BOLSA, INSTALADO EM RAMAL E SUB-RAMAL DE GÁS COMBUSTÍVEL - FORNECIMENTO E INSTALAÇÃO. AF_04/2022","UN",17.63,103823,null,16.55,17.63]
[null,103824,"CONECTOR EM BRONZE/LATÃO, DN 22 MM X 1/2\", SEM ANEL DE SOLDA, BOLSA X ROSCA F, INSTALADO EM RAMAL E SUB-RAMAL DE GÁS COMBUSTÍVEL - FORNECIMENTO E INSTALAÇÃO. AF_04/2022","UN",23.25,103824,null,22.4,23.25]
[null,103825,"CONECTOR EM BRONZE/LATÃO, DN 22 MM X 3/4\", SEM ANEL DE SOLDA, BOLSA X ROSCA F, INSTALADO EM RAMAL E SUB-RAMAL DE GÁS COMBUSTÍVEL - FORNECIMENTO E INSTALAÇÃO. AF_04/2022","UN",27.56,103825,null,26.62,27.56]
[null,103826,"LUVA EM COBRE, DN 28 MM, SEM ANEL DE SOLDA, INSTALADO EM RAMAL E SUB-RAMAL DE GÁS COMBUSTÍVEL - FORNECIMENTO E INSTALAÇÃO. AF_04/2022","UN",30.6,103826,null,28.76,30.6]
[null,103827,"LUVA PASSANTE EM COBRE, DN 28 MM, SEM ANEL DE SOLDA, INSTALADO EM RAMAL E SUB-RAMAL DE GÁS COMBUSTÍVEL - FORNECIMENTO E INSTALAÇÃO. AF_04/2022","UN",30.6,103827,null,28.76,30.6]
[null,103828,"CURVA DE TRANSPOSIÇÃO EM BRONZE/LATÃO, DN 28 MM, SEM ANEL DE SOLDA, BOLSA X BOLSA, INSTALADO EM RAMAL E SUB-RAMAL DE GÁS COMBUSTÍVEL - FORNECIMENTO E INSTALAÇÃO. AF_04/2022","UN",{"$f":"IF($K$2=$H$1,H4931,I4931)","v":93.01},{"$f":"IF(LEN($B4931)=7,CONCATENATE(MID($B4931,1,6),\"00\",RIGHT($B4931,1)),IF(LEN($B4931)=8,CONCATENATE(MID($B4931,1,6),\"0\",RIGHT($B4931,2)),$B4931))","v":103828},null,91.17,93.01]
[null,103829,"JUNTA DE EXPANSÃO EM COBRE, DN 28 MM, PONTA X PONTA, INSTALADO EM RAMAL E SUB-RAMAL DE GÁS COMBUSTÍVEL - FORNECIMENTO E INSTALAÇÃO. AF_04/2022","UN",589.99,103829,null,588.15,589.99]
[null,103830,"CONECTOR EM BRONZE/LATÃO, DN 28 MM X 1/2\", SEM ANEL DE SOLDA, BOLSA X ROSCA F, INSTALADO EM RAMAL E SUB-RAMAL DE GÁS COMBUSTÍVEL - FORNECIMENTO E INSTALAÇÃO. AF_04/2022","UN",36.22,103830,null,35.119999999999997,36.22]
[null,103831,"BUCHA DE REDUÇÃO EM COBRE, DN 28 MM X 22 MM, SEM ANEL DE SOLDA, INSTALADO EM RAMAL E SUB-RAMAL DE GÁS COMBUSTÍVEL - FORNECIMENTO E INSTALAÇÃO. AF_04/2022","UN",26.29,103831,null,24.69,26.29]
[null,103832,"TÊ EM COBRE, DN 15 MM, SEM ANEL DE SOLDA, INSTALADO EM RAMAL E SUB-RAMAL DE GÁS COMBUSTÍVEL - FORNECIMENTO E INSTALAÇÃO. AF_04/2022","UN",23.7,103832,null,22.12,23.7]
[null,103833,"TE EM COBRE, DN 22 MM, SEM ANEL DE SOLDA, INSTALADO EM RAMAL E SUB-RAMAL DE GÁS COMBUSTÍVEL - FORNECIMENTO E INSTALAÇÃO. AF_04/2022","UN",43.6,103833,null,40.880000000000003,43.6]
[null,103834,"TÊ EM COBRE, DN 28 MM, SEM ANEL DE SOLDA, INSTALADO EM RAMAL E SUB-RAMAL DE GÁS COMBUSTÍVEL - FORNECIMENTO E INSTALAÇÃO. AF_04/2022","UN",63.44,103834,null,59.77,63.44]
[null,103838,"COTOVELO EM COBRE, DN 15 MM, 90 GRAUS, SEM ANEL DE SOLDA, INSTALADO EM RAMAL E SUB-RAMAL DE GÁS MEDICINAL - FORNECIMENTO E INSTALAÇÃO. AF_04/2022","UN",16.850000000000001,103838,null,15.73,16.850000000000001]
[null,103839,"CURVA EM COBRE, DN 15 MM, 45 GRAUS, SEM ANEL DE SOLDA, BOLSA X BOLSA, INSTALADO EM RAMAL E SUB-RAMAL DE GÁS MEDICINAL - FORNECIMENTO E INSTALAÇÃO. AF_04/2022","UN",16.82,103839,null,15.7,16.82]
[null,103840,"COTOVELO EM BRONZE/LATÃO, DN 15 MM X 1/2\", 90 GRAUS, SEM ANEL DE SOLDA, BOLSA X ROSCA F, INSTALADO EM RAMAL E SUB-RAMAL DE GÁS MEDICINAL - FORNECIMENTO E INSTALAÇÃO. AF_04/2022","UN",21.41,103840,null,20.67,21.41]
[null,103841,"COTOVELO EM COBRE, DN 22 MM, 90 GRAUS, SEM ANEL DE SOLDA, INSTALADO EM RAMAL E SUB-RAMAL DE GÁS MEDICINAL - FORNECIMENTO E INSTALAÇÃO. AF_04/2022","UN",27.6,103841,null,26.11,27.6]
[null,103842,"CURVA EM COBRE, DN 22 MM, 45 GRAUS, SEM ANEL DE SOLDA, BOLSA X BOLSA, INSTALADO EM RAMAL E SUB-RAMAL DE GÁS MEDICINAL - FORNECIMENTO E INSTALAÇÃO. AF_04/2022","UN",27.31,103842,null,25.82,27.31]
[null,103843,"COTOVELO EM BRONZE/LATÃO, DN 22 MM X 1/2\", 90 GRAUS, SEM ANEL DE SOLDA, BOLSA X ROSCA F, INSTALADO EM RAMAL E SUB-RAMAL DE GÁS MEDICINAL - FORNECIMENTO E INSTALAÇÃO. AF_04/2022","UN",30.87,103843,null,29.95,30.87]
[null,103844,"COTOVELO EM BRONZE/LATÃO, DN 22 MM X 3/4\", 90 GRAUS, SEM ANEL DE SOLDA, BOLSA X ROSCA F, INSTALADO EM RAMAL E SUB-RAMAL DE GÁS MEDICINAL - FORNECIMENTO E INSTALAÇÃO. AF_04/2022","UN",34.32,103844,null,33.31,34.32]
[null,103845,"COTOVELO EM COBRE, DN 28 MM, 90 GRAUS, SEM ANEL DE SOLDA, INSTALADO EM RAMAL E SUB-RAMAL DE GÁS MEDICINAL - FORNECIMENTO E INSTALAÇÃO. AF_04/2022","UN",39.58,103845,null,37.770000000000003,39.58]
[null,103846,"CURVA EM COBRE, DN 28 MM, 45 GRAUS, SEM ANEL DE SOLDA, BOLSA X BOLSA, INSTALADO EM RAMAL E SUB-RAMAL DE GÁS MEDICINAL - FORNECIMENTO E INSTALAÇÃO. AF_04/2022","UN",37.799999999999997,103846,null,35.99,37.799999999999997]
[null,103847,"LUVA EM COBRE, DN 15 MM, SEM ANEL DE SOLDA, INSTALADO EM RAMAL E SUB-RAMAL DE GÁS MEDICINAL - FORNECIMENTO E INSTALAÇÃO. AF_04/2022","UN",11,103847,null,10.26,11]
[null,103848,"LUVA PASSANTE EM COBRE, DN 15 MM, SEM ANEL DE SOLDA, INSTALADO EM RAMAL E SUB-RAMAL DE GÁS MEDICINAL - FORNECIMENTO E INSTALAÇÃO. AF_04/2022","UN",11.03,103848,null,10.29,11.03]
[null,103849,"CURVA DE TRANSPOSIÇÃO EM BRONZE/LATÃO, DN 15 MM, SEM ANEL DE SOLDA, BOLSA X BOLSA, INSTALADO EM RAMAL E SUB-RAMAL DE GÁS MEDICINAL - FORNECIMENTO E INSTALAÇÃO. AF_04/2022","UN",26.47,103849,null,25.73,26.47]
[null,103850,"JUNTA DE EXPANSÃO EM COBRE, DN 15 MM, PONTA X PONTA, INSTALADO EM RAMAL E SUB-RAMAL DE GÁS MEDICINAL - FORNECIMENTO E INSTALAÇÃO. AF_04/2022","UN",455.92,103850,null,455.18,455.92]
[null,103851,"CONECTOR EM BRONZE/LATÃO, DN 15 MM X 1/2\", SEM ANEL DE SOLDA, BOLSA X ROSCA F, INSTALADO EM RAMAL E SUB-RAMAL DE GÁS MEDICINAL - FORNECIMENTO E INSTALAÇÃO. AF_04/2022","UN",19.73,103851,null,19.18,19.73]
[null,103852,"LUVA EM COBRE, DN 22 MM, SEM ANEL DE SOLDA, INSTALADO EM RAMAL E SUB-RAMAL DE GÁS MEDICINAL - FORNECIMENTO E INSTALAÇÃO. AF_04/2022","UN",16.7,103852,null,15.72,16.7]
[null,103853,"LUVA PASSANTE EM COBRE, DN 22 MM, SEM ANEL DE SOLDA, INSTALADO EM RAMAL E SUB-RAMAL DE GÁS MEDICINAL - FORNECIMENTO E INSTALAÇÃO. AF_04/2022","UN",18.03,103853,null,17.05,18.03]
[null,103854,"JUNTA DE EXPANSÃO EM COBRE, DN 22 MM, PONTA X PONTA, INSTALADO EM RAMAL E SUB-RAMAL DE GÁS MEDICINAL - FORNECIMENTO E INSTALAÇÃO. AF_04/2022","UN",530.59,103854,null,529.61,530.59]
[null,103855,"CURVA DE TRANSPOSIÇÃO EM BRONZE/LATÃO, DN 22 MM, SEM ANEL DE SOLDA, BOLSA X BOLSA, INSTALADO EM RAMAL E SUB-RAMAL DE GÁS MEDICINAL - FORNECIMENTO E INSTALAÇÃO. AF_04/2022","UN",51.98,103855,null,51,51.98]
[null,103856,"BUCHA DE REDUÇÃO EM COBRE, DN 22 MM X 15 MM, SEM ANEL DE SOLDA, PONTA X BOLSA, INSTALADO EM RAMAL E SUB-RAMAL DE GÁS MEDICINAL - FORNECIMENTO E INSTALAÇÃO. AF_04/2022","UN",15.74,103856,null,14.87,15.74]
[null,103857,"CONECTOR EM BRONZE/LATÃO, DN 22 MM X 1/2\", SEM ANEL DE SOLDA, BOLSA X ROSCA F, INSTALADO EM RAMAL E SUB-RAMAL DE GÁS MEDICINAL - FORNECIMENTO E INSTALAÇÃO. AF_04/2022","UN",21.46,103857,null,20.79,21.46]
[null,103858,"CONECTOR EM BRONZE/LATÃO, DN 22 MM X 3/4\", SEM ANEL DE SOLDA, BOLSA X ROSCA F, INSTALADO EM RAMAL E SUB-RAMAL DE GÁS MEDICINAL - FORNECIMENTO E INSTALAÇÃO. AF_04/2022","UN",25.77,103858,null,25.01,25.77]
[null,103859,"LUVA EM COBRE, DN 28 MM, SEM ANEL DE SOLDA, INSTALADO EM RAMAL E SUB-RAMAL DE GÁS MEDICINAL - FORNECIMENTO E INSTALAÇÃO. AF_04/2022","UN",24.86,103859,null,23.67,24.86]
[null,103860,"LUVA PASSANTE EM COBRE, DN 28 MM, SEM ANEL DE SOLDA, INSTALADO EM RAMAL E SUB-RAMAL DE GÁS MEDICINAL - FORNECIMENTO E INSTALAÇÃO. AF_04/2022","UN",24.86,103860,null,23.67,24.86]
[null,103861,"CURVA DE TRANSPOSIÇÃO EM BRONZE/LATÃO, DN 28 MM, SEM ANEL DE SOLDA, BOLSA X BOLSA, INSTALADO EM RAMAL E SUB-RAMAL DE GÁS MEDICINAL - FORNECIMENTO E INSTALAÇÃO. AF_04/2022","UN",87.27,103861,null,86.08,87.27]
[null,103862,"JUNTA DE EXPANSÃO EM COBRE, DN 28 MM, PONTA X PONTA, INSTALADO EM RAMAL E SUB-RAMAL DE GÁS MEDICINAL - FORNECIMENTO E INSTALAÇÃO. AF_04/2022","UN",584.25,103862,null,583.05999999999995,584.25]
[null,103863,"CONECTOR EM BRONZE/LATÃO, DN 28 MM X 1/2\", SEM ANEL DE SOLDA, BOLSA X ROSCA F, INSTALADO EM RAMAL E SUB-RAMAL DE GÁS MEDICINAL - FORNECIMENTO E INSTALAÇÃO. AF_04/2022","UN",33.340000000000003,103863,null,32.56,33.340000000000003]
[null,103864,"BUCHA DE REDUÇÃO EM COBRE, DN 28 MM X 22 MM, SEM ANEL DE SOLDA, INSTALADO EM RAMAL E SUB-RAMAL DE GÁS MEDICINAL - FORNECIMENTO E INSTALAÇÃO. AF_04/2022","UN",21.56,103864,null,20.46,21.56]
[null,103865,"TÊ EM COBRE, DN 15 MM, SEM ANEL DE SOLDA, INSTALADO EM RAMAL E SUB-RAMAL DE GÁS MEDICINAL - FORNECIMENTO E INSTALAÇÃO. AF_04/2022","UN",22.79,103865,null,21.3,22.79]
[null,103866,"TÊ EM COBRE, DN 22 MM, SEM ANEL DE SOLDA, INSTALADO EM RAMAL E SUB-RAMAL DE GÁS MEDICINAL - FORNECIMENTO E INSTALAÇÃO. AF_04/2022","UN",36.51,103866,null,34.53,36.51]
[null,103867,"TÊ EM COBRE, DN 28 MM, SEM ANEL DE SOLDA, INSTALADO EM RAMAL E SUB-RAMAL DE GÁS MEDICINAL - FORNECIMENTO E INSTALAÇÃO. AF_04/2022","UN",51.08,103867,null,48.68,51.08]
[null,103874,"COTOVELO EM COBRE, DN 15 MM, 90 GRAUS, SEM ANEL DE SOLDA, INSTALADO EM RAMAL E SUB-RAMAL DE AQUECIMENTO SOLAR - FORNECIMENTO E INSTALAÇÃO. AF_04/2022","UN",17.55,103874,null,16.36,17.55]
[null,103875,"CURVA EM COBRE, DN 15 MM, 45 GRAUS, SEM ANEL DE SOLDA, BOLSA X BOLSA, INSTALADO EM RAMAL E SUB-RAMAL DE AQUECIMENTO SOLAR - FORNECIMENTO E INSTALAÇÃO. AF_04/2022","UN",17.52,103875,null,16.329999999999998,17.52]
[null,103876,"COTOVELO EM BRONZE/LATÃO, DN 15 MM X 1/2\", 90 GRAUS, SEM ANEL DE SOLDA, BOLSA X ROSCA F, INSTALADO EM RAMAL E SUB-RAMAL DE AQUECIMENTO SOLAR - FORNECIMENTO E INSTALAÇÃO. AF_04/2022","UN",21.76,103876,null,20.99,21.76]
[null,103877,"COTOVELO EM COBRE, DN 22 MM, 90 GRAUS, SEM ANEL DE SOLDA, INSTALADO EM RAMAL E SUB-RAMAL DE AQUECIMENTO SOLAR - FORNECIMENTO E INSTALAÇÃO. AF_04/2022","UN",26.79,103877,null,25.39,26.79]
[null,103878,"CURVA EM COBRE, DN 22 MM, 45 GRAUS, SEM ANEL DE SOLDA, BOLSA X BOLSA, INSTALADO EM RAMAL E SUB-RAMAL DE AQUECIMENTO SOLAR - FORNECIMENTO E INSTALAÇÃO. AF_04/2022","UN",26.5,103878,null,25.1,26.5]
[null,103879,"COTOVELO EM BRONZE/LATÃO, DN 22 MM X 1/2\", 90 GRAUS, SEM ANEL DE SOLDA, BOLSA X ROSCA F, INSTALADO EM RAMAL E SUB-RAMAL DE AQUECIMENTO SOLAR - FORNECIMENTO E INSTALAÇÃO. AF_04/2022","UN",30.47,103879,null,29.59,30.47]
[null,103880,"COTOVELO EM BRONZE/LATÃO, DN 22 MM X 3/4\", 90 GRAUS, SEM ANEL DE SOLDA, BOLSA X ROSCA F, INSTALADO EM RAMAL E SUB-RAMAL DE AQUECIMENTO SOLAR - FORNECIMENTO E INSTALAÇÃO. AF_04/2022","UN",33.93,103880,null,32.950000000000003,33.93]
[null,103881,"COTOVELO EM COBRE, DN 28 MM, 90 GRAUS, SEM ANEL DE SOLDA, INSTALADO EM RAMAL E SUB-RAMAL DE AQUECIMENTO SOLAR - FORNECIMENTO E INSTALAÇÃO. AF_04/2022","UN",37.5,103881,null,35.9,37.5]
[null,103882,"CURVA EM COBRE, DN 28 MM, 45 GRAUS, SEM ANEL DE SOLDA, BOLSA X BOLSA, INSTALADO EM RAMAL E SUB-RAMAL DE AQUECIMENTO SOLAR - FORNECIMENTO E INSTALAÇÃO. AF_04/2022","UN",35.72,103882,null,34.119999999999997,35.72]
[null,103883,"LUVA EM COBRE, DN 15 MM, SEM ANEL DE SOLDA, INSTALADO EM RAMAL E SUB-RAMAL DE AQUECIMENTO SOLAR - FORNECIMENTO E INSTALAÇÃO. AF_04/2022","UN",11.46,103883,null,10.66,11.46]
[null,103884,"LUVA PASSANTE EM COBRE, DN 15 MM, SEM ANEL DE SOLDA, INSTALADO EM RAMAL E SUB-RAMAL DE AQUECIMENTO SOLAR - FORNECIMENTO E INSTALAÇÃO. AF_04/2022","UN",11.49,103884,null,10.69,11.49]
[null,103885,"CURVA DE TRANSPOSIÇÃO EM BRONZE/LATÃO, DN 15 MM, SEM ANEL DE SOLDA, BOLSA X BOLSA, INSTALADO EM RAMAL E SUB-RAMAL DE AQUECIMENTO SOLAR - FORNECIMENTO E INSTALAÇÃO. AF_04/2022","UN",26.93,103885,null,26.13,26.93]
[null,103886,"JUNTA DE EXPANSÃO EM COBRE, DN 15 MM, PONTA X PONTA, INSTALADO EM RAMAL E SUB-RAMAL DE AQUECIMENTO SOLAR - FORNECIMENTO E INSTALAÇÃO. AF_04/2022","UN",456.38,103886,null,455.58,456.38]
[null,103887,"CONECTOR EM BRONZE/LATÃO, DN 15 MM X 1/2\", SEM ANEL DE SOLDA, BOLSA X ROSCA F, INSTALADO EM RAMAL E SUB-RAMAL DE AQUECIMENTO SOLAR - FORNECIMENTO E INSTALAÇÃO. AF_04/2022","UN",19.96,103887,null,19.39,19.96]
[null,103888,"LUVA EM COBRE, DN 22 MM, SEM ANEL DE SOLDA, INSTALADO EM RAMAL E SUB-RAMAL DE AQUECIMENTO SOLAR - FORNECIMENTO E INSTALAÇÃO. AF_04/2022","UN",16.14,103888,null,15.2,16.14]
[null,103889,"LUVA PASSANTE EM COBRE, DN 22 MM, SEM ANEL DE SOLDA, INSTALADO EM RAMAL E SUB-RAMAL DE AQUECIMENTO SOLAR - FORNECIMENTO E INSTALAÇÃO. AF_04/2022","UN",17.47,103889,null,16.53,17.47]
[null,103890,"JUNTA DE EXPANSÃO EM COBRE, DN 22 MM, PONTA X PONTA, INSTALADO EM RAMAL E SUB-RAMAL DE AQUECIMENTO SOLAR - FORNECIMENTO E INSTALAÇÃO. AF_04/2022","UN",530.03,103890,null,529.09,530.03]
[null,103891,"CURVA DE TRANSPOSIÇÃO EM BRONZE/LATÃO, DN 22 MM, SEM ANEL DE SOLDA, BOLSA X BOLSA, INSTALADO EM RAMAL E SUB-RAMAL DE AQUECIMENTO SOLAR - FORNECIMENTO E INSTALAÇÃO. AF_04/2022","UN",51.42,103891,null,50.48,51.42]
[null,103892,"BUCHA DE REDUÇÃO EM COBRE, DN 22 MM X 15 MM, SEM ANEL DE SOLDA, PONTA X BOLSA, INSTALADO EM RAMAL E SUB-RAMAL DE AQUECIMENTO SOLAR - FORNECIMENTO E INSTALAÇÃO. AF_04/2022","UN",15.72,103892,null,14.85,15.72]
[null,103893,"CONECTOR EM BRONZE/LATÃO, DN 22 MM X 1/2\", SEM ANEL DE SOLDA, BOLSA X ROSCA F, INSTALADO EM RAMAL E SUB-RAMAL DE AQUECIMENTO SOLAR - FORNECIMENTO E INSTALAÇÃO. AF_04/2022","UN",21.18,103893,null,20.53,21.18]
[null,103894,"CONECTOR EM BRONZE/LATÃO, DN 22 MM X 3/4\", SEM ANEL DE SOLDA, BOLSA X ROSCA F, INSTALADO EM RAMAL E SUB-RAMAL DE AQUECIMENTO SOLAR - FORNECIMENTO E INSTALAÇÃO. AF_04/2022","UN",25.49,103894,null,24.75,25.49]
[null,103895,"LUVA EM COBRE, DN 28 MM, SEM ANEL DE SOLDA, INSTALADO EM RAMAL E SUB-RAMAL DE AQUECIMENTO SOLAR - FORNECIMENTO E INSTALAÇÃO. AF_04/2022","UN",23.43,103895,null,22.36,23.43]
[null,103896,"LUVA PASSANTE EM COBRE, DN 28 MM, SEM ANEL DE SOLDA, INSTALADO EM RAMAL E SUB-RAMAL DE AQUECIMENTO SOLAR - FORNECIMENTO E INSTALAÇÃO. AF_04/2022","UN",23.43,103896,null,22.36,23.43]
[null,103897,"CURVA DE TRANSPOSIÇÃO EM BRONZE/LATÃO, DN 28 MM, SEM ANEL DE SOLDA, BOLSA X BOLSA, INSTALADO EM RAMAL E SUB-RAMAL DE AQUECIMENTO SOLAR - FORNECIMENTO E INSTALAÇÃO. AF_04/2022","UN",85.84,103897,null,84.77,85.84]
[null,103898,"JUNTA DE EXPANSÃO EM COBRE, DN 28 MM, PONTA X PONTA, INSTALADO EM RAMAL E SUB-RAMAL DE AQUECIMENTO SOLAR - FORNECIMENTO E INSTALAÇÃO. AF_04/2022","UN",582.82000000000005,103898,null,581.75,582.82000000000005]
[null,103899,"CONECTOR EM BRONZE/LATÃO, DN 28 MM X 1/2\", SEM ANEL DE SOLDA, BOLSA X ROSCA F, INSTALADO EM RAMAL E SUB-RAMAL DE AQUECIMENTO SOLAR - FORNECIMENTO E INSTALAÇÃO. AF_04/2022","UN",32.619999999999997,103899,null,31.92,32.619999999999997]
[null,103900,"BUCHA DE REDUÇÃO EM COBRE, DN 28 MM X 22 MM, SEM ANEL DE SOLDA, INSTALADO EM RAMAL E SUB-RAMAL DE AQUECIMENTO SOLAR - FORNECIMENTO E INSTALAÇÃO. AF_04/2022","UN",20.39,103900,null,19.39,20.39]
[null,103901,"TÊ EM COBRE, DN 15 MM, SEM ANEL DE SOLDA, INSTALADO EM RAMAL E SUB-RAMAL DE AQUECIMENTO SOLAR - FORNECIMENTO E INSTALAÇÃO. AF_04/2022","UN",{"$f":"IF($K$2=$H$1,H4995,I4995)","v":23.73},{"$f":"IF(LEN($B4995)=7,CONCATENATE(MID($B4995,1,6),\"00\",RIGHT($B4995,1)),IF(LEN($B4995)=8,CONCATENATE(MID($B4995,1,6),\"0\",RIGHT($B4995,2)),$B4995))","v":103901},null,22.14,23.73]
[null,103902,"TÊ EM COBRE, DN 22 MM, SEM ANEL DE SOLDA, INSTALADO EM RAMAL E SUB-RAMAL DE AQUECIMENTO SOLAR - FORNECIMENTO E INSTALAÇÃO. AF_04/2022","UN",35.43,103902,null,33.549999999999997,35.43]
[null,103903,"TÊ EM COBRE, DN 28 MM, SEM ANEL DE SOLDA, INSTALADO EM RAMAL E SUB-RAMAL DE AQUECIMENTO SOLAR - FORNECIMENTO E INSTALAÇÃO. AF_04/2022","UN",48.27,103903,null,46.14,48.27]
[null,103947,"BUCHA DE REDUÇÃO, CURTA, PVC, SOLDÁVEL, DN 25 X 20 MM, INSTALADO EM RAMAL OU SUB-RAMAL DE ÁGUA - FORNECIMENTO E INSTALAÇÃO. AF_06/2022","UN",6.06,103947,null,5.6,6.06]
[null,103948,"BUCHA DE REDUÇÃO, CURTA, PVC, SOLDÁVEL, DN 32 X 25 MM, INSTALADO EM RAMAL OU SUB-RAMAL DE ÁGUA - FORNECIMENTO E INSTALAÇÃO. AF_06/2022","UN",7.58,103948,null,7.04,7.58]
[null,103949,"BUCHA DE REDUÇÃO, LONGA, PVC, SOLDÁVEL, DN 32 X 20 MM, INSTALADO EM RAMAL OU SUB-RAMAL DE ÁGUA - FORNECIMENTO E INSTALAÇÃO. AF_06/2022","UN",8.7799999999999994,103949,null,8.2799999999999994,8.7799999999999994]
[null,103950,"JOELHO DE REDUÇÃO, 90 GRAUS, PVC, SOLDÁVEL, DN 25 MM X 20 MM, INSTALADO EM RAMAL OU SUB-RAMAL DE ÁGUA - FORNECIMENTO E INSTALAÇÃO. AF_06/2022","UN",10.23,103950,null,9.5399999999999991,10.23]
[null,103951,"JOELHO DE REDUÇÃO, 90 GRAUS, PVC, SOLDÁVEL, DN 32 MM X 25 MM, INSTALADO EM RAMAL OU SUB-RAMAL DE ÁGUA - FORNECIMENTO E INSTALAÇÃO. AF_06/2022","UN",14.05,103951,null,13.24,14.05]
[null,103952,"BUCHA DE REDUÇÃO, CURTA, PVC, SOLDÁVEL, DN 25 X 20 MM, INSTALADO EM RAMAL DE DISTRIBUIÇÃO DE ÁGUA - FORNECIMENTO E INSTALAÇÃO. AF_06/2022","UN",5.58,103952,null,5.17,5.58]
[null,103953,"BUCHA DE REDUÇÃO, CURTA, PVC, SOLDÁVEL, DN 32 X 25 MM, INSTALADO EM RAMAL DE DISTRIBUIÇÃO DE ÁGUA - FORNECIMENTO E INSTALAÇÃO. AF_06/2022","UN",7.02,103953,null,6.54,7.02]
[null,103954,"BUCHA DE REDUÇÃO, LONGA, PVC, SOLDÁVEL, DN 32 X 20 MM, INSTALADO EM RAMAL DE DISTRIBUIÇÃO DE ÁGUA - FORNECIMENTO E INSTALAÇÃO. AF_06/2022","UN",8.25,103954,null,7.8,8.25]
[null,103955,"JOELHO DE REDUÇÃO, 90 GRAUS, PVC, SOLDÁVEL, DN 25 MM X 20 MM, INSTALADO EM RAMAL DE DISTRIBUIÇÃO DE ÁGUA - FORNECIMENTO E INSTALAÇÃO. AF_06/2022","UN",9.52,103955,null,8.9,9.52]
[null,103956,"JOELHO DE REDUÇÃO, 90 GRAUS, PVC, SOLDÁVEL, DN 32 MM X 25 MM, INSTALADO EM RAMAL DE DISTRIBUIÇÃO DE ÁGUA - FORNECIMENTO E INSTALAÇÃO. AF_06/2022","UN",13.22,103956,null,12.49,13.22]
[null,103957,"BUCHA DE REDUÇÃO, CURTA, PVC, SOLDÁVEL, DN 32 X 25 MM, INSTALADO EM PRUMADA DE ÁGUA - FORNECIMENTO E INSTALAÇÃO. AF_06/2022","UN",4.78,103957,null,4.53,4.78]
[null,103958,"BUCHA DE REDUÇÃO, CURTA, PVC, SOLDÁVEL, DN 50 X 40 MM, INSTALADO EM PRUMADA DE ÁGUA - FORNECIMENTO E INSTALAÇÃO. AF_06/2022","UN",9.6199999999999992,103958,null,9.24,9.6199999999999992]
[null,103959,"BUCHA DE REDUÇÃO, CURTA, PVC, SOLDÁVEL, DN 60 X 50 MM, INSTALADO EM PRUMADA DE ÁGUA - FORNECIMENTO E INSTALAÇÃO. AF_06/2022","UN",14.33,103959,null,13.87,14.33]
[null,103962,"BUCHA DE REDUÇÃO, LONGA, PVC, SOLDÁVEL, DN 32 X 20 MM, INSTALADO EM PRUMADA DE ÁGUA - FORNECIMENTO E INSTALAÇÃO. AF_06/2022","UN",6.1,103962,null,5.87,6.1]
[null,103964,"BUCHA DE REDUÇÃO, LONGA, PVC, SOLDÁVEL, DN 40 X 25 MM, INSTALADO EM PRUMADA DE ÁGUA - FORNECIMENTO E INSTALAÇÃO. AF_06/2022","UN",7.75,103964,null,7.47,7.75]
[null,103966,"BUCHA DE REDUÇÃO, LONGA, PVC, SOLDÁVEL, DN 50 X 25 MM, INSTALADO EM PRUMADA DE ÁGUA - FORNECIMENTO E INSTALAÇÃO. AF_06/2022","UN",9.1999999999999993,103966,null,8.8800000000000008,9.1999999999999993]
[null,103967,"BUCHA DE REDUÇÃO , LONGA, PVC, SOLDÁVEL, DN 50 X 32 MM, INSTALADO EM PRUMADA DE ÁGUA - FORNECIMENTO E INSTALAÇÃO. AF_06/2022","UN",11.02,103967,null,10.68,11.02]
[null,103968,"BUCHA DE REDUÇÃO, LONGA, PVC, SOLDÁVEL, DN 60 X 25 MM, INSTALADO EM PRUMADA DE ÁGUA - FORNECIMENTO E INSTALAÇÃO. AF_06/2022","UN",15.55,103968,null,15.2,15.55]
[null,103969,"BUCHA DE REDUÇÃO, LONGA, PVC, SOLDÁVEL, DN 60 X 32 MM, INSTALADO EM PRUMADA DE ÁGUA - FORNECIMENTO E INSTALAÇÃO. AF_06/2022","UN",18.3,103969,null,17.920000000000002,18.3]
[null,103971,"BUCHA DE REDUÇÃO, LONGA, PVC, SOLDÁVEL, DN 60 X 50 MM, INSTALADO EM PRUMADA DE ÁGUA - FORNECIMENTO E INSTALAÇÃO. AF_06/2022","UN",23.26,103971,null,22.8,23.26]
[null,103972,"BUCHA DE REDUÇÃO, LONGA, PVC, SOLDÁVEL, DN 75 X 50 MM, INSTALADO EM PRUMADA DE ÁGUA - FORNECIMENTO E INSTALAÇÃO. AF_06/2022","UN",27.02,103972,null,26.51,27.02]
[null,103974,"JOELHO DE REDUÇÃO, 90 GRAUS, PVC, SOLDÁVEL, DN 32 MM X 25 MM, INSTALADO EM PRUMADA DE ÁGUA - FORNECIMENTO E INSTALAÇÃO. AF_06/2022","UN",9.8699999999999992,103974,null,9.49,9.8699999999999992]
[null,103975,"TE DE REDUÇÃO, 90 GRAUS, PVC, SOLDÁVEL, DN 50 MM X 20 MM, INSTALADO EM PRUMADA DE ÁGUA - FORNECIMENTO E INSTALAÇÃO. AF_06/2022","UN",16.75,103975,null,16.16,16.75]
[null,103976,"TE DE REDUÇÃO, 90 GRAUS, PVC, SOLDÁVEL, DN 50 MM X 32 MM, INSTALADO EM PRUMADA DE ÁGUA - FORNECIMENTO E INSTALAÇÃO. AF_06/2022","UN",23.96,103976,null,23.27,23.96]
[null,103980,"JOELHO 90 GRAUS, PVC, SOLDÁVEL, DN 40MM, INSTALADO EM RAMAL DE DISTRIBUIÇÃO DE ÁGUA - FORNECIMENTO E INSTALAÇÃO. AF_06/2022","UN",16.579999999999998,103980,null,15.64,16.579999999999998]
[null,103981,"JOELHO 45 GRAUS, PVC, SOLDÁVEL, DN 40MM, INSTALADO EM RAMAL DE DISTRIBUIÇÃO DE ÁGUA - FORNECIMENTO E INSTALAÇÃO. AF_06/2022","UN",16.63,103981,null,15.69,16.63]
[null,103982,"CURVA 90 GRAUS, PVC, SOLDÁVEL, DN 40MM, INSTALADO EM RAMAL DE DISTRIBUIÇÃO DE ÁGUA - FORNECIMENTO E INSTALAÇÃO. AF_06/2022","UN",22.23,103982,null,21.29,22.23]
[null,103983,"CURVA 45 GRAUS, PVC, SOLDÁVEL, DN 40MM, INSTALADO EM RAMAL DE DISTRIBUIÇÃO DE ÁGUA - FORNECIMENTO E INSTALAÇÃO. AF_06/2022","UN",16.14,103983,null,15.2,16.14]
[null,103984,"JOELHO 90 GRAUS, PVC, SOLDÁVEL, DN 50MM, INSTALADO EM RAMAL DE DISTRIBUIÇÃO DE ÁGUA - FORNECIMENTO E INSTALAÇÃO. AF_06/2022","UN",18.559999999999999,103984,null,17.45,18.559999999999999]
[null,103985,"JOELHO 45 GRAUS, PVC, SOLDÁVEL, DN 50MM, INSTALADO EM RAMAL DE DISTRIBUIÇÃO DE ÁGUA - FORNECIMENTO E INSTALAÇÃO. AF_06/2022","UN",20.86,103985,null,19.75,20.86]
[null,103986,"CURVA 90 GRAUS, PVC, SOLDÁVEL, DN 50MM, INSTALADO EM RAMAL DE DISTRIBUIÇÃO DE ÁGUA - FORNECIMENTO E INSTALAÇÃO. AF_06/2022","UN",25.99,103986,null,24.88,25.99]
[null,103987,"CURVA 45 GRAUS, PVC, SOLDÁVEL, DN 50MM, INSTALADO EM RAMAL DE DISTRIBUIÇÃO DE ÁGUA - FORNECIMENTO E INSTALAÇÃO. AF_06/2022","UN",22.51,103987,null,21.4,22.51]
[null,103988,"LUVA, PVC, SOLDÁVEL, DN 40MM, INSTALADO EM RAMAL DE DISTRIBUIÇÃO DE ÁGUA - FORNECIMENTO E INSTALAÇÃO. AF_06/2022","UN",12.09,103988,null,11.46,12.09]
[null,103990,"UNIÃO, PVC, SOLDÁVEL, DN 40MM, INSTALADO EM RAMAL DE DISTRIBUIÇÃO DE ÁGUA - FORNECIMENTO E INSTALAÇÃO. AF_06/2022","UN",32.04,103990,null,31.41,32.04]
[null,103991,"LUVA COM ROSCA, PVC, SOLDÁVEL, DN 40MM X 1.1/4\", INSTALADO EM RAMAL DE DISTRIBUIÇÃO DE ÁGUA - FORNECIMENTO E INSTALAÇÃO. AF_06/2022","UN",16.989999999999998,103991,null,16.41,16.989999999999998]
[null,103992,"ADAPTADOR CURTO COM BOLSA E ROSCA PARA REGISTRO, PVC, SOLDÁVEL, DN 40MM X 1.1/4\", INSTALADO EM RAMAL DE DISTRIBUIÇÃO DE ÁGUA - FORNECIMENTO E INSTALAÇÃO. AF_06/2022","UN",10.89,103992,null,10.31,10.89]
[null,103993,"BUCHA DE REDUÇÃO, PVC, SOLDÁVEL, DN 40MM X 32MM, INSTALADO EM RAMAL DE DISTRIBUIÇÃO DE ÁGUA - FORNECIMENTO E INSTALAÇÃO. AF_06/2022","UN",9.41,103993,null,8.83,9.41]
[null,103994,"ADAPTADOR CURTO COM BOLSA E ROSCA PARA REGISTRO, PVC, SOLDÁVEL, DN 40MM X 1.1/2\", INSTALADO EM RAMAL DE DISTRIBUIÇÃO DE ÁGUA - FORNECIMENTO E INSTALAÇÃO. AF_06/2022","UN",13.33,103994,null,12.77,13.33]
[null,103995,"LUVA, PVC, SOLDÁVEL, DN 50MM, INSTALADO EM RAMAL DE DISTRIBUIÇÃO DE ÁGUA - FORNECIMENTO E INSTALAÇÃO. AF_06/2022","UN",14.43,103995,null,13.68,14.43]
[null,103996,"LUVA DE CORRER, PVC, SOLDÁVEL, DN 50MM, INSTALADO EM RAMAL DE DISTRIBUIÇÃO DE ÁGUA - FORNECIMENTO E INSTALAÇÃO. AF_06/2022","UN",36.75,103996,null,36,36.75]
[null,103997,"UNIÃO, PVC, SOLDÁVEL, DN 50MM, INSTALADO EM RAMAL DE DISTRIBUIÇÃO DE ÁGUA - FORNECIMENTO E INSTALAÇÃO. AF_06/2022","UN",35.89,103997,null,35.14,35.89]
[null,103998,"LUVA DE REDUÇÃO, PVC, SOLDÁVEL, DN 50MM X 25MM, INSTALADO EM RAMAL DE DISTRIBUIÇÃO DE ÁGUA   FORNECIMENTO E INSTALAÇÃO. AF_06/2022","UN",13.7,103998,null,13.1,13.7]
[null,103999,"BUCHA DE REDUÇÃO, LONGA, PVC, SOLDÁVEL, DN 50 X 25 MM, INSTALADO EM RAMAL DE DISTRIBUIÇÃO DE ÁGUA - FORNECIMENTO E INSTALAÇÃO. AF_06/2022","UN",11.87,103999,null,11.27,11.87]
[null,104000,"LUVA COM ROSCA, PVC, SOLDÁVEL, DN 50MM X 1.1/2\", INSTALADO EM RAMAL DE DISTRIBUIÇÃO DE ÁGUA - FORNECIMENTO E INSTALAÇÃO. AF_06/2022","UN",25.84,104000,null,25.19,25.84]
[null,104001,"ADAPTADOR CURTO COM BOLSA E ROSCA PARA REGISTRO, PVC, SOLDÁVEL, DN 50MM X 1.1/2\", INSTALADO EM RAMAL DE DISTRIBUIÇÃO DE ÁGUA - FORNECIMENTO E INSTALAÇÃO. AF_06/2022","UN",13.1,104001,null,12.45,13.1]
[null,104002,"ADAPTADOR CURTO COM BOLSA E ROSCA PARA REGISTRO, PVC, SOLDÁVEL, DN 50MM X 1.1/4\", INSTALADO EM RAMAL DE DISTRIBUIÇÃO DE ÁGUA - FORNECIMENTO E INSTALAÇÃO. AF_06/2022","UN",16.350000000000001,104002,null,15.71,16.350000000000001]
[null,104003,"BUCHA DE REDUÇÃO , LONGA, PVC, SOLDÁVEL, DN 50 X 32 MM, INSTALADO EM RAMAL DE DISTRIBUIÇÃO DE ÁGUA - FORNECIMENTO E INSTALAÇÃO. AF_06/2022","UN",13.86,104003,null,13.22,13.86]
[null,104004,"TE, PVC, SOLDÁVEL, DN 50MM, INSTALADO EM RAMAL DE DISTRIBUIÇÃO DE ÁGUA - FORNECIMENTO E INSTALAÇÃO. AF_06/2022","UN",28.07,104004,null,26.58,28.07]
[null,104005,"TÊ DE REDUÇÃO, PVC, SOLDÁVEL, DN 50MM X 40MM, INSTALADO EM RAMAL DE DISTRIBUIÇÃO DE ÁGUA - FORNECIMENTO E INSTALAÇÃO. AF_06/2022","UN",33.89,104005,null,32.520000000000003,33.89]
[null,104006,"TÊ DE REDUÇÃO, PVC, SOLDÁVEL, DN 50MM X 25MM, INSTALADO EM RAMAL DE DISTRIBUIÇÃO DE ÁGUA - FORNECIMENTO E INSTALAÇÃO. AF_06/2022","UN",23.61,104006,null,22.48,23.61]
[null,104007,"TE DE REDUÇÃO, 90 GRAUS, PVC, SOLDÁVEL, DN 50 MM X 20 MM, INSTALADO EM RAMAL DE DISTRIBUIÇÃO DE ÁGUA - FORNECIMENTO E INSTALAÇÃO. AF_06/2022","UN",20.7,104007,null,19.7,20.7]
[null,104008,"TE DE REDUÇÃO, 90 GRAUS, PVC, SOLDÁVEL, DN 50 MM X 32 MM, INSTALADO EM RAMAL DE DISTRIBUIÇÃO DE ÁGUA - FORNECIMENTO E INSTALAÇÃO. AF_06/2022","UN",29.59,104008,null,28.32,29.59]
[null,104009,"BUCHA DE REDUÇÃO, CURTA, PVC, SOLDÁVEL, DN 50 X 40 MM, INSTALADO EM RAMAL DE DISTRIBUIÇÃO DE ÁGUA - FORNECIMENTO E INSTALAÇÃO. AF_06/2022","UN",12.64,104009,null,11.96,12.64]
[null,104011,"TE, PVC, SOLDÁVEL, DN 40MM, INSTALADO EM RAMAL DE DISTRIBUIÇÃO DE ÁGUA - FORNECIMENTO E INSTALAÇÃO. AF_06/2022","UN",23.75,104011,null,22.5,23.75]
[null,104012,"TÊ DE REDUÇÃO, PVC, SOLDÁVEL, DN 40MM X 32MM, INSTALADO EM RAMAL DE DISTRIBUIÇÃO DE ÁGUA - FORNECIMENTO E INSTALAÇÃO. AF_06/2022","UN",21.97,104012,null,20.82,21.97]
[null,104014,"BUCHA DE REDUÇÃO, LONGA, PVC, SOLDÁVEL, DN 40 X 25 MM, INSTALADO EM RAMAL DE DISTRIBUIÇÃO DE ÁGUA - FORNECIMENTO E INSTALAÇÃO. AF_06/2022","UN",10.199999999999999,104014,null,9.67,10.199999999999999]
[null,104015,"TE DE REDUÇÃO, CPVC, SOLDÁVEL, DN 22 X 15 MM, INSTALADO EM RAMAL OU SUB-RAMAL DE ÁGUA - FORNECIMENTO E INSTALAÇÃO. AF_06/2022","UN",17.03,104015,null,16.21,17.03]
[null,104016,"TE DE REDUÇÃO, CPVC, SOLDÁVEL, DN 28 X 22 MM, INSTALADO EM RAMAL OU SUB-RAMAL DE ÁGUA - FORNECIMENTO E INSTALAÇÃO. AF_06/2022","UN",23.01,104016,null,22.02,23.01]
[null,104017,"TE DE REDUÇÃO, CPVC, SOLDÁVEL, DN 35 X 28 MM, INSTALADO EM RAMAL OU SUB-RAMAL DE ÁGUA - FORNECIMENTO E INSTALAÇÃO. AF_06/2022","UN",47.17,104017,null,46,47.17]
[null,104018,"TE DE REDUÇÃO, CPVC, SOLDÁVEL, DN 28 X 22 MM, INSTALADO EM RAMAL DE DISTRIBUIÇÃO DE ÁGUA - FORNECIMENTO E INSTALAÇÃO. AF_06/2022","UN",22.01,104018,null,21.13,22.01]
[null,104019,"TE DE REDUÇÃO, CPVC, SOLDÁVEL, DN 35 X 28 MM, INSTALADO EM RAMAL DE DISTRIBUIÇÃO DE ÁGUA - FORNECIMENTO E INSTALAÇÃO. AF_06/2022","UN",46.01,104019,null,44.96,46.01]
[null,104020,"TE DE REDUÇÃO, CPVC, SOLDÁVEL, DN 42 X 35 MM, INSTALADO EM PRUMADA DE ÁGUA - FORNECIMENTO E INSTALAÇÃO. AF_06/2022","UN",{"$f":"IF($K$2=$H$1,H5059,I5059)","v":58.68},{"$f":"IF(LEN($B5059)=7,CONCATENATE(MID($B5059,1,6),\"00\",RIGHT($B5059,1)),IF(LEN($B5059)=8,CONCATENATE(MID($B5059,1,6),\"0\",RIGHT($B5059,2)),$B5059))","v":104020},null,58.02,58.68]
[null,104022,"TE, CPVC, SOLDÁVEL, DN  42MM, INSTALADO EM RAMAL DE DISTRIBUIÇÃO DE ÁGUA - FORNECIMENTO E INSTALAÇÃO. AF_06/2022","UN",72.16,104022,null,70.86,72.16]
[null,104023,"JOELHO 90 GRAUS, CPVC, SOLDÁVEL, DN 42MM, INSTALADO EM RAMAL DE DISTRIBUIÇÃO DE ÁGUA - FORNECIMENTO E INSTALAÇÃO. AF_06/2022","UN",42.48,104023,null,41.5,42.48]
[null,104024,"JOELHO 45 GRAUS, CPVC, SOLDÁVEL, DN 42MM, INSTALADO EM RAMAL DE DISTRIBUIÇÃO DE ÁGUA - FORNECIMENTO E INSTALAÇÃO. AF_06/2022","UN",42.06,104024,null,41.08,42.06]
[null,104025,"LUVA, CPVC, SOLDÁVEL, DN 42MM, INSTALADO EM RAMAL DE DISTRIBUIÇÃO DE ÁGUA - FORNECIMENTO E INSTALAÇÃO. AF_06/2022","UN",29.77,104025,null,29.12,29.77]
[null,104026,"LUVA DE CORRER, CPVC, SOLDÁVEL, DN 42MM, INSTALADO EM RAMAL DE DISTRIBUIÇÃO DE ÁGUA - FORNECIMENTO E INSTALAÇÃO. AF_06/2022","UN",43.65,104026,null,43,43.65]
[null,104027,"UNIÃO, CPVC, SOLDÁVEL, DN 42MM, INSTALADO EM RAMAL DE DISTRIBUIÇÃO DE ÁGUA   FORNECIMENTO E INSTALAÇÃO. AF_06/2022","UN",66.28,104027,null,65.63,66.28]
[null,104028,"LUVA DE TRANSIÇÃO, CPVC, SOLDÁVEL, DN42MM X 1.1/2\", INSTALADO EM RAMAL DE DISTRIBUIÇÃO DE ÁGUA - FORNECIMENTO E INSTALAÇÃO. AF_06/2022","UN",135.54,104028,null,134.93,135.54]
[null,104029,"CONECTOR, CPVC, SOLDÁVEL, DN 42MM X 1.1/2\", INSTALADO EM RAMAL DE DISTRIBUIÇÃO DE ÁGUA - FORNECIMENTO E INSTALAÇÃO. AF_06/2022","UN",70.47,104029,null,69.86,70.47]
[null,104030,"TE DE REDUÇÃO, CPVC, SOLDÁVEL, DN 42 X 35 MM, INSTALADO EM RAMAL DE DISTRIBUIÇÃO DE ÁGUA - FORNECIMENTO E INSTALAÇÃO. AF_06/2022","UN",63.95,104030,null,62.73,63.95]
[null,104159,"LUVA DE CORRER, PVC, SOLDÁVEL, DN 40MM, INSTALADO EM RAMAL DE DISTRIBUIÇÃO DE ÁGUA - FORNECIMENTO E INSTALAÇÃO. AF_06/2022","UN",34.29,104159,null,33.659999999999997,34.29]
[null,104167,"JOELHO 90 GRAUS, PVC, SERIE R, ÁGUA PLUVIAL, DN 150 MM, JUNTA ELÁSTICA, FORNECIDO E INSTALADO EM RAMAL DE ENCAMINHAMENTO. AF_06/2022","UN",121.53,104167,null,120.26,121.53]
[null,104168,"JOELHO 45 GRAUS, PVC, SERIE R, ÁGUA PLUVIAL, DN 150 MM, JUNTA ELÁSTICA, FORNECIDO E INSTALADO EM RAMAL DE ENCAMINHAMENTO. AF_06/2022","UN",118.37,104168,null,117.1,118.37]
[null,104169,"CURVA 87 GRAUS E 30 MINUTOS, PVC, SERIE R, ÁGUA PLUVIAL, DN 150 MM, JUNTA ELÁSTICA, FORNECIDO E INSTALADO EM RAMAL DE ENCAMINHAMENTO. AF_06/2022","UN",146.1,104169,null,144.83000000000001,146.1]
[null,104170,"LUVA SIMPLES, PVC, SERIE R, ÁGUA PLUVIAL, DN 150 MM, JUNTA ELÁSTICA, FORNECIDO E INSTALADO EM RAMAL DE ENCAMINHAMENTO. AF_06/2022","UN",70.08,104170,null,69.23,70.08]
[null,104171,"LUVA DE CORRER, PVC, SERIE R, ÁGUA PLUVIAL, DN 150 MM, JUNTA ELÁSTICA, FORNECIDO E INSTALADO EM RAMAL DE ENCAMINHAMENTO. AF_06/2022","UN",94.59,104171,null,93.74,94.59]
[null,104172,"TÊ DE INSPEÇÃO, PVC, SERIE R, ÁGUA PLUVIAL, DN 150 MM, JUNTA ELÁSTICA, FORNECIDO E INSTALADO EM RAMAL DE ENCAMINHAMENTO. AF_06/2022","UN",270.74,104172,null,269.89,270.74]
[null,104173,"REDUÇÃO EXCÊNTRICA, PVC, SERIE R, ÁGUA PLUVIAL, DN 150 X 100 MM, JUNTA ELÁSTICA, FORNECIDO E INSTALADO EM RAMAL DE ENCAMINHAMENTO. AF_06/2022","UN",84.21,104173,null,83.48,84.21]
[null,104174,"JUNÇÃO SIMPLES, PVC, SERIE R, ÁGUA PLUVIAL, DN 150 X 100 MM, JUNTA ELÁSTICA, FORNECIDO E INSTALADO EM RAMAL DE ENCAMINHAMENTO. AF_06/2022","UN",186.81,104174,null,185.25,186.81]
[null,104175,"TÊ, PVC, SERIE R, ÁGUA PLUVIAL, DN 150 X 100 MM, JUNTA ELÁSTICA, FORNECIDO E INSTALADO EM RAMAL DE ENCAMINHAMENTO. AF_06/2022","UN",139.43,104175,null,137.87,139.43]
[null,104176,"JUNÇÃO SIMPLES, PVC, SERIE R, ÁGUA PLUVIAL, DN 150 X 150 MM, JUNTA ELÁSTICA, FORNECIDO E INSTALADO EM RAMAL DE ENCAMINHAMENTO. AF_06/2022","UN",247.84,104176,null,246.14,247.84]
[null,104177,"TÊ, PVC, SERIE R, ÁGUA PLUVIAL, DN 150 X 150 MM, JUNTA ELÁSTICA, FORNECIDO E INSTALADO EM RAMAL DE ENCAMINHAMENTO. AF_06/2022","UN",180.62,104177,null,178.92,180.62]
[null,104178,"CAP, PVC, SERIE R, ÁGUA PLUVIAL, DN 100 MM, JUNTA ELÁSTICA, FORNECIDO E INSTALADO EM RAMAL DE ENCAMINHAMENTO. AF_06/2022","UN",21.56,104178,null,21.25,21.56]
[null,104179,"CAP, PVC, SERIE R, ÁGUA PLUVIAL, DN 150 MM, JUNTA ELÁSTICA, FORNECIDO E INSTALADO EM RAMAL DE ENCAMINHAMENTO. AF_06/2022","UN",82.37,104179,null,81.94,82.37]
[null,104191,"BUCHA DE REDUÇÃO, PPR, DN 25 X 20 MM, INSTALADO EM RAMAL OU SUB-RAMAL DE ÁGUA - FORNECIMENTO E INSTALAÇÃO. AF_08/2022","UN",9.35,104191,null,8.75,9.35]
[null,104192,"TÊ MISTURADOR, PPR, F M M, DN 25 X 25 MM, INSTALADO EM RAMAL OU SUB-RAMAL DE ÁGUA - FORNECIMENTO E INSTALAÇÃO. AF_08/2022","UN",25.83,104192,null,24.64,25.83]
[null,104193,"JOELHO 45 GRAUS, PPR, F/ F, DN 90 MM, INSTALADO EM PRUMADA DE ÁGUA - FORNECIMENTO E INSTALAÇÃO. AF_08/2022","UN",146.83000000000001,104193,null,144.27000000000001,146.83000000000001]
[null,104196,"CURVA 90 GRAUS, PPR, DN 20 MM, INSTALADO EM RAMAL OU SUB-RAMAL DE ÁGUA - FORNECIMENTO E INSTALAÇÃO. AF_08/2022","UN",14.15,104196,null,13.62,14.15]
[null,104197,"CURVA 90 GRAUS, PPR, DN 25 MM, INSTALADO EM RAMAL OU SUB-RAMAL DE ÁGUA - FORNECIMENTO E INSTALAÇÃO. AF_08/2022","UN",26.74,104197,null,25.47,26.74]
[null,104198,"JOELHO 45 GRAUS, PPR, DN 20 MM, INSTALADO EM RAMAL OU SUB-RAMAL DE ÁGUA - FORNECIMENTO E INSTALAÇÃO. AF_08/2022","UN",6.99,104198,null,6.46,6.99]
[null,104199,"JOELHO 90 GRAUS, PPR, DN 20 MM, INSTALADO EM RAMAL OU SUB-RAMAL DE ÁGUA - FORNECIMENTO E INSTALAÇÃO. AF_08/2022","UN",6.79,104199,null,6.26,6.79]
[null,104200,"LUVA, PPR, DN 20 MM, INSTALADO EM RAMAL OU SUB-RAMAL DE ÁGUA - FORNECIMENTO E INSTALAÇÃO. AF_08/2022","UN",5.51,104200,null,5.15,5.51]
[null,104201,"TÊ MISTURADOR, PPR, F M M, DN 20 X 20 MM, INSTALADO EM RAMAL OU SUB-RAMAL DE ÁGUA - FORNECIMENTO E INSTALAÇÃO. AF_08/2022","UN",17.489999999999998,104201,null,16.77,17.489999999999998]
[null,104202,"TÊ NORMAL, PPR, 90 GRAUS, DN 20 X 20 X 20 MM, INSTALADO EM RAMAL OU SUB-RAMAL DE ÁGUA - FORNECIMENTO E INSTALAÇÃO. AF_08/2022","UN",10.02,104202,null,9.3000000000000007,10.02]
[null,104317,"JOELHO 90 GRAUS, PVC, SOLDÁVEL, DN 20 MM, INSTALADO EM DRENO DE AR CONDICIONADO - FORNECIMENTO E INSTALAÇÃO. AF_08/2022","UN",6.39,104317,null,5.88,6.39]
[null,104318,"JOELHO 45 GRAUS, PVC, SOLDÁVEL, DN 20 MM, INSTALADO EM DRENO DE AR CONDICIONADO - FORNECIMENTO E INSTALAÇÃO. AF_08/2022","UN",6.89,104318,null,6.38,6.89]
[null,104319,"JOELHO 90 GRAUS, PVC, SOLDÁVEL, DN 32 MM, INSTALADO EM DRENO DE AR CONDICIONADO - FORNECIMENTO E INSTALAÇÃO. AF_08/2022","UN",9.4,104319,null,8.82,9.4]
[null,104320,"JOELHO 45 GRAUS, PVC, SOLDÁVEL, DN 32 MM, INSTALADO EM DRENO DE AR CONDICIONADO - FORNECIMENTO E INSTALAÇÃO. AF_08/2022","UN",10.99,104320,null,10.41,10.99]
[null,104321,"LUVA, PVC, SOLDÁVEL, DN 20 MM, INSTALADO EM DRENO DE AR CONDICIONADO - FORNECIMENTO E INSTALAÇÃO. AF_08/2022","UN",4.9400000000000004,104321,null,4.59,4.9400000000000004]
[null,104322,"LUVA, PVC, SOLDÁVEL, DN 32 MM, INSTALADO EM DRENO DE AR CONDICIONADO - FORNECIMENTO E INSTALAÇÃO. AF_08/2022","UN",7.17,104322,null,6.79,7.17]
[null,104323,"TE, PVC, SOLDÁVEL, DN 20 MM, INSTALADO EM DRENO DE AR CONDICIONADO - FORNECIMENTO E INSTALAÇÃO. AF_08/2022","UN",8.9499999999999993,104323,null,8.27,8.9499999999999993]
[null,104324,"TE, PVC, SOLDÁVEL, DN 32 MM, INSTALADO EM DRENO DE AR CONDICIONADO - FORNECIMENTO E INSTALAÇÃO. AF_08/2022","UN",13.32,104324,null,12.56,13.32]
[null,104341,"BUCHA DE REDUÇÃO LONGA, PVC, SÉRIE NORMAL, ESGOTO PREDIAL, DN 50 X 40 MM, JUNTA SOLDÁVEL E ELÁSTICA, FORNECIDO E INSTALADO EM RAMAL DE DESCARGA OU RAMAL DE ESGOTO SANITÁRIO. AF_08/2022","UN",10.85,104341,null,10.42,10.85]
[null,104343,"JUNÇÃO DE REDUÇÃO INVERTIDA, PVC, SÉRIE NORMAL, ESGOTO PREDIAL, DN 75 X 50 MM, JUNTA ELÁSTICA, FORNECIDO E INSTALADO EM RAMAL DE DESCARGA OU RAMAL DE ESGOTO SANITÁRIO. AF_08/2022","UN",33.770000000000003,104343,null,32.76,33.770000000000003]
[null,104344,"TE, PVC, SÉRIE NORMAL, ESGOTO PREDIAL, DN 100 X 50 MM, JUNTA ELÁSTICA, FORNECIDO E INSTALADO EM RAMAL DE DESCARGA OU RAMAL DE ESGOTO SANITÁRIO. AF_08/2022","UN",40.68,104344,null,39.54,40.68]
[null,104345,"JUNÇÃO DE REDUÇÃO INVERTIDA, PVC, SÉRIE NORMAL, ESGOTO PREDIAL, DN 100 X 50 MM, JUNTA ELÁSTICA, FORNECIDO E INSTALADO EM RAMAL DE DESCARGA OU RAMAL DE ESGOTO SANITÁRIO. AF_08/2022","UN",42.76,104345,null,41.62,42.76]
[null,104346,"TE, PVC, SÉRIE NORMAL, ESGOTO PREDIAL, DN 100 X 75 MM, JUNTA ELÁSTICA, FORNECIDO E INSTALADO EM RAMAL DE DESCARGA OU RAMAL DE ESGOTO SANITÁRIO. AF_08/2022","UN",45.03,104346,null,43.84,45.03]
[null,104347,"JUNÇÃO DE REDUCAO INVERTIDA, PVC, SÉRIE NORMAL, ESGOTO PREDIAL, DN 100 X 75 MM, JUNTA ELÁSTICA, FORNECIDO E INSTALADO EM RAMAL DE DESCARGA OU RAMAL DE ESGOTO SANITÁRIO. AF_08/2022","UN",47.71,104347,null,46.52,47.71]
[null,104348,"TERMINAL DE VENTILAÇÃO, PVC, SÉRIE NORMAL, ESGOTO PREDIAL, DN 50 MM, JUNTA SOLDÁVEL, FORNECIDO E INSTALADO EM PRUMADA DE ESGOTO SANITÁRIO OU VENTILAÇÃO. AF_08/2022","UN",11.23,104348,null,11.17,11.23]
[null,104350,"JUNÇÃO DE REDUÇÃO INVERTIDA, PVC, SÉRIE NORMAL, ESGOTO PREDIAL, DN 75 X 50 MM, JUNTA ELÁSTICA, FORNECIDO E INSTALADO EM PRUMADA DE ESGOTO SANITÁRIO OU VENTILAÇÃO. AF_08/2022","UN",30,104350,null,29.38,30]
[null,104351,"TERMINAL DE VENTILAÇÃO, PVC, SÉRIE NORMAL, ESGOTO PREDIAL, DN 75 MM, JUNTA SOLDÁVEL, FORNECIDO E INSTALADO EM PRUMADA DE ESGOTO SANITÁRIO OU VENTILAÇÃO. AF_08/2022","UN",23.21,104351,null,23,23.21]
[null,104352,"TE, PVC, SÉRIE NORMAL, ESGOTO PREDIAL, DN 100 X 50 MM, JUNTA ELÁSTICA, FORNECIDO E INSTALADO EM PRUMADA DE ESGOTO SANITÁRIO OU VENTILAÇÃO. AF_08/2022","UN",39.549999999999997,104352,null,38.53,39.549999999999997]
[null,104353,"JUNÇÃO DE REDUÇÃO INVERTIDA, PVC, SÉRIE NORMAL, ESGOTO PREDIAL, DN 100 X 50 MM, JUNTA ELÁSTICA, FORNECIDO E INSTALADO EM PRUMADA DE ESGOTO SANITÁRIO OU VENTILAÇÃO. AF_08/2022","UN",41.63,104353,null,40.61,41.63]
[null,104354,"TE, PVC, SÉRIE NORMAL, ESGOTO PREDIAL, DN 100 X 75 MM, JUNTA ELÁSTICA, FORNECIDO E INSTALADO EM PRUMADA DE ESGOTO SANITÁRIO OU VENTILAÇÃO. AF_08/2022","UN",45.23,104354,null,44.02,45.23]
[null,104355,"JUNÇÃO DE REDUCAO INVERTIDA, PVC, SÉRIE NORMAL, ESGOTO PREDIAL, DN 100 X 75 MM, JUNTA ELÁSTICA, FORNECIDO E INSTALADO EM PRUMADA DE ESGOTO SANITÁRIO OU VENTILAÇÃO. AF_08/2022","UN",47.91,104355,null,46.7,47.91]
[null,104356,"TERMINAL DE VENTILAÇÃO, PVC, SÉRIE NORMAL, ESGOTO PREDIAL, DN 100 MM, JUNTA SOLDÁVEL, FORNECIDO E INSTALADO EM PRUMADA DE ESGOTO SANITÁRIO OU VENTILAÇÃO. AF_08/2022","UN",30.78,104356,null,30.44,30.78]
[null,104357,"CAP, PVC, SÉRIE NORMAL, ESGOTO PREDIAL, DN 100 MM, JUNTA ELÁSTICA, FORNECIDO E INSTALADO EM SUBCOLETOR AÉREO DE ESGOTO SANITÁRIO. AF_08/2022","UN",19.07,104357,null,18.61,19.07]
[null,104576,"LUVA DE REDUÇÃO, PARA INSTALAÇÕES EM PEX ÁGUA, DN 20 X 16 MM, COM ANEL DESLIZANTE - FORNECIMENTO E INSTALAÇÃO. AF_02/2023","UN",15.23,104576,null,14.54,15.23]
[null,104577,"LUVA DE REDUÇÃO, PARA INSTALAÇÕES EM PEX ÁGUA, DN 25 X 16 MM, COM ANEL DESLIZANTE - FORNECIMENTO E INSTALAÇÃO. AF_02/2023","UN",20.73,104577,null,19.97,20.73]
[null,104578,"LUVA DE REDUÇÃO, PARA INSTALAÇÕES EM PEX ÁGUA, DN 25 X 20 MM, COM ANEL DESLIZANTE - FORNECIMENTO E INSTALAÇÃO. AF_02/2023","UN",22.22,104578,null,21.4,22.22]
[null,104579,"LUVA DE REDUÇÃO, PARA INSTALAÇÕES EM PEX ÁGUA, DN 32 X 25 MM, COM ANEL DESLIZANTE - FORNECIMENTO E INSTALAÇÃO. AF_02/2023","UN",29.29,104579,null,28.29,29.29]
[null,104581,"LUVA , PARA INSTALAÇÕES EM PEX ÁGUA, DN 16 MM, COM ANEL DESLIZANTE - FORNECIMENTO E INSTALAÇÃO. AF_02/2023","UN",13.91,104581,null,13.28,13.91]
[null,104582,"LUVA , PARA INSTALAÇÕES EM PEX ÁGUA, DN 20 MM, COM ANEL DESLIZANTE - FORNECIMENTO E INSTALAÇÃO. AF_02/2023","UN",17.829999999999998,104582,null,17.09,17.829999999999998]
[null,104583,"LUVA , PARA INSTALAÇÕES EM PEX ÁGUA, DN 25 MM, COM ANEL DESLIZANTE - FORNECIMENTO E INSTALAÇÃO. AF_02/2023","UN",29.09,104583,null,28.2,29.09]
[null,104584,"LUVA , PARA INSTALAÇÕES EM PEX ÁGUA, DN 32 MM, COM ANEL DESLIZANTE - FORNECIMENTO E INSTALAÇÃO. AF_02/2023","UN",{"$f":"IF($K$2=$H$1,H5123,I5123)","v":34.86},{"$f":"IF(LEN($B5123)=7,CONCATENATE(MID($B5123,1,6),\"00\",RIGHT($B5123,1)),IF(LEN($B5123)=8,CONCATENATE(MID($B5123,1,6),\"0\",RIGHT($B5123,2)),$B5123))","v":104584},null,33.76,34.86]
[null,105146,"BUCHA DE REDUÇÃO, PPR, DN 50 X 32 MM, INSTALADO EM RESERVAÇÃO PREDIAL DE ÁGUA - FORNECIMENTO E INSTALAÇÃO. AF_04/2024","UN",19.75,105146,null,19.23,19.75]
[null,105147,"CURVA PPR 90 GRAUS, DN 20 MM, INSTALADO EM RESERVAÇÃO PREDIAL DE ÁGUA - FORNECIMENTO E INSTALAÇÃO. AF_04/2024","UN",13.76,105147,null,13.27,13.76]
[null,105148,"CURVA PPR 90 GRAUS, DN 25 MM, INSTALADO EM RESERVAÇÃO PREDIAL DE ÁGUA - FORNECIMENTO E INSTALAÇÃO. AF_04/2024","UN",19.7,105148,null,19.16,19.7]
[null,105149,"JOELHO PPR 45 GRAUS, SOLDÁVEL, DN 20 MM, INSTALADO EM RESERVAÇÃO PREDIAL DE ÁGUA - FORNECIMENTO E INSTALAÇÃO. AF_04/2024","UN",6.6,105149,null,6.11,6.6]
[null,105150,"JOELHO PPR 45 GRAUS, SOLDÁVEL, DN 25 MM, INSTALADO EM RESERVAÇÃO PREDIAL DE ÁGUA - FORNECIMENTO E INSTALAÇÃO. AF_04/2024","UN",7.77,105150,null,7.23,7.77]
[null,105151,"JOELHO PPR 45 GRAUS, SOLDÁVEL, DN 40 MM, INSTALADO EM RESERVAÇÃO PREDIAL DE ÁGUA - FORNECIMENTO E INSTALAÇÃO. AF_04/2024","UN",19.59,105151,null,18.84,19.59]
[null,105152,"JOELHO PPR 45 GRAUS, SOLDÁVEL, DN 50 MM, INSTALADO EM RESERVAÇÃO PREDIAL DE ÁGUA - FORNECIMENTO E INSTALAÇÃO. AF_04/2024","UN",29.24,105152,null,28.3,29.24]
[null,105154,"CURVA PVC 45 GRAUS, SOLDÁVEL, DN 25 MM, INSTALADO EM RESERVAÇÃO PREDIAL DE ÁGUA - FORNECIMENTO E INSTALAÇÃO. AF_04/2024","UN",6.17,105154,null,5.89,6.17]
[null,105155,"CURVA PVC 45 GRAUS, SOLDÁVEL, DN 32 MM, INSTALADO EM RESERVAÇÃO PREDIAL DE ÁGUA - FORNECIMENTO E INSTALAÇÃO. AF_04/2024","UN",9.2899999999999991,105155,null,8.93,9.2899999999999991]
[null,105156,"CURVA PVC 45 GRAUS, SOLDÁVEL, DN 40 MM, INSTALADO EM RESERVAÇÃO PREDIAL DE ÁGUA - FORNECIMENTO E INSTALAÇÃO. AF_04/2024","UN",11.81,105156,null,11.32,11.81]
[null,105157,"CURVA PVC 45 GRAUS, SOLDÁVEL, DN 50 MM, INSTALADO EM RESERVAÇÃO PREDIAL DE ÁGUA - FORNECIMENTO E INSTALAÇÃO. AF_04/2024","UN",18.260000000000002,105157,null,17.579999999999998,18.260000000000002]
[null,105158,"CURVA PVC 45 GRAUS, SOLDÁVEL, DN 60 MM, INSTALADO EM RESERVAÇÃO PREDIAL DE ÁGUA - FORNECIMENTO E INSTALAÇÃO. AF_04/2024","UN",26.84,105158,null,25.92,26.84]
[null,105159,"CURVA PVC 45 GRAUS, SOLDÁVEL, DN 75 MM, INSTALADO EM RESERVAÇÃO PREDIAL DE ÁGUA - FORNECIMENTO E INSTALAÇÃO. AF_04/2024","UN",47.86,105159,null,46.5,47.86]
[null,105160,"CURVA PVC 45 GRAUS, SOLDÁVEL, DN 85 MM, INSTALADO EM RESERVAÇÃO PREDIAL DE ÁGUA - FORNECIMENTO E INSTALAÇÃO. AF_04/2024","UN",59.06,105160,null,57.35,59.06]
[null,105161,"JOELHO PPR 45 GRAUS, SOLDÁVEL, DN 75 MM, INSTALADO EM RESERVAÇÃO PREDIAL DE ÁGUA - FORNECIMENTO E INSTALAÇÃO. AF_04/2024","UN",83.43,105161,null,81.81,83.43]
[null,105162,"JOELHO PPR 45 GRAUS, SOLDÁVEL, DN 90 MM, INSTALADO EM RESERVAÇÃO PREDIAL DE ÁGUA - FORNECIMENTO E INSTALAÇÃO. AF_04/2024","UN",142.75,105162,null,140.61000000000001,142.75]
[null,105163,"JOELHO PPR, 45 GRAUS, SOLDÁVEL, DN 32 MM, INSTALADO EM RESERVAÇÃO PREDIAL DE ÁGUA - FORNECIMENTO E INSTALAÇÃO. AF_04/2024","UN",12.32,105163,null,11.7,12.32]
[null,105164,"TÊ, PPR, DN 20 MM, INSTALADO EM RESERVAÇÃO PREDIAL DE ÁGUA - FORNECIMENTO E INSTALAÇÃO. AF_04/2024","UN",9.49,105164,null,8.83,9.49]
[null,105165,"TÊ, PPR, DN 25 MM, INSTALADO EM RESERVAÇÃO PREDIAL DE ÁGUA - FORNECIMENTO E INSTALAÇÃO. AF_04/2024","UN",9.66,105165,null,8.94,9.66]
[null,105166,"JOELHO CPVC, SOLDÁVEL, 45 GRAUS, DN 42 MM, INSTALADO EM RESERVAÇÃO PREDIAL DE ÁGUA - FORNECIMENTO E INSTALAÇÃO. AF_04/2024","UN",37.799999999999997,105166,null,37.270000000000003,37.799999999999997]
[null,105167,"UNIÃO FLANGE, PPR, COM PARAFUSOS, DN 40 MM, INSTALADO EM RESERVAÇÃO PREDIAL DE ÁGUA - FORNECIMENTO E INSTALAÇÃO. AF_04/2024","UN",188.94,105167,null,182.34,188.94]
[null,105169,"BUCHA DE REDUÇÃO, EM FERRO GALVANIZADO, CONEXÃO ROSQUEADA, DN 80 MM X 65 MM (3\" X 2 1/2\"), INSTALADO EM RESERVAÇÃO PREDIAL DE ÁGUA - FORNECIMENTO E INSTALAÇÃO. AF_04/2024","UN",71.52,105169,null,69.569999999999993,71.52]
[null,105170,"JOELHO PVC, SOLDÁVEL, 45 GRAUS, DN 25 MM, INSTALADO EM RESERVAÇÃO PREDIAL DE ÁGUA - FORNECIMENTO E INSTALAÇÃO. AF_04/2024","UN",5.29,105170,null,5.01,5.29]
[null,105172,"BUCHA DE REDUÇÃO, EM FERRO GALVANIZADO, CONEXÃO ROSQUEADA, DN 80 MM X 50 MM (3\" X 2\"), INSTALADO EM RESERVAÇÃO PREDIAL DE ÁGUA - FORNECIMENTO E INSTALAÇÃO. AF_04/2024","UN",71.44,105172,null,69.63,71.44]
[null,105173,"LUVA DE REDUÇÃO, EM FERRO GALVANIZADO, CONEXÃO ROSQUEADA, DN 65 MM X 50 MM (2 1/2\" X 2\"), INSTALADO EM RESERVAÇÃO PREDIAL DE ÁGUA - FORNECIMENTO E INSTALAÇÃO. AF_04/2024","UN",71.91,105173,null,70.260000000000005,71.91]
[null,105174,"LUVA DE REDUÇÃO, EM FERRO GALVANIZADO, CONEXÃO ROSQUEADA, DN 80 MM X 65 MM (3\" X 2 1/2\"), INSTALADO EM RESERVAÇÃO PREDIAL DE ÁGUA - FORNECIMENTO E INSTALAÇÃO. AF_04/2024","UN",103.87,105174,null,101.92,103.87]
[null,105175,"LUVA DE REDUÇÃO, EM FERRO GALVANIZADO, CONEXÃO ROSQUEADA, DN 80 MM X 50 MM (3\" X 2\"), INSTALADO EM RESERVAÇÃO PREDIAL DE ÁGUA - FORNECIMENTO E INSTALAÇÃO. AF_04/2024","UN",102.56,105175,null,100.75,102.56]
[null,105176,"NIPLE DE REDUÇÃO, EM FERRO GALVANIZADO, CONEXÃO ROSQUEADA, DN 80 MM X 65 MM (3\" X 2 1/2\"), INSTALADO EM RESERVAÇÃO PREDIAL DE ÁGUA - FORNECIMENTO E INSTALAÇÃO. AF_04/2024","UN",129.72,105176,null,127.77,129.72]
[null,105177,"NIPLE DE REDUÇÃO, EM FERRO GALVANIZADO, CONEXÃO ROSQUEADA, DN 80 MM X 50 MM (3\" X 2\"), INSTALADO EM RESERVAÇÃO PREDIAL DE ÁGUA - FORNECIMENTO E INSTALAÇÃO. AF_04/2024","UN",115.51,105177,null,113.7,115.51]
[null,105178,"COTOVELO DE REDUÇÃO, 90 GRAUS, EM FERRO GALVANIZADO, CONEXÃO ROSQUEADA, DN 65 MM X 50 MM (2 1/2\" X 2\"), INSTALADO EM RESERVAÇÃO PREDIAL DE ÁGUA - FORNECIMENTO E INSTALAÇÃO. AF_04/2024","UN",111.74,105178,null,109.26,111.74]
[null,105179,"JOELHO PVC, SOLDÁVEL, 45 GRAUS, DN 32 MM, INSTALADO EM RESERVAÇÃO PREDIAL DE ÁGUA - FORNECIMENTO E INSTALAÇÃO. AF_04/2024","UN",8.99,105179,null,8.6300000000000008,8.99]
[null,105180,"JOELHO PVC, SOLDÁVEL, 45 GRAUS, DN 40 MM, INSTALADO EM RESERVAÇÃO PREDIAL DE ÁGUA - FORNECIMENTO E INSTALAÇÃO. AF_04/2024","UN",12.3,105180,null,11.81,12.3]
[null,105181,"JOELHO PVC, SOLDÁVEL, 45 GRAUS, DN 50 MM, INSTALADO EM RESERVAÇÃO PREDIAL DE ÁGUA - FORNECIMENTO E INSTALAÇÃO. AF_04/2024","UN",16.61,105181,null,15.93,16.61]
[null,105182,"JOELHO PVC, SOLDÁVEL, 45 GRAUS, DN 60 MM, INSTALADO EM RESERVAÇÃO PREDIAL DE ÁGUA - FORNECIMENTO E INSTALAÇÃO. AF_04/2024","UN",38.119999999999997,105182,null,37.200000000000003,38.119999999999997]
[null,105183,"JOELHO PVC, SOLDÁVEL, 45 GRAUS, DN 75 MM, INSTALADO EM RESERVAÇÃO PREDIAL DE ÁGUA - FORNECIMENTO E INSTALAÇÃO. AF_04/2024","UN",79.45,105183,null,78.09,79.45]
[null,105184,"JOELHO PVC, SOLDÁVEL, 45 GRAUS, DN 85 MM, INSTALADO EM RESERVAÇÃO PREDIAL DE ÁGUA - FORNECIMENTO E INSTALAÇÃO. AF_04/2024","UN",98.43,105184,null,96.72,98.43]
[null,105189,"TE DE REDUÇÃO, PVC, SOLDÁVEL, 90 GRAUS, DN 50 MM X 25 MM, INSTALADO EM RESERVAÇÃO PREDIAL DE ÁGUA - FORNECIMENTO E INSTALAÇÃO. AF_04/2024","UN",20.190000000000001,105189,null,19.46,20.190000000000001]
[null,105190,"TE DE REDUÇÃO, PVC, SOLDÁVEL, 90 GRAUS, DN 50 MM X 32 MM, INSTALADO EM RESERVAÇÃO PREDIAL DE ÁGUA - FORNECIMENTO E INSTALAÇÃO. AF_04/2024","UN",25.04,105190,null,24.27,25.04]
[null,105193,"COTOVELO, 90 GRAUS, EM FERRO GALVANIZADO, MACHO/FÊMEA, CONEXÃO ROSQUEADA, DN 65 MM (2 1/2\"), INSTALADO EM RESERVAÇÃO PREDIAL DE ÁGUA - FORNECIMENTO E INSTALAÇÃO. AF_04/2024","UN",122.29,105193,null,119.61,122.29]
[null,105194,"COTOVELO 90 GRAUS, EM FERRO GALVANIZADO, MACHO/FÊMEA, CONEXÃO ROSQUEADA, DN 50 MM (2\"), INSTALADO EM RESERVAÇÃO PREDIAL DE ÁGUA - FORNECIMENTO E INSTALAÇÃO. AF_04/2024","UN",69.790000000000006,105194,null,67.5,69.790000000000006]
[null,105195,"COTOVELO 90 GRAUS, EM FERRO GALVANIZADO, MACHO/FÊMEA, CONEXÃO ROSQUEADA, DN 80 MM (3\"), INSTALADO EM RESERVAÇÃO PREDIAL DE ÁGUA - FORNECIMENTO E INSTALAÇÃO. AF_04/2024","UN",177.08,105195,null,173.91,177.08]
[null,105196,"CURVA 45 GRAUS, EM FERRO GALVANIZADO, FÊMEA, CONEXÃO ROSQUEADA, DN 65 MM (2 1/2\"), INSTALADO EM RESERVAÇÃO PREDIAL DE ÁGUA - FORNECIMENTO E INSTALAÇÃO. AF_04/2024","UN",188.62,105196,null,185.94,188.62]
[null,105197,"CURVA 45 GRAUS, EM FERRO GALVANIZADO, FÊMEA, CONEXÃO ROSQUEADA, DN 50 MM (2\"), INSTALADO EM RESERVAÇÃO PREDIAL DE ÁGUA - FORNECIMENTO E INSTALAÇÃO. AF_04/2024","UN",130.18,105197,null,127.89,130.18]
[null,105198,"CURVA 45 GRAUS, EM FERRO GALVANIZADO, FÊMEA, CONEXÃO ROSQUEADA, DN 80 MM (3\"), INSTALADO EM RESERVAÇÃO PREDIAL DE ÁGUA - FORNECIMENTO E INSTALAÇÃO. AF_04/2024","UN",267.14,105198,null,263.97000000000003,267.14]
[null,105199,"CURVA 45 GRAUS, EM FERRO GALVANIZADO, MACHO/FÊMEA, CONEXÃO ROSQUEADA, DN 65 MM (2 1/2\"), INSTALADO EM RESERVAÇÃO PREDIAL DE ÁGUA - FORNECIMENTO E INSTALAÇÃO. AF_04/2024","UN",171.58,105199,null,168.9,171.58]
[null,105200,"CURVA 45 GRAUS, EM FERRO GALVANIZADO, MACHO/FÊMEA, CONEXÃO ROSQUEADA, DN 50 MM (2\"), INSTALADO EM RESERVAÇÃO PREDIAL DE ÁGUA - FORNECIMENTO E INSTALAÇÃO. AF_04/2024","UN",103,105200,null,100.71,103]
[null,105201,"CURVA 45 GRAUS, EM FERRO GALVANIZADO, MACHO/FÊMEA, CONEXÃO ROSQUEADA, DN 80 MM (3\"), INSTALADO EM RESERVAÇÃO PREDIAL DE ÁGUA - FORNECIMENTO E INSTALAÇÃO. AF_04/2024","UN",234.49,105201,null,231.32,234.49]
[null,105202,"CURVA 90 GRAUS, EM FERRO GALVANIZADO, FÊMEA, CONEXÃO ROSQUEADA, DN 65 MM (2 1/2\"), INSTALADO EM RESERVAÇÃO PREDIAL DE ÁGUA - FORNECIMENTO E INSTALAÇÃO. AF_04/2024","UN",212.32,105202,null,209.64,212.32]
[null,105203,"CURVA 90 GRAUS, EM FERRO GALVANIZADO, FÊMEA, CONEXÃO ROSQUEADA, DN 50 MM (2\"), INSTALADO EM RESERVAÇÃO PREDIAL DE ÁGUA - FORNECIMENTO E INSTALAÇÃO. AF_04/2024","UN",129.61000000000001,105203,null,127.32,129.61000000000001]
[null,105204,"CURVA 90 GRAUS, EM FERRO GALVANIZADO, FÊMEA, CONEXÃO ROSQUEADA, DN 80 (3\"), INSTALADO EM RESERVAÇÃO PREDIAL DE ÁGUA - FORNECIMENTO E INSTALAÇÃO. AF_04/2024","UN",282.16000000000003,105204,null,278.99,282.16000000000003]
[null,105205,"CURVA 90 GRAUS, EM FERRO GALVANIZADO, MACHO/FÊMEA, CONEXÃO ROSQUEADA, DN 65 MM (2 1/2\"), INSTALADO EM RESERVAÇÃO PREDIAL DE ÁGUA - FORNECIMENTO E INSTALAÇÃO. AF_04/2024","UN",196.25,105205,null,193.57,196.25]
[null,105206,"CURVA 90 GRAUS, EM FERRO GALVANIZADO, MACHO/FÊMEA, CONEXÃO ROSQUEADA, DN 50 MM (2\"), INSTALADO EM RESERVAÇÃO PREDIAL DE ÁGUA - FORNECIMENTO E INSTALAÇÃO. AF_04/2024","UN",123.58,105206,null,121.29,123.58]
[null,105207,"CURVA 90 GRAUS, EM FERRO GALVANIZADO, MACHO/FÊMEA, CONEXÃO ROSQUEADA, DN 80 MM (3\"), INSTALADO EM RESERVAÇÃO PREDIAL DE ÁGUA - FORNECIMENTO E INSTALAÇÃO. AF_04/2024","UN",274.12,105207,null,270.95,274.12]
[null,105208,"CURVA 90 GRAUS, EM FERRO GALVANIZADO, CONEXÃO ROSQUEADA, DN 65 MM (2 1/2\"), INSTALADO EM RESERVAÇÃO PREDIAL DE ÁGUA - FORNECIMENTO E INSTALAÇÃO. AF_04/2024","UN",258.06,105208,null,255.38,258.06]
[null,105209,"CURVA 90 GRAUS, EM FERRO GALVANIZADO, CONEXÃO ROSQUEADA, DN 50 MM (2\"), INSTALADO EM RESERVAÇÃO PREDIAL DE ÁGUA - FORNECIMENTO E INSTALAÇÃO. AF_04/2024","UN",126.11,105209,null,123.82,126.11]
[null,105210,"CURVA 90 GRAUS, EM FERRO GALVANIZADO, CONEXÃO ROSQUEADA, DN 80 MM (3\"), INSTALADO EM RESERVAÇÃO PREDIAL DE ÁGUA - FORNECIMENTO E INSTALAÇÃO. AF_04/2024","UN",332.9,105210,null,329.73,332.9]
[null,105211,"TE DE REDUÇÃO, EM FERRO GALVANIZADO, CONEXÃO ROSQUEADA, DN 80 MM X 65 MM (3\" X 2 1/2\"), INSTALADO EM RESERVAÇÃO PREDIAL DE ÁGUA - FORNECIMENTO E INSTALAÇÃO. AF_04/2024","UN",198.16,105211,null,194.16,198.16]
[null,105212,"TE DE REDUÇÃO, EM FERRO GALVANIZADO, CONEXÃO ROSQUEADA, DN 80 MM X 50 MM (3\" X 2\"), INSTALADO EM RESERVAÇÃO PREDIAL DE ÁGUA - FORNECIMENTO E INSTALAÇÃO. AF_04/2024","UN",196.45,105212,null,192.62,196.45]
[null,105213,"BUCHA DE REDUÇÃO EM COBRE, PONTA X BOLSA, 66 X 54 MM, INSTALADO EM RESERVAÇÃO PREDIAL DE ÁGUA - FORNECIMENTO E INSTALAÇÃO. AF_04/2024","UN",181.57,105213,null,179.55,181.57]
[null,105214,"BUCHA DE REDUÇÃO CPVC, SOLDÁVEL, DN 54 X 28 MM, INSTALADO EM RESERVAÇÃO PREDIAL DE ÁGUA - FORNECIMENTO E INSTALAÇÃO. AF_04/2024","UN",42.66,105214,null,42.3,42.66]
[null,105215,"BUCHA DE REDUÇÃO CPVC, SOLDÁVEL, DN 28 X 22 MM, INSTALADO EM RESERVAÇÃO PREDIAL DE ÁGUA - FORNECIMENTO E INSTALAÇÃO. AF_04/2024","UN",9.74,105215,null,9.56,9.74]
[null,105216,"BUCHA DE REDUÇÃO CPVC, SOLDÁVEL, DN 35 X 28 MM, INSTALADO EM RESERVAÇÃO PREDIAL DE ÁGUA - FORNECIMENTO E INSTALAÇÃO. AF_04/2024","UN",36.270000000000003,105216,null,36.03,36.270000000000003]
[null,105217,"BUCHA DE REDUÇÃO CPVC, SOLDÁVEL, DN 42 X 22 MM, INSTALADO EM RESERVAÇÃO PREDIAL DE ÁGUA - FORNECIMENTO E INSTALAÇÃO. AF_04/2024","UN",40.82,105217,null,40.56,40.82]
[null,105218,"BUCHA DE REDUÇÃO CPVC, SOLDÁVEL, DN 54 X 35 MM, INSTALADO EM RESERVAÇÃO PREDIAL DE ÁGUA - FORNECIMENTO E INSTALAÇÃO. AF_04/2024","UN",{"$f":"IF($K$2=$H$1,H5187,I5187)","v":70.709999999999994},{"$f":"IF(LEN($B5187)=7,CONCATENATE(MID($B5187,1,6),\"00\",RIGHT($B5187,1)),IF(LEN($B5187)=8,CONCATENATE(MID($B5187,1,6),\"0\",RIGHT($B5187,2)),$B5187))","v":105218},null,70.31,70.709999999999994]
[null,105219,"JOELHO CPVC, SOLDÁVEL, 45 GRAUS, DN 22 MM, INSTALADO EM RESERVAÇÃO PREDIAL DE ÁGUA - FORNECIMENTO E INSTALAÇÃO. AF_04/2024","UN",11.75,105219,null,11.5,11.75]
[null,105220,"JOELHO CPVC, SOLDÁVEL, 45 GRAUS, DN 28 MM, INSTALADO EM RESERVAÇÃO PREDIAL DE ÁGUA - FORNECIMENTO E INSTALAÇÃO. AF_04/2024","UN",16.18,105220,null,15.86,16.18]
[null,105221,"JOELHO CPVC, SOLDÁVEL, 45 GRAUS, DN 35 MM, INSTALADO EM RESERVAÇÃO PREDIAL DE ÁGUA - FORNECIMENTO E INSTALAÇÃO. AF_04/2024","UN",24.9,105221,null,24.49,24.9]
[null,105222,"JOELHO CPVC, SOLDÁVEL, 45 GRAUS, DN 54 MM, INSTALADO EM RESERVAÇÃO PREDIAL DE ÁGUA - FORNECIMENTO E INSTALAÇÃO. AF_04/2024","UN",71.48,105222,null,70.709999999999994,71.48]
[null,105223,"JOELHO CPVC, SOLDÁVEL, 45 GRAUS, DN 73 MM, INSTALADO EM RESERVAÇÃO PREDIAL DE ÁGUA - FORNECIMENTO E INSTALAÇÃO. AF_04/2024","UN",163.86,105223,null,162.57,163.86]
[null,105224,"JOELHO CPVC, SOLDÁVEL, 45 GRAUS, DN 89 MM, INSTALADO EM RESERVAÇÃO PREDIAL DE ÁGUA - FORNECIMENTO E INSTALAÇÃO. AF_04/2024","UN",238.98,105224,null,237.13,238.98]
[null,105225,"TE DE REDUÇÃO, CPVC, DN 28 X 22 MM, INSTALADO EM RESERVAÇÃO PREDIAL DE ÁGUA - FORNECIMENTO E INSTALAÇÃO. AF_04/2024","UN",17.57,105225,null,17.18,17.57]
[null,105226,"TE DE REDUÇÃO, CPVC, DN 35 X 28 MM, INSTALADO EM RESERVAÇÃO PREDIAL DE ÁGUA - FORNECIMENTO E INSTALAÇÃO. AF_04/2024","UN",41.13,105226,null,40.630000000000003,41.13]
[null,105227,"TE DE REDUÇÃO, CPVC, DN 42 X 35 MM, INSTALADO EM RESERVAÇÃO PREDIAL DE ÁGUA - FORNECIMENTO E INSTALAÇÃO. AF_04/2024","UN",58.84,105227,null,58.19,58.84]
[null,105228,"BUCHA DE REDUÇÃO PVC, SOLDÁVEL, LONGA, DN 50 X 32 MM, INSTALADO EM RESERVAÇÃO PREDIAL DE ÁGUA - FORNECIMENTO E INSTALAÇÃO. AF_04/2024","UN",11.06,105228,null,10.7,11.06]
[null,105229,"BUCHA DE REDUÇÃO, PPR, DN 50 X 25 MM, INSTALADO EM RESERVAÇÃO PREDIAL DE ÁGUA - FORNECIMENTO E INSTALAÇÃO. AF_04/2024","UN",24.46,105229,null,23.97,24.46]
[null,105230,"BUCHA DE REDUÇÃO, PPR, DN 25 X 20 MM, INSTALADO EM RESERVAÇÃO PREDIAL DE ÁGUA - FORNECIMENTO E INSTALAÇÃO. AF_04/2024","UN",6.88,105230,null,6.53,6.88]
[null,105231,"BUCHA DE REDUÇÃO, PPR, DN 32 X 25 MM, INSTALADO EM RESERVAÇÃO PREDIAL DE ÁGUA - FORNECIMENTO E INSTALAÇÃO. AF_04/2024","UN",8.07,105231,null,7.68,8.07]
[null,105232,"BUCHA DE REDUÇÃO, PPR, DN 40 X 25 MM, INSTALADO EM RESERVAÇÃO PREDIAL DE ÁGUA - FORNECIMENTO E INSTALAÇÃO. AF_04/2024","UN",15.43,105232,null,14.99,15.43]
[null,105233,"BUCHA DE REDUÇÃO PVC, SOLDÁVEL, LONGA, DN 40 X 25 MM, INSTALADO EM RESERVAÇÃO PREDIAL DE ÁGUA - FORNECIMENTO E INSTALAÇÃO. AF_04/2024","UN",7.5,105233,null,7.25,7.5]
[null,105234,"BUCHA DE REDUÇÃO PVC, SOLDÁVEL, LONGA, DN 50 X 25 MM, INSTALADO EM RESERVAÇÃO PREDIAL DE ÁGUA - FORNECIMENTO E INSTALAÇÃO. AF_04/2024","UN",9.19,105234,null,8.8699999999999992,9.19]
[null,97895,"CAIXA ENTERRADA HIDRÁULICA RETANGULAR, EM CONCRETO PRÉ-MOLDADO, DIMENSÕES INTERNAS: 0,3X0,3X0,3 M. AF_12/2020","UN",195.41,97895,null,195.09,195.41]
[null,97896,"CAIXA ENTERRADA HIDRÁULICA RETANGULAR, EM CONCRETO PRÉ-MOLDADO, DIMENSÕES INTERNAS: 0,4X0,4X0,4 M. AF_12/2020","UN",361.59,97896,null,360.95,361.59]
[null,97897,"CAIXA ENTERRADA HIDRÁULICA RETANGULAR, EM CONCRETO PRÉ-MOLDADO, DIMENSÕES INTERNAS: 0,6X0,6X0,5 M. AF_12/2020","UN",468.15,97897,null,466.97,468.15]
[null,97898,"CAIXA ENTERRADA HIDRÁULICA RETANGULAR, EM CONCRETO PRÉ-MOLDADO, DIMENSÕES INTERNAS: 0,8X0,8X0,5 M. AF_12/2020","UN",898.28,97898,null,888.35,898.28]
[null,97900,"CAIXA ENTERRADA HIDRÁULICA RETANGULAR EM ALVENARIA COM TIJOLOS CERÂMICOS MACIÇOS, DIMENSÕES INTERNAS: 0,3X0,3X0,3 M PARA REDE DE ESGOTO. AF_12/2020","UN",191.11,97900,null,181.09,191.11]
[null,97901,"CAIXA ENTERRADA HIDRÁULICA RETANGULAR EM ALVENARIA COM TIJOLOS CERÂMICOS MACIÇOS, DIMENSÕES INTERNAS: 0,4X0,4X0,4 M PARA REDE DE ESGOTO. AF_12/2020","UN",300.16000000000003,97901,null,284.37,300.16000000000003]
[null,97902,"CAIXA ENTERRADA HIDRÁULICA RETANGULAR EM ALVENARIA COM TIJOLOS CERÂMICOS MACIÇOS, DIMENSÕES INTERNAS: 0,6X0,6X0,6 M PARA REDE DE ESGOTO. AF_12/2020","UN",584.99,97902,null,555.09,584.99]
[null,97903,"CAIXA ENTERRADA HIDRÁULICA RETANGULAR EM ALVENARIA COM TIJOLOS CERÂMICOS MACIÇOS, DIMENSÕES INTERNAS: 0,8X0,8X0,6 M PARA REDE DE ESGOTO. AF_12/2020","UN",814.74,97903,null,773.09,814.74]
[null,97904,"CAIXA ENTERRADA HIDRÁULICA RETANGULAR EM ALVENARIA COM TIJOLOS CERÂMICOS MACIÇOS, DIMENSÕES INTERNAS: 1X1X0,6 M PARA REDE DE ESGOTO. AF_12/2020","UN",970.62,97904,null,925.48,970.62]
[null,97905,"CAIXA ENTERRADA HIDRÁULICA RETANGULAR, EM ALVENARIA COM BLOCOS DE CONCRETO, DIMENSÕES INTERNAS: 0,4X0,4X0,4 M PARA REDE DE ESGOTO. AF_12/2020","UN",245.63,97905,null,232.77,245.63]
[null,97906,"CAIXA ENTERRADA HIDRÁULICA RETANGULAR, EM ALVENARIA COM BLOCOS DE CONCRETO, DIMENSÕES INTERNAS: 0,6X0,6X0,6 M PARA REDE DE ESGOTO. AF_12/2020","UN",458.32,97906,null,435.19,458.32]
[null,97907,"CAIXA ENTERRADA HIDRÁULICA RETANGULAR, EM ALVENARIA COM BLOCOS DE CONCRETO, DIMENSÕES INTERNAS: 0,8X0,8X0,6 M PARA REDE DE ESGOTO. AF_12/2020","UN",653.08000000000004,97907,null,620.09,653.08000000000004]
[null,97908,"CAIXA ENTERRADA HIDRÁULICA RETANGULAR, EM ALVENARIA COM BLOCOS DE CONCRETO, DIMENSÕES INTERNAS: 1X1X0,6 M PARA REDE DE ESGOTO. AF_12/2020","UN",779.35,97908,null,744.44,779.35]
[null,98102,"CAIXA DE GORDURA SIMPLES, CIRCULAR, EM CONCRETO PRÉ-MOLDADO, DIÂMETRO INTERNO = 0,4 M, ALTURA INTERNA = 0,4 M. AF_12/2020","UN",184.95,98102,null,184.42,184.95]
[null,98104,"CAIXA DE GORDURA SIMPLES (CAPACIDADE: 36L), RETANGULAR, EM ALVENARIA COM TIJOLOS CERÂMICOS MACIÇOS, DIMENSÕES INTERNAS = 0,2X0,4 M, ALTURA INTERNA = 0,8 M. AF_12/2020","UN",376.25,98104,null,356.23,376.25]
[null,98105,"CAIXA DE GORDURA DUPLA (CAPACIDADE: 126 L), RETANGULAR, EM ALVENARIA COM TIJOLOS CERÂMICOS MACIÇOS, DIMENSÕES INTERNAS = 0,4X0,7 M, ALTURA INTERNA = 0,8 M. AF_12/2020","UN",655.49,98105,null,620.22,655.49]
[null,98106,"CAIXA DE GORDURA ESPECIAL (CAPACIDADE: 312 L - PARA ATÉ 146 PESSOAS SERVIDAS NO PICO), RETANGULAR, EM ALVENARIA COM TIJOLOS CERÂMICOS MACIÇOS, DIMENSÕES INTERNAS = 0,4X1,2 M, ALTURA INTERNA = 1 M. AF_12/2020","UN",1082.3800000000001,98106,null,1024.49,1082.3800000000001]
[null,98107,"CAIXA DE GORDURA SIMPLES (CAPACIDADE: 36 L), RETANGULAR, EM ALVENARIA COM BLOCOS DE CONCRETO, DIMENSÕES INTERNAS = 0,2X0,4 M, ALTURA INTERNA = 0,8 M. AF_12/2020","UN",278.32,98107,null,263.56,278.32]
[null,98108,"CAIXA DE GORDURA DUPLA (CAPACIDADE: 126 L), RETANGULAR, EM ALVENARIA COM BLOCOS DE CONCRETO, DIMENSÕES INTERNAS = 0,4X0,7 M, ALTURA INTERNA = 0,8 M. AF_12/2020","UN",497.31,98108,null,470.51,497.31]
[null,99250,"CAIXA ENTERRADA HIDRÁULICA RETANGULAR EM ALVENARIA COM TIJOLOS CERÂMICOS MACIÇOS, DIMENSÕES INTERNAS: 0,3X0,3X0,3 M PARA REDE DE DRENAGEM. AF_12/2020","UN",186.37,99250,null,176.38,186.37]
[null,99251,"CAIXA ENTERRADA HIDRÁULICA RETANGULAR EM ALVENARIA COM TIJOLOS CERÂMICOS MACIÇOS, DIMENSÕES INTERNAS: 0,4X0,4X0,4 M PARA REDE DE DRENAGEM. AF_12/2020","UN",292.02999999999997,99251,null,276.27999999999997,292.02999999999997]
[null,99253,"CAIXA ENTERRADA HIDRÁULICA RETANGULAR EM ALVENARIA COM TIJOLOS CERÂMICOS MACIÇOS, DIMENSÕES INTERNAS: 0,6X0,6X0,6 M PARA REDE DE DRENAGEM. AF_12/2020","UN",566.76,99253,null,536.94000000000005,566.76]
[null,99255,"CAIXA ENTERRADA HIDRÁULICA RETANGULAR EM ALVENARIA COM TIJOLOS CERÂMICOS MACIÇOS, DIMENSÕES INTERNAS: 0,8X0,8X0,6 M PARA REDE DE DRENAGEM. AF_12/2020","UN",789.74,99255,null,748.2,789.74]
[null,99257,"CAIXA ENTERRADA HIDRÁULICA RETANGULAR EM ALVENARIA COM TIJOLOS CERÂMICOS MACIÇOS, DIMENSÕES INTERNAS: 1X1X0,6 M PARA REDE DE DRENAGEM. AF_12/2020","UN",938.29,99257,null,893.28,938.29]
[null,99258,"CAIXA ENTERRADA HIDRÁULICA RETANGULAR, EM ALVENARIA COM BLOCOS DE CONCRETO, DIMENSÕES INTERNAS: 0,4X0,4X0,4 M PARA REDE DE DRENAGEM. AF_12/2020","UN",240.48,99258,null,227.64,240.48]
[null,99260,"CAIXA ENTERRADA HIDRÁULICA RETANGULAR, EM ALVENARIA COM BLOCOS DE CONCRETO, DIMENSÕES INTERNAS: 0,6X0,6X0,6 M PARA REDE DE DRENAGEM. AF_12/2020","UN",446.84,99260,null,423.75,446.84]
[null,99262,"CAIXA ENTERRADA HIDRÁULICA RETANGULAR, EM ALVENARIA COM BLOCOS DE CONCRETO, DIMENSÕES INTERNAS: 0,8X0,8X0,6 M PARA REDE DE DRENAGEM. AF_12/2020","UN",636.70000000000005,99262,null,603.77,636.70000000000005]
[null,99264,"CAIXA ENTERRADA HIDRÁULICA RETANGULAR, EM ALVENARIA COM BLOCOS DE CONCRETO, DIMENSÕES INTERNAS: 1X1X0,6 M PARA REDE DE DRENAGEM. AF_12/2020","UN",757.21,99264,null,722.39,757.21]
[null,102587,"FURO EM CAIXA D'ÁGUA COM ESPESSURA DE 2 ATÉ 5 MM E DIÂMETRO DE 15 MM. AF_06/2021","UN",3.24,102587,null,2.9,3.24]
[null,102588,"FURO EM CAIXA D'ÁGUA COM ESPESSURA DE 6 ATÉ 8 MM E DIÂMETRO DE 15 MM. AF_06/2021","UN",4.6900000000000004,102588,null,4.2,4.6900000000000004]
[null,102589,"FURO EM CAIXA D'ÁGUA COM ESPESSURA DE 2 ATÉ 5 MM E DIÂMETRO DE 20 MM. AF_06/2021","UN",3.6,102589,null,3.23,3.6]
[null,102590,"FURO EM CAIXA D'ÁGUA COM ESPESSURA DE 6 ATÉ 8 MM E DIÂMETRO DE 20 MM. AF_06/2021","UN",5.0599999999999996,102590,null,4.5199999999999996,5.0599999999999996]
[null,102591,"FURO EM CAIXA D'ÁGUA COM ESPESSURA DE 2 ATÉ 5 MM E DIÂMETRO DE 25 MM. AF_06/2021","UN",3.97,102591,null,3.56,3.97]
[null,102592,"FURO EM CAIXA D'ÁGUA COM ESPESSURA DE 6 ATÉ 8 MM E DIÂMETRO DE 25 MM. AF_06/2021","UN",5.42,102592,null,4.8499999999999996,5.42]
[null,102593,"FURO EM CAIXA D'ÁGUA COM ESPESSURA DE 2 ATÉ 5 MM E DIÂMETRO DE 32 MM. AF_06/2021","UN",4.49,102593,null,4.01,4.49]
[null,102594,"FURO EM CAIXA D'ÁGUA COM ESPESSURA DE 6 ATÉ 8 MM E DIÂMETRO DE 32 MM. AF_06/2021","UN",5.94,102594,null,5.31,5.94]
[null,102595,"FURO EM CAIXA D'ÁGUA COM ESPESSURA DE 2 ATÉ 5 MM E DIÂMETRO DE 40 MM. AF_06/2021","UN",5.07,102595,null,4.54,5.07]
[null,102596,"FURO EM CAIXA D'ÁGUA COM ESPESSURA DE 6 ATÉ 8 MM E DIÂMETRO DE 40 MM. AF_06/2021","UN",6.53,102596,null,5.84,6.53]
[null,102597,"FURO EM CAIXA D'ÁGUA COM ESPESSURA DE 2 ATÉ 5 MM E DIÂMETRO DE 50 MM. AF_06/2021","UN",5.8,102597,null,5.2,5.8]
[null,102598,"FURO EM CAIXA D'ÁGUA COM ESPESSURA DE 6 ATÉ 8 MM E DIÂMETRO DE 50 MM. AF_06/2021","UN",7.25,102598,null,6.49,7.25]
[null,102599,"FURO EM CAIXA D'ÁGUA COM ESPESSURA DE 2 ATÉ 5 MM E DIÂMETRO DE 60 MM. AF_06/2021","UN",6.53,102599,null,5.85,6.53]
[null,102600,"FURO EM CAIXA D'ÁGUA COM ESPESSURA DE 6 ATÉ 8 MM E DIÂMETRO DE 60 MM. AF_06/2021","UN",7.99,102600,null,7.15,7.99]
[null,102601,"FURO EM CAIXA D'ÁGUA COM ESPESSURA DE 2 ATÉ 5 MM E DIÂMETRO DE 75 MM. AF_06/2021","UN",7.64,102601,null,6.84,7.64]
[null,102602,"FURO EM CAIXA D'ÁGUA COM ESPESSURA DE 6 ATÉ 8 MM E DIÂMETRO DE 75 MM. AF_06/2021","UN",9.09,102602,null,8.1300000000000008,9.09]
[null,102603,"FURO EM CAIXA D'ÁGUA COM ESPESSURA DE 2 ATÉ 5 MM E DIÂMETRO DE 100 MM. AF_06/2021","UN",9.4600000000000009,102603,null,8.4700000000000006,9.4600000000000009]
[null,102604,"FURO EM CAIXA D'ÁGUA COM ESPESSURA DE 6 ATÉ 8 MM E DIÂMETRO DE 100 MM. AF_06/2021","UN",10.91,102604,null,9.77,10.91]
[null,102605,"CAIXA D´ÁGUA EM POLIETILENO, 500 LITROS - FORNECIMENTO E INSTALAÇÃO. AF_06/2021","UN",263.10000000000002,102605,null,262.58,263.10000000000002]
[null,102606,"CAIXA D´ÁGUA EM POLIETILENO, 750 LITROS - FORNECIMENTO E INSTALAÇÃO. AF_06/2021","UN",{"$f":"IF($K$2=$H$1,H5251,I5251)","v":405.45},{"$f":"IF(LEN($B5251)=7,CONCATENATE(MID($B5251,1,6),\"00\",RIGHT($B5251,1)),IF(LEN($B5251)=8,CONCATENATE(MID($B5251,1,6),\"0\",RIGHT($B5251,2)),$B5251))","v":102606},null,404.81,405.45]
[null,102607,"CAIXA D´ÁGUA EM POLIETILENO, 1000 LITROS - FORNECIMENTO E INSTALAÇÃO. AF_06/2021","UN",434,102607,null,433.27,434]
[null,102608,"CAIXA D´ÁGUA EM POLIETILENO, 1500 LITROS - FORNECIMENTO E INSTALAÇÃO. AF_06/2021","UN",994.92,102608,null,993.93,994.92]
[null,102609,"CAIXA D´ÁGUA EM POLIETILENO, 2000 LITROS - FORNECIMENTO E INSTALAÇÃO. AF_06/2021","UN",1130.47,102609,null,1129.1600000000001,1130.47]
[null,102610,"CAIXA D´ÁGUA EM POLIETILENO, 3000 LITROS - FORNECIMENTO E INSTALAÇÃO. AF_06/2021","UN",1943.02,102610,null,1941.37,1943.02]
[null,102611,"CAIXA D´ÁGUA EM POLIÉSTER REFORÇADO COM FIBRA DE VIDRO, 500 LITROS - FORNECIMENTO E INSTALAÇÃO. AF_06/2021","UN",437.18,102611,null,436.62,437.18]
[null,102612,"CAIXA D´ÁGUA EM POLIÉSTER REFORÇADO COM FIBRA DE VIDRO, 750 LITROS - FORNECIMENTO E INSTALAÇÃO. AF_06/2021","UN",627.67999999999995,102612,null,627.05999999999995,627.67999999999995]
[null,102613,"CAIXA D´ÁGUA EM POLIÉSTER REFORÇADO COM FIBRA DE VIDRO, 1000 LITROS - FORNECIMENTO E INSTALAÇÃO. AF_06/2021","UN",608.42999999999995,102613,null,607.67999999999995,608.42999999999995]
[null,102614,"CAIXA D´ÁGUA EM POLIÉSTER REFORÇADO COM FIBRA DE VIDRO, 1500 LITROS - FORNECIMENTO E INSTALAÇÃO. AF_06/2021","UN",935.57,102614,null,934.61,935.57]
[null,102615,"CAIXA D´ÁGUA EM POLIÉSTER REFORÇADO COM FIBRA DE VIDRO, 2000 LITROS - FORNECIMENTO E INSTALAÇÃO. AF_06/2021","UN",1174.1300000000001,102615,null,1172.92,1174.1300000000001]
[null,102616,"CAIXA D´ÁGUA EM POLIÉSTER REFORÇADO COM FIBRA DE VIDRO, 3000 LITROS - FORNECIMENTO E INSTALAÇÃO. AF_06/2021","UN",1738.11,102616,null,1736.53,1738.11]
[null,102617,"CAIXA D´ÁGUA EM POLIÉSTER REFORÇADO COM FIBRA DE VIDRO, 5000 LITROS - FORNECIMENTO E INSTALAÇÃO. AF_06/2021","UN",3231.86,102617,null,3217.41,3231.86]
[null,102618,"CAIXA D´ÁGUA EM POLIÉSTER REFORÇADO COM FIBRA DE VIDRO, 7000 LITROS - FORNECIMENTO E INSTALAÇÃO. AF_06/2021","UN",3883.89,102618,null,3869.44,3883.89]
[null,102619,"CAIXA D´ÁGUA EM POLIÉSTER REFORÇADO COM FIBRA DE VIDRO, 10000 LITROS - FORNECIMENTO E INSTALAÇÃO. AF_06/2021","UN",5206.76,102619,null,5192.3100000000004,5206.76]
[null,102620,"CAIXA D´ÁGUA EM POLIÉSTER REFORÇADO COM FIBRA DE VIDRO, 15000 LITROS - FORNECIMENTO E INSTALAÇÃO. AF_06/2021","UN",7555.13,102620,null,7540.68,7555.13]
[null,102621,"CAIXA D´ÁGUA EM POLIÉSTER REFORÇADO COM FIBRA DE VIDRO, 20000 LITROS - FORNECIMENTO E INSTALAÇÃO. AF_06/2021","UN",11602,102621,null,11587.55,11602]
[null,102622,"CAIXA D´ÁGUA EM POLIETILENO, 500 LITROS (INCLUSOS TUBOS, CONEXÕES E TORNEIRA DE BÓIA) - FORNECIMENTO E INSTALAÇÃO. AF_06/2021","UN",525.09,102622,null,515.82000000000005,525.09]
[null,102623,"CAIXA D´ÁGUA EM POLIETILENO, 1000 LITROS (INCLUSOS TUBOS, CONEXÕES E TORNEIRA DE BÓIA) - FORNECIMENTO E INSTALAÇÃO. AF_06/2021","UN",738.85,102623,null,728.62,738.85]
[null,89482,"CAIXA SIFONADA, PVC, DN 100 X 100 X 50 MM, FORNECIDA E INSTALADA EM RAMAIS DE ENCAMINHAMENTO DE ÁGUA PLUVIAL. AF_06/2022","UN",39.15,89482,null,38.08,39.15]
[null,89491,"CAIXA SIFONADA, PVC, DN 150 X 185 X 75 MM, FORNECIDA E INSTALADA EM RAMAIS DE ENCAMINHAMENTO DE ÁGUA PLUVIAL. AF_06/2022","UN",99.58,89491,null,97.93,99.58]
[null,89495,"RALO SIFONADO, PVC, DN 100 X 40 MM, JUNTA SOLDÁVEL, FORNECIDO E INSTALADO EM RAMAIS DE ENCAMINHAMENTO DE ÁGUA PLUVIAL. AF_06/2022","UN",17.760000000000002,89495,null,17.22,17.760000000000002]
[null,89707,"CAIXA SIFONADA, PVC, DN 100 X 100 X 50 MM, JUNTA ELÁSTICA, FORNECIDA E INSTALADA EM RAMAL DE DESCARGA OU EM RAMAL DE ESGOTO SANITÁRIO. AF_08/2022","UN",47.6,89707,null,45.66,47.6]
[null,89708,"CAIXA SIFONADA, PVC, DN 150 X 185 X 75 MM, JUNTA ELÁSTICA, FORNECIDA E INSTALADA EM RAMAL DE DESCARGA OU EM RAMAL DE ESGOTO SANITÁRIO. AF_08/2022","UN",102.26,89708,null,99.93,102.26]
[null,89709,"RALO SIFONADO, PVC, DN 100 X 40 MM, JUNTA SOLDÁVEL, FORNECIDO E INSTALADO EM RAMAL DE DESCARGA OU EM RAMAL DE ESGOTO SANITÁRIO. AF_08/2022","UN",20.3,89709,null,19.489999999999998,20.3]
[null,89710,"RALO SECO, PVC, DN 100 X 40 MM, JUNTA SOLDÁVEL, FORNECIDO E INSTALADO EM RAMAL DE DESCARGA OU EM RAMAL DE ESGOTO SANITÁRIO. AF_08/2022","UN",17.829999999999998,89710,null,17.02,17.829999999999998]
[null,104326,"RALO SECO CÔNICO, PVC, DN 100 X 40 MM, JUNTA SOLDÁVEL, FORNECIDO E INSTALADO EM RAMAL DE DESCARGA OU EM RAMAL DE ESGOTO SANITÁRIO. AF_08/2022","UN",19.36,104326,null,18.55,19.36]
[null,104327,"RALO SIFONADO REDONDO, PVC, DN 100 X 40 MM, JUNTA SOLDÁVEL, FORNECIDO E INSTALADO EM RAMAL DE DESCARGA OU EM RAMAL DE ESGOTO SANITÁRIO. AF_08/2022","UN",18.45,104327,null,17.64,18.45]
[null,104328,"CAIXA SIFONADA, COM GRELHA QUADRADA, PVC, DN 150 X 150 X 50 MM, JUNTA SOLDÁVEL, FORNECIDA E INSTALADA EM RAMAL DE DESCARGA OU EM RAMAL DE ESGOTO SANITÁRIO. AF_08/2022","UN",68.760000000000005,104328,null,66.69,68.760000000000005]
[null,104329,"CAIXA SIFONADA, COM GRELHA REDONDA, PVC, DN 150 X 150 X 50 MM, JUNTA SOLDÁVEL, FORNECIDA E INSTALADA EM RAMAL DE DESCARGA OU EM RAMAL DE ESGOTO SANITÁRIO. AF_08/2022","UN",77.59,104329,null,75.52,77.59]
[null,86872,"TANQUE DE LOUÇA BRANCA COM COLUNA, 30L OU EQUIVALENTE - FORNECIMENTO E INSTALAÇÃO. AF_01/2020","UN",717.84,86872,null,711.58,717.84]
[null,86874,"TANQUE DE LOUÇA BRANCA SUSPENSO, 18L OU EQUIVALENTE - FORNECIMENTO E INSTALAÇÃO. AF_01/2020","UN",502.49,86874,null,499.54,502.49]
[null,86875,"TANQUE DE MÁRMORE SINTÉTICO COM COLUNA, 22L OU EQUIVALENTE   FORNECIMENTO E INSTALAÇÃO. AF_01/2020","UN",562.67999999999995,86875,null,559.11,562.67999999999995]
[null,86876,"TANQUE DE MÁRMORE SINTÉTICO SUSPENSO, 22L OU EQUIVALENTE - FORNECIMENTO E INSTALAÇÃO. AF_01/2020","UN",320.36,86876,null,317.77,320.36]
[null,86877,"VÁLVULA EM METAL CROMADO 1.1/2\" X 1.1/2\" PARA TANQUE OU LAVATÓRIO, COM OU SEM LADRÃO - FORNECIMENTO E INSTALAÇÃO. AF_01/2020","UN",68.489999999999995,86877,null,67.900000000000006,68.489999999999995]
[null,86878,"VÁLVULA EM METAL CROMADO TIPO AMERICANA 3.1/2\" X 1.1/2\" PARA PIA - FORNECIMENTO E INSTALAÇÃO. AF_01/2020","UN",73.86,86878,null,73.27,73.86]
[null,86879,"VÁLVULA EM PLÁSTICO 1\" PARA PIA, TANQUE OU LAVATÓRIO, COM OU SEM LADRÃO - FORNECIMENTO E INSTALAÇÃO. AF_01/2020","UN",10.81,86879,null,10.4,10.81]
[null,86880,"VÁLVULA EM PLÁSTICO CROMADO TIPO AMERICANA 3.1/2\" X 1.1/2\" SEM ADAPTADOR PARA PIA - FORNECIMENTO E INSTALAÇÃO. AF_01/2020","UN",31.76,86880,null,31.35,31.76]
[null,86881,"SIFÃO DO TIPO GARRAFA EM METAL CROMADO 1 X 1.1/2\" - FORNECIMENTO E INSTALAÇÃO. AF_01/2020","UN",208.36,86881,null,207.44,208.36]
[null,86882,"SIFÃO DO TIPO GARRAFA/COPO EM PVC 1.1/4  X 1.1/2\" - FORNECIMENTO E INSTALAÇÃO. AF_01/2020","UN",26.59,86882,null,26.14,26.59]
[null,86883,"SIFÃO DO TIPO FLEXÍVEL EM PVC 1  X 1.1/2  - FORNECIMENTO E INSTALAÇÃO. AF_01/2020","UN",14.32,86883,null,14.03,14.32]
[null,86884,"ENGATE FLEXÍVEL EM PLÁSTICO BRANCO, 1/2\" X 30CM - FORNECIMENTO E INSTALAÇÃO. AF_01/2020","UN",11.9,86884,null,11.39,11.9]
[null,86885,"ENGATE FLEXÍVEL EM PLÁSTICO BRANCO, 1/2\" X 40CM - FORNECIMENTO E INSTALAÇÃO. AF_01/2020","UN",13.71,86885,null,13.2,13.71]
[null,86886,"ENGATE FLEXÍVEL EM INOX, 1/2  X 30CM - FORNECIMENTO E INSTALAÇÃO. AF_01/2020","UN",50.69,86886,null,50.18,50.69]
[null,86887,"ENGATE FLEXÍVEL EM INOX, 1/2  X 40CM - FORNECIMENTO E INSTALAÇÃO. AF_01/2020","UN",55.01,86887,null,54.5,55.01]
[null,86888,"VASO SANITÁRIO SIFONADO COM CAIXA ACOPLADA LOUÇA BRANCA - FORNECIMENTO E INSTALAÇÃO. AF_01/2020","UN",489.71,86888,null,486.71,489.71]
[null,86889,"BANCADA DE GRANITO CINZA POLIDO, DE 1,50 X 0,60 M, PARA PIA DE COZINHA - FORNECIMENTO E INSTALAÇÃO. AF_01/2020","UN",923.85,86889,null,917.95,923.85]
[null,86893,"BANCADA DE MÁRMORE BRANCO POLIDO, DE 1,50 X 0,60 M, PARA PIA DE COZINHA - FORNECIMENTO E INSTALAÇÃO. AF_01/2020","UN",681.98,86893,null,676.08,681.98]
[null,86894,"BANCADA DE MÁRMORE SINTÉTICO, DE 120 X 60CM, COM CUBA INTEGRADA - FORNECIMENTO E INSTALAÇÃO. AF_01/2020","UN",318.36,86894,null,314.83,318.36]
[null,86895,"BANCADA DE GRANITO CINZA POLIDO, DE 0,50 X 0,60 M, PARA LAVATÓRIO - FORNECIMENTO E INSTALAÇÃO. AF_01/2020","UN",423.74,86895,null,416.73,423.74]
[null,86899,"BANCADA DE MÁRMORE BRANCO POLIDO, DE 0,50 X 0,60 M, PARA LAVATÓRIO - FORNECIMENTO E INSTALAÇÃO. AF_01/2020","UN",333.01,86899,null,326,333.01]
[null,86900,"CUBA DE EMBUTIR RETANGULAR DE AÇO INOXIDÁVEL, 46 X 30 X 12 CM - FORNECIMENTO E INSTALAÇÃO. AF_01/2020","UN",232.01,86900,null,230.45,232.01]
[null,86901,"CUBA DE EMBUTIR OVAL EM LOUÇA BRANCA, 35 X 50CM OU EQUIVALENTE - FORNECIMENTO E INSTALAÇÃO. AF_01/2020","UN",150.13999999999999,86901,null,147.37,150.13999999999999]
[null,86902,"LAVATÓRIO LOUÇA BRANCA COM COLUNA, *44 X 35,5* CM, PADRÃO POPULAR - FORNECIMENTO E INSTALAÇÃO. AF_01/2020","UN",311.98,86902,null,308.68,311.98]
[null,86903,"LAVATÓRIO LOUÇA BRANCA COM COLUNA, 45 X 55CM OU EQUIVALENTE, PADRÃO MÉDIO - FORNECIMENTO E INSTALAÇÃO. AF_01/2020","UN",352.67,86903,null,347.35,352.67]
[null,86904,"LAVATÓRIO LOUÇA BRANCA SUSPENSO, 29,5 X 39CM OU EQUIVALENTE, PADRÃO POPULAR - FORNECIMENTO E INSTALAÇÃO. AF_01/2020","UN",147.04,86904,null,145.6,147.04]
[null,86905,"APARELHO MISTURADOR DE MESA PARA LAVATÓRIO, PADRÃO MÉDIO - FORNECIMENTO E INSTALAÇÃO. AF_01/2020","UN",441.17,86905,null,439.61,441.17]
[null,86906,"TORNEIRA CROMADA DE MESA, 1/2\" OU 3/4\", PARA LAVATÓRIO, PADRÃO POPULAR - FORNECIMENTO E INSTALAÇÃO. AF_01/2020","UN",81.58,86906,null,81.25,81.58]
[null,86908,"APARELHO MISTURADOR DE MESA PARA PIA DE COZINHA, PADRÃO MÉDIO - FORNECIMENTO E INSTALAÇÃO. AF_01/2020","UN",529.46,86908,null,528.69000000000005,529.46]
[null,86909,"TORNEIRA CROMADA TUBO MÓVEL, DE MESA, 1/2\" OU 3/4\", PARA PIA DE COZINHA, PADRÃO ALTO - FORNECIMENTO E INSTALAÇÃO. AF_01/2020","UN",141.66,86909,null,141.11000000000001,141.66]
[null,86910,"TORNEIRA CROMADA TUBO MÓVEL, DE PAREDE, 1/2\" OU 3/4\", PARA PIA DE COZINHA, PADRÃO MÉDIO - FORNECIMENTO E INSTALAÇÃO. AF_01/2020","UN",139.63999999999999,86910,null,139.25,139.63999999999999]
[null,86911,"TORNEIRA CROMADA LONGA, DE PAREDE, 1/2\" OU 3/4\", PARA PIA DE COZINHA, PADRÃO POPULAR - FORNECIMENTO E INSTALAÇÃO. AF_01/2020","UN",95.45,86911,null,95.06,95.45]
[null,86913,"TORNEIRA CROMADA 1/2\" OU 3/4\" PARA TANQUE, PADRÃO POPULAR - FORNECIMENTO E INSTALAÇÃO. AF_01/2020","UN",59.5,86913,null,58.99,59.5]
[null,86914,"TORNEIRA CROMADA 1/2\" OU 3/4\" PARA TANQUE, PADRÃO MÉDIO - FORNECIMENTO E INSTALAÇÃO. AF_01/2020","UN",107.1,86914,null,106.59,107.1]
[null,86915,"TORNEIRA CROMADA DE MESA, 1/2\" OU 3/4\", PARA LAVATÓRIO, PADRÃO MÉDIO - FORNECIMENTO E INSTALAÇÃO. AF_01/2020","UN",156.47,86915,null,156.13999999999999,156.47]
[null,86916,"TORNEIRA PLÁSTICA 3/4\" PARA TANQUE - FORNECIMENTO E INSTALAÇÃO. AF_01/2020","UN",{"$f":"IF($K$2=$H$1,H5315,I5315)","v":27},{"$f":"IF(LEN($B5315)=7,CONCATENATE(MID($B5315,1,6),\"00\",RIGHT($B5315,1)),IF(LEN($B5315)=8,CONCATENATE(MID($B5315,1,6),\"0\",RIGHT($B5315,2)),$B5315))","v":86916},null,26.49,27]
[null,86919,"TANQUE DE LOUÇA BRANCA COM COLUNA, 30L OU EQUIVALENTE, INCLUSO SIFÃO FLEXÍVEL EM PVC, VÁLVULA METÁLICA E TORNEIRA DE METAL CROMADO PADRÃO MÉDIO - FORNECIMENTO E INSTALAÇÃO. AF_01/2020","UN",907.75,86919,null,900.1,907.75]
[null,86920,"TANQUE DE LOUÇA BRANCA COM COLUNA, 30L OU EQUIVALENTE, INCLUSO SIFÃO FLEXÍVEL EM PVC, VÁLVULA PLÁSTICA E TORNEIRA DE METAL CROMADO PADRÃO POPULAR - FORNECIMENTO E INSTALAÇÃO. AF_01/2020","UN",802.47,86920,null,795,802.47]
[null,86921,"TANQUE DE LOUÇA BRANCA COM COLUNA, 30L OU EQUIVALENTE, INCLUSO SIFÃO FLEXÍVEL EM PVC, VÁLVULA PLÁSTICA E TORNEIRA DE PLÁSTICO - FORNECIMENTO E INSTALAÇÃO. AF_01/2020","UN",769.97,86921,null,762.5,769.97]
[null,86922,"TANQUE DE LOUÇA BRANCA SUSPENSO, 18L OU EQUIVALENTE, INCLUSO SIFÃO TIPO GARRAFA EM METAL CROMADO, VÁLVULA METÁLICA E TORNEIRA DE METAL CROMADO PADRÃO MÉDIO - FORNECIMENTO E INSTALAÇÃO. AF_01/2020","UN",886.44,86922,null,881.47,886.44]
[null,86923,"TANQUE DE LOUÇA BRANCA SUSPENSO, 18L OU EQUIVALENTE, INCLUSO SIFÃO TIPO GARRAFA EM PVC, VÁLVULA PLÁSTICA E TORNEIRA DE METAL CROMADO PADRÃO POPULAR - FORNECIMENTO E INSTALAÇÃO. AF_01/2020","UN",599.39,86923,null,595.07000000000005,599.39]
[null,86924,"TANQUE DE LOUÇA BRANCA SUSPENSO, 18L OU EQUIVALENTE, INCLUSO SIFÃO TIPO GARRAFA EM PVC, VÁLVULA PLÁSTICA E TORNEIRA DE PLÁSTICO - FORNECIMENTO E INSTALAÇÃO. AF_01/2020","UN",566.89,86924,null,562.57000000000005,566.89]
[null,86925,"TANQUE DE MÁRMORE SINTÉTICO COM COLUNA, 22L OU EQUIVALENTE, INCLUSO SIFÃO FLEXÍVEL EM PVC, VÁLVULA PLÁSTICA E TORNEIRA DE METAL CROMADO PADRÃO POPULAR - FORNECIMENTO E INSTALAÇÃO. AF_01/2020","UN",647.30999999999995,86925,null,642.53,647.30999999999995]
[null,86926,"TANQUE DE MÁRMORE SINTÉTICO COM COLUNA, 22L OU EQUIVALENTE, INCLUSO SIFÃO FLEXÍVEL EM PVC, VÁLVULA PLÁSTICA E TORNEIRA DE PLÁSTICO - FORNECIMENTO E INSTALAÇÃO. AF_01/2020","UN",614.80999999999995,86926,null,610.03,614.80999999999995]
[null,86927,"TANQUE DE MÁRMORE SINTÉTICO SUSPENSO, 22L OU EQUIVALENTE, INCLUSO SIFÃO TIPO GARRAFA EM PVC, VÁLVULA PLÁSTICA E TORNEIRA DE METAL CROMADO PADRÃO POPULAR - FORNEC. E INSTALAÇÃO. AF_01/2020","UN",417.26,86927,null,413.3,417.26]
[null,86928,"TANQUE DE MÁRMORE SINTÉTICO SUSPENSO, 22L OU EQUIVALENTE, INCLUSO SIFÃO TIPO GARRAFA EM PVC, VÁLVULA PLÁSTICA E TORNEIRA DE PLÁSTICO - FORNECIMENTO E INSTALAÇÃO. AF_01/2020","UN",384.76,86928,null,380.8,384.76]
[null,86929,"TANQUE DE MÁRMORE SINTÉTICO SUSPENSO, 22L OU EQUIVALENTE, INCLUSO SIFÃO FLEXÍVEL EM PVC, VÁLVULA PLÁSTICA E TORNEIRA DE METAL CROMADO PADRÃO POPULAR - FORNECIMENTO E INSTALAÇÃO. AF_01/2020","UN",404.99,86929,null,401.19,404.99]
[null,86930,"TANQUE DE MÁRMORE SINTÉTICO SUSPENSO, 22L OU EQUIVALENTE, INCLUSO SIFÃO FLEXÍVEL EM PVC, VÁLVULA PLÁSTICA E TORNEIRA DE PLÁSTICO - FORNECIMENTO E INSTALAÇÃO. AF_01/2020","UN",372.49,86930,null,368.69,372.49]
[null,86931,"VASO SANITÁRIO SIFONADO COM CAIXA ACOPLADA LOUÇA BRANCA, INCLUSO ENGATE FLEXÍVEL EM PLÁSTICO BRANCO, 1/2  X 40CM - FORNECIMENTO E INSTALAÇÃO. AF_01/2020","UN",503.42,86931,null,499.91,503.42]
[null,86932,"VASO SANITÁRIO SIFONADO COM CAIXA ACOPLADA LOUÇA BRANCA - PADRÃO MÉDIO, INCLUSO ENGATE FLEXÍVEL EM METAL CROMADO, 1/2  X 40CM - FORNECIMENTO E INSTALAÇÃO. AF_01/2020","UN",544.72,86932,null,541.21,544.72]
[null,86933,"BANCADA DE MÁRMORE SINTÉTICO 120 X 60CM, COM CUBA INTEGRADA, INCLUSO SIFÃO TIPO GARRAFA EM PVC, VÁLVULA EM PLÁSTICO CROMADO TIPO AMERICANA E TORNEIRA CROMADA LONGA, DE PAREDE, PADRÃO POPULAR - FORNECIMENTO E INSTALAÇÃO. AF_01/2020","UN",472.16,86933,null,467.38,472.16]
[null,86934,"BANCADA DE MÁRMORE SINTÉTICO 120 X 60CM, COM CUBA INTEGRADA, INCLUSO SIFÃO TIPO FLEXÍVEL EM PVC, VÁLVULA EM PLÁSTICO CROMADO TIPO AMERICANA E TORNEIRA CROMADA LONGA, DE PAREDE, PADRÃO POPULAR - FORNECIMENTO E INSTALAÇÃO. AF_01/2020","UN",459.89,86934,null,455.27,459.89]
[null,86935,"CUBA DE EMBUTIR DE AÇO INOXIDÁVEL MÉDIA, INCLUSO VÁLVULA TIPO AMERICANA EM METAL CROMADO E SIFÃO FLEXÍVEL EM PVC - FORNECIMENTO E INSTALAÇÃO. AF_01/2020","UN",320.19,86935,null,317.75,320.19]
[null,86936,"CUBA DE EMBUTIR DE AÇO INOXIDÁVEL MÉDIA, INCLUSO VÁLVULA TIPO AMERICANA E SIFÃO TIPO GARRAFA EM METAL CROMADO - FORNECIMENTO E INSTALAÇÃO. AF_01/2020","UN",514.23,86936,null,511.16,514.23]
[null,86937,"CUBA DE EMBUTIR OVAL EM LOUÇA BRANCA, 35 X 50CM OU EQUIVALENTE, INCLUSO VÁLVULA EM METAL CROMADO E SIFÃO FLEXÍVEL EM PVC - FORNECIMENTO E INSTALAÇÃO. AF_01/2020","UN",232.95,86937,null,229.3,232.95]
[null,86938,"CUBA DE EMBUTIR OVAL EM LOUÇA BRANCA, 35 X 50CM OU EQUIVALENTE, INCLUSO VÁLVULA E SIFÃO TIPO GARRAFA EM METAL CROMADO - FORNECIMENTO E INSTALAÇÃO. AF_01/2020","UN",426.99,86938,null,422.71,426.99]
[null,86939,"LAVATÓRIO LOUÇA BRANCA COM COLUNA, *44 X 35,5* CM, PADRÃO POPULAR, INCLUSO SIFÃO FLEXÍVEL EM PVC, VÁLVULA E ENGATE FLEXÍVEL 30CM EM PLÁSTICO E COM TORNEIRA CROMADA PADRÃO POPULAR - FORNECIMENTO E INSTALAÇÃO. AF_01/2020","UN",430.59,86939,null,425.75,430.59]
[null,86940,"LAVATÓRIO LOUÇA BRANCA COM COLUNA, 45 X 55CM OU EQUIVALENTE, PADRÃO MÉDIO, INCLUSO SIFÃO TIPO GARRAFA, VÁLVULA E ENGATE FLEXÍVEL DE 40CM EM METAL CROMADO, COM APARELHO MISTURADOR PADRÃO MÉDIO - FORNECIMENTO E INSTALAÇÃO. AF_01/2020","UN",1180.71,86940,null,1171.3,1180.71]
[null,86941,"LAVATÓRIO LOUÇA BRANCA COM COLUNA, 45 X 55CM OU EQUIVALENTE, PADRÃO MÉDIO, INCLUSO SIFÃO TIPO GARRAFA, VÁLVULA E ENGATE FLEXÍVEL DE 40CM EM METAL CROMADO, COM TORNEIRA CROMADA DE MESA, PADRÃO MÉDIO - FORNECIMENTO E INSTALAÇÃO. AF_01/2020","UN",841,86941,null,833.33,841]
[null,86942,"LAVATÓRIO LOUÇA BRANCA SUSPENSO, 29,5 X 39CM OU EQUIVALENTE, PADRÃO POPULAR, INCLUSO SIFÃO TIPO GARRAFA EM PVC, VÁLVULA E ENGATE FLEXÍVEL 30CM EM PLÁSTICO E TORNEIRA CROMADA DE MESA, PADRÃO POPULAR - FORNECIMENTO E INSTALAÇÃO. AF_01/2020","UN",277.92,86942,null,274.77999999999997,277.92]
[null,86943,"LAVATÓRIO LOUÇA BRANCA SUSPENSO, 29,5 X 39CM OU EQUIVALENTE, PADRÃO POPULAR, INCLUSO SIFÃO FLEXÍVEL EM PVC, VÁLVULA E ENGATE FLEXÍVEL 30CM EM PLÁSTICO E TORNEIRA CROMADA DE MESA, PADRÃO POPULAR - FORNECIMENTO E INSTALAÇÃO. AF_01/2020","UN",265.64999999999998,86943,null,262.67,265.64999999999998]
[null,86947,"BANCADA MÁRMORE BRANCO, 50 X 60 CM, INCLUSO CUBA DE EMBUTIR OVAL EM LOUÇA BRANCA 35 X 50 CM, VÁLVULA, SIFÃO TIPO GARRAFA E ENGATE FLEXÍVEL 40 CM EM METAL CROMADO E APARELHO MISTURADOR DE MESA, PADRÃO MÉDIO - FORNEC. E INSTALAÇÃO. AF_01/2020","UN",1311.19,86947,null,1297.32,1311.19]
[null,93396,"BANCADA GRANITO CINZA,  50 X 60 CM, INCL. CUBA DE EMBUTIR OVAL LOUÇA BRANCA 35 X 50 CM, VÁLVULA METAL CROMADO, SIFÃO FLEXÍVEL PVC, ENGATE 30 CM FLEXÍVEL PLÁSTICO E TORNEIRA CROMADA DE MESA, PADRÃO POPULAR - FORNEC. E INSTALAÇÃO. AF_01/2020","UN",750.17,93396,null,738.67,750.17]
[null,93441,"BANCADA GRANITO CINZA  150 X 60 CM, COM CUBA DE EMBUTIR DE AÇO, VÁLVULA AMERICANA EM METAL, SIFÃO FLEXÍVEL EM PVC, ENGATE FLEXÍVEL 30 CM, TORNEIRA CROMADA LONGA, DE PAREDE, 1/2\" OU 3/4\", P/ COZINHA, PADRÃO POPULAR - FORNEC. E INSTALAÇÃO. AF_01/2020","UN",1351.39,93441,null,1342.15,1351.39]
[null,93442,"BANCADA MÁRMORE BRANCO 150 X 60 CM, COM CUBA DE EMBUTIR DE AÇO, VÁLVULA AMERICANA E SIFÃO TIPO GARRAFA EM METAL , ENGATE FLEXÍVEL 30 CM, TORNEIRA CROMADA, DE MESA, 1/2\" OU 3/4\", PARA PIA COZINHA, PADRÃO ALTO - FORNEC. E INSTALAÇÃO. AF_01/2020","UN",1349.77,93442,null,1339.74,1349.77]
[null,95469,"VASO SANITARIO SIFONADO CONVENCIONAL COM  LOUÇA BRANCA - FORNECIMENTO E INSTALAÇÃO. AF_01/2020","UN",299.04000000000002,95469,null,296.97000000000003,299.04000000000002]
[null,95470,"VASO SANITARIO SIFONADO CONVENCIONAL COM LOUÇA BRANCA, INCLUSO CONJUNTO DE LIGAÇÃO PARA BACIA SANITÁRIA AJUSTÁVEL - FORNECIMENTO E INSTALAÇÃO. AF_01/2020","UN",306.58999999999997,95470,null,304.52,306.58999999999997]
[null,95471,"VASO SANITARIO SIFONADO CONVENCIONAL PARA PCD SEM FURO FRONTAL COM  LOUÇA BRANCA SEM ASSENTO -  FORNECIMENTO E INSTALAÇÃO. AF_01/2020","UN",768.55,95471,null,764.28,768.55]
[null,95472,"VASO SANITARIO SIFONADO CONVENCIONAL PARA PCD SEM FURO FRONTAL COM LOUÇA BRANCA SEM ASSENTO, INCLUSO CONJUNTO DE LIGAÇÃO PARA BACIA SANITÁRIA AJUSTÁVEL - FORNECIMENTO E INSTALAÇÃO. AF_01/2020","UN",776.1,95472,null,771.83,776.1]
[null,95542,"PORTA TOALHA ROSTO EM METAL CROMADO, TIPO ARGOLA, INCLUSO FIXAÇÃO. AF_01/2020","UN",34.58,95542,null,33.51,34.58]
[null,95543,"PORTA TOALHA BANHO EM METAL CROMADO, TIPO BARRA, INCLUSO FIXAÇÃO. AF_01/2020","UN",58.32,95543,null,56.19,58.32]
[null,95544,"PAPELEIRA DE PAREDE EM METAL CROMADO SEM TAMPA, INCLUSO FIXAÇÃO. AF_01/2020","UN",42.14,95544,null,41.07,42.14]
[null,95545,"SABONETEIRA DE PAREDE EM METAL CROMADO, INCLUSO FIXAÇÃO. AF_01/2020","UN",41.34,95545,null,40.270000000000003,41.34]
[null,95546,"KIT DE ACESSORIOS PARA BANHEIRO EM METAL CROMADO, 5 PECAS, INCLUSO FIXAÇÃO. AF_01/2020","UN",142.97999999999999,95546,null,136.59,142.97999999999999]
[null,95547,"SABONETEIRA PLASTICA TIPO DISPENSER PARA SABONETE LIQUIDO COM RESERVATORIO 800 A 1500 ML, INCLUSO FIXAÇÃO. AF_01/2020","UN",58.08,95547,null,57.01,58.08]
[null,100848,"VASO SANITÁRIO INFANTIL LOUÇA BRANCA - FORNECIMENTO E INSTALACAO. AF_01/2020","UN",553.13,100848,null,551.05999999999995,553.13]
[null,100849,"ASSENTO SANITÁRIO CONVENCIONAL - FORNECIMENTO E INSTALACAO. AF_01/2020","UN",41.55,100849,null,41.03,41.55]
[null,100851,"ASSENTO SANITÁRIO INFANTIL - FORNECIMENTO E INSTALACAO. AF_01/2020","UN",82.89,100851,null,82.37,82.89]
[null,100852,"CUBA DE EMBUTIR RETANGULAR DE AÇO INOXIDÁVEL, 56 X 33 X 12 CM - FORNECIMENTO E INSTALAÇÃO. AF_01/2020","UN",254.46,100852,null,252.9,254.46]
[null,100853,"TORNEIRA CROMADA DE MESA PARA LAVATORIO, TIPO MONOCOMANDO. AF_01/2020","UN",374.69,100853,null,373.13,374.69]
[null,100854,"TORNEIRA CROMADA DE MESA PARA LAVATÓRIO COM SENSOR DE PRESENCA. AF_01/2020","UN",1959.32,100854,null,1957.14,1959.32]
[null,100856,"MANOPLA E CANOPLA CROMADA - FORNECIMENTO E INSTALAÇÃO. AF_01/2020","UN",41.23,100856,null,40.9,41.23]
[null,100857,"ACABAMENTO MONOCOMANDO PARA CHUVEIRO - FORNECIMENTO E INSTALAÇÃO. AF_01/2020","UN",573.66999999999996,100857,null,572.51,573.66999999999996]
[null,100858,"MICTÓRIO SIFONADO LOUÇA BRANCA - PADRÃO MÉDIO - FORNECIMENTO E INSTALAÇÃO. AF_01/2020","UN",585.53,100858,null,582.14,585.53]
[null,100859,"MICTÓRIO SIFONADO LOUÇA BRANCA PARA ENTRADA DE ÁGUA EMBUTIDA - PADRÃO ALTO - FORNECIMENTO E INSTALAÇÃO. AF_01/2020","UN",1007.07,100859,null,999.93,1007.07]
[null,100860,"CHUVEIRO ELÉTRICO COMUM CORPO PLÁSTICO, TIPO DUCHA - FORNECIMENTO E INSTALAÇÃO. AF_01/2020","UN",110.94,100860,null,109.44,110.94]
[null,100861,"SUPORTE MÃO FRANCESA EM AÇO, ABAS IGUAIS 30 CM, CAPACIDADE MINIMA 60 KG, BRANCO - FORNECIMENTO E INSTALAÇÃO. AF_01/2020","UN",33.29,100861,null,31.69,33.29]
[null,100862,"SUPORTE MÃO FRANCESA EM ACO, ABAS IGUAIS 40 CM, CAPACIDADE MINIMA 70 KG, BRANCO - FORNECIMENTO E INSTALAÇÃO. AF_01/2020","UN",36.700000000000003,100862,null,35.1,36.700000000000003]
[null,100863,"BARRA DE APOIO EM \"L\", EM ACO INOX POLIDO 70 X 70 CM, FIXADA NA PAREDE - FORNECIMENTO E INSTALACAO. AF_01/2020","UN",621.33000000000004,100863,null,616.53,621.33000000000004]
[null,100864,"BARRA DE APOIO EM \"L\", EM ACO INOX POLIDO 80 X 80 CM, FIXADA NA PAREDE - FORNECIMENTO E INSTALACAO. AF_01/2020","UN",683.64,100864,null,678.84,683.64]
[null,100865,"BARRA DE APOIO LATERAL ARTICULADA, COM TRAVA, EM ACO INOX POLIDO, FIXADA NA PAREDE - FORNECIMENTO E INSTALAÇÃO. AF_01/2020","UN",612.57000000000005,100865,null,610.44000000000005,612.57000000000005]
[null,100866,"BARRA DE APOIO RETA, EM ACO INOX POLIDO, COMPRIMENTO 60CM, FIXADA NA PAREDE - FORNECIMENTO E INSTALAÇÃO. AF_01/2020","UN",318.68,100866,null,315.47000000000003,318.68]
[null,100867,"BARRA DE APOIO RETA, EM ACO INOX POLIDO, COMPRIMENTO 70 CM,  FIXADA NA PAREDE - FORNECIMENTO E INSTALAÇÃO. AF_01/2020","UN",339.23,100867,null,336.02,339.23]
[null,100868,"BARRA DE APOIO RETA, EM ACO INOX POLIDO, COMPRIMENTO 80 CM,  FIXADA NA PAREDE - FORNECIMENTO E INSTALAÇÃO. AF_01/2020","UN",352.9,100868,null,349.69,352.9]
[null,100869,"BARRA DE APOIO RETA, EM ACO INOX POLIDO, COMPRIMENTO 90 CM,  FIXADA NA PAREDE - FORNECIMENTO E INSTALAÇÃO. AF_01/2020","UN",363.39,100869,null,360.18,363.39]
[null,100870,"BARRA DE APOIO RETA, EM ALUMINIO, COMPRIMENTO 60 CM,  FIXADA NA PAREDE - FORNECIMENTO E INSTALAÇÃO. AF_01/2020","UN",295.32,100870,null,292.11,295.32]
[null,100871,"BARRA DE APOIO RETA, EM ALUMINIO, COMPRIMENTO 70 CM,  FIXADA NA PAREDE - FORNECIMENTO E INSTALAÇÃO. AF_01/2020","UN",319.14,100871,null,315.93,319.14]
[null,100872,"BARRA DE APOIO RETA, EM ALUMINIO, COMPRIMENTO 80 CM,  FIXADA NA PAREDE - FORNECIMENTO E INSTALAÇÃO. AF_01/2020","UN",334.35,100872,null,331.14,334.35]
[null,100873,"BARRA DE APOIO RETA, EM ALUMINIO, COMPRIMENTO 90 CM,  FIXADA NA PAREDE - FORNECIMENTO E INSTALAÇÃO. AF_01/2020","UN",343.85,100873,null,340.64,343.85]
[null,100874,"PUXADOR PARA PCD, FIXADO NA PORTA - FORNECIMENTO E INSTALAÇÃO. AF_01/2020","UN",{"$f":"IF($K$2=$H$1,H5379,I5379)","v":318.68},{"$f":"IF(LEN($B5379)=7,CONCATENATE(MID($B5379,1,6),\"00\",RIGHT($B5379,1)),IF(LEN($B5379)=8,CONCATENATE(MID($B5379,1,6),\"0\",RIGHT($B5379,2)),$B5379))","v":100874},null,315.47000000000003,318.68]
[null,100875,"BANCO ARTICULADO, EM ACO INOX, PARA PCD, FIXADO NA PAREDE - FORNECIMENTO E INSTALAÇÃO. AF_01/2020","UN",1129.9000000000001,100875,null,1125.6300000000001,1129.9000000000001]
[null,100878,"VASO SANITÁRIO SIFONADO COM CAIXA ACOPLADA, LOUÇA BRANCA - PADRÃO ALTO - FORNECIMENTO E INSTALAÇÃO. AF_01/2020","UN",656.86,100878,null,652.04,656.86]
[null,98052,"TANQUE SÉPTICO CIRCULAR, EM CONCRETO PRÉ-MOLDADO, DIÂMETRO INTERNO = 1,10 M, ALTURA INTERNA = 2,50 M, VOLUME ÚTIL: 2138,2 L (PARA 5 CONTRIBUINTES). AF_12/2020_PA","UN",2136.88,98052,null,2110.64,2136.88]
[null,98053,"TANQUE SÉPTICO CIRCULAR, EM CONCRETO PRÉ-MOLDADO, DIÂMETRO INTERNO = 1,40 M, ALTURA INTERNA = 2,50 M, VOLUME ÚTIL: 3463,6 L (PARA 13 CONTRIBUINTES). AF_12/2020_PA","UN",2949.88,98053,null,2914.44,2949.88]
[null,98054,"TANQUE SÉPTICO CIRCULAR, EM CONCRETO PRÉ-MOLDADO, DIÂMETRO INTERNO = 1,88 M, ALTURA INTERNA = 2,50 M, VOLUME ÚTIL: 6245,8 L (PARA 32 CONTRIBUINTES). AF_12/2020_PA","UN",4824.93,98054,null,4787.92,4824.93]
[null,98055,"TANQUE SÉPTICO CIRCULAR, EM CONCRETO PRÉ-MOLDADO, DIÂMETRO INTERNO = 2,38 M, ALTURA INTERNA = 2,50 M, VOLUME ÚTIL: 10009,8 L (PARA 69 CONTRIBUINTES). AF_12/2020_PA","UN",6574.68,98055,null,6523.66,6574.68]
[null,98056,"TANQUE SÉPTICO CIRCULAR, EM CONCRETO PRÉ-MOLDADO, DIÂMETRO INTERNO = 2,38 M, ALTURA INTERNA = 3,0 M, VOLUME ÚTIL: 12234,2 L (PARA 86 CONTRIBUINTES). AF_12/2020_PA","UN",7667.4,98056,null,7612.9,7667.4]
[null,98057,"TANQUE SÉPTICO CIRCULAR, EM CONCRETO PRÉ-MOLDADO, DIÂMETRO INTERNO = 2,88 M, ALTURA INTERNA = 2,50 M, VOLUME ÚTIL: 14657,4 L (PARA 105 CONTRIBUINTES). AF_12/2020_PA","UN",9150.75,98057,null,9083.2000000000007,9150.75]
[null,98058,"FILTRO ANAERÓBIO CIRCULAR, EM CONCRETO PRÉ-MOLDADO, DIÂMETRO INTERNO = 1,10 M, ALTURA INTERNA = 1,50 M, VOLUME ÚTIL: 1140,4 L (PARA 5 CONTRIBUINTES). AF_12/2020_PA","UN",1878,98058,null,1847.32,1878]
[null,98059,"FILTRO ANAERÓBIO CIRCULAR, EM CONCRETO PRÉ-MOLDADO, DIÂMETRO INTERNO = 1,88 M, ALTURA INTERNA = 1,50 M, VOLUME ÚTIL: 3331,1 L (PARA 19 CONTRIBUINTES). AF_12/2020_PA","UN",4125.83,98059,null,4081.05,4125.83]
[null,98060,"FILTRO ANAERÓBIO CIRCULAR, EM CONCRETO PRÉ-MOLDADO, DIÂMETRO INTERNO = 2,38 M, ALTURA INTERNA = 1,50 M, VOLUME ÚTIL: 5338,6 L (PARA 34 CONTRIBUINTES). AF_12/2020_PA","UN",5802.54,98060,null,5737.4,5802.54]
[null,98061,"FILTRO ANAERÓBIO CIRCULAR, EM CONCRETO PRÉ-MOLDADO, DIÂMETRO INTERNO = 2,88 M, ALTURA INTERNA = 1,50 M, VOLUME ÚTIL: 7817,3 L (PARA 75 CONTRIBUINTES). AF_12/2020_PA","UN",8119.34,98061,null,8029.63,8119.34]
[null,98062,"SUMIDOURO CIRCULAR, EM CONCRETO PRÉ-MOLDADO, DIÂMETRO INTERNO = 1,88 M, ALTURA INTERNA = 2,00 M, ÁREA DE INFILTRAÇÃO: 13,1 M² (PARA 5 CONTRIBUINTES). AF_12/2020_PA","UN",3209.02,98062,null,3179.51,3209.02]
[null,98063,"SUMIDOURO CIRCULAR, EM CONCRETO PRÉ-MOLDADO, DIÂMETRO INTERNO = 2,38 M, ALTURA INTERNA = 2,50 M, ÁREA DE INFILTRAÇÃO: 21,3 M² (PARA 8 CONTRIBUINTES). AF_12/2020_PA","UN",4906.6000000000004,98063,null,4862.9399999999996,4906.6000000000004]
[null,98064,"SUMIDOURO CIRCULAR, EM CONCRETO PRÉ-MOLDADO, DIÂMETRO INTERNO = 2,38 M, ALTURA INTERNA = 3,0 M, ÁREA DE INFILTRAÇÃO: 25 M² (PARA 10 CONTRIBUINTES). AF_12/2020_PA","UN",5666.79,98064,null,5621.07,5666.79]
[null,98065,"SUMIDOURO CIRCULAR, EM CONCRETO PRÉ-MOLDADO, DIÂMETRO INTERNO = 2,88 M, ALTURA INTERNA = 3,0 M, ÁREA DE INFILTRAÇÃO: 31,4 M² (PARA 12 CONTRIBUINTES). AF_12/2020_PA","UN",7889.14,98065,null,7828.31,7889.14]
[null,98066,"TANQUE SÉPTICO RETANGULAR, EM ALVENARIA COM TIJOLOS CERÂMICOS MACIÇOS, DIMENSÕES INTERNAS: 1,0 X 2,0 X H=1,4 M, VOLUME ÚTIL: 2000 L (PARA 5 CONTRIBUINTES). AF_12/2020","UN",4910.72,98066,null,4709.84,4910.72]
[null,98067,"TANQUE SÉPTICO RETANGULAR, EM ALVENARIA COM TIJOLOS CERÂMICOS MACIÇOS, DIMENSÕES INTERNAS: 1,2 X 2,4 X H=1,6 M, VOLUME ÚTIL: 3456 L (PARA 13 CONTRIBUINTES). AF_12/2020","UN",6542.63,98067,null,6273.83,6542.63]
[null,98068,"TANQUE SÉPTICO RETANGULAR, EM ALVENARIA COM TIJOLOS CERÂMICOS MACIÇOS, DIMENSÕES INTERNAS: 1,4 X 3,2 X H=1,8 M, VOLUME ÚTIL: 6272 L (PARA 32 CONTRIBUINTES). AF_12/2020","UN",9239.33,98068,null,8857.93,9239.33]
[null,98069,"TANQUE SÉPTICO RETANGULAR, EM ALVENARIA COM TIJOLOS CERÂMICOS MACIÇOS, DIMENSÕES INTERNAS: 1,6 X 4,4 X H=1,8 M, VOLUME ÚTIL: 9856 L (PARA 68 CONTRIBUINTES). AF_12/2020","UN",12429.78,98069,null,11913.74,12429.78]
[null,98070,"TANQUE SÉPTICO RETANGULAR, EM ALVENARIA COM TIJOLOS CERÂMICOS MACIÇOS, DIMENSÕES INTERNAS: 1,6 X 4,8 X H=2,0 M, VOLUME ÚTIL: 12288 L (PARA 86 CONTRIBUINTES). AF_12/2020","UN",14192.87,98070,null,13603.92,14192.87]
[null,98071,"TANQUE SÉPTICO RETANGULAR, EM ALVENARIA COM TIJOLOS CERÂMICOS MACIÇOS, DIMENSÕES INTERNAS: 1,6 X 4,6 X H=2,4 M, VOLUME ÚTIL: 14720 L (PARA 105 CONTRIBUINTES). AF_12/2020","UN",15467.18,98071,null,14826.93,15467.18]
[null,98072,"FILTRO ANAERÓBIO RETANGULAR, EM ALVENARIA COM TIJOLOS CERÂMICOS MACIÇOS, DIMENSÕES INTERNAS: 0,8 X 1,2 X H=1,67 M, VOLUME ÚTIL: 1152 L (PARA 5 CONTRIBUINTES). AF_12/2020","UN",4147.21,98072,null,3977.25,4147.21]
[null,98073,"FILTRO ANAERÓBIO RETANGULAR, EM ALVENARIA COM TIJOLOS CERÂMICOS MACIÇOS, DIMENSÕES INTERNAS: 1,2 X 1,8 X H=1,67 M, VOLUME ÚTIL: 2592 L (PARA 13 CONTRIBUINTES). AF_12/2020","UN",6540.83,98073,null,6273.2,6540.83]
[null,98074,"FILTRO ANAERÓBIO RETANGULAR, EM ALVENARIA COM TIJOLOS CERÂMICOS MACIÇOS, DIMENSÕES INTERNAS: 1,4 X 3,0 X H=1,67 M, VOLUME ÚTIL: 5040 L (PARA 32 CONTRIBUINTES). AF_12/2020","UN",10232.620000000001,98074,null,9815.7999999999993,10232.620000000001]
[null,98075,"FILTRO ANAERÓBIO RETANGULAR, EM ALVENARIA COM TIJOLOS CERÂMICOS MACIÇOS, DIMENSÕES INTERNAS: 1,4 X 4,2 X H=1,67 M, VOLUME ÚTIL: 7056 L (PARA 67 CONTRIBUINTES). AF_12/2020","UN",13348.31,98075,null,12805.95,13348.31]
[null,98076,"FILTRO ANAERÓBIO RETANGULAR, EM ALVENARIA COM TIJOLOS CERÂMICOS MACIÇOS, DIMENSÕES INTERNAS: 1,6 X 4,6 X H=1,67 M, VOLUME ÚTIL: 8832 L (PARA 84 CONTRIBUINTES). AF_12/2020","UN",15428.64,98076,null,14802.78,15428.64]
[null,98077,"FILTRO ANAERÓBIO RETANGULAR, EM ALVENARIA COM TIJOLOS CERÂMICOS MACIÇOS, DIMENSÕES INTERNAS: 1,6 X 5,6 X H=1,67 M, VOLUME ÚTIL: 10752 L (PARA 103 CONTRIBUINTES). AF_12/2020","UN",18193.580000000002,98077,null,17456.59,18193.580000000002]
[null,98078,"SUMIDOURO RETANGULAR, EM ALVENARIA COM TIJOLOS CERÂMICOS MACIÇOS, DIMENSÕES INTERNAS: 0,8 X 1,4 X H=3,0 M, ÁREA DE INFILTRAÇÃO: 13,2 M² (PARA 5 CONTRIBUINTES). AF_12/2020","UN",4536.84,98078,null,4364.32,4536.84]
[null,98079,"SUMIDOURO RETANGULAR, EM ALVENARIA COM TIJOLOS CERÂMICOS MACIÇOS, DIMENSÕES INTERNAS: 1,0 X 3,0 X H=3,0 M, ÁREA DE INFILTRAÇÃO: 25 M² (PARA 10 CONTRIBUINTES). AF_12/2020","UN",7968.77,98079,null,7666.49,7968.77]
[null,98080,"SUMIDOURO RETANGULAR, EM ALVENARIA COM TIJOLOS CERÂMICOS MACIÇOS, DIMENSÕES INTERNAS: 1,6 X 3,4 X H=3,0 M, ÁREA DE INFILTRAÇÃO: 32,9 M² (PARA 13 CONTRIBUINTES). AF_12/2020","UN",10273.74,98080,null,9883.15,10273.74]
[null,98081,"SUMIDOURO RETANGULAR, EM ALVENARIA COM TIJOLOS CERÂMICOS MACIÇOS, DIMENSÕES INTERNAS: 1,6 X 5,8 X H=3,0 M, ÁREA DE INFILTRAÇÃO: 50 M² (PARA 20 CONTRIBUINTES). AF_12/2020","UN",15240.88,98081,null,14660.75,15240.88]
[null,98082,"TANQUE SÉPTICO RETANGULAR, EM ALVENARIA COM BLOCOS DE CONCRETO, DIMENSÕES INTERNAS: 1,0 X 2,0 X H=1,4 M, VOLUME ÚTIL: 2000 L (PARA 5 CONTRIBUINTES). AF_12/2020","UN",3864.33,98082,null,3705.35,3864.33]
[null,98083,"TANQUE SÉPTICO RETANGULAR, EM ALVENARIA COM BLOCOS DE CONCRETO, DIMENSÕES INTERNAS: 1,2 X 2,4 X H=1,6 M, VOLUME ÚTIL: 3456 L (PARA 13 CONTRIBUINTES). AF_12/2020","UN",5089.5,98083,null,4878.12,5089.5]
[null,98084,"TANQUE SÉPTICO RETANGULAR, EM ALVENARIA COM BLOCOS DE CONCRETO, DIMENSÕES INTERNAS: 1,4 X 3,2 X H=1,8 M, VOLUME ÚTIL: 6272 L (PARA 32 CONTRIBUINTES). AF_12/2020","UN",7128.7,98084,null,6829.77,7128.7]
[null,98085,"TANQUE SÉPTICO RETANGULAR, EM ALVENARIA COM BLOCOS DE CONCRETO, DIMENSÕES INTERNAS: 1,6 X 4,4 X H=1,8 M, VOLUME ÚTIL: 9856 L (PARA 68 CONTRIBUINTES). AF_12/2020","UN",9669.83,98085,null,9261.31,9669.83]
[null,98086,"TANQUE SÉPTICO RETANGULAR, EM ALVENARIA COM BLOCOS DE CONCRETO, DIMENSÕES INTERNAS: 1,6 X 4,8 X H=2,0 M, VOLUME ÚTIL: 12288 L (PARA 86 CONTRIBUINTES). AF_12/2020","UN",10902.48,98086,null,10440.86,10902.48]
[null,98087,"TANQUE SÉPTICO RETANGULAR, EM ALVENARIA COM BLOCOS DE CONCRETO, DIMENSÕES INTERNAS: 1,6 X 4,6 X H=2,4 M, VOLUME ÚTIL: 14720 L (PARA 105 CONTRIBUINTES). AF_12/2020","UN",11611.98,98087,null,11119.7,11611.98]
[null,98088,"FILTRO ANAERÓBIO RETANGULAR, EM ALVENARIA COM BLOCOS DE CONCRETO, DIMENSÕES INTERNAS: 0,8 X 1,2 X H=1,67 M, VOLUME ÚTIL: 1152 L (PARA 5 CONTRIBUINTES). AF_12/2020","UN",3369.18,98088,null,3233.17,3369.18]
[null,98089,"FILTRO ANAERÓBIO RETANGULAR, EM ALVENARIA COM BLOCOS DE CONCRETO, DIMENSÕES INTERNAS: 1,2 X 1,8 X H=1,67 M, VOLUME ÚTIL: 2592 L (PARA 13 CONTRIBUINTES). AF_12/2020","UN",5358.49,98089,null,5141.6400000000003,5358.49]
[null,98090,"FILTRO ANAERÓBIO RETANGULAR, EM ALVENARIA COM BLOCOS DE CONCRETO, DIMENSÕES INTERNAS: 1,4 X 3,0 X H=1,67 M, VOLUME ÚTIL: 5040 L (PARA 32 CONTRIBUINTES). AF_12/2020","UN",8468.92,98090,null,8127.24,8468.92]
[null,98091,"FILTRO ANAERÓBIO RETANGULAR, EM ALVENARIA COM BLOCOS DE CONCRETO, DIMENSÕES INTERNAS: 1,4 X 4,2 X H=1,67 M, VOLUME ÚTIL: 7056 L (PARA 67 CONTRIBUINTES). AF_12/2020","UN",11091.6,98091,null,10645.02,11091.6]
[null,98092,"FILTRO ANAERÓBIO RETANGULAR, EM ALVENARIA COM BLOCOS DE CONCRETO, DIMENSÕES INTERNAS: 1,6 X 4,6 X H=1,67 M, VOLUME ÚTIL: 8832 L (PARA 84 CONTRIBUINTES). AF_12/2020","UN",12913.39,98092,null,12394.18,12913.39]
[null,98093,"FILTRO ANAERÓBIO RETANGULAR, EM ALVENARIA COM BLOCOS DE CONCRETO, DIMENSÕES INTERNAS: 1,6 X 5,6 X H=1,67 M, VOLUME ÚTIL: 10752 L (PARA 103 CONTRIBUINTES). AF_12/2020","UN",15263.43,98093,null,14650.45,15263.43]
[null,98094,"SUMIDOURO RETANGULAR, EM ALVENARIA COM BLOCOS DE CONCRETO, DIMENSÕES INTERNAS: 0,8 X 1,4 X H=3,0 M, ÁREA DE INFILTRAÇÃO: 13,2 M² (PARA 5 CONTRIBUINTES). AF_12/2020","UN",2784.65,98094,null,2675.71,2784.65]
[null,98099,"SUMIDOURO RETANGULAR, EM ALVENARIA COM BLOCOS DE CONCRETO, DIMENSÕES INTERNAS: 1,0 X 3,0 X H=3,0 M, ÁREA DE INFILTRAÇÃO: 25 M² (PARA 10 CONTRIBUINTES). AF_12/2020","UN",4764.79,98099,null,4578.13,4764.79]
[null,98100,"SUMIDOURO RETANGULAR, EM ALVENARIA COM BLOCOS DE CONCRETO, DIMENSÕES INTERNAS: 1,6 X 3,4 X H=3,0 M, ÁREA DE INFILTRAÇÃO: 32,9 M² (PARA 13 CONTRIBUINTES). . AF_12/2020","UN",6263.15,98100,null,6017.07,6263.15]
[null,98101,"SUMIDOURO RETANGULAR, EM ALVENARIA COM BLOCOS DE CONCRETO, DIMENSÕES INTERNAS: 1,6 X 5,8 X H=3,0 M, ÁREA DE INFILTRAÇÃO: 50 M² (PARA 20 CONTRIBUINTES). . AF_12/2020","UN",9268.57,98101,null,8902.89,9268.57]
[null,98109,"CAIXA DE GORDURA ESPECIAL (CAPACIDADE: 312 L - PARA ATÉ 146 PESSOAS SERVIDAS NO PICO), RETANGULAR, EM ALVENARIA COM BLOCOS DE CONCRETO, DIMENSÕES INTERNAS = 0,4X1,2 M, ALTURA INTERNA = 1 M. AF_12/2020","UN",808.09,98109,null,764.88,808.09]
[null,98110,"CAIXA DE GORDURA PEQUENA (CAPACIDADE: 19 L), CIRCULAR, EM PVC, DIÂMETRO INTERNO= 0,3 M. AF_12/2020","UN",378.39,98110,null,377.03,378.39]
[null,98111,"CAIXA DE INSPEÇÃO PARA ATERRAMENTO, CIRCULAR, EM POLIETILENO, DIÂMETRO INTERNO = 0,3 M. AF_12/2020","UN",51.21,98111,null,50.46,51.21]
[null,98112,"TIL (TUBO DE INSPEÇÃO E LIMPEZA) CONDOMINIAL PARA ESGOTO, EM PVC, DN 100 X 100 MM. AF_12/2020","UN",94.55,98112,null,92.47,94.55]
[null,98114,"TAMPA CIRCULAR PARA ESGOTO E DRENAGEM, EM FERRO FUNDIDO, DIÂMETRO INTERNO = 0,6 M. AF_12/2020","UN",471.12,98114,null,466.07,471.12]
[null,98115,"TAMPA CIRCULAR PARA ESGOTO E DRENAGEM, EM CONCRETO PRÉ-MOLDADO, DIÂMETRO INTERNO = 0,60 M E ALTURA = 0,10 M. AF_12/2020","UN",100.62,98115,null,94.75,100.62]
[null,89349,"REGISTRO DE PRESSÃO BRUTO, LATÃO, ROSCÁVEL, 1/2\" - FORNECIMENTO E INSTALAÇÃO. AF_08/2021","UN",23.55,89349,null,23.2,23.55]
[null,89351,"REGISTRO DE PRESSÃO BRUTO, LATÃO,  ROSCÁVEL, 3/4'' - FORNECIMENTO E INSTALAÇÃO. AF_08/2021","UN",29.26,89351,null,28.73,29.26]
[null,89352,"REGISTRO DE GAVETA BRUTO, LATÃO, ROSCÁVEL, 1/2\" - FORNECIMENTO E INSTALAÇÃO. AF_08/2021","UN",31.81,89352,null,31.46,31.81]
[null,89353,"REGISTRO DE GAVETA BRUTO, LATÃO, ROSCÁVEL, 3/4\" - FORNECIMENTO E INSTALAÇÃO. AF_08/2021","UN",35.18,89353,null,34.65,35.18]
[null,89354,"MISTURADOR MONOCOMANDO PARA CHUVEIRO, BASE BRUTA E ACABAMENTO CROMADO - FORNECIMENTO E INSTALAÇÃO. AF_08/2021","UN",591.71,89354,null,588.69000000000005,591.71]
[null,89984,"REGISTRO DE PRESSÃO BRUTO, LATÃO, ROSCÁVEL, 1/2\", COM ACABAMENTO E CANOPLA CROMADOS - FORNECIMENTO E INSTALAÇÃO. AF_08/2021","UN",75.209999999999994,89984,null,74.319999999999993,75.209999999999994]
[null,89985,"REGISTRO DE PRESSÃO BRUTO, LATÃO, ROSCÁVEL, 3/4\", COM ACABAMENTO E CANOPLA CROMADOS - FORNECIMENTO E INSTALAÇÃO. AF_08/2021","UN",79.260000000000005,89985,null,78.180000000000007,79.260000000000005]
[null,89986,"REGISTRO DE GAVETA BRUTO, LATÃO, ROSCÁVEL, 1/2\", COM ACABAMENTO E CANOPLA CROMADOS - FORNECIMENTO E INSTALAÇÃO. AF_08/2021","UN",73.31,89986,null,72.42,73.31]
[null,89987,"REGISTRO DE GAVETA BRUTO, LATÃO, ROSCÁVEL, 3/4\", COM ACABAMENTO E CANOPLA CROMADOS - FORNECIMENTO E INSTALAÇÃO. AF_08/2021","UN",83.41,89987,null,82.33,83.41]
[null,90371,"REGISTRO DE ESFERA, PVC, ROSCÁVEL, COM VOLANTE, 3/4\" - FORNECIMENTO E INSTALAÇÃO. AF_08/2021","UN",{"$f":"IF($K$2=$H$1,H5443,I5443)","v":21.58},{"$f":"IF(LEN($B5443)=7,CONCATENATE(MID($B5443,1,6),\"00\",RIGHT($B5443,1)),IF(LEN($B5443)=8,CONCATENATE(MID($B5443,1,6),\"0\",RIGHT($B5443,2)),$B5443))","v":90371},null,21.05,21.58]
[null,94489,"REGISTRO DE ESFERA, PVC, SOLDÁVEL, COM VOLANTE, DN  25 MM - FORNECIMENTO E INSTALAÇÃO. AF_08/2021","UN",22.08,94489,null,21.69,22.08]
[null,94490,"REGISTRO DE ESFERA, PVC, SOLDÁVEL, COM VOLANTE, DN  32 MM - FORNECIMENTO E INSTALAÇÃO. AF_08/2021","UN",31.81,94490,null,31.42,31.81]
[null,94491,"REGISTRO DE ESFERA, PVC, SOLDÁVEL, COM VOLANTE, DN  40 MM - FORNECIMENTO E INSTALAÇÃO. AF_08/2021","UN",43.79,94491,null,43.23,43.79]
[null,94492,"REGISTRO DE ESFERA, PVC, SOLDÁVEL, COM VOLANTE, DN  50 MM - FORNECIMENTO E INSTALAÇÃO. AF_08/2021","UN",44.94,94492,null,44.38,44.94]
[null,94493,"REGISTRO DE ESFERA, PVC, SOLDÁVEL, COM VOLANTE, DN  60 MM - FORNECIMENTO E INSTALAÇÃO. AF_08/2021","UN",82.51,94493,null,81.62,82.51]
[null,94495,"REGISTRO DE GAVETA BRUTO, LATÃO, ROSCÁVEL, 1\" - FORNECIMENTO E INSTALAÇÃO. AF_08/2021","UN",54.3,94495,null,53.58,54.3]
[null,94496,"REGISTRO DE GAVETA BRUTO, LATÃO, ROSCÁVEL, 1 1/4\" - FORNECIMENTO E INSTALAÇÃO. AF_08/2021","UN",73.98,94496,null,72.989999999999995,73.98]
[null,94497,"REGISTRO DE GAVETA BRUTO, LATÃO, ROSCÁVEL, 1 1/2\" - FORNECIMENTO E INSTALAÇÃO. AF_08/2021","UN",93.75,94497,null,92.47,93.75]
[null,94498,"REGISTRO DE GAVETA BRUTO, LATÃO, ROSCÁVEL, 2\" - FORNECIMENTO E INSTALAÇÃO. AF_08/2021","UN",129.30000000000001,94498,null,127.64,129.30000000000001]
[null,94499,"REGISTRO DE GAVETA BRUTO, LATÃO, ROSCÁVEL, 2 1/2\" - FORNECIMENTO E INSTALAÇÃO. AF_08/2021","UN",256.27,94499,null,254.05,256.27]
[null,94500,"REGISTRO DE GAVETA BRUTO, LATÃO, ROSCÁVEL, 3\" - FORNECIMENTO E INSTALAÇÃO. AF_08/2021","UN",311.14,94500,null,308.36,311.14]
[null,94501,"REGISTRO DE GAVETA BRUTO, LATÃO, ROSCÁVEL, 4\" - FORNECIMENTO E INSTALAÇÃO. AF_08/2021","UN",626.33000000000004,94501,null,622.80999999999995,626.33000000000004]
[null,94792,"REGISTRO DE GAVETA BRUTO, LATÃO, ROSCÁVEL, 1\", COM ACABAMENTO E CANOPLA CROMADOS - FORNECIMENTO E INSTALAÇÃO. AF_08/2021","UN",101.59,94792,null,100.32,101.59]
[null,94793,"REGISTRO DE GAVETA BRUTO, LATÃO, ROSCÁVEL, 1 1/4\", COM ACABAMENTO E CANOPLA CROMADOS - FORNECIMENTO E INSTALAÇÃO. AF_08/2021","UN",139,94793,null,137.47,139]
[null,94794,"REGISTRO DE GAVETA BRUTO, LATÃO, ROSCÁVEL, 1 1/2\", COM ACABAMENTO E CANOPLA CROMADOS - FORNECIMENTO E INSTALAÇÃO. AF_08/2021","UN",147.59,94794,null,145.76,147.59]
[null,94795,"TORNEIRA DE BOIA PARA CAIXA D'ÁGUA, ROSCÁVEL, 1/2\" - FORNECIMENTO E INSTALAÇÃO. AF_08/2021","UN",31.57,94795,null,30.97,31.57]
[null,94796,"TORNEIRA DE BOIA PARA CAIXA D'ÁGUA, ROSCÁVEL, 3/4\" - FORNECIMENTO E INSTALAÇÃO. AF_08/2021","UN",36.72,94796,null,35.79,36.72]
[null,94797,"TORNEIRA DE BOIA PARA CAIXA D'ÁGUA, ROSCÁVEL, 1\" - FORNECIMENTO E INSTALAÇÃO. AF_08/2021","UN",74.569999999999993,94797,null,73.31,74.569999999999993]
[null,94798,"TORNEIRA DE BOIA PARA CAIXA D'ÁGUA, ROSCÁVEL, 1 1/4\" - FORNECIMENTO E INSTALAÇÃO. AF_08/2021","UN",122.89,94798,null,121.18,122.89]
[null,94799,"TORNEIRA DE BOIA PARA CAIXA D'ÁGUA, ROSCÁVEL, 1 1/2\" - FORNECIMENTO E INSTALAÇÃO. AF_08/2021","UN",151.15,94799,null,148.91999999999999,151.15]
[null,94800,"TORNEIRA DE BOIA PARA CAIXA D'ÁGUA, ROSCÁVEL, 2\" - FORNECIMENTO E INSTALAÇÃO. AF_08/2021","UN",194.09,94800,null,191.22,194.09]
[null,95248,"VÁLVULA DE ESFERA BRUTA, BRONZE, ROSCÁVEL, 1/2\" - FORNECIMENTO E INSTALAÇÃO. AF_08/2021","UN",45.97,95248,null,45.62,45.97]
[null,95249,"VÁLVULA DE ESFERA BRUTA, BRONZE, ROSCÁVEL, 3/4'' - FORNECIMENTO E INSTALAÇÃO. AF_08/2021","UN",54.34,95249,null,53.81,54.34]
[null,95250,"VÁLVULA DE ESFERA BRUTA, BRONZE, ROSCÁVEL, 1'' - FORNECIMENTO E INSTALAÇÃO. AF_08/2021","UN",73.34,95250,null,72.62,73.34]
[null,95251,"VÁLVULA DE ESFERA BRUTA, BRONZE, ROSCÁVEL, 1 1/4'' - FORNECIMENTO E INSTALAÇÃO. AF_08/2021","UN",108.37,95251,null,107.38,108.37]
[null,95252,"VÁLVULA DE ESFERA BRUTA, BRONZE, ROSCÁVEL, 1 1/2'' - FORNECIMENTO E INSTALAÇÃO. AF_08/2021","UN",131.49,95252,null,130.21,131.49]
[null,95253,"VÁLVULA DE ESFERA BRUTA, BRONZE, ROSCÁVEL, 2'' - FORNECIMENTO E INSTALAÇÃO. AF_08/2021","UN",199.62,95253,null,197.96,199.62]
[null,99619,"VÁLVULA DE RETENÇÃO HORIZONTAL, DE BRONZE, ROSCÁVEL, 3/4\" - FORNECIMENTO E INSTALAÇÃO. AF_08/2021","UN",122.24,99619,null,121.71,122.24]
[null,99620,"VÁLVULA DE RETENÇÃO HORIZONTAL, DE BRONZE, ROSCÁVEL, 1\" - FORNECIMENTO E INSTALAÇÃO. AF_08/2021","UN",166.07,99620,null,165.35,166.07]
[null,99621,"VÁLVULA DE RETENÇÃO HORIZONTAL, DE BRONZE, ROSCÁVEL, 1 1/4\" - FORNECIMENTO E INSTALAÇÃO. AF_08/2021","UN",247.64,99621,null,246.65,247.64]
[null,99622,"VÁLVULA DE RETENÇÃO HORIZONTAL, DE BRONZE, ROSCÁVEL, 1 1/2\"  - FORNECIMENTO E INSTALAÇÃO. AF_08/2021","UN",278.49,99622,null,277.20999999999998,278.49]
[null,99623,"VÁLVULA DE RETENÇÃO HORIZONTAL, DE BRONZE, ROSCÁVEL, 2\"  - FORNECIMENTO E INSTALAÇÃO. AF_08/2021","UN",388.79,99623,null,387.13,388.79]
[null,99624,"VÁLVULA DE RETENÇÃO HORIZONTAL, DE BRONZE, ROSCÁVEL, 2 1/2\" - FORNECIMENTO E INSTALAÇÃO. AF_08/2021","UN",554.49,99624,null,552.27,554.49]
[null,99625,"VÁLVULA DE RETENÇÃO HORIZONTAL, DE BRONZE, ROSCÁVEL, 3\" - FORNECIMENTO E INSTALAÇÃO. AF_08/2021","UN",763.06,99625,null,760.28,763.06]
[null,99626,"VÁLVULA DE RETENÇÃO HORIZONTAL, DE BRONZE, ROSCÁVEL, 4\" - FORNECIMENTO E INSTALAÇÃO. AF_08/2021","UN",1175.9000000000001,99626,null,1172.3800000000001,1175.9000000000001]
[null,99627,"VÁLVULA DE RETENÇÃO VERTICAL, DE BRONZE, ROSCÁVEL, 1/2\" - FORNECIMENTO E INSTALAÇÃO. AF_08/2021","UN",73.72,99627,null,73.37,73.72]
[null,99628,"VÁLVULA DE RETENÇÃO VERTICAL, DE BRONZE, ROSCÁVEL, 3/4\" - FORNECIMENTO E INSTALAÇÃO. AF_08/2021","UN",80.25,99628,null,79.72,80.25]
[null,99629,"VÁLVULA DE RETENÇÃO VERTICAL, DE BRONZE, ROSCÁVEL, 1\" - FORNECIMENTO E INSTALAÇÃO. AF_08/2021","UN",89.01,99629,null,88.29,89.01]
[null,99630,"VÁLVULA DE RETENÇÃO VERTICAL, DE BRONZE, ROSCÁVEL, 1 1/4\" - FORNECIMENTO E INSTALAÇÃO. AF_08/2021","UN",132.54,99630,null,131.55000000000001,132.54]
[null,99631,"VÁLVULA DE RETENÇÃO VERTICAL, DE BRONZE, ROSCÁVEL, 1 1/2\" - FORNECIMENTO E INSTALAÇÃO. AF_08/2021","UN",154.1,99631,null,152.82,154.1]
[null,99632,"VÁLVULA DE RETENÇÃO VERTICAL, DE BRONZE, ROSCÁVEL, 2\" - FORNECIMENTO E INSTALAÇÃO. AF_08/2021","UN",222.46,99632,null,220.8,222.46]
[null,99633,"VÁLVULA DE RETENÇÃO VERTICAL, DE BRONZE, ROSCÁVEL, 3\" - FORNECIMENTO E INSTALAÇÃO. AF_08/2021","UN",478.48,99633,null,475.7,478.48]
[null,99634,"VÁLVULA DE RETENÇÃO VERTICAL, DE BRONZE, ROSCÁVEL, 4\" - FORNECIMENTO E INSTALAÇÃO. AF_08/2021","UN",817.83,99634,null,814.31,817.83]
[null,99635,"VÁLVULA DE DESCARGA METÁLICA, BASE 1 1/2\", ACABAMENTO METALICO CROMADO - FORNECIMENTO E INSTALAÇÃO. AF_08/2021","UN",214.64,99635,null,210.12,214.64]
[null,103008,"VÁLVULA DE RETENÇÃO HORIZONTAL, DE BRONZE, ROSCÁVEL, 1/2\" - FORNECIMENTO E INSTALAÇÃO. AF_08/2021","UN",99.98,103008,null,99.63,99.98]
[null,103009,"VÁLVULA DE RETENÇÃO VERTICAL, DE BRONZE, ROSCÁVEL, 2 1/2\" - FORNECIMENTO E INSTALAÇÃO. AF_08/2021","UN",352.19,103009,null,349.97,352.19]
[null,103010,"VÁLVULA DE RETENÇÃO, DE BRONZE, PÉ COM CRIVOS, ROSCÁVEL, 3/4\" - FORNECIMENTO E INSTALAÇÃO. AF_08/2021","UN",75.81,103010,null,75.540000000000006,75.81]
[null,103011,"VÁLVULA DE RETENÇÃO, DE BRONZE, PÉ COM CRIVOS, ROSCÁVEL, 1\" - FORNECIMENTO E INSTALAÇÃO. AF_08/2021","UN",84.46,103011,null,84.1,84.46]
[null,103012,"VÁLVULA DE RETENÇÃO, DE BRONZE, PÉ COM CRIVOS, ROSCÁVEL, 1 1/4\" - FORNECIMENTO E INSTALAÇÃO. AF_08/2021","UN",133.28,103012,null,132.78,133.28]
[null,103013,"VÁLVULA DE RETENÇÃO, DE BRONZE, PÉ COM CRIVOS, ROSCÁVEL, 1 1/2\" - FORNECIMENTO E INSTALAÇÃO. AF_08/2021","UN",143.34,103013,null,142.69999999999999,143.34]
[null,103014,"VÁLVULA DE RETENÇÃO, DE BRONZE, PÉ COM CRIVOS, ROSCÁVEL, 2\" - FORNECIMENTO E INSTALAÇÃO. AF_08/2021","UN",215.73,103014,null,214.9,215.73]
[null,103015,"VÁLVULA DE RETENÇÃO, DE BRONZE, PÉ COM CRIVOS, ROSCÁVEL, 2 1/2\" - FORNECIMENTO E INSTALAÇÃO. AF_08/2021","UN",381.87,103015,null,380.77,381.87]
[null,103016,"VÁLVULA DE RETENÇÃO, DE BRONZE, PÉ COM CRIVOS, ROSCÁVEL, 3\" - FORNECIMENTO E INSTALAÇÃO. AF_08/2021","UN",522.23,103016,null,520.84,522.23]
[null,103017,"VÁLVULA DE RETENÇÃO, DE BRONZE, PÉ COM CRIVOS, ROSCÁVEL, 4\" - FORNECIMENTO E INSTALAÇÃO. AF_08/2021","UN",912.46,103017,null,910.69,912.46]
[null,103018,"VÁLVULA DE DESCARGA METÁLICA, BASE 1 1/4\", ACABAMENTO METALICO CROMADO - FORNECIMENTO E INSTALAÇÃO. AF_08/2021","UN",176.37,103018,null,172.45,176.37]
[null,103019,"REGISTRO OU VÁLVULA GLOBO ANGULAR EM LATÃO, PARA HIDRANTES EM INSTALAÇÃO PREDIAL DE INCÊNDIO, 45 GRAUS, 2 1/2\" - FORNECIMENTO E INSTALAÇÃO. AF_08/2021","UN",181.5,103019,null,179.28,181.5]
[null,103029,"REGISTRO OU REGULADOR DE GÁS DE COZINHA - FORNECIMENTO E INSTALAÇÃO. AF_08/2021","UN",40.119999999999997,103029,null,39.590000000000003,40.119999999999997]
[null,103036,"REGISTRO DE ESFERA, PVC, ROSCÁVEL, COM VOLANTE, 1/2\" - FORNECIMENTO E INSTALAÇÃO. AF_08/2021","UN",17.07,103036,null,16.72,17.07]
[null,103037,"REGISTRO DE ESFERA, PVC, ROSCÁVEL, COM VOLANTE, 1\" - FORNECIMENTO E INSTALAÇÃO. AF_08/2021","UN",33.71,103037,null,32.99,33.71]
[null,103038,"REGISTRO DE ESFERA, PVC, ROSCÁVEL, COM VOLANTE, 1 1/4\" - FORNECIMENTO E INSTALAÇÃO. AF_08/2021","UN",45.19,103038,null,44.2,45.19]
[null,103039,"REGISTRO DE ESFERA, PVC, ROSCÁVEL, COM VOLANTE, 1 1/2\" - FORNECIMENTO E INSTALAÇÃO. AF_08/2021","UN",49.84,103039,null,48.56,49.84]
[null,103040,"REGISTRO DE ESFERA, PVC, ROSCÁVEL, COM VOLANTE, 2\" - FORNECIMENTO E INSTALAÇÃO. AF_08/2021","UN",73.28,103040,null,71.62,73.28]
[null,103041,"REGISTRO DE ESFERA, PVC, ROSCÁVEL, COM BORBOLETA, 1/2\" - FORNECIMENTO E INSTALAÇÃO. AF_08/2021","UN",14.42,103041,null,14.07,14.42]
[null,103042,"REGISTRO DE ESFERA, PVC, ROSCÁVEL, COM BORBOLETA, 3/4\" - FORNECIMENTO E INSTALAÇÃO. AF_08/2021","UN",{"$f":"IF($K$2=$H$1,H5507,I5507)","v":18.149999999999999},{"$f":"IF(LEN($B5507)=7,CONCATENATE(MID($B5507,1,6),\"00\",RIGHT($B5507,1)),IF(LEN($B5507)=8,CONCATENATE(MID($B5507,1,6),\"0\",RIGHT($B5507,2)),$B5507))","v":103042},null,17.62,18.149999999999999]
[null,103043,"REGISTRO DE ESFERA, PVC, ROSCÁVEL, COM CABEÇA QUADRADA, 1/2\" - FORNECIMENTO E INSTALAÇÃO. AF_08/2021","UN",16.47,103043,null,16.12,16.47]
[null,103044,"REGISTRO DE ESFERA, PVC, ROSCÁVEL, COM CABEÇA QUADRADA, 3/4\" - FORNECIMENTO E INSTALAÇÃO. AF_08/2021","UN",22.43,103044,null,21.9,22.43]
[null,103045,"REGISTRO DE PRESSÃO, PVC, ROSCÁVEL, VOLANTE SIMPLES, 1/2\" - FORNECIMENTO E INSTALAÇÃO. AF_08/2021","UN",7.66,103045,null,7.31,7.66]
[null,103046,"REGISTRO DE PRESSÃO, PVC, ROSCÁVEL, VOLANTE SIMPLES, 3/4\" - FORNECIMENTO E INSTALAÇÃO. AF_08/2021","UN",17.29,103046,null,16.760000000000002,17.29]
[null,103047,"REGISTRO DE ESFERA, PVC, SOLDÁVEL, COM VOLANTE, DN  20 MM - FORNECIMENTO E INSTALAÇÃO. AF_08/2021","UN",18.170000000000002,103047,null,17.760000000000002,18.170000000000002]
[null,103048,"REGISTRO DE PRESSÃO, PVC, SOLDÁVEL, VOLANTE SIMPLES, DN  20 MM - FORNECIMENTO E INSTALAÇÃO. AF_08/2021","UN",14.09,103048,null,13.68,14.09]
[null,103049,"REGISTRO DE PRESSÃO, PVC, SOLDÁVEL, VOLANTE SIMPLES, DN  25 MM - FORNECIMENTO E INSTALAÇÃO. AF_08/2021","UN",15.28,103049,null,14.89,15.28]
[null,103050,"SUBSTITUIÇÃO DE REGISTRO OU VÁLVULA, ROSCÁVEL, DN  20 MM. AF_08/2021","UN",23.75,103050,null,21.86,23.75]
[null,103051,"SUBSTITUIÇÃO DE REGISTRO OU VÁLVULA, ROSCÁVEL, DN  25 MM. AF_08/2021","UN",28.7,103051,null,26.39,28.7]
[null,103052,"SUBSTITUIÇÃO DE REGISTRO OU VÁLVULA, ROSCÁVEL, DN  32 MM. AF_08/2021","UN",38.53,103052,null,35.65,38.53]
[null,95634,"KIT CAVALETE PARA MEDIÇÃO DE ÁGUA - ENTRADA PRINCIPAL, EM PVC 20 MM (1/2\") - FORNECIMENTO E INSTALAÇÃO (EXCLUSIVE HIDRÔMETRO). AF_03/2024","UN",189.01,95634,null,182.74,189.01]
[null,95635,"KIT CAVALETE PARA MEDIÇÃO DE ÁGUA - ENTRADA PRINCIPAL, EM PVC 25 MM (3/4\") - FORNECIMENTO E INSTALAÇÃO (EXCLUSIVE HIDRÔMETRO). AF_03/2024","UN",198.86,95635,null,191.58,198.86]
[null,95636,"KIT CAVALETE PARA MEDIÇÃO DE ÁGUA - ENTRADA PRINCIPAL, EM AÇO GALVANIZADO DN 25 MM (1\") - FORNECIMENTO E INSTALAÇÃO (EXCLUSIVE HIDRÔMETRO). AF_03/2024","UN",348.79,95636,null,331.45,348.79]
[null,95637,"KIT CAVALETE PARA MEDIÇÃO DE ÁGUA - ENTRADA PRINCIPAL, EM AÇO GALVANIZADO DN 32 MM (1 1/4\") - FORNECIMENTO E INSTALAÇÃO (EXCLUSIVE HIDRÔMETRO). AF_03/2024","UN",459.34,95637,null,438.68,459.34]
[null,95638,"KIT CAVALETE PARA MEDIÇÃO DE ÁGUA - ENTRADA PRINCIPAL, EM AÇO GALVANIZADO DN 40 MM (1 1/2\") - FORNECIMENTO E INSTALAÇÃO (EXCLUSIVE HIDRÔMETRO). AF_03/2024","UN",565.47,95638,null,541.01,565.47]
[null,95639,"KIT CAVALETE PARA MEDIÇÃO DE ÁGUA - ENTRADA PRINCIPAL, EM AÇO GALVANIZADO DN 50 MM (2\") - FORNECIMENTO E INSTALAÇÃO (EXCLUSIVE HIDRÔMETRO). AF_03/2024","UN",772.06,95639,null,742.85,772.06]
[null,95641,"KIT CAVALETE PARA MEDIÇÃO DE ÁGUA - ENTRADA INDIVIDUALIZADA, EM PVC 25 MM (3/4\"), PARA 2 MEDIDORES - FORNECIMENTO E INSTALAÇÃO (EXCLUSIVE HIDRÔMETRO). AF_03/2024","UN",278.17,95641,null,265.14,278.17]
[null,95642,"KIT CAVALETE PARA MEDIÇÃO DE ÁGUA - ENTRADA INDIVIDUALIZADA, EM PVC 25 MM (3/4\"), PARA 3 MEDIDORES - FORNECIMENTO E INSTALAÇÃO (EXCLUSIVE HIDRÔMETRO). AF_03/2024","UN",411.44,95642,null,392.17,411.44]
[null,95643,"KIT CAVALETE PARA MEDIÇÃO DE ÁGUA - ENTRADA INDIVIDUALIZADA, EM PVC 25 MM (3/4\"), PARA 4 MEDIDORES - FORNECIMENTO E INSTALAÇÃO (EXCLUSIVE HIDRÔMETRO). AF_03/2024","UN",538.1,95643,null,513.05999999999995,538.1]
[null,95644,"KIT CAVALETE PARA MEDIÇÃO DE ÁGUA - ENTRADA INDIVIDUALIZADA, EM PVC 32 MM (1\"), PARA 1 MEDIDOR - FORNECIMENTO E INSTALAÇÃO (EXCLUSIVE HIDRÔMETRO). AF_03/2024","UN",203.02,95644,null,194.7,203.02]
[null,95645,"KIT CAVALETE PARA MEDIÇÃO DE ÁGUA - ENTRADA INDIVIDUALIZADA, EM PVC 32 MM (1\"), PARA 2 MEDIDORES - FORNECIMENTO E INSTALAÇÃO (EXCLUSIVE HIDRÔMETRO). AF_03/2024","UN",371.29,95645,null,356.55,371.29]
[null,95646,"KIT CAVALETE PARA MEDIÇÃO DE ÁGUA - ENTRADA INDIVIDUALIZADA, EM PVC 32 MM (1\"), PARA 3 MEDIDORES - FORNECIMENTO E INSTALAÇÃO (EXCLUSIVE HIDRÔMETRO). AF_03/2024","UN",553.45000000000005,95646,null,531.55999999999995,553.45000000000005]
[null,95647,"KIT CAVALETE PARA MEDIÇÃO DE ÁGUA - ENTRADA INDIVIDUALIZADA, EM PVC 32 MM (1\"), PARA 4 MEDIDORES - FORNECIMENTO E INSTALAÇÃO (EXCLUSIVE HIDRÔMETRO). AF_03/2024","UN",725.58,95647,null,697.1,725.58]
[null,95648,"KIT CAVALETE PARA MEDIÇÃO DE ÁGUA - ENTRADA INDIVIDUALIZADA, EM CPVC DN 28 MM (1\"), PARA 1 MEDIDOR - FORNECIMENTO E INSTALAÇÃO (EXCLUSIVE HIDRÔMETRO). AF_03/2024","UN",597.48,95648,null,589.46,597.48]
[null,95649,"KIT CAVALETE PARA MEDIÇÃO DE ÁGUA - ENTRADA INDIVIDUALIZADA, EM CPVC DN 28 MM (1\"), PARA 2 MEDIDORES - FORNECIMENTO E INSTALAÇÃO (EXCLUSIVE HIDRÔMETRO). AF_03/2024","UN",1030.4000000000001,95649,null,1016.38,1030.4000000000001]
[null,95650,"KIT CAVALETE PARA MEDIÇÃO DE ÁGUA - ENTRADA INDIVIDUALIZADA, EM CPVC DN 28 MM (1\"), PARA 3 MEDIDORES - FORNECIMENTO E INSTALAÇÃO (EXCLUSIVE HIDRÔMETRO). AF_03/2024","UN",1504.57,95650,null,1483.85,1504.57]
[null,95651,"KIT CAVALETE PARA MEDIÇÃO DE ÁGUA - ENTRADA INDIVIDUALIZADA, EM CPVC DN 28 MM (1\"), PARA 4 MEDIDORES - FORNECIMENTO E INSTALAÇÃO (EXCLUSIVE HIDRÔMETRO). AF_03/2024","UN",1954.3,95651,null,1927.37,1954.3]
[null,95652,"KIT CAVALETE PARA MEDIÇÃO DE ÁGUA - ENTRADA INDIVIDUALIZADA, EM CPVC DN 35 MM (1 1/4\"), PARA 1 MEDIDOR - FORNECIMENTO E INSTALAÇÃO (EXCLUSIVE HIDRÔMETRO). AF_03/2024","UN",738.49,95652,null,729.55,738.49]
[null,95653,"KIT CAVALETE PARA MEDIÇÃO DE ÁGUA - ENTRADA INDIVIDUALIZADA, EM CPVC DN 35 MM (1 1/4\"), PARA 2 MEDIDORES - FORNECIMENTO E INSTALAÇÃO (EXCLUSIVE HIDRÔMETRO). AF_03/2024","UN",1310.54,95653,null,1294.69,1310.54]
[null,95654,"KIT CAVALETE PARA MEDIÇÃO DE ÁGUA - ENTRADA INDIVIDUALIZADA, EM CPVC DN 35 MM (1 1/4\"), PARA 3 MEDIDORES - FORNECIMENTO E INSTALAÇÃO (EXCLUSIVE HIDRÔMETRO). AF_03/2024","UN",1929.5,95654,null,1905.96,1929.5]
[null,95655,"KIT CAVALETE PARA MEDIÇÃO DE ÁGUA - ENTRADA INDIVIDUALIZADA, EM CPVC DN 35 MM (1 1/4\"), PARA 4 MEDIDORES - FORNECIMENTO E INSTALAÇÃO (EXCLUSIVE HIDRÔMETRO). AF_03/2024","UN",2517.11,95655,null,2486.4699999999998,2517.11]
[null,95657,"KIT CAVALETE PARA MEDIÇÃO DE ÁGUA - ENTRADA INDIVIDUALIZADA, EM PPR PN20 DN 25 MM (3/4\") PARA 1 MEDIDOR - FORNECIMENTO E INSTALAÇÃO (EXCLUSIVE HIDRÔMETRO). AF_03/2024","UN",277.98,95657,null,266.58999999999997,277.98]
[null,95658,"KIT CAVALETE PARA MEDIÇÃO DE ÁGUA - ENTRADA INDIVIDUALIZADA, EM PPR PN20 DN 25 MM (3/4\") PARA 2 MEDIDORES - FORNECIMENTO E INSTALAÇÃO (EXCLUSIVE HIDRÔMETRO). AF_03/2024","UN",505.77,95658,null,485.73,505.77]
[null,95659,"KIT CAVALETE PARA MEDIÇÃO DE ÁGUA - ENTRADA INDIVIDUALIZADA, EM PPR PN20 DN 25 MM (3/4\") PARA 3 MEDIDORES - FORNECIMENTO E INSTALAÇÃO (EXCLUSIVE HIDRÔMETRO). AF_03/2024","UN",752.6,95659,null,722.98,752.6]
[null,95660,"KIT CAVALETE PARA MEDIÇÃO DE ÁGUA - ENTRADA INDIVIDUALIZADA, EM PPR PN20 DN 25 MM (3/4\") PARA 4 MEDIDORES - FORNECIMENTO E INSTALAÇÃO (EXCLUSIVE HIDRÔMETRO). AF_03/2024","UN",986.39,95660,null,947.86,986.39]
[null,95661,"KIT CAVALETE PARA MEDIÇÃO DE ÁGUA - ENTRADA INDIVIDUALIZADA, EM PPR PN20 DN 32 MM (1\") PARA 1 MEDIDOR - FORNECIMENTO E INSTALAÇÃO (EXCLUSIVE HIDRÔMETRO). AF_03/2024","UN",344.16,95661,null,331.45,344.16]
[null,95662,"KIT CAVALETE PARA MEDIÇÃO DE ÁGUA - ENTRADA INDIVIDUALIZADA, EM PPR PN20 DN 32 MM (1\") PARA 2 MEDIDORES - FORNECIMENTO E INSTALAÇÃO (EXCLUSIVE HIDRÔMETRO). AF_03/2024","UN",636.88,95662,null,614.24,636.88]
[null,95663,"KIT CAVALETE PARA MEDIÇÃO DE ÁGUA - ENTRADA INDIVIDUALIZADA, EM PPR PN20 DN 32 MM (1\") PARA 3 MEDIDORES - FORNECIMENTO E INSTALAÇÃO (EXCLUSIVE HIDRÔMETRO). AF_03/2024","UN",952.42,95663,null,918.83,952.42]
[null,95664,"KIT CAVALETE PARA MEDIÇÃO DE ÁGUA - ENTRADA INDIVIDUALIZADA, EM PPR PN20 DN 32 MM (1\") PARA 4 MEDIDORES - FORNECIMENTO E INSTALAÇÃO (EXCLUSIVE HIDRÔMETRO). AF_03/2024","UN",1250.28,95664,null,1206.51,1250.28]
[null,95665,"KIT CAVALETE PARA MEDIÇÃO DE ÁGUA - ENTRADA INDIVIDUALIZADA, EM PPR PN25 DN 25 MM (3/4\") PARA 1 MEDIDOR - FORNECIMENTO E INSTALAÇÃO (EXCLUSIVE HIDRÔMETRO). AF_03/2024","UN",307.72000000000003,95665,null,295.52,307.72000000000003]
[null,95666,"KIT CAVALETE PARA MEDIÇÃO DE ÁGUA - ENTRADA INDIVIDUALIZADA, EM PPR PN25 DN 25 MM (3/4\") PARA 2 MEDIDORES - FORNECIMENTO E INSTALAÇÃO (EXCLUSIVE HIDRÔMETRO). AF_03/2024","UN",544.41,95666,null,523.04999999999995,544.41]
[null,95667,"KIT CAVALETE PARA MEDIÇÃO DE ÁGUA - ENTRADA INDIVIDUALIZADA, EM PPR PN25 DN 25 MM (3/4\") PARA 3 MEDIDORES - FORNECIMENTO E INSTALAÇÃO (EXCLUSIVE HIDRÔMETRO). AF_03/2024","UN",806.13,95667,null,774.56,806.13]
[null,95668,"KIT CAVALETE PARA MEDIÇÃO DE ÁGUA - ENTRADA INDIVIDUALIZADA, EM PPR PN25 DN 25 MM (3/4\") PARA 4 MEDIDORES - FORNECIMENTO E INSTALAÇÃO (EXCLUSIVE HIDRÔMETRO). AF_03/2024","UN",1052.99,95668,null,1011.95,1052.99]
[null,95669,"KIT CAVALETE PARA MEDIÇÃO DE ÁGUA - ENTRADA INDIVIDUALIZADA, EM PPR PN25 DN 32 MM (1\") PARA 1 MEDIDOR - FORNECIMENTO E INSTALAÇÃO (EXCLUSIVE HIDRÔMETRO). AF_03/2024","UN",370.46,95669,null,356.83,370.46]
[null,95670,"KIT CAVALETE PARA MEDIÇÃO DE ÁGUA - ENTRADA INDIVIDUALIZADA, EM PPR PN25 DN 32 MM (1\") PARA 2 MEDIDORES - FORNECIMENTO E INSTALAÇÃO (EXCLUSIVE HIDRÔMETRO). AF_03/2024","UN",668.77,95670,null,644.62,668.77]
[null,95671,"KIT CAVALETE PARA MEDIÇÃO DE ÁGUA - ENTRADA INDIVIDUALIZADA, EM PPR PN25 DN 32 MM (1\") PARA 3 MEDIDORES - FORNECIMENTO E INSTALAÇÃO (EXCLUSIVE HIDRÔMETRO). AF_03/2024","UN",995.4,95671,null,959.52,995.4]
[null,95672,"KIT CAVALETE PARA MEDIÇÃO DE ÁGUA - ENTRADA INDIVIDUALIZADA, EM PPR PN25 DN 32 MM (1\") PARA 4 MEDIDORES - FORNECIMENTO E INSTALAÇÃO (EXCLUSIVE HIDRÔMETRO). AF_03/2024","UN",1303.22,95672,null,1256.52,1303.22]
[null,95673,"HIDRÔMETRO DN 1/2\", 1,5 M3/H - FORNECIMENTO E INSTALAÇÃO. AF_03/2024","UN",112.35,95673,null,110.24,112.35]
[null,95674,"HIDRÔMETRO DN 1/2\", 3,0 M3/H - FORNECIMENTO E INSTALAÇÃO. AF_03/2024","UN",119.12,95674,null,117.01,119.12]
[null,95675,"HIDRÔMETRO DN 3/4\", 5,0 M3/H - FORNECIMENTO E INSTALAÇÃO. AF_03/2024","UN",146.97999999999999,95675,null,144.37,146.97999999999999]
[null,95676,"CAIXA EM CONCRETO PRÉ-MOLDADO PARA ABRIGO DE HIDRÔMETRO COM DN 20 MM - FORNECIMENTO E INSTALAÇÃO. AF_03/2024","UN",137.29,95676,null,136.01,137.29]
[null,97741,"KIT CAVALETE PARA MEDIÇÃO DE ÁGUA - ENTRADA INDIVIDUALIZADA, EM PVC 25 MM (3/4\"), PARA 1 MEDIDOR - FORNECIMENTO E INSTALAÇÃO (EXCLUSIVE HIDRÔMETRO). AF_03/2024","UN",156,97741,null,148.55000000000001,156]
[null,104992,"HIDRÔMETRO DN 2\" , 30 M³/H - FORNECIMENTO E INSTALAÇÃO. AF_03/2024","UN",1164.8800000000001,104992,null,1160.72,1164.8800000000001]
[null,104997,"HIDRÔMETRO DN 1\", 7 M³/H - FORNECIMENTO E INSTALAÇÃO. AF_03/2024","UN",382.71,104997,null,379.55,382.71]
[null,104998,"HIDRÔMETRO DN 1\", 10 M³/H - FORNECIMENTO E INSTALAÇÃO. AF_03/2024","UN",511.46,104998,null,508.3,511.46]
[null,105135,"HIDRÔMETRO DN 1 1/2\", 20 M³/H - FORNECIMENTO E INSTALAÇÃO. AF_03/2024","UN",834.77,105135,null,831.1,834.77]
[null,90436,"FURO MANUAL EM ALVENARIA, PARA INSTALAÇÕES HIDRÁULICAS, DIÂMETROS MENORES OU IGUAIS A 40 MM. AF_09/2023","UN",13.73,90436,null,12.26,13.73]
[null,90437,"FURO MANUAL EM ALVENARIA, PARA INSTALAÇÕES HIDRÁULICAS, DIÂMETROS MAIORES QUE 40 MM E MENORES OU IGUAIS A 75 MM. AF_09/2023","UN",36.6,90437,null,32.700000000000003,36.6]
[null,90438,"FURO MANUAL EM ALVENARIA, PARA INSTALAÇÕES HIDRÁULICAS, DIÂMETROS MAIORES QUE 75 MM E MENORES OU IGUAIS A 100 MM. AF_09/2023","UN",53.45,90438,null,47.75,53.45]
[null,90439,"FURO MECANIZADO EM CONCRETO, COM MARTELO DEMOLIDOR, PARA INSTALAÇÕES HIDRÁULICAS, DIÂMETROS MENORES OU IGUAIS A 40 MM. AF_09/2023","UN",7.87,90439,null,7.13,7.87]
[null,90440,"FURO MECANIZADO EM CONCRETO, COM MARTELO DEMOLIDOR, PARA INSTALAÇÕES HIDRÁULICAS, DIÂMETROS MAIORES QUE 40 MM E MENORES OU IGUAIS A 75 MM. AF_09/2023","UN",21.01,90440,null,19.010000000000002,21.01]
[null,90441,"FURO MECANIZADO EM CONCRETO, COM MARTELO DEMOLIDOR, PARA INSTALAÇÕES HIDRÁULICAS, DIÂMETROS MAIORES QUE 75 MM E MENORES OU IGUAIS A 150 MM. AF_09/2023","UN",30.69,90441,null,27.77,30.69]
[null,90443,"RASGO LINEAR MANUAL EM ALVENARIA, PARA RAMAIS/ DISTRIBUIÇÃO DE INSTALAÇÕES HIDRÁULICAS, DIÂMETROS MENORES OU IGUAIS A 40 MM. AF_09/2023","M",7.37,90443,null,6.59,7.37]
[null,90444,"RASGO LINEAR MECANIZADO EM CONTRAPISO, PARA RAMAIS/ DISTRIBUIÇÃO DE INSTALAÇÕES HIDRÁULICAS, DIÂMETROS MENORES OU IGUAIS A 40 MM. AF_09/2023_PS","M",{"$f":"IF($K$2=$H$1,H5571,I5571)","v":10.54},{"$f":"IF(LEN($B5571)=7,CONCATENATE(MID($B5571,1,6),\"00\",RIGHT($B5571,1)),IF(LEN($B5571)=8,CONCATENATE(MID($B5571,1,6),\"0\",RIGHT($B5571,2)),$B5571))","v":90444},null,9.5,10.54]
[null,90445,"RASGO LINEAR MECANIZADO EM CONTRAPISO, PARA RAMAIS/ DISTRIBUIÇÃO DE INSTALAÇÕES HIDRÁULICAS, DIÂMETROS MAIORES QUE 40 MM E MENORES OU IGUAIS A 75 MM. AF_09/2023_PS","M",13.99,90445,null,12.62,13.99]
[null,90446,"RASGO LINEAR MECANIZADO EM CONTRAPISO, PARA RAMAIS/ DISTRIBUIÇÃO DE INSTALAÇÕES HIDRÁULICAS, DIÂMETROS MAIORES QUE 75 MM E MENORES OU IGUAIS A 100 MM. AF_09/2023_PS","M",18.579999999999998,90446,null,16.75,18.579999999999998]
[null,90447,"RASGO LINEAR MANUAL EM ALVENARIA, PARA ELETRODUTOS, DIÂMETROS MENORES OU IGUAIS A 40 MM. AF_09/2023","M",7.7,90447,null,6.9,7.7]
[null,90451,"PASSANTE TIPO PEÇA EM POLIESTIRENO (ISOPOR), FIXADO EM LAJE, PARA ABERTURA PARA PASSAGEM DE 1 TUBO DE ATÉ 50 MM DE DIÂMETRO. AF_09/2023","UN",6.04,90451,null,5.62,6.04]
[null,90452,"PASSANTE TIPO PEÇA EM POLIESTIRENO (ISOPOR), FIXADO EM LAJE, PARA PASSAGEM DE NO MÁXIMO 5 TUBOS DE 50 MM DE DIÂMETRO. AF_09/2023","UN",22.58,90452,null,21.86,22.58]
[null,90453,"PASSANTE TIPO TUBO COM DIÂMETRO DE 40 MM, FIXADO EM LAJE, PARA PASSAGEM DE TUBULAÇÕES COM NO MÁXIMO 32 MM DE DIÂMETRO. AF_09/2023","UN",3.82,90453,null,3.6,3.82]
[null,90454,"PASSANTE TIPO TUBO COM DIÂMETRO DE 75 MM, FIXADO EM LAJE, PARA PASSAGEM DE TUBULAÇÕES COM NO MÁXIMO 50 MM DE DIÂMETRO. AF_09/2023","UN",6.1,90454,null,5.76,6.1]
[null,90455,"PASSANTE TIPO TUBO COM DIÂMETRO DE 100 MM, FIXADO EM LAJE, PARA PASSAGEM DE TUBULAÇÕES COM NO MÁXIMO 75 MM DE DIÂMETRO. AF_09/2023","UN",7.74,90455,null,7.23,7.74]
[null,90456,"QUEBRA EM ALVENARIA PARA INSTALAÇÃO DE CAIXA DE TOMADA (4X4 OU 4X2). AF_09/2023","UN",5.1100000000000003,90456,null,4.57,5.1100000000000003]
[null,90457,"QUEBRA EM ALVENARIA PARA INSTALAÇÃO DE QUADRO DISTRIBUIÇÃO PEQUENO (19X25 CM). AF_09/2023","UN",11.66,90457,null,10.44,11.66]
[null,90458,"QUEBRA EM ALVENARIA PARA INSTALAÇÃO DE QUADRO DISTRIBUIÇÃO GRANDE (76X40 CM). AF_09/2023","UN",33.25,90458,null,29.79,33.25]
[null,90459,"QUEBRA EM ALVENARIA PARA INSTALAÇÃO DE ABRIGO PARA MANGUEIRAS (90X60 CM). AF_09/2023","UN",45.02,90459,null,40.229999999999997,45.02]
[null,90460,"SUPORTE PARA 2 TUBOS HORIZONTAIS, ESPAÇADO A CADA 56 CM, EM PERFILADO COM COMPRIMENTO DE 25 CM FIXADO EM LAJE, POR METRO DE TUBULAÇÃO FIXADA. AF_09/2023","M",24.27,90460,null,23.42,24.27]
[null,90461,"SUPORTE PARA 4 TUBOS HORIZONTAIS, ESPAÇADO A CADA 56 CM, EM PERFILADO COM COMPRIMENTO DE 42 CM FIXADO EM LAJE, POR METRO DE TUBULAÇÃO FIXADA. AF_09/2023","M",17.91,90461,null,16.940000000000001,17.91]
[null,90462,"SUPORTE PARA 2 TUBOS VERTICAIS, ESPAÇADO A CADA 150 CM, EM PERFILADO COM COMPRIMENTO DE 25 CM FIXADO EM PAREDE, POR METRO DE TUBULAÇÃO FIXADA. AF_09/2023","M",4.33,90462,null,4.18,4.33]
[null,90463,"SUPORTE PARA 4 TUBOS VERTICAIS, ESPAÇADO A CADA 150 CM, EM PERFILADO COM COMPRIMENTO DE 42 CM FIXADO EM PAREDE, POR METRO DE TUBULAÇÃO FIXADA. AF_09/2023","M",3.62,90463,null,3.45,3.62]
[null,90466,"CHUMBAMENTO LINEAR EM ALVENARIA PARA RAMAIS/DISTRIBUIÇÃO DE INSTALAÇÕES HIDRÁULICAS COM DIÂMETROS MENORES OU IGUAIS A 40 MM. AF_09/2023","M",14.96,90466,null,13.69,14.96]
[null,90467,"CHUMBAMENTO LINEAR EM ALVENARIA PARA RAMAIS/DISTRIBUIÇÃO DE INSTALAÇÕES HIDRÁULICAS COM DIÂMETROS MAIORES QUE 40 MM E MENORES OU IGUAIS A 75 MM. AF_09/2023","M",22.53,90467,null,20.64,22.53]
[null,90468,"CHUMBAMENTO LINEAR EM CONTRAPISO PARA RAMAIS/DISTRIBUIÇÃO DE INSTALAÇÕES HIDRÁULICAS COM DIÂMETROS MENORES OU IGUAIS A 40 MM. AF_09/2023","M",7.77,90468,null,7.27,7.77]
[null,90469,"CHUMBAMENTO LINEAR EM CONTRAPISO PARA RAMAIS/DISTRIBUIÇÃO DE INSTALAÇÕES HIDRÁULICAS COM DIÂMETROS MAIORES QUE 40 MM E MENORES OU IGUAIS A 75 MM. AF_09/2023","M",11.82,90469,null,11.07,11.82]
[null,90470,"CHUMBAMENTO LINEAR EM CONTRAPISO PARA RAMAIS/DISTRIBUIÇÃO DE INSTALAÇÕES HIDRÁULICAS COM DIÂMETROS MAIORES QUE 75 MM E MENORES OU IGUAIS A 100 MM. AF_09/2023","M",15.82,90470,null,14.87,15.82]
[null,91166,"FIXAÇÃO DE TUBOS HORIZONTAIS DE PEX OU MULTICAMADAS, DIÂMETROS IGUAIS OU INFERIORES A 40 MM, COM ABRAÇADEIRA PLÁSTICA FIXADA EM LAJE. AF_09/2023_PE","M",4.72,91166,null,4.54,4.72]
[null,91167,"FIXAÇÃO DE TUBOS HORIZONTAIS DE PPR DIÂMETROS MENORES OU IGUAIS A 40 MM COM ABRAÇADEIRA METÁLICA RÍGIDA TIPO U PERFIL 1 1/4\", FIXADA EM PERFILADO EM LAJE. AF_09/2023_PS","M",10.07,91167,null,9.3800000000000008,10.07]
[null,91170,"FIXAÇÃO DE TUBOS HORIZONTAIS DE PVC ÁGUA, PVC ESGOTO, PVC ÁGUA PLUVIAL, CPVC, PPR, COBRE OU AÇO, DIÂMETROS MENORES OU IGUAIS A 40 MM, COM ABRAÇADEIRA METÁLICA RÍGIDA TIPO U PERFIL 1 1/4\", FIXADA EM PERFILADO EM LAJE. AF_09/2023_PS","M",10.07,91170,null,9.3800000000000008,10.07]
[null,91171,"FIXAÇÃO DE TUBOS HORIZONTAIS DE PVC ÁGUA, PVC ESGOTO, PVC ÁGUA PLUVIAL, CPVC, PPR, COBRE OU AÇO, DIÂMETROS MAIORES QUE 40 MM E MENORES OU IGUAIS A 75 MM, COM ABRAÇADEIRA METÁLICA RÍGIDA TIPO U PERFIL 2 1/2\", FIXADA EM PERFILADO EM LAJE. AF_09/2023_PS","M",16.559999999999999,91171,null,15.55,16.559999999999999]
[null,91172,"FIXAÇÃO DE TUBOS HORIZONTAIS DE PVC ÁGUA, PVC ESGOTO, PVC ÁGUA PLUVIAL, CPVC, PPR, COBRE OU AÇO, DIÂMETROS MAIORES QUE 75 MM E MENORES OU IGUAIS A 100 MM, COM ABRAÇADEIRA METÁLICA RÍGIDA TIPO U PERFIL 4\", FIXADA EM PERFILADO EM LAJE. AF_09/2023_PS","M",19.12,91172,null,17.97,19.12]
[null,91173,"FIXAÇÃO DE TUBOS VERTICAIS DE PVC ÁGUA, PVC ESGOTO, PVC ÁGUA PLUVIAL, CPVC, PPR, COBRE OU AÇO, DIÂMETROS MENORES OU IGUAIS A 40 MM, COM ABRAÇADEIRA METÁLICA RÍGIDA TIPO U PERFIL 1 1/4\", FIXADA EM PERFILADO EM PAREDE. AF_09/2023_PS","M",3.75,91173,null,3.49,3.75]
[null,91174,"FIXAÇÃO DE TUBOS VERTICAIS DE PVC ÁGUA, PVC ESGOTO, PVC ÁGUA PLUVIAL, CPVC, PPR, COBRE OU AÇO, DIÂMETROS MAIORES QUE 40 MM E MENORES OU IGUAIS A 75 MM, COM ABRAÇADEIRA METÁLICA RÍGIDA TIPO U PERFIL 2 1/2\", FIXADA EM PERFILADO EM PAREDE. AF_09/2023_PS","M",6.61,91174,null,6.21,6.61]
[null,91175,"FIXAÇÃO DE TUBOS VERTICAIS DE PVC ÁGUA, PVC ESGOTO, PVC ÁGUA PLUVIAL, CPVC, PPR, COBRE OU AÇO, DIÂMETROS MAIORES QUE 75 MM E MENORES OU IGUAIS A 100 MM, COM ABRAÇADEIRA METÁLICA RÍGIDA TIPO U PERFIL 4\", FIXADA EM PERFILADO EM PAREDE. AF_09/2023_PS","M",10.32,91175,null,9.6999999999999993,10.32]
[null,91176,"FIXAÇÃO DE TUBOS HORIZONTAIS DE PPR DIÂMETROS MENORES OU IGUAIS A 40 MM, COM ABRAÇADEIRA METÁLICA RÍGIDA TIPO  D  COM PARAFUSO DE FIXAÇÃO 1 1/4\", FIXADA DIRETAMENTE NA LAJE OU PAREDE. AF_09/2023","M",16.91,91176,null,16,16.91]
[null,91179,"FIXAÇÃO DE TUBOS HORIZONTAIS DE PVC ÁGUA/PVC ESGOTO/PVC PLUVIAL/CPVC/PPR/COBRE OU AÇO, DIÂMETROS MENORES OU IGUAIS A 40 MM, COM ABRAÇADEIRA METÁLICA RÍGIDA TIPO  D  COM PARAFUSO DE FIXAÇÃO 1 1/4\", FIXADA DIRETAMENTE NA LAJE OU PAREDE. AF_09/2023","M",16.91,91179,null,16,16.91]
[null,91180,"FIXAÇÃO DE TUBOS HORIZONTAIS DE PVC ÁGUA/PVC ESGOTO/PVC PLUVIAL/CPVC/PPR/COBRE OU AÇO, DIÂMETROS MAIORES QUE 40 MM E MENORES OU IGUAIS A 75 MM, COM ABRAÇADEIRA TIPO  D  COM PARAFUSO DE FIXAÇÃO 2 1/2\", FIXADA DIRETAMENTE NA LAJE OU PAREDE. AF_09/2023","M",22.63,91180,null,21.41,22.63]
[null,91181,"FIXAÇÃO DE TUBOS HORIZONTAIS DE  PVC ÁGUA/PVC ESGOTO/PVC PLUVIAL/CPVC/PPR/COBRE OU AÇO, DIÂMETROS MAIORES QUE 75 MM E MENORES OU IGUAIS A 100 MM, COM ABRAÇADEIRA TIPO  D  COM PARAFUSO DE FIXAÇÃO 4\", FIXADA DIRETAMENTE NA LAJE OU PAREDE. AF_09/2023","M",23.78,91181,null,22.47,23.78]
[null,91182,"FIXAÇÃO DE TUBOS HORIZONTAIS DE PPR, DIÂMETROS MENORES OU IGUAIS A 40 MM, COM ABRAÇADEIRA METÁLICA FLEXÍVEL 18 MM, FIXADA DIRETAMENTE NA LAJE. AF_09/2023","M",23.13,91182,null,21.02,23.13]
[null,91185,"FIXAÇÃO DE TUBOS HORIZONTAIS DE PVC ÁGUA, PVC ESGOTO, PVC ÁGUA PLUVIAL, CPVC, PPR, COBRE OU AÇO, DIÂMETROS MENORES OU IGUAIS A 40 MM, COM ABRAÇADEIRA METÁLICA FLEXÍVEL 18 MM, FIXADA DIRETAMENTE NA LAJE. AF_09/2023","M",23.13,91185,null,21.02,23.13]
[null,91186,"FIXAÇÃO DE TUBOS HORIZONTAIS DE PVC ÁGUA, PVC ESGOTO, PVC ÁGUA PLUVIAL, CPVC, PPR, COBRE OU AÇO, DIÂMETROS MAIORES QUE 40 MM E MENORES OU IGUAIS A 75 MM, COM ABRAÇADEIRA METÁLICA FLEXÍVEL 18 MM, FIXADA DIRETAMENTE NA LAJE. AF_09/2023","M",25.47,91186,null,23.12,25.47]
[null,91187,"FIXAÇÃO DE TUBOS HORIZONTAIS DE PVC ÁGUA, PVC ESGOTO, PVC ÁGUA PLUVIAL, CPVC, PPR, COBRE OU AÇO, DIÂMETROS MAIORES QUE 75 MM E MENORES OU IGUAIS A 100 MM, COM ABRAÇADEIRA METÁLICA FLEXÍVEL 18 MM, FIXADA DIRETAMENTE NA LAJE. AF_09/2023","M",22.85,91187,null,20.71,22.85]
[null,91188,"CHUMBAMENTO PONTUAL DE ABERTURA EM LAJE COM PASSAGEM DE 1 TUBO COM DIÂMETRO DE  50 MM. AF_09/2023","UN",13.22,91188,null,12.27,13.22]
[null,91189,"CHUMBAMENTO PONTUAL DE ABERTURA EM LAJE COM PASSAGEM DE 5 TUBOS COM  DIÂMETROS DE  50 MM. AF_09/2023","UN",77.11,91189,null,73.069999999999993,77.11]
[null,91190,"CHUMBAMENTO PONTUAL EM PASSAGEM DE TUBO COM DIÂMETRO MENOR OU IGUAL A 40 MM. AF_09/2023","UN",10.66,91190,null,9.91,10.66]
[null,91191,"CHUMBAMENTO PONTUAL EM PASSAGEM DE TUBO COM DIÂMETROS ENTRE 40 MM E 75 MM. AF_09/2023","UN",15.23,91191,null,14.35,15.23]
[null,91192,"CHUMBAMENTO PONTUAL EM PASSAGEM DE TUBO COM DIÂMETRO MAIOR QUE 75 MM E MENORES OU IGUAIS A 150 MM. AF_09/2023","UN",23.42,91192,null,22.3,23.42]
[null,91222,"RASGO LINEAR MANUAL EM ALVENARIA, PARA RAMAIS/ DISTRIBUIÇÃO DE INSTALAÇÕES HIDRÁULICAS, DIÂMETROS MAIORES QUE 40 MM E MENORES OU IGUAIS A 75 MM. AF_09/2023","M",8.19,91222,null,7.31,8.19]
[null,94480,"CONJUNTO HIDRÁULICO EM AÇO ROSCÁVEL PARA INSTALAÇÃO DE BOMBA, DN SUCÇÃO 65 MM (2½\") E DN RECALQUE 50 MM (2\"), PARA EDIFICAÇÃO COM 18 PAVIMENTOS - FORNECIMENTO E INSTALAÇÃO. AF_04/2024","UN",2440.94,94480,null,2390.34,2440.94]
[null,94481,"CONJUNTO HIDRÁULICO EM AÇO ROSCÁVEL PARA INSTALAÇÃO DE BOMBA, DN SUCÇÃO 50 MM (2\") E DN RECALQUE 40 MM (1 1/2\"), PARA EDIFICAÇÃO COM 12 PAVIMENTOS - FORNECIMENTO E INSTALAÇÃO. AF_04/2024","UN",1723.02,94481,null,1675.81,1723.02]
[null,94482,"CONJUNTO HIDRÁULICO EM AÇO ROSCÁVEL PARA INSTALAÇÃO DE BOMBA, DN SUCÇÃO 40 MM (1 1/2\") E DN RECALQUE 32 MM (1 1/4\"), PARA EDIFICAÇÃO COM 8 PAVIMENTOS - FORNECIMENTO E INSTALAÇÃO. AF_04/2024","UN",1353.02,94482,null,1308.24,1353.02]
[null,94483,"CONJUNTO HIDRÁULICO EM AÇO ROSCÁVEL PARA INSTALAÇÃO DE BOMBA, DN SUCÇÃO 32 MM (1 1/4\") E DN RECALQUE 25 MM (1\"), PARA EDIFICAÇÃO COM 4 PAVIMENTOS - FORNECIMENTO E INSTALAÇÃO. AF_04/2024","UN",1134.58,94483,null,1091.8,1134.58]
[null,95541,"FIXAÇÃO DE DUTOS FLEXÍVEIS CIRCULARES,  DIÂMETRO 109 MM OU 4\", COM ABRAÇADEIRA METÁLICA FLEXÍVEL FIXADA DIRETAMENTE NA LAJE, SOMENTE MÃO DE OBRA. AF_09/2023","UN",22.52,95541,null,20.149999999999999,22.52]
[null,96559,"SUPORTE PARA DUTO EM CHAPA GALVANIZADA BITOLA 26, EM PERFILADO COM COMPRIMENTO DE 35 CM FIXADO EM LAJE, POR METRO DE DUTO FIXADO. AF_09/2023","M2",34.01,96559,null,32.89,34.01]
[null,96560,"SUPORTE PARA DUTO EM CHAPA GALVANIZADA BITOLA 24, EM PERFILADO COM COMPRIMENTO DE 55 CM FIXADO EM LAJE, POR METRO DE DUTO FIXADO. AF_09/2023","M2",31.8,96560,null,30.19,31.8]
[null,96562,"SUPORTE PARA ELETROCALHA LISA OU PERFURADA EM AÇO GALVANIZADO, LARGURA 400 MM, EM PERFILADO COM COMPRIMENTO DE 45 CM FIXADO EM LAJE, POR METRO DE ELETROCALHA FIXADA. AF_09/2023","M",48.72,96562,null,46.24,48.72]
[null,96563,"SUPORTE PARA ELETROCALHA LISA OU PERFURADA EM AÇO GALVANIZADO, LARGURA 800 MM, EM PERFILADO COM COMPRIMENTO DE 85 CM FIXADO EM LAJE, POR METRO DE ELETROCALHA FIXADA. AF_09/2023","M",54.64,96563,null,52.16,54.64]
[null,100128,"TIL (TUBO DE INSPEÇÃO E LIMPEZA) RADIAL PARA ESGOTO, EM PVC, DN 300X200 MM. AF_12/2020","UN",1572.83,100128,null,1569.85,1572.83]
[null,101802,"CAIXA ENTERRADA RETENTORA DE AREIA RETANGULAR, EM ALVENARIA COM BLOCOS DE CONCRETO, DIMENSÕES INTERNAS: 1,00 X 1,00 X 1,20 M, EXCLUINDO TAMPÃO. AF_12/2020","UN",1800.96,101802,null,1729.43,1800.96]
[null,101803,"CAIXA ENTERRADA SEPARADORA DE ÓLEO RETANGULAR, EM ALVENARIA COM BLOCOS DE CONCRETO, DIMENSÕES INTERNAS: 0,6 X 0,6 X 1,00 M, EXCLUINDO TAMPÃO. AF_12/2020","UN",1133.76,101803,null,1083.83,1133.76]
[null,101804,"CAIXA ENTERRADA SEPARADORA DE ÓLEO RETANGULAR, EM ALVENARIA COM BLOCOS DE CONCRETO, DIMENSÕES INTERNAS: 0,8 X 0,8 X 1,00 M, EXCLUINDO TAMPÃO. AF_12/2020","UN",1435.51,101804,null,1376.75,1435.51]
[null,101805,"CAIXA ENTERRADA SEPARADORA DE ÓLEO RETANGULAR, EM ALVENARIA COM BLOCOS DE CONCRETO, DIMENSÕES INTERNAS: 1,00 X 1,00 X 1,00 M, EXCLUINDO TAMPÃO. AF_12/2020","UN",1828.77,101805,null,1753.89,1828.77]
[null,102111,"BOMBA CENTRÍFUGA, MONOFÁSICA, 0,5 CV OU 0,49 HP, HM 6 A 20 M, Q 1,2 A 8,3 M3/H - FORNECIMENTO E INSTALAÇÃO. AF_12/2020","UN",967.79,102111,null,954.67,967.79]
[null,102112,"BOMBA CENTRÍFUGA, MONOFÁSICA, 0,5 CV OU 0,49 HP, HM 6 A 20 M, Q 1,2 A 8,3 M3/H (NÃO INCLUI O FORNECIMENTO DA BOMBA). AF_12/2020","UN",133.22999999999999,102112,null,120.11,133.22999999999999]
[null,102113,"BOMBA CENTRÍFUGA, TRIFÁSICA, 1 CV OU 0,99 HP, HM 14 A 40 M, Q 0,6 A 8,4 M3/H - FORNECIMENTO E INSTALAÇÃO. AF_12/2020","UN",1543.37,102113,null,1529.91,1543.37]
[null,102114,"BOMBA CENTRÍFUGA, TRIFÁSICA, 1 CV OU 0,99 HP, HM 14 A 40 M, Q 0,6 A 8,4 M3/H (NÃO INCLUI O FORNECIMENTO DA BOMBA). AF_12/2020","UN",136.58000000000001,102114,null,123.12,136.58000000000001]
[null,102115,"BOMBA CENTRÍFUGA, TRIFÁSICA, 1,5 CV OU 1,48 HP, HM 10 A 70 M, Q 1,8 A 5,3 M3/H - FORNECIMENTO E INSTALAÇÃO. AF_12/2020","UN",2693.76,102115,null,2674.56,2693.76]
[null,102116,"BOMBA CENTRÍFUGA, TRIFÁSICA, 1,5 CV OU 1,48 HP, HM 10 A 24 M, Q 6,1 A 21,9 M3/H - FORNECIMENTO E INSTALAÇÃO. AF_12/2020","UN",1648.72,102116,null,1634.82,1648.72]
[null,102117,"BOMBA CENTRÍFUGA, TRIFÁSICA, 1,5 CV OU 1,48 HP (NÃO INCLUI O FORNECIMENTO DA BOMBA). AF_12/2020","UN",{"$f":"IF($K$2=$H$1,H5635,I5635)","v":140.65},{"$f":"IF(LEN($B5635)=7,CONCATENATE(MID($B5635,1,6),\"00\",RIGHT($B5635,1)),IF(LEN($B5635)=8,CONCATENATE(MID($B5635,1,6),\"0\",RIGHT($B5635,2)),$B5635))","v":102117},null,126.75,140.65]
[null,102118,"BOMBA CENTRÍFUGA, TRIFÁSICA, 3 CV OU 2,96 HP, HM 34 A 40 M, Q 8,6 A 14,8 M3/H - FORNECIMENTO E INSTALAÇÃO. AF_12/2020","UN",2248.39,102118,null,2234.13,2248.39]
[null,102119,"BOMBA CENTRÍFUGA, TRIFÁSICA, 3 CV OU 2,96 HP, HM 34 A 40 M, Q 8,6 A 14,8 M3/H (NÃO INCLUI O FORNECIMENTO DA BOMBA). AF_12/2020","UN",144.15,102119,null,129.88999999999999,144.15]
[null,102121,"MOTO BOMBA HORIZONTAL ATÉ 10 CV, HM 75 A 80 M, Q 25,4 A 48 (NÃO INCLUI O FORNECIMENTO DA BOMBA). AF_12/2020","UN",180.74,102121,null,162.63,180.74]
[null,102122,"BOMBA CENTRÍFUGA, TRIFÁSICA, 10 CV OU 9,86 HP, HM 85 A 140 M, Q 4,2 A 14,9 M3/H - FORNECIMENTO E INSTALAÇÃO. AF_12/2020","UN",7612.5,102122,null,7593.3,7612.5]
[null,102123,"BOMBA CENTRÍFUGA, TRIFÁSICA, 10 CV OU 9,86 HP, HM 85 A 140 M, Q 4,2 A 14,9 M3/H (NÃO INCLUI O FORNECIMENTO DA BOMBA). AF_12/2020","UN",191.16,102123,null,171.96,191.16]
[null,102136,"INSTALAÇÃO DE QUADRO ELÉTRICO PARA BOMBAS TRIFÁSICAS ATÉ 25 CV (NÃO INCLUI O FORNECIMENTO DO QUADRO). AF_12/2020","UN",68.83,102136,null,61.84,68.83]
[null,102137,"CHAVE DE BOIA AUTOMÁTICA SUPERIOR/INFERIOR 15A/250V - FORNECIMENTO E INSTALAÇÃO. AF_12/2020","UN",80.86,102137,null,77.709999999999994,80.86]
[null,102138,"MOTO BOMBA HORIZONTAL DE 12,5 A 25 CV, HM 140 M (NÃO INCLUI O FORNECIMENTO DA BOMBA). AF_12/2020","UN",208.13,102138,null,187.15,208.13]
[null,103517,"AQUECEDOR SOLAR COMPACTO, KIT PARA 1 COLETOR SOLAR EM VIDRO TEMPERADO E SERPENTINA EM TUBO DE COBRE COM SUPORTE, RESERVATÓRIO, FIXAÇÕES E TUBOS - FORNECIMENTO E INSTALAÇÃO. AF_12/2021","UN",3584.91,103517,null,3573.89,3584.91]
[null,103519,"BLOCO CONCRETADO NO LOCAL, 20X20X15CM, PARA BASE DE FIXAÇÃO DA ESTRUTURA SOLAR PARA LAJE DE CONCRETO - FORNECIMENTO E INSTALAÇÃO. AF_12/2021","UN",12.66,103519,null,12.2,12.66]
[null,103520,"RESERVATÓRIO TÉRMICO/BOILER SOLAR EM AÇO INOX 400 L COM 2 PLACAS COLETORAS EM VIDRO TEMPERADO COM SERPENTINA EM TUBO DE COBRE 2 X 1 M - FORNECIMENTO E INSTALAÇÃO. AF_12/2021","UN",5927.91,103520,null,5924.88,5927.91]
[null,103521,"RESERVATÓRIO TÉRMICO/BOILER SOLAR EM AÇO INOX 600 L COM 3 PLACAS COLETORAS EM VIDRO TEMPERADO COM SERPENTINA EM TUBO DE COBRE 2 X 1 M - FORNECIMENTO E INSTALAÇÃO. AF_12/2021","UN",7870.67,103521,null,7866.32,7870.67]
[null,103522,"RESERVATÓRIO TÉRMICO/BOILER SOLAR EM AÇO INOX 800 L COM 4 PLACAS COLETORAS EM VIDRO TEMPERADO COM SERPENTINA EM TUBO DE COBRE 2 X 1 M - FORNECIMENTO E INSTALAÇÃO. AF_12/2021","UN",7932.48,103522,null,7913.23,7932.48]
[null,103523,"RESERVATÓRIO TÉRMICO/BOILER SOLAR EM AÇO INOX 1000 L COM 5 PLACAS COLETORAS EM VIDRO TEMPERADO COM SERPENTINA EM TUBO DE COBRE 2 X 1 M - FORNECIMENTO E INSTALAÇÃO. AF_12/2021","UN",11939.27,103523,null,11919.17,11939.27]
[null,104767,"FURO MECANIZADO EM ALVENARIA, PARA INSTALAÇÕES HIDRÁULICAS, DIÂMETROS MENORES OU IGUAIS A 40 MM. AF_09/2023","UN",0.56999999999999995,104767,null,0.51,0.56999999999999995]
[null,104769,"FURO MECANIZADO EM ALVENARIA, PARA INSTALAÇÕES HIDRÁULICAS, DIÂMETROS MAIORES QUE 40 MM E MENORES OU IGUAIS A 75 MM. AF_09/2023","UN",1.55,104769,null,1.38,1.55]
[null,104771,"FURO MECANIZADO EM ALVENARIA, PARA INSTALAÇÕES HIDRÁULICAS, DIÂMETROS MAIORES QUE 75 MM E MENORES OU IGUAIS A 100 MM. AF_09/2023","UN",2.2599999999999998,104771,null,2.02,2.2599999999999998]
[null,104773,"FURO MECANIZADO EM CONCRETO, COM PERFURATRIZ, PARA INSTALAÇÕES HIDRÁULICAS, DIÂMETROS MENORES OU IGUAIS A 40 MM. AF_09/2023","UN",2.08,104773,null,1.9,2.08]
[null,104775,"FURO MECANIZADO EM CONCRETO, COM PERFURATRIZ, PARA INSTALAÇÕES HIDRÁULICAS, DIÂMETROS MAIORES QUE 40 MM E MENORES OU IGUAIS A 75 MM. AF_09/2023","UN",5.58,104775,null,5.0599999999999996,5.58]
[null,104777,"FURO MECANIZADO EM CONCRETO, COM PERFURATRIZ, PARA INSTALAÇÕES HIDRÁULICAS, DIÂMETROS MAIORES QUE 75 MM E MENORES OU IGUAIS A 150 MM. AF_09/2023","UN",8.15,104777,null,7.41,8.15]
[null,104779,"RASGO LINEAR MECANIZADO EM ALVENARIA, PARA RAMAIS/ DISTRIBUIÇÃO DE INSTALAÇÕES HIDRÁULICAS, DIÂMETROS MENORES OU IGUAIS A 40 MM. AF_09/2023","M",4.74,104779,null,4.26,4.74]
[null,104781,"RASGO LINEAR MECANIZADO EM ALVENARIA, PARA RAMAIS/ DISTRIBUIÇÃO DE INSTALAÇÕES HIDRÁULICAS, DIÂMETROS MAIORES QUE 40 MM E MENORES OU IGUAIS A 75 MM. AF_09/2023","M",5.48,104781,null,4.92,5.48]
[null,104782,"PASSANTE TIPO PEÇA EM FÔRMA DE MADEIRA, FIXADO EM LAJE, PARA PASSAGEM DE NO MÁXIMO 5 TUBOS DE 50 MM DE DIÂMETRO. AF_09/2023","UN",87.75,104782,null,87.06,87.75]
[null,104783,"PASSANTE TIPO TUBO COM DIÂMETRO DE 50 MM, FIXADO EM LAJE, PARA PASSAGEM DE TUBULAÇÕES COM NO MÁXIMO 40 MM DE DIÂMETRO. AF_09/2023","UN",4.8499999999999996,104783,null,4.57,4.8499999999999996]
[null,104784,"PASSANTE TIPO TUBO COM DIÂMETRO DE 150 MM, FIXADO EM LAJE, PARA PASSAGEM DE TUBULAÇÕES COM NO MÁXIMO 100 MM DE DIÂMETRO. AF_09/2023","UN",13.27,104784,null,12.55,13.27]
[null,104786,"RASGO LINEAR MECANIZADO EM CONCRETO, PARA RAMAIS/ DISTRIBUIÇÃO DE INSTALAÇÕES HIDRÁULICAS, DIÂMETROS MENORES OU IGUAIS A 40 MM. AF_09/2023","M",5.24,104786,null,4.74,5.24]
[null,104787,"RASGO LINEAR MECANIZADO EM CONCRETO, PARA RAMAIS/ DISTRIBUIÇÃO DE INSTALAÇÕES HIDRÁULICAS, DIÂMETROS MAIORES QUE 40 MM E MENORES OU IGUAIS A 75 MM. AF_09/2023","M",6.95,104787,null,6.28,6.95]
[null,104788,"RASGO LINEAR MECANIZADO EM CONCRETO, PARA RAMAIS/ DISTRIBUIÇÃO DE INSTALAÇÕES HIDRÁULICAS, DIÂMETROS MAIORES QUE 75 MM E MENORES OU IGUAIS A 100 MM. AF_09/2023","M",9.24,104788,null,8.35,9.24]
[null,104031,"COLAR DE TOMADA, PVC, COM TRAVAS, DE 60 MM X 1/2\" OU 60 MM X 3/4\", PARA LIGAÇÃO PREDIAL DE ÁGUA. AF_06/2022","UN",14.99,104031,null,14.4,14.99]
[null,104032,"COLAR DE TOMADA, PVC, COM TRAVAS, DE 75 MM X 1/2\" OU 75 MM X 3/4\", PARA LIGAÇÃO PREDIAL DE ÁGUA. AF_06/2022","UN",19.27,104032,null,18.66,19.27]
[null,104033,"COLAR DE TOMADA, PVC, COM TRAVAS, DE 85 MM X 1/2\" OU 85 MM X 3/4\", PARA LIGAÇÃO PREDIAL DE ÁGUA. AF_06/2022","UN",17.399999999999999,104033,null,16.77,17.399999999999999]
[null,104034,"COLAR DE TOMADA, PVC, COM TRAVAS, DE 110 MM X 1/2\" OU 110 MM X 3/4\", PARA LIGAÇÃO PREDIAL DE ÁGUA. AF_06/2022","UN",23.19,104034,null,22.56,23.19]
[null,104035,"COLAR DE TOMADA, POLIPROPILENO, COM PARAFUSOS, 63 MM X 1/2\", PARA LIGAÇÃO PREDIAL DE ÁGUA. AF_06/2022","UN",30.62,104035,null,29.29,30.62]
[null,104036,"COLAR DE TOMADA, POLIPROPILENO, COM PARAFUSOS, 63 MM X 3/4\", PARA LIGAÇÃO PREDIAL DE ÁGUA. AF_06/2022","UN",31.58,104036,null,30.2,31.58]
[null,104039,"TÊ DE SERVIÇO INTEGRADO, POLIPROPILENO, PARA TUBOS EM PEAD, 63 MM X 20 MM, PARA LIGAÇÃO PREDIAL DE ÁGUA. AF_06/2022","UN",65.12,104039,null,63.79,65.12]
[null,104043,"ADAPTADOR, POLIPROPILENO, PARA TUBOS EM PEAD, 20 MM X 1/2\", PARA LIGAÇÃO PREDIAL DE ÁGUA. AF_06/2022","UN",6.97,104043,null,6.71,6.97]
[null,104044,"ADAPTADOR, POLIPROPILENO, PARA TUBOS EM PEAD, 20 MM X 3/4\", PARA LIGAÇÃO PREDIAL DE ÁGUA. AF_06/2022","UN",7.25,104044,null,6.94,7.25]
[null,104045,"ADAPTADOR, POLIPROPILENO, PARA TUBOS EM PEAD, 32 MM X 1\", PARA LIGAÇÃO PREDIAL DE ÁGUA. AF_06/2022","UN",12.01,104045,null,11.64,12.01]
[null,104046,"COTOVELO/JOELHO COM ADAPTADOR, POLIPROPILENO, PARA TUBOS EM PEAD, 20 MM X 1/2\", PARA LIGAÇÃO PREDIAL DE ÁGUA. AF_06/2022","UN",6.6,104046,null,6.34,6.6]
[null,104047,"COTOVELO/JOELHO COM ADAPTADOR, POLIPROPILENO, PARA TUBOS EM PEAD, 20 MM X 3/4\", PARA LIGAÇÃO PREDIAL DE ÁGUA. AF_06/2022","UN",7.62,104047,null,7.31,7.62]
[null,104048,"COTOVELO/JOELHO COM ADAPTADOR, POLIPROPILENO, PARA TUBOS EM PEAD, 32 MM X 1\", PARA LIGAÇÃO PREDIAL DE ÁGUA. AF_06/2022","UN",11.68,104048,null,11.31,11.68]
[null,104049,"ADAPTADOR, PVC, CURTO COM BOLSA E ROSCA, 20 MM X 1/2\", PARA LIGAÇÃO PREDIAL DE ÁGUA. AF_06/2022","UN",4.2,104049,null,3.9,4.2]
[null,104050,"ADAPTADOR, PVC, CURTO COM BOLSA E ROSCA, 32 MM X 1\", PARA LIGAÇÃO PREDIAL DE ÁGUA. AF_06/2022","UN",6.47,104050,null,6.06,6.47]
[null,104051,"COTOVELO/JOELHO 90°, POLIPROPILENO, PARA TUBOS EM PEAD, 20 X 20 MM, PARA LIGAÇÃO PREDIAL DE ÁGUA. AF_06/2022","UN",6.15,104051,null,5.9,6.15]
[null,104052,"COTOVELO/JOELHO 90°, POLIPROPILENO, PARA TUBOS EM PEAD, 32 X 32 MM, PARA LIGAÇÃO PREDIAL DE ÁGUA. AF_06/2022","UN",8.66,104052,null,8.32,8.66]
[null,104053,"UNIÃO, POLIPROPILENO, PARA TUBOS EM PEAD, 20 MM, PARA LIGAÇÃO PREDIAL DE ÁGUA. AF_06/2022","UN",7.36,104053,null,7.11,7.36]
[null,104054,"UNIÃO, POLIPROPILENO, PARA TUBOS EM PEAD, 32 MM, PARA LIGAÇÃO PREDIAL DE ÁGUA. AF_06/2022","UN",15.31,104054,null,14.97,15.31]
[null,104055,"REGISTRO ESFERA, PVC, DE PASSEIO, PARA POLIETILENO, 20 MM, PARA LIGAÇÃO PREDIAL DE ÁGUA. AF_06/2022","UN",10.65,104055,null,10.4,10.65]
[null,104056,"REGISTRO ESFERA, PVC, COM ROSCA, 1/2\", PARA LIGAÇÃO PREDIAL DE ÁGUA. AF_06/2022","UN",16.03,104056,null,15.75,16.03]
[null,104058,"LUVA, PVC, ROSCÁVEL, 1/2\", PARA LIGAÇÃO PREDIAL DE ÁGUA. AF_06/2022","UN",6.03,104058,null,5.55,6.03]
[null,104059,"LUVA, PVC, ROSCÁVEL, 1\", PARA LIGAÇÃO PREDIAL DE ÁGUA. AF_06/2022","UN",8.33,104059,null,7.96,8.33]
[null,104060,"TUBO, PEAD, PE-80, DE = 20 MM X 2,3 MM, PARA LIGAÇÃO PREDIAL DE ÁGUA. AF_06/2022","M",7.51,104060,null,7.29,7.51]
[null,104061,"TUBO, PEAD, PE-80, DE = 32 MM X 3,0 MM, PARA LIGAÇÃO PREDIAL DE ÁGUA. AF_06/2022","M",13.75,104061,null,13.41,13.75]
[null,104062,"CURVA LONGA, 90 GRAUS, PVC OCRE, JUNTA ELÁSTICA, DN 100 MM, PARA COLETOR PREDIAL DE ESGOTO. AF_06/2022","UN",69.64,104062,null,69.14,69.64]
[null,104063,"CURVA LONGA, 45 GRAUS, PVC OCRE, JUNTA ELÁSTICA, DN 100 MM, PARA COLETOR PREDIAL DE ESGOTO. AF_06/2022","UN",66.099999999999994,104063,null,65.599999999999994,66.099999999999994]
[null,104064,"CURVA LONGA, 90 GRAUS, PVC OCRE, JUNTA ELÁSTICA, DN 150 MM, PARA COLETOR PREDIAL DE ESGOTO. AF_06/2022","UN",172.8,104064,null,172.28,172.8]
[null,104065,"CURVA LONGA, 45 GRAUS, PVC OCRE, JUNTA ELÁSTICA, DN 150 MM, PARA COLETOR PREDIAL DE ESGOTO. AF_06/2022","UN",146.13,104065,null,145.61000000000001,146.13]
[null,104072,"TÊ, PVC OCRE, JUNTA ELÁSTICA, DN 200 MM, PARA COLETOR PREDIAL DE ESGOTO. AF_06/2022","UN",271.70999999999998,104072,null,270.89999999999998,271.70999999999998]
[null,104076,"SELIM, PVC OCRE, COM TRAVA, DN 125 X 100 MM OU 150 X 100 MM, PARA COLETOR PREDIAL DE ESGOTO. AF_06/2022","UN",41.66,104076,null,40.880000000000003,41.66]
[null,104082,"PLUG, PVC OCRE, JUNTA ELÁSTICA, DN 100 MM, PARA COLETOR PREDIAL DE ESGOTO. AF_06/2022","UN",28.64,104082,null,28.39,28.64]
[null,104083,"PLUG, PVC OCRE, JUNTA ELÁSTICA, DN 150 MM, PARA COLETOR PREDIAL DE ESGOTO. AF_06/2022","UN",71.03,104083,null,70.77,71.03]
[null,104084,"CAP, PVC OCRE, JUNTA ELÁSTICA, DN 150 MM, PARA COLETOR PREDIAL DE ESGOTO. AF_06/2022","UN",81.08,104084,null,80.819999999999993,81.08]
[null,104085,"TUBO, PVC OCRE, JUNTA ELÁSTICA, DN 100 MM, PARA COLETOR PREDIAL DE ESGOTO. AF_06/2022","M",50.41,104085,null,49.74,50.41]
[null,104086,"TUBO, PVC OCRE, JUNTA ELÁSTICA, DN 150 MM, PARA COLETOR PREDIAL DE ESGOTO. AF_06/2022","M",{"$f":"IF($K$2=$H$1,H5699,I5699)","v":92.37},{"$f":"IF(LEN($B5699)=7,CONCATENATE(MID($B5699,1,6),\"00\",RIGHT($B5699,1)),IF(LEN($B5699)=8,CONCATENATE(MID($B5699,1,6),\"0\",RIGHT($B5699,2)),$B5699))","v":104086},null,91.62,92.37]
[null,104947,"DRAGAGEM DE MATERIAIS DE 1A CATEGORIA E COMPOSTOS ORGÂNICOS E INORGÂNICOS COM RETROESCAVADEIRA (CAÇAMBA: 0,26 M3/88 HP). AF_03/2024","M3",10.97,104947,null,10.5,10.97]
[null,104948,"DRAGAGEM DE MATERIAIS DE 1A CATEGORIA E COMPOSTOS ORGÂNICOS E INORGÂNICOS COM ESCAVADEIRA HIDRÁULICA (CAÇAMBA: 0,80 M3/111 HP). AF_03/2024","M3",4.91,104948,null,4.76,4.91]
[null,104949,"DRAGAGEM DE MATERIAIS DE 1A CATEGORIA E COMPOSTOS ORGÂNICOS E INORGÂNICOS COM ESCAVADEIRA HIDRÁULICA DE LONGO ALCANCE (CAÇAMBA: 0,52 M3/155 HP). AF_03/2024","M3",9.31,104949,null,9.08,9.31]
[null,96520,"ESCAVAÇÃO MECANIZADA PARA BLOCO DE COROAMENTO OU SAPATA COM RETROESCAVADEIRA (SEM ESCAVAÇÃO PARA COLOCAÇÃO DE FÔRMAS). AF_01/2024","M3",85.21,96520,null,79.94,85.21]
[null,96521,"ESCAVAÇÃO MECANIZADA PARA BLOCO DE COROAMENTO OU SAPATA COM RETROESCAVADEIRA (INCLUINDO ESCAVAÇÃO PARA COLOCAÇÃO DE FÔRMAS). AF_01/2024","M3",38.67,96521,null,37.29,38.67]
[null,96522,"ESCAVAÇÃO MANUAL PARA BLOCO DE COROAMENTO OU SAPATA (SEM ESCAVAÇÃO PARA COLOCAÇÃO DE FÔRMAS). AF_01/2024","M3",133.35,96522,null,120.06,133.35]
[null,96523,"ESCAVAÇÃO MANUAL PARA BLOCO DE COROAMENTO OU SAPATA (INCLUINDO ESCAVAÇÃO PARA COLOCAÇÃO DE FÔRMAS). AF_01/2024","M3",88.26,96523,null,79.489999999999995,88.26]
[null,96524,"ESCAVAÇÃO MECANIZADA PARA VIGA BALDRAME OU SAPATA CORRIDA COM MINI-ESCAVADEIRA (SEM ESCAVAÇÃO PARA COLOCAÇÃO DE FÔRMAS). AF_01/2024","M3",145.69,96524,null,135.91,145.69]
[null,96525,"ESCAVAÇÃO MECANIZADA PARA VIGA BALDRAME OU SAPATA CORRIDA COM MINI-ESCAVADEIRA (INCLUINDO ESCAVAÇÃO PARA COLOCAÇÃO DE FÔRMAS). AF_01/2024","M3",54.39,96525,null,52.6,54.39]
[null,96526,"ESCAVAÇÃO MANUAL PARA VIGA BALDRAME OU SAPATA CORRIDA (SEM ESCAVAÇÃO PARA COLOCAÇÃO DE FÔRMAS). AF_01/2024","M3",190.65,96526,null,171.6,190.65]
[null,96527,"ESCAVAÇÃO MANUAL PARA VIGA BALDRAME OU SAPATA CORRIDA (INCLUINDO ESCAVAÇÃO PARA COLOCAÇÃO DE FÔRMAS). AF_01/2024","M3",97.14,96527,null,87.5,97.14]
[null,96528,"FABRICAÇÃO, MONTAGEM E DESMONTAGEM DE FÔRMA PARA BLOCO DE COROAMENTO, EM MADEIRA SERRADA, E=25 MM, 1 UTILIZAÇÃO. AF_01/2024","M2",185.67,96528,null,179.6,185.67]
[null,101114,"ESCAVAÇÃO HORIZONTAL EM SOLO DE 1A CATEGORIA COM TRATOR DE ESTEIRAS (100HP/LÂMINA: 2,19M3). AF_07/2020","M3",4.22,101114,null,4.09,4.22]
[null,101115,"ESCAVAÇÃO HORIZONTAL EM SOLO DE 1A CATEGORIA COM TRATOR DE ESTEIRAS (150HP/LÂMINA: 3,18M3). AF_07/2020","M3",3.61,101115,null,3.52,3.61]
[null,101116,"ESCAVAÇÃO HORIZONTAL EM SOLO DE 1A CATEGORIA COM TRATOR DE ESTEIRAS (170HP/LÂMINA: 5,20M3). AF_07/2020","M3",2.2400000000000002,101116,null,2.2000000000000002,2.2400000000000002]
[null,101117,"ESCAVAÇÃO HORIZONTAL EM SOLO DE 1A CATEGORIA COM TRATOR DE ESTEIRAS (347HP/LÂMINA: 8,70M3). AF_07/2020","M3",3.31,101117,null,3.28,3.31]
[null,101118,"ESCAVAÇÃO HORIZONTAL EM SOLO DE 1A CATEGORIA COM TRATOR DE ESTEIRAS (125HP/LÂMINA: 2,70M3). AF_07/2020","M3",3.66,101118,null,3.55,3.66]
[null,101119,"ESCAVAÇÃO HORIZONTAL, INCLUINDO ESCARIFICAÇÃO EM SOLO DE 2A CATEGORIA COM TRATOR DE ESTEIRAS (100HP/LÂMINA: 2,19M3). AF_07/2020","M3",8.07,101119,null,7.82,8.07]
[null,101120,"ESCAVAÇÃO HORIZONTAL, INCLUINDO ESCARIFICAÇÃO EM SOLO DE 2A CATEGORIA COM TRATOR DE ESTEIRAS (150HP/LÂMINA: 3,18M3). AF_07/2020","M3",6.9,101120,null,6.73,6.9]
[null,101121,"ESCAVAÇÃO HORIZONTAL, INCLUINDO ESCARIFICAÇÃO EM SOLO DE 2A CATEGORIA COM TRATOR DE ESTEIRAS (170HP/LÂMINA: 5,20M3). AF_07/2020","M3",4.3099999999999996,101121,null,4.21,4.3099999999999996]
[null,101122,"ESCAVAÇÃO HORIZONTAL, INCLUINDO ESCARIFICAÇÃO EM SOLO DE 2A CATEGORIA COM TRATOR DE ESTEIRAS (347HP/LÂMINA: 8,70M3). AF_07/2020","M3",6.32,101122,null,6.26,6.32]
[null,101123,"ESCAVAÇÃO HORIZONTAL, INCLUINDO ESCARIFICAÇÃO EM SOLO DE 2A CATEGORIA COM TRATOR DE ESTEIRAS (125HP/LÂMINA: 2,70M3). AF_07/2020","M3",6.98,101123,null,6.77,6.98]
[null,101124,"ESCAVAÇÃO HORIZONTAL, INCLUINDO CARGA E DESCARGA EM SOLO DE 1A CATEGORIA COM TRATOR DE ESTEIRAS (100HP/LÂMINA: 2,19M3). AF_07/2020","M3",14.99,101124,null,14.65,14.99]
[null,101125,"ESCAVAÇÃO HORIZONTAL, INCLUINDO CARGA E DESCARGA EM SOLO DE 1A CATEGORIA COM TRATOR DE ESTEIRAS (150HP/LÂMINA: 3,18M3). AF_07/2020","M3",14.38,101125,null,14.08,14.38]
[null,101126,"ESCAVAÇÃO HORIZONTAL, INCLUINDO CARGA E DESCARGA EM SOLO DE 1A CATEGORIA COM TRATOR DE ESTEIRAS (170HP/LÂMINA: 5,20M3). AF_07/2020","M3",13.01,101126,null,12.75,13.01]
[null,101127,"ESCAVAÇÃO HORIZONTAL, INCLUINDO CARGA E DESCARGA EM SOLO DE 1A CATEGORIA COM TRATOR DE ESTEIRAS (347HP/LÂMINA: 8,70M3). AF_07/2020","M3",14.08,101127,null,13.84,14.08]
[null,101128,"ESCAVAÇÃO HORIZONTAL, INCLUINDO CARGA E DESCARGA EM SOLO DE 1A CATEGORIA COM TRATOR DE ESTEIRAS (125HP/LÂMINA: 2,70M3). AF_07/2020","M3",14.43,101128,null,14.11,14.43]
[null,101129,"ESCAVAÇÃO HORIZONTAL, INCLUINDO ESCARIFICAÇÃO, CARGA E DESCARGA EM SOLO DE 2A CATEGORIA COM TRATOR DE ESTEIRAS (100HP/LÂMINA: 2,19M3). AF_07/2020","M3",19.27,101129,null,18.8,19.27]
[null,101130,"ESCAVAÇÃO HORIZONTAL, INCLUINDO ESCARIFICAÇÃO, CARGA E DESCARGA EM SOLO DE 2A CATEGORIA COM TRATOR DE ESTEIRAS (150HP/LÂMINA: 3,18M3). AF_07/2020","M3",18.100000000000001,101130,null,17.71,18.100000000000001]
[null,101131,"ESCAVAÇÃO HORIZONTAL, INCLUINDO ESCARIFICAÇÃO, CARGA E DESCARGA EM SOLO DE 2A CATEGORIA COM TRATOR DE ESTEIRAS (170HP/LÂMINA: 5,20M3). AF_07/2020","M3",15.51,101131,null,15.19,15.51]
[null,101132,"ESCAVAÇÃO HORIZONTAL, INCLUINDO ESCARIFICAÇÃO, CARGA E DESCARGA EM SOLO DE 2A CATEGORIA COM TRATOR DE ESTEIRAS (347HP/LÂMINA: 8,70M3). AF_07/2020","M3",17.52,101132,null,17.239999999999998,17.52]
[null,101133,"ESCAVAÇÃO HORIZONTAL, INCLUINDO ESCARIFICAÇÃO, CARGA E DESCARGA EM SOLO DE 2A CATEGORIA COM TRATOR DE ESTEIRAS (125HP/LÂMINA: 2,70M3). AF_07/2020","M3",18.18,101133,null,17.75,18.18]
[null,101134,"ESCAVAÇÃO HORIZONTAL, INCLUINDO CARGA, DESCARGA E TRANSPORTE EM SOLO DE 1A CATEGORIA COM TRATOR DE ESTEIRAS (100HP/LÂMINA: 2,19M3) E CAMINHÃO BASCULANTE DE 10M3, DMT ATÉ 200M. AF_07/2020","M3",15.69,101134,null,15.33,15.69]
[null,101135,"ESCAVAÇÃO HORIZONTAL, INCLUINDO CARGA, DESCARGA E TRANSPORTE EM SOLO DE 1A CATEGORIA COM TRATOR DE ESTEIRAS (150HP/LÂMINA: 3,18M3) E CAMINHÃO BASCULANTE DE 10M3, DMT ATÉ 200M AF_07/2020","M3",15.08,101135,null,14.76,15.08]
[null,101136,"ESCAVAÇÃO HORIZONTAL, INCLUINDO CARGA, DESCARGA E TRANSPORTE EM SOLO DE 1A CATEGORIA COM TRATOR DE ESTEIRAS (170HP/LÂMINA: 5,20M3) E CAMINHÃO BASCULANTE DE 10M3, DMT ATÉ 200M. AF_07/2020","M3",13.71,101136,null,13.44,13.71]
[null,101137,"ESCAVAÇÃO HORIZONTAL, INCLUINDO CARGA, DESCARGA E TRANSPORTE EM SOLO DE 1A CATEGORIA COM TRATOR DE ESTEIRAS (347HP/LÂMINA: 8,70M3) E CAMINHÃO BASCULANTE DE 10M3, DMT ATÉ 200M. AF_07/2020","M3",14.78,101137,null,14.52,14.78]
[null,101138,"ESCAVAÇÃO HORIZONTAL, INCLUINDO CARGA, DESCARGA E TRANSPORTE EM SOLO DE 1A CATEGORIA COM TRATOR DE ESTEIRAS (125HP/LÂMINA: 2,70M3) E CAMINHÃO BASCULANTE DE 10M3, DMT ATÉ 200M. AF_07/2020","M3",15.13,101138,null,14.79,15.13]
[null,101139,"ESCAVAÇÃO HORIZONTAL, INCLUINDO  ESCARIFICAÇÃO, CARGA, DESCARGA E TRANSPORTE EM SOLO DE 2A CATEGORIA COM TRATOR DE ESTEIRAS (100HP/LÂMINA: 2,19M3) E CAMINHÃO BASCULANTE DE 10M3, DMT ATÉ 200M. AF_07/2020","M3",19.989999999999998,101139,null,19.510000000000002,19.989999999999998]
[null,101140,"ESCAVAÇÃO HORIZONTAL, INCLUINDO ESCARIFICAÇÃO, CARGA, DESCARGA E TRANSPORTE EM SOLO DE 2A CATEGORIA COM TRATOR DE ESTEIRAS (150HP/LÂMINA: 3,18M3) E CAMINHÃO BASCULANTE DE 10M3, DMT ATÉ 200M. AF_07/2020","M3",18.82,101140,null,18.420000000000002,18.82]
[null,101141,"ESCAVAÇÃO HORIZONTAL, INCLUINDO ESCARIFICAÇÃO, CARGA, DESCARGA E TRANSPORTE EM SOLO DE 2A CATEGORIA COM TRATOR DE ESTEIRAS (170HP/LÂMINA: 5,20M3) E CAMINHÃO BASCULANTE DE 10M3, DMT ATÉ 200M. AF_07/2020","M3",16.23,101141,null,15.9,16.23]
[null,101142,"ESCAVAÇÃO HORIZONTAL, INCLUINDO ESCARIFICAÇÃO, CARGA, DESCARGA E TRANSPORTE EM SOLO DE 2A CATEGORIA COM TRATOR DE ESTEIRAS (347HP/LÂMINA: 8,70M3) E CAMINHÃO BASCULANTE DE 10M3, DMT ATÉ 200M. AF_07/2020","M3",18.239999999999998,101142,null,17.95,18.239999999999998]
[null,101143,"ESCAVAÇÃO HORIZONTAL, INCLUINDO ESCARIFICAÇÃO, CARGA, DESCARGA E TRANSPORTE EM SOLO DE 2A CATEGORIA COM TRATOR DE ESTEIRAS (125HP/LÂMINA: 2,70M3) E CAMINHÃO BASCULANTE DE 10M3, DMT ATÉ 200M. AF_07/2020","M3",18.899999999999999,101143,null,18.46,18.899999999999999]
[null,101144,"ESCAVAÇÃO HORIZONTAL, INCLUINDO CARGA, DESCARGA E TRANSPORTE EM SOLO DE 1A CATEGORIA COM TRATOR DE ESTEIRAS (100HP/LÂMINA: 2,19M3) E CAMINHÃO BASCULANTE DE 14M3, DMT ATÉ 200M. AF_07/2020","M3",15.8,101144,null,15.48,15.8]
[null,101145,"ESCAVAÇÃO HORIZONTAL, INCLUINDO CARGA, DESCARGA E TRANSPORTE EM SOLO DE 1A CATEGORIA COM TRATOR DE ESTEIRAS (150HP/LÂMINA: 3,18M3) E CAMINHÃO BASCULANTE DE 14M3, DMT ATÉ 200M. AF_07/2020","M3",15.19,101145,null,14.91,15.19]
[null,101146,"ESCAVAÇÃO HORIZONTAL, INCLUINDO CARGA, DESCARGA E TRANSPORTE EM SOLO DE 1A CATEGORIA COM TRATOR DE ESTEIRAS (170HP/LÂMINA: 5,20M3) E CAMINHÃO BASCULANTE DE 14M3, DMT ATÉ 200M. AF_07/2020","M3",13.82,101146,null,13.59,13.82]
[null,101147,"ESCAVAÇÃO HORIZONTAL, INCLUINDO CARGA, DESCARGA E TRANSPORTE EM SOLO DE 1A CATEGORIA COM TRATOR DE ESTEIRAS (347HP/LÂMINA: 8,70M3) E CAMINHÃO BASCULANTE DE 14M3, DMT ATÉ 200M. AF_07/2020","M3",14.89,101147,null,14.67,14.89]
[null,101148,"ESCAVAÇÃO HORIZONTAL, INCLUINDO CARGA, DESCARGA E TRANSPORTE EM SOLO DE 1A CATEGORIA COM TRATOR DE ESTEIRAS (125HP/LÂMINA: 2,70M3) E CAMINHÃO BASCULANTE DE 14M3, DMT ATÉ 200M. AF_07/2020","M3",15.24,101148,null,14.94,15.24]
[null,101149,"ESCAVAÇÃO HORIZONTAL, INCLUINDO ESCARIFICAÇÃO, CARGA, DESCARGA E TRANSPORTE EM SOLO DE 2A CATEGORIA COM TRATOR DE ESTEIRAS (100HP/LÂMINA: 2,19M3) E CAMINHÃO BASCULANTE DE 14M3, DMT ATÉ 200M. AF_07/2020","M3",20.11,101149,null,19.66,20.11]
[null,101150,"ESCAVAÇÃO HORIZONTAL, INCLUINDO ESCARIFICAÇÃO, CARGA, DESCARGA E TRANSPORTE EM SOLO DE 2A CATEGORIA COM TRATOR DE ESTEIRAS (150HP/LÂMINA: 3,18M3) E CAMINHÃO BASCULANTE DE 14M3, DMT ATÉ 200M. AF_07/2020","M3",18.940000000000001,101150,null,18.57,18.940000000000001]
[null,101151,"ESCAVAÇÃO HORIZONTAL, INCLUINDO ESCARIFICAÇÃO, CARGA, DESCARGA E TRANSPORTE EM SOLO DE 2A CATEGORIA COM TRATOR DE ESTEIRAS (170HP/LÂMINA: 5,20M3) E CAMINHÃO BASCULANTE DE 14M3, DMT ATÉ 200M. AF_07/2020","M3",16.350000000000001,101151,null,16.05,16.350000000000001]
[null,101152,"ESCAVAÇÃO HORIZONTAL, INCLUINDO ESCARIFICAÇÃO, CARGA, DESCARGA E TRANSPORTE EM SOLO DE 2A CATEGORIA COM TRATOR DE ESTEIRAS (347HP/LÂMINA: 8,70M3) E CAMINHÃO BASCULANTE DE 14M3, DMT ATÉ 200M. AF_07/2020","M3",18.36,101152,null,18.100000000000001,18.36]
[null,101153,"ESCAVAÇÃO HORIZONTAL, INCLUINDO ESCARIFICAÇÃO, CARGA, DESCARGA E TRANSPORTE EM SOLO DE 2A CATEGORIA COM TRATOR DE ESTEIRAS (125HP/LÂMINA: 2,70M3) E CAMINHÃO BASCULANTE DE 14M3, DMT ATÉ 200M. AF_07/2020","M3",19.02,101153,null,18.61,19.02]
[null,101206,"ESCAVAÇÃO VERTICAL PARA  EDIFICAÇÃO, COM CARGA, DESCARGA E TRANSPORTE DE SOLO DE 1ª CATEGORIA, COM ESCAVADEIRA HIDRÁULICA (CAÇAMBA: 0,8 M³ / 111 HP), FROTA DE 3 CAMINHÕES BASCULANTES DE 14 M³, DMT ATÉ 1 KM E VELOCIDADE MÉDIA 14 KM/H. AF_05/2020","M3",13.07,101206,null,12.84,13.07]
[null,101207,"ESCAVAÇÃO VERTICAL PARA EDIFICAÇÃO, COM CARGA, DESCARGA E TRANSPORTE DE SOLO DE 1ª CATEGORIA, COM ESCAVADEIRA HIDRÁULICA (CAÇAMBA: 0,8 M³ / 111 HP), FROTA DE 2 CAMINHÕES BASCULANTES DE 18 M³, DMT ATÉ 1 KM E VELOCIDADE MÉDIA 14 KM/H. AF_05/2020","M3",11.23,101207,null,11.06,11.23]
[null,101208,"ESCAVAÇÃO VERTICAL PARA  EDIFICAÇÃO, COM CARGA, DESCARGA E TRANSPORTE DE SOLO DE 1ª CATEGORIA, COM ESCAVADEIRA HIDRÁULICA (CAÇAMBA: 1,2 M³ / 155 HP), FROTA DE 3 CAMINHÕES BASCULANTES DE 14 M³, DMT ATÉ 1 KM E VELOCIDADE MÉDIA 14 KM/H. AF_05/2020","M3",11.03,101208,null,10.87,11.03]
[null,101209,"ESCAVAÇÃO VERTICAL PARA  EDIFICAÇÃO, COM CARGA, DESCARGA E TRANSPORTE DE SOLO DE 1ª CATEGORIA, COM ESCAVADEIRA HIDRÁULICA (CAÇAMBA: 1,2 M³ / 155 HP), FROTA DE 3 CAMINHÕES BASCULANTES DE 18 M³, DMT ATÉ 1 KM E VELOCIDADE MÉDIA 14 KM/H. AF_05/2020","M3",10.25,101209,null,10.09,10.25]
[null,101210,"ESCAVAÇÃO VERTICAL PARA  EDIFICAÇÃO, COM CARGA, DESCARGA E TRANSPORTE DE SOLO DE 1ª CATEGORIA, COM ESCAVADEIRA HIDRÁULICA (CAÇAMBA: 0,8 M³ / 111 HP), FROTA DE 4 CAMINHÕES BASCULANTES DE 14 M³, DMT DE 1,5 KM E VELOCIDADE MÉDIA 18 KM/H. AF_05/2020","M3",18.32,101210,null,18.059999999999999,18.32]
[null,101211,"ESCAVAÇÃO VERTICAL PARA  EDIFICAÇÃO, COM CARGA, DESCARGA E TRANSPORTE DE SOLO DE 1ª CATEGORIA, COM ESCAVADEIRA HIDRÁULICA (CAÇAMBA: 0,8 M³ / 111 HP), FROTA DE 4 CAMINHÕES BASCULANTES DE 14 M³, DMT DE 2 KM E VELOCIDADE MÉDIA 19 KM/H. AF_05/2020","M3",19.68,101211,null,19.399999999999999,19.68]
[null,101212,"ESCAVAÇÃO VERTICAL PARA  EDIFICAÇÃO, COM CARGA, DESCARGA E TRANSPORTE DE SOLO DE 1ª CATEGORIA, COM ESCAVADEIRA HIDRÁULICA (CAÇAMBA: 0,8 M³ / 111 HP), FROTA DE 5 CAMINHÕES BASCULANTES DE 14 M³, DMT DE 3 KM E VELOCIDADE MÉDIA 20 KM/H. AF_05/2020","M3",23.01,101212,null,22.68,23.01]
[null,101213,"ESCAVAÇÃO VERTICAL PARA  EDIFICAÇÃO, COM CARGA, DESCARGA E TRANSPORTE DE SOLO DE 1ª CATEGORIA, COM ESCAVADEIRA HIDRÁULICA (CAÇAMBA: 0,8 M³ / 111 HP), FROTA DE 6 CAMINHÕES BASCULANTES DE 14 M³, DMT DE 4 KM E VELOCIDADE MÉDIA 22 KM/H. AF_05/2020","M3",25.78,101213,null,25.39,25.78]
[null,101214,"ESCAVAÇÃO VERTICAL PARA  EDIFICAÇÃO, COM CARGA, DESCARGA E TRANSPORTE DE SOLO DE 1ª CATEGORIA, COM ESCAVADEIRA HIDRÁULICA (CAÇAMBA: 0,8 M³ / 111 HP), FROTA DE 7 CAMINHÕES BASCULANTES DE 14 M³, DMT DE 6 KM E VELOCIDADE MÉDIA 22 KM/H. AF_05/2020","M3",31.2,101214,null,30.74,31.2]
[null,101215,"ESCAVAÇÃO VERTICAL PARA  EDIFICAÇÃO, COM CARGA, DESCARGA E TRANSPORTE DE SOLO DE 1ª CATEGORIA, COM ESCAVADEIRA HIDRÁULICA (CAÇAMBA: 0,8 M³ / 111 HP), FROTA DE 4 CAMINHÕES BASCULANTES DE 18 M³, DMT DE 1,5 KM E VELOCIDADE MÉDIA 18 KM/H. AF_05/2020","M3",17.62,101215,null,17.350000000000001,17.62]
[null,101216,"ESCAVAÇÃO VERTICAL PARA  EDIFICAÇÃO, COM CARGA, DESCARGA E TRANSPORTE DE SOLO DE 1ª CATEGORIA, COM ESCAVADEIRA HIDRÁULICA (CAÇAMBA: 0,8 M³ / 111 HP), FROTA DE 4 CAMINHÕES BASCULANTES DE 18 M³, DMT DE 2 KM E VELOCIDADE MÉDIA 19 KM/H. AF_05/2020","M3",18.47,101216,null,18.2,18.47]
[null,101217,"ESCAVAÇÃO VERTICAL PARA  EDIFICAÇÃO, COM CARGA, DESCARGA E TRANSPORTE DE SOLO DE 1ª CATEGORIA, COM ESCAVADEIRA HIDRÁULICA (CAÇAMBA: 0,8 M³ / 111 HP), FROTA DE 5 CAMINHÕES BASCULANTES DE 18 M³, DMT DE 3 KM E VELOCIDADE MÉDIA 20 KM/H. AF_05/2020","M3",{"$f":"IF($K$2=$H$1,H5763,I5763)","v":21.55},{"$f":"IF(LEN($B5763)=7,CONCATENATE(MID($B5763,1,6),\"00\",RIGHT($B5763,1)),IF(LEN($B5763)=8,CONCATENATE(MID($B5763,1,6),\"0\",RIGHT($B5763,2)),$B5763))","v":101217},null,21.24,21.55]
[null,101218,"ESCAVAÇÃO VERTICAL PARA  EDIFICAÇÃO, COM CARGA, DESCARGA E TRANSPORTE DE SOLO DE 1ª CATEGORIA, COM ESCAVADEIRA HIDRÁULICA (CAÇAMBA: 0,8 M³ / 111 HP), FROTA DE 5 CAMINHÕES BASCULANTES DE 18 M³, DMT DE 4 KM E VELOCIDADE MÉDIA 22 KM/H. AF_05/2020","M3",22.81,101218,null,22.49,22.81]
[null,101219,"ESCAVAÇÃO VERTICAL PARA  EDIFICAÇÃO, COM CARGA, DESCARGA E TRANSPORTE DE SOLO DE 1ª CATEGORIA, COM ESCAVADEIRA HIDRÁULICA (CAÇAMBA: 0,8 M³ / 111 HP), FROTA DE 6 CAMINHÕES BASCULANTES DE 18 M³, DMT DE 6 KM E VELOCIDADE MÉDIA 22 KM/H. AF_05/2020","M3",27.7,101219,null,27.33,27.7]
[null,101220,"ESCAVAÇÃO VERTICAL PARA  EDIFICAÇÃO, COM CARGA, DESCARGA E TRANSPORTE DE SOLO DE 1ª CATEGORIA, COM ESCAVADEIRA HIDRÁULICA (CAÇAMBA: 1,2 M³ / 155 HP), FROTA DE 5 CAMINHÕES BASCULANTES DE 14 M³, DMT DE 1,5 KM E VELOCIDADE MÉDIA 18 KM/H. AF_05/2020","M3",17.309999999999999,101220,null,17.079999999999998,17.309999999999999]
[null,101221,"ESCAVAÇÃO VERTICAL PARA  EDIFICAÇÃO, COM CARGA, DESCARGA E TRANSPORTE DE SOLO DE 1ª CATEGORIA, COM ESCAVADEIRA HIDRÁULICA (CAÇAMBA: 1,2 M³ / 155 HP), FROTA DE 5 CAMINHÕES BASCULANTES DE 14 M³, DMT DE 2 KM E VELOCIDADE MÉDIA 19 KM/H. AF_05/2020","M3",18.3,101221,null,18.059999999999999,18.3]
[null,101222,"ESCAVAÇÃO VERTICAL PARA  EDIFICAÇÃO, COM CARGA, DESCARGA E TRANSPORTE DE SOLO DE 1ª CATEGORIA, COM ESCAVADEIRA HIDRÁULICA (CAÇAMBA: 1,2 M³ / 155 HP), FROTA DE 6 CAMINHÕES BASCULANTES DE 14 M³, DMT DE 3 KM E VELOCIDADE MÉDIA 20 KM/H. AF_05/2020","M3",21.31,101222,null,21.04,21.31]
[null,101223,"ESCAVAÇÃO VERTICAL PARA  EDIFICAÇÃO, COM CARGA, DESCARGA E TRANSPORTE DE SOLO DE 1ª CATEGORIA, COM ESCAVADEIRA HIDRÁULICA (CAÇAMBA: 1,2 M³ / 155 HP), FROTA DE 7 CAMINHÕES BASCULANTES DE 14 M³, DMT DE 4 KM E VELOCIDADE MÉDIA 22 KM/H. AF_05/2020","M3",23.76,101223,null,23.44,23.76]
[null,101224,"ESCAVAÇÃO VERTICAL PARA  EDIFICAÇÃO, COM CARGA, DESCARGA E TRANSPORTE DE SOLO DE 1ª CATEGORIA, COM ESCAVADEIRA HIDRÁULICA (CAÇAMBA: 1,2 M³ / 155 HP), FROTA DE 9 CAMINHÕES BASCULANTES DE 14 M³, DMT DE 6 KM E VELOCIDADE MÉDIA 22 KM/H. AF_05/2020","M3",29.85,101224,null,29.45,29.85]
[null,101225,"ESCAVAÇÃO VERTICAL PARA  EDIFICAÇÃO, COM CARGA, DESCARGA E TRANSPORTE DE SOLO DE 1ª CATEGORIA, COM ESCAVADEIRA HIDRÁULICA (CAÇAMBA: 1,2 M³ / 155 HP), FROTA DE 5 CAMINHÕES BASCULANTES DE 18 M³, DMT DE 1,5 KM E VELOCIDADE MÉDIA 18 KM/H. AF_05/2020","M3",15.91,101225,null,15.68,15.91]
[null,101226,"ESCAVAÇÃO VERTICAL PARA  EDIFICAÇÃO, COM CARGA, DESCARGA E TRANSPORTE DE SOLO DE 1ª CATEGORIA, COM ESCAVADEIRA HIDRÁULICA (CAÇAMBA: 1,2 M³ / 155 HP), FROTA DE 5 CAMINHÕES BASCULANTES DE 18 M³, DMT DE 2 KM E VELOCIDADE MÉDIA 19 KM/H. AF_05/2020","M3",16.760000000000002,101226,null,16.54,16.760000000000002]
[null,101227,"ESCAVAÇÃO VERTICAL PARA  EDIFICAÇÃO, COM CARGA, DESCARGA E TRANSPORTE DE SOLO DE 1ª CATEGORIA, COM ESCAVADEIRA HIDRÁULICA (CAÇAMBA: 1,2 M³ / 155 HP), FROTA DE 6 CAMINHÕES BASCULANTES DE 18 M³, DMT DE 3 KM E VELOCIDADE MÉDIA 20 KM/H. AF_05/2020","M3",19.47,101227,null,19.21,19.47]
[null,101228,"ESCAVAÇÃO VERTICAL PARA  EDIFICAÇÃO, COM CARGA, DESCARGA E TRANSPORTE DE SOLO DE 1ª CATEGORIA, COM ESCAVADEIRA HIDRÁULICA (CAÇAMBA: 1,2 M³ / 155 HP), FROTA DE 6 CAMINHÕES BASCULANTES DE 18 M³, DMT DE 4 KM E VELOCIDADE MÉDIA 22 KM/H. AF_05/2020","M3",20.77,101228,null,20.5,20.77]
[null,101229,"ESCAVAÇÃO VERTICAL PARA  EDIFICAÇÃO, COM CARGA, DESCARGA E TRANSPORTE DE SOLO DE 1ª CATEGORIA, COM ESCAVADEIRA HIDRÁULICA (CAÇAMBA: 1,2 M³ / 155 HP), FROTA DE 8 CAMINHÕES BASCULANTES DE 18 M³, DMT DE 6 KM E VELOCIDADE MÉDIA 22 KM/H. AF_05/2020","M3",26.23,101229,null,25.9,26.23]
[null,101230,"ESCAVAÇÃO VERTICAL PARA INFRAESTRUTURA, COM CARGA, DESCARGA E TRANSPORTE DE SOLO DE 1ª CATEGORIA, COM ESCAVADEIRA HIDRÁULICA (CAÇAMBA: 0,8 M³ / 111 HP), FROTA DE 3 CAMINHÕES BASCULANTES DE 14 M³, DMT ATÉ 1 KM E VELOCIDADE MÉDIA14 KM/H. AF_05/2020","M3",11.51,101230,null,11.33,11.51]
[null,101231,"ESCAVAÇÃO VERTICAL PARA INFRAESTRUTURA, COM CARGA, DESCARGA E TRANSPORTE DE SOLO DE 1ª CATEGORIA, COM ESCAVADEIRA HIDRÁULICA (CAÇAMBA: 0,8 M³ / 111 HP), FROTA DE 3 CAMINHÕES BASCULANTES DE 18 M³, DMT ATÉ 1 KM E VELOCIDADE MÉDIA14 KM/H. AF_05/2020","M3",10.95,101231,null,10.77,10.95]
[null,101232,"ESCAVAÇÃO VERTICAL PARA INFRAESTRUTURA, COM CARGA, DESCARGA E TRANSPORTE DE SOLO DE 1ª CATEGORIA, COM ESCAVADEIRA HIDRÁULICA (CAÇAMBA: 1,2 M³ / 155 HP), FROTA DE 3 CAMINHÕES BASCULANTES DE 14 M³, DMT ATÉ 1 KM E VELOCIDADE MÉDIA14 KM/H. AF_05/2020","M3",9.86,101232,null,9.7200000000000006,9.86]
[null,101233,"ESCAVAÇÃO VERTICAL PARA INFRAESTRUTURA, COM CARGA, DESCARGA E TRANSPORTE DE SOLO DE 1ª CATEGORIA, COM ESCAVADEIRA HIDRÁULICA (CAÇAMBA: 1,2 M³ / 155 HP), FROTA DE 3 CAMINHÕES BASCULANTES DE 18 M³, DMT ATÉ 1 KM E VELOCIDADE MÉDIA14 KM/H. AF_05/2020","M3",9.1,101233,null,8.98,9.1]
[null,101234,"ESCAVAÇÃO VERTICAL PARA INFRAESTRUTURA, COM CARGA, DESCARGA E TRANSPORTE DE SOLO DE 1ª CATEGORIA, COM ESCAVADEIRA HIDRÁULICA (CAÇAMBA: 0,8 M³ / 111HP), FROTA DE 5 CAMINHÕES BASCULANTES DE 14 M³, DMT DE 1,5 KM E VELOCIDADE MÉDIA18 KM/H. AF_05/2020","M3",18.02,101234,null,17.75,18.02]
[null,101235,"ESCAVAÇÃO VERTICAL PARA INFRAESTRUTURA, COM CARGA, DESCARGA E TRANSPORTE DE SOLO DE 1ª CATEGORIA, COM ESCAVADEIRA HIDRÁULICA (CAÇAMBA: 0,8 M³ / 111HP), FROTA DE 5 CAMINHÕES BASCULANTES DE 14 M³, DMT DE 2 KM E VELOCIDADE MÉDIA 19 KM/H. AF_05/2020","M3",18.98,101235,null,18.71,18.98]
[null,101236,"ESCAVAÇÃO VERTICAL PARA INFRAESTRUTURA, COM CARGA, DESCARGA E TRANSPORTE DE SOLO DE 1ª CATEGORIA, COM ESCAVADEIRA HIDRÁULICA (CAÇAMBA: 0,8 M³ / 111HP), FROTA DE 6 CAMINHÕES BASCULANTES DE 14 M³, DMT DE 3 KM E VELOCIDADE MÉDIA 20 KM/H. AF_05/2020","M3",22.14,101236,null,21.83,22.14]
[null,101237,"ESCAVAÇÃO VERTICAL PARA INFRAESTRUTURA, COM CARGA, DESCARGA E TRANSPORTE DE SOLO DE 1ª CATEGORIA, COM ESCAVADEIRA HIDRÁULICA (CAÇAMBA: 0,8 M³ / 111HP), FROTA DE 6 CAMINHÕES BASCULANTES DE 14 M³, DMT DE 4 KM E VELOCIDADE MÉDIA 22 KM/H. AF_05/2020","M3",23.58,101237,null,23.26,23.58]
[null,101238,"ESCAVAÇÃO VERTICAL PARA INFRAESTRUTURA, COM CARGA, DESCARGA E TRANSPORTE DE SOLO DE 1ª CATEGORIA, COM ESCAVADEIRA HIDRÁULICA (CAÇAMBA: 0,8 M³ / 111HP), FROTA DE 8 CAMINHÕES BASCULANTES DE 14 M³, DMT DE 6 KM E VELOCIDADE MÉDIA 22 KM/H. AF_05/2020","M3",29.89,101238,null,29.5,29.89]
[null,101239,"ESCAVAÇÃO VERTICAL PARA INFRAESTRUTURA, COM CARGA, DESCARGA E TRANSPORTE DE SOLO DE 1ª CATEGORIA, COM ESCAVADEIRA HIDRÁULICA (CAÇAMBA: 0,8 M³ / 111HP), FROTA DE 4 CAMINHÕES BASCULANTES DE 18 M³, DMT DE 1,5 KM E VELOCIDADE MÉDIA18 KM/H. AF_05/2020","M3",15.79,101239,null,15.57,15.79]
[null,101240,"ESCAVAÇÃO VERTICAL PARA INFRAESTRUTURA, COM CARGA, DESCARGA E TRANSPORTE DE SOLO DE 1ª CATEGORIA, COM ESCAVADEIRA HIDRÁULICA (CAÇAMBA: 0,8 M³ / 111HP), FROTA DE 4 CAMINHÕES BASCULANTES DE 18 M³, DMT DE 2 KM E VELOCIDADE MÉDIA 19 KM/H. AF_05/2020","M3",16.66,101240,null,16.440000000000001,16.66]
[null,101241,"ESCAVAÇÃO VERTICAL PARA INFRAESTRUTURA, COM CARGA, DESCARGA E TRANSPORTE DE SOLO DE 1ª CATEGORIA, COM ESCAVADEIRA HIDRÁULICA (CAÇAMBA: 0,8 M³ / 111HP), FROTA DE 5 CAMINHÕES BASCULANTES DE 18 M³, DMT DE 3 KM E VELOCIDADE MÉDIA 20 KM/H. AF_05/2020","M3",19.53,101241,null,19.25,19.53]
[null,101242,"ESCAVAÇÃO VERTICAL PARA INFRAESTRUTURA, COM CARGA, DESCARGA E TRANSPORTE DE SOLO DE 1ª CATEGORIA, COM ESCAVADEIRA HIDRÁULICA (CAÇAMBA: 0,8 M³ / 111HP), FROTA DE 6 CAMINHÕES BASCULANTES DE 18 M³, DMT DE 4 KM E VELOCIDADE MÉDIA 22 KM/H. AF_05/2020","M3",21.86,101242,null,21.54,21.86]
[null,101243,"ESCAVAÇÃO VERTICAL PARA INFRAESTRUTURA, COM CARGA, DESCARGA E TRANSPORTE DE SOLO DE 1ª CATEGORIA, COM ESCAVADEIRA HIDRÁULICA (CAÇAMBA: 0,8 M³ / 111HP), FROTA DE 7 CAMINHÕES BASCULANTES DE 18 M³, DMT DE 6 KM E VELOCIDADE MÉDIA 22 KM/H. AF_05/2020","M3",26.52,101243,null,26.17,26.52]
[null,101244,"ESCAVAÇÃO VERTICAL PARA INFRAESTRUTURA, COM CARGA, DESCARGA E TRANSPORTE DE SOLO DE 1ª CATEGORIA, COM ESCAVADEIRA HIDRÁULICA (CAÇAMBA: 1,2M³ / 155HP), FROTA DE 6 CAMINHÕES BASCULANTES DE 14 M³, DMT DE 1,5 KM E VELOCIDADE MÉDIA18 KM/H. AF_05/2020","M3",16.7,101244,null,16.440000000000001,16.7]
[null,101245,"ESCAVAÇÃO VERTICAL PARA INFRAESTRUTURA, COM CARGA, DESCARGA E TRANSPORTE DE SOLO DE 1ª CATEGORIA, COM ESCAVADEIRA HIDRÁULICA (CAÇAMBA: 1,2 M³ / 155HP), FROTA DE 6 CAMINHÕES BASCULANTES DE 14 M³, DMT DE 2 KM E VELOCIDADE MÉDIA 19 KM/H. AF_05/2020","M3",17.66,101245,null,17.41,17.66]
[null,101246,"ESCAVAÇÃO VERTICAL PARA INFRAESTRUTURA, COM CARGA, DESCARGA E TRANSPORTE DE SOLO DE 1ª CATEGORIA, COM ESCAVADEIRA HIDRÁULICA (CAÇAMBA: 1,2 M³ / 155HP), FROTA DE 7 CAMINHÕES BASCULANTES DE 14 M³, DMT DE 3 KM E VELOCIDADE MÉDIA 20 KM/H. AF_05/2020","M3",20.55,101246,null,20.260000000000002,20.55]
[null,101247,"ESCAVAÇÃO VERTICAL PARA INFRAESTRUTURA, COM CARGA, DESCARGA E TRANSPORTE DE SOLO DE 1ª CATEGORIA, COM ESCAVADEIRA HIDRÁULICA (CAÇAMBA: 1,2 M³ / 155HP), FROTA DE 8 CAMINHÕES BASCULANTES DE 14 M³, DMT DE 4 KM E VELOCIDADE MÉDIA 22 KM/H. AF_05/2020","M3",22.82,101247,null,22.51,22.82]
[null,101248,"ESCAVAÇÃO VERTICAL PARA INFRAESTRUTURA, COM CARGA, DESCARGA E TRANSPORTE DE SOLO DE 1ª CATEGORIA, COM ESCAVADEIRA HIDRÁULICA (CAÇAMBA: 1,2 M³ / 155HP), FROTA DE 10 CAMINHÕES BASCULANTES DE 14 M³, DMT DE 6 KM E VELOCIDADE MÉDIA22 KM/H. AF_05/2020","M3",28.61,101248,null,28.22,28.61]
[null,101249,"ESCAVAÇÃO VERTICAL PARA INFRAESTRUTURA, COM CARGA, DESCARGA E TRANSPORTE DE SOLO DE 1ª CATEGORIA, COM ESCAVADEIRA HIDRÁULICA (CAÇAMBA: 1,2 M³ / 155HP), FROTA DE 5 CAMINHÕES BASCULANTES DE 18 M³, DMT DE 1,5 KM E VELOCIDADE MÉDIA18 KM/H. AF_05/2020","M3",14.48,101249,null,14.31,14.48]
[null,101250,"ESCAVAÇÃO VERTICAL PARA INFRAESTRUTURA, COM CARGA, DESCARGA E TRANSPORTE DE SOLO DE 1ª CATEGORIA, COM ESCAVADEIRA HIDRÁULICA (CAÇAMBA: 1,2 M³ / 155HP), FROTA DE 6 CAMINHÕES BASCULANTES DE 18 M³, DMT DE 2 KM E VELOCIDADE MÉDIA 19 KM/H. AF_05/2020","M3",16.11,101250,null,15.9,16.11]
[null,101251,"ESCAVAÇÃO VERTICAL PARA INFRAESTRUTURA, COM CARGA, DESCARGA E TRANSPORTE DE SOLO DE 1ª CATEGORIA, COM ESCAVADEIRA HIDRÁULICA (CAÇAMBA: 1,2 M³ / 155HP), FROTA DE 6 CAMINHÕES BASCULANTES DE 18 M³, DMT DE 3 KM E VELOCIDADE MÉDIA 20 KM/H. AF_05/2020","M3",18.28,101251,null,18.05,18.28]
[null,101252,"ESCAVAÇÃO VERTICAL PARA INFRAESTRUTURA, COM CARGA, DESCARGA E TRANSPORTE DE SOLO DE 1ª CATEGORIA, COM ESCAVADEIRA HIDRÁULICA (CAÇAMBA: 1,2 M³ / 155HP), FROTA DE 7 CAMINHÕES BASCULANTES DE 18 M³, DMT DE 4 KM E VELOCIDADE MÉDIA 22 KM/H. AF_05/2020","M3",19.93,101252,null,19.7,19.93]
[null,101253,"ESCAVAÇÃO VERTICAL PARA INFRAESTRUTURA, COM CARGA, DESCARGA E TRANSPORTE DE SOLO DE 1ª CATEGORIA, COM ESCAVADEIRA HIDRÁULICA (CAÇAMBA: 1,2 M³ / 155HP), FROTA DE 9 CAMINHÕES BASCULANTES DE 18 M³, DMT DE 6 KM E VELOCIDADE MÉDIA 22 KM/H. AF_05/2020","M3",25.14,101253,null,24.85,25.14]
[null,101254,"ESCAVAÇÃO VERTICAL PARA  EDIFICAÇÃO, COM CARGA, DESCARGA E TRANSPORTE DE SOLO DE 1ª CATEGORIA, COM ESCAVADEIRA HIDRÁULICA (CAÇAMBA: 0,8 M³ / 111HP), FROTA DE 3 CAMINHÕES BASCULANTES DE 10 M³, DMT ATÉ 1 KM E VELOCIDADE MÉDIA 14 KM/H. AF_05/2020","M3",13.13,101254,null,12.87,13.13]
[null,101255,"ESCAVAÇÃO VERTICAL PARA  EDIFICAÇÃO, COM CARGA, DESCARGA E TRANSPORTE DE SOLO DE 1ª CATEGORIA, COM ESCAVADEIRA HIDRÁULICA (CAÇAMBA: 1,2 M³ / 155HP), FROTA DE 3 CAMINHÕES BASCULANTES DE 10 M³, DMT ATÉ 1 KM E VELOCIDADE MÉDIA 14 KM/H. AF_05/2020","M3",11.62,101255,null,11.42,11.62]
[null,101256,"ESCAVAÇÃO VERTICAL PARA  EDIFICAÇÃO, COM CARGA, DESCARGA E TRANSPORTE DE SOLO DE 1ª CATEGORIA, COM ESCAVADEIRA HIDRÁULICA (CAÇAMBA: 0,8 M³ / 111HP), FROTA DE 5 CAMINHÕES BASCULANTES DE 10 M³, DMT DE 1,5 KM E VELOCIDADE MÉDIA 18 KM/H. AF_05/2020","M3",20.39,101256,null,20,20.39]
[null,101257,"ESCAVAÇÃO VERTICAL PARA  EDIFICAÇÃO, COM CARGA, DESCARGA E TRANSPORTE DE SOLO DE 1ª CATEGORIA, COM ESCAVADEIRA HIDRÁULICA (CAÇAMBA: 0,8 M³ / 111HP), FROTA DE 5 CAMINHÕES BASCULANTES DE 10 M³, DMT DE 2 KM E VELOCIDADE MÉDIA 19 KM/H. AF_05/2020","M3",21.49,101257,null,21.11,21.49]
[null,101258,"ESCAVAÇÃO VERTICAL PARA  EDIFICAÇÃO, COM CARGA, DESCARGA E TRANSPORTE DE SOLO DE 1ª CATEGORIA, COM ESCAVADEIRA HIDRÁULICA (CAÇAMBA: 0,8 M³ / 111HP), FROTA DE 6 CAMINHÕES BASCULANTES DE 10 M³, DMT DE 3 KM E VELOCIDADE MÉDIA 20 KM/H. AF_05/2020","M3",24.96,101258,null,24.53,24.96]
[null,101259,"ESCAVAÇÃO VERTICAL PARA  EDIFICAÇÃO, COM CARGA, DESCARGA E TRANSPORTE DE SOLO DE 1ª CATEGORIA, COM ESCAVADEIRA HIDRÁULICA (CAÇAMBA: 0,8 M³ / 111HP), FROTA DE 7 CAMINHÕES BASCULANTES DE 10 M³, DMT DE 4 KM E VELOCIDADE MÉDIA 22 KM/H. AF_05/2020","M3",27.77,101259,null,27.28,27.77]
[null,101260,"ESCAVAÇÃO VERTICAL PARA  EDIFICAÇÃO, COM CARGA, DESCARGA E TRANSPORTE DE SOLO DE 1ª CATEGORIA, COM ESCAVADEIRA HIDRÁULICA (CAÇAMBA: 0,8 M³ / 111HP), FROTA DE 9 CAMINHÕES BASCULANTES DE 10 M³, DMT DE 6 KM E VELOCIDADE MÉDIA 22 KM/H. AF_05/2020","M3",34.770000000000003,101260,null,34.159999999999997,34.770000000000003]
[null,101261,"ESCAVAÇÃO VERTICAL PARA  EDIFICAÇÃO, COM CARGA, DESCARGA E TRANSPORTE DE SOLO DE 1ª CATEGORIA, COM ESCAVADEIRA HIDRÁULICA (CAÇAMBA: 1,2 M³ / 155HP), FROTA DE 6 CAMINHÕES BASCULANTES DE 10 M³, DMT DE 1,5 KM E VELOCIDADE MÉDIA 18 KM/H. AF_05/2020","M3",19.329999999999998,101261,null,19,19.329999999999998]
[null,101262,"ESCAVAÇÃO VERTICAL PARA  EDIFICAÇÃO, COM CARGA, DESCARGA E TRANSPORTE DE SOLO DE 1ª CATEGORIA, COM ESCAVADEIRA HIDRÁULICA (CAÇAMBA: 1,2 M³ / 155HP), FROTA DE 6 CAMINHÕES BASCULANTES DE 10 M³, DMT DE 2 KM E VELOCIDADE MÉDIA 19 KM/H. AF_05/2020","M3",20.420000000000002,101262,null,20.07,20.420000000000002]
[null,101263,"ESCAVAÇÃO VERTICAL PARA  EDIFICAÇÃO, COM CARGA, DESCARGA E TRANSPORTE DE SOLO DE 1ª CATEGORIA, COM ESCAVADEIRA HIDRÁULICA (CAÇAMBA: 1,2 M³ / 155HP), FROTA DE 7 CAMINHÕES BASCULANTES DE 10 M³, DMT DE 3 KM E VELOCIDADE MÉDIA 20 KM/H. AF_05/2020","M3",23.63,101263,null,23.24,23.63]
[null,101264,"ESCAVAÇÃO VERTICAL PARA  EDIFICAÇÃO, COM CARGA, DESCARGA E TRANSPORTE DE SOLO DE 1ª CATEGORIA, COM ESCAVADEIRA HIDRÁULICA (CAÇAMBA: 1,2 M³ / 155HP), FROTA DE 8 CAMINHÕES BASCULANTES DE 10 M³, DMT DE 4 KM E VELOCIDADE MÉDIA 22 KM/H. AF_05/2020","M3",26.22,101264,null,25.78,26.22]
[null,101265,"ESCAVAÇÃO VERTICAL PARA  EDIFICAÇÃO, COM CARGA, DESCARGA E TRANSPORTE DE SOLO DE 1ª CATEGORIA, COM ESCAVADEIRA HIDRÁULICA (CAÇAMBA: 1,2 M³ / 155HP), FROTA DE 10 CAMINHÕES BASCULANTES DE 10 M³, DMT DE 6 KM E VELOCIDADE MÉDIA 22 KM/H. AF_05/2020","M3",32.71,101265,null,32.19,32.71]
[null,101266,"ESCAVAÇÃO VERTICAL PARA INFRAESTRUTURA, COM CARGA, DESCARGA E TRANSPORTE DE SOLO DE 1ª CATEGORIA, COM ESCAVADEIRA HIDRÁULICA (CAÇAMBA: 0,8 M³ / 111HP), FROTA DE 3 CAMINHÕES BASCULANTES DE 10 M³, DMT ATÉ 1 KM E VELOCIDADE MÉDIA14 KM/H. AF_05/2020","M3",11.67,101266,null,11.45,11.67]
[null,101267,"ESCAVAÇÃO VERTICAL PARA INFRAESTRUTURA, COM CARGA, DESCARGA E TRANSPORTE DE SOLO DE 1ª CATEGORIA, COM ESCAVADEIRA HIDRÁULICA (CAÇAMBA: 1,2 M³ / 155HP), FROTA DE 4 CAMINHÕES BASCULANTES DE 10 M³, DMT ATÉ 1 KM E VELOCIDADE MÉDIA14 KM/H. AF_05/2020","M3",11.27,101267,null,11.07,11.27]
[null,101268,"ESCAVAÇÃO VERTICAL PARA INFRAESTRUTURA, COM CARGA, DESCARGA E TRANSPORTE DE SOLO DE 1ª CATEGORIA, COM ESCAVADEIRA HIDRÁULICA (CAÇAMBA: 0,8 M³ / 111HP), FROTA DE 5 CAMINHÕES BASCULANTES DE 10 M³, DMT DE 1,5 KM E VELOCIDADE MÉDIA18 KM/H. AF_05/2020","M3",18.52,101268,null,18.190000000000001,18.52]
[null,101269,"ESCAVAÇÃO VERTICAL PARA INFRAESTRUTURA, COM CARGA, DESCARGA E TRANSPORTE DE SOLO DE 1ª CATEGORIA, COM ESCAVADEIRA HIDRÁULICA (CAÇAMBA: 0,8 M³ / 111HP), FROTA DE 6 CAMINHÕES BASCULANTES DE 10 M³, DMT DE 2 KM E VELOCIDADE MÉDIA 19 KM/H. AF_05/2020","M3",20.65,101269,null,20.28,20.65]
[null,101270,"ESCAVAÇÃO VERTICAL PARA INFRAESTRUTURA, COM CARGA, DESCARGA E TRANSPORTE DE SOLO DE 1ª CATEGORIA, COM ESCAVADEIRA HIDRÁULICA (CAÇAMBA: 0,8 M³ / 111HP), FROTA DE 7 CAMINHÕES BASCULANTES DE 10 M³, DMT DE 3 KM E VELOCIDADE MÉDIA 20 KM/H. AF_05/2020","M3",23.95,101270,null,23.53,23.95]
[null,101271,"ESCAVAÇÃO VERTICAL PARA INFRAESTRUTURA, COM CARGA, DESCARGA E TRANSPORTE DE SOLO DE 1ª CATEGORIA, COM ESCAVADEIRA HIDRÁULICA (CAÇAMBA: 0,8 M³ / 111HP), FROTA DE 8 CAMINHÕES BASCULANTES DE 10 M³, DMT DE 4 KM E VELOCIDADE MÉDIA 22 KM/H. AF_05/2020","M3",26.59,101271,null,26.12,26.59]
[null,101272,"ESCAVAÇÃO VERTICAL PARA INFRAESTRUTURA, COM CARGA, DESCARGA E TRANSPORTE DE SOLO DE 1ª CATEGORIA, COM ESCAVADEIRA HIDRÁULICA (CAÇAMBA: 0,8 M³ / 111HP), FROTA DE 10 CAMINHÕES BASCULANTES DE 10 M³, DMT DE 6 KM E VELOCIDADE MÉDIA22 KM/H. AF_05/2020","M3",33.22,101272,null,32.65,33.22]
[null,101273,"ESCAVAÇÃO VERTICAL PARA INFRAESTRUTURA, COM CARGA, DESCARGA E TRANSPORTE DE SOLO DE 1ª CATEGORIA, COM ESCAVADEIRA HIDRÁULICA (CAÇAMBA: 1,2 M³ / 155HP), FROTA DE 6 CAMINHÕES BASCULANTES DE 10 M³, DMT DE 1,5 KM E VELOCIDADE MÉDIA18 KM/H. AF_05/2020","M3",17.73,101273,null,17.45,17.73]
[null,101274,"ESCAVAÇÃO VERTICAL PARA INFRAESTRUTURA, COM CARGA, DESCARGA E TRANSPORTE DE SOLO DE 1ª CATEGORIA, COM ESCAVADEIRA HIDRÁULICA (CAÇAMBA: 1,2 M³ / 155HP), FROTA DE 7 CAMINHÕES BASCULANTES DE 10 M³, DMT DE 2 KM E VELOCIDADE MÉDIA 19 KM/H. AF_05/2020","M3",19.62,101274,null,19.3,19.62]
[null,101275,"ESCAVAÇÃO VERTICAL PARA INFRAESTRUTURA, COM CARGA, DESCARGA E TRANSPORTE DE SOLO DE 1ª CATEGORIA, COM ESCAVADEIRA HIDRÁULICA (CAÇAMBA: 1,2 M³ / 155HP), FROTA DE 8 CAMINHÕES BASCULANTES DE 10 M³, DMT DE 3 KM E VELOCIDADE MÉDIA 20 KM/H. AF_05/2020","M3",22.74,101275,null,22.38,22.74]
[null,101276,"ESCAVAÇÃO VERTICAL PARA INFRAESTRUTURA, COM CARGA, DESCARGA E TRANSPORTE DE SOLO DE 1ª CATEGORIA, COM ESCAVADEIRA HIDRÁULICA (CAÇAMBA: 1,2 M³ / 155HP), FROTA DE 9 CAMINHÕES BASCULANTES DE 10 M³, DMT DE 4 KM E VELOCIDADE MÉDIA 22 KM/H. AF_05/2020","M3",25.15,101276,null,24.75,25.15]
[null,101277,"ESCAVAÇÃO VERTICAL PARA INFRAESTRUTURA, COM CARGA, DESCARGA E TRANSPORTE DE SOLO DE 1ª CATEGORIA, COM ESCAVADEIRA HIDRÁULICA (CAÇAMBA: 1,2 M³ / 155HP), FROTA DE 12 CAMINHÕES BASCULANTES DE 10 M³, DMT DE 6 KM E VELOCIDADE MÉDIA22 KM/H. AF_05/2020","M3",32.19,101277,null,31.67,32.19]
[null,102354,"DESMONTE DE MATERIAL DE 3ª CATEGORIA (BLOCOS DE ROCHAS OU MATACOS), COM MARTELETE PNEUMÁTICO MANUAL - EXCLUSIVE CARGA E TRANSPORTE. AF_03/2021","M3",149.15,102354,null,144.22,149.15]
[null,102355,"DESMONTE DE MATERIAL DE 3ª CATEGORIA (BLOCOS DE ROCHAS OU MATACOS), EM VALA, COM MARTELETE PNEUMÁTICO MANUAL -  EXCLUSIVE RETIRADA, CARGA E TRANSPORTE. AF_03/2021","M3",172.91,102355,null,166.34,172.91]
[null,102360,"RETIRADA DE MATERIAL DE 3ª CATEGORIA (APÓS ESCAVAÇÃO/DESMONTE) EM VALAS, COM ESCAVADEIRA HIDRÁULICA - EXCLUSIVE CARGA E TRANSPORTE. AF_03/2021","M3",22.94,102360,null,22.3,22.94]
[null,102361,"RETIRADA DE MATERIAL DE 3ª CATEGORIA (APÓS ESCAVAÇÃO/DESMONTE) EM VALAS, COM RETROESCAVADEIRA - EXCLUSIVE CARGA E TRANSPORTE. AF_03/2021","M3",{"$f":"IF($K$2=$H$1,H5827,I5827)","v":33.33},{"$f":"IF(LEN($B5827)=7,CONCATENATE(MID($B5827,1,6),\"00\",RIGHT($B5827,1)),IF(LEN($B5827)=8,CONCATENATE(MID($B5827,1,6),\"0\",RIGHT($B5827,2)),$B5827))","v":102361},null,31.98,33.33]
[null,90082,"ESCAVAÇÃO MECANIZADA DE VALA COM PROF. ATÉ 1,5 M (MÉDIA MONTANTE E JUSANTE/UMA COMPOSIÇÃO POR TRECHO), ESCAVADEIRA (0,8 M3), LARG. DE 1,5 M A 2,5 M, EM SOLO DE 1A CATEGORIA, EM LOCAIS COM ALTO NÍVEL DE INTERFERÊNCIA. AF_09/2024","M3",9.1300000000000008,90082,null,8.8800000000000008,9.1300000000000008]
[null,90084,"ESCAVAÇÃO MECANIZADA DE VALA COM PROF. MAIOR QUE 1,5 M ATÉ 3,0 M (MÉDIA MONTANTE E JUSANTE/UMA COMPOSIÇÃO POR TRECHO), ESCAVADEIRA (0,8 M3), LARGURA ATÉ 1,5 M, EM SOLO DE 1A CATEGORIA, EM LOCAIS COM ALTO NÍVEL DE INTERFERÊNCIA. AF_09/2024","M3",8.83,90084,null,8.6,8.83]
[null,90086,"ESCAVAÇÃO MECANIZADA DE VALA COM PROF. MAIOR QUE 3,0 M ATÉ 4,5 M(MÉDIA MONTANTE E JUSANTE/UMA COMPOSIÇÃO POR TRECHO), ESCAVADEIRA (0,8 M3), LARG. MENOR QUE 1,5 M, EM SOLO DE 1A CATEGORIA, EM LOCAIS COM ALTO NÍVEL DE INTERFERÊNCIA. AF_09/2024","M3",8.36,90086,null,8.1300000000000008,8.36]
[null,90087,"ESCAVAÇÃO MECANIZADA DE VALA COM PROF. DE 3,0 M ATÉ 4,5 M(MÉDIA MONTANTE E JUSANTE/UMA COMPOSIÇÃO POR TRECHO), ESCAVADEIRA (1,2 M3), LARG. DE 1,5 M A 2,5 M, EM SOLO DE 1A CATEGORIA, EM LOCAIS COM ALTO NÍVEL DE INTERFERÊNCIA. AF_09/2024","M3",8.3000000000000007,90087,null,8.1199999999999992,8.3000000000000007]
[null,90090,"ESCAVAÇÃO MECANIZADA DE VALA COM PROF. MAIOR QUE 4,5 M ATÉ 6,0 M(MÉDIA MONTANTE E JUSANTE/UMA COMPOSIÇÃO POR TRECHO), ESCAVADEIRA (1,2 M3), LARG. DE 1,5 M A 2,5 M, EM SOLO DE 1A CATEGORIA, EM LOCAIS COM ALTO NÍVEL DE INTERFERÊNCIA. AF_09/2024","M3",8.1300000000000008,90090,null,7.94,8.1300000000000008]
[null,90091,"ESCAVAÇÃO MECANIZADA DE VALA COM PROF. ATÉ 1,5 M (MÉDIA MONTANTE E JUSANTE/UMA COMPOSIÇÃO POR TRECHO), ESCAVADEIRA (0,8 M3), LARG. DE 1,5 M A 2,5 M, EM SOLO DE 1A CATEGORIA, LOCAIS COM BAIXO NÍVEL DE INTERFERÊNCIA. AF_09/2024","M3",5.74,90091,null,5.6,5.74]
[null,90092,"ESCAVAÇÃO MECANIZADA DE VALA COM PROF. MAIOR QUE 1,5 M E ATÉ 3,0 M(MÉDIA MONTANTE E JUSANTE/UMA COMPOSIÇÃO POR TRECHO), ESCAVADEIRA (0,8 M3), LARG. MENOR QUE 1,5 M, EM SOLO DE 1A CATEGORIA, LOCAIS COM BAIXO NÍVEL DE INTERFERÊNCIA. AF_09/2024","M3",5.56,90092,null,5.42,5.56]
[null,90094,"ESCAVAÇÃO MECANIZADA DE VALA COM PROF. MAIOR QUE 3,0 M ATÉ 4,5 M (MÉDIA MONTANTE E JUSANTE/UMA COMPOSIÇÃO POR TRECHO), ESCAVADEIRA (0,8 M3), LARG. MENOR QUE 1,5 M, EM SOLO DE 1A CATEGORIA, LOCAIS COM BAIXO NÍVEL DE INTERFERÊNCIA. AF_09/2024","M3",5.26,90094,null,5.12,5.26]
[null,90095,"ESCAVAÇÃO MECANIZADA DE VALA COM PROF. MAIOR QUE 3,0 M ATÉ 4,5 M (MÉDIA MONTANTE E JUSANTE/UMA COMPOSIÇÃO POR TRECHO), ESCAVADEIRA (1,2 M3), LARG. DE 1,5 M A 2,5 M, EM SOLO DE 1A CATEGORIA, LOCAIS COM BAIXO NÍVEL DE INTERFERÊNCIA. AF_09/2024","M3",5.23,90095,null,5.1100000000000003,5.23]
[null,90098,"ESCAVAÇÃO MECANIZADA DE VALA COM PROF. MAIOR QUE 4,5 M ATÉ 6,0 M (MÉDIA MONTANTE E JUSANTE/UMA COMPOSIÇÃO POR TRECHO), ESCAVADEIRA (1,2 M3), LARG. DE 1,5 M A 2,5 M, EM SOLO DE 1A CATEGORIA, LOCAIS COM BAIXO NÍVEL DE INTERFERÊNCIA. AF_09/2024","M3",5.13,90098,null,5.01,5.13]
[null,90099,"ESCAVAÇÃO MECANIZADA DE VALA COM PROF. ATÉ 1,5 M (MÉDIA MONTANTE E JUSANTE/UMA COMPOSIÇÃO POR TRECHO), RETROESCAV. (0,26 M3), LARG. MENOR QUE 0,8 M, EM SOLO DE 1A CATEGORIA, EM LOCAIS COM ALTO NÍVEL DE INTERFERÊNCIA. AF_09/2024","M3",14.11,90099,null,13.55,14.11]
[null,90100,"ESCAVAÇÃO MECANIZADA DE VALA COM PROF. ATÉ 1,5 M (MÉDIA MONTANTE E JUSANTE/UMA COMPOSIÇÃO POR TRECHO), RETROESCAV. (0,26 M3), LARG. DE 0,8 M A 1,5 M, EM SOLO DE 1A CATEGORIA, EM LOCAIS COM ALTO NÍVEL DE INTERFERÊNCIA. AF_09/2024","M3",12.09,90100,null,11.61,12.09]
[null,90101,"ESCAVAÇÃO MECANIZADA DE VALA COM PROF. MAIOR QUE 1,5 M ATÉ 3,0 M (MÉDIA MONTANTE E JUSANTE/UMA COMPOSIÇÃO POR TRECHO), RETROESCAV. (0,26 M3), LARG. MENOR QUE 0,8 M, EM SOLO DE 1A CATEGORIA, EM LOCAIS COM ALTO NÍVEL DE INTERFERÊNCIA. AF_09/2024","M3",11.95,90101,null,11.47,11.95]
[null,90102,"ESCAVAÇÃO MECANIZADA DE VALA COM PROF. MAIOR QUE 1,5 M ATÉ 3,0 M (MÉDIA MONTANTE E JUSANTE/UMA COMPOSIÇÃO POR TRECHO), RETROESCAV. (0,26 M3), LARGURA DE 0,8 M A 1,5 M, EM SOLO DE 1A CATEGORIA, EM LOCAIS COM ALTO NÍVEL DE INTERFERÊNCIA. AF_09/2024","M3",10.93,90102,null,10.5,10.93]
[null,90105,"ESCAVAÇÃO MECANIZADA DE VALA COM PROFUNDIDADE ATÉ 1,5 M (MÉDIA MONTANTE E JUSANTE/UMA COMPOSIÇÃO POR TRECHO), RETROESCAV. (0,26 M3), LARGURA MENOR QUE 0,8 M, EM SOLO DE 1A CATEGORIA, LOCAIS COM BAIXO NÍVEL DE INTERFERÊNCIA. AF_09/2024","M3",8.36,90105,null,8.0299999999999994,8.36]
[null,90106,"ESCAVAÇÃO MECANIZADA DE VALA COM PROFUNDIDADE ATÉ 1,5 M (MÉDIA MONTANTE E JUSANTE/UMA COMPOSIÇÃO POR TRECHO), RETROESCAV. (0,26 M3), LARGURA DE 0,8 M A 1,5 M, EM SOLO DE 1A CATEGORIA, LOCAIS COM BAIXO NÍVEL DE INTERFERÊNCIA. AF_09/2024","M3",7.61,90106,null,7.31,7.61]
[null,90107,"ESCAVAÇÃO MECANIZADA DE VALA COM PROFUNDIDADE MAIOR QUE 1,5 M ATÉ 3,0 M (MÉDIA MONTANTE E JUSANTE/UMA COMPOSIÇÃO POR TRECHO), RETROESCAV. (0,26 M3), LARGURA MENOR QUE 0,8 M, EM SOLO DE 1A CATEGORIA, LOCAIS COM BAIXO NÍVEL DE INTERFERÊNCIA. AF_09/2024","M3",7.53,90107,null,7.23,7.53]
[null,90108,"ESCAVAÇÃO MECANIZADA DE VALA COM PROFUNDIDADE MAIOR QUE 1,5 M ATÉ 3,0 M (MÉDIA MONTANTE E JUSANTE/UMA COMPOSIÇÃO POR TRECHO), RETROESCAV (0,26 M3), LARGURA DE 0,8 M A 1,5 M, EM SOLO DE 1A CATEGORIA, LOCAIS COM BAIXO NÍVEL DE INTERFERÊNCIA. AF_09/2024","M3",6.89,90108,null,6.61,6.89]
[null,93358,"ESCAVAÇÃO MANUAL DE VALA. AF_09/2024","M3",80.38,93358,null,72.540000000000006,80.38]
[null,102276,"ESCAVAÇÃO MECANIZADA DE VALA COM PROF. ATÉ 1,5 M (MÉDIA MONTANTE E JUSANTE/UMA COMPOSIÇÃO POR TRECHO), ESCAVADEIRA (0,8 M3), LARG. MENOR QUE 1,5 M, EM SOLO DE 1A CATEGORIA, EM LOCAIS COM ALTO NÍVEL DE INTERFERÊNCIA. AF_09/2024","M3",10.27,102276,null,9.99,10.27]
[null,102277,"ESCAVAÇÃO MECANIZADA DE VALA COM PROF. MAIOR QUE 4,5 M ATÉ 6,0 M (MÉDIA MONTANTE E JUSANTE/UMA COMPOSIÇÃO POR TRECHO), ESCAVADEIRA (0,8 M3), LARG. MENOR QUE 1,5 M, EM SOLO DE 1A CATEGORIA, EM LOCAIS COM ALTO NÍVEL DE INTERFERÊNCIA. AF_09/2024","M3",8.1199999999999992,102277,null,7.9,8.1199999999999992]
[null,102278,"ESCAVAÇÃO MECANIZADA DE VALA COM PROF. MAIOR QUE 1,50 M ATÉ 3,0 M (MÉDIA MONTANTE E JUSANTE/UMA COMPOSIÇÃO POR TRECHO), ESCAVADEIRA (1,2 M3), LARG. DE 1,5 M A 2,5 M, EM SOLO DE 1A CATEGORIA, EM LOCAIS COM ALTO NÍVEL DE INTERFERÊNCIA. AF_09/2024","M3",8.6300000000000008,102278,null,8.44,8.6300000000000008]
[null,102279,"ESCAVAÇÃO MECANIZADA DE VALA COM PROF. ATÉ 1,5 M (MÉDIA MONTANTE E JUSANTE/UMA COMPOSIÇÃO POR TRECHO), ESCAVADEIRA (0,8 M3),LARG. MENOR QUE 1,5 M, EM SOLO DE 1A CATEGORIA, LOCAIS COM BAIXO NÍVEL DE INTERFERÊNCIA. AF_09/2024","M3",6.47,102279,null,6.3,6.47]
[null,102280,"ESCAVAÇÃO MECANIZADA DE VALA COM PROF. MAIOR QUE 4,5 M ATÉ 6,0 M (MÉDIA MONTANTE E JUSANTE/UMA COMPOSIÇÃO POR TRECHO),COM ESCAVADEIRA (0,8 M3), LARG. MENOR QUE 1,5 M, EM SOLO DE 1A CATEGORIA, LOCAIS COM BAIXO NÍVEL DE INTERFERÊNCIA. AF_09/2024","M3",5.12,102280,null,4.9800000000000004,5.12]
[null,102281,"ESCAVAÇÃO MECANIZADA DE VALA COM PROF. MAIOR QUE 1,5 M ATÉ 3,0 M (MÉDIA MONTANTE E JUSANTE/UMA COMPOSIÇÃO POR TRECHO),COM ESCAVADEIRA (1,2 M3),LARG. DE 1,5 M A 2,5 M, EM SOLO DE 1A CATEGORIA, LOCAIS COM BAIXO NÍVEL DE INTERFERÊNCIA. AF_09/2024","M3",5.44,102281,null,5.32,5.44]
[null,102282,"ESCAVAÇÃO MECANIZADA DE VALA COM PROF. ATÉ 1,5 M (MÉDIA MONTANTE E JUSANTE/UMA COMPOSIÇÃO POR TRECHO), ESCAVADEIRA (0,8 M3),LARG. MENOR QUE 1,5 M, EM SOLO DE MOLE, EM LOCAIS COM ALTO NÍVEL DE INTERFERÊNCIA. AF_09/2024","M3",13.44,102282,null,13.08,13.44]
[null,102283,"ESCAVAÇÃO MECANIZADA DE VALA COM PROF. ATÉ 1,5 M (MÉDIA MONTANTE E JUSANTE/UMA COMPOSIÇÃO POR TRECHO), ESCAVADEIRA (0,8 M3), LARG. DE 1,5 M A 2,5 M, EM SOLO MOLE, EM LOCAIS COM ALTO NÍVEL DE INTERFERÊNCIA. AF_09/2024","M3",11.94,102283,null,11.62,11.94]
[null,102284,"ESCAVAÇÃO MECANIZADA DE VALA COM PROF. MAIOR QUE 1,5 M ATÉ 3,0 M (MÉDIA MONTANTE E JUSANTE/UMA COMPOSIÇÃO POR TRECHO), ESCAVADEIRA (0,8 M3), LARGURA ATÉ 1,5 M, EM SOLO MOLE, EM LOCAIS COM ALTO NÍVEL DE INTERFERÊNCIA. AF_09/2024","M3",11.56,102284,null,11.26,11.56]
[null,102285,"ESCAVAÇÃO MECANIZADA DE VALA COM PROF. MAIOR QUE 3,0 M ATÉ 4,5 M (MÉDIA MONTANTE E JUSANTE/UMA COMPOSIÇÃO POR TRECHO), ESCAVADEIRA (0,8 M3), LARG. MENOR QUE 1,5 M, EM SOLO MOLE, EM LOCAIS COM ALTO NÍVEL DE INTERFERÊNCIA. AF_09/2024","M3",10.93,102285,null,10.65,10.93]
[null,102286,"ESCAVAÇÃO MECANIZADA DE VALA COM PROF. MAIOR QUE 4,5 M ATÉ 6,0 M (MÉDIA MONTANTE E JUSANTE/UMA COMPOSIÇÃO POR TRECHO), ESCAVADEIRA (0,8 M3),LARG. MENOR QUE 1,5 M, EM SOLO DE MOLE, EM LOCAIS COM ALTO NÍVEL DE INTERFERÊNCIA. AF_09/2024","M3",10.62,102286,null,10.34,10.62]
[null,102287,"ESCAVAÇÃO MECANIZADA DE VALA COM PROF. MAIOR QUE 1,5 M ATÉ 3,0 M (MÉDIA MONTANTE E JUSANTE/UMA COMPOSIÇÃO POR TRECHO),COM ESCAVADEIRA (1,2 M3),LARG. DE 1,5 M A 2,5 M, EM SOLO MOLE, EM LOCAIS COM ALTO NÍVEL DE INTERFERÊNCIA. AF_09/2024","M3",11.29,102287,null,11.04,11.29]
[null,102288,"ESCAVAÇÃO MECANIZADA DE VALA COM PROF. DE 3,0 M ATÉ 4,5 M (MÉDIA MONTANTE E JUSANTE/UMA COMPOSIÇÃO POR TRECHO), ESCAVADEIRA (1,2 M3), LARG. DE 1,5 M A 2,5 M, EM SOLO MOLE, EM LOCAIS COM ALTO NÍVEL DE INTERFERÊNCIA. AF_09/2024","M3",10.87,102288,null,10.61,10.87]
[null,102289,"ESCAVAÇÃO MECANIZADA DE VALA COM PROF. MAIOR QUE 4,5 M ATÉ 6,0 M (MÉDIA MONTANTE E JUSANTE/UMA COMPOSIÇÃO POR TRECHO), ESCAVADEIRA (1,2 M3), LARG. DE 1,5 M A 2,5 M, EM SOLO MOLE, EM LOCAIS COM ALTO NÍVEL DE INTERFERÊNCIA. AF_09/2024","M3",10.65,102289,null,10.4,10.65]
[null,102290,"ESCAVAÇÃO MECANIZADA DE VALA COM PROF. ATÉ 1,5 M (MÉDIA MONTANTE E JUSANTE/UMA COMPOSIÇÃO POR TRECHO), ESCAVADEIRA (0,8 M3),LARG. MENOR QUE 1,5 M, EM SOLO MOLE, LOCAIS COM BAIXO NÍVEL DE INTERFERÊNCIA. AF_09/2024","M3",8.4600000000000009,102290,null,8.24,8.4600000000000009]
[null,102291,"ESCAVAÇÃO MECANIZADA DE VALA COM PROF. ATÉ 1,5 M (MÉDIA MONTANTE E JUSANTE/UMA COMPOSIÇÃO POR TRECHO), ESCAVADEIRA (0,8 M3), LARG. DE 1,5 M A 2,5 M, EM SOLO MOLE, LOCAIS COM BAIXO NÍVEL DE INTERFERÊNCIA. AF_09/2024","M3",7.52,102291,null,7.31,7.52]
[null,102292,"ESCAVAÇÃO MECANIZADA DE VALA COM PROF. MAIOR QUE 1,5 M E ATÉ 3,0 M (MÉDIA MONTANTE E JUSANTE/UMA COMPOSIÇÃO POR TRECHO), ESCAVADEIRA (0,8 M3), LARG. MENOR QUE 1,5 M, EM SOLO MOLE, LOCAIS COM BAIXO NÍVEL DE INTERFERÊNCIA. AF_09/2024","M3",7.28,102292,null,7.09,7.28]
[null,102293,"ESCAVAÇÃO MECANIZADA DE VALA COM PROF.MAIOR QUE 3,0 M ATÉ 4,5 M (MÉDIA MONTANTE E JUSANTE/UMA COMPOSIÇÃO POR TRECHO), ESCAVADEIRA (0,8 M3), LARG. MENOR QUE 1,5 M, EM SOLO MOLE, LOCAIS COM BAIXO NÍVEL DE INTERFERÊNCIA. AF_09/2024","M3",6.89,102293,null,6.7,6.89]
[null,102294,"ESCAVAÇÃO MECANIZADA DE VALA COM PROF. MAIOR QUE 4,5 M ATÉ 6,0 M (MÉDIA MONTANTE E JUSANTE/UMA COMPOSIÇÃO POR TRECHO),COM ESCAVADEIRA (0,8 M3), LARG. MENOR QUE 1,5 M, EM SOLO MOLE, LOCAIS COM BAIXO NÍVEL DE INTERFERÊNCIA. AF_09/2024","M3",6.69,102294,null,6.51,6.69]
[null,102295,"ESCAVAÇÃO MECANIZADA DE VALA COM PROF. MAIOR QUE 1,5 M ATÉ 3,0 M (MÉDIA MONTANTE E JUSANTE/UMA COMPOSIÇÃO POR TRECHO),COM ESCAVADEIRA (1,2 M3), LARG. DE 1,5 M A 2,5 M, EM SOLO MOLE, LOCAIS COM BAIXO NÍVEL DE INTERFERÊNCIA. AF_09/2024","M3",7.12,102295,null,6.96,7.12]
[null,102296,"ESCAVAÇÃO MECANIZADA DE VALA COM PROF. MAIOR QUE 3,0 M ATÉ 4,5 M (MÉDIA MONTANTE E JUSANTE/UMA COMPOSIÇÃO POR TRECHO), ESCAVADEIRA (1,2 M3), LARG. DE 1,5 M A 2,5 M, EM SOLO MOLE, LOCAIS COM BAIXO NÍVEL DE INTERFERÊNCIA. AF_09/2024","M3",6.84,102296,null,6.68,6.84]
[null,102297,"ESCAVAÇÃO MECANIZADA DE VALA COM PROF. MAIOR QUE 4,5 M ATÉ 6,0 M (MÉDIA MONTANTE E JUSANTE/UMA COMPOSIÇÃO POR TRECHO), ESCAVADEIRA (1,2 M3), LARG. DE 1,5 M A 2,5 M, EM SOLO MOLE, LOCAIS COM BAIXO NÍVEL DE INTERFERÊNCIA. AF_09/2024","M3",6.71,102297,null,6.55,6.71]
[null,102298,"ESCAVAÇÃO MECANIZADA DE VALA COM PROF. ATÉ 1,5 M (MÉDIA MONTANTE E JUSANTE/UMA COMPOSIÇÃO POR TRECHO), RETROESCAV. (0,26 M3), LARG. MENOR QUE 0,8 M, EM SOLO MOLE, EM LOCAIS COM ALTO NÍVEL DE INTERFERÊNCIA. AF_09/2024","M3",18.46,102298,null,17.739999999999998,18.46]
[null,102299,"ESCAVAÇÃO MECANIZADA DE VALA COM PROF. ATÉ 1,5 M (MÉDIA MONTANTE E JUSANTE/UMA COMPOSIÇÃO POR TRECHO), RETROESCAV. (0,26 M3), LARG. DE 0,8 M A 1,5 M, EM SOLO MOLE, EM LOCAIS COM ALTO NÍVEL DE INTERFERÊNCIA. AF_09/2024","M3",15.82,102299,null,15.2,15.82]
[null,102300,"ESCAVAÇÃO MECANIZADA DE VALA COM PROF. MAIOR QUE 1,5 M ATÉ 3,0 M (MÉDIA MONTANTE E JUSANTE/UMA COMPOSIÇÃO POR TRECHO), RETROESCAV. (0,26 M3), LARG. MENOR QUE 0,8 M, EM SOLO MOLE, EM LOCAIS COM ALTO NÍVEL DE INTERFERÊNCIA. AF_09/2024","M3",15.64,102300,null,15.01,15.64]
[null,102301,"ESCAVAÇÃO MECANIZADA DE VALA COM PROF. MAIOR QUE 1,5 M ATÉ 3,0 M (MÉDIA MONTANTE E JUSANTE/UMA COMPOSIÇÃO POR TRECHO), RETROESCAV. (0,26 M3), LARG. DE 0,8 M A 1,5 M, EM SOLO MOLE, EM LOCAIS COM ALTO NÍVEL DE INTERFERÊNCIA. AF_09/2024","M3",14.32,102301,null,13.75,14.32]
[null,102302,"ESCAVAÇÃO MECANIZADA DE VALA COM PROF. ATÉ 1,5 M (MÉDIA MONTANTE E JUSANTE/UMA COMPOSIÇÃO POR TRECHO), RETROESCAV. (0,26 M3), LARG. MENOR QUE 0,8 M, EM SOLO MOLE, LOCAIS COM BAIXO NÍVEL DE INTERFERÊNCIA. AF_09/2024","M3",11.63,102302,null,11.17,11.63]
[null,102303,"ESCAVAÇÃO MECANIZADA DE VALA COM PROF. ATÉ 1,5 M (MÉDIA MONTANTE E JUSANTE/UMA COMPOSIÇÃO POR TRECHO), RETROESCAV. (0,26 M3), LARG. DE 0,8 M A 1,5 M, EM SOLO MOLE, LOCAIS COM BAIXO NÍVEL DE INTERFERÊNCIA. AF_09/2024","M3",9.9600000000000009,102303,null,9.57,9.9600000000000009]
[null,102304,"ESCAVAÇÃO MECANIZADA DE VALA COM PROF. MAIOR QUE 1,5 M ATÉ 3,0 M (MÉDIA MONTANTE E JUSANTE/UMA COMPOSIÇÃO POR TRECHO), RETROESCAV. (0,26 M3),LARG. MENOR QUE 0,8 M, EM SOLO MOLE, LOCAIS COM BAIXO NÍVEL DE INTERFERÊNCIA. AF_09/2024","M3",9.84,102304,null,9.4600000000000009,9.84]
[null,102305,"ESCAVAÇÃO MECANIZADA DE VALA COM PROF. MAIOR QUE 1,5 M ATÉ 3,0 M (MÉDIA MONTANTE E JUSANTE/UMA COMPOSIÇÃO POR TRECHO), RETROESCAV. (0,26 M3), LARG. DE 0,8 M A 1,5 M, EM SOLO MOLE, LOCAIS COM BAIXO NÍVEL DE INTERFERÊNCIA. AF_09/2024","M3",9.02,102305,null,8.65,9.02]
[null,102306,"ESCAVAÇÃO MECANIZADA DE VALA COM PROF. ATÉ 1,5 M (MÉDIA MONTANTE E JUSANTE/UMA COMPOSIÇÃO POR TRECHO), ESCAVADEIRA (0,8 M3),LARG. ATÉ 1,5 M, EM SOLO DE 2A CATEGORIA, EM LOCAIS COM ALTO NÍVEL DE INTERFERÊNCIA. AF_09/2024","M3",12.85,102306,null,12.51,12.85]
[null,102307,"ESCAVAÇÃO MECANIZADA DE VALA COM PROF. ATÉ 1,5 M (MÉDIA MONTANTE E JUSANTE/UMA COMPOSIÇÃO POR TRECHO), ESCAVADEIRA (0,8 M3), LARG. DE 1,5 M A 2,5 M, EM SOLO DE 2A CATEGORIA, EM LOCAIS COM ALTO NÍVEL DE INTERFERÊNCIA. AF_09/2024","M3",11.41,102307,null,11.11,11.41]
[null,102308,"ESCAVAÇÃO MECANIZADA DE VALA COM PROF. MAIOR QUE 1,5 M ATÉ 3,0 M (MÉDIA MONTANTE E JUSANTE/UMA COMPOSIÇÃO POR TRECHO), ESCAVADEIRA (0,8 M3), LARG. ATÉ 1,5 M, EM SOLO DE 2A CATEGORIA, EM LOCAIS COM ALTO NÍVEL DE INTERFERÊNCIA. AF_09/2024","M3",11.05,102308,null,10.75,11.05]
[null,102309,"ESCAVAÇÃO MECANIZADA DE VALA COM PROF. MAIOR QUE 3,0 M ATÉ 4,5 M (MÉDIA MONTANTE E JUSANTE/UMA COMPOSIÇÃO POR TRECHO), ESCAVADEIRA (0,8 M3), LARG. MENOR QUE 1,5 M, EM SOLO DE 2A CATEGORIA, EM LOCAIS COM ALTO NÍVEL DE INTERFERÊNCIA. AF_09/2024","M3",10.45,102309,null,10.17,10.45]
[null,102310,"ESCAVAÇÃO MECANIZADA DE VALA COM PROF.MAIOR QUE 4,5 M ATÉ 6,0 M (MÉDIA MONTANTE E JUSANTE/UMA COMPOSIÇÃO POR TRECHO),COM ESCAVADEIRA (0,8 M3), LARG. MENOR QUE 1,5 M, EM SOLO DE 2A CATEGORIA, EM LOCAIS COM ALTO NÍVEL DE INTERFERÊNCIA. AF_09/2024","M3",10.16,102310,null,9.8800000000000008,10.16]
[null,102311,"ESCAVAÇÃO MECANIZADA DE VALA COM PROF. MAIOR QUE 1,5 M ATÉ 3,0 M (MÉDIA MONTANTE E JUSANTE/UMA COMPOSIÇÃO POR TRECHO),COM ESCAVADEIRA (1,2 M3),LARG. DE 1,5 M A 2,5 M, EM SOLO DE 2A CATEGORIA, EM LOCAIS COM ALTO NÍVEL DE INTERFERÊNCIA. AF_09/2024","M3",10.79,102311,null,10.55,10.79]
[null,102312,"ESCAVAÇÃO MECANIZADA DE VALA COM PROF. DE 3,0 M ATÉ 4,5 M (MÉDIA MONTANTE E JUSANTE/UMA COMPOSIÇÃO POR TRECHO), ESCAVADEIRA (1,2 M3), LARG. DE 1,5 M A 2,5 M, EM SOLO DE 2A CATEGORIA, EM LOCAIS COM ALTO NÍVEL DE INTERFERÊNCIA. AF_09/2024","M3",10.38,102312,null,10.15,10.38]
[null,102313,"ESCAVAÇÃO MECANIZADA DE VALA COM PROF. MAIOR QUE 4,5 M ATÉ 6,0 M (MÉDIA MONTANTE E JUSANTE/UMA COMPOSIÇÃO POR TRECHO), ESCAVADEIRA (1,2 M3), LARG. DE 1,5 M A 2,5 M, EM SOLO DE 2A CATEGORIA, EM LOCAIS COM ALTO NÍVEL DE INTERFERÊNCIA. AF_09/2024","M3",10.18,102313,null,9.94,10.18]
[null,102314,"ESCAVAÇÃO MECANIZADA DE VALA COM PROF. ATÉ 1,5 M (MÉDIA MONTANTE E JUSANTE/UMA COMPOSIÇÃO POR TRECHO),COM ESCAVADEIRA (0,8 M3), LARG. MENOR QUE 1,5 M, EM SOLO DE 2A CATEGORIA, LOCAIS COM BAIXO NÍVEL DE INTERFERÊNCIA. AF_09/2024","M3",8.09,102314,null,7.87,8.09]
[null,102315,"ESCAVAÇÃO MECANIZADA DE VALA COM PROF. ATÉ 1,5 M (MÉDIA MONTANTE E JUSANTE/UMA COMPOSIÇÃO POR TRECHO), ESCAVADEIRA (0,8 M3), LARG. DE 1,5 M A 2,5 M, EM SOLO DE 2A CATEGORIA, LOCAIS COM BAIXO NÍVEL DE INTERFERÊNCIA. AF_09/2024","M3",7.18,102315,null,6.99,7.18]
[null,102316,"ESCAVAÇÃO MECANIZADA DE VALA COM PROF. MAIOR QUE 1,5 M E ATÉ 3,0 M (MÉDIA MONTANTE E JUSANTE/UMA COMPOSIÇÃO POR TRECHO), ESCAVADEIRA (0,8 M3), LARG. MENOR QUE 1,5 M, EM SOLO DE 2A CATEGORIA, LOCAIS COM BAIXO NÍVEL DE INTERFERÊNCIA. AF_09/2024","M3",6.95,102316,null,6.77,6.95]
[null,102317,"ESCAVAÇÃO MECANIZADA DE VALA COM PROF.MAIOR QUE 3,0 M ATÉ 4,5 M (MÉDIA MONTANTE E JUSANTE/UMA COMPOSIÇÃO POR TRECHO), ESCAVADEIRA (0,8 M3), LARG. MENOR QUE 1,5 M, EM SOLO DE 2A CATEGORIA, LOCAIS COM BAIXO NÍVEL DE INTERFERÊNCIA. AF_09/2024","M3",6.59,102317,null,6.4,6.59]
[null,102318,"ESCAVAÇÃO MECANIZADA DE VALA COM PROF.MAIOR QUE 4,5 M ATÉ 6,0 M (MÉDIA MONTANTE E JUSANTE/UMA COMPOSIÇÃO POR TRECHO),COM ESCAVADEIRA (0,8 M3), LARG. MENOR QUE 1,5 M, EM SOLO DE 2A CATEGORIA, EM LOCAIS COM BAIXO NÍVEL DE INTERFERÊNCIA. AF_09/2024","M3",6.4,102318,null,6.22,6.4]
[null,102319,"ESCAVAÇÃO MECANIZADA DE VALA COM PROF. MAIOR QUE 1,5 M ATÉ 3,0 M (MÉDIA MONTANTE E JUSANTE/UMA COMPOSIÇÃO POR TRECHO),COM ESCAVADEIRA (1,2 M3),LARG. DE 1,5 M A 2,5 M, EM SOLO DE 2A CATEGORIA, LOCAIS COM BAIXO NÍVEL DE INTERFERÊNCIA. AF_09/2024","M3",6.8,102319,null,6.64,6.8]
[null,102320,"ESCAVAÇÃO MECANIZADA DE VALA COM PROF. MAIOR QUE 3,0 M ATÉ 4,5 M (MÉDIA MONTANTE E JUSANTE/UMA COMPOSIÇÃO POR TRECHO), ESCAVADEIRA (1,2 M3), LARG. DE 1,5 M A 2,5 M, EM SOLO DE 2A CATEGORIA, LOCAIS COM BAIXO NÍVEL DE INTERFERÊNCIA. AF_09/2024","M3",{"$f":"IF($K$2=$H$1,H5891,I5891)","v":6.54},{"$f":"IF(LEN($B5891)=7,CONCATENATE(MID($B5891,1,6),\"00\",RIGHT($B5891,1)),IF(LEN($B5891)=8,CONCATENATE(MID($B5891,1,6),\"0\",RIGHT($B5891,2)),$B5891))","v":102320},null,6.39,6.54]
[null,102321,"ESCAVAÇÃO MECANIZADA DE VALA COM PROF. MAIOR QUE 4,5 M ATÉ 6,0 M (MÉDIA MONTANTE E JUSANTE/UMA COMPOSIÇÃO POR TRECHO), ESCAVADEIRA (1,2 M3), LARG. DE 1,5 M A 2,5 M, EM SOLO DE 2A CATEGORIA, LOCAIS COM BAIXO NÍVEL DE INTERFERÊNCIA. AF_09/2024","M3",6.41,102321,null,6.26,6.41]
[null,102322,"ESCAVAÇÃO MECANIZADA DE VALA COM PROF. ATÉ 1,5 M (MÉDIA MONTANTE E JUSANTE/UMA COMPOSIÇÃO POR TRECHO), RETROESCAV. (0,26 M3), LARG. MENOR QUE 0,8 M, EM SOLO DE 2A CATEGORIA, EM LOCAIS COM ALTO NÍVEL DE INTERFERÊNCIA. AF_09/2024","M3",17.649999999999999,102322,null,16.95,17.649999999999999]
[null,102323,"ESCAVAÇÃO MECANIZADA DE VALA COM PROF. ATÉ 1,5 M (MÉDIA MONTANTE E JUSANTE/UMA COMPOSIÇÃO POR TRECHO), RETROESCAV. (0,26 M3), LARG. DE 0,8 M A 1,5 M, EM SOLO DE 2A CATEGORIA, EM LOCAIS COM ALTO NÍVEL DE INTERFERÊNCIA. AF_09/2024","M3",15.12,102323,null,14.52,15.12]
[null,102324,"ESCAVAÇÃO MECANIZADA DE VALA COM PROF. MAIOR QUE 1,5 M ATÉ 3,0 M (MÉDIA MONTANTE E JUSANTE/UMA COMPOSIÇÃO POR TRECHO), RETROESCAV. (0,26 M3), LARG. MENOR QUE 0,8 M, EM SOLO DE 2A CATEGORIA, EM LOCAIS COM ALTO NÍVEL DE INTERFERÊNCIA. AF_09/2024","M3",14.94,102324,null,14.35,14.94]
[null,102325,"ESCAVAÇÃO MECANIZADA DE VALA COM PROF. MAIOR QUE 1,5 M ATÉ 3,0 M (MÉDIA MONTANTE E JUSANTE/UMA COMPOSIÇÃO POR TRECHO), RETROESCAV. (0,26 M3), LARG. DE 0,8 M A 1,5 M, EM SOLO DE 2A CATEGORIA, EM LOCAIS COM ALTO NÍVEL DE INTERFERÊNCIA. AF_09/2024","M3",13.67,102325,null,13.13,13.67]
[null,102326,"ESCAVAÇÃO MECANIZADA DE VALA COM PROF. ATÉ 1,5 M (MÉDIA MONTANTE E JUSANTE/UMA COMPOSIÇÃO POR TRECHO), RETROESCAV. (0,26 M3), LARGURA MENOR QUE 0,8 M, EM SOLO DE 2A CATEGORIA, EM LOCAIS COM BAIXO NÍVEL DE INTERFERÊNCIA. AF_09/2024","M3",11.12,102326,null,10.67,11.12]
[null,102327,"ESCAVAÇÃO MECANIZADA DE VALA COM PROF. ATÉ 1,5 M (MÉDIA MONTANTE E JUSANTE/UMA COMPOSIÇÃO POR TRECHO), RETROESCAV. (0,26 M3), LARG. DE 0,8 M A 1,5 M, EM SOLO DE 2A CATEGORIA, EM LOCAIS COM BAIXO NÍVEL DE INTERFERÊNCIA. AF_09/2024","M3",9.52,102327,null,9.15,9.52]
[null,102328,"ESCAVAÇÃO MECANIZADA DE VALA COM PROF. MAIOR QUE 1,5 M ATÉ 3,0 M (MÉDIA MONTANTE E JUSANTE/UMA COMPOSIÇÃO POR TRECHO), RETROESCAV. (0,26 M3),LARG. MENOR QUE 0,8 M, EM SOLO DE 2A CATEGORIA, EM LOCAIS COM BAIXO NÍVEL DE INTERFERÊNCIA. AF_09/2024","M3",9.4,102328,null,9.0299999999999994,9.4]
[null,102329,"ESCAVAÇÃO MECANIZADA DE VALA COM PROF. MAIOR QUE 1,5 M ATÉ 3,0 M (MÉDIA MONTANTE E JUSANTE/UMA COMPOSIÇÃO POR TRECHO), RETROESCAV. (0,26 M3), LARG. DE 0,8 M A 1,5 M, EM SOLO DE 2A CATEGORIA, EM LOCAIS COM BAIXO NÍVEL DE INTERFERÊNCIA. AF_09/2024","M3",8.6199999999999992,102329,null,8.27,8.6199999999999992]
[null,94304,"ATERRO MECANIZADO DE VALA COM ESCAVADEIRA HIDRÁULICA (CAPACIDADE DA CAÇAMBA: 0,8 M³ / POTÊNCIA: 111 HP), LARGURA ATÉ 2,5 M, PROFUNDIDADE ATÉ 1,5 M, COM SOLO ARGILO-ARENOSO. AF_08/2023","M3",73.48,94304,null,72.739999999999995,73.48]
[null,94306,"ATERRO MECANIZADO DE VALA COM ESCAVADEIRA HIDRÁULICA (CAPACIDADE DA CAÇAMBA: 0,8 M³ / POTÊNCIA: 111 HP), LARGURA ATÉ 2,5 M, PROFUNDIDADE DE 1,5 A 3,0 M, COM SOLO ARGILO-ARENOSO. AF_08/2023","M3",67.34,94306,null,66.77,67.34]
[null,94310,"ATERRO MECANIZADO DE VALA COM ESCAVADEIRA HIDRÁULICA (CAPACIDADE DA CAÇAMBA: 0,8 M³/POTÊNCIA: 111 HP), LARGURA ATÉ 2,5 M, PROFUNDIDADE DE 3,0 A 6,0 M, COM SOLO ARGILO-ARENOSO. AF_08/2023","M3",64.53,94310,null,64.040000000000006,64.53]
[null,94316,"ATERRO MECANIZADO DE VALA COM RETROESCAVADEIRA (CAPACIDADE DA CAÇAMBA DA RETRO: 0,26 M³ / POTÊNCIA: 88 HP), LARGURA ATÉ 1,5 M, PROFUNDIDADE ATÉ 1,5 M, COM SOLO ARGILO-ARENOSO. AF_08/2023","M3",68.19,94316,null,67.430000000000007,68.19]
[null,94318,"ATERRO MECANIZADO DE VALA COM RETROESCAVADEIRA (CAPACIDADE DA CAÇAMBA DA RETRO: 0,26 M³ / POTÊNCIA: 88 HP), LARGURA ATÉ 1,5 M, PROFUNDIDADE DE 1,5 A 3,0 M, COM SOLO ARGILO-ARENOSO. AF_08/2023","M3",63.13,94318,null,62.6,63.13]
[null,94319,"ATERRO MANUAL DE VALAS COM SOLO ARGILO-ARENOSO. AF_08/2023","M3",75.599999999999994,94319,null,73.56,75.599999999999994]
[null,94327,"ATERRO MECANIZADO DE VALA COM ESCAVADEIRA HIDRÁULICA (CAPACIDADE DA CAÇAMBA: 0,8 M³/POTÊNCIA: 111 HP), LARGURA ATÉ 2,5 M, PROFUNDIDADE ATÉ 1,5 M, COM AREIA PARA ATERRO. AF_08/2023","M3",111.88,94327,null,111.14,111.88]
[null,94329,"ATERRO MECANIZADO DE VALA COM ESCAVADEIRA HIDRÁULICA (CAPACIDADE DA CAÇAMBA: 0,8 M³/POTÊNCIA: 111 HP), LARGURA ATÉ 2,5 M, PROFUNDIDADE DE 1,5 A 3,0 M, COM AREIA PARA ATERRO. AF_08/2023","M3",105.74,94329,null,105.17,105.74]
[null,94333,"ATERRO MECANIZADO DE VALA COM ESCAVADEIRA HIDRÁULICA (CAPACIDADE DA CAÇAMBA: 0,8 M³/POTÊNCIA: 111 HP), LARGURA ATÉ 2,5 M, PROFUNDIDADE DE 3,0 A 6,0 M, COM AREIA PARA ATERRO. AF_08/2023","M3",102.93,94333,null,102.44,102.93]
[null,94339,"ATERRO MECANIZADO DE VALA COM RETROESCAVADEIRA (CAPACIDADE DA CAÇAMBA DA RETRO: 0,26 M³/POTÊNCIA: 88 HP), LARGURA ATÉ 1,5 M, PROFUNDIDADE ATÉ 1,5 M, COM AREIA PARA ATERRO. AF_08/2023","M3",106.59,94339,null,105.83,106.59]
[null,94341,"ATERRO MECANIZADO DE VALA COM RETROESCAVADEIRA (CAPACIDADE DA CAÇAMBA DA RETRO: 0,26 M³/POTÊNCIA: 88 HP), LARGURA ATÉ 1,5 M, PROFUNDIDADE DE 1,5 A 3,0 M, COM AREIA PARA ATERRO. AF_08/2023","M3",101.53,94341,null,101,101.53]
[null,94342,"ATERRO MANUAL DE VALAS COM AREIA PARA ATERRO. AF_08/2023","M3",114,94342,null,111.96,114]
[null,96385,"EXECUÇÃO E COMPACTAÇÃO DE CORPO DE ATERRO DE ATERRO (95% DE ENERGIA DO PROCTOR NORMAL) COM SOLO PREDOMINANTEMENTE ARGILOSO ESPESSURA 15 CM - EXCLUSIVE MATERIAL, ESCAVAÇÃO, CARGA E TRANSPORTE. AF_09/2024","M3",11.81,96385,null,11.43,11.81]
[null,96386,"EXECUÇÃO E COMPACTAÇÃO DE CORPO DE ATERRO (95% DE ENERGIA DO PROCTOR NORMAL) COM SOLO PREDOMINANTEMENTE ARENOSO ESPESSURA 15CM - EXCLUSIVE MATERIAL, ESCAVAÇÃO, CARGA E TRANSPORTE. AF_09/2024","M3",6.46,96386,null,6.31,6.46]
[null,105556,"EXECUÇÃO E COMPACTAÇÃO DE CORPO DE ATERRO DE ATERRO (95% DE ENERGIA DO PROCTOR NORMAL) COM SOLO PREDOMINANTEMENTE ARGILOSO, EM CAMADAS COM ESPESSURA DE 10 CM - EXCLUSIVE ESCAVAÇÃO, CARGA E TRANSPORTE E SOLO. AF_09/2024","M3",13.29,105556,null,12.85,13.29]
[null,105557,"EXECUÇÃO E COMPACTAÇÃO DE CAMADA FINAL DE ATERRO (100% DE ENERGIA DO PROCTOR NORMAL) COM SOLO PREDOMINANTEMENTE ARGILOSO, EM CAMADAS COM ESPESSURA DE 10 CM - EXCLUSIVE ESCAVAÇÃO, CARGA E TRANSPORTE E SOLO. AF_09/2024","M3",15.17,105557,null,14.65,15.17]
[null,105558,"EXECUÇÃO E COMPACTAÇÃO DE CAMADA FINAL DE ATERRO (100% DE ENERGIA DO PROCTOR NORMAL) COM SOLO PREDOMINANTEMENTE ARGILOSO, EM CAMADAS COM ESPESSURA DE 15 CM - EXCLUSIVE ESCAVAÇÃO, CARGA E TRANSPORTE E SOLO. AF_09/2024","M3",13.08,105558,null,12.65,13.08]
[null,105559,"EXECUÇÃO E COMPACTAÇÃO DE CORPO DE ATERRO DE ATERRO (95% DE ENERGIA DO PROCTOR NORMAL) COM SOLO PREDOMINANTEMENTE ARGILOSO, EM CAMADAS COM ESPESSURA DE 20 CM - EXCLUSIVE ESCAVAÇÃO, CARGA E TRANSPORTE E SOLO. AF_09/2024","M3",10.06,105559,null,9.73,10.06]
[null,105560,"EXECUÇÃO E COMPACTAÇÃO DE CAMADA FINAL DE ATERRO (100% DE ENERGIA DO PROCTOR NORMAL) COM SOLO PREDOMINANTEMENTE ARGILOSO, EM CAMADAS COM ESPESSURA DE 20 CM - EXCLUSIVE ESCAVAÇÃO, CARGA E TRANSPORTE E SOLO. AF_09/2024","M3",11.93,105560,null,11.52,11.93]
[null,105561,"EXECUÇÃO E COMPACTAÇÃO DE CORPO DE ATERRO DE ATERRO (95% DE ENERGIA DO PROCTOR NORMAL) COM SOLO PREDOMINANTEMENTE ARENOSO, EM CAMADAS COM ESPESSURA DE 10 CM - EXCLUSIVE ESCAVAÇÃO, CARGA E TRANSPORTE E SOLO. AF_09/2024","M3",7.89,105561,null,7.68,7.89]
[null,105562,"EXECUÇÃO E COMPACTAÇÃO DE CAMADA FINAL DE ATERRO (100% DE ENERGIA DO PROCTOR NORMAL) COM SOLO PREDOMINANTEMENTE ARENOSO, EM CAMADAS COM ESPESSURA DE 10 CM - EXCLUSIVE ESCAVAÇÃO, CARGA E TRANSPORTE E SOLO. AF_09/2024","M3",8.07,105562,null,7.85,8.07]
[null,105563,"EXECUÇÃO E COMPACTAÇÃO DE CAMADA FINAL DE ATERRO (100% DE ENERGIA DO PROCTOR NORMAL) COM SOLO PREDOMINANTEMENTE ARENOSO, EM CAMADAS COM ESPESSURA DE 15 CM - EXCLUSIVE ESCAVAÇÃO, CARGA E TRANSPORTE E SOLO. AF_09/2024","M3",6.52,105563,null,6.36,6.52]
[null,105564,"EXECUÇÃO E COMPACTAÇÃO DE CORPO DE ATERRO (95% DE ENERGIA DO PROCTOR NORMAL) COM SOLO PREDOMINANTEMENTE ARENOSO, EM CAMADAS COM ESPESSURA DE 20 CM - EXCLUSIVE ESCAVAÇÃO, CARGA E TRANSPORTE E SOLO. AF_09/2024","M3",6.01,105564,null,5.84,6.01]
[null,105565,"EXECUÇÃO E COMPACTAÇÃO DE CAMADA FINAL DE ATERRO (100% DE ENERGIA DO PROCTOR NORMAL) COM SOLO PREDOMINANTEMENTE ARENOSO, EM CAMADAS COM ESPESSURA DE 20 CM - EXCLUSIVE ESCAVAÇÃO, CARGA E TRANSPORTE E SOLO. AF_09/2024","M3",6.05,105565,null,5.89,6.05]
[null,93367,"REATERRO MECANIZADO DE VALA COM ESCAVADEIRA HIDRÁULICA (CAPACIDADE DA CAÇAMBA: 0,8 M³/POTÊNCIA: 111 HP), LARGURA DE 1,5 A 2,5 M, PROFUNDIDADE ATÉ 1,5 M, COM SOLO (SEM SUBSTITUIÇÃO) DE 1ª CATEGORIA, COM COMPACTADOR DE SOLOS DE PERCUSSÃO. AF_08/2023","M3",21.61,93367,null,20.87,21.61]
[null,93368,"REATERRO MECANIZADO DE VALA COM ESCAVADEIRA HIDRÁULICA (CAPACIDADE DA CAÇAMBA: 0,8 M³/POTÊNCIA: 111 HP), LARGURA ATÉ 1,5 M, PROFUNDIDADE DE 1,5 A 3,0 M, COM SOLO (SEM SUBSTITUIÇÃO) DE 1ª CATEGORIA, COM COMPACTADOR DE SOLOS DE PERCUSSÃO. AF_08/2023","M3",18.899999999999999,93368,null,18.23,18.899999999999999]
[null,93369,"REATERRO MECANIZADO DE VALA COM ESCAVADEIRA HIDRÁULICA (CAPACIDADE DA CAÇAMBA: 0,8 M³/POTÊNCIA: 111 HP), LARGURA 1,5 A 2,5 M, PROFUNDIDADE 1,5 A 3,0 M, COM SOLO (SEM SUBSTITUIÇÃO) DE 1ª CATEGORIA, COM COMPACTADOR DE SOLOS DE PERCUSSÃO. AF_08/2023","M3",15.47,93369,null,14.9,15.47]
[null,93372,"REATERRO MECANIZADO DE VALA COM ESCAVADEIRA HIDRÁULICA (CAPACIDADE DA CAÇAMBA: 0,8 M³/POTÊNCIA: 111 HP), LARGURA ATÉ 1,5 M, PROFUNDIDADE DE 3,0 A 6,0 M, COM SOLO (SEM SUBSTITUIÇÃO) DE 1ª CATEGORIA, COM COMPACTADOR DE SOLOS DE PERCUSSÃO. AF_08/2023","M3",14.85,93372,null,14.3,14.85]
[null,93373,"REATERRO MECANIZADO DE VALA COM ESCAVADEIRA HIDRÁULICA (CAPACIDADE DA CAÇAMBA: 0,8 M³/POTÊNCIA: 111 HP), LARGURA 1,5 A 2,5 M, PROFUNDIDADE 3,0 A 6,0 M, COM SOLO (SEM SUBSTITUIÇÃO) DE 1ª CATEGORIA, COM COMPACTADOR DE SOLOS DE PERCUSSÃO. AF_08/2023","M3",12.66,93373,null,12.17,12.66]
[null,93378,"REATERRO MECANIZADO DE VALA COM RETROESCAVADEIRA (CAPACIDADE DA CAÇAMBA   DA RETRO: 0,26 M³/POTÊNCIA: 88 HP), LARGURA ATÉ 0,8 M, PROFUNDIDADE ATÉ 1,5 M, COM SOLO (SEM SUBSTITUIÇÃO) DE 1ª CATEGORIA, COM COMPACTADOR DE SOLOS DE PERCUSSÃO. AF_08/2023","M3",21.25,93378,null,20.260000000000002,21.25]
[null,93379,"REATERRO MECANIZADO DE VALA COM RETROESCAVADEIRA (CAPACIDADE DA CAÇAMBA   DA RETRO: 0,26 M³/POTÊNCIA: 88 HP), LARGURA 0,8 A 1,5 M, PROFUNDIDADE ATÉ 1,5 M, COM SOLO (SEM SUBSTITUIÇÃO) DE 1ª CATEGORIA, COM COMPACTADOR DE SOLOS DE PERCUSSÃO AF_08/2023","M3",16.32,93379,null,15.56,16.32]
[null,93380,"REATERRO MECANIZADO DE VALA COM RETROESCAVADEIRA (CAPACIDADE DA CAÇAMBA   DA RETRO: 0,26 M³/POTÊNCIA: 88 HP), LARGURA ATÉ 0,8 M, PROFUNDIDADE 1,5 A 3,0 M, COM SOLO (SEM SUBSTITUIÇÃO) DE 1ª CATEGORIA, COM COMPACTADOR DE SOLOS DE PERCUSSÃO AF_08/2023","M3",13.9,93380,null,13.27,13.9]
[null,93381,"REATERRO MECANIZADO DE VALA COM RETROESCAVADEIRA (CAPACIDADE DA CAÇAMBA   DA RETRO: 0,26 M³/POTÊNCIA: 88 HP), LARGURA 0,8 A 1,5 M, PROFUNDIDADE 1,5 A 3,0 M, COM SOLO (SEM SUBSTITUIÇÃO) DE 1ª CATEGORIA E COMPACTADOR DE SOLOS DE PERCUSSÃO. AF_08/2023","M3",11.26,93381,null,10.73,11.26]
[null,93382,"REATERRO MANUAL DE VALAS, COM COMPACTADOR DE SOLOS DE PERCUSSÃO. AF_08/2023","M3",23.73,93382,null,21.69,23.73]
[null,104728,"REATERRO MECANIZADO DE VALA COM ESCAVADEIRA HIDRÁULICA (CAPACIDADE DA CAÇAMBA: 0,8 M³/POTÊNCIA: 111 HP), LARGURA DE 1,5 A 2,5 M, PROFUNDIDADE ATÉ 1,5 M, COM SOLO (SEM SUBSTITUIÇÃO) DE 1ª CATEGORIA, COM PLACA VIBRATÓRIA. AF_08/2023","M3",18.54,104728,null,18.05,18.54]
[null,104729,"REATERRO MECANIZADO DE VALA COM ESCAVADEIRA HIDRÁULICA (CAPACIDADE DA CAÇAMBA: 0,8 M³/POTÊNCIA: 111 HP), LARGURA ATÉ 1,5 M, PROFUNDIDADE DE 1,5 A 3,0 M, COM SOLO (SEM SUBSTITUIÇÃO) DE 1ª CATEGORIA, COM PLACA VIBRATÓRIA. AF_08/2023","M3",15.81,104729,null,15.4,15.81]
[null,104730,"REATERRO MECANIZADO DE VALA COM ESCAVADEIRA HIDRÁULICA (CAPACIDADE DA CAÇAMBA: 0,8 M³/POTÊNCIA: 111 HP), LARGURA DE 1,5 A 2,5 M, PROFUNDIDADE DE 1,5 A 3,0 M, COM SOLO (SEM SUBSTITUIÇÃO) DE 1ª CATEGORIA, COM PLACA VIBRATÓRIA. AF_08/2023","M3",12.39,104730,null,12.07,12.39]
[null,104731,"REATERRO MECANIZADO DE VALA COM ESCAVADEIRA HIDRÁULICA (CAPACIDADE DA CAÇAMBA: 0,8 M³/POTÊNCIA: 111 HP), LARGURA ATÉ 1,5 M, PROFUNDIDADE DE 3,0 A 6,0 M, COM SOLO (SEM SUBSTITUIÇÃO) DE 1ª CATEGORIA, COM PLACA VIBRATÓRIA. AF_08/2023","M3",11.76,104731,null,11.46,11.76]
[null,104732,"REATERRO MECANIZADO DE VALA COM ESCAVADEIRA HIDRÁULICA (CAPACIDADE DA CAÇAMBA: 0,8 M³/POTÊNCIA: 111 HP), LARGURA DE 1,5 A 2,5 M, PROFUNDIDADE DE 3,0 A 6,0 M, COM SOLO (SEM SUBSTITUIÇÃO) DE 1ª CATEGORIA, COM PLACA VIBRATÓRIA. AF_08/2023","M3",9.58,104732,null,9.33,9.58]
[null,104733,"REATERRO MECANIZADO DE VALA COM RETROESCAVADEIRA (CAPACIDADE   DA   CAÇAMBA   DA RETRO: 0,26 M³/POTÊNCIA: 88 HP), LARGURA ATÉ 0,8 M, PROFUNDIDADE ATÉ 1,5 M, COM SOLO (SEM SUBSTITUIÇÃO) DE 1ª CATEGORIA, COM PLACA VIBRATÓRIA. AF_08/2023","M3",18.190000000000001,104733,null,17.48,18.190000000000001]
[null,104734,"REATERRO MECANIZADO DE VALA COM RETROESCAVADEIRA (CAPACIDADE   DA   CAÇAMBA   DA RETRO: 0,26 M³/POTÊNCIA: 88 HP), LARGURA DE 0,8 A 1,5 M, PROFUNDIDADE ATÉ 1,5 M, COM SOLO (SEM SUBSTITUIÇÃO) DE 1ª CATEGORIA, COM PLACA VIBRATÓRIA. AF_08/2023","M3",13.26,104734,null,12.76,13.26]
[null,104735,"REATERRO MECANIZADO DE VALA COM RETROESCAVADEIRA (CAPACIDADE   DA   CAÇAMBA   DA RETRO: 0,26 M³/POTÊNCIA: 88 HP), LARGURA ATÉ 0,8 M, PROFUNDIDADE DE 1,5 A 3,0 M, COM SOLO (SEM SUBSTITUIÇÃO) DE 1ª CATEGORIA, COM PLACA VIBRATÓRIA. AF_08/2023","M3",10.84,104735,null,10.45,10.84]
[null,104736,"REATERRO MECANIZADO DE VALA COM RETROESCAVADEIRA (CAPACIDADE   DA   CAÇAMBA   DA RETRO: 0,26 M³/POTÊNCIA: 88 HP), LARGURA DE 0,8 A 1,5 M, PROFUNDIDADE DE 1,5 A 3,0 M, COM SOLO (SEM SUBSTITUIÇÃO) DE 1ª CATEGORIA, COM PLACA VIBRATÓRIA. AF_08/2023","M3",8.18,104736,null,7.9,8.18]
[null,104737,"REATERRO MANUAL DE VALAS, COM PLACA VIBRATÓRIA. AF_08/2023","M3",20.67,104737,null,18.91,20.67]
[null,104738,"ATERRO MECANIZADO DE VALA COM MINICARREGADEIRA, COM SOLO ARGILO-ARENOSO. AF_08/2023","M3",77.540000000000006,104738,null,76.459999999999994,77.540000000000006]
[null,104739,"ATERRO MECANIZADO DE VALA COM MINICARREGADEIRA, COM AREIA PARA ATERRO. AF_08/2023","M3",115.94,104739,null,114.86,115.94]
[null,104740,"REATERRO MECANIZADO DE VALA COM MINICARREGADEIRA, COM COMPACTADOR DE SOLOS DE PERCUSSÃO. AF_08/2023","M3",25.67,104740,null,24.59,25.67]
[null,104741,"REATERRO MECANIZADO DE VALA COM MINICARREGADEIRA, COM PLACA VIBRATÓRIA. AF_08/2023","M3",22.62,104741,null,21.81,22.62]
[null,104742,"COMPACTAÇÃO DE VALAS COM ROLO COMPRESSOR. AF_08/2023","M2",8.15,104742,null,8.02,8.15]
[null,97916,"TRANSPORTE COM CAMINHÃO BASCULANTE DE 6 M³, EM VIA URBANA EM LEITO NATURAL (UNIDADE: TXKM). AF_07/2020","TXKM",2.6,97916,null,2.54,2.6]
[null,97917,"TRANSPORTE COM CAMINHÃO BASCULANTE DE 6 M³, EM VIA URBANA EM REVESTIMENTO PRIMÁRIO (UNIDADE: TXKM). AF_07/2020","TXKM",2.25,97917,null,2.19,2.25]
[null,97918,"TRANSPORTE COM CAMINHÃO BASCULANTE DE 6 M³, EM VIA URBANA PAVIMENTADA, DMT ATÉ 30 KM (UNIDADE: TXKM). AF_07/2020","TXKM",2.0699999999999998,97918,null,2.02,2.0699999999999998]
[null,97919,"TRANSPORTE COM CAMINHÃO BASCULANTE DE 6 M³, EM VIA URBANA PAVIMENTADA, ADICIONAL PARA DMT EXCEDENTE A 30 KM (UNIDADE: TXKM). AF_07/2020","TXKM",0.81,97919,null,0.8,0.81]
[null,101616,"PREPARO DE FUNDO DE VALA COM LARGURA MENOR QUE 1,5 M (ACERTO DO SOLO NATURAL). AF_08/2020","M2",5.9,101616,null,5.31,5.9]
[null,101617,"PREPARO DE FUNDO DE VALA COM LARGURA MAIOR OU IGUAL A 1,5 M E MENOR QUE 2,5 M (ACERTO DO SOLO NATURAL). AF_08/2020","M2",{"$f":"IF($K$2=$H$1,H5955,I5955)","v":2.9},{"$f":"IF(LEN($B5955)=7,CONCATENATE(MID($B5955,1,6),\"00\",RIGHT($B5955,1)),IF(LEN($B5955)=8,CONCATENATE(MID($B5955,1,6),\"0\",RIGHT($B5955,2)),$B5955))","v":101617},null,2.62,2.9]
[null,101618,"PREPARO DE FUNDO DE VALA COM LARGURA MENOR QUE 1,5 M, COM CAMADA DE AREIA, LANÇAMENTO MANUAL. AF_08/2020","M3",260.11,101618,null,248.38,260.11]
[null,101619,"PREPARO DE FUNDO DE VALA COM LARGURA MENOR QUE 1,5 M, COM CAMADA DE BRITA, LANÇAMENTO MANUAL. AF_08/2020","M3",352.04,101619,null,337.64,352.04]
[null,101620,"PREPARO DE FUNDO DE VALA COM LARGURA MAIOR OU IGUAL A 1,5 M E MENOR QUE 2,5 M, COM CAMADA DE AREIA, LANÇAMENTO MANUAL. AF_08/2020","M3",236.5,101620,null,227.12,236.5]
[null,101621,"PREPARO DE FUNDO DE VALA COM LARGURA MAIOR OU IGUAL A 1,5 M E MENOR QUE 2,5 M, COM CAMADA DE BRITA, LANÇAMENTO MANUAL. AF_08/2020","M3",328.42,101621,null,316.38,328.42]
[null,101622,"PREPARO DE FUNDO DE VALA COM LARGURA MENOR QUE 1,5 M, COM CAMADA DE AREIA, LANÇAMENTO MECANIZADO. AF_08/2020","M3",232.56,101622,null,226.38,232.56]
[null,101623,"PREPARO DE FUNDO DE VALA COM LARGURA MENOR QUE 1,5 M, COM CAMADA DE BRITA, LANÇAMENTO MECANIZADO. AF_08/2020","M3",318.08,101623,null,310.52999999999997,318.08]
[null,101624,"PREPARO DE FUNDO DE VALA COM LARGURA MAIOR OU IGUAL A 1,5 M E MENOR QUE 2,5 M, COM CAMADA DE BRITA, LANÇAMENTO MECANIZADO. AF_08/2020","M3",275.87,101624,null,271.23,275.87]
[null,101625,"PREPARO DE FUNDO DE VALA COM LARGURA MAIOR OU IGUAL A 1,5 M E MENOR QUE 2,5 M, COM CAMADA DE AREIA, LANÇAMENTO MECANIZADO. AF_08/2020","M3",195.7,101625,null,192.07,195.7]
[null,101159,"ALVENARIA DE VEDAÇÃO DE BLOCOS CERÂMICOS MACIÇOS DE 5X10X20CM (ESPESSURA 10CM) E ARGAMASSA DE ASSENTAMENTO COM PREPARO EM BETONEIRA. AF_05/2020","M2",141.31,101159,null,133.94999999999999,141.31]
[null,103322,"ALVENARIA DE VEDAÇÃO DE BLOCOS CERÂMICOS FURADOS NA VERTICAL DE 9X19X39 CM (ESPESSURA 9 CM) E ARGAMASSA DE ASSENTAMENTO COM PREPARO EM BETONEIRA. AF_12/2021","M2",65.709999999999994,103322,null,63.47,65.709999999999994]
[null,103323,"ALVENARIA DE VEDAÇÃO DE BLOCOS CERÂMICOS FURADOS NA VERTICAL DE 9X19X39 CM (ESPESSURA 9 CM) E ARGAMASSA DE ASSENTAMENTO COM PREPARO MANUAL. AF_12/2021","M2",67.010000000000005,103323,null,64.64,67.010000000000005]
[null,103324,"ALVENARIA DE VEDAÇÃO DE BLOCOS CERÂMICOS FURADOS NA VERTICAL DE 14X19X39 CM (ESPESSURA 14 CM) E ARGAMASSA DE ASSENTAMENTO COM PREPARO EM BETONEIRA. AF_12/2021","M2",86.98,103324,null,83.72,86.98]
[null,103325,"ALVENARIA DE VEDAÇÃO DE BLOCOS CERÂMICOS FURADOS NA VERTICAL DE 14X19X39 CM (ESPESSURA 14 CM) E ARGAMASSA DE ASSENTAMENTO COM PREPARO MANUAL. AF_12/2021","M2",88.45,103325,null,85.04,88.45]
[null,103326,"ALVENARIA DE VEDAÇÃO DE BLOCOS CERÂMICOS FURADOS NA VERTICAL DE 19X19X39 CM (ESPESSURA 19 CM) E ARGAMASSA DE ASSENTAMENTO COM PREPARO EM BETONEIRA. AF_12/2021","M2",102.86,103326,null,99.11,102.86]
[null,103327,"ALVENARIA DE VEDAÇÃO DE BLOCOS CERÂMICOS FURADOS NA VERTICAL DE 19X19X39 CM (ESPESSURA 19 CM) E ARGAMASSA DE ASSENTAMENTO COM PREPARO MANUAL. AF_12/2021","M2",104.58,103327,null,100.66,104.58]
[null,103328,"ALVENARIA DE VEDAÇÃO DE BLOCOS CERÂMICOS FURADOS NA HORIZONTAL DE 9X19X19 CM (ESPESSURA 9 CM) E ARGAMASSA DE ASSENTAMENTO COM PREPARO EM BETONEIRA. AF_12/2021","M2",95.71,103328,null,89.74,95.71]
[null,103329,"ALVENARIA DE VEDAÇÃO DE BLOCOS CERÂMICOS FURADOS NA HORIZONTAL DE 9X19X19 CM (ESPESSURA 9 CM) E ARGAMASSA DE ASSENTAMENTO COM PREPARO MANUAL. AF_12/2021","M2",96.85,103329,null,90.76,96.85]
[null,103330,"ALVENARIA DE VEDAÇÃO DE BLOCOS CERÂMICOS FURADOS NA HORIZONTAL DE 11,5X19X19 CM (ESPESSURA 11,5 CM) E ARGAMASSA DE ASSENTAMENTO COM PREPARO EM BETONEIRA. AF_12/2021","M2",86.59,103330,null,82.11,86.59]
[null,103331,"ALVENARIA DE VEDAÇÃO DE BLOCOS CERÂMICOS FURADOS NA HORIZONTAL DE 11,5X19X19 CM (ESPESSURA 11,5 CM) E ARGAMASSA DE ASSENTAMENTO COM PREPARO MANUAL. AF_12/2021","M2",87.82,103331,null,83.21,87.82]
[null,103332,"ALVENARIA DE VEDAÇÃO DE BLOCOS CERÂMICOS FURADOS NA HORIZONTAL DE 9X14X19 CM (ESPESSURA 9 CM) E ARGAMASSA DE ASSENTAMENTO COM PREPARO EM BETONEIRA. AF_12/2021","M2",119.93,103332,null,111.79,119.93]
[null,103333,"ALVENARIA DE VEDAÇÃO DE BLOCOS CERÂMICOS FURADOS NA HORIZONTAL DE 9X14X19 CM (ESPESSURA 9 CM) E ARGAMASSA DE ASSENTAMENTO COM PREPARO MANUAL. AF_12/2021","M2",121.25,103333,null,112.97,121.25]
[null,103334,"ALVENARIA DE VEDAÇÃO DE BLOCOS CERÂMICOS FURADOS NA HORIZONTAL DE 14X9X19 CM (ESPESSURA 14 CM, BLOCO DEITADO) E ARGAMASSA DE ASSENTAMENTO COM PREPARO EM BETONEIRA. AF_12/2021","M2",148.03,103334,null,139.37,148.03]
[null,103335,"ALVENARIA DE VEDAÇÃO DE BLOCOS CERÂMICOS FURADOS NA HORIZONTAL DE 14X9X19 CM (ESPESSURA 14 CM, BLOCO DEITADO) E ARGAMASSA DE ASSENTAMENTO COM PREPARO MANUAL. AF_12/2021","M2",150.32,103335,null,141.43,150.32]
[null,103344,"ALVENARIA DE VEDAÇÃO DE BLOCOS CERÂMICOS FURADOS NA VERTICAL DE 11,5X19X29 CM (ESPESSURA 11,5 CM) E ARGAMASSA DE ASSENTAMENTO COM PREPARO EM BETONEIRA. AF_12/2021","M2",90.03,103344,null,86.4,90.03]
[null,103345,"ALVENARIA DE VEDAÇÃO DE BLOCOS CERÂMICOS FURADOS NA VERTICAL DE 11,5X19X29 CM (ESPESSURA 11,5 CM) E ARGAMASSA DE ASSENTAMENTO COM PREPARO MANUAL. AF_12/2021","M2",91.55,103345,null,87.77,91.55]
[null,103346,"ALVENARIA DE VEDAÇÃO DE BLOCOS CERÂMICOS FURADOS NA VERTICAL DE 14X19X29 CM (ESPESSURA 14 CM) E ARGAMASSA DE ASSENTAMENTO COM PREPARO EM BETONEIRA. AF_12/2021","M2",98.98,103346,null,94.72,98.98]
[null,103347,"ALVENARIA DE VEDAÇÃO DE BLOCOS CERÂMICOS FURADOS NA VERTICAL DE 14X19X29 CM (ESPESSURA 14 CM) E ARGAMASSA DE ASSENTAMENTO COM PREPARO MANUAL. AF_12/2021","M2",100.6,103347,null,96.18,100.6]
[null,103348,"ALVENARIA DE VEDAÇÃO DE BLOCOS CERÂMICOS FURADOS NA VERTICAL DE 11,5X19X39 CM (ESPESSURA 11,5 CM) E ARGAMASSA DE ASSENTAMENTO COM PREPARO EM BETONEIRA. AF_12/2021","M2",76.989999999999995,103348,null,74.180000000000007,76.989999999999995]
[null,103349,"ALVENARIA DE VEDAÇÃO DE BLOCOS CERÂMICOS FURADOS NA VERTICAL DE 11,5X19X39 CM (ESPESSURA 11,5 CM) E ARGAMASSA DE ASSENTAMENTO COM PREPARO MANUAL. AF_12/2021","M2",78.37,103349,null,75.430000000000007,78.37]
[null,103350,"ALVENARIA DE VEDAÇÃO DE BLOCOS CERÂMICOS FURADOS NA HORIZONTAL DE 9X9X19 CM (ESPESSURA 9 CM) E ARGAMASSA DE ASSENTAMENTO COM PREPARO EM BETONEIRA. AF_12/2021","M2",177.67,103350,null,166.45,177.67]
[null,103351,"ALVENARIA DE VEDAÇÃO DE BLOCOS CERÂMICOS FURADOS NA HORIZONTAL DE 9X9X19 CM (ESPESSURA 9 CM) E ARGAMASSA DE ASSENTAMENTO COM PREPARO MANUAL. AF_12/2021","M2",179.34,103351,null,167.96,179.34]
[null,103352,"ALVENARIA DE VEDAÇÃO DE BLOCOS CERÂMICOS FURADOS NA HORIZONTAL DE 9X14X24 CM (ESPESSURA 9 CM) E ARGAMASSA DE ASSENTAMENTO COM PREPARO EM BETONEIRA. AF_12/2021","M2",103.99,103352,null,97.33,103.99]
[null,103353,"ALVENARIA DE VEDAÇÃO DE BLOCOS CERÂMICOS FURADOS NA HORIZONTAL DE 9X14X24 CM (ESPESSURA 9 CM) E ARGAMASSA DE ASSENTAMENTO COM PREPARO MANUAL. AF_12/2021","M2",105.21,103353,null,98.41,105.21]
[null,103354,"ALVENARIA DE VEDAÇÃO DE BLOCOS CERÂMICOS FURADOS NA HORIZONTAL DE 11,5X14X24 CM (ESPESSURA 11,5 CM) E ARGAMASSA DE ASSENTAMENTO COM PREPARO EM BETONEIRA. AF_12/2021","M2",92.04,103354,null,86.9,92.04]
[null,103355,"ALVENARIA DE VEDAÇÃO DE BLOCOS CERÂMICOS FURADOS NA HORIZONTAL DE 11,5X14X24 CM (ESPESSURA 11,5 CM) E ARGAMASSA DE ASSENTAMENTO COM PREPARO MANUAL. AF_12/2021","M2",93.34,103355,null,88.07,93.34]
[null,103356,"ALVENARIA DE VEDAÇÃO DE BLOCOS CERÂMICOS FURADOS NA HORIZONTAL DE 9X19X29 CM (ESPESSURA 9 CM) E ARGAMASSA DE ASSENTAMENTO COM PREPARO EM BETONEIRA. AF_12/2021","M2",65.94,103356,null,63.06,65.94]
[null,103357,"ALVENARIA DE VEDAÇÃO DE BLOCOS CERÂMICOS FURADOS NA HORIZONTAL DE 9X19X29 CM (ESPESSURA 9 CM) E ARGAMASSA DE ASSENTAMENTO COM PREPARO MANUAL. AF_12/2021","M2",66.900000000000006,103357,null,63.92,66.900000000000006]
[null,103358,"ALVENARIA DE VEDAÇÃO DE BLOCOS CERÂMICOS FURADOS NA HORIZONTAL DE 11,5X19X29 CM (ESPESSURA 11,5 CM) E ARGAMASSA DE ASSENTAMENTO COM PREPARO EM BETONEIRA. AF_12/2021","M2",74.069999999999993,103358,null,70.489999999999995,74.069999999999993]
[null,103359,"ALVENARIA DE VEDAÇÃO DE BLOCOS CERÂMICOS FURADOS NA HORIZONTAL DE 11,5X19X29 CM (ESPESSURA 11,5 CM) E ARGAMASSA DE ASSENTAMENTO COM PREPARO MANUAL. AF_12/2021","M2",75.11,103359,null,71.42,75.11]
[null,103360,"ALVENARIA DE VEDAÇÃO DE BLOCOS CERÂMICOS FURADOS NA HORIZONTAL DE 14X19X29 CM (ESPESSURA 14 CM) E ARGAMASSA DE ASSENTAMENTO COM PREPARO EM BETONEIRA. AF_12/2021","M2",86.2,103360,null,81.97,86.2]
[null,103361,"ALVENARIA DE VEDAÇÃO DE BLOCOS CERÂMICOS FURADOS NA HORIZONTAL DE 14X19X29 CM (ESPESSURA 14 CM) E ARGAMASSA DE ASSENTAMENTO COM PREPARO MANUAL. AF_12/2021","M2",87.52,103361,null,83.15,87.52]
[null,103362,"ALVENARIA DE VEDAÇÃO DE BLOCOS CERÂMICOS FURADOS NA HORIZONTAL DE 19X19X29 CM (ESPESSURA 19 CM) E ARGAMASSA DE ASSENTAMENTO COM PREPARO EM BETONEIRA. AF_12/2021","M2",106.47,103362,null,101.64,106.47]
[null,103363,"ALVENARIA DE VEDAÇÃO DE BLOCOS CERÂMICOS FURADOS NA HORIZONTAL DE 19X19X29 CM (ESPESSURA 19 CM) E ARGAMASSA DE ASSENTAMENTO COM PREPARO MANUAL. AF_12/2021","M2",107.94,103363,null,102.96,107.94]
[null,103364,"ALVENARIA DE VEDAÇÃO DE BLOCOS CERÂMICOS FURADOS NA HORIZONTAL DE 9X19X39 CM (ESPESSURA 9 CM) E ARGAMASSA DE ASSENTAMENTO COM PREPARO EM BETONEIRA. AF_12/2021","M2",55.7,103364,null,53.49,55.7]
[null,103365,"ALVENARIA DE VEDAÇÃO DE BLOCOS CERÂMICOS FURADOS NA HORIZONTAL DE 9X19X39 CM (ESPESSURA 9 CM) E ARGAMASSA DE ASSENTAMENTO COM PREPARO MANUAL. AF_12/2021","M2",56.34,103365,null,54.04,56.34]
[null,103366,"ALVENARIA DE VEDAÇÃO DE BLOCOS CERÂMICOS FURADOS NA HORIZONTAL DE 11,5X19X39 CM (ESPESSURA 11,5 CM) E ARGAMASSA DE ASSENTAMENTO COM PREPARO EM BETONEIRA. AF_12/2021","M2",66.459999999999994,103366,null,63.69,66.459999999999994]
[null,103367,"ALVENARIA DE VEDAÇÃO DE BLOCOS CERÂMICOS FURADOS NA HORIZONTAL DE 11,5X19X39 CM (ESPESSURA 11,5 CM) E ARGAMASSA DE ASSENTAMENTO COM PREPARO MANUAL. AF_12/2021","M2",67.400000000000006,103367,null,64.53,67.400000000000006]
[null,103368,"ALVENARIA DE VEDAÇÃO DE BLOCOS CERÂMICOS FURADOS NA HORIZONTAL DE 14X19X39 CM (ESPESSURA 14 CM) E ARGAMASSA DE ASSENTAMENTO COM PREPARO EM BETONEIRA. AF_12/2021","M2",74.739999999999995,103368,null,71.510000000000005,74.739999999999995]
[null,103369,"ALVENARIA DE VEDAÇÃO DE BLOCOS CERÂMICOS FURADOS NA HORIZONTAL DE 14X19X39 CM (ESPESSURA 14 CM) E ARGAMASSA DE ASSENTAMENTO COM PREPARO MANUAL. AF_12/2021","M2",75.930000000000007,103369,null,72.569999999999993,75.930000000000007]
[null,103370,"ALVENARIA DE VEDAÇÃO DE BLOCOS CERÂMICOS FURADOS NA HORIZONTAL DE 19X19X39 CM (ESPESSURA 19 CM) E ARGAMASSA DE ASSENTAMENTO COM PREPARO EM BETONEIRA. AF_12/2021","M2",96.43,103370,null,92.72,96.43]
[null,103371,"ALVENARIA DE VEDAÇÃO DE BLOCOS CERÂMICOS FURADOS NA HORIZONTAL DE 19X19X39 CM (ESPESSURA 19 CM) E ARGAMASSA DE ASSENTAMENTO COM PREPARO MANUAL. AF_12/2021","M2",97.77,103371,null,93.92,97.77]
[null,89282,"ALVENARIA ESTRUTURAL DE BLOCOS CERÂMICOS 14X19X39, (ESPESSURA DE 14 CM), UTILIZANDO PALHETA E ARGAMASSA DE ASSENTAMENTO COM PREPARO EM BETONEIRA. AF_03/2023","M2",81.319999999999993,89282,null,78.790000000000006,81.319999999999993]
[null,89283,"ALVENARIA ESTRUTURAL DE BLOCOS CERÂMICOS 14X19X39, (ESPESSURA DE 14 CM), UTILIZANDO PALHETA E ARGAMASSA DE ASSENTAMENTO COM PREPARO MANUAL. AF_03/2023","M2",82.85,89283,null,80.17,82.85]
[null,89290,"ALVENARIA ESTRUTURAL DE BLOCOS CERÂMICOS 14X19X29, (ESPESSURA DE 14 CM), UTILIZANDO PALHETA E ARGAMASSA DE ASSENTAMENTO COM PREPARO EM BETONEIRA. AF_03/2023","M2",88.23,89290,null,84.93,88.23]
[null,89291,"ALVENARIA ESTRUTURAL DE BLOCOS CERÂMICOS 14X19X29, (ESPESSURA DE 14 CM), UTILIZANDO PALHETA E ARGAMASSA DE ASSENTAMENTO COM PREPARO MANUAL. AF_03/2023","M2",89.93,89291,null,86.46,89.93]
[null,89298,"ALVENARIA ESTRUTURAL DE BLOCOS CERÂMICOS 14X19X39, (ESPESSURA DE 14 CM), UTILIZANDO COLHER DE PEDREIRO E ARGAMASSA DE ASSENTAMENTO COM PREPARO EM BETONEIRA. AF_03/2023","M2",92.12,89298,null,88.71,92.12]
[null,89299,"ALVENARIA ESTRUTURAL DE BLOCOS CERÂMICOS 14X19X39, (ESPESSURA DE 14 CM), UTILIZANDO COLHER DE PEDREIRO E ARGAMASSA DE ASSENTAMENTO COM PREPARO MANUAL. AF_03/2023","M2",94.17,89299,null,90.56,94.17]
[null,89306,"ALVENARIA ESTRUTURAL DE BLOCOS CERÂMICOS 14X19X29, (ESPESSURA DE 14 CM), UTILIZANDO COLHER DE PEDREIRO E ARGAMASSA DE ASSENTAMENTO COM PREPARO EM BETONEIRA. AF_03/2023","M2",103.45,89306,null,98.86,103.45]
[null,89307,"ALVENARIA ESTRUTURAL DE BLOCOS CERÂMICOS 14X19X29, (ESPESSURA DE 14 CM), UTILIZANDO COLHER DE PEDREIRO E ARGAMASSA DE ASSENTAMENTO COM PREPARO MANUAL. AF_03/2023","M2",105.73,89307,null,100.92,105.73]
[null,101157,"ALVENARIA DE VEDAÇÃO DE BLOCOS DE GESSO DE 7X50X66CM (ESPESSURA 7CM). AF_05/2020","M2",69.959999999999994,101157,null,68.180000000000007,69.959999999999994]
[null,101158,"ALVENARIA DE VEDAÇÃO DE BLOCOS DE GESSO DE 10X50X66CM (ESPESSURA 10CM). AF_05/2020","M2",92.08,101158,null,90,92.08]
[null,101162,"ALVENARIA DE VEDAÇÃO COM ELEMENTO VAZADO DE CERÂMICA (COBOGÓ) DE 7X20X20CM E ARGAMASSA DE ASSENTAMENTO COM PREPARO EM BETONEIRA. AF_05/2020","M2",165.71,101162,null,157.43,165.71]
[null,103316,"ALVENARIA DE VEDAÇÃO DE BLOCOS VAZADOS DE CONCRETO DE 9X19X39 CM (ESPESSURA 9 CM) E ARGAMASSA DE ASSENTAMENTO COM PREPARO EM BETONEIRA. AF_12/2021","M2",79.22,103316,null,76.47,79.22]
[null,103317,"ALVENARIA DE VEDAÇÃO DE BLOCOS VAZADOS DE CONCRETO DE 9X19X39 CM (ESPESSURA 9 CM) E ARGAMASSA DE ASSENTAMENTO COM PREPARO MANUAL. AF_12/2021","M2",{"$f":"IF($K$2=$H$1,H6019,I6019)","v":80.31},{"$f":"IF(LEN($B6019)=7,CONCATENATE(MID($B6019,1,6),\"00\",RIGHT($B6019,1)),IF(LEN($B6019)=8,CONCATENATE(MID($B6019,1,6),\"0\",RIGHT($B6019,2)),$B6019))","v":103317},null,77.45,80.31]
[null,103318,"ALVENARIA DE VEDAÇÃO DE BLOCOS VAZADOS DE CONCRETO DE 14X19X39 CM (ESPESSURA 14 CM)  E ARGAMASSA DE ASSENTAMENTO COM PREPARO EM BETONEIRA. AF_12/2021","M2",102.32,103318,null,98.57,102.32]
[null,103319,"ALVENARIA DE VEDAÇÃO DE BLOCOS VAZADOS DE CONCRETO DE 14X19X39 CM (ESPESSURA 14 CM) E ARGAMASSA DE ASSENTAMENTO COM PREPARO MANUAL. AF_12/2021","M2",103.6,103319,null,99.71,103.6]
[null,103320,"ALVENARIA DE VEDAÇÃO DE BLOCOS VAZADOS DE CONCRETO DE 19X19X39 CM (ESPESSURA 19 CM) E ARGAMASSA DE ASSENTAMENTO COM PREPARO EM BETONEIRA. AF_12/2021","M2",123.73,103320,null,119.47,123.73]
[null,103321,"ALVENARIA DE VEDAÇÃO DE BLOCOS VAZADOS DE CONCRETO DE 19X19X39 CM (ESPESSURA 19 CM) E ARGAMASSA DE ASSENTAMENTO COM PREPARO MANUAL. AF_12/2021","M2",125.33,103321,null,120.9,125.33]
[null,103336,"ALVENARIA DE VEDAÇÃO DE BLOCOS  VAZADOS DE CONCRETO APARENTE DE 9X19X39 CM (ESPESSURA 9 CM) E ARGAMASSA DE ASSENTAMENTO COM PREPARO EM BETONEIRA. AF_12/2021","M2",87.91,103336,null,84.36,87.91]
[null,103337,"ALVENARIA DE VEDAÇÃO DE BLOCOS  VAZADOS DE CONCRETO APARENTE DE 9X19X39 CM (ESPESSURA 9 CM) E ARGAMASSA DE ASSENTAMENTO COM PREPARO MANUAL. AF_12/2021","M2",89,103337,null,85.34,89]
[null,103338,"ALVENARIA DE VEDAÇÃO DE BLOCOS  VAZADOS DE CONCRETO APARENTE DE 14X19X39 CM (ESPESSURA 14 CM) E ARGAMASSA DE ASSENTAMENTO COM PREPARO EM BETONEIRA. AF_12/2021","M2",115.35,103338,null,110.51,115.35]
[null,103339,"ALVENARIA DE VEDAÇÃO DE BLOCOS  VAZADOS DE CONCRETO APARENTE DE 14X19X39 CM (ESPESSURA 14 CM) E ARGAMASSA DE ASSENTAMENTO COM PREPARO MANUAL. AF_12/2021","M2",116.63,103339,null,111.65,116.63]
[null,103340,"ALVENARIA DE VEDAÇÃO DE BLOCOS  VAZADOS DE CONCRETO APARENTE DE 19X19X39 CM (ESPESSURA 19 CM) E ARGAMASSA DE ASSENTAMENTO COM PREPARO EM BETONEIRA. AF_12/2021","M2",140.52000000000001,103340,null,135.01,140.52000000000001]
[null,103341,"ALVENARIA DE VEDAÇÃO DE BLOCOS  VAZADOS DE CONCRETO APARENTE DE 19X19X39 CM (ESPESSURA 19 CM) E ARGAMASSA DE ASSENTAMENTO COM PREPARO MANUAL. AF_12/2021","M2",142.12,103341,null,136.44,142.12]
[null,103342,"ALVENARIA DE VEDAÇÃO DE BLOCOS  VAZADOS DE CONCRETO DE 14X19X29 CM (ESPESSURA 14 CM) E ARGAMASSA DE ASSENTAMENTO COM PREPARO EM BETONEIRA. AF_12/2021","M2",119.91,103342,null,115.66,119.91]
[null,103343,"ALVENARIA DE VEDAÇÃO DE BLOCOS  VAZADOS DE CONCRETO DE 14X19X29 CM (ESPESSURA 14 CM) E ARGAMASSA DE ASSENTAMENTO COM PREPARO MANUAL. AF_12/2021","M2",121.32,103343,null,116.93,121.32]
[null,89453,"ALVENARIA DE BLOCOS DE CONCRETO ESTRUTURAL 14X19X39 CM (ESPESSURA 14 CM), FBK = 4,5 MPA, UTILIZANDO PALHETA. AF_10/2022","M2",92.62,89453,null,90.43,92.62]
[null,89455,"ALVENARIA DE BLOCOS DE CONCRETO ESTRUTURAL 14X19X39 CM (ESPESSURA 14 CM), FBK = 14 MPA, UTILIZANDO PALHETA. AF_10/2022","M2",113.76,89455,null,111.44,113.76]
[null,89462,"ALVENARIA DE BLOCOS DE CONCRETO ESTRUTURAL 14X19X29 CM (ESPESSURA 14 CM), FBK = 4,5 MPA, UTILIZANDO PALHETA. AF_10/2022","M2",120.45,89462,null,116.92,120.45]
[null,89464,"ALVENARIA DE BLOCOS DE CONCRETO ESTRUTURAL 14X19X29 CM (ESPESSURA 14 CM), FBK = 14,0 MPA, UTILIZANDO PALHETA. AF_10/2022","M2",143.37,89464,null,139.56,143.37]
[null,89470,"ALVENARIA DE BLOCOS DE CONCRETO ESTRUTURAL 14X19X39 CM (ESPESSURA 14 CM), FBK = 4,5 MPA, UTILIZANDO COLHER DE PEDREIRO. AF_10/2022","M2",103.56,89470,null,100.53,103.56]
[null,89472,"ALVENARIA DE BLOCOS DE CONCRETO ESTRUTURAL 14X19X39 CM (ESPESSURA 14 CM), FBK = 14 MPA, UTILIZANDO COLHER DE PEDREIRO. AF_10/2022","M2",125.9,89472,null,122.65,125.9]
[null,89478,"ALVENARIA DE BLOCOS DE CONCRETO ESTRUTURAL 14X19X29 CM (ESPESSURA 14 CM), FBK = 4,5 MPA, UTILIZANDO COLHER DE PEDREIRO. AF_10/2022","M2",138.22999999999999,89478,null,133.18,138.22999999999999]
[null,89480,"ALVENARIA DE BLOCOS DE CONCRETO ESTRUTURAL 14X19X29 CM (ESPESSURA 14 CM), FBK = 14 MPA, UTILIZANDO COLHER DE PEDREIRO. AF_10/2022","M2",162.38,89480,null,156.97999999999999,162.38]
[null,101161,"ALVENARIA DE VEDAÇÃO COM ELEMENTO VAZADO DE CONCRETO (COBOGÓ) DE 7X50X50CM E ARGAMASSA DE ASSENTAMENTO COM PREPARO EM BETONEIRA. AF_05/2020","M2",238.18,101161,null,230.61,238.18]
[null,101163,"ALVENARIA DE VEDAÇÃO COM BLOCO DE VIDRO VAZADO, TIPO VENEZIANA, DE 6X20X20CM E ARGAMASSA DE ASSENTAMENTO COM PREPARO EM BETONEIRA. AF_05/2020","M2",894.35,101163,null,878.89,894.35]
[null,101164,"ALVENARIA DE VEDAÇÃO COM BLOCO DE VIDRO, TIPO CANELADO, DE 8X19X19CM E ARGAMASSA DE ASSENTAMENTO COM PREPARO EM BETONEIRA. AF_05/2020","M2",907.29,101164,null,891.77,907.29]
[null,96358,"PAREDE COM SISTEMA EM CHAPAS DE GESSO PARA DRYWALL, USO INTERNO, COM DUAS FACES SIMPLES E ESTRUTURA METÁLICA COM GUIAS SIMPLES, SEM VÃOS. AF_07/2023_PS","M2",97.52,96358,null,95.93,97.52]
[null,96359,"PAREDE COM SISTEMA EM CHAPAS DE GESSO PARA DRYWALL, USO INTERNO, COM DUAS FACES SIMPLES E ESTRUTURA METÁLICA COM GUIAS SIMPLES PARA PAREDES COM ÁREA LÍQUIDA MAIOR OU IGUAL A 6 M2, COM VÃOS. AF_07/2023_PS","M2",107.65,96359,null,105.83,107.65]
[null,96360,"PAREDE COM SISTEMA EM CHAPAS DE GESSO PARA DRYWALL, USO INTERNO, COM DUAS FACES SIMPLES E ESTRUTURA METÁLICA COM GUIAS DUPLAS, SEM VÃOS. AF_07/2023_PS","M2",123.33,96360,null,121.45,123.33]
[null,96361,"PAREDE COM SISTEMA EM CHAPAS DE GESSO PARA DRYWALL, USO INTERNO, COM DUAS FACES SIMPLES E ESTRUTURA METÁLICA COM GUIAS DUPLAS PARA PAREDES COM ÁREA LÍQUIDA MAIOR OU IGUAL A 6 M2, COM VÃOS. AF_07/2023_PS","M2",142.56,96361,null,140.34,142.56]
[null,96362,"PAREDE COM SISTEMA EM CHAPAS DE GESSO PARA DRYWALL, USO INTERNO, COM UMA FACE SIMPLES E OUTRA FACE DUPLA E ESTRUTURA METÁLICA COM GUIAS SIMPLES, SEM VÃOS. AF_07/2023_PS","M2",128.29,96362,null,126.41,128.29]
[null,96363,"PAREDE COM SISTEMA EM CHAPAS DE GESSO PARA DRYWALL, USO INTERNO, COM UMA FACE SIMPLES E OUTRA FACE DUPLA E ESTRUTURA METÁLICA COM GUIAS SIMPLES PARA PAREDES COM ÁREA LÍQUIDA MAIOR OU IGUAL A 6 M2, COM VÃOS. AF_07/2023_PS","M2",138.94,96363,null,136.78,138.94]
[null,96364,"PAREDE COM SISTEMA EM CHAPAS DE GESSO PARA DRYWALL, USO INTERNO COM UMA FACE SIMPLES E OUTRA FACE DUPLA E ESTRUTURA METÁLICA COM GUIAS DUPLAS, SEM VÃOS. AF_07/2023_PS","M2",154.09,96364,null,151.93,154.09]
[null,96365,"PAREDE COM SISTEMA EM CHAPAS DE GESSO PARA DRYWALL, USO INTERNO, COM UMA FACE SIMPLES E OUTRA FACE DUPLA E   ESTRUTURA METÁLICA COM GUIAS DUPLAS PARA PAREDES COM ÁREA LÍQUIDA MAIOR OU IGUAL A 6 M2, COM VÃOS. AF_07/2023_PS","M2",173.87,96365,null,171.32,173.87]
[null,96366,"PAREDE COM SISTEMA EM CHAPAS DE GESSO PARA DRYWALL, USO INTERNO, COM DUAS FACES DUPLAS E ESTRUTURA METÁLICA COM GUIAS SIMPLES, SEM VÃOS. AF_07/2023_PS","M2",159.06,96366,null,156.9,159.06]
[null,96367,"PAREDE COM SISTEMA EM CHAPAS DE GESSO PARA DRYWALL, USO INTERNO, COM DUAS FACES DUPLAS E ESTRUTURA METÁLICA COM GUIAS SIMPLES PARA PAREDES COM ÁREA LÍQUIDA MAIOR OU IGUAL A 6 M2, COM VÃOS. AF_07/2023_PS","M2",170.24,96367,null,167.75,170.24]
[null,96368,"PAREDE COM SISTEMA EM CHAPAS DE GESSO PARA DRYWALL, USO INTERNO COM DUAS FACES DUPLAS E ESTRUTURA METÁLICA COM GUIAS DUPLAS, SEM VÃOS. AF_07/2023_PS","M2",184.89,96368,null,182.45,184.89]
[null,96369,"PAREDE COM SISTEMA EM CHAPAS DE GESSO PARA DRYWALL, USO INTERNO, COM DUAS FACES DUPLAS E ESTRUTURA METÁLICA COM GUIAS DUPLAS PARA PAREDES COM ÁREA LÍQUIDA MAIOR OU IGUAL A 6 M2, COM VÃOS. AF_07/2023_PS","M2",205.17,96369,null,202.28,205.17]
[null,96370,"PAREDE COM SISTEMA EM CHAPAS DE GESSO PARA DRYWALL, USO INTERNO, COM UMA FACE SIMPLES E ESTRUTURA METÁLICA COM GUIAS SIMPLES, SEM VÃOS. AF_07/2023_PS","M2",62.74,96370,null,61.7,62.74]
[null,96371,"PAREDE COM SISTEMA EM CHAPAS DE GESSO PARA DRYWALL, USO INTERNO, COM UMA FACE SIMPLES E ESTRUTURA METÁLICA COM GUIAS SIMPLES PARA PAREDES COM ÁREA LÍQUIDA MAIOR OU IGUAL A 6 M2, COM VÃOS. AF_07/2023_PS","M2",72.33,96371,null,71.11,72.33]
[null,96373,"INSTALAÇÃO DE REFORÇO METÁLICO EM PAREDE DRYWALL. AF_07/2023","M",10.31,96373,null,10.11,10.31]
[null,96374,"INSTALAÇÃO DE REFORÇO DE MADEIRA EM PAREDE DRYWALL. AF_07/2023","M",26,96374,null,25.75,26]
[null,102235,"DIVISÓRIA FIXA EM VIDRO TEMPERADO 10 MM, SEM ABERTURA. AF_01/2021_PS","M2",579.86,102235,null,573.79,579.86]
[null,102253,"DIVISORIA SANITÁRIA, TIPO CABINE, EM GRANITO CINZA POLIDO, ESP = 3CM, ASSENTADO COM ARGAMASSA COLANTE AC III-E, EXCLUSIVE FERRAGENS. AF_01/2021","M2",1030.8900000000001,102253,null,1022.53,1030.8900000000001]
[null,102254,"DIVISORIA SANITÁRIA, TIPO CABINE, EM MÁRMORE BRANCO POLIDO, ESP = 3CM, ASSENTADO COM ARGAMASSA COLANTE AC III-E, EXCLUSIVE FERRAGENS. AF_01/2021","M2",842.63,102254,null,834.27,842.63]
[null,102255,"TAPA VISTA DE MICTÓRIO EM GRANITO CINZA POLIDO, ESP = 3CM, ASSENTADO COM ARGAMASSA COLANTE AC III-E . AF_01/2021","M2",1036.8900000000001,102255,null,1020.74,1036.8900000000001]
[null,102256,"TAPA VISTA DE MICTÓRIO EM MÁRMORE BRANCO POLIDO, ESP = 3CM, ASSENTADO COM ARGAMASSA COLANTE AC III-E . AF_01/2021","M2",857.6,102256,null,841.45,857.6]
[null,102257,"DIVISORIA SANITÁRIA, TIPO CABINE, EM PAINEL DE GRANILITE, ESP = 3CM, ASSENTADO COM ARGAMASSA COLANTE AC III-E, EXCLUSIVE FERRAGENS. AF_01/2021","M2",320.27999999999997,102257,null,312.74,320.27999999999997]
[null,102258,"TAPA VISTA DE MICTÓRIO EM PAINEL DE GRANILITE, ESP = 3CM, ASSENTADO COM ARGAMASSA COLANTE AC III-E . AF_01/2021","M2",353.43,102258,null,338.76,353.43]
[null,104718,"PAREDE COM SISTEMA EM CHAPAS DE GESSO PARA DRYWALL, USO INTERNO, COM DUAS FACES SIMPLES E ESTRUTURA METÁLICA COM GUIAS SIMPLES PARA PAREDES COM ÁREA LÍQUIDA MENOR QUE 6 M2, COM VÃOS. AF_07/2023_PS","M2",125.76,104718,null,123.47,125.76]
[null,104719,"PAREDE COM SISTEMA EM CHAPAS DE GESSO PARA DRYWALL, USO INTERNO, COM DUAS FACES SIMPLES E ESTRUTURA METÁLICA COM GUIAS DUPLAS PARA PAREDES COM ÁREA LÍQUIDA MENOR QUE 6 M2, COM VÃOS. AF_07/2023_PS","M2",176.13,104719,null,173.21,176.13]
[null,104720,"PAREDE COM SISTEMA EM CHAPAS DE GESSO PARA DRYWALL, USO INTERNO, COM UMA FACE SIMPLES E OUTRA FACE DUPLA E ESTRUTURA METÁLICA COM GUIAS SIMPLES PARA PAREDES COM ÁREA LÍQUIDA MENOR QUE 6 M2, COM VÃOS. AF_07/2023_PS","M2",158.11000000000001,104720,null,155.37,158.11000000000001]
[null,104721,"PAREDE COM SISTEMA EM CHAPAS DE GESSO PARA DRYWALL, USO INTERNO, COM UMA FACE SIMPLES E OUTRA FACE DUPLA E ESTRUTURA METÁLICA COM GUIAS DUPLAS PARA PAREDES COM ÁREA LÍQUIDA MENOR QUE 6 M2, COM VÃOS. AF_07/2023_PS","M2",208.47,104721,null,205.11,208.47]
[null,104722,"PAREDE COM SISTEMA EM CHAPAS DE GESSO PARA DRYWALL, USO INTERNO, COM DUAS FACES DUPLAS E ESTRUTURA METÁLICA COM GUIAS SIMPLES PARA PAREDES COM ÁREA LÍQUIDA MENOR QUE 6 M2, COM VÃOS. AF_07/2023_PS","M2",190.46,104722,null,187.28,190.46]
[null,104723,"PAREDE COM SISTEMA EM CHAPAS DE GESSO PARA DRYWALL, USO INTERNO, COM DUAS FACES DUPLAS E ESTRUTURA METÁLICA COM GUIAS DUPLAS PARA PAREDES COM ÁREA LÍQUIDA MENOR QUE 6 M2, COM VÃOS. AF_07/2023_PS","M2",240.83,104723,null,237.02,240.83]
[null,104724,"PAREDE COM SISTEMA EM CHAPAS DE GESSO PARA DRYWALL, USO INTERNO, COM UMA FACE SIMPLES E ESTRUTURA METÁLICA COM GUIAS SIMPLES PARA PAREDES COM ÁREA LÍQUIDA MENOR QUE 6 M2, COM VÃOS. AF_07/2023_PS","M2",89.4,104724,null,87.81,89.4]
[null,101154,"ALVENARIA DE VEDAÇÃO DE BLOCOS DE CONCRETO CELULAR DE 10X30X60CM (ESPESSURA 10CM) E ARGAMASSA DE ASSENTAMENTO COM PREPARO EM BETONEIRA. AF_05/2020","M2",123.59,101154,null,120.5,123.59]
[null,101155,"ALVENARIA DE VEDAÇÃO DE BLOCOS DE CONCRETO CELULAR DE 15X30X60CM (ESPESSURA 15CM) E ARGAMASSA DE ASSENTAMENTO COM PREPARO EM BETONEIRA. AF_05/2020","M2",173.46,101155,null,169.37,173.46]
[null,101156,"ALVENARIA DE VEDAÇÃO DE BLOCOS DE CONCRETO CELULAR DE 20X30X60CM (ESPESSURA 20CM) E ARGAMASSA DE ASSENTAMENTO COM PREPARO EM BETONEIRA. AF_05/2020","M2",254.53,101156,null,248.96,254.53]
[null,101814,"RECOMPOSIÇÃO DE PAVIMENTOS EM PEDRA POLIÉDRICA, REJUNTAMENTO COM PÓ DE PEDRA, COM REAPROVEITAMENTO DAS PEDRAS POLIÉDRICAS PARA O FECHAMENTO DE VALAS - INCLUSO RETIRADA E COLOCAÇÃO DO MATERIAL. AF_12/2020","M2",50.53,101814,null,47.77,50.53]
[null,101816,"RECOMPOSIÇÃO DE PAVIMENTO EM PEDRAS POLIÉDRICAS, REJUNTAMENTO COM ARGAMASSA, COM REAPROVEITAMENTO DAS PEDRAS POLIÉDRICAS, PARA O FECHAMENTO DE VALAS - INCLUSO RETIRADA E COLOCAÇÃO DO MATERIAL. AF_12/2020","M2",77.08,101816,null,73.61,77.08]
[null,101817,"RECOMPOSIÇÃO DE PAVIMENTO EM PARALELEPÍPEDOS, REJUNTAMENTO COM PÓ DE PEDRA, COM REAPROVEITAMENTO DOS PARALELEPÍPEDOS, PARA O FECHAMENTO DE VALAS - INCLUSO RETIRADA E COLOCAÇÃO DO MATERIAL. AF_12/2020","M2",53.08,101817,null,49.72,53.08]
[null,101819,"RECOMPOSIÇÃO DE PAVIMENTO EM PARALELEPÍPEDOS, REJUNTAMENTO COM ARGAMASSA, COM REAPROVEITAMENTO DOS PARALELEPÍPEDOS, PARA O FECHAMENTO DE VALAS - INCLUSO RETIRADA E COLOCAÇÃO DO MATERIAL. AF_12/2020","M2",67.63,101819,null,63.72,67.63]
[null,101820,"RECOMPOSIÇÃO DE PAVIMENTO EM PISO INTERTRAVADO SEXTAVADO, COM REAPROVEITAMENTO DOS BLOCOS SEXTAVADO, PARA O FECHAMENTO DE VALAS - INCLUSO RETIRADA E COLOCAÇÃO DO MATERIAL. AF_12/2020","M2",42.61,101820,null,39.24,42.61]
[null,101822,"RECOMPOSIÇÃO DE BASE E OU SUB-BASE PARA REMENDO PROFUNDO DE SOLOS DE COMPORTAMENTO LATERÍTICO (ARENOSO) - INCLUSO RETIRADA E COLOCAÇÃO DO MATERIAL. AF_12/2020","M3",110.83,101822,null,100.08,110.83]
[null,101823,"RECOMPOSIÇÃO DE BASE E OU SUB-BASE PARA REMENDO PROFUNDO DE SOLO MELHORADO COM CIMENTO (TEOR DE 2%) - INCLUSO RETIRADA E COLOCAÇÃO DO MATERIAL. AF_12/2020","M3",156.11000000000001,101823,null,145.36000000000001,156.11000000000001]
[null,101824,"RECOMPOSIÇÃO DE BASE E OU SUB-BASE PARA REMENDO PROFUNDO DE SOLO MELHORADO COM CIMENTO (TEOR DE 4%) - INCLUSO RETIRADA E COLOCAÇÃO DO MATERIAL. AF_12/2020","M3",{"$f":"IF($K$2=$H$1,H6083,I6083)","v":198.27},{"$f":"IF(LEN($B6083)=7,CONCATENATE(MID($B6083,1,6),\"00\",RIGHT($B6083,1)),IF(LEN($B6083)=8,CONCATENATE(MID($B6083,1,6),\"0\",RIGHT($B6083,2)),$B6083))","v":101824},null,187.52,198.27]
[null,101825,"RECOMPOSIÇÃO DE BASE E OU SUB-BASE PARA REMENDO PROFUNDO DE SOLO COM CIMENTO (TEOR DE 6%) - INCLUSO RETIRADA E COLOCAÇÃO DO MATERIAL. AF_12/2020","M3",239.29,101825,null,228.54,239.29]
[null,101826,"RECOMPOSIÇÃO DE BASE E OU SUB-BASE PARA REMENDO PROFUNDO DE SOLO COM CIMENTO (TEOR DE 8%) - INCLUSO RETIRADA E COLOCAÇÃO DO MATERIAL. AF_12/2020","M3",279.77,101826,null,269.02,279.77]
[null,101827,"RECOMPOSIÇÃO DE BASE E OU SUB-BASE PARA REMENDO PROFUNDO DE SOLO BRITA (40/60) - INCLUSO RETIRADA E COLOCAÇÃO DO MATERIAL. AF_12/2020","M3",246.27,101827,null,235.52,246.27]
[null,101828,"RECOMPOSIÇÃO DE BASE E OU SUB-BASE PARA REMENDO PROFUNDO DE SOLO BRITA (50/50) - INCLUSO RETIRADA E COLOCAÇÃO DO MATERIAL. AF_12/2020","M3",223.7,101828,null,212.95,223.7]
[null,101829,"RECOMPOSIÇÃO DE BASE E OU SUB-BASE PARA REMENDO PROFUNDO DE SOLO BRITA (40/60) COM CIMENTO (TEOR DE 4%) - INCLUSO RETIRADA E COLOCAÇÃO DO MATERIAL. AF_12/2020","M3",328.29,101829,null,317.54000000000002,328.29]
[null,101830,"RECOMPOSIÇÃO DE BASE E OU SUB-BASE PARA REMENDO PROFUNDO DE SOLO BRITA (40/60) COM CIMENTO (TEOR DE 6%) - INCLUSO RETIRADA E COLOCAÇÃO DO MATERIAL. AF_12/2020","M3",366.6,101830,null,355.85,366.6]
[null,101831,"RECOMPOSIÇÃO DE BASE E OU SUB-BASE PARA REMENDO PROFUNDO DE SOLO BRITA (40/60) COM CIMENTO (TEOR DE 8%) - INCLUSO RETIRADA E COLOCAÇÃO DO MATERIAL. AF_12/2020","M3",404.37,101831,null,393.62,404.37]
[null,101832,"RECOMPOSIÇÃO DE BASE E OU SUB-BASE PARA REMENDO PROFUNDO DE SOLO BRITA (50/50) COM CIMENTO (TEOR DE 4%) - INCLUSO RETIRADA E COLOCAÇÃO DO MATERIAL. AF_12/2020","M3",306.62,101832,null,295.87,306.62]
[null,101833,"RECOMPOSIÇÃO DE BASE E OU SUB-BASE PARA REMENDO PROFUNDO DE SOLO BRITA (50/50) COM CIMENTO (TEOR DE 6%) - INCLUSO RETIRADA E COLOCAÇÃO DO MATERIAL. AF_12/2020","M3",345.38,101833,null,334.63,345.38]
[null,101834,"RECOMPOSIÇÃO DE BASE E OU SUB-BASE PARA REMENDO PROFUNDO DE SOLO BRITA (50/50) COM CIMENTO (TEOR DE 8%) - INCLUSO RETIRADA E COLOCAÇÃO DO MATERIAL. AF_12/2020","M3",383.61,101834,null,372.86,383.61]
[null,101835,"RECOMPOSIÇÃO DE BASE E OU SUB-BASE PARA REMENDO PROFUNDO DE BRITA GRADUADA SIMPLES - INCLUSO RETIRADA E COLOCAÇÃO DO MATERIAL. AF_12/2020","M3",366.92,101835,null,355.98,366.92]
[null,101836,"RECOMPOSIÇÃO DE BASE E OU SUB-BASE PARA FECHAMENTO DE VALAS DE SOLOS DE COMPORTAMENTO LATERÍTICO (ARENOSO) - INCLUSO RETIRADA E COLOCAÇÃO DO MATERIAL. AF_12/2020","M3",25.19,101836,null,24.29,25.19]
[null,101837,"RECOMPOSIÇÃO DE BASE E OU SUB-BASE PARA FECHAMENTO DE VALAS DE SOLO MELHORADO COM CIMENTO (TEOR DE 2%) - INCLUSO RETIRADA E COLOCAÇÃO DO MATERIAL. AF_12/2020","M3",70.47,101837,null,69.569999999999993,70.47]
[null,101838,"RECOMPOSIÇÃO DE BASE E OU SUB-BASE PARA FECHAMENTO DE VALAS DE SOLO MELHORADO COM CIMENTO (TEOR DE 4%) - INCLUSO RETIRADA E COLOCAÇÃO DO MATERIAL. AF_12/2020","M3",112.63,101838,null,111.73,112.63]
[null,101839,"RECOMPOSIÇÃO DE BASE E OU SUB-BASE PARA FECHAMENTO DE VALAS DE SOLO COM CIMENTO (TEOR DE 6%) - INCLUSO RETIRADA E COLOCAÇÃO DO MATERIAL. AF_12/2020","M3",153.65,101839,null,152.74,153.65]
[null,101840,"RECOMPOSIÇÃO DE BASE E OU SUB-BASE PARA FECHAMENTO DE VALAS DE SOLO COM CIMENTO (TEOR DE 8%) - INCLUSO RETIRADA E COLOCAÇÃO DO MATERIAL. AF_12/2020","M3",237.51,101840,null,234.58,237.51]
[null,101841,"RECOMPOSIÇÃO DE BASE E OU SUB-BASE PARA FECHAMENTO DE VALAS DE SOLO BRITA (40/60) - INCLUSO RETIRADA E COLOCAÇÃO DO MATERIAL. AF_12/2020","M3",160.63,101841,null,159.72999999999999,160.63]
[null,101842,"RECOMPOSIÇÃO DE BASE E OU SUB-BASE PARA FECHAMENTO DE VALAS DE SOLO BRITA (50/50) - INCLUSO RETIRADA E COLOCAÇÃO DO MATERIAL. AF_12/2020","M3",138.06,101842,null,137.16,138.06]
[null,101843,"RECOMPOSIÇÃO DE BASE E OU SUB-BASE PARA FECHAMENTO DE VALAS DE SOLO BRITA (40/60) COM CIMENTO (TEOR DE 4%) - INCLUSO RETIRADA E COLOCAÇÃO DO MATERIAL. AF_12/2020","M3",242.65,101843,null,241.75,242.65]
[null,101844,"RECOMPOSIÇÃO DE BASE E OU SUB-BASE PARA FECHAMENTO DE VALAS DE SOLO BRITA (40/60) COM CIMENTO (TEOR DE 6%) - INCLUSO RETIRADA E COLOCAÇÃO DO MATERIAL. AF_12/2020","M3",280.95999999999998,101844,null,280.06,280.95999999999998]
[null,101845,"RECOMPOSIÇÃO DE BASE E OU SUB-BASE PARA FECHAMENTO DE VALAS DE SOLO BRITA (40/60) COM CIMENTO (TEOR DE 8%) - INCLUSO RETIRADA E COLOCAÇÃO DO MATERIAL. AF_12/2020","M3",318.73,101845,null,317.83,318.73]
[null,101846,"RECOMPOSIÇÃO DE BASE E OU SUB-BASE PARA FECHAMENTO DE VALAS DE SOLO BRITA (50/50) COM CIMENTO (TEOR DE 4%) - INCLUSO RETIRADA E COLOCAÇÃO DO MATERIAL. AF_12/2020","M3",220.98,101846,null,220.08,220.98]
[null,101847,"RECOMPOSIÇÃO DE BASE E OU SUB-BASE PARA FECHAMENTO DE VALAS DE SOLO BRITA (50/50) COM CIMENTO (TEOR DE 6%) - INCLUSO RETIRADA E COLOCAÇÃO DO MATERIAL. AF_12/2020","M3",259.74,101847,null,258.83999999999997,259.74]
[null,101848,"RECOMPOSIÇÃO DE BASE E OU SUB-BASE PARA FECHAMENTO DE VALAS DE SOLO BRITA (50/50) COM CIMENTO (TEOR DE 8%) - INCLUSO RETIRADA E COLOCAÇÃO DO MATERIAL. AF_12/2020","M3",297.97000000000003,101848,null,297.07,297.97000000000003]
[null,101849,"RECOMPOSIÇÃO DE BASE E OU SUB-BASE PARA FECHAMENTO DE VALAS DE BRITA GRADUADA SIMPLES - INCLUSO RETIRADA E COLOCAÇÃO DO MATERIAL. AF_12/2020","M3",281.27999999999997,101849,null,280.19,281.27999999999997]
[null,101850,"REASSENTAMENTO DE PARALELEPÍPEDOS, REJUNTAMENTO COM PÓ DE PEDRA, COM REAPROVEITAMENTO DOS PARALELEPÍPEDOS - INCLUSO RETIRADA E COLOCAÇÃO DO MATERIAL. AF_12/2020","M2",61.87,101850,null,58.43,61.87]
[null,101852,"REASSENTAMENTO DE PARALELEPÍPEDOS, REJUNTAMENTO COM ARGAMASSA, COM REAPROVEITAMENTO DOS PARALELEPÍPEDOS - INCLUSO RETIRADA E COLOCAÇÃO DO MATERIAL. AF_12/2020","M2",76.819999999999993,101852,null,72.86,76.819999999999993]
[null,101853,"REASSENTAMENTO DE PEDRAS POLIÉDRICAS, REJUNTAMENTO COM PÓ DE PEDRA, COM REAPROVEITAMENTO DAS PEDRAS POLIÉDRICAS - INCLUSO RETIRADA E COLOCAÇÃO DO MATERIAL.  AF_12/2020","M2",57.52,101853,null,54.69,57.52]
[null,101855,"REASSENTAMENTO DE PEDRAS POLIÉDRICAS, REJUNTAMENTO COM ARGAMASSA, COM REAPROVEITAMENTO DAS PEDRAS POLIÉDRICAS - INCLUSO RETIRADA E COLOCAÇÃO DO MATERIAL. AF_12/2020","M2",84.36,101855,null,80.86,84.36]
[null,101856,"REASSENTAMENTO DE BLOCOS PISOGRAMA PARA PISO INTERTRAVADO, COM REAPROVEITAMENTO DOS BLOCOS PISOGRAMA - INCLUSO RETIRADA E COLOCAÇÃO DO MATERIAL. AF_12/2020","M2",27.99,101856,null,26.01,27.99]
[null,101857,"REASSENTAMENTO DE BLOCOS SEXTAVADO PARA PISO INTERTRAVADO, ESPESSURA DE 6 CM, EM CALÇADA, COM REAPROVEITAMENTO DOS BLOCOS SEXTAVADOS - INCLUSO RETIRADA E COLOCAÇÃO DO MATERIAL. AF_12/2020","M2",34.130000000000003,101857,null,31.55,34.130000000000003]
[null,101858,"REASSENTAMENTO DE BLOCOS SEXTAVADO PARA PISO INTERTRAVADO, ESPESSURA DE 6 CM, EM VIA/ESTACIONAMENTO, COM REAPROVEITAMENTO DOS BLOCOS SEXTAVADO - INCLUSO RETIRADA E COLOCAÇÃO DO MATERIAL. AF_12/2020","M2",28.51,101858,null,26.48,28.51]
[null,101859,"REASSENTAMENTO DE BLOCOS SEXTAVADO PARA PISO INTERTRAVADO, ESPESSURA DE 8 CM, EM VIA/ESTACIONAMENTO, COM REAPROVEITAMENTO DOS BLOCOS SEXTAVADO - INCLUSO RETIRADA E COLOCAÇÃO DO MATERIAL. AF_12/2020","M2",31.14,101859,null,28.85,31.14]
[null,101860,"REASSENTAMENTO DE BLOCOS SEXTAVADO PARA PISO INTERTRAVADO, ESPESSURA DE 10 CM, EM VIA/ESTACIONAMENTO, COM REAPROVEITAMENTO DOS BLOCOS SEXTAVADO - INCLUSO RETIRADA E COLOCAÇÃO DO MATERIAL. AF_12/2020","M2",35.299999999999997,101860,null,32.61,35.299999999999997]
[null,101861,"REASSENTAMENTO DE BLOCOS RETANGULAR PARA PISO INTERTRAVADO, ESPESSURA DE 4  CM, EM CALÇADA, COM REAPROVEITAMENTO DOS BLOCOS RETANGULAR - INCLUSO RETIRADA E COLOCAÇÃO DO MATERIAL. AF_12/2020","M2",33.22,101861,null,30.73,33.22]
[null,101862,"REASSENTAMENTO DE BLOCOS RETANGULAR PARA PISO INTERTRAVADO, ESPESSURA DE 6 CM, EM CALÇADA, COM REAPROVEITAMENTO DOS BLOCOS RETANGULAR - INCLUSO RETIRADA E COLOCAÇÃO DO MATERIAL. AF_12/2020","M2",35.909999999999997,101862,null,33.15,35.909999999999997]
[null,101863,"REASSENTAMENTO DE BLOCOS RETANGULAR PARA PISO INTERTRAVADO, ESPESSURA DE 6 CM, EM VIA/ESTACIONAMENTO, COM REAPROVEITAMENTO DOS BLOCOS RETANGULAR - INCLUSO RETIRADA E COLOCAÇÃO DO MATERIAL. AF_12/2020","M2",28.87,101863,null,26.81,28.87]
[null,101864,"REASSENTAMENTO DE BLOCOS RETANGULAR PARA PISO INTERTRAVADO, ESPESSURA DE 8 CM, EM VIA/ESTACIONAMENTO, COM REAPROVEITAMENTO DOS BLOCOS RETANGULAR - INCLUSO RETIRADA E COLOCAÇÃO DO MATERIAL. AF_12/2020","M2",33.020000000000003,101864,null,30.55,33.020000000000003]
[null,101865,"REASSENTAMENTO DE BLOCOS RETANGULAR PARA PISO INTERTRAVADO, ESPESSURA DE 10 CM, EM VIA/ESTACIONAMENTO, COM REAPROVEITAMENTO DOS BLOCOS RETANGULAR - INCLUSO RETIRADA E COLOCAÇÃO DO MATERIAL. AF_12/2020","M2",37.17,101865,null,34.28,37.17]
[null,101866,"REASSENTAMENTO DE BLOCOS 16 FACES PARA PISO INTERTRAVADO, ESPESSURA DE 4  CM, EM CALÇADA, COM REAPROVEITAMENTO DOS BLOCOS 16 FACES - INCLUSO RETIRADA E COLOCAÇÃO DO MATERIAL. AF_12/2020","M2",33.42,101866,null,30.91,33.42]
[null,101867,"REASSENTAMENTO DE BLOCOS 16 FACES PARA PISO INTERTRAVADO, ESPESSURA DE 6 CM, EM CALÇADA, COM REAPROVEITAMENTO DOS BLOCOS 16 FACES - INCLUSO RETIRADA E COLOCAÇÃO DO MATERIAL. AF_12/2020","M2",37.590000000000003,101867,null,34.67,37.590000000000003]
[null,101868,"REASSENTAMENTO DE BLOCOS 16 FACES PARA PISO INTERTRAVADO, ESPESSURA DE 6 CM, EM VIA/ESTACIONAMENTO, COM REAPROVEITAMENTO DOS BLOCOS 16 FACES - INCLUSO RETIRADA E COLOCAÇÃO DO MATERIAL. AF_12/2020","M2",30.55,101868,null,28.31,30.55]
[null,101869,"REASSENTAMENTO DE BLOCOS 16 FACES PARA PISO INTERTRAVADO, ESPESSURA DE 8 CM, EM VIA/ESTACIONAMENTO, COM REAPROVEITAMENTO DOS BLOCOS 16 FACES - INCLUSO RETIRADA E COLOCAÇÃO DO MATERIAL. AF_12/2020","M2",34.68,101869,null,32.049999999999997,34.68]
[null,101870,"REASSENTAMENTO DE BLOCOS 16 FACES PARA PISO INTERTRAVADO, ESPESSURA DE 10 CM, EM VIA/ESTACIONAMENTO, COM REAPROVEITAMENTO DOS BLOCOS 16 FACES - INCLUSO RETIRADA E COLOCAÇÃO DO MATERIAL. AF_12/2020","M2",38.840000000000003,101870,null,35.79,38.840000000000003]
[null,102098,"RECOMPOSIÇÃO DE REVESTIMENTO EM CONCRETO ASFÁLTICO (AQUISIÇÃO EM USINA), PARA O FECHAMENTO DE VALAS - INCLUSO DEMOLIÇÃO DO PAVIMENTO. AF_12/2020","M3",2532.8200000000002,102098,null,2505.61,2532.8200000000002]
[null,102988,"RECOMPOSIÇÃO DE PAVIMENTO EM PISO INTERTRAVADO, COM REAPROVEITAMENTO DOS BLOCOS INTERTRAVADOS, PARA FECHAMENTO DE VALAS - INCLUSO RETIRADA E COLOCAÇÃO DO MATERIAL. AF_12/2020","M2",55.72,102988,null,51.09,55.72]
[null,100576,"REGULARIZAÇÃO E COMPACTAÇÃO DE SUBLEITO DE SOLO PREDOMINANTEMENTE ARGILOSO, PARA OBRAS DE CONSTRUÇÃO DE PAVIMENTOS. AF_09/2024","M2",1.95,100576,null,1.88,1.95]
[null,100577,"REGULARIZAÇÃO E COMPACTAÇÃO DE SUBLEITO DE SOLO PREDOMINANTEMENTE ARENOSO, PARA OBRAS DE CONSTRUÇÃO DE PAVIMENTOS. AF_09/2024","M2",0.44,100577,null,0.42,0.44]
[null,105597,"REGULARIZAÇÃO E COMPACTAÇÃO DE SUBLEITO DE SOLO PREDOMINANTEMENTE ARGILOSO, PARA OBRAS DE RECONSTRUÇÃO DE PAVIMENTOS. AF_09/2024","M2",3.7,105597,null,3.55,3.7]
[null,105598,"REGULARIZAÇÃO E COMPACTAÇÃO DE SUBLEITO DE SOLO PREDOMINANTEMENTE ARENOSO, PARA OBRAS DE RECONSTRUÇÃO DE PAVIMENTOS. AF_09/2024","M2",1.86,105598,null,1.79,1.86]
[null,96388,"CONSTRUÇÃO DE BASE E SUB-BASE PARA PAVIMENTAÇÃO DE SOLO DE COMPORTAMENTO LATERÍTICO (ARENOSO), COM ESPESSURA DE 15 CM - EXCLUSIVE ESCAVAÇÃO, CARGA E TRANSPORTE E SOLO. AF_09/2024","M3",8.73,96388,null,8.5,8.73]
[null,96389,"CONSTRUÇÃO DE BASE E SUB-BASE PARA PAVIMENTAÇÃO DE SOLO (PREDOMINANTEMENTE ARENOSO) MELHORADO COM CIMENTO - 2%, MISTURA EM PISTA, COM ESPESSURA DE 15 CM - EXCLUSIVE ESCAVAÇÃO, CARGA E TRANSPORTE E SOLO. AF_09/2024","M3",58.13,96389,null,57.69,58.13]
[null,96390,"CONSTRUÇÃO DE BASE E SUB-BASE PARA PAVIMENTAÇÃO DE SOLO (PREDOMINANTEMENTE ARENOSO) MELHORADO COM CIMENTO - 4%, MISTURA EM PISTA, COM ESPESSURA DE 15 CM - EXCLUSIVE ESCAVAÇÃO, CARGA E TRANSPORTE E SOLO. AF_09/2024","M3",100.29,96390,null,99.85,100.29]
[null,96391,"CONSTRUÇÃO DE BASE E SUB-BASE PARA PAVIMENTAÇÃO DE SOLO (PREDOMINANTEMENTE ARENOSO) COM CIMENTO - 6%, MISTURA EM PISTA, COM ESPESSURA DE 15 CM - EXCLUSIVE ESCAVAÇÃO, CARGA E TRANSPORTE E SOLO. AF_09/2024","M3",141.31,96391,null,140.87,141.31]
[null,96392,"CONSTRUÇÃO DE BASE E SUB-BASE PARA PAVIMENTAÇÃO DE SOLO (PREDOMINANTEMENTE ARENOSO) COM CIMENTO - 8%, MISTURA EM PISTA, COM ESPESSURA DE 15 CM - EXCLUSIVE ESCAVAÇÃO, CARGA E TRANSPORTE E SOLO. AF_09/2024","M3",181.79,96392,null,181.35,181.79]
[null,96396,"CONSTRUÇÃO DE BASE E SUB-BASE PARA PAVIMENTAÇÃO DE BRITA GRADUADA SIMPLES, COM ESPESSURA DE 15 CM - EXCLUSIVE CARGA E TRANSPORTE. AF_09/2024","M3",269.54000000000002,96396,null,268.93,269.54000000000002]
[null,96397,"CONSTRUÇÃO DE BASE E SUB-BASE PARA PAVIMENTAÇÃO DE BRITA GRADUADA SIMPLES TRATADA COM CIMENTO, COM ESPESSURA DE 15 CM - EXCLUSIVE CARGA E TRANSPORTE. AF_09/2024","M3",348.9,96397,null,348.23,348.9]
[null,96398,"CONSTRUÇÃO DE BASE E SUB-BASE PARA PAVIMENTAÇÃO DE CONCRETO COMPACTADO COM ROLO, COM ESPESSURA DE 15 CM - EXCLUSIVE CARGA E TRANSPORTE. AF_09/2024","M3",454.71,96398,null,453.97,454.71]
[null,96399,"CONSTRUÇÃO DE BASE E SUB-BASE PARA PAVIMENTAÇÃO DE RACHÃO, COM ESPESSURA DE 40 CM - EXCLUSIVE CARGA E TRANSPORTE. AF_09/2024","M3",185.47,96399,null,184.94,185.47]
[null,96400,"CONSTRUÇÃO DE BASE E SUB-BASE PARA PAVIMENTAÇÃO DE MACADAME SECO, COM ESPESSURA DE 15 CM - EXCLUSIVE CARGA E TRANSPORTE. AF_09/2024","M3",240.54,96400,null,239.76,240.54]
[null,100564,"CONSTRUÇÃO DE BASE E SUB-BASE PARA PAVIMENTAÇÃO DE SOLO (PREDOMINANTEMENTE ARENOSO) BRITA - 40%-60%, MISTURA EM PISTA, COM ESPESSURA DE 15 CM - EXCLUSIVE ESCAVAÇÃO, CARGA E TRANSPORTE E SOLO. AF_09/2024","M3",158.19999999999999,100564,null,157.30000000000001,158.19999999999999]
[null,100565,"CONSTRUÇÃO DE BASE E SUB-BASE PARA PAVIMENTAÇÃO DE SOLO (PREDOMINANTEMENTE ARENOSO) BRITA - 50%-50%, MISTURA EM PISTA, COM ESPESSURA DE 15 CM - EXCLUSIVE ESCAVAÇÃO, CARGA E TRANSPORTE E SOLO. AF_09/2024","M3",135.62,100565,null,134.72,135.62]
[null,100566,"CONSTRUÇÃO DE BASE E SUB-BASE PARA PAVIMENTAÇÃO DE SOLO (PREDOMINANTEMENTE ARENOSO) BRITA - 40%-60% COM CIMENTO - 4%, MISTURA EM PISTA, COM ESPESSURA DE 15 CM - EXCLUSIVE ESCAVAÇÃO, CARGA E TRANSPORTE E SOLO. AF_09/2024","M3",240.12,100566,null,239.23,240.12]
[null,100567,"CONSTRUÇÃO DE BASE E SUB-BASE PARA PAVIMENTAÇÃO DE SOLO (PREDOMINANTEMENTE ARENOSO) BRITA - 40%-60% COM CIMENTO - 6%, MISTURA EM PISTA, COM ESPESSURA DE 15 CM - EXCLUSIVE ESCAVAÇÃO, CARGA E TRANSPORTE E SOLO. AF_09/2024","M3",{"$f":"IF($K$2=$H$1,H6147,I6147)","v":278.43},{"$f":"IF(LEN($B6147)=7,CONCATENATE(MID($B6147,1,6),\"00\",RIGHT($B6147,1)),IF(LEN($B6147)=8,CONCATENATE(MID($B6147,1,6),\"0\",RIGHT($B6147,2)),$B6147))","v":100567},null,277.54000000000002,278.43]
[null,100568,"CONSTRUÇÃO DE BASE E SUB-BASE PARA PAVIMENTAÇÃO DE SOLO (PREDOMINANTEMENTE ARENOSO) BRITA - 40%-60% COM CIMENTO - 8%, MISTURA EM PISTA, COM ESPESSURA DE 15 CM - EXCLUSIVE ESCAVAÇÃO, CARGA E TRANSPORTE E SOLO. AF_09/2024","M3",316.2,100568,null,315.31,316.2]
[null,100569,"CONSTRUÇÃO DE BASE E SUB-BASE PARA PAVIMENTAÇÃO DE SOLO (PREDOMINANTEMENTE ARENOSO) BRITA - 50%-50% COM CIMENTO - 4%, MISTURA EM PISTA, COM ESPESSURA DE 15 CM - EXCLUSIVE ESCAVAÇÃO, CARGA E TRANSPORTE E SOLO. AF_09/2024","M3",218.45,100569,null,217.56,218.45]
[null,100570,"CONSTRUÇÃO DE BASE E SUB-BASE PARA PAVIMENTAÇÃO DE SOLO (PREDOMINANTEMENTE ARENOSO) BRITA - 50%-50% COM CIMENTO - 6%, MISTURA EM PISTA, COM ESPESSURA DE 15 CM - EXCLUSIVE ESCAVAÇÃO, CARGA E TRANSPORTE E SOLO. AF_09/2024","M3",257.20999999999998,100570,null,256.32,257.20999999999998]
[null,100571,"CONSTRUÇÃO DE BASE E SUB-BASE PARA PAVIMENTAÇÃO DE SOLO (PREDOMINANTEMENTE ARENOSO) BRITA - 50%-50% COM CIMENTO - 8%, MISTURA EM PISTA, COM ESPESSURA DE 15 CM - EXCLUSIVE ESCAVAÇÃO, CARGA E TRANSPORTE E SOLO. AF_09/2024","M3",295.43,100571,null,294.54000000000002,295.43]
[null,100572,"CONSTRUÇÃO DE BASE E SUB-BASE PARA PAVIMENTAÇÃO DE SOLO (PREDOMINANTEMENTE ARGILOSO) BRITA - 40%-60%, MISTURA EM PISTA, COM ESPESSURA DE 15 CM - EXCLUSIVE ESCAVAÇÃO, CARGA E TRANSPORTE E SOLO. AF_09/2024","M3",163.1,100572,null,162,163.1]
[null,100573,"CONSTRUÇÃO DE BASE E SUB-BASE PARA PAVIMENTAÇÃO DE SOLO (PREDOMINANTEMENTE ARGILOSO) BRITA - 50%-50%, MISTURA EM PISTA, COM ESPESSURA DE 15 CM - EXCLUSIVE ESCAVAÇÃO, CARGA E TRANSPORTE E SOLO. AF_09/2024","M3",140.52000000000001,100573,null,139.41999999999999,140.52000000000001]
[null,100574,"ESPALHAMENTO DE MATERIAL COM TRATOR DE ESTEIRAS. AF_09/2024","M3",1.33,100574,null,1.3,1.33]
[null,100575,"REGULARIZAÇÃO DE SUPERFÍCIES COM MOTONIVELADORA. AF_09/2024","M2",1.86,100575,null,1.79,1.86]
[null,101767,"CONSTRUÇÃO DE BASE E SUB-BASE PARA PAVIMENTAÇÃO DE SOLO ESTABILIZADO GRANULOMETRICAMENTE COM MISTURA DE SOLOS EM PISTA - EXCLUSIVE SOLO, ESCAVAÇÃO, CARGA E TRANSPORTE. AF_09/2024","M3",27.99,101767,null,26.89,27.99]
[null,101768,"CONSTRUÇÃO DE BASE E SUB-BASE PARA PAVIMENTAÇÃO DE SOLO ESTABILIZADO GRANULOMETRICAMENTE SEM MISTURA DE SOLOS - EXCLUSIVE SOLO, ESCAVAÇÃO, CARGA E TRANSPORTE. AF_09/2024","M3",24.34,101768,null,23.55,24.34]
[null,105566,"CONSTRUÇÃO DE BASE E SUB-BASE PARA PAVIMENTAÇÃO DE SOLO DE COMPORTAMENTO LATERÍTICO (ARENOSO), COM ESPESSURA DE 10 CM - EXCLUSIVE ESCAVAÇÃO, CARGA E TRANSPORTE E SOLO. AF_09/2024","M3",10.89,105566,null,10.59,10.89]
[null,105567,"RECONSTRUÇÃO DE BASE E SUB-BASE PARA PAVIMENTAÇÃO DE SOLO DE COMPORTAMENTO LATERÍTICO (ARENOSO), COM ESPESSURA DE 10 CM - EXCLUSIVE ESCAVAÇÃO, CARGA E TRANSPORTE E SOLO. AF_09/2024","M3",14.33,105567,null,13.89,14.33]
[null,105568,"RECONSTRUÇÃO DE BASE E SUB-BASE PARA PAVIMENTAÇÃO DE SOLO DE COMPORTAMENTO LATERÍTICO (ARENOSO), COM ESPESSURA DE 15 CM - EXCLUSIVE ESCAVAÇÃO, CARGA E TRANSPORTE E SOLO. AF_09/2024","M3",11.44,105568,null,11.09,11.44]
[null,105569,"CONSTRUÇÃO DE BASE E SUB-BASE PARA PAVIMENTAÇÃO DE SOLO DE COMPORTAMENTO LATERÍTICO (ARENOSO), COM ESPESSURA DE 20 CM - EXCLUSIVE ESCAVAÇÃO, CARGA E TRANSPORTE E SOLO. AF_09/2024","M3",7.26,105569,null,7.07,7.26]
[null,105570,"RECONSTRUÇÃO DE BASE E SUB-BASE PARA PAVIMENTAÇÃO DE SOLO DE COMPORTAMENTO LATERÍTICO (ARENOSO), COM ESPESSURA DE 20 CM - EXCLUSIVE ESCAVAÇÃO, CARGA E TRANSPORTE E SOLO. AF_09/2024","M3",9.4499999999999993,105570,null,9.18,9.4499999999999993]
[null,105571,"CONSTRUÇÃO DE BASE E SUB-BASE PARA PAVIMENTAÇÃO DE SOLO (PREDOMINANTEMENTE ARENOSO) MELHORADO COM CIMENTO - 2%, MISTURA EM PISTA, COM ESPESSURA DE 10 CM - EXCLUSIVE ESCAVAÇÃO, CARGA E TRANSPORTE E SOLO. AF_09/2024","M3",63.47,105571,null,62.8,63.47]
[null,105572,"RECONSTRUÇÃO DE BASE E SUB-BASE PARA PAVIMENTAÇÃO DE SOLO (PREDOMINANTEMENTE ARENOSO) MELHORADO COM CIMENTO - 2%, MISTURA EM PISTA, COM ESPESSURA DE 10 CM - EXCLUSIVE ESCAVAÇÃO, CARGA E TRANSPORTE E SOLO. AF_09/2024","M3",69.72,105572,null,68.760000000000005,69.72]
[null,105573,"RECONSTRUÇÃO DE BASE E SUB-BASE PARA PAVIMENTAÇÃO DE SOLO (PREDOMINANTEMENTE ARENOSO) MELHORADO COM CIMENTO - 4%, MISTURA EM PISTA, COM ESPESSURA DE 10 CM - EXCLUSIVE ESCAVAÇÃO, CARGA E TRANSPORTE E SOLO. AF_09/2024","M3",111.88,105573,null,110.92,111.88]
[null,105574,"RECONSTRUÇÃO DE BASE E SUB-BASE PARA PAVIMENTAÇÃO DE SOLO (PREDOMINANTEMENTE ARENOSO) MELHORADO COM CIMENTO - 2%, MISTURA EM PISTA, COM ESPESSURA DE 15 CM - EXCLUSIVE ESCAVAÇÃO, CARGA E TRANSPORTE E SOLO. AF_09/2024","M3",62.31,105574,null,61.66,62.31]
[null,105575,"CONSTRUÇÃO DE BASE E SUB-BASE PARA PAVIMENTAÇÃO DE SOLO (PREDOMINANTEMENTE ARENOSO) MELHORADO COM CIMENTO - 2%, MISTURA EM PISTA, COM ESPESSURA DE 20 CM - EXCLUSIVE ESCAVAÇÃO, CARGA E TRANSPORTE E SOLO. AF_09/2024","M3",57.24,105575,null,56.82,57.24]
[null,105576,"RECONSTRUÇÃO DE BASE E SUB-BASE PARA PAVIMENTAÇÃO DE SOLO (PREDOMINANTEMENTE ARENOSO) MELHORADO COM CIMENTO - 2%, MISTURA EM PISTA, COM ESPESSURA DE 20 CM - EXCLUSIVE ESCAVAÇÃO, CARGA E TRANSPORTE E SOLO. AF_09/2024","M3",61.21,105576,null,60.59,61.21]
[null,105577,"RECONSTRUÇÃO DE BASE E SUB-BASE PARA PAVIMENTAÇÃO DE SOLO (PREDOMINANTEMENTE ARENOSO) BRITA - 40%-60%, MISTURA EM PISTA, COM ESPESSURA DE 10 CM - EXCLUSIVE ESCAVAÇÃO, CARGA E TRANSPORTE E SOLO. AF_09/2024","M3",175.78,105577,null,174.08,175.78]
[null,105578,"RECONSTRUÇÃO DE BASE E SUB-BASE PARA PAVIMENTAÇÃO DE SOLO (PREDOMINANTEMENTE ARENOSO) BRITA - 40%-60%, MISTURA EM PISTA, COM ESPESSURA DE 15 CM - EXCLUSIVE ESCAVAÇÃO, CARGA E TRANSPORTE E SOLO. AF_09/2024","M3",166.55,105578,null,165.24,166.55]
[null,105579,"RECONSTRUÇÃO DE BASE E SUB-BASE PARA PAVIMENTAÇÃO DE SOLO (PREDOMINANTEMENTE ARENOSO) BRITA - 50%-50%, MISTURA EM PISTA, COM ESPESSURA DE 10 CM - EXCLUSIVE ESCAVAÇÃO, CARGA E TRANSPORTE E SOLO. AF_09/2024","M3",153.19999999999999,105579,null,151.5,153.19999999999999]
[null,105580,"RECONSTRUÇÃO DE BASE E SUB-BASE PARA PAVIMENTAÇÃO DE SOLO (PREDOMINANTEMENTE ARENOSO) BRITA - 50%-50%, MISTURA EM PISTA, COM ESPESSURA DE 15 CM - EXCLUSIVE ESCAVAÇÃO, CARGA E TRANSPORTE E SOLO. AF_09/2024","M3",143.97,105580,null,142.66,143.97]
[null,105581,"CONSTRUÇÃO DE BASE E SUB-BASE PARA PAVIMENTAÇÃO DE SOLO (PREDOMINANTEMENTE ARENOSO) BRITA - 50%-50%, MISTURA EM PISTA, COM ESPESSURA DE 20 CM - EXCLUSIVE ESCAVAÇÃO, CARGA E TRANSPORTE E SOLO. AF_09/2024","M3",132.29,105581,null,131.54,132.29]
[null,105582,"RECONSTRUÇÃO DE BASE E SUB-BASE PARA PAVIMENTAÇÃO DE SOLO (PREDOMINANTEMENTE ARENOSO) BRITA - 50%-50%, MISTURA EM PISTA, COM ESPESSURA DE 20 CM - EXCLUSIVE ESCAVAÇÃO, CARGA E TRANSPORTE E SOLO. AF_09/2024","M3",139.32,105582,null,138.22,139.32]
[null,105585,"CONSTRUÇÃO DE BASE E SUB-BASE PARA PAVIMENTAÇÃO DE SOLO (PREDOMINANTEMENTE ARGILOSO) BRITA - 40%-60%, MISTURA EM PISTA, COM ESPESSURA DE 10 CM - EXCLUSIVE ESCAVAÇÃO, CARGA E TRANSPORTE E SOLO. AF_09/2024","M3",172.18,105585,null,170.68,172.18]
[null,105586,"RECONSTRUÇÃO DE BASE E SUB-BASE PARA PAVIMENTAÇÃO DE SOLO (PREDOMINANTEMENTE ARGILOSO) BRITA - 40%-60%, MISTURA EM PISTA, COM ESPESSURA DE 10 CM - EXCLUSIVE ESCAVAÇÃO, CARGA E TRANSPORTE E SOLO. AF_09/2024","M3",186.31,105586,null,184.12,186.31]
[null,105587,"RECONSTRUÇÃO DE BASE E SUB-BASE PARA PAVIMENTAÇÃO DE SOLO (PREDOMINANTEMENTE ARGILOSO) BRITA - 40%-60%, MISTURA EM PISTA, COM ESPESSURA DE 15 CM - EXCLUSIVE ESCAVAÇÃO, CARGA E TRANSPORTE E SOLO. AF_09/2024","M3",173.58,105587,null,171.95,173.58]
[null,105588,"CONSTRUÇÃO DE BASE E SUB-BASE PARA PAVIMENTAÇÃO DE SOLO (PREDOMINANTEMENTE ARGILOSO) BRITA - 40%-60%, MISTURA EM PISTA, COM ESPESSURA DE 20 CM - EXCLUSIVE ESCAVAÇÃO, CARGA E TRANSPORTE E SOLO. AF_09/2024","M3",162.16,105588,null,161.1,162.16]
[null,105589,"RECONSTRUÇÃO DE BASE E SUB-BASE PARA PAVIMENTAÇÃO DE SOLO (PREDOMINANTEMENTE ARGILOSO) BRITA - 40%-60%, MISTURA EM PISTA, COM ESPESSURA DE 20 CM - EXCLUSIVE ESCAVAÇÃO, CARGA E TRANSPORTE E SOLO. AF_09/2024","M3",172.37,105589,null,170.8,172.37]
[null,105592,"CONSTRUÇÃO DE BASE E SUB-BASE PARA PAVIMENTAÇÃO DE SOLO (PREDOMINANTEMENTE ARGILOSO) BRITA - 50%-50%, MISTURA EM PISTA, COM ESPESSURA DE 10 CM - EXCLUSIVE ESCAVAÇÃO, CARGA E TRANSPORTE E SOLO. AF_09/2024","M3",149.6,105592,null,148.1,149.6]
[null,105593,"RECONSTRUÇÃO DE BASE E SUB-BASE PARA PAVIMENTAÇÃO DE SOLO (PREDOMINANTEMENTE ARGILOSO) BRITA - 50%-50%, MISTURA EM PISTA, COM ESPESSURA DE 10 CM - EXCLUSIVE ESCAVAÇÃO, CARGA E TRANSPORTE E SOLO. AF_09/2024","M3",163.72999999999999,105593,null,161.54,163.72999999999999]
[null,105594,"RECONSTRUÇÃO DE BASE E SUB-BASE PARA PAVIMENTAÇÃO DE SOLO (PREDOMINANTEMENTE ARGILOSO) BRITA - 50%-50%, MISTURA EM PISTA, COM ESPESSURA DE 15 CM - EXCLUSIVE ESCAVAÇÃO, CARGA E TRANSPORTE E SOLO. AF_09/2024","M3",151,105594,null,149.37,151]
[null,105595,"CONSTRUÇÃO DE BASE E SUB-BASE PARA PAVIMENTAÇÃO DE SOLO (PREDOMINANTEMENTE ARGILOSO) BRITA - 50%-50%, MISTURA EM PISTA, COM ESPESSURA DE 20 CM - EXCLUSIVE ESCAVAÇÃO, CARGA E TRANSPORTE E SOLO. AF_09/2024","M3",139.58000000000001,105595,null,138.52000000000001,139.58000000000001]
[null,105596,"RECONSTRUÇÃO DE BASE E SUB-BASE PARA PAVIMENTAÇÃO DE SOLO (PREDOMINANTEMENTE ARGILOSO) BRITA - 50%-50%, MISTURA EM PISTA, COM ESPESSURA DE 20 CM - EXCLUSIVE ESCAVAÇÃO, CARGA E TRANSPORTE E SOLO. AF_09/2024","M3",149.79,105596,null,148.22,149.79]
[null,105623,"CONSTRUÇÃO DE BASE E SUB-BASE PARA PAVIMENTAÇÃO DE SOLO (PREDOMINANTEMENTE ARENOSO) MELHORADO COM CIMENTO - 4%, MISTURA EM PISTA, COM ESPESSURA DE 10 CM - EXCLUSIVE ESCAVAÇÃO, CARGA E TRANSPORTE E SOLO. AF_09/2024","M3",105.63,105623,null,104.96,105.63]
[null,105624,"CONSTRUÇÃO DE BASE E SUB-BASE PARA PAVIMENTAÇÃO DE SOLO (PREDOMINANTEMENTE ARENOSO) COM CIMENTO - 6%, MISTURA EM PISTA, COM ESPESSURA DE 10 CM - EXCLUSIVE ESCAVAÇÃO, CARGA E TRANSPORTE E SOLO. AF_09/2024","M3",146.65,105624,null,145.97999999999999,146.65]
[null,105625,"CONSTRUÇÃO DE BASE E SUB-BASE PARA PAVIMENTAÇÃO DE SOLO (PREDOMINANTEMENTE ARENOSO) COM CIMENTO - 8%, MISTURA EM PISTA, COM ESPESSURA DE 10 CM - EXCLUSIVE ESCAVAÇÃO, CARGA E TRANSPORTE E SOLO. AF_09/2024","M3",187.13,105625,null,186.46,187.13]
[null,105626,"RECONSTRUÇÃO DE BASE E SUB-BASE PARA PAVIMENTAÇÃO DE SOLO (PREDOMINANTEMENTE ARENOSO) COM CIMENTO - 6%, MISTURA EM PISTA, COM ESPESSURA DE 10 CM - EXCLUSIVE ESCAVAÇÃO, CARGA E TRANSPORTE E SOLO. AF_09/2024","M3",152.9,105626,null,151.94,152.9]
[null,105627,"RECONSTRUÇÃO DE BASE E SUB-BASE PARA PAVIMENTAÇÃO DE SOLO (PREDOMINANTEMENTE ARENOSO) COM CIMENTO - 8%, MISTURA EM PISTA, COM ESPESSURA DE 10 CM - EXCLUSIVE ESCAVAÇÃO, CARGA E TRANSPORTE E SOLO. AF_09/2024","M3",193.38,105627,null,192.42,193.38]
[null,105628,"RECONSTRUÇÃO DE BASE E SUB-BASE PARA PAVIMENTAÇÃO DE SOLO (PREDOMINANTEMENTE ARENOSO) MELHORADO COM CIMENTO - 4%, MISTURA EM PISTA, COM ESPESSURA DE 15 CM - EXCLUSIVE ESCAVAÇÃO, CARGA E TRANSPORTE E SOLO. AF_09/2024","M3",104.47,105628,null,103.82,104.47]
[null,105629,"RECONSTRUÇÃO DE BASE E SUB-BASE PARA PAVIMENTAÇÃO DE SOLO (PREDOMINANTEMENTE ARENOSO) COM CIMENTO - 6%, MISTURA EM PISTA, COM ESPESSURA DE 15 CM - EXCLUSIVE ESCAVAÇÃO, CARGA E TRANSPORTE E SOLO. AF_09/2024","M3",145.49,105629,null,144.84,145.49]
[null,105630,"RECONSTRUÇÃO DE BASE E SUB-BASE PARA PAVIMENTAÇÃO DE SOLO (PREDOMINANTEMENTE ARENOSO) COM CIMENTO - 8%, MISTURA EM PISTA, COM ESPESSURA DE 15 CM - EXCLUSIVE ESCAVAÇÃO, CARGA E TRANSPORTE E SOLO. AF_09/2024","M3",185.97,105630,null,185.32,185.97]
[null,105631,"CONSTRUÇÃO DE BASE E SUB-BASE PARA PAVIMENTAÇÃO DE SOLO (PREDOMINANTEMENTE ARENOSO) MELHORADO COM CIMENTO - 4%, MISTURA EM PISTA, COM ESPESSURA DE 20 CM - EXCLUSIVE ESCAVAÇÃO, CARGA E TRANSPORTE E SOLO. AF_09/2024","M3",99.4,105631,null,98.98,99.4]
[null,105632,"CONSTRUÇÃO DE BASE E SUB-BASE PARA PAVIMENTAÇÃO DE SOLO (PREDOMINANTEMENTE ARENOSO) COM CIMENTO - 6%, MISTURA EM PISTA, COM ESPESSURA DE 20 CM - EXCLUSIVE ESCAVAÇÃO, CARGA E TRANSPORTE E SOLO. AF_09/2024","M3",140.41999999999999,105632,null,140,140.41999999999999]
[null,105633,"CONSTRUÇÃO DE BASE E SUB-BASE PARA PAVIMENTAÇÃO DE SOLO (PREDOMINANTEMENTE ARENOSO) COM CIMENTO - 8%, MISTURA EM PISTA, COM ESPESSURA DE 20 CM - EXCLUSIVE ESCAVAÇÃO, CARGA E TRANSPORTE E SOLO. AF_09/2024","M3",180.9,105633,null,180.48,180.9]
[null,105634,"RECONSTRUÇÃO DE BASE E SUB-BASE PARA PAVIMENTAÇÃO DE SOLO (PREDOMINANTEMENTE ARENOSO) MELHORADO COM CIMENTO - 4%, MISTURA EM PISTA, COM ESPESSURA DE 20 CM - EXCLUSIVE ESCAVAÇÃO, CARGA E TRANSPORTE E SOLO. AF_09/2024","M3",103.37,105634,null,102.75,103.37]
[null,105635,"RECONSTRUÇÃO DE BASE E SUB-BASE PARA PAVIMENTAÇÃO DE SOLO (PREDOMINANTEMENTE ARENOSO) COM CIMENTO - 6%, MISTURA EM PISTA, COM ESPESSURA DE 20 CM - EXCLUSIVE ESCAVAÇÃO, CARGA E TRANSPORTE E SOLO. AF_09/2024","M3",144.38999999999999,105635,null,143.77000000000001,144.38999999999999]
[null,105636,"RECONSTRUÇÃO DE BASE E SUB-BASE PARA PAVIMENTAÇÃO DE SOLO (PREDOMINANTEMENTE ARENOSO) COM CIMENTO - 8%, MISTURA EM PISTA, COM ESPESSURA DE 20 CM - EXCLUSIVE ESCAVAÇÃO, CARGA E TRANSPORTE E SOLO. AF_09/2024","M3",184.87,105636,null,184.25,184.87]
[null,105657,"CONSTRUÇÃO DE BASE E SUB-BASE PARA PAVIMENTAÇÃO DE SOLO (PREDOMINANTEMENTE ARENOSO) BRITA - 40%-60% COM CIMENTO - 4%, MISTURA EM PISTA, COM ESPESSURA DE 10 CM - EXCLUSIVE ESCAVAÇÃO, CARGA E TRANSPORTE E SOLO. AF_09/2024","M3",246.76,105657,null,245.59,246.76]
[null,105658,"CONSTRUÇÃO DE BASE E SUB-BASE PARA PAVIMENTAÇÃO DE SOLO (PREDOMINANTEMENTE ARENOSO) BRITA - 40%-60% COM CIMENTO - 6%, MISTURA EM PISTA, COM ESPESSURA DE 10 CM - EXCLUSIVE ESCAVAÇÃO, CARGA E TRANSPORTE E SOLO. AF_09/2024","M3",285.07,105658,null,283.89999999999998,285.07]
[null,105659,"CONSTRUÇÃO DE BASE E SUB-BASE PARA PAVIMENTAÇÃO DE SOLO (PREDOMINANTEMENTE ARENOSO) BRITA - 40%-60% COM CIMENTO - 8%, MISTURA EM PISTA, COM ESPESSURA DE 10 CM - EXCLUSIVE ESCAVAÇÃO, CARGA E TRANSPORTE E SOLO. AF_09/2024","M3",322.83999999999997,105659,null,321.67,322.83999999999997]
[null,105660,"RECONSTRUÇÃO DE BASE E SUB-BASE PARA PAVIMENTAÇÃO DE SOLO (PREDOMINANTEMENTE ARENOSO) BRITA - 40%-60% COM CIMENTO - 4%, MISTURA EM PISTA, COM ESPESSURA DE 10 CM - EXCLUSIVE ESCAVAÇÃO, CARGA E TRANSPORTE E SOLO. AF_09/2024","M3",257.70999999999998,105660,null,256.01,257.70999999999998]
[null,105661,"RECONSTRUÇÃO DE BASE E SUB-BASE PARA PAVIMENTAÇÃO DE SOLO (PREDOMINANTEMENTE ARENOSO) BRITA - 40%-60% COM CIMENTO - 6%, MISTURA EM PISTA, COM ESPESSURA DE 10 CM - EXCLUSIVE ESCAVAÇÃO, CARGA E TRANSPORTE E SOLO. AF_09/2024","M3",296.02,105661,null,294.32,296.02]
[null,105662,"RECONSTRUÇÃO DE BASE E SUB-BASE PARA PAVIMENTAÇÃO DE SOLO (PREDOMINANTEMENTE ARENOSO) BRITA - 40%-60% COM CIMENTO - 8%, MISTURA EM PISTA, COM ESPESSURA DE 10 CM - EXCLUSIVE ESCAVAÇÃO, CARGA E TRANSPORTE E SOLO. AF_09/2024","M3",333.79,105662,null,332.09,333.79]
[null,105663,"RECONSTRUÇÃO DE BASE E SUB-BASE PARA PAVIMENTAÇÃO DE SOLO (PREDOMINANTEMENTE ARENOSO) BRITA - 40%-60% COM CIMENTO - 4%, MISTURA EM PISTA, COM ESPESSURA DE 15 CM - EXCLUSIVE ESCAVAÇÃO, CARGA E TRANSPORTE E SOLO. AF_09/2024","M3",248.48,105663,null,247.17,248.48]
[null,105664,"RECONSTRUÇÃO DE BASE E SUB-BASE PARA PAVIMENTAÇÃO DE SOLO (PREDOMINANTEMENTE ARENOSO) BRITA - 40%-60% COM CIMENTO - 6%, MISTURA EM PISTA, COM ESPESSURA DE 15 CM - EXCLUSIVE ESCAVAÇÃO, CARGA E TRANSPORTE E SOLO. AF_09/2024","M3",286.79000000000002,105664,null,285.48,286.79000000000002]
[null,105665,"RECONSTRUÇÃO DE BASE E SUB-BASE PARA PAVIMENTAÇÃO DE SOLO (PREDOMINANTEMENTE ARENOSO) BRITA - 40%-60% COM CIMENTO - 8%, MISTURA EM PISTA, COM ESPESSURA DE 15 CM - EXCLUSIVE ESCAVAÇÃO, CARGA E TRANSPORTE E SOLO. AF_09/2024","M3",324.56,105665,null,323.25,324.56]
[null,105666,"CONSTRUÇÃO DE BASE E SUB-BASE PARA PAVIMENTAÇÃO DE SOLO (PREDOMINANTEMENTE ARENOSO) BRITA - 40%-60% COM CIMENTO - 4%, MISTURA EM PISTA, COM ESPESSURA DE 20 CM - EXCLUSIVE ESCAVAÇÃO, CARGA E TRANSPORTE E SOLO. AF_09/2024","M3",236.8,105666,null,236.04,236.8]
[null,105667,"CONSTRUÇÃO DE BASE E SUB-BASE PARA PAVIMENTAÇÃO DE SOLO (PREDOMINANTEMENTE ARENOSO) BRITA - 40%-60% COM CIMENTO - 6%, MISTURA EM PISTA, COM ESPESSURA DE 20 CM - EXCLUSIVE ESCAVAÇÃO, CARGA E TRANSPORTE E SOLO. AF_09/2024","M3",275.11,105667,null,274.35000000000002,275.11]
[null,105668,"CONSTRUÇÃO DE BASE E SUB-BASE PARA PAVIMENTAÇÃO DE SOLO (PREDOMINANTEMENTE ARENOSO) BRITA - 40%-60% COM CIMENTO - 8%, MISTURA EM PISTA, COM ESPESSURA DE 20 CM - EXCLUSIVE ESCAVAÇÃO, CARGA E TRANSPORTE E SOLO. AF_09/2024","M3",312.88,105668,null,312.12,312.88]
[null,105669,"RECONSTRUÇÃO DE BASE E SUB-BASE PARA PAVIMENTAÇÃO DE SOLO (PREDOMINANTEMENTE ARENOSO) BRITA - 40%-60% COM CIMENTO - 4%, MISTURA EM PISTA, COM ESPESSURA DE 20 CM - EXCLUSIVE ESCAVAÇÃO, CARGA E TRANSPORTE E SOLO. AF_09/2024","M3",{"$f":"IF($K$2=$H$1,H6211,I6211)","v":243.83},{"$f":"IF(LEN($B6211)=7,CONCATENATE(MID($B6211,1,6),\"00\",RIGHT($B6211,1)),IF(LEN($B6211)=8,CONCATENATE(MID($B6211,1,6),\"0\",RIGHT($B6211,2)),$B6211))","v":105669},null,242.73,243.83]
[null,105670,"RECONSTRUÇÃO DE BASE E SUB-BASE PARA PAVIMENTAÇÃO DE SOLO (PREDOMINANTEMENTE ARENOSO) BRITA - 40%-60% COM CIMENTO - 6%, MISTURA EM PISTA, COM ESPESSURA DE 20 CM - EXCLUSIVE ESCAVAÇÃO, CARGA E TRANSPORTE E SOLO. AF_09/2024","M3",282.14,105670,null,281.04000000000002,282.14]
[null,105671,"RECONSTRUÇÃO DE BASE E SUB-BASE PARA PAVIMENTAÇÃO DE SOLO (PREDOMINANTEMENTE ARENOSO) BRITA - 40%-60% COM CIMENTO - 8%, MISTURA EM PISTA, COM ESPESSURA DE 20 CM - EXCLUSIVE ESCAVAÇÃO, CARGA E TRANSPORTE E SOLO. AF_09/2024","M3",319.91000000000003,105671,null,318.81,319.91000000000003]
[null,105690,"CONSTRUÇÃO DE BASE E SUB-BASE PARA PAVIMENTAÇÃO DE SOLO (PREDOMINANTEMENTE ARENOSO) BRITA - 50%-50% COM CIMENTO - 4%, MISTURA EM PISTA, COM ESPESSURA DE 10 CM - EXCLUSIVE ESCAVAÇÃO, CARGA E TRANSPORTE E SOLO. AF_09/2024","M3",225.09,105690,null,223.92,225.09]
[null,105691,"CONSTRUÇÃO DE BASE E SUB-BASE PARA PAVIMENTAÇÃO DE SOLO (PREDOMINANTEMENTE ARENOSO) BRITA - 50%-50% COM CIMENTO - 6%, MISTURA EM PISTA, COM ESPESSURA DE 10 CM - EXCLUSIVE ESCAVAÇÃO, CARGA E TRANSPORTE E SOLO. AF_09/2024","M3",263.85000000000002,105691,null,262.68,263.85000000000002]
[null,105692,"CONSTRUÇÃO DE BASE E SUB-BASE PARA PAVIMENTAÇÃO DE SOLO (PREDOMINANTEMENTE ARENOSO) BRITA - 50%-50% COM CIMENTO - 8%, MISTURA EM PISTA, COM ESPESSURA DE 10 CM - EXCLUSIVE ESCAVAÇÃO, CARGA E TRANSPORTE E SOLO. AF_09/2024","M3",302.07,105692,null,300.89999999999998,302.07]
[null,105693,"RECONSTRUÇÃO DE BASE E SUB-BASE PARA PAVIMENTAÇÃO DE SOLO (PREDOMINANTEMENTE ARENOSO) BRITA - 50%-50% COM CIMENTO - 4%, MISTURA EM PISTA, COM ESPESSURA DE 10 CM - EXCLUSIVE ESCAVAÇÃO, CARGA E TRANSPORTE E SOLO. AF_09/2024","M3",236.04,105693,null,234.34,236.04]
[null,105694,"RECONSTRUÇÃO DE BASE E SUB-BASE PARA PAVIMENTAÇÃO DE SOLO (PREDOMINANTEMENTE ARENOSO) BRITA - 50%-50% COM CIMENTO - 6%, MISTURA EM PISTA, COM ESPESSURA DE 10 CM - EXCLUSIVE ESCAVAÇÃO, CARGA E TRANSPORTE E SOLO. AF_09/2024","M3",274.8,105694,null,273.10000000000002,274.8]
[null,105695,"RECONSTRUÇÃO DE BASE E SUB-BASE PARA PAVIMENTAÇÃO DE SOLO (PREDOMINANTEMENTE ARENOSO) BRITA - 50%-50% COM CIMENTO - 8%, MISTURA EM PISTA, COM ESPESSURA DE 10 CM - EXCLUSIVE ESCAVAÇÃO, CARGA E TRANSPORTE E SOLO. AF_09/2024","M3",313.02,105695,null,311.32,313.02]
[null,105696,"RECONSTRUÇÃO DE BASE E SUB-BASE PARA PAVIMENTAÇÃO DE SOLO (PREDOMINANTEMENTE ARENOSO) BRITA - 50%-50% COM CIMENTO - 4%, MISTURA EM PISTA, COM ESPESSURA DE 15 CM - EXCLUSIVE ESCAVAÇÃO, CARGA E TRANSPORTE E SOLO. AF_09/2024","M3",226.81,105696,null,225.5,226.81]
[null,105697,"RECONSTRUÇÃO DE BASE E SUB-BASE PARA PAVIMENTAÇÃO DE SOLO (PREDOMINANTEMENTE ARENOSO) BRITA - 50%-50% COM CIMENTO - 6%, MISTURA EM PISTA, COM ESPESSURA DE 15 CM - EXCLUSIVE ESCAVAÇÃO, CARGA E TRANSPORTE E SOLO. AF_09/2024","M3",265.57,105697,null,264.26,265.57]
[null,105698,"RECONSTRUÇÃO DE BASE E SUB-BASE PARA PAVIMENTAÇÃO DE SOLO (PREDOMINANTEMENTE ARENOSO) BRITA - 50%-50% COM CIMENTO - 8%, MISTURA EM PISTA, COM ESPESSURA DE 15 CM - EXCLUSIVE ESCAVAÇÃO, CARGA E TRANSPORTE E SOLO. AF_09/2024","M3",303.79000000000002,105698,null,302.48,303.79000000000002]
[null,105699,"CONSTRUÇÃO DE BASE E SUB-BASE PARA PAVIMENTAÇÃO DE SOLO (PREDOMINANTEMENTE ARENOSO) BRITA - 50%-50% COM CIMENTO - 4%, MISTURA EM PISTA, COM ESPESSURA DE 20 CM - EXCLUSIVE ESCAVAÇÃO, CARGA E TRANSPORTE E SOLO. AF_09/2024","M3",215.13,105699,null,214.37,215.13]
[null,105700,"CONSTRUÇÃO DE BASE E SUB-BASE PARA PAVIMENTAÇÃO DE SOLO (PREDOMINANTEMENTE ARENOSO) BRITA - 50%-50% COM CIMENTO - 6%, MISTURA EM PISTA, COM ESPESSURA DE 20 CM - EXCLUSIVE ESCAVAÇÃO, CARGA E TRANSPORTE E SOLO. AF_09/2024","M3",253.89,105700,null,253.13,253.89]
[null,105701,"CONSTRUÇÃO DE BASE E SUB-BASE PARA PAVIMENTAÇÃO DE SOLO (PREDOMINANTEMENTE ARENOSO) BRITA - 50%-50% COM CIMENTO - 8%, MISTURA EM PISTA, COM ESPESSURA DE 20 CM - EXCLUSIVE ESCAVAÇÃO, CARGA E TRANSPORTE E SOLO. AF_09/2024","M3",292.11,105701,null,291.35000000000002,292.11]
[null,105702,"RECONSTRUÇÃO DE BASE E SUB-BASE PARA PAVIMENTAÇÃO DE SOLO (PREDOMINANTEMENTE ARENOSO) BRITA - 50%-50% COM CIMENTO - 4%, MISTURA EM PISTA, COM ESPESSURA DE 20 CM - EXCLUSIVE ESCAVAÇÃO, CARGA E TRANSPORTE E SOLO. AF_09/2024","M3",222.16,105702,null,221.06,222.16]
[null,105703,"RECONSTRUÇÃO DE BASE E SUB-BASE PARA PAVIMENTAÇÃO DE SOLO (PREDOMINANTEMENTE ARENOSO) BRITA - 50%-50% COM CIMENTO - 6%, MISTURA EM PISTA, COM ESPESSURA DE 20 CM - EXCLUSIVE ESCAVAÇÃO, CARGA E TRANSPORTE E SOLO. AF_09/2024","M3",260.92,105703,null,259.82,260.92]
[null,105704,"RECONSTRUÇÃO DE BASE E SUB-BASE PARA PAVIMENTAÇÃO DE SOLO (PREDOMINANTEMENTE ARENOSO) BRITA - 50%-50% COM CIMENTO - 8%, MISTURA EM PISTA, COM ESPESSURA DE 20 CM - EXCLUSIVE ESCAVAÇÃO, CARGA E TRANSPORTE E SOLO. AF_09/2024","M3",299.14,105704,null,298.04000000000002,299.14]
[null,105710,"CONSTRUÇÃO DE BASE E SUB-BASE PARA PAVIMENTAÇÃO DE SOLO (PREDOMINANTEMENTE ARENOSO) BRITA - 40%-60%, MISTURA EM PISTA, COM ESPESSURA DE 10 CM - EXCLUSIVE ESCAVAÇÃO, CARGA E TRANSPORTE E SOLO. AF_09/2024","M3",164.83,105710,null,163.66,164.83]
[null,105711,"CONSTRUÇÃO DE BASE E SUB-BASE PARA PAVIMENTAÇÃO DE SOLO (PREDOMINANTEMENTE ARENOSO) BRITA - 40%-60%, MISTURA EM PISTA, COM ESPESSURA DE 20 CM - EXCLUSIVE ESCAVAÇÃO, CARGA E TRANSPORTE E SOLO. AF_09/2024","M3",154.87,105711,null,154.12,154.87]
[null,105712,"RECONSTRUÇÃO DE BASE E SUB-BASE PARA PAVIMENTAÇÃO DE SOLO (PREDOMINANTEMENTE ARENOSO) BRITA - 40%-60%, MISTURA EM PISTA, COM ESPESSURA DE 20 CM - EXCLUSIVE ESCAVAÇÃO, CARGA E TRANSPORTE E SOLO. AF_09/2024","M3",161.9,105712,null,160.80000000000001,161.9]
[null,105718,"CONSTRUÇÃO DE BASE E SUB-BASE PARA PAVIMENTAÇÃO DE SOLO (PREDOMINANTEMENTE ARENOSO) BRITA - 50%-50%, MISTURA EM PISTA, COM ESPESSURA DE 10 CM - EXCLUSIVE ESCAVAÇÃO, CARGA E TRANSPORTE E SOLO. AF_09/2024","M3",142.25,105718,null,141.08000000000001,142.25]
[null,105727,"CONSTRUÇÃO DE BASE E SUB-BASE PARA PAVIMENTAÇÃO DE BRITA GRADUADA SIMPLES, COM ESPESSURA DE 10 CM - EXCLUSIVE CARGA E TRANSPORTE. AF_09/2024","M3",272.82,105727,null,272.11,272.82]
[null,105728,"RECONSTRUÇÃO DE BASE E SUB-BASE PARA PAVIMENTAÇÃO DE BRITA GRADUADA SIMPLES, COM ESPESSURA DE 10 CM - EXCLUSIVE CARGA E TRANSPORTE. AF_09/2024","M3",278.81,105728,null,277.86,278.81]
[null,105729,"RECONSTRUÇÃO DE BASE E SUB-BASE PARA PAVIMENTAÇÃO DE BRITA GRADUADA SIMPLES, COM ESPESSURA DE 15 CM - EXCLUSIVE CARGA E TRANSPORTE. AF_09/2024","M3",274.33,105729,null,273.52,274.33]
[null,105730,"CONSTRUÇÃO DE BASE E SUB-BASE PARA PAVIMENTAÇÃO DE BRITA GRADUADA SIMPLES, COM ESPESSURA DE 20 CM - EXCLUSIVE CARGA E TRANSPORTE. AF_09/2024","M3",267.87,105730,null,267.32,267.87]
[null,105731,"RECONSTRUÇÃO DE BASE E SUB-BASE PARA PAVIMENTAÇÃO DE BRITA GRADUADA SIMPLES, COM ESPESSURA DE 20 CM - EXCLUSIVE CARGA E TRANSPORTE. AF_09/2024","M3",272.06,105731,null,271.33999999999997,272.06]
[null,105732,"CONSTRUÇÃO DE BASE E SUB-BASE PARA PAVIMENTAÇÃO DE BRITA GRADUADA SIMPLES TRATADA COM CIMENTO, COM ESPESSURA DE 10 CM - EXCLUSIVE CARGA E TRANSPORTE. AF_09/2024","M3",353.14,105732,null,352.33,353.14]
[null,105733,"RECONSTRUÇÃO DE BASE E SUB-BASE PARA PAVIMENTAÇÃO DE BRITA GRADUADA SIMPLES TRATADA COM CIMENTO, COM ESPESSURA DE 10 CM - EXCLUSIVE CARGA E TRANSPORTE. AF_09/2024","M3",360.33,105733,null,359.22,360.33]
[null,105734,"RECONSTRUÇÃO DE BASE E SUB-BASE PARA PAVIMENTAÇÃO DE BRITA GRADUADA SIMPLES TRATADA COM CIMENTO, COM ESPESSURA DE 15 CM - EXCLUSIVE CARGA E TRANSPORTE. AF_09/2024","M3",354.48,105734,null,353.6,354.48]
[null,105735,"CONSTRUÇÃO DE BASE E SUB-BASE PARA PAVIMENTAÇÃO DE BRITA GRADUADA SIMPLES TRATADA COM CIMENTO, COM ESPESSURA DE 20 CM - EXCLUSIVE CARGA E TRANSPORTE. AF_09/2024","M3",346.77,105735,null,346.16,346.77]
[null,105736,"RECONSTRUÇÃO DE BASE E SUB-BASE PARA PAVIMENTAÇÃO DE BRITA GRADUADA SIMPLES TRATADA COM CIMENTO, COM ESPESSURA DE 20 CM - EXCLUSIVE CARGA E TRANSPORTE. AF_09/2024","M3",351.56,105736,null,350.75,351.56]
[null,105737,"CONSTRUÇÃO DE BASE E SUB-BASE PARA PAVIMENTAÇÃO DE CONCRETO COMPACTADO COM ROLO, COM ESPESSURA DE 10 CM - EXCLUSIVE CARGA E TRANSPORTE. AF_09/2024","M3",457.89,105737,null,457.05,457.89]
[null,105738,"RECONSTRUÇÃO DE BASE E SUB-BASE PARA PAVIMENTAÇÃO DE CONCRETO COMPACTADO COM ROLO, COM ESPESSURA DE 10 CM - EXCLUSIVE CARGA E TRANSPORTE. AF_09/2024","M3",463.88,105738,null,462.79,463.88]
[null,105739,"RECONSTRUÇÃO DE BASE E SUB-BASE PARA PAVIMENTAÇÃO DE CONCRETO COMPACTADO COM ROLO, COM ESPESSURA DE 15 CM - EXCLUSIVE CARGA E TRANSPORTE. AF_09/2024","M3",459.5,105739,null,458.56,459.5]
[null,105740,"CONSTRUÇÃO DE BASE E SUB-BASE PARA PAVIMENTAÇÃO DE CONCRETO COMPACTADO COM ROLO, COM ESPESSURA DE 20 CM - EXCLUSIVE CARGA E TRANSPORTE. AF_09/2024","M3",452.99,105740,null,452.31,452.99]
[null,105741,"RECONSTRUÇÃO DE BASE E SUB-BASE PARA PAVIMENTAÇÃO DE CONCRETO COMPACTADO COM ROLO, COM ESPESSURA DE 20 CM - EXCLUSIVE CARGA E TRANSPORTE. AF_09/2024","M3",457.19,105741,null,456.34,457.19]
[null,105742,"CONSTRUÇÃO DE BASE E SUB-BASE PARA PAVIMENTAÇÃO DE RACHÃO, COM ESPESSURA DE 30 CM - EXCLUSIVE CARGA E TRANSPORTE. AF_09/2024","M3",186.97,105742,null,186.4,186.97]
[null,105743,"RECONSTRUÇÃO DE BASE E SUB-BASE PARA PAVIMENTAÇÃO DE RACHÃO, COM ESPESSURA DE 30 CM - EXCLUSIVE CARGA E TRANSPORTE. AF_09/2024","M3",193.38,105743,null,192.55,193.38]
[null,105744,"RECONSTRUÇÃO DE BASE E SUB-BASE PARA PAVIMENTAÇÃO DE RACHÃO, COM ESPESSURA DE 40 CM - EXCLUSIVE CARGA E TRANSPORTE. AF_09/2024","M3",191.3,105744,null,190.54,191.3]
[null,105745,"CONSTRUÇÃO DE BASE E SUB-BASE PARA PAVIMENTAÇÃO DE RACHÃO, COM ESPESSURA DE 50 CM - EXCLUSIVE CARGA E TRANSPORTE. AF_09/2024","M3",183.96,105745,null,183.52,183.96]
[null,105746,"RECONSTRUÇÃO DE BASE E SUB-BASE PARA PAVIMENTAÇÃO DE RACHÃO, COM ESPESSURA DE 50 CM - EXCLUSIVE CARGA E TRANSPORTE. AF_09/2024","M3",189.2,105746,null,188.53,189.2]
[null,105747,"CONSTRUÇÃO DE BASE E SUB-BASE PARA PAVIMENTAÇÃO DE RACHÃO, COM ESPESSURA DE 60 CM - EXCLUSIVE CARGA E TRANSPORTE. AF_09/2024","M3",182.43,105747,null,182.03,182.43]
[null,105748,"RECONSTRUÇÃO DE BASE E SUB-BASE PARA PAVIMENTAÇÃO DE RACHÃO, COM ESPESSURA DE 60 CM - EXCLUSIVE CARGA E TRANSPORTE. AF_09/2024","M3",187.07,105748,null,186.48,187.07]
[null,105749,"CONSTRUÇÃO DE BASE E SUB-BASE PARA PAVIMENTAÇÃO DE MACADAME SECO, COM ESPESSURA DE 10 CM - EXCLUSIVE CARGA E TRANSPORTE. AF_09/2024","M3",242.26,105749,null,241.45,242.26]
[null,105750,"RECONSTRUÇÃO DE BASE E SUB-BASE PARA PAVIMENTAÇÃO DE MACADAME SECO, COM ESPESSURA DE 10 CM - EXCLUSIVE CARGA E TRANSPORTE. AF_09/2024","M3",251.48,105750,null,250.3,251.48]
[null,105751,"RECONSTRUÇÃO DE BASE E SUB-BASE PARA PAVIMENTAÇÃO DE MACADAME SECO, COM ESPESSURA DE 15 CM - EXCLUSIVE CARGA E TRANSPORTE. AF_09/2024","M3",249.26,105751,null,248.14,249.26]
[null,105752,"CONSTRUÇÃO DE BASE E SUB-BASE PARA PAVIMENTAÇÃO DE MACADAME SECO, COM ESPESSURA DE 20 CM - EXCLUSIVE CARGA E TRANSPORTE. AF_09/2024","M3",239.03,105752,null,238.3,239.03]
[null,105753,"RECONSTRUÇÃO DE BASE E SUB-BASE PARA PAVIMENTAÇÃO DE MACADAME SECO, COM ESPESSURA DE 20 CM - EXCLUSIVE CARGA E TRANSPORTE. AF_09/2024","M3",247.25,105753,null,246.2,247.25]
[null,105754,"CONSTRUÇÃO DE BASE E SUB-BASE PARA PAVIMENTAÇÃO DE MACADAME SECO, COM ESPESSURA DE 25 CM - EXCLUSIVE CARGA E TRANSPORTE. AF_09/2024","M3",237.61,105754,null,236.94,237.61]
[null,105755,"RECONSTRUÇÃO DE BASE E SUB-BASE PARA PAVIMENTAÇÃO DE MACADAME SECO, COM ESPESSURA DE 25 CM - EXCLUSIVE CARGA E TRANSPORTE. AF_09/2024","M3",245.33,105755,null,244.35,245.33]
[null,92391,"EXECUÇÃO DE PAVIMENTO EM PISO INTERTRAVADO, COM BLOCO PISOGRAMA DE 35 X 15 CM, ESPESSURA 6 CM. AF_10/2022","M2",92.53,92391,null,92.11,92.53]
[null,92392,"EXECUÇÃO DE PAVIMENTO EM PISO INTERTRAVADO, COM BLOCO PISOGRAMA DE 35 X 15 CM, ESPESSURA 8 CM. AF_10/2022","M2",193.84,92392,null,193.38,193.84]
[null,92393,"EXECUÇÃO DE PAVIMENTO EM PISO INTERTRAVADO, COM BLOCO SEXTAVADO DE 25 X 25 CM, ESPESSURA 6 CM. AF_10/2022","M2",90.61,92393,null,90.07,90.61]
[null,92394,"EXECUÇÃO DE PAVIMENTO EM PISO INTERTRAVADO, COM BLOCO SEXTAVADO DE 25 X 25 CM, ESPESSURA 8 CM. AF_10/2022","M2",112.49,92394,null,111.76,112.49]
[null,92395,"EXECUÇÃO DE PAVIMENTO EM PISO INTERTRAVADO, COM BLOCO SEXTAVADO DE 25 X 25 CM, ESPESSURA 10 CM. AF_10/2022","M2",134.59,92395,null,133.58000000000001,134.59]
[null,92396,"EXECUÇÃO DE PASSEIO EM PISO INTERTRAVADO, COM BLOCO RETANGULAR COR NATURAL DE 20 X 10 CM, ESPESSURA 6 CM. AF_10/2022","M2",104.11,92396,null,102.48,104.11]
[null,92397,"EXECUÇÃO DE PAVIMENTO EM PISO INTERTRAVADO, COM BLOCO RETANGULAR COR NATURAL DE 20 X 10 CM, ESPESSURA 6 CM. AF_10/2022","M2",94.05,92397,null,93.17,94.05]
[null,92398,"EXECUÇÃO DE PAVIMENTO EM PISO INTERTRAVADO, COM BLOCO RETANGULAR COR NATURAL DE 20 X 10 CM, ESPESSURA 8 CM. AF_10/2022","M2",116.85,92398,null,115.7,116.85]
[null,92400,"EXECUÇÃO DE PAVIMENTO EM PISO INTERTRAVADO, COM BLOCO RETANGULAR DE 20 X 10 CM, ESPESSURA 10 CM. AF_10/2022","M2",136.84,92400,null,135.41,136.84]
[null,92402,"EXECUÇÃO DE PASSEIO EM PISO INTERTRAVADO, COM BLOCO 16 FACES DE 22 X 11 CM, ESPESSURA 6 CM. AF_10/2022","M2",102.3,92402,null,100.89,102.3]
[null,92403,"EXECUÇÃO DE PAVIMENTO EM PISO INTERTRAVADO, COM BLOCO 16 FACES DE 22 X 11 CM, ESPESSURA 6 CM. AF_10/2022","M2",91.8,92403,null,91.14,91.8]
[null,92404,"EXECUÇÃO DE PAVIMENTO EM PISO INTERTRAVADO, COM BLOCO 16 FACES DE 22 X 11 CM, ESPESSURA 8 CM. AF_10/2022","M2",114.59,92404,null,113.66,114.59]
[null,92406,"EXECUÇÃO DE PAVIMENTO EM PISO INTERTRAVADO, COM BLOCO 16 FACES DE 22 X 11 CM, ESPESSURA 10 CM. AF_10/2022","M2",137.09,92406,null,135.88999999999999,137.09]
[null,93679,"EXECUÇÃO DE PASSEIO EM PISO INTERTRAVADO, COM BLOCO RETANGULAR COLORIDO DE 20 X 10 CM, ESPESSURA 6 CM. AF_10/2022","M2",{"$f":"IF($K$2=$H$1,H6275,I6275)","v":116.48},{"$f":"IF(LEN($B6275)=7,CONCATENATE(MID($B6275,1,6),\"00\",RIGHT($B6275,1)),IF(LEN($B6275)=8,CONCATENATE(MID($B6275,1,6),\"0\",RIGHT($B6275,2)),$B6275))","v":93679},null,114.85,116.48]
[null,93680,"EXECUÇÃO DE PAVIMENTO EM PISO INTERTRAVADO, COM BLOCO RETANGULAR COLORIDO DE 20 X 10 CM, ESPESSURA 6 CM. AF_10/2022","M2",106.1,93680,null,105.22,106.1]
[null,93681,"EXECUÇÃO DE PAVIMENTO EM PISO INTERTRAVADO, COM BLOCO RETANGULAR COLORIDO DE 20 X 10 CM, ESPESSURA 8 CM. AF_10/2022","M2",126.5,93681,null,125.35,126.5]
[null,97104,"EXECUÇÃO DE PAVIMENTO DE CONCRETO SIMPLES (PCS), FCK = 40 MPA, ESPESSURA DE 15,0 CM. AF_04/2022","M2",168.84,97104,null,167.29,168.84]
[null,97105,"EXECUÇÃO DE PAVIMENTO DE CONCRETO SIMPLES (PCS), FCK = 40 MPA, ESPESSURA DE 17,5 CM. AF_04/2022","M2",191.91,97105,null,190.23,191.91]
[null,97106,"EXECUÇÃO DE PAVIMENTO DE CONCRETO SIMPLES (PCS), FCK = 40 MPA, ESPESSURA DE 20,0 CM. AF_04/2022","M2",214.27,97106,null,212.49,214.27]
[null,97107,"EXECUÇÃO DE PAVIMENTO DE CONCRETO SIMPLES (PCS), FCK = 40 MPA, ESPESSURA DE 22,5 CM. AF_04/2022","M2",243.52,97107,null,241.64,243.52]
[null,97108,"EXECUÇÃO DE PAVIMENTO DE CONCRETO SIMPLES (PCS), FCK = 40 MPA, ESPESSURA DE 25,0 CM. AF_04/2022","M2",277.07,97108,null,275.07,277.07]
[null,97109,"EXECUÇÃO DE PAVIMENTO DE CONCRETO SIMPLES (PCS), FCK = 40 MPA, ESPESSURA DE 27,5 CM. AF_04/2022","M2",306.18,97109,null,304.02,306.18]
[null,97111,"EXECUÇÃO DE PAVIMENTO DE CONCRETO ARMADO (PCA), FCK = 30 MPA, ESPESSURA DE 15,0 CM. AF_04/2022","M2",316,97111,null,313.86,316]
[null,97112,"EXECUÇÃO DE PAVIMENTO DE CONCRETO ARMADO (PCA), FCK = 30 MPA, ESPESSURA DE 17,5 CM. AF_04/2022","M2",280.45,97112,null,278.47000000000003,280.45]
[null,97113,"APLICAÇÃO DE LONA PLÁSTICA PARA EXECUÇÃO DE PAVIMENTOS DE CONCRETO. AF_04/2022","M2",3.1,97113,null,3.08,3.1]
[null,97114,"EXECUÇÃO DE JUNTAS DE CONTRAÇÃO PARA PAVIMENTOS DE CONCRETO. AF_04/2022","M",0.35,97114,null,0.32,0.35]
[null,97115,"APLICAÇÃO DE GRAXA EM BARRAS DE TRANSFERÊNCIA PARA EXECUÇÃO DE PAVIMENTO DE CONCRETO. AF_04/2022","KG",59.59,97115,null,58.31,59.59]
[null,97116,"BARRAS DE TRANSFERÊNCIA, AÇO CA-25 DE 16,0 MM, PARA EXECUÇÃO DE PAVIMENTO DE CONCRETO - FORNECIMENTO E INSTALAÇÃO. AF_04/2022","KG",24.32,97116,null,23.4,24.32]
[null,97117,"BARRAS DE TRANSFERÊNCIA, AÇO CA-25 DE 20,0 MM, PARA EXECUÇÃO DE PAVIMENTO DE CONCRETO - FORNECIMENTO E INSTALAÇÃO. AF_04/2022","KG",21.57,97117,null,20.98,21.57]
[null,97118,"BARRAS DE TRANSFERÊNCIA, AÇO CA-25 DE 25,0 MM, PARA EXECUÇÃO DE PAVIMENTO DE CONCRETO - FORNECIMENTO E INSTALAÇÃO. AF_04/2022","KG",18.05,97118,null,17.670000000000002,18.05]
[null,97119,"BARRAS DE TRANSFERÊNCIA, AÇO CA-25 DE 32,0 MM, PARA EXECUÇÃO DE PAVIMENTO DE CONCRETO - FORNECIMENTO E INSTALAÇÃO. AF_04/2022","KG",16.440000000000001,97119,null,16.21,16.440000000000001]
[null,97120,"BARRAS DE LIGAÇÃO, AÇO CA-50 DE 10 MM, PARA EXECUÇÃO DE PAVIMENTO DE CONCRETO - FORNECIMENTO E INSTALAÇÃO. AF_04/2022","KG",10.6,97120,null,10.45,10.6]
[null,101167,"EXECUÇÃO DE PAVIMENTO EM PARALELEPÍPEDOS, REJUNTAMENTO COM PÓ DE PEDRA. AF_05/2020","M2",305.19,101167,null,303.5,305.19]
[null,101169,"EXECUÇÃO DE PAVIMENTO EM PARALELEPÍPEDOS, REJUNTAMENTO COM ARGAMASSA TRAÇO 1:3 (CIMENTO E AREIA). AF_05/2020","M2",320.18,101169,null,317.98,320.18]
[null,101170,"EXECUÇÃO DE PAVIMENTO EM PEDRAS POLIÉDRICAS, REJUNTAMENTO COM PÓ DE PEDRA. AF_05/2020","M2",60.12,101170,null,58.78,60.12]
[null,101172,"EXECUÇÃO DE PAVIMENTO EM PEDRAS POLIÉDRICAS, REJUNTAMENTO COM ARGAMASSA TRAÇO 1:3 (CIMENTO E AREIA). AF_05/2020","M2",87.1,101172,null,85.09,87.1]
[null,103904,"EXECUÇÃO DE PAVIMENTO DE CONCRETO SIMPLES (PCS), FCK = 35 MPA, ESPESSURA DE 15,0 CM. AF_04/2022","M2",163.66,103904,null,162.11000000000001,163.66]
[null,103905,"EXECUÇÃO DE PAVIMENTO DE CONCRETO SIMPLES (PCS), FCK = 35 MPA, ESPESSURA DE 16,0 CM. AF_04/2022","M2",172.93,103905,null,171.32,172.93]
[null,103906,"EXECUÇÃO DE PAVIMENTO DE CONCRETO SIMPLES (PCS), FCK = 40 MPA, ESPESSURA DE 16,0 CM. AF_04/2022","M2",203.97,103906,null,201.81,203.97]
[null,103907,"EXECUÇÃO DE PAVIMENTO DE CONCRETO SIMPLES (PCS), FCK = 35 MPA, ESPESSURA DE 17,5 CM. AF_04/2022","M2",182.91,103907,null,181.25,182.91]
[null,103908,"EXECUÇÃO PAVIMENTO DE CONCRETO SIMPLES (PCS), FCK = 35 MPA, ESPESSURA DE 20,0 CM. AF_04/2022","M2",207.37,103908,null,205.59,207.37]
[null,103909,"EXECUÇÃO PAVIMENTO DE CONCRETO SIMPLES (PCS), FCK = 35 MPA, ESPESSURA DE 22,5 CM. AF_04/2022","M2",235.76,103909,null,233.88,235.76]
[null,103911,"EXECUÇÃO DE PAVIMENTO DE CONCRETO SIMPLES (PCS), FCK = 35 MPA, ESPESSURA DE 25,0 CM. AF_04/2022","M2",268.45,103911,null,266.45,268.45]
[null,103912,"EXECUÇÃO PAVIMENTO DE CONCRETO SIMPLES (PCS), FCK = 35 MPA, ESPESSURA DE 27,5 CM. AF_04/2022","M2",296.69,103912,null,294.52999999999997,296.69]
[null,103913,"EXECUÇÃO DE PISO INDUSTRIAL DE CONCRETO ARMADO, FCK = 20 MPA, ESPESSURA DE 12,0 CM. AF_04/2022","M2",155.69999999999999,103913,null,154.49,155.69999999999999]
[null,103914,"EXECUÇÃO DE PISO INDUSTRIAL DE CONCRETO ARMADO, FCK = 20 MPA, ESPESSURA DE 14,0 CM. AF_04/2022","M2",181.37,103914,null,179.99,181.37]
[null,103915,"EXECUÇÃO DE PISO INDUSTRIAL DE CONCRETO ARMADO, FCK = 20 MPA, ESPESSURA DE 15,0 CM. AF_04/2022","M2",198.03,103915,null,196.6,198.03]
[null,103916,"EXECUÇÃO DE PISO INDUSTRIAL DE CONCRETO ARMADO, FCK = 20 MPA, ESPESSURA DE 18,0 CM. AF_04/2022","M2",227.52,103916,null,225.92,227.52]
[null,103917,"EXECUÇÃO DE PISO INDUSTRIAL DE CONCRETO ARMADO, FCK = 20 MPA, ESPESSURA DE 20,0 CM. AF_04/2022","M2",261.98,103917,null,260.24,261.98]
[null,103918,"EXECUÇÃO DE PISO INDUSTRIAL DE CONCRETO ARMADO, FCK = 20 MPA, ESPESSURA DE 22,0 CM. AF_04/2022","M2",277.88,103918,null,276.05,277.88]
[null,104432,"EXECUÇÃO DE PASSEIO EM PISO INTERTRAVADO, COM BLOCO RAQUETE  22 X 13,5 CM, ESPESSURA 6 CM. AF_10/2022","M2",108.77,104432,null,106.86,108.77]
[null,104433,"EXECUÇÃO DE PAVIMENTO EM PISO INTERTRAVADO, COM BLOCO RAQUETE  22 X 13,5 CM, ESPESSURA 6 CM. AF_10/2022","M2",97.5,104433,null,96.43,97.5]
[null,103689,"FORNECIMENTO E INSTALAÇÃO DE PLACA DE OBRA COM CHAPA GALVANIZADA E ESTRUTURA DE MADEIRA. AF_03/2022_PS","M2",462.17,103689,null,458.39,462.17]
[null,103694,"FORNECIMENTO E INSTALAÇÃO DE SUPORTE DE MADEIRA  PARA PLACAS DE SINALIZAÇÃO, EM SOLO, COM H= DE 2,5 M E SEÇÃO DE 7,5 X 7,5 CM. AF_03/2022","UN",118.66,103694,null,114.82,118.66]
[null,103695,"FORNECIMENTO E INSTALAÇÃO DE SUPORTE DE MADEIRA PARA PLACAS DE SINALIZAÇÃO, EM SOLO, COM H= DE 2,0 M E SEÇÃO DE 7,5 X 7,5 CM. AF_03/2022","UN",106.26,103695,null,102.68,106.26]
[null,103696,"FORNECIMENTO E INSTALAÇÃO DE SUPORTE DE MADEIRA PARA PLACAS DE SINALIZAÇÃO EM CONCRETO, COM H= DE 2,5 M E SEÇÃO DE 7,5 X 7,5 CM. AF_03/2022","UN",144.63999999999999,103696,null,138.22,144.63999999999999]
[null,103697,"FORNECIMENTO E INSTALAÇÃO DE SUPORTE DE MADEIRA PARA PLACAS DE SINALIZAÇÃO, EM BASE DE CONCRETO, COM H= DE 2,0 M E SEÇÃO DE 7,5 X 7,5 CM. AF_03/2022","UN",132.24,103697,null,126.08,132.24]
[null,95995,"EXECUÇÃO DE PAVIMENTO COM APLICAÇÃO DE CONCRETO ASFÁLTICO, CAMADA DE ROLAMENTO - EXCLUSIVE CARGA E TRANSPORTE. AF_11/2019","M3",2100.1999999999998,95995,null,2096.06,2100.1999999999998]
[null,95996,"EXECUÇÃO DE PAVIMENTO COM APLICAÇÃO DE CONCRETO ASFÁLTICO, CAMADA DE BINDER - EXCLUSIVE CARGA E TRANSPORTE. AF_11/2019","M3",1822.95,95996,null,1820.03,1822.95]
[null,96001,"FRESAGEM DE PAVIMENTO ASFÁLTICO (PROFUNDIDADE ATÉ 5,0 CM) - EXCLUSIVE TRANSPORTE. AF_11/2019","M2",7.34,96001,null,7.22,7.34]
[null,96393,"USINAGEM DE BRITA GRADUADA SIMPLES. AF_03/2020","M3",256.08999999999997,96393,null,255.9,256.08999999999997]
[null,96394,"USINAGEM DE BRITA GRADUADA TRATADA COM CIMENTO. AF_03/2020","M3",333.53,96394,null,333.34,333.53]
[null,96395,"USINAGEM DE CONCRETO PARA COMPACTAÇÃO COM ROLO. AF_03/2020","M3",441.26,96395,null,440.94,441.26]
[null,88411,"APLICAÇÃO MANUAL DE FUNDO SELADOR ACRÍLICO EM PANOS COM PRESENÇA DE VÃOS DE EDIFÍCIOS DE MÚLTIPLOS PAVIMENTOS. AF_03/2024","M2",3.49,88411,null,3.33,3.49]
[null,88412,"APLICAÇÃO MANUAL DE FUNDO SELADOR ACRÍLICO EM PANOS CEGOS DE FACHADA (SEM PRESENÇA DE VÃOS) DE EDIFÍCIOS DE MÚLTIPLOS PAVIMENTOS. AF_03/2024","M2",2.75,88412,null,2.66,2.75]
[null,88413,"APLICAÇÃO MANUAL DE FUNDO SELADOR ACRÍLICO EM SUPERFÍCIES EXTERNAS DE SACADA DE EDIFÍCIOS DE MÚLTIPLOS PAVIMENTOS. AF_03/2024","M2",4.55,88413,null,4.28,4.55]
[null,88414,"APLICAÇÃO MANUAL DE FUNDO SELADOR ACRÍLICO EM SUPERFÍCIES INTERNAS DA SACADA DE EDIFÍCIOS DE MÚLTIPLOS PAVIMENTOS. AF_03/2024","M2",5.38,88414,null,5.07,5.38]
[null,88415,"APLICAÇÃO MANUAL DE FUNDO SELADOR ACRÍLICO EM PAREDES EXTERNAS DE CASAS. AF_03/2024","M2",3.57,88415,null,3.4,3.57]
[null,88416,"APLICAÇÃO MANUAL DE PINTURA COM TINTA TEXTURIZADA ACRÍLICA EM PANOS COM PRESENÇA DE VÃOS DE EDIFÍCIOS DE MÚLTIPLOS PAVIMENTOS, UMA COR. AF_03/2024","M2",20.51,88416,null,20.11,20.51]
[null,88417,"APLICAÇÃO MANUAL DE PINTURA COM TINTA TEXTURIZADA ACRÍLICA EM PANOS CEGOS DE FACHADA (SEM PRESENÇA DE VÃOS) DE EDIFÍCIOS DE MÚLTIPLOS PAVIMENTOS, UMA COR. AF_03/2024","M2",17.510000000000002,88417,null,17.28,17.510000000000002]
[null,88420,"APLICAÇÃO MANUAL DE PINTURA COM TINTA TEXTURIZADA ACRÍLICA EM SUPERFÍCIES EXTERNAS DE SACADA DE EDIFÍCIOS DE MÚLTIPLOS PAVIMENTOS, UMA COR. AF_03/2024","M2",23.2,88420,null,22.42,23.2]
[null,88421,"APLICAÇÃO MANUAL DE PINTURA COM TINTA TEXTURIZADA ACRÍLICA EM SUPERFÍCIES INTERNAS DA SACADA DE EDIFÍCIOS DE MÚLTIPLOS PAVIMENTOS, UMA COR. AF_03/2024","M2",28.03,88421,null,27.13,28.03]
[null,88423,"APLICAÇÃO MANUAL DE PINTURA COM TINTA TEXTURIZADA ACRÍLICA EM PAREDES EXTERNAS DE CASAS, UMA COR. AF_03/2024","M2",20.47,88423,null,20.02,20.47]
[null,88424,"APLICAÇÃO MANUAL DE PINTURA COM TINTA TEXTURIZADA ACRÍLICA EM PANOS COM PRESENÇA DE VÃOS DE EDIFÍCIOS DE MÚLTIPLOS PAVIMENTOS, DUAS CORES. AF_03/2024","M2",23.74,88424,null,23.02,23.74]
[null,88426,"APLICAÇÃO MANUAL DE PINTURA COM TINTA TEXTURIZADA ACRÍLICA EM PANOS CEGOS DE FACHADA (SEM PRESENÇA DE VÃOS) DE EDIFÍCIOS DE MÚLTIPLOS PAVIMENTOS, DUAS CORES. AF_03/2024","M2",19.239999999999998,88426,null,18.86,19.239999999999998]
[null,88428,"APLICAÇÃO MANUAL DE PINTURA COM TINTA TEXTURIZADA ACRÍLICA EM SUPERFÍCIES EXTERNAS DE SACADA DE EDIFÍCIOS DE MÚLTIPLOS PAVIMENTOS, DUAS CORES. AF_03/2024","M2",29.39,88428,null,28.01,29.39]
[null,88429,"APLICAÇÃO MANUAL DE PINTURA COM TINTA TEXTURIZADA ACRÍLICA EM SUPERFÍCIES INTERNAS DA SACADA DE EDIFÍCIOS DE MÚLTIPLOS PAVIMENTOS, DUAS CORES. AF_03/2024","M2",35.24,88429,null,33.630000000000003,35.24]
[null,88431,"APLICAÇÃO MANUAL DE PINTURA COM TINTA TEXTURIZADA ACRÍLICA EM PAREDES EXTERNAS DE CASAS, DUAS CORES. AF_03/2024","M2",{"$f":"IF($K$2=$H$1,H6339,I6339)","v":24.1},{"$f":"IF(LEN($B6339)=7,CONCATENATE(MID($B6339,1,6),\"00\",RIGHT($B6339,1)),IF(LEN($B6339)=8,CONCATENATE(MID($B6339,1,6),\"0\",RIGHT($B6339,2)),$B6339))","v":88431},null,23.29,24.1]
[null,88432,"APLICAÇÃO MANUAL DE PINTURA COM TINTA TEXTURIZADA ACRÍLICA EM MOLDURAS DE EPS. AF_03/2024","M2",29.91,88432,null,28.48,29.91]
[null,88484,"FUNDO SELADOR ACRÍLICO, APLICAÇÃO MANUAL EM TETO, UMA DEMÃO. AF_04/2023","M2",4.18,88484,null,3.87,4.18]
[null,88485,"FUNDO SELADOR ACRÍLICO, APLICAÇÃO MANUAL EM PAREDE, UMA DEMÃO. AF_04/2023","M2",3.3,88485,null,3.07,3.3]
[null,88488,"PINTURA LÁTEX ACRÍLICA PREMIUM, APLICAÇÃO MANUAL EM TETO, DUAS DEMÃOS. AF_04/2023","M2",14.39,88488,null,13.64,14.39]
[null,88489,"PINTURA LÁTEX ACRÍLICA PREMIUM, APLICAÇÃO MANUAL EM PAREDES, DUAS DEMÃOS. AF_04/2023","M2",12.23,88489,null,11.69,12.23]
[null,88494,"EMASSAMENTO COM MASSA LÁTEX, APLICAÇÃO EM TETO, UMA DEMÃO, LIXAMENTO MANUAL. AF_04/2023","M2",19.63,88494,null,17.96,19.63]
[null,88495,"EMASSAMENTO COM MASSA LÁTEX, APLICAÇÃO EM PAREDE, UMA DEMÃO, LIXAMENTO MANUAL. AF_04/2023","M2",10.83,88495,null,10.02,10.83]
[null,88496,"EMASSAMENTO COM MASSA LÁTEX, APLICAÇÃO EM TETO, DUAS DEMÃOS, LIXAMENTO MANUAL. AF_04/2023","M2",29.77,88496,null,27.32,29.77]
[null,88497,"EMASSAMENTO COM MASSA LÁTEX, APLICAÇÃO EM PAREDE, DUAS DEMÃOS, LIXAMENTO MANUAL. AF_04/2023","M2",16.86,88497,null,15.67,16.86]
[null,95305,"TEXTURA ACRÍLICA, APLICAÇÃO MANUAL EM PAREDE, UMA DEMÃO. AF_04/2023","M2",12.97,95305,null,12.47,12.97]
[null,95306,"TEXTURA ACRÍLICA, APLICAÇÃO MANUAL EM TETO, UMA DEMÃO. AF_04/2023","M2",15.02,95306,null,14.31,15.02]
[null,95622,"APLICAÇÃO MANUAL DE TINTA LÁTEX ACRÍLICA EM PANOS COM PRESENÇA DE VÃOS DE EDIFÍCIOS DE MÚLTIPLOS PAVIMENTOS, DUAS DEMÃOS. AF_03/2024","M2",13.99,95622,null,13.24,13.99]
[null,95623,"APLICAÇÃO MANUAL DE TINTA LÁTEX ACRÍLICA EM PANOS SEM PRESENÇA DE VÃOS DE EDIFÍCIOS DE MÚLTIPLOS PAVIMENTOS, DUAS DEMÃOS. AF_03/2024","M2",9.94,95623,null,9.5500000000000007,9.94]
[null,95624,"APLICAÇÃO MANUAL DE TINTA LÁTEX ACRÍLICA EM SUPERFÍCIES EXTERNAS DE SACADA DE EDIFÍCIOS DE MÚLTIPLOS PAVIMENTOS, DUAS DEMÃOS. AF_03/2024","M2",20.83,95624,null,19.37,20.83]
[null,95625,"APLICAÇÃO MANUAL DE TINTA LÁTEX ACRÍLICA EM SUPERFÍCIES INTERNAS DE SACADA DE EDIFÍCIOS DE MÚLTIPLOS PAVIMENTOS, DUAS DEMÃOS. AF_03/2024","M2",24.65,95625,null,22.95,24.65]
[null,95626,"APLICAÇÃO MANUAL DE TINTA LÁTEX ACRÍLICA EM PAREDE EXTERNAS DE CASAS, DUAS DEMÃOS. AF_03/2024","M2",14.77,95626,null,13.92,14.77]
[null,96126,"APLICAÇÃO MANUAL DE MASSA ACRÍLICA EM PANOS DE FACHADA COM PRESENÇA DE VÃOS, DE EDIFÍCIOS DE MÚLTIPLOS PAVIMENTOS, UMA DEMÃO. AF_03/2024","M2",16.47,96126,null,15.33,16.47]
[null,96127,"APLICAÇÃO MANUAL DE MASSA ACRÍLICA EM PANOS DE FACHADA SEM PRESENÇA DE VÃOS, DE EDIFÍCIOS DE MÚLTIPLOS PAVIMENTOS, UMA DEMÃO. AF_03/2024","M2",10.67,96127,null,10.06,10.67]
[null,96128,"APLICAÇÃO MANUAL DE MASSA ACRÍLICA EM SUPERFÍCIES EXTERNAS DE SACADA DE EDIFÍCIOS DE MÚLTIPLOS PAVIMENTOS, UMA DEMÃO. AF_03/2024","M2",27.08,96128,null,24.88,27.08]
[null,96129,"APLICAÇÃO MANUAL DE MASSA ACRÍLICA EM SUPERFÍCIES INTERNAS DE SACADA DE EDIFÍCIOS DE MÚLTIPLOS PAVIMENTOS, UMA DEMÃO. AF_03/2024","M2",31.85,96129,null,29.29,31.85]
[null,96130,"APLICAÇÃO MANUAL DE MASSA ACRÍLICA EM PAREDES EXTERNAS DE CASAS, UMA DEMÃO. AF_03/2024","M2",17.79,96130,null,16.510000000000002,17.79]
[null,96131,"APLICAÇÃO MANUAL DE MASSA ACRÍLICA EM PANOS DE FACHADA COM PRESENÇA DE VÃOS, DE EDIFÍCIOS DE MÚLTIPLOS PAVIMENTOS, DUAS DEMÃOS. AF_03/2024","M2",25.97,96131,null,24.31,25.97]
[null,96132,"APLICAÇÃO MANUAL DE MASSA ACRÍLICA EM PANOS DE FACHADA SEM PRESENÇA DE VÃOS, DE EDIFÍCIOS DE MÚLTIPLOS PAVIMENTOS, DUAS DEMÃOS. AF_03/2024","M2",17.34,96132,null,16.46,17.34]
[null,96133,"APLICAÇÃO MANUAL DE MASSA ACRÍLICA EM SUPERFÍCIES EXTERNAS DE SACADA DE EDIFÍCIOS DE MÚLTIPLOS PAVIMENTOS, DUAS DEMÃOS. AF_03/2024","M2",41.44,96133,null,38.21,41.44]
[null,96134,"APLICAÇÃO MANUAL DE MASSA ACRÍLICA EM SUPERFÍCIES INTERNAS DE SACADA DE EDIFÍCIOS DE MÚLTIPLOS PAVIMENTOS, DUAS DEMÃOS. AF_03/2024","M2",48.82,96134,null,45.05,48.82]
[null,96135,"APLICAÇÃO MANUAL DE MASSA ACRÍLICA EM PAREDES EXTERNAS DE CASAS, DUAS DEMÃOS. AF_03/2024","M2",27.85,96135,null,25.98,27.85]
[null,104639,"PINTURA LÁTEX ACRÍLICA ECONÔMICA, APLICAÇÃO MANUAL EM TETO, DUAS DEMÃOS. AF_04/2023","M2",10.96,104639,null,10.210000000000001,10.96]
[null,104640,"PINTURA LÁTEX ACRÍLICA STANDARD, APLICAÇÃO MANUAL EM TETO, DUAS DEMÃOS. AF_04/2023","M2",12.23,104640,null,11.48,12.23]
[null,104641,"PINTURA LÁTEX ACRÍLICA ECONÔMICA, APLICAÇÃO MANUAL EM PAREDES, DUAS DEMÃOS. AF_04/2023","M2",8.8000000000000007,104641,null,8.26,8.8000000000000007]
[null,104642,"PINTURA LÁTEX ACRÍLICA STANDARD, APLICAÇÃO MANUAL EM PAREDES, DUAS DEMÃOS. AF_04/2023","M2",10.07,104642,null,9.5299999999999994,10.07]
[null,102193,"LIXAMENTO DE MADEIRA PARA APLICAÇÃO DE FUNDO OU PINTURA. AF_01/2021","M2",1.92,102193,null,1.78,1.92]
[null,102194,"LIXAMENTO DE MASSA PARA MADEIRA. AF_01/2021","M2",7.63,102194,null,6.94,7.63]
[null,102197,"PINTURA FUNDO NIVELADOR ALQUÍDICO BRANCO EM MADEIRA. AF_01/2021","M2",25.2,102197,null,24.46,25.2]
[null,102200,"APLICAÇÃO MASSA ALQUÍDICA PARA MADEIRA, PARA PINTURA COM TINTA DE ACABAMENTO (PIGMENTADA). AF_01/2021","M2",19.62,102200,null,18.649999999999999,19.62]
[null,102201,"APLICAÇÃO MASSA ACRÍLICA PARA MADEIRA, PARA PINTURA COM TINTA DE ACABAMENTO (PIGMENTADA). AF_01/2021","M2",17.96,102201,null,16.760000000000002,17.96]
[null,102202,"APLICAÇÃO MASSA EPÓXI PARA MADEIRA, PARA PINTURA COM TINTA PU DE ACABAMENTO (PIGMENTADA). AF_01/2021","M2",48.14,102202,null,47.17,48.14]
[null,102203,"PINTURA VERNIZ (INCOLOR) ALQUÍDICO EM MADEIRA, USO INTERNO E EXTERNO, 1 DEMÃO. AF_01/2021","M2",10.19,102203,null,9.57,10.19]
[null,102204,"PINTURA VERNIZ (INCOLOR) ALQUÍDICO EM MADEIRA, USO INTERNO, 1 DEMÃO. AF_01/2021","M2",10.55,102204,null,9.93,10.55]
[null,102205,"PINTURA VERNIZ (INCOLOR) POLIURETÂNICO (RESINA ALQUÍDICA MODIFICADA) EM MADEIRA, 1 DEMÃO. AF_01/2021","M2",9.44,102205,null,8.82,9.44]
[null,102207,"PINTURA TINTA DE ACABAMENTO (PIGMENTADA) A ÓLEO EM MADEIRA, 1 DEMÃO. AF_01/2021","M2",7.85,102207,null,7.35,7.85]
[null,102208,"PINTURA TINTA DE ACABAMENTO (PIGMENTADA) ESMALTE SINTÉTICO FOSCO EM MADEIRA, 1 DEMÃO. AF_01/2021","M2",7.49,102208,null,6.99,7.49]
[null,102209,"PINTURA TINTA DE ACABAMENTO (PIGMENTADA) ESMALTE SINTÉTICO ACETINADO EM MADEIRA, 1 DEMÃO. AF_01/2021","M2",7.72,102209,null,7.22,7.72]
[null,102210,"PINTURA TINTA DE ACABAMENTO (PIGMENTADA) ESMALTE SINTÉTICO BRILHANTE EM MADEIRA, 1 DEMÃO. AF_01/2021","M2",7.37,102210,null,6.87,7.37]
[null,102213,"PINTURA VERNIZ (INCOLOR) ALQUÍDICO EM MADEIRA, USO INTERNO E EXTERNO, 2 DEMÃOS. AF_01/2021","M2",20.41,102213,null,19.16,20.41]
[null,102214,"PINTURA VERNIZ (INCOLOR) ALQUÍDICO EM MADEIRA, USO INTERNO, 2 DEMÃOS. AF_01/2021","M2",21.11,102214,null,19.86,21.11]
[null,102215,"PINTURA VERNIZ (INCOLOR) POLIURETÂNICO (RESINA ALQUÍDICA MODIFICADA) EM MADEIRA, 2 DEMÃOS. AF_01/2021","M2",18.91,102215,null,17.66,18.91]
[null,102217,"PINTURA TINTA DE ACABAMENTO (PIGMENTADA) A ÓLEO EM MADEIRA, 2 DEMÃOS. AF_01/2021","M2",15.72,102217,null,14.72,15.72]
[null,102218,"PINTURA TINTA DE ACABAMENTO (PIGMENTADA) ESMALTE SINTÉTICO FOSCO EM MADEIRA, 2 DEMÃOS. AF_01/2021","M2",14.99,102218,null,13.99,14.99]
[null,102219,"PINTURA TINTA DE ACABAMENTO (PIGMENTADA) ESMALTE SINTÉTICO ACETINADO EM MADEIRA, 2 DEMÃOS. AF_01/2021","M2",15.45,102219,null,14.45,15.45]
[null,102220,"PINTURA TINTA DE ACABAMENTO (PIGMENTADA) ESMALTE SINTÉTICO BRILHANTE EM MADEIRA, 2 DEMÃOS. AF_01/2021","M2",14.77,102220,null,13.77,14.77]
[null,102223,"PINTURA VERNIZ (INCOLOR) ALQUÍDICO EM MADEIRA, USO INTERNO E EXTERNO, 3 DEMÃOS. AF_01/2021","M2",30.62,102223,null,28.75,30.62]
[null,102224,"PINTURA VERNIZ (INCOLOR) ALQUÍDICO EM MADEIRA, USO INTERNO, 3 DEMÃOS. AF_01/2021","M2",31.66,102224,null,29.79,31.66]
[null,102225,"PINTURA VERNIZ (INCOLOR) POLIURETÂNICO (RESINA ALQUÍDICA MODIFICADA) EM MADEIRA, 3 DEMÃOS. AF_01/2021","M2",28.36,102225,null,26.49,28.36]
[null,102227,"PINTURA TINTA DE ACABAMENTO (PIGMENTADA) A ÓLEO EM MADEIRA, 3 DEMÃOS. AF_01/2021","M2",23.59,102227,null,22.08,23.59]
[null,102228,"PINTURA TINTA DE ACABAMENTO (PIGMENTADA) ESMALTE SINTÉTICO FOSCO EM MADEIRA, 3 DEMÃOS. AF_01/2021","M2",22.52,102228,null,21.01,22.52]
[null,102229,"PINTURA TINTA DE ACABAMENTO (PIGMENTADA) ESMALTE SINTÉTICO ACETINADO EM MADEIRA, 3 DEMÃOS. AF_01/2021","M2",23.2,102229,null,21.69,23.2]
[null,102230,"PINTURA TINTA DE ACABAMENTO (PIGMENTADA) ESMALTE SINTÉTICO BRILHANTE EM MADEIRA, 3 DEMÃOS. AF_01/2021","M2",22.16,102230,null,20.65,22.16]
[null,102233,"PINTURA IMUNIZANTE PARA MADEIRA, 1 DEMÃO. AF_01/2021","M2",10.56,102233,null,9.9600000000000009,10.56]
[null,102234,"PINTURA IMUNIZANTE PARA MADEIRA, 2 DEMÃOS. AF_01/2021","M2",21.11,102234,null,19.920000000000002,21.11]
[null,100716,"JATEAMENTO ABRASIVO COM GRANALHA DE AÇO EM PERFIL METÁLICO EM FÁBRICA. AF_01/2020","M2",26.04,100716,null,25.72,26.04]
[null,100717,"LIXAMENTO MANUAL EM SUPERFÍCIES METÁLICAS EM OBRA. AF_01/2020","M2",9.11,100717,null,8.32,9.11]
[null,100718,"COLOCAÇÃO DE FITA PROTETORA PARA PINTURA. AF_01/2020","M",1.33,100718,null,1.22,1.33]
[null,100719,"PINTURA COM TINTA ALQUÍDICA DE FUNDO (TIPO ZARCÃO) PULVERIZADA SOBRE PERFIL METÁLICO EXECUTADO EM FÁBRICA (POR DEMÃO). AF_01/2020_PE","M2",9.8000000000000007,100719,null,9.6300000000000008,9.8000000000000007]
[null,100720,"PINTURA COM TINTA ALQUÍDICA DE FUNDO (TIPO ZARCÃO) APLICADA A ROLO OU PINCEL SOBRE PERFIL METÁLICO EXECUTADO EM FÁBRICA (POR DEMÃO). AF_01/2020","M2",{"$f":"IF($K$2=$H$1,H6403,I6403)","v":9.8699999999999992},{"$f":"IF(LEN($B6403)=7,CONCATENATE(MID($B6403,1,6),\"00\",RIGHT($B6403,1)),IF(LEN($B6403)=8,CONCATENATE(MID($B6403,1,6),\"0\",RIGHT($B6403,2)),$B6403))","v":100720},null,9.3000000000000007,9.8699999999999992]
[null,100721,"PINTURA COM TINTA ALQUÍDICA DE FUNDO (TIPO ZARCÃO) PULVERIZADA SOBRE SUPERFÍCIES METÁLICAS (EXCETO PERFIL) EXECUTADO EM OBRA (POR DEMÃO). AF_01/2020_PE","M2",23.04,100721,null,21.65,23.04]
[null,100722,"PINTURA COM TINTA ALQUÍDICA DE FUNDO (TIPO ZARCÃO) APLICADA A ROLO OU PINCEL SOBRE SUPERFÍCIES METÁLICAS (EXCETO PERFIL) EXECUTADO EM OBRA (POR DEMÃO). AF_01/2020","M2",22.57,100722,null,20.78,22.57]
[null,100723,"PINTURA COM TINTA ALQUÍDICA DE FUNDO E ACABAMENTO (ESMALTE SINTÉTICO GRAFITE) PULVERIZADA SOBRE PERFIL METÁLICO EXECUTADO EM FÁBRICA (POR DEMÃO). AF_01/2020_PE","M2",10.52,100723,null,10.35,10.52]
[null,100724,"PINTURA COM TINTA ALQUÍDICA DE FUNDO E ACABAMENTO (ESMALTE SINTÉTICO GRAFITE) APLICADA A ROLO OU PINCEL SOBRE PERFIL METÁLICO EXECUTADO EM FÁBRICA (POR DEMÃO). AF_01/2020","M2",12.73,100724,null,12.16,12.73]
[null,100725,"PINTURA COM TINTA ALQUÍDICA DE FUNDO E ACABAMENTO (ESMALTE SINTÉTICO GRAFITE) PULVERIZADA SOBRE SUPERFÍCIES METÁLICAS (EXCETO PERFIL) EXECUTADO EM OBRA (POR DEMÃO). AF_01/2020_PE","M2",23.27,100725,null,21.88,23.27]
[null,100726,"PINTURA COM TINTA ALQUÍDICA DE FUNDO E ACABAMENTO (ESMALTE SINTÉTICO GRAFITE) APLICADA A ROLO OU PINCEL SOBRE SUPERFÍCIES METÁLICAS (EXCETO PERFIL) EXECUTADO EM OBRA (POR DEMÃO). AF_01/2020","M2",25.33,100726,null,23.54,25.33]
[null,100727,"PINTURA COM TINTA EPOXÍDICA DE FUNDO PULVERIZADA SOBRE PERFIL METÁLICO EXECUTADO EM FÁBRICA (POR DEMÃO). AF_01/2020_PE","M2",23.69,100727,null,23.52,23.69]
[null,100728,"PINTURA COM TINTA EPOXÍDICA DE FUNDO APLICADA A ROLO OU PINCEL SOBRE PERFIL METÁLICO EXECUTADO EM FÁBRICA (POR DEMÃO). AF_01/2020","M2",21.54,100728,null,20.97,21.54]
[null,100729,"PINTURA COM TINTA EPOXÍDICA DE ACABAMENTO PULVERIZADA SOBRE PERFIL METÁLICO EXECUTADO EM FÁBRICA (POR DEMÃO). AF_01/2020_PE","M2",18.04,100729,null,17.87,18.04]
[null,100730,"PINTURA COM TINTA EPOXÍDICA DE ACABAMENTO APLICADA A ROLO OU PINCEL SOBRE PERFIL METÁLICO EXECUTADO EM FÁBRICA (POR DEMÃO). AF_01/2020","M2",21.23,100730,null,20.66,21.23]
[null,100733,"PINTURA COM TINTA ACRÍLICA DE FUNDO PULVERIZADA SOBRE SUPERFÍCIES METÁLICAS (EXCETO PERFIL) EXECUTADO EM OBRA (POR DEMÃO). AF_01/2020_PE","M2",10.57,100733,null,9.77,10.57]
[null,100734,"PINTURA COM TINTA ACRÍLICA DE FUNDO APLICADA A ROLO OU PINCEL SOBRE SUPERFÍCIES METÁLICAS (EXCETO PERFIL) EXECUTADO EM OBRA (POR DEMÃO). AF_01/2020","M2",14.07,100734,null,12.87,14.07]
[null,100735,"PINTURA COM TINTA ACRÍLICA DE ACABAMENTO PULVERIZADA SOBRE SUPERFÍCIES METÁLICAS (EXCETO PERFIL) EXECUTADO EM OBRA (POR DEMÃO). AF_01/2020_PE","M2",10.28,100735,null,9.48,10.28]
[null,100736,"PINTURA COM TINTA ACRÍLICA DE ACABAMENTO APLICADA A ROLO OU PINCEL SOBRE SUPERFÍCIES METÁLICAS (EXCETO PERFIL) EXECUTADO EM OBRA (POR DEMÃO). AF_01/2020","M2",13.74,100736,null,12.54,13.74]
[null,100739,"PINTURA COM TINTA ALQUÍDICA DE ACABAMENTO (ESMALTE SINTÉTICO ACETINADO) PULVERIZADA SOBRE PERFIL METÁLICO EXECUTADO EM FÁBRICA (POR DEMÃO). AF_01/2020_PE","M2",9.66,100739,null,9.49,9.66]
[null,100740,"PINTURA COM TINTA ALQUÍDICA DE ACABAMENTO (ESMALTE SINTÉTICO ACETINADO) APLICADA A ROLO OU PINCEL SOBRE PERFIL METÁLICO EXECUTADO EM FÁBRICA (POR DEMÃO). AF_01/2020","M2",10.38,100740,null,9.81,10.38]
[null,100741,"PINTURA COM TINTA ALQUÍDICA DE ACABAMENTO (ESMALTE SINTÉTICO ACETINADO) PULVERIZADA SOBRE SUPERFÍCIES METÁLICAS (EXCETO PERFIL) EXECUTADO EM OBRA (POR DEMÃO). AF_01/2020_PE","M2",22.71,100741,null,21.32,22.71]
[null,100742,"PINTURA COM TINTA ALQUÍDICA DE ACABAMENTO (ESMALTE SINTÉTICO ACETINADO) APLICADA A ROLO OU PINCEL SOBRE SUPERFÍCIES METÁLICAS (EXCETO PERFIL) EXECUTADO EM OBRA (POR DEMÃO). AF_01/2020","M2",23.05,100742,null,21.26,23.05]
[null,100743,"PINTURA COM TINTA ALQUÍDICA DE ACABAMENTO (ESMALTE SINTÉTICO BRILHANTE) PULVERIZADA SOBRE PERFIL METÁLICO EXECUTADO EM FÁBRICA  (POR DEMÃO). AF_01/2020_PE","M2",9.44,100743,null,9.27,9.44]
[null,100744,"PINTURA COM TINTA ALQUÍDICA DE ACABAMENTO (ESMALTE SINTÉTICO BRILHANTE) APLICADA A ROLO OU PINCEL SOBRE PERFIL METÁLICO EXECUTADO EM FÁBRICA (POR DEMÃO). AF_01/2020","M2",10.24,100744,null,9.67,10.24]
[null,100745,"PINTURA COM TINTA ALQUÍDICA DE ACABAMENTO (ESMALTE SINTÉTICO BRILHANTE) PULVERIZADA SOBRE SUPERFÍCIES METÁLICAS (EXCETO PERFIL) EXECUTADO EM OBRA  (POR DEMÃO). AF_01/2020_PE","M2",22.48,100745,null,21.09,22.48]
[null,100746,"PINTURA COM TINTA ALQUÍDICA DE ACABAMENTO (ESMALTE SINTÉTICO BRILHANTE) APLICADA A ROLO OU PINCEL SOBRE SUPERFÍCIES METÁLICAS (EXCETO PERFIL) EXECUTADO EM OBRA (POR DEMÃO). AF_01/2020","M2",22.91,100746,null,21.12,22.91]
[null,100747,"PINTURA COM TINTA ALQUÍDICA DE ACABAMENTO (ESMALTE SINTÉTICO FOSCO) PULVERIZADA SOBRE PERFIL METÁLICO EXECUTADO EM FÁBRICA (POR DEMÃO). AF_01/2020_PE","M2",9.5299999999999994,100747,null,9.36,9.5299999999999994]
[null,100748,"PINTURA COM TINTA ALQUÍDICA DE ACABAMENTO (ESMALTE SINTÉTICO FOSCO) APLICADA A ROLO OU PINCEL SOBRE PERFIL METÁLICO EXECUTADO EM FÁBRICA (POR DEMÃO). AF_01/2020","M2",10.3,100748,null,9.73,10.3]
[null,100749,"PINTURA COM TINTA ALQUÍDICA DE ACABAMENTO (ESMALTE SINTÉTICO FOSCO) PULVERIZADA SOBRE SUPERFÍCIES METÁLICAS (EXCETO PERFIL) EXECUTADO EM OBRA (POR DEMÃO). AF_01/2020_PE","M2",22.58,100749,null,21.19,22.58]
[null,100750,"PINTURA COM TINTA ALQUÍDICA DE ACABAMENTO (ESMALTE SINTÉTICO FOSCO) APLICADA A ROLO OU PINCEL SOBRE SUPERFÍCIES METÁLICAS (EXCETO PERFIL) EXECUTADO EM OBRA (POR DEMÃO). AF_01/2020","M2",22.97,100750,null,21.18,22.97]
[null,100751,"PINTURA COM TINTA EPOXÍDICA DE ACABAMENTO PULVERIZADA SOBRE PERFIL METÁLICO EXECUTADO EM FÁBRICA (02 DEMÃOS). AF_01/2020_PE","M2",36.08,100751,null,35.74,36.08]
[null,100752,"PINTURA COM TINTA EPOXÍDICA DE ACABAMENTO APLICADA A ROLO OU PINCEL SOBRE PERFIL METÁLICO EXECUTADO EM FÁBRICA (02 DEMÃOS). AF_01/2020","M2",42.48,100752,null,41.34,42.48]
[null,100753,"PINTURA COM TINTA ACRÍLICA DE ACABAMENTO PULVERIZADA SOBRE SUPERFÍCIES METÁLICAS (EXCETO PERFIL) EXECUTADO EM OBRA (02 DEMÃOS). AF_01/2020_PE","M2",20.57,100753,null,18.97,20.57]
[null,100754,"PINTURA COM TINTA ACRÍLICA DE ACABAMENTO APLICADA A ROLO OU PINCEL SOBRE SUPERFÍCIES METÁLICAS (EXCETO PERFIL) EXECUTADO EM OBRA (02 DEMÃOS). AF_01/2020","M2",27.5,100754,null,25.1,27.5]
[null,100757,"PINTURA COM TINTA ALQUÍDICA DE ACABAMENTO (ESMALTE SINTÉTICO ACETINADO) PULVERIZADA SOBRE SUPERFÍCIES METÁLICAS (EXCETO PERFIL) EXECUTADO EM OBRA (02 DEMÃOS). AF_01/2020_PE","M2",45.42,100757,null,42.64,45.42]
[null,100758,"PINTURA COM TINTA ALQUÍDICA DE ACABAMENTO (ESMALTE SINTÉTICO ACETINADO) APLICADA A ROLO OU PINCEL SOBRE SUPERFÍCIES METÁLICAS (EXCETO PERFIL) EXECUTADO EM OBRA (02 DEMÃOS). AF_01/2020","M2",46.11,100758,null,42.53,46.11]
[null,100759,"PINTURA COM TINTA ALQUÍDICA DE ACABAMENTO (ESMALTE SINTÉTICO BRILHANTE) PULVERIZADA SOBRE SUPERFÍCIES METÁLICAS (EXCETO PERFIL) EXECUTADO EM OBRA (02 DEMÃOS). AF_01/2020_PE","M2",44.97,100759,null,42.19,44.97]
[null,100760,"PINTURA COM TINTA ALQUÍDICA DE ACABAMENTO (ESMALTE SINTÉTICO BRILHANTE) APLICADA A ROLO OU PINCEL SOBRE SUPERFÍCIES METÁLICAS (EXCETO PERFIL) EXECUTADO EM OBRA (02 DEMÃOS). AF_01/2020","M2",45.83,100760,null,42.25,45.83]
[null,100761,"PINTURA COM TINTA ALQUÍDICA DE ACABAMENTO (ESMALTE SINTÉTICO FOSCO) PULVERIZADA SOBRE SUPERFÍCIES METÁLICAS (EXCETO PERFIL) EXECUTADO EM OBRA (02 DEMÃOS). AF_01/2020_PE","M2",45.16,100761,null,42.38,45.16]
[null,100762,"PINTURA COM TINTA ALQUÍDICA DE ACABAMENTO (ESMALTE SINTÉTICO FOSCO) APLICADA A ROLO OU PINCEL SOBRE SUPERFÍCIES METÁLICAS (EXCETO PERFIL) EXECUTADO EM OBRA (02 DEMÃOS). AF_01/2020","M2",45.95,100762,null,42.37,45.95]
[null,102488,"PREPARO DO PISO CIMENTADO PARA PINTURA - LIXAMENTO E LIMPEZA. AF_05/2021","M2",3.35,102488,null,3.02,3.35]
[null,102489,"PINTURA HIDROFUGANTE COM SILICONE, APLICAÇÃO MANUAL, 2 DEMÃOS. AF_05/2021","M2",27.66,102489,null,26.42,27.66]
[null,102491,"PINTURA DE PISO COM TINTA ACRÍLICA, APLICAÇÃO MANUAL, 2 DEMÃOS, INCLUSO FUNDO PREPARADOR. AF_05/2021","M2",19.32,102491,null,18.36,19.32]
[null,102492,"PINTURA DE PISO COM TINTA ACRÍLICA, APLICAÇÃO MANUAL, 3 DEMÃOS, INCLUSO FUNDO PREPARADOR. AF_05/2021","M2",24.62,102492,null,23.36,24.62]
[null,102494,"PINTURA DE PISO COM TINTA EPÓXI, APLICAÇÃO MANUAL, 2 DEMÃOS, INCLUSO PRIMER EPÓXI. AF_05/2021","M2",56.24,102494,null,55.28,56.24]
[null,102496,"PINTURA DE RODAPÉ COM TINTA EPÓXI, APLICAÇÃO MANUAL, 2 DEMÃOS, INCLUSÃO PRIMER EPÓXI. AF_05/2021","M",12.01,102496,null,11.57,12.01]
[null,102497,"PINTURA DE RODAPÉ EM PEDRA DECORATIVA COM VERNIZ DE POLIURETANO, APLICAÇÃO MANUAL, 3 DEMÃOS. AF_05/2021","M",4.95,102497,null,4.6500000000000004,4.95]
[null,102498,"PINTURA DE MEIO-FIO COM TINTA BRANCA A BASE DE CAL (CAIAÇÃO). AF_05/2021","M",1.49,102498,null,1.36,1.49]
[null,102499,"ENCERAMENTO DE PISO EM MADEIRA. AF_05/2021","M2",3.13,102499,null,2.99,3.13]
[null,102500,"PINTURA DE DEMARCAÇÃO DE VAGA COM TINTA ACRÍLICA, E = 10 CM, APLICAÇÃO MANUAL. AF_05/2021","M",4.25,102500,null,3.96,4.25]
[null,102501,"PINTURA DE FAIXA DE PEDESTRE OU ZEBRADA COM TINTA ACRÍLICA, E  = 30 CM, APLICAÇÃO MANUAL. AF_05/2021","M2",23.91,102501,null,22.42,23.91]
[null,102504,"PINTURA DE DEMARCAÇÃO DE QUADRA POLIESPORTIVA COM TINTA ACRÍLICA, E = 5 CM, APLICAÇÃO MANUAL. AF_05/2021","M",9.36,102504,null,8.5299999999999994,9.36]
[null,102505,"PINTURA DE DEMARCAÇÃO DE QUADRA POLIESPORTIVA COM BORRACHA CLORADA, E = 5 CM, APLICAÇÃO MANUAL. AF_05/2021","M",9.5,102505,null,8.67,9.5]
[null,102506,"PINTURA DE DEMARCAÇÃO DE QUADRA POLIESPORTIVA COM TINTA EPÓXI, E = 5 CM, APLICAÇÃO MANUAL. AF_05/2021","M",10.19,102506,null,9.36,10.19]
[null,102507,"PINTURA DE DEMARCAÇÃO DE VAGA COM TINTA EPÓXI, E = 10 CM, APLICAÇÃO MANUAL. AF_05/2021","M",5.9,102507,null,5.61,5.9]
[null,102508,"PINTURA DE FAIXA DE PEDESTRE OU ZEBRADA COM TINTA EPÓXI, E  = 30 CM, APLICAÇÃO MANUAL. AF_05/2021","M2",40.799999999999997,102508,null,39.31,40.799999999999997]
[null,102509,"PINTURA DE FAIXA DE PEDESTRE OU ZEBRADA TINTA RETRORREFLETIVA A BASE DE RESINA ACRÍLICA COM MICROESFERAS DE VIDRO, E = 30 CM, APLICAÇÃO MANUAL. AF_05/2021","M2",28.7,102509,null,27.44,28.7]
[null,102512,"PINTURA DE EIXO VIÁRIO SOBRE ASFALTO COM TINTA RETRORREFLETIVA A BASE DE RESINA ACRÍLICA COM MICROESFERAS DE VIDRO, APLICAÇÃO MECÂNICA COM DEMARCADORA AUTOPROPELIDA. AF_05/2021","M",5.69,102512,null,5.49,5.69]
[null,102513,"PINTURA DE SÍMBOLOS E TEXTOS COM TINTA ACRÍLICA, DEMARCAÇÃO COM FITA ADESIVA E APLICAÇÃO COM ROLO. AF_05/2021","M2",45.15,102513,null,41.83,45.15]
[null,102520,"PINTURA DE SINALIZAÇÃO VERTICAL DE SEGURANÇA, FAIXAS AMARELA E PRETA, APLICAÇÃO MANUAL, 2 DEMÃOS. AF_05/2021","M2",77.069999999999993,102520,null,71.099999999999994,77.069999999999993]
[null,101749,"PISO CIMENTADO, TRAÇO 1:3 (CIMENTO E AREIA), ACABAMENTO LISO, ESPESSURA 4,0 CM, PREPARO MECÂNICO DA ARGAMASSA. AF_09/2020","M2",59.74,101749,null,57.74,59.74]
[null,101750,"PISO CIMENTADO, TRAÇO 1:3 (CIMENTO E AREIA), ACABAMENTO RÚSTICO, ESPESSURA 4,0 CM, PREPARO MECÂNICO DA ARGAMASSA. AF_09/2020","M2",57.27,101750,null,55.46,57.27]
[null,101729,"PISO EM TACO DE MADEIRA 7X42CM, FIXADO COM COLA BASE DE PVA. AF_09/2020","M2",260.89999999999998,101729,null,259.52999999999997,260.89999999999998]
[null,101746,"ASSOALHO DE MADEIRA. AF_09/2020","M2",411.44,101746,null,409.83,411.44]
[null,101751,"PISO EM TACO DE MADEIRA 7X21CM, FIXADO COM COLA BASE DE PVA. AF_09/2020","M2",266.94,101751,null,264.94,266.94]
[null,87246,"REVESTIMENTO CERÂMICO PARA PISO COM PLACAS TIPO ESMALTADA DE DIMENSÕES 35X35 CM APLICADA EM AMBIENTES DE ÁREA MENOR QUE 5 M2. AF_02/2023_PE","M2",76.97,87246,null,74.8,76.97]
[null,87247,"REVESTIMENTO CERÂMICO PARA PISO COM PLACAS TIPO ESMALTADA DE DIMENSÕES 35X35 CM APLICADA EM AMBIENTES DE ÁREA ENTRE 5 M2 E 10 M2. AF_02/2023_PE","M2",70.39,87247,null,68.81,70.39]
[null,87248,"REVESTIMENTO CERÂMICO PARA PISO COM PLACAS TIPO ESMALTADA DE DIMENSÕES 35X35 CM APLICADA EM AMBIENTES DE ÁREA MAIOR QUE 10 M2. AF_02/2023_PE","M2",{"$f":"IF($K$2=$H$1,H6467,I6467)","v":63.63},{"$f":"IF(LEN($B6467)=7,CONCATENATE(MID($B6467,1,6),\"00\",RIGHT($B6467,1)),IF(LEN($B6467)=8,CONCATENATE(MID($B6467,1,6),\"0\",RIGHT($B6467,2)),$B6467))","v":87248},null,62.73,63.63]
[null,87249,"REVESTIMENTO CERÂMICO PARA PISO COM PLACAS TIPO ESMALTADA DE DIMENSÕES 45X45 CM APLICADA EM AMBIENTES DE ÁREA MENOR QUE 5 M2. AF_02/2023_PE","M2",81.48,87249,null,78.95,81.48]
[null,87250,"REVESTIMENTO CERÂMICO PARA PISO COM PLACAS TIPO ESMALTADA DE DIMENSÕES 45X45 CM APLICADA EM AMBIENTES DE ÁREA ENTRE 5 M2 E 10 M2. AF_02/2023_PE","M2",71.52,87250,null,69.84,71.52]
[null,87251,"REVESTIMENTO CERÂMICO PARA PISO COM PLACAS TIPO ESMALTADA DE DIMENSÕES 45X45 CM APLICADA EM AMBIENTES DE ÁREA MAIOR QUE 10 M2. AF_02/2023_PE","M2",63.72,87251,null,62.79,63.72]
[null,87255,"REVESTIMENTO CERÂMICO PARA PISO COM PLACAS TIPO ESMALTADA DE DIMENSÕES 60X60 CM APLICADA EM AMBIENTES DE ÁREA MENOR QUE 5 M2. AF_02/2023_PE","M2",95.33,87255,null,92.57,95.33]
[null,87256,"REVESTIMENTO CERÂMICO PARA PISO COM PLACAS TIPO ESMALTADA DE DIMENSÕES 60X60 CM APLICADA EM AMBIENTES DE ÁREA ENTRE 5 M2 E 10 M2. AF_02/2023_PE","M2",84.27,87256,null,82.42,84.27]
[null,87257,"REVESTIMENTO CERÂMICO PARA PISO COM PLACAS TIPO ESMALTADA DE DIMENSÕES 60X60 CM APLICADA EM AMBIENTES DE ÁREA MAIOR QUE 10 M2. AF_02/2023_PE","M2",75.39,87257,null,74.36,75.39]
[null,87261,"REVESTIMENTO CERÂMICO PARA PISO COM PLACAS TIPO PORCELANATO DE DIMENSÕES 60X60 CM APLICADA EM AMBIENTES DE ÁREA MENOR QUE 5 M². AF_02/2023_PE","M2",161.4,87261,null,157.97,161.4]
[null,87262,"REVESTIMENTO CERÂMICO PARA PISO COM PLACAS TIPO PORCELANATO DE DIMENSÕES 60X60 CM APLICADA EM AMBIENTES DE ÁREA ENTRE 5 M² E 10 M². AF_02/2023_PE","M2",148.84,87262,null,146.31,148.84]
[null,87263,"REVESTIMENTO CERÂMICO PARA PISO COM PLACAS TIPO PORCELANATO DE DIMENSÕES 60X60 CM APLICADA EM AMBIENTES DE ÁREA MAIOR QUE 10 M². AF_02/2023_PE","M2",139.4,87263,null,137.69,139.4]
[null,104593,"REVESTIMENTO CERÂMICO PARA PISO COM PLACAS TIPO ESMALTADA DE DIMENSÕES 80X80 CM APLICADA EM AMBIENTES DE ÁREA MENOR QUE 5 M². AF_02/2023_PE","M2",98.63,104593,null,95.62,98.63]
[null,104594,"REVESTIMENTO CERÂMICO PARA PISO COM PLACAS TIPO ESMALTADA DE DIMENSÕES 80X80 CM APLICADA EM AMBIENTES DE ÁREA ENTRE 5 M² E 10 M². AF_02/2023_PE","M2",86.24,104594,null,84.22,86.24]
[null,104595,"REVESTIMENTO CERÂMICO PARA PISO COM PLACAS TIPO ESMALTADA DE DIMENSÕES 80X80 CM APLICADA EM AMBIENTES DE ÁREA MAIOR QUE 10 M². AF_02/2023_PE","M2",75.739999999999995,104595,null,74.67,75.739999999999995]
[null,104596,"REVESTIMENTO CERÂMICO PARA PISO COM PLACAS TIPO PORCELANATO DE DIMENSÕES 80X80 CM APLICADA EM AMBIENTES DE ÁREA MENOR QUE 5 M². AF_02/2023_PE","M2",165.41,104596,null,161.72,165.41]
[null,104597,"REVESTIMENTO CERÂMICO PARA PISO COM PLACAS TIPO PORCELANATO DE DIMENSÕES 80X80 CM APLICADA EM AMBIENTES DE ÁREA ENTRE 5 M² E 10 M². AF_02/2023_PE","M2",151.25,104597,null,148.57,151.25]
[null,104598,"REVESTIMENTO CERÂMICO PARA PISO COM PLACAS TIPO PORCELANATO DE DIMENSÕES 80X80 CM APLICADA EM AMBIENTES DE ÁREA MAIOR QUE 10 M². AF_02/2023_PE","M2",139.87,104598,null,138.11000000000001,139.87]
[null,104599,"REVESTIMENTO CERÂMICO PARA PISO COM PLACAS TIPO ESMALTADA DE DIMENSÕES 35X35 CM APLICADA EM DIAGONAL EM AMBIENTES DE ÁREA MENOR QUE 5 M². AF_02/2023_PE","M2",89.75,104599,null,86.62,89.75]
[null,104601,"REVESTIMENTO CERÂMICO PARA PISO COM PLACAS TIPO ESMALTADA DE DIMENSÕES 35X35 CM APLICADA EM DIAGONAL EM AMBIENTES DE ÁREA ENTRE 5 M² E 10 M². AF_02/2023_PE","M2",75.2,104601,null,73.27,75.2]
[null,104603,"REVESTIMENTO CERÂMICO PARA PISO COM PLACAS TIPO ESMALTADA DE DIMENSÕES 35X35 CM APLICADA EM DIAGONAL EM AMBIENTES DE ÁREA MAIOR QUE 10 M². AF_02/2023_PE","M2",66.010000000000005,104603,null,64.94,66.010000000000005]
[null,104605,"REVESTIMENTO CERÂMICO PARA PISO COM PLACAS TIPO ESMALTADA DE DIMENSÕES 45X45 CM APLICADA EM DIAGONAL EM AMBIENTES DE ÁREA MENOR QUE 5 M². AF_02/2023_PE","M2",108.51,104605,null,103.92,108.51]
[null,104606,"REVESTIMENTO CERÂMICO PARA PISO COM PLACAS TIPO ESMALTADA DE DIMENSÕES 45X45 CM APLICADA EM DIAGONAL EM AMBIENTES DE ÁREA ENTRE 5 M² E 10 M². AF_02/2023_PE","M2",79.2,104606,null,76.92,79.2]
[null,104607,"REVESTIMENTO CERÂMICO PARA PISO COM PLACAS TIPO ESMALTADA DE DIMENSÕES 45X45 CM APLICADA EM DIAGONAL EM AMBIENTES DE ÁREA MAIOR QUE 10 M². AF_02/2023_PE","M2",67.14,104607,null,65.95,67.14]
[null,98671,"PISO EM GRANITO APLICADO EM AMBIENTES INTERNOS. AF_09/2020","M2",533.84,98671,null,529.53,533.84]
[null,98672,"PISO EM MÁRMORE APLICADO EM AMBIENTES INTERNOS. AF_09/2020","M2",605.77,98672,null,601.46,605.77]
[null,98678,"PISO ELEVADO COM ESTRUTURA EM AÇO, COMPOSTO POR PEDESTAIS E LONGARINAS. AF_09/2020","M2",403.51,98678,null,402.02,403.51]
[null,98679,"PISO CIMENTADO, TRAÇO 1:3 (CIMENTO E AREIA), ACABAMENTO LISO, ESPESSURA 2,0 CM, PREPARO MECÂNICO DA ARGAMASSA. AF_09/2020","M2",39.97,98679,null,38.4,39.97]
[null,98680,"PISO CIMENTADO, TRAÇO 1:3 (CIMENTO E AREIA), ACABAMENTO LISO, ESPESSURA 3,0 CM, PREPARO MECÂNICO DA ARGAMASSA. AF_09/2020","M2",50.85,98680,null,49.03,50.85]
[null,98681,"PISO CIMENTADO, TRAÇO 1:3 (CIMENTO E AREIA), ACABAMENTO RÚSTICO, ESPESSURA 2,0 CM, PREPARO MECÂNICO DA ARGAMASSA. AF_09/2020","M2",37.5,98681,null,36.130000000000003,37.5]
[null,98682,"PISO CIMENTADO, TRAÇO 1:3 (CIMENTO E AREIA), ACABAMENTO RÚSTICO, ESPESSURA 3,0 CM, PREPARO MECÂNICO DA ARGAMASSA. AF_09/2020","M2",48.38,98682,null,46.77,48.38]
[null,98685,"RODAPÉ EM GRANITO, ALTURA 10 CM. AF_09/2020","M",95.76,98685,null,94.68,95.76]
[null,98686,"RODAPÉ EM LADRILHO HIDRÁULICO, ALTURA 7 CM. AF_09/2020","M",43.58,98686,null,40.590000000000003,43.58]
[null,98688,"RODAPÉ EM POLIESTIRENO, ALTURA 5 CM. AF_09/2020","M",91.22,98688,null,90.85,91.22]
[null,98689,"SOLEIRA EM GRANITO, LARGURA 15 CM, ESPESSURA 2,0 CM. AF_09/2020","M",134.63,98689,null,132.63999999999999,134.63]
[null,101090,"PISO EM PEDRA PORTUGUESA ASSENTADO SOBRE ARGAMASSA SECA DE CIMENTO E AREIA, TRAÇO 1:3, REJUNTADO COM CIMENTO COMUM. AF_05/2020","M2",238.17,101090,null,235.33,238.17]
[null,101091,"PISO EM LADRILHO HIDRÁULICO APLICADO EM AMBIENTES EXTERNOS. AF_05/2020","M2",170.36,101091,null,165.87,170.36]
[null,101725,"PISO EM LADRILHO HIDRÁULICO APLICADO EM AMBIENTES INTERNOS DE ÁREA MENOR QUE 5 M², INCLUSO APLICAÇÃO DE RESINA. AF_09/2020","M2",295.36,101725,null,278.69,295.36]
[null,101726,"PISO EM LADRILHO HIDRÁULICO APLICADO EM AMBIENTES INTERNOS DE ÁREA ENTRE 5 E 15 M², INCLUSO APLICAÇÃO DE RESINA. AF_09/2020","M2",210.04,101726,null,202.06,210.04]
[null,101731,"PISO EM PEDRA  ASSENTADO SOBRE ARGAMASSA 1:3 (CIMENTO E AREIA). AF_09/2020","M2",345.33,101731,null,340.4,345.33]
[null,101732,"PISO EM PEDRA ARDÓSIA ASSENTADO SOBRE ARGAMASSA 1:3 (CIMENTO E AREIA). AF_09/2020","M2",103.75,101732,null,100.4,103.75]
[null,101094,"PISO PODOTÁTIL DE ALERTA OU DIRECIONAL, DE BORRACHA, ASSENTADO SOBRE ARGAMASSA. AF_05/2020","M",185.06,101094,null,183.46,185.06]
[null,101727,"PISO VINÍLICO SEMI-FLEXÍVEL EM PLACAS, PADRÃO LISO, ESPESSURA 3,2 MM, FIXADO COM COLA. AF_09/2020","M2",216.43,101727,null,215.8,216.43]
[null,101733,"PISO DE BORRACHA PASTILHADO/FRISADO, ESPESSURA 7MM, ASSENTADO COM ARGAMASSA. AF_09/2020","M2",292.45,101733,null,289.81,292.45]
[null,101734,"PISO DE BORRACHA PASTILHADO, ESPESSURA 15MM, ASSENTADO COM ARGAMASSA. AF_09/2020","M2",447.16,101734,null,444.52,447.16]
[null,101735,"PISO DE BORRACHA ESPORTIVO, ESPESSURA 15MM, ASSENTADO COM ARGAMASSA. AF_09/2020","M2",458.39,101735,null,455.75,458.39]
[null,101736,"PISO DE BORRACHA PASTILHADO, ESPESSURA 3,5MM, FIXADO COM ADESIVO ACRÍLICO. AF_09/2020","M2",102.44,101736,null,100.75,102.44]
[null,101737,"PISO DE BORRACHA CANELADO, ESPESSURA 3,5MM, FIXADO COM ADESIVO ACRÍLICO. AF_09/2020","M2",124.65,101737,null,122.96,124.65]
[null,101748,"PREPARO DE CONTRAPISO COM POLITRIZ. AF_09/2020","M2",3.37,101748,null,3.04,3.37]
[null,104162,"PISO EM GRANILITE, MARMORITE OU GRANITINA EM AMBIENTES INTERNOS, COM ESPESSURA DE 8 MM, INCLUSO MISTURA EM BETONEIRA, COLOCAÇÃO DAS JUNTAS, APLICAÇÃO DO PISO, 4 POLIMENTOS COM POLITRIZ, ESTUCAMENTO, SELADOR E CERA. AF_06/2022","M2",104.56,104162,null,100.68,104.56]
[null,101092,"PISO EM GRANITO APLICADO EM CALÇADAS OU PISOS EXTERNOS. AF_05/2020","M2",544.07000000000005,101092,null,538.72,544.07000000000005]
[null,101093,"PISO EM MÁRMORE APLICADO EM CALÇADAS OU PISOS EXTERNOS. AF_05/2020","M2",616,101093,null,610.65,616]
[null,98695,"SOLEIRA EM MÁRMORE, LARGURA 15 CM, ESPESSURA 2,0 CM. AF_09/2020","M",105.52,98695,null,103.53,105.52]
[null,98697,"RODAPÉ EM MÁRMORE, ALTURA 7 CM. AF_09/2020","M",70.09,98697,null,69.010000000000005,70.09]
[null,101738,"RODAPÉ EM MADEIRA, ALTURA 7CM, FIXADO COM COLA. AF_09/2020","M",35.25,101738,null,33.99,35.25]
[null,101739,"RODAPÉ EM MADEIRA, ALTURA 7CM, FIXADO COM COLA E PARAFUSOS. AF_09/2020","M",37.76,101739,null,36.29,37.76]
[null,88648,"RODAPÉ CERÂMICO DE 7CM DE ALTURA COM PLACAS TIPO ESMALTADA DE DIMENSÕES 35X35CM. AF_02/2023","M",8.7100000000000009,88648,null,8.4600000000000009,8.7100000000000009]
[null,88649,"RODAPÉ CERÂMICO DE 7CM DE ALTURA COM PLACAS TIPO ESMALTADA DE DIMENSÕES 45X45CM. AF_02/2023","M",9.92,88649,null,9.66,9.92]
[null,88650,"RODAPÉ CERÂMICO DE 7CM DE ALTURA COM PLACAS TIPO ESMALTADA DE DIMENSÕES 60X60CM. AF_02/2023","M",13.6,88650,null,13.3,13.6]
[null,101740,"RODAPÉ EM ARDÓSIA ALTURA 10CM. AF_09/2020","M",49.52,101740,null,46.55,49.52]
[null,101741,"RODAPÉ EM MARMORITE, ALTURA 10CM. AF_09/2020","M",22.73,101741,null,20.67,22.73]
[null,94990,"EXECUÇÃO DE PASSEIO (CALÇADA) OU PISO DE CONCRETO COM CONCRETO MOLDADO IN LOCO, FEITO EM OBRA, ACABAMENTO CONVENCIONAL, NÃO ARMADO. AF_08/2022","M3",891.69,94990,null,867.41,891.69]
[null,94991,"EXECUÇÃO DE PASSEIO (CALÇADA) OU PISO DE CONCRETO COM CONCRETO MOLDADO IN LOCO, USINADO C20, ACABAMENTO CONVENCIONAL, NÃO ARMADO. AF_08/2022","M3",962.29,94991,null,954.05,962.29]
[null,94992,"EXECUÇÃO DE PASSEIO (CALÇADA) OU PISO DE CONCRETO COM CONCRETO MOLDADO IN LOCO, FEITO EM OBRA, ACABAMENTO CONVENCIONAL, ESPESSURA 6 CM, ARMADO. AF_08/2022","M2",94.5,94992,null,92.75,94.5]
[null,94993,"EXECUÇÃO DE PASSEIO (CALÇADA) OU PISO DE CONCRETO COM CONCRETO MOLDADO IN LOCO, USINADO, ACABAMENTO CONVENCIONAL, ESPESSURA 6 CM, ARMADO. AF_08/2022","M2",98.75,94993,null,97.95,98.75]
[null,94994,"EXECUÇÃO DE PASSEIO (CALÇADA) OU PISO DE CONCRETO COM CONCRETO MOLDADO IN LOCO, FEITO EM OBRA, ACABAMENTO CONVENCIONAL, ESPESSURA 8 CM, ARMADO. AF_08/2022","M2",112.63,94994,null,110.34,112.63]
[null,94995,"EXECUÇÃO DE PASSEIO (CALÇADA) OU PISO DE CONCRETO COM CONCRETO MOLDADO IN LOCO, USINADO, ACABAMENTO CONVENCIONAL, ESPESSURA 8 CM, ARMADO. AF_08/2022","M2",{"$f":"IF($K$2=$H$1,H6531,I6531)","v":118.27},{"$f":"IF(LEN($B6531)=7,CONCATENATE(MID($B6531,1,6),\"00\",RIGHT($B6531,1)),IF(LEN($B6531)=8,CONCATENATE(MID($B6531,1,6),\"0\",RIGHT($B6531,2)),$B6531))","v":94995},null,117.27,118.27]
[null,101747,"PISO EM CONCRETO 20 MPA PREPARO MECÂNICO, ESPESSURA 7CM. AF_09/2020","M2",97.19,101747,null,96.8,97.19]
[null,104626,"EXECUÇÃO DE PASSEIO (CALÇADA) OU PISO DE CONCRETO COM CONCRETO MOLDADO IN LOCO, USINADO C25, ACABAMENTO CONVENCIONAL, NÃO ARMADO. AF_03/2023","M3",986.15,104626,null,977.91,986.15]
[null,104658,"PISO PODOTÁTIL DE ALERTA OU DIRECIONAL, DE CONCRETO, ASSENTADO SOBRE ARGAMASSA. AF_03/2024","M2",192.38,104658,null,188.14,192.38]
[null,87620,"CONTRAPISO EM ARGAMASSA TRAÇO 1:4 (CIMENTO E AREIA), PREPARO MECÂNICO COM BETONEIRA 400 L, APLICADO EM ÁREAS SECAS SOBRE LAJE, ADERIDO, ACABAMENTO NÃO REFORÇADO, ESPESSURA 2CM. AF_07/2021","M2",33.119999999999997,87620,null,32.03,33.119999999999997]
[null,87622,"CONTRAPISO EM ARGAMASSA TRAÇO 1:4 (CIMENTO E AREIA), PREPARO MANUAL, APLICADO EM ÁREAS SECAS SOBRE LAJE, ADERIDO, ACABAMENTO NÃO REFORÇADO, ESPESSURA 2CM. AF_07/2021","M2",36.79,87622,null,35.340000000000003,36.79]
[null,87623,"CONTRAPISO EM ARGAMASSA PRONTA, PREPARO MECÂNICO COM MISTURADOR 300 KG, APLICADO EM ÁREAS SECAS SOBRE LAJE, ADERIDO, ACABAMENTO NÃO REFORÇADO, ESPESSURA 2CM. AF_07/2021","M2",101.36,87623,null,100.33,101.36]
[null,87624,"CONTRAPISO EM ARGAMASSA PRONTA, PREPARO MANUAL, APLICADO EM ÁREAS SECAS SOBRE LAJE, ADERIDO, ACABAMENTO NÃO REFORÇADO, ESPESSURA 2CM. AF_07/2021","M2",108.48,87624,null,106.87,108.48]
[null,87630,"CONTRAPISO EM ARGAMASSA TRAÇO 1:4 (CIMENTO E AREIA), PREPARO MECÂNICO COM BETONEIRA 400 L, APLICADO EM ÁREAS SECAS SOBRE LAJE, ADERIDO, ACABAMENTO NÃO REFORÇADO, ESPESSURA 3CM. AF_07/2021","M2",42.79,87630,null,41.48,42.79]
[null,87632,"CONTRAPISO EM ARGAMASSA TRAÇO 1:4 (CIMENTO E AREIA), PREPARO MANUAL, APLICADO EM ÁREAS SECAS SOBRE LAJE, ADERIDO, ACABAMENTO NÃO REFORÇADO, ESPESSURA 3CM. AF_07/2021","M2",47.91,87632,null,46.08,47.91]
[null,87633,"CONTRAPISO EM ARGAMASSA PRONTA, PREPARO MECÂNICO COM MISTURADOR 300 KG, APLICADO EM ÁREAS SECAS SOBRE LAJE, ADERIDO, ACABAMENTO NÃO REFORÇADO, ESPESSURA 3CM. AF_07/2021","M2",137.68,87633,null,136.44,137.68]
[null,87634,"CONTRAPISO EM ARGAMASSA PRONTA, PREPARO MANUAL, APLICADO EM ÁREAS SECAS SOBRE LAJE, ADERIDO, ACABAMENTO NÃO REFORÇADO, ESPESSURA 3CM. AF_07/2021","M2",147.58000000000001,87634,null,145.54,147.58000000000001]
[null,87640,"CONTRAPISO EM ARGAMASSA TRAÇO 1:4 (CIMENTO E AREIA), PREPARO MECÂNICO COM BETONEIRA 400 L, APLICADO EM ÁREAS SECAS SOBRE LAJE, ADERIDO, ACABAMENTO NÃO REFORÇADO, ESPESSURA 4CM. AF_07/2021","M2",50.74,87640,null,49.22,50.74]
[null,87642,"CONTRAPISO EM ARGAMASSA TRAÇO 1:4 (CIMENTO E AREIA), PREPARO MANUAL, APLICADO EM ÁREAS SECAS SOBRE LAJE, ADERIDO, ACABAMENTO NÃO REFORÇADO, ESPESSURA 4CM. AF_07/2021","M2",57.03,87642,null,54.87,57.03]
[null,87643,"CONTRAPISO EM ARGAMASSA PRONTA, PREPARO MECÂNICO COM MISTURADOR 300 KG, APLICADO EM ÁREAS SECAS SOBRE LAJE, ADERIDO, ACABAMENTO NÃO REFORÇADO, ESPESSURA 4CM. AF_07/2021","M2",167.43,87643,null,166,167.43]
[null,87644,"CONTRAPISO EM ARGAMASSA PRONTA, PREPARO MANUAL, APLICADO EM ÁREAS SECAS SOBRE LAJE, ADERIDO, ACABAMENTO NÃO REFORÇADO, ESPESSURA 4CM. AF_07/2021","M2",179.6,87644,null,177.18,179.6]
[null,87680,"CONTRAPISO EM ARGAMASSA TRAÇO 1:4 (CIMENTO E AREIA), PREPARO MECÂNICO COM BETONEIRA 400 L, APLICADO EM ÁREAS SECAS SOBRE LAJE, NÃO ADERIDO, ACABAMENTO NÃO REFORÇADO, ESPESSURA 4CM. AF_07/2021","M2",46.38,87680,null,44.96,46.38]
[null,87682,"CONTRAPISO EM ARGAMASSA TRAÇO 1:4 (CIMENTO E AREIA), PREPARO MANUAL, APLICADO EM ÁREAS SECAS SOBRE LAJE, NÃO ADERIDO, ACABAMENTO NÃO REFORÇADO, ESPESSURA 4CM. AF_07/2021","M2",52.67,87682,null,50.61,52.67]
[null,87683,"CONTRAPISO EM ARGAMASSA PRONTA, PREPARO MECÂNICO COM MISTURADOR 300 KG, APLICADO EM ÁREAS SECAS SOBRE LAJE, NÃO ADERIDO, ACABAMENTO NÃO REFORÇADO, ESPESSURA 4CM. AF_07/2021","M2",163.07,87683,null,161.74,163.07]
[null,87684,"CONTRAPISO EM ARGAMASSA PRONTA, PREPARO MANUAL, APLICADO EM ÁREAS SECAS SOBRE LAJE, NÃO ADERIDO, ACABAMENTO NÃO REFORÇADO, ESPESSURA 4CM. AF_07/2021","M2",175.24,87684,null,172.92,175.24]
[null,87690,"CONTRAPISO EM ARGAMASSA TRAÇO 1:4 (CIMENTO E AREIA), PREPARO MECÂNICO COM BETONEIRA 400 L, APLICADO EM ÁREAS SECAS SOBRE LAJE, NÃO ADERIDO, ACABAMENTO NÃO REFORÇADO, ESPESSURA 5CM. AF_07/2021","M2",53.16,87690,null,51.52,53.16]
[null,87692,"CONTRAPISO EM ARGAMASSA TRAÇO 1:4 (CIMENTO E AREIA), PREPARO MANUAL, APLICADO EM ÁREAS SECAS SOBRE LAJE, NÃO ADERIDO, ACABAMENTO NÃO REFORÇADO, ESPESSURA 5CM. AF_07/2021","M2",60.36,87692,null,57.99,60.36]
[null,87693,"CONTRAPISO EM ARGAMASSA PRONTA, PREPARO MECÂNICO COM MISTURADOR 300 KG, APLICADO EM ÁREAS SECAS SOBRE LAJE, NÃO ADERIDO, ESPESSURA 5CM. AF_07/2021","M2",186.79,87693,null,185.26,186.79]
[null,87694,"CONTRAPISO EM ARGAMASSA PRONTA, PREPARO MANUAL, APLICADO EM ÁREAS SECAS SOBRE LAJE, NÃO ADERIDO, ACABAMENTO NÃO REFORÇADO, ESPESSURA 5CM. AF_07/2021","M2",200.73,87694,null,198.07,200.73]
[null,87700,"CONTRAPISO EM ARGAMASSA TRAÇO 1:4 (CIMENTO E AREIA), PREPARO MECÂNICO COM BETONEIRA 400 L, APLICADO EM ÁREAS SECAS SOBRE LAJE, NÃO ADERIDO, ACABAMENTO NÃO REFORÇADO, ESPESSURA 6CM. AF_07/2021","M2",57.48,87700,null,55.74,57.48]
[null,87702,"CONTRAPISO EM ARGAMASSA TRAÇO 1:4 (CIMENTO E AREIA), PREPARO MANUAL, APLICADO EM ÁREAS SECAS SOBRE LAJE, NÃO ADERIDO, ACABAMENTO NÃO REFORÇADO, ESPESSURA 6CM. AF_07/2021","M2",65.319999999999993,87702,null,62.79,65.319999999999993]
[null,87703,"CONTRAPISO EM ARGAMASSA PRONTA, PREPARO MECÂNICO COM MISTURADOR 300 KG, APLICADO EM ÁREAS SECAS SOBRE LAJE, NÃO ADERIDO, ACABAMENTO NÃO REFORÇADO, ESPESSURA 6CM. AF_07/2021","M2",203,87703,null,201.37,203]
[null,87704,"CONTRAPISO EM ARGAMASSA PRONTA, PREPARO MANUAL, APLICADO EM ÁREAS SECAS SOBRE LAJE, NÃO ADERIDO, ACABAMENTO NÃO REFORÇADO, ESPESSURA 6CM. AF_07/2021","M2",218.18,87704,null,215.32,218.18]
[null,87735,"CONTRAPISO EM ARGAMASSA TRAÇO 1:4 (CIMENTO E AREIA), PREPARO MECÂNICO COM BETONEIRA 400 L, APLICADO EM ÁREAS MOLHADAS SOBRE LAJE, ADERIDO, ACABAMENTO NÃO REFORÇADO, ESPESSURA 2CM. AF_07/2021","M2",44.4,87735,null,42.16,44.4]
[null,87737,"CONTRAPISO EM ARGAMASSA TRAÇO 1:4 (CIMENTO E AREIA), PREPARO MANUAL, APLICADO EM ÁREAS MOLHADAS SOBRE LAJE, ADERIDO, ACABAMENTO NÃO REFORÇADO, ESPESSURA 2CM. AF_07/2021","M2",48.07,87737,null,45.47,48.07]
[null,87738,"CONTRAPISO EM ARGAMASSA PRONTA, PREPARO MECÂNICO COM MISTURADOR 300 KG, APLICADO EM ÁREAS MOLHADAS SOBRE LAJE, ADERIDO, ACABAMENTO NÃO REFORÇADO, ESPESSURA 2CM. AF_07/2021","M2",112.64,87738,null,110.46,112.64]
[null,87739,"CONTRAPISO EM ARGAMASSA PRONTA, PREPARO MANUAL, APLICADO EM ÁREAS MOLHADAS SOBRE LAJE, ADERIDO, ACABAMENTO NÃO REFORÇADO, ESPESSURA 2CM. AF_07/2021","M2",119.76,87739,null,117,119.76]
[null,87745,"CONTRAPISO EM ARGAMASSA TRAÇO 1:4 (CIMENTO E AREIA), PREPARO MECÂNICO COM BETONEIRA 400 L, APLICADO EM ÁREAS MOLHADAS SOBRE LAJE, ADERIDO, ACABAMENTO NÃO REFORÇADO, ESPESSURA 3CM. AF_07/2021","M2",54.08,87745,null,51.61,54.08]
[null,87747,"CONTRAPISO EM ARGAMASSA TRAÇO 1:4 (CIMENTO E AREIA), PREPARO MANUAL, APLICADO EM ÁREAS MOLHADAS SOBRE LAJE, ADERIDO, ACABAMENTO NÃO REFORÇADO, ESPESSURA 3CM. AF_07/2021","M2",59.2,87747,null,56.21,59.2]
[null,87748,"CONTRAPISO EM ARGAMASSA PRONTA, PREPARO MECÂNICO COM MISTURADOR 300 KG, APLICADO EM ÁREAS MOLHADAS SOBRE LAJE, ADERIDO, ACABAMENTO NÃO REFORÇADO, ESPESSURA 3CM. AF_07/2021","M2",148.97,87748,null,146.57,148.97]
[null,87749,"CONTRAPISO EM ARGAMASSA PRONTA, PREPARO MANUAL, APLICADO EM ÁREAS MOLHADAS SOBRE LAJE, ADERIDO, ACABAMENTO NÃO REFORÇADO, ESPESSURA 3CM. AF_07/2021","M2",158.87,87749,null,155.66999999999999,158.87]
[null,87755,"CONTRAPISO EM ARGAMASSA TRAÇO 1:4 (CIMENTO E AREIA), PREPARO MECÂNICO COM BETONEIRA 400 L, APLICADO EM ÁREAS MOLHADAS SOBRE IMPERMEABILIZAÇÃO, ACABAMENTO NÃO REFORÇADO, ESPESSURA 3CM. AF_07/2021","M2",52.04,87755,null,49.46,52.04]
[null,87757,"CONTRAPISO EM ARGAMASSA TRAÇO 1:4 (CIMENTO E AREIA), PREPARO MANUAL, APLICADO EM ÁREAS MOLHADAS SOBRE IMPERMEABILIZAÇÃO, ACABAMENTO NÃO REFORÇADO, ESPESSURA 3CM. AF_07/2021","M2",57.16,87757,null,54.06,57.16]
[null,87758,"CONTRAPISO EM ARGAMASSA PRONTA, PREPARO MECÂNICO COM MISTURADOR 300 KG, APLICADO EM ÁREAS MOLHADAS SOBRE IMPERMEABILIZAÇÃO, ACABAMENTO NÃO REFORÇADO, ESPESSURA 3CM. AF_07/2021","M2",146.93,87758,null,144.41999999999999,146.93]
[null,87759,"CONTRAPISO EM ARGAMASSA PRONTA, PREPARO MANUAL, APLICADO EM ÁREAS MOLHADAS SOBRE IMPERMEABILIZAÇÃO, ACABAMENTO NÃO REFORÇADO, ESPESSURA 3CM. AF_07/2021","M2",156.83000000000001,87759,null,153.52000000000001,156.83000000000001]
[null,87765,"CONTRAPISO EM ARGAMASSA TRAÇO 1:4 (CIMENTO E AREIA), PREPARO MECÂNICO COM BETONEIRA 400 L, APLICADO EM ÁREAS MOLHADAS SOBRE IMPERMEABILIZAÇÃO, ACABAMENTO NÃO REFORÇADO, ESPESSURA 4CM. AF_07/2021","M2",60.02,87765,null,57.24,60.02]
[null,87767,"CONTRAPISO EM ARGAMASSA TRAÇO 1:4 (CIMENTO E AREIA), PREPARO MANUAL, APLICADO EM ÁREAS MOLHADAS SOBRE IMPERMEABILIZAÇÃO, ACABAMENTO NÃO REFORÇADO, ESPESSURA 4CM. AF_07/2021","M2",66.31,87767,null,62.89,66.31]
[null,87768,"CONTRAPISO EM ARGAMASSA PRONTA, PREPARO MECÂNICO COM MISTURADOR 300 KG, APLICADO EM ÁREAS MOLHADAS SOBRE IMPERMEABILIZAÇÃO, ACABAMENTO NÃO REFORÇADO, ESPESSURA 4CM. AF_07/2021","M2",176.71,87768,null,174.02,176.71]
[null,87769,"CONTRAPISO EM ARGAMASSA PRONTA, PREPARO MANUAL, APLICADO EM ÁREAS MOLHADAS SOBRE IMPERMEABILIZAÇÃO, ACABAMENTO NÃO REFORÇADO, ESPESSURA 4CM. AF_07/2021","M2",188.88,87769,null,185.2,188.88]
[null,88470,"CONTRAPISO COM ARGAMASSA AUTONIVELANTE, APLICADO SOBRE LAJE, NÃO ADERIDO, ESPESSURA 3CM. AF_07/2021","M2",35.22,88470,null,34.92,35.22]
[null,88471,"CONTRAPISO COM ARGAMASSA AUTONIVELANTE, APLICADO SOBRE LAJE, NÃO ADERIDO, ESPESSURA 4CM. AF_07/2021","M2",43.86,88471,null,43.44,43.86]
[null,88472,"CONTRAPISO COM ARGAMASSA AUTONIVELANTE, APLICADO SOBRE LAJE, NÃO ADERIDO, ESPESSURA 5CM. AF_07/2021","M2",50.75,88472,null,50.24,50.75]
[null,88476,"CONTRAPISO COM ARGAMASSA AUTONIVELANTE, APLICADO SOBRE LAJE, ADERIDO, ESPESSURA 2CM. AF_07/2021","M2",28.17,88476,null,27.98,28.17]
[null,88477,"CONTRAPISO COM ARGAMASSA AUTONIVELANTE, APLICADO SOBRE LAJE, ADERIDO, ESPESSURA 3CM. AF_07/2021","M2",38.869999999999997,88477,null,38.5,38.869999999999997]
[null,88478,"CONTRAPISO COM ARGAMASSA AUTONIVELANTE, APLICADO SOBRE LAJE, ADERIDO, ESPESSURA 4CM. AF_07/2021","M2",47.73,88478,null,47.22,47.73]
[null,90930,"CONTRAPISO ACÚSTICO EM ARGAMASSA TRAÇO 1:4 (CIMENTO E AREIA), PREPARO MECÂNICO COM BETONEIRA 400L, APLICADO EM ÁREAS SECAS, ACABAMENTO NÃO REFORÇADO, ESPESSURA 5CM. AF_07/2021","M2",83.17,90930,null,80.900000000000006,83.17]
[null,90932,"CONTRAPISO ACÚSTICO EM ARGAMASSA TRAÇO 1:4 (CIMENTO E AREIA), PREPARO MANUAL, APLICADO EM ÁREAS SECAS, ACABAMENTO NÃO REFORÇADO, ESPESSURA 5CM. AF_07/2021","M2",90.37,90932,null,87.37,90.37]
[null,90933,"CONTRAPISO ACÚSTICO EM ARGAMASSA PRONTA, PREPARO MECÂNICO COM MISTURADOR 300 KG, APLICADO EM ÁREAS SECAS, ACABAMENTO NÃO REFORÇADO, ESPESSURA 5CM. AF_07/2021","M2",216.8,90933,null,214.64,216.8]
[null,90934,"CONTRAPISO ACÚSTICO EM ARGAMASSA PRONTA, PREPARO MANUAL, APLICADO EM ÁREAS SECAS, ACABAMENTO NÃO REFORÇADO, ESPESSURA 5CM. AF_07/2021","M2",230.74,90934,null,227.45,230.74]
[null,90940,"CONTRAPISO ACÚSTICO EM ARGAMASSA TRAÇO 1:4 (CIMENTO E AREIA), PREPARO MECÂNICO COM BETONEIRA 400L, APLICADO EM ÁREAS SECAS, ACABAMENTO NÃO REFORÇADO, ESPESSURA 6CM. AF_07/2021","M2",88.71,90940,null,86.22,88.71]
[null,90942,"CONTRAPISO ACÚSTICO EM ARGAMASSA TRAÇO 1:4 (CIMENTO E AREIA), PREPARO MANUAL, APLICADO EM ÁREAS SECAS, ACABAMENTO NÃO REFORÇADO, ESPESSURA 6CM. AF_07/2021","M2",96.55,90942,null,93.27,96.55]
[null,90943,"CONTRAPISO ACÚSTICO EM ARGAMASSA PRONTA, PREPARO MECÂNICO COM MISTURADOR 300 KG, APLICADO EM ÁREAS SECAS, ACABAMENTO NÃO REFORÇADO, ESPESSURA 6CM. AF_07/2021","M2",234.23,90943,null,231.85,234.23]
[null,90944,"CONTRAPISO ACÚSTICO EM ARGAMASSA PRONTA, PREPARO MANUAL, APLICADO EM ÁREAS SECA, ACABAMENTO NÃO REFORÇADO, ESPESSURA 6CM. AF_07/2021","M2",249.41,90944,null,245.8,249.41]
[null,90950,"CONTRAPISO ACÚSTICO EM ARGAMASSA TRAÇO 1:4 (CIMENTO E AREIA), PREPARO MECÂNICO COM BETONEIRA 400L, APLICADO EM ÁREAS SECAS, ACABAMENTO NÃO REFORÇADO, ESPESSURA 7CM. AF_07/2021","M2",98.84,90950,null,95.93,98.84]
[null,90952,"CONTRAPISO ACÚSTICO EM ARGAMASSA TRAÇO 1:4 (CIMENTO E AREIA), PREPARO MANUAL, APLICADO EM ÁREAS SECAS, ACABAMENTO NÃO REFORÇADO, ESPESSURA 7CM. AF_07/2021","M2",107.86,90952,null,104.04,107.86]
[null,90953,"CONTRAPISO ACÚSTICO EM ARGAMASSA PRONTA, PREPARO MECÂNICO COM MISTURADOR 300 KG, APLICADO EM ÁREAS SECAS, ACABAMENTO NÃO REFORÇADO, ESPESSURA 7CM. AF_07/2021","M2",266.16000000000003,90953,null,263.38,266.16000000000003]
[null,90954,"CONTRAPISO ACÚSTICO EM ARGAMASSA PRONTA, PREPARO MANUAL, APLICADO EM ÁREAS SECAS, ACABAMENTO NÃO REFORÇADO, ESPESSURA 7CM. AF_07/2021","M2",283.61,90954,null,279.42,283.61]
[null,102803,"REFORÇO SUPERFICIAL PARA CONTRAPISOS DE ARGAMASSA SEMI-SECA. AF_07/2021","M2",2.3199999999999998,102803,null,2.13,2.3199999999999998]
[null,101742,"RODAPÉ BORRACHA LISO, ALTURA = 7CM, ESPESSURA = 2 MM, PARA ARGAMASSA. AF_09/2020","M",62.56,101742,null,60.15,62.56]
[null,87878,"CHAPISCO APLICADO EM ALVENARIAS E ESTRUTURAS DE CONCRETO INTERNAS, COM COLHER DE PEDREIRO.  ARGAMASSA TRAÇO 1:3 COM PREPARO MANUAL. AF_10/2022","M2",{"$f":"IF($K$2=$H$1,H6595,I6595)","v":5},{"$f":"IF(LEN($B6595)=7,CONCATENATE(MID($B6595,1,6),\"00\",RIGHT($B6595,1)),IF(LEN($B6595)=8,CONCATENATE(MID($B6595,1,6),\"0\",RIGHT($B6595,2)),$B6595))","v":87878},null,4.6900000000000004,5]
[null,87879,"CHAPISCO APLICADO EM ALVENARIAS E ESTRUTURAS DE CONCRETO INTERNAS, COM COLHER DE PEDREIRO.  ARGAMASSA TRAÇO 1:3 COM PREPARO EM BETONEIRA 400L. AF_10/2022","M2",4.5199999999999996,87879,null,4.26,4.5199999999999996]
[null,87881,"CHAPISCO APLICADO NO TETO OU EM ALVENARIA E ESTRUTURA, COM ROLO PARA TEXTURA ACRÍLICA. ARGAMASSA TRAÇO 1:4 E EMULSÃO POLIMÉRICA (ADESIVO) COM PREPARO MANUAL. AF_10/2022","M2",6.25,87881,null,6.09,6.25]
[null,87882,"CHAPISCO APLICADO NO TETO OU EM ALVENARIA E ESTRUTURA, COM ROLO PARA TEXTURA ACRÍLICA. ARGAMASSA TRAÇO 1:4 E EMULSÃO POLIMÉRICA (ADESIVO) COM PREPARO EM BETONEIRA 400L. AF_10/2022","M2",6.08,87882,null,5.93,6.08]
[null,87884,"CHAPISCO APLICADO NO TETO OU EM ALVENARIA E ESTRUTURA, COM ROLO PARA TEXTURA ACRÍLICA. ARGAMASSA INDUSTRIALIZADA COM PREPARO MANUAL. AF_10/2022","M2",13.55,87884,null,13.37,13.55]
[null,87885,"CHAPISCO APLICADO NO TETO OU EM ALVENARIA E ESTRUTURA, COM ROLO PARA TEXTURA ACRÍLICA. ARGAMASSA INDUSTRIALIZADA COM PREPARO EM MISTURADOR 300 KG. AF_10/2022","M2",13.14,87885,null,12.99,13.14]
[null,87886,"CHAPISCO APLICADO NO TETO OU EM ESTRUTURA, COM DESEMPENADEIRA DENTADA. ARGAMASSA INDUSTRIALIZADA COM PREPARO MANUAL. AF_10/2022","M2",21.99,87886,null,21.46,21.99]
[null,87887,"CHAPISCO APLICADO NO TETO OU EM ESTRUTURA, COM DESEMPENADEIRA DENTADA. ARGAMASSA INDUSTRIALIZADA COM PREPARO EM MISTURADOR 300 KG. AF_10/2022","M2",21.14,87887,null,20.68,21.14]
[null,87888,"CHAPISCO APLICADO EM ALVENARIA (SEM PRESENÇA DE VÃOS) E ESTRUTURAS DE CONCRETO DE FACHADA, COM ROLO PARA TEXTURA ACRÍLICA.  ARGAMASSA TRAÇO 1:4 E EMULSÃO POLIMÉRICA (ADESIVO) COM PREPARO MANUAL. AF_10/2022","M2",7.77,87888,null,7.46,7.77]
[null,87889,"CHAPISCO APLICADO EM ALVENARIA (SEM PRESENÇA DE VÃOS) E ESTRUTURAS DE CONCRETO DE FACHADA, COM ROLO PARA TEXTURA ACRÍLICA.  ARGAMASSA TRAÇO 1:4 E EMULSÃO POLIMÉRICA (ADESIVO) COM PREPARO EM BETONEIRA 400L. AF_10/2022","M2",7.6,87889,null,7.3,7.6]
[null,87891,"CHAPISCO APLICADO EM ALVENARIA (SEM PRESENÇA DE VÃOS) E ESTRUTURAS DE CONCRETO DE FACHADA, COM ROLO PARA TEXTURA ACRÍLICA. ARGAMASSA INDUSTRIALIZADA COM PREPARO MANUAL. AF_10/2022","M2",15.07,87891,null,14.74,15.07]
[null,87892,"CHAPISCO APLICADO EM ALVENARIA (SEM PRESENÇA DE VÃOS) E ESTRUTURAS DE CONCRETO DE FACHADA, COM ROLO PARA TEXTURA ACRÍLICA.  ARGAMASSA INDUSTRIALIZADA COM PREPARO EM MISTURADOR 300 KG. AF_10/2022","M2",14.66,87892,null,14.36,14.66]
[null,87893,"CHAPISCO APLICADO EM ALVENARIA (SEM PRESENÇA DE VÃOS) E ESTRUTURAS DE CONCRETO DE FACHADA, COM COLHER DE PEDREIRO.  ARGAMASSA TRAÇO 1:3 COM PREPARO MANUAL. AF_10/2022","M2",7.26,87893,null,6.71,7.26]
[null,87894,"CHAPISCO APLICADO EM ALVENARIA (SEM PRESENÇA DE VÃOS) E ESTRUTURAS DE CONCRETO DE FACHADA, COM COLHER DE PEDREIRO.  ARGAMASSA TRAÇO 1:3 COM PREPARO EM BETONEIRA 400L. AF_10/2022","M2",6.78,87894,null,6.28,6.78]
[null,87896,"CHAPISCO APLICADO EM ALVENARIA (SEM PRESENÇA DE VÃOS) E ESTRUTURAS DE CONCRETO DE FACHADA, COM EQUIPAMENTO DE PROJEÇÃO. ARGAMASSA TRAÇO 1:3 COM PREPARO MANUAL. AF_10/2022","M2",5.69,87896,null,5.39,5.69]
[null,87897,"CHAPISCO APLICADO EM ALVENARIA (SEM PRESENÇA DE VÃOS) E ESTRUTURAS DE CONCRETO DE FACHADA, COM EQUIPAMENTO DE PROJEÇÃO.  ARGAMASSA TRAÇO 1:3 COM PREPARO EM BETONEIRA 400 L. AF_10/2022","M2",5.21,87897,null,4.96,5.21]
[null,87899,"CHAPISCO APLICADO EM ALVENARIA (COM PRESENÇA DE VÃOS) E ESTRUTURAS DE CONCRETO DE FACHADA, COM ROLO PARA TEXTURA ACRÍLICA.  ARGAMASSA TRAÇO 1:4 E EMULSÃO POLIMÉRICA (ADESIVO) COM PREPARO MANUAL. AF_10/2022","M2",8.44,87899,null,8.0500000000000007,8.44]
[null,87900,"CHAPISCO APLICADO EM ALVENARIA (COM PRESENÇA DE VÃOS) E ESTRUTURAS DE CONCRETO DE FACHADA, COM ROLO PARA TEXTURA ACRÍLICA.  ARGAMASSA TRAÇO 1:4 E EMULSÃO POLIMÉRICA (ADESIVO) COM PREPARO EM BETONEIRA 400L. AF_10/2022","M2",8.27,87900,null,7.89,8.27]
[null,87902,"CHAPISCO APLICADO EM ALVENARIA (COM PRESENÇA DE VÃOS) E ESTRUTURAS DE CONCRETO DE FACHADA, COM ROLO PARA TEXTURA ACRÍLICA.  ARGAMASSA INDUSTRIALIZADA COM PREPARO MANUAL. AF_10/2022","M2",15.74,87902,null,15.33,15.74]
[null,87903,"CHAPISCO APLICADO EM ALVENARIA (COM PRESENÇA DE VÃOS) E ESTRUTURAS DE CONCRETO DE FACHADA, COM ROLO PARA TEXTURA ACRÍLICA.  ARGAMASSA INDUSTRIALIZADA COM PREPARO EM MISTURADOR 300 KG. AF_10/2022","M2",15.33,87903,null,14.95,15.33]
[null,87904,"CHAPISCO APLICADO EM ALVENARIA (COM PRESENÇA DE VÃOS) E ESTRUTURAS DE CONCRETO DE FACHADA, COM COLHER DE PEDREIRO.  ARGAMASSA TRAÇO 1:3 COM PREPARO MANUAL. AF_10/2022","M2",8.32,87904,null,7.67,8.32]
[null,87905,"CHAPISCO APLICADO EM ALVENARIA (COM PRESENÇA DE VÃOS) E ESTRUTURAS DE CONCRETO DE FACHADA, COM COLHER DE PEDREIRO.  ARGAMASSA TRAÇO 1:3 COM PREPARO EM BETONEIRA 400L. AF_10/2022","M2",7.84,87905,null,7.24,7.84]
[null,87907,"CHAPISCO APLICADO EM ALVENARIA (COM PRESENÇA DE VÃOS) E ESTRUTURAS DE CONCRETO DE FACHADA, COM EQUIPAMENTO DE PROJEÇÃO.  ARGAMASSA TRAÇO 1:3 COM PREPARO MANUAL. AF_10/2022","M2",6.74,87907,null,6.35,6.74]
[null,87908,"CHAPISCO APLICADO EM ALVENARIA (COM PRESENÇA DE VÃOS) E ESTRUTURAS DE CONCRETO DE FACHADA, COM EQUIPAMENTO DE PROJEÇÃO.  ARGAMASSA TRAÇO 1:3 COM PREPARO EM BETONEIRA 400 L. AF_10/2022","M2",6.26,87908,null,5.92,6.26]
[null,87910,"CHAPISCO APLICADO SOMENTE NA ESTRUTURA DE CONCRETO DA FACHADA, COM DESEMPENADEIRA DENTADA. ARGAMASSA INDUSTRIALIZADA COM PREPARO MANUAL. AF_10/2022","M2",27.05,87910,null,25.99,27.05]
[null,87911,"CHAPISCO APLICADO SOMENTE NA ESTRUTURA DE CONCRETO DA FACHADA, COM DESEMPENADEIRA DENTADA. ARGAMASSA INDUSTRIALIZADA COM PREPARO EM MISTURADOR 300 KG. AF_10/2022","M2",26.2,87911,null,25.21,26.2]
[null,104410,"CHAPISCO APLICADO EM ALVENARIA E ESTRUTURAS DE CONCRETO INTERNAS, COM EQUIPAMENTO DE PROJEÇÃO.  ARGAMASSA TRAÇO 1:3 COM PREPARO MANUAL. AF_10/2022","M2",5.32,104410,null,5.05,5.32]
[null,104411,"CHAPISCO APLICADO EM ALVENARIA E ESTRUTURAS DE CONCRETO INTERNAS, COM EQUIPAMENTO DE PROJEÇÃO.  ARGAMASSA TRAÇO 1:3 COM PREPARO EM BETONEIRA 400 L. AF_10/2022","M2",5.32,104411,null,5.05,5.32]
[null,87411,"APLICAÇÃO MANUAL DE GESSO DESEMPENADO (SEM TALISCAS) EM TETO DE AMBIENTES DE ÁREA MAIOR QUE 10M², ESPESSURA DE 0,5CM. AF_03/2023","M2",17.21,87411,null,16.41,17.21]
[null,87412,"APLICAÇÃO MANUAL DE GESSO DESEMPENADO (SEM TALISCAS) EM TETO DE AMBIENTES DE ÁREA ENTRE 5M² E 10M², ESPESSURA DE 0,5CM. AF_03/2023","M2",24.63,87412,null,23.07,24.63]
[null,87413,"APLICAÇÃO MANUAL DE GESSO DESEMPENADO (SEM TALISCAS) EM TETO DE AMBIENTES DE ÁREA MENOR QUE 5M², ESPESSURA DE 0,5CM. AF_03/2023","M2",28.89,87413,null,26.9,28.89]
[null,87414,"APLICAÇÃO MANUAL DE GESSO DESEMPENADO (SEM TALISCAS) EM TETO DE AMBIENTES DE ÁREA MAIOR QUE 10M², ESPESSURA DE 1,0CM. AF_03/2023","M2",27.81,87414,null,26.67,27.81]
[null,87415,"APLICAÇÃO MANUAL DE GESSO DESEMPENADO (SEM TALISCAS) EM TETO DE AMBIENTES DE ÁREA ENTRE 5M² E 10M², ESPESSURA DE 1,0CM. AF_03/2023","M2",35.229999999999997,87415,null,33.32,35.229999999999997]
[null,87416,"APLICAÇÃO MANUAL DE GESSO DESEMPENADO (SEM TALISCAS) EM TETO DE AMBIENTES DE ÁREA MENOR QUE 5M², ESPESSURA DE 1,0CM. AF_03/2023","M2",39.49,87416,null,37.15,39.49]
[null,87418,"APLICAÇÃO MANUAL DE GESSO DESEMPENADO (SEM TALISCAS) EM PAREDES, ESPESSURA DE 0,5CM. AF_03/2023","M2",19.559999999999999,87418,null,18.52,19.559999999999999]
[null,87421,"APLICAÇÃO MANUAL DE GESSO DESEMPENADO (SEM TALISCAS) EM PAREDES, ESPESSURA DE 1,0CM. AF_03/2023","M2",30.5,87421,null,29.08,30.5]
[null,87424,"APLICAÇÃO MANUAL DE GESSO SARRAFEADO (COM TALISCAS) EM PAREDES, ESPESSURA DE 1,0CM. AF_03/2023","M2",38.78,87424,null,36.520000000000003,38.78]
[null,87427,"APLICAÇÃO MANUAL DE GESSO SARRAFEADO (COM TALISCAS) EM PAREDES, ESPESSURA DE 1,5CM. AF_03/2023","M2",46.39,87427,null,43.87,46.39]
[null,87430,"APLICAÇÃO DE GESSO PROJETADO COM EQUIPAMENTO DE PROJEÇÃO EM PAREDES, DESEMPENADO (SEM TALISCAS), ESPESSURA DE 0,5CM. AF_03/2023","M2",19.09,87430,null,17.989999999999998,19.09]
[null,87433,"APLICAÇÃO DE GESSO PROJETADO COM EQUIPAMENTO DE PROJEÇÃO EM PAREDES, DESEMPENADO (SEM TALISCAS), ESPESSURA DE 1,0CM. AF_03/2023","M2",28.29,87433,null,26.92,28.29]
[null,87436,"APLICAÇÃO DE GESSO PROJETADO COM EQUIPAMENTO DE PROJEÇÃO EM PAREDES, SARRAFEADO (COM TALISCAS), ESPESSURA DE 1,0CM. AF_03/2023","M2",31.65,87436,null,29.93,31.65]
[null,87439,"APLICAÇÃO DE GESSO PROJETADO COM EQUIPAMENTO DE PROJEÇÃO EM PAREDES, SARRAFEADO (COM TALISCAS), ESPESSURA DE 1,5CM. AF_03/2023","M2",39.06,87439,null,37.049999999999997,39.06]
[null,87527,"EMBOÇO, EM ARGAMASSA TRAÇO 1:2:8, PREPARO MECÂNICO, APLICADO MANUALMENTE EM PAREDES INTERNAS DE AMBIENTES COM ÁREA MENOR QUE 5M², E =17,5MM, COM TALISCAS. AF_03/2024","M2",37.979999999999997,87527,null,35.68,37.979999999999997]
[null,87528,"EMBOÇO, EM ARGAMASSA TRAÇO 1:2:8, PREPARO MANUAL, APLICADO MANUALMENTE EM PAREDES INTERNAS DE AMBIENTES COM ÁREA MENOR QUE 5M², E = 17,5MM, COM TALISCAS. AF_03/2024","M2",41.78,87528,null,39.090000000000003,41.78]
[null,87529,"MASSA ÚNICA, EM ARGAMASSA TRAÇO 1:2:8, PREPARO MECÂNICO, APLICADA MANUALMENTE EM PAREDES INTERNAS DE AMBIENTES COM ÁREA ENTRE 5M² E 10M², E = 17,5MM, COM TALISCAS. AF_03/2024","M2",35.15,87529,null,33.15,35.15]
[null,87530,"MASSA ÚNICA, EM ARGAMASSA TRAÇO 1:2:8, PREPARO MANUAL, APLICADA MANUALMENTE EM PAREDES INTERNAS DE AMBIENTES COM ÁREA ENTRE 5M² E 10M², E = 17,5MM, COM TALISCAS. AF_03/2024","M2",38.950000000000003,87530,null,36.56,38.950000000000003]
[null,87531,"EMBOÇO, EM ARGAMASSA TRAÇO 1:2:8, PREPARO MECÂNICO, APLICADO MANUALMENTE EM PAREDES INTERNAS DE AMBIENTES COM ÁREA ENTRE 5M² E 10M², E = 17,5MM, COM TALISCAS. AF_03/2024","M2",34,87531,null,32.11,34]
[null,87532,"EMBOÇO, EM ARGAMASSA TRAÇO 1:2:8, PREPARO MANUAL, APLICADO MANUALMENTE EM PAREDES INTERNAS DE AMBIENTES COM ÁREA ENTRE 5M² E 10M², E = 17,5MM, COM TALISCAS. AF_03/2024","M2",37.799999999999997,87532,null,35.520000000000003,37.799999999999997]
[null,87535,"EMBOÇO, EM ARGAMASSA TRAÇO 1:2:8, PREPARO MECÂNICO, APLICADO MANUALMENTE EM PAREDES INTERNAS DE AMBIENTES COM ÁREA MAIOR QUE 10M², E = 17,5MM, COM TALISCAS. AF_03/2024","M2",31.63,87535,null,29.98,31.63]
[null,87536,"EMBOÇO, EM ARGAMASSA TRAÇO 1:2:8, PREPARO MANUAL, APLICADO MANUALMENTE EM PAREDES INTERNAS DE AMBIENTES COM ÁREA MAIOR QUE 10M², E = 17,5MM, COM TALISCAS. AF_03/2024","M2",35.43,87536,null,33.39,35.43]
[null,87539,"EMBOÇO, EM ARGAMASSA INDUSTRIALIZADA, PREPARO MECÂNICO, APLICADO COM EQUIPAMENTO DE MISTURA E PROJEÇÃO DE ARGAMASSA EM PAREDES INTERNAS, E = 17,5MM, COM TALISCAS. AF_03/2024","M2",88.55,87539,null,87.15,88.55]
[null,87543,"MASSA ÚNICA, EM ARGAMASSA INDUSTRIALIZADA, PREPARO MECÂNICO, APLICADA COM EQUIPAMENTO DE MISTURA E PROJEÇÃO DE ARGAMASSA EM PAREDES INTERNAS, E = 5MM, SEM TALISCAS. AF_03/2024","M2",32.65,87543,null,31.92,32.65]
[null,87545,"EMBOÇO, EM ARGAMASSA TRAÇO 1:2:8, PREPARO MECÂNICO, APLICADO MANUALMENTE EM PAREDES INTERNAS, PARA AMBIENTES COM ÁREA MENOR QUE 5M², E = 10MM, COM TALISCAS. AF_03/2024","M2",28.03,87545,null,26.18,28.03]
[null,87546,"EMBOÇO, EM ARGAMASSA TRAÇO 1:2:8, PREPARO MANUAL, APLICADO MANUALMENTE EM PAREDES INTERNAS, PARA AMBIENTES COM ÁREA MENOR QUE 5M², E = 10MM, COM TALISCAS. AF_03/2024","M2",30.46,87546,null,28.35,30.46]
[null,87547,"MASSA ÚNICA, EM ARGAMASSA TRAÇO 1:2:8, PREPARO MECÂNICO, APLICADA MANUALMENTE EM PAREDES INTERNAS DE AMBIENTES COM ÁREA ENTRE 5M² E 10M², E = 10MM, COM TALISCAS. AF_03/2024","M2",25.19,87547,null,23.64,25.19]
[null,87548,"MASSA ÚNICA, EM ARGAMASSA TRAÇO 1:2:8, PREPARO MANUAL, APLICADA MANUALMENTE EM PAREDES INTERNAS DE AMBIENTES COM ÁREA ENTRE 5M² E 10M², E = 10MM, COM TALISCAS. AF_03/2024","M2",27.62,87548,null,25.81,27.62]
[null,87549,"EMBOÇO, EM ARGAMASSA TRAÇO 1:2:8, PREPARO MECÂNICO, APLICADO MANUALMENTE EM PAREDES INTERNAS DE AMBIENTES COM ÁREA ENTRE 5M² E 10M², E = 10MM, COM TALISCAS. AF_03/2024","M2",24.05,87549,null,22.61,24.05]
[null,87550,"EMBOÇO, EM ARGAMASSA TRAÇO 1:2:8, PREPARO MANUAL, APLICADO MANUALMENTE EM PAREDES INTERNAS DE AMBIENTES COM ÁREA ENTRE 5M² E 10M², E = 10MM, COM TALISCAS. AF_03/2024","M2",26.48,87550,null,24.78,26.48]
[null,87553,"EMBOÇO, EM ARGAMASSA TRAÇO 1:2:8, PREPARO MECÂNICO, APLICADO MANUALMENTE EM PAREDES INTERNAS DE AMBIENTES COM ÁREA MAIOR QUE 10M², E = 10MM, COM TALISCAS. AF_03/2024","M2",21.67,87553,null,20.48,21.67]
[null,87554,"EMBOÇO, EM ARGAMASSA TRAÇO 1:2:8, PREPARO MANUAL, APLICADO MANUALMENTE EM PAREDES INTERNAS DE AMBIENTES COM ÁREA MAIOR QUE 10M², E = 10MM, COM TALISCAS. AF_03/2024","M2",24.1,87554,null,22.65,24.1]
[null,87557,"EMBOÇO, EM ARGAMASSA INDUSTRIALIZADA, PREPARO MECÂNICO, APLICADO COM EQUIPAMENTO DE MISTURA E PROJEÇÃO DE ARGAMASSA EM PAREDES INTERNAS, E = 10MM, COM TALISCAS. AF_03/2024","M2",57.86,87557,null,56.82,57.86]
[null,87561,"MASSA ÚNICA, EM ARGAMASSA INDUSTRIALIZADA, PREPARO MECÂNICO, APLICADA COM EQUIPAMENTO DE MISTURA E PROJEÇÃO DE ARGAMASSA EM PAREDES INTERNAS, E = 10MM, SEM TALISCAS. AF_03/2024","M2",57.34,87561,null,56.36,57.34]
[null,87775,"EMBOÇO OU MASSA ÚNICA EM ARGAMASSA TRAÇO 1:2:8, PREPARO MECÂNICO COM BETONEIRA 400 L, APLICADA MANUALMENTE EM PANOS DE FACHADA COM PRESENÇA DE VÃOS, ESPESSURA DE 25 MM. AF_08/2022","M2",53.19,87775,null,49.76,53.19]
[null,87777,"EMBOÇO OU MASSA ÚNICA EM ARGAMASSA TRAÇO 1:2:8, PREPARO MANUAL, APLICADA MANUALMENTE EM PANOS DE FACHADA COM PRESENÇA DE VÃOS, ESPESSURA DE 25 MM. AF_08/2022","M2",57.12,87777,null,53.28,57.12]
[null,87778,"EMBOÇO OU MASSA ÚNICA EM ARGAMASSA INDUSTRIALIZADA, PREPARO MECÂNICO E APLICAÇÃO COM EQUIPAMENTO DE MISTURA E PROJEÇÃO DE 1,5 M3/H DE ARGAMASSA EM PANOS DE FACHADA COM PRESENÇA DE VÃOS, ESPESSURA DE 25 MM. AF_08/2022","M2",{"$f":"IF($K$2=$H$1,H6659,I6659)","v":111.58},{"$f":"IF(LEN($B6659)=7,CONCATENATE(MID($B6659,1,6),\"00\",RIGHT($B6659,1)),IF(LEN($B6659)=8,CONCATENATE(MID($B6659,1,6),\"0\",RIGHT($B6659,2)),$B6659))","v":87778},null,108.45,111.58]
[null,87779,"EMBOÇO OU MASSA ÚNICA EM ARGAMASSA TRAÇO 1:2:8, PREPARO MECÂNICO COM BETONEIRA 400 L, APLICADA MANUALMENTE EM PANOS DE FACHADA COM PRESENÇA DE VÃOS, ESPESSURA DE 35 MM. AF_08/2022","M2",68.349999999999994,87779,null,63.93,68.349999999999994]
[null,87781,"EMBOÇO OU MASSA ÚNICA EM ARGAMASSA TRAÇO 1:2:8, PREPARO MANUAL, APLICADA MANUALMENTE EM PANOS DE FACHADA COM PRESENÇA DE VÃOS, ESPESSURA DE 35 MM. AF_08/2022","M2",73.61,87781,null,68.650000000000006,73.61]
[null,87783,"EMBOÇO OU MASSA ÚNICA EM ARGAMASSA INDUSTRIALIZADA, PREPARO MECÂNICO E APLICAÇÃO COM EQUIPAMENTO DE MISTURA E PROJEÇÃO DE 1,5 M3/H DE ARGAMASSA EM PANOS DE FACHADA COM PRESENÇA DE VÃOS, ESPESSURA DE 35 MM. AF_08/2022","M2",146.88,87783,null,142.84,146.88]
[null,87784,"EMBOÇO OU MASSA ÚNICA EM ARGAMASSA TRAÇO 1:2:8, PREPARO MECÂNICO COM BETONEIRA 400 L, APLICADA MANUALMENTE EM PANOS DE FACHADA COM PRESENÇA DE VÃOS, ESPESSURA DE 45 MM. AF_08/2022","M2",74.78,87784,null,70.260000000000005,74.78]
[null,87786,"EMBOÇO OU MASSA ÚNICA EM ARGAMASSA TRAÇO 1:2:8, PREPARO MANUAL, APLICADA MANUALMENTE EM PANOS DE FACHADA COM PRESENÇA DE VÃOS, ESPESSURA DE 45 MM. AF_08/2022","M2",81.38,87786,null,76.180000000000007,81.38]
[null,87787,"EMBOÇO OU MASSA ÚNICA EM ARGAMASSA INDUSTRIALIZADA, PREPARO MECÂNICO E APLICAÇÃO COM EQUIPAMENTO DE MISTURA E PROJEÇÃO DE 1,5 M3/H DE ARGAMASSA EM PANOS DE FACHADA COM PRESENÇA DE VÃOS, ESPESSURA DE 45 MM. AF_08/2022","M2",174.18,87787,null,170.05,174.18]
[null,87788,"EMBOÇO OU MASSA ÚNICA EM ARGAMASSA TRAÇO 1:2:8, PREPARO MECÂNICO COM BETONEIRA 400 L, APLICADA MANUALMENTE EM PANOS DE FACHADA COM PRESENÇA DE VÃOS, ESPESSURA MAIOR OU IGUAL A 50 MM. AF_08/2022","M2",87.89,87788,null,82.32,87.89]
[null,87791,"EMBOÇO OU MASSA ÚNICA EM ARGAMASSA INDUSTRIALIZADA, PREPARO MECÂNICO E APLICAÇÃO COM EQUIPAMENTO DE MISTURA E PROJEÇÃO DE 1,5 M3/H DE ARGAMASSA EM PANOS DE FACHADA COM PRESENÇA DE VÃOS, ESPESSURA MAIOR OU IGUAL A 50 MM. AF_08/2022","M2",191.79,87791,null,187.19,191.79]
[null,87792,"EMBOÇO OU MASSA ÚNICA EM ARGAMASSA TRAÇO 1:2:8, PREPARO MECÂNICO COM BETONEIRA 400 L, APLICADA MANUALMENTE EM PANOS CEGOS DE FACHADA (SEM PRESENÇA DE VÃOS), ESPESSURA DE 25 MM. AF_08/2022","M2",39.96,87792,null,37.79,39.96]
[null,87794,"EMBOÇO OU MASSA ÚNICA EM ARGAMASSA TRAÇO 1:2:8, PREPARO MANUAL, APLICADA MANUALMENTE EM PANOS CEGOS DE FACHADA (SEM PRESENÇA DE VÃOS), ESPESSURA DE 25 MM. AF_09/2022","M2",43.62,87794,null,41.08,43.62]
[null,87795,"EMBOÇO OU MASSA ÚNICA EM ARGAMASSA INDUSTRIALIZADA, PREPARO MECÂNICO E APLICAÇÃO COM EQUIPAMENTO DE MISTURA E PROJEÇÃO DE 1,5 M3/H DE ARGAMASSA EM PANOS CEGOS DE FACHADA (SEM PRESENÇA DE VÃOS), ESPESSURA DE 25 MM. AF_08/2022","M2",95.41,87795,null,93.42,95.41]
[null,87797,"EMBOÇO OU MASSA ÚNICA EM ARGAMASSA TRAÇO 1:2:8, PREPARO MECÂNICO COM BETONEIRA 400 L, APLICADA MANUALMENTE EM PANOS CEGOS DE FACHADA (SEM PRESENÇA DE VÃOS), ESPESSURA DE 35 MM. AF_08/2022","M2",54.75,87797,null,51.6,54.75]
[null,87799,"EMBOÇO OU MASSA ÚNICA EM ARGAMASSA TRAÇO 1:2:8, PREPARO MANUAL, APLICADA MANUALMENTE EM PANOS CEGOS DE FACHADA (SEM PRESENÇA DE VÃOS), ESPESSURA DE 35 MM. AF_08/2022","M2",59.66,87799,null,56.01,59.66]
[null,87800,"EMBOÇO OU MASSA ÚNICA EM ARGAMASSA INDUSTRIALIZADA, PREPARO MECÂNICO E APLICAÇÃO COM EQUIPAMENTO DE MISTURA E PROJEÇÃO DE 1,5 M3/H DE ARGAMASSA EM PANOS CEGOS DE FACHADA (SEM PRESENÇA DE VÃOS), ESPESSURA DE 35 MM. AF_08/2022","M2",128.87,87800,null,125.99,128.87]
[null,87801,"EMBOÇO OU MASSA ÚNICA EM ARGAMASSA TRAÇO 1:2:8, PREPARO MECÂNICO COM BETONEIRA 400 L, APLICADA MANUALMENTE EM PANOS CEGOS DE FACHADA (SEM PRESENÇA DE VÃOS), ESPESSURA DE 45 MM. AF_08/2022","M2",60.76,87801,null,57.52,60.76]
[null,87803,"EMBOÇO OU MASSA ÚNICA EM ARGAMASSA TRAÇO 1:2:8, PREPARO MANUAL, APLICADA MANUALMENTE EM PANOS CEGOS DE FACHADA (SEM PRESENÇA DE VÃOS), ESPESSURA DE 45 MM. AF_08/2022","M2",66.92,87803,null,63.05,66.92]
[null,87804,"EMBOÇO OU MASSA ÚNICA EM ARGAMASSA INDUSTRIALIZADA, PREPARO MECÂNICO E APLICAÇÃO COM EQUIPAMENTO DE MISTURA E PROJEÇÃO DE 1,5 M3/H DE ARGAMASSA EM PANOS CEGOS DE FACHADA (SEM PRESENÇA DE VÃOS), ESPESSURA DE 45 MM. AF_08/2022","M2",154.38,87804,null,151.41999999999999,154.38]
[null,87805,"EMBOÇO OU MASSA ÚNICA EM ARGAMASSA TRAÇO 1:2:8, PREPARO MECÂNICO COM BETONEIRA 400 L, APLICADA MANUALMENTE EM PANOS CEGOS DE FACHADA (SEM PRESENÇA DE VÃOS), ESPESSURA MAIOR OU IGUAL A 50 MM. AF_08/2022","M2",66.28,87805,null,62.75,66.28]
[null,87807,"EMBOÇO OU MASSA ÚNICA EM ARGAMASSA TRAÇO 1:2:8, PREPARO MANUAL, APLICADA MANUALMENTE EM PANOS CEGOS DE FACHADA (SEM PRESENÇA DE VÃOS), ESPESSURA MAIOR OU IGUAL A 50 MM. AF_08/2022","M2",73.069999999999993,87807,null,68.83,73.069999999999993]
[null,87808,"EMBOÇO OU MASSA ÚNICA EM ARGAMASSA INDUSTRIALIZADA, PREPARO MECÂNICO E APLICAÇÃO COM EQUIPAMENTO DE MISTURA E PROJEÇÃO DE 1,5 M3/H DE ARGAMASSA EM PANOS CEGOS DE FACHADA (SEM PRESENÇA DE VÃOS), ESPESSURA MAIOR OU IGUAL A 50 MM. AF_08/2022","M2",166.49,87808,null,163.55000000000001,166.49]
[null,87809,"EMBOÇO OU MASSA ÚNICA EM ARGAMASSA TRAÇO 1:2:8, PREPARO MECÂNICO COM BETONEIRA 400 L, APLICADA MANUALMENTE EM SUPERFÍCIES EXTERNAS DA SACADA, ESPESSURA DE 25 MM, SEM USO DE TELA METÁLICA DE REFORÇO CONTRA FISSURAÇÃO. AF_08/2022","M2",73.45,87809,null,67.53,73.45]
[null,87811,"EMBOÇO OU MASSA ÚNICA EM ARGAMASSA TRAÇO 1:2:8, PREPARO MANUAL, APLICADA MANUALMENTE EM SUPERFÍCIES EXTERNAS DA SACADA, ESPESSURA DE 25 MM, SEM USO DE TELA METÁLICA DE REFORÇO CONTRA FISSURAÇÃO. AF_08/2022","M2",77.11,87811,null,70.819999999999993,77.11]
[null,87812,"EMBOÇO OU MASSA ÚNICA EM ARGAMASSA INDUSTRIALIZADA, PREPARO MECÂNICO E APLICAÇÃO COM EQUIPAMENTO DE MISTURA E PROJEÇÃO DE 1,5 M3/H EM SUPERFÍCIES EXTERNAS DA SACADA, ESPESSURA 25 MM, SEM USO DE TELA METÁLICA. AF_08/2022","M2",125.51,87812,null,120.1,125.51]
[null,87813,"EMBOÇO OU MASSA ÚNICA EM ARGAMASSA TRAÇO 1:2:8, PREPARO MECÂNICO COM BETONEIRA 400 L, APLICADA MANUALMENTE EM SUPERFÍCIES EXTERNAS DA SACADA, ESPESSURA DE 35 MM, SEM USO DE TELA METÁLICA DE REFORÇO CONTRA FISSURAÇÃO. AF_08/2022","M2",88.24,87813,null,81.34,88.24]
[null,87815,"EMBOÇO OU MASSA ÚNICA EM ARGAMASSA TRAÇO 1:2:8, PREPARO MANUAL, APLICADA MANUALMENTE EM SUPERFÍCIES EXTERNAS DA SACADA, ESPESSURA DE 35 MM, SEM USO DE TELA METÁLICA DE REFORÇO CONTRA FISSURAÇÃO. AF_08/2022","M2",93.15,87815,null,85.75,93.15]
[null,87816,"EMBOÇO OU MASSA ÚNICA EM ARGAMASSA INDUSTRIALIZADA, PREPARO MECÂNICO E APLICAÇÃO COM EQUIPAMENTO DE MISTURA E PROJEÇÃO DE 1,5 M3/H EM SUPERFÍCIES EXTERNAS DA SACADA, ESPESSURA 35 MM, SEM USO DE TELA METÁLICA. AF_08/2022","M2",159,87816,null,152.72,159]
[null,87817,"EMBOÇO OU MASSA ÚNICA EM ARGAMASSA TRAÇO 1:2:8, PREPARO MECÂNICO COM BETONEIRA 400 L, APLICADA MANUALMENTE EM SUPERFÍCIES EXTERNAS DA SACADA, ESPESSURA DE 45 MM, SEM USO DE TELA METÁLICA DE REFORÇO CONTRA FISSURAÇÃO. AF_08/2022","M2",94.25,87817,null,87.26,94.25]
[null,87819,"EMBOÇO OU MASSA ÚNICA EM ARGAMASSA TRAÇO 1:2:8, PREPARO MANUAL, APLICADA MANUALMENTE EM SUPERFÍCIES EXTERNAS DA SACADA, ESPESSURA DE 45 MM, SEM USO DE TELA METÁLICA DE REFORÇO CONTRA FISSURAÇÃO. AF_08/2022","M2",100.41,87819,null,92.79,100.41]
[null,87820,"EMBOÇO OU MASSA ÚNICA EM ARGAMASSA INDUSTRIALIZADA, PREPARO MECÂNICO E APLICAÇÃO COM EQUIPAMENTO DE MISTURA E PROJEÇÃO DE 1,5 M3/H EM SUPERFÍCIES EXTERNAS DA SACADA, ESPESSURA 45 MM, SEM USO DE TELA METÁLICA. AF_08/2022","M2",184.51,87820,null,178.15,184.51]
[null,87821,"EMBOÇO OU MASSA ÚNICA EM ARGAMASSA TRAÇO 1:2:8, PREPARO MECÂNICO COM BETONEIRA 400 L, APLICADA MANUALMENTE EM SUPERFÍCIES EXTERNAS DA SACADA, ESPESSURA MAIOR OU IGUAL A 50 MM, SEM USO DE TELA METÁLICA DE REFORÇO CONTRA FISSURAÇÃO. AF_08/2022","M2",121.92,87821,null,112.39,121.92]
[null,87823,"EMBOÇO OU MASSA ÚNICA EM ARGAMASSA TRAÇO 1:2:8, PREPARO MANUAL, APLICADA MANUALMENTE EM SUPERFÍCIES EXTERNAS DA SACADA, ESPESSURA MAIOR OU IGUAL A 50 MM, SEM USO DE TELA METÁLICA DE REFORÇO CONTRA FISSURAÇÃO. AF_08/2022","M2",128.71,87823,null,118.47,128.71]
[null,87824,"EMBOÇO OU MASSA ÚNICA EM ARGAMASSA INDUSTRIALIZADA, PREPARO MECÂNICO E APLICAÇÃO COM EQUIPAMENTO DE MISTURA E PROJEÇÃO DE 1,5 M3/H EM SUPERFÍCIES EXTERNAS DA SACADA, ESPESSURA MAIOR OU IGUAL A 50 MM, SEM USO DE TELA METÁLICA. AF_08/2022","M2",210.97,87824,null,203.17,210.97]
[null,87825,"EMBOÇO OU MASSA ÚNICA EM ARGAMASSA TRAÇO 1:2:8, PREPARO MECÂNICO COM BETONEIRA 400 L, APLICADA MANUALMENTE NAS PAREDES INTERNAS DA SACADA, ESPESSURA DE 25 MM, SEM USO DE TELA METÁLICA DE REFORÇO CONTRA FISSURAÇÃO. AF_08/2022","M2",69.2,87825,null,64.040000000000006,69.2]
[null,87827,"EMBOÇO OU MASSA ÚNICA EM ARGAMASSA TRAÇO 1:2:8, PREPARO MANUAL, APLICADA MANUALMENTE NAS PAREDES INTERNAS DA SACADA, ESPESSURA DE 25 MM, SEM USO DE TELA METÁLICA DE REFORÇO CONTRA FISSURAÇÃO. AF_08/2022","M2",73.680000000000007,87827,null,68.06,73.680000000000007]
[null,87828,"EMBOÇO OU MASSA ÚNICA EM ARGAMASSA INDUSTRIALIZADA, PREPARO MECÂNICO E APLICAÇÃO COM EQUIPAMENTO DE MISTURA E PROJEÇÃO DE 1,5 M3/H NAS PAREDES INTERNAS DA SACADA, ESPESSURA 25 MM, SEM USO DE TELA METÁLICA. AF_08/2022","M2",134.94999999999999,87828,null,130.25,134.94999999999999]
[null,87829,"EMBOÇO OU MASSA ÚNICA EM ARGAMASSA TRAÇO 1:2:8, PREPARO MECÂNICO COM BETONEIRA 400 L, APLICADA MANUALMENTE NAS PAREDES INTERNAS DA SACADA, ESPESSURA DE 35 MM, SEM USO DE TELA METÁLICA DE REFORÇO CONTRA FISSURAÇÃO. AF_08/2022","M2",84.02,87829,null,78,84.02]
[null,87831,"EMBOÇO OU MASSA ÚNICA EM ARGAMASSA TRAÇO 1:2:8, PREPARO MANUAL, APLICADA MANUALMENTE NAS PAREDES INTERNAS DA SACADA, ESPESSURA DE 35 MM, SEM USO DE TELA METÁLICA DE REFORÇO CONTRA FISSURAÇÃO. AF_08/2022","M2",90.03,87831,null,83.39,90.03]
[null,87832,"EMBOÇO OU MASSA ÚNICA EM ARGAMASSA INDUSTRIALIZADA, PREPARO MECÂNICO E APLICAÇÃO COM EQUIPAMENTO DE MISTURA E PROJEÇÃO DE 1,5 M3/H DE ARGAMASSA NAS PAREDES INTERNAS DA SACADA, ESPESSURA 35 MM, SEM USO DE TELA METÁLICA. AF_08/2022","M2",172.86,87832,null,167.38,172.86]
[null,87838,"REVESTIMENTO DECORATIVO MONOCAMADA EXECUTADO MANUALMENTE EM FACHADA DE UM EDIFÍCIO DE ESTRUTURA CONVENCIONAL E ACABAMENTO RASPADO. AF_03/2024","M2",274.25,87838,null,271.79000000000002,274.25]
[null,87839,"REVESTIMENTO DECORATIVO MONOCAMADA EXECUTADO MANUALMENTE EM FACHADA DE UM EDIFÍCIO DE ALVENARIA ESTRUTURAL E ACABAMENTO RASPADO. AF_03/2024","M2",195.35,87839,null,193.23,195.35]
[null,87840,"REVESTIMENTO DECORATIVO MONOCAMADA EXECUTADO COM EQUIPAMENTO DE PROJEÇÃO EM FACHADA DE UM EDIFÍCIO DE ESTRUTURA CONVENCIONAL E ACABAMENTO RASPADO. AF_03/2024","M2",267.33,87840,null,265.44,267.33]
[null,87841,"REVESTIMENTO DECORATIVO MONOCAMADA EXECUTADO COM EQUIPAMENTO DE PROJEÇÃO EM FACHADA DE UM EDIFÍCIO DE ALVENARIA ESTRUTURAL E ACABAMENTO RASPADO. AF_03/2024","M2",189.18,87841,null,187.62,189.18]
[null,87850,"REVESTIMENTO DECORATIVO MONOCAMADA EXECUTADO MANUALMENTE EM FACHADA DE UM EDIFÍCIO DE ESTRUTURA CONVENCIONAL E ACABAMENTO TRAVERTINO. AF_03/2024","M2",295.82,87850,null,293.02999999999997,295.82]
[null,87851,"REVESTIMENTO DECORATIVO MONOCAMADA EXECUTADO MANUALMENTE EM FACHADA DE UM EDIFÍCIO DE ALVENARIA ESTRUTURAL E ACABAMENTO TRAVERTINO. AF_03/2024","M2",216.92,87851,null,214.49,216.92]
[null,87852,"REVESTIMENTO DECORATIVO MONOCAMADA EXECUTADO COM EQUIPAMENTO DE PROJEÇÃO EM FACHADA DE UM EDIFÍCIO DE ESTRUTURA CONVENCIONAL E ACABAMENTO TRAVERTINO. AF_03/2024","M2",288.58999999999997,87852,null,286.44,288.58999999999997]
[null,87853,"REVESTIMENTO DECORATIVO MONOCAMADA EXECUTADO COM EQUIPAMENTO DE PROJEÇÃO EM FACHADA DE UM EDIFÍCIO DE ALVENARIA ESTRUTURAL E ACABAMENTO TRAVERTINO. AF_03/2024","M2",210.44,87853,null,208.63,210.44]
[null,90406,"MASSA ÚNICA, EM ARGAMASSA TRAÇO 1:2:8, PREPARO MECÂNICO, APLICADA MANUALMENTE EM TETO, E = 17,5MM, COM TALISCAS. AF_03/2024","M2",41.41,90406,null,38.770000000000003,41.41]
[null,90408,"MASSA ÚNICA, EM ARGAMASSA TRAÇO 1:2:8, PREPARO MECÂNICO, APLICADA MANUALMENTE EM TETO, E = 10MM, COM TALISCAS. AF_03/2024","M2",30.69,90408,null,28.58,30.69]
[null,104203,"EMBOÇO OU MASSA ÚNICA EM ARGAMASSA TRAÇO 1:2:8, PREPARO MECÂNICA COM BETONEIRA 400 L, APLICADA COM PROJETOR TIPO CANEQUINHA EM PANOS DE FACHADA COM PRESENÇA DE VÃOS, ESPESSURA DE 25 MM, ACESSO POR BALANCIM MANUAL. AF_08/2022","M2",57.68,104203,null,54.54,57.68]
[null,104204,"EMBOÇO OU MASSA ÚNICA EM ARGAMASSA TRAÇO 1:2:8, PREPARO MECÂNICA COM BETONEIRA 400 L, APLICADA COM PROJETOR TIPO CANEQUINHA EM PANOS DE FACHADA COM PRESENÇA DE VÃOS, ESPESSURA DE 35 MM, ACESSO POR BALANCIM MANUAL. AF_08/2022","M2",74.38,104204,null,70.319999999999993,74.38]
[null,104205,"EMBOÇO OU MASSA ÚNICA EM ARGAMASSA TRAÇO 1:2:8, PREPARO MECÂNICA COM BETONEIRA 400 L, APLICADA COM PROJETOR TIPO CANEQUINHA EM PANOS DE FACHADA COM PRESENÇA DE VÃOS, ESPESSURA DE 45 MM, ACESSO POR BALANCIM MANUAL. AF_08/2022","M2",81.52,104205,null,77.36,81.52]
[null,104206,"EMBOÇO OU MASSA ÚNICA EM ARGAMASSA TRAÇO 1:2:8, PREPARO MECÂNICA COM BETONEIRA 400 L, APLICADA COM PROJETOR TIPO CANEQUINHA EM PANOS DE FACHADA COM PRESENÇA DE VÃOS, ESPESSURA DE 50 MM, ACESSO POR BALANCIM MANUAL. AF_08/2022","M2",89.96,104206,null,85.33,89.96]
[null,104207,"EMBOÇO OU MASSA ÚNICA EM ARGAMASSA TRAÇO 1:2:8, PREPARO MECÂNICA COM BETONEIRA 400 L, APLICADA COM PROJETOR TIPO CANEQUINHA EM PANOS DE FACHADA SEM PRESENÇA DE VÃOS, ESPESSURA DE 25 MM, ACESSO POR BALANCIM MANUAL. AF_08/2022","M2",43.39,104207,null,41.39,43.39]
[null,104208,"EMBOÇO OU MASSA ÚNICA EM ARGAMASSA TRAÇO 1:2:8, PREPARO MECÂNICA COM BETONEIRA 400 L, APLICADA COM PROJETOR TIPO CANEQUINHA EM PANOS DE FACHADA SEM PRESENÇA DE VÃOS, ESPESSURA DE 35 MM, ACESSO POR BALANCIM MANUAL. AF_08/2022","M2",59.61,104208,null,56.71,59.61]
[null,104209,"EMBOÇO OU MASSA ÚNICA EM ARGAMASSA TRAÇO 1:2:8, PREPARO MECÂNICA COM BETONEIRA 400 L, APLICADA COM PROJETOR TIPO CANEQUINHA EM PANOS DE FACHADA SEM PRESENÇA DE VÃOS, ESPESSURA DE 45 MM, ACESSO POR BALANCIM MANUAL. AF_08/2022","M2",66.33,104209,null,63.34,66.33]
[null,104210,"EMBOÇO OU MASSA ÚNICA EM ARGAMASSA TRAÇO 1:2:8, PREPARO MECÂNICA COM BETONEIRA 400 L, APLICADA COM PROJETOR TIPO CANEQUINHA EM PANOS DE FACHADA SEM PRESENÇA DE VÃOS, ESPESSURA DE 50 MM, ACESSO POR BALANCIM MANUAL. AF_08/2022","M2",68.900000000000006,104210,null,65.94,68.900000000000006]
[null,104211,"EMBOÇO OU MASSA ÚNICA EM ARGAMASSA TRAÇO 1:2:8, PREPARO MECÂNICA COM BETONEIRA 400 L, APLICADA COM PROJETOR TIPO CANEQUINHA EM SUPERFÍCIES EXTERNAS DA SACADA, ESPESSURA DE 25 MM, ACESSO POR BALANCIM MANUAL, SEM USO DE TELA METÁLICA. AF_08/2022","M2",80.11,104211,null,74.69,80.11]
[null,104212,"EMBOÇO OU MASSA ÚNICA EM ARGAMASSA TRAÇO 1:2:8, PREPARO MECÂNICA COM BETONEIRA 400 L, APLICADA COM PROJETOR TIPO CANEQUINHA EM SUPERFÍCIES EXTERNAS DA SACADA, ESPESSURA DE 35 MM, ACESSO POR BALANCIM MANUAL, SEM USO DE TELA METÁLICA. AF_08/2022","M2",96.38,104212,null,90.08,96.38]
[null,104213,"EMBOÇO OU MASSA ÚNICA EM ARGAMASSA TRAÇO 1:2:8, PREPARO MECÂNICA COM BETONEIRA 400 L, APLICADA COM PROJETOR TIPO CANEQUINHA EM SUPERFÍCIES EXTERNAS DA SACADA, ESPESSURA DE 45 MM, ACESSO POR BALANCIM MANUAL, SEM USO DE TELA METÁLICA. AF_08/2022","M2",103.09,104213,null,96.7,103.09]
[null,104214,"EMBOÇO OU MASSA ÚNICA EM ARGAMASSA TRAÇO 1:2:8, PREPARO MECÂNICA COM BETONEIRA 400 L, APLICADA COM PROJETOR TIPO CANEQUINHA EM SUPERFÍCIES EXTERNAS DA SACADA, ESPESSURA DE 50 MM, ACESSO POR BALANCIM MANUAL, SEM USO DE TELA METÁLICA. AF_08/2022","M2",122.84,104214,null,115.02,122.84]
[null,104215,"EMBOÇO OU MASSA ÚNICA EM ARGAMASSA TRAÇO 1:2:8, PREPARO MECÂNICA COM BETONEIRA 400 L, APLICADA COM PROJETOR TIPO CANEQUINHA EM SUPERFÍCIES INTERNAS DA SACADA, ESPESSURA DE 25 MM,  SEM USO DE TELA METÁLICA. AF_08/2022","M2",75.23,104215,null,70.510000000000005,75.23]
[null,104216,"EMBOÇO OU MASSA ÚNICA EM ARGAMASSA TRAÇO 1:2:8, PREPARO MECÂNICA COM BETONEIRA 400 L, APLICADA COM PROJETOR TIPO CANEQUINHA EM SUPERFÍCIES INTERNAS DA SACADA, ESPESSURA DE 35 MM, SEM USO DE TELA METÁLICA. AF_08/2022","M2",91.38,104216,null,85.87,91.38]
[null,104217,"EMBOÇO OU MASSA ÚNICA EM ARGAMASSA TRAÇO 1:2:8, PREPARO MECÂNICA COM BETONEIRA 400 L, APLICADA MANUALMENTE EM PANOS DE FACHADA COM PRESENÇA DE VÃOS, ESPESSURA DE 25 MM, ACESSO POR ANDAIME. AF_08/2022","M2",49.61,104217,null,46.54,49.61]
[null,104218,"EMBOÇO OU MASSA ÚNICA EM ARGAMASSA TRAÇO 1:2:8, PREPARO MANUAL, APLICADA MANUALMENTE EM PANOS DE FACHADA COM PRESENÇA DE VÃOS, ESPESSURA DE 25 MM, ACESSO POR ANDAIME. AF_08/2022","M2",{"$f":"IF($K$2=$H$1,H6723,I6723)","v":53.54},{"$f":"IF(LEN($B6723)=7,CONCATENATE(MID($B6723,1,6),\"00\",RIGHT($B6723,1)),IF(LEN($B6723)=8,CONCATENATE(MID($B6723,1,6),\"0\",RIGHT($B6723,2)),$B6723))","v":104218},null,50.06,53.54]
[null,104219,"EMBOÇO OU MASSA ÚNICA EM ARGAMASSA INDUSTRIALIZADA, PREPARO MECÂNICA E APLICAÇÃO COM EQUIPAMENTO DE MISTURA E PROJEÇÃO DE 1,5 M3/H DE ARGAMASSA EM PANOS DE FACHADA COM PRESENÇA DE VÃOS, ESPESSURA DE 25 MM, ACESSO POR ANDAIME. AF_08/2022","M2",108.37,104219,null,105.56,108.37]
[null,104220,"EMBOÇO OU MASSA ÚNICA EM ARGAMASSA TRAÇO 1:2:8, PREPARO MECÂNICA COM BETONEIRA 400 L, APLICADA COM PROJETOR TIPO CANEQUINHA EM PANOS DE FACHADA COM PRESENÇA DE VÃOS, ESPESSURA DE 25 MM, ACESSO POR ANDAIME. AF_08/2022","M2",53.84,104220,null,51.02,53.84]
[null,104221,"EMBOÇO OU MASSA ÚNICA EM ARGAMASSA TRAÇO 1:2:8, PREPARO MECÂNICA COM BETONEIRA 400 L, APLICADA MANUALMENTE EM PANOS DE FACHADA COM PRESENÇA DE VÃOS, ESPESSURA DE 35 MM, ACESSO POR ANDAIME. AF_08/2022","M2",63.76,104221,null,59.8,63.76]
[null,104222,"EMBOÇO OU MASSA ÚNICA EM ARGAMASSA TRAÇO 1:2:8, PREPARO MANUAL, APLICADA MANUALMENTE EM PANOS DE FACHADA COM PRESENÇA DE VÃOS, ESPESSURA DE 35 MM, ACESSO POR ANDAIME. AF_08/2022","M2",69.02,104222,null,64.52,69.02]
[null,104223,"EMBOÇO OU MASSA ÚNICA EM ARGAMASSA INDUSTRIALIZADA, PREPARO MECÂNICA E APLICAÇÃO COM EQUIPAMENTO DE MISTURA E PROJEÇÃO DE 1,5 M3/H DE ARGAMASSA EM PANOS DE FACHADA COM PRESENÇA DE VÃOS, ESPESSURA DE 35 MM, ACESSO POR ANDAIME. AF_08/2022","M2",142.69999999999999,104223,null,139.08000000000001,142.69999999999999]
[null,104224,"EMBOÇO OU MASSA ÚNICA EM ARGAMASSA TRAÇO 1:2:8, PREPARO MECÂNICA COM BETONEIRA 400 L, APLICADA COM PROJETOR TIPO CANEQUINHA EM PANOS DE FACHADA COM PRESENÇA DE VÃOS, ESPESSURA DE 35 MM, ACESSO POR ANDAIME. AF_08/2022","M2",69.38,104224,null,65.739999999999995,69.38]
[null,104225,"EMBOÇO OU MASSA ÚNICA EM ARGAMASSA TRAÇO 1:2:8, PREPARO MECÂNICA COM BETONEIRA 400 L, APLICADA MANUALMENTE EM PANOS DE FACHADA COM PRESENÇA DE VÃOS, ESPESSURA DE 45 MM, ACESSO POR ANDAIME. AF_08/2022","M2",70.19,104225,null,66.13,70.19]
[null,104226,"EMBOÇO OU MASSA ÚNICA EM ARGAMASSA TRAÇO 1:2:8, PREPARO MANUAL, APLICADA MANUALMENTE EM PANOS DE FACHADA COM PRESENÇA DE VÃOS, ESPESSURA DE 45 MM, ACESSO POR ANDAIME. AF_08/2022","M2",76.790000000000006,104226,null,72.05,76.790000000000006]
[null,104227,"EMBOÇO OU MASSA ÚNICA EM ARGAMASSA INDUSTRIALIZADA, PREPARO MECÂNICA E APLICAÇÃO COM EQUIPAMENTO DE MISTURA E PROJEÇÃO DE 1,5 M3/H DE ARGAMASSA EM PANOS DE FACHADA COM PRESENÇA DE VÃOS, ESPESSURA DE 45 MM, ACESSO POR ANDAIME. AF_08/2022","M2",170,104227,null,166.29,170]
[null,104228,"EMBOÇO OU MASSA ÚNICA EM ARGAMASSA TRAÇO 1:2:8, PREPARO MECÂNICA COM BETONEIRA 400 L, APLICADA COM PROJETOR TIPO CANEQUINHA EM PANOS DE FACHADA COM PRESENÇA DE VÃOS, ESPESSURA DE 45 MM, ACESSO POR ANDAIME. AF_08/2022","M2",76.52,104228,null,72.78,76.52]
[null,104229,"EMBOÇO OU MASSA ÚNICA EM ARGAMASSA TRAÇO 1:2:8, PREPARO MECÂNICA COM BETONEIRA 400 L, APLICADA MANUALMENTE EM PANOS DE FACHADA COM PRESENÇA DE VÃOS, ESPESSURA DE 50 MM, ACESSO POR ANDAIME. AF_08/2022","M2",82.2,104229,null,77.2,82.2]
[null,104230,"EMBOÇO OU MASSA ÚNICA EM ARGAMASSA TRAÇO 1:2:8, PREPARO MANUAL, APLICADA MANUALMENTE EM PANOS DE FACHADA COM PRESENÇA DE VÃOS, ESPESSURA DE 50 MM, ACESSO POR ANDAIME. AF_08/2022","M2",89.46,104230,null,83.71,89.46]
[null,104231,"EMBOÇO OU MASSA ÚNICA EM ARGAMASSA INDUSTRIALIZADA, PREPARO MECÂNICA E APLICAÇÃO COM EQUIPAMENTO DE MISTURA E PROJEÇÃO DE 1,5 M3/H DE ARGAMASSA EM PANOS DE FACHADA COM PRESENÇA DE VÃOS, ESPESSURA DE 50 MM, ACESSO POR ANDAIME. AF_08/2022","M2",187.19,104231,null,183.07,187.19]
[null,104232,"EMBOÇO OU MASSA ÚNICA EM ARGAMASSA TRAÇO 1:2:8, PREPARO MECÂNICA COM BETONEIRA 400 L, APLICADA COM PROJETOR TIPO CANEQUINHA EM PANOS DE FACHADA COM PRESENÇA DE VÃOS, ESPESSURA DE 50 MM, ACESSO POR ANDAIME. AF_08/2022","M2",84.45,104232,null,80.3,84.45]
[null,104233,"EMBOÇO OU MASSA ÚNICA EM ARGAMASSA TRAÇO 1:2:8, PREPARO MECÂNICA COM BETONEIRA 400 L, APLICADA MANUALMENTE EM PANOS DE FACHADA SEM PRESENÇA DE VÃOS, ESPESSURA DE 25 MM, ACESSO POR ANDAIME. AF_08/2022","M2",37.85,104233,null,35.89,37.85]
[null,104234,"EMBOÇO OU MASSA ÚNICA EM ARGAMASSA TRAÇO 1:2:8, PREPARO MANUAL, APLICADA MANUALMENTE EM PANOS DE FACHADA SEM PRESENÇA DE VÃOS, ESPESSURA DE 25 MM, ACESSO POR ANDAIME. AF_08/2022","M2",41.51,104234,null,39.18,41.51]
[null,104235,"EMBOÇO OU MASSA ÚNICA EM ARGAMASSA INDUSTRIALIZADA, PREPARO MECÂNICA E APLICAÇÃO COM EQUIPAMENTO DE MISTURA E PROJEÇÃO DE 1,5 M3/H DE ARGAMASSA EM PANOS DE FACHADA SEM PRESENÇA DE VÃOS, ESPESSURA DE 25 MM, ACESSO POR ANDAIME. AF_08/2022","M2",93.43,104235,null,91.65,93.43]
[null,104236,"EMBOÇO OU MASSA ÚNICA EM ARGAMASSA TRAÇO 1:2:8, PREPARO MECÂNICA COM BETONEIRA 400 L, APLICADA COM PROJETOR TIPO CANEQUINHA EM PANOS DE FACHADA SEM PRESENÇA DE VÃOS, ESPESSURA DE 25 MM, ACESSO POR ANDAIME. AF_08/2022","M2",41.02,104236,null,39.229999999999997,41.02]
[null,104237,"EMBOÇO OU MASSA ÚNICA EM ARGAMASSA TRAÇO 1:2:8, PREPARO MECÂNICA COM BETONEIRA 400 L, APLICADA MANUALMENTE EM PANOS DE FACHADA SEM PRESENÇA DE VÃOS, ESPESSURA DE 35 MM, ACESSO POR ANDAIME. AF_08/2022","M2",51.62,104237,null,48.78,51.62]
[null,104238,"EMBOÇO OU MASSA ÚNICA EM ARGAMASSA TRAÇO 1:2:8, PREPARO MANUAL, APLICADA MANUALMENTE EM PANOS DE FACHADA SEM PRESENÇA DE VÃOS, ESPESSURA DE 35 MM, ACESSO POR ANDAIME. AF_08/2022","M2",56.53,104238,null,53.19,56.53]
[null,104239,"EMBOÇO OU MASSA ÚNICA EM ARGAMASSA INDUSTRIALIZADA, PREPARO MECÂNICA E APLICAÇÃO COM EQUIPAMENTO DE MISTURA E PROJEÇÃO DE 1,5 M3/H DE ARGAMASSA EM PANOS DE FACHADA SEM PRESENÇA DE VÃOS, ESPESSURA DE 35 MM, ACESSO POR ANDAIME. AF_08/2022","M2",126.02,104239,null,123.43,126.02]
[null,104240,"EMBOÇO OU MASSA ÚNICA EM ARGAMASSA TRAÇO 1:2:8, PREPARO MECÂNICA COM BETONEIRA 400 L, APLICADA COM PROJETOR TIPO CANEQUINHA EM PANOS DE FACHADA SEM PRESENÇA DE VÃOS, ESPESSURA DE 35 MM, ACESSO POR ANDAIME. AF_08/2022","M2",56.2,104240,null,53.59,56.2]
[null,104241,"EMBOÇO OU MASSA ÚNICA EM ARGAMASSA TRAÇO 1:2:8, PREPARO MECÂNICA COM BETONEIRA 400 L, APLICADA MANUALMENTE EM PANOS DE FACHADA SEM PRESENÇA DE VÃOS, ESPESSURA DE 45 MM, ACESSO POR ANDAIME. AF_08/2022","M2",57.63,104241,null,54.7,57.63]
[null,104242,"EMBOÇO OU MASSA ÚNICA EM ARGAMASSA TRAÇO 1:2:8, PREPARO MANUAL, APLICADA MANUALMENTE EM PANOS DE FACHADA SEM PRESENÇA DE VÃOS, ESPESSURA DE 45 MM, ACESSO POR ANDAIME. AF_08/2022","M2",63.79,104242,null,60.23,63.79]
[null,104243,"EMBOÇO OU MASSA ÚNICA EM ARGAMASSA INDUSTRIALIZADA, PREPARO MECÂNICA E APLICAÇÃO COM EQUIPAMENTO DE MISTURA E PROJEÇÃO DE 1,5 M3/H DE ARGAMASSA EM PANOS DE FACHADA SEM PRESENÇA DE VÃOS, ESPESSURA DE 45 MM, ACESSO POR ANDAIME. AF_08/2022","M2",151.53,104243,null,148.86000000000001,151.53]
[null,104244,"EMBOÇO OU MASSA ÚNICA EM ARGAMASSA TRAÇO 1:2:8, PREPARO MECÂNICA COM BETONEIRA 400 L, APLICADA COM PROJETOR TIPO CANEQUINHA EM PANOS DE FACHADA SEM PRESENÇA DE VÃOS, ESPESSURA DE 45 MM, ACESSO POR ANDAIME. AF_08/2022","M2",62.92,104244,null,60.22,62.92]
[null,104245,"EMBOÇO OU MASSA ÚNICA EM ARGAMASSA TRAÇO 1:2:8, PREPARO MECÂNICA COM BETONEIRA 400 L, APLICADA MANUALMENTE EM PANOS DE FACHADA SEM PRESENÇA DE VÃOS, ESPESSURA DE 50 MM, ACESSO POR ANDAIME. AF_08/2022","M2",62.83,104245,null,59.65,62.83]
[null,104246,"EMBOÇO OU MASSA ÚNICA EM ARGAMASSA TRAÇO 1:2:8, PREPARO MANUAL, APLICADA MANUALMENTE EM PANOS DE FACHADA SEM PRESENÇA DE VÃOS, ESPESSURA DE 50 MM, ACESSO POR ANDAIME. AF_08/2022","M2",69.62,104246,null,65.73,69.62]
[null,104247,"EMBOÇO OU MASSA ÚNICA EM ARGAMASSA INDUSTRIALIZADA, PREPARO MECÂNICA E APLICAÇÃO COM EQUIPAMENTO DE MISTURA E PROJEÇÃO DE 1,5 M3/H DE ARGAMASSA EM PANOS DE FACHADA SEM PRESENÇA DE VÃOS, ESPESSURA DE 50 MM, ACESSO POR ANDAIME. AF_08/2022","M2",163.74,104247,null,161.07,163.74]
[null,104248,"EMBOÇO OU MASSA ÚNICA EM ARGAMASSA TRAÇO 1:2:8, PREPARO MECÂNICA COM BETONEIRA 400 L, APLICADA COM PROJETOR TIPO CANEQUINHA EM PANOS DE FACHADA SEM PRESENÇA DE VÃOS, ESPESSURA DE 50 MM, ACESSO POR ANDAIME. AF_08/2022","M2",65.61,104248,null,62.92,65.61]
[null,104249,"EMBOÇO OU MASSA ÚNICA EM ARGAMASSA TRAÇO 1:2:8, PREPARO MECÂNICA COM BETONEIRA 400 L, APLICADA MANUALMENTE EM SUPERFÍCIES EXTERNAS DA SACADA, ESPESSURA DE 25 MM, ACESSO POR ANDAIME, SEM USO DE TELA METÁLICA. AF_08/2022","M2",67.02,104249,null,61.75,67.02]
[null,104250,"EMBOÇO OU MASSA ÚNICA EM ARGAMASSA TRAÇO 1:2:8, PREPARO MANUAL, APLICADA MANUALMENTE EM SUPERFÍCIES EXTERNAS DA SACADA, ESPESSURA DE 25 MM, ACESSO POR ANDAIME, SEM USO DE TELA METÁLICA. AF_08/2022","M2",70.680000000000007,104250,null,65.040000000000006,70.680000000000007]
[null,104251,"EMBOÇO OU MASSA ÚNICA EM ARGAMASSA INDUSTRIALIZADA, PREPARO MECÂNICO E APLICAÇÃO COM EQUIPAMENTO DE MISTURA E PROJEÇÃO DE 1,5 M3/H, NAS SUPERFÍCIES EXTERNAS DA SACADA, ESPESSURA DE 25 MM, ACESSO POR ANDAIME, SEM USO DE TELA METÁLICA. AF_08/2022","M2",119.72,104251,null,114.9,119.72]
[null,104252,"EMBOÇO OU MASSA ÚNICA EM ARGAMASSA TRAÇO 1:2:8, PREPARO MECÂNICA COM BETONEIRA 400 L, APLICADA COM PROJETOR TIPO CANEQUINHA EM SUPERFÍCIES EXTERNAS DA SACADA, ESPESSURA DE 25 MM, ACESSO POR ANDAIME, SEM USO DE TELA METÁLICA. AF_08/2022","M2",73.180000000000007,104252,null,68.349999999999994,73.180000000000007]
[null,104253,"EMBOÇO OU MASSA ÚNICA EM ARGAMASSA TRAÇO 1:2:8, PREPARO MECÂNICA COM BETONEIRA 400 L, APLICADA MANUALMENTE EM SUPERFÍCIES EXTERNAS DA SACADA, ESPESSURA DE 35 MM, ACESSO POR ANDAIME, SEM USO DE TELA METÁLICA. AF_08/2022","M2",80.790000000000006,104253,null,74.650000000000006,80.790000000000006]
[null,104254,"EMBOÇO OU MASSA ÚNICA EM ARGAMASSA TRAÇO 1:2:8, PREPARO MANUAL, APLICADA MANUALMENTE EM SUPERFÍCIES EXTERNAS DA SACADA, ESPESSURA DE 35 MM, ACESSO POR ANDAIME, SEM USO DE TELA METÁLICA. AF_08/2022","M2",85.7,104254,null,79.06,85.7]
[null,104255,"EMBOÇO OU MASSA ÚNICA EM ARGAMASSA INDUSTRIALIZADA, PREPARO MECÂNICO E APLICAÇÃO COM EQUIPAMENTO DE MISTURA E PROJEÇÃO DE 1,5 M3/H, NAS SUPERFÍCIES EXTERNAS DA SACADA, ESPESSURA DE 35 MM, ACESSO POR ANDAIME, SEM USO DE TELA METÁLICA. AF_08/2022","M2",152.30000000000001,104255,null,146.69,152.30000000000001]
[null,104256,"EMBOÇO OU MASSA ÚNICA EM ARGAMASSA TRAÇO 1:2:8, PREPARO MECÂNICO COM BETONEIRA 400 L, APLICADA COM PROJETOR TIPO CANEQUINHA EM SUPERFÍCIES EXTERNAS DA SACADA, ESPESSURA DE 35 MM, ACESSO POR ANDAIME, SEM USO DE TELA METÁLICA. AF_08/2022","M2",88.36,104256,null,82.73,88.36]
[null,104257,"EMBOÇO OU MASSA ÚNICA EM ARGAMASSA TRAÇO 1:2:8, PREPARO MECÂNICO COM BETONEIRA 400 L, APLICADA MANUALMENTE EM SUPERFÍCIES EXTERNAS DA SACADA, ESPESSURA DE 45 MM, ACESSO POR ANDAIME, SEM USO DE TELA METÁLICA. AF_08/2022","M2",86.8,104257,null,80.569999999999993,86.8]
[null,104258,"EMBOÇO OU MASSA ÚNICA EM ARGAMASSA TRAÇO 1:2:8, PREPARO MANUAL, APLICADA MANUALMENTE EM SUPERFÍCIES EXTERNAS DA SACADA, ESPESSURA DE 45 MM, ACESSO POR ANDAIME, SEM USO DE TELA METÁLICA. AF_08/2022","M2",92.96,104258,null,86.1,92.96]
[null,104259,"EMBOÇO OU MASSA ÚNICA EM ARGAMASSA INDUSTRIALIZADA, PREPARO MECÂNICO E APLICAÇÃO COM EQUIPAMENTO DE MISTURA E PROJEÇÃO DE 1,5 M3/H, NAS SUPERFÍCIES EXTERNAS DA SACADA, ESPESSURA DE 45 MM, ACESSO POR ANDAIME, SEM USO DE TELA METÁLICA. AF_08/2022","M2",177.81,104259,null,172.12,177.81]
[null,104260,"EMBOÇO OU MASSA ÚNICA EM ARGAMASSA TRAÇO 1:2:8, PREPARO MECÂNICO COM BETONEIRA 400 L, APLICADA COM PROJETOR TIPO CANEQUINHA EM SUPERFÍCIES EXTERNAS DA SACADA, ESPESSURA DE 45 MM, ACESSO POR ANDAIME, SEM USO DE TELA METÁLICA. AF_08/2022","M2",95.07,104260,null,89.35,95.07]
[null,104261,"EMBOÇO OU MASSA ÚNICA EM ARGAMASSA TRAÇO 1:2:8, PREPARO MECÂNICO COM BETONEIRA 400 L, APLICADA MANUALMENTE EM SUPERFÍCIES EXTERNAS DA SACADA, ESPESSURA DE 50 MM, ACESSO POR ANDAIME, SEM USO DE TELA METÁLICA. AF_08/2022","M2",111.77,104261,null,103.26,111.77]
[null,104262,"EMBOÇO OU MASSA ÚNICA EM ARGAMASSA TRAÇO 1:2:8, PREPARO MANUAL, APLICADA MANUALMENTE EM SUPERFÍCIES EXTERNAS DA SACADA, ESPESSURA DE 50 MM, ACESSO POR ANDAIME, SEM USO DE TELA METÁLICA. AF_08/2022","M2",118.56,104262,null,109.34,118.56]
[null,104263,"EMBOÇO OU MASSA ÚNICA EM ARGAMASSA INDUSTRIALIZADA, PREPARO MECÂNICO E APLICAÇÃO COM EQUIPAMENTO DE MISTURA E PROJEÇÃO DE 1,5 M3/H, NAS SUPERFÍCIES EXTERNAS DA SACADA, ESPESSURA DE 50 MM, ACESSO POR ANDAIME, SEM USO DE TELA METÁLICA. AF_08/2022","M2",202.7,104263,null,195.74,202.7]
[null,104264,"EMBOÇO OU MASSA ÚNICA EM ARGAMASSA TRAÇO 1:2:8, PREPARO MECÂNICO COM BETONEIRA 400 L, APLICADA COM PROJETOR TIPO CANEQUINHA EM SUPERFÍCIES EXTERNAS DA SACADA, ESPESSURA DE 50 MM, ACESSO POR ANDAIME, SEM USO DE TELA METÁLICA. AF_08/2022","M2",112.94,104264,null,105.96,112.94]
[null,104627,"APLICAÇÃO MANUAL DE GESSO DESEMPENADO (SEM TALISCAS) EM TETO DE AMBIENTES COM PAREDES EM PÉ DIREITO DUPLO E ÁREA MAIOR QUE 10M², ESPESSURA DE 0,5CM. AF_03/2023","M2",19.55,104627,null,18.510000000000002,19.55]
[null,104628,"APLICAÇÃO MANUAL DE GESSO DESEMPENADO (SEM TALISCAS) EM TETO DE AMBIENTES COM PAREDES EM PÉ DIREITO DUPLO E ÁREA ENTRE 5M² E 10M², ESPESSURA DE 0,5CM. AF_03/2023","M2",29.17,104628,null,27.15,29.17]
[null,104629,"APLICAÇÃO MANUAL DE GESSO DESEMPENADO (SEM TALISCAS) EM TETO DE AMBIENTES COM PAREDES EM PÉ DIREITO DUPLO E ÁREA MENOR QUE 5M², ESPESSURA DE 0,5CM. AF_03/2023","M2",34.69,104629,null,32.119999999999997,34.69]
[null,104630,"APLICAÇÃO MANUAL DE GESSO DESEMPENADO (SEM TALISCAS) EM TETO DE AMBIENTES COM PAREDES EM PÉ DIREITO DUPLO E ÁREA MAIOR QUE 10M², ESPESSURA DE 1,0CM. AF_03/2023","M2",31.16,104630,null,29.68,31.16]
[null,104631,"APLICAÇÃO MANUAL DE GESSO DESEMPENADO (SEM TALISCAS) EM TETO DE AMBIENTES COM PAREDES EM PÉ DIREITO DUPLO E ÁREA ENTRE 5M² E 10M², ESPESSURA DE 1,0CM. AF_03/2023","M2",40.79,104631,null,38.31,40.79]
[null,104632,"APLICAÇÃO MANUAL DE GESSO DESEMPENADO (SEM TALISCAS) EM TETO DE AMBIENTES COM PAREDES EM PÉ DIREITO DUPLO E ÁREA MENOR QUE 5M², ESPESSURA DE 1,0CM. AF_03/2023","M2",46.31,104632,null,43.28,46.31]
[null,104633,"APLICAÇÃO MANUAL DE GESSO DESEMPENADO (SEM TALISCAS) EM PAREDES COM PÉ DIREITO DUPLO, ESPESSURA DE 0,5CM. AF_03/2023","M2",26.01,104633,null,24.32,26.01]
[null,104634,"APLICAÇÃO MANUAL DE GESSO DESEMPENADO (SEM TALISCAS) EM PAREDES COM PÉ DIREITO DUPLO, ESPESSURA DE 1,0CM. AF_03/2023","M2",39.08,104634,null,36.799999999999997,39.08]
[null,104635,"APLICAÇÃO MANUAL DE GESSO SARRAFEADO (COM TALISCAS) EM PAREDES COM PÉ DIREITO DUPLO, ESPESSURA DE 1,0CM. AF_03/2023","M2",52.48,104635,null,48.82,52.48]
[null,104636,"APLICAÇÃO MANUAL DE GESSO SARRAFEADO (COM TALISCAS) EM PAREDES COM PÉ DIREITO DUPLO, ESPESSURA DE 1,5CM. AF_03/2023","M2",61.57,104636,null,57.5,61.57]
[null,104951,"MASSA ÚNICA, EM ARGAMASSA TRAÇO 1:2:8, PREPARO MECÂNICO, APLICADA MANUALMENTE EM PAREDES INTERNAS DE AMBIENTES COM ÁREA MAIOR QUE 10M², E = 17,5MM, COM TALISCAS. AF_03/2024","M2",32.22,104951,null,30.52,32.22]
[null,104952,"MASSA ÚNICA, EM ARGAMASSA TRAÇO 1:2:8, PREPARO MANUAL, APLICADA MANUALMENTE EM PAREDES INTERNAS DE AMBIENTES COM ÁREA MAIOR QUE 10M², E = 17,5MM, COM TALISCAS. AF_03/2024","M2",36.020000000000003,104952,null,33.93,36.020000000000003]
[null,104953,"MASSA ÚNICA, EM ARGAMASSA INDUSTRIALIZADA, PREPARO MECÂNICO, APLICADA COM EQUIPAMENTO DE MISTURA E PROJEÇÃO DE ARGAMASSA EM PAREDES INTERNAS, E = 17,5MM, COM TALISCAS. AF_03/2024","M2",87.15,104953,null,85.9,87.15]
[null,104954,"EMBOÇO, EM ARGAMASSA TRAÇO 1:2:8, PREPARO MANUAL, APLICADO MANUALMENTE EM PAREDES INTERNAS DE AMBIENTES COM PÉ-DIREITO DUPLO E ÁREA ENTRE 5M² E 10M², E = 17,5MM, COM TALISCAS. AF_03/2024","M2",46.45,104954,null,43.29,46.45]
[null,104955,"MASSA ÚNICA, EM ARGAMASSA TRAÇO 1:2:8, PREPARO MECÂNICO, APLICADA MANUALMENTE EM PAREDES INTERNAS DE AMBIENTES COM PÉ-DIREITO DUPLO E ÁREA MAIOR QUE 10M², E = 17,5MM, COM TALISCAS. AF_03/2024","M2",39.9,104955,null,37.4,39.9]
[null,104956,"MASSA ÚNICA, EM ARGAMASSA TRAÇO 1:2:8, PREPARO MANUAL, APLICADA MANUALMENTE EM PAREDES INTERNAS DE AMBIENTES COM PÉ-DIREITO DUPLO E ÁREA MAIOR QUE 10M², E = 17,5MM, COM TALISCAS. AF_03/2024","M2",43.7,104956,null,40.81,43.7]
[null,104957,"EMBOÇO, EM ARGAMASSA TRAÇO 1:2:8, PREPARO MECÂNICO, APLICADO MANUALMENTE EM PAREDES INTERNAS DE AMBIENTES COM PÉ-DIREITO DUPLO E ÁREA MAIOR QUE 10M², E = 17,5MM, COM TALISCAS. AF_03/2024","M2",38.979999999999997,104957,null,36.58,38.979999999999997]
[null,104958,"MASSA ÚNICA, EM ARGAMASSA TRAÇO 1:2:8 PREPARO MECÂNICO, APLICADA MANUALMENTE EM PAREDES INTERNAS DE AMBIENTES COM ÁREA MAIOR QUE 10M², E = 10MM, COM TALISCAS. AF_03/2024","M2",{"$f":"IF($K$2=$H$1,H6787,I6787)","v":22.27},104958,null,21.01,22.27]
[null,104959,"MASSA ÚNICA, EM ARGAMASSA TRAÇO 1:2:8 PREPARO MANUAL, APLICADA MANUALMENTE EM PAREDES INTERNAS DE AMBIENTES COM ÁREA MAIOR QUE 10M², E = 10MM, COM TALISCAS. AF_03/2024","M2",24.7,{"$f":"IF(LEN($B6788)=7,CONCATENATE(MID($B6788,1,6),\"00\",RIGHT($B6788,1)),IF(LEN($B6788)=8,CONCATENATE(MID($B6788,1,6),\"0\",RIGHT($B6788,2)),$B6788))","v":104959},null,23.18,24.7]
[null,104960,"MASSA ÚNICA, EM ARGAMASSA INDUSTRIALIZADA, PREPARO MECÂNICO, APLICADA COM EQUIPAMENTO DE MISTURA E PROJEÇÃO DE ARGAMASSA EM PAREDES INTERNAS, E = 10MM, COM TALISCAS. AF_03/2024","M2",56.45,104960,null,55.56,56.45]
[null,104961,"EMBOÇO, EM ARGAMASSA TRAÇO 1:2:8, PREPARO MECÂNICO, APLICADO MANUALMENTE EM PAREDES INTERNAS DE AMBIENTES COM PÉ-DIREITO DUPLO E ÁREA MENOR QUE 5M², E = 17,5MM, COM TALISCAS. AF_03/2024","M2",48.82,104961,null,45.41,48.82]
[null,104962,"EMBOÇO, EM ARGAMASSA TRAÇO 1:2:8, PREPARO MANUAL, APLICADO MANUALMENTE EM PAREDES INTERNAS DE AMBIENTES COM PÉ-DIREITO DUPLO E ÁREA MENOR QUE 5M², E = 17,5MM, COM TALISCAS. AF_03/2024","M2",52.62,104962,null,48.82,52.62]
[null,104963,"MASSA ÚNICA, EM ARGAMASSA TRAÇO 1:2:8, PREPARO MECÂNICO, APLICADA MANUALMENTE EM PAREDES INTERNAS DE AMBIENTES COM PÉ-DIREITO DUPLO E ÁREA ENTRE 5M² E 10M², E = 17,5MM, COM TALISCAS. AF_03/2024","M2",44.44,104963,null,41.48,44.44]
[null,104964,"MASSA ÚNICA, EM ARGAMASSA TRAÇO 1:2:8, PREPARO MANUAL, APLICADA MANUALMENTE EM PAREDES INTERNAS DE AMBIENTES COM PÉ-DIREITO DUPLO E ÁREA ENTRE 5M² E 10M², E = 17,5MM, COM TALISCAS. AF_03/2024","M2",48.24,104964,null,44.89,48.24]
[null,104965,"EMBOÇO, EM ARGAMASSA TRAÇO 1:2:8, PREPARO MECÂNICO, APLICADO MANUALMENTE EM PAREDES INTERNAS DE AMBIENTES COM PÉ-DIREITO DUPLO E ÁREA ENTRE 5M² E 10M², E = 17,5MM, COM TALISCAS. AF_03/2024","M2",42.65,104965,null,39.880000000000003,42.65]
[null,104966,"EMBOÇO, EM ARGAMASSA TRAÇO 1:2:8, PREPARO MANUAL, APLICADO MANUALMENTE EM PAREDES INTERNAS DE AMBIENTES COM PÉ-DIREITO DUPLO E ÁREA MAIOR QUE 10M², E = 17,5MM, COM TALISCAS. AF_03/2024","M2",42.78,104966,null,39.99,42.78]
[null,104967,"EMBOÇO, EM ARGAMASSA TRAÇO 1:2:8, PREPARO MECÂNICO, APLICADO MANUALMENTE EM PAREDES INTERNAS DE AMBIENTES COM PÉ-DIREITO DUPLO E ÁREA MENOR QUE 5M², E = 10MM, COM TALISCAS. AF_03/2024","M2",37.020000000000003,104967,null,34.26,37.020000000000003]
[null,104968,"EMBOÇO, EM ARGAMASSA TRAÇO 1:2:8, PREPARO MANUAL, APLICADO MANUALMENTE EM PAREDES INTERNAS DE AMBIENTES COM PÉ-DIREITO DUPLO E ÁREA MENOR QUE 5M², E = 10MM, COM TALISCAS. AF_03/2024","M2",39.450000000000003,104968,null,36.43,39.450000000000003]
[null,104969,"MASSA ÚNICA, EM ARGAMASSA TRAÇO 1:2:8, PREPARO MECÂNICO, APLICADA MANUALMENTE EM PAREDES INTERNAS DE AMBIENTES COM PÉ-DIREITO DUPLO E ÁREA ENTRE 5M² E 10M², E = 10MM, COM TALISCAS. AF_03/2024","M2",32.65,104969,null,30.33,32.65]
[null,104970,"MASSA ÚNICA, EM ARGAMASSA TRAÇO 1:2:8, PREPARO MANUAL, APLICADA MANUALMENTE EM PAREDES INTERNAS DE AMBIENTES COM PÉ-DIREITO DUPLO E ÁREA ENTRE 5M² E 10M², E = 10MM, COM TALISCAS. AF_03/2024","M2",35.08,104970,null,32.5,35.08]
[null,104971,"EMBOÇO, EM ARGAMASSA TRAÇO 1:2:8, PREPARO MECÂNICO, APLICADO MANUALMENTE EM PAREDES INTERNAS DE AMBIENTES COM PÉ-DIREITO DUPLO E ÁREA ENTRE 5M² E 10M², E = 10MM, COM TALISCAS. AF_03/2024","M2",30.86,104971,null,28.73,30.86]
[null,104972,"EMBOÇO, EM ARGAMASSA TRAÇO 1:2:8, PREPARO MANUAL, APLICADO MANUALMENTE EM PAREDES INTERNAS DE AMBIENTES COM PÉ-DIREITO DUPLO E ÁREA ENTRE 5M² E 10M², E = 10MM, COM TALISCAS. AF_03/2024","M2",33.29,104972,null,30.9,33.29]
[null,104973,"MASSA ÚNICA, EM ARGAMASSA TRAÇO 1:2:8, PREPARO MECÂNICO, APLICADA MANUALMENTE EM PAREDES INTERNAS DE AMBIENTES COM PÉ-DIREITO DUPLO ÁREA MAIOR QUE 10M², E = 10MM, COM TALISCAS. AF_03/2024","M2",28.11,104973,null,26.26,28.11]
[null,104974,"MASSA ÚNICA, EM ARGAMASSA TRAÇO 1:2:8, PREPARO MANUAL, APLICADA MANUALMENTE EM PAREDES INTERNAS DE AMBIENTES COM PÉ-DIREITO DUPLO ÁREA MAIOR QUE 10M², E = 10MM, COM TALISCAS. AF_03/2024","M2",30.54,104974,null,28.43,30.54]
[null,104975,"EMBOÇO, EM ARGAMASSA TRAÇO 1:2:8, PREPARO MECÂNICO, APLICADO MANUALMENTE EM PAREDES INTERNAS DE AMBIENTES COM PÉ-DIREITO DUPLO E ÁREA MAIOR QUE 10M², E = 10MM, COM TALISCAS. AF_03/2024","M2",27.19,104975,null,25.43,27.19]
[null,104976,"EMBOÇO, EM ARGAMASSA TRAÇO 1:2:8, PREPARO MANUAL, APLICADO MANUALMENTE EM PAREDES INTERNAS DE AMBIENTES COM PÉ-DIREITO DUPLO E ÁREA MAIOR QUE 10M², E = 10MM, COM TALISCAS. AF_03/2024","M2",29.62,104976,null,27.6,29.62]
[null,104977,"MASSA ÚNICA, EM ARGAMASSA TRAÇO 1:2:8, PREPARO MECÂNICO, APLICADA MANUALMENTE EM TETO DE AMBIENTES COM PAREDES EM PÉ-DIREITO DUPLO, E = 17,5MM, COM TALISCAS. AF_03/2024","M2",46.52,104977,null,43.35,46.52]
[null,104978,"MASSA ÚNICA, EM ARGAMASSA TRAÇO 1:2:8, PREPARO MECÂNICO, APLICADA MANUALMENTE EM TETO DE AMBIENTES COM PAREDES EM PÉ-DIREITO DUPLO, E = 10MM, COM TALISCAS. AF_03/2024","M2",34.89,104978,null,32.340000000000003,34.89]
[null,105185,"REVESTIMENTO DECORATIVO MONOCAMADA EXECUTADO MANUALMENTE EM FACHADA DE UM EDIFÍCIO DE ESTRUTURA CONVENCIONAL E ACABAMENTO CHAPISCADO/FLOCADO. AF_03/2024","M2",293.08999999999997,105185,null,290.56,293.08999999999997]
[null,105186,"REVESTIMENTO DECORATIVO MONOCAMADA EXECUTADO MANUALMENTE EM FACHADA DE UM EDIFÍCIO DE ALVENARIA ESTRUTURAL E ACABAMENTO CHAPISCADO/FLOCADO. AF_03/2024","M2",214.25,105186,null,212.04,214.25]
[null,105187,"REVESTIMENTO DECORATIVO MONOCAMADA EXECUTADO COM EQUIPAMENTO DE PROJEÇÃO EM FACHADA DE UM EDIFÍCIO DE ESTRUTURA CONVENCIONAL E ACABAMENTO CHAPISCADO/FLOCADO. AF_03/2024","M2",286.52999999999997,105187,null,284.54000000000002,286.52999999999997]
[null,105188,"REVESTIMENTO DECORATIVO MONOCAMADA EXECUTADO COM EQUIPAMENTO DE PROJEÇÃO EM FACHADA DE UM EDIFÍCIO DE ALVENARIA ESTRUTURAL E ACABAMENTO CHAPISCADO/FLOCADO. AF_03/2024","M2",208.38,105188,null,206.73,208.38]
[null,87244,"REVESTIMENTO CERÂMICO PARA PAREDES EXTERNAS EM PASTILHAS DE PORCELANA 5 X 5 CM (PLACAS DE 30 X 30 CM), ALINHADAS A PRUMO. AF_02/2023","M2",333.1,87244,null,328.91,333.1]
[null,87245,"REVESTIMENTO CERÂMICO PARA PAREDES EXTERNAS EM PASTILHAS DE PORCELANA 5 X 5 CM (PLACAS DE 30 X 30 CM), ALINHADAS A PRUMO, APLICADO EM SUPERFÍCIES INTERNAS DE SACADA. AF_02/2023","M2",399.02,87245,null,394.15,399.02]
[null,87265,"REVESTIMENTO CERÂMICO PARA PAREDES INTERNAS COM PLACAS TIPO ESMALTADA DE DIMENSÕES 20X20 CM APLICADAS NA ALTURA INTEIRA DAS PAREDES.  AF_02/2023_PE","M2",67.12,87265,null,65.180000000000007,67.12]
[null,87267,"REVESTIMENTO CERÂMICO PARA PAREDES INTERNAS COM PLACAS TIPO ESMALTADA DE DIMENSÕES 20X20 CM APLICADAS A MEIA ALTURA DAS PAREDES. AF_02/2023_PE","M2",71.88,87267,null,69.48,71.88]
[null,87269,"REVESTIMENTO CERÂMICO PARA PAREDES INTERNAS COM PLACAS TIPO ESMALTADA DE DIMENSÕES 25X35 CM APLICADAS NA ALTURA INTEIRA DAS PAREDES. AF_02/2023_PE","M2",70.400000000000006,87269,null,68.09,70.400000000000006]
[null,87271,"REVESTIMENTO CERÂMICO PARA PAREDES INTERNAS COM PLACAS TIPO ESMALTADA DE DIMENSÕES 25X35 CM APLICADAS A MEIA ALTURA DAS PAREDES. AF_02/2023_PE","M2",75.22,87271,null,72.44,75.22]
[null,87273,"REVESTIMENTO CERÂMICO PARA PAREDES INTERNAS COM PLACAS TIPO ESMALTADA DE DIMENSÕES 33X45 CM APLICADAS NA ALTURA INTEIRA DAS PAREDES. AF_02/2023_PE","M2",74.02,87273,null,71.56,74.02]
[null,87275,"REVESTIMENTO CERÂMICO PARA PAREDES INTERNAS COM PLACAS TIPO ESMALTADA DE DIMENSÕES 33X45 CM APLICADAS A MEIA ALTURA DAS PAREDES. AF_02/2023_PE","M2",80.47,87275,null,77.39,80.47]
[null,88788,"REVESTIMENTO CERÂMICO PARA PAREDES EXTERNAS EM PASTILHAS DE PORCELANA 2,5 X 2,5 CM (PLACAS DE 30 X 30 CM), ALINHADAS A PRUMO. AF_02/2023","M2",439.15,88788,null,434.8,439.15]
[null,88789,"REVESTIMENTO CERÂMICO PARA PAREDES EXTERNAS EM PASTILHAS DE PORCELANA 2,5 X 2,5 CM (PLACAS DE 30 X 30 CM), ALINHADAS A PRUMO, APLICADO EM SUPERFÍCIES INTERNAS DE SACADA. AF_02/2023","M2",526.94000000000005,88789,null,521.92999999999995,526.94000000000005]
[null,104588,"REVESTIMENTO CERÂMICO PARA PAREDES EXTERNAS, COM PLACAS TIPO GRÊS OU SEMIGRÊS, FORMATO MENOR OU IGUAL A 200 CM2, ALINHADAS A PRUMO. AF_02/2023","M2",273.51,104588,null,269.37,273.51]
[null,104589,"REVESTIMENTO CERÂMICO PARA PAREDES EXTERNAS, COM PLACAS TIPO GRÊS OU SEMIGRÊS, FORMATO MENOR OU IGUAL A 200 CM2, ALINHADAS A PRUMO, APLICADO  EM SUPERFÍCIES INTERNAS DE SACADA. AF_02/2023","M2",326.79000000000002,104589,null,321.97000000000003,326.79000000000002]
[null,104590,"REVESTIMENTO CERÂMICO PARA PAREDES EXTERNAS, COM PLACAS TIPO GRÊS OU SEMIGRÊS, FORMATO MENOR OU IGUAL A 200 CM2, DISPOSTAS EM AMARRAÇÃO. AF_02/2023","M2",297.06,104590,null,291.70999999999998,297.06]
[null,104591,"REVESTIMENTO CERÂMICO PARA PAREDES EXTERNAS, COM PLACAS TIPO GRÊS OU SEMIGRÊS, FORMATO MENOR OU IGUAL A 200 CM2, DISPOSTAS EM AMARRAÇÃO, APLICADO  EM SUPERFÍCIES INTERNAS DE SACADA. AF_02/2023","M2",354.19,104591,null,348.16,354.19]
[null,104611,"REVESTIMENTO CERÂMICO PARA PAREDES INTERNAS COM PLACAS TIPO ESMALTADA DE DIMENSÕES 60X60 CM APLICADAS NA ALTURA INTEIRA DAS PAREDES. AF_02/2023_PE","M2",106.35,104611,null,103.75,106.35]
[null,104612,"REVESTIMENTO CERÂMICO PARA PAREDES INTERNAS COM PLACAS TIPO ESMALTADA DE DIMENSÕES 60X60 CM APLICADAS A MEIA ALTURA DAS PAREDES. AF_02/2023_PE","M2",106.8,104612,null,104.09,106.8]
[null,104613,"REVESTIMENTO CERÂMICO PARA PAREDES INTERNAS COM PLACAS TIPO ESMALTADA DE DIMENSÕES 20X20 CM APLICADAS EM DIAGONAL, NA ALTURA INTEIRA DAS PAREDES. AF_02/2023_PE","M2",70.39,104613,null,68.16,70.39]
[null,104614,"REVESTIMENTO CERÂMICO PARA PAREDES INTERNAS COM PLACAS TIPO ESMALTADA DE DIMENSÕES 20X20 CM APLICADAS EM DIAGONAL, A MEIA ALTURA DAS PAREDES. AF_02/2023_PE","M2",76.64,104614,null,73.819999999999993,76.64]
[null,104615,"REVESTIMENTO CERÂMICO PARA PAREDES INTERNAS COM PLACAS TIPO PASTILHA DE DIMENSÕES 5 X 5 CM (PLACAS DE 30 X 30 CM) CM APLICADAS NA ALTURA INTEIRA DAS PAREDES. AF_02/2023","M2",333.95,104615,null,330.37,333.95]
[null,104616,"REVESTIMENTO CERÂMICO PARA PAREDES INTERNAS COM PLACAS TIPO PASTILHA DE DIMENSÕES 2,5 X 2,5 CM (PLACAS DE 30 X 30 CM) CM APLICADAS NA ALTURA INTEIRA DAS PAREDES. AF_02/2023","M2",445.36,104616,null,441.78,445.36]
[null,104617,"REVESTIMENTO CERÂMICO PARA PAREDES INTERNAS COM PLACAS TIPO PASTILHA DE DIMENSÕES 5 X 5 CM (PLACAS DE 30 X 30 CM) CM APLICADAS A MEIA ALTURA DAS PAREDES. AF_02/2023","M2",343.43,104617,null,338.88,343.43]
[null,104618,"REVESTIMENTO CERÂMICO PARA PAREDES INTERNAS COM PLACAS TIPO PASTILHA DE DIMENSÕES 2,5 X 2,5 CM (PLACAS DE 30 X 30 CM) CM APLICADAS A MEIA ALTURA DAS PAREDES. AF_02/2023","M2",454.84,104618,null,450.29,454.84]
[null,104619,"RODAPÉ CERÂMICO DE 7CM DE ALTURA COM PLACAS TIPO ESMALTADA DE DIMENSÕES 80X80CM. AF_02/2023","M",16.22,104619,null,15.91,16.22]
[null,101965,"PEITORIL LINEAR EM GRANITO OU MÁRMORE, L = 15CM, COMPRIMENTO DE ATÉ 2M, ASSENTADO COM ARGAMASSA 1:6 COM ADITIVO. AF_11/2020","M",139.57,101965,null,137.02000000000001,139.57]
[null,101966,"CHAPIM SOBRE MUROS LINEARES, EM GRANITO OU MÁRMORE, L = 25 CM, ASSENTADO COM ARGAMASSA 1:6 COM ADITIVO. AF_11/2020","M",181.18,101966,null,180,181.18]
[null,101979,"CHAPIM (RUFO CAPA) EM AÇO GALVANIZADO, CORTE 33. AF_11/2020","M",48.99,101979,null,48.34,48.99]
[null,96112,"FORRO EM MADEIRA PINUS, PARA AMBIENTES RESIDENCIAIS, INCLUSIVE ESTRUTURA UNIDIRECIONAL DE FIXAÇÃO. AF_08/2023","M2",127.86,96112,null,122.28,127.86]
[null,96122,"ACABAMENTOS PARA FORRO (RODA-FORRO EM MADEIRA PINUS). AF_08/2023","M",39.08,96122,null,37.85,39.08]
[null,104756,"FORRO EM MADEIRA PINUS, PARA AMBIENTES RESIDENCIAIS E COMERCIAIS, INCLUSIVE ESTRUTURA BIDIRECIONAL DE FIXAÇÃO. AF_08/2023","M2",168.67,104756,null,163.5,168.67]
[null,96109,"FORRO EM PLACAS DE GESSO, PARA AMBIENTES RESIDENCIAIS. AF_08/2023_PS","M2",50.52,96109,null,47.18,50.52]
[null,96110,"FORRO EM DRYWALL PARA AMBIENTES RESIDENCIAIS, INCLUSIVE ESTRUTURA UNIDIRECIONAL DE FIXAÇÃO. AF_08/2023_PS","M2",75.2,96110,null,72.81,75.2]
[null,96113,"FORRO EM PLACAS DE GESSO, PARA AMBIENTES COMERCIAIS. AF_08/2023_PS","M2",45.97,96113,null,43.1,45.97]
[null,96114,"FORRO EM DRYWALL, PARA AMBIENTES COMERCIAIS, INCLUSIVE ESTRUTURA BIRECIONAL DE FIXAÇÃO. AF_08/2023_PS","M2",76.040000000000006,96114,null,73.95,76.040000000000006]
[null,96120,"ACABAMENTOS PARA FORRO (MOLDURA DE GESSO). AF_08/2023","M",3.05,96120,null,2.87,3.05]
[null,96123,"ACABAMENTOS PARA FORRO (MOLDURA EM DRYWALL, COM LARGURA DE 15 CM). AF_08/2023_PS","M",27.36,96123,null,26.4,27.36]
[null,99054,"ACABAMENTOS PARA FORRO (SANCA DE GESSO, MONTADA NA OBRA). AF_08/2023_PS","M2",57.23,99054,null,53.22,57.23]
[null,96111,"FORRO EM RÉGUAS DE PVC, FRISADO, PARA AMBIENTES RESIDENCIAIS, INCLUSIVE ESTRUTURA UNIDIRECIONAL DE FIXAÇÃO. AF_08/2023_PS","M2",58.48,96111,null,56.81,58.48]
[null,96116,"FORRO EM RÉGUAS DE PVC, FRISADO, PARA AMBIENTES COMERCIAIS, INCLUSIVE ESTRUTURA BIDIRECIONAL DE FIXAÇÃO. AF_08/2023_PS","M2",60.75,96116,null,59.31,60.75]
[null,96121,"ACABAMENTOS PARA FORRO (RODA-FORRO EM PERFIL METÁLICO E PLÁSTICO). AF_08/2023","M",11.09,96121,null,10.58,11.09]
[null,96485,"FORRO EM RÉGUAS DE PVC, LISO, PARA AMBIENTES RESIDENCIAIS, INCLUSIVE ESTRUTURA UNIDIRECIONAL DE FIXAÇÃO. AF_08/2023_PS","M2",{"$f":"IF($K$2=$H$1,H6851,I6851)","v":68.34},96485,null,66.67,68.34]
[null,96486,"FORRO EM RÉGUAS DE PVC, LISO, PARA AMBIENTES COMERCIAIS, INCLUSIVE ESTRUTURA BIDIRECIONAL DE FIXAÇÃO. AF_08/2023_PS","M2",70.61,{"$f":"IF(LEN($B6852)=7,CONCATENATE(MID($B6852,1,6),\"00\",RIGHT($B6852,1)),IF(LEN($B6852)=8,CONCATENATE(MID($B6852,1,6),\"0\",RIGHT($B6852,2)),$B6852))","v":96486},null,69.17,70.61]
[null,91515,"ESTUCAMENTO DE DENSIDADE BAIXA DE PANOS DE FACHADA DO SISTEMA DE PAREDES DE CONCRETO EM EDIFICAÇÕES DE MÚLTIPLOS PAVIMENTOS, PAVIMENTOS SUPERIORES, UTILIZAÇÃO DE ARGAMASSA COLANTE. AF_12/2024","M2",4.51,91515,null,4.07,4.51]
[null,91519,"ESTUCAMENTO DE DENSIDADE BAIXA DE PANOS DE FACHADA DO SISTEMA DE PAREDES DE CONCRETO EM UNIDADES HABITACIONAIS DE PAVIMENTO ÚNICO, UTILIZAÇÃO DE ARGAMASSA COLANTE. AF_12/2024","M2",1.96,91519,null,1.79,1.96]
[null,91520,"ESTUCAMENTO DE DENSIDADE BAIXA NAS FACES INTERNAS DE PAREDES DO SISTEMA DE PAREDES DE CONCRETO, EM AMBIENTES COM ÁREA ENTRE 5 M² E 10 M², UTILIZAÇÃO DE ARGAMASSA COLANTE. AF_12/2024","M2",1.92,91520,null,1.74,1.92]
[null,91522,"ESTUCAMENTO PARA QUALQUER REVESTIMENTO, EM TETO DO SISTEMA DE PAREDES DE CONCRETO, EM AMBIENTES COM ÁREA ENTRE 5 M² E 10 M², UTILIZAÇÃO DE ARGAMASSA COLANTE. AF_12/2024","M2",3.18,91522,null,2.87,3.18]
[null,91525,"ESTUCAMENTO DE DENSIDADE ALTA NAS FACES INTERNAS DE PAREDES DO SISTEMA DE PAREDES DE CONCRETO, EM AMBIENTES COM ÁREA ENTRE 5 M² E 10 M², UTILIZAÇÃO DE ARGAMASSA COLANTE. AF_12/2024","M2",8.02,91525,null,7.6,8.02]
[null,104412,"ESTUCAMENTO PARA QUALQUER REVESTIMENTO, EM TETO DO SISTEMA DE PAREDES DE CONCRETO, EM AMBIENTES COM ÁREA MAIOR OU IGUAL A 10 M², UTILIZAÇÃO DE ARGAMASSA COLANTE. AF_12/2024","M2",2.86,104412,null,2.58,2.86]
[null,104413,"ESTUCAMENTO PARA QUALQUER REVESTIMENTO, EM TETO DO SISTEMA DE PAREDES DE CONCRETO, EM AMBIENTES COM ÁREA MENOR OU IGUAL A 5 M², UTILIZAÇÃO DE ARGAMASSA COLANTE. AF_12/2024","M2",4.82,104413,null,4.33,4.82]
[null,104414,"ESTUCAMENTO DE DENSIDADE ALTA NAS FACES INTERNAS DE PAREDES DO SISTEMA DE PAREDES DE CONCRETO, EM AMBIENTES COM ÁREA MAIOR OU IGUAL A 10 M², UTILIZAÇÃO DE ARGAMASSA COLANTE. AF_12/2024","M2",7.28,104414,null,6.92,7.28]
[null,104415,"ESTUCAMENTO DE DENSIDADE ALTA NAS FACES INTERNAS DE PAREDES DO SISTEMA DE PAREDES DE CONCRETO, EM AMBIENTES COM ÁREA MENOR OU IGUAL A 5 M², UTILIZAÇÃO DE ARGAMASSA COLANTE. AF_12/2024","M2",11.94,104415,null,11.11,11.94]
[null,104416,"ESTUCAMENTO DE DENSIDADE BAIXA NAS FACES INTERNAS DE PAREDES DO SISTEMA DE PAREDES DE CONCRETO, EM AMBIENTES COM ÁREA MAIOR OU IGUAL A 10 M², UTILIZAÇÃO DE ARGAMASSA COLANTE. AF_12/2024","M2",1.6,104416,null,1.46,1.6]
[null,104417,"ESTUCAMENTO DE DENSIDADE BAIXA NAS FACES INTERNAS DE PAREDES DO SISTEMA DE PAREDES DE CONCRETO, EM AMBIENTES COM ÁREA MENOR OU IGUAL A 5 M², UTILIZAÇÃO DE ARGAMASSA COLANTE. AF_12/2024","M2",3.52,104417,null,3.19,3.52]
[null,104418,"ESTUCAMENTO DE DENSIDADE BAIXA DE PANOS DE FACHADA DO SISTEMA DE PAREDES DE CONCRETO EM EDIFICAÇÕES DE MÚLTIPLOS PAVIMENTOS, PAVIMENTO TÉRREO, UTILIZAÇÃO DE ARGAMASSA COLANTE. AF_12/2024","M2",2.52,104418,null,2.29,2.52]
[null,104419,"ESTUCAMENTO DE DENSIDADE BAIXA DE PANOS DE FACHADA DO SISTEMA DE PAREDES DE CONCRETO EM UNIDADES HABITACIONAIS DE DOIS PAVIMENTOS (SOBRADO), ACESSO COM ANDAIME FACHADEIRO, UTILIZAÇÃO DE ARGAMASSA COLANTE. AF_12/2024","M2",3.93,104419,null,3.55,3.93]
[null,104421,"ESTUCAMENTO DE DENSIDADE ALTA DE PANOS DE FACHADA DO SISTEMA DE PAREDES DE CONCRETO EM EDIFICAÇÕES DE MÚLTIPLOS PAVIMENTOS, PAVIMENTOS SUPERIORES, UTILIZAÇÃO DE ARGAMASSA COLANTE. AF_12/2024","M2",16.510000000000002,104421,null,15.47,16.510000000000002]
[null,104422,"ESTUCAMENTO DE DENSIDADE ALTA DE PANOS DE FACHADA DO SISTEMA DE PAREDES DE CONCRETO EM EDIFICAÇÕES DE MÚLTIPLOS PAVIMENTOS, PAVIMENTO TÉRREO, UTILIZAÇÃO DE ARGAMASSA COLANTE. AF_12/2024","M2",11.77,104422,null,11.22,11.77]
[null,104423,"ESTUCAMENTO DE DENSIDADE ALTA DE PANOS DE FACHADA DO SISTEMA DE PAREDES DE CONCRETO EM UNIDADES HABITACIONAIS DE DOIS PAVIMENTOS (SOBRADO), ACESSO COM ANDAIME FACHADEIRO, UTILIZAÇÃO DE ARGAMASSA COLANTE. AF_12/2024","M2",15.1,104423,null,14.21,15.1]
[null,104425,"ESTUCAMENTO DE DENSIDADE ALTA DE PANOS DE FACHADA DO SISTEMA DE PAREDES DE CONCRETO EM UNIDADES HABITACIONAIS DE PAVIMENTO ÚNICO, UTILIZAÇÃO DE ARGAMASSA COLANTE. AF_12/2024","M2",10.33,104425,null,9.93,10.33]
[null,105816,"ESTUCAMENTO DE DENSIDADE ALTA NAS FACES INTERNAS DE PAREDES DO SISTEMA DE PAREDES DE CONCRETO, EM AMBIENTES COM ÁREA MAIOR OU IGUAL A 10 M², UTILIZAÇÃO DE ARGAMASSA POLIMÉRICA. AF_12/2024","M2",10.91,105816,null,10.55,10.91]
[null,105817,"ESTUCAMENTO DE DENSIDADE ALTA NAS FACES INTERNAS DE PAREDES DO SISTEMA DE PAREDES DE CONCRETO, EM AMBIENTES COM ÁREA MAIOR OU IGUAL A 10 M², UTILIZAÇÃO DE ARGAMASSA TRAÇO 1:1:6 (CIM:CAL:AREIA). AF_12/2024","M2",4.0999999999999996,105817,null,3.72,4.0999999999999996]
[null,105818,"ESTUCAMENTO DE DENSIDADE ALTA NAS FACES INTERNAS DE PAREDES DO SISTEMA DE PAREDES DE CONCRETO, EM AMBIENTES COM ÁREA ENTRE 5 M² E 10 M², UTILIZAÇÃO DE ARGAMASSA POLIMÉRICA. AF_12/2024","M2",11.65,105818,null,11.23,11.65]
[null,105819,"ESTUCAMENTO DE DENSIDADE ALTA NAS FACES INTERNAS DE PAREDES DO SISTEMA DE PAREDES DE CONCRETO, EM AMBIENTES COM ÁREA ENTRE 5 M² E 10 M², UTILIZAÇÃO DE ARGAMASSA TRAÇO 1:1:6 (CIM:CAL:AREIA). AF_12/2024","M2",4.84,105819,null,4.4000000000000004,4.84]
[null,105820,"ESTUCAMENTO DE DENSIDADE ALTA NAS FACES INTERNAS DE PAREDES DO SISTEMA DE PAREDES DE CONCRETO, EM AMBIENTES COM ÁREA MENOR OU IGUAL A 5 M², UTILIZAÇÃO DE ARGAMASSA POLIMÉRICA. AF_12/2024","M2",15.57,105820,null,14.74,15.57]
[null,105821,"ESTUCAMENTO DE DENSIDADE ALTA NAS FACES INTERNAS DE PAREDES DO SISTEMA DE PAREDES DE CONCRETO, EM AMBIENTES COM ÁREA MENOR OU IGUAL A 5 M², UTILIZAÇÃO DE ARGAMASSA TRAÇO 1:1:6 (CIM:CAL:AREIA). AF_12/2024","M2",8.76,105821,null,7.91,8.76]
[null,105822,"ESTUCAMENTO DE DENSIDADE ALTA DE PANOS DE FACHADA DO SISTEMA DE PAREDES DE CONCRETO EM EDIFICAÇÕES DE MÚLTIPLOS PAVIMENTOS, PAVIMENTOS SUPERIORES, UTILIZAÇÃO DE ARGAMASSA POLIMÉRICA. AF_12/2024","M2",17.600000000000001,105822,null,16.559999999999999,17.600000000000001]
[null,105823,"ESTUCAMENTO DE DENSIDADE ALTA DE PANOS DE FACHADA DO SISTEMA DE PAREDES DE CONCRETO EM EDIFICAÇÕES DE MÚLTIPLOS PAVIMENTOS, PAVIMENTOS SUPERIORES, UTILIZAÇÃO DE ARGAMASSA TRAÇO 1:0,5:4,5 (CIM:CAL:AREIA). AF_12/2024","M2",10.78,105823,null,9.73,10.78]
[null,105824,"ESTUCAMENTO DE DENSIDADE ALTA DE PANOS DE FACHADA DO SISTEMA DE PAREDES DE CONCRETO EM EDIFICAÇÕES DE MÚLTIPLOS PAVIMENTOS, PAVIMENTO TÉRREO, UTILIZAÇÃO DE ARGAMASSA POLIMÉRICA. AF_12/2024","M2",12.86,105824,null,12.31,12.86]
[null,105825,"ESTUCAMENTO DE DENSIDADE ALTA DE PANOS DE FACHADA DO SISTEMA DE PAREDES DE CONCRETO EM EDIFICAÇÕES DE MÚLTIPLOS PAVIMENTOS, PAVIMENTO TÉRREO, UTILIZAÇÃO DE ARGAMASSA TRAÇO 1:0,5:4,5 (CIM:CAL:AREIA). AF_12/2024","M2",6.04,105825,null,5.48,6.04]
[null,105826,"ESTUCAMENTO DE DENSIDADE ALTA DE PANOS DE FACHADA DO SISTEMA DE PAREDES DE CONCRETO EM UNIDADES HABITACIONAIS DE DOIS PAVIMENTOS (SOBRADO), ACESSO COM ANDAIME FACHADEIRO, UTILIZAÇÃO DE ARGAMASSA POLIMÉRICA. AF_12/2024","M2",16.190000000000001,105826,null,15.3,16.190000000000001]
[null,105827,"ESTUCAMENTO DE DENSIDADE ALTA DE PANOS DE FACHADA DO SISTEMA DE PAREDES DE CONCRETO EM UNIDADES HABITACIONAIS DE DOIS PAVIMENTOS (SOBRADO), ACESSO COM ANDAIME FACHADEIRO, UTILIZAÇÃO DE ARGAMASSA TRAÇO 1:0,5:4,5 (CIM:CAL:AREIA). AF_12/2024","M2",9.3699999999999992,105827,null,8.4700000000000006,9.3699999999999992]
[null,105828,"ESTUCAMENTO DE DENSIDADE ALTA DE PANOS DE FACHADA DO SISTEMA DE PAREDES DE CONCRETO EM UNIDADES HABITACIONAIS DE PAVIMENTO ÚNICO, UTILIZAÇÃO DE ARGAMASSA POLIMÉRICA. AF_12/2024","M2",11.42,105828,null,11.02,11.42]
[null,105829,"ESTUCAMENTO DE DENSIDADE ALTA DE PANOS DE FACHADA DO SISTEMA DE PAREDES DE CONCRETO EM UNIDADES HABITACIONAIS DE PAVIMENTO ÚNICO, UTILIZAÇÃO DE ARGAMASSA TRAÇO 1:0,5:4,5 (CIM:CAL:AREIA). AF_12/2024","M2",4.5999999999999996,105829,null,4.1900000000000004,4.5999999999999996]
[null,87280,"ARGAMASSA TRAÇO 1:7 (EM VOLUME DE CIMENTO E AREIA MÉDIA ÚMIDA) COM ADIÇÃO DE PLASTIFICANTE PARA EMBOÇO/MASSA ÚNICA/ASSENTAMENTO DE ALVENARIA DE VEDAÇÃO, PREPARO MECÂNICO COM BETONEIRA 400 L. AF_08/2019","M3",499.86,87280,null,490.07,499.86]
[null,87281,"ARGAMASSA TRAÇO 1:7 (EM VOLUME DE CIMENTO E AREIA MÉDIA ÚMIDA) COM ADIÇÃO DE PLASTIFICANTE PARA EMBOÇO/MASSA ÚNICA/ASSENTAMENTO DE ALVENARIA DE VEDAÇÃO, PREPARO MECÂNICO COM BETONEIRA 600 L. AF_08/2019","M3",496.07,87281,null,487.46,496.07]
[null,87283,"ARGAMASSA TRAÇO 1:6 (EM VOLUME DE CIMENTO E AREIA MÉDIA ÚMIDA) COM ADIÇÃO DE PLASTIFICANTE PARA EMBOÇO/MASSA ÚNICA/ASSENTAMENTO DE ALVENARIA DE VEDAÇÃO, PREPARO MECÂNICO COM BETONEIRA 400 L. AF_08/2019","M3",522.63,87283,null,513.84,522.63]
[null,87284,"ARGAMASSA TRAÇO 1:6 (EM VOLUME DE CIMENTO E AREIA MÉDIA ÚMIDA) COM ADIÇÃO DE PLASTIFICANTE PARA EMBOÇO/MASSA ÚNICA/ASSENTAMENTO DE ALVENARIA DE VEDAÇÃO, PREPARO MECÂNICO COM BETONEIRA 600 L. AF_08/2019","M3",517.23,87284,null,509.52,517.23]
[null,87286,"ARGAMASSA TRAÇO 1:1:6 (EM VOLUME DE CIMENTO, CAL E AREIA MÉDIA ÚMIDA) PARA EMBOÇO/MASSA ÚNICA/ASSENTAMENTO DE ALVENARIA DE VEDAÇÃO, PREPARO MECÂNICO COM BETONEIRA 400 L. AF_08/2019","M3",622.61,87286,null,612.14,622.61]
[null,87287,"ARGAMASSA TRAÇO 1:1:6 (EM VOLUME DE CIMENTO, CAL E AREIA MÉDIA ÚMIDA) PARA EMBOÇO/MASSA ÚNICA/ASSENTAMENTO DE ALVENARIA DE VEDAÇÃO, PREPARO MECÂNICO COM BETONEIRA 600 L. AF_08/2019","M3",609.70000000000005,87287,null,601.80999999999995,609.70000000000005]
[null,87289,"ARGAMASSA TRAÇO 1:1,5:7,5 (EM VOLUME DE CIMENTO, CAL E AREIA MÉDIA ÚMIDA) PARA EMBOÇO/MASSA ÚNICA/ASSENTAMENTO DE ALVENARIA DE VEDAÇÃO, PREPARO MECÂNICO COM BETONEIRA 400 L. AF_08/2019","M3",592.83000000000004,87289,null,582.94000000000005,592.83000000000004]
[null,87290,"ARGAMASSA TRAÇO 1:1,5:7,5 (EM VOLUME DE CIMENTO, CAL E AREIA MÉDIA ÚMIDA) PARA EMBOÇO/MASSA ÚNICA/ASSENTAMENTO DE ALVENARIA DE VEDAÇÃO, PREPARO MECÂNICO COM BETONEIRA 600 L. AF_08/2019","M3",586.24,87290,null,577.82000000000005,586.24]
[null,87292,"ARGAMASSA TRAÇO 1:2:8 (EM VOLUME DE CIMENTO, CAL E AREIA MÉDIA ÚMIDA) PARA EMBOÇO/MASSA ÚNICA/ASSENTAMENTO DE ALVENARIA DE VEDAÇÃO, PREPARO MECÂNICO COM BETONEIRA 400 L. AF_08/2019","M3",600.91,87292,null,591.77,600.91]
[null,87294,"ARGAMASSA TRAÇO 1:2:9 (EM VOLUME DE CIMENTO, CAL E AREIA MÉDIA ÚMIDA) PARA EMBOÇO/MASSA ÚNICA/ASSENTAMENTO DE ALVENARIA DE VEDAÇÃO, PREPARO MECÂNICO COM BETONEIRA 600 L. AF_08/2019","M3",574.91,87294,null,565.92999999999995,574.91]
[null,87295,"ARGAMASSA TRAÇO 1:3:12 (EM VOLUME DE CIMENTO, CAL E AREIA MÉDIA ÚMIDA) PARA EMBOÇO/MASSA ÚNICA/ASSENTAMENTO DE ALVENARIA DE VEDAÇÃO, PREPARO MECÂNICO COM BETONEIRA 400 L. AF_08/2019","M3",575.30999999999995,87295,null,564.09,575.30999999999995]
[null,87296,"ARGAMASSA TRAÇO 1:3:12 (EM VOLUME DE CIMENTO, CAL E AREIA MÉDIA ÚMIDA) PARA EMBOÇO/MASSA ÚNICA/ASSENTAMENTO DE ALVENARIA DE VEDAÇÃO, PREPARO MECÂNICO COM BETONEIRA 600 L. AF_08/2019","M3",552.47,87296,null,544.52,552.47]
[null,87298,"ARGAMASSA TRAÇO 1:3 (EM VOLUME DE CIMENTO E AREIA MÉDIA ÚMIDA) PARA CONTRAPISO, PREPARO MECÂNICO COM BETONEIRA 400 L. AF_08/2019","M3",794.56,87298,null,785.58,794.56]
[null,87299,"ARGAMASSA TRAÇO 1:3 (EM VOLUME DE CIMENTO E AREIA MÉDIA ÚMIDA) PARA CONTRAPISO, PREPARO MECÂNICO COM BETONEIRA 600 L. AF_08/2019","M3",511.9,87299,null,503.63,511.9]
[null,87301,"ARGAMASSA TRAÇO 1:4 (EM VOLUME DE CIMENTO E AREIA MÉDIA ÚMIDA) PARA CONTRAPISO, PREPARO MECÂNICO COM BETONEIRA 400 L. AF_08/2019","M3",708.1,87301,null,698.25,708.1]
[null,87302,"ARGAMASSA TRAÇO 1:4 (EM VOLUME DE CIMENTO E AREIA MÉDIA ÚMIDA) PARA CONTRAPISO, PREPARO MECÂNICO COM BETONEIRA 600 L. AF_08/2019","M3",702.04,87302,null,693.7,702.04]
[null,87304,"ARGAMASSA TRAÇO 1:5 (EM VOLUME DE CIMENTO E AREIA MÉDIA ÚMIDA) PARA CONTRAPISO, PREPARO MECÂNICO COM BETONEIRA 400 L. AF_08/2019","M3",639.73,87304,null,630.79,639.73]
[null,87305,"ARGAMASSA TRAÇO 1:5 (EM VOLUME DE CIMENTO E AREIA MÉDIA ÚMIDA) PARA CONTRAPISO, PREPARO MECÂNICO COM BETONEIRA 600 L. AF_08/2019","M3",643.54,87305,null,634.89,643.54]
[null,87307,"ARGAMASSA TRAÇO 1:6 (EM VOLUME DE CIMENTO E AREIA MÉDIA ÚMIDA) PARA CONTRAPISO, PREPARO MECÂNICO COM BETONEIRA 400 L. AF_08/2019","M3",603.89,87307,null,594.04,603.89]
[null,87308,"ARGAMASSA TRAÇO 1:6 (EM VOLUME DE CIMENTO E AREIA MÉDIA ÚMIDA) PARA CONTRAPISO, PREPARO MECÂNICO COM BETONEIRA 600 L. AF_08/2019","M3",596.05999999999995,87308,null,587.48,596.05999999999995]
[null,87310,"ARGAMASSA TRAÇO 1:5 (EM VOLUME DE CIMENTO E AREIA GROSSA ÚMIDA) PARA CHAPISCO CONVENCIONAL, PREPARO MECÂNICO COM BETONEIRA 400 L. AF_08/2019","M3",500.69,87310,null,491.96,500.69]
[null,87311,"ARGAMASSA TRAÇO 1:5 (EM VOLUME DE CIMENTO E AREIA GROSSA ÚMIDA) PARA CHAPISCO CONVENCIONAL, PREPARO MECÂNICO COM BETONEIRA 600 L. AF_08/2019","M3",492.88,87311,null,485.42,492.88]
[null,87313,"ARGAMASSA TRAÇO 1:3 (EM VOLUME DE CIMENTO E AREIA GROSSA ÚMIDA) PARA CHAPISCO CONVENCIONAL, PREPARO MECÂNICO COM BETONEIRA 400 L. AF_08/2019","M3",614.24,87313,null,605.47,614.24]
[null,87314,"ARGAMASSA TRAÇO 1:3 (EM VOLUME DE CIMENTO E AREIA GROSSA ÚMIDA) PARA CHAPISCO CONVENCIONAL, PREPARO MECÂNICO COM BETONEIRA 600 L. AF_08/2019","M3",608.71,87314,null,601.22,608.71]
[null,87316,"ARGAMASSA TRAÇO 1:4 (EM VOLUME DE CIMENTO E AREIA GROSSA ÚMIDA) PARA CHAPISCO CONVENCIONAL, PREPARO MECÂNICO COM BETONEIRA 400 L. AF_08/2019","M3",551.99,87316,null,542.57000000000005,551.99]
[null,87317,"ARGAMASSA TRAÇO 1:4 (EM VOLUME DE CIMENTO E AREIA GROSSA ÚMIDA) PARA CHAPISCO CONVENCIONAL, PREPARO MECÂNICO COM BETONEIRA 600 L. AF_08/2019","M3",540.23,87317,null,532.73,540.23]
[null,87319,"ARGAMASSA TRAÇO 1:5 (EM VOLUME DE CIMENTO E AREIA GROSSA ÚMIDA) COM ADIÇÃO DE EMULSÃO POLIMÉRICA PARA CHAPISCO ROLADO, PREPARO MECÂNICO COM BETONEIRA 400 L. AF_08/2019","M3",3168.36,87319,null,3159.59,3168.36]
[null,87320,"ARGAMASSA TRAÇO 1:5 (EM VOLUME DE CIMENTO E AREIA GROSSA ÚMIDA) COM ADIÇÃO DE EMULSÃO POLIMÉRICA PARA CHAPISCO ROLADO, PREPARO MECÂNICO COM BETONEIRA 600 L. AF_08/2019","M3",3174.99,87320,null,3167.41,3174.99]
[null,87322,"ARGAMASSA TRAÇO 1:3 (EM VOLUME DE CIMENTO E AREIA GROSSA ÚMIDA) COM ADIÇÃO DE EMULSÃO POLIMÉRICA PARA CHAPISCO ROLADO, PREPARO MECÂNICO COM BETONEIRA 400 L. AF_08/2019","M3",3290.76,87322,null,3281.5,3290.76]
[null,87323,"ARGAMASSA TRAÇO 1:3 (EM VOLUME DE CIMENTO E AREIA GROSSA ÚMIDA) COM ADIÇÃO DE EMULSÃO POLIMÉRICA PARA CHAPISCO ROLADO, PREPARO MECÂNICO COM BETONEIRA 600 L. AF_08/2019","M3",3291.1,87323,null,3283.77,3291.1]
[null,87325,"ARGAMASSA TRAÇO 1:4 (EM VOLUME DE CIMENTO E AREIA GROSSA ÚMIDA) COM ADIÇÃO DE EMULSÃO POLIMÉRICA PARA CHAPISCO ROLADO, PREPARO MECÂNICO COM BETONEIRA 400 L. AF_08/2019","M3",3202.81,87325,null,3193.29,3202.81]
[null,87326,"ARGAMASSA TRAÇO 1:4 (EM VOLUME DE CIMENTO E AREIA GROSSA ÚMIDA) COM ADIÇÃO DE EMULSÃO POLIMÉRICA PARA CHAPISCO ROLADO, PREPARO MECÂNICO COM BETONEIRA 600 L. AF_08/2019","M3",{"$f":"IF($K$2=$H$1,H6915,I6915)","v":3212.19},87326,null,3205.28,3212.19]
[null,87327,"ARGAMASSA TRAÇO 1:7 (EM VOLUME DE CIMENTO E AREIA MÉDIA ÚMIDA) COM ADIÇÃO DE PLASTIFICANTE PARA EMBOÇO/MASSA ÚNICA/ASSENTAMENTO DE ALVENARIA DE VEDAÇÃO, PREPARO MECÂNICO COM MISTURADOR DE EIXO HORIZONTAL DE 300 KG. AF_08/2019","M3",519.53,{"$f":"IF(LEN($B6916)=7,CONCATENATE(MID($B6916,1,6),\"00\",RIGHT($B6916,1)),IF(LEN($B6916)=8,CONCATENATE(MID($B6916,1,6),\"0\",RIGHT($B6916,2)),$B6916))","v":87327},null,507.67,519.53]
[null,87328,"ARGAMASSA TRAÇO 1:7 (EM VOLUME DE CIMENTO E AREIA MÉDIA ÚMIDA) COM ADIÇÃO DE PLASTIFICANTE PARA EMBOÇO/MASSA ÚNICA/ASSENTAMENTO DE ALVENARIA DE VEDAÇÃO, PREPARO MECÂNICO COM MISTURADOR DE EIXO HORIZONTAL DE 600 KG. AF_08/2019","M3",467.92,87328,null,461.38,467.92]
[null,87329,"ARGAMASSA TRAÇO 1:6 (EM VOLUME DE CIMENTO E AREIA MÉDIA ÚMIDA) COM ADIÇÃO DE PLASTIFICANTE PARA EMBOÇO/MASSA ÚNICA/ASSENTAMENTO DE ALVENARIA DE VEDAÇÃO, PREPARO MECÂNICO COM MISTURADOR DE EIXO HORIZONTAL DE 300 KG. AF_08/2019","M3",557.53,87329,null,544.70000000000005,557.53]
[null,87330,"ARGAMASSA TRAÇO 1:6 (EM VOLUME DE CIMENTO E AREIA MÉDIA ÚMIDA) COM ADIÇÃO DE PLASTIFICANTE PARA EMBOÇO/MASSA ÚNICA/ASSENTAMENTO DE ALVENARIA DE VEDAÇÃO, PREPARO MECÂNICO COM MISTURADOR DE EIXO HORIZONTAL DE 600 KG. AF_08/2019","M3",498.78,87330,null,491.93,498.78]
[null,87331,"ARGAMASSA TRAÇO 1:1:6 (EM VOLUME DE CIMENTO, CAL E AREIA MÉDIA ÚMIDA) PARA EMBOÇO/MASSA ÚNICA/ASSENTAMENTO DE ALVENARIA DE VEDAÇÃO, PREPARO MECÂNICO COM MISTURADOR DE EIXO HORIZONTAL DE 300 KG. AF_08/2019","M3",641.57000000000005,87331,null,628.98,641.57000000000005]
[null,87332,"ARGAMASSA TRAÇO 1:1:6 (EM VOLUME DE CIMENTO, CAL E AREIA MÉDIA ÚMIDA) PARA EMBOÇO/MASSA ÚNICA/ASSENTAMENTO DE ALVENARIA DE VEDAÇÃO, PREPARO MECÂNICO COM MISTURADOR DE EIXO HORIZONTAL DE 600 KG. AF_08/2019","M3",588.04999999999995,87332,null,581.1,588.04999999999995]
[null,87333,"ARGAMASSA TRAÇO 1:1,5:7,5 (EM VOLUME DE CIMENTO, CAL E AREIA MÉDIA ÚMIDA) PARA EMBOÇO/MASSA ÚNICA/ASSENTAMENTO DE ALVENARIA DE VEDAÇÃO, PREPARO MECÂNICO COM MISTURADOR DE EIXO HORIZONTAL DE 300 KG. AF_08/2019","M3",594.98,87333,null,584.1,594.98]
[null,87334,"ARGAMASSA TRAÇO 1:1,5:7,5 (EM VOLUME DE CIMENTO, CAL E AREIA MÉDIA ÚMIDA) PARA EMBOÇO/MASSA ÚNICA/ASSENTAMENTO DE ALVENARIA DE VEDAÇÃO, PREPARO MECÂNICO COM MISTURADOR DE EIXO HORIZONTAL DE 600 KG. AF_08/2019","M3",562.71,87334,null,555.25,562.71]
[null,87335,"ARGAMASSA TRAÇO 1:2:8 (EM VOLUME DE CIMENTO, CAL E AREIA MÉDIA ÚMIDA) PARA EMBOÇO/MASSA ÚNICA/ASSENTAMENTO DE ALVENARIA DE VEDAÇÃO, PREPARO MECÂNICO COM MISTURADOR DE EIXO HORIZONTAL DE 300 KG. AF_08/2019","M3",589.01,87335,null,578.94000000000005,589.01]
[null,87336,"ARGAMASSA TRAÇO 1:2:8 (EM VOLUME DE CIMENTO, CAL E AREIA MÉDIA ÚMIDA) PARA EMBOÇO/MASSA ÚNICA/ASSENTAMENTO DE ALVENARIA DE VEDAÇÃO, PREPARO MECÂNICO COM MISTURADOR DE EIXO HORIZONTAL DE 600 KG. AF_08/2019","M3",575,87336,null,567.85,575]
[null,87337,"ARGAMASSA TRAÇO 1:2:9 (EM VOLUME DE CIMENTO, CAL E AREIA MÉDIA ÚMIDA) PARA EMBOÇO/MASSA ÚNICA/ASSENTAMENTO DE ALVENARIA DE VEDAÇÃO, PREPARO MECÂNICO COM MISTURADOR DE EIXO HORIZONTAL DE 300 KG. AF_08/2019","M3",574.72,87337,null,564.82000000000005,574.72]
[null,87338,"ARGAMASSA TRAÇO 1:3:12 (EM VOLUME DE CIMENTO, CAL E AREIA MÉDIA ÚMIDA) PARA EMBOÇO/MASSA ÚNICA/ASSENTAMENTO DE ALVENARIA DE VEDAÇÃO, PREPARO MECÂNICO COM MISTURADOR DE EIXO HORIZONTAL DE 600 KG. AF_08/2019","M3",548.46,87338,null,539.66,548.46]
[null,87339,"ARGAMASSA TRAÇO 1:3 (EM VOLUME DE CIMENTO E AREIA MÉDIA ÚMIDA) PARA CONTRAPISO, PREPARO MECÂNICO COM MISTURADOR DE EIXO HORIZONTAL DE 160 KG. AF_08/2019","M3",897.79,87339,null,876.77,897.79]
[null,87340,"ARGAMASSA TRAÇO 1:3 (EM VOLUME DE CIMENTO E AREIA MÉDIA ÚMIDA) PARA CONTRAPISO, PREPARO MECÂNICO COM MISTURADOR DE EIXO HORIZONTAL DE 300 KG. AF_08/2019","M3",788.44,87340,null,778.74,788.44]
[null,87341,"ARGAMASSA TRAÇO 1:3 (EM VOLUME DE CIMENTO E AREIA MÉDIA ÚMIDA) PARA CONTRAPISO, PREPARO MECÂNICO COM MISTURADOR DE EIXO HORIZONTAL DE 600 KG. AF_08/2019","M3",761.8,87341,null,754.99,761.8]
[null,87342,"ARGAMASSA TRAÇO 1:4 (EM VOLUME DE CIMENTO E AREIA MÉDIA ÚMIDA) PARA CONTRAPISO, PREPARO MECÂNICO COM MISTURADOR DE EIXO HORIZONTAL DE 160 KG. AF_08/2019","M3",767.86,87342,null,750.9,767.86]
[null,87343,"ARGAMASSA TRAÇO 1:4 (EM VOLUME DE CIMENTO E AREIA MÉDIA ÚMIDA) PARA CONTRAPISO, PREPARO MECÂNICO COM MISTURADOR DE EIXO HORIZONTAL DE 300 KG. AF_08/2019","M3",706.03,87343,null,695.52,706.03]
[null,87344,"ARGAMASSA TRAÇO 1:4 (EM VOLUME DE CIMENTO E AREIA MÉDIA ÚMIDA) PARA CONTRAPISO, PREPARO MECÂNICO COM MISTURADOR DE EIXO HORIZONTAL DE 600 KG. AF_08/2019","M3",673.27,87344,null,666.48,673.27]
[null,87345,"ARGAMASSA TRAÇO 1:5 (EM VOLUME DE CIMENTO E AREIA MÉDIA ÚMIDA) PARA CONTRAPISO, PREPARO MECÂNICO COM MISTURADOR DE EIXO HORIZONTAL DE 160 KG. AF_08/2019","M3",689.09,87345,null,673.99,689.09]
[null,87346,"ARGAMASSA TRAÇO 1:5 (EM VOLUME DE CIMENTO E AREIA MÉDIA ÚMIDA) PARA CONTRAPISO, PREPARO MECÂNICO COM MISTURADOR DE EIXO HORIZONTAL DE 300 KG. AF_08/2019","M3",638.38,87346,null,628.66,638.38]
[null,87347,"ARGAMASSA TRAÇO 1:5 (EM VOLUME DE CIMENTO E AREIA MÉDIA ÚMIDA) PARA CONTRAPISO, PREPARO MECÂNICO COM MISTURADOR DE EIXO HORIZONTAL DE 600 KG. AF_08/2019","M3",612.08000000000004,87347,null,605.24,612.08000000000004]
[null,87348,"ARGAMASSA TRAÇO 1:6 (EM VOLUME DE CIMENTO E AREIA MÉDIA ÚMIDA) PARA CONTRAPISO, PREPARO MECÂNICO COM MISTURADOR DE EIXO HORIZONTAL DE 160 KG. AF_08/2019","M3",630.85,87348,null,617.24,630.85]
[null,87349,"ARGAMASSA TRAÇO 1:6 (EM VOLUME DE CIMENTO E AREIA MÉDIA ÚMIDA) PARA CONTRAPISO, PREPARO MECÂNICO COM MISTURADOR DE EIXO HORIZONTAL DE 600 KG. AF_08/2019","M3",565.54,87349,null,559.11,565.54]
[null,87350,"ARGAMASSA TRAÇO 1:5 (EM VOLUME DE CIMENTO E AREIA GROSSA ÚMIDA) PARA CHAPISCO CONVENCIONAL, PREPARO MECÂNICO COM MISTURADOR DE EIXO HORIZONTAL DE 300 KG. AF_08/2019","M3",539.85,87350,null,526.84,539.85]
[null,87351,"ARGAMASSA TRAÇO 1:5 (EM VOLUME DE CIMENTO E AREIA GROSSA ÚMIDA) PARA CHAPISCO CONVENCIONAL, PREPARO MECÂNICO COM MISTURADOR DE EIXO HORIZONTAL DE 600 KG. AF_08/2019","M3",476.39,87351,null,469.74,476.39]
[null,87352,"ARGAMASSA TRAÇO 1:3 (EM VOLUME DE CIMENTO E AREIA GROSSA ÚMIDA) PARA CHAPISCO CONVENCIONAL, PREPARO MECÂNICO COM MISTURADOR DE EIXO HORIZONTAL DE 160 KG. AF_08/2019","M3",683.83,87352,null,667.33,683.83]
[null,87353,"ARGAMASSA TRAÇO 1:3 (EM VOLUME DE CIMENTO E AREIA GROSSA ÚMIDA) PARA CHAPISCO CONVENCIONAL, PREPARO MECÂNICO COM MISTURADOR DE EIXO HORIZONTAL DE 300 KG. AF_08/2019","M3",615.41999999999996,87353,null,605.76,615.41999999999996]
[null,87354,"ARGAMASSA TRAÇO 1:3 (EM VOLUME DE CIMENTO E AREIA GROSSA ÚMIDA) PARA CHAPISCO CONVENCIONAL, PREPARO MECÂNICO COM MISTURADOR DE EIXO HORIZONTAL DE 600 KG. AF_08/2019","M3",586.55999999999995,87354,null,580.24,586.55999999999995]
[null,87355,"ARGAMASSA TRAÇO 1:4 (EM VOLUME DE CIMENTO E AREIA GROSSA ÚMIDA) PARA CHAPISCO CONVENCIONAL, PREPARO MECÂNICO COM MISTURADOR DE EIXO HORIZONTAL DE 160 KG. AF_08/2019","M3",583.63,87355,null,570.33000000000004,583.63]
[null,87356,"ARGAMASSA TRAÇO 1:4 (EM VOLUME DE CIMENTO E AREIA GROSSA ÚMIDA) PARA CHAPISCO CONVENCIONAL, PREPARO MECÂNICO COM MISTURADOR DE EIXO HORIZONTAL DE 300 KG. AF_08/2019","M3",538.27,87356,null,529.79,538.27]
[null,87357,"ARGAMASSA TRAÇO 1:4 (EM VOLUME DE CIMENTO E AREIA GROSSA ÚMIDA) PARA CHAPISCO CONVENCIONAL, PREPARO MECÂNICO COM MISTURADOR DE EIXO HORIZONTAL DE 600 KG. AF_08/2019","M3",516.79999999999995,87357,null,510.64,516.79999999999995]
[null,87358,"ARGAMASSA TRAÇO 1:5 (EM VOLUME DE CIMENTO E AREIA GROSSA ÚMIDA) COM ADIÇÃO DE EMULSÃO POLIMÉRICA PARA CHAPISCO ROLADO, PREPARO MECÂNICO COM MISTURADOR DE EIXO HORIZONTAL DE 300 KG. AF_08/2019","M3",3134.84,87358,null,3123.94,3134.84]
[null,87359,"ARGAMASSA TRAÇO 1:5 (EM VOLUME DE CIMENTO E AREIA GROSSA ÚMIDA) COM ADIÇÃO DE EMULSÃO POLIMÉRICA PARA CHAPISCO ROLADO, PREPARO MECÂNICO COM MISTURADOR DE EIXO HORIZONTAL DE 600 KG. AF_08/2019","M3",3109.96,87359,null,3102.68,3109.96]
[null,87360,"ARGAMASSA TRAÇO 1:3 (EM VOLUME DE CIMENTO E AREIA GROSSA ÚMIDA) COM ADIÇÃO DE EMULSÃO POLIMÉRICA PARA CHAPISCO ROLADO, PREPARO MECÂNICO COM MISTURADOR DE EIXO HORIZONTAL DE 160 KG. AF_08/2019","M3",3252.59,87360,null,3238.6,3252.59]
[null,87361,"ARGAMASSA TRAÇO 1:3 (EM VOLUME DE CIMENTO E AREIA GROSSA ÚMIDA) COM ADIÇÃO DE EMULSÃO POLIMÉRICA PARA CHAPISCO ROLADO, PREPARO MECÂNICO COM MISTURADOR DE EIXO HORIZONTAL DE 300 KG. AF_08/2019","M3",3213.91,87361,null,3205.54,3213.91]
[null,87362,"ARGAMASSA TRAÇO 1:3 (EM VOLUME DE CIMENTO E AREIA GROSSA ÚMIDA) COM ADIÇÃO DE EMULSÃO POLIMÉRICA PARA CHAPISCO ROLADO, PREPARO MECÂNICO COM MISTURADOR DE EIXO HORIZONTAL DE 600 KG. AF_08/2019","M3",3213.69,87362,null,3207.57,3213.69]
[null,87363,"ARGAMASSA TRAÇO 1:4 (EM VOLUME DE CIMENTO E AREIA GROSSA ÚMIDA) COM ADIÇÃO DE EMULSÃO POLIMÉRICA PARA CHAPISCO ROLADO, PREPARO MECÂNICO COM MISTURADOR DE EIXO HORIZONTAL DE 300 KG. AF_08/2019","M3",3177.64,87363,null,3165.75,3177.64]
[null,87364,"ARGAMASSA TRAÇO 1:4 (EM VOLUME DE CIMENTO E AREIA GROSSA ÚMIDA) COM ADIÇÃO DE EMULSÃO POLIMÉRICA PARA CHAPISCO ROLADO, PREPARO MECÂNICO COM MISTURADOR DE EIXO HORIZONTAL DE 600 KG. AF_08/2019","M3",3153.42,87364,null,3146.99,3153.42]
[null,87365,"ARGAMASSA TRAÇO 1:7 (EM VOLUME DE CIMENTO E AREIA MÉDIA ÚMIDA) COM ADIÇÃO DE PLASTIFICANTE PARA EMBOÇO/MASSA ÚNICA/ASSENTAMENTO DE ALVENARIA DE VEDAÇÃO, PREPARO MANUAL. AF_08/2019","M3",618.02,87365,null,596.64,618.02]
[null,87366,"ARGAMASSA TRAÇO 1:6 (EM VOLUME DE CIMENTO E AREIA MÉDIA ÚMIDA) COM ADIÇÃO DE PLASTIFICANTE PARA EMBOÇO/MASSA ÚNICA/ASSENTAMENTO DE ALVENARIA DE VEDAÇÃO, PREPARO MANUAL. AF_08/2019","M3",653.4,87366,null,631.34,653.4]
[null,87367,"ARGAMASSA TRAÇO 1:1:6 (EM VOLUME DE CIMENTO, CAL E AREIA MÉDIA ÚMIDA) PARA EMBOÇO/MASSA ÚNICA/ASSENTAMENTO DE ALVENARIA DE VEDAÇÃO, PREPARO MANUAL. AF_08/2019","M3",741.56,87367,null,719.32,741.56]
[null,87368,"ARGAMASSA TRAÇO 1:1,5:7,5 (EM VOLUME DE CIMENTO, CAL E AREIA MÉDIA ÚMIDA) PARA EMBOÇO/MASSA ÚNICA/ASSENTAMENTO DE ALVENARIA DE VEDAÇÃO, PREPARO MANUAL. AF_08/2019","M3",715.01,87368,null,692.59,715.01]
[null,87369,"ARGAMASSA TRAÇO 1:2:8 (EM VOLUME DE CIMENTO, CAL E AREIA MÉDIA ÚMIDA) PARA EMBOÇO/MASSA ÚNICA/ASSENTAMENTO DE ALVENARIA DE VEDAÇÃO, PREPARO MANUAL. AF_08/2019","M3",725.84,87369,null,703.86,725.84]
[null,87370,"ARGAMASSA TRAÇO 1:2:9 (EM VOLUME DE CIMENTO, CAL E AREIA MÉDIA ÚMIDA) PARA EMBOÇO/MASSA ÚNICA/ASSENTAMENTO DE ALVENARIA DE VEDAÇÃO, PREPARO MANUAL. AF_08/2019","M3",699.74,87370,null,677.62,699.74]
[null,87371,"ARGAMASSA TRAÇO 1:3:12 (EM VOLUME DE CIMENTO, CAL E AREIA MÉDIA ÚMIDA) PARA EMBOÇO/MASSA ÚNICA/ASSENTAMENTO DE ALVENARIA DE VEDAÇÃO, PREPARO MANUAL. AF_08/2019","M3",679.13,87371,null,657.58,679.13]
[null,87372,"ARGAMASSA TRAÇO 1:3 (EM VOLUME DE CIMENTO E AREIA MÉDIA ÚMIDA) PARA CONTRAPISO, PREPARO MANUAL. AF_08/2019","M3",928.99,87372,null,905.93,928.99]
[null,87373,"ARGAMASSA TRAÇO 1:4 (EM VOLUME DE CIMENTO E AREIA MÉDIA ÚMIDA) PARA CONTRAPISO, PREPARO MANUAL. AF_08/2019","M3",826.72,87373,null,804.9,826.72]
[null,87374,"ARGAMASSA TRAÇO 1:5 (EM VOLUME DE CIMENTO E AREIA MÉDIA ÚMIDA) PARA CONTRAPISO, PREPARO MANUAL. AF_08/2019","M3",766.89,87374,null,744.91,766.89]
[null,87375,"ARGAMASSA TRAÇO 1:6 (EM VOLUME DE CIMENTO E AREIA MÉDIA ÚMIDA) PARA CONTRAPISO, PREPARO MANUAL. AF_08/2019","M3",727.72,87375,null,705.33,727.72]
[null,87376,"ARGAMASSA TRAÇO 1:5 (EM VOLUME DE CIMENTO E AREIA GROSSA ÚMIDA) PARA CHAPISCO CONVENCIONAL, PREPARO MANUAL. AF_08/2019","M3",626.91,87376,null,605.53,626.91]
[null,87377,"ARGAMASSA TRAÇO 1:3 (EM VOLUME DE CIMENTO E AREIA GROSSA ÚMIDA) PARA CHAPISCO CONVENCIONAL, PREPARO MANUAL. AF_08/2019","M3",744.97,87377,null,723.15,744.97]
[null,87378,"ARGAMASSA TRAÇO 1:4 (EM VOLUME DE CIMENTO E AREIA GROSSA ÚMIDA) PARA CHAPISCO CONVENCIONAL, PREPARO MANUAL. AF_08/2019","M3",669.59,87378,null,648.48,669.59]
[null,87379,"ARGAMASSA TRAÇO 1:5 (EM VOLUME DE CIMENTO E AREIA GROSSA ÚMIDA) COM ADIÇÃO DE EMULSÃO POLIMÉRICA PARA CHAPISCO ROLADO, PREPARO MANUAL. AF_08/2019","M3",3276.81,87379,null,3255.73,3276.81]
[null,87380,"ARGAMASSA TRAÇO 1:3 (EM VOLUME DE CIMENTO E AREIA GROSSA ÚMIDA) COM ADIÇÃO DE EMULSÃO POLIMÉRICA PARA CHAPISCO ROLADO, PREPARO MANUAL. AF_08/2019","M3",3385.33,87380,null,3363.81,3385.33]
[null,87381,"ARGAMASSA TRAÇO 1:4 (EM VOLUME DE CIMENTO E AREIA GROSSA ÚMIDA) COM ADIÇÃO DE EMULSÃO POLIMÉRICA PARA CHAPISCO ROLADO, PREPARO MANUAL. AF_08/2019","M3",3315.36,87381,null,3294.55,3315.36]
[null,87382,"ARGAMASSA INDUSTRIALIZADA MULTIUSO PARA REVESTIMENTOS E ASSENTAMENTO DA ALVENARIA, PREPARO COM MISTURADOR DE EIXO HORIZONTAL DE 160 KG. AF_08/2019","M3",2505.21,87382,null,2496.16,2505.21]
[null,87383,"ARGAMASSA INDUSTRIALIZADA MULTIUSO PARA REVESTIMENTOS E ASSENTAMENTO DA ALVENARIA, PREPARO COM MISTURADOR DE EIXO HORIZONTAL DE 300 KG. AF_08/2019","M3",2510.4899999999998,87383,null,2503.38,2510.4899999999998]
[null,87384,"ARGAMASSA INDUSTRIALIZADA MULTIUSO PARA REVESTIMENTOS E ASSENTAMENTO DA ALVENARIA, PREPARO COM MISTURADOR DE EIXO HORIZONTAL DE 600 KG. AF_08/2019","M3",2509.85,87384,null,2504.4699999999998,2509.85]
[null,87385,"ARGAMASSA PRONTA PARA CONTRAPISO, PREPARO COM MISTURADOR DE EIXO HORIZONTAL DE 160 KG. AF_08/2019","M3",2907.62,87385,null,2896.82,2907.62]
[null,87386,"ARGAMASSA PRONTA PARA CONTRAPISO, PREPARO COM MISTURADOR DE EIXO HORIZONTAL DE 300 KG. AF_08/2019","M3",2909.67,87386,null,2901.51,2909.67]
[null,87387,"ARGAMASSA PRONTA PARA CONTRAPISO, PREPARO COM MISTURADOR DE EIXO HORIZONTAL DE 600 KG. AF_08/2019","M3",2912.99,87387,null,2906.68,2912.99]
[null,87388,"ARGAMASSA PARA REVESTIMENTO DECORATIVO MONOCAMADA (MONOCAPA), PREPARO COM MISTURADOR DE EIXO HORIZONTAL DE 160 KG. AF_08/2019","M3",7045.7,87388,null,7036.58,7045.7]
[null,87389,"ARGAMASSA PARA REVESTIMENTO DECORATIVO MONOCAMADA (MONOCAPA), PREPARO COM MISTURADOR DE EIXO HORIZONTAL DE 300 KG. AF_08/2019","M3",7083.94,87389,null,7076.89,7083.94]
[null,87390,"ARGAMASSA PARA REVESTIMENTO DECORATIVO MONOCAMADA (MONOCAPA), PREPARO COM MISTURADOR DE EIXO HORIZONTAL DE 600 KG. AF_08/2019","M3",{"$f":"IF($K$2=$H$1,H6979,I6979)","v":7129.87},87390,null,7124.49,7129.87]
[null,87391,"ARGAMASSA INDUSTRIALIZADA PARA CHAPISCO ROLADO, PREPARO COM MISTURADOR DE EIXO HORIZONTAL DE 160 KG. AF_08/2019","M3",7826.94,{"$f":"IF(LEN($B6980)=7,CONCATENATE(MID($B6980,1,6),\"00\",RIGHT($B6980,1)),IF(LEN($B6980)=8,CONCATENATE(MID($B6980,1,6),\"0\",RIGHT($B6980,2)),$B6980))","v":87391},null,7815.12,7826.94]
[null,87393,"ARGAMASSA INDUSTRIALIZADA PARA CHAPISCO ROLADO, PREPARO COM MISTURADOR DE EIXO HORIZONTAL DE 300 KG. AF_08/2019","M3",7908.67,87393,null,7899.09,7908.67]
[null,87394,"ARGAMASSA INDUSTRIALIZADA PARA CHAPISCO ROLADO, PREPARO COM MISTURADOR DE EIXO HORIZONTAL DE 600 KG. AF_08/2019","M3",7989.29,87394,null,7981.52,7989.29]
[null,87395,"ARGAMASSA INDUSTRIALIZADA PARA CHAPISCO COLANTE, PREPARO COM MISTURADOR DE EIXO HORIZONTAL DE 160 KG. AF_08/2019","M3",4914.03,87395,null,4902.21,4914.03]
[null,87396,"ARGAMASSA INDUSTRIALIZADA PARA CHAPISCO COLANTE, PREPARO COM MISTURADOR DE EIXO HORIZONTAL DE 300 KG. AF_08/2019","M3",4956.6400000000003,87396,null,4947.0600000000004,4956.6400000000003]
[null,87397,"ARGAMASSA INDUSTRIALIZADA PARA CHAPISCO COLANTE, PREPARO COM MISTURADOR DE EIXO HORIZONTAL DE 600 KG. AF_08/2019","M3",4999.88,87397,null,4992.1099999999997,4999.88]
[null,87398,"ARGAMASSA INDUSTRIALIZADA MULTIUSO PARA REVESTIMENTOS E ASSENTAMENTO DA ALVENARIA, PREPARO MANUAL. AF_08/2019","M3",2731.72,87398,null,2706.8,2731.72]
[null,87399,"ARGAMASSA PRONTA PARA CONTRAPISO, PREPARO MANUAL. AF_08/2019","M3",3139.32,87399,null,3112.54,3139.32]
[null,87401,"ARGAMASSA INDUSTRIALIZADA PARA CHAPISCO ROLADO, PREPARO MANUAL. AF_08/2019","M3",8180.94,87401,null,8149.7,8180.94]
[null,87402,"ARGAMASSA INDUSTRIALIZADA PARA CHAPISCO COLANTE, PREPARO MANUAL. AF_08/2019","M3",5208.3900000000003,87402,null,5177.1499999999996,5208.3900000000003]
[null,87404,"ARGAMASSA PARA REVESTIMENTO DECORATIVO MONOCAMADA (MONOCAPA), MISTURA E PROJEÇÃO DE 1,5 M3/H DE ARGAMASSA. AF_08/2019","M3",7292.74,87404,null,7279.99,7292.74]
[null,87405,"ARGAMASSA PARA REVESTIMENTO DECORATIVO MONOCAMADA (MONOCAPA), MISTURA E PROJEÇÃO DE 2 M3/H DE ARGAMASSA. AF_08/2019","M3",7326.77,87405,null,7317.21,7326.77]
[null,87407,"ARGAMASSA INDUSTRIALIZADA PARA REVESTIMENTOS, MISTURA E PROJEÇÃO DE 1,5 M³/H DE ARGAMASSA. AF_08/2019","M3",2551.27,87407,null,2542.66,2551.27]
[null,87408,"ARGAMASSA INDUSTRIALIZADA PARA REVESTIMENTOS, MISTURA E PROJEÇÃO DE 2 M³/H DE ARGAMASSA. AF_08/2019","M3",2545.37,87408,null,2538.92,2545.37]
[null,87410,"ARGAMASSA À BASE DE GESSO, MISTURA E PROJEÇÃO DE 1,5 M³/H DE ARGAMASSA. AF_08/2019","M3",983.95,87410,null,971.95,983.95]
[null,88626,"ARGAMASSA TRAÇO 1:0,5:4,5 (EM VOLUME DE CIMENTO, CAL E AREIA MÉDIA ÚMIDA), PREPARO MECÂNICO COM BETONEIRA 400 L. AF_08/2019","M3",620.82000000000005,88626,null,612.95000000000005,620.82000000000005]
[null,88627,"ARGAMASSA TRAÇO 1:0,5:4,5 (EM VOLUME DE CIMENTO, CAL E AREIA MÉDIA ÚMIDA) PARA ASSENTAMENTO DE ALVENARIA, PREPARO MANUAL. AF_08/2019","M3",720.01,88627,null,702.63,720.01]
[null,88628,"ARGAMASSA TRAÇO 1:3 (EM VOLUME DE CIMENTO E AREIA MÉDIA ÚMIDA), PREPARO MECÂNICO COM BETONEIRA 400 L. AF_08/2019","M3",663.62,88628,null,656.67,663.62]
[null,88629,"ARGAMASSA TRAÇO 1:3 (EM VOLUME DE CIMENTO E AREIA MÉDIA ÚMIDA), PREPARO MANUAL. AF_08/2019","M3",767.22,88629,null,750.25,767.22]
[null,88630,"ARGAMASSA TRAÇO 1:4 (CIMENTO E AREIA MÉDIA), PREPARO MECÂNICO COM BETONEIRA 400 L. AF_08/2019","M3",562.24,88630,null,555.41999999999996,562.24]
[null,88631,"ARGAMASSA TRAÇO 1:4 (EM VOLUME DE CIMENTO E AREIA MÉDIA ÚMIDA), PREPARO MANUAL. AF_08/2019","M3",684.11,88631,null,667.69,684.11]
[null,88715,"ARGAMASSA TRAÇO 1:2:9 (EM VOLUME DE CIMENTO, CAL E AREIA MÉDIA ÚMIDA) PARA EMBOÇO/MASSA ÚNICA/ASSENTAMENTO DE ALVENARIA DE VEDAÇÃO, PREPARO MECÂNICO COM BETONEIRA 400 L. AF_08/2019","M3",568.73,88715,null,560.08000000000004,568.73]
[null,100464,"ARGAMASSA TRAÇO 1:0,5:4,5  (EM VOLUME DE CIMENTO, CAL E AREIA MÉDIA ÚMIDA), PREPARO MECÂNICO COM MISTURADOR DE EIXO HORIZONTAL DE 160 KG. AF_08/2019","M3",641.16,100464,null,630.36,641.16]
[null,100465,"ARGAMASSA TRAÇO 1:0,5:4,5  (EM VOLUME DE CIMENTO, CAL E AREIA MÉDIA ÚMIDA), PREPARO MECÂNICO COM MISTURADOR DE EIXO HORIZONTAL DE 300 KG. AF_08/2019","M3",607.84,100465,null,600.72,607.84]
[null,100466,"ARGAMASSA TRAÇO 1:0,5:4,5  (EM VOLUME DE CIMENTO, CAL E AREIA MÉDIA ÚMIDA), PREPARO MECÂNICO COM MISTURADOR DE EIXO HORIZONTAL DE 600 KG. AF_08/2019","M3",592.14,100466,null,586.85,592.14]
[null,100468,"ARGAMASSA TRAÇO 1:3 (EM VOLUME DE CIMENTO E AREIA MÉDIA ÚMIDA), PREPARO MECÂNICO COM MISTURADOR DE EIXO HORIZONTAL DE 160 KG. AF_08/2019","M3",772.12,100468,null,758.34,772.12]
[null,100469,"ARGAMASSA TRAÇO 1:3 (EM VOLUME DE CIMENTO E AREIA MÉDIA ÚMIDA), PREPARO MECÂNICO COM MISTURADOR DE EIXO HORIZONTAL DE 300 KG. AF_08/2019","M3",652.26,100469,null,645.66,652.26]
[null,100470,"ARGAMASSA TRAÇO 1:3 (EM VOLUME DE CIMENTO E AREIA MÉDIA ÚMIDA), PREPARO MECÂNICO COM MISTURADOR DE EIXO HORIZONTAL DE 600 KG. AF_08/2019","M3",587.96,100470,null,581.36,587.96]
[null,100472,"ARGAMASSA TRAÇO 1:4 (EM VOLUME DE CIMENTO E AREIA MÉDIA ÚMIDA), PREPARO MECÂNICO COM MISTURADOR DE EIXO HORIZONTAL DE 160 KG. AF_08/2019","M3",624.48,100472,null,612.83000000000004,624.48]
[null,100473,"ARGAMASSA TRAÇO 1:4 (EM VOLUME DE CIMENTO E AREIA MÉDIA ÚMIDA), PREPARO MECÂNICO COM MISTURADOR DE EIXO HORIZONTAL DE 300 KG. AF_08/2019","M3",581.59,100473,null,574.42999999999995,581.59]
[null,100474,"ARGAMASSA TRAÇO 1:4 (EM VOLUME DE CIMENTO E AREIA MÉDIA ÚMIDA), PREPARO MECÂNICO COM MISTURADOR DE EIXO HORIZONTAL DE 600 KG. AF_08/2019","M3",564.32000000000005,100474,null,559.28,564.32000000000005]
[null,100475,"ARGAMASSA TRAÇO 1:3 (EM VOLUME DE CIMENTO E AREIA MÉDIA ÚMIDA) COM ADIÇÃO DE IMPERMEABILIZANTE, PREPARO MECÂNICO COM BETONEIRA 400 L. AF_08/2019","M3",821.36,100475,null,813.74,821.36]
[null,100477,"ARGAMASSA TRAÇO 1:3 (EM VOLUME DE CIMENTO E AREIA MÉDIA ÚMIDA) COM ADIÇÃO DE IMPERMEABILIZANTE, PREPARO MECÂNICO COM MISTURADOR DE EIXO HORIZONTAL DE 160 KG. AF_08/2019","M3",871.58,100477,null,857.12,871.58]
[null,100478,"ARGAMASSA TRAÇO 1:3 (EM VOLUME DE CIMENTO E AREIA MÉDIA ÚMIDA) COM ADIÇÃO DE IMPERMEABILIZANTE, PREPARO MECÂNICO COM MISTURADOR DE EIXO HORIZONTAL DE 300 KG. AF_08/2019","M3",806.12,100478,null,798.86,806.12]
[null,100479,"ARGAMASSA TRAÇO 1:3 (EM VOLUME DE CIMENTO E AREIA MÉDIA ÚMIDA) COM ADIÇÃO DE IMPERMEABILIZANTE, PREPARO MECÂNICO COM MISTURADOR DE EIXO HORIZONTAL DE 600 KG. AF_08/2019","M3",793.3,100479,null,787.64,793.3]
[null,100480,"ARGAMASSA TRAÇO 1:3 (EM VOLUME DE CIMENTO E AREIA MÉDIA ÚMIDA) COM ADIÇÃO DE IMPERMEABILIZANTE, PREPARO MANUAL. AF_08/2019","M3",923.99,100480,null,906.37,923.99]
[null,100481,"ARGAMASSA TRAÇO 1:4 (EM VOLUME DE CIMENTO E AREIA MÉDIA ÚMIDA) COM ADIÇÃO DE IMPERMEABILIZANTE, PREPARO MECÂNICO COM BETONEIRA 400 L. AF_08/2019","M3",708.1,100481,null,700.98,708.1]
[null,100483,"ARGAMASSA TRAÇO 1:4 (EM VOLUME DE CIMENTO E AREIA MÉDIA ÚMIDA) COM ADIÇÃO DE IMPERMEABILIZANTE, PREPARO MECÂNICO COM MISTURADOR DE EIXO HORIZONTAL DE 160 KG. AF_08/2019","M3",745.71,100483,null,733.51,745.71]
[null,100484,"ARGAMASSA TRAÇO 1:4 (EM VOLUME DE CIMENTO E AREIA MÉDIA ÚMIDA) COM ADIÇÃO DE IMPERMEABILIZANTE, PREPARO MECÂNICO COM MISTURADOR DE EIXO HORIZONTAL DE 300 KG. AF_08/2019","M3",704.01,100484,null,696.29,704.01]
[null,100485,"ARGAMASSA TRAÇO 1:4 (EM VOLUME DE CIMENTO E AREIA MÉDIA ÚMIDA) COM ADIÇÃO DE IMPERMEABILIZANTE, PREPARO MECÂNICO COM MISTURADOR DE EIXO HORIZONTAL DE 600 KG. AF_08/2019","M3",689,100485,null,683.36,689]
[null,100486,"ARGAMASSA TRAÇO 1:4 (EM VOLUME DE CIMENTO E AREIA MÉDIA ÚMIDA) COM ADIÇÃO DE IMPERMEABILIZANTE, PREPARO MANUAL. AF_08/2019","M3",816.73,100486,null,799.8,816.73]
[null,100487,"ARGAMASSA TRAÇO 1:2:9 (EM VOLUME DE CIMENTO, CAL E AREIA MÉDIA ÚMIDA) PARA EMBOÇO/MASSA ÚNICA/ASSENTAMENTO DE ALVENARIA DE VEDAÇÃO, PREPARO MECÂNICO COM MISTURADOR DE EIXO HORIZONTAL DE 600 KG. AF_08/2019","M3",545.4,100487,null,538.52,545.4]
[null,100488,"ARGAMASSA TRAÇO 1:0,5:4,5 (EM VOLUME DE CIMENTO, CAL E AREIA MÉDIA ÚMIDA), PREPARO MECÂNICO COM BETONEIRA 600 L. AF_08/2019","M3",615.39,100488,null,608.82000000000005,615.39]
[null,100489,"ARGAMASSA TRAÇO 1:3 (EM VOLUME DE CIMENTO E AREIA MÉDIA ÚMIDA), PREPARO MECÂNICO COM BETONEIRA 600 L. AF_08/2019","M3",663.54,100489,null,657.1,663.54]
[null,100490,"ARGAMASSA TRAÇO 1:4 (EM VOLUME DE CIMENTO E AREIA MÉDIA ÚMIDA), PREPARO MECÂNICO COM BETONEIRA 600 L. AF_08/2019","M3",583.36,100490,null,577.29,583.36]
[null,100491,"ARGAMASSA TRAÇO 1:3 (EM VOLUME DE CIMENTO E AREIA MÉDIA ÚMIDA) COM ADIÇÃO DE IMPERMEABILIZANTE, PREPARO MECÂNICO COM BETONEIRA 600 L. AF_08/2019","M3",822.5,100491,null,815.31,822.5]
[null,100492,"ARGAMASSA TRAÇO 1:4 (EM VOLUME DE CIMENTO E AREIA MÉDIA ÚMIDA) COM ADIÇÃO DE IMPERMEABILIZANTE, PREPARO MECÂNICO COM BETONEIRA 600 L. AF_08/2019","M3",709.94,100492,null,703.28,709.94]
[null,105515,"ARGAMASSA TRAÇO 1:1,93 (EM VOLUME DE CIMENTO E AREIA MÉDIA ÚMIDA), FCK 20MPA, PREPARO MECÂNICO COM MISTURADOR DUPLO HORIZONTAL DE ALTA TURBULÊNCIA. AF_03/2020","M3",955.56,105515,null,939.34,955.56]
[null,92121,"PENEIRAMENTO DE AREIA COM PENEIRA ELÉTRICA. AF_11/2015","M3",29.59,92121,null,26.98,29.59]
[null,92122,"PENEIRAMENTO DE AREIA COM PENEIRA MANUAL. AF_11/2015","M3",48.72,92122,null,43.97,48.72]
[null,92123,"ENSACAMENTO DE AREIA. AF_11/2015","M3",51.81,92123,null,48.76,51.81]
[null,100195,"TRANSPORTE HORIZONTAL MANUAL, DE SACOS DE 50 KG (UNIDADE: KGXKM). AF_07/2019","KGXKM",0.74,100195,null,0.67,0.74]
[null,100196,"TRANSPORTE HORIZONTAL MANUAL, DE SACOS DE 30 KG (UNIDADE: KGXKM). AF_07/2019","KGXKM",1.24,100196,null,1.1200000000000001,1.24]
[null,100197,"TRANSPORTE HORIZONTAL MANUAL, DE SACOS DE 20 KG (UNIDADE: KGXKM). AF_07/2019","KGXKM",1.86,100197,null,1.68,1.86]
[null,100198,"TRANSPORTE HORIZONTAL COM CARRINHO PLATAFORMA, DE SACOS DE 50 KG (UNIDADE: KGXKM). AF_07/2019","KGXKM",0.26,100198,null,0.23,0.26]
[null,100199,"TRANSPORTE HORIZONTAL COM CARRINHO PLATAFORMA, DE SACOS DE 30 KG (UNIDADE: KGXKM). AF_07/2019","KGXKM",0.31,100199,null,0.28000000000000003,0.31]
[null,100200,"TRANSPORTE HORIZONTAL COM CARRINHO PLATAFORMA, DE SACOS DE 20 KG (UNIDADE: KGXKM). AF_07/2019","KGXKM",0.38,100200,null,0.34,0.38]
[null,100201,"TRANSPORTE HORIZONTAL COM CARRINHO DE MÃO, DE SACOS DE 50 KG (UNIDADE: KGXKM). AF_07/2019","KGXKM",0.75,100201,null,0.68,0.75]
[null,100202,"TRANSPORTE HORIZONTAL COM CARRINHO DE MÃO, DE SACOS DE 30 KG (UNIDADE: KGXKM). AF_07/2019","KGXKM",0.88,100202,null,0.79,0.88]
[null,100203,"TRANSPORTE HORIZONTAL COM CARRINHO DE MÃO, DE SACOS DE 20 KG (UNIDADE: KGXKM). AF_07/2019","KGXKM",1.04,100203,null,0.94,1.04]
[null,100204,"TRANSPORTE HORIZONTAL COM MANIPULADOR TELESCÓPICO, DE PÁLETE DE SACOS (UNIDADE: KGXKM). AF_07/2019","KGXKM",0.11,100204,null,0.11,0.11]
[null,100205,"TRANSPORTE HORIZONTAL COM JERICA DE 60 L, DE MASSA/ GRANEL (UNIDADE: M3XKM). AF_07/2019","M3XKM",1387.98,100205,null,1252.74,1387.98]
[null,100206,"TRANSPORTE HORIZONTAL COM JERICA DE 90 L, DE MASSA/ GRANEL (UNIDADE: M3XKM). AF_07/2019","M3XKM",1003.27,100206,null,905.51,1003.27]
[null,100207,"TRANSPORTE HORIZONTAL COM CARREGADEIRA, DE MASSA/ GRANEL (UNIDADE: M3XKM). AF_07/2019","M3XKM",{"$f":"IF($K$2=$H$1,H7043,I7043)","v":484.83},100207,null,468.81,484.83]
[null,100208,"TRANSPORTE HORIZONTAL MANUAL, DE BLOCOS VAZADOS DE CONCRETO OU CERÂMICO DE 19X19X39CM (UNIDADE: BLOCOXKM). AF_07/2019","UNXKM",18.36,{"$f":"IF(LEN($B7044)=7,CONCATENATE(MID($B7044,1,6),\"00\",RIGHT($B7044,1)),IF(LEN($B7044)=8,CONCATENATE(MID($B7044,1,6),\"0\",RIGHT($B7044,2)),$B7044))","v":100208},null,16.57,18.36]
[null,100209,"TRANSPORTE HORIZONTAL MANUAL, DE BLOCOS CERÂMICOS FURADOS NA HORIZONTAL DE 9X19X19CM (UNIDADE: BLOCOXKM). AF_07/2019","UNXKM",9.18,100209,null,8.2799999999999994,9.18]
[null,100210,"TRANSPORTE HORIZONTAL COM CARRINHO DE MÃO, DE BLOCOS VAZADOS DE CONCRETO OU CERÂMICO DE 19X19X39CM (UNIDADE: BLOCOXKM). AF_07/2019","UNXKM",16.91,100210,null,15.26,16.91]
[null,100211,"TRANSPORTE HORIZONTAL COM CARRINHO DE MÃO, DE BLOCOS CERÂMICOS FURADOS NA HORIZONTAL DE 9X19X19CM (UNIDADE: BLOCOXKM). AF_07/2019","UNXKM",6.52,100211,null,5.89,6.52]
[null,100212,"TRANSPORTE HORIZONTAL COM CARRINHO PLATAFORMA, DE BLOCOS VAZADOS DE CONCRETO OU CERÂMICO DE 19X19X39CM (UNIDADE: BLOCOXKM). AF_07/2019","UNXKM",7.2,100212,null,6.5,7.2]
[null,100213,"TRANSPORTE HORIZONTAL COM CARRINHO PLATAFORMA, DE BLOCOS CERÂMICOS FURADOS NA HORIZONTAL DE 9X19X19CM (UNIDADE: BLOCOXKM). AF_07/2019","UNXKM",2.59,100213,null,2.33,2.59]
[null,100214,"TRANSPORTE HORIZONTAL COM CARRINHO MINI PÁLETES, DE BLOCOS VAZADOS DE CONCRETO DE 19X19X39CM (UNIDADE: BLOCOXKM). AF_07/2019","UNXKM",3.97,100214,null,3.58,3.97]
[null,100215,"TRANSPORTE HORIZONTAL COM CARRINHO MINI PÁLETES, DE BLOCOS CERÂMICOS FURADOS NA VERTICAL DE 19X19X39CM (UNIDADE: BLOCOXKM). AF_07/2019","UNXKM",3.4,100215,null,3.07,3.4]
[null,100216,"TRANSPORTE HORIZONTAL COM CARRINHO MINI PÁLETES, DE BLOCOS CERÂMICOS FURADOS NA HORIZONTAL DE 9X19X19CM (UNIDADE: BLOCOXKM). AF_07/2019","UNXKM",0.91,100216,null,0.82,0.91]
[null,100217,"TRANSPORTE HORIZONTAL COM MANIPULADOR TELESCÓPICO, DE BLOCOS VAZADOS DE CONCRETO DE 19X19X39CM (UNIDADE: BLOCOXKM). AF_07/2019","UNXKM",3.26,100217,null,3.17,3.26]
[null,100218,"TRANSPORTE HORIZONTAL COM MANIPULADOR TELESCÓPICO, DE BLOCOS CERÂMICOS FURADOS NA VERTICAL DE 19X19X39CM (UNIDADE: BLOCOXKM). AF_07/2019","UNXKM",2.23,100218,null,2.1800000000000002,2.23]
[null,100219,"TRANSPORTE HORIZONTAL COM MANIPULADOR TELESCÓPICO, DE BLOCOS CERÂMICOS FURADOS NA HORIZONTAL DE 9X19X19CM (UNIDADE: BLOCOXKM). AF_07/2019","UNXKM",0.49,100219,null,0.47,0.49]
[null,100220,"TRANSPORTE HORIZONTAL MANUAL, DE CAIXA COM REVESTIMENTO CERÂMICO (UNIDADE: M2XKM). AF_07/2019","M2XKM",26.37,100220,null,23.8,26.37]
[null,100221,"TRANSPORTE HORIZONTAL COM CARRINHO DE MÃO, DE CAIXA COM REVESTIMENTO CERÂMICO (UNIDADE: M2XKM). AF_07/2019","M2XKM",29.9,100221,null,26.98,29.9]
[null,100222,"TRANSPORTE HORIZONTAL COM CARRINHO PLATAFORMA, DE CAIXA COM REVESTIMENTO CERÂMICO (UNIDADE: M2XKM). AF_07/2019","M2XKM",11.32,100222,null,10.220000000000001,11.32]
[null,100223,"TRANSPORTE HORIZONTAL COM CARRINHO MINI PÁLETES, DE CAIXA COM REVESTIMENTO CERÂMICO (UNIDADE: M2XKM). AF_07/2019","M2XKM",5.3,100223,null,4.78,5.3]
[null,100224,"TRANSPORTE HORIZONTAL COM MANIPULADOR TELESCÓPICO, DE CAIXA COM REVESTIMENTO CERÂMICO (UNIDADE: M2XKM). AF_07/2019","M2XKM",3.26,100224,null,3.17,3.26]
[null,100225,"TRANSPORTE HORIZONTAL MANUAL, DE LATA DE 18 LITROS (UNIDADE: LXKM). AF_07/2019","LXKM",2.0699999999999998,100225,null,1.87,2.0699999999999998]
[null,100226,"TRANSPORTE HORIZONTAL COM CARRINHO PLATAFORMA, DE LATA DE 18 LITROS (UNIDADE: LXKM). AF_07/2019","LXKM",0.65,100226,null,0.57999999999999996,0.65]
[null,100227,"TRANSPORTE HORIZONTAL COM CARRINHO RACIONAL, DE LATA DE 18 LITROS (UNIDADE: LXKM). AF_07/2019","LXKM",0.96,100227,null,0.86,0.96]
[null,100228,"TRANSPORTE HORIZONTAL COM MANIPULADOR TELESCÓPICO, DE LATA DE 18 LITROS (UNIDADE: LXKM). AF_07/2019","LXKM",0.32,100228,null,0.31,0.32]
[null,100229,"TRANSPORTE VERTICAL MANUAL, 1 PAVIMENTO, DE SACOS DE 50 KG (UNIDADE: KG). AF_07/2019","KG",0.01,100229,null,0.01,0.01]
[null,100230,"TRANSPORTE VERTICAL MANUAL, 1 PAVIMENTO, DE SACOS DE 30 KG (UNIDADE: KG). AF_07/2019","KG",0.02,100230,null,0.02,0.02]
[null,100231,"TRANSPORTE VERTICAL MANUAL, 1 PAVIMENTO, DE SACOS DE 20 KG (UNIDADE: KG). AF_07/2019","KG",0.03,100231,null,0.03,0.03]
[null,100232,"TRANSPORTE VERTICAL MANUAL, 1 PAVIMENTO, DE BLOCOS VAZADOS DE CONCRETO OU CERÂMICO DE 19X19X39CM (UNIDADE: BLOCO). AF_07/2019","UN",0.34,100232,null,0.31,0.34]
[null,100233,"TRANSPORTE VERTICAL MANUAL, 1 PAVIMENTO, DE BLOCOS CERÂMICOS FURADOS NA HORIZONTAL DE 9X19X19CM (UNIDADE: BLOCO). AF_07/2019","UN",0.17,100233,null,0.15,0.17]
[null,100234,"TRANSPORTE VERTICAL MANUAL, 1 PAVIMENTO, DE CAIXA COM REVESTIMENTO CERÂMICO (UNIDADE: M2). AF_07/2019","M2",0.52,100234,null,0.47,0.52]
[null,100235,"TRANSPORTE VERTICAL MANUAL, 1 PAVIMENTO, DE LATA DE 18 LITROS (UNIDADE: L). AF_07/2019","L",0.04,100235,null,0.03,0.04]
[null,100236,"TRANSPORTE HORIZONTAL MANUAL, DE TUBO DE PVC SOLDÁVEL COM DIÂMETRO MENOR OU IGUAL A 60 MM (UNIDADE: MXKM). AF_07/2019","MXKM",2.63,100236,null,2.37,2.63]
[null,100237,"TRANSPORTE HORIZONTAL MANUAL, DE TUBO DE PVC SOLDÁVEL COM DIÂMETRO MAIOR QUE 60 MM E MENOR OU IGUAL A 85 MM (UNIDADE: MXKM). AF_07/2019","MXKM",3.15,100237,null,2.84,3.15]
[null,100238,"TRANSPORTE HORIZONTAL MANUAL, DE TUBO DE CPVC COM DIÂMETRO MENOR OU IGUAL A 73 MM (UNIDADE: MXKM). AF_07/2019","MXKM",5.04,100238,null,4.55,5.04]
[null,100239,"TRANSPORTE HORIZONTAL MANUAL, DE TUBO DE CPVC COM DIÂMETRO MAIOR QUE 73 MM E MENOR OU IGUAL A 89 MM (UNIDADE: MXKM). AF_07/2019","MXKM",6.31,100239,null,5.69,6.31]
[null,100240,"TRANSPORTE HORIZONTAL MANUAL, DE TUBO DE PPR - PN12 OU PN25 - COM DIÂMETRO MENOR OU IGUAL A 50 MM (UNIDADE: MXKM). AF_07/2019","MXKM",3.78,100240,null,3.41,3.78]
[null,100241,"TRANSPORTE HORIZONTAL MANUAL, DE TUBO DE PPR - PN12 OU PN25 - COM DIÂMETRO MAIOR QUE 50 MM E MENOR OU IGUAL A 75 MM (UNIDADE: MXKM). AF_07/2019","MXKM",6.31,100241,null,5.69,6.31]
[null,100242,"TRANSPORTE HORIZONTAL MANUAL, DE TUBO DE PPR - PN12 OU PN25 - COM DIÂMETRO MAIOR QUE 75 MM E MENOR OU IGUAL A 110 MM (UNIDADE: MXKM). AF_07/2019","MXKM",18.64,100242,null,16.829999999999998,18.64]
[null,100243,"TRANSPORTE HORIZONTAL MANUAL, DE TUBO DE COBRE - CLASSE E - COM DIÂMETRO MENOR OU IGUAL A 54 MM (UNIDADE: MXKM). AF_07/2019","MXKM",3.02,100243,null,2.73,3.02]
[null,100244,"TRANSPORTE HORIZONTAL MANUAL, DE TUBO DE COBRE - CLASSE E - COM DIÂMETRO MAIOR QUE 54 MM E MENOR OU IGUAL A 79 MM (UNIDADE: MXKM). AF_07/2019","MXKM",3.78,100244,null,3.41,3.78]
[null,100245,"TRANSPORTE HORIZONTAL MANUAL, DE TUBO DE COBRE - CLASSE E - COM DIÂMETRO MAIOR QUE 79 MM E MENOR OU IGUAL A 104 MM (UNIDADE: MXKM). AF_07/2019","MXKM",7.57,100245,null,6.83,7.57]
[null,100246,"TRANSPORTE HORIZONTAL MANUAL, DE TUBO DE PVC SÉRIE NORMAL - ESGOTO PREDIAL, OU REFORÇADO PARA ESGOTO OU ÁGUAS PLUVIAIS PREDIAL, COM DIÂMETRO MENOR OU IGUAL A 75 MM (UNIDADE: MXKM). AF_07/2019","MXKM",2.52,100246,null,2.27,2.52]
[null,100247,"TRANSPORTE HORIZONTAL MANUAL, DE TUBO DE PVC SÉRIE NORMAL - ESGOTO PREDIAL, OU REFORÇADO PARA ESGOTO OU ÁGUAS PLUVIAIS PREDIAL, COM DIÂMETRO MAIOR QUE 75 MM E MENOR OU IGUAL A 100 MM (UNIDADE: MXKM). AF_07/2019","MXKM",3.15,100247,null,2.84,3.15]
[null,100248,"TRANSPORTE HORIZONTAL MANUAL, DE TUBO DE PVC SÉRIE NORMAL - ESGOTO PREDIAL, OU REFORÇADO PARA ESGOTO OU ÁGUAS PLUVIAIS PREDIAL, COM DIÂMETRO MAIOR QUE 100 MM E MENOR OU IGUAL A 150 MM (UNIDADE: MXKM). AF_07/2019","MXKM",12.43,100248,null,11.22,12.43]
[null,100249,"TRANSPORTE HORIZONTAL MANUAL, DE TUBO DE AÇO CARBONO LEVE OU MÉDIO, PRETO OU GALVANIZADO, COM DIÂMETRO MENOR OU IGUAL A 20 MM (UNIDADE: MXKM). AF_07/2019","MXKM",2.52,100249,null,2.27,2.52]
[null,100250,"TRANSPORTE HORIZONTAL MANUAL, DE TUBO DE AÇO CARBONO LEVE OU MÉDIO, PRETO OU GALVANIZADO, COM DIÂMETRO MAIOR QUE 20 MM E MENOR OU IGUAL A 32 MM (UNIDADE: MXKM). AF_07/2019","MXKM",4.2,100250,null,3.79,4.2]
[null,100251,"TRANSPORTE HORIZONTAL MANUAL, DE TUBO DE AÇO CARBONO LEVE OU MÉDIO, PRETO OU GALVANIZADO, COM DIÂMETRO MAIOR QUE 32 MM E MENOR OU IGUAL A 65 MM (UNIDADE: MXKM). AF_07/2019","MXKM",12.43,100251,null,11.22,12.43]
[null,100252,"TRANSPORTE HORIZONTAL MANUAL, DE TUBO DE AÇO CARBONO LEVE OU MÉDIO, PRETO OU GALVANIZADO, COM DIÂMETRO MAIOR QUE 65 MM E MENOR OU IGUAL A 90 MM (UNIDADE: MXKM). AF_07/2019","MXKM",18.64,100252,null,16.829999999999998,18.64]
[null,100253,"TRANSPORTE HORIZONTAL MANUAL, DE TUBO DE AÇO CARBONO LEVE OU MÉDIO, PRETO OU GALVANIZADO, COM DIÂMETRO MAIOR QUE 90 MM E MENOR OU IGUAL A 125 MM (UNIDADE: MXKM). AF_07/2019","MXKM",24.86,100253,null,22.44,24.86]
[null,100254,"TRANSPORTE HORIZONTAL MANUAL, DE TUBO DE AÇO CARBONO LEVE OU MÉDIO, PRETO OU GALVANIZADO, COM DIÂMETRO MAIOR QUE 125 MM E MENOR OU IGUAL A 150 MM (UNIDADE: MXKM). AF_07/2019","MXKM",37.29,100254,null,33.659999999999997,37.29]
[null,100255,"TRANSPORTE HORIZONTAL MANUAL, DE TÁBUAS DE MADEIRA COM SEÇÃO TRANSVERSAL DE 2,5 X 25 CM E 2,5 X 30 CM (UNIDADE: MXKM). AF_07/2019","MXKM",12.62,100255,null,11.39,12.62]
[null,100256,"TRANSPORTE HORIZONTAL MANUAL, DE CAIBROS DE MADEIRA COM SEÇÃO TRANSVERSAL DE 7,5 X 6 CM E 6 X 8 CM (UNIDADE: MXKM). AF_07/2019","MXKM",8.41,100256,null,7.59,8.41]
[null,100257,"TRANSPORTE HORIZONTAL MANUAL, DE RIPAS DE MADEIRA COM SEÇÃO TRANSVERSAL DE 1 X 5 CM E 2 X 5 CM (UNIDADE: MXKM). AF_07/2019","MXKM",5.04,100257,null,4.55,5.04]
[null,100258,"TRANSPORTE HORIZONTAL MANUAL, DE VIGAS DE MADEIRA COM SEÇÃO TRANSVERSAL DE 5 X 12 CM (UNIDADE: MXKM). AF_07/2019","MXKM",12.62,100258,null,11.39,12.62]
[null,100259,"TRANSPORTE HORIZONTAL MANUAL, DE VIGAS DE MADEIRA COM SEÇÃO TRANSVERSAL DE 6 X 16 CM (UNIDADE: MXKM). AF_07/2019","MXKM",24.86,100259,null,22.44,24.86]
[null,100260,"TRANSPORTE HORIZONTAL MANUAL, DE VERGALHÕES DE AÇO COM DIÂMETRO DE 5 MM (UNIDADE: KGXKM). AF_07/2019","KGXKM",8.19,100260,null,7.39,8.19]
[null,100261,"TRANSPORTE HORIZONTAL MANUAL, DE VERGALHÕES DE AÇO COM DIÂMETRO DE 6,3 MM (UNIDADE: KGXKM). AF_07/2019","KGXKM",5.15,100261,null,4.6399999999999997,5.15]
[null,100262,"TRANSPORTE HORIZONTAL MANUAL, DE VERGALHÕES DE AÇO COM DIÂMETRO DE 8 MM (UNIDADE: KGXKM). AF_07/2019","KGXKM",3.19,100262,null,2.88,3.19]
[null,100263,"TRANSPORTE HORIZONTAL MANUAL, DE VERGALHÕES DE AÇO COM DIÂMETRO DE 10 MM; 12,5 MM; 16 MM; 20 MM; 25 MM OU 32 MM (UNIDADE: KGXKM). AF_07/2019","KGXKM",2.04,100263,null,1.84,2.04]
[null,100264,"TRANSPORTE HORIZONTAL MANUAL, DE JANELA (UNIDADE: M2XKM). AF_07/2019","M2XKM",37.229999999999997,100264,null,33.6,37.229999999999997]
[null,100265,"TRANSPORTE VERTICAL MANUAL, 1 PAVIMENTO, DE JANELA (UNIDADE: M2). AF_07/2019","M2",0.78,100265,null,0.7,0.78]
[null,100266,"TRANSPORTE HORIZONTAL MANUAL, DE PORTA (UNIDADE: UNIDXKM). AF_07/2019","UNXKM",79.13,100266,null,71.42,79.13]
[null,100267,"TRANSPORTE VERTICAL MANUAL, 1 PAVIMENTO, DE PORTA (UNIDADE: UNID). AF_07/2019","UN",1.56,100267,null,1.41,1.56]
[null,100268,"TRANSPORTE HORIZONTAL MANUAL, DE BANCADA DE MÁRMORE OU GRANITO PARA COZINHA/LAVATÓRIO OU MÁRMORE SINTÉTICO COM CUBA INTEGRADA (UNIDADE: UNIDXKM). AF_07/2019","UNXKM",79.13,100268,null,71.42,79.13]
[null,100269,"TRANSPORTE VERTICAL, BANCADA DE MÁRMORE OU GRANITO PARA COZINHA/LAVATÓRIO OU MÁRMORE SINTÉTICO COM CUBA INTEGRADA, MANUAL, 1 PAVIMENTO, (UNIDADE: UNID). AF_07/2019","UN",1.56,100269,null,1.41,1.56]
[null,100270,"TRANSPORTE HORIZONTAL COM CARRINHO PLATAFORMA, DE BANCADA DE MÁRMORE OU GRANITO PARA COZINHA/LAVATÓRIO OU MÁRMORE SINTÉTICO COM CUBA INTEGRADA (UNIDADE: UNIDXKM). AF_07/2019","UNXKM",59.32,100270,null,53.54,59.32]
[null,100271,"TRANSPORTE HORIZONTAL MANUAL, DE VIDRO (UNIDADE: M2XKM). AF_07/2019","M2XKM",{"$f":"IF($K$2=$H$1,H7107,I7107)","v":59.35},100271,null,53.57,59.35]
[null,100272,"TRANSPORTE VERTICAL MANUAL, 1 PAVIMENTO, DE VIDRO (UNIDADE: M2). AF_07/2019","M2",1.17,{"$f":"IF(LEN($B7108)=7,CONCATENATE(MID($B7108,1,6),\"00\",RIGHT($B7108,1)),IF(LEN($B7108)=8,CONCATENATE(MID($B7108,1,6),\"0\",RIGHT($B7108,2)),$B7108))","v":100272},null,1.06,1.17]
[null,100273,"TRANSPORTE HORIZONTAL MANUAL, DE TELA DE AÇO (UNIDADE: KGXKM). AF_07/2019","KGXKM",3.09,100273,null,2.79,3.09]
[null,100274,"TRANSPORTE HORIZONTAL MANUAL, DE COMPENSADO DE MADEIRA (UNIDADE: M2XKM). AF_07/2019","M2XKM",26.39,100274,null,23.82,26.39]
[null,100275,"TRANSPORTE HORIZONTAL MANUAL, DE TELHA TERMOACÚSTICA OU TELHA DE AÇO ZINCADO (UNIDADE: M2XKM). AF_07/2019","M2XKM",17.059999999999999,100275,null,15.4,17.059999999999999]
[null,100276,"TRANSPORTE HORIZONTAL MANUAL, DE TELHA DE FIBROCIMENTO OU TELHA ESTRUTURAL DE FIBROCIMENTO, CANALETE 90 OU KALHETÃO (UNIDADE: M2XKM). AF_07/2019","M2XKM",31.14,100276,null,28.1,31.14]
[null,100277,"TRANSPORTE HORIZONTAL COM MANIPULADOR TELESCÓPICO, DE TELHAS TERMOACÚSTICAS, FIBROCIMENTO, AÇO ZINCADO, FIBROCIMENTO ESTRUTURAL, CANALETE 90 OU KALHETÃO (UNIDADE: M2XKM). AF_07/2019","M2XKM",2.08,100277,null,2.0299999999999998,2.08]
[null,100278,"TRANSPORTE HORIZONTAL MANUAL, DE BACIA SANITÁRIA, CAIXA ACOPLADA, TANQUE OU PIA (UNIDADE: UNIDXKM). AF_07/2019","UNXKM",37.86,100278,null,34.17,37.86]
[null,100279,"TRANSPORTE VERTICAL MANUAL, 1 PAVIMENTO, DE BACIA SANITÁRIA, CAIXA ACOPLADA, TANQUE OU PIA (UNIDADE: UNID). AF_07/2019","UN",0.73,100279,null,0.66,0.73]
[null,100280,"TRANSPORTE HORIZONTAL COM CARRINHO PLATAFORMA, DE BACIA SANITÁRIA, CAIXA ACOPLADA, TANQUE OU PIA (UNIDADE: UNIDXKM). AF_07/2019","UNXKM",17.38,100280,null,15.69,17.38]
[null,100281,"TRANSPORTE HORIZONTAL COM MANIPULADOR TELESCÓPICO, DE BACIA SANITÁRIA, CAIXA ACOPLADA, TANQUE OU PIA (UNIDADE: UNIDXKM). AF_07/2019","UNXKM",3.99,100281,null,3.89,3.99]
[null,100282,"TRANSPORTE HORIZONTAL MANUAL, DE TELHA DE CONCRETO OU CERÂMICA (UNIDADE: M2XKM). AF_07/2019","M2XKM",148.26,100282,null,133.82,148.26]
[null,100283,"TRANSPORTE HORIZONTAL COM CARRINHO PLATAFORMA, DE TELHA DE CONCRETO OU CERÂMICA (UNIDADE: M2XKM). AF_07/2019","M2XKM",23.95,100283,null,21.61,23.95]
[null,100284,"TRANSPORTE HORIZONTAL COM MANIPULADOR TELESCÓPICO, DE TELHA DE CONCRETO OU CERÂMICA (UNIDADE: M2XKM). AF_07/2019","M2XKM",11.68,100284,null,11.37,11.68]
[null,100285,"TRANSPORTE HORIZONTAL MANUAL, DE BARRAMENTO BLINDADO (UNIDADE: MXKM). AF_07/2019","MXKM",39.83,100285,null,35.950000000000003,39.83]
[null,100286,"TRANSPORTE HORIZONTAL COM CARRINHO PLATAFORMA, DE BARRAMENTO BLINDADO (UNIDADE: MXKM). AF_07/2019","MXKM",12.98,100286,null,11.71,12.98]
[null,100287,"TRANSPORTE HORIZONTAL MANUAL, DE CALHA QUADRADA NÚMERO 24 - CORTE 33 (UNIDADE: MXKM). AF_07/2019","MXKM",12.43,100287,null,11.22,12.43]
[null,99802,"LIMPEZA DE PISO CERÂMICO OU PORCELANATO COM VASSOURA A SECO. AF_04/2019","M2",0.5,99802,null,0.45,0.5]
[null,99803,"LIMPEZA DE PISO CERÂMICO OU PORCELANATO COM PANO ÚMIDO. AF_04/2019","M2",1.97,99803,null,1.77,1.97]
[null,99804,"LIMPEZA DE PISO CERÂMICO OU PORCELANATO UTILIZANDO DETERGENTE NEUTRO E ESCOVAÇÃO MANUAL. AF_04/2019","M2",5.0999999999999996,99804,null,4.6100000000000003,5.0999999999999996]
[null,99805,"LIMPEZA DE PISO CERÂMICO OU COM PEDRAS RÚSTICAS UTILIZANDO ÁCIDO MURIÁTICO. AF_04/2019","M2",10.69,99805,null,9.7200000000000006,10.69]
[null,99806,"LIMPEZA DE REVESTIMENTO CERÂMICO EM PAREDE COM PANO ÚMIDO AF_04/2019","M2",0.81,99806,null,0.73,0.81]
[null,99807,"LIMPEZA DE REVESTIMENTO CERÂMICO EM PAREDE UTILIZANDO DETERGENTE NEUTRO E ESCOVAÇÃO MANUAL. AF_04/2019","M2",1.55,99807,null,1.4,1.55]
[null,99808,"LIMPEZA DE REVESTIMENTO CERÂMICO EM PAREDE UTILIZANDO ÁCIDO MURIÁTICO. AF_04/2019","M2",3.78,99808,null,3.48,3.78]
[null,99809,"LIMPEZA DE PISO DE LADRILHO HIDRÁULICO COM PANO ÚMIDO. AF_04/2019","M2",5.6,99809,null,5.0599999999999996,5.6]
[null,99810,"LIMPEZA DE PISO DE MÁRMORE/GRANITO UTILIZANDO DETERGENTE NEUTRO E ESCOVAÇÃO MANUAL. AF_04/2019","M2",6.97,99810,null,6.3,6.97]
[null,99811,"LIMPEZA DE CONTRAPISO COM VASSOURA A SECO. AF_04/2019","M2",3.35,99811,null,3.02,3.35]
[null,99812,"LIMPEZA DE LADRILHO HIDRÁULICO EM PAREDE COM PANO ÚMIDO. AF_04/2019","M2",1.07,99812,null,0.97,1.07]
[null,99813,"LIMPEZA DE MÁRMORE/GRANITO EM PAREDE UTILIZANDO DETERGENTE NEUTRO E ESCOVAÇÃO MANUAL. AF_04/2019","M2",0.92,99813,null,0.84,0.92]
[null,99814,"LIMPEZA DE SUPERFÍCIE COM JATO DE ALTA PRESSÃO. AF_04/2019","M2",1.87,99814,null,1.7,1.87]
[null,99815,"LIMPEZA DE PIA INOX COM BANCADA DE PEDRA, INCLUSIVE METAIS CORRESPONDENTES. AF_04/2019","UN",8.41,99815,null,7.87,8.41]
[null,99816,"LIMPEZA DE TANQUE OU LAVATÓRIO DE LOUÇA ISOLADO, INCLUSIVE METAIS CORRESPONDENTES. AF_04/2019","UN",8.92,99816,null,8.33,8.92]
[null,99817,"LIMPEZA DE LAVATÓRIO DE LOUÇA COM BANCADA DE PEDRA, INCLUSIVE METAIS CORRESPONDENTES. AF_04/2019","UN",5.38,99817,null,5.14,5.38]
[null,99818,"LIMPEZA DE BACIA SANITÁRIA, BIDÊ OU MICTÓRIO EM LOUÇA, INCLUSIVE METAIS CORRESPONDENTES. AF_04/2019","UN",5.38,99818,null,5.14,5.38]
[null,99819,"LIMPEZA DE BANCADA DE PEDRA (MÁRMORE OU GRANITO). AF_04/2019","M2",15.97,99819,null,14.44,15.97]
[null,99820,"LIMPEZA DE JANELA INTEIRAMENTE DE VIDRO. AF_04/2019","M2",1.9,99820,null,1.77,1.9]
[null,99821,"LIMPEZA DE JANELA DE VIDRO COM CAIXILHO EM AÇO/ALUMÍNIO/PVC. AF_04/2019","M2",2.95,99821,null,2.77,2.95]
[null,99822,"LIMPEZA DE PORTA DE MADEIRA. AF_04/2019","M2",0.95,99822,null,0.86,0.95]
[null,99823,"LIMPEZA DE PORTA INTEIRAMENTE DE VIDRO. AF_04/2019","M2",2.2200000000000002,99823,null,2.06,2.2200000000000002]
[null,99824,"LIMPEZA DE PORTA EM AÇO/ALUMÍNIO. AF_04/2019","M2",2.42,99824,null,2.2400000000000002,2.42]
[null,99825,"LIMPEZA DE PORTA DE VIDRO COM CAIXILHO EM AÇO/ ALUMÍNIO/ PVC. AF_04/2019","M2",3.44,99825,null,3.21,3.44]
[null,99826,"LIMPEZA DE FORRO REMOVÍVEL COM PANO ÚMIDO. AF_04/2019","M2",1.46,99826,null,1.32,1.46]
[null,97013,"GUARDA-CORPO FIXADO EM FÔRMA DE MADEIRA COM MONTANTES E TRAVESSÕES EM MADEIRA E FECHAMENTO EM PLACA COMPENSADO PARA EDIFÍCIOS COM ATÉ 2 PAVIMENTOS. AF_03/2024","M",89.45,97013,null,87.91,89.45]
[null,97014,"GUARDA-CORPO FIXADO EM FÔRMA DE MADEIRA COM MONTANTES E TRAVESSÕES EM MADEIRA E FECHAMENTO EM PLACA COMPENSADO PARA EDIFÍCIOS COM 3 PAVIMENTOS. AF_03/2024","M",65.59,97014,null,64.05,65.59]
[null,97015,"GUARDA-CORPO FIXADO EM FÔRMA DE MADEIRA COM MONTANTES E TRAVESSÕES EM MADEIRA E FECHAMENTO EM PLACA COMPENSADO PARA EDIFÍCIOS COM ALTURA IGUAL OU SUPERIOR A 4 PAVIMENTOS. AF_03/2024","M",53.68,97015,null,52.14,53.68]
[null,97016,"GUARDA-CORPO FIXADO EM FÔRMA DE MADEIRA COM MONTANTES E TRAVESSÕES EM MADEIRA PRÉ-MONTADOS PARA EDIFÍCIOS COM ATÉ 2 PAVIMENTOS. AF_03/2024","M",54.47,97016,null,53.24,54.47]
[null,97017,"GUARDA-CORPO FIXADO EM FÔRMA DE MADEIRA COM MONTANTES E TRAVESSÕES EM MADEIRA PRÉ-MONTADOS PARA EDIFÍCIOS COM 3 PAVIMENTOS. AF_03/2024","M",40.770000000000003,97017,null,39.54,40.770000000000003]
[null,97018,"GUARDA-CORPO FIXADO EM FÔRMA DE MADEIRA COM MONTANTES E TRAVESSÕES EM MADEIRA PRÉ-MONTADOS PARA EDIFÍCIOS COM ALTURA IGUAL OU SUPERIOR A 4 PAVIMENTOS. AF_03/2024","M",34,97018,null,32.770000000000003,34]
[null,97031,"GUARDA-CORPO EM LAJE PÓS-DESFÔRMA COM ESCORAS DE MADEIRA ESTRONCADAS NA ESTRUTURA, TRAVESSÕES DE MADEIRA E FECHAMENTO EM TELA DE POLIPROPILENO PARA EDIFÍCIOS COM ATÉ 4 PAVIMENTOS (1 MONTAGEM). AF_03/2024","M",92,97031,null,90.37,92]
[null,97032,"GUARDA-CORPO EM LAJE PÓS-DESFÔRMA COM ESCORAS DE MADEIRA ESTRONCADAS NA ESTRUTURA, TRAVESSÕES DE MADEIRA E FECHAMENTO EM TELA DE POLIPROPILENO PARA EDIFÍCIOS ACIMA DE 4 PAVIMENTOS (2 MONTAGENS). AF_03/2024","M",55.57,97032,null,53.94,55.57]
[null,97033,"GUARDA-CORPO EM LAJE PÓS-DESFÔRMA COM ESCORAS METÁLICAS ESTRONCADAS NA ESTRUTURA, TRAVESSÕES DE MADEIRA E FECHAMENTO EM TELA DE POLIPROPILENO PARA EDIFÍCIOS COM ATÉ 4 PAVIMENTOS (1 MONTAGEM). AF_03/2024_PS","M",79.63,97033,null,77.39,79.63]
[null,97034,"GUARDA-CORPO EM LAJE PÓS-DESFÔRMA COM ESCORAS METÁLICAS ESTRONCADAS NA ESTRUTURA, TRAVESSÕES DE MADEIRA E FECHAMENTO EM TELA DE POLIPROPILENO PARA EDIFÍCIOS ACIMA DE 4 PAVIMENTOS (2 MONTAGENS). AF_03/2024_PS","M",51.65,97034,null,49.41,51.65]
[null,97039,"FECHAMENTO REMOVÍVEL DE VÃO DE PORTAS EM MADEIRA (VÃO DO ELEVADOR) - 1 MONTAGEM EM OBRA. AF_03/2024","M2",101.59,97039,null,99.44,101.59]
[null,97040,"FECHAMENTO REMOVÍVEL DE ABERTURA DE CAIXILHO EM MADEIRA - 4 MONTAGENS EM OBRA. AF_03/2024","M2",18.72,97040,null,17.63,18.72]
[null,97041,"FECHAMENTO REMOVÍVEL DE ABERTURA NO PISO EM MADEIRA - 1 MONTAGEM EM OBRA. AF_03/2024","M2",185.19,97041,null,182.28,185.19]
[null,97046,"PONTEIRAS DE PROTEÇÃO DE PONTAS E VERGALHÕES EXPOSTOS EM FUNDAÇÕES. AF_03/2024","M2",0.32,97046,null,0.32,0.32]
[null,97047,"PONTEIRAS DE PROTEÇÃO DE PONTAS E VERGALHÕES EXPOSTOS EM ESTRUTURAS DE CONCRETO ARMADO CONVENCIONAL. AF_03/2024","M2",0.13,97047,null,0.12,0.13]
[null,97048,"PONTEIRAS DE PROTEÇÃO DE PONTAS E VERGALHÕES EXPOSTOS EM ALVENARIA ESTRUTURAL. AF_03/2024","M2",0.09,97048,null,0.09,0.09]
[null,97054,"INSTALAÇÃO DE SINALIZADOR NOTURNO LED. AF_03/2024","UN",29.84,97054,null,28.82,29.84]
[null,97062,"COLOCAÇÃO DE TELA EM ANDAIME FACHADEIRO. AF_03/2024","M2",6.82,97062,null,6.51,6.82]
[null,97063,"MONTAGEM E DESMONTAGEM DE ANDAIME MODULAR FACHADEIRO, COM PISO METÁLICO, PARA EDIFÍCIOS COM MULTIPLOS PAVIMENTOS (EXCLUSIVE ANDAIME E LIMPEZA). AF_03/2024","M2",16.649999999999999,97063,null,14.92,16.649999999999999]
[null,97064,"MONTAGEM E DESMONTAGEM DE ANDAIME TUBULAR TIPO \"TORRE\" (EXCLUSIVE ANDAIME E LIMPEZA). AF_03/2024","M",23.34,97064,null,20.93,23.34]
[null,97065,"MONTAGEM E DESMONTAGEM DE ANDAIME MULTIDIRECIONAL (EXCLUSIVE ANDAIME E LIMPEZA). AF_03/2024","M3",11.2,97065,null,10.039999999999999,11.2]
[null,97066,"PROTEÇÃO DE PEDESTRES, INCLUSIVE MONTAGEM E DESMONTAGEM. AF_03/2024_PS","M2",366.2,97066,null,352.93,366.2]
[null,97067,"PLATAFORMA DE PROTEÇÃO PRINCIPAL PARA ALVENARIA ESTRUTURAL PARA SER APOIADA EM ANDAIME, INCLUSIVE MONTAGEM E DESMONTAGEM. AF_03/2024","M",{"$f":"IF($K$2=$H$1,H7171,I7171)","v":560.87},97067,null,544.51,560.87]
[null,104989,"PROTEÇÃO DE ACESSO A CREMALHEIRA, COM CANCELA FIXADA EM LAJE - 1 MONTAGEM (EXCLUSO CANCELA). AF_03/2024","UN",36.64,{"$f":"IF(LEN($B7172)=7,CONCATENATE(MID($B7172,1,6),\"00\",RIGHT($B7172,1)),IF(LEN($B7172)=8,CONCATENATE(MID($B7172,1,6),\"0\",RIGHT($B7172,2)),$B7172))","v":104989},null,33.97,36.64]
[null,104990,"GUARDA-CORPO PARA POÇO DE CREMALHEIRA, COM MONTANTE METÁLICO FIXADO EM LAJE COM CHUMBADOR PARABOLT E FECHAMENTO EM PAINEL DE TELA METÁLICA (EXCLUSO PROTEÇÃO). AF_03/2024","M",10.49,104990,null,9.9700000000000006,10.49]
[null,105103,"ASCENSÃO E DESCIDA DE ELEVADOR DE CREMALHEIRA. AF_03/2024","M",65.790000000000006,105103,null,59.43,65.790000000000006]
[null,105104,"MONTAGEM E DESMONTAGEM DE MINI GRUA. AF_03/2024","UN",4077.21,105104,null,3865.26,4077.21]
[null,105105,"ASCENSÃO DE MINI GRUA. AF_03/2024","M",46.2,105105,null,41.73,46.2]
[null,105106,"MONTAGEM E DESMONTAGEM DE TRECHO INICIAL DE ELEVADOR DE CREMALHEIRA, CABINE SIMPLES - EXCLUSO FUNDAÇÕES. AF_03/2024","UN",1497.63,105106,null,1353,1497.63]
[null,105107,"MONTAGEM E DESMONTAGEM DE TRECHO INICIAL DE ELEVADOR DE CREMALHEIRA, CABINE DUPLA - EXCLUSO FUNDAÇÕES. AF_03/2024","UN",2211.39,105107,null,1997.84,2211.39]
[null,105110,"ASCENSÃO DE GRUA ASCENSIONAL. AF_03/2024","M",145.94,105110,null,131.83000000000001,145.94]
[null,105111,"MONTAGEM E DESMONTAGEM DO TRECHO INICIAL DE GRUA FIXA (ALTURA LIVRE) - EXCLUSO FUNDAÇÕES. AF_03/2024","UN",16043.65,105111,null,15500.08,16043.65]
[null,105112,"ASCENSÃO E DESCIDA DE GRUA FIXA. AF_03/2024","M",121.85,105112,null,110.06,121.85]
[null,97621,"DEMOLIÇÃO DE ALVENARIA DE BLOCO FURADO, DE FORMA MANUAL, COM REAPROVEITAMENTO. AF_09/2023","M3",110.14,97621,null,99.28,110.14]
[null,97622,"DEMOLIÇÃO DE ALVENARIA DE BLOCO FURADO, DE FORMA MANUAL, SEM REAPROVEITAMENTO. AF_09/2023","M3",53.68,97622,null,48.38,53.68]
[null,97623,"DEMOLIÇÃO DE ALVENARIA DE TIJOLO MACIÇO, DE FORMA MANUAL, COM REAPROVEITAMENTO. AF_09/2023","M3",164.45,97623,null,148.22999999999999,164.45]
[null,97624,"DEMOLIÇÃO DE ALVENARIA DE TIJOLO MACIÇO, DE FORMA MANUAL, SEM REAPROVEITAMENTO. AF_09/2023","M3",100.92,97624,null,90.98,100.92]
[null,97625,"DEMOLIÇÃO DE ALVENARIA PARA QUALQUER TIPO DE BLOCO, DE FORMA MECANIZADA, SEM REAPROVEITAMENTO. AF_09/2023","M3",48.58,97625,null,47.72,48.58]
[null,97626,"DEMOLIÇÃO DE PILARES E VIGAS EM CONCRETO ARMADO, DE FORMA MANUAL, SEM REAPROVEITAMENTO. AF_09/2023","M3",539.5,97626,null,486.3,539.5]
[null,97627,"DEMOLIÇÃO DE PILARES E VIGAS EM CONCRETO ARMADO, DE FORMA MECANIZADA COM MARTELETE, SEM REAPROVEITAMENTO. AF_09/2023","M3",156.02000000000001,97627,null,141.69,156.02000000000001]
[null,97628,"DEMOLIÇÃO DE LAJES, EM CONCRETO ARMADO, DE FORMA MANUAL, SEM REAPROVEITAMENTO. AF_09/2023","M3",251.26,97628,null,226.49,251.26]
[null,97629,"DEMOLIÇÃO DE LAJES, EM CONCRETO ARMADO, DE FORMA MECANIZADA COM MARTELETE, SEM REAPROVEITAMENTO. AF_09/2023","M3",72.650000000000006,97629,null,65.989999999999995,72.650000000000006]
[null,97631,"DEMOLIÇÃO DE ARGAMASSAS, DE FORMA MANUAL, SEM REAPROVEITAMENTO. AF_09/2023","M2",10.8,97631,null,9.74,10.8]
[null,97632,"DEMOLIÇÃO DE RODAPÉ CERÂMICO, DE FORMA MANUAL, SEM REAPROVEITAMENTO. AF_09/2023","M",2.4700000000000002,97632,null,2.2200000000000002,2.4700000000000002]
[null,97633,"DEMOLIÇÃO DE REVESTIMENTO CERÂMICO, DE FORMA MANUAL, SEM REAPROVEITAMENTO. AF_09/2023","M2",21.58,97633,null,19.440000000000001,21.58]
[null,97634,"DEMOLIÇÃO DE REVESTIMENTO CERÂMICO, DE FORMA MECANIZADA COM MARTELETE, SEM REAPROVEITAMENTO. AF_09/2023","M2",6.04,97634,null,5.45,6.04]
[null,97635,"REMOÇÃO DE PISO DE BLOCO INTERTRAVADO OU DE PEDRA PORTUGUESA, DE FORMA MANUAL, COM REAPROVEITAMENTO. AF_09/2023","M2",15.6,97635,null,14.02,15.6]
[null,97636,"DEMOLIÇÃO PARCIAL DE PAVIMENTO ASFÁLTICO, DE FORMA MECANIZADA, SEM REAPROVEITAMENTO. AF_09/2023","M2",21.08,97636,null,20.12,21.08]
[null,97637,"REMOÇÃO DE TAPUME/ CHAPAS METÁLICAS E DE MADEIRA, DE FORMA MANUAL, SEM REAPROVEITAMENTO. AF_09/2023","M2",2.68,97637,null,2.41,2.68]
[null,97638,"REMOÇÃO DE CHAPAS E PERFIS DE DRYWALL, DE FORMA MANUAL, SEM REAPROVEITAMENTO. AF_09/2023","M2",7.81,97638,null,7.02,7.81]
[null,97639,"REMOÇÃO DE PLACAS E PILARETES DE CONCRETO, DE FORMA MANUAL, SEM REAPROVEITAMENTO. AF_09/2023","M2",19.489999999999998,97639,null,17.55,19.489999999999998]
[null,97640,"REMOÇÃO DE FORROS DE DRYWALL, PVC E FIBROMINERAL, DE FORMA MANUAL, SEM REAPROVEITAMENTO. AF_09/2023","M2",1.82,97640,null,1.63,1.82]
[null,97641,"REMOÇÃO DE FORRO DE GESSO, DE FORMA MANUAL, SEM REAPROVEITAMENTO. AF_09/2023","M2",2.75,97641,null,2.4700000000000002,2.75]
[null,97642,"REMOÇÃO DE TRAMA METÁLICA OU DE MADEIRA PARA FORRO, DE FORMA MANUAL, SEM REAPROVEITAMENTO. AF_09/2023","M2",2.61,97642,null,2.35,2.61]
[null,97643,"REMOÇÃO DE PISO DE MADEIRA (ASSOALHO E BARROTE), DE FORMA MANUAL, SEM REAPROVEITAMENTO. AF_09/2023","M2",23.9,97643,null,21.51,23.9]
[null,97644,"REMOÇÃO DE PORTAS, DE FORMA MANUAL, SEM REAPROVEITAMENTO. AF_09/2023","M2",9.02,97644,null,8.1199999999999992,9.02]
[null,97645,"REMOÇÃO DE JANELAS, DE FORMA MANUAL, SEM REAPROVEITAMENTO. AF_09/2023","M2",23.31,97645,null,20.99,23.31]
[null,97647,"REMOÇÃO DE TELHAS DE FIBROCIMENTO METÁLICA E CERÂMICA, DE FORMA MANUAL, SEM REAPROVEITAMENTO. AF_09/2023","M2",3.36,97647,null,3.02,3.36]
[null,97648,"REMOÇÃO DE PROTEÇÃO TÉRMICA PARA COBERTURA EM EPS, DE FORMA MANUAL, SEM REAPROVEITAMENTO. AF_09/2023","M2",1.92,97648,null,1.73,1.92]
[null,97649,"REMOÇÃO DE TELHAS DE FIBROCIMENTO, METÁLICA E CERÂMICA, DE FORMA MECANIZADA, COM USO DE GUINDASTE, SEM REAPROVEITAMENTO. AF_09/2023","M2",4.3099999999999996,97649,null,3.93,4.3099999999999996]
[null,97650,"REMOÇÃO DE TRAMA DE MADEIRA PARA COBERTURA, DE FORMA MANUAL, SEM REAPROVEITAMENTO. AF_09/2023","M2",7.24,97650,null,6.52,7.24]
[null,97651,"REMOÇÃO DE TESOURAS DE MADEIRA, COM VÃO MENOR QUE 8M, DE FORMA MANUAL, SEM REAPROVEITAMENTO. AF_09/2023","UN",78.92,97651,null,71.069999999999993,78.92]
[null,97652,"REMOÇÃO DE TESOURAS DE MADEIRA, COM VÃO MAIOR OU IGUAL A 8M, DE FORMA MANUAL, SEM REAPROVEITAMENTO. AF_09/2023","UN",178.91,97652,null,161.12,178.91]
[null,97653,"REMOÇÃO DE TESOURAS DE MADEIRA, COM VÃO MENOR QUE 8M, DE FORMA MECANIZADA, COM REAPROVEITAMENTO. AF_09/2023","UN",139.29,97653,null,135.18,139.29]
[null,97654,"REMOÇÃO DE TESOURAS DE MADEIRA, COM VÃO MAIOR OU IGUAL A 8M, DE FORMA MECANIZADA, COM REAPROVEITAMENTO. AF_09/2023","UN",172.02,97654,null,164.65,172.02]
[null,97655,"REMOÇÃO DE TRAMA METÁLICA PARA COBERTURA, DE FORMA MANUAL, SEM REAPROVEITAMENTO. AF_09/2023","M2",41.64,97655,null,40,41.64]
[null,97656,"REMOÇÃO DE TESOURAS METÁLICAS, COM VÃO MENOR QUE 8M, DE FORMA MANUAL, SEM REAPROVEITAMENTO. AF_09/2023","UN",370.69,97656,null,353.52,370.69]
[null,97657,"REMOÇÃO DE TESOURAS METÁLICAS, COM VÃO MAIOR OU IGUAL A 8M, DE FORMA MANUAL, SEM REAPROVEITAMENTO. AF_09/2023","UN",734.75,97657,null,700.7,734.75]
[null,97658,"REMOÇÃO DE TESOURAS METÁLICAS, COM VÃO MENOR QUE 8M, DE FORMA MECANIZADA, COM REAPROVEITAMENTO. AF_09/2023","UN",227.37,97658,null,219.49,227.37]
[null,97659,"REMOÇÃO DE TESOURAS METÁLICAS, COM VÃO MAIOR OU IGUAL A 8M, DE FORMA MECANIZADA, COM REAPROVEITAMENTO. AF_09/2023","UN",319.22000000000003,97659,null,306.22000000000003,319.22000000000003]
[null,97660,"REMOÇÃO DE INTERRUPTORES/TOMADAS ELÉTRICAS, DE FORMA MANUAL, SEM REAPROVEITAMENTO. AF_09/2023","UN",0.63,97660,null,0.56999999999999995,0.63]
[null,97661,"REMOÇÃO DE CABOS ELÉTRICOS, COM SEÇÃO DE 10 MM², FORMA MANUAL, SEM REAPROVEITAMENTO. AF_09/2023","M",0.67,97661,null,0.61,0.67]
[null,97662,"REMOÇÃO DE TUBULAÇÕES (TUBOS E CONEXÕES) DE ÁGUA FRIA, DE FORMA MANUAL, SEM REAPROVEITAMENTO. AF_09/2023","M",0.48,97662,null,0.43,0.48]
[null,97663,"REMOÇÃO DE LOUÇAS, DE FORMA MANUAL, SEM REAPROVEITAMENTO. AF_09/2023","UN",12.01,97663,null,10.81,12.01]
[null,97664,"REMOÇÃO DE ACESSÓRIOS, DE FORMA MANUAL, SEM REAPROVEITAMENTO. AF_09/2023","UN",1.5,97664,null,1.34,1.5]
[null,97665,"REMOÇÃO DE LUMINÁRIAS, DE FORMA MANUAL, SEM REAPROVEITAMENTO. AF_09/2023","UN",1.71,97665,null,1.54,1.71]
[null,97666,"REMOÇÃO DE METAIS SANITÁRIOS, DE FORMA MANUAL, SEM REAPROVEITAMENTO. AF_09/2023","UN",8.75,97666,null,7.87,8.75]
[null,104789,"DEMOLIÇÃO DE PISO DE CONCRETO SIMPLES, DE FORMA MANUAL, SEM REAPROVEITAMENTO. AF_09/2023","M3",188.92,104789,null,170.3,188.92]
[null,104790,"DEMOLIÇÃO DE PISO DE CONCRETO SIMPLES, DE FORMA MECANIZADA COM MARTELETE, SEM REAPROVEITAMENTO. AF_09/2023","M3",102.77,104790,null,97.75,102.77]
[null,104791,"DEMOLIÇÃO DE ARGAMASSAS, DE FORMA DE FORMA MECANIZADA COM MARTELETE, SEM REAPROVEITAMENTO. AF_09/2023","M2",5.32,104791,null,4.82,5.32]
[null,104792,"REMOÇÃO DE CABOS ELÉTRICOS, COM SEÇÃO DE ATÉ 2,5 MM², DE FORMA MANUAL, SEM REAPROVEITAMENTO. AF_09/2023","M",0.38,104792,null,0.33,0.38]
[null,104793,"REMOÇÃO DE CABOS ELÉTRICOS, COM SEÇÃO MAIOR QUE 2,5 MM² E MENOR QUE 10 MM², DE FORMA MANUAL, SEM REAPROVEITAMENTO. AF_09/2023","M",0.51,104793,null,0.46,0.51]
[null,104794,"REMOÇÃO DE CABOS ELÉTRICOS, COM SEÇÃO DE 16 MM², FORMA MANUAL, SEM REAPROVEITAMENTO. AF_09/2023","M",0.92,104794,null,0.83,0.92]
[null,104795,"REMOÇÃO DE CABOS ELÉTRICOS, COM SEÇÃO DE 25 MM², FORMA MANUAL, SEM REAPROVEITAMENTO. AF_09/2023","M",1.29,104795,null,1.1499999999999999,1.29]
[null,104796,"DEMOLIÇÃO DE GUIAS, SARJETAS OU SARJETÕES, DE FORMA MECANIZADA, SEM REAPROVEITAMENTO. AF_09/2023","M",13.14,104796,null,12.22,13.14]
[null,104797,"REMOÇAO DE GUIAS PRÉ-FABRICADAS DE CONCRETO, DE FORMA MECANIZADA, COM REAPROVEITAMENTO. AF_09/2023","M",16.440000000000001,104797,null,15.27,16.440000000000001]
[null,104798,"REMOÇÃO DE SUPORTE METÁLICO OU DE MADEIRA PARA PLACAS DE SINALIZAÇÃO VIÁRIA, DE FORMA MANUAL, SEM REAPROVEITAMENTO. AF_09/2023","UN",{"$f":"IF($K$2=$H$1,H7235,I7235)","v":12.84},104798,null,11.55,12.84]
[null,104799,"REMOÇÃO DE PLACAS DE SINALIZAÇÃO VIÁRIA, DE FORMA MANUAL, SEM REAPROVEITAMENTO. AF_09/2023","M2",10.08,{"$f":"IF(LEN($B7236)=7,CONCATENATE(MID($B7236,1,6),\"00\",RIGHT($B7236,1)),IF(LEN($B7236)=8,CONCATENATE(MID($B7236,1,6),\"0\",RIGHT($B7236,2)),$B7236))","v":104799},null,9.07,10.08]
[null,104800,"REMOÇÃO DE CERCAS E MOURÕES, DE FORMA MANUAL, SEM REAPROVEITAMENTO. AF_09/2023","M",8.8000000000000007,104800,null,7.9,8.8000000000000007]
[null,104801,"REMOÇÃO DE ALAMBRADOS PARA QUADRAS POLIESPORTIVAS, ESTRUTURADO POR TUBOS DE AÇO GALVANIZADO, COM TELA DE ARAME GALVANIZADO, DE FORMA MANUAL, SEM REAPROVEITAMENTO. AF_09/2023","M2",13.35,104801,null,12.01,13.35]
[null,104802,"REMOÇÃO DE TELA DE ARAME GALVANIZADO DE ALAMBRADOS PARA QUADRAS POLIESPORTIVAS, DE FORMA MANUAL, SEM REMOÇÃO DA ESTRUTURA DE SUSTENTAÇÃO, SEM REAPROVEITAMENTO. AF_09/2023","M2",8.89,104802,null,7.98,8.89]
[null,104803,"REMOÇÃO CALHAS E RUFOS, DE FORMA MANUAL, SEM REAPROVEITAMENTO. AF_09/2023","M",4.32,104803,null,3.88,4.32]
[null,95967,"SERVIÇOS TÉCNICOS ESPECIALIZADOS PARA ACOMPANHAMENTO DE EXECUÇÃO DE FUNDAÇÕES PROFUNDAS E ESTRUTURAS DE CONTENÇÃO","H",153.1,95967,null,133.62,153.1]
[null,99059,"LOCAÇÃO CONVENCIONAL DE OBRA, UTILIZANDO GABARITO DE TÁBUAS CORRIDAS PONTALETADAS A CADA 2,00M -  2 UTILIZAÇÕES. AF_03/2024","M",60.77,99059,null,57.17,60.77]
[null,99060,"LOCAÇÃO COM CAVALETE COM ALTURA DE 1,00 M - 2 UTILIZAÇÕES. AF_03/2024","UN",174.36,99060,null,162.96,174.36]
[null,99061,"LOCAÇÃO COM CAVALETE COM ALTURA DE 0,50 M - 2 UTILIZAÇÕES. AF_03/2024","UN",109.12,99061,null,101.83,109.12]
[null,99062,"MARCAÇÃO DE PONTOS EM GABARITO OU CAVALETE. AF_03/2024","UN",1.89,99062,null,1.69,1.89]
[null,99063,"LOCAÇÃO DE REDE DE ÁGUA OU ESGOTO. AF_03/2024","M",8.5,99063,null,7.82,8.5]
[null,105007,"LOCAÇÃO DE PRAÇAS EM PONTALETEAMENTO. AF_03/2024","UN",34.42,105007,null,30.99,34.42]
[null,105009,"LOCAÇÃO CONVENCIONAL DE OBRA, UTILIZANDO GABARITO DE TÁBUAS CORRIDAS PONTALETADAS A CADA 1,50M -  2 UTILIZAÇÕES. AF_03/2024","M",73.760000000000005,105009,null,69.260000000000005,73.760000000000005]
[null,105011,"EXECUÇÃO DE LINHAS DE REFERÊNCIA EM GABARITO OU CAVALETE. AF_03/2024","M",0.52,105011,null,0.49,0.52]
[null,93588,"TRANSPORTE COM CAMINHÃO BASCULANTE DE 10 M³, EM VIA URBANA EM LEITO NATURAL (UNIDADE: M3XKM). AF_07/2020","M3XKM",3.25,93588,null,3.2,3.25]
[null,93589,"TRANSPORTE COM CAMINHÃO BASCULANTE DE 10 M³, EM VIA URBANA EM REVESTIMENTO PRIMÁRIO (UNIDADE: M3XKM). AF_07/2020","M3XKM",2.8,93589,null,2.74,2.8]
[null,93590,"TRANSPORTE COM CAMINHÃO BASCULANTE DE 10 M³, EM VIA URBANA PAVIMENTADA, ADICIONAL PARA DMT EXCEDENTE A 30 KM (UNIDADE: M3XKM). AF_07/2020","M3XKM",1.01,93590,null,1,1.01]
[null,93591,"TRANSPORTE COM CAMINHÃO BASCULANTE DE 14 M³, EM VIA URBANA EM LEITO NATURAL (UNIDADE: M3XKM). AF_07/2020","M3XKM",2.88,93591,null,2.84,2.88]
[null,93592,"TRANSPORTE COM CAMINHÃO BASCULANTE DE 14 M³, EM VIA URBANA EM REVESTIMENTO PRIMÁRIO (UNIDADE: M3XKM). AF_07/2020","M3XKM",2.4900000000000002,93592,null,2.46,2.4900000000000002]
[null,93593,"TRANSPORTE COM CAMINHÃO BASCULANTE DE 14 M³, EM VIA URBANA PAVIMENTADA, ADICIONAL PARA DMT EXCEDENTE A 30 KM (UNIDADE: M3XKM). AF_07/2020","M3XKM",0.91,93593,null,0.89,0.91]
[null,93594,"TRANSPORTE COM CAMINHÃO BASCULANTE DE 10 M³, EM VIA URBANA EM LEITO NATURAL (UNIDADE: TXKM). AF_07/2020","TXKM",2.17,93594,null,2.13,2.17]
[null,93595,"TRANSPORTE COM CAMINHÃO BASCULANTE DE 10 M³, EM VIA URBANA EM REVESTIMENTO PRIMÁRIO (UNIDADE: TXKM). AF_07/2020","TXKM",1.89,93595,null,1.86,1.89]
[null,93596,"TRANSPORTE COM CAMINHÃO BASCULANTE DE 10 M³, EM VIA URBANA PAVIMENTADA, ADICIONAL PARA DMT EXCEDENTE A 30 KM (UNIDADE: TXKM). AF_07/2020","TXKM",0.68,93596,null,0.67,0.68]
[null,93597,"TRANSPORTE COM CAMINHÃO BASCULANTE DE 14 M³, EM VIA URBANA EM LEITO NATURAL (UNIDADE: TXKM). AF_07/2020","TXKM",1.91,93597,null,1.88,1.91]
[null,93598,"TRANSPORTE COM CAMINHÃO BASCULANTE DE 14 M³, EM VIA URBANA EM REVESTIMENTO PRIMÁRIO (UNIDADE: TXKM). AF_07/2020","TXKM",1.65,93598,null,1.62,1.65]
[null,93599,"TRANSPORTE COM CAMINHÃO BASCULANTE DE 14 M³, EM VIA URBANA PAVIMENTADA, ADICIONAL PARA DMT EXCEDENTE A 30 KM (UNIDADE: TXKM). AF_07/2020","TXKM",0.61,93599,null,0.6,0.61]
[null,95425,"TRANSPORTE COM CAMINHÃO BASCULANTE DE 18 M³, EM VIA URBANA EM LEITO NATURAL (UNIDADE: M3XKM). AF_07/2020","M3XKM",2.4500000000000002,95425,null,2.42,2.4500000000000002]
[null,95426,"TRANSPORTE COM CAMINHÃO BASCULANTE DE 18 M³, EM VIA URBANA EM REVESTIMENTO PRIMÁRIO (UNIDADE: M3XKM). AF_07/2020","M3XKM",2.11,95426,null,2.08,2.11]
[null,95427,"TRANSPORTE COM CAMINHÃO BASCULANTE DE 18 M³, EM VIA URBANA PAVIMENTADA, ADICIONAL PARA DMT EXCEDENTE A 30 KM (UNIDADE: M3XKM). AF_07/2020","M3XKM",0.79,95427,null,0.78,0.79]
[null,95428,"TRANSPORTE COM CAMINHÃO BASCULANTE DE 18 M³, EM VIA URBANA EM LEITO NATURAL (UNIDADE: TXKM). AF_07/2020","TXKM",1.64,95428,null,1.62,1.64]
[null,95429,"TRANSPORTE COM CAMINHÃO BASCULANTE DE 18 M³, EM VIA URBANA EM REVESTIMENTO PRIMÁRIO (UNIDADE: TXKM). AF_07/2020","TXKM",1.42,95429,null,1.4,1.42]
[null,95430,"TRANSPORTE COM CAMINHÃO BASCULANTE DE 18 M³, EM VIA URBANA PAVIMENTADA, ADICIONAL PARA DMT EXCEDENTE A 30 KM (UNIDADE: TXKM). AF_07/2020","TXKM",0.49,95430,null,0.49,0.49]
[null,95875,"TRANSPORTE COM CAMINHÃO BASCULANTE DE 10 M³, EM VIA URBANA PAVIMENTADA, DMT ATÉ 30 KM (UNIDADE: M3XKM). AF_07/2020","M3XKM",2.57,95875,null,2.5299999999999998,2.57]
[null,95876,"TRANSPORTE COM CAMINHÃO BASCULANTE DE 14 M³, EM VIA URBANA PAVIMENTADA, DMT ATÉ 30 KM (UNIDADE: M3XKM). AF_07/2020","M3XKM",2.2599999999999998,95876,null,2.23,2.2599999999999998]
[null,95877,"TRANSPORTE COM CAMINHÃO BASCULANTE DE 18 M³, EM VIA URBANA PAVIMENTADA, DMT ATÉ 30 KM (UNIDADE: M3XKM). AF_07/2020","M3XKM",1.94,95877,null,1.91,1.94]
[null,95878,"TRANSPORTE COM CAMINHÃO BASCULANTE DE 10 M³, EM VIA URBANA PAVIMENTADA, DMT ATÉ 30 KM (UNIDADE: TXKM). AF_07/2020","TXKM",1.73,95878,null,1.7,1.73]
[null,95879,"TRANSPORTE COM CAMINHÃO BASCULANTE DE 14 M³, EM VIA URBANA PAVIMENTADA, DMT ATÉ 30 KM (UNIDADE: TXKM). AF_07/2020","TXKM",1.53,95879,null,1.51,1.53]
[null,95880,"TRANSPORTE COM CAMINHÃO BASCULANTE DE 18 M³, EM VIA URBANA PAVIMENTADA, DMT ATÉ 30 KM (UNIDADE: TXKM). AF_07/2020","TXKM",1.3,95880,null,1.29,1.3]
[null,97912,"TRANSPORTE COM CAMINHÃO BASCULANTE DE 6 M³, EM VIA URBANA EM LEITO NATURAL (UNIDADE: M3XKM). AF_07/2020","M3XKM",3.89,97912,null,3.81,3.89]
[null,97913,"TRANSPORTE COM CAMINHÃO BASCULANTE DE 6 M³, EM VIA URBANA EM REVESTIMENTO PRIMÁRIO (UNIDADE: M3XKM). AF_07/2020","M3XKM",3.39,97913,null,3.3,3.39]
[null,97914,"TRANSPORTE COM CAMINHÃO BASCULANTE DE 6 M³, EM VIA URBANA PAVIMENTADA, DMT ATÉ 30 KM (UNIDADE: M3XKM). AF_07/2020","M3XKM",3.09,97914,null,3.02,3.09]
[null,97915,"TRANSPORTE COM CAMINHÃO BASCULANTE DE 6 M³, EM VIA URBANA PAVIMENTADA, ADICIONAL PARA DMT EXCEDENTE A 30 KM (UNIDADE: M3XKM). AF_07/2020","M3XKM",1.24,97915,null,1.21,1.24]
[null,100937,"TRANSPORTE COM CAMINHÃO BASCULANTE DE 6 M³, EM VIA INTERNA (DENTRO DO CANTEIRO - UNIDADE: M3XKM). AF_07/2020","M3XKM",9.3000000000000007,100937,null,9.08,9.3000000000000007]
[null,100938,"TRANSPORTE COM CAMINHÃO BASCULANTE DE 10 M³, EM VIA INTERNA (DENTRO DO CANTEIRO - UNIDADE: M3XKM). AF_07/2020","M3XKM",7.76,100938,null,7.63,7.76]
[null,100939,"TRANSPORTE COM CAMINHÃO BASCULANTE DE 14 M³, EM VIA INTERNA (DENTRO DO CANTEIRO - UNIDADE:M3XKM). AF_07/2020","M3XKM",6.89,100939,null,6.79,6.89]
[null,100940,"TRANSPORTE COM CAMINHÃO BASCULANTE DE 18 M³, EM VIA INTERNA (DENTRO DO CANTEIRO - UNIDADE: M3XKM). AF_07/2020","M3XKM",5.87,100940,null,5.8,5.87]
[null,100941,"TRANSPORTE COM CAMINHÃO BASCULANTE DE 6 M³, EM VIA INTERNA (DENTRO DO CANTEIRO - UNIDADE: TXKM). AF_07/2020","TXKM",6.19,100941,null,6.05,6.19]
[null,100942,"TRANSPORTE COM CAMINHÃO BASCULANTE DE 10 M³, EM VIA INTERNA A OBRA (UNIDADE: TXKM). AF_07/2020","TXKM",5.19,100942,null,5.09,5.19]
[null,100943,"TRANSPORTE COM CAMINHÃO BASCULANTE DE 14 M³, EM VIA INTERNA (DENTRO DO CANTEIRO - UNIDADE: TXKM). AF_07/2020","TXKM",4.57,100943,null,4.51,4.57]
[null,100944,"TRANSPORTE COM CAMINHÃO BASCULANTE DE 18 M³, EM VIA INTERNA (DENTRO DO CANTEIRO - UNIDADE: TXKM). AF_07/2020","TXKM",3.92,100944,null,3.88,3.92]
[null,100945,"TRANSPORTE COM CAMINHÃO CARROCERIA 9T, EM VIA URBANA EM LEITO NATURAL (UNIDADE: TXKM). AF_07/2020","TXKM",2.94,100945,null,2.88,2.94]
[null,100946,"TRANSPORTE COM CAMINHÃO CARROCERIA 9T, EM VIA URBANA EM REVESTIMENTO PRIMÁRIO (UNIDADE: TXKM). AF_07/2020","TXKM",2.5299999999999998,100946,null,2.48,2.5299999999999998]
[null,100947,"TRANSPORTE COM CAMINHÃO CARROCERIA 9T, EM VIA URBANA PAVIMENTADA, DMT ATÉ 30KM (UNIDADE: TXKM). AF_07/2020","TXKM",2.33,100947,null,2.29,2.33]
[null,100948,"TRANSPORTE COM CAMINHÃO CARROCERIA 9T, EM VIA URBANA PAVIMENTADA, ADICIONAL PARA DMT EXCEDENTE A 30 KM (UNIDADE: TXKM). AF_07/2020","TXKM",0.93,100948,null,0.9,0.93]
[null,100949,"TRANSPORTE COM CAMINHÃO CARROCERIA 9T, EM VIA INTERNA (DENTRO DO CANTEIRO - UNIDADE: TXKM). AF_07/2020","TXKM",6.99,100949,null,6.85,6.99]
[null,100950,"TRANSPORTE COM CAMINHÃO CARROCERIA COM GUINDAUTO (MUNCK),  MOMENTO MÁXIMO DE CARGA 11,7 TM, EM VIA URBANA EM LEITO NATURAL (UNIDADE: TXKM). AF_07/2020","TXKM",3.74,100950,null,3.68,3.74]
[null,100951,"TRANSPORTE COM CAMINHÃO CARROCERIA COM GUINDAUTO (MUNCK),  MOMENTO MÁXIMO DE CARGA 11,7 TM, EM VIA URBANA EM REVESTIMENTO PRIMÁRIO (UNIDADE: TXKM). AF_07/2020","TXKM",3.22,100951,null,3.17,3.22]
[null,100952,"TRANSPORTE COM CAMINHÃO CARROCERIA COM GUINDAUTO (MUNCK),  MOMENTO MÁXIMO DE CARGA 11,7 TM, EM VIA URBANA PAVIMENTADA, DMT ATÉ 30KM (UNIDADE: TXKM). AF_07/2020","TXKM",2.97,100952,null,2.92,2.97]
[null,100953,"TRANSPORTE COM CAMINHÃO CARROCERIA COM GUINDAUTO (MUNCK),  MOMENTO MÁXIMO DE CARGA 11,7 TM, EM VIA URBANA PAVIMENTADA, ADICIONAL PARA DMT EXCEDENTE A 30 KM (UNIDADE: TXKM). AF_07/2020","TXKM",1.18,100953,null,1.1599999999999999,1.18]
[null,100954,"TRANSPORTE COM CAMINHÃO CARROCERIA COM GUINDAUTO (MUNCK),  MOMENTO MÁXIMO DE CARGA 11,7 TM, EM VIA INTERNA (DENTRO DO CANTEIRO - UNIDADE: TXKM). AF_07/2020","TXKM",8.91,100954,null,8.74,8.91]
[null,100955,"TRANSPORTE COM CAMINHÃO PIPA DE 6 M³, EM VIA URBANA EM LEITO NATURAL (UNIDADE: M3XKM). AF_07/2020","M3XKM",5.1100000000000003,100955,null,5.03,5.1100000000000003]
[null,100956,"TRANSPORTE COM CAMINHÃO PIPA DE 6 M³, EM VIA URBANA EM REVESTIMENTO PRIMÁRIO (UNIDADE: M3XKM). AF_07/2020","M3XKM",4.4400000000000004,100956,null,4.37,4.4400000000000004]
[null,100957,"TRANSPORTE COM CAMINHÃO PIPA DE 6 M³, EM VIA URBANA PAVIMENTADA, DMT ATÉ 30KM (UNIDADE: M3XKM). AF_07/2020","M3XKM",4.07,100957,null,4,4.07]
[null,100958,"TRANSPORTE COM CAMINHÃO PIPA DE 6 M³, EM VIA URBANA PAVIMENTADA, ADICIONAL PARA DMT EXCEDENTE A 30 KM (UNIDADE: M3XKM). AF_07/2020","M3XKM",{"$f":"IF($K$2=$H$1,H7299,I7299)","v":1.63},100958,null,1.6,1.63]
[null,100959,"TRANSPORTE COM CAMINHÃO PIPA DE 6 M³, EM VIA INTERNA (DENTRO DO CANTEIRO - UNIDADE: M3XKM). AF_07/2020","M3XKM",12.21,{"$f":"IF(LEN($B7300)=7,CONCATENATE(MID($B7300,1,6),\"00\",RIGHT($B7300,1)),IF(LEN($B7300)=8,CONCATENATE(MID($B7300,1,6),\"0\",RIGHT($B7300,2)),$B7300))","v":100959},null,11.99,12.21]
[null,100960,"TRANSPORTE COM CAMINHÃO PIPA DE 10 M³, EM VIA URBANA EM LEITO NATURAL (UNIDADE: M3XKM). AF_07/2020","M3XKM",3.79,100960,null,3.73,3.79]
[null,100961,"TRANSPORTE COM CAMINHÃO PIPA DE 10 M³, EM VIA URBANA EM REVESTIMENTO PRIMÁRIO (UNIDADE: M3XKM). AF_07/2020","M3XKM",3.28,100961,null,3.23,3.28]
[null,100962,"TRANSPORTE COM CAMINHÃO PIPA DE 10 M³, EM VIA URBANA PAVIMENTADA, DMT ATÉ 30KM (UNIDADE: M3XKM). AF_07/2020","M3XKM",2.99,100962,null,2.95,2.99]
[null,100963,"TRANSPORTE COM CAMINHÃO PIPA DE 10 M³, EM VIA URBANA PAVIMENTADA, ADICIONAL PARA DMT EXCEDENTE A 30 KM (UNIDADE: M3XKM). AF_07/2020","M3XKM",1.18,100963,null,1.17,1.18]
[null,100964,"TRANSPORTE COM CAMINHÃO PIPA DE 10 M³, EM VIA INTERNA (DENTRO DO CANTEIRO - UNIDADE: M3XKM). AF_07/2020","M3XKM",9.09,100964,null,8.9600000000000009,9.09]
[null,100973,"CARGA, MANOBRA E DESCARGA DE SOLOS E MATERIAIS GRANULARES EM CAMINHÃO BASCULANTE 6 M³ - CARGA COM PÁ CARREGADEIRA (CAÇAMBA DE 1,7 A 2,8 M³ / 128 HP) E DESCARGA LIVRE (UNIDADE: M3). AF_07/2020","M3",8.93,100973,null,8.6999999999999993,8.93]
[null,100974,"CARGA, MANOBRA E DESCARGA DE SOLOS E MATERIAIS GRANULARES EM CAMINHÃO BASCULANTE 10 M³ - CARGA COM PÁ CARREGADEIRA (CAÇAMBA DE 1,7 A 2,8 M³ / 128 HP) E DESCARGA LIVRE (UNIDADE: M3). AF_07/2020","M3",8.6199999999999992,100974,null,8.4499999999999993,8.6199999999999992]
[null,100975,"CARGA, MANOBRA E DESCARGA DE SOLOS E MATERIAIS GRANULARES EM CAMINHÃO BASCULANTE 14 M³ - CARGA COM PÁ CARREGADEIRA (CAÇAMBA DE 1,7 A 2,8 M³ / 128 HP) E DESCARGA LIVRE (UNIDADE: M3). AF_07/2020","M3",8.77,100975,null,8.6300000000000008,8.77]
[null,100965,"TRANSPORTE COM CAMINHÃO TANQUE DE TRANSPORTE DE MATERIAL ASFÁLTICO DE 30000 L, EM VIA URBANA EM  LEITO NATURAL (UNIDADE: TXKM). AF_07/2020","TXKM",1.87,100965,null,1.84,1.87]
[null,100966,"TRANSPORTE COM CAMINHÃO TANQUE DE TRANSPORTE DE MATERIAL ASFÁLTICO DE 30000 L, EM VIA URBANA EM  REVESTIMENTO PRIMÁRIO (UNIDADE: TXKM). AF_07/2020","TXKM",1.6,100966,null,1.58,1.6]
[null,100969,"TRANSPORTE COM CAMINHÃO TANQUE DE TRANSPORTE DE MATERIAL ASFÁLTICO DE 20000 L, EM VIA URBANA EM LEITO NATURAL (UNIDADE: TXKM). AF_07/2020","TXKM",2.4500000000000002,100969,null,2.42,2.4500000000000002]
[null,100970,"TRANSPORTE COM CAMINHÃO TANQUE DE TRANSPORTE DE MATERIAL ASFÁLTICO DE 20000 L, EM VIA URBANA EM  REVESTIMENTO PRIMÁRIO (UNIDADE: TXKM). AF_07/2020","TXKM",2.08,100970,null,2.0499999999999998,2.08]
[null,102330,"TRANSPORTE COM CAMINHÃO TANQUE DE TRANSPORTE DE MATERIAL ASFÁLTICO DE 30000 L, EM VIA URBANA PAVIMENTADA, DMT ATÉ 30KM (UNIDADE: TXKM). AF_07/2020","TXKM",1.49,102330,null,1.47,1.49]
[null,102331,"TRANSPORTE COM CAMINHÃO TANQUE DE TRANSPORTE DE MATERIAL ASFÁLTICO DE 30000 L, EM VIA URBANA PAVIMENTADA, ADICIONAL PARA DMT EXCEDENTE A 30 KM (UNIDADE: TXKM). AF_07/2020","TXKM",0.59,102331,null,0.56999999999999995,0.59]
[null,102332,"TRANSPORTE COM CAMINHÃO TANQUE DE TRANSPORTE DE MATERIAL ASFÁLTICO DE 20000 L, EM VIA URBANA PAVIMENTADA, DMT ATÉ 30KM (UNIDADE: TXKM). AF_07/2020","TXKM",1.94,102332,null,1.91,1.94]
[null,102333,"TRANSPORTE COM CAMINHÃO TANQUE DE TRANSPORTE DE MATERIAL ASFÁLTICO DE 20000 L, EM VIA URBANA PAVIMENTADA, ADICIONAL PARA DMT EXCEDENTE A 30 KM (UNIDADE: TXKM). AF_07/2020","TXKM",0.77,102333,null,0.76,0.77]
[null,101019,"CARGA, MANOBRA E DESCARGA MANUAL DE TUBOS PLÁSTICOS, DN MENOR OU IGUAL A 100 MM, EM CAMINHÃO CARROCERIA 9T. AF_07/2020","T",581.79999999999995,101019,null,558.44000000000005,581.79999999999995]
[null,101479,"CARGA, MANOBRA E DESCARGA MANUAL DE TUBOS PLÁSTICOS, DN 200 MM, EM CAMINHÃO CARROCERIA 9T. AF_07/2020","T",169.51,101479,null,162.71,169.51]
[null,102568,"CARGA, MANOBRA E DESCARGA MANUAL DE TUBOS PLÁSTICOS, DN 150 MM, EM CAMINHÃO CARROCERIA 9T. AF_06/2021","T",288.77,102568,null,277.17,288.77]
[null,100976,"CARGA, MANOBRA E DESCARGA DE SOLOS E MATERIAIS GRANULARES EM CAMINHÃO BASCULANTE 18 M³ - CARGA COM PÁ CARREGADEIRA (CAÇAMBA DE 1,7 A 2,8 M³ / 128 HP) E DESCARGA LIVRE (UNIDADE: M3). AF_07/2020","M3",8.59,100976,null,8.4700000000000006,8.59]
[null,100977,"CARGA, MANOBRA E DESCARGA DE SOLOS E MATERIAIS GRANULARES EM CAMINHÃO BASCULANTE 6 M³ - CARGA COM ESCAVADEIRA HIDRÁULICA (CAÇAMBA DE 1,20 M³ / 155 HP) E DESCARGA LIVRE (UNIDADE: M3). AF_07/2020","M3",7.86,100977,null,7.65,7.86]
[null,100978,"CARGA, MANOBRA E DESCARGA DE SOLOS E MATERIAIS GRANULARES EM CAMINHÃO BASCULANTE 10 M³ - CARGA COM ESCAVADEIRA HIDRÁULICA (CAÇAMBA DE 1,20 M³ / 155 HP) E DESCARGA LIVRE (UNIDADE: M3). AF_07/2020","M3",7.1,100978,null,6.97,7.1]
[null,100979,"CARGA, MANOBRA E DESCARGA DE SOLOS E MATERIAIS GRANULARES EM CAMINHÃO BASCULANTE 14 M³ - CARGA COM ESCAVADEIRA HIDRÁULICA (CAÇAMBA DE 1,20 M³ / 155 HP) E DESCARGA LIVRE (UNIDADE: M3). AF_07/2020","M3",6.88,100979,null,6.76,6.88]
[null,100980,"CARGA, MANOBRA E DESCARGA DE SOLOS E MATERIAIS GRANULARES EM CAMINHÃO BASCULANTE 18 M³ - CARGA COM ESCAVADEIRA HIDRÁULICA (CAÇAMBA DE 1,20 M³ / 155 HP) E DESCARGA LIVRE (UNIDADE: M3). AF_07/2020","M3",6.51,100980,null,6.42,6.51]
[null,100981,"CARGA, MANOBRA E DESCARGA DE ENTULHO EM CAMINHÃO BASCULANTE 6 M³ - CARGA COM ESCAVADEIRA HIDRÁULICA  (CAÇAMBA DE 0,80 M³ / 111 HP) E DESCARGA LIVRE (UNIDADE: M3). AF_07/2020","M3",9.52,100981,null,9.2899999999999991,9.52]
[null,100982,"CARGA, MANOBRA E DESCARGA DE ENTULHO EM CAMINHÃO BASCULANTE 10 M³ - CARGA COM ESCAVADEIRA HIDRÁULICA  (CAÇAMBA DE 0,80 M³ / 111 HP) E DESCARGA LIVRE (UNIDADE: M3). AF_07/2020","M3",9.14,100982,null,8.9700000000000006,9.14]
[null,100983,"CARGA, MANOBRA E DESCARGA DE ENTULHO EM CAMINHÃO BASCULANTE 14 M³ - CARGA COM ESCAVADEIRA HIDRÁULICA  (CAÇAMBA DE 0,80 M³ / 111 HP) E DESCARGA LIVRE (UNIDADE: M3). AF_07/2020","M3",9.26,100983,null,9.1199999999999992,9.26]
[null,100984,"CARGA, MANOBRA E DESCARGA DE ENTULHO EM CAMINHÃO BASCULANTE 18 M³ - CARGA COM ESCAVADEIRA HIDRÁULICA  (CAÇAMBA DE 0,80 M³ / 111 HP) E DESCARGA LIVRE (UNIDADE: M3). AF_07/2020","M3",9.07,100984,null,8.9499999999999993,9.07]
[null,100985,"CARGA DE MISTURA ASFÁLTICA EM CAMINHÃO BASCULANTE 6 M³ (UNIDADE: M3). AF_07/2020","M3",7.85,100985,null,7.65,7.85]
[null,100986,"CARGA DE MISTURA ASFÁLTICA EM CAMINHÃO BASCULANTE 10 M³ (UNIDADE: M3). AF_07/2020","M3",9.42,100986,null,9.24,9.42]
[null,100987,"CARGA DE MISTURA ASFÁLTICA EM CAMINHÃO BASCULANTE 14 M³ (UNIDADE: M3). AF_07/2020","M3",10.93,100987,null,10.77,10.93]
[null,100988,"CARGA DE MISTURA ASFÁLTICA EM CAMINHÃO BASCULANTE 18 M³ (UNIDADE: M3). AF_07/2020","M3",11.56,100988,null,11.41,11.56]
[null,100989,"CARGA, MANOBRA E DESCARGA DE SOLOS E MATERIAIS GRANULARES EM CAMINHÃO BASCULANTE 6 M³ - CARGA COM PÁ CARREGADEIRA (CAÇAMBA DE 1,7 A 2,8 M³ / 128 HP) E DESCARGA LIVRE (UNIDADE: T). AF_07/2020","T",5.95,100989,null,5.8,5.95]
[null,100990,"CARGA, MANOBRA E DESCARGA DE SOLOS E MATERIAIS GRANULARES EM CAMINHÃO BASCULANTE 10 M³ - CARGA COM PÁ CARREGADEIRA (CAÇAMBA DE 1,7 A 2,8 M³ / 128 HP) E DESCARGA LIVRE (UNIDADE: T). AF_07/2020","T",5.75,100990,null,5.63,5.75]
[null,100991,"CARGA, MANOBRA E DESCARGA DE SOLOS E MATERIAIS GRANULARES EM CAMINHÃO BASCULANTE 14 M³ - CARGA COM PÁ CARREGADEIRA (CAÇAMBA DE 1,7 A 2,8 M³ / 128 HP) E DESCARGA LIVRE (UNIDADE: T). AF_07/2020","T",5.88,100991,null,5.77,5.88]
[null,100992,"CARGA, MANOBRA E DESCARGA DE SOLOS E MATERIAIS GRANULARES EM CAMINHÃO BASCULANTE 18 M³ - CARGA COM PÁ CARREGADEIRA (CAÇAMBA DE 1,7 A 2,8 M³ / 128 HP) E DESCARGA LIVRE (UNIDADE: T). AF_07/2020","T",5.73,100992,null,5.64,5.73]
[null,100993,"CARGA, MANOBRA E DESCARGA DE SOLOS E MATERIAIS GRANULARES EM CAMINHÃO BASCULANTE 6 M³ - CARGA COM ESCAVADEIRA HIDRÁULICA (CAÇAMBA DE 1,20 M³ / 155 HP) E DESCARGA LIVRE (UNIDADE: T). AF_07/2020","T",5.23,100993,null,5.0999999999999996,5.23]
[null,100994,"CARGA, MANOBRA E DESCARGA DE SOLOS E MATERIAIS GRANULARES EM CAMINHÃO BASCULANTE 10 M³ - CARGA COM ESCAVADEIRA HIDRÁULICA (CAÇAMBA DE 1,20 M³ / 155 HP) E DESCARGA LIVRE (UNIDADE: T). AF_07/2020","T",4.7,100994,null,4.62,4.7]
[null,100995,"CARGA, MANOBRA E DESCARGA DE SOLOS E MATERIAIS GRANULARES EM CAMINHÃO BASCULANTE 14 M³ - CARGA COM ESCAVADEIRA HIDRÁULICA (CAÇAMBA DE 1,20 M³ / 155 HP) E DESCARGA LIVRE (UNIDADE: T). AF_07/2020","T",4.59,100995,null,4.53,4.59]
[null,100996,"CARGA, MANOBRA E DESCARGA DE SOLOS E MATERIAIS GRANULARES EM CAMINHÃO BASCULANTE 18 M³ - CARGA COM ESCAVADEIRA HIDRÁULICA (CAÇAMBA DE 1,20 M³ / 155 HP) E DESCARGA LIVRE (UNIDADE: T). AF_07/2020","T",4.33,100996,null,4.2699999999999996,4.33]
[null,100997,"CARGA, MANOBRA E DESCARGA DE ENTULHO EM CAMINHÃO BASCULANTE 6 M³ - CARGA COM ESCAVADEIRA HIDRÁULICA  (CAÇAMBA DE 0,80 M³ / 111 HP) E DESCARGA LIVRE (UNIDADE: T). AF_07/2020","T",6.35,100997,null,6.19,6.35]
[null,100998,"CARGA, MANOBRA E DESCARGA DE ENTULHO EM CAMINHÃO BASCULANTE 10 M³ - CARGA COM ESCAVADEIRA HIDRÁULICA  (CAÇAMBA DE 0,80 M³ / 111 HP) E DESCARGA LIVRE (UNIDADE: T). AF_07/2020","T",6.1,100998,null,5.98,6.1]
[null,100999,"CARGA, MANOBRA E DESCARGA DE ENTULHO EM CAMINHÃO BASCULANTE 14 M³ - CARGA COM ESCAVADEIRA HIDRÁULICA  (CAÇAMBA DE 0,80 M³ / 111 HP) E DESCARGA LIVRE (UNIDADE: T). AF_07/2020","T",6.21,100999,null,6.1,6.21]
[null,101000,"CARGA, MANOBRA E DESCARGA DE ENTULHO EM CAMINHÃO BASCULANTE 18 M³ - CARGA COM ESCAVADEIRA HIDRÁULICA  (CAÇAMBA DE 0,80 M³ / 111 HP) E DESCARGA LIVRE (UNIDADE: T). AF_07/2020","T",6.05,101000,null,5.96,6.05]
[null,101001,"CARGA DE MISTURA ASFÁLTICA EM CAMINHÃO BASCULANTE 6 M³ (UNIDADE: T). AF_07/2020","T",5.24,101001,null,5.0999999999999996,5.24]
[null,101002,"CARGA DE MISTURA ASFÁLTICA EM CAMINHÃO BASCULANTE 10 M³ (UNIDADE: T). AF_07/2020","T",6.27,101002,null,6.16,6.27]
[null,101003,"CARGA DE MISTURA ASFÁLTICA EM CAMINHÃO BASCULANTE 14 M³ (UNIDADE: T). AF_07/2020","T",7.28,101003,null,7.17,7.28]
[null,101004,"CARGA DE MISTURA ASFÁLTICA EM CAMINHÃO BASCULANTE 18 M³ (UNIDADE: T). AF_07/2020","T",7.71,101004,null,7.61,7.71]
[null,101005,"CARGA, MANOBRA E DESCARGA DE ÁGUA EM CAMINHÃO PIPA 6 M³. AF_07/2020","M3",19.46,101005,null,19.13,19.46]
[null,101006,"CARGA, MANOBRA E DESCARGA DE ÁGUA EM CAMINHÃO PIPA 10 M³. AF_07/2020","M3",21.57,101006,null,21.26,21.57]
[null,101007,"CARGA DE ÁGUA EM CAMINHÃO PIPA 6 M³. AF_07/2020","M3",5.64,101007,null,5.54,5.64]
[null,101008,"CARGA DE ÁGUA EM CAMINHÃO PIPA 10 M³. AF_07/2020","M3",5.7,101008,null,5.62,5.7]
[null,101009,"CARGA, MANOBRA E DESCARGA DE POSTE DE CONCRETO EM CAMINHÃO CARROCERIA COM GUINDAUTO (MUNCK) 11,7 TM. AF_07/2020","T",45.12,101009,null,44.31,45.12]
[null,101010,"CARGA, MANOBRA E DESCARGA DE PERFIL METÁLICO EM CAMINHÃO CARROCERIA COM GUINDAUTO (MUNCK) 11,7 TM. AF_07/2020","T",28.41,101010,null,27.9,28.41]
[null,101013,"CARGA, MANOBRA E DESCARGA DE TUBOS DE CONCRETO, DN MENOR OU IGUAL A 300 MM, EM CAMINHÃO CARROCERIA COM GUINDAUTO (MUNCK) 11,7 TM. AF_07/2020","T",46.55,101013,null,45.13,46.55]
[null,101014,"CARGA, MANOBRA E DESCARGA DE TUBOS DE CONCRETO, DN 400 MM, EM CAMINHÃO CARROCERIA COM GUINDAUTO (MUNCK) 11,7 TM. AF_07/2020","T",42.64,101014,null,41.35,42.64]
[null,101015,"CARGA, MANOBRA E DESCARGA DE TUBOS DE CONCRETO, DN 500 MM, EM CAMINHÃO CARROCERIA COM GUINDAUTO (MUNCK) 11,7 TM. AF_07/2020","T",35.04,101015,null,33.97,35.04]
[null,101016,"CARGA, MANOBRA E DESCARGA DE TUBOS METÁLICOS, DN MENOR OU IGUAL A 150 MM, EM CAMINHÃO CARROCERIA COM GUINDAUTO (MUNCK) 11,7 TM. AF_07/2020","T",40.56,101016,null,39.33,40.56]
[null,101017,"CARGA, MANOBRA E DESCARGA DE TUBOS METÁLICOS, DN 200 MM, EM CAMINHÃO CARROCERIA COM GUINDAUTO (MUNCK) 11,7 TM. AF_07/2020","T",30.75,101017,null,29.81,30.75]
[null,101018,"CARGA, MANOBRA E DESCARGA DE TUBOS METÁLICOS, DN 250 MM, EM CAMINHÃO CARROCERIA COM GUINDAUTO (MUNCK) 11,7 TM. AF_07/2020","T",25.26,101018,null,24.48,25.26]
[null,101463,"CARGA, MANOBRA E DESCARGA DE TUBOS DE CONCRETO, DN 600 MM, EM CAMINHÃO CARROCERIA COM GUINDAUTO (MUNCK) 11,7 TM. AF_07/2020","T",46.69,101463,null,45.27,46.69]
[null,101464,"CARGA, MANOBRA E DESCARGA DE TUBOS DE CONCRETO, DN 700 MM, EM CAMINHÃO CARROCERIA COM GUINDAUTO (MUNCK) 11,7 TM. AF_07/2020","T",35.86,101464,null,34.770000000000003,35.86]
[null,101465,"CARGA, MANOBRA E DESCARGA DE TUBOS DE CONCRETO, DN 800 MM, EM CAMINHÃO CARROCERIA COM GUINDAUTO (MUNCK) 11,7 TM. AF_07/2020","T",{"$f":"IF($K$2=$H$1,H7363,I7363)","v":27.41},101465,null,26.58,27.41]
[null,101466,"CARGA, MANOBRA E DESCARGA DE TUBOS DE CONCRETO, DN 900 MM, EM CAMINHÃO CARROCERIA COM GUINDAUTO (MUNCK) 11,7 TM. AF_07/2020","T",22.3,{"$f":"IF(LEN($B7364)=7,CONCATENATE(MID($B7364,1,6),\"00\",RIGHT($B7364,1)),IF(LEN($B7364)=8,CONCATENATE(MID($B7364,1,6),\"0\",RIGHT($B7364,2)),$B7364))","v":101466},null,21.62,22.3]
[null,101467,"CARGA, MANOBRA E DESCARGA DE TUBOS DE CONCRETO, DN 1000 MM, EM CAMINHÃO CARROCERIA COM GUINDAUTO (MUNCK) 11,7 TM. AF_07/2020","T",18.66,101467,null,18.100000000000001,18.66]
[null,101468,"CARGA, MANOBRA E DESCARGA DE TUBOS DE CONCRETO, DN 1200 MM, EM CAMINHÃO CARROCERIA COM GUINDAUTO (MUNCK) 11,7 TM. AF_07/2020","T",17.07,101468,null,16.55,17.07]
[null,101469,"CARGA, MANOBRA E DESCARGA DE TUBOS METÁLICOS, DN 300 MM, EM CAMINHÃO CARROCERIA COM GUINDAUTO (MUNCK) 11,7 TM. AF_07/2020","T",38.200000000000003,101469,null,37.04,38.200000000000003]
[null,101470,"CARGA, MANOBRA E DESCARGA DE TUBOS METÁLICOS, DN 350 MM, EM CAMINHÃO CARROCERIA COM GUINDAUTO (MUNCK) 11,7 TM. AF_07/2020","T",30.34,101470,null,29.41,30.34]
[null,101471,"CARGA, MANOBRA E DESCARGA DE TUBOS METÁLICOS, DN 400 MM, EM CAMINHÃO CARROCERIA COM GUINDAUTO (MUNCK) 11,7 TM. AF_07/2020","T",26.02,101471,null,25.23,26.02]
[null,101472,"CARGA, MANOBRA E DESCARGA DE TUBOS METÁLICOS, DN 500 MM, EM CAMINHÃO CARROCERIA COM GUINDAUTO (MUNCK) 11,7 TM. AF_07/2020","T",20.25,101472,null,19.64,20.25]
[null,101473,"CARGA, MANOBRA E DESCARGA DE TUBOS METÁLICOS, DN 600 MM, EM CAMINHÃO CARROCERIA COM GUINDAUTO (MUNCK) 11,7 TM. AF_07/2020","T",29.16,101473,null,28.27,29.16]
[null,101474,"CARGA, MANOBRA E DESCARGA DE TUBOS METÁLICOS, DN 700 MM, EM CAMINHÃO CARROCERIA COM GUINDAUTO (MUNCK) 11,7 TM. AF_07/2020","T",20.87,101474,null,20.22,20.87]
[null,101475,"CARGA, MANOBRA E DESCARGA DE TUBOS METÁLICOS, DN 800 MM, EM CAMINHÃO CARROCERIA COM GUINDAUTO (MUNCK) 11,7 TM. AF_07/2020","T",18.5,101475,null,17.940000000000001,18.5]
[null,101476,"CARGA, MANOBRA E DESCARGA DE TUBOS METÁLICOS, DN 900 MM, EM CAMINHÃO CARROCERIA COM GUINDAUTO (MUNCK) 11,7 TM. AF_07/2020","T",16.5,101476,null,16,16.5]
[null,101477,"CARGA, MANOBRA E DESCARGA DE TUBOS METÁLICOS, DN 1000 MM, EM CAMINHÃO CARROCERIA COM GUINDAUTO (MUNCK) 11,7 TM. AF_07/2020","T",13.51,101477,null,13.11,13.51]
[null,101478,"CARGA, MANOBRA E DESCARGA DE TUBOS METÁLICOS, DN 1200 MM, EM CAMINHÃO CARROCERIA COM GUINDAUTO (MUNCK) 11,7 TM. AF_07/2020","T",11.5,101478,null,11.15,11.5]
[null,101480,"CARGA, MANOBRA E DESCARGA DE TUBOS PLÁSTICOS, DN 250 MM, EM CAMINHÃO CARROCERIA COM GUINDAUTO (MUNCK) 11,7 TM. AF_07/2020","T",68.33,101480,null,66.25,68.33]
[null,101481,"CARGA, MANOBRA E DESCARGA DE TUBOS PLÁSTICOS, DN 300 MM, EM CAMINHÃO CARROCERIA COM GUINDAUTO (MUNCK) 11,7 TM. AF_07/2020","T",49.35,101481,null,47.85,49.35]
[null,101482,"CARGA, MANOBRA E DESCARGA DE TUBOS PLÁSTICOS, DN 400 MM, EM CAMINHÃO CARROCERIA COM GUINDAUTO (MUNCK) 11,7 TM. AF_07/2020","T",36.89,101482,null,35.770000000000003,36.89]
[null,101483,"CARGA, MANOBRA E DESCARGA DE TUBOS PLÁSTICOS, DN 500 MM, EM CAMINHÃO CARROCERIA COM GUINDAUTO (MUNCK) 11,7 TM. AF_07/2020","T",38.29,101483,null,37.119999999999997,38.29]
[null,101484,"CARGA, MANOBRA E DESCARGA DE TUBOS PLÁSTICOS, DN 600 MM, EM CAMINHÃO CARROCERIA COM GUINDAUTO (MUNCK) 11,7 TM. AF_07/2020","T",198.42,101484,null,192.39,198.42]
[null,101485,"CARGA, MANOBRA E DESCARGA DE TUBOS PLÁSTICOS, DN 750 MM, EM CAMINHÃO CARROCERIA COM GUINDAUTO (MUNCK) 11,7 TM. AF_07/2020","T",152.32,101485,null,147.68,152.32]
[null,101486,"CARGA, MANOBRA E DESCARGA DE TUBOS PLÁSTICOS, DN 900 MM, EM CAMINHÃO CARROCERIA COM GUINDAUTO (MUNCK) 11,7 TM. AF_07/2020","T",137.19999999999999,101486,null,133.04,137.19999999999999]
[null,101487,"CARGA, MANOBRA E DESCARGA DE TUBOS PLÁSTICOS, DN 1000 MM, EM CAMINHÃO CARROCERIA COM GUINDAUTO (MUNCK) 11,7 TM. AF_07/2020","T",100.46,101487,null,97.4,100.46]
[null,101488,"CARGA, MANOBRA E DESCARGA DE TUBOS PLÁSTICOS, DN 1200 MM, EM CAMINHÃO CARROCERIA COM GUINDAUTO (MUNCK) 11,7 TM. AF_07/2020","T",86.93,101488,null,84.29,86.93]
[null,101188,"RECOMPOSIÇÃO PARCIAL DE ARAME FARPADO Nº 14 CLASSE 250, FIXADO EM CERCA COM MOURÕES DE CONCRETO - FORNECIMENTO E INSTALAÇÃO. AF_05/2020","M",5.77,101188,null,5.33,5.77]
[null,101189,"CERCA COM MOURÕES DE CONCRETO, RETO, H=3,00 M, ESPAÇAMENTO DE 2,5 M, CRAVADOS 0,5 M, COM 4 FIOS DE ARAME FARPADO Nº 14 CLASSE 250 - FORNECIMENTO E INSTALAÇÃO. AF_05/2020","M",76.63,101189,null,74.11,76.63]
[null,101190,"CERCA COM MOURÕES DE CONCRETO, RETO, H=3,00 M, ESPAÇAMENTO DE 2,5 M, CRAVADOS 0,5 M, COM 4 FIOS DE ARAME DE AÇO OVALADO 15X17 - FORNECIMENTO E INSTALAÇÃO. AF_05/2020","M",75.930000000000007,101190,null,73.41,75.930000000000007]
[null,101191,"CERCA COM MOURÕES DE CONCRETO, RETO, H=3,00 M, ESPAÇAMENTO DE 2,5 M, CRAVADOS 0,5 M, COM 4 FIOS DE ARAME MISTO - FORNECIMENTO E INSTALAÇÃO. AF_05/2020","M",76.28,101191,null,73.760000000000005,76.28]
[null,101192,"CERCA COM MOURÕES DE CONCRETO, RETO, H=2,30 M, ESPAÇAMENTO DE 2,5 M, CRAVADOS 0,5 M, COM 4 FIOS DE ARAME FARPADO Nº 14 CLASSE 250 - FORNECIMENTO E INSTALAÇÃO. AF_05/2020","M",74.78,101192,null,72.260000000000005,74.78]
[null,101193,"CERCA COM MOURÕES DE CONCRETO, RETO, H=2,30 M, ESPAÇAMENTO DE 2,5 M, CRAVADOS 0,5 M, COM 4 FIOS DE ARAME DE AÇO OVALADO 15X17 - FORNECIMENTO E INSTALAÇÃO. AF_05/2020","M",68.33,101193,null,65.81,68.33]
[null,101194,"CERCA COM MOURÕES DE CONCRETO, RETO, H=2,30 M, ESPAÇAMENTO DE 2,5 M, CRAVADOS 0,5 M, COM 4 FIOS DE ARAME MISTO - FORNECIMENTO E INSTALAÇÃO. AF_05/2020","M",68.680000000000007,101194,null,66.16,68.680000000000007]
[null,101197,"CERCA COM MOURÕES DE CONCRETO, SEÇÃO \"T\" PONTA INCLINADA, 10X10 CM, ESPAÇAMENTO DE 2,5 M, CRAVADOS 0,5 M, COM 11 FIOS DE ARAME FARPADO Nº 14 - FORNECIMENTO E INSTALAÇÃO. AF_05/2020","M",140.03,101197,null,135.38999999999999,140.03]
[null,101198,"CERCA COM MOURÕES DE CONCRETO, SEÇÃO \"T\" PONTA INCLINADA, 10X10 CM, ESPAÇAMENTO DE 2,5 M, CRAVADOS 0,5 M, COM 11 FIOS DE ARAME DE AÇO OVALADO 15X17 - FORNECIMENTO E INSTALAÇÃO. AF_05/2020","M",99.22,101198,null,95.19,99.22]
[null,101199,"CERCA COM MOURÕES DE CONCRETO, SEÇÃO \"T\" PONTA INCLINADA, 10X10CM, ESPAÇAMENTO DE 2,5M, CRAVADOS 0,5M, COM 11 FIOS DE ARAME MISTO - FORNECIMENTO E INSTALAÇÃO. AF_05/2020","M",100.09,101199,null,96.06,100.09]
[null,101200,"CERCA COM MOURÕES DE MADEIRA, 7,5X7,5 CM, ESPAÇAMENTO DE 2,5 M, ALTURA LIVRE DE 2 M, CRAVADOS 0,5 M, COM 4 FIOS DE ARAME FARPADO Nº 14 CLASSE 250 - FORNECIMENTO E INSTALAÇÃO. AF_05/2020","M",51.2,101200,null,48.85,51.2]
[null,101201,"CERCA COM MOURÕES DE MADEIRA, 7,5X7,5 CM, ESPAÇAMENTO DE 2,5 M, ALTURA LIVRE DE 2 M, CRAVADOS 0,5 M, COM 8 FIOS DE ARAME FARPADO Nº 14 CLASSE 250 - FORNECIMENTO E INSTALAÇÃO. AF_05/2020","M",63.71,101201,null,60.64,63.71]
[null,101202,"CERCA COM MOURÕES DE MADEIRA ROLIÇA, DIÂMETRO 11 CM, ESPAÇAMENTO DE 2,5 M, ALTURA LIVRE DE 1,7 M, CRAVADOS 0,5 M, COM 5 FIOS DE ARAME FARPADO Nº 14 CLASSE 250 - FORNECIMENTO E INSTALAÇÃO. AF_05/2020","M",41.49,101202,null,38.96,41.49]
[null,101203,"CERCA COM MOURÕES DE MADEIRA ROLIÇA, DIÂMETRO 11 CM, ESPAÇAMENTO DE 2,5 M, ALTURA LIVRE DE 1,7 M, CRAVADOS 0,5 M, COM 5 FIOS DE ARAME DE AÇO OVALADO 15X17 - FORNECIMENTO E INSTALAÇÃO. AF_05/2020","M",40.61,101203,null,38.08,40.61]
[null,101204,"CERCA COM MOURÕES DE MADEIRA ROLIÇA, DIÂMETRO 11 CM, ESPAÇAMENTO DE 2,5 M, ALTURA LIVRE DE 1,7 M, CRAVADOS 0,5 M, COM 5 FIOS DE ARAME MISTO - FORNECIMENTO E INSTALAÇÃO. AF_05/2020","M",40.96,101204,null,38.43,40.96]
[null,101205,"PORTÃO COM MOURÕES DE MADEIRA ROLIÇA, DIÂMETRO 11 CM, COM 5 FIOS DE ARAME FARPADO Nº 14 CLASSE 250, SEM DOBRADIÇAS - FORNECIMENTO E INSTALAÇÃO. AF_05/2020","M",41.49,101205,null,38.96,41.49]
[null,102362,"ALAMBRADO PARA QUADRA POLIESPORTIVA, ESTRUTURADO POR TUBOS DE ACO GALVANIZADO, (MONTANTES COM DIAMETRO 2\", TRAVESSAS E ESCORAS COM DIÂMETRO 1 ¼\"), COM TELA DE ARAME GALVANIZADO, FIO 14 BWG E MALHA QUADRADA 5X5CM (EXCETO MURETA). AF_03/2021","M2",159.76,102362,null,155.16999999999999,159.76]
[null,102363,"ALAMBRADO PARA QUADRA POLIESPORTIVA, ESTRUTURADO POR TUBOS DE ACO GALVANIZADO, (MONTANTES COM DIAMETRO 2\", TRAVESSAS E ESCORAS COM DIÂMETRO 1 ¼\"), COM TELA DE ARAME GALVANIZADO, FIO 12 BWG E MALHA QUADRADA 5X5CM (EXCETO MURETA). AF_03/2021","M2",171.44,102363,null,166.88,171.44]
[null,102364,"ALAMBRADO PARA QUADRA POLIESPORTIVA, ESTRUTURADO POR TUBOS DE ACO GALVANIZADO, (MONTANTES COM DIAMETRO 2\", TRAVESSAS E ESCORAS COM DIÂMETRO 1 ¼\"), COM TELA DE ARAME GALVANIZADO, FIO 10 BWG E MALHA QUADRADA 5X5CM (EXCETO MURETA). AF_03/2021","M2",192.78,102364,null,188.22,192.78]
[null,98509,"PLANTIO DE ARBUSTO OU  CERCA VIVA. AF_07/2024","UN",81.489999999999995,98509,null,81.36,81.489999999999995]
[null,98510,"PLANTIO DE ÁRVORE ORNAMENTAL COM ALTURA DE MUDA MENOR OU IGUAL A 2,00 M . AF_07/2024","UN",121.64,98510,null,119.11,121.64]
[null,98511,"PLANTIO DE ÁRVORE ORNAMENTAL COM ALTURA DE MUDA MAIOR QUE 2,00 M E MENOR OU IGUAL A 4,00 M . AF_07/2024","UN",226.25,98511,null,223.34,226.25]
[null,98516,"PLANTIO DE PALMEIRA COM ALTURA DE MUDA MENOR OU IGUAL A 2,00 M . AF_07/2024","UN",389.47,98516,null,377.53,389.47]
[null,98519,"REVOLVIMENTO E LIMPEZA MANUAL DE SOLO. AF_07/2024","M2",3.43,98519,null,3.09,3.43]
[null,98520,"APLICAÇÃO DE ADUBO EM SOLO. AF_07/2024","M2",4.8,98520,null,4.67,4.8]
[null,98521,"APLICAÇÃO DE CALCÁRIO PARA CORREÇÃO DO PH DO SOLO. AF_07/2024","M2",0.33,98521,null,0.31,0.33]
[null,98522,"ALAMBRADO EM MOURÕES DE CONCRETO, COM TELA DE ARAME GALVANIZADO (INCLUSIVE MURETA EM CONCRETO). AF_05/2018","M",162.06,98522,null,156.66999999999999,162.06]
[null,98524,"LIMPEZA MANUAL DE VEGETAÇÃO EM TERRENO COM ENXADA. AF_03/2024","M2",4.33,98524,null,3.91,4.33]
[null,105521,"ESPALHAMENTO DE TERRA VEGETAL PARA O PLANTIO. AF_07/2024","M2",3.19,105521,null,3.05,3.19]
[null,98503,"PLANTIO DE GRAMA EM PAVIMENTO CONCREGRAMA. AF_07/2024","M2",20.76,98503,null,20.350000000000001,20.76]
[null,98504,"PLANTIO DE GRAMA BATATAIS EM PLACAS. AF_07/2024","M2",14.81,98504,null,14.48,14.81]
[null,98505,"PLANTIO DE FORRAÇÃO. AF_07/2024","M2",118.71,98505,null,118.1,118.71]
[null,103946,"PLANTIO DE GRAMA ESMERALDA OU SÃO CARLOS OU CURITIBANA, EM PLACAS. AF_07/2024","M2",19.39,103946,null,19.059999999999999,19.39]
[null,105000,"RAMPA DE ACESSIBILIDADE PARA ACESSO A EDIFICAÇÕES COM INCLINAÇÃO DE 8,33% EM CONCRETO MOLDADO IN LOCO, COM LARGURA DE 1,20M, FCK 25MPA, NÃO ARMADA, COM JUNTA A CADA 2M COM CORTE À SECO. AF_03/2024_PA","M",1387.02,105000,null,1334.97,1387.02]
[null,105001,"RAMPA DE ACESSIBILIDADE PARA ACESSO A EDIFICAÇÕES COM INCLINAÇÃO DE 8,33% EM CONCRETO MOLDADO IN LOCO, COM LARGURA DE 1,50M, FCK 25MPA, NÃO ARMADA, COM JUNTA A CADA 2M COM CORTE À SECO. AF_03/2024_PA","M",1428.91,105001,null,1376.35,1428.91]
[null,105002,"RAMPA DE ACESSIBILIDADE EM CONCRETO MOLDADO IN LOCO, EM CALÇADA NOVA COM LARGURA MAIOR OU IGUAL À 3,00 M, FCK 25MPA, COM PISO PODOTÁTIL. AF_03/2024","UN",785.71,105002,null,754.76,785.71]
[null,105003,"RAMPA DE ACESSIBILIDADE EM CONCRETO MOLDADO IN LOCO, EM CALÇADA PRÉ EXISTENTE COM LARGURA MAIOR OU IGUAL À 3,00 M, FCK 25MPA, COM PISO PODOTÁTIL. AF_03/2024","UN",1194.8800000000001,105003,null,1135.82,1194.8800000000001]
[null,105004,"RAMPA DE ACESSIBILIDADE EM CONCRETO MOLDADO IN LOCO, EM CALÇADA NOVA COM LARGURA MENOR À 3,00 M, FCK 25MPA, COM PISO PODOTÁTIL. AF_03/2024","M2",133.18,105004,null,127.81,133.18]
[null,105005,"RAMPA DE ACESSIBILIDADE EM CONCRETO MOLDADO IN LOCO, EM CALÇADA PRÉ EXISTENTE COM LARGURA MENOR À 3,00 M, FCK 25MPA, COM PISO PODOTÁTIL. AF_03/2024","M2",208.93,105005,null,198.36,208.93]
[null,103185,"INSTALAÇÃO DE ESQUI TRIPLO, EM TUBO DE AÇO CARBONO - EQUIPAMENTO DE GINÁSTICA PARA ACADEMIA AO AR LIVRE / ACADEMIA DA TERCEIRA IDADE - ATI, INSTALADO SOBRE PISO DE CONCRETO EXISTENTE. AF_10/2021","UN",6145.05,103185,null,6132.78,6145.05]
[null,103186,"INSTALAÇÃO DE MULTIEXERCITADOR COM SEIS FUNÇÕES, EM TUBO DE AÇO CARBONO - EQUIPAMENTO DE GINÁSTICA PARA ACADEMIA AO AR LIVRE / ACADEMIA DA TERCEIRA IDADE - ATI, INSTALADO SOBRE PISO DE CONCRETO EXISTENTE. AF_10/2021","UN",6483.36,103186,null,6478.33,6483.36]
[null,103187,"INSTALAÇÃO DE SIMULADOR DE CAMINHADA TRIPLO, EM TUBO DE AÇO CARBONO - EQUIPAMENTO DE GINÁSTICA PARA ACADEMIA AO AR LIVRE / ACADEMIA DA TERCEIRA IDADE - ATI, INSTALADO SOBRE PISO DE CONCRETO EXISTENTE. AF_10/2021","UN",{"$f":"IF($K$2=$H$1,H7427,I7427)","v":4871.2299999999996},103187,null,4862.84,4871.2299999999996]
[null,103188,"INSTALAÇÃO DE SIMULADOR DE CAVALGADA TRIPLO, EM TUBO DE AÇO CARBONO - EQUIPAMENTO DE GINÁSTICA PARA ACADEMIA AO AR LIVRE / ACADEMIA DA TERCEIRA IDADE - ATI, INSTALADO SOBRE PISO DE CONCRETO EXISTENTE. AF_10/2021","UN",5238.5,{"$f":"IF(LEN($B7428)=7,CONCATENATE(MID($B7428,1,6),\"00\",RIGHT($B7428,1)),IF(LEN($B7428)=8,CONCATENATE(MID($B7428,1,6),\"0\",RIGHT($B7428,2)),$B7428))","v":103188},null,5232.04,5238.5]
[null,103189,"INSTALAÇÃO DE SIMULADOR DE REMO INDIVIDUAL, EM TUBO DE AÇO CARBONO - EQUIPAMENTO DE GINÁSTICA PARA ACADEMIA AO AR LIVRE / ACADEMIA DA TERCEIRA IDADE - ATI, INSTALADO SOBRE PISO DE CONCRETO EXISTENTE. AF_10/2021","UN",2624.92,103189,null,2620.41,2624.92]
[null,103190,"INSTALAÇÃO DE PRESSÃO DE PERNAS TRIPLO, EM TUBO DE AÇO CARBONO - EQUIPAMENTO DE GINÁSTICA PARA ACADEMIA AO AR LIVRE / ACADEMIA DA TERCEIRA IDADE - ATI, INSTALADO SOBRE SOLO. AF_10/2021","UN",4091.75,103190,null,4083.22,4091.75]
[null,103191,"INSTALAÇÃO DE ALONGADOR COM TRÊS ALTURAS, EM TUBO DE AÇO CARBONO - EQUIPAMENTO DE GINASTICA PARA ACADEMIA AO AR LIVRE / ACADEMIA DA TERCEIRA IDADE - ATI, INSTALADO SOBRE SOLO. AF_10/2021","UN",2389.92,103191,null,2382.9299999999998,2389.92]
[null,103192,"INSTALAÇÃO DE ROTAÇÃO DIAGONAL DUPLA, APARELHO TRIPLO, EM TUBO DE AÇO CARBONO - EQUIPAMENTO DE GINÁSTICA PARA ACADEMIA AO AR LIVRE / ACADEMIA DA TERCEIRA IDADE - ATI, INSTALADO SOBRE SOLO. AF_10/2021","UN",2543.56,103192,null,2536.5700000000002,2543.56]
[null,103193,"INSTALAÇÃO DE ROTAÇÃO VERTICAL DUPLO, EM TUBO DE AÇO CARBONO - EQUIPAMENTO DE GINÁSTICA PARA ACADEMIA AO AR LIVRE / ACADEMIA DA TERCEIRA IDADE - ATI, INSTALADO SOBRE SOLO. AF_10/2021","UN",1962.29,103193,null,1955.3,1962.29]
[null,103194,"INSTALAÇÃO DE SURF DUPLO, EM TUBO DE AÇO CARBONO - EQUIPAMENTO DE GINÁSTICA PARA ACADEMIA AO AR LIVRE / ACADEMIA DA TERCEIRA IDADE - ATI, INSTALADO SOBRE SOLO. AF_10/2021","UN",2820.26,103194,null,2813.27,2820.26]
[null,103195,"INSTALAÇÃO DE PLACA ORIENTATIVA SOBRE EXERCÍCIOS, 2,00M X 1,00M, EM TUBO DE AÇO CARBONO - PARA ACADEMIA AO AR LIVRE / ACADEMIA DA TERCEIRA IDADE - ATI, INSTALADO SOBRE SOLO. AF_10/2021","UN",2201.33,103195,null,2194.15,2201.33]
[null,103205,"INSTALAÇÃO DE PRESSÃO DE PERNAS TRIPLO, EM TUBO DE AÇO CARBONO - EQUIPAMENTO DE GINÁSTICA PARA ACADEMIA AO AR LIVRE / ACADEMIA DA TERCEIRA IDADE - ATI, INSTALADO SOBRE PISO DE CONCRETO EXISTENTE. AF_10/2021","UN",4098.1400000000003,103205,null,4087.59,4098.1400000000003]
[null,103206,"INSTALAÇÃO DE ALONGADOR COM TRÊS ALTURAS, EM TUBO DE AÇO CARBONO - EQUIPAMENTO DE GINÁSTICA PARA ACADEMIA AO AR LIVRE / ACADEMIA DA TERCEIRA IDADE - ATI, INSTALADO SOBRE PISO DE CONCRETO EXISTENTE. AF_10/2021","UN",2396.3200000000002,103206,null,2387.3000000000002,2396.3200000000002]
[null,103207,"INSTALAÇÃO DE ROTAÇÃO DIAGONAL DUPLA, APARELHO TRIPLO, EM TUBO DE AÇO CARBONO - EQUIPAMENTO DE GINÁSTICA PARA ACADEMIA AO AR LIVRE / ACADEMIA DA TERCEIRA IDADE - ATI, INSTALADO SOBRE PISO DE CONCRETO EXISTENTE. AF_10/2021","UN",2549.96,103207,null,2540.94,2549.96]
[null,103208,"INSTALAÇÃO DE ROTAÇÃO VERTICAL DUPLO, EM TUBO DE ACO CARBONO - EQUIPAMENTO DE GINASTICA PARA ACADEMIA AO AR LIVRE / ACADEMIA DA TERCEIRA IDADE - ATI, INSTALADO SOBRE PISO DE CONCRETO EXISTENTE. AF_10/2021","UN",1968.69,103208,null,1959.67,1968.69]
[null,103209,"INSTALAÇÃO DE SURF DUPLO, EM TUBO DE AÇO CARBONO - EQUIPAMENTO DE GINÁSTICA PARA ACADEMIA AO AR LIVRE / ACADEMIA DA TERCEIRA IDADE - ATI, INSTALADO SOBRE PISO DE CONCRETO EXISTENTE. AF_10/2021","UN",2826.66,103209,null,2817.64,2826.66]
[null,103210,"INSTALAÇÃO DE PLACA ORIENTATIVA SOBRE EXERCÍCIOS, 2,00M X 1,00M, EM TUBO DE AÇO CARBONO - PARA ACADEMIA AO AR LIVRE / ACADEMIA DA TERCEIRA IDADE - ATI, INSTALADO SOBRE PISO DE CONCRETO EXISTENTE. AF_10/2021","UN",2295.81,103210,null,2279.54,2295.81]
[null,103304,"INSTALAÇÃO DE BANCO METÁLICO COM ENCOSTO, 1,60 M DE COMPRIMENTO, EM TUBO DE AÇO CARBONO COM PINTURA ELETROSTÁTICA, SOBRE PISO DE CONCRETO EXISTENTE. AF_11/2021","UN",1245.81,103304,null,1241.94,1245.81]
[null,103307,"INSTALAÇÃO DE LIXEIRA METÁLICA DUPLA, CAPACIDADE DE 60 L, EM TUBO DE AÇO CARBONO E CESTOS EM CHAPA DE AÇO COM PINTURA ELETROSTÁTICA, SOBRE PISO DE CONCRETO EXISTENTE. AF_11/2021","UN",1335.31,103307,null,1326.99,1335.31]
[null,103310,"INSTALAÇÃO DE LIXEIRA METÁLICA DUPLA, CAPACIDADE DE 60 L, EM TUBO DE AÇO CARBONO E CESTOS EM CHAPA DE AÇO COM PINTURA ELETROSTÁTICA, SOBRE SOLO. AF_11/2021","UN",1288.3399999999999,103310,null,1284.6099999999999,1288.3399999999999]
[null,103314,"INSTALAÇÃO DE PERGOLADO DE MADEIRA, EM MAÇARANDUBA, ANGELIM OU EQUIVALENTE DA REGIÃO, FIXADO COM CONCRETO SOBRE PISO DE CONCRETO EXISTENTE. AF_11/2021","M2",236.14,103314,null,233.16,236.14]
[null,103315,"INSTALAÇÃO DE PERGOLADO DE MADEIRA, EM MAÇARANDUBA, ANGELIM OU EQUIVALENTE DA REGIÃO, FIXADO COM CONCRETO SOBRE SOLO. AF_11/2021","M2",228.2,103315,null,225.94,228.2]
[null,103769,"PAR DE TABELAS DE BASQUETE DE COMPENSADO NAVAL, COM AROS E REDES - FORNECIMENTO E INSTALAÇÃO. AF_03/2022","UN",4862.97,103769,null,4819.38,4862.97]
[null,98525,"LIMPEZA MECANIZADA DE CAMADA VEGETAL, VEGETAÇÃO E PEQUENAS ÁRVORES (DIÂMETRO DE TRONCO MENOR QUE 0,20 M), COM TRATOR DE ESTEIRAS. AF_03/2024","M2",0.62,98525,null,0.59,0.62]
[null,98526,"REMOÇÃO DE RAÍZES REMANESCENTES DE TRONCO DE ÁRVORE COM DIÂMETRO MAIOR OU IGUAL A 0,20 M E MENOR QUE 0,40 M. AF_03/2024","UN",117.78,98526,null,110.66,117.78]
[null,98527,"REMOÇÃO DE RAÍZES REMANESCENTES DE TRONCO DE ÁRVORE COM DIÂMETRO MAIOR OU IGUAL A 0,40 M E MENOR QUE 0,60 M. AF_03/2024","UN",195.47,98527,null,183.67,195.47]
[null,98528,"REMOÇÃO DE RAÍZES REMANESCENTES DE TRONCO DE ÁRVORE COM DIÂMETRO MAIOR OU IGUAL A 0,60 M. AF_03/2024","UN",257.63,98528,null,242.07,257.63]
[null,98529,"CORTE RASO E RECORTE DE ÁRVORE COM DIÂMETRO DE TRONCO MAIOR OU IGUAL A 0,20 M E MENOR QUE 0,40 M. AF_03/2024","UN",68.41,98529,null,61.72,68.41]
[null,98530,"CORTE RASO E RECORTE DE ÁRVORE COM DIÂMETRO DE TRONCO MAIOR OU IGUAL A 0,40 M E MENOR QUE 0,60 M. AF_03/2024","UN",134.27000000000001,98530,null,121.13,134.27000000000001]
[null,98531,"CORTE RASO E RECORTE DE ÁRVORE COM DIÂMETRO DE TRONCO MAIOR OU IGUAL A 0,60 M. AF_03/2024","UN",360.31,98531,null,337.74,360.31]
[null,98532,"PODA EM ALTURA DE ÁRVORE COM DIÂMETRO DE TRONCO MENOR QUE 0,20 M. AF_03/2024","UN",30.63,98532,null,29.14,30.63]
[null,98533,"PODA EM ALTURA DE ÁRVORE COM DIÂMETRO DE TRONCO MAIOR OU IGUAL A 0,20 M E MENOR QUE 0,40 M. AF_03/2024","UN",113.85,98533,null,107.31,113.85]
[null,98534,"PODA EM ALTURA DE ÁRVORE COM DIÂMETRO DE TRONCO MAIOR OU IGUAL A 0,40 M E MENOR QUE 0,60 M. AF_03/2024","UN",315.44,98534,null,297.55,315.44]
[null,98535,"PODA EM ALTURA DE ÁRVORE COM DIÂMETRO DE TRONCO MAIOR OU IGUAL A 0,60 M. AF_03/2024","UN",656.47,98535,null,616.59,656.47]
[null,88238,"AJUDANTE DE ARMADOR COM ENCARGOS COMPLEMENTARES","H",21.5,88238,null,19.38,21.5]
[null,88239,"AJUDANTE DE CARPINTEIRO COM ENCARGOS COMPLEMENTARES","H",21.42,88239,null,19.29,21.42]
[null,88240,"AJUDANTE DE ESTRUTURA METÁLICA COM ENCARGOS COMPLEMENTARES","H",20.309999999999999,88240,null,18.190000000000001,20.309999999999999]
[null,88241,"AJUDANTE DE OPERAÇÃO EM GERAL COM ENCARGOS COMPLEMENTARES","H",21.33,88241,null,19.23,21.33]
[null,88242,"AJUDANTE DE PEDREIRO COM ENCARGOS COMPLEMENTARES","H",21.56,88242,null,19.43,21.56]
[null,88243,"AJUDANTE ESPECIALIZADO COM ENCARGOS COMPLEMENTARES","H",21.21,88243,null,19.11,21.21]
[null,88245,"ARMADOR COM ENCARGOS COMPLEMENTARES","H",25.4,88245,null,22.76,25.4]
[null,88246,"ASSENTADOR DE TUBOS COM ENCARGOS COMPLEMENTARES","H",14.31,88246,null,12.97,14.31]
[null,88247,"AUXILIAR DE ELETRICISTA COM ENCARGOS COMPLEMENTARES","H",21.96,88247,null,19.78,21.96]
[null,88248,"AUXILIAR DE ENCANADOR OU BOMBEIRO HIDRÁULICO COM ENCARGOS COMPLEMENTARES","H",20.92,88248,null,18.79,20.92]
[null,88249,"AUXILIAR DE LABORATÓRIO COM ENCARGOS COMPLEMENTARES","H",27.19,88249,null,23.91,27.19]
[null,88250,"AUXILIAR DE MECÂNICO COM ENCARGOS COMPLEMENTARES","H",20.309999999999999,88250,null,18.190000000000001,20.309999999999999]
[null,88251,"AUXILIAR DE SERRALHEIRO COM ENCARGOS COMPLEMENTARES","H",21.5,88251,null,19.38,21.5]
[null,88252,"AUXILIAR DE SERVIÇOS GERAIS COM ENCARGOS COMPLEMENTARES","H",20.16,88252,null,18.190000000000001,20.16]
[null,88253,"AUXILIAR DE TOPÓGRAFO COM ENCARGOS COMPLEMENTARES","H",11.13,88253,null,9.9499999999999993,11.13]
[null,88255,"AUXILIAR TÉCNICO DE ENGENHARIA COM ENCARGOS COMPLEMENTARES","H",27.22,88255,null,23.92,27.22]
[null,88256,"AZULEJISTA OU LADRILHISTA COM ENCARGOS COMPLEMENTARES","H",25.47,88256,null,22.83,25.47]
[null,88257,"BLASTER, DINAMITADOR OU CABO DE FOGO COM ENCARGOS COMPLEMENTARES","H",18.510000000000002,88257,null,16.62,18.510000000000002]
[null,88260,"CALCETEIRO COM ENCARGOS COMPLEMENTARES","H",23.49,88260,null,21.1,23.49]
[null,88261,"CARPINTEIRO DE ESQUADRIA COM ENCARGOS COMPLEMENTARES","H",24.15,88261,null,21.66,24.15]
[null,88262,"CARPINTEIRO DE FORMAS COM ENCARGOS COMPLEMENTARES","H",25.26,88262,null,22.62,25.26]
[null,88263,"CAVOUQUEIRO OU OPERADOR PERFURATRIZ/ROMPEDOR COM ENCARGOS COMPLEMENTARES","H",21.17,88263,null,18.93,21.17]
[null,88264,"ELETRICISTA COM ENCARGOS COMPLEMENTARES","H",26.68,88264,null,23.88,26.68]
[null,88266,"ELETROTÉCNICO COM ENCARGOS COMPLEMENTARES","H",32.85,88266,null,29.24,32.85]
[null,88267,"ENCANADOR OU BOMBEIRO HIDRÁULICO COM ENCARGOS COMPLEMENTARES","H",25.55,88267,null,22.8,25.55]
[null,88269,"GESSEIRO COM ENCARGOS COMPLEMENTARES","H",24.5,88269,null,21.98,24.5]
[null,88270,"IMPERMEABILIZADOR COM ENCARGOS COMPLEMENTARES","H",23.14,88270,null,20.8,23.14]
[null,88272,"MACARIQUEIRO COM ENCARGOS COMPLEMENTARES","H",25.97,88272,null,23.39,25.97]
[null,88273,"MARCENEIRO COM ENCARGOS COMPLEMENTARES","H",23.84,88273,null,21.39,23.84]
[null,88274,"MARMORISTA/GRANITEIRO COM ENCARGOS COMPLEMENTARES","H",25.47,88274,null,22.83,25.47]
[null,88275,"MECÃNICO DE EQUIPAMENTOS PESADOS COM ENCARGOS COMPLEMENTARES","H",30.42,88275,null,26.96,30.42]
[null,88277,"MONTADOR (TUBO AÇO/EQUIPAMENTOS) COM ENCARGOS COMPLEMENTARES","H",15.89,88277,null,14.35,15.89]
[null,88278,"MONTADOR DE ESTRUTURA METÁLICA COM ENCARGOS COMPLEMENTARES","H",{"$f":"IF($K$2=$H$1,H7491,I7491)","v":22.44},88278,null,20.04,22.44]
[null,88279,"MONTADOR ELETROMECÃNICO COM ENCARGOS COMPLEMENTARES","H",19.34,{"$f":"IF(LEN($B7492)=7,CONCATENATE(MID($B7492,1,6),\"00\",RIGHT($B7492,1)),IF(LEN($B7492)=8,CONCATENATE(MID($B7492,1,6),\"0\",RIGHT($B7492,2)),$B7492))","v":88279},null,17.489999999999998,19.34]
[null,88281,"MOTORISTA DE BASCULANTE COM ENCARGOS COMPLEMENTARES","H",32.57,88281,null,28.84,32.57]
[null,88282,"MOTORISTA DE CAMINHÃO COM ENCARGOS COMPLEMENTARES","H",31.5,88282,null,27.91,31.5]
[null,88283,"MOTORISTA DE CAMINHÃO E CARRETA COM ENCARGOS COMPLEMENTARES","H",38.159999999999997,88283,null,33.700000000000003,38.159999999999997]
[null,88284,"MOTORISTA DE VEÍCULO LEVE COM ENCARGOS COMPLEMENTARES","H",26.93,88284,null,23.94,26.93]
[null,88286,"MOTORISTA OPERADOR DE MUNCK COM ENCARGOS COMPLEMENTARES","H",35.340000000000003,88286,null,31.24,35.340000000000003]
[null,88288,"NIVELADOR COM ENCARGOS COMPLEMENTARES","H",18.25,88288,null,16.14,18.25]
[null,88291,"OPERADOR DE BETONEIRA (CAMINHÃO) COM ENCARGOS COMPLEMENTARES","H",21.38,88291,null,19.12,21.38]
[null,88292,"OPERADOR DE COMPRESSOR OU COMPRESSORISTA COM ENCARGOS COMPLEMENTARES","H",21.21,88292,null,18.97,21.21]
[null,88293,"OPERADOR DE DEMARCADORA DE FAIXAS COM ENCARGOS COMPLEMENTARES","H",21.38,88293,null,19.12,21.38]
[null,88294,"OPERADOR DE ESCAVADEIRA COM ENCARGOS COMPLEMENTARES","H",24.21,88294,null,21.57,24.21]
[null,88295,"OPERADOR DE GUINCHO COM ENCARGOS COMPLEMENTARES","H",20.99,88295,null,18.78,20.99]
[null,88296,"OPERADOR DE GUINDASTE COM ENCARGOS COMPLEMENTARES","H",25.07,88296,null,22.32,25.07]
[null,88297,"OPERADOR DE MÁQUINAS E EQUIPAMENTOS COM ENCARGOS COMPLEMENTARES","H",21.72,88297,null,19.399999999999999,21.72]
[null,88298,"OPERADOR DE MARTELETE OU MARTELETEIRO COM ENCARGOS COMPLEMENTARES","H",19.100000000000001,88298,null,17.14,19.100000000000001]
[null,88299,"OPERADOR DE MOTO-ESCREIPER COM ENCARGOS COMPLEMENTARES","H",28.79,88299,null,25.55,28.79]
[null,88300,"OPERADOR DE MOTONIVELADORA COM ENCARGOS COMPLEMENTARES","H",28.79,88300,null,25.55,28.79]
[null,88301,"OPERADOR DE PÁ CARREGADEIRA COM ENCARGOS COMPLEMENTARES","H",21.38,88301,null,19.12,21.38]
[null,88302,"OPERADOR DE PAVIMENTADORA COM ENCARGOS COMPLEMENTARES","H",21.38,88302,null,19.12,21.38]
[null,88303,"OPERADOR DE ROLO COMPACTADOR COM ENCARGOS COMPLEMENTARES","H",21.21,88303,null,18.97,21.21]
[null,88304,"OPERADOR DE USINA DE ASFALTO, DE SOLOS OU DE CONCRETO COM ENCARGOS COMPLEMENTARES","H",28.79,88304,null,25.55,28.79]
[null,88306,"OPERADOR JATO DE AREIA OU JATISTA COM ENCARGOS COMPLEMENTARES","H",18.78,88306,null,16.850000000000001,18.78]
[null,88307,"OPERADOR PARA BATE ESTACAS COM ENCARGOS COMPLEMENTARES","H",20.69,88307,null,18.510000000000002,20.69]
[null,88308,"PASTILHEIRO COM ENCARGOS COMPLEMENTARES","H",25.47,88308,null,22.83,25.47]
[null,88309,"PEDREIRO COM ENCARGOS COMPLEMENTARES","H",25.62,88309,null,22.95,25.62]
[null,88310,"PINTOR COM ENCARGOS COMPLEMENTARES","H",27.11,88310,null,24.47,27.11]
[null,88311,"PINTOR DE LETREIROS COM ENCARGOS COMPLEMENTARES","H",26.52,88311,null,23.95,26.52]
[null,88312,"PINTOR PARA TINTA EPÓXI COM ENCARGOS COMPLEMENTARES","H",27.11,88312,null,24.47,27.11]
[null,88313,"POCEIRO COM ENCARGOS COMPLEMENTARES","H",20.89,88313,null,18.690000000000001,20.89]
[null,88314,"RASTELEIRO COM ENCARGOS COMPLEMENTARES","H",22.17,88314,null,19.8,22.17]
[null,88315,"SERRALHEIRO COM ENCARGOS COMPLEMENTARES","H",25.4,88315,null,22.76,25.4]
[null,88316,"SERVENTE COM ENCARGOS COMPLEMENTARES","H",20.32,88316,null,18.34,20.32]
[null,88317,"SOLDADOR COM ENCARGOS COMPLEMENTARES","H",26.36,88317,null,23.72,26.36]
[null,88318,"SOLDADOR A (PARA SOLDA A SER TESTADA COM RAIOS \"X\") COM ENCARGOS COMPLEMENTARES","H",29.85,88318,null,26.76,29.85]
[null,88321,"TÉCNICO DE LABORATÓRIO COM ENCARGOS COMPLEMENTARES","H",29.68,88321,null,26.07,29.68]
[null,88322,"TÉCNICO DE SONDAGEM COM ENCARGOS COMPLEMENTARES","H",23.47,88322,null,20.68,23.47]
[null,88323,"TELHADISTA COM ENCARGOS COMPLEMENTARES","H",25,88323,null,22.4,25]
[null,88324,"TRATORISTA COM ENCARGOS COMPLEMENTARES","H",21.72,88324,null,19.399999999999999,21.72]
[null,88325,"VIDRACEIRO COM ENCARGOS COMPLEMENTARES","H",22.69,88325,null,20.420000000000002,22.69]
[null,88377,"OPERADOR DE BETONEIRA ESTACIONÁRIA/MISTURADOR COM ENCARGOS COMPLEMENTARES","H",19.600000000000001,88377,null,17.57,19.600000000000001]
[null,88441,"JARDINEIRO COM ENCARGOS COMPLEMENTARES","H",21.11,88441,null,19.03,21.11]
[null,90766,"ALMOXARIFE COM ENCARGOS COMPLEMENTARES","H",22.13,90766,null,19.52,22.13]
[null,90767,"APONTADOR OU APROPRIADOR COM ENCARGOS COMPLEMENTARES","H",23.15,90767,null,20.399999999999999,23.15]
[null,90768,"ARQUITETO DE OBRA JUNIOR COM ENCARGOS COMPLEMENTARES","H",113.92,90768,null,99.23,113.92]
[null,90769,"ARQUITETO DE OBRA PLENO COM ENCARGOS COMPLEMENTARES","H",120.56,90769,null,104.99,120.56]
[null,90770,"ARQUITETO DE OBRA SENIOR COM ENCARGOS COMPLEMENTARES","H",126.24,90770,null,109.93,126.24]
[null,90772,"AUXILIAR DE ESCRITORIO COM ENCARGOS COMPLEMENTARES","H",17.7,90772,null,15.66,17.7]
[null,90775,"DESENHISTA PROJETISTA COM ENCARGOS COMPLEMENTARES","H",22.54,90775,null,19.86,22.54]
[null,90776,"ENCARREGADO GERAL COM ENCARGOS COMPLEMENTARES","H",29.84,90776,null,26.28,29.84]
[null,90777,"ENGENHEIRO CIVIL DE OBRA JUNIOR COM ENCARGOS COMPLEMENTARES","H",116.87,90777,null,101.78,116.87]
[null,90778,"ENGENHEIRO CIVIL DE OBRA PLENO COM ENCARGOS COMPLEMENTARES","H",123.26,90778,null,107.34,123.26]
[null,90779,"ENGENHEIRO CIVIL DE OBRA SENIOR COM ENCARGOS COMPLEMENTARES","H",146.59,90779,null,127.6,146.59]
[null,90780,"MESTRE DE OBRAS COM ENCARGOS COMPLEMENTARES","H",61.24,90780,null,53.55,61.24]
[null,90781,"TOPOGRAFO COM ENCARGOS COMPLEMENTARES","H",22.13,90781,null,19.510000000000002,22.13]
[null,93558,"MOTORISTA DE CAMINHAO COM ENCARGOS COMPLEMENTARES","MES",5588.33,93558,null,4950.53,5588.33]
[null,93561,"DESENHISTA PROJETISTA COM ENCARGOS COMPLEMENTARES","MES",3989.46,93561,null,3513.78,3989.46]
[null,93563,"ALMOXARIFE COM ENCARGOS COMPLEMENTARES","MES",3915.9,93563,null,3451.73,3915.9]
[null,93564,"APONTADOR OU APROPRIADOR COM ENCARGOS COMPLEMENTARES","MES",4080.12,93564,null,3594.17,4080.12]
[null,93565,"ENGENHEIRO CIVIL DE OBRA JUNIOR COM ENCARGOS COMPLEMENTARES","MES",20503.84,93565,null,17836.14,20503.84]
[null,93566,"AUXILIAR DE ESCRITORIO COM ENCARGOS COMPLEMENTARES","MES",3139.44,93566,null,2778.33,3139.44]
[null,93567,"ENGENHEIRO CIVIL DE OBRA PLENO COM ENCARGOS COMPLEMENTARES","MES",21625.07,93567,null,18808.580000000002,21625.07]
[null,93568,"ENGENHEIRO CIVIL DE OBRA SENIOR COM ENCARGOS COMPLEMENTARES","MES",25712.47,93568,null,22353.55,25712.47]
[null,93569,"ARQUITETO JUNIOR COM ENCARGOS COMPLEMENTARES","MES",20024.18,93569,null,17420.13,20024.18]
[null,93570,"ARQUITETO PLENO COM ENCARGOS COMPLEMENTARES","MES",{"$f":"IF($K$2=$H$1,H7555,I7555)","v":21189.82},93570,null,18431.09,21189.82]
[null,93571,"ARQUITETO SENIOR COM ENCARGOS COMPLEMENTARES","MES",22188.31,{"$f":"IF(LEN($B7556)=7,CONCATENATE(MID($B7556,1,6),\"00\",RIGHT($B7556,1)),IF(LEN($B7556)=8,CONCATENATE(MID($B7556,1,6),\"0\",RIGHT($B7556,2)),$B7556))","v":93571},null,19297.060000000001,22188.31]
[null,93572,"ENCARREGADO GERAL DE OBRAS COM ENCARGOS COMPLEMENTARES","MES",5256.98,93572,null,4627.59,5256.98]
[null,94295,"MESTRE DE OBRAS COM ENCARGOS COMPLEMENTARES","MES",10750.39,94295,null,9391.9699999999993,10750.39]
[null,94296,"TOPOGRAFO COM ENCARGOS COMPLEMENTARES","MES",3912.36,94296,null,3446.91,3912.36]
[null,95308,"CURSO DE CAPACITAÇÃO PARA AJUDANTE DE ARMADOR (ENCARGOS COMPLEMENTARES) - HORISTA","H",0.21,95308,null,0.18,0.21]
[null,95309,"CURSO DE CAPACITAÇÃO PARA AJUDANTE DE CARPINTEIRO (ENCARGOS COMPLEMENTARES) - HORISTA","H",0.27,95309,null,0.23,0.27]
[null,95310,"CURSO DE CAPACITAÇÃO PARA AJUDANTE DE ESTRUTURA METÁLICA (ENCARGOS COMPLEMENTARES) - HORISTA","H",0.21,95310,null,0.18,0.21]
[null,95311,"CURSO DE CAPACITAÇÃO PARA AJUDANTE DE OPERAÇÃO EM GERAL (ENCARGOS COMPLEMENTARES) - HORISTA","H",0.2,95311,null,0.18,0.2]
[null,95312,"CURSO DE CAPACITAÇÃO PARA AJUDANTE DE PEDREIRO (ENCARGOS COMPLEMENTARES) - HORISTA","H",0.27,95312,null,0.23,0.27]
[null,95313,"CURSO DE CAPACITAÇÃO PARA AJUDANTE ESPECIALIZADO (ENCARGOS COMPLEMENTARES) - HORISTA","H",0.2,95313,null,0.18,0.2]
[null,95314,"CURSO DE CAPACITAÇÃO PARA ARMADOR (ENCARGOS COMPLEMENTARES) - HORISTA","H",0.26,95314,null,0.22,0.26]
[null,95315,"CURSO DE CAPACITAÇÃO PARA ASSENTADOR DE TUBOS (ENCARGOS COMPLEMENTARES) - HORISTA","H",0.16,95315,null,0.14000000000000001,0.16]
[null,95316,"CURSO DE CAPACITAÇÃO PARA AUXILIAR DE ELETRICISTA (ENCARGOS COMPLEMENTARES) - HORISTA","H",0.68,95316,null,0.59,0.68]
[null,95317,"CURSO DE CAPACITAÇÃO PARA AUXILIAR DE ENCANADOR OU BOMBEIRO HIDRÁULICO (ENCARGOS COMPLEMENTARES) - HORISTA","H",0.32,95317,null,0.28000000000000003,0.32]
[null,95318,"CURSO DE CAPACITAÇÃO PARA AUXILIAR DE LABORATÓRIO (ENCARGOS COMPLEMENTARES) - HORISTA","H",0.23,95318,null,0.2,0.23]
[null,95319,"CURSO DE CAPACITAÇÃO PARA AUXILIAR DE MECÂNICO (ENCARGOS COMPLEMENTARES) - HORISTA","H",0.21,95319,null,0.18,0.21]
[null,95320,"CURSO DE CAPACITAÇÃO PARA AUXILIAR DE SERRALHEIRO (ENCARGOS COMPLEMENTARES) - HORISTA","H",0.21,95320,null,0.18,0.21]
[null,95321,"CURSO DE CAPACITAÇÃO PARA AUXILIAR DE SERVIÇOS GERAIS (ENCARGOS COMPLEMENTARES) - HORISTA","H",0.19,95321,null,0.16,0.19]
[null,95322,"CURSO DE CAPACITAÇÃO PARA AUXILIAR DE TOPÓGRAFO (ENCARGOS COMPLEMENTARES) - HORISTA","H",0.08,95322,null,7.0000000000000007E-2,0.08]
[null,95323,"CURSO DE CAPACITAÇÃO PARA AUXILIAR TÉCNICO DE ENGENHARIA (ENCARGOS COMPLEMENTARES) - HORISTA","H",0.23,95323,null,0.2,0.23]
[null,95324,"CURSO DE CAPACITAÇÃO PARA AZULEJISTA OU LADRILHISTA (ENCARGOS COMPLEMENTARES) - HORISTA","H",0.33,95324,null,0.28999999999999998,0.33]
[null,95325,"CURSO DE CAPACITAÇÃO PARA BLASTER, DINAMITADOR OU CABO DE FOGO (ENCARGOS COMPLEMENTARES) - HORISTA","H",0.28999999999999998,95325,null,0.25,0.28999999999999998]
[null,95328,"CURSO DE CAPACITAÇÃO PARA CALCETEIRO (ENCARGOS COMPLEMENTARES) - HORISTA","H",0.23,95328,null,0.2,0.23]
[null,95329,"CURSO DE CAPACITAÇÃO PARA CARPINTEIRO DE ESQUADRIA (ENCARGOS COMPLEMENTARES) - HORISTA","H",0.31,95329,null,0.27,0.31]
[null,95330,"CURSO DE CAPACITAÇÃO PARA CARPINTEIRO DE FÔRMAS (ENCARGOS COMPLEMENTARES) - HORISTA","H",0.26,95330,null,0.22,0.26]
[null,95331,"CURSO DE CAPACITAÇÃO PARA CAVOUQUEIRO OU OPERADOR PERFURATRIZ/ROMPEDOR (ENCARGOS COMPLEMENTARES) - HORISTA","H",0.22,95331,null,0.19,0.22]
[null,95332,"CURSO DE CAPACITAÇÃO PARA ELETRICISTA (ENCARGOS COMPLEMENTARES) - HORISTA","H",0.87,95332,null,0.76,0.87]
[null,95334,"CURSO DE CAPACITAÇÃO PARA ELETROTÉCNICO (ENCARGOS COMPLEMENTARES) - HORISTA","H",0.94,95334,null,0.82,0.94]
[null,95335,"CURSO DE CAPACITAÇÃO PARA ENCANADOR OU BOMBEIRO HIDRÁULICO (ENCARGOS COMPLEMENTARES) - HORISTA","H",0.42,95335,null,0.36,0.42]
[null,95337,"CURSO DE CAPACITAÇÃO PARA GESSEIRO (ENCARGOS COMPLEMENTARES) - HORISTA","H",0.25,95337,null,0.21,0.25]
[null,95338,"CURSO DE CAPACITAÇÃO PARA IMPERMEABILIZADOR (ENCARGOS COMPLEMENTARES) - HORISTA","H",0.42,95338,null,0.36,0.42]
[null,95339,"CURSO DE CAPACITAÇÃO PARA MAÇARIQUEIRO (ENCARGOS COMPLEMENTARES) - HORISTA","H",0.39,95339,null,0.34,0.39]
[null,95340,"CURSO DE CAPACITAÇÃO PARA MARCENEIRO (ENCARGOS COMPLEMENTARES) - HORISTA","H",0.31,95340,null,0.27,0.31]
[null,95341,"CURSO DE CAPACITAÇÃO PARA MARMORISTA/GRANITEIRO (ENCARGOS COMPLEMENTARES) - HORISTA","H",0.33,95341,null,0.28999999999999998,0.33]
[null,95342,"CURSO DE CAPACITAÇÃO PARA MECÂNICO DE EQUIPAMENTOS PESADOS (ENCARGOS COMPLEMENTARES) - HORISTA","H",0.24,95342,null,0.21,0.24]
[null,95343,"CURSO DE CAPACITAÇÃO PARA MONTADOR  DE TUBO AÇO/EQUIPAMENTOS (ENCARGOS COMPLEMENTARES) - HORISTA","H",0.19,95343,null,0.17,0.19]
[null,95344,"CURSO DE CAPACITAÇÃO PARA MONTADOR DE ESTRUTURA METÁLICA (ENCARGOS COMPLEMENTARES) - HORISTA","H",0.23,95344,null,0.2,0.23]
[null,95345,"CURSO DE CAPACITAÇÃO PARA MONTADOR ELETROMECÂNICO (ENCARGOS COMPLEMENTARES) - HORISTA","H",0.48,95345,null,0.41,0.48]
[null,95346,"CURSO DE CAPACITAÇÃO PARA MOTORISTA DE BASCULANTE (ENCARGOS COMPLEMENTARES) - HORISTA","H",0.16,95346,null,0.14000000000000001,0.16]
[null,95347,"CURSO DE CAPACITAÇÃO PARA MOTORISTA DE CAMINHÃO (ENCARGOS COMPLEMENTARES) - HORISTA","H",0.15,95347,null,0.13,0.15]
[null,95348,"CURSO DE CAPACITAÇÃO PARA MOTORISTA DE CAMINHÃO E CARRETA (ENCARGOS COMPLEMENTARES) - HORISTA","H",0.19,95348,null,0.17,0.19]
[null,95349,"CURSO DE CAPACITAÇÃO PARA MOTORISTA DE VEÍCULO LEVE (ENCARGOS COMPLEMENTARES) - HORISTA","H",0.13,95349,null,0.11,0.13]
[null,95351,"CURSO DE CAPACITAÇÃO PARA MOTORISTA OPERADOR DE MUNCK (ENCARGOS COMPLEMENTARES) - HORISTA","H",0.56999999999999995,95351,null,0.5,0.56999999999999995]
[null,95352,"CURSO DE CAPACITAÇÃO PARA NIVELADOR (ENCARGOS COMPLEMENTARES) - HORISTA","H",0.15,95352,null,0.13,0.15]
[null,95354,"CURSO DE CAPACITAÇÃO PARA OPERADOR DE BETONEIRA (CAMINHÃO) (ENCARGOS COMPLEMENTARES) - HORISTA","H",0.16,95354,null,0.14000000000000001,0.16]
[null,95355,"CURSO DE CAPACITAÇÃO PARA OPERADOR DE COMPRESSOR OU COMPRESSORISTA (ENCARGOS COMPLEMENTARES) - HORISTA","H",0.16,95355,null,0.14000000000000001,0.16]
[null,95356,"CURSO DE CAPACITAÇÃO PARA OPERADOR DE DEMARCADORA DE FAIXAS (ENCARGOS COMPLEMENTARES) - HORISTA","H",0.16,95356,null,0.14000000000000001,0.16]
[null,95357,"CURSO DE CAPACITAÇÃO PARA OPERADOR DE ESCAVADEIRA (ENCARGOS COMPLEMENTARES) - HORISTA","H",0.26,95357,null,0.22,0.26]
[null,95358,"CURSO DE CAPACITAÇÃO PARA OPERADOR DE GUINCHO (ENCARGOS COMPLEMENTARES) - HORISTA","H",0.31,95358,null,0.27,0.31]
[null,95359,"CURSO DE CAPACITAÇÃO PARA OPERADOR DE GUINDASTE (ENCARGOS COMPLEMENTARES) - HORISTA","H",0.38,95359,null,0.33,0.38]
[null,95360,"CURSO DE CAPACITAÇÃO PARA OPERADOR DE MÁQUINAS E EQUIPAMENTOS (ENCARGOS COMPLEMENTARES) - HORISTA","H",0.23,95360,null,0.19,0.23]
[null,95361,"CURSO DE CAPACITAÇÃO PARA OPERADOR DE MARTELETE OU MARTELETEIRO (ENCARGOS COMPLEMENTARES) - HORISTA","H",0.14000000000000001,95361,null,0.12,0.14000000000000001]
[null,95362,"CURSO DE CAPACITAÇÃO PARA OPERADOR DE MOTO-ESCREIPER (ENCARGOS COMPLEMENTARES) - HORISTA","H",0.23,95362,null,0.2,0.23]
[null,95363,"CURSO DE CAPACITAÇÃO PARA OPERADOR DE MOTONIVELADORA (ENCARGOS COMPLEMENTARES) - HORISTA","H",0.23,95363,null,0.2,0.23]
[null,95364,"CURSO DE CAPACITAÇÃO PARA OPERADOR DE PÁ CARREGADEIRA (ENCARGOS COMPLEMENTARES) - HORISTA","H",0.16,95364,null,0.14000000000000001,0.16]
[null,95365,"CURSO DE CAPACITAÇÃO PARA OPERADOR DE PAVIMENTADORA (ENCARGOS COMPLEMENTARES) - HORISTA","H",0.16,95365,null,0.14000000000000001,0.16]
[null,95366,"CURSO DE CAPACITAÇÃO PARA OPERADOR DE ROLO COMPACTADOR (ENCARGOS COMPLEMENTARES) - HORISTA","H",0.16,95366,null,0.14000000000000001,0.16]
[null,95367,"CURSO DE CAPACITAÇÃO PARA OPERADOR DE USINA DE ASFALTO, DE SOLOS OU DE CONCRETO (ENCARGOS COMPLEMENTARES) - HORISTA","H",0.23,95367,null,0.2,0.23]
[null,95368,"CURSO DE CAPACITAÇÃO PARA OPERADOR JATO DE AREIA OU JATISTA (ENCARGOS COMPLEMENTARES) - HORISTA","H",0.19,95368,null,0.16,0.19]
[null,95369,"CURSO DE CAPACITAÇÃO PARA OPERADOR PARA BATE ESTACAS (ENCARGOS COMPLEMENTARES) - HORISTA","H",0.15,95369,null,0.13,0.15]
[null,95370,"CURSO DE CAPACITAÇÃO PARA PASTILHEIRO (ENCARGOS COMPLEMENTARES) - HORISTA","H",0.33,95370,null,0.28999999999999998,0.33]
[null,95371,"CURSO DE CAPACITAÇÃO PARA PEDREIRO (ENCARGOS COMPLEMENTARES) - HORISTA","H",0.48,95371,null,0.41,0.48]
[null,95372,"CURSO DE CAPACITAÇÃO PARA PINTOR (ENCARGOS COMPLEMENTARES) - HORISTA","H",0.33,95372,null,0.28999999999999998,0.33]
[null,95373,"CURSO DE CAPACITAÇÃO PARA PINTOR DE LETREIROS (ENCARGOS COMPLEMENTARES) - HORISTA","H",{"$f":"IF($K$2=$H$1,H7619,I7619)","v":0.32},95373,null,0.28000000000000003,0.32]
[null,95374,"CURSO DE CAPACITAÇÃO PARA PINTOR PARA TINTA EPÓXI (ENCARGOS COMPLEMENTARES) - HORISTA","H",0.33,{"$f":"IF(LEN($B7620)=7,CONCATENATE(MID($B7620,1,6),\"00\",RIGHT($B7620,1)),IF(LEN($B7620)=8,CONCATENATE(MID($B7620,1,6),\"0\",RIGHT($B7620,2)),$B7620))","v":95374},null,0.28999999999999998,0.33]
[null,95375,"CURSO DE CAPACITAÇÃO PARA POCEIRO (ENCARGOS COMPLEMENTARES) - HORISTA","H",0.39,95375,null,0.34,0.39]
[null,95376,"CURSO DE CAPACITAÇÃO PARA RASTELEIRO (ENCARGOS COMPLEMENTARES) - HORISTA","H",0.1,95376,null,0.09,0.1]
[null,95377,"CURSO DE CAPACITAÇÃO PARA SERRALHEIRO (ENCARGOS COMPLEMENTARES) - HORISTA","H",0.26,95377,null,0.22,0.26]
[null,95378,"CURSO DE CAPACITAÇÃO PARA SERVENTE (ENCARGOS COMPLEMENTARES) - HORISTA","H",0.35,95378,null,0.31,0.35]
[null,95379,"CURSO DE CAPACITAÇÃO PARA SOLDADOR (ENCARGOS COMPLEMENTARES) - HORISTA","H",0.26,95379,null,0.22,0.26]
[null,95380,"CURSO DE CAPACITAÇÃO PARA SOLDADOR A (PARA SOLDA A SER TESTADA COM RAIOS  X ) (ENCARGOS COMPLEMENTARES) - HORISTA","H",0.3,95380,null,0.26,0.3]
[null,95383,"CURSO DE CAPACITAÇÃO PARA TÉCNICO DE LABORATÓRIO (ENCARGOS COMPLEMENTARES) - HORISTA","H",0.26,95383,null,0.22,0.26]
[null,95384,"CURSO DE CAPACITAÇÃO PARA TÉCNICO DE SONDAGEM (ENCARGOS COMPLEMENTARES) - HORISTA","H",0.27,95384,null,0.24,0.27]
[null,95385,"CURSO DE CAPACITAÇÃO PARA TELHADISTA (ENCARGOS COMPLEMENTARES) - HORISTA","H",0.25,95385,null,0.22,0.25]
[null,95386,"CURSO DE CAPACITAÇÃO PARA TRATORISTA (ENCARGOS COMPLEMENTARES) - HORISTA","H",0.23,95386,null,0.19,0.23]
[null,95387,"CURSO DE CAPACITAÇÃO PARA VIDRACEIRO (ENCARGOS COMPLEMENTARES) - HORISTA","H",0.28000000000000003,95387,null,0.25,0.28000000000000003]
[null,95389,"CURSO DE CAPACITAÇÃO PARA OPERADOR DE BETONEIRA ESTACIONÁRIA/MISTURADOR (ENCARGOS COMPLEMENTARES) - HORISTA","H",0.14000000000000001,95389,null,0.12,0.14000000000000001]
[null,95390,"CURSO DE CAPACITAÇÃO PARA JARDINEIRO (ENCARGOS COMPLEMENTARES) - HORISTA","H",0.09,95390,null,7.0000000000000007E-2,0.09]
[null,95392,"CURSO DE CAPACITAÇÃO PARA ALMOXARIFE (ENCARGOS COMPLEMENTARES) - HORISTA","H",0.11,95392,null,0.1,0.11]
[null,95393,"CURSO DE CAPACITAÇÃO PARA APONTADOR OU APROPRIADOR (ENCARGOS COMPLEMENTARES) - HORISTA","H",0.49,95393,null,0.43,0.49]
[null,95394,"CURSO DE CAPACITAÇÃO PARA ARQUITETO DE OBRA JÚNIOR (ENCARGOS COMPLEMENTARES) - HORISTA","H",1.05,95394,null,0.92,1.05]
[null,95395,"CURSO DE CAPACITAÇÃO PARA ARQUITETO DE OBRA PLENO (ENCARGOS COMPLEMENTARES) - HORISTA","H",1.1200000000000001,95395,null,0.97,1.1200000000000001]
[null,95396,"CURSO DE CAPACITAÇÃO PARA ARQUITETO DE OBRA SÊNIOR (ENCARGOS COMPLEMENTARES) - HORISTA","H",1.17,95396,null,1.02,1.17]
[null,95398,"CURSO DE CAPACITAÇÃO PARA AUXILIAR DE ESCRITÓRIO (ENCARGOS COMPLEMENTARES) - HORISTA","H",0.09,95398,null,7.0000000000000007E-2,0.09]
[null,95400,"CURSO DE CAPACITAÇÃO PARA DESENHISTA PROJETISTA (ENCARGOS COMPLEMENTARES) - HORISTA","H",0.11,95400,null,0.1,0.11]
[null,95401,"CURSO DE CAPACITAÇÃO PARA ENCARREGADO GERAL (ENCARGOS COMPLEMENTARES) - HORISTA","H",0.64,95401,null,0.56000000000000005,0.64]
[null,95402,"CURSO DE CAPACITAÇÃO PARA ENGENHEIRO CIVIL DE OBRA JÚNIOR (ENCARGOS COMPLEMENTARES) - HORISTA","H",1.91,95402,null,1.66,1.91]
[null,95403,"CURSO DE CAPACITAÇÃO PARA ENGENHEIRO CIVIL DE OBRA PLENO (ENCARGOS COMPLEMENTARES) - HORISTA","H",2.02,95403,null,1.75,2.02]
[null,95404,"CURSO DE CAPACITAÇÃO PARA ENGENHEIRO CIVIL DE OBRA SÊNIOR (ENCARGOS COMPLEMENTARES) - HORISTA","H",2.41,95404,null,2.09,2.41]
[null,95405,"CURSO DE CAPACITAÇÃO PARA MESTRE DE OBRAS (ENCARGOS COMPLEMENTARES) - HORISTA","H",1.39,95405,null,1.21,1.39]
[null,95406,"CURSO DE CAPACITAÇÃO PARA TOPÓGRAFO (ENCARGOS COMPLEMENTARES) - HORISTA","H",0.18,95406,null,0.16,0.18]
[null,95408,"CURSO DE CAPACITAÇÃO  PARA MOTORISTA DE CAMINHÃO (ENCARGOS COMPLEMENTARES) - MENSALISTA","MES",20.95,95408,null,18.170000000000002,20.95]
[null,95411,"CURSO DE CAPACITAÇÃO PARA DESENHISTA PROJETISTA (ENCARGOS COMPLEMENTARES) - MENSALISTA","MES",15.63,95411,null,13.55,15.63]
[null,95413,"CURSO DE CAPACITAÇÃO PARA ALMOXARIFE (ENCARGOS COMPLEMENTARES) - MENSALISTA","MES",15.25,95413,null,13.22,15.25]
[null,95414,"CURSO DE CAPACITAÇÃO PARA APONTADOR OU APROPRIADOR (ENCARGOS COMPLEMENTARES) - MENSALISTA","MES",65.66,95414,null,56.95,65.66]
[null,95415,"CURSO DE CAPACITAÇÃO PARA ENGENHEIRO CIVIL DE OBRA JÚNIOR (ENCARGOS COMPLEMENTARES) - MENSALISTA","MES",252.28,95415,null,218.8,252.28]
[null,95416,"CURSO DE CAPACITAÇÃO PARA AUXILIAR DE ESCRITÓRIO (ENCARGOS COMPLEMENTARES) - MENSALISTA","MES",11.86,95416,null,10.29,11.86]
[null,95417,"CURSO DE CAPACITAÇÃO PARA ENGENHEIRO CIVIL DE OBRA PLENO (ENCARGOS COMPLEMENTARES) - MENSALISTA","MES",266.36,95417,null,231.01,266.36]
[null,95418,"CURSO DE CAPACITAÇÃO PARA ENGENHEIRO CIVIL DE OBRA SÊNIOR (ENCARGOS COMPLEMENTARES) - MENSALISTA","MES",317.64999999999998,95418,null,275.5,317.64999999999998]
[null,95419,"CURSO DE CAPACITAÇÃO PARA ARQUITETO JÚNIOR (ENCARGOS COMPLEMENTARES) - MENSALISTA","MES",139.49,95419,null,120.98,139.49]
[null,95420,"CURSO DE CAPACITAÇÃO PARA ARQUITETO PLENO (ENCARGOS COMPLEMENTARES) - MENSALISTA","MES",147.78,95420,null,128.16999999999999,147.78]
[null,95421,"CURSO DE CAPACITAÇÃO PARA ARQUITETO SÊNIOR (ENCARGOS COMPLEMENTARES) - MENSALISTA","MES",154.88,95421,null,134.32,154.88]
[null,95422,"CURSO DE CAPACITAÇÃO PARA ENCARREGADO GERAL DE OBRAS (ENCARGOS COMPLEMENTARES) - MENSALISTA","MES",85.04,95422,null,73.760000000000005,85.04]
[null,95423,"CURSO DE CAPACITAÇÃO PARA MESTRE DE OBRAS (ENCARGOS COMPLEMENTARES) - MENSALISTA","MES",183.55,95423,null,159.19,183.55]
[null,95424,"CURSO DE CAPACITAÇÃO PARA TOPÓGRAFO (ENCARGOS COMPLEMENTARES) - MENSALISTA","MES",24.93,95424,null,21.62,24.93]
[null,100288,"CURSO DE CAPACITAÇÃO PARA VIGIA DIURNO (ENCARGOS COMPLEMENTARES) - HORISTA","H",0.08,100288,null,7.0000000000000007E-2,0.08]
[null,100289,"VIGIA DIURNO COM ENCARGOS COMPLEMENTARES","H",20.59,100289,null,18.57,20.59]
[null,100291,"CURSO DE CAPACITAÇÃO PARA AJUDANTE DE PINTOR (ENCARGOS COMPLEMENTARES) - HORISTA","H",0.33,100291,null,0.28999999999999998,0.33]
[null,100293,"CURSO DE CAPACITAÇÃO PARA AUXILIAR DE AZULEJISTA (ENCARGOS COMPLEMENTARES) - HORISTA","H",0.25,100293,null,0.21,0.25]
[null,100295,"CURSO DE CAPACITAÇÃO PARA MONTADOR DE ELETROELETRONICOS (ENCARGOS COMPLEMENTARES) - HORISTA","H",0.61,100295,null,0.53,0.61]
[null,100298,"CURSO DE CAPACITAÇÃO PARA MECÂNICO DE REFRIGERAÇÃO (ENCARGOS COMPLEMENTARES) - HORISTA","H",0.69,100298,null,0.6,0.69]
[null,100299,"CURSO DE CAPACITAÇÃO PARA TÉCNICO EM SEGURANÇA DO TRABALHO (ENCARGOS COMPLEMENTARES) - HORISTA","H",0.55000000000000004,100299,null,0.48,0.55000000000000004]
[null,100301,"AJUDANTE DE PINTOR COM ENCARGOS COMPLEMENTARES","H",27.11,100301,null,24.47,27.11]
[null,100303,"AUXILIAR DE AZULEJISTA COM ENCARGOS COMPLEMENTARES","H",20.32,100303,null,18.350000000000001,20.32]
[null,100307,"MONTADOR DE ELETROELETRÔNICOS COM ENCARGOS COMPLEMENTARES","H",23.28,100307,null,20.92,23.28]
[null,100308,"MECÂNICO DE REFRIGERAÇÃO COM ENCARGOS COMPLEMENTARES","H",27.83,100308,null,24.87,27.83]
[null,100309,"TÉCNICO EM SEGURANÇA DO TRABALHO COM ENCARGOS COMPLEMENTARES","H",29.71,100309,null,26.1,29.71]
[null,100315,"CURSO DE CAPACITAÇÃO PARA TÉCNICO EM SEGURANÇA DO TRABALHO (ENCARGOS COMPLEMENTARES) - MENSALISTA","MES",73.44,100315,null,63.69,73.44]
[null,100321,"TÉCNICO EM SEGURANÇA DO TRABALHO COM ENCARGOS COMPLEMENTARES","MES",5233,100321,null,4594.04,5233]
[null,100533,"TECNICO DE EDIFICACOES COM ENCARGOS COMPLEMENTARES","H",18.11,null,null,16.02,18.11]
[null,100534,"TECNICO DE EDIFICACOES COM ENCARGOS COMPLEMENTARES","MES",3212.41,null,null,2841.61,3212.41]
[null,100535,"CURSO DE CAPACITAÇÃO PARA TECNICO DE EDIFICACOES (ENCARGOS COMPLEMENTARES) - HORISTA","H",0.32,null,null,0.28000000000000003,0.32]
[null,100536,"CURSO DE CAPACITAÇÃO PARA TECNICO DE EDIFICACOES (ENCARGOS COMPLEMENTARES) - MENSALISTA","MES",42.62,null,null,36.96,42.62]
[null,101286,"CURSO DE CAPACITAÇÃO PARA AJUDANTE DE ARMADOR (ENCARGOS COMPLEMENTARES) - MENSALISTA","MES",27.9,null,null,24.19,27.9]
[null,101287,"CURSO DE CAPACITAÇÃO PARA AJUDANTE DE ELETRICISTA (ENCARGOS COMPLEMENTARES) - MENSALISTA","MES",90.21,null,null,78.239999999999995,90.21]
[null,101288,"CURSO DE CAPACITAÇÃO PARA AJUDANTE DE ESTRUTURAS METÁLICAS(ENCARGOS COMPLEMENTARES) - MENSALISTA","MES",27.9,null,null,24.19,27.9]
[null,101289,"CURSO DE CAPACITAÇÃO PARA AJUDANTE DE OPERAÇÃO EM GERAL (ENCARGOS COMPLEMENTARES) - MENSALISTA","MES",27.61,null,null,23.94,27.61]
[null,101290,"CURSO DE CAPACITAÇÃO PARA AJUDANTE DE PINTOR (ENCARGOS COMPLEMENTARES) - MENSALISTA","MES",{"$f":"IF($K$2=$H$1,H7683,I7683)","v":44.27},null,null,38.4,44.27]
[null,101291,"CURSO DE CAPACITAÇÃO PARA AJUDANTE DE SERRALHEIRO (ENCARGOS COMPLEMENTARES) - MENSALISTA","MES",27.9,null,null,24.19,27.9]
[null,101292,"CURSO DE CAPACITAÇÃO PARA AJUDANTE ESPECIALIZADO (ENCARGOS COMPLEMENTARES) - MENSALISTA","MES",27.61,null,null,23.94,27.61]
[null,101293,"CURSO DE CAPACITAÇÃO PARA ARMADOR (ENCARGOS COMPLEMENTARES) - MENSALISTA","MES",34.61,null,null,30.02,34.61]
[null,101294,"CURSO DE CAPACITAÇÃO PARA ASSENTADOR DE MANILHA (ENCARGOS COMPLEMENTARES) - MENSALISTA","MES",22.37,null,null,19.399999999999999,22.37]
[null,101295,"CURSO DE CAPACITAÇÃO PARA AUXILIAR DE AZULEJISTA (ENCARGOS COMPLEMENTARES) - MENSALISTA","MES",32.93,null,null,28.56,32.93]
[null,101296,"CURSO DE CAPACITAÇÃO PARA AUXILIAR DE ENCANADOR OU BOMBEIRO HIDRÁULICO (ENCARGOS COMPLEMENTARES) - MENSALISTA","MES",43.47,null,null,37.700000000000003,43.47]
[null,101297,"CURSO DE CAPACITAÇÃO PARA AUXILIAR DE LABORATORISTA (ENCARGOS COMPLEMENTARES) - MENSALISTA","MES",31.16,null,null,27.03,31.16]
[null,101298,"CURSO DE CAPACITAÇÃO PARA AUXILIAR DE MECANICO (ENCARGOS COMPLEMENTARES) - MENSALISTA","MES",27.9,null,null,24.19,27.9]
[null,101299,"CURSO DE CAPACITAÇÃO PARA AUXILIAR DE PEDREIRO (ENCARGOS COMPLEMENTARES) - MENSALISTA","MES",35.67,null,null,30.94,35.67]
[null,101300,"CURSO DE CAPACITAÇÃO PARA AUXILIAR DE SERVIÇOS GERAIS (ENCARGOS COMPLEMENTARES) - MENSALISTA","MES",25.78,null,null,22.36,25.78]
[null,101301,"CURSO DE CAPACITAÇÃO PARA AUXILIAR DE TOPÓGRAFO (ENCARGOS COMPLEMENTARES) - MENSALISTA","MES",11.22,null,null,9.73,11.22]
[null,101302,"CURSO DE CAPACITAÇÃO PARA AUXILIAR TÉCNICO DE ENGENHARIA (ENCARGOS COMPLEMENTARES) - MENSALISTA","MES",31.34,null,null,27.18,31.34]
[null,101303,"CURSO DE CAPACITAÇÃO PARA MONTADOR DE ELETROELETRONICOS(ENCARGOS COMPLEMENTARES) - MENSALISTA","MES",81.12,null,null,70.349999999999994,81.12]
[null,101304,"CURSO DE CAPACITAÇÃO PARA AZULEJISTA OU LADRILHISTA (ENCARGOS COMPLEMENTARES) - MENSALISTA","MES",44.26,null,null,38.380000000000003,44.26]
[null,101305,"CURSO DE CAPACITAÇÃO PARA BLASTER, DINAMITADOR OU CABO DE FORÇA (ENCARGOS COMPLEMENTARES) - MENSALISTA","MES",38.340000000000003,null,null,33.25,38.340000000000003]
[null,101307,"CURSO DE CAPACITAÇÃO PARA CALCETEIRO (ENCARGOS COMPLEMENTARES) - MENSALISTA","MES",31.35,null,null,27.19,31.35]
[null,101308,"CURSO DE CAPACITAÇÃO PARA MONTADOR DE ESTRUTURAS METALICAS (ENCARGOS COMPLEMENTARES) - MENSALISTA","MES",31.57,null,null,27.38,31.57]
[null,101309,"CURSO DE CAPACITAÇÃO PARA CARPINTEIRO AUXILIAR (ENCARGOS COMPLEMENTARES) - MENSALISTA","MES",35.67,null,null,30.94,35.67]
[null,101310,"CURSO DE CAPACITAÇÃO PARA CARPINTEIRO DE ESQUADRIAS (ENCARGOS COMPLEMENTARES) - MENSALISTA","MES",41.67,null,null,36.14,41.67]
[null,101311,"CURSO DE CAPACITAÇÃO PARA CARPINTEIRO DE FORMAS (ENCARGOS COMPLEMENTARES) - MENSALISTA","MES",34.61,null,null,30.02,34.61]
[null,101312,"CURSO DE CAPACITAÇÃO PARA CAVOUQUEIRO OU OPERADOR DE PERFURATRIZ (ENCARGOS COMPLEMENTARES) - MENSALISTA","MES",29.4,null,null,25.5,29.4]
[null,101313,"CURSO DE CAPACITAÇÃO PARA ELETRICISTA (ENCARGOS COMPLEMENTARES) - MENSALISTA","MES",115.78,null,null,100.41,115.78]
[null,101315,"CURSO DE CAPACITAÇÃO PARA ELETROTÉCNICO (ENCARGOS COMPLEMENTARES) - MENSALISTA","MES",124.35,null,null,107.84,124.35]
[null,101316,"CURSO DE CAPACITAÇÃO PARA ENCANADOR OU BOMBEIRO HIDRÁULICO (ENCARGOS COMPLEMENTARES) - MENSALISTA","MES",55.8,null,null,48.39,55.8]
[null,101320,"CURSO DE CAPACITAÇÃO PARA MONTADOR DE MAQUINAS (ENCARGOS COMPLEMENTARES) - MENSALISTA","MES",17.04,null,null,14.78,17.04]
[null,101322,"CURSO DE CAPACITAÇÃO PARA GESSEIRO (ENCARGOS COMPLEMENTARES) - MENSALISTA","MES",33.08,null,null,28.69,33.08]
[null,101323,"CURSO DE CAPACITAÇÃO PARA IMPERMEABILIZADOR (ENCARGOS COMPLEMENTARES) - MENSALISTA","MES",55.83,null,null,48.42,55.83]
[null,101324,"CURSO DE CAPACITAÇÃO PARA MOTORISTA DE CAMINHAO-BASCULANTE (ENCARGOS COMPLEMENTARES) - MENSALISTA","MES",21.78,null,null,18.88,21.78]
[null,101325,"CURSO DE CAPACITAÇÃO PARA INSTALADOR DE TUBULAÇÕES (ENCARGOS COMPLEMENTARES) - MENSALISTA","MES",25.8,null,null,22.38,25.8]
[null,101326,"CURSO DE CAPACITAÇÃO PARA JARDINEIRO (ENCARGOS COMPLEMENTARES) - MENSALISTA","MES",12.09,null,null,10.48,12.09]
[null,101328,"CURSO DE CAPACITAÇÃO PARA MOTORISTA DE CAMINHAO-CARRETA (ENCARGOS COMPLEMENTARES) - MENSALISTA","MES",26.06,null,null,22.6,26.06]
[null,101329,"CURSO DE CAPACITAÇÃO PARA MAÇARIQUEIRO (ENCARGOS COMPLEMENTARES) - MENSALISTA","MES",52.58,null,null,45.6,52.58]
[null,101330,"CURSO DE CAPACITAÇÃO PARA MARCENEIRO (ENCARGOS COMPLEMENTARES) - MENSALISTA","MES",41.01,null,null,35.57,41.01]
[null,101331,"CURSO DE CAPACITAÇÃO PARA MARMORISTA / GRANITEIRO (ENCARGOS COMPLEMENTARES) - MENSALISTA","MES",44.26,null,null,38.380000000000003,44.26]
[null,101332,"CURSO DE CAPACITAÇÃO PARA MOTORISTA DE CARRO DE PASSEIO (ENCARGOS COMPLEMENTARES) - MENSALISTA","MES",17.45,null,null,15.14,17.45]
[null,101333,"CURSO DE CAPACITAÇÃO PARA MECÂNICO DE EQUIPAMENTOS PESADOS (ENCARGOS COMPLEMENTARES) - MENSALISTA","MES",32.770000000000003,null,null,28.42,32.770000000000003]
[null,101334,"CURSO DE CAPACITAÇÃO PARA MECÂNICO DE REFRIGERAÇÃO (ENCARGOS COMPLEMENTARES) - MENSALISTA","MES",91.38,null,null,79.25,91.38]
[null,101336,"CURSO DE CAPACITAÇÃO PARA MOTORISTA OPERADOR DE CAMINHAO COM MUNCK (ENCARGOS COMPLEMENTARES) - MENSALISTA","MES",75.959999999999994,null,null,65.88,75.959999999999994]
[null,101337,"CURSO DE CAPACITAÇÃO PARA NIVELADOR (ENCARGOS COMPLEMENTARES) - MENSALISTA","MES",20.09,null,null,17.43,20.09]
[null,101338,"CURSO DE CAPACITAÇÃO PARA OPERADOR DE BATE-ESTACAS (ENCARGOS COMPLEMENTARES) - MENSALISTA","MES",20.65,null,null,17.91,20.65]
[null,101339,"CURSO DE CAPACITAÇÃO PARA OPERADOR DE BETONEIRA (ENCARGOS COMPLEMENTARES) - MENSALISTA","MES",21.51,null,null,18.649999999999999,21.51]
[null,101340,"CURSO DE CAPACITAÇÃO PARA OPERADOR DE BETONEIRA ESTACIONARIA / MISTURADOR (ENCARGOS COMPLEMENTARES) - MENSALISTA","MES",19.3,null,null,16.739999999999998,19.3]
[null,101341,"CURSO DE CAPACITAÇÃO PARA OPERADOR DE COMPRESSOR DE AR OU COMPRESSORISTA (ENCARGOS COMPLEMENTARES) - MENSALISTA","MES",21.3,null,null,18.47,21.3]
[null,101342,"CURSO DE CAPACITAÇÃO PARA OPERADOR DE DEMARCADORA DE FAIXAS DE TRAFEGO (ENCARGOS COMPLEMENTARES) - MENSALISTA","MES",21.51,null,null,18.649999999999999,21.51]
[null,101343,"CURSO DE CAPACITAÇÃO PARA OPERADOR DE ESCAVADEIRA (ENCARGOS COMPLEMENTARES) - MENSALISTA","MES",34.61,null,null,30.02,34.61]
[null,101344,"CURSO DE CAPACITAÇÃO PARA OPERADOR DE GUINCHO OU GUINCHEIRO (ENCARGOS COMPLEMENTARES) - MENSALISTA","MES",41.02,null,null,35.57,41.02]
[null,101345,"CURSO DE CAPACITAÇÃO PARA OPERADOR DE GUINDASTE (ENCARGOS COMPLEMENTARES) - MENSALISTA","MES",50.95,null,null,44.18,50.95]
[null,101346,"CURSO DE CAPACITAÇÃO PARA OPERADOR DE JATO ABRASIVO OU JATISTA (ENCARGOS COMPLEMENTARES) - MENSALISTA","MES",25.24,null,null,21.89,25.24]
[null,101347,"CURSO DE CAPACITAÇÃO PARA OPERADOR DE MAQUINAS E TRATORES DIVERSOS (ENCARGOS COMPLEMENTARES) - MENSALISTA","MES",30.33,null,null,26.31,30.33]
[null,101348,"CURSO DE CAPACITAÇÃO PARA OPERADOR DE MARTELETE OU MARTELETEIRO (ENCARGOS COMPLEMENTARES) - MENSALISTA","MES",18.649999999999999,null,null,16.18,18.649999999999999]
[null,101349,"CURSO DE CAPACITAÇÃO PARA OPERADOR DE MOTO SCRAPER (ENCARGOS COMPLEMENTARES) - MENSALISTA","MES",30.74,null,null,26.66,30.74]
[null,101350,"CURSO DE CAPACITAÇÃO PARA OPERADOR DE MOTONIVELADORA (ENCARGOS COMPLEMENTARES) - MENSALISTA","MES",30.74,null,null,26.66,30.74]
[null,101351,"CURSO DE CAPACITAÇÃO PARA OPERADOR DE PA CARREGADEIRA (ENCARGOS COMPLEMENTARES) - MENSALISTA","MES",21.51,null,null,18.649999999999999,21.51]
[null,101352,"CURSO DE CAPACITAÇÃO PARA OPERADOR DE PAVIMENTADORA / MESA VIBROACABADORA (ENCARGOS COMPLEMENTARES) - MENSALISTA","MES",21.51,null,null,18.649999999999999,21.51]
[null,101353,"CURSO DE CAPACITAÇÃO PARA OPERADOR DE ROLO COMPACTADOR (ENCARGOS COMPLEMENTARES) - MENSALISTA","MES",21.3,null,null,18.47,21.3]
[null,101355,"CURSO DE CAPACITAÇÃO PARA OPERADOR DE USINA DE ASFALTO, DE SOLOS OU DE CONCRETO (ENCARGOS COMPLEMENTARES) - MENSALISTA","MES",30.74,null,null,26.66,30.74]
[null,101356,"CURSO DE CAPACITAÇÃO PARA PASTILHEIRO (ENCARGOS COMPLEMENTARES) - MENSALISTA","MES",44.26,null,null,38.380000000000003,44.26]
[null,101357,"CURSO DE CAPACITAÇÃO PARA PEDREIRO (ENCARGOS COMPLEMENTARES) - MENSALISTA","MES",63.58,null,null,55.14,63.58]
[null,101358,"CURSO DE CAPACITAÇÃO PARA PINTOR (ENCARGOS COMPLEMENTARES) - MENSALISTA","MES",44.26,null,null,38.380000000000003,44.26]
[null,101359,"CURSO DE CAPACITAÇÃO PARA PINTOR DE LETREIROS (ENCARGOS COMPLEMENTARES) - MENSALISTA","MES",42.97,null,null,37.270000000000003,42.97]
[null,101360,"CURSO DE CAPACITAÇÃO PARA PINTOR PARA TINTA EPOXI (ENCARGOS COMPLEMENTARES) - MENSALISTA","MES",44.26,null,null,38.380000000000003,44.26]
[null,101361,"CURSO DE CAPACITAÇÃO PARA POCEIRO / ESCAVADOR DE VALAS E TUBULOES (ENCARGOS COMPLEMENTARES) - MENSALISTA","MES",52.55,null,null,45.58,52.55]
[null,101363,"CURSO DE CAPACITAÇÃO PARA SERRALHEIRO (ENCARGOS COMPLEMENTARES) - MENSALISTA","MES",34.61,null,null,30.02,34.61]
[null,101364,"CURSO DE CAPACITAÇÃO PARA SERVENTE DE OBRAS (ENCARGOS COMPLEMENTARES) - MENSALISTA","MES",{"$f":"IF($K$2=$H$1,H7747,I7747)","v":47.37},null,null,41.08,47.37]
[null,101365,"CURSO DE CAPACITAÇÃO PARA SOLDADOR (ENCARGOS COMPLEMENTARES) - MENSALISTA","MES",34.61,null,null,30.02,34.61]
[null,101366,"CURSO DE CAPACITAÇÃO PARA SOLDADOR ELETRICO (ENCARGOS COMPLEMENTARES) - MENSALISTA","MES",40.67,null,null,35.270000000000003,40.67]
[null,101368,"CURSO DE CAPACITAÇÃO PARA TECNICO EM LABORATORIO E CAMPO DE CONSTRUCAO CIVIL (ENCARGOS COMPLEMENTARES) - MENSALISTA","MES",34.28,null,null,29.73,34.28]
[null,101369,"CURSO DE CAPACITAÇÃO PARA TECNICO EM SONDAGEM (ENCARGOS COMPLEMENTARES) - MENSALISTA","MES",36.64,null,null,31.78,36.64]
[null,101370,"CURSO DE CAPACITAÇÃO PARA TELHADOR (ENCARGOS COMPLEMENTARES) - MENSALISTA","MES",34.200000000000003,null,null,29.66,34.200000000000003]
[null,101371,"CURSO DE CAPACITAÇÃO PARA VIDRACEIRO (ENCARGOS COMPLEMENTARES) - MENSALISTA","MES",38.159999999999997,null,null,33.090000000000003,38.159999999999997]
[null,101372,"CURSO DE CAPACITAÇÃO PARA VIGIA DIURNO (ENCARGOS COMPLEMENTARES) - MENSALISTA","MES",11.79,null,null,10.220000000000001,11.79]
[null,101374,"AJUDANTE DE ARMADOR COM ENCARGOS COMPLEMENTARES","MES",3842.77,null,null,3466.56,3842.77]
[null,101375,"AJUDANTE DE ELETRICISTA COM ENCARGOS COMPLEMENTARES","MES",3902.66,null,null,3518.19,3902.66]
[null,101376,"AJUDANTE DE ESTRUTURAS METÁLICAS COM ENCARGOS COMPLEMENTARES","MES",3617.19,null,null,3240.98,3617.19]
[null,101377,"AJUDANTE DE OPERAÇÃO EM GERAL COM ENCARGOS COMPLEMENTARES","MES",3813.44,null,null,3441.12,3813.44]
[null,101378,"AJUDANTE DE PINTOR COM ENCARGOS COMPLEMENTARES","MES",4844.2299999999996,null,null,4376.03,4844.2299999999996]
[null,101379,"AJUDANTE DE SERRALHEIRO COM ENCARGOS COMPLEMENTARES","MES",3842.77,null,null,3466.56,3842.77]
[null,101380,"AJUDANTE ESPECIALIZADO COM ENCARGOS COMPLEMENTARES","MES",3789.84,null,null,3417.52,3789.84]
[null,101381,"ARMADOR COM ENCARGOS COMPLEMENTARES","MES",4524.88,null,null,4058.15,4524.88]
[null,101382,"ASSENTADOR DE MANILHAS COM ENCARGOS COMPLEMENTARES","MES",2565.14,null,null,2328.5500000000002,2565.14]
[null,101383,"AUXILIAR DE AZULEJISTA COM ENCARGOS COMPLEMENTARES","MES",3631.89,null,null,3283.67,3631.89]
[null,101384,"AUXILIAR DE ENCANADOR OU BOMBEIRO HIDRÁULICO COM ENCARGOS COMPLEMENTARES","MES",3728.26,null,null,3349.99,3728.26]
[null,101385,"AUXILIAR DE LABORATORISTA DE SOLOS E DE CONCRETO COM ENCARGOS COMPLEMENTARES","MES",4802.3900000000003,null,null,4220.59,4802.3900000000003]
[null,101386,"AUXILIAR DE MECÂNICO COM ENCARGOS COMPLEMENTARES","MES",3617.19,null,null,3240.98,3617.19]
[null,101387,"AUXILIAR DE PEDREIRO COM ENCARGOS COMPLEMENTARES","MES",3850.54,null,null,3473.31,3850.54]
[null,101388,"AUXILIAR DE SERVIÇOS GERAIS COM ENCARGOS COMPLEMENTARES","MES",3604.58,null,null,3256.85,3604.58]
[null,101389,"AUXILIAR DE TOPÓGRAFO COM ENCARGOS COMPLEMENTARES","MES",1983.46,null,null,1774,1983.46]
[null,101390,"AUXILIAR TÉCNICO / ASSISTENTE DE ENGENHARIA COM ENCARGOS COMPLEMENTARES","MES",4810.59,null,null,4225.5200000000004,4810.59]
[null,101391,"AZULEJISTA OU LADRILHEIRO COM ENCARGOS COMPLEMENTARES","MES",4534.53,null,null,4066.51,4534.53]
[null,101392,"BLASTER, DINAMITADOR OU CABO DE FORÇA COM ENCARGOS COMPLEMENTARES","MES",3296.35,null,null,2962.72,3296.35]
[null,101394,"CALCETEIRO COM ENCARGOS COMPLEMENTARES","MES",4193.3599999999997,null,null,3770.63,4193.3599999999997]
[null,101395,"CARPINTEIRO AUXILIAR COM ENCARGOS COMPLEMENTARES","MES",3824.21,null,null,3446.98,3824.21]
[null,101396,"CARPINTEIRO DE ESQUADRIAS COM ENCARGOS COMPLEMENTARES","MES",4302.41,null,null,3861.71,4302.41]
[null,101397,"CARPINTEIRO DE FORMAS COM ENCARGOS COMPLEMENTARES","MES",4498.55,null,null,4031.82,4498.55]
[null,101398,"CAVOUQUEIRO OU OPERADOR DE PERFURATRIZ COM ENCARGOS COMPLEMENTARES","MES",3769.87,null,null,3373.4,3769.87]
[null,101399,"ELETRICISTA COM ENCARGOS COMPLEMENTARES","MES",4723.71,null,null,4230.2700000000004,4723.71]
[null,101401,"ELETROTÉCNICO COM ENCARGOS COMPLEMENTARES","MES",5806.45,null,null,5169.32,5806.45]
[null,101402,"ENCANADOR OU BOMBEIRO HIDRÁULICO COM ENCARGOS COMPLEMENTARES","MES",4536.07,null,null,4050.59,4536.07]
[null,101407,"GESSEIRO COM ENCARGOS COMPLEMENTARES","MES",4369.5600000000004,null,null,3923.44,4369.5600000000004]
[null,101408,"IMPERMEABILIZADOR COM ENCARGOS COMPLEMENTARES","MES",4121.3999999999996,null,null,3708.21,4121.3999999999996]
[null,101409,"INSTALADOR DE TUBULAÇÕES COM ENCARGOS COMPLEMENTARES","MES",2838.77,null,null,2565.87,2838.77]
[null,101410,"JARDINEIRO COM ENCARGOS COMPLEMENTARES","MES",3780.93,null,null,3412.93,3780.93]
[null,101412,"MAÇARIQUEIRO COM ENCARGOS COMPLEMENTARES","MES",4636.84,null,null,4179.3500000000004,4636.84]
[null,101413,"MARCENEIRO COM ENCARGOS COMPLEMENTARES","MES",4250,null,null,3816.26,4250]
[null,101414,"MARMORISTA / GRANITEIRO COM ENCARGOS COMPLEMENTARES","MES",4534.53,null,null,4066.51,4534.53]
[null,101415,"MECÂNICO DE EQUIPAMENTOS PESADOS COM ENCARGOS COMPLEMENTARES","MES",5393.31,null,null,4781.3999999999996,5393.31]
[null,101416,"MECÂNICO DE REFRIGERAÇÃO COM ENCARGOS COMPLEMENTARES","MES",4933.3999999999996,null,null,4412.13,4933.3999999999996]
[null,101417,"MONTADOR DE ELETROELETRÔNICO COM ENCARGOS COMPLEMENTARES","MES",4137.5200000000004,null,null,3721.87,4137.5200000000004]
[null,101418,"MONTADOR DE ESTRUTURAS METÁLICAS COM ENCARGOS COMPLEMENTARES","MES",3990.93,null,null,3565.12,3990.93]
[null,101419,"MONTADOR DE MÁQUINAS COM ENCARGOS COMPLEMENTARES","MES",3403.21,null,null,3085.01,3403.21]
[null,101420,"MOTORISTA DE CAMINHÃO BASCULANTE COM ENCARGOS COMPLEMENTARES","MES",5776.75,null,null,5113.9399999999996,5776.75]
[null,101421,"MOTORISTA DE CAMINHÃO CARRETA COM ENCARGOS COMPLEMENTARES","MES",6760.14,null,null,5966.83,6760.14]
[null,101422,"MOTORISTA DE CARRO DE PASSEIO COM ENCARGOS COMPLEMENTARES","MES",4785.6000000000004,null,null,4254.34,4785.6000000000004]
[null,101424,"MOTORISTA OPERADOR DE CAMINHÃO COM MUNCK COM ENCARGOS COMPLEMENTARES","MES",6245.72,null,null,5520.69,6245.72]
[null,101425,"NIVELADOR  COM ENCARGOS COMPLEMENTARES","MES",3232.12,null,null,2856.96,3232.12]
[null,101426,"OPERADOR DE BATE-ESTACA COM ENCARGOS COMPLEMENTARES","MES",3688.03,null,null,3302.42,3688.03]
[null,101427,"OPERADOR DE BETONEIRA (CAMINHÃO) COM ENCARGOS COMPLEMENTARES","MES",3808.69,null,null,3407.06,3808.69]
[null,101428,"OPERADOR DE BETONEIRA ESTACIONÁRIA COM ENCARGOS COMPLEMENTARES","MES",3497.59,null,null,3137.26,3497.59]
[null,101429,"OPERADOR DE COMPRESSOR DE AR OU COMPRESSORISTA COM ENCARGOS COMPLEMENTARES","MES",3779.48,null,null,3381.73,3779.48]
[null,101430,"OPERADOR DE DEMARCADORA DE FAIXAS DE TRÁFEGO COM ENCARGOS COMPLEMENTARES","MES",3808.69,null,null,3407.06,3808.69]
[null,101431,"OPERADOR DE ESCAVADEIRA COM ENCARGOS COMPLEMENTARES","MES",4299.3,null,null,3832.57,4299.3]
[null,101432,"OPERADOR DE GUINCHO OU GUINCHEIRO COM ENCARGOS COMPLEMENTARES","MES",3732.74,null,null,3341.2,3732.74]
[null,101433,"OPERADOR DE GUINDASTE COM ENCARGOS COMPLEMENTARES","MES",4446.8599999999997,null,null,3960.54,4446.8599999999997]
[null,101434,"OPERADOR DE JATO ABRASIVO OU JATISTA COM ENCARGOS COMPLEMENTARES","MES",3347.78,null,null,3007.32,3347.78]
[null,101435,"OPERADOR DE MÁQUINAS E TRATORES DIVERSOS COM ENCARGOS COMPLEMENTARES","MES",3864.81,null,null,3455.75,3864.81]
[null,101436,"OPERADOR DE MARTELETE OU MARTELETEIRO COM ENCARGOS COMPLEMENTARES","MES",3406.98,null,null,3058.68,3406.98]
[null,101437,"OPERADOR DE MOTO SCRAPER COM ENCARGOS COMPLEMENTARES","MES",5106.95,null,null,4533.03,5106.95]
[null,101438,"OPERADOR DE MOTONIVELADORA COM ENCARGOS COMPLEMENTARES","MES",{"$f":"IF($K$2=$H$1,H7811,I7811)","v":5106.95},null,null,4533.03,5106.95]
[null,101439,"OPERADOR DE PÁ CARREGADEIRA COM ENCARGOS COMPLEMENTARES","MES",3808.69,null,null,3407.06,3808.69]
[null,101440,"OPERADOR DE PAVIMENTADORA / MESA VIBROACABADORA COM ENCARGOS COMPLEMENTARES","MES",3808.69,null,null,3407.06,3808.69]
[null,101441,"OPERADOR DE ROLO COMPACTADOR COM ENCARGOS COMPLEMENTARES","MES",3779.48,null,null,3381.73,3779.48]
[null,101443,"OPERADOR DE USINA DE ASFALTO, DE SOLOS OU DE CONCRETO COM ENCARGOS COMPLEMENTARES","MES",5106.95,null,null,4533.03,5106.95]
[null,101444,"PASTILHEIRO COM ENCARGOS COMPLEMENTARES","MES",4534.53,null,null,4066.51,4534.53]
[null,101445,"PEDREIRO COM ENCARGOS COMPLEMENTARES","MES",4553.8500000000004,null,null,4083.27,4553.8500000000004]
[null,101446,"PINTOR COM ENCARGOS COMPLEMENTARES","MES",4842.6899999999996,null,null,4374.67,4842.6899999999996]
[null,101447,"PINTOR DE LETREIROS COM ENCARGOS COMPLEMENTARES","MES",4740.63,null,null,4286.17,4740.63]
[null,101448,"PINTOR PARA TINTA EPÓXI COM ENCARGOS COMPLEMENTARES","MES",4842.6899999999996,null,null,4374.67,4842.6899999999996]
[null,101449,"POCEIRO / ESCAVADOR DE VALAS COM ENCARGOS COMPLEMENTARES","MES",3713.15,null,null,3324.21,3713.15]
[null,101451,"SERRALHEIRO COM ENCARGOS COMPLEMENTARES","MES",4524.88,null,null,4058.15,4524.88]
[null,101452,"SERVENTE DE OBRAS COM ENCARGOS COMPLEMENTARES","MES",3626.17,null,null,3275.57,3626.17]
[null,101453,"SOLDADOR COM ENCARGOS COMPLEMENTARES","MES",4706.5,null,null,4239.7700000000004,4706.5]
[null,101454,"SOLDADOR ELÉTRICO COM ENCARGOS COMPLEMENTARES","MES",5322.4,null,null,4773.9399999999996,5322.4]
[null,101456,"TÉCNICO DE LABORATÓRIO E CAMPO DE CONSTRUÇÃO COM ENCARGOS COMPLEMENTARES","MES",5240.79,null,null,4600.8100000000004,5240.79]
[null,101457,"TÉCNICO EM SONDAGEM COM ENCARGOS COMPLEMENTARES","MES",4506.12,null,null,4011.95,4506.12]
[null,101458,"TELHADOR COM ENCARGOS COMPLEMENTARES","MES",4456.74,null,null,3995.56,4456.74]
[null,101459,"VIDRACEIRO COM ENCARGOS COMPLEMENTARES","MES",4048.83,null,null,3645.27,4048.83]
[null,101460,"VIGIA DIURNO COM ENCARGOS COMPLEMENTARES","MES",3688.32,null,null,3329.48,3688.32]

{"sheet":"BANCO DE DADOS DEZ-24 INS","index":4,"n_rows":4842,"n_cols":10,"rows_kept":4842,"cut":false,"hidden":true,"merged":[]}
["CODIGO  ","DESCRICAO DO INSUMO","UNIDADE","Preço",null,"DESONERADO","NÃO DESONERADO"]
[11270,"ABRACADEIRA DE LATAO PARA FIXACAO DE CABO PARA-RAIO, DIMENSOES 32 X 24 X 24 MM                                                                                                                                                                                                                                                                                                                                                                                                                            ","UN    ",{"$f":"IF($J$2=$F$1,F2,G2)","v":2.66},null,2.66,2.66,{"$f":"F2=G2","v":true},null,{"$f":"'PLANILHA ORÇAMENTÁRIA'!M6","v":"NÃO DESONERADO"}]
[412,"ABRACADEIRA DE NYLON PARA AMARRACAO DE CABOS, COMPRIMENTO DE *230* X *7,6* MM                                                                                                                                                                                                                                                                                                                                                                                                                             ","UN    ",{"$f":"IF($J$2=$F$1,F3,G3)","v":1.64},null,1.64,1.64,{"$f":"F3=G3","v":true}]
[414,"ABRACADEIRA DE NYLON PARA AMARRACAO DE CABOS, COMPRIMENTO DE 100 X 2,5 MM                                                                                                                                                                                                                                                                                                                                                                                                                                 ","UN    ",0.1,null,0.1,0.1,true]
[410,"ABRACADEIRA DE NYLON PARA AMARRACAO DE CABOS, COMPRIMENTO DE 150 X *3,6* MM                                                                                                                                                                                                                                                                                                                                                                                                                               ","UN    ",0.25,null,0.25,0.25,true]
[411,"ABRACADEIRA DE NYLON PARA AMARRACAO DE CABOS, COMPRIMENTO DE 200 X *4,6* MM                                                                                                                                                                                                                                                                                                                                                                                                                               ","UN    ",0.32,null,0.32,0.32,true]
[408,"ABRACADEIRA DE NYLON PARA AMARRACAO DE CABOS, COMPRIMENTO DE 390 X *4,6* MM                                                                                                                                                                                                                                                                                                                                                                                                                               ","UN    ",1.58,null,1.58,1.58,true]
[39131,"ABRACADEIRA EM ACO PARA AMARRACAO DE ELETRODUTOS, TIPO D, COM 1 1/2\" E CUNHA DE FIXACAO                                                                                                                                                                                                                                                                                                                                                                                                                   ","UN    ",4.18,null,4.18,4.18,true]
[394,"ABRACADEIRA EM ACO PARA AMARRACAO DE ELETRODUTOS, TIPO D, COM 1 1/2\" E PARAFUSO DE FIXACAO                                                                                                                                                                                                                                                                                                                                                                                                                ","UN    ",4.2300000000000004,null,4.2300000000000004,4.2300000000000004,true]
[39130,"ABRACADEIRA EM ACO PARA AMARRACAO DE ELETRODUTOS, TIPO D, COM 1 1/4\" E CUNHA DE FIXACAO                                                                                                                                                                                                                                                                                                                                                                                                                   ","UN    ",3.82,null,3.82,3.82,true]
[395,"ABRACADEIRA EM ACO PARA AMARRACAO DE ELETRODUTOS, TIPO D, COM 1 1/4\" E PARAFUSO DE FIXACAO                                                                                                                                                                                                                                                                                                                                                                                                                ","UN    ",4.08,null,4.08,4.08,true]
[39127,"ABRACADEIRA EM ACO PARA AMARRACAO DE ELETRODUTOS, TIPO D, COM 1/2\" E CUNHA DE FIXACAO                                                                                                                                                                                                                                                                                                                                                                                                                     ","UN    ",2.0099999999999998,null,2.0099999999999998,2.0099999999999998,true]
[392,"ABRACADEIRA EM ACO PARA AMARRACAO DE ELETRODUTOS, TIPO D, COM 1/2\" E PARAFUSO DE FIXACAO                                                                                                                                                                                                                                                                                                                                                                                                                  ","UN    ",2.06,null,2.06,2.06,true]
[39129,"ABRACADEIRA EM ACO PARA AMARRACAO DE ELETRODUTOS, TIPO D, COM 1\" E CUNHA DE FIXACAO                                                                                                                                                                                                                                                                                                                                                                                                                       ","UN    ",2.35,null,2.35,2.35,true]
[393,"ABRACADEIRA EM ACO PARA AMARRACAO DE ELETRODUTOS, TIPO D, COM 1\" E PARAFUSO DE FIXACAO                                                                                                                                                                                                                                                                                                                                                                                                                    ","UN    ",2.46,null,2.46,2.46,true]
[39133,"ABRACADEIRA EM ACO PARA AMARRACAO DE ELETRODUTOS, TIPO D, COM 2 1/2\" E CUNHA DE FIXACAO                                                                                                                                                                                                                                                                                                                                                                                                                   ","UN    ",5.49,null,5.49,5.49,true]
[397,"ABRACADEIRA EM ACO PARA AMARRACAO DE ELETRODUTOS, TIPO D, COM 2 1/2\" E PARAFUSO DE FIXACAO                                                                                                                                                                                                                                                                                                                                                                                                                ","UN    ",6.07,null,6.07,6.07,true]
[39132,"ABRACADEIRA EM ACO PARA AMARRACAO DE ELETRODUTOS, TIPO D, COM 2\" E CUNHA DE FIXACAO                                                                                                                                                                                                                                                                                                                                                                                                                       ","UN    ",4.3899999999999997,null,4.3899999999999997,4.3899999999999997,true]
[396,"ABRACADEIRA EM ACO PARA AMARRACAO DE ELETRODUTOS, TIPO D, COM 2\" E PARAFUSO DE FIXACAO                                                                                                                                                                                                                                                                                                                                                                                                                    ","UN    ",4.71,null,4.71,4.71,true]
[39135,"ABRACADEIRA EM ACO PARA AMARRACAO DE ELETRODUTOS, TIPO D, COM 3 1/2\" E CUNHA DE FIXACAO                                                                                                                                                                                                                                                                                                                                                                                                                   ","UN    ",8.7899999999999991,null,8.7899999999999991,8.7899999999999991,true]
[39128,"ABRACADEIRA EM ACO PARA AMARRACAO DE ELETRODUTOS, TIPO D, COM 3/4\" E CUNHA DE FIXACAO                                                                                                                                                                                                                                                                                                                                                                                                                     ","UN    ",2.19,null,2.19,2.19,true]
[400,"ABRACADEIRA EM ACO PARA AMARRACAO DE ELETRODUTOS, TIPO D, COM 3/4\" E PARAFUSO DE FIXACAO                                                                                                                                                                                                                                                                                                                                                                                                                  ","UN    ",2.14,null,2.14,2.14,true]
[39125,"ABRACADEIRA EM ACO PARA AMARRACAO DE ELETRODUTOS, TIPO D, COM 3/8\" E PARAFUSO DE FIXACAO                                                                                                                                                                                                                                                                                                                                                                                                                  ","UN    ",2.19,null,2.19,2.19,true]
[39134,"ABRACADEIRA EM ACO PARA AMARRACAO DE ELETRODUTOS, TIPO D, COM 3\" E CUNHA DE FIXACAO                                                                                                                                                                                                                                                                                                                                                                                                                       ","UN    ",7.32,null,7.32,7.32,true]
[398,"ABRACADEIRA EM ACO PARA AMARRACAO DE ELETRODUTOS, TIPO D, COM 3\" E PARAFUSO DE FIXACAO                                                                                                                                                                                                                                                                                                                                                                                                                    ","UN    ",6.75,null,6.75,6.75,true]
[39126,"ABRACADEIRA EM ACO PARA AMARRACAO DE ELETRODUTOS, TIPO D, COM 4\" E CUNHA DE FIXACAO                                                                                                                                                                                                                                                                                                                                                                                                                       ","UN    ",9.89,null,9.89,9.89,true]
[399,"ABRACADEIRA EM ACO PARA AMARRACAO DE ELETRODUTOS, TIPO D, COM 4\" E PARAFUSO DE FIXACAO                                                                                                                                                                                                                                                                                                                                                                                                                    ","UN    ",8.7100000000000009,null,8.7100000000000009,8.7100000000000009,true]
[39158,"ABRACADEIRA EM ACO PARA AMARRACAO DE ELETRODUTOS, TIPO ECONOMICA (GOTA), COM 8\"                                                                                                                                                                                                                                                                                                                                                                                                                           ","UN    ",23.39,null,23.39,23.39,true]
[39141,"ABRACADEIRA EM ACO PARA AMARRACAO DE ELETRODUTOS, TIPO U SIMPLES, COM 1 1/2\"                                                                                                                                                                                                                                                                                                                                                                                                                              ","UN    ",1.7,null,1.7,1.7,true]
[39140,"ABRACADEIRA EM ACO PARA AMARRACAO DE ELETRODUTOS, TIPO U SIMPLES, COM 1 1/4\"                                                                                                                                                                                                                                                                                                                                                                                                                              ","UN    ",1.54,null,1.54,1.54,true]
[39137,"ABRACADEIRA EM ACO PARA AMARRACAO DE ELETRODUTOS, TIPO U SIMPLES, COM 1/2\"                                                                                                                                                                                                                                                                                                                                                                                                                                ","UN    ",0.88,null,0.88,0.88,true]
[39139,"ABRACADEIRA EM ACO PARA AMARRACAO DE ELETRODUTOS, TIPO U SIMPLES, COM 1\"                                                                                                                                                                                                                                                                                                                                                                                                                                  ","UN    ",1.28,null,1.28,1.28,true]
[39143,"ABRACADEIRA EM ACO PARA AMARRACAO DE ELETRODUTOS, TIPO U SIMPLES, COM 2 1/2\"                                                                                                                                                                                                                                                                                                                                                                                                                              ","UN    ",3.5,null,3.5,3.5,true]
[39142,"ABRACADEIRA EM ACO PARA AMARRACAO DE ELETRODUTOS, TIPO U SIMPLES, COM 2\"                                                                                                                                                                                                                                                                                                                                                                                                                                  ","UN    ",2.5099999999999998,null,2.5099999999999998,2.5099999999999998,true]
[39138,"ABRACADEIRA EM ACO PARA AMARRACAO DE ELETRODUTOS, TIPO U SIMPLES, COM 3/4\"                                                                                                                                                                                                                                                                                                                                                                                                                                ","UN    ",0.94,null,0.94,0.94,true]
[39136,"ABRACADEIRA EM ACO PARA AMARRACAO DE ELETRODUTOS, TIPO U SIMPLES, COM 3/8\"                                                                                                                                                                                                                                                                                                                                                                                                                                ","UN    ",0.62,null,0.62,0.62,true]
[39144,"ABRACADEIRA EM ACO PARA AMARRACAO DE ELETRODUTOS, TIPO U SIMPLES, COM 3\"                                                                                                                                                                                                                                                                                                                                                                                                                                  ","UN    ",4.08,null,4.08,4.08,true]
[39145,"ABRACADEIRA EM ACO PARA AMARRACAO DE ELETRODUTOS, TIPO U SIMPLES, COM 4\"                                                                                                                                                                                                                                                                                                                                                                                                                                  ","UN    ",6.72,null,6.72,6.72,true]
[12615,"ABRACADEIRA PVC, PARA CALHA PLUVIAL, DIAMETRO ENTRE *80 E 100* MM, PARA DRENAGEM PLUVIAL PREDIAL                                                                                                                                                                                                                                                                                                                                                                                                          ","UN    ",12.58,null,12.58,12.58,true]
[11927,"ABRACADEIRA, GALVANIZADA/ZINCADA, ROSCA SEM FIM, PARAFUSO INOX, LARGURA FITA *12,6 A *14 MM, D = 2\" A 2 1/2\"                                                                                                                                                                                                                                                                                                                                                                                              ","UN    ",7.95,null,7.95,7.95,true]
[11928,"ABRACADEIRA, GALVANIZADA/ZINCADA, ROSCA SEM FIM, PARAFUSO INOX, LARGURA FITA *12,6 A *14 MM, D = 3\" A 3 3/4\"                                                                                                                                                                                                                                                                                                                                                                                              ","UN    ",9.11,null,9.11,9.11,true]
[11929,"ABRACADEIRA, GALVANIZADA/ZINCADA, ROSCA SEM FIM, PARAFUSO INOX, LARGURA FITA *12,6 A *14 MM, D = 4\" A 4 3/4\"                                                                                                                                                                                                                                                                                                                                                                                              ","UN    ",14.09,null,14.09,14.09,true]
[36801,"ACABAMENTO DE METAL CROMADO PARA REGISTRO PEQUENO, DE PAREDE, 1/2\" OU 3/4\"                                                                                                                                                                                                                                                                                                                                                                                                                                ","UN    ",38.17,null,38.17,38.17,true]
[36246,"ACABAMENTO SIMPLES/CONVENCIONAL PARA FORRO PVC, TIPO \"U\" OU \"C\", COR BRANCA, COMPRIMENTO 6 M                                                                                                                                                                                                                                                                                                                                                                                                              ","M     ",4.0599999999999996,null,4.0599999999999996,4.0599999999999996,true]
[37600,"ACESSORIO DE LIGACAO NAO ELETRICO PARA CARGAS EXPLOSIVAS, TUBO DE 6 M                                                                                                                                                                                                                                                                                                                                                                                                                                     ","UN    ",99.44,null,99.44,99.44,true]
[37599,"ACESSORIO INICIADOR NAO ELETRICO, TUBO DE 6 M, TEMPO DE RETARDO DE *160* MS                                                                                                                                                                                                                                                                                                                                                                                                                               ","UN    ",92.56,null,92.56,92.56,true]
[1,"ACETILENO (RECARGA DE GAS ACETILENO PARA CILINDRO DE CONJUNTO OXICORTE GRANDE) NAO INCLUI TROCA/MANUTENCAO DO CILINDRO                                                                                                                                                                                                                                                                                                                                                                                    ","KG    ",130,null,130,130,true]
[3,"ACIDO CLORIDRICO / ACIDO MURIATICO, DILUICAO 10% A 12% PARA USO EM LIMPEZA                                                                                                                                                                                                                                                                                                                                                                                                                                ","L     ",15.58,null,15.58,15.58,true]
[43054,"ACO CA-25, 10,0 MM, OU 12,5 MM, OU 16,0 MM, OU 20,0 MM, OU 25,0 MM, VERGALHAO                                                                                                                                                                                                                                                                                                                                                                                                                             ","KG    ",9.7899999999999991,null,9.7899999999999991,9.7899999999999991,true]
[42402,"ACO CA-25, 16,0 MM, BARRA DE TRANSFERENCIA                                                                                                                                                                                                                                                                                                                                                                                                                                                                ","KG    ",9.35,null,9.35,9.35,true]
[42403,"ACO CA-25, 20,0 MM, BARRA DE TRANSFERENCIA                                                                                                                                                                                                                                                                                                                                                                                                                                                                ","KG    ",12,null,12,12,true]
[42404,"ACO CA-25, 25,0 MM, BARRA DE TRANSFERENCIA                                                                                                                                                                                                                                                                                                                                                                                                                                                                ","KG    ",11.93,null,11.93,11.93,true]
[42405,"ACO CA-25, 32,0 MM, BARRA DE TRANSFERENCIA                                                                                                                                                                                                                                                                                                                                                                                                                                                                ","KG    ",12.71,null,12.71,12.71,true]
[34341,"ACO CA-25, 32,0 MM, VERGALHAO                                                                                                                                                                                                                                                                                                                                                                                                                                                                             ","KG    ",11.03,null,11.03,11.03,true]
[43053,"ACO CA-25, 6,3 MM OU 8,0 MM, VERGALHAO                                                                                                                                                                                                                                                                                                                                                                                                                                                                    ","KG    ",8.74,null,8.74,8.74,true]
[43058,"ACO CA-50, 10,0 MM, OU 12,5 MM, OU 16,0 MM, OU 20,0 MM, DOBRADO E CORTADO                                                                                                                                                                                                                                                                                                                                                                                                                                 ","KG    ",9.06,null,9.06,9.06,true]
[34,"ACO CA-50, 10,0 MM, VERGALHAO                                                                                                                                                                                                                                                                                                                                                                                                                                                                             ","KG    ",9.11,null,9.11,9.11,true]
[43055,"ACO CA-50, 12,5 MM OU 16,0 MM, VERGALHAO                                                                                                                                                                                                                                                                                                                                                                                                                                                                  ","KG    ",7.89,null,7.89,7.89,true]
[43056,"ACO CA-50, 20,0 MM OU 25,0 MM, VERGALHAO                                                                                                                                                                                                                                                                                                                                                                                                                                                                  ","KG    ",9.1,null,9.1,9.1,true]
[43057,"ACO CA-50, 32,0 MM, VERGALHAO                                                                                                                                                                                                                                                                                                                                                                                                                                                                             ","KG    ",10,null,10,10,true]
[34449,"ACO CA-50, 6,3 MM, DOBRADO E CORTADO                                                                                                                                                                                                                                                                                                                                                                                                                                                                      ","KG    ",10.69,null,10.69,10.69,true]
[32,"ACO CA-50, 6,3 MM, VERGALHAO                                                                                                                                                                                                                                                                                                                                                                                                                                                                              ","KG    ",9.61,null,9.61,9.61,true]
[33,"ACO CA-50, 8,0 MM, VERGALHAO                                                                                                                                                                                                                                                                                                                                                                                                                                                                              ","KG    ",9.66,null,9.66,9.66,true]
[43061,"ACO CA-60, 4,2 MM OU 5,0 MM, DOBRADO E CORTADO                                                                                                                                                                                                                                                                                                                                                                                                                                                            ","KG    ",9.0299999999999994,null,9.0299999999999994,9.0299999999999994,true]
[43059,"ACO CA-60, 4,2 MM, OU 5,0 MM, OU 6,0 MM, OU 7,0 MM, VERGALHAO                                                                                                                                                                                                                                                                                                                                                                                                                                             ","KG    ",8.6199999999999992,null,8.6199999999999992,8.6199999999999992,true]
[43062,"ACO CA-60, 6,0 MM OU 7,0 MM, DOBRADO E CORTADO                                                                                                                                                                                                                                                                                                                                                                                                                                                            ","KG    ",9.5500000000000007,null,9.5500000000000007,9.5500000000000007,true]
[43060,"ACO CA-60, 8,0 MM OU 9,5 MM, VERGALHAO                                                                                                                                                                                                                                                                                                                                                                                                                                                                    ","KG    ",{"$f":"IF($J$2=$F$1,F67,G67)","v":7.51},null,7.51,7.51,{"$f":"F67=G67","v":true}]
[40410,"ACOPLAMENTO RIGIDO EM FERRO FUNDIDO PARA SISTEMA DE TUBULACAO RANHURADA, DN 50 MM (2\")                                                                                                                                                                                                                                                                                                                                                                                                                    ","UN    ",22.27,null,22.27,22.27,true]
[40411,"ACOPLAMENTO RIGIDO EM FERRO FUNDIDO PARA SISTEMA DE TUBULACAO RANHURADA, DN 65 MM (2 1/2\")                                                                                                                                                                                                                                                                                                                                                                                                                ","UN    ",24.17,null,24.17,24.17,true]
[40412,"ACOPLAMENTO RIGIDO EM FERRO FUNDIDO PARA SISTEMA DE TUBULACAO RANHURADA, DN 80 MM (3\")                                                                                                                                                                                                                                                                                                                                                                                                                    ","UN    ",27.12,null,27.12,27.12,true]
[44254,"ADAPTADOR CPVC, ROSCAVEL, COM FLANGES E ANEL DE VEDACAO, 15 MM, CAIXA D'AGUA PARA AGUA QUENTE                                                                                                                                                                                                                                                                                                                                                                                                             ","UN    ",30.04,null,30.04,30.04,true]
[44255,"ADAPTADOR CPVC, ROSCAVEL, COM FLANGES E ANEL DE VEDACAO, 22 MM, CAIXA D'AGUA PARA AGUA QUENTE                                                                                                                                                                                                                                                                                                                                                                                                             ","UN    ",33.29,null,33.29,33.29,true]
[44256,"ADAPTADOR CPVC, ROSCAVEL, COM FLANGES E ANEL DE VEDACAO, 28 MM, CAIXA D'AGUA PARA AGUA QUENTE                                                                                                                                                                                                                                                                                                                                                                                                             ","UN    ",37.6,null,37.6,37.6,true]
[44257,"ADAPTADOR CPVC, ROSCAVEL, COM FLANGES E ANEL DE VEDACAO, 35 MM, CAIXA D'AGUA PARA AGUA QUENTE                                                                                                                                                                                                                                                                                                                                                                                                             ","UN    ",59.49,null,59.49,59.49,true]
[44258,"ADAPTADOR CPVC, ROSCAVEL, COM FLANGES E ANEL DE VEDACAO, 42 MM, CAIXA D'AGUA PARA AGUA QUENTE                                                                                                                                                                                                                                                                                                                                                                                                             ","UN    ",67.989999999999995,null,67.989999999999995,67.989999999999995,true]
[44259,"ADAPTADOR CPVC, ROSCAVEL, COM FLANGES E ANEL DE VEDACAO, 54 MM, CAIXA D'AGUA PARA AGUA QUENTE                                                                                                                                                                                                                                                                                                                                                                                                             ","UN    ",93.33,null,93.33,93.33,true]
[37997,"ADAPTADOR CPVC, SOLDAVEL, 15 MM, PARA AGUA QUENTE                                                                                                                                                                                                                                                                                                                                                                                                                                                         ","UN    ",17.899999999999999,null,17.899999999999999,17.899999999999999,true]
[37998,"ADAPTADOR CPVC, SOLDAVEL, 22 MM, PARA AGUA QUENTE                                                                                                                                                                                                                                                                                                                                                                                                                                                         ","UN    ",23.96,null,23.96,23.96,true]
[55,"ADAPTADOR DE COMPRESSAO EM POLIPROPILENO (PP), PARA TUBO EM PEAD, 20 MM X 1/2\", PARA LIGACAO PREDIAL DE AGUA (NTS 179)                                                                                                                                                                                                                                                                                                                                                                                    ","UN    ",4.17,null,4.17,4.17,true]
[61,"ADAPTADOR DE COMPRESSAO EM POLIPROPILENO (PP), PARA TUBO EM PEAD, 20 MM X 3/4\", PARA LIGACAO PREDIAL DE AGUA (NTS 179)                                                                                                                                                                                                                                                                                                                                                                                    ","UN    ",3.94,null,3.94,3.94,true]
[62,"ADAPTADOR DE COMPRESSAO EM POLIPROPILENO (PP), PARA TUBO EM PEAD, 32 MM X 1\", PARA LIGACAO PREDIAL DE AGUA (NTS 179)                                                                                                                                                                                                                                                                                                                                                                                      ","UN    ",8.17,null,8.17,8.17,true]
[10899,"ADAPTADOR EM LATAO, ENGATE RAPIDO 2 1/2\" X ROSCA INTERNA 5 FIOS 2 1/2\", PARA INSTALACAO PREDIAL DE COMBATE A INCENDIO                                                                                                                                                                                                                                                                                                                                                                                     ","UN    ",70.069999999999993,null,70.069999999999993,70.069999999999993,true]
[10900,"ADAPTADOR EM LATAO, ENGATE RAPIDO1 1/2\" X ROSCA INTERNA 5 FIOS 2 1/2\", PARA INSTALACAO PREDIAL DE COMBATE A INCENDIO                                                                                                                                                                                                                                                                                                                                                                                      ","UN    ",54.83,null,54.83,54.83,true]
[47,"ADAPTADOR PVC PBA, BOLSA/ROSCA, JE, DN 100 / DE 110 MM                                                                                                                                                  